{"text_format":"2","workbook":"xlsx","n_sheets":30,"sheets":["RESUMO GERAL","RESUMO CIVIL","ORÇAMENTO","RESUMO ELÉTRICA","RESUMO ELÉTRICA (2)","MAT. A SEREM DEVOLVIDOS","SOBRESSALENTES","SERVIÇOS ELETR.","ARP SE-S0","ARP SE-BNO","MEMÓRIA","Cronograma Fis_Fin GERAL","DMT","BDI","MEMORIAL - RETROFIT","CPU - PROJETO","CPU - PROJ.AUX","SINAPI - INSUMO","SINAPI - SINTÉTICO","SICRO - EQUIPAMENTOS","SICRO - MÃO DE OBRA","SICRO - SINTÉTICO","SICRO - MATERIAL","SICRO - MACAMBIRA","SICRO - CANALETA","SICRO - LASTRO DE BRITA","SICRO - PASSAGEM MOLHADA","SICRO - TRANSPORTES","SICRO - CARGA DE ENTULHO","CPU Veiculo Codevasf "],"not_rendered":{"charts":0,"images":20,"macros":0,"external_links":10,"defined_names":12366,"comments":3,"pivot_tables":0},"unopened":[],"bounds":{"document_bytes":16777216,"sheet_cells":100000,"run_cost":"one","rows_first":2000,"rows_last":500,"rows_between":2000,"halvings":0,"cell_chars":16384,"cell_head_chars":4096},"cells_cut":0,"cells_raw":0,"read":"whole","date_system":"1900"}

{"sheet":"RESUMO GERAL","index":0,"n_rows":33,"n_cols":4,"rows_kept":33,"cut":false,"hidden":false,"merged":[[2,0,2,3]]}
[]
[]
["QUADRO RESUMO"]
[]
[]
["SERVIÇO","DESCRIÇÃO","VALOR             (R$)","PERCENTUAL          %"]
[1,{"$f":"INDEX(ORÇAMENTO!$E:$E,MATCH($A7,ORÇAMENTO!$A:$A,0))","v":"SUBESTAÇÃO FLORESTA (SE-S0)"},{"$f":"SUM(C8:C9)","v":6776316.4336955696},{"$f":"C7/$C$18","v":0.84165717151487107}]
["1.1","CIVIL",{"$f":"'RESUMO CIVIL'!C30","v":693468.51985024032},8.6132747586795899E-2]
["1.2","ELÉTRICA",{"$f":"'RESUMO ELÉTRICA'!C8","v":6082847.9138453295},0.75552442392807517]
[2,{"$f":"INDEX(ORÇAMENTO!$E:$E,MATCH($A10,ORÇAMENTO!$A:$A,0))","v":"SUBESTAÇÃO BOM NOME"},{"$f":"SUM(C11:C12)","v":475457.38490909449},5.9054520501517625E-2]
["2.1","CIVIL",{"$f":"'RESUMO CIVIL'!C31","v":1331.1900000000003},1.653413947107914E-4]
["2.2","ELÉTRICA",{"$f":"'RESUMO ELÉTRICA'!C13","v":474126.19490909448},5.8889179106806834E-2]
[3,"SUBESTAÇÃO PAULO AFONSO",{"$f":"C14","v":43522.013394263035},5.4056824309296142E-3]
["3.1","ELÉTRICA",{"$f":"'RESUMO ELÉTRICA'!C18","v":43522.013394263035},5.4056824309296142E-3]
[4,"LINHA DE TRANSMISSÃO",{"$f":"'RESUMO ELÉTRICA'!C21","v":755864.02623539499},9.3882625552681731E-2]
["4.1","ELÉTRICA",{"$f":"C15","v":755864.02623539499},9.3882625552681731E-2]
[]
[null,"T O T A L   G E R A L    ",{"$f":"C15+C13+C10+C7","v":8051159.8582343217},{"$f":"D15+D13+D10+D7","v":1}]
[]
[]
[null,"T O T A L   G E R A L  - SERVIÇO ",{"$f":"'RESUMO CIVIL'!C38+'RESUMO CIVIL'!C41+'RESUMO ELÉTRICA'!C12+'RESUMO ELÉTRICA'!C17+'RESUMO ELÉTRICA'!C20","v":1718903.8446539878},{"$f":"C21/$C$18","v":0.21349766678598231}]
[null,"T O T A L   G E R A L  - FORNECIMENTO",{"$f":"'RESUMO ELÉTRICA'!C22+'RESUMO ELÉTRICA'!C15+'RESUMO ELÉTRICA'!C14+'RESUMO ELÉTRICA'!C9+'RESUMO ELÉTRICA'!C10+'RESUMO ELÉTRICA'!C11+'RESUMO ELÉTRICA'!C16+'RESUMO ELÉTRICA'!C19+'RESUMO CIVIL'!C37+'RESUMO CIVIL'!C40","v":6332256.0135803353},{"$f":"C22/$C$18","v":0.78650233321401786}]
[]
[]
[null,"T O T A L   G E R A L  - SERVIÇO CIVIL",{"$f":"'RESUMO CIVIL'!C43","v":534501.72985024017},{"$f":"C25/$C$29","v":6.6388165091962312E-2}]
[null,"T O T A L   G E R A L  - SERVIÇO ELÉTRICO",{"$f":"SUM('RESUMO ELÉTRICA'!C12,'RESUMO ELÉTRICA'!C17,'RESUMO ELÉTRICA'!C20)","v":1184402.1148037475},{"$f":"C26/$C$29","v":0.14710950169401993}]
[null,"T O T A L   G E R A L  - SERVIÇOS",{"$f":"SUM(C25:C26)","v":1718903.8446539878},{"$f":"C27/$C$29","v":0.21349766678598225}]
[null,"T O T A L   G E R A L  - FORNECIMENTOS",{"$f":"C22","v":6332256.0135803353},{"$f":"C28/$C$29","v":0.78650233321401763}]
[null,"T O T A L   G E R A L",{"$f":"SUM(C27:C28)","v":8051159.8582343236},{"$f":"C29/$C$29","v":1}]
[]
[null,null,8051159.8582343236]
[]
[null,null,10446569.559389198]

{"sheet":"RESUMO CIVIL","index":1,"n_rows":86,"n_cols":4,"rows_kept":86,"cut":false,"hidden":false,"merged":[[2,0,2,3],[26,0,26,3]]}
[]
[]
["QUADRO RESUMO"]
[]
[]
[]
["SERVIÇO","DESCRIÇÃO","VALOR             (R$)","PERCENTUAL          %"]
[1,{"$f":"INDEX(ORÇAMENTO!$E:$E,MATCH($A8,ORÇAMENTO!$A:$A,0))","v":"SUBESTAÇÃO FLORESTA (SE-S0)"},{"$f":"INDEX(ORÇAMENTO!$K:$K,MATCH($A8,ORÇAMENTO!$A:$A,0))","v":693468.51985024032},{"$f":"INDEX(ORÇAMENTO!$L:$L,MATCH($A8,ORÇAMENTO!$A:$A,0))","v":0.99808406655741544}]
["1.1",{"$f":"INDEX(ORÇAMENTO!$E:$E,MATCH($A9,ORÇAMENTO!$A:$A,0))","v":"SERVIÇOS PRELIMINARES"},{"$f":"INDEX(ORÇAMENTO!$K:$K,MATCH($A9,ORÇAMENTO!$A:$A,0))","v":289621.51999999996},{"$f":"INDEX(ORÇAMENTO!$L:$L,MATCH($A9,ORÇAMENTO!$A:$A,0))","v":0.39259354333753926}]
["1.1.1",{"$f":"INDEX(ORÇAMENTO!$E:$E,MATCH($A10,ORÇAMENTO!$A:$A,0))","v":"PLACA DA OBRA"},{"$f":"INDEX(ORÇAMENTO!$K:$K,MATCH($A10,ORÇAMENTO!$A:$A,0))","v":7742.1000000000013},{"$f":"INDEX(ORÇAMENTO!$L:$L,MATCH($A10,ORÇAMENTO!$A:$A,0))","v":1.114292347886668E-2}]
["1.1.2",{"$f":"INDEX(ORÇAMENTO!$E:$E,MATCH($A11,ORÇAMENTO!$A:$A,0))","v":"CANTEIRO DE OBRAS"},{"$f":"INDEX(ORÇAMENTO!$K:$K,MATCH($A11,ORÇAMENTO!$A:$A,0))","v":10015.18},{"$f":"INDEX(ORÇAMENTO!$L:$L,MATCH($A11,ORÇAMENTO!$A:$A,0))","v":1.4414485006274267E-2}]
["1.1.3",{"$f":"INDEX(ORÇAMENTO!$E:$E,MATCH($A12,ORÇAMENTO!$A:$A,0))","v":"MOBILIZAÇÃO"},{"$f":"INDEX(ORÇAMENTO!$K:$K,MATCH($A12,ORÇAMENTO!$A:$A,0))","v":50834.96},{"$f":"INDEX(ORÇAMENTO!$L:$L,MATCH($A12,ORÇAMENTO!$A:$A,0))","v":7.3164912534228257E-2}]
["1.1.4",{"$f":"INDEX(ORÇAMENTO!$E:$E,MATCH($A13,ORÇAMENTO!$A:$A,0))","v":"DESMOBILIZAÇÃO"},{"$f":"INDEX(ORÇAMENTO!$K:$K,MATCH($A13,ORÇAMENTO!$A:$A,0))","v":50834.96},{"$f":"INDEX(ORÇAMENTO!$L:$L,MATCH($A13,ORÇAMENTO!$A:$A,0))","v":7.3164912534228257E-2}]
["1.1.5",{"$f":"INDEX(ORÇAMENTO!$E:$E,MATCH($A14,ORÇAMENTO!$A:$A,0))","v":"ADMINISTRAÇÃO DA OBRA"},{"$f":"INDEX(ORÇAMENTO!$K:$K,MATCH($A14,ORÇAMENTO!$A:$A,0))","v":170194.32},{"$f":"INDEX(ORÇAMENTO!$L:$L,MATCH($A14,ORÇAMENTO!$A:$A,0))","v":0.24495450643853076}]
["1.2",{"$f":"INDEX(ORÇAMENTO!$E:$E,MATCH($A15,ORÇAMENTO!$A:$A,0))","v":"ESTRADA DE ACESSO A SUBESTAÇÃO"},{"$f":"INDEX(ORÇAMENTO!$K:$K,MATCH($A15,ORÇAMENTO!$A:$A,0))","v":19968},{"$f":"INDEX(ORÇAMENTO!$L:$L,MATCH($A15,ORÇAMENTO!$A:$A,0))","v":2.8739217528320468E-2}]
["1.3",{"$f":"INDEX(ORÇAMENTO!$E:$E,MATCH($A16,ORÇAMENTO!$A:$A,0))","v":"PASSAGEM MOLHADA"},{"$f":"INDEX(ORÇAMENTO!$K:$K,MATCH($A16,ORÇAMENTO!$A:$A,0))","v":20708.048391199998},{"$f":"INDEX(ORÇAMENTO!$L:$L,MATCH($A16,ORÇAMENTO!$A:$A,0))","v":2.9804342312784629E-2}]
["1.4",{"$f":"INDEX(ORÇAMENTO!$E:$E,MATCH($A17,ORÇAMENTO!$A:$A,0))","v":"PLANTIO DE MACAMBIRAS E CANALETAS"},{"$f":"INDEX(ORÇAMENTO!$K:$K,MATCH($A17,ORÇAMENTO!$A:$A,0))","v":62142.76},{"$f":"INDEX(ORÇAMENTO!$L:$L,MATCH($A17,ORÇAMENTO!$A:$A,0))","v":8.9439818582242189E-2}]
["1.5",{"$f":"INDEX(ORÇAMENTO!$E:$E,MATCH($A18,ORÇAMENTO!$A:$A,0))","v":"BRITAGEM DO PÁTIO"},{"$f":"INDEX(ORÇAMENTO!$K:$K,MATCH($A18,ORÇAMENTO!$A:$A,0))","v":229128.67145904002},{"$f":"INDEX(ORÇAMENTO!$L:$L,MATCH($A18,ORÇAMENTO!$A:$A,0))","v":0.32977657907834657}]
["1.6",{"$f":"INDEX(ORÇAMENTO!$E:$E,MATCH($A19,ORÇAMENTO!$A:$A,0))","v":"TAMPAS DE CANALETAS DO GGE"},{"$f":"INDEX(ORÇAMENTO!$K:$K,MATCH($A19,ORÇAMENTO!$A:$A,0))","v":3460.44},{"$f":"INDEX(ORÇAMENTO!$L:$L,MATCH($A19,ORÇAMENTO!$A:$A,0))","v":4.9804856722606809E-3}]
["1.7",{"$f":"INDEX(ORÇAMENTO!$E:$E,MATCH($A20,ORÇAMENTO!$A:$A,0))","v":"EDIFÍCIO DE APOIO A MANUTENÇÃO"},{"$f":"INDEX(ORÇAMENTO!$K:$K,MATCH($A20,ORÇAMENTO!$A:$A,0))","v":53725.520000000004},{"$f":"INDEX(ORÇAMENTO!$L:$L,MATCH($A20,ORÇAMENTO!$A:$A,0))","v":7.732519061008282E-2}]
["1.8",{"$f":"INDEX(ORÇAMENTO!$E:$E,MATCH($A21,ORÇAMENTO!$A:$A,0))","v":"TRANSPORTES"},{"$f":"INDEX(ORÇAMENTO!$K:$K,MATCH($A21,ORÇAMENTO!$A:$A,0))","v":14713.56},{"$f":"INDEX(ORÇAMENTO!$L:$L,MATCH($A21,ORÇAMENTO!$A:$A,0))","v":2.1176692781249746E-2}]
[2,{"$f":"INDEX(ORÇAMENTO!$E:$E,MATCH($A22,ORÇAMENTO!$A:$A,0))","v":"SUBESTAÇÃO BOM NOME"},{"$f":"INDEX(ORÇAMENTO!$K:$K,MATCH($A22,ORÇAMENTO!$A:$A,0))","v":1331.1900000000003},{"$f":"INDEX(ORÇAMENTO!$L:$L,MATCH($A22,ORÇAMENTO!$A:$A,0))","v":1.9159334425843813E-3}]
["2.1",{"$f":"INDEX(ORÇAMENTO!$E:$E,MATCH($A23,ORÇAMENTO!$A:$A,0))","v":" CAIXA DE PASSAGEM (FIBRA OPTICA ENTRE CABANA / SIT) - PÁTIO"},{"$f":"INDEX(ORÇAMENTO!$K:$K,MATCH($A23,ORÇAMENTO!$A:$A,0))","v":1331.1900000000003},{"$f":"INDEX(ORÇAMENTO!$L:$L,MATCH($A23,ORÇAMENTO!$A:$A,0))","v":1.9159334425843813E-3}]
[null,"T O T A L   G E R A L    C I V I L",{"$f":"C8+C22","v":694799.70985024027},{"$f":"D8+D22","v":0.99999999999999978}]
[]
[]
["RESUMO"]
[]
["ITEM","DESCRIÇÃO","VALOR             (R$)","PERCENTUAL          %"]
[1,"SUBESTAÇAO FLORESTA (SE-S0)",{"$f":"INDEX(ORÇAMENTO!K:K,MATCH(A30,ORÇAMENTO!A:A,0))","v":693468.51985024032},{"$f":"INDEX(ORÇAMENTO!L:L,MATCH(A30,ORÇAMENTO!A:A,0))","v":0.99808406655741544}]
[2,"SUBESTAÇÃO BOM NOME (SE-BNO)",{"$f":"INDEX(ORÇAMENTO!K:K,MATCH(A31,ORÇAMENTO!A:A,0))","v":1331.1900000000003},{"$f":"INDEX(ORÇAMENTO!L:L,MATCH(A31,ORÇAMENTO!A:A,0))","v":1.9159334425843813E-3}]
[null,"T O T A L   G E R A L    ",{"$f":"SUM(C30:C31)","v":694799.70985024027},{"$f":"SUM(D30:D31)","v":0.99999999999999978}]
[]
[]
["SERVIÇO","DESCRIÇÃO","VALOR             (R$)","PERCENTUAL          %"]
[1,"SUBESTAÇAO FLORESTA (SE-S0)",{"$f":"SUM(C37:C38)","v":693468.51985024009},{"$f":"SUM(D37:D38)","v":0.99808406655741555}]
[null,"MATERIAIS",{"$f":"ORÇAMENTO!K555","v":159323.70000000001},{"$f":"ORÇAMENTO!L555","v":0.22930881769415429}]
[null,"SERVIÇOS",{"$f":"ORÇAMENTO!K556","v":534144.81985024014},{"$f":"ORÇAMENTO!L556","v":0.76877524886326132}]
[2,"SUBESTAÇÃO BOM NOME (SE-BNO)",{"$f":"SUM(C40:C41)","v":1331.19},{"$f":"SUM(D40:D41)","v":1.9159334425843813E-3}]
[null,"MATERIAIS",{"$f":"ORÇAMENTO!K558","v":974.28},{"$f":"ORÇAMENTO!L558","v":1.4022458360122231E-3}]
[null,"SERVIÇOS",{"$f":"ORÇAMENTO!K559","v":356.90999999999997},{"$f":"ORÇAMENTO!L559","v":5.1368760657215836E-4}]
[null,"TOTAL MATERIAIS",{"$f":"SUM(C37,C40)","v":160297.98000000001},{"$f":"SUM(D37,D40)","v":0.23071106353016652}]
[null,"TOTAL SERVIÇOS",{"$f":"SUM(C38,C41)","v":534501.72985024017},{"$f":"SUM(D38,D41)","v":0.76928893646983343}]
[null,"T O T A L   G E R A L    ",{"$f":"SUM(C42:C43)","v":694799.70985024015},{"$f":"SUM(D42:D43)","v":1}]
{"$rows_empty":41}
[null,"Grupo Motor Gerador com 155/170kVA cabinado  (Fornecido com Databook, contendo: ensaios de rotinas, tipo, manual de instrução, desenhos elétricos, e mecânicos)"]

{"sheet":"ORÇAMENTO","index":2,"n_rows":565,"n_cols":15,"rows_kept":565,"cut":false,"hidden":false,"merged":[]}
[]
[]
[{"$nulls":5},"PLANILHA ORÇAMENTÁRIA"]
[{"$nulls":9},"REFERENCIAS  OFICIAIS"]
[{"$nulls":7},"BDI ",{"$f":"BDI!E26","v":0.22720000000000001},"SINAPI","PE_12/2022_Não Desonerado"]
[{"$nulls":7},"BDI DIF.",{"$f":"BDI!U26","v":0.13519999999999999},"SICRO","PE_01/2022_Sem Desoneração"]
[null,"SERVIÇO","CÓDIGO","BASE","DESCRIÇÃO DOS SERVIÇOS","UND","QUANTIDADE","PREÇO UNIT.     SEM BDI               (R$)","BDI ADOTADO","PREÇO UNIT. COM BDI               (R$)","PREÇO TOTAL COM BDI               (R$)","%","PROJETO"]
[1,1,null,null,"SUBESTAÇÃO FLORESTA (SE-S0)",{"$nulls":5},{"$f":"SUBTOTAL(109,K9:K527)","v":693468.51985024032},{"$f":"SUBTOTAL(109,L9:L527)","v":0.99808406655741544},null,null,{"$f":"IF(I8=$I$6,\"MATERIAL\",IF(I8=$I$5,\"SERVIÇOS\",\" \"))","v":" "}]
["1.1","1.1",null,null,"SERVIÇOS PRELIMINARES",{"$nulls":5},{"$f":"SUBTOTAL(109,K10:K39)","v":289621.51999999996},{"$f":"SUBTOTAL(109,L10:L38)","v":0.39259354333753926},null,null,{"$f":"IF(I9=$I$6,\"MATERIAL\",IF(I9=$I$5,\"SERVIÇOS\",\" \"))","v":" "}]
["1.1.1","1.1.1",null,null,"PLACA DA OBRA",{"$nulls":5},{"$f":"SUBTOTAL(109,K11:K25)","v":7742.1000000000013},{"$f":"SUBTOTAL(109,L11:L25)","v":1.114292347886668E-2},null,null," "]
["1.1.1.1",null,"74209/001","SINAPI","PLACA DA OBRA",{"$f":"INDEX('CPU - PROJETO'!$D:$D,MATCH($C11,'CPU - PROJETO'!$B:$B,0))","v":"M2"},{"$f":"INDEX(MEMÓRIA!L:L,MATCH($A11,MEMÓRIA!A:A,0))","v":16},{"$nulls":7}," "]
["1.1.1.1 4417",null,4417,"SINAPI",{"$f":"INDEX('CPU - PROJETO'!$C:$C,MATCH($C12,'CPU - PROJETO'!$B:$B,0))","v":"SARRAFO DE MADEIRA NAO APARELHADA *2,5 X 7* CM, MACARANDUBA, ANGELIM OU EQUIVALENTE DA REGIAO"},{"$f":"INDEX('CPU - PROJETO'!$D:$D,MATCH($C12,'CPU - PROJETO'!$B:$B,0))","v":"M"},{"$f":"INDEX('CPU - PROJETO'!T:T,MATCH(A12,'CPU - PROJETO'!W:W,0))","v":16},{"$f":"TRUNC(IF(INDEX('CPU - PROJETO'!$H:$H,MATCH($C12,'CPU - PROJETO'!$B:$B,0))=0,INDEX('CPU - PROJETO'!$I:$I,MATCH($C12,'CPU - PROJETO'!$B:$B,0)),INDEX('CPU - PROJETO'!$H:$H,MATCH($C12,'CPU - PROJETO'!$B:$B,0))),2)","v":8.43},{"$f":"$I$6","v":0.13519999999999999},{"$f":"TRUNC(H12*(1+I12),2)","v":9.56},{"$f":"TRUNC(G12*J12,2)","v":152.96},{"$f":"K12/$K$550","v":2.2014977529707025E-4},null,null,"MATERIAL"]
["1.1.1.1 4491",null,4491,"SINAPI",{"$f":"INDEX('CPU - PROJETO'!$C:$C,MATCH($C13,'CPU - PROJETO'!$B:$B,0))","v":"PECA DE MADEIRA NATIVA / REGIONAL 7,5 X 7,5CM (3X3) NAO APARELHADA (P/FORMA)"},{"$f":"INDEX('CPU - PROJETO'!$D:$D,MATCH($C13,'CPU - PROJETO'!$B:$B,0))","v":"M"},{"$f":"INDEX('CPU - PROJETO'!T:T,MATCH(C13,'CPU - PROJETO'!O:O,0))","v":64},{"$f":"TRUNC(IF(INDEX('CPU - PROJETO'!$H:$H,MATCH($C13,'CPU - PROJETO'!$B:$B,0))=0,INDEX('CPU - PROJETO'!$I:$I,MATCH($C13,'CPU - PROJETO'!$B:$B,0)),INDEX('CPU - PROJETO'!$H:$H,MATCH($C13,'CPU - PROJETO'!$B:$B,0))),2)","v":10.050000000000001},{"$f":"$I$6","v":0.13519999999999999},11.4,{"$f":"TRUNC(G13*J13,2)","v":729.6},{"$f":"K13/$K$550","v":1.0500867943040171E-3},null,null,"MATERIAL"]
["1.1.1.1 4813",null,4813,"SINAPI",{"$f":"INDEX('CPU - PROJETO'!$C:$C,MATCH($C14,'CPU - PROJETO'!$B:$B,0))","v":"PLACA DE OBRA (PARA CONSTRUCAO CIVIL) EM CHAPA GALVANIZADA *N. 22*, DE *2,0 X 1,125* M"},{"$f":"INDEX('CPU - PROJETO'!$D:$D,MATCH($C14,'CPU - PROJETO'!$B:$B,0))","v":"M2"},{"$f":"INDEX('CPU - PROJETO'!T:T,MATCH(C14,'CPU - PROJETO'!O:O,0))","v":16},{"$f":"TRUNC(IF(INDEX('CPU - PROJETO'!$H:$H,MATCH($C14,'CPU - PROJETO'!$B:$B,0))=0,INDEX('CPU - PROJETO'!$I:$I,MATCH($C14,'CPU - PROJETO'!$B:$B,0)),INDEX('CPU - PROJETO'!$H:$H,MATCH($C14,'CPU - PROJETO'!$B:$B,0))),2)","v":300},{"$f":"$I$6","v":0.13519999999999999},340.56,5448.96,{"$f":"K14/$K$550","v":7.8424903216705276E-3},null,null,"MATERIAL"]
["1.1.1.1 5075",null,5075,"SINAPI",{"$f":"INDEX('CPU - PROJETO'!$C:$C,MATCH($C15,'CPU - PROJETO'!$B:$B,0))","v":"PREGO DE ACO POLIDO COM CABECA 18 X 30 (2 3/4 X 10)"},{"$f":"INDEX('CPU - PROJETO'!$D:$D,MATCH($C15,'CPU - PROJETO'!$B:$B,0))","v":"KG"},{"$f":"INDEX('CPU - PROJETO'!T:T,MATCH(C15,'CPU - PROJETO'!O:O,0))","v":1.76},{"$f":"TRUNC(IF(INDEX('CPU - PROJETO'!$H:$H,MATCH($C15,'CPU - PROJETO'!$B:$B,0))=0,INDEX('CPU - PROJETO'!$I:$I,MATCH($C15,'CPU - PROJETO'!$B:$B,0)),INDEX('CPU - PROJETO'!$H:$H,MATCH($C15,'CPU - PROJETO'!$B:$B,0))),2)","v":22.38},{"$f":"$I$6","v":0.13519999999999999},25.4,44.7,{"$f":"K15/$K$550","v":6.4335087315501048E-5},null,null,"MATERIAL"]
["1.1.1.1 94962",null,94962,"SINAPI",{"$f":"INDEX('CPU - PROJETO'!$C:$C,MATCH($C16,'CPU - PROJETO'!$B:$B,0))","v":"CONCRETO MAGRO PARA LASTRO, TRAÇO 1:4,5:4,5 (CIMENTO/ AREIA MÉDIA/ BRITA 1) - PREPARO MECÂNICO COM BETONEIRA 400 L. AF_07/2016"},{"$f":"INDEX('CPU - PROJETO'!$D:$D,MATCH($C16,'CPU - PROJETO'!$B:$B,0))","v":"M3"},{"$f":"INDEX('CPU - PROJETO'!T:T,MATCH(C16,'CPU - PROJETO'!O:O,0))","v":0.16},{"$nulls":7}," "]
["1.1.1.1 370",null,{"$f":"MID(A17,9,20)","v":"370"},"SINAPI",{"$f":"INDEX('CPU - PROJ.AUX'!$P:$P,MATCH($A17,'CPU - PROJ.AUX'!$W:$W,0))","v":"AREIA MEDIA - POSTO JAZIDA/FORNECEDOR (RETIRADO NA JAZIDA, SEM TRANSPORTE)"},{"$f":"INDEX('CPU - PROJ.AUX'!$R:$R,MATCH($A17,'CPU - PROJ.AUX'!$W:$W,0))","v":"M3"},{"$f":"INDEX('CPU - PROJ.AUX'!T:T,MATCH(A17,'CPU - PROJ.AUX'!W:W,0))*$G$11","v":0.132304},{"$f":"TRUNC(IF(INDEX('CPU - PROJ.AUX'!$H:$H,MATCH($A17,'CPU - PROJ.AUX'!$W:$W,0))=0,INDEX('CPU - PROJ.AUX'!$I:$I,MATCH($A17,'CPU - PROJ.AUX'!$W:$W,0)),INDEX('CPU - PROJ.AUX'!$H:$H,MATCH($A17,'CPU - PROJ.AUX'!$W:$W,0))),2)","v":129},{"$f":"$I$6","v":0.13519999999999999},146.44,{"$f":"TRUNC(G17*J17,2)","v":19.37},{"$f":"K17/$K$550","v":2.7878537836717121E-5},null,null,"MATERIAL"]
["1.1.1.1 1379",null,{"$f":"MID(A18,9,20)","v":"1379"},"SINAPI",{"$f":"INDEX('CPU - PROJ.AUX'!$P:$P,MATCH($A18,'CPU - PROJ.AUX'!$W:$W,0))","v":"CIMENTO PORTLAND COMPOSTO CP II-32"},{"$f":"INDEX('CPU - PROJ.AUX'!$R:$R,MATCH($A18,'CPU - PROJ.AUX'!$W:$W,0))","v":"KG"},{"$f":"INDEX('CPU - PROJ.AUX'!T:T,MATCH(A18,'CPU - PROJ.AUX'!W:W,0))*$G$11","v":33.923104000000002},{"$f":"TRUNC(IF(INDEX('CPU - PROJ.AUX'!$H:$H,MATCH($A18,'CPU - PROJ.AUX'!$W:$W,0))=0,INDEX('CPU - PROJ.AUX'!$I:$I,MATCH($A18,'CPU - PROJ.AUX'!$W:$W,0)),INDEX('CPU - PROJ.AUX'!$H:$H,MATCH($A18,'CPU - PROJ.AUX'!$W:$W,0))),2)","v":0.7},{"$f":"$I$6","v":0.13519999999999999},0.79,26.79,3.8557874478350623E-5,null,null,"MATERIAL"]
["1.1.1.1 4721",null,"4721","SINAPI",{"$f":"INDEX('CPU - PROJ.AUX'!$P:$P,MATCH($A19,'CPU - PROJ.AUX'!$W:$W,0))","v":"PEDRA BRITADA N. 1 (9,5 a 19 MM) POSTO PEDREIRA/FORNECEDOR, SEM FRETE"},{"$f":"INDEX('CPU - PROJ.AUX'!$R:$R,MATCH($A19,'CPU - PROJ.AUX'!$W:$W,0))","v":"M3"},{"$f":"INDEX('CPU - PROJ.AUX'!T:T,MATCH(A19,'CPU - PROJ.AUX'!W:W,0))*$G$11","v":9.2512000000000011E-2},{"$f":"TRUNC(IF(INDEX('CPU - PROJ.AUX'!$H:$H,MATCH($A19,'CPU - PROJ.AUX'!$W:$W,0))=0,INDEX('CPU - PROJ.AUX'!$I:$I,MATCH($A19,'CPU - PROJ.AUX'!$W:$W,0)),INDEX('CPU - PROJ.AUX'!$H:$H,MATCH($A19,'CPU - PROJ.AUX'!$W:$W,0))),2)","v":89},{"$f":"$I$6","v":0.13519999999999999},101.03,9.34,1.3442722942433553E-5,null,null,"MATERIAL"]
["1.1.1.1 88316",null,"88316","SINAPI",{"$f":"INDEX('CPU - PROJ.AUX'!$P:$P,MATCH($A20,'CPU - PROJ.AUX'!$W:$W,0))","v":"SERVENTE COM ENCARGOS COMPLEMENTARES"},{"$f":"INDEX('CPU - PROJ.AUX'!$R:$R,MATCH($A20,'CPU - PROJ.AUX'!$W:$W,0))","v":"H"},{"$f":"INDEX('CPU - PROJ.AUX'!T:T,MATCH(A20,'CPU - PROJ.AUX'!W:W,0))*$G$11","v":0.37492800000000004},{"$f":"TRUNC(IF(INDEX('CPU - PROJ.AUX'!$H:$H,MATCH($A20,'CPU - PROJ.AUX'!$W:$W,0))=0,INDEX('CPU - PROJ.AUX'!$I:$I,MATCH($A20,'CPU - PROJ.AUX'!$W:$W,0)),INDEX('CPU - PROJ.AUX'!$H:$H,MATCH($A20,'CPU - PROJ.AUX'!$W:$W,0))),2)","v":20.420000000000002},{"$f":"$I$5","v":0.22720000000000001},25.05,9.39,1.3514686127350221E-5,null,null,"SERVIÇOS"]
["1.1.1.1 88377",null,"88377","SINAPI",{"$f":"INDEX('CPU - PROJ.AUX'!$P:$P,MATCH($A21,'CPU - PROJ.AUX'!$W:$W,0))","v":"OPERADOR DE BETONEIRA ESTACIONÁRIA/MISTURADOR COM ENCARGOS COMPLEMENTARES"},{"$f":"INDEX('CPU - PROJ.AUX'!$R:$R,MATCH($A21,'CPU - PROJ.AUX'!$W:$W,0))","v":"H"},{"$f":"INDEX('CPU - PROJ.AUX'!T:T,MATCH(A21,'CPU - PROJ.AUX'!W:W,0))*$G$11","v":0.23697600000000002},{"$f":"TRUNC(IF(INDEX('CPU - PROJ.AUX'!$H:$H,MATCH($A21,'CPU - PROJ.AUX'!$W:$W,0))=0,INDEX('CPU - PROJ.AUX'!$I:$I,MATCH($A21,'CPU - PROJ.AUX'!$W:$W,0)),INDEX('CPU - PROJ.AUX'!$H:$H,MATCH($A21,'CPU - PROJ.AUX'!$W:$W,0))),2)","v":28.14},0.22720000000000001,34.53,8.18,1.1773177052366858E-5,null,null,"SERVIÇOS"]
["1.1.1.1 88830",null,"88830","SINAPI",{"$f":"INDEX('CPU - PROJ.AUX'!$P:$P,MATCH($A22,'CPU - PROJ.AUX'!$W:$W,0))","v":"BETONEIRA CAPACIDADE NOMINAL DE 400 L, CAPACIDADE DE MISTURA 280 L, MOTOR ELÉTRICO TRIFÁSICO POTÊNCIA DE 2 CV, SEM CARREGADOR - CHP DIURNO. AF_10/2014"},{"$f":"INDEX('CPU - PROJ.AUX'!$R:$R,MATCH($A22,'CPU - PROJ.AUX'!$W:$W,0))","v":"CHP"},{"$f":"INDEX('CPU - PROJ.AUX'!T:T,MATCH(A22,'CPU - PROJ.AUX'!W:W,0))*$G$11","v":0.12196799999999999},{"$f":"TRUNC(IF(INDEX('CPU - PROJ.AUX'!$H:$H,MATCH($A22,'CPU - PROJ.AUX'!$W:$W,0))=0,INDEX('CPU - PROJ.AUX'!$I:$I,MATCH($A22,'CPU - PROJ.AUX'!$W:$W,0)),INDEX('CPU - PROJ.AUX'!$H:$H,MATCH($A22,'CPU - PROJ.AUX'!$W:$W,0))),2)","v":1.88},0.22720000000000001,2.2999999999999998,0.28000000000000003,4.0299383553333993E-7,null,null,"SERVIÇOS"]
["1.1.1.1 88831",null,"88831","SINAPI",{"$f":"INDEX('CPU - PROJ.AUX'!$P:$P,MATCH($A23,'CPU - PROJ.AUX'!$W:$W,0))","v":"BETONEIRA CAPACIDADE NOMINAL DE 400 L, CAPACIDADE DE MISTURA 280 L, MOTOR ELÉTRICO TRIFÁSICO POTÊNCIA DE 2 CV, SEM CARREGADOR - CHI DIURNO. AF_10/2014"},{"$f":"INDEX('CPU - PROJ.AUX'!$R:$R,MATCH($A23,'CPU - PROJ.AUX'!$W:$W,0))","v":"CHI"},{"$f":"INDEX('CPU - PROJ.AUX'!T:T,MATCH(A23,'CPU - PROJ.AUX'!W:W,0))*$G$11","v":0.115008},{"$f":"TRUNC(IF(INDEX('CPU - PROJ.AUX'!$H:$H,MATCH($A23,'CPU - PROJ.AUX'!$W:$W,0))=0,INDEX('CPU - PROJ.AUX'!$I:$I,MATCH($A23,'CPU - PROJ.AUX'!$W:$W,0)),INDEX('CPU - PROJ.AUX'!$H:$H,MATCH($A23,'CPU - PROJ.AUX'!$W:$W,0))),2)","v":0.39},0.22720000000000001,0.47,0.05,7.1963184916667843E-8,null,null,"SERVIÇOS"]
["1.1.1.1",null,88262,"SINAPI",{"$f":"INDEX('CPU - PROJETO'!$C:$C,MATCH($C24,'CPU - PROJETO'!$B:$B,0))","v":"CARPINTEIRO DE FORMAS COM ENCARGOS COMPLEMENTARES"},{"$f":"INDEX('CPU - PROJETO'!$D:$D,MATCH($C24,'CPU - PROJETO'!$B:$B,0))","v":"H"},{"$f":"INDEX('CPU - PROJETO'!T:T,MATCH(C24,'CPU - PROJETO'!O:O,0))","v":16},{"$f":"TRUNC(IF(INDEX('CPU - PROJETO'!$H:$H,MATCH($C24,'CPU - PROJETO'!$B:$B,0))=0,INDEX('CPU - PROJETO'!$I:$I,MATCH($C24,'CPU - PROJETO'!$B:$B,0)),INDEX('CPU - PROJETO'!$H:$H,MATCH($C24,'CPU - PROJETO'!$B:$B,0))),2)","v":25},0.22720000000000001,30.68,490.88,7.0650576423787813E-4,null,null,"SERVIÇOS"]
["1.1.1.1",null,88316,"SINAPI",{"$f":"INDEX('CPU - PROJETO'!$C:$C,MATCH($C25,'CPU - PROJETO'!$B:$B,0))","v":"SERVENTE COM ENCARGOS COMPLEMENTARES"},{"$f":"INDEX('CPU - PROJETO'!$D:$D,MATCH($C25,'CPU - PROJETO'!$B:$B,0))","v":"H"},{"$f":"INDEX('CPU - PROJETO'!T:T,MATCH(C25,'CPU - PROJETO'!O:O,0))","v":32},{"$f":"TRUNC(IF(INDEX('CPU - PROJETO'!$H:$H,MATCH($C25,'CPU - PROJETO'!$B:$B,0))=0,INDEX('CPU - PROJETO'!$I:$I,MATCH($C25,'CPU - PROJETO'!$B:$B,0)),INDEX('CPU - PROJETO'!$H:$H,MATCH($C25,'CPU - PROJETO'!$B:$B,0))),2)","v":20.420000000000002},0.22720000000000001,25.05,801.6,1.1537137805840189E-3,null,null,"SERVIÇOS"]
["1.1.2","1.1.2",null,null,"CANTEIRO DE OBRAS",{"$nulls":5},{"$f":"SUBTOTAL(109,K27:K31)","v":10015.18},{"$f":"SUBTOTAL(109,L27:L31)","v":1.4414485006274267E-2},null,null," "]
["1.1.2.1",null,10776,"SINAPI",{"$f":"INDEX('CPU - PROJETO'!$C:$C,MATCH($C27,'CPU - PROJETO'!$B:$B,0))","v":"LOCACAO DE CONTAINER 2,30  X  6,00 M, ALT. 2,50 M, PARA ESCRITORIO, SEM DIVISORIAS INTERNAS E SEM SANITARIO"},{"$f":"INDEX('CPU - PROJETO'!$D:$D,MATCH($C27,'CPU - PROJETO'!$B:$B,0))","v":"MÊS"},{"$f":"INDEX(MEMÓRIA!L:L,MATCH($A27,MEMÓRIA!A:A,0))","v":3},{"$f":"TRUNC(IF(INDEX('CPU - PROJETO'!$I:$I,MATCH($C27,'CPU - PROJETO'!$B:$B,0))=0,INDEX('CPU - PROJETO'!$J:$J,MATCH($C27,'CPU - PROJETO'!$B:$B,0)),INDEX('CPU - PROJETO'!$I:$I,MATCH($C27,'CPU - PROJETO'!$B:$B,0))),2)","v":619.53},{"$f":"$I$6","v":0.13519999999999999},{"$f":"TRUNC(H27*(1+I27),2)","v":703.29},{"$f":"TRUNC(G27*J27,2)","v":2109.87},{"$f":"K27/$K$550","v":3.036659299202599E-3},null,null,"MATERIAL"]
["1.1.2.2",null,"COMP9","SINAPI",{"$f":"INDEX('CPU - PROJETO'!$C:$C,MATCH($C28,'CPU - PROJETO'!$B:$B,0))","v":"LOCACAO DE CONTAINER PARA ALMOXARIFADO"},{"$f":"INDEX('CPU - PROJETO'!$D:$D,MATCH($C28,'CPU - PROJETO'!$B:$B,0))","v":"MÊS"},{"$f":"INDEX(MEMÓRIA!L:L,MATCH($A28,MEMÓRIA!A:A,0))","v":3},{"$f":"TRUNC(IF(INDEX('CPU - PROJETO'!$I:$I,MATCH($C28,'CPU - PROJETO'!$B:$B,0))=0,INDEX('CPU - PROJETO'!$J:$J,MATCH($C28,'CPU - PROJETO'!$B:$B,0)),INDEX('CPU - PROJETO'!$I:$I,MATCH($C28,'CPU - PROJETO'!$B:$B,0))),2)","v":619.53},{"$f":"$I$6","v":0.13519999999999999},703.29,2109.87,3.036659299202599E-3,null,null,"MATERIAL"]
["1.1.2.3",null,"COMP10","SINAPI",{"$f":"INDEX('CPU - PROJETO'!$C:$C,MATCH($C29,'CPU - PROJETO'!$B:$B,0))","v":"LOCACAO DE CONTAINER PARA REFEITÓRIO"},{"$f":"INDEX('CPU - PROJETO'!$D:$D,MATCH($C29,'CPU - PROJETO'!$B:$B,0))","v":"MÊS"},{"$f":"INDEX(MEMÓRIA!L:L,MATCH($A29,MEMÓRIA!A:A,0))","v":3},{"$f":"TRUNC(IF(INDEX('CPU - PROJETO'!$I:$I,MATCH($C29,'CPU - PROJETO'!$B:$B,0))=0,INDEX('CPU - PROJETO'!$J:$J,MATCH($C29,'CPU - PROJETO'!$B:$B,0)),INDEX('CPU - PROJETO'!$I:$I,MATCH($C29,'CPU - PROJETO'!$B:$B,0))),2)","v":619.53},{"$f":"$I$6","v":0.13519999999999999},703.29,2109.87,3.036659299202599E-3,null,null,"MATERIAL"]
["1.1.2.4",null,10779,"SINAPI",{"$f":"INDEX('CPU - PROJETO'!$C:$C,MATCH($C30,'CPU - PROJETO'!$B:$B,0))","v":"LOCACAO DE CONTAINER 2,30 X 4,30 M, ALT. 2,50 M, P/ SANITARIO, C/ 5 BACIAS, 1 LAVATORIO E 4 MICTORIOS"},{"$f":"INDEX('CPU - PROJETO'!$D:$D,MATCH($C30,'CPU - PROJETO'!$B:$B,0))","v":"MÊS"},{"$f":"INDEX(MEMÓRIA!L:L,MATCH($A30,MEMÓRIA!A:A,0))","v":3},{"$f":"TRUNC(IF(INDEX('CPU - PROJETO'!$I:$I,MATCH($C30,'CPU - PROJETO'!$B:$B,0))=0,INDEX('CPU - PROJETO'!$J:$J,MATCH($C30,'CPU - PROJETO'!$B:$B,0)),INDEX('CPU - PROJETO'!$I:$I,MATCH($C30,'CPU - PROJETO'!$B:$B,0))),2)","v":991.25},{"$f":"$I$6","v":0.13519999999999999},1125.26,3375.78,4.8586376075597792E-3,null,null,"MATERIAL"]
["1.1.2.5",null,83635,"SINAPI",{"$f":"INDEX('CPU - PROJETO'!$C:$C,MATCH($C31,'CPU - PROJETO'!$B:$B,0))","v":"EXTINTOR INCENDIO TP PO QUIMICO 6KG - FORNECIMENTO E INSTALACAO"},{"$f":"INDEX('CPU - PROJETO'!$D:$D,MATCH($C31,'CPU - PROJETO'!$B:$B,0))","v":"UN"},{"$f":"INDEX(MEMÓRIA!L:L,MATCH($A31,MEMÓRIA!A:A,0))","v":1},{"$f":"TRUNC(IF(INDEX('CPU - PROJETO'!$I:$I,MATCH($C31,'CPU - PROJETO'!$B:$B,0))=0,INDEX('CPU - PROJETO'!$J:$J,MATCH($C31,'CPU - PROJETO'!$B:$B,0)),INDEX('CPU - PROJETO'!$I:$I,MATCH($C31,'CPU - PROJETO'!$B:$B,0))),2)","v":272.89999999999998},{"$f":"$I$6","v":0.13519999999999999},{"$f":"TRUNC(H31*(1+I31),2)","v":309.79000000000002},{"$f":"TRUNC(G31*J31,2)","v":309.79000000000002},4.4586950110669059E-4,null,null,"MATERIAL"]
["1.1.3","1.1.3",null,null,"MOBILIZAÇÃO",null,null,null,{"$f":"$I$5","v":0.22720000000000001},null,{"$f":"MEMÓRIA!L36","v":50834.96},7.3164912534228257E-2,null,null,"SERVIÇOS"]
["1.1.4","1.1.4",null,null,"DESMOBILIZAÇÃO",null,null,null,{"$f":"$I$5","v":0.22720000000000001},null,{"$f":"MEMÓRIA!L49","v":50834.96},7.3164912534228257E-2,null,null,"SERVIÇOS"]
["1.1.5","1.1.5",null,null,"ADMINISTRAÇÃO DA OBRA",{"$nulls":5},{"$f":"SUBTOTAL(109,K35:K39)","v":170194.32},{"$f":"SUBTOTAL(109,L35:L39)","v":0.24495450643853076},null,null," "]
["1.1.5.1",null,93567,"SINAPI",{"$f":"INDEX('CPU - PROJETO'!$C:$C,MATCH($C35,'CPU - PROJETO'!$B:$B,0))","v":"ENGENHEIRO CIVIL DE OBRA PLENO COM ENCARGOS COMPLEMENTARES"},{"$f":"INDEX('CPU - PROJETO'!$D:$D,MATCH($C35,'CPU - PROJETO'!$B:$B,0))","v":"MES"},{"$f":"INDEX(MEMÓRIA!L:L,MATCH($A35,MEMÓRIA!A:A,0))","v":3},{"$f":"TRUNC(IF(INDEX('CPU - PROJETO'!$I:$I,MATCH($C35,'CPU - PROJETO'!$B:$B,0))=0,INDEX('CPU - PROJETO'!$J:$J,MATCH($C35,'CPU - PROJETO'!$B:$B,0)),INDEX('CPU - PROJETO'!$I:$I,MATCH($C35,'CPU - PROJETO'!$B:$B,0))),2)","v":22031.7},{"$f":"$I$5","v":0.22720000000000001},{"$f":"TRUNC(H35*(1+I35),2)","v":27037.3},{"$f":"TRUNC(G35*J35,2)","v":81111.899999999994},{"$f":"K35/$K$550","v":0.11674141317284539},null,null,"SERVIÇOS"]
["1.1.5.2",null,94295,"SINAPI",{"$f":"INDEX('CPU - PROJETO'!$C:$C,MATCH($C36,'CPU - PROJETO'!$B:$B,0))","v":"MESTRE DE OBRAS COM ENCARGOS COMPLEMENTARES"},{"$f":"INDEX('CPU - PROJETO'!$D:$D,MATCH($C36,'CPU - PROJETO'!$B:$B,0))","v":"MES"},{"$f":"INDEX(MEMÓRIA!L:L,MATCH($A36,MEMÓRIA!A:A,0))","v":3},{"$f":"TRUNC(IF(INDEX('CPU - PROJETO'!$I:$I,MATCH($C36,'CPU - PROJETO'!$B:$B,0))=0,INDEX('CPU - PROJETO'!$J:$J,MATCH($C36,'CPU - PROJETO'!$B:$B,0)),INDEX('CPU - PROJETO'!$I:$I,MATCH($C36,'CPU - PROJETO'!$B:$B,0))),2)","v":10332},{"$f":"$I$5","v":0.22720000000000001},{"$f":"TRUNC(H36*(1+I36),2)","v":12679.43},{"$f":"TRUNC(G36*J36,2)","v":38038.29},{"$f":"K36/$K$550","v":5.4747129943676739E-2},null,null,"SERVIÇOS"]
["1.1.5.3",null,88326,"SINAPI",{"$f":"INDEX('CPU - PROJETO'!$C:$C,MATCH($C37,'CPU - PROJETO'!$B:$B,0))","v":"VIGIA NOTURNO COM ENCARGOS COMPLEMENTARES"},{"$f":"INDEX('CPU - PROJETO'!$D:$D,MATCH($C37,'CPU - PROJETO'!$B:$B,0))","v":"H"},{"$f":"INDEX(MEMÓRIA!L:L,MATCH($A37,MEMÓRIA!A:A,0))","v":660},{"$f":"TRUNC(IF(INDEX('CPU - PROJETO'!$I:$I,MATCH($C37,'CPU - PROJETO'!$B:$B,0))=0,INDEX('CPU - PROJETO'!$J:$J,MATCH($C37,'CPU - PROJETO'!$B:$B,0)),INDEX('CPU - PROJETO'!$I:$I,MATCH($C37,'CPU - PROJETO'!$B:$B,0))),2)","v":25.49},{"$f":"$I$5","v":0.22720000000000001},{"$f":"TRUNC(H37*(1+I37),2)","v":31.28},{"$f":"TRUNC(G37*J37,2)","v":20644.8},{"$f":"K37/$K$550","v":2.9713311199352482E-2},null,null,"SERVIÇOS"]
["1.1.5.4",null,93563,"SINAPI",{"$f":"INDEX('CPU - PROJETO'!$C:$C,MATCH($C38,'CPU - PROJETO'!$B:$B,0))","v":"ALMOXARIFE COM ENCARGOS COMPLEMENTARES"},{"$f":"INDEX('CPU - PROJETO'!$D:$D,MATCH($C38,'CPU - PROJETO'!$B:$B,0))","v":"MES"},{"$f":"INDEX(MEMÓRIA!L:L,MATCH($A38,MEMÓRIA!A:A,0))","v":3},{"$f":"TRUNC(IF(INDEX('CPU - PROJETO'!$I:$I,MATCH($C38,'CPU - PROJETO'!$B:$B,0))=0,INDEX('CPU - PROJETO'!$J:$J,MATCH($C38,'CPU - PROJETO'!$B:$B,0)),INDEX('CPU - PROJETO'!$I:$I,MATCH($C38,'CPU - PROJETO'!$B:$B,0))),2)","v":3680.93},{"$f":"$I$5","v":0.22720000000000001},{"$f":"TRUNC(H38*(1+I38),2)","v":4517.2299999999996},{"$f":"TRUNC(G38*J38,2)","v":13551.69},{"$f":"K38/$K$550","v":1.9504455468067169E-2},null,null,"SERVIÇOS"]
["1.1.5.5",null,100321,"SINAPI",{"$f":"INDEX('CPU - PROJETO'!$C:$C,MATCH($C39,'CPU - PROJETO'!$B:$B,0))","v":"TÉCNICO EM SEGURANÇA DO TRABALHO COM ENCARGOS COMPLEMENTARES"},{"$f":"INDEX('CPU - PROJETO'!$D:$D,MATCH($C39,'CPU - PROJETO'!$B:$B,0))","v":"MES"},{"$f":"INDEX(MEMÓRIA!L:L,MATCH($A39,MEMÓRIA!A:A,0))","v":3},{"$f":"TRUNC(IF(INDEX('CPU - PROJETO'!$I:$I,MATCH($C39,'CPU - PROJETO'!$B:$B,0))=0,INDEX('CPU - PROJETO'!$J:$J,MATCH($C39,'CPU - PROJETO'!$B:$B,0)),INDEX('CPU - PROJETO'!$I:$I,MATCH($C39,'CPU - PROJETO'!$B:$B,0))),2)","v":4576.18},{"$f":"$I$5","v":0.22720000000000001},{"$f":"TRUNC(H39*(1+I39),2)","v":5615.88},{"$f":"TRUNC(G39*J39,2)","v":16847.64},{"$f":"K39/$K$550","v":2.4248196654588994E-2},null,null,{"$f":"IF(I39=$I$6,\"MATERIAL\",IF(I39=$I$5,\"SERVIÇOS\",\" \"))","v":"SERVIÇOS"}]
["1.2","1.2",null,null,"ESTRADA DE ACESSO A SUBESTAÇÃO",{"$nulls":5},{"$f":"SUBTOTAL(109,K41)","v":19968},{"$f":"SUBTOTAL(109,L41)","v":2.8739217528320468E-2},null,null," "]
["1.2.1",null,79472,"SINAPI",{"$f":"INDEX('CPU - PROJETO'!$C:$C,MATCH($C41,'CPU - PROJETO'!$B:$B,0))","v":"REGULARIZACAO DE SUPERFICIES EM TERRA COM MOTONIVELADORA"},{"$f":"INDEX('CPU - PROJETO'!$D:$D,MATCH($C41,'CPU - PROJETO'!$B:$B,0))","v":"M2"},{"$f":"INDEX(MEMÓRIA!L:L,MATCH($A41,MEMÓRIA!A:A,0))","v":19200},{"$f":"TRUNC(IF(INDEX('CPU - PROJETO'!$I:$I,MATCH($C41,'CPU - PROJETO'!$B:$B,0))=0,INDEX('CPU - PROJETO'!$J:$J,MATCH($C41,'CPU - PROJETO'!$B:$B,0)),INDEX('CPU - PROJETO'!$I:$I,MATCH($C41,'CPU - PROJETO'!$B:$B,0))),2)","v":0.85},{"$f":"$I$5","v":0.22720000000000001},{"$f":"TRUNC(H41*(1+I41),2)","v":1.04},{"$f":"TRUNC(G41*J41,2)","v":19968},{"$f":"K41/$K$550","v":2.8739217528320468E-2},null,null,"SERVIÇOS"]
["1.3","1.3",null,null,"PASSAGEM MOLHADA",{"$nulls":5},{"$f":"SUBTOTAL(109,K43:K52)","v":20708.048391199998},{"$f":"SUBTOTAL(109,L43:L52)","v":2.9804342312784629E-2},null,null," "]
["1.3.1",null,1600436,"SICRO","DEMOLIÇÃO DE CONCRETO SIMPLES","M3",{"$f":"INDEX(MEMÓRIA!L:L,MATCH($A43,MEMÓRIA!A:A,0))","v":4.5},{"$f":"INDEX('SICRO - PASSAGEM MOLHADA'!I:I,MATCH(C43,'SICRO - PASSAGEM MOLHADA'!L:L,0))","v":365.56},{"$f":"$I$5","v":0.22720000000000001},{"$f":"TRUNC(H43*(1+I43),2)","v":448.61},{"$f":"TRUNC(G43*J43,2)","v":2018.74},{"$f":"K43/$K$550","v":2.9054991983734806E-3},null,null,"SERVIÇOS"]
["1.3.2",null,5502109,"SICRO","ESCAVAÇÃO, CARGA E TRANSPORTE DE MATERIAL DE 1ª CATEGORIA - DMT de 50 a 200 m - CAMINHO DE SERVIÇO EM LEITO NATURAL - COM ESCAVADEIRA E CAMINHÃO BASCULANTE DE 14 m³","M3",{"$f":"INDEX(MEMÓRIA!L:L,MATCH($A44,MEMÓRIA!A:A,0))","v":343.65},{"$f":"INDEX('SICRO - PASSAGEM MOLHADA'!I:I,MATCH(C44,'SICRO - PASSAGEM MOLHADA'!L:L,0))","v":6.01},{"$f":"$I$5","v":0.22720000000000001},7.37,2532.6999999999998,{"$f":"K44/$K$550","v":3.6452231687688925E-3},null,null,"SERVIÇOS"]
["1.3.3",null,815671,"SICRO","REATERRO E COMPACTAÇÃO COM SOQUETE VIBRATÓRIO","M3",{"$f":"INDEX(MEMÓRIA!L:L,MATCH($A45,MEMÓRIA!A:A,0))","v":21.79},{"$f":"INDEX('SICRO - PASSAGEM MOLHADA'!I:I,MATCH(C45,'SICRO - PASSAGEM MOLHADA'!L:L,0))","v":15.03},0.22720000000000001,18.440000000000001,401.8,{"$f":"K45/$K$550","v":5.7829615399034278E-4},null,null,"SERVIÇOS"]
["1.3.4",null,1506055,"SICRO","PEDRA ARGAMASSADA COM CIMENTO E AREIA 1:3 - AREIA E PEDRA DE MÃO COMERCIAL - FORNECIMENTO E ASSENTAMENTO","M3",{"$f":"INDEX(MEMÓRIA!L:L,MATCH($A46,MEMÓRIA!A:A,0))","v":30.95},{"$nulls":6},{"$f":"G46*'SICRO - PASSAGEM MOLHADA'!I153","v":12743.0435}," "]
["1.3.4",null,"M1097","SICRO","PEDRA DE MÃO","M3",{"$f":"0.8*G46","v":24.76},{"$f":"INDEX('SICRO - PASSAGEM MOLHADA'!F:F,MATCH(C47,'SICRO - PASSAGEM MOLHADA'!L:L,0))","v":98.322699999999998},{"$f":"$I$6","v":0.13519999999999999},{"$f":"TRUNC(H47*(1+I47),2)","v":111.61},{"$f":"TRUNC(G47*J47,2)","v":2763.46},{"$f":"K47/$K$550","v":3.9773476597962983E-3},null,null,"MATERIAL"]
["1.3.4",null,"M0082","SICRO","AREIA MÉDIA LAVADA","M3",{"$f":"0.32*1.00435*G46","v":9.9470823999999993},{"$f":"INDEX('SICRO - PASSAGEM MOLHADA'!F:F,MATCH(C48,'SICRO - PASSAGEM MOLHADA'!L:L,0))","v":144.19290000000001},{"$f":"$I$6","v":0.13519999999999999},{"$f":"TRUNC(H48*(1+I48),2)","v":163.68},{"$f":"TRUNC(G48*J48,2)","v":1628.13},2.3433084051674882E-3,null,null,"MATERIAL"]
["1.3.4",null,"M0424","SICRO","CIMENTO PORTLAND CP II - 32","KG",{"$f":"0.32*458.01187*G46","v":4536.1495604800002},{"$f":"INDEX('SICRO - PASSAGEM MOLHADA'!F:F,MATCH(C49,'SICRO - PASSAGEM MOLHADA'!L:L,0))","v":0.56310000000000004},{"$f":"$I$6","v":0.13519999999999999},0.63,2857.77,4.1130846191861168E-3,null,null,"MATERIAL"]
["1.3.4",null,null,"SICRO","INSUMOS: EQUIPAMENTO, MÃO DE OBRA E TRANSPORTE",null,null,null,0.22720000000000001,null,{"$f":"(N46-SUM(K47:K49))*(1+I50)","v":6741.8483911999992},9.7032976491213015E-3,null,null,"SERVIÇOS"]
["1.3.5",null,5213464,"SICRO","FORNECIMENTO E IMPLANTAÇÃO DE PLACA DE ADVERTÊNCIA EM AÇO, LADO DE 0,60 m - PELÍCULA RETRORREFLETIVA TIPO I e SI","UND",{"$f":"INDEX(MEMÓRIA!L:L,MATCH($A51,MEMÓRIA!A:A,0))","v":4},{"$f":"INDEX('SICRO - PASSAGEM MOLHADA'!I:I,MATCH(C51,'SICRO - PASSAGEM MOLHADA'!L:L,0))","v":228.54},0.22720000000000001,{"$f":"TRUNC(H51*(1+I51),2)","v":280.45999999999998},{"$f":"TRUNC(G51*J51,2)","v":1121.8399999999999},1.6146235873382927E-3,null,null,"SERVIÇOS"]
["1.3.6",null,5216111,"SICRO","FORNECIMENTO E IMPLANTAÇÃO DE SUPORTE E TRAVESSA PARA PLACA DE SINALIZAÇÃO EM MADEIRA DE LEI TRATADA 8 x 8 CM","UND",{"$f":"INDEX(MEMÓRIA!L:L,MATCH($A52,MEMÓRIA!A:A,0))","v":4},{"$f":"INDEX('SICRO - PASSAGEM MOLHADA'!I:I,MATCH(C52,'SICRO - PASSAGEM MOLHADA'!L:L,0))","v":130.74},0.22720000000000001,160.44,641.76,9.2366187104241505E-4,null,null,"SERVIÇOS"]
["1.4","1.4",null,null,"PLANTIO DE MACAMBIRAS E CANALETAS",{"$nulls":5},{"$f":"SUBTOTAL(109,K54:K56)","v":62142.76},{"$f":"SUBTOTAL(109,L54:L56)","v":8.9439818582242189E-2},null,null," "]
["1.4.1",null,4413990,"SICRO","PLANTIO DE MUDAS ARBUSTIVAS COM PORTE DE 50 CM EM COVAS DE 0,40 X 0,40 X 0,40 M ","UND",{"$f":"INDEX(MEMÓRIA!L:L,MATCH($A54,MEMÓRIA!A:A,0))","v":1114},{"$f":"INDEX('SICRO - MACAMBIRA'!I:I,MATCH(C54,'SICRO - MACAMBIRA'!L:L,0))","v":35.79},{"$f":"$I$5","v":0.22720000000000001},{"$f":"TRUNC(H54*(1+I54),2)","v":43.92},{"$f":"TRUNC(G54*J54,2)","v":48926.879999999997},{"$f":"K54/$K$550","v":7.0418682256712342E-2},"1635-DEP-2812-04-24-001-R03;                          1635-DEP-2812-04-35-001-R02",null,"SERVIÇOS"]
["1.4.2",null,4805749,"SICRO","ESCAVAÇÃO MANUAL DE VALA EM MATERIAL DE 1ª CATEGORIA","M3",{"$f":"INDEX(MEMÓRIA!L:L,MATCH($A55,MEMÓRIA!A:A,0))","v":20.75},{"$f":"INDEX('SICRO - CANALETA'!I:I,MATCH(C55,'SICRO - CANALETA'!L:L,0))","v":64.959999999999994},{"$f":"$I$5","v":0.22720000000000001},{"$f":"TRUNC(H55*(1+I55),2)","v":79.709999999999994},{"$f":"TRUNC(G55*J55,2)","v":1653.98},{"$f":"K55/$K$550","v":2.3805133717694055E-3},"1635-DEP-2812-04-24-001-R03;                          1635-DEP-2812-04-35-001-R02",null,"SERVIÇOS"]
["1.4.3",null,2003799,"SICRO","DRENAGEM EM CANALETA MEIA CANA D = 30 cm ASSENTE SOBRE LASTRO DE AREIA - AREIA E BRITA COMERCIAIS","M",{"$f":"INDEX(MEMÓRIA!L:L,MATCH($A56,MEMÓRIA!A:A,0))","v":166},{"$f":"INDEX('SICRO - CANALETA'!I:I,MATCH(C56,'SICRO - CANALETA'!L:L,0))","v":56.76},{"$f":"$I$5","v":0.22720000000000001},{"$f":"TRUNC(H56*(1+I56),2)","v":69.650000000000006},{"$f":"TRUNC(G56*J56,2)","v":11561.9},{"$f":"K56/$K$550","v":1.6640622953760436E-2},"1635-DEP-2812-04-24-001-R03;                          1635-DEP-2812-04-35-001-R02",null,"SERVIÇOS"]
["1.5","1.5",null,null,"BRITAGEM DO PÁTIO",{"$nulls":5},{"$f":"SUBTOTAL(109,K58:K60)","v":229128.67145904002},{"$f":"SUBTOTAL(109,L58:L60)","v":0.32977657907834657},null,null," "]
["1.5.1",null,2003850,"SICRO","LASTRO DE BRITA COMERCIAL","M3",{"$f":"INDEX(MEMÓRIA!L:L,MATCH($A58,MEMÓRIA!A:A,0))","v":693.57},{"$nulls":6},{"$f":"G58*'SICRO - LASTRO DE BRITA'!I36","v":205303.6557}," "]
["1.5.1",null,"M0192","SICRO","BRITA 2","M3",{"$f":"1.05*G58","v":728.24850000000004},{"$f":"INDEX('SICRO - LASTRO DE BRITA'!I:I,MATCH(C59,'SICRO - LASTRO DE BRITA'!L:L,0))","v":121.49850000000001},{"$f":"$I$6","v":0.13519999999999999},{"$f":"TRUNC(H59*(1+I59),2)","v":137.91999999999999},{"$f":"TRUNC(G59*J59,2)","v":100440.03},{"$f":"K59/$K$550","v":0.14455968903851329},null,null,"MATERIAL"]
["1.5.1",null,null,"SICRO","INSUMOS: EQUIPAMENTO, MÃO DE OBRA E TRANSPORTE",null,null,null,{"$f":"$I$5","v":0.22720000000000001},null,{"$f":"(N58-K59)*(1+I60)","v":128688.64145904001},{"$f":"K60/$K$550","v":0.18521689003983327},null,null,"SERVIÇOS"]
["1.6","1.6",null,null,"TAMPAS DE CANALETAS DO GGE",{"$nulls":5},{"$f":"SUBTOTAL(109,K62:K66)","v":3460.44},{"$f":"SUBTOTAL(109,L62:L66)","v":4.9804856722606809E-3},null,null," "]
["1.6.1","1.6.1","COMP1","P/SINAPI",{"$f":"INDEX('CPU - PROJETO'!$C:$C,MATCH($C62,'CPU - PROJETO'!$B:$B,0))","v":"FORNEC. E ASSENT. DE TAMPA METALICA EM CHAPA DE ACO XADREZ COM SUPORTE PARA TRAFEGO"},{"$f":"INDEX('CPU - PROJETO'!$D:$D,MATCH($C62,'CPU - PROJETO'!$B:$B,0))","v":"M2"},{"$f":"INDEX(MEMÓRIA!L:L,MATCH($A62,MEMÓRIA!A:A,0))","v":4},{"$nulls":7}," "]
["1.6.1 88309",null,88309,"P/SINAPI",{"$f":"INDEX('CPU - PROJETO'!$C:$C,MATCH($C63,'CPU - PROJETO'!$B:$B,0))","v":"PEDREIRO COM ENCARGOS COMPLEMENTARES"},{"$f":"INDEX('CPU - PROJETO'!$D:$D,MATCH($C63,'CPU - PROJETO'!$B:$B,0))","v":"H"},{"$f":"INDEX('CPU - PROJETO'!T:T,MATCH(A63,'CPU - PROJETO'!W:W,0))","v":2.4},{"$f":"TRUNC(IF(INDEX('CPU - PROJETO'!$H:$H,MATCH($C63,'CPU - PROJETO'!$B:$B,0))=0,INDEX('CPU - PROJETO'!$I:$I,MATCH($C63,'CPU - PROJETO'!$B:$B,0)),INDEX('CPU - PROJETO'!$H:$H,MATCH($C63,'CPU - PROJETO'!$B:$B,0))),2)","v":25.38},0.22720000000000001,{"$f":"TRUNC(H63*(1+I63),2)","v":31.14},{"$f":"TRUNC(G63*J63,2)","v":74.73},{"$f":"K63/$K$550","v":1.0755617617645176E-4},null,null,"SERVIÇOS"]
["1.6.1 88316",null,88316,"P/SINAPI",{"$f":"INDEX('CPU - PROJETO'!$C:$C,MATCH($C64,'CPU - PROJETO'!$B:$B,0))","v":"SERVENTE COM ENCARGOS COMPLEMENTARES"},{"$f":"INDEX('CPU - PROJETO'!$D:$D,MATCH($C64,'CPU - PROJETO'!$B:$B,0))","v":"H"},{"$f":"INDEX('CPU - PROJETO'!T:T,MATCH(A64,'CPU - PROJETO'!W:W,0))","v":2.4},{"$f":"TRUNC(IF(INDEX('CPU - PROJETO'!$H:$H,MATCH($C64,'CPU - PROJETO'!$B:$B,0))=0,INDEX('CPU - PROJETO'!$I:$I,MATCH($C64,'CPU - PROJETO'!$B:$B,0)),INDEX('CPU - PROJETO'!$H:$H,MATCH($C64,'CPU - PROJETO'!$B:$B,0))),2)","v":20.420000000000002},0.22720000000000001,{"$f":"TRUNC(H64*(1+I64),2)","v":25.05},{"$f":"TRUNC(G64*J64,2)","v":60.12},{"$f":"K64/$K$550","v":8.6528533543801407E-5},null,null,"SERVIÇOS"]
["1.6.1 88315",null,88315,"P/SINAPI",{"$f":"INDEX('CPU - PROJETO'!$C:$C,MATCH($C65,'CPU - PROJETO'!$B:$B,0))","v":"SERRALHEIRO COM ENCARGOS COMPLEMENTARES"},{"$f":"INDEX('CPU - PROJETO'!$D:$D,MATCH($C65,'CPU - PROJETO'!$B:$B,0))","v":"H"},{"$f":"INDEX('CPU - PROJETO'!T:T,MATCH(A65,'CPU - PROJETO'!W:W,0))","v":16},{"$f":"TRUNC(IF(INDEX('CPU - PROJETO'!$H:$H,MATCH($C65,'CPU - PROJETO'!$B:$B,0))=0,INDEX('CPU - PROJETO'!$I:$I,MATCH($C65,'CPU - PROJETO'!$B:$B,0)),INDEX('CPU - PROJETO'!$H:$H,MATCH($C65,'CPU - PROJETO'!$B:$B,0))),2)","v":25.18},0.22720000000000001,30.9,494.4,{"$f":"K65/$K$550","v":7.1157197245601158E-4},null,null,"SERVIÇOS"]
["1.6.1 1337",null,1337,"P/SINAPI",{"$f":"INDEX('CPU - PROJETO'!$C:$C,MATCH($C66,'CPU - PROJETO'!$B:$B,0))","v":"CHAPA DE ACO XADREZ PARA PISOS, E = 1/4 \" (6,30 MM) 54,53 KG/M2"},{"$f":"INDEX('CPU - PROJETO'!$D:$D,MATCH($C66,'CPU - PROJETO'!$B:$B,0))","v":"KG"},{"$f":"INDEX('CPU - PROJETO'!T:T,MATCH(A66,'CPU - PROJETO'!W:W,0))","v":218.12},{"$f":"TRUNC(IF(INDEX('CPU - PROJETO'!$H:$H,MATCH($C66,'CPU - PROJETO'!$B:$B,0))=0,INDEX('CPU - PROJETO'!$I:$I,MATCH($C66,'CPU - PROJETO'!$B:$B,0)),INDEX('CPU - PROJETO'!$H:$H,MATCH($C66,'CPU - PROJETO'!$B:$B,0))),2)","v":11.44},{"$f":"$I$6","v":0.13519999999999999},12.98,2831.19,{"$f":"K66/$K$550","v":4.0748289900844163E-3},null,null,"MATERIAL"]
["1.7","1.7",null,null,"EDIFÍCIO DE APOIO A MANUTENÇÃO",{"$nulls":5},{"$f":"SUBTOTAL(109,K68:K524)","v":53725.520000000004},{"$f":"SUBTOTAL(109,L68:L524)","v":7.732519061008282E-2},null,null," "]
["1.7.1","1.7.1",null,null,"PISOS E PAVIMENTAÇÃO",{"$nulls":5},{"$f":"SUBTOTAL(109,K69:K112)","v":6378.909999999998},{"$f":"SUBTOTAL(109,L69:L112)","v":9.1809335979356269E-3},null,null," "]
["1.7.1.1","1.7.1.1",87620,"SINAPI",{"$f":"INDEX('CPU - PROJETO'!$C:$C,MATCH($C69,'CPU - PROJETO'!$B:$B,0))","v":"CONTRAPISO EM ARGAMASSA TRAÇO 1:4 (CIMENTO E AREIA), PREPARO MECÂNICO COM BETONEIRA 400 L, APLICADO EM ÁREAS SECAS SOBRE LAJE, ADERIDO, ESPESSURA 2CM. AF_06/2014"},{"$f":"INDEX('CPU - PROJETO'!$D:$D,MATCH($C69,'CPU - PROJETO'!$B:$B,0))","v":"M2"},{"$f":"INDEX(MEMÓRIA!L:L,MATCH($A69,MEMÓRIA!A:A,0))","v":31},{"$nulls":7}," "]
["1.7.1.1 1379",null,1379,"SINAPI",{"$f":"INDEX('CPU - PROJETO'!$C:$C,MATCH($C70,'CPU - PROJETO'!$B:$B,0))","v":"CIMENTO PORTLAND COMPOSTO CP II-32"},{"$f":"INDEX('CPU - PROJETO'!$D:$D,MATCH($C70,'CPU - PROJETO'!$B:$B,0))","v":"KG"},{"$f":"INDEX('CPU - PROJETO'!T:T,MATCH(A70,'CPU - PROJETO'!W:W,0))","v":15.5},{"$f":"TRUNC(IF(INDEX('CPU - PROJETO'!$H:$H,MATCH($C70,'CPU - PROJETO'!$B:$B,0))=0,INDEX('CPU - PROJETO'!$I:$I,MATCH($C70,'CPU - PROJETO'!$B:$B,0)),INDEX('CPU - PROJETO'!$H:$H,MATCH($C70,'CPU - PROJETO'!$B:$B,0))),2)","v":0.7},{"$f":"$I$6","v":0.13519999999999999},{"$f":"TRUNC(H70*(1+I70),2)","v":0.79},{"$f":"TRUNC(G70*J70,2)","v":12.24},{"$f":"K70/$K$550","v":1.7616587667600287E-5},null,null,"MATERIAL"]
["1.7.1.1 7334",null,7334,"SINAPI",{"$f":"INDEX('CPU - PROJETO'!$C:$C,MATCH($C71,'CPU - PROJETO'!$B:$B,0))","v":"ADITIVO ADESIVO LIQUIDO PARA ARGAMASSAS DE REVESTIMENTOS CIMENTICIOS"},{"$f":"INDEX('CPU - PROJETO'!$D:$D,MATCH($C71,'CPU - PROJETO'!$B:$B,0))","v":"L"},{"$f":"INDEX('CPU - PROJETO'!T:T,MATCH(A71,'CPU - PROJETO'!W:W,0))","v":6.51},{"$f":"TRUNC(IF(INDEX('CPU - PROJETO'!$H:$H,MATCH($C71,'CPU - PROJETO'!$B:$B,0))=0,INDEX('CPU - PROJETO'!$I:$I,MATCH($C71,'CPU - PROJETO'!$B:$B,0)),INDEX('CPU - PROJETO'!$H:$H,MATCH($C71,'CPU - PROJETO'!$B:$B,0))),2)","v":16.079999999999998},{"$f":"$I$6","v":0.13519999999999999},{"$f":"TRUNC(H71*(1+I71),2)","v":18.25},{"$f":"TRUNC(G71*J71,2)","v":118.8},1.7098452736200278E-4,null,null,"MATERIAL"]
["1.7.1.1 87301",null,87301,"SINAPI",{"$f":"INDEX('CPU - PROJETO'!$C:$C,MATCH($C72,'CPU - PROJETO'!$B:$B,0))","v":"ARGAMASSA TRAÇO 1:4 (EM VOLUME DE CIMENTO E AREIA MÉDIA ÚMIDA) PARA CONTRAPISO, PREPARO MECÂNICO COM BETONEIRA 400 L. AF_08/2019"},{"$f":"INDEX('CPU - PROJETO'!$D:$D,MATCH($C72,'CPU - PROJETO'!$B:$B,0))","v":"M3"},{"$f":"INDEX('CPU - PROJETO'!T:T,MATCH(A72,'CPU - PROJETO'!W:W,0))","v":0.96099999999999997},{"$nulls":7}," "]
["1.7.1.1 370",null,{"$f":"MID(A73,9,20)","v":"370"},"SINAPI",{"$f":"INDEX('CPU - PROJ.AUX'!$P:$P,MATCH($A73,'CPU - PROJ.AUX'!$W:$W,0))","v":"AREIA MEDIA - POSTO JAZIDA/FORNECEDOR (RETIRADO NA JAZIDA, SEM TRANSPORTE)"},{"$f":"INDEX('CPU - PROJ.AUX'!$R:$R,MATCH($A73,'CPU - PROJ.AUX'!$W:$W,0))","v":"M3"},{"$f":"INDEX('CPU - PROJ.AUX'!T:T,MATCH(A73,'CPU - PROJ.AUX'!W:W,0))*$G$69","v":1.3069600000000001},{"$f":"TRUNC(IF(INDEX('CPU - PROJ.AUX'!$H:$H,MATCH($A73,'CPU - PROJ.AUX'!$W:$W,0))=0,INDEX('CPU - PROJ.AUX'!$I:$I,MATCH($A73,'CPU - PROJ.AUX'!$W:$W,0)),INDEX('CPU - PROJ.AUX'!$H:$H,MATCH($A73,'CPU - PROJ.AUX'!$W:$W,0))),2)","v":129},{"$f":"$I$6","v":0.13519999999999999},146.44,191.39,2.7546067922402115E-4,null,null,"MATERIAL"]
["1.7.1.1 1379",null,{"$f":"MID(A74,9,20)","v":"1379"},"SINAPI",{"$f":"INDEX('CPU - PROJ.AUX'!$P:$P,MATCH($A74,'CPU - PROJ.AUX'!$W:$W,0))","v":"CIMENTO PORTLAND COMPOSTO CP II-32"},{"$f":"INDEX('CPU - PROJ.AUX'!$R:$R,MATCH($A74,'CPU - PROJ.AUX'!$W:$W,0))","v":"KG"},{"$f":"INDEX('CPU - PROJ.AUX'!T:T,MATCH(A74,'CPU - PROJ.AUX'!W:W,0))*$G$69","v":441.91584999999998},{"$f":"TRUNC(IF(INDEX('CPU - PROJ.AUX'!$H:$H,MATCH($A74,'CPU - PROJ.AUX'!$W:$W,0))=0,INDEX('CPU - PROJ.AUX'!$I:$I,MATCH($A74,'CPU - PROJ.AUX'!$W:$W,0)),INDEX('CPU - PROJ.AUX'!$H:$H,MATCH($A74,'CPU - PROJ.AUX'!$W:$W,0))),2)","v":0.7},{"$f":"$I$6","v":0.13519999999999999},{"$f":"TRUNC(H74*(1+I74),2)","v":0.79},{"$f":"TRUNC(G74*J74,2)","v":349.11},5.0246134972515817E-4,null,null,{"$f":"IF(I74=$I$6,\"MATERIAL\",IF(I74=$I$5,\"SERVIÇOS\",\" \"))","v":"MATERIAL"}]
["1.7.1.1 88377",null,"88377","SINAPI",{"$f":"INDEX('CPU - PROJ.AUX'!$P:$P,MATCH($A75,'CPU - PROJ.AUX'!$W:$W,0))","v":"OPERADOR DE BETONEIRA ESTACIONÁRIA/MISTURADOR COM ENCARGOS COMPLEMENTARES"},{"$f":"INDEX('CPU - PROJ.AUX'!$R:$R,MATCH($A75,'CPU - PROJ.AUX'!$W:$W,0))","v":"H"},{"$f":"INDEX('CPU - PROJ.AUX'!T:T,MATCH(A75,'CPU - PROJ.AUX'!W:W,0))*$G$69","v":4.6608499999999999},{"$f":"TRUNC(IF(INDEX('CPU - PROJ.AUX'!$H:$H,MATCH($A75,'CPU - PROJ.AUX'!$W:$W,0))=0,INDEX('CPU - PROJ.AUX'!$I:$I,MATCH($A75,'CPU - PROJ.AUX'!$W:$W,0)),INDEX('CPU - PROJ.AUX'!$H:$H,MATCH($A75,'CPU - PROJ.AUX'!$W:$W,0))),2)","v":28.14},0.22720000000000001,34.53,160.93,2.3162070697278712E-4,null,null,"SERVIÇOS"]
["1.7.1.1 88830",null,"88830","SINAPI",{"$f":"INDEX('CPU - PROJ.AUX'!$P:$P,MATCH($A76,'CPU - PROJ.AUX'!$W:$W,0))","v":"BETONEIRA CAPACIDADE NOMINAL DE 400 L, CAPACIDADE DE MISTURA 280 L, MOTOR ELÉTRICO TRIFÁSICO POTÊNCIA DE 2 CV, SEM CARREGADOR - CHP DIURNO. AF_10/2014"},{"$f":"INDEX('CPU - PROJ.AUX'!$R:$R,MATCH($A76,'CPU - PROJ.AUX'!$W:$W,0))","v":"CHP"},{"$f":"INDEX('CPU - PROJ.AUX'!T:T,MATCH(A76,'CPU - PROJ.AUX'!W:W,0))*$G$69","v":1.0859300000000001},{"$f":"TRUNC(IF(INDEX('CPU - PROJ.AUX'!$H:$H,MATCH($A76,'CPU - PROJ.AUX'!$W:$W,0))=0,INDEX('CPU - PROJ.AUX'!$I:$I,MATCH($A76,'CPU - PROJ.AUX'!$W:$W,0)),INDEX('CPU - PROJ.AUX'!$H:$H,MATCH($A76,'CPU - PROJ.AUX'!$W:$W,0))),2)","v":1.88},0.22720000000000001,2.2999999999999998,2.4900000000000002,3.5837666088500584E-6,null,null,"SERVIÇOS"]
["1.7.1.1 88831",null,"88831","SINAPI",{"$f":"INDEX('CPU - PROJ.AUX'!$P:$P,MATCH($A77,'CPU - PROJ.AUX'!$W:$W,0))","v":"BETONEIRA CAPACIDADE NOMINAL DE 400 L, CAPACIDADE DE MISTURA 280 L, MOTOR ELÉTRICO TRIFÁSICO POTÊNCIA DE 2 CV, SEM CARREGADOR - CHI DIURNO. AF_10/2014"},{"$f":"INDEX('CPU - PROJ.AUX'!$R:$R,MATCH($A77,'CPU - PROJ.AUX'!$W:$W,0))","v":"CHI"},{"$f":"INDEX('CPU - PROJ.AUX'!T:T,MATCH(A77,'CPU - PROJ.AUX'!W:W,0))*$G$69","v":3.5749200000000001},{"$f":"TRUNC(IF(INDEX('CPU - PROJ.AUX'!$H:$H,MATCH($A77,'CPU - PROJ.AUX'!$W:$W,0))=0,INDEX('CPU - PROJ.AUX'!$I:$I,MATCH($A77,'CPU - PROJ.AUX'!$W:$W,0)),INDEX('CPU - PROJ.AUX'!$H:$H,MATCH($A77,'CPU - PROJ.AUX'!$W:$W,0))),2)","v":0.39},0.22720000000000001,0.47,1.68,2.4179630132000391E-6,null,null,"SERVIÇOS"]
["1.7.1.1 88309",null,88309,"SINAPI",{"$f":"INDEX('CPU - PROJETO'!$C:$C,MATCH($C78,'CPU - PROJETO'!$B:$B,0))","v":"PEDREIRO COM ENCARGOS COMPLEMENTARES"},{"$f":"INDEX('CPU - PROJETO'!$D:$D,MATCH($C78,'CPU - PROJETO'!$B:$B,0))","v":"H"},{"$f":"INDEX('CPU - PROJETO'!T:T,MATCH(A78,'CPU - PROJETO'!W:W,0))","v":6.6339999999999995},{"$f":"TRUNC(IF(INDEX('CPU - PROJETO'!$H:$H,MATCH($C78,'CPU - PROJETO'!$B:$B,0))=0,INDEX('CPU - PROJETO'!$I:$I,MATCH($C78,'CPU - PROJETO'!$B:$B,0)),INDEX('CPU - PROJETO'!$H:$H,MATCH($C78,'CPU - PROJETO'!$B:$B,0))),2)","v":25.38},0.22720000000000001,{"$f":"TRUNC(H78*(1+I78),2)","v":31.14},{"$f":"TRUNC(G78*J78,2)","v":206.58},2.9732309480170484E-4,null,null,"SERVIÇOS"]
["1.7.1.1 88316",null,88316,"SINAPI",{"$f":"INDEX('CPU - PROJETO'!$C:$C,MATCH($C79,'CPU - PROJETO'!$B:$B,0))","v":"SERVENTE COM ENCARGOS COMPLEMENTARES"},{"$f":"INDEX('CPU - PROJETO'!$D:$D,MATCH($C79,'CPU - PROJETO'!$B:$B,0))","v":"H"},{"$f":"INDEX('CPU - PROJETO'!T:T,MATCH(A79,'CPU - PROJETO'!W:W,0))","v":3.3169999999999997},{"$f":"TRUNC(IF(INDEX('CPU - PROJETO'!$H:$H,MATCH($C79,'CPU - PROJETO'!$B:$B,0))=0,INDEX('CPU - PROJETO'!$I:$I,MATCH($C79,'CPU - PROJETO'!$B:$B,0)),INDEX('CPU - PROJETO'!$H:$H,MATCH($C79,'CPU - PROJETO'!$B:$B,0))),2)","v":20.420000000000002},0.22720000000000001,{"$f":"TRUNC(H79*(1+I79),2)","v":25.05},{"$f":"TRUNC(G79*J79,2)","v":83.09},1.1958842069451862E-4,null,null,"SERVIÇOS"]
["1.7.1.2","1.7.1.2",87248,"SINAPI",{"$f":"INDEX('CPU - PROJETO'!$C:$C,MATCH($C80,'CPU - PROJETO'!$B:$B,0))","v":"REVESTIMENTO CERÂMICO PARA PISO COM PLACAS TIPO ESMALTADA EXTRA DE DIMENSÕES 35X35 CM APLICADA EM AMBIENTES DE ÁREA MAIOR QUE 10 M2. AF_06/2014"},{"$f":"INDEX('CPU - PROJETO'!$D:$D,MATCH($C80,'CPU - PROJETO'!$B:$B,0))","v":"M2"},{"$f":"INDEX(MEMÓRIA!L:L,MATCH($A80,MEMÓRIA!A:A,0))","v":61.25},{"$nulls":7}," "]
["1.7.1.2 1287",null,1287,"SINAPI",{"$f":"INDEX('CPU - PROJETO'!$C:$C,MATCH($C81,'CPU - PROJETO'!$B:$B,0))","v":"PISO EM CERAMICA ESMALTADA EXTRA, PEI MAIOR OU IGUAL A 4, FORMATO MENOR OU IGUAL A 2025 CM2"},{"$f":"INDEX('CPU - PROJETO'!$D:$D,MATCH($C81,'CPU - PROJETO'!$B:$B,0))","v":"M2"},{"$f":"INDEX('CPU - PROJETO'!T:T,MATCH(A81,'CPU - PROJETO'!W:W,0))","v":64.924999999999997},{"$f":"TRUNC(IF(INDEX('CPU - PROJETO'!$H:$H,MATCH($C81,'CPU - PROJETO'!$B:$B,0))=0,INDEX('CPU - PROJETO'!$I:$I,MATCH($C81,'CPU - PROJETO'!$B:$B,0)),INDEX('CPU - PROJETO'!$H:$H,MATCH($C81,'CPU - PROJETO'!$B:$B,0))),2)","v":33.9},{"$f":"$I$6","v":0.13519999999999999},{"$f":"TRUNC(H81*(1+I81),2)","v":38.479999999999997},{"$f":"TRUNC(G81*J81,2)","v":2498.31},3.5957268901832084E-3,null,null,"MATERIAL"]
["1.7.1.2 1381",null,1381,"SINAPI",{"$f":"INDEX('CPU - PROJETO'!$C:$C,MATCH($C82,'CPU - PROJETO'!$B:$B,0))","v":"ARGAMASSA COLANTE AC I PARA CERAMICAS"},{"$f":"INDEX('CPU - PROJETO'!$D:$D,MATCH($C82,'CPU - PROJETO'!$B:$B,0))","v":"KG"},{"$f":"INDEX('CPU - PROJETO'!T:T,MATCH(A82,'CPU - PROJETO'!W:W,0))","v":297.67500000000001},{"$f":"TRUNC(IF(INDEX('CPU - PROJETO'!$H:$H,MATCH($C82,'CPU - PROJETO'!$B:$B,0))=0,INDEX('CPU - PROJETO'!$I:$I,MATCH($C82,'CPU - PROJETO'!$B:$B,0)),INDEX('CPU - PROJETO'!$H:$H,MATCH($C82,'CPU - PROJETO'!$B:$B,0))),2)","v":0.95},{"$f":"$I$6","v":0.13519999999999999},{"$f":"TRUNC(H82*(1+I82),2)","v":1.07},{"$f":"TRUNC(G82*J82,2)","v":318.51},4.5841988055615745E-4,null,null,"MATERIAL"]
["1.7.1.2 34357",null,34357,"SINAPI",{"$f":"INDEX('CPU - PROJETO'!$C:$C,MATCH($C83,'CPU - PROJETO'!$B:$B,0))","v":"REJUNTE CIMENTICIO, QUALQUER COR"},{"$f":"INDEX('CPU - PROJETO'!$D:$D,MATCH($C83,'CPU - PROJETO'!$B:$B,0))","v":"KG"},{"$f":"INDEX('CPU - PROJETO'!T:T,MATCH(A83,'CPU - PROJETO'!W:W,0))","v":14.7},{"$f":"TRUNC(IF(INDEX('CPU - PROJETO'!$H:$H,MATCH($C83,'CPU - PROJETO'!$B:$B,0))=0,INDEX('CPU - PROJETO'!$I:$I,MATCH($C83,'CPU - PROJETO'!$B:$B,0)),INDEX('CPU - PROJETO'!$H:$H,MATCH($C83,'CPU - PROJETO'!$B:$B,0))),2)","v":5.57},{"$f":"$I$6","v":0.13519999999999999},6.32,92.9,1.3370759757516884E-4,null,null,"MATERIAL"]
["1.7.1.2 88256",null,88256,"SINAPI",{"$f":"INDEX('CPU - PROJETO'!$C:$C,MATCH($C84,'CPU - PROJETO'!$B:$B,0))","v":"AZULEJISTA OU LADRILHISTA COM ENCARGOS COMPLEMENTARES"},{"$f":"INDEX('CPU - PROJETO'!$D:$D,MATCH($C84,'CPU - PROJETO'!$B:$B,0))","v":"H"},{"$f":"INDEX('CPU - PROJETO'!T:T,MATCH(A84,'CPU - PROJETO'!W:W,0))","v":14.7},{"$f":"TRUNC(IF(INDEX('CPU - PROJETO'!$H:$H,MATCH($C84,'CPU - PROJETO'!$B:$B,0))=0,INDEX('CPU - PROJETO'!$I:$I,MATCH($C84,'CPU - PROJETO'!$B:$B,0)),INDEX('CPU - PROJETO'!$H:$H,MATCH($C84,'CPU - PROJETO'!$B:$B,0))),2)","v":25.25},0.22720000000000001,{"$f":"TRUNC(H84*(1+I84),2)","v":30.98},{"$f":"TRUNC(G84*J84,2)","v":455.4},6.5544068822101064E-4,null,null,"SERVIÇOS"]
["1.7.1.2 88316","Grupo Motor Gerador com 155/170kVA cabinado  (Fornecido com Databook, contendo: ensaios de rotinas, tipo, manual de instrução, desenhos elétricos, e mecânicos)",88316,"SINAPI",{"$f":"INDEX('CPU - PROJETO'!$C:$C,MATCH($C85,'CPU - PROJETO'!$B:$B,0))","v":"SERVENTE COM ENCARGOS COMPLEMENTARES"},{"$f":"INDEX('CPU - PROJETO'!$D:$D,MATCH($C85,'CPU - PROJETO'!$B:$B,0))","v":"H"},{"$f":"INDEX('CPU - PROJETO'!T:T,MATCH(A85,'CPU - PROJETO'!W:W,0))","v":9.1875},{"$f":"TRUNC(IF(INDEX('CPU - PROJETO'!$H:$H,MATCH($C85,'CPU - PROJETO'!$B:$B,0))=0,INDEX('CPU - PROJETO'!$I:$I,MATCH($C85,'CPU - PROJETO'!$B:$B,0)),INDEX('CPU - PROJETO'!$H:$H,MATCH($C85,'CPU - PROJETO'!$B:$B,0))),2)","v":20.420000000000002},0.22720000000000001,{"$f":"TRUNC(H85*(1+I85),2)","v":25.05},{"$f":"TRUNC(G85*J85,2)","v":230.14},3.312321475344387E-4,null,null,"SERVIÇOS"]
["1.7.1.3","1.7.1.3",88648,"SINAPI",{"$f":"INDEX('CPU - PROJETO'!$C:$C,MATCH($C86,'CPU - PROJETO'!$B:$B,0))","v":"RODAPÉ CERÂMICO DE 7CM DE ALTURA COM PLACAS TIPO ESMALTADA EXTRA  DE DIMENSÕES 35X35CM. AF_06/2014"},{"$f":"INDEX('CPU - PROJETO'!$D:$D,MATCH($C86,'CPU - PROJETO'!$B:$B,0))","v":"M"},{"$f":"INDEX(MEMÓRIA!L:L,MATCH($A86,MEMÓRIA!A:A,0))","v":19.36},{"$nulls":7}," "]
["1.7.1.3 1287",null,1287,"SINAPI",{"$f":"INDEX('CPU - PROJETO'!$C:$C,MATCH($C87,'CPU - PROJETO'!$B:$B,0))","v":"PISO EM CERAMICA ESMALTADA EXTRA, PEI MAIOR OU IGUAL A 4, FORMATO MENOR OU IGUAL A 2025 CM2"},{"$f":"INDEX('CPU - PROJETO'!$D:$D,MATCH($C87,'CPU - PROJETO'!$B:$B,0))","v":"M2"},{"$f":"INDEX('CPU - PROJETO'!T:T,MATCH(A87,'CPU - PROJETO'!W:W,0))","v":2.3812799999999998},{"$f":"TRUNC(IF(INDEX('CPU - PROJETO'!$H:$H,MATCH($C87,'CPU - PROJETO'!$B:$B,0))=0,INDEX('CPU - PROJETO'!$I:$I,MATCH($C87,'CPU - PROJETO'!$B:$B,0)),INDEX('CPU - PROJETO'!$H:$H,MATCH($C87,'CPU - PROJETO'!$B:$B,0))),2)","v":33.9},{"$f":"$I$6","v":0.13519999999999999},{"$f":"TRUNC(H87*(1+I87),2)","v":38.479999999999997},{"$f":"TRUNC(G87*J87,2)","v":91.63},1.3187973267828548E-4,null,null,"MATERIAL"]
["1.7.1.3 1381",null,1381,"SINAPI",{"$f":"INDEX('CPU - PROJETO'!$C:$C,MATCH($C88,'CPU - PROJETO'!$B:$B,0))","v":"ARGAMASSA COLANTE AC I PARA CERAMICAS"},{"$f":"INDEX('CPU - PROJETO'!$D:$D,MATCH($C88,'CPU - PROJETO'!$B:$B,0))","v":"KG"},{"$f":"INDEX('CPU - PROJETO'!T:T,MATCH(A88,'CPU - PROJETO'!W:W,0))","v":11.67408},{"$f":"TRUNC(IF(INDEX('CPU - PROJETO'!$H:$H,MATCH($C88,'CPU - PROJETO'!$B:$B,0))=0,INDEX('CPU - PROJETO'!$I:$I,MATCH($C88,'CPU - PROJETO'!$B:$B,0)),INDEX('CPU - PROJETO'!$H:$H,MATCH($C88,'CPU - PROJETO'!$B:$B,0))),2)","v":0.95},{"$f":"$I$6","v":0.13519999999999999},1.07,12.49,1.7976403592183625E-5,null,null,"MATERIAL"]
["1.7.1.3 34357",null,34357,"SINAPI",{"$f":"INDEX('CPU - PROJETO'!$C:$C,MATCH($C89,'CPU - PROJETO'!$B:$B,0))","v":"REJUNTE CIMENTICIO, QUALQUER COR"},{"$f":"INDEX('CPU - PROJETO'!$D:$D,MATCH($C89,'CPU - PROJETO'!$B:$B,0))","v":"KG"},{"$f":"INDEX('CPU - PROJETO'!T:T,MATCH(A89,'CPU - PROJETO'!W:W,0))","v":1.6456000000000002},{"$f":"TRUNC(IF(INDEX('CPU - PROJETO'!$H:$H,MATCH($C89,'CPU - PROJETO'!$B:$B,0))=0,INDEX('CPU - PROJETO'!$I:$I,MATCH($C89,'CPU - PROJETO'!$B:$B,0)),INDEX('CPU - PROJETO'!$H:$H,MATCH($C89,'CPU - PROJETO'!$B:$B,0))),2)","v":5.57},{"$f":"$I$6","v":0.13519999999999999},6.32,10.4,1.4968342462666911E-5,null,null,"MATERIAL"]
["1.7.1.3 88256",null,88256,"SINAPI",{"$f":"INDEX('CPU - PROJETO'!$C:$C,MATCH($C90,'CPU - PROJETO'!$B:$B,0))","v":"AZULEJISTA OU LADRILHISTA COM ENCARGOS COMPLEMENTARES"},{"$f":"INDEX('CPU - PROJETO'!$D:$D,MATCH($C90,'CPU - PROJETO'!$B:$B,0))","v":"H"},{"$f":"INDEX('CPU - PROJETO'!T:T,MATCH(A90,'CPU - PROJETO'!W:W,0))","v":1.3552000000000002},{"$f":"TRUNC(IF(INDEX('CPU - PROJETO'!$H:$H,MATCH($C90,'CPU - PROJETO'!$B:$B,0))=0,INDEX('CPU - PROJETO'!$I:$I,MATCH($C90,'CPU - PROJETO'!$B:$B,0)),INDEX('CPU - PROJETO'!$H:$H,MATCH($C90,'CPU - PROJETO'!$B:$B,0))),2)","v":25.25},0.22720000000000001,30.98,41.98,6.0420290056034314E-5,null,null,"SERVIÇOS"]
["1.7.1.3 88316",null,88316,"SINAPI",{"$f":"INDEX('CPU - PROJETO'!$C:$C,MATCH($C91,'CPU - PROJETO'!$B:$B,0))","v":"SERVENTE COM ENCARGOS COMPLEMENTARES"},{"$f":"INDEX('CPU - PROJETO'!$D:$D,MATCH($C91,'CPU - PROJETO'!$B:$B,0))","v":"H"},{"$f":"INDEX('CPU - PROJETO'!T:T,MATCH(A91,'CPU - PROJETO'!W:W,0))","v":0.60016000000000003},{"$f":"TRUNC(IF(INDEX('CPU - PROJETO'!$H:$H,MATCH($C91,'CPU - PROJETO'!$B:$B,0))=0,INDEX('CPU - PROJETO'!$I:$I,MATCH($C91,'CPU - PROJETO'!$B:$B,0)),INDEX('CPU - PROJETO'!$H:$H,MATCH($C91,'CPU - PROJETO'!$B:$B,0))),2)","v":20.420000000000002},0.22720000000000001,25.05,15.03,2.1632133385950352E-5,null,null,"SERVIÇOS"]
["1.7.1.4","1.7.1.4","CPU-94998","SINAPI",{"$f":"INDEX('CPU - PROJETO'!$C:$C,MATCH($C92,'CPU - PROJETO'!$B:$B,0))","v":"EXECUÇÃO DE PASSEIO (CALÇADA) OU PISO DE CONCRETO COM CONCRETO MOLDADO IN LOCO, FEITO EM OBRA, ACABAMENTO CONVENCIONAL, ESPESSURA 12 CM, ARMADO. AF_07/2016"},{"$f":"INDEX('CPU - PROJETO'!$D:$D,MATCH($C92,'CPU - PROJETO'!$B:$B,0))","v":"M2"},{"$f":"INDEX(MEMÓRIA!L:L,MATCH($A92,MEMÓRIA!A:A,0))","v":6.3},{"$nulls":7}," "]
["1.7.1.4 3777",null,3777,"SINAPI",{"$f":"INDEX('CPU - PROJETO'!$C:$C,MATCH($C93,'CPU - PROJETO'!$B:$B,0))","v":"LONA PLASTICA PESADA PRETA, E = 150 MICRA"},{"$f":"INDEX('CPU - PROJETO'!$D:$D,MATCH($C93,'CPU - PROJETO'!$B:$B,0))","v":"M2"},{"$f":"INDEX('CPU - PROJETO'!T:T,MATCH(A93,'CPU - PROJETO'!W:W,0))","v":7.1063999999999989},{"$f":"TRUNC(IF(INDEX('CPU - PROJETO'!$H:$H,MATCH($C93,'CPU - PROJETO'!$B:$B,0))=0,INDEX('CPU - PROJETO'!$I:$I,MATCH($C93,'CPU - PROJETO'!$B:$B,0)),INDEX('CPU - PROJETO'!$H:$H,MATCH($C93,'CPU - PROJETO'!$B:$B,0))),2)","v":2.35},{"$f":"$I$6","v":0.13519999999999999},{"$f":"TRUNC(H93*(1+I93),2)","v":2.66},{"$f":"TRUNC(G93*J93,2)","v":18.899999999999999},2.720208389850044E-5,null,null,"MATERIAL"]
["1.7.1.4 4517",null,4517,"SINAPI",{"$f":"INDEX('CPU - PROJETO'!$C:$C,MATCH($C94,'CPU - PROJETO'!$B:$B,0))","v":"SARRAFO *2,5 X 7,5* CM EM PINUS, MISTA OU EQUIVALENTE DA REGIAO - BRUTA"},{"$f":"INDEX('CPU - PROJETO'!$D:$D,MATCH($C94,'CPU - PROJETO'!$B:$B,0))","v":"M"},{"$f":"INDEX('CPU - PROJETO'!T:T,MATCH(A94,'CPU - PROJETO'!W:W,0))","v":1.26},{"$f":"TRUNC(IF(INDEX('CPU - PROJETO'!$H:$H,MATCH($C94,'CPU - PROJETO'!$B:$B,0))=0,INDEX('CPU - PROJETO'!$I:$I,MATCH($C94,'CPU - PROJETO'!$B:$B,0)),INDEX('CPU - PROJETO'!$H:$H,MATCH($C94,'CPU - PROJETO'!$B:$B,0))),2)","v":3.52},{"$f":"$I$6","v":0.13519999999999999},3.99,5.0199999999999996,7.2251037656334499E-6,null,null,"MATERIAL"]
["1.7.1.4 6189",null,6189,"SINAPI",{"$f":"INDEX('CPU - PROJETO'!$C:$C,MATCH($C95,'CPU - PROJETO'!$B:$B,0))","v":"TABUA NAO APARELHADA *2,5 X 30* CM, EM MACARANDUBA, ANGELIM OU EQUIVALENTE DA REGIAO - BRUTA"},{"$f":"INDEX('CPU - PROJETO'!$D:$D,MATCH($C95,'CPU - PROJETO'!$B:$B,0))","v":"M"},{"$f":"INDEX('CPU - PROJETO'!T:T,MATCH(A95,'CPU - PROJETO'!W:W,0))","v":0.78749999999999998},{"$f":"TRUNC(IF(INDEX('CPU - PROJETO'!$H:$H,MATCH($C95,'CPU - PROJETO'!$B:$B,0))=0,INDEX('CPU - PROJETO'!$I:$I,MATCH($C95,'CPU - PROJETO'!$B:$B,0)),INDEX('CPU - PROJETO'!$H:$H,MATCH($C95,'CPU - PROJETO'!$B:$B,0))),2)","v":31.97},{"$f":"$I$6","v":0.13519999999999999},36.29,28.57,4.1119763861384001E-5,null,null,"MATERIAL"]
["1.7.1.4 7156",null,7156,"SINAPI",{"$f":"INDEX('CPU - PROJETO'!$C:$C,MATCH($C96,'CPU - PROJETO'!$B:$B,0))","v":"TELA DE ACO SOLDADA NERVURADA, CA-60, Q-196, (3,11 KG/M2), DIAMETRO DO FIO = 5,0 MM, LARGURA = 2,45 M, ESPACAMENTO DA MALHA = 10 X 10 CM"},{"$f":"INDEX('CPU - PROJETO'!$D:$D,MATCH($C96,'CPU - PROJETO'!$B:$B,0))","v":"M2"},{"$f":"INDEX('CPU - PROJETO'!T:T,MATCH(A96,'CPU - PROJETO'!W:W,0))","v":7.0711200000000005},{"$f":"TRUNC(IF(INDEX('CPU - PROJETO'!$H:$H,MATCH($C96,'CPU - PROJETO'!$B:$B,0))=0,INDEX('CPU - PROJETO'!$I:$I,MATCH($C96,'CPU - PROJETO'!$B:$B,0)),INDEX('CPU - PROJETO'!$H:$H,MATCH($C96,'CPU - PROJETO'!$B:$B,0))),2)","v":33.909999999999997},{"$f":"$I$6","v":0.13519999999999999},38.49,272.16000000000003,3.9171000813840643E-4,null,null,"MATERIAL"]
["1.7.1.4 88262",null,88262,"SINAPI",{"$f":"INDEX('CPU - PROJETO'!$C:$C,MATCH($C97,'CPU - PROJETO'!$B:$B,0))","v":"CARPINTEIRO DE FORMAS COM ENCARGOS COMPLEMENTARES"},{"$f":"INDEX('CPU - PROJETO'!$D:$D,MATCH($C97,'CPU - PROJETO'!$B:$B,0))","v":"H"},{"$f":"INDEX('CPU - PROJETO'!T:T,MATCH(A97,'CPU - PROJETO'!W:W,0))","v":1.7054099999999999},{"$f":"TRUNC(IF(INDEX('CPU - PROJETO'!$H:$H,MATCH($C97,'CPU - PROJETO'!$B:$B,0))=0,INDEX('CPU - PROJETO'!$I:$I,MATCH($C97,'CPU - PROJETO'!$B:$B,0)),INDEX('CPU - PROJETO'!$H:$H,MATCH($C97,'CPU - PROJETO'!$B:$B,0))),2)","v":25},0.22720000000000001,30.68,52.32,7.5302276696801219E-5,null,null,"SERVIÇOS"]
["1.7.1.4 88309",null,88309,"SINAPI",{"$f":"INDEX('CPU - PROJETO'!$C:$C,MATCH($C98,'CPU - PROJETO'!$B:$B,0))","v":"PEDREIRO COM ENCARGOS COMPLEMENTARES"},{"$f":"INDEX('CPU - PROJETO'!$D:$D,MATCH($C98,'CPU - PROJETO'!$B:$B,0))","v":"H"},{"$f":"INDEX('CPU - PROJETO'!T:T,MATCH(A98,'CPU - PROJETO'!W:W,0))","v":2.4355799999999999},{"$f":"TRUNC(IF(INDEX('CPU - PROJETO'!$H:$H,MATCH($C98,'CPU - PROJETO'!$B:$B,0))=0,INDEX('CPU - PROJETO'!$I:$I,MATCH($C98,'CPU - PROJETO'!$B:$B,0)),INDEX('CPU - PROJETO'!$H:$H,MATCH($C98,'CPU - PROJETO'!$B:$B,0))),2)","v":25.38},0.22720000000000001,{"$f":"TRUNC(H98*(1+I98),2)","v":31.14},{"$f":"TRUNC(G98*J98,2)","v":75.84},1.0915375888160178E-4,null,null,"SERVIÇOS"]
["1.7.1.4 88316",null,88316,"SINAPI",{"$f":"INDEX('CPU - PROJETO'!$C:$C,MATCH($C99,'CPU - PROJETO'!$B:$B,0))","v":"SERVENTE COM ENCARGOS COMPLEMENTARES"},{"$f":"INDEX('CPU - PROJETO'!$D:$D,MATCH($C99,'CPU - PROJETO'!$B:$B,0))","v":"H"},{"$f":"INDEX('CPU - PROJETO'!T:T,MATCH(A99,'CPU - PROJETO'!W:W,0))","v":4.1416199999999996},{"$f":"TRUNC(IF(INDEX('CPU - PROJETO'!$H:$H,MATCH($C99,'CPU - PROJETO'!$B:$B,0))=0,INDEX('CPU - PROJETO'!$I:$I,MATCH($C99,'CPU - PROJETO'!$B:$B,0)),INDEX('CPU - PROJETO'!$H:$H,MATCH($C99,'CPU - PROJETO'!$B:$B,0))),2)","v":20.420000000000002},0.22720000000000001,25.05,103.74,1.4930921606510242E-4,null,null,"SERVIÇOS"]
["1.7.1.4 94964",null,94964,"SINAPI",{"$f":"INDEX('CPU - PROJETO'!$C:$C,MATCH($C100,'CPU - PROJETO'!$B:$B,0))","v":"CONCRETO FCK = 20MPA, TRAÇO 1:2,7:3 (CIMENTO/ AREIA MÉDIA/ BRITA 1)  - PREPARO MECÂNICO COM BETONEIRA 400 L. AF_07/2016"},{"$f":"INDEX('CPU - PROJETO'!$D:$D,MATCH($C100,'CPU - PROJETO'!$B:$B,0))","v":"M3"},{"$f":"INDEX('CPU - PROJETO'!T:T,MATCH(A100,'CPU - PROJETO'!W:W,0))","v":0.91664999999999996},{"$nulls":7}," "]
["1.7.1.4 370",null,370,"SINAPI",{"$f":"INDEX('CPU - PROJ.AUX'!$P:$P,MATCH($A101,'CPU - PROJ.AUX'!$W:$W,0))","v":"AREIA MEDIA - POSTO JAZIDA/FORNECEDOR (RETIRADO NA JAZIDA, SEM TRANSPORTE)"},{"$f":"INDEX('CPU - PROJ.AUX'!$R:$R,MATCH($A101,'CPU - PROJ.AUX'!$W:$W,0))","v":"M3"},{"$f":"INDEX('CPU - PROJ.AUX'!T:T,MATCH(A101,'CPU - PROJ.AUX'!W:W,0))*$G$92","v":0.69280406999999999},{"$f":"TRUNC(IF(INDEX('CPU - PROJ.AUX'!$H:$H,MATCH($A101,'CPU - PROJ.AUX'!$W:$W,0))=0,INDEX('CPU - PROJ.AUX'!$I:$I,MATCH($A101,'CPU - PROJ.AUX'!$W:$W,0)),INDEX('CPU - PROJ.AUX'!$H:$H,MATCH($A101,'CPU - PROJ.AUX'!$W:$W,0))),2)","v":129},{"$f":"$I$6","v":0.13519999999999999},146.44,101.45,1.4601330219591904E-4,null,null,"MATERIAL"]
["1.7.1.4 1379",null,1379,"SINAPI",{"$f":"INDEX('CPU - PROJ.AUX'!$P:$P,MATCH($A102,'CPU - PROJ.AUX'!$W:$W,0))","v":"CIMENTO PORTLAND COMPOSTO CP II-32"},{"$f":"INDEX('CPU - PROJ.AUX'!$R:$R,MATCH($A102,'CPU - PROJ.AUX'!$W:$W,0))","v":"KG"},{"$f":"INDEX('CPU - PROJ.AUX'!T:T,MATCH(A102,'CPU - PROJ.AUX'!W:W,0))*$G$92","v":296.05750870499998},{"$f":"TRUNC(IF(INDEX('CPU - PROJ.AUX'!$H:$H,MATCH($A102,'CPU - PROJ.AUX'!$W:$W,0))=0,INDEX('CPU - PROJ.AUX'!$I:$I,MATCH($A102,'CPU - PROJ.AUX'!$W:$W,0)),INDEX('CPU - PROJ.AUX'!$H:$H,MATCH($A102,'CPU - PROJ.AUX'!$W:$W,0))),2)","v":0.7},{"$f":"$I$6","v":0.13519999999999999},{"$f":"TRUNC(H102*(1+I102),2)","v":0.79},{"$f":"TRUNC(G102*J102,2)","v":233.88},3.3661499376620545E-4,null,null,"MATERIAL"]
["1.7.1.4 4721",null,4721,"SINAPI",{"$f":"INDEX('CPU - PROJ.AUX'!$P:$P,MATCH($A103,'CPU - PROJ.AUX'!$W:$W,0))","v":"PEDRA BRITADA N. 1 (9,5 a 19 MM) POSTO PEDREIRA/FORNECEDOR, SEM FRETE"},{"$f":"INDEX('CPU - PROJ.AUX'!$R:$R,MATCH($A103,'CPU - PROJ.AUX'!$W:$W,0))","v":"M3"},{"$f":"INDEX('CPU - PROJ.AUX'!T:T,MATCH(A103,'CPU - PROJ.AUX'!W:W,0))*$G$92","v":0.53825688000000005},{"$f":"TRUNC(IF(INDEX('CPU - PROJ.AUX'!$H:$H,MATCH($A103,'CPU - PROJ.AUX'!$W:$W,0))=0,INDEX('CPU - PROJ.AUX'!$I:$I,MATCH($A103,'CPU - PROJ.AUX'!$W:$W,0)),INDEX('CPU - PROJ.AUX'!$H:$H,MATCH($A103,'CPU - PROJ.AUX'!$W:$W,0))),2)","v":89},{"$f":"$I$6","v":0.13519999999999999},101.03,54.38,7.826715991536795E-5,null,null,"MATERIAL"]
["1.7.1.4 88316",null,88316,"SINAPI",{"$f":"INDEX('CPU - PROJ.AUX'!$P:$P,MATCH($A104,'CPU - PROJ.AUX'!$W:$W,0))","v":"SERVENTE COM ENCARGOS COMPLEMENTARES"},{"$f":"INDEX('CPU - PROJ.AUX'!$R:$R,MATCH($A104,'CPU - PROJ.AUX'!$W:$W,0))","v":"H"},{"$f":"INDEX('CPU - PROJ.AUX'!T:T,MATCH(A104,'CPU - PROJ.AUX'!W:W,0))*$G$92","v":2.322149445},{"$f":"TRUNC(IF(INDEX('CPU - PROJ.AUX'!$H:$H,MATCH($A104,'CPU - PROJ.AUX'!$W:$W,0))=0,INDEX('CPU - PROJ.AUX'!$I:$I,MATCH($A104,'CPU - PROJ.AUX'!$W:$W,0)),INDEX('CPU - PROJ.AUX'!$H:$H,MATCH($A104,'CPU - PROJ.AUX'!$W:$W,0))),2)","v":20.420000000000002},0.22720000000000001,25.05,58.16,8.3707576695068019E-5,null,null,"SERVIÇOS"]
["1.7.1.4 88377",null,88377,"SINAPI",{"$f":"INDEX('CPU - PROJ.AUX'!$P:$P,MATCH($A105,'CPU - PROJ.AUX'!$W:$W,0))","v":"OPERADOR DE BETONEIRA ESTACIONÁRIA/MISTURADOR COM ENCARGOS COMPLEMENTARES"},{"$f":"INDEX('CPU - PROJ.AUX'!$R:$R,MATCH($A105,'CPU - PROJ.AUX'!$W:$W,0))","v":"H"},{"$f":"INDEX('CPU - PROJ.AUX'!T:T,MATCH(A105,'CPU - PROJ.AUX'!W:W,0))*$G$92","v":1.4708565899999999},{"$f":"TRUNC(IF(INDEX('CPU - PROJ.AUX'!$H:$H,MATCH($A105,'CPU - PROJ.AUX'!$W:$W,0))=0,INDEX('CPU - PROJ.AUX'!$I:$I,MATCH($A105,'CPU - PROJ.AUX'!$W:$W,0)),INDEX('CPU - PROJ.AUX'!$H:$H,MATCH($A105,'CPU - PROJ.AUX'!$W:$W,0))),2)","v":28.14},0.22720000000000001,34.53,50.78,7.3085810601367858E-5,null,null,"SERVIÇOS"]
["1.7.1.4 88830",null,88830,"SINAPI",{"$f":"INDEX('CPU - PROJ.AUX'!$P:$P,MATCH($A106,'CPU - PROJ.AUX'!$W:$W,0))","v":"BETONEIRA CAPACIDADE NOMINAL DE 400 L, CAPACIDADE DE MISTURA 280 L, MOTOR ELÉTRICO TRIFÁSICO POTÊNCIA DE 2 CV, SEM CARREGADOR - CHP DIURNO. AF_10/2014"},{"$f":"INDEX('CPU - PROJ.AUX'!$R:$R,MATCH($A106,'CPU - PROJ.AUX'!$W:$W,0))","v":"CHP"},{"$f":"INDEX('CPU - PROJ.AUX'!T:T,MATCH(A106,'CPU - PROJ.AUX'!W:W,0))*$G$92","v":0.75706123499999989},{"$f":"TRUNC(IF(INDEX('CPU - PROJ.AUX'!$H:$H,MATCH($A106,'CPU - PROJ.AUX'!$W:$W,0))=0,INDEX('CPU - PROJ.AUX'!$I:$I,MATCH($A106,'CPU - PROJ.AUX'!$W:$W,0)),INDEX('CPU - PROJ.AUX'!$H:$H,MATCH($A106,'CPU - PROJ.AUX'!$W:$W,0))),2)","v":1.88},0.22720000000000001,2.2999999999999998,1.74,2.5043188351000407E-6,null,null,"SERVIÇOS"]
["1.7.1.4 88831",null,88831,"SINAPI",{"$f":"INDEX('CPU - PROJ.AUX'!$P:$P,MATCH($A107,'CPU - PROJ.AUX'!$W:$W,0))","v":"BETONEIRA CAPACIDADE NOMINAL DE 400 L, CAPACIDADE DE MISTURA 280 L, MOTOR ELÉTRICO TRIFÁSICO POTÊNCIA DE 2 CV, SEM CARREGADOR - CHI DIURNO. AF_10/2014"},{"$f":"INDEX('CPU - PROJ.AUX'!$R:$R,MATCH($A107,'CPU - PROJ.AUX'!$W:$W,0))","v":"CHI"},{"$f":"INDEX('CPU - PROJ.AUX'!T:T,MATCH(A107,'CPU - PROJ.AUX'!W:W,0))*$G$92","v":0.71379535499999991},{"$f":"TRUNC(IF(INDEX('CPU - PROJ.AUX'!$H:$H,MATCH($A107,'CPU - PROJ.AUX'!$W:$W,0))=0,INDEX('CPU - PROJ.AUX'!$I:$I,MATCH($A107,'CPU - PROJ.AUX'!$W:$W,0)),INDEX('CPU - PROJ.AUX'!$H:$H,MATCH($A107,'CPU - PROJ.AUX'!$W:$W,0))),2)","v":0.39},0.22720000000000001,0.47,0.33,4.7495702045000775E-7,null,null,"SERVIÇOS"]
["1.7.1.5","1.7.1.5",98689,"SINAPI",{"$f":"INDEX('CPU - PROJETO'!$C:$C,MATCH($C108,'CPU - PROJETO'!$B:$B,0))","v":"SOLEIRA EM GRANITO, LARGURA 15 CM, ESPESSURA 2,0 CM. AF_09/2020"},{"$f":"INDEX('CPU - PROJETO'!$D:$D,MATCH($C108,'CPU - PROJETO'!$B:$B,0))","v":"M"},{"$f":"INDEX(MEMÓRIA!L:L,MATCH($A108,MEMÓRIA!A:A,0))","v":3},{"$nulls":7}," "]
["1.7.1.5 20232",null,20232,"SINAPI",{"$f":"INDEX('CPU - PROJETO'!$C:$C,MATCH($C109,'CPU - PROJETO'!$B:$B,0))","v":"SOLEIRA EM GRANITO, POLIDO, TIPO ANDORINHA/ QUARTZ/ CASTELO/ CORUMBA OU OUTROS EQUIVALENTES DA REGIAO, L= *15* CM, E=  *2,0* CM"},{"$f":"INDEX('CPU - PROJETO'!$D:$D,MATCH($C109,'CPU - PROJETO'!$B:$B,0))","v":"M"},{"$f":"INDEX('CPU - PROJETO'!T:T,MATCH(A109,'CPU - PROJETO'!W:W,0))","v":3},{"$f":"TRUNC(IF(INDEX('CPU - PROJETO'!$H:$H,MATCH($C109,'CPU - PROJETO'!$B:$B,0))=0,INDEX('CPU - PROJETO'!$I:$I,MATCH($C109,'CPU - PROJETO'!$B:$B,0)),INDEX('CPU - PROJETO'!$H:$H,MATCH($C109,'CPU - PROJETO'!$B:$B,0))),2)","v":101.13},{"$f":"$I$6","v":0.13519999999999999},{"$f":"TRUNC(H109*(1+I109),2)","v":114.8},{"$f":"TRUNC(G109*J109,2)","v":344.4},4.9568241770600802E-4,null,null,"MATERIAL"]
["1.7.1.5 37595",null,37595,"SINAPI",{"$f":"INDEX('CPU - PROJETO'!$C:$C,MATCH($C110,'CPU - PROJETO'!$B:$B,0))","v":"ARGAMASSA COLANTE TIPO AC III"},{"$f":"INDEX('CPU - PROJETO'!$D:$D,MATCH($C110,'CPU - PROJETO'!$B:$B,0))","v":"KG"},{"$f":"INDEX('CPU - PROJETO'!T:T,MATCH(A110,'CPU - PROJETO'!W:W,0))","v":3.87},{"$f":"TRUNC(IF(INDEX('CPU - PROJETO'!$H:$H,MATCH($C110,'CPU - PROJETO'!$B:$B,0))=0,INDEX('CPU - PROJETO'!$I:$I,MATCH($C110,'CPU - PROJETO'!$B:$B,0)),INDEX('CPU - PROJETO'!$H:$H,MATCH($C110,'CPU - PROJETO'!$B:$B,0))),2)","v":2.92},{"$f":"$I$6","v":0.13519999999999999},3.31,12.8,1.8422575338666968E-5,null,null,"MATERIAL"]
["1.7.1.5 88274",null,88274,"SINAPI",{"$f":"INDEX('CPU - PROJETO'!$C:$C,MATCH($C111,'CPU - PROJETO'!$B:$B,0))","v":"MARMORISTA/GRANITEIRO COM ENCARGOS COMPLEMENTARES"},{"$f":"INDEX('CPU - PROJETO'!$D:$D,MATCH($C111,'CPU - PROJETO'!$B:$B,0))","v":"H"},{"$f":"INDEX('CPU - PROJETO'!T:T,MATCH(A111,'CPU - PROJETO'!W:W,0))","v":1.641},{"$f":"TRUNC(IF(INDEX('CPU - PROJETO'!$H:$H,MATCH($C111,'CPU - PROJETO'!$B:$B,0))=0,INDEX('CPU - PROJETO'!$I:$I,MATCH($C111,'CPU - PROJETO'!$B:$B,0)),INDEX('CPU - PROJETO'!$H:$H,MATCH($C111,'CPU - PROJETO'!$B:$B,0))),2)","v":25.25},{"$f":"$I$5","v":0.22720000000000001},30.98,50.83,7.3157773786284522E-5,null,null,"SERVIÇOS"]
["1.7.1.5 88316",null,88316,"SINAPI",{"$f":"INDEX('CPU - PROJETO'!$C:$C,MATCH($C112,'CPU - PROJETO'!$B:$B,0))","v":"SERVENTE COM ENCARGOS COMPLEMENTARES"},{"$f":"INDEX('CPU - PROJETO'!$D:$D,MATCH($C112,'CPU - PROJETO'!$B:$B,0))","v":"H"},{"$f":"INDEX('CPU - PROJETO'!T:T,MATCH(A112,'CPU - PROJETO'!W:W,0))","v":0.81900000000000006},{"$f":"TRUNC(IF(INDEX('CPU - PROJETO'!$H:$H,MATCH($C112,'CPU - PROJETO'!$B:$B,0))=0,INDEX('CPU - PROJETO'!$I:$I,MATCH($C112,'CPU - PROJETO'!$B:$B,0)),INDEX('CPU - PROJETO'!$H:$H,MATCH($C112,'CPU - PROJETO'!$B:$B,0))),2)","v":20.420000000000002},0.22720000000000001,25.05,20.51,2.9519298452817147E-5,null,null,"SERVIÇOS"]
["1.7.2","1.7.2",null,null,"PAREDES",{"$nulls":5},{"$f":"SUBTOTAL(109,K114:K288)","v":10543.300000000012},{"$f":"SUBTOTAL(109,L114:L288)","v":1.5174588950638081E-2},null,null," "]
["1.7.2.1","1.7.2.1",101163,"SINAPI",{"$f":"INDEX('CPU - PROJETO'!$C:$C,MATCH($C114,'CPU - PROJETO'!$B:$B,0))","v":"ALVENARIA DE VEDAÇÃO COM BLOCO DE VIDRO VAZADO, TIPO VENEZIANA, DE 6X20X20CM E ARGAMASSA DE ASSENTAMENTO COM PREPARO EM BETONEIRA. AF_05/2020"},{"$f":"INDEX('CPU - PROJETO'!$D:$D,MATCH($C114,'CPU - PROJETO'!$B:$B,0))","v":"M2"},{"$f":"INDEX(MEMÓRIA!L:L,MATCH($A114,MEMÓRIA!A:A,0))","v":7.82},{"$nulls":5},"1635-DEP-2812-10-25-201-R04",null," "]
["1.7.2.1 718",null,718,"SINAPI",{"$f":"INDEX('CPU - PROJETO'!$C:$C,MATCH($C115,'CPU - PROJETO'!$B:$B,0))","v":"BLOCO DE VIDRO/ELEMENTO VAZADO INCOLOR, VENEZIANA, DE *20 X 20 X 6* CM"},{"$f":"INDEX('CPU - PROJETO'!$D:$D,MATCH($C115,'CPU - PROJETO'!$B:$B,0))","v":"UN"},{"$f":"INDEX('CPU - PROJETO'!T:T,MATCH(A115,'CPU - PROJETO'!W:W,0))","v":200.8176},{"$f":"TRUNC(IF(INDEX('CPU - PROJETO'!$H:$H,MATCH($C115,'CPU - PROJETO'!$B:$B,0))=0,INDEX('CPU - PROJETO'!$I:$I,MATCH($C115,'CPU - PROJETO'!$B:$B,0)),INDEX('CPU - PROJETO'!$H:$H,MATCH($C115,'CPU - PROJETO'!$B:$B,0))),2)","v":22.63},{"$f":"$I$6","v":0.13519999999999999},{"$f":"TRUNC(H115*(1+I115),2)","v":25.68},{"$f":"TRUNC(G115*J115,2)","v":5156.99},{"$f":"K115/$K$550","v":7.4222684996681368E-3},null,null,"MATERIAL"]
["1.7.2.1 43059",null,43059,"SINAPI",{"$f":"INDEX('CPU - PROJETO'!$C:$C,MATCH($C116,'CPU - PROJETO'!$B:$B,0))","v":"ACO CA-60, 4,2 MM, OU 5,0 MM, OU 6,0 MM, OU 7,0 MM, VERGALHAO"},{"$f":"INDEX('CPU - PROJETO'!$D:$D,MATCH($C116,'CPU - PROJETO'!$B:$B,0))","v":"KG"},{"$f":"INDEX('CPU - PROJETO'!T:T,MATCH(A116,'CPU - PROJETO'!W:W,0))","v":4.2619000000000007},{"$f":"TRUNC(IF(INDEX('CPU - PROJETO'!$H:$H,MATCH($C116,'CPU - PROJETO'!$B:$B,0))=0,INDEX('CPU - PROJETO'!$I:$I,MATCH($C116,'CPU - PROJETO'!$B:$B,0)),INDEX('CPU - PROJETO'!$H:$H,MATCH($C116,'CPU - PROJETO'!$B:$B,0))),2)","v":10.77},{"$f":"$I$6","v":0.13519999999999999},{"$f":"TRUNC(H116*(1+I116),2)","v":12.22},{"$f":"TRUNC(G116*J116,2)","v":52.08},7.4956853409201222E-5,null,null,"MATERIAL"]
["1.7.2.1 87292",null,87292,"SINAPI",{"$f":"INDEX('CPU - PROJETO'!$C:$C,MATCH($C117,'CPU - PROJETO'!$B:$B,0))","v":"ARGAMASSA TRAÇO 1:2:8 (EM VOLUME DE CIMENTO, CAL E AREIA MÉDIA ÚMIDA) PARA EMBOÇO/MASSA ÚNICA/ASSENTAMENTO DE ALVENARIA DE VEDAÇÃO, PREPARO MECÂNICO COM BETONEIRA 400 L. AF_08/2019"},{"$f":"INDEX('CPU - PROJETO'!$D:$D,MATCH($C117,'CPU - PROJETO'!$B:$B,0))","v":"M3"},{"$f":"INDEX('CPU - PROJETO'!T:T,MATCH(A117,'CPU - PROJETO'!W:W,0))","v":7.8200000000000006E-2},{"$nulls":7}," "]
["1.7.2.1 370",null,370,"SINAPI",{"$f":"INDEX('CPU - PROJ.AUX'!$P:$P,MATCH($A118,'CPU - PROJ.AUX'!$W:$W,0))","v":"AREIA MEDIA - POSTO JAZIDA/FORNECEDOR (RETIRADO NA JAZIDA, SEM TRANSPORTE)"},{"$f":"INDEX('CPU - PROJ.AUX'!$R:$R,MATCH($A118,'CPU - PROJ.AUX'!$W:$W,0))","v":"M3"},{"$f":"INDEX('CPU - PROJ.AUX'!T:T,MATCH(A118,'CPU - PROJ.AUX'!W:W,0))*$G$114","v":9.0712000000000001E-2},{"$f":"TRUNC(IF(INDEX('CPU - PROJ.AUX'!$H:$H,MATCH($A118,'CPU - PROJ.AUX'!$W:$W,0))=0,INDEX('CPU - PROJ.AUX'!$I:$I,MATCH($A118,'CPU - PROJ.AUX'!$W:$W,0)),INDEX('CPU - PROJ.AUX'!$H:$H,MATCH($A118,'CPU - PROJ.AUX'!$W:$W,0))),2)","v":129},{"$f":"$I$6","v":0.13519999999999999},146.44,13.28,1.9113421913866977E-5,null,null,"MATERIAL"]
["1.7.2.1 1106",null,1106,"SINAPI",{"$f":"INDEX('CPU - PROJ.AUX'!$P:$P,MATCH($A119,'CPU - PROJ.AUX'!$W:$W,0))","v":"CAL HIDRATADA CH-I PARA ARGAMASSAS"},{"$f":"INDEX('CPU - PROJ.AUX'!$R:$R,MATCH($A119,'CPU - PROJ.AUX'!$W:$W,0))","v":"KG"},{"$f":"INDEX('CPU - PROJ.AUX'!T:T,MATCH(A119,'CPU - PROJ.AUX'!W:W,0))*$G$114","v":13.61462},{"$f":"TRUNC(IF(INDEX('CPU - PROJ.AUX'!$H:$H,MATCH($A119,'CPU - PROJ.AUX'!$W:$W,0))=0,INDEX('CPU - PROJ.AUX'!$I:$I,MATCH($A119,'CPU - PROJ.AUX'!$W:$W,0)),INDEX('CPU - PROJ.AUX'!$H:$H,MATCH($A119,'CPU - PROJ.AUX'!$W:$W,0))),2)","v":1.4},{"$f":"$I$6","v":0.13519999999999999},1.58,21.51,3.0958562151150503E-5,null,null,"MATERIAL"]
["1.7.2.1 1379",null,1379,"SINAPI",{"$f":"INDEX('CPU - PROJ.AUX'!$P:$P,MATCH($A120,'CPU - PROJ.AUX'!$W:$W,0))","v":"CIMENTO PORTLAND COMPOSTO CP II-32"},{"$f":"INDEX('CPU - PROJ.AUX'!$R:$R,MATCH($A120,'CPU - PROJ.AUX'!$W:$W,0))","v":"KG"},{"$f":"INDEX('CPU - PROJ.AUX'!T:T,MATCH(A120,'CPU - PROJ.AUX'!W:W,0))*$G$114","v":15.316252000000002},{"$f":"TRUNC(IF(INDEX('CPU - PROJ.AUX'!$H:$H,MATCH($A120,'CPU - PROJ.AUX'!$W:$W,0))=0,INDEX('CPU - PROJ.AUX'!$I:$I,MATCH($A120,'CPU - PROJ.AUX'!$W:$W,0)),INDEX('CPU - PROJ.AUX'!$H:$H,MATCH($A120,'CPU - PROJ.AUX'!$W:$W,0))),2)","v":0.7},{"$f":"$I$6","v":0.13519999999999999},0.79,12.09,1.7400698112850283E-5,null,null,"MATERIAL"]
["1.7.2.1 88377",null,88377,"SINAPI",{"$f":"INDEX('CPU - PROJ.AUX'!$P:$P,MATCH($A121,'CPU - PROJ.AUX'!$W:$W,0))","v":"OPERADOR DE BETONEIRA ESTACIONÁRIA/MISTURADOR COM ENCARGOS COMPLEMENTARES"},{"$f":"INDEX('CPU - PROJ.AUX'!$R:$R,MATCH($A121,'CPU - PROJ.AUX'!$W:$W,0))","v":"H"},{"$f":"INDEX('CPU - PROJ.AUX'!T:T,MATCH(A121,'CPU - PROJ.AUX'!W:W,0))*$G$114","v":0.35189999999999999},{"$f":"TRUNC(IF(INDEX('CPU - PROJ.AUX'!$H:$H,MATCH($A121,'CPU - PROJ.AUX'!$W:$W,0))=0,INDEX('CPU - PROJ.AUX'!$I:$I,MATCH($A121,'CPU - PROJ.AUX'!$W:$W,0)),INDEX('CPU - PROJ.AUX'!$H:$H,MATCH($A121,'CPU - PROJ.AUX'!$W:$W,0))),2)","v":28.14},0.22720000000000001,34.53,12.15,1.7487053934750285E-5,null,null,"SERVIÇOS"]
["1.7.2.1 88830",null,88830,"SINAPI",{"$f":"INDEX('CPU - PROJ.AUX'!$P:$P,MATCH($A122,'CPU - PROJ.AUX'!$W:$W,0))","v":"BETONEIRA CAPACIDADE NOMINAL DE 400 L, CAPACIDADE DE MISTURA 280 L, MOTOR ELÉTRICO TRIFÁSICO POTÊNCIA DE 2 CV, SEM CARREGADOR - CHP DIURNO. AF_10/2014"},{"$f":"INDEX('CPU - PROJ.AUX'!$R:$R,MATCH($A122,'CPU - PROJ.AUX'!$W:$W,0))","v":"CHP"},{"$f":"INDEX('CPU - PROJ.AUX'!T:T,MATCH(A122,'CPU - PROJ.AUX'!W:W,0))*$G$114","v":8.2110000000000002E-2},{"$f":"TRUNC(IF(INDEX('CPU - PROJ.AUX'!$H:$H,MATCH($A122,'CPU - PROJ.AUX'!$W:$W,0))=0,INDEX('CPU - PROJ.AUX'!$I:$I,MATCH($A122,'CPU - PROJ.AUX'!$W:$W,0)),INDEX('CPU - PROJ.AUX'!$H:$H,MATCH($A122,'CPU - PROJ.AUX'!$W:$W,0))),2)","v":1.88},0.22720000000000001,2.2999999999999998,0.18,2.5906746570000419E-7,null,null,"SERVIÇOS"]
["1.7.2.1 88831",null,88831,"SINAPI",{"$f":"INDEX('CPU - PROJ.AUX'!$P:$P,MATCH($A123,'CPU - PROJ.AUX'!$W:$W,0))","v":"BETONEIRA CAPACIDADE NOMINAL DE 400 L, CAPACIDADE DE MISTURA 280 L, MOTOR ELÉTRICO TRIFÁSICO POTÊNCIA DE 2 CV, SEM CARREGADOR - CHI DIURNO. AF_10/2014"},{"$f":"INDEX('CPU - PROJ.AUX'!$R:$R,MATCH($A123,'CPU - PROJ.AUX'!$W:$W,0))","v":"CHI"},{"$f":"INDEX('CPU - PROJ.AUX'!T:T,MATCH(A123,'CPU - PROJ.AUX'!W:W,0))*$G$114","v":0.26979000000000003},{"$f":"TRUNC(IF(INDEX('CPU - PROJ.AUX'!$H:$H,MATCH($A123,'CPU - PROJ.AUX'!$W:$W,0))=0,INDEX('CPU - PROJ.AUX'!$I:$I,MATCH($A123,'CPU - PROJ.AUX'!$W:$W,0)),INDEX('CPU - PROJ.AUX'!$H:$H,MATCH($A123,'CPU - PROJ.AUX'!$W:$W,0))),2)","v":0.39},0.22720000000000001,0.47,0.12,1.7271164380000281E-7,null,null,"SERVIÇOS"]
["1.7.2.1 88309",null,88309,"SINAPI",{"$f":"INDEX('CPU - PROJETO'!$C:$C,MATCH($C124,'CPU - PROJETO'!$B:$B,0))","v":"PEDREIRO COM ENCARGOS COMPLEMENTARES"},{"$f":"INDEX('CPU - PROJETO'!$D:$D,MATCH($C124,'CPU - PROJETO'!$B:$B,0))","v":"H"},{"$f":"INDEX('CPU - PROJETO'!T:T,MATCH(A124,'CPU - PROJETO'!W:W,0))","v":32.836179999999999},{"$f":"TRUNC(IF(INDEX('CPU - PROJETO'!$H:$H,MATCH($C124,'CPU - PROJETO'!$B:$B,0))=0,INDEX('CPU - PROJETO'!$I:$I,MATCH($C124,'CPU - PROJETO'!$B:$B,0)),INDEX('CPU - PROJETO'!$H:$H,MATCH($C124,'CPU - PROJETO'!$B:$B,0))),2)","v":25.38},{"$f":"$I$5","v":0.22720000000000001},31.14,1022.51,1.4716615241828406E-3,null,null,"SERVIÇOS"]
["1.7.2.1 88316",null,88316,"SINAPI",{"$f":"INDEX('CPU - PROJETO'!$C:$C,MATCH($C125,'CPU - PROJETO'!$B:$B,0))","v":"SERVENTE COM ENCARGOS COMPLEMENTARES"},{"$f":"INDEX('CPU - PROJETO'!$D:$D,MATCH($C125,'CPU - PROJETO'!$B:$B,0))","v":"H"},{"$f":"INDEX('CPU - PROJETO'!T:T,MATCH(A125,'CPU - PROJETO'!W:W,0))","v":16.422000000000001},{"$f":"TRUNC(IF(INDEX('CPU - PROJETO'!$H:$H,MATCH($C125,'CPU - PROJETO'!$B:$B,0))=0,INDEX('CPU - PROJETO'!$I:$I,MATCH($C125,'CPU - PROJETO'!$B:$B,0)),INDEX('CPU - PROJETO'!$H:$H,MATCH($C125,'CPU - PROJETO'!$B:$B,0))),2)","v":20.420000000000002},0.22720000000000001,25.05,411.37,5.9206990758339296E-4,null,null,"SERVIÇOS"]
["1.7.2.2","1.7.2.2",103330,"SINAPI",{"$f":"INDEX('CPU - PROJETO'!$C:$C,MATCH($C126,'CPU - PROJETO'!$B:$B,0))","v":"ALVENARIA DE VEDAÇÃO DE BLOCOS CERÂMICOS FURADOS NA HORIZONTAL DE 11,5X19X19 CM (ESPESSURA 11,5 CM) E ARGAMASSA DE ASSENTAMENTO COM PREPARO EM BETONEIRA. AF_12/2021"},{"$f":"INDEX('CPU - PROJETO'!$D:$D,MATCH($C126,'CPU - PROJETO'!$B:$B,0))","v":"M2"},{"$f":"INDEX(MEMÓRIA!L:L,MATCH($A126,MEMÓRIA!A:A,0))","v":16.18},{"$nulls":5},"1635-DEP-2812-10-25-201-R04",null," "]
["1.7.2.2 34558",null,34558,"SINAPI",{"$f":"INDEX('CPU - PROJETO'!$C:$C,MATCH($C127,'CPU - PROJETO'!$B:$B,0))","v":"TELA DE ACO SOLDADA GALVANIZADA/ZINCADA PARA ALVENARIA, FIO D = *1,20 A 1,70* MM, MALHA 15 X 15 MM, (C X L) *50 X 10,5* CM"},{"$f":"INDEX('CPU - PROJETO'!$D:$D,MATCH($C127,'CPU - PROJETO'!$B:$B,0))","v":"M"},{"$f":"INDEX('CPU - PROJETO'!T:T,MATCH(A127,'CPU - PROJETO'!W:W,0))","v":6.7955999999999994},{"$f":"TRUNC(IF(INDEX('CPU - PROJETO'!$H:$H,MATCH($C127,'CPU - PROJETO'!$B:$B,0))=0,INDEX('CPU - PROJETO'!$I:$I,MATCH($C127,'CPU - PROJETO'!$B:$B,0)),INDEX('CPU - PROJETO'!$H:$H,MATCH($C127,'CPU - PROJETO'!$B:$B,0))),2)","v":3.86},{"$f":"$I$6","v":0.13519999999999999},{"$f":"TRUNC(H127*(1+I127),2)","v":4.38},{"$f":"TRUNC(G127*J127,2)","v":29.76},4.2832487662400701E-5,null,null,"MATERIAL"]
["1.7.2.2 37395",null,37395,"SINAPI",{"$f":"INDEX('CPU - PROJETO'!$C:$C,MATCH($C128,'CPU - PROJETO'!$B:$B,0))","v":"PINO DE ACO COM FURO, HASTE = 27 MM (ACAO DIRETA)"},{"$f":"INDEX('CPU - PROJETO'!$D:$D,MATCH($C128,'CPU - PROJETO'!$B:$B,0))","v":"CENTO"},{"$f":"INDEX('CPU - PROJETO'!T:T,MATCH(A128,'CPU - PROJETO'!W:W,0))","v":0.1618},{"$f":"TRUNC(IF(INDEX('CPU - PROJETO'!$H:$H,MATCH($C128,'CPU - PROJETO'!$B:$B,0))=0,INDEX('CPU - PROJETO'!$I:$I,MATCH($C128,'CPU - PROJETO'!$B:$B,0)),INDEX('CPU - PROJETO'!$H:$H,MATCH($C128,'CPU - PROJETO'!$B:$B,0))),2)","v":41.52},{"$f":"$I$6","v":0.13519999999999999},47.13,7.62,1.0967189381300179E-5,null,null,"MATERIAL"]
["1.7.2.2 38783",null,38783,"SINAPI",{"$f":"INDEX('CPU - PROJETO'!$C:$C,MATCH($C129,'CPU - PROJETO'!$B:$B,0))","v":"BLOCO CERAMICO / TIJOLO VAZADO PARA ALVENARIA DE VEDACAO, FUROS NA HORIZONTAL, 11,5 X 19 X 19 CM (NBR 15270)"},{"$f":"INDEX('CPU - PROJETO'!$D:$D,MATCH($C129,'CPU - PROJETO'!$B:$B,0))","v":"UN"},{"$f":"INDEX('CPU - PROJETO'!T:T,MATCH(A129,'CPU - PROJETO'!W:W,0))","v":458.05579999999998},{"$f":"TRUNC(IF(INDEX('CPU - PROJETO'!$H:$H,MATCH($C129,'CPU - PROJETO'!$B:$B,0))=0,INDEX('CPU - PROJETO'!$I:$I,MATCH($C129,'CPU - PROJETO'!$B:$B,0)),INDEX('CPU - PROJETO'!$H:$H,MATCH($C129,'CPU - PROJETO'!$B:$B,0))),2)","v":0.67},{"$f":"$I$6","v":0.13519999999999999},0.76,348.12,5.0103647866380819E-4,null,null,"MATERIAL"]
["1.7.2.2 87292",null,87292,"SINAPI",{"$f":"INDEX('CPU - PROJETO'!$C:$C,MATCH($C130,'CPU - PROJETO'!$B:$B,0))","v":"ARGAMASSA TRAÇO 1:2:8 (EM VOLUME DE CIMENTO, CAL E AREIA MÉDIA ÚMIDA) PARA EMBOÇO/MASSA ÚNICA/ASSENTAMENTO DE ALVENARIA DE VEDAÇÃO, PREPARO MECÂNICO COM BETONEIRA 400 L. AF_08/2019"},{"$f":"INDEX('CPU - PROJETO'!$D:$D,MATCH($C130,'CPU - PROJETO'!$B:$B,0))","v":"M3"},{"$f":"INDEX('CPU - PROJETO'!T:T,MATCH(A130,'CPU - PROJETO'!W:W,0))","v":0.15856399999999998},{"$nulls":7}," "]
["1.7.2.2 370",null,370,"SINAPI",{"$f":"INDEX('CPU - PROJ.AUX'!$P:$P,MATCH($A131,'CPU - PROJ.AUX'!$W:$W,0))","v":"AREIA MEDIA - POSTO JAZIDA/FORNECEDOR (RETIRADO NA JAZIDA, SEM TRANSPORTE)"},{"$f":"INDEX('CPU - PROJ.AUX'!$R:$R,MATCH($A131,'CPU - PROJ.AUX'!$W:$W,0))","v":"M3"},{"$f":"INDEX('CPU - PROJ.AUX'!T:T,MATCH(A131,'CPU - PROJ.AUX'!W:W,0))*$G$126","v":0.18393424},{"$f":"TRUNC(IF(INDEX('CPU - PROJ.AUX'!$H:$H,MATCH($A131,'CPU - PROJ.AUX'!$W:$W,0))=0,INDEX('CPU - PROJ.AUX'!$I:$I,MATCH($A131,'CPU - PROJ.AUX'!$W:$W,0)),INDEX('CPU - PROJ.AUX'!$H:$H,MATCH($A131,'CPU - PROJ.AUX'!$W:$W,0))),2)","v":129},{"$f":"$I$6","v":0.13519999999999999},146.44,26.93,3.8759371396117297E-5,null,null,"MATERIAL"]
["1.7.2.2 1106",null,1106,"SINAPI",{"$f":"INDEX('CPU - PROJ.AUX'!$P:$P,MATCH($A132,'CPU - PROJ.AUX'!$W:$W,0))","v":"CAL HIDRATADA CH-I PARA ARGAMASSAS"},{"$f":"INDEX('CPU - PROJ.AUX'!$R:$R,MATCH($A132,'CPU - PROJ.AUX'!$W:$W,0))","v":"KG"},{"$f":"INDEX('CPU - PROJ.AUX'!T:T,MATCH(A132,'CPU - PROJ.AUX'!W:W,0))*$G$126","v":27.605992399999998},{"$f":"TRUNC(IF(INDEX('CPU - PROJ.AUX'!$H:$H,MATCH($A132,'CPU - PROJ.AUX'!$W:$W,0))=0,INDEX('CPU - PROJ.AUX'!$I:$I,MATCH($A132,'CPU - PROJ.AUX'!$W:$W,0)),INDEX('CPU - PROJ.AUX'!$H:$H,MATCH($A132,'CPU - PROJ.AUX'!$W:$W,0))),2)","v":1.4},{"$f":"$I$6","v":0.13519999999999999},1.58,43.61,6.2766289884317683E-5,null,null,"MATERIAL"]
["1.7.2.2 1379",null,1379,"SINAPI",{"$f":"INDEX('CPU - PROJ.AUX'!$P:$P,MATCH($A133,'CPU - PROJ.AUX'!$W:$W,0))","v":"CIMENTO PORTLAND COMPOSTO CP II-32"},{"$f":"INDEX('CPU - PROJ.AUX'!$R:$R,MATCH($A133,'CPU - PROJ.AUX'!$W:$W,0))","v":"KG"},{"$f":"INDEX('CPU - PROJ.AUX'!T:T,MATCH(A133,'CPU - PROJ.AUX'!W:W,0))*$G$126","v":31.05634504},{"$f":"TRUNC(IF(INDEX('CPU - PROJ.AUX'!$H:$H,MATCH($A133,'CPU - PROJ.AUX'!$W:$W,0))=0,INDEX('CPU - PROJ.AUX'!$I:$I,MATCH($A133,'CPU - PROJ.AUX'!$W:$W,0)),INDEX('CPU - PROJ.AUX'!$H:$H,MATCH($A133,'CPU - PROJ.AUX'!$W:$W,0))),2)","v":0.7},{"$f":"$I$6","v":0.13519999999999999},0.79,24.53,3.530513852011724E-5,null,null,"MATERIAL"]
["1.7.2.2 88377",null,88377,"SINAPI",{"$f":"INDEX('CPU - PROJ.AUX'!$P:$P,MATCH($A134,'CPU - PROJ.AUX'!$W:$W,0))","v":"OPERADOR DE BETONEIRA ESTACIONÁRIA/MISTURADOR COM ENCARGOS COMPLEMENTARES"},{"$f":"INDEX('CPU - PROJ.AUX'!$R:$R,MATCH($A134,'CPU - PROJ.AUX'!$W:$W,0))","v":"H"},{"$f":"INDEX('CPU - PROJ.AUX'!T:T,MATCH(A134,'CPU - PROJ.AUX'!W:W,0))*$G$126","v":0.71353800000000001},{"$f":"TRUNC(IF(INDEX('CPU - PROJ.AUX'!$H:$H,MATCH($A134,'CPU - PROJ.AUX'!$W:$W,0))=0,INDEX('CPU - PROJ.AUX'!$I:$I,MATCH($A134,'CPU - PROJ.AUX'!$W:$W,0)),INDEX('CPU - PROJ.AUX'!$H:$H,MATCH($A134,'CPU - PROJ.AUX'!$W:$W,0))),2)","v":28.14},0.22720000000000001,34.53,24.63,3.5449064889950576E-5,null,null,"SERVIÇOS"]
["1.7.2.2 88830",null,88830,"SINAPI",{"$f":"INDEX('CPU - PROJ.AUX'!$P:$P,MATCH($A135,'CPU - PROJ.AUX'!$W:$W,0))","v":"BETONEIRA CAPACIDADE NOMINAL DE 400 L, CAPACIDADE DE MISTURA 280 L, MOTOR ELÉTRICO TRIFÁSICO POTÊNCIA DE 2 CV, SEM CARREGADOR - CHP DIURNO. AF_10/2014"},{"$f":"INDEX('CPU - PROJ.AUX'!$R:$R,MATCH($A135,'CPU - PROJ.AUX'!$W:$W,0))","v":"CHP"},{"$f":"INDEX('CPU - PROJ.AUX'!T:T,MATCH(A135,'CPU - PROJ.AUX'!W:W,0))*$G$126","v":0.16649220000000001},{"$f":"TRUNC(IF(INDEX('CPU - PROJ.AUX'!$H:$H,MATCH($A135,'CPU - PROJ.AUX'!$W:$W,0))=0,INDEX('CPU - PROJ.AUX'!$I:$I,MATCH($A135,'CPU - PROJ.AUX'!$W:$W,0)),INDEX('CPU - PROJ.AUX'!$H:$H,MATCH($A135,'CPU - PROJ.AUX'!$W:$W,0))),2)","v":1.88},0.22720000000000001,2.2999999999999998,0.38,5.4692020536667562E-7,null,null,"SERVIÇOS"]
["1.7.2.2 88831",null,88831,"SINAPI",{"$f":"INDEX('CPU - PROJ.AUX'!$P:$P,MATCH($A136,'CPU - PROJ.AUX'!$W:$W,0))","v":"BETONEIRA CAPACIDADE NOMINAL DE 400 L, CAPACIDADE DE MISTURA 280 L, MOTOR ELÉTRICO TRIFÁSICO POTÊNCIA DE 2 CV, SEM CARREGADOR - CHI DIURNO. AF_10/2014"},{"$f":"INDEX('CPU - PROJ.AUX'!$R:$R,MATCH($A136,'CPU - PROJ.AUX'!$W:$W,0))","v":"CHI"},{"$f":"INDEX('CPU - PROJ.AUX'!T:T,MATCH(A136,'CPU - PROJ.AUX'!W:W,0))*$G$126","v":0.54704580000000003},{"$f":"TRUNC(IF(INDEX('CPU - PROJ.AUX'!$H:$H,MATCH($A136,'CPU - PROJ.AUX'!$W:$W,0))=0,INDEX('CPU - PROJ.AUX'!$I:$I,MATCH($A136,'CPU - PROJ.AUX'!$W:$W,0)),INDEX('CPU - PROJ.AUX'!$H:$H,MATCH($A136,'CPU - PROJ.AUX'!$W:$W,0))),2)","v":0.39},0.22720000000000001,0.47,0.25,3.5981592458333919E-7,null,null,"SERVIÇOS"]
["1.7.2.2 88309",null,88309,"SINAPI",{"$f":"INDEX('CPU - PROJETO'!$C:$C,MATCH($C137,'CPU - PROJETO'!$B:$B,0))","v":"PEDREIRO COM ENCARGOS COMPLEMENTARES"},{"$f":"INDEX('CPU - PROJETO'!$D:$D,MATCH($C137,'CPU - PROJETO'!$B:$B,0))","v":"H"},{"$f":"INDEX('CPU - PROJETO'!T:T,MATCH(A137,'CPU - PROJETO'!W:W,0))","v":19.416},{"$f":"TRUNC(IF(INDEX('CPU - PROJETO'!$H:$H,MATCH($C137,'CPU - PROJETO'!$B:$B,0))=0,INDEX('CPU - PROJETO'!$I:$I,MATCH($C137,'CPU - PROJETO'!$B:$B,0)),INDEX('CPU - PROJETO'!$H:$H,MATCH($C137,'CPU - PROJETO'!$B:$B,0))),2)","v":25.38},0.22720000000000001,31.14,604.61,8.7019322464933083E-4,null,null,"SERVIÇOS"]
["1.7.2.2 88316",null,88316,"SINAPI",{"$f":"INDEX('CPU - PROJETO'!$C:$C,MATCH($C138,'CPU - PROJETO'!$B:$B,0))","v":"SERVENTE COM ENCARGOS COMPLEMENTARES"},{"$f":"INDEX('CPU - PROJETO'!$D:$D,MATCH($C138,'CPU - PROJETO'!$B:$B,0))","v":"H"},{"$f":"INDEX('CPU - PROJETO'!T:T,MATCH(A138,'CPU - PROJETO'!W:W,0))","v":9.7080000000000002},{"$f":"TRUNC(IF(INDEX('CPU - PROJETO'!$H:$H,MATCH($C138,'CPU - PROJETO'!$B:$B,0))=0,INDEX('CPU - PROJETO'!$I:$I,MATCH($C138,'CPU - PROJETO'!$B:$B,0)),INDEX('CPU - PROJETO'!$H:$H,MATCH($C138,'CPU - PROJETO'!$B:$B,0))),2)","v":20.420000000000002},0.22720000000000001,25.05,243.18,3.5000014616070571E-4,null,null,{"$f":"IF(I138=$I$6,\"MATERIAL\",IF(I138=$I$5,\"SERVIÇOS\",\" \"))","v":"SERVIÇOS"}]
["1.7.2.3","1.7.2.3",93186,"SINAPI",{"$f":"INDEX('CPU - PROJETO'!$C:$C,MATCH($C139,'CPU - PROJETO'!$B:$B,0))","v":"VERGA MOLDADA IN LOCO EM CONCRETO PARA JANELAS COM ATÉ 1,5 M DE VÃO. AF_03/2016"},{"$f":"INDEX('CPU - PROJETO'!$D:$D,MATCH($C139,'CPU - PROJETO'!$B:$B,0))","v":"M"},{"$f":"INDEX(MEMÓRIA!L:L,MATCH($A139,MEMÓRIA!A:A,0))","v":2},{"$nulls":7}," "]
["1.7.2.3 2692",null,2692,"SINAPI",{"$f":"INDEX('CPU - PROJETO'!$C:$C,MATCH($C140,'CPU - PROJETO'!$B:$B,0))","v":"DESMOLDANTE PROTETOR PARA FORMAS DE MADEIRA, DE BASE OLEOSA EMULSIONADA EM AGUA"},{"$f":"INDEX('CPU - PROJETO'!$D:$D,MATCH($C140,'CPU - PROJETO'!$B:$B,0))","v":"L"},{"$f":"INDEX('CPU - PROJETO'!T:T,MATCH(A140,'CPU - PROJETO'!W:W,0))","v":1.2E-2},{"$f":"TRUNC(IF(INDEX('CPU - PROJETO'!$H:$H,MATCH($C140,'CPU - PROJETO'!$B:$B,0))=0,INDEX('CPU - PROJETO'!$I:$I,MATCH($C140,'CPU - PROJETO'!$B:$B,0)),INDEX('CPU - PROJETO'!$H:$H,MATCH($C140,'CPU - PROJETO'!$B:$B,0))),2)","v":7.5},{"$f":"$I$6","v":0.13519999999999999},8.51,0.1,1.4392636983333569E-7,null,null,"MATERIAL"]
["1.7.2.3 4491",null,4491,"SINAPI",{"$f":"INDEX('CPU - PROJETO'!$C:$C,MATCH($C141,'CPU - PROJETO'!$B:$B,0))","v":"PECA DE MADEIRA NATIVA / REGIONAL 7,5 X 7,5CM (3X3) NAO APARELHADA (P/FORMA)"},{"$f":"INDEX('CPU - PROJETO'!$D:$D,MATCH($C141,'CPU - PROJETO'!$B:$B,0))","v":"M"},{"$f":"INDEX('CPU - PROJETO'!T:T,MATCH(A141,'CPU - PROJETO'!W:W,0))","v":0.70399999999999996},{"$f":"TRUNC(IF(INDEX('CPU - PROJETO'!$H:$H,MATCH($C141,'CPU - PROJETO'!$B:$B,0))=0,INDEX('CPU - PROJETO'!$I:$I,MATCH($C141,'CPU - PROJETO'!$B:$B,0)),INDEX('CPU - PROJETO'!$H:$H,MATCH($C141,'CPU - PROJETO'!$B:$B,0))),2)","v":10.050000000000001},{"$f":"$I$6","v":0.13519999999999999},11.4,8.02,1.1542894860633521E-5,null,null,"MATERIAL"]
["1.7.2.3 39017",null,39017,"SINAPI",{"$f":"INDEX('CPU - PROJETO'!$C:$C,MATCH($C142,'CPU - PROJETO'!$B:$B,0))","v":"ESPACADOR / DISTANCIADOR CIRCULAR COM ENTRADA LATERAL, EM PLASTICO, PARA VERGALHAO *4,2 A 12,5* MM, COBRIMENTO 20 MM"},{"$f":"INDEX('CPU - PROJETO'!$D:$D,MATCH($C142,'CPU - PROJETO'!$B:$B,0))","v":"UN"},{"$f":"INDEX('CPU - PROJETO'!T:T,MATCH(A142,'CPU - PROJETO'!W:W,0))","v":12},{"$f":"TRUNC(IF(INDEX('CPU - PROJETO'!$H:$H,MATCH($C142,'CPU - PROJETO'!$B:$B,0))=0,INDEX('CPU - PROJETO'!$I:$I,MATCH($C142,'CPU - PROJETO'!$B:$B,0)),INDEX('CPU - PROJETO'!$H:$H,MATCH($C142,'CPU - PROJETO'!$B:$B,0))),2)","v":0.18},{"$f":"$I$6","v":0.13519999999999999},{"$f":"TRUNC(H142*(1+I142),2)","v":0.2},{"$f":"TRUNC(G142*J142,2)","v":2.4},3.454232876000056E-6,null,null,"MATERIAL"]
["1.7.2.3 88309",null,88309,"SINAPI",{"$f":"INDEX('CPU - PROJETO'!$C:$C,MATCH($C143,'CPU - PROJETO'!$B:$B,0))","v":"PEDREIRO COM ENCARGOS COMPLEMENTARES"},{"$f":"INDEX('CPU - PROJETO'!$D:$D,MATCH($C143,'CPU - PROJETO'!$B:$B,0))","v":"H"},{"$f":"INDEX('CPU - PROJETO'!T:T,MATCH(A143,'CPU - PROJETO'!W:W,0))","v":0.752},{"$f":"TRUNC(IF(INDEX('CPU - PROJETO'!$H:$H,MATCH($C143,'CPU - PROJETO'!$B:$B,0))=0,INDEX('CPU - PROJETO'!$I:$I,MATCH($C143,'CPU - PROJETO'!$B:$B,0)),INDEX('CPU - PROJETO'!$H:$H,MATCH($C143,'CPU - PROJETO'!$B:$B,0))),2)","v":25.38},0.22720000000000001,{"$f":"TRUNC(H143*(1+I143),2)","v":31.14},{"$f":"TRUNC(G143*J143,2)","v":23.41},3.3693163177983879E-5,null,null,"SERVIÇOS"]
["1.7.2.3 88316",null,88316,"SINAPI",{"$f":"INDEX('CPU - PROJETO'!$C:$C,MATCH($C144,'CPU - PROJETO'!$B:$B,0))","v":"SERVENTE COM ENCARGOS COMPLEMENTARES"},{"$f":"INDEX('CPU - PROJETO'!$D:$D,MATCH($C144,'CPU - PROJETO'!$B:$B,0))","v":"H"},{"$f":"INDEX('CPU - PROJETO'!T:T,MATCH(A144,'CPU - PROJETO'!W:W,0))","v":0.376},{"$f":"TRUNC(IF(INDEX('CPU - PROJETO'!$H:$H,MATCH($C144,'CPU - PROJETO'!$B:$B,0))=0,INDEX('CPU - PROJETO'!$I:$I,MATCH($C144,'CPU - PROJETO'!$B:$B,0)),INDEX('CPU - PROJETO'!$H:$H,MATCH($C144,'CPU - PROJETO'!$B:$B,0))),2)","v":20.420000000000002},0.22720000000000001,25.05,9.41,1.3543471401316888E-5,null,null,"SERVIÇOS"]
["1.7.2.3 92270",null,92270,"SINAPI",{"$f":"INDEX('CPU - PROJETO'!$C:$C,MATCH($C145,'CPU - PROJETO'!$B:$B,0))","v":"FABRICAÇÃO DE FÔRMA PARA VIGAS, COM MADEIRA SERRADA, E = 25 MM. AF_09/2020"},{"$f":"INDEX('CPU - PROJETO'!$D:$D,MATCH($C145,'CPU - PROJETO'!$B:$B,0))","v":"M2"},{"$f":"INDEX('CPU - PROJETO'!T:T,MATCH(A145,'CPU - PROJETO'!W:W,0))","v":0.7},{"$nulls":7}," "]
["1.7.2.3 4517",null,4517,"SINAPI",{"$f":"INDEX('CPU - PROJ.AUX'!$P:$P,MATCH($A146,'CPU - PROJ.AUX'!$W:$W,0))","v":"SARRAFO DE MADEIRA NAO APARELHADA *2,5 X 7,5* CM (1 X 3 \") PINUS, MISTA OU EQUIVALENTE DA REGIAO"},{"$f":"INDEX('CPU - PROJ.AUX'!$R:$R,MATCH($A146,'CPU - PROJ.AUX'!$W:$W,0))","v":"M"},{"$f":"INDEX('CPU - PROJ.AUX'!T:T,MATCH(A146,'CPU - PROJ.AUX'!W:W,0))*$G$139","v":2.9595999999999996},{"$f":"TRUNC(IF(INDEX('CPU - PROJ.AUX'!$H:$H,MATCH($A146,'CPU - PROJ.AUX'!$W:$W,0))=0,INDEX('CPU - PROJ.AUX'!$I:$I,MATCH($A146,'CPU - PROJ.AUX'!$W:$W,0)),INDEX('CPU - PROJ.AUX'!$H:$H,MATCH($A146,'CPU - PROJ.AUX'!$W:$W,0))),2)","v":3.52},{"$f":"$I$6","v":0.13519999999999999},3.99,11.8,{"$f":"K146/$K$550","v":1.6983311640333612E-5},null,null,"MATERIAL"]
["1.7.2.3 5068",null,5068,"SINAPI",{"$f":"INDEX('CPU - PROJ.AUX'!$P:$P,MATCH($A147,'CPU - PROJ.AUX'!$W:$W,0))","v":"PREGO DE ACO POLIDO COM CABECA 17 X 21 (2 X 11)"},{"$f":"INDEX('CPU - PROJ.AUX'!$R:$R,MATCH($A147,'CPU - PROJ.AUX'!$W:$W,0))","v":"KG"},{"$f":"INDEX('CPU - PROJ.AUX'!T:T,MATCH(A147,'CPU - PROJ.AUX'!W:W,0))*$G$139","v":8.9599999999999999E-2},{"$f":"TRUNC(IF(INDEX('CPU - PROJ.AUX'!$H:$H,MATCH($A147,'CPU - PROJ.AUX'!$W:$W,0))=0,INDEX('CPU - PROJ.AUX'!$I:$I,MATCH($A147,'CPU - PROJ.AUX'!$W:$W,0)),INDEX('CPU - PROJ.AUX'!$H:$H,MATCH($A147,'CPU - PROJ.AUX'!$W:$W,0))),2)","v":22.38},{"$f":"$I$6","v":0.13519999999999999},{"$f":"TRUNC(H147*(1+I147),2)","v":25.4},{"$f":"TRUNC(G147*J147,2)","v":2.27},3.2671285952167198E-6,null,null,"MATERIAL"]
["1.7.2.3 6189",null,6189,"SINAPI",{"$f":"INDEX('CPU - PROJ.AUX'!$P:$P,MATCH($A148,'CPU - PROJ.AUX'!$W:$W,0))","v":"TABUA DE MADEIRA NAO APARELHADA *2,5 X 30* CM, CEDRINHO OU EQUIVALENTE DA REGIAO"},{"$f":"INDEX('CPU - PROJ.AUX'!$R:$R,MATCH($A148,'CPU - PROJ.AUX'!$W:$W,0))","v":"M"},{"$f":"INDEX('CPU - PROJ.AUX'!T:T,MATCH(A148,'CPU - PROJ.AUX'!W:W,0))*$G$139","v":3.1135999999999999},{"$f":"TRUNC(IF(INDEX('CPU - PROJ.AUX'!$H:$H,MATCH($A148,'CPU - PROJ.AUX'!$W:$W,0))=0,INDEX('CPU - PROJ.AUX'!$I:$I,MATCH($A148,'CPU - PROJ.AUX'!$W:$W,0)),INDEX('CPU - PROJ.AUX'!$H:$H,MATCH($A148,'CPU - PROJ.AUX'!$W:$W,0))),2)","v":31.97},{"$f":"$I$6","v":0.13519999999999999},36.29,112.99,1.6262240527468598E-4,null,null,"MATERIAL"]
["1.7.2.3 88239",null,88239,"SINAPI",{"$f":"INDEX('CPU - PROJ.AUX'!$P:$P,MATCH($A149,'CPU - PROJ.AUX'!$W:$W,0))","v":"AJUDANTE DE CARPINTEIRO COM ENCARGOS COMPLEMENTARES"},{"$f":"INDEX('CPU - PROJ.AUX'!$R:$R,MATCH($A149,'CPU - PROJ.AUX'!$W:$W,0))","v":"H"},{"$f":"INDEX('CPU - PROJ.AUX'!T:T,MATCH(A149,'CPU - PROJ.AUX'!W:W,0))*$G$139","v":0.12529999999999999},{"$f":"TRUNC(IF(INDEX('CPU - PROJ.AUX'!$H:$H,MATCH($A149,'CPU - PROJ.AUX'!$W:$W,0))=0,INDEX('CPU - PROJ.AUX'!$I:$I,MATCH($A149,'CPU - PROJ.AUX'!$W:$W,0)),INDEX('CPU - PROJ.AUX'!$H:$H,MATCH($A149,'CPU - PROJ.AUX'!$W:$W,0))),2)","v":20.27},0.22720000000000001,24.87,3.11,4.4761101018167392E-6,null,null,"SERVIÇOS"]
["1.7.2.3 88262",null,88262,"SINAPI",{"$f":"INDEX('CPU - PROJ.AUX'!$P:$P,MATCH($A150,'CPU - PROJ.AUX'!$W:$W,0))","v":"CARPINTEIRO DE FORMAS COM ENCARGOS COMPLEMENTARES"},{"$f":"INDEX('CPU - PROJ.AUX'!$R:$R,MATCH($A150,'CPU - PROJ.AUX'!$W:$W,0))","v":"H"},{"$f":"INDEX('CPU - PROJ.AUX'!T:T,MATCH(A150,'CPU - PROJ.AUX'!W:W,0))*$G$139","v":0.5544},{"$f":"TRUNC(IF(INDEX('CPU - PROJ.AUX'!$H:$H,MATCH($A150,'CPU - PROJ.AUX'!$W:$W,0))=0,INDEX('CPU - PROJ.AUX'!$I:$I,MATCH($A150,'CPU - PROJ.AUX'!$W:$W,0)),INDEX('CPU - PROJ.AUX'!$H:$H,MATCH($A150,'CPU - PROJ.AUX'!$W:$W,0))),2)","v":25},0.22720000000000001,30.68,17,2.4467482871667064E-5,null,null,"SERVIÇOS"]
["1.7.2.3 91692",null,91692,"SINAPI",{"$f":"INDEX('CPU - PROJ.AUX'!$P:$P,MATCH($A151,'CPU - PROJ.AUX'!$W:$W,0))","v":"SERRA CIRCULAR DE BANCADA COM MOTOR ELÉTRICO POTÊNCIA DE 5HP, COM COIFA PARA DISCO 10\" - CHP DIURNO. AF_08/2015"},{"$f":"INDEX('CPU - PROJ.AUX'!$R:$R,MATCH($A151,'CPU - PROJ.AUX'!$W:$W,0))","v":"CHP"},{"$f":"INDEX('CPU - PROJ.AUX'!T:T,MATCH(A151,'CPU - PROJ.AUX'!W:W,0))*$G$139","v":3.9199999999999999E-2},{"$f":"TRUNC(IF(INDEX('CPU - PROJ.AUX'!$H:$H,MATCH($A151,'CPU - PROJ.AUX'!$W:$W,0))=0,INDEX('CPU - PROJ.AUX'!$I:$I,MATCH($A151,'CPU - PROJ.AUX'!$W:$W,0)),INDEX('CPU - PROJ.AUX'!$H:$H,MATCH($A151,'CPU - PROJ.AUX'!$W:$W,0))),2)","v":34.299999999999997},0.22720000000000001,42.09,1.64,2.3603924652667048E-6,null,null,"SERVIÇOS"]
["1.7.2.3 91693",null,91693,"SINAPI",{"$f":"INDEX('CPU - PROJ.AUX'!$P:$P,MATCH($A152,'CPU - PROJ.AUX'!$W:$W,0))","v":"SERRA CIRCULAR DE BANCADA COM MOTOR ELÉTRICO POTÊNCIA DE 5HP, COM COIFA PARA DISCO 10\" - CHI DIURNO. AF_08/2015"},{"$f":"INDEX('CPU - PROJ.AUX'!$R:$R,MATCH($A152,'CPU - PROJ.AUX'!$W:$W,0))","v":"CHI"},{"$f":"INDEX('CPU - PROJ.AUX'!T:T,MATCH(A152,'CPU - PROJ.AUX'!W:W,0))*$G$139","v":0.15679999999999999},{"$f":"TRUNC(IF(INDEX('CPU - PROJ.AUX'!$H:$H,MATCH($A152,'CPU - PROJ.AUX'!$W:$W,0))=0,INDEX('CPU - PROJ.AUX'!$I:$I,MATCH($A152,'CPU - PROJ.AUX'!$W:$W,0)),INDEX('CPU - PROJ.AUX'!$H:$H,MATCH($A152,'CPU - PROJ.AUX'!$W:$W,0))),2)","v":33.049999999999997},0.22720000000000001,40.549999999999997,6.35,9.1393244844168141E-6,null,null,"SERVIÇOS"]
["1.7.2.3 92801",null,92801,"SINAPI",{"$f":"INDEX('CPU - PROJETO'!$C:$C,MATCH($C153,'CPU - PROJETO'!$B:$B,0))","v":"CORTE E DOBRA DE AÇO CA-50, DIÂMETRO DE 6,3 MM. AF_06/2022 "},{"$f":"INDEX('CPU - PROJETO'!$D:$D,MATCH($C153,'CPU - PROJETO'!$B:$B,0))","v":"KG"},{"$f":"INDEX('CPU - PROJETO'!T:T,MATCH(A153,'CPU - PROJETO'!W:W,0))","v":0.98},{"$nulls":7}," "]
["1.7.2.3 32",null,32,"SINAPI",{"$f":"INDEX('CPU - PROJ.AUX'!$P:$P,MATCH($A154,'CPU - PROJ.AUX'!$W:$W,0))","v":"ACO CA-50, 6,3 MM, VERGALHAO"},{"$f":"INDEX('CPU - PROJ.AUX'!$R:$R,MATCH($A154,'CPU - PROJ.AUX'!$W:$W,0))","v":"KG"},{"$f":"INDEX('CPU - PROJ.AUX'!T:T,MATCH(A154,'CPU - PROJ.AUX'!W:W,0))*$G$139","v":1.0486},{"$f":"TRUNC(IF(INDEX('CPU - PROJ.AUX'!$H:$H,MATCH($A154,'CPU - PROJ.AUX'!$W:$W,0))=0,INDEX('CPU - PROJ.AUX'!$I:$I,MATCH($A154,'CPU - PROJ.AUX'!$W:$W,0)),INDEX('CPU - PROJ.AUX'!$H:$H,MATCH($A154,'CPU - PROJ.AUX'!$W:$W,0))),2)","v":12.01},{"$f":"$I$6","v":0.13519999999999999},{"$f":"TRUNC(H154*(1+I154),2)","v":13.63},{"$f":"TRUNC(G154*J154,2)","v":14.29},2.0567078249183667E-5,null,null,"MATERIAL"]
["1.7.2.3 88238",null,88238,"SINAPI",{"$f":"INDEX('CPU - PROJ.AUX'!$P:$P,MATCH($A155,'CPU - PROJ.AUX'!$W:$W,0))","v":"AJUDANTE DE ARMADOR COM ENCARGOS COMPLEMENTARES"},{"$f":"INDEX('CPU - PROJ.AUX'!$R:$R,MATCH($A155,'CPU - PROJ.AUX'!$W:$W,0))","v":"H"},{"$f":"INDEX('CPU - PROJ.AUX'!T:T,MATCH(A155,'CPU - PROJ.AUX'!W:W,0))*$G$139","v":4.9979999999999998E-3},{"$f":"TRUNC(IF(INDEX('CPU - PROJ.AUX'!$H:$H,MATCH($A155,'CPU - PROJ.AUX'!$W:$W,0))=0,INDEX('CPU - PROJ.AUX'!$I:$I,MATCH($A155,'CPU - PROJ.AUX'!$W:$W,0)),INDEX('CPU - PROJ.AUX'!$H:$H,MATCH($A155,'CPU - PROJ.AUX'!$W:$W,0))),2)","v":20.43},0.22720000000000001,25.07,0.12,1.7271164380000281E-7,null,null,"SERVIÇOS"]
["1.7.2.3 88245",null,88245,"SINAPI",{"$f":"INDEX('CPU - PROJ.AUX'!$P:$P,MATCH($A156,'CPU - PROJ.AUX'!$W:$W,0))","v":"ARMADOR COM ENCARGOS COMPLEMENTARES"},{"$f":"INDEX('CPU - PROJ.AUX'!$R:$R,MATCH($A156,'CPU - PROJ.AUX'!$W:$W,0))","v":"H"},{"$f":"INDEX('CPU - PROJ.AUX'!T:T,MATCH(A156,'CPU - PROJ.AUX'!W:W,0))*$G$139","v":3.0380000000000001E-2},{"$f":"TRUNC(IF(INDEX('CPU - PROJ.AUX'!$H:$H,MATCH($A156,'CPU - PROJ.AUX'!$W:$W,0))=0,INDEX('CPU - PROJ.AUX'!$I:$I,MATCH($A156,'CPU - PROJ.AUX'!$W:$W,0)),INDEX('CPU - PROJ.AUX'!$H:$H,MATCH($A156,'CPU - PROJ.AUX'!$W:$W,0))),2)","v":25.18},0.22720000000000001,30.9,0.93,1.3385152394500219E-6,null,null,"SERVIÇOS"]
["1.7.2.3 94970",null,94970,"SINAPI",{"$f":"INDEX('CPU - PROJETO'!$C:$C,MATCH($C157,'CPU - PROJETO'!$B:$B,0))","v":"CONCRETO FCK = 20MPA, TRAÇO 1:2,7:3 (CIMENTO/ AREIA MÉDIA/ BRITA 1)  - PREPARO MECÂNICO COM BETONEIRA 600 L. AF_07/2016"},{"$f":"INDEX('CPU - PROJETO'!$D:$D,MATCH($C157,'CPU - PROJETO'!$B:$B,0))","v":"M3"},{"$f":"INDEX('CPU - PROJETO'!T:T,MATCH(A157,'CPU - PROJETO'!W:W,0))","v":3.5999999999999997E-2},{"$nulls":7}," "]
["1.7.2.3 370",null,370,"SINAPI",{"$f":"INDEX('CPU - PROJ.AUX'!$P:$P,MATCH($A158,'CPU - PROJ.AUX'!$W:$W,0))","v":"AREIA MEDIA - POSTO JAZIDA/FORNECEDOR (RETIRADO NA JAZIDA, SEM TRANSPORTE)"},{"$f":"INDEX('CPU - PROJ.AUX'!$R:$R,MATCH($A158,'CPU - PROJ.AUX'!$W:$W,0))","v":"M3"},{"$f":"INDEX('CPU - PROJ.AUX'!T:T,MATCH(A158,'CPU - PROJ.AUX'!W:W,0))*$G$139","v":2.7392399999999997E-2},{"$f":"TRUNC(IF(INDEX('CPU - PROJ.AUX'!$H:$H,MATCH($A158,'CPU - PROJ.AUX'!$W:$W,0))=0,INDEX('CPU - PROJ.AUX'!$I:$I,MATCH($A158,'CPU - PROJ.AUX'!$W:$W,0)),INDEX('CPU - PROJ.AUX'!$H:$H,MATCH($A158,'CPU - PROJ.AUX'!$W:$W,0))),2)","v":129},{"$f":"$I$6","v":0.13519999999999999},{"$f":"TRUNC(H158*(1+I158),2)","v":146.44},{"$f":"TRUNC(G158*J158,2)","v":4.01},5.7714474303167605E-6,null,null,"MATERIAL"]
["1.7.2.3 1379",null,1379,"SINAPI",{"$f":"INDEX('CPU - PROJ.AUX'!$P:$P,MATCH($A159,'CPU - PROJ.AUX'!$W:$W,0))","v":"CIMENTO PORTLAND COMPOSTO CP II-32"},{"$f":"INDEX('CPU - PROJ.AUX'!$R:$R,MATCH($A159,'CPU - PROJ.AUX'!$W:$W,0))","v":"KG"},{"$f":"INDEX('CPU - PROJ.AUX'!T:T,MATCH(A159,'CPU - PROJ.AUX'!W:W,0))*$G$139","v":11.705720400000001},{"$f":"TRUNC(IF(INDEX('CPU - PROJ.AUX'!$H:$H,MATCH($A159,'CPU - PROJ.AUX'!$W:$W,0))=0,INDEX('CPU - PROJ.AUX'!$I:$I,MATCH($A159,'CPU - PROJ.AUX'!$W:$W,0)),INDEX('CPU - PROJ.AUX'!$H:$H,MATCH($A159,'CPU - PROJ.AUX'!$W:$W,0))),2)","v":0.7},{"$f":"$I$6","v":0.13519999999999999},0.79,9.24,1.3298796572600216E-5,null,null,"MATERIAL"]
["1.7.2.3 4721",null,4721,"SINAPI",{"$f":"INDEX('CPU - PROJ.AUX'!$P:$P,MATCH($A160,'CPU - PROJ.AUX'!$W:$W,0))","v":"PEDRA BRITADA N. 1 (9,5 a 19 MM) POSTO PEDREIRA/FORNECEDOR, SEM FRETE"},{"$f":"INDEX('CPU - PROJ.AUX'!$R:$R,MATCH($A160,'CPU - PROJ.AUX'!$W:$W,0))","v":"M3"},{"$f":"INDEX('CPU - PROJ.AUX'!T:T,MATCH(A160,'CPU - PROJ.AUX'!W:W,0))*$G$139","v":2.1283199999999995E-2},{"$f":"TRUNC(IF(INDEX('CPU - PROJ.AUX'!$H:$H,MATCH($A160,'CPU - PROJ.AUX'!$W:$W,0))=0,INDEX('CPU - PROJ.AUX'!$I:$I,MATCH($A160,'CPU - PROJ.AUX'!$W:$W,0)),INDEX('CPU - PROJ.AUX'!$H:$H,MATCH($A160,'CPU - PROJ.AUX'!$W:$W,0))),2)","v":89},{"$f":"$I$6","v":0.13519999999999999},101.03,2.15,3.0944169514167171E-6,null,null,"MATERIAL"]
["1.7.2.3 88316",null,88316,"SINAPI",{"$f":"INDEX('CPU - PROJ.AUX'!$P:$P,MATCH($A161,'CPU - PROJ.AUX'!$W:$W,0))","v":"SERVENTE COM ENCARGOS COMPLEMENTARES"},{"$f":"INDEX('CPU - PROJ.AUX'!$R:$R,MATCH($A161,'CPU - PROJ.AUX'!$W:$W,0))","v":"H"},{"$f":"INDEX('CPU - PROJ.AUX'!T:T,MATCH(A161,'CPU - PROJ.AUX'!W:W,0))*$G$139","v":7.296119999999999E-2},{"$f":"TRUNC(IF(INDEX('CPU - PROJ.AUX'!$H:$H,MATCH($A161,'CPU - PROJ.AUX'!$W:$W,0))=0,INDEX('CPU - PROJ.AUX'!$I:$I,MATCH($A161,'CPU - PROJ.AUX'!$W:$W,0)),INDEX('CPU - PROJ.AUX'!$H:$H,MATCH($A161,'CPU - PROJ.AUX'!$W:$W,0))),2)","v":20.420000000000002},0.22720000000000001,25.05,1.82,2.6194599309667092E-6,null,null,"SERVIÇOS"]
["1.7.2.3 88377",null,88377,"SINAPI",{"$f":"INDEX('CPU - PROJ.AUX'!$P:$P,MATCH($A162,'CPU - PROJ.AUX'!$W:$W,0))","v":"OPERADOR DE BETONEIRA ESTACIONÁRIA/MISTURADOR COM ENCARGOS COMPLEMENTARES"},{"$f":"INDEX('CPU - PROJ.AUX'!$R:$R,MATCH($A162,'CPU - PROJ.AUX'!$W:$W,0))","v":"H"},{"$f":"INDEX('CPU - PROJ.AUX'!T:T,MATCH(A162,'CPU - PROJ.AUX'!W:W,0))*$G$139","v":4.5964799999999993E-2},{"$f":"TRUNC(IF(INDEX('CPU - PROJ.AUX'!$H:$H,MATCH($A162,'CPU - PROJ.AUX'!$W:$W,0))=0,INDEX('CPU - PROJ.AUX'!$I:$I,MATCH($A162,'CPU - PROJ.AUX'!$W:$W,0)),INDEX('CPU - PROJ.AUX'!$H:$H,MATCH($A162,'CPU - PROJ.AUX'!$W:$W,0))),2)","v":28.14},0.22720000000000001,34.53,1.58,2.2740366433667036E-6,null,null,"SERVIÇOS"]
["1.7.2.3 89225",null,89225,"SINAPI",{"$f":"INDEX('CPU - PROJ.AUX'!$P:$P,MATCH($A163,'CPU - PROJ.AUX'!$W:$W,0))","v":"BETONEIRA CAPACIDADE NOMINAL DE 600 L, CAPACIDADE DE MISTURA 360 L, MOTOR ELÉTRICO TRIFÁSICO POTÊNCIA DE 4 CV, SEM CARREGADOR - CHP DIURNO. AF_11/2014"},{"$f":"INDEX('CPU - PROJ.AUX'!$R:$R,MATCH($A163,'CPU - PROJ.AUX'!$W:$W,0))","v":"CHP"},{"$f":"INDEX('CPU - PROJ.AUX'!T:T,MATCH(A163,'CPU - PROJ.AUX'!W:W,0))*$G$139","v":2.3659199999999998E-2},{"$f":"TRUNC(IF(INDEX('CPU - PROJ.AUX'!$H:$H,MATCH($A163,'CPU - PROJ.AUX'!$W:$W,0))=0,INDEX('CPU - PROJ.AUX'!$I:$I,MATCH($A163,'CPU - PROJ.AUX'!$W:$W,0)),INDEX('CPU - PROJ.AUX'!$H:$H,MATCH($A163,'CPU - PROJ.AUX'!$W:$W,0))),2)","v":5.41},0.22720000000000001,6.63,0.15,2.158895547500035E-7,null,null,"SERVIÇOS"]
["1.7.2.3 89226",null,89226,"SINAPI",{"$f":"INDEX('CPU - PROJ.AUX'!$P:$P,MATCH($A164,'CPU - PROJ.AUX'!$W:$W,0))","v":"BETONEIRA CAPACIDADE NOMINAL DE 600 L, CAPACIDADE DE MISTURA 360 L, MOTOR ELÉTRICO TRIFÁSICO POTÊNCIA DE 4 CV, SEM CARREGADOR - CHI DIURNO. AF_11/2014"},{"$f":"INDEX('CPU - PROJ.AUX'!$R:$R,MATCH($A164,'CPU - PROJ.AUX'!$W:$W,0))","v":"CHI"},{"$f":"INDEX('CPU - PROJ.AUX'!T:T,MATCH(A164,'CPU - PROJ.AUX'!W:W,0))*$G$139","v":2.2309199999999998E-2},{"$f":"TRUNC(IF(INDEX('CPU - PROJ.AUX'!$H:$H,MATCH($A164,'CPU - PROJ.AUX'!$W:$W,0))=0,INDEX('CPU - PROJ.AUX'!$I:$I,MATCH($A164,'CPU - PROJ.AUX'!$W:$W,0)),INDEX('CPU - PROJ.AUX'!$H:$H,MATCH($A164,'CPU - PROJ.AUX'!$W:$W,0))),2)","v":1.62},0.22720000000000001,1.98,0.04,5.7570547933334273E-8,null,null,"SERVIÇOS"]
["1.7.2.4","1.7.2.4",93187,"SINAPI",{"$f":"INDEX('CPU - PROJETO'!$C:$C,MATCH($C165,'CPU - PROJETO'!$B:$B,0))","v":"VERGA MOLDADA IN LOCO EM CONCRETO PARA JANELAS COM MAIS DE 1,5 M DE VÃO. AF_03/2016"},{"$f":"INDEX('CPU - PROJETO'!$D:$D,MATCH($C165,'CPU - PROJETO'!$B:$B,0))","v":"M"},{"$f":"INDEX(MEMÓRIA!L:L,MATCH($A165,MEMÓRIA!A:A,0))","v":5},{"$nulls":7}," "]
["1.7.2.4 2692",null,2692,"SINAPI",{"$f":"INDEX('CPU - PROJETO'!$C:$C,MATCH($C166,'CPU - PROJETO'!$B:$B,0))","v":"DESMOLDANTE PROTETOR PARA FORMAS DE MADEIRA, DE BASE OLEOSA EMULSIONADA EM AGUA"},{"$f":"INDEX('CPU - PROJETO'!$D:$D,MATCH($C166,'CPU - PROJETO'!$B:$B,0))","v":"L"},{"$f":"INDEX('CPU - PROJETO'!T:T,MATCH(A166,'CPU - PROJETO'!W:W,0))","v":3.5000000000000003E-2},{"$f":"TRUNC(IF(INDEX('CPU - PROJETO'!$H:$H,MATCH($C166,'CPU - PROJETO'!$B:$B,0))=0,INDEX('CPU - PROJETO'!$I:$I,MATCH($C166,'CPU - PROJETO'!$B:$B,0)),INDEX('CPU - PROJETO'!$H:$H,MATCH($C166,'CPU - PROJETO'!$B:$B,0))),2)","v":7.5},{"$f":"$I$6","v":0.13519999999999999},{"$f":"TRUNC(H166*(1+I166),2)","v":8.51},{"$f":"TRUNC(G166*J166,2)","v":0.28999999999999998},4.1738647251667344E-7,null,null,"MATERIAL"]
["1.7.2.4 4491",null,4491,"SINAPI",{"$f":"INDEX('CPU - PROJETO'!$C:$C,MATCH($C167,'CPU - PROJETO'!$B:$B,0))","v":"PECA DE MADEIRA NATIVA / REGIONAL 7,5 X 7,5CM (3X3) NAO APARELHADA (P/FORMA)"},{"$f":"INDEX('CPU - PROJETO'!$D:$D,MATCH($C167,'CPU - PROJETO'!$B:$B,0))","v":"M"},{"$f":"INDEX('CPU - PROJETO'!T:T,MATCH(A167,'CPU - PROJETO'!W:W,0))","v":1.1000000000000001},{"$f":"TRUNC(IF(INDEX('CPU - PROJETO'!$H:$H,MATCH($C167,'CPU - PROJETO'!$B:$B,0))=0,INDEX('CPU - PROJETO'!$I:$I,MATCH($C167,'CPU - PROJETO'!$B:$B,0)),INDEX('CPU - PROJETO'!$H:$H,MATCH($C167,'CPU - PROJETO'!$B:$B,0))),2)","v":10.050000000000001},{"$f":"$I$6","v":0.13519999999999999},11.4,12.54,1.8048366777100293E-5,null,null,"MATERIAL"]
["1.7.2.4 39017",null,39017,"SINAPI",{"$f":"INDEX('CPU - PROJETO'!$C:$C,MATCH($C168,'CPU - PROJETO'!$B:$B,0))","v":"ESPACADOR / DISTANCIADOR CIRCULAR COM ENTRADA LATERAL, EM PLASTICO, PARA VERGALHAO *4,2 A 12,5* MM, COBRIMENTO 20 MM"},{"$f":"INDEX('CPU - PROJETO'!$D:$D,MATCH($C168,'CPU - PROJETO'!$B:$B,0))","v":"UN"},{"$f":"INDEX('CPU - PROJETO'!T:T,MATCH(A168,'CPU - PROJETO'!W:W,0))","v":30},{"$f":"TRUNC(IF(INDEX('CPU - PROJETO'!$H:$H,MATCH($C168,'CPU - PROJETO'!$B:$B,0))=0,INDEX('CPU - PROJETO'!$I:$I,MATCH($C168,'CPU - PROJETO'!$B:$B,0)),INDEX('CPU - PROJETO'!$H:$H,MATCH($C168,'CPU - PROJETO'!$B:$B,0))),2)","v":0.18},{"$f":"$I$6","v":0.13519999999999999},0.2,6,8.6355821900001405E-6,null,null,"MATERIAL"]
["1.7.2.4 88309",null,88309,"SINAPI",{"$f":"INDEX('CPU - PROJETO'!$C:$C,MATCH($C169,'CPU - PROJETO'!$B:$B,0))","v":"PEDREIRO COM ENCARGOS COMPLEMENTARES"},{"$f":"INDEX('CPU - PROJETO'!$D:$D,MATCH($C169,'CPU - PROJETO'!$B:$B,0))","v":"H"},{"$f":"INDEX('CPU - PROJETO'!T:T,MATCH(A169,'CPU - PROJETO'!W:W,0))","v":1.7999999999999998},{"$f":"TRUNC(IF(INDEX('CPU - PROJETO'!$H:$H,MATCH($C169,'CPU - PROJETO'!$B:$B,0))=0,INDEX('CPU - PROJETO'!$I:$I,MATCH($C169,'CPU - PROJETO'!$B:$B,0)),INDEX('CPU - PROJETO'!$H:$H,MATCH($C169,'CPU - PROJETO'!$B:$B,0))),2)","v":25.38},0.22720000000000001,{"$f":"TRUNC(H169*(1+I169),2)","v":31.14},{"$f":"TRUNC(G169*J169,2)","v":56.05},8.0670730291584636E-5,null,null,"SERVIÇOS"]
["1.7.2.4 88316",null,88316,"SINAPI",{"$f":"INDEX('CPU - PROJETO'!$C:$C,MATCH($C170,'CPU - PROJETO'!$B:$B,0))","v":"SERVENTE COM ENCARGOS COMPLEMENTARES"},{"$f":"INDEX('CPU - PROJETO'!$D:$D,MATCH($C170,'CPU - PROJETO'!$B:$B,0))","v":"H"},{"$f":"INDEX('CPU - PROJETO'!T:T,MATCH(A170,'CPU - PROJETO'!W:W,0))","v":0.89999999999999991},{"$f":"TRUNC(IF(INDEX('CPU - PROJETO'!$H:$H,MATCH($C170,'CPU - PROJETO'!$B:$B,0))=0,INDEX('CPU - PROJETO'!$I:$I,MATCH($C170,'CPU - PROJETO'!$B:$B,0)),INDEX('CPU - PROJETO'!$H:$H,MATCH($C170,'CPU - PROJETO'!$B:$B,0))),2)","v":20.420000000000002},0.22720000000000001,25.05,22.54,3.2441003760433862E-5,null,null,"SERVIÇOS"]
["1.7.2.4 92270",null,92270,"SINAPI",{"$f":"INDEX('CPU - PROJETO'!$C:$C,MATCH($C171,'CPU - PROJETO'!$B:$B,0))","v":"FABRICAÇÃO DE FÔRMA PARA VIGAS, COM MADEIRA SERRADA, E = 25 MM. AF_09/2020"},{"$f":"INDEX('CPU - PROJETO'!$D:$D,MATCH($C171,'CPU - PROJETO'!$B:$B,0))","v":"M2"},{"$f":"INDEX('CPU - PROJETO'!T:T,MATCH(A171,'CPU - PROJETO'!W:W,0))","v":2},{"$nulls":7}," "]
["1.7.2.4 4517",null,4517,"SINAPI",{"$f":"INDEX('CPU - PROJ.AUX'!$P:$P,MATCH($A172,'CPU - PROJ.AUX'!$W:$W,0))","v":"SARRAFO DE MADEIRA NAO APARELHADA *2,5 X 7,5* CM (1 X 3 \") PINUS, MISTA OU EQUIVALENTE DA REGIAO"},{"$f":"INDEX('CPU - PROJ.AUX'!$R:$R,MATCH($A172,'CPU - PROJ.AUX'!$W:$W,0))","v":"M"},{"$f":"INDEX('CPU - PROJ.AUX'!T:T,MATCH(A172,'CPU - PROJ.AUX'!W:W,0))*$G$165","v":8.4559999999999995},{"$f":"TRUNC(IF(INDEX('CPU - PROJ.AUX'!$H:$H,MATCH($A172,'CPU - PROJ.AUX'!$W:$W,0))=0,INDEX('CPU - PROJ.AUX'!$I:$I,MATCH($A172,'CPU - PROJ.AUX'!$W:$W,0)),INDEX('CPU - PROJ.AUX'!$H:$H,MATCH($A172,'CPU - PROJ.AUX'!$W:$W,0))),2)","v":3.52},{"$f":"$I$6","v":0.13519999999999999},3.99,33.729999999999997,4.8546364544784115E-5,null,null,"MATERIAL"]
["1.7.2.4 5068",null,5068,"SINAPI",{"$f":"INDEX('CPU - PROJ.AUX'!$P:$P,MATCH($A173,'CPU - PROJ.AUX'!$W:$W,0))","v":"PREGO DE ACO POLIDO COM CABECA 17 X 21 (2 X 11)"},{"$f":"INDEX('CPU - PROJ.AUX'!$R:$R,MATCH($A173,'CPU - PROJ.AUX'!$W:$W,0))","v":"KG"},{"$f":"INDEX('CPU - PROJ.AUX'!T:T,MATCH(A173,'CPU - PROJ.AUX'!W:W,0))*$G$165","v":0.25600000000000001},{"$f":"TRUNC(IF(INDEX('CPU - PROJ.AUX'!$H:$H,MATCH($A173,'CPU - PROJ.AUX'!$W:$W,0))=0,INDEX('CPU - PROJ.AUX'!$I:$I,MATCH($A173,'CPU - PROJ.AUX'!$W:$W,0)),INDEX('CPU - PROJ.AUX'!$H:$H,MATCH($A173,'CPU - PROJ.AUX'!$W:$W,0))),2)","v":22.38},{"$f":"$I$6","v":0.13519999999999999},{"$f":"TRUNC(H173*(1+I173),2)","v":25.4},{"$f":"TRUNC(G173*J173,2)","v":6.5},9.3552140391668185E-6,null,null,"MATERIAL"]
["1.7.2.4 6189",null,6189,"SINAPI",{"$f":"INDEX('CPU - PROJ.AUX'!$P:$P,MATCH($A174,'CPU - PROJ.AUX'!$W:$W,0))","v":"TABUA DE MADEIRA NAO APARELHADA *2,5 X 30* CM, CEDRINHO OU EQUIVALENTE DA REGIAO"},{"$f":"INDEX('CPU - PROJ.AUX'!$R:$R,MATCH($A174,'CPU - PROJ.AUX'!$W:$W,0))","v":"M"},{"$f":"INDEX('CPU - PROJ.AUX'!T:T,MATCH(A174,'CPU - PROJ.AUX'!W:W,0))*$G$165","v":8.8960000000000008},{"$f":"TRUNC(IF(INDEX('CPU - PROJ.AUX'!$H:$H,MATCH($A174,'CPU - PROJ.AUX'!$W:$W,0))=0,INDEX('CPU - PROJ.AUX'!$I:$I,MATCH($A174,'CPU - PROJ.AUX'!$W:$W,0)),INDEX('CPU - PROJ.AUX'!$H:$H,MATCH($A174,'CPU - PROJ.AUX'!$W:$W,0))),2)","v":31.97},{"$f":"$I$6","v":0.13519999999999999},36.29,322.83,4.6463749973295755E-4,null,null,"MATERIAL"]
["1.7.2.4 88239",null,88239,"SINAPI",{"$f":"INDEX('CPU - PROJ.AUX'!$P:$P,MATCH($A175,'CPU - PROJ.AUX'!$W:$W,0))","v":"AJUDANTE DE CARPINTEIRO COM ENCARGOS COMPLEMENTARES"},{"$f":"INDEX('CPU - PROJ.AUX'!$R:$R,MATCH($A175,'CPU - PROJ.AUX'!$W:$W,0))","v":"H"},{"$f":"INDEX('CPU - PROJ.AUX'!T:T,MATCH(A175,'CPU - PROJ.AUX'!W:W,0))*$G$165","v":0.35799999999999998},{"$f":"TRUNC(IF(INDEX('CPU - PROJ.AUX'!$H:$H,MATCH($A175,'CPU - PROJ.AUX'!$W:$W,0))=0,INDEX('CPU - PROJ.AUX'!$I:$I,MATCH($A175,'CPU - PROJ.AUX'!$W:$W,0)),INDEX('CPU - PROJ.AUX'!$H:$H,MATCH($A175,'CPU - PROJ.AUX'!$W:$W,0))),2)","v":20.27},0.22720000000000001,24.87,8.9,1.2809446915166875E-5,null,null,"SERVIÇOS"]
["1.7.2.4 88262",null,88262,"SINAPI",{"$f":"INDEX('CPU - PROJ.AUX'!$P:$P,MATCH($A176,'CPU - PROJ.AUX'!$W:$W,0))","v":"CARPINTEIRO DE FORMAS COM ENCARGOS COMPLEMENTARES"},{"$f":"INDEX('CPU - PROJ.AUX'!$R:$R,MATCH($A176,'CPU - PROJ.AUX'!$W:$W,0))","v":"H"},{"$f":"INDEX('CPU - PROJ.AUX'!T:T,MATCH(A176,'CPU - PROJ.AUX'!W:W,0))*$G$165","v":1.5840000000000001},{"$f":"TRUNC(IF(INDEX('CPU - PROJ.AUX'!$H:$H,MATCH($A176,'CPU - PROJ.AUX'!$W:$W,0))=0,INDEX('CPU - PROJ.AUX'!$I:$I,MATCH($A176,'CPU - PROJ.AUX'!$W:$W,0)),INDEX('CPU - PROJ.AUX'!$H:$H,MATCH($A176,'CPU - PROJ.AUX'!$W:$W,0))),2)","v":25},0.22720000000000001,30.68,48.59,6.9933823102017814E-5,null,null,"SERVIÇOS"]
["1.7.2.4 91692",null,91692,"SINAPI",{"$f":"INDEX('CPU - PROJ.AUX'!$P:$P,MATCH($A177,'CPU - PROJ.AUX'!$W:$W,0))","v":"SERRA CIRCULAR DE BANCADA COM MOTOR ELÉTRICO POTÊNCIA DE 5HP, COM COIFA PARA DISCO 10\" - CHP DIURNO. AF_08/2015"},{"$f":"INDEX('CPU - PROJ.AUX'!$R:$R,MATCH($A177,'CPU - PROJ.AUX'!$W:$W,0))","v":"CHP"},{"$f":"INDEX('CPU - PROJ.AUX'!T:T,MATCH(A177,'CPU - PROJ.AUX'!W:W,0))*$G$165","v":0.11200000000000002},{"$f":"TRUNC(IF(INDEX('CPU - PROJ.AUX'!$H:$H,MATCH($A177,'CPU - PROJ.AUX'!$W:$W,0))=0,INDEX('CPU - PROJ.AUX'!$I:$I,MATCH($A177,'CPU - PROJ.AUX'!$W:$W,0)),INDEX('CPU - PROJ.AUX'!$H:$H,MATCH($A177,'CPU - PROJ.AUX'!$W:$W,0))),2)","v":34.299999999999997},0.22720000000000001,42.09,4.71,6.7789320191501101E-6,null,null,"SERVIÇOS"]
["1.7.2.4 91693",null,91693,"SINAPI",{"$f":"INDEX('CPU - PROJ.AUX'!$P:$P,MATCH($A178,'CPU - PROJ.AUX'!$W:$W,0))","v":"SERRA CIRCULAR DE BANCADA COM MOTOR ELÉTRICO POTÊNCIA DE 5HP, COM COIFA PARA DISCO 10\" - CHI DIURNO. AF_08/2015"},{"$f":"INDEX('CPU - PROJ.AUX'!$R:$R,MATCH($A178,'CPU - PROJ.AUX'!$W:$W,0))","v":"CHI"},{"$f":"INDEX('CPU - PROJ.AUX'!T:T,MATCH(A178,'CPU - PROJ.AUX'!W:W,0))*$G$165","v":0.44800000000000006},{"$f":"TRUNC(IF(INDEX('CPU - PROJ.AUX'!$H:$H,MATCH($A178,'CPU - PROJ.AUX'!$W:$W,0))=0,INDEX('CPU - PROJ.AUX'!$I:$I,MATCH($A178,'CPU - PROJ.AUX'!$W:$W,0)),INDEX('CPU - PROJ.AUX'!$H:$H,MATCH($A178,'CPU - PROJ.AUX'!$W:$W,0))),2)","v":33.049999999999997},0.22720000000000001,40.549999999999997,18.16,{"$f":"K178/$K$550","v":2.6137028761733759E-5},null,null,"SERVIÇOS"]
["1.7.2.4 92802",null,92802,"SINAPI",{"$f":"INDEX('CPU - PROJETO'!$C:$C,MATCH($C179,'CPU - PROJETO'!$B:$B,0))","v":"CORTE E DOBRA DE AÇO CA-50, DIÂMETRO DE 8,0 MM. AF_06/2022"},{"$f":"INDEX('CPU - PROJETO'!$D:$D,MATCH($C179,'CPU - PROJETO'!$B:$B,0))","v":"KG"},{"$f":"INDEX('CPU - PROJETO'!T:T,MATCH(A179,'CPU - PROJETO'!W:W,0))","v":3.95},{"$nulls":7}," "]
["1.7.2.4 33",null,33,"SINAPI",{"$f":"INDEX('CPU - PROJ.AUX'!$P:$P,MATCH($A180,'CPU - PROJ.AUX'!$W:$W,0))","v":"ACO CA-50, 8,0 MM, VERGALHAO"},{"$f":"INDEX('CPU - PROJ.AUX'!$R:$R,MATCH($A180,'CPU - PROJ.AUX'!$W:$W,0))","v":"KG"},{"$f":"INDEX('CPU - PROJ.AUX'!T:T,MATCH(A180,'CPU - PROJ.AUX'!W:W,0))*$G$165","v":4.384500000000001},{"$f":"TRUNC(IF(INDEX('CPU - PROJ.AUX'!$H:$H,MATCH($A180,'CPU - PROJ.AUX'!$W:$W,0))=0,INDEX('CPU - PROJ.AUX'!$I:$I,MATCH($A180,'CPU - PROJ.AUX'!$W:$W,0)),INDEX('CPU - PROJ.AUX'!$H:$H,MATCH($A180,'CPU - PROJ.AUX'!$W:$W,0))),2)","v":12.08},{"$f":"$I$6","v":0.13519999999999999},13.71,60.11,8.6514140906818079E-5,null,null,"MATERIAL"]
["1.7.2.4 88238",null,88238,"SINAPI",{"$f":"INDEX('CPU - PROJ.AUX'!$P:$P,MATCH($A181,'CPU - PROJ.AUX'!$W:$W,0))","v":"AJUDANTE DE ARMADOR COM ENCARGOS COMPLEMENTARES"},{"$f":"INDEX('CPU - PROJ.AUX'!$R:$R,MATCH($A181,'CPU - PROJ.AUX'!$W:$W,0))","v":"H"},{"$f":"INDEX('CPU - PROJ.AUX'!T:T,MATCH(A181,'CPU - PROJ.AUX'!W:W,0))*$G$165","v":1.027E-2},{"$f":"TRUNC(IF(INDEX('CPU - PROJ.AUX'!$H:$H,MATCH($A181,'CPU - PROJ.AUX'!$W:$W,0))=0,INDEX('CPU - PROJ.AUX'!$I:$I,MATCH($A181,'CPU - PROJ.AUX'!$W:$W,0)),INDEX('CPU - PROJ.AUX'!$H:$H,MATCH($A181,'CPU - PROJ.AUX'!$W:$W,0))),2)","v":20.43},0.22720000000000001,25.07,0.25,3.5981592458333919E-7,null,null,"SERVIÇOS"]
["1.7.2.4 88245",null,88245,"SINAPI",{"$f":"INDEX('CPU - PROJ.AUX'!$P:$P,MATCH($A182,'CPU - PROJ.AUX'!$W:$W,0))","v":"ARMADOR COM ENCARGOS COMPLEMENTARES"},{"$f":"INDEX('CPU - PROJ.AUX'!$R:$R,MATCH($A182,'CPU - PROJ.AUX'!$W:$W,0))","v":"H"},{"$f":"INDEX('CPU - PROJ.AUX'!T:T,MATCH(A182,'CPU - PROJ.AUX'!W:W,0))*$G$165","v":6.3990000000000005E-2},{"$f":"TRUNC(IF(INDEX('CPU - PROJ.AUX'!$H:$H,MATCH($A182,'CPU - PROJ.AUX'!$W:$W,0))=0,INDEX('CPU - PROJ.AUX'!$I:$I,MATCH($A182,'CPU - PROJ.AUX'!$W:$W,0)),INDEX('CPU - PROJ.AUX'!$H:$H,MATCH($A182,'CPU - PROJ.AUX'!$W:$W,0))),2)","v":25.18},0.22720000000000001,30.9,1.97,2.8353494857167127E-6,null,null,"SERVIÇOS"]
["1.7.2.4 94970",null,94970,"SINAPI",{"$f":"INDEX('CPU - PROJETO'!$C:$C,MATCH($C183,'CPU - PROJETO'!$B:$B,0))","v":"CONCRETO FCK = 20MPA, TRAÇO 1:2,7:3 (CIMENTO/ AREIA MÉDIA/ BRITA 1)  - PREPARO MECÂNICO COM BETONEIRA 600 L. AF_07/2016"},{"$f":"INDEX('CPU - PROJETO'!$D:$D,MATCH($C183,'CPU - PROJETO'!$B:$B,0))","v":"M3"},{"$f":"INDEX('CPU - PROJETO'!T:T,MATCH(A183,'CPU - PROJETO'!W:W,0))","v":0.12},{"$nulls":7}," "]
["1.7.2.4 370",null,370,"SINAPI",{"$f":"INDEX('CPU - PROJ.AUX'!$P:$P,MATCH($A184,'CPU - PROJ.AUX'!$W:$W,0))","v":"AREIA MEDIA - POSTO JAZIDA/FORNECEDOR (RETIRADO NA JAZIDA, SEM TRANSPORTE)"},{"$f":"INDEX('CPU - PROJ.AUX'!$R:$R,MATCH($A184,'CPU - PROJ.AUX'!$W:$W,0))","v":"M3"},{"$f":"INDEX('CPU - PROJ.AUX'!T:T,MATCH(A184,'CPU - PROJ.AUX'!W:W,0))*$G$165","v":9.1308E-2},{"$f":"TRUNC(IF(INDEX('CPU - PROJ.AUX'!$H:$H,MATCH($A184,'CPU - PROJ.AUX'!$W:$W,0))=0,INDEX('CPU - PROJ.AUX'!$I:$I,MATCH($A184,'CPU - PROJ.AUX'!$W:$W,0)),INDEX('CPU - PROJ.AUX'!$H:$H,MATCH($A184,'CPU - PROJ.AUX'!$W:$W,0))),2)","v":129},{"$f":"$I$6","v":0.13519999999999999},146.44,13.37,1.9242955646716979E-5,null,null,"MATERIAL"]
["1.7.2.4 1379",null,1379,"SINAPI",{"$f":"INDEX('CPU - PROJ.AUX'!$P:$P,MATCH($A185,'CPU - PROJ.AUX'!$W:$W,0))","v":"CIMENTO PORTLAND COMPOSTO CP II-32"},{"$f":"INDEX('CPU - PROJ.AUX'!$R:$R,MATCH($A185,'CPU - PROJ.AUX'!$W:$W,0))","v":"KG"},{"$f":"INDEX('CPU - PROJ.AUX'!T:T,MATCH(A185,'CPU - PROJ.AUX'!W:W,0))*$G$165","v":39.019068000000004},{"$f":"TRUNC(IF(INDEX('CPU - PROJ.AUX'!$H:$H,MATCH($A185,'CPU - PROJ.AUX'!$W:$W,0))=0,INDEX('CPU - PROJ.AUX'!$I:$I,MATCH($A185,'CPU - PROJ.AUX'!$W:$W,0)),INDEX('CPU - PROJ.AUX'!$H:$H,MATCH($A185,'CPU - PROJ.AUX'!$W:$W,0))),2)","v":0.7},{"$f":"$I$6","v":0.13519999999999999},0.79,30.82,4.4358107182634056E-5,null,null,"MATERIAL"]
["1.7.2.4 4721",null,4721,"SINAPI",{"$f":"INDEX('CPU - PROJ.AUX'!$P:$P,MATCH($A186,'CPU - PROJ.AUX'!$W:$W,0))","v":"PEDRA BRITADA N. 1 (9,5 a 19 MM) POSTO PEDREIRA/FORNECEDOR, SEM FRETE"},{"$f":"INDEX('CPU - PROJ.AUX'!$R:$R,MATCH($A186,'CPU - PROJ.AUX'!$W:$W,0))","v":"M3"},{"$f":"INDEX('CPU - PROJ.AUX'!T:T,MATCH(A186,'CPU - PROJ.AUX'!W:W,0))*$G$165","v":7.0943999999999993E-2},{"$f":"TRUNC(IF(INDEX('CPU - PROJ.AUX'!$H:$H,MATCH($A186,'CPU - PROJ.AUX'!$W:$W,0))=0,INDEX('CPU - PROJ.AUX'!$I:$I,MATCH($A186,'CPU - PROJ.AUX'!$W:$W,0)),INDEX('CPU - PROJ.AUX'!$H:$H,MATCH($A186,'CPU - PROJ.AUX'!$W:$W,0))),2)","v":89},{"$f":"$I$6","v":0.13519999999999999},101.03,7.16,1.0305128080066835E-5,null,null,"MATERIAL"]
["1.7.2.4 88316",null,88316,"SINAPI",{"$f":"INDEX('CPU - PROJ.AUX'!$P:$P,MATCH($A187,'CPU - PROJ.AUX'!$W:$W,0))","v":"SERVENTE COM ENCARGOS COMPLEMENTARES"},{"$f":"INDEX('CPU - PROJ.AUX'!$R:$R,MATCH($A187,'CPU - PROJ.AUX'!$W:$W,0))","v":"H"},{"$f":"INDEX('CPU - PROJ.AUX'!T:T,MATCH(A187,'CPU - PROJ.AUX'!W:W,0))*$G$165","v":0.24320399999999998},{"$f":"TRUNC(IF(INDEX('CPU - PROJ.AUX'!$H:$H,MATCH($A187,'CPU - PROJ.AUX'!$W:$W,0))=0,INDEX('CPU - PROJ.AUX'!$I:$I,MATCH($A187,'CPU - PROJ.AUX'!$W:$W,0)),INDEX('CPU - PROJ.AUX'!$H:$H,MATCH($A187,'CPU - PROJ.AUX'!$W:$W,0))),2)","v":20.420000000000002},0.22720000000000001,25.05,6.09,8.7651159228501425E-6,null,null,"SERVIÇOS"]
["1.7.2.4 88377",null,88377,"SINAPI",{"$f":"INDEX('CPU - PROJ.AUX'!$P:$P,MATCH($A188,'CPU - PROJ.AUX'!$W:$W,0))","v":"OPERADOR DE BETONEIRA ESTACIONÁRIA/MISTURADOR COM ENCARGOS COMPLEMENTARES"},{"$f":"INDEX('CPU - PROJ.AUX'!$R:$R,MATCH($A188,'CPU - PROJ.AUX'!$W:$W,0))","v":"H"},{"$f":"INDEX('CPU - PROJ.AUX'!T:T,MATCH(A188,'CPU - PROJ.AUX'!W:W,0))*$G$165","v":0.15321599999999999},{"$f":"TRUNC(IF(INDEX('CPU - PROJ.AUX'!$H:$H,MATCH($A188,'CPU - PROJ.AUX'!$W:$W,0))=0,INDEX('CPU - PROJ.AUX'!$I:$I,MATCH($A188,'CPU - PROJ.AUX'!$W:$W,0)),INDEX('CPU - PROJ.AUX'!$H:$H,MATCH($A188,'CPU - PROJ.AUX'!$W:$W,0))),2)","v":28.14},0.22720000000000001,34.53,5.29,7.6137049641834574E-6,null,null,"SERVIÇOS"]
["1.7.2.4 89225",null,89225,"SINAPI",{"$f":"INDEX('CPU - PROJ.AUX'!$P:$P,MATCH($A189,'CPU - PROJ.AUX'!$W:$W,0))","v":"BETONEIRA CAPACIDADE NOMINAL DE 600 L, CAPACIDADE DE MISTURA 360 L, MOTOR ELÉTRICO TRIFÁSICO POTÊNCIA DE 4 CV, SEM CARREGADOR - CHP DIURNO. AF_11/2014"},{"$f":"INDEX('CPU - PROJ.AUX'!$R:$R,MATCH($A189,'CPU - PROJ.AUX'!$W:$W,0))","v":"CHP"},{"$f":"INDEX('CPU - PROJ.AUX'!T:T,MATCH(A189,'CPU - PROJ.AUX'!W:W,0))*$G$165","v":7.8864000000000004E-2},{"$f":"TRUNC(IF(INDEX('CPU - PROJ.AUX'!$H:$H,MATCH($A189,'CPU - PROJ.AUX'!$W:$W,0))=0,INDEX('CPU - PROJ.AUX'!$I:$I,MATCH($A189,'CPU - PROJ.AUX'!$W:$W,0)),INDEX('CPU - PROJ.AUX'!$H:$H,MATCH($A189,'CPU - PROJ.AUX'!$W:$W,0))),2)","v":5.41},0.22720000000000001,6.63,0.52,7.4841712313334551E-7,null,null,"SERVIÇOS"]
["1.7.2.4 89226",null,89226,"SINAPI",{"$f":"INDEX('CPU - PROJ.AUX'!$P:$P,MATCH($A190,'CPU - PROJ.AUX'!$W:$W,0))","v":"BETONEIRA CAPACIDADE NOMINAL DE 600 L, CAPACIDADE DE MISTURA 360 L, MOTOR ELÉTRICO TRIFÁSICO POTÊNCIA DE 4 CV, SEM CARREGADOR - CHI DIURNO. AF_11/2014"},{"$f":"INDEX('CPU - PROJ.AUX'!$R:$R,MATCH($A190,'CPU - PROJ.AUX'!$W:$W,0))","v":"CHI"},{"$f":"INDEX('CPU - PROJ.AUX'!T:T,MATCH(A190,'CPU - PROJ.AUX'!W:W,0))*$G$165","v":7.4364E-2},{"$f":"TRUNC(IF(INDEX('CPU - PROJ.AUX'!$H:$H,MATCH($A190,'CPU - PROJ.AUX'!$W:$W,0))=0,INDEX('CPU - PROJ.AUX'!$I:$I,MATCH($A190,'CPU - PROJ.AUX'!$W:$W,0)),INDEX('CPU - PROJ.AUX'!$H:$H,MATCH($A190,'CPU - PROJ.AUX'!$W:$W,0))),2)","v":1.62},0.22720000000000001,1.98,0.14000000000000001,2.0149691776666997E-7,null,null,"SERVIÇOS"]
["1.7.2.5","1.7.2.5",93189,"SINAPI",{"$f":"INDEX('CPU - PROJETO'!$C:$C,MATCH($C191,'CPU - PROJETO'!$B:$B,0))","v":"VERGA MOLDADA IN LOCO EM CONCRETO PARA PORTAS COM MAIS DE 1,5 M DE VÃO. AF_03/2016"},{"$f":"INDEX('CPU - PROJETO'!$D:$D,MATCH($C191,'CPU - PROJETO'!$B:$B,0))","v":"M"},{"$f":"INDEX(MEMÓRIA!L:L,MATCH($A191,MEMÓRIA!A:A,0))","v":3.5},{"$nulls":7}," "]
["1.7.2.5 2692",null,2692,"SINAPI",{"$f":"INDEX('CPU - PROJETO'!$C:$C,MATCH($C192,'CPU - PROJETO'!$B:$B,0))","v":"DESMOLDANTE PROTETOR PARA FORMAS DE MADEIRA, DE BASE OLEOSA EMULSIONADA EM AGUA"},{"$f":"INDEX('CPU - PROJETO'!$D:$D,MATCH($C192,'CPU - PROJETO'!$B:$B,0))","v":"L"},{"$f":"INDEX('CPU - PROJETO'!T:T,MATCH(A192,'CPU - PROJETO'!W:W,0))","v":2.4500000000000001E-2},{"$f":"TRUNC(IF(INDEX('CPU - PROJETO'!$H:$H,MATCH($C192,'CPU - PROJETO'!$B:$B,0))=0,INDEX('CPU - PROJETO'!$I:$I,MATCH($C192,'CPU - PROJETO'!$B:$B,0)),INDEX('CPU - PROJETO'!$H:$H,MATCH($C192,'CPU - PROJETO'!$B:$B,0))),2)","v":7.5},{"$f":"$I$6","v":0.13519999999999999},8.51,0.2,2.8785273966667137E-7,null,null,"MATERIAL"]
["1.7.2.5 4491",null,4491,"SINAPI",{"$f":"INDEX('CPU - PROJETO'!$C:$C,MATCH($C193,'CPU - PROJETO'!$B:$B,0))","v":"PECA DE MADEIRA NATIVA / REGIONAL 7,5 X 7,5CM (3X3) NAO APARELHADA (P/FORMA)"},{"$f":"INDEX('CPU - PROJETO'!$D:$D,MATCH($C193,'CPU - PROJETO'!$B:$B,0))","v":"M"},{"$f":"INDEX('CPU - PROJETO'!T:T,MATCH(A193,'CPU - PROJETO'!W:W,0))","v":1.3265},{"$f":"TRUNC(IF(INDEX('CPU - PROJETO'!$H:$H,MATCH($C193,'CPU - PROJETO'!$B:$B,0))=0,INDEX('CPU - PROJETO'!$I:$I,MATCH($C193,'CPU - PROJETO'!$B:$B,0)),INDEX('CPU - PROJETO'!$H:$H,MATCH($C193,'CPU - PROJETO'!$B:$B,0))),2)","v":10.050000000000001},{"$f":"$I$6","v":0.13519999999999999},11.4,15.12,2.1761667118800354E-5,null,null,"MATERIAL"]
["1.7.2.5 39017",null,39017,"SINAPI",{"$f":"INDEX('CPU - PROJETO'!$C:$C,MATCH($C194,'CPU - PROJETO'!$B:$B,0))","v":"ESPACADOR / DISTANCIADOR CIRCULAR COM ENTRADA LATERAL, EM PLASTICO, PARA VERGALHAO *4,2 A 12,5* MM, COBRIMENTO 20 MM"},{"$f":"INDEX('CPU - PROJETO'!$D:$D,MATCH($C194,'CPU - PROJETO'!$B:$B,0))","v":"UN"},{"$f":"INDEX('CPU - PROJETO'!T:T,MATCH(A194,'CPU - PROJETO'!W:W,0))","v":21},{"$f":"TRUNC(IF(INDEX('CPU - PROJETO'!$H:$H,MATCH($C194,'CPU - PROJETO'!$B:$B,0))=0,INDEX('CPU - PROJETO'!$I:$I,MATCH($C194,'CPU - PROJETO'!$B:$B,0)),INDEX('CPU - PROJETO'!$H:$H,MATCH($C194,'CPU - PROJETO'!$B:$B,0))),2)","v":0.18},{"$f":"$I$6","v":0.13519999999999999},{"$f":"TRUNC(H194*(1+I194),2)","v":0.2},{"$f":"TRUNC(G194*J194,2)","v":4.2},6.0449075330000987E-6,null,null,"MATERIAL"]
["1.7.2.5 88309",null,88309,"SINAPI",{"$f":"INDEX('CPU - PROJETO'!$C:$C,MATCH($C195,'CPU - PROJETO'!$B:$B,0))","v":"PEDREIRO COM ENCARGOS COMPLEMENTARES"},{"$f":"INDEX('CPU - PROJETO'!$D:$D,MATCH($C195,'CPU - PROJETO'!$B:$B,0))","v":"H"},{"$f":"INDEX('CPU - PROJETO'!T:T,MATCH(A195,'CPU - PROJETO'!W:W,0))","v":1.2249999999999999},{"$f":"TRUNC(IF(INDEX('CPU - PROJETO'!$H:$H,MATCH($C195,'CPU - PROJETO'!$B:$B,0))=0,INDEX('CPU - PROJETO'!$I:$I,MATCH($C195,'CPU - PROJETO'!$B:$B,0)),INDEX('CPU - PROJETO'!$H:$H,MATCH($C195,'CPU - PROJETO'!$B:$B,0))),2)","v":25.38},0.22720000000000001,31.14,38.14,5.4893517454434225E-5,null,null,"SERVIÇOS"]
["1.7.2.5 88316",null,88316,"SINAPI",{"$f":"INDEX('CPU - PROJETO'!$C:$C,MATCH($C196,'CPU - PROJETO'!$B:$B,0))","v":"SERVENTE COM ENCARGOS COMPLEMENTARES"},{"$f":"INDEX('CPU - PROJETO'!$D:$D,MATCH($C196,'CPU - PROJETO'!$B:$B,0))","v":"H"},{"$f":"INDEX('CPU - PROJETO'!T:T,MATCH(A196,'CPU - PROJETO'!W:W,0))","v":0.61249999999999993},{"$f":"TRUNC(IF(INDEX('CPU - PROJETO'!$H:$H,MATCH($C196,'CPU - PROJETO'!$B:$B,0))=0,INDEX('CPU - PROJETO'!$I:$I,MATCH($C196,'CPU - PROJETO'!$B:$B,0)),INDEX('CPU - PROJETO'!$H:$H,MATCH($C196,'CPU - PROJETO'!$B:$B,0))),2)","v":20.420000000000002},0.22720000000000001,25.05,15.34,2.2078305132433691E-5,null,null,"SERVIÇOS"]
["1.7.2.5 92270",null,92270,"SINAPI",{"$f":"INDEX('CPU - PROJETO'!$C:$C,MATCH($C197,'CPU - PROJETO'!$B:$B,0))","v":"FABRICAÇÃO DE FÔRMA PARA VIGAS, COM MADEIRA SERRADA, E = 25 MM. AF_09/2020"},{"$f":"INDEX('CPU - PROJETO'!$D:$D,MATCH($C197,'CPU - PROJETO'!$B:$B,0))","v":"M2"},{"$f":"INDEX('CPU - PROJETO'!T:T,MATCH(A197,'CPU - PROJETO'!W:W,0))","v":1.4000000000000001},{"$nulls":7}," "]
["1.7.2.5 4517",null,4517,"SINAPI",{"$f":"INDEX('CPU - PROJ.AUX'!$P:$P,MATCH($A198,'CPU - PROJ.AUX'!$W:$W,0))","v":"SARRAFO DE MADEIRA NAO APARELHADA *2,5 X 7,5* CM (1 X 3 \") PINUS, MISTA OU EQUIVALENTE DA REGIAO"},{"$f":"INDEX('CPU - PROJ.AUX'!$R:$R,MATCH($A198,'CPU - PROJ.AUX'!$W:$W,0))","v":"M"},{"$f":"INDEX('CPU - PROJ.AUX'!T:T,MATCH(A198,'CPU - PROJ.AUX'!W:W,0))*$G$191","v":5.9192},{"$f":"TRUNC(IF(INDEX('CPU - PROJ.AUX'!$H:$H,MATCH($A198,'CPU - PROJ.AUX'!$W:$W,0))=0,INDEX('CPU - PROJ.AUX'!$I:$I,MATCH($A198,'CPU - PROJ.AUX'!$W:$W,0)),INDEX('CPU - PROJ.AUX'!$H:$H,MATCH($A198,'CPU - PROJ.AUX'!$W:$W,0))),2)","v":3.52},{"$f":"$I$6","v":0.13519999999999999},3.99,23.61,3.3981015917650551E-5,null,null,"MATERIAL"]
["1.7.2.5 5068",null,5068,"SINAPI",{"$f":"INDEX('CPU - PROJ.AUX'!$P:$P,MATCH($A199,'CPU - PROJ.AUX'!$W:$W,0))","v":"PREGO DE ACO POLIDO COM CABECA 17 X 21 (2 X 11)"},{"$f":"INDEX('CPU - PROJ.AUX'!$R:$R,MATCH($A199,'CPU - PROJ.AUX'!$W:$W,0))","v":"KG"},{"$f":"INDEX('CPU - PROJ.AUX'!T:T,MATCH(A199,'CPU - PROJ.AUX'!W:W,0))*$G$191","v":0.1792},{"$f":"TRUNC(IF(INDEX('CPU - PROJ.AUX'!$H:$H,MATCH($A199,'CPU - PROJ.AUX'!$W:$W,0))=0,INDEX('CPU - PROJ.AUX'!$I:$I,MATCH($A199,'CPU - PROJ.AUX'!$W:$W,0)),INDEX('CPU - PROJ.AUX'!$H:$H,MATCH($A199,'CPU - PROJ.AUX'!$W:$W,0))),2)","v":22.38},{"$f":"$I$6","v":0.13519999999999999},{"$f":"TRUNC(H199*(1+I199),2)","v":25.4},{"$f":"TRUNC(G199*J199,2)","v":4.55},6.5486498274167731E-6,null,null,"MATERIAL"]
["1.7.2.5 6189",null,6189,"SINAPI",{"$f":"INDEX('CPU - PROJ.AUX'!$P:$P,MATCH($A200,'CPU - PROJ.AUX'!$W:$W,0))","v":"TABUA DE MADEIRA NAO APARELHADA *2,5 X 30* CM, CEDRINHO OU EQUIVALENTE DA REGIAO"},{"$f":"INDEX('CPU - PROJ.AUX'!$R:$R,MATCH($A200,'CPU - PROJ.AUX'!$W:$W,0))","v":"M"},{"$f":"INDEX('CPU - PROJ.AUX'!T:T,MATCH(A200,'CPU - PROJ.AUX'!W:W,0))*$G$191","v":6.2272000000000016},{"$f":"TRUNC(IF(INDEX('CPU - PROJ.AUX'!$H:$H,MATCH($A200,'CPU - PROJ.AUX'!$W:$W,0))=0,INDEX('CPU - PROJ.AUX'!$I:$I,MATCH($A200,'CPU - PROJ.AUX'!$W:$W,0)),INDEX('CPU - PROJ.AUX'!$H:$H,MATCH($A200,'CPU - PROJ.AUX'!$W:$W,0))),2)","v":31.97},{"$f":"$I$6","v":0.13519999999999999},36.29,225.98,3.2524481054937196E-4,null,null,"MATERIAL"]
["1.7.2.5 88239",null,88239,"SINAPI",{"$f":"INDEX('CPU - PROJ.AUX'!$P:$P,MATCH($A201,'CPU - PROJ.AUX'!$W:$W,0))","v":"AJUDANTE DE CARPINTEIRO COM ENCARGOS COMPLEMENTARES"},{"$f":"INDEX('CPU - PROJ.AUX'!$R:$R,MATCH($A201,'CPU - PROJ.AUX'!$W:$W,0))","v":"H"},{"$f":"INDEX('CPU - PROJ.AUX'!T:T,MATCH(A201,'CPU - PROJ.AUX'!W:W,0))*$G$191","v":0.25059999999999999},{"$f":"TRUNC(IF(INDEX('CPU - PROJ.AUX'!$H:$H,MATCH($A201,'CPU - PROJ.AUX'!$W:$W,0))=0,INDEX('CPU - PROJ.AUX'!$I:$I,MATCH($A201,'CPU - PROJ.AUX'!$W:$W,0)),INDEX('CPU - PROJ.AUX'!$H:$H,MATCH($A201,'CPU - PROJ.AUX'!$W:$W,0))),2)","v":20.27},0.22720000000000001,24.87,6.23,8.9666128406168126E-6,null,null,"SERVIÇOS"]
["1.7.2.5 88262",null,88262,"SINAPI",{"$f":"INDEX('CPU - PROJ.AUX'!$P:$P,MATCH($A202,'CPU - PROJ.AUX'!$W:$W,0))","v":"CARPINTEIRO DE FORMAS COM ENCARGOS COMPLEMENTARES"},{"$f":"INDEX('CPU - PROJ.AUX'!$R:$R,MATCH($A202,'CPU - PROJ.AUX'!$W:$W,0))","v":"H"},{"$f":"INDEX('CPU - PROJ.AUX'!T:T,MATCH(A202,'CPU - PROJ.AUX'!W:W,0))*$G$191","v":1.1088},{"$f":"TRUNC(IF(INDEX('CPU - PROJ.AUX'!$H:$H,MATCH($A202,'CPU - PROJ.AUX'!$W:$W,0))=0,INDEX('CPU - PROJ.AUX'!$I:$I,MATCH($A202,'CPU - PROJ.AUX'!$W:$W,0)),INDEX('CPU - PROJ.AUX'!$H:$H,MATCH($A202,'CPU - PROJ.AUX'!$W:$W,0))),2)","v":25},0.22720000000000001,30.68,34.01,4.8949358380317462E-5,null,null,{"$f":"IF(I202=$I$6,\"MATERIAL\",IF(I202=$I$5,\"SERVIÇOS\",\" \"))","v":"SERVIÇOS"}]
["1.7.2.5 91692",null,91692,"SINAPI",{"$f":"INDEX('CPU - PROJ.AUX'!$P:$P,MATCH($A203,'CPU - PROJ.AUX'!$W:$W,0))","v":"SERRA CIRCULAR DE BANCADA COM MOTOR ELÉTRICO POTÊNCIA DE 5HP, COM COIFA PARA DISCO 10\" - CHP DIURNO. AF_08/2015"},{"$f":"INDEX('CPU - PROJ.AUX'!$R:$R,MATCH($A203,'CPU - PROJ.AUX'!$W:$W,0))","v":"CHP"},{"$f":"INDEX('CPU - PROJ.AUX'!T:T,MATCH(A203,'CPU - PROJ.AUX'!W:W,0))*$G$191","v":7.8400000000000011E-2},{"$f":"TRUNC(IF(INDEX('CPU - PROJ.AUX'!$H:$H,MATCH($A203,'CPU - PROJ.AUX'!$W:$W,0))=0,INDEX('CPU - PROJ.AUX'!$I:$I,MATCH($A203,'CPU - PROJ.AUX'!$W:$W,0)),INDEX('CPU - PROJ.AUX'!$H:$H,MATCH($A203,'CPU - PROJ.AUX'!$W:$W,0))),2)","v":34.299999999999997},0.22720000000000001,42.09,3.29,4.7351775675167439E-6,null,null,"SERVIÇOS"]
["1.7.2.5 91693",null,91693,"SINAPI",{"$f":"INDEX('CPU - PROJ.AUX'!$P:$P,MATCH($A204,'CPU - PROJ.AUX'!$W:$W,0))","v":"SERRA CIRCULAR DE BANCADA COM MOTOR ELÉTRICO POTÊNCIA DE 5HP, COM COIFA PARA DISCO 10\" - CHI DIURNO. AF_08/2015"},{"$f":"INDEX('CPU - PROJ.AUX'!$R:$R,MATCH($A204,'CPU - PROJ.AUX'!$W:$W,0))","v":"CHI"},{"$f":"INDEX('CPU - PROJ.AUX'!T:T,MATCH(A204,'CPU - PROJ.AUX'!W:W,0))*$G$191","v":0.31360000000000005},{"$f":"TRUNC(IF(INDEX('CPU - PROJ.AUX'!$H:$H,MATCH($A204,'CPU - PROJ.AUX'!$W:$W,0))=0,INDEX('CPU - PROJ.AUX'!$I:$I,MATCH($A204,'CPU - PROJ.AUX'!$W:$W,0)),INDEX('CPU - PROJ.AUX'!$H:$H,MATCH($A204,'CPU - PROJ.AUX'!$W:$W,0))),2)","v":33.049999999999997},0.22720000000000001,40.549999999999997,12.71,1.8293041605816966E-5,null,null,"SERVIÇOS"]
["1.7.2.5 92793",null,92802,"SINAPI",{"$f":"INDEX('CPU - PROJETO'!$C:$C,MATCH($C205,'CPU - PROJETO'!$B:$B,0))","v":"CORTE E DOBRA DE AÇO CA-50, DIÂMETRO DE 8,0 MM. AF_06/2022"},{"$f":"INDEX('CPU - PROJETO'!$D:$D,MATCH($C205,'CPU - PROJETO'!$B:$B,0))","v":"KG"},{"$f":"'CPU - PROJETO'!T46","v":2.7650000000000001},{"$nulls":7}," "]
["1.7.2.5 33",null,33,"SINAPI",{"$f":"INDEX('CPU - PROJ.AUX'!$P:$P,MATCH($A206,'CPU - PROJ.AUX'!$W:$W,0))","v":"ACO CA-50, 8,0 MM, VERGALHAO"},{"$f":"INDEX('CPU - PROJ.AUX'!$R:$R,MATCH($A206,'CPU - PROJ.AUX'!$W:$W,0))","v":"KG"},{"$f":"INDEX('CPU - PROJ.AUX'!T:T,MATCH(A206,'CPU - PROJ.AUX'!W:W,0))*$G$191","v":3.0691500000000005},{"$f":"TRUNC(IF(INDEX('CPU - PROJ.AUX'!$H:$H,MATCH($A206,'CPU - PROJ.AUX'!$W:$W,0))=0,INDEX('CPU - PROJ.AUX'!$I:$I,MATCH($A206,'CPU - PROJ.AUX'!$W:$W,0)),INDEX('CPU - PROJ.AUX'!$H:$H,MATCH($A206,'CPU - PROJ.AUX'!$W:$W,0))),2)","v":12.08},{"$f":"$I$6","v":0.13519999999999999},13.71,42.07,6.0549823788884315E-5,null,null,"MATERIAL"]
["1.7.2.5 88238",null,88238,"SINAPI",{"$f":"INDEX('CPU - PROJ.AUX'!$P:$P,MATCH($A207,'CPU - PROJ.AUX'!$W:$W,0))","v":"AJUDANTE DE ARMADOR COM ENCARGOS COMPLEMENTARES"},{"$f":"INDEX('CPU - PROJ.AUX'!$R:$R,MATCH($A207,'CPU - PROJ.AUX'!$W:$W,0))","v":"H"},{"$f":"INDEX('CPU - PROJ.AUX'!T:T,MATCH(A207,'CPU - PROJ.AUX'!W:W,0))*$G$191","v":7.1889999999999992E-3},{"$f":"TRUNC(IF(INDEX('CPU - PROJ.AUX'!$H:$H,MATCH($A207,'CPU - PROJ.AUX'!$W:$W,0))=0,INDEX('CPU - PROJ.AUX'!$I:$I,MATCH($A207,'CPU - PROJ.AUX'!$W:$W,0)),INDEX('CPU - PROJ.AUX'!$H:$H,MATCH($A207,'CPU - PROJ.AUX'!$W:$W,0))),2)","v":20.43},0.22720000000000001,25.07,0.18,2.5906746570000419E-7,null,null,"SERVIÇOS"]
["1.7.2.5 88245",null,88245,"SINAPI",{"$f":"INDEX('CPU - PROJ.AUX'!$P:$P,MATCH($A208,'CPU - PROJ.AUX'!$W:$W,0))","v":"ARMADOR COM ENCARGOS COMPLEMENTARES"},{"$f":"INDEX('CPU - PROJ.AUX'!$R:$R,MATCH($A208,'CPU - PROJ.AUX'!$W:$W,0))","v":"H"},{"$f":"INDEX('CPU - PROJ.AUX'!T:T,MATCH(A208,'CPU - PROJ.AUX'!W:W,0))*$G$191","v":4.4792999999999999E-2},{"$f":"TRUNC(IF(INDEX('CPU - PROJ.AUX'!$H:$H,MATCH($A208,'CPU - PROJ.AUX'!$W:$W,0))=0,INDEX('CPU - PROJ.AUX'!$I:$I,MATCH($A208,'CPU - PROJ.AUX'!$W:$W,0)),INDEX('CPU - PROJ.AUX'!$H:$H,MATCH($A208,'CPU - PROJ.AUX'!$W:$W,0))),2)","v":25.18},0.22720000000000001,30.9,1.38,1.986183903700032E-6,null,null,"SERVIÇOS"]
["1.7.2.5 94970",null,94970,"SINAPI",{"$f":"INDEX('CPU - PROJETO'!$C:$C,MATCH($C209,'CPU - PROJETO'!$B:$B,0))","v":"CONCRETO FCK = 20MPA, TRAÇO 1:2,7:3 (CIMENTO/ AREIA MÉDIA/ BRITA 1)  - PREPARO MECÂNICO COM BETONEIRA 600 L. AF_07/2016"},{"$f":"INDEX('CPU - PROJETO'!$D:$D,MATCH($C209,'CPU - PROJETO'!$B:$B,0))","v":"M3"},{"$f":"INDEX('CPU - PROJETO'!T:T,MATCH(A209,'CPU - PROJETO'!W:W,0))","v":8.4000000000000005E-2},{"$nulls":7}," "]
["1.7.2.5 370",null,370,"SINAPI",{"$f":"INDEX('CPU - PROJ.AUX'!$P:$P,MATCH($A210,'CPU - PROJ.AUX'!$W:$W,0))","v":"AREIA MEDIA - POSTO JAZIDA/FORNECEDOR (RETIRADO NA JAZIDA, SEM TRANSPORTE)"},{"$f":"INDEX('CPU - PROJ.AUX'!$R:$R,MATCH($A210,'CPU - PROJ.AUX'!$W:$W,0))","v":"M3"},{"$f":"INDEX('CPU - PROJ.AUX'!T:T,MATCH(A210,'CPU - PROJ.AUX'!W:W,0))*$G$191","v":6.3915600000000003E-2},{"$f":"TRUNC(IF(INDEX('CPU - PROJ.AUX'!$H:$H,MATCH($A210,'CPU - PROJ.AUX'!$W:$W,0))=0,INDEX('CPU - PROJ.AUX'!$I:$I,MATCH($A210,'CPU - PROJ.AUX'!$W:$W,0)),INDEX('CPU - PROJ.AUX'!$H:$H,MATCH($A210,'CPU - PROJ.AUX'!$W:$W,0))),2)","v":129},{"$f":"$I$6","v":0.13519999999999999},146.44,9.35,{"$f":"K210/$K$550","v":1.3457115579416885E-5},null,null,"MATERIAL"]
["1.7.2.5 1379",null,1379,"SINAPI",{"$f":"INDEX('CPU - PROJ.AUX'!$P:$P,MATCH($A211,'CPU - PROJ.AUX'!$W:$W,0))","v":"CIMENTO PORTLAND COMPOSTO CP II-32"},{"$f":"INDEX('CPU - PROJ.AUX'!$R:$R,MATCH($A211,'CPU - PROJ.AUX'!$W:$W,0))","v":"KG"},{"$f":"INDEX('CPU - PROJ.AUX'!T:T,MATCH(A211,'CPU - PROJ.AUX'!W:W,0))*$G$191","v":27.313347600000004},{"$f":"TRUNC(IF(INDEX('CPU - PROJ.AUX'!$H:$H,MATCH($A211,'CPU - PROJ.AUX'!$W:$W,0))=0,INDEX('CPU - PROJ.AUX'!$I:$I,MATCH($A211,'CPU - PROJ.AUX'!$W:$W,0)),INDEX('CPU - PROJ.AUX'!$H:$H,MATCH($A211,'CPU - PROJ.AUX'!$W:$W,0))),2)","v":0.7},{"$f":"$I$6","v":0.13519999999999999},0.79,21.57,3.1044917973050502E-5,null,null,"MATERIAL"]
["1.7.2.5 4721",null,4721,"SINAPI",{"$f":"INDEX('CPU - PROJ.AUX'!$P:$P,MATCH($A212,'CPU - PROJ.AUX'!$W:$W,0))","v":"PEDRA BRITADA N. 1 (9,5 a 19 MM) POSTO PEDREIRA/FORNECEDOR, SEM FRETE"},{"$f":"INDEX('CPU - PROJ.AUX'!$R:$R,MATCH($A212,'CPU - PROJ.AUX'!$W:$W,0))","v":"M3"},{"$f":"INDEX('CPU - PROJ.AUX'!T:T,MATCH(A212,'CPU - PROJ.AUX'!W:W,0))*$G$191","v":4.9660799999999998E-2},{"$f":"TRUNC(IF(INDEX('CPU - PROJ.AUX'!$H:$H,MATCH($A212,'CPU - PROJ.AUX'!$W:$W,0))=0,INDEX('CPU - PROJ.AUX'!$I:$I,MATCH($A212,'CPU - PROJ.AUX'!$W:$W,0)),INDEX('CPU - PROJ.AUX'!$H:$H,MATCH($A212,'CPU - PROJ.AUX'!$W:$W,0))),2)","v":89},{"$f":"$I$6","v":0.13519999999999999},101.03,5.01,7.2107111286501172E-6,null,null,"MATERIAL"]
["1.7.2.5 88316",null,88316,"SINAPI",{"$f":"INDEX('CPU - PROJ.AUX'!$P:$P,MATCH($A213,'CPU - PROJ.AUX'!$W:$W,0))","v":"SERVENTE COM ENCARGOS COMPLEMENTARES"},{"$f":"INDEX('CPU - PROJ.AUX'!$R:$R,MATCH($A213,'CPU - PROJ.AUX'!$W:$W,0))","v":"H"},{"$f":"INDEX('CPU - PROJ.AUX'!T:T,MATCH(A213,'CPU - PROJ.AUX'!W:W,0))*$G$191","v":0.1702428},{"$f":"TRUNC(IF(INDEX('CPU - PROJ.AUX'!$H:$H,MATCH($A213,'CPU - PROJ.AUX'!$W:$W,0))=0,INDEX('CPU - PROJ.AUX'!$I:$I,MATCH($A213,'CPU - PROJ.AUX'!$W:$W,0)),INDEX('CPU - PROJ.AUX'!$H:$H,MATCH($A213,'CPU - PROJ.AUX'!$W:$W,0))),2)","v":20.420000000000002},0.22720000000000001,25.05,4.26,6.1312633549000995E-6,null,null,"SERVIÇOS"]
["1.7.2.5 88377",null,88377,"SINAPI",{"$f":"INDEX('CPU - PROJ.AUX'!$P:$P,MATCH($A214,'CPU - PROJ.AUX'!$W:$W,0))","v":"OPERADOR DE BETONEIRA ESTACIONÁRIA/MISTURADOR COM ENCARGOS COMPLEMENTARES"},{"$f":"INDEX('CPU - PROJ.AUX'!$R:$R,MATCH($A214,'CPU - PROJ.AUX'!$W:$W,0))","v":"H"},{"$f":"INDEX('CPU - PROJ.AUX'!T:T,MATCH(A214,'CPU - PROJ.AUX'!W:W,0))*$G$191","v":0.10725119999999999},{"$f":"TRUNC(IF(INDEX('CPU - PROJ.AUX'!$H:$H,MATCH($A214,'CPU - PROJ.AUX'!$W:$W,0))=0,INDEX('CPU - PROJ.AUX'!$I:$I,MATCH($A214,'CPU - PROJ.AUX'!$W:$W,0)),INDEX('CPU - PROJ.AUX'!$H:$H,MATCH($A214,'CPU - PROJ.AUX'!$W:$W,0))),2)","v":28.14},0.22720000000000001,34.53,3.7,5.3252756838334199E-6,null,null,"SERVIÇOS"]
["1.7.2.5 89225",null,89225,"SINAPI",{"$f":"INDEX('CPU - PROJ.AUX'!$P:$P,MATCH($A215,'CPU - PROJ.AUX'!$W:$W,0))","v":"BETONEIRA CAPACIDADE NOMINAL DE 600 L, CAPACIDADE DE MISTURA 360 L, MOTOR ELÉTRICO TRIFÁSICO POTÊNCIA DE 4 CV, SEM CARREGADOR - CHP DIURNO. AF_11/2014"},{"$f":"INDEX('CPU - PROJ.AUX'!$R:$R,MATCH($A215,'CPU - PROJ.AUX'!$W:$W,0))","v":"CHP"},{"$f":"INDEX('CPU - PROJ.AUX'!T:T,MATCH(A215,'CPU - PROJ.AUX'!W:W,0))*$G$191","v":5.5204799999999998E-2},{"$f":"TRUNC(IF(INDEX('CPU - PROJ.AUX'!$H:$H,MATCH($A215,'CPU - PROJ.AUX'!$W:$W,0))=0,INDEX('CPU - PROJ.AUX'!$I:$I,MATCH($A215,'CPU - PROJ.AUX'!$W:$W,0)),INDEX('CPU - PROJ.AUX'!$H:$H,MATCH($A215,'CPU - PROJ.AUX'!$W:$W,0))),2)","v":5.41},0.22720000000000001,6.63,0.36,5.1813493140000839E-7,null,null,"SERVIÇOS"]
["1.7.2.5 89226",null,89226,"SINAPI",{"$f":"INDEX('CPU - PROJ.AUX'!$P:$P,MATCH($A216,'CPU - PROJ.AUX'!$W:$W,0))","v":"BETONEIRA CAPACIDADE NOMINAL DE 600 L, CAPACIDADE DE MISTURA 360 L, MOTOR ELÉTRICO TRIFÁSICO POTÊNCIA DE 4 CV, SEM CARREGADOR - CHI DIURNO. AF_11/2014"},{"$f":"INDEX('CPU - PROJ.AUX'!$R:$R,MATCH($A216,'CPU - PROJ.AUX'!$W:$W,0))","v":"CHI"},{"$f":"INDEX('CPU - PROJ.AUX'!T:T,MATCH(A216,'CPU - PROJ.AUX'!W:W,0))*$G$191","v":5.2054799999999998E-2},{"$f":"TRUNC(IF(INDEX('CPU - PROJ.AUX'!$H:$H,MATCH($A216,'CPU - PROJ.AUX'!$W:$W,0))=0,INDEX('CPU - PROJ.AUX'!$I:$I,MATCH($A216,'CPU - PROJ.AUX'!$W:$W,0)),INDEX('CPU - PROJ.AUX'!$H:$H,MATCH($A216,'CPU - PROJ.AUX'!$W:$W,0))),2)","v":1.62},0.22720000000000001,1.98,0.1,1.4392636983333569E-7,null,null,"SERVIÇOS"]
["1.7.2.6","1.7.2.6",93196,"SINAPI",{"$f":"INDEX('CPU - PROJETO'!$C:$C,MATCH($C217,'CPU - PROJETO'!$B:$B,0))","v":"CONTRAVERGA MOLDADA IN LOCO EM CONCRETO PARA VÃOS DE ATÉ 1,5 M DE COMPRIMENTO. AF_03/2016"},{"$f":"INDEX('CPU - PROJETO'!$D:$D,MATCH($C217,'CPU - PROJETO'!$B:$B,0))","v":"M"},{"$f":"INDEX(MEMÓRIA!L:L,MATCH($A217,MEMÓRIA!A:A,0))","v":2},{"$nulls":7}," "]
["1.7.2.6 2692",null,2692,"SINAPI",{"$f":"INDEX('CPU - PROJETO'!$C:$C,MATCH($C218,'CPU - PROJETO'!$B:$B,0))","v":"DESMOLDANTE PROTETOR PARA FORMAS DE MADEIRA, DE BASE OLEOSA EMULSIONADA EM AGUA"},{"$f":"INDEX('CPU - PROJETO'!$D:$D,MATCH($C218,'CPU - PROJETO'!$B:$B,0))","v":"L"},{"$f":"INDEX('CPU - PROJETO'!T:T,MATCH(A218,'CPU - PROJETO'!W:W,0))","v":1.2E-2},{"$f":"TRUNC(IF(INDEX('CPU - PROJETO'!$H:$H,MATCH($C218,'CPU - PROJETO'!$B:$B,0))=0,INDEX('CPU - PROJETO'!$I:$I,MATCH($C218,'CPU - PROJETO'!$B:$B,0)),INDEX('CPU - PROJETO'!$H:$H,MATCH($C218,'CPU - PROJETO'!$B:$B,0))),2)","v":7.5},{"$f":"$I$6","v":0.13519999999999999},{"$f":"TRUNC(H218*(1+I218),2)","v":8.51},{"$f":"TRUNC(G218*J218,2)","v":0.1},1.4392636983333569E-7,null,null,"MATERIAL"]
["1.7.2.6 39017",null,39017,"SINAPI",{"$f":"INDEX('CPU - PROJETO'!$C:$C,MATCH($C219,'CPU - PROJETO'!$B:$B,0))","v":"ESPACADOR / DISTANCIADOR CIRCULAR COM ENTRADA LATERAL, EM PLASTICO, PARA VERGALHAO *4,2 A 12,5* MM, COBRIMENTO 20 MM"},{"$f":"INDEX('CPU - PROJETO'!$D:$D,MATCH($C219,'CPU - PROJETO'!$B:$B,0))","v":"UN"},{"$f":"INDEX('CPU - PROJETO'!T:T,MATCH(A219,'CPU - PROJETO'!W:W,0))","v":12},{"$f":"TRUNC(IF(INDEX('CPU - PROJETO'!$H:$H,MATCH($C219,'CPU - PROJETO'!$B:$B,0))=0,INDEX('CPU - PROJETO'!$I:$I,MATCH($C219,'CPU - PROJETO'!$B:$B,0)),INDEX('CPU - PROJETO'!$H:$H,MATCH($C219,'CPU - PROJETO'!$B:$B,0))),2)","v":0.18},{"$f":"$I$6","v":0.13519999999999999},0.2,2.4,3.454232876000056E-6,null,null,"MATERIAL"]
["1.7.2.6 88309",null,88309,"SINAPI",{"$f":"INDEX('CPU - PROJETO'!$C:$C,MATCH($C220,'CPU - PROJETO'!$B:$B,0))","v":"PEDREIRO COM ENCARGOS COMPLEMENTARES"},{"$f":"INDEX('CPU - PROJETO'!$D:$D,MATCH($C220,'CPU - PROJETO'!$B:$B,0))","v":"H"},{"$f":"INDEX('CPU - PROJETO'!T:T,MATCH(A220,'CPU - PROJETO'!W:W,0))","v":0.752},{"$f":"TRUNC(IF(INDEX('CPU - PROJETO'!$H:$H,MATCH($C220,'CPU - PROJETO'!$B:$B,0))=0,INDEX('CPU - PROJETO'!$I:$I,MATCH($C220,'CPU - PROJETO'!$B:$B,0)),INDEX('CPU - PROJETO'!$H:$H,MATCH($C220,'CPU - PROJETO'!$B:$B,0))),2)","v":25.38},0.22720000000000001,{"$f":"TRUNC(H220*(1+I220),2)","v":31.14},{"$f":"TRUNC(G220*J220,2)","v":23.41},3.3693163177983879E-5,null,null,"SERVIÇOS"]
["1.7.2.6 88316",null,88316,"SINAPI",{"$f":"INDEX('CPU - PROJETO'!$C:$C,MATCH($C221,'CPU - PROJETO'!$B:$B,0))","v":"SERVENTE COM ENCARGOS COMPLEMENTARES"},{"$f":"INDEX('CPU - PROJETO'!$D:$D,MATCH($C221,'CPU - PROJETO'!$B:$B,0))","v":"H"},{"$f":"INDEX('CPU - PROJETO'!T:T,MATCH(A221,'CPU - PROJETO'!W:W,0))","v":0.376},{"$f":"TRUNC(IF(INDEX('CPU - PROJETO'!$H:$H,MATCH($C221,'CPU - PROJETO'!$B:$B,0))=0,INDEX('CPU - PROJETO'!$I:$I,MATCH($C221,'CPU - PROJETO'!$B:$B,0)),INDEX('CPU - PROJETO'!$H:$H,MATCH($C221,'CPU - PROJETO'!$B:$B,0))),2)","v":20.420000000000002},0.22720000000000001,25.05,9.41,1.3543471401316888E-5,null,null,"SERVIÇOS"]
["1.7.2.6 92270",null,92270,"SINAPI",{"$f":"INDEX('CPU - PROJETO'!$C:$C,MATCH($C222,'CPU - PROJETO'!$B:$B,0))","v":"FABRICAÇÃO DE FÔRMA PARA VIGAS, COM MADEIRA SERRADA, E = 25 MM. AF_09/2020"},{"$f":"INDEX('CPU - PROJETO'!$D:$D,MATCH($C222,'CPU - PROJETO'!$B:$B,0))","v":"M2"},{"$f":"INDEX('CPU - PROJETO'!T:T,MATCH(A222,'CPU - PROJETO'!W:W,0))","v":0.7},{"$nulls":7}," "]
["1.7.2.6 4517",null,4517,"SINAPI",{"$f":"INDEX('CPU - PROJ.AUX'!$P:$P,MATCH($A223,'CPU - PROJ.AUX'!$W:$W,0))","v":"SARRAFO DE MADEIRA NAO APARELHADA *2,5 X 7,5* CM (1 X 3 \") PINUS, MISTA OU EQUIVALENTE DA REGIAO"},{"$f":"INDEX('CPU - PROJ.AUX'!$R:$R,MATCH($A223,'CPU - PROJ.AUX'!$W:$W,0))","v":"M"},{"$f":"INDEX('CPU - PROJ.AUX'!T:T,MATCH(A223,'CPU - PROJ.AUX'!W:W,0))*$G$217","v":2.9595999999999996},{"$f":"TRUNC(IF(INDEX('CPU - PROJ.AUX'!$H:$H,MATCH($A223,'CPU - PROJ.AUX'!$W:$W,0))=0,INDEX('CPU - PROJ.AUX'!$I:$I,MATCH($A223,'CPU - PROJ.AUX'!$W:$W,0)),INDEX('CPU - PROJ.AUX'!$H:$H,MATCH($A223,'CPU - PROJ.AUX'!$W:$W,0))),2)","v":3.52},{"$f":"$I$6","v":0.13519999999999999},3.99,11.8,1.6983311640333612E-5,null,null,"MATERIAL"]
["1.7.2.6 5068",null,5068,"SINAPI",{"$f":"INDEX('CPU - PROJ.AUX'!$P:$P,MATCH($A224,'CPU - PROJ.AUX'!$W:$W,0))","v":"PREGO DE ACO POLIDO COM CABECA 17 X 21 (2 X 11)"},{"$f":"INDEX('CPU - PROJ.AUX'!$R:$R,MATCH($A224,'CPU - PROJ.AUX'!$W:$W,0))","v":"KG"},{"$f":"INDEX('CPU - PROJ.AUX'!T:T,MATCH(A224,'CPU - PROJ.AUX'!W:W,0))*$G$217","v":8.9599999999999999E-2},{"$f":"TRUNC(IF(INDEX('CPU - PROJ.AUX'!$H:$H,MATCH($A224,'CPU - PROJ.AUX'!$W:$W,0))=0,INDEX('CPU - PROJ.AUX'!$I:$I,MATCH($A224,'CPU - PROJ.AUX'!$W:$W,0)),INDEX('CPU - PROJ.AUX'!$H:$H,MATCH($A224,'CPU - PROJ.AUX'!$W:$W,0))),2)","v":22.38},{"$f":"$I$6","v":0.13519999999999999},{"$f":"TRUNC(H224*(1+I224),2)","v":25.4},{"$f":"TRUNC(G224*J224,2)","v":2.27},3.2671285952167198E-6,null,null,"MATERIAL"]
["1.7.2.6 6189",null,6189,"SINAPI",{"$f":"INDEX('CPU - PROJ.AUX'!$P:$P,MATCH($A225,'CPU - PROJ.AUX'!$W:$W,0))","v":"TABUA DE MADEIRA NAO APARELHADA *2,5 X 30* CM, CEDRINHO OU EQUIVALENTE DA REGIAO"},{"$f":"INDEX('CPU - PROJ.AUX'!$R:$R,MATCH($A225,'CPU - PROJ.AUX'!$W:$W,0))","v":"M"},{"$f":"INDEX('CPU - PROJ.AUX'!T:T,MATCH(A225,'CPU - PROJ.AUX'!W:W,0))*$G$217","v":3.1135999999999999},{"$f":"TRUNC(IF(INDEX('CPU - PROJ.AUX'!$H:$H,MATCH($A225,'CPU - PROJ.AUX'!$W:$W,0))=0,INDEX('CPU - PROJ.AUX'!$I:$I,MATCH($A225,'CPU - PROJ.AUX'!$W:$W,0)),INDEX('CPU - PROJ.AUX'!$H:$H,MATCH($A225,'CPU - PROJ.AUX'!$W:$W,0))),2)","v":31.97},{"$f":"$I$6","v":0.13519999999999999},36.29,112.99,1.6262240527468598E-4,null,null,"MATERIAL"]
["1.7.2.6 88239",null,88239,"SINAPI",{"$f":"INDEX('CPU - PROJ.AUX'!$P:$P,MATCH($A226,'CPU - PROJ.AUX'!$W:$W,0))","v":"AJUDANTE DE CARPINTEIRO COM ENCARGOS COMPLEMENTARES"},{"$f":"INDEX('CPU - PROJ.AUX'!$R:$R,MATCH($A226,'CPU - PROJ.AUX'!$W:$W,0))","v":"H"},{"$f":"INDEX('CPU - PROJ.AUX'!T:T,MATCH(A226,'CPU - PROJ.AUX'!W:W,0))*$G$217","v":0.12529999999999999},{"$f":"TRUNC(IF(INDEX('CPU - PROJ.AUX'!$H:$H,MATCH($A226,'CPU - PROJ.AUX'!$W:$W,0))=0,INDEX('CPU - PROJ.AUX'!$I:$I,MATCH($A226,'CPU - PROJ.AUX'!$W:$W,0)),INDEX('CPU - PROJ.AUX'!$H:$H,MATCH($A226,'CPU - PROJ.AUX'!$W:$W,0))),2)","v":20.27},0.22720000000000001,24.87,3.11,4.4761101018167392E-6,null,null,"SERVIÇOS"]
["1.7.2.6 88262",null,88262,"SINAPI",{"$f":"INDEX('CPU - PROJ.AUX'!$P:$P,MATCH($A227,'CPU - PROJ.AUX'!$W:$W,0))","v":"CARPINTEIRO DE FORMAS COM ENCARGOS COMPLEMENTARES"},{"$f":"INDEX('CPU - PROJ.AUX'!$R:$R,MATCH($A227,'CPU - PROJ.AUX'!$W:$W,0))","v":"H"},{"$f":"INDEX('CPU - PROJ.AUX'!T:T,MATCH(A227,'CPU - PROJ.AUX'!W:W,0))*$G$217","v":0.5544},{"$f":"TRUNC(IF(INDEX('CPU - PROJ.AUX'!$H:$H,MATCH($A227,'CPU - PROJ.AUX'!$W:$W,0))=0,INDEX('CPU - PROJ.AUX'!$I:$I,MATCH($A227,'CPU - PROJ.AUX'!$W:$W,0)),INDEX('CPU - PROJ.AUX'!$H:$H,MATCH($A227,'CPU - PROJ.AUX'!$W:$W,0))),2)","v":25},0.22720000000000001,30.68,17,2.4467482871667064E-5,null,null,"SERVIÇOS"]
["1.7.2.6 91692",null,91692,"SINAPI",{"$f":"INDEX('CPU - PROJ.AUX'!$P:$P,MATCH($A228,'CPU - PROJ.AUX'!$W:$W,0))","v":"SERRA CIRCULAR DE BANCADA COM MOTOR ELÉTRICO POTÊNCIA DE 5HP, COM COIFA PARA DISCO 10\" - CHP DIURNO. AF_08/2015"},{"$f":"INDEX('CPU - PROJ.AUX'!$R:$R,MATCH($A228,'CPU - PROJ.AUX'!$W:$W,0))","v":"CHP"},{"$f":"INDEX('CPU - PROJ.AUX'!T:T,MATCH(A228,'CPU - PROJ.AUX'!W:W,0))*$G$217","v":3.9199999999999999E-2},{"$f":"TRUNC(IF(INDEX('CPU - PROJ.AUX'!$H:$H,MATCH($A228,'CPU - PROJ.AUX'!$W:$W,0))=0,INDEX('CPU - PROJ.AUX'!$I:$I,MATCH($A228,'CPU - PROJ.AUX'!$W:$W,0)),INDEX('CPU - PROJ.AUX'!$H:$H,MATCH($A228,'CPU - PROJ.AUX'!$W:$W,0))),2)","v":34.299999999999997},0.22720000000000001,42.09,1.64,2.3603924652667048E-6,null,null,"SERVIÇOS"]
["1.7.2.6 91693",null,91693,"SINAPI",{"$f":"INDEX('CPU - PROJ.AUX'!$P:$P,MATCH($A229,'CPU - PROJ.AUX'!$W:$W,0))","v":"SERRA CIRCULAR DE BANCADA COM MOTOR ELÉTRICO POTÊNCIA DE 5HP, COM COIFA PARA DISCO 10\" - CHI DIURNO. AF_08/2015"},{"$f":"INDEX('CPU - PROJ.AUX'!$R:$R,MATCH($A229,'CPU - PROJ.AUX'!$W:$W,0))","v":"CHI"},{"$f":"INDEX('CPU - PROJ.AUX'!T:T,MATCH(A229,'CPU - PROJ.AUX'!W:W,0))*$G$217","v":0.15679999999999999},{"$f":"TRUNC(IF(INDEX('CPU - PROJ.AUX'!$H:$H,MATCH($A229,'CPU - PROJ.AUX'!$W:$W,0))=0,INDEX('CPU - PROJ.AUX'!$I:$I,MATCH($A229,'CPU - PROJ.AUX'!$W:$W,0)),INDEX('CPU - PROJ.AUX'!$H:$H,MATCH($A229,'CPU - PROJ.AUX'!$W:$W,0))),2)","v":33.049999999999997},0.22720000000000001,40.549999999999997,6.35,9.1393244844168141E-6,null,null,"SERVIÇOS"]
["1.7.2.6 92792",null,92801,"SINAPI",{"$f":"INDEX('CPU - PROJETO'!$C:$C,MATCH($C230,'CPU - PROJETO'!$B:$B,0))","v":"CORTE E DOBRA DE AÇO CA-50, DIÂMETRO DE 6,3 MM. AF_06/2022 "},{"$f":"INDEX('CPU - PROJETO'!$D:$D,MATCH($C230,'CPU - PROJETO'!$B:$B,0))","v":"KG"},{"$f":"'CPU - PROJETO'!T28","v":0.98},{"$nulls":7}," "]
["1.7.2.6 32",null,32,"SINAPI",{"$f":"INDEX('CPU - PROJ.AUX'!$P:$P,MATCH($A231,'CPU - PROJ.AUX'!$W:$W,0))","v":"ACO CA-50, 6,3 MM, VERGALHAO"},{"$f":"INDEX('CPU - PROJ.AUX'!$R:$R,MATCH($A231,'CPU - PROJ.AUX'!$W:$W,0))","v":"KG"},{"$f":"INDEX('CPU - PROJ.AUX'!T:T,MATCH(A231,'CPU - PROJ.AUX'!W:W,0))*$G$217","v":1.0486},{"$f":"TRUNC(IF(INDEX('CPU - PROJ.AUX'!$H:$H,MATCH($A231,'CPU - PROJ.AUX'!$W:$W,0))=0,INDEX('CPU - PROJ.AUX'!$I:$I,MATCH($A231,'CPU - PROJ.AUX'!$W:$W,0)),INDEX('CPU - PROJ.AUX'!$H:$H,MATCH($A231,'CPU - PROJ.AUX'!$W:$W,0))),2)","v":12.01},{"$f":"$I$6","v":0.13519999999999999},13.63,14.29,2.0567078249183667E-5,null,null,"MATERIAL"]
["1.7.2.6 88238",null,88238,"SINAPI",{"$f":"INDEX('CPU - PROJ.AUX'!$P:$P,MATCH($A232,'CPU - PROJ.AUX'!$W:$W,0))","v":"AJUDANTE DE ARMADOR COM ENCARGOS COMPLEMENTARES"},{"$f":"INDEX('CPU - PROJ.AUX'!$R:$R,MATCH($A232,'CPU - PROJ.AUX'!$W:$W,0))","v":"H"},{"$f":"INDEX('CPU - PROJ.AUX'!T:T,MATCH(A232,'CPU - PROJ.AUX'!W:W,0))*$G$217","v":4.9979999999999998E-3},{"$f":"TRUNC(IF(INDEX('CPU - PROJ.AUX'!$H:$H,MATCH($A232,'CPU - PROJ.AUX'!$W:$W,0))=0,INDEX('CPU - PROJ.AUX'!$I:$I,MATCH($A232,'CPU - PROJ.AUX'!$W:$W,0)),INDEX('CPU - PROJ.AUX'!$H:$H,MATCH($A232,'CPU - PROJ.AUX'!$W:$W,0))),2)","v":20.43},0.22720000000000001,25.07,0.12,1.7271164380000281E-7,null,null,"SERVIÇOS"]
["1.7.2.6 88245",null,88245,"SINAPI",{"$f":"INDEX('CPU - PROJ.AUX'!$P:$P,MATCH($A233,'CPU - PROJ.AUX'!$W:$W,0))","v":"ARMADOR COM ENCARGOS COMPLEMENTARES"},{"$f":"INDEX('CPU - PROJ.AUX'!$R:$R,MATCH($A233,'CPU - PROJ.AUX'!$W:$W,0))","v":"H"},{"$f":"INDEX('CPU - PROJ.AUX'!T:T,MATCH(A233,'CPU - PROJ.AUX'!W:W,0))*$G$217","v":3.0380000000000001E-2},{"$f":"TRUNC(IF(INDEX('CPU - PROJ.AUX'!$H:$H,MATCH($A233,'CPU - PROJ.AUX'!$W:$W,0))=0,INDEX('CPU - PROJ.AUX'!$I:$I,MATCH($A233,'CPU - PROJ.AUX'!$W:$W,0)),INDEX('CPU - PROJ.AUX'!$H:$H,MATCH($A233,'CPU - PROJ.AUX'!$W:$W,0))),2)","v":25.18},0.22720000000000001,30.9,0.93,1.3385152394500219E-6,null,null,"SERVIÇOS"]
["1.7.2.6 94970",null,94970,"SINAPI",{"$f":"INDEX('CPU - PROJETO'!$C:$C,MATCH($C234,'CPU - PROJETO'!$B:$B,0))","v":"CONCRETO FCK = 20MPA, TRAÇO 1:2,7:3 (CIMENTO/ AREIA MÉDIA/ BRITA 1)  - PREPARO MECÂNICO COM BETONEIRA 600 L. AF_07/2016"},{"$f":"INDEX('CPU - PROJETO'!$D:$D,MATCH($C234,'CPU - PROJETO'!$B:$B,0))","v":"M3"},{"$f":"INDEX('CPU - PROJETO'!T:T,MATCH(A234,'CPU - PROJETO'!W:W,0))","v":3.5999999999999997E-2},{"$nulls":7}," "]
["1.7.2.6 370",null,370,"SINAPI",{"$f":"INDEX('CPU - PROJ.AUX'!$P:$P,MATCH($A235,'CPU - PROJ.AUX'!$W:$W,0))","v":"AREIA MEDIA - POSTO JAZIDA/FORNECEDOR (RETIRADO NA JAZIDA, SEM TRANSPORTE)"},{"$f":"INDEX('CPU - PROJ.AUX'!$R:$R,MATCH($A235,'CPU - PROJ.AUX'!$W:$W,0))","v":"M3"},{"$f":"INDEX('CPU - PROJ.AUX'!T:T,MATCH(A235,'CPU - PROJ.AUX'!W:W,0))*$G$217","v":2.7392399999999997E-2},{"$f":"TRUNC(IF(INDEX('CPU - PROJ.AUX'!$H:$H,MATCH($A235,'CPU - PROJ.AUX'!$W:$W,0))=0,INDEX('CPU - PROJ.AUX'!$I:$I,MATCH($A235,'CPU - PROJ.AUX'!$W:$W,0)),INDEX('CPU - PROJ.AUX'!$H:$H,MATCH($A235,'CPU - PROJ.AUX'!$W:$W,0))),2)","v":129},{"$f":"$I$6","v":0.13519999999999999},146.44,4.01,5.7714474303167605E-6,null,null,"MATERIAL"]
["1.7.2.6 1379",null,1379,"SINAPI",{"$f":"INDEX('CPU - PROJ.AUX'!$P:$P,MATCH($A236,'CPU - PROJ.AUX'!$W:$W,0))","v":"CIMENTO PORTLAND COMPOSTO CP II-32"},{"$f":"INDEX('CPU - PROJ.AUX'!$R:$R,MATCH($A236,'CPU - PROJ.AUX'!$W:$W,0))","v":"KG"},{"$f":"INDEX('CPU - PROJ.AUX'!T:T,MATCH(A236,'CPU - PROJ.AUX'!W:W,0))*$G$217","v":11.705720400000001},{"$f":"TRUNC(IF(INDEX('CPU - PROJ.AUX'!$H:$H,MATCH($A236,'CPU - PROJ.AUX'!$W:$W,0))=0,INDEX('CPU - PROJ.AUX'!$I:$I,MATCH($A236,'CPU - PROJ.AUX'!$W:$W,0)),INDEX('CPU - PROJ.AUX'!$H:$H,MATCH($A236,'CPU - PROJ.AUX'!$W:$W,0))),2)","v":0.7},{"$f":"$I$6","v":0.13519999999999999},0.79,9.24,1.3298796572600216E-5,null,null,"MATERIAL"]
["1.7.2.6 4721",null,4721,"SINAPI",{"$f":"INDEX('CPU - PROJ.AUX'!$P:$P,MATCH($A237,'CPU - PROJ.AUX'!$W:$W,0))","v":"PEDRA BRITADA N. 1 (9,5 a 19 MM) POSTO PEDREIRA/FORNECEDOR, SEM FRETE"},{"$f":"INDEX('CPU - PROJ.AUX'!$R:$R,MATCH($A237,'CPU - PROJ.AUX'!$W:$W,0))","v":"M3"},{"$f":"INDEX('CPU - PROJ.AUX'!T:T,MATCH(A237,'CPU - PROJ.AUX'!W:W,0))*$G$217","v":2.1283199999999995E-2},{"$f":"TRUNC(IF(INDEX('CPU - PROJ.AUX'!$H:$H,MATCH($A237,'CPU - PROJ.AUX'!$W:$W,0))=0,INDEX('CPU - PROJ.AUX'!$I:$I,MATCH($A237,'CPU - PROJ.AUX'!$W:$W,0)),INDEX('CPU - PROJ.AUX'!$H:$H,MATCH($A237,'CPU - PROJ.AUX'!$W:$W,0))),2)","v":89},{"$f":"$I$6","v":0.13519999999999999},101.03,2.15,3.0944169514167171E-6,null,null,"MATERIAL"]
["1.7.2.6 88316",null,88316,"SINAPI",{"$f":"INDEX('CPU - PROJ.AUX'!$P:$P,MATCH($A238,'CPU - PROJ.AUX'!$W:$W,0))","v":"SERVENTE COM ENCARGOS COMPLEMENTARES"},{"$f":"INDEX('CPU - PROJ.AUX'!$R:$R,MATCH($A238,'CPU - PROJ.AUX'!$W:$W,0))","v":"H"},{"$f":"INDEX('CPU - PROJ.AUX'!T:T,MATCH(A238,'CPU - PROJ.AUX'!W:W,0))*$G$217","v":7.296119999999999E-2},{"$f":"TRUNC(IF(INDEX('CPU - PROJ.AUX'!$H:$H,MATCH($A238,'CPU - PROJ.AUX'!$W:$W,0))=0,INDEX('CPU - PROJ.AUX'!$I:$I,MATCH($A238,'CPU - PROJ.AUX'!$W:$W,0)),INDEX('CPU - PROJ.AUX'!$H:$H,MATCH($A238,'CPU - PROJ.AUX'!$W:$W,0))),2)","v":20.420000000000002},0.22720000000000001,25.05,1.82,2.6194599309667092E-6,null,null,"SERVIÇOS"]
["1.7.2.6 88377",null,88377,"SINAPI",{"$f":"INDEX('CPU - PROJ.AUX'!$P:$P,MATCH($A239,'CPU - PROJ.AUX'!$W:$W,0))","v":"OPERADOR DE BETONEIRA ESTACIONÁRIA/MISTURADOR COM ENCARGOS COMPLEMENTARES"},{"$f":"INDEX('CPU - PROJ.AUX'!$R:$R,MATCH($A239,'CPU - PROJ.AUX'!$W:$W,0))","v":"H"},{"$f":"INDEX('CPU - PROJ.AUX'!T:T,MATCH(A239,'CPU - PROJ.AUX'!W:W,0))*$G$217","v":4.5964799999999993E-2},{"$f":"TRUNC(IF(INDEX('CPU - PROJ.AUX'!$H:$H,MATCH($A239,'CPU - PROJ.AUX'!$W:$W,0))=0,INDEX('CPU - PROJ.AUX'!$I:$I,MATCH($A239,'CPU - PROJ.AUX'!$W:$W,0)),INDEX('CPU - PROJ.AUX'!$H:$H,MATCH($A239,'CPU - PROJ.AUX'!$W:$W,0))),2)","v":28.14},0.22720000000000001,34.53,1.58,2.2740366433667036E-6,null,null,"SERVIÇOS"]
["1.7.2.6 89225",null,89225,"SINAPI",{"$f":"INDEX('CPU - PROJ.AUX'!$P:$P,MATCH($A240,'CPU - PROJ.AUX'!$W:$W,0))","v":"BETONEIRA CAPACIDADE NOMINAL DE 600 L, CAPACIDADE DE MISTURA 360 L, MOTOR ELÉTRICO TRIFÁSICO POTÊNCIA DE 4 CV, SEM CARREGADOR - CHP DIURNO. AF_11/2014"},{"$f":"INDEX('CPU - PROJ.AUX'!$R:$R,MATCH($A240,'CPU - PROJ.AUX'!$W:$W,0))","v":"CHP"},{"$f":"INDEX('CPU - PROJ.AUX'!T:T,MATCH(A240,'CPU - PROJ.AUX'!W:W,0))*$G$217","v":2.3659199999999998E-2},{"$f":"TRUNC(IF(INDEX('CPU - PROJ.AUX'!$H:$H,MATCH($A240,'CPU - PROJ.AUX'!$W:$W,0))=0,INDEX('CPU - PROJ.AUX'!$I:$I,MATCH($A240,'CPU - PROJ.AUX'!$W:$W,0)),INDEX('CPU - PROJ.AUX'!$H:$H,MATCH($A240,'CPU - PROJ.AUX'!$W:$W,0))),2)","v":5.41},0.22720000000000001,6.63,0.15,2.158895547500035E-7,null,null,"SERVIÇOS"]
["1.7.2.6 89226",null,89226,"SINAPI",{"$f":"INDEX('CPU - PROJ.AUX'!$P:$P,MATCH($A241,'CPU - PROJ.AUX'!$W:$W,0))","v":"BETONEIRA CAPACIDADE NOMINAL DE 600 L, CAPACIDADE DE MISTURA 360 L, MOTOR ELÉTRICO TRIFÁSICO POTÊNCIA DE 4 CV, SEM CARREGADOR - CHI DIURNO. AF_11/2014"},{"$f":"INDEX('CPU - PROJ.AUX'!$R:$R,MATCH($A241,'CPU - PROJ.AUX'!$W:$W,0))","v":"CHI"},{"$f":"INDEX('CPU - PROJ.AUX'!T:T,MATCH(A241,'CPU - PROJ.AUX'!W:W,0))*$G$217","v":2.2309199999999998E-2},{"$f":"TRUNC(IF(INDEX('CPU - PROJ.AUX'!$H:$H,MATCH($A241,'CPU - PROJ.AUX'!$W:$W,0))=0,INDEX('CPU - PROJ.AUX'!$I:$I,MATCH($A241,'CPU - PROJ.AUX'!$W:$W,0)),INDEX('CPU - PROJ.AUX'!$H:$H,MATCH($A241,'CPU - PROJ.AUX'!$W:$W,0))),2)","v":1.62},0.22720000000000001,1.98,0.04,5.7570547933334273E-8,null,null,"SERVIÇOS"]
["1.7.2.7","1.7.2.7",93197,"SINAPI",{"$f":"INDEX('CPU - PROJETO'!$C:$C,MATCH($C242,'CPU - PROJETO'!$B:$B,0))","v":"CONTRAVERGA MOLDADA IN LOCO EM CONCRETO PARA VÃOS DE MAIS DE 1,5 M DE COMPRIMENTO. AF_03/2016"},{"$f":"INDEX('CPU - PROJETO'!$D:$D,MATCH($C242,'CPU - PROJETO'!$B:$B,0))","v":"M"},{"$f":"INDEX(MEMÓRIA!L:L,MATCH($A242,MEMÓRIA!A:A,0))","v":5},{"$nulls":7}," "]
["1.7.2.7 2692",null,2692,"SINAPI",{"$f":"INDEX('CPU - PROJETO'!$C:$C,MATCH($C243,'CPU - PROJETO'!$B:$B,0))","v":"DESMOLDANTE PROTETOR PARA FORMAS DE MADEIRA, DE BASE OLEOSA EMULSIONADA EM AGUA"},{"$f":"INDEX('CPU - PROJETO'!$D:$D,MATCH($C243,'CPU - PROJETO'!$B:$B,0))","v":"L"},{"$f":"INDEX('CPU - PROJETO'!T:T,MATCH(A243,'CPU - PROJETO'!W:W,0))","v":3.5000000000000003E-2},{"$f":"TRUNC(IF(INDEX('CPU - PROJETO'!$H:$H,MATCH($C243,'CPU - PROJETO'!$B:$B,0))=0,INDEX('CPU - PROJETO'!$I:$I,MATCH($C243,'CPU - PROJETO'!$B:$B,0)),INDEX('CPU - PROJETO'!$H:$H,MATCH($C243,'CPU - PROJETO'!$B:$B,0))),2)","v":7.5},{"$f":"$I$6","v":0.13519999999999999},8.51,0.28999999999999998,{"$f":"K243/$K$550","v":4.1738647251667344E-7},null,null,"MATERIAL"]
["1.7.2.7 39017",null,39017,"SINAPI",{"$f":"INDEX('CPU - PROJETO'!$C:$C,MATCH($C244,'CPU - PROJETO'!$B:$B,0))","v":"ESPACADOR / DISTANCIADOR CIRCULAR COM ENTRADA LATERAL, EM PLASTICO, PARA VERGALHAO *4,2 A 12,5* MM, COBRIMENTO 20 MM"},{"$f":"INDEX('CPU - PROJETO'!$D:$D,MATCH($C244,'CPU - PROJETO'!$B:$B,0))","v":"UN"},{"$f":"INDEX('CPU - PROJETO'!T:T,MATCH(A244,'CPU - PROJETO'!W:W,0))","v":30},{"$f":"TRUNC(IF(INDEX('CPU - PROJETO'!$H:$H,MATCH($C244,'CPU - PROJETO'!$B:$B,0))=0,INDEX('CPU - PROJETO'!$I:$I,MATCH($C244,'CPU - PROJETO'!$B:$B,0)),INDEX('CPU - PROJETO'!$H:$H,MATCH($C244,'CPU - PROJETO'!$B:$B,0))),2)","v":0.18},{"$f":"$I$6","v":0.13519999999999999},0.2,6,8.6355821900001405E-6,null,null,"MATERIAL"]
["1.7.2.7 88309",null,88309,"SINAPI",{"$f":"INDEX('CPU - PROJETO'!$C:$C,MATCH($C245,'CPU - PROJETO'!$B:$B,0))","v":"PEDREIRO COM ENCARGOS COMPLEMENTARES"},{"$f":"INDEX('CPU - PROJETO'!$D:$D,MATCH($C245,'CPU - PROJETO'!$B:$B,0))","v":"H"},{"$f":"INDEX('CPU - PROJETO'!T:T,MATCH(A245,'CPU - PROJETO'!W:W,0))","v":1.7999999999999998},{"$f":"TRUNC(IF(INDEX('CPU - PROJETO'!$H:$H,MATCH($C245,'CPU - PROJETO'!$B:$B,0))=0,INDEX('CPU - PROJETO'!$I:$I,MATCH($C245,'CPU - PROJETO'!$B:$B,0)),INDEX('CPU - PROJETO'!$H:$H,MATCH($C245,'CPU - PROJETO'!$B:$B,0))),2)","v":25.38},0.22720000000000001,31.14,56.05,8.0670730291584636E-5,null,null,"SERVIÇOS"]
["1.7.2.7 88316",null,88316,"SINAPI",{"$f":"INDEX('CPU - PROJETO'!$C:$C,MATCH($C246,'CPU - PROJETO'!$B:$B,0))","v":"SERVENTE COM ENCARGOS COMPLEMENTARES"},{"$f":"INDEX('CPU - PROJETO'!$D:$D,MATCH($C246,'CPU - PROJETO'!$B:$B,0))","v":"H"},{"$f":"INDEX('CPU - PROJETO'!T:T,MATCH(A246,'CPU - PROJETO'!W:W,0))","v":0.89999999999999991},{"$f":"TRUNC(IF(INDEX('CPU - PROJETO'!$H:$H,MATCH($C246,'CPU - PROJETO'!$B:$B,0))=0,INDEX('CPU - PROJETO'!$I:$I,MATCH($C246,'CPU - PROJETO'!$B:$B,0)),INDEX('CPU - PROJETO'!$H:$H,MATCH($C246,'CPU - PROJETO'!$B:$B,0))),2)","v":20.420000000000002},0.22720000000000001,{"$f":"TRUNC(H246*(1+I246),2)","v":25.05},{"$f":"TRUNC(G246*J246,2)","v":22.54},3.2441003760433862E-5,null,null,"SERVIÇOS"]
["1.7.2.7 92270",null,92270,"SINAPI",{"$f":"INDEX('CPU - PROJETO'!$C:$C,MATCH($C247,'CPU - PROJETO'!$B:$B,0))","v":"FABRICAÇÃO DE FÔRMA PARA VIGAS, COM MADEIRA SERRADA, E = 25 MM. AF_09/2020"},{"$f":"INDEX('CPU - PROJETO'!$D:$D,MATCH($C247,'CPU - PROJETO'!$B:$B,0))","v":"M2"},{"$f":"INDEX('CPU - PROJETO'!T:T,MATCH(A247,'CPU - PROJETO'!W:W,0))","v":2},{"$nulls":7}," "]
["1.7.2.7 4517",null,4517,"SINAPI",{"$f":"INDEX('CPU - PROJ.AUX'!$P:$P,MATCH($A248,'CPU - PROJ.AUX'!$W:$W,0))","v":"SARRAFO DE MADEIRA NAO APARELHADA *2,5 X 7,5* CM (1 X 3 \") PINUS, MISTA OU EQUIVALENTE DA REGIAO"},{"$f":"INDEX('CPU - PROJ.AUX'!$R:$R,MATCH($A248,'CPU - PROJ.AUX'!$W:$W,0))","v":"M"},{"$f":"INDEX('CPU - PROJ.AUX'!T:T,MATCH(A248,'CPU - PROJ.AUX'!W:W,0))*$G$242","v":8.4559999999999995},{"$f":"TRUNC(IF(INDEX('CPU - PROJ.AUX'!$H:$H,MATCH($A248,'CPU - PROJ.AUX'!$W:$W,0))=0,INDEX('CPU - PROJ.AUX'!$I:$I,MATCH($A248,'CPU - PROJ.AUX'!$W:$W,0)),INDEX('CPU - PROJ.AUX'!$H:$H,MATCH($A248,'CPU - PROJ.AUX'!$W:$W,0))),2)","v":3.52},{"$f":"$I$6","v":0.13519999999999999},3.99,33.729999999999997,4.8546364544784115E-5,null,null,"MATERIAL"]
["1.7.2.7 5068",null,5068,"SINAPI",{"$f":"INDEX('CPU - PROJ.AUX'!$P:$P,MATCH($A249,'CPU - PROJ.AUX'!$W:$W,0))","v":"PREGO DE ACO POLIDO COM CABECA 17 X 21 (2 X 11)"},{"$f":"INDEX('CPU - PROJ.AUX'!$R:$R,MATCH($A249,'CPU - PROJ.AUX'!$W:$W,0))","v":"KG"},{"$f":"INDEX('CPU - PROJ.AUX'!T:T,MATCH(A249,'CPU - PROJ.AUX'!W:W,0))*$G$242","v":0.25600000000000001},{"$f":"TRUNC(IF(INDEX('CPU - PROJ.AUX'!$H:$H,MATCH($A249,'CPU - PROJ.AUX'!$W:$W,0))=0,INDEX('CPU - PROJ.AUX'!$I:$I,MATCH($A249,'CPU - PROJ.AUX'!$W:$W,0)),INDEX('CPU - PROJ.AUX'!$H:$H,MATCH($A249,'CPU - PROJ.AUX'!$W:$W,0))),2)","v":22.38},{"$f":"$I$6","v":0.13519999999999999},{"$f":"TRUNC(H249*(1+I249),2)","v":25.4},{"$f":"TRUNC(G249*J249,2)","v":6.5},9.3552140391668185E-6,null,null,"MATERIAL"]
["1.7.2.7 6189",null,6189,"SINAPI",{"$f":"INDEX('CPU - PROJ.AUX'!$P:$P,MATCH($A250,'CPU - PROJ.AUX'!$W:$W,0))","v":"TABUA DE MADEIRA NAO APARELHADA *2,5 X 30* CM, CEDRINHO OU EQUIVALENTE DA REGIAO"},{"$f":"INDEX('CPU - PROJ.AUX'!$R:$R,MATCH($A250,'CPU - PROJ.AUX'!$W:$W,0))","v":"M"},{"$f":"INDEX('CPU - PROJ.AUX'!T:T,MATCH(A250,'CPU - PROJ.AUX'!W:W,0))*$G$242","v":8.8960000000000008},{"$f":"TRUNC(IF(INDEX('CPU - PROJ.AUX'!$H:$H,MATCH($A250,'CPU - PROJ.AUX'!$W:$W,0))=0,INDEX('CPU - PROJ.AUX'!$I:$I,MATCH($A250,'CPU - PROJ.AUX'!$W:$W,0)),INDEX('CPU - PROJ.AUX'!$H:$H,MATCH($A250,'CPU - PROJ.AUX'!$W:$W,0))),2)","v":31.97},{"$f":"$I$6","v":0.13519999999999999},36.29,322.83,4.6463749973295755E-4,null,null,"MATERIAL"]
["1.7.2.7 88239",null,88239,"SINAPI",{"$f":"INDEX('CPU - PROJ.AUX'!$P:$P,MATCH($A251,'CPU - PROJ.AUX'!$W:$W,0))","v":"AJUDANTE DE CARPINTEIRO COM ENCARGOS COMPLEMENTARES"},{"$f":"INDEX('CPU - PROJ.AUX'!$R:$R,MATCH($A251,'CPU - PROJ.AUX'!$W:$W,0))","v":"H"},{"$f":"INDEX('CPU - PROJ.AUX'!T:T,MATCH(A251,'CPU - PROJ.AUX'!W:W,0))*$G$242","v":0.35799999999999998},{"$f":"TRUNC(IF(INDEX('CPU - PROJ.AUX'!$H:$H,MATCH($A251,'CPU - PROJ.AUX'!$W:$W,0))=0,INDEX('CPU - PROJ.AUX'!$I:$I,MATCH($A251,'CPU - PROJ.AUX'!$W:$W,0)),INDEX('CPU - PROJ.AUX'!$H:$H,MATCH($A251,'CPU - PROJ.AUX'!$W:$W,0))),2)","v":20.27},0.22720000000000001,24.87,8.9,1.2809446915166875E-5,null,null,"SERVIÇOS"]
["1.7.2.7 88262",null,88262,"SINAPI",{"$f":"INDEX('CPU - PROJ.AUX'!$P:$P,MATCH($A252,'CPU - PROJ.AUX'!$W:$W,0))","v":"CARPINTEIRO DE FORMAS COM ENCARGOS COMPLEMENTARES"},{"$f":"INDEX('CPU - PROJ.AUX'!$R:$R,MATCH($A252,'CPU - PROJ.AUX'!$W:$W,0))","v":"H"},{"$f":"INDEX('CPU - PROJ.AUX'!T:T,MATCH(A252,'CPU - PROJ.AUX'!W:W,0))*$G$242","v":1.5840000000000001},{"$f":"TRUNC(IF(INDEX('CPU - PROJ.AUX'!$H:$H,MATCH($A252,'CPU - PROJ.AUX'!$W:$W,0))=0,INDEX('CPU - PROJ.AUX'!$I:$I,MATCH($A252,'CPU - PROJ.AUX'!$W:$W,0)),INDEX('CPU - PROJ.AUX'!$H:$H,MATCH($A252,'CPU - PROJ.AUX'!$W:$W,0))),2)","v":25},0.22720000000000001,30.68,48.59,6.9933823102017814E-5,null,null,"SERVIÇOS"]
["1.7.2.7 91692",null,91692,"SINAPI",{"$f":"INDEX('CPU - PROJ.AUX'!$P:$P,MATCH($A253,'CPU - PROJ.AUX'!$W:$W,0))","v":"SERRA CIRCULAR DE BANCADA COM MOTOR ELÉTRICO POTÊNCIA DE 5HP, COM COIFA PARA DISCO 10\" - CHP DIURNO. AF_08/2015"},{"$f":"INDEX('CPU - PROJ.AUX'!$R:$R,MATCH($A253,'CPU - PROJ.AUX'!$W:$W,0))","v":"CHP"},{"$f":"INDEX('CPU - PROJ.AUX'!T:T,MATCH(A253,'CPU - PROJ.AUX'!W:W,0))*$G$242","v":0.11200000000000002},{"$f":"TRUNC(IF(INDEX('CPU - PROJ.AUX'!$H:$H,MATCH($A253,'CPU - PROJ.AUX'!$W:$W,0))=0,INDEX('CPU - PROJ.AUX'!$I:$I,MATCH($A253,'CPU - PROJ.AUX'!$W:$W,0)),INDEX('CPU - PROJ.AUX'!$H:$H,MATCH($A253,'CPU - PROJ.AUX'!$W:$W,0))),2)","v":34.299999999999997},0.22720000000000001,42.09,4.71,6.7789320191501101E-6,null,null,"SERVIÇOS"]
["1.7.2.7 91693",null,91693,"SINAPI",{"$f":"INDEX('CPU - PROJ.AUX'!$P:$P,MATCH($A254,'CPU - PROJ.AUX'!$W:$W,0))","v":"SERRA CIRCULAR DE BANCADA COM MOTOR ELÉTRICO POTÊNCIA DE 5HP, COM COIFA PARA DISCO 10\" - CHI DIURNO. AF_08/2015"},{"$f":"INDEX('CPU - PROJ.AUX'!$R:$R,MATCH($A254,'CPU - PROJ.AUX'!$W:$W,0))","v":"CHI"},{"$f":"INDEX('CPU - PROJ.AUX'!T:T,MATCH(A254,'CPU - PROJ.AUX'!W:W,0))*$G$242","v":0.44800000000000006},{"$f":"TRUNC(IF(INDEX('CPU - PROJ.AUX'!$H:$H,MATCH($A254,'CPU - PROJ.AUX'!$W:$W,0))=0,INDEX('CPU - PROJ.AUX'!$I:$I,MATCH($A254,'CPU - PROJ.AUX'!$W:$W,0)),INDEX('CPU - PROJ.AUX'!$H:$H,MATCH($A254,'CPU - PROJ.AUX'!$W:$W,0))),2)","v":33.049999999999997},0.22720000000000001,40.549999999999997,18.16,2.6137028761733759E-5,null,null,"SERVIÇOS"]
["1.7.2.7 92792",null,92801,"SINAPI",{"$f":"INDEX('CPU - PROJETO'!$C:$C,MATCH($C255,'CPU - PROJETO'!$B:$B,0))","v":"CORTE E DOBRA DE AÇO CA-50, DIÂMETRO DE 6,3 MM. AF_06/2022 "},{"$f":"INDEX('CPU - PROJETO'!$D:$D,MATCH($C255,'CPU - PROJETO'!$B:$B,0))","v":"KG"},{"$f":"'CPU - PROJETO'!T62","v":2.4500000000000002},{"$nulls":7}," "]
["1.7.2.7 32",null,32,"SINAPI",{"$f":"INDEX('CPU - PROJ.AUX'!$P:$P,MATCH($A256,'CPU - PROJ.AUX'!$W:$W,0))","v":"ACO CA-50, 6,3 MM, VERGALHAO"},{"$f":"INDEX('CPU - PROJ.AUX'!$R:$R,MATCH($A256,'CPU - PROJ.AUX'!$W:$W,0))","v":"KG"},{"$f":"INDEX('CPU - PROJ.AUX'!T:T,MATCH(A256,'CPU - PROJ.AUX'!W:W,0))*$G$242","v":2.6215000000000002},{"$f":"TRUNC(IF(INDEX('CPU - PROJ.AUX'!$H:$H,MATCH($A256,'CPU - PROJ.AUX'!$W:$W,0))=0,INDEX('CPU - PROJ.AUX'!$I:$I,MATCH($A256,'CPU - PROJ.AUX'!$W:$W,0)),INDEX('CPU - PROJ.AUX'!$H:$H,MATCH($A256,'CPU - PROJ.AUX'!$W:$W,0))),2)","v":12.01},{"$f":"$I$6","v":0.13519999999999999},13.63,35.729999999999997,5.1424891941450834E-5,null,null,"MATERIAL"]
["1.7.2.7 88238",null,88238,"SINAPI",{"$f":"INDEX('CPU - PROJ.AUX'!$P:$P,MATCH($A257,'CPU - PROJ.AUX'!$W:$W,0))","v":"AJUDANTE DE ARMADOR COM ENCARGOS COMPLEMENTARES"},{"$f":"INDEX('CPU - PROJ.AUX'!$R:$R,MATCH($A257,'CPU - PROJ.AUX'!$W:$W,0))","v":"H"},{"$f":"INDEX('CPU - PROJ.AUX'!T:T,MATCH(A257,'CPU - PROJ.AUX'!W:W,0))*$G$242","v":1.2494999999999999E-2},{"$f":"TRUNC(IF(INDEX('CPU - PROJ.AUX'!$H:$H,MATCH($A257,'CPU - PROJ.AUX'!$W:$W,0))=0,INDEX('CPU - PROJ.AUX'!$I:$I,MATCH($A257,'CPU - PROJ.AUX'!$W:$W,0)),INDEX('CPU - PROJ.AUX'!$H:$H,MATCH($A257,'CPU - PROJ.AUX'!$W:$W,0))),2)","v":20.43},0.22720000000000001,25.07,0.31,4.4617174648334057E-7,null,null,"SERVIÇOS"]
["1.7.2.7 88245",null,88245,"SINAPI",{"$f":"INDEX('CPU - PROJ.AUX'!$P:$P,MATCH($A258,'CPU - PROJ.AUX'!$W:$W,0))","v":"ARMADOR COM ENCARGOS COMPLEMENTARES"},{"$f":"INDEX('CPU - PROJ.AUX'!$R:$R,MATCH($A258,'CPU - PROJ.AUX'!$W:$W,0))","v":"H"},{"$f":"INDEX('CPU - PROJ.AUX'!T:T,MATCH(A258,'CPU - PROJ.AUX'!W:W,0))*$G$242","v":7.5950000000000004E-2},{"$f":"TRUNC(IF(INDEX('CPU - PROJ.AUX'!$H:$H,MATCH($A258,'CPU - PROJ.AUX'!$W:$W,0))=0,INDEX('CPU - PROJ.AUX'!$I:$I,MATCH($A258,'CPU - PROJ.AUX'!$W:$W,0)),INDEX('CPU - PROJ.AUX'!$H:$H,MATCH($A258,'CPU - PROJ.AUX'!$W:$W,0))),2)","v":25.18},0.22720000000000001,30.9,2.34,3.3678770541000545E-6,null,null,"SERVIÇOS"]
["1.7.2.7 94970",null,94970,"SINAPI",{"$f":"INDEX('CPU - PROJETO'!$C:$C,MATCH($C259,'CPU - PROJETO'!$B:$B,0))","v":"CONCRETO FCK = 20MPA, TRAÇO 1:2,7:3 (CIMENTO/ AREIA MÉDIA/ BRITA 1)  - PREPARO MECÂNICO COM BETONEIRA 600 L. AF_07/2016"},{"$f":"INDEX('CPU - PROJETO'!$D:$D,MATCH($C259,'CPU - PROJETO'!$B:$B,0))","v":"M3"},{"$f":"INDEX('CPU - PROJETO'!T:T,MATCH(A259,'CPU - PROJETO'!W:W,0))","v":0.12},{"$nulls":7}," "]
["1.7.2.7 370",null,370,"SINAPI",{"$f":"INDEX('CPU - PROJ.AUX'!$P:$P,MATCH($A260,'CPU - PROJ.AUX'!$W:$W,0))","v":"AREIA MEDIA - POSTO JAZIDA/FORNECEDOR (RETIRADO NA JAZIDA, SEM TRANSPORTE)"},{"$f":"INDEX('CPU - PROJ.AUX'!$R:$R,MATCH($A260,'CPU - PROJ.AUX'!$W:$W,0))","v":"M3"},{"$f":"INDEX('CPU - PROJ.AUX'!T:T,MATCH(A260,'CPU - PROJ.AUX'!W:W,0))*$G$242","v":9.1308E-2},{"$f":"TRUNC(IF(INDEX('CPU - PROJ.AUX'!$H:$H,MATCH($A260,'CPU - PROJ.AUX'!$W:$W,0))=0,INDEX('CPU - PROJ.AUX'!$I:$I,MATCH($A260,'CPU - PROJ.AUX'!$W:$W,0)),INDEX('CPU - PROJ.AUX'!$H:$H,MATCH($A260,'CPU - PROJ.AUX'!$W:$W,0))),2)","v":129},{"$f":"$I$6","v":0.13519999999999999},{"$f":"TRUNC(H260*(1+I260),2)","v":146.44},{"$f":"TRUNC(G260*J260,2)","v":13.37},1.9242955646716979E-5,null,null,"MATERIAL"]
["1.7.2.7 1379",null,1379,"SINAPI",{"$f":"INDEX('CPU - PROJ.AUX'!$P:$P,MATCH($A261,'CPU - PROJ.AUX'!$W:$W,0))","v":"CIMENTO PORTLAND COMPOSTO CP II-32"},{"$f":"INDEX('CPU - PROJ.AUX'!$R:$R,MATCH($A261,'CPU - PROJ.AUX'!$W:$W,0))","v":"KG"},{"$f":"INDEX('CPU - PROJ.AUX'!T:T,MATCH(A261,'CPU - PROJ.AUX'!W:W,0))*$G$242","v":39.019068000000004},{"$f":"TRUNC(IF(INDEX('CPU - PROJ.AUX'!$H:$H,MATCH($A261,'CPU - PROJ.AUX'!$W:$W,0))=0,INDEX('CPU - PROJ.AUX'!$I:$I,MATCH($A261,'CPU - PROJ.AUX'!$W:$W,0)),INDEX('CPU - PROJ.AUX'!$H:$H,MATCH($A261,'CPU - PROJ.AUX'!$W:$W,0))),2)","v":0.7},{"$f":"$I$6","v":0.13519999999999999},0.79,30.82,4.4358107182634056E-5,null,null,"MATERIAL"]
["1.7.2.7 4721",null,4721,"SINAPI",{"$f":"INDEX('CPU - PROJ.AUX'!$P:$P,MATCH($A262,'CPU - PROJ.AUX'!$W:$W,0))","v":"PEDRA BRITADA N. 1 (9,5 a 19 MM) POSTO PEDREIRA/FORNECEDOR, SEM FRETE"},{"$f":"INDEX('CPU - PROJ.AUX'!$R:$R,MATCH($A262,'CPU - PROJ.AUX'!$W:$W,0))","v":"M3"},{"$f":"INDEX('CPU - PROJ.AUX'!T:T,MATCH(A262,'CPU - PROJ.AUX'!W:W,0))*$G$242","v":7.0943999999999993E-2},{"$f":"TRUNC(IF(INDEX('CPU - PROJ.AUX'!$H:$H,MATCH($A262,'CPU - PROJ.AUX'!$W:$W,0))=0,INDEX('CPU - PROJ.AUX'!$I:$I,MATCH($A262,'CPU - PROJ.AUX'!$W:$W,0)),INDEX('CPU - PROJ.AUX'!$H:$H,MATCH($A262,'CPU - PROJ.AUX'!$W:$W,0))),2)","v":89},{"$f":"$I$6","v":0.13519999999999999},101.03,7.16,1.0305128080066835E-5,null,null,"MATERIAL"]
["1.7.2.7 88316",null,88316,"SINAPI",{"$f":"INDEX('CPU - PROJ.AUX'!$P:$P,MATCH($A263,'CPU - PROJ.AUX'!$W:$W,0))","v":"SERVENTE COM ENCARGOS COMPLEMENTARES"},{"$f":"INDEX('CPU - PROJ.AUX'!$R:$R,MATCH($A263,'CPU - PROJ.AUX'!$W:$W,0))","v":"H"},{"$f":"INDEX('CPU - PROJ.AUX'!T:T,MATCH(A263,'CPU - PROJ.AUX'!W:W,0))*$G$242","v":0.24320399999999998},{"$f":"TRUNC(IF(INDEX('CPU - PROJ.AUX'!$H:$H,MATCH($A263,'CPU - PROJ.AUX'!$W:$W,0))=0,INDEX('CPU - PROJ.AUX'!$I:$I,MATCH($A263,'CPU - PROJ.AUX'!$W:$W,0)),INDEX('CPU - PROJ.AUX'!$H:$H,MATCH($A263,'CPU - PROJ.AUX'!$W:$W,0))),2)","v":20.420000000000002},0.22720000000000001,25.05,6.09,8.7651159228501425E-6,null,null,"SERVIÇOS"]
["1.7.2.7 88377",null,88377,"SINAPI",{"$f":"INDEX('CPU - PROJ.AUX'!$P:$P,MATCH($A264,'CPU - PROJ.AUX'!$W:$W,0))","v":"OPERADOR DE BETONEIRA ESTACIONÁRIA/MISTURADOR COM ENCARGOS COMPLEMENTARES"},{"$f":"INDEX('CPU - PROJ.AUX'!$R:$R,MATCH($A264,'CPU - PROJ.AUX'!$W:$W,0))","v":"H"},{"$f":"INDEX('CPU - PROJ.AUX'!T:T,MATCH(A264,'CPU - PROJ.AUX'!W:W,0))*$G$242","v":0.15321599999999999},{"$f":"TRUNC(IF(INDEX('CPU - PROJ.AUX'!$H:$H,MATCH($A264,'CPU - PROJ.AUX'!$W:$W,0))=0,INDEX('CPU - PROJ.AUX'!$I:$I,MATCH($A264,'CPU - PROJ.AUX'!$W:$W,0)),INDEX('CPU - PROJ.AUX'!$H:$H,MATCH($A264,'CPU - PROJ.AUX'!$W:$W,0))),2)","v":28.14},0.22720000000000001,34.53,5.29,7.6137049641834574E-6,null,null,"SERVIÇOS"]
["1.7.2.7 89225",null,89225,"SINAPI",{"$f":"INDEX('CPU - PROJ.AUX'!$P:$P,MATCH($A265,'CPU - PROJ.AUX'!$W:$W,0))","v":"BETONEIRA CAPACIDADE NOMINAL DE 600 L, CAPACIDADE DE MISTURA 360 L, MOTOR ELÉTRICO TRIFÁSICO POTÊNCIA DE 4 CV, SEM CARREGADOR - CHP DIURNO. AF_11/2014"},{"$f":"INDEX('CPU - PROJ.AUX'!$R:$R,MATCH($A265,'CPU - PROJ.AUX'!$W:$W,0))","v":"CHP"},{"$f":"INDEX('CPU - PROJ.AUX'!T:T,MATCH(A265,'CPU - PROJ.AUX'!W:W,0))*$G$242","v":7.8864000000000004E-2},{"$f":"TRUNC(IF(INDEX('CPU - PROJ.AUX'!$H:$H,MATCH($A265,'CPU - PROJ.AUX'!$W:$W,0))=0,INDEX('CPU - PROJ.AUX'!$I:$I,MATCH($A265,'CPU - PROJ.AUX'!$W:$W,0)),INDEX('CPU - PROJ.AUX'!$H:$H,MATCH($A265,'CPU - PROJ.AUX'!$W:$W,0))),2)","v":5.41},0.22720000000000001,6.63,0.52,7.4841712313334551E-7,null,null,"SERVIÇOS"]
["1.7.2.7 89226",null,89226,"SINAPI",{"$f":"INDEX('CPU - PROJ.AUX'!$P:$P,MATCH($A266,'CPU - PROJ.AUX'!$W:$W,0))","v":"BETONEIRA CAPACIDADE NOMINAL DE 600 L, CAPACIDADE DE MISTURA 360 L, MOTOR ELÉTRICO TRIFÁSICO POTÊNCIA DE 4 CV, SEM CARREGADOR - CHI DIURNO. AF_11/2014"},{"$f":"INDEX('CPU - PROJ.AUX'!$R:$R,MATCH($A266,'CPU - PROJ.AUX'!$W:$W,0))","v":"CHI"},{"$f":"INDEX('CPU - PROJ.AUX'!T:T,MATCH(A266,'CPU - PROJ.AUX'!W:W,0))*$G$242","v":7.4364E-2},{"$f":"TRUNC(IF(INDEX('CPU - PROJ.AUX'!$H:$H,MATCH($A266,'CPU - PROJ.AUX'!$W:$W,0))=0,INDEX('CPU - PROJ.AUX'!$I:$I,MATCH($A266,'CPU - PROJ.AUX'!$W:$W,0)),INDEX('CPU - PROJ.AUX'!$H:$H,MATCH($A266,'CPU - PROJ.AUX'!$W:$W,0))),2)","v":1.62},0.22720000000000001,1.98,0.14000000000000001,2.0149691776666997E-7,null,null,{"$f":"IF(I266=$I$6,\"MATERIAL\",IF(I266=$I$5,\"SERVIÇOS\",\" \"))","v":"SERVIÇOS"}]
["1.7.2.8","1.7.2.8",93201,"SINAPI",{"$f":"INDEX('CPU - PROJETO'!$C:$C,MATCH($C267,'CPU - PROJETO'!$B:$B,0))","v":"FIXAÇÃO (ENCUNHAMENTO) DE ALVENARIA DE VEDAÇÃO COM ARGAMASSA APLICADA COM COLHER. AF_03/2016"},{"$f":"INDEX('CPU - PROJETO'!$D:$D,MATCH($C267,'CPU - PROJETO'!$B:$B,0))","v":"M"},{"$f":"INDEX(MEMÓRIA!L:L,MATCH($A267,MEMÓRIA!A:A,0))","v":10},{"$nulls":7}," "]
["1.7.2.8 87294",null,87294,"SINAPI",{"$f":"INDEX('CPU - PROJETO'!$C:$C,MATCH($C268,'CPU - PROJETO'!$B:$B,0))","v":"ARGAMASSA TRAÇO 1:2:9 (CIMENTO, CAL E AREIA MÉDIA) PARA EMBOÇO/MASSA ÚNICA/ASSENTAMENTO DE ALVENARIA DE VEDAÇÃO, PREPARO MECÂNICO COM BETONEIRA 600 L. AF_06/2014"},{"$f":"INDEX('CPU - PROJETO'!$D:$D,MATCH($C268,'CPU - PROJETO'!$B:$B,0))","v":"M3"},{"$f":"INDEX('CPU - PROJETO'!T:T,MATCH(A268,'CPU - PROJETO'!W:W,0))","v":3.5000000000000003E-2},{"$nulls":7}," "]
["1.7.2.8 370",null,370,"SINAPI",{"$f":"INDEX('CPU - PROJ.AUX'!$P:$P,MATCH($A269,'CPU - PROJ.AUX'!$W:$W,0))","v":"AREIA MEDIA - POSTO JAZIDA/FORNECEDOR (RETIRADO NA JAZIDA, SEM TRANSPORTE)"},{"$f":"INDEX('CPU - PROJ.AUX'!$R:$R,MATCH($A269,'CPU - PROJ.AUX'!$W:$W,0))","v":"M3"},{"$f":"INDEX('CPU - PROJ.AUX'!T:T,MATCH(A269,'CPU - PROJ.AUX'!W:W,0))*$G$267","v":4.1300000000000003E-2},{"$f":"TRUNC(IF(INDEX('CPU - PROJ.AUX'!$H:$H,MATCH($A269,'CPU - PROJ.AUX'!$W:$W,0))=0,INDEX('CPU - PROJ.AUX'!$I:$I,MATCH($A269,'CPU - PROJ.AUX'!$W:$W,0)),INDEX('CPU - PROJ.AUX'!$H:$H,MATCH($A269,'CPU - PROJ.AUX'!$W:$W,0))),2)","v":129},{"$f":"$I$6","v":0.13519999999999999},{"$f":"TRUNC(H269*(1+I269),2)","v":146.44},{"$f":"TRUNC(G269*J269,2)","v":6.04},8.6931527379334744E-6,null,null,"MATERIAL"]
["1.7.2.8 1106",null,1106,"SINAPI",{"$f":"INDEX('CPU - PROJ.AUX'!$P:$P,MATCH($A270,'CPU - PROJ.AUX'!$W:$W,0))","v":"CAL HIDRATADA CH-I PARA ARGAMASSAS"},{"$f":"INDEX('CPU - PROJ.AUX'!$R:$R,MATCH($A270,'CPU - PROJ.AUX'!$W:$W,0))","v":"KG"},{"$f":"INDEX('CPU - PROJ.AUX'!T:T,MATCH(A270,'CPU - PROJ.AUX'!W:W,0))*$G$267","v":5.5103999999999997},{"$f":"TRUNC(IF(INDEX('CPU - PROJ.AUX'!$H:$H,MATCH($A270,'CPU - PROJ.AUX'!$W:$W,0))=0,INDEX('CPU - PROJ.AUX'!$I:$I,MATCH($A270,'CPU - PROJ.AUX'!$W:$W,0)),INDEX('CPU - PROJ.AUX'!$H:$H,MATCH($A270,'CPU - PROJ.AUX'!$W:$W,0))),2)","v":1.4},{"$f":"$I$6","v":0.13519999999999999},1.58,8.6999999999999993,1.2521594175500203E-5,null,null,"MATERIAL"]
["1.7.2.8 1379",null,1379,"SINAPI",{"$f":"INDEX('CPU - PROJ.AUX'!$P:$P,MATCH($A271,'CPU - PROJ.AUX'!$W:$W,0))","v":"CIMENTO PORTLAND COMPOSTO CP II-32"},{"$f":"INDEX('CPU - PROJ.AUX'!$R:$R,MATCH($A271,'CPU - PROJ.AUX'!$W:$W,0))","v":"KG"},{"$f":"INDEX('CPU - PROJ.AUX'!T:T,MATCH(A271,'CPU - PROJ.AUX'!W:W,0))*$G$267","v":6.1992000000000003},{"$f":"TRUNC(IF(INDEX('CPU - PROJ.AUX'!$H:$H,MATCH($A271,'CPU - PROJ.AUX'!$W:$W,0))=0,INDEX('CPU - PROJ.AUX'!$I:$I,MATCH($A271,'CPU - PROJ.AUX'!$W:$W,0)),INDEX('CPU - PROJ.AUX'!$H:$H,MATCH($A271,'CPU - PROJ.AUX'!$W:$W,0))),2)","v":0.7},{"$f":"$I$6","v":0.13519999999999999},0.79,4.8899999999999997,7.0379994848501141E-6,null,null,"MATERIAL"]
["1.7.2.8 88316",null,88316,"SINAPI",{"$f":"INDEX('CPU - PROJ.AUX'!$P:$P,MATCH($A272,'CPU - PROJ.AUX'!$W:$W,0))","v":"SERVENTE COM ENCARGOS COMPLEMENTARES"},{"$f":"INDEX('CPU - PROJ.AUX'!$R:$R,MATCH($A272,'CPU - PROJ.AUX'!$W:$W,0))","v":"H"},{"$f":"INDEX('CPU - PROJ.AUX'!T:T,MATCH(A272,'CPU - PROJ.AUX'!W:W,0))*$G$267","v":2.7650000000000001E-2},{"$f":"TRUNC(IF(INDEX('CPU - PROJ.AUX'!$H:$H,MATCH($A272,'CPU - PROJ.AUX'!$W:$W,0))=0,INDEX('CPU - PROJ.AUX'!$I:$I,MATCH($A272,'CPU - PROJ.AUX'!$W:$W,0)),INDEX('CPU - PROJ.AUX'!$H:$H,MATCH($A272,'CPU - PROJ.AUX'!$W:$W,0))),2)","v":20.420000000000002},0.22720000000000001,25.05,0.69,9.9309195185001598E-7,null,null,"SERVIÇOS"]
["1.7.2.8 88377",null,88377,"SINAPI",{"$f":"INDEX('CPU - PROJ.AUX'!$P:$P,MATCH($A273,'CPU - PROJ.AUX'!$W:$W,0))","v":"OPERADOR DE BETONEIRA ESTACIONÁRIA/MISTURADOR COM ENCARGOS COMPLEMENTARES"},{"$f":"INDEX('CPU - PROJ.AUX'!$R:$R,MATCH($A273,'CPU - PROJ.AUX'!$W:$W,0))","v":"H"},{"$f":"INDEX('CPU - PROJ.AUX'!T:T,MATCH(A273,'CPU - PROJ.AUX'!W:W,0))*$G$267","v":0.12775},{"$f":"TRUNC(IF(INDEX('CPU - PROJ.AUX'!$H:$H,MATCH($A273,'CPU - PROJ.AUX'!$W:$W,0))=0,INDEX('CPU - PROJ.AUX'!$I:$I,MATCH($A273,'CPU - PROJ.AUX'!$W:$W,0)),INDEX('CPU - PROJ.AUX'!$H:$H,MATCH($A273,'CPU - PROJ.AUX'!$W:$W,0))),2)","v":28.14},0.22720000000000001,34.53,4.41,6.347152909650103E-6,null,null,"SERVIÇOS"]
["1.7.2.8 89225",null,89225,"SINAPI",{"$f":"INDEX('CPU - PROJ.AUX'!$P:$P,MATCH($A274,'CPU - PROJ.AUX'!$W:$W,0))","v":"BETONEIRA CAPACIDADE NOMINAL DE 600 L, CAPACIDADE DE MISTURA 360 L, MOTOR ELÉTRICO TRIFÁSICO POTÊNCIA DE 4 CV, SEM CARREGADOR - CHP DIURNO. AF_11/2014"},{"$f":"INDEX('CPU - PROJ.AUX'!$R:$R,MATCH($A274,'CPU - PROJ.AUX'!$W:$W,0))","v":"CHP"},{"$f":"INDEX('CPU - PROJ.AUX'!T:T,MATCH(A274,'CPU - PROJ.AUX'!W:W,0))*$G$267","v":2.9749999999999999E-2},{"$f":"TRUNC(IF(INDEX('CPU - PROJ.AUX'!$H:$H,MATCH($A274,'CPU - PROJ.AUX'!$W:$W,0))=0,INDEX('CPU - PROJ.AUX'!$I:$I,MATCH($A274,'CPU - PROJ.AUX'!$W:$W,0)),INDEX('CPU - PROJ.AUX'!$H:$H,MATCH($A274,'CPU - PROJ.AUX'!$W:$W,0))),2)","v":5.41},0.22720000000000001,6.63,0.19,{"$f":"K274/$K$550","v":2.7346010268333781E-7},null,null,"SERVIÇOS"]
["1.7.2.8 89226",null,89226,"SINAPI",{"$f":"INDEX('CPU - PROJ.AUX'!$P:$P,MATCH($A275,'CPU - PROJ.AUX'!$W:$W,0))","v":"BETONEIRA CAPACIDADE NOMINAL DE 600 L, CAPACIDADE DE MISTURA 360 L, MOTOR ELÉTRICO TRIFÁSICO POTÊNCIA DE 4 CV, SEM CARREGADOR - CHI DIURNO. AF_11/2014"},{"$f":"INDEX('CPU - PROJ.AUX'!$R:$R,MATCH($A275,'CPU - PROJ.AUX'!$W:$W,0))","v":"CHI"},{"$f":"INDEX('CPU - PROJ.AUX'!T:T,MATCH(A275,'CPU - PROJ.AUX'!W:W,0))*$G$267","v":9.8000000000000004E-2},{"$f":"TRUNC(IF(INDEX('CPU - PROJ.AUX'!$H:$H,MATCH($A275,'CPU - PROJ.AUX'!$W:$W,0))=0,INDEX('CPU - PROJ.AUX'!$I:$I,MATCH($A275,'CPU - PROJ.AUX'!$W:$W,0)),INDEX('CPU - PROJ.AUX'!$H:$H,MATCH($A275,'CPU - PROJ.AUX'!$W:$W,0))),2)","v":1.62},0.22720000000000001,1.98,0.19,2.7346010268333781E-7,null,null,"SERVIÇOS"]
["1.7.2.8 88309",null,88309,"SINAPI",{"$f":"INDEX('CPU - PROJETO'!$C:$C,MATCH($C276,'CPU - PROJETO'!$B:$B,0))","v":"PEDREIRO COM ENCARGOS COMPLEMENTARES"},{"$f":"INDEX('CPU - PROJETO'!$D:$D,MATCH($C276,'CPU - PROJETO'!$B:$B,0))","v":"H"},{"$f":"INDEX('CPU - PROJETO'!T:T,MATCH(A276,'CPU - PROJETO'!W:W,0))","v":1.5},{"$f":"TRUNC(IF(INDEX('CPU - PROJETO'!$H:$H,MATCH($C276,'CPU - PROJETO'!$B:$B,0))=0,INDEX('CPU - PROJETO'!$I:$I,MATCH($C276,'CPU - PROJETO'!$B:$B,0)),INDEX('CPU - PROJETO'!$H:$H,MATCH($C276,'CPU - PROJETO'!$B:$B,0))),2)","v":25.38},0.22720000000000001,31.14,46.71,6.7228007349151101E-5,null,null,"SERVIÇOS"]
["1.7.2.8 88316",null,88316,"SINAPI",{"$f":"INDEX('CPU - PROJETO'!$C:$C,MATCH($C277,'CPU - PROJETO'!$B:$B,0))","v":"SERVENTE COM ENCARGOS COMPLEMENTARES"},{"$f":"INDEX('CPU - PROJETO'!$D:$D,MATCH($C277,'CPU - PROJETO'!$B:$B,0))","v":"H"},{"$f":"INDEX('CPU - PROJETO'!T:T,MATCH(A277,'CPU - PROJETO'!W:W,0))","v":0.3},{"$f":"TRUNC(IF(INDEX('CPU - PROJETO'!$H:$H,MATCH($C277,'CPU - PROJETO'!$B:$B,0))=0,INDEX('CPU - PROJETO'!$I:$I,MATCH($C277,'CPU - PROJETO'!$B:$B,0)),INDEX('CPU - PROJETO'!$H:$H,MATCH($C277,'CPU - PROJETO'!$B:$B,0))),2)","v":20.420000000000002},0.22720000000000001,{"$f":"TRUNC(H277*(1+I277),2)","v":25.05},{"$f":"TRUNC(G277*J277,2)","v":7.51},1.0808870374483509E-5,null,null,"SERVIÇOS"]
["1.7.2.9","1.7.2.9","COMP8","SINAPI",{"$f":"INDEX('CPU - PROJETO'!$C:$C,MATCH($C278,'CPU - PROJETO'!$B:$B,0))","v":"TRATAMENTO DE FISSURAS COM ARGAMASSA DE CIMENTO E AREIA TRAÇO 1:3 (SEÇÃO ATÉ 5 X 5 CM)"},{"$f":"INDEX('CPU - PROJETO'!$D:$D,MATCH($C278,'CPU - PROJETO'!$B:$B,0))","v":"M"},{"$f":"INDEX(MEMÓRIA!L:L,MATCH($A278,MEMÓRIA!A:A,0))","v":5},{"$nulls":7}," "]
["1.7.2.9 88628",null,88628,"SINAPI",{"$f":"INDEX('CPU - PROJETO'!$C:$C,MATCH($C279,'CPU - PROJETO'!$B:$B,0))","v":"ARGAMASSA TRAÇO 1:3 (EM VOLUME DE CIMENTO E AREIA MÉDIA ÚMIDA), PREPARO MECÂNICO COM BETONEIRA 400 L. AF_08/2019"},{"$f":"INDEX('CPU - PROJETO'!$D:$D,MATCH($C279,'CPU - PROJETO'!$B:$B,0))","v":"M3"},{"$f":"INDEX('CPU - PROJETO'!T:T,MATCH(A279,'CPU - PROJETO'!W:W,0))","v":1.2500000000000001E-2},{"$nulls":7}," "]
["1.7.2.9 370",null,370,"SINAPI",{"$f":"INDEX('CPU - PROJ.AUX'!$P:$P,MATCH($A280,'CPU - PROJ.AUX'!$W:$W,0))","v":"AREIA MEDIA - POSTO JAZIDA/FORNECEDOR (RETIRADO NA JAZIDA, SEM TRANSPORTE)"},{"$f":"INDEX('CPU - PROJ.AUX'!$R:$R,MATCH($A280,'CPU - PROJ.AUX'!$W:$W,0))","v":"M3"},{"$f":"INDEX('CPU - PROJ.AUX'!T:T,MATCH(A280,'CPU - PROJ.AUX'!W:W,0))*$G$278","v":1.3375000000000001E-2},{"$f":"TRUNC(IF(INDEX('CPU - PROJ.AUX'!$H:$H,MATCH($A280,'CPU - PROJ.AUX'!$W:$W,0))=0,INDEX('CPU - PROJ.AUX'!$I:$I,MATCH($A280,'CPU - PROJ.AUX'!$W:$W,0)),INDEX('CPU - PROJ.AUX'!$H:$H,MATCH($A280,'CPU - PROJ.AUX'!$W:$W,0))),2)","v":129},{"$f":"$I$6","v":0.13519999999999999},{"$f":"TRUNC(H280*(1+I280),2)","v":146.44},{"$f":"TRUNC(G280*J280,2)","v":1.95},2.8065642117500454E-6,null,null,"MATERIAL"]
["1.7.2.9 1379",null,1379,"SINAPI",{"$f":"INDEX('CPU - PROJ.AUX'!$P:$P,MATCH($A281,'CPU - PROJ.AUX'!$W:$W,0))","v":"CIMENTO PORTLAND COMPOSTO CP II-32"},{"$f":"INDEX('CPU - PROJ.AUX'!$R:$R,MATCH($A281,'CPU - PROJ.AUX'!$W:$W,0))","v":"KG"},{"$f":"INDEX('CPU - PROJ.AUX'!T:T,MATCH(A281,'CPU - PROJ.AUX'!W:W,0))*$G$278","v":6.0462499999999997},{"$f":"TRUNC(IF(INDEX('CPU - PROJ.AUX'!$H:$H,MATCH($A281,'CPU - PROJ.AUX'!$W:$W,0))=0,INDEX('CPU - PROJ.AUX'!$I:$I,MATCH($A281,'CPU - PROJ.AUX'!$W:$W,0)),INDEX('CPU - PROJ.AUX'!$H:$H,MATCH($A281,'CPU - PROJ.AUX'!$W:$W,0))),2)","v":0.7},{"$f":"$I$6","v":0.13519999999999999},0.79,{"$f":"TRUNC(G281*J281,2)","v":4.7699999999999996},6.8652878410501109E-6,null,null,"MATERIAL"]
["1.7.2.9 88377",null,88377,"SINAPI",{"$f":"INDEX('CPU - PROJ.AUX'!$P:$P,MATCH($A282,'CPU - PROJ.AUX'!$W:$W,0))","v":"OPERADOR DE BETONEIRA ESTACIONÁRIA/MISTURADOR COM ENCARGOS COMPLEMENTARES"},{"$f":"INDEX('CPU - PROJ.AUX'!$R:$R,MATCH($A282,'CPU - PROJ.AUX'!$W:$W,0))","v":"H"},{"$f":"INDEX('CPU - PROJ.AUX'!T:T,MATCH(A282,'CPU - PROJ.AUX'!W:W,0))*$G$278","v":4.2750000000000003E-2},{"$f":"TRUNC(IF(INDEX('CPU - PROJ.AUX'!$H:$H,MATCH($A282,'CPU - PROJ.AUX'!$W:$W,0))=0,INDEX('CPU - PROJ.AUX'!$I:$I,MATCH($A282,'CPU - PROJ.AUX'!$W:$W,0)),INDEX('CPU - PROJ.AUX'!$H:$H,MATCH($A282,'CPU - PROJ.AUX'!$W:$W,0))),2)","v":28.14},0.22720000000000001,34.53,1.47,2.1157176365500343E-6,null,null,"SERVIÇOS"]
["1.7.2.9 88830",null,88830,"SINAPI",{"$f":"INDEX('CPU - PROJ.AUX'!$P:$P,MATCH($A283,'CPU - PROJ.AUX'!$W:$W,0))","v":"BETONEIRA CAPACIDADE NOMINAL DE 400 L, CAPACIDADE DE MISTURA 280 L, MOTOR ELÉTRICO TRIFÁSICO POTÊNCIA DE 2 CV, SEM CARREGADOR - CHP DIURNO. AF_10/2014"},{"$f":"INDEX('CPU - PROJ.AUX'!$R:$R,MATCH($A283,'CPU - PROJ.AUX'!$W:$W,0))","v":"CHP"},{"$f":"INDEX('CPU - PROJ.AUX'!T:T,MATCH(A283,'CPU - PROJ.AUX'!W:W,0))*$G$278","v":0.01},{"$f":"TRUNC(IF(INDEX('CPU - PROJ.AUX'!$H:$H,MATCH($A283,'CPU - PROJ.AUX'!$W:$W,0))=0,INDEX('CPU - PROJ.AUX'!$I:$I,MATCH($A283,'CPU - PROJ.AUX'!$W:$W,0)),INDEX('CPU - PROJ.AUX'!$H:$H,MATCH($A283,'CPU - PROJ.AUX'!$W:$W,0))),2)","v":1.88},0.22720000000000001,2.2999999999999998,0.02,2.8785273966667137E-8,null,null,"SERVIÇOS"]
["1.7.2.9 88831",null,88831,"SINAPI",{"$f":"INDEX('CPU - PROJ.AUX'!$P:$P,MATCH($A284,'CPU - PROJ.AUX'!$W:$W,0))","v":"BETONEIRA CAPACIDADE NOMINAL DE 400 L, CAPACIDADE DE MISTURA 280 L, MOTOR ELÉTRICO TRIFÁSICO POTÊNCIA DE 2 CV, SEM CARREGADOR - CHI DIURNO. AF_10/2014"},{"$f":"INDEX('CPU - PROJ.AUX'!$R:$R,MATCH($A284,'CPU - PROJ.AUX'!$W:$W,0))","v":"CHI"},{"$f":"INDEX('CPU - PROJ.AUX'!T:T,MATCH(A284,'CPU - PROJ.AUX'!W:W,0))*$G$278","v":3.2750000000000001E-2},{"$f":"TRUNC(IF(INDEX('CPU - PROJ.AUX'!$H:$H,MATCH($A284,'CPU - PROJ.AUX'!$W:$W,0))=0,INDEX('CPU - PROJ.AUX'!$I:$I,MATCH($A284,'CPU - PROJ.AUX'!$W:$W,0)),INDEX('CPU - PROJ.AUX'!$H:$H,MATCH($A284,'CPU - PROJ.AUX'!$W:$W,0))),2)","v":0.39},0.22720000000000001,0.47,0.01,1.4392636983333568E-8,null,null,"SERVIÇOS"]
["1.7.2.9 88316",null,88316,"SINAPI",{"$f":"INDEX('CPU - PROJETO'!$C:$C,MATCH($C285,'CPU - PROJETO'!$B:$B,0))","v":"SERVENTE COM ENCARGOS COMPLEMENTARES"},{"$f":"INDEX('CPU - PROJETO'!$D:$D,MATCH($C285,'CPU - PROJETO'!$B:$B,0))","v":"H"},{"$f":"INDEX('CPU - PROJETO'!T:T,MATCH(A285,'CPU - PROJETO'!W:W,0))","v":2.5},{"$f":"TRUNC(IF(INDEX('CPU - PROJETO'!$H:$H,MATCH($C285,'CPU - PROJETO'!$B:$B,0))=0,INDEX('CPU - PROJETO'!$I:$I,MATCH($C285,'CPU - PROJETO'!$B:$B,0)),INDEX('CPU - PROJETO'!$H:$H,MATCH($C285,'CPU - PROJETO'!$B:$B,0))),2)","v":20.420000000000002},0.22720000000000001,25.05,62.62,9.0126692789634793E-5,null,null,"SERVIÇOS"]
["1.7.2.9 88309",null,88309,"SINAPI",{"$f":"INDEX('CPU - PROJETO'!$C:$C,MATCH($C286,'CPU - PROJETO'!$B:$B,0))","v":"PEDREIRO COM ENCARGOS COMPLEMENTARES"},{"$f":"INDEX('CPU - PROJETO'!$D:$D,MATCH($C286,'CPU - PROJETO'!$B:$B,0))","v":"H"},{"$f":"INDEX('CPU - PROJETO'!T:T,MATCH(A286,'CPU - PROJETO'!W:W,0))","v":1.25},{"$f":"TRUNC(IF(INDEX('CPU - PROJETO'!$H:$H,MATCH($C286,'CPU - PROJETO'!$B:$B,0))=0,INDEX('CPU - PROJETO'!$I:$I,MATCH($C286,'CPU - PROJETO'!$B:$B,0)),INDEX('CPU - PROJETO'!$H:$H,MATCH($C286,'CPU - PROJETO'!$B:$B,0))),2)","v":25.38},{"$f":"$I$5","v":0.22720000000000001},31.14,38.92,5.6016143139134247E-5,null,null,"SERVIÇOS"]
["1.7.2.9 4750",null,4750,"SINAPI",{"$f":"INDEX('CPU - PROJETO'!$C:$C,MATCH($C287,'CPU - PROJETO'!$B:$B,0))","v":"PEDREIRO"},{"$f":"INDEX('CPU - PROJETO'!$D:$D,MATCH($C287,'CPU - PROJETO'!$B:$B,0))","v":"H"},{"$f":"INDEX('CPU - PROJETO'!T:T,MATCH(A287,'CPU - PROJETO'!W:W,0))","v":1.25},{"$f":"TRUNC(IF(INDEX('CPU - PROJETO'!$H:$H,MATCH($C287,'CPU - PROJETO'!$B:$B,0))=0,INDEX('CPU - PROJETO'!$I:$I,MATCH($C287,'CPU - PROJETO'!$B:$B,0)),INDEX('CPU - PROJETO'!$H:$H,MATCH($C287,'CPU - PROJETO'!$B:$B,0))),2)","v":18.920000000000002},0.22720000000000001,{"$f":"TRUNC(H287*(1+I287),2)","v":23.21},{"$f":"TRUNC(G287*J287,2)","v":29.01},4.1753039888650683E-5,null,null,"SERVIÇOS"]
["1.7.2.9 6111",null,6111,"SINAPI",{"$f":"INDEX('CPU - PROJETO'!$C:$C,MATCH($C288,'CPU - PROJETO'!$B:$B,0))","v":"SERVENTE"},{"$f":"INDEX('CPU - PROJETO'!$D:$D,MATCH($C288,'CPU - PROJETO'!$B:$B,0))","v":"H"},{"$f":"INDEX('CPU - PROJETO'!T:T,MATCH(A288,'CPU - PROJETO'!W:W,0))","v":2.5},{"$f":"TRUNC(IF(INDEX('CPU - PROJETO'!$H:$H,MATCH($C288,'CPU - PROJETO'!$B:$B,0))=0,INDEX('CPU - PROJETO'!$I:$I,MATCH($C288,'CPU - PROJETO'!$B:$B,0)),INDEX('CPU - PROJETO'!$H:$H,MATCH($C288,'CPU - PROJETO'!$B:$B,0))),2)","v":14.24},0.22720000000000001,17.47,43.67,6.2852645706217689E-5,null,null,"SERVIÇOS"]
["1.7.3","1.7.3",null,null,"REVESTIMENTOS DE PAREDES",{"$nulls":5},{"$f":"SUBTOTAL(109,K290:K332)","v":2742.3399999999992},{"$f":"SUBTOTAL(109,L290:L332)","v":3.9469504104874976E-3},"1635-DEP-2812-10-25-201-R04",null," "]
["1.7.3.1","1.7.3.1",87879,"SINAPI",{"$f":"INDEX('CPU - PROJETO'!$C:$C,MATCH($C290,'CPU - PROJETO'!$B:$B,0))","v":"CHAPISCO APLICADO EM ALVENARIAS E ESTRUTURAS DE CONCRETO INTERNAS, COM COLHER DE PEDREIRO.  ARGAMASSA TRAÇO 1:3 COM PREPARO EM BETONEIRA 400L. AF_06/2014"},{"$f":"INDEX('CPU - PROJETO'!$D:$D,MATCH($C290,'CPU - PROJETO'!$B:$B,0))","v":"M2"},{"$f":"INDEX(MEMÓRIA!L:L,MATCH($A290,MEMÓRIA!A:A,0))","v":16.18},{"$nulls":7}," "]
["1.7.3.1 87313",null,87313,"SINAPI",{"$f":"INDEX('CPU - PROJETO'!$C:$C,MATCH($C291,'CPU - PROJETO'!$B:$B,0))","v":"ARGAMASSA TRAÇO 1:3 (EM VOLUME DE CIMENTO E AREIA GROSSA ÚMIDA) PARA CHAPISCO CONVENCIONAL, PREPARO MECÂNICO COM BETONEIRA 400 L. AF_08/2019"},{"$f":"INDEX('CPU - PROJETO'!$D:$D,MATCH($C291,'CPU - PROJETO'!$B:$B,0))","v":"M3"},{"$f":"INDEX('CPU - PROJETO'!T:T,MATCH(A291,'CPU - PROJETO'!W:W,0))","v":5.9866000000000003E-2},{"$nulls":7}," "]
["1.7.3.1 367",null,367,"SINAPI",{"$f":"INDEX('CPU - PROJ.AUX'!$P:$P,MATCH($A292,'CPU - PROJ.AUX'!$W:$W,0))","v":"AREIA GROSSA - POSTO JAZIDA/FORNECEDOR (RETIRADO NA JAZIDA, SEM TRANSPORTE)"},{"$f":"INDEX('CPU - PROJ.AUX'!$R:$R,MATCH($A292,'CPU - PROJ.AUX'!$W:$W,0))","v":"M3"},{"$f":"INDEX('CPU - PROJ.AUX'!T:T,MATCH(A292,'CPU - PROJ.AUX'!W:W,0))*$G$290","v":5.6872699999999998E-2},{"$f":"TRUNC(IF(INDEX('CPU - PROJ.AUX'!$H:$H,MATCH($A292,'CPU - PROJ.AUX'!$W:$W,0))=0,INDEX('CPU - PROJ.AUX'!$I:$I,MATCH($A292,'CPU - PROJ.AUX'!$W:$W,0)),INDEX('CPU - PROJ.AUX'!$H:$H,MATCH($A292,'CPU - PROJ.AUX'!$W:$W,0))),2)","v":130.68},{"$f":"$I$6","v":0.13519999999999999},{"$f":"TRUNC(H292*(1+I292),2)","v":148.34},{"$f":"TRUNC(G292*J292,2)","v":8.43},{"$f":"K292/$K$550","v":1.2132992976950197E-5},null,null,"MATERIAL"]
["1.7.3.1 1379",null,1379,"SINAPI",{"$f":"INDEX('CPU - PROJ.AUX'!$P:$P,MATCH($A293,'CPU - PROJ.AUX'!$W:$W,0))","v":"CIMENTO PORTLAND COMPOSTO CP II-32"},{"$f":"INDEX('CPU - PROJ.AUX'!$R:$R,MATCH($A293,'CPU - PROJ.AUX'!$W:$W,0))","v":"KG"},{"$f":"INDEX('CPU - PROJ.AUX'!T:T,MATCH(A293,'CPU - PROJ.AUX'!W:W,0))*$G$290","v":25.532250340000001},{"$f":"TRUNC(IF(INDEX('CPU - PROJ.AUX'!$H:$H,MATCH($A293,'CPU - PROJ.AUX'!$W:$W,0))=0,INDEX('CPU - PROJ.AUX'!$I:$I,MATCH($A293,'CPU - PROJ.AUX'!$W:$W,0)),INDEX('CPU - PROJ.AUX'!$H:$H,MATCH($A293,'CPU - PROJ.AUX'!$W:$W,0))),2)","v":0.7},{"$f":"$I$6","v":0.13519999999999999},0.79,20.170000000000002,2.9029948795383808E-5,null,null,"MATERIAL"]
["1.7.3.1 88377",null,88377,"SINAPI",{"$f":"INDEX('CPU - PROJ.AUX'!$P:$P,MATCH($A294,'CPU - PROJ.AUX'!$W:$W,0))","v":"OPERADOR DE BETONEIRA ESTACIONÁRIA/MISTURADOR COM ENCARGOS COMPLEMENTARES"},{"$f":"INDEX('CPU - PROJ.AUX'!$R:$R,MATCH($A294,'CPU - PROJ.AUX'!$W:$W,0))","v":"H"},{"$f":"INDEX('CPU - PROJ.AUX'!T:T,MATCH(A294,'CPU - PROJ.AUX'!W:W,0))*$G$290","v":0.25862112000000004},{"$f":"TRUNC(IF(INDEX('CPU - PROJ.AUX'!$H:$H,MATCH($A294,'CPU - PROJ.AUX'!$W:$W,0))=0,INDEX('CPU - PROJ.AUX'!$I:$I,MATCH($A294,'CPU - PROJ.AUX'!$W:$W,0)),INDEX('CPU - PROJ.AUX'!$H:$H,MATCH($A294,'CPU - PROJ.AUX'!$W:$W,0))),2)","v":28.14},0.22720000000000001,34.53,8.93,1.2852624826116875E-5,null,null,"SERVIÇOS"]
["1.7.3.1 88830",null,88830,"SINAPI",{"$f":"INDEX('CPU - PROJ.AUX'!$P:$P,MATCH($A295,'CPU - PROJ.AUX'!$W:$W,0))","v":"BETONEIRA CAPACIDADE NOMINAL DE 400 L, CAPACIDADE DE MISTURA 280 L, MOTOR ELÉTRICO TRIFÁSICO POTÊNCIA DE 2 CV, SEM CARREGADOR - CHP DIURNO. AF_10/2014"},{"$f":"INDEX('CPU - PROJ.AUX'!$R:$R,MATCH($A295,'CPU - PROJ.AUX'!$W:$W,0))","v":"CHP"},{"$f":"INDEX('CPU - PROJ.AUX'!T:T,MATCH(A295,'CPU - PROJ.AUX'!W:W,0))*$G$290","v":6.0464660000000003E-2},{"$f":"TRUNC(IF(INDEX('CPU - PROJ.AUX'!$H:$H,MATCH($A295,'CPU - PROJ.AUX'!$W:$W,0))=0,INDEX('CPU - PROJ.AUX'!$I:$I,MATCH($A295,'CPU - PROJ.AUX'!$W:$W,0)),INDEX('CPU - PROJ.AUX'!$H:$H,MATCH($A295,'CPU - PROJ.AUX'!$W:$W,0))),2)","v":1.88},0.22720000000000001,2.2999999999999998,0.13,1.8710428078333638E-7,null,null,"SERVIÇOS"]
["1.7.3.1 88831",null,88831,"SINAPI",{"$f":"INDEX('CPU - PROJ.AUX'!$P:$P,MATCH($A296,'CPU - PROJ.AUX'!$W:$W,0))","v":"BETONEIRA CAPACIDADE NOMINAL DE 400 L, CAPACIDADE DE MISTURA 280 L, MOTOR ELÉTRICO TRIFÁSICO POTÊNCIA DE 2 CV, SEM CARREGADOR - CHI DIURNO. AF_10/2014"},{"$f":"INDEX('CPU - PROJ.AUX'!$R:$R,MATCH($A296,'CPU - PROJ.AUX'!$W:$W,0))","v":"CHI"},{"$f":"INDEX('CPU - PROJ.AUX'!T:T,MATCH(A296,'CPU - PROJ.AUX'!W:W,0))*$G$290","v":0.19815646000000001},{"$f":"TRUNC(IF(INDEX('CPU - PROJ.AUX'!$H:$H,MATCH($A296,'CPU - PROJ.AUX'!$W:$W,0))=0,INDEX('CPU - PROJ.AUX'!$I:$I,MATCH($A296,'CPU - PROJ.AUX'!$W:$W,0)),INDEX('CPU - PROJ.AUX'!$H:$H,MATCH($A296,'CPU - PROJ.AUX'!$W:$W,0))),2)","v":0.39},0.22720000000000001,0.47,0.09,1.295337328500021E-7,null,null,"SERVIÇOS"]
["1.7.3.1 88309",null,88309,"SINAPI",{"$f":"INDEX('CPU - PROJETO'!$C:$C,MATCH($C297,'CPU - PROJETO'!$B:$B,0))","v":"PEDREIRO COM ENCARGOS COMPLEMENTARES"},{"$f":"INDEX('CPU - PROJETO'!$D:$D,MATCH($C297,'CPU - PROJETO'!$B:$B,0))","v":"H"},{"$f":"INDEX('CPU - PROJETO'!T:T,MATCH(A297,'CPU - PROJETO'!W:W,0))","v":1.1018579999999998},{"$f":"TRUNC(IF(INDEX('CPU - PROJETO'!$H:$H,MATCH($C297,'CPU - PROJETO'!$B:$B,0))=0,INDEX('CPU - PROJETO'!$I:$I,MATCH($C297,'CPU - PROJETO'!$B:$B,0)),INDEX('CPU - PROJETO'!$H:$H,MATCH($C297,'CPU - PROJETO'!$B:$B,0))),2)","v":25.38},{"$f":"$I$5","v":0.22720000000000001},31.14,34.31,4.9381137489817471E-5,null,null,"SERVIÇOS"]
["1.7.3.1 88316",null,88316,"SINAPI",{"$f":"INDEX('CPU - PROJETO'!$C:$C,MATCH($C298,'CPU - PROJETO'!$B:$B,0))","v":"SERVENTE COM ENCARGOS COMPLEMENTARES"},{"$f":"INDEX('CPU - PROJETO'!$D:$D,MATCH($C298,'CPU - PROJETO'!$B:$B,0))","v":"H"},{"$f":"INDEX('CPU - PROJETO'!T:T,MATCH(A298,'CPU - PROJETO'!W:W,0))","v":0.41258999999999996},{"$f":"TRUNC(IF(INDEX('CPU - PROJETO'!$H:$H,MATCH($C298,'CPU - PROJETO'!$B:$B,0))=0,INDEX('CPU - PROJETO'!$I:$I,MATCH($C298,'CPU - PROJETO'!$B:$B,0)),INDEX('CPU - PROJETO'!$H:$H,MATCH($C298,'CPU - PROJETO'!$B:$B,0))),2)","v":20.420000000000002},0.22720000000000001,25.05,10.33,1.4867594003783576E-5,null,null,"SERVIÇOS"]
["1.7.3.2","1.7.3.2",87905,"SINAPI",{"$f":"INDEX('CPU - PROJETO'!$C:$C,MATCH($C299,'CPU - PROJETO'!$B:$B,0))","v":"CHAPISCO APLICADO EM ALVENARIA (COM PRESENÇA DE VÃOS) E ESTRUTURAS DE CONCRETO DE FACHADA, COM COLHER DE PEDREIRO.  ARGAMASSA TRAÇO 1:3 COM PREPARO EM BETONEIRA 400L. AF_06/2014"},{"$f":"INDEX('CPU - PROJETO'!$D:$D,MATCH($C299,'CPU - PROJETO'!$B:$B,0))","v":"M2"},{"$f":"INDEX(MEMÓRIA!L:L,MATCH($A299,MEMÓRIA!A:A,0))","v":16.18},{"$nulls":7}," "]
["1.7.3.2 87313",null,87313,"SINAPI",{"$f":"INDEX('CPU - PROJETO'!$C:$C,MATCH($C300,'CPU - PROJETO'!$B:$B,0))","v":"ARGAMASSA TRAÇO 1:3 (EM VOLUME DE CIMENTO E AREIA GROSSA ÚMIDA) PARA CHAPISCO CONVENCIONAL, PREPARO MECÂNICO COM BETONEIRA 400 L. AF_08/2019"},{"$f":"INDEX('CPU - PROJETO'!$D:$D,MATCH($C300,'CPU - PROJETO'!$B:$B,0))","v":"M3"},{"$f":"INDEX('CPU - PROJETO'!T:T,MATCH(A300,'CPU - PROJETO'!W:W,0))","v":6.7955999999999989E-2},{"$nulls":7}," "]
["1.7.3.2 367",null,367,"SINAPI",{"$f":"INDEX('CPU - PROJ.AUX'!$P:$P,MATCH($A301,'CPU - PROJ.AUX'!$W:$W,0))","v":"AREIA GROSSA - POSTO JAZIDA/FORNECEDOR (RETIRADO NA JAZIDA, SEM TRANSPORTE)"},{"$f":"INDEX('CPU - PROJ.AUX'!$R:$R,MATCH($A301,'CPU - PROJ.AUX'!$W:$W,0))","v":"M3"},{"$f":"INDEX('CPU - PROJ.AUX'!T:T,MATCH(A301,'CPU - PROJ.AUX'!W:W,0))*$G$299","v":6.4558199999999996E-2},{"$f":"TRUNC(IF(INDEX('CPU - PROJ.AUX'!$H:$H,MATCH($A301,'CPU - PROJ.AUX'!$W:$W,0))=0,INDEX('CPU - PROJ.AUX'!$I:$I,MATCH($A301,'CPU - PROJ.AUX'!$W:$W,0)),INDEX('CPU - PROJ.AUX'!$H:$H,MATCH($A301,'CPU - PROJ.AUX'!$W:$W,0))),2)","v":130.68},{"$f":"$I$6","v":0.13519999999999999},{"$f":"TRUNC(H301*(1+I301),2)","v":148.34},{"$f":"TRUNC(G301*J301,2)","v":9.57},1.3773753593050225E-5,null,null,"MATERIAL"]
["1.7.3.2 1379",null,1379,"SINAPI",{"$f":"INDEX('CPU - PROJ.AUX'!$P:$P,MATCH($A302,'CPU - PROJ.AUX'!$W:$W,0))","v":"CIMENTO PORTLAND COMPOSTO CP II-32"},{"$f":"INDEX('CPU - PROJ.AUX'!$R:$R,MATCH($A302,'CPU - PROJ.AUX'!$W:$W,0))","v":"KG"},{"$f":"INDEX('CPU - PROJ.AUX'!T:T,MATCH(A302,'CPU - PROJ.AUX'!W:W,0))*$G$299","v":28.982554440000001},{"$f":"TRUNC(IF(INDEX('CPU - PROJ.AUX'!$H:$H,MATCH($A302,'CPU - PROJ.AUX'!$W:$W,0))=0,INDEX('CPU - PROJ.AUX'!$I:$I,MATCH($A302,'CPU - PROJ.AUX'!$W:$W,0)),INDEX('CPU - PROJ.AUX'!$H:$H,MATCH($A302,'CPU - PROJ.AUX'!$W:$W,0))),2)","v":0.7},{"$f":"$I$6","v":0.13519999999999999},0.79,22.89,3.2944746054850536E-5,null,null,"MATERIAL"]
["1.7.3.2 88377",null,88377,"SINAPI",{"$f":"INDEX('CPU - PROJ.AUX'!$P:$P,MATCH($A303,'CPU - PROJ.AUX'!$W:$W,0))","v":"OPERADOR DE BETONEIRA ESTACIONÁRIA/MISTURADOR COM ENCARGOS COMPLEMENTARES"},{"$f":"INDEX('CPU - PROJ.AUX'!$R:$R,MATCH($A303,'CPU - PROJ.AUX'!$W:$W,0))","v":"H"},{"$f":"INDEX('CPU - PROJ.AUX'!T:T,MATCH(A303,'CPU - PROJ.AUX'!W:W,0))*$G$299","v":0.29356991999999998},{"$f":"TRUNC(IF(INDEX('CPU - PROJ.AUX'!$H:$H,MATCH($A303,'CPU - PROJ.AUX'!$W:$W,0))=0,INDEX('CPU - PROJ.AUX'!$I:$I,MATCH($A303,'CPU - PROJ.AUX'!$W:$W,0)),INDEX('CPU - PROJ.AUX'!$H:$H,MATCH($A303,'CPU - PROJ.AUX'!$W:$W,0))),2)","v":28.14},0.22720000000000001,34.53,10.130000000000001,1.4579741264116905E-5,null,null,"SERVIÇOS"]
["1.7.3.2 88830",null,88830,"SINAPI",{"$f":"INDEX('CPU - PROJ.AUX'!$P:$P,MATCH($A304,'CPU - PROJ.AUX'!$W:$W,0))","v":"BETONEIRA CAPACIDADE NOMINAL DE 400 L, CAPACIDADE DE MISTURA 280 L, MOTOR ELÉTRICO TRIFÁSICO POTÊNCIA DE 2 CV, SEM CARREGADOR - CHP DIURNO. AF_10/2014"},{"$f":"INDEX('CPU - PROJ.AUX'!$R:$R,MATCH($A304,'CPU - PROJ.AUX'!$W:$W,0))","v":"CHP"},{"$f":"INDEX('CPU - PROJ.AUX'!T:T,MATCH(A304,'CPU - PROJ.AUX'!W:W,0))*$G$299","v":6.8635559999999998E-2},{"$f":"TRUNC(IF(INDEX('CPU - PROJ.AUX'!$H:$H,MATCH($A304,'CPU - PROJ.AUX'!$W:$W,0))=0,INDEX('CPU - PROJ.AUX'!$I:$I,MATCH($A304,'CPU - PROJ.AUX'!$W:$W,0)),INDEX('CPU - PROJ.AUX'!$H:$H,MATCH($A304,'CPU - PROJ.AUX'!$W:$W,0))),2)","v":1.88},0.22720000000000001,2.2999999999999998,0.15,2.158895547500035E-7,null,null,"SERVIÇOS"]
["1.7.3.2 88831",null,88831,"SINAPI",{"$f":"INDEX('CPU - PROJ.AUX'!$P:$P,MATCH($A305,'CPU - PROJ.AUX'!$W:$W,0))","v":"BETONEIRA CAPACIDADE NOMINAL DE 400 L, CAPACIDADE DE MISTURA 280 L, MOTOR ELÉTRICO TRIFÁSICO POTÊNCIA DE 2 CV, SEM CARREGADOR - CHI DIURNO. AF_10/2014"},{"$f":"INDEX('CPU - PROJ.AUX'!$R:$R,MATCH($A305,'CPU - PROJ.AUX'!$W:$W,0))","v":"CHI"},{"$f":"INDEX('CPU - PROJ.AUX'!T:T,MATCH(A305,'CPU - PROJ.AUX'!W:W,0))*$G$299","v":0.22493436},{"$f":"TRUNC(IF(INDEX('CPU - PROJ.AUX'!$H:$H,MATCH($A305,'CPU - PROJ.AUX'!$W:$W,0))=0,INDEX('CPU - PROJ.AUX'!$I:$I,MATCH($A305,'CPU - PROJ.AUX'!$W:$W,0)),INDEX('CPU - PROJ.AUX'!$H:$H,MATCH($A305,'CPU - PROJ.AUX'!$W:$W,0))),2)","v":0.39},0.22720000000000001,0.47,0.1,1.4392636983333569E-7,null,null,"SERVIÇOS"]
["1.7.3.2 88309",null,88309,"SINAPI",{"$f":"INDEX('CPU - PROJETO'!$C:$C,MATCH($C306,'CPU - PROJETO'!$B:$B,0))","v":"PEDREIRO COM ENCARGOS COMPLEMENTARES"},{"$f":"INDEX('CPU - PROJETO'!$D:$D,MATCH($C306,'CPU - PROJETO'!$B:$B,0))","v":"H"},{"$f":"INDEX('CPU - PROJETO'!T:T,MATCH(A306,'CPU - PROJETO'!W:W,0))","v":2.7894320000000001},{"$f":"TRUNC(IF(INDEX('CPU - PROJETO'!$H:$H,MATCH($C306,'CPU - PROJETO'!$B:$B,0))=0,INDEX('CPU - PROJETO'!$I:$I,MATCH($C306,'CPU - PROJETO'!$B:$B,0)),INDEX('CPU - PROJETO'!$H:$H,MATCH($C306,'CPU - PROJETO'!$B:$B,0))),2)","v":25.38},0.22720000000000001,31.14,86.86,1.2501444483723536E-4,null,null,"SERVIÇOS"]
["1.7.3.2 88316",null,88316,"SINAPI",{"$f":"INDEX('CPU - PROJETO'!$C:$C,MATCH($C307,'CPU - PROJETO'!$B:$B,0))","v":"SERVENTE COM ENCARGOS COMPLEMENTARES"},{"$f":"INDEX('CPU - PROJETO'!$D:$D,MATCH($C307,'CPU - PROJETO'!$B:$B,0))","v":"H"},{"$f":"INDEX('CPU - PROJETO'!T:T,MATCH(A307,'CPU - PROJETO'!W:W,0))","v":0.93035000000000001},{"$f":"TRUNC(IF(INDEX('CPU - PROJETO'!$H:$H,MATCH($C307,'CPU - PROJETO'!$B:$B,0))=0,INDEX('CPU - PROJETO'!$I:$I,MATCH($C307,'CPU - PROJETO'!$B:$B,0)),INDEX('CPU - PROJETO'!$H:$H,MATCH($C307,'CPU - PROJETO'!$B:$B,0))),2)","v":20.420000000000002},0.22720000000000001,25.05,23.3,3.3534844171167215E-5,null,null,"SERVIÇOS"]
["1.7.3.3","1.7.3.3",87529,"SINAPI",{"$f":"INDEX('CPU - PROJETO'!$C:$C,MATCH($C308,'CPU - PROJETO'!$B:$B,0))","v":"MASSA ÚNICA, PARA RECEBIMENTO DE PINTURA, EM ARGAMASSA TRAÇO 1:2:8, PREPARO MECÂNICO COM BETONEIRA 400L, APLICADA MANUALMENTE EM FACES INTERNAS DE PAREDES, ESPESSURA DE 20MM, COM EXECUÇÃO DE TALISCAS. AF_06/2014"},{"$f":"INDEX('CPU - PROJETO'!$D:$D,MATCH($C308,'CPU - PROJETO'!$B:$B,0))","v":"M2"},{"$f":"INDEX(MEMÓRIA!L:L,MATCH($A308,MEMÓRIA!A:A,0))","v":16.18},{"$nulls":7}," "]
["1.7.3.3 87292",null,87292,"SINAPI",{"$f":"INDEX('CPU - PROJETO'!$C:$C,MATCH($C309,'CPU - PROJETO'!$B:$B,0))","v":"ARGAMASSA TRAÇO 1:2:8 (EM VOLUME DE CIMENTO, CAL E AREIA MÉDIA ÚMIDA) PARA EMBOÇO/MASSA ÚNICA/ASSENTAMENTO DE ALVENARIA DE VEDAÇÃO, PREPARO MECÂNICO COM BETONEIRA 400 L. AF_08/2019"},{"$f":"INDEX('CPU - PROJETO'!$D:$D,MATCH($C309,'CPU - PROJETO'!$B:$B,0))","v":"M3"},{"$f":"INDEX('CPU - PROJETO'!T:T,MATCH(A309,'CPU - PROJETO'!W:W,0))","v":0.60836800000000002},{"$nulls":7}," "]
["1.7.3.3 370",null,370,"SINAPI",{"$f":"INDEX('CPU - PROJ.AUX'!$P:$P,MATCH($A310,'CPU - PROJ.AUX'!$W:$W,0))","v":"AREIA MEDIA - POSTO JAZIDA/FORNECEDOR (RETIRADO NA JAZIDA, SEM TRANSPORTE)"},{"$f":"INDEX('CPU - PROJ.AUX'!$R:$R,MATCH($A310,'CPU - PROJ.AUX'!$W:$W,0))","v":"M3"},{"$f":"INDEX('CPU - PROJ.AUX'!T:T,MATCH(A310,'CPU - PROJ.AUX'!W:W,0))*$G$308","v":0.70570688000000004},{"$f":"TRUNC(IF(INDEX('CPU - PROJ.AUX'!$H:$H,MATCH($A310,'CPU - PROJ.AUX'!$W:$W,0))=0,INDEX('CPU - PROJ.AUX'!$I:$I,MATCH($A310,'CPU - PROJ.AUX'!$W:$W,0)),INDEX('CPU - PROJ.AUX'!$H:$H,MATCH($A310,'CPU - PROJ.AUX'!$W:$W,0))),2)","v":129},{"$f":"$I$6","v":0.13519999999999999},146.44,103.34,1.487335105857691E-4,null,null,"MATERIAL"]
["1.7.3.3 1106",null,1106,"SINAPI",{"$f":"INDEX('CPU - PROJ.AUX'!$P:$P,MATCH($A311,'CPU - PROJ.AUX'!$W:$W,0))","v":"CAL HIDRATADA CH-I PARA ARGAMASSAS"},{"$f":"INDEX('CPU - PROJ.AUX'!$R:$R,MATCH($A311,'CPU - PROJ.AUX'!$W:$W,0))","v":"KG"},{"$f":"INDEX('CPU - PROJ.AUX'!T:T,MATCH(A311,'CPU - PROJ.AUX'!W:W,0))*$G$308","v":105.9168688},{"$f":"TRUNC(IF(INDEX('CPU - PROJ.AUX'!$H:$H,MATCH($A311,'CPU - PROJ.AUX'!$W:$W,0))=0,INDEX('CPU - PROJ.AUX'!$I:$I,MATCH($A311,'CPU - PROJ.AUX'!$W:$W,0)),INDEX('CPU - PROJ.AUX'!$H:$H,MATCH($A311,'CPU - PROJ.AUX'!$W:$W,0))),2)","v":1.4},{"$f":"$I$6","v":0.13519999999999999},1.58,167.34,2.4084638727910393E-4,null,null,"MATERIAL"]
["1.7.3.3 1379",null,1379,"SINAPI",{"$f":"INDEX('CPU - PROJ.AUX'!$P:$P,MATCH($A312,'CPU - PROJ.AUX'!$W:$W,0))","v":"CIMENTO PORTLAND COMPOSTO CP II-32"},{"$f":"INDEX('CPU - PROJ.AUX'!$R:$R,MATCH($A312,'CPU - PROJ.AUX'!$W:$W,0))","v":"KG"},{"$f":"INDEX('CPU - PROJ.AUX'!T:T,MATCH(A312,'CPU - PROJ.AUX'!W:W,0))*$G$308","v":119.15495648000001},{"$f":"TRUNC(IF(INDEX('CPU - PROJ.AUX'!$H:$H,MATCH($A312,'CPU - PROJ.AUX'!$W:$W,0))=0,INDEX('CPU - PROJ.AUX'!$I:$I,MATCH($A312,'CPU - PROJ.AUX'!$W:$W,0)),INDEX('CPU - PROJ.AUX'!$H:$H,MATCH($A312,'CPU - PROJ.AUX'!$W:$W,0))),2)","v":0.7},{"$f":"$I$6","v":0.13519999999999999},0.79,94.13,1.3547789192411888E-4,null,null,"MATERIAL"]
["1.7.3.3 88377",null,88377,"SINAPI",{"$f":"INDEX('CPU - PROJ.AUX'!$P:$P,MATCH($A313,'CPU - PROJ.AUX'!$W:$W,0))","v":"OPERADOR DE BETONEIRA ESTACIONÁRIA/MISTURADOR COM ENCARGOS COMPLEMENTARES"},{"$f":"INDEX('CPU - PROJ.AUX'!$R:$R,MATCH($A313,'CPU - PROJ.AUX'!$W:$W,0))","v":"H"},{"$f":"INDEX('CPU - PROJ.AUX'!T:T,MATCH(A313,'CPU - PROJ.AUX'!W:W,0))*$G$308","v":2.7376560000000003},{"$f":"TRUNC(IF(INDEX('CPU - PROJ.AUX'!$H:$H,MATCH($A313,'CPU - PROJ.AUX'!$W:$W,0))=0,INDEX('CPU - PROJ.AUX'!$I:$I,MATCH($A313,'CPU - PROJ.AUX'!$W:$W,0)),INDEX('CPU - PROJ.AUX'!$H:$H,MATCH($A313,'CPU - PROJ.AUX'!$W:$W,0))),2)","v":28.14},0.22720000000000001,34.53,94.53,1.3605359740345222E-4,null,null,"SERVIÇOS"]
["1.7.3.3 88830",null,88830,"SINAPI",{"$f":"INDEX('CPU - PROJ.AUX'!$P:$P,MATCH($A314,'CPU - PROJ.AUX'!$W:$W,0))","v":"BETONEIRA CAPACIDADE NOMINAL DE 400 L, CAPACIDADE DE MISTURA 280 L, MOTOR ELÉTRICO TRIFÁSICO POTÊNCIA DE 2 CV, SEM CARREGADOR - CHP DIURNO. AF_10/2014"},{"$f":"INDEX('CPU - PROJ.AUX'!$R:$R,MATCH($A314,'CPU - PROJ.AUX'!$W:$W,0))","v":"CHP"},{"$f":"INDEX('CPU - PROJ.AUX'!T:T,MATCH(A314,'CPU - PROJ.AUX'!W:W,0))*$G$308","v":0.63878639999999998},{"$f":"TRUNC(IF(INDEX('CPU - PROJ.AUX'!$H:$H,MATCH($A314,'CPU - PROJ.AUX'!$W:$W,0))=0,INDEX('CPU - PROJ.AUX'!$I:$I,MATCH($A314,'CPU - PROJ.AUX'!$W:$W,0)),INDEX('CPU - PROJ.AUX'!$H:$H,MATCH($A314,'CPU - PROJ.AUX'!$W:$W,0))),2)","v":1.88},0.22720000000000001,2.2999999999999998,1.46,2.1013249995667009E-6,null,null,"SERVIÇOS"]
["1.7.3.3 88831",null,88831,"SINAPI",{"$f":"INDEX('CPU - PROJ.AUX'!$P:$P,MATCH($A315,'CPU - PROJ.AUX'!$W:$W,0))","v":"BETONEIRA CAPACIDADE NOMINAL DE 400 L, CAPACIDADE DE MISTURA 280 L, MOTOR ELÉTRICO TRIFÁSICO POTÊNCIA DE 2 CV, SEM CARREGADOR - CHI DIURNO. AF_10/2014"},{"$f":"INDEX('CPU - PROJ.AUX'!$R:$R,MATCH($A315,'CPU - PROJ.AUX'!$W:$W,0))","v":"CHI"},{"$f":"INDEX('CPU - PROJ.AUX'!T:T,MATCH(A315,'CPU - PROJ.AUX'!W:W,0))*$G$308","v":2.0988696},{"$f":"TRUNC(IF(INDEX('CPU - PROJ.AUX'!$H:$H,MATCH($A315,'CPU - PROJ.AUX'!$W:$W,0))=0,INDEX('CPU - PROJ.AUX'!$I:$I,MATCH($A315,'CPU - PROJ.AUX'!$W:$W,0)),INDEX('CPU - PROJ.AUX'!$H:$H,MATCH($A315,'CPU - PROJ.AUX'!$W:$W,0))),2)","v":0.39},0.22720000000000001,0.47,0.98,1.4104784243666896E-6,null,null,"SERVIÇOS"]
["1.7.3.3 88309",null,88309,"SINAPI",{"$f":"INDEX('CPU - PROJETO'!$C:$C,MATCH($C316,'CPU - PROJETO'!$B:$B,0))","v":"PEDREIRO COM ENCARGOS COMPLEMENTARES"},{"$f":"INDEX('CPU - PROJETO'!$D:$D,MATCH($C316,'CPU - PROJETO'!$B:$B,0))","v":"H"},{"$f":"INDEX('CPU - PROJETO'!T:T,MATCH(A316,'CPU - PROJETO'!W:W,0))","v":7.6045999999999996},{"$f":"TRUNC(IF(INDEX('CPU - PROJETO'!$H:$H,MATCH($C316,'CPU - PROJETO'!$B:$B,0))=0,INDEX('CPU - PROJETO'!$I:$I,MATCH($C316,'CPU - PROJETO'!$B:$B,0)),INDEX('CPU - PROJETO'!$H:$H,MATCH($C316,'CPU - PROJETO'!$B:$B,0))),2)","v":25.38},0.22720000000000001,31.14,236.8,3.4081764376533887E-4,null,null,"SERVIÇOS"]
["1.7.3.3 88316",null,88316,"SINAPI",{"$f":"INDEX('CPU - PROJETO'!$C:$C,MATCH($C317,'CPU - PROJETO'!$B:$B,0))","v":"SERVENTE COM ENCARGOS COMPLEMENTARES"},{"$f":"INDEX('CPU - PROJETO'!$D:$D,MATCH($C317,'CPU - PROJETO'!$B:$B,0))","v":"H"},{"$f":"INDEX('CPU - PROJETO'!T:T,MATCH(A317,'CPU - PROJETO'!W:W,0))","v":2.7667800000000002},{"$f":"TRUNC(IF(INDEX('CPU - PROJETO'!$H:$H,MATCH($C317,'CPU - PROJETO'!$B:$B,0))=0,INDEX('CPU - PROJETO'!$I:$I,MATCH($C317,'CPU - PROJETO'!$B:$B,0)),INDEX('CPU - PROJETO'!$H:$H,MATCH($C317,'CPU - PROJETO'!$B:$B,0))),2)","v":20.420000000000002},0.22720000000000001,25.05,69.3,9.9740974294501621E-5,null,null,"SERVIÇOS"]
["1.7.3.4","1.7.3.4",87775,"SINAPI",{"$f":"INDEX('CPU - PROJETO'!$C:$C,MATCH($C318,'CPU - PROJETO'!$B:$B,0))","v":"EMBOÇO OU MASSA ÚNICA EM ARGAMASSA TRAÇO 1:2:8, PREPARO MECÂNICO COM BETONEIRA 400 L, APLICADA MANUALMENTE EM PANOS DE FACHADA COM PRESENÇA DE VÃOS, ESPESSURA DE 25 MM. AF_06/2014"},{"$f":"INDEX('CPU - PROJETO'!$D:$D,MATCH($C318,'CPU - PROJETO'!$B:$B,0))","v":"M2"},{"$f":"INDEX(MEMÓRIA!L:L,MATCH($A318,MEMÓRIA!A:A,0))","v":26.18},{"$nulls":7}," "]
["1.7.3.4 37411",null,37411,"SINAPI",{"$f":"INDEX('CPU - PROJETO'!$C:$C,MATCH($C319,'CPU - PROJETO'!$B:$B,0))","v":"TELA DE ACO SOLDADA GALVANIZADA/ZINCADA PARA ALVENARIA, FIO  D = *1,24 MM, MALHA 25 X 25 MM"},{"$f":"INDEX('CPU - PROJETO'!$D:$D,MATCH($C319,'CPU - PROJETO'!$B:$B,0))","v":"M2"},{"$f":"INDEX('CPU - PROJETO'!T:T,MATCH(A319,'CPU - PROJETO'!W:W,0))","v":3.6337840000000003},{"$f":"TRUNC(IF(INDEX('CPU - PROJETO'!$H:$H,MATCH($C319,'CPU - PROJETO'!$B:$B,0))=0,INDEX('CPU - PROJETO'!$I:$I,MATCH($C319,'CPU - PROJETO'!$B:$B,0)),INDEX('CPU - PROJETO'!$H:$H,MATCH($C319,'CPU - PROJETO'!$B:$B,0))),2)","v":21.97},{"$f":"$I$6","v":0.13519999999999999},{"$f":"TRUNC(H319*(1+I319),2)","v":24.94},{"$f":"TRUNC(G319*J319,2)","v":90.62},1.3042607634296879E-4,null,null,"MATERIAL"]
["1.7.3.4 87292",null,87292,"SINAPI",{"$f":"INDEX('CPU - PROJETO'!$C:$C,MATCH($C320,'CPU - PROJETO'!$B:$B,0))","v":"ARGAMASSA TRAÇO 1:2:8 (EM VOLUME DE CIMENTO, CAL E AREIA MÉDIA ÚMIDA) PARA EMBOÇO/MASSA ÚNICA/ASSENTAMENTO DE ALVENARIA DE VEDAÇÃO, PREPARO MECÂNICO COM BETONEIRA 400 L. AF_08/2019"},{"$f":"INDEX('CPU - PROJETO'!$D:$D,MATCH($C320,'CPU - PROJETO'!$B:$B,0))","v":"M3"},{"$f":"INDEX('CPU - PROJETO'!T:T,MATCH(A320,'CPU - PROJETO'!W:W,0))","v":0.82205199999999989},{"$nulls":7}," "]
["1.7.3.4 370",null,370,"SINAPI",{"$f":"INDEX('CPU - PROJ.AUX'!$P:$P,MATCH($A321,'CPU - PROJ.AUX'!$W:$W,0))","v":"AREIA MEDIA - POSTO JAZIDA/FORNECEDOR (RETIRADO NA JAZIDA, SEM TRANSPORTE)"},{"$f":"INDEX('CPU - PROJ.AUX'!$R:$R,MATCH($A321,'CPU - PROJ.AUX'!$W:$W,0))","v":"M3"},{"$f":"INDEX('CPU - PROJ.AUX'!T:T,MATCH(A321,'CPU - PROJ.AUX'!W:W,0))*$G$318","v":0.9535803199999997},{"$f":"TRUNC(IF(INDEX('CPU - PROJ.AUX'!$H:$H,MATCH($A321,'CPU - PROJ.AUX'!$W:$W,0))=0,INDEX('CPU - PROJ.AUX'!$I:$I,MATCH($A321,'CPU - PROJ.AUX'!$W:$W,0)),INDEX('CPU - PROJ.AUX'!$H:$H,MATCH($A321,'CPU - PROJ.AUX'!$W:$W,0))),2)","v":129},{"$f":"$I$6","v":0.13519999999999999},146.44,139.63999999999999,2.0097878283526993E-4,null,null,"MATERIAL"]
["1.7.3.4 1106",null,1106,"SINAPI",{"$f":"INDEX('CPU - PROJ.AUX'!$P:$P,MATCH($A322,'CPU - PROJ.AUX'!$W:$W,0))","v":"CAL HIDRATADA CH-I PARA ARGAMASSAS"},{"$f":"INDEX('CPU - PROJ.AUX'!$R:$R,MATCH($A322,'CPU - PROJ.AUX'!$W:$W,0))","v":"KG"},{"$f":"INDEX('CPU - PROJ.AUX'!T:T,MATCH(A322,'CPU - PROJ.AUX'!W:W,0))*$G$318","v":143.1192532},{"$f":"TRUNC(IF(INDEX('CPU - PROJ.AUX'!$H:$H,MATCH($A322,'CPU - PROJ.AUX'!$W:$W,0))=0,INDEX('CPU - PROJ.AUX'!$I:$I,MATCH($A322,'CPU - PROJ.AUX'!$W:$W,0)),INDEX('CPU - PROJ.AUX'!$H:$H,MATCH($A322,'CPU - PROJ.AUX'!$W:$W,0))),2)","v":1.4},{"$f":"$I$6","v":0.13519999999999999},1.58,226.12,3.2544630746713862E-4,null,null,"MATERIAL"]
["1.7.3.4 1379",null,1379,"SINAPI",{"$f":"INDEX('CPU - PROJ.AUX'!$P:$P,MATCH($A323,'CPU - PROJ.AUX'!$W:$W,0))","v":"CIMENTO PORTLAND COMPOSTO CP II-32"},{"$f":"INDEX('CPU - PROJ.AUX'!$R:$R,MATCH($A323,'CPU - PROJ.AUX'!$W:$W,0))","v":"KG"},{"$f":"INDEX('CPU - PROJ.AUX'!T:T,MATCH(A323,'CPU - PROJ.AUX'!W:W,0))*$G$318","v":161.00710472},{"$f":"TRUNC(IF(INDEX('CPU - PROJ.AUX'!$H:$H,MATCH($A323,'CPU - PROJ.AUX'!$W:$W,0))=0,INDEX('CPU - PROJ.AUX'!$I:$I,MATCH($A323,'CPU - PROJ.AUX'!$W:$W,0)),INDEX('CPU - PROJ.AUX'!$H:$H,MATCH($A323,'CPU - PROJ.AUX'!$W:$W,0))),2)","v":0.7},{"$f":"$I$6","v":0.13519999999999999},0.79,127.19,1.8305994979101963E-4,null,null,"MATERIAL"]
["1.7.3.4 88377",null,88377,"SINAPI",{"$f":"INDEX('CPU - PROJ.AUX'!$P:$P,MATCH($A324,'CPU - PROJ.AUX'!$W:$W,0))","v":"OPERADOR DE BETONEIRA ESTACIONÁRIA/MISTURADOR COM ENCARGOS COMPLEMENTARES"},{"$f":"INDEX('CPU - PROJ.AUX'!$R:$R,MATCH($A324,'CPU - PROJ.AUX'!$W:$W,0))","v":"H"},{"$f":"INDEX('CPU - PROJ.AUX'!T:T,MATCH(A324,'CPU - PROJ.AUX'!W:W,0))*$G$318","v":3.6992339999999992},{"$f":"TRUNC(IF(INDEX('CPU - PROJ.AUX'!$H:$H,MATCH($A324,'CPU - PROJ.AUX'!$W:$W,0))=0,INDEX('CPU - PROJ.AUX'!$I:$I,MATCH($A324,'CPU - PROJ.AUX'!$W:$W,0)),INDEX('CPU - PROJ.AUX'!$H:$H,MATCH($A324,'CPU - PROJ.AUX'!$W:$W,0))),2)","v":28.14},0.22720000000000001,34.53,127.73,1.8383715218811967E-4,null,null,"SERVIÇOS"]
["1.7.3.4 88830",null,88830,"SINAPI",{"$f":"INDEX('CPU - PROJ.AUX'!$P:$P,MATCH($A325,'CPU - PROJ.AUX'!$W:$W,0))","v":"BETONEIRA CAPACIDADE NOMINAL DE 400 L, CAPACIDADE DE MISTURA 280 L, MOTOR ELÉTRICO TRIFÁSICO POTÊNCIA DE 2 CV, SEM CARREGADOR - CHP DIURNO. AF_10/2014"},{"$f":"INDEX('CPU - PROJ.AUX'!$R:$R,MATCH($A325,'CPU - PROJ.AUX'!$W:$W,0))","v":"CHP"},{"$f":"INDEX('CPU - PROJ.AUX'!T:T,MATCH(A325,'CPU - PROJ.AUX'!W:W,0))*$G$318","v":0.86315459999999999},{"$f":"TRUNC(IF(INDEX('CPU - PROJ.AUX'!$H:$H,MATCH($A325,'CPU - PROJ.AUX'!$W:$W,0))=0,INDEX('CPU - PROJ.AUX'!$I:$I,MATCH($A325,'CPU - PROJ.AUX'!$W:$W,0)),INDEX('CPU - PROJ.AUX'!$H:$H,MATCH($A325,'CPU - PROJ.AUX'!$W:$W,0))),2)","v":1.88},0.22720000000000001,2.2999999999999998,1.98,2.8497421227000462E-6,null,null,"SERVIÇOS"]
["1.7.3.4 88831",null,88831,"SINAPI",{"$f":"INDEX('CPU - PROJ.AUX'!$P:$P,MATCH($A326,'CPU - PROJ.AUX'!$W:$W,0))","v":"BETONEIRA CAPACIDADE NOMINAL DE 400 L, CAPACIDADE DE MISTURA 280 L, MOTOR ELÉTRICO TRIFÁSICO POTÊNCIA DE 2 CV, SEM CARREGADOR - CHI DIURNO. AF_10/2014"},{"$f":"INDEX('CPU - PROJ.AUX'!$R:$R,MATCH($A326,'CPU - PROJ.AUX'!$W:$W,0))","v":"CHI"},{"$f":"INDEX('CPU - PROJ.AUX'!T:T,MATCH(A326,'CPU - PROJ.AUX'!W:W,0))*$G$318","v":2.8360794},{"$f":"TRUNC(IF(INDEX('CPU - PROJ.AUX'!$H:$H,MATCH($A326,'CPU - PROJ.AUX'!$W:$W,0))=0,INDEX('CPU - PROJ.AUX'!$I:$I,MATCH($A326,'CPU - PROJ.AUX'!$W:$W,0)),INDEX('CPU - PROJ.AUX'!$H:$H,MATCH($A326,'CPU - PROJ.AUX'!$W:$W,0))),2)","v":0.39},0.22720000000000001,0.47,1.33,1.9142207187833647E-6,null,null,"SERVIÇOS"]
["1.7.3.4 88309",null,88309,"SINAPI",{"$f":"INDEX('CPU - PROJETO'!$C:$C,MATCH($C327,'CPU - PROJETO'!$B:$B,0))","v":"PEDREIRO COM ENCARGOS COMPLEMENTARES"},{"$f":"INDEX('CPU - PROJETO'!$D:$D,MATCH($C327,'CPU - PROJETO'!$B:$B,0))","v":"H"},{"$f":"INDEX('CPU - PROJETO'!T:T,MATCH(A327,'CPU - PROJETO'!W:W,0))","v":17.776220000000002},{"$f":"TRUNC(IF(INDEX('CPU - PROJETO'!$H:$H,MATCH($C327,'CPU - PROJETO'!$B:$B,0))=0,INDEX('CPU - PROJETO'!$I:$I,MATCH($C327,'CPU - PROJETO'!$B:$B,0)),INDEX('CPU - PROJETO'!$H:$H,MATCH($C327,'CPU - PROJETO'!$B:$B,0))),2)","v":25.38},0.22720000000000001,31.14,553.54999999999995,7.967044202124296E-4,null,null,"SERVIÇOS"]
["1.7.3.4 88316",null,88316,"SINAPI",{"$f":"INDEX('CPU - PROJETO'!$C:$C,MATCH($C328,'CPU - PROJETO'!$B:$B,0))","v":"SERVENTE COM ENCARGOS COMPLEMENTARES"},{"$f":"INDEX('CPU - PROJETO'!$D:$D,MATCH($C328,'CPU - PROJETO'!$B:$B,0))","v":"H"},{"$f":"INDEX('CPU - PROJETO'!T:T,MATCH(A328,'CPU - PROJETO'!W:W,0))","v":17.776220000000002},{"$f":"TRUNC(IF(INDEX('CPU - PROJETO'!$H:$H,MATCH($C328,'CPU - PROJETO'!$B:$B,0))=0,INDEX('CPU - PROJETO'!$I:$I,MATCH($C328,'CPU - PROJETO'!$B:$B,0)),INDEX('CPU - PROJETO'!$H:$H,MATCH($C328,'CPU - PROJETO'!$B:$B,0))),2)","v":20.420000000000002},0.22720000000000001,25.05,445.29,6.4088973223086043E-4,null,null,"SERVIÇOS"]
["1.7.3.5","1.7.3.5",83730,"SINAPI",{"$f":"INDEX('CPU - PROJETO'!$C:$C,MATCH($C329,'CPU - PROJETO'!$B:$B,0))","v":"REPARO ESTRUTURAL DE ESTRUTURAS DE CONCRETO COM ARGAMASSA POLIMERICA DE ALTO DESEMPENHO, E=2 CM"},{"$f":"INDEX('CPU - PROJETO'!$D:$D,MATCH($C329,'CPU - PROJETO'!$B:$B,0))","v":"M2"},{"$f":"INDEX(MEMÓRIA!L:L,MATCH($A329,MEMÓRIA!A:A,0))","v":0.1},{"$nulls":7}," "]
["1.7.3.5 130",null,130,"SINAPI",{"$f":"INDEX('CPU - PROJETO'!$C:$C,MATCH($C330,'CPU - PROJETO'!$B:$B,0))","v":"ARGAMASSA POLIMERICA DE REPARO ESTRUTURAL, BICOMPONENTE"},{"$f":"INDEX('CPU - PROJETO'!$D:$D,MATCH($C330,'CPU - PROJETO'!$B:$B,0))","v":"KG"},{"$f":"INDEX('CPU - PROJETO'!T:T,MATCH(A330,'CPU - PROJETO'!W:W,0))","v":4.2},{"$f":"TRUNC(IF(INDEX('CPU - PROJETO'!$H:$H,MATCH($C330,'CPU - PROJETO'!$B:$B,0))=0,INDEX('CPU - PROJETO'!$I:$I,MATCH($C330,'CPU - PROJETO'!$B:$B,0)),INDEX('CPU - PROJETO'!$H:$H,MATCH($C330,'CPU - PROJETO'!$B:$B,0))),2)","v":4.45},{"$f":"$I$6","v":0.13519999999999999},{"$f":"TRUNC(H330*(1+I330),2)","v":5.05},{"$f":"TRUNC(G330*J330,2)","v":21.21},3.0526783041650495E-5,null,null,{"$f":"IF(I330=$I$6,\"MATERIAL\",IF(I330=$I$5,\"SERVIÇOS\",\" \"))","v":"MATERIAL"}]
["1.7.3.5 88243",null,88243,"SINAPI",{"$f":"INDEX('CPU - PROJETO'!$C:$C,MATCH($C331,'CPU - PROJETO'!$B:$B,0))","v":"AJUDANTE ESPECIALIZADO COM ENCARGOS COMPLEMENTARES"},{"$f":"INDEX('CPU - PROJETO'!$D:$D,MATCH($C331,'CPU - PROJETO'!$B:$B,0))","v":"H"},{"$f":"INDEX('CPU - PROJETO'!T:T,MATCH(A331,'CPU - PROJETO'!W:W,0))","v":7.5000000000000011E-2},{"$f":"TRUNC(IF(INDEX('CPU - PROJETO'!$H:$H,MATCH($C331,'CPU - PROJETO'!$B:$B,0))=0,INDEX('CPU - PROJETO'!$I:$I,MATCH($C331,'CPU - PROJETO'!$B:$B,0)),INDEX('CPU - PROJETO'!$H:$H,MATCH($C331,'CPU - PROJETO'!$B:$B,0))),2)","v":22.65},{"$f":"$I$5","v":0.22720000000000001},27.79,2.08,2.993668492533382E-6,null,null,"SERVIÇOS"]
["1.7.3.5 88270",null,88270,"SINAPI",{"$f":"INDEX('CPU - PROJETO'!$C:$C,MATCH($C332,'CPU - PROJETO'!$B:$B,0))","v":"IMPERMEABILIZADOR COM ENCARGOS COMPLEMENTARES"},{"$f":"INDEX('CPU - PROJETO'!$D:$D,MATCH($C332,'CPU - PROJETO'!$B:$B,0))","v":"H"},{"$f":"INDEX('CPU - PROJETO'!T:T,MATCH(A332,'CPU - PROJETO'!W:W,0))","v":7.5000000000000011E-2},{"$f":"TRUNC(IF(INDEX('CPU - PROJETO'!$H:$H,MATCH($C332,'CPU - PROJETO'!$B:$B,0))=0,INDEX('CPU - PROJETO'!$I:$I,MATCH($C332,'CPU - PROJETO'!$B:$B,0)),INDEX('CPU - PROJETO'!$H:$H,MATCH($C332,'CPU - PROJETO'!$B:$B,0))),2)","v":25.38},0.22720000000000001,31.14,2.33,3.3534844171167214E-6,null,null,"SERVIÇOS"]
["1.7.4","1.7.4",null,null,"PINTURAS",{"$nulls":5},{"$f":"SUBTOTAL(109,K334:K359)","v":15073.010000000002},{"$f":"SUBTOTAL(109,L334:L359)","v":2.1694036117615671E-2},"1635-DEP-2812-10-25-201-R04",null," "]
["1.7.4.1","1.7.4.1",88497,"SINAPI",{"$f":"INDEX('CPU - PROJETO'!$C:$C,MATCH($C334,'CPU - PROJETO'!$B:$B,0))","v":"APLICAÇÃO E LIXAMENTO DE MASSA LÁTEX EM PAREDES, DUAS DEMÃOS. AF_06/2014"},{"$f":"INDEX('CPU - PROJETO'!$D:$D,MATCH($C334,'CPU - PROJETO'!$B:$B,0))","v":"M2"},{"$f":"INDEX(MEMÓRIA!L:L,MATCH($A334,MEMÓRIA!A:A,0))","v":132.30000000000001},{"$nulls":7}," "]
["1.7.4.1 3767",null,3767,"SINAPI",{"$f":"INDEX('CPU - PROJETO'!$C:$C,MATCH($C335,'CPU - PROJETO'!$B:$B,0))","v":"LIXA EM FOLHA PARA PAREDE OU MADEIRA, NUMERO 120 (COR VERMELHA)"},{"$f":"INDEX('CPU - PROJETO'!$D:$D,MATCH($C335,'CPU - PROJETO'!$B:$B,0))","v":"UN"},{"$f":"INDEX('CPU - PROJETO'!T:T,MATCH(A335,'CPU - PROJETO'!W:W,0))","v":13.230000000000002},{"$f":"TRUNC(IF(INDEX('CPU - PROJETO'!$H:$H,MATCH($C335,'CPU - PROJETO'!$B:$B,0))=0,INDEX('CPU - PROJETO'!$I:$I,MATCH($C335,'CPU - PROJETO'!$B:$B,0)),INDEX('CPU - PROJETO'!$H:$H,MATCH($C335,'CPU - PROJETO'!$B:$B,0))),2)","v":0.79},{"$f":"$I$6","v":0.13519999999999999},{"$f":"TRUNC(H335*(1+I335),2)","v":0.89},{"$f":"TRUNC(G335*J335,2)","v":11.77},{"$f":"K335/$K$550","v":1.6940133729383609E-5},null,null,"MATERIAL"]
["1.7.4.1 43626",null,43626,"SINAPI",{"$f":"INDEX('CPU - PROJETO'!$C:$C,MATCH($C336,'CPU - PROJETO'!$B:$B,0))","v":"MASSA CORRIDA PARA SUPERFICIES DE AMBIENTES INTERNOS"},{"$f":"INDEX('CPU - PROJETO'!$D:$D,MATCH($C336,'CPU - PROJETO'!$B:$B,0))","v":"KG"},{"$f":"INDEX('CPU - PROJETO'!T:T,MATCH(A336,'CPU - PROJETO'!W:W,0))","v":205.72914600000001},{"$f":"TRUNC(IF(INDEX('CPU - PROJETO'!$H:$H,MATCH($C336,'CPU - PROJETO'!$B:$B,0))=0,INDEX('CPU - PROJETO'!$I:$I,MATCH($C336,'CPU - PROJETO'!$B:$B,0)),INDEX('CPU - PROJETO'!$H:$H,MATCH($C336,'CPU - PROJETO'!$B:$B,0))),2)","v":2.36},{"$f":"$I$6","v":0.13519999999999999},2.67,549.29,7.905731568575295E-4,null,null,"MATERIAL"]
["1.7.4.1 88310",null,88310,"SINAPI",{"$f":"INDEX('CPU - PROJETO'!$C:$C,MATCH($C337,'CPU - PROJETO'!$B:$B,0))","v":"PINTOR COM ENCARGOS COMPLEMENTARES"},{"$f":"INDEX('CPU - PROJETO'!$D:$D,MATCH($C337,'CPU - PROJETO'!$B:$B,0))","v":"H"},{"$f":"INDEX('CPU - PROJETO'!T:T,MATCH(A337,'CPU - PROJETO'!W:W,0))","v":41.277600000000007},{"$f":"TRUNC(IF(INDEX('CPU - PROJETO'!$H:$H,MATCH($C337,'CPU - PROJETO'!$B:$B,0))=0,INDEX('CPU - PROJETO'!$I:$I,MATCH($C337,'CPU - PROJETO'!$B:$B,0)),INDEX('CPU - PROJETO'!$H:$H,MATCH($C337,'CPU - PROJETO'!$B:$B,0))),2)","v":26.6},{"$f":"$I$5","v":0.22720000000000001},32.64,1347.3,1.9391199807645314E-3,null,null,"SERVIÇOS"]
["1.7.4.1 88316",null,88316,"SINAPI",{"$f":"INDEX('CPU - PROJETO'!$C:$C,MATCH($C338,'CPU - PROJETO'!$B:$B,0))","v":"SERVENTE COM ENCARGOS COMPLEMENTARES"},{"$f":"INDEX('CPU - PROJETO'!$D:$D,MATCH($C338,'CPU - PROJETO'!$B:$B,0))","v":"H"},{"$f":"INDEX('CPU - PROJETO'!T:T,MATCH(A338,'CPU - PROJETO'!W:W,0))","v":15.082200000000002},{"$f":"TRUNC(IF(INDEX('CPU - PROJETO'!$H:$H,MATCH($C338,'CPU - PROJETO'!$B:$B,0))=0,INDEX('CPU - PROJETO'!$I:$I,MATCH($C338,'CPU - PROJETO'!$B:$B,0)),INDEX('CPU - PROJETO'!$H:$H,MATCH($C338,'CPU - PROJETO'!$B:$B,0))),2)","v":20.420000000000002},0.22720000000000001,25.05,377.8,5.4375382523034219E-4,null,null,"SERVIÇOS"]
["1.7.4.2","1.7.4.2",88485,"SINAPI",{"$f":"INDEX('CPU - PROJETO'!$C:$C,MATCH($C339,'CPU - PROJETO'!$B:$B,0))","v":" APLICAÇÃO DE FUNDO SELADOR ACRÍLICO EM PAREDES, UMA DEMÃO. AF_06/2014"},{"$f":"INDEX('CPU - PROJETO'!$D:$D,MATCH($C339,'CPU - PROJETO'!$B:$B,0))","v":"M2"},{"$f":"INDEX(MEMÓRIA!L:L,MATCH($A339,MEMÓRIA!A:A,0))","v":132.30000000000001},{"$nulls":7}," "]
["1.7.4.2 6085",null,6085,"SINAPI",{"$f":"INDEX('CPU - PROJETO'!$C:$C,MATCH($C340,'CPU - PROJETO'!$B:$B,0))","v":"SELADOR ACRILICO OPACO PREMIUM INTERIOR/EXTERIOR"},{"$f":"INDEX('CPU - PROJETO'!$D:$D,MATCH($C340,'CPU - PROJETO'!$B:$B,0))","v":"L"},{"$f":"INDEX('CPU - PROJETO'!T:T,MATCH(A340,'CPU - PROJETO'!W:W,0))","v":21.168000000000003},{"$f":"TRUNC(IF(INDEX('CPU - PROJETO'!$H:$H,MATCH($C340,'CPU - PROJETO'!$B:$B,0))=0,INDEX('CPU - PROJETO'!$I:$I,MATCH($C340,'CPU - PROJETO'!$B:$B,0)),INDEX('CPU - PROJETO'!$H:$H,MATCH($C340,'CPU - PROJETO'!$B:$B,0))),2)","v":9.2899999999999991},{"$f":"$I$6","v":0.13519999999999999},{"$f":"TRUNC(H340*(1+I340),2)","v":10.54},{"$f":"TRUNC(G340*J340,2)","v":223.11},3.2111412373515526E-4,null,null,"MATERIAL"]
["1.7.4.2 88310",null,88310,"SINAPI",{"$f":"INDEX('CPU - PROJETO'!$C:$C,MATCH($C341,'CPU - PROJETO'!$B:$B,0))","v":"PINTOR COM ENCARGOS COMPLEMENTARES"},{"$f":"INDEX('CPU - PROJETO'!$D:$D,MATCH($C341,'CPU - PROJETO'!$B:$B,0))","v":"H"},{"$f":"INDEX('CPU - PROJETO'!T:T,MATCH(A341,'CPU - PROJETO'!W:W,0))","v":5.1597000000000008},{"$f":"TRUNC(IF(INDEX('CPU - PROJETO'!$H:$H,MATCH($C341,'CPU - PROJETO'!$B:$B,0))=0,INDEX('CPU - PROJETO'!$I:$I,MATCH($C341,'CPU - PROJETO'!$B:$B,0)),INDEX('CPU - PROJETO'!$H:$H,MATCH($C341,'CPU - PROJETO'!$B:$B,0))),2)","v":26.6},0.22720000000000001,32.64,168.41,2.4238639943632061E-4,null,null,"SERVIÇOS"]
["1.7.4.2 88316",null,88316,"SINAPI",{"$f":"INDEX('CPU - PROJETO'!$C:$C,MATCH($C342,'CPU - PROJETO'!$B:$B,0))","v":"SERVENTE COM ENCARGOS COMPLEMENTARES"},{"$f":"INDEX('CPU - PROJETO'!$D:$D,MATCH($C342,'CPU - PROJETO'!$B:$B,0))","v":"H"},{"$f":"INDEX('CPU - PROJETO'!T:T,MATCH(A342,'CPU - PROJETO'!W:W,0))","v":1.8522000000000003},{"$f":"TRUNC(IF(INDEX('CPU - PROJETO'!$H:$H,MATCH($C342,'CPU - PROJETO'!$B:$B,0))=0,INDEX('CPU - PROJETO'!$I:$I,MATCH($C342,'CPU - PROJETO'!$B:$B,0)),INDEX('CPU - PROJETO'!$H:$H,MATCH($C342,'CPU - PROJETO'!$B:$B,0))),2)","v":20.420000000000002},0.22720000000000001,25.05,46.39,6.6767442965684417E-5,null,null,"SERVIÇOS"]
["1.7.4.3","1.7.4.3",88489,"SINAPI",{"$f":"INDEX('CPU - PROJETO'!$C:$C,MATCH($C343,'CPU - PROJETO'!$B:$B,0))","v":"APLICAÇÃO MANUAL DE PINTURA COM TINTA LÁTEX ACRÍLICA EM PAREDES, DUAS DEMÃOS. AF_06/2014"},{"$f":"INDEX('CPU - PROJETO'!$D:$D,MATCH($C343,'CPU - PROJETO'!$B:$B,0))","v":"M2"},{"$f":"INDEX(MEMÓRIA!L:L,MATCH($A343,MEMÓRIA!A:A,0))","v":132.30000000000001},{"$nulls":7}," "]
["1.7.4.3 7356",null,7356,"SINAPI","TINTA LATEX PVA PREMIUM, COR BRANCA",{"$f":"INDEX('CPU - PROJETO'!$D:$D,MATCH($C344,'CPU - PROJETO'!$B:$B,0))","v":"L"},{"$f":"INDEX('CPU - PROJETO'!T:T,MATCH(A344,'CPU - PROJETO'!W:W,0))","v":43.659000000000006},{"$f":"TRUNC(IF(INDEX('CPU - PROJETO'!$H:$H,MATCH($C344,'CPU - PROJETO'!$B:$B,0))=0,INDEX('CPU - PROJETO'!$I:$I,MATCH($C344,'CPU - PROJETO'!$B:$B,0)),INDEX('CPU - PROJETO'!$H:$H,MATCH($C344,'CPU - PROJETO'!$B:$B,0))),2)","v":26.59},{"$f":"$I$6","v":0.13519999999999999},30.18,1317.62,1.8964026341979974E-3,null,null,"MATERIAL"]
["1.7.4.3 88310",null,88310,"SINAPI",{"$f":"INDEX('CPU - PROJETO'!$C:$C,MATCH($C345,'CPU - PROJETO'!$B:$B,0))","v":"PINTOR COM ENCARGOS COMPLEMENTARES"},{"$f":"INDEX('CPU - PROJETO'!$D:$D,MATCH($C345,'CPU - PROJETO'!$B:$B,0))","v":"H"},{"$f":"INDEX('CPU - PROJETO'!T:T,MATCH(A345,'CPU - PROJETO'!W:W,0))","v":24.740100000000002},{"$f":"TRUNC(IF(INDEX('CPU - PROJETO'!$H:$H,MATCH($C345,'CPU - PROJETO'!$B:$B,0))=0,INDEX('CPU - PROJETO'!$I:$I,MATCH($C345,'CPU - PROJETO'!$B:$B,0)),INDEX('CPU - PROJETO'!$H:$H,MATCH($C345,'CPU - PROJETO'!$B:$B,0))),2)","v":26.6},0.22720000000000001,32.64,807.51,1.162219829041169E-3,null,null,"SERVIÇOS"]
["1.7.4.3 88316",null,88316,"SINAPI",{"$f":"INDEX('CPU - PROJETO'!$C:$C,MATCH($C346,'CPU - PROJETO'!$B:$B,0))","v":"SERVENTE COM ENCARGOS COMPLEMENTARES"},{"$f":"INDEX('CPU - PROJETO'!$D:$D,MATCH($C346,'CPU - PROJETO'!$B:$B,0))","v":"H"},{"$f":"INDEX('CPU - PROJETO'!T:T,MATCH(A346,'CPU - PROJETO'!W:W,0))","v":9.128700000000002},{"$f":"TRUNC(IF(INDEX('CPU - PROJETO'!$H:$H,MATCH($C346,'CPU - PROJETO'!$B:$B,0))=0,INDEX('CPU - PROJETO'!$I:$I,MATCH($C346,'CPU - PROJETO'!$B:$B,0)),INDEX('CPU - PROJETO'!$H:$H,MATCH($C346,'CPU - PROJETO'!$B:$B,0))),2)","v":20.420000000000002},0.22720000000000001,25.05,228.67,3.2911642989788867E-4,null,null,"SERVIÇOS"]
["1.7.4.4","1.7.4.4",96135,"SINAPI",{"$f":"INDEX('CPU - PROJETO'!$C:$C,MATCH($C347,'CPU - PROJETO'!$B:$B,0))","v":"APLICAÇÃO MANUAL DE MASSA ACRÍLICA EM PAREDES EXTERNAS DE CASAS, DUAS DEMÃOS. AF_05/2017"},{"$f":"INDEX('CPU - PROJETO'!$D:$D,MATCH($C347,'CPU - PROJETO'!$B:$B,0))","v":"M2"},{"$f":"INDEX(MEMÓRIA!L:L,MATCH($A347,MEMÓRIA!A:A,0))","v":193.08},{"$nulls":7}," "]
["1.7.4.4 3767",null,3767,"SINAPI",{"$f":"INDEX('CPU - PROJETO'!$C:$C,MATCH($C348,'CPU - PROJETO'!$B:$B,0))","v":"LIXA EM FOLHA PARA PAREDE OU MADEIRA, NUMERO 120 (COR VERMELHA)"},{"$f":"INDEX('CPU - PROJETO'!$D:$D,MATCH($C348,'CPU - PROJETO'!$B:$B,0))","v":"UN"},{"$f":"INDEX('CPU - PROJETO'!T:T,MATCH(A348,'CPU - PROJETO'!W:W,0))","v":19.308000000000003},{"$f":"TRUNC(IF(INDEX('CPU - PROJETO'!$H:$H,MATCH($C348,'CPU - PROJETO'!$B:$B,0))=0,INDEX('CPU - PROJETO'!$I:$I,MATCH($C348,'CPU - PROJETO'!$B:$B,0)),INDEX('CPU - PROJETO'!$H:$H,MATCH($C348,'CPU - PROJETO'!$B:$B,0))),2)","v":0.79},{"$f":"$I$6","v":0.13519999999999999},{"$f":"TRUNC(H348*(1+I348),2)","v":0.89},{"$f":"TRUNC(G348*J348,2)","v":17.18},2.4726550337367068E-5,null,null,"MATERIAL"]
["1.7.4.4 43651",null,43651,"SINAPI",{"$f":"INDEX('CPU - PROJETO'!$C:$C,MATCH($C349,'CPU - PROJETO'!$B:$B,0))","v":"MASSA ACRILICA PARA SUPERFICIES INTERNAS E EXTERNAS"},{"$f":"INDEX('CPU - PROJETO'!$D:$D,MATCH($C349,'CPU - PROJETO'!$B:$B,0))","v":"KG"},{"$f":"INDEX('CPU - PROJETO'!T:T,MATCH(A349,'CPU - PROJETO'!W:W,0))","v":299.62926720000002},{"$f":"TRUNC(IF(INDEX('CPU - PROJETO'!$H:$H,MATCH($C349,'CPU - PROJETO'!$B:$B,0))=0,INDEX('CPU - PROJETO'!$I:$I,MATCH($C349,'CPU - PROJETO'!$B:$B,0)),INDEX('CPU - PROJETO'!$H:$H,MATCH($C349,'CPU - PROJETO'!$B:$B,0))),2)","v":4.24},{"$f":"$I$6","v":0.13519999999999999},4.8099999999999996,1441.21,2.0742812346750171E-3,null,null,"MATERIAL"]
["1.7.4.4 88310",null,88310,"SINAPI",{"$f":"INDEX('CPU - PROJETO'!$C:$C,MATCH($C350,'CPU - PROJETO'!$B:$B,0))","v":"PINTOR COM ENCARGOS COMPLEMENTARES"},{"$f":"INDEX('CPU - PROJETO'!$D:$D,MATCH($C350,'CPU - PROJETO'!$B:$B,0))","v":"H"},{"$f":"INDEX('CPU - PROJETO'!T:T,MATCH(A350,'CPU - PROJETO'!W:W,0))","v":110.24867999999999},{"$f":"TRUNC(IF(INDEX('CPU - PROJETO'!$H:$H,MATCH($C350,'CPU - PROJETO'!$B:$B,0))=0,INDEX('CPU - PROJETO'!$I:$I,MATCH($C350,'CPU - PROJETO'!$B:$B,0)),INDEX('CPU - PROJETO'!$H:$H,MATCH($C350,'CPU - PROJETO'!$B:$B,0))),2)","v":26.6},0.22720000000000001,32.64,3598.51,5.1792048110895677E-3,null,null,"SERVIÇOS"]
["1.7.4.4 88316",null,88316,"SINAPI",{"$f":"INDEX('CPU - PROJETO'!$C:$C,MATCH($C351,'CPU - PROJETO'!$B:$B,0))","v":"SERVENTE COM ENCARGOS COMPLEMENTARES"},{"$f":"INDEX('CPU - PROJETO'!$D:$D,MATCH($C351,'CPU - PROJETO'!$B:$B,0))","v":"H"},{"$f":"INDEX('CPU - PROJETO'!T:T,MATCH(A351,'CPU - PROJETO'!W:W,0))","v":27.610440000000001},{"$f":"TRUNC(IF(INDEX('CPU - PROJETO'!$H:$H,MATCH($C351,'CPU - PROJETO'!$B:$B,0))=0,INDEX('CPU - PROJETO'!$I:$I,MATCH($C351,'CPU - PROJETO'!$B:$B,0)),INDEX('CPU - PROJETO'!$H:$H,MATCH($C351,'CPU - PROJETO'!$B:$B,0))),2)","v":20.420000000000002},0.22720000000000001,25.05,691.64,9.9545234431528285E-4,null,null,"SERVIÇOS"]
["1.7.4.5","1.7.4.5",95626,"SINAPI",{"$f":"INDEX('CPU - PROJETO'!$C:$C,MATCH($C352,'CPU - PROJETO'!$B:$B,0))","v":"APLICAÇÃO MANUAL DE TINTA LÁTEX ACRÍLICA EM PAREDE EXTERNAS DE CASAS, DUAS DEMÃOS. AF_11/2016"},{"$f":"INDEX('CPU - PROJETO'!$D:$D,MATCH($C352,'CPU - PROJETO'!$B:$B,0))","v":"M2"},{"$f":"INDEX(MEMÓRIA!L:L,MATCH($A352,MEMÓRIA!A:A,0))","v":193.08},{"$nulls":7}," "]
["1.7.4.5 7356",null,7356,"SINAPI",{"$f":"INDEX('CPU - PROJETO'!$C:$C,MATCH($C353,'CPU - PROJETO'!$B:$B,0))","v":"TINTA LATEX ACRILICA PREMIUM, COR BRANCO FOSCO"},{"$f":"INDEX('CPU - PROJETO'!$D:$D,MATCH($C353,'CPU - PROJETO'!$B:$B,0))","v":"L"},{"$f":"INDEX('CPU - PROJETO'!T:T,MATCH(A353,'CPU - PROJETO'!W:W,0))","v":38.616000000000007},{"$f":"TRUNC(IF(INDEX('CPU - PROJETO'!$H:$H,MATCH($C353,'CPU - PROJETO'!$B:$B,0))=0,INDEX('CPU - PROJETO'!$I:$I,MATCH($C353,'CPU - PROJETO'!$B:$B,0)),INDEX('CPU - PROJETO'!$H:$H,MATCH($C353,'CPU - PROJETO'!$B:$B,0))),2)","v":26.59},{"$f":"$I$6","v":0.13519999999999999},30.18,1165.43,1.6773610919486441E-3,null,null,"MATERIAL"]
["1.7.4.5 88310",null,88310,"SINAPI",{"$f":"INDEX('CPU - PROJETO'!$C:$C,MATCH($C354,'CPU - PROJETO'!$B:$B,0))","v":"PINTOR COM ENCARGOS COMPLEMENTARES"},{"$f":"INDEX('CPU - PROJETO'!$D:$D,MATCH($C354,'CPU - PROJETO'!$B:$B,0))","v":"H"},{"$f":"INDEX('CPU - PROJETO'!T:T,MATCH(A354,'CPU - PROJETO'!W:W,0))","v":66.419520000000006},{"$f":"TRUNC(IF(INDEX('CPU - PROJETO'!$H:$H,MATCH($C354,'CPU - PROJETO'!$B:$B,0))=0,INDEX('CPU - PROJETO'!$I:$I,MATCH($C354,'CPU - PROJETO'!$B:$B,0)),INDEX('CPU - PROJETO'!$H:$H,MATCH($C354,'CPU - PROJETO'!$B:$B,0))),2)","v":26.6},0.22720000000000001,32.64,2167.9299999999998,3.1202229495278337E-3,null,null,"SERVIÇOS"]
["1.7.4.5 88316",null,88316,"SINAPI",{"$f":"INDEX('CPU - PROJETO'!$C:$C,MATCH($C355,'CPU - PROJETO'!$B:$B,0))","v":"SERVENTE COM ENCARGOS COMPLEMENTARES"},{"$f":"INDEX('CPU - PROJETO'!$D:$D,MATCH($C355,'CPU - PROJETO'!$B:$B,0))","v":"H"},{"$f":"INDEX('CPU - PROJETO'!T:T,MATCH(A355,'CPU - PROJETO'!W:W,0))","v":16.604880000000001},{"$f":"TRUNC(IF(INDEX('CPU - PROJETO'!$H:$H,MATCH($C355,'CPU - PROJETO'!$B:$B,0))=0,INDEX('CPU - PROJETO'!$I:$I,MATCH($C355,'CPU - PROJETO'!$B:$B,0)),INDEX('CPU - PROJETO'!$H:$H,MATCH($C355,'CPU - PROJETO'!$B:$B,0))),2)","v":20.420000000000002},0.22720000000000001,25.05,415.95,5.9866173532175976E-4,null,null,"SERVIÇOS"]
["1.7.4.6","1.7.4.6",100726,"SINAPI",{"$f":"INDEX('CPU - PROJETO'!$C:$C,MATCH($C356,'CPU - PROJETO'!$B:$B,0))","v":"PINTURA COM TINTA ALQUÍDICA DE FUNDO E ACABAMENTO (ESMALTE SINTÉTICO GRAFITE) APLICADA A ROLO OU PINCEL SOBRE SUPERFÍCIES METÁLICAS (EXCETO PERFIL) EXECUTADO EM OBRA (POR DEMÃO). AF_01/2020"},{"$f":"INDEX('CPU - PROJETO'!$D:$D,MATCH($C356,'CPU - PROJETO'!$B:$B,0))","v":"M2"},{"$f":"INDEX(MEMÓRIA!L:L,MATCH($A356,MEMÓRIA!A:A,0))","v":16},{"$nulls":7}," "]
["1.7.4.6 5318",null,5318,"SINAPI",{"$f":"INDEX('CPU - PROJETO'!$C:$C,MATCH($C357,'CPU - PROJETO'!$B:$B,0))","v":"SOLVENTE DILUENTE A BASE DE AGUARRAS"},{"$f":"INDEX('CPU - PROJETO'!$D:$D,MATCH($C357,'CPU - PROJETO'!$B:$B,0))","v":"L"},{"$f":"INDEX('CPU - PROJETO'!T:T,MATCH(A357,'CPU - PROJETO'!W:W,0))","v":0.2848},{"$f":"TRUNC(IF(INDEX('CPU - PROJETO'!$H:$H,MATCH($C357,'CPU - PROJETO'!$B:$B,0))=0,INDEX('CPU - PROJETO'!$I:$I,MATCH($C357,'CPU - PROJETO'!$B:$B,0)),INDEX('CPU - PROJETO'!$H:$H,MATCH($C357,'CPU - PROJETO'!$B:$B,0))),2)","v":26.4},{"$f":"$I$6","v":0.13519999999999999},{"$f":"TRUNC(H357*(1+I357),2)","v":29.96},{"$f":"TRUNC(G357*J357,2)","v":8.5299999999999994},1.2276919346783532E-5,null,null,"MATERIAL"]
["1.7.4.6 7293",null,7293,"SINAPI",{"$f":"INDEX('CPU - PROJETO'!$C:$C,MATCH($C358,'CPU - PROJETO'!$B:$B,0))","v":"TINTA ESMALTE SINTETICO PREMIUM DE DUPLA ACAO GRAFITE FOSCO PARA SUPERFICIES METALICAS FERROSAS"},{"$f":"INDEX('CPU - PROJETO'!$D:$D,MATCH($C358,'CPU - PROJETO'!$B:$B,0))","v":"L"},{"$f":"INDEX('CPU - PROJETO'!T:T,MATCH(A358,'CPU - PROJETO'!W:W,0))","v":2.8416000000000001},{"$f":"TRUNC(IF(INDEX('CPU - PROJETO'!$H:$H,MATCH($C358,'CPU - PROJETO'!$B:$B,0))=0,INDEX('CPU - PROJETO'!$I:$I,MATCH($C358,'CPU - PROJETO'!$B:$B,0)),INDEX('CPU - PROJETO'!$H:$H,MATCH($C358,'CPU - PROJETO'!$B:$B,0))),2)","v":41.78},{"$f":"$I$6","v":0.13519999999999999},47.42,134.74,1.9392639071343651E-4,null,null,"MATERIAL"]
["1.7.4.6 88310",null,88310,"SINAPI",{"$f":"INDEX('CPU - PROJETO'!$C:$C,MATCH($C359,'CPU - PROJETO'!$B:$B,0))","v":"PINTOR COM ENCARGOS COMPLEMENTARES"},{"$f":"INDEX('CPU - PROJETO'!$D:$D,MATCH($C359,'CPU - PROJETO'!$B:$B,0))","v":"H"},{"$f":"INDEX('CPU - PROJETO'!T:T,MATCH(A359,'CPU - PROJETO'!W:W,0))","v":10.846399999999999},{"$f":"TRUNC(IF(INDEX('CPU - PROJETO'!$H:$H,MATCH($C359,'CPU - PROJETO'!$B:$B,0))=0,INDEX('CPU - PROJETO'!$I:$I,MATCH($C359,'CPU - PROJETO'!$B:$B,0)),INDEX('CPU - PROJETO'!$H:$H,MATCH($C359,'CPU - PROJETO'!$B:$B,0))),2)","v":26.6},0.22720000000000001,32.64,354.02,5.0952813448397493E-4,null,null,"SERVIÇOS"]
["1.7.5","1.7.5",null,null,"FORROS",{"$nulls":5},{"$f":"SUBTOTAL(109,K361:K369)","v":4284.01},{"$f":"SUBTOTAL(109,L361:L369)","v":6.1658200762970839E-3},"1635-DEP-2812-10-25-201-R04",null," "]
["1.7.5.1","1.7.5.1",96116,"SINAPI",{"$f":"INDEX('CPU - PROJETO'!$C:$C,MATCH($C361,'CPU - PROJETO'!$B:$B,0))","v":"FORRO EM RÉGUAS DE PVC, FRISADO, PARA AMBIENTES COMERCIAIS, INCLUSIVE ESTRUTURA DE FIXAÇÃO. AF_05/2017_P"},{"$f":"INDEX('CPU - PROJETO'!$D:$D,MATCH($C361,'CPU - PROJETO'!$B:$B,0))","v":"M2"},{"$f":"INDEX(MEMÓRIA!L:L,MATCH($A361,MEMÓRIA!A:A,0))","v":50.36},{"$nulls":7}," "]
["1.7.5.1 43131",null,43131,"SINAPI",{"$f":"INDEX('CPU - PROJETO'!$C:$C,MATCH($C362,'CPU - PROJETO'!$B:$B,0))","v":"ARAME GALVANIZADO 10 BWG, 3,40 MM (0,0713 KG/M)"},{"$f":"INDEX('CPU - PROJETO'!$D:$D,MATCH($C362,'CPU - PROJETO'!$B:$B,0))","v":"KG"},{"$f":"INDEX('CPU - PROJETO'!T:T,MATCH(A362,'CPU - PROJETO'!W:W,0))","v":2.1453359999999999},{"$f":"TRUNC(IF(INDEX('CPU - PROJETO'!$H:$H,MATCH($C362,'CPU - PROJETO'!$B:$B,0))=0,INDEX('CPU - PROJETO'!$I:$I,MATCH($C362,'CPU - PROJETO'!$B:$B,0)),INDEX('CPU - PROJETO'!$H:$H,MATCH($C362,'CPU - PROJETO'!$B:$B,0))),2)","v":31.36},{"$f":"$I$6","v":0.13519999999999999},{"$f":"TRUNC(H362*(1+I362),2)","v":35.590000000000003},{"$f":"TRUNC(G362*J362,2)","v":76.349999999999994},{"$f":"K362/$K$550","v":1.0988778336775178E-4},null,null,"MATERIAL"]
["1.7.5.1 36238",null,36238,"SINAPI",{"$f":"INDEX('CPU - PROJETO'!$C:$C,MATCH($C363,'CPU - PROJETO'!$B:$B,0))","v":"FORRO DE PVC, FRISADO, BRANCO, REGUA DE 20 CM, ESPESSURA DE 8 MM A 10 MM E COMPRIMENTO 6 M (SEM COLOCACAO)"},{"$f":"INDEX('CPU - PROJETO'!$D:$D,MATCH($C363,'CPU - PROJETO'!$B:$B,0))","v":"M2"},{"$f":"INDEX('CPU - PROJETO'!T:T,MATCH(A363,'CPU - PROJETO'!W:W,0))","v":55.174415999999994},{"$f":"TRUNC(IF(INDEX('CPU - PROJETO'!$H:$H,MATCH($C363,'CPU - PROJETO'!$B:$B,0))=0,INDEX('CPU - PROJETO'!$I:$I,MATCH($C363,'CPU - PROJETO'!$B:$B,0)),INDEX('CPU - PROJETO'!$H:$H,MATCH($C363,'CPU - PROJETO'!$B:$B,0))),2)","v":26.61},0.13519999999999999,30.2,1666.26,2.3981875299849392E-3,null,null,"MATERIAL"]
["1.7.5.1 39427",null,39427,"SINAPI",{"$f":"INDEX('CPU - PROJETO'!$C:$C,MATCH($C364,'CPU - PROJETO'!$B:$B,0))","v":"PERFIL CANALETA, FORMATO C, EM ACO ZINCADO, PARA ESTRUTURA FORRO DRYWALL, E = 0,5 MM, *46 X 18* (L X H), COMPRIMENTO 3 M"},{"$f":"INDEX('CPU - PROJETO'!$D:$D,MATCH($C364,'CPU - PROJETO'!$B:$B,0))","v":"M"},{"$f":"INDEX('CPU - PROJETO'!T:T,MATCH(A364,'CPU - PROJETO'!W:W,0))","v":193.88096400000001},{"$f":"TRUNC(IF(INDEX('CPU - PROJETO'!$H:$H,MATCH($C364,'CPU - PROJETO'!$B:$B,0))=0,INDEX('CPU - PROJETO'!$I:$I,MATCH($C364,'CPU - PROJETO'!$B:$B,0)),INDEX('CPU - PROJETO'!$H:$H,MATCH($C364,'CPU - PROJETO'!$B:$B,0))),2)","v":5.82},0.13519999999999999,6.6,1279.6099999999999,1.8416962210243465E-3,null,null,"MATERIAL"]
["1.7.5.1 39430",null,39430,"SINAPI",{"$f":"INDEX('CPU - PROJETO'!$C:$C,MATCH($C365,'CPU - PROJETO'!$B:$B,0))","v":"PENDURAL OU PRESILHA REGULADORA, EM ACO GALVANIZADO, COM CORPO, MOLA E REBITE, PARA PERFIL TIPO CANALETA DE ESTRUTURA EM FORROS DRYWALL"},{"$f":"INDEX('CPU - PROJETO'!$D:$D,MATCH($C365,'CPU - PROJETO'!$B:$B,0))","v":"UN"},{"$f":"INDEX('CPU - PROJETO'!T:T,MATCH(A365,'CPU - PROJETO'!W:W,0))","v":66.802539999999993},{"$f":"TRUNC(IF(INDEX('CPU - PROJETO'!$H:$H,MATCH($C365,'CPU - PROJETO'!$B:$B,0))=0,INDEX('CPU - PROJETO'!$I:$I,MATCH($C365,'CPU - PROJETO'!$B:$B,0)),INDEX('CPU - PROJETO'!$H:$H,MATCH($C365,'CPU - PROJETO'!$B:$B,0))),2)","v":2.19},0.13519999999999999,2.48,165.67,2.3844281690288719E-4,null,null,"MATERIAL"]
["1.7.5.1 39443",null,39443,"SINAPI",{"$f":"INDEX('CPU - PROJETO'!$C:$C,MATCH($C366,'CPU - PROJETO'!$B:$B,0))","v":"PARAFUSO DRY WALL, EM ACO ZINCADO, CABECA LENTILHA E PONTA BROCA (LB), LARGURA 4,2 MM, COMPRIMENTO 13 MM"},{"$f":"INDEX('CPU - PROJETO'!$D:$D,MATCH($C366,'CPU - PROJETO'!$B:$B,0))","v":"UN"},{"$f":"INDEX('CPU - PROJETO'!T:T,MATCH(A366,'CPU - PROJETO'!W:W,0))","v":110.34883199999999},{"$f":"TRUNC(IF(INDEX('CPU - PROJETO'!$H:$H,MATCH($C366,'CPU - PROJETO'!$B:$B,0))=0,INDEX('CPU - PROJETO'!$I:$I,MATCH($C366,'CPU - PROJETO'!$B:$B,0)),INDEX('CPU - PROJETO'!$H:$H,MATCH($C366,'CPU - PROJETO'!$B:$B,0))),2)","v":0.31},0.13519999999999999,0.35,38.619999999999997,5.5584364029634231E-5,null,null,"MATERIAL"]
["1.7.5.1 40547",null,40547,"SINAPI",{"$f":"INDEX('CPU - PROJETO'!$C:$C,MATCH($C367,'CPU - PROJETO'!$B:$B,0))","v":"PARAFUSO ZINCADO, AUTOBROCANTE, FLANGEADO, 4,2 MM X 19 MM"},{"$f":"INDEX('CPU - PROJETO'!$D:$D,MATCH($C367,'CPU - PROJETO'!$B:$B,0))","v":"CENTO"},{"$f":"INDEX('CPU - PROJETO'!T:T,MATCH(A367,'CPU - PROJETO'!W:W,0))","v":0.66475200000000001},{"$f":"TRUNC(IF(INDEX('CPU - PROJETO'!$H:$H,MATCH($C367,'CPU - PROJETO'!$B:$B,0))=0,INDEX('CPU - PROJETO'!$I:$I,MATCH($C367,'CPU - PROJETO'!$B:$B,0)),INDEX('CPU - PROJETO'!$H:$H,MATCH($C367,'CPU - PROJETO'!$B:$B,0))),2)","v":35.85},0.13519999999999999,40.69,27.04,3.8917690402933967E-5,null,null,"MATERIAL"]
["1.7.5.1 40552",null,40552,"SINAPI",{"$f":"INDEX('CPU - PROJETO'!$C:$C,MATCH($C368,'CPU - PROJETO'!$B:$B,0))","v":"PARAFUSO, AUTO ATARRACHANTE, CABECA CHATA, FENDA SIMPLES, 1/4\u0094 (6,35 MM) X 25 MM"},{"$f":"INDEX('CPU - PROJETO'!$D:$D,MATCH($C368,'CPU - PROJETO'!$B:$B,0))","v":"CENTO"},{"$f":"INDEX('CPU - PROJETO'!T:T,MATCH(A368,'CPU - PROJETO'!W:W,0))","v":1.6769880000000001},{"$f":"TRUNC(IF(INDEX('CPU - PROJETO'!$H:$H,MATCH($C368,'CPU - PROJETO'!$B:$B,0))=0,INDEX('CPU - PROJETO'!$I:$I,MATCH($C368,'CPU - PROJETO'!$B:$B,0)),INDEX('CPU - PROJETO'!$H:$H,MATCH($C368,'CPU - PROJETO'!$B:$B,0))),2)","v":61.47},0.13519999999999999,69.78,117.02,1.684226379789694E-4,null,null,"MATERIAL"]
["1.7.5.1 88278",null,88278,"SINAPI",{"$f":"INDEX('CPU - PROJETO'!$C:$C,MATCH($C369,'CPU - PROJETO'!$B:$B,0))","v":"MONTADOR DE ESTRUTURA METÁLICA COM ENCARGOS COMPLEMENTARES"},{"$f":"INDEX('CPU - PROJETO'!$D:$D,MATCH($C369,'CPU - PROJETO'!$B:$B,0))","v":"H"},{"$f":"INDEX('CPU - PROJETO'!T:T,MATCH(A369,'CPU - PROJETO'!W:W,0))","v":25.149784},{"$f":"TRUNC(IF(INDEX('CPU - PROJETO'!$H:$H,MATCH($C369,'CPU - PROJETO'!$B:$B,0))=0,INDEX('CPU - PROJETO'!$I:$I,MATCH($C369,'CPU - PROJETO'!$B:$B,0)),INDEX('CPU - PROJETO'!$H:$H,MATCH($C369,'CPU - PROJETO'!$B:$B,0))),2)","v":29.6},{"$f":"$I$5","v":0.22720000000000001},36.32,913.44,1.3146810326056214E-3,null,null,"SERVIÇOS"]
["1.7.6","1.7.6",null,null,"BANCADAS",{"$nulls":5},{"$f":"SUBTOTAL(109,K371:K393)","v":828.92000000000007},{"$f":"SUBTOTAL(109,L371:L393)","v":1.1930344648224858E-3},"1635-DEP-2812-10-25-201-R04",null," "]
["1.7.6.1","1.7.6.1",97736,"SINAPI",{"$f":"INDEX('CPU - PROJETO'!$C:$C,MATCH($C371,'CPU - PROJETO'!$B:$B,0))","v":"PEÇA RETANGULAR PRÉ-MOLDADA, VOLUME DE CONCRETO ACIMA DE 100 LITROS, TAXA DE AÇO APROXIMADA DE 30KG/M³. AF_01/2018"},{"$f":"INDEX('CPU - PROJETO'!$D:$D,MATCH($C371,'CPU - PROJETO'!$B:$B,0))","v":"M3"},{"$f":"INDEX(MEMÓRIA!L:L,MATCH($A371,MEMÓRIA!A:A,0))","v":0.46},{"$nulls":7}," "]
["1.7.6.1 1358",null,1358,"SINAPI",{"$f":"INDEX('CPU - PROJETO'!$C:$C,MATCH($C372,'CPU - PROJETO'!$B:$B,0))","v":"CHAPA DE MADEIRA COMPENSADA RESINADA PARA FORMA DE CONCRETO, DE *2,2 X 1,1* M, E = 17 MM"},{"$f":"INDEX('CPU - PROJETO'!$D:$D,MATCH($C372,'CPU - PROJETO'!$B:$B,0))","v":"M2"},{"$f":"INDEX('CPU - PROJETO'!T:T,MATCH(A372,'CPU - PROJETO'!W:W,0))","v":0.34881800000000002},{"$f":"TRUNC(IF(INDEX('CPU - PROJETO'!$H:$H,MATCH($C372,'CPU - PROJETO'!$B:$B,0))=0,INDEX('CPU - PROJETO'!$I:$I,MATCH($C372,'CPU - PROJETO'!$B:$B,0)),INDEX('CPU - PROJETO'!$H:$H,MATCH($C372,'CPU - PROJETO'!$B:$B,0))),2)","v":54.26},{"$f":"$I$6","v":0.13519999999999999},{"$f":"TRUNC(H372*(1+I372),2)","v":61.59},{"$f":"TRUNC(G372*J372,2)","v":21.48},{"$f":"K372/$K$550","v":3.09153842402005E-5},null,null,"MATERIAL"]
["1.7.6.1 2692",null,2692,"SINAPI",{"$f":"INDEX('CPU - PROJETO'!$C:$C,MATCH($C373,'CPU - PROJETO'!$B:$B,0))","v":"DESMOLDANTE PROTETOR PARA FORMAS DE MADEIRA, DE BASE OLEOSA EMULSIONADA EM AGUA"},{"$f":"INDEX('CPU - PROJETO'!$D:$D,MATCH($C373,'CPU - PROJETO'!$B:$B,0))","v":"L"},{"$f":"INDEX('CPU - PROJETO'!T:T,MATCH(A373,'CPU - PROJETO'!W:W,0))","v":1.5364000000000001E-2},{"$f":"TRUNC(IF(INDEX('CPU - PROJETO'!$H:$H,MATCH($C373,'CPU - PROJETO'!$B:$B,0))=0,INDEX('CPU - PROJETO'!$I:$I,MATCH($C373,'CPU - PROJETO'!$B:$B,0)),INDEX('CPU - PROJETO'!$H:$H,MATCH($C373,'CPU - PROJETO'!$B:$B,0))),2)","v":7.5},{"$f":"$I$6","v":0.13519999999999999},8.51,0.13,1.8710428078333638E-7,null,null,"MATERIAL"]
["1.7.6.1 4517",null,4517,"SINAPI",{"$f":"INDEX('CPU - PROJETO'!$C:$C,MATCH($C374,'CPU - PROJETO'!$B:$B,0))","v":"SARRAFO *2,5 X 7,5* CM EM PINUS, MISTA OU EQUIVALENTE DA REGIAO - BRUTA"},{"$f":"INDEX('CPU - PROJETO'!$D:$D,MATCH($C374,'CPU - PROJETO'!$B:$B,0))","v":"M"},{"$f":"INDEX('CPU - PROJETO'!T:T,MATCH(A374,'CPU - PROJETO'!W:W,0))","v":1.3025359999999999},{"$f":"TRUNC(IF(INDEX('CPU - PROJETO'!$H:$H,MATCH($C374,'CPU - PROJETO'!$B:$B,0))=0,INDEX('CPU - PROJETO'!$I:$I,MATCH($C374,'CPU - PROJETO'!$B:$B,0)),INDEX('CPU - PROJETO'!$H:$H,MATCH($C374,'CPU - PROJETO'!$B:$B,0))),2)","v":3.52},{"$f":"$I$6","v":0.13519999999999999},3.99,5.19,7.469778594350122E-6,null,null,"MATERIAL"]
["1.7.6.1 20247",null,20247,"SINAPI",{"$f":"INDEX('CPU - PROJETO'!$C:$C,MATCH($C375,'CPU - PROJETO'!$B:$B,0))","v":"PREGO DE ACO POLIDO COM CABECA 15 X 15 (1 1/4 X 13)"},{"$f":"INDEX('CPU - PROJETO'!$D:$D,MATCH($C375,'CPU - PROJETO'!$B:$B,0))","v":"KG"},{"$f":"INDEX('CPU - PROJETO'!T:T,MATCH(A375,'CPU - PROJETO'!W:W,0))","v":2.7646E-2},{"$f":"TRUNC(IF(INDEX('CPU - PROJETO'!$H:$H,MATCH($C375,'CPU - PROJETO'!$B:$B,0))=0,INDEX('CPU - PROJETO'!$I:$I,MATCH($C375,'CPU - PROJETO'!$B:$B,0)),INDEX('CPU - PROJETO'!$H:$H,MATCH($C375,'CPU - PROJETO'!$B:$B,0))),2)","v":24.78},{"$f":"$I$6","v":0.13519999999999999},28.13,0.77,1.1082330477166847E-6,null,null,"MATERIAL"]
["1.7.6.1 39995",null,39995,"SINAPI",{"$f":"INDEX('CPU - PROJETO'!$C:$C,MATCH($C376,'CPU - PROJETO'!$B:$B,0))","v":"POLIESTIRENO EXPANDIDO/EPS (ISOPOR), TIPO 2F, BLOCO"},{"$f":"INDEX('CPU - PROJETO'!$D:$D,MATCH($C376,'CPU - PROJETO'!$B:$B,0))","v":"M3"},{"$f":"INDEX('CPU - PROJETO'!T:T,MATCH(A376,'CPU - PROJETO'!W:W,0))","v":8.5284000000000013E-2},{"$f":"TRUNC(IF(INDEX('CPU - PROJETO'!$H:$H,MATCH($C376,'CPU - PROJETO'!$B:$B,0))=0,INDEX('CPU - PROJETO'!$I:$I,MATCH($C376,'CPU - PROJETO'!$B:$B,0)),INDEX('CPU - PROJETO'!$H:$H,MATCH($C376,'CPU - PROJETO'!$B:$B,0))),2)","v":443.92},{"$f":"$I$6","v":0.13519999999999999},503.93,42.97,6.1845161117384342E-5,null,null,"MATERIAL"]
["1.7.6.1 88239",null,88239,"SINAPI",{"$f":"INDEX('CPU - PROJETO'!$C:$C,MATCH($C377,'CPU - PROJETO'!$B:$B,0))","v":"AJUDANTE DE CARPINTEIRO COM ENCARGOS COMPLEMENTARES"},{"$f":"INDEX('CPU - PROJETO'!$D:$D,MATCH($C377,'CPU - PROJETO'!$B:$B,0))","v":"H"},{"$f":"INDEX('CPU - PROJETO'!T:T,MATCH(A377,'CPU - PROJETO'!W:W,0))","v":8.5790000000000005E-2},{"$f":"TRUNC(IF(INDEX('CPU - PROJETO'!$H:$H,MATCH($C377,'CPU - PROJETO'!$B:$B,0))=0,INDEX('CPU - PROJETO'!$I:$I,MATCH($C377,'CPU - PROJETO'!$B:$B,0)),INDEX('CPU - PROJETO'!$H:$H,MATCH($C377,'CPU - PROJETO'!$B:$B,0))),2)","v":20.27},{"$f":"$I$5","v":0.22720000000000001},24.87,2.13,3.0656316774500497E-6,null,null,"SERVIÇOS"]
["1.7.6.1 88261",null,88261,"SINAPI",{"$f":"INDEX('CPU - PROJETO'!$C:$C,MATCH($C378,'CPU - PROJETO'!$B:$B,0))","v":"CARPINTEIRO DE ESQUADRIA COM ENCARGOS COMPLEMENTARES"},{"$f":"INDEX('CPU - PROJETO'!$D:$D,MATCH($C378,'CPU - PROJETO'!$B:$B,0))","v":"H"},{"$f":"INDEX('CPU - PROJETO'!T:T,MATCH(A378,'CPU - PROJETO'!W:W,0))","v":0.42899599999999999},{"$f":"TRUNC(IF(INDEX('CPU - PROJETO'!$H:$H,MATCH($C378,'CPU - PROJETO'!$B:$B,0))=0,INDEX('CPU - PROJETO'!$I:$I,MATCH($C378,'CPU - PROJETO'!$B:$B,0)),INDEX('CPU - PROJETO'!$H:$H,MATCH($C378,'CPU - PROJETO'!$B:$B,0))),2)","v":24.15},0.22720000000000001,29.63,12.71,1.8293041605816966E-5,null,null,"SERVIÇOS"]
["1.7.6.1 88309",null,88309,"SINAPI",{"$f":"INDEX('CPU - PROJETO'!$C:$C,MATCH($C379,'CPU - PROJETO'!$B:$B,0))","v":"PEDREIRO COM ENCARGOS COMPLEMENTARES"},{"$f":"INDEX('CPU - PROJETO'!$D:$D,MATCH($C379,'CPU - PROJETO'!$B:$B,0))","v":"H"},{"$f":"INDEX('CPU - PROJETO'!T:T,MATCH(A379,'CPU - PROJETO'!W:W,0))","v":3.1040800000000002},{"$f":"TRUNC(IF(INDEX('CPU - PROJETO'!$H:$H,MATCH($C379,'CPU - PROJETO'!$B:$B,0))=0,INDEX('CPU - PROJETO'!$I:$I,MATCH($C379,'CPU - PROJETO'!$B:$B,0)),INDEX('CPU - PROJETO'!$H:$H,MATCH($C379,'CPU - PROJETO'!$B:$B,0))),2)","v":25.38},0.22720000000000001,31.14,96.66,1.3911922908090225E-4,null,null,"SERVIÇOS"]
["1.7.6.1 88316",null,88316,"SINAPI",{"$f":"INDEX('CPU - PROJETO'!$C:$C,MATCH($C380,'CPU - PROJETO'!$B:$B,0))","v":"SERVENTE COM ENCARGOS COMPLEMENTARES"},{"$f":"INDEX('CPU - PROJETO'!$D:$D,MATCH($C380,'CPU - PROJETO'!$B:$B,0))","v":"H"},{"$f":"INDEX('CPU - PROJETO'!T:T,MATCH(A380,'CPU - PROJETO'!W:W,0))","v":3.1040800000000002},{"$f":"TRUNC(IF(INDEX('CPU - PROJETO'!$H:$H,MATCH($C380,'CPU - PROJETO'!$B:$B,0))=0,INDEX('CPU - PROJETO'!$I:$I,MATCH($C380,'CPU - PROJETO'!$B:$B,0)),INDEX('CPU - PROJETO'!$H:$H,MATCH($C380,'CPU - PROJETO'!$B:$B,0))),2)","v":20.420000000000002},0.22720000000000001,{"$f":"TRUNC(H380*(1+I380),2)","v":25.05},{"$f":"TRUNC(G380*J380,2)","v":77.75},1.1190275254541849E-4,null,null,"SERVIÇOS"]
["1.7.6.1 90586",null,90586,"SINAPI",{"$f":"INDEX('CPU - PROJETO'!$C:$C,MATCH($C381,'CPU - PROJETO'!$B:$B,0))","v":"VIBRADOR DE IMERSÃO, DIÂMETRO DE PONTEIRA 45MM, MOTOR ELÉTRICO TRIFÁSICO POTÊNCIA DE 2 CV - CHP DIURNO. AF_06/2015"},{"$f":"INDEX('CPU - PROJETO'!$D:$D,MATCH($C381,'CPU - PROJETO'!$B:$B,0))","v":"CHP"},{"$f":"INDEX('CPU - PROJETO'!T:T,MATCH(A381,'CPU - PROJETO'!W:W,0))","v":0.39914200000000005},{"$f":"TRUNC(IF(INDEX('CPU - PROJETO'!$H:$H,MATCH($C381,'CPU - PROJETO'!$B:$B,0))=0,INDEX('CPU - PROJETO'!$I:$I,MATCH($C381,'CPU - PROJETO'!$B:$B,0)),INDEX('CPU - PROJETO'!$H:$H,MATCH($C381,'CPU - PROJETO'!$B:$B,0))),2)","v":1.28},0.22720000000000001,1.57,0.62,8.9234349296668114E-7,null,null,"SERVIÇOS"]
["1.7.6.1 90587",null,90587,"SINAPI",{"$f":"INDEX('CPU - PROJETO'!$C:$C,MATCH($C382,'CPU - PROJETO'!$B:$B,0))","v":"VIBRADOR DE IMERSÃO, DIÂMETRO DE PONTEIRA 45MM, MOTOR ELÉTRICO TRIFÁSICO POTÊNCIA DE 2 CV - CHI DIURNO. AF_06/2015"},{"$f":"INDEX('CPU - PROJETO'!$D:$D,MATCH($C382,'CPU - PROJETO'!$B:$B,0))","v":"CHI"},{"$f":"INDEX('CPU - PROJETO'!T:T,MATCH(A382,'CPU - PROJETO'!W:W,0))","v":1.0975600000000001},{"$f":"TRUNC(IF(INDEX('CPU - PROJETO'!$H:$H,MATCH($C382,'CPU - PROJETO'!$B:$B,0))=0,INDEX('CPU - PROJETO'!$I:$I,MATCH($C382,'CPU - PROJETO'!$B:$B,0)),INDEX('CPU - PROJETO'!$H:$H,MATCH($C382,'CPU - PROJETO'!$B:$B,0))),2)","v":0.49},0.22720000000000001,0.6,0.65,9.3552140391668193E-7,null,null,"SERVIÇOS"]
["1.7.6.1 91692",null,91692,"SINAPI",{"$f":"INDEX('CPU - PROJETO'!$C:$C,MATCH($C383,'CPU - PROJETO'!$B:$B,0))","v":"SERRA CIRCULAR DE BANCADA COM MOTOR ELÉTRICO POTÊNCIA DE 5HP, COM COIFA PARA DISCO 10\" - CHP DIURNO. AF_08/2015"},{"$f":"INDEX('CPU - PROJETO'!$D:$D,MATCH($C383,'CPU - PROJETO'!$B:$B,0))","v":"CHP"},{"$f":"INDEX('CPU - PROJETO'!T:T,MATCH(A383,'CPU - PROJETO'!W:W,0))","v":4.1124000000000001E-2},{"$f":"TRUNC(IF(INDEX('CPU - PROJETO'!$H:$H,MATCH($C383,'CPU - PROJETO'!$B:$B,0))=0,INDEX('CPU - PROJETO'!$I:$I,MATCH($C383,'CPU - PROJETO'!$B:$B,0)),INDEX('CPU - PROJETO'!$H:$H,MATCH($C383,'CPU - PROJETO'!$B:$B,0))),2)","v":34.299999999999997},0.22720000000000001,42.09,1.73,2.4899261981167072E-6,null,null,"SERVIÇOS"]
["1.7.6.1 91693",null,91693,"SINAPI",{"$f":"INDEX('CPU - PROJETO'!$C:$C,MATCH($C384,'CPU - PROJETO'!$B:$B,0))","v":"SERRA CIRCULAR DE BANCADA COM MOTOR ELÉTRICO POTÊNCIA DE 5HP, COM COIFA PARA DISCO 10\" - CHI DIURNO. AF_08/2015"},{"$f":"INDEX('CPU - PROJETO'!$D:$D,MATCH($C384,'CPU - PROJETO'!$B:$B,0))","v":"CHI"},{"$f":"INDEX('CPU - PROJETO'!T:T,MATCH(A384,'CPU - PROJETO'!W:W,0))","v":4.4666000000000004E-2},{"$f":"TRUNC(IF(INDEX('CPU - PROJETO'!$H:$H,MATCH($C384,'CPU - PROJETO'!$B:$B,0))=0,INDEX('CPU - PROJETO'!$I:$I,MATCH($C384,'CPU - PROJETO'!$B:$B,0)),INDEX('CPU - PROJETO'!$H:$H,MATCH($C384,'CPU - PROJETO'!$B:$B,0))),2)","v":33.049999999999997},0.22720000000000001,40.549999999999997,1.81,2.6050672939833757E-6,null,null,"SERVIÇOS"]
["1.7.6.1 92784",null,92768,"SINAPI",{"$f":"INDEX('CPU - PROJETO'!$C:$C,MATCH($C385,'CPU - PROJETO'!$B:$B,0))","v":"ARMAÇÃO DE LAJE DE ESTRUTURA CONVENCIONAL DE CONCRETO ARMADO UTILIZANDO AÇO CA-60 DE 5,0 MM - MONTAGEM. AF_06/2022"},{"$f":"INDEX('CPU - PROJETO'!$D:$D,MATCH($C385,'CPU - PROJETO'!$B:$B,0))","v":"KG"},{"$f":"'CPU - PROJETO'!T189","v":14.596628000000001},{"$f":"TRUNC(IF(INDEX('CPU - PROJETO'!$H:$H,MATCH($C385,'CPU - PROJETO'!$B:$B,0))=0,INDEX('CPU - PROJETO'!$I:$I,MATCH($C385,'CPU - PROJETO'!$B:$B,0)),INDEX('CPU - PROJETO'!$H:$H,MATCH($C385,'CPU - PROJETO'!$B:$B,0))),2)","v":16.59},{"$f":"$I$6","v":0.13519999999999999},18.829999999999998,274.85000000000002,3.9558162748692315E-4,null,null,"MATERIAL"]
["1.7.6.1 94972",null,94972,"SINAPI",{"$f":"INDEX('CPU - PROJETO'!$C:$C,MATCH($C386,'CPU - PROJETO'!$B:$B,0))","v":"CONCRETO FCK = 30MPA, TRAÇO 1:2,1:2,5 (CIMENTO/ AREIA MÉDIA/ BRITA 1)  - PREPARO MECÂNICO COM BETONEIRA 600 L. AF_07/2016"},{"$f":"INDEX('CPU - PROJETO'!$D:$D,MATCH($C386,'CPU - PROJETO'!$B:$B,0))","v":"M3"},{"$f":"INDEX('CPU - PROJETO'!T:T,MATCH(A386,'CPU - PROJETO'!W:W,0))","v":0.50738000000000005},{"$nulls":7}," "]
["1.7.6.1 370",null,370,"SINAPI",{"$f":"INDEX('CPU - PROJ.AUX'!$P:$P,MATCH($A387,'CPU - PROJ.AUX'!$W:$W,0))","v":"AREIA MEDIA - POSTO JAZIDA/FORNECEDOR (RETIRADO NA JAZIDA, SEM TRANSPORTE)"},{"$f":"INDEX('CPU - PROJ.AUX'!$R:$R,MATCH($A387,'CPU - PROJ.AUX'!$W:$W,0))","v":"M3"},{"$f":"INDEX('CPU - PROJ.AUX'!T:T,MATCH(A387,'CPU - PROJ.AUX'!W:W,0))*$G$371","v":0.36120382199999995},{"$f":"TRUNC(IF(INDEX('CPU - PROJ.AUX'!$H:$H,MATCH($A387,'CPU - PROJ.AUX'!$W:$W,0))=0,INDEX('CPU - PROJ.AUX'!$I:$I,MATCH($A387,'CPU - PROJ.AUX'!$W:$W,0)),INDEX('CPU - PROJ.AUX'!$H:$H,MATCH($A387,'CPU - PROJ.AUX'!$W:$W,0))),2)","v":129},{"$f":"$I$6","v":0.13519999999999999},146.44,52.89,7.612265700485124E-5,null,null,"MATERIAL"]
["1.7.6.1 1379",null,1379,"SINAPI",{"$f":"INDEX('CPU - PROJ.AUX'!$P:$P,MATCH($A388,'CPU - PROJ.AUX'!$W:$W,0))","v":"CIMENTO PORTLAND COMPOSTO CP II-32"},{"$f":"INDEX('CPU - PROJ.AUX'!$R:$R,MATCH($A388,'CPU - PROJ.AUX'!$W:$W,0))","v":"KG"},{"$f":"INDEX('CPU - PROJ.AUX'!T:T,MATCH(A388,'CPU - PROJ.AUX'!W:W,0))*$G$371","v":198.46995729400001},{"$f":"TRUNC(IF(INDEX('CPU - PROJ.AUX'!$H:$H,MATCH($A388,'CPU - PROJ.AUX'!$W:$W,0))=0,INDEX('CPU - PROJ.AUX'!$I:$I,MATCH($A388,'CPU - PROJ.AUX'!$W:$W,0)),INDEX('CPU - PROJ.AUX'!$H:$H,MATCH($A388,'CPU - PROJ.AUX'!$W:$W,0))),2)","v":0.7},{"$f":"$I$6","v":0.13519999999999999},0.79,156.79,2.2566215526168698E-4,null,null,"MATERIAL"]
["1.7.6.1 4721",null,4721,"SINAPI",{"$f":"INDEX('CPU - PROJ.AUX'!$P:$P,MATCH($A389,'CPU - PROJ.AUX'!$W:$W,0))","v":"PEDRA BRITADA N. 1 (9,5 a 19 MM) POSTO PEDREIRA/FORNECEDOR, SEM FRETE"},{"$f":"INDEX('CPU - PROJ.AUX'!$R:$R,MATCH($A389,'CPU - PROJ.AUX'!$W:$W,0))","v":"M3"},{"$f":"INDEX('CPU - PROJ.AUX'!T:T,MATCH(A389,'CPU - PROJ.AUX'!W:W,0))*$G$371","v":0.30072412599999998},{"$f":"TRUNC(IF(INDEX('CPU - PROJ.AUX'!$H:$H,MATCH($A389,'CPU - PROJ.AUX'!$W:$W,0))=0,INDEX('CPU - PROJ.AUX'!$I:$I,MATCH($A389,'CPU - PROJ.AUX'!$W:$W,0)),INDEX('CPU - PROJ.AUX'!$H:$H,MATCH($A389,'CPU - PROJ.AUX'!$W:$W,0))),2)","v":89},{"$f":"$I$6","v":0.13519999999999999},101.03,30.38,4.3724831155367374E-5,null,null,"MATERIAL"]
["1.7.6.1 88316",null,88316,"SINAPI",{"$f":"INDEX('CPU - PROJ.AUX'!$P:$P,MATCH($A390,'CPU - PROJ.AUX'!$W:$W,0))","v":"SERVENTE COM ENCARGOS COMPLEMENTARES"},{"$f":"INDEX('CPU - PROJ.AUX'!$R:$R,MATCH($A390,'CPU - PROJ.AUX'!$W:$W,0))","v":"H"},{"$f":"INDEX('CPU - PROJ.AUX'!T:T,MATCH(A390,'CPU - PROJ.AUX'!W:W,0))*$G$371","v":0.99613915400000008},{"$f":"TRUNC(IF(INDEX('CPU - PROJ.AUX'!$H:$H,MATCH($A390,'CPU - PROJ.AUX'!$W:$W,0))=0,INDEX('CPU - PROJ.AUX'!$I:$I,MATCH($A390,'CPU - PROJ.AUX'!$W:$W,0)),INDEX('CPU - PROJ.AUX'!$H:$H,MATCH($A390,'CPU - PROJ.AUX'!$W:$W,0))),2)","v":20.420000000000002},0.22720000000000001,25.05,24.95,3.5909629273417247E-5,null,null,"SERVIÇOS"]
["1.7.6.1 88377",null,88377,"SINAPI",{"$f":"INDEX('CPU - PROJ.AUX'!$P:$P,MATCH($A391,'CPU - PROJ.AUX'!$W:$W,0))","v":"OPERADOR DE BETONEIRA ESTACIONÁRIA/MISTURADOR COM ENCARGOS COMPLEMENTARES"},{"$f":"INDEX('CPU - PROJ.AUX'!$R:$R,MATCH($A391,'CPU - PROJ.AUX'!$W:$W,0))","v":"H"},{"$f":"INDEX('CPU - PROJ.AUX'!T:T,MATCH(A391,'CPU - PROJ.AUX'!W:W,0))*$G$371","v":0.62915120000000002},{"$f":"TRUNC(IF(INDEX('CPU - PROJ.AUX'!$H:$H,MATCH($A391,'CPU - PROJ.AUX'!$W:$W,0))=0,INDEX('CPU - PROJ.AUX'!$I:$I,MATCH($A391,'CPU - PROJ.AUX'!$W:$W,0)),INDEX('CPU - PROJ.AUX'!$H:$H,MATCH($A391,'CPU - PROJ.AUX'!$W:$W,0))),2)","v":28.14},0.22720000000000001,34.53,21.72,3.126080752780051E-5,null,null,"SERVIÇOS"]
["1.7.6.1 89225",null,89225,"SINAPI",{"$f":"INDEX('CPU - PROJ.AUX'!$P:$P,MATCH($A392,'CPU - PROJ.AUX'!$W:$W,0))","v":"BETONEIRA CAPACIDADE NOMINAL DE 600 L, CAPACIDADE DE MISTURA 360 L, MOTOR ELÉTRICO TRIFÁSICO POTÊNCIA DE 4 CV, SEM CARREGADOR - CHP DIURNO. AF_11/2014"},{"$f":"INDEX('CPU - PROJ.AUX'!$R:$R,MATCH($A392,'CPU - PROJ.AUX'!$W:$W,0))","v":"CHP"},{"$f":"INDEX('CPU - PROJ.AUX'!T:T,MATCH(A392,'CPU - PROJ.AUX'!W:W,0))*$G$371","v":0.32380991599999998},{"$f":"TRUNC(IF(INDEX('CPU - PROJ.AUX'!$H:$H,MATCH($A392,'CPU - PROJ.AUX'!$W:$W,0))=0,INDEX('CPU - PROJ.AUX'!$I:$I,MATCH($A392,'CPU - PROJ.AUX'!$W:$W,0)),INDEX('CPU - PROJ.AUX'!$H:$H,MATCH($A392,'CPU - PROJ.AUX'!$W:$W,0))),2)","v":5.41},0.22720000000000001,6.63,2.14,3.0800243144333836E-6,null,null,"SERVIÇOS"]
["1.7.6.1 89226",null,89226,"SINAPI",{"$f":"INDEX('CPU - PROJ.AUX'!$P:$P,MATCH($A393,'CPU - PROJ.AUX'!$W:$W,0))","v":"BETONEIRA CAPACIDADE NOMINAL DE 600 L, CAPACIDADE DE MISTURA 360 L, MOTOR ELÉTRICO TRIFÁSICO POTÊNCIA DE 4 CV, SEM CARREGADOR - CHI DIURNO. AF_11/2014"},{"$f":"INDEX('CPU - PROJ.AUX'!$R:$R,MATCH($A393,'CPU - PROJ.AUX'!$W:$W,0))","v":"CHI"},{"$f":"INDEX('CPU - PROJ.AUX'!T:T,MATCH(A393,'CPU - PROJ.AUX'!W:W,0))*$G$371","v":0.30534128399999999},{"$f":"TRUNC(IF(INDEX('CPU - PROJ.AUX'!$H:$H,MATCH($A393,'CPU - PROJ.AUX'!$W:$W,0))=0,INDEX('CPU - PROJ.AUX'!$I:$I,MATCH($A393,'CPU - PROJ.AUX'!$W:$W,0)),INDEX('CPU - PROJ.AUX'!$H:$H,MATCH($A393,'CPU - PROJ.AUX'!$W:$W,0))),2)","v":1.62},0.22720000000000001,1.98,0.6,8.6355821900001401E-7,null,null,"SERVIÇOS"]
["1.7.7","1.7.7",null,null,"ESQUADRIAS",{"$nulls":5},{"$f":"SUBTOTAL(109,K395:K401)","v":5881.99},{"$f":"SUBTOTAL(109,L395:L401)","v":8.4657346809598206E-3},"1635-DEP-2812-10-25-201-R04",null,{"$f":"IF(I394=$I$6,\"MATERIAL\",IF(I394=$I$5,\"SERVIÇOS\",\" \"))","v":" "}]
["1.7.7.1","1.7.7.1",91338,"SINAPI",{"$f":"INDEX('CPU - PROJETO'!$C:$C,MATCH($C395,'CPU - PROJETO'!$B:$B,0))","v":"PORTA DE ALUMÍNIO DE ABRIR COM LAMBRI, COM GUARNIÇÃO, FIXAÇÃO COM PARAFUSOS - FORNECIMENTO E INSTALAÇÃO. AF_12/2019"},{"$f":"INDEX('CPU - PROJETO'!$D:$D,MATCH($C395,'CPU - PROJETO'!$B:$B,0))","v":"M2"},{"$f":"INDEX(MEMÓRIA!L:L,MATCH($A395,MEMÓRIA!A:A,0))","v":7.5},{"$nulls":7}," "]
["1.7.7.1 142",null,142,"SINAPI",{"$f":"INDEX('CPU - PROJETO'!$C:$C,MATCH($C396,'CPU - PROJETO'!$B:$B,0))","v":"SELANTE ELASTICO MONOCOMPONENTE A BASE DE POLIURETANO (PU) PARA JUNTAS DIVERSAS"},{"$f":"INDEX('CPU - PROJETO'!$D:$D,MATCH($C396,'CPU - PROJETO'!$B:$B,0))","v":"310ML"},{"$f":"INDEX('CPU - PROJETO'!T:T,MATCH(A396,'CPU - PROJETO'!W:W,0))","v":6.6217500000000005},{"$f":"TRUNC(IF(INDEX('CPU - PROJETO'!$H:$H,MATCH($C396,'CPU - PROJETO'!$B:$B,0))=0,INDEX('CPU - PROJETO'!$I:$I,MATCH($C396,'CPU - PROJETO'!$B:$B,0)),INDEX('CPU - PROJETO'!$H:$H,MATCH($C396,'CPU - PROJETO'!$B:$B,0))),2)","v":37.450000000000003},{"$f":"$I$6","v":0.13519999999999999},{"$f":"TRUNC(H396*(1+I396),2)","v":42.51},{"$f":"TRUNC(G396*J396,2)","v":281.49},{"$f":"K396/$K$550","v":4.0513833844385658E-4},null,null,"MATERIAL"]
["1.7.7.1 4914",null,4914,"SINAPI",{"$f":"INDEX('CPU - PROJETO'!$C:$C,MATCH($C397,'CPU - PROJETO'!$B:$B,0))","v":"PORTA DE ABRIR EM ALUMINIO COM LAMBRI HORIZONTAL/LAMINADA, ACABAMENTO ANODIZADO NATURAL, SEM GUARNICAO/ALIZAR/VISTA"},{"$f":"INDEX('CPU - PROJETO'!$D:$D,MATCH($C397,'CPU - PROJETO'!$B:$B,0))","v":"M2"},{"$f":"INDEX('CPU - PROJETO'!T:T,MATCH(A397,'CPU - PROJETO'!W:W,0))","v":7.5},{"$f":"TRUNC(IF(INDEX('CPU - PROJETO'!$H:$H,MATCH($C397,'CPU - PROJETO'!$B:$B,0))=0,INDEX('CPU - PROJETO'!$I:$I,MATCH($C397,'CPU - PROJETO'!$B:$B,0)),INDEX('CPU - PROJETO'!$H:$H,MATCH($C397,'CPU - PROJETO'!$B:$B,0))),2)","v":475.38},{"$f":"$I$6","v":0.13519999999999999},539.65,4047.37,5.825232714723478E-3,null,null,"MATERIAL"]
["1.7.7.1 7568",null,7568,"SINAPI",{"$f":"INDEX('CPU - PROJETO'!$C:$C,MATCH($C398,'CPU - PROJETO'!$B:$B,0))","v":"BUCHA DE NYLON SEM ABA S10, COM PARAFUSO DE 6,10 X 65 MM EM ACO ZINCADO COM ROSCA SOBERBA, CABECA CHATA E FENDA PHILLIPS"},{"$f":"INDEX('CPU - PROJETO'!$D:$D,MATCH($C398,'CPU - PROJETO'!$B:$B,0))","v":"UN"},{"$f":"INDEX('CPU - PROJETO'!T:T,MATCH(A398,'CPU - PROJETO'!W:W,0))","v":36.124500000000005},{"$f":"TRUNC(IF(INDEX('CPU - PROJETO'!$H:$H,MATCH($C398,'CPU - PROJETO'!$B:$B,0))=0,INDEX('CPU - PROJETO'!$I:$I,MATCH($C398,'CPU - PROJETO'!$B:$B,0)),INDEX('CPU - PROJETO'!$H:$H,MATCH($C398,'CPU - PROJETO'!$B:$B,0))),2)","v":1.04},{"$f":"$I$6","v":0.13519999999999999},1.18,42.62,6.1341418822967662E-5,null,null,"MATERIAL"]
["1.7.7.1 36888",null,36888,"SINAPI",{"$f":"INDEX('CPU - PROJETO'!$C:$C,MATCH($C399,'CPU - PROJETO'!$B:$B,0))","v":"GUARNICAO/MOLDURA DE ACABAMENTO PARA ESQUADRIA DE ALUMINIO ANODIZADO NATURAL, PARA 1 FACE"},{"$f":"INDEX('CPU - PROJETO'!$D:$D,MATCH($C399,'CPU - PROJETO'!$B:$B,0))","v":"M"},{"$f":"INDEX('CPU - PROJETO'!T:T,MATCH(A399,'CPU - PROJETO'!W:W,0))","v":51.378},{"$f":"TRUNC(IF(INDEX('CPU - PROJETO'!$H:$H,MATCH($C399,'CPU - PROJETO'!$B:$B,0))=0,INDEX('CPU - PROJETO'!$I:$I,MATCH($C399,'CPU - PROJETO'!$B:$B,0)),INDEX('CPU - PROJETO'!$H:$H,MATCH($C399,'CPU - PROJETO'!$B:$B,0))),2)","v":23.9},{"$f":"$I$6","v":0.13519999999999999},27.13,1393.88,2.0061608838328996E-3,null,null,"MATERIAL"]
["1.7.7.1 88309",null,88309,"SINAPI",{"$f":"INDEX('CPU - PROJETO'!$C:$C,MATCH($C400,'CPU - PROJETO'!$B:$B,0))","v":"PEDREIRO COM ENCARGOS COMPLEMENTARES"},{"$f":"INDEX('CPU - PROJETO'!$D:$D,MATCH($C400,'CPU - PROJETO'!$B:$B,0))","v":"H"},{"$f":"INDEX('CPU - PROJETO'!T:T,MATCH(A400,'CPU - PROJETO'!W:W,0))","v":2.67225},{"$f":"TRUNC(IF(INDEX('CPU - PROJETO'!$H:$H,MATCH($C400,'CPU - PROJETO'!$B:$B,0))=0,INDEX('CPU - PROJETO'!$I:$I,MATCH($C400,'CPU - PROJETO'!$B:$B,0)),INDEX('CPU - PROJETO'!$H:$H,MATCH($C400,'CPU - PROJETO'!$B:$B,0))),2)","v":25.38},{"$f":"$I$5","v":0.22720000000000001},31.14,83.21,1.197611323383186E-4,null,null,"SERVIÇOS"]
["1.7.7.1 88316",null,88316,"SINAPI",{"$f":"INDEX('CPU - PROJETO'!$C:$C,MATCH($C401,'CPU - PROJETO'!$B:$B,0))","v":"SERVENTE COM ENCARGOS COMPLEMENTARES"},{"$f":"INDEX('CPU - PROJETO'!$D:$D,MATCH($C401,'CPU - PROJETO'!$B:$B,0))","v":"H"},{"$f":"INDEX('CPU - PROJETO'!T:T,MATCH(A401,'CPU - PROJETO'!W:W,0))","v":1.3342499999999999},{"$f":"TRUNC(IF(INDEX('CPU - PROJETO'!$H:$H,MATCH($C401,'CPU - PROJETO'!$B:$B,0))=0,INDEX('CPU - PROJETO'!$I:$I,MATCH($C401,'CPU - PROJETO'!$B:$B,0)),INDEX('CPU - PROJETO'!$H:$H,MATCH($C401,'CPU - PROJETO'!$B:$B,0))),2)","v":20.420000000000002},0.22720000000000001,25.05,33.42,4.8100192798300786E-5,null,null,"SERVIÇOS"]
["1.7.8","1.7.8",null,null,"LOUÇAS E METAIS",{"$nulls":5},{"$f":"SUBTOTAL(109,K403:K418)","v":539.61000000000013},{"$f":"SUBTOTAL(109,L403:L418)","v":7.766410842576627E-4},null,null," "]
["1.7.8.1","1.7.8.1","COMP3","P/SINAPI",{"$f":"INDEX('CPU - PROJETO'!$C:$C,MATCH($C403,'CPU - PROJETO'!$B:$B,0))","v":"PIA EM AÇO INOX 1,20 x 0,55 M COM 1 CUBA, INCLUSIVE VÁLVULA E SIFÃO FLEXIVÉL (REF. SINAPI 86935)"},{"$f":"INDEX('CPU - PROJETO'!$D:$D,MATCH($C403,'CPU - PROJETO'!$B:$B,0))","v":"UND"},{"$f":"INDEX(MEMÓRIA!L:L,MATCH($A403,MEMÓRIA!A:A,0))","v":1},{"$nulls":7}," "]
["1.7.8.1 37412",null,37412,"SINAPI",{"$f":"INDEX('CPU - PROJETO'!$C:$C,MATCH($C404,'CPU - PROJETO'!$B:$B,0))","v":"BANCADA/BANCA/PIA DE ACO INOXIDAVEL (AISI 430) COM 1 CUBA CENTRAL, COM VALVULA, LISA (SEM ESCORREDOR), DE *0,55 X 1,20* M"},{"$f":"INDEX('CPU - PROJETO'!$D:$D,MATCH($C404,'CPU - PROJETO'!$B:$B,0))","v":"UN    "},{"$f":"INDEX('CPU - PROJETO'!T:T,MATCH(A404,'CPU - PROJETO'!W:W,0))","v":1},{"$f":"TRUNC(IF(INDEX('CPU - PROJETO'!$H:$H,MATCH($C404,'CPU - PROJETO'!$B:$B,0))=0,INDEX('CPU - PROJETO'!$I:$I,MATCH($C404,'CPU - PROJETO'!$B:$B,0)),INDEX('CPU - PROJETO'!$H:$H,MATCH($C404,'CPU - PROJETO'!$B:$B,0))),2)","v":247.21},{"$f":"$I$6","v":0.13519999999999999},{"$f":"TRUNC(H404*(1+I404),2)","v":280.63},{"$f":"TRUNC(G404*J404,2)","v":280.63},{"$f":"K404/$K$550","v":4.039005716632899E-4},null,null,"MATERIAL"]
["1.7.8.1 4823",null,4823,"SINAPI",{"$f":"INDEX('CPU - PROJETO'!$C:$C,MATCH($C405,'CPU - PROJETO'!$B:$B,0))","v":"MASSA PLASTICA PARA MARMORE/GRANITO"},{"$f":"INDEX('CPU - PROJETO'!$D:$D,MATCH($C405,'CPU - PROJETO'!$B:$B,0))","v":"KG    "},{"$f":"INDEX('CPU - PROJETO'!T:T,MATCH(A405,'CPU - PROJETO'!W:W,0))","v":0.2974},{"$f":"TRUNC(IF(INDEX('CPU - PROJETO'!$H:$H,MATCH($C405,'CPU - PROJETO'!$B:$B,0))=0,INDEX('CPU - PROJETO'!$I:$I,MATCH($C405,'CPU - PROJETO'!$B:$B,0)),INDEX('CPU - PROJETO'!$H:$H,MATCH($C405,'CPU - PROJETO'!$B:$B,0))),2)","v":54.63},{"$f":"$I$6","v":0.13519999999999999},62.01,18.440000000000001,2.6540022597267099E-5,null,null,"MATERIAL"]
["1.7.8.1 86883",null,86883,"SINAPI",{"$f":"INDEX('CPU - PROJETO'!$C:$C,MATCH($C406,'CPU - PROJETO'!$B:$B,0))","v":"SIFÃO DO TIPO FLEXÍVEL EM PVC 1\u0094 X 1.1/2\u0094 - FORNECIMENTO E INSTALAÇÃO. AF_12/2013"},{"$f":"INDEX('CPU - PROJETO'!$D:$D,MATCH($C406,'CPU - PROJETO'!$B:$B,0))","v":"UN"},{"$f":"INDEX('CPU - PROJETO'!T:T,MATCH(A406,'CPU - PROJETO'!W:W,0))","v":1},{"$f":"TRUNC(IF(INDEX('CPU - PROJETO'!$H:$H,MATCH($C406,'CPU - PROJETO'!$B:$B,0))=0,INDEX('CPU - PROJETO'!$I:$I,MATCH($C406,'CPU - PROJETO'!$B:$B,0)),INDEX('CPU - PROJETO'!$H:$H,MATCH($C406,'CPU - PROJETO'!$B:$B,0))),2)","v":12.12},{"$f":"$I$6","v":0.13519999999999999},13.75,13.75,1.9789875852083656E-5,null,null,"MATERIAL"]
["1.7.8.1 88274",null,88274,"SINAPI",{"$f":"INDEX('CPU - PROJETO'!$C:$C,MATCH($C407,'CPU - PROJETO'!$B:$B,0))","v":"MARMORISTA/GRANITEIRO COM ENCARGOS COMPLEMENTARES"},{"$f":"INDEX('CPU - PROJETO'!$D:$D,MATCH($C407,'CPU - PROJETO'!$B:$B,0))","v":"H"},{"$f":"INDEX('CPU - PROJETO'!T:T,MATCH(A407,'CPU - PROJETO'!W:W,0))","v":0.48},{"$f":"TRUNC(IF(INDEX('CPU - PROJETO'!$H:$H,MATCH($C407,'CPU - PROJETO'!$B:$B,0))=0,INDEX('CPU - PROJETO'!$I:$I,MATCH($C407,'CPU - PROJETO'!$B:$B,0)),INDEX('CPU - PROJETO'!$H:$H,MATCH($C407,'CPU - PROJETO'!$B:$B,0))),2)","v":25.25},{"$f":"$I$5","v":0.22720000000000001},30.98,14.87,2.1401851194217013E-5,null,null,"SERVIÇOS"]
["1.7.8.1 88316",null,88316,"SINAPI",{"$f":"INDEX('CPU - PROJETO'!$C:$C,MATCH($C408,'CPU - PROJETO'!$B:$B,0))","v":"SERVENTE COM ENCARGOS COMPLEMENTARES"},{"$f":"INDEX('CPU - PROJETO'!$D:$D,MATCH($C408,'CPU - PROJETO'!$B:$B,0))","v":"H"},{"$f":"INDEX('CPU - PROJETO'!T:T,MATCH(A408,'CPU - PROJETO'!W:W,0))","v":0.15},{"$f":"TRUNC(IF(INDEX('CPU - PROJETO'!$H:$H,MATCH($C408,'CPU - PROJETO'!$B:$B,0))=0,INDEX('CPU - PROJETO'!$I:$I,MATCH($C408,'CPU - PROJETO'!$B:$B,0)),INDEX('CPU - PROJETO'!$H:$H,MATCH($C408,'CPU - PROJETO'!$B:$B,0))),2)","v":20.420000000000002},0.22720000000000001,25.05,3.75,5.3972388687500881E-6,null,null,"SERVIÇOS"]
["1.7.8.2","1.7.8.2",86910,"SINAPI",{"$f":"INDEX('CPU - PROJETO'!$C:$C,MATCH($C409,'CPU - PROJETO'!$B:$B,0))","v":"TORNEIRA CROMADA TUBO MÓVEL, DE PAREDE, 1/2\u0094 OU 3/4\u0094, PARA PIA DE COZINHA, PADRÃO MÉDIO - FORNECIMENTO E INSTALAÇÃO. AF_01/2020"},{"$f":"INDEX('CPU - PROJETO'!$D:$D,MATCH($C409,'CPU - PROJETO'!$B:$B,0))","v":"UN"},{"$f":"INDEX(MEMÓRIA!L:L,MATCH($A409,MEMÓRIA!A:A,0))","v":1},{"$nulls":7}," "]
["1.7.8.2 3146",null,3146,"SINAPI",{"$f":"INDEX('CPU - PROJETO'!$C:$C,MATCH($C410,'CPU - PROJETO'!$B:$B,0))","v":"FITA VEDA ROSCA EM ROLOS DE 18 MM X 10 M (L X C)"},{"$f":"INDEX('CPU - PROJETO'!$D:$D,MATCH($C410,'CPU - PROJETO'!$B:$B,0))","v":"UN"},{"$f":"INDEX('CPU - PROJETO'!T:T,MATCH(A410,'CPU - PROJETO'!W:W,0))","v":2.1000000000000001E-2},{"$f":"TRUNC(IF(INDEX('CPU - PROJETO'!$H:$H,MATCH($C410,'CPU - PROJETO'!$B:$B,0))=0,INDEX('CPU - PROJETO'!$I:$I,MATCH($C410,'CPU - PROJETO'!$B:$B,0)),INDEX('CPU - PROJETO'!$H:$H,MATCH($C410,'CPU - PROJETO'!$B:$B,0))),2)","v":3.1},{"$f":"$I$6","v":0.13519999999999999},{"$f":"TRUNC(H410*(1+I410),2)","v":3.51},{"$f":"TRUNC(G410*J410,2)","v":7.0000000000000007E-2},1.0074845888333498E-7,null,null,"MATERIAL"]
["1.7.8.2 11773",null,11773,"SINAPI",{"$f":"INDEX('CPU - PROJETO'!$C:$C,MATCH($C411,'CPU - PROJETO'!$B:$B,0))","v":"TORNEIRA CROMADA DE PAREDE PARA COZINHA BICA MOVEL COM AREJADOR 1/2 \" OU 3/4 \" (REF 1168)"},{"$f":"INDEX('CPU - PROJETO'!$D:$D,MATCH($C411,'CPU - PROJETO'!$B:$B,0))","v":"UN"},{"$f":"INDEX('CPU - PROJETO'!T:T,MATCH(A411,'CPU - PROJETO'!W:W,0))","v":1},{"$f":"TRUNC(IF(INDEX('CPU - PROJETO'!$H:$H,MATCH($C411,'CPU - PROJETO'!$B:$B,0))=0,INDEX('CPU - PROJETO'!$I:$I,MATCH($C411,'CPU - PROJETO'!$B:$B,0)),INDEX('CPU - PROJETO'!$H:$H,MATCH($C411,'CPU - PROJETO'!$B:$B,0))),2)","v":111.53},{"$f":"$I$6","v":0.13519999999999999},126.6,126.6,1.8221078420900294E-4,null,null,"MATERIAL"]
["1.7.8.2 88267",null,88267,"SINAPI",{"$f":"INDEX('CPU - PROJETO'!$C:$C,MATCH($C412,'CPU - PROJETO'!$B:$B,0))","v":"ENCANADOR OU BOMBEIRO HIDRÁULICO COM ENCARGOS COMPLEMENTARES"},{"$f":"INDEX('CPU - PROJETO'!$D:$D,MATCH($C412,'CPU - PROJETO'!$B:$B,0))","v":"H"},{"$f":"INDEX('CPU - PROJETO'!T:T,MATCH(A412,'CPU - PROJETO'!W:W,0))","v":0.1164},{"$f":"TRUNC(IF(INDEX('CPU - PROJETO'!$H:$H,MATCH($C412,'CPU - PROJETO'!$B:$B,0))=0,INDEX('CPU - PROJETO'!$I:$I,MATCH($C412,'CPU - PROJETO'!$B:$B,0)),INDEX('CPU - PROJETO'!$H:$H,MATCH($C412,'CPU - PROJETO'!$B:$B,0))),2)","v":24.63},0.22720000000000001,30.22,3.51,5.0518155811500817E-6,null,null,"SERVIÇOS"]
["1.7.8.2 88316",null,88316,"SINAPI",{"$f":"INDEX('CPU - PROJETO'!$C:$C,MATCH($C413,'CPU - PROJETO'!$B:$B,0))","v":"SERVENTE COM ENCARGOS COMPLEMENTARES"},{"$f":"INDEX('CPU - PROJETO'!$D:$D,MATCH($C413,'CPU - PROJETO'!$B:$B,0))","v":"H"},{"$f":"INDEX('CPU - PROJETO'!T:T,MATCH(A413,'CPU - PROJETO'!W:W,0))","v":3.6700000000000003E-2},{"$f":"TRUNC(IF(INDEX('CPU - PROJETO'!$H:$H,MATCH($C413,'CPU - PROJETO'!$B:$B,0))=0,INDEX('CPU - PROJETO'!$I:$I,MATCH($C413,'CPU - PROJETO'!$B:$B,0)),INDEX('CPU - PROJETO'!$H:$H,MATCH($C413,'CPU - PROJETO'!$B:$B,0))),2)","v":20.420000000000002},0.22720000000000001,25.05,0.91,1.3097299654833546E-6,null,null,"SERVIÇOS"]
["1.7.8.3","1.7.8.3",86887,"SINAPI",{"$f":"INDEX('CPU - PROJETO'!$C:$C,MATCH($C414,'CPU - PROJETO'!$B:$B,0))","v":"ENGATE FLEXÍVEL EM INOX, 1/2\u0094 X 40CM - FORNECIMENTO E INSTALAÇÃO. AF_12/2013"},{"$f":"INDEX('CPU - PROJETO'!$D:$D,MATCH($C414,'CPU - PROJETO'!$B:$B,0))","v":"UN"},{"$f":"INDEX(MEMÓRIA!L:L,MATCH($A414,MEMÓRIA!A:A,0))","v":1},{"$nulls":7}," "]
["1.7.8.3 3146",null,3146,"SINAPI",{"$f":"INDEX('CPU - PROJETO'!$C:$C,MATCH($C415,'CPU - PROJETO'!$B:$B,0))","v":"FITA VEDA ROSCA EM ROLOS DE 18 MM X 10 M (L X C)"},{"$f":"INDEX('CPU - PROJETO'!$D:$D,MATCH($C415,'CPU - PROJETO'!$B:$B,0))","v":"UN"},{"$f":"INDEX('CPU - PROJETO'!T:T,MATCH(A415,'CPU - PROJETO'!W:W,0))","v":2.1000000000000001E-2},{"$f":"TRUNC(IF(INDEX('CPU - PROJETO'!$H:$H,MATCH($C415,'CPU - PROJETO'!$B:$B,0))=0,INDEX('CPU - PROJETO'!$I:$I,MATCH($C415,'CPU - PROJETO'!$B:$B,0)),INDEX('CPU - PROJETO'!$H:$H,MATCH($C415,'CPU - PROJETO'!$B:$B,0))),2)","v":3.1},{"$f":"$I$6","v":0.13519999999999999},{"$f":"TRUNC(H415*(1+I415),2)","v":3.51},{"$f":"TRUNC(G415*J415,2)","v":7.0000000000000007E-2},1.0074845888333498E-7,null,null,"MATERIAL"]
["1.7.8.3 11684",null,11684,"SINAPI",{"$f":"INDEX('CPU - PROJETO'!$C:$C,MATCH($C416,'CPU - PROJETO'!$B:$B,0))","v":"ENGATE / RABICHO FLEXIVEL INOX 1/2 \" X 40 CM"},{"$f":"INDEX('CPU - PROJETO'!$D:$D,MATCH($C416,'CPU - PROJETO'!$B:$B,0))","v":"UN"},{"$f":"INDEX('CPU - PROJETO'!T:T,MATCH(A416,'CPU - PROJETO'!W:W,0))","v":1},{"$f":"TRUNC(IF(INDEX('CPU - PROJETO'!$H:$H,MATCH($C416,'CPU - PROJETO'!$B:$B,0))=0,INDEX('CPU - PROJETO'!$I:$I,MATCH($C416,'CPU - PROJETO'!$B:$B,0)),INDEX('CPU - PROJETO'!$H:$H,MATCH($C416,'CPU - PROJETO'!$B:$B,0))),2)","v":62.73},{"$f":"$I$6","v":0.13519999999999999},71.209999999999994,71.209999999999994,1.0248996795831833E-4,null,null,"MATERIAL"]
["1.7.8.3 88267",null,88267,"SINAPI",{"$f":"INDEX('CPU - PROJETO'!$C:$C,MATCH($C417,'CPU - PROJETO'!$B:$B,0))","v":"ENCANADOR OU BOMBEIRO HIDRÁULICO COM ENCARGOS COMPLEMENTARES"},{"$f":"INDEX('CPU - PROJETO'!$D:$D,MATCH($C417,'CPU - PROJETO'!$B:$B,0))","v":"H"},{"$f":"INDEX('CPU - PROJETO'!T:T,MATCH(A417,'CPU - PROJETO'!W:W,0))","v":0.1525},{"$f":"TRUNC(IF(INDEX('CPU - PROJETO'!$H:$H,MATCH($C417,'CPU - PROJETO'!$B:$B,0))=0,INDEX('CPU - PROJETO'!$I:$I,MATCH($C417,'CPU - PROJETO'!$B:$B,0)),INDEX('CPU - PROJETO'!$H:$H,MATCH($C417,'CPU - PROJETO'!$B:$B,0))),2)","v":24.63},0.22720000000000001,30.22,4.5999999999999996,6.6206130123334404E-6,null,null,"SERVIÇOS"]
["1.7.8.3 88316",null,88316,"SINAPI",{"$f":"INDEX('CPU - PROJETO'!$C:$C,MATCH($C418,'CPU - PROJETO'!$B:$B,0))","v":"SERVENTE COM ENCARGOS COMPLEMENTARES"},{"$f":"INDEX('CPU - PROJETO'!$D:$D,MATCH($C418,'CPU - PROJETO'!$B:$B,0))","v":"H"},{"$f":"INDEX('CPU - PROJETO'!T:T,MATCH(A418,'CPU - PROJETO'!W:W,0))","v":4.8099999999999997E-2},{"$f":"TRUNC(IF(INDEX('CPU - PROJETO'!$H:$H,MATCH($C418,'CPU - PROJETO'!$B:$B,0))=0,INDEX('CPU - PROJETO'!$I:$I,MATCH($C418,'CPU - PROJETO'!$B:$B,0)),INDEX('CPU - PROJETO'!$H:$H,MATCH($C418,'CPU - PROJETO'!$B:$B,0))),2)","v":20.420000000000002},0.22720000000000001,25.05,1.2,1.727116438000028E-6,null,null,"SERVIÇOS"]
["1.7.9","1.7.9",null,null,"INSTALAÇÕES HIDROSSANITÁRIAS",{"$nulls":5},{"$f":"SUBTOTAL(109,K420:K452)","v":1603.68},{"$f":"SUBTOTAL(109,L420:L452)","v":2.3081184077432368E-3},null,null," "]
["1.7.9.1","1.7.9.1","74234/1","SINAPI",{"$f":"INDEX('CPU - PROJETO'!$C:$C,MATCH($C420,'CPU - PROJETO'!$B:$B,0))","v":"MICTORIO SIFONADO DE LOUCA BRANCA COM PERTENCES, COM REGISTRO DE PRESSAO 1/2\" COM CANOPLA CROMADA ACABAMENTO SIMPLES E CONJUNTO PARA FIXACAO  - FORNECIMENTO E INSTALACAO"},{"$f":"INDEX('CPU - PROJETO'!$D:$D,MATCH($C420,'CPU - PROJETO'!$B:$B,0))","v":"UN"},{"$f":"INDEX(MEMÓRIA!L:L,MATCH($A420,MEMÓRIA!A:A,0))","v":1},{"$nulls":7}," "]
["1.7.9.1 3146",null,3146,"SINAPI",{"$f":"INDEX('CPU - PROJETO'!$C:$C,MATCH($C421,'CPU - PROJETO'!$B:$B,0))","v":"FITA VEDA ROSCA EM ROLOS DE 18 MM X 10 M (L X C)"},{"$f":"INDEX('CPU - PROJETO'!$D:$D,MATCH($C421,'CPU - PROJETO'!$B:$B,0))","v":"UN"},{"$f":"INDEX('CPU - PROJETO'!T:T,MATCH(A421,'CPU - PROJETO'!W:W,0))","v":7.5999999999999998E-2},{"$f":"TRUNC(IF(INDEX('CPU - PROJETO'!$H:$H,MATCH($C421,'CPU - PROJETO'!$B:$B,0))=0,INDEX('CPU - PROJETO'!$I:$I,MATCH($C421,'CPU - PROJETO'!$B:$B,0)),INDEX('CPU - PROJETO'!$H:$H,MATCH($C421,'CPU - PROJETO'!$B:$B,0))),2)","v":3.1},{"$f":"$I$6","v":0.13519999999999999},{"$f":"TRUNC(H421*(1+I421),2)","v":3.51},{"$f":"TRUNC(G421*J421,2)","v":0.26},{"$f":"K421/$K$550","v":3.7420856156667275E-7},null,null,"MATERIAL"]
["1.7.9.1 4351",null,4351,"SINAPI",{"$f":"INDEX('CPU - PROJETO'!$C:$C,MATCH($C422,'CPU - PROJETO'!$B:$B,0))","v":"PARAFUSO NIQUELADO 3 1/2\" COM ACABAMENTO CROMADO PARA FIXAR PECA SANITARIA, INCLUI PORCA CEGA, ARRUELA E BUCHA DE NYLON TAMANHO S-8"},{"$f":"INDEX('CPU - PROJETO'!$D:$D,MATCH($C422,'CPU - PROJETO'!$B:$B,0))","v":"UN"},{"$f":"INDEX('CPU - PROJETO'!T:T,MATCH(A422,'CPU - PROJETO'!W:W,0))","v":2},{"$f":"TRUNC(IF(INDEX('CPU - PROJETO'!$H:$H,MATCH($C422,'CPU - PROJETO'!$B:$B,0))=0,INDEX('CPU - PROJETO'!$I:$I,MATCH($C422,'CPU - PROJETO'!$B:$B,0)),INDEX('CPU - PROJETO'!$H:$H,MATCH($C422,'CPU - PROJETO'!$B:$B,0))),2)","v":21.88},{"$f":"$I$6","v":0.13519999999999999},24.83,49.66,7.1473835259234497E-5,null,null,"MATERIAL"]
["1.7.9.1 6021",null,6021,"SINAPI",{"$f":"INDEX('CPU - PROJETO'!$C:$C,MATCH($C423,'CPU - PROJETO'!$B:$B,0))","v":"REGISTRO PRESSAO COM ACABAMENTO E CANOPLA CROMADA, SIMPLES, BITOLA 1/2 \" (REF 1416)"},{"$f":"INDEX('CPU - PROJETO'!$D:$D,MATCH($C423,'CPU - PROJETO'!$B:$B,0))","v":"UN"},{"$f":"INDEX('CPU - PROJETO'!T:T,MATCH(A423,'CPU - PROJETO'!W:W,0))","v":1},{"$f":"TRUNC(IF(INDEX('CPU - PROJETO'!$H:$H,MATCH($C423,'CPU - PROJETO'!$B:$B,0))=0,INDEX('CPU - PROJETO'!$I:$I,MATCH($C423,'CPU - PROJETO'!$B:$B,0)),INDEX('CPU - PROJETO'!$H:$H,MATCH($C423,'CPU - PROJETO'!$B:$B,0))),2)","v":81.14},{"$f":"$I$6","v":0.13519999999999999},92.11,92.11,1.325705792534855E-4,null,null,"MATERIAL"]
["1.7.9.1 10432",null,10432,"SINAPI",{"$f":"INDEX('CPU - PROJETO'!$C:$C,MATCH($C424,'CPU - PROJETO'!$B:$B,0))","v":"MICTORIO SIFONADO LOUCA BRANCA SEM COMPLEMENTOS"},{"$f":"INDEX('CPU - PROJETO'!$D:$D,MATCH($C424,'CPU - PROJETO'!$B:$B,0))","v":"UN"},{"$f":"INDEX('CPU - PROJETO'!T:T,MATCH(A424,'CPU - PROJETO'!W:W,0))","v":1},{"$f":"TRUNC(IF(INDEX('CPU - PROJETO'!$H:$H,MATCH($C424,'CPU - PROJETO'!$B:$B,0))=0,INDEX('CPU - PROJETO'!$I:$I,MATCH($C424,'CPU - PROJETO'!$B:$B,0)),INDEX('CPU - PROJETO'!$H:$H,MATCH($C424,'CPU - PROJETO'!$B:$B,0))),2)","v":321.14},{"$f":"$I$6","v":0.13519999999999999},{"$f":"TRUNC(H424*(1+I424),2)","v":364.55},{"$f":"TRUNC(G424*J424,2)","v":364.55},5.246835812274252E-4,null,null,"MATERIAL"]
["1.7.9.1 11683",null,11683,"SINAPI",{"$f":"INDEX('CPU - PROJETO'!$C:$C,MATCH($C425,'CPU - PROJETO'!$B:$B,0))","v":"ENGATE / RABICHO FLEXIVEL INOX 1/2 \" X 30 CM"},{"$f":"INDEX('CPU - PROJETO'!$D:$D,MATCH($C425,'CPU - PROJETO'!$B:$B,0))","v":"UN"},{"$f":"INDEX('CPU - PROJETO'!T:T,MATCH(A425,'CPU - PROJETO'!W:W,0))","v":1},{"$f":"TRUNC(IF(INDEX('CPU - PROJETO'!$H:$H,MATCH($C425,'CPU - PROJETO'!$B:$B,0))=0,INDEX('CPU - PROJETO'!$I:$I,MATCH($C425,'CPU - PROJETO'!$B:$B,0)),INDEX('CPU - PROJETO'!$H:$H,MATCH($C425,'CPU - PROJETO'!$B:$B,0))),2)","v":57.31},{"$f":"$I$6","v":0.13519999999999999},65.05,65.05,9.3624103576584846E-5,null,null,"MATERIAL"]
["1.7.9.1 88248",null,88248,"SINAPI",{"$f":"INDEX('CPU - PROJETO'!$C:$C,MATCH($C426,'CPU - PROJETO'!$B:$B,0))","v":"AUXILIAR DE ENCANADOR OU BOMBEIRO HIDRÁULICO COM ENCARGOS COMPLEMENTARES"},{"$f":"INDEX('CPU - PROJETO'!$D:$D,MATCH($C426,'CPU - PROJETO'!$B:$B,0))","v":"H"},{"$f":"INDEX('CPU - PROJETO'!T:T,MATCH(A426,'CPU - PROJETO'!W:W,0))","v":3.2},{"$f":"TRUNC(IF(INDEX('CPU - PROJETO'!$H:$H,MATCH($C426,'CPU - PROJETO'!$B:$B,0))=0,INDEX('CPU - PROJETO'!$I:$I,MATCH($C426,'CPU - PROJETO'!$B:$B,0)),INDEX('CPU - PROJETO'!$H:$H,MATCH($C426,'CPU - PROJETO'!$B:$B,0))),2)","v":19.82},{"$f":"$I$5","v":0.22720000000000001},24.32,77.819999999999993,1.1200350100430181E-4,null,null,"SERVIÇOS"]
["1.7.9.1 88267",null,88267,"SINAPI",{"$f":"INDEX('CPU - PROJETO'!$C:$C,MATCH($C427,'CPU - PROJETO'!$B:$B,0))","v":"ENCANADOR OU BOMBEIRO HIDRÁULICO COM ENCARGOS COMPLEMENTARES"},{"$f":"INDEX('CPU - PROJETO'!$D:$D,MATCH($C427,'CPU - PROJETO'!$B:$B,0))","v":"H"},{"$f":"INDEX('CPU - PROJETO'!T:T,MATCH(A427,'CPU - PROJETO'!W:W,0))","v":3.2},{"$f":"TRUNC(IF(INDEX('CPU - PROJETO'!$H:$H,MATCH($C427,'CPU - PROJETO'!$B:$B,0))=0,INDEX('CPU - PROJETO'!$I:$I,MATCH($C427,'CPU - PROJETO'!$B:$B,0)),INDEX('CPU - PROJETO'!$H:$H,MATCH($C427,'CPU - PROJETO'!$B:$B,0))),2)","v":24.63},0.22720000000000001,30.22,96.7,1.3917679962883561E-4,null,null,"SERVIÇOS"]
["1.7.9.2","1.7.9.2",86878,"SINAPI",{"$f":"INDEX('CPU - PROJETO'!$C:$C,MATCH($C428,'CPU - PROJETO'!$B:$B,0))","v":"VÁLVULA EM METAL CROMADO TIPO AMERICANA 3.1/2\" X 1.1/2\" PARA PIA - FORNECIMENTO E INSTALAÇÃO. AF_12/2013"},{"$f":"INDEX('CPU - PROJETO'!$D:$D,MATCH($C428,'CPU - PROJETO'!$B:$B,0))","v":"UN"},{"$f":"INDEX(MEMÓRIA!L:L,MATCH($A428,MEMÓRIA!A:A,0))","v":1},{"$nulls":7}," "]
["1.7.9.2 3146",null,3146,"SINAPI",{"$f":"INDEX('CPU - PROJETO'!$C:$C,MATCH($C429,'CPU - PROJETO'!$B:$B,0))","v":"FITA VEDA ROSCA EM ROLOS DE 18 MM X 10 M (L X C)"},{"$f":"INDEX('CPU - PROJETO'!$D:$D,MATCH($C429,'CPU - PROJETO'!$B:$B,0))","v":"UN"},{"$f":"INDEX('CPU - PROJETO'!T:T,MATCH(A429,'CPU - PROJETO'!W:W,0))","v":4.8000000000000001E-2},{"$f":"TRUNC(IF(INDEX('CPU - PROJETO'!$H:$H,MATCH($C429,'CPU - PROJETO'!$B:$B,0))=0,INDEX('CPU - PROJETO'!$I:$I,MATCH($C429,'CPU - PROJETO'!$B:$B,0)),INDEX('CPU - PROJETO'!$H:$H,MATCH($C429,'CPU - PROJETO'!$B:$B,0))),2)","v":3.1},{"$f":"$I$6","v":0.13519999999999999},{"$f":"TRUNC(H429*(1+I429),2)","v":3.51},{"$f":"TRUNC(G429*J429,2)","v":0.16},2.3028219173333709E-7,null,null,"MATERIAL"]
["1.7.9.2 6157",null,6157,"SINAPI",{"$f":"INDEX('CPU - PROJETO'!$C:$C,MATCH($C430,'CPU - PROJETO'!$B:$B,0))","v":"VALVULA EM METAL CROMADO PARA PIA AMERICANA 3.1/2 X 1.1/2 \""},{"$f":"INDEX('CPU - PROJETO'!$D:$D,MATCH($C430,'CPU - PROJETO'!$B:$B,0))","v":"UN"},{"$f":"INDEX('CPU - PROJETO'!T:T,MATCH(A430,'CPU - PROJETO'!W:W,0))","v":1},{"$f":"TRUNC(IF(INDEX('CPU - PROJETO'!$H:$H,MATCH($C430,'CPU - PROJETO'!$B:$B,0))=0,INDEX('CPU - PROJETO'!$I:$I,MATCH($C430,'CPU - PROJETO'!$B:$B,0)),INDEX('CPU - PROJETO'!$H:$H,MATCH($C430,'CPU - PROJETO'!$B:$B,0))),2)","v":85.34},{"$f":"$I$6","v":0.13519999999999999},96.87,96.87,1.3942147445755227E-4,null,null,"MATERIAL"]
["1.7.9.2 88267",null,88267,"SINAPI",{"$f":"INDEX('CPU - PROJETO'!$C:$C,MATCH($C431,'CPU - PROJETO'!$B:$B,0))","v":"ENCANADOR OU BOMBEIRO HIDRÁULICO COM ENCARGOS COMPLEMENTARES"},{"$f":"INDEX('CPU - PROJETO'!$D:$D,MATCH($C431,'CPU - PROJETO'!$B:$B,0))","v":"H"},{"$f":"INDEX('CPU - PROJETO'!T:T,MATCH(A431,'CPU - PROJETO'!W:W,0))","v":0.17399999999999999},{"$f":"TRUNC(IF(INDEX('CPU - PROJETO'!$H:$H,MATCH($C431,'CPU - PROJETO'!$B:$B,0))=0,INDEX('CPU - PROJETO'!$I:$I,MATCH($C431,'CPU - PROJETO'!$B:$B,0)),INDEX('CPU - PROJETO'!$H:$H,MATCH($C431,'CPU - PROJETO'!$B:$B,0))),2)","v":24.63},0.22720000000000001,30.22,5.25,7.5561344162501228E-6,null,null,"SERVIÇOS"]
["1.7.9.2 88316",null,88316,"SINAPI",{"$f":"INDEX('CPU - PROJETO'!$C:$C,MATCH($C432,'CPU - PROJETO'!$B:$B,0))","v":"SERVENTE COM ENCARGOS COMPLEMENTARES"},{"$f":"INDEX('CPU - PROJETO'!$D:$D,MATCH($C432,'CPU - PROJETO'!$B:$B,0))","v":"H"},{"$f":"INDEX('CPU - PROJETO'!T:T,MATCH(A432,'CPU - PROJETO'!W:W,0))","v":5.4800000000000001E-2},{"$f":"TRUNC(IF(INDEX('CPU - PROJETO'!$H:$H,MATCH($C432,'CPU - PROJETO'!$B:$B,0))=0,INDEX('CPU - PROJETO'!$I:$I,MATCH($C432,'CPU - PROJETO'!$B:$B,0)),INDEX('CPU - PROJETO'!$H:$H,MATCH($C432,'CPU - PROJETO'!$B:$B,0))),2)","v":20.420000000000002},0.22720000000000001,25.05,1.37,1.9717912667166989E-6,null,null,"SERVIÇOS"]
["1.7.9.3","1.7.9.3",86881,"SINAPI",{"$f":"INDEX('CPU - PROJETO'!$C:$C,MATCH($C433,'CPU - PROJETO'!$B:$B,0))","v":"SIFÃO DO TIPO GARRAFA EM METAL CROMADO 1 X 1.1/2\" - FORNECIMENTO E INSTALAÇÃO. AF_12/2013"},{"$f":"INDEX('CPU - PROJETO'!$D:$D,MATCH($C433,'CPU - PROJETO'!$B:$B,0))","v":"UN"},{"$f":"INDEX(MEMÓRIA!L:L,MATCH($A433,MEMÓRIA!A:A,0))","v":1},{"$nulls":7}," "]
["1.7.9.3 3146",null,3146,"SINAPI",{"$f":"INDEX('CPU - PROJETO'!$C:$C,MATCH($C434,'CPU - PROJETO'!$B:$B,0))","v":"FITA VEDA ROSCA EM ROLOS DE 18 MM X 10 M (L X C)"},{"$f":"INDEX('CPU - PROJETO'!$D:$D,MATCH($C434,'CPU - PROJETO'!$B:$B,0))","v":"UN"},{"$f":"INDEX('CPU - PROJETO'!T:T,MATCH(A434,'CPU - PROJETO'!W:W,0))","v":3.32E-2},{"$f":"TRUNC(IF(INDEX('CPU - PROJETO'!$H:$H,MATCH($C434,'CPU - PROJETO'!$B:$B,0))=0,INDEX('CPU - PROJETO'!$I:$I,MATCH($C434,'CPU - PROJETO'!$B:$B,0)),INDEX('CPU - PROJETO'!$H:$H,MATCH($C434,'CPU - PROJETO'!$B:$B,0))),2)","v":3.1},{"$f":"$I$6","v":0.13519999999999999},3.51,0.11,1.5831900681666925E-7,null,null,"MATERIAL"]
["1.7.9.3 6136",null,6136,"SINAPI",{"$f":"INDEX('CPU - PROJETO'!$C:$C,MATCH($C435,'CPU - PROJETO'!$B:$B,0))","v":"SIFAO EM METAL CROMADO PARA PIA OU LAVATORIO, 1 X 1.1/2 \""},{"$f":"INDEX('CPU - PROJETO'!$D:$D,MATCH($C435,'CPU - PROJETO'!$B:$B,0))","v":"UN"},{"$f":"INDEX('CPU - PROJETO'!T:T,MATCH(A435,'CPU - PROJETO'!W:W,0))","v":1},{"$f":"TRUNC(IF(INDEX('CPU - PROJETO'!$H:$H,MATCH($C435,'CPU - PROJETO'!$B:$B,0))=0,INDEX('CPU - PROJETO'!$I:$I,MATCH($C435,'CPU - PROJETO'!$B:$B,0)),INDEX('CPU - PROJETO'!$H:$H,MATCH($C435,'CPU - PROJETO'!$B:$B,0))),2)","v":249.9},{"$f":"$I$6","v":0.13519999999999999},283.68,283.68,4.0829032594320662E-4,null,null,"MATERIAL"]
["1.7.9.3 88267",null,88267,"SINAPI",{"$f":"INDEX('CPU - PROJETO'!$C:$C,MATCH($C436,'CPU - PROJETO'!$B:$B,0))","v":"ENCANADOR OU BOMBEIRO HIDRÁULICO COM ENCARGOS COMPLEMENTARES"},{"$f":"INDEX('CPU - PROJETO'!$D:$D,MATCH($C436,'CPU - PROJETO'!$B:$B,0))","v":"H"},{"$f":"INDEX('CPU - PROJETO'!T:T,MATCH(A436,'CPU - PROJETO'!W:W,0))","v":0.27339999999999998},{"$f":"TRUNC(IF(INDEX('CPU - PROJETO'!$H:$H,MATCH($C436,'CPU - PROJETO'!$B:$B,0))=0,INDEX('CPU - PROJETO'!$I:$I,MATCH($C436,'CPU - PROJETO'!$B:$B,0)),INDEX('CPU - PROJETO'!$H:$H,MATCH($C436,'CPU - PROJETO'!$B:$B,0))),2)","v":24.63},0.22720000000000001,30.22,8.26,1.1888318148233526E-5,null,null,"SERVIÇOS"]
["1.7.9.3 88316",null,88316,"SINAPI",{"$f":"INDEX('CPU - PROJETO'!$C:$C,MATCH($C437,'CPU - PROJETO'!$B:$B,0))","v":"SERVENTE COM ENCARGOS COMPLEMENTARES"},{"$f":"INDEX('CPU - PROJETO'!$D:$D,MATCH($C437,'CPU - PROJETO'!$B:$B,0))","v":"H"},{"$f":"INDEX('CPU - PROJETO'!T:T,MATCH(A437,'CPU - PROJETO'!W:W,0))","v":8.6199999999999999E-2},{"$f":"TRUNC(IF(INDEX('CPU - PROJETO'!$H:$H,MATCH($C437,'CPU - PROJETO'!$B:$B,0))=0,INDEX('CPU - PROJETO'!$I:$I,MATCH($C437,'CPU - PROJETO'!$B:$B,0)),INDEX('CPU - PROJETO'!$H:$H,MATCH($C437,'CPU - PROJETO'!$B:$B,0))),2)","v":20.420000000000002},0.22720000000000001,25.05,2.15,3.0944169514167171E-6,null,null,"SERVIÇOS"]
["1.7.9.4","1.7.9.4",86915,"SINAPI",{"$f":"INDEX('CPU - PROJETO'!$C:$C,MATCH($C438,'CPU - PROJETO'!$B:$B,0))","v":"TORNEIRA CROMADA DE MESA, 1/2\" OU 3/4\", PARA LAVATÓRIO, PADRÃO MÉDIO - FORNECIMENTO E INSTALAÇÃO. AF_12/2013"},{"$f":"INDEX('CPU - PROJETO'!$D:$D,MATCH($C438,'CPU - PROJETO'!$B:$B,0))","v":"UN"},{"$f":"INDEX(MEMÓRIA!L:L,MATCH($A438,MEMÓRIA!A:A,0))","v":1},{"$nulls":7}," "]
["1.7.9.4 3146",null,3146,"SINAPI",{"$f":"INDEX('CPU - PROJETO'!$C:$C,MATCH($C439,'CPU - PROJETO'!$B:$B,0))","v":"FITA VEDA ROSCA EM ROLOS DE 18 MM X 10 M (L X C)"},{"$f":"INDEX('CPU - PROJETO'!$D:$D,MATCH($C439,'CPU - PROJETO'!$B:$B,0))","v":"UN"},{"$f":"INDEX('CPU - PROJETO'!T:T,MATCH(A439,'CPU - PROJETO'!W:W,0))","v":2.1000000000000001E-2},{"$f":"TRUNC(IF(INDEX('CPU - PROJETO'!$H:$H,MATCH($C439,'CPU - PROJETO'!$B:$B,0))=0,INDEX('CPU - PROJETO'!$I:$I,MATCH($C439,'CPU - PROJETO'!$B:$B,0)),INDEX('CPU - PROJETO'!$H:$H,MATCH($C439,'CPU - PROJETO'!$B:$B,0))),2)","v":3.1},{"$f":"$I$6","v":0.13519999999999999},{"$f":"TRUNC(H439*(1+I439),2)","v":3.51},{"$f":"TRUNC(G439*J439,2)","v":7.0000000000000007E-2},1.0074845888333498E-7,null,null,"MATERIAL"]
["1.7.9.4 36791",null,36791,"SINAPI",{"$f":"INDEX('CPU - PROJETO'!$C:$C,MATCH($C440,'CPU - PROJETO'!$B:$B,0))","v":"TORNEIRA CROMADA DE MESA PARA LAVATORIO, BICA ALTA (REF 1195)"},{"$f":"INDEX('CPU - PROJETO'!$D:$D,MATCH($C440,'CPU - PROJETO'!$B:$B,0))","v":"UN"},{"$f":"INDEX('CPU - PROJETO'!T:T,MATCH(A440,'CPU - PROJETO'!W:W,0))","v":1},{"$f":"TRUNC(IF(INDEX('CPU - PROJETO'!$H:$H,MATCH($C440,'CPU - PROJETO'!$B:$B,0))=0,INDEX('CPU - PROJETO'!$I:$I,MATCH($C440,'CPU - PROJETO'!$B:$B,0)),INDEX('CPU - PROJETO'!$H:$H,MATCH($C440,'CPU - PROJETO'!$B:$B,0))),2)","v":125.88},{"$f":"$I$6","v":0.13519999999999999},142.88999999999999,142.88999999999999,2.0565638985485331E-4,null,null,"MATERIAL"]
["1.7.9.4 88267",null,88267,"SINAPI",{"$f":"INDEX('CPU - PROJETO'!$C:$C,MATCH($C441,'CPU - PROJETO'!$B:$B,0))","v":"ENCANADOR OU BOMBEIRO HIDRÁULICO COM ENCARGOS COMPLEMENTARES"},{"$f":"INDEX('CPU - PROJETO'!$D:$D,MATCH($C441,'CPU - PROJETO'!$B:$B,0))","v":"H"},{"$f":"INDEX('CPU - PROJETO'!T:T,MATCH(A441,'CPU - PROJETO'!W:W,0))","v":9.6000000000000002E-2},{"$f":"TRUNC(IF(INDEX('CPU - PROJETO'!$H:$H,MATCH($C441,'CPU - PROJETO'!$B:$B,0))=0,INDEX('CPU - PROJETO'!$I:$I,MATCH($C441,'CPU - PROJETO'!$B:$B,0)),INDEX('CPU - PROJETO'!$H:$H,MATCH($C441,'CPU - PROJETO'!$B:$B,0))),2)","v":24.63},0.22720000000000001,30.22,2.9,4.1738647251667349E-6,null,null,"SERVIÇOS"]
["1.7.9.4 88316",null,88316,"SINAPI",{"$f":"INDEX('CPU - PROJETO'!$C:$C,MATCH($C442,'CPU - PROJETO'!$B:$B,0))","v":"SERVENTE COM ENCARGOS COMPLEMENTARES"},{"$f":"INDEX('CPU - PROJETO'!$D:$D,MATCH($C442,'CPU - PROJETO'!$B:$B,0))","v":"H"},{"$f":"INDEX('CPU - PROJETO'!T:T,MATCH(A442,'CPU - PROJETO'!W:W,0))","v":3.0300000000000001E-2},{"$f":"TRUNC(IF(INDEX('CPU - PROJETO'!$H:$H,MATCH($C442,'CPU - PROJETO'!$B:$B,0))=0,INDEX('CPU - PROJETO'!$I:$I,MATCH($C442,'CPU - PROJETO'!$B:$B,0)),INDEX('CPU - PROJETO'!$H:$H,MATCH($C442,'CPU - PROJETO'!$B:$B,0))),2)","v":20.420000000000002},0.22720000000000001,25.05,0.75,1.0794477737500176E-6,null,null,"SERVIÇOS"]
["1.7.9.5","1.7.9.5",86887,"SINAPI",{"$f":"INDEX('CPU - PROJETO'!$C:$C,MATCH($C443,'CPU - PROJETO'!$B:$B,0))","v":"ENGATE FLEXÍVEL EM INOX, 1/2\u0094 X 40CM - FORNECIMENTO E INSTALAÇÃO. AF_12/2013"},{"$f":"INDEX('CPU - PROJETO'!$D:$D,MATCH($C443,'CPU - PROJETO'!$B:$B,0))","v":"UN"},{"$f":"INDEX(MEMÓRIA!L:L,MATCH($A443,MEMÓRIA!A:A,0))","v":1},{"$nulls":7}," "]
["1.7.9.5 3146",null,3146,"SINAPI",{"$f":"INDEX('CPU - PROJETO'!$C:$C,MATCH($C444,'CPU - PROJETO'!$B:$B,0))","v":"FITA VEDA ROSCA EM ROLOS DE 18 MM X 10 M (L X C)"},{"$f":"INDEX('CPU - PROJETO'!$D:$D,MATCH($C444,'CPU - PROJETO'!$B:$B,0))","v":"UN"},{"$f":"INDEX('CPU - PROJETO'!T:T,MATCH(A444,'CPU - PROJETO'!W:W,0))","v":2.1000000000000001E-2},{"$f":"TRUNC(IF(INDEX('CPU - PROJETO'!$H:$H,MATCH($C444,'CPU - PROJETO'!$B:$B,0))=0,INDEX('CPU - PROJETO'!$I:$I,MATCH($C444,'CPU - PROJETO'!$B:$B,0)),INDEX('CPU - PROJETO'!$H:$H,MATCH($C444,'CPU - PROJETO'!$B:$B,0))),2)","v":3.1},{"$f":"$I$6","v":0.13519999999999999},3.51,7.0000000000000007E-2,1.0074845888333498E-7,null,null,"MATERIAL"]
["1.7.9.5 11684",null,11684,"SINAPI",{"$f":"INDEX('CPU - PROJETO'!$C:$C,MATCH($C445,'CPU - PROJETO'!$B:$B,0))","v":"ENGATE / RABICHO FLEXIVEL INOX 1/2 \" X 40 CM"},{"$f":"INDEX('CPU - PROJETO'!$D:$D,MATCH($C445,'CPU - PROJETO'!$B:$B,0))","v":"UN"},{"$f":"INDEX('CPU - PROJETO'!T:T,MATCH(A445,'CPU - PROJETO'!W:W,0))","v":1},{"$f":"TRUNC(IF(INDEX('CPU - PROJETO'!$H:$H,MATCH($C445,'CPU - PROJETO'!$B:$B,0))=0,INDEX('CPU - PROJETO'!$I:$I,MATCH($C445,'CPU - PROJETO'!$B:$B,0)),INDEX('CPU - PROJETO'!$H:$H,MATCH($C445,'CPU - PROJETO'!$B:$B,0))),2)","v":62.73},{"$f":"$I$6","v":0.13519999999999999},71.209999999999994,71.209999999999994,1.0248996795831833E-4,null,null,"MATERIAL"]
["1.7.9.5 88267",null,88267,"SINAPI",{"$f":"INDEX('CPU - PROJETO'!$C:$C,MATCH($C446,'CPU - PROJETO'!$B:$B,0))","v":"ENCANADOR OU BOMBEIRO HIDRÁULICO COM ENCARGOS COMPLEMENTARES"},{"$f":"INDEX('CPU - PROJETO'!$D:$D,MATCH($C446,'CPU - PROJETO'!$B:$B,0))","v":"H"},{"$f":"INDEX('CPU - PROJETO'!T:T,MATCH(A446,'CPU - PROJETO'!W:W,0))","v":0.1525},{"$f":"TRUNC(IF(INDEX('CPU - PROJETO'!$H:$H,MATCH($C446,'CPU - PROJETO'!$B:$B,0))=0,INDEX('CPU - PROJETO'!$I:$I,MATCH($C446,'CPU - PROJETO'!$B:$B,0)),INDEX('CPU - PROJETO'!$H:$H,MATCH($C446,'CPU - PROJETO'!$B:$B,0))),2)","v":24.63},0.22720000000000001,30.22,4.5999999999999996,6.6206130123334404E-6,null,null,"SERVIÇOS"]
["1.7.9.5 88316",null,88316,"SINAPI",{"$f":"INDEX('CPU - PROJETO'!$C:$C,MATCH($C447,'CPU - PROJETO'!$B:$B,0))","v":"SERVENTE COM ENCARGOS COMPLEMENTARES"},{"$f":"INDEX('CPU - PROJETO'!$D:$D,MATCH($C447,'CPU - PROJETO'!$B:$B,0))","v":"H"},{"$f":"INDEX('CPU - PROJETO'!T:T,MATCH(A447,'CPU - PROJETO'!W:W,0))","v":4.8099999999999997E-2},{"$f":"TRUNC(IF(INDEX('CPU - PROJETO'!$H:$H,MATCH($C447,'CPU - PROJETO'!$B:$B,0))=0,INDEX('CPU - PROJETO'!$I:$I,MATCH($C447,'CPU - PROJETO'!$B:$B,0)),INDEX('CPU - PROJETO'!$H:$H,MATCH($C447,'CPU - PROJETO'!$B:$B,0))),2)","v":20.420000000000002},0.22720000000000001,25.05,1.2,1.727116438000028E-6,null,null,"SERVIÇOS"]
["1.7.9.6","1.7.9.6",100860,"SINAPI",{"$f":"INDEX('CPU - PROJETO'!$C:$C,MATCH($C448,'CPU - PROJETO'!$B:$B,0))","v":"CHUVEIRO ELÉTRICO COMUM CORPO PLÁSTICO, TIPO DUCHA \u0096 FORNECIMENTO E INSTALAÇÃO. AF_01/2020"},{"$f":"INDEX('CPU - PROJETO'!$D:$D,MATCH($C448,'CPU - PROJETO'!$B:$B,0))","v":"UN"},{"$f":"INDEX(MEMÓRIA!L:L,MATCH($A448,MEMÓRIA!A:A,0))","v":2},{"$nulls":7}," "]
["1.7.9.6 1368",null,1368,"SINAPI",{"$f":"INDEX('CPU - PROJETO'!$C:$C,MATCH($C449,'CPU - PROJETO'!$B:$B,0))","v":"CHUVEIRO COMUM EM PLASTICO BRANCO, COM CANO, 3 TEMPERATURAS, 5500 W (110/220 V)"},{"$f":"INDEX('CPU - PROJETO'!$D:$D,MATCH($C449,'CPU - PROJETO'!$B:$B,0))","v":"UN"},{"$f":"INDEX('CPU - PROJETO'!T:T,MATCH(A449,'CPU - PROJETO'!W:W,0))","v":2},{"$f":"TRUNC(IF(INDEX('CPU - PROJETO'!$H:$H,MATCH($C449,'CPU - PROJETO'!$B:$B,0))=0,INDEX('CPU - PROJETO'!$I:$I,MATCH($C449,'CPU - PROJETO'!$B:$B,0)),INDEX('CPU - PROJETO'!$H:$H,MATCH($C449,'CPU - PROJETO'!$B:$B,0))),2)","v":88.9},{"$f":"$I$6","v":0.13519999999999999},{"$f":"TRUNC(H449*(1+I449),2)","v":100.91},{"$f":"TRUNC(G449*J449,2)","v":201.82},2.9047219959763807E-4,null,null,"MATERIAL"]
["1.7.9.6 3146",null,3146,"SINAPI",{"$f":"INDEX('CPU - PROJETO'!$C:$C,MATCH($C450,'CPU - PROJETO'!$B:$B,0))","v":"FITA VEDA ROSCA EM ROLOS DE 18 MM X 10 M (L X C)"},{"$f":"INDEX('CPU - PROJETO'!$D:$D,MATCH($C450,'CPU - PROJETO'!$B:$B,0))","v":"UN"},{"$f":"INDEX('CPU - PROJETO'!T:T,MATCH(A450,'CPU - PROJETO'!W:W,0))","v":4.2000000000000003E-2},{"$f":"TRUNC(IF(INDEX('CPU - PROJETO'!$H:$H,MATCH($C450,'CPU - PROJETO'!$B:$B,0))=0,INDEX('CPU - PROJETO'!$I:$I,MATCH($C450,'CPU - PROJETO'!$B:$B,0)),INDEX('CPU - PROJETO'!$H:$H,MATCH($C450,'CPU - PROJETO'!$B:$B,0))),2)","v":3.1},{"$f":"$I$6","v":0.13519999999999999},3.51,0.14000000000000001,2.0149691776666997E-7,null,null,"MATERIAL"]
["1.7.9.6 88267",null,88267,"SINAPI",{"$f":"INDEX('CPU - PROJETO'!$C:$C,MATCH($C451,'CPU - PROJETO'!$B:$B,0))","v":"ENCANADOR OU BOMBEIRO HIDRÁULICO COM ENCARGOS COMPLEMENTARES"},{"$f":"INDEX('CPU - PROJETO'!$D:$D,MATCH($C451,'CPU - PROJETO'!$B:$B,0))","v":"H"},{"$f":"INDEX('CPU - PROJETO'!T:T,MATCH(A451,'CPU - PROJETO'!W:W,0))","v":0.89339999999999997},{"$f":"TRUNC(IF(INDEX('CPU - PROJETO'!$H:$H,MATCH($C451,'CPU - PROJETO'!$B:$B,0))=0,INDEX('CPU - PROJETO'!$I:$I,MATCH($C451,'CPU - PROJETO'!$B:$B,0)),INDEX('CPU - PROJETO'!$H:$H,MATCH($C451,'CPU - PROJETO'!$B:$B,0))),2)","v":24.63},0.22720000000000001,30.22,26.99,3.8845727218017296E-5,null,null,"SERVIÇOS"]
["1.7.9.6 88316",null,88316,"SINAPI",{"$f":"INDEX('CPU - PROJETO'!$C:$C,MATCH($C452,'CPU - PROJETO'!$B:$B,0))","v":"SERVENTE COM ENCARGOS COMPLEMENTARES"},{"$f":"INDEX('CPU - PROJETO'!$D:$D,MATCH($C452,'CPU - PROJETO'!$B:$B,0))","v":"H"},{"$f":"INDEX('CPU - PROJETO'!T:T,MATCH(A452,'CPU - PROJETO'!W:W,0))","v":0.28139999999999998},{"$f":"TRUNC(IF(INDEX('CPU - PROJETO'!$H:$H,MATCH($C452,'CPU - PROJETO'!$B:$B,0))=0,INDEX('CPU - PROJETO'!$I:$I,MATCH($C452,'CPU - PROJETO'!$B:$B,0)),INDEX('CPU - PROJETO'!$H:$H,MATCH($C452,'CPU - PROJETO'!$B:$B,0))),2)","v":20.420000000000002},0.22720000000000001,25.05,7.04,1.0132416436266832E-5,null,null,"SERVIÇOS"]
["1.7.10","1.7.10",null,null,"INSTALAÇÕES ELÉTRICAS",{"$nulls":5},{"$f":"SUBTOTAL(109,K454:K515)","v":4059.7700000000004},{"$f":"SUBTOTAL(109,L454:L515)","v":5.8430795845828129E-3},null,null," "]
["1.7.10.1","1.7.10.1",97586,"SINAPI",{"$f":"INDEX('CPU - PROJETO'!$C:$C,MATCH($C454,'CPU - PROJETO'!$B:$B,0))","v":"LUMINÁRIA TIPO CALHA, DE SOBREPOR, COM 2 LÂMPADAS TUBULARES FLUORESCENTES DE 36 W, COM REATOR DE PARTIDA RÁPIDA - FORNECIMENTO E INSTALAÇÃO. AF_02/2020"},{"$f":"INDEX('CPU - PROJETO'!$D:$D,MATCH($C454,'CPU - PROJETO'!$B:$B,0))","v":"UN"},{"$f":"INDEX(MEMÓRIA!L:L,MATCH($A454,MEMÓRIA!A:A,0))","v":9},{"$nulls":7}," "]
["1.7.10.1 3799",null,3799,"SINAPI",{"$f":"INDEX('CPU - PROJETO'!$C:$C,MATCH($C455,'CPU - PROJETO'!$B:$B,0))","v":"LUMINARIA DE SOBREPOR EM CHAPA DE ACO PARA 2 LAMPADAS FLUORESCENTES DE *36* W, ALETADA, COMPLETA (LAMPADAS E REATOR INCLUSOS)"},{"$f":"INDEX('CPU - PROJETO'!$D:$D,MATCH($C455,'CPU - PROJETO'!$B:$B,0))","v":"UN"},{"$f":"INDEX('CPU - PROJETO'!T:T,MATCH(A455,'CPU - PROJETO'!W:W,0))","v":9},{"$f":"TRUNC(IF(INDEX('CPU - PROJETO'!$H:$H,MATCH($C455,'CPU - PROJETO'!$B:$B,0))=0,INDEX('CPU - PROJETO'!$I:$I,MATCH($C455,'CPU - PROJETO'!$B:$B,0)),INDEX('CPU - PROJETO'!$H:$H,MATCH($C455,'CPU - PROJETO'!$B:$B,0))),2)","v":112.91},{"$f":"$I$6","v":0.13519999999999999},{"$f":"TRUNC(H455*(1+I455),2)","v":128.16999999999999},{"$f":"TRUNC(G455*J455,2)","v":1153.53},{"$f":"K455/$K$550","v":1.6602338539384769E-3},null,null,"MATERIAL"]
["1.7.10.1 88247",null,88247,"SINAPI",{"$f":"INDEX('CPU - PROJETO'!$C:$C,MATCH($C456,'CPU - PROJETO'!$B:$B,0))","v":"AUXILIAR DE ELETRICISTA COM ENCARGOS COMPLEMENTARES"},{"$f":"INDEX('CPU - PROJETO'!$D:$D,MATCH($C456,'CPU - PROJETO'!$B:$B,0))","v":"H"},{"$f":"INDEX('CPU - PROJETO'!T:T,MATCH(A456,'CPU - PROJETO'!W:W,0))","v":1.5543},{"$f":"TRUNC(IF(INDEX('CPU - PROJETO'!$H:$H,MATCH($C456,'CPU - PROJETO'!$B:$B,0))=0,INDEX('CPU - PROJETO'!$I:$I,MATCH($C456,'CPU - PROJETO'!$B:$B,0)),INDEX('CPU - PROJETO'!$H:$H,MATCH($C456,'CPU - PROJETO'!$B:$B,0))),2)","v":20},{"$f":"$I$5","v":0.22720000000000001},24.54,38.14,5.4893517454434225E-5,null,null,"SERVIÇOS"]
["1.7.10.1 88264",null,88264,"SINAPI",{"$f":"INDEX('CPU - PROJETO'!$C:$C,MATCH($C457,'CPU - PROJETO'!$B:$B,0))","v":"ELETRICISTA COM ENCARGOS COMPLEMENTARES"},{"$f":"INDEX('CPU - PROJETO'!$D:$D,MATCH($C457,'CPU - PROJETO'!$B:$B,0))","v":"H"},{"$f":"INDEX('CPU - PROJETO'!T:T,MATCH(A457,'CPU - PROJETO'!W:W,0))","v":3.7296},{"$f":"TRUNC(IF(INDEX('CPU - PROJETO'!$H:$H,MATCH($C457,'CPU - PROJETO'!$B:$B,0))=0,INDEX('CPU - PROJETO'!$I:$I,MATCH($C457,'CPU - PROJETO'!$B:$B,0)),INDEX('CPU - PROJETO'!$H:$H,MATCH($C457,'CPU - PROJETO'!$B:$B,0))),2)","v":25.69},0.22720000000000001,31.52,117.55,1.6918544773908607E-4,null,null,"SERVIÇOS"]
["1.7.10.2","1.7.10.2","CPU-95746","SINAPI",{"$f":"INDEX('CPU - PROJETO'!$C:$C,MATCH($C458,'CPU - PROJETO'!$B:$B,0))","v":"ELETRODUTO DE AÇO GALVANIZADO, CLASSE LEVE, DN 25 MM (1\u0092\u0092), APARENTE, INSTALADO EM TETO - FORNECIMENTO E INSTALAÇÃO. AF_11/2016_P"},{"$f":"INDEX('CPU - PROJETO'!$D:$D,MATCH($C458,'CPU - PROJETO'!$B:$B,0))","v":"M"},{"$f":"INDEX(MEMÓRIA!L:L,MATCH($A458,MEMÓRIA!A:A,0))","v":14.5},{"$nulls":7},{"$f":"IF(I458=$I$6,\"MATERIAL\",IF(I458=$I$5,\"SERVIÇOS\",\" \"))","v":" "}]
["1.7.10.2 21136",null,21136,"SINAPI",{"$f":"INDEX('CPU - PROJETO'!$C:$C,MATCH($C459,'CPU - PROJETO'!$B:$B,0))","v":"ELETRODUTO EM ACO GALVANIZADO ELETROLITICO, LEVE, DIAMETRO 1\", PAREDE DE 0,90 MM"},{"$f":"INDEX('CPU - PROJETO'!$D:$D,MATCH($C459,'CPU - PROJETO'!$B:$B,0))","v":"M"},{"$f":"INDEX('CPU - PROJETO'!T:T,MATCH(A459,'CPU - PROJETO'!W:W,0))","v":15.225000000000001},{"$f":"TRUNC(IF(INDEX('CPU - PROJETO'!$H:$H,MATCH($C459,'CPU - PROJETO'!$B:$B,0))=0,INDEX('CPU - PROJETO'!$I:$I,MATCH($C459,'CPU - PROJETO'!$B:$B,0)),INDEX('CPU - PROJETO'!$H:$H,MATCH($C459,'CPU - PROJETO'!$B:$B,0))),2)","v":14.15},{"$f":"$I$6","v":0.13519999999999999},{"$f":"TRUNC(H459*(1+I459),2)","v":16.059999999999999},{"$f":"TRUNC(G459*J459,2)","v":244.51},3.5191436687948902E-4,null,null,"MATERIAL"]
["1.7.10.2 88247",null,88247,"SINAPI",{"$f":"INDEX('CPU - PROJETO'!$C:$C,MATCH($C460,'CPU - PROJETO'!$B:$B,0))","v":"AUXILIAR DE ELETRICISTA COM ENCARGOS COMPLEMENTARES"},{"$f":"INDEX('CPU - PROJETO'!$D:$D,MATCH($C460,'CPU - PROJETO'!$B:$B,0))","v":"H"},{"$f":"INDEX('CPU - PROJETO'!T:T,MATCH(A460,'CPU - PROJETO'!W:W,0))","v":1.5138},{"$f":"TRUNC(IF(INDEX('CPU - PROJETO'!$H:$H,MATCH($C460,'CPU - PROJETO'!$B:$B,0))=0,INDEX('CPU - PROJETO'!$I:$I,MATCH($C460,'CPU - PROJETO'!$B:$B,0)),INDEX('CPU - PROJETO'!$H:$H,MATCH($C460,'CPU - PROJETO'!$B:$B,0))),2)","v":20},0.22720000000000001,24.54,37.14,5.3454253756100869E-5,null,null,"SERVIÇOS"]
["1.7.10.2 88264",null,88264,"SINAPI",{"$f":"INDEX('CPU - PROJETO'!$C:$C,MATCH($C461,'CPU - PROJETO'!$B:$B,0))","v":"ELETRICISTA COM ENCARGOS COMPLEMENTARES"},{"$f":"INDEX('CPU - PROJETO'!$D:$D,MATCH($C461,'CPU - PROJETO'!$B:$B,0))","v":"H"},{"$f":"INDEX('CPU - PROJETO'!T:T,MATCH(A461,'CPU - PROJETO'!W:W,0))","v":1.5138},{"$f":"TRUNC(IF(INDEX('CPU - PROJETO'!$H:$H,MATCH($C461,'CPU - PROJETO'!$B:$B,0))=0,INDEX('CPU - PROJETO'!$I:$I,MATCH($C461,'CPU - PROJETO'!$B:$B,0)),INDEX('CPU - PROJETO'!$H:$H,MATCH($C461,'CPU - PROJETO'!$B:$B,0))),2)","v":25.69},0.22720000000000001,31.52,47.71,6.866727104748445E-5,null,null,"SERVIÇOS"]
["1.7.10.2 91170",null,91170,"SINAPI",{"$f":"INDEX('CPU - PROJETO'!$C:$C,MATCH($C462,'CPU - PROJETO'!$B:$B,0))","v":"FIXAÇÃO DE TUBOS HORIZONTAIS DE PVC, CPVC OU COBRE DIÂMETROS MENORES OU IGUAIS A 40 MM OU ELETROCALHAS ATÉ 150MM DE LARGURA, COM ABRAÇADEIRA METÁLICA RÍGIDA TIPO D 1/2\u0094, FIXADA EM PERFILADO EM LAJE. AF_05/2015"},{"$f":"INDEX('CPU - PROJETO'!$D:$D,MATCH($C462,'CPU - PROJETO'!$B:$B,0))","v":"M"},{"$f":"INDEX('CPU - PROJETO'!T:T,MATCH(A462,'CPU - PROJETO'!W:W,0))","v":14.5},{"$f":"TRUNC(IF(INDEX('CPU - PROJETO'!$H:$H,MATCH($C462,'CPU - PROJETO'!$B:$B,0))=0,INDEX('CPU - PROJETO'!$I:$I,MATCH($C462,'CPU - PROJETO'!$B:$B,0)),INDEX('CPU - PROJETO'!$H:$H,MATCH($C462,'CPU - PROJETO'!$B:$B,0))),2)","v":3.48},0.22720000000000001,4.2699999999999996,61.91,8.9104815563818105E-5,null,null,"SERVIÇOS"]
["1.7.10.2 95754",null,"CPU-95754","CPU",{"$f":"INDEX('CPU - PROJETO'!$C:$C,MATCH($C463,'CPU - PROJETO'!$B:$B,0))","v":"LUVA DE EMENDA PARA ELETRODUTO, AÇO GALVANIZADO, DN 25 MM (1''), APARENTE, INSTALADA EM TETO - FORNECIMENTO E INSTALAÇÃO. AF_11/2016_P"},{"$f":"INDEX('CPU - PROJETO'!$D:$D,MATCH($C463,'CPU - PROJETO'!$B:$B,0))","v":"UN"},{"$f":"'CPU - PROJETO'!T251","v":4.8328499999999996},{"$f":"TRUNC(IF(INDEX('CPU - PROJETO'!$H:$H,MATCH($C463,'CPU - PROJETO'!$B:$B,0))=0,INDEX('CPU - PROJETO'!$I:$I,MATCH($C463,'CPU - PROJETO'!$B:$B,0)),INDEX('CPU - PROJETO'!$H:$H,MATCH($C463,'CPU - PROJETO'!$B:$B,0))),2)","v":8.51},0.22720000000000001,10.44,50.45,7.2610853580917846E-5,null,null,"SERVIÇOS"]
["1.7.10.3","1.7.10.3","CPU-95750","SINAPI",{"$f":"INDEX('CPU - PROJETO'!$C:$C,MATCH($C464,'CPU - PROJETO'!$B:$B,0))","v":"ELETRODUTO DE AÇO GALVANIZADO, CLASSE LEVE, DN 25 MM (1\u0092\u0092), APARENTE, INSTALADO EM PAREDE - FORNECIMENTO E INSTALAÇÃO. AF_11/2016_P"},{"$f":"INDEX('CPU - PROJETO'!$D:$D,MATCH($C464,'CPU - PROJETO'!$B:$B,0))","v":"M"},{"$f":"INDEX(MEMÓRIA!L:L,MATCH($A464,MEMÓRIA!A:A,0))","v":9},{"$nulls":7}," "]
["1.7.10.3 21136",null,21136,"SINAPI",{"$f":"INDEX('CPU - PROJETO'!$C:$C,MATCH($C465,'CPU - PROJETO'!$B:$B,0))","v":"ELETRODUTO EM ACO GALVANIZADO ELETROLITICO, LEVE, DIAMETRO 1\", PAREDE DE 0,90 MM"},{"$f":"INDEX('CPU - PROJETO'!$D:$D,MATCH($C465,'CPU - PROJETO'!$B:$B,0))","v":"M"},{"$f":"INDEX('CPU - PROJETO'!T:T,MATCH(A465,'CPU - PROJETO'!W:W,0))","v":9.4500000000000011},{"$f":"TRUNC(IF(INDEX('CPU - PROJETO'!$H:$H,MATCH($C465,'CPU - PROJETO'!$B:$B,0))=0,INDEX('CPU - PROJETO'!$I:$I,MATCH($C465,'CPU - PROJETO'!$B:$B,0)),INDEX('CPU - PROJETO'!$H:$H,MATCH($C465,'CPU - PROJETO'!$B:$B,0))),2)","v":14.15},{"$f":"$I$6","v":0.13519999999999999},16.059999999999999,151.76,2.1842265885907021E-4,null,null,"MATERIAL"]
["1.7.10.3 88247",null,88247,"SINAPI",{"$f":"INDEX('CPU - PROJETO'!$C:$C,MATCH($C466,'CPU - PROJETO'!$B:$B,0))","v":"AUXILIAR DE ELETRICISTA COM ENCARGOS COMPLEMENTARES"},{"$f":"INDEX('CPU - PROJETO'!$D:$D,MATCH($C466,'CPU - PROJETO'!$B:$B,0))","v":"H"},{"$f":"INDEX('CPU - PROJETO'!T:T,MATCH(A466,'CPU - PROJETO'!W:W,0))","v":1.9466999999999999},{"$f":"TRUNC(IF(INDEX('CPU - PROJETO'!$H:$H,MATCH($C466,'CPU - PROJETO'!$B:$B,0))=0,INDEX('CPU - PROJETO'!$I:$I,MATCH($C466,'CPU - PROJETO'!$B:$B,0)),INDEX('CPU - PROJETO'!$H:$H,MATCH($C466,'CPU - PROJETO'!$B:$B,0))),2)","v":20},0.22720000000000001,24.54,47.77,6.8753626869384456E-5,null,null,"SERVIÇOS"]
["1.7.10.3 88264",null,88264,"SINAPI",{"$f":"INDEX('CPU - PROJETO'!$C:$C,MATCH($C467,'CPU - PROJETO'!$B:$B,0))","v":"ELETRICISTA COM ENCARGOS COMPLEMENTARES"},{"$f":"INDEX('CPU - PROJETO'!$D:$D,MATCH($C467,'CPU - PROJETO'!$B:$B,0))","v":"H"},{"$f":"INDEX('CPU - PROJETO'!T:T,MATCH(A467,'CPU - PROJETO'!W:W,0))","v":1.9466999999999999},{"$f":"TRUNC(IF(INDEX('CPU - PROJETO'!$H:$H,MATCH($C467,'CPU - PROJETO'!$B:$B,0))=0,INDEX('CPU - PROJETO'!$I:$I,MATCH($C467,'CPU - PROJETO'!$B:$B,0)),INDEX('CPU - PROJETO'!$H:$H,MATCH($C467,'CPU - PROJETO'!$B:$B,0))),2)","v":25.69},0.22720000000000001,31.52,61.35,8.8298827892751438E-5,null,null,"SERVIÇOS"]
["1.7.10.3 91173",null,91173,"SINAPI",{"$f":"INDEX('CPU - PROJETO'!$C:$C,MATCH($C468,'CPU - PROJETO'!$B:$B,0))","v":"FIXAÇÃO DE TUBOS VERTICAIS DE PPR DIÂMETROS MENORES OU IGUAIS A 40 MM COM ABRAÇADEIRA METÁLICA RÍGIDA TIPO D 1/2\", FIXADA EM PERFILADO EM ALVENARIA. AF_05/2015"},{"$f":"INDEX('CPU - PROJETO'!$D:$D,MATCH($C468,'CPU - PROJETO'!$B:$B,0))","v":"M"},{"$f":"INDEX('CPU - PROJETO'!T:T,MATCH(A468,'CPU - PROJETO'!W:W,0))","v":18},{"$f":"TRUNC(IF(INDEX('CPU - PROJETO'!$H:$H,MATCH($C468,'CPU - PROJETO'!$B:$B,0))=0,INDEX('CPU - PROJETO'!$I:$I,MATCH($C468,'CPU - PROJETO'!$B:$B,0)),INDEX('CPU - PROJETO'!$H:$H,MATCH($C468,'CPU - PROJETO'!$B:$B,0))),2)","v":1.77},0.22720000000000001,2.17,39.06,5.621764005690092E-5,null,null,"SERVIÇOS"]
["1.7.10.3 95758",null,"CPU-95758","SINAPI",{"$f":"INDEX('CPU - PROJETO'!$C:$C,MATCH($C469,'CPU - PROJETO'!$B:$B,0))","v":"LUVA DE EMENDA PARA ELETRODUTO, AÇO GALVANIZADO, DN 25 MM (1''), APARENTE, INSTALADA EM PAREDE - FORNECIMENTO E INSTALAÇÃO. AF_11/2016_P"},{"$f":"INDEX('CPU - PROJETO'!$D:$D,MATCH($C469,'CPU - PROJETO'!$B:$B,0))","v":"UN"},{"$f":"'CPU - PROJETO'!T257","v":2.9996999999999998},{"$f":"TRUNC(IF(INDEX('CPU - PROJETO'!$H:$H,MATCH($C469,'CPU - PROJETO'!$B:$B,0))=0,INDEX('CPU - PROJETO'!$I:$I,MATCH($C469,'CPU - PROJETO'!$B:$B,0)),INDEX('CPU - PROJETO'!$H:$H,MATCH($C469,'CPU - PROJETO'!$B:$B,0))),2)","v":11.62},0.22720000000000001,14.26,42.77,6.1557308377717669E-5,null,null,"SERVIÇOS"]
["1.7.10.4","1.7.10.4",95802,"SINAPI",{"$f":"INDEX('CPU - PROJETO'!$C:$C,MATCH($C470,'CPU - PROJETO'!$B:$B,0))","v":"CONDULETE DE ALUMÍNIO, TIPO X, PARA ELETRODUTO DE AÇO GALVANIZADO DN 25 MM (1''), APARENTE - FORNECIMENTO E INSTALAÇÃO. AF_11/2016_P"},{"$f":"INDEX('CPU - PROJETO'!$D:$D,MATCH($C470,'CPU - PROJETO'!$B:$B,0))","v":"UN"},{"$f":"INDEX(MEMÓRIA!L:L,MATCH($A470,MEMÓRIA!A:A,0))","v":4},{"$nulls":7}," "]
["1.7.10.4 2581",null,2581,"SINAPI",{"$f":"INDEX('CPU - PROJETO'!$C:$C,MATCH($C471,'CPU - PROJETO'!$B:$B,0))","v":"CONDULETE DE ALUMINIO TIPO X, PARA ELETRODUTO ROSCAVEL DE 1\", COM TAMPA CEGA"},{"$f":"INDEX('CPU - PROJETO'!$D:$D,MATCH($C471,'CPU - PROJETO'!$B:$B,0))","v":"UN"},{"$f":"INDEX('CPU - PROJETO'!T:T,MATCH(A471,'CPU - PROJETO'!W:W,0))","v":4},{"$f":"TRUNC(IF(INDEX('CPU - PROJETO'!$H:$H,MATCH($C471,'CPU - PROJETO'!$B:$B,0))=0,INDEX('CPU - PROJETO'!$I:$I,MATCH($C471,'CPU - PROJETO'!$B:$B,0)),INDEX('CPU - PROJETO'!$H:$H,MATCH($C471,'CPU - PROJETO'!$B:$B,0))),2)","v":22.17},{"$f":"$I$6","v":0.13519999999999999},{"$f":"TRUNC(H471*(1+I471),2)","v":25.16},{"$f":"TRUNC(G471*J471,2)","v":100.64},1.4484749860026901E-4,null,null,"MATERIAL"]
["1.7.10.4 11950",null,11950,"SINAPI",{"$f":"INDEX('CPU - PROJETO'!$C:$C,MATCH($C472,'CPU - PROJETO'!$B:$B,0))","v":"BUCHA DE NYLON SEM ABA S6, COM PARAFUSO DE 4,20 X 40 MM EM ACO ZINCADO COM ROSCA SOBERBA, CABECA CHATA E FENDA PHILLIPS"},{"$f":"INDEX('CPU - PROJETO'!$D:$D,MATCH($C472,'CPU - PROJETO'!$B:$B,0))","v":"UN"},{"$f":"INDEX('CPU - PROJETO'!T:T,MATCH(A472,'CPU - PROJETO'!W:W,0))","v":8},{"$f":"TRUNC(IF(INDEX('CPU - PROJETO'!$H:$H,MATCH($C472,'CPU - PROJETO'!$B:$B,0))=0,INDEX('CPU - PROJETO'!$I:$I,MATCH($C472,'CPU - PROJETO'!$B:$B,0)),INDEX('CPU - PROJETO'!$H:$H,MATCH($C472,'CPU - PROJETO'!$B:$B,0))),2)","v":0.35},0.22720000000000001,0.42,3.36,4.8359260264000781E-6,null,null,"SERVIÇOS"]
["1.7.10.4 88247",null,88247,"SINAPI",{"$f":"INDEX('CPU - PROJETO'!$C:$C,MATCH($C473,'CPU - PROJETO'!$B:$B,0))","v":"AUXILIAR DE ELETRICISTA COM ENCARGOS COMPLEMENTARES"},{"$f":"INDEX('CPU - PROJETO'!$D:$D,MATCH($C473,'CPU - PROJETO'!$B:$B,0))","v":"H"},{"$f":"INDEX('CPU - PROJETO'!T:T,MATCH(A473,'CPU - PROJETO'!W:W,0))","v":2.1015999999999999},{"$f":"TRUNC(IF(INDEX('CPU - PROJETO'!$H:$H,MATCH($C473,'CPU - PROJETO'!$B:$B,0))=0,INDEX('CPU - PROJETO'!$I:$I,MATCH($C473,'CPU - PROJETO'!$B:$B,0)),INDEX('CPU - PROJETO'!$H:$H,MATCH($C473,'CPU - PROJETO'!$B:$B,0))),2)","v":20},0.22720000000000001,24.54,51.57,7.4222828923051207E-5,null,null,"SERVIÇOS"]
["1.7.10.4 88264",null,88264,"SINAPI",{"$f":"INDEX('CPU - PROJETO'!$C:$C,MATCH($C474,'CPU - PROJETO'!$B:$B,0))","v":"ELETRICISTA COM ENCARGOS COMPLEMENTARES"},{"$f":"INDEX('CPU - PROJETO'!$D:$D,MATCH($C474,'CPU - PROJETO'!$B:$B,0))","v":"H"},{"$f":"INDEX('CPU - PROJETO'!T:T,MATCH(A474,'CPU - PROJETO'!W:W,0))","v":2.1015999999999999},{"$f":"TRUNC(IF(INDEX('CPU - PROJETO'!$H:$H,MATCH($C474,'CPU - PROJETO'!$B:$B,0))=0,INDEX('CPU - PROJETO'!$I:$I,MATCH($C474,'CPU - PROJETO'!$B:$B,0)),INDEX('CPU - PROJETO'!$H:$H,MATCH($C474,'CPU - PROJETO'!$B:$B,0))),2)","v":25.69},0.22720000000000001,31.52,66.239999999999995,9.533682737760154E-5,null,null,"SERVIÇOS"]
["1.7.10.5","1.7.10.5",95789,"SINAPI",{"$f":"INDEX('CPU - PROJETO'!$C:$C,MATCH($C475,'CPU - PROJETO'!$B:$B,0))","v":"CONDULETE DE ALUMÍNIO, TIPO LR, PARA ELETRODUTO DE AÇO GALVANIZADO DN 25 MM (1''), APARENTE - FORNECIMENTO E INSTALAÇÃO. AF_11/2016_P"},{"$f":"INDEX('CPU - PROJETO'!$D:$D,MATCH($C475,'CPU - PROJETO'!$B:$B,0))","v":"UN"},{"$f":"INDEX(MEMÓRIA!L:L,MATCH($A475,MEMÓRIA!A:A,0))","v":5},{"$nulls":7}," "]
["1.7.10.5 2570",null,2570,"SINAPI",{"$f":"INDEX('CPU - PROJETO'!$C:$C,MATCH($C476,'CPU - PROJETO'!$B:$B,0))","v":"CONDULETE DE ALUMINIO TIPO LR, PARA ELETRODUTO ROSCAVEL DE 1\", COM TAMPA CEGA"},{"$f":"INDEX('CPU - PROJETO'!$D:$D,MATCH($C476,'CPU - PROJETO'!$B:$B,0))","v":"UN"},{"$f":"INDEX('CPU - PROJETO'!T:T,MATCH(A476,'CPU - PROJETO'!W:W,0))","v":5},{"$f":"TRUNC(IF(INDEX('CPU - PROJETO'!$H:$H,MATCH($C476,'CPU - PROJETO'!$B:$B,0))=0,INDEX('CPU - PROJETO'!$I:$I,MATCH($C476,'CPU - PROJETO'!$B:$B,0)),INDEX('CPU - PROJETO'!$H:$H,MATCH($C476,'CPU - PROJETO'!$B:$B,0))),2)","v":19.600000000000001},{"$f":"$I$6","v":0.13519999999999999},22.24,111.2,1.6004612325466928E-4,null,null,"MATERIAL"]
["1.7.10.5 11950",null,11950,"SINAPI",{"$f":"INDEX('CPU - PROJETO'!$C:$C,MATCH($C477,'CPU - PROJETO'!$B:$B,0))","v":"BUCHA DE NYLON SEM ABA S6, COM PARAFUSO DE 4,20 X 40 MM EM ACO ZINCADO COM ROSCA SOBERBA, CABECA CHATA E FENDA PHILLIPS"},{"$f":"INDEX('CPU - PROJETO'!$D:$D,MATCH($C477,'CPU - PROJETO'!$B:$B,0))","v":"UN"},{"$f":"INDEX('CPU - PROJETO'!T:T,MATCH(A477,'CPU - PROJETO'!W:W,0))","v":10},{"$f":"TRUNC(IF(INDEX('CPU - PROJETO'!$H:$H,MATCH($C477,'CPU - PROJETO'!$B:$B,0))=0,INDEX('CPU - PROJETO'!$I:$I,MATCH($C477,'CPU - PROJETO'!$B:$B,0)),INDEX('CPU - PROJETO'!$H:$H,MATCH($C477,'CPU - PROJETO'!$B:$B,0))),2)","v":0.35},{"$f":"$I$6","v":0.13519999999999999},0.39,3.9,5.6131284235000908E-6,null,null,"MATERIAL"]
["1.7.10.5 88247",null,88247,"SINAPI",{"$f":"INDEX('CPU - PROJETO'!$C:$C,MATCH($C478,'CPU - PROJETO'!$B:$B,0))","v":"AUXILIAR DE ELETRICISTA COM ENCARGOS COMPLEMENTARES"},{"$f":"INDEX('CPU - PROJETO'!$D:$D,MATCH($C478,'CPU - PROJETO'!$B:$B,0))","v":"H"},{"$f":"INDEX('CPU - PROJETO'!T:T,MATCH(A478,'CPU - PROJETO'!W:W,0))","v":1.9510000000000001},{"$f":"TRUNC(IF(INDEX('CPU - PROJETO'!$H:$H,MATCH($C478,'CPU - PROJETO'!$B:$B,0))=0,INDEX('CPU - PROJETO'!$I:$I,MATCH($C478,'CPU - PROJETO'!$B:$B,0)),INDEX('CPU - PROJETO'!$H:$H,MATCH($C478,'CPU - PROJETO'!$B:$B,0))),2)","v":20},0.22720000000000001,24.54,47.87,6.8897553239217785E-5,null,null,"SERVIÇOS"]
["1.7.10.5 88264",null,88264,"SINAPI",{"$f":"INDEX('CPU - PROJETO'!$C:$C,MATCH($C479,'CPU - PROJETO'!$B:$B,0))","v":"ELETRICISTA COM ENCARGOS COMPLEMENTARES"},{"$f":"INDEX('CPU - PROJETO'!$D:$D,MATCH($C479,'CPU - PROJETO'!$B:$B,0))","v":"H"},{"$f":"INDEX('CPU - PROJETO'!T:T,MATCH(A479,'CPU - PROJETO'!W:W,0))","v":1.9510000000000001},{"$f":"TRUNC(IF(INDEX('CPU - PROJETO'!$H:$H,MATCH($C479,'CPU - PROJETO'!$B:$B,0))=0,INDEX('CPU - PROJETO'!$I:$I,MATCH($C479,'CPU - PROJETO'!$B:$B,0)),INDEX('CPU - PROJETO'!$H:$H,MATCH($C479,'CPU - PROJETO'!$B:$B,0))),2)","v":25.69},0.22720000000000001,31.52,61.49,8.8500324810518105E-5,null,null,"SERVIÇOS"]
["1.7.10.6","1.7.10.6",95796,"SINAPI",{"$f":"INDEX('CPU - PROJETO'!$C:$C,MATCH($C480,'CPU - PROJETO'!$B:$B,0))","v":"CONDULETE DE ALUMÍNIO, TIPO T, PARA ELETRODUTO DE AÇO GALVANIZADO DN 25 MM (1''), APARENTE - FORNECIMENTO E INSTALAÇÃO. AF_11/2016_P"},{"$f":"INDEX('CPU - PROJETO'!$D:$D,MATCH($C480,'CPU - PROJETO'!$B:$B,0))","v":"UN"},{"$f":"INDEX(MEMÓRIA!L:L,MATCH($A480,MEMÓRIA!A:A,0))","v":3},{"$nulls":7}," "]
["1.7.10.6 2586",null,2586,"SINAPI",{"$f":"INDEX('CPU - PROJETO'!$C:$C,MATCH($C481,'CPU - PROJETO'!$B:$B,0))","v":"CONDULETE DE ALUMINIO TIPO T, PARA ELETRODUTO ROSCAVEL DE 1\", COM TAMPA CEGA"},{"$f":"INDEX('CPU - PROJETO'!$D:$D,MATCH($C481,'CPU - PROJETO'!$B:$B,0))","v":"UN"},{"$f":"INDEX('CPU - PROJETO'!T:T,MATCH(A481,'CPU - PROJETO'!W:W,0))","v":3},{"$f":"TRUNC(IF(INDEX('CPU - PROJETO'!$H:$H,MATCH($C481,'CPU - PROJETO'!$B:$B,0))=0,INDEX('CPU - PROJETO'!$I:$I,MATCH($C481,'CPU - PROJETO'!$B:$B,0)),INDEX('CPU - PROJETO'!$H:$H,MATCH($C481,'CPU - PROJETO'!$B:$B,0))),2)","v":23.16},{"$f":"$I$6","v":0.13519999999999999},{"$f":"TRUNC(H481*(1+I481),2)","v":26.29},{"$f":"TRUNC(G481*J481,2)","v":78.87},1.1351472788755185E-4,null,null,"MATERIAL"]
["1.7.10.6 11950",null,11950,"SINAPI",{"$f":"INDEX('CPU - PROJETO'!$C:$C,MATCH($C482,'CPU - PROJETO'!$B:$B,0))","v":"BUCHA DE NYLON SEM ABA S6, COM PARAFUSO DE 4,20 X 40 MM EM ACO ZINCADO COM ROSCA SOBERBA, CABECA CHATA E FENDA PHILLIPS"},{"$f":"INDEX('CPU - PROJETO'!$D:$D,MATCH($C482,'CPU - PROJETO'!$B:$B,0))","v":"UN"},{"$f":"INDEX('CPU - PROJETO'!T:T,MATCH(A482,'CPU - PROJETO'!W:W,0))","v":6},{"$f":"TRUNC(IF(INDEX('CPU - PROJETO'!$H:$H,MATCH($C482,'CPU - PROJETO'!$B:$B,0))=0,INDEX('CPU - PROJETO'!$I:$I,MATCH($C482,'CPU - PROJETO'!$B:$B,0)),INDEX('CPU - PROJETO'!$H:$H,MATCH($C482,'CPU - PROJETO'!$B:$B,0))),2)","v":0.35},{"$f":"$I$6","v":0.13519999999999999},0.39,2.34,3.3678770541000545E-6,null,null,"MATERIAL"]
["1.7.10.6 88247",null,88247,"SINAPI",{"$f":"INDEX('CPU - PROJETO'!$C:$C,MATCH($C483,'CPU - PROJETO'!$B:$B,0))","v":"AUXILIAR DE ELETRICISTA COM ENCARGOS COMPLEMENTARES"},{"$f":"INDEX('CPU - PROJETO'!$D:$D,MATCH($C483,'CPU - PROJETO'!$B:$B,0))","v":"H"},{"$f":"INDEX('CPU - PROJETO'!T:T,MATCH(A483,'CPU - PROJETO'!W:W,0))","v":1.3734},{"$f":"TRUNC(IF(INDEX('CPU - PROJETO'!$H:$H,MATCH($C483,'CPU - PROJETO'!$B:$B,0))=0,INDEX('CPU - PROJETO'!$I:$I,MATCH($C483,'CPU - PROJETO'!$B:$B,0)),INDEX('CPU - PROJETO'!$H:$H,MATCH($C483,'CPU - PROJETO'!$B:$B,0))),2)","v":20},0.22720000000000001,24.54,33.700000000000003,4.8503186633834126E-5,null,null,"SERVIÇOS"]
["1.7.10.6 88264",null,88264,"SINAPI",{"$f":"INDEX('CPU - PROJETO'!$C:$C,MATCH($C484,'CPU - PROJETO'!$B:$B,0))","v":"ELETRICISTA COM ENCARGOS COMPLEMENTARES"},{"$f":"INDEX('CPU - PROJETO'!$D:$D,MATCH($C484,'CPU - PROJETO'!$B:$B,0))","v":"H"},{"$f":"INDEX('CPU - PROJETO'!T:T,MATCH(A484,'CPU - PROJETO'!W:W,0))","v":1.3734},{"$f":"TRUNC(IF(INDEX('CPU - PROJETO'!$H:$H,MATCH($C484,'CPU - PROJETO'!$B:$B,0))=0,INDEX('CPU - PROJETO'!$I:$I,MATCH($C484,'CPU - PROJETO'!$B:$B,0)),INDEX('CPU - PROJETO'!$H:$H,MATCH($C484,'CPU - PROJETO'!$B:$B,0))),2)","v":25.69},0.22720000000000001,31.52,43.28,6.2291332863867685E-5,null,null,"SERVIÇOS"]
["1.7.10.7","1.7.10.7",95782,"SINAPI",{"$f":"INDEX('CPU - PROJETO'!$C:$C,MATCH($C485,'CPU - PROJETO'!$B:$B,0))","v":"CONDULETE DE ALUMÍNIO, TIPO E, ELETRODUTO DE AÇO GALVANIZADO DN 25 MM (1''), APARENTE - FORNECIMENTO E INSTALAÇÃO. AF_11/2016_P"},{"$f":"INDEX('CPU - PROJETO'!$D:$D,MATCH($C485,'CPU - PROJETO'!$B:$B,0))","v":"UN"},{"$f":"INDEX(MEMÓRIA!L:L,MATCH($A485,MEMÓRIA!A:A,0))","v":4},{"$nulls":7}," "]
["1.7.10.7 2590",null,2590,"SINAPI",{"$f":"INDEX('CPU - PROJETO'!$C:$C,MATCH($C486,'CPU - PROJETO'!$B:$B,0))","v":"CONDULETE DE ALUMINIO TIPO E, PARA ELETRODUTO ROSCAVEL DE 1\", COM TAMPA CEGA"},{"$f":"INDEX('CPU - PROJETO'!$D:$D,MATCH($C486,'CPU - PROJETO'!$B:$B,0))","v":"UN"},{"$f":"INDEX('CPU - PROJETO'!T:T,MATCH(A486,'CPU - PROJETO'!W:W,0))","v":4},{"$f":"TRUNC(IF(INDEX('CPU - PROJETO'!$H:$H,MATCH($C486,'CPU - PROJETO'!$B:$B,0))=0,INDEX('CPU - PROJETO'!$I:$I,MATCH($C486,'CPU - PROJETO'!$B:$B,0)),INDEX('CPU - PROJETO'!$H:$H,MATCH($C486,'CPU - PROJETO'!$B:$B,0))),2)","v":20.27},{"$f":"$I$6","v":0.13519999999999999},23.01,92.04,{"$f":"K486/$K$550","v":1.3246983079460216E-4},null,null,"MATERIAL"]
["1.7.10.7 11950",null,11950,"SINAPI",{"$f":"INDEX('CPU - PROJETO'!$C:$C,MATCH($C487,'CPU - PROJETO'!$B:$B,0))","v":"BUCHA DE NYLON SEM ABA S6, COM PARAFUSO DE 4,20 X 40 MM EM ACO ZINCADO COM ROSCA SOBERBA, CABECA CHATA E FENDA PHILLIPS"},{"$f":"INDEX('CPU - PROJETO'!$D:$D,MATCH($C487,'CPU - PROJETO'!$B:$B,0))","v":"UN"},{"$f":"INDEX('CPU - PROJETO'!T:T,MATCH(A487,'CPU - PROJETO'!W:W,0))","v":8},{"$f":"TRUNC(IF(INDEX('CPU - PROJETO'!$H:$H,MATCH($C487,'CPU - PROJETO'!$B:$B,0))=0,INDEX('CPU - PROJETO'!$I:$I,MATCH($C487,'CPU - PROJETO'!$B:$B,0)),INDEX('CPU - PROJETO'!$H:$H,MATCH($C487,'CPU - PROJETO'!$B:$B,0))),2)","v":0.35},{"$f":"$I$6","v":0.13519999999999999},0.39,3.12,4.4905027388000735E-6,null,null,"MATERIAL"]
["1.7.10.7 88247",null,88247,"SINAPI",{"$f":"INDEX('CPU - PROJETO'!$C:$C,MATCH($C488,'CPU - PROJETO'!$B:$B,0))","v":"AUXILIAR DE ELETRICISTA COM ENCARGOS COMPLEMENTARES"},{"$f":"INDEX('CPU - PROJETO'!$D:$D,MATCH($C488,'CPU - PROJETO'!$B:$B,0))","v":"H"},{"$f":"INDEX('CPU - PROJETO'!T:T,MATCH(A488,'CPU - PROJETO'!W:W,0))","v":1.02},{"$f":"TRUNC(IF(INDEX('CPU - PROJETO'!$H:$H,MATCH($C488,'CPU - PROJETO'!$B:$B,0))=0,INDEX('CPU - PROJETO'!$I:$I,MATCH($C488,'CPU - PROJETO'!$B:$B,0)),INDEX('CPU - PROJETO'!$H:$H,MATCH($C488,'CPU - PROJETO'!$B:$B,0))),2)","v":20},0.22720000000000001,24.54,25.03,3.6024770369283921E-5,null,null,"SERVIÇOS"]
["1.7.10.7 88264",null,88264,"SINAPI",{"$f":"INDEX('CPU - PROJETO'!$C:$C,MATCH($C489,'CPU - PROJETO'!$B:$B,0))","v":"ELETRICISTA COM ENCARGOS COMPLEMENTARES"},{"$f":"INDEX('CPU - PROJETO'!$D:$D,MATCH($C489,'CPU - PROJETO'!$B:$B,0))","v":"H"},{"$f":"INDEX('CPU - PROJETO'!T:T,MATCH(A489,'CPU - PROJETO'!W:W,0))","v":1.02},{"$f":"TRUNC(IF(INDEX('CPU - PROJETO'!$H:$H,MATCH($C489,'CPU - PROJETO'!$B:$B,0))=0,INDEX('CPU - PROJETO'!$I:$I,MATCH($C489,'CPU - PROJETO'!$B:$B,0)),INDEX('CPU - PROJETO'!$H:$H,MATCH($C489,'CPU - PROJETO'!$B:$B,0))),2)","v":25.69},0.22720000000000001,31.52,32.15,4.6272327901417417E-5,null,null,"SERVIÇOS"]
["1.7.10.8","1.7.10.8",92001,"SINAPI",{"$f":"INDEX('CPU - PROJETO'!$C:$C,MATCH($C490,'CPU - PROJETO'!$B:$B,0))","v":"TOMADA BAIXA DE EMBUTIR (1 MÓDULO), 2P+T 20 A, INCLUINDO SUPORTE E PLACA - FORNECIMENTO E INSTALAÇÃO. AF_12/2015"},{"$f":"INDEX('CPU - PROJETO'!$D:$D,MATCH($C490,'CPU - PROJETO'!$B:$B,0))","v":"UN"},{"$f":"INDEX(MEMÓRIA!L:L,MATCH($A490,MEMÓRIA!A:A,0))","v":3},{"$nulls":7}," "]
["1.7.10.8 91946",null,91946,"SINAPI",{"$f":"INDEX('CPU - PROJETO'!$C:$C,MATCH($C491,'CPU - PROJETO'!$B:$B,0))","v":"SUPORTE PARAFUSADO COM PLACA DE ENCAIXE 4\" X 2\" MÉDIO (1,30 M DO PISO) PARA PONTO ELÉTRICO - FORNECIMENTO E INSTALAÇÃO. AF_12/2015"},{"$f":"INDEX('CPU - PROJETO'!$D:$D,MATCH($C491,'CPU - PROJETO'!$B:$B,0))","v":"UN"},{"$f":"INDEX('CPU - PROJETO'!T:T,MATCH(A491,'CPU - PROJETO'!W:W,0))","v":3},{"$nulls":7}," "]
["1.7.10.8 38094",null,38094,"SINAPI",{"$f":"INDEX('CPU - PROJ.AUX'!$P:$P,MATCH($A492,'CPU - PROJ.AUX'!$W:$W,0))","v":"ESPELHO / PLACA DE 3 POSTOS 4\" X 2\", PARA INSTALACAO DE TOMADAS E INTERRUPTORES"},{"$f":"INDEX('CPU - PROJ.AUX'!$R:$R,MATCH($A492,'CPU - PROJ.AUX'!$W:$W,0))","v":"UN"},{"$f":"INDEX('CPU - PROJ.AUX'!T:T,MATCH(A492,'CPU - PROJ.AUX'!W:W,0))*$G$490","v":3},{"$f":"TRUNC(IF(INDEX('CPU - PROJ.AUX'!$H:$H,MATCH($A492,'CPU - PROJ.AUX'!$W:$W,0))=0,INDEX('CPU - PROJ.AUX'!$I:$I,MATCH($A492,'CPU - PROJ.AUX'!$W:$W,0)),INDEX('CPU - PROJ.AUX'!$H:$H,MATCH($A492,'CPU - PROJ.AUX'!$W:$W,0))),2)","v":3.15},{"$f":"$I$6","v":0.13519999999999999},{"$f":"TRUNC(H492*(1+I492),2)","v":3.57},{"$f":"TRUNC(G492*J492,2)","v":10.71},1.5414514209150251E-5,null,null,"MATERIAL"]
["1.7.10.8 38099",null,38099,"SINAPI",{"$f":"INDEX('CPU - PROJ.AUX'!$P:$P,MATCH($A493,'CPU - PROJ.AUX'!$W:$W,0))","v":"SUPORTE DE FIXACAO PARA ESPELHO / PLACA 4\" X 2\", PARA 3 MODULOS, PARA INSTALACAO DE TOMADAS E INTERRUPTORES (SOMENTE SUPORTE)"},{"$f":"INDEX('CPU - PROJ.AUX'!$R:$R,MATCH($A493,'CPU - PROJ.AUX'!$W:$W,0))","v":"UN"},{"$f":"INDEX('CPU - PROJ.AUX'!T:T,MATCH(A493,'CPU - PROJ.AUX'!W:W,0))*$G$490","v":3},{"$f":"TRUNC(IF(INDEX('CPU - PROJ.AUX'!$H:$H,MATCH($A493,'CPU - PROJ.AUX'!$W:$W,0))=0,INDEX('CPU - PROJ.AUX'!$I:$I,MATCH($A493,'CPU - PROJ.AUX'!$W:$W,0)),INDEX('CPU - PROJ.AUX'!$H:$H,MATCH($A493,'CPU - PROJ.AUX'!$W:$W,0))),2)","v":1.63},{"$f":"$I$6","v":0.13519999999999999},1.85,5.55,7.987913525750129E-6,null,null,"MATERIAL"]
["1.7.10.8 88264",null,88264,"SINAPI",{"$f":"INDEX('CPU - PROJ.AUX'!$P:$P,MATCH($A494,'CPU - PROJ.AUX'!$W:$W,0))","v":"ELETRICISTA COM ENCARGOS COMPLEMENTARES"},{"$f":"INDEX('CPU - PROJ.AUX'!$R:$R,MATCH($A494,'CPU - PROJ.AUX'!$W:$W,0))","v":"H"},{"$f":"INDEX('CPU - PROJ.AUX'!T:T,MATCH(A494,'CPU - PROJ.AUX'!W:W,0))*$G$490","v":0.372},{"$f":"TRUNC(IF(INDEX('CPU - PROJ.AUX'!$H:$H,MATCH($A494,'CPU - PROJ.AUX'!$W:$W,0))=0,INDEX('CPU - PROJ.AUX'!$I:$I,MATCH($A494,'CPU - PROJ.AUX'!$W:$W,0)),INDEX('CPU - PROJ.AUX'!$H:$H,MATCH($A494,'CPU - PROJ.AUX'!$W:$W,0))),2)","v":25.69},0.22720000000000001,31.52,11.72,1.6868170544466941E-5,null,null,"SERVIÇOS"]
["1.7.10.8 91999",null,91999,"SINAPI",{"$f":"INDEX('CPU - PROJETO'!$C:$C,MATCH($C495,'CPU - PROJETO'!$B:$B,0))","v":"TOMADA BAIXA DE EMBUTIR (1 MÓDULO), 2P+T 20 A, SEM SUPORTE E SEM PLACA - FORNECIMENTO E INSTALAÇÃO. AF_12/2015"},{"$f":"INDEX('CPU - PROJETO'!$D:$D,MATCH($C495,'CPU - PROJETO'!$B:$B,0))","v":"UN"},{"$f":"INDEX('CPU - PROJETO'!T:T,MATCH(A495,'CPU - PROJETO'!W:W,0))","v":3},{"$nulls":7}," "]
["1.7.10.8 38102",null,38102,"SINAPI",{"$f":"INDEX('CPU - PROJ.AUX'!$P:$P,MATCH($A496,'CPU - PROJ.AUX'!$W:$W,0))","v":"TOMADA 2P+T 20A, 250V  (APENAS MODULO)"},{"$f":"INDEX('CPU - PROJ.AUX'!$R:$R,MATCH($A496,'CPU - PROJ.AUX'!$W:$W,0))","v":"UN"},{"$f":"INDEX('CPU - PROJ.AUX'!T:T,MATCH(A496,'CPU - PROJ.AUX'!W:W,0))*G490","v":3},{"$f":"TRUNC(IF(INDEX('CPU - PROJ.AUX'!$H:$H,MATCH($A496,'CPU - PROJ.AUX'!$W:$W,0))=0,INDEX('CPU - PROJ.AUX'!$I:$I,MATCH($A496,'CPU - PROJ.AUX'!$W:$W,0)),INDEX('CPU - PROJ.AUX'!$H:$H,MATCH($A496,'CPU - PROJ.AUX'!$W:$W,0))),2)","v":10.83},{"$f":"$I$6","v":0.13519999999999999},{"$f":"TRUNC(H496*(1+I496),2)","v":12.29},{"$f":"TRUNC(G496*J496,2)","v":36.869999999999997},5.3065652557550857E-5,null,null,"MATERIAL"]
["1.7.10.8 88247",null,88247,"SINAPI",{"$f":"INDEX('CPU - PROJ.AUX'!$P:$P,MATCH($A497,'CPU - PROJ.AUX'!$W:$W,0))","v":"AUXILIAR DE ELETRICISTA COM ENCARGOS COMPLEMENTARES"},{"$f":"INDEX('CPU - PROJ.AUX'!$R:$R,MATCH($A497,'CPU - PROJ.AUX'!$W:$W,0))","v":"H"},{"$f":"INDEX('CPU - PROJ.AUX'!T:T,MATCH(A497,'CPU - PROJ.AUX'!W:W,0))*G491","v":0.70499999999999996},{"$f":"TRUNC(IF(INDEX('CPU - PROJ.AUX'!$H:$H,MATCH($A497,'CPU - PROJ.AUX'!$W:$W,0))=0,INDEX('CPU - PROJ.AUX'!$I:$I,MATCH($A497,'CPU - PROJ.AUX'!$W:$W,0)),INDEX('CPU - PROJ.AUX'!$H:$H,MATCH($A497,'CPU - PROJ.AUX'!$W:$W,0))),2)","v":20},0.22720000000000001,24.54,{"$f":"TRUNC(G497*J497,2)","v":17.3},2.4899261981167073E-5,null,null,"SERVIÇOS"]
["1.7.10.8 88264",null,88264,"SINAPI",{"$f":"INDEX('CPU - PROJ.AUX'!$P:$P,MATCH($A498,'CPU - PROJ.AUX'!$W:$W,0))","v":"ELETRICISTA COM ENCARGOS COMPLEMENTARES"},{"$f":"INDEX('CPU - PROJ.AUX'!$R:$R,MATCH($A498,'CPU - PROJ.AUX'!$W:$W,0))","v":"H"},{"$f":"G497","v":0.70499999999999996},{"$f":"TRUNC(IF(INDEX('CPU - PROJ.AUX'!$H:$H,MATCH($A498,'CPU - PROJ.AUX'!$W:$W,0))=0,INDEX('CPU - PROJ.AUX'!$I:$I,MATCH($A498,'CPU - PROJ.AUX'!$W:$W,0)),INDEX('CPU - PROJ.AUX'!$H:$H,MATCH($A498,'CPU - PROJ.AUX'!$W:$W,0))),2)","v":25.69},0.22720000000000001,31.52,{"$f":"TRUNC(G498*J498,2)","v":22.22},3.1980439376967185E-5,null,null,"SERVIÇOS"]
["1.7.10.9","1.7.10.9",91953,"SINAPI",{"$f":"INDEX('CPU - PROJETO'!$C:$C,MATCH($C499,'CPU - PROJETO'!$B:$B,0))","v":"INTERRUPTOR SIMPLES (1 MÓDULO), 10A/250V, INCLUINDO SUPORTE E PLACA - FORNECIMENTO E INSTALAÇÃO. AF_12/2015"},{"$f":"INDEX('CPU - PROJETO'!$D:$D,MATCH($C499,'CPU - PROJETO'!$B:$B,0))","v":"UN"},{"$f":"INDEX(MEMÓRIA!L:L,MATCH($A499,MEMÓRIA!A:A,0))","v":3},{"$nulls":7}," "]
["1.7.10.9 91946",null,91946,"SINAPI",{"$f":"INDEX('CPU - PROJETO'!$C:$C,MATCH($C500,'CPU - PROJETO'!$B:$B,0))","v":"SUPORTE PARAFUSADO COM PLACA DE ENCAIXE 4\" X 2\" MÉDIO (1,30 M DO PISO) PARA PONTO ELÉTRICO - FORNECIMENTO E INSTALAÇÃO. AF_12/2015"},{"$f":"INDEX('CPU - PROJETO'!$D:$D,MATCH($C500,'CPU - PROJETO'!$B:$B,0))","v":"UN"},{"$f":"INDEX('CPU - PROJETO'!T:T,MATCH(A500,'CPU - PROJETO'!W:W,0))","v":3},{"$nulls":7}," "]
["1.7.10.9 38094",null,38094,"SINAPI",{"$f":"INDEX('CPU - PROJ.AUX'!$P:$P,MATCH($A501,'CPU - PROJ.AUX'!$W:$W,0))","v":"ESPELHO / PLACA DE 3 POSTOS 4\" X 2\", PARA INSTALACAO DE TOMADAS E INTERRUPTORES"},{"$f":"INDEX('CPU - PROJ.AUX'!$R:$R,MATCH($A501,'CPU - PROJ.AUX'!$W:$W,0))","v":"UN"},{"$f":"INDEX('CPU - PROJ.AUX'!T:T,MATCH(A501,'CPU - PROJ.AUX'!W:W,0))*$G$499","v":3},{"$f":"TRUNC(IF(INDEX('CPU - PROJ.AUX'!$H:$H,MATCH($A501,'CPU - PROJ.AUX'!$W:$W,0))=0,INDEX('CPU - PROJ.AUX'!$I:$I,MATCH($A501,'CPU - PROJ.AUX'!$W:$W,0)),INDEX('CPU - PROJ.AUX'!$H:$H,MATCH($A501,'CPU - PROJ.AUX'!$W:$W,0))),2)","v":3.15},{"$f":"$I$6","v":0.13519999999999999},{"$f":"TRUNC(H501*(1+I501),2)","v":3.57},{"$f":"TRUNC(G501*J501,2)","v":10.71},1.5414514209150251E-5,null,null,"MATERIAL"]
["1.7.10.9 38099",null,38099,"SINAPI",{"$f":"INDEX('CPU - PROJ.AUX'!$P:$P,MATCH($A502,'CPU - PROJ.AUX'!$W:$W,0))","v":"SUPORTE DE FIXACAO PARA ESPELHO / PLACA 4\" X 2\", PARA 3 MODULOS, PARA INSTALACAO DE TOMADAS E INTERRUPTORES (SOMENTE SUPORTE)"},{"$f":"INDEX('CPU - PROJ.AUX'!$R:$R,MATCH($A502,'CPU - PROJ.AUX'!$W:$W,0))","v":"UN"},{"$f":"INDEX('CPU - PROJ.AUX'!T:T,MATCH(A502,'CPU - PROJ.AUX'!W:W,0))*$G$499","v":3},{"$f":"TRUNC(IF(INDEX('CPU - PROJ.AUX'!$H:$H,MATCH($A502,'CPU - PROJ.AUX'!$W:$W,0))=0,INDEX('CPU - PROJ.AUX'!$I:$I,MATCH($A502,'CPU - PROJ.AUX'!$W:$W,0)),INDEX('CPU - PROJ.AUX'!$H:$H,MATCH($A502,'CPU - PROJ.AUX'!$W:$W,0))),2)","v":1.63},{"$f":"$I$6","v":0.13519999999999999},{"$f":"TRUNC(H502*(1+I502),2)","v":1.85},{"$f":"TRUNC(G502*J502,2)","v":5.55},7.987913525750129E-6,null,null,"MATERIAL"]
["1.7.10.9 88264",null,88264,"SINAPI",{"$f":"INDEX('CPU - PROJ.AUX'!$P:$P,MATCH($A503,'CPU - PROJ.AUX'!$W:$W,0))","v":"ELETRICISTA COM ENCARGOS COMPLEMENTARES"},{"$f":"INDEX('CPU - PROJ.AUX'!$R:$R,MATCH($A503,'CPU - PROJ.AUX'!$W:$W,0))","v":"H"},{"$f":"0.124*$G$499","v":0.372},{"$f":"TRUNC(IF(INDEX('CPU - PROJ.AUX'!$H:$H,MATCH($A503,'CPU - PROJ.AUX'!$W:$W,0))=0,INDEX('CPU - PROJ.AUX'!$I:$I,MATCH($A503,'CPU - PROJ.AUX'!$W:$W,0)),INDEX('CPU - PROJ.AUX'!$H:$H,MATCH($A503,'CPU - PROJ.AUX'!$W:$W,0))),2)","v":25.69},0.22720000000000001,{"$f":"TRUNC(H503*(1+I503),2)","v":31.52},{"$f":"TRUNC(G503*J503,2)","v":11.72},1.6868170544466941E-5,null,null,"SERVIÇOS"]
["1.7.10.9 91952",null,91952,"SINAPI",{"$f":"INDEX('CPU - PROJETO'!$C:$C,MATCH($C504,'CPU - PROJETO'!$B:$B,0))","v":"INTERRUPTOR SIMPLES (1 MÓDULO), 10A/250V, SEM SUPORTE E SEM PLACA - FORNECIMENTO E INSTALAÇÃO. AF_12/2015"},{"$f":"INDEX('CPU - PROJETO'!$D:$D,MATCH($C504,'CPU - PROJETO'!$B:$B,0))","v":"UN"},{"$f":"INDEX('CPU - PROJETO'!T:T,MATCH(A504,'CPU - PROJETO'!W:W,0))","v":3},{"$nulls":7}," "]
["1.7.10.9 38112",null,38112,"SINAPI",{"$f":"INDEX('CPU - PROJ.AUX'!$P:$P,MATCH($A505,'CPU - PROJ.AUX'!$W:$W,0))","v":"INTERRUPTOR SIMPLES 10A, 250V (APENAS MODULO)"},{"$f":"INDEX('CPU - PROJ.AUX'!$R:$R,MATCH($A505,'CPU - PROJ.AUX'!$W:$W,0))","v":"UN"},{"$f":"INDEX('CPU - PROJ.AUX'!T:T,MATCH(A505,'CPU - PROJ.AUX'!W:W,0))*G499","v":3},{"$f":"TRUNC(IF(INDEX('CPU - PROJ.AUX'!$H:$H,MATCH($A505,'CPU - PROJ.AUX'!$W:$W,0))=0,INDEX('CPU - PROJ.AUX'!$I:$I,MATCH($A505,'CPU - PROJ.AUX'!$W:$W,0)),INDEX('CPU - PROJ.AUX'!$H:$H,MATCH($A505,'CPU - PROJ.AUX'!$W:$W,0))),2)","v":7.44},{"$f":"$I$6","v":0.13519999999999999},{"$f":"TRUNC(H505*(1+I505),2)","v":8.44},{"$f":"TRUNC(G505*J505,2)","v":25.32},3.6442156841800596E-5,null,null,"MATERIAL"]
["1.7.10.9 88247",null,88247,"SINAPI",{"$f":"INDEX('CPU - PROJ.AUX'!$P:$P,MATCH($A506,'CPU - PROJ.AUX'!$W:$W,0))","v":"AUXILIAR DE ELETRICISTA COM ENCARGOS COMPLEMENTARES"},{"$f":"INDEX('CPU - PROJ.AUX'!$R:$R,MATCH($A506,'CPU - PROJ.AUX'!$W:$W,0))","v":"H"},{"$f":"INDEX('CPU - PROJ.AUX'!T:T,MATCH(A506,'CPU - PROJ.AUX'!W:W,0))*G500","v":0.67500000000000004},{"$f":"TRUNC(IF(INDEX('CPU - PROJ.AUX'!$H:$H,MATCH($A506,'CPU - PROJ.AUX'!$W:$W,0))=0,INDEX('CPU - PROJ.AUX'!$I:$I,MATCH($A506,'CPU - PROJ.AUX'!$W:$W,0)),INDEX('CPU - PROJ.AUX'!$H:$H,MATCH($A506,'CPU - PROJ.AUX'!$W:$W,0))),2)","v":20},0.22720000000000001,24.54,{"$f":"TRUNC(G506*J506,2)","v":16.559999999999999},2.3834206844400385E-5,null,null,"SERVIÇOS"]
["1.7.10.9 88264",null,88264,"SINAPI",{"$f":"INDEX('CPU - PROJ.AUX'!$P:$P,MATCH($A507,'CPU - PROJ.AUX'!$W:$W,0))","v":"ELETRICISTA COM ENCARGOS COMPLEMENTARES"},{"$f":"INDEX('CPU - PROJ.AUX'!$R:$R,MATCH($A507,'CPU - PROJ.AUX'!$W:$W,0))","v":"H"},{"$f":"G506","v":0.67500000000000004},{"$f":"TRUNC(IF(INDEX('CPU - PROJ.AUX'!$H:$H,MATCH($A507,'CPU - PROJ.AUX'!$W:$W,0))=0,INDEX('CPU - PROJ.AUX'!$I:$I,MATCH($A507,'CPU - PROJ.AUX'!$W:$W,0)),INDEX('CPU - PROJ.AUX'!$H:$H,MATCH($A507,'CPU - PROJ.AUX'!$W:$W,0))),2)","v":25.69},0.22720000000000001,31.52,{"$f":"TRUNC(G507*J507,2)","v":21.27},3.06131388635505E-5,null,null,"SERVIÇOS"]
["1.7.10.10","1.7.10.10","COMP4","SINAPI",{"$f":"INDEX('CPU - PROJETO'!$C:$C,MATCH($C508,'CPU - PROJETO'!$B:$B,0))","v":"ESPELHO 4\" X 2\", PARA INSTALACAO DE TOMADAS E INTERRUPTORES"},{"$f":"INDEX('CPU - PROJETO'!$D:$D,MATCH($C508,'CPU - PROJETO'!$B:$B,0))","v":"UN"},{"$f":"INDEX(MEMÓRIA!L:L,MATCH($A508,MEMÓRIA!A:A,0))","v":4},{"$nulls":7}," "]
["1.7.10.10 38094",null,38094,"SINAPI",{"$f":"INDEX('CPU - PROJETO'!$C:$C,MATCH($C509,'CPU - PROJETO'!$B:$B,0))","v":"ESPELHO / PLACA DE 3 POSTOS 4\" X 2\", PARA INSTALACAO DE TOMADAS E INTERRUPTORES"},{"$f":"INDEX('CPU - PROJETO'!$D:$D,MATCH($C509,'CPU - PROJETO'!$B:$B,0))","v":"UN"},{"$f":"INDEX('CPU - PROJETO'!T:T,MATCH(A509,'CPU - PROJETO'!W:W,0))","v":4},{"$f":"TRUNC(IF(INDEX('CPU - PROJETO'!$H:$H,MATCH($C509,'CPU - PROJETO'!$B:$B,0))=0,INDEX('CPU - PROJETO'!$I:$I,MATCH($C509,'CPU - PROJETO'!$B:$B,0)),INDEX('CPU - PROJETO'!$H:$H,MATCH($C509,'CPU - PROJETO'!$B:$B,0))),2)","v":3.15},{"$f":"$I$6","v":0.13519999999999999},3.57,14.28,2.0552685612200333E-5,null,null,"MATERIAL"]
["1.7.10.10 88247",null,88247,"SINAPI",{"$f":"INDEX('CPU - PROJETO'!$C:$C,MATCH($C510,'CPU - PROJETO'!$B:$B,0))","v":"AUXILIAR DE ELETRICISTA COM ENCARGOS COMPLEMENTARES"},{"$f":"INDEX('CPU - PROJETO'!$D:$D,MATCH($C510,'CPU - PROJETO'!$B:$B,0))","v":"H"},{"$f":"INDEX('CPU - PROJETO'!T:T,MATCH(A510,'CPU - PROJETO'!W:W,0))","v":0.6666668},{"$f":"TRUNC(IF(INDEX('CPU - PROJETO'!$H:$H,MATCH($C510,'CPU - PROJETO'!$B:$B,0))=0,INDEX('CPU - PROJETO'!$I:$I,MATCH($C510,'CPU - PROJETO'!$B:$B,0)),INDEX('CPU - PROJETO'!$H:$H,MATCH($C510,'CPU - PROJETO'!$B:$B,0))),2)","v":20},0.22720000000000001,24.54,16.36,2.3546354104733716E-5,null,null,"SERVIÇOS"]
["1.7.10.11","1.7.10.11",91926,"SINAPI",{"$f":"INDEX('CPU - PROJETO'!$C:$C,MATCH($C511,'CPU - PROJETO'!$B:$B,0))","v":"CABO DE COBRE FLEXÍVEL ISOLADO, 2,5 MM², ANTI-CHAMA 450/750 V, PARA CIRCUITOS TERMINAIS - FORNECIMENTO E INSTALAÇÃO. AF_12/2015"},{"$f":"INDEX('CPU - PROJETO'!$D:$D,MATCH($C511,'CPU - PROJETO'!$B:$B,0))","v":"M"},{"$f":"INDEX(MEMÓRIA!L:L,MATCH($A511,MEMÓRIA!A:A,0))","v":200},{"$nulls":7}," "]
["1.7.10.11 1014",null,1014,"SINAPI",{"$f":"INDEX('CPU - PROJETO'!$C:$C,MATCH($C512,'CPU - PROJETO'!$B:$B,0))","v":"CABO DE COBRE, FLEXIVEL, CLASSE 4 OU 5, ISOLACAO EM PVC/A, ANTICHAMA BWF-B, 1 CONDUTOR, 450/750 V, SECAO NOMINAL 2,5 MM2"},{"$f":"INDEX('CPU - PROJETO'!$D:$D,MATCH($C512,'CPU - PROJETO'!$B:$B,0))","v":"M"},{"$f":"INDEX('CPU - PROJETO'!T:T,MATCH(A512,'CPU - PROJETO'!W:W,0))","v":238},{"$f":"TRUNC(IF(INDEX('CPU - PROJETO'!$H:$H,MATCH($C512,'CPU - PROJETO'!$B:$B,0))=0,INDEX('CPU - PROJETO'!$I:$I,MATCH($C512,'CPU - PROJETO'!$B:$B,0)),INDEX('CPU - PROJETO'!$H:$H,MATCH($C512,'CPU - PROJETO'!$B:$B,0))),2)","v":2.33},{"$f":"$I$6","v":0.13519999999999999},{"$f":"TRUNC(H512*(1+I512),2)","v":2.64},{"$f":"TRUNC(G512*J512,2)","v":628.32000000000005},9.0431816693681483E-4,null,null,"MATERIAL"]
["1.7.10.11 21127",null,21127,"SINAPI",{"$f":"INDEX('CPU - PROJETO'!$C:$C,MATCH($C513,'CPU - PROJETO'!$B:$B,0))","v":"FITA ISOLANTE ADESIVA ANTICHAMA, USO ATE 750 V, EM ROLO DE 19 MM X 5 M"},{"$f":"INDEX('CPU - PROJETO'!$D:$D,MATCH($C513,'CPU - PROJETO'!$B:$B,0))","v":"UN"},{"$f":"INDEX('CPU - PROJETO'!T:T,MATCH(A513,'CPU - PROJETO'!W:W,0))","v":1.7999999999999998},{"$f":"TRUNC(IF(INDEX('CPU - PROJETO'!$H:$H,MATCH($C513,'CPU - PROJETO'!$B:$B,0))=0,INDEX('CPU - PROJETO'!$I:$I,MATCH($C513,'CPU - PROJETO'!$B:$B,0)),INDEX('CPU - PROJETO'!$H:$H,MATCH($C513,'CPU - PROJETO'!$B:$B,0))),2)","v":9.06},{"$f":"$I$6","v":0.13519999999999999},10.28,18.5,2.6626378419167101E-5,null,null,"MATERIAL"]
["1.7.10.11 88247",null,88247,"SINAPI",{"$f":"INDEX('CPU - PROJETO'!$C:$C,MATCH($C514,'CPU - PROJETO'!$B:$B,0))","v":"AUXILIAR DE ELETRICISTA COM ENCARGOS COMPLEMENTARES"},{"$f":"INDEX('CPU - PROJETO'!$D:$D,MATCH($C514,'CPU - PROJETO'!$B:$B,0))","v":"H"},{"$f":"INDEX('CPU - PROJETO'!T:T,MATCH(A514,'CPU - PROJETO'!W:W,0))","v":6},{"$f":"TRUNC(IF(INDEX('CPU - PROJETO'!$H:$H,MATCH($C514,'CPU - PROJETO'!$B:$B,0))=0,INDEX('CPU - PROJETO'!$I:$I,MATCH($C514,'CPU - PROJETO'!$B:$B,0)),INDEX('CPU - PROJETO'!$H:$H,MATCH($C514,'CPU - PROJETO'!$B:$B,0))),2)","v":20},{"$f":"$I$5","v":0.22720000000000001},24.54,147.24,2.1191718694260346E-4,null,null,"SERVIÇOS"]
["1.7.10.11 88264",null,88264,"SINAPI",{"$f":"INDEX('CPU - PROJETO'!$C:$C,MATCH($C515,'CPU - PROJETO'!$B:$B,0))","v":"ELETRICISTA COM ENCARGOS COMPLEMENTARES"},{"$f":"INDEX('CPU - PROJETO'!$D:$D,MATCH($C515,'CPU - PROJETO'!$B:$B,0))","v":"H"},{"$f":"INDEX('CPU - PROJETO'!T:T,MATCH(A515,'CPU - PROJETO'!W:W,0))","v":6},{"$f":"TRUNC(IF(INDEX('CPU - PROJETO'!$H:$H,MATCH($C515,'CPU - PROJETO'!$B:$B,0))=0,INDEX('CPU - PROJETO'!$I:$I,MATCH($C515,'CPU - PROJETO'!$B:$B,0)),INDEX('CPU - PROJETO'!$H:$H,MATCH($C515,'CPU - PROJETO'!$B:$B,0))),2)","v":25.69},0.22720000000000001,31.52,189.12,2.7219355062880443E-4,null,null,"SERVIÇOS"]
["1.7.11","1.7.11",null,null,"DEMOLIÇÕES",{"$nulls":5},{"$f":"SUBTOTAL(109,K517:K522)","v":1341.1200000000001},{"$f":"SUBTOTAL(109,L517:L522)","v":1.9302253311088316E-3},null,null," "]
["1.7.11.1","1.7.11.1",97633,"SINAPI",{"$f":"INDEX('CPU - PROJETO'!$C:$C,MATCH($C517,'CPU - PROJETO'!$B:$B,0))","v":"DEMOLIÇÃO DE REVESTIMENTO CERÂMICO, DE FORMA MANUAL, SEM REAPROVEITAMENTO. AF_12/2017"},{"$f":"INDEX('CPU - PROJETO'!$D:$D,MATCH($C517,'CPU - PROJETO'!$B:$B,0))","v":"M2"},{"$f":"INDEX(MEMÓRIA!L:L,MATCH($A517,MEMÓRIA!A:A,0))","v":31},{"$f":"TRUNC(IF(INDEX('CPU - PROJETO'!$I:$I,MATCH($C517,'CPU - PROJETO'!$B:$B,0))=0,INDEX('CPU - PROJETO'!$J:$J,MATCH($C517,'CPU - PROJETO'!$B:$B,0)),INDEX('CPU - PROJETO'!$I:$I,MATCH($C517,'CPU - PROJETO'!$B:$B,0))),2)","v":21.13},0.22720000000000001,{"$f":"TRUNC(H517*(1+I517),2)","v":25.93},{"$f":"TRUNC(G517*J517,2)","v":803.83},{"$f":"K517/$K$550","v":1.1569233386313023E-3},null,null,"SERVIÇOS"]
["1.7.11.2","1.7.11.2",97632,"SINAPI",{"$f":"INDEX('CPU - PROJETO'!$C:$C,MATCH($C518,'CPU - PROJETO'!$B:$B,0))","v":"DEMOLIÇÃO DE RODAPÉ CERÂMICO, DE FORMA MANUAL, SEM REAPROVEITAMENTO. AF_12/2017"},{"$f":"INDEX('CPU - PROJETO'!$D:$D,MATCH($C518,'CPU - PROJETO'!$B:$B,0))","v":"M"},{"$f":"INDEX(MEMÓRIA!L:L,MATCH($A518,MEMÓRIA!A:A,0))","v":18.100000000000001},{"$f":"TRUNC(IF(INDEX('CPU - PROJETO'!$I:$I,MATCH($C518,'CPU - PROJETO'!$B:$B,0))=0,INDEX('CPU - PROJETO'!$J:$J,MATCH($C518,'CPU - PROJETO'!$B:$B,0)),INDEX('CPU - PROJETO'!$I:$I,MATCH($C518,'CPU - PROJETO'!$B:$B,0))),2)","v":2.41},0.22720000000000001,2.95,53.39,7.6842288854017915E-5,null,null,"SERVIÇOS"]
["1.7.11.3","1.7.11.3","COMP2","SINAPI",{"$f":"INDEX('CPU - PROJETO'!$C:$C,MATCH($C519,'CPU - PROJETO'!$B:$B,0))","v":"DEMOLICAO DE PISO CIMENTADO BASE CONCRETO 8 CM"},{"$f":"INDEX('CPU - PROJETO'!$D:$D,MATCH($C519,'CPU - PROJETO'!$B:$B,0))","v":"M2"},{"$f":"INDEX(MEMÓRIA!L:L,MATCH($A519,MEMÓRIA!A:A,0))","v":6.3},{"$f":"TRUNC(IF(INDEX('CPU - PROJETO'!$I:$I,MATCH($C519,'CPU - PROJETO'!$B:$B,0))=0,INDEX('CPU - PROJETO'!$J:$J,MATCH($C519,'CPU - PROJETO'!$B:$B,0)),INDEX('CPU - PROJETO'!$I:$I,MATCH($C519,'CPU - PROJETO'!$B:$B,0))),2)","v":33.69},0.22720000000000001,{"$f":"TRUNC(H519*(1+I519),2)","v":41.34},{"$f":"TRUNC(G519*J519,2)","v":260.44},3.7484183759393941E-4,null,null,"SERVIÇOS"]
["1.7.11.4","1.7.11.4",97640,"SINAPI",{"$f":"INDEX('CPU - PROJETO'!$C:$C,MATCH($C520,'CPU - PROJETO'!$B:$B,0))","v":"REMOÇÃO DE FORROS DE DRYWALL, PVC E FIBROMINERAL, DE FORMA MANUAL, SEM REAPROVEITAMENTO. AF_12/2017"},{"$f":"INDEX('CPU - PROJETO'!$D:$D,MATCH($C520,'CPU - PROJETO'!$B:$B,0))","v":"M2"},{"$f":"INDEX(MEMÓRIA!L:L,MATCH($A520,MEMÓRIA!A:A,0))","v":19.36},{"$f":"TRUNC(IF(INDEX('CPU - PROJETO'!$I:$I,MATCH($C520,'CPU - PROJETO'!$B:$B,0))=0,INDEX('CPU - PROJETO'!$J:$J,MATCH($C520,'CPU - PROJETO'!$B:$B,0)),INDEX('CPU - PROJETO'!$I:$I,MATCH($C520,'CPU - PROJETO'!$B:$B,0))),2)","v":1.79},0.22720000000000001,2.19,42.39,6.1010388172350993E-5,null,null,"SERVIÇOS"]
["1.7.11.5","1.7.11.5",5914654,"SICRO","CARGA, MANOBRA E DESCARGA DE MATERIAIS DIVERSOS EM CAMINHÃO CARROCERIA DE 9 T - CARGA E DESCARGA MANUAIS","T",{"$f":"INDEX(MEMÓRIA!L:L,MATCH($A521,MEMÓRIA!A:A,0))","v":5.19},{"$f":"'SICRO - CARGA DE ENTULHO'!I33","v":26.91},0.22720000000000001,33.020000000000003,171.37,2.4664661998338732E-4,null,null,"SERVIÇOS"]
["1.7.11.6","1.7.11.6",72838,"SINAPI",{"$f":"INDEX('CPU - PROJETO'!$C:$C,MATCH($C522,'CPU - PROJETO'!$B:$B,0))","v":"TRANSPORTE COMERCIAL COM CAMINHAO CARROCERIA 9 T, RODOVIA EM LEITO NATURAL"},{"$f":"INDEX('CPU - PROJETO'!$D:$D,MATCH($C522,'CPU - PROJETO'!$B:$B,0))","v":"TXKM"},{"$f":"INDEX(MEMÓRIA!L:L,MATCH($A522,MEMÓRIA!A:A,0))","v":5.19},{"$f":"TRUNC(IF(INDEX('CPU - PROJETO'!$I:$I,MATCH($C522,'CPU - PROJETO'!$B:$B,0))=0,INDEX('CPU - PROJETO'!$J:$J,MATCH($C522,'CPU - PROJETO'!$B:$B,0)),INDEX('CPU - PROJETO'!$I:$I,MATCH($C522,'CPU - PROJETO'!$B:$B,0))),2)","v":1.53},0.22720000000000001,1.87,9.6999999999999993,1.3960857873833559E-5,null,null,{"$f":"IF(I522=$I$6,\"MATERIAL\",IF(I522=$I$5,\"SERVIÇOS\",\" \"))","v":"SERVIÇOS"}]
["1.7.12","1.7.12",null,null,"SERVIÇOS COMPLEMENTARES",{"$nulls":5},{"$f":"SUBTOTAL(109,K524:K524)","v":448.86},{"$f":"SUBTOTAL(109,L524:L524)","v":6.4602790363391051E-4},null,null," "]
["1.7.12.1","1.7.12.1","COMP7","SINAPI",{"$f":"INDEX('CPU - PROJETO'!$C:$C,MATCH($C524,'CPU - PROJETO'!$B:$B,0))","v":"LIMPEZA GERAL"},{"$f":"INDEX('CPU - PROJETO'!$D:$D,MATCH($C524,'CPU - PROJETO'!$B:$B,0))","v":"M2"},{"$f":"INDEX(MEMÓRIA!L:L,MATCH($A524,MEMÓRIA!A:A,0))","v":114.8},{"$f":"TRUNC(IF(INDEX('CPU - PROJETO'!$I:$I,MATCH($C524,'CPU - PROJETO'!$B:$B,0))=0,INDEX('CPU - PROJETO'!$J:$J,MATCH($C524,'CPU - PROJETO'!$B:$B,0)),INDEX('CPU - PROJETO'!$I:$I,MATCH($C524,'CPU - PROJETO'!$B:$B,0))),2)","v":3.19},{"$f":"$I$5","v":0.22720000000000001},{"$f":"TRUNC(H524*(1+I524),2)","v":3.91},{"$f":"TRUNC(G524*J524,2)","v":448.86},{"$f":"K524/$K$550","v":6.4602790363391051E-4},null,null,"SERVIÇOS"]
["1.8","1.8",null,null,"TRANSPORTES",{"$nulls":5},{"$f":"SUBTOTAL(109,K526:K527)","v":14713.56},{"$f":"SUBTOTAL(109,L526:L527)","v":2.1176692781249746E-2},null,null," "]
["1.8.1","1.8.1",72838,"SINAPI",{"$f":"INDEX('CPU - PROJETO'!$C:$C,MATCH($C526,'CPU - PROJETO'!$B:$B,0))","v":"TRANSPORTE COMERCIAL COM CAMINHAO CARROCERIA 9 T, RODOVIA EM LEITO NATURAL"},{"$f":"INDEX('CPU - PROJETO'!$D:$D,MATCH($C526,'CPU - PROJETO'!$B:$B,0))","v":"TXKM"},{"$f":"INDEX(MEMÓRIA!L:L,MATCH($A526,MEMÓRIA!A:A,0))","v":288},{"$f":"TRUNC(IF(INDEX('CPU - PROJETO'!$I:$I,MATCH($C526,'CPU - PROJETO'!$B:$B,0))=0,INDEX('CPU - PROJETO'!$J:$J,MATCH($C526,'CPU - PROJETO'!$B:$B,0)),INDEX('CPU - PROJETO'!$I:$I,MATCH($C526,'CPU - PROJETO'!$B:$B,0))),2)","v":1.53},{"$f":"$I$5","v":0.22720000000000001},{"$f":"TRUNC(H526*(1+I526),2)","v":1.87},{"$f":"TRUNC(G526*J526,2)","v":538.55999999999995},{"$f":"K526/$K$550","v":7.7512985737441251E-4},null,null,"SERVIÇOS"]
["1.8.2","1.8.2",72840,"SINAPI",{"$f":"INDEX('CPU - PROJETO'!$C:$C,MATCH($C527,'CPU - PROJETO'!$B:$B,0))","v":"TRANSPORTE COMERCIAL COM CAMINHAO CARROCERIA 9 T, RODOVIA PAVIMENTADA"},{"$f":"INDEX('CPU - PROJETO'!$D:$D,MATCH($C527,'CPU - PROJETO'!$B:$B,0))","v":"TXKM"},{"$f":"INDEX(MEMÓRIA!L:L,MATCH($A527,MEMÓRIA!A:A,0))","v":11250},{"$f":"TRUNC(IF(INDEX('CPU - PROJETO'!$I:$I,MATCH($C527,'CPU - PROJETO'!$B:$B,0))=0,INDEX('CPU - PROJETO'!$J:$J,MATCH($C527,'CPU - PROJETO'!$B:$B,0)),INDEX('CPU - PROJETO'!$I:$I,MATCH($C527,'CPU - PROJETO'!$B:$B,0))),2)","v":1.03},{"$f":"$I$5","v":0.22720000000000001},{"$f":"TRUNC(H527*(1+I527),2)","v":1.26},{"$f":"TRUNC(G527*J527,2)","v":14175},{"$f":"K527/$K$550","v":2.0401562923875332E-2},null,null,"SERVIÇOS"]
[2,2,null,null,"SUBESTAÇÃO BOM NOME",{"$nulls":5},{"$f":"SUBTOTAL(109,K529:K549)","v":1331.1900000000003},{"$f":"SUBTOTAL(109,L529:L549)","v":1.9159334425843813E-3},null,null," "]
["2.1","2.1",null,null," CAIXA DE PASSAGEM (FIBRA OPTICA ENTRE CABANA / SIT) - PÁTIO",{"$nulls":5},{"$f":"SUBTOTAL(109,K530:K549)","v":1331.1900000000003},{"$f":"SUBTOTAL(109,L530:L549)","v":1.9159334425843813E-3},null,null," "]
["2.1.1","2.1.1",6171,"SINAPI",{"$f":"INDEX('CPU - PROJETO'!$C:$C,MATCH($C530,'CPU - PROJETO'!$B:$B,0))","v":"TAMPA DE CONCRETO ARMADO 60X60X5CM PARA CAIXA"},{"$f":"INDEX('CPU - PROJETO'!$D:$D,MATCH($C530,'CPU - PROJETO'!$B:$B,0))","v":"UN"},{"$f":"INDEX(MEMÓRIA!L:L,MATCH($A530,MEMÓRIA!A:A,0))","v":7},{"$nulls":7}," "]
["2.1.1 43059",null,43059,"SINAPI",{"$f":"INDEX('CPU - PROJETO'!$C:$C,MATCH($C531,'CPU - PROJETO'!$B:$B,0))","v":"ACO CA-60, 4,2 MM, OU 5,0 MM, OU 6,0 MM, OU 7,0 MM, VERGALHAO"},{"$f":"INDEX('CPU - PROJETO'!$D:$D,MATCH($C531,'CPU - PROJETO'!$B:$B,0))","v":"KG"},{"$f":"INDEX('CPU - PROJETO'!T:T,MATCH(A531,'CPU - PROJETO'!W:W,0))","v":10.08},{"$f":"TRUNC(IF(INDEX('CPU - PROJETO'!$H:$H,MATCH($C531,'CPU - PROJETO'!$B:$B,0))=0,INDEX('CPU - PROJETO'!$I:$I,MATCH($C531,'CPU - PROJETO'!$B:$B,0)),INDEX('CPU - PROJETO'!$H:$H,MATCH($C531,'CPU - PROJETO'!$B:$B,0))),2)","v":10.77},{"$f":"$I$6","v":0.13519999999999999},{"$f":"TRUNC(H531*(1+I531),2)","v":12.22},{"$f":"TRUNC(G531*J531,2)","v":123.17},{"$f":"K531/$K$550","v":1.7727410972371956E-4},null,null,"MATERIAL"]
["2.1.1 345",null,345,"SINAPI",{"$f":"INDEX('CPU - PROJETO'!$C:$C,MATCH($C532,'CPU - PROJETO'!$B:$B,0))","v":"ARAME GALVANIZADO 18 BWG, 1,24MM (0,009 KG/M)"},{"$f":"INDEX('CPU - PROJETO'!$D:$D,MATCH($C532,'CPU - PROJETO'!$B:$B,0))","v":"KG"},{"$f":"INDEX('CPU - PROJETO'!T:T,MATCH(A532,'CPU - PROJETO'!W:W,0))","v":0.20300000000000001},{"$f":"TRUNC(IF(INDEX('CPU - PROJETO'!$H:$H,MATCH($C532,'CPU - PROJETO'!$B:$B,0))=0,INDEX('CPU - PROJETO'!$I:$I,MATCH($C532,'CPU - PROJETO'!$B:$B,0)),INDEX('CPU - PROJETO'!$H:$H,MATCH($C532,'CPU - PROJETO'!$B:$B,0))),2)","v":38.51},0.13519999999999999,43.71,8.8699999999999992,1.2766269004216872E-5,null,null,"MATERIAL"]
["2.1.1 367",null,367,"SINAPI",{"$f":"INDEX('CPU - PROJETO'!$C:$C,MATCH($C533,'CPU - PROJETO'!$B:$B,0))","v":"AREIA GROSSA - POSTO JAZIDA/FORNECEDOR (RETIRADO NA JAZIDA, SEM TRANSPORTE)"},{"$f":"INDEX('CPU - PROJETO'!$D:$D,MATCH($C533,'CPU - PROJETO'!$B:$B,0))","v":"M3"},{"$f":"INDEX('CPU - PROJETO'!T:T,MATCH(A533,'CPU - PROJETO'!W:W,0))","v":0.112},{"$f":"TRUNC(IF(INDEX('CPU - PROJETO'!$H:$H,MATCH($C533,'CPU - PROJETO'!$B:$B,0))=0,INDEX('CPU - PROJETO'!$I:$I,MATCH($C533,'CPU - PROJETO'!$B:$B,0)),INDEX('CPU - PROJETO'!$H:$H,MATCH($C533,'CPU - PROJETO'!$B:$B,0))),2)","v":130.68},0.13519999999999999,148.34,16.61,2.3906170029317053E-5,null,null,"MATERIAL"]
["2.1.1 1379",null,1379,"SINAPI",{"$f":"INDEX('CPU - PROJETO'!$C:$C,MATCH($C534,'CPU - PROJETO'!$B:$B,0))","v":"CIMENTO PORTLAND COMPOSTO CP II-32"},{"$f":"INDEX('CPU - PROJETO'!$D:$D,MATCH($C534,'CPU - PROJETO'!$B:$B,0))","v":"KG"},{"$f":"INDEX('CPU - PROJETO'!T:T,MATCH(A534,'CPU - PROJETO'!W:W,0))","v":38.78},{"$f":"TRUNC(IF(INDEX('CPU - PROJETO'!$H:$H,MATCH($C534,'CPU - PROJETO'!$B:$B,0))=0,INDEX('CPU - PROJETO'!$I:$I,MATCH($C534,'CPU - PROJETO'!$B:$B,0)),INDEX('CPU - PROJETO'!$H:$H,MATCH($C534,'CPU - PROJETO'!$B:$B,0))),2)","v":0.7},0.13519999999999999,0.79,30.63,4.4084647079950718E-5,null,null,"MATERIAL"]
["2.1.1 4512",null,4512,"SINAPI",{"$f":"INDEX('CPU - PROJETO'!$C:$C,MATCH($C535,'CPU - PROJETO'!$B:$B,0))","v":"SARRAFO DE MADEIRA NAO APARELHADA 2,5 X 5 CM (1 X 2 \") PINUS, MISTA OU EQUIVALENTE DA REGIAO"},{"$f":"INDEX('CPU - PROJETO'!$D:$D,MATCH($C535,'CPU - PROJETO'!$B:$B,0))","v":"M"},{"$f":"INDEX('CPU - PROJETO'!T:T,MATCH(A535,'CPU - PROJETO'!W:W,0))","v":17.5},{"$f":"TRUNC(IF(INDEX('CPU - PROJETO'!$H:$H,MATCH($C535,'CPU - PROJETO'!$B:$B,0))=0,INDEX('CPU - PROJETO'!$I:$I,MATCH($C535,'CPU - PROJETO'!$B:$B,0)),INDEX('CPU - PROJETO'!$H:$H,MATCH($C535,'CPU - PROJETO'!$B:$B,0))),2)","v":2.4300000000000002},0.13519999999999999,{"$f":"TRUNC(H535*(1+I535),2)","v":2.75},{"$f":"TRUNC(G535*J535,2)","v":48.12},6.9257369163801122E-5,null,null,"MATERIAL"]
["2.1.1 4718",null,4718,"SINAPI",{"$f":"INDEX('CPU - PROJETO'!$C:$C,MATCH($C536,'CPU - PROJETO'!$B:$B,0))","v":"PEDRA BRITADA N. 2 (19 A 38 MM) POSTO PEDREIRA/FORNECEDOR, SEM FRETE"},{"$f":"INDEX('CPU - PROJETO'!$D:$D,MATCH($C536,'CPU - PROJETO'!$B:$B,0))","v":"M3"},{"$f":"INDEX('CPU - PROJETO'!T:T,MATCH(A536,'CPU - PROJETO'!W:W,0))","v":0.105},{"$f":"TRUNC(IF(INDEX('CPU - PROJETO'!$H:$H,MATCH($C536,'CPU - PROJETO'!$B:$B,0))=0,INDEX('CPU - PROJETO'!$I:$I,MATCH($C536,'CPU - PROJETO'!$B:$B,0)),INDEX('CPU - PROJETO'!$H:$H,MATCH($C536,'CPU - PROJETO'!$B:$B,0))),2)","v":89.47},0.13519999999999999,101.56,10.66,1.5342551024233583E-5,null,null,"MATERIAL"]
["2.1.1 5068",null,5068,"SINAPI",{"$f":"INDEX('CPU - PROJETO'!$C:$C,MATCH($C537,'CPU - PROJETO'!$B:$B,0))","v":"PREGO DE ACO POLIDO COM CABECA 17 X 21 (2 X 11)"},{"$f":"INDEX('CPU - PROJETO'!$D:$D,MATCH($C537,'CPU - PROJETO'!$B:$B,0))","v":"KG"},{"$f":"INDEX('CPU - PROJETO'!T:T,MATCH(A537,'CPU - PROJETO'!W:W,0))","v":0.56000000000000005},{"$f":"TRUNC(IF(INDEX('CPU - PROJETO'!$H:$H,MATCH($C537,'CPU - PROJETO'!$B:$B,0))=0,INDEX('CPU - PROJETO'!$I:$I,MATCH($C537,'CPU - PROJETO'!$B:$B,0)),INDEX('CPU - PROJETO'!$H:$H,MATCH($C537,'CPU - PROJETO'!$B:$B,0))),2)","v":22.38},0.13519999999999999,25.4,14.22,2.0466329790300334E-5,null,null,"MATERIAL"]
["2.1.1 88245",null,88245,"SINAPI",{"$f":"INDEX('CPU - PROJETO'!$C:$C,MATCH($C538,'CPU - PROJETO'!$B:$B,0))","v":"ARMADOR COM ENCARGOS COMPLEMENTARES"},{"$f":"INDEX('CPU - PROJETO'!$D:$D,MATCH($C538,'CPU - PROJETO'!$B:$B,0))","v":"H"},{"$f":"INDEX('CPU - PROJETO'!T:T,MATCH(A538,'CPU - PROJETO'!W:W,0))","v":0.70000000000000007},{"$f":"TRUNC(IF(INDEX('CPU - PROJETO'!$H:$H,MATCH($C538,'CPU - PROJETO'!$B:$B,0))=0,INDEX('CPU - PROJETO'!$I:$I,MATCH($C538,'CPU - PROJETO'!$B:$B,0)),INDEX('CPU - PROJETO'!$H:$H,MATCH($C538,'CPU - PROJETO'!$B:$B,0))),2)","v":25.18},0.22720000000000001,{"$f":"TRUNC(H538*(1+I538),2)","v":30.9},{"$f":"TRUNC(G538*J538,2)","v":21.63},3.1131273794950508E-5,null,null,"SERVIÇOS"]
["2.1.1 88262",null,88262,"SINAPI",{"$f":"INDEX('CPU - PROJETO'!$C:$C,MATCH($C539,'CPU - PROJETO'!$B:$B,0))","v":"CARPINTEIRO DE FORMAS COM ENCARGOS COMPLEMENTARES"},{"$f":"INDEX('CPU - PROJETO'!$D:$D,MATCH($C539,'CPU - PROJETO'!$B:$B,0))","v":"H"},{"$f":"INDEX('CPU - PROJETO'!T:T,MATCH(A539,'CPU - PROJETO'!W:W,0))","v":0.70000000000000007},{"$f":"TRUNC(IF(INDEX('CPU - PROJETO'!$H:$H,MATCH($C539,'CPU - PROJETO'!$B:$B,0))=0,INDEX('CPU - PROJETO'!$I:$I,MATCH($C539,'CPU - PROJETO'!$B:$B,0)),INDEX('CPU - PROJETO'!$H:$H,MATCH($C539,'CPU - PROJETO'!$B:$B,0))),2)","v":25},0.22720000000000001,30.68,21.47,3.0900991603217166E-5,null,null,"SERVIÇOS"]
["2.1.1 88316",null,88316,"SINAPI",{"$f":"INDEX('CPU - PROJETO'!$C:$C,MATCH($C540,'CPU - PROJETO'!$B:$B,0))","v":"SERVENTE COM ENCARGOS COMPLEMENTARES"},{"$f":"INDEX('CPU - PROJETO'!$D:$D,MATCH($C540,'CPU - PROJETO'!$B:$B,0))","v":"H"},{"$f":"INDEX('CPU - PROJETO'!T:T,MATCH(A540,'CPU - PROJETO'!W:W,0))","v":1.4000000000000001},{"$f":"TRUNC(IF(INDEX('CPU - PROJETO'!$H:$H,MATCH($C540,'CPU - PROJETO'!$B:$B,0))=0,INDEX('CPU - PROJETO'!$I:$I,MATCH($C540,'CPU - PROJETO'!$B:$B,0)),INDEX('CPU - PROJETO'!$H:$H,MATCH($C540,'CPU - PROJETO'!$B:$B,0))),2)","v":20.420000000000002},0.22720000000000001,25.05,35.07,5.0474977900550824E-5,null,null,"SERVIÇOS"]
["2.1.1 88830",null,88830,"SINAPI",{"$f":"INDEX('CPU - PROJETO'!$C:$C,MATCH($C541,'CPU - PROJETO'!$B:$B,0))","v":"BETONEIRA CAPACIDADE NOMINAL DE 400 L, CAPACIDADE DE MISTURA 280 L, MOTOR ELÉTRICO TRIFÁSICO POTÊNCIA DE 2 CV, SEM CARREGADOR - CHP DIURNO. AF_10/2014"},{"$f":"INDEX('CPU - PROJETO'!$D:$D,MATCH($C541,'CPU - PROJETO'!$B:$B,0))","v":"CHP"},{"$f":"INDEX('CPU - PROJETO'!T:T,MATCH(A541,'CPU - PROJETO'!W:W,0))","v":9.8000000000000004E-2},{"$f":"TRUNC(IF(INDEX('CPU - PROJETO'!$H:$H,MATCH($C541,'CPU - PROJETO'!$B:$B,0))=0,INDEX('CPU - PROJETO'!$I:$I,MATCH($C541,'CPU - PROJETO'!$B:$B,0)),INDEX('CPU - PROJETO'!$H:$H,MATCH($C541,'CPU - PROJETO'!$B:$B,0))),2)","v":1.88},0.22720000000000001,2.2999999999999998,0.22,3.166380136333385E-7,null,null,"SERVIÇOS"]
["2.1.2","2.1.2",96995,"SINAPI",{"$f":"INDEX('CPU - PROJETO'!$C:$C,MATCH($C542,'CPU - PROJETO'!$B:$B,0))","v":"REATERRO MANUAL APILOADO COM SOQUETE. AF_10/2017"},{"$f":"INDEX('CPU - PROJETO'!$D:$D,MATCH($C542,'CPU - PROJETO'!$B:$B,0))","v":"M3"},{"$f":"INDEX(MEMÓRIA!L:L,MATCH($A542,MEMÓRIA!A:A,0))","v":6.3},{"$nulls":7}," "]
["2.1.2",null,4915671,"SICRO","REATERRO E COMPACTAÇÃO COM SOQUETE VIBRATÓRIO","M3",{"$f":"INDEX(MEMÓRIA!L:L,MATCH($A543,MEMÓRIA!A:A,0))","v":6.3},{"$f":"'SICRO - PASSAGEM MOLHADA'!I120","v":15.03},{"$f":"$I$5","v":0.22720000000000001},{"$f":"TRUNC(H543*(1+I543),2)","v":18.440000000000001},{"$f":"TRUNC(G543*J543,2)","v":116.17},{"$f":"K543/$K$550","v":1.6719926383538606E-4},null,null,"SERVIÇOS"]
["2.1.3","2.1.3",88628,"SINAPI",{"$f":"INDEX('CPU - PROJETO'!$C:$C,MATCH($C544,'CPU - PROJETO'!$B:$B,0))","v":"ARGAMASSA TRAÇO 1:3 (EM VOLUME DE CIMENTO E AREIA MÉDIA ÚMIDA), PREPARO MECÂNICO COM BETONEIRA 400 L. AF_08/2019"},{"$f":"INDEX('CPU - PROJETO'!$D:$D,MATCH($C544,'CPU - PROJETO'!$B:$B,0))","v":"M3"},{"$f":"INDEX(MEMÓRIA!L:L,MATCH($A544,MEMÓRIA!A:A,0))","v":1.34},{"$nulls":7}," "]
["2.1.3 370",null,370,"SINAPI",{"$f":"INDEX('CPU - PROJETO'!$C:$C,MATCH($C545,'CPU - PROJETO'!$B:$B,0))","v":"AREIA MEDIA - POSTO JAZIDA/FORNECEDOR (RETIRADO NA JAZIDA, SEM TRANSPORTE)"},{"$f":"INDEX('CPU - PROJETO'!$D:$D,MATCH($C545,'CPU - PROJETO'!$B:$B,0))","v":"M3"},{"$f":"INDEX('CPU - PROJETO'!T:T,MATCH(A545,'CPU - PROJETO'!W:W,0))","v":1.4338000000000002},{"$f":"TRUNC(IF(INDEX('CPU - PROJETO'!$H:$H,MATCH($C545,'CPU - PROJETO'!$B:$B,0))=0,INDEX('CPU - PROJETO'!$I:$I,MATCH($C545,'CPU - PROJETO'!$B:$B,0)),INDEX('CPU - PROJETO'!$H:$H,MATCH($C545,'CPU - PROJETO'!$B:$B,0))),2)","v":129},{"$f":"$I$6","v":0.13519999999999999},{"$f":"TRUNC(H545*(1+I545),2)","v":146.44},{"$f":"TRUNC(G545*J545,2)","v":209.96},3.0218780610207158E-4,null,null,"MATERIAL"]
["2.1.3 1379",null,1379,"SINAPI",{"$f":"INDEX('CPU - PROJETO'!$C:$C,MATCH($C546,'CPU - PROJETO'!$B:$B,0))","v":"CIMENTO PORTLAND COMPOSTO CP II-32"},{"$f":"INDEX('CPU - PROJETO'!$D:$D,MATCH($C546,'CPU - PROJETO'!$B:$B,0))","v":"KG"},{"$f":"INDEX('CPU - PROJETO'!T:T,MATCH(A546,'CPU - PROJETO'!W:W,0))","v":648.15800000000002},{"$f":"TRUNC(IF(INDEX('CPU - PROJETO'!$H:$H,MATCH($C546,'CPU - PROJETO'!$B:$B,0))=0,INDEX('CPU - PROJETO'!$I:$I,MATCH($C546,'CPU - PROJETO'!$B:$B,0)),INDEX('CPU - PROJETO'!$H:$H,MATCH($C546,'CPU - PROJETO'!$B:$B,0))),2)","v":0.7},{"$f":"$I$6","v":0.13519999999999999},0.79,512.04,7.3696058409461192E-4,null,null,"MATERIAL"]
["2.1.3 88377",null,88377,"SINAPI",{"$f":"INDEX('CPU - PROJETO'!$C:$C,MATCH($C547,'CPU - PROJETO'!$B:$B,0))","v":"OPERADOR DE BETONEIRA ESTACIONÁRIA/MISTURADOR COM ENCARGOS COMPLEMENTARES"},{"$f":"INDEX('CPU - PROJETO'!$D:$D,MATCH($C547,'CPU - PROJETO'!$B:$B,0))","v":"H"},{"$f":"INDEX('CPU - PROJETO'!T:T,MATCH(A547,'CPU - PROJETO'!W:W,0))","v":4.5827999999999998},{"$f":"TRUNC(IF(INDEX('CPU - PROJETO'!$H:$H,MATCH($C547,'CPU - PROJETO'!$B:$B,0))=0,INDEX('CPU - PROJETO'!$I:$I,MATCH($C547,'CPU - PROJETO'!$B:$B,0)),INDEX('CPU - PROJETO'!$H:$H,MATCH($C547,'CPU - PROJETO'!$B:$B,0))),2)","v":28.14},0.22720000000000001,34.53,158.24,2.2774908762427038E-4,null,null,"SERVIÇOS"]
["2.1.3 88830",null,88830,"SINAPI",{"$f":"INDEX('CPU - PROJETO'!$C:$C,MATCH($C548,'CPU - PROJETO'!$B:$B,0))","v":"BETONEIRA CAPACIDADE NOMINAL DE 400 L, CAPACIDADE DE MISTURA 280 L, MOTOR ELÉTRICO TRIFÁSICO POTÊNCIA DE 2 CV, SEM CARREGADOR - CHP DIURNO. AF_10/2014"},{"$f":"INDEX('CPU - PROJETO'!$D:$D,MATCH($C548,'CPU - PROJETO'!$B:$B,0))","v":"CHP"},{"$f":"INDEX('CPU - PROJETO'!T:T,MATCH(A548,'CPU - PROJETO'!W:W,0))","v":1.0720000000000001},{"$f":"TRUNC(IF(INDEX('CPU - PROJETO'!$H:$H,MATCH($C548,'CPU - PROJETO'!$B:$B,0))=0,INDEX('CPU - PROJETO'!$I:$I,MATCH($C548,'CPU - PROJETO'!$B:$B,0)),INDEX('CPU - PROJETO'!$H:$H,MATCH($C548,'CPU - PROJETO'!$B:$B,0))),2)","v":1.88},0.22720000000000001,2.2999999999999998,2.46,3.5405886979000576E-6,null,null,"SERVIÇOS"]
["2.1.3 88831",null,88831,"SINAPI",{"$f":"INDEX('CPU - PROJETO'!$C:$C,MATCH($C549,'CPU - PROJETO'!$B:$B,0))","v":"BETONEIRA CAPACIDADE NOMINAL DE 400 L, CAPACIDADE DE MISTURA 280 L, MOTOR ELÉTRICO TRIFÁSICO POTÊNCIA DE 2 CV, SEM CARREGADOR - CHI DIURNO. AF_10/2014"},{"$f":"INDEX('CPU - PROJETO'!$D:$D,MATCH($C549,'CPU - PROJETO'!$B:$B,0))","v":"CHI"},{"$f":"INDEX('CPU - PROJETO'!T:T,MATCH(A549,'CPU - PROJETO'!W:W,0))","v":3.5108000000000001},{"$f":"TRUNC(IF(INDEX('CPU - PROJETO'!$H:$H,MATCH($C549,'CPU - PROJETO'!$B:$B,0))=0,INDEX('CPU - PROJETO'!$I:$I,MATCH($C549,'CPU - PROJETO'!$B:$B,0)),INDEX('CPU - PROJETO'!$H:$H,MATCH($C549,'CPU - PROJETO'!$B:$B,0))),2)","v":0.39},0.22720000000000001,0.47,1.65,2.3747851022500387E-6,null,null,"SERVIÇOS"]
[3,{"$nulls":8},"TOTAL GERAL",{"$f":"SUBTOTAL(109,K8:K549)","v":694799.70985024027},{"$f":"SUBTOTAL(109,L8:L549)","v":0.99999999999999956}]
[]
[]
[{"$nulls":9},"DESCRIÇÃO","VALOR (R$)","PERCENTUAL %"]
[{"$nulls":9},"SUBESTAÇAO FLORESTA (SE-S0)",{"$f":"SUM(K555:K556)","v":693468.51985024009},{"$f":"SUM(L555:L556)","v":0.99808406655741555}]
[{"$nulls":9},"MATERIAL",{"$f":"SUMIFS(K8:K527,O8:O527,\"MATERIAL\")","v":159323.70000000001},{"$f":"K555/$K$562","v":0.22930881769415429}]
[{"$nulls":9},"SERVIÇOS",{"$f":"SUMIFS(K8:K527,O8:O527,\"SERVIÇOS\")","v":534144.81985024014},{"$f":"K556/$K$562","v":0.76877524886326132}]
[{"$nulls":9},"SUBESTAÇÃO BOM NOME (SE-BNO)",{"$f":"SUM(K558:K559)","v":1331.19},{"$f":"SUM(L558:L559)","v":1.9159334425843813E-3}]
[{"$nulls":9},"MATERIAL",{"$f":"SUMIFS(K528:K549,O528:O549,\"MATERIAL\")","v":974.28},{"$f":"K558/$K$562","v":1.4022458360122231E-3}]
[{"$nulls":9},"SERVIÇOS",{"$f":"SUMIFS(K528:K549,O528:O549,\"SERVIÇOS\")","v":356.90999999999997},{"$f":"K559/$K$562","v":5.1368760657215836E-4}]
[{"$nulls":9},"TOTAL INSUMOS",{"$f":"SUM(K555,K558)","v":160297.98000000001},{"$f":"SUM(L555,L558)","v":0.23071106353016652}]
[{"$nulls":9},"TOTAL SERVIÇOS",{"$f":"SUM(K556,K559)","v":534501.72985024017},{"$f":"SUM(L556,L559)","v":0.76928893646983343}]
[{"$nulls":9},"T O T A L   G E R A L    ",{"$f":"SUM(K560:K561)","v":694799.70985024015},{"$f":"SUM(L560:L561)","v":1}]
[]
[]
[{"$nulls":10},692211.51500224019]

{"sheet":"RESUMO ELÉTRICA","index":3,"n_rows":84,"n_cols":4,"rows_kept":84,"cut":false,"hidden":false,"merged":[[2,0,2,3]]}
[]
[]
["QUADRO RESUMO"]
[]
[]
[]
["SERVIÇO","DESCRIÇÃO","VALOR             (R$)","PERCENTUAL          %"]
[1,"SUBESTAÇÃO FLORESTA (SE-S0)",{"$f":"SUM(C9:C12)","v":6082847.9138453295},{"$f":"C8/$C$24","v":0.8268828321546362}]
["1.2","Sobressalente",{"$f":"SOBRESSALENTES!BX85","v":3723950.0947225057},{"$f":"C9/$C$24","v":0.50622182976461783}]
["1.3","Materiais a serem devolvidos à CHESF",{"$f":"'MAT. A SEREM DEVOLVIDOS'!I56","v":1064596.2248447682},0.14471779567217358]
["1.1","Material para execução dos serviços",{"$f":"'SERVIÇOS ELETR.'!N188","v":233304.59380227994},{"$f":"C11/$C$24","v":3.1714678060389453E-2}]
["1.4","Serviços",{"$f":"'SERVIÇOS ELETR.'!H188","v":1060997.0004757757},{"$f":"C12/$C$24","v":0.14422852865745531}]
[2,"SUBESTAÇÃO BOM NOME",{"$f":"SUM(C14:C17)","v":474126.19490909448},{"$f":"C13/$C$24","v":6.4451193979843724E-2}]
["2.1","Sobressalente",{"$f":"SOBRESSALENTES!BX84","v":194039.40111600002},{"$f":"C14/$C$24","v":2.6377093725981217E-2}]
["2.2","Materiais a serem devolvidos à CHESF",{"$f":"'MAT. A SEREM DEVOLVIDOS'!I55","v":10583.216692575999},1.4386485271388918E-3]
["2.3","Material para execução dos serviços",{"$f":"'SERVIÇOS ELETR.'!N187","v":189620.47616680959},{"$f":"C16/$C$24","v":2.5776399243919852E-2}]
["2.4","Serviços",{"$f":"'SERVIÇOS ELETR.'!H187","v":79883.100933708803},{"$f":"C17/$C$24","v":1.085905248280376E-2}]
[3,"SUBESTAÇÃO PAULO AFONSO",{"$f":"SUM(C19:C20)","v":43522.013394263035},{"$f":"C18/$C$24","v":5.916242885936355E-3}]
["3.1","Material para execução dos serviços",{"$f":"'SERVIÇOS ELETR.'!N189","v":0},{"$f":"C19/$C$24","v":0}]
["3.2","Serviços",{"$f":"'SERVIÇOS ELETR.'!H189","v":43522.013394263035},5.916242885936355E-3]
[4,"LINHA DE TRANSMISSÃO",{"$f":"C22","v":755864.02623539499},{"$f":"C21/$C$24","v":0.10274973097958372}]
["4.1","Sobressalente",{"$f":"SOBRESSALENTES!BX86","v":755864.02623539499},0.10274973097958372]
[]
[null,"T O T A L   G E R A L    E L É T R I C A",{"$f":"C21+C18+C13+C8","v":7356360.1483840821},{"$f":"D8+D13+D18+D21","v":1}]
{"$rows_empty":59}
[null,"Grupo Motor Gerador com 155/170kVA cabinado  (Fornecido com Databook, contendo: ensaios de rotinas, tipo, manual de instrução, desenhos elétricos, e mecânicos)"]

{"sheet":"RESUMO ELÉTRICA (2)","index":4,"n_rows":372,"n_cols":16,"rows_kept":372,"cut":false,"hidden":false,"merged":[]}
[]
[]
["QUADRO SERVIÇOS E FORNECIMENTO - ELÉTRICA"]
[]
[]
[]
["ITEM","ITEM\nORÇAMENTO","DESCRIÇÃO","VALOR             (R$)","PERCENTUAL          %","UND","QUANTIDADE","PREÇO UNIT.     SEM BDI               (R$)","BDI ADOTADO","PREÇO UNIT. COM BDI               (R$)","PREÇO TOTAL COM BDI               (R$)","%"]
[1,null,"SUBESTAÇÃO FLORESTA II - (SE-S0)",{"$f":"SUM(D10:D191)","v":8079275.5012202235},{"$f":"D8/$D$312","v":0.81087441869640553},{"$nulls":5},{"$f":"K10+K32+K64+K191","v":6082847.9138453295},{"$f":"K9/$K$312","v":0.79272957527786103},null,{"$f":"D8-K8","v":1996427.5873748939}]
["1.2",null,"ELÉTRICA",{"$f":"SUM(D10:D191)","v":8079275.5012202235},{"$f":"D8/$D$312","v":0.81087441869640553},{"$nulls":5},{"$f":"K10+K32+K64+K191","v":6082847.9138453295},{"$f":"K9/$K$312","v":0.79272957527786103},null,{"$f":"D9-K9","v":1996427.5873748939}]
["1.2.1",null,"Sobressalente",5688573.3512120536,{"$f":"D10/$D$312","v":0.57093220904266384},{"$nulls":5},{"$f":"SUM(K11:K31)","v":3723950.0947225061},{"$f":"K10/$K$312","v":0.48531303408490678},null,{"$f":"D10-K10","v":1964623.2564895474}]
["1.2.1.1","1.4","Transformador de  corrente, 242 kV, NBI 950 kV, IT 40,0 kA, ID 100,0 kA, 3 núcleos de proteção, relação150/300x300/600x600/1200:5/5/5A, exat. 10B800, 1 núcleo de medição (controle), relação 150/300x300/600x600/1200:5A, exatidão 0,6 C 50,  fator térmico para todos enrolamentos 1,0.  (Fornecido com Data book, contendo: ensaios de rotinas, tipo, manual de instrução, desenhos elétricos, e mecânicos)",null,null,"unid.",{"$f":"INDEX(SOBRESSALENTES!J:J,MATCH('RESUMO ELÉTRICA (2)'!B11,SOBRESSALENTES!A:A,0))","v":5},{"$f":"INDEX(SOBRESSALENTES!$BV:$BV,MATCH(B11,SOBRESSALENTES!$A:$A,0))","v":89000},{"$f":"BDI!$U$26","v":0.13519999999999999},{"$f":"H11*(1+I11)","v":101032.8},{"$f":"J11*G11","v":505164},{"$f":"K11/$K$312","v":6.5834038403980388E-2},988311.3012499999,{"$f":"K11-M11","v":-483147.3012499999}]
["1.2.1.2","1.5","Transformador de potencial capacitivo monofásico, 242 KV, de relação 242000/R3 – 115/115/R3 - 115/115/R3 - 115/115/R3V, classe de exatidão 0,3OWXY medição e  0,6OWXYZ proteção, 950 KV DE NBI.  (Fornecido com Data book, contendo: ensaios de rotinas, tipo, manual de instrução, desenhos elétricos, e mecânicos)",null,null,"unid.",{"$f":"INDEX(SOBRESSALENTES!J:J,MATCH('RESUMO ELÉTRICA (2)'!B12,SOBRESSALENTES!A:A,0))","v":5},{"$f":"INDEX(SOBRESSALENTES!$BV:$BV,MATCH(B12,SOBRESSALENTES!$A:$A,0))","v":57000},{"$f":"BDI!$U$26","v":0.13519999999999999},64706.400000000001,{"$f":"J12*G12","v":323532},{"$f":"K12/$K$312","v":4.2163372910414401E-2},774610.36887499993,{"$f":"K12-M12","v":-451078.36887499993}]
["1.2.1.3","1.6","Para-raios, tipo  estação  192 kV, ZnO, In 10 kA  (Fornecido com Data book, contendo: ensaios de rotinas, tipo, manual de instrução, desenhos elétricos, e mecânicos)",null,null,"unid.",{"$f":"INDEX(SOBRESSALENTES!J:J,MATCH('RESUMO ELÉTRICA (2)'!B13,SOBRESSALENTES!A:A,0))","v":4},{"$f":"INDEX(SOBRESSALENTES!$BV:$BV,MATCH(B13,SOBRESSALENTES!$A:$A,0))","v":24929.705000000002},{"$f":"BDI!$U$26","v":0.13519999999999999},28300.201116,113200.804464,1.4752567697706982E-2,143610.48645066668,-30409.681986666677]
["1.2.1.4","1.7","Disjuntor tripolar a gás SF6, uso externo, 1250 A, 60  hz, 50 kA e com acionamento monopolar (incluso sobressalentes)  (Fornecido com Data book, contendo: ensaios de rotinas, tipo, manual de instrução, desenhos elétricos, e mecânicos)",null,null,"unid.",{"$f":"INDEX(SOBRESSALENTES!J:J,MATCH('RESUMO ELÉTRICA (2)'!B14,SOBRESSALENTES!A:A,0))","v":2},{"$f":"INDEX(SOBRESSALENTES!$BV:$BV,MATCH(B14,SOBRESSALENTES!$A:$A,0))","v":545881.73},{"$f":"BDI!$U$26","v":0.13519999999999999},619684.93989599997,1239369.8797919999,0.16151729787348876,2060976.4382013332,-821606.55840933323]
["1.2.1.5","1.8","Chave Seccionadora Tripolar com lâmina de terra,  SAV 245 kV, 1250 A, 50 kA  (incluso sobressalentes)  (Fornecido com Data book, contendo: ensaios de rotinas, tipo, manual de instrução, desenhos elétricos, e mecânicos)",null,null,"unid.",{"$f":"INDEX(SOBRESSALENTES!J:J,MATCH('RESUMO ELÉTRICA (2)'!B15,SOBRESSALENTES!A:A,0))","v":2},{"$f":"INDEX(SOBRESSALENTES!$BV:$BV,MATCH(B15,SOBRESSALENTES!$A:$A,0))","v":145433},{"$f":"BDI!$U$26","v":0.13519999999999999},165095.5416,330191.08319999999,4.3031198684072264E-2,358913.72500199999,-28722.641801999998]
["1.2.1.6","1.9","Chave Seccionadora Tripolar sem lâmina de terra,  SAV 245 kV, 1250 A, 50 kA (incluso sobressalentes)  (Fornecido com Data book, contendo: ensaios de rotinas, tipo, manual de instrução, desenhos elétricos, e mecânicos)",null,null,"unid.",{"$f":"INDEX(SOBRESSALENTES!J:J,MATCH('RESUMO ELÉTRICA (2)'!B16,SOBRESSALENTES!A:A,0))","v":2},{"$f":"INDEX(SOBRESSALENTES!$BV:$BV,MATCH(B16,SOBRESSALENTES!$A:$A,0))","v":108934},{"$f":"BDI!$U$26","v":0.13519999999999999},123661.8768,247323.7536,3.2231753435951457E-2,285696.52549199999,-38372.77189199999]
["1.2.1.7","1.10","Chave Seccionadora Tripolar sem lâmina de terra,  SAV-R 245 kV, 1250 A, 50 kA (incluso sobressalentes)  (Fornecido com Data book, contendo: ensaios de rotinas, tipo, manual de instrução, desenhos elétricos, e mecânicos)",null,null,"unid.",{"$f":"INDEX(SOBRESSALENTES!J:J,MATCH('RESUMO ELÉTRICA (2)'!B17,SOBRESSALENTES!A:A,0))","v":2},{"$f":"INDEX(SOBRESSALENTES!$BV:$BV,MATCH(B17,SOBRESSALENTES!$A:$A,0))","v":122489},{"$f":"BDI!$U$26","v":0.13519999999999999},139049.5128,278099.02559999999,3.6242451820517545E-2,355432.55866533332,-77333.533065333322]
["1.2.1.8","11.42","Retificador 48Vcc + sobressalentes  (Fornecido com Data book, contendo: ensaios de rotinas, tipo, manual de instrução, desenhos elétricos, e mecânicos)",null,null,null,{"$f":"INDEX(SOBRESSALENTES!J:J,MATCH('RESUMO ELÉTRICA (2)'!B18,SOBRESSALENTES!A:A,0))","v":1},{"$f":"INDEX(SOBRESSALENTES!$BV:$BV,MATCH(B18,SOBRESSALENTES!$A:$A,0))","v":33221.040000000001},{"$f":"BDI!$U$26","v":0.13519999999999999},37712.524608,37712.524608,4.9147757824273448E-3,68843.784176953326,-31131.259568953326]
["1.2.1.9","11.43","Retificador 125Vcc + sobressalentes  (Fornecido com Data book, contendo: ensaios de rotinas, tipo, manual de instrução, desenhos elétricos, e mecânicos)",null,null,null,{"$f":"INDEX(SOBRESSALENTES!J:J,MATCH('RESUMO ELÉTRICA (2)'!B19,SOBRESSALENTES!A:A,0))","v":1},{"$f":"INDEX(SOBRESSALENTES!$BV:$BV,MATCH(B19,SOBRESSALENTES!$A:$A,0))","v":65000},{"$f":"BDI!$U$26","v":0.13519999999999999},73788,73788,9.6162078567611792E-3,85987.139044286654,-12199.139044286654]
["1.2.1.10","11.46","01 Módulo USCA da USCAMAQ microprocessado, compreendendo conjunto de cartões ou de módulos de controle e supervisão,  PLC, um regulador de tensão e um regulador de velocidade  (Fornecido com Data book, contendo: ensaios de rotinas, tipo, manual de instrução, desenhos elétricos, e mecânicos)",null,null,"unid.",{"$f":"INDEX(SOBRESSALENTES!J:J,MATCH('RESUMO ELÉTRICA (2)'!B20,SOBRESSALENTES!A:A,0))","v":1},{"$f":"INDEX(SOBRESSALENTES!$BV:$BV,MATCH(B20,SOBRESSALENTES!$A:$A,0))","v":26108.31},{"$f":"BDI!$U$26","v":0.13519999999999999},29638.153512000001,29638.153512000001,3.8625067038270226E-3,29076.824847,561.32866500000091]
["1.2.1.11","13.1","Cabo elétrico nu CAA,  alumínio, bitola 636 MCM, Grosbeak",null,null,"m",{"$f":"INDEX(SOBRESSALENTES!J:J,MATCH('RESUMO ELÉTRICA (2)'!B21,SOBRESSALENTES!A:A,0))","v":132},{"$f":"INDEX(SOBRESSALENTES!$BV:$BV,MATCH(B21,SOBRESSALENTES!$A:$A,0))","v":61.972490000000001},{"$f":"BDI!$U$26","v":0.13519999999999999},70.351170647999993,9286.3545255359986,1.210217316489524E-3,9110.4765989160005,175.87792661999811]
["1.2.1.12","14.1","Conector derivação \"T\", anticorona, 230 kV, cabo/cabo, saída 90º, liga de alumínio, para cabo CAA 636 MCM Grosbeak",null,null,"unid.",{"$f":"INDEX(SOBRESSALENTES!J:J,MATCH('RESUMO ELÉTRICA (2)'!B22,SOBRESSALENTES!A:A,0))","v":3},{"$f":"INDEX(SOBRESSALENTES!$BV:$BV,MATCH(B22,SOBRESSALENTES!$A:$A,0))","v":228.12633749999998},{"$f":"BDI!$U$26","v":0.13519999999999999},258.96901832999998,776.90705499000001,1.0124816672315319E-4,787.04010311062495,-10.133048120624949]
["1.2.1.13","14.2","Conector terminal anticorona, 230 kV, liga de alumínio, para 2 cabos de alumínio CAA 636MCM GROSBEAK, espaçados de 200mm, a barra chata 4 furos NEMA",null,null,"unid.",{"$f":"INDEX(SOBRESSALENTES!J:J,MATCH('RESUMO ELÉTRICA (2)'!B23,SOBRESSALENTES!A:A,0))","v":3},{"$f":"INDEX(SOBRESSALENTES!$BV:$BV,MATCH(B23,SOBRESSALENTES!$A:$A,0))","v":263.4131625},{"$f":"BDI!$U$26","v":0.13519999999999999},299.02662206999997,897.07986620999986,1.1690934105262195E-4,910.30468361437488,-13.224817404375017]
["1.2.1.14","14.3","Conector paralelo, anticorona, 230 kV, liga de alumínio, tipo universal, para conexão de 2 cabos de alumínio CAA 636MCM GROSBEAK, 2 de entrada e 1 de saída, fornecido com parafusos sextavada",null,null,"unid.",{"$f":"INDEX(SOBRESSALENTES!J:J,MATCH('RESUMO ELÉTRICA (2)'!B24,SOBRESSALENTES!A:A,0))","v":3},{"$f":"INDEX(SOBRESSALENTES!$BV:$BV,MATCH(B24,SOBRESSALENTES!$A:$A,0))","v":112.76685833333333},{"$f":"BDI!$U$26","v":0.13519999999999999},128.01293758,384.03881274000003,5.0048748419412693E-5,376.76535037749994,7.2734623625000836]
["1.2.1.15","14.4","Conector, terminal; liga cobre; para cabo de cobre (1/0 AWG-4/0 AWG) e barra de cobre com um furo Ø 11mm; fixação por parafuso cabeça sextavada; porca e arruela",null,null,"unid.",{"$f":"INDEX(SOBRESSALENTES!J:J,MATCH('RESUMO ELÉTRICA (2)'!B25,SOBRESSALENTES!A:A,0))","v":3},{"$f":"INDEX(SOBRESSALENTES!$BV:$BV,MATCH(B25,SOBRESSALENTES!$A:$A,0))","v":90},{"$f":"BDI!$U$26","v":0.13519999999999999},102.16799999999999,306.50399999999996,3.994424802039259E-5,359.25323087849989,-52.74923087849993]
["1.2.1.16","15.1","Conjunto de Ferragens para fixação de cabo para-raios, conforme desenho 1635-DEP-2812-60-63-002",null,null,"unid.",{"$f":"INDEX(SOBRESSALENTES!J:J,MATCH('RESUMO ELÉTRICA (2)'!B26,SOBRESSALENTES!A:A,0))","v":3},{"$f":"INDEX(SOBRESSALENTES!$BV:$BV,MATCH(B26,SOBRESSALENTES!$A:$A,0))","v":675.26516249999997},{"$f":"BDI!$U$26","v":0.13519999999999999},766.56101246999992,2299.68303741,2.9969954589367451E-4,2256.1284344287496,43.554602981250355]
["1.2.1.17","15.2","Cadeia de isoladores - Conjunto de ferragens e grampos, conforme desenho 1630-DEP-1812-60-63-001",null,null,"unid.",{"$f":"INDEX(SOBRESSALENTES!J:J,MATCH('RESUMO ELÉTRICA (2)'!B27,SOBRESSALENTES!A:A,0))","v":3},{"$f":"INDEX(SOBRESSALENTES!$BV:$BV,MATCH(B27,SOBRESSALENTES!$A:$A,0))","v":1151.1106333333335},{"$f":"BDI!$U$26","v":0.13519999999999999},1306.7407909600001,3920.2223728800004,5.1089165151975413E-4,3845.9757370299999,74.24663585000053]
["1.2.1.18","15.3","Espaçador rígido, anti-corona, 230 kV, liga de alumínio, para dois cabos de alumínio de CAA 636MCM GROSBEAK, espaçados de 200mm, fornecido com parafusos sextavada",null,null,"unid.",{"$f":"INDEX(SOBRESSALENTES!J:J,MATCH('RESUMO ELÉTRICA (2)'!B28,SOBRESSALENTES!A:A,0))","v":3},{"$f":"INDEX(SOBRESSALENTES!$BV:$BV,MATCH(B28,SOBRESSALENTES!$A:$A,0))","v":112.39666666666665},{"$f":"BDI!$U$26","v":0.13519999999999999},127.59269599999998,382.77808799999991,4.9884448111096947E-5,375.52850299999989,7.2495850000000246]
["1.2.1.19","16.3","Ferramenta especial para retirada, tratamento e armazenagem de gás SF6 – Unidade tratamento Gás SF6",null,null,"unid.",{"$f":"INDEX(SOBRESSALENTES!J:J,MATCH('RESUMO ELÉTRICA (2)'!B29,SOBRESSALENTES!A:A,0))","v":1},{"$f":"INDEX(SOBRESSALENTES!$BV:$BV,MATCH(B29,SOBRESSALENTES!$A:$A,0))","v":300457.72333333333},{"$f":"BDI!$U$26","v":0.13519999999999999},341079.60752799996,341079.60752799996,4.4450214149885793E-2,334619.76647633332,6459.8410516666481]
["1.2.1.20","17.1","Isolador de pedestal, 242 kV, NBI 950 kV, com  círculo de furação de  127 mm  (Fornecido com Data book, contendo: ensaios de rotinas, tipo, manual de instrução, desenhos elétricos, e mecânicos)",null,null,"unid.",{"$f":"INDEX(SOBRESSALENTES!J:J,MATCH('RESUMO ELÉTRICA (2)'!B30,SOBRESSALENTES!A:A,0))","v":3},{"$f":"INDEX(SOBRESSALENTES!$BV:$BV,MATCH(B30,SOBRESSALENTES!$A:$A,0))","v":5909.1485249999987},{"$f":"BDI!$U$26","v":0.13519999999999999},6708.0654055799987,20124.196216739998,2.6226277141326339E-3,21152.368813292498,-1028.1725965525002]
["1.2.1.21","19.1","Grupo Motor Gerador com 155/170kVA cabinado  (Fornecido com Data book, contendo: ensaios de rotinas, tipo, manual de instrução, desenhos elétricos, e mecânicos)",null,null,"conj.",{"$f":"INDEX(SOBRESSALENTES!J:J,MATCH('RESUMO ELÉTRICA (2)'!B31,SOBRESSALENTES!A:A,0))","v":1},{"$f":"INDEX(SOBRESSALENTES!$BV:$BV,MATCH(B31,SOBRESSALENTES!$A:$A,0))","v":146646.845},{"$f":"BDI!$U$26","v":0.13519999999999999},166473.498444,166473.498444,2.1695177585511368E-2,163320.5912765,3152.9071675000014]
["1.2.2",null,"Materiais a serem devolvidos à CHESF",1070729.4691968432,{"$f":"D32/$D$312","v":0.10746348924293664},{"$nulls":5},{"$f":"SUM(K33:K63)","v":1064596.2248447679},{"$f":"K32/$K$312","v":0.13874042637868689},null,{"$f":"D32-K32","v":6133.2443520752713}]
["1.2.2.1",null,"SISTEMA VOIP DE FABRICAÇÃO SIEMENS COMPOSTO DE:"]
["1.2.2.1.1","1.1"," OpenScape Branch 250",null,null,"unid.",{"$f":"INDEX('MAT. A SEREM DEVOLVIDOS'!F:F,MATCH(B34,'MAT. A SEREM DEVOLVIDOS'!A:A,0))","v":1},{"$f":"INDEX('MAT. A SEREM DEVOLVIDOS'!G:G,MATCH(B34,'MAT. A SEREM DEVOLVIDOS'!A:A,0))","v":26728.006924800004},{"$f":"BDI!$U$26","v":0.13519999999999999},{"$f":"H34*(1+I34)","v":30341.633461032965},{"$f":"J34*G34","v":30341.633461032965},{"$f":"K34/$K$312","v":3.9541856951666003E-3},30507.025366510559,{"$f":"K34-M34","v":-165.39190547759426}]
["1.2.2.1.2","1.2"," Access Points internos AP3610",null,null,"unid.",{"$f":"INDEX('MAT. A SEREM DEVOLVIDOS'!F:F,MATCH(B35,'MAT. A SEREM DEVOLVIDOS'!A:A,0))","v":4},{"$f":"INDEX('MAT. A SEREM DEVOLVIDOS'!G:G,MATCH(B35,'MAT. A SEREM DEVOLVIDOS'!A:A,0))","v":4477.9101856000007},{"$f":"BDI!$U$26","v":0.13519999999999999},{"$f":"H35*(1+I35)","v":5083.3236426931207},{"$f":"J35*G35","v":20333.294570772483},2.6498778528392395E-3,20444.131132621278,{"$f":"K35-M35","v":-110.8365618487951}]
["1.2.2.1.3","1.3"," Access Points externos AP3865e",null,null,"unid.",{"$f":"INDEX('MAT. A SEREM DEVOLVIDOS'!F:F,MATCH(B36,'MAT. A SEREM DEVOLVIDOS'!A:A,0))","v":6},{"$f":"INDEX('MAT. A SEREM DEVOLVIDOS'!G:G,MATCH(B36,'MAT. A SEREM DEVOLVIDOS'!A:A,0))","v":17218.758946666669},{"$f":"BDI!$U$26","v":0.13519999999999999},19546.735156256003,117280.41093753601,1.5284230621533496E-2,117919.705149071,-639.29421153498697]
["1.2.2.1.4","1.4","Aparelhos Telefônicos Openstage 15 SIP",null,null,"unid.",{"$f":"INDEX('MAT. A SEREM DEVOLVIDOS'!F:F,MATCH(B37,'MAT. A SEREM DEVOLVIDOS'!A:A,0))","v":15},{"$f":"INDEX('MAT. A SEREM DEVOLVIDOS'!G:G,MATCH(B37,'MAT. A SEREM DEVOLVIDOS'!A:A,0))","v":12552.099242666665},{"$f":"BDI!$U$26","v":0.13519999999999999},14249.143060275199,213737.14590412797,2.7854675851425516E-2,214902.22470180795,-1165.0787976799766]
["1.2.2.1.5","1.5"," Aparelhos Telefônicos Analógicos DA100",null,null,"unid.",{"$f":"INDEX('MAT. A SEREM DEVOLVIDOS'!F:F,MATCH(B38,'MAT. A SEREM DEVOLVIDOS'!A:A,0))","v":4},{"$f":"INDEX('MAT. A SEREM DEVOLVIDOS'!G:G,MATCH(B38,'MAT. A SEREM DEVOLVIDOS'!A:A,0))","v":906.00368426666671},{"$f":"BDI!$U$26","v":0.13519999999999999},1028.4953823795199,4113.9815295180797,5.3614275365536585E-4,4136.4067969362131,-22.425267418133444]
["1.2.2.1.6","1.6"," Aparelhos Telefônicos Sem Fio WIFI WL3",null,null,"unid.",{"$f":"INDEX('MAT. A SEREM DEVOLVIDOS'!F:F,MATCH(B39,'MAT. A SEREM DEVOLVIDOS'!A:A,0))","v":2},{"$f":"INDEX('MAT. A SEREM DEVOLVIDOS'!G:G,MATCH(B39,'MAT. A SEREM DEVOLVIDOS'!A:A,0))","v":4476.9087472000001},{"$f":"BDI!$U$26","v":0.13519999999999999},5082.18680982144,10164.37361964288,1.3246426175023843E-3,10219.779506840679,-55.40588719779953]
["1.2.2.1.7","1.7","Aparelhos Telefônicos Sem Fio SENAO SN356 com baterias adicionais cada",null,null,"unid.",{"$f":"INDEX('MAT. A SEREM DEVOLVIDOS'!F:F,MATCH(B40,'MAT. A SEREM DEVOLVIDOS'!A:A,0))","v":2},{"$f":"INDEX('MAT. A SEREM DEVOLVIDOS'!G:G,MATCH(B40,'MAT. A SEREM DEVOLVIDOS'!A:A,0))","v":5294.7109029333333},{"$f":"BDI!$U$26","v":0.13519999999999999},6010.5558170099202,12021.11163401984,1.5666166333558953E-3,12086.63857941857,-65.526945398729367]
["1.2.2.2",null,"PDH- MULTIPLEX FLEXÍVEL PDH FOX505 ABB, EQUIPADO POR:\n- 4 (und) Interfaces Elétricas E1;\n- 12 (und)  Interfaces Telefônicas FXO e FXS;\n- 8 (und)  Interfaces de Áudio 2/4 fios E/M;\n- 8 (und)  Interfaces V.24; 8 (und) Interfaces nx64kCod; \n- 4 (und)  Interfaces Ethernet 10/100 Mbps Base T com comutação automática",null,null,"unid.",1,{"$f":"'MAT. A SEREM DEVOLVIDOS'!G14","v":129296.66944586668},{"$f":"BDI!$U$26","v":0.13519999999999999},146777.57915494786,146777.57915494786,1.9128363824283019E-2,147577.66210133908,-800.08294639122323]
["1.2.2.3","3.1","ROTEADOR:\nSwitch Carrier Ethernet:\n- Modelo: ASR 903\n- Tipo: Chassi com 10 slots para montagem em rack de 19” e altura de 3 U\n- Fabricante: Cisco Networks\n- Módulos:\n- Controle e processamento (switch fabric): 02 CISCO ASR 900 Route Switch Processor 2 - 64G, Base Scale (A900-RSP2A-64)\n- Fontes de alimentação DC: 02 CISCO ASR 900 550W Enhanced DC Power Supply (A900-PWR550-D-E)\n- Sistema de ventilação:\n               - 01 CISCO ASR 903 FAN Tray With Filter Slot (A903-FAN-E)\n               - 01 CISCO ASR 903 FAN Tray Filter Blank Panel (A903-FAN-F-B)\n- Interfaces:  02 CISCO ASR 900 8 port SFP Gigabit Ethernet Interface Module (A900-IMA8S)\n- Módulos SFP:\n               - 02 CISCO 1000BASE-SX SFP transceiver module, MMF, 850nm, DOM (GLC-SX-MMD)\n               - 04 CISCO 1000BASE-T SFP transceiver module for Category 5 copper wire (GLC-TE)\n               - 02 CISCO 1000BASE-LX/LH SFP transceiver module, MMF/SMF, 1310nm, DOM (GLC-LH-SMD)\n- Software e Licenças:\n               - 01 CISCO Cisco ASR 900 RSP2 IOS XE UNIVERSAL - NO PAYLOAD ENCRYPTION (SASR900R2NPEK9315S)\n               - 01 CISCO ASR 903 Metro Aggregation Services (SLASR903-A)\n- Acessórios:\n               - 01 CISCO ASR 903 EIA /JIS 19in Rack Mount Kit (A903-RCKMNT-19IN)\n               - 01 CISCO ASR 903 Cable Guide (A903-CABLE-GUIDE)\n               - 04 CISCO ASR 900 Interface Module Type-A Blank Cover (A900-IMA-BLANK)",null,null,"unid.",{"$f":"INDEX('MAT. A SEREM DEVOLVIDOS'!F:F,MATCH(B42,'MAT. A SEREM DEVOLVIDOS'!A:A,0))","v":1},{"$f":"INDEX('MAT. A SEREM DEVOLVIDOS'!G:G,MATCH(B42,'MAT. A SEREM DEVOLVIDOS'!A:A,0))","v":205695.63703946667},{"$f":"BDI!$U$26","v":0.13519999999999999},233505.68716720256,233505.68716720256,3.043095386154485E-2,234778.52406275197,-1272.8368955494079]
["1.2.2.4","4.1","SWITCHES:\nSwitch de Sala de Telecom (-48 Vcc)\n- Quantidade: 03 unidades\n- Fabricante: Belden\n- Modelo: RSPE32\n- Software: Versão do software que faça a marcação de pacotes na Camada 3 (L3)\n- Fontes de Alimentação: 2 x -48 Vcc\n- Módulos de Interfaces:\n               - SFP: 04 SFP 1000Base-LX (LC – FO Monomodo) e 04 SFP 100Base-FX (LC – FO Multimodo)\n               - Mídia Módulos:\n                             RSPM20-4T14T1: 01 unidade (Módulo com 8 portas TP 10/100 MB)\n                              RSPM22-4T14Z6: 01 unidade (Módulo com 4 portas TP 10/100 MB PoE e 4 portas FO 100MB Slot-SFP)\n- Acessório: Trilho DIN\n- Resumo: Switch Modular Giga Ethernet para montagem em trilho DIN. Equipado com 20 portas 10/100 Base TX, sendo 12 portas PoE, 04 portas Combo Gigabit UTP/tipo SFP Óptica 1000Base-LX (conector LC) e 04 portas tipo SFP Ópticas 100BaseFX (FO multimodo e conector LC)\n- Código: RSP32-24 04 407 T99-T PP V9 99 HH SE 2S XX.X",null,null,"cj",{"$f":"INDEX('MAT. A SEREM DEVOLVIDOS'!F:F,MATCH(B43,'MAT. A SEREM DEVOLVIDOS'!A:A,0))","v":1},{"$f":"INDEX('MAT. A SEREM DEVOLVIDOS'!G:G,MATCH(B43,'MAT. A SEREM DEVOLVIDOS'!A:A,0))","v":94055.58},{"$f":"BDI!$U$26","v":0.13519999999999999},106771.894416,106771.894416,1.391473857489584E-2,104749.699446,2022.1949699999968]
["1.2.2.5","4.2","SWITCHES:\nSwitch de Cabana de Relé (125/250 Vcc)\n- Quantidade: 01 unidade\n- Fabricante: Belden\n- Modelo: MACH1032\n- Software: Versão do software HiOS mais atual.\n- Fontes de Alimentação: 125/250 Vcc (Switch) e 125/250 Vcc (PoE)\n- Módulos de Interfaces: 04 SFP 1000Base-LX (LC – FO Monomodo) e 02 SFP 100Base-FX (LC – FO Multimodo)\n- Resumo: Switch Ruggedized Fast Ethernet PoE com uplink Gigabit para montagem em rack de 19”. Equipado com 24 portas 10/100 Base TX, sendo 04 portas PoE, 04 portas tipo SFP Óptica 1000Base-LX (conector LC) e 02 portas tipo SFP Ópticas 100BaseFX (FO multimodo e conector LC)\n- Código: AR1032- 4O TT TT TT TT TT TT TT TT TT TT TT TT ZZ U GG HP",null,null,"und",{"$f":"INDEX('MAT. A SEREM DEVOLVIDOS'!F:F,MATCH(B44,'MAT. A SEREM DEVOLVIDOS'!A:A,0))","v":1},{"$f":"INDEX('MAT. A SEREM DEVOLVIDOS'!G:G,MATCH(B44,'MAT. A SEREM DEVOLVIDOS'!A:A,0))","v":110266.3793472},{"$f":"BDI!$U$26","v":0.13519999999999999},125174.39383494144,125174.39383494144,1.6312991129463897E-2,125856.71805917785,-682.32422423640674]
["1.2.2.6","5.2","Bastidor de 24U",null,null,"unid.",{"$f":"INDEX('MAT. A SEREM DEVOLVIDOS'!F:F,MATCH(B45,'MAT. A SEREM DEVOLVIDOS'!A:A,0))","v":1},{"$f":"INDEX('MAT. A SEREM DEVOLVIDOS'!G:G,MATCH(B45,'MAT. A SEREM DEVOLVIDOS'!A:A,0))","v":3046.524934933333},{"$f":"BDI!$U$26","v":0.13519999999999999},3458.4151061363195,3458.4151061363195,4.5070795407884241E-4,3477.2668882946859,-18.851782158366404]
["1.2.2.7","5.3","Conj. de Esteiramento (40 metros) com acessórios (tirantes, hastes, perfilado \"U\", junção reta \"U\", junção 90, meia-junção, kit de descida e terminal) - SE Floresta II",null,null,"conj.",{"$f":"INDEX('MAT. A SEREM DEVOLVIDOS'!F:F,MATCH(B46,'MAT. A SEREM DEVOLVIDOS'!A:A,0))","v":1},{"$f":"INDEX('MAT. A SEREM DEVOLVIDOS'!G:G,MATCH(B46,'MAT. A SEREM DEVOLVIDOS'!A:A,0))","v":5173.6262191999995},{"$f":"BDI!$U$26","v":0.13519999999999999},5873.1004840358391,5873.1004840358391,7.6539484764641028E-4,5905.1146892487386,-32.014205212899469]
["1.2.2.8","5.4"," DG BR7000 Cook - SE Floresta II",null,null,"conj.",{"$f":"INDEX('MAT. A SEREM DEVOLVIDOS'!F:F,MATCH(B47,'MAT. A SEREM DEVOLVIDOS'!A:A,0))","v":1},{"$f":"INDEX('MAT. A SEREM DEVOLVIDOS'!G:G,MATCH(B47,'MAT. A SEREM DEVOLVIDOS'!A:A,0))","v":7393.8168816000007},{"$f":"BDI!$U$26","v":0.13519999999999999},8393.4609239923211,8393.4609239923211,1.0938535382814672E-3,8439.2135858440197,-45.752661851698576]
["1.2.2.9","5.5"," Régua Cook 8x30 - SE Floresta II",null,null,"unid.",{"$f":"INDEX('MAT. A SEREM DEVOLVIDOS'!F:F,MATCH(B48,'MAT. A SEREM DEVOLVIDOS'!A:A,0))","v":10},{"$f":"INDEX('MAT. A SEREM DEVOLVIDOS'!G:G,MATCH(B48,'MAT. A SEREM DEVOLVIDOS'!A:A,0))","v":225.77564213333335},{"$f":"BDI!$U$26","v":0.13519999999999999},256.30050894976,2563.0050894976002,3.3401623134582468E-4,2576.9760016452665,-13.97091214766624]
["1.2.2.10","5.6"," Régua Cook C303 100P - SE Floresta II",null,null,"unid.",{"$f":"INDEX('MAT. A SEREM DEVOLVIDOS'!F:F,MATCH(B49,'MAT. A SEREM DEVOLVIDOS'!A:A,0))","v":1},{"$f":"INDEX('MAT. A SEREM DEVOLVIDOS'!G:G,MATCH(B49,'MAT. A SEREM DEVOLVIDOS'!A:A,0))","v":1788.3458639999999},{"$f":"BDI!$U$26","v":0.13519999999999999},2030.1302248128,2030.1302248128,2.6457085458466399E-4,2041.1964420182996,-11.066217205499697]
["1.2.2.11","5.7"," Barra de Aterramento - SE Floresta II",null,null,"unid.",{"$f":"INDEX('MAT. A SEREM DEVOLVIDOS'!F:F,MATCH(B50,'MAT. A SEREM DEVOLVIDOS'!A:A,0))","v":1},{"$f":"INDEX('MAT. A SEREM DEVOLVIDOS'!G:G,MATCH(B50,'MAT. A SEREM DEVOLVIDOS'!A:A,0))","v":182.24045706666666},{"$f":"BDI!$U$26","v":0.13519999999999999},206.87936686207999,206.87936686207999,2.6960955616372745E-5,208.00706398271333,-1.1276971206333428]
["1.2.2.12","5.8"," Cabo CI 50mm X 20P - SE Floresta II",null,null,"m",{"$f":"INDEX('MAT. A SEREM DEVOLVIDOS'!F:F,MATCH(B51,'MAT. A SEREM DEVOLVIDOS'!A:A,0))","v":100},{"$f":"INDEX('MAT. A SEREM DEVOLVIDOS'!G:G,MATCH(B51,'MAT. A SEREM DEVOLVIDOS'!A:A,0))","v":10.52},{"$f":"BDI!$U$26","v":0.13519999999999999},11.942304,1194.2303999999999,1.5563462562019631E-4,1720.5986459713329,-526.36824597133295]
["1.2.2.13","5.9","Cabo CI 50mm X 10P - SE Floresta II",null,null,"m",{"$f":"INDEX('MAT. A SEREM DEVOLVIDOS'!F:F,MATCH(B52,'MAT. A SEREM DEVOLVIDOS'!A:A,0))","v":100},{"$f":"INDEX('MAT. A SEREM DEVOLVIDOS'!G:G,MATCH(B52,'MAT. A SEREM DEVOLVIDOS'!A:A,0))","v":5.54},{"$f":"BDI!$U$26","v":0.13519999999999999},6.2890079999999999,628.9008,8.1959679271472206E-5,1275.3632293406665,-646.46242934066652]
["1.2.2.14","5.10","Conector IEC mc 0,40/2,5 (p/3 DID) - SE Floresta II",null,null,"unid.",{"$f":"INDEX('MAT. A SEREM DEVOLVIDOS'!F:F,MATCH(B53,'MAT. A SEREM DEVOLVIDOS'!A:A,0))","v":300},{"$f":"INDEX('MAT. A SEREM DEVOLVIDOS'!G:G,MATCH(B53,'MAT. A SEREM DEVOLVIDOS'!A:A,0))","v":18.879160533333334},{"$f":"BDI!$U$26","v":0.13519999999999999},21.431623037440001,6429.4869112320002,8.3790430084474884E-4,6464.5339726519987,-35.047061419998499]
["1.2.2.15","5.11"," Balluns  G.703/ETH Utilizado em FTD",null,null,"unid.",{"$f":"INDEX('MAT. A SEREM DEVOLVIDOS'!F:F,MATCH(B54,'MAT. A SEREM DEVOLVIDOS'!A:A,0))","v":2},{"$f":"INDEX('MAT. A SEREM DEVOLVIDOS'!G:G,MATCH(B54,'MAT. A SEREM DEVOLVIDOS'!A:A,0))","v":1257.4405317333333},{"$f":"BDI!$U$26","v":0.13519999999999999},1427.44649162368,2854.89298324736,3.7205567755889342E-4,2870.4549730472927,-15.561989799932689]
["1.2.2.16","5.12","Patch-panel Cat.6 Furukawa, com 24 portas (tomadas). Utilizado em FTD",null,null,"unid.",{"$f":"INDEX('MAT. A SEREM DEVOLVIDOS'!F:F,MATCH(B55,'MAT. A SEREM DEVOLVIDOS'!A:A,0))","v":3},{"$f":"INDEX('MAT. A SEREM DEVOLVIDOS'!G:G,MATCH(B55,'MAT. A SEREM DEVOLVIDOS'!A:A,0))","v":1082.3499999999999},{"$f":"BDI!$U$26","v":0.13519999999999999},{"$f":"H55*(1+I55)","v":1228.68372},{"$f":"J55*G55","v":3686.05116},4.8037396494302135E-4,5226.1273886459394,{"$f":"K55-M55","v":-1540.0762286459394}]
["1.2.2.17","5.13","Patch-panel descarregado com 12 posições para Keystone. Utilizado em FTD",null,null,"unid.",{"$f":"INDEX('MAT. A SEREM DEVOLVIDOS'!F:F,MATCH(B56,'MAT. A SEREM DEVOLVIDOS'!A:A,0))","v":1},{"$f":"INDEX('MAT. A SEREM DEVOLVIDOS'!G:G,MATCH(B56,'MAT. A SEREM DEVOLVIDOS'!A:A,0))","v":772.23469066666667},{"$f":"BDI!$U$26","v":0.13519999999999999},{"$f":"H56*(1+I56)","v":876.64082084480003},{"$f":"J56*G56","v":876.64082084480003},1.1424568153311292E-4,881.41938017863311,{"$f":"K56-M56","v":-4.7785593338330727}]
["1.2.2.18","5.14"," Organizadores de cabos de 19\", Utilizado em FTD",null,null,"unid.",{"$f":"INDEX('MAT. A SEREM DEVOLVIDOS'!F:F,MATCH(B57,'MAT. A SEREM DEVOLVIDOS'!A:A,0))","v":5},{"$f":"INDEX('MAT. A SEREM DEVOLVIDOS'!G:G,MATCH(B57,'MAT. A SEREM DEVOLVIDOS'!A:A,0))","v":60.9},{"$f":"BDI!$U$26","v":0.13519999999999999},69.133679999999998,345.66840000000002,4.5048235267442761E-5,357.50442971786663,-11.836029717866609]
["1.2.2.19","5.19"," Patch-cords - Cordões de manobra -  UTP, com conectores RJ-45/RJ-54, EIA/TIA 568A, Cat.6 na cor vermelha. Utilizado em BNO e FTD",null,null,"unid.",4,{"$f":"INDEX('MAT. A SEREM DEVOLVIDOS'!G:G,MATCH(B58,'MAT. A SEREM DEVOLVIDOS'!A:A,0))","v":33.409999999999997},{"$f":"BDI!$U$26","v":0.13519999999999999},37.927031999999997,151.70812799999999,1.9770923353500985E-5,518.63411360226655,-366.92598560226656,null,"2X (UND)"]
["1.2.2.20","5.20"," Patch-cords - Cordões de manobra -  UTP, com conectores RJ-45/RJ-54, EIA/TIA 568A, Cat.6 na cor branca. Utilizado em BNO e FTD",null,null,"unid.",4,{"$f":"INDEX('MAT. A SEREM DEVOLVIDOS'!G:G,MATCH(B59,'MAT. A SEREM DEVOLVIDOS'!A:A,0))","v":33.409999999999997},{"$f":"BDI!$U$26","v":0.13519999999999999},37.927031999999997,151.70812799999999,1.9770923353500985E-5,529.74196733079987,-378.03383933079988,null,"2X (UND)"]
["1.2.2.21","5.23","Cartucho cassete com  200 etiquetas cada na cor branca e preta, com rótulos de  25.4 X 38 X 12.7 mm  cada, para Rotuladora Panduit LS8. Utilizado em FTD",null,null,"unid.",{"$f":"INDEX('MAT. A SEREM DEVOLVIDOS'!F:F,MATCH(B60,'MAT. A SEREM DEVOLVIDOS'!A:A,0))","v":2},{"$f":"INDEX('MAT. A SEREM DEVOLVIDOS'!G:G,MATCH(B60,'MAT. A SEREM DEVOLVIDOS'!A:A,0))","v":263.21196933333334},{"$f":"BDI!$U$26","v":0.13519999999999999},298.79822758720002,597.59645517440003,7.7880030999901003E-5,600.85394678423324,-3.2574916098332096]
["1.2.2.22","5.24","Aparelhos telefônicos analógicos  Siemens Mod.  EUROSET 3005. Utilizado em FTD",null,null,"unid.",{"$f":"INDEX('MAT. A SEREM DEVOLVIDOS'!F:F,MATCH(B61,'MAT. A SEREM DEVOLVIDOS'!A:A,0))","v":10},{"$f":"INDEX('MAT. A SEREM DEVOLVIDOS'!G:G,MATCH(B61,'MAT. A SEREM DEVOLVIDOS'!A:A,0))","v":401.0870333333333},{"$f":"BDI!$U$26","v":0.13519999999999999},455.31400023999993,4553.1400023999995,5.9337481249000499E-4,4577.9591177541661,-24.81911535416657]
["1.2.2.23","5.25","Kyestone RJ-45 Cat.6 EIA/TIA 568A blindado. Utilizado em BNO e FTD",null,null,"unid.",3,{"$f":"INDEX('MAT. A SEREM DEVOLVIDOS'!G:G,MATCH(B62,'MAT. A SEREM DEVOLVIDOS'!A:A,0))","v":104.49378400000001},{"$f":"BDI!$U$26","v":0.13519999999999999},118.6213435968,355.86403079040002,4.637695138539257E-5,715.60768330379994,-359.74365251339992,null,"2X (UND)"]
["1.2.2.24","5.26","Conectores plug RJ-45 macho, Cat.6  EIA/TIA 568A  blindado Utilizado em FTD",null,null,"unid.",{"$f":"INDEX('MAT. A SEREM DEVOLVIDOS'!F:F,MATCH(B63,'MAT. A SEREM DEVOLVIDOS'!A:A,0))","v":6},{"$f":"INDEX('MAT. A SEREM DEVOLVIDOS'!G:G,MATCH(B63,'MAT. A SEREM DEVOLVIDOS'!A:A,0))","v":3.5},{"$f":"BDI!$U$26","v":0.13519999999999999},3.9731999999999998,23.839199999999998,3.1067748460305348E-6,46.372657123799996,-22.533457123799998]
["1.2.3",null,"Material para execução dos serviços",258975.68033555165,{"$f":"D64/$D$312","v":2.5992027901125602E-2},{"$nulls":5},{"$f":"SUM(K65:K190)","v":233304.59380227997},{"$f":"K64/$K$312","v":3.0404746949910015E-2},null,{"$f":"D64-K64","v":25671.086533271678}]
["1.2.3.1",1,"Fornecimento e aplicação do Relé de supervisão de tensão dos motores das chaves seccionadoras, que estão alarmando intermitentemente “falta de tensão / defeito motor” no SAGE."]
["1.2.3.1.1","1.1","Fornecimento de relé, cabos, e miscelânia"]
["1.2.3.1.1.1","1.1.1","Relé de sobrecorrente RTT Falta de fase, assimetria modular, sequência de fase, mínima e máxima tensão, retardo ajustável no ligamento e no desligamento.\nContatos Auxiliares: 2NAF\nTensão de Emprego nos Contatos Auxiliares: 250VCA\nMáxima Corrente de Operação dos Contatos Auxiliares: 3A\nVida Mecânica Útil de Operações dos Contatos: 10.000.000",null,null,"unid.",{"$f":"INDEX('SERVIÇOS ELETR.'!E:E,MATCH(B67,'SERVIÇOS ELETR.'!A:A,0))","v":1},{"$f":"INDEX('SERVIÇOS ELETR.'!F:F,MATCH(B67,'SERVIÇOS ELETR.'!A:A,0))","v":265.92333333333335},{"$f":"BDI!$U$26","v":0.13519999999999999},{"$f":"H67*(1+I67)","v":301.87616800000001},{"$f":"J67*G67","v":301.87616800000001},{"$f":"K67/$K$312","v":3.9341139189171109E-5},296.15881633333333,{"$f":"K67-M67","v":5.7173516666666728}]
["1.2.3.2",2,"Retirada da corrosão nos paineis central e dos polos B dos disjuntores 14D1, 14P2 e 14S2"]
["1.2.3.2.1.1","2.1.1","Tinta de fundo N2288 oxibar",null,null,"gl",{"$f":"INDEX('SERVIÇOS ELETR.'!E:E,MATCH(B69,'SERVIÇOS ELETR.'!A:A,0))","v":1},{"$f":"INDEX('SERVIÇOS ELETR.'!F:F,MATCH(B69,'SERVIÇOS ELETR.'!A:A,0))","v":752.20666666666659},{"$f":"BDI!$U$26","v":0.13519999999999999},{"$f":"H69*(1+I69)","v":853.90500799999995},{"$f":"J69*G69","v":853.90500799999995},1.1128270242935596E-4,837.73256466666646,{"$f":"K69-M69","v":16.17244333333349}]
["1.2.3.2.1.2","2.1.2","Tinta esmalte sintético Cinza Alumínio para paineis elétricos",null,null,"gl",{"$f":"INDEX('SERVIÇOS ELETR.'!E:E,MATCH(B70,'SERVIÇOS ELETR.'!A:A,0))","v":1},{"$f":"INDEX('SERVIÇOS ELETR.'!F:F,MATCH(B70,'SERVIÇOS ELETR.'!A:A,0))","v":151.40666666666667},{"$f":"BDI!$U$26","v":0.13519999999999999},171.876848,171.876848,2.2399353501015708E-5,168.62160466666666,3.2552433333333397]
["1.2.3.2.1.3","2.1.3","Lixa para ferro Nr.100",null,null,"un",{"$f":"INDEX('SERVIÇOS ELETR.'!E:E,MATCH(B71,'SERVIÇOS ELETR.'!A:A,0))","v":5},{"$f":"INDEX('SERVIÇOS ELETR.'!F:F,MATCH(B71,'SERVIÇOS ELETR.'!A:A,0))","v":2.96},{"$f":"BDI!$U$26","v":0.13519999999999999},3.3601920000000001,16.80096,2.1895365581548531E-6,27.471266666666665,-10.670306666666665]
["1.2.3.2.1.4","2.1.4","Rolo lã 5cm",null,null,"un",{"$f":"INDEX('SERVIÇOS ELETR.'!E:E,MATCH(B72,'SERVIÇOS ELETR.'!A:A,0))","v":2},{"$f":"INDEX('SERVIÇOS ELETR.'!F:F,MATCH(B72,'SERVIÇOS ELETR.'!A:A,0))","v":10.916666666666666},{"$f":"BDI!$U$26","v":0.13519999999999999},12.3926,24.7852,3.2300595621428579E-6,24.315783333333329,0.46941666666667103]
["1.2.3.2.1.5","2.1.5","Diluente para tinta",null,null,"lt",{"$f":"INDEX('SERVIÇOS ELETR.'!E:E,MATCH(B73,'SERVIÇOS ELETR.'!A:A,0))","v":5},{"$f":"INDEX('SERVIÇOS ELETR.'!F:F,MATCH(B73,'SERVIÇOS ELETR.'!A:A,0))","v":36.880000000000003},{"$f":"BDI!$U$26","v":0.13519999999999999},41.866176000000003,209.33088000000001,2.7280441981334794E-5,128.07549999999998,81.255380000000031]
["1.2.3.3",3,"Mobília das salas de comando e do encarregado ainda não foram disponibilizadas. Os OPI’s estão trabalhando com mobília provisória. Composta por: 6 cadeiras tipo giroflex encosto alto e rodas, 3 armários duas postas com prateleiras internas, 1 armários roupeiro com 9 posições, 1 geladeira com 270 ltr, 1 gaveteiro volante com 4 gavetas chave cada, 5 birô 1200x600mm com gaveta chave metálico."]
["1.2.3.3.1","3.1","Fornecimento de mobila",{"$nulls":10},{"$f":"K75-M75","v":0}]
["1.2.3.3.1.1","3.1.1","Cadeira giroflex encosto alto, rodas, e suporte para braços",null,null,"unid.",{"$f":"INDEX('SERVIÇOS ELETR.'!E:E,MATCH(B76,'SERVIÇOS ELETR.'!A:A,0))","v":6},{"$f":"INDEX('SERVIÇOS ELETR.'!F:F,MATCH(B76,'SERVIÇOS ELETR.'!A:A,0))","v":564.72799999999995},{"$f":"BDI!$U$26","v":0.13519999999999999},{"$f":"H76*(1+I76)","v":641.07922559999997},{"$f":"J76*G76","v":3846.4753535999998},5.0128078435689486E-4,3773.6254415999997,72.849912000000131]
["1.2.3.3.1.2","3.1.2","Armário com duas portas e 4 prateleiras internas",null,null,"unid.",{"$f":"INDEX('SERVIÇOS ELETR.'!E:E,MATCH(B77,'SERVIÇOS ELETR.'!A:A,0))","v":3},{"$f":"INDEX('SERVIÇOS ELETR.'!F:F,MATCH(B77,'SERVIÇOS ELETR.'!A:A,0))","v":1155.3025},{"$f":"BDI!$U$26","v":0.13519999999999999},1311.4993979999999,3934.4981939999998,5.1275210665088452E-4,3859.9811827499998,74.517011249999996]
["1.2.3.3.1.3","3.1.3","Armário roupero com 9 posições com chave em chaparatada ",null,null,"unid.",{"$f":"INDEX('SERVIÇOS ELETR.'!E:E,MATCH(B78,'SERVIÇOS ELETR.'!A:A,0))","v":1},{"$f":"INDEX('SERVIÇOS ELETR.'!F:F,MATCH(B78,'SERVIÇOS ELETR.'!A:A,0))","v":1465.7950000000001},{"$f":"BDI!$U$26","v":0.13519999999999999},1663.9704840000002,1663.9704840000002,2.1685214454463469E-4,1632.4558915,31.514592500000163]
["1.2.3.3.1.4","3.1.4","Geladeira/congelador uma porta com 300 ltrs 220Vca Consumo A, Frost free.",null,null,"unid.",{"$f":"INDEX('SERVIÇOS ELETR.'!E:E,MATCH(B79,'SERVIÇOS ELETR.'!A:A,0))","v":1},{"$f":"INDEX('SERVIÇOS ELETR.'!F:F,MATCH(B79,'SERVIÇOS ELETR.'!A:A,0))","v":2418.9499999999998},{"$f":"BDI!$U$26","v":0.13519999999999999},2745.9920399999996,2745.9920399999996,3.5786347684788386E-4,2672.2385087999996,73.753531199999998]
["1.2.3.3.1.5","3.1.5","Gaveteiro volante de 4 gavetas e chave",null,null,"unid.",{"$f":"INDEX('SERVIÇOS ELETR.'!E:E,MATCH(B80,'SERVIÇOS ELETR.'!A:A,0))","v":1},{"$f":"INDEX('SERVIÇOS ELETR.'!F:F,MATCH(B80,'SERVIÇOS ELETR.'!A:A,0))","v":728.26666666666677},{"$f":"BDI!$U$26","v":0.13519999999999999},826.72832000000005,826.72832000000005,1.0774097910488116E-4,811.07058666666671,15.65773333333334]
["1.2.3.3.1.6","3.1.6","Mesa de trabalho Birô com 1200x600 com três gavetas e chave",null,null,"unid.",{"$f":"INDEX('SERVIÇOS ELETR.'!E:E,MATCH(B81,'SERVIÇOS ELETR.'!A:A,0))","v":5},{"$f":"INDEX('SERVIÇOS ELETR.'!F:F,MATCH(B81,'SERVIÇOS ELETR.'!A:A,0))","v":621.73500000000001},{"$f":"BDI!$U$26","v":0.13519999999999999},705.79357200000004,3528.9678600000002,4.5990253783257019E-4,3462.1313474999997,66.836512500000481]
["1.2.3.4",4,"Aquisição de mobílias da guarita Subestação E0. Composta por: 2 cadeiras tipo giroflex encosto alto e rodas, 1 armários roupeiro com 9 posições, 1 gaveteiro volante com 4 gavetas cada."]
["1.2.3.4.1","4.1","Fornecimento de mobila"]
["1.2.3.4.1.1","4.1.1","Cadeira giroflex encosto alto, rodas, e suporte para braços",null,null,"unid.",{"$f":"INDEX('SERVIÇOS ELETR.'!E:E,MATCH(B84,'SERVIÇOS ELETR.'!A:A,0))","v":2},{"$f":"INDEX('SERVIÇOS ELETR.'!F:F,MATCH(B84,'SERVIÇOS ELETR.'!A:A,0))","v":564.72799999999995},{"$f":"BDI!$U$26","v":0.13519999999999999},{"$f":"H84*(1+I84)","v":641.07922559999997},{"$f":"J84*G84","v":1282.1584511999999},1.670935947856316E-4,1257.8751471999999,{"$f":"K84-M84","v":24.283304000000044}]
["1.2.3.4.1.2","4.1.2","Armário roupero com 9 posições com chave em chaparatada ",null,null,"unid.",{"$f":"INDEX('SERVIÇOS ELETR.'!E:E,MATCH(B85,'SERVIÇOS ELETR.'!A:A,0))","v":1},{"$f":"INDEX('SERVIÇOS ELETR.'!F:F,MATCH(B85,'SERVIÇOS ELETR.'!A:A,0))","v":1465.7950000000001},{"$f":"BDI!$U$26","v":0.13519999999999999},1663.9704840000002,1663.9704840000002,2.1685214454463469E-4,1632.4558915,31.514592500000163]
["1.2.3.4.1.3","4.1.3","Gaveteiro volante de 4 gavetas e chave",null,null,"unid.",{"$f":"INDEX('SERVIÇOS ELETR.'!E:E,MATCH(B86,'SERVIÇOS ELETR.'!A:A,0))","v":1},{"$f":"INDEX('SERVIÇOS ELETR.'!F:F,MATCH(B86,'SERVIÇOS ELETR.'!A:A,0))","v":728.26666666666677},{"$f":"BDI!$U$26","v":0.13519999999999999},826.72832000000005,826.72832000000005,1.0774097910488116E-4,811.07058666666671,15.65773333333334]
["1.2.3.5",7,"Colocar dois exaustores no painel do SAGE QE0 e repor tampa inferior"]
["1.2.3.5.1","7.1","Fornecimento de exaustores, chapa, cabos, terminais e miscelâneas"]
["1.2.3.5.1.1","7.1.1","Exaustor 16x16cm 125Vcc com grelha de acabamento",null,null,"unid.",{"$f":"INDEX('SERVIÇOS ELETR.'!E:E,MATCH(B89,'SERVIÇOS ELETR.'!A:A,0))","v":2},{"$f":"INDEX('SERVIÇOS ELETR.'!F:F,MATCH(B89,'SERVIÇOS ELETR.'!A:A,0))","v":202.49},{"$f":"BDI!$U$26","v":0.13519999999999999},{"$f":"H89*(1+I89)","v":229.866648},{"$f":"J89*G89","v":459.733296},5.9913413197402191E-5,451.02622600000001,{"$f":"K89-M89","v":8.7070699999999874}]
["1.2.3.5.1.2","7.1.2","Placa em Aço 1/8\" espessura dimenssões 65x25 cm com aba 3cm, na cor cinza alumíno paineis elétricos.",null,null,"unid.",{"$f":"INDEX('SERVIÇOS ELETR.'!E:E,MATCH(B90,'SERVIÇOS ELETR.'!A:A,0))","v":1},{"$f":"INDEX('SERVIÇOS ELETR.'!F:F,MATCH(B90,'SERVIÇOS ELETR.'!A:A,0))","v":1064.04},{"$f":"BDI!$U$26","v":0.13519999999999999},1207.8982079999998,1207.8982079999998,1.5741584319858715E-4,1185.0213479999998,22.876860000000079]
["1.2.3.6",8,"Dar continuidade na construção das bases para postes de iluminação do pátio"]
["1.2.3.6.1","8.1","Fornecimento"]
["1.2.3.6.1.1","8.1.1","Luminária, uso externo; fechada; refletor de alumínio estampado\nanodizado tipo assimétrico fixação do tipo encaixe liso ø 48mm; para\nlâmpada vapor de sódio 250 W; corpo, pescoço e base de alumínio\ninjetado em alta pressão; soquete porcelana reforçado; rosca E-40; grau\nde proteção IP64 equipamento embutido no pescoço, composto de\nReator, Ignitor e Capacitor 33uF; (sem base para relé fotoelétrico).\nREF.FAB.: IP 251 SR TECNOWATT ou Similar.",null,null,"un",{"$f":"INDEX('SERVIÇOS ELETR.'!E:E,MATCH(B93,'SERVIÇOS ELETR.'!A:A,0))","v":1},{"$f":"INDEX('SERVIÇOS ELETR.'!F:F,MATCH(B93,'SERVIÇOS ELETR.'!A:A,0))","v":439.72},{"$f":"BDI!$U$26","v":0.13519999999999999},{"$f":"H93*(1+I93)","v":499.17014400000005},{"$f":"J93*G93","v":499.17014400000005},6.5052906442692715E-5,489.71616399999999,{"$f":"K93-M93","v":9.4539800000000582}]
["1.2.3.6.1.2","8.1.2","Cabo em cobre PP duplo isolamento #3#2,5mm². 1000kV",null,null,"m",{"$f":"INDEX('SERVIÇOS ELETR.'!E:E,MATCH(B94,'SERVIÇOS ELETR.'!A:A,0))","v":20},{"$f":"INDEX('SERVIÇOS ELETR.'!F:F,MATCH(B94,'SERVIÇOS ELETR.'!A:A,0))","v":18.641999999999999},{"$f":"BDI!$U$26","v":0.13519999999999999},21.162398400000001,423.24796800000001,5.5158568266382128E-5,415.23190799999998,8.0160600000000386]
["1.2.3.6.1.3","8.1.3","Lâmpada vapor de sódio; alta pressão, com tubo de descarga de óxido de alumínio sintetizado, encapsulado por um bulbo ovóide; tamanho 2; base E-40; 250W/220V; vida média 28.000h; IRC 4; fluxo luminoso 25.000 lm. REF.FAB.: SON-250-E PHILIPS;NAV-E/250 OSRAM",null,null,"un",{"$f":"INDEX('SERVIÇOS ELETR.'!E:E,MATCH(B95,'SERVIÇOS ELETR.'!A:A,0))","v":1},{"$f":"INDEX('SERVIÇOS ELETR.'!F:F,MATCH(B95,'SERVIÇOS ELETR.'!A:A,0))","v":64.77},{"$f":"BDI!$U$26","v":0.13519999999999999},73.526903999999988,73.526903999999988,9.5821812751141761E-6,82.963225333333327,-9.4363213333333391]
["1.2.3.7",13,"Fornecimento de peças sobressalentes do sistema de CFTV"]
["1.2.3.7.1","13.1","Fornecimento de equipamentos"]
["1.2.3.7.1.2","13.1.2","Disco rígido para uso exclusivo em CFTV, 2TB, 3.5\", SATA, 5400 RPM, 64 Mb de Cache - WD Purple WD20PURZ OU SIMILAR",null,null,"un",{"$f":"INDEX('SERVIÇOS ELETR.'!E:E,MATCH(B98,'SERVIÇOS ELETR.'!A:A,0))","v":2},{"$f":"INDEX('SERVIÇOS ELETR.'!F:F,MATCH(B98,'SERVIÇOS ELETR.'!A:A,0))","v":702.2733333333332},{"$f":"BDI!$U$26","v":0.13519999999999999},{"$f":"H98*(1+I98)","v":797.22068799999988},{"$f":"J98*G98","v":1594.4413759999998},2.0779096447981114E-4,1564.2436226666662,{"$f":"K98-M98","v":30.197753333333594}]
["1.2.3.7.1.3","13.1.3","Desktop, para sistema de CFTV. Xenon, 3 hd purple 2TB, 8GB RAM, 3.0GHz, Servidor de vídeo e Imagem Modelo ML110 G6 HP/DELL",null,null,"un",{"$f":"INDEX('SERVIÇOS ELETR.'!E:E,MATCH(B99,'SERVIÇOS ELETR.'!A:A,0))","v":1},{"$f":"INDEX('SERVIÇOS ELETR.'!F:F,MATCH(B99,'SERVIÇOS ELETR.'!A:A,0))","v":12321.736666666666},{"$f":"BDI!$U$26","v":0.13519999999999999},13987.635463999999,13987.635463999999,1.8228981683529584E-3,13722.718125666664,264.91733833333456]
["1.2.3.7.1.4","13.1.4","Nobreak  2,2kVa, entrada e saída 220Vca 60hz, 53Ax49Lx33P (tamanho máximo)",null,null,"un",{"$f":"INDEX('SERVIÇOS ELETR.'!E:E,MATCH(B100,'SERVIÇOS ELETR.'!A:A,0))","v":2},{"$f":"INDEX('SERVIÇOS ELETR.'!F:F,MATCH(B100,'SERVIÇOS ELETR.'!A:A,0))","v":5517.4074999999993},{"$f":"BDI!$U$26","v":0.13519999999999999},6263.3609939999988,12526.721987999998,1.6325088415524015E-3,12289.473465499997,237.24852250000004]
["1.2.3.7.1.5","13.1.5","Monitor para PC 21,5\" LED - Widescreen Full HD HDMI VGA - BIVOLT",null,null,"un",{"$f":"INDEX('SERVIÇOS ELETR.'!E:E,MATCH(B101,'SERVIÇOS ELETR.'!A:A,0))","v":1},{"$f":"INDEX('SERVIÇOS ELETR.'!F:F,MATCH(B101,'SERVIÇOS ELETR.'!A:A,0))","v":842.44},{"$f":"BDI!$U$26","v":0.13519999999999999},956.33788800000002,956.33788800000002,1.2463197148999828E-4,994.1183186666666,-37.780430666666575]
["1.2.3.7.1.6","13.1.6","Distribuidor interno óptico-Dio OI.02269 Fibracem",null,null,"un",{"$f":"INDEX('SERVIÇOS ELETR.'!E:E,MATCH(B102,'SERVIÇOS ELETR.'!A:A,0))","v":1},{"$f":"INDEX('SERVIÇOS ELETR.'!F:F,MATCH(B102,'SERVIÇOS ELETR.'!A:A,0))","v":339.15},{"$f":"BDI!$U$26","v":0.13519999999999999},385.00307999999995,385.00307999999995,5.0174413763393134E-5,744.32283333333328,-359.31975333333332]
["1.2.3.7.1.7","13.1.7","Ke-board KBD300A Pelco",null,null,"un",{"$f":"INDEX('SERVIÇOS ELETR.'!E:E,MATCH(B103,'SERVIÇOS ELETR.'!A:A,0))","v":1},{"$f":"INDEX('SERVIÇOS ELETR.'!F:F,MATCH(B103,'SERVIÇOS ELETR.'!A:A,0))","v":16196.05},{"$f":"BDI!$U$26","v":0.13519999999999999},18385.755959999999,18385.755959999999,2.3960705116691829E-3,18037.540884999999,348.21507500000007]
["1.2.3.7.1.8","13.1.8","Conversor Ethernet/FO AX-CV-FO-ETH Axiom",null,null,"un",{"$f":"INDEX('SERVIÇOS ELETR.'!E:E,MATCH(B104,'SERVIÇOS ELETR.'!A:A,0))","v":2},{"$f":"INDEX('SERVIÇOS ELETR.'!F:F,MATCH(B104,'SERVIÇOS ELETR.'!A:A,0))","v":300.49666666666667},{"$f":"BDI!$U$26","v":0.13519999999999999},341.12381599999998,682.24763199999995,8.8911950982478315E-5,669.32627533333334,12.921356666666611]
["1.2.3.7.1.9","13.1.9","Patch Panel 24P HP/DELL",null,null,"un",{"$f":"INDEX('SERVIÇOS ELETR.'!E:E,MATCH(B105,'SERVIÇOS ELETR.'!A:A,0))","v":1},{"$f":"INDEX('SERVIÇOS ELETR.'!F:F,MATCH(B105,'SERVIÇOS ELETR.'!A:A,0))","v":1082.3499999999999},{"$f":"BDI!$U$26","v":0.13519999999999999},1228.68372,1228.68372,1.6012465498100711E-4,305.11667666666659,923.56704333333346]
["1.2.3.7.1.10","13.1.10","Fonte de alimentação chaveada - 220Vca/12Vcc/5A ABLRPM12083 Schneider",null,null,"un",{"$f":"INDEX('SERVIÇOS ELETR.'!E:E,MATCH(B106,'SERVIÇOS ELETR.'!A:A,0))","v":1},{"$f":"INDEX('SERVIÇOS ELETR.'!F:F,MATCH(B106,'SERVIÇOS ELETR.'!A:A,0))","v":314.31333333333333},{"$f":"BDI!$U$26","v":0.13519999999999999},356.80849599999999,356.80849599999999,4.6500036084381467E-5,350.0507593333333,6.7577366666666876]
["1.2.3.7.1.11","13.1.11","Terminados óptico para 4 fibras-Dio Fibracem",null,null,"un",{"$f":"INDEX('SERVIÇOS ELETR.'!E:E,MATCH(B107,'SERVIÇOS ELETR.'!A:A,0))","v":1},{"$f":"INDEX('SERVIÇOS ELETR.'!F:F,MATCH(B107,'SERVIÇOS ELETR.'!A:A,0))","v":79.900000000000006},{"$f":"BDI!$U$26","v":0.13519999999999999},90.702480000000008,90.702480000000008,1.1820538580849512E-5,110.2563,-19.553819999999988]
["1.2.3.7.1.12","13.1.12","Detetor de Intrusão Infravermelho D101 Decibel",null,null,"un",{"$f":"INDEX('SERVIÇOS ELETR.'!E:E,MATCH(B108,'SERVIÇOS ELETR.'!A:A,0))","v":1},{"$f":"INDEX('SERVIÇOS ELETR.'!F:F,MATCH(B108,'SERVIÇOS ELETR.'!A:A,0))","v":532.61},{"$f":"BDI!$U$26","v":0.13519999999999999},604.61887200000001,604.61887200000001,7.8795207178301106E-5,809.760133,-205.14126099999999]
["1.2.3.7.1.13","13.1.13","Iluminador infravermelho 120° 100 Raymax",null,null,"un",{"$f":"INDEX('SERVIÇOS ELETR.'!E:E,MATCH(B109,'SERVIÇOS ELETR.'!A:A,0))","v":1},{"$f":"INDEX('SERVIÇOS ELETR.'!F:F,MATCH(B109,'SERVIÇOS ELETR.'!A:A,0))","v":4314.335},{"$f":"BDI!$U$26","v":0.13519999999999999},4897.633092,4897.633092,6.3826987882614988E-4,4804.8748894999999,92.758202500000152]
["1.2.3.7.1.14","13.1.14","Câmara Móvel Dome-Ip Spectra IV Pelco",null,null,"un",{"$f":"INDEX('SERVIÇOS ELETR.'!E:E,MATCH(B110,'SERVIÇOS ELETR.'!A:A,0))","v":1},{"$f":"INDEX('SERVIÇOS ELETR.'!F:F,MATCH(B110,'SERVIÇOS ELETR.'!A:A,0))","v":3801.1},{"$f":"BDI!$U$26","v":0.13519999999999999},4315.0087199999998,4315.0087199999998,5.623410412974603E-4,10582.455359,-6267.4466389999998]
["1.2.3.7.1.15","13.1.15","Câmara Fixa-IP 13VDIR Pelco",null,null,"un",{"$f":"INDEX('SERVIÇOS ELETR.'!E:E,MATCH(B111,'SERVIÇOS ELETR.'!A:A,0))","v":1},{"$f":"INDEX('SERVIÇOS ELETR.'!F:F,MATCH(B111,'SERVIÇOS ELETR.'!A:A,0))","v":2635.26},{"$f":"BDI!$U$26","v":0.13519999999999999},2991.5471520000001,2991.5471520000001,3.8986473717859179E-4,2934.8890620000002,56.658089999999902]
["1.2.3.7.1.16","13.1.16","Detetor de presença externo. Sensor IVP-1",null,null,"un",{"$f":"INDEX('SERVIÇOS ELETR.'!E:E,MATCH(B112,'SERVIÇOS ELETR.'!A:A,0))","v":1},{"$f":"INDEX('SERVIÇOS ELETR.'!F:F,MATCH(B112,'SERVIÇOS ELETR.'!A:A,0))","v":559.98},{"$f":"BDI!$U$26","v":0.13519999999999999},635.68929600000001,635.68929600000001,8.2844370394294237E-5,623.64972599999999,12.039570000000026]
["1.2.3.7.1.17","13.1.17","Detetor de presença interno. Sensores IVP-2/IVP-3",null,null,"un",{"$f":"INDEX('SERVIÇOS ELETR.'!E:E,MATCH(B113,'SERVIÇOS ELETR.'!A:A,0))","v":1},{"$f":"INDEX('SERVIÇOS ELETR.'!F:F,MATCH(B113,'SERVIÇOS ELETR.'!A:A,0))","v":133.10666666666665},{"$f":"BDI!$U$26","v":0.13519999999999999},151.10268799999997,151.10268799999997,1.9692021135189096E-5,148.24089466666663,2.8617933333333383]
["1.2.3.7.1.18","13.1.18","KIT par extensor KVM USB VGA VIA CAT6 - 250 m.  ",null,null,"un",{"$f":"INDEX('SERVIÇOS ELETR.'!E:E,MATCH(B114,'SERVIÇOS ELETR.'!A:A,0))","v":1},{"$f":"INDEX('SERVIÇOS ELETR.'!F:F,MATCH(B114,'SERVIÇOS ELETR.'!A:A,0))","v":8326.1024666666654},{"$f":"BDI!$U$26","v":0.13519999999999999},9451.791520159999,9451.791520159999,1.2317774147101326E-3,9272.7803171266642,179.01120303333482]
["1.2.3.7.1.19","13.1.19","Mesa controladora usb interface, vms, nvr, dvr ds-1005k hikvision",null,null,"un",{"$f":"INDEX('SERVIÇOS ELETR.'!E:E,MATCH(B115,'SERVIÇOS ELETR.'!A:A,0))","v":1},{"$f":"INDEX('SERVIÇOS ELETR.'!F:F,MATCH(B115,'SERVIÇOS ELETR.'!A:A,0))","v":2857.5499999999997},{"$f":"BDI!$U$26","v":0.13519999999999999},3243.8907599999998,3243.8907599999998,4.2275068863212165E-4,3182.4534349999994,61.437325000000328]
["1.2.3.8",16,"Forneceimento de notebook industrial e software de acesso ao equipamento de teleproteção DIP 5000 para realização de manutenções corretivas"]
["1.2.3.8.1","16.1","Fornecimento de notebook industrial e licenças de softwares"]
["1.2.3.8.1.1","16.1.1","Notebook I5 de 8° geração ou mais recente, com Memória RAM: 4GB\nHD de 500GB, Porta Serial RS-232 ou conversor USB-Serial. Tela 15\"com resolução mínima HD.",null,null,"unid.",{"$f":"INDEX('SERVIÇOS ELETR.'!E:E,MATCH(B118,'SERVIÇOS ELETR.'!A:A,0))","v":2},{"$f":"INDEX('SERVIÇOS ELETR.'!F:F,MATCH(B118,'SERVIÇOS ELETR.'!A:A,0))","v":3853.35},{"$f":"BDI!$U$26","v":0.13519999999999999},{"$f":"H118*(1+I118)","v":4374.3229199999996},{"$f":"J118*G118","v":8748.6458399999992},1.1401419859954059E-3,8582.9517899999992,{"$f":"K118-M118","v":165.69405000000006}]
["1.2.3.9",17,"Conclusão  de  infraestrutura  da  Rede  LAN  interna  do  Prédio  de  Apoio  e  da  infraestrutura  de interligação com a rede existente  (tubulações e caixas R2); execução do cabeamento e fazer o marco de encaminhamento da tubulação no percurso para o Prédio de Apoio, lançamento e conexão dos cabos, fusão e certificação dos cabos ópticos ."]
["1.2.3.9.1","17.1","Fornecimento de eletrodutos e acessórios, materiais para construção civil, marcos de sinalização, cabos de rede, cabos de alimentação, fibras ópticas e acessórios para conectorização dos cabos de rede, cabos de alimentação, cabo telefônico CTP APL, fibras ópticas e acessórios para conectorização dos cabos"]
["1.2.3.9.1.1","17.1.1","Luminária  pendente  para  2  lâmpadas  fluorescentes  de  40W, corpo fabricado em chapa de aço tratado e pintado na cor branca, refletor fabricado em chapa de alumínio anodizado de alto brilho (99,85%), equipada com soquetes antivibratórios e reator duplo, partida rápida, alto fator de potência, 220V, 60Hz. Ref. Fab.: 4012.228.300 ITAIM ILUMINAÇÃO ou similar.",null,null,"un",{"$f":"INDEX('SERVIÇOS ELETR.'!E:E,MATCH(B121,'SERVIÇOS ELETR.'!A:A,0))","v":12},{"$f":"INDEX('SERVIÇOS ELETR.'!F:F,MATCH(B121,'SERVIÇOS ELETR.'!A:A,0))/G121","v":19.231666666666666},{"$f":"BDI!$U$26","v":0.13519999999999999},{"$f":"H121*(1+I121)","v":21.831788},{"$f":"J121*G121","v":261.98145599999998},3.414197614128223E-5,188.77214999999998,{"$f":"K121-M121","v":73.209305999999998}]
["1.2.3.9.1.2","17.1.2","Luminária, com refletor de chapa de alumínio, fechada à prova de tempo, gases, vapores e pó; tipo arandela 30º. “corpo e grade de proteção fabricada em alumínio silício fundida com esmaltação na cor cinza martelado, caixa de ligações com quatro entradas rosqueadas nas laterais eletroduto de diâmetro DN 25 e dois bujões seladores, globo de vidro temperado resistente a choques térmicos e mecânicos, rosqueado ao corpo e vedado com junta em neoprene \"W\" (NBR 5407) para assegurar fechamento hermético, soquete de porcelana reforçado E-27, para 1 (uma) lâmpada fluorescente compacta  de 25W ,Tensão nominal  220 V grau de proteção IP54. Ref. Fab.: AIW/2 – PL254A45- e  refletor RAX-1 da BLINDA  ou similar.",null,null,"un",{"$f":"INDEX('SERVIÇOS ELETR.'!E:E,MATCH(B122,'SERVIÇOS ELETR.'!A:A,0))","v":8},{"$f":"INDEX('SERVIÇOS ELETR.'!F:F,MATCH(B122,'SERVIÇOS ELETR.'!A:A,0))","v":467.56333333333333},{"$f":"BDI!$U$26","v":0.13519999999999999},530.77789599999994,4246.2231679999995,5.5337676301950105E-4,4165.8022746666666,80.42089333333297]
["1.2.3.9.1.3","17.1.3","Luminária, tipo plafonier; para 1 (uma) lâmpada até 100W; com soquete de porcelana; rosca E-27; globo em vidro opaco; tipo “drops”;  suporte  de  fixação  adequado  para  instalação aparafusada  a  caixa  estampada  octogonal,  Tensão  nominal 220V",null,null,"un",{"$f":"INDEX('SERVIÇOS ELETR.'!E:E,MATCH(B123,'SERVIÇOS ELETR.'!A:A,0))","v":5},{"$f":"INDEX('SERVIÇOS ELETR.'!F:F,MATCH(B123,'SERVIÇOS ELETR.'!A:A,0))","v":27.793333333333333},{"$f":"BDI!$U$26","v":0.13519999999999999},31.550992000000001,157.75496000000001,2.0558959258890954E-5,154.76717666666667,2.9877833333333399]
["1.2.3.9.1.4","17.1.4","Lâmpada fluorescente tubular, tensão nominal 220V/ 60 Hz, base bipino , índice de reprodução de cores de 70 a 79%, temperatura de cor 5250 K, fluxo luminoso 2700 lm, vida útil 7500 horas, potência 40 watts. Ref. Fab.: OSRAM ou similar",null,null,"un",{"$f":"INDEX('SERVIÇOS ELETR.'!E:E,MATCH(B124,'SERVIÇOS ELETR.'!A:A,0))","v":24},{"$f":"INDEX('SERVIÇOS ELETR.'!F:F,MATCH(B124,'SERVIÇOS ELETR.'!A:A,0))","v":27.669999999999998},{"$f":"BDI!$U$26","v":0.13519999999999999},31.410983999999999,753.86361599999998,9.8245097131045603E-5,739.58589599999982,14.277720000000159]
["1.2.3.9.1.5","17.1.5","Lâmpada fluorescente compacta, com reator incorporado, com fator de potência maior ou igual a 0,95, tensão nominal 220V/  60 Hz,  base E27,  índice de  reprodução de cores de 80 a  89%, temperatura de cor 4000 K, fluxo luminoso 1200 lm, vida útil 6000 horas, potência 23 watts. Ref. Fab.: OSRAM ou similar.",null,null,"un",{"$f":"INDEX('SERVIÇOS ELETR.'!E:E,MATCH(B125,'SERVIÇOS ELETR.'!A:A,0))","v":13},{"$f":"INDEX('SERVIÇOS ELETR.'!F:F,MATCH(B125,'SERVIÇOS ELETR.'!A:A,0))","v":26.929999999999996},{"$f":"BDI!$U$26","v":0.13519999999999999},30.570935999999996,397.42216799999994,5.1792895516515707E-5,389.89523299999991,7.5269350000000372]
["1.2.3.9.1.6","17.1.6","Cabo,  elétrico  força  0,6/1kv;  3x1mm2;  cobre;  tempera  mole; seção  nominal 1,5mm2;  formação  7  fios;  classe  de encordoamento 2; isolação PVC; cobertura PVC preta; temperatura máxima 70°C; normas ABNT NBR-6880 e 7288/82. REF. FAB.: SINTENAX-ANTIFLAM da PRYSMIAN ou similar.",null,null,"m",{"$f":"INDEX('SERVIÇOS ELETR.'!E:E,MATCH(B126,'SERVIÇOS ELETR.'!A:A,0))","v":5},{"$f":"INDEX('SERVIÇOS ELETR.'!F:F,MATCH(B126,'SERVIÇOS ELETR.'!A:A,0))","v":5.88},{"$f":"BDI!$U$26","v":0.13519999999999999},6.674976,33.374879999999997,4.3494847844427487E-6,38.069978333333331,-4.695098333333334]
["1.2.3.9.1.7","17.1.7","Cabo,  elétrico  força  0,6/1kv;  3x4mm2;  cobre;  tempera  mole; seção nominal 4mm2; formação 7 fios; classe de encordoamento 2;  isolação  PVC;  cobertura  PVC  preta;  temperatura  máxima 70°C; normas ABNT NBR-6880 e 7288/82. REF. FAB.: SINTENAX-ANTIFLAM da PRYSMIAN ou similar.",null,null,"m",{"$f":"INDEX('SERVIÇOS ELETR.'!E:E,MATCH(B127,'SERVIÇOS ELETR.'!A:A,0))","v":200},{"$f":"INDEX('SERVIÇOS ELETR.'!F:F,MATCH(B127,'SERVIÇOS ELETR.'!A:A,0))","v":13.64},{"$f":"BDI!$U$26","v":0.13519999999999999},15.484128,3096.8256000000001,4.0358484666530001E-4,3239.3820666666657,-142.55646666666553]
["1.2.3.9.1.8","17.1.8","Interruptor   simples,   10A,   250V,   montado   com   condulete, fabricado em liga de alumínio fundido, tipo E, com 1 entrada sem rosca, para eletroduto DN25. Ref. Fab.: DAISA  ou similar",null,null,"un",{"$f":"INDEX('SERVIÇOS ELETR.'!E:E,MATCH(B128,'SERVIÇOS ELETR.'!A:A,0))","v":6},{"$f":"INDEX('SERVIÇOS ELETR.'!F:F,MATCH(B128,'SERVIÇOS ELETR.'!A:A,0))","v":7.64},{"$f":"BDI!$U$26","v":0.13519999999999999},8.6729279999999989,52.037567999999993,6.7816456639066528E-6,76.667108000000013,-24.62954000000002]
["1.2.3.9.1.9","17.1.9","Tomada monofásica universal, 2 polos + terra, 25A, 250V, montada com condulete,  fabricado em liga de alumínio fundido, tipo E, com 1 entrada sem rosca, para eletroduto DN250. Ref. Fab.: DAISA  ou similar",null,null,"un",{"$f":"INDEX('SERVIÇOS ELETR.'!E:E,MATCH(B129,'SERVIÇOS ELETR.'!A:A,0))","v":11},{"$f":"INDEX('SERVIÇOS ELETR.'!F:F,MATCH(B129,'SERVIÇOS ELETR.'!A:A,0))","v":22.79},{"$f":"BDI!$U$26","v":0.13519999999999999},25.871207999999999,284.58328799999998,3.7087494578637843E-5,181.92289499999998,102.660393]
["1.2.3.9.1.10","17.1.10","Tomada  monofásica  universal,  2  polos  +  terra,  25A,  250V, montada com condulete (2 TOMADAS),   fabricado em liga de alumínio  fundido,  tipo  E,  com  1  entrada  sem  rosca,  para eletroduto DN250. Ref. Fab.: DAISA  ou similar",null,null,"un",{"$f":"INDEX('SERVIÇOS ELETR.'!E:E,MATCH(B130,'SERVIÇOS ELETR.'!A:A,0))","v":9},{"$f":"INDEX('SERVIÇOS ELETR.'!F:F,MATCH(B130,'SERVIÇOS ELETR.'!A:A,0))","v":13.31},{"$f":"BDI!$U$26","v":0.13519999999999999},15.109512,135.98560800000001,1.772193137171418E-5,133.410123,2.5754850000000147]
["1.2.3.9.1.11","17.1.11","Fio sólido, fabricado em cobre nu; têmpera mole; encordoamento classe 1, seção nominal 2,5mm²; isolamento na cor vermelha de PVC a 70º C- composto termoplástico extrudado á base de policloreto  de  vinila,  com  especiais  característica     de  não propagação    e  auto-extinção  do  fogo;  BWF;  750V;  fabricado segundo NBR NM 247-3, produto deve ser certificado com a marca de conformidade – INMETRO .Ref. Fab.: Pirastic BWF antiflam da PRYSMIAN ou similar",null,null,"m",{"$f":"INDEX('SERVIÇOS ELETR.'!E:E,MATCH(B131,'SERVIÇOS ELETR.'!A:A,0))","v":300},{"$f":"INDEX('SERVIÇOS ELETR.'!F:F,MATCH(B131,'SERVIÇOS ELETR.'!A:A,0))","v":2.67},{"$f":"BDI!$U$26","v":0.13519999999999999},3.0309839999999997,909.29519999999991,{"$f":"K131/$K$312","v":1.1850126912716468E-4},1081.5641864999998,-172.26898649999987]
["1.2.3.9.1.12","17.1.12","Fio sólido, fabricado em cobre nu; têmpera mole; encordoamento classe 1, seção nominal 2,5mm²; isolamento na cor azul de PVC  a  70º  C-  composto  termoplástico  extrudado  á  base  de policloreto  de  vinila,  com  especiais  característica     de  não propagação    e  auto-extinção  do  fogo;  BWF;  750V;  fabricado segundo NBR NM 247-3, produto deve ser certificado com a marca de conformidade – INMETRO . Ref. Fab.: Pirastic BWF antiflam da PRYSMIAN ou similar.",null,null,"m",{"$f":"INDEX('SERVIÇOS ELETR.'!E:E,MATCH(B132,'SERVIÇOS ELETR.'!A:A,0))","v":300},{"$f":"INDEX('SERVIÇOS ELETR.'!F:F,MATCH(B132,'SERVIÇOS ELETR.'!A:A,0))","v":2.67},{"$f":"BDI!$U$26","v":0.13519999999999999},3.0309839999999997,909.29519999999991,1.1850126912716468E-4,1081.5641864999998,-172.26898649999987]
["1.2.3.9.1.13","17.1.13","Fio sólido, fabricado em cobre nu; têmpera mole; encordoamento classe 1, seção nominal 2,5mm²; isolamento na cor branca de PVC  a  70º  C-  composto  termoplástico  extrudado  á  base  de policloreto  de  vinila,  com  especiais  característica     de  não propagação    e  auto-extinção do  fogo;  BWF;  750V;  fabricado segundo NBR NM 247-3, produto deve ser certificado com a marca de conformidade – INMETRO . Ref. Fab.: Pirastic BWF antiflam da PRYSMIAN ou similar.",null,null,"m",{"$f":"INDEX('SERVIÇOS ELETR.'!E:E,MATCH(B133,'SERVIÇOS ELETR.'!A:A,0))","v":300},{"$f":"INDEX('SERVIÇOS ELETR.'!F:F,MATCH(B133,'SERVIÇOS ELETR.'!A:A,0))","v":2.6},{"$f":"BDI!$U$26","v":0.13519999999999999},2.9515199999999999,885.45600000000002,1.1539449428113416E-4,1081.5641864999998,-196.10818649999976]
["1.2.3.9.1.14","17.1.14","Fio sólido, fabricado em cobre nu; têmpera mole; encordoamento classe 1, seção nominal 2,5mm²; isolamento na cor preta de PVC  a  70º  C-  composto  termoplástico  extrudado  á  base  de policloreto  de  vinila,  com  especiais  característica     de  não propagação    e  auto-extinção do  fogo;  BWF;;  750V;  fabricado segundo NBR NM 247-3, produto deve ser certificado com a marca de conformidade – INMETRO .Ref. Fab.: Pirastic BWF antiflam da PRYSMIAN ou similar.",null,null,"m",{"$f":"INDEX('SERVIÇOS ELETR.'!E:E,MATCH(B134,'SERVIÇOS ELETR.'!A:A,0))","v":150},{"$f":"INDEX('SERVIÇOS ELETR.'!F:F,MATCH(B134,'SERVIÇOS ELETR.'!A:A,0))","v":2.6},{"$f":"BDI!$U$26","v":0.13519999999999999},2.9515199999999999,442.72800000000001,5.7697247140567078E-5,540.78209324999989,-98.05409324999988]
["1.2.3.9.1.15","17.1.15","Fio sólido, fabricado em cobre nu; têmpera mole; encordoamento classe 1, seção nominal 2,5mm²; isolamento na cor verde/amarelo de PVC a 70º C- composto termoplástico extrudado á base de policloreto de vinila, com especiais característica de não propagação e auto-extinção do fogo; BWF; 750V; fabricado segundo NBR NM 247-3, produto deve ser certificado com a marca de conformidade – INMETRO .Ref. Fab.: Pirastic BWF antiflam da PRYSMIAN ou similar.",null,null,"m",{"$f":"INDEX('SERVIÇOS ELETR.'!E:E,MATCH(B135,'SERVIÇOS ELETR.'!A:A,0))","v":300},{"$f":"INDEX('SERVIÇOS ELETR.'!F:F,MATCH(B135,'SERVIÇOS ELETR.'!A:A,0))","v":2.6},{"$f":"BDI!$U$26","v":0.13519999999999999},2.9515199999999999,885.45600000000002,1.1539449428113416E-4,1081.5641864999998,-196.10818649999976]
["1.2.3.9.1.16","17.1.16","Fio sólido, fabricado em cobre nu; têmpera mole; encordoamento classe 1, seção nominal 2,5mm²; isolamento na cor CINZA de PVC a 70º C- composto termoplástico extrudado á base de policloreto de vinila, com especiais característica   de não propagação   e auto-extinção do fogo; BWF; 750V; fabricado segundo NBR NM 247-3, produto deve ser certificado com a marca de conformidade – INMETRO .Ref. Fab.: Pirastic BWF antiflam da PRYSMIAN ou similar.",null,null,"m",{"$f":"INDEX('SERVIÇOS ELETR.'!E:E,MATCH(B136,'SERVIÇOS ELETR.'!A:A,0))","v":150},{"$f":"INDEX('SERVIÇOS ELETR.'!F:F,MATCH(B136,'SERVIÇOS ELETR.'!A:A,0))","v":2.6},{"$f":"BDI!$U$26","v":0.13519999999999999},2.9515199999999999,442.72800000000001,5.7697247140567078E-5,540.78209324999989,-98.05409324999988]
["1.2.3.9.1.17","17.1.17","Eletroduto, rígido, aço carbono, com costura, DN50 , diâmetro externo 60,30mm, espessura da parede 3,35mm, extremidades rosqueadas, com  luva, rosca cilíndrica BSP,  galvanização por imersão a quente, vara de 3000mm, norma ABNT NBR-5598. Ref. Fab.: CARBINOX ou similar",null,null,"br",{"$f":"INDEX('SERVIÇOS ELETR.'!E:E,MATCH(B137,'SERVIÇOS ELETR.'!A:A,0))","v":1},{"$f":"INDEX('SERVIÇOS ELETR.'!F:F,MATCH(B137,'SERVIÇOS ELETR.'!A:A,0))","v":301.67},{"$f":"BDI!$U$26","v":0.13519999999999999},342.45578399999999,342.45578399999999,4.4629560371525308E-5,335.96987899999999,6.4859050000000025]
["1.2.3.9.1.18","17.1.18","Eletroduto, rígido, aço carbono, com costura, DN25 diâmetro externo 26,9mm, espessura da  parede 2,25mm, extremidades rosqueadas, com  luva, rosca cilíndrica BSP,  galvanização por imersão a quente, vara de 3000mm, norma ABNT NBR-5598. Ref. Fab.: CARBINOX ou similar.",null,null,"br",{"$f":"INDEX('SERVIÇOS ELETR.'!E:E,MATCH(B138,'SERVIÇOS ELETR.'!A:A,0))","v":40},{"$f":"INDEX('SERVIÇOS ELETR.'!F:F,MATCH(B138,'SERVIÇOS ELETR.'!A:A,0))","v":137.44000000000003},{"$f":"BDI!$U$26","v":0.13519999999999999},156.02188800000002,6240.8755200000005,8.1332406635892718E-4,6122.6771200000003,118.19840000000022]
["1.2.3.9.1.19","17.1.19","Arruela,  fabricada  em  liga  de  alumínio,  para  eletroduto  rígido DN50 , rosca BSP. Ref. Fab.: DAISA ou similar",null,null,"un",{"$f":"INDEX('SERVIÇOS ELETR.'!E:E,MATCH(B139,'SERVIÇOS ELETR.'!A:A,0))","v":2},{"$f":"INDEX('SERVIÇOS ELETR.'!F:F,MATCH(B139,'SERVIÇOS ELETR.'!A:A,0))","v":2.69},{"$f":"BDI!$U$26","v":0.13519999999999999},3.0536879999999997,6.1073759999999995,7.9592612722115605E-7,7.3949679999999987,-1.2875919999999992]
["1.2.3.9.1.20","17.1.20","Arruela,  fabricada  em  liga  de  alumínio,  para  eletroduto  rígido DN25 , rosca BSP. Ref. Fab.: DAISA ou similar",null,null,"un",{"$f":"INDEX('SERVIÇOS ELETR.'!E:E,MATCH(B140,'SERVIÇOS ELETR.'!A:A,0))","v":5},{"$f":"INDEX('SERVIÇOS ELETR.'!F:F,MATCH(B140,'SERVIÇOS ELETR.'!A:A,0))","v":1.03},{"$f":"BDI!$U$26","v":0.13519999999999999},1.1692560000000001,5.8462800000000001,7.6189954557415504E-7,18.487419999999997,-12.641139999999996]
["1.2.3.9.1.21","17.1.21","Bucha  isolada sextavada, fabricada em  ferro  fundido nodular, galvanização por imersão a quente, para eletroduto rígido DN50, rosca BSP, com terminal de aterramento, Ref. Fab.: DAISA ou similar",null,null,"un",{"$f":"INDEX('SERVIÇOS ELETR.'!E:E,MATCH(B141,'SERVIÇOS ELETR.'!A:A,0))","v":2},{"$f":"INDEX('SERVIÇOS ELETR.'!F:F,MATCH(B141,'SERVIÇOS ELETR.'!A:A,0))","v":7.8500000000000005},{"$f":"BDI!$U$26","v":0.13519999999999999},8.9113199999999999,17.82264,2.3226840515561619E-6,17.48509,0.33755000000000024]
["1.2.3.9.1.22","17.1.22","Bucha  isolada sextavada, fabricada em  ferro  fundido nodular, galvanização por imersão a quente, para eletroduto rígido DN25 , rosca BSP. Ref. Fab.: DAISA ou similar",null,null,"un",{"$f":"INDEX('SERVIÇOS ELETR.'!E:E,MATCH(B142,'SERVIÇOS ELETR.'!A:A,0))","v":5},{"$f":"INDEX('SERVIÇOS ELETR.'!F:F,MATCH(B142,'SERVIÇOS ELETR.'!A:A,0))","v":5.8533333333333344},{"$f":"BDI!$U$26","v":0.13519999999999999},6.6447040000000008,33.223520000000008,4.3297592298647781E-6,32.594286666666669,0.62923333333333886]
["1.2.3.9.1.23","17.1.23","União fabricada em liga de alumínio, macho-fêmea; extremidade macho roscada; rosca BSP; extremidade fêmea sem rosca; para eletroduto rigido DN 40 ; instalação a prova de tempo, gases, vapores e pó. Ref. Fab.: DAISA ou similar",null,null,"un",{"$f":"INDEX('SERVIÇOS ELETR.'!E:E,MATCH(B143,'SERVIÇOS ELETR.'!A:A,0))","v":2},{"$f":"INDEX('SERVIÇOS ELETR.'!F:F,MATCH(B143,'SERVIÇOS ELETR.'!A:A,0))","v":77.060741666666658},{"$f":"BDI!$U$26","v":0.13519999999999999},87.479353939999996,174.95870787999999,2.2800987983472108E-5,171.64509598833331,3.3136118916666817]
["1.2.3.9.1.24","17.1.24","União fabricada em liga de alumínio, macho-fêmea; extremidade macho roscada; rosca BSP; extremidade fêmea sem rosca; para eletroduto rigido DN25 ;  instalação a  prova de tempo, gases, vapores e pó. Ref. Fab.: DAISA ou similar",null,null,"un",{"$f":"INDEX('SERVIÇOS ELETR.'!E:E,MATCH(B144,'SERVIÇOS ELETR.'!A:A,0))","v":6},{"$f":"INDEX('SERVIÇOS ELETR.'!F:F,MATCH(B144,'SERVIÇOS ELETR.'!A:A,0))","v":56.869483333333328},{"$f":"BDI!$U$26","v":0.13519999999999999},64.558237479999988,387.3494248799999,5.0480194379072196E-5,380.01326152999991,7.3361633499999925]
["1.2.3.9.1.25","17.1.25","Luva, fabricada em liga de alumínio, para eletroduto rígido DN50, rosca BSP. Ref. Fab.: DAISA ou similar.",null,null,"un",{"$f":"INDEX('SERVIÇOS ELETR.'!E:E,MATCH(B145,'SERVIÇOS ELETR.'!A:A,0))","v":1},{"$f":"INDEX('SERVIÇOS ELETR.'!F:F,MATCH(B145,'SERVIÇOS ELETR.'!A:A,0))","v":20.16333333333333},{"$f":"BDI!$U$26","v":0.13519999999999999},22.889415999999997,22.889415999999997,2.9829969910537623E-6,22.455904333333329,0.43351166666666785]
["1.2.3.9.1.26","17.1.26","Luva, fabricada em liga de alumínio, para eletroduto rígido DN25, rosca BSP. Ref. Fab.: DAISA ou similar.",null,null,"un",{"$f":"INDEX('SERVIÇOS ELETR.'!E:E,MATCH(B146,'SERVIÇOS ELETR.'!A:A,0))","v":40},{"$f":"INDEX('SERVIÇOS ELETR.'!F:F,MATCH(B146,'SERVIÇOS ELETR.'!A:A,0))","v":10.693333333333333},{"$f":"BDI!$U$26","v":0.13519999999999999},12.139072000000001,485.56288000000001,6.3279579086133051E-5,476.36661333333331,9.1962666666667019]
["1.2.3.9.1.27","17.1.27","Condulete tipo “T”, fabricado em liga de alumínio fundido, com tampa aparafusada e junta de vedação, com duas entradas, com rosca BSP, para eletroduto rígido DN25 instalação a prova de tempo, gases, vapores e pó. Ref. Fab.: Dailet, DAISA ou similar",null,null,"un",{"$f":"INDEX('SERVIÇOS ELETR.'!E:E,MATCH(B147,'SERVIÇOS ELETR.'!A:A,0))","v":5},{"$f":"INDEX('SERVIÇOS ELETR.'!F:F,MATCH(B147,'SERVIÇOS ELETR.'!A:A,0))","v":23.16},{"$f":"BDI!$U$26","v":0.13519999999999999},26.291232000000001,131.45616000000001,1.713164415096838E-5,286.87055833333335,-155.41439833333334]
["1.2.3.9.1.28","17.1.28","Condulete  tipo L , fabricado em liga de alumínio fundido, com tampa aparafusada e junta de vedação,  com entradas com rosca BSP, para eletroduto DN25, instalação a prova de tempo, gases, vapores e pó. Ref. Fab.: Dailet, DAISA ou similar",null,null,"un",{"$f":"INDEX('SERVIÇOS ELETR.'!E:E,MATCH(B148,'SERVIÇOS ELETR.'!A:A,0))","v":5},{"$f":"INDEX('SERVIÇOS ELETR.'!F:F,MATCH(B148,'SERVIÇOS ELETR.'!A:A,0))","v":40.463333333333331},{"$f":"BDI!$U$26","v":0.13519999999999999},45.933975999999994,229.66987999999998,2.9931063377749729E-5,225.32007166666662,4.3498083333333568]
["1.2.3.9.1.29","17.1.29","Parafuso  de  cabeça  sextava,  em  aço  galvanizado  a  fogo,  , M8x50, completo com porca sextava, arruela lisa e de pressão. Ref. Fab.: REAL PERFIL ou similar.",null,null,"un",{"$f":"INDEX('SERVIÇOS ELETR.'!E:E,MATCH(B149,'SERVIÇOS ELETR.'!A:A,0))","v":100},{"$f":"INDEX('SERVIÇOS ELETR.'!F:F,MATCH(B149,'SERVIÇOS ELETR.'!A:A,0))","v":0.83},{"$f":"BDI!$U$26","v":0.13519999999999999},0.94221599999999994,94.221599999999995,1.2279157724787351E-5,178.34049333333331,-84.118893333333318]
["1.2.3.9.1.30","17.1.30","Fixador, fabricado em chapa de aço carbono zincado eletroliticamente, para fixação eletroduto, DN 50, fornecido com parafusos M6 de aperto e furo de fixação de diâmetro 6mm. Ref. Fab.: MOPA ou similar.",null,null,"un",{"$f":"INDEX('SERVIÇOS ELETR.'!E:E,MATCH(B150,'SERVIÇOS ELETR.'!A:A,0))","v":40},{"$f":"INDEX('SERVIÇOS ELETR.'!F:F,MATCH(B150,'SERVIÇOS ELETR.'!A:A,0))","v":18},{"$f":"BDI!$U$26","v":0.13519999999999999},20.433599999999998,817.34399999999994,1.065179947210469E-4,801.86399999999992,15.480000000000018]
["1.2.3.9.1.31","17.1.31","Bucha   elástica   fabricada   em   NYLON   S10,   fornecido   com parafuso  com   rosca   soberba,  cabeça  redonda  com   fenda fabricado em aço cadmiado  e arruela lisa. REF.  Fab.: FISHER DO BRASIL ou similar.",null,null,"un",{"$f":"INDEX('SERVIÇOS ELETR.'!E:E,MATCH(B151,'SERVIÇOS ELETR.'!A:A,0))","v":50},{"$f":"INDEX('SERVIÇOS ELETR.'!F:F,MATCH(B151,'SERVIÇOS ELETR.'!A:A,0))","v":0.50666666666666671},{"$f":"BDI!$U$26","v":0.13519999999999999},0.57516800000000001,28.758400000000002,3.747855369814614E-6,28.213733333333334,0.54466666666666796]
["1.2.3.9.1.32","17.1.32","Caixa de ligação de passagem redonda com rosca BSP, para instalação abrigada, fabricado em liga de alumínio fundido, com tampa lisa aparafusada e junta de vedação, com quatro entradas em X,  para eletroduto rígido DN25. Ref. Fab.: Dailet Múltiplo Redondo,DAISA ou similar.",null,null,"un",{"$f":"INDEX('SERVIÇOS ELETR.'!E:E,MATCH(B152,'SERVIÇOS ELETR.'!A:A,0))","v":20},{"$f":"INDEX('SERVIÇOS ELETR.'!F:F,MATCH(B152,'SERVIÇOS ELETR.'!A:A,0))","v":35.843399999999995},{"$f":"BDI!$U$26","v":0.13519999999999999},40.689427679999994,813.78855359999989,1.0605464144401035E-4,798.37589159999982,15.412662000000068]
["1.2.3.9.1.33","17.1.33","Conector, fabricado em polietileno, para 600 V, 25 A , com 12 bornes , na cor branca , para ligação de fios de cobre de bitola até 6 mm2. REF. FAB.: codigo 112 - SINDAL ou similar",null,null,"un",{"$f":"INDEX('SERVIÇOS ELETR.'!E:E,MATCH(B153,'SERVIÇOS ELETR.'!A:A,0))","v":12},{"$f":"INDEX('SERVIÇOS ELETR.'!F:F,MATCH(B153,'SERVIÇOS ELETR.'!A:A,0))","v":28.046666666666663},{"$f":"BDI!$U$26","v":0.13519999999999999},31.838575999999996,382.06291199999998,4.979124486571604E-5,374.82687199999992,7.2360400000000595]
["1.2.3.9.1.34","17.1.34","Prensa cabo, fabricado em alumínio fundido com bucha de neoprene , tamanho nominal 20, rosca BSP para cabos de diâmetro 10/12,5 mm. Ref. Fab.: CL-2/A-5062 da BLINDA ou similar",null,null,"un",{"$f":"INDEX('SERVIÇOS ELETR.'!E:E,MATCH(B154,'SERVIÇOS ELETR.'!A:A,0))","v":12},{"$f":"INDEX('SERVIÇOS ELETR.'!F:F,MATCH(B154,'SERVIÇOS ELETR.'!A:A,0))","v":8.82},{"$f":"BDI!$U$26","v":0.13519999999999999},10.012464,120.14956799999999,1.5658145223993894E-5,117.874008,2.2755599999999845]
["1.2.3.9.1.35","17.1.35","Plugue macho tipo prolongador monobloco, corpo fabricado em termoplástico na cor cinza. 2P+T, pinos cilíndrico em linha, com conectores aparafusados para ligação de cabos, 10 A , 250 Vca. REF. FAB.: PIAL LEGRAND ou similar",null,null,"un",{"$f":"INDEX('SERVIÇOS ELETR.'!E:E,MATCH(B155,'SERVIÇOS ELETR.'!A:A,0))","v":12},{"$f":"INDEX('SERVIÇOS ELETR.'!F:F,MATCH(B155,'SERVIÇOS ELETR.'!A:A,0))","v":2.6},{"$f":"BDI!$U$26","v":0.13519999999999999},2.9515199999999999,35.418239999999997,4.6157797712453655E-6,71.900471999999993,-36.482231999999996]
["1.2.3.9.1.36","17.1.36","Tomada femea tipo prolongador monobloco, corpo fabricado em termoplástico na cor cinza 2P+T, para conexão de pinos cilíndrico em linha , com conectores aparafusados para ligação de cabos, 10 A , 250 Vca. REF. FAB.: PIAL LEGRAND ou similar.",null,null,"un",{"$f":"INDEX('SERVIÇOS ELETR.'!E:E,MATCH(B156,'SERVIÇOS ELETR.'!A:A,0))","v":12},{"$f":"INDEX('SERVIÇOS ELETR.'!F:F,MATCH(B156,'SERVIÇOS ELETR.'!A:A,0))","v":10.06},{"$f":"BDI!$U$26","v":0.13519999999999999},11.420112,137.04134399999998,1.7859517114895531E-5,134.44586399999997,2.5954800000000091]
["1.2.3.9.1.37","17.1.37","Tomada femea RJ45 tipo prolongador monobloco, corpo fabricado em termoplástico na cor cinza, para conexão de terminais de ethernet. REF. FAB.: PIAL LEGRAND ou similar.",null,null,"un",{"$f":"INDEX('SERVIÇOS ELETR.'!E:E,MATCH(B157,'SERVIÇOS ELETR.'!A:A,0))","v":15},{"$f":"INDEX('SERVIÇOS ELETR.'!F:F,MATCH(B157,'SERVIÇOS ELETR.'!A:A,0))","v":54.633333333333333},{"$f":"BDI!$U$26","v":0.13519999999999999},62.019759999999998,930.29639999999995,1.2123818982485825E-4,912.67714999999987,17.619250000000079]
["1.2.3.9.1.38","17.1.38","Relé fotoelétrico; para iluminação pública; 220V – 50/60Hz; 1000 W/1800VA; corrente nominal da base 10A; célula tipo CDS com encapsulamento blindado de  resposta instantânea, contato de carga tipo NF ABNT 5123 REF. FAB.: RM-74/N 220 ILUMATIC ou similar",null,null,"un",{"$f":"INDEX('SERVIÇOS ELETR.'!E:E,MATCH(B158,'SERVIÇOS ELETR.'!A:A,0))","v":1},{"$f":"INDEX('SERVIÇOS ELETR.'!F:F,MATCH(B158,'SERVIÇOS ELETR.'!A:A,0))","v":31.057499999999997},{"$f":"BDI!$U$26","v":0.13519999999999999},35.256473999999997,35.256473999999997,4.5946980847901586E-6,34.588737749999993,0.66773625000000436]
["1.2.3.9.1.39","17.1.39","Base fixação e instalação de relé fotoelétrico dotado de indicador de carga ativa, com tomada em baquelite encaixe padrão NEMA, cabos de ligação isolados em PVC 750V seção 1.5 mm² - comprimento. 500mm,  corpo  em  polipropileno com  rosca  gás 1/2”,suporte de fixação em aço galvanizado a fogo – ABNT 5123 REF.FAB.: BRM-1+ICA 220V DA ILUMATIC OU SIMILAR",null,null,"un",{"$f":"INDEX('SERVIÇOS ELETR.'!E:E,MATCH(B159,'SERVIÇOS ELETR.'!A:A,0))","v":1},{"$f":"INDEX('SERVIÇOS ELETR.'!F:F,MATCH(B159,'SERVIÇOS ELETR.'!A:A,0))","v":13.607499999999998},{"$f":"BDI!$U$26","v":0.13519999999999999},15.447233999999998,15.447233999999998,2.0131161293981188E-6,15.154672749999996,0.2925612500000021]
["1.2.3.9.1.40","17.1.40","Quadro  QLF para distribuição de iluminação normal e de tomadas de força, instalação interna, montagem aparente, com porta, trinco e espelho interno, com os equipamentos a seguir discriminados: Barramento geral trifásico + neutro, em barras retangulares de cobre eletrolítico, dimensionado para:\n-  Tensão nominal -----------------------------------380/220 Vca\n-  Corrente nominal ----------------------------------100A\n-  Corrente de curto circuito------------------------5 kA\n-  Freqüência ------------------------------------------ 60 Hz\n-  Barramento ------------------------------------------ 3 fases, neutro e terra",null,null,"un",{"$f":"INDEX('SERVIÇOS ELETR.'!E:E,MATCH(B160,'SERVIÇOS ELETR.'!A:A,0))","v":1},{"$f":"INDEX('SERVIÇOS ELETR.'!F:F,MATCH(B160,'SERVIÇOS ELETR.'!A:A,0))","v":788.85333333333335},{"$f":"BDI!$U$26","v":0.13519999999999999},895.506304,895.506304,1.1670427110511148E-4,878.54595733333326,16.960346666666737]
["1.2.3.9.1.41","17.1.41","Chave   rotativa   Pacco,   tripolar,   tipo   interruptora  com   duas posições Liga – Desliga:\n-  Tensão nominal -----------------------------------380 Vca\n-  Corrente nominal ---------------------------------60A",null,null,"un",{"$f":"INDEX('SERVIÇOS ELETR.'!E:E,MATCH(B161,'SERVIÇOS ELETR.'!A:A,0))","v":1},{"$f":"INDEX('SERVIÇOS ELETR.'!F:F,MATCH(B161,'SERVIÇOS ELETR.'!A:A,0))","v":299.81},{"$f":"BDI!$U$26","v":0.13519999999999999},340.344312,340.344312,4.4354388885162607E-5,385.13628153000002,-44.791969530000017]
["1.2.3.9.1.42","17.1.42","Disjuntor monopolar, tipo seco, em caixa moldado, equipado com proteção termomagnética, providos de alavanca frontal, com indicação de disparo aberto ou fechado, com:\n-  Tensão nominal ---------------------------------------220 Vca\n-  Corrente nominal -------------------------------------20A\n-  Corrente de curto circuito ------------------------- 5kA",null,null,"un",{"$f":"INDEX('SERVIÇOS ELETR.'!E:E,MATCH(B162,'SERVIÇOS ELETR.'!A:A,0))","v":8},{"$f":"INDEX('SERVIÇOS ELETR.'!F:F,MATCH(B162,'SERVIÇOS ELETR.'!A:A,0))","v":9.5500000000000007},{"$f":"BDI!$U$26","v":0.13519999999999999},10.84116,86.729280000000003,1.1302742773177755E-5,123.39796,-36.668679999999995]
["1.2.3.9.1.43","17.1.43","Disjuntor monopolar, tipo seco, em caixa moldado, equipado com proteção termomagnética, providos de alavanca frontal, com indicação de disparo aberto ou fechado, com:\n-  Tensão nominal ---------------------------------------220 Vca\n-  Corrente nominal -------------------------------------10 A\n-  Corrente de curto circuito -------------------------- 5kA",null,null,"un",{"$f":"INDEX('SERVIÇOS ELETR.'!E:E,MATCH(B163,'SERVIÇOS ELETR.'!A:A,0))","v":6},{"$f":"INDEX('SERVIÇOS ELETR.'!F:F,MATCH(B163,'SERVIÇOS ELETR.'!A:A,0))","v":12},{"$f":"BDI!$U$26","v":0.13519999999999999},13.622399999999999,81.734399999999994,1.065179947210469E-5,88.850985999999992,-7.1165859999999981]
["1.2.3.9.1.44","17.1.44","Disjuntor monopolar, tipo seco, em caixa moldado, equipado com proteção termomagnética, providos de alavanca frontal, com indicação de disparo aberto ou fechado, com:\n-  Tensão nominal ---------------------------------------220 Vca\n-  Corrente nominal -------------------------------------30 A\n-  Corrente de curto circuito -------------------------- 5kA",null,null,"un",{"$f":"INDEX('SERVIÇOS ELETR.'!E:E,MATCH(B164,'SERVIÇOS ELETR.'!A:A,0))","v":3},{"$f":"INDEX('SERVIÇOS ELETR.'!F:F,MATCH(B164,'SERVIÇOS ELETR.'!A:A,0))","v":10},{"$f":"BDI!$U$26","v":0.13519999999999999},11.352,34.055999999999997,4.4382497800436212E-6,52.65573599999999,-18.599735999999993]
["1.2.3.9.1.45","17.1.45","Cabo  de  energia  Tripolar,  0,6/1kV;  encordoamento  classe  2, seção nominal 4mm², veias nas cores azul, preta e verde; isolamento na cor preta de PVC a 70º C- composto termoplástico extrutado á base de policloreto de vinila, com especiais característica   de não propagação   e auto-extinção do fogo; fabricado segundo NBR NM 280, produto deve ser certificado com a marca de conformidade – INMETRO. Ref. Fab.: Sintenax antiflam da PRYSMIAN ou similar.",null,null,"m",{"$f":"INDEX('SERVIÇOS ELETR.'!E:E,MATCH(B165,'SERVIÇOS ELETR.'!A:A,0))","v":100},{"$f":"INDEX('SERVIÇOS ELETR.'!F:F,MATCH(B165,'SERVIÇOS ELETR.'!A:A,0))","v":8.1},{"$f":"BDI!$U$26","v":0.13519999999999999},9.1951199999999993,919.51199999999994,1.1983274406117777E-4,1511.662133333333,-592.15013333333309]
["1.2.3.9.1.46","17.1.46","Cabo GIGALAN CAT.6 F/UTP INDOOR/OUTDOOR CM, ethernet 24AWGx4P. Condutor de cobre nú, coberto por polietileno termoplástico adequado. Os condutores são trançados em pares. Capa externa em material não propagante a chama.",null,null,"m",{"$f":"INDEX('SERVIÇOS ELETR.'!E:E,MATCH(B166,'SERVIÇOS ELETR.'!A:A,0))","v":300},{"$f":"INDEX('SERVIÇOS ELETR.'!F:F,MATCH(B166,'SERVIÇOS ELETR.'!A:A,0))","v":7.04},{"$f":"BDI!$U$26","v":0.13519999999999999},7.9918079999999998,2397.5423999999998,3.1245278451507092E-4,4230.9462999999996,-1833.4038999999998]
["1.2.3.9.1.47","17.1.47","Conector plug RJ-45 macho, Cat.6  EIA/TIA 568A  blindado",null,null,"un",{"$f":"INDEX('SERVIÇOS ELETR.'!E:E,MATCH(B167,'SERVIÇOS ELETR.'!A:A,0))","v":50},{"$f":"INDEX('SERVIÇOS ELETR.'!F:F,MATCH(B167,'SERVIÇOS ELETR.'!A:A,0))","v":3.5},{"$f":"BDI!$U$26","v":0.13519999999999999},3.9731999999999998,198.66,2.5889790383587791E-5,5211.7447666666658,-5013.0847666666659]
["1.2.3.9.1.48","17.1.48","Abraçadeira de nylon com 100x3mm (tipo Hellerman)",null,null,"un",{"$f":"INDEX('SERVIÇOS ELETR.'!E:E,MATCH(B168,'SERVIÇOS ELETR.'!A:A,0))","v":200},{"$f":"INDEX('SERVIÇOS ELETR.'!F:F,MATCH(B168,'SERVIÇOS ELETR.'!A:A,0))","v":9.3866666666666668E-2},{"$f":"BDI!$U$26","v":0.13519999999999999},0.10655744,21.311488000000001,2.7773580845784086E-6,20.907861333333333,0.40362666666666769]
["1.2.3.9.1.49","17.1.49","Cabo GIGALAN CAT.6 F/UTP INDOOR/OUTDOOR CM, ethernet 24AWGx4P. Condutor de cobre nú, coberto por polietileno termoplástico adequado. Os condutores são trançados em pares. Capa externa em material não propagante a chama.",null,null,"m",{"$f":"INDEX('SERVIÇOS ELETR.'!E:E,MATCH(B169,'SERVIÇOS ELETR.'!A:A,0))","v":300},{"$f":"INDEX('SERVIÇOS ELETR.'!F:F,MATCH(B169,'SERVIÇOS ELETR.'!A:A,0))","v":7.04},{"$f":"BDI!$U$26","v":0.13519999999999999},7.9918079999999998,2397.5423999999998,3.1245278451507092E-4,4230.9462999999996,-1833.4038999999998]
["1.2.3.10",20,"Fornecimento e  instalação de chaves de  teste, botoeiras com chave e  sinaleiros, implantação do esquema de testes no painel de teleproteção, conforme o padrão da Chesf."]
["1.2.3.10.1","20.1","Fornecimento de chaves de teste, botoeiras de pulso com chave, sinaleiros, cabos, conectores e miscelâneas."]
["1.2.3.10.1.1","20.1.1","Chave teste.\nCORRENTE NOMINAL:  20A\nNº CONTATOS:  28, 2 POSIÇÕES ESTÁVEIS “NORMAL” E “TESTE”\nGRAVAÇÃO:  “NORMAL” – “TESTE”\nMODELO:  CA10\nFABRICANTE / FORNECEDOR:  KRAUS & NAIMER DO BRASIL LTDA",null,null,"unid.",{"$f":"INDEX('SERVIÇOS ELETR.'!E:E,MATCH(B172,'SERVIÇOS ELETR.'!A:A,0))","v":1},{"$f":"INDEX('SERVIÇOS ELETR.'!F:F,MATCH(B172,'SERVIÇOS ELETR.'!A:A,0))","v":673.15},{"$f":"BDI!$U$26","v":0.13519999999999999},{"$f":"H172*(1+I172)","v":764.15987999999993},{"$f":"J172*G172","v":764.15987999999993},{"$f":"K172/$K$312","v":9.9586927981212115E-5},749.68715499999996,{"$f":"K172-M172","v":14.472724999999969}]
["1.2.3.10.1.2","20.1.2","BOTOEIRAS DE COMANDO COM CHAVE YALE, 2 CONTATOS “NA”\nFURAÇÃO:  22,5MM, ARO PRETO CROMADO\nMODELO:  KF2A-727.2RA\nFABRICANTE / FORNECEDOR:  EATON ou similar",null,null,"unid.",{"$f":"INDEX('SERVIÇOS ELETR.'!E:E,MATCH(B173,'SERVIÇOS ELETR.'!A:A,0))","v":1},{"$f":"INDEX('SERVIÇOS ELETR.'!F:F,MATCH(B173,'SERVIÇOS ELETR.'!A:A,0))","v":380.01666666666665},{"$f":"BDI!$U$26","v":0.13519999999999999},431.39491999999996,431.39491999999996,{"$f":"K173/$K$312","v":5.6220296241541443E-5},423.2245616666666,8.170358333333354]
["1.2.3.10.1.3","20.1.3","SINALEIRO de 125VCC (OU 250VCC)\nCOR:  VERMELHO, ARO PRETO COM LÂMPADA: BA9S\nFURAÇÃO:  22MM\nMODELO:  XB5 AVG4\nFABRICANTE / FORNECEDOR:  SCHNEIDER ou similar",null,null,"unid.",{"$f":"INDEX('SERVIÇOS ELETR.'!E:E,MATCH(B174,'SERVIÇOS ELETR.'!A:A,0))","v":1},{"$f":"INDEX('SERVIÇOS ELETR.'!F:F,MATCH(B174,'SERVIÇOS ELETR.'!A:A,0))","v":58.103333333333332},{"$f":"BDI!$U$26","v":0.13519999999999999},65.958904000000004,65.958904000000004,{"$f":"K174/$K$312","v":8.5959035462155962E-6},64.709682333333333,1.2492216666666707]
["1.2.3.10.1.4","20.1.4","SINALEIRO 125VCC (OU 250VCC)\nCOR:  LARANJA, ARO PRETO COM LÂMPADA: BA9S\nFURAÇÃO:  22MM\nMODELO:  XB5 AVG5\nFABRICANTE / FORNECEDOR:  SCHNEIDER ou similar",null,null,"unid.",{"$f":"INDEX('SERVIÇOS ELETR.'!E:E,MATCH(B175,'SERVIÇOS ELETR.'!A:A,0))","v":1},{"$f":"INDEX('SERVIÇOS ELETR.'!F:F,MATCH(B175,'SERVIÇOS ELETR.'!A:A,0))","v":29.793333333333333},{"$f":"BDI!$U$26","v":0.13519999999999999},33.821391999999996,33.821391999999996,{"$f":"K175/$K$312","v":4.407675170447765E-6},33.180835333333327,0.64055666666666866]
["1.2.3.11",21,"Troca de cabos inadequadamentes instalados (cabos internos instalados ao tempo) na instalação do Rack CFTV da Chesf e migração do sistema do Rack do Ministério para o da Chesf"]
["1.2.3.11.1","21.1","Fornecimento de eletrodutos e acessórios, cabos de rede, cabos de alimentação, fibras ópticas e acessórios para conectorização dos cabos"]
["1.2.3.11.1.1","21.1.1","Cabo GIGALAN CAT.6 F/UTP INDOOR/OUTDOOR CM, ethernet 24AWGx4P. Condutor de cobre nú, coberto por polietileno termoplástico adequado. Os condutores são trançados em pares. Capa externa em material não propagante a chama.",null,null,"m",{"$f":"INDEX('SERVIÇOS ELETR.'!E:E,MATCH(B178,'SERVIÇOS ELETR.'!A:A,0))","v":300},{"$f":"INDEX('SERVIÇOS ELETR.'!F:F,MATCH(B178,'SERVIÇOS ELETR.'!A:A,0))","v":7.04},{"$f":"BDI!$U$26","v":0.13519999999999999},{"$f":"H178*(1+I178)","v":7.9918079999999998},{"$f":"J178*G178","v":2397.5423999999998},{"$f":"K178/$K$312","v":3.1245278451507092E-4},5930.4524999999994,{"$f":"K178-M178","v":-3532.9100999999996}]
["1.2.3.11.1.2","21.1.2","Conector plug RJ-45 macho, Cat.6  EIA/TIA 568A  blindado",null,null,"un",{"$f":"INDEX('SERVIÇOS ELETR.'!E:E,MATCH(B179,'SERVIÇOS ELETR.'!A:A,0))","v":30},{"$f":"INDEX('SERVIÇOS ELETR.'!F:F,MATCH(B179,'SERVIÇOS ELETR.'!A:A,0))","v":3.5},{"$f":"BDI!$U$26","v":0.13519999999999999},3.9731999999999998,119.196,{"$f":"K179/$K$312","v":1.5533874230152675E-5},3127.0468599999995,-3007.8508599999996]
["1.2.3.12",24,"Fornecimento de baterias de 48Vcc."]
["1.2.3.12.1","24.1","Fornecimento de banco de baterias 48vdc, composto por 24 elementos selados de 1,9 vdc, cabos e estrutura autoportante para acomodação dos elementos."]
["1.2.3.12.1.1","24.1.1","Bateria para banco de bateria 48Vcc, com 2Vcc (elemento), capacidade 250Ah, IEC60896-21/22 DIN4074. Ou similar tipo 5 PZV250.",null,null,"unid.",{"$f":"INDEX('SERVIÇOS ELETR.'!E:E,MATCH(B182,'SERVIÇOS ELETR.'!A:A,0))","v":48},{"$f":"INDEX('SERVIÇOS ELETR.'!F:F,MATCH(B182,'SERVIÇOS ELETR.'!A:A,0))","v":1031.3563333333334},{"$f":"BDI!$U$26","v":0.13519999999999999},{"$f":"H182*(1+I182)","v":1170.7957096},{"$f":"J182*G182","v":56198.1940608},{"$f":"K182/$K$312","v":7.3238672313012199E-3},55133.834324800002,{"$f":"K182-M182","v":1064.3597359999985}]
["1.2.3.13",25,"Fornecimento e instalação de Extensores KVM para alocar a estação de trabalho do CFTV na mesa de comando"]
["1.2.3.13.1","25.1","Fornecimento de  extensor KVM e cabos de rede"]
["1.2.3.13.1.1","25.1.1","KIT extensor KVM USB VGA VIA CAT6 - 250M. ATEN CE800B (CE800BR + CE800BL) ou similar",null,null,"un",{"$f":"INDEX('SERVIÇOS ELETR.'!E:E,MATCH(B185,'SERVIÇOS ELETR.'!A:A,0))","v":1},{"$f":"INDEX('SERVIÇOS ELETR.'!F:F,MATCH(B185,'SERVIÇOS ELETR.'!A:A,0))","v":8326.1024666666654},{"$f":"BDI!$U$26","v":0.13519999999999999},{"$f":"H185*(1+I185)","v":9451.791520159999},{"$f":"J185*G185","v":9451.791520159999},{"$f":"K185/$K$312","v":1.2317774147101326E-3},9272.7803171266642,{"$f":"K185-M185","v":179.01120303333482}]
["1.2.3.13.1.2","25.1.2","Cabo GIGALAN CAT.6 F/UTP INDOOR/OUTDOOR CM, ethernet 24AWGx4P. Condutor de cobre nú, coberto por polietileno termoplástico adequado. Os condutores são trançados em pares. Capa externa em material não propagante a chama.",null,null,"m",{"$f":"INDEX('SERVIÇOS ELETR.'!E:E,MATCH(B186,'SERVIÇOS ELETR.'!A:A,0))","v":300},{"$f":"INDEX('SERVIÇOS ELETR.'!F:F,MATCH(B186,'SERVIÇOS ELETR.'!A:A,0))","v":7.04},{"$f":"BDI!$U$26","v":0.13519999999999999},7.9918079999999998,2397.5423999999998,{"$f":"K186/$K$312","v":3.1245278451507092E-4},5930.4524999999994,-3532.9100999999996]
["1.2.3.13.1.3","25.1.3","Conector plug RJ-45 macho, Cat.6  EIA/TIA 568A  blindado",null,null,"un",{"$f":"INDEX('SERVIÇOS ELETR.'!E:E,MATCH(B187,'SERVIÇOS ELETR.'!A:A,0))","v":30},{"$f":"INDEX('SERVIÇOS ELETR.'!F:F,MATCH(B187,'SERVIÇOS ELETR.'!A:A,0))","v":3.5},{"$f":"BDI!$U$26","v":0.13519999999999999},3.9731999999999998,119.196,{"$f":"K187/$K$312","v":1.5533874230152675E-5},3127.0468599999995,-3007.8508599999996]
["1.2.3.14",26,"Fornecimento e instalação de câmeras, Dahua, modelo:  PTZ DH‐SD65F230F‐HNI 2MP 30x Starlight PTZ Network Câmera."]
["1.2.3.14.1","26.1","Fornecimento de câmera "]
["1.2.3.14.1.1","26.1.1","Câmera PTZ DH‐SD65F230F‐HNI",null,null,"unid.",{"$f":"INDEX('SERVIÇOS ELETR.'!E:E,MATCH(B190,'SERVIÇOS ELETR.'!A:A,0))","v":2},{"$f":"INDEX('SERVIÇOS ELETR.'!F:F,MATCH(B190,'SERVIÇOS ELETR.'!A:A,0))","v":8269},{"$f":"BDI!$U$26","v":0.13519999999999999},{"$f":"H190*(1+I190)","v":9386.9688000000006},{"$f":"J190*G190","v":18773.937600000001},{"$f":"K190/$K$312","v":2.4466591620787136E-3},18418.370599999998,{"$f":"K190-M190","v":355.56700000000274}]
["1.2.4",null,"Serviços",1060997.0004757757,{"$f":"D191/$D$312","v":0.10648669250967947},{"$nulls":5},{"$f":"SUM(K192:K230)","v":1060997.0004757757},{"$f":"K191/$K$312","v":0.13827136786435734},null,{"$f":"D191-K191","v":0}]
["1.2.4.1",1,"Fornecimento e aplicação do Relé de supervisão de tensão dos motores das chaves seccionadoras, que estão alarmando intermitentemente “falta de tensão / defeito motor” no SAGE."]
["1.2.4.1.1","1.2","Instalação de relé de supervisão de tensão",null,null,"serv.",1,{"$f":"INDEX('SERVIÇOS ELETR.'!F:F,MATCH(B193,'SERVIÇOS ELETR.'!A:A,0))","v":6267.2070720000002},{"$f":"BDI!$E$26","v":0.22720000000000001},{"$f":"H193*(1+I193)","v":7691.1165187584011},{"$f":"J193*G193","v":7691.1165187584011},{"$f":"K193/$K$312","v":1.0023225334058413E-3},7691.1165187584011,{"$f":"K193-M193","v":0}]
["1.2.4.2",2,"Retirada da corrosão nos paineis central e dos polos B dos disjuntores 14D1, 14P2 e 14S2"]
["1.2.4.2.1","2.2","Serviço de Retirada da corrosão em disjuntores",null,null,"serv.",1,{"$f":"INDEX('SERVIÇOS ELETR.'!F:F,MATCH(B195,'SERVIÇOS ELETR.'!A:A,0))","v":19304.716592000001},{"$f":"BDI!$E$26","v":0.22720000000000001},{"$f":"H195*(1+I195)","v":23690.748201702401},{"$f":"J195*G195","v":23690.748201702401},{"$f":"K195/$K$312","v":3.0874282944348868E-3},23690.748201702401,{"$f":"K195-M195","v":0}]
["1.2.4.2.2","2.3","Transporte, armazenamento de tintas e produtos químicos",null,null,"serv.",1,{"$f":"INDEX('SERVIÇOS ELETR.'!F:F,MATCH(B196,'SERVIÇOS ELETR.'!A:A,0))","v":2757.8166559999995},{"$f":"BDI!$E$26","v":0.22720000000000001},3384.3926002431995,3384.3926002431995,{"$f":"K196/$K$312","v":4.4106118491926943E-4},3384.3926002431995,0]
["1.2.4.3",3,"Mobília das salas de comando e do encarregado ainda não foram disponibilizadas. Os OPI’s estão trabalhando com mobília provisória. Composta por: 6 cadeiras tipo giroflex encosto alto e rodas, 3 armários duas postas com prateleiras internas, 1 armários roupeiro com 9 posições, 1 geladeira com 270 ltr, 1 gaveteiro volante com 4 gavetas chave cada, 5 birô 1200x600mm com gaveta chave metálico."]
["1.2.4.3.1","3.2","Transporte e montagem no local",null,null,"serv.",1,{"$f":"INDEX('SERVIÇOS ELETR.'!F:F,MATCH(B198,'SERVIÇOS ELETR.'!A:A,0))","v":4235.9486399999996},{"$f":"BDI!$E$26","v":0.22720000000000001},{"$f":"H198*(1+I198)","v":5198.3561710079994},{"$f":"J198*G198","v":5198.3561710079994},{"$f":"K198/$K$312","v":6.774607450248019E-4},5198.3561710079994,{"$f":"K198-M198","v":0}]
["1.2.4.4",4,"Aquisição de mobílias da guarita Subestação E0. Composta por: 2 cadeiras tipo giroflex encosto alto e rodas, 1 armários roupeiro com 9 posições, 1 gaveteiro volante com 4 gavetas cada."]
["1.2.4.4.1","4.2","Transporte e montagem no local",null,null,"serv.",1,{"$f":"INDEX('SERVIÇOS ELETR.'!F:F,MATCH(B200,'SERVIÇOS ELETR.'!A:A,0))","v":2541.569184},{"$f":"BDI!$E$26","v":0.22720000000000001},{"$f":"H200*(1+I200)","v":3119.0137026048001},{"$f":"J200*G200","v":3119.0137026048001},{"$f":"K200/$K$312","v":4.0647644701488124E-4},3119.0137026048001,{"$f":"K200-M200","v":0}]
["1.2.4.5",5,"Realização de treinamento para serviços auxiliares (Retificadores e intertravamento do QPCSA)",null,null,"unid.",1,{"$f":"INDEX('SERVIÇOS ELETR.'!F:F,MATCH(B201,'SERVIÇOS ELETR.'!A:A,0))","v":66212.473599999983},{"$f":"BDI!$E$26","v":0.22720000000000001},81255.947601919979,81255.947601919979,{"$f":"K201/$K$312","v":1.058944654602588E-2},81255.947601919979,0]
["1.2.4.6",7,"Colocar dois exaustores no painel do SAGE QE0 e repor tampa inferior"]
["1.2.4.6.1","7.2","Transporte, adequação da chaparia do painel e instalação dos exaustores",null,null,"serv.",1,{"$f":"INDEX('SERVIÇOS ELETR.'!F:F,MATCH(B203,'SERVIÇOS ELETR.'!A:A,0))","v":8731.5271679999987},{"$f":"BDI!$E$26","v":0.22720000000000001},{"$f":"H203*(1+I203)","v":10715.330140569598},{"$f":"J203*G203","v":10715.330140569598},{"$f":"K203/$K$312","v":1.3964444338582865E-3},10715.330140569598,{"$f":"K203-M203","v":0}]
["1.2.4.7",8,"Dar continuidade na construção das bases para postes de iluminação do pátio"]
["1.2.4.7.1","8.2","Transporte e Instalação de poste com luminária no pátio",null,null,"serv.",1,{"$f":"INDEX('SERVIÇOS ELETR.'!F:F,MATCH(B205,'SERVIÇOS ELETR.'!A:A,0))","v":7355.2090079999989},{"$f":"BDI!$E$26","v":0.22720000000000001},{"$f":"H205*(1+I205)","v":9026.3124946175994},{"$f":"J205*G205","v":9026.3124946175994},{"$f":"K205/$K$312","v":1.1763280903171703E-3},9026.3124946175994,{"$f":"K205-M205","v":0}]
["1.2.4.8",9,"Revisão completa incluindo retirada e colocação da bomba injetora para limpeza no GGE 300G1 que apresenta frequentes falhas no seu funcionamento, tanto na partida como por frequência anormal.",null,null,"CJ",1,{"$f":"INDEX('SERVIÇOS ELETR.'!F:F,MATCH(B206,'SERVIÇOS ELETR.'!A:A,0))","v":25851.396479999999},{"$f":"BDI!$E$26","v":0.22720000000000001},31724.833760256002,31724.833760256002,{"$f":"K206/$K$312","v":4.1344472767904823E-3},31724.833760256002,0]
["1.2.4.9",10,"Concerto do retificador 300R2 (UR indisponível)",null,null,"unid.",1,{"$f":"INDEX('SERVIÇOS ELETR.'!F:F,MATCH(B207,'SERVIÇOS ELETR.'!A:A,0))","v":21470.720431999998},{"$f":"BDI!$E$26","v":0.22720000000000001},26348.868114150398,26348.868114150398,{"$f":"K207/$K$312","v":3.4338400902051442E-3},26348.868114150398,0]
["1.2.4.10",11,"Realização de treinamento para serviços auxiliares (Retificadores e intertravamento do QPCSA)",null,null,"unid.",1,{"$f":"INDEX('SERVIÇOS ELETR.'!F:F,MATCH(B208,'SERVIÇOS ELETR.'!A:A,0))","v":66212.473599999983},{"$f":"BDI!$E$26","v":0.22720000000000001},81255.947601919979,81255.947601919979,{"$f":"K208/$K$312","v":1.058944654602588E-2},81255.947601919979,0]
["1.2.4.11",12,"Mobilização, instalação de canteiro e desmobilizaçao incluindo guindaste para desmontagem e montagem do disjuntor e seccionadora, aluguel de conteiners, transporte de material, estadia, e manutenção da equipe em campo.",null,null,"CJ",1,{"$f":"INDEX('SERVIÇOS ELETR.'!F:F,MATCH(B209,'SERVIÇOS ELETR.'!A:A,0))","v":248665.28052799997},{"$f":"BDI!$E$26","v":0.22720000000000001},305162.03226396156,305162.03226396156,{"$f":"K209/$K$312","v":3.9769359953405914E-2},305162.03226396156,0]
["1.2.4.12",13,"Fornecimento de peças sobressalentes do sistema de CFTV"]
["1.2.4.12.1","13.2","Inspeção e transporte dos equipamentos",null,null,"serv.",1,{"$f":"INDEX('SERVIÇOS ELETR.'!F:F,MATCH(B211,'SERVIÇOS ELETR.'!A:A,0))","v":8665.7412800000002},{"$f":"BDI!$E$26","v":0.22720000000000001},{"$f":"H211*(1+I211)","v":10634.597698816},{"$f":"J211*G211","v":10634.597698816},{"$f":"K211/$K$312","v":1.3859232116990403E-3},10634.597698816,{"$f":"K211-M211","v":0}]
["1.2.4.13",14,"Realização de treinamento no equipamento de teleproteção DIP 5000 para a regional",null,null,"serv.",1,{"$f":"INDEX('SERVIÇOS ELETR.'!F:F,MATCH(B212,'SERVIÇOS ELETR.'!A:A,0))","v":27825.720159999997},{"$f":"BDI!$E$26","v":0.22720000000000001},34147.723780351997,34147.723780351997,{"$f":"K212/$K$312","v":4.4502034166413436E-3},34147.723780351997,0]
["1.2.4.14",15,"Realização de treinamento para o sistema de CFTV",null,null,"serv.",1,{"$f":"INDEX('SERVIÇOS ELETR.'!F:F,MATCH(B213,'SERVIÇOS ELETR.'!A:A,0))","v":14081.575199999997},{"$f":"BDI!$E$26","v":0.22720000000000001},17280.909085439998,17280.909085439998,{"$f":"K213/$K$312","v":2.2520845356885097E-3},17280.909085439998,0]
["1.2.4.15",16,"Forneceimento de notebook industrial e software de acesso ao equipamento de teleproteção DIP 5000 para realização de manutenções corretivas"]
["1.2.4.15.1","16.2","Inspeção, Instalação de softwares de acesso ao equipamento de teleproteção DIP 5000 e transporte",null,null,"serv.",1,{"$f":"INDEX('SERVIÇOS ELETR.'!F:F,MATCH(B215,'SERVIÇOS ELETR.'!A:A,0))","v":1667.7899839999998},{"$f":"BDI!$E$26","v":0.22720000000000001},{"$f":"H215*(1+I215)","v":2046.7118683647998},{"$f":"J215*G215","v":2046.7118683647998},{"$f":"K215/$K$312","v":2.6673180936054563E-4},2046.7118683647998,{"$f":"K215-M215","v":0}]
["1.2.4.16",17,"Conclusão  de  infraestrutura  da  Rede  LAN  interna  do  Prédio  de  Apoio  e  da  infraestrutura  de interligação com a rede existente  (tubulações e caixas R2); execução do cabeamento e fazer o marco de encaminhamento da tubulação no percurso para o Prédio de Apoio, lançamento e conexão dos cabos, fusão e certificação dos cabos ópticos ."]
["1.2.4.16.1","17.2","Serviços de transporte dos materiais, escavação, construção de caixas de passagem tipo R2, montagem de eletrodutos, lançamento e conectorização dos cabos de alimentação e telefônico, lançamento, conectorização e certificação de cabos de rede, lançamento, fusão e certificação de fibras ópticas.",null,null,"serv.",1,{"$f":"INDEX('SERVIÇOS ELETR.'!F:F,MATCH(B217,'SERVIÇOS ELETR.'!A:A,0))","v":92086.914975999985},{"$f":"BDI!$E$26","v":0.22720000000000001},{"$f":"H217*(1+I217)","v":113009.06205854719},{"$f":"J217*G217","v":113009.06205854719},{"$f":"K217/$K$312","v":1.4727579422841291E-2},113009.06205854719,{"$f":"K217-M217","v":0}]
["1.2.4.17",19,"Organização e fixação dos pontos de rede para atendimento à nova mesa de comando.",null,null,"serv.",1,{"$f":"INDEX('SERVIÇOS ELETR.'!F:F,MATCH(B218,'SERVIÇOS ELETR.'!A:A,0))","v":7988.6345279999996},{"$f":"BDI!$E$26","v":0.22720000000000001},9803.6522927616006,9803.6522927616006,{"$f":"K218/$K$312","v":1.2776326530412648E-3},9803.6522927616006,0]
["1.2.4.18",20,"Fornecimento e  instalação de chaves de  teste, botoeiras com chave e  sinaleiros, implantação do esquema de testes no painel de teleproteção, conforme o padrão da Chesf."]
["1.2.4.18.1","20.2","Adequação do projeto, fiação e chaparia do peinel e instalação dos novos componentes",null,null,"serv.",1,{"$f":"INDEX('SERVIÇOS ELETR.'!F:F,MATCH(B220,'SERVIÇOS ELETR.'!A:A,0))","v":17668.02037056},{"$f":"BDI!$E$26","v":0.22720000000000001},{"$f":"H220*(1+I220)","v":21682.194598751234},{"$f":"J220*G220","v":21682.194598751234},{"$f":"K220/$K$312","v":2.825669350739096E-3},21682.194598751234,{"$f":"K220-M220","v":0}]
["1.2.4.19",21,"Troca de cabos inadequadamentes instalados (cabos internos instalados ao tempo) na instalação do Rack CFTV da Chesf e migração do sistema do Rack do Ministério para o da Chesf"]
["1.2.4.19.1","21.2","Serviços de transporte dos materiais, montagem de eletrodutos, instalação de rack de CFTV, retirada de cabos existentes, lançamento e conectorização dos cabos de alimentação, lançamento, conectorização e certificação de cabos de rede, lançamento, fusão e certificação de fibras ópticas.",null,null,"serv.",1,{"$f":"INDEX('SERVIÇOS ELETR.'!F:F,MATCH(B222,'SERVIÇOS ELETR.'!A:A,0))","v":29722.621232639998},{"$f":"BDI!$E$26","v":0.22720000000000001},{"$f":"H222*(1+I222)","v":36475.600776695806},{"$f":"J222*G222","v":36475.600776695806},{"$f":"K222/$K$312","v":4.7535772587540843E-3},36475.600776695806,{"$f":"K222-M222","v":0}]
["1.2.4.20",22,"Projetos dos circuitos de proteção “as built” não fornecidos. Fornecer os desenhos atualizados.",null,null,"CJ",1,{"$f":"INDEX('SERVIÇOS ELETR.'!F:F,MATCH(B223,'SERVIÇOS ELETR.'!A:A,0))","v":27525.716624000004},{"$f":"BDI!$E$26","v":0.22720000000000001},{"$f":"H223*(1+I223)","v":33779.559440972807},{"$f":"J223*G223","v":33779.559440972807},{"$f":"K223/$K$312","v":4.4022234630863282E-3},33779.559440972807,{"$f":"K223-M223","v":0}]
["1.2.4.21",23,"Comissionamento do relé diferencial de barra (87), Programar e executar os testes com o contratado pelo MI",null,null,"unid.",1,{"$f":"INDEX('SERVIÇOS ELETR.'!F:F,MATCH(B224,'SERVIÇOS ELETR.'!A:A,0))","v":95746.524831999981},{"$f":"BDI!$E$26","v":0.22720000000000001},{"$f":"H224*(1+I224)","v":117500.13527383038},{"$f":"J224*G224","v":117500.13527383038},{"$f":"K224/$K$312","v":1.531286556066988E-2},117500.13527383038,{"$f":"K224-M224","v":0}]
["1.2.4.22",25,"Fornecimento e instalação de Extensores KVM para alocar a estação de trabalho do CFTV na mesa de comando"]
["1.2.4.22.1","25.2","Serviços de transporte dos materiais, montagem de eletrodutos, lançamento, conectorização e certificação de cabos de rede, montagem e conexão dos extensores KVM.",null,null,"serv.",1,{"$f":"INDEX('SERVIÇOS ELETR.'!F:F,MATCH(B226,'SERVIÇOS ELETR.'!A:A,0))","v":2598.7769919999996},{"$f":"BDI!$E$26","v":0.22720000000000001},{"$f":"H226*(1+I226)","v":3189.2191245823997},{"$f":"J226*G226","v":3189.2191245823997},{"$f":"K226/$K$312","v":4.156257657443254E-4},3189.2191245823997,{"$f":"K226-M226","v":0}]
["1.2.4.23",26,"Fornecimento e instalação de câmeras, Dahua, modelo:  PTZ DH‐SD65F230F‐HNI 2MP 30x Starlight PTZ Network Câmera."]
["1.2.4.23.1","26.2","Instalação e configuração de câmeras PTZ DH‐SD65F230F‐HNII",null,null,"serv.",1,{"$f":"INDEX('SERVIÇOS ELETR.'!F:F,MATCH(B228,'SERVIÇOS ELETR.'!A:A,0))","v":7738.2499039999993},{"$f":"BDI!$E$26","v":0.22720000000000001},{"$f":"H228*(1+I228)","v":9496.3802821888003},{"$f":"J228*G228","v":9496.3802821888003},{"$f":"K228/$K$312","v":1.2375883162624801E-3},9496.3802821888003,{"$f":"K228-M228","v":0}]
["1.2.4.24",27,"Atualização (as built) dos Projetos OPGW: Infraestrutura dos cabos dielétricos; Plano de Emendas; Adequação dos cabos OPGW nas estruturas e pórticos (descida e escota); Adequação da infraestrutura SE PAF e BNO",null,null,"serv.",1,{"$f":"INDEX('SERVIÇOS ELETR.'!F:F,MATCH(B229,'SERVIÇOS ELETR.'!A:A,0))","v":22001.1878688},{"$f":"BDI!$E$26","v":0.22720000000000001},26999.857752591361,26999.857752591361,{"$f":"K229/$K$312","v":3.5186784335109137E-3},26999.857752591361,0]
["1.2.4.25",29,"Adequação dos desenhos de interligação e de fiação de acordo com o padrão Chesf",null,null,"serv.",1,{"$f":"INDEX('SERVIÇOS ELETR.'!F:F,MATCH(B230,'SERVIÇOS ELETR.'!A:A,0))","v":29643.495167999994},{"$f":"BDI!$E$26","v":0.22720000000000001},36378.497270169595,36378.497270169595,{"$f":"K230/$K$312","v":4.740922524889819E-3},36378.497270169595,0]
[2,null,"SUBESTAÇÃO BOM NOME",{"$f":"SUM(D233:D260)","v":982545.26864411938},{"$f":"D231/$D$312","v":9.8612904515308838E-2},{"$nulls":5},{"$f":"K233+K237+K248+K260","v":791061.08123242785},{"$f":"K232/$K$312","v":0.10309274928884461},null,{"$f":"D231-K231","v":191484.18741169153}]
["2.2",null,"ELÉTRICA",{"$f":"SUM(D233:D260)","v":982545.26864411938},{"$f":"D231/$D$312","v":9.8612904515308838E-2},{"$nulls":5},{"$f":"K233+K237+K248+K260","v":791061.08123242785},{"$f":"K232/$K$312","v":0.10309274928884461},null,{"$f":"D232-K232","v":191484.18741169153}]
["2.2.1",null,"Sobressalente",388486.95563766663,{"$f":"D233/$D$312","v":3.8990393912950762E-2},{"$nulls":5},{"$f":"SUM(K234:K236)","v":194039.40111600002},{"$f":"K233/$K$312","v":2.5287624187305707E-2},null,{"$f":"D233-K233","v":194447.55452166661}]
["2.2.1.1","1.1","Transformador de  corrente, 242 kV, NBI 950 kV, IT 40,0 kA, ID 100,0 kA, 3 núcleos de proteção, relação150/300x300/600x600/1200:5/5/5A, exat. 10B800, 1 núcleo de medição (controle), relação 150/300x300/600x600/1200:5A, exatidão 0,6 C 50,  fator térmico para todos enrolamentos 1,0. (Fornecido com Data book, contendo: ensaios de rotinas, tipo, manual de instrução, desenhos elétricos, e mecânicos)",null,null,"unid.",{"$f":"INDEX(SOBRESSALENTES!J:J,MATCH('RESUMO ELÉTRICA (2)'!B234,SOBRESSALENTES!A:A,0))","v":1},{"$f":"INDEX(SOBRESSALENTES!$BV:$BV,MATCH(B234,SOBRESSALENTES!$A:$A,0))","v":89000},{"$f":"BDI!$U$26","v":0.13519999999999999},{"$f":"H234*(1+I234)","v":101032.8},{"$f":"J234*G234","v":101032.8},{"$f":"K234/$K$312","v":1.3166807680796077E-2},197662.26024999999,{"$f":"K234-M234","v":-96629.460249999989}]
["2.2.1.2","1.2","Transformador de potencial capacitivo monofásico, 242 KV, de relação 242000/R3 – 115/115/R3 - 115/115/R3 - 115/115/R3V, classe de exatidão 0,3OWXY medição e  0,6OWXYZ proteção, 950 KV DE NBI.  (Fornecido com Data book, contendo: ensaios de rotinas, tipo, manual de instrução, desenhos elétricos, e mecânicos)",null,null,"unid.",{"$f":"INDEX(SOBRESSALENTES!J:J,MATCH('RESUMO ELÉTRICA (2)'!B235,SOBRESSALENTES!A:A,0))","v":1},{"$f":"INDEX(SOBRESSALENTES!$BV:$BV,MATCH(B235,SOBRESSALENTES!$A:$A,0))","v":57000},{"$f":"BDI!$U$26","v":0.13519999999999999},64706.400000000001,64706.400000000001,8.4326745820828813E-3,154922.073775,-90215.673775000003]
["2.2.1.3","1.3","Para-raios, tipo  estação  192 kV, ZnO, In 10 kA  (Fornecido com Data book, contendo: ensaios de rotinas, tipo, manual de instrução, desenhos elétricos, e mecânicos)",null,null,"unid.",{"$f":"INDEX(SOBRESSALENTES!J:J,MATCH('RESUMO ELÉTRICA (2)'!B236,SOBRESSALENTES!A:A,0))","v":1},{"$f":"INDEX(SOBRESSALENTES!$BV:$BV,MATCH(B236,SOBRESSALENTES!$A:$A,0))","v":24929.705000000002},{"$f":"BDI!$U$26","v":0.13519999999999999},28300.201116,28300.201116,3.6881419244267455E-3,35902.62161266667,-7602.4204966666694]
["2.2.2",null,"Materiais a serem devolvidos à CHESF",11134.284234754099,{"$f":"D237/$D$312","v":1.1174895886510116E-3},{"$nulls":5},{"$f":"SUM(K238:K247)","v":10583.216692575999},{"$f":"K237/$K$312","v":1.3792271305490783E-3},null,{"$f":"D237-K237","v":551.06754217809976}]
["2.2.2.1","5.1"," DIO (completos com pigtails e organizador de cabos) Furukawa de 12FO para instalação na Cabana II (SMF) da SE Bom Nome",null,null,"unid.",{"$f":"INDEX('MAT. A SEREM DEVOLVIDOS'!F:F,MATCH(B238,'MAT. A SEREM DEVOLVIDOS'!A:A,0))","v":2},{"$f":"INDEX('MAT. A SEREM DEVOLVIDOS'!G:G,MATCH(B238,'MAT. A SEREM DEVOLVIDOS'!A:A,0))","v":1666.4200181333333},{"$f":"BDI!$U$26","v":0.13519999999999999},{"$f":"H238*(1+I238)","v":1891.72000458496},{"$f":"J238*G238","v":3783.4400091699199},4.9306588526270363E-4,3804.0634984484527,{"$f":"K238-M238","v":-20.623489278532816}]
["2.2.2.2","5.15"," DIO A270 Furukawa com 01 (um) BEO, acessórios para 24 fibras incluindo os respectivos pigtails com conectores SC. Utilizado em BNO",null,null,"unid.",{"$f":"INDEX('MAT. A SEREM DEVOLVIDOS'!F:F,MATCH(B239,'MAT. A SEREM DEVOLVIDOS'!A:A,0))","v":1},{"$f":"INDEX('MAT. A SEREM DEVOLVIDOS'!G:G,MATCH(B239,'MAT. A SEREM DEVOLVIDOS'!A:A,0))","v":4145.9249962666663},{"$f":"BDI!$U$26","v":0.13519999999999999},4706.4540557619193,4706.4540557619193,6.133550234252627E-4,4732.1088843104526,-25.65482854853326]
["2.2.2.3","5.16"," Espelhos de liga de alumínio (Daisa), para caixas de terminais de 1\" com 2 furos cada. Utilizado em BNO",null,null,"unid.",{"$f":"INDEX('MAT. A SEREM DEVOLVIDOS'!F:F,MATCH(B240,'MAT. A SEREM DEVOLVIDOS'!A:A,0))","v":14},{"$f":"INDEX('MAT. A SEREM DEVOLVIDOS'!G:G,MATCH(B240,'MAT. A SEREM DEVOLVIDOS'!A:A,0))","v":11.735912533333334},{"$f":"BDI!$U$26","v":0.13519999999999999},13.32260790784,186.51651070976001,2.4307225235849661E-5,187.53321012869333,-1.0166994189333138]
["2.2.2.4","5.17"," Suportes metálicos com duas posições para fixação de tomadas fêmea RJ-45 (Keystoner) em caixas de terminais de 1\"(tipo condulete). Utilizado em BNO",null,null,"unid.",{"$f":"INDEX('MAT. A SEREM DEVOLVIDOS'!F:F,MATCH(B241,'MAT. A SEREM DEVOLVIDOS'!A:A,0))","v":14},{"$f":"INDEX('MAT. A SEREM DEVOLVIDOS'!G:G,MATCH(B241,'MAT. A SEREM DEVOLVIDOS'!A:A,0))","v":10.931072},{"$f":"BDI!$U$26","v":0.13519999999999999},12.4089529344,173.72534108159999,2.2640253019832459E-5,174.67231597759999,-0.9469748960000004]
["2.2.2.5","5.18"," Bandejas fixa para bastidor de 19\". Utilizado em BNO",null,null,"unid.",{"$f":"INDEX('MAT. A SEREM DEVOLVIDOS'!F:F,MATCH(B242,'MAT. A SEREM DEVOLVIDOS'!A:A,0))","v":2},{"$f":"INDEX('MAT. A SEREM DEVOLVIDOS'!G:G,MATCH(B242,'MAT. A SEREM DEVOLVIDOS'!A:A,0))","v":161.15},{"$f":"BDI!$U$26","v":0.13519999999999999},182.93747999999999,365.87495999999999,4.7681596803601973E-5,642.13002054739991,-276.25506054739992]
["2.2.2.6","5.19"," Patch-cords - Cordões de manobra -  UTP, com conectores RJ-45/RJ-54, EIA/TIA 568A, Cat.6 na cor vermelha. Utilizado em BNO e FTD",null,null,"unid.",4,{"$f":"INDEX('MAT. A SEREM DEVOLVIDOS'!G:G,MATCH(B243,'MAT. A SEREM DEVOLVIDOS'!A:A,0))","v":33.409999999999997},{"$f":"BDI!$U$26","v":0.13519999999999999},37.927031999999997,151.70812799999999,1.9770923353500985E-5,518.63411360226655,-366.92598560226656,null,"2X (UND)"]
["2.2.2.7","5.20"," Patch-cords - Cordões de manobra -  UTP, com conectores RJ-45/RJ-54, EIA/TIA 568A, Cat.6 na cor branca. Utilizado em BNO e FTD",null,null,"unid.",4,{"$f":"INDEX('MAT. A SEREM DEVOLVIDOS'!G:G,MATCH(B244,'MAT. A SEREM DEVOLVIDOS'!A:A,0))","v":33.409999999999997},{"$f":"BDI!$U$26","v":0.13519999999999999},37.927031999999997,151.70812799999999,1.9770923353500985E-5,529.74196733079987,-378.03383933079988,null,"2X (UND)"]
["2.2.2.8","5.21","Cordões ópticos  MM de 1,5m, com conectores  MTRJ/SC-SPC. Utilizado em BNO",null,null,"unid.",{"$f":"INDEX('MAT. A SEREM DEVOLVIDOS'!F:F,MATCH(B245,'MAT. A SEREM DEVOLVIDOS'!A:A,0))","v":2},{"$f":"INDEX('MAT. A SEREM DEVOLVIDOS'!G:G,MATCH(B245,'MAT. A SEREM DEVOLVIDOS'!A:A,0))","v":154.39130266666666},{"$f":"BDI!$U$26","v":0.13519999999999999},175.26500678719998,350.53001357439996,4.5681811006732093E-5,352.44074876756662,-1.9107351931666585]
["2.2.2.9","5.22","Cordões ópticos  SM de 1,5m, com conectores   SC/SC-SPC. Utilizado em BNO",null,null,"unid.",{"$f":"INDEX('MAT. A SEREM DEVOLVIDOS'!F:F,MATCH(B246,'MAT. A SEREM DEVOLVIDOS'!A:A,0))","v":2},{"$f":"INDEX('MAT. A SEREM DEVOLVIDOS'!G:G,MATCH(B246,'MAT. A SEREM DEVOLVIDOS'!A:A,0))","v":157.41522000000001},{"$f":"BDI!$U$26","v":0.13519999999999999},178.697757744,357.395515488,4.6576537702701215E-5,359.34367445549998,-1.9481589674999782]
["2.2.2.10","5.25","Kyestone RJ-45 Cat.6 EIA/TIA 568A blindado. Utilizado em BNO e FTD",null,null,"unid.",3,{"$f":"INDEX('MAT. A SEREM DEVOLVIDOS'!G:G,MATCH(B247,'MAT. A SEREM DEVOLVIDOS'!A:A,0))","v":104.49378400000001},{"$f":"BDI!$U$26","v":0.13519999999999999},118.6213435968,355.86403079040002,4.637695138539257E-5,715.60768330379994,-359.74365251339992,null,"2X (UND)"]
["2.2.3",null,"Material para execução dos serviços",186106.04151465642,{"$f":"D248/$D$312","v":1.8678485243669957E-2},{"$nulls":5},{"$f":"SUM(K249:K259)","v":189620.47616680959},{"$f":"K248/$K$312","v":2.4711740563751156E-2},null,{"$f":"D248-K248","v":-3514.4346521531697}]
["2.2.3.1",37,"Identificação dos cabos ópticos na cabana do SIT-BNO  e na  cabana de medição PISF."]
["2.2.3.1.1","37.1","Fornecimento de terminador óptico, extensões ópticas, adaptadores ópticos e protetores de emenda",null,null,"unid.",{"$f":"INDEX('SERVIÇOS ELETR.'!E:E,MATCH(B250,'SERVIÇOS ELETR.'!A:A,0))","v":1},{"$f":"INDEX('SERVIÇOS ELETR.'!F:F,MATCH(B250,'SERVIÇOS ELETR.'!A:A,0))","v":2776.0166480000003},{"$f":"BDI!$U$26","v":0.13519999999999999},{"$f":"H250*(1+I250)","v":3151.3340988096002},{"$f":"J250*G250","v":3151.3340988096002},{"$f":"K250/$K$312","v":4.1068850924611439E-4},3168.5119858231001,{"$f":"K250-M250","v":-17.177887013499912}]
["2.2.3.2",42,"Instalação de chave para teste, botoeiras para teste de envio de comando e contadores - Adequação no projeto."]
["2.2.3.2.1","42.1.1","Chave teste.\nCORRENTE NOMINAL:  20A\nNº CONTATOS:  28, 2 POSIÇÕES ESTÁVEIS “NORMAL” E “TESTE”\nGRAVAÇÃO:  “NORMAL” – “TESTE”\nMODELO:  CA10\nFABRICANTE / FORNECEDOR:  KRAUS & NAIMER DO BRASIL LTDA",null,null,"unid.",{"$f":"INDEX('SERVIÇOS ELETR.'!E:E,MATCH(B252,'SERVIÇOS ELETR.'!A:A,0))","v":1},{"$f":"INDEX('SERVIÇOS ELETR.'!F:F,MATCH(B252,'SERVIÇOS ELETR.'!A:A,0))","v":673.15},{"$f":"BDI!$U$26","v":0.13519999999999999},{"$f":"H252*(1+I252)","v":764.15987999999993},{"$f":"J252*G252","v":764.15987999999993},{"$f":"K252/$K$312","v":9.9586927981212115E-5},749.68715499999996,{"$f":"K252-M252","v":14.472724999999969}]
["2.2.3.2.2","42.1.2","BOTOEIRAS DE COMANDO COM CHAVE YALE, 2 CONTATOS “NA”\nFURAÇÃO:  22,5MM, ARO PRETO CROMADO\nMODELO:  KF2A-727.2RA\nFABRICANTE / FORNECEDOR:  EATON ou similar",null,null,"unid.",{"$f":"INDEX('SERVIÇOS ELETR.'!E:E,MATCH(B253,'SERVIÇOS ELETR.'!A:A,0))","v":1},{"$f":"INDEX('SERVIÇOS ELETR.'!F:F,MATCH(B253,'SERVIÇOS ELETR.'!A:A,0))","v":380.01666666666665},{"$f":"BDI!$U$26","v":0.13519999999999999},431.39491999999996,431.39491999999996,{"$f":"K253/$K$312","v":5.6220296241541443E-5},423.2245616666666,8.170358333333354]
["2.2.3.2.3","42.1.3","SINALEIRO de 125VCC (OU 250VCC)\nCOR:  VERMELHO, ARO PRETO COM LÂMPADA: BA9S\nFURAÇÃO:  22MM\nMODELO:  XB5 AVG4\nFABRICANTE / FORNECEDOR:  SCHNEIDER ou similar",null,null,"unid.",{"$f":"INDEX('SERVIÇOS ELETR.'!E:E,MATCH(B254,'SERVIÇOS ELETR.'!A:A,0))","v":1},{"$f":"INDEX('SERVIÇOS ELETR.'!F:F,MATCH(B254,'SERVIÇOS ELETR.'!A:A,0))","v":58.103333333333332},{"$f":"BDI!$U$26","v":0.13519999999999999},65.958904000000004,65.958904000000004,{"$f":"K254/$K$312","v":8.5959035462155962E-6},64.709682333333333,1.2492216666666707]
["2.2.3.2.4","42.1.4","SINALEIRO 125VCC (OU 250VCC)\nCOR:  LARANJA, ARO PRETO COM LÂMPADA: BA9S\nFURAÇÃO:  22MM\nMODELO:  XB5 AVG5\nFABRICANTE / FORNECEDOR:  SCHNEIDER ou similar",null,null,"unid.",{"$f":"INDEX('SERVIÇOS ELETR.'!E:E,MATCH(B255,'SERVIÇOS ELETR.'!A:A,0))","v":1},{"$f":"INDEX('SERVIÇOS ELETR.'!F:F,MATCH(B255,'SERVIÇOS ELETR.'!A:A,0))","v":29.793333333333333},{"$f":"BDI!$U$26","v":0.13519999999999999},33.821391999999996,33.821391999999996,{"$f":"K255/$K$312","v":4.407675170447765E-6},33.180835333333327,0.64055666666666866]
["2.2.3.3",43,"Fornecimento (sem instalação) de inversor DC/AC (250V DC / 120V AC) ou DC/DC (250V DC / 48V DC) para alimentar os modens que interligam o equipamento de teleproteção DIP 5000 com a sala do SIT. Conversor 250V - 48V - 5A Powerbras Modelo CR 250-48-5 ou similar."]
["2.2.3.3.1","43.1","Inversor 250V dc / 48V dc / 5A",null,null,"unid.",{"$f":"INDEX('SERVIÇOS ELETR.'!E:E,MATCH(B257,'SERVIÇOS ELETR.'!A:A,0))","v":1},{"$f":"INDEX('SERVIÇOS ELETR.'!F:F,MATCH(B257,'SERVIÇOS ELETR.'!A:A,0))","v":4431.625},{"$f":"BDI!$U$26","v":0.13519999999999999},{"$f":"H257*(1+I257)","v":5030.7807000000003},{"$f":"J257*G257","v":5030.7807000000003},{"$f":"K257/$K$312","v":6.5562195604952709E-4},4935.5007624999998,{"$f":"K257-M257","v":95.279937500000415}]
["2.2.3.4",46,"Realização de Retrofiting de proteção da antiga LT, pelo seccionamento da LT 04F2, PAF/BNO (terminal 04F2, na SE PAF  e terminal 04F2, na  SE BNO)."]
["2.2.3.4.1","46.1","Fornecimento de relés Schneider Easergy MiCOM P44231QB6M0E38M - Relé de proteção de Distância de Linha",null,null,"unid.",{"$f":"INDEX('SERVIÇOS ELETR.'!E:E,MATCH(B259,'SERVIÇOS ELETR.'!A:A,0))","v":4},{"$f":"INDEX('SERVIÇOS ELETR.'!F:F,MATCH(B259,'SERVIÇOS ELETR.'!A:A,0))","v":39672.089999999997},{"$f":"BDI!$U$26","v":0.13519999999999999},{"$f":"H259*(1+I259)","v":45035.756567999997},{"$f":"J259*G259","v":180143.02627199999},{"$f":"K259/$K$312","v":2.3476619295516098E-2},176731.22653199997,{"$f":"K259-M259","v":3411.7997400000168}]
["2.2.4",null,"Serviços",396817.98725704226,{"$f":"D260/$D$312","v":3.9826535770037114E-2},{"$nulls":5},{"$f":"SUM(K261:K269)","v":396817.9872570422},{"$f":"K260/$K$312","v":5.171415740723867E-2},null,{"$f":"D260-K260","v":0}]
["2.2.4.1",34,"Atualização (as built) dos projetos executivos de telecomunicações: Transmissão SDH/ PDH; teleproteção; rede de cabeamento estruturado  e CFTV",null,null,"serv.",1,{"$f":"INDEX('SERVIÇOS ELETR.'!F:F,MATCH(B261,'SERVIÇOS ELETR.'!A:A,0))","v":18298.819503999999},{"$f":"BDI!$E$26","v":0.22720000000000001},{"$f":"H261*(1+I261)","v":22456.311295308798},{"$f":"J261*G261","v":22456.311295308798},{"$f":"K261/$K$312","v":2.9265538720635235E-3},22456.311295308798,{"$f":"K261-M261","v":0}]
["2.2.4.2",37,"Identificação dos cabos ópticos na cabana do SIT-BNO  e na  cabana de medição PISF."]
["2.2.4.2.1","37.2","Preparação dos cabos ópticos, fusão, certificação das fibras ópticas e Instalação dos pigtails para encabeçar o cabo óptico na cabana do SIT-BNO  e na  cabana de medição PISF.",null,null,"serv.",1,{"$f":"INDEX('SERVIÇOS ELETR.'!F:F,MATCH(B263,'SERVIÇOS ELETR.'!A:A,0))","v":2748.3266719999997},{"$f":"BDI!$E$26","v":0.22720000000000001},{"$f":"H263*(1+I263)","v":3372.7464918783999},{"$f":"J263*G263","v":3372.7464918783999},{"$f":"K263/$K$312","v":4.3954343950323597E-4},3372.7464918783999,{"$f":"K263-M263","v":0}]
["2.2.4.3",41,"Conclusão da adaptação da caixa 30 x 30 cm no piso elevado da cabana de medição PISF para o encaminhamento correto dos cabos ópticos existentes em BNO.",null,null,"unid.",1,{"$f":"INDEX('SERVIÇOS ELETR.'!F:F,MATCH(B264,'SERVIÇOS ELETR.'!A:A,0))","v":1364.0208511999997},{"$f":"BDI!$E$26","v":0.22720000000000001},1673.9263885926398,1673.9263885926398,{"$f":"K264/$K$312","v":2.1814961903865682E-4},1673.9263885926398,0]
["2.2.4.4",42,"Instalação de chave para teste, botoeiras para teste de envio de comando e contadores - Adequação no projeto."]
["2.2.4.4.1","42.2","Adequação do projeto, fiação e chaparia do peinel e instalação dos novos componentes",null,null,"serv.",1,{"$f":"INDEX('SERVIÇOS ELETR.'!F:F,MATCH(B266,'SERVIÇOS ELETR.'!A:A,0))","v":19545.727151999999},{"$f":"BDI!$E$26","v":0.22720000000000001},{"$f":"H266*(1+I266)","v":23986.516360934402},{"$f":"J266*G266","v":23986.516360934402},{"$f":"K266/$K$312","v":3.1259734250331755E-3},23986.516360934402,{"$f":"K266-M266","v":0}]
["2.2.4.5",44,"Atualização (as built) dos Projetos OPGW: Infraestrutura dos cabos dielétricos; Plano de Emendas; Adequação dos cabos OPGW nas estruturas e pórticos (descida e escota); Adequação da infraestrutura SE PAF e BNO",null,null,"unid.",1,{"$f":"INDEX('SERVIÇOS ELETR.'!F:F,MATCH(B267,'SERVIÇOS ELETR.'!A:A,0))","v":23136.897324799997},{"$f":"BDI!$E$26","v":0.22720000000000001},28393.600396994556,28393.600396994556,{"$f":"K267/$K$312","v":3.700313915803605E-3},28393.600396994556,0]
["2.2.4.6",46,"Realização de Retrofiting de proteção da antiga LT, pelo seccionamento da LT 04F2, PAF/BNO (terminal 04F2, na SE PAF  e terminal 04F2, na  SE BNO)."]
["2.2.4.6.1","46.2","Preparação dos cabos, cabeação, identificação dos cabos (pigtails), parametrização e testes dos relés (CUSTO M.O. RETROFIT)",null,null,"serv.",1,{"$f":"INDEX('[10]SERVIÇOS ELETR.'!H:H,MATCH(B269,'[10]SERVIÇOS ELETR.'!A:A,0))/(1+I269)","v":258258.54491797052},{"$f":"[10]BDI!$E$26","v":0.22720000000000001},{"$f":"H269*(1+I269)","v":316934.88632333343},{"$f":"J269*G269","v":316934.88632333343},{"$f":"K269/$K$312","v":4.1303623135796476E-2},316934.88632333343,{"$f":"K269-M269","v":0}]
[3,null,"SUBESTAÇÃO PAULO AFONSO",{"$f":"SUM(D272:D272)","v":43522.013394263035},{"$f":"D270/$D$312","v":4.3680757397417851E-3},{"$nulls":5},{"$f":"K272","v":43522.013394263035},{"$f":"K270/$K$312","v":5.6718806193958027E-3},null,{"$f":"D270-K270","v":0}]
["3.1",null,"ELÉTRICA",{"$f":"SUM(D272:D272)","v":43522.013394263035},{"$f":"D270/$D$312","v":4.3680757397417851E-3},{"$nulls":5},{"$f":"K272","v":43522.013394263035},{"$f":"K270/$K$312","v":5.6718806193958027E-3},null,{"$f":"D271-K271","v":0}]
["3.1.2",null,"Serviços",43522.013394263035,{"$f":"D272/$D$312","v":4.3680757397417851E-3},{"$nulls":5},{"$f":"SUM(K273:K274)","v":43522.013394263035},{"$f":"K272/$K$312","v":5.6718806193958027E-3},null,{"$f":"D272-K272","v":0}]
["3.1.2.1",31,"Atualização (as built) os Projetos Executivos de Telecomunicações: Transmissão SDH / PDH; Teleproteção; Rede de Cabeamento Estruturado e CFTV",null,null,"serv.",1,{"$f":"INDEX('SERVIÇOS ELETR.'!F:F,MATCH(B273,'SERVIÇOS ELETR.'!A:A,0))","v":16171.628771199998},{"$f":"BDI!$E$26","v":0.22720000000000001},{"$f":"H273*(1+I273)","v":19845.822828016637},{"$f":"J273*G273","v":19845.822828016637},{"$f":"K273/$K$312","v":2.5863495067309583E-3},19845.822828016637,{"$f":"K273-M273","v":0}]
["3.1.2.2",33,"Atualizar (as built) os Projetos OPGW: Infraestrutura dos cabos dielétricos; Plano de Emendas; Adequação dos cabos OPGW nas estruturas e pórticos (descida e escota); Adequação da infraestrutura SE PAF e BNO",null,null,"serv.",1,{"$f":"INDEX('SERVIÇOS ELETR.'!F:F,MATCH(B274,'SERVIÇOS ELETR.'!A:A,0))","v":19292.854112000001},{"$f":"BDI!$E$26","v":0.22720000000000001},{"$f":"H274*(1+I274)","v":23676.190566246401},{"$f":"J274*G274","v":23676.190566246401},3.0855311126648448E-3,23676.190566246401,{"$f":"K274-M274","v":0}]
[4,null,"LINHA DE TRANSMISSÃO",{"$f":"D277","v":858315.35533305665},{"$f":"D275/$D$312","v":8.6144601048543934E-2},{"$nulls":5},{"$f":"K277","v":755864.02623539488},{"$f":"K275/$K$312","v":9.8505794813898498E-2},null,{"$f":"D275-K275","v":102451.32909766177}]
["4.1",null,"ELÉTRICA",{"$f":"D277","v":858315.35533305665},{"$f":"D275/$D$312","v":8.6144601048543934E-2},{"$nulls":5},{"$f":"K277","v":755864.02623539488},{"$f":"K275/$K$312","v":9.8505794813898498E-2},null,{"$f":"D276-K276","v":102451.32909766177}]
["4.1.1",null,"Sobressalente",858315.35533305665,{"$f":"D277/$D$312","v":8.6144601048543934E-2},{"$nulls":5},{"$f":"SUM(K278:K310)","v":755864.02623539488},{"$f":"K277/$K$312","v":9.8505794813898498E-2},null,{"$f":"D277-K277","v":102451.32909766177}]
["4.1.1.1","13.2","Fio aço-cobre (Copperweld), seção nominal de 21,15 mm², diâmetro nominal 5,19 mm (equivalente à bitola 4 AWG).",null,null,"m",{"$f":"INDEX(SOBRESSALENTES!J:J,MATCH('RESUMO ELÉTRICA (2)'!B278,SOBRESSALENTES!A:A,0))","v":34},{"$f":"INDEX(SOBRESSALENTES!$BV:$BV,MATCH(B278,SOBRESSALENTES!$A:$A,0))","v":12.29},{"$f":"BDI!$U$26","v":0.13519999999999999},{"$f":"H278*(1+I278)","v":13.951607999999998},{"$f":"J278*G278","v":474.35467199999994},{"$f":"K278/$K$312","v":6.1818901769634249E-5},473.59387156666656,{"$f":"K278-M278","v":0.76080043333337244}]
["4.1.1.2","13.3","Condutor CAA 954 kCM Rail",null,null,"m",{"$f":"INDEX(SOBRESSALENTES!J:J,MATCH('RESUMO ELÉTRICA (2)'!B279,SOBRESSALENTES!A:A,0))","v":1700},{"$f":"INDEX(SOBRESSALENTES!$BV:$BV,MATCH(B279,SOBRESSALENTES!$A:$A,0))","v":63.975000000000001},{"$f":"BDI!$U$26","v":0.13519999999999999},{"$f":"H279*(1+I279)","v":72.624420000000001},{"$f":"J279*G279","v":123461.514},1.6089765015103136E-2,121626.58729585001,{"$f":"K279-M279","v":1834.9267041499843}]
["4.1.1.3","13.4","Condutor CAA 176 kCM Dotterel",null,null,"m",{"$f":"INDEX(SOBRESSALENTES!J:J,MATCH('RESUMO ELÉTRICA (2)'!B280,SOBRESSALENTES!A:A,0))","v":560},{"$f":"INDEX(SOBRESSALENTES!$BV:$BV,MATCH(B280,SOBRESSALENTES!$A:$A,0))","v":44.394599999999997},{"$f":"BDI!$U$26","v":0.13519999999999999},50.396749919999998,28222.179955199997,3.6779740421223248E-3,27687.668971199997,534.51098400000046]
["4.1.1.4","13.5","Cabo OPGW 15,6mm",null,null,"m",{"$f":"INDEX(SOBRESSALENTES!J:J,MATCH('RESUMO ELÉTRICA (2)'!B281,SOBRESSALENTES!A:A,0))","v":5000},{"$f":"INDEX(SOBRESSALENTES!$BV:$BV,MATCH(B281,SOBRESSALENTES!$A:$A,0))","v":37.542000000000002},{"$f":"BDI!$U$26","v":0.13519999999999999},42.617678400000003,213088.39200000002,2.7770128873732942E-2,216737.15699999995,-3648.7649999999267]
["4.1.1.5","13.6","Condutor CAA 336 kCM Linnet",null,null,"m",{"$f":"INDEX(SOBRESSALENTES!J:J,MATCH('RESUMO ELÉTRICA (2)'!B282,SOBRESSALENTES!A:A,0))","v":920},{"$f":"INDEX(SOBRESSALENTES!$BV:$BV,MATCH(B282,SOBRESSALENTES!$A:$A,0))","v":44.213999999999999},{"$f":"BDI!$U$26","v":0.13519999999999999},50.191732799999997,46176.394175999994,6.0178051237620251E-3,45301.841255999992,874.5529200000019]
["4.1.1.6","14.5","Conector de cobre fundido estanhado para ligação do fio contrapeso de aço-cobre (COPPERWELD) diâmetro 5,19mm - 4AWG à estrutura",null,null,"unid.",{"$f":"INDEX(SOBRESSALENTES!J:J,MATCH('RESUMO ELÉTRICA (2)'!B283,SOBRESSALENTES!A:A,0))","v":3},{"$f":"INDEX(SOBRESSALENTES!$BV:$BV,MATCH(B283,SOBRESSALENTES!$A:$A,0))","v":18.244275000000002},{"$f":"BDI!$U$26","v":0.13519999999999999},20.710900980000002,62.132702940000001,8.097264950580534E-6,152.8823600675,-90.749657127500001]
["4.1.1.7","14.6","Conector paralelo para cabo aço-cobre (Copperweld) para ligação dos fios aos postes (aterramento)",null,null,"unid.",{"$f":"INDEX(SOBRESSALENTES!J:J,MATCH('RESUMO ELÉTRICA (2)'!B284,SOBRESSALENTES!A:A,0))","v":3},{"$f":"INDEX(SOBRESSALENTES!$BV:$BV,MATCH(B284,SOBRESSALENTES!$A:$A,0))","v":38.142125},{"$f":"BDI!$U$26","v":0.13519999999999999},43.298940299999998,129.89682089999999,1.6928427789164631E-5,127.4366538375,2.4601670624999912]
["4.1.1.8","14.7","Conector paralelo à compressão de cobre BURNDY YGHC2C2",null,null,"unid.",{"$f":"INDEX(SOBRESSALENTES!J:J,MATCH('RESUMO ELÉTRICA (2)'!B285,SOBRESSALENTES!A:A,0))","v":3},{"$f":"INDEX(SOBRESSALENTES!$BV:$BV,MATCH(B285,SOBRESSALENTES!$A:$A,0))","v":5.1418500000000007},{"$f":"BDI!$U$26","v":0.13519999999999999},5.8370281200000012,17.511084360000005,2.2820814631517302E-6,49.494888345,-31.983803984999994]
["4.1.1.9","14.8","Conector \"T\" para Cabos CAA Linnet / CAA Rail",null,null,"unid.",{"$f":"INDEX(SOBRESSALENTES!J:J,MATCH('RESUMO ELÉTRICA (2)'!B286,SOBRESSALENTES!A:A,0))","v":3},{"$f":"INDEX(SOBRESSALENTES!$BV:$BV,MATCH(B286,SOBRESSALENTES!$A:$A,0))","v":214.9665},{"$f":"BDI!$U$26","v":0.13519999999999999},244.0299708,732.0899124,9.5407502134174711E-5,780.6663910499999,-48.576478649999899]
["4.1.1.10","14.9","Conector  passante para cabos CAA Grosbeak / CAA Rail",null,null,"unid.",{"$f":"INDEX(SOBRESSALENTES!J:J,MATCH('RESUMO ELÉTRICA (2)'!B287,SOBRESSALENTES!A:A,0))","v":3},{"$f":"INDEX(SOBRESSALENTES!$BV:$BV,MATCH(B287,SOBRESSALENTES!$A:$A,0))","v":125.29387499999999},{"$f":"BDI!$U$26","v":0.13519999999999999},142.23360689999998,426.70082069999995,5.5608551315956294E-5,698.61718858749987,-271.91636788749992]
["4.1.1.11","14.10","Conector paralelo para cabos CAA Rail / CAA Rail",null,null,"unid.",{"$f":"INDEX(SOBRESSALENTES!J:J,MATCH('RESUMO ELÉTRICA (2)'!B288,SOBRESSALENTES!A:A,0))","v":3},{"$f":"INDEX(SOBRESSALENTES!$BV:$BV,MATCH(B288,SOBRESSALENTES!$A:$A,0))","v":104.912325},{"$f":"BDI!$U$26","v":0.13519999999999999},119.09647133999999,357.28941401999998,4.6562710335511486E-5,831.83625635249996,-474.54684233249998]
["4.1.1.12","14.11","Conector \"T\" paralelo para cabos CAA Rail/ CAA Rail",null,null,"unid.",{"$f":"INDEX(SOBRESSALENTES!J:J,MATCH('RESUMO ELÉTRICA (2)'!B289,SOBRESSALENTES!A:A,0))","v":3},{"$f":"INDEX(SOBRESSALENTES!$BV:$BV,MATCH(B289,SOBRESSALENTES!$A:$A,0))","v":140},{"$f":"BDI!$U$26","v":0.13519999999999999},158.928,476.78399999999999,6.2135496920610699E-5,524.51539104999995,-47.731391049999957]
["4.1.1.13","15.4","Adaptação 1 para ancoragem do cabo CAA Linnet nas estruturas tipo AF2s",null,null,"conj.",{"$f":"INDEX(SOBRESSALENTES!J:J,MATCH('RESUMO ELÉTRICA (2)'!B290,SOBRESSALENTES!A:A,0))","v":3},{"$f":"INDEX(SOBRESSALENTES!$BV:$BV,MATCH(B290,SOBRESSALENTES!$A:$A,0))","v":307},{"$f":"BDI!$U$26","v":0.13519999999999999},348.50639999999999,1045.5192,1.3625426824733918E-4,26987.100440999999,-25941.581241]
["4.1.1.14","15.5","Cadeia de suspensão  Simples do Jumper - SJ -1xCAA Rail",null,null,"conj.",{"$f":"INDEX(SOBRESSALENTES!J:J,MATCH('RESUMO ELÉTRICA (2)'!B291,SOBRESSALENTES!A:A,0))","v":6},{"$f":"INDEX(SOBRESSALENTES!$BV:$BV,MATCH(B291,SOBRESSALENTES!$A:$A,0))","v":609.04},{"$f":"BDI!$U$26","v":0.13519999999999999},691.38220799999999,4148.2932479999999,5.4061432920755339E-4,7495.7284483199983,-3347.4352003199983]
["4.1.1.15","15.6","Cadeia de ancoragem dupla - 40kA do cabo condutor Rail",null,null,"conj.",{"$f":"INDEX(SOBRESSALENTES!J:J,MATCH('RESUMO ELÉTRICA (2)'!B292,SOBRESSALENTES!A:A,0))","v":4},{"$f":"INDEX(SOBRESSALENTES!$BV:$BV,MATCH(B292,SOBRESSALENTES!$A:$A,0))","v":6049.1328750000002},{"$f":"BDI!$U$26","v":0.13519999999999999},6866.9756397000001,27467.9025588,3.5796750202564519E-3,28647.905760897498,-1180.0032020974977]
["4.1.1.16","15.7","Cadeia de ancoragem dupla - 40kA do cabo condutor Grosbeak",null,null,"conj.",{"$f":"INDEX(SOBRESSALENTES!J:J,MATCH('RESUMO ELÉTRICA (2)'!B293,SOBRESSALENTES!A:A,0))","v":3},{"$f":"INDEX(SOBRESSALENTES!$BV:$BV,MATCH(B293,SOBRESSALENTES!$A:$A,0))","v":4123.7494937500005},{"$f":"BDI!$U$26","v":0.13519999999999999},4681.2804253050008,14043.841275915001,1.8302230283590935E-3,13777.859433568125,265.98184234687687]
["4.1.1.17","15.8","Conjunto de ancoragem do cabo pára-raios 3/8\" EHS",null,null,"conj.",{"$f":"INDEX(SOBRESSALENTES!J:J,MATCH('RESUMO ELÉTRICA (2)'!B294,SOBRESSALENTES!A:A,0))","v":3},{"$f":"INDEX(SOBRESSALENTES!$BV:$BV,MATCH(B294,SOBRESSALENTES!$A:$A,0))","v":722.76032499999997},{"$f":"BDI!$U$26","v":0.13519999999999999},820.47752093999998,2461.4325628199999,3.207790853455506E-4,4584.5097600854988,-2123.0771972654989]
["4.1.1.18","15.9","Conjunto de ancoragem do cabo pára-raios CAA Dotterel",null,null,"conj.",{"$f":"INDEX(SOBRESSALENTES!J:J,MATCH('RESUMO ELÉTRICA (2)'!B295,SOBRESSALENTES!A:A,0))","v":3},{"$f":"INDEX(SOBRESSALENTES!$BV:$BV,MATCH(B295,SOBRESSALENTES!$A:$A,0))","v":1913.1261999999999},{"$f":"BDI!$U$26","v":0.13519999999999999},2171.7808622399998,6515.3425867199994,8.4909319363456887E-4,6705.6660070312491,-190.32342031124972]
["4.1.1.19","15.10","Cadeia de ancoragem simples - 40kA do cabo condutor Linnet",null,null,"conj.",{"$f":"INDEX(SOBRESSALENTES!J:J,MATCH('RESUMO ELÉTRICA (2)'!B296,SOBRESSALENTES!A:A,0))","v":3},{"$f":"INDEX(SOBRESSALENTES!$BV:$BV,MATCH(B296,SOBRESSALENTES!$A:$A,0))","v":2841.1757250000001},{"$f":"BDI!$U$26","v":0.13519999999999999},3225.3026830200001,9675.9080490600008,1.2609847536546527E-3,9492.6522147974993,183.25583426250159]
["4.1.1.20","15.11","Emenda Preformada p/ cabo condutor CAA Rail",null,null,"unid.",{"$f":"INDEX(SOBRESSALENTES!J:J,MATCH('RESUMO ELÉTRICA (2)'!B297,SOBRESSALENTES!A:A,0))","v":3},{"$f":"INDEX(SOBRESSALENTES!$BV:$BV,MATCH(B297,SOBRESSALENTES!$A:$A,0))","v":410},{"$f":"BDI!$U$26","v":0.13519999999999999},465.43200000000002,1396.296,1.8196824098178847E-4,4072.0105627949993,-2675.7145627949994]
["4.1.1.21","15.12","Emenda Preformada p/ cabo CAA Dotterel",null,null,"unid.",{"$f":"INDEX(SOBRESSALENTES!J:J,MATCH('RESUMO ELÉTRICA (2)'!B298,SOBRESSALENTES!A:A,0))","v":3},{"$f":"INDEX(SOBRESSALENTES!$BV:$BV,MATCH(B298,SOBRESSALENTES!$A:$A,0))","v":112.54},{"$f":"BDI!$U$26","v":0.13519999999999999},127.755408,383.26622400000002,4.9948063024610918E-5,2497.1631982499998,-2113.8969742499999]
["4.1.1.22","15.13","Emenda / Reparo Preformado p/ cabo pára-raios aço galvanizado 3/8\" EHS",null,null,"unid.",{"$f":"INDEX(SOBRESSALENTES!J:J,MATCH('RESUMO ELÉTRICA (2)'!B299,SOBRESSALENTES!A:A,0))","v":3},{"$f":"INDEX(SOBRESSALENTES!$BV:$BV,MATCH(B299,SOBRESSALENTES!$A:$A,0))","v":16},{"$f":"BDI!$U$26","v":0.13519999999999999},{"$f":"H299*(1+I299)","v":18.1632},{"$f":"J299*G299","v":54.489599999999996},7.1011996480697933E-6,185.10696329999999,{"$f":"K299-M299","v":-130.61736329999999}]
["4.1.1.23","15.14","Emenda Preformada p/ cabo CAA Grosbeak",null,null,"unid.",{"$f":"INDEX(SOBRESSALENTES!J:J,MATCH('RESUMO ELÉTRICA (2)'!B300,SOBRESSALENTES!A:A,0))","v":3},{"$f":"INDEX(SOBRESSALENTES!$BV:$BV,MATCH(B300,SOBRESSALENTES!$A:$A,0))","v":330},{"$f":"BDI!$U$26","v":0.13519999999999999},{"$f":"H300*(1+I300)","v":374.61599999999999},{"$f":"J300*G300","v":1123.848},1.4646224274143951E-4,2530.0179050999996,{"$f":"K300-M300","v":-1406.1699050999996}]
["4.1.1.24","15.15","Emenda Preformada p/ cabo CAA Linnet",null,null,"unid.",{"$f":"INDEX(SOBRESSALENTES!J:J,MATCH('RESUMO ELÉTRICA (2)'!B301,SOBRESSALENTES!A:A,0))","v":3},{"$f":"INDEX(SOBRESSALENTES!$BV:$BV,MATCH(B301,SOBRESSALENTES!$A:$A,0))","v":180},{"$f":"BDI!$U$26","v":0.13519999999999999},204.33599999999998,613.00799999999992,7.988849604078518E-5,2323.4780637249996,-1710.4700637249998]
["4.1.1.25","15.16","Amortecedor p/ cabo CAA Rail",null,null,"unid.",{"$f":"INDEX(SOBRESSALENTES!J:J,MATCH('RESUMO ELÉTRICA (2)'!B302,SOBRESSALENTES!A:A,0))","v":3},{"$f":"INDEX(SOBRESSALENTES!$BV:$BV,MATCH(B302,SOBRESSALENTES!$A:$A,0))","v":267.15937500000001},{"$f":"BDI!$U$26","v":0.13519999999999999},303.27932250000003,909.8379675000001,1.1857200373303415E-4,1578.5341291824998,-668.69616168249968]
["4.1.1.26","15.17","Amortecedor p/ cabo CAA Grosbeak",null,null,"unid.",{"$f":"INDEX(SOBRESSALENTES!J:J,MATCH('RESUMO ELÉTRICA (2)'!B303,SOBRESSALENTES!A:A,0))","v":3},{"$f":"INDEX(SOBRESSALENTES!$BV:$BV,MATCH(B303,SOBRESSALENTES!$A:$A,0))","v":599.80107499999997},{"$f":"BDI!$U$26","v":0.13519999999999999},680.89418033999993,2042.6825410199999,2.6620669891886777E-4,2003.9953716824998,38.687169337500109]
["4.1.1.27","15.18","Amortecedor p/ cabo pára-raios CAA Dotterel",null,null,"unid.",{"$f":"INDEX(SOBRESSALENTES!J:J,MATCH('RESUMO ELÉTRICA (2)'!B304,SOBRESSALENTES!A:A,0))","v":3},{"$f":"INDEX(SOBRESSALENTES!$BV:$BV,MATCH(B304,SOBRESSALENTES!$A:$A,0))","v":164.41730000000001},{"$f":"BDI!$U$26","v":0.13519999999999999},186.64651896000001,559.93955688000005,7.2972504556036619E-5,1176.1897139606249,-616.25015708062483]
["4.1.1.28","15.19","Amortecedor p/ cabo pára-raios aço galvanizado 3/8\" EHS",null,null,"unid.",{"$f":"INDEX(SOBRESSALENTES!J:J,MATCH('RESUMO ELÉTRICA (2)'!B305,SOBRESSALENTES!A:A,0))","v":3},{"$f":"INDEX(SOBRESSALENTES!$BV:$BV,MATCH(B305,SOBRESSALENTES!$A:$A,0))","v":44.264699999999998},{"$f":"BDI!$U$26","v":0.13519999999999999},50.249287439999996,150.74786232,1.9645779503869688E-5,969.50127020249988,-818.75340788249991]
["4.1.1.29","15.20","Esfera de Sinalização p/ cabo pára-raios aço galvanizado 3/8\" EHS",null,null,"unid.",{"$f":"INDEX(SOBRESSALENTES!J:J,MATCH('RESUMO ELÉTRICA (2)'!B306,SOBRESSALENTES!A:A,0))","v":3},{"$f":"INDEX(SOBRESSALENTES!$BV:$BV,MATCH(B306,SOBRESSALENTES!$A:$A,0))","v":1419.9982},{"$f":"BDI!$U$26","v":0.13519999999999999},1611.9819566399999,4835.9458699199995,6.3023066988123378E-4,5307.2902822537499,-471.34441233375037]
["4.1.1.30","15.21","Esfera de sinalização p/ cabo para-raios CAA Dotterel (ESP-6101)",null,null,"unid.",{"$f":"INDEX(SOBRESSALENTES!J:J,MATCH('RESUMO ELÉTRICA (2)'!B307,SOBRESSALENTES!A:A,0))","v":3},{"$f":"INDEX(SOBRESSALENTES!$BV:$BV,MATCH(B307,SOBRESSALENTES!$A:$A,0))","v":1419.9982},{"$f":"BDI!$U$26","v":0.13519999999999999},1611.9819566399999,4835.9458699199995,6.3023066988123378E-4,5904.2056397537499,-1068.2597698337504]
["4.1.1.31","17.2","Isolador Composto Polimérico, 242 kV, NBI 950 kV  (Fornecido com Data book, contendo: ensaios de rotinas, tipo, manual de instrução, desenhos elétricos, e mecânicos)",null,null,"unid.",{"$f":"INDEX(SOBRESSALENTES!J:J,MATCH('RESUMO ELÉTRICA (2)'!B308,SOBRESSALENTES!A:A,0))","v":14},{"$f":"INDEX(SOBRESSALENTES!$BV:$BV,MATCH(B308,SOBRESSALENTES!$A:$A,0))","v":542},{"$f":"BDI!$U$26","v":0.13519999999999999},615.27840000000003,8613.8976000000002,1.1225813110323666E-3,40837.216870244665,-32223.319270244665]
["4.1.1.32","18.1","Estrutura tipo HAG - Concreto",null,null,"conj.",{"$f":"INDEX(SOBRESSALENTES!J:J,MATCH('RESUMO ELÉTRICA (2)'!B309,SOBRESSALENTES!A:A,0))","v":1},{"$f":"INDEX(SOBRESSALENTES!$BV:$BV,MATCH(B309,SOBRESSALENTES!$A:$A,0))","v":30424.103333333333},{"$f":"BDI!$U$26","v":0.13519999999999999},34537.442104000002,34537.442104000002,4.5009923309063697E-3,33883.32388233333,654.11822166667116]
["4.1.1.33","18.2","Estrutura metálica tipo AF2s",null,null,"conj.",{"$f":"INDEX(SOBRESSALENTES!J:J,MATCH('RESUMO ELÉTRICA (2)'!B310,SOBRESSALENTES!A:A,0))","v":1},{"$f":"INDEX(SOBRESSALENTES!$BV:$BV,MATCH(B310,SOBRESSALENTES!$A:$A,0))","v":191000},{"$f":"BDI!$U$26","v":0.13519999999999999},216823.2,216823.2,2.8256856932944392E-2,242363.60189066664,-25540.401890666632]
[]
[null,null,"T O T A L   G E R A L    E L É T R I C A",{"$f":"D275+D270+D231+D8","v":9963658.138591662},{"$f":"E8+E231+E270+E275","v":1},{"$nulls":5},{"$f":"K275+K270+K232+K9","v":7673295.0347074158},{"$f":"L9+L232+L270+L275","v":1},null,{"$f":"D312-K312","v":2290363.1038842462}]
{"$rows_empty":59}
[null,null,"Grupo Motor Gerador com 155/170kVA cabinado  (Fornecido com Databook, contendo: ensaios de rotinas, tipo, manual de instrução, desenhos elétricos, e mecânicos)"]

{"sheet":"MAT. A SEREM DEVOLVIDOS","index":5,"n_rows":82,"n_cols":29,"rows_kept":82,"cut":false,"hidden":false,"merged":[[13,18,18,18],[13,19,18,19],[0,0,0,7],[2,14,2,19],[3,0,3,7],[13,6,18,6],[13,7,18,7],[13,8,18,8],[13,14,18,14],[13,15,18,15],[13,16,18,16],[13,17,18,17]]}
["ATESTADO DE RECEBIMENTO PROVISÓRIO ENTRE CHESF E CODEVASF -  ARP 002 2019 FTD - CCT 013/2014 - FLORESTA"]
["ANEXO III – PENDÊNCIAS DE FORNECIMENTO – EQUIPAMENTOS E MATERIAIS DE TELECOMUNICAÇÕES EMPRESTADOS PELA CHESF",{"$nulls":4},"BDI",{"$f":"BDI!U26","v":0.13519999999999999}]
["ITEM","DESCRIÇÃO","REFER.","FABRICANTE","UNID.","QUANT.","PREÇO UNIT, MÉDIO (R$) SEM BDI","PREÇO MÉDIO TOTAL(R$) SEM BDI","PREÇO TOTAL (R$) COM BDI FORNECIMENTO","Sistema de Referência","Código \n","Descrição \n","Valor \nR$","Data\n","COTAÇÕES EMPRESAS (R$)"]
["1. SISTEMA VOIP DE FABRICAÇÃO SIEMENS COMPOSTO DE:",{"$nulls":13},"EMPRESA JPW","JPW Sem bdi","VECTOR","Vector sem bdi","GMC ENG.","GMC  Sem bdi",null,"JPW Sem bdi","Vector sem bdi","GMC  Sem bdi",null,"CV","Média","Mediana","Menor "]
["1.1"," OpenScape Branch 250","VOIP","SIEMENS","unid.",1,{"$f":"AVERAGE(P5,R5,T5)","v":26728.006924800004},{"$f":"G5*F5","v":26728.006924800004},{"$f":"H5*(1+$G$2)","v":30341.633461032965},{"$nulls":5},22000,{"$f":"O5*(1-$G$2)","v":19025.599999999999},29601,{"$f":"Q5*(1-$G$2)","v":25598.944800000001},41118.728000000003,{"$f":"S5*(1-$G$2)","v":35559.475974400004},null,{"$f":"P5","v":19025.599999999999},{"$f":"R5","v":25598.944800000001},{"$f":"T5","v":35559.475974400004},null,{"$f":"_xlfn.STDEV.S(V5:X5)/AVERAGE(V5:X5)","v":0.31145468697768486},{"$f":"AVERAGE(V5:X5)","v":26728.006924800004},{"$f":"MEDIAN(V5:X5)","v":25598.944800000001},{"$f":"SMALL(AA5:AB5,1)","v":25598.944800000001}]
["1.2"," Access Points internos AP3610","VOIP","SIEMENS","unid.",4,{"$f":"AVERAGE(P6,R6,T6)","v":4477.9101856000007},17911.640742400003,{"$f":"H6*(1+$G$2)","v":20333.294570772483},{"$nulls":5},1620,{"$f":"O6*(1-$G$2)","v":1400.9760000000001},4359.42,{"$f":"Q6*(1-$G$2)","v":3770.0264160000002},9554.4959999999992,8262.7281407999999,null,{"$f":"P6","v":1400.9760000000001},{"$f":"R6","v":3770.0264160000002},{"$f":"T6","v":8262.7281407999999},null,0.778313212625521,4477.9101856000007,3770.0264160000002,{"$f":"SMALL(AA6:AB6,1)","v":3770.0264160000002}]
["1.3"," Access Points externos AP3865e","VOIP","SIEMENS","unid.",6,17218.758946666669,103312.55368000001,117280.41093753601,{"$nulls":5},4150,3588.92,9043.11,7820.4815280000003,46538.94,40246.875312000004,null,3588.92,7820.4815280000003,40246.875312000004,null,1.1647095608880238,17218.758946666669,7820.4815280000003,7820.4815280000003]
["1.4","Aparelhos Telefônicos Openstage 15 SIP","VOIP","SIEMENS","unid.",15,12552.099242666665,188281.48863999997,213737.14590412797,{"$nulls":5},1279.96,1106.909408,6379.02,5516.5764960000006,35884.379999999997,31032.811823999997,null,1106.909408,5516.5764960000006,31032.811823999997,null,1.2871092370510013,12552.099242666665,5516.5764960000006,5516.5764960000006]
["1.5"," Aparelhos Telefônicos Analógicos DA100","VOIP","SIEMENS","unid.",4,906.00368426666671,3624.0147370666668,4113.9815295180797,{"$nulls":5},320,276.73599999999999,430.56,372.34828800000003,2392.3759999999997,2068.9267648,null,276.73599999999999,372.34828800000003,2068.9267648,null,1.1128596312832297,906.00368426666671,372.34828800000003,372.34828800000003]
["1.6"," Aparelhos Telefônicos Sem Fio WIFI WL3","VOIP","SIEMENS","unid.",2,4476.9087472000001,8953.8174944000002,10164.37361964288,{"$nulls":5},2755,2382.5239999999999,2477.0700000000002,2142.1701360000002,10298.371999999999,8906.0321055999993,null,{"$f":"P10","v":2382.5239999999999},{"$f":"R10","v":2142.1701360000002},{"$f":"T10","v":8906.0321055999993},null,0.85720208402495823,4476.9087472000001,2382.5239999999999,2382.5239999999999]
["1.7","Aparelhos Telefônicos Sem Fio SENAO SN356 com baterias adicionais cada","VOIP","SIEMENS","unid.",2,5294.7109029333333,10589.421805866667,12021.11163401984,{"$nulls":5},3241,2802.8168000000001,4360.7700000000004,3771.1938960000002,10765.635999999999,9310.1220127999986,null,2802.8168000000001,3771.1938960000002,9310.1220127999986,null,0.66311356760363838,5294.7109029333333,3771.1938960000002,3771.1938960000002]
[]
[2,"PDH- MULTIPLEX FLEXÍVEL PDH FOX505 ABB, EQUIPADO POR:"]
["2.1","Interfaces Elétricas E1","PDH","ABB","unid.",4,{"$f":"AVERAGE(P14,R14,T14)","v":129296.66944586668},{"$f":"G14","v":129296.66944586668},{"$f":"H14*(1+$G$2)","v":146777.57915494786},{"$nulls":5},96880.27,{"$f":"O14*(1-$G$2)","v":83782.057496000009},172224,{"$f":"Q14*(1-$G$2)","v":148939.31520000001},179427.19200000001,155168.63564160001,null,83782.057496000009,148939.31520000001,155168.63564160001,null,{"$f":"_xlfn.STDEV.S(V14:X14)/AVERAGE(V14:X14)","v":0.30580584074812767},{"$f":"AVERAGE(V14:X14)","v":129296.66944586668},{"$f":"MEDIAN(V14:X14)","v":148939.31520000001},129296.66944586668]
["2.2"," Interfaces Telefônicas FXO e FXS","PDH","ABB","unid.",12,0,{"$nulls":8},0,null,0,null,0]
["2.3"," Interfaces de Áudio 2/4 fios E/M","PDH","ABB","unid.",8,0,{"$nulls":8},0,null,0,null,0]
["2.4"," Interfaces V.24","PDH","ABB","unid.",8,0,{"$nulls":8},0,null,0,null,0]
["2.5","Interfaces nx64kCod","PDH","ABB","unid.",8,0,{"$nulls":8},0,null,0,null,0]
["2.6"," Interfaces Ethernet 10/100 Mbps Base T com comutação automática","PDH","ABB","unid.",4,0,{"$nulls":8},0,null,0,null,0]
[]
[3,"ROTEADOR"]
["3.1","Switch Carrier Ethernet:\n- Modelo: ASR 903\n- Tipo: Chassi com 10 slots para montagem em rack de 19” e altura de 3 U\n- Fabricante: Cisco Networks\n- Módulos:\n- Controle e processamento (switch fabric): 02 CISCO ASR 900 Route Switch Processor 2 - 64G, Base Scale (A900-RSP2A-64)\n- Fontes de alimentação DC: 02 CISCO ASR 900 550W Enhanced DC Power Supply (A900-PWR550-D-E)\n- Sistema de ventilação:\n               - 01 CISCO ASR 903 FAN Tray With Filter Slot (A903-FAN-E)\n               - 01 CISCO ASR 903 FAN Tray Filter Blank Panel (A903-FAN-F-B)\n- Interfaces:  02 CISCO ASR 900 8 port SFP Gigabit Ethernet Interface Module (A900-IMA8S)\n- Módulos SFP:\n               - 02 CISCO 1000BASE-SX SFP transceiver module, MMF, 850nm, DOM (GLC-SX-MMD)\n               - 04 CISCO 1000BASE-T SFP transceiver module for Category 5 copper wire (GLC-TE)\n               - 02 CISCO 1000BASE-LX/LH SFP transceiver module, MMF/SMF, 1310nm, DOM (GLC-LH-SMD)\n- Software e Licenças:\n               - 01 CISCO Cisco ASR 900 RSP2 IOS XE UNIVERSAL - NO PAYLOAD ENCRYPTION (SASR900R2NPEK9315S)\n               - 01 CISCO ASR 903 Metro Aggregation Services (SLASR903-A)                                                    . - Acessórios:\n               - 01 CISCO ASR 903 EIA /JIS 19in Rack Mount Kit (A903-RCKMNT-19IN)\n               - 01 CISCO ASR 903 Cable Guide (A903-CABLE-GUIDE)\n               - 04 CISCO ASR 900 Interface Module Type-A Blank Cover (A900-IMA-BLANK)\n\n ",null,"CISCO","unid.",1,{"$f":"AVERAGE(P22,R22,T22)","v":205695.63703946667},{"$f":"G22*F22","v":205695.63703946667},{"$f":"H22*(1+$G$2)","v":233505.68716720256},{"$nulls":5},169309.44,{"$f":"O22*(1-$G$2)","v":146418.80371199999},227805.85,{"$f":"Q22*(1-$G$2)","v":197006.49908000001},316444.96799999999,{"$f":"S22*(1-$G$2)","v":273661.60832639999},null,{"$f":"P22","v":146418.80371199999},{"$f":"R22","v":197006.49908000001},{"$f":"T22","v":273661.60832639999},null,{"$f":"_xlfn.STDEV.S(V22:X22)/AVERAGE(V22:X22)","v":0.31145472760087761},{"$f":"AVERAGE(V22:X22)","v":205695.63703946667},{"$f":"MEDIAN(V22:X22)","v":197006.49908000001},{"$f":"SMALL(AA22:AB22,1)","v":197006.49908000001}]
[]
[4,"SWITCHES"]
["4.1","Switch de Sala de Telecom (-48 Vcc)\n- Quantidade: 03 unidades\n- Fabricante: Belden\n- Modelo: RSPE32\n- Software: Versão do software que faça a marcação de pacotes na Camada 3 (L3)\n- Fontes de Alimentação: 2 x -48 Vcc\n- Módulos de Interfaces:\n               - SFP: 04 SFP 1000Base-LX (LC – FO Monomodo) e 04 SFP 100Base-FX (LC – FO Multimodo)\n               - Mídia Módulos:\n                             RSPM20-4T14T1: 01 unidade (Módulo com 8 portas TP 10/100 MB)\n                              RSPM22-4T14Z6: 01 unidade (Módulo com 4 portas TP 10/100 MB PoE e 4 portas FO 100MB Slot-SFP)\n- Acessório: Trilho DIN\n- Resumo: Switch Modular Giga Ethernet para montagem em trilho DIN. Equipado com 20 portas 10/100 Base TX, sendo 12 portas PoE, 04 portas Combo Gigabit UTP/tipo SFP Óptica 1000Base-LX (conector LC) e 04 portas tipo SFP Ópticas 100BaseFX (FO multimodo e conector LC)\n- Código: RSP32-24 04 407 T99-T PP V9 99 HH SE 2S XX.X\n ",null,"BELDEN",null,1,{"$f":"MEDIAN(O25:Q25)","v":94055.58},{"$f":"G25*F25","v":94055.58},{"$f":"H25*(1+$G$2)","v":106771.894416},{"$nulls":5},94055.58,{"$f":"O25*(1-$G$2)","v":81339.265584000008},104919,{"$f":"Q25*(1-$G$2)","v":90733.951199999996},175793.00200000001,{"$f":"S25*(1-$G$2)","v":152025.7881296},null,{"$f":"P25","v":81339.265584000008},{"$f":"R25","v":90733.951199999996},{"$f":"T25","v":152025.7881296},null,{"$f":"_xlfn.STDEV.S(V25:X25)/AVERAGE(V25:X25)","v":0.35532988814862887},{"$f":"AVERAGE(V25:X25)","v":108033.00163786666},{"$f":"MEDIAN(V25:X25)","v":90733.951199999996},{"$f":"SMALL(AA25:AB25,1)","v":90733.951199999996}]
["4.2","Switch de Cabana de Relé (125/250 Vcc)\n- Quantidade: 01 unidade\n- Fabricante: Belden\n- Modelo: MACH1032\n- Software: Versão do software HiOS mais atual.\n- Fontes de Alimentação: 125/250 Vcc (Switch) e 125/250 Vcc (PoE)\n- Módulos de Interfaces: 04 SFP 1000Base-LX (LC – FO Monomodo) e 02 SFP 100Base-FX (LC – FO Multimodo)\n- Resumo: Switch Ruggedized Fast Ethernet PoE com uplink Gigabit para montagem em rack de 19”. Equipado com 24 portas 10/100 Base TX, sendo 04 portas PoE, 04 portas tipo SFP Óptica 1000Base-LX (conector LC) e 02 portas tipo SFP Ópticas 100BaseFX (FO multimodo e conector LC)\n- Código: AR1032- 4O TT TT TT TT TT TT TT TT TT TT TT TT ZZ U GG HP\n ",null,"BELDEN",null,1,{"$f":"AVERAGE(P26,R26,T26)","v":110266.3793472},{"$f":"G26*F26","v":110266.3793472},125174.39383494144,{"$nulls":5},96000,{"$f":"O26*(1-$G$2)","v":83020.800000000003},107088,92609.702399999995,179427.19200000001,155168.63564160001,null,83020.800000000003,92609.702399999995,155168.63564160001,null,{"$f":"_xlfn.STDEV.S(V26:X26)/AVERAGE(V26:X26)","v":0.35532990544646953},{"$f":"AVERAGE(V26:X26)","v":110266.3793472},{"$f":"MEDIAN(V26:X26)","v":92609.702399999995},92609.702399999995]
[]
[5,"MATERIAIS DE INSTALAÇÃO"]
["5.1"," DIO (completos com pigtails e organizador de cabos) Furukawa de 12FO para instalação na Cabana II (SMF) da SE Bom Nome",null,null,"unid.",2,{"$f":"AVERAGE(P29,R29,T29)","v":1666.4200181333333},{"$f":"G29*F29","v":3332.8400362666666},{"$f":"H29*(1+$G$2)","v":3783.4400091699199},{"$nulls":5},1670,{"$f":"O29*(1-$G$2)","v":1444.2160000000001},1862.89,{"$f":"Q29*(1-$G$2)","v":1611.027272},2247.9380000000001,1944.0167824,null,1444.2160000000001,1611.027272,1944.0167824,null,{"$f":"_xlfn.STDEV.S(V29:X29)/AVERAGE(V29:X29)","v":0.15270046213741509},{"$f":"AVERAGE(V29:X29)","v":1666.4200181333333},{"$f":"MEDIAN(V29:X29)","v":1611.027272},{"$f":"SMALL(AA29:AB29,1)","v":1611.027272}]
["5.2","Bastidor de 24U",null,null,"unid.",1,3046.524934933333,3046.524934933333,3458.4151061363195,{"$nulls":5},3250,2810.6,3625.38,3135.2286240000003,3693.0459999999998,3193.7461807999998,null,2810.6,3135.2286240000003,3193.7461807999998,null,{"$f":"_xlfn.STDEV.S(V30:X30)/AVERAGE(V30:X30)","v":6.7749757590044327E-2},{"$f":"AVERAGE(V30:X30)","v":3046.524934933333},{"$f":"MEDIAN(V30:X30)","v":3135.2286240000003},{"$f":"SMALL(AA30:AB30,1)","v":3046.524934933333}]
["5.3","Conj. de Esteiramento (40 metros) com acessórios (tirantes, hastes, perfilado \"U\", junção reta \"U\", junção 90, meia-junção, kit de descida e terminal) - SE Floresta II",null,null,"conj.",1,5173.6262191999995,5173.6262191999995,5873.1004840358391,{"$nulls":5},4258.8,3683.0102400000001,5730.22,4955.494256,7958.3419999999987,6882.3741615999988,null,3683.0102400000001,4955.494256,6882.3741615999988,null,0.31134786660273467,5173.6262191999995,4955.494256,4955.494256]
["5.4"," DG BR7000 Cook - SE Floresta II",null,null,"conj.",1,7393.8168816000007,7393.8168816000007,8393.4609239923211,{"$nulls":5},4720,4081.8560000000002,6350.76,5492.137248,14578.466,12607.4573968,null,4081.8560000000002,5492.137248,12607.4573968,null,0.61806712566965927,7393.8168816000007,5492.137248,5492.137248]
["5.5"," Régua Cook 8x30 - SE Floresta II",null,null,"unid.",10,225.77564213333335,2257.7564213333335,2563.0050894976002,{"$nulls":5},212.8,184.02944000000002,286.33,247.61818399999999,284.08799999999997,245.67930239999998,null,184.02944000000002,247.61818399999999,245.67930239999998,null,0.16018675237131438,225.77564213333335,245.67930239999998,225.77564213333335]
["5.6"," Régua Cook C303 100P - SE Floresta II",null,null,"unid.",1,1788.3458639999999,1788.3458639999999,2030.1302248128,{"$nulls":5},1472,1272.9856,1980.58,1712.805584,2751.21,2379.246408,null,1272.9856,1712.805584,2379.246408,null,0.31145297071095918,1788.3458639999999,1712.805584,1712.805584]
["5.7"," Barra de Aterramento - SE Floresta II",null,null,"unid.",1,182.24045706666666,182.24045706666666,206.87936686207999,{"$nulls":5},160,138.36799999999999,215.28,186.17414400000001,256.91399999999999,222.17922719999999,null,138.36799999999999,186.17414400000001,222.17922719999999,null,0.23070539436841919,182.24045706666666,186.17414400000001,182.24045706666666]
["5.8"," Cabo CI 50mm X 20P - SE Floresta II",null,null,"m",100,{"$f":"M36","v":10.52},1052,1194.2303999999999,"SINAPI",11920,"CABO TELEFONICO CI 50, 20 PARES, USO INTERNO",10.52,"2023-01-01"]
["5.9","Cabo CI 50mm X 10P - SE Floresta II",null,null,"m",100,{"$f":"M37","v":5.54},554,628.9008,"SINAPI",11919," CABO TELEFONICO CI 50, 10 PARES, USO INTERNO",5.54,{"$f":"N36","v":"2023-01-01"}]
["5.10","Conector IEC mc 0,40/2,5 (p/3 DID) - SE Floresta II",null,null,"unid.",300,18.879160533333334,5663.7481600000001,6429.4869112320002,{"$nulls":5},13.58,11.743984000000001,18.27,15.799896,33.641999999999996,29.093601599999996,null,11.743984000000001,15.799896,29.093601599999996,null,{"$f":"_xlfn.STDEV.S(V38:X38)/AVERAGE(V38:X38)","v":0.48071234111589151},{"$f":"AVERAGE(V38:X38)","v":18.879160533333334},{"$f":"MEDIAN(V38:X38)","v":15.799896},{"$f":"SMALL(AA38:AB38,1)","v":15.799896}]
["5.11"," Balluns  G.703/ETH Utilizado em FTD",null,null,"unid.",2,1257.4405317333333,2514.8810634666665,2854.89298324736,{"$nulls":5},1035.01,895.07664799999998,1392.6,1204.3204799999999,1934.4639999999999,1672.9244672,null,895.07664799999998,1204.3204799999999,1672.9244672,null,{"$f":"_xlfn.STDEV.S(V39:X39)/AVERAGE(V39:X39)","v":0.31145423403840611},{"$f":"AVERAGE(V39:X39)","v":1257.4405317333333},{"$f":"MEDIAN(V39:X39)","v":1204.3204799999999},{"$f":"SMALL(AA39:AB39,1)","v":1204.3204799999999}]
["5.12","Patch-panel Cat.6 Furukawa, com 24 portas (tomadas). Utilizado em FTD",null,null,"unid.",3,{"$f":"M40","v":1082.3499999999999},3247.0499999999997,3686.0511599999995,"SINAPI",39596,"PATCH PANEL, 24 PORTAS, CATEGORIA 6, COM RACKS DE 19\" DE LARGURA E 1 U DE ALTURA",1082.3499999999999,{"$f":"N37","v":"2023-01-01"}]
["5.13","Patch-panel descarregado com 12 posições para Keystone. Utilizado em FTD",null,null,"unid.",1,772.23469066666667,772.23469066666667,876.64082084480003,{"$nulls":5},678,586.33439999999996,912.25,788.91380000000004,1088.6399999999999,941.45587199999989,null,586.33439999999996,788.91380000000004,941.45587199999989,null,{"$f":"_xlfn.STDEV.S(V41:X41)/AVERAGE(V41:X41)","v":0.23069061687060505},{"$f":"AVERAGE(V41:X41)","v":772.23469066666667},{"$f":"MEDIAN(V41:X41)","v":788.91380000000004},{"$f":"SMALL(AA41:AB41,1)","v":772.23469066666667}]
["5.14"," Organizadores de cabos de 19\", Utilizado em FTD",null,null,"unid.",5,{"$f":"M42","v":60.9},304.5,345.66840000000002,"SEDOP","L00006","Organizador horizontal de cabos fechado p/ CB 19\" 1 U/A",60.9,"2023-02-01"]
["5.15"," DIO A270 Furukawa com 01 (um) BEO, acessórios para 24 fibras incluindo os respectivos pigtails com conectores SC. Utilizado em BNO",null,null,"unid.",1,4145.9249962666663,4145.9249962666663,4706.4540557619193,{"$nulls":5},3640,3147.8719999999998,4897.62,4235.4617760000001,5844.6359999999995,5054.4412127999994,null,3147.8719999999998,4235.4617760000001,5054.4412127999994,null,{"$f":"_xlfn.STDEV.S(V43:X43)/AVERAGE(V43:X43)","v":0.23069231703783855},{"$f":"AVERAGE(V43:X43)","v":4145.9249962666663},{"$f":"MEDIAN(V43:X43)","v":4235.4617760000001},{"$f":"SMALL(AA43:AB43,1)","v":4145.9249962666663}]
["5.16"," Espelhos de liga de alumínio (Daisa), para caixas de terminais de 1\" com 2 furos cada. Utilizado em BNO",null,null,"unid.",14,11.735912533333334,164.30277546666667,186.51651070976001,{"$nulls":5},11.4,9.8587199999999999,15.34,13.266032000000001,13.972,12.082985600000001,null,9.8587199999999999,13.266032000000001,12.082985600000001,null,0.14740803361042246,11.735912533333334,12.082985600000001,11.735912533333334]
["5.17"," Suportes metálicos com duas posições para fixação de tomadas fêmea RJ-45 (Keystoner) em caixas de terminais de 1\"(tipo condulete). Utilizado em BNO",null,null,"unid.",14,10.931072,153.035008,173.72534108159999,{"$nulls":5},9.85,8.518279999999999,13.25,11.458600000000001,14.82,12.816336,null,8.518279999999999,11.458600000000001,12.816336,null,0.20099141142933022,10.931072,11.458600000000001,10.931072]
["5.18"," Bandejas fixa para bastidor de 19\". Utilizado em BNO",null,null,"unid.",2,{"$f":"M46","v":161.15},322.3,365.87495999999999,"ORSE",13766," Bandeja Fixa P/Rack 19\" X 500 mm um",161.15,"2022-11-01"]
["5.19"," Patch-cords - Cordões de manobra -  UTP, com conectores RJ-45/RJ-54, EIA/TIA 568A, Cat.6 na cor vermelha. Utilizado em BNO e FTD",null,null,"unid.",8,{"$f":"M47","v":33.409999999999997},267.27999999999997,303.41625599999998,"SINAPI",39607,"PATCH CORD (CABO DE REDE), CATEGORIA 6 (CAT 6) UTP, 23 AWG, 4 PARES, EXTENSAO DE 2,50 M",33.409999999999997,{"$f":"N37","v":"2023-01-01"}]
["5.20"," Patch-cords - Cordões de manobra -  UTP, com conectores RJ-45/RJ-54, EIA/TIA 568A, Cat.6 na cor branca. Utilizado em BNO e FTD",null,null,"unid.",8,{"$f":"M48","v":33.409999999999997},267.27999999999997,303.41625599999998,{"$f":"J47","v":"SINAPI"},{"$f":"K47","v":39607},{"$f":"L47","v":"PATCH CORD (CABO DE REDE), CATEGORIA 6 (CAT 6) UTP, 23 AWG, 4 PARES, EXTENSAO DE 2,50 M"},{"$f":"M47","v":33.409999999999997},{"$f":"N47","v":"2023-01-01"}]
["5.21"," Cordões ópticos  MM de 1,5m, com conectores  MTRJ/SC-SPC. Utilizado em BNO",null,null,"unid.",2,154.39130266666666,308.78260533333332,350.53001357439996,{"$nulls":5},144,124.5312,193.75,167.55500000000001,197.83499999999998,171.08770799999999,null,124.5312,167.55500000000001,171.08770799999999,null,{"$f":"_xlfn.STDEV.S(V49:X49)/AVERAGE(V49:X49)","v":0.16788421813027157},{"$f":"AVERAGE(V49:X49)","v":154.39130266666666},{"$f":"MEDIAN(V49:X49)","v":167.55500000000001},{"$f":"SMALL(AA49:AB49,1)","v":154.39130266666666}]
["5.22","Cordões ópticos  SM de 1,5m, com conectores   SC/SC-SPC. Utilizado em BNO",null,null,"unid.",2,157.41522000000001,314.83044000000001,357.395515488,{"$nulls":5},136,117.61280000000001,182.99,158.249752,227.08499999999998,196.38310799999999,null,117.61280000000001,158.249752,196.38310799999999,null,0.25024126973620636,157.41522000000001,158.249752,157.41522000000001]
["5.23","Cartucho cassete com  200 etiquetas cada na cor branca e preta, com rótulos de  25.4 X 38 X 12.7 mm  cada, para Rotuladora Panduit LS8. Utilizado em FTD",null,null,"unid.",2,263.21196933333334,526.42393866666669,597.59645517440003,{"$nulls":5},210,181.608,282.56,244.357888,420.52500000000003,363.67002000000002,null,181.608,244.357888,363.67002000000002,null,0.35136621552992586,263.21196933333334,244.357888,244.357888]
["5.24","Aparelhos telefônicos analógicos  Siemens Mod.  EUROSET 3005. Utilizado em FTD",null,null,"unid.",10,401.0870333333333,4010.8703333333328,4553.1400023999995,{"$nulls":5},320,276.73599999999999,430.56,372.34828800000003,640.81499999999994,554.17681199999993,null,276.73599999999999,372.34828800000003,554.17681199999993,null,0.35138359183963208,401.0870333333333,372.34828800000003,372.34828800000003]
["5.25","Kyestone RJ-45 Cat.6 EIA/TIA 568A blindado. Utilizado em BNO e FTD",null,null,"unid.",6,104.49378400000001,626.96270400000003,711.72806158080004,{"$nulls":5},76,65.724800000000002,102.26,88.434448000000003,184.23,159.322104,null,65.724800000000002,88.434448000000003,159.322104,null,0.46721934308377833,104.49378400000001,88.434448000000003,88.434448000000003]
["5.26","Conectores plug RJ-45 macho, Cat.6  EIA/TIA 568A  blindado Utilizado em FTD",null,null,"unid.",6,{"$f":"M54","v":3.5},21,23.839199999999998,"ORSE",13777,"Conector RJ 45 Blindado P/Cameras e CAT 6 um",3.5,"2022-11-01"]
[null,"SE Bom Nome",{"$nulls":4},"TOTAL ",{"$f":"(H53/2)+H50+H49+(H48/2)+(H47/2)+H46+H45+H44+H43+H29","v":9322.7772133333328},{"$f":"(I53/2)+I50+I49+(I48/2)+(I47/2)+I46+I45+I44+I43+I29","v":10583.216692575999}]
[null,"SE Floresta",{"$nulls":4},"TOTAL ",{"$f":"SUM(H5:H11)+H14+H22+H26+SUM(H30:H42)+(H47/2)+(H48/2)+H54+(H53/2)+H52+H51+H25","v":937804.99017333344},{"$f":"SUM(I5:I11)+I14+I22+I26+SUM(I30:I42)+(I47/2)+(I48/2)+I54+(I53/2)+I52+I51+I25","v":1064596.2248447682}]
[null,"TOTAL (R$) ",{"$nulls":5},{"$f":"SUM(H29:H54)+SUM(H25:H26)+H14+SUM(H5:H11)+H22","v":947127.76738666662},{"$f":"I56+I55","v":1075179.4415373441}]
[]
[]
[null,"Aparelhos telefônicos analógicos  Siemens Mod.  EUROSET 3005",{"$nulls":6},{"$f":"SUM(I5:I35)+I38+I39+I41+I43+I44+I45+I49+I50+I51+I52+I53","v":1068328.0441053435}]
[null,"Cotação Google shopping - 15/03/2023"]
[]
[{"$nulls":10},"Cotação 1","Cotação 2","Cotação 3","Cotação 4","Cotação 5","Cotação 6"]
[{"$nulls":10},170.93,91,139,{"$f":"809.1/10","v":80.91},193.6,215]
[]
[{"$nulls":9},"CV=",{"$f":"_xlfn.STDEV.S(K64:P64)/AVERAGE(K64:P64)","v":0.36813526249914946}]
[{"$nulls":9},"Média=",{"$f":"AVERAGE(K64:Q64)","v":148.40666666666667}]
[{"$nulls":9},"Mediana=",{"$f":"MEDIAN(K64:Q64)","v":154.965}]
[{"$nulls":9},"Menor =",{"$f":"SMALL(K67:K68,1)","v":148.40666666666667}]
[]
[{"$nulls":9},"Desv Pad=",{"$f":"_xlfn.STDEV.S(K64:Q64)","v":54.633727189957106}]
[{"$nulls":9},"Limite Sup=",{"$f":"K67+K71","v":203.04039385662378}]
[{"$nulls":9},"Limite Inferior=",{"$f":"K67-K71","v":93.772939476709553}]
[]
[]
[{"$nulls":9},"Cotações","Valor","CV","CV (-maior)"]
[{"$nulls":9},1,170.93,{"$f":"_xlfn.STDEV.S(K77:K82)/AVERAGE(K77:K82)","v":0.36813526249914946},{"$f":"STDEVA(K77:K82-LARGE(K77:K82,1))","v":{"$error":"#DIV/0!"}}]
[{"$nulls":9},2,91]
[{"$nulls":9},3,139]
[{"$nulls":9},4,{"$f":"809.1/10","v":80.91}]
[{"$nulls":9},5,193.6]
[{"$nulls":9},6,215]

{"sheet":"SOBRESSALENTES","index":6,"n_rows":87,"n_cols":84,"rows_kept":87,"cut":false,"hidden":false,"merged":[[6,75,7,75],[6,76,7,76],[6,74,7,74],[86,0,86,1],[0,0,0,9],[1,0,1,9],[2,0,2,9],[4,0,4,9],[5,0,5,9],[81,61,84,61],[6,11,6,40],[6,69,7,69],[6,71,7,71],[6,73,7,73],[6,70,7,70],[6,72,7,72],[81,62,84,62],[81,65,84,65],[81,66,84,66]]}
["ANEXO IV – PENDÊNCIAS DE FORNECIMENTO – SOBRESSALENTES, TREINAMENTOS E FERRAMENTAS ESPECIAIS"]
["ATESTADO DE RECEBIMENTO PROVISÓRIO ENTRE CHESF E CODEVASF -  CCT 012/2014 -  ENTRADA DE LINHA NA SUBESTAÇÃO BOM NOME"]
["ATESTADO DE RECEBIMENTO PROVISÓRIO ENTRE CHESF E CODEVASF -  CCT 013/2014 - SE FLORESTA"]
[{"$nulls":10},"BDI"]
["ANEXO VI – RESERVA TÉCNICA, SOBRESSALENTES E FERRAMENTAS ESPECIAIS PARA A LT SEECIONAMENTO PAULO AFONSO BOM NOME (C2), 230 kV",{"$nulls":9},{"$f":"BDI!U26","v":0.13519999999999999}]
[]
["ITEM","DESCRIÇÃO DO EQUIPAMENTO OU COMPONENTE","REFERÊNCIA",null,"MODELO","FABRICANTE","APLICAÇÃO","LOCAL DE APLICAÇÃO","UNID.","QUANT.",{"$nulls":59},"VALOR MÁXIMO UNIT. ENTRE AS COTAÇÕES","VALOR MÁXIMO TOTAL DAS COTAÇÕES","VALOR MÍNIMO UNIT. ENTRE AS COTAÇÕES","VALOR MÍNIMO TOTAL DAS COTAÇÕES",{"$f":"CF9","v":"Valor a ser usado"},"Valor a ser usado x quantitativo","VALOR TOTAL COM BDI DE FORNECNIMENTO","OBSERVAÇÃO"]
[{"$nulls":11},"PROELETRIC","SF6 SERVIÇOS","ENERVAC","CENTELHA PE","GKE","ARTECHE","SIEMENS","BONOMI","BALESTRO","GE","VIEIRA VARELA","CORDEIRO","JN","WEG","ZTT","CROSSFOX","LIDER SUPPLY","POLIMETAL","DELTA","EMP. ALINE","MAXXWELD","ELETRIL","PPC SANTANA","FISCHER","SEDIVER","ELECTRISA","MAGAZINE ELE","MACLEAN","NOLUZ ELETRICA","FORJASUL","APS-ABB","RTR","RITZ - SP","RITZ-MG","PELEGRINE","CONPREN","EMPAC","BRAMETAL","SIGMA CHAVES","SAE TOWERS","SOLUÇÃO CABOS","GSL","INCOMISA","MAQUIGERAL","SADEL","PLP","FURUKAWA","TEXPI","ADELCO","PROTECO","SILMAQUINAS","SOTREQ CAT","AKP METALÚRGICA","MCR COMERCIAL","Chicago","STEMAC","TRACEL"]
["1. ","RESERVA TÉCNICA SE",{"$nulls":76},"CV (todos)","CV (-MAIOR)","Média (- MAIOR)","Mediana (- MAIOR)","Menor entre média e mediana","Valor a ser usado"]
["1.1","Transformador de  corrente, 242 kV, NBI 950 kV, IT 40,0 kA, ID 100,0 kA, 3 núcleos de proteção, relação150/300x300/600x600/1200:5/5/5A, exat. 10B800, 1 núcleo de medição (controle), relação 150/300x300/600x600/1200:5A, exatidão 0,6 C 50,  fator térmico para todos enrolamentos 1,0. (Fornecido com Data book, contendo: ensaios de rotinas, tipo, manual de instrução, desenhos elétricos, e mecânicos)","ARP 001 2019 BNO -ANEXO  II","RESERVA TÉCNICA SE","CA-245","ARTECHE","PÁTIO SE","SE BOM NOME","unid.",1,{"$nulls":6},131046,null,null,null,89000,78129,{"$nulls":19},411755,{"$nulls":27},{"$f":"MAX(L10:BP10)","v":411755},{"$f":"BR10*J10","v":411755},{"$f":"MIN(L10:BP10)","v":78129},{"$f":"BT10*J10","v":78129},{"$f":"CF10","v":89000},{"$f":"BV10*J10","v":89000},{"$f":"BW10*(1+$K$5)","v":101032.8},"COTAÇÃO FINALIZADA - 3 COTAÇÕES",{"$f":"LARGE(L10:BP10,1)","v":411755},{"$f":"_xlfn.STDEV.S(L10:BP10)/AVERAGE(L10:BP10)","v":0.88932608605843844},{"$f":"_xlfn.STDEV.S(IF(NOT($L10:$BP10=$BZ10)*ISNUMBER($L10:$BP10),$L10:$BP10,\"\"))/AVERAGE(IF(NOT($L10:$BP10=$BZ10)*ISNUMBER($L10:$BP10),$L10:$BP10,\"\"))","v":0.28118185859330014},{"$f":"AVERAGE(IF(NOT($L10:$BP10=$BZ10)*ISNUMBER($L10:$BP10),$L10:$BP10,\"\"))","v":99391.666666666672},{"$f":"MEDIAN(IF(NOT($L10:$BP10=$BZ10)*ISNUMBER($L10:$BP10),$L10:$BP10,\"\"))","v":89000},{"$f":"SMALL(CC10:CD10,1)","v":89000},{"$f":"IF(CB10>50%,SMALL(L10:BP10,1),CE10)","v":89000}]
["1.2","Transformador de potencial capacitivo monofásico, 242 KV, de relação 242000/R3 – 115/115/R3 - 115/115/R3 - 115/115/R3V, classe de exatidão 0,3OWXY medição e  0,6OWXYZ proteção, 950 KV DE NBI.  (Fornecido com Data book, contendo: ensaios de rotinas, tipo, manual de instrução, desenhos elétricos, e mecânicos)","ARP 001 2019 BNO -ANEXO  II","RESERVA TÉCNICA SE","DFK-245","ARTECHE","PÁTIO SE","SE BOM NOME","unid.",1,{"$nulls":6},69680,null,null,null,57000,53793,{"$nulls":19},375950,{"$nulls":27},375950,375950,53793,53793,{"$f":"CF11","v":57000},57000,64706.400000000001,"COTAÇÃO FINALIZADA - 3 COTAÇÕES",{"$f":"LARGE(L11:BP11,1)","v":375950},{"$f":"_xlfn.STDEV.S(L11:BP11)/AVERAGE(L11:BP11)","v":1.1361506744657748},{"$f":"_xlfn.STDEV.S(IF(NOT($L11:$BP11=$BZ11)*ISNUMBER($L11:$BP11),$L11:$BP11,\"\"))/AVERAGE(IF(NOT($L11:$BP11=$BZ11)*ISNUMBER($L11:$BP11),$L11:$BP11,\"\"))","v":0.13965022792150492},{"$f":"AVERAGE(IF(NOT($L11:$BP11=$BZ11)*ISNUMBER($L11:$BP11),$L11:$BP11,\"\"))","v":60157.666666666664},{"$f":"MEDIAN(IF(NOT($L11:$BP11=$BZ11)*ISNUMBER($L11:$BP11),$L11:$BP11,\"\"))","v":57000},{"$f":"SMALL(CC11:CD11,1)","v":57000},57000]
["1.3","Para-raios, tipo  estação  192 kV, ZnO, In 10 kA  (Fornecido com Data book, contendo: ensaios de rotinas, tipo, manual de instrução, desenhos elétricos, e mecânicos)","ARP 001 2019 BNO -ANEXO  II","RESERVA TÉCNICA SE","RVLQC-192VY","TOSHIBA","PÁTIO SE","SE BOM NOME","unid.",1,{"$nulls":8},32297.17,17562.240000000002,{"$nulls":17},46852.33,{"$nulls":30},1,46852.33,46852.33,17562.240000000002,17562.240000000002,24929.705000000002,24929.705000000002,28300.201116,"COTAÇÃO FINALIZADA - 3 COTAÇÕES",46852.33,0.45429242444514056,{"$f":"_xlfn.STDEV.S(IF(NOT($L12:$BP12=$BZ12)*ISNUMBER($L12:$BP12),$L12:$BP12,\"\"))/AVERAGE(IF(NOT($L12:$BP12=$BZ12)*ISNUMBER($L12:$BP12),$L12:$BP12,\"\"))","v":0.41794192604000246},{"$f":"AVERAGE(IF(NOT($L12:$BP12=$BZ12)*ISNUMBER($L12:$BP12),$L12:$BP12,\"\"))","v":24929.705000000002},{"$f":"MEDIAN(IF(NOT($L12:$BP12=$BZ12)*ISNUMBER($L12:$BP12),$L12:$BP12,\"\"))","v":24929.705000000002},24929.705000000002,24929.705000000002]
["1.4","Transformador de  corrente, 242 kV, NBI 950 kV, IT 40,0 kA, ID 100,0 kA, 3 núcleos de proteção, relação150/300x300/600x600/1200:5/5/5A, exat. 10B800, 1 núcleo de medição (controle), relação 150/300x300/600x600/1200:5A, exatidão 0,6 C 50,  fator térmico para todos enrolamentos 1,0.  (Fornecido com Data book, contendo: ensaios de rotinas, tipo, manual de instrução, desenhos elétricos, e mecânicos)","ARP 002 2019 FTD -ANEXO  IV","RESERVA TÉCNICA SE","CA-245","ARTECHE","PÁTIO SE ","SE FLORESTA","unid.",5,{"$nulls":6},131046,null,null,null,89000,78129,{"$nulls":19},411755,{"$nulls":27},411755,2058775,78129,390645,89000,445000,505164,"COTAÇÃO FINALIZADA - 3 COTAÇÕES",411755,0.88932608605843844,{"$f":"_xlfn.STDEV.S(IF(NOT($L13:$BP13=$BZ13)*ISNUMBER($L13:$BP13),$L13:$BP13,\"\"))/AVERAGE(IF(NOT($L13:$BP13=$BZ13)*ISNUMBER($L13:$BP13),$L13:$BP13,\"\"))","v":0.28118185859330014},{"$f":"AVERAGE(IF(NOT($L13:$BP13=$BZ13)*ISNUMBER($L13:$BP13),$L13:$BP13,\"\"))","v":99391.666666666672},{"$f":"MEDIAN(IF(NOT($L13:$BP13=$BZ13)*ISNUMBER($L13:$BP13),$L13:$BP13,\"\"))","v":89000},89000,89000]
["1.5","Transformador de potencial capacitivo monofásico, 242 KV, de relação 242000/R3 – 115/115/R3 - 115/115/R3 - 115/115/R3V, classe de exatidão 0,3OWXY medição e  0,6OWXYZ proteção, 950 KV DE NBI.  (Fornecido com Data book, contendo: ensaios de rotinas, tipo, manual de instrução, desenhos elétricos, e mecânicos)","ARP 002 2019 FTD -ANEXO  IV","RESERVA TÉCNICA SE","DFK-245","ARTECHE","PÁTIO SE","SE FLORESTA","unid.",5,{"$nulls":6},69680,null,null,null,57000,53793,{"$nulls":19},375950,{"$nulls":27},375950,1879750,53793,268965,57000,285000,323532,"COTAÇÃO FINALIZADA - 3 COTAÇÕES",375950,1.1361506744657748,{"$f":"_xlfn.STDEV.S(IF(NOT($L14:$BP14=$BZ14)*ISNUMBER($L14:$BP14),$L14:$BP14,\"\"))/AVERAGE(IF(NOT($L14:$BP14=$BZ14)*ISNUMBER($L14:$BP14),$L14:$BP14,\"\"))","v":0.13965022792150492},{"$f":"AVERAGE(IF(NOT($L14:$BP14=$BZ14)*ISNUMBER($L14:$BP14),$L14:$BP14,\"\"))","v":60157.666666666664},{"$f":"MEDIAN(IF(NOT($L14:$BP14=$BZ14)*ISNUMBER($L14:$BP14),$L14:$BP14,\"\"))","v":57000},57000,57000]
["1.6","Para-raios, tipo  estação  192 kV, ZnO, In 10 kA  (Fornecido com Data book, contendo: ensaios de rotinas, tipo, manual de instrução, desenhos elétricos, e mecânicos)","ARP 002 2019 FTD -ANEXO  IV",null,"RVLQC-192VY","TOSHIBA","PÁTIO SE","SE FLORESTA","unid.",4,{"$nulls":8},32297.17,17562.240000000002,{"$nulls":17},46852.33,{"$nulls":30},1,46852.33,187409.32,17562.240000000002,70248.960000000006,24929.705000000002,99718.82,113200.804464,"COTAÇÃO FINALIZADA - 3 COTAÇÕES",46852.33,0.45429242444514056,{"$f":"_xlfn.STDEV.S(IF(NOT($L15:$BP15=$BZ15)*ISNUMBER($L15:$BP15),$L15:$BP15,\"\"))/AVERAGE(IF(NOT($L15:$BP15=$BZ15)*ISNUMBER($L15:$BP15),$L15:$BP15,\"\"))","v":0.41794192604000246},{"$f":"AVERAGE(IF(NOT($L15:$BP15=$BZ15)*ISNUMBER($L15:$BP15),$L15:$BP15,\"\"))","v":24929.705000000002},{"$f":"MEDIAN(IF(NOT($L15:$BP15=$BZ15)*ISNUMBER($L15:$BP15),$L15:$BP15,\"\"))","v":24929.705000000002},24929.705000000002,24929.705000000002]
["1.7","Disjuntor tripolar a gás SF6, uso externo, 1250 A, 60  hz, 50 kA e com acionamento monopolar (incluso sobressalentes)  (Fornecido com Data book, contendo: ensaios de rotinas, tipo, manual de instrução, desenhos elétricos, e mecânicos)","ARP 002 2019 FTD -ANEXO  IV","RESERVA TÉCNICA SE","3AP1 FI 245 kV","SIEMENS","PÁTIO SE","SE FLORESTA E SE BOM NOME","unid.",2,{"$nulls":7},433112.1,null,null,{"$f":"470000+188651.36","v":658651.36},{"$nulls":16},1684087,{"$nulls":31},1684087,3368174,433112.1,866224.2,545881.73,1091763.46,1239369.8797919999,"Com TRÊS cotação após a especificação da  CHESF,  equipamento + sobressalentes, em decorrência da especificação de sobressalentes definido em e-mail (02/12/2020)",{"$f":"LARGE(L16:BP16,1)","v":1684087},0.72058875914642928,{"$f":"_xlfn.STDEV.S(IF(NOT($L16:$BP16=$BZ16)*ISNUMBER($L16:$BP16),$L16:$BP16,\"\"))/AVERAGE(IF(NOT($L16:$BP16=$BZ16)*ISNUMBER($L16:$BP16),$L16:$BP16,\"\"))","v":0.2921518186179185},{"$f":"AVERAGE(IF(NOT($L16:$BP16=$BZ16)*ISNUMBER($L16:$BP16),$L16:$BP16,\"\"))","v":545881.73},{"$f":"MEDIAN(IF(NOT($L16:$BP16=$BZ16)*ISNUMBER($L16:$BP16),$L16:$BP16,\"\"))","v":545881.73},545881.73,545881.73]
["1.8","Chave Seccionadora Tripolar com lâmina de terra,  SAV 245 kV, 1250 A, 50 kA  (incluso sobressalentes)  (Fornecido com Data book, contendo: ensaios de rotinas, tipo, manual de instrução, desenhos elétricos, e mecânicos)","ARP 002 2019 FTD -ANEXO  IV","RESERVA TÉCNICA SE","EVL-245-3150-950-MO-LT-MO","SIEMENS","PÁTIO SE","SE FLORESTA E SE BOM NOME","unid.",2,{"$nulls":7},192541.19,{"$nulls":6},180866,{"$nulls":24},110000,{"$nulls":19},192541.19,385082.38,110000,220000,145433,290866,330191.08319999999,"Com TRÊS cotação após a especificação da  CHESF,  equipamento + sobressalentes, em decorrência da especificação de sobressalentes definido em e-mail (02/12/2020)",192541.19,0.27720691067426179,{"$f":"_xlfn.STDEV.S(IF(NOT($L17:$BP17=$BZ17)*ISNUMBER($L17:$BP17),$L17:$BP17,\"\"))/AVERAGE(IF(NOT($L17:$BP17=$BZ17)*ISNUMBER($L17:$BP17),$L17:$BP17,\"\"))","v":0.34455611281872672},{"$f":"AVERAGE(IF(NOT($L17:$BP17=$BZ17)*ISNUMBER($L17:$BP17),$L17:$BP17,\"\"))","v":145433},{"$f":"MEDIAN(IF(NOT($L17:$BP17=$BZ17)*ISNUMBER($L17:$BP17),$L17:$BP17,\"\"))","v":145433},145433,145433]
["1.9","Chave Seccionadora Tripolar sem lâmina de terra,  SAV 245 kV, 1250 A, 50 kA (incluso sobressalentes)  (Fornecido com Data book, contendo: ensaios de rotinas, tipo, manual de instrução, desenhos elétricos, e mecânicos)","ARP 002 2019 FTD -ANEXO  IV","RESERVA TÉCNICA SE","EVL-245-3150-950-MO","SIEMENS","PÁTIO SE","SE FLORESTA E SE BOM NOME","unid.",2,{"$nulls":7},166925.74,{"$nulls":6},135868,{"$nulls":24},82000,{"$nulls":19},166925.74,333851.48,82000,164000,108934,217868,247323.7536,"Com TRÊS cotação após a especificação da  CHESF,  equipamento + sobressalentes, em decorrência da especificação de sobressalentes definido em e-mail (02/12/2020)",166925.74,0.3350136798260388,{"$f":"_xlfn.STDEV.S(IF(NOT($L18:$BP18=$BZ18)*ISNUMBER($L18:$BP18),$L18:$BP18,\"\"))/AVERAGE(IF(NOT($L18:$BP18=$BZ18)*ISNUMBER($L18:$BP18),$L18:$BP18,\"\"))","v":0.34966519258410544},{"$f":"AVERAGE(IF(NOT($L18:$BP18=$BZ18)*ISNUMBER($L18:$BP18),$L18:$BP18,\"\"))","v":108934},{"$f":"MEDIAN(IF(NOT($L18:$BP18=$BZ18)*ISNUMBER($L18:$BP18),$L18:$BP18,\"\"))","v":108934},108934,108934]
["1.10","Chave Seccionadora Tripolar sem lâmina de terra,  SAV-R 245 kV, 1250 A, 50 kA (incluso sobressalentes)  (Fornecido com Data book, contendo: ensaios de rotinas, tipo, manual de instrução, desenhos elétricos, e mecânicos)","ARP 002 2019 FTD -ANEXO  IV","RESERVA TÉCNICA SE","EVR-245-3150-950-MO","SIEMENS","PÁTIO SE","SE FLORESTA E SE BOM NOME","unid.",2,{"$nulls":7},233740.54,{"$nulls":6},124978,{"$nulls":24},120000,{"$nulls":19},233740.54,467481.08,120000,240000,122489,244978,278099.02559999999,"Com TRÊS cotação após a especificação da  CHESF,  equipamento + sobressalentes, em decorrência da especificação de sobressalentes definido em e-mail (02/12/2020)",233740.54,0.40282112564050765,{"$f":"_xlfn.STDEV.S(IF(NOT($L19:$BP19=$BZ19)*ISNUMBER($L19:$BP19),$L19:$BP19,\"\"))/AVERAGE(IF(NOT($L19:$BP19=$BZ19)*ISNUMBER($L19:$BP19),$L19:$BP19,\"\"))","v":2.8737091140809651E-2},{"$f":"AVERAGE(IF(NOT($L19:$BP19=$BZ19)*ISNUMBER($L19:$BP19),$L19:$BP19,\"\"))","v":122489},{"$f":"MEDIAN(IF(NOT($L19:$BP19=$BZ19)*ISNUMBER($L19:$BP19),$L19:$BP19,\"\"))","v":122489},122489,122489]
[]
["11.42","Retificador 48Vcc + sobressalentes  (Fornecido com Data book, contendo: ensaios de rotinas, tipo, manual de instrução, desenhos elétricos, e mecânicos)",{"$nulls":7},1,{"$nulls":49},{"$f":"73500*1.0325+(8912.99+11121.13)*1.065","v":97225.087799999994},{"$f":"26580.25+4120.48+2520.31","v":33221.040000000001},{"$nulls":6},55000,null,{"$f":"MAX(L21:BP21)","v":97225.087799999994},{"$f":"BR21*J21","v":97225.087799999994},{"$f":"MIN(L21:BP21)","v":33221.040000000001},{"$f":"BT21*J21","v":33221.040000000001},33221.040000000001,{"$f":"BV21*J21","v":33221.040000000001},37712.524608,"COTAÇÃO FINALIZADA - 3 COTAÇÕES",null,0.52643481787016888,{"$f":"_xlfn.STDEV.S(IF(NOT($L21:$BP21=$BZ21)*ISNUMBER($L21:$BP21),$L21:$BP21,\"\"))/AVERAGE(IF(NOT($L21:$BP21=$BZ21)*ISNUMBER($L21:$BP21),$L21:$BP21,\"\"))","v":0.52643481787016888},{"$f":"AVERAGE(IF(NOT($L21:$BP21=$BZ21)*ISNUMBER($L21:$BP21),$L21:$BP21,\"\"))","v":61815.375933333329},{"$f":"MEDIAN(IF(NOT($L21:$BP21=$BZ21)*ISNUMBER($L21:$BP21),$L21:$BP21,\"\"))","v":55000},{"$f":"SMALL(CC21:CD21,1)","v":55000},{"$f":"IF(CB21>50%,SMALL(L21:BP21,1),CE21)","v":33221.040000000001}]
["11.43","Retificador 125Vcc + sobressalentes  (Fornecido com Data book, contendo: ensaios de rotinas, tipo, manual de instrução, desenhos elétricos, e mecânicos)",{"$nulls":7},1,{"$nulls":49},{"$f":"79000*1.0325+(8912.99+11121.13)*1.065","v":102903.83779999999},{"$f":"55599.09+4307.02+3815.64","v":63721.75},{"$nulls":6},65000,null,{"$f":"MAX(L22:BP22)","v":102903.83779999999},{"$f":"BR22*J22","v":102903.83779999999},{"$f":"MIN(L22:BP22)","v":63721.75},{"$f":"BT22*J22","v":63721.75},65000,{"$f":"BV22*J22","v":65000},73788,"COTAÇÃO FINALIZADA - 3 COTAÇÕES",null,0.28833558234536094,{"$f":"_xlfn.STDEV.S(IF(NOT($L22:$BP22=$BZ22)*ISNUMBER($L22:$BP22),$L22:$BP22,\"\"))/AVERAGE(IF(NOT($L22:$BP22=$BZ22)*ISNUMBER($L22:$BP22),$L22:$BP22,\"\"))","v":0.28833558234536094},{"$f":"AVERAGE(IF(NOT($L22:$BP22=$BZ22)*ISNUMBER($L22:$BP22),$L22:$BP22,\"\"))","v":77208.529266666665},{"$f":"MEDIAN(IF(NOT($L22:$BP22=$BZ22)*ISNUMBER($L22:$BP22),$L22:$BP22,\"\"))","v":65000},65000,{"$f":"IF(CB22>50%,SMALL(L22:BP22,1),CE22)","v":65000}]
["11.46","01 Módulo USCA da USCAMAQ microprocessado, compreendendo conjunto de cartões ou de módulos de controle e supervisão,  PLC, um regulador de tensão e um regulador de velocidade  (Fornecido com Data book, contendo: ensaios de rotinas, tipo, manual de instrução, desenhos elétricos, e mecânicos)","ARP 002 2019 FTD -ANEXO  IV","COMPONENTES ESPECÍFICOS",null,"Maquigeral/Batistella (**)","SUBESTAÇÃO E TELECOMUNICAÇÃO","SE FLORESTA","unid.",1,{"$nulls":44},26108.31,{"$nulls":13},2,{"$f":"MAX(L23:BP23)","v":26108.31},{"$f":"BR23*J23","v":26108.31},{"$f":"MIN(L23:BP23)","v":26108.31},{"$f":"BT23*J23","v":26108.31},26108.31,{"$f":"BV23*J23","v":26108.31},29638.153512000001,"Item descontinuado, Novo sistema oferecido com  o retrofit, definido pela Chesf em, 02/12/2010. ",null,null,null,{"$f":"AVERAGE(IF(NOT($L23:$BP23=$BZ23)*ISNUMBER($L23:$BP23),$L23:$BP23,\"\"))","v":26108.31},{"$f":"MEDIAN(IF(NOT($L23:$BP23=$BZ23)*ISNUMBER($L23:$BP23),$L23:$BP23,\"\"))","v":26108.31},26108.31,{"$f":"IF(CB23>50%,SMALL(L23:BP23,1),CE23)","v":26108.31}]
[]
["13.","CABO  ELÉTRICO",null,"CABO  ELÉTRICO"]
["13.1","Cabo elétrico nu CAA,  alumínio, bitola 636 MCM, Grosbeak","ARP 002 2019 FTD -ANEXO IV","CABO  ELÉTRICO",null,"ALCOA ou Similar","BARRAMENTO  230 kV"," SE FLORESTA","m",132,{"$nulls":12},41.17,null,null,53.96996,79.900000000000006,{"$nulls":10},72.849999999999994,{"$nulls":31},{"$f":"MAX(L26:BP26)","v":79.900000000000006},{"$f":"BR26*J26","v":10546.800000000001},{"$f":"MIN(L26:BP26)","v":41.17},{"$f":"BT26*J26","v":5434.4400000000005},{"$f":"CF26","v":61.972490000000001},{"$f":"BV26*J26","v":8180.3686800000005},{"$f":"BW26*(1+$K$5)","v":9286.3545255360004},"COTAÇÃO FINALIZADA - 3 COTAÇÕES",null,0.28509808342106513,{"$f":"_xlfn.STDEV.S(IF(NOT($L26:$BP26=$BZ26)*ISNUMBER($L26:$BP26),$L26:$BP26,\"\"))/AVERAGE(IF(NOT($L26:$BP26=$BZ26)*ISNUMBER($L26:$BP26),$L26:$BP26,\"\"))","v":0.28509808342106513},{"$f":"AVERAGE(IF(NOT($L26:$BP26=$BZ26)*ISNUMBER($L26:$BP26),$L26:$BP26,\"\"))","v":61.972490000000001},{"$f":"MEDIAN(IF(NOT($L26:$BP26=$BZ26)*ISNUMBER($L26:$BP26),$L26:$BP26,\"\"))","v":63.409979999999997},61.972490000000001,{"$f":"IF(CB26>50%,SMALL(L26:BP26,1),CE26)","v":61.972490000000001}]
["13.2","Fio aço-cobre (Copperweld), seção nominal de 21,15 mm², diâmetro nominal 5,19 mm (equivalente à bitola 4 AWG).","ARP 002 2019 FTD -ANEXO VI","CABO  ELÉTRICO",null,"COPPERWELD","LINHA DE TRANSMISSÃO","LINHA DE TRANSMISSÃO","m",34,{"$nulls":16},14.7,{"$f":"10.2*(1+3.25/100)","v":10.531499999999999},{"$nulls":9},12.29,{"$nulls":30},1,14.7,499.79999999999995,10.531499999999999,358.07099999999997,12.29,417.85999999999996,474.35467199999994,"COTAÇÃO FINALIZADA - 3 COTAÇÕES",null,0.16732151770880632,{"$f":"_xlfn.STDEV.S(IF(NOT($L27:$BP27=$BZ27)*ISNUMBER($L27:$BP27),$L27:$BP27,\"\"))/AVERAGE(IF(NOT($L27:$BP27=$BZ27)*ISNUMBER($L27:$BP27),$L27:$BP27,\"\"))","v":0.16732151770880632},{"$f":"AVERAGE(IF(NOT($L27:$BP27=$BZ27)*ISNUMBER($L27:$BP27),$L27:$BP27,\"\"))","v":12.507166666666665},{"$f":"MEDIAN(IF(NOT($L27:$BP27=$BZ27)*ISNUMBER($L27:$BP27),$L27:$BP27,\"\"))","v":12.29},12.29,{"$f":"IF(CB27>50%,SMALL(L27:BP27,1),CE27)","v":12.29}]
["13.3","Condutor CAA 954 kCM Rail","ARP 002 2019 FTD -ANEXO VI","CABO  ELÉTRICO",null,"NEXANS","LINHA DE TRANSMISSÃO","LINHA DE TRANSMISSÃO","m",1700,{"$nulls":12},51.55,null,null,29.36346,76.400000000000006,{"$nulls":10},99.65,{"$nulls":31},99.65,169405,29.36346,49917.881999999998,63.975000000000001,108757.5,123461.514,"COTAÇÃO FINALIZADA - 3 COTAÇÕES",null,0.47378731286520964,{"$f":"_xlfn.STDEV.S(IF(NOT($L28:$BP28=$BZ28)*ISNUMBER($L28:$BP28),$L28:$BP28,\"\"))/AVERAGE(IF(NOT($L28:$BP28=$BZ28)*ISNUMBER($L28:$BP28),$L28:$BP28,\"\"))","v":0.47378731286520964},{"$f":"AVERAGE(IF(NOT($L28:$BP28=$BZ28)*ISNUMBER($L28:$BP28),$L28:$BP28,\"\"))","v":64.240865000000014},{"$f":"MEDIAN(IF(NOT($L28:$BP28=$BZ28)*ISNUMBER($L28:$BP28),$L28:$BP28,\"\"))","v":63.975000000000001},63.975000000000001,63.975000000000001]
["13.4","Condutor CAA 176 kCM Dotterel","ARP 002 2019 FTD -ANEXO VI","CABO  ELÉTRICO",null,"NEXANS","LINHA DE TRANSMISSÃO","LINHA DE TRANSMISSÃO","m",560,{"$nulls":12},21.92,null,null,54.738399999999999,42.5,{"$nulls":10},58.42,{"$nulls":31},58.42,32715.200000000001,21.92,12275.2,44.394599999999997,24860.975999999999,28222.179955199997,"COTAÇÃO FINALIZADA - 3 COTAÇÕES",null,0.37067648617479332,{"$f":"_xlfn.STDEV.S(IF(NOT($L29:$BP29=$BZ29)*ISNUMBER($L29:$BP29),$L29:$BP29,\"\"))/AVERAGE(IF(NOT($L29:$BP29=$BZ29)*ISNUMBER($L29:$BP29),$L29:$BP29,\"\"))","v":0.37067648617479332},{"$f":"AVERAGE(IF(NOT($L29:$BP29=$BZ29)*ISNUMBER($L29:$BP29),$L29:$BP29,\"\"))","v":44.394599999999997},{"$f":"MEDIAN(IF(NOT($L29:$BP29=$BZ29)*ISNUMBER($L29:$BP29),$L29:$BP29,\"\"))","v":48.619199999999999},44.394599999999997,44.394599999999997]
["13.5","Cabo OPGW 15,6mm","ARP 002 2019 FTD -ANEXO VI","CABO  ELÉTRICO",null,"PRISMYAN","LINHA DE TRANSMISSÃO","LINHA DE TRANSMISSÃO","m",5000,{"$nulls":15},32.923999999999999,{"$nulls":25},46.3,{"$nulls":5},37.542000000000002,{"$nulls":11},46.3,231500,32.923999999999999,164620,37.542000000000002,187710,213088.39199999999,"COTAÇÃO FINALIZADA - 3 COTAÇÕES",null,0.17455273914563449,{"$f":"_xlfn.STDEV.S(IF(NOT($L30:$BP30=$BZ30)*ISNUMBER($L30:$BP30),$L30:$BP30,\"\"))/AVERAGE(IF(NOT($L30:$BP30=$BZ30)*ISNUMBER($L30:$BP30),$L30:$BP30,\"\"))","v":0.17455273914563449},{"$f":"AVERAGE(IF(NOT($L30:$BP30=$BZ30)*ISNUMBER($L30:$BP30),$L30:$BP30,\"\"))","v":38.921999999999997},{"$f":"MEDIAN(IF(NOT($L30:$BP30=$BZ30)*ISNUMBER($L30:$BP30),$L30:$BP30,\"\"))","v":37.542000000000002},37.542000000000002,37.542000000000002]
["13.6","Condutor CAA 336 kCM Linnet","ARP 002 2019 FTD -ANEXO VI","CABO  ELÉTRICO",null,"NEXANS","LINHA DE TRANSMISSÃO","LINHA DE TRANSMISSÃO","m",920,{"$nulls":12},23.58,null,null,54.975999999999999,34.65,{"$nulls":10},63.65,{"$nulls":31},63.65,58558,23.58,21693.599999999999,44.213999999999999,40676.879999999997,46176.394175999994,"COTAÇÃO FINALIZADA - 3 COTAÇÕES",null,0.41515904165093626,{"$f":"_xlfn.STDEV.S(IF(NOT($L31:$BP31=$BZ31)*ISNUMBER($L31:$BP31),$L31:$BP31,\"\"))/AVERAGE(IF(NOT($L31:$BP31=$BZ31)*ISNUMBER($L31:$BP31),$L31:$BP31,\"\"))","v":0.41515904165093626},{"$f":"AVERAGE(IF(NOT($L31:$BP31=$BZ31)*ISNUMBER($L31:$BP31),$L31:$BP31,\"\"))","v":44.213999999999999},{"$f":"MEDIAN(IF(NOT($L31:$BP31=$BZ31)*ISNUMBER($L31:$BP31),$L31:$BP31,\"\"))","v":44.813000000000002},44.213999999999999,44.213999999999999]
[]
["14.","CONECTORES"]
["14.1","Conector derivação \"T\", anticorona, 230 kV, cabo/cabo, saída 90º, liga de alumínio, para cabo CAA 636 MCM Grosbeak","ARP 002 2019 FTD -ANEXO IV","CONECTORES","SNNT39A39A","FRAMATONE ou Similar","BARRAMENTO 230 kV"," SE FLORESTA","unid.",3,{"$nulls":19},161,325,{"$f":"180.39*(1+3.25/100)","v":186.25267499999998},{"$nulls":31},270,{"$nulls":5},{"$f":"MAX(L34:BP34)","v":325},{"$f":"BR34*J34","v":975},{"$f":"MIN(L34:BP34)","v":161},{"$f":"BT34*J34","v":483},{"$f":"CF34","v":228.12633749999998},{"$f":"BV34*J34","v":684.37901249999993},{"$f":"BW34*(1+$K$5)","v":776.90705498999989},"COTAÇÃO FINALIZADA - 3 COTAÇÕES",null,0.32121322559448939,{"$f":"_xlfn.STDEV.S(IF(NOT($L34:$BP34=$BZ34)*ISNUMBER($L34:$BP34),$L34:$BP34,\"\"))/AVERAGE(IF(NOT($L34:$BP34=$BZ34)*ISNUMBER($L34:$BP34),$L34:$BP34,\"\"))","v":0.32121322559448939},{"$f":"AVERAGE(IF(NOT($L34:$BP34=$BZ34)*ISNUMBER($L34:$BP34),$L34:$BP34,\"\"))","v":235.56316874999999},{"$f":"MEDIAN(IF(NOT($L34:$BP34=$BZ34)*ISNUMBER($L34:$BP34),$L34:$BP34,\"\"))","v":228.12633749999998},228.12633749999998,{"$f":"IF(CB34>50%,SMALL(L34:BP34,1),CE34)","v":228.12633749999998}]
["14.2","Conector terminal anticorona, 230 kV, liga de alumínio, para 2 cabos de alumínio CAA 636MCM GROSBEAK, espaçados de 200mm, a barra chata 4 furos NEMA","ARP 002 2019 FTD -ANEXO IV","CONECTORES","SN2A39A-4N","Framatome ou Similar","BARRAMENTO 230 kV"," SE FLORESTA","unid.",3,{"$nulls":19},228,335,{"$f":"252.81*(1+3.25/100)","v":261.02632499999999},{"$nulls":31},265.8,{"$nulls":5},335,1005,228,684,263.4131625,790.2394875,897.07986620999998,"COTAÇÃO FINALIZADA - 3 COTAÇÕES",null,0.1650011021548887,{"$f":"_xlfn.STDEV.S(IF(NOT($L35:$BP35=$BZ35)*ISNUMBER($L35:$BP35),$L35:$BP35,\"\"))/AVERAGE(IF(NOT($L35:$BP35=$BZ35)*ISNUMBER($L35:$BP35),$L35:$BP35,\"\"))","v":0.1650011021548887},{"$f":"AVERAGE(IF(NOT($L35:$BP35=$BZ35)*ISNUMBER($L35:$BP35),$L35:$BP35,\"\"))","v":272.45658125},{"$f":"MEDIAN(IF(NOT($L35:$BP35=$BZ35)*ISNUMBER($L35:$BP35),$L35:$BP35,\"\"))","v":263.4131625},263.4131625,263.4131625]
["14.3","Conector paralelo, anticorona, 230 kV, liga de alumínio, tipo universal, para conexão de 2 cabos de alumínio CAA 636MCM GROSBEAK, 2 de entrada e 1 de saída, fornecido com parafusos sextavada","ARP 002 2019 FTD -ANEXO IV","CONECTORES","SCP39A","Framatome ou Similar","BARRAMENTO 230 kV"," SE FLORESTA","unid.",3,{"$nulls":19},116,140,{"$f":"79.71*(1+3.25/100)","v":82.300574999999995},{"$nulls":37},140,420,82.300574999999995,246.901725,112.76685833333333,338.30057499999998,384.03881273999997,"COTAÇÃO FINALIZADA - 3 COTAÇÕES",null,0.25703712386116889,{"$f":"_xlfn.STDEV.S(IF(NOT($L36:$BP36=$BZ36)*ISNUMBER($L36:$BP36),$L36:$BP36,\"\"))/AVERAGE(IF(NOT($L36:$BP36=$BZ36)*ISNUMBER($L36:$BP36),$L36:$BP36,\"\"))","v":0.25703712386116889},{"$f":"AVERAGE(IF(NOT($L36:$BP36=$BZ36)*ISNUMBER($L36:$BP36),$L36:$BP36,\"\"))","v":112.76685833333333},{"$f":"MEDIAN(IF(NOT($L36:$BP36=$BZ36)*ISNUMBER($L36:$BP36),$L36:$BP36,\"\"))","v":116},112.76685833333333,112.76685833333333]
["14.4","Conector, terminal; liga cobre; para cabo de cobre (1/0 AWG-4/0 AWG) e barra de cobre com um furo Ø 11mm; fixação por parafuso cabeça sextavada; porca e arruela","ARP 002 2019 FTD -ANEXO IV","CONECTORES","vA28","Framatome","BARRAMENTO 230 kV"," SE FLORESTA","unid.",3,{"$nulls":18},163.16999999999999,54.9,148,{"$f":"78.99*(1+3.25/100)","v":81.557174999999987},{"$nulls":31},90,{"$nulls":5},163.16999999999999,489.51,54.9,164.7,90,270,306.50400000000002,"COTAÇÃO FINALIZADA - 3 COTAÇÕES",null,0.42834714145327651,{"$f":"_xlfn.STDEV.S(IF(NOT($L37:$BP37=$BZ37)*ISNUMBER($L37:$BP37),$L37:$BP37,\"\"))/AVERAGE(IF(NOT($L37:$BP37=$BZ37)*ISNUMBER($L37:$BP37),$L37:$BP37,\"\"))","v":0.42834714145327651},{"$f":"AVERAGE(IF(NOT($L37:$BP37=$BZ37)*ISNUMBER($L37:$BP37),$L37:$BP37,\"\"))","v":107.52543499999999},{"$f":"MEDIAN(IF(NOT($L37:$BP37=$BZ37)*ISNUMBER($L37:$BP37),$L37:$BP37,\"\"))","v":90},90,90]
["14.5","Conector de cobre fundido estanhado para ligação do fio contrapeso de aço-cobre (COPPERWELD) diâmetro 5,19mm - 4AWG à estrutura","ARP 002 2019 FTD -ANEXO VI","CONECTORES","3SE3-020-1AA","COPPERWELD","LINHA DE TRANSMISSÃO","LINHA DE TRANSMISSÃO ","unid.",3,{"$nulls":19},94.4,null,{"$f":"17.67*(1+3.25/100)","v":18.244275000000002},{"$nulls":5},24.63,{"$nulls":30},2,94.4,283.20000000000005,18.244275000000002,54.732825000000005,18.244275000000002,54.732825000000005,62.132702940000009,"COTAÇÃO FINALIZADA - 3 COTAÇÕES",null,0.92324558450555783,{"$f":"_xlfn.STDEV.S(IF(NOT($L38:$BP38=$BZ38)*ISNUMBER($L38:$BP38),$L38:$BP38,\"\"))/AVERAGE(IF(NOT($L38:$BP38=$BZ38)*ISNUMBER($L38:$BP38),$L38:$BP38,\"\"))","v":0.92324558450555783},{"$f":"AVERAGE(IF(NOT($L38:$BP38=$BZ38)*ISNUMBER($L38:$BP38),$L38:$BP38,\"\"))","v":45.758091666666672},{"$f":"MEDIAN(IF(NOT($L38:$BP38=$BZ38)*ISNUMBER($L38:$BP38),$L38:$BP38,\"\"))","v":24.63},24.63,18.244275000000002]
["14.6","Conector paralelo para cabo aço-cobre (Copperweld) para ligação dos fios aos postes (aterramento)","ARP 002 2019 FTD -ANEXO VI","CONECTORES","1464-D1-LOE ","COPPERWELD","LINHA DE TRANSMISSÃO","LINHA DE TRANSMISSÃO ","unid.",3,{"$nulls":16},39.9,{"$nulls":4},{"$f":"34.35*(1+3.25/100)","v":35.466374999999999},{"$nulls":5},39.06,{"$nulls":30},1,39.9,119.69999999999999,35.466374999999999,106.399125,38.142125,114.42637500000001,129.89682089999999,"COTAÇÃO FINALIZADA - 3 COTAÇÕES",null,6.1743334551284404E-2,{"$f":"_xlfn.STDEV.S(IF(NOT($L39:$BP39=$BZ39)*ISNUMBER($L39:$BP39),$L39:$BP39,\"\"))/AVERAGE(IF(NOT($L39:$BP39=$BZ39)*ISNUMBER($L39:$BP39),$L39:$BP39,\"\"))","v":6.1743334551284404E-2},{"$f":"AVERAGE(IF(NOT($L39:$BP39=$BZ39)*ISNUMBER($L39:$BP39),$L39:$BP39,\"\"))","v":38.142125},{"$f":"MEDIAN(IF(NOT($L39:$BP39=$BZ39)*ISNUMBER($L39:$BP39),$L39:$BP39,\"\"))","v":39.06},38.142125,38.142125]
["14.7","Conector paralelo à compressão de cobre BURNDY YGHC2C2","ARP 002 2019 FTD -ANEXO VI","CONECTORES","YGHC2C2","BURNDY","LINHA DE TRANSMISSÃO","LINHA DE TRANSMISSÃO ","unid.",3,{"$nulls":5},27.3,{"$nulls":15},{"$f":"4.98*(1+3.25/100)","v":5.1418500000000007},{"$nulls":31},12,{"$nulls":5},27.3,81.900000000000006,5.1418500000000007,15.425550000000001,5.1418500000000007,15.425550000000001,17.511084360000002,"COTAÇÃO FINALIZADA - 3 COTAÇÕES",null,0.76575965181596017,{"$f":"_xlfn.STDEV.S(IF(NOT($L40:$BP40=$BZ40)*ISNUMBER($L40:$BP40),$L40:$BP40,\"\"))/AVERAGE(IF(NOT($L40:$BP40=$BZ40)*ISNUMBER($L40:$BP40),$L40:$BP40,\"\"))","v":0.76575965181596017},{"$f":"AVERAGE(IF(NOT($L40:$BP40=$BZ40)*ISNUMBER($L40:$BP40),$L40:$BP40,\"\"))","v":14.81395},{"$f":"MEDIAN(IF(NOT($L40:$BP40=$BZ40)*ISNUMBER($L40:$BP40),$L40:$BP40,\"\"))","v":12},12,5.1418500000000007]
["14.8","Conector \"T\" para Cabos CAA Linnet / CAA Rail","ARP 002 2019 FTD -ANEXO VI","CONECTORES","SAE F77.500.072","Desenho TSL-135-04-019 Conectores (pág. 2)","LINHA DE TRANSMISSÃO","LINHA DE TRANSMISSÃO ","unid.",3,{"$nulls":19},161,325,{"$f":"208.2*(1+3.25/100)","v":214.9665},{"$nulls":37},325,975,161,483,214.9665,644.89949999999999,732.0899124,"COTAÇÃO FINALIZADA - 3 COTAÇÕES",null,0.35771488260291351,{"$f":"_xlfn.STDEV.S(IF(NOT($L41:$BP41=$BZ41)*ISNUMBER($L41:$BP41),$L41:$BP41,\"\"))/AVERAGE(IF(NOT($L41:$BP41=$BZ41)*ISNUMBER($L41:$BP41),$L41:$BP41,\"\"))","v":0.35771488260291351},{"$f":"AVERAGE(IF(NOT($L41:$BP41=$BZ41)*ISNUMBER($L41:$BP41),$L41:$BP41,\"\"))","v":233.65549999999999},{"$f":"MEDIAN(IF(NOT($L41:$BP41=$BZ41)*ISNUMBER($L41:$BP41),$L41:$BP41,\"\"))","v":214.9665},214.9665,214.9665]
["14.9","Conector  passante para cabos CAA Grosbeak / CAA Rail","ARP 002 2019 FTD -ANEXO VI","CONECTORES","SAE F77.500.075","Desenho TSL-135-04-019 Conectores (pág. 5)","LINHA DE TRANSMISSÃO","LINHA DE TRANSMISSÃO ","unid.",3,{"$nulls":19},167,335,{"$f":"121.35*(1+3.25/100)","v":125.29387499999999},{"$nulls":37},335,1005,125.29387499999999,375.88162499999999,125.29387499999999,375.88162499999999,426.70082069999995,"COTAÇÃO FINALIZADA - 3 COTAÇÕES",null,0.53090214621001619,{"$f":"_xlfn.STDEV.S(IF(NOT($L42:$BP42=$BZ42)*ISNUMBER($L42:$BP42),$L42:$BP42,\"\"))/AVERAGE(IF(NOT($L42:$BP42=$BZ42)*ISNUMBER($L42:$BP42),$L42:$BP42,\"\"))","v":0.53090214621001619},{"$f":"AVERAGE(IF(NOT($L42:$BP42=$BZ42)*ISNUMBER($L42:$BP42),$L42:$BP42,\"\"))","v":209.09795833333331},{"$f":"MEDIAN(IF(NOT($L42:$BP42=$BZ42)*ISNUMBER($L42:$BP42),$L42:$BP42,\"\"))","v":167},167,125.29387499999999]
["14.10","Conector paralelo para cabos CAA Rail / CAA Rail","ARP 002 2019 FTD -ANEXO VI","CONECTORES","SAE F77.500.074","Desenho TSL-135-04-019 Conectores (pág. 4)","LINHA DE TRANSMISSÃO","LINHA DE TRANSMISSÃO ","unid.",3,{"$nulls":19},228,414,{"$f":"101.61*(1+3.25/100)","v":104.912325},{"$nulls":37},414,1242,104.912325,314.73697499999997,104.912325,314.73697499999997,357.28941401999998,"COTAÇÃO FINALIZADA - 3 COTAÇÕES",null,0.62500221957093616,{"$f":"_xlfn.STDEV.S(IF(NOT($L43:$BP43=$BZ43)*ISNUMBER($L43:$BP43),$L43:$BP43,\"\"))/AVERAGE(IF(NOT($L43:$BP43=$BZ43)*ISNUMBER($L43:$BP43),$L43:$BP43,\"\"))","v":0.62500221957093616},{"$f":"AVERAGE(IF(NOT($L43:$BP43=$BZ43)*ISNUMBER($L43:$BP43),$L43:$BP43,\"\"))","v":248.970775},{"$f":"MEDIAN(IF(NOT($L43:$BP43=$BZ43)*ISNUMBER($L43:$BP43),$L43:$BP43,\"\"))","v":228},228,104.912325]
["14.11","Conector \"T\" paralelo para cabos CAA Rail/ CAA Rail","ARP 002 2019 FTD -ANEXO VI","CONECTORES","SAE F77.500.073","Desenho TSL-135-04-019 Conectores (pág. 3)","LINHA DE TRANSMISSÃO","LINHA DE TRANSMISSÃO ","unid.",3,{"$nulls":19},116,140,{"$f":"208.2*(1+3.25/100)","v":214.9665},{"$nulls":37},214.9665,644.89949999999999,116,348,140,420,476.78399999999999,"COTAÇÃO FINALIZADA - 3 COTAÇÕES",null,0.328839909140622,{"$f":"_xlfn.STDEV.S(IF(NOT($L44:$BP44=$BZ44)*ISNUMBER($L44:$BP44),$L44:$BP44,\"\"))/AVERAGE(IF(NOT($L44:$BP44=$BZ44)*ISNUMBER($L44:$BP44),$L44:$BP44,\"\"))","v":0.328839909140622},{"$f":"AVERAGE(IF(NOT($L44:$BP44=$BZ44)*ISNUMBER($L44:$BP44),$L44:$BP44,\"\"))","v":156.98883333333333},{"$f":"MEDIAN(IF(NOT($L44:$BP44=$BZ44)*ISNUMBER($L44:$BP44),$L44:$BP44,\"\"))","v":140},140,140]
[]
["15.","FERRAGENS/CADEIAS/ACESSÓRIOS"]
["15.1","Conjunto de Ferragens para fixação de cabo para-raios, conforme desenho 1635-DEP-2812-60-63-002","ARP 002 2019 FTD -ANEXO IV","FERRAGENS/CADEIAS/ACESSÓRIOS",null," Forjasul","BARRAMENTO 230 kV"," SE FLORESTA","unid.",3,{"$nulls":24},627.77,{"$nulls":5},{"$f":"700.01*1.0325","v":722.76032499999997},{"$nulls":27},1,{"$f":"MAX(L47:BP47)","v":722.76032499999997},{"$f":"BR47*J47","v":2168.2809749999997},{"$f":"MIN(L47:BP47)","v":627.77},{"$f":"BT47*J47","v":1883.31},{"$f":"CF47","v":675.26516249999997},{"$f":"BV47*J47","v":2025.7954875},{"$f":"BW47*(1+$K$5)","v":2299.68303741},"COTAÇÃO FINALIZADA - 3 COTAÇÕES",null,9.946952202589604E-2,{"$f":"_xlfn.STDEV.S(IF(NOT($L47:$BP47=$BZ47)*ISNUMBER($L47:$BP47),$L47:$BP47,\"\"))/AVERAGE(IF(NOT($L47:$BP47=$BZ47)*ISNUMBER($L47:$BP47),$L47:$BP47,\"\"))","v":9.946952202589604E-2},{"$f":"AVERAGE(IF(NOT($L47:$BP47=$BZ47)*ISNUMBER($L47:$BP47),$L47:$BP47,\"\"))","v":675.26516249999997},{"$f":"MEDIAN(IF(NOT($L47:$BP47=$BZ47)*ISNUMBER($L47:$BP47),$L47:$BP47,\"\"))","v":675.26516249999997},675.26516249999997,675.26516249999997]
["15.2","Cadeia de isoladores - Conjunto de ferragens e grampos, conforme desenho 1630-DEP-1812-60-63-001","ARP 002 2019 FTD -ANEXO IV","FERRAGENS/CADEIAS/ACESSÓRIOS",null," Forjasul","BARRAMENTO 230 kV"," SE FLORESTA","unid.",3,{"$nulls":22},1152.23,null,1018.2,{"$nulls":5},{"$f":"1242.52*1.0325","v":1282.9018999999998},{"$nulls":27},1,1282.9018999999998,3848.7056999999995,1018.2,3054.6000000000004,1151.1106333333335,3453.3319000000001,3920.22237288,"COTAÇÃO FINALIZADA - 3 COTAÇÕES",null,0.11497982582042958,{"$f":"_xlfn.STDEV.S(IF(NOT($L48:$BP48=$BZ48)*ISNUMBER($L48:$BP48),$L48:$BP48,\"\"))/AVERAGE(IF(NOT($L48:$BP48=$BZ48)*ISNUMBER($L48:$BP48),$L48:$BP48,\"\"))","v":0.11497982582042958},{"$f":"AVERAGE(IF(NOT($L48:$BP48=$BZ48)*ISNUMBER($L48:$BP48),$L48:$BP48,\"\"))","v":1151.1106333333335},{"$f":"MEDIAN(IF(NOT($L48:$BP48=$BZ48)*ISNUMBER($L48:$BP48),$L48:$BP48,\"\"))","v":1152.23},1151.1106333333335,1151.1106333333335]
["15.3","Espaçador rígido, anti-corona, 230 kV, liga de alumínio, para dois cabos de alumínio de CAA 636MCM GROSBEAK, espaçados de 200mm, fornecido com parafusos sextavada","ARP 002 2019 FTD -ANEXO IV","FERRAGENS/CADEIAS/ACESSÓRIOS","S2GBP39A-20","FRAMATONE ou Similar","BARRAMENTO 230 kV"," SE FLORESTA","unid.",3,{"$nulls":20},54,117.96,{"$nulls":5},165.23,{"$nulls":30},2,165.23,495.68999999999994,54,162,112.39666666666665,337.18999999999994,382.77808799999991,"COTAÇÃO FINALIZADA - 3 COTAÇÕES",null,0.49666333826275244,{"$f":"_xlfn.STDEV.S(IF(NOT($L49:$BP49=$BZ49)*ISNUMBER($L49:$BP49),$L49:$BP49,\"\"))/AVERAGE(IF(NOT($L49:$BP49=$BZ49)*ISNUMBER($L49:$BP49),$L49:$BP49,\"\"))","v":0.49666333826275244},{"$f":"AVERAGE(IF(NOT($L49:$BP49=$BZ49)*ISNUMBER($L49:$BP49),$L49:$BP49,\"\"))","v":112.39666666666665},{"$f":"MEDIAN(IF(NOT($L49:$BP49=$BZ49)*ISNUMBER($L49:$BP49),$L49:$BP49,\"\"))","v":117.96},112.39666666666665,112.39666666666665]
["15.4","Adaptação 1 para ancoragem do cabo CAA Linnet nas estruturas tipo AF2s","ARP 002 2019 FTD -ANEXO VI","FERRAGENS/CADEIAS/ACESSÓRIOS","Des. AF2s  35.06-D11000 e 35.06-D11001",null,"LINHA DE TRANSMISSÃO","LINHA DE TRANSMISSÃO ","conj.",3,{"$nulls":38},15847.62,null,null,null,{"$f":"10*30.7","v":307},{"$nulls":15},2,15847.62,47542.86,307,921,307,921,1045.5192,"COTAÇÃO FINALIZADA - 3 COTAÇÕES",null,1.3604625532316184,{"$f":"_xlfn.STDEV.S(IF(NOT($L50:$BP50=$BZ50)*ISNUMBER($L50:$BP50),$L50:$BP50,\"\"))/AVERAGE(IF(NOT($L50:$BP50=$BZ50)*ISNUMBER($L50:$BP50),$L50:$BP50,\"\"))","v":1.3604625532316184},{"$f":"AVERAGE(IF(NOT($L50:$BP50=$BZ50)*ISNUMBER($L50:$BP50),$L50:$BP50,\"\"))","v":8077.31},{"$f":"MEDIAN(IF(NOT($L50:$BP50=$BZ50)*ISNUMBER($L50:$BP50),$L50:$BP50,\"\"))","v":8077.31},8077.31,307]
["15.5","Cadeia de suspensão  Simples do Jumper - SJ -1xCAA Rail","ARP 002 2019 FTD -ANEXO VI","FERRAGENS/CADEIAS/ACESSÓRIOS","F01.600.478","Desenho 716-LT-30-DF-4-015 (página 3)","LINHA DE TRANSMISSÃO","LINHA DE TRANSMISSÃO ","conj.",6,{"$nulls":24},609.04,{"$nulls":5},{"$f":"638.74*1.0325","v":659.49905000000001},{"$nulls":14},{"$f":"2030.7*(1+3.25/100)","v":2096.6977499999998},{"$nulls":13},2096.6977499999998,12580.1865,609.04,3654.24,609.04,3654.24,4148.2932479999999,"COTAÇÃO FINALIZADA - 3 COTAÇÕES",null,0.75303187015077355,{"$f":"_xlfn.STDEV.S(IF(NOT($L51:$BP51=$BZ51)*ISNUMBER($L51:$BP51),$L51:$BP51,\"\"))/AVERAGE(IF(NOT($L51:$BP51=$BZ51)*ISNUMBER($L51:$BP51),$L51:$BP51,\"\"))","v":0.75303187015077355},{"$f":"AVERAGE(IF(NOT($L51:$BP51=$BZ51)*ISNUMBER($L51:$BP51),$L51:$BP51,\"\"))","v":1121.7456},{"$f":"MEDIAN(IF(NOT($L51:$BP51=$BZ51)*ISNUMBER($L51:$BP51),$L51:$BP51,\"\"))","v":659.49905000000001},659.49905000000001,609.04]
["15.6","Cadeia de ancoragem dupla - 40kA do cabo condutor Rail","ARP 002 2019 FTD -ANEXO VI","FERRAGENS/CADEIAS/ACESSÓRIOS","F11.600.260","Desenho TSL-135-04-016-CAD-1xRail 40kA (página 2)","LINHA DE TRANSMISSÃO","LINHA DE TRANSMISSÃO ","conj.",4,{"$nulls":24},7252.64,{"$nulls":5},{"$f":"4194.29*1.0325","v":4330.6044249999995},{"$nulls":14},{"$f":"4693.1*(1+3.25/100)","v":4845.6257500000002},{"$nulls":8},{"$f":"7745.26+1549.05","v":9294.31},{"$nulls":4},9294.31,37177.24,4330.6044249999995,17322.417699999998,6049.1328750000002,24196.531500000001,27467.9025588,"COTAÇÃO FINALIZADA - 3 COTAÇÕES",null,0.35684984227025696,{"$f":"_xlfn.STDEV.S(IF(NOT($L52:$BP52=$BZ52)*ISNUMBER($L52:$BP52),$L52:$BP52,\"\"))/AVERAGE(IF(NOT($L52:$BP52=$BZ52)*ISNUMBER($L52:$BP52),$L52:$BP52,\"\"))","v":0.35684984227025696},{"$f":"AVERAGE(IF(NOT($L52:$BP52=$BZ52)*ISNUMBER($L52:$BP52),$L52:$BP52,\"\"))","v":6430.7950437500003},{"$f":"MEDIAN(IF(NOT($L52:$BP52=$BZ52)*ISNUMBER($L52:$BP52),$L52:$BP52,\"\"))","v":6049.1328750000002},6049.1328750000002,6049.1328750000002]
["15.7","Cadeia de ancoragem dupla - 40kA do cabo condutor Grosbeak","ARP 002 2019 FTD -ANEXO VI","FERRAGENS/CADEIAS/ACESSÓRIOS","F11.600.242","Desenho 716-LT-30-DF-4-019 (página 2)","LINHA DE TRANSMISSÃO","LINHA DE TRANSMISSÃO ","conj.",3,{"$nulls":24},1836.09,{"$nulls":5},{"$f":"4050.53*1.0325","v":4182.1722250000003},{"$nulls":14},{"$f":"4693.1*(1+3.25/100)","v":4845.6257500000002},{"$nulls":8},{"$f":"4896.61+734.5","v":5631.11},{"$nulls":4},5631.11,16893.329999999998,1836.09,5508.2699999999995,4123.7494937500005,12371.248481250001,14043.841275915,"COTAÇÃO FINALIZADA - 3 COTAÇÕES",null,0.39673997089476776,{"$f":"_xlfn.STDEV.S(IF(NOT($L53:$BP53=$BZ53)*ISNUMBER($L53:$BP53),$L53:$BP53,\"\"))/AVERAGE(IF(NOT($L53:$BP53=$BZ53)*ISNUMBER($L53:$BP53),$L53:$BP53,\"\"))","v":0.39673997089476776},{"$f":"AVERAGE(IF(NOT($L53:$BP53=$BZ53)*ISNUMBER($L53:$BP53),$L53:$BP53,\"\"))","v":4123.7494937500005},{"$f":"MEDIAN(IF(NOT($L53:$BP53=$BZ53)*ISNUMBER($L53:$BP53),$L53:$BP53,\"\"))","v":4513.8989875000007},4123.7494937500005,4123.7494937500005]
["15.8","Conjunto de ancoragem do cabo pára-raios 3/8\" EHS","ARP 002 2019 FTD -ANEXO VI","FERRAGENS/CADEIAS/ACESSÓRIOS","F13.600.328","Desenho 716-LT-30-DF-4-024(página 2)","LINHA DE TRANSMISSÃO","LINHA DE TRANSMISSÃO ","conj.",3,{"$nulls":24},1385.65,{"$nulls":5},{"$f":"700.01*1.0325","v":722.76032499999997},{"$nulls":14},{"$f":"2797.8*(1+3.25/100)","v":2888.7285000000002},1118.7601999999999,{"$nulls":7},{"$f":"647.72+97.16","v":744.88},{"$nulls":4},2888.7285000000002,8666.1854999999996,722.76032499999997,2168.2809749999997,722.76032499999997,2168.2809749999997,2461.4325628199995,"COTAÇÃO FINALIZADA - 3 COTAÇÕES",null,0.64975707573348096,{"$f":"_xlfn.STDEV.S(IF(NOT($L54:$BP54=$BZ54)*ISNUMBER($L54:$BP54),$L54:$BP54,\"\"))/AVERAGE(IF(NOT($L54:$BP54=$BZ54)*ISNUMBER($L54:$BP54),$L54:$BP54,\"\"))","v":0.64975707573348096},{"$f":"AVERAGE(IF(NOT($L54:$BP54=$BZ54)*ISNUMBER($L54:$BP54),$L54:$BP54,\"\"))","v":1372.1558049999999},{"$f":"MEDIAN(IF(NOT($L54:$BP54=$BZ54)*ISNUMBER($L54:$BP54),$L54:$BP54,\"\"))","v":1118.7601999999999},1118.7601999999999,722.76032499999997]
["15.9","Conjunto de ancoragem do cabo pára-raios CAA Dotterel","ARP 002 2019 FTD -ANEXO VI","FERRAGENS/CADEIAS/ACESSÓRIOS","F13.600.329","Desenho 716-LT-30-DF-4-025(página 2)","LINHA DE TRANSMISSÃO","LINHA DE TRANSMISSÃO ","conj.",3,{"$nulls":24},2503.89,{"$nulls":5},{"$f":"1271.78*1.0325","v":1313.11285},{"$nulls":14},{"$f":"2797.8*(1+3.25/100)","v":2888.7285000000002},1322.3624,{"$nulls":12},2888.7285000000002,8666.1854999999996,1313.11285,3939.3385499999999,1913.1261999999999,5739.3786,6515.3425867200003,"COTAÇÃO FINALIZADA - 3 COTAÇÕES",null,0.40422326755956922,{"$f":"_xlfn.STDEV.S(IF(NOT($L55:$BP55=$BZ55)*ISNUMBER($L55:$BP55),$L55:$BP55,\"\"))/AVERAGE(IF(NOT($L55:$BP55=$BZ55)*ISNUMBER($L55:$BP55),$L55:$BP55,\"\"))","v":0.40422326755956922},{"$f":"AVERAGE(IF(NOT($L55:$BP55=$BZ55)*ISNUMBER($L55:$BP55),$L55:$BP55,\"\"))","v":2007.0234375},{"$f":"MEDIAN(IF(NOT($L55:$BP55=$BZ55)*ISNUMBER($L55:$BP55),$L55:$BP55,\"\"))","v":1913.1261999999999},1913.1261999999999,1913.1261999999999]
["15.10","Cadeia de ancoragem simples - 40kA do cabo condutor Linnet","ARP 002 2019 FTD -ANEXO VI","FERRAGENS/CADEIAS/ACESSÓRIOS","F10.600.204","Desenho TSL-135-04-018-CAS-1xlINNET 40kA (página 2)","LINHA DE TRANSMISSÃO","LINHA DE TRANSMISSÃO ","conj.",3,{"$nulls":24},3551.22,{"$nulls":5},{"$f":"1596.42*1.0325","v":1648.3036500000001},{"$nulls":14},{"$f":"2120.9*(1+3.25/100)","v":2189.8292500000002},{"$nulls":8},{"$f":"3456.83+518.52","v":3975.35},{"$nulls":4},3975.35,11926.05,1648.3036500000001,4944.9109500000004,2841.1757250000001,8523.5271749999993,9675.908049059999,"COTAÇÃO FINALIZADA - 3 COTAÇÕES",null,0.38757461538964921,{"$f":"_xlfn.STDEV.S(IF(NOT($L56:$BP56=$BZ56)*ISNUMBER($L56:$BP56),$L56:$BP56,\"\"))/AVERAGE(IF(NOT($L56:$BP56=$BZ56)*ISNUMBER($L56:$BP56),$L56:$BP56,\"\"))","v":0.38757461538964921},{"$f":"AVERAGE(IF(NOT($L56:$BP56=$BZ56)*ISNUMBER($L56:$BP56),$L56:$BP56,\"\"))","v":2841.1757250000001},{"$f":"MEDIAN(IF(NOT($L56:$BP56=$BZ56)*ISNUMBER($L56:$BP56),$L56:$BP56,\"\"))","v":2870.524625},2841.1757250000001,2841.1757250000001]
["15.11","Emenda Preformada p/ cabo condutor CAA Rail","ARP 002 2019 FTD -ANEXO VI","FERRAGENS/CADEIAS/ACESSÓRIOS","F45.500",null,"LINHA DE TRANSMISSÃO","LINHA DE TRANSMISSÃO ","unid.",3,{"$nulls":27},2189.56,410,{"$nulls":16},{"$f":"1353.8*(1+3.25/100)","v":1397.7984999999999},877.69529999999997,{"$nulls":12},2189.56,6568.68,410,1230,410,1230,1396.296,"COTAÇÃO FINALIZADA - 3 COTAÇÕES",null,0.62576082314462333,{"$f":"_xlfn.STDEV.S(IF(NOT($L57:$BP57=$BZ57)*ISNUMBER($L57:$BP57),$L57:$BP57,\"\"))/AVERAGE(IF(NOT($L57:$BP57=$BZ57)*ISNUMBER($L57:$BP57),$L57:$BP57,\"\"))","v":0.62576082314462333},{"$f":"AVERAGE(IF(NOT($L57:$BP57=$BZ57)*ISNUMBER($L57:$BP57),$L57:$BP57,\"\"))","v":1218.7634499999999},{"$f":"MEDIAN(IF(NOT($L57:$BP57=$BZ57)*ISNUMBER($L57:$BP57),$L57:$BP57,\"\"))","v":1137.7468999999999},1137.7468999999999,410]
["15.12","Emenda Preformada p/ cabo CAA Dotterel","ARP 002 2019 FTD -ANEXO VI","FERRAGENS/CADEIAS/ACESSÓRIOS","F45.500.384","Desenho 716-LT-30-DF-4-027(página 4)","LINHA DE TRANSMISSÃO","LINHA DE TRANSMISSÃO ","unid.",3,{"$nulls":27},2365.2199999999998,112.54,{"$nulls":16},{"$f":"361*(1+3.25/100)","v":372.73250000000002},139.13749999999999,{"$nulls":12},2365.2199999999998,7095.66,112.54,337.62,112.54,337.62,383.26622400000002,"COTAÇÃO FINALIZADA - 3 COTAÇÕES",null,1.4514940778152094,{"$f":"_xlfn.STDEV.S(IF(NOT($L58:$BP58=$BZ58)*ISNUMBER($L58:$BP58),$L58:$BP58,\"\"))/AVERAGE(IF(NOT($L58:$BP58=$BZ58)*ISNUMBER($L58:$BP58),$L58:$BP58,\"\"))","v":1.4514940778152094},{"$f":"AVERAGE(IF(NOT($L58:$BP58=$BZ58)*ISNUMBER($L58:$BP58),$L58:$BP58,\"\"))","v":747.40749999999991},{"$f":"MEDIAN(IF(NOT($L58:$BP58=$BZ58)*ISNUMBER($L58:$BP58),$L58:$BP58,\"\"))","v":255.935},255.935,112.54]
["15.13","Emenda / Reparo Preformado p/ cabo pára-raios aço galvanizado 3/8\" EHS","ARP 002 2019 FTD -ANEXO VI","FERRAGENS/CADEIAS/ACESSÓRIOS","F45.500.379","Desenho 716-LT-30-DF-4-027(página 3)","LINHA DE TRANSMISSÃO","LINHA DE TRANSMISSÃO ","unid.",3,{"$nulls":28},16,{"$nulls":16},{"$f":"112.8*(1+3.25/100)","v":116.46599999999999},33.743000000000002,{"$nulls":12},116.46599999999999,349.39799999999997,16,48,16,48,54.489599999999996,"COTAÇÃO FINALIZADA - 3 COTAÇÕES",null,0.96783725009963884,{"$f":"_xlfn.STDEV.S(IF(NOT($L59:$BP59=$BZ59)*ISNUMBER($L59:$BP59),$L59:$BP59,\"\"))/AVERAGE(IF(NOT($L59:$BP59=$BZ59)*ISNUMBER($L59:$BP59),$L59:$BP59,\"\"))","v":0.96783725009963884},{"$f":"AVERAGE(IF(NOT($L59:$BP59=$BZ59)*ISNUMBER($L59:$BP59),$L59:$BP59,\"\"))","v":55.402999999999999},{"$f":"MEDIAN(IF(NOT($L59:$BP59=$BZ59)*ISNUMBER($L59:$BP59),$L59:$BP59,\"\"))","v":33.743000000000002},33.743000000000002,16]
["15.14","Emenda Preformada p/ cabo CAA Grosbeak","ARP 002 2019 FTD -ANEXO VI","FERRAGENS/CADEIAS/ACESSÓRIOS","F45.500.382","Desenho 716-LT-30-DF-4-027(página 2)","LINHA DE TRANSMISSÃO","LINHA DE TRANSMISSÃO ","unid.",3,{"$nulls":28},330,{"$nulls":16},{"$f":"1353.8*(1+3.25/100)","v":1397.7984999999999},543.92449999999997,{"$nulls":12},1397.7984999999999,4193.3954999999996,330,990,330,990,1123.848,"COTAÇÃO FINALIZADA - 3 COTAÇÕES",null,0.7460728494609663,{"$f":"_xlfn.STDEV.S(IF(NOT($L60:$BP60=$BZ60)*ISNUMBER($L60:$BP60),$L60:$BP60,\"\"))/AVERAGE(IF(NOT($L60:$BP60=$BZ60)*ISNUMBER($L60:$BP60),$L60:$BP60,\"\"))","v":0.7460728494609663},{"$f":"AVERAGE(IF(NOT($L60:$BP60=$BZ60)*ISNUMBER($L60:$BP60),$L60:$BP60,\"\"))","v":757.24099999999999},{"$f":"MEDIAN(IF(NOT($L60:$BP60=$BZ60)*ISNUMBER($L60:$BP60),$L60:$BP60,\"\"))","v":543.92449999999997},543.92449999999997,330]
["15.15","Emenda Preformada p/ cabo CAA Linnet","ARP 002 2019 FTD -ANEXO VI","FERRAGENS/CADEIAS/ACESSÓRIOS",null,null,"LINHA DE TRANSMISSÃO","LINHA DE TRANSMISSÃO ","unid.",3,{"$nulls":28},180,{"$nulls":11},1207.3699999999999,{"$nulls":4},{"$f":"676.9*(1+3.25/100)","v":698.89924999999994},{"$nulls":12},1,1207.3699999999999,3622.1099999999997,180,540,180,540,613.00800000000004,"COTAÇÃO FINALIZADA - 3 COTAÇÕES",null,0.73867812788494824,{"$f":"_xlfn.STDEV.S(IF(NOT($L61:$BP61=$BZ61)*ISNUMBER($L61:$BP61),$L61:$BP61,\"\"))/AVERAGE(IF(NOT($L61:$BP61=$BZ61)*ISNUMBER($L61:$BP61),$L61:$BP61,\"\"))","v":0.73867812788494824},{"$f":"AVERAGE(IF(NOT($L61:$BP61=$BZ61)*ISNUMBER($L61:$BP61),$L61:$BP61,\"\"))","v":695.42308333333324},{"$f":"MEDIAN(IF(NOT($L61:$BP61=$BZ61)*ISNUMBER($L61:$BP61),$L61:$BP61,\"\"))","v":698.89924999999994},695.42308333333324,180]
["15.16","Amortecedor p/ cabo CAA Rail","ARP 002 2019 FTD -ANEXO VI","FERRAGENS/CADEIAS/ACESSÓRIOS","VSD-0102",null,"LINHA DE TRANSMISSÃO","LINHA DE TRANSMISSÃO ","unid.",3,{"$nulls":30},{"$f":"258.75*1.0325","v":267.15937500000001},{"$nulls":14},{"$f":"812.3*(1+3.25/100)","v":838.69974999999988},311.51909999999998,{"$nulls":12},838.69974999999988,2516.0992499999998,267.15937500000001,801.47812500000009,267.15937500000001,801.47812500000009,909.8379675000001,"COTAÇÃO FINALIZADA - 3 COTAÇÕES",null,0.67296365487761389,{"$f":"_xlfn.STDEV.S(IF(NOT($L62:$BP62=$BZ62)*ISNUMBER($L62:$BP62),$L62:$BP62,\"\"))/AVERAGE(IF(NOT($L62:$BP62=$BZ62)*ISNUMBER($L62:$BP62),$L62:$BP62,\"\"))","v":0.67296365487761389},{"$f":"AVERAGE(IF(NOT($L62:$BP62=$BZ62)*ISNUMBER($L62:$BP62),$L62:$BP62,\"\"))","v":472.45940833333333},{"$f":"MEDIAN(IF(NOT($L62:$BP62=$BZ62)*ISNUMBER($L62:$BP62),$L62:$BP62,\"\"))","v":311.51909999999998},311.51909999999998,267.15937500000001]
["15.17","Amortecedor p/ cabo CAA Grosbeak","ARP 002 2019 FTD -ANEXO VI","FERRAGENS/CADEIAS/ACESSÓRIOS","VSD-4032","Desenho 716-LT-30-DF-4-053","LINHA DE TRANSMISSÃO","LINHA DE TRANSMISSÃO ","unid.",3,{"$nulls":30},{"$f":"628.75*1.0325","v":649.18437499999993},{"$nulls":14},{"$f":"812.3*(1+3.25/100)","v":838.69974999999988},311.51909999999998,{"$nulls":12},838.69974999999988,2516.0992499999998,311.51909999999998,934.55729999999994,599.80107499999997,1799.403225,2042.6825410199999,"COTAÇÃO FINALIZADA - 3 COTAÇÕES",null,0.44520968666424926,{"$f":"_xlfn.STDEV.S(IF(NOT($L63:$BP63=$BZ63)*ISNUMBER($L63:$BP63),$L63:$BP63,\"\"))/AVERAGE(IF(NOT($L63:$BP63=$BZ63)*ISNUMBER($L63:$BP63),$L63:$BP63,\"\"))","v":0.44520968666424926},{"$f":"AVERAGE(IF(NOT($L63:$BP63=$BZ63)*ISNUMBER($L63:$BP63),$L63:$BP63,\"\"))","v":599.80107499999997},{"$f":"MEDIAN(IF(NOT($L63:$BP63=$BZ63)*ISNUMBER($L63:$BP63),$L63:$BP63,\"\"))","v":649.18437499999993},599.80107499999997,599.80107499999997]
["15.18","Amortecedor p/ cabo pára-raios CAA Dotterel","ARP 002 2019 FTD -ANEXO VI","FERRAGENS/CADEIAS/ACESSÓRIOS","VSD-2016","Desenho 716-LT-30-DF-4-051","LINHA DE TRANSMISSÃO","LINHA DE TRANSMISSÃO ","unid.",3,{"$nulls":21},249.69,{"$nulls":8},{"$f":"421.25*1.0325","v":434.94062500000001},{"$nulls":14},{"$f":"541.5*(1+3.25/100)","v":559.09875},164.41730000000001,{"$nulls":12},559.09875,1677.2962499999999,164.41730000000001,493.25190000000003,164.41730000000001,493.25190000000003,559.93955688000005,"COTAÇÃO FINALIZADA - 3 COTAÇÕES",null,0.50661664963393471,{"$f":"_xlfn.STDEV.S(IF(NOT($L64:$BP64=$BZ64)*ISNUMBER($L64:$BP64),$L64:$BP64,\"\"))/AVERAGE(IF(NOT($L64:$BP64=$BZ64)*ISNUMBER($L64:$BP64),$L64:$BP64,\"\"))","v":0.50661664963393471},{"$f":"AVERAGE(IF(NOT($L64:$BP64=$BZ64)*ISNUMBER($L64:$BP64),$L64:$BP64,\"\"))","v":352.03666874999999},{"$f":"MEDIAN(IF(NOT($L64:$BP64=$BZ64)*ISNUMBER($L64:$BP64),$L64:$BP64,\"\"))","v":342.3153125},342.3153125,164.41730000000001]
["15.19","Amortecedor p/ cabo pára-raios aço galvanizado 3/8\" EHS","ARP 002 2019 FTD -ANEXO VI","FERRAGENS/CADEIAS/ACESSÓRIOS","C-D12388","716-LT-30-DF-4-046","LINHA DE TRANSMISSÃO","LINHA DE TRANSMISSÃO ","unid.",3,{"$nulls":30},{"$f":"258.75*1.0325","v":267.15937500000001},{"$nulls":14},{"$f":"541.5*(1+3.25/100)","v":559.09875},44.264699999999998,{"$nulls":12},559.09875,1677.2962499999999,44.264699999999998,132.79409999999999,44.264699999999998,132.79409999999999,150.74786232,"COTAÇÃO FINALIZADA - 3 COTAÇÕES",null,0.88976704567602982,{"$f":"_xlfn.STDEV.S(IF(NOT($L65:$BP65=$BZ65)*ISNUMBER($L65:$BP65),$L65:$BP65,\"\"))/AVERAGE(IF(NOT($L65:$BP65=$BZ65)*ISNUMBER($L65:$BP65),$L65:$BP65,\"\"))","v":0.88976704567602982},{"$f":"AVERAGE(IF(NOT($L65:$BP65=$BZ65)*ISNUMBER($L65:$BP65),$L65:$BP65,\"\"))","v":290.17427500000002},{"$f":"MEDIAN(IF(NOT($L65:$BP65=$BZ65)*ISNUMBER($L65:$BP65),$L65:$BP65,\"\"))","v":267.15937500000001},267.15937500000001,44.264699999999998]
["15.20","Esfera de Sinalização p/ cabo pára-raios aço galvanizado 3/8\" EHS","ARP 002 2019 FTD -ANEXO VI","FERRAGENS/CADEIAS/ACESSÓRIOS",6104,"Desenho 716-LT-30-DF-4-047","LINHA DE TRANSMISSÃO","LINHA DE TRANSMISSÃO ","unid.",3,{"$nulls":13},1452.72,{"$nulls":16},{"$f":"997.51*1.0325","v":1029.929075},null,1340,2583,1737.99,{"$nulls":11},1387.2764,{"$nulls":12},2583,7749,1029.929075,3089.787225,1419.9982,4259.9946,4835.9458699199995,"COTAÇÃO FINALIZADA - 3 COTAÇÕES",null,0.33831714418743447,{"$f":"_xlfn.STDEV.S(IF(NOT($L66:$BP66=$BZ66)*ISNUMBER($L66:$BP66),$L66:$BP66,\"\"))/AVERAGE(IF(NOT($L66:$BP66=$BZ66)*ISNUMBER($L66:$BP66),$L66:$BP66,\"\"))","v":0.33831714418743447},{"$f":"AVERAGE(IF(NOT($L66:$BP66=$BZ66)*ISNUMBER($L66:$BP66),$L66:$BP66,\"\"))","v":1588.4859125},{"$f":"MEDIAN(IF(NOT($L66:$BP66=$BZ66)*ISNUMBER($L66:$BP66),$L66:$BP66,\"\"))","v":1419.9982},1419.9982,1419.9982]
["15.21","Esfera de sinalização p/ cabo para-raios CAA Dotterel (ESP-6101)","ARP 002 2019 FTD -ANEXO VI","FERRAGENS/CADEIAS/ACESSÓRIOS","ESP-6101","Desenho 716-LT-30-DF-4-047","LINHA DE TRANSMISSÃO","LINHA DE TRANSMISSÃO ","unid.",3,{"$nulls":13},1452.72,{"$nulls":16},{"$f":"997.51*1.0325","v":1029.929075},null,1340,2583,2809.94,{"$nulls":11},1387.2764,{"$nulls":12},2809.94,8429.82,1029.929075,3089.787225,1419.9982,4259.9946,4835.9458699199995,"COTAÇÃO FINALIZADA - 3 COTAÇÕES",null,0.41754045529463302,{"$f":"_xlfn.STDEV.S(IF(NOT($L67:$BP67=$BZ67)*ISNUMBER($L67:$BP67),$L67:$BP67,\"\"))/AVERAGE(IF(NOT($L67:$BP67=$BZ67)*ISNUMBER($L67:$BP67),$L67:$BP67,\"\"))","v":0.41754045529463302},{"$f":"AVERAGE(IF(NOT($L67:$BP67=$BZ67)*ISNUMBER($L67:$BP67),$L67:$BP67,\"\"))","v":1767.1442458333333},{"$f":"MEDIAN(IF(NOT($L67:$BP67=$BZ67)*ISNUMBER($L67:$BP67),$L67:$BP67,\"\"))","v":1419.9982},1419.9982,1419.9982]
[]
["16.","INSTRUMENTOS DE TESTES E FERRAMENTAS ESPECIAIS"]
["16.3","Ferramenta especial para retirada, tratamento e armazenagem de gás SF6 – Unidade tratamento Gás SF6","ARP 002 2019 FTD -ANEXO  IV","INSTRUMENTOS DE TESTES E FERRAMENTAS ESPECIAIS ",null,"Toshiba","DISJUNTOR TRIPOLAR"," SE FLORESTA","unid.",1,null,314723,null,273828,{"$nulls":22},312822.17,{"$nulls":32},{"$f":"MAX(L70:BP70)","v":314723},{"$f":"BR70*J70","v":314723},{"$f":"MIN(L70:BP70)","v":273828},{"$f":"BT70*J70","v":273828},{"$f":"CF70","v":300457.72333333333},{"$f":"BV70*J70","v":300457.72333333333},{"$f":"BW70*(1+$K$5)","v":341079.60752799996},"COTAÇÃO FINALIZADA - 3 COTAÇÕES",null,7.6821431789824896E-2,{"$f":"_xlfn.STDEV.S(IF(NOT($L70:$BP70=$BZ70)*ISNUMBER($L70:$BP70),$L70:$BP70,\"\"))/AVERAGE(IF(NOT($L70:$BP70=$BZ70)*ISNUMBER($L70:$BP70),$L70:$BP70,\"\"))","v":7.6821431789824896E-2},{"$f":"AVERAGE(IF(NOT($L70:$BP70=$BZ70)*ISNUMBER($L70:$BP70),$L70:$BP70,\"\"))","v":300457.72333333333},{"$f":"MEDIAN(IF(NOT($L70:$BP70=$BZ70)*ISNUMBER($L70:$BP70),$L70:$BP70,\"\"))","v":312822.17},300457.72333333333,300457.72333333333]
[]
["17.","ISOLADOR"]
["17.1","Isolador de pedestal, 242 kV, NBI 950 kV, com  círculo de furação de  127 mm  (Fornecido com Data book, contendo: ensaios de rotinas, tipo, manual de instrução, desenhos elétricos, e mecânicos)","ARP 002 2019 FTD -ANEXO IV","ISOLADOR",null,"ALCOA Santana","BARRAMENTO 230 kV"," SE FLORESTA","unid.",3,{"$nulls":23},7394.17,null,null,null,5689.56,{"$nulls":20},{"$f":"5384.19*1.0975","v":5909.1485249999987},{"$nulls":9},1,{"$f":"MAX(L73:BP73)","v":7394.17},{"$f":"BR73*J73","v":22182.510000000002},{"$f":"MIN(L73:BP73)","v":5689.56},{"$f":"BT73*J73","v":17068.68},{"$f":"CF73","v":5909.1485249999987},{"$f":"BV73*J73","v":17727.445574999998},{"$f":"BW73*(1+$K$5)","v":20124.196216739998},"COTAÇÃO FINALIZADA - 3 COTAÇÕES",null,0.14646914743893652,{"$f":"_xlfn.STDEV.S(IF(NOT($L73:$BP73=$BZ73)*ISNUMBER($L73:$BP73),$L73:$BP73,\"\"))/AVERAGE(IF(NOT($L73:$BP73=$BZ73)*ISNUMBER($L73:$BP73),$L73:$BP73,\"\"))","v":0.14646914743893652},{"$f":"AVERAGE(IF(NOT($L73:$BP73=$BZ73)*ISNUMBER($L73:$BP73),$L73:$BP73,\"\"))","v":6330.9595083333334},{"$f":"MEDIAN(IF(NOT($L73:$BP73=$BZ73)*ISNUMBER($L73:$BP73),$L73:$BP73,\"\"))","v":5909.1485249999987},5909.1485249999987,5909.1485249999987]
["17.2","Isolador Composto Polimérico, 242 kV, NBI 950 kV  (Fornecido com Data book, contendo: ensaios de rotinas, tipo, manual de instrução, desenhos elétricos, e mecânicos)","ARP 002 2019 FTD -ANEXO VI","ISOLADOR","DCA-775-OT015-10","Desenho 716-LT-30-DF-3-108 (Electrovidro)","LINHA DE TRANSMISSÃO","LINHA DE TRANSMISSÃO ","unid.",14,{"$nulls":8},6324.2230300000001,991.21810000000005,{"$nulls":15},542,{"$nulls":33},{"$f":"MAX(L74:BP74)","v":6324.2230300000001},{"$f":"BR74*J74","v":88539.12242},{"$f":"MIN(L74:BP74)","v":542},{"$f":"BT74*J74","v":7588},542,{"$f":"BV74*J74","v":7588},{"$f":"BW74*(1+$K$5)","v":8613.8976000000002},"COTAÇÃO FINALIZADA - 3 COTAÇÕES",null,1.2280874691943107,{"$f":"_xlfn.STDEV.S(IF(NOT($L74:$BP74=$BZ74)*ISNUMBER($L74:$BP74),$L74:$BP74,\"\"))/AVERAGE(IF(NOT($L74:$BP74=$BZ74)*ISNUMBER($L74:$BP74),$L74:$BP74,\"\"))","v":1.2280874691943107},{"$f":"AVERAGE(IF(NOT($L74:$BP74=$BZ74)*ISNUMBER($L74:$BP74),$L74:$BP74,\"\"))","v":2619.1470433333334},{"$f":"MEDIAN(IF(NOT($L74:$BP74=$BZ74)*ISNUMBER($L74:$BP74),$L74:$BP74,\"\"))","v":991.21810000000005},991.21810000000005,542]
[]
["18.","ESTRUTURA METÁLICA/CONCRETO"]
["18.1","Estrutura tipo HAG - Concreto","ARP 002 2019 FTD -ANEXO VI","ESTRUTURA METÁLICA/CONCRETO","1626-LMT-2826-60-08-057",null,"LINHA DE TRANSMISSÃO","LINHA DE TRANSMISSÃO","conj.",1,{"$nulls":35},18827.400000000001,35462.120000000003,36982.79,{"$nulls":21},{"$f":"MAX(L77:BP77)","v":36982.79},{"$f":"BR77*J77","v":36982.79},{"$f":"MIN(L77:BP77)","v":18827.400000000001},{"$f":"BT77*J77","v":18827.400000000001},{"$f":"CF77","v":30424.103333333333},{"$f":"BV77*J77","v":30424.103333333333},{"$f":"BW77*(1+$K$5)","v":34537.442104000002},"COTAÇÃO FINALIZADA - 3 COTAÇÕES",null,{"$f":"_xlfn.STDEV.S(L77:BP77)/AVERAGE(L77:BP77)","v":0.33104608025058813},{"$f":"_xlfn.STDEV.S(IF(NOT($L77:$BP77=$BZ77)*ISNUMBER($L77:$BP77),$L77:$BP77,\"\"))/AVERAGE(IF(NOT($L77:$BP77=$BZ77)*ISNUMBER($L77:$BP77),$L77:$BP77,\"\"))","v":0.33104608025058813},{"$f":"AVERAGE(IF(NOT($L77:$BP77=$BZ77)*ISNUMBER($L77:$BP77),$L77:$BP77,\"\"))","v":30424.103333333333},{"$f":"MEDIAN(IF(NOT($L77:$BP77=$BZ77)*ISNUMBER($L77:$BP77),$L77:$BP77,\"\"))","v":35462.120000000003},30424.103333333333,30424.103333333333]
["18.2","Estrutura metálica tipo AF2s","ARP 002 2019 FTD -ANEXO VI","ESTRUTURA METÁLICA/CONCRETO","716-LT-30-DF-1-029",null,"LINHA DE TRANSMISSÃO","LINHA DE TRANSMISSÃO","conj.",1,{"$nulls":38},307620,null,{"$f":"17137.84*9","v":154240.56},null,{"$f":"19.1*10000","v":191000},{"$nulls":16},{"$f":"MAX(L78:BP78)","v":307620},{"$f":"BR78*J78","v":307620},{"$f":"MIN(L78:BP78)","v":154240.56},{"$f":"BT78*J78","v":154240.56},191000,{"$f":"BV78*J78","v":191000},{"$f":"BW78*(1+$K$5)","v":216823.2},"COTAÇÃO FINALIZADA - 3 COTAÇÕES",null,0.36798006658481053,{"$f":"_xlfn.STDEV.S(IF(NOT($L78:$BP78=$BZ78)*ISNUMBER($L78:$BP78),$L78:$BP78,\"\"))/AVERAGE(IF(NOT($L78:$BP78=$BZ78)*ISNUMBER($L78:$BP78),$L78:$BP78,\"\"))","v":0.36798006658481053},{"$f":"AVERAGE(IF(NOT($L78:$BP78=$BZ78)*ISNUMBER($L78:$BP78),$L78:$BP78,\"\"))","v":217620.18666666668},{"$f":"MEDIAN(IF(NOT($L78:$BP78=$BZ78)*ISNUMBER($L78:$BP78),$L78:$BP78,\"\"))","v":191000},191000,191000]
[]
[]
["19.","GRUPO MOTOR GERADOR - Segunda fonte de energia"]
["19.1","Grupo Motor Gerador com 155/170kVA cabinado  (Fornecido com Data book, contendo: ensaios de rotinas, tipo, manual de instrução, desenhos elétricos, e mecânicos)","ARP 002 2019 FTD -ANEXO VI","ESTRUTURA METÁLICA/CONCRETO","1626-LMT-2826-60-08-057",null,"LINHA DE TRANSMISSÃO","LINHA DE TRANSMISSÃO","conj.",1,{"$nulls":51},100999.98,169436,null,null,158641.4,157510,null,null,{"$f":"MAX(L82:BP82)","v":169436},{"$f":"BR82*J82","v":169436},{"$f":"MIN(L82:BP82)","v":100999.98},{"$f":"BT82*J82","v":100999.98},{"$f":"CF82","v":146646.845},{"$f":"BV82*J82","v":146646.845},{"$f":"BW82*(1+$K$5)","v":166473.498444},"COTAÇÃO FINALIZADA - 3 COTAÇÕES",null,0.21072608653826408,{"$f":"_xlfn.STDEV.S(IF(NOT($L82:$BP82=$BZ82)*ISNUMBER($L82:$BP82),$L82:$BP82,\"\"))/AVERAGE(IF(NOT($L82:$BP82=$BZ82)*ISNUMBER($L82:$BP82),$L82:$BP82,\"\"))","v":0.21072608653826408},{"$f":"AVERAGE(IF(NOT($L82:$BP82=$BZ82)*ISNUMBER($L82:$BP82),$L82:$BP82,\"\"))","v":146646.845},{"$f":"MEDIAN(IF(NOT($L82:$BP82=$BZ82)*ISNUMBER($L82:$BP82),$L82:$BP82,\"\"))","v":158075.70000000001},146646.845,146646.845]
[]
[{"$nulls":70},"SE Bom Nome",null,null,null,{"$f":"BW10+BW11+BW12","v":170929.70500000002},{"$f":"BX10+BX11+BX12","v":194039.40111600002}]
[{"$nulls":70},"SE Floresta",null,null,null,{"$f":"BW82+BW73+BW70+BW49+BW48+BW47+BW37+BW36+BW35+BW34+BW26+BW23+BW19+BW18+BW17+BW16+BW15+BW14+BW13+BW22+BW21","v":3280435.2490508333},{"$f":"BX82+BX73+BX70+BX49+BX48+BX47+BX37+BX36+BX35+BX34+BX26+BX23+BX19+BX18+BX17+BX16+BX15+BX14+BX13+BX22+BX21","v":3723950.0947225057}]
[{"$nulls":70},"linha de Transmissão",null,null,null,{"$f":"BW78+BW77+BW74+SUM(BW27:BW31)+SUM(BW38:BW44)+SUM(BW50:BW67)","v":665842.16546458332},{"$f":"BX78+BX77+BX74+SUM(BX27:BX31)+SUM(BX38:BX44)+SUM(BX50:BX67)","v":755864.02623539499}]
["SOMATÓRIO TOTAL ",{"$nulls":68},{"$f":"SUM(BR10:BR79)","v":4908725.2936049979},{"$f":"SUM(BS10:BS79)","v":11218190.826195},{"$f":"SUM(BT10:BT79)","v":1637873.5881099999},{"$f":"SUM(BU10:BU79)","v":3276992.7548750006},{"$f":"SUM(BV10:BV79)","v":1942333.7965212506},{"$f":"SUM(BW10:BW82)","v":4117207.1195154148},{"$f":"SUM(BX10:BX82)","v":4673853.5220739003}]

{"sheet":"SERVIÇOS ELETR.","index":7,"n_rows":197,"n_cols":98,"rows_kept":197,"cut":false,"hidden":false,"merged":[]}
["ATESTADO DE RECEBIMENTO PROVISÓRIO ENTRE CHESF E CODEVASF (ARP 002/2019) ‐ CCT 013/2014 ‐ FLORESTA"]
["ANEXO II – RELAÇÃO ESPECÍFICA DAS “NÃO CONFORMIDADES” OU “PENDÊNCIAS” E PRAZOS PARA SANEAMENTO PELA USUÁRIA LT PFA/BNO/FTD 230 KV ANEXO V ‐ PENDÊNCIAS DE ORDEM GERAL DA SE FTD / SECCIONADORA E0",{"$nulls":4},{"$f":"((N10*(1-E5))+(O10*(1-E5)))/2","v":6113.1262079999997}]
["PENDÊNCIAS SUBESTAÇÃO FLORESTA 230 kV (FTD II)"]
["ANEXO A"]
[{"$nulls":4},{"$f":"BDI!E26","v":0.22720000000000001},"BDI Serviço",{"$f":"BDI!U26","v":0.13519999999999999},"BDI Material"]
["ITEM","Nº DO ANEXO (CHESF)","DESCRIÇÃO","UNID.","QUANT.","Preço médio por unidade sem BDI (Serviço ou fornecedor)","BDI (%)","Preço total com BDI (Serviço ou fornecedor)","Sistema de Referência","Código \n","Descrição \n","Valor \nR$","Data\n","EMPRESA JPW","EMPRESA VECTOR","GMC","JOTA CARLOS MÓVEIS","Americanas","Madeira Madeira","TEKY","Mercado Livre","Maiart","Shoptime","Eletro Center","Consul","Casas Bahia","SECPOWER","DIGEL","DIXEQDIXE","MOSMANN","O BAIANÃO","TELBRA","TECHNO SPACE","CARMEHIL","CASA COMBATE","MAGAZINE LUIZA","LW INFORMAT.","NAGEM","KABUM","DELL","MS SERVER","LENOVO","HIDRO \nELTRO","SCALA","KLINT","AMARAL","DAISA","DIMENSIONAL","RIDEL","ELÉTRICA BAHIANA","ECOTECH","VIEWTECH","JH","J&R","BRASFIO","POWERSAFE","GMC Automação","NEWMAX (OPT)","LOJA ELETRICA","CLARAO LUMINARIAS","DELTACABLE","MAGAZINE ELETRICA","ENGENTRON","INSTRUFIBER","FIBERSUL","NAVILLE","LUKMA","WOHNER","CONCORDIA INFORMAT.","ELETRO FLASH","MATHEUS ELETRICID.","MOXOTEC","PINTO BARBALHO","VALEMAT","MCE Microtécnica","POWERBRAS","ANIXTER","DWH","FLEXMEDIA","AXIOM","CENTRAL CABOS","MUNDOMAX","ODERÇO","DECIBEL","INOVE CERTO","BRUBEKI","KGM","ADELTEC","EMPÓRIO DA SEGURANÇA","WDC","SICUR","3S SECURITY","SCHNEIDER",null,"CV","Média","Mediana","Menor "]
[1,null,"Fornecimento e aplicação do Relé de supervisão de tensão dos motores das chaves seccionadoras, que estão alarmando intermitentemente “falta de tensão / defeito motor” no SAGE.","CJ",1,null,null,{"$f":"SUM(H9:H10)","v":7992.9926867584009}]
["1.1",null,"Fornecimento de relé, cabos, e miscelânia","unid.",1]
["1.1.1","II e V","Relé de sobrecorrente RTT Falta de fase, assimetria modular, sequência de fase, mínima e máxima tensão, retardo ajustável no ligamento e no desligamento.\nContatos Auxiliares: 2NAF\nTensão de Emprego nos Contatos Auxiliares: 250VCA\nMáxima Corrente de Operação dos Contatos Auxiliares: 3A\nVida Mecânica Útil de Operações dos Contatos: 10.000.000","unid.",1,{"$f":"AVERAGE(N9:CO9)","v":265.92333333333335},{"$f":"$G$5","v":0.13519999999999999},{"$f":"E9*F9*(1+G9)","v":301.87616800000001},{"$nulls":37},318.89,null,null,128.5,{"$nulls":9},350.38,{"$nulls":35},{"$f":"_xlfn.STDEV.S(N9:CO9)/AVERAGE(N9:CO9)","v":0.45144249005559328},{"$f":"AVERAGE(N9:CO9)","v":265.92333333333335},{"$f":"MEDIAN(N9:CO9)","v":318.89},{"$f":"SMALL(CR9:CS9,1)","v":265.92333333333335}]
["1.2",null,"Instalação de relé de supervisão de tensão","serv.","‐",{"$f":"AVERAGE((N10*(1-$E$5)),(O10*(1-$E$5)),(P10*(1-$E$5)))","v":6267.2070720000002},{"$f":"$E$5","v":0.22720000000000001},{"$f":"F10*(1+G10)","v":7691.1165187584011},{"$nulls":5},6745.14,9075.58,8508.5,{"$nulls":78},{"$f":"_xlfn.STDEV.S(N10:CO10)/AVERAGE(N10:CO10)","v":0.14985890416878042},{"$f":"AVERAGE(N10:CO10)","v":8109.7400000000007},{"$f":"MEDIAN(N10:CO10)","v":8508.5},{"$f":"SMALL(CR10:CS10,1)","v":8109.7400000000007}]
[2,null,"Retirada da corrosão nos paineis central e dos polos B dos disjuntores 14D1, 14P2 e 14S2","CJ",1,null,null,{"$f":"SUM(H12:H18)","v":28351.839697945601}]
["2.1.1",null,"Tinta de fundo N2288 oxibar","gl",1,{"$f":"AVERAGE(N12:CO12)","v":752.20666666666659},{"$f":"$G$5","v":0.13519999999999999},{"$f":"F12*(1+G12)*E12","v":853.90500799999995},{"$nulls":21},716.82,{"$f":"499.9+499.9","v":999.8},{"$nulls":14},540,{"$nulls":48},0.30833753726739899,752.20666666666659,716.82,716.82]
["2.1.2",null,"Tinta esmalte sintético Cinza Alumínio para paineis elétricos","gl",1,{"$f":"AVERAGE(N13:CO13)","v":151.40666666666667},{"$f":"$G$5","v":0.13519999999999999},{"$f":"F13*(1+G13)*E13","v":171.876848},{"$nulls":20},135.56,{"$nulls":5},144.66,{"$nulls":10},174,{"$nulls":48},0.13267888470421893,151.40666666666667,144.66,144.66]
["2.1.3",null,"Lixa para ferro Nr.100","un",5,{"$f":"L14","v":2.96},{"$f":"$G$5","v":0.13519999999999999},{"$f":"F14*(1+G14)*E14","v":16.80096},"ORSE",1336,"Lixa p/ ferro 100 fl",2.96,"2022-11-01"]
["2.1.4",null,"Rolo lã 5cm","un",2,{"$f":"AVERAGE(N15:CO15)","v":10.916666666666666},{"$f":"$G$5","v":0.13519999999999999},{"$f":"F15*(1+G15)*E15","v":24.7852},{"$nulls":20},9.9,{"$nulls":5},9.23,{"$nulls":10},13.62,{"$nulls":48},0.21664138276061959,10.916666666666666,9.9,9.9]
["2.1.5",null,"Diluente para tinta","lt",5,{"$f":"L16","v":36.880000000000003},{"$f":"$G$5","v":0.13519999999999999},{"$f":"F16*(1+G16)*E16","v":209.33088000000001},"FDE","3.76.37","DILUENTE P/ FUNDO PRIMER EPOXI",36.880000000000003,"2023-01-01"]
["2.2","II e V","Serviço de Retirada da corrosão em disjuntores","serv.","‐",{"$f":"AVERAGE((N17*(1-$E$5)),(O17*(1-$E$5)),(P17*(1-$E$5)))","v":19304.716592000001},{"$f":"$E$5","v":0.22720000000000001},{"$f":"F17*(1+G17)","v":23690.748201702401},{"$nulls":5},21281.46,28634.21,25025,{"$nulls":78},0.14717960906341676,24980.223333333332,25025,24980.223333333332]
["2.3",null,"Transporte, armazenamento de tintas e produtos químicos","serv.","‐",2757.8166559999995,{"$f":"$E$5","v":0.22720000000000001},{"$f":"F18*(1+G18)","v":3384.3926002431995},{"$nulls":5},3040.21,4090.6,3575,{"$nulls":78},0.14717920876900695,3568.603333333333,3575,3568.603333333333]
[3,null,"Mobília das salas de comando e do encarregado ainda não foram disponibilizadas. Os OPI’s estão trabalhando com mobília provisória. Composta por: 6 cadeiras tipo giroflex encosto alto e rodas, 3 armários duas postas com prateleiras internas, 1 armários roupeiro com 9 posições, 1 geladeira com 270 ltr, 1 gaveteiro volante com 4 gavetas chave cada, 5 birô 1200x600mm com gaveta chave metálico.","CJ",1,null,null,{"$f":"SUM(H21:H27)","v":21744.988422607999}]
["3.1",null,"Fornecimento de mobila","unid.",1]
["3.1.1",null,"Cadeira giroflex encosto alto, rodas, e suporte para braços","unid.",6,{"$f":"AVERAGE(N21:CO21)","v":564.72799999999995},{"$f":"$G$5","v":0.13519999999999999},{"$f":"F21*(1+G21)*E21","v":3846.4753535999998},{"$nulls":7},950,267.98,248.95,{"$nulls":16},456.83,899.88,{"$nulls":58},0.60061176354970702,564.72799999999995,456.83,456.83]
["3.1.2",null,"Armário com duas portas e 4 prateleiras internas","unid.",3,{"$f":"AVERAGE(N22:CO22)","v":1155.3025},0.13519999999999999,3934.4981939999998,{"$nulls":7},1800,989.9,{"$nulls":4},871.11,{"$nulls":12},960.2,{"$nulls":59},0.37457906412913322,1155.3025,975.05,975.05]
["3.1.3",null,"Armário roupero com 9 posições com chave em chaparatada ","unid.",1,{"$f":"AVERAGE(N23:CO23)","v":1465.7950000000001},0.13519999999999999,1663.9704840000002,{"$nulls":8},1690,1370,1733.18,null,1070,{"$nulls":73},0.21122984503335143,1465.7950000000001,1530,1465.7950000000001]
["3.1.4",null,"Geladeira/congelador uma porta com 300 ltrs 220Vca Consumo A, Frost free.","unid.",1,{"$f":"L24","v":2418.9499999999998},0.13519999999999999,2745.9920399999996,"AGETOP CIVIL",2864,"GELADEIRA FROST FREE EM TORNO DE 300L CONSUL, ELETROLUX OU EQUIVALENTE",2418.9499999999998,"2023-03-01"]
["3.1.5",null,"Gaveteiro volante de 4 gavetas e chave","unid.",1,{"$f":"AVERAGE(N25:CO25)","v":728.26666666666677},0.13519999999999999,826.72832000000005,{"$nulls":8},816,{"$nulls":18},{"$f":"511.41+137.51","v":648.92000000000007},719.88,{"$nulls":57},0.11514344846522116,728.26666666666677,719.88,719.88]
["3.1.6",null,"Mesa de trabalho Birô com 1200x600 com três gavetas e chave","unid.",5,{"$f":"AVERAGE(N26:CO26)","v":621.73500000000001},0.13519999999999999,3528.9678600000002,{"$nulls":7},632,null,684.94,null,680,490,{"$nulls":73},0.14638276162101957,621.73500000000001,656,621.73500000000001]
["3.2",null,"Transporte e montagem no local","serv.","‐",{"$f":"AVERAGE((N27*(1-$E$5)),(O27*(1-$E$5)),(P27*(1-$E$5)))","v":4235.9486399999996},{"$f":"$E$5","v":0.22720000000000001},{"$f":"F27*(1+G27)","v":5198.3561710079994},{"$nulls":5},4869.49,5431.91,6142.5,{"$nulls":78},0.1163848993911277,5481.3,5431.91,5431.91]
[4,"II e V","Aquisição de mobílias da guarita Subestação E0. Composta por: 2 cadeiras tipo giroflex encosto alto e rodas, 1 armários roupeiro com 9 posições, 1 gaveteiro volante com 4 gavetas cada.","CJ",1,null,null,{"$f":"SUM(H30:H33)","v":6891.8709578048001}]
["4.1",null,"Fornecimento de mobila","unid.",1]
["4.1.1",null,"Cadeira giroflex encosto alto, rodas, e suporte para braços","unid.",2,{"$f":"F21","v":564.72799999999995},{"$f":"$G$5","v":0.13519999999999999},{"$f":"F30*(1+G30)*E30","v":1282.1584511999999},{"$nulls":12},950,267.98,248.95,{"$nulls":16},456.83,899.88,{"$nulls":53},0.60061176354970702,564.72799999999995,456.83,456.83]
["4.1.2",null,"Armário roupero com 9 posições com chave em chaparatada ","unid.",1,{"$f":"AVERAGE(N31:CO31)","v":1465.7950000000001},{"$f":"$G$5","v":0.13519999999999999},{"$f":"F31*(1+G31)*E31","v":1663.9704840000002},{"$nulls":8},1690,1370,1733.18,null,1070,{"$nulls":73},0.21122984503335143,1465.7950000000001,1530,1465.7950000000001]
["4.1.3",null,"Gaveteiro volante de 4 gavetas e chave","unid.",1,{"$f":"AVERAGE(N32:CO32)","v":728.26666666666677},{"$f":"$G$5","v":0.13519999999999999},{"$f":"F32*(1+G32)*E32","v":826.72832000000005},{"$nulls":8},816,{"$nulls":18},{"$f":"511.41+137.51","v":648.92000000000007},719.88,{"$nulls":57},0.11514344846522116,728.26666666666677,719.88,719.88]
["4.2",null,"Transporte e montagem no local","serv.","‐",{"$f":"AVERAGE((N33*(1-$E$5)),(O33*(1-$E$5)),(P33*(1-$E$5)))","v":2541.569184},{"$f":"$E$5","v":0.22720000000000001},{"$f":"F33*(1+G33)","v":3119.0137026048001},{"$nulls":5},2921.69,3259.15,3685.5,{"$nulls":78},0.11638543553317542,3288.78,3259.15,3259.15]
[5,"V","Realização de treinamento para serviços auxiliares (Retificadores e intertravamento do QPCSA)","unid.",1,{"$f":"AVERAGE((N34*(1-$E$5)),(O34*(1-$E$5)),(P34*(1-$E$5)))","v":66212.473599999983},{"$f":"$E$5","v":0.22720000000000001},{"$f":"F34*(1+G34)","v":81255.947601919979},{"$nulls":5},21301.040000000001,206798.36,28936.6,{"$nulls":78},1.2250679226208678,85678.666666666672,28936.6,28936.6]
[7,"II e V","Colocar dois exaustores no painel do SAGE QE0 e repor tampa inferior","CJ",1,null,null,{"$f":"SUM(H37:H38,H39)","v":12382.961644569597}]
["7.1",null,"Fornecimento de exaustores, chapa, cabos, terminais e miscelâneas","unid.",1]
["7.1.1",null,"Exaustor 16x16cm 125Vcc com grelha de acabamento","unid.",2,{"$f":"AVERAGE(N37:CO37)","v":202.49},{"$f":"$G$5","v":0.13519999999999999},{"$f":"F37*(1+G37)*E37","v":459.733296},{"$nulls":26},142.9,{"$nulls":10},{"$f":"240+4*5.52","v":262.08},{"$nulls":48},0.4161834469939884,202.49,202.49,202.49]
["7.1.2",null,"Placa em Aço 1/8\" espessura dimenssões 65x25 cm com aba 3cm, na cor cinza alumíno paineis elétricos.","unid.",1,{"$f":"AVERAGE(N38:CO38)","v":1064.04},{"$f":"$G$5","v":0.13519999999999999},{"$f":"F38*(1+G38)*E38","v":1207.8982079999998},{"$nulls":35},670.8,null,{"$f":"1440+4*4.32","v":1457.28},{"$nulls":48},0.52265454425359581,1064.04,1064.04,1064.04]
["7.2",null,"Transporte, adequação da chaparia do painel e instalação dos exaustores","serv.","‐",{"$f":"AVERAGE((N39*(1-$E$5)),(O39*(1-$E$5)),(P39*(1-$E$5)))","v":8731.5271679999987},{"$f":"$E$5","v":0.22720000000000001},{"$f":"F39*(1+G39)","v":10715.330140569598},{"$nulls":5},15679.75,17490.75,725.18,{"$nulls":78},0.81439390012300972,11298.56,15679.75,11298.56]
[8,"II eV","Dar continuidade na construção das bases para postes de iluminação do pátio",{"$nulls":4},{"$f":"SUM(H42:H45)","v":10022.257510617599}]
["8.1","II e V","Fornecimento"]
["8.1.1",null,"Luminária, uso externo; fechada; refletor de alumínio estampado\nanodizado tipo assimétrico fixação do tipo encaixe liso ø 48mm; para\nlâmpada vapor de sódio 250 W; corpo, pescoço e base de alumínio\ninjetado em alta pressão; soquete porcelana reforçado; rosca E-40; grau\nde proteção IP64 equipamento embutido no pescoço, composto de\nReator, Ignitor e Capacitor 33uF; (sem base para relé fotoelétrico).\nREF.FAB.: IP 251 SR TECNOWATT ou Similar.","un",1,{"$f":"AVERAGE(N42:CO42)","v":439.72},{"$f":"$G$5","v":0.13519999999999999},{"$f":"F42*(1+G42)*E42","v":499.17014400000005},{"$nulls":23},450,{"$nulls":13},540,{"$nulls":13},329.16,{"$nulls":34},0.24059686007277412,439.72,450,439.72]
["8.1.2",null,"Cabo em cobre PP duplo isolamento #3#2,5mm². 1000kV","m",20,{"$f":"AVERAGE(N43:CO43)","v":18.641999999999999},{"$f":"$G$5","v":0.13519999999999999},{"$f":"F43*(1+G43)*E43","v":423.24796800000001},{"$nulls":20},13.34,{"$nulls":4},8.9499999999999993,6.9,{"$nulls":7},8.4,null,null,55.62,{"$nulls":48},1.1162859917898798,18.641999999999999,8.9499999999999993,8.9499999999999993]
["8.1.3",null,"Lâmpada vapor de sódio; alta pressão, com tubo de descarga de óxido de alumínio sintetizado, encapsulado por um bulbo ovóide; tamanho 2; base E-40; 250W/220V; vida média 28.000h; IRC 4; fluxo luminoso 25.000 lm. REF.FAB.: SON-250-E PHILIPS;NAV-E/250 OSRAM","un",1,{"$f":"L44","v":64.77},{"$f":"$G$5","v":0.13519999999999999},{"$f":"F44*(1+G44)*E44","v":73.526903999999988},"SINAPI",3757,"LAMPADA VAPOR DE SODIO OVOIDE 250 W (BASE E40)",64.77,"2023-01-01"]
["8.2",null,"Transporte e Instalação de poste com luminária no pátio","serv.",null,{"$f":"AVERAGE((N45*(1-$E$5)),(O45*(1-$E$5)),(P45*(1-$E$5)))","v":7355.2090079999989},{"$f":"$E$5","v":0.22720000000000001},{"$f":"F45*(1+G45)","v":9026.3124946175994},{"$nulls":5},7708.73,10372.1,10472,{"$nulls":78},0.16467707479993071,9517.61,10372.1,9517.61]
[9,"II e V","Revisão completa incluindo retirada e colocação da bomba injetora para limpeza no GGE 300G1 que apresenta frequentes falhas no seu funcionamento, tanto na partida como por frequência anormal.","CJ",1,{"$f":"AVERAGE((N46*(1-$E$5)),(O46*(1-$E$5)),(P46*(1-$E$5)))","v":25851.396479999999},{"$f":"$E$5","v":0.22720000000000001},{"$f":"F46*(1+G46)","v":31724.833760256002},{"$nulls":5},27093.93,36454.870000000003,36806,{"$nulls":78},0.16467679006025204,33451.599999999999,36454.870000000003,33451.599999999999]
[10,"V","Concerto do retificador 300R2 (UR indisponível)","unid.",1,{"$f":"AVERAGE((N47*(1-$E$5)),(O47*(1-$E$5)),(P47*(1-$E$5)))","v":21470.720431999998},{"$f":"$E$5","v":0.22720000000000001},{"$f":"F47*(1+G47)","v":26348.868114150398},{"$nulls":5},22502.7,30277.37,30569,{"$nulls":78},0.16467676281371937,27783.023333333334,30277.37,27783.023333333334]
[11,"V","Realização de treinamento para serviços auxiliares (Retificadores e intertravamento do QPCSA)","unid.",1,{"$f":"AVERAGE((N48*(1-$E$5)),(O48*(1-$E$5)),(P48*(1-$E$5)))","v":66212.473599999983},{"$f":"$E$5","v":0.22720000000000001},{"$f":"F48*(1+G48)","v":81255.947601919979},{"$nulls":5},21301.040000000001,206798.36,28936.6,{"$nulls":78},1.2250679226208678,85678.666666666672,28936.6,28936.6]
[12,null,"Mobilização, instalação de canteiro e desmobilizaçao incluindo guindaste para desmontagem e montagem do disjuntor e seccionadora, aluguel de conteiners, transporte de material, estadia, e manutenção da equipe em campo.","CJ",1,{"$f":"AVERAGE((N49*(1-$E$5)),(O49*(1-$E$5)),(P49*(1-$E$5)))","v":248665.28052799997},{"$f":"$E$5","v":0.22720000000000001},{"$f":"F49*(1+G49)","v":305162.03226396156},{"$nulls":5},198386.5,266929.03000000003,500000,{"$nulls":78},0.49137010712979245,321771.84333333332,266929.03000000003,266929.03000000003]
[13,null,"Fornecimento de peças sobressalentes do sistema de CFTV","CJ",1,null,null,{"$f":"SUM(H52:H69,H70)","v":87120.217882975965}]
["13.1","IV","Fornecimento de equipamentos","CJ",1]
["13.1.2",null,"Disco rígido para uso exclusivo em CFTV, 2TB, 3.5\", SATA, 5400 RPM, 64 Mb de Cache - WD Purple WD20PURZ OU SIMILAR","un",2,{"$f":"AVERAGE(N52:CO52)","v":702.2733333333332},{"$f":"$G$5","v":0.13519999999999999},{"$f":"F52*(1+G52)*E52","v":1594.4413759999998},{"$nulls":29},{"$f":"579.41+26","v":605.41},{"$f":"589+127.41","v":716.41},{"$nulls":48},785,{"$nulls":6},0.12904625987609106,702.2733333333332,716.41,702.2733333333332]
["13.1.3",null,"Desktop, para sistema de CFTV. Xenon, 3 hd purple 2TB, 8GB RAM, 3.0GHz, Servidor de vídeo e Imagem Modelo ML110 G6 HP/DELL","un",1,12321.736666666666,0.13519999999999999,13987.635463999999,{"$nulls":31},17070,8046.5,11848.71,{"$nulls":52},0.36766809539869505,12321.736666666666,11848.71,11848.71]
["13.1.4",null,"Nobreak  2,2kVa, entrada e saída 220Vca 60hz, 53Ax49Lx33P (tamanho máximo)","un",2,5517.4074999999993,0.13519999999999999,12526.721987999998,{"$nulls":28},2520,{"$nulls":21},4274.07,null,null,null,11782.56,{"$nulls":5},3493,{"$nulls":25},0.76810560133578165,5517.4074999999993,3883.5349999999999,3883.5349999999999]
["13.1.5",null,"Monitor para PC 21,5\" LED - Widescreen Full HD HDMI VGA - BIVOLT","un",1,{"$f":"L55","v":842.44},0.13519999999999999,956.33788800000002,"ORSE",12990,"Monitor LED HD 24\" -24MT48DF-WS com HDMI, Video Player e USB - LG ou similar um",842.44,"2022-11-01"]
["13.1.6",null,"Distribuidor interno óptico-Dio OI.02269 Fibracem","un",1,{"$f":"L56","v":339.15},0.13519999999999999,385.00307999999995,"SBC",47588,"RACK - DISTRIBUIDOR INTERNO OPTICO DIO 24 FIBRAS ODF FULL JZ-1823 APC",339.15,"2023-03-01"]
["13.1.7",null,"Ke-board KBD300A Pelco","un",1,16196.05,0.13519999999999999,18385.755959999999,{"$nulls":81},16196.05,{"$nulls":4},{"$error":"#DIV/0!"},16196.05,16196.05,16196.05]
["13.1.8",null,"Conversor Ethernet/FO AX-CV-FO-ETH Axiom","un",2,300.49666666666667,0.13519999999999999,682.24763199999995,{"$nulls":70},193,382.83,{"$nulls":6},325.66000000000003,{"$nulls":7},0.32407866475061897,300.49666666666667,325.66000000000003,300.49666666666667]
["13.1.9",null,"Patch Panel 24P HP/DELL","un",1,{"$f":"L59","v":1082.3499999999999},0.13519999999999999,1228.68372,"SINAPI",39596,"PATCH PANEL, 24 PORTAS, CATEGORIA 6, COM RACKS DE 19\" DE LARGURA E 1 U DE ALTURA",1082.3499999999999,"2023-01-01"]
["13.1.10",null,"Fonte de alimentação chaveada - 220Vca/12Vcc/5A ABLRPM12083 Schneider","un",1,314.31333333333333,0.13519999999999999,356.80849599999999,{"$nulls":61},442.25,{"$nulls":17},60.5,{"$nulls":4},440.19,null,0.69933784028582147,314.31333333333333,440.19,314.31333333333333]
["13.1.11",null,"Terminados óptico para 4 fibras-Dio Fibracem","un",1,{"$f":"L61","v":79.900000000000006},0.13519999999999999,90.702480000000008,"SBC",14825,"FIBRA OPTICA - TERMINADOR OPTICO METALICO 12FO PRETO",79.900000000000006,"2023-03-01"]
["13.1.12",null,"Detetor de Intrusão Infravermelho D101 Decibel","un",1,{"$f":"L62","v":532.61},0.13519999999999999,604.61887200000001,"SBC",202062,"SENSOR EXTERNO DE PRESENCA INFRAVERMELHO IVP 3000 MW EX COM FIO PASSIVO, 4 DE IR E 5 DE MW NIVEIS DE SENSIBILIDADE, COBERTURA COM ANGULO DE 110 GRAUS E ALCANCE DE 12M - PET 35 KG INTELBRAS",532.61,{"$f":"M61","v":"2023-03-01"}]
["13.1.13",null,"Iluminador infravermelho 120° 100 Raymax","un",1,4314.335,0.13519999999999999,4897.633092,{"$nulls":82},7863.67,765,null,null,1.1634510751727691,4314.335,4314.335,4314.335]
["13.1.14",null,"Câmara Móvel Dome-Ip Spectra IV Pelco","un",1,{"$f":"L64","v":3801.1},0.13519999999999999,4315.0087199999998,"ORSE",12452,"Câmera Hdcvi speed dome Vhd 3020 sd, da Intelbrás ou similar um",3801.1,"2022-11-01",{"$nulls":73},3878.6,3535.99,null,21091.62,{"$nulls":4},1.056433650337635,9502.07,3878.6,3878.6]
["13.1.15",null,"Câmara Fixa-IP 13VDIR Pelco","un",1,2635.26,0.13519999999999999,2991.5471520000001,{"$nulls":78},711.7,864.49,null,6329.59,{"$nulls":4},1.2144135991522003,2635.26,864.49,864.49]
["13.1.16",null,"Detetor de presença externo. Sensor IVP-1","un",1,559.98,0.13519999999999999,{"$f":"F66*(1+G66)*E66","v":635.68929600000001},{"$nulls":76},{"$f":"545.26+63.69","v":608.95000000000005},733,337.99,{"$nulls":7},0.36073941578609736,559.98,608.95000000000005,559.98]
["13.1.17",null,"Detetor de presença interno. Sensores IVP-2/IVP-3","un",1,133.10666666666665,0.13519999999999999,151.10268799999997,{"$nulls":76},{"$f":"41.76+63.69","v":105.44999999999999},235,58.87,{"$nulls":7},0.6856453891386256,133.10666666666665,105.44999999999999,105.44999999999999]
["13.1.18",null,"KIT par extensor KVM USB VGA VIA CAT6 - 250 m.  ","un",1,8326.1024666666654,0.13519999999999999,9451.791520159999,{"$nulls":12},1100,{"$nulls":40},15940.32,{"$nulls":14},{"$f":"(1522.43+200/20)*5.18","v":7937.9874},{"$nulls":17},0.89210634070939199,8326.1024666666654,7937.9874,7937.9874]
["13.1.19",null,"Mesa controladora usb interface, vms, nvr, dvr ds-1005k hikvision","un",1,2857.5499999999997,0.13519999999999999,3243.8907599999998,{"$nulls":12},2044.44,{"$nulls":39},3529.21,{"$nulls":27},2999,{"$nulls":5},0.2633108059526118,2857.5499999999997,2999,2857.5499999999997]
["13.2",null,"Inspeção e transporte dos equipamentos","serv.","‐",{"$f":"AVERAGE((N70*(1-$E$5)),(O70*(1-$E$5)),(P70*(1-$E$5)))","v":8665.7412800000002},{"$f":"$E$5","v":0.22720000000000001},{"$f":"F70*(1+G70)","v":10634.597698816},{"$nulls":5},7824.16,8727.84,17088.3,{"$nulls":78},0.45550795241191322,11213.433333333334,8727.84,8727.84]
[14,"IV","Realização de treinamento no equipamento de teleproteção DIP 5000 para a regional","serv.",1,{"$f":"AVERAGE((N71*(1-$E$5)),(O71*(1-$E$5)),(P71*(1-$E$5)))","v":27825.720159999997},{"$f":"$E$5","v":0.22720000000000001},{"$f":"F71*(1+G71)","v":34147.723780351997},{"$nulls":5},24424.73,32863.47,50730.9,{"$nulls":78},0.37303828364869707,36006.366666666669,32863.47,32863.47]
[15,"IV","Realização de treinamento para o sistema de CFTV","serv.",1,{"$f":"AVERAGE((N72*(1-$E$5)),(O72*(1-$E$5)),(P72*(1-$E$5)))","v":14081.575199999997},{"$f":"$E$5","v":0.22720000000000001},{"$f":"F72*(1+G72)","v":17280.909085439998},{"$nulls":5},13912.82,15519.74,25231.94,{"$nulls":78},0.33609488678425437,18221.5,15519.74,15519.74]
[16,null,"Forneceimento de notebook industrial e software de acesso ao equipamento de teleproteção DIP 5000 para realização de manutenções corretivas","CJ",1,null,null,{"$f":"SUM(H75:H76)","v":10795.3577083648}]
["16.1","IV","Fornecimento de notebook industrial e licenças de softwares","CJ",1]
["16.1.1",null,"Notebook I5 de 8° geração ou mais recente, com Memória RAM: 4GB\nHD de 500GB, Porta Serial RS-232 ou conversor USB-Serial. Tela 15\"com resolução mínima HD.","unid.",2,{"$f":"AVERAGE(N75:CO75)","v":3853.35},{"$f":"$G$5","v":0.13519999999999999},{"$f":"F75*(1+G75)*E75","v":8748.6458399999992},{"$nulls":24},{"$f":"3799+99+100","v":3998},{"$nulls":5},{"$f":"3599.9+81.05+19+116.1","v":3816.05},{"$nulls":29},3746,{"$nulls":25},{"$f":"_xlfn.STDEV.S(N75:CO75)/AVERAGE(N75:CO75)","v":3.3756303852453096E-2},{"$f":"AVERAGE(N75:CO75)","v":3853.35},{"$f":"MEDIAN(N75:CO75)","v":3816.05},{"$f":"SMALL(CR75:CS75,1)","v":3816.05}]
["16.2",null,"Inspeção, Instalação de softwares de acesso ao equipamento de teleproteção DIP 5000 e transporte","serv.","‐",{"$f":"AVERAGE((N76*(1-$E$5)),(O76*(1-$E$5)),(P76*(1-$E$5)))","v":1667.7899839999998},{"$f":"$E$5","v":0.22720000000000001},{"$f":"F76*(1+G76)","v":2046.7118683647998},{"$nulls":5},1545.87,1724.41,3204.06,{"$nulls":78},0.42175941761646157,2158.1133333333332,1724.41,1724.41]
[17,null,"Conclusão  de  infraestrutura  da  Rede  LAN  interna  do  Prédio  de  Apoio  e  da  infraestrutura  de interligação com a rede existente  (tubulações e caixas R2); execução do cabeamento e fazer o marco de encaminhamento da tubulação no percurso para o Prédio de Apoio, lançamento e conexão dos cabos, fusão e certificação dos cabos ópticos .","CJ",1,null,null,{"$f":"SUM(H79:H128)","v":145765.0136689072}]
["17.1","IV","Fornecimento de eletrodutos e acessórios, materiais para construção civil, marcos de sinalização, cabos de rede, cabos de alimentação, fibras ópticas e acessórios para conectorização dos cabos de rede, cabos de alimentação, cabo telefônico CTP APL, fibras ópticas e acessórios para conectorização dos cabos","CJ",1]
["17.1.1",null,"Luminária  pendente  para  2  lâmpadas  fluorescentes  de  40W, corpo fabricado em chapa de aço tratado e pintado na cor branca, refletor fabricado em chapa de alumínio anodizado de alto brilho (99,85%), equipada com soquetes antivibratórios e reator duplo, partida rápida, alto fator de potência, 220V, 60Hz. Ref. Fab.: 4012.228.300 ITAIM ILUMINAÇÃO ou similar.","un",12,{"$f":"L79","v":230.78},{"$f":"$G$5","v":0.13519999999999999},{"$f":"F79*(1+G79)","v":261.98145599999998},"CPOS","P.15.000.091243","Luminária blindada de sobrepor ou pendente para 2 lâmpadas fluorescentes 32/36/40 W, ref. HT01S232 da Lumicenter ou equivalente",230.78,"2022-11-01"]
["17.1.2",null,"Luminária, com refletor de chapa de alumínio, fechada à prova de tempo, gases, vapores e pó; tipo arandela 30º. “corpo e grade de proteção fabricada em alumínio silício fundida com esmaltação na cor cinza martelado, caixa de ligações com quatro entradas rosqueadas nas laterais eletroduto de diâmetro DN 25 e dois bujões seladores, globo de vidro temperado resistente a choques térmicos e mecânicos, rosqueado ao corpo e vedado com junta em neoprene \"W\" (NBR 5407) para assegurar fechamento hermético, soquete de porcelana reforçado E-27, para 1 (uma) lâmpada fluorescente compacta  de 25W ,Tensão nominal  220 V grau de proteção IP54. Ref. Fab.: AIW/2 – PL254A45- e  refletor RAX-1 da BLINDA  ou similar.","un",8,{"$f":"AVERAGE(N80:CO80)","v":467.56333333333333},0.13519999999999999,{"$f":"F80*(1+G80)*E80","v":4246.2231679999995},{"$nulls":23},780,{"$nulls":16},375,{"$nulls":16},247.69,{"$nulls":28},0.59449669752612644,467.56333333333333,375,375]
["17.1.3",null,"Luminária, tipo plafonier; para 1 (uma) lâmpada até 100W; com soquete de porcelana; rosca E-27; globo em vidro opaco; tipo “drops”;  suporte  de  fixação  adequado  para  instalação aparafusada  a  caixa  estampada  octogonal,  Tensão  nominal 220V","un",5,27.793333333333333,0.13519999999999999,157.75496000000001,{"$nulls":20},6.67,{"$nulls":16},72,null,null,null,4.71,{"$nulls":44},1.3779073169799885,27.793333333333333,6.67,6.67]
["17.1.4",null,"Lâmpada fluorescente tubular, tensão nominal 220V/ 60 Hz, base bipino , índice de reprodução de cores de 70 a 79%, temperatura de cor 5250 K, fluxo luminoso 2700 lm, vida útil 7500 horas, potência 40 watts. Ref. Fab.: OSRAM ou similar","un",24,27.669999999999998,0.13519999999999999,753.86361599999998,{"$nulls":20},11.12,{"$nulls":5},16.09,{"$nulls":10},55.8,{"$nulls":48},0.88499129605872429,27.669999999999998,16.09,16.09]
["17.1.5",null,"Lâmpada fluorescente compacta, com reator incorporado, com fator de potência maior ou igual a 0,95, tensão nominal 220V/  60 Hz,  base E27,  índice de  reprodução de cores de 80 a  89%, temperatura de cor 4000 K, fluxo luminoso 1200 lm, vida útil 6000 horas, potência 23 watts. Ref. Fab.: OSRAM ou similar.","un",13,26.929999999999996,0.13519999999999999,397.42216799999994,{"$nulls":26},49.07,{"$nulls":10},15.84,null,null,null,15.88,{"$nulls":44},0.71198710993998571,26.929999999999996,15.88,15.88]
["17.1.6",null,"Cabo,  elétrico  força  0,6/1kv;  3x1mm2;  cobre;  tempera  mole; seção  nominal 1,5mm2;  formação  7  fios;  classe  de encordoamento 2; isolação PVC; cobertura PVC preta; temperatura máxima 70°C; normas ABNT NBR-6880 e 7288/82. REF. FAB.: SINTENAX-ANTIFLAM da PRYSMIAN ou similar.","m",5,{"$f":"L84","v":5.88},0.13519999999999999,33.374879999999997,"SINAPI",39257,"CABO MULTIPOLAR DE COBRE, FLEXIVEL, CLASSE 4 OU 5, ISOLACAO EM HEPR, COBERTURA EM PVC-ST2, ANTICHAMA BWF-B, 0,6/1 KV, 3 CONDUTORES DE 1,5 MM2",5.88,"2023-01-01"]
["17.1.7",null,"Cabo,  elétrico  força  0,6/1kv;  3x4mm2;  cobre;  tempera  mole; seção nominal 4mm2; formação 7 fios; classe de encordoamento 2;  isolação  PVC;  cobertura  PVC  preta;  temperatura  máxima 70°C; normas ABNT NBR-6880 e 7288/82. REF. FAB.: SINTENAX-ANTIFLAM da PRYSMIAN ou similar.","m",200,{"$f":"L85","v":13.64},0.13519999999999999,3096.8256000000001,"SINAPI",39259,"CABO MULTIPOLAR DE COBRE, FLEXIVEL, CLASSE 4 OU 5, ISOLACAO EM HEPR, COBERTURA EM PVC-ST2, ANTICHAMA BWF-B, 0,6/1 KV, 3 CONDUTORES DE 4 MM2",13.64,{"$f":"M84","v":"2023-01-01"}]
["17.1.8",null,"Interruptor   simples,   10A,   250V,   montado   com   condulete, fabricado em liga de alumínio fundido, tipo E, com 1 entrada sem rosca, para eletroduto DN25. Ref. Fab.: DAISA  ou similar","un",6,{"$f":"L86","v":7.64},0.13519999999999999,52.037567999999993,"SINAPI",38062,"INTERRUPTOR SIMPLES 10A, 250V, CONJUNTO MONTADO PARA EMBUTIR 4\" X 2\" (PLACA + SUPORTE + MODULO) ",7.64,{"$f":"M85","v":"2023-01-01"}]
["17.1.9",null,"Tomada monofásica universal, 2 polos + terra, 25A, 250V, montada com condulete,  fabricado em liga de alumínio fundido, tipo E, com 1 entrada sem rosca, para eletroduto DN250. Ref. Fab.: DAISA  ou similar","un",11,{"$f":"L87","v":22.79},0.13519999999999999,284.58328799999998,"EMBASA","M104500010","TOMADA 2P + T UNIVERSAL, 250V, 25A",22.79,"2023-01-01"]
["17.1.10",null,"Tomada  monofásica  universal,  2  polos  +  terra,  25A,  250V, montada com condulete (2 TOMADAS),   fabricado em liga de alumínio  fundido,  tipo  E,  com  1  entrada  sem  rosca,  para eletroduto DN250. Ref. Fab.: DAISA  ou similar","un",9,13.31,0.13519999999999999,135.98560800000001,{"$nulls":34},10.92,null,null,14.76,null,null,null,14.25,{"$nulls":44},0.15668291448645238,13.31,14.25,13.31]
["17.1.11",null,"Fio sólido, fabricado em cobre nu; têmpera mole; encordoamento classe 1, seção nominal 2,5mm²; isolamento na cor vermelha de PVC a 70º C- composto termoplástico extrudado á base de policloreto  de  vinila,  com  especiais  característica     de  não propagação    e  auto-extinção  do  fogo;  BWF;  750V;  fabricado segundo NBR NM 247-3, produto deve ser certificado com a marca de conformidade – INMETRO .Ref. Fab.: Pirastic BWF antiflam da PRYSMIAN ou similar","m",300,{"$f":"L89","v":2.67},0.13519999999999999,909.29519999999991,"SINAPI",939,"FIO DE COBRE, SOLIDO, CLASSE 1, ISOLACAO EM PVC/A, ANTICHAMA BWF-B, 450/750V, SECAO NOMINAL 2,5 MM2",2.67,{"$f":"M86","v":"2023-01-01"}]
["17.1.12",null,"Fio sólido, fabricado em cobre nu; têmpera mole; encordoamento classe 1, seção nominal 2,5mm²; isolamento na cor azul de PVC  a  70º  C-  composto  termoplástico  extrudado  á  base  de policloreto  de  vinila,  com  especiais  característica     de  não propagação    e  auto-extinção  do  fogo;  BWF;  750V;  fabricado segundo NBR NM 247-3, produto deve ser certificado com a marca de conformidade – INMETRO . Ref. Fab.: Pirastic BWF antiflam da PRYSMIAN ou similar.","m",300,2.67,0.13519999999999999,909.29519999999991,"SINAPI",939,"FIO DE COBRE, SOLIDO, CLASSE 1, ISOLACAO EM PVC/A, ANTICHAMA BWF-B, 450/750V, SECAO NOMINAL 2,5 MM2",2.67,{"$f":"M89","v":"2023-01-01"}]
["17.1.13",null,"Fio sólido, fabricado em cobre nu; têmpera mole; encordoamento classe 1, seção nominal 2,5mm²; isolamento na cor branca de PVC  a  70º  C-  composto  termoplástico  extrudado  á  base  de policloreto  de  vinila,  com  especiais  característica     de  não propagação    e  auto-extinção do  fogo;  BWF;  750V;  fabricado segundo NBR NM 247-3, produto deve ser certificado com a marca de conformidade – INMETRO . Ref. Fab.: Pirastic BWF antiflam da PRYSMIAN ou similar.","m",300,2.6,0.13519999999999999,885.45600000000002,"SINAPI",939,"FIO DE COBRE, SOLIDO, CLASSE 1, ISOLACAO EM PVC/A, ANTICHAMA BWF-B, 450/750V, SECAO NOMINAL 2,5 MM2",2.6,{"$f":"M90","v":"2023-01-01"}]
["17.1.14",null,"Fio sólido, fabricado em cobre nu; têmpera mole; encordoamento classe 1, seção nominal 2,5mm²; isolamento na cor preta de PVC  a  70º  C-  composto  termoplástico  extrudado  á  base  de policloreto  de  vinila,  com  especiais  característica     de  não propagação    e  auto-extinção do  fogo;  BWF;;  750V;  fabricado segundo NBR NM 247-3, produto deve ser certificado com a marca de conformidade – INMETRO .Ref. Fab.: Pirastic BWF antiflam da PRYSMIAN ou similar.","m",150,2.6,0.13519999999999999,442.72800000000001,"SINAPI",939,"FIO DE COBRE, SOLIDO, CLASSE 1, ISOLACAO EM PVC/A, ANTICHAMA BWF-B, 450/750V, SECAO NOMINAL 2,5 MM2",{"$f":"L91","v":2.6},{"$f":"M91","v":"2023-01-01"}]
["17.1.15",null,"Fio sólido, fabricado em cobre nu; têmpera mole; encordoamento classe 1, seção nominal 2,5mm²; isolamento na cor verde/amarelo de PVC a 70º C- composto termoplástico extrudado á base de policloreto de vinila, com especiais característica de não propagação e auto-extinção do fogo; BWF; 750V; fabricado segundo NBR NM 247-3, produto deve ser certificado com a marca de conformidade – INMETRO .Ref. Fab.: Pirastic BWF antiflam da PRYSMIAN ou similar.","m",300,2.6,0.13519999999999999,885.45600000000002,"SINAPI",939,"FIO DE COBRE, SOLIDO, CLASSE 1, ISOLACAO EM PVC/A, ANTICHAMA BWF-B, 450/750V, SECAO NOMINAL 2,5 MM2",{"$f":"L92","v":2.6},"2022-12-01"]
["17.1.16",null,"Fio sólido, fabricado em cobre nu; têmpera mole; encordoamento classe 1, seção nominal 2,5mm²; isolamento na cor CINZA de PVC a 70º C- composto termoplástico extrudado á base de policloreto de vinila, com especiais característica   de não propagação   e auto-extinção do fogo; BWF; 750V; fabricado segundo NBR NM 247-3, produto deve ser certificado com a marca de conformidade – INMETRO .Ref. Fab.: Pirastic BWF antiflam da PRYSMIAN ou similar.","m",150,2.6,0.13519999999999999,442.72800000000001,"SINAPI",939,"FIO DE COBRE, SOLIDO, CLASSE 1, ISOLACAO EM PVC/A, ANTICHAMA BWF-B, 450/750V, SECAO NOMINAL 2,5 MM2",{"$f":"L93","v":2.6},"2022-12-01"]
["17.1.17",null,"Eletroduto, rígido, aço carbono, com costura, DN50 , diâmetro externo 60,30mm, espessura da parede 3,35mm, extremidades rosqueadas, com  luva, rosca cilíndrica BSP,  galvanização por imersão a quente, vara de 3000mm, norma ABNT NBR-5598. Ref. Fab.: CARBINOX ou similar","br",1,301.67,0.13519999999999999,342.45578399999999,{"$nulls":25},313.08,335.3,{"$nulls":8},256.63,{"$nulls":50},0.13444214173331728,301.67,313.08,301.67]
["17.1.18",null,"Eletroduto, rígido, aço carbono, com costura, DN25 diâmetro externo 26,9mm, espessura da  parede 2,25mm, extremidades rosqueadas, com  luva, rosca cilíndrica BSP,  galvanização por imersão a quente, vara de 3000mm, norma ABNT NBR-5598. Ref. Fab.: CARBINOX ou similar.","br",40,137.44000000000003,0.13519999999999999,6240.8755200000005,{"$nulls":25},143.03,145.80000000000001,{"$nulls":8},123.49,{"$nulls":50},8.8476317167396568E-2,137.44000000000003,143.03,137.44000000000003]
["17.1.19",null,"Arruela,  fabricada  em  liga  de  alumínio,  para  eletroduto  rígido DN50 , rosca BSP. Ref. Fab.: DAISA ou similar","un",2,{"$f":"L97","v":2.69},0.13519999999999999,6.1073759999999995,"SINAPI",39213,"ARRUELA EM ALUMINIO, COM ROSCA, DE 2\", PARA ELETRODUTO",2.69,"2023-01-01"]
["17.1.20",null,"Arruela,  fabricada  em  liga  de  alumínio,  para  eletroduto  rígido DN25 , rosca BSP. Ref. Fab.: DAISA ou similar","un",5,{"$f":"L98","v":1.03},0.13519999999999999,5.8462800000000001,"SINAPI",39210,"ARRUELA EM ALUMINIO, COM ROSCA, DE 1\", PARA ELETRODUTO",1.03,{"$f":"M97","v":"2023-01-01"}]
["17.1.21",null,"Bucha  isolada sextavada, fabricada em  ferro  fundido nodular, galvanização por imersão a quente, para eletroduto rígido DN50, rosca BSP, com terminal de aterramento, Ref. Fab.: DAISA ou similar","un",2,7.8500000000000005,0.13519999999999999,17.82264,{"$nulls":26},3.03,{"$nulls":10},14.81,{"$nulls":12},5.71,{"$nulls":35},0.78658474848831383,7.8500000000000005,5.71,5.71]
["17.1.22",null,"Bucha  isolada sextavada, fabricada em  ferro  fundido nodular, galvanização por imersão a quente, para eletroduto rígido DN25 , rosca BSP. Ref. Fab.: DAISA ou similar","un",5,5.8533333333333344,0.13519999999999999,33.223520000000008,{"$nulls":26},1.24,{"$nulls":10},14.81,{"$nulls":12},1.51,{"$nulls":35},1.3253773749954862,5.8533333333333344,1.51,1.51]
["17.1.23",null,"União fabricada em liga de alumínio, macho-fêmea; extremidade macho roscada; rosca BSP; extremidade fêmea sem rosca; para eletroduto rigido DN 40 ; instalação a prova de tempo, gases, vapores e pó. Ref. Fab.: DAISA ou similar","un",2,77.060741666666658,0.13519999999999999,174.95870787999999,{"$nulls":26},100.31,{"$nulls":10},120,{"$f":"10.53*1.0325","v":10.872224999999998},{"$nulls":47},0.75473245422667412,77.060741666666658,100.31,77.060741666666658]
["17.1.24",null,"União fabricada em liga de alumínio, macho-fêmea; extremidade macho roscada; rosca BSP; extremidade fêmea sem rosca; para eletroduto rigido DN25 ;  instalação a  prova de tempo, gases, vapores e pó. Ref. Fab.: DAISA ou similar","un",6,56.869483333333328,0.13519999999999999,387.3494248799999,{"$nulls":26},82.21,{"$nulls":10},84,{"$f":"4.26*1.0325","v":4.3984499999999995},{"$nulls":47},0.79919946805128306,56.869483333333328,82.21,56.869483333333328]
["17.1.25",null,"Luva, fabricada em liga de alumínio, para eletroduto rígido DN50, rosca BSP. Ref. Fab.: DAISA ou similar.","un",1,20.16333333333333,0.13519999999999999,22.889415999999997,{"$nulls":25},10.210000000000001,23.4,{"$nulls":10},26.88,{"$nulls":48},0.43612353383751135,20.16333333333333,23.4,20.16333333333333]
["17.1.26",null,"Luva, fabricada em liga de alumínio, para eletroduto rígido DN25, rosca BSP. Ref. Fab.: DAISA ou similar.","un",40,10.693333333333333,0.13519999999999999,485.56288000000001,{"$nulls":25},2.93,9.7100000000000009,{"$nulls":10},19.440000000000001,{"$nulls":48},0.77607317501735096,10.693333333333333,9.7100000000000009,9.7100000000000009]
["17.1.27",null,"Condulete tipo “T”, fabricado em liga de alumínio fundido, com tampa aparafusada e junta de vedação, com duas entradas, com rosca BSP, para eletroduto rígido DN25 instalação a prova de tempo, gases, vapores e pó. Ref. Fab.: Dailet, DAISA ou similar","un",5,{"$f":"L105","v":23.16},0.13519999999999999,131.45616000000001,"SINAPI",2586,"CONDULETE DE ALUMINIO TIPO T, PARA ELETRODUTO ROSCAVEL DE 1\", COM TAMPA CEGA",23.16,"2023-01-01"]
["17.1.28",null,"Condulete  tipo L , fabricado em liga de alumínio fundido, com tampa aparafusada e junta de vedação,  com entradas com rosca BSP, para eletroduto DN25, instalação a prova de tempo, gases, vapores e pó. Ref. Fab.: Dailet, DAISA ou similar","un",5,40.463333333333331,0.13519999999999999,229.66987999999998,{"$nulls":25},{"$f":"3.11+13.68","v":16.79},{"$nulls":11},89.52,null,15.08,{"$nulls":46},1.0501587154395273,40.463333333333331,16.79,16.79]
["17.1.29",null,"Parafuso  de  cabeça  sextava,  em  aço  galvanizado  a  fogo,  , M8x50, completo com porca sextava, arruela lisa e de pressão. Ref. Fab.: REAL PERFIL ou similar.","un",100,{"$f":"L107","v":0.83},0.13519999999999999,94.221599999999995,"EMBASA","M103150290","PARAFUSO ROSCA SOBERBA EM ACO GALV., CABECA SEXTAVADA, 5/16\"X50mm",0.83,"2023-01-01"]
["17.1.30",null,"Fixador, fabricado em chapa de aço carbono zincado eletroliticamente, para fixação eletroduto, DN 50, fornecido com parafusos M6 de aperto e furo de fixação de diâmetro 6mm. Ref. Fab.: MOPA ou similar.","un",40,18,0.13519999999999999,817.34399999999994,{"$nulls":37},18,{"$nulls":48},{"$error":"#DIV/0!"},18,18,18]
["17.1.31",null,"Bucha   elástica   fabricada   em   NYLON   S10,   fornecido   com parafuso  com   rosca   soberba,  cabeça  redonda  com   fenda fabricado em aço cadmiado  e arruela lisa. REF.  Fab.: FISHER DO BRASIL ou similar.","un",50,0.50666666666666671,0.13519999999999999,28.758400000000002,{"$nulls":25},0.24,0.8,{"$nulls":10},0.48,{"$nulls":48},0.55450809225540754,0.50666666666666671,0.48,0.48]
["17.1.32",null,"Caixa de ligação de passagem redonda com rosca BSP, para instalação abrigada, fabricado em liga de alumínio fundido, com tampa lisa aparafusada e junta de vedação, com quatro entradas em X,  para eletroduto rígido DN25. Ref. Fab.: Dailet Múltiplo Redondo,DAISA ou similar.","un",20,35.843399999999995,0.13519999999999999,813.78855359999989,{"$nulls":37},65.44,{"$f":"7.91*1.0325+3.35*1.0325+2*1.06*1.0975+2*2.27*1.0325","v":18.6402},null,{"$f":"6.35+2.25+4.25+8.85+1.75","v":23.45},{"$nulls":45},0.7182349241096343,35.843399999999995,23.45,23.45]
["17.1.33",null,"Conector, fabricado em polietileno, para 600 V, 25 A , com 12 bornes , na cor branca , para ligação de fios de cobre de bitola até 6 mm2. REF. FAB.: codigo 112 - SINDAL ou similar","un",12,{"$f":"AVERAGE(N111:CO111)","v":28.046666666666663},0.13519999999999999,382.06291199999998,{"$nulls":26},32.299999999999997,{"$nulls":10},31.8,{"$nulls":12},20.04,{"$nulls":35},0.24739061311941268,28.046666666666663,31.8,28.046666666666663]
["17.1.34",null,"Prensa cabo, fabricado em alumínio fundido com bucha de neoprene , tamanho nominal 20, rosca BSP para cabos de diâmetro 10/12,5 mm. Ref. Fab.: CL-2/A-5062 da BLINDA ou similar","un",12,8.82,0.13519999999999999,120.14956799999999,{"$nulls":25},7.22,{"$nulls":11},8.94,{"$nulls":12},10.3,{"$nulls":35},0.17500028464013329,8.82,8.94,8.82]
["17.1.35",null,"Plugue macho tipo prolongador monobloco, corpo fabricado em termoplástico na cor cinza. 2P+T, pinos cilíndrico em linha, com conectores aparafusados para ligação de cabos, 10 A , 250 Vca. REF. FAB.: PIAL LEGRAND ou similar","un",12,{"$f":"L113","v":2.6},0.13519999999999999,35.418239999999997,"ORSE",4887,"Plugue para tomada, tipo macho, 2P+T 10A Plugue para tomada, tipo macho, 2P+T 10A um",2.6,"2022-11-01"]
["17.1.36",null,"Tomada femea tipo prolongador monobloco, corpo fabricado em termoplástico na cor cinza 2P+T, para conexão de pinos cilíndrico em linha , com conectores aparafusados para ligação de cabos, 10 A , 250 Vca. REF. FAB.: PIAL LEGRAND ou similar.","un",12,10.06,0.13519999999999999,137.04134399999998,{"$nulls":26},13.86,{"$nulls":7},6,null,null,10.32,{"$nulls":48},0.39129672930265014,10.06,10.32,10.06]
["17.1.37",null,"Tomada femea RJ45 tipo prolongador monobloco, corpo fabricado em termoplástico na cor cinza, para conexão de terminais de ethernet. REF. FAB.: PIAL LEGRAND ou similar.","un",15,54.633333333333333,0.13519999999999999,930.29639999999995,{"$nulls":25},8.66,121.22,{"$nulls":10},34.020000000000003,{"$nulls":48},1.0807207761523796,54.633333333333333,34.020000000000003,34.020000000000003]
["17.1.38",null,"Relé fotoelétrico; para iluminação pública; 220V – 50/60Hz; 1000 W/1800VA; corrente nominal da base 10A; célula tipo CDS com encapsulamento blindado de  resposta instantânea, contato de carga tipo NF ABNT 5123 REF. FAB.: RM-74/N 220 ILUMATIC ou similar","un",1,31.057499999999997,0.13519999999999999,35.256473999999997,{"$nulls":20},29.99,{"$nulls":4},31.48,29.16,{"$nulls":7},33.6,{"$nulls":51},6.2718961992444339E-2,31.057499999999997,30.734999999999999,30.734999999999999]
["17.1.39",null,"Base fixação e instalação de relé fotoelétrico dotado de indicador de carga ativa, com tomada em baquelite encaixe padrão NEMA, cabos de ligação isolados em PVC 750V seção 1.5 mm² - comprimento. 500mm,  corpo  em  polipropileno com  rosca  gás 1/2”,suporte de fixação em aço galvanizado a fogo – ABNT 5123 REF.FAB.: BRM-1+ICA 220V DA ILUMATIC OU SIMILAR","un",1,13.607499999999998,0.13519999999999999,15.447233999999998,{"$nulls":20},14.12,{"$nulls":4},9.8699999999999992,16.64,{"$nulls":7},13.8,{"$nulls":51},0.20552672470133884,13.607499999999998,13.96,13.607499999999998]
["17.1.40",null,"Quadro  QLF para distribuição de iluminação normal e de tomadas de força, instalação interna, montagem aparente, com porta, trinco e espelho interno, com os equipamentos a seguir discriminados: Barramento geral trifásico + neutro, em barras retangulares de cobre eletrolítico, dimensionado para:\n-  Tensão nominal -----------------------------------380/220 Vca\n-  Corrente nominal ----------------------------------100A\n-  Corrente de curto circuito------------------------5 kA\n-  Freqüência ------------------------------------------ 60 Hz\n-  Barramento ------------------------------------------ 3 fases, neutro e terra","un",1,788.85333333333335,0.13519999999999999,895.506304,{"$nulls":26},311.95,{"$nulls":10},1440,null,null,null,614.61,{"$nulls":44},0.74014003213295498,788.85333333333335,614.61,614.61]
["17.1.41",null,"Chave   rotativa   Pacco,   tripolar,   tipo   interruptora  com   duas posições Liga – Desliga:\n-  Tensão nominal -----------------------------------380 Vca\n-  Corrente nominal ---------------------------------60A","un",1,{"$f":"L119","v":299.81},0.13519999999999999,340.344312,"SIURB",53268,"CHAVE SECCIONADORA ROTATIVA - 3X63A (PACCO)",299.81,"2022-07-01"]
["17.1.42",null,"Disjuntor monopolar, tipo seco, em caixa moldado, equipado com proteção termomagnética, providos de alavanca frontal, com indicação de disparo aberto ou fechado, com:\n-  Tensão nominal ---------------------------------------220 Vca\n-  Corrente nominal -------------------------------------20A\n-  Corrente de curto circuito ------------------------- 5kA","un",8,9.5500000000000007,0.13519999999999999,86.729280000000003,"ORSE",3718,"Disjuntor monopolar 20 A, padrão NEMA ( linha preta ), corrente de interrupção 5KA, ref.: Eletromar ou similar um",9.5500000000000007,"2022-11-01"]
["17.1.43",null,"Disjuntor monopolar, tipo seco, em caixa moldado, equipado com proteção termomagnética, providos de alavanca frontal, com indicação de disparo aberto ou fechado, com:\n-  Tensão nominal ---------------------------------------220 Vca\n-  Corrente nominal -------------------------------------10 A\n-  Corrente de curto circuito -------------------------- 5kA","un",6,12,0.13519999999999999,81.734399999999994,"ORSE",824,"Disjuntor monopolar 10 A, padrão NEMA ( linha preta ), corrente de interrupção 5KA, ref.: Eletromar ou similar um",12,"2022-11-01"]
["17.1.44",null,"Disjuntor monopolar, tipo seco, em caixa moldado, equipado com proteção termomagnética, providos de alavanca frontal, com indicação de disparo aberto ou fechado, com:\n-  Tensão nominal ---------------------------------------220 Vca\n-  Corrente nominal -------------------------------------30 A\n-  Corrente de curto circuito -------------------------- 5kA","un",3,10,0.13519999999999999,34.055999999999997,"ORSE",3720,"Disjuntor monopolar 30 A, padrão NEMA ( linha preta ), corrente de interrupção 5KA, ref.: Eletromar ou similar um",10,"2022-11-01"]
["17.1.45",null,"Cabo  de  energia  Tripolar,  0,6/1kV;  encordoamento  classe  2, seção nominal 4mm², veias nas cores azul, preta e verde; isolamento na cor preta de PVC a 70º C- composto termoplástico extrutado á base de policloreto de vinila, com especiais característica   de não propagação   e auto-extinção do fogo; fabricado segundo NBR NM 280, produto deve ser certificado com a marca de conformidade – INMETRO. Ref. Fab.: Sintenax antiflam da PRYSMIAN ou similar.","m",100,8.1,0.13519999999999999,919.51199999999994,"EMBASA","M100901050","CABO DE COBRE TRIPOLAR, ISOLADO EM PVC, 0,6/1kV, 4mm?",8.1,"2023-01-01"]
["17.1.46",null,"Cabo GIGALAN CAT.6 F/UTP INDOOR/OUTDOOR CM, ethernet 24AWGx4P. Condutor de cobre nú, coberto por polietileno termoplástico adequado. Os condutores são trançados em pares. Capa externa em material não propagante a chama.","m",300,7.04,0.13519999999999999,2397.5423999999998,"SINAPI",39599,"CABO DE REDE, PAR TRANCADO UTP, 4 PARES, CATEGORIA 6 (CAT 6), ISOLAMENTO PVC (LSZH)",7.04,"2023-01-01"]
["17.1.47",null,"Conector plug RJ-45 macho, Cat.6  EIA/TIA 568A  blindado","un",50,3.5,0.13519999999999999,198.66,"ORSE",13777,"Conector RJ 45 Blindado P/Cameras e CAT 6 um",3.5,"2022-11-01"]
["17.1.48",null,"Abraçadeira de nylon com 100x3mm (tipo Hellerman)","un",200,9.3866666666666668E-2,0.13519999999999999,21.311488000000001,{"$nulls":20},0.15,{"$nulls":4},0.05,{"$nulls":10},8.1600000000000006E-2,{"$nulls":49},0.54456047997273949,9.3866666666666668E-2,8.1600000000000006E-2,8.1600000000000006E-2]
["17.1.49",null,"Cabo GIGALAN CAT.6 F/UTP INDOOR/OUTDOOR CM, ethernet 24AWGx4P. Condutor de cobre nú, coberto por polietileno termoplástico adequado. Os condutores são trançados em pares. Capa externa em material não propagante a chama.","m",300,{"$f":"L127","v":7.04},0.13519999999999999,2397.5423999999998,{"$f":"I124","v":"SINAPI"},{"$f":"J124","v":39599},"CABO DE REDE, PAR TRANCADO UTP, 4 PARES, CATEGORIA 6 (CAT 6), ISOLAMENTO PVC (LSZH)",7.04,"2023-01-01"]
["17.2",null,"Serviços de transporte dos materiais, escavação, construção de caixas de passagem tipo R2, montagem de eletrodutos, lançamento e conectorização dos cabos de alimentação e telefônico, lançamento, conectorização e certificação de cabos de rede, lançamento, fusão e certificação de fibras ópticas.","serv.","‐",{"$f":"AVERAGE((N128*(1-$E$5)),(O128*(1-$E$5)),(P128*(1-$E$5)))","v":92086.914975999985},{"$f":"$E$5","v":0.22720000000000001},{"$f":"F128*(1+G128)","v":113009.06205854719},{"$nulls":5},103882.38,139773.75,113824.13,{"$nulls":78},0.15551438196608303,119160.08666666667,113824.13,113824.13]
[19,null,"Organização e fixação dos pontos de rede para atendimento à nova mesa de comando.","serv.",1,{"$f":"AVERAGE((N129*(1-$E$5)),(O129*(1-$E$5)),(P129*(1-$E$5)))","v":7988.6345279999996},{"$f":"$E$5","v":0.22720000000000001},{"$f":"F129*(1+G129)","v":9803.6522927616006},{"$nulls":5},8587.2999999999993,9579.1299999999992,12845.35,{"$nulls":78},0.21552740357510364,10337.26,9579.1299999999992,9579.1299999999992]
[20,null,"Fornecimento e  instalação de chaves de  teste, botoeiras com chave e  sinaleiros, implantação do esquema de testes no painel de teleproteção, conforme o padrão da Chesf.","unid.",1,null,null,{"$f":"SUM(H132:H135,H136)","v":22977.529694751232}]
["20.1","IV","Fornecimento de chaves de teste, botoeiras de pulso com chave, sinaleiros, cabos, conectores e miscelâneas.","CJ",1]
["20.1.1",null,"Chave teste.\nCORRENTE NOMINAL:  20A\nNº CONTATOS:  28, 2 POSIÇÕES ESTÁVEIS “NORMAL” E “TESTE”\nGRAVAÇÃO:  “NORMAL” – “TESTE”\nMODELO:  CA10\nFABRICANTE / FORNECEDOR:  KRAUS & NAIMER DO BRASIL LTDA","unid.",1,{"$f":"AVERAGE(N132:CO132)","v":673.15},{"$f":"$G$5","v":0.13519999999999999},{"$f":"F132*(1+G132)*E132","v":764.15987999999993},{"$nulls":19},645,{"$nulls":22},615,{"$nulls":5},759.45,{"$nulls":37},0.11324131379408382,673.15,645,645]
["20.1.2",null,"BOTOEIRAS DE COMANDO COM CHAVE YALE, 2 CONTATOS “NA”\nFURAÇÃO:  22,5MM, ARO PRETO CROMADO\nMODELO:  KF2A-727.2RA\nFABRICANTE / FORNECEDOR:  EATON ou similar","unid.",1,{"$f":"AVERAGE(N133:CO133)","v":380.01666666666665},{"$f":"$G$5","v":0.13519999999999999},{"$f":"F133*(1+G133)*E133","v":431.39491999999996},{"$nulls":19},462,null,null,null,650,{"$nulls":37},28.05,{"$nulls":24},0.83937664963689884,380.01666666666665,462,380.01666666666665]
["20.1.3",null,"SINALEIRO de 125VCC (OU 250VCC)\nCOR:  VERMELHO, ARO PRETO COM LÂMPADA: BA9S\nFURAÇÃO:  22MM\nMODELO:  XB5 AVG4\nFABRICANTE / FORNECEDOR:  SCHNEIDER ou similar","unid.",1,{"$f":"AVERAGE(N134:CO134)","v":58.103333333333332},{"$f":"$G$5","v":0.13519999999999999},{"$f":"F134*(1+G134)*E134","v":65.958904000000004},{"$nulls":19},8.02,{"$nulls":23},19.079999999999998,{"$nulls":4},147.21,{"$nulls":37},1.3315333584225937,58.103333333333332,19.079999999999998,19.079999999999998]
["20.1.4",null,"SINALEIRO 125VCC (OU 250VCC)\nCOR:  LARANJA, ARO PRETO COM LÂMPADA: BA9S\nFURAÇÃO:  22MM\nMODELO:  XB5 AVG5\nFABRICANTE / FORNECEDOR:  SCHNEIDER ou similar","unid.",1,{"$f":"AVERAGE(N135:CO135)","v":29.793333333333333},{"$f":"$G$5","v":0.13519999999999999},{"$f":"F135*(1+G135)*E135","v":33.821391999999996},{"$nulls":19},8.02,{"$nulls":23},19.079999999999998,{"$nulls":4},62.28,{"$nulls":37},0.96238340103586373,29.793333333333333,19.079999999999998,19.079999999999998]
["20.2",null,"Adequação do projeto, fiação e chaparia do peinel e instalação dos novos componentes","serv.","‐",{"$f":"AVERAGE((N136*(1-$E$5)),(O136*(1-$E$5)),(P136*(1-$E$5)))","v":17668.02037056},{"$f":"$E$5","v":0.22720000000000001},{"$f":"F136*(1+G136)","v":21682.194598751234},{"$nulls":5},19168.77,21382.77,28035.495599999998,{"$nulls":78},0.20185242891676061,22862.3452,21382.77,21382.77]
[21,null,"Troca de cabos inadequadamentes instalados (cabos internos instalados ao tempo) na instalação do Rack CFTV da Chesf e migração do sistema do Rack do Ministério para o da Chesf","CJ",1,null,null,{"$f":"SUM(H139:H141)","v":38992.339176695808}]
["22.1","IV","Fornecimento de eletrodutos e acessórios, cabos de rede, cabos de alimentação, fibras ópticas e acessórios para conectorização dos cabos","CJ",1]
["21.1.1",null,"Cabo GIGALAN CAT.6 F/UTP INDOOR/OUTDOOR CM, ethernet 24AWGx4P. Condutor de cobre nú, coberto por polietileno termoplástico adequado. Os condutores são trançados em pares. Capa externa em material não propagante a chama.","m",300,{"$f":"L139","v":7.04},{"$f":"$G$5","v":0.13519999999999999},{"$f":"F139*(1+G139)*E139","v":2397.5423999999998},{"$f":"I127","v":"SINAPI"},{"$f":"J127","v":39599},"CABO DE REDE, PAR TRANCADO UTP, 4 PARES, CATEGORIA 6 (CAT 6), ISOLAMENTO PVC (LSZH)",7.04,"2023-01-01"]
["21.1.2",null,"Conector plug RJ-45 macho, Cat.6  EIA/TIA 568A  blindado","un",30,{"$f":"L140","v":3.5},{"$f":"$G$5","v":0.13519999999999999},{"$f":"F140*(1+G140)*E140","v":119.196},{"$f":"I125","v":"ORSE"},{"$f":"J125","v":13777},"Conector RJ 45 Blindado P/Cameras e CAT 6 um",3.5,"2022-11-01"]
["21.2",null,"Serviços de transporte dos materiais, montagem de eletrodutos, instalação de rack de CFTV, retirada de cabos existentes, lançamento e conectorização dos cabos de alimentação, lançamento, conectorização e certificação de cabos de rede, lançamento, fusão e certificação de fibras ópticas.","serv.","‐",{"$f":"AVERAGE((N141*(1-$E$5)),(O141*(1-$E$5)),(P141*(1-$E$5)))","v":29722.621232639998},{"$f":"$E$5","v":0.22720000000000001},{"$f":"F141*(1+G141)","v":36475.600776695806},{"$nulls":5},30299.03,40767.339999999997,44316.4764,{"$nulls":78},{"$f":"_xlfn.STDEV.S(N141:CO141)/AVERAGE(N141:CO141)","v":0.18948526324108381},{"$f":"AVERAGE(N141:CO141)","v":38460.948799999998},{"$f":"MEDIAN(N141:CO141)","v":40767.339999999997},{"$f":"SMALL(CR141:CS141,1)","v":38460.948799999998}]
[22,"II","Projetos dos circuitos de proteção “as built” não fornecidos. Fornecer os desenhos atualizados.","CJ",1,{"$f":"AVERAGE((N142*(1-$E$5)),(O142*(1-$E$5)),(P142*(1-$E$5)))","v":27525.716624000004},{"$f":"$E$5","v":0.22720000000000001},{"$f":"F142*(1+G142)","v":33779.559440972807},{"$nulls":5},39162.01,52692.480000000003,15000,{"$nulls":78},0.53608882086164444,35618.163333333338,39162.01,35618.163333333338]
[23,"II","Comissionamento do relé diferencial de barra (87), Programar e executar os testes com o contratado pelo MI","unid.",1,{"$f":"AVERAGE((N143*(1-$E$5)),(O143*(1-$E$5)),(P143*(1-$E$5)))","v":95746.524831999981},{"$f":"$E$5","v":0.22720000000000001},{"$f":"F143*(1+G143)","v":117500.13527383038},{"$nulls":5},123669.5,166397.32,81620,{"$nulls":78},0.34213571747223037,123895.60666666667,123669.5,123669.5]
[24,null,"Fornecimento de baterias de 48Vcc.","CJ",2,null,null,{"$f":"H146","v":56198.1940608}]
["24.1","II","Fornecimento de banco de baterias 48vdc, composto por 24 elementos selados de 1,9 vdc, cabos e estrutura autoportante para acomodação dos elementos.","CJ",2]
["24.1.1",null,"Bateria para banco de bateria 48Vcc, com 2Vcc (elemento), capacidade 250Ah, IEC60896-21/22 DIN4074. Ou similar tipo 5 PZV250.","unid.",48,{"$f":"AVERAGE(N146:CO146)","v":1031.3563333333334},{"$f":"$G$5","v":0.13519999999999999},{"$f":"F146*(1+G146)*E146","v":56198.1940608},{"$nulls":18},1481.625,{"$nulls":28},725.27,null,887.17399999999998,{"$nulls":36},0.38614999786653753,1031.3563333333334,887.17399999999998,887.17399999999998]
[25,null,"Fornecimento e instalação de Extensores KVM para alocar a estação de trabalho do CFTV na mesa de comando","CJ",1,null,null,{"$f":"SUM(H149:H151,H152)","v":15157.749044742399}]
["25.1","II","Fornecimento de  extensor KVM e cabos de rede","CJ",1]
["25.1.1",null,"KIT extensor KVM USB VGA VIA CAT6 - 250M. ATEN CE800B (CE800BR + CE800BL) ou similar","un",1,{"$f":"AVERAGE(N149:CO149)","v":8326.1024666666654},{"$f":"$G$5","v":0.13519999999999999},{"$f":"F149*(1+G149)*E149","v":9451.791520159999},{"$nulls":12},1100,{"$nulls":40},15940.32,{"$nulls":14},{"$f":"(1522.43+200/20)*5.18","v":7937.9874},{"$nulls":17},0.89210634070939199,8326.1024666666654,7937.9874,7937.9874]
["25.1.2",null,"Cabo GIGALAN CAT.6 F/UTP INDOOR/OUTDOOR CM, ethernet 24AWGx4P. Condutor de cobre nú, coberto por polietileno termoplástico adequado. Os condutores são trançados em pares. Capa externa em material não propagante a chama.","m",300,{"$f":"L150","v":7.04},{"$f":"$G$5","v":0.13519999999999999},{"$f":"F150*(1+G150)*E150","v":2397.5423999999998},{"$f":"I127","v":"SINAPI"},{"$f":"J127","v":39599},"CABO DE REDE, PAR TRANCADO UTP, 4 PARES, CATEGORIA 6 (CAT 6), ISOLAMENTO PVC (LSZH)",7.04,"2023-01-01"]
["25.1.3",null,"Conector plug RJ-45 macho, Cat.6  EIA/TIA 568A  blindado","un",30,{"$f":"L151","v":3.5},{"$f":"$G$5","v":0.13519999999999999},{"$f":"F151*(1+G151)*E151","v":119.196},{"$f":"I125","v":"ORSE"},{"$f":"J125","v":13777},"Conector RJ 45 Blindado P/Cameras e CAT 6 um",3.5,"2022-11-01"]
["25.2",null,"Serviços de transporte dos materiais, montagem de eletrodutos, lançamento, conectorização e certificação de cabos de rede, montagem e conexão dos extensores KVM.","serv.","‐",{"$f":"AVERAGE((N152*(1-$E$5)),(O152*(1-$E$5)),(P152*(1-$E$5)))","v":2598.7769919999996},{"$f":"$E$5","v":0.22720000000000001},{"$f":"F152*(1+G152)","v":3189.2191245823997},{"$nulls":5},2267.27,2529.15,5292,{"$nulls":78},0.49834968843460675,3362.8066666666668,2529.15,2529.15]
[26,null,"Fornecimento e instalação de câmeras, Dahua, modelo:  PTZ DH‐SD65F230F‐HNI 2MP 30x Starlight PTZ Network Câmera.","unid.",2,null,null,{"$f":"SUM(H155,H156)","v":28270.3178821888}]
["26.1","II","Fornecimento de câmera ","unid.",2]
["26.1.1",null,"Câmera PTZ DH‐SD65F230F‐HNI","unid.",2,{"$f":"AVERAGE(N155:CO155)","v":8269},{"$f":"$G$5","v":0.13519999999999999},{"$f":"F155*(1+G155)*E155","v":18773.937600000001},{"$nulls":37},8160,{"$nulls":25},7122,9525,{"$nulls":21},0.14574948272053645,8269,8160,8160]
["26.2",null,"Instalação e configuração de câmeras PTZ DH‐SD65F230F‐HNII","serv.","‐",{"$f":"AVERAGE((N156*(1-$E$5)),(O156*(1-$E$5)),(P156*(1-$E$5)))","v":7738.2499039999993},{"$f":"$E$5","v":0.22720000000000001},{"$f":"F156*(1+G156)","v":9496.3802821888003},{"$nulls":5},11954.72,16085.07,2000,{"$nulls":78},0.72308679882736882,10013.263333333334,11954.72,10013.263333333334]
[27,"IV","Atualização (as built) dos Projetos OPGW: Infraestrutura dos cabos dielétricos; Plano de Emendas; Adequação dos cabos OPGW nas estruturas e pórticos (descida e escota); Adequação da infraestrutura SE PAF e BNO","serv.",1,{"$f":"AVERAGE((N157*(1-$E$5)),(O157*(1-$E$5)),(P157*(1-$E$5)))","v":22001.1878688},{"$f":"$E$5","v":0.22720000000000001},{"$f":"F157*(1+G157)","v":26999.857752591361},{"$nulls":5},19168.77,21382.77,44856.798000000003,{"$nulls":78},{"$f":"_xlfn.STDEV.S(N157:CO157)/AVERAGE(N157:CO157)","v":0.50000874663585737},{"$f":"AVERAGE(N157:CO157)","v":28469.446},{"$f":"MEDIAN(N157:CO157)","v":21382.77},{"$f":"SMALL(CR157:CS157,1)","v":21382.77}]
[29,"IV","Adequação dos desenhos de interligação e de fiação de acordo com o padrão Chesf","serv.",1,{"$f":"AVERAGE((N158*(1-$E$5)),(O158*(1-$E$5)),(P158*(1-$E$5)))","v":29643.495167999994},{"$f":"$E$5","v":0.22720000000000001},{"$f":"F158*(1+G158)","v":36378.497270169595},{"$nulls":5},31947.96,42985.98,40141.74,{"$nulls":78},0.14940581770308931,38358.559999999998,40141.74,38358.559999999998]
[]
[" SUBESTAÇÃO PAULO AFONSO III: PENDÊNCIAS DE COMISSIONAMENTO - OPGW, TELECOMUNICAÇÕES, TELEPROTEÇÃO, PROTEÇÃO, CFTV, "]
[31,null,"Atualização (as built) os Projetos Executivos de Telecomunicações: Transmissão SDH / PDH; Teleproteção; Rede de Cabeamento Estruturado e CFTV","serv.",1,{"$f":"AVERAGE((N161*(1-$E$5)),(O161*(1-$E$5)),(P161*(1-$E$5)))","v":16171.628771199998},{"$f":"$E$5","v":0.22720000000000001},{"$f":"F161*(1+G161)","v":19845.822828016637},{"$nulls":5},18550.43,24959.599999999999,19268.031999999999,{"$nulls":78},0.16780834441110423,20926.020666666667,19268.031999999999,19268.031999999999]
[33,null,"Atualizar (as built) os Projetos OPGW: Infraestrutura dos cabos dielétricos; Plano de Emendas; Adequação dos cabos OPGW nas estruturas e pórticos (descida e escota); Adequação da infraestrutura SE PAF e BNO","serv.",1,{"$f":"AVERAGE((N162*(1-$E$5)),(O162*(1-$E$5)),(P162*(1-$E$5)))","v":19292.854112000001},{"$f":"$E$5","v":0.22720000000000001},{"$f":"F162*(1+G162)","v":23676.190566246401},{"$nulls":5},19168.77,25791.58,29934.27,{"$nulls":78},0.21751180817908222,24964.873333333337,25791.58,24964.873333333337]
[]
[" SUBESTAÇÃO BOM NOME: PENDÊNCIAS DE COMISSIONAMENTO - OPGW, TELECOMUNICAÇÕES, TELEPROTEÇÃO, PROTEÇÃO, CFTV, "]
[34,null,"Atualização (as built) dos projetos executivos de telecomunicações: Transmissão SDH/ PDH; teleproteção; rede de cabeamento estruturado  e CFTV","serv.",1,{"$f":"AVERAGE((N165*(1-$E$5)),(O165*(1-$E$5)),(P165*(1-$E$5)))","v":18298.819503999999},{"$f":"$E$5","v":0.22720000000000001},{"$f":"F165*(1+G165)","v":22456.311295308798},{"$nulls":5},18550.43,24959.599999999999,27525.759999999998,{"$nulls":78},0.19522926637156715,23678.596666666665,24959.599999999999,23678.596666666665]
[37,null,"Identificação dos cabos ópticos na cabana do SIT-BNO  e na  cabana de medição PISF.","unid.",1,null,null,{"$f":"SUM(H167:H168)","v":6524.0805906879996}]
["37.1",null,"Fornecimento de terminador óptico, extensões ópticas, adaptadores ópticos e protetores de emenda","unid.",1,{"$f":"AVERAGE((N167*(1-$G$5)),(O167*(1-$G$5)),(P167*(1-$G$5)))","v":2776.0166480000003},{"$f":"$G$5","v":0.13519999999999999},{"$f":"F167*(1+G167)*E167","v":3151.3340988096002},{"$nulls":5},3075.25,3430.44,3124.34,{"$nulls":78},5.9959148703328941E-2,3210.01,3124.34,3124.34]
["37.2",null,"Preparação dos cabos ópticos, fusão, certificação das fibras ópticas e Instalação dos pigtails para encabeçar o cabo óptico na cabana do SIT-BNO  e na  cabana de medição PISF.","serv.",1,{"$f":"AVERAGE((N168*(1-$E$5)),(O168*(1-$E$5)),(P168*(1-$E$5)))","v":2748.3266719999997},{"$f":"$E$5","v":0.22720000000000001},{"$f":"F168*(1+G168)","v":3372.7464918783999},{"$nulls":5},4612.87,2495.7800000000002,3560.32,{"$nulls":78},0.29765309829334691,3556.3233333333333,3560.32,3556.3233333333333]
[41,null,"Conclusão da adaptação da caixa 30 x 30 cm no piso elevado da cabana de medição PISF para o encaminhamento correto dos cabos ópticos existentes em BNO.","unid.",1,{"$f":"AVERAGE((N169*(1-$E$5)),(O169*(1-$E$5)),(P169*(1-$E$5)))","v":1364.0208511999997},{"$f":"$E$5","v":0.22720000000000001},{"$f":"F169*(1+G169)","v":1673.9263885926398},{"$nulls":5},1442.81,1609.46,2242.8419999999996,{"$nulls":78},0.23914348612794911,1765.037333333333,1609.46,1609.46]
[42,null,"Instalação de chave para teste, botoeiras para teste de envio de comando e contadores - Adequação no projeto.","unid.",1,null,null,{"$f":"SUM(H172:H175,H176)","v":25281.851456934401}]
["42.1","IV","Fornecimento de chaves de teste, botoeiras de pulso com chave, sinaleiros, cabos, conectores e miscelâneas.","CJ",1]
["42.1.1",null,"Chave teste.\nCORRENTE NOMINAL:  20A\nNº CONTATOS:  28, 2 POSIÇÕES ESTÁVEIS “NORMAL” E “TESTE”\nGRAVAÇÃO:  “NORMAL” – “TESTE”\nMODELO:  CA10\nFABRICANTE / FORNECEDOR:  KRAUS & NAIMER DO BRASIL LTDA","unid.",1,{"$f":"AVERAGE(N172:CO172)","v":673.15},{"$f":"$G$5","v":0.13519999999999999},{"$f":"F172*(1+G172)*E172","v":764.15987999999993},{"$nulls":19},645,{"$nulls":22},615,{"$nulls":5},759.45,{"$nulls":37},0.11324131379408382,673.15,645,645]
["42.1.2",null,"BOTOEIRAS DE COMANDO COM CHAVE YALE, 2 CONTATOS “NA”\nFURAÇÃO:  22,5MM, ARO PRETO CROMADO\nMODELO:  KF2A-727.2RA\nFABRICANTE / FORNECEDOR:  EATON ou similar","unid.",1,{"$f":"AVERAGE(N173:CO173)","v":380.01666666666665},{"$f":"$G$5","v":0.13519999999999999},{"$f":"F173*(1+G173)*E173","v":431.39491999999996},{"$nulls":19},462,null,null,null,650,{"$nulls":37},28.05,{"$nulls":24},0.83937664963689884,380.01666666666665,462,380.01666666666665]
["42.1.3",null,"SINALEIRO de 125VCC (OU 250VCC)\nCOR:  VERMELHO, ARO PRETO COM LÂMPADA: BA9S\nFURAÇÃO:  22MM\nMODELO:  XB5 AVG4\nFABRICANTE / FORNECEDOR:  SCHNEIDER ou similar","unid.",1,58.103333333333332,{"$f":"$G$5","v":0.13519999999999999},{"$f":"F174*(1+G174)*E174","v":65.958904000000004},{"$nulls":19},8.02,{"$nulls":23},19.079999999999998,{"$nulls":4},147.21,{"$nulls":37},1.3315333584225937,58.103333333333332,19.079999999999998,19.079999999999998]
["42.1.4",null,"SINALEIRO 125VCC (OU 250VCC)\nCOR:  LARANJA, ARO PRETO COM LÂMPADA: BA9S\nFURAÇÃO:  22MM\nMODELO:  XB5 AVG5\nFABRICANTE / FORNECEDOR:  SCHNEIDER ou similar","unid.",1,{"$f":"AVERAGE(N175:CO175)","v":29.793333333333333},{"$f":"$G$5","v":0.13519999999999999},{"$f":"F175*(1+G175)*E175","v":33.821391999999996},{"$nulls":19},8.02,{"$nulls":23},19.079999999999998,{"$nulls":4},62.28,{"$nulls":37},0.96238340103586373,29.793333333333333,19.079999999999998,19.079999999999998]
["42.2",null,"Adequação do projeto, fiação e chaparia do peinel e instalação dos novos componentes","serv.",1,{"$f":"AVERAGE((N176*(1-$E$5)),(O176*(1-$E$5)),(P176*(1-$E$5)))","v":19545.727151999999},{"$f":"$E$5","v":0.22720000000000001},{"$f":"F176*(1+G176)","v":23986.516360934402},{"$nulls":5},19168.77,21382.77,35324.730000000003,{"$nulls":78},0.34630425405913046,25292.09,21382.77,21382.77]
[43,null,"Fornecimento (sem instalação) de inversor DC/AC (250V DC / 120V AC) ou DC/DC (250V DC / 48V DC) para alimentar os modens que interligam o equipamento de teleproteção DIP 5000 com a sala do SIT. Conversor 250V - 48V - 5A Powerbras Modelo CR 250-48-5 ou similar.","unid.",1,null,null,{"$f":"SUM(H178:H178)","v":5030.7807000000003}]
["43.1",null,"Inversor 250V dc / 48V dc / 5A","unid.",1,{"$f":"AVERAGE(N178:CO178)","v":4431.625},{"$f":"$G$5","v":0.13519999999999999},{"$f":"F178*(1+G178)*E178","v":5030.7807000000003},{"$nulls":66},{"$f":"2100*(1+3.25/100)","v":2168.25},6695,{"$nulls":18},0.72228485527006547,4431.625,4431.625,4431.625]
[44,null,"Atualização (as built) dos Projetos OPGW: Infraestrutura dos cabos dielétricos; Plano de Emendas; Adequação dos cabos OPGW nas estruturas e pórticos (descida e escota); Adequação da infraestrutura SE PAF e BNO","unid.",1,{"$f":"AVERAGE((N179*(1-$E$5)),(O179*(1-$E$5)),(P179*(1-$E$5)))","v":23136.897324799997},{"$f":"$E$5","v":0.22720000000000001},{"$f":"F179*(1+G179)","v":28393.600396994556},{"$nulls":5},19168.77,25791.58,44856.797999999995,{"$nulls":78},0.4454645302143152,29939.049333333332,25791.58,25791.58]
[46,null,"Realização de Retrofiting de proteção da antiga LT, pelo seccionamento da LT 04F2, PAF/BNO (terminal 04F2, na SE PAF  e terminal 04F2, na  SE BNO).","unid.",1,null,null,{"$f":"SUM(H181:H182)","v":180143.02627199999}]
["46.1",null,"Fornecimento de relés Schneider Easergy MiCOM P44231QB6M0E38M - Relé de proteção de Distância de Linha","unid.",4,{"$f":"AVERAGE(N181:CO181)","v":39672.089999999997},{"$f":"$G$5","v":0.13519999999999999},{"$f":"F181*(1+G181)*E181","v":180143.02627199999},{"$nulls":65},39672.089999999997,{"$nulls":20},{"$error":"#DIV/0!"},39672.089999999997,39672.089999999997,39672.089999999997]
[]
[{"$nulls":6},"Total Material",{"$f":"H181+H178+SUM(H172:H175)+H167+H155+SUM(H149:H151)+H144+H140+H139+SUM(H132:H135)+SUM(H79:H127)+H75+SUM(H52:H69)+H44+H43+H42+SUM(H37:H38)+H32+H31+H30+H26+H25+H24+H23+H22+H21+H16+H15+H14+H13+H12+H9","v":422925.06996908941}]
[{"$nulls":6},"Total Serviço",{"$f":"H182+H179+H169+H168+H165+H162+H158+H157+H156+H152+H143+H142+H141+H136+H129+H128+H76+H70+H49+H48+H47+H46+H45+H39+H33+H27+H18+H17+H10+H176+H161+H72+H71+H34","v":1184402.1148037475}]
[{"$nulls":6},"Total Geral",{"$f":"H184+H183","v":1607327.184772837}]
[{"$nulls":5},"Resumo por SE",null,"Serviços",{"$nulls":5},"Material","Total"]
[{"$nulls":5},"SE Bom Nome",null,{"$f":"H182+H179+H176+H169+H168+H165","v":79883.100933708803},{"$nulls":5},{"$f":"H181+H178+SUM(H172:H175)+H167","v":189620.47616680959},{"$f":"H180+H179+H177+H170+H169+H166+H165","v":269503.57710051839}]
[{"$nulls":5},"SE Floresta II",null,{"$f":"H158+H157+H156+H152+H143+H142++H141+H136+H129+H128+H76+H70+H49+H48+H47+H46+H45+H39+H33+H27+H18+H17+H10+H71+H72+H34","v":1060997.0004757757},{"$nulls":5},{"$f":"H155+SUM(H149:H151)+H144+H139+H140+SUM(H132:H135)+SUM(H79:H127)+H75+SUM(H52:H69)+H42+H43+H44+SUM(H37:H38)+H32+H31+H30+SUM(H21:H26)+SUM(H12:H16)+H9","v":233304.59380227994},{"$f":"H158+H157+H153+H147+H144+H143+H142+H137+H130+H129+H77+H73+H50+H49+H48+H47+H46+H40+H35+H34+H28+H19+H11+H7+H72+H71","v":1294301.5942780559}]
[{"$nulls":5},"SE Paulo Afonso",null,{"$f":"SUM(H162,H161)","v":43522.013394263035},{"$nulls":5},0,{"$f":"H161+H162","v":43522.013394263035}]
[]
[]
[]
[{"$nulls":7},{"$f":"H9+H10+H12+H13+H15+H17+H18+H21+H22+H23+H25+H26+H27+H30+H31+H32+H33+H37+H38+H39+H42+H43+H45+H52+H53+H54+H57+H58+H63+H65+H66+H67+H68+H69+H70+H75+H60+H80+H81+H82+H83+H95+H96+H99+H100+H101+H102+H103+H104+H106+H108+H109+H110+H111+H112+H114+H115+H116+H117+H118+H128+H132+H133+H134+H135+H136+H141+H146+H149+H152+H155+H156+H167+H168+H172+H173+H174+H175+H176+H178+H181","v":676846.94611098792}]
[{"$nulls":7},{"$f":"SOBRESSALENTES!BX87","v":4673853.5220739003}]
[{"$nulls":7},{"$f":"'MAT. A SEREM DEVOLVIDOS'!I60","v":1068328.0441053435}]
[]
[{"$nulls":6},"Total=",{"$f":"SUM(H193:H195)","v":6419028.5122902319}]

{"sheet":"ARP SE-S0","index":8,"n_rows":84,"n_cols":5,"rows_kept":84,"cut":false,"hidden":false,"merged":[[22,1,23,2],[4,1,4,3],[6,1,6,3]]}
[]
[]
[]
[]
[null,"ARP / CIVIL"]
[]
[null,"WBS 2812 - SUBESTAÇÃO FLORESTA (SE-S0)"]
[]
[]
[]
[null,"LOCALIZAÇÃO","DESCRIÇÃO DA PENDÊNCIA","PLANILHA ORÇAMENTÁRIA SINAPI/SICRO (R$)","OBSERVAÇÃO"]
[null,"Acesso","As condições de acesso à subestação estão precárias, pois a estrada, tanto na área externa quanto na área interna, quando chove fica com muita lama e com muito risco de atolar os veículos. Na área externa aparecem obstáculos, como pedras, córregos e troncos de árvore que dificultam a passagem de veículos que pode também ocasionar danos aos mesmos.",{"$f":"ORÇAMENTO!K40","v":19968},"ARP"]
[null,"Predial"," Faltam telefone e alimentação de água na guarita da subestação.",null,"EXECUTADO PELA CHESF"]
[null,"Predial","Instalar as tampas das canaletas na cabana do GGE",{"$f":"ORÇAMENTO!K61","v":3460.44},"ARP"]
[null,"Pátio","Melhorar a espessura da britagem do pátio, ou seja, a camada está abaixo de 10 cm",{"$f":"ORÇAMENTO!K57","v":229128.67145904002},"ARP"]
[null,"Pátio","Dar continuidade na construção das bases para postes de iluminação do pátio",null,"EXECUTADO PELA CHESF"]
[null,"Predial","Conclusão do prédio do edifício de apoio",{"$f":"ORÇAMENTO!K67","v":53725.520000000004},"ARP"]
[null,"Predial","Alimentação de abastecimento de água nas instalações do banheiro da Guarita",null,"EXECUTADO PELA CHESF"]
[null,"Pátio","Plantio de macambira no talude e construção de canaletas na crista do mesmo",{"$f":"ORÇAMENTO!K53","v":62142.76},"ARP"]
[null,"Acesso","Passagem Molhada no acesso da SE",{"$f":"ORÇAMENTO!K42","v":20708.048391199998},"ARP"]
[]
[]
[null,"Apresentamos em seguida a planilha constando o levantamento do custo e a memória de calculo para execução dos serviços."]
{"$rows_empty":60}
[null,"Grupo Motor Gerador com 155/170kVA cabinado  (Fornecido com Databook, contendo: ensaios de rotinas, tipo, manual de instrução, desenhos elétricos, e mecânicos)"]

{"sheet":"ARP SE-BNO","index":9,"n_rows":84,"n_cols":5,"rows_kept":84,"cut":false,"hidden":false,"merged":[[16,1,17,2],[4,1,4,3],[6,1,6,3]]}
[]
[]
[]
[]
[null,"ARP / CIVIL"]
[]
[null," WBS 1813 - SUBESTAÇÃO BOM NOME (SE-BNO)"]
[]
[]
[]
[null,"LOCALIZAÇÃO","DESCRIÇÃO DA PENDÊNCIA","PLANILHA ORÇAMENTÁRIA SINAPI/SICRO (R$)","OBSERVAÇÃO"]
[null,"Pátio","Faltando as tampas das 07 caixas de passagem construídas para o transporte da fibra ótica entre a cabana e o SIT.",{"$f":"SUM(ORÇAMENTO!K531:K541)","v":330.67},"ARP"]
[null,"Pátio","Corrigir erosão ao redor das caixas de passagem da fibra ótica que liga a cabana de relés à sala do SIT.",{"$f":"SUM(ORÇAMENTO!K543)","v":116.17},"ARP"]
[null,"Pátio","Corrigir caixas de passagens já existentes que foram quebradas para inserir as novas tubulações para atendimento ao PISF.",{"$f":"SUM(ORÇAMENTO!K545:K549)","v":884.35},"ARP"]
[]
[]
[null,"Apresentamos em seguida a planilha constando o levantamento do custo e a memória de cálculo para execução dos serviços."]
{"$rows_empty":66}
[null,"Grupo Motor Gerador com 155/170kVA cabinado  (Fornecido com Databook, contendo: ensaios de rotinas, tipo, manual de instrução, desenhos elétricos, e mecânicos)"]

{"sheet":"MEMÓRIA","index":10,"n_rows":498,"n_cols":16,"rows_kept":498,"cut":false,"hidden":false,"merged":[[494,1,494,10],[328,1,328,12],[329,1,329,10],[197,1,197,12],[34,1,34,12],[35,1,35,10],[47,1,47,12],[48,1,48,10],[91,1,91,10],[87,1,87,10],[95,1,95,10],[101,1,101,10],[65,1,65,10],[279,1,279,10],[137,1,137,10],[141,1,141,10],[433,1,433,10],[304,1,304,10],[391,1,391,10],[396,1,396,10],[401,1,401,10],[405,1,405,10],[409,1,409,10],[486,1,486,10],[3,0,3,12],[8,1,8,10],[438,1,438,10],[442,1,442,10],[465,1,465,10],[450,1,450,10],[121,0,135,0],[233,1,233,10],[372,1,372,10],[364,1,364,10],[368,1,368,10],[284,1,284,12],[285,1,285,12],[295,1,295,10],[225,1,225,10],[202,1,202,10],[211,1,211,10],[215,1,215,10],[146,1,146,10],[192,1,192,10],[241,1,241,10],[314,1,314,10],[319,1,319,10],[360,1,360,10],[5,1,5,12],[81,1,81,12],[191,1,191,12],[437,1,437,12],[380,1,380,10],[286,1,286,10],[136,9,136,10],[196,1,196,12],[206,1,206,10],[283,1,283,12],[262,1,262,10],[270,1,270,10],[274,1,274,10],[266,1,266,10],[82,1,82,10],[198,1,198,10],[249,1,249,10],[237,1,237,10],[253,1,253,10],[261,1,261,12],[219,1,219,12],[134,9,134,10],[135,9,135,10],[384,1,384,12],[490,1,490,10],[13,1,13,12],[14,1,14,10],[22,1,22,10],[18,1,18,10],[26,1,26,10],[313,1,313,12],[475,1,475,12],[476,1,476,10],[480,1,480,10],[341,1,341,10],[323,1,323,12],[324,1,324,10],[335,1,335,12],[336,1,336,10],[340,1,340,12],[60,1,60,12],[61,1,61,10],[446,1,446,10],[86,1,86,12],[376,1,376,10],[73,1,73,10],[128,8,129,8],[485,1,485,12],[484,1,484,12],[69,1,69,10],[220,1,220,10],[245,1,245,10],[145,1,145,12],[469,1,469,12],[470,1,470,10],[257,1,257,10],[7,1,7,12],[347,1,347,10],[359,1,359,12],[417,1,417,10],[422,1,422,10],[109,1,109,10],[113,1,113,10],[455,1,455,10],[126,2,127,2],[128,2,129,2],[117,1,117,12],[126,10,127,10],[118,1,118,10],[126,9,127,9],[128,9,129,9],[128,10,129,10],[30,1,30,10],[413,1,413,10],[427,1,427,10],[385,1,385,10],[355,1,355,10],[351,1,351,10],[346,1,346,12],[345,1,345,12],[6,1,6,12],[126,8,127,8],[126,12,127,12],[128,11,129,11],[128,12,129,12],[121,1,135,1],[126,11,127,11],[121,2,122,2],[123,2,124,2],[77,1,77,10]]}
[]
[]
[]
["MEMÓRIA DE CÁLCULO "]
[]
[1,"SUBESTAÇÃO FLORESTA (SE-S0)",{"$nulls":12},{"$f":"IFERROR(IF(L6=\"\",\"\",INDEX(ORÇAMENTO!C:C,MATCH(A6,ORÇAMENTO!A:A,0))),\"\")","v":""},{"$f":"IFERROR(IF(L6=\"\",\"\",INDEX(ORÇAMENTO!D:D,MATCH(A6,ORÇAMENTO!A:A,0))),\"\")","v":""}]
["1.1","SERVIÇOS PRELIMINARES",{"$nulls":12},{"$f":"IFERROR(IF(L7=\"\",\"\",INDEX(ORÇAMENTO!C:C,MATCH(A7,ORÇAMENTO!A:A,0))),\"\")","v":""},{"$f":"IFERROR(IF(L7=\"\",\"\",INDEX(ORÇAMENTO!D:D,MATCH(A7,ORÇAMENTO!A:A,0))),\"\")","v":""}]
["1.1.1","PLACA DA OBRA",{"$nulls":12},{"$f":"IFERROR(IF(L8=\"\",\"\",INDEX(ORÇAMENTO!C:C,MATCH(A8,ORÇAMENTO!A:A,0))),\"\")","v":""},{"$f":"IFERROR(IF(L8=\"\",\"\",INDEX(ORÇAMENTO!D:D,MATCH(A8,ORÇAMENTO!A:A,0))),\"\")","v":""}]
["1.1.1.1","PLACA DE OBRA EM CHAPA DE ACO GALVANIZADO",{"$nulls":9},{"$f":"ROUND(G13,2)","v":16},"M2",null,{"$f":"IFERROR(IF(L9=\"\",\"\",INDEX(ORÇAMENTO!C:C,MATCH(A9,ORÇAMENTO!A:A,0))),\"\")","v":"74209/001"},{"$f":"IFERROR(IF(L9=\"\",\"\",INDEX(ORÇAMENTO!D:D,MATCH(A9,ORÇAMENTO!A:A,0))),\"\")","v":"SINAPI"}]
[null,null,"Comp.(m)","Largura(m)","Altura(m)","Quant.","Área(m²)","Volume(m³)",{"$nulls":6},{"$f":"IFERROR(IF(L10=\"\",\"\",INDEX(ORÇAMENTO!C:C,MATCH(A10,ORÇAMENTO!A:A,0))),\"\")","v":""},{"$f":"IFERROR(IF(L10=\"\",\"\",INDEX(ORÇAMENTO!D:D,MATCH(A10,ORÇAMENTO!A:A,0))),\"\")","v":""}]
[null,"PLACA DA OBRA (CONTRATADA)",4,null,2,1,{"$f":"PRODUCT(C11:F11)","v":8},{"$nulls":7},{"$f":"IFERROR(IF(L11=\"\",\"\",INDEX(ORÇAMENTO!C:C,MATCH(A11,ORÇAMENTO!A:A,0))),\"\")","v":""},{"$f":"IFERROR(IF(L11=\"\",\"\",INDEX(ORÇAMENTO!D:D,MATCH(A11,ORÇAMENTO!A:A,0))),\"\")","v":""}]
[null,"PLACA DA OBRA (CONTRATANTE)",4,null,2,1,{"$f":"PRODUCT(C12:F12)","v":8},{"$nulls":7},{"$f":"IFERROR(IF(L12=\"\",\"\",INDEX(ORÇAMENTO!C:C,MATCH(A12,ORÇAMENTO!A:A,0))),\"\")","v":""},{"$f":"IFERROR(IF(L12=\"\",\"\",INDEX(ORÇAMENTO!D:D,MATCH(A12,ORÇAMENTO!A:A,0))),\"\")","v":""}]
[{"$nulls":5},"Total",{"$f":"SUM(G11:G12)","v":16},{"$nulls":7},{"$f":"IFERROR(IF(L13=\"\",\"\",INDEX(ORÇAMENTO!C:C,MATCH(A13,ORÇAMENTO!A:A,0))),\"\")","v":""},{"$f":"IFERROR(IF(L13=\"\",\"\",INDEX(ORÇAMENTO!D:D,MATCH(A13,ORÇAMENTO!A:A,0))),\"\")","v":""}]
["1.1.2","CANTEIRO DE OBRAS",{"$nulls":12},{"$f":"IFERROR(IF(L14=\"\",\"\",INDEX(ORÇAMENTO!C:C,MATCH(A14,ORÇAMENTO!A:A,0))),\"\")","v":""},{"$f":"IFERROR(IF(L14=\"\",\"\",INDEX(ORÇAMENTO!D:D,MATCH(A14,ORÇAMENTO!A:A,0))),\"\")","v":""}]
["1.1.2.1","CONTEINER/(ESCRITÓRIO)",{"$nulls":9},{"$f":"ROUND(F18,2)","v":3},"MÊS",null,{"$f":"IFERROR(IF(L15=\"\",\"\",INDEX(ORÇAMENTO!C:C,MATCH(A15,ORÇAMENTO!A:A,0))),\"\")","v":10776},{"$f":"IFERROR(IF(L15=\"\",\"\",INDEX(ORÇAMENTO!D:D,MATCH(A15,ORÇAMENTO!A:A,0))),\"\")","v":"SINAPI"}]
[null,null,"Comp.(m)","Largura(m)","Altura(m)","Mês","Área(m²)","Volume(m³)",{"$nulls":6},{"$f":"IFERROR(IF(L16=\"\",\"\",INDEX(ORÇAMENTO!C:C,MATCH(A16,ORÇAMENTO!A:A,0))),\"\")","v":""},{"$f":"IFERROR(IF(L16=\"\",\"\",INDEX(ORÇAMENTO!D:D,MATCH(A16,ORÇAMENTO!A:A,0))),\"\")","v":""}]
[null,"CANTEIRO DE OBRA (CONTEINER/ESCRITÓRIO)",null,null,null,3,{"$nulls":8},{"$f":"IFERROR(IF(L17=\"\",\"\",INDEX(ORÇAMENTO!C:C,MATCH(A17,ORÇAMENTO!A:A,0))),\"\")","v":""},{"$f":"IFERROR(IF(L17=\"\",\"\",INDEX(ORÇAMENTO!D:D,MATCH(A17,ORÇAMENTO!A:A,0))),\"\")","v":""}]
[{"$nulls":4},"Total",{"$f":"SUM(F17)","v":3},{"$nulls":8},{"$f":"IFERROR(IF(L18=\"\",\"\",INDEX(ORÇAMENTO!C:C,MATCH(A18,ORÇAMENTO!A:A,0))),\"\")","v":""},{"$f":"IFERROR(IF(L18=\"\",\"\",INDEX(ORÇAMENTO!D:D,MATCH(A18,ORÇAMENTO!A:A,0))),\"\")","v":""}]
["1.1.2.2","CONTEINER/(ALMOXARIFADO)",{"$nulls":9},{"$f":"ROUND(F22,2)","v":3},"MÊS",null,{"$f":"IFERROR(IF(L19=\"\",\"\",INDEX(ORÇAMENTO!C:C,MATCH(A19,ORÇAMENTO!A:A,0))),\"\")","v":"COMP9"},{"$f":"IFERROR(IF(L19=\"\",\"\",INDEX(ORÇAMENTO!D:D,MATCH(A19,ORÇAMENTO!A:A,0))),\"\")","v":"SINAPI"}]
[null,null,"Comp.(m)","Largura(m)","Altura(m)","Mês","Área(m²)","Volume(m³)",{"$nulls":6},{"$f":"IFERROR(IF(L20=\"\",\"\",INDEX(ORÇAMENTO!C:C,MATCH(A20,ORÇAMENTO!A:A,0))),\"\")","v":""},{"$f":"IFERROR(IF(L20=\"\",\"\",INDEX(ORÇAMENTO!D:D,MATCH(A20,ORÇAMENTO!A:A,0))),\"\")","v":""}]
[null,"CANTEIRO DE OBRA (CONTEINER/ALMOXARIFADO)",null,null,null,3,{"$nulls":8},{"$f":"IFERROR(IF(L21=\"\",\"\",INDEX(ORÇAMENTO!C:C,MATCH(A21,ORÇAMENTO!A:A,0))),\"\")","v":""},{"$f":"IFERROR(IF(L21=\"\",\"\",INDEX(ORÇAMENTO!D:D,MATCH(A21,ORÇAMENTO!A:A,0))),\"\")","v":""}]
[{"$nulls":4},"Total",{"$f":"SUM(F21)","v":3},{"$nulls":8},{"$f":"IFERROR(IF(L22=\"\",\"\",INDEX(ORÇAMENTO!C:C,MATCH(A22,ORÇAMENTO!A:A,0))),\"\")","v":""},{"$f":"IFERROR(IF(L22=\"\",\"\",INDEX(ORÇAMENTO!D:D,MATCH(A22,ORÇAMENTO!A:A,0))),\"\")","v":""}]
["1.1.2.3","CONTEINER/(REFEITÓRIO)",{"$nulls":9},{"$f":"ROUND(F26,2)","v":3},"MÊS",null,{"$f":"IFERROR(IF(L23=\"\",\"\",INDEX(ORÇAMENTO!C:C,MATCH(A23,ORÇAMENTO!A:A,0))),\"\")","v":"COMP10"},{"$f":"IFERROR(IF(L23=\"\",\"\",INDEX(ORÇAMENTO!D:D,MATCH(A23,ORÇAMENTO!A:A,0))),\"\")","v":"SINAPI"}]
[null,null,"Comp.(m)","Largura(m)","Altura(m)","Mês","Área(m²)","Volume(m³)",{"$nulls":6},{"$f":"IFERROR(IF(L24=\"\",\"\",INDEX(ORÇAMENTO!C:C,MATCH(A24,ORÇAMENTO!A:A,0))),\"\")","v":""},{"$f":"IFERROR(IF(L24=\"\",\"\",INDEX(ORÇAMENTO!D:D,MATCH(A24,ORÇAMENTO!A:A,0))),\"\")","v":""}]
[null,"CANTEIRO DE OBRA  (CONTEINER/REFEITÓRIO)",null,null,null,3,{"$nulls":8},{"$f":"IFERROR(IF(L25=\"\",\"\",INDEX(ORÇAMENTO!C:C,MATCH(A25,ORÇAMENTO!A:A,0))),\"\")","v":""},{"$f":"IFERROR(IF(L25=\"\",\"\",INDEX(ORÇAMENTO!D:D,MATCH(A25,ORÇAMENTO!A:A,0))),\"\")","v":""}]
[{"$nulls":4},"Total",{"$f":"SUM(F25)","v":3},{"$nulls":8},{"$f":"IFERROR(IF(L26=\"\",\"\",INDEX(ORÇAMENTO!C:C,MATCH(A26,ORÇAMENTO!A:A,0))),\"\")","v":""},{"$f":"IFERROR(IF(L26=\"\",\"\",INDEX(ORÇAMENTO!D:D,MATCH(A26,ORÇAMENTO!A:A,0))),\"\")","v":""}]
["1.1.2.4","CONTEINER/(SANITÁRIO)",{"$nulls":9},{"$f":"ROUND(F30,2)","v":3},"MÊS",null,{"$f":"IFERROR(IF(L27=\"\",\"\",INDEX(ORÇAMENTO!C:C,MATCH(A27,ORÇAMENTO!A:A,0))),\"\")","v":10779},{"$f":"IFERROR(IF(L27=\"\",\"\",INDEX(ORÇAMENTO!D:D,MATCH(A27,ORÇAMENTO!A:A,0))),\"\")","v":"SINAPI"}]
[null,null,"Comp.(m)","Largura(m)","Altura(m)","Mês","Área(m²)","Volume(m³)",{"$nulls":6},{"$f":"IFERROR(IF(L28=\"\",\"\",INDEX(ORÇAMENTO!C:C,MATCH(A28,ORÇAMENTO!A:A,0))),\"\")","v":""},{"$f":"IFERROR(IF(L28=\"\",\"\",INDEX(ORÇAMENTO!D:D,MATCH(A28,ORÇAMENTO!A:A,0))),\"\")","v":""}]
[null,"CANTEIRO DE OBRA  (CONTEINER/SANITÁRIO)",null,null,null,3,{"$nulls":8},{"$f":"IFERROR(IF(L29=\"\",\"\",INDEX(ORÇAMENTO!C:C,MATCH(A29,ORÇAMENTO!A:A,0))),\"\")","v":""},{"$f":"IFERROR(IF(L29=\"\",\"\",INDEX(ORÇAMENTO!D:D,MATCH(A29,ORÇAMENTO!A:A,0))),\"\")","v":""}]
[{"$nulls":4},"Total",{"$f":"SUM(F29)","v":3},{"$nulls":8},{"$f":"IFERROR(IF(L30=\"\",\"\",INDEX(ORÇAMENTO!C:C,MATCH(A30,ORÇAMENTO!A:A,0))),\"\")","v":""},{"$f":"IFERROR(IF(L30=\"\",\"\",INDEX(ORÇAMENTO!D:D,MATCH(A30,ORÇAMENTO!A:A,0))),\"\")","v":""}]
["1.1.2.5","EXTINTOR DE INCÊNDIO",{"$nulls":9},{"$f":"ROUND(F34,2)","v":1},"UND",null,{"$f":"IFERROR(IF(L31=\"\",\"\",INDEX(ORÇAMENTO!C:C,MATCH(A31,ORÇAMENTO!A:A,0))),\"\")","v":83635},{"$f":"IFERROR(IF(L31=\"\",\"\",INDEX(ORÇAMENTO!D:D,MATCH(A31,ORÇAMENTO!A:A,0))),\"\")","v":"SINAPI"}]
[null,null,"Comp.(m)","Largura(m)","Altura(m)","Quant.","Área(m²)","Volume(m³)",{"$nulls":6},{"$f":"IFERROR(IF(L32=\"\",\"\",INDEX(ORÇAMENTO!C:C,MATCH(A32,ORÇAMENTO!A:A,0))),\"\")","v":""},{"$f":"IFERROR(IF(L32=\"\",\"\",INDEX(ORÇAMENTO!D:D,MATCH(A32,ORÇAMENTO!A:A,0))),\"\")","v":""}]
[null,"EXTINTOR DE INCÊNDIO (FORN. / INST.)",null,null,null,1,{"$nulls":8},{"$f":"IFERROR(IF(L33=\"\",\"\",INDEX(ORÇAMENTO!C:C,MATCH(A33,ORÇAMENTO!A:A,0))),\"\")","v":""},{"$f":"IFERROR(IF(L33=\"\",\"\",INDEX(ORÇAMENTO!D:D,MATCH(A33,ORÇAMENTO!A:A,0))),\"\")","v":""}]
[{"$nulls":4},"Total",{"$f":"SUM(F33)","v":1},{"$nulls":8},{"$f":"IFERROR(IF(L34=\"\",\"\",INDEX(ORÇAMENTO!C:C,MATCH(A34,ORÇAMENTO!A:A,0))),\"\")","v":""},{"$f":"IFERROR(IF(L34=\"\",\"\",INDEX(ORÇAMENTO!D:D,MATCH(A34,ORÇAMENTO!A:A,0))),\"\")","v":""}]
["1.1.3","MOBILIZAÇÃO",{"$nulls":12},{"$f":"IFERROR(IF(L35=\"\",\"\",INDEX(ORÇAMENTO!C:C,MATCH(A35,ORÇAMENTO!A:A,0))),\"\")","v":""},{"$f":"IFERROR(IF(L35=\"\",\"\",INDEX(ORÇAMENTO!D:D,MATCH(A35,ORÇAMENTO!A:A,0))),\"\")","v":""}]
["1.1.3.1","MOBILIZAÇÃO",{"$nulls":9},{"$f":"ROUND(K43,2)+ROUND(K47,2)","v":50834.96},"R$",null,{"$f":"IFERROR(IF(L36=\"\",\"\",INDEX(ORÇAMENTO!C:C,MATCH(A36,ORÇAMENTO!A:A,0))),\"\")","v":""},{"$f":"IFERROR(IF(L36=\"\",\"\",INDEX(ORÇAMENTO!D:D,MATCH(A36,ORÇAMENTO!A:A,0))),\"\")","v":""}]
[null,"DESLOCAMENTO          Veloc. Média: 60 km/h","MEIO DE LOCOMOÇÃO","CÓDIGO TRANSPORTE","QUANT.","FU","K","DMT                (km)","CHP                 (R$)","BDI","VALOR C/ BDI (R$)",null,null,null,{"$f":"IFERROR(IF(L37=\"\",\"\",INDEX(ORÇAMENTO!C:C,MATCH(A37,ORÇAMENTO!A:A,0))),\"\")","v":""},{"$f":"IFERROR(IF(L37=\"\",\"\",INDEX(ORÇAMENTO!D:D,MATCH(A37,ORÇAMENTO!A:A,0))),\"\")","v":""}]
[null,"CONTEINER (CANTEIRO DE OBRA)","Carreta","E9665",4,1,2,468,{"$f":"INDEX('SICRO - EQUIPAMENTOS'!J:J,MATCH(D38,'SICRO - EQUIPAMENTOS'!A:A,0))","v":401.50099999999998},{"$f":"BDI!$E$26","v":0.22720000000000001},{"$f":"ROUND((E38*(((F38*G38*H38)/60)*I38))*(1+J38),2)","v":30745.85},null,null,null,{"$f":"IFERROR(IF(L38=\"\",\"\",INDEX(ORÇAMENTO!C:C,MATCH(A38,ORÇAMENTO!A:A,0))),\"\")","v":""},{"$f":"IFERROR(IF(L38=\"\",\"\",INDEX(ORÇAMENTO!D:D,MATCH(A38,ORÇAMENTO!A:A,0))),\"\")","v":""}]
[null,"MOTONIVELADORA (ESTRADA DE ACESSO)","Carreta","E9665",1,1,2,468,{"$f":"INDEX('SICRO - EQUIPAMENTOS'!J:J,MATCH(D39,'SICRO - EQUIPAMENTOS'!A:A,0))","v":401.50099999999998},{"$f":"BDI!$E$26","v":0.22720000000000001},{"$f":"ROUND((E39*(((F39*G39*H39)/60)*I39))*(1+J39),2)","v":7686.46},null,null,null,{"$f":"IFERROR(IF(L39=\"\",\"\",INDEX(ORÇAMENTO!C:C,MATCH(A39,ORÇAMENTO!A:A,0))),\"\")","v":""},{"$f":"IFERROR(IF(L39=\"\",\"\",INDEX(ORÇAMENTO!D:D,MATCH(A39,ORÇAMENTO!A:A,0))),\"\")","v":""}]
[null,"ESCAVADEIRA HIDRÁULICA (PASSAGEM MOLHADA)","Carreta","E9665",1,1,2,468,{"$f":"INDEX('SICRO - EQUIPAMENTOS'!J:J,MATCH(D40,'SICRO - EQUIPAMENTOS'!A:A,0))","v":401.50099999999998},{"$f":"BDI!$E$26","v":0.22720000000000001},{"$f":"ROUND((E40*(((F40*G40*H40)/60)*I40))*(1+J40),2)","v":7686.46},null,null,null,{"$f":"IFERROR(IF(L40=\"\",\"\",INDEX(ORÇAMENTO!C:C,MATCH(A40,ORÇAMENTO!A:A,0))),\"\")","v":""},{"$f":"IFERROR(IF(L40=\"\",\"\",INDEX(ORÇAMENTO!D:D,MATCH(A40,ORÇAMENTO!A:A,0))),\"\")","v":""}]
[null,"E9605 - Caminhão tanque com capacidade de 6.000 l - 136 kW","Rodando","E9605",1,1,1,468,{"$f":"INDEX('SICRO - EQUIPAMENTOS'!J:J,MATCH(D41,'SICRO - EQUIPAMENTOS'!A:A,0))","v":269.35129999999998},{"$f":"BDI!$E$26","v":0.22720000000000001},{"$f":"ROUND((E41*(((F41*G41*H41)/60)*I41))*(1+J41),2)","v":2578.27},null,null,null,{"$f":"IFERROR(IF(L41=\"\",\"\",INDEX(ORÇAMENTO!C:C,MATCH(A41,ORÇAMENTO!A:A,0))),\"\")","v":""},{"$f":"IFERROR(IF(L41=\"\",\"\",INDEX(ORÇAMENTO!D:D,MATCH(A41,ORÇAMENTO!A:A,0))),\"\")","v":""}]
[null,"E9608 - Caminhão carroceria com capacidade de 9 t - 136 kW","Rodando","E9508",1,1,1,468,{"$f":"INDEX('SICRO - EQUIPAMENTOS'!J:J,MATCH(D42,'SICRO - EQUIPAMENTOS'!A:A,0))","v":189.89089999999999},{"$f":"BDI!$E$26","v":0.22720000000000001},{"$f":"ROUND((E42*(((F42*G42*H42)/60)*I42))*(1+J42),2)","v":1817.67},null,null,null,{"$f":"IFERROR(IF(L42=\"\",\"\",INDEX(ORÇAMENTO!C:C,MATCH(A42,ORÇAMENTO!A:A,0))),\"\")","v":""},{"$f":"IFERROR(IF(L42=\"\",\"\",INDEX(ORÇAMENTO!D:D,MATCH(A42,ORÇAMENTO!A:A,0))),\"\")","v":""}]
[{"$nulls":8},"Total",null,{"$f":"SUM(K38:K42)","v":50514.709999999992},null,null,null,{"$f":"IFERROR(IF(L43=\"\",\"\",INDEX(ORÇAMENTO!C:C,MATCH(A43,ORÇAMENTO!A:A,0))),\"\")","v":""},{"$f":"IFERROR(IF(L43=\"\",\"\",INDEX(ORÇAMENTO!D:D,MATCH(A43,ORÇAMENTO!A:A,0))),\"\")","v":""}]
[null,"ALIMENTAÇÃO","UNIDADE",null,"QUANT.",null,null,null,"CUSTO UNIT.                (R$)",null,"VALOR C/ BDI (R$)",null,null,null,{"$f":"IFERROR(IF(L44=\"\",\"\",INDEX(ORÇAMENTO!C:C,MATCH(A44,ORÇAMENTO!A:A,0))),\"\")","v":""},{"$f":"IFERROR(IF(L44=\"\",\"\",INDEX(ORÇAMENTO!D:D,MATCH(A44,ORÇAMENTO!A:A,0))),\"\")","v":""}]
[null,"Alimentação (Motorista que vai rodando)","und",null,8,null,null,null,18.64,{"$f":"BDI!$E$26","v":0.22720000000000001},{"$f":"E45*(I45*(1+J45))","v":183.00006400000001},null,null,null,{"$f":"IFERROR(IF(L45=\"\",\"\",INDEX(ORÇAMENTO!C:C,MATCH(A45,ORÇAMENTO!A:A,0))),\"\")","v":""},{"$f":"IFERROR(IF(L45=\"\",\"\",INDEX(ORÇAMENTO!D:D,MATCH(A45,ORÇAMENTO!A:A,0))),\"\")","v":""}]
[null,"Alimentação (Motorista que retorna)","und",null,6,null,null,null,18.64,{"$f":"BDI!$E$26","v":0.22720000000000001},{"$f":"E46*(I46*(1+J46))","v":137.25004799999999},null,null,null,{"$f":"IFERROR(IF(L46=\"\",\"\",INDEX(ORÇAMENTO!C:C,MATCH(A46,ORÇAMENTO!A:A,0))),\"\")","v":""},{"$f":"IFERROR(IF(L46=\"\",\"\",INDEX(ORÇAMENTO!D:D,MATCH(A46,ORÇAMENTO!A:A,0))),\"\")","v":""}]
[null,"Convenção Coletiva de Trabalho 2019-2021 - SINDUSCON/pe (CLAUSULA 14ª)",{"$nulls":6},"Total",null,{"$f":"SUM(K45:K46)","v":320.250112},null,null,null,{"$f":"IFERROR(IF(L47=\"\",\"\",INDEX(ORÇAMENTO!C:C,MATCH(A47,ORÇAMENTO!A:A,0))),\"\")","v":""},{"$f":"IFERROR(IF(L47=\"\",\"\",INDEX(ORÇAMENTO!D:D,MATCH(A47,ORÇAMENTO!A:A,0))),\"\")","v":""}]
["1.1.4","DESMOBILIZAÇÃO",{"$nulls":12},{"$f":"IFERROR(IF(L48=\"\",\"\",INDEX(ORÇAMENTO!C:C,MATCH(A48,ORÇAMENTO!A:A,0))),\"\")","v":""},{"$f":"IFERROR(IF(L48=\"\",\"\",INDEX(ORÇAMENTO!D:D,MATCH(A48,ORÇAMENTO!A:A,0))),\"\")","v":""}]
["1.1.4.1","DESMOBILIZAÇÃO",{"$nulls":9},{"$f":"ROUND(K56,2)+ROUND(K60,2)","v":50834.96},"R$",null,{"$f":"IFERROR(IF(L49=\"\",\"\",INDEX(ORÇAMENTO!C:C,MATCH(A49,ORÇAMENTO!A:A,0))),\"\")","v":""},{"$f":"IFERROR(IF(L49=\"\",\"\",INDEX(ORÇAMENTO!D:D,MATCH(A49,ORÇAMENTO!A:A,0))),\"\")","v":""}]
[null,"DESLOCAMENTO          Veloc. Média: 60 km/h","MEIO DE LOCOMOÇÃO","CÓDIGO TRANSPORTE","QUANT.","FU","K","DMT                (km)","CHP                 (R$)","BDI","VALOR C/ BDI (R$)",null,null,null,{"$f":"IFERROR(IF(L50=\"\",\"\",INDEX(ORÇAMENTO!C:C,MATCH(A50,ORÇAMENTO!A:A,0))),\"\")","v":""},{"$f":"IFERROR(IF(L50=\"\",\"\",INDEX(ORÇAMENTO!D:D,MATCH(A50,ORÇAMENTO!A:A,0))),\"\")","v":""}]
[null,"CONTEINER (CANTEIRO DE OBRA)","Carreta","E9665",4,1,2,468,{"$f":"INDEX('SICRO - EQUIPAMENTOS'!J:J,MATCH(D51,'SICRO - EQUIPAMENTOS'!A:A,0))","v":401.50099999999998},{"$f":"BDI!$E$26","v":0.22720000000000001},{"$f":"ROUND((E51*(((F51*G51*H51)/60)*I51))*(1+J51),2)","v":30745.85},null,null,null,{"$f":"IFERROR(IF(L51=\"\",\"\",INDEX(ORÇAMENTO!C:C,MATCH(A51,ORÇAMENTO!A:A,0))),\"\")","v":""},{"$f":"IFERROR(IF(L51=\"\",\"\",INDEX(ORÇAMENTO!D:D,MATCH(A51,ORÇAMENTO!A:A,0))),\"\")","v":""}]
[null,"MOTONIVELADORA (ESTRADA DE ACESSO)","Carreta","E9665",1,1,2,468,{"$f":"INDEX('SICRO - EQUIPAMENTOS'!J:J,MATCH(D52,'SICRO - EQUIPAMENTOS'!A:A,0))","v":401.50099999999998},{"$f":"BDI!$E$26","v":0.22720000000000001},{"$f":"ROUND((E52*(((F52*G52*H52)/60)*I52))*(1+J52),2)","v":7686.46},null,null,null,{"$f":"IFERROR(IF(L52=\"\",\"\",INDEX(ORÇAMENTO!C:C,MATCH(A52,ORÇAMENTO!A:A,0))),\"\")","v":""},{"$f":"IFERROR(IF(L52=\"\",\"\",INDEX(ORÇAMENTO!D:D,MATCH(A52,ORÇAMENTO!A:A,0))),\"\")","v":""}]
[null,"ESCAVADEIRA HIDRÁULICA (PASSAGEM MOLHADA)","Carreta","E9665",1,1,2,468,{"$f":"INDEX('SICRO - EQUIPAMENTOS'!J:J,MATCH(D53,'SICRO - EQUIPAMENTOS'!A:A,0))","v":401.50099999999998},{"$f":"BDI!$E$26","v":0.22720000000000001},{"$f":"ROUND((E53*(((F53*G53*H53)/60)*I53))*(1+J53),2)","v":7686.46},null,null,null,{"$f":"IFERROR(IF(L53=\"\",\"\",INDEX(ORÇAMENTO!C:C,MATCH(A53,ORÇAMENTO!A:A,0))),\"\")","v":""},{"$f":"IFERROR(IF(L53=\"\",\"\",INDEX(ORÇAMENTO!D:D,MATCH(A53,ORÇAMENTO!A:A,0))),\"\")","v":""}]
[null,"E9605 - Caminhão tanque com capacidade de 6.000 l - 136 kW","Rodando","E9605",1,1,1,468,{"$f":"INDEX('SICRO - EQUIPAMENTOS'!J:J,MATCH(D54,'SICRO - EQUIPAMENTOS'!A:A,0))","v":269.35129999999998},{"$f":"BDI!$E$26","v":0.22720000000000001},{"$f":"ROUND((E54*(((F54*G54*H54)/60)*I54))*(1+J54),2)","v":2578.27},null,null,null,{"$f":"IFERROR(IF(L54=\"\",\"\",INDEX(ORÇAMENTO!C:C,MATCH(A54,ORÇAMENTO!A:A,0))),\"\")","v":""},{"$f":"IFERROR(IF(L54=\"\",\"\",INDEX(ORÇAMENTO!D:D,MATCH(A54,ORÇAMENTO!A:A,0))),\"\")","v":""}]
[null,"E9608 - Caminhão carroceria com capacidade de 9 t - 136 kW","Rodando","E9508",1,1,1,468,{"$f":"INDEX('SICRO - EQUIPAMENTOS'!J:J,MATCH(D55,'SICRO - EQUIPAMENTOS'!A:A,0))","v":189.89089999999999},{"$f":"BDI!$E$26","v":0.22720000000000001},{"$f":"ROUND((E55*(((F55*G55*H55)/60)*I55))*(1+J55),2)","v":1817.67},null,null,null,{"$f":"IFERROR(IF(L55=\"\",\"\",INDEX(ORÇAMENTO!C:C,MATCH(A55,ORÇAMENTO!A:A,0))),\"\")","v":""},{"$f":"IFERROR(IF(L55=\"\",\"\",INDEX(ORÇAMENTO!D:D,MATCH(A55,ORÇAMENTO!A:A,0))),\"\")","v":""}]
[{"$nulls":8},"Total",null,{"$f":"SUM(K51:K55)","v":50514.709999999992},null,null,null,{"$f":"IFERROR(IF(L56=\"\",\"\",INDEX(ORÇAMENTO!C:C,MATCH(A56,ORÇAMENTO!A:A,0))),\"\")","v":""},{"$f":"IFERROR(IF(L56=\"\",\"\",INDEX(ORÇAMENTO!D:D,MATCH(A56,ORÇAMENTO!A:A,0))),\"\")","v":""}]
[null,"ALIMENTAÇÃO","UNIDADE",null,"QUANT.",null,null,null,"CUSTO UNIT.                (R$)",null,"VALOR C/ BDI (R$)",null,null,null,{"$f":"IFERROR(IF(L57=\"\",\"\",INDEX(ORÇAMENTO!C:C,MATCH(A57,ORÇAMENTO!A:A,0))),\"\")","v":""},{"$f":"IFERROR(IF(L57=\"\",\"\",INDEX(ORÇAMENTO!D:D,MATCH(A57,ORÇAMENTO!A:A,0))),\"\")","v":""}]
[null,"Alimentação (Motorista que vai rodando)","und",null,8,null,null,null,18.64,{"$f":"BDI!$E$26","v":0.22720000000000001},{"$f":"E58*(I58*(1+J58))","v":183.00006400000001},null,null,null,{"$f":"IFERROR(IF(L58=\"\",\"\",INDEX(ORÇAMENTO!C:C,MATCH(A58,ORÇAMENTO!A:A,0))),\"\")","v":""},{"$f":"IFERROR(IF(L58=\"\",\"\",INDEX(ORÇAMENTO!D:D,MATCH(A58,ORÇAMENTO!A:A,0))),\"\")","v":""}]
[null,"Alimentação (Motorista que retorna)","und",null,6,null,null,null,18.64,{"$f":"BDI!$E$26","v":0.22720000000000001},{"$f":"E59*(I59*(1+J59))","v":137.25004799999999},null,null,null,{"$f":"IFERROR(IF(L59=\"\",\"\",INDEX(ORÇAMENTO!C:C,MATCH(A59,ORÇAMENTO!A:A,0))),\"\")","v":""},{"$f":"IFERROR(IF(L59=\"\",\"\",INDEX(ORÇAMENTO!D:D,MATCH(A59,ORÇAMENTO!A:A,0))),\"\")","v":""}]
[null,"Convenção Coletiva de Trabalho 2019-2021 - SINDUSCON/pe (CLAUSULA 14ª)",{"$nulls":6},"Total",null,{"$f":"SUM(K58:K59)","v":320.250112},null,null,null,{"$f":"IFERROR(IF(L60=\"\",\"\",INDEX(ORÇAMENTO!C:C,MATCH(A60,ORÇAMENTO!A:A,0))),\"\")","v":""},{"$f":"IFERROR(IF(L60=\"\",\"\",INDEX(ORÇAMENTO!D:D,MATCH(A60,ORÇAMENTO!A:A,0))),\"\")","v":""}]
["1.1.5","ADMINISTRAÇÃO DA OBRA",{"$nulls":12},{"$f":"IFERROR(IF(L61=\"\",\"\",INDEX(ORÇAMENTO!C:C,MATCH(A61,ORÇAMENTO!A:A,0))),\"\")","v":""},{"$f":"IFERROR(IF(L61=\"\",\"\",INDEX(ORÇAMENTO!D:D,MATCH(A61,ORÇAMENTO!A:A,0))),\"\")","v":""}]
["1.1.5.1","ENGENHEIRO CIVIL DE OBRA PLENO COM ENCARGOS COMPLEMENTARES",{"$nulls":9},{"$f":"ROUND(F65,2)","v":3},"MÊS",null,{"$f":"IFERROR(IF(L62=\"\",\"\",INDEX(ORÇAMENTO!C:C,MATCH(A62,ORÇAMENTO!A:A,0))),\"\")","v":93567},{"$f":"IFERROR(IF(L62=\"\",\"\",INDEX(ORÇAMENTO!D:D,MATCH(A62,ORÇAMENTO!A:A,0))),\"\")","v":"SINAPI"}]
[null,null,"Mês","Nº Meses","Repetido","Quant.","Área(m²)","Volume(m³)",{"$nulls":6},{"$f":"IFERROR(IF(L63=\"\",\"\",INDEX(ORÇAMENTO!C:C,MATCH(A63,ORÇAMENTO!A:A,0))),\"\")","v":""},{"$f":"IFERROR(IF(L63=\"\",\"\",INDEX(ORÇAMENTO!D:D,MATCH(A63,ORÇAMENTO!A:A,0))),\"\")","v":""}]
[null,"ENGENHEIRO CIVIL",1,3,1,{"$f":"PRODUCT(C64:E64)","v":3},{"$nulls":8},{"$f":"IFERROR(IF(L64=\"\",\"\",INDEX(ORÇAMENTO!C:C,MATCH(A64,ORÇAMENTO!A:A,0))),\"\")","v":""},{"$f":"IFERROR(IF(L64=\"\",\"\",INDEX(ORÇAMENTO!D:D,MATCH(A64,ORÇAMENTO!A:A,0))),\"\")","v":""}]
[{"$nulls":4},"Total",{"$f":"SUM(F64)","v":3},{"$nulls":8},{"$f":"IFERROR(IF(L65=\"\",\"\",INDEX(ORÇAMENTO!C:C,MATCH(A65,ORÇAMENTO!A:A,0))),\"\")","v":""},{"$f":"IFERROR(IF(L65=\"\",\"\",INDEX(ORÇAMENTO!D:D,MATCH(A65,ORÇAMENTO!A:A,0))),\"\")","v":""}]
["1.1.5.2","MESTRE DE OBRAS COM ENCARGOS COMPLEMENTARES",{"$nulls":9},{"$f":"ROUND(F69,2)","v":3},"MÊS",null,{"$f":"IFERROR(IF(L66=\"\",\"\",INDEX(ORÇAMENTO!C:C,MATCH(A66,ORÇAMENTO!A:A,0))),\"\")","v":94295},{"$f":"IFERROR(IF(L66=\"\",\"\",INDEX(ORÇAMENTO!D:D,MATCH(A66,ORÇAMENTO!A:A,0))),\"\")","v":"SINAPI"}]
[null,null,"Mês","Nº Meses","Repetido","Quant.","Área(m²)","Volume(m³)",{"$nulls":6},{"$f":"IFERROR(IF(L67=\"\",\"\",INDEX(ORÇAMENTO!C:C,MATCH(A67,ORÇAMENTO!A:A,0))),\"\")","v":""},{"$f":"IFERROR(IF(L67=\"\",\"\",INDEX(ORÇAMENTO!D:D,MATCH(A67,ORÇAMENTO!A:A,0))),\"\")","v":""}]
[null,"ENCARREGADO",1,3,1,{"$f":"PRODUCT(C68:E68)","v":3},{"$nulls":8},{"$f":"IFERROR(IF(L68=\"\",\"\",INDEX(ORÇAMENTO!C:C,MATCH(A68,ORÇAMENTO!A:A,0))),\"\")","v":""},{"$f":"IFERROR(IF(L68=\"\",\"\",INDEX(ORÇAMENTO!D:D,MATCH(A68,ORÇAMENTO!A:A,0))),\"\")","v":""}]
[{"$nulls":4},"Total",{"$f":"SUM(F68)","v":3},{"$nulls":8},{"$f":"IFERROR(IF(L69=\"\",\"\",INDEX(ORÇAMENTO!C:C,MATCH(A69,ORÇAMENTO!A:A,0))),\"\")","v":""},{"$f":"IFERROR(IF(L69=\"\",\"\",INDEX(ORÇAMENTO!D:D,MATCH(A69,ORÇAMENTO!A:A,0))),\"\")","v":""}]
["1.1.5.3","VIGIA NOTURNO COM ENCARGOS COMPLEMENTARES",{"$nulls":9},{"$f":"ROUND(F73,2)","v":660},"H",null,{"$f":"IFERROR(IF(L70=\"\",\"\",INDEX(ORÇAMENTO!C:C,MATCH(A70,ORÇAMENTO!A:A,0))),\"\")","v":88326},{"$f":"IFERROR(IF(L70=\"\",\"\",INDEX(ORÇAMENTO!D:D,MATCH(A70,ORÇAMENTO!A:A,0))),\"\")","v":"SINAPI"}]
[null,null,"Horas/Mês","Nº Meses","Repetido","Quant.","Área(m²)","Volume(m³)",{"$nulls":6},{"$f":"IFERROR(IF(L71=\"\",\"\",INDEX(ORÇAMENTO!C:C,MATCH(A71,ORÇAMENTO!A:A,0))),\"\")","v":""},{"$f":"IFERROR(IF(L71=\"\",\"\",INDEX(ORÇAMENTO!D:D,MATCH(A71,ORÇAMENTO!A:A,0))),\"\")","v":""}]
[null,"VIGILANTE",220,3,1,{"$f":"PRODUCT(C72:E72)","v":660},{"$nulls":8},{"$f":"IFERROR(IF(L72=\"\",\"\",INDEX(ORÇAMENTO!C:C,MATCH(A72,ORÇAMENTO!A:A,0))),\"\")","v":""},{"$f":"IFERROR(IF(L72=\"\",\"\",INDEX(ORÇAMENTO!D:D,MATCH(A72,ORÇAMENTO!A:A,0))),\"\")","v":""}]
[{"$nulls":4},"Total",{"$f":"SUM(F72)","v":660},{"$nulls":8},{"$f":"IFERROR(IF(L73=\"\",\"\",INDEX(ORÇAMENTO!C:C,MATCH(A73,ORÇAMENTO!A:A,0))),\"\")","v":""},{"$f":"IFERROR(IF(L73=\"\",\"\",INDEX(ORÇAMENTO!D:D,MATCH(A73,ORÇAMENTO!A:A,0))),\"\")","v":""}]
["1.1.5.4","ALMOXARIFE COM ENCARGOS COMPLEMENTARES",{"$nulls":9},{"$f":"ROUND(F77,2)","v":3},"MÊS",null,{"$f":"IFERROR(IF(L74=\"\",\"\",INDEX(ORÇAMENTO!C:C,MATCH(A74,ORÇAMENTO!A:A,0))),\"\")","v":93563},{"$f":"IFERROR(IF(L74=\"\",\"\",INDEX(ORÇAMENTO!D:D,MATCH(A74,ORÇAMENTO!A:A,0))),\"\")","v":"SINAPI"}]
[null,null,"Mês","Nº Meses","Repetido","Quant.","Área(m²)","Volume(m³)",{"$nulls":6},{"$f":"IFERROR(IF(L75=\"\",\"\",INDEX(ORÇAMENTO!C:C,MATCH(A75,ORÇAMENTO!A:A,0))),\"\")","v":""},{"$f":"IFERROR(IF(L75=\"\",\"\",INDEX(ORÇAMENTO!D:D,MATCH(A75,ORÇAMENTO!A:A,0))),\"\")","v":""}]
[null,"ALMOXARIFE",1,3,1,{"$f":"PRODUCT(C76:E76)","v":3},{"$nulls":8},{"$f":"IFERROR(IF(L76=\"\",\"\",INDEX(ORÇAMENTO!C:C,MATCH(A76,ORÇAMENTO!A:A,0))),\"\")","v":""},{"$f":"IFERROR(IF(L76=\"\",\"\",INDEX(ORÇAMENTO!D:D,MATCH(A76,ORÇAMENTO!A:A,0))),\"\")","v":""}]
[{"$nulls":4},"Total",{"$f":"SUM(F76)","v":3},{"$nulls":8},{"$f":"IFERROR(IF(L77=\"\",\"\",INDEX(ORÇAMENTO!C:C,MATCH(A77,ORÇAMENTO!A:A,0))),\"\")","v":""},{"$f":"IFERROR(IF(L77=\"\",\"\",INDEX(ORÇAMENTO!D:D,MATCH(A77,ORÇAMENTO!A:A,0))),\"\")","v":""}]
["1.1.5.5","TÉCNICO EM SEGURANÇA DO TRABALHO COM ENCARGOS COMPLEMENTARES",{"$nulls":9},{"$f":"ROUND(F81,2)","v":3},"MÊS",null,{"$f":"IFERROR(IF(L78=\"\",\"\",INDEX(ORÇAMENTO!C:C,MATCH(A78,ORÇAMENTO!A:A,0))),\"\")","v":100321},{"$f":"IFERROR(IF(L78=\"\",\"\",INDEX(ORÇAMENTO!D:D,MATCH(A78,ORÇAMENTO!A:A,0))),\"\")","v":"SINAPI"}]
[null,null,"Mês","Nº Meses","Repetido","Quant.","Área(m²)","Volume(m³)",{"$nulls":6},{"$f":"IFERROR(IF(L79=\"\",\"\",INDEX(ORÇAMENTO!C:C,MATCH(A79,ORÇAMENTO!A:A,0))),\"\")","v":""},{"$f":"IFERROR(IF(L79=\"\",\"\",INDEX(ORÇAMENTO!D:D,MATCH(A79,ORÇAMENTO!A:A,0))),\"\")","v":""}]
[null,null,1,3,1,{"$f":"PRODUCT(C80:E80)","v":3},{"$nulls":8},{"$f":"IFERROR(IF(L80=\"\",\"\",INDEX(ORÇAMENTO!C:C,MATCH(A80,ORÇAMENTO!A:A,0))),\"\")","v":""},{"$f":"IFERROR(IF(L80=\"\",\"\",INDEX(ORÇAMENTO!D:D,MATCH(A80,ORÇAMENTO!A:A,0))),\"\")","v":""}]
[{"$nulls":4},"Total",{"$f":"SUM(F80)","v":3},{"$nulls":8},{"$f":"IFERROR(IF(L81=\"\",\"\",INDEX(ORÇAMENTO!C:C,MATCH(A81,ORÇAMENTO!A:A,0))),\"\")","v":""},{"$f":"IFERROR(IF(L81=\"\",\"\",INDEX(ORÇAMENTO!D:D,MATCH(A81,ORÇAMENTO!A:A,0))),\"\")","v":""}]
["1.2","ESTRADA DE ACESSO A SUBESTAÇÃO",{"$nulls":12},{"$f":"IFERROR(IF(L82=\"\",\"\",INDEX(ORÇAMENTO!C:C,MATCH(A82,ORÇAMENTO!A:A,0))),\"\")","v":""},{"$f":"IFERROR(IF(L82=\"\",\"\",INDEX(ORÇAMENTO!D:D,MATCH(A82,ORÇAMENTO!A:A,0))),\"\")","v":""}]
["1.2.1","ESTRADA DE ACESSO A SUBESTAÇÃO",{"$nulls":9},{"$f":"ROUND(G86,2)","v":19200},"M2",null,{"$f":"IFERROR(IF(L83=\"\",\"\",INDEX(ORÇAMENTO!C:C,MATCH(A83,ORÇAMENTO!A:A,0))),\"\")","v":79472},{"$f":"IFERROR(IF(L83=\"\",\"\",INDEX(ORÇAMENTO!D:D,MATCH(A83,ORÇAMENTO!A:A,0))),\"\")","v":"SINAPI"}]
[null,null,"Comp.(m)","Largura(m)","Altura(m)","Quant.","Área(m²)","Volume(m³)",{"$nulls":6},{"$f":"IFERROR(IF(L84=\"\",\"\",INDEX(ORÇAMENTO!C:C,MATCH(A84,ORÇAMENTO!A:A,0))),\"\")","v":""},{"$f":"IFERROR(IF(L84=\"\",\"\",INDEX(ORÇAMENTO!D:D,MATCH(A84,ORÇAMENTO!A:A,0))),\"\")","v":""}]
[null,"REGULARIZACAO DE SUPERFICIES EM TERRA (VIA DE ACESSO)",3200,6,null,null,{"$f":"PRODUCT(C85:F85)","v":19200},{"$nulls":7},{"$f":"IFERROR(IF(L85=\"\",\"\",INDEX(ORÇAMENTO!C:C,MATCH(A85,ORÇAMENTO!A:A,0))),\"\")","v":""},{"$f":"IFERROR(IF(L85=\"\",\"\",INDEX(ORÇAMENTO!D:D,MATCH(A85,ORÇAMENTO!A:A,0))),\"\")","v":""}]
[{"$nulls":5},"Total",{"$f":"SUM(G85)","v":19200},{"$nulls":7},{"$f":"IFERROR(IF(L86=\"\",\"\",INDEX(ORÇAMENTO!C:C,MATCH(A86,ORÇAMENTO!A:A,0))),\"\")","v":""},{"$f":"IFERROR(IF(L86=\"\",\"\",INDEX(ORÇAMENTO!D:D,MATCH(A86,ORÇAMENTO!A:A,0))),\"\")","v":""}]
["1.3","PASSAGEM MOLHADA",{"$nulls":12},{"$f":"IFERROR(IF(L87=\"\",\"\",INDEX(ORÇAMENTO!C:C,MATCH(A87,ORÇAMENTO!A:A,0))),\"\")","v":""},{"$f":"IFERROR(IF(L87=\"\",\"\",INDEX(ORÇAMENTO!D:D,MATCH(A87,ORÇAMENTO!A:A,0))),\"\")","v":""}]
["1.3.1","DEMOLIÇÃO DE PEDRA ARGAMASSADA",{"$nulls":9},{"$f":"ROUND(H91,2)","v":4.5},"M3",null,{"$f":"IFERROR(IF(L88=\"\",\"\",INDEX(ORÇAMENTO!C:C,MATCH(A88,ORÇAMENTO!A:A,0))),\"\")","v":1600436},{"$f":"IFERROR(IF(L88=\"\",\"\",INDEX(ORÇAMENTO!D:D,MATCH(A88,ORÇAMENTO!A:A,0))),\"\")","v":"SICRO"}]
["",null,"Comp.(m)","Largura(m)","Altura(m)","Quant.","Área(m²)","Volume(m³)",{"$nulls":6},{"$f":"IFERROR(IF(L89=\"\",\"\",INDEX(ORÇAMENTO!C:C,MATCH(A89,ORÇAMENTO!A:A,0))),\"\")","v":""},{"$f":"IFERROR(IF(L89=\"\",\"\",INDEX(ORÇAMENTO!D:D,MATCH(A89,ORÇAMENTO!A:A,0))),\"\")","v":""}]
[null,"PASSAGEM MOLHADA DANIFICADA",5,3,0.3,null,null,{"$f":"PRODUCT(C90:E90)","v":4.5},{"$nulls":6},{"$f":"IFERROR(IF(L90=\"\",\"\",INDEX(ORÇAMENTO!C:C,MATCH(A90,ORÇAMENTO!A:A,0))),\"\")","v":""},{"$f":"IFERROR(IF(L90=\"\",\"\",INDEX(ORÇAMENTO!D:D,MATCH(A90,ORÇAMENTO!A:A,0))),\"\")","v":""}]
[{"$nulls":6},"Total",{"$f":"SUM(H90)","v":4.5},{"$nulls":6},{"$f":"IFERROR(IF(L91=\"\",\"\",INDEX(ORÇAMENTO!C:C,MATCH(A91,ORÇAMENTO!A:A,0))),\"\")","v":""},{"$f":"IFERROR(IF(L91=\"\",\"\",INDEX(ORÇAMENTO!D:D,MATCH(A91,ORÇAMENTO!A:A,0))),\"\")","v":""}]
["1.3.2","ESCAVAÇÃO, CARGA E TRANSPORTE DE MATERIAL DE 1ª CATEGORIA",{"$nulls":9},{"$f":"ROUND(H95,2)","v":343.65},"M3",null,{"$f":"IFERROR(IF(L92=\"\",\"\",INDEX(ORÇAMENTO!C:C,MATCH(A92,ORÇAMENTO!A:A,0))),\"\")","v":5502109},{"$f":"IFERROR(IF(L92=\"\",\"\",INDEX(ORÇAMENTO!D:D,MATCH(A92,ORÇAMENTO!A:A,0))),\"\")","v":"SICRO"}]
["",null,"Comp.(m)","Largura(m)","Altura(m)","Volume(m³)","Empolamento","Volume(m³)",{"$nulls":6},{"$f":"IFERROR(IF(L93=\"\",\"\",INDEX(ORÇAMENTO!C:C,MATCH(A93,ORÇAMENTO!A:A,0))),\"\")","v":""},{"$f":"IFERROR(IF(L93=\"\",\"\",INDEX(ORÇAMENTO!D:D,MATCH(A93,ORÇAMENTO!A:A,0))),\"\")","v":""}]
[null,"ESCAVAÇÃO, CARGA E TRANSPORTE (CAIXÃO)",null,null,null,274.92,1.25,{"$f":"PRODUCT(C94:G94)","v":343.65000000000003},{"$nulls":6},{"$f":"IFERROR(IF(L94=\"\",\"\",INDEX(ORÇAMENTO!C:C,MATCH(A94,ORÇAMENTO!A:A,0))),\"\")","v":""},{"$f":"IFERROR(IF(L94=\"\",\"\",INDEX(ORÇAMENTO!D:D,MATCH(A94,ORÇAMENTO!A:A,0))),\"\")","v":""}]
[{"$nulls":6},"Total",{"$f":"SUM(H94:H94)","v":343.65000000000003},{"$nulls":6},{"$f":"IFERROR(IF(L95=\"\",\"\",INDEX(ORÇAMENTO!C:C,MATCH(A95,ORÇAMENTO!A:A,0))),\"\")","v":""},{"$f":"IFERROR(IF(L95=\"\",\"\",INDEX(ORÇAMENTO!D:D,MATCH(A95,ORÇAMENTO!A:A,0))),\"\")","v":""}]
["1.3.3","REATERRO COMPACTADO",{"$nulls":9},{"$f":"ROUND(H101,2)","v":21.79},"M3",null,{"$f":"IFERROR(IF(L96=\"\",\"\",INDEX(ORÇAMENTO!C:C,MATCH(A96,ORÇAMENTO!A:A,0))),\"\")","v":815671},{"$f":"IFERROR(IF(L96=\"\",\"\",INDEX(ORÇAMENTO!D:D,MATCH(A96,ORÇAMENTO!A:A,0))),\"\")","v":"SICRO"}]
["",null,"Comp.(m)","Largura(m)","Altura(m)","Quant.","Área(m²)","Volume(m³)",{"$nulls":6},{"$f":"IFERROR(IF(L97=\"\",\"\",INDEX(ORÇAMENTO!C:C,MATCH(A97,ORÇAMENTO!A:A,0))),\"\")","v":""},{"$f":"IFERROR(IF(L97=\"\",\"\",INDEX(ORÇAMENTO!D:D,MATCH(A97,ORÇAMENTO!A:A,0))),\"\")","v":""}]
[null,"PISO (RAMPA ESQUERDA)",{"$f":"4.325-0.3-0.15","v":3.8750000000000004},{"$f":"6-0.3-0.3","v":5.4},0.3,null,null,{"$f":"PRODUCT(C98:E98)","v":6.2775000000000007},{"$nulls":6},{"$f":"IFERROR(IF(L98=\"\",\"\",INDEX(ORÇAMENTO!C:C,MATCH(A98,ORÇAMENTO!A:A,0))),\"\")","v":""},{"$f":"IFERROR(IF(L98=\"\",\"\",INDEX(ORÇAMENTO!D:D,MATCH(A98,ORÇAMENTO!A:A,0))),\"\")","v":""}]
[null,"PISO (CENTRAL)",{"$f":"6-0.15-0.15","v":5.6999999999999993},{"$f":"6-0.3-0.3","v":5.4},0.3,null,null,{"$f":"PRODUCT(C99:E99)","v":9.2339999999999982},{"$nulls":6},{"$f":"IFERROR(IF(L99=\"\",\"\",INDEX(ORÇAMENTO!C:C,MATCH(A99,ORÇAMENTO!A:A,0))),\"\")","v":""},{"$f":"IFERROR(IF(L99=\"\",\"\",INDEX(ORÇAMENTO!D:D,MATCH(A99,ORÇAMENTO!A:A,0))),\"\")","v":""}]
[null,"PISO (RAMPA DIREITA)",{"$f":"4.325-0.3-0.15","v":3.8750000000000004},5.4,0.3,null,null,{"$f":"PRODUCT(C100:E100)","v":6.2775000000000007},{"$nulls":6},{"$f":"IFERROR(IF(L100=\"\",\"\",INDEX(ORÇAMENTO!C:C,MATCH(A100,ORÇAMENTO!A:A,0))),\"\")","v":""},{"$f":"IFERROR(IF(L100=\"\",\"\",INDEX(ORÇAMENTO!D:D,MATCH(A100,ORÇAMENTO!A:A,0))),\"\")","v":""}]
[{"$nulls":6},"Total",{"$f":"SUM(H98:H100)","v":21.788999999999998},{"$nulls":6},{"$f":"IFERROR(IF(L101=\"\",\"\",INDEX(ORÇAMENTO!C:C,MATCH(A101,ORÇAMENTO!A:A,0))),\"\")","v":""},{"$f":"IFERROR(IF(L101=\"\",\"\",INDEX(ORÇAMENTO!D:D,MATCH(A101,ORÇAMENTO!A:A,0))),\"\")","v":""}]
["1.3.4","PEDRA ARGAMASSADA",{"$nulls":9},{"$f":"ROUND(H109,2)","v":30.95},"M3",null,{"$f":"IFERROR(IF(L102=\"\",\"\",INDEX(ORÇAMENTO!C:C,MATCH(A102,ORÇAMENTO!A:A,0))),\"\")","v":1506055},{"$f":"IFERROR(IF(L102=\"\",\"\",INDEX(ORÇAMENTO!D:D,MATCH(A102,ORÇAMENTO!A:A,0))),\"\")","v":"SICRO"}]
["",null,"Comp.(m)","Largura(m)","Altura(m)","Quant.","Área(m²)","Volume(m³)",{"$nulls":6},{"$f":"IFERROR(IF(L103=\"\",\"\",INDEX(ORÇAMENTO!C:C,MATCH(A103,ORÇAMENTO!A:A,0))),\"\")","v":""},{"$f":"IFERROR(IF(L103=\"\",\"\",INDEX(ORÇAMENTO!D:D,MATCH(A103,ORÇAMENTO!A:A,0))),\"\")","v":""}]
[null,"BALDRAME LOGITUDINAL",{"$f":"4.325+6+4.325","v":14.649999999999999},0.3,0.3,2,null,{"$f":"PRODUCT(C104:F104)","v":2.6369999999999996},{"$nulls":6},{"$f":"IFERROR(IF(L104=\"\",\"\",INDEX(ORÇAMENTO!C:C,MATCH(A104,ORÇAMENTO!A:A,0))),\"\")","v":""},{"$f":"IFERROR(IF(L104=\"\",\"\",INDEX(ORÇAMENTO!D:D,MATCH(A104,ORÇAMENTO!A:A,0))),\"\")","v":""}]
[null,"BALDRAME TRANSVERSAL",{"$f":"6-0.3-0.3","v":5.4},0.3,0.3,4,null,{"$f":"PRODUCT(C105:F105)","v":1.944},{"$nulls":6},{"$f":"IFERROR(IF(L105=\"\",\"\",INDEX(ORÇAMENTO!C:C,MATCH(A105,ORÇAMENTO!A:A,0))),\"\")","v":""},{"$f":"IFERROR(IF(L105=\"\",\"\",INDEX(ORÇAMENTO!D:D,MATCH(A105,ORÇAMENTO!A:A,0))),\"\")","v":""}]
[null,"PISO (RAMPA ESQUERDA)",{"$f":"4.325","v":4.3250000000000002},6,0.3,1,null,{"$f":"PRODUCT(C106:F106)","v":7.7850000000000001},{"$nulls":6},{"$f":"IFERROR(IF(L106=\"\",\"\",INDEX(ORÇAMENTO!C:C,MATCH(A106,ORÇAMENTO!A:A,0))),\"\")","v":""},{"$f":"IFERROR(IF(L106=\"\",\"\",INDEX(ORÇAMENTO!D:D,MATCH(A106,ORÇAMENTO!A:A,0))),\"\")","v":""}]
[null,"PISO (CENTRAL)",6,6,0.3,1,null,10.799999999999999,{"$nulls":6},{"$f":"IFERROR(IF(L107=\"\",\"\",INDEX(ORÇAMENTO!C:C,MATCH(A107,ORÇAMENTO!A:A,0))),\"\")","v":""},{"$f":"IFERROR(IF(L107=\"\",\"\",INDEX(ORÇAMENTO!D:D,MATCH(A107,ORÇAMENTO!A:A,0))),\"\")","v":""}]
[null,"PISO (RAMPA DIREITA)",{"$f":"4.325","v":4.3250000000000002},6,0.3,1,null,{"$f":"PRODUCT(C108:F108)","v":7.7850000000000001},{"$nulls":6},{"$f":"IFERROR(IF(L108=\"\",\"\",INDEX(ORÇAMENTO!C:C,MATCH(A108,ORÇAMENTO!A:A,0))),\"\")","v":""},{"$f":"IFERROR(IF(L108=\"\",\"\",INDEX(ORÇAMENTO!D:D,MATCH(A108,ORÇAMENTO!A:A,0))),\"\")","v":""}]
[{"$nulls":6},"Total",{"$f":"SUM(H104:H108)","v":30.950999999999997},{"$nulls":6},{"$f":"IFERROR(IF(L109=\"\",\"\",INDEX(ORÇAMENTO!C:C,MATCH(A109,ORÇAMENTO!A:A,0))),\"\")","v":""},{"$f":"IFERROR(IF(L109=\"\",\"\",INDEX(ORÇAMENTO!D:D,MATCH(A109,ORÇAMENTO!A:A,0))),\"\")","v":""}]
["1.3.5","PLACA DE SINALIZAÇÃO",{"$nulls":9},{"$f":"ROUND(F113,2)","v":4},"UND",null,{"$f":"IFERROR(IF(L110=\"\",\"\",INDEX(ORÇAMENTO!C:C,MATCH(A110,ORÇAMENTO!A:A,0))),\"\")","v":5213464},{"$f":"IFERROR(IF(L110=\"\",\"\",INDEX(ORÇAMENTO!D:D,MATCH(A110,ORÇAMENTO!A:A,0))),\"\")","v":"SICRO"}]
["",null,"Comp.(m)","Largura(m)","Altura(m)","Quant.","Área(m²)","Volume(m³)",{"$nulls":6},{"$f":"IFERROR(IF(L111=\"\",\"\",INDEX(ORÇAMENTO!C:C,MATCH(A111,ORÇAMENTO!A:A,0))),\"\")","v":""},{"$f":"IFERROR(IF(L111=\"\",\"\",INDEX(ORÇAMENTO!D:D,MATCH(A111,ORÇAMENTO!A:A,0))),\"\")","v":""}]
[null,"PLACA DE ADVERTENCIA (SINALIZAÇÃO)",null,null,null,4,{"$nulls":8},{"$f":"IFERROR(IF(L112=\"\",\"\",INDEX(ORÇAMENTO!C:C,MATCH(A112,ORÇAMENTO!A:A,0))),\"\")","v":""},{"$f":"IFERROR(IF(L112=\"\",\"\",INDEX(ORÇAMENTO!D:D,MATCH(A112,ORÇAMENTO!A:A,0))),\"\")","v":""}]
[{"$nulls":4},"Total",{"$f":"SUM(F112)","v":4},{"$nulls":8},{"$f":"IFERROR(IF(L113=\"\",\"\",INDEX(ORÇAMENTO!C:C,MATCH(A113,ORÇAMENTO!A:A,0))),\"\")","v":""},{"$f":"IFERROR(IF(L113=\"\",\"\",INDEX(ORÇAMENTO!D:D,MATCH(A113,ORÇAMENTO!A:A,0))),\"\")","v":""}]
["1.3.6","SUPORTE PARA PLACA DE SINALIZAÇÃO ",{"$nulls":9},{"$f":"ROUND(F117,2)","v":4},"UND",null,{"$f":"IFERROR(IF(L114=\"\",\"\",INDEX(ORÇAMENTO!C:C,MATCH(A114,ORÇAMENTO!A:A,0))),\"\")","v":5216111},{"$f":"IFERROR(IF(L114=\"\",\"\",INDEX(ORÇAMENTO!D:D,MATCH(A114,ORÇAMENTO!A:A,0))),\"\")","v":"SICRO"}]
["",null,"Comp.(m)","Largura(m)","Altura(m)","Quant.","Área(m²)","Volume(m³)",{"$nulls":6},{"$f":"IFERROR(IF(L115=\"\",\"\",INDEX(ORÇAMENTO!C:C,MATCH(A115,ORÇAMENTO!A:A,0))),\"\")","v":""},{"$f":"IFERROR(IF(L115=\"\",\"\",INDEX(ORÇAMENTO!D:D,MATCH(A115,ORÇAMENTO!A:A,0))),\"\")","v":""}]
[null,"SUPORTE PARA PLACA DE ADVERTENCIA (SINALIZAÇÃO)",{"$f":"10+10+10","v":30},0.3,null,4,{"$nulls":8},{"$f":"IFERROR(IF(L116=\"\",\"\",INDEX(ORÇAMENTO!C:C,MATCH(A116,ORÇAMENTO!A:A,0))),\"\")","v":""},{"$f":"IFERROR(IF(L116=\"\",\"\",INDEX(ORÇAMENTO!D:D,MATCH(A116,ORÇAMENTO!A:A,0))),\"\")","v":""}]
[{"$nulls":4},"Total",{"$f":"SUM(F116)","v":4},{"$nulls":8},{"$f":"IFERROR(IF(L117=\"\",\"\",INDEX(ORÇAMENTO!C:C,MATCH(A117,ORÇAMENTO!A:A,0))),\"\")","v":""},{"$f":"IFERROR(IF(L117=\"\",\"\",INDEX(ORÇAMENTO!D:D,MATCH(A117,ORÇAMENTO!A:A,0))),\"\")","v":""}]
["1.4","PLANTIO DE MACAMBIRAS E CANALETAS - ÁREA EXTERNA DA SUBESTAÇÃO",{"$nulls":12},{"$f":"IFERROR(IF(L118=\"\",\"\",INDEX(ORÇAMENTO!C:C,MATCH(A118,ORÇAMENTO!A:A,0))),\"\")","v":""},{"$f":"IFERROR(IF(L118=\"\",\"\",INDEX(ORÇAMENTO!D:D,MATCH(A118,ORÇAMENTO!A:A,0))),\"\")","v":""}]
["1.4.1","PLANTIO DE MACAMBIRA EM TALUDE",{"$nulls":9},{"$f":"ROUND(J137,2)","v":1114},"UND",null,{"$f":"IFERROR(IF(L119=\"\",\"\",INDEX(ORÇAMENTO!C:C,MATCH(A119,ORÇAMENTO!A:A,0))),\"\")","v":4413990},{"$f":"IFERROR(IF(L119=\"\",\"\",INDEX(ORÇAMENTO!D:D,MATCH(A119,ORÇAMENTO!A:A,0))),\"\")","v":"SICRO"}]
[null,null,"Seção","Ponto","Cota terreno natural","Cota terrapleno","Diferença de cota","Corte/Aterro","Extensão (m)","Área de corte (m²)","Área de aterro (m²)",null,null,null,{"$f":"IFERROR(IF(L120=\"\",\"\",INDEX(ORÇAMENTO!C:C,MATCH(A120,ORÇAMENTO!A:A,0))),\"\")","v":""},{"$f":"IFERROR(IF(L120=\"\",\"\",INDEX(ORÇAMENTO!D:D,MATCH(A120,ORÇAMENTO!A:A,0))),\"\")","v":""}]
[{"$nulls":14},{"$f":"IFERROR(IF(L121=\"\",\"\",INDEX(ORÇAMENTO!C:C,MATCH(A121,ORÇAMENTO!A:A,0))),\"\")","v":""},{"$f":"IFERROR(IF(L121=\"\",\"\",INDEX(ORÇAMENTO!D:D,MATCH(A121,ORÇAMENTO!A:A,0))),\"\")","v":""}]
[null,"TERRAPLENAGEM\n\nPROJETOS DE REFERÊNCIA:\n1635-DEP-2812-04-24-001-R03; \n1635-DEP-2812-04-35-001-R02. ","S1","P1",344.5,343.5,{"$f":"E122-F122","v":1},{"$f":"IF(G122<0,\"ATERRO\",\"CORTE\")","v":"CORTE"},22,{"$f":"IF(G122>0,G122*I122/2,\"\")","v":11},{"$f":"IF(G122<0,G122*I122/2,\"\")","v":""},null,null,null,{"$f":"IFERROR(IF(L122=\"\",\"\",INDEX(ORÇAMENTO!C:C,MATCH(A122,ORÇAMENTO!A:A,0))),\"\")","v":""},{"$f":"IFERROR(IF(L122=\"\",\"\",INDEX(ORÇAMENTO!D:D,MATCH(A122,ORÇAMENTO!A:A,0))),\"\")","v":""}]
[null,null,null,"P3",341.6,343.5,{"$f":"E123-F123","v":-1.8999999999999773},{"$f":"IF(G123<0,\"ATERRO\",\"CORTE\")","v":"ATERRO"},{"$f":"131.5-I122","v":109.5},{"$f":"IF(G123>0,G123*I123/2,\"\")","v":""},{"$f":"IF(G123<0,G123*I123/2,\"\")","v":-104.02499999999876},null,null,null,{"$f":"IFERROR(IF(L123=\"\",\"\",INDEX(ORÇAMENTO!C:C,MATCH(A123,ORÇAMENTO!A:A,0))),\"\")","v":""},{"$f":"IFERROR(IF(L123=\"\",\"\",INDEX(ORÇAMENTO!D:D,MATCH(A123,ORÇAMENTO!A:A,0))),\"\")","v":""}]
[null,null,"S2","P4",345.5,343.5,{"$f":"E124-F124","v":2},{"$f":"IF(G124<0,\"ATERRO\",\"CORTE\")","v":"CORTE"},60,{"$f":"IF(G124>0,G124*I124/2,\"\")","v":60},{"$f":"IF(G124<0,G124*I124/2,\"\")","v":""},null,null,null,{"$f":"IFERROR(IF(L124=\"\",\"\",INDEX(ORÇAMENTO!C:C,MATCH(A124,ORÇAMENTO!A:A,0))),\"\")","v":""},{"$f":"IFERROR(IF(L124=\"\",\"\",INDEX(ORÇAMENTO!D:D,MATCH(A124,ORÇAMENTO!A:A,0))),\"\")","v":""}]
[null,null,null,"P6",342.2,343.5,{"$f":"E125-F125","v":-1.3000000000000114},{"$f":"IF(G125<0,\"ATERRO\",\"CORTE\")","v":"ATERRO"},{"$f":"131.5-I124","v":71.5},{"$f":"IF(G125>0,G125*I125/2,\"\")","v":""},{"$f":"IF(G125<0,G125*I125/2,\"\")","v":-46.475000000000406},null,null,null,{"$f":"IFERROR(IF(L125=\"\",\"\",INDEX(ORÇAMENTO!C:C,MATCH(A125,ORÇAMENTO!A:A,0))),\"\")","v":""},{"$f":"IFERROR(IF(L125=\"\",\"\",INDEX(ORÇAMENTO!D:D,MATCH(A125,ORÇAMENTO!A:A,0))),\"\")","v":""}]
[{"$nulls":14},{"$f":"IFERROR(IF(L126=\"\",\"\",INDEX(ORÇAMENTO!C:C,MATCH(A126,ORÇAMENTO!A:A,0))),\"\")","v":""},{"$f":"IFERROR(IF(L126=\"\",\"\",INDEX(ORÇAMENTO!D:D,MATCH(A126,ORÇAMENTO!A:A,0))),\"\")","v":""}]
[null,null,"TS1","P1",344.5,343.5,{"$f":"E127-F127","v":1},{"$f":"IF(G127<0,\"ATERRO\",\"CORTE\")","v":"CORTE"},84,{"$f":"IF(G127>0,I127*(G127+G128)/2,\"\")","v":126},{"$f":"IF(G127<0,I127*(G127+G128)/2,\"\")","v":""},null,null,null,{"$f":"IFERROR(IF(L127=\"\",\"\",INDEX(ORÇAMENTO!C:C,MATCH(A127,ORÇAMENTO!A:A,0))),\"\")","v":""},{"$f":"IFERROR(IF(L127=\"\",\"\",INDEX(ORÇAMENTO!D:D,MATCH(A127,ORÇAMENTO!A:A,0))),\"\")","v":""}]
[null,null,null,"P4",345.5,343.5,{"$f":"E128-F128","v":2},{"$f":"IF(G128<0,\"ATERRO\",\"CORTE\")","v":"CORTE"},{"$nulls":6},{"$f":"IFERROR(IF(L128=\"\",\"\",INDEX(ORÇAMENTO!C:C,MATCH(A128,ORÇAMENTO!A:A,0))),\"\")","v":""},{"$f":"IFERROR(IF(L128=\"\",\"\",INDEX(ORÇAMENTO!D:D,MATCH(A128,ORÇAMENTO!A:A,0))),\"\")","v":""}]
[null,null,"TS2","P3",341.6,343.5,{"$f":"E129-F129","v":-1.8999999999999773},{"$f":"IF(G129<0,\"ATERRO\",\"CORTE\")","v":"ATERRO"},84,{"$f":"IF(G129>0,I129*(G129+G130)/2,\"\")","v":""},{"$f":"IF(G129<0,I129*(G129+G130)/2,\"\")","v":-134.39999999999952},null,null,null,{"$f":"IFERROR(IF(L129=\"\",\"\",INDEX(ORÇAMENTO!C:C,MATCH(A129,ORÇAMENTO!A:A,0))),\"\")","v":""},{"$f":"IFERROR(IF(L129=\"\",\"\",INDEX(ORÇAMENTO!D:D,MATCH(A129,ORÇAMENTO!A:A,0))),\"\")","v":""}]
[null,null,null,"P6",342.2,343.5,{"$f":"E130-F130","v":-1.3000000000000114},{"$f":"IF(G130<0,\"ATERRO\",\"CORTE\")","v":"ATERRO"},{"$nulls":6},{"$f":"IFERROR(IF(L130=\"\",\"\",INDEX(ORÇAMENTO!C:C,MATCH(A130,ORÇAMENTO!A:A,0))),\"\")","v":""},{"$f":"IFERROR(IF(L130=\"\",\"\",INDEX(ORÇAMENTO!D:D,MATCH(A130,ORÇAMENTO!A:A,0))),\"\")","v":""}]
[{"$nulls":14},{"$f":"IFERROR(IF(L131=\"\",\"\",INDEX(ORÇAMENTO!C:C,MATCH(A131,ORÇAMENTO!A:A,0))),\"\")","v":""},{"$f":"IFERROR(IF(L131=\"\",\"\",INDEX(ORÇAMENTO!D:D,MATCH(A131,ORÇAMENTO!A:A,0))),\"\")","v":""}]
[{"$nulls":8},"             Área",{"$f":"SUM(J122:J130)","v":197},{"$f":"SUM(K122:K131)","v":-284.89999999999867},null,null,null,{"$f":"IFERROR(IF(L132=\"\",\"\",INDEX(ORÇAMENTO!C:C,MATCH(A132,ORÇAMENTO!A:A,0))),\"\")","v":""},{"$f":"IFERROR(IF(L132=\"\",\"\",INDEX(ORÇAMENTO!D:D,MATCH(A132,ORÇAMENTO!A:A,0))),\"\")","v":""}]
[{"$nulls":8},"Extensão talude",{"$f":"SQRT(1^2+1^2)","v":1.4142135623730951},{"$f":"SQRT(1.5^2+1^2)","v":1.8027756377319946},null,null,null,{"$f":"IFERROR(IF(L133=\"\",\"\",INDEX(ORÇAMENTO!C:C,MATCH(A133,ORÇAMENTO!A:A,0))),\"\")","v":""},{"$f":"IFERROR(IF(L133=\"\",\"\",INDEX(ORÇAMENTO!D:D,MATCH(A133,ORÇAMENTO!A:A,0))),\"\")","v":""}]
[{"$nulls":8},"Área talude",{"$f":"J132*J133","v":278.60007178749976},{"$f":"K132*K133","v":-513.6107791898429},null,null,null,{"$f":"IFERROR(IF(L134=\"\",\"\",INDEX(ORÇAMENTO!C:C,MATCH(A134,ORÇAMENTO!A:A,0))),\"\")","v":""},{"$f":"IFERROR(IF(L134=\"\",\"\",INDEX(ORÇAMENTO!D:D,MATCH(A134,ORÇAMENTO!A:A,0))),\"\")","v":""}]
[{"$nulls":8},"             Área total de plantio",{"$f":"J134","v":278.60007178749976},{"$nulls":4},{"$f":"IFERROR(IF(L135=\"\",\"\",INDEX(ORÇAMENTO!C:C,MATCH(A135,ORÇAMENTO!A:A,0))),\"\")","v":""},{"$f":"IFERROR(IF(L135=\"\",\"\",INDEX(ORÇAMENTO!D:D,MATCH(A135,ORÇAMENTO!A:A,0))),\"\")","v":""}]
[{"$nulls":7},"TAXA DE APLICAÇÃO (UND/M2)",4,{"$f":"ROUND(I136*J135,0)","v":1114},{"$nulls":4},{"$f":"IFERROR(IF(L136=\"\",\"\",INDEX(ORÇAMENTO!C:C,MATCH(A136,ORÇAMENTO!A:A,0))),\"\")","v":""},{"$f":"IFERROR(IF(L136=\"\",\"\",INDEX(ORÇAMENTO!D:D,MATCH(A136,ORÇAMENTO!A:A,0))),\"\")","v":""}]
[{"$nulls":8},"Total",{"$f":"J136","v":1114},{"$nulls":4},{"$f":"IFERROR(IF(L137=\"\",\"\",INDEX(ORÇAMENTO!C:C,MATCH(A137,ORÇAMENTO!A:A,0))),\"\")","v":""},{"$f":"IFERROR(IF(L137=\"\",\"\",INDEX(ORÇAMENTO!D:D,MATCH(A137,ORÇAMENTO!A:A,0))),\"\")","v":""}]
["1.4.2","CANALETA DE CRISTA DE TALUDE (ESCAVAÇÃO)",{"$nulls":9},{"$f":"ROUND(H141,2)","v":20.75},"M3",null,{"$f":"IFERROR(IF(L138=\"\",\"\",INDEX(ORÇAMENTO!C:C,MATCH(A138,ORÇAMENTO!A:A,0))),\"\")","v":4805749},{"$f":"IFERROR(IF(L138=\"\",\"\",INDEX(ORÇAMENTO!D:D,MATCH(A138,ORÇAMENTO!A:A,0))),\"\")","v":"SICRO"}]
[null,null,"Comp.(m)","Largura(m)","Altura(m)","Quant.","Área(m²)","Volume(m³)",{"$nulls":6},{"$f":"IFERROR(IF(L139=\"\",\"\",INDEX(ORÇAMENTO!C:C,MATCH(A139,ORÇAMENTO!A:A,0))),\"\")","v":""},{"$f":"IFERROR(IF(L139=\"\",\"\",INDEX(ORÇAMENTO!D:D,MATCH(A139,ORÇAMENTO!A:A,0))),\"\")","v":""}]
[null,"ESCAVAÇÃO MANUAL DE VALA",{"$f":"$I$122+$I$124+$I$127","v":166},{"$f":"0.3+0.1+0.1","v":0.5},{"$f":"0.15+0.05+0.05","v":0.25},null,null,{"$f":"PRODUCT(C140:F140)","v":20.75},{"$nulls":6},{"$f":"IFERROR(IF(L140=\"\",\"\",INDEX(ORÇAMENTO!C:C,MATCH(A140,ORÇAMENTO!A:A,0))),\"\")","v":""},{"$f":"IFERROR(IF(L140=\"\",\"\",INDEX(ORÇAMENTO!D:D,MATCH(A140,ORÇAMENTO!A:A,0))),\"\")","v":""}]
[{"$nulls":6},"Total",{"$f":"SUM(H140)","v":20.75},{"$nulls":6},{"$f":"IFERROR(IF(L141=\"\",\"\",INDEX(ORÇAMENTO!C:C,MATCH(A141,ORÇAMENTO!A:A,0))),\"\")","v":""},{"$f":"IFERROR(IF(L141=\"\",\"\",INDEX(ORÇAMENTO!D:D,MATCH(A141,ORÇAMENTO!A:A,0))),\"\")","v":""}]
["1.4.3","CANALETA DE CRISTA DE TALUDE (ASSENTAMENTO)",{"$nulls":9},{"$f":"ROUND(F145,2)","v":166},"M",null,{"$f":"IFERROR(IF(L142=\"\",\"\",INDEX(ORÇAMENTO!C:C,MATCH(A142,ORÇAMENTO!A:A,0))),\"\")","v":2003799},{"$f":"IFERROR(IF(L142=\"\",\"\",INDEX(ORÇAMENTO!D:D,MATCH(A142,ORÇAMENTO!A:A,0))),\"\")","v":"SICRO"}]
[null,null,"Comp.(m)","Largura(m)","Altura(m)","Extensão (m)","Área(m²)","Volume(m³)",{"$nulls":6},{"$f":"IFERROR(IF(L143=\"\",\"\",INDEX(ORÇAMENTO!C:C,MATCH(A143,ORÇAMENTO!A:A,0))),\"\")","v":""},{"$f":"IFERROR(IF(L143=\"\",\"\",INDEX(ORÇAMENTO!D:D,MATCH(A143,ORÇAMENTO!A:A,0))),\"\")","v":""}]
[null,"CANALETA MEIA-CANA D=30 CM",null,null,null,{"$f":"$I$122+$I$124+$I$127","v":166},{"$nulls":8},{"$f":"IFERROR(IF(L144=\"\",\"\",INDEX(ORÇAMENTO!C:C,MATCH(A144,ORÇAMENTO!A:A,0))),\"\")","v":""},{"$f":"IFERROR(IF(L144=\"\",\"\",INDEX(ORÇAMENTO!D:D,MATCH(A144,ORÇAMENTO!A:A,0))),\"\")","v":""}]
[{"$nulls":4},"Total",{"$f":"SUM(F144)","v":166},{"$nulls":8},{"$f":"IFERROR(IF(L145=\"\",\"\",INDEX(ORÇAMENTO!C:C,MATCH(A145,ORÇAMENTO!A:A,0))),\"\")","v":""},{"$f":"IFERROR(IF(L145=\"\",\"\",INDEX(ORÇAMENTO!D:D,MATCH(A145,ORÇAMENTO!A:A,0))),\"\")","v":""}]
["1.5","BRITAGEM DO PÁTIO",{"$nulls":12},{"$f":"IFERROR(IF(L146=\"\",\"\",INDEX(ORÇAMENTO!C:C,MATCH(A146,ORÇAMENTO!A:A,0))),\"\")","v":""},{"$f":"IFERROR(IF(L146=\"\",\"\",INDEX(ORÇAMENTO!D:D,MATCH(A146,ORÇAMENTO!A:A,0))),\"\")","v":""}]
["1.5.1","BRITAGEM DO PÁTIO - CAMADA DE BRITA Nº 2 COM ESPESSURA DE 10 CM",{"$nulls":9},{"$f":"ROUND(H191,2)","v":693.57},"M3","1635-DEP-2812-20-26-001-R02",{"$f":"IFERROR(IF(L147=\"\",\"\",INDEX(ORÇAMENTO!C:C,MATCH(A147,ORÇAMENTO!A:A,0))),\"\")","v":2003850},{"$f":"IFERROR(IF(L147=\"\",\"\",INDEX(ORÇAMENTO!D:D,MATCH(A147,ORÇAMENTO!A:A,0))),\"\")","v":"SICRO"}]
[null,null,"Comp.(m)","Largura(m)","Altura(m)","Quant.","Área(m²)","Volume(m³)",{"$nulls":6},{"$f":"IFERROR(IF(L148=\"\",\"\",INDEX(ORÇAMENTO!C:C,MATCH(A148,ORÇAMENTO!A:A,0))),\"\")","v":""},{"$f":"IFERROR(IF(L148=\"\",\"\",INDEX(ORÇAMENTO!D:D,MATCH(A148,ORÇAMENTO!A:A,0))),\"\")","v":""}]
[null,"1.5.1 - SUBESTAÇÃO",{"$f":"131.5-1-1","v":129.5},{"$f":"84-1-1","v":82},null,1,{"$f":"PRODUCT(C149:F149)","v":10619},{"$nulls":7},{"$f":"IFERROR(IF(L149=\"\",\"\",INDEX(ORÇAMENTO!C:C,MATCH(A149,ORÇAMENTO!A:A,0))),\"\")","v":""},{"$f":"IFERROR(IF(L149=\"\",\"\",INDEX(ORÇAMENTO!D:D,MATCH(A149,ORÇAMENTO!A:A,0))),\"\")","v":""}]
[null,"1.5.2 - CABANAS (EDIFICAÇÕES)",{"$nulls":12},{"$f":"IFERROR(IF(L150=\"\",\"\",INDEX(ORÇAMENTO!C:C,MATCH(A150,ORÇAMENTO!A:A,0))),\"\")","v":""},{"$f":"IFERROR(IF(L150=\"\",\"\",INDEX(ORÇAMENTO!D:D,MATCH(A150,ORÇAMENTO!A:A,0))),\"\")","v":""}]
[null,"GUARITA",6.8,6.15,null,-1,{"$f":"PRODUCT(C151:F151)","v":-41.82},{"$nulls":7},{"$f":"IFERROR(IF(L151=\"\",\"\",INDEX(ORÇAMENTO!C:C,MATCH(A151,ORÇAMENTO!A:A,0))),\"\")","v":""},{"$f":"IFERROR(IF(L151=\"\",\"\",INDEX(ORÇAMENTO!D:D,MATCH(A151,ORÇAMENTO!A:A,0))),\"\")","v":""}]
[null,"CMG",8.3000000000000007,8.1999999999999993,null,-1,-68.06,{"$nulls":7},{"$f":"IFERROR(IF(L152=\"\",\"\",INDEX(ORÇAMENTO!C:C,MATCH(A152,ORÇAMENTO!A:A,0))),\"\")","v":""},{"$f":"IFERROR(IF(L152=\"\",\"\",INDEX(ORÇAMENTO!D:D,MATCH(A152,ORÇAMENTO!A:A,0))),\"\")","v":""}]
[null,"CASA DE COMANDO",28.3,10.5,null,-1,-297.15000000000003,{"$nulls":7},{"$f":"IFERROR(IF(L153=\"\",\"\",INDEX(ORÇAMENTO!C:C,MATCH(A153,ORÇAMENTO!A:A,0))),\"\")","v":""},{"$f":"IFERROR(IF(L153=\"\",\"\",INDEX(ORÇAMENTO!D:D,MATCH(A153,ORÇAMENTO!A:A,0))),\"\")","v":""}]
[null,"CASA DE APOIO A MANUTENÇÃO",16,9.5,null,-1,-152,{"$nulls":7},{"$f":"IFERROR(IF(L154=\"\",\"\",INDEX(ORÇAMENTO!C:C,MATCH(A154,ORÇAMENTO!A:A,0))),\"\")","v":""},{"$f":"IFERROR(IF(L154=\"\",\"\",INDEX(ORÇAMENTO!D:D,MATCH(A154,ORÇAMENTO!A:A,0))),\"\")","v":""}]
[null,"1.5.3 - BASES",{"$nulls":12},{"$f":"IFERROR(IF(L155=\"\",\"\",INDEX(ORÇAMENTO!C:C,MATCH(A155,ORÇAMENTO!A:A,0))),\"\")","v":""},{"$f":"IFERROR(IF(L155=\"\",\"\",INDEX(ORÇAMENTO!D:D,MATCH(A155,ORÇAMENTO!A:A,0))),\"\")","v":""}]
[null,"BASE B1 - EQUIPAMENTOS",0.8,0.8,null,{"$f":"-(3*49+2)","v":-149},-95.360000000000014,{"$nulls":7},{"$f":"IFERROR(IF(L156=\"\",\"\",INDEX(ORÇAMENTO!C:C,MATCH(A156,ORÇAMENTO!A:A,0))),\"\")","v":""},{"$f":"IFERROR(IF(L156=\"\",\"\",INDEX(ORÇAMENTO!D:D,MATCH(A156,ORÇAMENTO!A:A,0))),\"\")","v":""}]
[null,"BASE B2 - DISJUNTOR",0.8,0.8,null,{"$f":"-(3*5)","v":-15},-9.6000000000000014,{"$nulls":7},{"$f":"IFERROR(IF(L157=\"\",\"\",INDEX(ORÇAMENTO!C:C,MATCH(A157,ORÇAMENTO!A:A,0))),\"\")","v":""},{"$f":"IFERROR(IF(L157=\"\",\"\",INDEX(ORÇAMENTO!D:D,MATCH(A157,ORÇAMENTO!A:A,0))),\"\")","v":""}]
[null,"BASE B2 - DISJUNTOR",2,0.5,null,{"$f":"-((3*5)*2)","v":-30},-30,{"$nulls":7},{"$f":"IFERROR(IF(L158=\"\",\"\",INDEX(ORÇAMENTO!C:C,MATCH(A158,ORÇAMENTO!A:A,0))),\"\")","v":""},{"$f":"IFERROR(IF(L158=\"\",\"\",INDEX(ORÇAMENTO!D:D,MATCH(A158,ORÇAMENTO!A:A,0))),\"\")","v":""}]
[null,"BASE B2 - DISJUNTOR",1.4,0.5,null,{"$f":"-(3*5)","v":-15},-10.5,{"$nulls":7},{"$f":"IFERROR(IF(L159=\"\",\"\",INDEX(ORÇAMENTO!C:C,MATCH(A159,ORÇAMENTO!A:A,0))),\"\")","v":""},{"$f":"IFERROR(IF(L159=\"\",\"\",INDEX(ORÇAMENTO!D:D,MATCH(A159,ORÇAMENTO!A:A,0))),\"\")","v":""}]
[null,"BASE B3 - BARRAMENTO",0.8,0.8,null,{"$f":"-(8*4)","v":-32},-20.480000000000004,{"$nulls":7},{"$f":"IFERROR(IF(L160=\"\",\"\",INDEX(ORÇAMENTO!C:C,MATCH(A160,ORÇAMENTO!A:A,0))),\"\")","v":""},{"$f":"IFERROR(IF(L160=\"\",\"\",INDEX(ORÇAMENTO!D:D,MATCH(A160,ORÇAMENTO!A:A,0))),\"\")","v":""}]
[null,"BASE B4 - BARRAMENTO",0.8,0.8,null,{"$f":"-(10*4)","v":-40},-25.600000000000005,{"$nulls":7},{"$f":"IFERROR(IF(L161=\"\",\"\",INDEX(ORÇAMENTO!C:C,MATCH(A161,ORÇAMENTO!A:A,0))),\"\")","v":""},{"$f":"IFERROR(IF(L161=\"\",\"\",INDEX(ORÇAMENTO!D:D,MATCH(A161,ORÇAMENTO!A:A,0))),\"\")","v":""}]
[null,"BASE B5 - BARRAMENTO",0.6,0.6,null,{"$f":"-(1*4)","v":-4},-1.44,{"$nulls":7},{"$f":"IFERROR(IF(L162=\"\",\"\",INDEX(ORÇAMENTO!C:C,MATCH(A162,ORÇAMENTO!A:A,0))),\"\")","v":""},{"$f":"IFERROR(IF(L162=\"\",\"\",INDEX(ORÇAMENTO!D:D,MATCH(A162,ORÇAMENTO!A:A,0))),\"\")","v":""}]
[null,"1.5.4 - CANALETAS",{"$nulls":12},{"$f":"IFERROR(IF(L163=\"\",\"\",INDEX(ORÇAMENTO!C:C,MATCH(A163,ORÇAMENTO!A:A,0))),\"\")","v":""},{"$f":"IFERROR(IF(L163=\"\",\"\",INDEX(ORÇAMENTO!D:D,MATCH(A163,ORÇAMENTO!A:A,0))),\"\")","v":""}]
[null,"CANALETA - CAN A",39.5,1.1000000000000001,null,-1,-43.45,{"$nulls":7},{"$f":"IFERROR(IF(L164=\"\",\"\",INDEX(ORÇAMENTO!C:C,MATCH(A164,ORÇAMENTO!A:A,0))),\"\")","v":""},{"$f":"IFERROR(IF(L164=\"\",\"\",INDEX(ORÇAMENTO!D:D,MATCH(A164,ORÇAMENTO!A:A,0))),\"\")","v":""}]
[null,"CANALETA - CAN A",31,1.1000000000000001,null,-1,-34.1,{"$nulls":7},{"$f":"IFERROR(IF(L165=\"\",\"\",INDEX(ORÇAMENTO!C:C,MATCH(A165,ORÇAMENTO!A:A,0))),\"\")","v":""},{"$f":"IFERROR(IF(L165=\"\",\"\",INDEX(ORÇAMENTO!D:D,MATCH(A165,ORÇAMENTO!A:A,0))),\"\")","v":""}]
[null,"CANALETA - CAN A",{"$f":"44.2-6","v":38.200000000000003},1.1000000000000001,null,-1,-42.02,{"$nulls":7},{"$f":"IFERROR(IF(L166=\"\",\"\",INDEX(ORÇAMENTO!C:C,MATCH(A166,ORÇAMENTO!A:A,0))),\"\")","v":""},{"$f":"IFERROR(IF(L166=\"\",\"\",INDEX(ORÇAMENTO!D:D,MATCH(A166,ORÇAMENTO!A:A,0))),\"\")","v":""}]
[null,"CANALETA - CAN B",{"$f":"31.5-6","v":25.5},0.8,null,-1,-20.400000000000002,{"$nulls":7},{"$f":"IFERROR(IF(L167=\"\",\"\",INDEX(ORÇAMENTO!C:C,MATCH(A167,ORÇAMENTO!A:A,0))),\"\")","v":""},{"$f":"IFERROR(IF(L167=\"\",\"\",INDEX(ORÇAMENTO!D:D,MATCH(A167,ORÇAMENTO!A:A,0))),\"\")","v":""}]
[null,"CANALETA - CAN B",{"$f":"84-12","v":72},0.8,null,-1,-57.6,{"$nulls":7},{"$f":"IFERROR(IF(L168=\"\",\"\",INDEX(ORÇAMENTO!C:C,MATCH(A168,ORÇAMENTO!A:A,0))),\"\")","v":""},{"$f":"IFERROR(IF(L168=\"\",\"\",INDEX(ORÇAMENTO!D:D,MATCH(A168,ORÇAMENTO!A:A,0))),\"\")","v":""}]
[null,"CANALETA - CAN C",{"$f":"1.75+51-6","v":46.75},0.6,null,-1,-28.05,{"$nulls":7},{"$f":"IFERROR(IF(L169=\"\",\"\",INDEX(ORÇAMENTO!C:C,MATCH(A169,ORÇAMENTO!A:A,0))),\"\")","v":""},{"$f":"IFERROR(IF(L169=\"\",\"\",INDEX(ORÇAMENTO!D:D,MATCH(A169,ORÇAMENTO!A:A,0))),\"\")","v":""}]
[null,"CANALETA - CAN C",25,0.6,null,-2,-30,{"$nulls":7},{"$f":"IFERROR(IF(L170=\"\",\"\",INDEX(ORÇAMENTO!C:C,MATCH(A170,ORÇAMENTO!A:A,0))),\"\")","v":""},{"$f":"IFERROR(IF(L170=\"\",\"\",INDEX(ORÇAMENTO!D:D,MATCH(A170,ORÇAMENTO!A:A,0))),\"\")","v":""}]
[null,"CANALETA - CAN C",10,0.6,null,-1,-6,{"$nulls":7},{"$f":"IFERROR(IF(L171=\"\",\"\",INDEX(ORÇAMENTO!C:C,MATCH(A171,ORÇAMENTO!A:A,0))),\"\")","v":""},{"$f":"IFERROR(IF(L171=\"\",\"\",INDEX(ORÇAMENTO!D:D,MATCH(A171,ORÇAMENTO!A:A,0))),\"\")","v":""}]
[null,"1.5.5 - CAIXAS DE PASSAGEM",{"$nulls":12},{"$f":"IFERROR(IF(L172=\"\",\"\",INDEX(ORÇAMENTO!C:C,MATCH(A172,ORÇAMENTO!A:A,0))),\"\")","v":""},{"$f":"IFERROR(IF(L172=\"\",\"\",INDEX(ORÇAMENTO!D:D,MATCH(A172,ORÇAMENTO!A:A,0))),\"\")","v":""}]
[null,"CX DE PASSAGEM CAC-30",0.4,0.4,null,-2,-0.32000000000000006,{"$nulls":7},{"$f":"IFERROR(IF(L173=\"\",\"\",INDEX(ORÇAMENTO!C:C,MATCH(A173,ORÇAMENTO!A:A,0))),\"\")","v":""},{"$f":"IFERROR(IF(L173=\"\",\"\",INDEX(ORÇAMENTO!D:D,MATCH(A173,ORÇAMENTO!A:A,0))),\"\")","v":""}]
[null,"CX DE PASSAGEM CAC-50",0.78,0.78,null,-33,-20.077200000000001,{"$nulls":7},{"$f":"IFERROR(IF(L174=\"\",\"\",INDEX(ORÇAMENTO!C:C,MATCH(A174,ORÇAMENTO!A:A,0))),\"\")","v":""},{"$f":"IFERROR(IF(L174=\"\",\"\",INDEX(ORÇAMENTO!D:D,MATCH(A174,ORÇAMENTO!A:A,0))),\"\")","v":""}]
[null,"CX DE PASSAGEM CAC-80",1.08,1.08,null,-2,-2.3328000000000002,{"$nulls":7},{"$f":"IFERROR(IF(L175=\"\",\"\",INDEX(ORÇAMENTO!C:C,MATCH(A175,ORÇAMENTO!A:A,0))),\"\")","v":""},{"$f":"IFERROR(IF(L175=\"\",\"\",INDEX(ORÇAMENTO!D:D,MATCH(A175,ORÇAMENTO!A:A,0))),\"\")","v":""}]
[null,"CX DE PASSAGEM CAC-100",1.28,1.28,null,-7,-11.4688,{"$nulls":7},{"$f":"IFERROR(IF(L176=\"\",\"\",INDEX(ORÇAMENTO!C:C,MATCH(A176,ORÇAMENTO!A:A,0))),\"\")","v":""},{"$f":"IFERROR(IF(L176=\"\",\"\",INDEX(ORÇAMENTO!D:D,MATCH(A176,ORÇAMENTO!A:A,0))),\"\")","v":""}]
[null,"1.5.6 - ARRUAMENTO",{"$nulls":12},{"$f":"IFERROR(IF(L177=\"\",\"\",INDEX(ORÇAMENTO!C:C,MATCH(A177,ORÇAMENTO!A:A,0))),\"\")","v":""},{"$f":"IFERROR(IF(L177=\"\",\"\",INDEX(ORÇAMENTO!D:D,MATCH(A177,ORÇAMENTO!A:A,0))),\"\")","v":""}]
[null,"T1",41,6,null,-1,-246,{"$nulls":7},{"$f":"IFERROR(IF(L178=\"\",\"\",INDEX(ORÇAMENTO!C:C,MATCH(A178,ORÇAMENTO!A:A,0))),\"\")","v":""},{"$f":"IFERROR(IF(L178=\"\",\"\",INDEX(ORÇAMENTO!D:D,MATCH(A178,ORÇAMENTO!A:A,0))),\"\")","v":""}]
[null,"C1",{"$f":"2*3.14*19/4","v":29.830000000000002},6,null,-1,-178.98000000000002,{"$nulls":7},{"$f":"IFERROR(IF(L179=\"\",\"\",INDEX(ORÇAMENTO!C:C,MATCH(A179,ORÇAMENTO!A:A,0))),\"\")","v":""},{"$f":"IFERROR(IF(L179=\"\",\"\",INDEX(ORÇAMENTO!D:D,MATCH(A179,ORÇAMENTO!A:A,0))),\"\")","v":""}]
[null,"T2",80,6,null,-1,-480,{"$nulls":7},{"$f":"IFERROR(IF(L180=\"\",\"\",INDEX(ORÇAMENTO!C:C,MATCH(A180,ORÇAMENTO!A:A,0))),\"\")","v":""},{"$f":"IFERROR(IF(L180=\"\",\"\",INDEX(ORÇAMENTO!D:D,MATCH(A180,ORÇAMENTO!A:A,0))),\"\")","v":""}]
[null,"C2",{"$f":"2*3.14*12.85/4","v":20.174500000000002},6,null,-1,-121.04700000000001,{"$nulls":7},{"$f":"IFERROR(IF(L181=\"\",\"\",INDEX(ORÇAMENTO!C:C,MATCH(A181,ORÇAMENTO!A:A,0))),\"\")","v":""},{"$f":"IFERROR(IF(L181=\"\",\"\",INDEX(ORÇAMENTO!D:D,MATCH(A181,ORÇAMENTO!A:A,0))),\"\")","v":""}]
[null,"T3",53,6,null,-1,-318,{"$nulls":7},{"$f":"IFERROR(IF(L182=\"\",\"\",INDEX(ORÇAMENTO!C:C,MATCH(A182,ORÇAMENTO!A:A,0))),\"\")","v":""},{"$f":"IFERROR(IF(L182=\"\",\"\",INDEX(ORÇAMENTO!D:D,MATCH(A182,ORÇAMENTO!A:A,0))),\"\")","v":""}]
[null,"C3",{"$f":"2*3.14*7/4","v":10.99},6,null,-1,-65.94,{"$nulls":7},{"$f":"IFERROR(IF(L183=\"\",\"\",INDEX(ORÇAMENTO!C:C,MATCH(A183,ORÇAMENTO!A:A,0))),\"\")","v":""},{"$f":"IFERROR(IF(L183=\"\",\"\",INDEX(ORÇAMENTO!D:D,MATCH(A183,ORÇAMENTO!A:A,0))),\"\")","v":""}]
[null,"T4",92,6,null,-1,-552,{"$nulls":7},{"$f":"IFERROR(IF(L184=\"\",\"\",INDEX(ORÇAMENTO!C:C,MATCH(A184,ORÇAMENTO!A:A,0))),\"\")","v":""},{"$f":"IFERROR(IF(L184=\"\",\"\",INDEX(ORÇAMENTO!D:D,MATCH(A184,ORÇAMENTO!A:A,0))),\"\")","v":""}]
[null,"C4",{"$f":"2*3.14*13/4","v":20.41},6,null,-1,-122.46000000000001,{"$nulls":7},{"$f":"IFERROR(IF(L185=\"\",\"\",INDEX(ORÇAMENTO!C:C,MATCH(A185,ORÇAMENTO!A:A,0))),\"\")","v":""},{"$f":"IFERROR(IF(L185=\"\",\"\",INDEX(ORÇAMENTO!D:D,MATCH(A185,ORÇAMENTO!A:A,0))),\"\")","v":""}]
[null,"R1",57,4,null,-1,-228,{"$nulls":7},{"$f":"IFERROR(IF(L186=\"\",\"\",INDEX(ORÇAMENTO!C:C,MATCH(A186,ORÇAMENTO!A:A,0))),\"\")","v":""},{"$f":"IFERROR(IF(L186=\"\",\"\",INDEX(ORÇAMENTO!D:D,MATCH(A186,ORÇAMENTO!A:A,0))),\"\")","v":""}]
[null,"R2",62,4,null,-1,-248,{"$nulls":7},{"$f":"IFERROR(IF(L187=\"\",\"\",INDEX(ORÇAMENTO!C:C,MATCH(A187,ORÇAMENTO!A:A,0))),\"\")","v":""},{"$f":"IFERROR(IF(L187=\"\",\"\",INDEX(ORÇAMENTO!D:D,MATCH(A187,ORÇAMENTO!A:A,0))),\"\")","v":""}]
[null,"E",15,5,null,-1,-75,{"$nulls":7},{"$f":"IFERROR(IF(L188=\"\",\"\",INDEX(ORÇAMENTO!C:C,MATCH(A188,ORÇAMENTO!A:A,0))),\"\")","v":""},{"$f":"IFERROR(IF(L188=\"\",\"\",INDEX(ORÇAMENTO!D:D,MATCH(A188,ORÇAMENTO!A:A,0))),\"\")","v":""}]
[{"$nulls":5},"             Área total (m2)",{"$f":"SUM(G149:G188)","v":6935.7441999999992},{"$nulls":7},{"$f":"IFERROR(IF(L189=\"\",\"\",INDEX(ORÇAMENTO!C:C,MATCH(A189,ORÇAMENTO!A:A,0))),\"\")","v":""},{"$f":"IFERROR(IF(L189=\"\",\"\",INDEX(ORÇAMENTO!D:D,MATCH(A189,ORÇAMENTO!A:A,0))),\"\")","v":""}]
[{"$nulls":5},"Espessura de aplicação(m)",0.1,{"$f":"G189*G190","v":693.57441999999992},{"$nulls":6},{"$f":"IFERROR(IF(L190=\"\",\"\",INDEX(ORÇAMENTO!C:C,MATCH(A190,ORÇAMENTO!A:A,0))),\"\")","v":""},{"$f":"IFERROR(IF(L190=\"\",\"\",INDEX(ORÇAMENTO!D:D,MATCH(A190,ORÇAMENTO!A:A,0))),\"\")","v":""}]
[{"$nulls":6},"Total",{"$f":"SUM(H149:H190)","v":693.57441999999992},{"$nulls":6},{"$f":"IFERROR(IF(L191=\"\",\"\",INDEX(ORÇAMENTO!C:C,MATCH(A191,ORÇAMENTO!A:A,0))),\"\")","v":""},{"$f":"IFERROR(IF(L191=\"\",\"\",INDEX(ORÇAMENTO!D:D,MATCH(A191,ORÇAMENTO!A:A,0))),\"\")","v":""}]
["1.6","TAMPAS DE CANALETAS DO GGE",{"$nulls":12},{"$f":"IFERROR(IF(L192=\"\",\"\",INDEX(ORÇAMENTO!C:C,MATCH(A192,ORÇAMENTO!A:A,0))),\"\")","v":""},{"$f":"IFERROR(IF(L192=\"\",\"\",INDEX(ORÇAMENTO!D:D,MATCH(A192,ORÇAMENTO!A:A,0))),\"\")","v":""}]
["1.6.1","TAMPAS DE CANALETAS DO GGE",{"$nulls":9},{"$f":"ROUND(G196,2)","v":4},"M2",null,{"$f":"IFERROR(IF(L193=\"\",\"\",INDEX(ORÇAMENTO!C:C,MATCH(A193,ORÇAMENTO!A:A,0))),\"\")","v":"COMP1"},{"$f":"IFERROR(IF(L193=\"\",\"\",INDEX(ORÇAMENTO!D:D,MATCH(A193,ORÇAMENTO!A:A,0))),\"\")","v":"P/SINAPI"}]
[null,null,"Comp.(m)","Largura(m)","Altura(m)","Quant.","Área(m²)","Volume(m³)",{"$nulls":6},{"$f":"IFERROR(IF(L194=\"\",\"\",INDEX(ORÇAMENTO!C:C,MATCH(A194,ORÇAMENTO!A:A,0))),\"\")","v":""},{"$f":"IFERROR(IF(L194=\"\",\"\",INDEX(ORÇAMENTO!D:D,MATCH(A194,ORÇAMENTO!A:A,0))),\"\")","v":""}]
[null,"TAMPA METÁLICA EM CHAPA DE ACO XADREZ PARA CANALETA (CASA DO MOTOR GERADOR - GGE)\nPROJETOS DE REFERÊNCIA:\n1635-DEP-2812-10-25-101-R03\n",1,0.4,null,10,{"$f":"PRODUCT(C195:F195)","v":4},{"$nulls":8},{"$f":"IFERROR(IF(L195=\"\",\"\",INDEX(ORÇAMENTO!D:D,MATCH(A195,ORÇAMENTO!A:A,0))),\"\")","v":""}]
[{"$nulls":5},"Total",{"$f":"SUM(G195)","v":4},{"$nulls":7},{"$f":"IFERROR(IF(L196=\"\",\"\",INDEX(ORÇAMENTO!C:C,MATCH(A196,ORÇAMENTO!A:A,0))),\"\")","v":""},{"$f":"IFERROR(IF(L196=\"\",\"\",INDEX(ORÇAMENTO!D:D,MATCH(A196,ORÇAMENTO!A:A,0))),\"\")","v":""}]
["1.7","EDIFÍCIO DE APOIO A MANUTENÇÃO",{"$nulls":12},{"$f":"IFERROR(IF(L197=\"\",\"\",INDEX(ORÇAMENTO!C:C,MATCH(A197,ORÇAMENTO!A:A,0))),\"\")","v":""},{"$f":"IFERROR(IF(L197=\"\",\"\",INDEX(ORÇAMENTO!D:D,MATCH(A197,ORÇAMENTO!A:A,0))),\"\")","v":""}]
["1.7.1","PISO E PAVIMENTAÇÃO",{"$nulls":12},{"$f":"IFERROR(IF(L198=\"\",\"\",INDEX(ORÇAMENTO!C:C,MATCH(A198,ORÇAMENTO!A:A,0))),\"\")","v":""},{"$f":"IFERROR(IF(L198=\"\",\"\",INDEX(ORÇAMENTO!D:D,MATCH(A198,ORÇAMENTO!A:A,0))),\"\")","v":""}]
["1.7.1.1","REGULARIZAÇÃO DO CONTRAPISO",{"$nulls":9},{"$f":"ROUND(G202,2)","v":31},"M2",null,{"$f":"IFERROR(IF(L199=\"\",\"\",INDEX(ORÇAMENTO!C:C,MATCH(A199,ORÇAMENTO!A:A,0))),\"\")","v":87620},{"$f":"IFERROR(IF(L199=\"\",\"\",INDEX(ORÇAMENTO!D:D,MATCH(A199,ORÇAMENTO!A:A,0))),\"\")","v":"SINAPI"}]
[null,null,"Comp.(m)","Largura(m)","Altura(m)","Quant.","Área(m²)","Volume(m³)",{"$nulls":6},{"$f":"IFERROR(IF(L200=\"\",\"\",INDEX(ORÇAMENTO!C:C,MATCH(A200,ORÇAMENTO!A:A,0))),\"\")","v":""},{"$f":"IFERROR(IF(L200=\"\",\"\",INDEX(ORÇAMENTO!D:D,MATCH(A200,ORÇAMENTO!A:A,0))),\"\")","v":""}]
[null,"RECONTRAPISO (CASA DE APOIO A MANUTENÇÃO - OFICINA)",6.2,5,null,null,{"$f":"PRODUCT(C201:F201)","v":31},{"$nulls":7},{"$f":"IFERROR(IF(L201=\"\",\"\",INDEX(ORÇAMENTO!C:C,MATCH(A201,ORÇAMENTO!A:A,0))),\"\")","v":""},{"$f":"IFERROR(IF(L201=\"\",\"\",INDEX(ORÇAMENTO!D:D,MATCH(A201,ORÇAMENTO!A:A,0))),\"\")","v":""}]
[{"$nulls":5},"Total",{"$f":"SUM(G201)","v":31},{"$nulls":7},{"$f":"IFERROR(IF(L202=\"\",\"\",INDEX(ORÇAMENTO!C:C,MATCH(A202,ORÇAMENTO!A:A,0))),\"\")","v":""},{"$f":"IFERROR(IF(L202=\"\",\"\",INDEX(ORÇAMENTO!D:D,MATCH(A202,ORÇAMENTO!A:A,0))),\"\")","v":""}]
["1.7.1.2","PISO CERÂMICA",{"$nulls":9},{"$f":"ROUND(G206,2)","v":61.25},"M2",null,{"$f":"IFERROR(IF(L203=\"\",\"\",INDEX(ORÇAMENTO!C:C,MATCH(A203,ORÇAMENTO!A:A,0))),\"\")","v":87248},{"$f":"IFERROR(IF(L203=\"\",\"\",INDEX(ORÇAMENTO!D:D,MATCH(A203,ORÇAMENTO!A:A,0))),\"\")","v":"SINAPI"}]
[null,"PISO CERÂMICA (CASA DE APOIO A MANUTENÇÃO - OFICINA)",6.2,5,null,null,{"$f":"PRODUCT(C204:F204)","v":31},{"$nulls":7},{"$f":"IFERROR(IF(L204=\"\",\"\",INDEX(ORÇAMENTO!C:C,MATCH(A204,ORÇAMENTO!A:A,0))),\"\")","v":""},{"$f":"IFERROR(IF(L204=\"\",\"\",INDEX(ORÇAMENTO!D:D,MATCH(A204,ORÇAMENTO!A:A,0))),\"\")","v":""}]
[null,"PISO CERÂMICA (CASA DE APOIO A MANUTENÇÃO - SALA DOS TÉCNICOS)",{"$f":"4.45+1.6","v":6.0500000000000007},5,null,null,{"$f":"PRODUCT(C205:F205)","v":30.250000000000004},{"$nulls":7},{"$f":"IFERROR(IF(L205=\"\",\"\",INDEX(ORÇAMENTO!C:C,MATCH(A205,ORÇAMENTO!A:A,0))),\"\")","v":""},{"$f":"IFERROR(IF(L205=\"\",\"\",INDEX(ORÇAMENTO!D:D,MATCH(A205,ORÇAMENTO!A:A,0))),\"\")","v":""}]
[{"$nulls":5},"Total",{"$f":"SUM(G204:G205)","v":61.25},{"$nulls":7},{"$f":"IFERROR(IF(L206=\"\",\"\",INDEX(ORÇAMENTO!C:C,MATCH(A206,ORÇAMENTO!A:A,0))),\"\")","v":""},{"$f":"IFERROR(IF(L206=\"\",\"\",INDEX(ORÇAMENTO!D:D,MATCH(A206,ORÇAMENTO!A:A,0))),\"\")","v":""}]
["1.7.1.3","RODAPÉ CERÂMICA",{"$nulls":9},{"$f":"ROUND(G211,2)","v":19.36},"M2",null,{"$f":"IFERROR(IF(L207=\"\",\"\",INDEX(ORÇAMENTO!C:C,MATCH(A207,ORÇAMENTO!A:A,0))),\"\")","v":88648},{"$f":"IFERROR(IF(L207=\"\",\"\",INDEX(ORÇAMENTO!D:D,MATCH(A207,ORÇAMENTO!A:A,0))),\"\")","v":"SINAPI"}]
[null,null,"Comp.(m)","Largura(m)","Altura(m)","Quant.","Área(m²)","Volume(m³)",{"$nulls":6},{"$f":"IFERROR(IF(L208=\"\",\"\",INDEX(ORÇAMENTO!C:C,MATCH(A208,ORÇAMENTO!A:A,0))),\"\")","v":""},{"$f":"IFERROR(IF(L208=\"\",\"\",INDEX(ORÇAMENTO!D:D,MATCH(A208,ORÇAMENTO!A:A,0))),\"\")","v":""}]
[null,"CASA DE APOIO A MANUTENÇÃO (WC)",4.8499999999999996,3.2,null,null,{"$f":"PRODUCT(C209:D209)","v":15.52},{"$nulls":7},{"$f":"IFERROR(IF(L209=\"\",\"\",INDEX(ORÇAMENTO!C:C,MATCH(A209,ORÇAMENTO!A:A,0))),\"\")","v":""},{"$f":"IFERROR(IF(L209=\"\",\"\",INDEX(ORÇAMENTO!D:D,MATCH(A209,ORÇAMENTO!A:A,0))),\"\")","v":""}]
[null,"CASA DE APOIO A MANUTENÇÃO (WC)",3.2,1.2,null,null,{"$f":"PRODUCT(C210:D210)","v":3.84},{"$nulls":7},{"$f":"IFERROR(IF(L210=\"\",\"\",INDEX(ORÇAMENTO!C:C,MATCH(A210,ORÇAMENTO!A:A,0))),\"\")","v":""},{"$f":"IFERROR(IF(L210=\"\",\"\",INDEX(ORÇAMENTO!D:D,MATCH(A210,ORÇAMENTO!A:A,0))),\"\")","v":""}]
[{"$nulls":5},"Total",{"$f":"SUM(G209:G210)","v":19.36},{"$nulls":7},{"$f":"IFERROR(IF(L211=\"\",\"\",INDEX(ORÇAMENTO!C:C,MATCH(A211,ORÇAMENTO!A:A,0))),\"\")","v":""},{"$f":"IFERROR(IF(L211=\"\",\"\",INDEX(ORÇAMENTO!D:D,MATCH(A211,ORÇAMENTO!A:A,0))),\"\")","v":""}]
["1.7.1.4","RAMPA DE CONCRETO SIMPLES ",{"$nulls":9},{"$f":"ROUND(G215,2)","v":6.3},"M2",null,{"$f":"IFERROR(IF(L212=\"\",\"\",INDEX(ORÇAMENTO!C:C,MATCH(A212,ORÇAMENTO!A:A,0))),\"\")","v":"CPU-94998"},{"$f":"IFERROR(IF(L212=\"\",\"\",INDEX(ORÇAMENTO!D:D,MATCH(A212,ORÇAMENTO!A:A,0))),\"\")","v":"SINAPI"}]
[null,null,"Comp.(m)","Largura(m)","Altura(m)","Quant.","Área(m²)","Volume(m³)",{"$nulls":6},{"$f":"IFERROR(IF(L213=\"\",\"\",INDEX(ORÇAMENTO!C:C,MATCH(A213,ORÇAMENTO!A:A,0))),\"\")","v":""},{"$f":"IFERROR(IF(L213=\"\",\"\",INDEX(ORÇAMENTO!D:D,MATCH(A213,ORÇAMENTO!A:A,0))),\"\")","v":""}]
[null,"PISO DE CONCRETO (RAMPA DA CASA DE APOIO A MANUTENÇÃO - OFICINA)",3,2.1,null,null,{"$f":"PRODUCT(C214:F214)","v":6.3000000000000007},{"$nulls":7},{"$f":"IFERROR(IF(L214=\"\",\"\",INDEX(ORÇAMENTO!C:C,MATCH(A214,ORÇAMENTO!A:A,0))),\"\")","v":""},{"$f":"IFERROR(IF(L214=\"\",\"\",INDEX(ORÇAMENTO!D:D,MATCH(A214,ORÇAMENTO!A:A,0))),\"\")","v":""}]
[{"$nulls":5},"Total",{"$f":"SUM(G214)","v":6.3000000000000007},{"$nulls":7},{"$f":"IFERROR(IF(L215=\"\",\"\",INDEX(ORÇAMENTO!C:C,MATCH(A215,ORÇAMENTO!A:A,0))),\"\")","v":""},{"$f":"IFERROR(IF(L215=\"\",\"\",INDEX(ORÇAMENTO!D:D,MATCH(A215,ORÇAMENTO!A:A,0))),\"\")","v":""}]
["1.7.1.5","SOLEIRA",{"$nulls":9},{"$f":"ROUND(G219,2)","v":3},"M",null,{"$f":"IFERROR(IF(L216=\"\",\"\",INDEX(ORÇAMENTO!C:C,MATCH(A216,ORÇAMENTO!A:A,0))),\"\")","v":98689},{"$f":"IFERROR(IF(L216=\"\",\"\",INDEX(ORÇAMENTO!D:D,MATCH(A216,ORÇAMENTO!A:A,0))),\"\")","v":"SINAPI"}]
[null,null,"Comp.(m)","Largura(m)","Altura(m)","Quant.","Área(m²)","Volume(m³)",{"$nulls":6},{"$f":"IFERROR(IF(L217=\"\",\"\",INDEX(ORÇAMENTO!C:C,MATCH(A217,ORÇAMENTO!A:A,0))),\"\")","v":""},{"$f":"IFERROR(IF(L217=\"\",\"\",INDEX(ORÇAMENTO!D:D,MATCH(A217,ORÇAMENTO!A:A,0))),\"\")","v":""}]
[null,"SOLEIRA (CASA DE APOIO A MANUTENÇÃO - OFICINA)",3,null,null,null,{"$f":"PRODUCT(C218:F218)","v":3},{"$nulls":7},{"$f":"IFERROR(IF(L218=\"\",\"\",INDEX(ORÇAMENTO!C:C,MATCH(A218,ORÇAMENTO!A:A,0))),\"\")","v":""},{"$f":"IFERROR(IF(L218=\"\",\"\",INDEX(ORÇAMENTO!D:D,MATCH(A218,ORÇAMENTO!A:A,0))),\"\")","v":""}]
[{"$nulls":5},"Total",{"$f":"SUM(G218)","v":3},{"$nulls":7},{"$f":"IFERROR(IF(L219=\"\",\"\",INDEX(ORÇAMENTO!C:C,MATCH(A219,ORÇAMENTO!A:A,0))),\"\")","v":""},{"$f":"IFERROR(IF(L219=\"\",\"\",INDEX(ORÇAMENTO!D:D,MATCH(A219,ORÇAMENTO!A:A,0))),\"\")","v":""}]
["1.7.2","PAREDES",{"$nulls":12},{"$f":"IFERROR(IF(L220=\"\",\"\",INDEX(ORÇAMENTO!C:C,MATCH(A220,ORÇAMENTO!A:A,0))),\"\")","v":""},{"$f":"IFERROR(IF(L220=\"\",\"\",INDEX(ORÇAMENTO!D:D,MATCH(A220,ORÇAMENTO!A:A,0))),\"\")","v":""}]
["1.7.2.1","BLOCO DE VIDRO AUTOVENTILADO",{"$nulls":9},{"$f":"ROUND(G225,2)","v":7.82},"M2",null,{"$f":"IFERROR(IF(L221=\"\",\"\",INDEX(ORÇAMENTO!C:C,MATCH(A221,ORÇAMENTO!A:A,0))),\"\")","v":101163},{"$f":"IFERROR(IF(L221=\"\",\"\",INDEX(ORÇAMENTO!D:D,MATCH(A221,ORÇAMENTO!A:A,0))),\"\")","v":"SINAPI"}]
[null,null,"Comp.(m)","Largura(m)","Altura(m)","Quant.","Área(m²)","Volume(m³)",{"$nulls":6},{"$f":"IFERROR(IF(L222=\"\",\"\",INDEX(ORÇAMENTO!C:C,MATCH(A222,ORÇAMENTO!A:A,0))),\"\")","v":""},{"$f":"IFERROR(IF(L222=\"\",\"\",INDEX(ORÇAMENTO!D:D,MATCH(A222,ORÇAMENTO!A:A,0))),\"\")","v":""}]
[null,"PAREDE EXTERNA (FRENTE)",{"$f":"0.9","v":0.9},null,1.1499999999999999,2,{"$f":"PRODUCT(C223:F223)","v":2.0699999999999998},{"$nulls":7},{"$f":"IFERROR(IF(L223=\"\",\"\",INDEX(ORÇAMENTO!C:C,MATCH(A223,ORÇAMENTO!A:A,0))),\"\")","v":""},{"$f":"IFERROR(IF(L223=\"\",\"\",INDEX(ORÇAMENTO!D:D,MATCH(A223,ORÇAMENTO!A:A,0))),\"\")","v":""}]
[null,"PAREDE EXTERNA (TRÁS)",{"$f":"5","v":5},null,1.1499999999999999,1,{"$f":"PRODUCT(C224:F224)","v":5.75},{"$nulls":7},{"$f":"IFERROR(IF(L224=\"\",\"\",INDEX(ORÇAMENTO!C:C,MATCH(A224,ORÇAMENTO!A:A,0))),\"\")","v":""},{"$f":"IFERROR(IF(L224=\"\",\"\",INDEX(ORÇAMENTO!D:D,MATCH(A224,ORÇAMENTO!A:A,0))),\"\")","v":""}]
[{"$nulls":5},"Total",{"$f":"SUM(G223:G224)","v":7.82},{"$nulls":7},{"$f":"IFERROR(IF(L225=\"\",\"\",INDEX(ORÇAMENTO!C:C,MATCH(A225,ORÇAMENTO!A:A,0))),\"\")","v":""},{"$f":"IFERROR(IF(L225=\"\",\"\",INDEX(ORÇAMENTO!D:D,MATCH(A225,ORÇAMENTO!A:A,0))),\"\")","v":""}]
["1.7.2.2","ALVENARIA DE VEDAÇÃO DE BLOCOS CERÂMICOS FURADOS DE 11,5X19X19CM",{"$nulls":9},{"$f":"ROUND(G233,2)","v":16.18},"M2",null,{"$f":"IFERROR(IF(L226=\"\",\"\",INDEX(ORÇAMENTO!C:C,MATCH(A226,ORÇAMENTO!A:A,0))),\"\")","v":103330},{"$f":"IFERROR(IF(L226=\"\",\"\",INDEX(ORÇAMENTO!D:D,MATCH(A226,ORÇAMENTO!A:A,0))),\"\")","v":"SINAPI"}]
[null,null,"Comp.(m)","Largura(m)","Altura(m)","Quant.","Área(m²)","Volume(m³)",{"$nulls":6},{"$f":"IFERROR(IF(L227=\"\",\"\",INDEX(ORÇAMENTO!C:C,MATCH(A227,ORÇAMENTO!A:A,0))),\"\")","v":""},{"$f":"IFERROR(IF(L227=\"\",\"\",INDEX(ORÇAMENTO!D:D,MATCH(A227,ORÇAMENTO!A:A,0))),\"\")","v":""}]
[null,"PAREDE EXTERNA (FRENTE)",{"$f":"0.9+0.1+3+0.1+0.9","v":5},null,3.15,1,{"$f":"PRODUCT(C228:F228)","v":15.75},{"$nulls":7},{"$f":"IFERROR(IF(L228=\"\",\"\",INDEX(ORÇAMENTO!C:C,MATCH(A228,ORÇAMENTO!A:A,0))),\"\")","v":""},{"$f":"IFERROR(IF(L228=\"\",\"\",INDEX(ORÇAMENTO!D:D,MATCH(A228,ORÇAMENTO!A:A,0))),\"\")","v":""}]
[null,"DESCONTOS (BLOCOS DE VIDRO)",0.9,null,1.1499999999999999,-2,{"$f":"PRODUCT(C229:F229)","v":-2.0699999999999998},{"$nulls":7},{"$f":"IFERROR(IF(L229=\"\",\"\",INDEX(ORÇAMENTO!C:C,MATCH(A229,ORÇAMENTO!A:A,0))),\"\")","v":""},{"$f":"IFERROR(IF(L229=\"\",\"\",INDEX(ORÇAMENTO!D:D,MATCH(A229,ORÇAMENTO!A:A,0))),\"\")","v":""}]
[null,"DESCONTOS (PORTÃO)",3,null,2.5,-1,{"$f":"PRODUCT(C230:F230)","v":-7.5},{"$nulls":7},{"$f":"IFERROR(IF(L230=\"\",\"\",INDEX(ORÇAMENTO!C:C,MATCH(A230,ORÇAMENTO!A:A,0))),\"\")","v":""},{"$f":"IFERROR(IF(L230=\"\",\"\",INDEX(ORÇAMENTO!D:D,MATCH(A230,ORÇAMENTO!A:A,0))),\"\")","v":""}]
[null,"PAREDE EXTERNA (TRÁS)",{"$f":"0.9+0.1+3+0.1+0.9","v":5},null,3.15,1,{"$f":"PRODUCT(C231:F231)","v":15.75},{"$nulls":7},{"$f":"IFERROR(IF(L231=\"\",\"\",INDEX(ORÇAMENTO!C:C,MATCH(A231,ORÇAMENTO!A:A,0))),\"\")","v":""},{"$f":"IFERROR(IF(L231=\"\",\"\",INDEX(ORÇAMENTO!D:D,MATCH(A231,ORÇAMENTO!A:A,0))),\"\")","v":""}]
[null,"DESCONTOS (BLOCOS DE VIDRO)",5,null,1.1499999999999999,-1,{"$f":"PRODUCT(C232:F232)","v":-5.75},{"$nulls":7},{"$f":"IFERROR(IF(L232=\"\",\"\",INDEX(ORÇAMENTO!C:C,MATCH(A232,ORÇAMENTO!A:A,0))),\"\")","v":""},{"$f":"IFERROR(IF(L232=\"\",\"\",INDEX(ORÇAMENTO!D:D,MATCH(A232,ORÇAMENTO!A:A,0))),\"\")","v":""}]
[{"$nulls":5},"Total",{"$f":"SUM(G228:G232)","v":16.18},{"$nulls":7},{"$f":"IFERROR(IF(L233=\"\",\"\",INDEX(ORÇAMENTO!C:C,MATCH(A233,ORÇAMENTO!A:A,0))),\"\")","v":""},{"$f":"IFERROR(IF(L233=\"\",\"\",INDEX(ORÇAMENTO!D:D,MATCH(A233,ORÇAMENTO!A:A,0))),\"\")","v":""}]
["1.7.2.3","VERGA MOLDADA IN LOCO COM ATÉ 1,5 M (JANELA)",{"$nulls":9},{"$f":"ROUND(G237,2)","v":2},"M",null,{"$f":"IFERROR(IF(L234=\"\",\"\",INDEX(ORÇAMENTO!C:C,MATCH(A234,ORÇAMENTO!A:A,0))),\"\")","v":93186},{"$f":"IFERROR(IF(L234=\"\",\"\",INDEX(ORÇAMENTO!D:D,MATCH(A234,ORÇAMENTO!A:A,0))),\"\")","v":"SINAPI"}]
[null,null,"Comp.(m)","Largura(m)","Altura(m)","Quant.","Extensão(m)","Volume(m³)",{"$nulls":6},{"$f":"IFERROR(IF(L235=\"\",\"\",INDEX(ORÇAMENTO!C:C,MATCH(A235,ORÇAMENTO!A:A,0))),\"\")","v":""},{"$f":"IFERROR(IF(L235=\"\",\"\",INDEX(ORÇAMENTO!D:D,MATCH(A235,ORÇAMENTO!A:A,0))),\"\")","v":""}]
[null,"VERGA (PAR. EXT. FRENTE/VÃO BLC.VIDRO)",1,null,null,2,{"$f":"PRODUCT(C236:F236)","v":2},{"$nulls":7},{"$f":"IFERROR(IF(L236=\"\",\"\",INDEX(ORÇAMENTO!C:C,MATCH(A236,ORÇAMENTO!A:A,0))),\"\")","v":""},{"$f":"IFERROR(IF(L236=\"\",\"\",INDEX(ORÇAMENTO!D:D,MATCH(A236,ORÇAMENTO!A:A,0))),\"\")","v":""}]
[{"$nulls":5},"Total",{"$f":"SUM(G236)","v":2},{"$nulls":7},{"$f":"IFERROR(IF(L237=\"\",\"\",INDEX(ORÇAMENTO!C:C,MATCH(A237,ORÇAMENTO!A:A,0))),\"\")","v":""},{"$f":"IFERROR(IF(L237=\"\",\"\",INDEX(ORÇAMENTO!D:D,MATCH(A237,ORÇAMENTO!A:A,0))),\"\")","v":""}]
["1.7.2.4","VERGA MOLDADA IN LOCO COM MAIS DE 1,5 M (JANELA)",{"$nulls":9},{"$f":"ROUND(G241,2)","v":5},"M",null,{"$f":"IFERROR(IF(L238=\"\",\"\",INDEX(ORÇAMENTO!C:C,MATCH(A238,ORÇAMENTO!A:A,0))),\"\")","v":93187},{"$f":"IFERROR(IF(L238=\"\",\"\",INDEX(ORÇAMENTO!D:D,MATCH(A238,ORÇAMENTO!A:A,0))),\"\")","v":"SINAPI"}]
[null,null,"Comp.(m)","Largura(m)","Altura(m)","Quant.","Extensão(m)","Volume(m³)",{"$nulls":6},{"$f":"IFERROR(IF(L239=\"\",\"\",INDEX(ORÇAMENTO!C:C,MATCH(A239,ORÇAMENTO!A:A,0))),\"\")","v":""},{"$f":"IFERROR(IF(L239=\"\",\"\",INDEX(ORÇAMENTO!D:D,MATCH(A239,ORÇAMENTO!A:A,0))),\"\")","v":""}]
[null,"VERGA (PAR. EXT. TRÁS/VÃO BLOCOS DE VIDRO)",5,null,null,1,{"$f":"PRODUCT(C240:F240)","v":5},{"$nulls":7},{"$f":"IFERROR(IF(L240=\"\",\"\",INDEX(ORÇAMENTO!C:C,MATCH(A240,ORÇAMENTO!A:A,0))),\"\")","v":""},{"$f":"IFERROR(IF(L240=\"\",\"\",INDEX(ORÇAMENTO!D:D,MATCH(A240,ORÇAMENTO!A:A,0))),\"\")","v":""}]
[{"$nulls":5},"Total",{"$f":"SUM(G240:G240)","v":5},{"$nulls":7},{"$f":"IFERROR(IF(L241=\"\",\"\",INDEX(ORÇAMENTO!C:C,MATCH(A241,ORÇAMENTO!A:A,0))),\"\")","v":""},{"$f":"IFERROR(IF(L241=\"\",\"\",INDEX(ORÇAMENTO!D:D,MATCH(A241,ORÇAMENTO!A:A,0))),\"\")","v":""}]
["1.7.2.5","VERGA IN LOCO COM MAIS DE 1,5 M (PORTA)",{"$nulls":9},{"$f":"ROUND(G245,2)","v":3.5},"M",null,{"$f":"IFERROR(IF(L242=\"\",\"\",INDEX(ORÇAMENTO!C:C,MATCH(A242,ORÇAMENTO!A:A,0))),\"\")","v":93189},{"$f":"IFERROR(IF(L242=\"\",\"\",INDEX(ORÇAMENTO!D:D,MATCH(A242,ORÇAMENTO!A:A,0))),\"\")","v":"SINAPI"}]
[null,null,"Comp.(m)","Largura(m)","Altura(m)","Quant.","Extensão(m)","Volume(m³)",{"$nulls":6},{"$f":"IFERROR(IF(L243=\"\",\"\",INDEX(ORÇAMENTO!C:C,MATCH(A243,ORÇAMENTO!A:A,0))),\"\")","v":""},{"$f":"IFERROR(IF(L243=\"\",\"\",INDEX(ORÇAMENTO!D:D,MATCH(A243,ORÇAMENTO!A:A,0))),\"\")","v":""}]
[null,"VERGA (PAR. EXT. FRENTE/VÃO PORTÃO)",3.5,null,null,1,{"$f":"PRODUCT(C244:F244)","v":3.5},{"$nulls":7},{"$f":"IFERROR(IF(L244=\"\",\"\",INDEX(ORÇAMENTO!C:C,MATCH(A244,ORÇAMENTO!A:A,0))),\"\")","v":""},{"$f":"IFERROR(IF(L244=\"\",\"\",INDEX(ORÇAMENTO!D:D,MATCH(A244,ORÇAMENTO!A:A,0))),\"\")","v":""}]
[{"$nulls":5},"Total",{"$f":"SUM(G244:G244)","v":3.5},{"$nulls":7},{"$f":"IFERROR(IF(L245=\"\",\"\",INDEX(ORÇAMENTO!C:C,MATCH(A245,ORÇAMENTO!A:A,0))),\"\")","v":""},{"$f":"IFERROR(IF(L245=\"\",\"\",INDEX(ORÇAMENTO!D:D,MATCH(A245,ORÇAMENTO!A:A,0))),\"\")","v":""}]
["1.7.2.6","CONTRAVERGA IN LOCO COM ATÉ 1,5 M (JANELA)",{"$nulls":9},{"$f":"ROUND(G249,2)","v":2},"M",null,{"$f":"IFERROR(IF(L246=\"\",\"\",INDEX(ORÇAMENTO!C:C,MATCH(A246,ORÇAMENTO!A:A,0))),\"\")","v":93196},{"$f":"IFERROR(IF(L246=\"\",\"\",INDEX(ORÇAMENTO!D:D,MATCH(A246,ORÇAMENTO!A:A,0))),\"\")","v":"SINAPI"}]
[null,null,"Comp.(m)","Largura(m)","Altura(m)","Quant.","Extensão(m)","Volume(m³)",{"$nulls":6},{"$f":"IFERROR(IF(L247=\"\",\"\",INDEX(ORÇAMENTO!C:C,MATCH(A247,ORÇAMENTO!A:A,0))),\"\")","v":""},{"$f":"IFERROR(IF(L247=\"\",\"\",INDEX(ORÇAMENTO!D:D,MATCH(A247,ORÇAMENTO!A:A,0))),\"\")","v":""}]
[null,"CONTRAVERGA (PAR. EXT. FRENTE/VÃO BLC.VIDRO)",1,null,null,2,{"$f":"PRODUCT(C248:F248)","v":2},{"$nulls":7},{"$f":"IFERROR(IF(L248=\"\",\"\",INDEX(ORÇAMENTO!C:C,MATCH(A248,ORÇAMENTO!A:A,0))),\"\")","v":""},{"$f":"IFERROR(IF(L248=\"\",\"\",INDEX(ORÇAMENTO!D:D,MATCH(A248,ORÇAMENTO!A:A,0))),\"\")","v":""}]
[{"$nulls":5},"Total",{"$f":"SUM(G248)","v":2},{"$nulls":7},{"$f":"IFERROR(IF(L249=\"\",\"\",INDEX(ORÇAMENTO!C:C,MATCH(A249,ORÇAMENTO!A:A,0))),\"\")","v":""},{"$f":"IFERROR(IF(L249=\"\",\"\",INDEX(ORÇAMENTO!D:D,MATCH(A249,ORÇAMENTO!A:A,0))),\"\")","v":""}]
["1.7.2.7","CONTRAVERGA IN LOCO COM MAIS DE 1,5 M (JANELA)",{"$nulls":9},{"$f":"ROUND(G253,2)","v":5},"M",null,{"$f":"IFERROR(IF(L250=\"\",\"\",INDEX(ORÇAMENTO!C:C,MATCH(A250,ORÇAMENTO!A:A,0))),\"\")","v":93197},{"$f":"IFERROR(IF(L250=\"\",\"\",INDEX(ORÇAMENTO!D:D,MATCH(A250,ORÇAMENTO!A:A,0))),\"\")","v":"SINAPI"}]
[null,null,"Comp.(m)","Largura(m)","Altura(m)","Quant.","Extensão(m)","Volume(m³)",{"$nulls":6},{"$f":"IFERROR(IF(L251=\"\",\"\",INDEX(ORÇAMENTO!C:C,MATCH(A251,ORÇAMENTO!A:A,0))),\"\")","v":""},{"$f":"IFERROR(IF(L251=\"\",\"\",INDEX(ORÇAMENTO!D:D,MATCH(A251,ORÇAMENTO!A:A,0))),\"\")","v":""}]
[null,"CONTRAVERGA (PAR. EXT. TRÁS/VÃO BLOCOS DE VIDRO)",5,null,null,1,{"$f":"PRODUCT(C252:F252)","v":5},{"$nulls":7},{"$f":"IFERROR(IF(L252=\"\",\"\",INDEX(ORÇAMENTO!C:C,MATCH(A252,ORÇAMENTO!A:A,0))),\"\")","v":""},{"$f":"IFERROR(IF(L252=\"\",\"\",INDEX(ORÇAMENTO!D:D,MATCH(A252,ORÇAMENTO!A:A,0))),\"\")","v":""}]
[{"$nulls":5},"Total",{"$f":"SUM(G252)","v":5},{"$nulls":7},{"$f":"IFERROR(IF(L253=\"\",\"\",INDEX(ORÇAMENTO!C:C,MATCH(A253,ORÇAMENTO!A:A,0))),\"\")","v":""},{"$f":"IFERROR(IF(L253=\"\",\"\",INDEX(ORÇAMENTO!D:D,MATCH(A253,ORÇAMENTO!A:A,0))),\"\")","v":""}]
["1.7.2.8","ENCUNHAMENTO (FIXAÇÃO DE ALVENARIA)",{"$nulls":9},{"$f":"ROUND(G257,2)","v":10},"M",null,{"$f":"IFERROR(IF(L254=\"\",\"\",INDEX(ORÇAMENTO!C:C,MATCH(A254,ORÇAMENTO!A:A,0))),\"\")","v":93201},{"$f":"IFERROR(IF(L254=\"\",\"\",INDEX(ORÇAMENTO!D:D,MATCH(A254,ORÇAMENTO!A:A,0))),\"\")","v":"SINAPI"}]
[null,null,"Comp.(m)","Largura(m)","Altura(m)","Quant.","Extensão(m)","Volume(m³)",{"$nulls":6},{"$f":"IFERROR(IF(L255=\"\",\"\",INDEX(ORÇAMENTO!C:C,MATCH(A255,ORÇAMENTO!A:A,0))),\"\")","v":""},{"$f":"IFERROR(IF(L255=\"\",\"\",INDEX(ORÇAMENTO!D:D,MATCH(A255,ORÇAMENTO!A:A,0))),\"\")","v":""}]
[null,"ENCUNHAMENTO (PAREDES EXTERNAS)",5,null,null,2,{"$f":"PRODUCT(C256:F256)","v":10},{"$nulls":7},{"$f":"IFERROR(IF(L256=\"\",\"\",INDEX(ORÇAMENTO!C:C,MATCH(A256,ORÇAMENTO!A:A,0))),\"\")","v":""},{"$f":"IFERROR(IF(L256=\"\",\"\",INDEX(ORÇAMENTO!D:D,MATCH(A256,ORÇAMENTO!A:A,0))),\"\")","v":""}]
[{"$nulls":5},"Total",{"$f":"SUM(G256)","v":10},{"$nulls":7},{"$f":"IFERROR(IF(L257=\"\",\"\",INDEX(ORÇAMENTO!C:C,MATCH(A257,ORÇAMENTO!A:A,0))),\"\")","v":""},{"$f":"IFERROR(IF(L257=\"\",\"\",INDEX(ORÇAMENTO!D:D,MATCH(A257,ORÇAMENTO!A:A,0))),\"\")","v":""}]
["1.7.2.9","TRATAMENTO DE FISSURAS EM ARGAMASSAS",{"$nulls":9},{"$f":"ROUND(G261,2)","v":5},"M",null,{"$f":"IFERROR(IF(L258=\"\",\"\",INDEX(ORÇAMENTO!C:C,MATCH(A258,ORÇAMENTO!A:A,0))),\"\")","v":"COMP8"},{"$f":"IFERROR(IF(L258=\"\",\"\",INDEX(ORÇAMENTO!D:D,MATCH(A258,ORÇAMENTO!A:A,0))),\"\")","v":"SINAPI"}]
[null,null,"Comp.(m)","Largura(m)","Altura(m)","Quant.","Extensão(m)","Volume(m³)",{"$nulls":6},{"$f":"IFERROR(IF(L259=\"\",\"\",INDEX(ORÇAMENTO!C:C,MATCH(A259,ORÇAMENTO!A:A,0))),\"\")","v":""},{"$f":"IFERROR(IF(L259=\"\",\"\",INDEX(ORÇAMENTO!D:D,MATCH(A259,ORÇAMENTO!A:A,0))),\"\")","v":""}]
[null,"PAREDE EXTERNA (BANHEIROS)",5,null,null,null,{"$f":"PRODUCT(C260:F260)","v":5},{"$nulls":7},{"$f":"IFERROR(IF(L260=\"\",\"\",INDEX(ORÇAMENTO!C:C,MATCH(A260,ORÇAMENTO!A:A,0))),\"\")","v":""},{"$f":"IFERROR(IF(L260=\"\",\"\",INDEX(ORÇAMENTO!D:D,MATCH(A260,ORÇAMENTO!A:A,0))),\"\")","v":""}]
[{"$nulls":5},"Total",{"$f":"SUM(G260)","v":5},{"$nulls":7},{"$f":"IFERROR(IF(L261=\"\",\"\",INDEX(ORÇAMENTO!C:C,MATCH(A261,ORÇAMENTO!A:A,0))),\"\")","v":""},{"$f":"IFERROR(IF(L261=\"\",\"\",INDEX(ORÇAMENTO!D:D,MATCH(A261,ORÇAMENTO!A:A,0))),\"\")","v":""}]
["1.7.3","REVESTIMENTOS DE PAREDES",{"$nulls":12},{"$f":"IFERROR(IF(L262=\"\",\"\",INDEX(ORÇAMENTO!C:C,MATCH(A262,ORÇAMENTO!A:A,0))),\"\")","v":""},{"$f":"IFERROR(IF(L262=\"\",\"\",INDEX(ORÇAMENTO!D:D,MATCH(A262,ORÇAMENTO!A:A,0))),\"\")","v":""}]
["1.7.3.1","CHAPISCO INTERNO",{"$nulls":9},{"$f":"ROUND(G266,2)","v":16.18},"M2",null,{"$f":"IFERROR(IF(L263=\"\",\"\",INDEX(ORÇAMENTO!C:C,MATCH(A263,ORÇAMENTO!A:A,0))),\"\")","v":87879},{"$f":"IFERROR(IF(L263=\"\",\"\",INDEX(ORÇAMENTO!D:D,MATCH(A263,ORÇAMENTO!A:A,0))),\"\")","v":"SINAPI"}]
[null,null,"Comp.(m)","Largura(m)","Altura(m)","Quant.","Área(m²)","Volume(m³)",{"$nulls":6},{"$f":"IFERROR(IF(L264=\"\",\"\",INDEX(ORÇAMENTO!C:C,MATCH(A264,ORÇAMENTO!A:A,0))),\"\")","v":""},{"$f":"IFERROR(IF(L264=\"\",\"\",INDEX(ORÇAMENTO!D:D,MATCH(A264,ORÇAMENTO!A:A,0))),\"\")","v":""}]
[null,"ALVENARIA DE VEDAÇÃO  (ITEM 5.2)",null,null,null,1,{"$f":"G$233*F265","v":16.18},{"$nulls":7},{"$f":"IFERROR(IF(L265=\"\",\"\",INDEX(ORÇAMENTO!C:C,MATCH(A265,ORÇAMENTO!A:A,0))),\"\")","v":""},{"$f":"IFERROR(IF(L265=\"\",\"\",INDEX(ORÇAMENTO!D:D,MATCH(A265,ORÇAMENTO!A:A,0))),\"\")","v":""}]
[{"$nulls":5},"Total",{"$f":"SUM(G265:G265)","v":16.18},{"$nulls":7},{"$f":"IFERROR(IF(L266=\"\",\"\",INDEX(ORÇAMENTO!C:C,MATCH(A266,ORÇAMENTO!A:A,0))),\"\")","v":""},{"$f":"IFERROR(IF(L266=\"\",\"\",INDEX(ORÇAMENTO!D:D,MATCH(A266,ORÇAMENTO!A:A,0))),\"\")","v":""}]
["1.7.3.2","CHAPISCO EXTERNO",{"$nulls":9},{"$f":"ROUND(G270,2)","v":16.18},"M2",null,{"$f":"IFERROR(IF(L267=\"\",\"\",INDEX(ORÇAMENTO!C:C,MATCH(A267,ORÇAMENTO!A:A,0))),\"\")","v":87905},{"$f":"IFERROR(IF(L267=\"\",\"\",INDEX(ORÇAMENTO!D:D,MATCH(A267,ORÇAMENTO!A:A,0))),\"\")","v":"SINAPI"}]
[null,null,"Comp.(m)","Largura(m)","Altura(m)","Quant.","Área(m²)","Volume(m³)",{"$nulls":6},{"$f":"IFERROR(IF(L268=\"\",\"\",INDEX(ORÇAMENTO!C:C,MATCH(A268,ORÇAMENTO!A:A,0))),\"\")","v":""},{"$f":"IFERROR(IF(L268=\"\",\"\",INDEX(ORÇAMENTO!D:D,MATCH(A268,ORÇAMENTO!A:A,0))),\"\")","v":""}]
[null,"ALVENARIA DE VEDAÇÃO  (ITEM 5.2)",null,null,null,1,{"$f":"G$233*F269","v":16.18},{"$nulls":7},{"$f":"IFERROR(IF(L269=\"\",\"\",INDEX(ORÇAMENTO!C:C,MATCH(A269,ORÇAMENTO!A:A,0))),\"\")","v":""},{"$f":"IFERROR(IF(L269=\"\",\"\",INDEX(ORÇAMENTO!D:D,MATCH(A269,ORÇAMENTO!A:A,0))),\"\")","v":""}]
[{"$nulls":5},"Total",{"$f":"SUM(G269:G269)","v":16.18},{"$nulls":7},{"$f":"IFERROR(IF(L270=\"\",\"\",INDEX(ORÇAMENTO!C:C,MATCH(A270,ORÇAMENTO!A:A,0))),\"\")","v":""},{"$f":"IFERROR(IF(L270=\"\",\"\",INDEX(ORÇAMENTO!D:D,MATCH(A270,ORÇAMENTO!A:A,0))),\"\")","v":""}]
["1.7.3.3","MASSA ÚNICA INTERNA",{"$nulls":9},{"$f":"ROUND(G274,2)","v":16.18},"M2",null,{"$f":"IFERROR(IF(L271=\"\",\"\",INDEX(ORÇAMENTO!C:C,MATCH(A271,ORÇAMENTO!A:A,0))),\"\")","v":87529},{"$f":"IFERROR(IF(L271=\"\",\"\",INDEX(ORÇAMENTO!D:D,MATCH(A271,ORÇAMENTO!A:A,0))),\"\")","v":"SINAPI"}]
[null,null,"Comp.(m)","Largura(m)","Altura(m)","Quant.","Área(m²)","Volume(m³)",{"$nulls":6},{"$f":"IFERROR(IF(L272=\"\",\"\",INDEX(ORÇAMENTO!C:C,MATCH(A272,ORÇAMENTO!A:A,0))),\"\")","v":""},{"$f":"IFERROR(IF(L272=\"\",\"\",INDEX(ORÇAMENTO!D:D,MATCH(A272,ORÇAMENTO!A:A,0))),\"\")","v":""}]
[null,"ALVENARIA DE VEDAÇÃO  (ITEM 5.2)",null,null,null,1,{"$f":"G$233*F273","v":16.18},{"$nulls":7},{"$f":"IFERROR(IF(L273=\"\",\"\",INDEX(ORÇAMENTO!C:C,MATCH(A273,ORÇAMENTO!A:A,0))),\"\")","v":""},{"$f":"IFERROR(IF(L273=\"\",\"\",INDEX(ORÇAMENTO!D:D,MATCH(A273,ORÇAMENTO!A:A,0))),\"\")","v":""}]
[{"$nulls":5},"Total",{"$f":"SUM(G273)","v":16.18},{"$nulls":7},{"$f":"IFERROR(IF(L274=\"\",\"\",INDEX(ORÇAMENTO!C:C,MATCH(A274,ORÇAMENTO!A:A,0))),\"\")","v":""},{"$f":"IFERROR(IF(L274=\"\",\"\",INDEX(ORÇAMENTO!D:D,MATCH(A274,ORÇAMENTO!A:A,0))),\"\")","v":""}]
["1.7.3.4","MASSA ÚNICA EXTERNA",{"$nulls":9},{"$f":"ROUND(G279,2)","v":26.18},"M2",null,{"$f":"IFERROR(IF(L275=\"\",\"\",INDEX(ORÇAMENTO!C:C,MATCH(A275,ORÇAMENTO!A:A,0))),\"\")","v":87775},{"$f":"IFERROR(IF(L275=\"\",\"\",INDEX(ORÇAMENTO!D:D,MATCH(A275,ORÇAMENTO!A:A,0))),\"\")","v":"SINAPI"}]
[null,null,"Comp.(m)","Largura(m)","Altura(m)","Quant.","Área(m²)","Volume(m³)",{"$nulls":6},{"$f":"IFERROR(IF(L276=\"\",\"\",INDEX(ORÇAMENTO!C:C,MATCH(A276,ORÇAMENTO!A:A,0))),\"\")","v":""},{"$f":"IFERROR(IF(L276=\"\",\"\",INDEX(ORÇAMENTO!D:D,MATCH(A276,ORÇAMENTO!A:A,0))),\"\")","v":""}]
[null,"ALVENARIA DE VEDAÇÃO  (ITEM 5.2)",null,null,null,1,{"$f":"G$233*F277","v":16.18},{"$nulls":7},{"$f":"IFERROR(IF(L277=\"\",\"\",INDEX(ORÇAMENTO!C:C,MATCH(A277,ORÇAMENTO!A:A,0))),\"\")","v":""},{"$f":"IFERROR(IF(L277=\"\",\"\",INDEX(ORÇAMENTO!D:D,MATCH(A277,ORÇAMENTO!A:A,0))),\"\")","v":""}]
[null,"CORREÇÃO DE PATOLOGIAS (RETOQUE)",1,1,null,10,{"$f":"PRODUCT(C278:F278)","v":10},{"$nulls":7},{"$f":"IFERROR(IF(L278=\"\",\"\",INDEX(ORÇAMENTO!C:C,MATCH(A278,ORÇAMENTO!A:A,0))),\"\")","v":""},{"$f":"IFERROR(IF(L278=\"\",\"\",INDEX(ORÇAMENTO!D:D,MATCH(A278,ORÇAMENTO!A:A,0))),\"\")","v":""}]
[{"$nulls":5},"Total",{"$f":"SUM(G277:G278)","v":26.18},{"$nulls":7},{"$f":"IFERROR(IF(L279=\"\",\"\",INDEX(ORÇAMENTO!C:C,MATCH(A279,ORÇAMENTO!A:A,0))),\"\")","v":""},{"$f":"IFERROR(IF(L279=\"\",\"\",INDEX(ORÇAMENTO!D:D,MATCH(A279,ORÇAMENTO!A:A,0))),\"\")","v":""}]
["1.7.3.5","REPARO ESTRUTURA DE CONCRETO",{"$nulls":9},{"$f":"ROUND(G283,2)","v":0.1},"M2",null,{"$f":"IFERROR(IF(L280=\"\",\"\",INDEX(ORÇAMENTO!C:C,MATCH(A280,ORÇAMENTO!A:A,0))),\"\")","v":83730},{"$f":"IFERROR(IF(L280=\"\",\"\",INDEX(ORÇAMENTO!D:D,MATCH(A280,ORÇAMENTO!A:A,0))),\"\")","v":"SINAPI"}]
[null,null,"Comp.(m)","Largura(m)","Altura(m)","Quant.","Área(m²)","Volume(m³)",{"$nulls":6},{"$f":"IFERROR(IF(L281=\"\",\"\",INDEX(ORÇAMENTO!C:C,MATCH(A281,ORÇAMENTO!A:A,0))),\"\")","v":""},{"$f":"IFERROR(IF(L281=\"\",\"\",INDEX(ORÇAMENTO!D:D,MATCH(A281,ORÇAMENTO!A:A,0))),\"\")","v":""}]
[null,null,0.5,0.2,null,null,{"$f":"PRODUCT(C282:F282)","v":0.1},{"$nulls":7},{"$f":"IFERROR(IF(L282=\"\",\"\",INDEX(ORÇAMENTO!C:C,MATCH(A282,ORÇAMENTO!A:A,0))),\"\")","v":""},{"$f":"IFERROR(IF(L282=\"\",\"\",INDEX(ORÇAMENTO!D:D,MATCH(A282,ORÇAMENTO!A:A,0))),\"\")","v":""}]
[{"$nulls":5},"Total",{"$f":"SUM(G282:G282)","v":0.1},{"$nulls":7},{"$f":"IFERROR(IF(L283=\"\",\"\",INDEX(ORÇAMENTO!C:C,MATCH(A283,ORÇAMENTO!A:A,0))),\"\")","v":""},{"$f":"IFERROR(IF(L283=\"\",\"\",INDEX(ORÇAMENTO!D:D,MATCH(A283,ORÇAMENTO!A:A,0))),\"\")","v":""}]
["1.7.4","PINTURA ",{"$nulls":12},{"$f":"IFERROR(IF(L284=\"\",\"\",INDEX(ORÇAMENTO!C:C,MATCH(A284,ORÇAMENTO!A:A,0))),\"\")","v":""},{"$f":"IFERROR(IF(L284=\"\",\"\",INDEX(ORÇAMENTO!D:D,MATCH(A284,ORÇAMENTO!A:A,0))),\"\")","v":""}]
[null,"PINTURA PAREDE",{"$nulls":12},{"$f":"IFERROR(IF(L285=\"\",\"\",INDEX(ORÇAMENTO!C:C,MATCH(A285,ORÇAMENTO!A:A,0))),\"\")","v":""},{"$f":"IFERROR(IF(L285=\"\",\"\",INDEX(ORÇAMENTO!D:D,MATCH(A285,ORÇAMENTO!A:A,0))),\"\")","v":""}]
[null,"PINTURA INTERNA",{"$nulls":12},{"$f":"IFERROR(IF(L286=\"\",\"\",INDEX(ORÇAMENTO!C:C,MATCH(A286,ORÇAMENTO!A:A,0))),\"\")","v":""},{"$f":"IFERROR(IF(L286=\"\",\"\",INDEX(ORÇAMENTO!D:D,MATCH(A286,ORÇAMENTO!A:A,0))),\"\")","v":""}]
["1.7.4.1","APLICAÇÃO E LIXAMENTO DE MASSA LÁTEX EM PAREDES, DUAS DEMÃOS",{"$nulls":9},{"$f":"ROUND(G295,2)","v":132.30000000000001},"M2",null,{"$f":"IFERROR(IF(L287=\"\",\"\",INDEX(ORÇAMENTO!C:C,MATCH(A287,ORÇAMENTO!A:A,0))),\"\")","v":88497},{"$f":"IFERROR(IF(L287=\"\",\"\",INDEX(ORÇAMENTO!D:D,MATCH(A287,ORÇAMENTO!A:A,0))),\"\")","v":"SINAPI"}]
[null,null,"Comp.(m)","Largura(m)","Altura(m)","Quant.","Área(m²)","Volume(m³)",{"$nulls":6},{"$f":"IFERROR(IF(L288=\"\",\"\",INDEX(ORÇAMENTO!C:C,MATCH(A288,ORÇAMENTO!A:A,0))),\"\")","v":""},{"$f":"IFERROR(IF(L288=\"\",\"\",INDEX(ORÇAMENTO!D:D,MATCH(A288,ORÇAMENTO!A:A,0))),\"\")","v":""}]
[null,"APLIC. E LIXA. MASSA LATEX (OFICINA)",6.2,null,2.7,2,{"$f":"PRODUCT(C289:F289)","v":33.480000000000004},{"$nulls":7},{"$f":"IFERROR(IF(L289=\"\",\"\",INDEX(ORÇAMENTO!C:C,MATCH(A289,ORÇAMENTO!A:A,0))),\"\")","v":""},{"$f":"IFERROR(IF(L289=\"\",\"\",INDEX(ORÇAMENTO!D:D,MATCH(A289,ORÇAMENTO!A:A,0))),\"\")","v":""}]
[null,"APLIC. E LIXA. MASSA LATEX (OFICINA)",5,null,2.7,2,{"$f":"PRODUCT(C290:F290)","v":27},{"$nulls":7},{"$f":"IFERROR(IF(L290=\"\",\"\",INDEX(ORÇAMENTO!C:C,MATCH(A290,ORÇAMENTO!A:A,0))),\"\")","v":""},{"$f":"IFERROR(IF(L290=\"\",\"\",INDEX(ORÇAMENTO!D:D,MATCH(A290,ORÇAMENTO!A:A,0))),\"\")","v":""}]
[null,"APLIC. E LIXA. MASSA LÁTEX (SALA DE TÉCNICOS)",5,null,2.7,2,27,{"$nulls":7},{"$f":"IFERROR(IF(L291=\"\",\"\",INDEX(ORÇAMENTO!C:C,MATCH(A291,ORÇAMENTO!A:A,0))),\"\")","v":""},{"$f":"IFERROR(IF(L291=\"\",\"\",INDEX(ORÇAMENTO!D:D,MATCH(A291,ORÇAMENTO!A:A,0))),\"\")","v":""}]
[null,"APLIC. E LIXA. MASSA LÁTEX (SALA DE TÉCNICOS)",4.5,null,2.7,2,24.3,{"$nulls":7},{"$f":"IFERROR(IF(L292=\"\",\"\",INDEX(ORÇAMENTO!C:C,MATCH(A292,ORÇAMENTO!A:A,0))),\"\")","v":""},{"$f":"IFERROR(IF(L292=\"\",\"\",INDEX(ORÇAMENTO!D:D,MATCH(A292,ORÇAMENTO!A:A,0))),\"\")","v":""}]
[null,"APLIC. E LIXA. MASSA LATEX (CIRCULAÇÃO)",{"$f":"0.8+1.6+0.8","v":3.2},null,2.7,2,17.28,{"$nulls":7},{"$f":"IFERROR(IF(L293=\"\",\"\",INDEX(ORÇAMENTO!C:C,MATCH(A293,ORÇAMENTO!A:A,0))),\"\")","v":""},{"$f":"IFERROR(IF(L293=\"\",\"\",INDEX(ORÇAMENTO!D:D,MATCH(A293,ORÇAMENTO!A:A,0))),\"\")","v":""}]
[null,"APLIC. E LIXA. MASSA LATEX (CIRCULAÇÃO)",1.2,null,2.7,1,3.24,{"$nulls":7},{"$f":"IFERROR(IF(L294=\"\",\"\",INDEX(ORÇAMENTO!C:C,MATCH(A294,ORÇAMENTO!A:A,0))),\"\")","v":""},{"$f":"IFERROR(IF(L294=\"\",\"\",INDEX(ORÇAMENTO!D:D,MATCH(A294,ORÇAMENTO!A:A,0))),\"\")","v":""}]
[{"$nulls":5},"Total",{"$f":"SUM(G289:G294)","v":132.30000000000001},{"$nulls":7},{"$f":"IFERROR(IF(L295=\"\",\"\",INDEX(ORÇAMENTO!C:C,MATCH(A295,ORÇAMENTO!A:A,0))),\"\")","v":""},{"$f":"IFERROR(IF(L295=\"\",\"\",INDEX(ORÇAMENTO!D:D,MATCH(A295,ORÇAMENTO!A:A,0))),\"\")","v":""}]
["1.7.4.2","APLICAÇÃO DE FUNDO SELADOR LÁTEX PVA EM PAREDES, UMA DEMÃO",{"$nulls":9},{"$f":"ROUND(G304,2)","v":132.30000000000001},"M2",null,{"$f":"IFERROR(IF(L296=\"\",\"\",INDEX(ORÇAMENTO!C:C,MATCH(A296,ORÇAMENTO!A:A,0))),\"\")","v":88485},{"$f":"IFERROR(IF(L296=\"\",\"\",INDEX(ORÇAMENTO!D:D,MATCH(A296,ORÇAMENTO!A:A,0))),\"\")","v":"SINAPI"}]
[null,null,"Comp.(m)","Largura(m)","Altura(m)","Quant.","Área(m²)","Volume(m³)",{"$nulls":6},{"$f":"IFERROR(IF(L297=\"\",\"\",INDEX(ORÇAMENTO!C:C,MATCH(A297,ORÇAMENTO!A:A,0))),\"\")","v":""},{"$f":"IFERROR(IF(L297=\"\",\"\",INDEX(ORÇAMENTO!D:D,MATCH(A297,ORÇAMENTO!A:A,0))),\"\")","v":""}]
[null,"FUNDO SELADOR LATEX (OFICINA)",6.2,null,2.7,2,{"$f":"PRODUCT(C298:F298)","v":33.480000000000004},{"$nulls":7},{"$f":"IFERROR(IF(L298=\"\",\"\",INDEX(ORÇAMENTO!C:C,MATCH(A298,ORÇAMENTO!A:A,0))),\"\")","v":""},{"$f":"IFERROR(IF(L298=\"\",\"\",INDEX(ORÇAMENTO!D:D,MATCH(A298,ORÇAMENTO!A:A,0))),\"\")","v":""}]
[null,"FUNDO SELADOR LATEX (OFICINA)",5,null,2.7,2,{"$f":"PRODUCT(C299:F299)","v":27},{"$nulls":7},{"$f":"IFERROR(IF(L299=\"\",\"\",INDEX(ORÇAMENTO!C:C,MATCH(A299,ORÇAMENTO!A:A,0))),\"\")","v":""},{"$f":"IFERROR(IF(L299=\"\",\"\",INDEX(ORÇAMENTO!D:D,MATCH(A299,ORÇAMENTO!A:A,0))),\"\")","v":""}]
[null,"FUNDO SELADOR LATEX (SALA DE TÉCNICOS)",5,null,2.7,2,27,{"$nulls":7},{"$f":"IFERROR(IF(L300=\"\",\"\",INDEX(ORÇAMENTO!C:C,MATCH(A300,ORÇAMENTO!A:A,0))),\"\")","v":""},{"$f":"IFERROR(IF(L300=\"\",\"\",INDEX(ORÇAMENTO!D:D,MATCH(A300,ORÇAMENTO!A:A,0))),\"\")","v":""}]
[null,"FUNDO SELADOR LATEX (SALA DE TÉCNICOS)",4.5,null,2.7,2,24.3,{"$nulls":7},{"$f":"IFERROR(IF(L301=\"\",\"\",INDEX(ORÇAMENTO!C:C,MATCH(A301,ORÇAMENTO!A:A,0))),\"\")","v":""},{"$f":"IFERROR(IF(L301=\"\",\"\",INDEX(ORÇAMENTO!D:D,MATCH(A301,ORÇAMENTO!A:A,0))),\"\")","v":""}]
[null,"FUNDO SELADOR LATEX (CIRCULAÇÃO)",{"$f":"0.8+1.6+0.8","v":3.2},null,2.7,2,17.28,{"$nulls":7},{"$f":"IFERROR(IF(L302=\"\",\"\",INDEX(ORÇAMENTO!C:C,MATCH(A302,ORÇAMENTO!A:A,0))),\"\")","v":""},{"$f":"IFERROR(IF(L302=\"\",\"\",INDEX(ORÇAMENTO!D:D,MATCH(A302,ORÇAMENTO!A:A,0))),\"\")","v":""}]
[null,"FUNDO SELADOR LATEX (CIRCULAÇÃO)",1.2,null,2.7,1,3.24,{"$nulls":7},{"$f":"IFERROR(IF(L303=\"\",\"\",INDEX(ORÇAMENTO!C:C,MATCH(A303,ORÇAMENTO!A:A,0))),\"\")","v":""},{"$f":"IFERROR(IF(L303=\"\",\"\",INDEX(ORÇAMENTO!D:D,MATCH(A303,ORÇAMENTO!A:A,0))),\"\")","v":""}]
[{"$nulls":5},"Total",{"$f":"SUM(G298:G303)","v":132.30000000000001},{"$nulls":7},{"$f":"IFERROR(IF(L304=\"\",\"\",INDEX(ORÇAMENTO!C:C,MATCH(A304,ORÇAMENTO!A:A,0))),\"\")","v":""},{"$f":"IFERROR(IF(L304=\"\",\"\",INDEX(ORÇAMENTO!D:D,MATCH(A304,ORÇAMENTO!A:A,0))),\"\")","v":""}]
["1.7.4.3","APLICAÇÃO MANUAL DE PINTURA COM TINTA LÁTEX PVA EM PAREDES, DUAS DEMÃOS",{"$nulls":9},{"$f":"ROUND(G313,2)","v":132.30000000000001},"M2",null,{"$f":"IFERROR(IF(L305=\"\",\"\",INDEX(ORÇAMENTO!C:C,MATCH(A305,ORÇAMENTO!A:A,0))),\"\")","v":88489},{"$f":"IFERROR(IF(L305=\"\",\"\",INDEX(ORÇAMENTO!D:D,MATCH(A305,ORÇAMENTO!A:A,0))),\"\")","v":"SINAPI"}]
[null,null,"Comp.(m)","Largura(m)","Altura(m)","Quant.","Área(m²)","Volume(m³)",{"$nulls":6},{"$f":"IFERROR(IF(L306=\"\",\"\",INDEX(ORÇAMENTO!C:C,MATCH(A306,ORÇAMENTO!A:A,0))),\"\")","v":""},{"$f":"IFERROR(IF(L306=\"\",\"\",INDEX(ORÇAMENTO!D:D,MATCH(A306,ORÇAMENTO!A:A,0))),\"\")","v":""}]
[null,"APLIC. PINTURA COM TINTA LÁTEX PVA (OFICINA)",6.2,null,2.7,2,{"$f":"PRODUCT(C307:F307)","v":33.480000000000004},{"$nulls":7},{"$f":"IFERROR(IF(L307=\"\",\"\",INDEX(ORÇAMENTO!C:C,MATCH(A307,ORÇAMENTO!A:A,0))),\"\")","v":""},{"$f":"IFERROR(IF(L307=\"\",\"\",INDEX(ORÇAMENTO!D:D,MATCH(A307,ORÇAMENTO!A:A,0))),\"\")","v":""}]
[null,"APLIC. PINTURA COM TINTA LÁTEX PVA (OFICINA)",5,null,2.7,2,{"$f":"PRODUCT(C308:F308)","v":27},{"$nulls":7},{"$f":"IFERROR(IF(L308=\"\",\"\",INDEX(ORÇAMENTO!C:C,MATCH(A308,ORÇAMENTO!A:A,0))),\"\")","v":""},{"$f":"IFERROR(IF(L308=\"\",\"\",INDEX(ORÇAMENTO!D:D,MATCH(A308,ORÇAMENTO!A:A,0))),\"\")","v":""}]
[null,"APLIC. PINTURA COM TINTA LÁTEX PVA (SALA DE TÉCNICOS)",5,null,2.7,2,27,{"$nulls":7},{"$f":"IFERROR(IF(L309=\"\",\"\",INDEX(ORÇAMENTO!C:C,MATCH(A309,ORÇAMENTO!A:A,0))),\"\")","v":""},{"$f":"IFERROR(IF(L309=\"\",\"\",INDEX(ORÇAMENTO!D:D,MATCH(A309,ORÇAMENTO!A:A,0))),\"\")","v":""}]
[null,"APLIC. PINTURA COM TINTA LÁTEX PVA (SALA DE TÉCNICOS)",4.5,null,2.7,2,24.3,{"$nulls":7},{"$f":"IFERROR(IF(L310=\"\",\"\",INDEX(ORÇAMENTO!C:C,MATCH(A310,ORÇAMENTO!A:A,0))),\"\")","v":""},{"$f":"IFERROR(IF(L310=\"\",\"\",INDEX(ORÇAMENTO!D:D,MATCH(A310,ORÇAMENTO!A:A,0))),\"\")","v":""}]
[null,"APLIC. PINTURA COM TINTA LÁTEX PVA (CIRCULAÇÃO)",{"$f":"0.8+1.6+0.8","v":3.2},null,2.7,2,17.28,{"$nulls":7},{"$f":"IFERROR(IF(L311=\"\",\"\",INDEX(ORÇAMENTO!C:C,MATCH(A311,ORÇAMENTO!A:A,0))),\"\")","v":""},{"$f":"IFERROR(IF(L311=\"\",\"\",INDEX(ORÇAMENTO!D:D,MATCH(A311,ORÇAMENTO!A:A,0))),\"\")","v":""}]
[null,"APLIC. PINTURA COM TINTA LÁTEX PVA (CIRCULAÇÃO)",1.2,null,2.7,1,3.24,{"$nulls":7},{"$f":"IFERROR(IF(L312=\"\",\"\",INDEX(ORÇAMENTO!C:C,MATCH(A312,ORÇAMENTO!A:A,0))),\"\")","v":""},{"$f":"IFERROR(IF(L312=\"\",\"\",INDEX(ORÇAMENTO!D:D,MATCH(A312,ORÇAMENTO!A:A,0))),\"\")","v":""}]
[{"$nulls":5},"Total",{"$f":"SUM(G307:G312)","v":132.30000000000001},{"$nulls":7},{"$f":"IFERROR(IF(L313=\"\",\"\",INDEX(ORÇAMENTO!C:C,MATCH(A313,ORÇAMENTO!A:A,0))),\"\")","v":""},{"$f":"IFERROR(IF(L313=\"\",\"\",INDEX(ORÇAMENTO!D:D,MATCH(A313,ORÇAMENTO!A:A,0))),\"\")","v":""}]
[null,"PINTURA EXTERNA",{"$nulls":12},{"$f":"IFERROR(IF(L314=\"\",\"\",INDEX(ORÇAMENTO!C:C,MATCH(A314,ORÇAMENTO!A:A,0))),\"\")","v":""},{"$f":"IFERROR(IF(L314=\"\",\"\",INDEX(ORÇAMENTO!D:D,MATCH(A314,ORÇAMENTO!A:A,0))),\"\")","v":""}]
["1.7.4.4","APLICAÇÃO MANUAL DE MASSA ACRÍLICA EM PAREDES EXTERNAS DE CASAS, DUAS DEMÃOS",{"$nulls":9},{"$f":"ROUND(G318,2)","v":193.08},"M2",null,{"$f":"IFERROR(IF(L315=\"\",\"\",INDEX(ORÇAMENTO!C:C,MATCH(A315,ORÇAMENTO!A:A,0))),\"\")","v":96135},{"$f":"IFERROR(IF(L315=\"\",\"\",INDEX(ORÇAMENTO!D:D,MATCH(A315,ORÇAMENTO!A:A,0))),\"\")","v":"SINAPI"}]
[null,null,"Comp.(m)","Largura(m)","Altura(m)","Quant.","Área(m²)","Volume(m³)",{"$nulls":6},{"$f":"IFERROR(IF(L316=\"\",\"\",INDEX(ORÇAMENTO!C:C,MATCH(A316,ORÇAMENTO!A:A,0))),\"\")","v":""},{"$f":"IFERROR(IF(L316=\"\",\"\",INDEX(ORÇAMENTO!D:D,MATCH(A316,ORÇAMENTO!A:A,0))),\"\")","v":""}]
[null,"APLIC. E LIXA. MASSA ACRÍLICA (EXTERIOR)",{"$f":"2*((9.3+2*(0.25+1.2))+(5+0.15+3.2+0.15+5))+2*(1.2+0.3+0.15)","v":54.7},null,{"$f":"(3.65*9.3+3.45*14)/(9.3+14)","v":3.5298283261802577},null,{"$f":"PRODUCT(C317:F317)","v":193.08160944206011},{"$nulls":7},{"$f":"IFERROR(IF(L317=\"\",\"\",INDEX(ORÇAMENTO!C:C,MATCH(A317,ORÇAMENTO!A:A,0))),\"\")","v":""},{"$f":"IFERROR(IF(L317=\"\",\"\",INDEX(ORÇAMENTO!D:D,MATCH(A317,ORÇAMENTO!A:A,0))),\"\")","v":""}]
[{"$nulls":5},"Total",{"$f":"SUM(G317:G317)","v":193.08160944206011},{"$nulls":7},{"$f":"IFERROR(IF(L318=\"\",\"\",INDEX(ORÇAMENTO!C:C,MATCH(A318,ORÇAMENTO!A:A,0))),\"\")","v":""},{"$f":"IFERROR(IF(L318=\"\",\"\",INDEX(ORÇAMENTO!D:D,MATCH(A318,ORÇAMENTO!A:A,0))),\"\")","v":""}]
[null,null,"Comp.(m)","Largura(m)","Altura(m)","Quant.","Área(m²)","Volume(m³)",{"$nulls":6},{"$f":"IFERROR(IF(L319=\"\",\"\",INDEX(ORÇAMENTO!C:C,MATCH(A319,ORÇAMENTO!A:A,0))),\"\")","v":""},{"$f":"IFERROR(IF(L319=\"\",\"\",INDEX(ORÇAMENTO!D:D,MATCH(A319,ORÇAMENTO!A:A,0))),\"\")","v":""}]
["1.7.4.5","APLICAÇÃO MANUAL DE PINTURA COM TINTA LÁTEX ACRÍLICA EM PAREDES, DUAS DEMÃOS",{"$nulls":9},{"$f":"ROUND(G323,2)","v":193.08},"M2",null,{"$f":"IFERROR(IF(L320=\"\",\"\",INDEX(ORÇAMENTO!C:C,MATCH(A320,ORÇAMENTO!A:A,0))),\"\")","v":95626},{"$f":"IFERROR(IF(L320=\"\",\"\",INDEX(ORÇAMENTO!D:D,MATCH(A320,ORÇAMENTO!A:A,0))),\"\")","v":"SINAPI"}]
[null,null,"Comp.(m)","Largura(m)","Altura(m)","Quant.","Área(m²)","Volume(m³)",{"$nulls":6},{"$f":"IFERROR(IF(L321=\"\",\"\",INDEX(ORÇAMENTO!C:C,MATCH(A321,ORÇAMENTO!A:A,0))),\"\")","v":""},{"$f":"IFERROR(IF(L321=\"\",\"\",INDEX(ORÇAMENTO!D:D,MATCH(A321,ORÇAMENTO!A:A,0))),\"\")","v":""}]
[null,"APLIC. PINTURA COM TINTA ACRÍLICA (EXTERIOR)",{"$f":"2*((9.3+2*(0.25+1.2))+(5+0.15+3.2+0.15+5))+2*(1.2+0.3+0.15)","v":54.7},null,{"$f":"(3.65*9.3+3.45*14)/(9.3+14)","v":3.5298283261802577},null,{"$f":"PRODUCT(C322:F322)","v":193.08160944206011},{"$nulls":7},{"$f":"IFERROR(IF(L322=\"\",\"\",INDEX(ORÇAMENTO!C:C,MATCH(A322,ORÇAMENTO!A:A,0))),\"\")","v":""},{"$f":"IFERROR(IF(L322=\"\",\"\",INDEX(ORÇAMENTO!D:D,MATCH(A322,ORÇAMENTO!A:A,0))),\"\")","v":""}]
[{"$nulls":5},"Total",{"$f":"SUM(G322:G322)","v":193.08160944206011},{"$nulls":7},{"$f":"IFERROR(IF(L323=\"\",\"\",INDEX(ORÇAMENTO!C:C,MATCH(A323,ORÇAMENTO!A:A,0))),\"\")","v":""},{"$f":"IFERROR(IF(L323=\"\",\"\",INDEX(ORÇAMENTO!D:D,MATCH(A323,ORÇAMENTO!A:A,0))),\"\")","v":""}]
[null,"PINTURA GRADIS",{"$nulls":12},{"$f":"IFERROR(IF(L324=\"\",\"\",INDEX(ORÇAMENTO!C:C,MATCH(A324,ORÇAMENTO!A:A,0))),\"\")","v":""},{"$f":"IFERROR(IF(L324=\"\",\"\",INDEX(ORÇAMENTO!D:D,MATCH(A324,ORÇAMENTO!A:A,0))),\"\")","v":""}]
["1.7.4.6","PINTURA ESMALTE SINTÉTICO",{"$nulls":9},{"$f":"ROUND(G328,2)","v":16},"M2",null,{"$f":"IFERROR(IF(L325=\"\",\"\",INDEX(ORÇAMENTO!C:C,MATCH(A325,ORÇAMENTO!A:A,0))),\"\")","v":100726},{"$f":"IFERROR(IF(L325=\"\",\"\",INDEX(ORÇAMENTO!D:D,MATCH(A325,ORÇAMENTO!A:A,0))),\"\")","v":"SINAPI"}]
[null,null,"Comp.(m)","Largura(m)","Altura(m)","Quant.","Área(m²)","Volume(m³)",{"$nulls":6},{"$f":"IFERROR(IF(L326=\"\",\"\",INDEX(ORÇAMENTO!C:C,MATCH(A326,ORÇAMENTO!A:A,0))),\"\")","v":""},{"$f":"IFERROR(IF(L326=\"\",\"\",INDEX(ORÇAMENTO!D:D,MATCH(A326,ORÇAMENTO!A:A,0))),\"\")","v":""}]
[null,"PORTÃO (CIRCULAÇÃO)",{"$f":"0.8+1.6+0.8","v":3.2},null,2.5,2,{"$f":"PRODUCT(C327:F327)","v":16},{"$nulls":7},{"$f":"IFERROR(IF(L327=\"\",\"\",INDEX(ORÇAMENTO!C:C,MATCH(A327,ORÇAMENTO!A:A,0))),\"\")","v":""},{"$f":"IFERROR(IF(L327=\"\",\"\",INDEX(ORÇAMENTO!D:D,MATCH(A327,ORÇAMENTO!A:A,0))),\"\")","v":""}]
[{"$nulls":5},"Total",{"$f":"SUM(G327:G327)","v":16},{"$nulls":7},{"$f":"IFERROR(IF(L328=\"\",\"\",INDEX(ORÇAMENTO!C:C,MATCH(A328,ORÇAMENTO!A:A,0))),\"\")","v":""},{"$f":"IFERROR(IF(L328=\"\",\"\",INDEX(ORÇAMENTO!D:D,MATCH(A328,ORÇAMENTO!A:A,0))),\"\")","v":""}]
["1.7.5","FORROS",{"$nulls":12},{"$f":"IFERROR(IF(L329=\"\",\"\",INDEX(ORÇAMENTO!C:C,MATCH(A329,ORÇAMENTO!A:A,0))),\"\")","v":""},{"$f":"IFERROR(IF(L329=\"\",\"\",INDEX(ORÇAMENTO!D:D,MATCH(A329,ORÇAMENTO!A:A,0))),\"\")","v":""}]
["1.7.5.1","FORRO EM RÉGUAS DE PVC ",{"$nulls":9},{"$f":"ROUND(G335,2)","v":50.36},"M2",null,{"$f":"IFERROR(IF(L330=\"\",\"\",INDEX(ORÇAMENTO!C:C,MATCH(A330,ORÇAMENTO!A:A,0))),\"\")","v":96116},{"$f":"IFERROR(IF(L330=\"\",\"\",INDEX(ORÇAMENTO!D:D,MATCH(A330,ORÇAMENTO!A:A,0))),\"\")","v":"SINAPI"}]
[null,null,"Comp.(m)","Largura(m)","Altura(m)","Quant.","Área(m²)","Volume(m³)",{"$nulls":6},{"$f":"IFERROR(IF(L331=\"\",\"\",INDEX(ORÇAMENTO!C:C,MATCH(A331,ORÇAMENTO!A:A,0))),\"\")","v":""},{"$f":"IFERROR(IF(L331=\"\",\"\",INDEX(ORÇAMENTO!D:D,MATCH(A331,ORÇAMENTO!A:A,0))),\"\")","v":""}]
[null,"FORRO (OFICINA)",6.2,5,null,null,{"$f":"PRODUCT(C332:F332)","v":31},{"$nulls":7},{"$f":"IFERROR(IF(L332=\"\",\"\",INDEX(ORÇAMENTO!C:C,MATCH(A332,ORÇAMENTO!A:A,0))),\"\")","v":""},{"$f":"IFERROR(IF(L332=\"\",\"\",INDEX(ORÇAMENTO!D:D,MATCH(A332,ORÇAMENTO!A:A,0))),\"\")","v":""}]
[null,"FORRO (BANHEIROS)",4.8499999999999996,3.2,null,null,{"$f":"PRODUCT(C333:F333)","v":15.52},{"$nulls":7},{"$f":"IFERROR(IF(L333=\"\",\"\",INDEX(ORÇAMENTO!C:C,MATCH(A333,ORÇAMENTO!A:A,0))),\"\")","v":""},{"$f":"IFERROR(IF(L333=\"\",\"\",INDEX(ORÇAMENTO!D:D,MATCH(A333,ORÇAMENTO!A:A,0))),\"\")","v":""}]
[null,"FORRO (CIRCULAÇÃO)",3.2,1.2,null,null,{"$f":"PRODUCT(C334:F334)","v":3.84},{"$nulls":7},{"$f":"IFERROR(IF(L334=\"\",\"\",INDEX(ORÇAMENTO!C:C,MATCH(A334,ORÇAMENTO!A:A,0))),\"\")","v":""},{"$f":"IFERROR(IF(L334=\"\",\"\",INDEX(ORÇAMENTO!D:D,MATCH(A334,ORÇAMENTO!A:A,0))),\"\")","v":""}]
[{"$nulls":5},"Total",{"$f":"SUM(G332:G334)","v":50.36},{"$nulls":7},{"$f":"IFERROR(IF(L335=\"\",\"\",INDEX(ORÇAMENTO!C:C,MATCH(A335,ORÇAMENTO!A:A,0))),\"\")","v":""},{"$f":"IFERROR(IF(L335=\"\",\"\",INDEX(ORÇAMENTO!D:D,MATCH(A335,ORÇAMENTO!A:A,0))),\"\")","v":""}]
["1.7.6","BANCADAS",{"$nulls":12},{"$f":"IFERROR(IF(L336=\"\",\"\",INDEX(ORÇAMENTO!C:C,MATCH(A336,ORÇAMENTO!A:A,0))),\"\")","v":""},{"$f":"IFERROR(IF(L336=\"\",\"\",INDEX(ORÇAMENTO!D:D,MATCH(A336,ORÇAMENTO!A:A,0))),\"\")","v":""}]
["1.7.6.1","PRATELEIRA EM CONCRETO APARENTE",{"$nulls":9},{"$f":"ROUND(H340,2)","v":0.46},"M3",null,{"$f":"IFERROR(IF(L337=\"\",\"\",INDEX(ORÇAMENTO!C:C,MATCH(A337,ORÇAMENTO!A:A,0))),\"\")","v":97736},{"$f":"IFERROR(IF(L337=\"\",\"\",INDEX(ORÇAMENTO!D:D,MATCH(A337,ORÇAMENTO!A:A,0))),\"\")","v":"SINAPI"}]
[null,null,"Comp.(m)","Largura(m)","Altura(m)","Quant.","Área(m²)","Volume(m³)",{"$nulls":6},{"$f":"IFERROR(IF(L338=\"\",\"\",INDEX(ORÇAMENTO!C:C,MATCH(A338,ORÇAMENTO!A:A,0))),\"\")","v":""},{"$f":"IFERROR(IF(L338=\"\",\"\",INDEX(ORÇAMENTO!D:D,MATCH(A338,ORÇAMENTO!A:A,0))),\"\")","v":""}]
[null,"PRATELEIRA (OFICINA)",{"$f":"5-1.2","v":3.8},0.6,0.1,2,null,{"$f":"PRODUCT(C339:F339)","v":0.45599999999999996},{"$nulls":6},{"$f":"IFERROR(IF(L339=\"\",\"\",INDEX(ORÇAMENTO!C:C,MATCH(A339,ORÇAMENTO!A:A,0))),\"\")","v":""},{"$f":"IFERROR(IF(L339=\"\",\"\",INDEX(ORÇAMENTO!D:D,MATCH(A339,ORÇAMENTO!A:A,0))),\"\")","v":""}]
[{"$nulls":6},"Total",{"$f":"SUM(H339)","v":0.45599999999999996},{"$nulls":6},{"$f":"IFERROR(IF(L340=\"\",\"\",INDEX(ORÇAMENTO!C:C,MATCH(A340,ORÇAMENTO!A:A,0))),\"\")","v":""},{"$f":"IFERROR(IF(L340=\"\",\"\",INDEX(ORÇAMENTO!D:D,MATCH(A340,ORÇAMENTO!A:A,0))),\"\")","v":""}]
["1.7.7","ESQUADRIAS E GRADIS",{"$nulls":12},{"$f":"IFERROR(IF(L341=\"\",\"\",INDEX(ORÇAMENTO!C:C,MATCH(A341,ORÇAMENTO!A:A,0))),\"\")","v":""},{"$f":"IFERROR(IF(L341=\"\",\"\",INDEX(ORÇAMENTO!D:D,MATCH(A341,ORÇAMENTO!A:A,0))),\"\")","v":""}]
["1.7.7.1","PORTÃO EM ALUMÍNIO ",{"$nulls":9},{"$f":"ROUND(G345,2)","v":7.5},"M3",null,{"$f":"IFERROR(IF(L342=\"\",\"\",INDEX(ORÇAMENTO!C:C,MATCH(A342,ORÇAMENTO!A:A,0))),\"\")","v":91338},{"$f":"IFERROR(IF(L342=\"\",\"\",INDEX(ORÇAMENTO!D:D,MATCH(A342,ORÇAMENTO!A:A,0))),\"\")","v":"SINAPI"}]
[null,null,"Comp.(m)","Largura(m)","Altura(m)","Quant.","Área(m²)","Volume(m³)",{"$nulls":6},{"$f":"IFERROR(IF(L343=\"\",\"\",INDEX(ORÇAMENTO!C:C,MATCH(A343,ORÇAMENTO!A:A,0))),\"\")","v":""},{"$f":"IFERROR(IF(L343=\"\",\"\",INDEX(ORÇAMENTO!D:D,MATCH(A343,ORÇAMENTO!A:A,0))),\"\")","v":""}]
[null,"PORTÃO (OFICINA)",3,null,2.5,null,{"$f":"PRODUCT(C344:F344)","v":7.5},{"$nulls":7},{"$f":"IFERROR(IF(L344=\"\",\"\",INDEX(ORÇAMENTO!C:C,MATCH(A344,ORÇAMENTO!A:A,0))),\"\")","v":""},{"$f":"IFERROR(IF(L344=\"\",\"\",INDEX(ORÇAMENTO!D:D,MATCH(A344,ORÇAMENTO!A:A,0))),\"\")","v":""}]
[{"$nulls":5},"Total",{"$f":"SUM(G344)","v":7.5},{"$nulls":7},{"$f":"IFERROR(IF(L345=\"\",\"\",INDEX(ORÇAMENTO!C:C,MATCH(A345,ORÇAMENTO!A:A,0))),\"\")","v":""},{"$f":"IFERROR(IF(L345=\"\",\"\",INDEX(ORÇAMENTO!D:D,MATCH(A345,ORÇAMENTO!A:A,0))),\"\")","v":""}]
["1.7.8","LOUÇAS E METAIS",{"$nulls":12},{"$f":"IFERROR(IF(L346=\"\",\"\",INDEX(ORÇAMENTO!C:C,MATCH(A346,ORÇAMENTO!A:A,0))),\"\")","v":""},{"$f":"IFERROR(IF(L346=\"\",\"\",INDEX(ORÇAMENTO!D:D,MATCH(A346,ORÇAMENTO!A:A,0))),\"\")","v":""}]
[null,"BALCÃO INOX COM CUBA 120 X 55 CM (OFICINA)",{"$nulls":12},{"$f":"IFERROR(IF(L347=\"\",\"\",INDEX(ORÇAMENTO!C:C,MATCH(A347,ORÇAMENTO!A:A,0))),\"\")","v":""},{"$f":"IFERROR(IF(L347=\"\",\"\",INDEX(ORÇAMENTO!D:D,MATCH(A347,ORÇAMENTO!A:A,0))),\"\")","v":""}]
["1.7.8.1","BALCÃO INOX COM CUBA",{"$nulls":9},{"$f":"ROUND(F351,2)","v":1},"UND",null,{"$f":"IFERROR(IF(L348=\"\",\"\",INDEX(ORÇAMENTO!C:C,MATCH(A348,ORÇAMENTO!A:A,0))),\"\")","v":"COMP3"},{"$f":"IFERROR(IF(L348=\"\",\"\",INDEX(ORÇAMENTO!D:D,MATCH(A348,ORÇAMENTO!A:A,0))),\"\")","v":"P/SINAPI"}]
[null,null,"Comp.(m)","Largura(m)","Altura(m)","Quant.","Área(m²)","Volume(m³)",{"$nulls":6},{"$f":"IFERROR(IF(L349=\"\",\"\",INDEX(ORÇAMENTO!C:C,MATCH(A349,ORÇAMENTO!A:A,0))),\"\")","v":""},{"$f":"IFERROR(IF(L349=\"\",\"\",INDEX(ORÇAMENTO!D:D,MATCH(A349,ORÇAMENTO!A:A,0))),\"\")","v":""}]
[null,"BALCÃO INOX (OFICINA)",null,null,null,1,{"$nulls":8},{"$f":"IFERROR(IF(L350=\"\",\"\",INDEX(ORÇAMENTO!C:C,MATCH(A350,ORÇAMENTO!A:A,0))),\"\")","v":""},{"$f":"IFERROR(IF(L350=\"\",\"\",INDEX(ORÇAMENTO!D:D,MATCH(A350,ORÇAMENTO!A:A,0))),\"\")","v":""}]
[{"$nulls":4},"Total",{"$f":"SUM(F350)","v":1},{"$nulls":8},{"$f":"IFERROR(IF(L351=\"\",\"\",INDEX(ORÇAMENTO!C:C,MATCH(A351,ORÇAMENTO!A:A,0))),\"\")","v":""},{"$f":"IFERROR(IF(L351=\"\",\"\",INDEX(ORÇAMENTO!D:D,MATCH(A351,ORÇAMENTO!A:A,0))),\"\")","v":""}]
["1.7.8.2","TORNEIRA",{"$nulls":9},{"$f":"ROUND(F355,2)","v":1},"UND",null,{"$f":"IFERROR(IF(L352=\"\",\"\",INDEX(ORÇAMENTO!C:C,MATCH(A352,ORÇAMENTO!A:A,0))),\"\")","v":86910},{"$f":"IFERROR(IF(L352=\"\",\"\",INDEX(ORÇAMENTO!D:D,MATCH(A352,ORÇAMENTO!A:A,0))),\"\")","v":"SINAPI"}]
[null,null,"Comp.(m)","Largura(m)","Altura(m)","Quant.","Área(m²)","Volume(m³)",{"$nulls":6},{"$f":"IFERROR(IF(L353=\"\",\"\",INDEX(ORÇAMENTO!C:C,MATCH(A353,ORÇAMENTO!A:A,0))),\"\")","v":""},{"$f":"IFERROR(IF(L353=\"\",\"\",INDEX(ORÇAMENTO!D:D,MATCH(A353,ORÇAMENTO!A:A,0))),\"\")","v":""}]
[null,"TORNEIRA PARA BALCÃO INOX (OFICINA)",null,null,null,1,{"$nulls":8},{"$f":"IFERROR(IF(L354=\"\",\"\",INDEX(ORÇAMENTO!C:C,MATCH(A354,ORÇAMENTO!A:A,0))),\"\")","v":""},{"$f":"IFERROR(IF(L354=\"\",\"\",INDEX(ORÇAMENTO!D:D,MATCH(A354,ORÇAMENTO!A:A,0))),\"\")","v":""}]
[{"$nulls":4},"Total",{"$f":"SUM(F354)","v":1},{"$nulls":8},{"$f":"IFERROR(IF(L355=\"\",\"\",INDEX(ORÇAMENTO!C:C,MATCH(A355,ORÇAMENTO!A:A,0))),\"\")","v":""},{"$f":"IFERROR(IF(L355=\"\",\"\",INDEX(ORÇAMENTO!D:D,MATCH(A355,ORÇAMENTO!A:A,0))),\"\")","v":""}]
["1.7.8.3","ENGATE FLEXÍVEL EM INOX (CHICOTE)",{"$nulls":9},{"$f":"ROUND(F359,2)","v":1},"UND",null,{"$f":"IFERROR(IF(L356=\"\",\"\",INDEX(ORÇAMENTO!C:C,MATCH(A356,ORÇAMENTO!A:A,0))),\"\")","v":86887},{"$f":"IFERROR(IF(L356=\"\",\"\",INDEX(ORÇAMENTO!D:D,MATCH(A356,ORÇAMENTO!A:A,0))),\"\")","v":"SINAPI"}]
[null,null,"Comp.(m)","Largura(m)","Altura(m)","Quant.","Área(m²)","Volume(m³)",{"$nulls":6},{"$f":"IFERROR(IF(L357=\"\",\"\",INDEX(ORÇAMENTO!C:C,MATCH(A357,ORÇAMENTO!A:A,0))),\"\")","v":""},{"$f":"IFERROR(IF(L357=\"\",\"\",INDEX(ORÇAMENTO!D:D,MATCH(A357,ORÇAMENTO!A:A,0))),\"\")","v":""}]
[null,"CHICOTE PARA BALCÃO INOX (OFICINA)",null,null,null,1,{"$nulls":8},{"$f":"IFERROR(IF(L358=\"\",\"\",INDEX(ORÇAMENTO!C:C,MATCH(A358,ORÇAMENTO!A:A,0))),\"\")","v":""},{"$f":"IFERROR(IF(L358=\"\",\"\",INDEX(ORÇAMENTO!D:D,MATCH(A358,ORÇAMENTO!A:A,0))),\"\")","v":""}]
[{"$nulls":4},"Total",{"$f":"SUM(F358)","v":1},{"$nulls":8},{"$f":"IFERROR(IF(L359=\"\",\"\",INDEX(ORÇAMENTO!C:C,MATCH(A359,ORÇAMENTO!A:A,0))),\"\")","v":""},{"$f":"IFERROR(IF(L359=\"\",\"\",INDEX(ORÇAMENTO!D:D,MATCH(A359,ORÇAMENTO!A:A,0))),\"\")","v":""}]
["1.7.9","INSTALAÇÕES HIDROSSANITÁRIAS",{"$nulls":12},{"$f":"IFERROR(IF(L360=\"\",\"\",INDEX(ORÇAMENTO!C:C,MATCH(A360,ORÇAMENTO!A:A,0))),\"\")","v":""},{"$f":"IFERROR(IF(L360=\"\",\"\",INDEX(ORÇAMENTO!D:D,MATCH(A360,ORÇAMENTO!A:A,0))),\"\")","v":""}]
["1.7.9.1","MICTÓRIO (COMPLETO) FORNECIMENTO E INSTALAÇÃO",{"$nulls":9},{"$f":"ROUND(F364,2)","v":1},"UND",null,{"$f":"IFERROR(IF(L361=\"\",\"\",INDEX(ORÇAMENTO!C:C,MATCH(A361,ORÇAMENTO!A:A,0))),\"\")","v":"74234/1"},{"$f":"IFERROR(IF(L361=\"\",\"\",INDEX(ORÇAMENTO!D:D,MATCH(A361,ORÇAMENTO!A:A,0))),\"\")","v":"SINAPI"}]
[null,null,"Comp.(m)","Largura(m)","Altura(m)","Quant.","Área(m²)","Volume(m³)",{"$nulls":6},{"$f":"IFERROR(IF(L362=\"\",\"\",INDEX(ORÇAMENTO!C:C,MATCH(A362,ORÇAMENTO!A:A,0))),\"\")","v":""},{"$f":"IFERROR(IF(L362=\"\",\"\",INDEX(ORÇAMENTO!D:D,MATCH(A362,ORÇAMENTO!A:A,0))),\"\")","v":""}]
[null,"MICTÓRIO (BANHEIRO)",null,null,null,1,{"$nulls":8},{"$f":"IFERROR(IF(L363=\"\",\"\",INDEX(ORÇAMENTO!C:C,MATCH(A363,ORÇAMENTO!A:A,0))),\"\")","v":""},{"$f":"IFERROR(IF(L363=\"\",\"\",INDEX(ORÇAMENTO!D:D,MATCH(A363,ORÇAMENTO!A:A,0))),\"\")","v":""}]
[{"$nulls":4},"Total",{"$f":"SUM(F363)","v":1},{"$nulls":8},{"$f":"IFERROR(IF(L364=\"\",\"\",INDEX(ORÇAMENTO!C:C,MATCH(A364,ORÇAMENTO!A:A,0))),\"\")","v":""},{"$f":"IFERROR(IF(L364=\"\",\"\",INDEX(ORÇAMENTO!D:D,MATCH(A364,ORÇAMENTO!A:A,0))),\"\")","v":""}]
["1.7.9.2","VÁLVULA PARA PIA",{"$nulls":9},{"$f":"ROUND(F368,2)","v":1},"UND",null,{"$f":"IFERROR(IF(L365=\"\",\"\",INDEX(ORÇAMENTO!C:C,MATCH(A365,ORÇAMENTO!A:A,0))),\"\")","v":86878},{"$f":"IFERROR(IF(L365=\"\",\"\",INDEX(ORÇAMENTO!D:D,MATCH(A365,ORÇAMENTO!A:A,0))),\"\")","v":"SINAPI"}]
[null,null,"Comp.(m)","Largura(m)","Altura(m)","Quant.","Área(m²)","Volume(m³)",{"$nulls":6},{"$f":"IFERROR(IF(L366=\"\",\"\",INDEX(ORÇAMENTO!C:C,MATCH(A366,ORÇAMENTO!A:A,0))),\"\")","v":""},{"$f":"IFERROR(IF(L366=\"\",\"\",INDEX(ORÇAMENTO!D:D,MATCH(A366,ORÇAMENTO!A:A,0))),\"\")","v":""}]
[null,"PIA (BANHEIRO)",null,null,null,1,{"$nulls":8},{"$f":"IFERROR(IF(L367=\"\",\"\",INDEX(ORÇAMENTO!C:C,MATCH(A367,ORÇAMENTO!A:A,0))),\"\")","v":""},{"$f":"IFERROR(IF(L367=\"\",\"\",INDEX(ORÇAMENTO!D:D,MATCH(A367,ORÇAMENTO!A:A,0))),\"\")","v":""}]
[{"$nulls":4},"Total",{"$f":"SUM(F367)","v":1},{"$nulls":8},{"$f":"IFERROR(IF(L368=\"\",\"\",INDEX(ORÇAMENTO!C:C,MATCH(A368,ORÇAMENTO!A:A,0))),\"\")","v":""},{"$f":"IFERROR(IF(L368=\"\",\"\",INDEX(ORÇAMENTO!D:D,MATCH(A368,ORÇAMENTO!A:A,0))),\"\")","v":""}]
["1.7.9.3","SIFÃO PARA PIA",{"$nulls":9},{"$f":"ROUND(F372,2)","v":1},"UND",null,{"$f":"IFERROR(IF(L369=\"\",\"\",INDEX(ORÇAMENTO!C:C,MATCH(A369,ORÇAMENTO!A:A,0))),\"\")","v":86881},{"$f":"IFERROR(IF(L369=\"\",\"\",INDEX(ORÇAMENTO!D:D,MATCH(A369,ORÇAMENTO!A:A,0))),\"\")","v":"SINAPI"}]
[null,null,"Comp.(m)","Largura(m)","Altura(m)","Quant.","Área(m²)","Volume(m³)",{"$nulls":6},{"$f":"IFERROR(IF(L370=\"\",\"\",INDEX(ORÇAMENTO!C:C,MATCH(A370,ORÇAMENTO!A:A,0))),\"\")","v":""},{"$f":"IFERROR(IF(L370=\"\",\"\",INDEX(ORÇAMENTO!D:D,MATCH(A370,ORÇAMENTO!A:A,0))),\"\")","v":""}]
[null,"PIA (BANHEIRO)",null,null,null,1,{"$nulls":8},{"$f":"IFERROR(IF(L371=\"\",\"\",INDEX(ORÇAMENTO!C:C,MATCH(A371,ORÇAMENTO!A:A,0))),\"\")","v":""},{"$f":"IFERROR(IF(L371=\"\",\"\",INDEX(ORÇAMENTO!D:D,MATCH(A371,ORÇAMENTO!A:A,0))),\"\")","v":""}]
[{"$nulls":4},"Total",{"$f":"SUM(F371)","v":1},{"$nulls":8},{"$f":"IFERROR(IF(L372=\"\",\"\",INDEX(ORÇAMENTO!C:C,MATCH(A372,ORÇAMENTO!A:A,0))),\"\")","v":""},{"$f":"IFERROR(IF(L372=\"\",\"\",INDEX(ORÇAMENTO!D:D,MATCH(A372,ORÇAMENTO!A:A,0))),\"\")","v":""}]
["1.7.9.4","TORNEIRA PARA PIA ",{"$nulls":9},{"$f":"ROUND(F376,2)","v":1},"UND",null,{"$f":"IFERROR(IF(L373=\"\",\"\",INDEX(ORÇAMENTO!C:C,MATCH(A373,ORÇAMENTO!A:A,0))),\"\")","v":86915},{"$f":"IFERROR(IF(L373=\"\",\"\",INDEX(ORÇAMENTO!D:D,MATCH(A373,ORÇAMENTO!A:A,0))),\"\")","v":"SINAPI"}]
[null,null,"Comp.(m)","Largura(m)","Altura(m)","Quant.","Área(m²)","Volume(m³)",{"$nulls":6},{"$f":"IFERROR(IF(L374=\"\",\"\",INDEX(ORÇAMENTO!C:C,MATCH(A374,ORÇAMENTO!A:A,0))),\"\")","v":""},{"$f":"IFERROR(IF(L374=\"\",\"\",INDEX(ORÇAMENTO!D:D,MATCH(A374,ORÇAMENTO!A:A,0))),\"\")","v":""}]
[null,"PIA (BANHEIRO)",null,null,null,1,{"$nulls":8},{"$f":"IFERROR(IF(L375=\"\",\"\",INDEX(ORÇAMENTO!C:C,MATCH(A375,ORÇAMENTO!A:A,0))),\"\")","v":""},{"$f":"IFERROR(IF(L375=\"\",\"\",INDEX(ORÇAMENTO!D:D,MATCH(A375,ORÇAMENTO!A:A,0))),\"\")","v":""}]
[{"$nulls":4},"Total",{"$f":"SUM(F375)","v":1},{"$nulls":8},{"$f":"IFERROR(IF(L376=\"\",\"\",INDEX(ORÇAMENTO!C:C,MATCH(A376,ORÇAMENTO!A:A,0))),\"\")","v":""},{"$f":"IFERROR(IF(L376=\"\",\"\",INDEX(ORÇAMENTO!D:D,MATCH(A376,ORÇAMENTO!A:A,0))),\"\")","v":""}]
["1.7.9.5","ENGATE FLEXÍVEL PARA PIA",{"$nulls":9},{"$f":"ROUND(F380,2)","v":1},"UND",null,{"$f":"IFERROR(IF(L377=\"\",\"\",INDEX(ORÇAMENTO!C:C,MATCH(A377,ORÇAMENTO!A:A,0))),\"\")","v":86887},{"$f":"IFERROR(IF(L377=\"\",\"\",INDEX(ORÇAMENTO!D:D,MATCH(A377,ORÇAMENTO!A:A,0))),\"\")","v":"SINAPI"}]
[null,null,"Comp.(m)","Largura(m)","Altura(m)","Quant.","Área(m²)","Volume(m³)",{"$nulls":6},{"$f":"IFERROR(IF(L378=\"\",\"\",INDEX(ORÇAMENTO!C:C,MATCH(A378,ORÇAMENTO!A:A,0))),\"\")","v":""},{"$f":"IFERROR(IF(L378=\"\",\"\",INDEX(ORÇAMENTO!D:D,MATCH(A378,ORÇAMENTO!A:A,0))),\"\")","v":""}]
[null,"PIA (BANHEIRO)",null,null,null,1,{"$nulls":8},{"$f":"IFERROR(IF(L379=\"\",\"\",INDEX(ORÇAMENTO!C:C,MATCH(A379,ORÇAMENTO!A:A,0))),\"\")","v":""},{"$f":"IFERROR(IF(L379=\"\",\"\",INDEX(ORÇAMENTO!D:D,MATCH(A379,ORÇAMENTO!A:A,0))),\"\")","v":""}]
[{"$nulls":4},"Total",{"$f":"SUM(F379)","v":1},{"$nulls":8},{"$f":"IFERROR(IF(L380=\"\",\"\",INDEX(ORÇAMENTO!C:C,MATCH(A380,ORÇAMENTO!A:A,0))),\"\")","v":""},{"$f":"IFERROR(IF(L380=\"\",\"\",INDEX(ORÇAMENTO!D:D,MATCH(A380,ORÇAMENTO!A:A,0))),\"\")","v":""}]
["1.7.9.6","CHUVEIRO",{"$nulls":9},{"$f":"ROUND(F384,2)","v":2},"UND",null,{"$f":"IFERROR(IF(L381=\"\",\"\",INDEX(ORÇAMENTO!C:C,MATCH(A381,ORÇAMENTO!A:A,0))),\"\")","v":100860},{"$f":"IFERROR(IF(L381=\"\",\"\",INDEX(ORÇAMENTO!D:D,MATCH(A381,ORÇAMENTO!A:A,0))),\"\")","v":"SINAPI"}]
[null,null,"Comp.(m)","Largura(m)","Altura(m)","Quant.","Área(m²)","Volume(m³)",{"$nulls":6},{"$f":"IFERROR(IF(L382=\"\",\"\",INDEX(ORÇAMENTO!C:C,MATCH(A382,ORÇAMENTO!A:A,0))),\"\")","v":""},{"$f":"IFERROR(IF(L382=\"\",\"\",INDEX(ORÇAMENTO!D:D,MATCH(A382,ORÇAMENTO!A:A,0))),\"\")","v":""}]
[null,"CHUVEIRO (BANHEIRO)",null,null,null,2,{"$nulls":8},{"$f":"IFERROR(IF(L383=\"\",\"\",INDEX(ORÇAMENTO!C:C,MATCH(A383,ORÇAMENTO!A:A,0))),\"\")","v":""},{"$f":"IFERROR(IF(L383=\"\",\"\",INDEX(ORÇAMENTO!D:D,MATCH(A383,ORÇAMENTO!A:A,0))),\"\")","v":""}]
[{"$nulls":4},"Total",{"$f":"SUM(F383)","v":2},{"$nulls":8},{"$f":"IFERROR(IF(L384=\"\",\"\",INDEX(ORÇAMENTO!C:C,MATCH(A384,ORÇAMENTO!A:A,0))),\"\")","v":""},{"$f":"IFERROR(IF(L384=\"\",\"\",INDEX(ORÇAMENTO!D:D,MATCH(A384,ORÇAMENTO!A:A,0))),\"\")","v":""}]
["1.7.10","INSTALAÇÕES ELÉTRICAS",{"$nulls":12},{"$f":"IFERROR(IF(L385=\"\",\"\",INDEX(ORÇAMENTO!C:C,MATCH(A385,ORÇAMENTO!A:A,0))),\"\")","v":""},{"$f":"IFERROR(IF(L385=\"\",\"\",INDEX(ORÇAMENTO!D:D,MATCH(A385,ORÇAMENTO!A:A,0))),\"\")","v":""}]
["1.7.10.1","LUMINÁRIA TIPO CALHA, DE SOBREPOR",{"$nulls":9},{"$f":"ROUND(F391,2)","v":9},"UND",null,{"$f":"IFERROR(IF(L386=\"\",\"\",INDEX(ORÇAMENTO!C:C,MATCH(A386,ORÇAMENTO!A:A,0))),\"\")","v":97586},{"$f":"IFERROR(IF(L386=\"\",\"\",INDEX(ORÇAMENTO!D:D,MATCH(A386,ORÇAMENTO!A:A,0))),\"\")","v":"SINAPI"}]
[null,null,"Comp.(m)","Largura(m)","Altura(m)","Quant.","Área(m²)","Volume(m³)",{"$nulls":6},{"$f":"IFERROR(IF(L387=\"\",\"\",INDEX(ORÇAMENTO!C:C,MATCH(A387,ORÇAMENTO!A:A,0))),\"\")","v":""},{"$f":"IFERROR(IF(L387=\"\",\"\",INDEX(ORÇAMENTO!D:D,MATCH(A387,ORÇAMENTO!A:A,0))),\"\")","v":""}]
[null,"LUMINÁRIAS (OFICINA)",null,null,null,4,{"$nulls":8},{"$f":"IFERROR(IF(L388=\"\",\"\",INDEX(ORÇAMENTO!C:C,MATCH(A388,ORÇAMENTO!A:A,0))),\"\")","v":""},{"$f":"IFERROR(IF(L388=\"\",\"\",INDEX(ORÇAMENTO!D:D,MATCH(A388,ORÇAMENTO!A:A,0))),\"\")","v":""}]
[null,"LUMINÁRIAS (SALA DOS TÉCNICOS)",null,null,null,4,{"$nulls":8},{"$f":"IFERROR(IF(L389=\"\",\"\",INDEX(ORÇAMENTO!C:C,MATCH(A389,ORÇAMENTO!A:A,0))),\"\")","v":""},{"$f":"IFERROR(IF(L389=\"\",\"\",INDEX(ORÇAMENTO!D:D,MATCH(A389,ORÇAMENTO!A:A,0))),\"\")","v":""}]
[null,"LUMINÁRIAS (CIRCULAÇÃO)",null,null,null,1,{"$nulls":8},{"$f":"IFERROR(IF(L390=\"\",\"\",INDEX(ORÇAMENTO!C:C,MATCH(A390,ORÇAMENTO!A:A,0))),\"\")","v":""},{"$f":"IFERROR(IF(L390=\"\",\"\",INDEX(ORÇAMENTO!D:D,MATCH(A390,ORÇAMENTO!A:A,0))),\"\")","v":""}]
[{"$nulls":4},"Total",{"$f":"SUM(F388:F390)","v":9},{"$nulls":8},{"$f":"IFERROR(IF(L391=\"\",\"\",INDEX(ORÇAMENTO!C:C,MATCH(A391,ORÇAMENTO!A:A,0))),\"\")","v":""},{"$f":"IFERROR(IF(L391=\"\",\"\",INDEX(ORÇAMENTO!D:D,MATCH(A391,ORÇAMENTO!A:A,0))),\"\")","v":""}]
["1.7.10.2","ELETRODUTO DE AÇO GALVANIZADO, APARENTE, INSTALADO EM TETO",{"$nulls":9},{"$f":"ROUND(F396,2)","v":14.5},"M",null,{"$f":"IFERROR(IF(L392=\"\",\"\",INDEX(ORÇAMENTO!C:C,MATCH(A392,ORÇAMENTO!A:A,0))),\"\")","v":"CPU-95746"},{"$f":"IFERROR(IF(L392=\"\",\"\",INDEX(ORÇAMENTO!D:D,MATCH(A392,ORÇAMENTO!A:A,0))),\"\")","v":"SINAPI"}]
[null,null,"Comp.(m)","Largura(m)","Altura(m)","Quant.","Área(m²)","Volume(m³)",{"$nulls":6},{"$f":"IFERROR(IF(L393=\"\",\"\",INDEX(ORÇAMENTO!C:C,MATCH(A393,ORÇAMENTO!A:A,0))),\"\")","v":""},{"$f":"IFERROR(IF(L393=\"\",\"\",INDEX(ORÇAMENTO!D:D,MATCH(A393,ORÇAMENTO!A:A,0))),\"\")","v":""}]
[null,"ELETRODUTO TETO (OFICINA)",{"$f":"(1+3+1)*2","v":10},null,null,{"$f":"PRODUCT(C394:E394)","v":10},{"$nulls":8},{"$f":"IFERROR(IF(L394=\"\",\"\",INDEX(ORÇAMENTO!C:C,MATCH(A394,ORÇAMENTO!A:A,0))),\"\")","v":""},{"$f":"IFERROR(IF(L394=\"\",\"\",INDEX(ORÇAMENTO!D:D,MATCH(A394,ORÇAMENTO!A:A,0))),\"\")","v":""}]
[null,"ELETRODUTO TETO (OFICINA)",{"$f":"(3+1.5)*1","v":4.5},null,null,{"$f":"PRODUCT(C395:E395)","v":4.5},{"$nulls":8},{"$f":"IFERROR(IF(L395=\"\",\"\",INDEX(ORÇAMENTO!C:C,MATCH(A395,ORÇAMENTO!A:A,0))),\"\")","v":""},{"$f":"IFERROR(IF(L395=\"\",\"\",INDEX(ORÇAMENTO!D:D,MATCH(A395,ORÇAMENTO!A:A,0))),\"\")","v":""}]
[{"$nulls":4},"Total",{"$f":"SUM(F394:F395)","v":14.5},{"$nulls":8},{"$f":"IFERROR(IF(L396=\"\",\"\",INDEX(ORÇAMENTO!C:C,MATCH(A396,ORÇAMENTO!A:A,0))),\"\")","v":""},{"$f":"IFERROR(IF(L396=\"\",\"\",INDEX(ORÇAMENTO!D:D,MATCH(A396,ORÇAMENTO!A:A,0))),\"\")","v":""}]
["1.7.10.3","ELETRODUTO DE AÇO GALVANIZADO, APARENTE, INSTALADO EM PAREDE",{"$nulls":9},{"$f":"ROUND(F401,2)","v":9},"M",null,{"$f":"IFERROR(IF(L397=\"\",\"\",INDEX(ORÇAMENTO!C:C,MATCH(A397,ORÇAMENTO!A:A,0))),\"\")","v":"CPU-95750"},{"$f":"IFERROR(IF(L397=\"\",\"\",INDEX(ORÇAMENTO!D:D,MATCH(A397,ORÇAMENTO!A:A,0))),\"\")","v":"SINAPI"}]
[null,null,"Comp.(m)","Largura(m)","Altura(m)","Quant.","Área(m²)","Volume(m³)",{"$nulls":6},{"$f":"IFERROR(IF(L398=\"\",\"\",INDEX(ORÇAMENTO!C:C,MATCH(A398,ORÇAMENTO!A:A,0))),\"\")","v":""},{"$f":"IFERROR(IF(L398=\"\",\"\",INDEX(ORÇAMENTO!D:D,MATCH(A398,ORÇAMENTO!A:A,0))),\"\")","v":""}]
[null,"ELETRODUTO PAREDE (OFICINA)",{"$f":"2+2","v":4},null,null,{"$f":"PRODUCT(C399:E399)","v":4},{"$nulls":8},{"$f":"IFERROR(IF(L399=\"\",\"\",INDEX(ORÇAMENTO!C:C,MATCH(A399,ORÇAMENTO!A:A,0))),\"\")","v":""},{"$f":"IFERROR(IF(L399=\"\",\"\",INDEX(ORÇAMENTO!D:D,MATCH(A399,ORÇAMENTO!A:A,0))),\"\")","v":""}]
[null,"ELETRODUTO PAREDE (OFICINA)",{"$f":"2.5+2.5","v":5},null,null,{"$f":"PRODUCT(C400:E400)","v":5},{"$nulls":8},{"$f":"IFERROR(IF(L400=\"\",\"\",INDEX(ORÇAMENTO!C:C,MATCH(A400,ORÇAMENTO!A:A,0))),\"\")","v":""},{"$f":"IFERROR(IF(L400=\"\",\"\",INDEX(ORÇAMENTO!D:D,MATCH(A400,ORÇAMENTO!A:A,0))),\"\")","v":""}]
[{"$nulls":4},"Total",{"$f":"SUM(F399:F400)","v":9},{"$nulls":8},{"$f":"IFERROR(IF(L401=\"\",\"\",INDEX(ORÇAMENTO!C:C,MATCH(A401,ORÇAMENTO!A:A,0))),\"\")","v":""},{"$f":"IFERROR(IF(L401=\"\",\"\",INDEX(ORÇAMENTO!D:D,MATCH(A401,ORÇAMENTO!A:A,0))),\"\")","v":""}]
["1.7.10.4","CONDULETE DE ALUMÍNIO, TIPO X","CONDULETE DE ALUMÍNIO, TIPO X","CONDULETE DE ALUMÍNIO, TIPO X","CONDULETE DE ALUMÍNIO, TIPO X","CONDULETE DE ALUMÍNIO, TIPO X","CONDULETE DE ALUMÍNIO, TIPO X","CONDULETE DE ALUMÍNIO, TIPO X","CONDULETE DE ALUMÍNIO, TIPO X","CONDULETE DE ALUMÍNIO, TIPO X","CONDULETE DE ALUMÍNIO, TIPO X",{"$f":"ROUND(F405,2)","v":4},"UND",null,{"$f":"IFERROR(IF(L402=\"\",\"\",INDEX(ORÇAMENTO!C:C,MATCH(A402,ORÇAMENTO!A:A,0))),\"\")","v":95802},{"$f":"IFERROR(IF(L402=\"\",\"\",INDEX(ORÇAMENTO!D:D,MATCH(A402,ORÇAMENTO!A:A,0))),\"\")","v":"SINAPI"}]
[null,null,"Comp.(m)","Largura(m)","Altura(m)","Quant.","Área(m²)","Volume(m³)",{"$nulls":6},{"$f":"IFERROR(IF(L403=\"\",\"\",INDEX(ORÇAMENTO!C:C,MATCH(A403,ORÇAMENTO!A:A,0))),\"\")","v":""},{"$f":"IFERROR(IF(L403=\"\",\"\",INDEX(ORÇAMENTO!D:D,MATCH(A403,ORÇAMENTO!A:A,0))),\"\")","v":""}]
[null,"CONDULETE DE ALUMÍNIO, TIPO X (OFICINA)",null,null,null,4,{"$nulls":8},{"$f":"IFERROR(IF(L404=\"\",\"\",INDEX(ORÇAMENTO!C:C,MATCH(A404,ORÇAMENTO!A:A,0))),\"\")","v":""},{"$f":"IFERROR(IF(L404=\"\",\"\",INDEX(ORÇAMENTO!D:D,MATCH(A404,ORÇAMENTO!A:A,0))),\"\")","v":""}]
[{"$nulls":4},"Total",{"$f":"SUM(F404:F404)","v":4},{"$nulls":8},{"$f":"IFERROR(IF(L405=\"\",\"\",INDEX(ORÇAMENTO!C:C,MATCH(A405,ORÇAMENTO!A:A,0))),\"\")","v":""},{"$f":"IFERROR(IF(L405=\"\",\"\",INDEX(ORÇAMENTO!D:D,MATCH(A405,ORÇAMENTO!A:A,0))),\"\")","v":""}]
["1.7.10.5","CONDULETE DE ALUMÍNIO, TIPO LR","CONDULETE DE ALUMÍNIO, TIPO X","CONDULETE DE ALUMÍNIO, TIPO X","CONDULETE DE ALUMÍNIO, TIPO X","CONDULETE DE ALUMÍNIO, TIPO X","CONDULETE DE ALUMÍNIO, TIPO X","CONDULETE DE ALUMÍNIO, TIPO X","CONDULETE DE ALUMÍNIO, TIPO X","CONDULETE DE ALUMÍNIO, TIPO X","CONDULETE DE ALUMÍNIO, TIPO X",{"$f":"ROUND(F409,2)","v":5},"UND",null,{"$f":"IFERROR(IF(L406=\"\",\"\",INDEX(ORÇAMENTO!C:C,MATCH(A406,ORÇAMENTO!A:A,0))),\"\")","v":95789},{"$f":"IFERROR(IF(L406=\"\",\"\",INDEX(ORÇAMENTO!D:D,MATCH(A406,ORÇAMENTO!A:A,0))),\"\")","v":"SINAPI"}]
[null,null,"Comp.(m)","Largura(m)","Altura(m)","Quant.","Área(m²)","Volume(m³)",{"$nulls":6},{"$f":"IFERROR(IF(L407=\"\",\"\",INDEX(ORÇAMENTO!C:C,MATCH(A407,ORÇAMENTO!A:A,0))),\"\")","v":""},{"$f":"IFERROR(IF(L407=\"\",\"\",INDEX(ORÇAMENTO!D:D,MATCH(A407,ORÇAMENTO!A:A,0))),\"\")","v":""}]
[null,"CONDULETE DE ALUMÍNIO, TIPO LR (OFICINA)",null,null,null,{"$f":"3+2","v":5},{"$nulls":8},{"$f":"IFERROR(IF(L408=\"\",\"\",INDEX(ORÇAMENTO!C:C,MATCH(A408,ORÇAMENTO!A:A,0))),\"\")","v":""},{"$f":"IFERROR(IF(L408=\"\",\"\",INDEX(ORÇAMENTO!D:D,MATCH(A408,ORÇAMENTO!A:A,0))),\"\")","v":""}]
[{"$nulls":4},"Total",{"$f":"SUM(F408:F408)","v":5},{"$nulls":8},{"$f":"IFERROR(IF(L409=\"\",\"\",INDEX(ORÇAMENTO!C:C,MATCH(A409,ORÇAMENTO!A:A,0))),\"\")","v":""},{"$f":"IFERROR(IF(L409=\"\",\"\",INDEX(ORÇAMENTO!D:D,MATCH(A409,ORÇAMENTO!A:A,0))),\"\")","v":""}]
["1.7.10.6","CONDULETE DE ALUMÍNIO, TIPO T","CONDULETE DE ALUMÍNIO, TIPO X","CONDULETE DE ALUMÍNIO, TIPO X","CONDULETE DE ALUMÍNIO, TIPO X","CONDULETE DE ALUMÍNIO, TIPO X","CONDULETE DE ALUMÍNIO, TIPO X","CONDULETE DE ALUMÍNIO, TIPO X","CONDULETE DE ALUMÍNIO, TIPO X","CONDULETE DE ALUMÍNIO, TIPO X","CONDULETE DE ALUMÍNIO, TIPO X",{"$f":"ROUND(F413,2)","v":3},"UND",null,{"$f":"IFERROR(IF(L410=\"\",\"\",INDEX(ORÇAMENTO!C:C,MATCH(A410,ORÇAMENTO!A:A,0))),\"\")","v":95796},{"$f":"IFERROR(IF(L410=\"\",\"\",INDEX(ORÇAMENTO!D:D,MATCH(A410,ORÇAMENTO!A:A,0))),\"\")","v":"SINAPI"}]
[null,null,"Comp.(m)","Largura(m)","Altura(m)","Quant.","Área(m²)","Volume(m³)",{"$nulls":6},{"$f":"IFERROR(IF(L411=\"\",\"\",INDEX(ORÇAMENTO!C:C,MATCH(A411,ORÇAMENTO!A:A,0))),\"\")","v":""},{"$f":"IFERROR(IF(L411=\"\",\"\",INDEX(ORÇAMENTO!D:D,MATCH(A411,ORÇAMENTO!A:A,0))),\"\")","v":""}]
[null,"CONDULETE DE ALUMÍNIO, TIPO T (OFICINA)",null,null,null,{"$f":"1+2","v":3},{"$nulls":8},{"$f":"IFERROR(IF(L412=\"\",\"\",INDEX(ORÇAMENTO!C:C,MATCH(A412,ORÇAMENTO!A:A,0))),\"\")","v":""},{"$f":"IFERROR(IF(L412=\"\",\"\",INDEX(ORÇAMENTO!D:D,MATCH(A412,ORÇAMENTO!A:A,0))),\"\")","v":""}]
[{"$nulls":4},"Total",{"$f":"SUM(F412:F412)","v":3},{"$nulls":8},{"$f":"IFERROR(IF(L413=\"\",\"\",INDEX(ORÇAMENTO!C:C,MATCH(A413,ORÇAMENTO!A:A,0))),\"\")","v":""},{"$f":"IFERROR(IF(L413=\"\",\"\",INDEX(ORÇAMENTO!D:D,MATCH(A413,ORÇAMENTO!A:A,0))),\"\")","v":""}]
["1.7.10.7","CONDULETE DE ALUMÍNIO, TIPO E","CONDULETE DE ALUMÍNIO, TIPO X","CONDULETE DE ALUMÍNIO, TIPO X","CONDULETE DE ALUMÍNIO, TIPO X","CONDULETE DE ALUMÍNIO, TIPO X","CONDULETE DE ALUMÍNIO, TIPO X","CONDULETE DE ALUMÍNIO, TIPO X","CONDULETE DE ALUMÍNIO, TIPO X","CONDULETE DE ALUMÍNIO, TIPO X","CONDULETE DE ALUMÍNIO, TIPO X",{"$f":"ROUND(F417,2)","v":4},"UND",null,{"$f":"IFERROR(IF(L414=\"\",\"\",INDEX(ORÇAMENTO!C:C,MATCH(A414,ORÇAMENTO!A:A,0))),\"\")","v":95782},{"$f":"IFERROR(IF(L414=\"\",\"\",INDEX(ORÇAMENTO!D:D,MATCH(A414,ORÇAMENTO!A:A,0))),\"\")","v":"SINAPI"}]
[null,null,"Comp.(m)","Largura(m)","Altura(m)","Quant.","Área(m²)","Volume(m³)",{"$nulls":6},{"$f":"IFERROR(IF(L415=\"\",\"\",INDEX(ORÇAMENTO!C:C,MATCH(A415,ORÇAMENTO!A:A,0))),\"\")","v":""},{"$f":"IFERROR(IF(L415=\"\",\"\",INDEX(ORÇAMENTO!D:D,MATCH(A415,ORÇAMENTO!A:A,0))),\"\")","v":""}]
[null,"CONDULETE DE ALUMÍNIO, TIPO E (OFICINA)",null,null,null,4,{"$nulls":8},{"$f":"IFERROR(IF(L416=\"\",\"\",INDEX(ORÇAMENTO!C:C,MATCH(A416,ORÇAMENTO!A:A,0))),\"\")","v":""},{"$f":"IFERROR(IF(L416=\"\",\"\",INDEX(ORÇAMENTO!D:D,MATCH(A416,ORÇAMENTO!A:A,0))),\"\")","v":""}]
[{"$nulls":4},"Total",{"$f":"SUM(F416:F416)","v":4},{"$nulls":8},{"$f":"IFERROR(IF(L417=\"\",\"\",INDEX(ORÇAMENTO!C:C,MATCH(A417,ORÇAMENTO!A:A,0))),\"\")","v":""},{"$f":"IFERROR(IF(L417=\"\",\"\",INDEX(ORÇAMENTO!D:D,MATCH(A417,ORÇAMENTO!A:A,0))),\"\")","v":""}]
["1.7.10.8","TOMADA","CONDULETE DE ALUMÍNIO, TIPO X","CONDULETE DE ALUMÍNIO, TIPO X","CONDULETE DE ALUMÍNIO, TIPO X","CONDULETE DE ALUMÍNIO, TIPO X","CONDULETE DE ALUMÍNIO, TIPO X","CONDULETE DE ALUMÍNIO, TIPO X","CONDULETE DE ALUMÍNIO, TIPO X","CONDULETE DE ALUMÍNIO, TIPO X","CONDULETE DE ALUMÍNIO, TIPO X",{"$f":"ROUND(F422,2)","v":3},"UND",null,{"$f":"IFERROR(IF(L418=\"\",\"\",INDEX(ORÇAMENTO!C:C,MATCH(A418,ORÇAMENTO!A:A,0))),\"\")","v":92001},{"$f":"IFERROR(IF(L418=\"\",\"\",INDEX(ORÇAMENTO!D:D,MATCH(A418,ORÇAMENTO!A:A,0))),\"\")","v":"SINAPI"}]
[null,null,"Comp.(m)","Largura(m)","Altura(m)","Quant.","Área(m²)","Volume(m³)",{"$nulls":6},{"$f":"IFERROR(IF(L419=\"\",\"\",INDEX(ORÇAMENTO!C:C,MATCH(A419,ORÇAMENTO!A:A,0))),\"\")","v":""},{"$f":"IFERROR(IF(L419=\"\",\"\",INDEX(ORÇAMENTO!D:D,MATCH(A419,ORÇAMENTO!A:A,0))),\"\")","v":""}]
[null,"TOMADA (OFICINA)",null,null,null,2,{"$nulls":8},{"$f":"IFERROR(IF(L420=\"\",\"\",INDEX(ORÇAMENTO!C:C,MATCH(A420,ORÇAMENTO!A:A,0))),\"\")","v":""},{"$f":"IFERROR(IF(L420=\"\",\"\",INDEX(ORÇAMENTO!D:D,MATCH(A420,ORÇAMENTO!A:A,0))),\"\")","v":""}]
[null,"TOMADA (BANHEIRO)",null,null,null,1,{"$nulls":8},{"$f":"IFERROR(IF(L421=\"\",\"\",INDEX(ORÇAMENTO!C:C,MATCH(A421,ORÇAMENTO!A:A,0))),\"\")","v":""},{"$f":"IFERROR(IF(L421=\"\",\"\",INDEX(ORÇAMENTO!D:D,MATCH(A421,ORÇAMENTO!A:A,0))),\"\")","v":""}]
[{"$nulls":4},"Total",{"$f":"SUM(F420:F421)","v":3},{"$nulls":8},{"$f":"IFERROR(IF(L422=\"\",\"\",INDEX(ORÇAMENTO!C:C,MATCH(A422,ORÇAMENTO!A:A,0))),\"\")","v":""},{"$f":"IFERROR(IF(L422=\"\",\"\",INDEX(ORÇAMENTO!D:D,MATCH(A422,ORÇAMENTO!A:A,0))),\"\")","v":""}]
["1.7.10.9","INTERRUPTOR","CONDULETE DE ALUMÍNIO, TIPO X","CONDULETE DE ALUMÍNIO, TIPO X","CONDULETE DE ALUMÍNIO, TIPO X","CONDULETE DE ALUMÍNIO, TIPO X","CONDULETE DE ALUMÍNIO, TIPO X","CONDULETE DE ALUMÍNIO, TIPO X","CONDULETE DE ALUMÍNIO, TIPO X","CONDULETE DE ALUMÍNIO, TIPO X","CONDULETE DE ALUMÍNIO, TIPO X",{"$f":"ROUND(F427,2)","v":3},"UND",null,{"$f":"IFERROR(IF(L423=\"\",\"\",INDEX(ORÇAMENTO!C:C,MATCH(A423,ORÇAMENTO!A:A,0))),\"\")","v":91953},{"$f":"IFERROR(IF(L423=\"\",\"\",INDEX(ORÇAMENTO!D:D,MATCH(A423,ORÇAMENTO!A:A,0))),\"\")","v":"SINAPI"}]
[null,null,"Comp.(m)","Largura(m)","Altura(m)","Quant.","Área(m²)","Volume(m³)",{"$nulls":6},{"$f":"IFERROR(IF(L424=\"\",\"\",INDEX(ORÇAMENTO!C:C,MATCH(A424,ORÇAMENTO!A:A,0))),\"\")","v":""},{"$f":"IFERROR(IF(L424=\"\",\"\",INDEX(ORÇAMENTO!D:D,MATCH(A424,ORÇAMENTO!A:A,0))),\"\")","v":""}]
[null,"INTERROPTOR (OFICINA)",null,null,null,2,{"$nulls":8},{"$f":"IFERROR(IF(L425=\"\",\"\",INDEX(ORÇAMENTO!C:C,MATCH(A425,ORÇAMENTO!A:A,0))),\"\")","v":""},{"$f":"IFERROR(IF(L425=\"\",\"\",INDEX(ORÇAMENTO!D:D,MATCH(A425,ORÇAMENTO!A:A,0))),\"\")","v":""}]
[null,"INTERROPTOR (BANHEIRO)",null,null,null,1,{"$nulls":8},{"$f":"IFERROR(IF(L426=\"\",\"\",INDEX(ORÇAMENTO!C:C,MATCH(A426,ORÇAMENTO!A:A,0))),\"\")","v":""},{"$f":"IFERROR(IF(L426=\"\",\"\",INDEX(ORÇAMENTO!D:D,MATCH(A426,ORÇAMENTO!A:A,0))),\"\")","v":""}]
[{"$nulls":4},"Total",{"$f":"SUM(F425:F426)","v":3},{"$nulls":8},{"$f":"IFERROR(IF(L427=\"\",\"\",INDEX(ORÇAMENTO!C:C,MATCH(A427,ORÇAMENTO!A:A,0))),\"\")","v":""},{"$f":"IFERROR(IF(L427=\"\",\"\",INDEX(ORÇAMENTO!D:D,MATCH(A427,ORÇAMENTO!A:A,0))),\"\")","v":""}]
["1.7.10.10","ESPELHO","CONDULETE DE ALUMÍNIO, TIPO X","CONDULETE DE ALUMÍNIO, TIPO X","CONDULETE DE ALUMÍNIO, TIPO X","CONDULETE DE ALUMÍNIO, TIPO X","CONDULETE DE ALUMÍNIO, TIPO X","CONDULETE DE ALUMÍNIO, TIPO X","CONDULETE DE ALUMÍNIO, TIPO X","CONDULETE DE ALUMÍNIO, TIPO X","CONDULETE DE ALUMÍNIO, TIPO X",{"$f":"ROUND(F433,2)","v":4},"UND",null,{"$f":"IFERROR(IF(L428=\"\",\"\",INDEX(ORÇAMENTO!C:C,MATCH(A428,ORÇAMENTO!A:A,0))),\"\")","v":"COMP4"},{"$f":"IFERROR(IF(L428=\"\",\"\",INDEX(ORÇAMENTO!D:D,MATCH(A428,ORÇAMENTO!A:A,0))),\"\")","v":"SINAPI"}]
[null,null,"Comp.(m)","Largura(m)","Altura(m)","Quant.","Área(m²)","Volume(m³)",{"$nulls":6},{"$f":"IFERROR(IF(L429=\"\",\"\",INDEX(ORÇAMENTO!C:C,MATCH(A429,ORÇAMENTO!A:A,0))),\"\")","v":""},{"$f":"IFERROR(IF(L429=\"\",\"\",INDEX(ORÇAMENTO!D:D,MATCH(A429,ORÇAMENTO!A:A,0))),\"\")","v":""}]
[null,"ESPELHO/INTERRUPTOR (SALA DOS TÉCNIÇOS)",null,null,null,2,{"$nulls":8},{"$f":"IFERROR(IF(L430=\"\",\"\",INDEX(ORÇAMENTO!C:C,MATCH(A430,ORÇAMENTO!A:A,0))),\"\")","v":""},{"$f":"IFERROR(IF(L430=\"\",\"\",INDEX(ORÇAMENTO!D:D,MATCH(A430,ORÇAMENTO!A:A,0))),\"\")","v":""}]
[null,"ESPELHO/INTERRUPTOR (CIRCULAÇÃO)",null,null,null,1,{"$nulls":8},{"$f":"IFERROR(IF(L431=\"\",\"\",INDEX(ORÇAMENTO!C:C,MATCH(A431,ORÇAMENTO!A:A,0))),\"\")","v":""},{"$f":"IFERROR(IF(L431=\"\",\"\",INDEX(ORÇAMENTO!D:D,MATCH(A431,ORÇAMENTO!A:A,0))),\"\")","v":""}]
[null,"ESPELHO/INTERRUPTOR (BANHEIRO)",null,null,null,1,{"$nulls":8},{"$f":"IFERROR(IF(L432=\"\",\"\",INDEX(ORÇAMENTO!C:C,MATCH(A432,ORÇAMENTO!A:A,0))),\"\")","v":""},{"$f":"IFERROR(IF(L432=\"\",\"\",INDEX(ORÇAMENTO!D:D,MATCH(A432,ORÇAMENTO!A:A,0))),\"\")","v":""}]
[{"$nulls":4},"Total",{"$f":"SUM(F430:F432)","v":4},{"$nulls":8},{"$f":"IFERROR(IF(L433=\"\",\"\",INDEX(ORÇAMENTO!C:C,MATCH(A433,ORÇAMENTO!A:A,0))),\"\")","v":""},{"$f":"IFERROR(IF(L433=\"\",\"\",INDEX(ORÇAMENTO!D:D,MATCH(A433,ORÇAMENTO!A:A,0))),\"\")","v":""}]
["1.7.10.11","FIOS","CONDULETE DE ALUMÍNIO, TIPO X","CONDULETE DE ALUMÍNIO, TIPO X","CONDULETE DE ALUMÍNIO, TIPO X","CONDULETE DE ALUMÍNIO, TIPO X","CONDULETE DE ALUMÍNIO, TIPO X","CONDULETE DE ALUMÍNIO, TIPO X","CONDULETE DE ALUMÍNIO, TIPO X","CONDULETE DE ALUMÍNIO, TIPO X","CONDULETE DE ALUMÍNIO, TIPO X",{"$f":"ROUND(F437,2)","v":200},"M",null,{"$f":"IFERROR(IF(L434=\"\",\"\",INDEX(ORÇAMENTO!C:C,MATCH(A434,ORÇAMENTO!A:A,0))),\"\")","v":91926},{"$f":"IFERROR(IF(L434=\"\",\"\",INDEX(ORÇAMENTO!D:D,MATCH(A434,ORÇAMENTO!A:A,0))),\"\")","v":"SINAPI"}]
[null,null,"Comp.(m)","Largura(m)","Altura(m)","Quant.","Área(m²)","Volume(m³)",{"$nulls":6},{"$f":"IFERROR(IF(L435=\"\",\"\",INDEX(ORÇAMENTO!C:C,MATCH(A435,ORÇAMENTO!A:A,0))),\"\")","v":""},{"$f":"IFERROR(IF(L435=\"\",\"\",INDEX(ORÇAMENTO!D:D,MATCH(A435,ORÇAMENTO!A:A,0))),\"\")","v":""}]
[null,"FIAÇÃO (OFICINA)",null,null,null,200,{"$nulls":8},{"$f":"IFERROR(IF(L436=\"\",\"\",INDEX(ORÇAMENTO!C:C,MATCH(A436,ORÇAMENTO!A:A,0))),\"\")","v":""},{"$f":"IFERROR(IF(L436=\"\",\"\",INDEX(ORÇAMENTO!D:D,MATCH(A436,ORÇAMENTO!A:A,0))),\"\")","v":""}]
[{"$nulls":4},"Total",{"$f":"SUM(F436:F436)","v":200},{"$nulls":8},{"$f":"IFERROR(IF(L437=\"\",\"\",INDEX(ORÇAMENTO!C:C,MATCH(A437,ORÇAMENTO!A:A,0))),\"\")","v":""},{"$f":"IFERROR(IF(L437=\"\",\"\",INDEX(ORÇAMENTO!D:D,MATCH(A437,ORÇAMENTO!A:A,0))),\"\")","v":""}]
["1.7.11","DEMOLIÇÕES",{"$nulls":12},{"$f":"IFERROR(IF(L438=\"\",\"\",INDEX(ORÇAMENTO!C:C,MATCH(A438,ORÇAMENTO!A:A,0))),\"\")","v":""},{"$f":"IFERROR(IF(L438=\"\",\"\",INDEX(ORÇAMENTO!D:D,MATCH(A438,ORÇAMENTO!A:A,0))),\"\")","v":""}]
["1.7.11.1","DEMOLIÇÃO DE PISO CERÃMICA",{"$nulls":9},{"$f":"ROUND(G442,2)","v":31},"M2",null,{"$f":"IFERROR(IF(L439=\"\",\"\",INDEX(ORÇAMENTO!C:C,MATCH(A439,ORÇAMENTO!A:A,0))),\"\")","v":97633},{"$f":"IFERROR(IF(L439=\"\",\"\",INDEX(ORÇAMENTO!D:D,MATCH(A439,ORÇAMENTO!A:A,0))),\"\")","v":"SINAPI"}]
["",null,"Comp.(m)","Largura(m)","Altura(m)","Quant.","Área(m²)","Volume(m³)",{"$nulls":6},{"$f":"IFERROR(IF(L440=\"\",\"\",INDEX(ORÇAMENTO!C:C,MATCH(A440,ORÇAMENTO!A:A,0))),\"\")","v":""},{"$f":"IFERROR(IF(L440=\"\",\"\",INDEX(ORÇAMENTO!D:D,MATCH(A440,ORÇAMENTO!A:A,0))),\"\")","v":""}]
[null,"CASA DE APOIO A MANUTENÇÃO (OFICINA)",6.2,5,null,null,{"$f":"PRODUCT(C441:D441)","v":31},{"$nulls":7},{"$f":"IFERROR(IF(L441=\"\",\"\",INDEX(ORÇAMENTO!C:C,MATCH(A441,ORÇAMENTO!A:A,0))),\"\")","v":""},{"$f":"IFERROR(IF(L441=\"\",\"\",INDEX(ORÇAMENTO!D:D,MATCH(A441,ORÇAMENTO!A:A,0))),\"\")","v":""}]
[{"$nulls":5},"Total",{"$f":"SUM(G441)","v":31},{"$nulls":7},{"$f":"IFERROR(IF(L442=\"\",\"\",INDEX(ORÇAMENTO!C:C,MATCH(A442,ORÇAMENTO!A:A,0))),\"\")","v":""},{"$f":"IFERROR(IF(L442=\"\",\"\",INDEX(ORÇAMENTO!D:D,MATCH(A442,ORÇAMENTO!A:A,0))),\"\")","v":""}]
["1.7.11.2","DEMOLIÇÃO DE RODAPÉ CERÂMICA",{"$nulls":9},{"$f":"ROUND(F446,2)","v":18.100000000000001},"M",null,{"$f":"IFERROR(IF(L443=\"\",\"\",INDEX(ORÇAMENTO!C:C,MATCH(A443,ORÇAMENTO!A:A,0))),\"\")","v":97632},{"$f":"IFERROR(IF(L443=\"\",\"\",INDEX(ORÇAMENTO!D:D,MATCH(A443,ORÇAMENTO!A:A,0))),\"\")","v":"SINAPI"}]
[null,null,"Comp.(m)","Largura(m)","Altura(m)","Quant.","Área(m²)","Volume(m³)",{"$nulls":6},{"$f":"IFERROR(IF(L444=\"\",\"\",INDEX(ORÇAMENTO!C:C,MATCH(A444,ORÇAMENTO!A:A,0))),\"\")","v":""},{"$f":"IFERROR(IF(L444=\"\",\"\",INDEX(ORÇAMENTO!D:D,MATCH(A444,ORÇAMENTO!A:A,0))),\"\")","v":""}]
[null,"CASA DE APOIO A MANUTENÇÃO (OFICINA)",{"$f":"C$441*2+((0.4*2)+(0.55*2))*3","v":18.100000000000001},null,null,{"$f":"PRODUCT(C445:E445)","v":18.100000000000001},{"$nulls":8},{"$f":"IFERROR(IF(L445=\"\",\"\",INDEX(ORÇAMENTO!C:C,MATCH(A445,ORÇAMENTO!A:A,0))),\"\")","v":""},{"$f":"IFERROR(IF(L445=\"\",\"\",INDEX(ORÇAMENTO!D:D,MATCH(A445,ORÇAMENTO!A:A,0))),\"\")","v":""}]
[{"$nulls":4},"Total",{"$f":"SUM(F445)","v":18.100000000000001},{"$nulls":8},{"$f":"IFERROR(IF(L446=\"\",\"\",INDEX(ORÇAMENTO!C:C,MATCH(A446,ORÇAMENTO!A:A,0))),\"\")","v":""},{"$f":"IFERROR(IF(L446=\"\",\"\",INDEX(ORÇAMENTO!D:D,MATCH(A446,ORÇAMENTO!A:A,0))),\"\")","v":""}]
["1.7.11.3","DEMOLIÇÃO DE PISO CIMENTADO",{"$nulls":9},{"$f":"ROUND(G450,2)","v":6.3},"M2",null,{"$f":"IFERROR(IF(L447=\"\",\"\",INDEX(ORÇAMENTO!C:C,MATCH(A447,ORÇAMENTO!A:A,0))),\"\")","v":"COMP2"},{"$f":"IFERROR(IF(L447=\"\",\"\",INDEX(ORÇAMENTO!D:D,MATCH(A447,ORÇAMENTO!A:A,0))),\"\")","v":"SINAPI"}]
[null,null,"Comp.(m)","Largura(m)","Altura(m)","Quant.","Área(m²)","Volume(m³)",{"$nulls":6},{"$f":"IFERROR(IF(L448=\"\",\"\",INDEX(ORÇAMENTO!C:C,MATCH(A448,ORÇAMENTO!A:A,0))),\"\")","v":""},{"$f":"IFERROR(IF(L448=\"\",\"\",INDEX(ORÇAMENTO!D:D,MATCH(A448,ORÇAMENTO!A:A,0))),\"\")","v":""}]
[null,"CASA DE APOIO A MANUTENÇÃO (OFICINA) - RAMPA DE ACESSO",3,2.1,null,null,{"$f":"PRODUCT(C449:D449)","v":6.3000000000000007},{"$nulls":7},{"$f":"IFERROR(IF(L449=\"\",\"\",INDEX(ORÇAMENTO!C:C,MATCH(A449,ORÇAMENTO!A:A,0))),\"\")","v":""},{"$f":"IFERROR(IF(L449=\"\",\"\",INDEX(ORÇAMENTO!D:D,MATCH(A449,ORÇAMENTO!A:A,0))),\"\")","v":""}]
[{"$nulls":5},"Total",{"$f":"SUM(G449)","v":6.3000000000000007},{"$nulls":7},{"$f":"IFERROR(IF(L450=\"\",\"\",INDEX(ORÇAMENTO!C:C,MATCH(A450,ORÇAMENTO!A:A,0))),\"\")","v":""},{"$f":"IFERROR(IF(L450=\"\",\"\",INDEX(ORÇAMENTO!D:D,MATCH(A450,ORÇAMENTO!A:A,0))),\"\")","v":""}]
["1.7.11.4","REMOÇÃO DE FORROS DE PVC ",{"$nulls":9},{"$f":"ROUND(G455,2)","v":19.36},"M2",null,{"$f":"IFERROR(IF(L451=\"\",\"\",INDEX(ORÇAMENTO!C:C,MATCH(A451,ORÇAMENTO!A:A,0))),\"\")","v":97640},{"$f":"IFERROR(IF(L451=\"\",\"\",INDEX(ORÇAMENTO!D:D,MATCH(A451,ORÇAMENTO!A:A,0))),\"\")","v":"SINAPI"}]
[null,null,"Comp.(m)","Largura(m)","Altura(m)","Quant.","Área(m²)","Volume(m³)",{"$nulls":6},{"$f":"IFERROR(IF(L452=\"\",\"\",INDEX(ORÇAMENTO!C:C,MATCH(A452,ORÇAMENTO!A:A,0))),\"\")","v":""},{"$f":"IFERROR(IF(L452=\"\",\"\",INDEX(ORÇAMENTO!D:D,MATCH(A452,ORÇAMENTO!A:A,0))),\"\")","v":""}]
[null,"CASA DE APOIO A MANUTENÇÃO (WC)",4.8499999999999996,3.2,null,null,{"$f":"PRODUCT(C453:D453)","v":15.52},{"$nulls":7},{"$f":"IFERROR(IF(L453=\"\",\"\",INDEX(ORÇAMENTO!C:C,MATCH(A453,ORÇAMENTO!A:A,0))),\"\")","v":""},{"$f":"IFERROR(IF(L453=\"\",\"\",INDEX(ORÇAMENTO!D:D,MATCH(A453,ORÇAMENTO!A:A,0))),\"\")","v":""}]
[null,"CASA DE APOIO A MANUTENÇÃO (WC)",3.2,1.2,null,null,{"$f":"PRODUCT(C454:D454)","v":3.84},{"$nulls":7},{"$f":"IFERROR(IF(L454=\"\",\"\",INDEX(ORÇAMENTO!C:C,MATCH(A454,ORÇAMENTO!A:A,0))),\"\")","v":""},{"$f":"IFERROR(IF(L454=\"\",\"\",INDEX(ORÇAMENTO!D:D,MATCH(A454,ORÇAMENTO!A:A,0))),\"\")","v":""}]
[{"$nulls":5},"Total",{"$f":"SUM(G453:G454)","v":19.36},{"$nulls":7},{"$f":"IFERROR(IF(L455=\"\",\"\",INDEX(ORÇAMENTO!C:C,MATCH(A455,ORÇAMENTO!A:A,0))),\"\")","v":""},{"$f":"IFERROR(IF(L455=\"\",\"\",INDEX(ORÇAMENTO!D:D,MATCH(A455,ORÇAMENTO!A:A,0))),\"\")","v":""}]
["1.7.11.5","CARGA MANUAL DE ENTULHO EM CAMINHAO BASCULANTE 9 T",{"$nulls":9},{"$f":"ROUND(I465,2)","v":5.19},"T",null,{"$f":"IFERROR(IF(L456=\"\",\"\",INDEX(ORÇAMENTO!C:C,MATCH(A456,ORÇAMENTO!A:A,0))),\"\")","v":5914654},{"$f":"IFERROR(IF(L456=\"\",\"\",INDEX(ORÇAMENTO!D:D,MATCH(A456,ORÇAMENTO!A:A,0))),\"\")","v":"SICRO"}]
[null,null,"Comp.(m)","Largura(m)","Altura(m)","Quant.","Área(m²)","Volume(m³)","Peso (t)",{"$nulls":5},{"$f":"IFERROR(IF(L457=\"\",\"\",INDEX(ORÇAMENTO!C:C,MATCH(A457,ORÇAMENTO!A:A,0))),\"\")","v":""},{"$f":"IFERROR(IF(L457=\"\",\"\",INDEX(ORÇAMENTO!D:D,MATCH(A457,ORÇAMENTO!A:A,0))),\"\")","v":""}]
[null,"PISO CERÂMICO (ITEM 1.2)",{"$f":"C441","v":6.2},{"$f":"D441","v":5},1.4999999999999999E-2,null,null,{"$f":"PRODUCT(C458:E458)","v":0.46499999999999997},{"$nulls":6},{"$f":"IFERROR(IF(L458=\"\",\"\",INDEX(ORÇAMENTO!C:C,MATCH(A458,ORÇAMENTO!A:A,0))),\"\")","v":""},{"$f":"IFERROR(IF(L458=\"\",\"\",INDEX(ORÇAMENTO!D:D,MATCH(A458,ORÇAMENTO!A:A,0))),\"\")","v":""}]
[null,"RODAPÉ CERÂMICO (ITEM 1.3)",{"$f":"C445","v":18.100000000000001},{"$f":"D445","v":0},1.4999999999999999E-2,null,null,{"$f":"PRODUCT(C459:E459)","v":0},{"$nulls":6},{"$f":"IFERROR(IF(L459=\"\",\"\",INDEX(ORÇAMENTO!C:C,MATCH(A459,ORÇAMENTO!A:A,0))),\"\")","v":""},{"$f":"IFERROR(IF(L459=\"\",\"\",INDEX(ORÇAMENTO!D:D,MATCH(A459,ORÇAMENTO!A:A,0))),\"\")","v":""}]
[null,"DEMOLIÇÃO DE PISO CIMENTADO (ITEM 1.4)",3,2.1,0.12,null,null,0.75600000000000001,{"$nulls":6},{"$f":"IFERROR(IF(L460=\"\",\"\",INDEX(ORÇAMENTO!C:C,MATCH(A460,ORÇAMENTO!A:A,0))),\"\")","v":""},{"$f":"IFERROR(IF(L460=\"\",\"\",INDEX(ORÇAMENTO!D:D,MATCH(A460,ORÇAMENTO!A:A,0))),\"\")","v":""}]
[null,"FORRO PVC (ITEM 1.5)",{"$f":"C453","v":4.8499999999999996},{"$f":"D453","v":3.2},0.05,null,null,0.77600000000000002,{"$nulls":6},{"$f":"IFERROR(IF(L461=\"\",\"\",INDEX(ORÇAMENTO!C:C,MATCH(A461,ORÇAMENTO!A:A,0))),\"\")","v":""},{"$f":"IFERROR(IF(L461=\"\",\"\",INDEX(ORÇAMENTO!D:D,MATCH(A461,ORÇAMENTO!A:A,0))),\"\")","v":""}]
[{"$nulls":6},"Subtotal",{"$f":"SUM(H458:H461)","v":1.9970000000000001},{"$nulls":6},{"$f":"IFERROR(IF(L462=\"\",\"\",INDEX(ORÇAMENTO!C:C,MATCH(A462,ORÇAMENTO!A:A,0))),\"\")","v":""},{"$f":"IFERROR(IF(L462=\"\",\"\",INDEX(ORÇAMENTO!D:D,MATCH(A462,ORÇAMENTO!A:A,0))),\"\")","v":""}]
[{"$nulls":4},"TAXA DE EMPOLAMENTO",1.3,null,{"$f":"SUM(H462)*F463","v":2.5961000000000003},{"$nulls":6},{"$f":"IFERROR(IF(L463=\"\",\"\",INDEX(ORÇAMENTO!C:C,MATCH(A463,ORÇAMENTO!A:A,0))),\"\")","v":""},{"$f":"IFERROR(IF(L463=\"\",\"\",INDEX(ORÇAMENTO!D:D,MATCH(A463,ORÇAMENTO!A:A,0))),\"\")","v":""}]
[{"$nulls":4},"DENSIDADE DO MATERIAL",2,null,null,{"$f":"SUM(H463)*F464","v":5.1922000000000006},{"$nulls":5},{"$f":"IFERROR(IF(L464=\"\",\"\",INDEX(ORÇAMENTO!C:C,MATCH(A464,ORÇAMENTO!A:A,0))),\"\")","v":""},{"$f":"IFERROR(IF(L464=\"\",\"\",INDEX(ORÇAMENTO!D:D,MATCH(A464,ORÇAMENTO!A:A,0))),\"\")","v":""}]
[{"$nulls":7},"Total",{"$f":"SUM(I464)","v":5.1922000000000006},{"$nulls":5},{"$f":"IFERROR(IF(L465=\"\",\"\",INDEX(ORÇAMENTO!C:C,MATCH(A465,ORÇAMENTO!A:A,0))),\"\")","v":""},{"$f":"IFERROR(IF(L465=\"\",\"\",INDEX(ORÇAMENTO!D:D,MATCH(A465,ORÇAMENTO!A:A,0))),\"\")","v":""}]
["1.7.11.6","TRANSPORTE DE ENTULHO COM CAMINHAO BASCULANTE 9 T,  RODOVIA EM LEITO NATURAL, ATÉ 1,0 KM",{"$nulls":9},{"$f":"ROUND(H469,2)","v":5.19},"TXKM",null,{"$f":"IFERROR(IF(L466=\"\",\"\",INDEX(ORÇAMENTO!C:C,MATCH(A466,ORÇAMENTO!A:A,0))),\"\")","v":72838},{"$f":"IFERROR(IF(L466=\"\",\"\",INDEX(ORÇAMENTO!D:D,MATCH(A466,ORÇAMENTO!A:A,0))),\"\")","v":"SINAPI"}]
[null,null,"Comp.(m)","Largura(m)","Altura(m)","DMT (km)","Peso (t)","Transporte",{"$nulls":6},{"$f":"IFERROR(IF(L467=\"\",\"\",INDEX(ORÇAMENTO!C:C,MATCH(A467,ORÇAMENTO!A:A,0))),\"\")","v":""},{"$f":"IFERROR(IF(L467=\"\",\"\",INDEX(ORÇAMENTO!D:D,MATCH(A467,ORÇAMENTO!A:A,0))),\"\")","v":""}]
[null,{"$f":"B456","v":"CARGA MANUAL DE ENTULHO EM CAMINHAO BASCULANTE 9 T"},null,null,null,1,{"$f":"I465","v":5.1922000000000006},{"$f":"PRODUCT(C468:G468)","v":5.1922000000000006},{"$nulls":6},{"$f":"IFERROR(IF(L468=\"\",\"\",INDEX(ORÇAMENTO!C:C,MATCH(A468,ORÇAMENTO!A:A,0))),\"\")","v":""},{"$f":"IFERROR(IF(L468=\"\",\"\",INDEX(ORÇAMENTO!D:D,MATCH(A468,ORÇAMENTO!A:A,0))),\"\")","v":""}]
[{"$nulls":6},"Total",{"$f":"SUM(H468)","v":5.1922000000000006},{"$nulls":6},{"$f":"IFERROR(IF(L469=\"\",\"\",INDEX(ORÇAMENTO!C:C,MATCH(A469,ORÇAMENTO!A:A,0))),\"\")","v":""},{"$f":"IFERROR(IF(L469=\"\",\"\",INDEX(ORÇAMENTO!D:D,MATCH(A469,ORÇAMENTO!A:A,0))),\"\")","v":""}]
["1.7.12","SERVIÇOS FINAIS E COMPLEMENTARES",{"$nulls":12},{"$f":"IFERROR(IF(L470=\"\",\"\",INDEX(ORÇAMENTO!C:C,MATCH(A470,ORÇAMENTO!A:A,0))),\"\")","v":""},{"$f":"IFERROR(IF(L470=\"\",\"\",INDEX(ORÇAMENTO!D:D,MATCH(A470,ORÇAMENTO!A:A,0))),\"\")","v":""}]
["1.7.12.1","LIMPEZA DA OBRA",{"$nulls":9},{"$f":"ROUND(G475,2)","v":114.8},"M2",null,{"$f":"IFERROR(IF(L471=\"\",\"\",INDEX(ORÇAMENTO!C:C,MATCH(A471,ORÇAMENTO!A:A,0))),\"\")","v":"COMP7"},{"$f":"IFERROR(IF(L471=\"\",\"\",INDEX(ORÇAMENTO!D:D,MATCH(A471,ORÇAMENTO!A:A,0))),\"\")","v":"SINAPI"}]
[null,null,"Comp.(m)","Largura(m)","Altura(m)","Quant.","Área(m²)","Volume(m³)",{"$nulls":6},{"$f":"IFERROR(IF(L472=\"\",\"\",INDEX(ORÇAMENTO!C:C,MATCH(A472,ORÇAMENTO!A:A,0))),\"\")","v":""},{"$f":"IFERROR(IF(L472=\"\",\"\",INDEX(ORÇAMENTO!D:D,MATCH(A472,ORÇAMENTO!A:A,0))),\"\")","v":""}]
[null,"LIMPEZA (CASA DE APOIO A MANUTENÇÃO)",{"$f":"5+5","v":10},6.2,null,null,{"$f":"PRODUCT(C473:F473)","v":62},{"$nulls":7},{"$f":"IFERROR(IF(L473=\"\",\"\",INDEX(ORÇAMENTO!C:C,MATCH(A473,ORÇAMENTO!A:A,0))),\"\")","v":""},{"$f":"IFERROR(IF(L473=\"\",\"\",INDEX(ORÇAMENTO!D:D,MATCH(A473,ORÇAMENTO!A:A,0))),\"\")","v":""}]
[null,"LIMPEZA (CASA MOTOR GERADOR - EGG)",{"$f":"5+3.2+5","v":13.2},4,null,null,{"$f":"PRODUCT(C474:F474)","v":52.8},{"$nulls":7},{"$f":"IFERROR(IF(L474=\"\",\"\",INDEX(ORÇAMENTO!C:C,MATCH(A474,ORÇAMENTO!A:A,0))),\"\")","v":""},{"$f":"IFERROR(IF(L474=\"\",\"\",INDEX(ORÇAMENTO!D:D,MATCH(A474,ORÇAMENTO!A:A,0))),\"\")","v":""}]
[{"$nulls":5},"Total",{"$f":"SUM(G473:G474)","v":114.8},{"$nulls":7},{"$f":"IFERROR(IF(L475=\"\",\"\",INDEX(ORÇAMENTO!C:C,MATCH(A475,ORÇAMENTO!A:A,0))),\"\")","v":""},{"$f":"IFERROR(IF(L475=\"\",\"\",INDEX(ORÇAMENTO!D:D,MATCH(A475,ORÇAMENTO!A:A,0))),\"\")","v":""}]
["1.8","TRANSPORTES",{"$nulls":12},{"$f":"IFERROR(IF(L476=\"\",\"\",INDEX(ORÇAMENTO!C:C,MATCH(A476,ORÇAMENTO!A:A,0))),\"\")","v":""},{"$f":"IFERROR(IF(L476=\"\",\"\",INDEX(ORÇAMENTO!D:D,MATCH(A476,ORÇAMENTO!A:A,0))),\"\")","v":""}]
["1.8.1","TRANSPORTE COMERCIAL - LEITO NATURAL",{"$nulls":9},{"$f":"ROUND(G480,2)","v":288},"TxKM",null,{"$f":"IFERROR(IF(L477=\"\",\"\",INDEX(ORÇAMENTO!C:C,MATCH(A477,ORÇAMENTO!A:A,0))),\"\")","v":72838},{"$f":"IFERROR(IF(L477=\"\",\"\",INDEX(ORÇAMENTO!D:D,MATCH(A477,ORÇAMENTO!A:A,0))),\"\")","v":"SINAPI"}]
[null,null,"Comp.(m)","Largura","Peso (t)","Quant.","dmt (txkm)",{"$nulls":7},{"$f":"IFERROR(IF(L478=\"\",\"\",INDEX(ORÇAMENTO!C:C,MATCH(A478,ORÇAMENTO!A:A,0))),\"\")","v":""},{"$f":"IFERROR(IF(L478=\"\",\"\",INDEX(ORÇAMENTO!D:D,MATCH(A478,ORÇAMENTO!A:A,0))),\"\")","v":""}]
[null,"CAMINHAO CARROCERIA 9 T, RODOVIA EM LEITO NATURAL",3200,null,9,10,{"$f":"PRODUCT(C479:F479)/1000","v":288},{"$nulls":7},{"$f":"IFERROR(IF(L479=\"\",\"\",INDEX(ORÇAMENTO!C:C,MATCH(A479,ORÇAMENTO!A:A,0))),\"\")","v":""},{"$f":"IFERROR(IF(L479=\"\",\"\",INDEX(ORÇAMENTO!D:D,MATCH(A479,ORÇAMENTO!A:A,0))),\"\")","v":""}]
[{"$nulls":5},"Total",{"$f":"SUM(G479)","v":288},{"$nulls":7},{"$f":"IFERROR(IF(L480=\"\",\"\",INDEX(ORÇAMENTO!C:C,MATCH(A480,ORÇAMENTO!A:A,0))),\"\")","v":""},{"$f":"IFERROR(IF(L480=\"\",\"\",INDEX(ORÇAMENTO!D:D,MATCH(A480,ORÇAMENTO!A:A,0))),\"\")","v":""}]
["1.8.2","TRANSPORTE COMERCIAL - RODOVIA PAVIMENTADA",{"$nulls":9},{"$f":"ROUND(G484,2)","v":11250},"TxKM",null,{"$f":"IFERROR(IF(L481=\"\",\"\",INDEX(ORÇAMENTO!C:C,MATCH(A481,ORÇAMENTO!A:A,0))),\"\")","v":72840},{"$f":"IFERROR(IF(L481=\"\",\"\",INDEX(ORÇAMENTO!D:D,MATCH(A481,ORÇAMENTO!A:A,0))),\"\")","v":"SINAPI"}]
[null,null,"Comp.(m)","Largura","Peso (t)","Quant.","dmt (txkm)",{"$nulls":7},{"$f":"IFERROR(IF(L482=\"\",\"\",INDEX(ORÇAMENTO!C:C,MATCH(A482,ORÇAMENTO!A:A,0))),\"\")","v":""},{"$f":"IFERROR(IF(L482=\"\",\"\",INDEX(ORÇAMENTO!D:D,MATCH(A482,ORÇAMENTO!A:A,0))),\"\")","v":""}]
[null,"CAMINHAO CARROCERIA 9 T, RODOVIA PAVIMENTADA",125000,null,9,10,{"$f":"PRODUCT(C483:F483)/1000","v":11250},{"$nulls":7},{"$f":"IFERROR(IF(L483=\"\",\"\",INDEX(ORÇAMENTO!C:C,MATCH(A483,ORÇAMENTO!A:A,0))),\"\")","v":""},{"$f":"IFERROR(IF(L483=\"\",\"\",INDEX(ORÇAMENTO!D:D,MATCH(A483,ORÇAMENTO!A:A,0))),\"\")","v":""}]
[{"$nulls":5},"Total",{"$f":"SUM(G483)","v":11250},{"$nulls":7},{"$f":"IFERROR(IF(L484=\"\",\"\",INDEX(ORÇAMENTO!C:C,MATCH(A484,ORÇAMENTO!A:A,0))),\"\")","v":""},{"$f":"IFERROR(IF(L484=\"\",\"\",INDEX(ORÇAMENTO!D:D,MATCH(A484,ORÇAMENTO!A:A,0))),\"\")","v":""}]
[2,"SUBESTAÇÃO BOM NOME",{"$nulls":12},{"$f":"IFERROR(IF(L485=\"\",\"\",INDEX(ORÇAMENTO!C:C,MATCH(A485,ORÇAMENTO!A:A,0))),\"\")","v":""},{"$f":"IFERROR(IF(L485=\"\",\"\",INDEX(ORÇAMENTO!D:D,MATCH(A485,ORÇAMENTO!A:A,0))),\"\")","v":""}]
["2.1"," CAIXA DE PASSAGEM (FIBRA OPTICA ENTRE CABANA / SIT) - PÁTIO",{"$nulls":12},{"$f":"IFERROR(IF(L486=\"\",\"\",INDEX(ORÇAMENTO!C:C,MATCH(A486,ORÇAMENTO!A:A,0))),\"\")","v":""},{"$f":"IFERROR(IF(L486=\"\",\"\",INDEX(ORÇAMENTO!D:D,MATCH(A486,ORÇAMENTO!A:A,0))),\"\")","v":""}]
["2.1.1","TAMPA CAIXA DE PASSAGEM (FIBRA OPTICA ENTRE CABANA / SIT) - PÁTIO",{"$nulls":9},{"$f":"ROUND(F490,2)","v":7},"UND",null,{"$f":"IFERROR(IF(L487=\"\",\"\",INDEX(ORÇAMENTO!C:C,MATCH(A487,ORÇAMENTO!A:A,0))),\"\")","v":6171},{"$f":"IFERROR(IF(L487=\"\",\"\",INDEX(ORÇAMENTO!D:D,MATCH(A487,ORÇAMENTO!A:A,0))),\"\")","v":"SINAPI"}]
[null,null,"Comp.(m)","Largura(m)","Altura(m)","Quant.","Área(m²)","Volume(m³)",{"$nulls":6},{"$f":"IFERROR(IF(L488=\"\",\"\",INDEX(ORÇAMENTO!C:C,MATCH(A488,ORÇAMENTO!A:A,0))),\"\")","v":""},{"$f":"IFERROR(IF(L488=\"\",\"\",INDEX(ORÇAMENTO!D:D,MATCH(A488,ORÇAMENTO!A:A,0))),\"\")","v":""}]
[null,"TAMPA CAIXA DE PASSAGEM - PÁTIO",null,null,null,7,{"$nulls":8},{"$f":"IFERROR(IF(L489=\"\",\"\",INDEX(ORÇAMENTO!C:C,MATCH(A489,ORÇAMENTO!A:A,0))),\"\")","v":""},{"$f":"IFERROR(IF(L489=\"\",\"\",INDEX(ORÇAMENTO!D:D,MATCH(A489,ORÇAMENTO!A:A,0))),\"\")","v":""}]
[{"$nulls":4},"Total",{"$f":"SUM(F489)","v":7},{"$nulls":8},{"$f":"IFERROR(IF(L490=\"\",\"\",INDEX(ORÇAMENTO!C:C,MATCH(A490,ORÇAMENTO!A:A,0))),\"\")","v":""},{"$f":"IFERROR(IF(L490=\"\",\"\",INDEX(ORÇAMENTO!D:D,MATCH(A490,ORÇAMENTO!A:A,0))),\"\")","v":""}]
["2.1.2","EROSÃO EM CAIXA DE PASSAGEM (FIBRA OPTICA ENTRE CABANA / SIT) - PÁTIO",{"$nulls":9},{"$f":"ROUND(H494,2)","v":6.3},"M3",null,{"$f":"IFERROR(IF(L491=\"\",\"\",INDEX(ORÇAMENTO!C:C,MATCH(A491,ORÇAMENTO!A:A,0))),\"\")","v":96995},{"$f":"IFERROR(IF(L491=\"\",\"\",INDEX(ORÇAMENTO!D:D,MATCH(A491,ORÇAMENTO!A:A,0))),\"\")","v":"SINAPI"}]
[null,null,"Comp.(m)","Largura(m)","Altura(m)","Quant.","Área(m²)","Volume(m³)",{"$nulls":6},{"$f":"IFERROR(IF(L492=\"\",\"\",INDEX(ORÇAMENTO!C:C,MATCH(A492,ORÇAMENTO!A:A,0))),\"\")","v":""},{"$f":"IFERROR(IF(L492=\"\",\"\",INDEX(ORÇAMENTO!D:D,MATCH(A492,ORÇAMENTO!A:A,0))),\"\")","v":""}]
[null,"TAMPA CAIXA DE PASSAGEM - PÁTIO",{"$f":"3*1","v":3},{"$f":"3*1","v":3},0.1,7,null,{"$f":"PRODUCT(C493:F493)","v":6.3},{"$nulls":6},{"$f":"IFERROR(IF(L493=\"\",\"\",INDEX(ORÇAMENTO!C:C,MATCH(A493,ORÇAMENTO!A:A,0))),\"\")","v":""},{"$f":"IFERROR(IF(L493=\"\",\"\",INDEX(ORÇAMENTO!D:D,MATCH(A493,ORÇAMENTO!A:A,0))),\"\")","v":""}]
[{"$nulls":6},"Total",{"$f":"SUM(H493)","v":6.3},{"$nulls":6},{"$f":"IFERROR(IF(L494=\"\",\"\",INDEX(ORÇAMENTO!C:C,MATCH(A494,ORÇAMENTO!A:A,0))),\"\")","v":""},{"$f":"IFERROR(IF(L494=\"\",\"\",INDEX(ORÇAMENTO!D:D,MATCH(A494,ORÇAMENTO!A:A,0))),\"\")","v":""}]
["2.1.3","RECUPERAÇÃO DE CAIXA DE PASSAGEM (FIBRA OPTICA ENTRE CABANA / SIT) - PÁTIO",{"$nulls":9},{"$f":"ROUND(H498,2)","v":1.34},"M3",null,{"$f":"IFERROR(IF(L495=\"\",\"\",INDEX(ORÇAMENTO!C:C,MATCH(A495,ORÇAMENTO!A:A,0))),\"\")","v":88628},{"$f":"IFERROR(IF(L495=\"\",\"\",INDEX(ORÇAMENTO!D:D,MATCH(A495,ORÇAMENTO!A:A,0))),\"\")","v":"SINAPI"}]
[null,null,"Comp.(m)","Largura(m)","Altura(m)","Quant.","Área(m²)","Volume(m³)",{"$nulls":6},{"$f":"IFERROR(IF(L496=\"\",\"\",INDEX(ORÇAMENTO!C:C,MATCH(A496,ORÇAMENTO!A:A,0))),\"\")","v":""},{"$f":"IFERROR(IF(L496=\"\",\"\",INDEX(ORÇAMENTO!D:D,MATCH(A496,ORÇAMENTO!A:A,0))),\"\")","v":""}]
[null,"CAIXA DE PASSAGEM - PÁTIO",{"$f":"(4*0.6)*2","v":4.8},0.05,0.8,7,null,{"$f":"PRODUCT(C497:F497)","v":1.3440000000000001},{"$nulls":6},{"$f":"IFERROR(IF(L497=\"\",\"\",INDEX(ORÇAMENTO!C:C,MATCH(A497,ORÇAMENTO!A:A,0))),\"\")","v":""},{"$f":"IFERROR(IF(L497=\"\",\"\",INDEX(ORÇAMENTO!D:D,MATCH(A497,ORÇAMENTO!A:A,0))),\"\")","v":""}]
[{"$nulls":6},"Total",{"$f":"SUM(H497)","v":1.3440000000000001},{"$nulls":6},{"$f":"IFERROR(IF(L498=\"\",\"\",INDEX(ORÇAMENTO!C:C,MATCH(A498,ORÇAMENTO!A:A,0))),\"\")","v":""},{"$f":"IFERROR(IF(L498=\"\",\"\",INDEX(ORÇAMENTO!D:D,MATCH(A498,ORÇAMENTO!A:A,0))),\"\")","v":""}]

{"sheet":"Cronograma Fis_Fin GERAL","index":11,"n_rows":126,"n_cols":20,"rows_kept":126,"cut":false,"hidden":false,"merged":[[9,0,9,18],[0,0,0,18],[1,0,1,18],[2,0,2,18],[3,0,3,18],[5,0,7,18],[12,0,14,0],[12,1,14,1],[12,2,13,17],[12,18,14,18],[16,0,17,0],[16,1,17,1],[19,0,20,0],[19,1,20,1],[22,0,23,0],[22,1,23,1],[25,0,26,0],[25,1,26,1],[28,0,29,0],[28,1,29,1],[31,0,32,0],[31,1,32,1],[34,0,35,0],[34,1,35,1],[37,0,38,0],[37,1,38,1],[40,0,41,0],[40,1,41,1],[43,0,44,0],[43,1,44,1],[46,0,47,0],[46,1,47,1],[49,0,50,0],[49,1,50,1],[52,0,53,0],[52,1,53,1],[55,0,56,0],[55,1,56,1],[58,0,59,0],[58,1,59,1],[61,0,62,0],[61,1,62,1],[64,0,65,0],[64,1,65,1],[67,0,68,0],[67,1,68,1],[70,0,71,0],[70,1,71,1],[73,0,74,0],[73,1,74,1],[76,0,77,0],[76,1,77,1],[79,0,80,0],[79,1,80,1],[82,0,83,0],[82,1,83,1],[85,0,86,0],[85,1,86,1],[88,0,89,0],[88,1,89,1],[91,0,92,0],[91,1,92,1],[94,0,95,0],[94,1,95,1],[97,0,98,0],[97,1,98,1],[100,0,101,0],[100,1,101,1],[103,0,104,0],[103,1,104,1],[106,0,107,0],[106,1,107,1],[124,0,125,0],[124,1,125,1],[109,0,110,0],[109,1,110,1],[115,0,116,0],[115,1,116,1],[121,0,122,0],[121,1,122,1],[112,0,113,0],[112,1,113,1],[118,0,119,0],[118,1,119,1]]}
["                     Ministério do Desenvolvimento Regional - MDR"]
["Companhia de Desenvolvimento dos Vales do São Francisco e do Parnaíba\n"]
["Área de Desenvolvimento Integrado e Infraestrutura"]
["Gerência de Operação do PISF"]
[]
["Contratação de Serviços e Aquisição de Equipamentos para atendimento ao Atestado de Recebimento Provisório (ARP) emitido pela CHESF, referente às Subestações Floresta II e Bom Nome, no âmbito do PISF"]
[]
[]
[]
["CRONOGRAMA FÍSICO-FINANCEIRO"]
[]
[]
["ITEM","DISCRIMINAÇÃO DOS SERVIÇOS","DIAS",{"$nulls":15},"TOTAL"]
[]
[null,null,"1º MÊS","2º MÊS","3º MÊS","4º MÊS","5º MÊS","6º MÊS","7º MÊS","8º MÊS","9º MÊS","10º MÊS","11º MÊS","12º MÊS","13º MÊS","14º MÊS","15º MÊS","16º MÊS"]
[]
[1,"SUBESTAÇÃO FLORESTA (SE-S0)",{"$f":"SUM(C20,C38,C41,C44,C47,C50,C53,C56,C59,C62,C65,C68,C71,C74,C77)","v":313912.1925984},0,0,0,0,0,0,0,0,0,296049.88906285341,257810.85325845334,3937812.566258641,447625.34370573191,604581.44000493188,{"$f":"SUM(R20,R38,R41,R44,R47,R50,R53,R56,R59,R62,R65,R68,R71,R74,R77)","v":918524.14880655822},{"$f":"SUM(S20,S38,S41,S44,S47,S50,S53,S56,S59,S62,S65,S68,S71,S74,S77)","v":6776316.4336955687}]
[null,null,{"$f":"C17/$S17","v":4.6324901688099468E-2},{"$f":"D17/$S17","v":0},0,0,0,0,0,0,0,0,4.3688911514038913E-2,3.8045869873560824E-2,0.58111403220157687,6.6057325994974603E-2,8.9219776839024337E-2,0.1355491818887252,{"$f":"SUM(C18:R18)","v":1.0000000000000002}]
[]
["1.1","SERVIÇOS PRELIMINARES (Civil)",{"$f":"SUM(C23,C26,C29,C32,C35)","v":0},{"$f":"SUM(D23,D26,D29,D32,D35)","v":0},0,0,0,0,0,0,0,0,118646.89333333334,60069.833333333336,110904.79333333333,0,0,0,{"$f":"SUM(S23,S26,S29,S32,S35)","v":289621.52}]
[null,null,{"$f":"C20/$S$20","v":0},{"$f":"D20/$S$20","v":0},0,0,0,0,0,0,0,0,0.40966186950932837,0.20740804527693016,0.38293008521374144,0,0,0,{"$f":"SUM(C21:R21)","v":1}]
[]
["1.1.1","PLACA DA OBRA",{"$f":"$S23*C24","v":0},0,0,0,0,0,0,0,0,0,{"$f":"$S23*M24","v":7742.1000000000013},{"$f":"$S23*N24","v":0},0,0,0,0,{"$f":"'RESUMO CIVIL'!C10","v":7742.1000000000013}]
[{"$nulls":12},1,{"$nulls":5},{"$f":"SUM(C24:R24)","v":1}]
[]
["1.1.2","CANTEIRO DE OBRAS",{"$f":"$S26*C27","v":0},0,0,0,0,0,0,0,0,0,{"$f":"$S26*M27","v":3338.3933333333334},{"$f":"$S26*N27","v":3338.3933333333334},{"$f":"$S26*O27","v":3338.3933333333334},{"$f":"$S26*P27","v":0},0,0,{"$f":"'RESUMO CIVIL'!C11","v":10015.18}]
[{"$nulls":12},{"$f":"1/3","v":0.33333333333333331},{"$f":"1/3","v":0.33333333333333331},0.33333333333333331,null,null,null,{"$f":"SUM(C27:R27)","v":1}]
[]
["1.1.3","MOBILIZAÇÃO",{"$f":"$S29*C30","v":0},0,0,0,0,0,0,0,0,0,{"$f":"$S29*M30","v":50834.96},{"$f":"$S29*N30","v":0},0,0,0,0,{"$f":"'RESUMO CIVIL'!C12","v":50834.96}]
[{"$nulls":12},1,{"$nulls":5},{"$f":"SUM(C30:R30)","v":1}]
[]
["1.1.4","DESMOBILIZAÇÃO",{"$f":"$S32*C33","v":0},0,0,0,0,0,0,0,0,0,0,0,{"$f":"$S32*O33","v":50834.96},{"$f":"$S32*P33","v":0},0,0,{"$f":"'RESUMO CIVIL'!C13","v":50834.96}]
[{"$nulls":14},1,null,null,null,{"$f":"SUM(C33:R33)","v":1}]
[]
["1.1.5","ADMINISTRAÇÃO DA OBRA",{"$f":"$S35*C36","v":0},0,0,0,0,0,0,0,0,0,{"$f":"$S35*M36","v":56731.44},{"$f":"$S35*N36","v":56731.44},{"$f":"$S35*O36","v":56731.44},{"$f":"$S35*P36","v":0},0,0,{"$f":"'RESUMO CIVIL'!C14","v":170194.32}]
[{"$nulls":12},{"$f":"1/3","v":0.33333333333333331},{"$f":"1/3","v":0.33333333333333331},0.33333333333333331,null,null,null,{"$f":"SUM(C36:R36)","v":1}]
[]
["1.2","ESTRADA DE ACESSO A SUBESTAÇÃO",{"$f":"$S38*C39","v":0},0,0,0,0,0,0,0,0,0,0,{"$f":"$S38*N39","v":9984},{"$f":"$S38*O39","v":9984},{"$f":"$S38*P39","v":0},0,0,{"$f":"'RESUMO CIVIL'!C15","v":19968}]
[{"$nulls":13},{"$f":"1/2","v":0.5},{"$f":"1/2","v":0.5},null,null,null,{"$f":"SUM(C39:R39)","v":1}]
[]
["1.3","PASSAGEM MOLHADA",{"$f":"$S41*C42","v":0},0,0,0,0,0,0,0,0,0,0,{"$f":"$S41*N42","v":10354.024195599999},{"$f":"$S41*O42","v":10354.024195599999},{"$f":"$S41*P42","v":0},0,0,{"$f":"'RESUMO CIVIL'!C16","v":20708.048391199998}]
[{"$nulls":13},{"$f":"1/2","v":0.5},{"$f":"1/2","v":0.5},null,null,null,{"$f":"SUM(C42:R42)","v":1}]
[]
["1.4","PLANTIO DE MACAMBIRAS E CANALETAS",{"$f":"$S44*C45","v":0},0,0,0,0,0,0,0,0,0,{"$f":"$S44*M45","v":31071.38},{"$f":"$S44*N45","v":31071.38},{"$f":"$S44*O45","v":0},0,0,0,{"$f":"'RESUMO CIVIL'!C17","v":62142.76}]
[{"$nulls":12},{"$f":"1/2","v":0.5},{"$f":"1/2","v":0.5},{"$nulls":4},{"$f":"SUM(C45:R45)","v":1}]
[]
["1.5","BRITAGEM DO PÁTIO",{"$f":"$S47*C48","v":0},0,0,0,0,0,0,0,0,0,{"$f":"$S47*M48","v":114564.33572952001},{"$f":"$S47*N48","v":114564.33572952001},{"$f":"$S47*O48","v":0},0,0,0,{"$f":"'RESUMO CIVIL'!C18","v":229128.67145904002}]
[{"$nulls":12},{"$f":"1/2","v":0.5},{"$f":"1/2","v":0.5},{"$nulls":4},{"$f":"SUM(C48:R48)","v":1}]
[]
["1.6","TAMPAS DE CANALETAS DO GGE",{"$f":"$S50*C51","v":0},0,0,0,0,0,0,0,0,0,0,0,{"$f":"$S50*O51","v":3460.44},{"$f":"$S50*P51","v":0},0,0,{"$f":"'RESUMO CIVIL'!C19","v":3460.44}]
[{"$nulls":14},1,null,null,null,{"$f":"SUM(C51:R51)","v":1}]
[]
["1.7","EDIFÍCIO DE APOIO A MANUTENÇÃO",{"$f":"$S53*C54","v":0},0,0,0,0,0,0,0,0,0,{"$f":"$S53*M54","v":26862.760000000002},{"$f":"$S53*N54","v":26862.760000000002},{"$f":"$S53*O54","v":0},0,0,0,{"$f":"'RESUMO CIVIL'!C20","v":53725.520000000004}]
[{"$nulls":12},{"$f":"1/2","v":0.5},{"$f":"1/2","v":0.5},{"$nulls":4},{"$f":"SUM(C54:R54)","v":1}]
[]
["1.8","TRANSPORTES",{"$f":"$S56*C57","v":0},0,0,0,0,0,0,0,0,0,{"$f":"$S56*M57","v":4904.5199999999995},{"$f":"$S56*N57","v":4904.5199999999995},{"$f":"$S56*O57","v":4904.5199999999995},{"$f":"$S56*P57","v":0},0,0,{"$f":"'RESUMO CIVIL'!C21","v":14713.56}]
[{"$nulls":12},{"$f":"1/3","v":0.33333333333333331},{"$f":"1/3","v":0.33333333333333331},0.33333333333333331,null,null,null,{"$f":"SUM(C57:R57)","v":1}]
[]
["1.9","SOBRESSALENTES",{"$f":"C60*$S$59","v":0},0,0,0,0,0,0,0,0,0,0,0,2154389.1317305057,0,0,{"$f":"R60*$S$59","v":0},{"$f":"'RESUMO ELÉTRICA'!C9-SUM(SOBRESSALENTES!BX16,SOBRESSALENTES!BX17)","v":2154389.1317305057}]
[{"$nulls":14},1,null,null,null,{"$f":"SUM(C60:R60)","v":1}]
[]
["1.10","SOBRESSALENTES (Disjuntor)",{"$f":"C63*$S$62","v":247873.9759584},0,0,0,0,0,0,0,0,0,0,0,123936.9879792,123936.9879792,247873.9759584,{"$f":"R63*$S$62","v":495747.9519168},{"$f":"SOBRESSALENTES!BX16","v":1239369.8797919999}]
[null,null,0.2,{"$nulls":11},0.1,0.1,0.2,0.4,{"$f":"SUM(C63:R63)","v":1}]
[]
["1.11","SOBRESSALENTES (01 Chave Seccionadora com Lâmina de Terra)",{"$f":"C66*$S$65","v":66038.216639999999},{"$f":"D66*$S$65","v":0},0,0,0,0,0,0,0,0,0,0,33019.108319999999,33019.108319999999,66038.216639999999,132076.43328,{"$f":"SOBRESSALENTES!BX17","v":330191.08319999999}]
[null,null,0.2,{"$nulls":11},0.1,0.1,0.2,0.4,{"$f":"SUM(C66:R66)","v":1}]
[]
["1.12","MATERIAIS A SEREM DEVOLVIDOS À CHESF",{"$f":"C69*$S$68","v":0},{"$f":"D69*$S$68","v":0},0,0,0,0,0,0,0,0,0,0,1064596.2248447682,0,0,0,{"$f":"'RESUMO ELÉTRICA'!C10","v":1064596.2248447682}]
[{"$nulls":14},1,null,null,null,{"$f":"SUM(C69:R69)","v":1}]
[]
["1.13","MATERIAL PARA EXECUÇÃO DOS SERVIÇOS ELÉTRICOS",{"$f":"C72*$S$71","v":0},0,0,0,0,0,0,0,0,0,0,0,233304.59380227994,0,0,{"$f":"R72*$S$71","v":0},{"$f":"'RESUMO ELÉTRICA'!C11","v":233304.59380227994}]
[{"$nulls":14},1,null,null,null,{"$f":"SUM(C72:R72)","v":1}]
[]
["1.14","SERVIÇOS ELÉTRICOS (01 disjuntor e 01 seccionadora c/ Lâmina de Terra)",{"$f":"C75*$S$74","v":0},{"$f":"D75*$S$74","v":0},{"$f":"E75*$S$74","v":0},0,0,0,0,0,0,0,0,0,0,101710.50535357838,101710.50535357838,101741.02155680477,{"$f":"'SERVIÇOS ELETR.'!H49","v":305162.03226396156}]
[{"$nulls":15},0.33329999999999999,0.33329999999999999,0.33339999999999997,{"$f":"SUM(C75:R75)","v":1}]
[]
["1.15","SERVIÇOS ELÉTRICOS (Diversos)",{"$f":"C78*$S$77","v":0},{"$f":"D78*$S$77","v":0},0,0,0,0,0,0,0,0,0,0,188958.74205295352,188958.74205295352,188958.74205295352,188958.74205295352,{"$f":"'RESUMO ELÉTRICA'!C12-'SERVIÇOS ELETR.'!H49","v":755834.96821181406}]
[{"$nulls":14},0.25,0.25,0.25,0.25,{"$f":"SUM(C78:R78)","v":1}]
[]
[2,"SUBESTAÇÃO BOM NOME",{"$f":"SUM(C83,C86,C89,C92,C95)","v":0},{"$f":"SUM(D83,D86,D89,D92,D95)","v":0},0,0,0,0,0,0,0,0,0,0,415545.05920881277,19970.775233427201,19970.775233427201,19970.775233427201,{"$f":"SUM(S83,S86,S89,S92,S95)","v":475457.38490909443}]
[null,null,{"$f":"C80/$S$80","v":0},{"$f":"D80/$S$80","v":0},0,0,0,0,0,0,0,0,0,0,0.87399012487368,4.2003291708773302E-2,4.2003291708773302E-2,4.2003291708773302E-2,{"$f":"SUM(C81:R81)","v":0.99999999999999978}]
[]
["2.1"," CAIXA DE PASSAGEM (FIBRA OPTICA ENTRE CABANA / SIT) - PÁTIO",{"$f":"C84*$S$83","v":0},{"$f":"D84*$S$83","v":0},0,0,0,0,0,0,0,0,0,0,1331.1900000000003,0,0,0,{"$f":"'RESUMO CIVIL'!C23","v":1331.1900000000003}]
[{"$nulls":14},1,null,null,null,{"$f":"SUM(C84:R84)","v":1}]
[]
["2.2","SOBRESSALENTES",{"$f":"C87*$S$86","v":0},{"$f":"D87*$S$86","v":0},0,0,0,0,0,0,0,0,0,0,194039.40111600002,0,0,0,{"$f":"'RESUMO ELÉTRICA'!C14","v":194039.40111600002}]
[{"$nulls":14},1,null,null,null,{"$f":"SUM(C87:R87)","v":1}]
[]
["2.3","MATERIAIS A SEREM DEVOLVIDOS À CHESF",{"$f":"C90*$S$89","v":0},{"$f":"D90*$S$89","v":0},0,0,0,0,0,0,0,0,0,0,10583.216692575999,0,0,0,{"$f":"'RESUMO ELÉTRICA'!C15","v":10583.216692575999}]
[{"$nulls":14},1,null,null,null,{"$f":"SUM(C90:R90)","v":1}]
[]
["2.4","MATERIAL PARA EXECUÇÃO DOS SERVIÇOS ELÉTRICOS",{"$f":"C93*$S$92","v":0},{"$f":"D93*$S$92","v":0},0,0,0,0,0,0,0,0,0,0,189620.47616680959,0,0,0,{"$f":"'RESUMO ELÉTRICA'!C16","v":189620.47616680959}]
[{"$nulls":14},1,null,null,null,{"$f":"SUM(C93:R93)","v":1}]
[]
["2.5","SERVIÇOS ELÉTRICOS",{"$f":"C96*$S$95","v":0},{"$f":"D96*$S$95","v":0},0,0,0,0,0,0,0,0,0,0,19970.775233427201,19970.775233427201,19970.775233427201,19970.775233427201,{"$f":"'RESUMO ELÉTRICA'!C17","v":79883.100933708803}]
[{"$nulls":14},0.25,0.25,0.25,0.25,{"$f":"SUM(C96:R96)","v":1}]
[]
[3,"SUBESTAÇÃO PAULO AFONSO",{"$f":"C101","v":0},{"$f":"D101","v":0},0,0,0,0,0,0,0,0,0,0,10880.503348565759,10880.503348565759,10880.503348565759,10880.503348565759,{"$f":"S101","v":43522.013394263035}]
[null,null,{"$f":"C102","v":0},{"$f":"D102","v":0},0,0,0,0,0,0,0,0,0,0,0.25,0.25,0.25,0.25,{"$f":"SUM(C99:R99)","v":1}]
[]
["3.1","SERVIÇOS",{"$f":"C102*$S$101","v":0},{"$f":"D102*$S$101","v":0},0,0,0,0,0,0,0,0,0,0,10880.503348565759,10880.503348565759,10880.503348565759,10880.503348565759,{"$f":"'RESUMO ELÉTRICA'!C20","v":43522.013394263035}]
[{"$nulls":14},0.25,0.25,0.25,0.25,{"$f":"SUM(C102:R102)","v":1}]
[]
[4,"LINHA DE TRANSMISSÃO",{"$f":"C107","v":0},{"$f":"D107","v":0},0,0,0,0,0,0,0,0,0,0,755864.02623539499,0,0,0,{"$f":"S107","v":755864.02623539499}]
[null,null,{"$f":"C108","v":0},{"$f":"D108","v":0},0,0,0,0,0,0,0,0,0,0,1,0,0,0,{"$f":"SUM(C105:R105)","v":1}]
[]
["4.1","SOBRESSALENTES",{"$f":"C108*$S$107","v":0},{"$f":"D108*$S$107","v":0},0,0,0,0,0,0,0,0,0,0,755864.02623539499,0,0,0,{"$f":"'RESUMO GERAL'!C16","v":755864.02623539499}]
[{"$nulls":14},1,null,null,null,{"$f":"SUM(C108:R108)","v":1}]
[]
[null,"TOTAL - CIVIL",{"$f":"SUM(C20,C38,C41,C44,C47,C50,C53,C56,C83)","v":0},{"$f":"SUM(D20,D38,D41,D44,D47,D50,D53,D56,D83)","v":0},0,0,0,0,0,0,0,0,296049.88906285341,257810.85325845334,140938.96752893334,0,0,0,{"$f":"SUM(C110:R110)","v":694799.70985024003}]
[null,null,{"$f":"C110/$S110","v":0},{"$f":"D110/$S110","v":0},{"$f":"E110/$S110","v":0},{"$f":"F110/$S110","v":0},0,0,0,0,0,0,0.42609385822378254,0.37105780213124001,0.20284833964497753,0,0,0,{"$f":"SUM(C111:R111)","v":1.0000000000000002}]
[]
[null,"TOTAL ACUMULADO - CIVIL",{"$f":"C110","v":0},{"$f":"C113+D110","v":0},{"$f":"D113+E110","v":0},0,0,0,0,0,0,0,296049.88906285341,553860.74232130672,694799.70985024003,694799.70985024003,694799.70985024003,694799.70985024003,{"$f":"R113","v":694799.70985024003}]
[null,null,{"$f":"C111","v":0},{"$f":"C114+D111","v":0},{"$f":"D114+E111","v":0},0,0,0,0,0,0,0,0.42609385822378254,0.79715166035502261,1.0000000000000002,1.0000000000000002,1.0000000000000002,1.0000000000000002,{"$f":"R114","v":1.0000000000000002}]
[]
[null,"TOTAL - ELÉTRICA",{"$f":"SUM(C59,C62,C65,C68,C71,C74,C77,C86,C89,C92,C95,C101,C107)","v":313912.1925984},{"$f":"SUM(D59,D62,D65,D68,D71,D74,D77,D86,D89,D92,D95,D101,D107)","v":0},{"$f":"SUM(E59,E62,E65,E68,E71,E74,E77,E86,E89,E92,E95,E101,E107)","v":0},0,0,0,0,0,0,0,0,0,4979163.1875224812,478476.62228772487,635432.71858692484,949375.42738855118,{"$f":"SUM(C116:R116)","v":7356360.1483840812}]
[null,null,{"$f":"C116/$S$116","v":4.2672216458482508E-2},{"$f":"D116/$S$116","v":0},0,0,0,0,0,0,0,0,0,0,0.67685147098408693,6.5042577121897496E-2,8.637868535113874E-2,0.12905505008439447,{"$f":"SUM(C117:R117)","v":1.0000000000000002}]
[]
[null,"TOTAL ACUMULADO - ELÉTRICA",{"$f":"C116","v":313912.1925984},{"$f":"C119+D116","v":313912.1925984},{"$f":"D119+E116","v":313912.1925984},313912.1925984,313912.1925984,313912.1925984,313912.1925984,313912.1925984,313912.1925984,313912.1925984,313912.1925984,313912.1925984,5293075.3801208809,5771552.002408606,6406984.7209955305,7356360.1483840812,{"$f":"R119","v":7356360.1483840812}]
[null,null,{"$f":"C117","v":4.2672216458482508E-2},{"$f":"C120+D117","v":4.2672216458482508E-2},{"$f":"D120+E117","v":4.2672216458482508E-2},4.2672216458482508E-2,4.2672216458482508E-2,4.2672216458482508E-2,4.2672216458482508E-2,4.2672216458482508E-2,4.2672216458482508E-2,4.2672216458482508E-2,4.2672216458482508E-2,4.2672216458482508E-2,0.71952368744256945,0.78456626456446699,0.87094494991560567,1.0000000000000002,{"$f":"R120","v":1.0000000000000002}]
[]
[null,"TOTAL GERAL",{"$f":"SUM(C110,C116)","v":313912.1925984},{"$f":"SUM(D110,D116)","v":0},0,0,0,0,0,0,0,0,296049.88906285341,257810.85325845334,5120102.1550514149,478476.62228772487,635432.71858692484,949375.42738855118,{"$f":"SUM(C122:R122)","v":8051159.8582343217}]
[null,null,{"$f":"C122/$S$122","v":3.8989685725510266E-2},{"$f":"D122/$S$122","v":0},0,0,0,0,0,0,0,0,3.6771085691469467E-2,3.2021579225604044E-2,0.63594590657827166,5.9429527013845469E-2,7.8924369876600592E-2,0.11791784588869859,{"$f":"SUM(C123:R123)","v":1.0000000000000002}]
[]
[null,"TOTAL GERAL ACUMULADO",{"$f":"C122","v":313912.1925984},{"$f":"C125+D122","v":313912.1925984},{"$f":"D125+E122","v":313912.1925984},313912.1925984,313912.1925984,313912.1925984,313912.1925984,313912.1925984,313912.1925984,313912.1925984,609962.08166125347,867772.93491970678,5987875.0899711214,6466351.7122588465,7101784.430845771,8051159.8582343217,{"$f":"R125","v":8051159.8582343217},{"$f":"S125-'RESUMO GERAL'!C29","v":0}]
[null,null,{"$f":"C123","v":3.8989685725510266E-2},{"$f":"C126+D123","v":3.8989685725510266E-2},{"$f":"D126+E123","v":3.8989685725510266E-2},3.8989685725510266E-2,3.8989685725510266E-2,3.8989685725510266E-2,3.8989685725510266E-2,3.8989685725510266E-2,3.8989685725510266E-2,3.8989685725510266E-2,7.5760771416979733E-2,0.10778235064258378,0.74372825722085545,0.80315778423470097,0.88208215411130153,1.0000000000000002,{"$f":"R126","v":1.0000000000000002}]

{"sheet":"DMT","index":12,"n_rows":84,"n_cols":37,"rows_kept":84,"cut":false,"hidden":false,"merged":[[13,31,13,33],[13,17,13,19],[12,36,13,39],[4,0,4,48]]}
[]
[]
[]
[]
["DETALHAMENTO DO DMT"]
[]
[]
[]
[{"$nulls":32},"SUBESTAÇÃO (SE-S0)"]
[]
[]
[{"$nulls":6},"SERRA TALHADA/PE",{"$nulls":19},"FLORESTA/PE"]
[{"$nulls":36},"3,2 km (LN)"]
[{"$nulls":17},"88 km (P)",{"$nulls":13},"37 km (P)"]
[]
[]
[{"$nulls":7},"AQUISIÇÃO:",{"$nulls":18},"AQUISIÇÃO:"]
[{"$nulls":7},"BRITA Nº 2",{"$nulls":18},"MAT. DE CONTRUÇÃO"]
[{"$nulls":26},"MAT. PASSAGEM MOLHADA"]
[]
[]
[{"$nulls":6},"LEGENDA:"]
[{"$nulls":10},"P","=","ESTRADA PAVIMENTADA"]
[{"$nulls":10},"LN","=","ESTRADA LEITO NATURAL"]
{"$rows_empty":59}
[null,"Grupo Motor Gerador com 155/170kVA cabinado  (Fornecido com Databook, contendo: ensaios de rotinas, tipo, manual de instrução, desenhos elétricos, e mecânicos)"]

{"sheet":"BDI","index":13,"n_rows":29,"n_cols":21,"rows_kept":29,"cut":false,"hidden":false,"merged":[[21,12,21,13],[3,15,3,18],[4,15,4,18],[5,15,5,18],[6,17,6,19],[3,11,3,13],[4,11,4,13],[5,11,5,13],[20,12,20,13],[3,6,3,9],[4,6,4,9],[5,6,5,9],[3,1,3,4],[4,1,4,4],[5,1,5,4]]}
[]
[]
[]
[null,"DETALHAMENTO DO BDI",{"$nulls":4},"TAXA DE JUROS SELIC",{"$nulls":4},"TAXA DE JUROS SELIC",null,null,null,"DETALHAMENTO DO BDI - DIFERENCIADO"]
[null,"Serviços",{"$nulls":4},"SITE RECEITA FEDERAL",{"$nulls":4},"TAXA DE JUROS SELIC (12 MESES)",null,null,null,"Fornecimento"]
[{"$nulls":11},"MAIO/2021 - ABRIL/2022"]
[{"$nulls":17},"Intervalo de admissibilidade"]
[null,"Item","Descrição dos serviços","Preço de Venda (%)","Custo Direto (%)",null,"Mês/Ano",2020,2021,2022,null,{"$f":"G8","v":"Mês/Ano"},2021,2022,null,"Item","Descrição dos serviços","Mínimo\n (%)","Médio\n (%)","Máximo\n (%)","Valores Propostos\n (%)"]
[{"$nulls":6},"Janeiro",3.8E-3,1.5E-3,7.3000000000000001E-3,null,{"$f":"G9","v":"Janeiro"},null,7.3000000000000001E-3]
[null,1,"Administração Central (AC)",null,0.04,null,"Fevereiro",2.8999999999999998E-3,1.2999999999999999E-3,7.6E-3,null,{"$f":"G10","v":"Fevereiro"},null,7.6E-3,null,1,"Administração Central (AC)",1.4999999999999999E-2,3.4500000000000003E-2,4.4900000000000002E-2,1.9E-2]
[{"$nulls":6},"Março",3.3999999999999998E-3,2E-3,9.2999999999999992E-3,null,"Março",null,9.2999999999999992E-3]
[null,2,"Impostos e Taxas (I)",{"$f":"SUM(D13:D16)","v":6.6500000000000004E-2},null,null,"Abril",2.8E-3,2.0999999999999999E-3,8.3000000000000001E-3,null,"Abril",null,8.3000000000000001E-3,null,2,"Impostos e Taxas (I)",3.6499999999999998E-2,5.7500000000000002E-2,6.6500000000000004E-2,3.7999999999999999E-2]
[null,"2.1","PIS",6.5000000000000006E-3,null,null,"Maio",2.3999999999999998E-3,2.7000000000000001E-3,null,null,"Maio",2.7000000000000001E-3,null,null,"2.1","PIS"]
[null,"2.2","COFINS",0.03,null,null,"Junho",2.0999999999999999E-3,3.0999999999999999E-3,null,null,"Junho",3.0999999999999999E-3,null,null,"2.2","COFINS"]
[null,"2.3","ISS",0.03,null,null,"Julho",1.9E-3,3.5999999999999999E-3,null,null,"Julho",3.5999999999999999E-3,null,null,"2.3","ISS"]
[null,"2.4","CPRB - Desoneração Folha de Pagamento",0,null,null,"Agosto",1.6000000000000001E-3,4.3E-3,null,null,"Agosto",4.3E-3,null,null,"2.4","CPRB - Desoneração Folha de Pagamento",null,0,null,{"$f":"S16","v":0}]
[{"$nulls":6},"Setembro",1.6000000000000001E-3,4.4000000000000003E-3,null,null,"Setembro",4.4000000000000003E-3]
[null,"3","Seguro e Garantia (SG) ",null,8.0000000000000002E-3,null,"Outubro",1.6000000000000001E-3,4.8999999999999998E-3,null,null,"Outubro",4.8999999999999998E-3,null,null,"3","Seguro e Garantia (SG) ",3.0000000000000001E-3,4.7999999999999996E-3,8.2000000000000007E-3,{"$f":"S18","v":4.7999999999999996E-3}]
[{"$nulls":6},"Novembro",1.5E-3,5.8999999999999999E-3,null,null,"Novembro",5.8999999999999999E-3]
[null,"4","Risco (R)",null,1.2699999999999999E-2,null,"Dezembro",1.6000000000000001E-3,"0,77%\t",null,null,"Dezembro","0,77%\t",null,null,"4","Risco (R)",5.5999999999999999E-3,8.5000000000000006E-3,8.8999999999999999E-3,6.0000000000000001E-3]
[{"$nulls":11},"TOTAL (%)",{"$f":"SUM(M9:N20)","v":6.1400000000000003E-2}]
[null,4,"Despesas Financeiras (DF)",null,{"$f":"M22","v":5.5818181818181817E-3},{"$nulls":6},"MÉDIA (%)",{"$f":"AVERAGE(M9:N20)","v":5.5818181818181817E-3},null,null,4,"Despesas Financeiras (DF)",8.5000000000000006E-3,8.5000000000000006E-3,1.11E-2,0.01]
[]
[null,5,"Lucro (L)",null,7.3999999999999996E-2,{"$nulls":10},5,"Lucro (L)",3.5000000000000003E-2,5.11E-2,6.2199999999999998E-2,0.05]
[]
[null,null,"BDI* (%)",null,{"$f":"ROUND(((((1+$E$10+$E$18+$E$20)*(1+$E$22)*(1+$E$24))/(1-$D$12))-1),4)","v":0.22720000000000001},{"$nulls":11},"BDI* (%)",null,null,null,{"$f":"ROUND(((((1+$U$10+$U$18+$U$20)*(1+$U$22)*(1+$U$24))/(1-($U$12+U16)))-1),4)","v":0.13519999999999999}]
[]
[null,"Acórdão nº 2622/2013 - TCU - Plenário - Publicado no DOU de 04/10/2013",{"$nulls":13},"Acórdão nº 2622/2013 - TCU - Plenário - Publicado no DOU de 04/10/2013"]
[null,"(*) BDI (%) = ((((1+AC+SG+R)*(1+DF)*(1+L))/(1-I))-1)",{"$nulls":13},"(*) BDI (%) = ((((1+AC+SG+R)*(1+DF)*(1+L))/(1-I))-1)"]

{"sheet":"MEMORIAL - RETROFIT","index":14,"n_rows":82,"n_cols":21,"rows_kept":82,"cut":false,"hidden":false,"merged":[[1,0,3,20]]}
[]
["COMPOSIÇÃO ORÇAMENTÁRIA\nRealização de Retrofiting de proteção da antiga LT, pelo seccionamento da LT 04F2, PAF/BNO (terminal 04F2, na SE PAF  e terminal 04F2, na  SE BNO). Excluso fornecimento dos relés."]
[]
[]
[{"$nulls":17},"BDI SERVIÇO",{"$f":"BDI!E26","v":0.22720000000000001}]
[{"$nulls":17},"BDI FORNECIMENTO",{"$f":"BDI!U26","v":0.13519999999999999}]
["ITEM","CÓDIGO","BASE","DESCRIÇÃO DOS SERVIÇOS",null,"UND","QUANTIDADE",{"$nulls":9},"PREÇO UNIT. \nSEM BDI (R$)","Adicional de Periculosoidade = 30%","BDI ADOTADO","PREÇO UNIT. \nCOM BDI (R$)","PREÇO TOTAL \nCOM BDI (R$)"]
["46.2",null,null,null,"OBSERVAÇÃO",null,null,"COTAÇÃO 1","COTAÇÃO 2","COTAÇÃO 3","COTAÇÃO 4","COTAÇÃO 5","CV","Média","Mediana","Menor entre Média e Mediana",{"$nulls":4},{"$f":"SUM(U9:U21)","v":418043.27017396764}]
[null,91677,"SINAPI_JAN_2023","Engenheiro Eletricista","02 Profissionais/mês durante 02 meses","h",{"$f":"2*2*220","v":880},{"$nulls":9},125.53,{"$f":"Q9*0.3","v":37.658999999999999},{"$f":"$S$5","v":0.22720000000000001},{"$f":"(Q9+R9)*(1+S9)","v":200.2655408},{"$f":"G9*T9","v":176233.675904}]
[null,88266,{"$f":"C9","v":"SINAPI_JAN_2023"},"Técnico","02 Profissionais/mês durante 02 meses","h",{"$f":"2*2*220","v":880},{"$nulls":9},26.76,{"$f":"Q10*0.3","v":8.0280000000000005},{"$f":"$S$5","v":0.22720000000000001},{"$f":"(Q10+R10)*(1+S10)","v":42.69183360000001},37568.813568000005]
[null,88264,{"$f":"C10","v":"SINAPI_JAN_2023"},"Eletricista","01 Profissional/mês durante 02 meses","h",{"$f":"1*1*220","v":220},{"$nulls":9},25.69,{"$f":"Q11*0.3","v":7.7069999999999999},0.22720000000000001,{"$f":"(Q11+R11)*(1+S11)","v":40.984798400000003},9016.6556479999999]
[null,90775,"SINAPI_JAN_2023","Projetista","01 Profissional/mês durante 02 meses","h",{"$f":"1*1*220","v":220},{"$nulls":9},22.79,{"$f":"Q12*0.3","v":6.8369999999999997},0.22720000000000001,{"$f":"(Q12+R12)*(1+S12)","v":36.3582544},7998.8159679999999]
[null,10540,"ORSE_NOV_2022","Aluguel de notebook","05 equipamentos/mês durante 02 meses","mês",{"$f":" 5 * 2","v":10},{"$nulls":9},18.72,"-",0.22720000000000001,{"$f":"(Q13)*(1+S13)","v":22.973184},229.73184000000001]
[null,10552,{"$f":"C13","v":"ORSE_NOV_2022"},"Aluguel de ploter","01 equipamento/mês durante 02 meses","mês",{"$f":"1*2","v":2},{"$nulls":9},104.1,"-",0.22720000000000001,127.75152,255.50304]
[null,10541,{"$f":"C14","v":"ORSE_NOV_2022"},"Aluguel de impressora colorida - laser","01 equipamento/mês durante 02 meses","mês",{"$f":"1*2","v":2},{"$nulls":9},12.47,"-",0.22720000000000001,15.303184000000002,30.606368000000003]
[null,"-","COTAÇÃO_Mar_2023","Passagens aéreas","Referência: passagens p/ 06 profissionais ida e volta: São Paulo >> Recife >> São Paulo","unid",6,1139,1052.97,1073,1456,810,{"$f":"STDEVA(H16:L16)/AVERAGE(H16:L16)","v":0.20963556373524153},{"$f":"AVERAGE(H16:L16)","v":1106.194},{"$f":"MEDIAN(H16:L16)","v":1073},{"$f":"SMALL(N16:O16,1)","v":1073},{"$f":"P16","v":1073},"-",0.22720000000000001,1316.7856000000002,7900.713600000001]
[null,37370,{"$f":"C12","v":"SINAPI_JAN_2023"},"Alimentação","03 Profissionais/mês (02 engenheiros e 01 projetista) durante 02 meses. Os demais encontram-se inclusos na composição SINAPI","h",{"$f":"SUM(G9,G12)","v":1100},{"$nulls":9},2.2799999999999998,"-",{"$f":"$S$6","v":0.13519999999999999},2.5882559999999999,2847.0816]
[null,"-","Tabela de diárias da Codevasf","Hospedagem Bom Nome - PE","06 Profissionais/mês durante 40 dias, incluso café da manhã","unid",{"$f":"6*2*30*2/3","v":240},{"$nulls":9},305.10000000000002,"-",0.22720000000000001,374.41872000000006,89860.492800000022]
[null,"-",{"$f":"C18","v":"Tabela de diárias da Codevasf"},"Hospedagem Paulo Afonso - BA","06 Profissionais/mês durante 20 dias, incluso café da manhã","unid",{"$f":"6*2*30*1/3","v":120},{"$nulls":9},{"$f":"Q18","v":305.10000000000002},"-",0.22720000000000001,374.41872000000006,44930.246400000011]
[null,"-","CPU Veiculos Codevasf","Aluguel de veículo pick-up cabine dupla 135 cv","02 Veiculos/mês durante 02 meses","mês",{"$f":"2*2","v":4},{"$nulls":9},{"$f":"'CPU Veiculo Codevasf '!D7","v":6992.2530235429504},"-",0.22720000000000001,8580.8929104919098,34323.571641967639]
[null,4222,{"$f":"C17","v":"SINAPI_JAN_2023"},"Combustível (gasolina comum)","Referência: durante 02 meses (20 dias úteis/mês). consumo médio (08 km/l) de gasolina. 02 veículos. Cada um com 01 translado Recife >> Serra Talhada >> Recife (834 km ida+volta), 30 translados de Serra Talhada >> Bom Nome >> Serra Talhada (100 km ida+volta), 02 translados de Serra Talhada >> Paulo Afonso >> Serra Talhada (430 km ida+volta) e  10 translados de Paulo Afonso >> SE PAF >> Paulo Afonso (10 km ida+volta).","L",{"$f":"(2*((2*417)+(30*2*50)+(2*2*215)+(10*2*10)))/8","v":1223.5},"-","-","-",{"$nulls":6},4.93,"-",{"$f":"$S$6","v":0.13519999999999999},5.5965359999999995,6847.3617959999992]
[]
[null,"OBSERVAÇÕES:"]
[]
["1-","Para o quantitativo dos profissionais considerou-se 220h para o mês"]
["2-","Para os valores das passagens aéreas considerou-se o menor valor entre a média e a mediana para os trechos das capitais das principais regiões do país até o destino (Recife/PE), conforme pesquisa de preços on line."]
["3-","Os valores da hospedagem estão conforme a \"Tabela de diárias da Codevasf\""]
["4-","O valor do aluguel mensal de veículo tipo pick-up cabine dupla está conforme a CPU de veículos da Codevasf"]
[]
[]
[]
[]
[null,"Passagem aérea - Data da cotação 14/03/2023"]
{"$rows_empty":48}
[null,"Grupo Motor Gerador com 155/170kVA cabinado  (Fornecido com Databook, contendo: ensaios de rotinas, tipo, manual de instrução, desenhos elétricos, e mecânicos)"]

{"sheet":"CPU - PROJETO","index":15,"n_rows":385,"n_cols":23,"rows_kept":385,"cut":false,"hidden":false,"merged":[[2,0,2,9]]}
[]
[]
["COMPOSIÇÕES DE CUSTOS "]
[]
[{"$nulls":9},"SINAPI_ref_Insumos_Composicoes_PE_042022_NaoDesonerado",{"$nulls":11},{"$f":"SUM(V7:V385)/2","v":232414.93680406408}]
["CLASSE/TIPO","CÓDIGOS","DESCRIÇÃO","UNIDADE","COEFICIENTE","CADERNO TÉCNICO",null,"INSUMOS","SINTÉTICO","TOTAL",null,null,"ITEM",{"$f":"A6","v":"CLASSE/TIPO"},"CÓDIGO","DESCRIÇÃO","COEFICIENTE","UNIDADE","QUANT.","COEF. X QUANT.","PREÇO UNIT.","PREÇO TOTAL"]
["74209/001","74209/001","PLACA DE OBRA EM CHAPA DE AÇO GALVANIZADO","M2",{"$nulls":5},{"$f":"SUM(J8:J14)","v":420.9},null,{"$f":"IF(OR(A7=\"INSUMO\",A7=\"COMPOSICAO\"),\"\",IFERROR(INDEX(ORÇAMENTO!A:A,MATCH(B7,ORÇAMENTO!C:C,0)),\"\"))","v":"1.1.1.1"},{"$f":"IF(L7<>\"\",L7,IF(M6<>0,M6,L7))","v":"1.1.1.1"},{"$f":"A7","v":"74209/001"},{"$f":"B7","v":"74209/001"},{"$f":"C7","v":"PLACA DE OBRA EM CHAPA DE AÇO GALVANIZADO"},{"$f":"IF(L7<>\"\",\"\",E7)","v":""},{"$f":"D7","v":"M2"},{"$f":"INDEX(ORÇAMENTO!G:G,MATCH(M7,ORÇAMENTO!A:A,0))","v":16},{"$f":"IF(L7<>\"\",\"\",Q7*S7)","v":""},{"$f":"IF(L7<>\"\",\"\",IF(INDEX('CPU - PROJETO'!$H:$H,MATCH($O7,'CPU - PROJETO'!$B:$B,0))=0,INDEX('CPU - PROJETO'!$I:$I,MATCH($O7,'CPU - PROJETO'!$B:$B,0)),INDEX('CPU - PROJETO'!$H:$H,MATCH($O7,'CPU - PROJETO'!$B:$B,0))))","v":""},{"$f":"IF(L7<>\"\",IF(I7=0,J7,I7)*S7,T7*U7)","v":6734.4},{"$f":"SUM(V8:V14)-V7","v":0.15040000000044529}]
["INSUMO",4417,"SARRAFO DE MADEIRA NAO APARELHADA *2,5 X 7* CM, MACARANDUBA, ANGELIM OU EQUIVALENTE DA REGIAO","M",1,"",null,{"$f":"INDEX('SINAPI - INSUMO'!E:E,MATCH(B8,'SINAPI - INSUMO'!A:A,0))","v":8.43},null,{"$f":"TRUNC(E8*H8+E8*I8,2)","v":8.43},null,{"$f":"IF(OR(A8=\"INSUMO\",A8=\"COMPOSICAO\"),\"\",IFERROR(INDEX(ORÇAMENTO!A:A,MATCH(B8,ORÇAMENTO!C:C,0)),\"\"))","v":""},{"$f":"IF(L8<>\"\",L8,IF(M7<>0,M7,L8))","v":"1.1.1.1"},"INSUMO",4417,"SARRAFO DE MADEIRA NAO APARELHADA *2,5 X 7* CM, MACARANDUBA, ANGELIM OU EQUIVALENTE DA REGIAO",{"$f":"IF(L8<>\"\",\"\",E8)","v":1},"M",{"$f":"INDEX(ORÇAMENTO!G:G,MATCH(M8,ORÇAMENTO!A:A,0))","v":16},{"$f":"IF(L8<>\"\",\"\",Q8*S8)","v":16},{"$f":"IF(L8<>\"\",\"\",IF(INDEX('CPU - PROJETO'!$H:$H,MATCH($O8,'CPU - PROJETO'!$B:$B,0))=0,INDEX('CPU - PROJETO'!$I:$I,MATCH($O8,'CPU - PROJETO'!$B:$B,0)),INDEX('CPU - PROJETO'!$H:$H,MATCH($O8,'CPU - PROJETO'!$B:$B,0))))","v":8.43},{"$f":"IF(L8<>\"\",IF(I8=0,J8,I8)*S8,T8*U8)","v":134.88},{"$f":"CONCATENATE(M8,\" \",O8)","v":"1.1.1.1 4417"}]
["INSUMO",4491,"PECA DE MADEIRA NATIVA / REGIONAL 7,5 X 7,5CM (3X3) NAO APARELHADA (P/FORMA)","M",4,"",null,{"$f":"INDEX('SINAPI - INSUMO'!E:E,MATCH(B9,'SINAPI - INSUMO'!A:A,0))","v":10.050000000000001},null,{"$f":"TRUNC(E9*H9+E9*I9,2)","v":40.200000000000003},null,{"$f":"IF(OR(A9=\"INSUMO\",A9=\"COMPOSICAO\"),\"\",IFERROR(INDEX(ORÇAMENTO!A:A,MATCH(B9,ORÇAMENTO!C:C,0)),\"\"))","v":""},{"$f":"IF(L9<>\"\",L9,IF(M8<>0,M8,L9))","v":"1.1.1.1"},"INSUMO",4491,"PECA DE MADEIRA NATIVA / REGIONAL 7,5 X 7,5CM (3X3) NAO APARELHADA (P/FORMA)",4,"M",{"$f":"INDEX(ORÇAMENTO!G:G,MATCH(M9,ORÇAMENTO!A:A,0))","v":16},64,{"$f":"IF(L9<>\"\",\"\",IF(INDEX('CPU - PROJETO'!$H:$H,MATCH($O9,'CPU - PROJETO'!$B:$B,0))=0,INDEX('CPU - PROJETO'!$I:$I,MATCH($O9,'CPU - PROJETO'!$B:$B,0)),INDEX('CPU - PROJETO'!$H:$H,MATCH($O9,'CPU - PROJETO'!$B:$B,0))))","v":10.050000000000001},{"$f":"IF(L9<>\"\",IF(I9=0,J9,I9)*S9,T9*U9)","v":643.20000000000005},"1.1.1.1 4491"]
["INSUMO",4813,"PLACA DE OBRA (PARA CONSTRUCAO CIVIL) EM CHAPA GALVANIZADA *N. 22*, DE *2,0 X 1,125* M","M2",1,"",null,{"$f":"INDEX('SINAPI - INSUMO'!E:E,MATCH(B10,'SINAPI - INSUMO'!A:A,0))","v":300},null,300,null,{"$f":"IF(OR(A10=\"INSUMO\",A10=\"COMPOSICAO\"),\"\",IFERROR(INDEX(ORÇAMENTO!A:A,MATCH(B10,ORÇAMENTO!C:C,0)),\"\"))","v":""},"1.1.1.1","INSUMO",4813,"PLACA DE OBRA (PARA CONSTRUCAO CIVIL) EM CHAPA GALVANIZADA *N. 22*, DE *2,0 X 1,125* M",1,"M2",{"$f":"INDEX(ORÇAMENTO!G:G,MATCH(M10,ORÇAMENTO!A:A,0))","v":16},16,{"$f":"IF(L10<>\"\",\"\",IF(INDEX('CPU - PROJETO'!$H:$H,MATCH($O10,'CPU - PROJETO'!$B:$B,0))=0,INDEX('CPU - PROJETO'!$I:$I,MATCH($O10,'CPU - PROJETO'!$B:$B,0)),INDEX('CPU - PROJETO'!$H:$H,MATCH($O10,'CPU - PROJETO'!$B:$B,0))))","v":300},4800,"1.1.1.1 4813"]
["INSUMO",5075,"PREGO DE ACO POLIDO COM CABECA 18 X 30 (2 3/4 X 10)","KG",0.11,"",null,{"$f":"INDEX('SINAPI - INSUMO'!E:E,MATCH(B11,'SINAPI - INSUMO'!A:A,0))","v":22.38},null,2.46,null,{"$f":"IF(OR(A11=\"INSUMO\",A11=\"COMPOSICAO\"),\"\",IFERROR(INDEX(ORÇAMENTO!A:A,MATCH(B11,ORÇAMENTO!C:C,0)),\"\"))","v":""},"1.1.1.1","INSUMO",5075,"PREGO DE ACO POLIDO COM CABECA 18 X 30 (2 3/4 X 10)",0.11,"KG",{"$f":"INDEX(ORÇAMENTO!G:G,MATCH(M11,ORÇAMENTO!A:A,0))","v":16},1.76,{"$f":"IF(L11<>\"\",\"\",IF(INDEX('CPU - PROJETO'!$H:$H,MATCH($O11,'CPU - PROJETO'!$B:$B,0))=0,INDEX('CPU - PROJETO'!$I:$I,MATCH($O11,'CPU - PROJETO'!$B:$B,0)),INDEX('CPU - PROJETO'!$H:$H,MATCH($O11,'CPU - PROJETO'!$B:$B,0))))","v":22.38},39.388799999999996,"1.1.1.1 5075"]
["COMPOSICAO",94962,"CONCRETO MAGRO PARA LASTRO, TRAÇO 1:4,5:4,5 (CIMENTO/ AREIA MÉDIA/ BRITA 1) - PREPARO MECÂNICO COM BETONEIRA 400 L. AF_07/2016","M3",0.01,"",null,null,{"$f":"INDEX('SINAPI - SINTÉTICO'!K:K,MATCH(B12,'SINAPI - SINTÉTICO'!G:G,0))","v":397.76},3.97,null,{"$f":"IF(OR(A12=\"INSUMO\",A12=\"COMPOSICAO\"),\"\",IFERROR(INDEX(ORÇAMENTO!A:A,MATCH(B12,ORÇAMENTO!C:C,0)),\"\"))","v":""},"1.1.1.1","COMPOSICAO",94962,"CONCRETO MAGRO PARA LASTRO, TRAÇO 1:4,5:4,5 (CIMENTO/ AREIA MÉDIA/ BRITA 1) - PREPARO MECÂNICO COM BETONEIRA 400 L. AF_07/2016",0.01,"M3",{"$f":"INDEX(ORÇAMENTO!G:G,MATCH(M12,ORÇAMENTO!A:A,0))","v":16},0.16,{"$f":"IF(L12<>\"\",\"\",IF(INDEX('CPU - PROJETO'!$H:$H,MATCH($O12,'CPU - PROJETO'!$B:$B,0))=0,INDEX('CPU - PROJETO'!$I:$I,MATCH($O12,'CPU - PROJETO'!$B:$B,0)),INDEX('CPU - PROJETO'!$H:$H,MATCH($O12,'CPU - PROJETO'!$B:$B,0))))","v":397.76},63.641599999999997,{"$f":"CONCATENATE(M12,\" \",O12)","v":"1.1.1.1 94962"}]
["COMPOSICAO",88262,"CARPINTEIRO DE FORMAS COM ENCARGOS COMPLEMENTARES","H",1,"",null,null,{"$f":"INDEX('SINAPI - SINTÉTICO'!K:K,MATCH(B13,'SINAPI - SINTÉTICO'!G:G,0))","v":25},25,null,{"$f":"IF(OR(A13=\"INSUMO\",A13=\"COMPOSICAO\"),\"\",IFERROR(INDEX(ORÇAMENTO!A:A,MATCH(B13,ORÇAMENTO!C:C,0)),\"\"))","v":""},"1.1.1.1","COMPOSICAO",88262,"CARPINTEIRO DE FORMAS COM ENCARGOS COMPLEMENTARES",1,"H",{"$f":"INDEX(ORÇAMENTO!G:G,MATCH(M13,ORÇAMENTO!A:A,0))","v":16},16,{"$f":"IF(L13<>\"\",\"\",IF(INDEX('CPU - PROJETO'!$H:$H,MATCH($O13,'CPU - PROJETO'!$B:$B,0))=0,INDEX('CPU - PROJETO'!$I:$I,MATCH($O13,'CPU - PROJETO'!$B:$B,0)),INDEX('CPU - PROJETO'!$H:$H,MATCH($O13,'CPU - PROJETO'!$B:$B,0))))","v":25},400,{"$f":"CONCATENATE(M13,\" \",O13)","v":"1.1.1.1 88262"}]
["COMPOSICAO",88316,"SERVENTE COM ENCARGOS COMPLEMENTARES","H",2,"",null,null,{"$f":"INDEX('SINAPI - SINTÉTICO'!K:K,MATCH(B14,'SINAPI - SINTÉTICO'!G:G,0))","v":20.420000000000002},40.840000000000003,null,{"$f":"IF(OR(A14=\"INSUMO\",A14=\"COMPOSICAO\"),\"\",IFERROR(INDEX(ORÇAMENTO!A:A,MATCH(B14,ORÇAMENTO!C:C,0)),\"\"))","v":""},"1.1.1.1","COMPOSICAO",88316,"SERVENTE COM ENCARGOS COMPLEMENTARES",2,"H",{"$f":"INDEX(ORÇAMENTO!G:G,MATCH(M14,ORÇAMENTO!A:A,0))","v":16},32,{"$f":"IF(L14<>\"\",\"\",IF(INDEX('CPU - PROJETO'!$H:$H,MATCH($O14,'CPU - PROJETO'!$B:$B,0))=0,INDEX('CPU - PROJETO'!$I:$I,MATCH($O14,'CPU - PROJETO'!$B:$B,0)),INDEX('CPU - PROJETO'!$H:$H,MATCH($O14,'CPU - PROJETO'!$B:$B,0))))","v":20.420000000000002},653.44000000000005,"1.1.1.1 88316"]
["01.PARE.ALVD.031/01",101163,"ALVENARIA DE VEDAÇÃO COM BLOCO DE VIDRO VAZADO, TIPO VENEZIANA, DE 6X20X20CM E ARGAMASSA DE ASSENTAMENTO COM PREPARO EM BETONEIRA. AF_05/2020","M2","","Alvenarias Diversas",null,null,{"$f":"INDEX('SINAPI - SINTÉTICO'!K:K,MATCH(B15,'SINAPI - SINTÉTICO'!G:G,0))","v":743.04},{"$f":"SUM(J16:J20)","v":743.04000000000008},null,{"$f":"IF(OR(A15=\"INSUMO\",A15=\"COMPOSICAO\"),\"\",IFERROR(INDEX(ORÇAMENTO!A:A,MATCH(B15,ORÇAMENTO!C:C,0)),\"\"))","v":"1.7.2.1"},{"$f":"IF(L15<>\"\",L15,IF(M14<>0,M14,L15))","v":"1.7.2.1"},"01.PARE.ALVD.031/01",101163,"ALVENARIA DE VEDAÇÃO COM BLOCO DE VIDRO VAZADO, TIPO VENEZIANA, DE 6X20X20CM E ARGAMASSA DE ASSENTAMENTO COM PREPARO EM BETONEIRA. AF_05/2020","","M2",{"$f":"INDEX(ORÇAMENTO!G:G,MATCH(M15,ORÇAMENTO!A:A,0))","v":7.82},"",{"$f":"IF(L15<>\"\",\"\",IF(INDEX('CPU - PROJETO'!$H:$H,MATCH($O15,'CPU - PROJETO'!$B:$B,0))=0,INDEX('CPU - PROJETO'!$I:$I,MATCH($O15,'CPU - PROJETO'!$B:$B,0)),INDEX('CPU - PROJETO'!$H:$H,MATCH($O15,'CPU - PROJETO'!$B:$B,0))))","v":""},{"$f":"IF(L15<>\"\",IF(I15=0,J15,I15)*S15,T15*U15)","v":5810.5727999999999},{"$f":"SUM(V16:V20)-V15","v":0.19448340000053577}]
["INSUMO",718,"BLOCO DE VIDRO/ELEMENTO VAZADO INCOLOR, VENEZIANA, DE *20 X 20 X 6* CM","UN",25.68,"",null,{"$f":"INDEX('SINAPI - INSUMO'!E:E,MATCH(B16,'SINAPI - INSUMO'!A:A,0))","v":22.63},null,{"$f":"TRUNC(E16*H16+E16*I16,2)","v":581.13},null,{"$f":"IF(OR(A16=\"INSUMO\",A16=\"COMPOSICAO\"),\"\",IFERROR(INDEX(ORÇAMENTO!A:A,MATCH(B16,ORÇAMENTO!C:C,0)),\"\"))","v":""},"1.7.2.1","INSUMO",718,"BLOCO DE VIDRO/ELEMENTO VAZADO INCOLOR, VENEZIANA, DE *20 X 20 X 6* CM",25.68,"UN",{"$f":"INDEX(ORÇAMENTO!G:G,MATCH(M16,ORÇAMENTO!A:A,0))","v":7.82},200.8176,{"$f":"IF(L16<>\"\",\"\",IF(INDEX('CPU - PROJETO'!$H:$H,MATCH($O16,'CPU - PROJETO'!$B:$B,0))=0,INDEX('CPU - PROJETO'!$I:$I,MATCH($O16,'CPU - PROJETO'!$B:$B,0)),INDEX('CPU - PROJETO'!$H:$H,MATCH($O16,'CPU - PROJETO'!$B:$B,0))))","v":22.63},4544.5022879999997,{"$f":"CONCATENATE(M16,\" \",O16)","v":"1.7.2.1 718"}]
["INSUMO",43059,"ACO CA-60, 4,2 MM, OU 5,0 MM, OU 6,0 MM, OU 7,0 MM, VERGALHAO","KG",0.54500000000000004,"",null,{"$f":"INDEX('SINAPI - INSUMO'!E:E,MATCH(B17,'SINAPI - INSUMO'!A:A,0))","v":10.77},null,{"$f":"TRUNC(E17*H17+E17*I17,2)","v":5.86},null,{"$f":"IF(OR(A17=\"INSUMO\",A17=\"COMPOSICAO\"),\"\",IFERROR(INDEX(ORÇAMENTO!A:A,MATCH(B17,ORÇAMENTO!C:C,0)),\"\"))","v":""},"1.7.2.1","INSUMO",43059,"ACO CA-60, 4,2 MM, OU 5,0 MM, OU 6,0 MM, OU 7,0 MM, VERGALHAO",0.54500000000000004,"KG",{"$f":"INDEX(ORÇAMENTO!G:G,MATCH(M17,ORÇAMENTO!A:A,0))","v":7.82},4.2619000000000007,{"$f":"IF(L17<>\"\",\"\",IF(INDEX('CPU - PROJETO'!$H:$H,MATCH($O17,'CPU - PROJETO'!$B:$B,0))=0,INDEX('CPU - PROJETO'!$I:$I,MATCH($O17,'CPU - PROJETO'!$B:$B,0)),INDEX('CPU - PROJETO'!$H:$H,MATCH($O17,'CPU - PROJETO'!$B:$B,0))))","v":10.77},45.900663000000009,"1.7.2.1 43059"]
["COMPOSICAO",87292,"ARGAMASSA TRAÇO 1:2:8 (EM VOLUME DE CIMENTO, CAL E AREIA MÉDIA ÚMIDA) PARA EMBOÇO/MASSA ÚNICA/ASSENTAMENTO DE ALVENARIA DE VEDAÇÃO, PREPARO MECÂNICO COM BETONEIRA 400 L. AF_08/2019","M3",0.01,"",null,null,{"$f":"INDEX('SINAPI - SINTÉTICO'!K:K,MATCH(B18,'SINAPI - SINTÉTICO'!G:G,0))","v":660.42},6.6,null,{"$f":"IF(OR(A18=\"INSUMO\",A18=\"COMPOSICAO\"),\"\",IFERROR(INDEX(ORÇAMENTO!A:A,MATCH(B18,ORÇAMENTO!C:C,0)),\"\"))","v":""},"1.7.2.1","COMPOSICAO",87292,"ARGAMASSA TRAÇO 1:2:8 (EM VOLUME DE CIMENTO, CAL E AREIA MÉDIA ÚMIDA) PARA EMBOÇO/MASSA ÚNICA/ASSENTAMENTO DE ALVENARIA DE VEDAÇÃO, PREPARO MECÂNICO COM BETONEIRA 400 L. AF_08/2019",0.01,"M3",{"$f":"INDEX(ORÇAMENTO!G:G,MATCH(M18,ORÇAMENTO!A:A,0))","v":7.82},7.8200000000000006E-2,{"$f":"IF(L18<>\"\",\"\",IF(INDEX('CPU - PROJETO'!$H:$H,MATCH($O18,'CPU - PROJETO'!$B:$B,0))=0,INDEX('CPU - PROJETO'!$I:$I,MATCH($O18,'CPU - PROJETO'!$B:$B,0)),INDEX('CPU - PROJETO'!$H:$H,MATCH($O18,'CPU - PROJETO'!$B:$B,0))))","v":660.42},51.644843999999999,{"$f":"CONCATENATE(M18,\" \",O18)","v":"1.7.2.1 87292"}]
["COMPOSICAO",88309,"PEDREIRO COM ENCARGOS COMPLEMENTARES","H",4.1989999999999998,"",null,null,{"$f":"INDEX('SINAPI - SINTÉTICO'!K:K,MATCH(B19,'SINAPI - SINTÉTICO'!G:G,0))","v":25.38},106.57,null,{"$f":"IF(OR(A19=\"INSUMO\",A19=\"COMPOSICAO\"),\"\",IFERROR(INDEX(ORÇAMENTO!A:A,MATCH(B19,ORÇAMENTO!C:C,0)),\"\"))","v":""},"1.7.2.1","COMPOSICAO",88309,"PEDREIRO COM ENCARGOS COMPLEMENTARES",4.1989999999999998,"H",{"$f":"INDEX(ORÇAMENTO!G:G,MATCH(M19,ORÇAMENTO!A:A,0))","v":7.82},32.836179999999999,{"$f":"IF(L19<>\"\",\"\",IF(INDEX('CPU - PROJETO'!$H:$H,MATCH($O19,'CPU - PROJETO'!$B:$B,0))=0,INDEX('CPU - PROJETO'!$I:$I,MATCH($O19,'CPU - PROJETO'!$B:$B,0)),INDEX('CPU - PROJETO'!$H:$H,MATCH($O19,'CPU - PROJETO'!$B:$B,0))))","v":25.38},833.38224839999998,{"$f":"CONCATENATE(M19,\" \",O19)","v":"1.7.2.1 88309"}]
["COMPOSICAO",88316,"SERVENTE COM ENCARGOS COMPLEMENTARES","H",2.1,"",null,null,{"$f":"INDEX('SINAPI - SINTÉTICO'!K:K,MATCH(B20,'SINAPI - SINTÉTICO'!G:G,0))","v":20.420000000000002},42.88,null,{"$f":"IF(OR(A20=\"INSUMO\",A20=\"COMPOSICAO\"),\"\",IFERROR(INDEX(ORÇAMENTO!A:A,MATCH(B20,ORÇAMENTO!C:C,0)),\"\"))","v":""},"1.7.2.1","COMPOSICAO",88316,"SERVENTE COM ENCARGOS COMPLEMENTARES",2.1,"H",{"$f":"INDEX(ORÇAMENTO!G:G,MATCH(M20,ORÇAMENTO!A:A,0))","v":7.82},16.422000000000001,{"$f":"IF(L20<>\"\",\"\",IF(INDEX('CPU - PROJETO'!$H:$H,MATCH($O20,'CPU - PROJETO'!$B:$B,0))=0,INDEX('CPU - PROJETO'!$I:$I,MATCH($O20,'CPU - PROJETO'!$B:$B,0)),INDEX('CPU - PROJETO'!$H:$H,MATCH($O20,'CPU - PROJETO'!$B:$B,0))))","v":20.420000000000002},335.33724000000007,"1.7.2.1 88316"]
["01.FUES.VERG.005/01",93186,"VERGA MOLDADA IN LOCO EM CONCRETO PARA JANELAS COM ATÉ 1,5 M DE VÃO. AF_03/2016","M","","Vergas, contravergas e fixação de alvenaria",null,null,{"$f":"INDEX('SINAPI - SINTÉTICO'!K:K,MATCH(B21,'SINAPI - SINTÉTICO'!G:G,0))","v":100.45},{"$f":"SUM(J22:J29)","v":100.45},null,{"$f":"IF(OR(A21=\"INSUMO\",A21=\"COMPOSICAO\"),\"\",IFERROR(INDEX(ORÇAMENTO!A:A,MATCH(B21,ORÇAMENTO!C:C,0)),\"\"))","v":"1.7.2.3"},"1.7.2.3","01.FUES.VERG.005/01",93186,"VERGA MOLDADA IN LOCO EM CONCRETO PARA JANELAS COM ATÉ 1,5 M DE VÃO. AF_03/2016","","M",{"$f":"INDEX(ORÇAMENTO!G:G,MATCH(M21,ORÇAMENTO!A:A,0))","v":2},"",{"$f":"IF(L21<>\"\",\"\",IF(INDEX('CPU - PROJETO'!$H:$H,MATCH($O21,'CPU - PROJETO'!$B:$B,0))=0,INDEX('CPU - PROJETO'!$I:$I,MATCH($O21,'CPU - PROJETO'!$B:$B,0)),INDEX('CPU - PROJETO'!$H:$H,MATCH($O21,'CPU - PROJETO'!$B:$B,0))))","v":""},200.9,{"$f":"SUM(V22:V29)-V21","v":8.82000000000005E-2}]
["INSUMO",2692,"DESMOLDANTE PROTETOR PARA FORMAS DE MADEIRA, DE BASE OLEOSA EMULSIONADA EM AGUA","L",6.0000000000000001E-3,"",null,{"$f":"INDEX('SINAPI - INSUMO'!E:E,MATCH(B22,'SINAPI - INSUMO'!A:A,0))","v":7.5},null,{"$f":"TRUNC(E22*H22+E22*I22,2)","v":0.04},null,{"$f":"IF(OR(A22=\"INSUMO\",A22=\"COMPOSICAO\"),\"\",IFERROR(INDEX(ORÇAMENTO!A:A,MATCH(B22,ORÇAMENTO!C:C,0)),\"\"))","v":""},"1.7.2.3","INSUMO",2692,"DESMOLDANTE PROTETOR PARA FORMAS DE MADEIRA, DE BASE OLEOSA EMULSIONADA EM AGUA",6.0000000000000001E-3,"L",{"$f":"INDEX(ORÇAMENTO!G:G,MATCH(M22,ORÇAMENTO!A:A,0))","v":2},1.2E-2,{"$f":"IF(L22<>\"\",\"\",IF(INDEX('CPU - PROJETO'!$H:$H,MATCH($O22,'CPU - PROJETO'!$B:$B,0))=0,INDEX('CPU - PROJETO'!$I:$I,MATCH($O22,'CPU - PROJETO'!$B:$B,0)),INDEX('CPU - PROJETO'!$H:$H,MATCH($O22,'CPU - PROJETO'!$B:$B,0))))","v":7.5},0.09,"1.7.2.3 2692"]
["INSUMO",4491,"PONTALETE *7,5 X 7,5* CM EM PINUS, MISTA OU EQUIVALENTE DA REGIAO - BRUTA","M",0.35199999999999998,"",null,{"$f":"INDEX('SINAPI - INSUMO'!E:E,MATCH(B23,'SINAPI - INSUMO'!A:A,0))","v":10.050000000000001},null,{"$f":"TRUNC(E23*H23+E23*I23,2)","v":3.53},null,{"$f":"IF(OR(A23=\"INSUMO\",A23=\"COMPOSICAO\"),\"\",IFERROR(INDEX(ORÇAMENTO!A:A,MATCH(B23,ORÇAMENTO!C:C,0)),\"\"))","v":""},"1.7.2.3","INSUMO",4491,"PONTALETE *7,5 X 7,5* CM EM PINUS, MISTA OU EQUIVALENTE DA REGIAO - BRUTA",0.35199999999999998,"M",{"$f":"INDEX(ORÇAMENTO!G:G,MATCH(M23,ORÇAMENTO!A:A,0))","v":2},0.70399999999999996,{"$f":"IF(L23<>\"\",\"\",IF(INDEX('CPU - PROJETO'!$H:$H,MATCH($O23,'CPU - PROJETO'!$B:$B,0))=0,INDEX('CPU - PROJETO'!$I:$I,MATCH($O23,'CPU - PROJETO'!$B:$B,0)),INDEX('CPU - PROJETO'!$H:$H,MATCH($O23,'CPU - PROJETO'!$B:$B,0))))","v":10.050000000000001},7.0751999999999997,"1.7.2.3 4491"]
["INSUMO",39017,"ESPACADOR / DISTANCIADOR CIRCULAR COM ENTRADA LATERAL, EM PLASTICO, PARA VERGALHAO *4,2 A 12,5* MM, COBRIMENTO 20 MM","UN",6,"",null,{"$f":"INDEX('SINAPI - INSUMO'!E:E,MATCH(B24,'SINAPI - INSUMO'!A:A,0))","v":0.18},null,1.08,null,{"$f":"IF(OR(A24=\"INSUMO\",A24=\"COMPOSICAO\"),\"\",IFERROR(INDEX(ORÇAMENTO!A:A,MATCH(B24,ORÇAMENTO!C:C,0)),\"\"))","v":""},"1.7.2.3","INSUMO",39017,"ESPACADOR / DISTANCIADOR CIRCULAR COM ENTRADA LATERAL, EM PLASTICO, PARA VERGALHAO *4,2 A 12,5* MM, COBRIMENTO 20 MM",6,"UN",{"$f":"INDEX(ORÇAMENTO!G:G,MATCH(M24,ORÇAMENTO!A:A,0))","v":2},12,{"$f":"IF(L24<>\"\",\"\",IF(INDEX('CPU - PROJETO'!$H:$H,MATCH($O24,'CPU - PROJETO'!$B:$B,0))=0,INDEX('CPU - PROJETO'!$I:$I,MATCH($O24,'CPU - PROJETO'!$B:$B,0)),INDEX('CPU - PROJETO'!$H:$H,MATCH($O24,'CPU - PROJETO'!$B:$B,0))))","v":0.18},2.16,"1.7.2.3 39017"]
["COMPOSICAO",88309,"PEDREIRO COM ENCARGOS COMPLEMENTARES","H",0.376,"",null,null,{"$f":"INDEX('SINAPI - SINTÉTICO'!K:K,MATCH(B25,'SINAPI - SINTÉTICO'!G:G,0))","v":25.38},9.5399999999999991,null,{"$f":"IF(OR(A25=\"INSUMO\",A25=\"COMPOSICAO\"),\"\",IFERROR(INDEX(ORÇAMENTO!A:A,MATCH(B25,ORÇAMENTO!C:C,0)),\"\"))","v":""},"1.7.2.3","COMPOSICAO",88309,"PEDREIRO COM ENCARGOS COMPLEMENTARES",0.376,"H",{"$f":"INDEX(ORÇAMENTO!G:G,MATCH(M25,ORÇAMENTO!A:A,0))","v":2},0.752,{"$f":"IF(L25<>\"\",\"\",IF(INDEX('CPU - PROJETO'!$H:$H,MATCH($O25,'CPU - PROJETO'!$B:$B,0))=0,INDEX('CPU - PROJETO'!$I:$I,MATCH($O25,'CPU - PROJETO'!$B:$B,0)),INDEX('CPU - PROJETO'!$H:$H,MATCH($O25,'CPU - PROJETO'!$B:$B,0))))","v":25.38},19.085760000000001,"1.7.2.3 88309"]
["COMPOSICAO",88316,"SERVENTE COM ENCARGOS COMPLEMENTARES","H",0.188,"",null,null,{"$f":"INDEX('SINAPI - SINTÉTICO'!K:K,MATCH(B26,'SINAPI - SINTÉTICO'!G:G,0))","v":20.420000000000002},3.83,null,{"$f":"IF(OR(A26=\"INSUMO\",A26=\"COMPOSICAO\"),\"\",IFERROR(INDEX(ORÇAMENTO!A:A,MATCH(B26,ORÇAMENTO!C:C,0)),\"\"))","v":""},"1.7.2.3","COMPOSICAO",88316,"SERVENTE COM ENCARGOS COMPLEMENTARES",0.188,"H",{"$f":"INDEX(ORÇAMENTO!G:G,MATCH(M26,ORÇAMENTO!A:A,0))","v":2},0.376,{"$f":"IF(L26<>\"\",\"\",IF(INDEX('CPU - PROJETO'!$H:$H,MATCH($O26,'CPU - PROJETO'!$B:$B,0))=0,INDEX('CPU - PROJETO'!$I:$I,MATCH($O26,'CPU - PROJETO'!$B:$B,0)),INDEX('CPU - PROJETO'!$H:$H,MATCH($O26,'CPU - PROJETO'!$B:$B,0))))","v":20.420000000000002},7.6779200000000003,"1.7.2.3 88316"]
["COMPOSICAO",92270,"FABRICAÇÃO DE FÔRMA PARA VIGAS, COM MADEIRA SERRADA, E = 25 MM. AF_09/2020","M2",0.35,"",null,null,{"$f":"INDEX('SINAPI - SINTÉTICO'!K:K,MATCH(B27,'SINAPI - SINTÉTICO'!G:G,0))","v":192.68},67.430000000000007,null,{"$f":"IF(OR(A27=\"INSUMO\",A27=\"COMPOSICAO\"),\"\",IFERROR(INDEX(ORÇAMENTO!A:A,MATCH(B27,ORÇAMENTO!C:C,0)),\"\"))","v":""},"1.7.2.3","COMPOSICAO",92270,"FABRICAÇÃO DE FÔRMA PARA VIGAS, COM MADEIRA SERRADA, E = 25 MM. AF_09/2020",0.35,"M2",{"$f":"INDEX(ORÇAMENTO!G:G,MATCH(M27,ORÇAMENTO!A:A,0))","v":2},0.7,{"$f":"IF(L27<>\"\",\"\",IF(INDEX('CPU - PROJETO'!$H:$H,MATCH($O27,'CPU - PROJETO'!$B:$B,0))=0,INDEX('CPU - PROJETO'!$I:$I,MATCH($O27,'CPU - PROJETO'!$B:$B,0)),INDEX('CPU - PROJETO'!$H:$H,MATCH($O27,'CPU - PROJETO'!$B:$B,0))))","v":192.68},134.876,"1.7.2.3 92270"]
["COMPOSICAO",92801,"CORTE E DOBRA DE AÇO CA-50, DIÂMETRO DE 6,3 MM. AF_06/2022 ","KG",0.49,"",null,null,{"$f":"INDEX('SINAPI - SINTÉTICO'!K:K,MATCH(B28,'SINAPI - SINTÉTICO'!G:G,0))","v":13.73},6.72,null,{"$f":"IF(OR(A28=\"INSUMO\",A28=\"COMPOSICAO\"),\"\",IFERROR(INDEX(ORÇAMENTO!A:A,MATCH(B28,ORÇAMENTO!C:C,0)),\"\"))","v":""},"1.7.2.3","COMPOSICAO",92801,"CORTE E DOBRA DE AÇO CA-50, DIÂMETRO DE 6,3 MM. AF_06/2022 ",0.49,"KG",{"$f":"INDEX(ORÇAMENTO!G:G,MATCH(M28,ORÇAMENTO!A:A,0))","v":2},0.98,{"$f":"IF(L28<>\"\",\"\",IF(INDEX('CPU - PROJETO'!$H:$H,MATCH($O28,'CPU - PROJETO'!$B:$B,0))=0,INDEX('CPU - PROJETO'!$I:$I,MATCH($O28,'CPU - PROJETO'!$B:$B,0)),INDEX('CPU - PROJETO'!$H:$H,MATCH($O28,'CPU - PROJETO'!$B:$B,0))))","v":13.73},13.455400000000001,"1.7.2.3 92801"]
["COMPOSICAO",94970,"CONCRETO FCK = 20MPA, TRAÇO 1:2,7:3 (CIMENTO/ AREIA MÉDIA/ BRITA 1)  - PREPARO MECÂNICO COM BETONEIRA 600 L. AF_07/2016","M3",1.7999999999999999E-2,"",null,null,{"$f":"INDEX('SINAPI - SINTÉTICO'!K:K,MATCH(B29,'SINAPI - SINTÉTICO'!G:G,0))","v":460.22},8.2799999999999994,null,{"$f":"IF(OR(A29=\"INSUMO\",A29=\"COMPOSICAO\"),\"\",IFERROR(INDEX(ORÇAMENTO!A:A,MATCH(B29,ORÇAMENTO!C:C,0)),\"\"))","v":""},"1.7.2.3","COMPOSICAO",94970,"CONCRETO FCK = 20MPA, TRAÇO 1:2,7:3 (CIMENTO/ AREIA MÉDIA/ BRITA 1)  - PREPARO MECÂNICO COM BETONEIRA 600 L. AF_07/2016",1.7999999999999999E-2,"M3",{"$f":"INDEX(ORÇAMENTO!G:G,MATCH(M29,ORÇAMENTO!A:A,0))","v":2},3.5999999999999997E-2,{"$f":"IF(L29<>\"\",\"\",IF(INDEX('CPU - PROJETO'!$H:$H,MATCH($O29,'CPU - PROJETO'!$B:$B,0))=0,INDEX('CPU - PROJETO'!$I:$I,MATCH($O29,'CPU - PROJETO'!$B:$B,0)),INDEX('CPU - PROJETO'!$H:$H,MATCH($O29,'CPU - PROJETO'!$B:$B,0))))","v":460.22},16.567920000000001,"1.7.2.3 94970"]
["01.FUES.VERG.006/01",93187,"VERGA MOLDADA IN LOCO EM CONCRETO PARA JANELAS COM MAIS DE 1,5 M DE VÃO. AF_03/2016","M","","Vergas, contravergas e fixação de alvenaria",null,null,{"$f":"INDEX('SINAPI - SINTÉTICO'!K:K,MATCH(B30,'SINAPI - SINTÉTICO'!G:G,0))","v":115.19},{"$f":"SUM(J31:J38)","v":115.19},null,{"$f":"IF(OR(A30=\"INSUMO\",A30=\"COMPOSICAO\"),\"\",IFERROR(INDEX(ORÇAMENTO!A:A,MATCH(B30,ORÇAMENTO!C:C,0)),\"\"))","v":"1.7.2.4"},"1.7.2.4","01.FUES.VERG.006/01",93187,"VERGA MOLDADA IN LOCO EM CONCRETO PARA JANELAS COM MAIS DE 1,5 M DE VÃO. AF_03/2016","","M",{"$f":"INDEX(ORÇAMENTO!G:G,MATCH(M30,ORÇAMENTO!A:A,0))","v":5},"",{"$f":"IF(L30<>\"\",\"\",IF(INDEX('CPU - PROJETO'!$H:$H,MATCH($O30,'CPU - PROJETO'!$B:$B,0))=0,INDEX('CPU - PROJETO'!$I:$I,MATCH($O30,'CPU - PROJETO'!$B:$B,0)),INDEX('CPU - PROJETO'!$H:$H,MATCH($O30,'CPU - PROJETO'!$B:$B,0))))","v":""},575.95000000000005,{"$f":"SUM(V31:V38)-V30","v":0.12339999999994689}]
["INSUMO",2692,"DESMOLDANTE PROTETOR PARA FORMAS DE MADEIRA, DE BASE OLEOSA EMULSIONADA EM AGUA","L",7.0000000000000001E-3,"",null,{"$f":"INDEX('SINAPI - INSUMO'!E:E,MATCH(B31,'SINAPI - INSUMO'!A:A,0))","v":7.5},null,0.05,null,{"$f":"IF(OR(A31=\"INSUMO\",A31=\"COMPOSICAO\"),\"\",IFERROR(INDEX(ORÇAMENTO!A:A,MATCH(B31,ORÇAMENTO!C:C,0)),\"\"))","v":""},"1.7.2.4","INSUMO",2692,"DESMOLDANTE PROTETOR PARA FORMAS DE MADEIRA, DE BASE OLEOSA EMULSIONADA EM AGUA",7.0000000000000001E-3,"L",{"$f":"INDEX(ORÇAMENTO!G:G,MATCH(M31,ORÇAMENTO!A:A,0))","v":5},3.5000000000000003E-2,{"$f":"IF(L31<>\"\",\"\",IF(INDEX('CPU - PROJETO'!$H:$H,MATCH($O31,'CPU - PROJETO'!$B:$B,0))=0,INDEX('CPU - PROJETO'!$I:$I,MATCH($O31,'CPU - PROJETO'!$B:$B,0)),INDEX('CPU - PROJETO'!$H:$H,MATCH($O31,'CPU - PROJETO'!$B:$B,0))))","v":7.5},0.26250000000000001,"1.7.2.4 2692"]
["INSUMO",4491,"PONTALETE *7,5 X 7,5* CM EM PINUS, MISTA OU EQUIVALENTE DA REGIAO - BRUTA","M",0.22,"",null,{"$f":"INDEX('SINAPI - INSUMO'!E:E,MATCH(B32,'SINAPI - INSUMO'!A:A,0))","v":10.050000000000001},null,2.21,null,{"$f":"IF(OR(A32=\"INSUMO\",A32=\"COMPOSICAO\"),\"\",IFERROR(INDEX(ORÇAMENTO!A:A,MATCH(B32,ORÇAMENTO!C:C,0)),\"\"))","v":""},"1.7.2.4","INSUMO",4491,"PONTALETE *7,5 X 7,5* CM EM PINUS, MISTA OU EQUIVALENTE DA REGIAO - BRUTA",0.22,"M",{"$f":"INDEX(ORÇAMENTO!G:G,MATCH(M32,ORÇAMENTO!A:A,0))","v":5},1.1000000000000001,{"$f":"IF(L32<>\"\",\"\",IF(INDEX('CPU - PROJETO'!$H:$H,MATCH($O32,'CPU - PROJETO'!$B:$B,0))=0,INDEX('CPU - PROJETO'!$I:$I,MATCH($O32,'CPU - PROJETO'!$B:$B,0)),INDEX('CPU - PROJETO'!$H:$H,MATCH($O32,'CPU - PROJETO'!$B:$B,0))))","v":10.050000000000001},11.055000000000001,"1.7.2.4 4491"]
["INSUMO",39017,"ESPACADOR / DISTANCIADOR CIRCULAR COM ENTRADA LATERAL, EM PLASTICO, PARA VERGALHAO *4,2 A 12,5* MM, COBRIMENTO 20 MM","UN",6,"",null,{"$f":"INDEX('SINAPI - INSUMO'!E:E,MATCH(B33,'SINAPI - INSUMO'!A:A,0))","v":0.18},null,1.08,null,{"$f":"IF(OR(A33=\"INSUMO\",A33=\"COMPOSICAO\"),\"\",IFERROR(INDEX(ORÇAMENTO!A:A,MATCH(B33,ORÇAMENTO!C:C,0)),\"\"))","v":""},"1.7.2.4","INSUMO",39017,"ESPACADOR / DISTANCIADOR CIRCULAR COM ENTRADA LATERAL, EM PLASTICO, PARA VERGALHAO *4,2 A 12,5* MM, COBRIMENTO 20 MM",6,"UN",{"$f":"INDEX(ORÇAMENTO!G:G,MATCH(M33,ORÇAMENTO!A:A,0))","v":5},30,{"$f":"IF(L33<>\"\",\"\",IF(INDEX('CPU - PROJETO'!$H:$H,MATCH($O33,'CPU - PROJETO'!$B:$B,0))=0,INDEX('CPU - PROJETO'!$I:$I,MATCH($O33,'CPU - PROJETO'!$B:$B,0)),INDEX('CPU - PROJETO'!$H:$H,MATCH($O33,'CPU - PROJETO'!$B:$B,0))))","v":0.18},5.3999999999999995,"1.7.2.4 39017"]
["COMPOSICAO",88309,"PEDREIRO COM ENCARGOS COMPLEMENTARES","H",0.36,"",null,null,{"$f":"INDEX('SINAPI - SINTÉTICO'!K:K,MATCH(B34,'SINAPI - SINTÉTICO'!G:G,0))","v":25.38},9.1300000000000008,null,{"$f":"IF(OR(A34=\"INSUMO\",A34=\"COMPOSICAO\"),\"\",IFERROR(INDEX(ORÇAMENTO!A:A,MATCH(B34,ORÇAMENTO!C:C,0)),\"\"))","v":""},"1.7.2.4","COMPOSICAO",88309,"PEDREIRO COM ENCARGOS COMPLEMENTARES",0.36,"H",{"$f":"INDEX(ORÇAMENTO!G:G,MATCH(M34,ORÇAMENTO!A:A,0))","v":5},1.7999999999999998,{"$f":"IF(L34<>\"\",\"\",IF(INDEX('CPU - PROJETO'!$H:$H,MATCH($O34,'CPU - PROJETO'!$B:$B,0))=0,INDEX('CPU - PROJETO'!$I:$I,MATCH($O34,'CPU - PROJETO'!$B:$B,0)),INDEX('CPU - PROJETO'!$H:$H,MATCH($O34,'CPU - PROJETO'!$B:$B,0))))","v":25.38},45.68399999999999,"1.7.2.4 88309"]
["COMPOSICAO",88316,"SERVENTE COM ENCARGOS COMPLEMENTARES","H",0.18,"",null,null,{"$f":"INDEX('SINAPI - SINTÉTICO'!K:K,MATCH(B35,'SINAPI - SINTÉTICO'!G:G,0))","v":20.420000000000002},3.67,null,{"$f":"IF(OR(A35=\"INSUMO\",A35=\"COMPOSICAO\"),\"\",IFERROR(INDEX(ORÇAMENTO!A:A,MATCH(B35,ORÇAMENTO!C:C,0)),\"\"))","v":""},"1.7.2.4","COMPOSICAO",88316,"SERVENTE COM ENCARGOS COMPLEMENTARES",0.18,"H",{"$f":"INDEX(ORÇAMENTO!G:G,MATCH(M35,ORÇAMENTO!A:A,0))","v":5},0.89999999999999991,{"$f":"IF(L35<>\"\",\"\",IF(INDEX('CPU - PROJETO'!$H:$H,MATCH($O35,'CPU - PROJETO'!$B:$B,0))=0,INDEX('CPU - PROJETO'!$I:$I,MATCH($O35,'CPU - PROJETO'!$B:$B,0)),INDEX('CPU - PROJETO'!$H:$H,MATCH($O35,'CPU - PROJETO'!$B:$B,0))))","v":20.420000000000002},18.378,"1.7.2.4 88316"]
["COMPOSICAO",92270,"FABRICAÇÃO DE FÔRMA PARA VIGAS, COM MADEIRA SERRADA, E = 25 MM. AF_09/2020","M2",0.4,"",null,null,{"$f":"INDEX('SINAPI - SINTÉTICO'!K:K,MATCH(B36,'SINAPI - SINTÉTICO'!G:G,0))","v":192.68},77.069999999999993,null,{"$f":"IF(OR(A36=\"INSUMO\",A36=\"COMPOSICAO\"),\"\",IFERROR(INDEX(ORÇAMENTO!A:A,MATCH(B36,ORÇAMENTO!C:C,0)),\"\"))","v":""},"1.7.2.4","COMPOSICAO",92270,"FABRICAÇÃO DE FÔRMA PARA VIGAS, COM MADEIRA SERRADA, E = 25 MM. AF_09/2020",0.4,"M2",{"$f":"INDEX(ORÇAMENTO!G:G,MATCH(M36,ORÇAMENTO!A:A,0))","v":5},2,{"$f":"IF(L36<>\"\",\"\",IF(INDEX('CPU - PROJETO'!$H:$H,MATCH($O36,'CPU - PROJETO'!$B:$B,0))=0,INDEX('CPU - PROJETO'!$I:$I,MATCH($O36,'CPU - PROJETO'!$B:$B,0)),INDEX('CPU - PROJETO'!$H:$H,MATCH($O36,'CPU - PROJETO'!$B:$B,0))))","v":192.68},385.36,"1.7.2.4 92270"]
["COMPOSICAO",92802,"CORTE E DOBRA DE AÇO CA-50, DIÂMETRO DE 8,0 MM. AF_06/2022","KG",0.79,"",null,null,{"$f":"INDEX('SINAPI - SINTÉTICO'!K:K,MATCH(B37,'SINAPI - SINTÉTICO'!G:G,0))","v":13.85},10.94,null,{"$f":"IF(OR(A37=\"INSUMO\",A37=\"COMPOSICAO\"),\"\",IFERROR(INDEX(ORÇAMENTO!A:A,MATCH(B37,ORÇAMENTO!C:C,0)),\"\"))","v":""},"1.7.2.4","COMPOSICAO",92802,"CORTE E DOBRA DE AÇO CA-50, DIÂMETRO DE 8,0 MM. AF_06/2022",0.79,"KG",{"$f":"INDEX(ORÇAMENTO!G:G,MATCH(M37,ORÇAMENTO!A:A,0))","v":5},3.95,{"$f":"IF(L37<>\"\",\"\",IF(INDEX('CPU - PROJETO'!$H:$H,MATCH($O37,'CPU - PROJETO'!$B:$B,0))=0,INDEX('CPU - PROJETO'!$I:$I,MATCH($O37,'CPU - PROJETO'!$B:$B,0)),INDEX('CPU - PROJETO'!$H:$H,MATCH($O37,'CPU - PROJETO'!$B:$B,0))))","v":13.85},54.707500000000003,"1.7.2.4 92802"]
["COMPOSICAO",94970,"CONCRETO FCK = 20MPA, TRAÇO 1:2,7:3 (CIMENTO/ AREIA MÉDIA/ BRITA 1)  - PREPARO MECÂNICO COM BETONEIRA 600 L. AF_07/2016","M3",2.4E-2,"",null,null,{"$f":"INDEX('SINAPI - SINTÉTICO'!K:K,MATCH(B38,'SINAPI - SINTÉTICO'!G:G,0))","v":460.22},11.04,null,{"$f":"IF(OR(A38=\"INSUMO\",A38=\"COMPOSICAO\"),\"\",IFERROR(INDEX(ORÇAMENTO!A:A,MATCH(B38,ORÇAMENTO!C:C,0)),\"\"))","v":""},"1.7.2.4","COMPOSICAO",94970,"CONCRETO FCK = 20MPA, TRAÇO 1:2,7:3 (CIMENTO/ AREIA MÉDIA/ BRITA 1)  - PREPARO MECÂNICO COM BETONEIRA 600 L. AF_07/2016",2.4E-2,"M3",{"$f":"INDEX(ORÇAMENTO!G:G,MATCH(M38,ORÇAMENTO!A:A,0))","v":5},0.12,{"$f":"IF(L38<>\"\",\"\",IF(INDEX('CPU - PROJETO'!$H:$H,MATCH($O38,'CPU - PROJETO'!$B:$B,0))=0,INDEX('CPU - PROJETO'!$I:$I,MATCH($O38,'CPU - PROJETO'!$B:$B,0)),INDEX('CPU - PROJETO'!$H:$H,MATCH($O38,'CPU - PROJETO'!$B:$B,0))))","v":460.22},55.226399999999998,"1.7.2.4 94970"]
["01.FUES.VERG.008/01",93189,"VERGA MOLDADA IN LOCO EM CONCRETO PARA PORTAS COM MAIS DE 1,5 M DE VÃO. AF_03/2016","M","","Vergas, contravergas e fixação de alvenaria",null,null,{"$f":"INDEX('SINAPI - SINTÉTICO'!K:K,MATCH(B39,'SINAPI - SINTÉTICO'!G:G,0))","v":116.43},{"$f":"SUM(J40:J47)","v":116.42999999999998},null,{"$f":"IF(OR(A39=\"INSUMO\",A39=\"COMPOSICAO\"),\"\",IFERROR(INDEX(ORÇAMENTO!A:A,MATCH(B39,ORÇAMENTO!C:C,0)),\"\"))","v":"1.7.2.5"},"1.7.2.5","01.FUES.VERG.008/01",93189,"VERGA MOLDADA IN LOCO EM CONCRETO PARA PORTAS COM MAIS DE 1,5 M DE VÃO. AF_03/2016","","M",{"$f":"INDEX(ORÇAMENTO!G:G,MATCH(M39,ORÇAMENTO!A:A,0))","v":3.5},"",{"$f":"IF(L39<>\"\",\"\",IF(INDEX('CPU - PROJETO'!$H:$H,MATCH($O39,'CPU - PROJETO'!$B:$B,0))=0,INDEX('CPU - PROJETO'!$I:$I,MATCH($O39,'CPU - PROJETO'!$B:$B,0)),INDEX('CPU - PROJETO'!$H:$H,MATCH($O39,'CPU - PROJETO'!$B:$B,0))))","v":""},407.505,{"$f":"SUM(V40:V47)-V39","v":9.355500000003758E-2}]
["INSUMO",2692,"DESMOLDANTE PROTETOR PARA FORMAS DE MADEIRA, DE BASE OLEOSA EMULSIONADA EM AGUA","L",7.0000000000000001E-3,"",null,{"$f":"INDEX('SINAPI - INSUMO'!E:E,MATCH(B40,'SINAPI - INSUMO'!A:A,0))","v":7.5},null,0.05,null,{"$f":"IF(OR(A40=\"INSUMO\",A40=\"COMPOSICAO\"),\"\",IFERROR(INDEX(ORÇAMENTO!A:A,MATCH(B40,ORÇAMENTO!C:C,0)),\"\"))","v":""},"1.7.2.5","INSUMO",2692,"DESMOLDANTE PROTETOR PARA FORMAS DE MADEIRA, DE BASE OLEOSA EMULSIONADA EM AGUA",7.0000000000000001E-3,"L",{"$f":"INDEX(ORÇAMENTO!G:G,MATCH(M40,ORÇAMENTO!A:A,0))","v":3.5},2.4500000000000001E-2,{"$f":"IF(L40<>\"\",\"\",IF(INDEX('CPU - PROJETO'!$H:$H,MATCH($O40,'CPU - PROJETO'!$B:$B,0))=0,INDEX('CPU - PROJETO'!$I:$I,MATCH($O40,'CPU - PROJETO'!$B:$B,0)),INDEX('CPU - PROJETO'!$H:$H,MATCH($O40,'CPU - PROJETO'!$B:$B,0))))","v":7.5},0.18375,"1.7.2.5 2692"]
["INSUMO",4491,"PONTALETE *7,5 X 7,5* CM EM PINUS, MISTA OU EQUIVALENTE DA REGIAO - BRUTA","M",0.379,"",null,{"$f":"INDEX('SINAPI - INSUMO'!E:E,MATCH(B41,'SINAPI - INSUMO'!A:A,0))","v":10.050000000000001},null,3.8,null,{"$f":"IF(OR(A41=\"INSUMO\",A41=\"COMPOSICAO\"),\"\",IFERROR(INDEX(ORÇAMENTO!A:A,MATCH(B41,ORÇAMENTO!C:C,0)),\"\"))","v":""},"1.7.2.5","INSUMO",4491,"PONTALETE *7,5 X 7,5* CM EM PINUS, MISTA OU EQUIVALENTE DA REGIAO - BRUTA",0.379,"M",{"$f":"INDEX(ORÇAMENTO!G:G,MATCH(M41,ORÇAMENTO!A:A,0))","v":3.5},1.3265,{"$f":"IF(L41<>\"\",\"\",IF(INDEX('CPU - PROJETO'!$H:$H,MATCH($O41,'CPU - PROJETO'!$B:$B,0))=0,INDEX('CPU - PROJETO'!$I:$I,MATCH($O41,'CPU - PROJETO'!$B:$B,0)),INDEX('CPU - PROJETO'!$H:$H,MATCH($O41,'CPU - PROJETO'!$B:$B,0))))","v":10.050000000000001},13.331325000000001,"1.7.2.5 4491"]
["INSUMO",39017,"ESPACADOR / DISTANCIADOR CIRCULAR COM ENTRADA LATERAL, EM PLASTICO, PARA VERGALHAO *4,2 A 12,5* MM, COBRIMENTO 20 MM","UN",6,"",null,{"$f":"INDEX('SINAPI - INSUMO'!E:E,MATCH(B42,'SINAPI - INSUMO'!A:A,0))","v":0.18},null,1.08,null,{"$f":"IF(OR(A42=\"INSUMO\",A42=\"COMPOSICAO\"),\"\",IFERROR(INDEX(ORÇAMENTO!A:A,MATCH(B42,ORÇAMENTO!C:C,0)),\"\"))","v":""},"1.7.2.5","INSUMO",39017,"ESPACADOR / DISTANCIADOR CIRCULAR COM ENTRADA LATERAL, EM PLASTICO, PARA VERGALHAO *4,2 A 12,5* MM, COBRIMENTO 20 MM",6,"UN",{"$f":"INDEX(ORÇAMENTO!G:G,MATCH(M42,ORÇAMENTO!A:A,0))","v":3.5},21,{"$f":"IF(L42<>\"\",\"\",IF(INDEX('CPU - PROJETO'!$H:$H,MATCH($O42,'CPU - PROJETO'!$B:$B,0))=0,INDEX('CPU - PROJETO'!$I:$I,MATCH($O42,'CPU - PROJETO'!$B:$B,0)),INDEX('CPU - PROJETO'!$H:$H,MATCH($O42,'CPU - PROJETO'!$B:$B,0))))","v":0.18},3.78,"1.7.2.5 39017"]
["COMPOSICAO",88309,"PEDREIRO COM ENCARGOS COMPLEMENTARES","H",0.35,"",null,null,{"$f":"INDEX('SINAPI - SINTÉTICO'!K:K,MATCH(B43,'SINAPI - SINTÉTICO'!G:G,0))","v":25.38},8.8800000000000008,null,{"$f":"IF(OR(A43=\"INSUMO\",A43=\"COMPOSICAO\"),\"\",IFERROR(INDEX(ORÇAMENTO!A:A,MATCH(B43,ORÇAMENTO!C:C,0)),\"\"))","v":""},"1.7.2.5","COMPOSICAO",88309,"PEDREIRO COM ENCARGOS COMPLEMENTARES",0.35,"H",{"$f":"INDEX(ORÇAMENTO!G:G,MATCH(M43,ORÇAMENTO!A:A,0))","v":3.5},1.2249999999999999,{"$f":"IF(L43<>\"\",\"\",IF(INDEX('CPU - PROJETO'!$H:$H,MATCH($O43,'CPU - PROJETO'!$B:$B,0))=0,INDEX('CPU - PROJETO'!$I:$I,MATCH($O43,'CPU - PROJETO'!$B:$B,0)),INDEX('CPU - PROJETO'!$H:$H,MATCH($O43,'CPU - PROJETO'!$B:$B,0))))","v":25.38},31.090499999999995,"1.7.2.5 88309"]
["COMPOSICAO",88316,"SERVENTE COM ENCARGOS COMPLEMENTARES","H",0.17499999999999999,"",null,null,{"$f":"INDEX('SINAPI - SINTÉTICO'!K:K,MATCH(B44,'SINAPI - SINTÉTICO'!G:G,0))","v":20.420000000000002},3.57,null,{"$f":"IF(OR(A44=\"INSUMO\",A44=\"COMPOSICAO\"),\"\",IFERROR(INDEX(ORÇAMENTO!A:A,MATCH(B44,ORÇAMENTO!C:C,0)),\"\"))","v":""},"1.7.2.5","COMPOSICAO",88316,"SERVENTE COM ENCARGOS COMPLEMENTARES",0.17499999999999999,"H",{"$f":"INDEX(ORÇAMENTO!G:G,MATCH(M44,ORÇAMENTO!A:A,0))","v":3.5},0.61249999999999993,{"$f":"IF(L44<>\"\",\"\",IF(INDEX('CPU - PROJETO'!$H:$H,MATCH($O44,'CPU - PROJETO'!$B:$B,0))=0,INDEX('CPU - PROJETO'!$I:$I,MATCH($O44,'CPU - PROJETO'!$B:$B,0)),INDEX('CPU - PROJETO'!$H:$H,MATCH($O44,'CPU - PROJETO'!$B:$B,0))))","v":20.420000000000002},12.507249999999999,"1.7.2.5 88316"]
["COMPOSICAO",92270,"FABRICAÇÃO DE FÔRMA PARA VIGAS, COM MADEIRA SERRADA, E = 25 MM. AF_09/2020","M2",0.4,"",null,null,{"$f":"INDEX('SINAPI - SINTÉTICO'!K:K,MATCH(B45,'SINAPI - SINTÉTICO'!G:G,0))","v":192.68},77.069999999999993,null,{"$f":"IF(OR(A45=\"INSUMO\",A45=\"COMPOSICAO\"),\"\",IFERROR(INDEX(ORÇAMENTO!A:A,MATCH(B45,ORÇAMENTO!C:C,0)),\"\"))","v":""},"1.7.2.5","COMPOSICAO",92270,"FABRICAÇÃO DE FÔRMA PARA VIGAS, COM MADEIRA SERRADA, E = 25 MM. AF_09/2020",0.4,"M2",{"$f":"INDEX(ORÇAMENTO!G:G,MATCH(M45,ORÇAMENTO!A:A,0))","v":3.5},1.4000000000000001,{"$f":"IF(L45<>\"\",\"\",IF(INDEX('CPU - PROJETO'!$H:$H,MATCH($O45,'CPU - PROJETO'!$B:$B,0))=0,INDEX('CPU - PROJETO'!$I:$I,MATCH($O45,'CPU - PROJETO'!$B:$B,0)),INDEX('CPU - PROJETO'!$H:$H,MATCH($O45,'CPU - PROJETO'!$B:$B,0))))","v":192.68},269.75200000000001,"1.7.2.5 92270"]
["COMPOSICAO",92802,"CORTE E DOBRA DE AÇO CA-50, DIÂMETRO DE 8,0 MM. AF_06/2022 ","KG",0.79,"",null,null,{"$f":"INDEX('SINAPI - SINTÉTICO'!K:K,MATCH(B46,'SINAPI - SINTÉTICO'!G:G,0))","v":13.85},10.94,null,{"$f":"IF(OR(A46=\"INSUMO\",A46=\"COMPOSICAO\"),\"\",IFERROR(INDEX(ORÇAMENTO!A:A,MATCH(B46,ORÇAMENTO!C:C,0)),\"\"))","v":""},"1.7.2.5","COMPOSICAO",92802,"CORTE E DOBRA DE AÇO CA-50, DIÂMETRO DE 8,0 MM. AF_06/2022 ",0.79,"KG",{"$f":"INDEX(ORÇAMENTO!G:G,MATCH(M46,ORÇAMENTO!A:A,0))","v":3.5},2.7650000000000001,{"$f":"IF(L46<>\"\",\"\",IF(INDEX('CPU - PROJETO'!$H:$H,MATCH($O46,'CPU - PROJETO'!$B:$B,0))=0,INDEX('CPU - PROJETO'!$I:$I,MATCH($O46,'CPU - PROJETO'!$B:$B,0)),INDEX('CPU - PROJETO'!$H:$H,MATCH($O46,'CPU - PROJETO'!$B:$B,0))))","v":13.85},38.295250000000003,"1.7.2.5 92802"]
["COMPOSICAO",94970,"CONCRETO FCK = 20MPA, TRAÇO 1:2,7:3 (CIMENTO/ AREIA MÉDIA/ BRITA 1)  - PREPARO MECÂNICO COM BETONEIRA 600 L. AF_07/2016","M3",2.4E-2,"",null,null,{"$f":"INDEX('SINAPI - SINTÉTICO'!K:K,MATCH(B47,'SINAPI - SINTÉTICO'!G:G,0))","v":460.22},11.04,null,{"$f":"IF(OR(A47=\"INSUMO\",A47=\"COMPOSICAO\"),\"\",IFERROR(INDEX(ORÇAMENTO!A:A,MATCH(B47,ORÇAMENTO!C:C,0)),\"\"))","v":""},"1.7.2.5","COMPOSICAO",94970,"CONCRETO FCK = 20MPA, TRAÇO 1:2,7:3 (CIMENTO/ AREIA MÉDIA/ BRITA 1)  - PREPARO MECÂNICO COM BETONEIRA 600 L. AF_07/2016",2.4E-2,"M3",{"$f":"INDEX(ORÇAMENTO!G:G,MATCH(M47,ORÇAMENTO!A:A,0))","v":3.5},8.4000000000000005E-2,{"$f":"IF(L47<>\"\",\"\",IF(INDEX('CPU - PROJETO'!$H:$H,MATCH($O47,'CPU - PROJETO'!$B:$B,0))=0,INDEX('CPU - PROJETO'!$I:$I,MATCH($O47,'CPU - PROJETO'!$B:$B,0)),INDEX('CPU - PROJETO'!$H:$H,MATCH($O47,'CPU - PROJETO'!$B:$B,0))))","v":460.22},38.658480000000004,"1.7.2.5 94970"]
["01.FUES.VERG.015/01",93196,"CONTRAVERGA MOLDADA IN LOCO EM CONCRETO PARA VÃOS DE ATÉ 1,5 M DE COMPRIMENTO. AF_03/2016","M","","Vergas, contravergas e fixação de alvenaria",null,null,{"$f":"INDEX('SINAPI - SINTÉTICO'!K:K,MATCH(B48,'SINAPI - SINTÉTICO'!G:G,0))","v":96.92},{"$f":"SUM(J49:J55)","v":96.92},null,{"$f":"IF(OR(A48=\"INSUMO\",A48=\"COMPOSICAO\"),\"\",IFERROR(INDEX(ORÇAMENTO!A:A,MATCH(B48,ORÇAMENTO!C:C,0)),\"\"))","v":"1.7.2.6"},"1.7.2.6","01.FUES.VERG.015/01",93196,"CONTRAVERGA MOLDADA IN LOCO EM CONCRETO PARA VÃOS DE ATÉ 1,5 M DE COMPRIMENTO. AF_03/2016","","M",{"$f":"INDEX(ORÇAMENTO!G:G,MATCH(M48,ORÇAMENTO!A:A,0))","v":2},"",{"$f":"IF(L48<>\"\",\"\",IF(INDEX('CPU - PROJETO'!$H:$H,MATCH($O48,'CPU - PROJETO'!$B:$B,0))=0,INDEX('CPU - PROJETO'!$I:$I,MATCH($O48,'CPU - PROJETO'!$B:$B,0)),INDEX('CPU - PROJETO'!$H:$H,MATCH($O48,'CPU - PROJETO'!$B:$B,0))))","v":""},193.84,{"$f":"SUM(V49:V55)-V48","v":7.3000000000007503E-2}]
["INSUMO",2692,"DESMOLDANTE PROTETOR PARA FORMAS DE MADEIRA, DE BASE OLEOSA EMULSIONADA EM AGUA","L",6.0000000000000001E-3,"",null,{"$f":"INDEX('SINAPI - INSUMO'!E:E,MATCH(B49,'SINAPI - INSUMO'!A:A,0))","v":7.5},null,0.04,null,{"$f":"IF(OR(A49=\"INSUMO\",A49=\"COMPOSICAO\"),\"\",IFERROR(INDEX(ORÇAMENTO!A:A,MATCH(B49,ORÇAMENTO!C:C,0)),\"\"))","v":""},"1.7.2.6","INSUMO",2692,"DESMOLDANTE PROTETOR PARA FORMAS DE MADEIRA, DE BASE OLEOSA EMULSIONADA EM AGUA",6.0000000000000001E-3,"L",{"$f":"INDEX(ORÇAMENTO!G:G,MATCH(M49,ORÇAMENTO!A:A,0))","v":2},1.2E-2,{"$f":"IF(L49<>\"\",\"\",IF(INDEX('CPU - PROJETO'!$H:$H,MATCH($O49,'CPU - PROJETO'!$B:$B,0))=0,INDEX('CPU - PROJETO'!$I:$I,MATCH($O49,'CPU - PROJETO'!$B:$B,0)),INDEX('CPU - PROJETO'!$H:$H,MATCH($O49,'CPU - PROJETO'!$B:$B,0))))","v":7.5},0.09,{"$f":"CONCATENATE(M49,\" \",O49)","v":"1.7.2.6 2692"}]
["INSUMO",39017,"ESPACADOR / DISTANCIADOR CIRCULAR COM ENTRADA LATERAL, EM PLASTICO, PARA VERGALHAO *4,2 A 12,5* MM, COBRIMENTO 20 MM","UN",6,"",null,{"$f":"INDEX('SINAPI - INSUMO'!E:E,MATCH(B50,'SINAPI - INSUMO'!A:A,0))","v":0.18},null,1.08,null,{"$f":"IF(OR(A50=\"INSUMO\",A50=\"COMPOSICAO\"),\"\",IFERROR(INDEX(ORÇAMENTO!A:A,MATCH(B50,ORÇAMENTO!C:C,0)),\"\"))","v":""},"1.7.2.6","INSUMO",39017,"ESPACADOR / DISTANCIADOR CIRCULAR COM ENTRADA LATERAL, EM PLASTICO, PARA VERGALHAO *4,2 A 12,5* MM, COBRIMENTO 20 MM",6,"UN",{"$f":"INDEX(ORÇAMENTO!G:G,MATCH(M50,ORÇAMENTO!A:A,0))","v":2},12,{"$f":"IF(L50<>\"\",\"\",IF(INDEX('CPU - PROJETO'!$H:$H,MATCH($O50,'CPU - PROJETO'!$B:$B,0))=0,INDEX('CPU - PROJETO'!$I:$I,MATCH($O50,'CPU - PROJETO'!$B:$B,0)),INDEX('CPU - PROJETO'!$H:$H,MATCH($O50,'CPU - PROJETO'!$B:$B,0))))","v":0.18},2.16,"1.7.2.6 39017"]
["COMPOSICAO",88309,"PEDREIRO COM ENCARGOS COMPLEMENTARES","H",0.376,"",null,null,{"$f":"INDEX('SINAPI - SINTÉTICO'!K:K,MATCH(B51,'SINAPI - SINTÉTICO'!G:G,0))","v":25.38},9.5399999999999991,null,{"$f":"IF(OR(A51=\"INSUMO\",A51=\"COMPOSICAO\"),\"\",IFERROR(INDEX(ORÇAMENTO!A:A,MATCH(B51,ORÇAMENTO!C:C,0)),\"\"))","v":""},"1.7.2.6","COMPOSICAO",88309,"PEDREIRO COM ENCARGOS COMPLEMENTARES",0.376,"H",{"$f":"INDEX(ORÇAMENTO!G:G,MATCH(M51,ORÇAMENTO!A:A,0))","v":2},0.752,{"$f":"IF(L51<>\"\",\"\",IF(INDEX('CPU - PROJETO'!$H:$H,MATCH($O51,'CPU - PROJETO'!$B:$B,0))=0,INDEX('CPU - PROJETO'!$I:$I,MATCH($O51,'CPU - PROJETO'!$B:$B,0)),INDEX('CPU - PROJETO'!$H:$H,MATCH($O51,'CPU - PROJETO'!$B:$B,0))))","v":25.38},19.085760000000001,"1.7.2.6 88309"]
["COMPOSICAO",88316,"SERVENTE COM ENCARGOS COMPLEMENTARES","H",0.188,"",null,null,{"$f":"INDEX('SINAPI - SINTÉTICO'!K:K,MATCH(B52,'SINAPI - SINTÉTICO'!G:G,0))","v":20.420000000000002},3.83,null,{"$f":"IF(OR(A52=\"INSUMO\",A52=\"COMPOSICAO\"),\"\",IFERROR(INDEX(ORÇAMENTO!A:A,MATCH(B52,ORÇAMENTO!C:C,0)),\"\"))","v":""},"1.7.2.6","COMPOSICAO",88316,"SERVENTE COM ENCARGOS COMPLEMENTARES",0.188,"H",{"$f":"INDEX(ORÇAMENTO!G:G,MATCH(M52,ORÇAMENTO!A:A,0))","v":2},0.376,{"$f":"IF(L52<>\"\",\"\",IF(INDEX('CPU - PROJETO'!$H:$H,MATCH($O52,'CPU - PROJETO'!$B:$B,0))=0,INDEX('CPU - PROJETO'!$I:$I,MATCH($O52,'CPU - PROJETO'!$B:$B,0)),INDEX('CPU - PROJETO'!$H:$H,MATCH($O52,'CPU - PROJETO'!$B:$B,0))))","v":20.420000000000002},7.6779200000000003,"1.7.2.6 88316"]
["COMPOSICAO",92270,"FABRICAÇÃO DE FÔRMA PARA VIGAS, COM MADEIRA SERRADA, E = 25 MM. AF_09/2020","M2",0.35,"",null,null,{"$f":"INDEX('SINAPI - SINTÉTICO'!K:K,MATCH(B53,'SINAPI - SINTÉTICO'!G:G,0))","v":192.68},67.430000000000007,null,{"$f":"IF(OR(A53=\"INSUMO\",A53=\"COMPOSICAO\"),\"\",IFERROR(INDEX(ORÇAMENTO!A:A,MATCH(B53,ORÇAMENTO!C:C,0)),\"\"))","v":""},"1.7.2.6","COMPOSICAO",92270,"FABRICAÇÃO DE FÔRMA PARA VIGAS, COM MADEIRA SERRADA, E = 25 MM. AF_09/2020",0.35,"M2",{"$f":"INDEX(ORÇAMENTO!G:G,MATCH(M53,ORÇAMENTO!A:A,0))","v":2},0.7,{"$f":"IF(L53<>\"\",\"\",IF(INDEX('CPU - PROJETO'!$H:$H,MATCH($O53,'CPU - PROJETO'!$B:$B,0))=0,INDEX('CPU - PROJETO'!$I:$I,MATCH($O53,'CPU - PROJETO'!$B:$B,0)),INDEX('CPU - PROJETO'!$H:$H,MATCH($O53,'CPU - PROJETO'!$B:$B,0))))","v":192.68},134.876,{"$f":"CONCATENATE(M53,\" \",O53)","v":"1.7.2.6 92270"}]
["COMPOSICAO",92801,"CORTE E DOBRA DE AÇO CA-50, DIÂMETRO DE 6,3 MM. AF_06/2022 ","KG",0.49,"",null,null,{"$f":"INDEX('SINAPI - SINTÉTICO'!K:K,MATCH(B54,'SINAPI - SINTÉTICO'!G:G,0))","v":13.73},6.72,null,{"$f":"IF(OR(A54=\"INSUMO\",A54=\"COMPOSICAO\"),\"\",IFERROR(INDEX(ORÇAMENTO!A:A,MATCH(B54,ORÇAMENTO!C:C,0)),\"\"))","v":""},"1.7.2.6","COMPOSICAO",92801,"CORTE E DOBRA DE AÇO CA-50, DIÂMETRO DE 6,3 MM. AF_06/2022 ",0.49,"KG",{"$f":"INDEX(ORÇAMENTO!G:G,MATCH(M54,ORÇAMENTO!A:A,0))","v":2},0.98,{"$f":"IF(L54<>\"\",\"\",IF(INDEX('CPU - PROJETO'!$H:$H,MATCH($O54,'CPU - PROJETO'!$B:$B,0))=0,INDEX('CPU - PROJETO'!$I:$I,MATCH($O54,'CPU - PROJETO'!$B:$B,0)),INDEX('CPU - PROJETO'!$H:$H,MATCH($O54,'CPU - PROJETO'!$B:$B,0))))","v":13.73},13.455400000000001,"1.7.2.6 92801"]
["COMPOSICAO",94970,"CONCRETO FCK = 20MPA, TRAÇO 1:2,7:3 (CIMENTO/ AREIA MÉDIA/ BRITA 1)  - PREPARO MECÂNICO COM BETONEIRA 600 L. AF_07/2016","M3",1.7999999999999999E-2,"",null,null,{"$f":"INDEX('SINAPI - SINTÉTICO'!K:K,MATCH(B55,'SINAPI - SINTÉTICO'!G:G,0))","v":460.22},8.2799999999999994,null,{"$f":"IF(OR(A55=\"INSUMO\",A55=\"COMPOSICAO\"),\"\",IFERROR(INDEX(ORÇAMENTO!A:A,MATCH(B55,ORÇAMENTO!C:C,0)),\"\"))","v":""},"1.7.2.6","COMPOSICAO",94970,"CONCRETO FCK = 20MPA, TRAÇO 1:2,7:3 (CIMENTO/ AREIA MÉDIA/ BRITA 1)  - PREPARO MECÂNICO COM BETONEIRA 600 L. AF_07/2016",1.7999999999999999E-2,"M3",{"$f":"INDEX(ORÇAMENTO!G:G,MATCH(M55,ORÇAMENTO!A:A,0))","v":2},3.5999999999999997E-2,{"$f":"IF(L55<>\"\",\"\",IF(INDEX('CPU - PROJETO'!$H:$H,MATCH($O55,'CPU - PROJETO'!$B:$B,0))=0,INDEX('CPU - PROJETO'!$I:$I,MATCH($O55,'CPU - PROJETO'!$B:$B,0)),INDEX('CPU - PROJETO'!$H:$H,MATCH($O55,'CPU - PROJETO'!$B:$B,0))))","v":460.22},16.567920000000001,"1.7.2.6 94970"]
["01.FUES.VERG.016/01",93197,"CONTRAVERGA MOLDADA IN LOCO EM CONCRETO PARA VÃOS DE MAIS DE 1,5 M DE COMPRIMENTO. AF_03/2016","M","","Vergas, contravergas e fixação de alvenaria",null,null,{"$f":"INDEX('SINAPI - SINTÉTICO'!K:K,MATCH(B56,'SINAPI - SINTÉTICO'!G:G,0))","v":108.76},{"$f":"SUM(J57:J63)","v":108.75999999999999},null,{"$f":"IF(OR(A56=\"INSUMO\",A56=\"COMPOSICAO\"),\"\",IFERROR(INDEX(ORÇAMENTO!A:A,MATCH(B56,ORÇAMENTO!C:C,0)),\"\"))","v":"1.7.2.7"},"1.7.2.7","01.FUES.VERG.016/01",93197,"CONTRAVERGA MOLDADA IN LOCO EM CONCRETO PARA VÃOS DE MAIS DE 1,5 M DE COMPRIMENTO. AF_03/2016","","M",{"$f":"INDEX(ORÇAMENTO!G:G,MATCH(M56,ORÇAMENTO!A:A,0))","v":5},"",{"$f":"IF(L56<>\"\",\"\",IF(INDEX('CPU - PROJETO'!$H:$H,MATCH($O56,'CPU - PROJETO'!$B:$B,0))=0,INDEX('CPU - PROJETO'!$I:$I,MATCH($O56,'CPU - PROJETO'!$B:$B,0)),INDEX('CPU - PROJETO'!$H:$H,MATCH($O56,'CPU - PROJETO'!$B:$B,0))))","v":""},543.80000000000007,{"$f":"SUM(V57:V63)-V56","v":0.1493999999999005}]
["INSUMO",2692,"DESMOLDANTE PROTETOR PARA FORMAS DE MADEIRA, DE BASE OLEOSA EMULSIONADA EM AGUA","L",7.0000000000000001E-3,"",null,{"$f":"INDEX('SINAPI - INSUMO'!E:E,MATCH(B57,'SINAPI - INSUMO'!A:A,0))","v":7.5},null,0.05,null,{"$f":"IF(OR(A57=\"INSUMO\",A57=\"COMPOSICAO\"),\"\",IFERROR(INDEX(ORÇAMENTO!A:A,MATCH(B57,ORÇAMENTO!C:C,0)),\"\"))","v":""},"1.7.2.7","INSUMO",2692,"DESMOLDANTE PROTETOR PARA FORMAS DE MADEIRA, DE BASE OLEOSA EMULSIONADA EM AGUA",7.0000000000000001E-3,"L",{"$f":"INDEX(ORÇAMENTO!G:G,MATCH(M57,ORÇAMENTO!A:A,0))","v":5},3.5000000000000003E-2,{"$f":"IF(L57<>\"\",\"\",IF(INDEX('CPU - PROJETO'!$H:$H,MATCH($O57,'CPU - PROJETO'!$B:$B,0))=0,INDEX('CPU - PROJETO'!$I:$I,MATCH($O57,'CPU - PROJETO'!$B:$B,0)),INDEX('CPU - PROJETO'!$H:$H,MATCH($O57,'CPU - PROJETO'!$B:$B,0))))","v":7.5},0.26250000000000001,{"$f":"CONCATENATE(M57,\" \",O57)","v":"1.7.2.7 2692"}]
["INSUMO",39017,"ESPACADOR / DISTANCIADOR CIRCULAR COM ENTRADA LATERAL, EM PLASTICO, PARA VERGALHAO *4,2 A 12,5* MM, COBRIMENTO 20 MM","UN",6,"",null,{"$f":"INDEX('SINAPI - INSUMO'!E:E,MATCH(B58,'SINAPI - INSUMO'!A:A,0))","v":0.18},null,1.08,null,{"$f":"IF(OR(A58=\"INSUMO\",A58=\"COMPOSICAO\"),\"\",IFERROR(INDEX(ORÇAMENTO!A:A,MATCH(B58,ORÇAMENTO!C:C,0)),\"\"))","v":""},"1.7.2.7","INSUMO",39017,"ESPACADOR / DISTANCIADOR CIRCULAR COM ENTRADA LATERAL, EM PLASTICO, PARA VERGALHAO *4,2 A 12,5* MM, COBRIMENTO 20 MM",6,"UN",{"$f":"INDEX(ORÇAMENTO!G:G,MATCH(M58,ORÇAMENTO!A:A,0))","v":5},30,{"$f":"IF(L58<>\"\",\"\",IF(INDEX('CPU - PROJETO'!$H:$H,MATCH($O58,'CPU - PROJETO'!$B:$B,0))=0,INDEX('CPU - PROJETO'!$I:$I,MATCH($O58,'CPU - PROJETO'!$B:$B,0)),INDEX('CPU - PROJETO'!$H:$H,MATCH($O58,'CPU - PROJETO'!$B:$B,0))))","v":0.18},5.3999999999999995,"1.7.2.7 39017"]
["COMPOSICAO",88309,"PEDREIRO COM ENCARGOS COMPLEMENTARES","H",0.36,"",null,null,{"$f":"INDEX('SINAPI - SINTÉTICO'!K:K,MATCH(B59,'SINAPI - SINTÉTICO'!G:G,0))","v":25.38},9.1300000000000008,null,{"$f":"IF(OR(A59=\"INSUMO\",A59=\"COMPOSICAO\"),\"\",IFERROR(INDEX(ORÇAMENTO!A:A,MATCH(B59,ORÇAMENTO!C:C,0)),\"\"))","v":""},"1.7.2.7","COMPOSICAO",88309,"PEDREIRO COM ENCARGOS COMPLEMENTARES",0.36,"H",{"$f":"INDEX(ORÇAMENTO!G:G,MATCH(M59,ORÇAMENTO!A:A,0))","v":5},1.7999999999999998,{"$f":"IF(L59<>\"\",\"\",IF(INDEX('CPU - PROJETO'!$H:$H,MATCH($O59,'CPU - PROJETO'!$B:$B,0))=0,INDEX('CPU - PROJETO'!$I:$I,MATCH($O59,'CPU - PROJETO'!$B:$B,0)),INDEX('CPU - PROJETO'!$H:$H,MATCH($O59,'CPU - PROJETO'!$B:$B,0))))","v":25.38},45.68399999999999,"1.7.2.7 88309"]
["COMPOSICAO",88316,"SERVENTE COM ENCARGOS COMPLEMENTARES","H",0.18,"",null,null,{"$f":"INDEX('SINAPI - SINTÉTICO'!K:K,MATCH(B60,'SINAPI - SINTÉTICO'!G:G,0))","v":20.420000000000002},3.67,null,{"$f":"IF(OR(A60=\"INSUMO\",A60=\"COMPOSICAO\"),\"\",IFERROR(INDEX(ORÇAMENTO!A:A,MATCH(B60,ORÇAMENTO!C:C,0)),\"\"))","v":""},"1.7.2.7","COMPOSICAO",88316,"SERVENTE COM ENCARGOS COMPLEMENTARES",0.18,"H",{"$f":"INDEX(ORÇAMENTO!G:G,MATCH(M60,ORÇAMENTO!A:A,0))","v":5},0.89999999999999991,{"$f":"IF(L60<>\"\",\"\",IF(INDEX('CPU - PROJETO'!$H:$H,MATCH($O60,'CPU - PROJETO'!$B:$B,0))=0,INDEX('CPU - PROJETO'!$I:$I,MATCH($O60,'CPU - PROJETO'!$B:$B,0)),INDEX('CPU - PROJETO'!$H:$H,MATCH($O60,'CPU - PROJETO'!$B:$B,0))))","v":20.420000000000002},18.378,"1.7.2.7 88316"]
["COMPOSICAO",92270,"FABRICAÇÃO DE FÔRMA PARA VIGAS, COM MADEIRA SERRADA, E = 25 MM. AF_09/2020","M2",0.4,"",null,null,{"$f":"INDEX('SINAPI - SINTÉTICO'!K:K,MATCH(B61,'SINAPI - SINTÉTICO'!G:G,0))","v":192.68},77.069999999999993,null,{"$f":"IF(OR(A61=\"INSUMO\",A61=\"COMPOSICAO\"),\"\",IFERROR(INDEX(ORÇAMENTO!A:A,MATCH(B61,ORÇAMENTO!C:C,0)),\"\"))","v":""},"1.7.2.7","COMPOSICAO",92270,"FABRICAÇÃO DE FÔRMA PARA VIGAS, COM MADEIRA SERRADA, E = 25 MM. AF_09/2020",0.4,"M2",{"$f":"INDEX(ORÇAMENTO!G:G,MATCH(M61,ORÇAMENTO!A:A,0))","v":5},2,{"$f":"IF(L61<>\"\",\"\",IF(INDEX('CPU - PROJETO'!$H:$H,MATCH($O61,'CPU - PROJETO'!$B:$B,0))=0,INDEX('CPU - PROJETO'!$I:$I,MATCH($O61,'CPU - PROJETO'!$B:$B,0)),INDEX('CPU - PROJETO'!$H:$H,MATCH($O61,'CPU - PROJETO'!$B:$B,0))))","v":192.68},385.36,{"$f":"CONCATENATE(M61,\" \",O61)","v":"1.7.2.7 92270"}]
["COMPOSICAO",92801,"CORTE E DOBRA DE AÇO CA-50, DIÂMETRO DE 6,3 MM. AF_06/2022 ","KG",0.49,"",null,null,{"$f":"INDEX('SINAPI - SINTÉTICO'!K:K,MATCH(B62,'SINAPI - SINTÉTICO'!G:G,0))","v":13.73},6.72,null,{"$f":"IF(OR(A62=\"INSUMO\",A62=\"COMPOSICAO\"),\"\",IFERROR(INDEX(ORÇAMENTO!A:A,MATCH(B62,ORÇAMENTO!C:C,0)),\"\"))","v":""},"1.7.2.7","COMPOSICAO",92801,"CORTE E DOBRA DE AÇO CA-50, DIÂMETRO DE 6,3 MM. AF_06/2022 ",0.49,"KG",{"$f":"INDEX(ORÇAMENTO!G:G,MATCH(M62,ORÇAMENTO!A:A,0))","v":5},2.4500000000000002,{"$f":"IF(L62<>\"\",\"\",IF(INDEX('CPU - PROJETO'!$H:$H,MATCH($O62,'CPU - PROJETO'!$B:$B,0))=0,INDEX('CPU - PROJETO'!$I:$I,MATCH($O62,'CPU - PROJETO'!$B:$B,0)),INDEX('CPU - PROJETO'!$H:$H,MATCH($O62,'CPU - PROJETO'!$B:$B,0))))","v":13.73},33.638500000000001,"1.7.2.7 92801"]
["COMPOSICAO",94970,"CONCRETO FCK = 20MPA, TRAÇO 1:2,7:3 (CIMENTO/ AREIA MÉDIA/ BRITA 1)  - PREPARO MECÂNICO COM BETONEIRA 600 L. AF_07/2016","M3",2.4E-2,"",null,null,{"$f":"INDEX('SINAPI - SINTÉTICO'!K:K,MATCH(B63,'SINAPI - SINTÉTICO'!G:G,0))","v":460.22},11.04,null,{"$f":"IF(OR(A63=\"INSUMO\",A63=\"COMPOSICAO\"),\"\",IFERROR(INDEX(ORÇAMENTO!A:A,MATCH(B63,ORÇAMENTO!C:C,0)),\"\"))","v":""},"1.7.2.7","COMPOSICAO",94970,"CONCRETO FCK = 20MPA, TRAÇO 1:2,7:3 (CIMENTO/ AREIA MÉDIA/ BRITA 1)  - PREPARO MECÂNICO COM BETONEIRA 600 L. AF_07/2016",2.4E-2,"M3",{"$f":"INDEX(ORÇAMENTO!G:G,MATCH(M63,ORÇAMENTO!A:A,0))","v":5},0.12,{"$f":"IF(L63<>\"\",\"\",IF(INDEX('CPU - PROJETO'!$H:$H,MATCH($O63,'CPU - PROJETO'!$B:$B,0))=0,INDEX('CPU - PROJETO'!$I:$I,MATCH($O63,'CPU - PROJETO'!$B:$B,0)),INDEX('CPU - PROJETO'!$H:$H,MATCH($O63,'CPU - PROJETO'!$B:$B,0))))","v":460.22},55.226399999999998,"1.7.2.7 94970"]
["01.PARE.ALVE.034/01",103330,"ALVENARIA DE VEDAÇÃO DE BLOCOS CERÂMICOS FURADOS NA HORIZONTAL DE 11,5X19X19 CM (ESPESSURA 11,5 CM) E ARGAMASSA DE ASSENTAMENTO COM PREPARO EM BETONEIRA. AF_12/2021","M2","","Alvenaria de Vedação",null,null,{"$f":"INDEX('SINAPI - SINTÉTICO'!K:K,MATCH(B64,'SINAPI - SINTÉTICO'!G:G,0))","v":70.16},{"$f":"SUM(J65:J70)","v":70.16},null,{"$f":"IF(OR(A64=\"INSUMO\",A64=\"COMPOSICAO\"),\"\",IFERROR(INDEX(ORÇAMENTO!A:A,MATCH(B64,ORÇAMENTO!C:C,0)),\"\"))","v":"1.7.2.2"},"1.7.2.2","01.PARE.ALVE.034/01",103330,"ALVENARIA DE VEDAÇÃO DE BLOCOS CERÂMICOS FURADOS NA HORIZONTAL DE 11,5X19X19 CM (ESPESSURA 11,5 CM) E ARGAMASSA DE ASSENTAMENTO COM PREPARO EM BETONEIRA. AF_12/2021","","M2",{"$f":"INDEX(ORÇAMENTO!G:G,MATCH(M64,ORÇAMENTO!A:A,0))","v":16.18},"",{"$f":"IF(L64<>\"\",\"\",IF(INDEX('CPU - PROJETO'!$H:$H,MATCH($O64,'CPU - PROJETO'!$B:$B,0))=0,INDEX('CPU - PROJETO'!$I:$I,MATCH($O64,'CPU - PROJETO'!$B:$B,0)),INDEX('CPU - PROJETO'!$H:$H,MATCH($O64,'CPU - PROJETO'!$B:$B,0))))","v":""},1135.1887999999999,{"$f":"SUM(V65:V70)-V64","v":0.39181488000008358}]
["INSUMO",34558,"TELA DE ACO SOLDADA GALVANIZADA/ZINCADA PARA ALVENARIA, FIO D = *1,20 A 1,70* MM, MALHA 15 X 15 MM, (C X L) *50 X 10,5* CM","M",0.42,"",null,{"$f":"INDEX('SINAPI - INSUMO'!E:E,MATCH(B65,'SINAPI - INSUMO'!A:A,0))","v":3.86},null,1.62,null,{"$f":"IF(OR(A65=\"INSUMO\",A65=\"COMPOSICAO\"),\"\",IFERROR(INDEX(ORÇAMENTO!A:A,MATCH(B65,ORÇAMENTO!C:C,0)),\"\"))","v":""},"1.7.2.2","INSUMO",34558,"TELA DE ACO SOLDADA GALVANIZADA/ZINCADA PARA ALVENARIA, FIO D = *1,20 A 1,70* MM, MALHA 15 X 15 MM, (C X L) *50 X 10,5* CM",0.42,"M",{"$f":"INDEX(ORÇAMENTO!G:G,MATCH(M65,ORÇAMENTO!A:A,0))","v":16.18},{"$f":"IF(L65<>\"\",\"\",Q65*S65)","v":6.7955999999999994},{"$f":"IF(L65<>\"\",\"\",IF(INDEX('CPU - PROJETO'!$H:$H,MATCH($O65,'CPU - PROJETO'!$B:$B,0))=0,INDEX('CPU - PROJETO'!$I:$I,MATCH($O65,'CPU - PROJETO'!$B:$B,0)),INDEX('CPU - PROJETO'!$H:$H,MATCH($O65,'CPU - PROJETO'!$B:$B,0))))","v":3.86},26.231015999999997,{"$f":"CONCATENATE(M65,\" \",O65)","v":"1.7.2.2 34558"}]
["INSUMO",37395,"PINO DE ACO COM FURO, HASTE = 27 MM (ACAO DIRETA)","CENTO",0.01,"",null,{"$f":"INDEX('SINAPI - INSUMO'!E:E,MATCH(B66,'SINAPI - INSUMO'!A:A,0))","v":41.52},null,0.41,null,{"$f":"IF(OR(A66=\"INSUMO\",A66=\"COMPOSICAO\"),\"\",IFERROR(INDEX(ORÇAMENTO!A:A,MATCH(B66,ORÇAMENTO!C:C,0)),\"\"))","v":""},"1.7.2.2","INSUMO",37395,"PINO DE ACO COM FURO, HASTE = 27 MM (ACAO DIRETA)",0.01,"CENTO",{"$f":"INDEX(ORÇAMENTO!G:G,MATCH(M66,ORÇAMENTO!A:A,0))","v":16.18},0.1618,{"$f":"IF(L66<>\"\",\"\",IF(INDEX('CPU - PROJETO'!$H:$H,MATCH($O66,'CPU - PROJETO'!$B:$B,0))=0,INDEX('CPU - PROJETO'!$I:$I,MATCH($O66,'CPU - PROJETO'!$B:$B,0)),INDEX('CPU - PROJETO'!$H:$H,MATCH($O66,'CPU - PROJETO'!$B:$B,0))))","v":41.52},6.7179360000000008,"1.7.2.2 37395"]
["INSUMO",38783,"BLOCO CERAMICO / TIJOLO VAZADO PARA ALVENARIA DE VEDACAO, FUROS NA HORIZONTAL, 11,5 X 19 X 19 CM (NBR 15270)","UN",28.31,"",null,{"$f":"INDEX('SINAPI - INSUMO'!E:E,MATCH(B67,'SINAPI - INSUMO'!A:A,0))","v":0.67},null,18.96,null,{"$f":"IF(OR(A67=\"INSUMO\",A67=\"COMPOSICAO\"),\"\",IFERROR(INDEX(ORÇAMENTO!A:A,MATCH(B67,ORÇAMENTO!C:C,0)),\"\"))","v":""},"1.7.2.2","INSUMO",38783,"BLOCO CERAMICO / TIJOLO VAZADO PARA ALVENARIA DE VEDACAO, FUROS NA HORIZONTAL, 11,5 X 19 X 19 CM (NBR 15270)",28.31,"UN",{"$f":"INDEX(ORÇAMENTO!G:G,MATCH(M67,ORÇAMENTO!A:A,0))","v":16.18},458.05579999999998,{"$f":"IF(L67<>\"\",\"\",IF(INDEX('CPU - PROJETO'!$H:$H,MATCH($O67,'CPU - PROJETO'!$B:$B,0))=0,INDEX('CPU - PROJETO'!$I:$I,MATCH($O67,'CPU - PROJETO'!$B:$B,0)),INDEX('CPU - PROJETO'!$H:$H,MATCH($O67,'CPU - PROJETO'!$B:$B,0))))","v":0.67},306.89738599999998,"1.7.2.2 38783"]
["COMPOSICAO",87292,"ARGAMASSA TRAÇO 1:2:8 (CIMENTO, CAL E AREIA MÉDIA) PARA EMBOÇO/MASSA ÚNICA/ASSENTAMENTO DE ALVENARIA DE VEDAÇÃO, PREPARO MECÂNICO COM BETONEIRA 400 L. AF_06/2014","M3",9.7999999999999997E-3,"",null,null,{"$f":"INDEX('SINAPI - SINTÉTICO'!K:K,MATCH(B68,'SINAPI - SINTÉTICO'!G:G,0))","v":660.42},6.47,null,{"$f":"IF(OR(A68=\"INSUMO\",A68=\"COMPOSICAO\"),\"\",IFERROR(INDEX(ORÇAMENTO!A:A,MATCH(B68,ORÇAMENTO!C:C,0)),\"\"))","v":""},"1.7.2.2","COMPOSICAO",87292,"ARGAMASSA TRAÇO 1:2:8 (CIMENTO, CAL E AREIA MÉDIA) PARA EMBOÇO/MASSA ÚNICA/ASSENTAMENTO DE ALVENARIA DE VEDAÇÃO, PREPARO MECÂNICO COM BETONEIRA 400 L. AF_06/2014",9.7999999999999997E-3,"M3",{"$f":"INDEX(ORÇAMENTO!G:G,MATCH(M68,ORÇAMENTO!A:A,0))","v":16.18},0.15856399999999998,{"$f":"IF(L68<>\"\",\"\",IF(INDEX('CPU - PROJETO'!$H:$H,MATCH($O68,'CPU - PROJETO'!$B:$B,0))=0,INDEX('CPU - PROJETO'!$I:$I,MATCH($O68,'CPU - PROJETO'!$B:$B,0)),INDEX('CPU - PROJETO'!$H:$H,MATCH($O68,'CPU - PROJETO'!$B:$B,0))))","v":660.42},104.71883687999998,"1.7.2.2 87292"]
["COMPOSICAO",88309,"PEDREIRO COM ENCARGOS COMPLEMENTARES","H",1.2,"",null,null,{"$f":"INDEX('SINAPI - SINTÉTICO'!K:K,MATCH(B69,'SINAPI - SINTÉTICO'!G:G,0))","v":25.38},30.45,null,{"$f":"IF(OR(A69=\"INSUMO\",A69=\"COMPOSICAO\"),\"\",IFERROR(INDEX(ORÇAMENTO!A:A,MATCH(B69,ORÇAMENTO!C:C,0)),\"\"))","v":""},"1.7.2.2","COMPOSICAO",88309,"PEDREIRO COM ENCARGOS COMPLEMENTARES",1.2,"H",{"$f":"INDEX(ORÇAMENTO!G:G,MATCH(M69,ORÇAMENTO!A:A,0))","v":16.18},19.416,{"$f":"IF(L69<>\"\",\"\",IF(INDEX('CPU - PROJETO'!$H:$H,MATCH($O69,'CPU - PROJETO'!$B:$B,0))=0,INDEX('CPU - PROJETO'!$I:$I,MATCH($O69,'CPU - PROJETO'!$B:$B,0)),INDEX('CPU - PROJETO'!$H:$H,MATCH($O69,'CPU - PROJETO'!$B:$B,0))))","v":25.38},492.77807999999999,"1.7.2.2 88309"]
["COMPOSICAO",88316,"SERVENTE COM ENCARGOS COMPLEMENTARES","H",0.6,"",null,null,{"$f":"INDEX('SINAPI - SINTÉTICO'!K:K,MATCH(B70,'SINAPI - SINTÉTICO'!G:G,0))","v":20.420000000000002},12.25,null,{"$f":"IF(OR(A70=\"INSUMO\",A70=\"COMPOSICAO\"),\"\",IFERROR(INDEX(ORÇAMENTO!A:A,MATCH(B70,ORÇAMENTO!C:C,0)),\"\"))","v":""},"1.7.2.2","COMPOSICAO",88316,"SERVENTE COM ENCARGOS COMPLEMENTARES",0.6,"H",{"$f":"INDEX(ORÇAMENTO!G:G,MATCH(M70,ORÇAMENTO!A:A,0))","v":16.18},9.7080000000000002,{"$f":"IF(L70<>\"\",\"\",IF(INDEX('CPU - PROJETO'!$H:$H,MATCH($O70,'CPU - PROJETO'!$B:$B,0))=0,INDEX('CPU - PROJETO'!$I:$I,MATCH($O70,'CPU - PROJETO'!$B:$B,0)),INDEX('CPU - PROJETO'!$H:$H,MATCH($O70,'CPU - PROJETO'!$B:$B,0))))","v":20.420000000000002},198.23736000000002,"1.7.2.2 88316"]
["01.FUES.VERG.020/01",93201,"FIXAÇÃO (ENCUNHAMENTO) DE ALVENARIA DE VEDAÇÃO COM ARGAMASSA APLICADA COM COLHER. AF_03/2016","M","","Vergas, contravergas e fixação de alvenaria",null,null,{"$f":"INDEX('SINAPI - SINTÉTICO'!K:K,MATCH(B71,'SINAPI - SINTÉTICO'!G:G,0))","v":6.59},{"$f":"SUM(J72:J74)","v":6.5900000000000007},null,{"$f":"IF(OR(A71=\"INSUMO\",A71=\"COMPOSICAO\"),\"\",IFERROR(INDEX(ORÇAMENTO!A:A,MATCH(B71,ORÇAMENTO!C:C,0)),\"\"))","v":"1.7.2.8"},"1.7.2.8",{"$f":"A71","v":"01.FUES.VERG.020/01"},{"$f":"B71","v":93201},{"$f":"C71","v":"FIXAÇÃO (ENCUNHAMENTO) DE ALVENARIA DE VEDAÇÃO COM ARGAMASSA APLICADA COM COLHER. AF_03/2016"},"",{"$f":"D71","v":"M"},{"$f":"INDEX(ORÇAMENTO!G:G,MATCH(M71,ORÇAMENTO!A:A,0))","v":10},"",{"$f":"IF(L71<>\"\",\"\",IF(INDEX('CPU - PROJETO'!$H:$H,MATCH($O71,'CPU - PROJETO'!$B:$B,0))=0,INDEX('CPU - PROJETO'!$I:$I,MATCH($O71,'CPU - PROJETO'!$B:$B,0)),INDEX('CPU - PROJETO'!$H:$H,MATCH($O71,'CPU - PROJETO'!$B:$B,0))))","v":""},65.900000000000006,{"$f":"SUM(V72:V74)-V71","v":0.15595000000000425}]
["COMPOSICAO",87294,"ARGAMASSA TRAÇO 1:2:9 (CIMENTO, CAL E AREIA MÉDIA) PARA EMBOÇO/MASSA ÚNICA/ASSENTAMENTO DE ALVENARIA DE VEDAÇÃO, PREPARO MECÂNICO COM BETONEIRA 600 L. AF_06/2014","M3",3.5000000000000001E-3,"",null,null,{"$f":"INDEX('SINAPI - SINTÉTICO'!K:K,MATCH(B72,'SINAPI - SINTÉTICO'!G:G,0))","v":624.57000000000005},2.1800000000000002,null,{"$f":"IF(OR(A72=\"INSUMO\",A72=\"COMPOSICAO\"),\"\",IFERROR(INDEX(ORÇAMENTO!A:A,MATCH(B72,ORÇAMENTO!C:C,0)),\"\"))","v":""},"1.7.2.8","COMPOSICAO",87294,"ARGAMASSA TRAÇO 1:2:9 (CIMENTO, CAL E AREIA MÉDIA) PARA EMBOÇO/MASSA ÚNICA/ASSENTAMENTO DE ALVENARIA DE VEDAÇÃO, PREPARO MECÂNICO COM BETONEIRA 600 L. AF_06/2014",{"$f":"IF(L72<>\"\",\"\",E72)","v":3.5000000000000001E-3},"M3",{"$f":"INDEX(ORÇAMENTO!G:G,MATCH(M72,ORÇAMENTO!A:A,0))","v":10},{"$f":"IF(L72<>\"\",\"\",Q72*S72)","v":3.5000000000000003E-2},{"$f":"IF(L72<>\"\",\"\",IF(INDEX('CPU - PROJETO'!$H:$H,MATCH($O72,'CPU - PROJETO'!$B:$B,0))=0,INDEX('CPU - PROJETO'!$I:$I,MATCH($O72,'CPU - PROJETO'!$B:$B,0)),INDEX('CPU - PROJETO'!$H:$H,MATCH($O72,'CPU - PROJETO'!$B:$B,0))))","v":624.57000000000005},{"$f":"IF(L72<>\"\",IF(I72=0,J72,I72)*S72,T72*U72)","v":21.859950000000005},{"$f":"CONCATENATE(M72,\" \",O72)","v":"1.7.2.8 87294"}]
["COMPOSICAO",88309,"PEDREIRO COM ENCARGOS COMPLEMENTARES","H",0.15,"",null,null,{"$f":"INDEX('SINAPI - SINTÉTICO'!K:K,MATCH(B73,'SINAPI - SINTÉTICO'!G:G,0))","v":25.38},3.8,null,{"$f":"IF(OR(A73=\"INSUMO\",A73=\"COMPOSICAO\"),\"\",IFERROR(INDEX(ORÇAMENTO!A:A,MATCH(B73,ORÇAMENTO!C:C,0)),\"\"))","v":""},{"$f":"IF(L73<>\"\",L73,IF(M72<>0,M72,L73))","v":"1.7.2.8"},"COMPOSICAO",88309,"PEDREIRO COM ENCARGOS COMPLEMENTARES",0.15,"H",{"$f":"INDEX(ORÇAMENTO!G:G,MATCH(M73,ORÇAMENTO!A:A,0))","v":10},1.5,{"$f":"IF(L73<>\"\",\"\",IF(INDEX('CPU - PROJETO'!$H:$H,MATCH($O73,'CPU - PROJETO'!$B:$B,0))=0,INDEX('CPU - PROJETO'!$I:$I,MATCH($O73,'CPU - PROJETO'!$B:$B,0)),INDEX('CPU - PROJETO'!$H:$H,MATCH($O73,'CPU - PROJETO'!$B:$B,0))))","v":25.38},38.07,{"$f":"CONCATENATE(M73,\" \",O73)","v":"1.7.2.8 88309"}]
["COMPOSICAO",88316,"SERVENTE COM ENCARGOS COMPLEMENTARES","H",0.03,"",null,null,{"$f":"INDEX('SINAPI - SINTÉTICO'!K:K,MATCH(B74,'SINAPI - SINTÉTICO'!G:G,0))","v":20.420000000000002},0.61,null,{"$f":"IF(OR(A74=\"INSUMO\",A74=\"COMPOSICAO\"),\"\",IFERROR(INDEX(ORÇAMENTO!A:A,MATCH(B74,ORÇAMENTO!C:C,0)),\"\"))","v":""},"1.7.2.8","COMPOSICAO",88316,"SERVENTE COM ENCARGOS COMPLEMENTARES",0.03,"H",{"$f":"INDEX(ORÇAMENTO!G:G,MATCH(M74,ORÇAMENTO!A:A,0))","v":10},0.3,{"$f":"IF(L74<>\"\",\"\",IF(INDEX('CPU - PROJETO'!$H:$H,MATCH($O74,'CPU - PROJETO'!$B:$B,0))=0,INDEX('CPU - PROJETO'!$I:$I,MATCH($O74,'CPU - PROJETO'!$B:$B,0)),INDEX('CPU - PROJETO'!$H:$H,MATCH($O74,'CPU - PROJETO'!$B:$B,0))))","v":20.420000000000002},6.1260000000000003,"1.7.2.8 88316"]
["01.REVE.CHAP.005/02",87879,"CHAPISCO APLICADO EM ALVENARIAS E ESTRUTURAS DE CONCRETO INTERNAS, COM COLHER DE PEDREIRO.  ARGAMASSA TRAÇO 1:3 COM PREPARO EM BETONEIRA 400L. AF_06/2014","M2","","Chapisco",null,null,{"$f":"INDEX('SINAPI - SINTÉTICO'!K:K,MATCH(B75,'SINAPI - SINTÉTICO'!G:G,0))","v":4.26},{"$f":"SUM(J76:J78)","v":4.26},null,{"$f":"IF(OR(A75=\"INSUMO\",A75=\"COMPOSICAO\"),\"\",IFERROR(INDEX(ORÇAMENTO!A:A,MATCH(B75,ORÇAMENTO!C:C,0)),\"\"))","v":"1.7.3.1"},"1.7.3.1","01.REVE.CHAP.005/02",87879,"CHAPISCO APLICADO EM ALVENARIAS E ESTRUTURAS DE CONCRETO INTERNAS, COM COLHER DE PEDREIRO.  ARGAMASSA TRAÇO 1:3 COM PREPARO EM BETONEIRA 400L. AF_06/2014","","M2",{"$f":"INDEX(ORÇAMENTO!G:G,MATCH(M75,ORÇAMENTO!A:A,0))","v":16.18},"",{"$f":"IF(L75<>\"\",\"\",IF(INDEX('CPU - PROJETO'!$H:$H,MATCH($O75,'CPU - PROJETO'!$B:$B,0))=0,INDEX('CPU - PROJETO'!$I:$I,MATCH($O75,'CPU - PROJETO'!$B:$B,0)),INDEX('CPU - PROJETO'!$H:$H,MATCH($O75,'CPU - PROJETO'!$B:$B,0))))","v":""},68.9268,{"$f":"SUM(V76:V78)-V75","v":0.23528955999999823}]
["COMPOSICAO",87313,"ARGAMASSA TRAÇO 1:3 (EM VOLUME DE CIMENTO E AREIA GROSSA ÚMIDA) PARA CHAPISCO CONVENCIONAL, PREPARO MECÂNICO COM BETONEIRA 400 L. AF_08/2019","M3",3.7000000000000002E-3,"",null,null,{"$f":"INDEX('SINAPI - SINTÉTICO'!K:K,MATCH(B76,'SINAPI - SINTÉTICO'!G:G,0))","v":547.41999999999996},2.02,null,{"$f":"IF(OR(A76=\"INSUMO\",A76=\"COMPOSICAO\"),\"\",IFERROR(INDEX(ORÇAMENTO!A:A,MATCH(B76,ORÇAMENTO!C:C,0)),\"\"))","v":""},"1.7.3.1","COMPOSICAO",87313,"ARGAMASSA TRAÇO 1:3 (EM VOLUME DE CIMENTO E AREIA GROSSA ÚMIDA) PARA CHAPISCO CONVENCIONAL, PREPARO MECÂNICO COM BETONEIRA 400 L. AF_08/2019",3.7000000000000002E-3,"M3",{"$f":"INDEX(ORÇAMENTO!G:G,MATCH(M76,ORÇAMENTO!A:A,0))","v":16.18},5.9866000000000003E-2,{"$f":"IF(L76<>\"\",\"\",IF(INDEX('CPU - PROJETO'!$H:$H,MATCH($O76,'CPU - PROJETO'!$B:$B,0))=0,INDEX('CPU - PROJETO'!$I:$I,MATCH($O76,'CPU - PROJETO'!$B:$B,0)),INDEX('CPU - PROJETO'!$H:$H,MATCH($O76,'CPU - PROJETO'!$B:$B,0))))","v":547.41999999999996},32.771845720000002,{"$f":"CONCATENATE(M76,\" \",O76)","v":"1.7.3.1 87313"}]
["COMPOSICAO",88309,"PEDREIRO COM ENCARGOS COMPLEMENTARES","H",6.8099999999999994E-2,"",null,null,{"$f":"INDEX('SINAPI - SINTÉTICO'!K:K,MATCH(B77,'SINAPI - SINTÉTICO'!G:G,0))","v":25.38},1.72,null,{"$f":"IF(OR(A77=\"INSUMO\",A77=\"COMPOSICAO\"),\"\",IFERROR(INDEX(ORÇAMENTO!A:A,MATCH(B77,ORÇAMENTO!C:C,0)),\"\"))","v":""},"1.7.3.1","COMPOSICAO",88309,"PEDREIRO COM ENCARGOS COMPLEMENTARES",6.8099999999999994E-2,"H",{"$f":"INDEX(ORÇAMENTO!G:G,MATCH(M77,ORÇAMENTO!A:A,0))","v":16.18},1.1018579999999998,{"$f":"IF(L77<>\"\",\"\",IF(INDEX('CPU - PROJETO'!$H:$H,MATCH($O77,'CPU - PROJETO'!$B:$B,0))=0,INDEX('CPU - PROJETO'!$I:$I,MATCH($O77,'CPU - PROJETO'!$B:$B,0)),INDEX('CPU - PROJETO'!$H:$H,MATCH($O77,'CPU - PROJETO'!$B:$B,0))))","v":25.38},27.965156039999993,{"$f":"CONCATENATE(M77,\" \",O77)","v":"1.7.3.1 88309"}]
["COMPOSICAO",88316,"SERVENTE COM ENCARGOS COMPLEMENTARES","H",2.5499999999999998E-2,"",null,null,{"$f":"INDEX('SINAPI - SINTÉTICO'!K:K,MATCH(B78,'SINAPI - SINTÉTICO'!G:G,0))","v":20.420000000000002},0.52,null,{"$f":"IF(OR(A78=\"INSUMO\",A78=\"COMPOSICAO\"),\"\",IFERROR(INDEX(ORÇAMENTO!A:A,MATCH(B78,ORÇAMENTO!C:C,0)),\"\"))","v":""},"1.7.3.1","COMPOSICAO",88316,"SERVENTE COM ENCARGOS COMPLEMENTARES",2.5499999999999998E-2,"H",{"$f":"INDEX(ORÇAMENTO!G:G,MATCH(M78,ORÇAMENTO!A:A,0))","v":16.18},0.41258999999999996,{"$f":"IF(L78<>\"\",\"\",IF(INDEX('CPU - PROJETO'!$H:$H,MATCH($O78,'CPU - PROJETO'!$B:$B,0))=0,INDEX('CPU - PROJETO'!$I:$I,MATCH($O78,'CPU - PROJETO'!$B:$B,0)),INDEX('CPU - PROJETO'!$H:$H,MATCH($O78,'CPU - PROJETO'!$B:$B,0))))","v":20.420000000000002},8.4250878,"1.7.3.1 88316"]
["01.REVE.CHAP.012/02",87905,"CHAPISCO APLICADO EM ALVENARIA (COM PRESENÇA DE VÃOS) E ESTRUTURAS DE CONCRETO DE FACHADA, COM COLHER DE PEDREIRO.  ARGAMASSA TRAÇO 1:3 COM PREPARO EM BETONEIRA 400L. AF_06/2014","M2",null,"Chapisco",null,null,{"$f":"INDEX('SINAPI - SINTÉTICO'!K:K,MATCH(B79,'SINAPI - SINTÉTICO'!G:G,0))","v":7.56},{"$f":"SUM(J80:J82)","v":7.83},null,{"$f":"IF(OR(A79=\"INSUMO\",A79=\"COMPOSICAO\"),\"\",IFERROR(INDEX(ORÇAMENTO!A:A,MATCH(B79,ORÇAMENTO!C:C,0)),\"\"))","v":"1.7.3.2"},"1.7.3.2","01.REVE.CHAP.012/02",87905,"CHAPISCO APLICADO EM ALVENARIA (COM PRESENÇA DE VÃOS) E ESTRUTURAS DE CONCRETO DE FACHADA, COM COLHER DE PEDREIRO.  ARGAMASSA TRAÇO 1:3 COM PREPARO EM BETONEIRA 400L. AF_06/2014","","M2",{"$f":"INDEX(ORÇAMENTO!G:G,MATCH(M79,ORÇAMENTO!A:A,0))","v":16.18},"",{"$f":"IF(L79<>\"\",\"\",IF(INDEX('CPU - PROJETO'!$H:$H,MATCH($O79,'CPU - PROJETO'!$B:$B,0))=0,INDEX('CPU - PROJETO'!$I:$I,MATCH($O79,'CPU - PROJETO'!$B:$B,0)),INDEX('CPU - PROJETO'!$H:$H,MATCH($O79,'CPU - PROJETO'!$B:$B,0))))","v":""},122.32079999999999,{"$f":"SUM(V80:V82)-V79","v":4.6732046799999978}]
["COMPOSICAO",87313,"ARGAMASSA TRAÇO 1:3 (EM VOLUME DE CIMENTO E AREIA GROSSA ÚMIDA) PARA CHAPISCO CONVENCIONAL, PREPARO MECÂNICO COM BETONEIRA 400 L. AF_08/2019","M3",4.1999999999999997E-3,"",null,null,{"$f":"INDEX('SINAPI - SINTÉTICO'!K:K,MATCH(B80,'SINAPI - SINTÉTICO'!G:G,0))","v":547.41999999999996},2.29,null,{"$f":"IF(OR(A80=\"INSUMO\",A80=\"COMPOSICAO\"),\"\",IFERROR(INDEX(ORÇAMENTO!A:A,MATCH(B80,ORÇAMENTO!C:C,0)),\"\"))","v":""},"1.7.3.2","COMPOSICAO",87313,"ARGAMASSA TRAÇO 1:3 (EM VOLUME DE CIMENTO E AREIA GROSSA ÚMIDA) PARA CHAPISCO CONVENCIONAL, PREPARO MECÂNICO COM BETONEIRA 400 L. AF_08/2019",4.1999999999999997E-3,"M3",{"$f":"INDEX(ORÇAMENTO!G:G,MATCH(M80,ORÇAMENTO!A:A,0))","v":16.18},6.7955999999999989E-2,{"$f":"IF(L80<>\"\",\"\",IF(INDEX('CPU - PROJETO'!$H:$H,MATCH($O80,'CPU - PROJETO'!$B:$B,0))=0,INDEX('CPU - PROJETO'!$I:$I,MATCH($O80,'CPU - PROJETO'!$B:$B,0)),INDEX('CPU - PROJETO'!$H:$H,MATCH($O80,'CPU - PROJETO'!$B:$B,0))))","v":547.41999999999996},37.200473519999989,{"$f":"CONCATENATE(M80,\" \",O80)","v":"1.7.3.2 87313"}]
["COMPOSICAO",88309,"PEDREIRO COM ENCARGOS COMPLEMENTARES","H",0.1724,"",null,null,{"$f":"INDEX('SINAPI - SINTÉTICO'!K:K,MATCH(B81,'SINAPI - SINTÉTICO'!G:G,0))","v":25.38},4.37,null,{"$f":"IF(OR(A81=\"INSUMO\",A81=\"COMPOSICAO\"),\"\",IFERROR(INDEX(ORÇAMENTO!A:A,MATCH(B81,ORÇAMENTO!C:C,0)),\"\"))","v":""},"1.7.3.2","COMPOSICAO",88309,"PEDREIRO COM ENCARGOS COMPLEMENTARES",0.1724,"H",{"$f":"INDEX(ORÇAMENTO!G:G,MATCH(M81,ORÇAMENTO!A:A,0))","v":16.18},2.7894320000000001,{"$f":"IF(L81<>\"\",\"\",IF(INDEX('CPU - PROJETO'!$H:$H,MATCH($O81,'CPU - PROJETO'!$B:$B,0))=0,INDEX('CPU - PROJETO'!$I:$I,MATCH($O81,'CPU - PROJETO'!$B:$B,0)),INDEX('CPU - PROJETO'!$H:$H,MATCH($O81,'CPU - PROJETO'!$B:$B,0))))","v":25.38},70.795784159999997,{"$f":"CONCATENATE(M81,\" \",O81)","v":"1.7.3.2 88309"}]
["COMPOSICAO",88316,"SERVENTE COM ENCARGOS COMPLEMENTARES","H",5.7500000000000002E-2,"",null,null,{"$f":"INDEX('SINAPI - SINTÉTICO'!K:K,MATCH(B82,'SINAPI - SINTÉTICO'!G:G,0))","v":20.420000000000002},1.17,null,{"$f":"IF(OR(A82=\"INSUMO\",A82=\"COMPOSICAO\"),\"\",IFERROR(INDEX(ORÇAMENTO!A:A,MATCH(B82,ORÇAMENTO!C:C,0)),\"\"))","v":""},"1.7.3.2","COMPOSICAO",88316,"SERVENTE COM ENCARGOS COMPLEMENTARES",5.7500000000000002E-2,"H",{"$f":"INDEX(ORÇAMENTO!G:G,MATCH(M82,ORÇAMENTO!A:A,0))","v":16.18},0.93035000000000001,{"$f":"IF(L82<>\"\",\"\",IF(INDEX('CPU - PROJETO'!$H:$H,MATCH($O82,'CPU - PROJETO'!$B:$B,0))=0,INDEX('CPU - PROJETO'!$I:$I,MATCH($O82,'CPU - PROJETO'!$B:$B,0)),INDEX('CPU - PROJETO'!$H:$H,MATCH($O82,'CPU - PROJETO'!$B:$B,0))))","v":20.420000000000002},18.997747,"1.7.3.2 88316"]
["01.REVE.MUEI.002/01",87529,"MASSA ÚNICA, PARA RECEBIMENTO DE PINTURA, EM ARGAMASSA TRAÇO 1:2:8, PREPARO MECÂNICO COM BETONEIRA 400L, APLICADA MANUALMENTE EM FACES INTERNAS DE PAREDES, ESPESSURA DE 20MM, COM EXECUÇÃO DE TALISCAS. AF_06/2014","M2","","Massa Única, Emboço Interno",null,null,{"$f":"INDEX('SINAPI - SINTÉTICO'!K:K,MATCH(B83,'SINAPI - SINTÉTICO'!G:G,0))","v":40.24},{"$f":"SUM(J84:J86)","v":40.24},null,{"$f":"IF(OR(A83=\"INSUMO\",A83=\"COMPOSICAO\"),\"\",IFERROR(INDEX(ORÇAMENTO!A:A,MATCH(B83,ORÇAMENTO!C:C,0)),\"\"))","v":"1.7.3.3"},"1.7.3.3","01.REVE.MUEI.002/01",87529,"MASSA ÚNICA, PARA RECEBIMENTO DE PINTURA, EM ARGAMASSA TRAÇO 1:2:8, PREPARO MECÂNICO COM BETONEIRA 400L, APLICADA MANUALMENTE EM FACES INTERNAS DE PAREDES, ESPESSURA DE 20MM, COM EXECUÇÃO DE TALISCAS. AF_06/2014","","M2",{"$f":"INDEX(ORÇAMENTO!G:G,MATCH(M83,ORÇAMENTO!A:A,0))","v":16.18},"",{"$f":"IF(L83<>\"\",\"\",IF(INDEX('CPU - PROJETO'!$H:$H,MATCH($O83,'CPU - PROJETO'!$B:$B,0))=0,INDEX('CPU - PROJETO'!$I:$I,MATCH($O83,'CPU - PROJETO'!$B:$B,0)),INDEX('CPU - PROJETO'!$H:$H,MATCH($O83,'CPU - PROJETO'!$B:$B,0))))","v":""},651.08320000000003,{"$f":"SUM(V84:V86)-V83","v":0.19759016000000429}]
["COMPOSICAO",87292,"ARGAMASSA TRAÇO 1:2:8 (CIMENTO, CAL E AREIA MÉDIA) PARA EMBOÇO/MASSA ÚNICA/ASSENTAMENTO DE ALVENARIA DE VEDAÇÃO, PREPARO MECÂNICO COM BETONEIRA 400 L. AF_06/2014","M3",3.7600000000000001E-2,"",null,null,{"$f":"INDEX('SINAPI - SINTÉTICO'!K:K,MATCH(B84,'SINAPI - SINTÉTICO'!G:G,0))","v":660.42},24.83,null,{"$f":"IF(OR(A84=\"INSUMO\",A84=\"COMPOSICAO\"),\"\",IFERROR(INDEX(ORÇAMENTO!A:A,MATCH(B84,ORÇAMENTO!C:C,0)),\"\"))","v":""},"1.7.3.3","COMPOSICAO",87292,"ARGAMASSA TRAÇO 1:2:8 (CIMENTO, CAL E AREIA MÉDIA) PARA EMBOÇO/MASSA ÚNICA/ASSENTAMENTO DE ALVENARIA DE VEDAÇÃO, PREPARO MECÂNICO COM BETONEIRA 400 L. AF_06/2014",3.7600000000000001E-2,"M3",{"$f":"INDEX(ORÇAMENTO!G:G,MATCH(M84,ORÇAMENTO!A:A,0))","v":16.18},0.60836800000000002,{"$f":"IF(L84<>\"\",\"\",IF(INDEX('CPU - PROJETO'!$H:$H,MATCH($O84,'CPU - PROJETO'!$B:$B,0))=0,INDEX('CPU - PROJETO'!$I:$I,MATCH($O84,'CPU - PROJETO'!$B:$B,0)),INDEX('CPU - PROJETO'!$H:$H,MATCH($O84,'CPU - PROJETO'!$B:$B,0))))","v":660.42},401.77839455999998,{"$f":"CONCATENATE(M84,\" \",O84)","v":"1.7.3.3 87292"}]
["COMPOSICAO",88309,"PEDREIRO COM ENCARGOS COMPLEMENTARES","H",0.47,"",null,null,{"$f":"INDEX('SINAPI - SINTÉTICO'!K:K,MATCH(B85,'SINAPI - SINTÉTICO'!G:G,0))","v":25.38},11.92,null,{"$f":"IF(OR(A85=\"INSUMO\",A85=\"COMPOSICAO\"),\"\",IFERROR(INDEX(ORÇAMENTO!A:A,MATCH(B85,ORÇAMENTO!C:C,0)),\"\"))","v":""},"1.7.3.3","COMPOSICAO",88309,"PEDREIRO COM ENCARGOS COMPLEMENTARES",0.47,"H",{"$f":"INDEX(ORÇAMENTO!G:G,MATCH(M85,ORÇAMENTO!A:A,0))","v":16.18},7.6045999999999996,{"$f":"IF(L85<>\"\",\"\",IF(INDEX('CPU - PROJETO'!$H:$H,MATCH($O85,'CPU - PROJETO'!$B:$B,0))=0,INDEX('CPU - PROJETO'!$I:$I,MATCH($O85,'CPU - PROJETO'!$B:$B,0)),INDEX('CPU - PROJETO'!$H:$H,MATCH($O85,'CPU - PROJETO'!$B:$B,0))))","v":25.38},193.00474799999998,{"$f":"CONCATENATE(M85,\" \",O85)","v":"1.7.3.3 88309"}]
["COMPOSICAO",88316,"SERVENTE COM ENCARGOS COMPLEMENTARES","H",0.17100000000000001,"",null,null,{"$f":"INDEX('SINAPI - SINTÉTICO'!K:K,MATCH(B86,'SINAPI - SINTÉTICO'!G:G,0))","v":20.420000000000002},3.49,null,{"$f":"IF(OR(A86=\"INSUMO\",A86=\"COMPOSICAO\"),\"\",IFERROR(INDEX(ORÇAMENTO!A:A,MATCH(B86,ORÇAMENTO!C:C,0)),\"\"))","v":""},"1.7.3.3","COMPOSICAO",88316,"SERVENTE COM ENCARGOS COMPLEMENTARES",0.17100000000000001,"H",{"$f":"INDEX(ORÇAMENTO!G:G,MATCH(M86,ORÇAMENTO!A:A,0))","v":16.18},2.7667800000000002,{"$f":"IF(L86<>\"\",\"\",IF(INDEX('CPU - PROJETO'!$H:$H,MATCH($O86,'CPU - PROJETO'!$B:$B,0))=0,INDEX('CPU - PROJETO'!$I:$I,MATCH($O86,'CPU - PROJETO'!$B:$B,0)),INDEX('CPU - PROJETO'!$H:$H,MATCH($O86,'CPU - PROJETO'!$B:$B,0))))","v":20.420000000000002},56.497647600000008,"1.7.3.3 88316"]
["01.REVE.EMBO.001/01",87775,"EMBOÇO OU MASSA ÚNICA EM ARGAMASSA TRAÇO 1:2:8, PREPARO MECÂNICO COM BETONEIRA 400 L, APLICADA MANUALMENTE EM PANOS DE FACHADA COM PRESENÇA DE VÃOS, ESPESSURA DE 25 MM. AF_06/2014","M2","","Massa Única Externa",null,null,{"$f":"INDEX('SINAPI - SINTÉTICO'!K:K,MATCH(B87,'SINAPI - SINTÉTICO'!G:G,0))","v":54.86},{"$f":"SUM(J88:J91)","v":54.86},null,{"$f":"IF(OR(A87=\"INSUMO\",A87=\"COMPOSICAO\"),\"\",IFERROR(INDEX(ORÇAMENTO!A:A,MATCH(B87,ORÇAMENTO!C:C,0)),\"\"))","v":"1.7.3.4"},"1.7.3.4","01.REVE.EMBO.001/01",87775,"EMBOÇO OU MASSA ÚNICA EM ARGAMASSA TRAÇO 1:2:8, PREPARO MECÂNICO COM BETONEIRA 400 L, APLICADA MANUALMENTE EM PANOS DE FACHADA COM PRESENÇA DE VÃOS, ESPESSURA DE 25 MM. AF_06/2014","","M2",{"$f":"INDEX(ORÇAMENTO!G:G,MATCH(M87,ORÇAMENTO!A:A,0))","v":26.18},"",{"$f":"IF(L87<>\"\",\"\",IF(INDEX('CPU - PROJETO'!$H:$H,MATCH($O87,'CPU - PROJETO'!$B:$B,0))=0,INDEX('CPU - PROJETO'!$I:$I,MATCH($O87,'CPU - PROJETO'!$B:$B,0)),INDEX('CPU - PROJETO'!$H:$H,MATCH($O87,'CPU - PROJETO'!$B:$B,0))))","v":""},1436.2348,{"$f":"SUM(V88:V91)-V87","v":0.64989231999993535}]
["INSUMO",37411,"TELA DE ACO SOLDADA GALVANIZADA/ZINCADA PARA ALVENARIA, FIO  D = *1,24 MM, MALHA 25 X 25 MM","M2",0.13880000000000001,"",null,{"$f":"INDEX('SINAPI - INSUMO'!E:E,MATCH(B88,'SINAPI - INSUMO'!A:A,0))","v":21.97},null,3.04,null,{"$f":"IF(OR(A88=\"INSUMO\",A88=\"COMPOSICAO\"),\"\",IFERROR(INDEX(ORÇAMENTO!A:A,MATCH(B88,ORÇAMENTO!C:C,0)),\"\"))","v":""},"1.7.3.4","INSUMO",37411,"TELA DE ACO SOLDADA GALVANIZADA/ZINCADA PARA ALVENARIA, FIO  D = *1,24 MM, MALHA 25 X 25 MM",0.13880000000000001,"M2",{"$f":"INDEX(ORÇAMENTO!G:G,MATCH(M88,ORÇAMENTO!A:A,0))","v":26.18},3.6337840000000003,{"$f":"IF(L88<>\"\",\"\",IF(INDEX('CPU - PROJETO'!$H:$H,MATCH($O88,'CPU - PROJETO'!$B:$B,0))=0,INDEX('CPU - PROJETO'!$I:$I,MATCH($O88,'CPU - PROJETO'!$B:$B,0)),INDEX('CPU - PROJETO'!$H:$H,MATCH($O88,'CPU - PROJETO'!$B:$B,0))))","v":21.97},79.834234480000006,{"$f":"CONCATENATE(M88,\" \",O88)","v":"1.7.3.4 37411"}]
["COMPOSICAO",87292,"ARGAMASSA TRAÇO 1:2:8 (CIMENTO, CAL E AREIA MÉDIA) PARA EMBOÇO/MASSA ÚNICA/ASSENTAMENTO DE ALVENARIA DE VEDAÇÃO, PREPARO MECÂNICO COM BETONEIRA 400 L. AF_06/2014","M3",3.1399999999999997E-2,"",null,null,{"$f":"INDEX('SINAPI - SINTÉTICO'!K:K,MATCH(B89,'SINAPI - SINTÉTICO'!G:G,0))","v":660.42},20.73,null,{"$f":"IF(OR(A89=\"INSUMO\",A89=\"COMPOSICAO\"),\"\",IFERROR(INDEX(ORÇAMENTO!A:A,MATCH(B89,ORÇAMENTO!C:C,0)),\"\"))","v":""},"1.7.3.4","COMPOSICAO",87292,"ARGAMASSA TRAÇO 1:2:8 (CIMENTO, CAL E AREIA MÉDIA) PARA EMBOÇO/MASSA ÚNICA/ASSENTAMENTO DE ALVENARIA DE VEDAÇÃO, PREPARO MECÂNICO COM BETONEIRA 400 L. AF_06/2014",3.1399999999999997E-2,"M3",{"$f":"INDEX(ORÇAMENTO!G:G,MATCH(M89,ORÇAMENTO!A:A,0))","v":26.18},0.82205199999999989,{"$f":"IF(L89<>\"\",\"\",IF(INDEX('CPU - PROJETO'!$H:$H,MATCH($O89,'CPU - PROJETO'!$B:$B,0))=0,INDEX('CPU - PROJETO'!$I:$I,MATCH($O89,'CPU - PROJETO'!$B:$B,0)),INDEX('CPU - PROJETO'!$H:$H,MATCH($O89,'CPU - PROJETO'!$B:$B,0))))","v":660.42},542.89958183999988,{"$f":"CONCATENATE(M89,\" \",O89)","v":"1.7.3.4 87292"}]
["COMPOSICAO",88309,"PEDREIRO COM ENCARGOS COMPLEMENTARES","H",0.67900000000000005,"",null,null,{"$f":"INDEX('SINAPI - SINTÉTICO'!K:K,MATCH(B90,'SINAPI - SINTÉTICO'!G:G,0))","v":25.38},{"$f":"TRUNC(E90*H90+E90*I90,2)","v":17.23},null,{"$f":"IF(OR(A90=\"INSUMO\",A90=\"COMPOSICAO\"),\"\",IFERROR(INDEX(ORÇAMENTO!A:A,MATCH(B90,ORÇAMENTO!C:C,0)),\"\"))","v":""},"1.7.3.4","COMPOSICAO",88309,"PEDREIRO COM ENCARGOS COMPLEMENTARES",0.67900000000000005,"H",{"$f":"INDEX(ORÇAMENTO!G:G,MATCH(M90,ORÇAMENTO!A:A,0))","v":26.18},17.776220000000002,{"$f":"IF(L90<>\"\",\"\",IF(INDEX('CPU - PROJETO'!$H:$H,MATCH($O90,'CPU - PROJETO'!$B:$B,0))=0,INDEX('CPU - PROJETO'!$I:$I,MATCH($O90,'CPU - PROJETO'!$B:$B,0)),INDEX('CPU - PROJETO'!$H:$H,MATCH($O90,'CPU - PROJETO'!$B:$B,0))))","v":25.38},451.16046360000001,{"$f":"CONCATENATE(M90,\" \",O90)","v":"1.7.3.4 88309"}]
["COMPOSICAO",88316,"SERVENTE COM ENCARGOS COMPLEMENTARES","H",0.67900000000000005,"",null,null,{"$f":"INDEX('SINAPI - SINTÉTICO'!K:K,MATCH(B91,'SINAPI - SINTÉTICO'!G:G,0))","v":20.420000000000002},13.86,null,{"$f":"IF(OR(A91=\"INSUMO\",A91=\"COMPOSICAO\"),\"\",IFERROR(INDEX(ORÇAMENTO!A:A,MATCH(B91,ORÇAMENTO!C:C,0)),\"\"))","v":""},"1.7.3.4","COMPOSICAO",88316,"SERVENTE COM ENCARGOS COMPLEMENTARES",0.67900000000000005,"H",{"$f":"INDEX(ORÇAMENTO!G:G,MATCH(M91,ORÇAMENTO!A:A,0))","v":26.18},17.776220000000002,{"$f":"IF(L91<>\"\",\"\",IF(INDEX('CPU - PROJETO'!$H:$H,MATCH($O91,'CPU - PROJETO'!$B:$B,0))=0,INDEX('CPU - PROJETO'!$I:$I,MATCH($O91,'CPU - PROJETO'!$B:$B,0)),INDEX('CPU - PROJETO'!$H:$H,MATCH($O91,'CPU - PROJETO'!$B:$B,0))))","v":20.420000000000002},362.99041240000008,"1.7.3.4 88316"]
["01.PINT.INTE.016/01",88497,"APLICAÇÃO E LIXAMENTO DE MASSA LÁTEX EM PAREDES, DUAS DEMÃOS. AF_06/2014","M2",null,"Pintura Interna",null,null,{"$f":"INDEX('SINAPI - SINTÉTICO'!K:K,MATCH(B92,'SINAPI - SINTÉTICO'!G:G,0))","v":14.34},{"$f":"SUM(J93:J96)","v":14.34},null,{"$f":"IF(OR(A92=\"INSUMO\",A92=\"COMPOSICAO\"),\"\",IFERROR(INDEX(ORÇAMENTO!A:A,MATCH(B92,ORÇAMENTO!C:C,0)),\"\"))","v":"1.7.4.1"},"1.7.4.1","01.PINT.INTE.016/01",88497,"APLICAÇÃO E LIXAMENTO DE MASSA LÁTEX EM PAREDES, DUAS DEMÃOS. AF_06/2014","","M2",{"$f":"INDEX(ORÇAMENTO!G:G,MATCH(M92,ORÇAMENTO!A:A,0))","v":132.30000000000001},"",{"$f":"IF(L92<>\"\",\"\",IF(INDEX('CPU - PROJETO'!$H:$H,MATCH($O92,'CPU - PROJETO'!$B:$B,0))=0,INDEX('CPU - PROJETO'!$I:$I,MATCH($O92,'CPU - PROJETO'!$B:$B,0)),INDEX('CPU - PROJETO'!$H:$H,MATCH($O92,'CPU - PROJETO'!$B:$B,0))))","v":""},1897.1820000000002,{"$f":"SUM(V93:V96)-V92","v":4.7531685600001765}]
["INSUMO",3767,"LIXA EM FOLHA PARA PAREDE OU MADEIRA, NUMERO 120 (COR VERMELHA)","UN",0.1,"",null,{"$f":"INDEX('SINAPI - INSUMO'!E:E,MATCH(B93,'SINAPI - INSUMO'!A:A,0))","v":0.79},null,{"$f":"TRUNC(E93*H93+E93*I93,2)","v":7.0000000000000007E-2},null,{"$f":"IF(OR(A93=\"INSUMO\",A93=\"COMPOSICAO\"),\"\",IFERROR(INDEX(ORÇAMENTO!A:A,MATCH(B93,ORÇAMENTO!C:C,0)),\"\"))","v":""},"1.7.4.1","INSUMO",3767,"LIXA EM FOLHA PARA PAREDE OU MADEIRA, NUMERO 120 (COR VERMELHA)",0.1,"UN",{"$f":"INDEX(ORÇAMENTO!G:G,MATCH(M93,ORÇAMENTO!A:A,0))","v":132.30000000000001},13.230000000000002,{"$f":"IF(L93<>\"\",\"\",IF(INDEX('CPU - PROJETO'!$H:$H,MATCH($O93,'CPU - PROJETO'!$B:$B,0))=0,INDEX('CPU - PROJETO'!$I:$I,MATCH($O93,'CPU - PROJETO'!$B:$B,0)),INDEX('CPU - PROJETO'!$H:$H,MATCH($O93,'CPU - PROJETO'!$B:$B,0))))","v":0.79},10.451700000000002,"1.7.4.1 3767"]
["INSUMO",43626,"MASSA CORRIDA PARA SUPERFICIES DE AMBIENTES INTERNOS","KG",1.5550200000000001,"",null,{"$f":"INDEX('SINAPI - INSUMO'!E:E,MATCH(B94,'SINAPI - INSUMO'!A:A,0))","v":2.36},null,3.66,null,{"$f":"IF(OR(A94=\"INSUMO\",A94=\"COMPOSICAO\"),\"\",IFERROR(INDEX(ORÇAMENTO!A:A,MATCH(B94,ORÇAMENTO!C:C,0)),\"\"))","v":""},"1.7.4.1","INSUMO",43626,"MASSA CORRIDA PARA SUPERFICIES DE AMBIENTES INTERNOS",1.5550200000000001,"KG",{"$f":"INDEX(ORÇAMENTO!G:G,MATCH(M94,ORÇAMENTO!A:A,0))","v":132.30000000000001},205.72914600000001,{"$f":"IF(L94<>\"\",\"\",IF(INDEX('CPU - PROJETO'!$H:$H,MATCH($O94,'CPU - PROJETO'!$B:$B,0))=0,INDEX('CPU - PROJETO'!$I:$I,MATCH($O94,'CPU - PROJETO'!$B:$B,0)),INDEX('CPU - PROJETO'!$H:$H,MATCH($O94,'CPU - PROJETO'!$B:$B,0))))","v":2.36},485.52078455999998,"1.7.4.1 43626"]
["COMPOSICAO",88310,"PINTOR COM ENCARGOS COMPLEMENTARES","H",0.312,"",null,null,{"$f":"INDEX('SINAPI - SINTÉTICO'!K:K,MATCH(B95,'SINAPI - SINTÉTICO'!G:G,0))","v":26.6},8.2899999999999991,null,{"$f":"IF(OR(A95=\"INSUMO\",A95=\"COMPOSICAO\"),\"\",IFERROR(INDEX(ORÇAMENTO!A:A,MATCH(B95,ORÇAMENTO!C:C,0)),\"\"))","v":""},"1.7.4.1","COMPOSICAO",88310,"PINTOR COM ENCARGOS COMPLEMENTARES",0.312,"H",{"$f":"INDEX(ORÇAMENTO!G:G,MATCH(M95,ORÇAMENTO!A:A,0))","v":132.30000000000001},41.277600000000007,{"$f":"IF(L95<>\"\",\"\",IF(INDEX('CPU - PROJETO'!$H:$H,MATCH($O95,'CPU - PROJETO'!$B:$B,0))=0,INDEX('CPU - PROJETO'!$I:$I,MATCH($O95,'CPU - PROJETO'!$B:$B,0)),INDEX('CPU - PROJETO'!$H:$H,MATCH($O95,'CPU - PROJETO'!$B:$B,0))))","v":26.6},1097.9841600000002,"1.7.4.1 88310"]
["COMPOSICAO",88316,"SERVENTE COM ENCARGOS COMPLEMENTARES","H",0.114,"",null,null,{"$f":"INDEX('SINAPI - SINTÉTICO'!K:K,MATCH(B96,'SINAPI - SINTÉTICO'!G:G,0))","v":20.420000000000002},2.3199999999999998,null,{"$f":"IF(OR(A96=\"INSUMO\",A96=\"COMPOSICAO\"),\"\",IFERROR(INDEX(ORÇAMENTO!A:A,MATCH(B96,ORÇAMENTO!C:C,0)),\"\"))","v":""},"1.7.4.1","COMPOSICAO",88316,"SERVENTE COM ENCARGOS COMPLEMENTARES",0.114,"H",{"$f":"INDEX(ORÇAMENTO!G:G,MATCH(M96,ORÇAMENTO!A:A,0))","v":132.30000000000001},15.082200000000002,{"$f":"IF(L96<>\"\",\"\",IF(INDEX('CPU - PROJETO'!$H:$H,MATCH($O96,'CPU - PROJETO'!$B:$B,0))=0,INDEX('CPU - PROJETO'!$I:$I,MATCH($O96,'CPU - PROJETO'!$B:$B,0)),INDEX('CPU - PROJETO'!$H:$H,MATCH($O96,'CPU - PROJETO'!$B:$B,0))))","v":20.420000000000002},307.97852400000005,"1.7.4.1 88316"]
["01.PINT.INTE.002/01",88485," APLICAÇÃO DE FUNDO SELADOR ACRÍLICO EM PAREDES, UMA DEMÃO. AF_06/2014","M2","","Pintura Interna",null,null,{"$f":"INDEX('SINAPI - SINTÉTICO'!K:K,MATCH(B97,'SINAPI - SINTÉTICO'!G:G,0))","v":2.79},{"$f":"SUM(J98:J100)","v":2.79},null,{"$f":"IF(OR(A97=\"INSUMO\",A97=\"COMPOSICAO\"),\"\",IFERROR(INDEX(ORÇAMENTO!A:A,MATCH(B97,ORÇAMENTO!C:C,0)),\"\"))","v":"1.7.4.2"},"1.7.4.2","01.PINT.INTE.002/01",88485," APLICAÇÃO DE FUNDO SELADOR ACRÍLICO EM PAREDES, UMA DEMÃO. AF_06/2014","","M2",{"$f":"INDEX(ORÇAMENTO!G:G,MATCH(M97,ORÇAMENTO!A:A,0))","v":132.30000000000001},"",{"$f":"IF(L97<>\"\",\"\",IF(INDEX('CPU - PROJETO'!$H:$H,MATCH($O97,'CPU - PROJETO'!$B:$B,0))=0,INDEX('CPU - PROJETO'!$I:$I,MATCH($O97,'CPU - PROJETO'!$B:$B,0)),INDEX('CPU - PROJETO'!$H:$H,MATCH($O97,'CPU - PROJETO'!$B:$B,0))))","v":""},369.11700000000002,{"$f":"SUM(V98:V100)-V97","v":2.6036640000000375}]
["INSUMO",6085,"SELADOR ACRILICO OPACO PREMIUM INTERIOR/EXTERIOR","L",0.16,"",null,{"$f":"INDEX('SINAPI - INSUMO'!E:E,MATCH(B98,'SINAPI - INSUMO'!A:A,0))","v":9.2899999999999991},null,1.48,null,{"$f":"IF(OR(A98=\"INSUMO\",A98=\"COMPOSICAO\"),\"\",IFERROR(INDEX(ORÇAMENTO!A:A,MATCH(B98,ORÇAMENTO!C:C,0)),\"\"))","v":""},"1.7.4.2","INSUMO",6085,"SELADOR ACRILICO OPACO PREMIUM INTERIOR/EXTERIOR",0.16,"L",{"$f":"INDEX(ORÇAMENTO!G:G,MATCH(M98,ORÇAMENTO!A:A,0))","v":132.30000000000001},21.168000000000003,{"$f":"IF(L98<>\"\",\"\",IF(INDEX('CPU - PROJETO'!$H:$H,MATCH($O98,'CPU - PROJETO'!$B:$B,0))=0,INDEX('CPU - PROJETO'!$I:$I,MATCH($O98,'CPU - PROJETO'!$B:$B,0)),INDEX('CPU - PROJETO'!$H:$H,MATCH($O98,'CPU - PROJETO'!$B:$B,0))))","v":9.2899999999999991},196.65072000000001,"1.7.4.2 6085"]
["COMPOSICAO",88310,"PINTOR COM ENCARGOS COMPLEMENTARES","H",3.9E-2,"",null,null,{"$f":"INDEX('SINAPI - SINTÉTICO'!K:K,MATCH(B99,'SINAPI - SINTÉTICO'!G:G,0))","v":26.6},1.03,null,{"$f":"IF(OR(A99=\"INSUMO\",A99=\"COMPOSICAO\"),\"\",IFERROR(INDEX(ORÇAMENTO!A:A,MATCH(B99,ORÇAMENTO!C:C,0)),\"\"))","v":""},"1.7.4.2","COMPOSICAO",88310,"PINTOR COM ENCARGOS COMPLEMENTARES",3.9E-2,"H",{"$f":"INDEX(ORÇAMENTO!G:G,MATCH(M99,ORÇAMENTO!A:A,0))","v":132.30000000000001},5.1597000000000008,{"$f":"IF(L99<>\"\",\"\",IF(INDEX('CPU - PROJETO'!$H:$H,MATCH($O99,'CPU - PROJETO'!$B:$B,0))=0,INDEX('CPU - PROJETO'!$I:$I,MATCH($O99,'CPU - PROJETO'!$B:$B,0)),INDEX('CPU - PROJETO'!$H:$H,MATCH($O99,'CPU - PROJETO'!$B:$B,0))))","v":26.6},137.24802000000003,"1.7.4.2 88310"]
["COMPOSICAO",88316,"SERVENTE COM ENCARGOS COMPLEMENTARES","H",1.4E-2,"",null,null,{"$f":"INDEX('SINAPI - SINTÉTICO'!K:K,MATCH(B100,'SINAPI - SINTÉTICO'!G:G,0))","v":20.420000000000002},0.28000000000000003,null,{"$f":"IF(OR(A100=\"INSUMO\",A100=\"COMPOSICAO\"),\"\",IFERROR(INDEX(ORÇAMENTO!A:A,MATCH(B100,ORÇAMENTO!C:C,0)),\"\"))","v":""},"1.7.4.2","COMPOSICAO",88316,"SERVENTE COM ENCARGOS COMPLEMENTARES",1.4E-2,"H",{"$f":"INDEX(ORÇAMENTO!G:G,MATCH(M100,ORÇAMENTO!A:A,0))","v":132.30000000000001},1.8522000000000003,{"$f":"IF(L100<>\"\",\"\",IF(INDEX('CPU - PROJETO'!$H:$H,MATCH($O100,'CPU - PROJETO'!$B:$B,0))=0,INDEX('CPU - PROJETO'!$I:$I,MATCH($O100,'CPU - PROJETO'!$B:$B,0)),INDEX('CPU - PROJETO'!$H:$H,MATCH($O100,'CPU - PROJETO'!$B:$B,0))))","v":20.420000000000002},37.82192400000001,"1.7.4.2 88316"]
["01.PINT.INTE.006/01",88489,"APLICAÇÃO MANUAL DE PINTURA COM TINTA LÁTEX ACRÍLICA EM PAREDES, DUAS DEMÃOS. AF_06/2014","M2","","Pintura Interna",null,null,{"$f":"INDEX('SINAPI - SINTÉTICO'!K:K,MATCH(B101,'SINAPI - SINTÉTICO'!G:G,0))","v":15.14},{"$f":"SUM(J102:J104)","v":15.139999999999999},null,{"$f":"IF(OR(A101=\"INSUMO\",A101=\"COMPOSICAO\"),\"\",IFERROR(INDEX(ORÇAMENTO!A:A,MATCH(B101,ORÇAMENTO!C:C,0)),\"\"))","v":"1.7.4.3"},"1.7.4.3","01.PINT.INTE.006/01",88489,"APLICAÇÃO MANUAL DE PINTURA COM TINTA LÁTEX ACRÍLICA EM PAREDES, DUAS DEMÃOS. AF_06/2014","","M2",{"$f":"INDEX(ORÇAMENTO!G:G,MATCH(M101,ORÇAMENTO!A:A,0))","v":132.30000000000001},"",{"$f":"IF(L101<>\"\",\"\",IF(INDEX('CPU - PROJETO'!$H:$H,MATCH($O101,'CPU - PROJETO'!$B:$B,0))=0,INDEX('CPU - PROJETO'!$I:$I,MATCH($O101,'CPU - PROJETO'!$B:$B,0)),INDEX('CPU - PROJETO'!$H:$H,MATCH($O101,'CPU - PROJETO'!$B:$B,0))))","v":""},2003.0220000000002,{"$f":"SUM(V102:V104)-V101","v":2.3655240000000504}]
["INSUMO",7356,"TINTA LATEX ACRILICA PREMIUM, COR BRANCO FOSCO","L",0.33,"",null,{"$f":"INDEX('SINAPI - INSUMO'!E:E,MATCH(B102,'SINAPI - INSUMO'!A:A,0))","v":26.59},null,8.77,null,{"$f":"IF(OR(A102=\"INSUMO\",A102=\"COMPOSICAO\"),\"\",IFERROR(INDEX(ORÇAMENTO!A:A,MATCH(B102,ORÇAMENTO!C:C,0)),\"\"))","v":""},"1.7.4.3","INSUMO",7356,"TINTA LATEX ACRILICA PREMIUM, COR BRANCO FOSCO",0.33,"L",{"$f":"INDEX(ORÇAMENTO!G:G,MATCH(M102,ORÇAMENTO!A:A,0))","v":132.30000000000001},43.659000000000006,{"$f":"IF(L102<>\"\",\"\",IF(INDEX('CPU - PROJETO'!$H:$H,MATCH($O102,'CPU - PROJETO'!$B:$B,0))=0,INDEX('CPU - PROJETO'!$I:$I,MATCH($O102,'CPU - PROJETO'!$B:$B,0)),INDEX('CPU - PROJETO'!$H:$H,MATCH($O102,'CPU - PROJETO'!$B:$B,0))))","v":26.59},1160.8928100000001,"1.7.4.3 7356"]
["COMPOSICAO",88310,"PINTOR COM ENCARGOS COMPLEMENTARES","H",0.187,"",null,null,{"$f":"INDEX('SINAPI - SINTÉTICO'!K:K,MATCH(B103,'SINAPI - SINTÉTICO'!G:G,0))","v":26.6},4.97,null,{"$f":"IF(OR(A103=\"INSUMO\",A103=\"COMPOSICAO\"),\"\",IFERROR(INDEX(ORÇAMENTO!A:A,MATCH(B103,ORÇAMENTO!C:C,0)),\"\"))","v":""},"1.7.4.3","COMPOSICAO",88310,"PINTOR COM ENCARGOS COMPLEMENTARES",0.187,"H",{"$f":"INDEX(ORÇAMENTO!G:G,MATCH(M103,ORÇAMENTO!A:A,0))","v":132.30000000000001},24.740100000000002,{"$f":"IF(L103<>\"\",\"\",IF(INDEX('CPU - PROJETO'!$H:$H,MATCH($O103,'CPU - PROJETO'!$B:$B,0))=0,INDEX('CPU - PROJETO'!$I:$I,MATCH($O103,'CPU - PROJETO'!$B:$B,0)),INDEX('CPU - PROJETO'!$H:$H,MATCH($O103,'CPU - PROJETO'!$B:$B,0))))","v":26.6},658.08666000000005,"1.7.4.3 88310"]
["COMPOSICAO",88316,"SERVENTE COM ENCARGOS COMPLEMENTARES","H",6.9000000000000006E-2,"",null,null,{"$f":"INDEX('SINAPI - SINTÉTICO'!K:K,MATCH(B104,'SINAPI - SINTÉTICO'!G:G,0))","v":20.420000000000002},1.4,null,{"$f":"IF(OR(A104=\"INSUMO\",A104=\"COMPOSICAO\"),\"\",IFERROR(INDEX(ORÇAMENTO!A:A,MATCH(B104,ORÇAMENTO!C:C,0)),\"\"))","v":""},"1.7.4.3","COMPOSICAO",88316,"SERVENTE COM ENCARGOS COMPLEMENTARES",6.9000000000000006E-2,"H",{"$f":"INDEX(ORÇAMENTO!G:G,MATCH(M104,ORÇAMENTO!A:A,0))","v":132.30000000000001},9.128700000000002,{"$f":"IF(L104<>\"\",\"\",IF(INDEX('CPU - PROJETO'!$H:$H,MATCH($O104,'CPU - PROJETO'!$B:$B,0))=0,INDEX('CPU - PROJETO'!$I:$I,MATCH($O104,'CPU - PROJETO'!$B:$B,0)),INDEX('CPU - PROJETO'!$H:$H,MATCH($O104,'CPU - PROJETO'!$B:$B,0))))","v":20.420000000000002},{"$f":"IF(L104<>\"\",IF(I104=0,J104,I104)*S104,T104*U104)","v":186.40805400000005},"1.7.4.3 88316"]
["01.PINT.ACRI.010/01",96135,"APLICAÇÃO MANUAL DE MASSA ACRÍLICA EM PAREDES EXTERNAS DE CASAS, DUAS DEMÃOS. AF_05/2017","M2",null,"Pintura Externa",null,null,{"$f":"INDEX('SINAPI - SINTÉTICO'!K:K,MATCH(B105,'SINAPI - SINTÉTICO'!G:G,0))","v":24.74},{"$f":"SUM(J106:J109)","v":24.740000000000002},null,{"$f":"IF(OR(A105=\"INSUMO\",A105=\"COMPOSICAO\"),\"\",IFERROR(INDEX(ORÇAMENTO!A:A,MATCH(B105,ORÇAMENTO!C:C,0)),\"\"))","v":"1.7.4.4"},"1.7.4.4","01.PINT.ACRI.010/01",96135,"APLICAÇÃO MANUAL DE MASSA ACRÍLICA EM PAREDES EXTERNAS DE CASAS, DUAS DEMÃOS. AF_05/2017","","M2",{"$f":"INDEX(ORÇAMENTO!G:G,MATCH(M105,ORÇAMENTO!A:A,0))","v":193.08},"",{"$f":"IF(L105<>\"\",\"\",IF(INDEX('CPU - PROJETO'!$H:$H,MATCH($O105,'CPU - PROJETO'!$B:$B,0))=0,INDEX('CPU - PROJETO'!$I:$I,MATCH($O105,'CPU - PROJETO'!$B:$B,0)),INDEX('CPU - PROJETO'!$H:$H,MATCH($O105,'CPU - PROJETO'!$B:$B,0))))","v":""},4776.7992000000004,{"$f":"SUM(V106:V109)-V105","v":5.3022857280002427}]
["INSUMO",3767,"LIXA EM FOLHA PARA PAREDE OU MADEIRA, NUMERO 120 (COR VERMELHA)","UN",0.1,"",null,{"$f":"INDEX('SINAPI - INSUMO'!E:E,MATCH(B106,'SINAPI - INSUMO'!A:A,0))","v":0.79},null,7.0000000000000007E-2,null,{"$f":"IF(OR(A106=\"INSUMO\",A106=\"COMPOSICAO\"),\"\",IFERROR(INDEX(ORÇAMENTO!A:A,MATCH(B106,ORÇAMENTO!C:C,0)),\"\"))","v":""},"1.7.4.4","INSUMO",3767,"LIXA EM FOLHA PARA PAREDE OU MADEIRA, NUMERO 120 (COR VERMELHA)",0.1,"UN",{"$f":"INDEX(ORÇAMENTO!G:G,MATCH(M106,ORÇAMENTO!A:A,0))","v":193.08},19.308000000000003,{"$f":"IF(L106<>\"\",\"\",IF(INDEX('CPU - PROJETO'!$H:$H,MATCH($O106,'CPU - PROJETO'!$B:$B,0))=0,INDEX('CPU - PROJETO'!$I:$I,MATCH($O106,'CPU - PROJETO'!$B:$B,0)),INDEX('CPU - PROJETO'!$H:$H,MATCH($O106,'CPU - PROJETO'!$B:$B,0))))","v":0.79},15.253320000000004,"1.7.4.4 3767"]
["INSUMO",43651,"MASSA ACRILICA PARA SUPERFICIES INTERNAS E EXTERNAS","KG",1.5518400000000001,"",null,{"$f":"INDEX('SINAPI - INSUMO'!E:E,MATCH(B107,'SINAPI - INSUMO'!A:A,0))","v":4.24},null,6.57,null,{"$f":"IF(OR(A107=\"INSUMO\",A107=\"COMPOSICAO\"),\"\",IFERROR(INDEX(ORÇAMENTO!A:A,MATCH(B107,ORÇAMENTO!C:C,0)),\"\"))","v":""},"1.7.4.4","INSUMO",43651,"MASSA ACRILICA PARA SUPERFICIES INTERNAS E EXTERNAS",1.5518400000000001,"KG",{"$f":"INDEX(ORÇAMENTO!G:G,MATCH(M107,ORÇAMENTO!A:A,0))","v":193.08},299.62926720000002,{"$f":"IF(L107<>\"\",\"\",IF(INDEX('CPU - PROJETO'!$H:$H,MATCH($O107,'CPU - PROJETO'!$B:$B,0))=0,INDEX('CPU - PROJETO'!$I:$I,MATCH($O107,'CPU - PROJETO'!$B:$B,0)),INDEX('CPU - PROJETO'!$H:$H,MATCH($O107,'CPU - PROJETO'!$B:$B,0))))","v":4.24},1270.4280929280001,"1.7.4.4 43651"]
["COMPOSICAO",88310,"PINTOR COM ENCARGOS COMPLEMENTARES","H",0.57099999999999995,"",null,null,{"$f":"INDEX('SINAPI - SINTÉTICO'!K:K,MATCH(B108,'SINAPI - SINTÉTICO'!G:G,0))","v":26.6},15.18,null,{"$f":"IF(OR(A108=\"INSUMO\",A108=\"COMPOSICAO\"),\"\",IFERROR(INDEX(ORÇAMENTO!A:A,MATCH(B108,ORÇAMENTO!C:C,0)),\"\"))","v":""},"1.7.4.4","COMPOSICAO",88310,"PINTOR COM ENCARGOS COMPLEMENTARES",0.57099999999999995,"H",{"$f":"INDEX(ORÇAMENTO!G:G,MATCH(M108,ORÇAMENTO!A:A,0))","v":193.08},110.24867999999999,{"$f":"IF(L108<>\"\",\"\",IF(INDEX('CPU - PROJETO'!$H:$H,MATCH($O108,'CPU - PROJETO'!$B:$B,0))=0,INDEX('CPU - PROJETO'!$I:$I,MATCH($O108,'CPU - PROJETO'!$B:$B,0)),INDEX('CPU - PROJETO'!$H:$H,MATCH($O108,'CPU - PROJETO'!$B:$B,0))))","v":26.6},2932.6148880000001,"1.7.4.4 88310"]
["COMPOSICAO",88316,"SERVENTE COM ENCARGOS COMPLEMENTARES","H",0.14299999999999999,"",null,null,{"$f":"INDEX('SINAPI - SINTÉTICO'!K:K,MATCH(B109,'SINAPI - SINTÉTICO'!G:G,0))","v":20.420000000000002},2.92,null,{"$f":"IF(OR(A109=\"INSUMO\",A109=\"COMPOSICAO\"),\"\",IFERROR(INDEX(ORÇAMENTO!A:A,MATCH(B109,ORÇAMENTO!C:C,0)),\"\"))","v":""},"1.7.4.4","COMPOSICAO",88316,"SERVENTE COM ENCARGOS COMPLEMENTARES",0.14299999999999999,"H",{"$f":"INDEX(ORÇAMENTO!G:G,MATCH(M109,ORÇAMENTO!A:A,0))","v":193.08},27.610440000000001,{"$f":"IF(L109<>\"\",\"\",IF(INDEX('CPU - PROJETO'!$H:$H,MATCH($O109,'CPU - PROJETO'!$B:$B,0))=0,INDEX('CPU - PROJETO'!$I:$I,MATCH($O109,'CPU - PROJETO'!$B:$B,0)),INDEX('CPU - PROJETO'!$H:$H,MATCH($O109,'CPU - PROJETO'!$B:$B,0))))","v":20.420000000000002},563.80518480000001,"1.7.4.4 88316"]
["01.PINT.TINT.005/01",95626,"APLICAÇÃO MANUAL DE TINTA LÁTEX ACRÍLICA EM PAREDE EXTERNAS DE CASAS, DUAS DEMÃOS. AF_11/2016","M2",null,"Pintura Externa",null,null,{"$f":"INDEX('SINAPI - SINTÉTICO'!K:K,MATCH(B110,'SINAPI - SINTÉTICO'!G:G,0))","v":16.21},{"$f":"SUM(J111:J113)","v":16.21},null,{"$f":"IF(OR(A110=\"INSUMO\",A110=\"COMPOSICAO\"),\"\",IFERROR(INDEX(ORÇAMENTO!A:A,MATCH(B110,ORÇAMENTO!C:C,0)),\"\"))","v":"1.7.4.5"},"1.7.4.5","01.PINT.TINT.005/01",95626,"APLICAÇÃO MANUAL DE TINTA LÁTEX ACRÍLICA EM PAREDE EXTERNAS DE CASAS, DUAS DEMÃOS. AF_11/2016","","M2",{"$f":"INDEX(ORÇAMENTO!G:G,MATCH(M110,ORÇAMENTO!A:A,0))","v":193.08},"",{"$f":"IF(L110<>\"\",\"\",IF(INDEX('CPU - PROJETO'!$H:$H,MATCH($O110,'CPU - PROJETO'!$B:$B,0))=0,INDEX('CPU - PROJETO'!$I:$I,MATCH($O110,'CPU - PROJETO'!$B:$B,0)),INDEX('CPU - PROJETO'!$H:$H,MATCH($O110,'CPU - PROJETO'!$B:$B,0))))","v":""},3129.8268000000003,{"$f":"SUM(V111:V113)-V110","v":2.8035216000002947}]
["INSUMO",7356,"TINTA ACRILICA PREMIUM, COR BRANCO FOSCO","L",0.2,"",null,{"$f":"INDEX('SINAPI - INSUMO'!E:E,MATCH(B111,'SINAPI - INSUMO'!A:A,0))","v":26.59},null,5.31,null,{"$f":"IF(OR(A111=\"INSUMO\",A111=\"COMPOSICAO\"),\"\",IFERROR(INDEX(ORÇAMENTO!A:A,MATCH(B111,ORÇAMENTO!C:C,0)),\"\"))","v":""},"1.7.4.5","INSUMO",7356,"TINTA ACRILICA PREMIUM, COR BRANCO FOSCO",0.2,"L",{"$f":"INDEX(ORÇAMENTO!G:G,MATCH(M111,ORÇAMENTO!A:A,0))","v":193.08},38.616000000000007,{"$f":"IF(L111<>\"\",\"\",IF(INDEX('CPU - PROJETO'!$H:$H,MATCH($O111,'CPU - PROJETO'!$B:$B,0))=0,INDEX('CPU - PROJETO'!$I:$I,MATCH($O111,'CPU - PROJETO'!$B:$B,0)),INDEX('CPU - PROJETO'!$H:$H,MATCH($O111,'CPU - PROJETO'!$B:$B,0))))","v":26.59},1026.7994400000002,"1.7.4.5 7356"]
["COMPOSICAO",88310,"PINTOR COM ENCARGOS COMPLEMENTARES","H",0.34399999999999997,"",null,null,{"$f":"INDEX('SINAPI - SINTÉTICO'!K:K,MATCH(B112,'SINAPI - SINTÉTICO'!G:G,0))","v":26.6},9.15,null,{"$f":"IF(OR(A112=\"INSUMO\",A112=\"COMPOSICAO\"),\"\",IFERROR(INDEX(ORÇAMENTO!A:A,MATCH(B112,ORÇAMENTO!C:C,0)),\"\"))","v":""},"1.7.4.5","COMPOSICAO",88310,"PINTOR COM ENCARGOS COMPLEMENTARES",0.34399999999999997,"H",{"$f":"INDEX(ORÇAMENTO!G:G,MATCH(M112,ORÇAMENTO!A:A,0))","v":193.08},66.419520000000006,{"$f":"IF(L112<>\"\",\"\",IF(INDEX('CPU - PROJETO'!$H:$H,MATCH($O112,'CPU - PROJETO'!$B:$B,0))=0,INDEX('CPU - PROJETO'!$I:$I,MATCH($O112,'CPU - PROJETO'!$B:$B,0)),INDEX('CPU - PROJETO'!$H:$H,MATCH($O112,'CPU - PROJETO'!$B:$B,0))))","v":26.6},1766.7592320000003,"1.7.4.5 88310"]
["COMPOSICAO",88316,"SERVENTE COM ENCARGOS COMPLEMENTARES","H",8.5999999999999993E-2,"",null,null,{"$f":"INDEX('SINAPI - SINTÉTICO'!K:K,MATCH(B113,'SINAPI - SINTÉTICO'!G:G,0))","v":20.420000000000002},1.75,null,{"$f":"IF(OR(A113=\"INSUMO\",A113=\"COMPOSICAO\"),\"\",IFERROR(INDEX(ORÇAMENTO!A:A,MATCH(B113,ORÇAMENTO!C:C,0)),\"\"))","v":""},"1.7.4.5","COMPOSICAO",88316,"SERVENTE COM ENCARGOS COMPLEMENTARES",8.5999999999999993E-2,"H",{"$f":"INDEX(ORÇAMENTO!G:G,MATCH(M113,ORÇAMENTO!A:A,0))","v":193.08},16.604880000000001,{"$f":"IF(L113<>\"\",\"\",IF(INDEX('CPU - PROJETO'!$H:$H,MATCH($O113,'CPU - PROJETO'!$B:$B,0))=0,INDEX('CPU - PROJETO'!$I:$I,MATCH($O113,'CPU - PROJETO'!$B:$B,0)),INDEX('CPU - PROJETO'!$H:$H,MATCH($O113,'CPU - PROJETO'!$B:$B,0))))","v":20.420000000000002},339.07164960000006,"1.7.4.5 88316"]
["01.PINT.PMET.011/01",100726,"PINTURA COM TINTA ALQUÍDICA DE FUNDO E ACABAMENTO (ESMALTE SINTÉTICO GRAFITE) APLICADA A ROLO OU PINCEL SOBRE SUPERFÍCIES METÁLICAS (EXCETO PERFIL) EXECUTADO EM OBRA (POR DEMÃO). AF_01/2020","M2","","Pintura sobre Superfícies Metálicas",null,null,{"$f":"INDEX('SINAPI - SINTÉTICO'!K:K,MATCH(B114,'SINAPI - SINTÉTICO'!G:G,0))","v":25.91},{"$f":"SUM(J115:J117)","v":25.91},null,{"$f":"IF(OR(A114=\"INSUMO\",A114=\"COMPOSICAO\"),\"\",IFERROR(INDEX(ORÇAMENTO!A:A,MATCH(B114,ORÇAMENTO!C:C,0)),\"\"))","v":"1.7.4.6"},"1.7.4.6","01.PINT.PMET.011/01",100726,"PINTURA COM TINTA ALQUÍDICA DE FUNDO E ACABAMENTO (ESMALTE SINTÉTICO GRAFITE) APLICADA A ROLO OU PINCEL SOBRE SUPERFÍCIES METÁLICAS (EXCETO PERFIL) EXECUTADO EM OBRA (POR DEMÃO). AF_01/2020","","M2",{"$f":"INDEX(ORÇAMENTO!G:G,MATCH(M114,ORÇAMENTO!A:A,0))","v":16},"",{"$f":"IF(L114<>\"\",\"\",IF(INDEX('CPU - PROJETO'!$H:$H,MATCH($O114,'CPU - PROJETO'!$B:$B,0))=0,INDEX('CPU - PROJETO'!$I:$I,MATCH($O114,'CPU - PROJETO'!$B:$B,0)),INDEX('CPU - PROJETO'!$H:$H,MATCH($O114,'CPU - PROJETO'!$B:$B,0))))","v":""},414.56,{"$f":"SUM(V115:V117)-V114","v":0.19500799999997298}]
["INSUMO",5318,"SOLVENTE DILUENTE A BASE DE AGUARRAS","L",1.78E-2,"",null,{"$f":"INDEX('SINAPI - INSUMO'!E:E,MATCH(B115,'SINAPI - INSUMO'!A:A,0))","v":26.4},null,0.46,null,{"$f":"IF(OR(A115=\"INSUMO\",A115=\"COMPOSICAO\"),\"\",IFERROR(INDEX(ORÇAMENTO!A:A,MATCH(B115,ORÇAMENTO!C:C,0)),\"\"))","v":""},"1.7.4.6","INSUMO",5318,"SOLVENTE DILUENTE A BASE DE AGUARRAS",1.78E-2,"L",{"$f":"INDEX(ORÇAMENTO!G:G,MATCH(M115,ORÇAMENTO!A:A,0))","v":16},0.2848,{"$f":"IF(L115<>\"\",\"\",IF(INDEX('CPU - PROJETO'!$H:$H,MATCH($O115,'CPU - PROJETO'!$B:$B,0))=0,INDEX('CPU - PROJETO'!$I:$I,MATCH($O115,'CPU - PROJETO'!$B:$B,0)),INDEX('CPU - PROJETO'!$H:$H,MATCH($O115,'CPU - PROJETO'!$B:$B,0))))","v":26.4},7.5187199999999992,"1.7.4.6 5318"]
["INSUMO",7293,"TINTA ESMALTE SINTETICO PREMIUM DE DUPLA ACAO GRAFITE FOSCO PARA SUPERFICIES METALICAS FERROSAS","L",0.17760000000000001,"",null,{"$f":"INDEX('SINAPI - INSUMO'!E:E,MATCH(B116,'SINAPI - INSUMO'!A:A,0))","v":41.78},null,7.42,null,{"$f":"IF(OR(A116=\"INSUMO\",A116=\"COMPOSICAO\"),\"\",IFERROR(INDEX(ORÇAMENTO!A:A,MATCH(B116,ORÇAMENTO!C:C,0)),\"\"))","v":""},"1.7.4.6","INSUMO",7293,"TINTA ESMALTE SINTETICO PREMIUM DE DUPLA ACAO GRAFITE FOSCO PARA SUPERFICIES METALICAS FERROSAS",0.17760000000000001,"L",{"$f":"INDEX(ORÇAMENTO!G:G,MATCH(M116,ORÇAMENTO!A:A,0))","v":16},2.8416000000000001,{"$f":"IF(L116<>\"\",\"\",IF(INDEX('CPU - PROJETO'!$H:$H,MATCH($O116,'CPU - PROJETO'!$B:$B,0))=0,INDEX('CPU - PROJETO'!$I:$I,MATCH($O116,'CPU - PROJETO'!$B:$B,0)),INDEX('CPU - PROJETO'!$H:$H,MATCH($O116,'CPU - PROJETO'!$B:$B,0))))","v":41.78},118.72204800000002,"1.7.4.6 7293"]
["COMPOSICAO",88310,"PINTOR COM ENCARGOS COMPLEMENTARES","H",0.67789999999999995,"",null,null,{"$f":"INDEX('SINAPI - SINTÉTICO'!K:K,MATCH(B117,'SINAPI - SINTÉTICO'!G:G,0))","v":26.6},18.03,null,{"$f":"IF(OR(A117=\"INSUMO\",A117=\"COMPOSICAO\"),\"\",IFERROR(INDEX(ORÇAMENTO!A:A,MATCH(B117,ORÇAMENTO!C:C,0)),\"\"))","v":""},"1.7.4.6","COMPOSICAO",88310,"PINTOR COM ENCARGOS COMPLEMENTARES",0.67789999999999995,"H",{"$f":"INDEX(ORÇAMENTO!G:G,MATCH(M117,ORÇAMENTO!A:A,0))","v":16},10.846399999999999,{"$f":"IF(L117<>\"\",\"\",IF(INDEX('CPU - PROJETO'!$H:$H,MATCH($O117,'CPU - PROJETO'!$B:$B,0))=0,INDEX('CPU - PROJETO'!$I:$I,MATCH($O117,'CPU - PROJETO'!$B:$B,0)),INDEX('CPU - PROJETO'!$H:$H,MATCH($O117,'CPU - PROJETO'!$B:$B,0))))","v":26.6},288.51423999999997,"1.7.4.6 88310"]
["01.SERP.DERE.014/01",97632,"DEMOLIÇÃO DE RODAPÉ CERÂMICO, DE FORMA MANUAL, SEM REAPROVEITAMENTO. AF_12/2017","M","","Demolições e Remoções",null,null,{"$f":"INDEX('SINAPI - SINTÉTICO'!K:K,MATCH(B118,'SINAPI - SINTÉTICO'!G:G,0))","v":2.41},{"$f":"SUM(J119:J120)","v":2.41},null,{"$f":"IF(OR(A118=\"INSUMO\",A118=\"COMPOSICAO\"),\"\",IFERROR(INDEX(ORÇAMENTO!A:A,MATCH(B118,ORÇAMENTO!C:C,0)),\"\"))","v":"1.7.11.2"},"1.7.11.2","01.SERP.DERE.014/01",97632,"DEMOLIÇÃO DE RODAPÉ CERÂMICO, DE FORMA MANUAL, SEM REAPROVEITAMENTO. AF_12/2017","","M",{"$f":"INDEX(ORÇAMENTO!G:G,MATCH(M118,ORÇAMENTO!A:A,0))","v":18.100000000000001},"",{"$f":"IF(L118<>\"\",\"\",IF(INDEX('CPU - PROJETO'!$H:$H,MATCH($O118,'CPU - PROJETO'!$B:$B,0))=0,INDEX('CPU - PROJETO'!$I:$I,MATCH($O118,'CPU - PROJETO'!$B:$B,0)),INDEX('CPU - PROJETO'!$H:$H,MATCH($O118,'CPU - PROJETO'!$B:$B,0))))","v":""},43.621000000000009,{"$f":"SUM(V119:V120)-V118","v":0.26199749999999966}]
["COMPOSICAO",88256,"AZULEJISTA OU LADRILHISTA COM ENCARGOS COMPLEMENTARES","H",2.93E-2,"",null,null,{"$f":"INDEX('SINAPI - SINTÉTICO'!K:K,MATCH(B119,'SINAPI - SINTÉTICO'!G:G,0))","v":25.25},0.73,null,{"$f":"IF(OR(A119=\"INSUMO\",A119=\"COMPOSICAO\"),\"\",IFERROR(INDEX(ORÇAMENTO!A:A,MATCH(B119,ORÇAMENTO!C:C,0)),\"\"))","v":""},"1.7.11.2","COMPOSICAO",88256,"AZULEJISTA OU LADRILHISTA COM ENCARGOS COMPLEMENTARES",2.93E-2,"H",{"$f":"INDEX(ORÇAMENTO!G:G,MATCH(M119,ORÇAMENTO!A:A,0))","v":18.100000000000001},0.53033000000000008,{"$f":"IF(L119<>\"\",\"\",IF(INDEX('CPU - PROJETO'!$H:$H,MATCH($O119,'CPU - PROJETO'!$B:$B,0))=0,INDEX('CPU - PROJETO'!$I:$I,MATCH($O119,'CPU - PROJETO'!$B:$B,0)),INDEX('CPU - PROJETO'!$H:$H,MATCH($O119,'CPU - PROJETO'!$B:$B,0))))","v":25.25},13.390832500000002]
["COMPOSICAO",88316,"SERVENTE COM ENCARGOS COMPLEMENTARES","H",8.2500000000000004E-2,"",null,null,{"$f":"INDEX('SINAPI - SINTÉTICO'!K:K,MATCH(B120,'SINAPI - SINTÉTICO'!G:G,0))","v":20.420000000000002},1.68,null,{"$f":"IF(OR(A120=\"INSUMO\",A120=\"COMPOSICAO\"),\"\",IFERROR(INDEX(ORÇAMENTO!A:A,MATCH(B120,ORÇAMENTO!C:C,0)),\"\"))","v":""},"1.7.11.2","COMPOSICAO",88316,"SERVENTE COM ENCARGOS COMPLEMENTARES",8.2500000000000004E-2,"H",{"$f":"INDEX(ORÇAMENTO!G:G,MATCH(M120,ORÇAMENTO!A:A,0))","v":18.100000000000001},1.4932500000000002,{"$f":"IF(L120<>\"\",\"\",IF(INDEX('CPU - PROJETO'!$H:$H,MATCH($O120,'CPU - PROJETO'!$B:$B,0))=0,INDEX('CPU - PROJETO'!$I:$I,MATCH($O120,'CPU - PROJETO'!$B:$B,0)),INDEX('CPU - PROJETO'!$H:$H,MATCH($O120,'CPU - PROJETO'!$B:$B,0))))","v":20.420000000000002},30.492165000000007]
["01.REVE.RODA.001/01",88648,"RODAPÉ CERÂMICO DE 7CM DE ALTURA COM PLACAS TIPO ESMALTADA EXTRA  DE DIMENSÕES 35X35CM. AF_06/2014","M","","Revestimento Cerâmico Interno",null,null,{"$f":"INDEX('SINAPI - SINTÉTICO'!K:K,MATCH(B121,'SINAPI - SINTÉTICO'!G:G,0))","v":7.59},{"$f":"SUM(J122:J126)","v":7.59},null,{"$f":"IF(OR(A121=\"INSUMO\",A121=\"COMPOSICAO\"),\"\",IFERROR(INDEX(ORÇAMENTO!A:A,MATCH(B121,ORÇAMENTO!C:C,0)),\"\"))","v":"1.7.1.3"},"1.7.1.3","01.REVE.RODA.001/01",88648,"RODAPÉ CERÂMICO DE 7CM DE ALTURA COM PLACAS TIPO ESMALTADA EXTRA  DE DIMENSÕES 35X35CM. AF_06/2014","","M",{"$f":"INDEX(ORÇAMENTO!G:G,MATCH(M121,ORÇAMENTO!A:A,0))","v":19.36},"",{"$f":"IF(L121<>\"\",\"\",IF(INDEX('CPU - PROJETO'!$H:$H,MATCH($O121,'CPU - PROJETO'!$B:$B,0))=0,INDEX('CPU - PROJETO'!$I:$I,MATCH($O121,'CPU - PROJETO'!$B:$B,0)),INDEX('CPU - PROJETO'!$H:$H,MATCH($O121,'CPU - PROJETO'!$B:$B,0))))","v":""},146.94239999999999,{"$f":"SUM(V122:V126)-V121","v":0.51342719999999531}]
["INSUMO",1287,"PISO EM CERAMICA ESMALTADA EXTRA, PEI MAIOR OU IGUAL A 4, FORMATO MENOR OU IGUAL A 2025 CM2","M2",0.123,"",null,{"$f":"INDEX('SINAPI - INSUMO'!E:E,MATCH(B122,'SINAPI - INSUMO'!A:A,0))","v":33.9},null,4.16,null,{"$f":"IF(OR(A122=\"INSUMO\",A122=\"COMPOSICAO\"),\"\",IFERROR(INDEX(ORÇAMENTO!A:A,MATCH(B122,ORÇAMENTO!C:C,0)),\"\"))","v":""},"1.7.1.3","INSUMO",1287,"PISO EM CERAMICA ESMALTADA EXTRA, PEI MAIOR OU IGUAL A 4, FORMATO MENOR OU IGUAL A 2025 CM2",0.123,"M2",{"$f":"INDEX(ORÇAMENTO!G:G,MATCH(M122,ORÇAMENTO!A:A,0))","v":19.36},2.3812799999999998,{"$f":"IF(L122<>\"\",\"\",IF(INDEX('CPU - PROJETO'!$H:$H,MATCH($O122,'CPU - PROJETO'!$B:$B,0))=0,INDEX('CPU - PROJETO'!$I:$I,MATCH($O122,'CPU - PROJETO'!$B:$B,0)),INDEX('CPU - PROJETO'!$H:$H,MATCH($O122,'CPU - PROJETO'!$B:$B,0))))","v":33.9},80.725391999999985,{"$f":"CONCATENATE(M122,\" \",O122)","v":"1.7.1.3 1287"}]
["INSUMO",1381,"ARGAMASSA COLANTE AC I PARA CERAMICAS","KG",0.60299999999999998,"",null,{"$f":"INDEX('SINAPI - INSUMO'!E:E,MATCH(B123,'SINAPI - INSUMO'!A:A,0))","v":0.95},null,0.56999999999999995,null,{"$f":"IF(OR(A123=\"INSUMO\",A123=\"COMPOSICAO\"),\"\",IFERROR(INDEX(ORÇAMENTO!A:A,MATCH(B123,ORÇAMENTO!C:C,0)),\"\"))","v":""},"1.7.1.3","INSUMO",1381,"ARGAMASSA COLANTE AC I PARA CERAMICAS",0.60299999999999998,"KG",{"$f":"INDEX(ORÇAMENTO!G:G,MATCH(M123,ORÇAMENTO!A:A,0))","v":19.36},11.67408,{"$f":"IF(L123<>\"\",\"\",IF(INDEX('CPU - PROJETO'!$H:$H,MATCH($O123,'CPU - PROJETO'!$B:$B,0))=0,INDEX('CPU - PROJETO'!$I:$I,MATCH($O123,'CPU - PROJETO'!$B:$B,0)),INDEX('CPU - PROJETO'!$H:$H,MATCH($O123,'CPU - PROJETO'!$B:$B,0))))","v":0.95},11.090375999999999,"1.7.1.3 1381"]
["INSUMO",34357,"REJUNTE CIMENTICIO, QUALQUER COR","KG",8.5000000000000006E-2,"",null,{"$f":"INDEX('SINAPI - INSUMO'!E:E,MATCH(B124,'SINAPI - INSUMO'!A:A,0))","v":5.57},null,0.47,null,{"$f":"IF(OR(A124=\"INSUMO\",A124=\"COMPOSICAO\"),\"\",IFERROR(INDEX(ORÇAMENTO!A:A,MATCH(B124,ORÇAMENTO!C:C,0)),\"\"))","v":""},"1.7.1.3","INSUMO",34357,"REJUNTE CIMENTICIO, QUALQUER COR",8.5000000000000006E-2,"KG",{"$f":"INDEX(ORÇAMENTO!G:G,MATCH(M124,ORÇAMENTO!A:A,0))","v":19.36},1.6456000000000002,{"$f":"IF(L124<>\"\",\"\",IF(INDEX('CPU - PROJETO'!$H:$H,MATCH($O124,'CPU - PROJETO'!$B:$B,0))=0,INDEX('CPU - PROJETO'!$I:$I,MATCH($O124,'CPU - PROJETO'!$B:$B,0)),INDEX('CPU - PROJETO'!$H:$H,MATCH($O124,'CPU - PROJETO'!$B:$B,0))))","v":5.57},9.165992000000001,"1.7.1.3 34357"]
["COMPOSICAO",88256,"AZULEJISTA OU LADRILHISTA COM ENCARGOS COMPLEMENTARES","H",7.0000000000000007E-2,"",null,null,{"$f":"INDEX('SINAPI - SINTÉTICO'!K:K,MATCH(B125,'SINAPI - SINTÉTICO'!G:G,0))","v":25.25},1.76,null,{"$f":"IF(OR(A125=\"INSUMO\",A125=\"COMPOSICAO\"),\"\",IFERROR(INDEX(ORÇAMENTO!A:A,MATCH(B125,ORÇAMENTO!C:C,0)),\"\"))","v":""},"1.7.1.3","COMPOSICAO",88256,"AZULEJISTA OU LADRILHISTA COM ENCARGOS COMPLEMENTARES",7.0000000000000007E-2,"H",{"$f":"INDEX(ORÇAMENTO!G:G,MATCH(M125,ORÇAMENTO!A:A,0))","v":19.36},1.3552000000000002,{"$f":"IF(L125<>\"\",\"\",IF(INDEX('CPU - PROJETO'!$H:$H,MATCH($O125,'CPU - PROJETO'!$B:$B,0))=0,INDEX('CPU - PROJETO'!$I:$I,MATCH($O125,'CPU - PROJETO'!$B:$B,0)),INDEX('CPU - PROJETO'!$H:$H,MATCH($O125,'CPU - PROJETO'!$B:$B,0))))","v":25.25},34.218800000000002,"1.7.1.3 88256"]
["COMPOSICAO",88316,"SERVENTE COM ENCARGOS COMPLEMENTARES","H",3.1E-2,"",null,null,{"$f":"INDEX('SINAPI - SINTÉTICO'!K:K,MATCH(B126,'SINAPI - SINTÉTICO'!G:G,0))","v":20.420000000000002},0.63,null,{"$f":"IF(OR(A126=\"INSUMO\",A126=\"COMPOSICAO\"),\"\",IFERROR(INDEX(ORÇAMENTO!A:A,MATCH(B126,ORÇAMENTO!C:C,0)),\"\"))","v":""},"1.7.1.3","COMPOSICAO",88316,"SERVENTE COM ENCARGOS COMPLEMENTARES",3.1E-2,"H",{"$f":"INDEX(ORÇAMENTO!G:G,MATCH(M126,ORÇAMENTO!A:A,0))","v":19.36},0.60016000000000003,{"$f":"IF(L126<>\"\",\"\",IF(INDEX('CPU - PROJETO'!$H:$H,MATCH($O126,'CPU - PROJETO'!$B:$B,0))=0,INDEX('CPU - PROJETO'!$I:$I,MATCH($O126,'CPU - PROJETO'!$B:$B,0)),INDEX('CPU - PROJETO'!$H:$H,MATCH($O126,'CPU - PROJETO'!$B:$B,0))))","v":20.420000000000002},12.255267200000002,"1.7.1.3 88316"]
["01.SERP.DERE.012/01",97633,"DEMOLIÇÃO DE REVESTIMENTO CERÂMICO, DE FORMA MANUAL, SEM REAPROVEITAMENTO. AF_12/2017","M2","","Demolições e Remoções",null,null,{"$f":"INDEX('SINAPI - SINTÉTICO'!K:K,MATCH(B127,'SINAPI - SINTÉTICO'!G:G,0))","v":21.13},{"$f":"SUM(J128:J129)","v":21.13},null,{"$f":"IF(OR(A127=\"INSUMO\",A127=\"COMPOSICAO\"),\"\",IFERROR(INDEX(ORÇAMENTO!A:A,MATCH(B127,ORÇAMENTO!C:C,0)),\"\"))","v":"1.7.11.1"},"1.7.11.1","01.SERP.DERE.012/01",97633,"DEMOLIÇÃO DE REVESTIMENTO CERÂMICO, DE FORMA MANUAL, SEM REAPROVEITAMENTO. AF_12/2017","","M2",{"$f":"INDEX(ORÇAMENTO!G:G,MATCH(M127,ORÇAMENTO!A:A,0))","v":31},"",{"$f":"IF(L127<>\"\",\"\",IF(INDEX('CPU - PROJETO'!$H:$H,MATCH($O127,'CPU - PROJETO'!$B:$B,0))=0,INDEX('CPU - PROJETO'!$I:$I,MATCH($O127,'CPU - PROJETO'!$B:$B,0)),INDEX('CPU - PROJETO'!$H:$H,MATCH($O127,'CPU - PROJETO'!$B:$B,0))))","v":""},655.03,{"$f":"SUM(V128:V129)-V127","v":0.26396500000009837}]
["COMPOSICAO",88256,"AZULEJISTA OU LADRILHISTA COM ENCARGOS COMPLEMENTARES","H",0.25530000000000003,"",null,null,{"$f":"INDEX('SINAPI - SINTÉTICO'!K:K,MATCH(B128,'SINAPI - SINTÉTICO'!G:G,0))","v":25.25},6.44,null,{"$f":"IF(OR(A128=\"INSUMO\",A128=\"COMPOSICAO\"),\"\",IFERROR(INDEX(ORÇAMENTO!A:A,MATCH(B128,ORÇAMENTO!C:C,0)),\"\"))","v":""},"1.7.11.1","COMPOSICAO",88256,"AZULEJISTA OU LADRILHISTA COM ENCARGOS COMPLEMENTARES",0.25530000000000003,"H",{"$f":"INDEX(ORÇAMENTO!G:G,MATCH(M128,ORÇAMENTO!A:A,0))","v":31},7.9143000000000008,{"$f":"IF(L128<>\"\",\"\",IF(INDEX('CPU - PROJETO'!$H:$H,MATCH($O128,'CPU - PROJETO'!$B:$B,0))=0,INDEX('CPU - PROJETO'!$I:$I,MATCH($O128,'CPU - PROJETO'!$B:$B,0)),INDEX('CPU - PROJETO'!$H:$H,MATCH($O128,'CPU - PROJETO'!$B:$B,0))))","v":25.25},199.83607500000002]
["COMPOSICAO",88316,"SERVENTE COM ENCARGOS COMPLEMENTARES","H",0.71950000000000003,"",null,null,{"$f":"INDEX('SINAPI - SINTÉTICO'!K:K,MATCH(B129,'SINAPI - SINTÉTICO'!G:G,0))","v":20.420000000000002},14.69,null,{"$f":"IF(OR(A129=\"INSUMO\",A129=\"COMPOSICAO\"),\"\",IFERROR(INDEX(ORÇAMENTO!A:A,MATCH(B129,ORÇAMENTO!C:C,0)),\"\"))","v":""},"1.7.11.1","COMPOSICAO",88316,"SERVENTE COM ENCARGOS COMPLEMENTARES",0.71950000000000003,"H",{"$f":"INDEX(ORÇAMENTO!G:G,MATCH(M129,ORÇAMENTO!A:A,0))","v":31},22.304500000000001,{"$f":"IF(L129<>\"\",\"\",IF(INDEX('CPU - PROJETO'!$H:$H,MATCH($O129,'CPU - PROJETO'!$B:$B,0))=0,INDEX('CPU - PROJETO'!$I:$I,MATCH($O129,'CPU - PROJETO'!$B:$B,0)),INDEX('CPU - PROJETO'!$H:$H,MATCH($O129,'CPU - PROJETO'!$B:$B,0))))","v":20.420000000000002},455.45789000000008]
["01.PISO.RGCP.002/01",87620,"CONTRAPISO EM ARGAMASSA TRAÇO 1:4 (CIMENTO E AREIA), PREPARO MECÂNICO COM BETONEIRA 400 L, APLICADO EM ÁREAS SECAS SOBRE LAJE, ADERIDO, ESPESSURA 2CM. AF_06/2014","M2","","Contrapiso",null,null,{"$f":"INDEX('SINAPI - SINTÉTICO'!K:K,MATCH(B130,'SINAPI - SINTÉTICO'!G:G,0))","v":31.08},{"$f":"SUM(J131:J135)","v":31.08},null,{"$f":"IF(OR(A130=\"INSUMO\",A130=\"COMPOSICAO\"),\"\",IFERROR(INDEX(ORÇAMENTO!A:A,MATCH(B130,ORÇAMENTO!C:C,0)),\"\"))","v":"1.7.1.1"},"1.7.1.1","01.PISO.RGCP.002/01",87620,"CONTRAPISO EM ARGAMASSA TRAÇO 1:4 (CIMENTO E AREIA), PREPARO MECÂNICO COM BETONEIRA 400 L, APLICADO EM ÁREAS SECAS SOBRE LAJE, ADERIDO, ESPESSURA 2CM. AF_06/2014","","M2",{"$f":"INDEX(ORÇAMENTO!G:G,MATCH(M130,ORÇAMENTO!A:A,0))","v":31},"",{"$f":"IF(L130<>\"\",\"\",IF(INDEX('CPU - PROJETO'!$H:$H,MATCH($O130,'CPU - PROJETO'!$B:$B,0))=0,INDEX('CPU - PROJETO'!$I:$I,MATCH($O130,'CPU - PROJETO'!$B:$B,0)),INDEX('CPU - PROJETO'!$H:$H,MATCH($O130,'CPU - PROJETO'!$B:$B,0))))","v":""},963.4799999999999,{"$f":"SUM(V131:V135)-V130","v":0.66743000000008124}]
["INSUMO",1379,"CIMENTO PORTLAND COMPOSTO CP II-32","KG",0.5,"",null,{"$f":"INDEX('SINAPI - INSUMO'!E:E,MATCH(B131,'SINAPI - INSUMO'!A:A,0))","v":0.7},null,0.35,null,{"$f":"IF(OR(A131=\"INSUMO\",A131=\"COMPOSICAO\"),\"\",IFERROR(INDEX(ORÇAMENTO!A:A,MATCH(B131,ORÇAMENTO!C:C,0)),\"\"))","v":""},"1.7.1.1","INSUMO",1379,"CIMENTO PORTLAND COMPOSTO CP II-32",0.5,"KG",{"$f":"INDEX(ORÇAMENTO!G:G,MATCH(M131,ORÇAMENTO!A:A,0))","v":31},15.5,{"$f":"IF(L131<>\"\",\"\",IF(INDEX('CPU - PROJETO'!$H:$H,MATCH($O131,'CPU - PROJETO'!$B:$B,0))=0,INDEX('CPU - PROJETO'!$I:$I,MATCH($O131,'CPU - PROJETO'!$B:$B,0)),INDEX('CPU - PROJETO'!$H:$H,MATCH($O131,'CPU - PROJETO'!$B:$B,0))))","v":0.7},10.85,{"$f":"CONCATENATE(M131,\" \",O131)","v":"1.7.1.1 1379"}]
["INSUMO",7334,"ADITIVO ADESIVO LIQUIDO PARA ARGAMASSAS DE REVESTIMENTOS CIMENTICIOS","L",0.21,"",null,{"$f":"INDEX('SINAPI - INSUMO'!E:E,MATCH(B132,'SINAPI - INSUMO'!A:A,0))","v":16.079999999999998},null,3.37,null,{"$f":"IF(OR(A132=\"INSUMO\",A132=\"COMPOSICAO\"),\"\",IFERROR(INDEX(ORÇAMENTO!A:A,MATCH(B132,ORÇAMENTO!C:C,0)),\"\"))","v":""},"1.7.1.1","INSUMO",7334,"ADITIVO ADESIVO LIQUIDO PARA ARGAMASSAS DE REVESTIMENTOS CIMENTICIOS",0.21,"L",{"$f":"INDEX(ORÇAMENTO!G:G,MATCH(M132,ORÇAMENTO!A:A,0))","v":31},6.51,{"$f":"IF(L132<>\"\",\"\",IF(INDEX('CPU - PROJETO'!$H:$H,MATCH($O132,'CPU - PROJETO'!$B:$B,0))=0,INDEX('CPU - PROJETO'!$I:$I,MATCH($O132,'CPU - PROJETO'!$B:$B,0)),INDEX('CPU - PROJETO'!$H:$H,MATCH($O132,'CPU - PROJETO'!$B:$B,0))))","v":16.079999999999998},104.68079999999999,"1.7.1.1 7334"]
["COMPOSICAO",87301,"ARGAMASSA TRAÇO 1:4 (EM VOLUME DE CIMENTO E AREIA MÉDIA ÚMIDA) PARA CONTRAPISO, PREPARO MECÂNICO COM BETONEIRA 400 L. AF_08/2019","M3",3.1E-2,"",null,null,{"$f":"INDEX('SINAPI - SINTÉTICO'!K:K,MATCH(B133,'SINAPI - SINTÉTICO'!G:G,0))","v":637.37},19.75,null,{"$f":"IF(OR(A133=\"INSUMO\",A133=\"COMPOSICAO\"),\"\",IFERROR(INDEX(ORÇAMENTO!A:A,MATCH(B133,ORÇAMENTO!C:C,0)),\"\"))","v":""},"1.7.1.1","COMPOSICAO",87301,"ARGAMASSA TRAÇO 1:4 (EM VOLUME DE CIMENTO E AREIA MÉDIA ÚMIDA) PARA CONTRAPISO, PREPARO MECÂNICO COM BETONEIRA 400 L. AF_08/2019",3.1E-2,"M3",{"$f":"INDEX(ORÇAMENTO!G:G,MATCH(M133,ORÇAMENTO!A:A,0))","v":31},0.96099999999999997,{"$f":"IF(L133<>\"\",\"\",IF(INDEX('CPU - PROJETO'!$H:$H,MATCH($O133,'CPU - PROJETO'!$B:$B,0))=0,INDEX('CPU - PROJETO'!$I:$I,MATCH($O133,'CPU - PROJETO'!$B:$B,0)),INDEX('CPU - PROJETO'!$H:$H,MATCH($O133,'CPU - PROJETO'!$B:$B,0))))","v":637.37},612.51256999999998,{"$f":"CONCATENATE(M133,\" \",O133)","v":"1.7.1.1 87301"}]
["COMPOSICAO",88309,"PEDREIRO COM ENCARGOS COMPLEMENTARES","H",0.214,"",null,null,{"$f":"INDEX('SINAPI - SINTÉTICO'!K:K,MATCH(B134,'SINAPI - SINTÉTICO'!G:G,0))","v":25.38},5.43,null,{"$f":"IF(OR(A134=\"INSUMO\",A134=\"COMPOSICAO\"),\"\",IFERROR(INDEX(ORÇAMENTO!A:A,MATCH(B134,ORÇAMENTO!C:C,0)),\"\"))","v":""},"1.7.1.1","COMPOSICAO",88309,"PEDREIRO COM ENCARGOS COMPLEMENTARES",0.214,"H",{"$f":"INDEX(ORÇAMENTO!G:G,MATCH(M134,ORÇAMENTO!A:A,0))","v":31},6.6339999999999995,{"$f":"IF(L134<>\"\",\"\",IF(INDEX('CPU - PROJETO'!$H:$H,MATCH($O134,'CPU - PROJETO'!$B:$B,0))=0,INDEX('CPU - PROJETO'!$I:$I,MATCH($O134,'CPU - PROJETO'!$B:$B,0)),INDEX('CPU - PROJETO'!$H:$H,MATCH($O134,'CPU - PROJETO'!$B:$B,0))))","v":25.38},168.37091999999998,{"$f":"CONCATENATE(M134,\" \",O134)","v":"1.7.1.1 88309"}]
["COMPOSICAO",88316,"SERVENTE COM ENCARGOS COMPLEMENTARES","H",0.107,"",null,null,{"$f":"INDEX('SINAPI - SINTÉTICO'!K:K,MATCH(B135,'SINAPI - SINTÉTICO'!G:G,0))","v":20.420000000000002},2.1800000000000002,null,{"$f":"IF(OR(A135=\"INSUMO\",A135=\"COMPOSICAO\"),\"\",IFERROR(INDEX(ORÇAMENTO!A:A,MATCH(B135,ORÇAMENTO!C:C,0)),\"\"))","v":""},"1.7.1.1",{"$f":"A135","v":"COMPOSICAO"},{"$f":"B135","v":88316},{"$f":"C135","v":"SERVENTE COM ENCARGOS COMPLEMENTARES"},0.107,{"$f":"D135","v":"H"},{"$f":"INDEX(ORÇAMENTO!G:G,MATCH(M135,ORÇAMENTO!A:A,0))","v":31},3.3169999999999997,{"$f":"IF(L135<>\"\",\"\",IF(INDEX('CPU - PROJETO'!$H:$H,MATCH($O135,'CPU - PROJETO'!$B:$B,0))=0,INDEX('CPU - PROJETO'!$I:$I,MATCH($O135,'CPU - PROJETO'!$B:$B,0)),INDEX('CPU - PROJETO'!$H:$H,MATCH($O135,'CPU - PROJETO'!$B:$B,0))))","v":20.420000000000002},67.733140000000006,"1.7.1.1 88316"]
["01.PISO.CINT.003/01",87248,"REVESTIMENTO CERÂMICO PARA PISO COM PLACAS TIPO ESMALTADA EXTRA DE DIMENSÕES 35X35 CM APLICADA EM AMBIENTES DE ÁREA MAIOR QUE 10 M2. AF_06/2014","M2",null,"Revestimento Cerâmico Interno",null,null,{"$f":"INDEX('SINAPI - SINTÉTICO'!K:K,MATCH(B136,'SINAPI - SINTÉTICO'!G:G,0))","v":50.99},{"$f":"SUM(J137:J141)","v":50.99},null,"1.7.1.2","1.7.1.2","01.PISO.CINT.003/01",87248,"REVESTIMENTO CERÂMICO PARA PISO COM PLACAS TIPO ESMALTADA EXTRA DE DIMENSÕES 35X35 CM APLICADA EM AMBIENTES DE ÁREA MAIOR QUE 10 M2. AF_06/2014",{"$f":"IF(L136<>\"\",\"\",E136)","v":""},"M2",{"$f":"INDEX(ORÇAMENTO!G:G,MATCH(M136,ORÇAMENTO!A:A,0))","v":61.25},{"$f":"IF(L136<>\"\",\"\",Q136*S136)","v":""},{"$f":"IF(L136<>\"\",\"\",IF(INDEX('CPU - PROJETO'!$H:$H,MATCH($O136,'CPU - PROJETO'!$B:$B,0))=0,INDEX('CPU - PROJETO'!$I:$I,MATCH($O136,'CPU - PROJETO'!$B:$B,0)),INDEX('CPU - PROJETO'!$H:$H,MATCH($O136,'CPU - PROJETO'!$B:$B,0))))","v":""},{"$f":"IF(L136<>\"\",IF(I136=0,J136,I136)*S136,T136*U136)","v":3123.1375000000003},{"$f":"SUM(V137:V141)-V136","v":1.2739999999994325}]
["INSUMO",1287,"PISO EM CERAMICA ESMALTADA EXTRA, PEI MAIOR OU IGUAL A 4, FORMATO MENOR OU IGUAL A 2025 CM2","M2",1.06,"",null,{"$f":"INDEX('SINAPI - INSUMO'!E:E,MATCH(B137,'SINAPI - INSUMO'!A:A,0))","v":33.9},null,35.93,null,{"$f":"IF(OR(A137=\"INSUMO\",A137=\"COMPOSICAO\"),\"\",IFERROR(INDEX(ORÇAMENTO!A:A,MATCH(B137,ORÇAMENTO!C:C,0)),\"\"))","v":""},{"$f":"IF(L137<>\"\",L137,IF(M136<>0,M136,L137))","v":"1.7.1.2"},"INSUMO",1287,"PISO EM CERAMICA ESMALTADA EXTRA, PEI MAIOR OU IGUAL A 4, FORMATO MENOR OU IGUAL A 2025 CM2",1.06,"M2",{"$f":"INDEX(ORÇAMENTO!G:G,MATCH(M137,ORÇAMENTO!A:A,0))","v":61.25},64.924999999999997,{"$f":"IF(L137<>\"\",\"\",IF(INDEX('CPU - PROJETO'!$H:$H,MATCH($O137,'CPU - PROJETO'!$B:$B,0))=0,INDEX('CPU - PROJETO'!$I:$I,MATCH($O137,'CPU - PROJETO'!$B:$B,0)),INDEX('CPU - PROJETO'!$H:$H,MATCH($O137,'CPU - PROJETO'!$B:$B,0))))","v":33.9},2200.9575,"1.7.1.2 1287"]
["INSUMO",1381,"ARGAMASSA COLANTE AC I PARA CERAMICAS","KG",4.8600000000000003,"",null,{"$f":"INDEX('SINAPI - INSUMO'!E:E,MATCH(B138,'SINAPI - INSUMO'!A:A,0))","v":0.95},null,4.6100000000000003,null,{"$f":"IF(OR(A138=\"INSUMO\",A138=\"COMPOSICAO\"),\"\",IFERROR(INDEX(ORÇAMENTO!A:A,MATCH(B138,ORÇAMENTO!C:C,0)),\"\"))","v":""},"1.7.1.2","INSUMO",1381,"ARGAMASSA COLANTE AC I PARA CERAMICAS",4.8600000000000003,"KG",{"$f":"INDEX(ORÇAMENTO!G:G,MATCH(M138,ORÇAMENTO!A:A,0))","v":61.25},297.67500000000001,{"$f":"IF(L138<>\"\",\"\",IF(INDEX('CPU - PROJETO'!$H:$H,MATCH($O138,'CPU - PROJETO'!$B:$B,0))=0,INDEX('CPU - PROJETO'!$I:$I,MATCH($O138,'CPU - PROJETO'!$B:$B,0)),INDEX('CPU - PROJETO'!$H:$H,MATCH($O138,'CPU - PROJETO'!$B:$B,0))))","v":0.95},282.79124999999999,"1.7.1.2 1381"]
["INSUMO",34357,"REJUNTE CIMENTICIO, QUALQUER COR","KG",0.24,"",null,{"$f":"INDEX('SINAPI - INSUMO'!E:E,MATCH(B139,'SINAPI - INSUMO'!A:A,0))","v":5.57},null,1.33,null,{"$f":"IF(OR(A139=\"INSUMO\",A139=\"COMPOSICAO\"),\"\",IFERROR(INDEX(ORÇAMENTO!A:A,MATCH(B139,ORÇAMENTO!C:C,0)),\"\"))","v":""},"1.7.1.2","INSUMO",34357,"REJUNTE CIMENTICIO, QUALQUER COR",0.24,"KG",{"$f":"INDEX(ORÇAMENTO!G:G,MATCH(M139,ORÇAMENTO!A:A,0))","v":61.25},14.7,{"$f":"IF(L139<>\"\",\"\",IF(INDEX('CPU - PROJETO'!$H:$H,MATCH($O139,'CPU - PROJETO'!$B:$B,0))=0,INDEX('CPU - PROJETO'!$I:$I,MATCH($O139,'CPU - PROJETO'!$B:$B,0)),INDEX('CPU - PROJETO'!$H:$H,MATCH($O139,'CPU - PROJETO'!$B:$B,0))))","v":5.57},81.879000000000005,"1.7.1.2 34357"]
["COMPOSICAO",88256,"AZULEJISTA OU LADRILHISTA COM ENCARGOS COMPLEMENTARES","H",0.24,"",null,null,{"$f":"INDEX('SINAPI - SINTÉTICO'!K:K,MATCH(B140,'SINAPI - SINTÉTICO'!G:G,0))","v":25.25},6.06,null,{"$f":"IF(OR(A140=\"INSUMO\",A140=\"COMPOSICAO\"),\"\",IFERROR(INDEX(ORÇAMENTO!A:A,MATCH(B140,ORÇAMENTO!C:C,0)),\"\"))","v":""},"1.7.1.2","COMPOSICAO",88256,"AZULEJISTA OU LADRILHISTA COM ENCARGOS COMPLEMENTARES",0.24,"H",{"$f":"INDEX(ORÇAMENTO!G:G,MATCH(M140,ORÇAMENTO!A:A,0))","v":61.25},14.7,{"$f":"IF(L140<>\"\",\"\",IF(INDEX('CPU - PROJETO'!$H:$H,MATCH($O140,'CPU - PROJETO'!$B:$B,0))=0,INDEX('CPU - PROJETO'!$I:$I,MATCH($O140,'CPU - PROJETO'!$B:$B,0)),INDEX('CPU - PROJETO'!$H:$H,MATCH($O140,'CPU - PROJETO'!$B:$B,0))))","v":25.25},371.17499999999995,"1.7.1.2 88256"]
["COMPOSICAO",88316,"SERVENTE COM ENCARGOS COMPLEMENTARES","H",0.15,"",null,null,{"$f":"INDEX('SINAPI - SINTÉTICO'!K:K,MATCH(B141,'SINAPI - SINTÉTICO'!G:G,0))","v":20.420000000000002},3.06,null,{"$f":"IF(OR(A141=\"INSUMO\",A141=\"COMPOSICAO\"),\"\",IFERROR(INDEX(ORÇAMENTO!A:A,MATCH(B141,ORÇAMENTO!C:C,0)),\"\"))","v":""},"1.7.1.2","COMPOSICAO",88316,"SERVENTE COM ENCARGOS COMPLEMENTARES",0.15,"H",{"$f":"INDEX(ORÇAMENTO!G:G,MATCH(M141,ORÇAMENTO!A:A,0))","v":61.25},9.1875,{"$f":"IF(L141<>\"\",\"\",IF(INDEX('CPU - PROJETO'!$H:$H,MATCH($O141,'CPU - PROJETO'!$B:$B,0))=0,INDEX('CPU - PROJETO'!$I:$I,MATCH($O141,'CPU - PROJETO'!$B:$B,0)),INDEX('CPU - PROJETO'!$H:$H,MATCH($O141,'CPU - PROJETO'!$B:$B,0))))","v":20.420000000000002},187.60875000000001,"1.7.1.2 88316"]
["03.PISO.PASS.026/01","CPU-94998","EXECUÇÃO DE PASSEIO (CALÇADA) OU PISO DE CONCRETO COM CONCRETO MOLDADO IN LOCO, FEITO EM OBRA, ACABAMENTO CONVENCIONAL, ESPESSURA 12 CM, ARMADO. AF_07/2016","M2","","Passeios de concreto",null,null,{"$f":"J142","v":144.43},{"$f":"SUM(J143:J150)","v":144.43},null,{"$f":"IF(OR(A142=\"INSUMO\",A142=\"COMPOSICAO\"),\"\",IFERROR(INDEX(ORÇAMENTO!A:A,MATCH(B142,ORÇAMENTO!C:C,0)),\"\"))","v":"1.7.1.4"},"1.7.1.4","03.PISO.PASS.026/01","CPU-94998","EXECUÇÃO DE PASSEIO (CALÇADA) OU PISO DE CONCRETO COM CONCRETO MOLDADO IN LOCO, FEITO EM OBRA, ACABAMENTO CONVENCIONAL, ESPESSURA 12 CM, ARMADO. AF_07/2016","","M2",{"$f":"INDEX(ORÇAMENTO!G:G,MATCH(M142,ORÇAMENTO!A:A,0))","v":6.3},"",{"$f":"IF(L142<>\"\",\"\",IF(INDEX('CPU - PROJETO'!$H:$H,MATCH($O142,'CPU - PROJETO'!$B:$B,0))=0,INDEX('CPU - PROJETO'!$I:$I,MATCH($O142,'CPU - PROJETO'!$B:$B,0)),INDEX('CPU - PROJETO'!$H:$H,MATCH($O142,'CPU - PROJETO'!$B:$B,0))))","v":""},909.90899999999999,{"$f":"SUM(V143:V150)-V142","v":0.20270249999998668}]
["INSUMO",3777,"LONA PLASTICA PESADA PRETA, E = 150 MICRA","M2",1.1279999999999999,"",null,{"$f":"INDEX('SINAPI - INSUMO'!E:E,MATCH(B143,'SINAPI - INSUMO'!A:A,0))","v":2.35},null,2.65,null,{"$f":"IF(OR(A143=\"INSUMO\",A143=\"COMPOSICAO\"),\"\",IFERROR(INDEX(ORÇAMENTO!A:A,MATCH(B143,ORÇAMENTO!C:C,0)),\"\"))","v":""},"1.7.1.4","INSUMO",3777,"LONA PLASTICA PESADA PRETA, E = 150 MICRA",1.1279999999999999,"M2",{"$f":"INDEX(ORÇAMENTO!G:G,MATCH(M143,ORÇAMENTO!A:A,0))","v":6.3},7.1063999999999989,{"$f":"IF(L143<>\"\",\"\",IF(INDEX('CPU - PROJETO'!$H:$H,MATCH($O143,'CPU - PROJETO'!$B:$B,0))=0,INDEX('CPU - PROJETO'!$I:$I,MATCH($O143,'CPU - PROJETO'!$B:$B,0)),INDEX('CPU - PROJETO'!$H:$H,MATCH($O143,'CPU - PROJETO'!$B:$B,0))))","v":2.35},16.700039999999998,"1.7.1.4 3777"]
["INSUMO",4517,"SARRAFO *2,5 X 7,5* CM EM PINUS, MISTA OU EQUIVALENTE DA REGIAO - BRUTA","M",0.2,"",null,{"$f":"INDEX('SINAPI - INSUMO'!E:E,MATCH(B144,'SINAPI - INSUMO'!A:A,0))","v":3.52},null,0.7,null,{"$f":"IF(OR(A144=\"INSUMO\",A144=\"COMPOSICAO\"),\"\",IFERROR(INDEX(ORÇAMENTO!A:A,MATCH(B144,ORÇAMENTO!C:C,0)),\"\"))","v":""},"1.7.1.4","INSUMO",4517,"SARRAFO *2,5 X 7,5* CM EM PINUS, MISTA OU EQUIVALENTE DA REGIAO - BRUTA",0.2,"M",{"$f":"INDEX(ORÇAMENTO!G:G,MATCH(M144,ORÇAMENTO!A:A,0))","v":6.3},1.26,{"$f":"IF(L144<>\"\",\"\",IF(INDEX('CPU - PROJETO'!$H:$H,MATCH($O144,'CPU - PROJETO'!$B:$B,0))=0,INDEX('CPU - PROJETO'!$I:$I,MATCH($O144,'CPU - PROJETO'!$B:$B,0)),INDEX('CPU - PROJETO'!$H:$H,MATCH($O144,'CPU - PROJETO'!$B:$B,0))))","v":3.52},4.4352,"1.7.1.4 4517"]
["INSUMO",6189,"TABUA NAO APARELHADA *2,5 X 30* CM, EM MACARANDUBA, ANGELIM OU EQUIVALENTE DA REGIAO - BRUTA","M",0.125,"",null,{"$f":"INDEX('SINAPI - INSUMO'!E:E,MATCH(B145,'SINAPI - INSUMO'!A:A,0))","v":31.97},null,3.99,null,{"$f":"IF(OR(A145=\"INSUMO\",A145=\"COMPOSICAO\"),\"\",IFERROR(INDEX(ORÇAMENTO!A:A,MATCH(B145,ORÇAMENTO!C:C,0)),\"\"))","v":""},"1.7.1.4","INSUMO",6189,"TABUA NAO APARELHADA *2,5 X 30* CM, EM MACARANDUBA, ANGELIM OU EQUIVALENTE DA REGIAO - BRUTA",0.125,"M",{"$f":"INDEX(ORÇAMENTO!G:G,MATCH(M145,ORÇAMENTO!A:A,0))","v":6.3},0.78749999999999998,{"$f":"IF(L145<>\"\",\"\",IF(INDEX('CPU - PROJETO'!$H:$H,MATCH($O145,'CPU - PROJETO'!$B:$B,0))=0,INDEX('CPU - PROJETO'!$I:$I,MATCH($O145,'CPU - PROJETO'!$B:$B,0)),INDEX('CPU - PROJETO'!$H:$H,MATCH($O145,'CPU - PROJETO'!$B:$B,0))))","v":31.97},25.176375,"1.7.1.4 6189"]
["INSUMO",7156,"TELA DE ACO SOLDADA NERVURADA, CA-60, Q-196, (3,11 KG/M2), DIAMETRO DO FIO = 5,0 MM, LARGURA = 2,45 M, ESPACAMENTO DA MALHA = 10 X 10 CM","M2",1.1224000000000001,"",null,{"$f":"INDEX('SINAPI - INSUMO'!E:E,MATCH(B146,'SINAPI - INSUMO'!A:A,0))","v":33.909999999999997},null,38.06,null,{"$f":"IF(OR(A146=\"INSUMO\",A146=\"COMPOSICAO\"),\"\",IFERROR(INDEX(ORÇAMENTO!A:A,MATCH(B146,ORÇAMENTO!C:C,0)),\"\"))","v":""},"1.7.1.4","INSUMO",7156,"TELA DE ACO SOLDADA NERVURADA, CA-60, Q-196, (3,11 KG/M2), DIAMETRO DO FIO = 5,0 MM, LARGURA = 2,45 M, ESPACAMENTO DA MALHA = 10 X 10 CM",1.1224000000000001,"M2",{"$f":"INDEX(ORÇAMENTO!G:G,MATCH(M146,ORÇAMENTO!A:A,0))","v":6.3},7.0711200000000005,{"$f":"IF(L146<>\"\",\"\",IF(INDEX('CPU - PROJETO'!$H:$H,MATCH($O146,'CPU - PROJETO'!$B:$B,0))=0,INDEX('CPU - PROJETO'!$I:$I,MATCH($O146,'CPU - PROJETO'!$B:$B,0)),INDEX('CPU - PROJETO'!$H:$H,MATCH($O146,'CPU - PROJETO'!$B:$B,0))))","v":33.909999999999997},239.78167919999999,"1.7.1.4 7156"]
["COMPOSICAO",88262,"CARPINTEIRO DE FORMAS COM ENCARGOS COMPLEMENTARES","H",0.2707,"",null,null,{"$f":"INDEX('SINAPI - SINTÉTICO'!K:K,MATCH(B147,'SINAPI - SINTÉTICO'!G:G,0))","v":25},6.76,null,{"$f":"IF(OR(A147=\"INSUMO\",A147=\"COMPOSICAO\"),\"\",IFERROR(INDEX(ORÇAMENTO!A:A,MATCH(B147,ORÇAMENTO!C:C,0)),\"\"))","v":""},"1.7.1.4","COMPOSICAO",88262,"CARPINTEIRO DE FORMAS COM ENCARGOS COMPLEMENTARES",0.2707,"H",{"$f":"INDEX(ORÇAMENTO!G:G,MATCH(M147,ORÇAMENTO!A:A,0))","v":6.3},1.7054099999999999,{"$f":"IF(L147<>\"\",\"\",IF(INDEX('CPU - PROJETO'!$H:$H,MATCH($O147,'CPU - PROJETO'!$B:$B,0))=0,INDEX('CPU - PROJETO'!$I:$I,MATCH($O147,'CPU - PROJETO'!$B:$B,0)),INDEX('CPU - PROJETO'!$H:$H,MATCH($O147,'CPU - PROJETO'!$B:$B,0))))","v":25},42.635249999999999,"1.7.1.4 88262"]
["COMPOSICAO",88309,"PEDREIRO COM ENCARGOS COMPLEMENTARES","H",0.3866,"",null,null,{"$f":"INDEX('SINAPI - SINTÉTICO'!K:K,MATCH(B148,'SINAPI - SINTÉTICO'!G:G,0))","v":25.38},9.81,null,{"$f":"IF(OR(A148=\"INSUMO\",A148=\"COMPOSICAO\"),\"\",IFERROR(INDEX(ORÇAMENTO!A:A,MATCH(B148,ORÇAMENTO!C:C,0)),\"\"))","v":""},"1.7.1.4","COMPOSICAO",88309,"PEDREIRO COM ENCARGOS COMPLEMENTARES",0.3866,"H",{"$f":"INDEX(ORÇAMENTO!G:G,MATCH(M148,ORÇAMENTO!A:A,0))","v":6.3},2.4355799999999999,{"$f":"IF(L148<>\"\",\"\",IF(INDEX('CPU - PROJETO'!$H:$H,MATCH($O148,'CPU - PROJETO'!$B:$B,0))=0,INDEX('CPU - PROJETO'!$I:$I,MATCH($O148,'CPU - PROJETO'!$B:$B,0)),INDEX('CPU - PROJETO'!$H:$H,MATCH($O148,'CPU - PROJETO'!$B:$B,0))))","v":25.38},61.815020399999995,"1.7.1.4 88309"]
["COMPOSICAO",88316,"SERVENTE COM ENCARGOS COMPLEMENTARES","H",0.65739999999999998,"",null,null,{"$f":"INDEX('SINAPI - SINTÉTICO'!K:K,MATCH(B149,'SINAPI - SINTÉTICO'!G:G,0))","v":20.420000000000002},13.42,null,{"$f":"IF(OR(A149=\"INSUMO\",A149=\"COMPOSICAO\"),\"\",IFERROR(INDEX(ORÇAMENTO!A:A,MATCH(B149,ORÇAMENTO!C:C,0)),\"\"))","v":""},"1.7.1.4","COMPOSICAO",88316,"SERVENTE COM ENCARGOS COMPLEMENTARES",0.65739999999999998,"H",{"$f":"INDEX(ORÇAMENTO!G:G,MATCH(M149,ORÇAMENTO!A:A,0))","v":6.3},4.1416199999999996,{"$f":"IF(L149<>\"\",\"\",IF(INDEX('CPU - PROJETO'!$H:$H,MATCH($O149,'CPU - PROJETO'!$B:$B,0))=0,INDEX('CPU - PROJETO'!$I:$I,MATCH($O149,'CPU - PROJETO'!$B:$B,0)),INDEX('CPU - PROJETO'!$H:$H,MATCH($O149,'CPU - PROJETO'!$B:$B,0))))","v":20.420000000000002},84.571880399999998,"1.7.1.4 88316"]
["COMPOSICAO",94964,"CONCRETO FCK = 20MPA, TRAÇO 1:2,7:3 (CIMENTO/ AREIA MÉDIA/ BRITA 1)  - PREPARO MECÂNICO COM BETONEIRA 400 L. AF_07/2016","M3",0.14549999999999999,"",null,null,{"$f":"INDEX('SINAPI - SINTÉTICO'!K:K,MATCH(B150,'SINAPI - SINTÉTICO'!G:G,0))","v":474.55},69.040000000000006,null,{"$f":"IF(OR(A150=\"INSUMO\",A150=\"COMPOSICAO\"),\"\",IFERROR(INDEX(ORÇAMENTO!A:A,MATCH(B150,ORÇAMENTO!C:C,0)),\"\"))","v":""},"1.7.1.4","COMPOSICAO",94964,"CONCRETO FCK = 20MPA, TRAÇO 1:2,7:3 (CIMENTO/ AREIA MÉDIA/ BRITA 1)  - PREPARO MECÂNICO COM BETONEIRA 400 L. AF_07/2016",0.14549999999999999,"M3",{"$f":"INDEX(ORÇAMENTO!G:G,MATCH(M150,ORÇAMENTO!A:A,0))","v":6.3},0.91664999999999996,{"$f":"IF(L150<>\"\",\"\",IF(INDEX('CPU - PROJETO'!$H:$H,MATCH($O150,'CPU - PROJETO'!$B:$B,0))=0,INDEX('CPU - PROJETO'!$I:$I,MATCH($O150,'CPU - PROJETO'!$B:$B,0)),INDEX('CPU - PROJETO'!$H:$H,MATCH($O150,'CPU - PROJETO'!$B:$B,0))))","v":474.55},434.99625750000001,{"$f":"CONCATENATE(M150,\" \",O150)","v":"1.7.1.4 94964"}]
["01.PISO.PISO.020/01",98689,"SOLEIRA EM GRANITO, LARGURA 15 CM, ESPESSURA 2,0 CM. AF_09/2020","M","","Pisos",null,null,{"$f":"INDEX('SINAPI - SINTÉTICO'!K:K,MATCH(B151,'SINAPI - SINTÉTICO'!G:G,0))","v":124.27},{"$f":"SUM(J152:J155)","v":124.27000000000001},null,{"$f":"IF(OR(A151=\"INSUMO\",A151=\"COMPOSICAO\"),\"\",IFERROR(INDEX(ORÇAMENTO!A:A,MATCH(B151,ORÇAMENTO!C:C,0)),\"\"))","v":"1.7.1.5"},"1.7.1.5","01.PISO.PISO.020/01",98689,"SOLEIRA EM GRANITO, LARGURA 15 CM, ESPESSURA 2,0 CM. AF_09/2020","","M",{"$f":"INDEX(ORÇAMENTO!G:G,MATCH(M151,ORÇAMENTO!A:A,0))","v":3},"",{"$f":"IF(L151<>\"\",\"\",IF(INDEX('CPU - PROJETO'!$H:$H,MATCH($O151,'CPU - PROJETO'!$B:$B,0))=0,INDEX('CPU - PROJETO'!$I:$I,MATCH($O151,'CPU - PROJETO'!$B:$B,0)),INDEX('CPU - PROJETO'!$H:$H,MATCH($O151,'CPU - PROJETO'!$B:$B,0))))","v":""},372.81,{"$f":"SUM(V152:V155)-V151","v":3.9629999999988286E-2}]
["INSUMO",20232,"SOLEIRA EM GRANITO, POLIDO, TIPO ANDORINHA/ QUARTZ/ CASTELO/ CORUMBA OU OUTROS EQUIVALENTES DA REGIAO, L= *15* CM, E=  *2,0* CM","M",1,"",null,{"$f":"INDEX('SINAPI - INSUMO'!E:E,MATCH(B152,'SINAPI - INSUMO'!A:A,0))","v":101.13},null,101.13,null,{"$f":"IF(OR(A152=\"INSUMO\",A152=\"COMPOSICAO\"),\"\",IFERROR(INDEX(ORÇAMENTO!A:A,MATCH(B152,ORÇAMENTO!C:C,0)),\"\"))","v":""},"1.7.1.5","INSUMO",20232,"SOLEIRA EM GRANITO, POLIDO, TIPO ANDORINHA/ QUARTZ/ CASTELO/ CORUMBA OU OUTROS EQUIVALENTES DA REGIAO, L= *15* CM, E=  *2,0* CM",1,"M",{"$f":"INDEX(ORÇAMENTO!G:G,MATCH(M152,ORÇAMENTO!A:A,0))","v":3},3,{"$f":"IF(L152<>\"\",\"\",IF(INDEX('CPU - PROJETO'!$H:$H,MATCH($O152,'CPU - PROJETO'!$B:$B,0))=0,INDEX('CPU - PROJETO'!$I:$I,MATCH($O152,'CPU - PROJETO'!$B:$B,0)),INDEX('CPU - PROJETO'!$H:$H,MATCH($O152,'CPU - PROJETO'!$B:$B,0))))","v":101.13},303.39,{"$f":"CONCATENATE(M152,\" \",O152)","v":"1.7.1.5 20232"}]
["INSUMO",37595,"ARGAMASSA COLANTE TIPO AC III","KG",1.29,"",null,{"$f":"INDEX('SINAPI - INSUMO'!E:E,MATCH(B153,'SINAPI - INSUMO'!A:A,0))","v":2.92},null,3.76,null,{"$f":"IF(OR(A153=\"INSUMO\",A153=\"COMPOSICAO\"),\"\",IFERROR(INDEX(ORÇAMENTO!A:A,MATCH(B153,ORÇAMENTO!C:C,0)),\"\"))","v":""},"1.7.1.5","INSUMO",37595,"ARGAMASSA COLANTE TIPO AC III",1.29,"KG",{"$f":"INDEX(ORÇAMENTO!G:G,MATCH(M153,ORÇAMENTO!A:A,0))","v":3},3.87,{"$f":"IF(L153<>\"\",\"\",IF(INDEX('CPU - PROJETO'!$H:$H,MATCH($O153,'CPU - PROJETO'!$B:$B,0))=0,INDEX('CPU - PROJETO'!$I:$I,MATCH($O153,'CPU - PROJETO'!$B:$B,0)),INDEX('CPU - PROJETO'!$H:$H,MATCH($O153,'CPU - PROJETO'!$B:$B,0))))","v":2.92},11.3004,{"$f":"CONCATENATE(M153,\" \",O153)","v":"1.7.1.5 37595"}]
["COMPOSICAO",88274,"MARMORISTA/GRANITEIRO COM ENCARGOS COMPLEMENTARES","H",0.54700000000000004,"",null,null,{"$f":"INDEX('SINAPI - SINTÉTICO'!K:K,MATCH(B154,'SINAPI - SINTÉTICO'!G:G,0))","v":25.25},13.81,null,{"$f":"IF(OR(A154=\"INSUMO\",A154=\"COMPOSICAO\"),\"\",IFERROR(INDEX(ORÇAMENTO!A:A,MATCH(B154,ORÇAMENTO!C:C,0)),\"\"))","v":""},"1.7.1.5","COMPOSICAO",88274,"MARMORISTA/GRANITEIRO COM ENCARGOS COMPLEMENTARES",0.54700000000000004,"H",{"$f":"INDEX(ORÇAMENTO!G:G,MATCH(M154,ORÇAMENTO!A:A,0))","v":3},1.641,{"$f":"IF(L154<>\"\",\"\",IF(INDEX('CPU - PROJETO'!$H:$H,MATCH($O154,'CPU - PROJETO'!$B:$B,0))=0,INDEX('CPU - PROJETO'!$I:$I,MATCH($O154,'CPU - PROJETO'!$B:$B,0)),INDEX('CPU - PROJETO'!$H:$H,MATCH($O154,'CPU - PROJETO'!$B:$B,0))))","v":25.25},41.435250000000003,"1.7.1.5 88274"]
["COMPOSICAO",88316,"SERVENTE COM ENCARGOS COMPLEMENTARES","H",0.27300000000000002,"",null,null,{"$f":"INDEX('SINAPI - SINTÉTICO'!K:K,MATCH(B155,'SINAPI - SINTÉTICO'!G:G,0))","v":20.420000000000002},5.57,null,{"$f":"IF(OR(A155=\"INSUMO\",A155=\"COMPOSICAO\"),\"\",IFERROR(INDEX(ORÇAMENTO!A:A,MATCH(B155,ORÇAMENTO!C:C,0)),\"\"))","v":""},"1.7.1.5","COMPOSICAO",88316,"SERVENTE COM ENCARGOS COMPLEMENTARES",0.27300000000000002,"H",{"$f":"INDEX(ORÇAMENTO!G:G,MATCH(M155,ORÇAMENTO!A:A,0))","v":3},0.81900000000000006,{"$f":"IF(L155<>\"\",\"\",IF(INDEX('CPU - PROJETO'!$H:$H,MATCH($O155,'CPU - PROJETO'!$B:$B,0))=0,INDEX('CPU - PROJETO'!$I:$I,MATCH($O155,'CPU - PROJETO'!$B:$B,0)),INDEX('CPU - PROJETO'!$H:$H,MATCH($O155,'CPU - PROJETO'!$B:$B,0))))","v":20.420000000000002},16.723980000000001,"1.7.1.5 88316"]
["01.PISO.PISO.020/01","COMP1","FORNEC. E ASSENT. DE TAMPA METALICA EM CHAPA DE ACO XADREZ COM SUPORTE PARA TRAFEGO","M2","",{"$nulls":4},{"$f":"SUM(J157:J160)","v":752.01},null,{"$f":"IF(OR(A156=\"INSUMO\",A156=\"COMPOSICAO\"),\"\",IFERROR(INDEX(ORÇAMENTO!A:A,MATCH(B156,ORÇAMENTO!C:C,0)),\"\"))","v":"1.6.1"},"1.6.1","01.PISO.PISO.020/01","COMP1","FORNEC. E ASSENT. DE TAMPA METALICA EM CHAPA DE ACO XADREZ COM SUPORTE PARA TRAFEGO","","M2",{"$f":"INDEX(ORÇAMENTO!G:G,MATCH(M156,ORÇAMENTO!A:A,0))","v":4},"",{"$f":"IF(L156<>\"\",\"\",IF(INDEX('CPU - PROJETO'!$H:$H,MATCH($O156,'CPU - PROJETO'!$B:$B,0))=0,INDEX('CPU - PROJETO'!$I:$I,MATCH($O156,'CPU - PROJETO'!$B:$B,0)),INDEX('CPU - PROJETO'!$H:$H,MATCH($O156,'CPU - PROJETO'!$B:$B,0))))","v":""},3008.04,{"$f":"SUM(V157:V160)-V156","v":5.2800000000388536E-2}]
["INSUMO",88309,"PEDREIRO COM ENCARGOS COMPLEMENTARES","H",0.6,"",null,null,{"$f":"INDEX('SINAPI - SINTÉTICO'!K:K,MATCH(B157,'SINAPI - SINTÉTICO'!G:G,0))","v":25.38},15.22,null,{"$f":"IF(OR(A157=\"INSUMO\",A157=\"COMPOSICAO\"),\"\",IFERROR(INDEX(ORÇAMENTO!A:A,MATCH(B157,ORÇAMENTO!C:C,0)),\"\"))","v":""},"1.6.1","INSUMO",88309,"PEDREIRO COM ENCARGOS COMPLEMENTARES",0.6,"H",{"$f":"INDEX(ORÇAMENTO!G:G,MATCH(M157,ORÇAMENTO!A:A,0))","v":4},2.4,{"$f":"IF(L157<>\"\",\"\",IF(INDEX('CPU - PROJETO'!$H:$H,MATCH($O157,'CPU - PROJETO'!$B:$B,0))=0,INDEX('CPU - PROJETO'!$I:$I,MATCH($O157,'CPU - PROJETO'!$B:$B,0)),INDEX('CPU - PROJETO'!$H:$H,MATCH($O157,'CPU - PROJETO'!$B:$B,0))))","v":25.38},60.911999999999992,{"$f":"CONCATENATE(M157,\" \",O157)","v":"1.6.1 88309"}]
["INSUMO",88316,"SERVENTE COM ENCARGOS COMPLEMENTARES","H",0.6,"",null,null,{"$f":"INDEX('SINAPI - SINTÉTICO'!K:K,MATCH(B158,'SINAPI - SINTÉTICO'!G:G,0))","v":20.420000000000002},{"$f":"TRUNC(E158*H158+E158*I158,2)","v":12.25},null,{"$f":"IF(OR(A158=\"INSUMO\",A158=\"COMPOSICAO\"),\"\",IFERROR(INDEX(ORÇAMENTO!A:A,MATCH(B158,ORÇAMENTO!C:C,0)),\"\"))","v":""},"1.6.1","INSUMO",88316,"SERVENTE COM ENCARGOS COMPLEMENTARES",0.6,"H",{"$f":"INDEX(ORÇAMENTO!G:G,MATCH(M158,ORÇAMENTO!A:A,0))","v":4},2.4,{"$f":"IF(L158<>\"\",\"\",IF(INDEX('CPU - PROJETO'!$H:$H,MATCH($O158,'CPU - PROJETO'!$B:$B,0))=0,INDEX('CPU - PROJETO'!$I:$I,MATCH($O158,'CPU - PROJETO'!$B:$B,0)),INDEX('CPU - PROJETO'!$H:$H,MATCH($O158,'CPU - PROJETO'!$B:$B,0))))","v":20.420000000000002},49.008000000000003,{"$f":"CONCATENATE(M158,\" \",O158)","v":"1.6.1 88316"}]
["INSUMO",88315,"SERRALHEIRO COM ENCARGOS COMPLEMENTARES","H",4,"",null,null,{"$f":"INDEX('SINAPI - SINTÉTICO'!K:K,MATCH(B159,'SINAPI - SINTÉTICO'!G:G,0))","v":25.18},100.72,null,{"$f":"IF(OR(A159=\"INSUMO\",A159=\"COMPOSICAO\"),\"\",IFERROR(INDEX(ORÇAMENTO!A:A,MATCH(B159,ORÇAMENTO!C:C,0)),\"\"))","v":""},"1.6.1","INSUMO",88315,"SERRALHEIRO COM ENCARGOS COMPLEMENTARES",4,"H",{"$f":"INDEX(ORÇAMENTO!G:G,MATCH(M159,ORÇAMENTO!A:A,0))","v":4},16,{"$f":"IF(L159<>\"\",\"\",IF(INDEX('CPU - PROJETO'!$H:$H,MATCH($O159,'CPU - PROJETO'!$B:$B,0))=0,INDEX('CPU - PROJETO'!$I:$I,MATCH($O159,'CPU - PROJETO'!$B:$B,0)),INDEX('CPU - PROJETO'!$H:$H,MATCH($O159,'CPU - PROJETO'!$B:$B,0))))","v":25.18},402.88,"1.6.1 88315"]
["INSUMO",1337,"CHAPA DE ACO XADREZ PARA PISOS, E = 1/4 \" (6,30 MM) 54,53 KG/M2","KG",{"$f":"54.53","v":54.53},"",null,{"$f":"INDEX('SINAPI - INSUMO'!E:E,MATCH(B160,'SINAPI - INSUMO'!A:A,0))","v":11.44},null,623.82000000000005,null,{"$f":"IF(OR(A160=\"INSUMO\",A160=\"COMPOSICAO\"),\"\",IFERROR(INDEX(ORÇAMENTO!A:A,MATCH(B160,ORÇAMENTO!C:C,0)),\"\"))","v":""},"1.6.1","INSUMO",1337,"CHAPA DE ACO XADREZ PARA PISOS, E = 1/4 \" (6,30 MM) 54,53 KG/M2",54.53,"KG",{"$f":"INDEX(ORÇAMENTO!G:G,MATCH(M160,ORÇAMENTO!A:A,0))","v":4},218.12,{"$f":"IF(L160<>\"\",\"\",IF(INDEX('CPU - PROJETO'!$H:$H,MATCH($O160,'CPU - PROJETO'!$B:$B,0))=0,INDEX('CPU - PROJETO'!$I:$I,MATCH($O160,'CPU - PROJETO'!$B:$B,0)),INDEX('CPU - PROJETO'!$H:$H,MATCH($O160,'CPU - PROJETO'!$B:$B,0))))","v":11.44},2495.2928000000002,"1.6.1 1337"]
["01.PISO.PISO.020/01","COMP2","DEMOLICAO DE PISO CIMENTADO BASE CONCRETO 8 CM","M2","",{"$nulls":4},{"$f":"SUM(J162)","v":33.69},null,{"$f":"IF(OR(A161=\"INSUMO\",A161=\"COMPOSICAO\"),\"\",IFERROR(INDEX(ORÇAMENTO!A:A,MATCH(B161,ORÇAMENTO!C:C,0)),\"\"))","v":"1.7.11.3"},"1.7.11.3","01.PISO.PISO.020/01","COMP2","DEMOLICAO DE PISO CIMENTADO BASE CONCRETO 8 CM","","M2",{"$f":"INDEX(ORÇAMENTO!G:G,MATCH(M161,ORÇAMENTO!A:A,0))","v":6.3},"",{"$f":"IF(L161<>\"\",\"\",IF(INDEX('CPU - PROJETO'!$H:$H,MATCH($O161,'CPU - PROJETO'!$B:$B,0))=0,INDEX('CPU - PROJETO'!$I:$I,MATCH($O161,'CPU - PROJETO'!$B:$B,0)),INDEX('CPU - PROJETO'!$H:$H,MATCH($O161,'CPU - PROJETO'!$B:$B,0))))","v":""},212.24699999999999,{"$f":"SUM(V162)-V161","v":1.8900000000030559E-2}]
["INSUMO",88316,"SERVENTE COM ENCARGOS COMPLEMENTARES","H",1.65,"",null,null,{"$f":"INDEX('SINAPI - SINTÉTICO'!K:K,MATCH(B162,'SINAPI - SINTÉTICO'!G:G,0))","v":20.420000000000002},{"$f":"TRUNC(E162*H162+E162*I162,2)","v":33.69},null,{"$f":"IF(OR(A162=\"INSUMO\",A162=\"COMPOSICAO\"),\"\",IFERROR(INDEX(ORÇAMENTO!A:A,MATCH(B162,ORÇAMENTO!C:C,0)),\"\"))","v":""},"1.7.11.3","INSUMO",88316,"SERVENTE COM ENCARGOS COMPLEMENTARES",1.65,"H",{"$f":"INDEX(ORÇAMENTO!G:G,MATCH(M162,ORÇAMENTO!A:A,0))","v":6.3},10.395,{"$f":"IF(L162<>\"\",\"\",IF(INDEX('CPU - PROJETO'!$H:$H,MATCH($O162,'CPU - PROJETO'!$B:$B,0))=0,INDEX('CPU - PROJETO'!$I:$I,MATCH($O162,'CPU - PROJETO'!$B:$B,0)),INDEX('CPU - PROJETO'!$H:$H,MATCH($O162,'CPU - PROJETO'!$B:$B,0))))","v":20.420000000000002},212.26590000000002]
["01.REVE.FORR.023/01",96116,"FORRO EM RÉGUAS DE PVC, FRISADO, PARA AMBIENTES COMERCIAIS, INCLUSIVE ESTRUTURA DE FIXAÇÃO. AF_05/2017_P","M2","","Forros",null,null,{"$f":"INDEX('SINAPI - SINTÉTICO'!K:K,MATCH(B163,'SINAPI - SINTÉTICO'!G:G,0))","v":73.739999999999995},{"$f":"SUM(J164:J171)","v":73.739999999999995},null,{"$f":"IF(OR(A163=\"INSUMO\",A163=\"COMPOSICAO\"),\"\",IFERROR(INDEX(ORÇAMENTO!A:A,MATCH(B163,ORÇAMENTO!C:C,0)),\"\"))","v":"1.7.5.1"},"1.7.5.1","01.REVE.FORR.023/01",96116,"FORRO EM RÉGUAS DE PVC, FRISADO, PARA AMBIENTES COMERCIAIS, INCLUSIVE ESTRUTURA DE FIXAÇÃO. AF_05/2017_P","","M2",{"$f":"INDEX(ORÇAMENTO!G:G,MATCH(M163,ORÇAMENTO!A:A,0))","v":50.36},"",{"$f":"IF(L163<>\"\",\"\",IF(INDEX('CPU - PROJETO'!$H:$H,MATCH($O163,'CPU - PROJETO'!$B:$B,0))=0,INDEX('CPU - PROJETO'!$I:$I,MATCH($O163,'CPU - PROJETO'!$B:$B,0)),INDEX('CPU - PROJETO'!$H:$H,MATCH($O163,'CPU - PROJETO'!$B:$B,0))))","v":""},3713.5463999999997,{"$f":"SUM(V164:V171)-V163","v":2.1648756799995681}]
["INSUMO",43131,"ARAME GALVANIZADO 10 BWG, 3,40 MM (0,0713 KG/M)","KG",4.2599999999999999E-2,"",null,{"$f":"INDEX('SINAPI - INSUMO'!E:E,MATCH(B164,'SINAPI - INSUMO'!A:A,0))","v":31.36},null,{"$f":"TRUNC(E164*H164+E164*I164,2)","v":1.33},null,{"$f":"IF(OR(A164=\"INSUMO\",A164=\"COMPOSICAO\"),\"\",IFERROR(INDEX(ORÇAMENTO!A:A,MATCH(B164,ORÇAMENTO!C:C,0)),\"\"))","v":""},"1.7.5.1","INSUMO",43131,"ARAME GALVANIZADO 10 BWG, 3,40 MM (0,0713 KG/M)",4.2599999999999999E-2,"KG",{"$f":"INDEX(ORÇAMENTO!G:G,MATCH(M164,ORÇAMENTO!A:A,0))","v":50.36},2.1453359999999999,{"$f":"IF(L164<>\"\",\"\",IF(INDEX('CPU - PROJETO'!$H:$H,MATCH($O164,'CPU - PROJETO'!$B:$B,0))=0,INDEX('CPU - PROJETO'!$I:$I,MATCH($O164,'CPU - PROJETO'!$B:$B,0)),INDEX('CPU - PROJETO'!$H:$H,MATCH($O164,'CPU - PROJETO'!$B:$B,0))))","v":31.36},67.277736959999999,{"$f":"CONCATENATE(M164,\" \",O164)","v":"1.7.5.1 43131"}]
["INSUMO",36238,"FORRO DE PVC, FRISADO, BRANCO, REGUA DE 20 CM, ESPESSURA DE 8 MM A 10 MM E COMPRIMENTO 6 M (SEM COLOCACAO)","M2",1.0955999999999999,"",null,{"$f":"INDEX('SINAPI - INSUMO'!E:E,MATCH(B165,'SINAPI - INSUMO'!A:A,0))","v":26.61},null,29.15,null,{"$f":"IF(OR(A165=\"INSUMO\",A165=\"COMPOSICAO\"),\"\",IFERROR(INDEX(ORÇAMENTO!A:A,MATCH(B165,ORÇAMENTO!C:C,0)),\"\"))","v":""},"1.7.5.1","INSUMO",36238,"FORRO DE PVC, FRISADO, BRANCO, REGUA DE 20 CM, ESPESSURA DE 8 MM A 10 MM E COMPRIMENTO 6 M (SEM COLOCACAO)",1.0955999999999999,"M2",{"$f":"INDEX(ORÇAMENTO!G:G,MATCH(M165,ORÇAMENTO!A:A,0))","v":50.36},55.174415999999994,{"$f":"IF(L165<>\"\",\"\",IF(INDEX('CPU - PROJETO'!$H:$H,MATCH($O165,'CPU - PROJETO'!$B:$B,0))=0,INDEX('CPU - PROJETO'!$I:$I,MATCH($O165,'CPU - PROJETO'!$B:$B,0)),INDEX('CPU - PROJETO'!$H:$H,MATCH($O165,'CPU - PROJETO'!$B:$B,0))))","v":26.61},1468.1912097599998,"1.7.5.1 36238"]
["INSUMO",39427,"PERFIL CANALETA, FORMATO C, EM ACO ZINCADO, PARA ESTRUTURA FORRO DRYWALL, E = 0,5 MM, *46 X 18* (L X H), COMPRIMENTO 3 M","M",3.8498999999999999,"",null,{"$f":"INDEX('SINAPI - INSUMO'!E:E,MATCH(B166,'SINAPI - INSUMO'!A:A,0))","v":5.82},null,22.4,null,{"$f":"IF(OR(A166=\"INSUMO\",A166=\"COMPOSICAO\"),\"\",IFERROR(INDEX(ORÇAMENTO!A:A,MATCH(B166,ORÇAMENTO!C:C,0)),\"\"))","v":""},"1.7.5.1","INSUMO",39427,"PERFIL CANALETA, FORMATO C, EM ACO ZINCADO, PARA ESTRUTURA FORRO DRYWALL, E = 0,5 MM, *46 X 18* (L X H), COMPRIMENTO 3 M",3.8498999999999999,"M",{"$f":"INDEX(ORÇAMENTO!G:G,MATCH(M166,ORÇAMENTO!A:A,0))","v":50.36},193.88096400000001,{"$f":"IF(L166<>\"\",\"\",IF(INDEX('CPU - PROJETO'!$H:$H,MATCH($O166,'CPU - PROJETO'!$B:$B,0))=0,INDEX('CPU - PROJETO'!$I:$I,MATCH($O166,'CPU - PROJETO'!$B:$B,0)),INDEX('CPU - PROJETO'!$H:$H,MATCH($O166,'CPU - PROJETO'!$B:$B,0))))","v":5.82},1128.38721048,"1.7.5.1 39427"]
["INSUMO",39430,"PENDURAL OU PRESILHA REGULADORA, EM ACO GALVANIZADO, COM CORPO, MOLA E REBITE, PARA PERFIL TIPO CANALETA DE ESTRUTURA EM FORROS DRYWALL","UN",1.3265,"",null,{"$f":"INDEX('SINAPI - INSUMO'!E:E,MATCH(B167,'SINAPI - INSUMO'!A:A,0))","v":2.19},null,2.9,null,{"$f":"IF(OR(A167=\"INSUMO\",A167=\"COMPOSICAO\"),\"\",IFERROR(INDEX(ORÇAMENTO!A:A,MATCH(B167,ORÇAMENTO!C:C,0)),\"\"))","v":""},"1.7.5.1","INSUMO",39430,"PENDURAL OU PRESILHA REGULADORA, EM ACO GALVANIZADO, COM CORPO, MOLA E REBITE, PARA PERFIL TIPO CANALETA DE ESTRUTURA EM FORROS DRYWALL",1.3265,"UN",{"$f":"INDEX(ORÇAMENTO!G:G,MATCH(M167,ORÇAMENTO!A:A,0))","v":50.36},66.802539999999993,{"$f":"IF(L167<>\"\",\"\",IF(INDEX('CPU - PROJETO'!$H:$H,MATCH($O167,'CPU - PROJETO'!$B:$B,0))=0,INDEX('CPU - PROJETO'!$I:$I,MATCH($O167,'CPU - PROJETO'!$B:$B,0)),INDEX('CPU - PROJETO'!$H:$H,MATCH($O167,'CPU - PROJETO'!$B:$B,0))))","v":2.19},146.29756259999999,"1.7.5.1 39430"]
["INSUMO",39443,"PARAFUSO DRY WALL, EM ACO ZINCADO, CABECA LENTILHA E PONTA BROCA (LB), LARGURA 4,2 MM, COMPRIMENTO 13 MM","UN",2.1911999999999998,"",null,{"$f":"INDEX('SINAPI - INSUMO'!E:E,MATCH(B168,'SINAPI - INSUMO'!A:A,0))","v":0.31},null,0.67,null,{"$f":"IF(OR(A168=\"INSUMO\",A168=\"COMPOSICAO\"),\"\",IFERROR(INDEX(ORÇAMENTO!A:A,MATCH(B168,ORÇAMENTO!C:C,0)),\"\"))","v":""},"1.7.5.1","INSUMO",39443,"PARAFUSO DRY WALL, EM ACO ZINCADO, CABECA LENTILHA E PONTA BROCA (LB), LARGURA 4,2 MM, COMPRIMENTO 13 MM",2.1911999999999998,"UN",{"$f":"INDEX(ORÇAMENTO!G:G,MATCH(M168,ORÇAMENTO!A:A,0))","v":50.36},110.34883199999999,{"$f":"IF(L168<>\"\",\"\",IF(INDEX('CPU - PROJETO'!$H:$H,MATCH($O168,'CPU - PROJETO'!$B:$B,0))=0,INDEX('CPU - PROJETO'!$I:$I,MATCH($O168,'CPU - PROJETO'!$B:$B,0)),INDEX('CPU - PROJETO'!$H:$H,MATCH($O168,'CPU - PROJETO'!$B:$B,0))))","v":0.31},34.208137919999999,"1.7.5.1 39443"]
["INSUMO",40547,"PARAFUSO ZINCADO, AUTOBROCANTE, FLANGEADO, 4,2 MM X 19 MM","CENTO",1.32E-2,"",null,{"$f":"INDEX('SINAPI - INSUMO'!E:E,MATCH(B169,'SINAPI - INSUMO'!A:A,0))","v":35.85},null,0.47,null,{"$f":"IF(OR(A169=\"INSUMO\",A169=\"COMPOSICAO\"),\"\",IFERROR(INDEX(ORÇAMENTO!A:A,MATCH(B169,ORÇAMENTO!C:C,0)),\"\"))","v":""},"1.7.5.1","INSUMO",40547,"PARAFUSO ZINCADO, AUTOBROCANTE, FLANGEADO, 4,2 MM X 19 MM",1.32E-2,"CENTO",{"$f":"INDEX(ORÇAMENTO!G:G,MATCH(M169,ORÇAMENTO!A:A,0))","v":50.36},0.66475200000000001,{"$f":"IF(L169<>\"\",\"\",IF(INDEX('CPU - PROJETO'!$H:$H,MATCH($O169,'CPU - PROJETO'!$B:$B,0))=0,INDEX('CPU - PROJETO'!$I:$I,MATCH($O169,'CPU - PROJETO'!$B:$B,0)),INDEX('CPU - PROJETO'!$H:$H,MATCH($O169,'CPU - PROJETO'!$B:$B,0))))","v":35.85},23.831359200000001,"1.7.5.1 40547"]
["INSUMO",40552,"PARAFUSO, AUTO ATARRACHANTE, CABECA CHATA, FENDA SIMPLES, 1/4\u0094 (6,35 MM) X 25 MM","CENTO",3.3300000000000003E-2,"",null,{"$f":"INDEX('SINAPI - INSUMO'!E:E,MATCH(B170,'SINAPI - INSUMO'!A:A,0))","v":61.47},null,2.04,null,{"$f":"IF(OR(A170=\"INSUMO\",A170=\"COMPOSICAO\"),\"\",IFERROR(INDEX(ORÇAMENTO!A:A,MATCH(B170,ORÇAMENTO!C:C,0)),\"\"))","v":""},"1.7.5.1","INSUMO",40552,"PARAFUSO, AUTO ATARRACHANTE, CABECA CHATA, FENDA SIMPLES, 1/4\u0094 (6,35 MM) X 25 MM",3.3300000000000003E-2,"CENTO",{"$f":"INDEX(ORÇAMENTO!G:G,MATCH(M170,ORÇAMENTO!A:A,0))","v":50.36},1.6769880000000001,{"$f":"IF(L170<>\"\",\"\",IF(INDEX('CPU - PROJETO'!$H:$H,MATCH($O170,'CPU - PROJETO'!$B:$B,0))=0,INDEX('CPU - PROJETO'!$I:$I,MATCH($O170,'CPU - PROJETO'!$B:$B,0)),INDEX('CPU - PROJETO'!$H:$H,MATCH($O170,'CPU - PROJETO'!$B:$B,0))))","v":61.47},103.08445236,"1.7.5.1 40552"]
["COMPOSICAO",88278,"MONTADOR DE ESTRUTURA METÁLICA COM ENCARGOS COMPLEMENTARES","H",0.49940000000000001,"",null,null,{"$f":"INDEX('SINAPI - SINTÉTICO'!K:K,MATCH(B171,'SINAPI - SINTÉTICO'!G:G,0))","v":29.6},14.78,null,{"$f":"IF(OR(A171=\"INSUMO\",A171=\"COMPOSICAO\"),\"\",IFERROR(INDEX(ORÇAMENTO!A:A,MATCH(B171,ORÇAMENTO!C:C,0)),\"\"))","v":""},"1.7.5.1","COMPOSICAO",88278,"MONTADOR DE ESTRUTURA METÁLICA COM ENCARGOS COMPLEMENTARES",0.49940000000000001,"H",{"$f":"INDEX(ORÇAMENTO!G:G,MATCH(M171,ORÇAMENTO!A:A,0))","v":50.36},25.149784,{"$f":"IF(L171<>\"\",\"\",IF(INDEX('CPU - PROJETO'!$H:$H,MATCH($O171,'CPU - PROJETO'!$B:$B,0))=0,INDEX('CPU - PROJETO'!$I:$I,MATCH($O171,'CPU - PROJETO'!$B:$B,0)),INDEX('CPU - PROJETO'!$H:$H,MATCH($O171,'CPU - PROJETO'!$B:$B,0))))","v":29.6},744.43360640000003,"1.7.5.1 88278"]
["01.SERP.DERE.020/01",97640,"REMOÇÃO DE FORROS DE DRYWALL, PVC E FIBROMINERAL, DE FORMA MANUAL, SEM REAPROVEITAMENTO. AF_12/2017","M2","","Demolições e Remoções",null,null,{"$f":"INDEX('SINAPI - SINTÉTICO'!K:K,MATCH(B172,'SINAPI - SINTÉTICO'!G:G,0))","v":1.79},{"$f":"SUM(J173:J174)","v":1.79},null,{"$f":"IF(OR(A172=\"INSUMO\",A172=\"COMPOSICAO\"),\"\",IFERROR(INDEX(ORÇAMENTO!A:A,MATCH(B172,ORÇAMENTO!C:C,0)),\"\"))","v":"1.7.11.4"},"1.7.11.4","01.SERP.DERE.020/01",97640,"REMOÇÃO DE FORROS DE DRYWALL, PVC E FIBROMINERAL, DE FORMA MANUAL, SEM REAPROVEITAMENTO. AF_12/2017","","M2",{"$f":"INDEX(ORÇAMENTO!G:G,MATCH(M172,ORÇAMENTO!A:A,0))","v":19.36},"",{"$f":"IF(L172<>\"\",\"\",IF(INDEX('CPU - PROJETO'!$H:$H,MATCH($O172,'CPU - PROJETO'!$B:$B,0))=0,INDEX('CPU - PROJETO'!$I:$I,MATCH($O172,'CPU - PROJETO'!$B:$B,0)),INDEX('CPU - PROJETO'!$H:$H,MATCH($O172,'CPU - PROJETO'!$B:$B,0))))","v":""},34.654400000000003,{"$f":"SUM(V173:V174)-V172","v":0.17373664000000133}]
["COMPOSICAO",88278,"MONTADOR DE ESTRUTURA METÁLICA COM ENCARGOS COMPLEMENTARES","H",2.58E-2,"",null,null,{"$f":"INDEX('SINAPI - SINTÉTICO'!K:K,MATCH(B173,'SINAPI - SINTÉTICO'!G:G,0))","v":29.6},0.76,null,{"$f":"IF(OR(A173=\"INSUMO\",A173=\"COMPOSICAO\"),\"\",IFERROR(INDEX(ORÇAMENTO!A:A,MATCH(B173,ORÇAMENTO!C:C,0)),\"\"))","v":""},"1.7.11.4","COMPOSICAO",88278,"MONTADOR DE ESTRUTURA METÁLICA COM ENCARGOS COMPLEMENTARES",2.58E-2,"H",{"$f":"INDEX(ORÇAMENTO!G:G,MATCH(M173,ORÇAMENTO!A:A,0))","v":19.36},0.49948799999999999,{"$f":"IF(L173<>\"\",\"\",IF(INDEX('CPU - PROJETO'!$H:$H,MATCH($O173,'CPU - PROJETO'!$B:$B,0))=0,INDEX('CPU - PROJETO'!$I:$I,MATCH($O173,'CPU - PROJETO'!$B:$B,0)),INDEX('CPU - PROJETO'!$H:$H,MATCH($O173,'CPU - PROJETO'!$B:$B,0))))","v":29.6},14.7848448]
["COMPOSICAO",88316,"SERVENTE COM ENCARGOS COMPLEMENTARES","H",5.0700000000000002E-2,"",null,null,{"$f":"INDEX('SINAPI - SINTÉTICO'!K:K,MATCH(B174,'SINAPI - SINTÉTICO'!G:G,0))","v":20.420000000000002},1.03,null,{"$f":"IF(OR(A174=\"INSUMO\",A174=\"COMPOSICAO\"),\"\",IFERROR(INDEX(ORÇAMENTO!A:A,MATCH(B174,ORÇAMENTO!C:C,0)),\"\"))","v":""},"1.7.11.4","COMPOSICAO",88316,"SERVENTE COM ENCARGOS COMPLEMENTARES",5.0700000000000002E-2,"H",{"$f":"INDEX(ORÇAMENTO!G:G,MATCH(M174,ORÇAMENTO!A:A,0))","v":19.36},0.98155199999999998,{"$f":"IF(L174<>\"\",\"\",IF(INDEX('CPU - PROJETO'!$H:$H,MATCH($O174,'CPU - PROJETO'!$B:$B,0))=0,INDEX('CPU - PROJETO'!$I:$I,MATCH($O174,'CPU - PROJETO'!$B:$B,0)),INDEX('CPU - PROJETO'!$H:$H,MATCH($O174,'CPU - PROJETO'!$B:$B,0))))","v":20.420000000000002},20.043291840000002]
["01.FUES.PREM.025/01",97736,"PEÇA RETANGULAR PRÉ-MOLDADA, VOLUME DE CONCRETO ACIMA DE 100 LITROS, TAXA DE AÇO APROXIMADA DE 30KG/M³. AF_01/2018","M3","","Premoldados",null,null,{"$f":"INDEX('SINAPI - SINTÉTICO'!K:K,MATCH(B175,'SINAPI - SINTÉTICO'!G:G,0))","v":1554.5},{"$f":"SUM(J176:J190)","v":1554.5},null,{"$f":"IF(OR(A175=\"INSUMO\",A175=\"COMPOSICAO\"),\"\",IFERROR(INDEX(ORÇAMENTO!A:A,MATCH(B175,ORÇAMENTO!C:C,0)),\"\"))","v":"1.7.6.1"},"1.7.6.1","01.FUES.PREM.025/01",97736,"PEÇA RETANGULAR PRÉ-MOLDADA, VOLUME DE CONCRETO ACIMA DE 100 LITROS, TAXA DE AÇO APROXIMADA DE 30KG/M³. AF_01/2018","","M3",{"$f":"INDEX(ORÇAMENTO!G:G,MATCH(M175,ORÇAMENTO!A:A,0))","v":0.46},"",{"$f":"IF(L175<>\"\",\"\",IF(INDEX('CPU - PROJETO'!$H:$H,MATCH($O175,'CPU - PROJETO'!$B:$B,0))=0,INDEX('CPU - PROJETO'!$I:$I,MATCH($O175,'CPU - PROJETO'!$B:$B,0)),INDEX('CPU - PROJETO'!$H:$H,MATCH($O175,'CPU - PROJETO'!$B:$B,0))))","v":""},715.07,{"$f":"SUM(V176:V190)-V175","v":2.9662640000083229E-2}]
["INSUMO",1358,"CHAPA DE MADEIRA COMPENSADA RESINADA PARA FORMA DE CONCRETO, DE *2,2 X 1,1* M, E = 17 MM","M2",0.75829999999999997,"",null,{"$f":"INDEX('SINAPI - INSUMO'!E:E,MATCH(B176,'SINAPI - INSUMO'!A:A,0))","v":54.26},null,41.14,null,{"$f":"IF(OR(A176=\"INSUMO\",A176=\"COMPOSICAO\"),\"\",IFERROR(INDEX(ORÇAMENTO!A:A,MATCH(B176,ORÇAMENTO!C:C,0)),\"\"))","v":""},"1.7.6.1","INSUMO",1358,"CHAPA DE MADEIRA COMPENSADA RESINADA PARA FORMA DE CONCRETO, DE *2,2 X 1,1* M, E = 17 MM",0.75829999999999997,"M2",{"$f":"INDEX(ORÇAMENTO!G:G,MATCH(M176,ORÇAMENTO!A:A,0))","v":0.46},0.34881800000000002,{"$f":"IF(L176<>\"\",\"\",IF(INDEX('CPU - PROJETO'!$H:$H,MATCH($O176,'CPU - PROJETO'!$B:$B,0))=0,INDEX('CPU - PROJETO'!$I:$I,MATCH($O176,'CPU - PROJETO'!$B:$B,0)),INDEX('CPU - PROJETO'!$H:$H,MATCH($O176,'CPU - PROJETO'!$B:$B,0))))","v":54.26},18.926864680000001,{"$f":"CONCATENATE(M176,\" \",O176)","v":"1.7.6.1 1358"}]
["INSUMO",2692,"DESMOLDANTE PROTETOR PARA FORMAS DE MADEIRA, DE BASE OLEOSA EMULSIONADA EM AGUA","L",3.3399999999999999E-2,"",null,{"$f":"INDEX('SINAPI - INSUMO'!E:E,MATCH(B177,'SINAPI - INSUMO'!A:A,0))","v":7.5},null,0.25,null,{"$f":"IF(OR(A177=\"INSUMO\",A177=\"COMPOSICAO\"),\"\",IFERROR(INDEX(ORÇAMENTO!A:A,MATCH(B177,ORÇAMENTO!C:C,0)),\"\"))","v":""},"1.7.6.1","INSUMO",2692,"DESMOLDANTE PROTETOR PARA FORMAS DE MADEIRA, DE BASE OLEOSA EMULSIONADA EM AGUA",3.3399999999999999E-2,"L",{"$f":"INDEX(ORÇAMENTO!G:G,MATCH(M177,ORÇAMENTO!A:A,0))","v":0.46},1.5364000000000001E-2,{"$f":"IF(L177<>\"\",\"\",IF(INDEX('CPU - PROJETO'!$H:$H,MATCH($O177,'CPU - PROJETO'!$B:$B,0))=0,INDEX('CPU - PROJETO'!$I:$I,MATCH($O177,'CPU - PROJETO'!$B:$B,0)),INDEX('CPU - PROJETO'!$H:$H,MATCH($O177,'CPU - PROJETO'!$B:$B,0))))","v":7.5},0.11523000000000001,"1.7.6.1 2692"]
["INSUMO",4517,"SARRAFO DE MADEIRA NAO APARELHADA *2,5 X 7,5* CM (1 X 3 \") PINUS, MISTA OU EQUIVALENTE DA REGIAO","M",2.8315999999999999,"",null,{"$f":"INDEX('SINAPI - INSUMO'!E:E,MATCH(B178,'SINAPI - INSUMO'!A:A,0))","v":3.52},null,9.9600000000000009,null,{"$f":"IF(OR(A178=\"INSUMO\",A178=\"COMPOSICAO\"),\"\",IFERROR(INDEX(ORÇAMENTO!A:A,MATCH(B178,ORÇAMENTO!C:C,0)),\"\"))","v":""},"1.7.6.1","INSUMO",4517,"SARRAFO DE MADEIRA NAO APARELHADA *2,5 X 7,5* CM (1 X 3 \") PINUS, MISTA OU EQUIVALENTE DA REGIAO",2.8315999999999999,"M",{"$f":"INDEX(ORÇAMENTO!G:G,MATCH(M178,ORÇAMENTO!A:A,0))","v":0.46},1.3025359999999999,{"$f":"IF(L178<>\"\",\"\",IF(INDEX('CPU - PROJETO'!$H:$H,MATCH($O178,'CPU - PROJETO'!$B:$B,0))=0,INDEX('CPU - PROJETO'!$I:$I,MATCH($O178,'CPU - PROJETO'!$B:$B,0)),INDEX('CPU - PROJETO'!$H:$H,MATCH($O178,'CPU - PROJETO'!$B:$B,0))))","v":3.52},4.5849267199999995,"1.7.6.1 4517"]
["INSUMO",20247,"PREGO DE ACO POLIDO COM CABECA 15 X 15 (1 1/4 X 13)","KG",6.0100000000000001E-2,"",null,{"$f":"INDEX('SINAPI - INSUMO'!E:E,MATCH(B179,'SINAPI - INSUMO'!A:A,0))","v":24.78},null,1.48,null,{"$f":"IF(OR(A179=\"INSUMO\",A179=\"COMPOSICAO\"),\"\",IFERROR(INDEX(ORÇAMENTO!A:A,MATCH(B179,ORÇAMENTO!C:C,0)),\"\"))","v":""},"1.7.6.1","INSUMO",20247,"PREGO DE ACO POLIDO COM CABECA 15 X 15 (1 1/4 X 13)",6.0100000000000001E-2,"KG",{"$f":"INDEX(ORÇAMENTO!G:G,MATCH(M179,ORÇAMENTO!A:A,0))","v":0.46},2.7646E-2,{"$f":"IF(L179<>\"\",\"\",IF(INDEX('CPU - PROJETO'!$H:$H,MATCH($O179,'CPU - PROJETO'!$B:$B,0))=0,INDEX('CPU - PROJETO'!$I:$I,MATCH($O179,'CPU - PROJETO'!$B:$B,0)),INDEX('CPU - PROJETO'!$H:$H,MATCH($O179,'CPU - PROJETO'!$B:$B,0))))","v":24.78},0.68506788000000007,"1.7.6.1 20247"]
["INSUMO",39995,"POLIESTIRENO EXPANDIDO/EPS (ISOPOR), TIPO 2F, BLOCO","M3",0.18540000000000001,"",null,{"$f":"INDEX('SINAPI - INSUMO'!E:E,MATCH(B180,'SINAPI - INSUMO'!A:A,0))","v":443.92},null,82.3,null,{"$f":"IF(OR(A180=\"INSUMO\",A180=\"COMPOSICAO\"),\"\",IFERROR(INDEX(ORÇAMENTO!A:A,MATCH(B180,ORÇAMENTO!C:C,0)),\"\"))","v":""},"1.7.6.1","INSUMO",39995,"POLIESTIRENO EXPANDIDO/EPS (ISOPOR), TIPO 2F, BLOCO",0.18540000000000001,"M3",{"$f":"INDEX(ORÇAMENTO!G:G,MATCH(M180,ORÇAMENTO!A:A,0))","v":0.46},8.5284000000000013E-2,{"$f":"IF(L180<>\"\",\"\",IF(INDEX('CPU - PROJETO'!$H:$H,MATCH($O180,'CPU - PROJETO'!$B:$B,0))=0,INDEX('CPU - PROJETO'!$I:$I,MATCH($O180,'CPU - PROJETO'!$B:$B,0)),INDEX('CPU - PROJETO'!$H:$H,MATCH($O180,'CPU - PROJETO'!$B:$B,0))))","v":443.92},37.859273280000004,"1.7.6.1 39995"]
["COMPOSICAO",88239,"AJUDANTE DE CARPINTEIRO COM ENCARGOS COMPLEMENTARES","H",0.1865,"",null,null,{"$f":"INDEX('SINAPI - SINTÉTICO'!K:K,MATCH(B181,'SINAPI - SINTÉTICO'!G:G,0))","v":20.27},3.78,null,{"$f":"IF(OR(A181=\"INSUMO\",A181=\"COMPOSICAO\"),\"\",IFERROR(INDEX(ORÇAMENTO!A:A,MATCH(B181,ORÇAMENTO!C:C,0)),\"\"))","v":""},"1.7.6.1","COMPOSICAO",88239,"AJUDANTE DE CARPINTEIRO COM ENCARGOS COMPLEMENTARES",0.1865,"H",{"$f":"INDEX(ORÇAMENTO!G:G,MATCH(M181,ORÇAMENTO!A:A,0))","v":0.46},8.5790000000000005E-2,{"$f":"IF(L181<>\"\",\"\",IF(INDEX('CPU - PROJETO'!$H:$H,MATCH($O181,'CPU - PROJETO'!$B:$B,0))=0,INDEX('CPU - PROJETO'!$I:$I,MATCH($O181,'CPU - PROJETO'!$B:$B,0)),INDEX('CPU - PROJETO'!$H:$H,MATCH($O181,'CPU - PROJETO'!$B:$B,0))))","v":20.27},1.7389633,"1.7.6.1 88239"]
["COMPOSICAO",88261,"CARPINTEIRO DE ESQUADRIA COM ENCARGOS COMPLEMENTARES","H",0.93259999999999998,"",null,null,{"$f":"INDEX('SINAPI - SINTÉTICO'!K:K,MATCH(B182,'SINAPI - SINTÉTICO'!G:G,0))","v":24.15},22.52,null,{"$f":"IF(OR(A182=\"INSUMO\",A182=\"COMPOSICAO\"),\"\",IFERROR(INDEX(ORÇAMENTO!A:A,MATCH(B182,ORÇAMENTO!C:C,0)),\"\"))","v":""},"1.7.6.1","COMPOSICAO",88261,"CARPINTEIRO DE ESQUADRIA COM ENCARGOS COMPLEMENTARES",0.93259999999999998,"H",{"$f":"INDEX(ORÇAMENTO!G:G,MATCH(M182,ORÇAMENTO!A:A,0))","v":0.46},0.42899599999999999,{"$f":"IF(L182<>\"\",\"\",IF(INDEX('CPU - PROJETO'!$H:$H,MATCH($O182,'CPU - PROJETO'!$B:$B,0))=0,INDEX('CPU - PROJETO'!$I:$I,MATCH($O182,'CPU - PROJETO'!$B:$B,0)),INDEX('CPU - PROJETO'!$H:$H,MATCH($O182,'CPU - PROJETO'!$B:$B,0))))","v":24.15},10.3602534,"1.7.6.1 88261"]
["COMPOSICAO",88309,"PEDREIRO COM ENCARGOS COMPLEMENTARES","H",6.7480000000000002,"",null,null,{"$f":"INDEX('SINAPI - SINTÉTICO'!K:K,MATCH(B183,'SINAPI - SINTÉTICO'!G:G,0))","v":25.38},171.26,null,{"$f":"IF(OR(A183=\"INSUMO\",A183=\"COMPOSICAO\"),\"\",IFERROR(INDEX(ORÇAMENTO!A:A,MATCH(B183,ORÇAMENTO!C:C,0)),\"\"))","v":""},"1.7.6.1","COMPOSICAO",88309,"PEDREIRO COM ENCARGOS COMPLEMENTARES",6.7480000000000002,"H",{"$f":"INDEX(ORÇAMENTO!G:G,MATCH(M183,ORÇAMENTO!A:A,0))","v":0.46},3.1040800000000002,{"$f":"IF(L183<>\"\",\"\",IF(INDEX('CPU - PROJETO'!$H:$H,MATCH($O183,'CPU - PROJETO'!$B:$B,0))=0,INDEX('CPU - PROJETO'!$I:$I,MATCH($O183,'CPU - PROJETO'!$B:$B,0)),INDEX('CPU - PROJETO'!$H:$H,MATCH($O183,'CPU - PROJETO'!$B:$B,0))))","v":25.38},78.7815504,"1.7.6.1 88309"]
["COMPOSICAO",88316,"SERVENTE COM ENCARGOS COMPLEMENTARES","H",6.7480000000000002,"",null,null,{"$f":"INDEX('SINAPI - SINTÉTICO'!K:K,MATCH(B184,'SINAPI - SINTÉTICO'!G:G,0))","v":20.420000000000002},137.79,null,{"$f":"IF(OR(A184=\"INSUMO\",A184=\"COMPOSICAO\"),\"\",IFERROR(INDEX(ORÇAMENTO!A:A,MATCH(B184,ORÇAMENTO!C:C,0)),\"\"))","v":""},"1.7.6.1","COMPOSICAO",88316,"SERVENTE COM ENCARGOS COMPLEMENTARES",6.7480000000000002,"H",{"$f":"INDEX(ORÇAMENTO!G:G,MATCH(M184,ORÇAMENTO!A:A,0))","v":0.46},3.1040800000000002,{"$f":"IF(L184<>\"\",\"\",IF(INDEX('CPU - PROJETO'!$H:$H,MATCH($O184,'CPU - PROJETO'!$B:$B,0))=0,INDEX('CPU - PROJETO'!$I:$I,MATCH($O184,'CPU - PROJETO'!$B:$B,0)),INDEX('CPU - PROJETO'!$H:$H,MATCH($O184,'CPU - PROJETO'!$B:$B,0))))","v":20.420000000000002},63.385313600000011,"1.7.6.1 88316"]
["COMPOSICAO",90586,"VIBRADOR DE IMERSÃO, DIÂMETRO DE PONTEIRA 45MM, MOTOR ELÉTRICO TRIFÁSICO POTÊNCIA DE 2 CV - CHP DIURNO. AF_06/2015","CHP",0.86770000000000003,"",null,null,{"$f":"INDEX('SINAPI - SINTÉTICO'!K:K,MATCH(B185,'SINAPI - SINTÉTICO'!G:G,0))","v":1.28},1.1100000000000001,null,{"$f":"IF(OR(A185=\"INSUMO\",A185=\"COMPOSICAO\"),\"\",IFERROR(INDEX(ORÇAMENTO!A:A,MATCH(B185,ORÇAMENTO!C:C,0)),\"\"))","v":""},"1.7.6.1","COMPOSICAO",90586,"VIBRADOR DE IMERSÃO, DIÂMETRO DE PONTEIRA 45MM, MOTOR ELÉTRICO TRIFÁSICO POTÊNCIA DE 2 CV - CHP DIURNO. AF_06/2015",0.86770000000000003,"CHP",{"$f":"INDEX(ORÇAMENTO!G:G,MATCH(M185,ORÇAMENTO!A:A,0))","v":0.46},0.39914200000000005,{"$f":"IF(L185<>\"\",\"\",IF(INDEX('CPU - PROJETO'!$H:$H,MATCH($O185,'CPU - PROJETO'!$B:$B,0))=0,INDEX('CPU - PROJETO'!$I:$I,MATCH($O185,'CPU - PROJETO'!$B:$B,0)),INDEX('CPU - PROJETO'!$H:$H,MATCH($O185,'CPU - PROJETO'!$B:$B,0))))","v":1.28},0.51090176000000009,"1.7.6.1 90586"]
["COMPOSICAO",90587,"VIBRADOR DE IMERSÃO, DIÂMETRO DE PONTEIRA 45MM, MOTOR ELÉTRICO TRIFÁSICO POTÊNCIA DE 2 CV - CHI DIURNO. AF_06/2015","CHI",2.3860000000000001,"",null,null,{"$f":"INDEX('SINAPI - SINTÉTICO'!K:K,MATCH(B186,'SINAPI - SINTÉTICO'!G:G,0))","v":0.49},1.1599999999999999,null,{"$f":"IF(OR(A186=\"INSUMO\",A186=\"COMPOSICAO\"),\"\",IFERROR(INDEX(ORÇAMENTO!A:A,MATCH(B186,ORÇAMENTO!C:C,0)),\"\"))","v":""},"1.7.6.1","COMPOSICAO",90587,"VIBRADOR DE IMERSÃO, DIÂMETRO DE PONTEIRA 45MM, MOTOR ELÉTRICO TRIFÁSICO POTÊNCIA DE 2 CV - CHI DIURNO. AF_06/2015",2.3860000000000001,"CHI",{"$f":"INDEX(ORÇAMENTO!G:G,MATCH(M186,ORÇAMENTO!A:A,0))","v":0.46},1.0975600000000001,{"$f":"IF(L186<>\"\",\"\",IF(INDEX('CPU - PROJETO'!$H:$H,MATCH($O186,'CPU - PROJETO'!$B:$B,0))=0,INDEX('CPU - PROJETO'!$I:$I,MATCH($O186,'CPU - PROJETO'!$B:$B,0)),INDEX('CPU - PROJETO'!$H:$H,MATCH($O186,'CPU - PROJETO'!$B:$B,0))))","v":0.49},0.53780440000000007,"1.7.6.1 90587"]
["COMPOSICAO",91692,"SERRA CIRCULAR DE BANCADA COM MOTOR ELÉTRICO POTÊNCIA DE 5HP, COM COIFA PARA DISCO 10\" - CHP DIURNO. AF_08/2015","CHP",8.9399999999999993E-2,"",null,null,{"$f":"INDEX('SINAPI - SINTÉTICO'!K:K,MATCH(B187,'SINAPI - SINTÉTICO'!G:G,0))","v":34.299999999999997},3.06,null,{"$f":"IF(OR(A187=\"INSUMO\",A187=\"COMPOSICAO\"),\"\",IFERROR(INDEX(ORÇAMENTO!A:A,MATCH(B187,ORÇAMENTO!C:C,0)),\"\"))","v":""},"1.7.6.1","COMPOSICAO",91692,"SERRA CIRCULAR DE BANCADA COM MOTOR ELÉTRICO POTÊNCIA DE 5HP, COM COIFA PARA DISCO 10\" - CHP DIURNO. AF_08/2015",8.9399999999999993E-2,"CHP",{"$f":"INDEX(ORÇAMENTO!G:G,MATCH(M187,ORÇAMENTO!A:A,0))","v":0.46},4.1124000000000001E-2,{"$f":"IF(L187<>\"\",\"\",IF(INDEX('CPU - PROJETO'!$H:$H,MATCH($O187,'CPU - PROJETO'!$B:$B,0))=0,INDEX('CPU - PROJETO'!$I:$I,MATCH($O187,'CPU - PROJETO'!$B:$B,0)),INDEX('CPU - PROJETO'!$H:$H,MATCH($O187,'CPU - PROJETO'!$B:$B,0))))","v":34.299999999999997},1.4105531999999998,"1.7.6.1 91692"]
["COMPOSICAO",91693,"SERRA CIRCULAR DE BANCADA COM MOTOR ELÉTRICO POTÊNCIA DE 5HP, COM COIFA PARA DISCO 10\" - CHI DIURNO. AF_08/2015","CHI",9.7100000000000006E-2,"",null,null,{"$f":"INDEX('SINAPI - SINTÉTICO'!K:K,MATCH(B188,'SINAPI - SINTÉTICO'!G:G,0))","v":33.049999999999997},3.2,null,{"$f":"IF(OR(A188=\"INSUMO\",A188=\"COMPOSICAO\"),\"\",IFERROR(INDEX(ORÇAMENTO!A:A,MATCH(B188,ORÇAMENTO!C:C,0)),\"\"))","v":""},"1.7.6.1","COMPOSICAO",91693,"SERRA CIRCULAR DE BANCADA COM MOTOR ELÉTRICO POTÊNCIA DE 5HP, COM COIFA PARA DISCO 10\" - CHI DIURNO. AF_08/2015",9.7100000000000006E-2,"CHI",{"$f":"INDEX(ORÇAMENTO!G:G,MATCH(M188,ORÇAMENTO!A:A,0))","v":0.46},4.4666000000000004E-2,{"$f":"IF(L188<>\"\",\"\",IF(INDEX('CPU - PROJETO'!$H:$H,MATCH($O188,'CPU - PROJETO'!$B:$B,0))=0,INDEX('CPU - PROJETO'!$I:$I,MATCH($O188,'CPU - PROJETO'!$B:$B,0)),INDEX('CPU - PROJETO'!$H:$H,MATCH($O188,'CPU - PROJETO'!$B:$B,0))))","v":33.049999999999997},1.4762113000000001,"1.7.6.1 91693"]
["COMPOSICAO",92768,"ARMAÇÃO DE LAJE DE ESTRUTURA CONVENCIONAL DE CONCRETO ARMADO UTILIZANDO AÇO CA-60 DE 5,0 MM - MONTAGEM. AF_06/2022","KG",31.7318,"",null,null,{"$f":"INDEX('SINAPI - SINTÉTICO'!K:K,MATCH(B189,'SINAPI - SINTÉTICO'!G:G,0))","v":16.59},526.42999999999995,null,{"$f":"IF(OR(A189=\"INSUMO\",A189=\"COMPOSICAO\"),\"\",IFERROR(INDEX(ORÇAMENTO!A:A,MATCH(B189,ORÇAMENTO!C:C,0)),\"\"))","v":""},"1.7.6.1","COMPOSICAO",92768,"ARMAÇÃO DE LAJE DE ESTRUTURA CONVENCIONAL DE CONCRETO ARMADO UTILIZANDO AÇO CA-60 DE 5,0 MM - MONTAGEM. AF_06/2022",31.7318,"KG",{"$f":"INDEX(ORÇAMENTO!G:G,MATCH(M189,ORÇAMENTO!A:A,0))","v":0.46},14.596628000000001,{"$f":"IF(L189<>\"\",\"\",IF(INDEX('CPU - PROJETO'!$H:$H,MATCH($O189,'CPU - PROJETO'!$B:$B,0))=0,INDEX('CPU - PROJETO'!$I:$I,MATCH($O189,'CPU - PROJETO'!$B:$B,0)),INDEX('CPU - PROJETO'!$H:$H,MATCH($O189,'CPU - PROJETO'!$B:$B,0))))","v":16.59},242.15805852000003,"1.7.6.1 92768"]
["COMPOSICAO",94972,"CONCRETO FCK = 30MPA, TRAÇO 1:2,1:2,5 (CIMENTO/ AREIA MÉDIA/ BRITA 1)  - PREPARO MECÂNICO COM BETONEIRA 600 L. AF_07/2016","M3",1.103,"",null,null,{"$f":"INDEX('SINAPI - SINTÉTICO'!K:K,MATCH(B190,'SINAPI - SINTÉTICO'!G:G,0))","v":497.79},549.05999999999995,null,{"$f":"IF(OR(A190=\"INSUMO\",A190=\"COMPOSICAO\"),\"\",IFERROR(INDEX(ORÇAMENTO!A:A,MATCH(B190,ORÇAMENTO!C:C,0)),\"\"))","v":""},"1.7.6.1","COMPOSICAO",94972,"CONCRETO FCK = 30MPA, TRAÇO 1:2,1:2,5 (CIMENTO/ AREIA MÉDIA/ BRITA 1)  - PREPARO MECÂNICO COM BETONEIRA 600 L. AF_07/2016",1.103,"M3",{"$f":"INDEX(ORÇAMENTO!G:G,MATCH(M190,ORÇAMENTO!A:A,0))","v":0.46},0.50738000000000005,{"$f":"IF(L190<>\"\",\"\",IF(INDEX('CPU - PROJETO'!$H:$H,MATCH($O190,'CPU - PROJETO'!$B:$B,0))=0,INDEX('CPU - PROJETO'!$I:$I,MATCH($O190,'CPU - PROJETO'!$B:$B,0)),INDEX('CPU - PROJETO'!$H:$H,MATCH($O190,'CPU - PROJETO'!$B:$B,0))))","v":497.79},252.56869020000005,"1.7.6.1 94972"]
["01.ESQV.PORT.035/02",91338,"PORTA DE ALUMÍNIO DE ABRIR COM LAMBRI, COM GUARNIÇÃO, FIXAÇÃO COM PARAFUSOS - FORNECIMENTO E INSTALAÇÃO. AF_12/2019","M2","","Esquadrias - Portas",null,null,{"$f":"INDEX('SINAPI - SINTÉTICO'!K:K,MATCH(B191,'SINAPI - SINTÉTICO'!G:G,0))","v":689.83},{"$f":"SUM(J192:J197)","v":689.83},null,{"$f":"IF(OR(A191=\"INSUMO\",A191=\"COMPOSICAO\"),\"\",IFERROR(INDEX(ORÇAMENTO!A:A,MATCH(B191,ORÇAMENTO!C:C,0)),\"\"))","v":"1.7.7.1"},"1.7.7.1","01.ESQV.PORT.035/02",91338,"PORTA DE ALUMÍNIO DE ABRIR COM LAMBRI, COM GUARNIÇÃO, FIXAÇÃO COM PARAFUSOS - FORNECIMENTO E INSTALAÇÃO. AF_12/2019","","M2",{"$f":"INDEX(ORÇAMENTO!G:G,MATCH(M191,ORÇAMENTO!A:A,0))","v":7.5},"",{"$f":"IF(L191<>\"\",\"\",IF(INDEX('CPU - PROJETO'!$H:$H,MATCH($O191,'CPU - PROJETO'!$B:$B,0))=0,INDEX('CPU - PROJETO'!$I:$I,MATCH($O191,'CPU - PROJETO'!$B:$B,0)),INDEX('CPU - PROJETO'!$H:$H,MATCH($O191,'CPU - PROJETO'!$B:$B,0))))","v":""},5173.7250000000004,{"$f":"SUM(V192:V197)-V191","v":0.18030749999979889}]
["INSUMO",142,"SELANTE ELASTICO MONOCOMPONENTE A BASE DE POLIURETANO (PU) PARA JUNTAS DIVERSAS","310ML",0.88290000000000002,"",null,{"$f":"INDEX('SINAPI - INSUMO'!E:E,MATCH(B192,'SINAPI - INSUMO'!A:A,0))","v":37.450000000000003},null,33.06,null,{"$f":"IF(OR(A192=\"INSUMO\",A192=\"COMPOSICAO\"),\"\",IFERROR(INDEX(ORÇAMENTO!A:A,MATCH(B192,ORÇAMENTO!C:C,0)),\"\"))","v":""},"1.7.7.1","INSUMO",142,"SELANTE ELASTICO MONOCOMPONENTE A BASE DE POLIURETANO (PU) PARA JUNTAS DIVERSAS",0.88290000000000002,"310ML",{"$f":"INDEX(ORÇAMENTO!G:G,MATCH(M192,ORÇAMENTO!A:A,0))","v":7.5},6.6217500000000005,{"$f":"IF(L192<>\"\",\"\",IF(INDEX('CPU - PROJETO'!$H:$H,MATCH($O192,'CPU - PROJETO'!$B:$B,0))=0,INDEX('CPU - PROJETO'!$I:$I,MATCH($O192,'CPU - PROJETO'!$B:$B,0)),INDEX('CPU - PROJETO'!$H:$H,MATCH($O192,'CPU - PROJETO'!$B:$B,0))))","v":37.450000000000003},247.98453750000004,"1.7.7.1 142"]
["INSUMO",4914,"PORTA DE ABRIR EM ALUMINIO COM LAMBRI HORIZONTAL/LAMINADA, ACABAMENTO ANODIZADO NATURAL, SEM GUARNICAO/ALIZAR/VISTA","M2",1,"",null,{"$f":"INDEX('SINAPI - INSUMO'!E:E,MATCH(B193,'SINAPI - INSUMO'!A:A,0))","v":475.38},null,475.38,null,{"$f":"IF(OR(A193=\"INSUMO\",A193=\"COMPOSICAO\"),\"\",IFERROR(INDEX(ORÇAMENTO!A:A,MATCH(B193,ORÇAMENTO!C:C,0)),\"\"))","v":""},"1.7.7.1","INSUMO",4914,"PORTA DE ABRIR EM ALUMINIO COM LAMBRI HORIZONTAL/LAMINADA, ACABAMENTO ANODIZADO NATURAL, SEM GUARNICAO/ALIZAR/VISTA",1,"M2",{"$f":"INDEX(ORÇAMENTO!G:G,MATCH(M193,ORÇAMENTO!A:A,0))","v":7.5},7.5,{"$f":"IF(L193<>\"\",\"\",IF(INDEX('CPU - PROJETO'!$H:$H,MATCH($O193,'CPU - PROJETO'!$B:$B,0))=0,INDEX('CPU - PROJETO'!$I:$I,MATCH($O193,'CPU - PROJETO'!$B:$B,0)),INDEX('CPU - PROJETO'!$H:$H,MATCH($O193,'CPU - PROJETO'!$B:$B,0))))","v":475.38},3565.35,"1.7.7.1 4914"]
["INSUMO",7568,"BUCHA DE NYLON SEM ABA S10, COM PARAFUSO DE 6,10 X 65 MM EM ACO ZINCADO COM ROSCA SOBERBA, CABECA CHATA E FENDA PHILLIPS","UN",4.8166000000000002,"",null,{"$f":"INDEX('SINAPI - INSUMO'!E:E,MATCH(B194,'SINAPI - INSUMO'!A:A,0))","v":1.04},null,5,null,{"$f":"IF(OR(A194=\"INSUMO\",A194=\"COMPOSICAO\"),\"\",IFERROR(INDEX(ORÇAMENTO!A:A,MATCH(B194,ORÇAMENTO!C:C,0)),\"\"))","v":""},"1.7.7.1","INSUMO",7568,"BUCHA DE NYLON SEM ABA S10, COM PARAFUSO DE 6,10 X 65 MM EM ACO ZINCADO COM ROSCA SOBERBA, CABECA CHATA E FENDA PHILLIPS",4.8166000000000002,"UN",{"$f":"INDEX(ORÇAMENTO!G:G,MATCH(M194,ORÇAMENTO!A:A,0))","v":7.5},36.124500000000005,{"$f":"IF(L194<>\"\",\"\",IF(INDEX('CPU - PROJETO'!$H:$H,MATCH($O194,'CPU - PROJETO'!$B:$B,0))=0,INDEX('CPU - PROJETO'!$I:$I,MATCH($O194,'CPU - PROJETO'!$B:$B,0)),INDEX('CPU - PROJETO'!$H:$H,MATCH($O194,'CPU - PROJETO'!$B:$B,0))))","v":1.04},37.569480000000006,"1.7.7.1 7568"]
["INSUMO",36888,"GUARNICAO/MOLDURA DE ACABAMENTO PARA ESQUADRIA DE ALUMINIO ANODIZADO NATURAL, PARA 1 FACE","M",6.8503999999999996,"",null,{"$f":"INDEX('SINAPI - INSUMO'!E:E,MATCH(B195,'SINAPI - INSUMO'!A:A,0))","v":23.9},null,163.72,null,{"$f":"IF(OR(A195=\"INSUMO\",A195=\"COMPOSICAO\"),\"\",IFERROR(INDEX(ORÇAMENTO!A:A,MATCH(B195,ORÇAMENTO!C:C,0)),\"\"))","v":""},"1.7.7.1","INSUMO",36888,"GUARNICAO/MOLDURA DE ACABAMENTO PARA ESQUADRIA DE ALUMINIO ANODIZADO NATURAL, PARA 1 FACE",6.8503999999999996,"M",{"$f":"INDEX(ORÇAMENTO!G:G,MATCH(M195,ORÇAMENTO!A:A,0))","v":7.5},51.378,{"$f":"IF(L195<>\"\",\"\",IF(INDEX('CPU - PROJETO'!$H:$H,MATCH($O195,'CPU - PROJETO'!$B:$B,0))=0,INDEX('CPU - PROJETO'!$I:$I,MATCH($O195,'CPU - PROJETO'!$B:$B,0)),INDEX('CPU - PROJETO'!$H:$H,MATCH($O195,'CPU - PROJETO'!$B:$B,0))))","v":23.9},1227.9341999999999,"1.7.7.1 36888"]
["COMPOSICAO",88309,"PEDREIRO COM ENCARGOS COMPLEMENTARES","H",0.35630000000000001,"",null,null,{"$f":"INDEX('SINAPI - SINTÉTICO'!K:K,MATCH(B196,'SINAPI - SINTÉTICO'!G:G,0))","v":25.38},9.0399999999999991,null,{"$f":"IF(OR(A196=\"INSUMO\",A196=\"COMPOSICAO\"),\"\",IFERROR(INDEX(ORÇAMENTO!A:A,MATCH(B196,ORÇAMENTO!C:C,0)),\"\"))","v":""},"1.7.7.1","COMPOSICAO",88309,"PEDREIRO COM ENCARGOS COMPLEMENTARES",0.35630000000000001,"H",{"$f":"INDEX(ORÇAMENTO!G:G,MATCH(M196,ORÇAMENTO!A:A,0))","v":7.5},2.67225,{"$f":"IF(L196<>\"\",\"\",IF(INDEX('CPU - PROJETO'!$H:$H,MATCH($O196,'CPU - PROJETO'!$B:$B,0))=0,INDEX('CPU - PROJETO'!$I:$I,MATCH($O196,'CPU - PROJETO'!$B:$B,0)),INDEX('CPU - PROJETO'!$H:$H,MATCH($O196,'CPU - PROJETO'!$B:$B,0))))","v":25.38},67.821704999999994,"1.7.7.1 88309"]
["COMPOSICAO",88316,"SERVENTE COM ENCARGOS COMPLEMENTARES","H",0.1779,"",null,null,{"$f":"INDEX('SINAPI - SINTÉTICO'!K:K,MATCH(B197,'SINAPI - SINTÉTICO'!G:G,0))","v":20.420000000000002},3.63,null,{"$f":"IF(OR(A197=\"INSUMO\",A197=\"COMPOSICAO\"),\"\",IFERROR(INDEX(ORÇAMENTO!A:A,MATCH(B197,ORÇAMENTO!C:C,0)),\"\"))","v":""},"1.7.7.1","COMPOSICAO",88316,"SERVENTE COM ENCARGOS COMPLEMENTARES",0.1779,"H",{"$f":"INDEX(ORÇAMENTO!G:G,MATCH(M197,ORÇAMENTO!A:A,0))","v":7.5},1.3342499999999999,{"$f":"IF(L197<>\"\",\"\",IF(INDEX('CPU - PROJETO'!$H:$H,MATCH($O197,'CPU - PROJETO'!$B:$B,0))=0,INDEX('CPU - PROJETO'!$I:$I,MATCH($O197,'CPU - PROJETO'!$B:$B,0)),INDEX('CPU - PROJETO'!$H:$H,MATCH($O197,'CPU - PROJETO'!$B:$B,0))))","v":20.420000000000002},27.245385000000002,"1.7.7.1 88316"]
["NÃO AFERIDA","74234/1","MICTORIO SIFONADO DE LOUCA BRANCA COM PERTENCES, COM REGISTRO DE PRESSAO 1/2\" COM CANOPLA CROMADA ACABAMENTO SIMPLES E CONJUNTO PARA FIXACAO  - FORNECIMENTO E INSTALACAO","UN",null,"SEM CADERNO TÉCNICO ATRIBUÍDO",null,null,null,{"$f":"SUM(J199:J205)","v":645.80999999999995},null,{"$f":"IF(OR(A198=\"INSUMO\",A198=\"COMPOSICAO\"),\"\",IFERROR(INDEX(ORÇAMENTO!A:A,MATCH(B198,ORÇAMENTO!C:C,0)),\"\"))","v":"1.7.9.1"},"1.7.9.1","NÃO AFERIDA","74234/1","MICTORIO SIFONADO DE LOUCA BRANCA COM PERTENCES, COM REGISTRO DE PRESSAO 1/2\" COM CANOPLA CROMADA ACABAMENTO SIMPLES E CONJUNTO PARA FIXACAO  - FORNECIMENTO E INSTALACAO","","UN",{"$f":"INDEX(ORÇAMENTO!G:G,MATCH(M198,ORÇAMENTO!A:A,0))","v":1},"",{"$f":"IF(L198<>\"\",\"\",IF(INDEX('CPU - PROJETO'!$H:$H,MATCH($O198,'CPU - PROJETO'!$B:$B,0))=0,INDEX('CPU - PROJETO'!$I:$I,MATCH($O198,'CPU - PROJETO'!$B:$B,0)),INDEX('CPU - PROJETO'!$H:$H,MATCH($O198,'CPU - PROJETO'!$B:$B,0))))","v":""},645.80999999999995,{"$f":"SUM(V199:V205)-V198","v":1.5600000000063119E-2}]
["INSUMO",3146,"FITA VEDA ROSCA EM ROLOS DE 18 MM X 10 M (L X C)","UN",7.5999999999999998E-2,"",null,{"$f":"INDEX('SINAPI - INSUMO'!E:E,MATCH(B199,'SINAPI - INSUMO'!A:A,0))","v":3.1},null,{"$f":"TRUNC(E199*H199+E199*I199,2)","v":0.23},null,{"$f":"IF(OR(A199=\"INSUMO\",A199=\"COMPOSICAO\"),\"\",IFERROR(INDEX(ORÇAMENTO!A:A,MATCH(B199,ORÇAMENTO!C:C,0)),\"\"))","v":""},"1.7.9.1",{"$f":"A199","v":"INSUMO"},{"$f":"B199","v":3146},{"$f":"C199","v":"FITA VEDA ROSCA EM ROLOS DE 18 MM X 10 M (L X C)"},7.5999999999999998E-2,{"$f":"D199","v":"UN"},{"$f":"INDEX(ORÇAMENTO!G:G,MATCH(M199,ORÇAMENTO!A:A,0))","v":1},7.5999999999999998E-2,{"$f":"IF(L199<>\"\",\"\",IF(INDEX('CPU - PROJETO'!$H:$H,MATCH($O199,'CPU - PROJETO'!$B:$B,0))=0,INDEX('CPU - PROJETO'!$I:$I,MATCH($O199,'CPU - PROJETO'!$B:$B,0)),INDEX('CPU - PROJETO'!$H:$H,MATCH($O199,'CPU - PROJETO'!$B:$B,0))))","v":3.1},0.2356,"1.7.9.1 3146"]
["INSUMO",4351,"PARAFUSO NIQUELADO 3 1/2\" COM ACABAMENTO CROMADO PARA FIXAR PECA SANITARIA, INCLUI PORCA CEGA, ARRUELA E BUCHA DE NYLON TAMANHO S-8","UN",2,"",null,{"$f":"INDEX('SINAPI - INSUMO'!E:E,MATCH(B200,'SINAPI - INSUMO'!A:A,0))","v":21.88},null,{"$f":"TRUNC(E200*H200+E200*I200,2)","v":43.76},null,{"$f":"IF(OR(A200=\"INSUMO\",A200=\"COMPOSICAO\"),\"\",IFERROR(INDEX(ORÇAMENTO!A:A,MATCH(B200,ORÇAMENTO!C:C,0)),\"\"))","v":""},"1.7.9.1","INSUMO",4351,"PARAFUSO NIQUELADO 3 1/2\" COM ACABAMENTO CROMADO PARA FIXAR PECA SANITARIA, INCLUI PORCA CEGA, ARRUELA E BUCHA DE NYLON TAMANHO S-8",{"$f":"IF(L200<>\"\",\"\",E200)","v":2},"UN",{"$f":"INDEX(ORÇAMENTO!G:G,MATCH(M200,ORÇAMENTO!A:A,0))","v":1},{"$f":"IF(L200<>\"\",\"\",Q200*S200)","v":2},{"$f":"IF(L200<>\"\",\"\",IF(INDEX('CPU - PROJETO'!$H:$H,MATCH($O200,'CPU - PROJETO'!$B:$B,0))=0,INDEX('CPU - PROJETO'!$I:$I,MATCH($O200,'CPU - PROJETO'!$B:$B,0)),INDEX('CPU - PROJETO'!$H:$H,MATCH($O200,'CPU - PROJETO'!$B:$B,0))))","v":21.88},{"$f":"IF(L200<>\"\",IF(I200=0,J200,I200)*S200,T200*U200)","v":43.76},"1.7.9.1 4351"]
["INSUMO",6021,"REGISTRO PRESSAO COM ACABAMENTO E CANOPLA CROMADA, SIMPLES, BITOLA 1/2 \" (REF 1416)","UN",1,"",null,{"$f":"INDEX('SINAPI - INSUMO'!E:E,MATCH(B201,'SINAPI - INSUMO'!A:A,0))","v":81.14},null,81.14,null,{"$f":"IF(OR(A201=\"INSUMO\",A201=\"COMPOSICAO\"),\"\",IFERROR(INDEX(ORÇAMENTO!A:A,MATCH(B201,ORÇAMENTO!C:C,0)),\"\"))","v":""},{"$f":"IF(L201<>\"\",L201,IF(M200<>0,M200,L201))","v":"1.7.9.1"},"INSUMO",6021,"REGISTRO PRESSAO COM ACABAMENTO E CANOPLA CROMADA, SIMPLES, BITOLA 1/2 \" (REF 1416)",1,"UN",{"$f":"INDEX(ORÇAMENTO!G:G,MATCH(M201,ORÇAMENTO!A:A,0))","v":1},1,{"$f":"IF(L201<>\"\",\"\",IF(INDEX('CPU - PROJETO'!$H:$H,MATCH($O201,'CPU - PROJETO'!$B:$B,0))=0,INDEX('CPU - PROJETO'!$I:$I,MATCH($O201,'CPU - PROJETO'!$B:$B,0)),INDEX('CPU - PROJETO'!$H:$H,MATCH($O201,'CPU - PROJETO'!$B:$B,0))))","v":81.14},81.14,"1.7.9.1 6021"]
["INSUMO",10432,"MICTORIO SIFONADO LOUCA BRANCA SEM COMPLEMENTOS","UN",1,"",null,{"$f":"INDEX('SINAPI - INSUMO'!E:E,MATCH(B202,'SINAPI - INSUMO'!A:A,0))","v":321.14},null,321.14,null,{"$f":"IF(OR(A202=\"INSUMO\",A202=\"COMPOSICAO\"),\"\",IFERROR(INDEX(ORÇAMENTO!A:A,MATCH(B202,ORÇAMENTO!C:C,0)),\"\"))","v":""},"1.7.9.1","INSUMO",10432,"MICTORIO SIFONADO LOUCA BRANCA SEM COMPLEMENTOS",1,"UN",{"$f":"INDEX(ORÇAMENTO!G:G,MATCH(M202,ORÇAMENTO!A:A,0))","v":1},1,{"$f":"IF(L202<>\"\",\"\",IF(INDEX('CPU - PROJETO'!$H:$H,MATCH($O202,'CPU - PROJETO'!$B:$B,0))=0,INDEX('CPU - PROJETO'!$I:$I,MATCH($O202,'CPU - PROJETO'!$B:$B,0)),INDEX('CPU - PROJETO'!$H:$H,MATCH($O202,'CPU - PROJETO'!$B:$B,0))))","v":321.14},321.14,"1.7.9.1 10432"]
["INSUMO",11683,"ENGATE / RABICHO FLEXIVEL INOX 1/2 \" X 30 CM","UN",1,"",null,{"$f":"INDEX('SINAPI - INSUMO'!E:E,MATCH(B203,'SINAPI - INSUMO'!A:A,0))","v":57.31},null,57.31,null,{"$f":"IF(OR(A203=\"INSUMO\",A203=\"COMPOSICAO\"),\"\",IFERROR(INDEX(ORÇAMENTO!A:A,MATCH(B203,ORÇAMENTO!C:C,0)),\"\"))","v":""},"1.7.9.1","INSUMO",11683,"ENGATE / RABICHO FLEXIVEL INOX 1/2 \" X 30 CM",1,"UN",{"$f":"INDEX(ORÇAMENTO!G:G,MATCH(M203,ORÇAMENTO!A:A,0))","v":1},1,{"$f":"IF(L203<>\"\",\"\",IF(INDEX('CPU - PROJETO'!$H:$H,MATCH($O203,'CPU - PROJETO'!$B:$B,0))=0,INDEX('CPU - PROJETO'!$I:$I,MATCH($O203,'CPU - PROJETO'!$B:$B,0)),INDEX('CPU - PROJETO'!$H:$H,MATCH($O203,'CPU - PROJETO'!$B:$B,0))))","v":57.31},57.31,"1.7.9.1 11683"]
["COMPOSICAO",88248,"AUXILIAR DE ENCANADOR OU BOMBEIRO HIDRÁULICO COM ENCARGOS COMPLEMENTARES","H",3.2,"",null,null,{"$f":"INDEX('SINAPI - SINTÉTICO'!K:K,MATCH(B204,'SINAPI - SINTÉTICO'!G:G,0))","v":19.82},63.42,null,{"$f":"IF(OR(A204=\"INSUMO\",A204=\"COMPOSICAO\"),\"\",IFERROR(INDEX(ORÇAMENTO!A:A,MATCH(B204,ORÇAMENTO!C:C,0)),\"\"))","v":""},"1.7.9.1","COMPOSICAO",88248,"AUXILIAR DE ENCANADOR OU BOMBEIRO HIDRÁULICO COM ENCARGOS COMPLEMENTARES",3.2,"H",{"$f":"INDEX(ORÇAMENTO!G:G,MATCH(M204,ORÇAMENTO!A:A,0))","v":1},3.2,{"$f":"IF(L204<>\"\",\"\",IF(INDEX('CPU - PROJETO'!$H:$H,MATCH($O204,'CPU - PROJETO'!$B:$B,0))=0,INDEX('CPU - PROJETO'!$I:$I,MATCH($O204,'CPU - PROJETO'!$B:$B,0)),INDEX('CPU - PROJETO'!$H:$H,MATCH($O204,'CPU - PROJETO'!$B:$B,0))))","v":19.82},63.424000000000007,"1.7.9.1 88248"]
["COMPOSICAO",88267,"ENCANADOR OU BOMBEIRO HIDRÁULICO COM ENCARGOS COMPLEMENTARES","H",3.2,"",null,null,{"$f":"INDEX('SINAPI - SINTÉTICO'!K:K,MATCH(B205,'SINAPI - SINTÉTICO'!G:G,0))","v":24.63},78.81,null,{"$f":"IF(OR(A205=\"INSUMO\",A205=\"COMPOSICAO\"),\"\",IFERROR(INDEX(ORÇAMENTO!A:A,MATCH(B205,ORÇAMENTO!C:C,0)),\"\"))","v":""},"1.7.9.1","COMPOSICAO",88267,"ENCANADOR OU BOMBEIRO HIDRÁULICO COM ENCARGOS COMPLEMENTARES",3.2,"H",{"$f":"INDEX(ORÇAMENTO!G:G,MATCH(M205,ORÇAMENTO!A:A,0))","v":1},3.2,{"$f":"IF(L205<>\"\",\"\",IF(INDEX('CPU - PROJETO'!$H:$H,MATCH($O205,'CPU - PROJETO'!$B:$B,0))=0,INDEX('CPU - PROJETO'!$I:$I,MATCH($O205,'CPU - PROJETO'!$B:$B,0)),INDEX('CPU - PROJETO'!$H:$H,MATCH($O205,'CPU - PROJETO'!$B:$B,0))))","v":24.63},78.816000000000003,"1.7.9.1 88267"]
["02.INHI.ASLM.005/02",86878,"VÁLVULA EM METAL CROMADO TIPO AMERICANA 3.1/2\" X 1.1/2\" PARA PIA - FORNECIMENTO E INSTALAÇÃO. AF_12/2013","UN",null,"Louças e Metais",null,null,{"$f":"INDEX('SINAPI - SINTÉTICO'!K:K,MATCH(B206,'SINAPI - SINTÉTICO'!G:G,0))","v":90.87},{"$f":"SUM(J207:J210)","v":90.87},null,{"$f":"IF(OR(A206=\"INSUMO\",A206=\"COMPOSICAO\"),\"\",IFERROR(INDEX(ORÇAMENTO!A:A,MATCH(B206,ORÇAMENTO!C:C,0)),\"\"))","v":"1.7.9.2"},"1.7.9.2","02.INHI.ASLM.005/02",86878,"VÁLVULA EM METAL CROMADO TIPO AMERICANA 3.1/2\" X 1.1/2\" PARA PIA - FORNECIMENTO E INSTALAÇÃO. AF_12/2013","","UN",{"$f":"INDEX(ORÇAMENTO!G:G,MATCH(M206,ORÇAMENTO!A:A,0))","v":1},"",{"$f":"IF(L206<>\"\",\"\",IF(INDEX('CPU - PROJETO'!$H:$H,MATCH($O206,'CPU - PROJETO'!$B:$B,0))=0,INDEX('CPU - PROJETO'!$I:$I,MATCH($O206,'CPU - PROJETO'!$B:$B,0)),INDEX('CPU - PROJETO'!$H:$H,MATCH($O206,'CPU - PROJETO'!$B:$B,0))))","v":""},90.87,{"$f":"SUM(V207:V210)-V206","v":2.3435999999989576E-2}]
["INSUMO",3146,"FITA VEDA ROSCA EM ROLOS DE 18 MM X 10 M (L X C)","UN",4.8000000000000001E-2,"",null,{"$f":"INDEX('SINAPI - INSUMO'!E:E,MATCH(B207,'SINAPI - INSUMO'!A:A,0))","v":3.1},null,0.14000000000000001,null,{"$f":"IF(OR(A207=\"INSUMO\",A207=\"COMPOSICAO\"),\"\",IFERROR(INDEX(ORÇAMENTO!A:A,MATCH(B207,ORÇAMENTO!C:C,0)),\"\"))","v":""},"1.7.9.2","INSUMO",3146,"FITA VEDA ROSCA EM ROLOS DE 18 MM X 10 M (L X C)",4.8000000000000001E-2,"UN",{"$f":"INDEX(ORÇAMENTO!G:G,MATCH(M207,ORÇAMENTO!A:A,0))","v":1},4.8000000000000001E-2,{"$f":"IF(L207<>\"\",\"\",IF(INDEX('CPU - PROJETO'!$H:$H,MATCH($O207,'CPU - PROJETO'!$B:$B,0))=0,INDEX('CPU - PROJETO'!$I:$I,MATCH($O207,'CPU - PROJETO'!$B:$B,0)),INDEX('CPU - PROJETO'!$H:$H,MATCH($O207,'CPU - PROJETO'!$B:$B,0))))","v":3.1},0.14880000000000002,"1.7.9.2 3146"]
["INSUMO",6157,"VALVULA EM METAL CROMADO PARA PIA AMERICANA 3.1/2 X 1.1/2 \"","UN",1,"",null,{"$f":"INDEX('SINAPI - INSUMO'!E:E,MATCH(B208,'SINAPI - INSUMO'!A:A,0))","v":85.34},null,85.34,null,{"$f":"IF(OR(A208=\"INSUMO\",A208=\"COMPOSICAO\"),\"\",IFERROR(INDEX(ORÇAMENTO!A:A,MATCH(B208,ORÇAMENTO!C:C,0)),\"\"))","v":""},"1.7.9.2","INSUMO",6157,"VALVULA EM METAL CROMADO PARA PIA AMERICANA 3.1/2 X 1.1/2 \"",1,"UN",{"$f":"INDEX(ORÇAMENTO!G:G,MATCH(M208,ORÇAMENTO!A:A,0))","v":1},1,{"$f":"IF(L208<>\"\",\"\",IF(INDEX('CPU - PROJETO'!$H:$H,MATCH($O208,'CPU - PROJETO'!$B:$B,0))=0,INDEX('CPU - PROJETO'!$I:$I,MATCH($O208,'CPU - PROJETO'!$B:$B,0)),INDEX('CPU - PROJETO'!$H:$H,MATCH($O208,'CPU - PROJETO'!$B:$B,0))))","v":85.34},85.34,"1.7.9.2 6157"]
["COMPOSICAO",88267,"ENCANADOR OU BOMBEIRO HIDRÁULICO COM ENCARGOS COMPLEMENTARES","H",0.17399999999999999,"",null,null,{"$f":"INDEX('SINAPI - SINTÉTICO'!K:K,MATCH(B209,'SINAPI - SINTÉTICO'!G:G,0))","v":24.63},4.28,null,{"$f":"IF(OR(A209=\"INSUMO\",A209=\"COMPOSICAO\"),\"\",IFERROR(INDEX(ORÇAMENTO!A:A,MATCH(B209,ORÇAMENTO!C:C,0)),\"\"))","v":""},"1.7.9.2","COMPOSICAO",88267,"ENCANADOR OU BOMBEIRO HIDRÁULICO COM ENCARGOS COMPLEMENTARES",0.17399999999999999,"H",{"$f":"INDEX(ORÇAMENTO!G:G,MATCH(M209,ORÇAMENTO!A:A,0))","v":1},0.17399999999999999,{"$f":"IF(L209<>\"\",\"\",IF(INDEX('CPU - PROJETO'!$H:$H,MATCH($O209,'CPU - PROJETO'!$B:$B,0))=0,INDEX('CPU - PROJETO'!$I:$I,MATCH($O209,'CPU - PROJETO'!$B:$B,0)),INDEX('CPU - PROJETO'!$H:$H,MATCH($O209,'CPU - PROJETO'!$B:$B,0))))","v":24.63},4.2856199999999998,"1.7.9.2 88267"]
["COMPOSICAO",88316,"SERVENTE COM ENCARGOS COMPLEMENTARES","H",5.4800000000000001E-2,"",null,null,{"$f":"INDEX('SINAPI - SINTÉTICO'!K:K,MATCH(B210,'SINAPI - SINTÉTICO'!G:G,0))","v":20.420000000000002},1.1100000000000001,null,{"$f":"IF(OR(A210=\"INSUMO\",A210=\"COMPOSICAO\"),\"\",IFERROR(INDEX(ORÇAMENTO!A:A,MATCH(B210,ORÇAMENTO!C:C,0)),\"\"))","v":""},"1.7.9.2","COMPOSICAO",88316,"SERVENTE COM ENCARGOS COMPLEMENTARES",5.4800000000000001E-2,"H",{"$f":"INDEX(ORÇAMENTO!G:G,MATCH(M210,ORÇAMENTO!A:A,0))","v":1},5.4800000000000001E-2,{"$f":"IF(L210<>\"\",\"\",IF(INDEX('CPU - PROJETO'!$H:$H,MATCH($O210,'CPU - PROJETO'!$B:$B,0))=0,INDEX('CPU - PROJETO'!$I:$I,MATCH($O210,'CPU - PROJETO'!$B:$B,0)),INDEX('CPU - PROJETO'!$H:$H,MATCH($O210,'CPU - PROJETO'!$B:$B,0))))","v":20.420000000000002},1.1190160000000002,"1.7.9.2 88316"]
["02.INHI.ASLM.007/01",86881,"SIFÃO DO TIPO GARRAFA EM METAL CROMADO 1 X 1.1/2\" - FORNECIMENTO E INSTALAÇÃO. AF_12/2013","UN",null,"Louças e Metais",null,null,{"$f":"INDEX('SINAPI - SINTÉTICO'!K:K,MATCH(B211,'SINAPI - SINTÉTICO'!G:G,0))","v":258.49},{"$f":"SUM(J212:J215)","v":258.49},null,{"$f":"IF(OR(A211=\"INSUMO\",A211=\"COMPOSICAO\"),\"\",IFERROR(INDEX(ORÇAMENTO!A:A,MATCH(B211,ORÇAMENTO!C:C,0)),\"\"))","v":"1.7.9.3"},"1.7.9.3","02.INHI.ASLM.007/01",86881,"SIFÃO DO TIPO GARRAFA EM METAL CROMADO 1 X 1.1/2\" - FORNECIMENTO E INSTALAÇÃO. AF_12/2013","","UN",{"$f":"INDEX(ORÇAMENTO!G:G,MATCH(M211,ORÇAMENTO!A:A,0))","v":1},"",{"$f":"IF(L211<>\"\",\"\",IF(INDEX('CPU - PROJETO'!$H:$H,MATCH($O211,'CPU - PROJETO'!$B:$B,0))=0,INDEX('CPU - PROJETO'!$I:$I,MATCH($O211,'CPU - PROJETO'!$B:$B,0)),INDEX('CPU - PROJETO'!$H:$H,MATCH($O211,'CPU - PROJETO'!$B:$B,0))))","v":""},258.49,{"$f":"SUM(V212:V215)-V211","v":6.9659999999771571E-3}]
["INSUMO",3146,"FITA VEDA ROSCA EM ROLOS DE 18 MM X 10 M (L X C)","UN",3.32E-2,"",null,{"$f":"INDEX('SINAPI - INSUMO'!E:E,MATCH(B212,'SINAPI - INSUMO'!A:A,0))","v":3.1},null,0.1,null,{"$f":"IF(OR(A212=\"INSUMO\",A212=\"COMPOSICAO\"),\"\",IFERROR(INDEX(ORÇAMENTO!A:A,MATCH(B212,ORÇAMENTO!C:C,0)),\"\"))","v":""},"1.7.9.3","INSUMO",3146,"FITA VEDA ROSCA EM ROLOS DE 18 MM X 10 M (L X C)",3.32E-2,"UN",{"$f":"INDEX(ORÇAMENTO!G:G,MATCH(M212,ORÇAMENTO!A:A,0))","v":1},3.32E-2,{"$f":"IF(L212<>\"\",\"\",IF(INDEX('CPU - PROJETO'!$H:$H,MATCH($O212,'CPU - PROJETO'!$B:$B,0))=0,INDEX('CPU - PROJETO'!$I:$I,MATCH($O212,'CPU - PROJETO'!$B:$B,0)),INDEX('CPU - PROJETO'!$H:$H,MATCH($O212,'CPU - PROJETO'!$B:$B,0))))","v":3.1},0.10292,"1.7.9.3 3146"]
["INSUMO",6136,"SIFAO EM METAL CROMADO PARA PIA OU LAVATORIO, 1 X 1.1/2 \"","UN",1,"",null,{"$f":"INDEX('SINAPI - INSUMO'!E:E,MATCH(B213,'SINAPI - INSUMO'!A:A,0))","v":249.9},null,249.9,null,{"$f":"IF(OR(A213=\"INSUMO\",A213=\"COMPOSICAO\"),\"\",IFERROR(INDEX(ORÇAMENTO!A:A,MATCH(B213,ORÇAMENTO!C:C,0)),\"\"))","v":""},"1.7.9.3","INSUMO",6136,"SIFAO EM METAL CROMADO PARA PIA OU LAVATORIO, 1 X 1.1/2 \"",1,"UN",{"$f":"INDEX(ORÇAMENTO!G:G,MATCH(M213,ORÇAMENTO!A:A,0))","v":1},1,{"$f":"IF(L213<>\"\",\"\",IF(INDEX('CPU - PROJETO'!$H:$H,MATCH($O213,'CPU - PROJETO'!$B:$B,0))=0,INDEX('CPU - PROJETO'!$I:$I,MATCH($O213,'CPU - PROJETO'!$B:$B,0)),INDEX('CPU - PROJETO'!$H:$H,MATCH($O213,'CPU - PROJETO'!$B:$B,0))))","v":249.9},249.9,"1.7.9.3 6136"]
["COMPOSICAO",88267,"ENCANADOR OU BOMBEIRO HIDRÁULICO COM ENCARGOS COMPLEMENTARES","H",0.27339999999999998,"",null,null,{"$f":"INDEX('SINAPI - SINTÉTICO'!K:K,MATCH(B214,'SINAPI - SINTÉTICO'!G:G,0))","v":24.63},6.73,null,{"$f":"IF(OR(A214=\"INSUMO\",A214=\"COMPOSICAO\"),\"\",IFERROR(INDEX(ORÇAMENTO!A:A,MATCH(B214,ORÇAMENTO!C:C,0)),\"\"))","v":""},"1.7.9.3","COMPOSICAO",88267,"ENCANADOR OU BOMBEIRO HIDRÁULICO COM ENCARGOS COMPLEMENTARES",0.27339999999999998,"H",{"$f":"INDEX(ORÇAMENTO!G:G,MATCH(M214,ORÇAMENTO!A:A,0))","v":1},0.27339999999999998,{"$f":"IF(L214<>\"\",\"\",IF(INDEX('CPU - PROJETO'!$H:$H,MATCH($O214,'CPU - PROJETO'!$B:$B,0))=0,INDEX('CPU - PROJETO'!$I:$I,MATCH($O214,'CPU - PROJETO'!$B:$B,0)),INDEX('CPU - PROJETO'!$H:$H,MATCH($O214,'CPU - PROJETO'!$B:$B,0))))","v":24.63},6.7338419999999992,"1.7.9.3 88267"]
["COMPOSICAO",88316,"SERVENTE COM ENCARGOS COMPLEMENTARES","H",8.6199999999999999E-2,"",null,null,{"$f":"INDEX('SINAPI - SINTÉTICO'!K:K,MATCH(B215,'SINAPI - SINTÉTICO'!G:G,0))","v":20.420000000000002},1.76,null,{"$f":"IF(OR(A215=\"INSUMO\",A215=\"COMPOSICAO\"),\"\",IFERROR(INDEX(ORÇAMENTO!A:A,MATCH(B215,ORÇAMENTO!C:C,0)),\"\"))","v":""},"1.7.9.3","COMPOSICAO",88316,"SERVENTE COM ENCARGOS COMPLEMENTARES",8.6199999999999999E-2,"H",{"$f":"INDEX(ORÇAMENTO!G:G,MATCH(M215,ORÇAMENTO!A:A,0))","v":1},8.6199999999999999E-2,{"$f":"IF(L215<>\"\",\"\",IF(INDEX('CPU - PROJETO'!$H:$H,MATCH($O215,'CPU - PROJETO'!$B:$B,0))=0,INDEX('CPU - PROJETO'!$I:$I,MATCH($O215,'CPU - PROJETO'!$B:$B,0)),INDEX('CPU - PROJETO'!$H:$H,MATCH($O215,'CPU - PROJETO'!$B:$B,0))))","v":20.420000000000002},1.7602040000000001,"1.7.9.3 88316"]
["02.INHI.ASLM.022/02",86915,"TORNEIRA CROMADA DE MESA, 1/2\" OU 3/4\", PARA LAVATÓRIO, PADRÃO MÉDIO - FORNECIMENTO E INSTALAÇÃO. AF_12/2013","UN",null,"Louças e Metais",null,null,{"$f":"INDEX('SINAPI - SINTÉTICO'!K:K,MATCH(B216,'SINAPI - SINTÉTICO'!G:G,0))","v":128.91},{"$f":"SUM(J217:J220)","v":128.91000000000003},null,{"$f":"IF(OR(A216=\"INSUMO\",A216=\"COMPOSICAO\"),\"\",IFERROR(INDEX(ORÇAMENTO!A:A,MATCH(B216,ORÇAMENTO!C:C,0)),\"\"))","v":"1.7.9.4"},"1.7.9.4","02.INHI.ASLM.022/02",86915,"TORNEIRA CROMADA DE MESA, 1/2\" OU 3/4\", PARA LAVATÓRIO, PADRÃO MÉDIO - FORNECIMENTO E INSTALAÇÃO. AF_12/2013","","UN",{"$f":"INDEX(ORÇAMENTO!G:G,MATCH(M216,ORÇAMENTO!A:A,0))","v":1},"",{"$f":"IF(L216<>\"\",\"\",IF(INDEX('CPU - PROJETO'!$H:$H,MATCH($O216,'CPU - PROJETO'!$B:$B,0))=0,INDEX('CPU - PROJETO'!$I:$I,MATCH($O216,'CPU - PROJETO'!$B:$B,0)),INDEX('CPU - PROJETO'!$H:$H,MATCH($O216,'CPU - PROJETO'!$B:$B,0))))","v":""},128.91,{"$f":"SUM(V217:V220)-V216","v":1.8305999999995493E-2}]
["INSUMO",3146,"FITA VEDA ROSCA EM ROLOS DE 18 MM X 10 M (L X C)","UN",2.1000000000000001E-2,"",null,{"$f":"INDEX('SINAPI - INSUMO'!E:E,MATCH(B217,'SINAPI - INSUMO'!A:A,0))","v":3.1},null,0.06,null,{"$f":"IF(OR(A217=\"INSUMO\",A217=\"COMPOSICAO\"),\"\",IFERROR(INDEX(ORÇAMENTO!A:A,MATCH(B217,ORÇAMENTO!C:C,0)),\"\"))","v":""},"1.7.9.4","INSUMO",3146,"FITA VEDA ROSCA EM ROLOS DE 18 MM X 10 M (L X C)",2.1000000000000001E-2,"UN",{"$f":"INDEX(ORÇAMENTO!G:G,MATCH(M217,ORÇAMENTO!A:A,0))","v":1},2.1000000000000001E-2,{"$f":"IF(L217<>\"\",\"\",IF(INDEX('CPU - PROJETO'!$H:$H,MATCH($O217,'CPU - PROJETO'!$B:$B,0))=0,INDEX('CPU - PROJETO'!$I:$I,MATCH($O217,'CPU - PROJETO'!$B:$B,0)),INDEX('CPU - PROJETO'!$H:$H,MATCH($O217,'CPU - PROJETO'!$B:$B,0))))","v":3.1},6.5100000000000005E-2,"1.7.9.4 3146"]
["INSUMO",36791,"TORNEIRA CROMADA DE MESA PARA LAVATORIO, BICA ALTA (REF 1195)","UN",1,"",null,{"$f":"INDEX('SINAPI - INSUMO'!E:E,MATCH(B218,'SINAPI - INSUMO'!A:A,0))","v":125.88},null,125.88,null,{"$f":"IF(OR(A218=\"INSUMO\",A218=\"COMPOSICAO\"),\"\",IFERROR(INDEX(ORÇAMENTO!A:A,MATCH(B218,ORÇAMENTO!C:C,0)),\"\"))","v":""},"1.7.9.4","INSUMO",36791,"TORNEIRA CROMADA DE MESA PARA LAVATORIO, BICA ALTA (REF 1195)",1,"UN",{"$f":"INDEX(ORÇAMENTO!G:G,MATCH(M218,ORÇAMENTO!A:A,0))","v":1},1,{"$f":"IF(L218<>\"\",\"\",IF(INDEX('CPU - PROJETO'!$H:$H,MATCH($O218,'CPU - PROJETO'!$B:$B,0))=0,INDEX('CPU - PROJETO'!$I:$I,MATCH($O218,'CPU - PROJETO'!$B:$B,0)),INDEX('CPU - PROJETO'!$H:$H,MATCH($O218,'CPU - PROJETO'!$B:$B,0))))","v":125.88},125.88,"1.7.9.4 36791"]
["COMPOSICAO",88267,"ENCANADOR OU BOMBEIRO HIDRÁULICO COM ENCARGOS COMPLEMENTARES","H",9.6000000000000002E-2,"",null,null,{"$f":"INDEX('SINAPI - SINTÉTICO'!K:K,MATCH(B219,'SINAPI - SINTÉTICO'!G:G,0))","v":24.63},2.36,null,{"$f":"IF(OR(A219=\"INSUMO\",A219=\"COMPOSICAO\"),\"\",IFERROR(INDEX(ORÇAMENTO!A:A,MATCH(B219,ORÇAMENTO!C:C,0)),\"\"))","v":""},"1.7.9.4","COMPOSICAO",88267,"ENCANADOR OU BOMBEIRO HIDRÁULICO COM ENCARGOS COMPLEMENTARES",9.6000000000000002E-2,"H",{"$f":"INDEX(ORÇAMENTO!G:G,MATCH(M219,ORÇAMENTO!A:A,0))","v":1},9.6000000000000002E-2,{"$f":"IF(L219<>\"\",\"\",IF(INDEX('CPU - PROJETO'!$H:$H,MATCH($O219,'CPU - PROJETO'!$B:$B,0))=0,INDEX('CPU - PROJETO'!$I:$I,MATCH($O219,'CPU - PROJETO'!$B:$B,0)),INDEX('CPU - PROJETO'!$H:$H,MATCH($O219,'CPU - PROJETO'!$B:$B,0))))","v":24.63},2.3644799999999999,"1.7.9.4 88267"]
["COMPOSICAO",88316,"SERVENTE COM ENCARGOS COMPLEMENTARES","H",3.0300000000000001E-2,"",null,null,{"$f":"INDEX('SINAPI - SINTÉTICO'!K:K,MATCH(B220,'SINAPI - SINTÉTICO'!G:G,0))","v":20.420000000000002},0.61,null,{"$f":"IF(OR(A220=\"INSUMO\",A220=\"COMPOSICAO\"),\"\",IFERROR(INDEX(ORÇAMENTO!A:A,MATCH(B220,ORÇAMENTO!C:C,0)),\"\"))","v":""},"1.7.9.4","COMPOSICAO",88316,"SERVENTE COM ENCARGOS COMPLEMENTARES",3.0300000000000001E-2,"H",{"$f":"INDEX(ORÇAMENTO!G:G,MATCH(M220,ORÇAMENTO!A:A,0))","v":1},3.0300000000000001E-2,{"$f":"IF(L220<>\"\",\"\",IF(INDEX('CPU - PROJETO'!$H:$H,MATCH($O220,'CPU - PROJETO'!$B:$B,0))=0,INDEX('CPU - PROJETO'!$I:$I,MATCH($O220,'CPU - PROJETO'!$B:$B,0)),INDEX('CPU - PROJETO'!$H:$H,MATCH($O220,'CPU - PROJETO'!$B:$B,0))))","v":20.420000000000002},0.61872600000000011,"1.7.9.4 88316"]
["02.INHI.ASLM.010/04",86887,"ENGATE FLEXÍVEL EM INOX, 1/2\u0094 X 40CM - FORNECIMENTO E INSTALAÇÃO. AF_12/2013","UN",null,"Louças e Metais",null,null,{"$f":"INDEX('SINAPI - SINTÉTICO'!K:K,MATCH(B221,'SINAPI - SINTÉTICO'!G:G,0))","v":67.52},{"$f":"SUM(J222:J225)","v":67.52},null,{"$f":"IF(OR(A221=\"INSUMO\",A221=\"COMPOSICAO\"),\"\",IFERROR(INDEX(ORÇAMENTO!A:A,MATCH(B221,ORÇAMENTO!C:C,0)),\"\"))","v":"1.7.8.3"},"1.7.8.3","02.INHI.ASLM.010/04",86887,"ENGATE FLEXÍVEL EM INOX, 1/2\u0094 X 40CM - FORNECIMENTO E INSTALAÇÃO. AF_12/2013","","UN",{"$f":"INDEX(ORÇAMENTO!G:G,MATCH(M221,ORÇAMENTO!A:A,0))","v":1},"",{"$f":"IF(L221<>\"\",\"\",IF(INDEX('CPU - PROJETO'!$H:$H,MATCH($O221,'CPU - PROJETO'!$B:$B,0))=0,INDEX('CPU - PROJETO'!$I:$I,MATCH($O221,'CPU - PROJETO'!$B:$B,0)),INDEX('CPU - PROJETO'!$H:$H,MATCH($O221,'CPU - PROJETO'!$B:$B,0))))","v":""},67.52,{"$f":"SUM(V222:V225)-V221","v":1.3377000000005523E-2}]
["INSUMO",3146,"FITA VEDA ROSCA EM ROLOS DE 18 MM X 10 M (L X C)","UN",2.1000000000000001E-2,"",null,{"$f":"INDEX('SINAPI - INSUMO'!E:E,MATCH(B222,'SINAPI - INSUMO'!A:A,0))","v":3.1},null,0.06,null,{"$f":"IF(OR(A222=\"INSUMO\",A222=\"COMPOSICAO\"),\"\",IFERROR(INDEX(ORÇAMENTO!A:A,MATCH(B222,ORÇAMENTO!C:C,0)),\"\"))","v":""},"1.7.8.3","INSUMO",3146,"FITA VEDA ROSCA EM ROLOS DE 18 MM X 10 M (L X C)",2.1000000000000001E-2,"UN",{"$f":"INDEX(ORÇAMENTO!G:G,MATCH(M222,ORÇAMENTO!A:A,0))","v":1},2.1000000000000001E-2,{"$f":"IF(L222<>\"\",\"\",IF(INDEX('CPU - PROJETO'!$H:$H,MATCH($O222,'CPU - PROJETO'!$B:$B,0))=0,INDEX('CPU - PROJETO'!$I:$I,MATCH($O222,'CPU - PROJETO'!$B:$B,0)),INDEX('CPU - PROJETO'!$H:$H,MATCH($O222,'CPU - PROJETO'!$B:$B,0))))","v":3.1},6.5100000000000005E-2,{"$f":"CONCATENATE(M222,\" \",O222)","v":"1.7.8.3 3146"}]
["INSUMO",11684,"ENGATE / RABICHO FLEXIVEL INOX 1/2 \" X 40 CM","UN",1,"",null,{"$f":"INDEX('SINAPI - INSUMO'!E:E,MATCH(B223,'SINAPI - INSUMO'!A:A,0))","v":62.73},null,62.73,null,{"$f":"IF(OR(A223=\"INSUMO\",A223=\"COMPOSICAO\"),\"\",IFERROR(INDEX(ORÇAMENTO!A:A,MATCH(B223,ORÇAMENTO!C:C,0)),\"\"))","v":""},"1.7.8.3","INSUMO",11684,"ENGATE / RABICHO FLEXIVEL INOX 1/2 \" X 40 CM",1,"UN",{"$f":"INDEX(ORÇAMENTO!G:G,MATCH(M223,ORÇAMENTO!A:A,0))","v":1},1,{"$f":"IF(L223<>\"\",\"\",IF(INDEX('CPU - PROJETO'!$H:$H,MATCH($O223,'CPU - PROJETO'!$B:$B,0))=0,INDEX('CPU - PROJETO'!$I:$I,MATCH($O223,'CPU - PROJETO'!$B:$B,0)),INDEX('CPU - PROJETO'!$H:$H,MATCH($O223,'CPU - PROJETO'!$B:$B,0))))","v":62.73},62.73,{"$f":"CONCATENATE(M223,\" \",O223)","v":"1.7.8.3 11684"}]
["COMPOSICAO",88267,"ENCANADOR OU BOMBEIRO HIDRÁULICO COM ENCARGOS COMPLEMENTARES","H",0.1525,"",null,null,{"$f":"INDEX('SINAPI - SINTÉTICO'!K:K,MATCH(B224,'SINAPI - SINTÉTICO'!G:G,0))","v":24.63},3.75,null,{"$f":"IF(OR(A224=\"INSUMO\",A224=\"COMPOSICAO\"),\"\",IFERROR(INDEX(ORÇAMENTO!A:A,MATCH(B224,ORÇAMENTO!C:C,0)),\"\"))","v":""},"1.7.8.3","COMPOSICAO",88267,"ENCANADOR OU BOMBEIRO HIDRÁULICO COM ENCARGOS COMPLEMENTARES",0.1525,"H",{"$f":"INDEX(ORÇAMENTO!G:G,MATCH(M224,ORÇAMENTO!A:A,0))","v":1},0.1525,{"$f":"IF(L224<>\"\",\"\",IF(INDEX('CPU - PROJETO'!$H:$H,MATCH($O224,'CPU - PROJETO'!$B:$B,0))=0,INDEX('CPU - PROJETO'!$I:$I,MATCH($O224,'CPU - PROJETO'!$B:$B,0)),INDEX('CPU - PROJETO'!$H:$H,MATCH($O224,'CPU - PROJETO'!$B:$B,0))))","v":24.63},3.7560749999999996,"1.7.8.3 88267"]
["COMPOSICAO",88316,"SERVENTE COM ENCARGOS COMPLEMENTARES","H",4.8099999999999997E-2,"",null,null,{"$f":"INDEX('SINAPI - SINTÉTICO'!K:K,MATCH(B225,'SINAPI - SINTÉTICO'!G:G,0))","v":20.420000000000002},0.98,null,{"$f":"IF(OR(A225=\"INSUMO\",A225=\"COMPOSICAO\"),\"\",IFERROR(INDEX(ORÇAMENTO!A:A,MATCH(B225,ORÇAMENTO!C:C,0)),\"\"))","v":""},"1.7.8.3","COMPOSICAO",88316,"SERVENTE COM ENCARGOS COMPLEMENTARES",4.8099999999999997E-2,"H",{"$f":"INDEX(ORÇAMENTO!G:G,MATCH(M225,ORÇAMENTO!A:A,0))","v":1},4.8099999999999997E-2,{"$f":"IF(L225<>\"\",\"\",IF(INDEX('CPU - PROJETO'!$H:$H,MATCH($O225,'CPU - PROJETO'!$B:$B,0))=0,INDEX('CPU - PROJETO'!$I:$I,MATCH($O225,'CPU - PROJETO'!$B:$B,0)),INDEX('CPU - PROJETO'!$H:$H,MATCH($O225,'CPU - PROJETO'!$B:$B,0))))","v":20.420000000000002},0.98220200000000002,"1.7.8.3 88316"]
["01.CANT.OBRA.009/01","COMP3","PIA EM AÇO INOX 1,20 x 0,55 M COM 1 CUBA, INCLUSIVE VÁLVULA E SIFÃO FLEXIVÉL (REF. SINAPI 86935)","UND",{"$nulls":5},{"$f":"SUM(J227:J231)","v":290.75},null,{"$f":"IF(OR(A226=\"INSUMO\",A226=\"COMPOSICAO\"),\"\",IFERROR(INDEX(ORÇAMENTO!A:A,MATCH(B226,ORÇAMENTO!C:C,0)),\"\"))","v":"1.7.8.1"},"1.7.8.1","01.CANT.OBRA.009/01","COMP3","PIA EM AÇO INOX 1,20 x 0,55 M COM 1 CUBA, INCLUSIVE VÁLVULA E SIFÃO FLEXIVÉL (REF. SINAPI 86935)","","UND",{"$f":"INDEX(ORÇAMENTO!G:G,MATCH(M226,ORÇAMENTO!A:A,0))","v":1},"",{"$f":"IF(L226<>\"\",\"\",IF(INDEX('CPU - PROJETO'!$H:$H,MATCH($O226,'CPU - PROJETO'!$B:$B,0))=0,INDEX('CPU - PROJETO'!$I:$I,MATCH($O226,'CPU - PROJETO'!$B:$B,0)),INDEX('CPU - PROJETO'!$H:$H,MATCH($O226,'CPU - PROJETO'!$B:$B,0))))","v":""},290.75,{"$f":"SUM(V227:V231)-V226","v":9.9620000000300024E-3}]
["COMPOSICAO",37412,"BANCADA/BANCA/PIA DE ACO INOXIDAVEL (AISI 430) COM 1 CUBA CENTRAL, COM VALVULA, LISA (SEM ESCORREDOR), DE *0,55 X 1,20* M","UN    ",1,"",null,{"$f":"INDEX('SINAPI - INSUMO'!E:E,MATCH(B227,'SINAPI - INSUMO'!A:A,0))","v":247.21},null,247.21,null,{"$f":"IF(OR(A227=\"INSUMO\",A227=\"COMPOSICAO\"),\"\",IFERROR(INDEX(ORÇAMENTO!A:A,MATCH(B227,ORÇAMENTO!C:C,0)),\"\"))","v":""},"1.7.8.1","COMPOSICAO",37412,"BANCADA/BANCA/PIA DE ACO INOXIDAVEL (AISI 430) COM 1 CUBA CENTRAL, COM VALVULA, LISA (SEM ESCORREDOR), DE *0,55 X 1,20* M",1,"UN    ",{"$f":"INDEX(ORÇAMENTO!G:G,MATCH(M227,ORÇAMENTO!A:A,0))","v":1},1,{"$f":"IF(L227<>\"\",\"\",IF(INDEX('CPU - PROJETO'!$H:$H,MATCH($O227,'CPU - PROJETO'!$B:$B,0))=0,INDEX('CPU - PROJETO'!$I:$I,MATCH($O227,'CPU - PROJETO'!$B:$B,0)),INDEX('CPU - PROJETO'!$H:$H,MATCH($O227,'CPU - PROJETO'!$B:$B,0))))","v":247.21},247.21,{"$f":"CONCATENATE(M227,\" \",O227)","v":"1.7.8.1 37412"}]
["COMPOSICAO",4823,"MASSA PLASTICA PARA MARMORE/GRANITO","KG    ",0.2974,"",null,{"$f":"INDEX('SINAPI - INSUMO'!E:E,MATCH(B228,'SINAPI - INSUMO'!A:A,0))","v":54.63},null,16.239999999999998,null,{"$f":"IF(OR(A228=\"INSUMO\",A228=\"COMPOSICAO\"),\"\",IFERROR(INDEX(ORÇAMENTO!A:A,MATCH(B228,ORÇAMENTO!C:C,0)),\"\"))","v":""},"1.7.8.1","COMPOSICAO",4823,"MASSA PLASTICA PARA MARMORE/GRANITO",0.2974,"KG    ",{"$f":"INDEX(ORÇAMENTO!G:G,MATCH(M228,ORÇAMENTO!A:A,0))","v":1},0.2974,{"$f":"IF(L228<>\"\",\"\",IF(INDEX('CPU - PROJETO'!$H:$H,MATCH($O228,'CPU - PROJETO'!$B:$B,0))=0,INDEX('CPU - PROJETO'!$I:$I,MATCH($O228,'CPU - PROJETO'!$B:$B,0)),INDEX('CPU - PROJETO'!$H:$H,MATCH($O228,'CPU - PROJETO'!$B:$B,0))))","v":54.63},16.246962,{"$f":"CONCATENATE(M228,\" \",O228)","v":"1.7.8.1 4823"}]
["COMPOSICAO",86883,"SIFÃO DO TIPO FLEXÍVEL EM PVC 1\u0094 X 1.1/2\u0094 - FORNECIMENTO E INSTALAÇÃO. AF_12/2013","UN",1,"",null,null,{"$f":"INDEX('SINAPI - SINTÉTICO'!K:K,MATCH(B229,'SINAPI - SINTÉTICO'!G:G,0))","v":12.12},12.12,null,{"$f":"IF(OR(A229=\"INSUMO\",A229=\"COMPOSICAO\"),\"\",IFERROR(INDEX(ORÇAMENTO!A:A,MATCH(B229,ORÇAMENTO!C:C,0)),\"\"))","v":""},"1.7.8.1","COMPOSICAO",86883,"SIFÃO DO TIPO FLEXÍVEL EM PVC 1\u0094 X 1.1/2\u0094 - FORNECIMENTO E INSTALAÇÃO. AF_12/2013",1,"UN",{"$f":"INDEX(ORÇAMENTO!G:G,MATCH(M229,ORÇAMENTO!A:A,0))","v":1},1,{"$f":"IF(L229<>\"\",\"\",IF(INDEX('CPU - PROJETO'!$H:$H,MATCH($O229,'CPU - PROJETO'!$B:$B,0))=0,INDEX('CPU - PROJETO'!$I:$I,MATCH($O229,'CPU - PROJETO'!$B:$B,0)),INDEX('CPU - PROJETO'!$H:$H,MATCH($O229,'CPU - PROJETO'!$B:$B,0))))","v":12.12},12.12,"1.7.8.1 86883"]
["COMPOSICAO",88274,"MARMORISTA/GRANITEIRO COM ENCARGOS COMPLEMENTARES","H",0.48,"",null,null,{"$f":"INDEX('SINAPI - SINTÉTICO'!K:K,MATCH(B230,'SINAPI - SINTÉTICO'!G:G,0))","v":25.25},12.12,null,{"$f":"IF(OR(A230=\"INSUMO\",A230=\"COMPOSICAO\"),\"\",IFERROR(INDEX(ORÇAMENTO!A:A,MATCH(B230,ORÇAMENTO!C:C,0)),\"\"))","v":""},"1.7.8.1","COMPOSICAO",88274,"MARMORISTA/GRANITEIRO COM ENCARGOS COMPLEMENTARES",0.48,"H",{"$f":"INDEX(ORÇAMENTO!G:G,MATCH(M230,ORÇAMENTO!A:A,0))","v":1},0.48,{"$f":"IF(L230<>\"\",\"\",IF(INDEX('CPU - PROJETO'!$H:$H,MATCH($O230,'CPU - PROJETO'!$B:$B,0))=0,INDEX('CPU - PROJETO'!$I:$I,MATCH($O230,'CPU - PROJETO'!$B:$B,0)),INDEX('CPU - PROJETO'!$H:$H,MATCH($O230,'CPU - PROJETO'!$B:$B,0))))","v":25.25},12.12,"1.7.8.1 88274"]
["COMPOSICAO",88316,"SERVENTE COM ENCARGOS COMPLEMENTARES","H",0.15,"",null,null,{"$f":"INDEX('SINAPI - SINTÉTICO'!K:K,MATCH(B231,'SINAPI - SINTÉTICO'!G:G,0))","v":20.420000000000002},3.06,null,{"$f":"IF(OR(A231=\"INSUMO\",A231=\"COMPOSICAO\"),\"\",IFERROR(INDEX(ORÇAMENTO!A:A,MATCH(B231,ORÇAMENTO!C:C,0)),\"\"))","v":""},"1.7.8.1","COMPOSICAO",88316,"SERVENTE COM ENCARGOS COMPLEMENTARES",0.15,"H",{"$f":"INDEX(ORÇAMENTO!G:G,MATCH(M231,ORÇAMENTO!A:A,0))","v":1},0.15,{"$f":"IF(L231<>\"\",\"\",IF(INDEX('CPU - PROJETO'!$H:$H,MATCH($O231,'CPU - PROJETO'!$B:$B,0))=0,INDEX('CPU - PROJETO'!$I:$I,MATCH($O231,'CPU - PROJETO'!$B:$B,0)),INDEX('CPU - PROJETO'!$H:$H,MATCH($O231,'CPU - PROJETO'!$B:$B,0))))","v":20.420000000000002},3.0630000000000002,"1.7.8.1 88316"]
["02.INHI.ASLM.025/01",86910,"TORNEIRA CROMADA TUBO MÓVEL, DE PAREDE, 1/2\u0094 OU 3/4\u0094, PARA PIA DE COZINHA, PADRÃO MÉDIO - FORNECIMENTO E INSTALAÇÃO. AF_01/2020","UN","","Louças e Metais",null,null,{"$f":"INDEX('SINAPI - SINTÉTICO'!K:K,MATCH(B232,'SINAPI - SINTÉTICO'!G:G,0))","v":115.19},{"$f":"SUM(J233:J236)","v":115.19},null,{"$f":"IF(OR(A232=\"INSUMO\",A232=\"COMPOSICAO\"),\"\",IFERROR(INDEX(ORÇAMENTO!A:A,MATCH(B232,ORÇAMENTO!C:C,0)),\"\"))","v":"1.7.8.2"},"1.7.8.2","02.INHI.ASLM.025/01",86910,"TORNEIRA CROMADA TUBO MÓVEL, DE PAREDE, 1/2\u0094 OU 3/4\u0094, PARA PIA DE COZINHA, PADRÃO MÉDIO - FORNECIMENTO E INSTALAÇÃO. AF_01/2020","","UN",{"$f":"INDEX(ORÇAMENTO!G:G,MATCH(M232,ORÇAMENTO!A:A,0))","v":1},"",{"$f":"IF(L232<>\"\",\"\",IF(INDEX('CPU - PROJETO'!$H:$H,MATCH($O232,'CPU - PROJETO'!$B:$B,0))=0,INDEX('CPU - PROJETO'!$I:$I,MATCH($O232,'CPU - PROJETO'!$B:$B,0)),INDEX('CPU - PROJETO'!$H:$H,MATCH($O232,'CPU - PROJETO'!$B:$B,0))))","v":""},115.19,{"$f":"SUM(V233:V236)-V232","v":2.1446000000011622E-2}]
["INSUMO",3146,"FITA VEDA ROSCA EM ROLOS DE 18 MM X 10 M (L X C)","UN",2.1000000000000001E-2,"",null,{"$f":"INDEX('SINAPI - INSUMO'!E:E,MATCH(B233,'SINAPI - INSUMO'!A:A,0))","v":3.1},null,0.06,null,{"$f":"IF(OR(A233=\"INSUMO\",A233=\"COMPOSICAO\"),\"\",IFERROR(INDEX(ORÇAMENTO!A:A,MATCH(B233,ORÇAMENTO!C:C,0)),\"\"))","v":""},"1.7.8.2","INSUMO",3146,"FITA VEDA ROSCA EM ROLOS DE 18 MM X 10 M (L X C)",2.1000000000000001E-2,"UN",{"$f":"INDEX(ORÇAMENTO!G:G,MATCH(M233,ORÇAMENTO!A:A,0))","v":1},2.1000000000000001E-2,{"$f":"IF(L233<>\"\",\"\",IF(INDEX('CPU - PROJETO'!$H:$H,MATCH($O233,'CPU - PROJETO'!$B:$B,0))=0,INDEX('CPU - PROJETO'!$I:$I,MATCH($O233,'CPU - PROJETO'!$B:$B,0)),INDEX('CPU - PROJETO'!$H:$H,MATCH($O233,'CPU - PROJETO'!$B:$B,0))))","v":3.1},6.5100000000000005E-2,"1.7.8.2 3146"]
["INSUMO",11773,"TORNEIRA CROMADA DE PAREDE PARA COZINHA BICA MOVEL COM AREJADOR 1/2 \" OU 3/4 \" (REF 1168)","UN",1,"",null,{"$f":"INDEX('SINAPI - INSUMO'!E:E,MATCH(B234,'SINAPI - INSUMO'!A:A,0))","v":111.53},null,111.53,null,{"$f":"IF(OR(A234=\"INSUMO\",A234=\"COMPOSICAO\"),\"\",IFERROR(INDEX(ORÇAMENTO!A:A,MATCH(B234,ORÇAMENTO!C:C,0)),\"\"))","v":""},"1.7.8.2","INSUMO",11773,"TORNEIRA CROMADA DE PAREDE PARA COZINHA BICA MOVEL COM AREJADOR 1/2 \" OU 3/4 \" (REF 1168)",1,"UN",{"$f":"INDEX(ORÇAMENTO!G:G,MATCH(M234,ORÇAMENTO!A:A,0))","v":1},1,{"$f":"IF(L234<>\"\",\"\",IF(INDEX('CPU - PROJETO'!$H:$H,MATCH($O234,'CPU - PROJETO'!$B:$B,0))=0,INDEX('CPU - PROJETO'!$I:$I,MATCH($O234,'CPU - PROJETO'!$B:$B,0)),INDEX('CPU - PROJETO'!$H:$H,MATCH($O234,'CPU - PROJETO'!$B:$B,0))))","v":111.53},111.53,"1.7.8.2 11773"]
["COMPOSICAO",88267,"ENCANADOR OU BOMBEIRO HIDRÁULICO COM ENCARGOS COMPLEMENTARES","H",0.1164,"",null,null,{"$f":"INDEX('SINAPI - SINTÉTICO'!K:K,MATCH(B235,'SINAPI - SINTÉTICO'!G:G,0))","v":24.63},2.86,null,{"$f":"IF(OR(A235=\"INSUMO\",A235=\"COMPOSICAO\"),\"\",IFERROR(INDEX(ORÇAMENTO!A:A,MATCH(B235,ORÇAMENTO!C:C,0)),\"\"))","v":""},"1.7.8.2","COMPOSICAO",88267,"ENCANADOR OU BOMBEIRO HIDRÁULICO COM ENCARGOS COMPLEMENTARES",0.1164,"H",{"$f":"INDEX(ORÇAMENTO!G:G,MATCH(M235,ORÇAMENTO!A:A,0))","v":1},0.1164,{"$f":"IF(L235<>\"\",\"\",IF(INDEX('CPU - PROJETO'!$H:$H,MATCH($O235,'CPU - PROJETO'!$B:$B,0))=0,INDEX('CPU - PROJETO'!$I:$I,MATCH($O235,'CPU - PROJETO'!$B:$B,0)),INDEX('CPU - PROJETO'!$H:$H,MATCH($O235,'CPU - PROJETO'!$B:$B,0))))","v":24.63},2.8669319999999998,"1.7.8.2 88267"]
["COMPOSICAO",88316,"SERVENTE COM ENCARGOS COMPLEMENTARES","H",3.6700000000000003E-2,"",null,null,{"$f":"INDEX('SINAPI - SINTÉTICO'!K:K,MATCH(B236,'SINAPI - SINTÉTICO'!G:G,0))","v":20.420000000000002},0.74,null,{"$f":"IF(OR(A236=\"INSUMO\",A236=\"COMPOSICAO\"),\"\",IFERROR(INDEX(ORÇAMENTO!A:A,MATCH(B236,ORÇAMENTO!C:C,0)),\"\"))","v":""},"1.7.8.2","COMPOSICAO",88316,"SERVENTE COM ENCARGOS COMPLEMENTARES",3.6700000000000003E-2,"H",{"$f":"INDEX(ORÇAMENTO!G:G,MATCH(M236,ORÇAMENTO!A:A,0))","v":1},3.6700000000000003E-2,{"$f":"IF(L236<>\"\",\"\",IF(INDEX('CPU - PROJETO'!$H:$H,MATCH($O236,'CPU - PROJETO'!$B:$B,0))=0,INDEX('CPU - PROJETO'!$I:$I,MATCH($O236,'CPU - PROJETO'!$B:$B,0)),INDEX('CPU - PROJETO'!$H:$H,MATCH($O236,'CPU - PROJETO'!$B:$B,0))))","v":20.420000000000002},0.74941400000000014,"1.7.8.2 88316"]
["02.INHI.ASLM.062/01",100860,"CHUVEIRO ELÉTRICO COMUM CORPO PLÁSTICO, TIPO DUCHA \u0096 FORNECIMENTO E INSTALAÇÃO. AF_01/2020","UN","","Louças e Metais",null,null,{"$f":"INDEX('SINAPI - SINTÉTICO'!K:K,MATCH(B237,'SINAPI - SINTÉTICO'!G:G,0))","v":102.83},{"$f":"SUM(J238:J241)","v":102.83000000000001},null,{"$f":"IF(OR(A237=\"INSUMO\",A237=\"COMPOSICAO\"),\"\",IFERROR(INDEX(ORÇAMENTO!A:A,MATCH(B237,ORÇAMENTO!C:C,0)),\"\"))","v":"1.7.9.6"},"1.7.9.6","02.INHI.ASLM.062/01",100860,"CHUVEIRO ELÉTRICO COMUM CORPO PLÁSTICO, TIPO DUCHA \u0096 FORNECIMENTO E INSTALAÇÃO. AF_01/2020","","UN",{"$f":"INDEX(ORÇAMENTO!G:G,MATCH(M237,ORÇAMENTO!A:A,0))","v":2},"",{"$f":"IF(L237<>\"\",\"\",IF(INDEX('CPU - PROJETO'!$H:$H,MATCH($O237,'CPU - PROJETO'!$B:$B,0))=0,INDEX('CPU - PROJETO'!$I:$I,MATCH($O237,'CPU - PROJETO'!$B:$B,0)),INDEX('CPU - PROJETO'!$H:$H,MATCH($O237,'CPU - PROJETO'!$B:$B,0))))","v":""},205.66,{"$f":"SUM(V238:V241)-V237","v":2.0829999999989468E-2}]
["INSUMO",1368,"CHUVEIRO COMUM EM PLASTICO BRANCO, COM CANO, 3 TEMPERATURAS, 5500 W (110/220 V)","UN",1,"",null,{"$f":"INDEX('SINAPI - INSUMO'!E:E,MATCH(B238,'SINAPI - INSUMO'!A:A,0))","v":88.9},null,88.9,null,{"$f":"IF(OR(A238=\"INSUMO\",A238=\"COMPOSICAO\"),\"\",IFERROR(INDEX(ORÇAMENTO!A:A,MATCH(B238,ORÇAMENTO!C:C,0)),\"\"))","v":""},"1.7.9.6","INSUMO",1368,"CHUVEIRO COMUM EM PLASTICO BRANCO, COM CANO, 3 TEMPERATURAS, 5500 W (110/220 V)",1,"UN",{"$f":"INDEX(ORÇAMENTO!G:G,MATCH(M238,ORÇAMENTO!A:A,0))","v":2},2,{"$f":"IF(L238<>\"\",\"\",IF(INDEX('CPU - PROJETO'!$H:$H,MATCH($O238,'CPU - PROJETO'!$B:$B,0))=0,INDEX('CPU - PROJETO'!$I:$I,MATCH($O238,'CPU - PROJETO'!$B:$B,0)),INDEX('CPU - PROJETO'!$H:$H,MATCH($O238,'CPU - PROJETO'!$B:$B,0))))","v":88.9},177.8,"1.7.9.6 1368"]
["INSUMO",3146,"FITA VEDA ROSCA EM ROLOS DE 18 MM X 10 M (L X C)","UN",2.1000000000000001E-2,"",null,{"$f":"INDEX('SINAPI - INSUMO'!E:E,MATCH(B239,'SINAPI - INSUMO'!A:A,0))","v":3.1},null,0.06,null,{"$f":"IF(OR(A239=\"INSUMO\",A239=\"COMPOSICAO\"),\"\",IFERROR(INDEX(ORÇAMENTO!A:A,MATCH(B239,ORÇAMENTO!C:C,0)),\"\"))","v":""},"1.7.9.6","INSUMO",3146,"FITA VEDA ROSCA EM ROLOS DE 18 MM X 10 M (L X C)",2.1000000000000001E-2,"UN",{"$f":"INDEX(ORÇAMENTO!G:G,MATCH(M239,ORÇAMENTO!A:A,0))","v":2},4.2000000000000003E-2,{"$f":"IF(L239<>\"\",\"\",IF(INDEX('CPU - PROJETO'!$H:$H,MATCH($O239,'CPU - PROJETO'!$B:$B,0))=0,INDEX('CPU - PROJETO'!$I:$I,MATCH($O239,'CPU - PROJETO'!$B:$B,0)),INDEX('CPU - PROJETO'!$H:$H,MATCH($O239,'CPU - PROJETO'!$B:$B,0))))","v":3.1},0.13020000000000001,"1.7.9.6 3146"]
["COMPOSICAO",88267,"ENCANADOR OU BOMBEIRO HIDRÁULICO COM ENCARGOS COMPLEMENTARES","H",0.44669999999999999,"",null,null,{"$f":"INDEX('SINAPI - SINTÉTICO'!K:K,MATCH(B240,'SINAPI - SINTÉTICO'!G:G,0))","v":24.63},11,null,{"$f":"IF(OR(A240=\"INSUMO\",A240=\"COMPOSICAO\"),\"\",IFERROR(INDEX(ORÇAMENTO!A:A,MATCH(B240,ORÇAMENTO!C:C,0)),\"\"))","v":""},"1.7.9.6","COMPOSICAO",88267,"ENCANADOR OU BOMBEIRO HIDRÁULICO COM ENCARGOS COMPLEMENTARES",0.44669999999999999,"H",{"$f":"INDEX(ORÇAMENTO!G:G,MATCH(M240,ORÇAMENTO!A:A,0))","v":2},0.89339999999999997,{"$f":"IF(L240<>\"\",\"\",IF(INDEX('CPU - PROJETO'!$H:$H,MATCH($O240,'CPU - PROJETO'!$B:$B,0))=0,INDEX('CPU - PROJETO'!$I:$I,MATCH($O240,'CPU - PROJETO'!$B:$B,0)),INDEX('CPU - PROJETO'!$H:$H,MATCH($O240,'CPU - PROJETO'!$B:$B,0))))","v":24.63},22.004441999999997,"1.7.9.6 88267"]
["COMPOSICAO",88316,"SERVENTE COM ENCARGOS COMPLEMENTARES","H",0.14069999999999999,"",null,null,{"$f":"INDEX('SINAPI - SINTÉTICO'!K:K,MATCH(B241,'SINAPI - SINTÉTICO'!G:G,0))","v":20.420000000000002},2.87,null,{"$f":"IF(OR(A241=\"INSUMO\",A241=\"COMPOSICAO\"),\"\",IFERROR(INDEX(ORÇAMENTO!A:A,MATCH(B241,ORÇAMENTO!C:C,0)),\"\"))","v":""},"1.7.9.6","COMPOSICAO",88316,"SERVENTE COM ENCARGOS COMPLEMENTARES",0.14069999999999999,"H",{"$f":"INDEX(ORÇAMENTO!G:G,MATCH(M241,ORÇAMENTO!A:A,0))","v":2},0.28139999999999998,{"$f":"IF(L241<>\"\",\"\",IF(INDEX('CPU - PROJETO'!$H:$H,MATCH($O241,'CPU - PROJETO'!$B:$B,0))=0,INDEX('CPU - PROJETO'!$I:$I,MATCH($O241,'CPU - PROJETO'!$B:$B,0)),INDEX('CPU - PROJETO'!$H:$H,MATCH($O241,'CPU - PROJETO'!$B:$B,0))))","v":20.420000000000002},5.7461880000000001,"1.7.9.6 88316"]
["02.INEL.ILMO.002/02",97586,"LUMINÁRIA TIPO CALHA, DE SOBREPOR, COM 2 LÂMPADAS TUBULARES FLUORESCENTES DE 36 W, COM REATOR DE PARTIDA RÁPIDA - FORNECIMENTO E INSTALAÇÃO. AF_02/2020","UN","","Iluminação e Monitoramento",null,null,{"$f":"INDEX('SINAPI - SINTÉTICO'!K:K,MATCH(B242,'SINAPI - SINTÉTICO'!G:G,0))","v":127},{"$f":"SUM(J243:J245)","v":127},null,{"$f":"IF(OR(A242=\"INSUMO\",A242=\"COMPOSICAO\"),\"\",IFERROR(INDEX(ORÇAMENTO!A:A,MATCH(B242,ORÇAMENTO!C:C,0)),\"\"))","v":"1.7.10.1"},"1.7.10.1","02.INEL.ILMO.002/02",97586,"LUMINÁRIA TIPO CALHA, DE SOBREPOR, COM 2 LÂMPADAS TUBULARES FLUORESCENTES DE 36 W, COM REATOR DE PARTIDA RÁPIDA - FORNECIMENTO E INSTALAÇÃO. AF_02/2020","","UN",{"$f":"INDEX(ORÇAMENTO!G:G,MATCH(M242,ORÇAMENTO!A:A,0))","v":9},"",{"$f":"IF(L242<>\"\",\"\",IF(INDEX('CPU - PROJETO'!$H:$H,MATCH($O242,'CPU - PROJETO'!$B:$B,0))=0,INDEX('CPU - PROJETO'!$I:$I,MATCH($O242,'CPU - PROJETO'!$B:$B,0)),INDEX('CPU - PROJETO'!$H:$H,MATCH($O242,'CPU - PROJETO'!$B:$B,0))))","v":""},1143,{"$f":"SUM(V243:V245)-V242","v":8.942399999978079E-2}]
["INSUMO",3799,"LUMINARIA DE SOBREPOR EM CHAPA DE ACO PARA 2 LAMPADAS FLUORESCENTES DE *36* W, ALETADA, COMPLETA (LAMPADAS E REATOR INCLUSOS)","UN",1,"",null,{"$f":"INDEX('SINAPI - INSUMO'!E:E,MATCH(B243,'SINAPI - INSUMO'!A:A,0))","v":112.91},null,112.91,null,{"$f":"IF(OR(A243=\"INSUMO\",A243=\"COMPOSICAO\"),\"\",IFERROR(INDEX(ORÇAMENTO!A:A,MATCH(B243,ORÇAMENTO!C:C,0)),\"\"))","v":""},"1.7.10.1","INSUMO",3799,"LUMINARIA DE SOBREPOR EM CHAPA DE ACO PARA 2 LAMPADAS FLUORESCENTES DE *36* W, ALETADA, COMPLETA (LAMPADAS E REATOR INCLUSOS)",1,"UN",{"$f":"INDEX(ORÇAMENTO!G:G,MATCH(M243,ORÇAMENTO!A:A,0))","v":9},9,{"$f":"IF(L243<>\"\",\"\",IF(INDEX('CPU - PROJETO'!$H:$H,MATCH($O243,'CPU - PROJETO'!$B:$B,0))=0,INDEX('CPU - PROJETO'!$I:$I,MATCH($O243,'CPU - PROJETO'!$B:$B,0)),INDEX('CPU - PROJETO'!$H:$H,MATCH($O243,'CPU - PROJETO'!$B:$B,0))))","v":112.91},1016.1899999999999,"1.7.10.1 3799"]
["COMPOSICAO",88247,"AUXILIAR DE ELETRICISTA COM ENCARGOS COMPLEMENTARES","H",0.17269999999999999,"",null,null,{"$f":"INDEX('SINAPI - SINTÉTICO'!K:K,MATCH(B244,'SINAPI - SINTÉTICO'!G:G,0))","v":20},3.45,null,{"$f":"IF(OR(A244=\"INSUMO\",A244=\"COMPOSICAO\"),\"\",IFERROR(INDEX(ORÇAMENTO!A:A,MATCH(B244,ORÇAMENTO!C:C,0)),\"\"))","v":""},"1.7.10.1","COMPOSICAO",88247,"AUXILIAR DE ELETRICISTA COM ENCARGOS COMPLEMENTARES",0.17269999999999999,"H",{"$f":"INDEX(ORÇAMENTO!G:G,MATCH(M244,ORÇAMENTO!A:A,0))","v":9},1.5543,{"$f":"IF(L244<>\"\",\"\",IF(INDEX('CPU - PROJETO'!$H:$H,MATCH($O244,'CPU - PROJETO'!$B:$B,0))=0,INDEX('CPU - PROJETO'!$I:$I,MATCH($O244,'CPU - PROJETO'!$B:$B,0)),INDEX('CPU - PROJETO'!$H:$H,MATCH($O244,'CPU - PROJETO'!$B:$B,0))))","v":20},31.085999999999999,"1.7.10.1 88247"]
["COMPOSICAO",88264,"ELETRICISTA COM ENCARGOS COMPLEMENTARES","H",0.41439999999999999,"",null,null,{"$f":"INDEX('SINAPI - SINTÉTICO'!K:K,MATCH(B245,'SINAPI - SINTÉTICO'!G:G,0))","v":25.69},10.64,null,{"$f":"IF(OR(A245=\"INSUMO\",A245=\"COMPOSICAO\"),\"\",IFERROR(INDEX(ORÇAMENTO!A:A,MATCH(B245,ORÇAMENTO!C:C,0)),\"\"))","v":""},"1.7.10.1","COMPOSICAO",88264,"ELETRICISTA COM ENCARGOS COMPLEMENTARES",0.41439999999999999,"H",{"$f":"INDEX(ORÇAMENTO!G:G,MATCH(M245,ORÇAMENTO!A:A,0))","v":9},3.7296,{"$f":"IF(L245<>\"\",\"\",IF(INDEX('CPU - PROJETO'!$H:$H,MATCH($O245,'CPU - PROJETO'!$B:$B,0))=0,INDEX('CPU - PROJETO'!$I:$I,MATCH($O245,'CPU - PROJETO'!$B:$B,0)),INDEX('CPU - PROJETO'!$H:$H,MATCH($O245,'CPU - PROJETO'!$B:$B,0))))","v":25.69},95.813424000000012,"1.7.10.1 88264"]
["02.INEL.ELE4.020/01","CPU-95746","ELETRODUTO DE AÇO GALVANIZADO, CLASSE LEVE, DN 25 MM (1\u0092\u0092), APARENTE, INSTALADO EM TETO - FORNECIMENTO E INSTALAÇÃO. AF_11/2016_P","M","","Instalações Elétricas - parte 1",null,null,{"$f":"J246","v":25.92},{"$f":"SUM(J247:J251)","v":25.92},null,{"$f":"IF(OR(A246=\"INSUMO\",A246=\"COMPOSICAO\"),\"\",IFERROR(INDEX(ORÇAMENTO!A:A,MATCH(B246,ORÇAMENTO!C:C,0)),\"\"))","v":"1.7.10.2"},"1.7.10.2","02.INEL.ELE4.020/01","CPU-95746","ELETRODUTO DE AÇO GALVANIZADO, CLASSE LEVE, DN 25 MM (1\u0092\u0092), APARENTE, INSTALADO EM TETO - FORNECIMENTO E INSTALAÇÃO. AF_11/2016_P","","M",{"$f":"INDEX(ORÇAMENTO!G:G,MATCH(M246,ORÇAMENTO!A:A,0))","v":14.5},"",{"$f":"IF(L246<>\"\",\"\",IF(INDEX('CPU - PROJETO'!$H:$H,MATCH($O246,'CPU - PROJETO'!$B:$B,0))=0,INDEX('CPU - PROJETO'!$I:$I,MATCH($O246,'CPU - PROJETO'!$B:$B,0)),INDEX('CPU - PROJETO'!$H:$H,MATCH($O246,'CPU - PROJETO'!$B:$B,0))))","v":""},375.84000000000003,{"$f":"SUM(V247:V251)-V246","v":0.34682549999996581}]
["INSUMO",21136,"ELETRODUTO EM ACO GALVANIZADO ELETROLITICO, LEVE, DIAMETRO 1\", PAREDE DE 0,90 MM","M",1.05,"",null,{"$f":"INDEX('SINAPI - INSUMO'!E:E,MATCH(B247,'SINAPI - INSUMO'!A:A,0))","v":14.15},null,14.85,null,{"$f":"IF(OR(A247=\"INSUMO\",A247=\"COMPOSICAO\"),\"\",IFERROR(INDEX(ORÇAMENTO!A:A,MATCH(B247,ORÇAMENTO!C:C,0)),\"\"))","v":""},"1.7.10.2","INSUMO",21136,"ELETRODUTO EM ACO GALVANIZADO ELETROLITICO, LEVE, DIAMETRO 1\", PAREDE DE 0,90 MM",1.05,"M",{"$f":"INDEX(ORÇAMENTO!G:G,MATCH(M247,ORÇAMENTO!A:A,0))","v":14.5},15.225000000000001,{"$f":"IF(L247<>\"\",\"\",IF(INDEX('CPU - PROJETO'!$H:$H,MATCH($O247,'CPU - PROJETO'!$B:$B,0))=0,INDEX('CPU - PROJETO'!$I:$I,MATCH($O247,'CPU - PROJETO'!$B:$B,0)),INDEX('CPU - PROJETO'!$H:$H,MATCH($O247,'CPU - PROJETO'!$B:$B,0))))","v":14.15},215.43375000000003,"1.7.10.2 21136"]
["COMPOSICAO",88247,"AUXILIAR DE ELETRICISTA COM ENCARGOS COMPLEMENTARES","H",0.10440000000000001,"",null,null,{"$f":"INDEX('SINAPI - SINTÉTICO'!K:K,MATCH(B248,'SINAPI - SINTÉTICO'!G:G,0))","v":20},2.08,null,{"$f":"IF(OR(A248=\"INSUMO\",A248=\"COMPOSICAO\"),\"\",IFERROR(INDEX(ORÇAMENTO!A:A,MATCH(B248,ORÇAMENTO!C:C,0)),\"\"))","v":""},"1.7.10.2","COMPOSICAO",88247,"AUXILIAR DE ELETRICISTA COM ENCARGOS COMPLEMENTARES",0.10440000000000001,"H",{"$f":"INDEX(ORÇAMENTO!G:G,MATCH(M248,ORÇAMENTO!A:A,0))","v":14.5},1.5138,{"$f":"IF(L248<>\"\",\"\",IF(INDEX('CPU - PROJETO'!$H:$H,MATCH($O248,'CPU - PROJETO'!$B:$B,0))=0,INDEX('CPU - PROJETO'!$I:$I,MATCH($O248,'CPU - PROJETO'!$B:$B,0)),INDEX('CPU - PROJETO'!$H:$H,MATCH($O248,'CPU - PROJETO'!$B:$B,0))))","v":20},30.276,"1.7.10.2 88247"]
["COMPOSICAO",88264,"ELETRICISTA COM ENCARGOS COMPLEMENTARES","H",0.10440000000000001,"",null,null,{"$f":"INDEX('SINAPI - SINTÉTICO'!K:K,MATCH(B249,'SINAPI - SINTÉTICO'!G:G,0))","v":25.69},2.68,null,{"$f":"IF(OR(A249=\"INSUMO\",A249=\"COMPOSICAO\"),\"\",IFERROR(INDEX(ORÇAMENTO!A:A,MATCH(B249,ORÇAMENTO!C:C,0)),\"\"))","v":""},"1.7.10.2","COMPOSICAO",88264,"ELETRICISTA COM ENCARGOS COMPLEMENTARES",0.10440000000000001,"H",{"$f":"INDEX(ORÇAMENTO!G:G,MATCH(M249,ORÇAMENTO!A:A,0))","v":14.5},1.5138,{"$f":"IF(L249<>\"\",\"\",IF(INDEX('CPU - PROJETO'!$H:$H,MATCH($O249,'CPU - PROJETO'!$B:$B,0))=0,INDEX('CPU - PROJETO'!$I:$I,MATCH($O249,'CPU - PROJETO'!$B:$B,0)),INDEX('CPU - PROJETO'!$H:$H,MATCH($O249,'CPU - PROJETO'!$B:$B,0))))","v":25.69},38.889521999999999,"1.7.10.2 88264"]
["COMPOSICAO",91170,"FIXAÇÃO DE TUBOS HORIZONTAIS DE PVC, CPVC OU COBRE DIÂMETROS MENORES OU IGUAIS A 40 MM OU ELETROCALHAS ATÉ 150MM DE LARGURA, COM ABRAÇADEIRA METÁLICA RÍGIDA TIPO D 1/2\u0094, FIXADA EM PERFILADO EM LAJE. AF_05/2015","M",1,"",null,null,{"$f":"INDEX('SINAPI - SINTÉTICO'!K:K,MATCH(B250,'SINAPI - SINTÉTICO'!G:G,0))","v":3.48},3.48,null,{"$f":"IF(OR(A250=\"INSUMO\",A250=\"COMPOSICAO\"),\"\",IFERROR(INDEX(ORÇAMENTO!A:A,MATCH(B250,ORÇAMENTO!C:C,0)),\"\"))","v":""},"1.7.10.2","COMPOSICAO",91170,"FIXAÇÃO DE TUBOS HORIZONTAIS DE PVC, CPVC OU COBRE DIÂMETROS MENORES OU IGUAIS A 40 MM OU ELETROCALHAS ATÉ 150MM DE LARGURA, COM ABRAÇADEIRA METÁLICA RÍGIDA TIPO D 1/2\u0094, FIXADA EM PERFILADO EM LAJE. AF_05/2015",1,"M",{"$f":"INDEX(ORÇAMENTO!G:G,MATCH(M250,ORÇAMENTO!A:A,0))","v":14.5},14.5,{"$f":"IF(L250<>\"\",\"\",IF(INDEX('CPU - PROJETO'!$H:$H,MATCH($O250,'CPU - PROJETO'!$B:$B,0))=0,INDEX('CPU - PROJETO'!$I:$I,MATCH($O250,'CPU - PROJETO'!$B:$B,0)),INDEX('CPU - PROJETO'!$H:$H,MATCH($O250,'CPU - PROJETO'!$B:$B,0))))","v":3.48},50.46,"1.7.10.2 91170"]
["COMPOSICAO","CPU-95754","LUVA DE EMENDA PARA ELETRODUTO, AÇO GALVANIZADO, DN 25 MM (1''), APARENTE, INSTALADA EM TETO - FORNECIMENTO E INSTALAÇÃO. AF_11/2016_P","UN",0.33329999999999999,"",null,null,{"$f":"'CPU - PROJ.AUX'!J97","v":8.51},2.83,null,{"$f":"IF(OR(A251=\"INSUMO\",A251=\"COMPOSICAO\"),\"\",IFERROR(INDEX(ORÇAMENTO!A:A,MATCH(B251,ORÇAMENTO!C:C,0)),\"\"))","v":""},"1.7.10.2","COMPOSICAO","CPU-95754","LUVA DE EMENDA PARA ELETRODUTO, AÇO GALVANIZADO, DN 25 MM (1''), APARENTE, INSTALADA EM TETO - FORNECIMENTO E INSTALAÇÃO. AF_11/2016_P",0.33329999999999999,"UN",{"$f":"INDEX(ORÇAMENTO!G:G,MATCH(M251,ORÇAMENTO!A:A,0))","v":14.5},4.8328499999999996,{"$f":"IF(L251<>\"\",\"\",IF(INDEX('CPU - PROJETO'!$H:$H,MATCH($O251,'CPU - PROJETO'!$B:$B,0))=0,INDEX('CPU - PROJETO'!$I:$I,MATCH($O251,'CPU - PROJETO'!$B:$B,0)),INDEX('CPU - PROJETO'!$H:$H,MATCH($O251,'CPU - PROJETO'!$B:$B,0))))","v":8.51},41.127553499999998,"1.7.10.2 CPU-95754"]
["02.INEL.ELE4.024/01","CPU-95750","ELETRODUTO DE AÇO GALVANIZADO, CLASSE LEVE, DN 25 MM (1\u0092\u0092), APARENTE, INSTALADO EM PAREDE - FORNECIMENTO E INSTALAÇÃO. AF_11/2016_P","M","","Instalações Elétricas - parte 1",null,null,{"$f":"J252","v":32.130000000000003},{"$f":"SUM(J253:J257)","v":32.130000000000003},null,{"$f":"IF(OR(A252=\"INSUMO\",A252=\"COMPOSICAO\"),\"\",IFERROR(INDEX(ORÇAMENTO!A:A,MATCH(B252,ORÇAMENTO!C:C,0)),\"\"))","v":"1.7.10.3"},"1.7.10.3","02.INEL.ELE4.024/01","CPU-95750","ELETRODUTO DE AÇO GALVANIZADO, CLASSE LEVE, DN 25 MM (1\u0092\u0092), APARENTE, INSTALADO EM PAREDE - FORNECIMENTO E INSTALAÇÃO. AF_11/2016_P","","M",{"$f":"INDEX(ORÇAMENTO!G:G,MATCH(M252,ORÇAMENTO!A:A,0))","v":9},"",{"$f":"IF(L252<>\"\",\"\",IF(INDEX('CPU - PROJETO'!$H:$H,MATCH($O252,'CPU - PROJETO'!$B:$B,0))=0,INDEX('CPU - PROJETO'!$I:$I,MATCH($O252,'CPU - PROJETO'!$B:$B,0)),INDEX('CPU - PROJETO'!$H:$H,MATCH($O252,'CPU - PROJETO'!$B:$B,0))))","v":""},289.17,{"$f":"SUM(V253:V257)-V252","v":0.20873700000004192}]
["INSUMO",21136,"ELETRODUTO EM ACO GALVANIZADO ELETROLITICO, LEVE, DIAMETRO 1\", PAREDE DE 0,90 MM","M",1.05,"",null,{"$f":"INDEX('SINAPI - INSUMO'!E:E,MATCH(B253,'SINAPI - INSUMO'!A:A,0))","v":14.15},null,14.85,null,{"$f":"IF(OR(A253=\"INSUMO\",A253=\"COMPOSICAO\"),\"\",IFERROR(INDEX(ORÇAMENTO!A:A,MATCH(B253,ORÇAMENTO!C:C,0)),\"\"))","v":""},"1.7.10.3","INSUMO",21136,"ELETRODUTO EM ACO GALVANIZADO ELETROLITICO, LEVE, DIAMETRO 1\", PAREDE DE 0,90 MM",1.05,"M",{"$f":"INDEX(ORÇAMENTO!G:G,MATCH(M253,ORÇAMENTO!A:A,0))","v":9},9.4500000000000011,{"$f":"IF(L253<>\"\",\"\",IF(INDEX('CPU - PROJETO'!$H:$H,MATCH($O253,'CPU - PROJETO'!$B:$B,0))=0,INDEX('CPU - PROJETO'!$I:$I,MATCH($O253,'CPU - PROJETO'!$B:$B,0)),INDEX('CPU - PROJETO'!$H:$H,MATCH($O253,'CPU - PROJETO'!$B:$B,0))))","v":14.15},133.71750000000003,{"$f":"CONCATENATE(M253,\" \",O253)","v":"1.7.10.3 21136"}]
["COMPOSICAO",88247,"AUXILIAR DE ELETRICISTA COM ENCARGOS COMPLEMENTARES","H",0.21629999999999999,"",null,null,{"$f":"INDEX('SINAPI - SINTÉTICO'!K:K,MATCH(B254,'SINAPI - SINTÉTICO'!G:G,0))","v":20},4.32,null,{"$f":"IF(OR(A254=\"INSUMO\",A254=\"COMPOSICAO\"),\"\",IFERROR(INDEX(ORÇAMENTO!A:A,MATCH(B254,ORÇAMENTO!C:C,0)),\"\"))","v":""},"1.7.10.3","COMPOSICAO",88247,"AUXILIAR DE ELETRICISTA COM ENCARGOS COMPLEMENTARES",0.21629999999999999,"H",{"$f":"INDEX(ORÇAMENTO!G:G,MATCH(M254,ORÇAMENTO!A:A,0))","v":9},1.9466999999999999,{"$f":"IF(L254<>\"\",\"\",IF(INDEX('CPU - PROJETO'!$H:$H,MATCH($O254,'CPU - PROJETO'!$B:$B,0))=0,INDEX('CPU - PROJETO'!$I:$I,MATCH($O254,'CPU - PROJETO'!$B:$B,0)),INDEX('CPU - PROJETO'!$H:$H,MATCH($O254,'CPU - PROJETO'!$B:$B,0))))","v":20},38.933999999999997,"1.7.10.3 88247"]
["COMPOSICAO",88264,"ELETRICISTA COM ENCARGOS COMPLEMENTARES","H",0.21629999999999999,"",null,null,{"$f":"INDEX('SINAPI - SINTÉTICO'!K:K,MATCH(B255,'SINAPI - SINTÉTICO'!G:G,0))","v":25.69},5.55,null,{"$f":"IF(OR(A255=\"INSUMO\",A255=\"COMPOSICAO\"),\"\",IFERROR(INDEX(ORÇAMENTO!A:A,MATCH(B255,ORÇAMENTO!C:C,0)),\"\"))","v":""},"1.7.10.3","COMPOSICAO",88264,"ELETRICISTA COM ENCARGOS COMPLEMENTARES",0.21629999999999999,"H",{"$f":"INDEX(ORÇAMENTO!G:G,MATCH(M255,ORÇAMENTO!A:A,0))","v":9},1.9466999999999999,{"$f":"IF(L255<>\"\",\"\",IF(INDEX('CPU - PROJETO'!$H:$H,MATCH($O255,'CPU - PROJETO'!$B:$B,0))=0,INDEX('CPU - PROJETO'!$I:$I,MATCH($O255,'CPU - PROJETO'!$B:$B,0)),INDEX('CPU - PROJETO'!$H:$H,MATCH($O255,'CPU - PROJETO'!$B:$B,0))))","v":25.69},50.010722999999999,"1.7.10.3 88264"]
["COMPOSICAO",91173,"FIXAÇÃO DE TUBOS VERTICAIS DE PPR DIÂMETROS MENORES OU IGUAIS A 40 MM COM ABRAÇADEIRA METÁLICA RÍGIDA TIPO D 1/2\", FIXADA EM PERFILADO EM ALVENARIA. AF_05/2015","M",2,"",null,null,{"$f":"INDEX('SINAPI - SINTÉTICO'!K:K,MATCH(B256,'SINAPI - SINTÉTICO'!G:G,0))","v":1.77},3.54,null,{"$f":"IF(OR(A256=\"INSUMO\",A256=\"COMPOSICAO\"),\"\",IFERROR(INDEX(ORÇAMENTO!A:A,MATCH(B256,ORÇAMENTO!C:C,0)),\"\"))","v":""},"1.7.10.3","COMPOSICAO",91173,"FIXAÇÃO DE TUBOS VERTICAIS DE PPR DIÂMETROS MENORES OU IGUAIS A 40 MM COM ABRAÇADEIRA METÁLICA RÍGIDA TIPO D 1/2\", FIXADA EM PERFILADO EM ALVENARIA. AF_05/2015",2,"M",{"$f":"INDEX(ORÇAMENTO!G:G,MATCH(M256,ORÇAMENTO!A:A,0))","v":9},18,{"$f":"IF(L256<>\"\",\"\",IF(INDEX('CPU - PROJETO'!$H:$H,MATCH($O256,'CPU - PROJETO'!$B:$B,0))=0,INDEX('CPU - PROJETO'!$I:$I,MATCH($O256,'CPU - PROJETO'!$B:$B,0)),INDEX('CPU - PROJETO'!$H:$H,MATCH($O256,'CPU - PROJETO'!$B:$B,0))))","v":1.77},31.86,"1.7.10.3 91173"]
["COMPOSICAO","CPU-95758","LUVA DE EMENDA PARA ELETRODUTO, AÇO GALVANIZADO, DN 25 MM (1''), APARENTE, INSTALADA EM PAREDE - FORNECIMENTO E INSTALAÇÃO. AF_11/2016_P","UN",0.33329999999999999,"",null,null,{"$f":"'CPU - PROJ.AUX'!J105","v":11.62},3.87,null,{"$f":"IF(OR(A257=\"INSUMO\",A257=\"COMPOSICAO\"),\"\",IFERROR(INDEX(ORÇAMENTO!A:A,MATCH(B257,ORÇAMENTO!C:C,0)),\"\"))","v":""},"1.7.10.3","COMPOSICAO","CPU-95758","LUVA DE EMENDA PARA ELETRODUTO, AÇO GALVANIZADO, DN 25 MM (1''), APARENTE, INSTALADA EM PAREDE - FORNECIMENTO E INSTALAÇÃO. AF_11/2016_P",0.33329999999999999,"UN",{"$f":"INDEX(ORÇAMENTO!G:G,MATCH(M257,ORÇAMENTO!A:A,0))","v":9},2.9996999999999998,{"$f":"IF(L257<>\"\",\"\",IF(INDEX('CPU - PROJETO'!$H:$H,MATCH($O257,'CPU - PROJETO'!$B:$B,0))=0,INDEX('CPU - PROJETO'!$I:$I,MATCH($O257,'CPU - PROJETO'!$B:$B,0)),INDEX('CPU - PROJETO'!$H:$H,MATCH($O257,'CPU - PROJETO'!$B:$B,0))))","v":11.62},34.856513999999997,{"$f":"CONCATENATE(M257,\" \",O257)","v":"1.7.10.3 CPU-95758"}]
["02.INEL.ELE4.059/01",95802,"CONDULETE DE ALUMÍNIO, TIPO X, PARA ELETRODUTO DE AÇO GALVANIZADO DN 25 MM (1''), APARENTE - FORNECIMENTO E INSTALAÇÃO. AF_11/2016_P","UN","","Instalações Elétricas - parte 1",null,null,{"$f":"INDEX('SINAPI - SINTÉTICO'!K:K,MATCH(B258,'SINAPI - SINTÉTICO'!G:G,0))","v":46.86},{"$f":"SUM(J259:J262)","v":46.860000000000007},null,{"$f":"IF(OR(A258=\"INSUMO\",A258=\"COMPOSICAO\"),\"\",IFERROR(INDEX(ORÇAMENTO!A:A,MATCH(B258,ORÇAMENTO!C:C,0)),\"\"))","v":"1.7.10.4"},"1.7.10.4","02.INEL.ELE4.059/01",95802,"CONDULETE DE ALUMÍNIO, TIPO X, PARA ELETRODUTO DE AÇO GALVANIZADO DN 25 MM (1''), APARENTE - FORNECIMENTO E INSTALAÇÃO. AF_11/2016_P","","UN",{"$f":"INDEX(ORÇAMENTO!G:G,MATCH(M258,ORÇAMENTO!A:A,0))","v":4},"",{"$f":"IF(L258<>\"\",\"\",IF(INDEX('CPU - PROJETO'!$H:$H,MATCH($O258,'CPU - PROJETO'!$B:$B,0))=0,INDEX('CPU - PROJETO'!$I:$I,MATCH($O258,'CPU - PROJETO'!$B:$B,0)),INDEX('CPU - PROJETO'!$H:$H,MATCH($O258,'CPU - PROJETO'!$B:$B,0))))","v":""},187.44,{"$f":"SUM(V259:V262)-V258","v":6.2104000000005044E-2}]
["INSUMO",2581,"CONDULETE DE ALUMINIO TIPO X, PARA ELETRODUTO ROSCAVEL DE 1\", COM TAMPA CEGA","UN",1,"",null,{"$f":"INDEX('SINAPI - INSUMO'!E:E,MATCH(B259,'SINAPI - INSUMO'!A:A,0))","v":22.17},null,22.17,null,{"$f":"IF(OR(A259=\"INSUMO\",A259=\"COMPOSICAO\"),\"\",IFERROR(INDEX(ORÇAMENTO!A:A,MATCH(B259,ORÇAMENTO!C:C,0)),\"\"))","v":""},"1.7.10.4","INSUMO",2581,"CONDULETE DE ALUMINIO TIPO X, PARA ELETRODUTO ROSCAVEL DE 1\", COM TAMPA CEGA",1,"UN",{"$f":"INDEX(ORÇAMENTO!G:G,MATCH(M259,ORÇAMENTO!A:A,0))","v":4},4,{"$f":"IF(L259<>\"\",\"\",IF(INDEX('CPU - PROJETO'!$H:$H,MATCH($O259,'CPU - PROJETO'!$B:$B,0))=0,INDEX('CPU - PROJETO'!$I:$I,MATCH($O259,'CPU - PROJETO'!$B:$B,0)),INDEX('CPU - PROJETO'!$H:$H,MATCH($O259,'CPU - PROJETO'!$B:$B,0))))","v":22.17},88.68,{"$f":"CONCATENATE(M259,\" \",O259)","v":"1.7.10.4 2581"}]
["INSUMO",11950,"BUCHA DE NYLON SEM ABA S6, COM PARAFUSO DE 4,20 X 40 MM EM ACO ZINCADO COM ROSCA SOBERBA, CABECA CHATA E FENDA PHILLIPS","UN",2,"",null,{"$f":"INDEX('SINAPI - INSUMO'!E:E,MATCH(B260,'SINAPI - INSUMO'!A:A,0))","v":0.35},null,0.7,null,{"$f":"IF(OR(A260=\"INSUMO\",A260=\"COMPOSICAO\"),\"\",IFERROR(INDEX(ORÇAMENTO!A:A,MATCH(B260,ORÇAMENTO!C:C,0)),\"\"))","v":""},"1.7.10.4","INSUMO",11950,"BUCHA DE NYLON SEM ABA S6, COM PARAFUSO DE 4,20 X 40 MM EM ACO ZINCADO COM ROSCA SOBERBA, CABECA CHATA E FENDA PHILLIPS",2,"UN",{"$f":"INDEX(ORÇAMENTO!G:G,MATCH(M260,ORÇAMENTO!A:A,0))","v":4},8,{"$f":"IF(L260<>\"\",\"\",IF(INDEX('CPU - PROJETO'!$H:$H,MATCH($O260,'CPU - PROJETO'!$B:$B,0))=0,INDEX('CPU - PROJETO'!$I:$I,MATCH($O260,'CPU - PROJETO'!$B:$B,0)),INDEX('CPU - PROJETO'!$H:$H,MATCH($O260,'CPU - PROJETO'!$B:$B,0))))","v":0.35},2.8,{"$f":"CONCATENATE(M260,\" \",O260)","v":"1.7.10.4 11950"}]
["COMPOSICAO",88247,"AUXILIAR DE ELETRICISTA COM ENCARGOS COMPLEMENTARES","H",0.52539999999999998,"",null,null,{"$f":"INDEX('SINAPI - SINTÉTICO'!K:K,MATCH(B261,'SINAPI - SINTÉTICO'!G:G,0))","v":20},10.5,null,{"$f":"IF(OR(A261=\"INSUMO\",A261=\"COMPOSICAO\"),\"\",IFERROR(INDEX(ORÇAMENTO!A:A,MATCH(B261,ORÇAMENTO!C:C,0)),\"\"))","v":""},"1.7.10.4","COMPOSICAO",88247,"AUXILIAR DE ELETRICISTA COM ENCARGOS COMPLEMENTARES",0.52539999999999998,"H",{"$f":"INDEX(ORÇAMENTO!G:G,MATCH(M261,ORÇAMENTO!A:A,0))","v":4},2.1015999999999999,{"$f":"IF(L261<>\"\",\"\",IF(INDEX('CPU - PROJETO'!$H:$H,MATCH($O261,'CPU - PROJETO'!$B:$B,0))=0,INDEX('CPU - PROJETO'!$I:$I,MATCH($O261,'CPU - PROJETO'!$B:$B,0)),INDEX('CPU - PROJETO'!$H:$H,MATCH($O261,'CPU - PROJETO'!$B:$B,0))))","v":20},42.031999999999996,"1.7.10.4 88247"]
["COMPOSICAO",88264,"ELETRICISTA COM ENCARGOS COMPLEMENTARES","H",0.52539999999999998,"",null,null,{"$f":"INDEX('SINAPI - SINTÉTICO'!K:K,MATCH(B262,'SINAPI - SINTÉTICO'!G:G,0))","v":25.69},13.49,null,{"$f":"IF(OR(A262=\"INSUMO\",A262=\"COMPOSICAO\"),\"\",IFERROR(INDEX(ORÇAMENTO!A:A,MATCH(B262,ORÇAMENTO!C:C,0)),\"\"))","v":""},"1.7.10.4","COMPOSICAO",88264,"ELETRICISTA COM ENCARGOS COMPLEMENTARES",0.52539999999999998,"H",{"$f":"INDEX(ORÇAMENTO!G:G,MATCH(M262,ORÇAMENTO!A:A,0))","v":4},2.1015999999999999,{"$f":"IF(L262<>\"\",\"\",IF(INDEX('CPU - PROJETO'!$H:$H,MATCH($O262,'CPU - PROJETO'!$B:$B,0))=0,INDEX('CPU - PROJETO'!$I:$I,MATCH($O262,'CPU - PROJETO'!$B:$B,0)),INDEX('CPU - PROJETO'!$H:$H,MATCH($O262,'CPU - PROJETO'!$B:$B,0))))","v":25.69},53.990104000000002,"1.7.10.4 88264"]
["02.INEL.ELE4.053/01",95796,"CONDULETE DE ALUMÍNIO, TIPO T, PARA ELETRODUTO DE AÇO GALVANIZADO DN 25 MM (1''), APARENTE - FORNECIMENTO E INSTALAÇÃO. AF_11/2016_P","UN","","Instalações Elétricas - parte 1",null,null,{"$f":"INDEX('SINAPI - SINTÉTICO'!K:K,MATCH(B263,'SINAPI - SINTÉTICO'!G:G,0))","v":44.77},{"$f":"SUM(J264:J267)","v":44.769999999999996},null,{"$f":"IF(OR(A263=\"INSUMO\",A263=\"COMPOSICAO\"),\"\",IFERROR(INDEX(ORÇAMENTO!A:A,MATCH(B263,ORÇAMENTO!C:C,0)),\"\"))","v":"1.7.10.6"},"1.7.10.6",{"$f":"A263","v":"02.INEL.ELE4.053/01"},{"$f":"B263","v":95796},{"$f":"C263","v":"CONDULETE DE ALUMÍNIO, TIPO T, PARA ELETRODUTO DE AÇO GALVANIZADO DN 25 MM (1''), APARENTE - FORNECIMENTO E INSTALAÇÃO. AF_11/2016_P"},"",{"$f":"D263","v":"UN"},{"$f":"INDEX(ORÇAMENTO!G:G,MATCH(M263,ORÇAMENTO!A:A,0))","v":3},"",{"$f":"IF(L263<>\"\",\"\",IF(INDEX('CPU - PROJETO'!$H:$H,MATCH($O263,'CPU - PROJETO'!$B:$B,0))=0,INDEX('CPU - PROJETO'!$I:$I,MATCH($O263,'CPU - PROJETO'!$B:$B,0)),INDEX('CPU - PROJETO'!$H:$H,MATCH($O263,'CPU - PROJETO'!$B:$B,0))))","v":""},134.31,{"$f":"SUM(V264:V267)-V263","v":2.0645999999999276E-2}]
["INSUMO",2586,"CONDULETE DE ALUMINIO TIPO T, PARA ELETRODUTO ROSCAVEL DE 1\", COM TAMPA CEGA","UN",1,"",null,{"$f":"INDEX('SINAPI - INSUMO'!E:E,MATCH(B264,'SINAPI - INSUMO'!A:A,0))","v":23.16},null,23.16,null,{"$f":"IF(OR(A264=\"INSUMO\",A264=\"COMPOSICAO\"),\"\",IFERROR(INDEX(ORÇAMENTO!A:A,MATCH(B264,ORÇAMENTO!C:C,0)),\"\"))","v":""},"1.7.10.6","INSUMO",2586,"CONDULETE DE ALUMINIO TIPO T, PARA ELETRODUTO ROSCAVEL DE 1\", COM TAMPA CEGA",{"$f":"IF(L264<>\"\",\"\",E264)","v":1},"UN",{"$f":"INDEX(ORÇAMENTO!G:G,MATCH(M264,ORÇAMENTO!A:A,0))","v":3},{"$f":"IF(L264<>\"\",\"\",Q264*S264)","v":3},{"$f":"IF(L264<>\"\",\"\",IF(INDEX('CPU - PROJETO'!$H:$H,MATCH($O264,'CPU - PROJETO'!$B:$B,0))=0,INDEX('CPU - PROJETO'!$I:$I,MATCH($O264,'CPU - PROJETO'!$B:$B,0)),INDEX('CPU - PROJETO'!$H:$H,MATCH($O264,'CPU - PROJETO'!$B:$B,0))))","v":23.16},{"$f":"IF(L264<>\"\",IF(I264=0,J264,I264)*S264,T264*U264)","v":69.48},"1.7.10.6 2586"]
["INSUMO",11950,"BUCHA DE NYLON SEM ABA S6, COM PARAFUSO DE 4,20 X 40 MM EM ACO ZINCADO COM ROSCA SOBERBA, CABECA CHATA E FENDA PHILLIPS","UN",2,"",null,{"$f":"INDEX('SINAPI - INSUMO'!E:E,MATCH(B265,'SINAPI - INSUMO'!A:A,0))","v":0.35},null,{"$f":"TRUNC(E265*H265+E265*I265,2)","v":0.7},null,{"$f":"IF(OR(A265=\"INSUMO\",A265=\"COMPOSICAO\"),\"\",IFERROR(INDEX(ORÇAMENTO!A:A,MATCH(B265,ORÇAMENTO!C:C,0)),\"\"))","v":""},{"$f":"IF(L265<>\"\",L265,IF(M264<>0,M264,L265))","v":"1.7.10.6"},"INSUMO",11950,"BUCHA DE NYLON SEM ABA S6, COM PARAFUSO DE 4,20 X 40 MM EM ACO ZINCADO COM ROSCA SOBERBA, CABECA CHATA E FENDA PHILLIPS",2,"UN",{"$f":"INDEX(ORÇAMENTO!G:G,MATCH(M265,ORÇAMENTO!A:A,0))","v":3},6,{"$f":"IF(L265<>\"\",\"\",IF(INDEX('CPU - PROJETO'!$H:$H,MATCH($O265,'CPU - PROJETO'!$B:$B,0))=0,INDEX('CPU - PROJETO'!$I:$I,MATCH($O265,'CPU - PROJETO'!$B:$B,0)),INDEX('CPU - PROJETO'!$H:$H,MATCH($O265,'CPU - PROJETO'!$B:$B,0))))","v":0.35},2.0999999999999996,"1.7.10.6 11950"]
["COMPOSICAO",88247,"AUXILIAR DE ELETRICISTA COM ENCARGOS COMPLEMENTARES","H",0.45779999999999998,"",null,null,{"$f":"INDEX('SINAPI - SINTÉTICO'!K:K,MATCH(B266,'SINAPI - SINTÉTICO'!G:G,0))","v":20},9.15,null,{"$f":"IF(OR(A266=\"INSUMO\",A266=\"COMPOSICAO\"),\"\",IFERROR(INDEX(ORÇAMENTO!A:A,MATCH(B266,ORÇAMENTO!C:C,0)),\"\"))","v":""},"1.7.10.6","COMPOSICAO",88247,"AUXILIAR DE ELETRICISTA COM ENCARGOS COMPLEMENTARES",0.45779999999999998,"H",{"$f":"INDEX(ORÇAMENTO!G:G,MATCH(M266,ORÇAMENTO!A:A,0))","v":3},1.3734,{"$f":"IF(L266<>\"\",\"\",IF(INDEX('CPU - PROJETO'!$H:$H,MATCH($O266,'CPU - PROJETO'!$B:$B,0))=0,INDEX('CPU - PROJETO'!$I:$I,MATCH($O266,'CPU - PROJETO'!$B:$B,0)),INDEX('CPU - PROJETO'!$H:$H,MATCH($O266,'CPU - PROJETO'!$B:$B,0))))","v":20},27.468,"1.7.10.6 88247"]
["COMPOSICAO",88264,"ELETRICISTA COM ENCARGOS COMPLEMENTARES","H",0.45779999999999998,"",null,null,{"$f":"INDEX('SINAPI - SINTÉTICO'!K:K,MATCH(B267,'SINAPI - SINTÉTICO'!G:G,0))","v":25.69},11.76,null,{"$f":"IF(OR(A267=\"INSUMO\",A267=\"COMPOSICAO\"),\"\",IFERROR(INDEX(ORÇAMENTO!A:A,MATCH(B267,ORÇAMENTO!C:C,0)),\"\"))","v":""},"1.7.10.6","COMPOSICAO",88264,"ELETRICISTA COM ENCARGOS COMPLEMENTARES",0.45779999999999998,"H",{"$f":"INDEX(ORÇAMENTO!G:G,MATCH(M267,ORÇAMENTO!A:A,0))","v":3},1.3734,{"$f":"IF(L267<>\"\",\"\",IF(INDEX('CPU - PROJETO'!$H:$H,MATCH($O267,'CPU - PROJETO'!$B:$B,0))=0,INDEX('CPU - PROJETO'!$I:$I,MATCH($O267,'CPU - PROJETO'!$B:$B,0)),INDEX('CPU - PROJETO'!$H:$H,MATCH($O267,'CPU - PROJETO'!$B:$B,0))))","v":25.69},35.282646,"1.7.10.6 88264"]
["02.INEL.ELE4.047/02",95789,"CONDULETE DE ALUMÍNIO, TIPO LR, PARA ELETRODUTO DE AÇO GALVANIZADO DN 25 MM (1''), APARENTE - FORNECIMENTO E INSTALAÇÃO. AF_11/2016_P","UN","","Instalações Elétricas - parte 1",null,null,{"$f":"INDEX('SINAPI - SINTÉTICO'!K:K,MATCH(B268,'SINAPI - SINTÉTICO'!G:G,0))","v":38.119999999999997},{"$f":"SUM(J269:J272)","v":38.120000000000005},null,{"$f":"IF(OR(A268=\"INSUMO\",A268=\"COMPOSICAO\"),\"\",IFERROR(INDEX(ORÇAMENTO!A:A,MATCH(B268,ORÇAMENTO!C:C,0)),\"\"))","v":"1.7.10.5"},"1.7.10.5","02.INEL.ELE4.047/02",95789,"CONDULETE DE ALUMÍNIO, TIPO LR, PARA ELETRODUTO DE AÇO GALVANIZADO DN 25 MM (1''), APARENTE - FORNECIMENTO E INSTALAÇÃO. AF_11/2016_P","","UN",{"$f":"INDEX(ORÇAMENTO!G:G,MATCH(M268,ORÇAMENTO!A:A,0))","v":5},"",{"$f":"IF(L268<>\"\",\"\",IF(INDEX('CPU - PROJETO'!$H:$H,MATCH($O268,'CPU - PROJETO'!$B:$B,0))=0,INDEX('CPU - PROJETO'!$I:$I,MATCH($O268,'CPU - PROJETO'!$B:$B,0)),INDEX('CPU - PROJETO'!$H:$H,MATCH($O268,'CPU - PROJETO'!$B:$B,0))))","v":""},190.6,{"$f":"SUM(V269:V272)-V268","v":4.1190000000028704E-2}]
["INSUMO",2570,"CONDULETE DE ALUMINIO TIPO LR, PARA ELETRODUTO ROSCAVEL DE 1\", COM TAMPA CEGA","UN",1,"",null,{"$f":"INDEX('SINAPI - INSUMO'!E:E,MATCH(B269,'SINAPI - INSUMO'!A:A,0))","v":19.600000000000001},null,{"$f":"TRUNC(E269*H269+E269*I269,2)","v":19.600000000000001},null,{"$f":"IF(OR(A269=\"INSUMO\",A269=\"COMPOSICAO\"),\"\",IFERROR(INDEX(ORÇAMENTO!A:A,MATCH(B269,ORÇAMENTO!C:C,0)),\"\"))","v":""},"1.7.10.5","INSUMO",2570,"CONDULETE DE ALUMINIO TIPO LR, PARA ELETRODUTO ROSCAVEL DE 1\", COM TAMPA CEGA",1,"UN",{"$f":"INDEX(ORÇAMENTO!G:G,MATCH(M269,ORÇAMENTO!A:A,0))","v":5},5,{"$f":"IF(L269<>\"\",\"\",IF(INDEX('CPU - PROJETO'!$H:$H,MATCH($O269,'CPU - PROJETO'!$B:$B,0))=0,INDEX('CPU - PROJETO'!$I:$I,MATCH($O269,'CPU - PROJETO'!$B:$B,0)),INDEX('CPU - PROJETO'!$H:$H,MATCH($O269,'CPU - PROJETO'!$B:$B,0))))","v":19.600000000000001},98,{"$f":"CONCATENATE(M269,\" \",O269)","v":"1.7.10.5 2570"}]
["INSUMO",11950,"BUCHA DE NYLON SEM ABA S6, COM PARAFUSO DE 4,20 X 40 MM EM ACO ZINCADO COM ROSCA SOBERBA, CABECA CHATA E FENDA PHILLIPS","UN",2,"",null,{"$f":"INDEX('SINAPI - INSUMO'!E:E,MATCH(B270,'SINAPI - INSUMO'!A:A,0))","v":0.35},null,0.7,null,{"$f":"IF(OR(A270=\"INSUMO\",A270=\"COMPOSICAO\"),\"\",IFERROR(INDEX(ORÇAMENTO!A:A,MATCH(B270,ORÇAMENTO!C:C,0)),\"\"))","v":""},"1.7.10.5","INSUMO",11950,"BUCHA DE NYLON SEM ABA S6, COM PARAFUSO DE 4,20 X 40 MM EM ACO ZINCADO COM ROSCA SOBERBA, CABECA CHATA E FENDA PHILLIPS",2,"UN",{"$f":"INDEX(ORÇAMENTO!G:G,MATCH(M270,ORÇAMENTO!A:A,0))","v":5},10,{"$f":"IF(L270<>\"\",\"\",IF(INDEX('CPU - PROJETO'!$H:$H,MATCH($O270,'CPU - PROJETO'!$B:$B,0))=0,INDEX('CPU - PROJETO'!$I:$I,MATCH($O270,'CPU - PROJETO'!$B:$B,0)),INDEX('CPU - PROJETO'!$H:$H,MATCH($O270,'CPU - PROJETO'!$B:$B,0))))","v":0.35},3.5,"1.7.10.5 11950"]
["COMPOSICAO",88247,"AUXILIAR DE ELETRICISTA COM ENCARGOS COMPLEMENTARES","H",0.39019999999999999,"",null,null,{"$f":"INDEX('SINAPI - SINTÉTICO'!K:K,MATCH(B271,'SINAPI - SINTÉTICO'!G:G,0))","v":20},7.8,null,{"$f":"IF(OR(A271=\"INSUMO\",A271=\"COMPOSICAO\"),\"\",IFERROR(INDEX(ORÇAMENTO!A:A,MATCH(B271,ORÇAMENTO!C:C,0)),\"\"))","v":""},"1.7.10.5","COMPOSICAO",88247,"AUXILIAR DE ELETRICISTA COM ENCARGOS COMPLEMENTARES",0.39019999999999999,"H",{"$f":"INDEX(ORÇAMENTO!G:G,MATCH(M271,ORÇAMENTO!A:A,0))","v":5},1.9510000000000001,{"$f":"IF(L271<>\"\",\"\",IF(INDEX('CPU - PROJETO'!$H:$H,MATCH($O271,'CPU - PROJETO'!$B:$B,0))=0,INDEX('CPU - PROJETO'!$I:$I,MATCH($O271,'CPU - PROJETO'!$B:$B,0)),INDEX('CPU - PROJETO'!$H:$H,MATCH($O271,'CPU - PROJETO'!$B:$B,0))))","v":20},39.020000000000003,"1.7.10.5 88247"]
["COMPOSICAO",88264,"ELETRICISTA COM ENCARGOS COMPLEMENTARES","H",0.39019999999999999,"",null,null,{"$f":"INDEX('SINAPI - SINTÉTICO'!K:K,MATCH(B272,'SINAPI - SINTÉTICO'!G:G,0))","v":25.69},10.02,null,{"$f":"IF(OR(A272=\"INSUMO\",A272=\"COMPOSICAO\"),\"\",IFERROR(INDEX(ORÇAMENTO!A:A,MATCH(B272,ORÇAMENTO!C:C,0)),\"\"))","v":""},"1.7.10.5","COMPOSICAO",88264,"ELETRICISTA COM ENCARGOS COMPLEMENTARES",0.39019999999999999,"H",{"$f":"INDEX(ORÇAMENTO!G:G,MATCH(M272,ORÇAMENTO!A:A,0))","v":5},1.9510000000000001,{"$f":"IF(L272<>\"\",\"\",IF(INDEX('CPU - PROJETO'!$H:$H,MATCH($O272,'CPU - PROJETO'!$B:$B,0))=0,INDEX('CPU - PROJETO'!$I:$I,MATCH($O272,'CPU - PROJETO'!$B:$B,0)),INDEX('CPU - PROJETO'!$H:$H,MATCH($O272,'CPU - PROJETO'!$B:$B,0))))","v":25.69},50.121190000000006,"1.7.10.5 88264"]
["02.INEL.ELE4.044/03",95782,"CONDULETE DE ALUMÍNIO, TIPO E, ELETRODUTO DE AÇO GALVANIZADO DN 25 MM (1''), APARENTE - FORNECIMENTO E INSTALAÇÃO. AF_11/2016_P","UN","","Instalações Elétricas - parte 1",null,null,{"$f":"INDEX('SINAPI - SINTÉTICO'!K:K,MATCH(B273,'SINAPI - SINTÉTICO'!G:G,0))","v":32.619999999999997},{"$f":"SUM(J274:J277)","v":32.619999999999997},null,{"$f":"IF(OR(A273=\"INSUMO\",A273=\"COMPOSICAO\"),\"\",IFERROR(INDEX(ORÇAMENTO!A:A,MATCH(B273,ORÇAMENTO!C:C,0)),\"\"))","v":"1.7.10.7"},"1.7.10.7","02.INEL.ELE4.044/03",95782,"CONDULETE DE ALUMÍNIO, TIPO E, ELETRODUTO DE AÇO GALVANIZADO DN 25 MM (1''), APARENTE - FORNECIMENTO E INSTALAÇÃO. AF_11/2016_P","","UN",{"$f":"INDEX(ORÇAMENTO!G:G,MATCH(M273,ORÇAMENTO!A:A,0))","v":4},"",{"$f":"IF(L273<>\"\",\"\",IF(INDEX('CPU - PROJETO'!$H:$H,MATCH($O273,'CPU - PROJETO'!$B:$B,0))=0,INDEX('CPU - PROJETO'!$I:$I,MATCH($O273,'CPU - PROJETO'!$B:$B,0)),INDEX('CPU - PROJETO'!$H:$H,MATCH($O273,'CPU - PROJETO'!$B:$B,0))))","v":""},130.47999999999999,{"$f":"SUM(V274:V277)-V273","v":3.8000000000124601E-3}]
["INSUMO",2590,"CONDULETE DE ALUMINIO TIPO E, PARA ELETRODUTO ROSCAVEL DE 1\", COM TAMPA CEGA","UN",1,"",null,{"$f":"INDEX('SINAPI - INSUMO'!E:E,MATCH(B274,'SINAPI - INSUMO'!A:A,0))","v":20.27},null,{"$f":"TRUNC(E274*H274+E274*I274,2)","v":20.27},null,{"$f":"IF(OR(A274=\"INSUMO\",A274=\"COMPOSICAO\"),\"\",IFERROR(INDEX(ORÇAMENTO!A:A,MATCH(B274,ORÇAMENTO!C:C,0)),\"\"))","v":""},"1.7.10.7","INSUMO",2590,"CONDULETE DE ALUMINIO TIPO E, PARA ELETRODUTO ROSCAVEL DE 1\", COM TAMPA CEGA",1,"UN",{"$f":"INDEX(ORÇAMENTO!G:G,MATCH(M274,ORÇAMENTO!A:A,0))","v":4},4,{"$f":"IF(L274<>\"\",\"\",IF(INDEX('CPU - PROJETO'!$H:$H,MATCH($O274,'CPU - PROJETO'!$B:$B,0))=0,INDEX('CPU - PROJETO'!$I:$I,MATCH($O274,'CPU - PROJETO'!$B:$B,0)),INDEX('CPU - PROJETO'!$H:$H,MATCH($O274,'CPU - PROJETO'!$B:$B,0))))","v":20.27},81.08,"1.7.10.7 2590"]
["INSUMO",11950,"BUCHA DE NYLON SEM ABA S6, COM PARAFUSO DE 4,20 X 40 MM EM ACO ZINCADO COM ROSCA SOBERBA, CABECA CHATA E FENDA PHILLIPS","UN",2,"",null,{"$f":"INDEX('SINAPI - INSUMO'!E:E,MATCH(B275,'SINAPI - INSUMO'!A:A,0))","v":0.35},null,0.7,null,{"$f":"IF(OR(A275=\"INSUMO\",A275=\"COMPOSICAO\"),\"\",IFERROR(INDEX(ORÇAMENTO!A:A,MATCH(B275,ORÇAMENTO!C:C,0)),\"\"))","v":""},"1.7.10.7","INSUMO",11950,"BUCHA DE NYLON SEM ABA S6, COM PARAFUSO DE 4,20 X 40 MM EM ACO ZINCADO COM ROSCA SOBERBA, CABECA CHATA E FENDA PHILLIPS",2,"UN",{"$f":"INDEX(ORÇAMENTO!G:G,MATCH(M275,ORÇAMENTO!A:A,0))","v":4},8,{"$f":"IF(L275<>\"\",\"\",IF(INDEX('CPU - PROJETO'!$H:$H,MATCH($O275,'CPU - PROJETO'!$B:$B,0))=0,INDEX('CPU - PROJETO'!$I:$I,MATCH($O275,'CPU - PROJETO'!$B:$B,0)),INDEX('CPU - PROJETO'!$H:$H,MATCH($O275,'CPU - PROJETO'!$B:$B,0))))","v":0.35},2.8,"1.7.10.7 11950"]
["COMPOSICAO",88247,"AUXILIAR DE ELETRICISTA COM ENCARGOS COMPLEMENTARES","H",0.255,"",null,null,{"$f":"INDEX('SINAPI - SINTÉTICO'!K:K,MATCH(B276,'SINAPI - SINTÉTICO'!G:G,0))","v":20},5.0999999999999996,null,{"$f":"IF(OR(A276=\"INSUMO\",A276=\"COMPOSICAO\"),\"\",IFERROR(INDEX(ORÇAMENTO!A:A,MATCH(B276,ORÇAMENTO!C:C,0)),\"\"))","v":""},"1.7.10.7","COMPOSICAO",88247,"AUXILIAR DE ELETRICISTA COM ENCARGOS COMPLEMENTARES",0.255,"H",{"$f":"INDEX(ORÇAMENTO!G:G,MATCH(M276,ORÇAMENTO!A:A,0))","v":4},1.02,{"$f":"IF(L276<>\"\",\"\",IF(INDEX('CPU - PROJETO'!$H:$H,MATCH($O276,'CPU - PROJETO'!$B:$B,0))=0,INDEX('CPU - PROJETO'!$I:$I,MATCH($O276,'CPU - PROJETO'!$B:$B,0)),INDEX('CPU - PROJETO'!$H:$H,MATCH($O276,'CPU - PROJETO'!$B:$B,0))))","v":20},20.399999999999999,"1.7.10.7 88247"]
["COMPOSICAO",88264,"ELETRICISTA COM ENCARGOS COMPLEMENTARES","H",0.255,"",null,null,{"$f":"INDEX('SINAPI - SINTÉTICO'!K:K,MATCH(B277,'SINAPI - SINTÉTICO'!G:G,0))","v":25.69},6.55,null,{"$f":"IF(OR(A277=\"INSUMO\",A277=\"COMPOSICAO\"),\"\",IFERROR(INDEX(ORÇAMENTO!A:A,MATCH(B277,ORÇAMENTO!C:C,0)),\"\"))","v":""},"1.7.10.7","COMPOSICAO",88264,"ELETRICISTA COM ENCARGOS COMPLEMENTARES",0.255,"H",{"$f":"INDEX(ORÇAMENTO!G:G,MATCH(M277,ORÇAMENTO!A:A,0))","v":4},1.02,{"$f":"IF(L277<>\"\",\"\",IF(INDEX('CPU - PROJETO'!$H:$H,MATCH($O277,'CPU - PROJETO'!$B:$B,0))=0,INDEX('CPU - PROJETO'!$I:$I,MATCH($O277,'CPU - PROJETO'!$B:$B,0)),INDEX('CPU - PROJETO'!$H:$H,MATCH($O277,'CPU - PROJETO'!$B:$B,0))))","v":25.69},26.203800000000001,"1.7.10.7 88264"]
["02.INEL.ELE1.089/04",92001,"TOMADA BAIXA DE EMBUTIR (1 MÓDULO), 2P+T 20 A, INCLUINDO SUPORTE E PLACA - FORNECIMENTO E INSTALAÇÃO. AF_12/2015","UN","","Instalações Elétricas - parte 1",null,null,{"$f":"INDEX('SINAPI - SINTÉTICO'!K:K,MATCH(B278,'SINAPI - SINTÉTICO'!G:G,0))","v":29.52},{"$f":"SUM(J279:J280)","v":29.52},null,{"$f":"IF(OR(A278=\"INSUMO\",A278=\"COMPOSICAO\"),\"\",IFERROR(INDEX(ORÇAMENTO!A:A,MATCH(B278,ORÇAMENTO!C:C,0)),\"\"))","v":"1.7.10.8"},"1.7.10.8","02.INEL.ELE1.089/04",92001,"TOMADA BAIXA DE EMBUTIR (1 MÓDULO), 2P+T 20 A, INCLUINDO SUPORTE E PLACA - FORNECIMENTO E INSTALAÇÃO. AF_12/2015","","UN",{"$f":"INDEX(ORÇAMENTO!G:G,MATCH(M278,ORÇAMENTO!A:A,0))","v":3},"",{"$f":"IF(L278<>\"\",\"\",IF(INDEX('CPU - PROJETO'!$H:$H,MATCH($O278,'CPU - PROJETO'!$B:$B,0))=0,INDEX('CPU - PROJETO'!$I:$I,MATCH($O278,'CPU - PROJETO'!$B:$B,0)),INDEX('CPU - PROJETO'!$H:$H,MATCH($O278,'CPU - PROJETO'!$B:$B,0))))","v":""},88.56,{"$f":"SUM(V279:V280)-V278","v":0}]
["COMPOSICAO",91946,"SUPORTE PARAFUSADO COM PLACA DE ENCAIXE 4\" X 2\" MÉDIO (1,30 M DO PISO) PARA PONTO ELÉTRICO - FORNECIMENTO E INSTALAÇÃO. AF_12/2015","UN",1,"",null,null,{"$f":"INDEX('SINAPI - SINTÉTICO'!K:K,MATCH(B279,'SINAPI - SINTÉTICO'!G:G,0))","v":7.96},7.96,null,{"$f":"IF(OR(A279=\"INSUMO\",A279=\"COMPOSICAO\"),\"\",IFERROR(INDEX(ORÇAMENTO!A:A,MATCH(B279,ORÇAMENTO!C:C,0)),\"\"))","v":""},"1.7.10.8","COMPOSICAO",91946,"SUPORTE PARAFUSADO COM PLACA DE ENCAIXE 4\" X 2\" MÉDIO (1,30 M DO PISO) PARA PONTO ELÉTRICO - FORNECIMENTO E INSTALAÇÃO. AF_12/2015",1,"UN",{"$f":"INDEX(ORÇAMENTO!G:G,MATCH(M279,ORÇAMENTO!A:A,0))","v":3},3,{"$f":"IF(L279<>\"\",\"\",IF(INDEX('CPU - PROJETO'!$H:$H,MATCH($O279,'CPU - PROJETO'!$B:$B,0))=0,INDEX('CPU - PROJETO'!$I:$I,MATCH($O279,'CPU - PROJETO'!$B:$B,0)),INDEX('CPU - PROJETO'!$H:$H,MATCH($O279,'CPU - PROJETO'!$B:$B,0))))","v":7.96},23.88,{"$f":"CONCATENATE(M279,\" \",O279)","v":"1.7.10.8 91946"}]
["COMPOSICAO",91999,"TOMADA BAIXA DE EMBUTIR (1 MÓDULO), 2P+T 20 A, SEM SUPORTE E SEM PLACA - FORNECIMENTO E INSTALAÇÃO. AF_12/2015","UN",1,"",null,null,{"$f":"INDEX('SINAPI - SINTÉTICO'!K:K,MATCH(B280,'SINAPI - SINTÉTICO'!G:G,0))","v":21.56},21.56,null,{"$f":"IF(OR(A280=\"INSUMO\",A280=\"COMPOSICAO\"),\"\",IFERROR(INDEX(ORÇAMENTO!A:A,MATCH(B280,ORÇAMENTO!C:C,0)),\"\"))","v":""},"1.7.10.8","COMPOSICAO",91999,"TOMADA BAIXA DE EMBUTIR (1 MÓDULO), 2P+T 20 A, SEM SUPORTE E SEM PLACA - FORNECIMENTO E INSTALAÇÃO. AF_12/2015",1,"UN",{"$f":"INDEX(ORÇAMENTO!G:G,MATCH(M280,ORÇAMENTO!A:A,0))","v":3},3,{"$f":"IF(L280<>\"\",\"\",IF(INDEX('CPU - PROJETO'!$H:$H,MATCH($O280,'CPU - PROJETO'!$B:$B,0))=0,INDEX('CPU - PROJETO'!$I:$I,MATCH($O280,'CPU - PROJETO'!$B:$B,0)),INDEX('CPU - PROJETO'!$H:$H,MATCH($O280,'CPU - PROJETO'!$B:$B,0))))","v":21.56},64.679999999999993,"1.7.10.8 91999"]
["02.INEL.ELE1.068/02",91953,"INTERRUPTOR SIMPLES (1 MÓDULO), 10A/250V, INCLUINDO SUPORTE E PLACA - FORNECIMENTO E INSTALAÇÃO. AF_12/2015","UN","","Instalações Elétricas - parte 1",null,null,{"$f":"INDEX('SINAPI - SINTÉTICO'!K:K,MATCH(B281,'SINAPI - SINTÉTICO'!G:G,0))","v":25.68},{"$f":"SUM(J282:J283)","v":25.68},null,{"$f":"IF(OR(A281=\"INSUMO\",A281=\"COMPOSICAO\"),\"\",IFERROR(INDEX(ORÇAMENTO!A:A,MATCH(B281,ORÇAMENTO!C:C,0)),\"\"))","v":"1.7.10.9"},"1.7.10.9","02.INEL.ELE1.068/02",91953,"INTERRUPTOR SIMPLES (1 MÓDULO), 10A/250V, INCLUINDO SUPORTE E PLACA - FORNECIMENTO E INSTALAÇÃO. AF_12/2015","","UN",{"$f":"INDEX(ORÇAMENTO!G:G,MATCH(M281,ORÇAMENTO!A:A,0))","v":3},"",{"$f":"IF(L281<>\"\",\"\",IF(INDEX('CPU - PROJETO'!$H:$H,MATCH($O281,'CPU - PROJETO'!$B:$B,0))=0,INDEX('CPU - PROJETO'!$I:$I,MATCH($O281,'CPU - PROJETO'!$B:$B,0)),INDEX('CPU - PROJETO'!$H:$H,MATCH($O281,'CPU - PROJETO'!$B:$B,0))))","v":""},77.039999999999992,{"$f":"SUM(V282:V283)-V281","v":0}]
["COMPOSICAO",91946,"SUPORTE PARAFUSADO COM PLACA DE ENCAIXE 4\" X 2\" MÉDIO (1,30 M DO PISO) PARA PONTO ELÉTRICO - FORNECIMENTO E INSTALAÇÃO. AF_12/2015","UN",1,"",null,null,{"$f":"INDEX('SINAPI - SINTÉTICO'!K:K,MATCH(B282,'SINAPI - SINTÉTICO'!G:G,0))","v":7.96},7.96,null,{"$f":"IF(OR(A282=\"INSUMO\",A282=\"COMPOSICAO\"),\"\",IFERROR(INDEX(ORÇAMENTO!A:A,MATCH(B282,ORÇAMENTO!C:C,0)),\"\"))","v":""},"1.7.10.9","COMPOSICAO",91946,"SUPORTE PARAFUSADO COM PLACA DE ENCAIXE 4\" X 2\" MÉDIO (1,30 M DO PISO) PARA PONTO ELÉTRICO - FORNECIMENTO E INSTALAÇÃO. AF_12/2015",1,"UN",{"$f":"INDEX(ORÇAMENTO!G:G,MATCH(M282,ORÇAMENTO!A:A,0))","v":3},3,{"$f":"IF(L282<>\"\",\"\",IF(INDEX('CPU - PROJETO'!$H:$H,MATCH($O282,'CPU - PROJETO'!$B:$B,0))=0,INDEX('CPU - PROJETO'!$I:$I,MATCH($O282,'CPU - PROJETO'!$B:$B,0)),INDEX('CPU - PROJETO'!$H:$H,MATCH($O282,'CPU - PROJETO'!$B:$B,0))))","v":7.96},23.88,{"$f":"CONCATENATE(M282,\" \",O282)","v":"1.7.10.9 91946"}]
["COMPOSICAO",91952,"INTERRUPTOR SIMPLES (1 MÓDULO), 10A/250V, SEM SUPORTE E SEM PLACA - FORNECIMENTO E INSTALAÇÃO. AF_12/2015","UN",1,"",null,null,{"$f":"INDEX('SINAPI - SINTÉTICO'!K:K,MATCH(B283,'SINAPI - SINTÉTICO'!G:G,0))","v":17.72},17.72,null,{"$f":"IF(OR(A283=\"INSUMO\",A283=\"COMPOSICAO\"),\"\",IFERROR(INDEX(ORÇAMENTO!A:A,MATCH(B283,ORÇAMENTO!C:C,0)),\"\"))","v":""},"1.7.10.9","COMPOSICAO",91952,"INTERRUPTOR SIMPLES (1 MÓDULO), 10A/250V, SEM SUPORTE E SEM PLACA - FORNECIMENTO E INSTALAÇÃO. AF_12/2015",1,"UN",{"$f":"INDEX(ORÇAMENTO!G:G,MATCH(M283,ORÇAMENTO!A:A,0))","v":3},3,{"$f":"IF(L283<>\"\",\"\",IF(INDEX('CPU - PROJETO'!$H:$H,MATCH($O283,'CPU - PROJETO'!$B:$B,0))=0,INDEX('CPU - PROJETO'!$I:$I,MATCH($O283,'CPU - PROJETO'!$B:$B,0)),INDEX('CPU - PROJETO'!$H:$H,MATCH($O283,'CPU - PROJETO'!$B:$B,0))))","v":17.72},53.16,"1.7.10.9 91952"]
["02.INEL.ELE1.068/02","COMP4","ESPELHO 4\" X 2\", PARA INSTALACAO DE TOMADAS E INTERRUPTORES","UN","","Instalações Elétricas - parte 1",null,null,null,{"$f":"SUM(J285:J286)","v":6.48},null,{"$f":"IF(OR(A284=\"INSUMO\",A284=\"COMPOSICAO\"),\"\",IFERROR(INDEX(ORÇAMENTO!A:A,MATCH(B284,ORÇAMENTO!C:C,0)),\"\"))","v":"1.7.10.10"},"1.7.10.10","02.INEL.ELE1.068/02","COMP4","ESPELHO 4\" X 2\", PARA INSTALACAO DE TOMADAS E INTERRUPTORES","","UN",{"$f":"INDEX(ORÇAMENTO!G:G,MATCH(M284,ORÇAMENTO!A:A,0))","v":4},"",{"$f":"IF(L284<>\"\",\"\",IF(INDEX('CPU - PROJETO'!$H:$H,MATCH($O284,'CPU - PROJETO'!$B:$B,0))=0,INDEX('CPU - PROJETO'!$I:$I,MATCH($O284,'CPU - PROJETO'!$B:$B,0)),INDEX('CPU - PROJETO'!$H:$H,MATCH($O284,'CPU - PROJETO'!$B:$B,0))))","v":""},25.92,{"$f":"SUM(V285:V286)-V284","v":1.3335999999995352E-2}]
["COMPOSICAO",38094,"ESPELHO / PLACA DE 3 POSTOS 4\" X 2\", PARA INSTALACAO DE TOMADAS E INTERRUPTORES","UN",1,"",null,{"$f":"INDEX('SINAPI - INSUMO'!E:E,MATCH(B285,'SINAPI - INSUMO'!A:A,0))","v":3.15},null,3.15,null,{"$f":"IF(OR(A285=\"INSUMO\",A285=\"COMPOSICAO\"),\"\",IFERROR(INDEX(ORÇAMENTO!A:A,MATCH(B285,ORÇAMENTO!C:C,0)),\"\"))","v":""},"1.7.10.10","COMPOSICAO",38094,"ESPELHO / PLACA DE 3 POSTOS 4\" X 2\", PARA INSTALACAO DE TOMADAS E INTERRUPTORES",1,"UN",{"$f":"INDEX(ORÇAMENTO!G:G,MATCH(M285,ORÇAMENTO!A:A,0))","v":4},4,{"$f":"IF(L285<>\"\",\"\",IF(INDEX('CPU - PROJETO'!$H:$H,MATCH($O285,'CPU - PROJETO'!$B:$B,0))=0,INDEX('CPU - PROJETO'!$I:$I,MATCH($O285,'CPU - PROJETO'!$B:$B,0)),INDEX('CPU - PROJETO'!$H:$H,MATCH($O285,'CPU - PROJETO'!$B:$B,0))))","v":3.15},12.6,{"$f":"CONCATENATE(M285,\" \",O285)","v":"1.7.10.10 38094"}]
["COMPOSICAO",88247,"AUXILIAR DE ELETRICISTA COM ENCARGOS COMPLEMENTARES","H",0.1666667,"",null,null,{"$f":"INDEX('SINAPI - SINTÉTICO'!K:K,MATCH(B286,'SINAPI - SINTÉTICO'!G:G,0))","v":20},3.33,null,{"$f":"IF(OR(A286=\"INSUMO\",A286=\"COMPOSICAO\"),\"\",IFERROR(INDEX(ORÇAMENTO!A:A,MATCH(B286,ORÇAMENTO!C:C,0)),\"\"))","v":""},"1.7.10.10","COMPOSICAO",88247,"AUXILIAR DE ELETRICISTA COM ENCARGOS COMPLEMENTARES",0.1666667,"H",{"$f":"INDEX(ORÇAMENTO!G:G,MATCH(M286,ORÇAMENTO!A:A,0))","v":4},0.6666668,{"$f":"IF(L286<>\"\",\"\",IF(INDEX('CPU - PROJETO'!$H:$H,MATCH($O286,'CPU - PROJETO'!$B:$B,0))=0,INDEX('CPU - PROJETO'!$I:$I,MATCH($O286,'CPU - PROJETO'!$B:$B,0)),INDEX('CPU - PROJETO'!$H:$H,MATCH($O286,'CPU - PROJETO'!$B:$B,0))))","v":20},13.333335999999999,{"$f":"CONCATENATE(M286,\" \",O286)","v":"1.7.10.10 88247"}]
["02.INEL.ELE1.050/01",91926,"CABO DE COBRE FLEXÍVEL ISOLADO, 2,5 MM², ANTI-CHAMA 450/750 V, PARA CIRCUITOS TERMINAIS - FORNECIMENTO E INSTALAÇÃO. AF_12/2015","M","","Instalações Elétricas - parte 1",null,null,{"$f":"INDEX('SINAPI - SINTÉTICO'!K:K,MATCH(B287,'SINAPI - SINTÉTICO'!G:G,0))","v":4.22},{"$f":"SUM(J288:J291)","v":4.2200000000000006},null,{"$f":"IF(OR(A287=\"INSUMO\",A287=\"COMPOSICAO\"),\"\",IFERROR(INDEX(ORÇAMENTO!A:A,MATCH(B287,ORÇAMENTO!C:C,0)),\"\"))","v":"1.7.10.11"},"1.7.10.11","02.INEL.ELE1.050/01",91926,"CABO DE COBRE FLEXÍVEL ISOLADO, 2,5 MM², ANTI-CHAMA 450/750 V, PARA CIRCUITOS TERMINAIS - FORNECIMENTO E INSTALAÇÃO. AF_12/2015","","M",{"$f":"INDEX(ORÇAMENTO!G:G,MATCH(M287,ORÇAMENTO!A:A,0))","v":200},"",{"$f":"IF(L287<>\"\",\"\",IF(INDEX('CPU - PROJETO'!$H:$H,MATCH($O287,'CPU - PROJETO'!$B:$B,0))=0,INDEX('CPU - PROJETO'!$I:$I,MATCH($O287,'CPU - PROJETO'!$B:$B,0)),INDEX('CPU - PROJETO'!$H:$H,MATCH($O287,'CPU - PROJETO'!$B:$B,0))))","v":""},844,{"$f":"SUM(V288:V291)-V287","v":0.9879999999999427}]
["INSUMO",1014,"CABO DE COBRE, FLEXIVEL, CLASSE 4 OU 5, ISOLACAO EM PVC/A, ANTICHAMA BWF-B, 1 CONDUTOR, 450/750 V, SECAO NOMINAL 2,5 MM2","M",1.19,"",null,{"$f":"INDEX('SINAPI - INSUMO'!E:E,MATCH(B288,'SINAPI - INSUMO'!A:A,0))","v":2.33},null,2.77,null,{"$f":"IF(OR(A288=\"INSUMO\",A288=\"COMPOSICAO\"),\"\",IFERROR(INDEX(ORÇAMENTO!A:A,MATCH(B288,ORÇAMENTO!C:C,0)),\"\"))","v":""},"1.7.10.11","INSUMO",1014,"CABO DE COBRE, FLEXIVEL, CLASSE 4 OU 5, ISOLACAO EM PVC/A, ANTICHAMA BWF-B, 1 CONDUTOR, 450/750 V, SECAO NOMINAL 2,5 MM2",1.19,"M",{"$f":"INDEX(ORÇAMENTO!G:G,MATCH(M288,ORÇAMENTO!A:A,0))","v":200},238,{"$f":"IF(L288<>\"\",\"\",IF(INDEX('CPU - PROJETO'!$H:$H,MATCH($O288,'CPU - PROJETO'!$B:$B,0))=0,INDEX('CPU - PROJETO'!$I:$I,MATCH($O288,'CPU - PROJETO'!$B:$B,0)),INDEX('CPU - PROJETO'!$H:$H,MATCH($O288,'CPU - PROJETO'!$B:$B,0))))","v":2.33},554.54,{"$f":"CONCATENATE(M288,\" \",O288)","v":"1.7.10.11 1014"}]
["INSUMO",21127,"FITA ISOLANTE ADESIVA ANTICHAMA, USO ATE 750 V, EM ROLO DE 19 MM X 5 M","UN",8.9999999999999993E-3,"",null,{"$f":"INDEX('SINAPI - INSUMO'!E:E,MATCH(B289,'SINAPI - INSUMO'!A:A,0))","v":9.06},null,0.08,null,{"$f":"IF(OR(A289=\"INSUMO\",A289=\"COMPOSICAO\"),\"\",IFERROR(INDEX(ORÇAMENTO!A:A,MATCH(B289,ORÇAMENTO!C:C,0)),\"\"))","v":""},"1.7.10.11","INSUMO",21127,"FITA ISOLANTE ADESIVA ANTICHAMA, USO ATE 750 V, EM ROLO DE 19 MM X 5 M",8.9999999999999993E-3,"UN",{"$f":"INDEX(ORÇAMENTO!G:G,MATCH(M289,ORÇAMENTO!A:A,0))","v":200},1.7999999999999998,{"$f":"IF(L289<>\"\",\"\",IF(INDEX('CPU - PROJETO'!$H:$H,MATCH($O289,'CPU - PROJETO'!$B:$B,0))=0,INDEX('CPU - PROJETO'!$I:$I,MATCH($O289,'CPU - PROJETO'!$B:$B,0)),INDEX('CPU - PROJETO'!$H:$H,MATCH($O289,'CPU - PROJETO'!$B:$B,0))))","v":9.06},16.308,{"$f":"CONCATENATE(M289,\" \",O289)","v":"1.7.10.11 21127"}]
["COMPOSICAO",88247,"AUXILIAR DE ELETRICISTA COM ENCARGOS COMPLEMENTARES","H",0.03,"",null,null,{"$f":"INDEX('SINAPI - SINTÉTICO'!K:K,MATCH(B290,'SINAPI - SINTÉTICO'!G:G,0))","v":20},0.6,null,{"$f":"IF(OR(A290=\"INSUMO\",A290=\"COMPOSICAO\"),\"\",IFERROR(INDEX(ORÇAMENTO!A:A,MATCH(B290,ORÇAMENTO!C:C,0)),\"\"))","v":""},"1.7.10.11","COMPOSICAO",88247,"AUXILIAR DE ELETRICISTA COM ENCARGOS COMPLEMENTARES",0.03,"H",{"$f":"INDEX(ORÇAMENTO!G:G,MATCH(M290,ORÇAMENTO!A:A,0))","v":200},6,{"$f":"IF(L290<>\"\",\"\",IF(INDEX('CPU - PROJETO'!$H:$H,MATCH($O290,'CPU - PROJETO'!$B:$B,0))=0,INDEX('CPU - PROJETO'!$I:$I,MATCH($O290,'CPU - PROJETO'!$B:$B,0)),INDEX('CPU - PROJETO'!$H:$H,MATCH($O290,'CPU - PROJETO'!$B:$B,0))))","v":20},120,"1.7.10.11 88247"]
["COMPOSICAO",88264,"ELETRICISTA COM ENCARGOS COMPLEMENTARES","H",0.03,"",null,null,{"$f":"INDEX('SINAPI - SINTÉTICO'!K:K,MATCH(B291,'SINAPI - SINTÉTICO'!G:G,0))","v":25.69},0.77,null,{"$f":"IF(OR(A291=\"INSUMO\",A291=\"COMPOSICAO\"),\"\",IFERROR(INDEX(ORÇAMENTO!A:A,MATCH(B291,ORÇAMENTO!C:C,0)),\"\"))","v":""},"1.7.10.11","COMPOSICAO",88264,"ELETRICISTA COM ENCARGOS COMPLEMENTARES",0.03,"H",{"$f":"INDEX(ORÇAMENTO!G:G,MATCH(M291,ORÇAMENTO!A:A,0))","v":200},6,{"$f":"IF(L291<>\"\",\"\",IF(INDEX('CPU - PROJETO'!$H:$H,MATCH($O291,'CPU - PROJETO'!$B:$B,0))=0,INDEX('CPU - PROJETO'!$I:$I,MATCH($O291,'CPU - PROJETO'!$B:$B,0)),INDEX('CPU - PROJETO'!$H:$H,MATCH($O291,'CPU - PROJETO'!$B:$B,0))))","v":25.69},154.14000000000001,"1.7.10.11 88264"]
["NÃO AFERIDA",6171,"TAMPA DE CONCRETO ARMADO 60X60X5CM PARA CAIXA","UN",null,"SEM CADERNO TÉCNICO ATRIBUÍDO",null,null,null,{"$f":"SUM(J293:J303)","v":40.880000000000003},null,{"$f":"IF(OR(A292=\"INSUMO\",A292=\"COMPOSICAO\"),\"\",IFERROR(INDEX(ORÇAMENTO!A:A,MATCH(B292,ORÇAMENTO!C:C,0)),\"\"))","v":"2.1.1"},"2.1.1","NÃO AFERIDA",6171,"TAMPA DE CONCRETO ARMADO 60X60X5CM PARA CAIXA","","UN",{"$f":"INDEX(ORÇAMENTO!G:G,MATCH(M292,ORÇAMENTO!A:A,0))","v":7},"",{"$f":"IF(L292<>\"\",\"\",IF(INDEX('CPU - PROJETO'!$H:$H,MATCH($O292,'CPU - PROJETO'!$B:$B,0))=0,INDEX('CPU - PROJETO'!$I:$I,MATCH($O292,'CPU - PROJETO'!$B:$B,0)),INDEX('CPU - PROJETO'!$H:$H,MATCH($O292,'CPU - PROJETO'!$B:$B,0))))","v":""},286.16000000000003,{"$f":"SUM(V293:V303)-V292","v":0.3516800000000444}]
["INSUMO",43059,"ACO CA-60, 5,0 MM, VERGALHAO","KG",1.44,"",null,{"$f":"INDEX('SINAPI - INSUMO'!E:E,MATCH(B293,'SINAPI - INSUMO'!A:A,0))","v":10.77},null,15.5,null,{"$f":"IF(OR(A293=\"INSUMO\",A293=\"COMPOSICAO\"),\"\",IFERROR(INDEX(ORÇAMENTO!A:A,MATCH(B293,ORÇAMENTO!C:C,0)),\"\"))","v":""},"2.1.1","INSUMO",43059,"ACO CA-60, 5,0 MM, VERGALHAO",1.44,"KG",{"$f":"INDEX(ORÇAMENTO!G:G,MATCH(M293,ORÇAMENTO!A:A,0))","v":7},10.08,{"$f":"IF(L293<>\"\",\"\",IF(INDEX('CPU - PROJETO'!$H:$H,MATCH($O293,'CPU - PROJETO'!$B:$B,0))=0,INDEX('CPU - PROJETO'!$I:$I,MATCH($O293,'CPU - PROJETO'!$B:$B,0)),INDEX('CPU - PROJETO'!$H:$H,MATCH($O293,'CPU - PROJETO'!$B:$B,0))))","v":10.77},108.5616,"2.1.1 43059"]
["INSUMO",345,"ARAME GALVANIZADO 18 BWG, 1,24MM (0,009 KG/M)","KG",2.9000000000000001E-2,"",null,{"$f":"INDEX('SINAPI - INSUMO'!E:E,MATCH(B294,'SINAPI - INSUMO'!A:A,0))","v":38.51},null,1.1100000000000001,null,{"$f":"IF(OR(A294=\"INSUMO\",A294=\"COMPOSICAO\"),\"\",IFERROR(INDEX(ORÇAMENTO!A:A,MATCH(B294,ORÇAMENTO!C:C,0)),\"\"))","v":""},"2.1.1","INSUMO",345,"ARAME GALVANIZADO 18 BWG, 1,24MM (0,009 KG/M)",2.9000000000000001E-2,"KG",{"$f":"INDEX(ORÇAMENTO!G:G,MATCH(M294,ORÇAMENTO!A:A,0))","v":7},0.20300000000000001,{"$f":"IF(L294<>\"\",\"\",IF(INDEX('CPU - PROJETO'!$H:$H,MATCH($O294,'CPU - PROJETO'!$B:$B,0))=0,INDEX('CPU - PROJETO'!$I:$I,MATCH($O294,'CPU - PROJETO'!$B:$B,0)),INDEX('CPU - PROJETO'!$H:$H,MATCH($O294,'CPU - PROJETO'!$B:$B,0))))","v":38.51},7.8175300000000005,"2.1.1 345"]
["INSUMO",367,"AREIA GROSSA - POSTO JAZIDA/FORNECEDOR (RETIRADO NA JAZIDA, SEM TRANSPORTE)","M3",1.6E-2,"",null,{"$f":"INDEX('SINAPI - INSUMO'!E:E,MATCH(B295,'SINAPI - INSUMO'!A:A,0))","v":130.68},null,2.09,null,{"$f":"IF(OR(A295=\"INSUMO\",A295=\"COMPOSICAO\"),\"\",IFERROR(INDEX(ORÇAMENTO!A:A,MATCH(B295,ORÇAMENTO!C:C,0)),\"\"))","v":""},"2.1.1","INSUMO",367,"AREIA GROSSA - POSTO JAZIDA/FORNECEDOR (RETIRADO NA JAZIDA, SEM TRANSPORTE)",1.6E-2,"M3",{"$f":"INDEX(ORÇAMENTO!G:G,MATCH(M295,ORÇAMENTO!A:A,0))","v":7},0.112,{"$f":"IF(L295<>\"\",\"\",IF(INDEX('CPU - PROJETO'!$H:$H,MATCH($O295,'CPU - PROJETO'!$B:$B,0))=0,INDEX('CPU - PROJETO'!$I:$I,MATCH($O295,'CPU - PROJETO'!$B:$B,0)),INDEX('CPU - PROJETO'!$H:$H,MATCH($O295,'CPU - PROJETO'!$B:$B,0))))","v":130.68},14.63616,"2.1.1 367"]
["INSUMO",1379,"CIMENTO PORTLAND COMPOSTO CP II-32","KG",5.54,"",null,{"$f":"INDEX('SINAPI - INSUMO'!E:E,MATCH(B296,'SINAPI - INSUMO'!A:A,0))","v":0.7},null,3.87,null,{"$f":"IF(OR(A296=\"INSUMO\",A296=\"COMPOSICAO\"),\"\",IFERROR(INDEX(ORÇAMENTO!A:A,MATCH(B296,ORÇAMENTO!C:C,0)),\"\"))","v":""},"2.1.1","INSUMO",1379,"CIMENTO PORTLAND COMPOSTO CP II-32",5.54,"KG",{"$f":"INDEX(ORÇAMENTO!G:G,MATCH(M296,ORÇAMENTO!A:A,0))","v":7},38.78,{"$f":"IF(L296<>\"\",\"\",IF(INDEX('CPU - PROJETO'!$H:$H,MATCH($O296,'CPU - PROJETO'!$B:$B,0))=0,INDEX('CPU - PROJETO'!$I:$I,MATCH($O296,'CPU - PROJETO'!$B:$B,0)),INDEX('CPU - PROJETO'!$H:$H,MATCH($O296,'CPU - PROJETO'!$B:$B,0))))","v":0.7},27.146000000000001,"2.1.1 1379"]
["INSUMO",4512,"SARRAFO DE MADEIRA NAO APARELHADA 2,5 X 5 CM (1 X 2 \") PINUS, MISTA OU EQUIVALENTE DA REGIAO","M",2.5,"",null,{"$f":"INDEX('SINAPI - INSUMO'!E:E,MATCH(B297,'SINAPI - INSUMO'!A:A,0))","v":2.4300000000000002},null,6.07,null,{"$f":"IF(OR(A297=\"INSUMO\",A297=\"COMPOSICAO\"),\"\",IFERROR(INDEX(ORÇAMENTO!A:A,MATCH(B297,ORÇAMENTO!C:C,0)),\"\"))","v":""},"2.1.1","INSUMO",4512,"SARRAFO DE MADEIRA NAO APARELHADA 2,5 X 5 CM (1 X 2 \") PINUS, MISTA OU EQUIVALENTE DA REGIAO",2.5,"M",{"$f":"INDEX(ORÇAMENTO!G:G,MATCH(M297,ORÇAMENTO!A:A,0))","v":7},17.5,{"$f":"IF(L297<>\"\",\"\",IF(INDEX('CPU - PROJETO'!$H:$H,MATCH($O297,'CPU - PROJETO'!$B:$B,0))=0,INDEX('CPU - PROJETO'!$I:$I,MATCH($O297,'CPU - PROJETO'!$B:$B,0)),INDEX('CPU - PROJETO'!$H:$H,MATCH($O297,'CPU - PROJETO'!$B:$B,0))))","v":2.4300000000000002},42.525000000000006,"2.1.1 4512"]
["INSUMO",4718,"PEDRA BRITADA N. 2 (19 A 38 MM) POSTO PEDREIRA/FORNECEDOR, SEM FRETE","M3",1.4999999999999999E-2,"",null,{"$f":"INDEX('SINAPI - INSUMO'!E:E,MATCH(B298,'SINAPI - INSUMO'!A:A,0))","v":89.47},null,1.34,null,{"$f":"IF(OR(A298=\"INSUMO\",A298=\"COMPOSICAO\"),\"\",IFERROR(INDEX(ORÇAMENTO!A:A,MATCH(B298,ORÇAMENTO!C:C,0)),\"\"))","v":""},"2.1.1","INSUMO",4718,"PEDRA BRITADA N. 2 (19 A 38 MM) POSTO PEDREIRA/FORNECEDOR, SEM FRETE",1.4999999999999999E-2,"M3",{"$f":"INDEX(ORÇAMENTO!G:G,MATCH(M298,ORÇAMENTO!A:A,0))","v":7},0.105,{"$f":"IF(L298<>\"\",\"\",IF(INDEX('CPU - PROJETO'!$H:$H,MATCH($O298,'CPU - PROJETO'!$B:$B,0))=0,INDEX('CPU - PROJETO'!$I:$I,MATCH($O298,'CPU - PROJETO'!$B:$B,0)),INDEX('CPU - PROJETO'!$H:$H,MATCH($O298,'CPU - PROJETO'!$B:$B,0))))","v":89.47},9.3943499999999993,"2.1.1 4718"]
["INSUMO",5068,"PREGO DE ACO POLIDO COM CABECA 17 X 21 (2 X 11)","KG",0.08,"",null,{"$f":"INDEX('SINAPI - INSUMO'!E:E,MATCH(B299,'SINAPI - INSUMO'!A:A,0))","v":22.38},null,1.79,null,{"$f":"IF(OR(A299=\"INSUMO\",A299=\"COMPOSICAO\"),\"\",IFERROR(INDEX(ORÇAMENTO!A:A,MATCH(B299,ORÇAMENTO!C:C,0)),\"\"))","v":""},"2.1.1","INSUMO",5068,"PREGO DE ACO POLIDO COM CABECA 17 X 21 (2 X 11)",0.08,"KG",{"$f":"INDEX(ORÇAMENTO!G:G,MATCH(M299,ORÇAMENTO!A:A,0))","v":7},0.56000000000000005,{"$f":"IF(L299<>\"\",\"\",IF(INDEX('CPU - PROJETO'!$H:$H,MATCH($O299,'CPU - PROJETO'!$B:$B,0))=0,INDEX('CPU - PROJETO'!$I:$I,MATCH($O299,'CPU - PROJETO'!$B:$B,0)),INDEX('CPU - PROJETO'!$H:$H,MATCH($O299,'CPU - PROJETO'!$B:$B,0))))","v":22.38},12.5328,"2.1.1 5068"]
["COMPOSICAO",88245,"ARMADOR COM ENCARGOS COMPLEMENTARES","H",0.1,"",null,null,{"$f":"INDEX('SINAPI - SINTÉTICO'!K:K,MATCH(B300,'SINAPI - SINTÉTICO'!G:G,0))","v":25.18},2.5099999999999998,null,{"$f":"IF(OR(A300=\"INSUMO\",A300=\"COMPOSICAO\"),\"\",IFERROR(INDEX(ORÇAMENTO!A:A,MATCH(B300,ORÇAMENTO!C:C,0)),\"\"))","v":""},"2.1.1","COMPOSICAO",88245,"ARMADOR COM ENCARGOS COMPLEMENTARES",0.1,"H",{"$f":"INDEX(ORÇAMENTO!G:G,MATCH(M300,ORÇAMENTO!A:A,0))","v":7},0.70000000000000007,{"$f":"IF(L300<>\"\",\"\",IF(INDEX('CPU - PROJETO'!$H:$H,MATCH($O300,'CPU - PROJETO'!$B:$B,0))=0,INDEX('CPU - PROJETO'!$I:$I,MATCH($O300,'CPU - PROJETO'!$B:$B,0)),INDEX('CPU - PROJETO'!$H:$H,MATCH($O300,'CPU - PROJETO'!$B:$B,0))))","v":25.18},17.626000000000001,"2.1.1 88245"]
["COMPOSICAO",88262,"CARPINTEIRO DE FORMAS COM ENCARGOS COMPLEMENTARES","H",0.1,"",null,null,{"$f":"INDEX('SINAPI - SINTÉTICO'!K:K,MATCH(B301,'SINAPI - SINTÉTICO'!G:G,0))","v":25},2.5,null,{"$f":"IF(OR(A301=\"INSUMO\",A301=\"COMPOSICAO\"),\"\",IFERROR(INDEX(ORÇAMENTO!A:A,MATCH(B301,ORÇAMENTO!C:C,0)),\"\"))","v":""},"2.1.1","COMPOSICAO",88262,"CARPINTEIRO DE FORMAS COM ENCARGOS COMPLEMENTARES",0.1,"H",{"$f":"INDEX(ORÇAMENTO!G:G,MATCH(M301,ORÇAMENTO!A:A,0))","v":7},0.70000000000000007,{"$f":"IF(L301<>\"\",\"\",IF(INDEX('CPU - PROJETO'!$H:$H,MATCH($O301,'CPU - PROJETO'!$B:$B,0))=0,INDEX('CPU - PROJETO'!$I:$I,MATCH($O301,'CPU - PROJETO'!$B:$B,0)),INDEX('CPU - PROJETO'!$H:$H,MATCH($O301,'CPU - PROJETO'!$B:$B,0))))","v":25},17.5,"2.1.1 88262"]
["COMPOSICAO",88316,"SERVENTE COM ENCARGOS COMPLEMENTARES","H",0.2,"",null,null,{"$f":"INDEX('SINAPI - SINTÉTICO'!K:K,MATCH(B302,'SINAPI - SINTÉTICO'!G:G,0))","v":20.420000000000002},4.08,null,{"$f":"IF(OR(A302=\"INSUMO\",A302=\"COMPOSICAO\"),\"\",IFERROR(INDEX(ORÇAMENTO!A:A,MATCH(B302,ORÇAMENTO!C:C,0)),\"\"))","v":""},"2.1.1","COMPOSICAO",88316,"SERVENTE COM ENCARGOS COMPLEMENTARES",0.2,"H",{"$f":"INDEX(ORÇAMENTO!G:G,MATCH(M302,ORÇAMENTO!A:A,0))","v":7},1.4000000000000001,{"$f":"IF(L302<>\"\",\"\",IF(INDEX('CPU - PROJETO'!$H:$H,MATCH($O302,'CPU - PROJETO'!$B:$B,0))=0,INDEX('CPU - PROJETO'!$I:$I,MATCH($O302,'CPU - PROJETO'!$B:$B,0)),INDEX('CPU - PROJETO'!$H:$H,MATCH($O302,'CPU - PROJETO'!$B:$B,0))))","v":20.420000000000002},28.588000000000005,"2.1.1 88316"]
["COMPOSICAO",88830,"BETONEIRA CAPACIDADE NOMINAL DE 400 L, CAPACIDADE DE MISTURA 280 L, MOTOR ELÉTRICO TRIFÁSICO POTÊNCIA DE 2 CV, SEM CARREGADOR - CHP DIURNO. AF_10/2014","CHP",1.4E-2,"",null,null,{"$f":"INDEX('SINAPI - SINTÉTICO'!K:K,MATCH(B303,'SINAPI - SINTÉTICO'!G:G,0))","v":1.88},0.02,null,{"$f":"IF(OR(A303=\"INSUMO\",A303=\"COMPOSICAO\"),\"\",IFERROR(INDEX(ORÇAMENTO!A:A,MATCH(B303,ORÇAMENTO!C:C,0)),\"\"))","v":""},"2.1.1","COMPOSICAO",88830,"BETONEIRA CAPACIDADE NOMINAL DE 400 L, CAPACIDADE DE MISTURA 280 L, MOTOR ELÉTRICO TRIFÁSICO POTÊNCIA DE 2 CV, SEM CARREGADOR - CHP DIURNO. AF_10/2014",1.4E-2,"CHP",{"$f":"INDEX(ORÇAMENTO!G:G,MATCH(M303,ORÇAMENTO!A:A,0))","v":7},9.8000000000000004E-2,{"$f":"IF(L303<>\"\",\"\",IF(INDEX('CPU - PROJETO'!$H:$H,MATCH($O303,'CPU - PROJETO'!$B:$B,0))=0,INDEX('CPU - PROJETO'!$I:$I,MATCH($O303,'CPU - PROJETO'!$B:$B,0)),INDEX('CPU - PROJETO'!$H:$H,MATCH($O303,'CPU - PROJETO'!$B:$B,0))))","v":1.88},0.18423999999999999,"2.1.1 88830"]
["03.SEDI.ECOM.118/01",93567,"ENGENHEIRO CIVIL DE OBRA PLENO COM ENCARGOS COMPLEMENTARES","MES","","Encargos Complementares",null,null,{"$f":"INDEX('SINAPI - SINTÉTICO'!K:K,MATCH(B304,'SINAPI - SINTÉTICO'!G:G,0))","v":22031.7},{"$f":"SUM(J305:J310)","v":22031.7},null,{"$f":"IF(OR(A304=\"INSUMO\",A304=\"COMPOSICAO\"),\"\",IFERROR(INDEX(ORÇAMENTO!A:A,MATCH(B304,ORÇAMENTO!C:C,0)),\"\"))","v":"1.1.5.1"},"1.1.5.1","03.SEDI.ECOM.118/01",93567,"ENGENHEIRO CIVIL DE OBRA PLENO COM ENCARGOS COMPLEMENTARES","","MES",{"$f":"INDEX(ORÇAMENTO!G:G,MATCH(M304,ORÇAMENTO!A:A,0))","v":3},"",{"$f":"IF(L304<>\"\",\"\",IF(INDEX('CPU - PROJETO'!$H:$H,MATCH($O304,'CPU - PROJETO'!$B:$B,0))=0,INDEX('CPU - PROJETO'!$I:$I,MATCH($O304,'CPU - PROJETO'!$B:$B,0)),INDEX('CPU - PROJETO'!$H:$H,MATCH($O304,'CPU - PROJETO'!$B:$B,0))))","v":""},66095.100000000006,{"$f":"SUM(V305:V310)-V304","v":0}]
["INSUMO",40813,"ENGENHEIRO CIVIL DE OBRA PLENO (MENSALISTA)","MES",1,"",null,{"$f":"INDEX('SINAPI - INSUMO'!E:E,MATCH(B305,'SINAPI - INSUMO'!A:A,0))","v":21430.27},null,21430.27,null,{"$f":"IF(OR(A305=\"INSUMO\",A305=\"COMPOSICAO\"),\"\",IFERROR(INDEX(ORÇAMENTO!A:A,MATCH(B305,ORÇAMENTO!C:C,0)),\"\"))","v":""},"1.1.5.1","INSUMO",40813,"ENGENHEIRO CIVIL DE OBRA PLENO (MENSALISTA)",1,"MES",{"$f":"INDEX(ORÇAMENTO!G:G,MATCH(M305,ORÇAMENTO!A:A,0))","v":3},3,{"$f":"IF(L305<>\"\",\"\",IF(INDEX('CPU - PROJETO'!$H:$H,MATCH($O305,'CPU - PROJETO'!$B:$B,0))=0,INDEX('CPU - PROJETO'!$I:$I,MATCH($O305,'CPU - PROJETO'!$B:$B,0)),INDEX('CPU - PROJETO'!$H:$H,MATCH($O305,'CPU - PROJETO'!$B:$B,0))))","v":21430.27},64290.81]
["INSUMO",40863,"EXAMES - MENSALISTA (COLETADO CAIXA)","MES",1,"",null,{"$f":"INDEX('SINAPI - INSUMO'!E:E,MATCH(B306,'SINAPI - INSUMO'!A:A,0))","v":215.56},null,215.56,null,{"$f":"IF(OR(A306=\"INSUMO\",A306=\"COMPOSICAO\"),\"\",IFERROR(INDEX(ORÇAMENTO!A:A,MATCH(B306,ORÇAMENTO!C:C,0)),\"\"))","v":""},"1.1.5.1","INSUMO",40863,"EXAMES - MENSALISTA (COLETADO CAIXA)",1,"MES",{"$f":"INDEX(ORÇAMENTO!G:G,MATCH(M306,ORÇAMENTO!A:A,0))","v":3},3,{"$f":"IF(L306<>\"\",\"\",IF(INDEX('CPU - PROJETO'!$H:$H,MATCH($O306,'CPU - PROJETO'!$B:$B,0))=0,INDEX('CPU - PROJETO'!$I:$I,MATCH($O306,'CPU - PROJETO'!$B:$B,0)),INDEX('CPU - PROJETO'!$H:$H,MATCH($O306,'CPU - PROJETO'!$B:$B,0))))","v":215.56},646.68000000000006]
["INSUMO",40864,"SEGURO - MENSALISTA (COLETADO CAIXA)","MES",1,"",null,{"$f":"INDEX('SINAPI - INSUMO'!E:E,MATCH(B307,'SINAPI - INSUMO'!A:A,0))","v":0.01},null,0.01,null,{"$f":"IF(OR(A307=\"INSUMO\",A307=\"COMPOSICAO\"),\"\",IFERROR(INDEX(ORÇAMENTO!A:A,MATCH(B307,ORÇAMENTO!C:C,0)),\"\"))","v":""},"1.1.5.1","INSUMO",40864,"SEGURO - MENSALISTA (COLETADO CAIXA)",1,"MES",{"$f":"INDEX(ORÇAMENTO!G:G,MATCH(M307,ORÇAMENTO!A:A,0))","v":3},3,{"$f":"IF(L307<>\"\",\"\",IF(INDEX('CPU - PROJETO'!$H:$H,MATCH($O307,'CPU - PROJETO'!$B:$B,0))=0,INDEX('CPU - PROJETO'!$I:$I,MATCH($O307,'CPU - PROJETO'!$B:$B,0)),INDEX('CPU - PROJETO'!$H:$H,MATCH($O307,'CPU - PROJETO'!$B:$B,0))))","v":0.01},0.03]
["INSUMO",43474,"FERRAMENTAS - FAMILIA ENGENHEIRO CIVIL - MENSALISTA (ENCARGOS COMPLEMENTARES - COLETADO CAIXA)","MES",1,"",null,{"$f":"INDEX('SINAPI - INSUMO'!E:E,MATCH(B308,'SINAPI - INSUMO'!A:A,0))","v":2.54},null,2.54,null,{"$f":"IF(OR(A308=\"INSUMO\",A308=\"COMPOSICAO\"),\"\",IFERROR(INDEX(ORÇAMENTO!A:A,MATCH(B308,ORÇAMENTO!C:C,0)),\"\"))","v":""},"1.1.5.1","INSUMO",43474,"FERRAMENTAS - FAMILIA ENGENHEIRO CIVIL - MENSALISTA (ENCARGOS COMPLEMENTARES - COLETADO CAIXA)",1,"MES",{"$f":"INDEX(ORÇAMENTO!G:G,MATCH(M308,ORÇAMENTO!A:A,0))","v":3},3,{"$f":"IF(L308<>\"\",\"\",IF(INDEX('CPU - PROJETO'!$H:$H,MATCH($O308,'CPU - PROJETO'!$B:$B,0))=0,INDEX('CPU - PROJETO'!$I:$I,MATCH($O308,'CPU - PROJETO'!$B:$B,0)),INDEX('CPU - PROJETO'!$H:$H,MATCH($O308,'CPU - PROJETO'!$B:$B,0))))","v":2.54},7.62]
["INSUMO",43498,"EPI - FAMILIA ENGENHEIRO CIVIL - MENSALISTA (ENCARGOS COMPLEMENTARES - COLETADO CAIXA)","MES",1,"",null,{"$f":"INDEX('SINAPI - INSUMO'!E:E,MATCH(B309,'SINAPI - INSUMO'!A:A,0))","v":133.44999999999999},null,133.44999999999999,null,{"$f":"IF(OR(A309=\"INSUMO\",A309=\"COMPOSICAO\"),\"\",IFERROR(INDEX(ORÇAMENTO!A:A,MATCH(B309,ORÇAMENTO!C:C,0)),\"\"))","v":""},"1.1.5.1","INSUMO",43498,"EPI - FAMILIA ENGENHEIRO CIVIL - MENSALISTA (ENCARGOS COMPLEMENTARES - COLETADO CAIXA)",1,"MES",{"$f":"INDEX(ORÇAMENTO!G:G,MATCH(M309,ORÇAMENTO!A:A,0))","v":3},3,{"$f":"IF(L309<>\"\",\"\",IF(INDEX('CPU - PROJETO'!$H:$H,MATCH($O309,'CPU - PROJETO'!$B:$B,0))=0,INDEX('CPU - PROJETO'!$I:$I,MATCH($O309,'CPU - PROJETO'!$B:$B,0)),INDEX('CPU - PROJETO'!$H:$H,MATCH($O309,'CPU - PROJETO'!$B:$B,0))))","v":133.44999999999999},400.34999999999997]
["COMPOSICAO",95417,"CURSO DE CAPACITAÇÃO PARA ENGENHEIRO CIVIL DE OBRA PLENO (ENCARGOS COMPLEMENTARES) - MENSALISTA","MES",1,"",null,null,{"$f":"INDEX('SINAPI - SINTÉTICO'!K:K,MATCH(B310,'SINAPI - SINTÉTICO'!G:G,0))","v":249.87},249.87,null,{"$f":"IF(OR(A310=\"INSUMO\",A310=\"COMPOSICAO\"),\"\",IFERROR(INDEX(ORÇAMENTO!A:A,MATCH(B310,ORÇAMENTO!C:C,0)),\"\"))","v":""},"1.1.5.1","COMPOSICAO",95417,"CURSO DE CAPACITAÇÃO PARA ENGENHEIRO CIVIL DE OBRA PLENO (ENCARGOS COMPLEMENTARES) - MENSALISTA",1,"MES",{"$f":"INDEX(ORÇAMENTO!G:G,MATCH(M310,ORÇAMENTO!A:A,0))","v":3},3,{"$f":"IF(L310<>\"\",\"\",IF(INDEX('CPU - PROJETO'!$H:$H,MATCH($O310,'CPU - PROJETO'!$B:$B,0))=0,INDEX('CPU - PROJETO'!$I:$I,MATCH($O310,'CPU - PROJETO'!$B:$B,0)),INDEX('CPU - PROJETO'!$H:$H,MATCH($O310,'CPU - PROJETO'!$B:$B,0))))","v":249.87},749.61]
["03.SEDI.ECOM.124/01",94295,"MESTRE DE OBRAS COM ENCARGOS COMPLEMENTARES","MES","","Encargos Complementares",null,null,{"$f":"INDEX('SINAPI - SINTÉTICO'!K:K,MATCH(B311,'SINAPI - SINTÉTICO'!G:G,0))","v":10332},{"$f":"SUM(J312:J317)","v":10332},null,{"$f":"IF(OR(A311=\"INSUMO\",A311=\"COMPOSICAO\"),\"\",IFERROR(INDEX(ORÇAMENTO!A:A,MATCH(B311,ORÇAMENTO!C:C,0)),\"\"))","v":"1.1.5.2"},{"$f":"IF(L311<>\"\",L311,IF(M310<>0,M310,L311))","v":"1.1.5.2"},"03.SEDI.ECOM.124/01",94295,"MESTRE DE OBRAS COM ENCARGOS COMPLEMENTARES","","MES",{"$f":"INDEX(ORÇAMENTO!G:G,MATCH(M311,ORÇAMENTO!A:A,0))","v":3},"",{"$f":"IF(L311<>\"\",\"\",IF(INDEX('CPU - PROJETO'!$H:$H,MATCH($O311,'CPU - PROJETO'!$B:$B,0))=0,INDEX('CPU - PROJETO'!$I:$I,MATCH($O311,'CPU - PROJETO'!$B:$B,0)),INDEX('CPU - PROJETO'!$H:$H,MATCH($O311,'CPU - PROJETO'!$B:$B,0))))","v":""},30996,{"$f":"SUM(V312:V317)-V311","v":0}]
["INSUMO",40819,"MESTRE DE OBRAS (MENSALISTA)","MES",1,"",null,{"$f":"INDEX('SINAPI - INSUMO'!E:E,MATCH(B312,'SINAPI - INSUMO'!A:A,0))","v":9710.7800000000007},null,9710.7800000000007,null,{"$f":"IF(OR(A312=\"INSUMO\",A312=\"COMPOSICAO\"),\"\",IFERROR(INDEX(ORÇAMENTO!A:A,MATCH(B312,ORÇAMENTO!C:C,0)),\"\"))","v":""},"1.1.5.2","INSUMO",40819,"MESTRE DE OBRAS (MENSALISTA)",1,"MES",{"$f":"INDEX(ORÇAMENTO!G:G,MATCH(M312,ORÇAMENTO!A:A,0))","v":3},3,{"$f":"IF(L312<>\"\",\"\",IF(INDEX('CPU - PROJETO'!$H:$H,MATCH($O312,'CPU - PROJETO'!$B:$B,0))=0,INDEX('CPU - PROJETO'!$I:$I,MATCH($O312,'CPU - PROJETO'!$B:$B,0)),INDEX('CPU - PROJETO'!$H:$H,MATCH($O312,'CPU - PROJETO'!$B:$B,0))))","v":9710.7800000000007},29132.340000000004]
["INSUMO",40863,"EXAMES - MENSALISTA (COLETADO CAIXA)","MES",1,"",null,{"$f":"INDEX('SINAPI - INSUMO'!E:E,MATCH(B313,'SINAPI - INSUMO'!A:A,0))","v":215.56},null,215.56,null,{"$f":"IF(OR(A313=\"INSUMO\",A313=\"COMPOSICAO\"),\"\",IFERROR(INDEX(ORÇAMENTO!A:A,MATCH(B313,ORÇAMENTO!C:C,0)),\"\"))","v":""},"1.1.5.2","INSUMO",40863,"EXAMES - MENSALISTA (COLETADO CAIXA)",1,"MES",{"$f":"INDEX(ORÇAMENTO!G:G,MATCH(M313,ORÇAMENTO!A:A,0))","v":3},3,{"$f":"IF(L313<>\"\",\"\",IF(INDEX('CPU - PROJETO'!$H:$H,MATCH($O313,'CPU - PROJETO'!$B:$B,0))=0,INDEX('CPU - PROJETO'!$I:$I,MATCH($O313,'CPU - PROJETO'!$B:$B,0)),INDEX('CPU - PROJETO'!$H:$H,MATCH($O313,'CPU - PROJETO'!$B:$B,0))))","v":215.56},646.68000000000006]
["INSUMO",40864,"SEGURO - MENSALISTA (COLETADO CAIXA)","MES",1,"",null,{"$f":"INDEX('SINAPI - INSUMO'!E:E,MATCH(B314,'SINAPI - INSUMO'!A:A,0))","v":0.01},null,0.01,null,{"$f":"IF(OR(A314=\"INSUMO\",A314=\"COMPOSICAO\"),\"\",IFERROR(INDEX(ORÇAMENTO!A:A,MATCH(B314,ORÇAMENTO!C:C,0)),\"\"))","v":""},"1.1.5.2","INSUMO",40864,"SEGURO - MENSALISTA (COLETADO CAIXA)",1,"MES",{"$f":"INDEX(ORÇAMENTO!G:G,MATCH(M314,ORÇAMENTO!A:A,0))","v":3},3,{"$f":"IF(L314<>\"\",\"\",IF(INDEX('CPU - PROJETO'!$H:$H,MATCH($O314,'CPU - PROJETO'!$B:$B,0))=0,INDEX('CPU - PROJETO'!$I:$I,MATCH($O314,'CPU - PROJETO'!$B:$B,0)),INDEX('CPU - PROJETO'!$H:$H,MATCH($O314,'CPU - PROJETO'!$B:$B,0))))","v":0.01},0.03]
["INSUMO",43475,"FERRAMENTAS - FAMILIA ENCARREGADO GERAL - MENSALISTA (ENCARGOS COMPLEMENTARES - COLETADO CAIXA)","MES",1,"",null,{"$f":"INDEX('SINAPI - INSUMO'!E:E,MATCH(B315,'SINAPI - INSUMO'!A:A,0))","v":21.49},null,21.49,null,{"$f":"IF(OR(A315=\"INSUMO\",A315=\"COMPOSICAO\"),\"\",IFERROR(INDEX(ORÇAMENTO!A:A,MATCH(B315,ORÇAMENTO!C:C,0)),\"\"))","v":""},"1.1.5.2","INSUMO",43475,"FERRAMENTAS - FAMILIA ENCARREGADO GERAL - MENSALISTA (ENCARGOS COMPLEMENTARES - COLETADO CAIXA)",1,"MES",{"$f":"INDEX(ORÇAMENTO!G:G,MATCH(M315,ORÇAMENTO!A:A,0))","v":3},3,{"$f":"IF(L315<>\"\",\"\",IF(INDEX('CPU - PROJETO'!$H:$H,MATCH($O315,'CPU - PROJETO'!$B:$B,0))=0,INDEX('CPU - PROJETO'!$I:$I,MATCH($O315,'CPU - PROJETO'!$B:$B,0)),INDEX('CPU - PROJETO'!$H:$H,MATCH($O315,'CPU - PROJETO'!$B:$B,0))))","v":21.49},64.47]
["INSUMO",43499,"EPI - FAMILIA ENCARREGADO GERAL - MENSALISTA (ENCARGOS COMPLEMENTARES - COLETADO CAIXA)","MES",1,"",null,{"$f":"INDEX('SINAPI - INSUMO'!E:E,MATCH(B316,'SINAPI - INSUMO'!A:A,0))","v":221.51},null,221.51,null,{"$f":"IF(OR(A316=\"INSUMO\",A316=\"COMPOSICAO\"),\"\",IFERROR(INDEX(ORÇAMENTO!A:A,MATCH(B316,ORÇAMENTO!C:C,0)),\"\"))","v":""},"1.1.5.2","INSUMO",43499,"EPI - FAMILIA ENCARREGADO GERAL - MENSALISTA (ENCARGOS COMPLEMENTARES - COLETADO CAIXA)",1,"MES",{"$f":"INDEX(ORÇAMENTO!G:G,MATCH(M316,ORÇAMENTO!A:A,0))","v":3},3,{"$f":"IF(L316<>\"\",\"\",IF(INDEX('CPU - PROJETO'!$H:$H,MATCH($O316,'CPU - PROJETO'!$B:$B,0))=0,INDEX('CPU - PROJETO'!$I:$I,MATCH($O316,'CPU - PROJETO'!$B:$B,0)),INDEX('CPU - PROJETO'!$H:$H,MATCH($O316,'CPU - PROJETO'!$B:$B,0))))","v":221.51},664.53]
["COMPOSICAO",95423,"CURSO DE CAPACITAÇÃO PARA MESTRE DE OBRAS (ENCARGOS COMPLEMENTARES) - MENSALISTA","MES",1,"",null,null,{"$f":"INDEX('SINAPI - SINTÉTICO'!K:K,MATCH(B317,'SINAPI - SINTÉTICO'!G:G,0))","v":162.65},162.65,null,{"$f":"IF(OR(A317=\"INSUMO\",A317=\"COMPOSICAO\"),\"\",IFERROR(INDEX(ORÇAMENTO!A:A,MATCH(B317,ORÇAMENTO!C:C,0)),\"\"))","v":""},"1.1.5.2","COMPOSICAO",95423,"CURSO DE CAPACITAÇÃO PARA MESTRE DE OBRAS (ENCARGOS COMPLEMENTARES) - MENSALISTA",1,"MES",{"$f":"INDEX(ORÇAMENTO!G:G,MATCH(M317,ORÇAMENTO!A:A,0))","v":3},3,{"$f":"IF(L317<>\"\",\"\",IF(INDEX('CPU - PROJETO'!$H:$H,MATCH($O317,'CPU - PROJETO'!$B:$B,0))=0,INDEX('CPU - PROJETO'!$I:$I,MATCH($O317,'CPU - PROJETO'!$B:$B,0)),INDEX('CPU - PROJETO'!$H:$H,MATCH($O317,'CPU - PROJETO'!$B:$B,0))))","v":162.65},487.95000000000005]
["03.SEDI.ECOM.085/01",88326,"VIGIA NOTURNO COM ENCARGOS COMPLEMENTARES","H","","Encargos Complementares",null,null,{"$f":"INDEX('SINAPI - SINTÉTICO'!K:K,MATCH(B318,'SINAPI - SINTÉTICO'!G:G,0))","v":25.49},{"$f":"SUM(J319:J326)","v":25.49},null,{"$f":"IF(OR(A318=\"INSUMO\",A318=\"COMPOSICAO\"),\"\",IFERROR(INDEX(ORÇAMENTO!A:A,MATCH(B318,ORÇAMENTO!C:C,0)),\"\"))","v":"1.1.5.3"},"1.1.5.3","03.SEDI.ECOM.085/01",88326,"VIGIA NOTURNO COM ENCARGOS COMPLEMENTARES","","H",{"$f":"INDEX(ORÇAMENTO!G:G,MATCH(M318,ORÇAMENTO!A:A,0))","v":660},"",{"$f":"IF(L318<>\"\",\"\",IF(INDEX('CPU - PROJETO'!$H:$H,MATCH($O318,'CPU - PROJETO'!$B:$B,0))=0,INDEX('CPU - PROJETO'!$I:$I,MATCH($O318,'CPU - PROJETO'!$B:$B,0)),INDEX('CPU - PROJETO'!$H:$H,MATCH($O318,'CPU - PROJETO'!$B:$B,0))))","v":""},16823.399999999998,{"$f":"SUM(V319:V326)-V318","v":0}]
["INSUMO",37370,"ALIMENTACAO - HORISTA (COLETADO CAIXA)","H",1,"",null,{"$f":"INDEX('SINAPI - INSUMO'!E:E,MATCH(B319,'SINAPI - INSUMO'!A:A,0))","v":2.2799999999999998},null,2.2799999999999998,null,{"$f":"IF(OR(A319=\"INSUMO\",A319=\"COMPOSICAO\"),\"\",IFERROR(INDEX(ORÇAMENTO!A:A,MATCH(B319,ORÇAMENTO!C:C,0)),\"\"))","v":""},"1.1.5.3","INSUMO",37370,"ALIMENTACAO - HORISTA (COLETADO CAIXA)",1,"H",{"$f":"INDEX(ORÇAMENTO!G:G,MATCH(M319,ORÇAMENTO!A:A,0))","v":660},660,{"$f":"IF(L319<>\"\",\"\",IF(INDEX('CPU - PROJETO'!$H:$H,MATCH($O319,'CPU - PROJETO'!$B:$B,0))=0,INDEX('CPU - PROJETO'!$I:$I,MATCH($O319,'CPU - PROJETO'!$B:$B,0)),INDEX('CPU - PROJETO'!$H:$H,MATCH($O319,'CPU - PROJETO'!$B:$B,0))))","v":2.2799999999999998},1504.8]
["INSUMO",37371,"TRANSPORTE - HORISTA (COLETADO CAIXA)","H",1,"",null,{"$f":"INDEX('SINAPI - INSUMO'!E:E,MATCH(B320,'SINAPI - INSUMO'!A:A,0))","v":0.6},null,0.6,null,{"$f":"IF(OR(A320=\"INSUMO\",A320=\"COMPOSICAO\"),\"\",IFERROR(INDEX(ORÇAMENTO!A:A,MATCH(B320,ORÇAMENTO!C:C,0)),\"\"))","v":""},"1.1.5.3","INSUMO",37371,"TRANSPORTE - HORISTA (COLETADO CAIXA)",1,"H",{"$f":"INDEX(ORÇAMENTO!G:G,MATCH(M320,ORÇAMENTO!A:A,0))","v":660},660,{"$f":"IF(L320<>\"\",\"\",IF(INDEX('CPU - PROJETO'!$H:$H,MATCH($O320,'CPU - PROJETO'!$B:$B,0))=0,INDEX('CPU - PROJETO'!$I:$I,MATCH($O320,'CPU - PROJETO'!$B:$B,0)),INDEX('CPU - PROJETO'!$H:$H,MATCH($O320,'CPU - PROJETO'!$B:$B,0))))","v":0.6},396]
["INSUMO",37372,"EXAMES - HORISTA (COLETADO CAIXA)","H",1,"",null,{"$f":"INDEX('SINAPI - INSUMO'!E:E,MATCH(B321,'SINAPI - INSUMO'!A:A,0))","v":1.1399999999999999},null,1.1399999999999999,null,{"$f":"IF(OR(A321=\"INSUMO\",A321=\"COMPOSICAO\"),\"\",IFERROR(INDEX(ORÇAMENTO!A:A,MATCH(B321,ORÇAMENTO!C:C,0)),\"\"))","v":""},"1.1.5.3","INSUMO",37372,"EXAMES - HORISTA (COLETADO CAIXA)",1,"H",{"$f":"INDEX(ORÇAMENTO!G:G,MATCH(M321,ORÇAMENTO!A:A,0))","v":660},660,{"$f":"IF(L321<>\"\",\"\",IF(INDEX('CPU - PROJETO'!$H:$H,MATCH($O321,'CPU - PROJETO'!$B:$B,0))=0,INDEX('CPU - PROJETO'!$I:$I,MATCH($O321,'CPU - PROJETO'!$B:$B,0)),INDEX('CPU - PROJETO'!$H:$H,MATCH($O321,'CPU - PROJETO'!$B:$B,0))))","v":1.1399999999999999},752.4]
["INSUMO",37373,"SEGURO - HORISTA (COLETADO CAIXA)","H",1,"",null,{"$f":"INDEX('SINAPI - INSUMO'!E:E,MATCH(B322,'SINAPI - INSUMO'!A:A,0))","v":0.01},null,0.01,null,{"$f":"IF(OR(A322=\"INSUMO\",A322=\"COMPOSICAO\"),\"\",IFERROR(INDEX(ORÇAMENTO!A:A,MATCH(B322,ORÇAMENTO!C:C,0)),\"\"))","v":""},"1.1.5.3","INSUMO",37373,"SEGURO - HORISTA (COLETADO CAIXA)",1,"H",{"$f":"INDEX(ORÇAMENTO!G:G,MATCH(M322,ORÇAMENTO!A:A,0))","v":660},660,{"$f":"IF(L322<>\"\",\"\",IF(INDEX('CPU - PROJETO'!$H:$H,MATCH($O322,'CPU - PROJETO'!$B:$B,0))=0,INDEX('CPU - PROJETO'!$I:$I,MATCH($O322,'CPU - PROJETO'!$B:$B,0)),INDEX('CPU - PROJETO'!$H:$H,MATCH($O322,'CPU - PROJETO'!$B:$B,0))))","v":0.01},6.6000000000000005]
["INSUMO",41776,"VIGIA NOTURNO, HORA EFETIVAMENTE TRABALHADA DE 22 H AS 5 H (COM ADICIONAL NOTURNO)","H",1,"",null,{"$f":"INDEX('SINAPI - INSUMO'!E:E,MATCH(B323,'SINAPI - INSUMO'!A:A,0))","v":19.52},null,19.52,null,{"$f":"IF(OR(A323=\"INSUMO\",A323=\"COMPOSICAO\"),\"\",IFERROR(INDEX(ORÇAMENTO!A:A,MATCH(B323,ORÇAMENTO!C:C,0)),\"\"))","v":""},"1.1.5.3","INSUMO",41776,"VIGIA NOTURNO, HORA EFETIVAMENTE TRABALHADA DE 22 H AS 5 H (COM ADICIONAL NOTURNO)",1,"H",{"$f":"INDEX(ORÇAMENTO!G:G,MATCH(M323,ORÇAMENTO!A:A,0))","v":660},660,{"$f":"IF(L323<>\"\",\"\",IF(INDEX('CPU - PROJETO'!$H:$H,MATCH($O323,'CPU - PROJETO'!$B:$B,0))=0,INDEX('CPU - PROJETO'!$I:$I,MATCH($O323,'CPU - PROJETO'!$B:$B,0)),INDEX('CPU - PROJETO'!$H:$H,MATCH($O323,'CPU - PROJETO'!$B:$B,0))))","v":19.52},12883.199999999999]
["INSUMO",43467,"FERRAMENTAS - FAMILIA SERVENTE - HORISTA (ENCARGOS COMPLEMENTARES - COLETADO CAIXA)","H",1,"",null,{"$f":"INDEX('SINAPI - INSUMO'!E:E,MATCH(B324,'SINAPI - INSUMO'!A:A,0))","v":0.59},null,0.59,null,{"$f":"IF(OR(A324=\"INSUMO\",A324=\"COMPOSICAO\"),\"\",IFERROR(INDEX(ORÇAMENTO!A:A,MATCH(B324,ORÇAMENTO!C:C,0)),\"\"))","v":""},"1.1.5.3","INSUMO",43467,"FERRAMENTAS - FAMILIA SERVENTE - HORISTA (ENCARGOS COMPLEMENTARES - COLETADO CAIXA)",1,"H",{"$f":"INDEX(ORÇAMENTO!G:G,MATCH(M324,ORÇAMENTO!A:A,0))","v":660},660,{"$f":"IF(L324<>\"\",\"\",IF(INDEX('CPU - PROJETO'!$H:$H,MATCH($O324,'CPU - PROJETO'!$B:$B,0))=0,INDEX('CPU - PROJETO'!$I:$I,MATCH($O324,'CPU - PROJETO'!$B:$B,0)),INDEX('CPU - PROJETO'!$H:$H,MATCH($O324,'CPU - PROJETO'!$B:$B,0))))","v":0.59},389.4]
["INSUMO",43491,"EPI - FAMILIA SERVENTE - HORISTA (ENCARGOS COMPLEMENTARES - COLETADO CAIXA)","H",1,"",null,{"$f":"INDEX('SINAPI - INSUMO'!E:E,MATCH(B325,'SINAPI - INSUMO'!A:A,0))","v":1.25},null,1.25,null,{"$f":"IF(OR(A325=\"INSUMO\",A325=\"COMPOSICAO\"),\"\",IFERROR(INDEX(ORÇAMENTO!A:A,MATCH(B325,ORÇAMENTO!C:C,0)),\"\"))","v":""},"1.1.5.3","INSUMO",43491,"EPI - FAMILIA SERVENTE - HORISTA (ENCARGOS COMPLEMENTARES - COLETADO CAIXA)",1,"H",{"$f":"INDEX(ORÇAMENTO!G:G,MATCH(M325,ORÇAMENTO!A:A,0))","v":660},660,{"$f":"IF(L325<>\"\",\"\",IF(INDEX('CPU - PROJETO'!$H:$H,MATCH($O325,'CPU - PROJETO'!$B:$B,0))=0,INDEX('CPU - PROJETO'!$I:$I,MATCH($O325,'CPU - PROJETO'!$B:$B,0)),INDEX('CPU - PROJETO'!$H:$H,MATCH($O325,'CPU - PROJETO'!$B:$B,0))))","v":1.25},825]
["COMPOSICAO",95388,"CURSO DE CAPACITAÇÃO PARA VIGIA NOTURNO (ENCARGOS COMPLEMENTARES) - HORISTA","H",1,"",null,null,{"$f":"INDEX('SINAPI - SINTÉTICO'!K:K,MATCH(B326,'SINAPI - SINTÉTICO'!G:G,0))","v":0.1},0.1,null,{"$f":"IF(OR(A326=\"INSUMO\",A326=\"COMPOSICAO\"),\"\",IFERROR(INDEX(ORÇAMENTO!A:A,MATCH(B326,ORÇAMENTO!C:C,0)),\"\"))","v":""},"1.1.5.3","COMPOSICAO",95388,"CURSO DE CAPACITAÇÃO PARA VIGIA NOTURNO (ENCARGOS COMPLEMENTARES) - HORISTA",1,"H",{"$f":"INDEX(ORÇAMENTO!G:G,MATCH(M326,ORÇAMENTO!A:A,0))","v":660},660,{"$f":"IF(L326<>\"\",\"\",IF(INDEX('CPU - PROJETO'!$H:$H,MATCH($O326,'CPU - PROJETO'!$B:$B,0))=0,INDEX('CPU - PROJETO'!$I:$I,MATCH($O326,'CPU - PROJETO'!$B:$B,0)),INDEX('CPU - PROJETO'!$H:$H,MATCH($O326,'CPU - PROJETO'!$B:$B,0))))","v":0.1},66]
["03.SEDI.ECOM.114/01",93563,"ALMOXARIFE COM ENCARGOS COMPLEMENTARES","MES","","Encargos Complementares",null,null,{"$f":"INDEX('SINAPI - SINTÉTICO'!K:K,MATCH(B327,'SINAPI - SINTÉTICO'!G:G,0))","v":3680.93},{"$f":"SUM(J328:J333)","v":3680.9300000000003},null,{"$f":"IF(OR(A327=\"INSUMO\",A327=\"COMPOSICAO\"),\"\",IFERROR(INDEX(ORÇAMENTO!A:A,MATCH(B327,ORÇAMENTO!C:C,0)),\"\"))","v":"1.1.5.4"},"1.1.5.4",{"$f":"A327","v":"03.SEDI.ECOM.114/01"},{"$f":"B327","v":93563},{"$f":"C327","v":"ALMOXARIFE COM ENCARGOS COMPLEMENTARES"},"",{"$f":"D327","v":"MES"},{"$f":"INDEX(ORÇAMENTO!G:G,MATCH(M327,ORÇAMENTO!A:A,0))","v":3},"",{"$f":"IF(L327<>\"\",\"\",IF(INDEX('CPU - PROJETO'!$H:$H,MATCH($O327,'CPU - PROJETO'!$B:$B,0))=0,INDEX('CPU - PROJETO'!$I:$I,MATCH($O327,'CPU - PROJETO'!$B:$B,0)),INDEX('CPU - PROJETO'!$H:$H,MATCH($O327,'CPU - PROJETO'!$B:$B,0))))","v":""},11042.789999999999,{"$f":"SUM(V328:V333)-V327","v":0}]
["INSUMO",40809,"ALMOXARIFE (MENSALISTA)","MES",1,"",null,{"$f":"INDEX('SINAPI - INSUMO'!E:E,MATCH(B328,'SINAPI - INSUMO'!A:A,0))","v":3300.81},null,3300.81,null,{"$f":"IF(OR(A328=\"INSUMO\",A328=\"COMPOSICAO\"),\"\",IFERROR(INDEX(ORÇAMENTO!A:A,MATCH(B328,ORÇAMENTO!C:C,0)),\"\"))","v":""},"1.1.5.4","INSUMO",40809,"ALMOXARIFE (MENSALISTA)",{"$f":"IF(L328<>\"\",\"\",E328)","v":1},"MES",{"$f":"INDEX(ORÇAMENTO!G:G,MATCH(M328,ORÇAMENTO!A:A,0))","v":3},{"$f":"IF(L328<>\"\",\"\",Q328*S328)","v":3},{"$f":"IF(L328<>\"\",\"\",IF(INDEX('CPU - PROJETO'!$H:$H,MATCH($O328,'CPU - PROJETO'!$B:$B,0))=0,INDEX('CPU - PROJETO'!$I:$I,MATCH($O328,'CPU - PROJETO'!$B:$B,0)),INDEX('CPU - PROJETO'!$H:$H,MATCH($O328,'CPU - PROJETO'!$B:$B,0))))","v":3300.81},{"$f":"IF(L328<>\"\",IF(I328=0,J328,I328)*S328,T328*U328)","v":9902.43}]
["INSUMO",40863,"EXAMES - MENSALISTA (COLETADO CAIXA)","MES",1,"",null,{"$f":"INDEX('SINAPI - INSUMO'!E:E,MATCH(B329,'SINAPI - INSUMO'!A:A,0))","v":215.56},null,215.56,null,{"$f":"IF(OR(A329=\"INSUMO\",A329=\"COMPOSICAO\"),\"\",IFERROR(INDEX(ORÇAMENTO!A:A,MATCH(B329,ORÇAMENTO!C:C,0)),\"\"))","v":""},{"$f":"IF(L329<>\"\",L329,IF(M328<>0,M328,L329))","v":"1.1.5.4"},"INSUMO",40863,"EXAMES - MENSALISTA (COLETADO CAIXA)",1,"MES",{"$f":"INDEX(ORÇAMENTO!G:G,MATCH(M329,ORÇAMENTO!A:A,0))","v":3},3,{"$f":"IF(L329<>\"\",\"\",IF(INDEX('CPU - PROJETO'!$H:$H,MATCH($O329,'CPU - PROJETO'!$B:$B,0))=0,INDEX('CPU - PROJETO'!$I:$I,MATCH($O329,'CPU - PROJETO'!$B:$B,0)),INDEX('CPU - PROJETO'!$H:$H,MATCH($O329,'CPU - PROJETO'!$B:$B,0))))","v":215.56},646.68000000000006]
["INSUMO",40864,"SEGURO - MENSALISTA (COLETADO CAIXA)","MES",1,"",null,{"$f":"INDEX('SINAPI - INSUMO'!E:E,MATCH(B330,'SINAPI - INSUMO'!A:A,0))","v":0.01},null,0.01,null,{"$f":"IF(OR(A330=\"INSUMO\",A330=\"COMPOSICAO\"),\"\",IFERROR(INDEX(ORÇAMENTO!A:A,MATCH(B330,ORÇAMENTO!C:C,0)),\"\"))","v":""},"1.1.5.4","INSUMO",40864,"SEGURO - MENSALISTA (COLETADO CAIXA)",1,"MES",{"$f":"INDEX(ORÇAMENTO!G:G,MATCH(M330,ORÇAMENTO!A:A,0))","v":3},3,{"$f":"IF(L330<>\"\",\"\",IF(INDEX('CPU - PROJETO'!$H:$H,MATCH($O330,'CPU - PROJETO'!$B:$B,0))=0,INDEX('CPU - PROJETO'!$I:$I,MATCH($O330,'CPU - PROJETO'!$B:$B,0)),INDEX('CPU - PROJETO'!$H:$H,MATCH($O330,'CPU - PROJETO'!$B:$B,0))))","v":0.01},0.03]
["INSUMO",43470,"FERRAMENTAS - FAMILIA ALMOXARIFE - MENSALISTA (ENCARGOS COMPLEMENTARES - COLETADO CAIXA)","MES",1,"",null,{"$f":"INDEX('SINAPI - INSUMO'!E:E,MATCH(B331,'SINAPI - INSUMO'!A:A,0))","v":10.6},null,10.6,null,{"$f":"IF(OR(A331=\"INSUMO\",A331=\"COMPOSICAO\"),\"\",IFERROR(INDEX(ORÇAMENTO!A:A,MATCH(B331,ORÇAMENTO!C:C,0)),\"\"))","v":""},"1.1.5.4","INSUMO",43470,"FERRAMENTAS - FAMILIA ALMOXARIFE - MENSALISTA (ENCARGOS COMPLEMENTARES - COLETADO CAIXA)",1,"MES",{"$f":"INDEX(ORÇAMENTO!G:G,MATCH(M331,ORÇAMENTO!A:A,0))","v":3},3,{"$f":"IF(L331<>\"\",\"\",IF(INDEX('CPU - PROJETO'!$H:$H,MATCH($O331,'CPU - PROJETO'!$B:$B,0))=0,INDEX('CPU - PROJETO'!$I:$I,MATCH($O331,'CPU - PROJETO'!$B:$B,0)),INDEX('CPU - PROJETO'!$H:$H,MATCH($O331,'CPU - PROJETO'!$B:$B,0))))","v":10.6},31.799999999999997]
["INSUMO",43494,"EPI - FAMILIA ALMOXARIFE - MENSALISTA (ENCARGOS COMPLEMENTARES - COLETADO CAIXA)","MES",1,"",null,{"$f":"INDEX('SINAPI - INSUMO'!E:E,MATCH(B332,'SINAPI - INSUMO'!A:A,0))","v":140.69},null,140.69,null,{"$f":"IF(OR(A332=\"INSUMO\",A332=\"COMPOSICAO\"),\"\",IFERROR(INDEX(ORÇAMENTO!A:A,MATCH(B332,ORÇAMENTO!C:C,0)),\"\"))","v":""},"1.1.5.4","INSUMO",43494,"EPI - FAMILIA ALMOXARIFE - MENSALISTA (ENCARGOS COMPLEMENTARES - COLETADO CAIXA)",1,"MES",{"$f":"INDEX(ORÇAMENTO!G:G,MATCH(M332,ORÇAMENTO!A:A,0))","v":3},3,{"$f":"IF(L332<>\"\",\"\",IF(INDEX('CPU - PROJETO'!$H:$H,MATCH($O332,'CPU - PROJETO'!$B:$B,0))=0,INDEX('CPU - PROJETO'!$I:$I,MATCH($O332,'CPU - PROJETO'!$B:$B,0)),INDEX('CPU - PROJETO'!$H:$H,MATCH($O332,'CPU - PROJETO'!$B:$B,0))))","v":140.69},422.07]
["COMPOSICAO",95413,"CURSO DE CAPACITAÇÃO PARA ALMOXARIFE (ENCARGOS COMPLEMENTARES) - MENSALISTA","MES",1,"",null,null,{"$f":"INDEX('SINAPI - SINTÉTICO'!K:K,MATCH(B333,'SINAPI - SINTÉTICO'!G:G,0))","v":13.26},13.26,null,{"$f":"IF(OR(A333=\"INSUMO\",A333=\"COMPOSICAO\"),\"\",IFERROR(INDEX(ORÇAMENTO!A:A,MATCH(B333,ORÇAMENTO!C:C,0)),\"\"))","v":""},"1.1.5.4","COMPOSICAO",95413,"CURSO DE CAPACITAÇÃO PARA ALMOXARIFE (ENCARGOS COMPLEMENTARES) - MENSALISTA",1,"MES",{"$f":"INDEX(ORÇAMENTO!G:G,MATCH(M333,ORÇAMENTO!A:A,0))","v":3},3,{"$f":"IF(L333<>\"\",\"\",IF(INDEX('CPU - PROJETO'!$H:$H,MATCH($O333,'CPU - PROJETO'!$B:$B,0))=0,INDEX('CPU - PROJETO'!$I:$I,MATCH($O333,'CPU - PROJETO'!$B:$B,0)),INDEX('CPU - PROJETO'!$H:$H,MATCH($O333,'CPU - PROJETO'!$B:$B,0))))","v":13.26},39.78]
["03.SEDI.ECOM.276/01",100321,"TÉCNICO EM SEGURANÇA DO TRABALHO COM ENCARGOS COMPLEMENTARES","MES","","Encargos Complementares",null,null,{"$f":"INDEX('SINAPI - SINTÉTICO'!K:K,MATCH(B334,'SINAPI - SINTÉTICO'!G:G,0))","v":4576.18},{"$f":"SUM(J335:J340)","v":4576.18},null,{"$f":"IF(OR(A334=\"INSUMO\",A334=\"COMPOSICAO\"),\"\",IFERROR(INDEX(ORÇAMENTO!A:A,MATCH(B334,ORÇAMENTO!C:C,0)),\"\"))","v":"1.1.5.5"},"1.1.5.5",{"$f":"A334","v":"03.SEDI.ECOM.276/01"},{"$f":"B334","v":100321},{"$f":"C334","v":"TÉCNICO EM SEGURANÇA DO TRABALHO COM ENCARGOS COMPLEMENTARES"},"",{"$f":"D334","v":"MES"},{"$f":"INDEX(ORÇAMENTO!G:G,MATCH(M334,ORÇAMENTO!A:A,0))","v":3},"",{"$f":"IF(L334<>\"\",\"\",IF(INDEX('CPU - PROJETO'!$H:$H,MATCH($O334,'CPU - PROJETO'!$B:$B,0))=0,INDEX('CPU - PROJETO'!$I:$I,MATCH($O334,'CPU - PROJETO'!$B:$B,0)),INDEX('CPU - PROJETO'!$H:$H,MATCH($O334,'CPU - PROJETO'!$B:$B,0))))","v":""},13728.54,{"$f":"SUM(V335:V340)-V334","v":0}]
["INSUMO",40863,"EXAMES - MENSALISTA (COLETADO CAIXA)","MES",1,"",null,{"$f":"INDEX('SINAPI - INSUMO'!E:E,MATCH(B335,'SINAPI - INSUMO'!A:A,0))","v":215.56},null,{"$f":"TRUNC(E335*H335+E335*I335,2)","v":215.56},null,{"$f":"IF(OR(A335=\"INSUMO\",A335=\"COMPOSICAO\"),\"\",IFERROR(INDEX(ORÇAMENTO!A:A,MATCH(B335,ORÇAMENTO!C:C,0)),\"\"))","v":""},"1.1.5.5","INSUMO",40863,"EXAMES - MENSALISTA (COLETADO CAIXA)",{"$f":"IF(L335<>\"\",\"\",E335)","v":1},"MES",{"$f":"INDEX(ORÇAMENTO!G:G,MATCH(M335,ORÇAMENTO!A:A,0))","v":3},{"$f":"IF(L335<>\"\",\"\",Q335*S335)","v":3},{"$f":"IF(L335<>\"\",\"\",IF(INDEX('CPU - PROJETO'!$H:$H,MATCH($O335,'CPU - PROJETO'!$B:$B,0))=0,INDEX('CPU - PROJETO'!$I:$I,MATCH($O335,'CPU - PROJETO'!$B:$B,0)),INDEX('CPU - PROJETO'!$H:$H,MATCH($O335,'CPU - PROJETO'!$B:$B,0))))","v":215.56},{"$f":"IF(L335<>\"\",IF(I335=0,J335,I335)*S335,T335*U335)","v":646.68000000000006}]
["INSUMO",40864,"SEGURO - MENSALISTA (COLETADO CAIXA)","MES",1,"",null,{"$f":"INDEX('SINAPI - INSUMO'!E:E,MATCH(B336,'SINAPI - INSUMO'!A:A,0))","v":0.01},null,0.01,null,{"$f":"IF(OR(A336=\"INSUMO\",A336=\"COMPOSICAO\"),\"\",IFERROR(INDEX(ORÇAMENTO!A:A,MATCH(B336,ORÇAMENTO!C:C,0)),\"\"))","v":""},{"$f":"IF(L336<>\"\",L336,IF(M335<>0,M335,L336))","v":"1.1.5.5"},"INSUMO",40864,"SEGURO - MENSALISTA (COLETADO CAIXA)",1,"MES",{"$f":"INDEX(ORÇAMENTO!G:G,MATCH(M336,ORÇAMENTO!A:A,0))","v":3},3,{"$f":"IF(L336<>\"\",\"\",IF(INDEX('CPU - PROJETO'!$H:$H,MATCH($O336,'CPU - PROJETO'!$B:$B,0))=0,INDEX('CPU - PROJETO'!$I:$I,MATCH($O336,'CPU - PROJETO'!$B:$B,0)),INDEX('CPU - PROJETO'!$H:$H,MATCH($O336,'CPU - PROJETO'!$B:$B,0))))","v":0.01},0.03]
["INSUMO",40944,"TECNICO EM SEGURANCA DO TRABALHO (MENSALISTA)","MES",1,"",null,{"$f":"INDEX('SINAPI - INSUMO'!E:E,MATCH(B337,'SINAPI - INSUMO'!A:A,0))","v":4150.3900000000003},null,4150.3900000000003,null,{"$f":"IF(OR(A337=\"INSUMO\",A337=\"COMPOSICAO\"),\"\",IFERROR(INDEX(ORÇAMENTO!A:A,MATCH(B337,ORÇAMENTO!C:C,0)),\"\"))","v":""},"1.1.5.5","INSUMO",40944,"TECNICO EM SEGURANCA DO TRABALHO (MENSALISTA)",1,"MES",{"$f":"INDEX(ORÇAMENTO!G:G,MATCH(M337,ORÇAMENTO!A:A,0))","v":3},3,{"$f":"IF(L337<>\"\",\"\",IF(INDEX('CPU - PROJETO'!$H:$H,MATCH($O337,'CPU - PROJETO'!$B:$B,0))=0,INDEX('CPU - PROJETO'!$I:$I,MATCH($O337,'CPU - PROJETO'!$B:$B,0)),INDEX('CPU - PROJETO'!$H:$H,MATCH($O337,'CPU - PROJETO'!$B:$B,0))))","v":4150.3900000000003},12451.170000000002]
["INSUMO",43470,"FERRAMENTAS - FAMILIA ALMOXARIFE - MENSALISTA (ENCARGOS COMPLEMENTARES - COLETADO CAIXA)","MES",1,"",null,{"$f":"INDEX('SINAPI - INSUMO'!E:E,MATCH(B338,'SINAPI - INSUMO'!A:A,0))","v":10.6},null,10.6,null,{"$f":"IF(OR(A338=\"INSUMO\",A338=\"COMPOSICAO\"),\"\",IFERROR(INDEX(ORÇAMENTO!A:A,MATCH(B338,ORÇAMENTO!C:C,0)),\"\"))","v":""},"1.1.5.5","INSUMO",43470,"FERRAMENTAS - FAMILIA ALMOXARIFE - MENSALISTA (ENCARGOS COMPLEMENTARES - COLETADO CAIXA)",1,"MES",{"$f":"INDEX(ORÇAMENTO!G:G,MATCH(M338,ORÇAMENTO!A:A,0))","v":3},3,{"$f":"IF(L338<>\"\",\"\",IF(INDEX('CPU - PROJETO'!$H:$H,MATCH($O338,'CPU - PROJETO'!$B:$B,0))=0,INDEX('CPU - PROJETO'!$I:$I,MATCH($O338,'CPU - PROJETO'!$B:$B,0)),INDEX('CPU - PROJETO'!$H:$H,MATCH($O338,'CPU - PROJETO'!$B:$B,0))))","v":10.6},31.799999999999997]
["INSUMO",43494,"EPI - FAMILIA ALMOXARIFE - MENSALISTA (ENCARGOS COMPLEMENTARES - COLETADO CAIXA)","MES",1,"",null,{"$f":"INDEX('SINAPI - INSUMO'!E:E,MATCH(B339,'SINAPI - INSUMO'!A:A,0))","v":140.69},null,140.69,null,{"$f":"IF(OR(A339=\"INSUMO\",A339=\"COMPOSICAO\"),\"\",IFERROR(INDEX(ORÇAMENTO!A:A,MATCH(B339,ORÇAMENTO!C:C,0)),\"\"))","v":""},"1.1.5.5","INSUMO",43494,"EPI - FAMILIA ALMOXARIFE - MENSALISTA (ENCARGOS COMPLEMENTARES - COLETADO CAIXA)",1,"MES",{"$f":"INDEX(ORÇAMENTO!G:G,MATCH(M339,ORÇAMENTO!A:A,0))","v":3},3,{"$f":"IF(L339<>\"\",\"\",IF(INDEX('CPU - PROJETO'!$H:$H,MATCH($O339,'CPU - PROJETO'!$B:$B,0))=0,INDEX('CPU - PROJETO'!$I:$I,MATCH($O339,'CPU - PROJETO'!$B:$B,0)),INDEX('CPU - PROJETO'!$H:$H,MATCH($O339,'CPU - PROJETO'!$B:$B,0))))","v":140.69},422.07]
["COMPOSICAO",100315,"CURSO DE CAPACITAÇÃO PARA TÉCNICO EM SEGURANÇA DO TRABALHO (ENCARGOS COMPLEMENTARES) - MENSALISTA","MES",1,"",null,null,{"$f":"INDEX('SINAPI - SINTÉTICO'!K:K,MATCH(B340,'SINAPI - SINTÉTICO'!G:G,0))","v":58.93},58.93,null,{"$f":"IF(OR(A340=\"INSUMO\",A340=\"COMPOSICAO\"),\"\",IFERROR(INDEX(ORÇAMENTO!A:A,MATCH(B340,ORÇAMENTO!C:C,0)),\"\"))","v":""},"1.1.5.5","COMPOSICAO",100315,"CURSO DE CAPACITAÇÃO PARA TÉCNICO EM SEGURANÇA DO TRABALHO (ENCARGOS COMPLEMENTARES) - MENSALISTA",1,"MES",{"$f":"INDEX(ORÇAMENTO!G:G,MATCH(M340,ORÇAMENTO!A:A,0))","v":3},3,{"$f":"IF(L340<>\"\",\"\",IF(INDEX('CPU - PROJETO'!$H:$H,MATCH($O340,'CPU - PROJETO'!$B:$B,0))=0,INDEX('CPU - PROJETO'!$I:$I,MATCH($O340,'CPU - PROJETO'!$B:$B,0)),INDEX('CPU - PROJETO'!$H:$H,MATCH($O340,'CPU - PROJETO'!$B:$B,0))))","v":58.93},176.79]
["01.CANT.OBRA","10776/","LOCACAO DE CONTAINER PARA ESCRITORIO","MÊS",null,"Instalações para canteiros de obras",null,null,null,{"$f":"SUM(J342:J342)","v":619.53},null,"1.1.2.1",{"$f":"IF(L341<>\"\",L341,IF(M333<>0,M333,L341))","v":"1.1.2.1"},{"$f":"A341","v":"01.CANT.OBRA"},"10776/","LOCACAO DE CONTAINER PARA ESCRITORIO",{"$f":"IF(L341<>\"\",\"\",E341)","v":""},{"$f":"D341","v":"MÊS"},{"$f":"INDEX(ORÇAMENTO!G:G,MATCH(M341,ORÇAMENTO!A:A,0))","v":3},{"$f":"IF(L341<>\"\",\"\",Q341*S341)","v":""},{"$f":"IF(L341<>\"\",\"\",IF(INDEX('CPU - PROJETO'!$H:$H,MATCH($O341,'CPU - PROJETO'!$B:$B,0))=0,INDEX('CPU - PROJETO'!$I:$I,MATCH($O341,'CPU - PROJETO'!$B:$B,0)),INDEX('CPU - PROJETO'!$H:$H,MATCH($O341,'CPU - PROJETO'!$B:$B,0))))","v":""},{"$f":"IF(L341<>\"\",IF(I341=0,J341,I341)*S341,T341*U341)","v":1858.59},{"$f":"SUM(V342:V342)-V341","v":0}]
["INSUMO",10776,"LOCACAO DE CONTAINER 2,30  X  6,00 M, ALT. 2,50 M, PARA ESCRITORIO, SEM DIVISORIAS INTERNAS E SEM SANITARIO","MÊS",1,"",null,{"$f":"INDEX('SINAPI - INSUMO'!E:E,MATCH(B342,'SINAPI - INSUMO'!A:A,0))","v":619.53},null,{"$f":"TRUNC(E342*H342+E342*I342,2)","v":619.53},null,{"$f":"IF(OR(A342=\"INSUMO\",A342=\"COMPOSICAO\"),\"\",IFERROR(INDEX(ORÇAMENTO!A:A,MATCH(B342,ORÇAMENTO!C:C,0)),\"\"))","v":""},{"$f":"IF(L342<>\"\",L342,IF(M341<>0,M341,L342))","v":"1.1.2.1"},"INSUMO",10776,"LOCACAO DE CONTAINER 2,30  X  6,00 M, ALT. 2,50 M, PARA ESCRITORIO, SEM DIVISORIAS INTERNAS E SEM SANITARIO",1,"MÊS",{"$f":"INDEX(ORÇAMENTO!G:G,MATCH(M342,ORÇAMENTO!A:A,0))","v":3},3,{"$f":"IF(L342<>\"\",\"\",IF(INDEX('CPU - PROJETO'!$H:$H,MATCH($O342,'CPU - PROJETO'!$B:$B,0))=0,INDEX('CPU - PROJETO'!$I:$I,MATCH($O342,'CPU - PROJETO'!$B:$B,0)),INDEX('CPU - PROJETO'!$H:$H,MATCH($O342,'CPU - PROJETO'!$B:$B,0))))","v":619.53},1858.59]
["01.CANT.OBRA","COMP9","LOCACAO DE CONTAINER PARA ALMOXARIFADO","MÊS",null,"Instalações para canteiros de obras",null,null,null,{"$f":"SUM(J344:J344)","v":619.53},null,{"$f":"IF(OR(A343=\"INSUMO\",A343=\"COMPOSICAO\"),\"\",IFERROR(INDEX(ORÇAMENTO!A:A,MATCH(B343,ORÇAMENTO!C:C,0)),\"\"))","v":"1.1.2.2"},"1.1.2.2","01.CANT.OBRA","COMP9","LOCACAO DE CONTAINER PARA ALMOXARIFADO","","MÊS",{"$f":"INDEX(ORÇAMENTO!G:G,MATCH(M343,ORÇAMENTO!A:A,0))","v":3},"",{"$f":"IF(L343<>\"\",\"\",IF(INDEX('CPU - PROJETO'!$H:$H,MATCH($O343,'CPU - PROJETO'!$B:$B,0))=0,INDEX('CPU - PROJETO'!$I:$I,MATCH($O343,'CPU - PROJETO'!$B:$B,0)),INDEX('CPU - PROJETO'!$H:$H,MATCH($O343,'CPU - PROJETO'!$B:$B,0))))","v":""},1858.59,{"$f":"SUM(V344:V344)-V343","v":0}]
["INSUMO",10776,"LOCACAO DE CONTAINER 2,30  X  6,00 M, ALT. 2,50 M, PARA ESCRITORIO, SEM DIVISORIAS INTERNAS E SEM SANITARIO","MÊS",1,"",null,{"$f":"INDEX('SINAPI - INSUMO'!E:E,MATCH(B344,'SINAPI - INSUMO'!A:A,0))","v":619.53},null,{"$f":"TRUNC(E344*H344+E344*I344,2)","v":619.53},null,{"$f":"IF(OR(A344=\"INSUMO\",A344=\"COMPOSICAO\"),\"\",IFERROR(INDEX(ORÇAMENTO!A:A,MATCH(B344,ORÇAMENTO!C:C,0)),\"\"))","v":""},"1.1.2.2","INSUMO",10776,"LOCACAO DE CONTAINER 2,30  X  6,00 M, ALT. 2,50 M, PARA ESCRITORIO, SEM DIVISORIAS INTERNAS E SEM SANITARIO",1,"MÊS",{"$f":"INDEX(ORÇAMENTO!G:G,MATCH(M344,ORÇAMENTO!A:A,0))","v":3},3,{"$f":"IF(L344<>\"\",\"\",IF(INDEX('CPU - PROJETO'!$H:$H,MATCH($O344,'CPU - PROJETO'!$B:$B,0))=0,INDEX('CPU - PROJETO'!$I:$I,MATCH($O344,'CPU - PROJETO'!$B:$B,0)),INDEX('CPU - PROJETO'!$H:$H,MATCH($O344,'CPU - PROJETO'!$B:$B,0))))","v":619.53},1858.59]
["01.CANT.OBRA","COMP10","LOCACAO DE CONTAINER PARA REFEITÓRIO","MÊS",null,"Instalações para canteiros de obras",null,null,null,{"$f":"SUM(J346:J346)","v":619.53},null,{"$f":"IF(OR(A345=\"INSUMO\",A345=\"COMPOSICAO\"),\"\",IFERROR(INDEX(ORÇAMENTO!A:A,MATCH(B345,ORÇAMENTO!C:C,0)),\"\"))","v":"1.1.2.3"},"1.1.2.3","01.CANT.OBRA","COMP10","LOCACAO DE CONTAINER PARA REFEITÓRIO","","MÊS",{"$f":"INDEX(ORÇAMENTO!G:G,MATCH(M345,ORÇAMENTO!A:A,0))","v":3},"",{"$f":"IF(L345<>\"\",\"\",IF(INDEX('CPU - PROJETO'!$H:$H,MATCH($O345,'CPU - PROJETO'!$B:$B,0))=0,INDEX('CPU - PROJETO'!$I:$I,MATCH($O345,'CPU - PROJETO'!$B:$B,0)),INDEX('CPU - PROJETO'!$H:$H,MATCH($O345,'CPU - PROJETO'!$B:$B,0))))","v":""},1858.59,{"$f":"SUM(V346:V346)-V345","v":0}]
["INSUMO",10776,"LOCACAO DE CONTAINER 2,30  X  6,00 M, ALT. 2,50 M, PARA ESCRITORIO, SEM DIVISORIAS INTERNAS E SEM SANITARIO","MÊS",1,"",null,{"$f":"INDEX('SINAPI - INSUMO'!E:E,MATCH(B346,'SINAPI - INSUMO'!A:A,0))","v":619.53},null,{"$f":"TRUNC(E346*H346+E346*I346,2)","v":619.53},null,{"$f":"IF(OR(A346=\"INSUMO\",A346=\"COMPOSICAO\"),\"\",IFERROR(INDEX(ORÇAMENTO!A:A,MATCH(B346,ORÇAMENTO!C:C,0)),\"\"))","v":""},"1.1.2.3","INSUMO",10776,"LOCACAO DE CONTAINER 2,30  X  6,00 M, ALT. 2,50 M, PARA ESCRITORIO, SEM DIVISORIAS INTERNAS E SEM SANITARIO",1,"MÊS",{"$f":"INDEX(ORÇAMENTO!G:G,MATCH(M346,ORÇAMENTO!A:A,0))","v":3},3,{"$f":"IF(L346<>\"\",\"\",IF(INDEX('CPU - PROJETO'!$H:$H,MATCH($O346,'CPU - PROJETO'!$B:$B,0))=0,INDEX('CPU - PROJETO'!$I:$I,MATCH($O346,'CPU - PROJETO'!$B:$B,0)),INDEX('CPU - PROJETO'!$H:$H,MATCH($O346,'CPU - PROJETO'!$B:$B,0))))","v":619.53},1858.59]
["01.CANT.OBRA","10779/","LOCACAO DE CONTAINER  PARA SANITÁRIO","MÊS",null,"Instalações para canteiros de obras",null,null,null,{"$f":"SUM(J348:J348)","v":991.25},null,"1.1.2.4","1.1.2.4","01.CANT.OBRA","10779/","LOCACAO DE CONTAINER  PARA SANITÁRIO","","MÊS",{"$f":"INDEX(ORÇAMENTO!G:G,MATCH(M347,ORÇAMENTO!A:A,0))","v":3},"",{"$f":"IF(L347<>\"\",\"\",IF(INDEX('CPU - PROJETO'!$H:$H,MATCH($O347,'CPU - PROJETO'!$B:$B,0))=0,INDEX('CPU - PROJETO'!$I:$I,MATCH($O347,'CPU - PROJETO'!$B:$B,0)),INDEX('CPU - PROJETO'!$H:$H,MATCH($O347,'CPU - PROJETO'!$B:$B,0))))","v":""},2973.75,{"$f":"SUM(V348:V348)-V347","v":0}]
["INSUMO",10779,"LOCACAO DE CONTAINER 2,30 X 4,30 M, ALT. 2,50 M, P/ SANITARIO, C/ 5 BACIAS, 1 LAVATORIO E 4 MICTORIOS","MÊS",1,"",null,{"$f":"INDEX('SINAPI - INSUMO'!E:E,MATCH(B348,'SINAPI - INSUMO'!A:A,0))","v":991.25},null,{"$f":"TRUNC(E348*H348+E348*I348,2)","v":991.25},null,{"$f":"IF(OR(A348=\"INSUMO\",A348=\"COMPOSICAO\"),\"\",IFERROR(INDEX(ORÇAMENTO!A:A,MATCH(B348,ORÇAMENTO!C:C,0)),\"\"))","v":""},"1.1.2.4","INSUMO",10779,"LOCACAO DE CONTAINER 2,30 X 4,30 M, ALT. 2,50 M, P/ SANITARIO, C/ 5 BACIAS, 1 LAVATORIO E 4 MICTORIOS",1,"MÊS",{"$f":"INDEX(ORÇAMENTO!G:G,MATCH(M348,ORÇAMENTO!A:A,0))","v":3},3,{"$f":"IF(L348<>\"\",\"\",IF(INDEX('CPU - PROJETO'!$H:$H,MATCH($O348,'CPU - PROJETO'!$B:$B,0))=0,INDEX('CPU - PROJETO'!$I:$I,MATCH($O348,'CPU - PROJETO'!$B:$B,0)),INDEX('CPU - PROJETO'!$H:$H,MATCH($O348,'CPU - PROJETO'!$B:$B,0))))","v":991.25},2973.75]
["NÃO AFERIDA",72838,"TRANSPORTE COMERCIAL COM CAMINHAO CARROCERIA 9 T, RODOVIA EM LEITO NATURAL","TXKM",null,"SEM CADERNO TÉCNICO ATRIBUÍDO",null,null,null,{"$f":"SUM(J350:J350)","v":1.53},null,{"$f":"IF(OR(A349=\"INSUMO\",A349=\"COMPOSICAO\"),\"\",IFERROR(INDEX(ORÇAMENTO!A:A,MATCH(B349,ORÇAMENTO!C:C,0)),\"\"))","v":"1.7.11.6"},"1.7.11.6","NÃO AFERIDA",72838,"TRANSPORTE COMERCIAL COM CAMINHAO CARROCERIA 9 T, RODOVIA EM LEITO NATURAL","","TXKM",{"$f":"INDEX(ORÇAMENTO!G:G,MATCH(M349,ORÇAMENTO!A:A,0))","v":5.19},"",{"$f":"IF(L349<>\"\",\"\",IF(INDEX('CPU - PROJETO'!$H:$H,MATCH($O349,'CPU - PROJETO'!$B:$B,0))=0,INDEX('CPU - PROJETO'!$I:$I,MATCH($O349,'CPU - PROJETO'!$B:$B,0)),INDEX('CPU - PROJETO'!$H:$H,MATCH($O349,'CPU - PROJETO'!$B:$B,0))))","v":""},7.9407000000000005,{"$f":"SUM(V350:V350)-V349","v":4.8744480000000756E-2}]
["COMPOSICAO",5824,"CAMINHÃO TOCO, PBT 16.000 KG, CARGA ÚTIL MÁX. 10.685 KG, DIST. ENTRE EIXOS 4,8 M, POTÊNCIA 189 CV, INCLUSIVE CARROCERIA FIXA ABERTA DE MADEIRA P/ TRANSPORTE GERAL DE CARGA SECA, DIMEN. APROX. 2,5 X 7,00 X 0,50 M - CHP DIURNO. AF_06/2014","CHP",6.7000000000000002E-3,"",null,null,{"$f":"INDEX('SINAPI - SINTÉTICO'!K:K,MATCH(B350,'SINAPI - SINTÉTICO'!G:G,0))","v":229.76},1.53,null,{"$f":"IF(OR(A350=\"INSUMO\",A350=\"COMPOSICAO\"),\"\",IFERROR(INDEX(ORÇAMENTO!A:A,MATCH(B350,ORÇAMENTO!C:C,0)),\"\"))","v":""},"1.7.11.6","COMPOSICAO",5824,"CAMINHÃO TOCO, PBT 16.000 KG, CARGA ÚTIL MÁX. 10.685 KG, DIST. ENTRE EIXOS 4,8 M, POTÊNCIA 189 CV, INCLUSIVE CARROCERIA FIXA ABERTA DE MADEIRA P/ TRANSPORTE GERAL DE CARGA SECA, DIMEN. APROX. 2,5 X 7,00 X 0,50 M - CHP DIURNO. AF_06/2014",6.7000000000000002E-3,"CHP",{"$f":"INDEX(ORÇAMENTO!G:G,MATCH(M350,ORÇAMENTO!A:A,0))","v":5.19},3.4773000000000005E-2,{"$f":"IF(L350<>\"\",\"\",IF(INDEX('CPU - PROJETO'!$H:$H,MATCH($O350,'CPU - PROJETO'!$B:$B,0))=0,INDEX('CPU - PROJETO'!$I:$I,MATCH($O350,'CPU - PROJETO'!$B:$B,0)),INDEX('CPU - PROJETO'!$H:$H,MATCH($O350,'CPU - PROJETO'!$B:$B,0))))","v":229.76},7.9894444800000013]
["NÃO AFERIDA",72840,"TRANSPORTE COMERCIAL COM CAMINHAO CARROCERIA 9 T, RODOVIA PAVIMENTADA","TXKM","","SEM CADERNO TÉCNICO ATRIBUÍDO",null,null,null,{"$f":"SUM(J352:J352)","v":1.03},null,{"$f":"IF(OR(A351=\"INSUMO\",A351=\"COMPOSICAO\"),\"\",IFERROR(INDEX(ORÇAMENTO!A:A,MATCH(B351,ORÇAMENTO!C:C,0)),\"\"))","v":"1.8.2"},"1.8.2","NÃO AFERIDA",72840,"TRANSPORTE COMERCIAL COM CAMINHAO CARROCERIA 9 T, RODOVIA PAVIMENTADA","","TXKM",{"$f":"INDEX(ORÇAMENTO!G:G,MATCH(M351,ORÇAMENTO!A:A,0))","v":11250},"",{"$f":"IF(L351<>\"\",\"\",IF(INDEX('CPU - PROJETO'!$H:$H,MATCH($O351,'CPU - PROJETO'!$B:$B,0))=0,INDEX('CPU - PROJETO'!$I:$I,MATCH($O351,'CPU - PROJETO'!$B:$B,0)),INDEX('CPU - PROJETO'!$H:$H,MATCH($O351,'CPU - PROJETO'!$B:$B,0))))","v":""},11587.5,{"$f":"SUM(V352:V352)-V351","v":44.099999999998545}]
["COMPOSICAO",5824,"CAMINHÃO TOCO, PBT 16.000 KG, CARGA ÚTIL MÁX. 10.685 KG, DIST. ENTRE EIXOS 4,8 M, POTÊNCIA 189 CV, INCLUSIVE CARROCERIA FIXA ABERTA DE MADEIRA P/ TRANSPORTE GERAL DE CARGA SECA, DIMEN. APROX. 2,5 X 7,00 X 0,50 M - CHP DIURNO. AF_06/2014","CHP",4.4999999999999997E-3,"",null,null,{"$f":"INDEX('SINAPI - SINTÉTICO'!K:K,MATCH(B352,'SINAPI - SINTÉTICO'!G:G,0))","v":229.76},1.03,null,{"$f":"IF(OR(A352=\"INSUMO\",A352=\"COMPOSICAO\"),\"\",IFERROR(INDEX(ORÇAMENTO!A:A,MATCH(B352,ORÇAMENTO!C:C,0)),\"\"))","v":""},"1.8.2","COMPOSICAO",5824,"CAMINHÃO TOCO, PBT 16.000 KG, CARGA ÚTIL MÁX. 10.685 KG, DIST. ENTRE EIXOS 4,8 M, POTÊNCIA 189 CV, INCLUSIVE CARROCERIA FIXA ABERTA DE MADEIRA P/ TRANSPORTE GERAL DE CARGA SECA, DIMEN. APROX. 2,5 X 7,00 X 0,50 M - CHP DIURNO. AF_06/2014",4.4999999999999997E-3,"CHP",{"$f":"INDEX(ORÇAMENTO!G:G,MATCH(M352,ORÇAMENTO!A:A,0))","v":11250},50.624999999999993,{"$f":"IF(L352<>\"\",\"\",IF(INDEX('CPU - PROJETO'!$H:$H,MATCH($O352,'CPU - PROJETO'!$B:$B,0))=0,INDEX('CPU - PROJETO'!$I:$I,MATCH($O352,'CPU - PROJETO'!$B:$B,0)),INDEX('CPU - PROJETO'!$H:$H,MATCH($O352,'CPU - PROJETO'!$B:$B,0))))","v":229.76},11631.599999999999]
["03.MOVT.REVA.023/02",96995,"REATERRO MANUAL APILOADO COM SOQUETE. AF_10/2017","M3","","Reaterro de valas",null,null,{"$f":"INDEX('SINAPI - SINTÉTICO'!K:K,MATCH(B353,'SINAPI - SINTÉTICO'!G:G,0))","v":48.97},{"$f":"SUM(J354:J354)","v":48.97},null,{"$f":"IF(OR(A353=\"INSUMO\",A353=\"COMPOSICAO\"),\"\",IFERROR(INDEX(ORÇAMENTO!A:A,MATCH(B353,ORÇAMENTO!C:C,0)),\"\"))","v":"2.1.2"},"2.1.2","03.MOVT.REVA.023/02",96995,"REATERRO MANUAL APILOADO COM SOQUETE. AF_10/2017","","M3",{"$f":"INDEX(ORÇAMENTO!G:G,MATCH(M353,ORÇAMENTO!A:A,0))","v":6.3},"",{"$f":"IF(L353<>\"\",\"\",IF(INDEX('CPU - PROJETO'!$H:$H,MATCH($O353,'CPU - PROJETO'!$B:$B,0))=0,INDEX('CPU - PROJETO'!$I:$I,MATCH($O353,'CPU - PROJETO'!$B:$B,0)),INDEX('CPU - PROJETO'!$H:$H,MATCH($O353,'CPU - PROJETO'!$B:$B,0))))","v":""},308.51099999999997,{"$f":"SUM(V354:V354)-V353","v":5.9295600000041304E-2}]
["COMPOSICAO",88316,"SERVENTE COM ENCARGOS COMPLEMENTARES","H",2.3986000000000001,"",null,null,{"$f":"INDEX('SINAPI - SINTÉTICO'!K:K,MATCH(B354,'SINAPI - SINTÉTICO'!G:G,0))","v":20.420000000000002},48.97,null,{"$f":"IF(OR(A354=\"INSUMO\",A354=\"COMPOSICAO\"),\"\",IFERROR(INDEX(ORÇAMENTO!A:A,MATCH(B354,ORÇAMENTO!C:C,0)),\"\"))","v":""},"2.1.2","COMPOSICAO",88316,"SERVENTE COM ENCARGOS COMPLEMENTARES",2.3986000000000001,"H",{"$f":"INDEX(ORÇAMENTO!G:G,MATCH(M354,ORÇAMENTO!A:A,0))","v":6.3},15.111179999999999,{"$f":"IF(L354<>\"\",\"\",IF(INDEX('CPU - PROJETO'!$H:$H,MATCH($O354,'CPU - PROJETO'!$B:$B,0))=0,INDEX('CPU - PROJETO'!$I:$I,MATCH($O354,'CPU - PROJETO'!$B:$B,0)),INDEX('CPU - PROJETO'!$H:$H,MATCH($O354,'CPU - PROJETO'!$B:$B,0))))","v":20.420000000000002},308.57029560000001]
["NÃO AFERIDA",79472,"REGULARIZACAO DE SUPERFICIES EM TERRA COM MOTONIVELADORA","M2","","SEM CADERNO TÉCNICO ATRIBUÍDO",null,null,null,{"$f":"SUM(J356:J356)","v":0.85},null,{"$f":"IF(OR(A355=\"INSUMO\",A355=\"COMPOSICAO\"),\"\",IFERROR(INDEX(ORÇAMENTO!A:A,MATCH(B355,ORÇAMENTO!C:C,0)),\"\"))","v":"1.2.1"},"1.2.1","NÃO AFERIDA",79472,"REGULARIZACAO DE SUPERFICIES EM TERRA COM MOTONIVELADORA","","M2",{"$f":"INDEX(ORÇAMENTO!G:G,MATCH(M355,ORÇAMENTO!A:A,0))","v":19200},"",{"$f":"IF(L355<>\"\",\"\",IF(INDEX('CPU - PROJETO'!$H:$H,MATCH($O355,'CPU - PROJETO'!$B:$B,0))=0,INDEX('CPU - PROJETO'!$I:$I,MATCH($O355,'CPU - PROJETO'!$B:$B,0)),INDEX('CPU - PROJETO'!$H:$H,MATCH($O355,'CPU - PROJETO'!$B:$B,0))))","v":""},16320,{"$f":"SUM(V356:V356)-V355","v":163.39199999999983}]
["COMPOSICAO",5932,"MOTONIVELADORA POTÊNCIA BÁSICA LÍQUIDA (PRIMEIRA MARCHA) 125 HP, PESO BRUTO 13032 KG, LARGURA DA LÂMINA DE 3,7 M - CHP DIURNO. AF_06/2014","CHP",3.0000000000000001E-3,"",null,null,{"$f":"INDEX('SINAPI - SINTÉTICO'!K:K,MATCH(B356,'SINAPI - SINTÉTICO'!G:G,0))","v":286.17},0.85,null,{"$f":"IF(OR(A356=\"INSUMO\",A356=\"COMPOSICAO\"),\"\",IFERROR(INDEX(ORÇAMENTO!A:A,MATCH(B356,ORÇAMENTO!C:C,0)),\"\"))","v":""},"1.2.1","COMPOSICAO",5932,"MOTONIVELADORA POTÊNCIA BÁSICA LÍQUIDA (PRIMEIRA MARCHA) 125 HP, PESO BRUTO 13032 KG, LARGURA DA LÂMINA DE 3,7 M - CHP DIURNO. AF_06/2014",3.0000000000000001E-3,"CHP",{"$f":"INDEX(ORÇAMENTO!G:G,MATCH(M356,ORÇAMENTO!A:A,0))","v":19200},57.6,{"$f":"IF(L356<>\"\",\"\",IF(INDEX('CPU - PROJETO'!$H:$H,MATCH($O356,'CPU - PROJETO'!$B:$B,0))=0,INDEX('CPU - PROJETO'!$I:$I,MATCH($O356,'CPU - PROJETO'!$B:$B,0)),INDEX('CPU - PROJETO'!$H:$H,MATCH($O356,'CPU - PROJETO'!$B:$B,0))))","v":286.17},16483.392]
[" ","COMP7","LIMPEZA GERAL","M2",{"$nulls":5},{"$f":"SUM(J358:J360)","v":3.1900000000000004},null,{"$f":"IF(OR(A357=\"INSUMO\",A357=\"COMPOSICAO\"),\"\",IFERROR(INDEX(ORÇAMENTO!A:A,MATCH(B357,ORÇAMENTO!C:C,0)),\"\"))","v":"1.7.12.1"},"1.7.12.1"," ","COMP7","LIMPEZA GERAL","","M2",{"$f":"INDEX(ORÇAMENTO!G:G,MATCH(M357,ORÇAMENTO!A:A,0))","v":114.8},"",{"$f":"IF(L357<>\"\",\"\",IF(INDEX('CPU - PROJETO'!$H:$H,MATCH($O357,'CPU - PROJETO'!$B:$B,0))=0,INDEX('CPU - PROJETO'!$I:$I,MATCH($O357,'CPU - PROJETO'!$B:$B,0)),INDEX('CPU - PROJETO'!$H:$H,MATCH($O357,'CPU - PROJETO'!$B:$B,0))))","v":""},366.21200000000005,{"$f":"SUM(V358:V360)-V357","v":2.0090000000000146}]
["INSUMO",16,"SABÃO","KG",5.0000000000000001E-3,"",null,7.4,null,0.03,null,{"$f":"IF(OR(A358=\"INSUMO\",A358=\"COMPOSICAO\"),\"\",IFERROR(INDEX(ORÇAMENTO!A:A,MATCH(B358,ORÇAMENTO!C:C,0)),\"\"))","v":""},"1.7.12.1","INSUMO",16,"SABÃO",5.0000000000000001E-3,"KG",{"$f":"INDEX(ORÇAMENTO!G:G,MATCH(M358,ORÇAMENTO!A:A,0))","v":114.8},0.57399999999999995,{"$f":"IF(L358<>\"\",\"\",IF(INDEX('CPU - PROJETO'!$H:$H,MATCH($O358,'CPU - PROJETO'!$B:$B,0))=0,INDEX('CPU - PROJETO'!$I:$I,MATCH($O358,'CPU - PROJETO'!$B:$B,0)),INDEX('CPU - PROJETO'!$H:$H,MATCH($O358,'CPU - PROJETO'!$B:$B,0))))","v":7.4},4.2476000000000003]
["INSUMO",38400,"VASSOURA PIAÇAVA","UND",0.05,"",null,{"$f":"INDEX('SINAPI - INSUMO'!E:E,MATCH(B359,'SINAPI - INSUMO'!A:A,0))","v":22.57},null,1.1200000000000001,null,{"$f":"IF(OR(A359=\"INSUMO\",A359=\"COMPOSICAO\"),\"\",IFERROR(INDEX(ORÇAMENTO!A:A,MATCH(B359,ORÇAMENTO!C:C,0)),\"\"))","v":""},"1.7.12.1","INSUMO",38400,"VASSOURA PIAÇAVA",0.05,"UND",{"$f":"INDEX(ORÇAMENTO!G:G,MATCH(M359,ORÇAMENTO!A:A,0))","v":114.8},5.74,{"$f":"IF(L359<>\"\",\"\",IF(INDEX('CPU - PROJETO'!$H:$H,MATCH($O359,'CPU - PROJETO'!$B:$B,0))=0,INDEX('CPU - PROJETO'!$I:$I,MATCH($O359,'CPU - PROJETO'!$B:$B,0)),INDEX('CPU - PROJETO'!$H:$H,MATCH($O359,'CPU - PROJETO'!$B:$B,0))))","v":22.57},129.55180000000001]
["COMPOSICAO",88316,"SERVENTE COM ENCARGOS COMPLEMENTARES","H",0.1,"",null,null,{"$f":"INDEX('SINAPI - SINTÉTICO'!K:K,MATCH(B360,'SINAPI - SINTÉTICO'!G:G,0))","v":20.420000000000002},{"$f":"TRUNC(E360*H360+E360*I360,2)","v":2.04},null,{"$f":"IF(OR(A360=\"INSUMO\",A360=\"COMPOSICAO\"),\"\",IFERROR(INDEX(ORÇAMENTO!A:A,MATCH(B360,ORÇAMENTO!C:C,0)),\"\"))","v":""},"1.7.12.1","COMPOSICAO",88316,"SERVENTE COM ENCARGOS COMPLEMENTARES",0.1,"H",{"$f":"INDEX(ORÇAMENTO!G:G,MATCH(M360,ORÇAMENTO!A:A,0))","v":114.8},11.48,{"$f":"IF(L360<>\"\",\"\",IF(INDEX('CPU - PROJETO'!$H:$H,MATCH($O360,'CPU - PROJETO'!$B:$B,0))=0,INDEX('CPU - PROJETO'!$I:$I,MATCH($O360,'CPU - PROJETO'!$B:$B,0)),INDEX('CPU - PROJETO'!$H:$H,MATCH($O360,'CPU - PROJETO'!$B:$B,0))))","v":20.420000000000002},234.42160000000004]
["ORSE 4113","COMP8","TRATAMENTO DE FISSURAS COM ARGAMASSA DE CIMENTO E AREIA TRAÇO 1:3 (SEÇÃO ATÉ 5 X 5 CM)","M",{"$nulls":5},{"$f":"SUM(J362:J366)","v":29.830000000000002},null,{"$f":"IF(OR(A361=\"INSUMO\",A361=\"COMPOSICAO\"),\"\",IFERROR(INDEX(ORÇAMENTO!A:A,MATCH(B361,ORÇAMENTO!C:C,0)),\"\"))","v":"1.7.2.9"},"1.7.2.9","ORSE 4113","COMP8","TRATAMENTO DE FISSURAS COM ARGAMASSA DE CIMENTO E AREIA TRAÇO 1:3 (SEÇÃO ATÉ 5 X 5 CM)","","M",{"$f":"INDEX(ORÇAMENTO!G:G,MATCH(M361,ORÇAMENTO!A:A,0))","v":5},"",{"$f":"IF(L361<>\"\",\"\",IF(INDEX('CPU - PROJETO'!$H:$H,MATCH($O361,'CPU - PROJETO'!$B:$B,0))=0,INDEX('CPU - PROJETO'!$I:$I,MATCH($O361,'CPU - PROJETO'!$B:$B,0)),INDEX('CPU - PROJETO'!$H:$H,MATCH($O361,'CPU - PROJETO'!$B:$B,0))))","v":""},149.15,{"$f":"SUM(V362:V366)-V361","v":6.712500000000432E-2}]
["COMPOSICAO",88628,"ARGAMASSA TRAÇO 1:3 (EM VOLUME DE CIMENTO E AREIA MÉDIA ÚMIDA), PREPARO MECÂNICO COM BETONEIRA 400 L. AF_08/2019","M3",2.5000000000000001E-3,"",null,null,{"$f":"INDEX('SINAPI - SINTÉTICO'!K:K,MATCH(B362,'SINAPI - SINTÉTICO'!G:G,0))","v":575.37},{"$f":"TRUNC(E362*H362+E362*I362,2)","v":1.43},null,{"$f":"IF(OR(A362=\"INSUMO\",A362=\"COMPOSICAO\"),\"\",IFERROR(INDEX(ORÇAMENTO!A:A,MATCH(B362,ORÇAMENTO!C:C,0)),\"\"))","v":""},"1.7.2.9","COMPOSICAO",88628,"ARGAMASSA TRAÇO 1:3 (EM VOLUME DE CIMENTO E AREIA MÉDIA ÚMIDA), PREPARO MECÂNICO COM BETONEIRA 400 L. AF_08/2019",2.5000000000000001E-3,"M3",{"$f":"INDEX(ORÇAMENTO!G:G,MATCH(M362,ORÇAMENTO!A:A,0))","v":5},1.2500000000000001E-2,{"$f":"IF(L362<>\"\",\"\",IF(INDEX('CPU - PROJETO'!$H:$H,MATCH($O362,'CPU - PROJETO'!$B:$B,0))=0,INDEX('CPU - PROJETO'!$I:$I,MATCH($O362,'CPU - PROJETO'!$B:$B,0)),INDEX('CPU - PROJETO'!$H:$H,MATCH($O362,'CPU - PROJETO'!$B:$B,0))))","v":575.37},7.1921250000000008,{"$f":"CONCATENATE(M362,\" \",O362)","v":"1.7.2.9 88628"}]
["COMPOSICAO",88316,"SERVENTE COM ENCARGOS COMPLEMENTARES","H",0.5,"",null,null,{"$f":"INDEX('SINAPI - SINTÉTICO'!K:K,MATCH(B363,'SINAPI - SINTÉTICO'!G:G,0))","v":20.420000000000002},10.210000000000001,null,{"$f":"IF(OR(A363=\"INSUMO\",A363=\"COMPOSICAO\"),\"\",IFERROR(INDEX(ORÇAMENTO!A:A,MATCH(B363,ORÇAMENTO!C:C,0)),\"\"))","v":""},"1.7.2.9","COMPOSICAO",88316,"SERVENTE COM ENCARGOS COMPLEMENTARES",0.5,"H",{"$f":"INDEX(ORÇAMENTO!G:G,MATCH(M363,ORÇAMENTO!A:A,0))","v":5},2.5,{"$f":"IF(L363<>\"\",\"\",IF(INDEX('CPU - PROJETO'!$H:$H,MATCH($O363,'CPU - PROJETO'!$B:$B,0))=0,INDEX('CPU - PROJETO'!$I:$I,MATCH($O363,'CPU - PROJETO'!$B:$B,0)),INDEX('CPU - PROJETO'!$H:$H,MATCH($O363,'CPU - PROJETO'!$B:$B,0))))","v":20.420000000000002},51.050000000000004,{"$f":"CONCATENATE(M363,\" \",O363)","v":"1.7.2.9 88316"}]
["COMPOSICAO",88309,"PEDREIRO COM ENCARGOS COMPLEMENTARES","H",0.25,"",null,null,{"$f":"INDEX('SINAPI - SINTÉTICO'!K:K,MATCH(B364,'SINAPI - SINTÉTICO'!G:G,0))","v":25.38},6.34,null,{"$f":"IF(OR(A364=\"INSUMO\",A364=\"COMPOSICAO\"),\"\",IFERROR(INDEX(ORÇAMENTO!A:A,MATCH(B364,ORÇAMENTO!C:C,0)),\"\"))","v":""},"1.7.2.9","COMPOSICAO",88309,"PEDREIRO COM ENCARGOS COMPLEMENTARES",0.25,"H",{"$f":"INDEX(ORÇAMENTO!G:G,MATCH(M364,ORÇAMENTO!A:A,0))","v":5},1.25,{"$f":"IF(L364<>\"\",\"\",IF(INDEX('CPU - PROJETO'!$H:$H,MATCH($O364,'CPU - PROJETO'!$B:$B,0))=0,INDEX('CPU - PROJETO'!$I:$I,MATCH($O364,'CPU - PROJETO'!$B:$B,0)),INDEX('CPU - PROJETO'!$H:$H,MATCH($O364,'CPU - PROJETO'!$B:$B,0))))","v":25.38},31.724999999999998,"1.7.2.9 88309"]
["INSUMO",4750,"PEDREIRO","H",0.25,"",null,{"$f":"INDEX('SINAPI - INSUMO'!E:E,MATCH(B365,'SINAPI - INSUMO'!A:A,0))","v":18.920000000000002},null,4.7300000000000004,null,{"$f":"IF(OR(A365=\"INSUMO\",A365=\"COMPOSICAO\"),\"\",IFERROR(INDEX(ORÇAMENTO!A:A,MATCH(B365,ORÇAMENTO!C:C,0)),\"\"))","v":""},"1.7.2.9","INSUMO",4750,"PEDREIRO",0.25,"H",{"$f":"INDEX(ORÇAMENTO!G:G,MATCH(M365,ORÇAMENTO!A:A,0))","v":5},1.25,{"$f":"IF(L365<>\"\",\"\",IF(INDEX('CPU - PROJETO'!$H:$H,MATCH($O365,'CPU - PROJETO'!$B:$B,0))=0,INDEX('CPU - PROJETO'!$I:$I,MATCH($O365,'CPU - PROJETO'!$B:$B,0)),INDEX('CPU - PROJETO'!$H:$H,MATCH($O365,'CPU - PROJETO'!$B:$B,0))))","v":18.920000000000002},23.650000000000002,"1.7.2.9 4750"]
["INSUMO",6111,"SERVENTE","H",0.5,"",null,{"$f":"INDEX('SINAPI - INSUMO'!E:E,MATCH(B366,'SINAPI - INSUMO'!A:A,0))","v":14.24},null,7.12,null,{"$f":"IF(OR(A366=\"INSUMO\",A366=\"COMPOSICAO\"),\"\",IFERROR(INDEX(ORÇAMENTO!A:A,MATCH(B366,ORÇAMENTO!C:C,0)),\"\"))","v":""},"1.7.2.9","INSUMO",6111,"SERVENTE",0.5,"H",{"$f":"INDEX(ORÇAMENTO!G:G,MATCH(M366,ORÇAMENTO!A:A,0))","v":5},2.5,{"$f":"IF(L366<>\"\",\"\",IF(INDEX('CPU - PROJETO'!$H:$H,MATCH($O366,'CPU - PROJETO'!$B:$B,0))=0,INDEX('CPU - PROJETO'!$I:$I,MATCH($O366,'CPU - PROJETO'!$B:$B,0)),INDEX('CPU - PROJETO'!$H:$H,MATCH($O366,'CPU - PROJETO'!$B:$B,0))))","v":14.24},35.6,"1.7.2.9 6111"]
["NÃO AFERIDA",83730,"REPARO ESTRUTURAL DE ESTRUTURAS DE CONCRETO COM ARGAMASSA POLIMERICA DE ALTO DESEMPENHO, E=2 CM","M2","","SEM CADERNO TÉCNICO ATRIBUÍDO",null,null,null,{"$f":"SUM(J368:J370)","v":222.91},null,{"$f":"IF(OR(A367=\"INSUMO\",A367=\"COMPOSICAO\"),\"\",IFERROR(INDEX(ORÇAMENTO!A:A,MATCH(B367,ORÇAMENTO!C:C,0)),\"\"))","v":"1.7.3.5"},"1.7.3.5","NÃO AFERIDA",83730,"REPARO ESTRUTURAL DE ESTRUTURAS DE CONCRETO COM ARGAMASSA POLIMERICA DE ALTO DESEMPENHO, E=2 CM","","M2",{"$f":"INDEX(ORÇAMENTO!G:G,MATCH(M367,ORÇAMENTO!A:A,0))","v":0.1},"",{"$f":"IF(L367<>\"\",\"\",IF(INDEX('CPU - PROJETO'!$H:$H,MATCH($O367,'CPU - PROJETO'!$B:$B,0))=0,INDEX('CPU - PROJETO'!$I:$I,MATCH($O367,'CPU - PROJETO'!$B:$B,0)),INDEX('CPU - PROJETO'!$H:$H,MATCH($O367,'CPU - PROJETO'!$B:$B,0))))","v":""},22.291,{"$f":"SUM(V368:V370)-V367","v":1.2500000000024158E-3}]
["INSUMO",130,"ARGAMASSA POLIMERICA DE REPARO ESTRUTURAL, BICOMPONENTE","KG",42,"",null,{"$f":"INDEX('SINAPI - INSUMO'!E:E,MATCH(B368,'SINAPI - INSUMO'!A:A,0))","v":4.45},null,186.9,null,{"$f":"IF(OR(A368=\"INSUMO\",A368=\"COMPOSICAO\"),\"\",IFERROR(INDEX(ORÇAMENTO!A:A,MATCH(B368,ORÇAMENTO!C:C,0)),\"\"))","v":""},"1.7.3.5","INSUMO",130,"ARGAMASSA POLIMERICA DE REPARO ESTRUTURAL, BICOMPONENTE",42,"KG",{"$f":"INDEX(ORÇAMENTO!G:G,MATCH(M368,ORÇAMENTO!A:A,0))","v":0.1},4.2,{"$f":"IF(L368<>\"\",\"\",IF(INDEX('CPU - PROJETO'!$H:$H,MATCH($O368,'CPU - PROJETO'!$B:$B,0))=0,INDEX('CPU - PROJETO'!$I:$I,MATCH($O368,'CPU - PROJETO'!$B:$B,0)),INDEX('CPU - PROJETO'!$H:$H,MATCH($O368,'CPU - PROJETO'!$B:$B,0))))","v":4.45},18.690000000000001,"1.7.3.5 130"]
["COMPOSICAO",88243,"AJUDANTE ESPECIALIZADO COM ENCARGOS COMPLEMENTARES","H",0.75,"",null,null,{"$f":"INDEX('SINAPI - SINTÉTICO'!K:K,MATCH(B369,'SINAPI - SINTÉTICO'!G:G,0))","v":22.65},16.98,null,{"$f":"IF(OR(A369=\"INSUMO\",A369=\"COMPOSICAO\"),\"\",IFERROR(INDEX(ORÇAMENTO!A:A,MATCH(B369,ORÇAMENTO!C:C,0)),\"\"))","v":""},"1.7.3.5","COMPOSICAO",88243,"AJUDANTE ESPECIALIZADO COM ENCARGOS COMPLEMENTARES",0.75,"H",{"$f":"INDEX(ORÇAMENTO!G:G,MATCH(M369,ORÇAMENTO!A:A,0))","v":0.1},7.5000000000000011E-2,{"$f":"IF(L369<>\"\",\"\",IF(INDEX('CPU - PROJETO'!$H:$H,MATCH($O369,'CPU - PROJETO'!$B:$B,0))=0,INDEX('CPU - PROJETO'!$I:$I,MATCH($O369,'CPU - PROJETO'!$B:$B,0)),INDEX('CPU - PROJETO'!$H:$H,MATCH($O369,'CPU - PROJETO'!$B:$B,0))))","v":22.65},1.6987500000000002,"1.7.3.5 88243"]
["COMPOSICAO",88270,"IMPERMEABILIZADOR COM ENCARGOS COMPLEMENTARES","H",0.75,"",null,null,{"$f":"INDEX('SINAPI - SINTÉTICO'!K:K,MATCH(B370,'SINAPI - SINTÉTICO'!G:G,0))","v":25.38},19.03,null,{"$f":"IF(OR(A370=\"INSUMO\",A370=\"COMPOSICAO\"),\"\",IFERROR(INDEX(ORÇAMENTO!A:A,MATCH(B370,ORÇAMENTO!C:C,0)),\"\"))","v":""},"1.7.3.5","COMPOSICAO",88270,"IMPERMEABILIZADOR COM ENCARGOS COMPLEMENTARES",0.75,"H",{"$f":"INDEX(ORÇAMENTO!G:G,MATCH(M370,ORÇAMENTO!A:A,0))","v":0.1},7.5000000000000011E-2,{"$f":"IF(L370<>\"\",\"\",IF(INDEX('CPU - PROJETO'!$H:$H,MATCH($O370,'CPU - PROJETO'!$B:$B,0))=0,INDEX('CPU - PROJETO'!$I:$I,MATCH($O370,'CPU - PROJETO'!$B:$B,0)),INDEX('CPU - PROJETO'!$H:$H,MATCH($O370,'CPU - PROJETO'!$B:$B,0))))","v":25.38},1.9035000000000002,"1.7.3.5 88270"]
["NÃO AFERIDA",83635,"EXTINTOR INCENDIO TP PO QUIMICO 6KG - FORNECIMENTO E INSTALACAO","UN","","SEM CADERNO TÉCNICO ATRIBUÍDO",null,null,null,{"$f":"SUM(J372:J374)","v":272.89999999999998},null,{"$f":"IF(OR(A371=\"INSUMO\",A371=\"COMPOSICAO\"),\"\",IFERROR(INDEX(ORÇAMENTO!A:A,MATCH(B371,ORÇAMENTO!C:C,0)),\"\"))","v":"1.1.2.5"},"1.1.2.5","NÃO AFERIDA",83635,"EXTINTOR INCENDIO TP PO QUIMICO 6KG - FORNECIMENTO E INSTALACAO","","UN",{"$f":"INDEX(ORÇAMENTO!G:G,MATCH(M371,ORÇAMENTO!A:A,0))","v":1},"",{"$f":"IF(L371<>\"\",\"\",IF(INDEX('CPU - PROJETO'!$H:$H,MATCH($O371,'CPU - PROJETO'!$B:$B,0))=0,INDEX('CPU - PROJETO'!$I:$I,MATCH($O371,'CPU - PROJETO'!$B:$B,0)),INDEX('CPU - PROJETO'!$H:$H,MATCH($O371,'CPU - PROJETO'!$B:$B,0))))","v":""},272.89999999999998,{"$f":"SUM(V372:V374)-V371","v":0}]
["INSUMO",10892,"EXTINTOR DE INCENDIO PORTATIL COM CARGA DE PO QUIMICO SECO (PQS) DE 6 KG, CLASSE BC","UN",1,"",null,{"$f":"INDEX('SINAPI - INSUMO'!E:E,MATCH(B372,'SINAPI - INSUMO'!A:A,0))","v":250},null,250,null,{"$f":"IF(OR(A372=\"INSUMO\",A372=\"COMPOSICAO\"),\"\",IFERROR(INDEX(ORÇAMENTO!A:A,MATCH(B372,ORÇAMENTO!C:C,0)),\"\"))","v":""},"1.1.2.5","INSUMO",10892,"EXTINTOR DE INCENDIO PORTATIL COM CARGA DE PO QUIMICO SECO (PQS) DE 6 KG, CLASSE BC",1,"UN",{"$f":"INDEX(ORÇAMENTO!G:G,MATCH(M372,ORÇAMENTO!A:A,0))","v":1},1,{"$f":"IF(L372<>\"\",\"\",IF(INDEX('CPU - PROJETO'!$H:$H,MATCH($O372,'CPU - PROJETO'!$B:$B,0))=0,INDEX('CPU - PROJETO'!$I:$I,MATCH($O372,'CPU - PROJETO'!$B:$B,0)),INDEX('CPU - PROJETO'!$H:$H,MATCH($O372,'CPU - PROJETO'!$B:$B,0))))","v":250},250]
["COMPOSICAO",88309,"PEDREIRO COM ENCARGOS COMPLEMENTARES","H",0.5,"",null,null,{"$f":"INDEX('SINAPI - SINTÉTICO'!K:K,MATCH(B373,'SINAPI - SINTÉTICO'!G:G,0))","v":25.38},12.69,null,{"$f":"IF(OR(A373=\"INSUMO\",A373=\"COMPOSICAO\"),\"\",IFERROR(INDEX(ORÇAMENTO!A:A,MATCH(B373,ORÇAMENTO!C:C,0)),\"\"))","v":""},"1.1.2.5","COMPOSICAO",88309,"PEDREIRO COM ENCARGOS COMPLEMENTARES",0.5,"H",{"$f":"INDEX(ORÇAMENTO!G:G,MATCH(M373,ORÇAMENTO!A:A,0))","v":1},0.5,{"$f":"IF(L373<>\"\",\"\",IF(INDEX('CPU - PROJETO'!$H:$H,MATCH($O373,'CPU - PROJETO'!$B:$B,0))=0,INDEX('CPU - PROJETO'!$I:$I,MATCH($O373,'CPU - PROJETO'!$B:$B,0)),INDEX('CPU - PROJETO'!$H:$H,MATCH($O373,'CPU - PROJETO'!$B:$B,0))))","v":25.38},12.69]
["COMPOSICAO",88316,"SERVENTE COM ENCARGOS COMPLEMENTARES","H",0.5,"",null,null,{"$f":"INDEX('SINAPI - SINTÉTICO'!K:K,MATCH(B374,'SINAPI - SINTÉTICO'!G:G,0))","v":20.420000000000002},10.210000000000001,null,{"$f":"IF(OR(A374=\"INSUMO\",A374=\"COMPOSICAO\"),\"\",IFERROR(INDEX(ORÇAMENTO!A:A,MATCH(B374,ORÇAMENTO!C:C,0)),\"\"))","v":""},"1.1.2.5","COMPOSICAO",88316,"SERVENTE COM ENCARGOS COMPLEMENTARES",0.5,"H",{"$f":"INDEX(ORÇAMENTO!G:G,MATCH(M374,ORÇAMENTO!A:A,0))","v":1},0.5,{"$f":"IF(L374<>\"\",\"\",IF(INDEX('CPU - PROJETO'!$H:$H,MATCH($O374,'CPU - PROJETO'!$B:$B,0))=0,INDEX('CPU - PROJETO'!$I:$I,MATCH($O374,'CPU - PROJETO'!$B:$B,0)),INDEX('CPU - PROJETO'!$H:$H,MATCH($O374,'CPU - PROJETO'!$B:$B,0))))","v":20.420000000000002},10.210000000000001]
["01.SEDI.ARGA.133/01",88628,"ARGAMASSA TRAÇO 1:3 (CIMENTO E AREIA MÉDIA), PREPARO MECÂNICO COM BETONEIRA 400 L. AF_08/2014","M3","","Argamassas e grautes",null,null,{"$f":"INDEX('SINAPI - SINTÉTICO'!K:K,MATCH(B375,'SINAPI - SINTÉTICO'!G:G,0))","v":575.37},{"$f":"SUM(J376:J380)","v":575.37},null,"2.1.3",{"$f":"IF(L375<>\"\",L375,IF(M374<>0,M374,L375))","v":"2.1.3"},{"$f":"A375","v":"01.SEDI.ARGA.133/01"},{"$f":"B375","v":88628},{"$f":"C375","v":"ARGAMASSA TRAÇO 1:3 (CIMENTO E AREIA MÉDIA), PREPARO MECÂNICO COM BETONEIRA 400 L. AF_08/2014"},{"$f":"IF(L375<>\"\",\"\",E375)","v":""},{"$f":"D375","v":"M3"},{"$f":"INDEX(ORÇAMENTO!G:G,MATCH(M375,ORÇAMENTO!A:A,0))","v":1.34},{"$f":"IF(L375<>\"\",\"\",Q375*S375)","v":""},{"$f":"IF(L375<>\"\",\"\",IF(INDEX('CPU - PROJETO'!$H:$H,MATCH($O375,'CPU - PROJETO'!$B:$B,0))=0,INDEX('CPU - PROJETO'!$I:$I,MATCH($O375,'CPU - PROJETO'!$B:$B,0)),INDEX('CPU - PROJETO'!$H:$H,MATCH($O375,'CPU - PROJETO'!$B:$B,0))))","v":""},{"$f":"IF(L375<>\"\",IF(I375=0,J375,I375)*S375,T375*U375)","v":770.99580000000003}]
["INSUMO",370,"AREIA MEDIA - POSTO JAZIDA/FORNECEDOR (RETIRADO NA JAZIDA, SEM TRANSPORTE)","M3",1.07,"",null,{"$f":"INDEX('SINAPI - INSUMO'!E:E,MATCH(B376,'SINAPI - INSUMO'!A:A,0))","v":129},null,{"$f":"TRUNC(E376*H376+E376*I376,2)","v":138.03},null,{"$f":"IF(OR(A376=\"INSUMO\",A376=\"COMPOSICAO\"),\"\",IFERROR(INDEX(ORÇAMENTO!A:A,MATCH(B376,ORÇAMENTO!C:C,0)),\"\"))","v":""},"2.1.3","INSUMO",370,"AREIA MEDIA - POSTO JAZIDA/FORNECEDOR (RETIRADO NA JAZIDA, SEM TRANSPORTE)",1.07,"M3",{"$f":"INDEX(ORÇAMENTO!G:G,MATCH(M376,ORÇAMENTO!A:A,0))","v":1.34},1.4338000000000002,{"$f":"IF(L376<>\"\",\"\",IF(INDEX('CPU - PROJETO'!$H:$H,MATCH($O376,'CPU - PROJETO'!$B:$B,0))=0,INDEX('CPU - PROJETO'!$I:$I,MATCH($O376,'CPU - PROJETO'!$B:$B,0)),INDEX('CPU - PROJETO'!$H:$H,MATCH($O376,'CPU - PROJETO'!$B:$B,0))))","v":129},184.96020000000001,{"$f":"CONCATENATE(M376,\" \",O376)","v":"2.1.3 370"}]
["INSUMO",1379,"CIMENTO PORTLAND COMPOSTO CP II-32","KG",483.7,"",null,{"$f":"INDEX('SINAPI - INSUMO'!E:E,MATCH(B377,'SINAPI - INSUMO'!A:A,0))","v":0.7},null,{"$f":"TRUNC(E377*H377+E377*I377,2)","v":338.59},null,null,{"$f":"IF(L377<>\"\",L377,IF(M376<>0,M376,L377))","v":"2.1.3"},{"$f":"A377","v":"INSUMO"},{"$f":"B377","v":1379},{"$f":"C377","v":"CIMENTO PORTLAND COMPOSTO CP II-32"},{"$f":"IF(L377<>\"\",\"\",E377)","v":483.7},{"$f":"D377","v":"KG"},{"$f":"INDEX(ORÇAMENTO!G:G,MATCH(M377,ORÇAMENTO!A:A,0))","v":1.34},{"$f":"IF(L377<>\"\",\"\",Q377*S377)","v":648.15800000000002},{"$f":"IF(L377<>\"\",\"\",IF(INDEX('CPU - PROJETO'!$H:$H,MATCH($O377,'CPU - PROJETO'!$B:$B,0))=0,INDEX('CPU - PROJETO'!$I:$I,MATCH($O377,'CPU - PROJETO'!$B:$B,0)),INDEX('CPU - PROJETO'!$H:$H,MATCH($O377,'CPU - PROJETO'!$B:$B,0))))","v":0.7},{"$f":"IF(L377<>\"\",IF(I377=0,J377,I377)*S377,T377*U377)","v":453.7106},"2.1.3 1379"]
["COMPOSICAO",88377,"OPERADOR DE BETONEIRA ESTACIONÁRIA/MISTURADOR COM ENCARGOS COMPLEMENTARES","H",3.42,"",null,null,{"$f":"INDEX('SINAPI - SINTÉTICO'!K:K,MATCH(B378,'SINAPI - SINTÉTICO'!G:G,0))","v":28.14},{"$f":"TRUNC(E378*H378+E378*I378,2)","v":96.23},null,null,"2.1.3","COMPOSICAO",88377,"OPERADOR DE BETONEIRA ESTACIONÁRIA/MISTURADOR COM ENCARGOS COMPLEMENTARES",3.42,"H",{"$f":"INDEX(ORÇAMENTO!G:G,MATCH(M378,ORÇAMENTO!A:A,0))","v":1.34},4.5827999999999998,{"$f":"IF(L378<>\"\",\"\",IF(INDEX('CPU - PROJETO'!$H:$H,MATCH($O378,'CPU - PROJETO'!$B:$B,0))=0,INDEX('CPU - PROJETO'!$I:$I,MATCH($O378,'CPU - PROJETO'!$B:$B,0)),INDEX('CPU - PROJETO'!$H:$H,MATCH($O378,'CPU - PROJETO'!$B:$B,0))))","v":28.14},128.959992,"2.1.3 88377"]
["COMPOSICAO",88830,"BETONEIRA CAPACIDADE NOMINAL DE 400 L, CAPACIDADE DE MISTURA 280 L, MOTOR ELÉTRICO TRIFÁSICO POTÊNCIA DE 2 CV, SEM CARREGADOR - CHP DIURNO. AF_10/2014","CHP",0.8,"",null,null,{"$f":"INDEX('SINAPI - SINTÉTICO'!K:K,MATCH(B379,'SINAPI - SINTÉTICO'!G:G,0))","v":1.88},{"$f":"TRUNC(E379*H379+E379*I379,2)","v":1.5},null,null,"2.1.3","COMPOSICAO",88830,"BETONEIRA CAPACIDADE NOMINAL DE 400 L, CAPACIDADE DE MISTURA 280 L, MOTOR ELÉTRICO TRIFÁSICO POTÊNCIA DE 2 CV, SEM CARREGADOR - CHP DIURNO. AF_10/2014",0.8,"CHP",{"$f":"INDEX(ORÇAMENTO!G:G,MATCH(M379,ORÇAMENTO!A:A,0))","v":1.34},1.0720000000000001,{"$f":"IF(L379<>\"\",\"\",IF(INDEX('CPU - PROJETO'!$H:$H,MATCH($O379,'CPU - PROJETO'!$B:$B,0))=0,INDEX('CPU - PROJETO'!$I:$I,MATCH($O379,'CPU - PROJETO'!$B:$B,0)),INDEX('CPU - PROJETO'!$H:$H,MATCH($O379,'CPU - PROJETO'!$B:$B,0))))","v":1.88},2.0153599999999998,"2.1.3 88830"]
["COMPOSICAO",88831,"BETONEIRA CAPACIDADE NOMINAL DE 400 L, CAPACIDADE DE MISTURA 280 L, MOTOR ELÉTRICO TRIFÁSICO POTÊNCIA DE 2 CV, SEM CARREGADOR - CHI DIURNO. AF_10/2014","CHI",2.62,"",null,null,{"$f":"INDEX('SINAPI - SINTÉTICO'!K:K,MATCH(B380,'SINAPI - SINTÉTICO'!G:G,0))","v":0.39},{"$f":"TRUNC(E380*H380+E380*I380,2)","v":1.02},null,null,{"$f":"IF(L380<>\"\",L380,IF(M379<>0,M379,L380))","v":"2.1.3"},{"$f":"A380","v":"COMPOSICAO"},{"$f":"B380","v":88831},{"$f":"C380","v":"BETONEIRA CAPACIDADE NOMINAL DE 400 L, CAPACIDADE DE MISTURA 280 L, MOTOR ELÉTRICO TRIFÁSICO POTÊNCIA DE 2 CV, SEM CARREGADOR - CHI DIURNO. AF_10/2014"},{"$f":"IF(L380<>\"\",\"\",E380)","v":2.62},{"$f":"D380","v":"CHI"},{"$f":"INDEX(ORÇAMENTO!G:G,MATCH(M380,ORÇAMENTO!A:A,0))","v":1.34},{"$f":"IF(L380<>\"\",\"\",Q380*S380)","v":3.5108000000000001},{"$f":"IF(L380<>\"\",\"\",IF(INDEX('CPU - PROJETO'!$H:$H,MATCH($O380,'CPU - PROJETO'!$B:$B,0))=0,INDEX('CPU - PROJETO'!$I:$I,MATCH($O380,'CPU - PROJETO'!$B:$B,0)),INDEX('CPU - PROJETO'!$H:$H,MATCH($O380,'CPU - PROJETO'!$B:$B,0))))","v":0.39},{"$f":"IF(L380<>\"\",IF(I380=0,J380,I380)*S380,T380*U380)","v":1.3692120000000001},"2.1.3 88831"]
["02.INHI.ASLM.010/04",86887,"ENGATE FLEXÍVEL EM INOX, 1/2\u0094 X 40CM - FORNECIMENTO E INSTALAÇÃO. AF_12/2013","UN",null,"Louças e Metais",null,null,{"$f":"INDEX('SINAPI - SINTÉTICO'!K:K,MATCH(B381,'SINAPI - SINTÉTICO'!G:G,0))","v":67.52},{"$f":"SUM(J382:J385)","v":67.52},null,"1.7.9.5","1.7.9.5","02.INHI.ASLM.010/04",86887,"ENGATE FLEXÍVEL EM INOX, 1/2\u0094 X 40CM - FORNECIMENTO E INSTALAÇÃO. AF_12/2013","","UN",{"$f":"INDEX(ORÇAMENTO!G:G,MATCH(M381,ORÇAMENTO!A:A,0))","v":1},"",{"$f":"IF(L381<>\"\",\"\",IF(INDEX('CPU - PROJETO'!$H:$H,MATCH($O381,'CPU - PROJETO'!$B:$B,0))=0,INDEX('CPU - PROJETO'!$I:$I,MATCH($O381,'CPU - PROJETO'!$B:$B,0)),INDEX('CPU - PROJETO'!$H:$H,MATCH($O381,'CPU - PROJETO'!$B:$B,0))))","v":""},67.52,{"$f":"SUM(V382:V385)-V381","v":1.3377000000005523E-2}]
["INSUMO",3146,"FITA VEDA ROSCA EM ROLOS DE 18 MM X 10 M (L X C)","UN",2.1000000000000001E-2,"",null,{"$f":"INDEX('SINAPI - INSUMO'!E:E,MATCH(B382,'SINAPI - INSUMO'!A:A,0))","v":3.1},null,{"$f":"TRUNC(E382*H382+E382*I382,2)","v":0.06},null,{"$f":"IF(OR(A382=\"INSUMO\",A382=\"COMPOSICAO\"),\"\",IFERROR(INDEX(ORÇAMENTO!A:A,MATCH(B382,ORÇAMENTO!C:C,0)),\"\"))","v":""},"1.7.9.5","INSUMO",3146,"FITA VEDA ROSCA EM ROLOS DE 18 MM X 10 M (L X C)",2.1000000000000001E-2,"UN",{"$f":"INDEX(ORÇAMENTO!G:G,MATCH(M382,ORÇAMENTO!A:A,0))","v":1},2.1000000000000001E-2,{"$f":"IF(L382<>\"\",\"\",IF(INDEX('CPU - PROJETO'!$H:$H,MATCH($O382,'CPU - PROJETO'!$B:$B,0))=0,INDEX('CPU - PROJETO'!$I:$I,MATCH($O382,'CPU - PROJETO'!$B:$B,0)),INDEX('CPU - PROJETO'!$H:$H,MATCH($O382,'CPU - PROJETO'!$B:$B,0))))","v":3.1},6.5100000000000005E-2,{"$f":"CONCATENATE(M382,\" \",O382)","v":"1.7.9.5 3146"}]
["INSUMO",11684,"ENGATE / RABICHO FLEXIVEL INOX 1/2 \" X 40 CM","UN",1,"",null,{"$f":"INDEX('SINAPI - INSUMO'!E:E,MATCH(B383,'SINAPI - INSUMO'!A:A,0))","v":62.73},null,62.73,null,{"$f":"IF(OR(A383=\"INSUMO\",A383=\"COMPOSICAO\"),\"\",IFERROR(INDEX(ORÇAMENTO!A:A,MATCH(B383,ORÇAMENTO!C:C,0)),\"\"))","v":""},"1.7.9.5","INSUMO",11684,"ENGATE / RABICHO FLEXIVEL INOX 1/2 \" X 40 CM",1,"UN",{"$f":"INDEX(ORÇAMENTO!G:G,MATCH(M383,ORÇAMENTO!A:A,0))","v":1},1,{"$f":"IF(L383<>\"\",\"\",IF(INDEX('CPU - PROJETO'!$H:$H,MATCH($O383,'CPU - PROJETO'!$B:$B,0))=0,INDEX('CPU - PROJETO'!$I:$I,MATCH($O383,'CPU - PROJETO'!$B:$B,0)),INDEX('CPU - PROJETO'!$H:$H,MATCH($O383,'CPU - PROJETO'!$B:$B,0))))","v":62.73},62.73,{"$f":"CONCATENATE(M383,\" \",O383)","v":"1.7.9.5 11684"}]
["COMPOSICAO",88267,"ENCANADOR OU BOMBEIRO HIDRÁULICO COM ENCARGOS COMPLEMENTARES","H",0.1525,"",null,null,{"$f":"INDEX('SINAPI - SINTÉTICO'!K:K,MATCH(B384,'SINAPI - SINTÉTICO'!G:G,0))","v":24.63},3.75,null,{"$f":"IF(OR(A384=\"INSUMO\",A384=\"COMPOSICAO\"),\"\",IFERROR(INDEX(ORÇAMENTO!A:A,MATCH(B384,ORÇAMENTO!C:C,0)),\"\"))","v":""},"1.7.9.5","COMPOSICAO",88267,"ENCANADOR OU BOMBEIRO HIDRÁULICO COM ENCARGOS COMPLEMENTARES",0.1525,"H",{"$f":"INDEX(ORÇAMENTO!G:G,MATCH(M384,ORÇAMENTO!A:A,0))","v":1},0.1525,{"$f":"IF(L384<>\"\",\"\",IF(INDEX('CPU - PROJETO'!$H:$H,MATCH($O384,'CPU - PROJETO'!$B:$B,0))=0,INDEX('CPU - PROJETO'!$I:$I,MATCH($O384,'CPU - PROJETO'!$B:$B,0)),INDEX('CPU - PROJETO'!$H:$H,MATCH($O384,'CPU - PROJETO'!$B:$B,0))))","v":24.63},3.7560749999999996,"1.7.9.5 88267"]
["COMPOSICAO",88316,"SERVENTE COM ENCARGOS COMPLEMENTARES","H",4.8099999999999997E-2,"",null,null,{"$f":"INDEX('SINAPI - SINTÉTICO'!K:K,MATCH(B385,'SINAPI - SINTÉTICO'!G:G,0))","v":20.420000000000002},0.98,null,{"$f":"IF(OR(A385=\"INSUMO\",A385=\"COMPOSICAO\"),\"\",IFERROR(INDEX(ORÇAMENTO!A:A,MATCH(B385,ORÇAMENTO!C:C,0)),\"\"))","v":""},"1.7.9.5","COMPOSICAO",88316,"SERVENTE COM ENCARGOS COMPLEMENTARES",4.8099999999999997E-2,"H",{"$f":"INDEX(ORÇAMENTO!G:G,MATCH(M385,ORÇAMENTO!A:A,0))","v":1},4.8099999999999997E-2,{"$f":"IF(L385<>\"\",\"\",IF(INDEX('CPU - PROJETO'!$H:$H,MATCH($O385,'CPU - PROJETO'!$B:$B,0))=0,INDEX('CPU - PROJETO'!$I:$I,MATCH($O385,'CPU - PROJETO'!$B:$B,0)),INDEX('CPU - PROJETO'!$H:$H,MATCH($O385,'CPU - PROJETO'!$B:$B,0))))","v":20.420000000000002},0.98220200000000002,"1.7.9.5 88316"]

{"sheet":"CPU - PROJ.AUX","index":16,"n_rows":240,"n_cols":25,"rows_kept":240,"cut":false,"hidden":false,"merged":[[2,0,2,9]]}
[]
[]
["COMPOSIÇÕES DE CUSTOS "]
[]
[{"$nulls":9},"SINAPI_ref_Insumos_Composicoes_PE_042022_NaoDesonerado",{"$nulls":11},{"$f":"SUM(V7:V241)","v":3677.1492245973968}]
["CLASSE/TIPO","CÓDIGOS","DESCRIÇÃO","UNIDADE","COEFICIENTE","CADERNO TÉCNICO",null,"INSUMOS","SINTÉTICO","TOTAL",null,null,"ITEM",{"$f":"A6","v":"CLASSE/TIPO"},"CÓDIGO","DESCRIÇÃO","COEFICIENTE","UNIDADE","QUANT.","COEF. X QUANT.","PREÇO UNIT.","PREÇO TOTAL"]
["01.FUES.CONC.001/01",94962,"CONCRETO MAGRO PARA LASTRO, TRAÇO 1:4,5:4,5 (CIMENTO/ AREIA MÉDIA/ BRITA 1)  - PREPARO MECÂNICO COM BETONEIRA 400 L. AF_07/2016","M3","","Concreto dosado em obra",null,null,{"$f":"INDEX('SINAPI - SINTÉTICO'!K:K,MATCH(B7,'SINAPI - SINTÉTICO'!G:G,0))","v":397.76},{"$f":"SUM(J8:J14)","v":397.76},null,"1.1.1.1",{"$f":"IF(L7<>\"\",L7,IF(M6<>0,M6,L7))","v":"1.1.1.1"},{"$f":"A7","v":"01.FUES.CONC.001/01"},94962,"CONCRETO MAGRO PARA LASTRO, TRAÇO 1:4,5:4,5 (CIMENTO/ AREIA MÉDIA/ BRITA 1)  - PREPARO MECÂNICO COM BETONEIRA 400 L. AF_07/2016",{"$f":"IF(L7<>\"\",\"\",E7)","v":""},{"$f":"D7","v":"M3"},{"$f":"INDEX('CPU - PROJETO'!Q:Q,MATCH(W7,'CPU - PROJETO'!W:W,0))","v":0.01},{"$f":"IF(L7<>\"\",\"\",Q7*S7)","v":""},{"$f":"IF(L7<>\"\",\"\",IF(INDEX('CPU - PROJETO'!$H:$H,MATCH($O7,'CPU - PROJETO'!$B:$B,0))=0,INDEX('CPU - PROJETO'!$I:$I,MATCH($O7,'CPU - PROJETO'!$B:$B,0)),INDEX('CPU - PROJETO'!$H:$H,MATCH($O7,'CPU - PROJETO'!$B:$B,0))))","v":""},{"$f":"IF(L7<>\"\",IF(I7=0,J7,I7)*S7,T7*U7)","v":3.9775999999999998},{"$f":"CONCATENATE(M7,\" \",O7)","v":"1.1.1.1 94962"}]
["INSUMO",370,"AREIA MEDIA - POSTO JAZIDA/FORNECEDOR (RETIRADO NA JAZIDA, SEM TRANSPORTE)","M3",0.82689999999999997,"",null,{"$f":"INDEX('SINAPI - INSUMO'!E:E,MATCH(B8,'SINAPI - INSUMO'!A:A,0))","v":129},null,{"$f":"TRUNC(E8*H8+E8*I8,2)","v":106.67},null,null,{"$f":"IF(L8<>\"\",L8,IF(M7<>0,M7,L8))","v":"1.1.1.1"},{"$f":"A8","v":"INSUMO"},{"$f":"B8","v":370},{"$f":"C8","v":"AREIA MEDIA - POSTO JAZIDA/FORNECEDOR (RETIRADO NA JAZIDA, SEM TRANSPORTE)"},{"$f":"IF(L8<>\"\",\"\",E8)","v":0.82689999999999997},{"$f":"D8","v":"M3"},{"$f":"S$7","v":0.01},{"$f":"IF(L8<>\"\",\"\",Q8*S8)","v":8.2690000000000003E-3},{"$f":"IF(L8<>\"\",\"\",IF(INDEX('CPU - PROJ.AUX'!$H:$H,MATCH($O8,'CPU - PROJ.AUX'!$B:$B,0))=0,INDEX('CPU - PROJ.AUX'!$I:$I,MATCH($O8,'CPU - PROJ.AUX'!$B:$B,0)),INDEX('CPU - PROJ.AUX'!$H:$H,MATCH($O8,'CPU - PROJ.AUX'!$B:$B,0))))","v":129},{"$f":"IF(L8<>\"\",IF(I8=0,J8,I8)*S8,T8*U8)","v":1.0667010000000001},{"$f":"CONCATENATE(M8,\" \",O8)","v":"1.1.1.1 370"}]
["INSUMO",1379,"CIMENTO PORTLAND COMPOSTO CP II-32","KG",212.01939999999999,"",null,{"$f":"INDEX('SINAPI - INSUMO'!E:E,MATCH(B9,'SINAPI - INSUMO'!A:A,0))","v":0.7},null,{"$f":"TRUNC(E9*H9+E9*I9,2)","v":148.41},null,null,{"$f":"IF(L9<>\"\",L9,IF(M8<>0,M8,L9))","v":"1.1.1.1"},{"$f":"A9","v":"INSUMO"},{"$f":"B9","v":1379},{"$f":"C9","v":"CIMENTO PORTLAND COMPOSTO CP II-32"},{"$f":"IF(L9<>\"\",\"\",E9)","v":212.01939999999999},{"$f":"D9","v":"KG"},{"$f":"S$7","v":0.01},{"$f":"IF(L9<>\"\",\"\",Q9*S9)","v":2.1201940000000001},{"$f":"IF(L9<>\"\",\"\",IF(INDEX('CPU - PROJ.AUX'!$H:$H,MATCH($O9,'CPU - PROJ.AUX'!$B:$B,0))=0,INDEX('CPU - PROJ.AUX'!$I:$I,MATCH($O9,'CPU - PROJ.AUX'!$B:$B,0)),INDEX('CPU - PROJ.AUX'!$H:$H,MATCH($O9,'CPU - PROJ.AUX'!$B:$B,0))))","v":0.7},{"$f":"IF(L9<>\"\",IF(I9=0,J9,I9)*S9,T9*U9)","v":1.4841358},"1.1.1.1 1379"]
["INSUMO",4721,"PEDRA BRITADA N. 1 (9,5 a 19 MM) POSTO PEDREIRA/FORNECEDOR, SEM FRETE","M3",0.57820000000000005,"",null,{"$f":"INDEX('SINAPI - INSUMO'!E:E,MATCH(B10,'SINAPI - INSUMO'!A:A,0))","v":89},null,51.45,null,null,"1.1.1.1","INSUMO",4721,"PEDRA BRITADA N. 1 (9,5 a 19 MM) POSTO PEDREIRA/FORNECEDOR, SEM FRETE",{"$f":"IF(L10<>\"\",\"\",E10)","v":0.57820000000000005},"M3",0.01,5.7820000000000007E-3,{"$f":"IF(L10<>\"\",\"\",IF(INDEX('CPU - PROJ.AUX'!$H:$H,MATCH($O10,'CPU - PROJ.AUX'!$B:$B,0))=0,INDEX('CPU - PROJ.AUX'!$I:$I,MATCH($O10,'CPU - PROJ.AUX'!$B:$B,0)),INDEX('CPU - PROJ.AUX'!$H:$H,MATCH($O10,'CPU - PROJ.AUX'!$B:$B,0))))","v":89},0.51459800000000011,"1.1.1.1 4721"]
["COMPOSICAO",88316,"SERVENTE COM ENCARGOS COMPLEMENTARES","H",2.3433000000000002,"",null,null,{"$f":"INDEX('SINAPI - SINTÉTICO'!K:K,MATCH(B11,'SINAPI - SINTÉTICO'!G:G,0))","v":20.420000000000002},47.85,null,null,"1.1.1.1","COMPOSICAO",88316,"SERVENTE COM ENCARGOS COMPLEMENTARES",2.3433000000000002,"H",0.01,2.3433000000000002E-2,{"$f":"IF(L11<>\"\",\"\",IF(INDEX('CPU - PROJ.AUX'!$H:$H,MATCH($O11,'CPU - PROJ.AUX'!$B:$B,0))=0,INDEX('CPU - PROJ.AUX'!$I:$I,MATCH($O11,'CPU - PROJ.AUX'!$B:$B,0)),INDEX('CPU - PROJ.AUX'!$H:$H,MATCH($O11,'CPU - PROJ.AUX'!$B:$B,0))))","v":20.420000000000002},0.47850186000000011,"1.1.1.1 88316"]
["COMPOSICAO",88377,"OPERADOR DE BETONEIRA ESTACIONÁRIA/MISTURADOR COM ENCARGOS COMPLEMENTARES","H",1.4811000000000001,"",null,null,{"$f":"INDEX('SINAPI - SINTÉTICO'!K:K,MATCH(B12,'SINAPI - SINTÉTICO'!G:G,0))","v":28.14},41.67,null,null,"1.1.1.1","COMPOSICAO",88377,"OPERADOR DE BETONEIRA ESTACIONÁRIA/MISTURADOR COM ENCARGOS COMPLEMENTARES",1.4811000000000001,"H",0.01,1.4811000000000001E-2,{"$f":"IF(L12<>\"\",\"\",IF(INDEX('CPU - PROJ.AUX'!$H:$H,MATCH($O12,'CPU - PROJ.AUX'!$B:$B,0))=0,INDEX('CPU - PROJ.AUX'!$I:$I,MATCH($O12,'CPU - PROJ.AUX'!$B:$B,0)),INDEX('CPU - PROJ.AUX'!$H:$H,MATCH($O12,'CPU - PROJ.AUX'!$B:$B,0))))","v":28.14},0.41678154000000006,"1.1.1.1 88377"]
["COMPOSICAO",88830,"BETONEIRA CAPACIDADE NOMINAL DE 400 L, CAPACIDADE DE MISTURA 280 L, MOTOR ELÉTRICO TRIFÁSICO POTÊNCIA DE 2 CV, SEM CARREGADOR - CHP DIURNO. AF_10/2014","CHP",0.76229999999999998,"",null,null,{"$f":"INDEX('SINAPI - SINTÉTICO'!K:K,MATCH(B13,'SINAPI - SINTÉTICO'!G:G,0))","v":1.88},1.43,null,null,"1.1.1.1","COMPOSICAO",88830,"BETONEIRA CAPACIDADE NOMINAL DE 400 L, CAPACIDADE DE MISTURA 280 L, MOTOR ELÉTRICO TRIFÁSICO POTÊNCIA DE 2 CV, SEM CARREGADOR - CHP DIURNO. AF_10/2014",0.76229999999999998,"CHP",0.01,{"$f":"IF(L13<>\"\",\"\",Q13*S13)","v":7.6229999999999996E-3},{"$f":"IF(L13<>\"\",\"\",IF(INDEX('CPU - PROJ.AUX'!$H:$H,MATCH($O13,'CPU - PROJ.AUX'!$B:$B,0))=0,INDEX('CPU - PROJ.AUX'!$I:$I,MATCH($O13,'CPU - PROJ.AUX'!$B:$B,0)),INDEX('CPU - PROJ.AUX'!$H:$H,MATCH($O13,'CPU - PROJ.AUX'!$B:$B,0))))","v":1.88},1.4331239999999999E-2,"1.1.1.1 88830"]
["COMPOSICAO",88831,"BETONEIRA CAPACIDADE NOMINAL DE 400 L, CAPACIDADE DE MISTURA 280 L, MOTOR ELÉTRICO TRIFÁSICO POTÊNCIA DE 2 CV, SEM CARREGADOR - CHI DIURNO. AF_10/2014","CHI",0.71879999999999999,null,null,null,{"$f":"INDEX('SINAPI - SINTÉTICO'!K:K,MATCH(B14,'SINAPI - SINTÉTICO'!G:G,0))","v":0.39},0.28000000000000003,null,null,"1.1.1.1","COMPOSICAO",88831,"BETONEIRA CAPACIDADE NOMINAL DE 400 L, CAPACIDADE DE MISTURA 280 L, MOTOR ELÉTRICO TRIFÁSICO POTÊNCIA DE 2 CV, SEM CARREGADOR - CHI DIURNO. AF_10/2014",0.71879999999999999,"CHI",0.01,7.1879999999999999E-3,{"$f":"IF(L14<>\"\",\"\",IF(INDEX('CPU - PROJ.AUX'!$H:$H,MATCH($O14,'CPU - PROJ.AUX'!$B:$B,0))=0,INDEX('CPU - PROJ.AUX'!$I:$I,MATCH($O14,'CPU - PROJ.AUX'!$B:$B,0)),INDEX('CPU - PROJ.AUX'!$H:$H,MATCH($O14,'CPU - PROJ.AUX'!$B:$B,0))))","v":0.39},2.8033200000000002E-3,"1.1.1.1 88831"]
["01.SEDI.ARGA.014/01",87292,"ARGAMASSA TRAÇO 1:2:8 (CIMENTO, CAL E AREIA MÉDIA) PARA EMBOÇO/MASSA ÚNICA/ASSENTAMENTO DE ALVENARIA DE VEDAÇÃO, PREPARO MECÂNICO COM BETONEIRA 400 L. AF_06/2014","M3","","Argamassas e grautes",null,null,{"$f":"INDEX('SINAPI - SINTÉTICO'!K:K,MATCH(B15,'SINAPI - SINTÉTICO'!G:G,0))","v":660.42},{"$f":"SUM(J16:J21)","v":660.42000000000007},null,"1.7.2.1",{"$f":"IF(L15<>\"\",L15,IF(M14<>0,M14,L15))","v":"1.7.2.1"},"01.SEDI.ARGA.014/01",87292,"ARGAMASSA TRAÇO 1:2:8 (CIMENTO, CAL E AREIA MÉDIA) PARA EMBOÇO/MASSA ÚNICA/ASSENTAMENTO DE ALVENARIA DE VEDAÇÃO, PREPARO MECÂNICO COM BETONEIRA 400 L. AF_06/2014",{"$f":"IF(L15<>\"\",\"\",E15)","v":""},"M3",{"$f":"INDEX('CPU - PROJETO'!Q:Q,MATCH(W15,'CPU - PROJETO'!W:W,0))","v":0.01},{"$f":"IF(L15<>\"\",\"\",Q15*S15)","v":""},{"$f":"IF(L15<>\"\",\"\",IF(INDEX('CPU - PROJETO'!$H:$H,MATCH($O15,'CPU - PROJETO'!$B:$B,0))=0,INDEX('CPU - PROJETO'!$I:$I,MATCH($O15,'CPU - PROJETO'!$B:$B,0)),INDEX('CPU - PROJETO'!$H:$H,MATCH($O15,'CPU - PROJETO'!$B:$B,0))))","v":""},{"$f":"IF(L15<>\"\",IF(I15=0,J15,I15)*S15,T15*U15)","v":6.6041999999999996},{"$f":"CONCATENATE(M15,\" \",O15)","v":"1.7.2.1 87292"}]
["INSUMO",370,"AREIA MEDIA - POSTO JAZIDA/FORNECEDOR (RETIRADO NA JAZIDA, SEM TRANSPORTE)","M3",1.1599999999999999,"",null,{"$f":"INDEX('SINAPI - INSUMO'!E:E,MATCH(B16,'SINAPI - INSUMO'!A:A,0))","v":129},null,149.63999999999999,null,null,{"$f":"IF(L16<>\"\",L16,IF(M15<>0,M15,L16))","v":"1.7.2.1"},{"$f":"A16","v":"INSUMO"},{"$f":"B16","v":370},{"$f":"C16","v":"AREIA MEDIA - POSTO JAZIDA/FORNECEDOR (RETIRADO NA JAZIDA, SEM TRANSPORTE)"},{"$f":"IF(L16<>\"\",\"\",E16)","v":1.1599999999999999},{"$f":"D16","v":"M3"},{"$f":"S$15","v":0.01},{"$f":"IF(L16<>\"\",\"\",Q16*S16)","v":1.1599999999999999E-2},{"$f":"IF(L16<>\"\",\"\",IF(INDEX('CPU - PROJ.AUX'!$H:$H,MATCH($O16,'CPU - PROJ.AUX'!$B:$B,0))=0,INDEX('CPU - PROJ.AUX'!$I:$I,MATCH($O16,'CPU - PROJ.AUX'!$B:$B,0)),INDEX('CPU - PROJ.AUX'!$H:$H,MATCH($O16,'CPU - PROJ.AUX'!$B:$B,0))))","v":129},{"$f":"IF(L16<>\"\",IF(I16=0,J16,I16)*S16,T16*U16)","v":1.4964},{"$f":"CONCATENATE(M16,\" \",O16)","v":"1.7.2.1 370"}]
["INSUMO",1106,"CAL HIDRATADA CH-I PARA ARGAMASSAS","KG",174.1,"",null,{"$f":"INDEX('SINAPI - INSUMO'!E:E,MATCH(B17,'SINAPI - INSUMO'!A:A,0))","v":1.4},null,243.74,null,null,{"$f":"IF(L17<>\"\",L17,IF(M16<>0,M16,L17))","v":"1.7.2.1"},{"$f":"A17","v":"INSUMO"},{"$f":"B17","v":1106},{"$f":"C17","v":"CAL HIDRATADA CH-I PARA ARGAMASSAS"},{"$f":"IF(L17<>\"\",\"\",E17)","v":174.1},{"$f":"D17","v":"KG"},{"$f":"S$15","v":0.01},{"$f":"IF(L17<>\"\",\"\",Q17*S17)","v":1.7409999999999999},{"$f":"IF(L17<>\"\",\"\",IF(INDEX('CPU - PROJ.AUX'!$H:$H,MATCH($O17,'CPU - PROJ.AUX'!$B:$B,0))=0,INDEX('CPU - PROJ.AUX'!$I:$I,MATCH($O17,'CPU - PROJ.AUX'!$B:$B,0)),INDEX('CPU - PROJ.AUX'!$H:$H,MATCH($O17,'CPU - PROJ.AUX'!$B:$B,0))))","v":1.4},{"$f":"IF(L17<>\"\",IF(I17=0,J17,I17)*S17,T17*U17)","v":2.4373999999999998},"1.7.2.1 1106"]
["INSUMO",1379,"CIMENTO PORTLAND COMPOSTO CP II-32","KG",195.86,"",null,{"$f":"INDEX('SINAPI - INSUMO'!E:E,MATCH(B18,'SINAPI - INSUMO'!A:A,0))","v":0.7},null,137.1,null,null,"1.7.2.1","INSUMO",1379,"CIMENTO PORTLAND COMPOSTO CP II-32",195.86,"KG",0.01,1.9586000000000001,{"$f":"IF(L18<>\"\",\"\",IF(INDEX('CPU - PROJ.AUX'!$H:$H,MATCH($O18,'CPU - PROJ.AUX'!$B:$B,0))=0,INDEX('CPU - PROJ.AUX'!$I:$I,MATCH($O18,'CPU - PROJ.AUX'!$B:$B,0)),INDEX('CPU - PROJ.AUX'!$H:$H,MATCH($O18,'CPU - PROJ.AUX'!$B:$B,0))))","v":0.7},1.3710199999999999,"1.7.2.1 1379"]
["COMPOSICAO",88377,"OPERADOR DE BETONEIRA ESTACIONÁRIA/MISTURADOR COM ENCARGOS COMPLEMENTARES","H",4.5,"",null,null,{"$f":"INDEX('SINAPI - SINTÉTICO'!K:K,MATCH(B19,'SINAPI - SINTÉTICO'!G:G,0))","v":28.14},126.63,null,null,{"$f":"IF(L19<>\"\",L19,IF(M18<>0,M18,L19))","v":"1.7.2.1"},{"$f":"A19","v":"COMPOSICAO"},{"$f":"B19","v":88377},{"$f":"C19","v":"OPERADOR DE BETONEIRA ESTACIONÁRIA/MISTURADOR COM ENCARGOS COMPLEMENTARES"},{"$f":"IF(L19<>\"\",\"\",E19)","v":4.5},{"$f":"D19","v":"H"},0.01,{"$f":"IF(L19<>\"\",\"\",Q19*S19)","v":4.4999999999999998E-2},{"$f":"IF(L19<>\"\",\"\",IF(INDEX('CPU - PROJ.AUX'!$H:$H,MATCH($O19,'CPU - PROJ.AUX'!$B:$B,0))=0,INDEX('CPU - PROJ.AUX'!$I:$I,MATCH($O19,'CPU - PROJ.AUX'!$B:$B,0)),INDEX('CPU - PROJ.AUX'!$H:$H,MATCH($O19,'CPU - PROJ.AUX'!$B:$B,0))))","v":28.14},{"$f":"IF(L19<>\"\",IF(I19=0,J19,I19)*S19,T19*U19)","v":1.2663},"1.7.2.1 88377"]
["COMPOSICAO",88830,"BETONEIRA CAPACIDADE NOMINAL DE 400 L, CAPACIDADE DE MISTURA 280 L, MOTOR ELÉTRICO TRIFÁSICO POTÊNCIA DE 2 CV, SEM CARREGADOR - CHP DIURNO. AF_10/2014","CHP",1.05,"",null,null,{"$f":"INDEX('SINAPI - SINTÉTICO'!K:K,MATCH(B20,'SINAPI - SINTÉTICO'!G:G,0))","v":1.88},1.97,null,null,"1.7.2.1","COMPOSICAO",88830,"BETONEIRA CAPACIDADE NOMINAL DE 400 L, CAPACIDADE DE MISTURA 280 L, MOTOR ELÉTRICO TRIFÁSICO POTÊNCIA DE 2 CV, SEM CARREGADOR - CHP DIURNO. AF_10/2014",1.05,"CHP",0.01,1.0500000000000001E-2,{"$f":"IF(L20<>\"\",\"\",IF(INDEX('CPU - PROJ.AUX'!$H:$H,MATCH($O20,'CPU - PROJ.AUX'!$B:$B,0))=0,INDEX('CPU - PROJ.AUX'!$I:$I,MATCH($O20,'CPU - PROJ.AUX'!$B:$B,0)),INDEX('CPU - PROJ.AUX'!$H:$H,MATCH($O20,'CPU - PROJ.AUX'!$B:$B,0))))","v":1.88},1.9740000000000001E-2,"1.7.2.1 88830"]
["COMPOSICAO",88831,"BETONEIRA CAPACIDADE NOMINAL DE 400 L, CAPACIDADE DE MISTURA 280 L, MOTOR ELÉTRICO TRIFÁSICO POTÊNCIA DE 2 CV, SEM CARREGADOR - CHI DIURNO. AF_10/2014","CHI",3.45,"",null,null,{"$f":"INDEX('SINAPI - SINTÉTICO'!K:K,MATCH(B21,'SINAPI - SINTÉTICO'!G:G,0))","v":0.39},1.34,null,null,"1.7.2.1","COMPOSICAO",88831,"BETONEIRA CAPACIDADE NOMINAL DE 400 L, CAPACIDADE DE MISTURA 280 L, MOTOR ELÉTRICO TRIFÁSICO POTÊNCIA DE 2 CV, SEM CARREGADOR - CHI DIURNO. AF_10/2014",3.45,"CHI",0.01,3.4500000000000003E-2,{"$f":"IF(L21<>\"\",\"\",IF(INDEX('CPU - PROJ.AUX'!$H:$H,MATCH($O21,'CPU - PROJ.AUX'!$B:$B,0))=0,INDEX('CPU - PROJ.AUX'!$I:$I,MATCH($O21,'CPU - PROJ.AUX'!$B:$B,0)),INDEX('CPU - PROJ.AUX'!$H:$H,MATCH($O21,'CPU - PROJ.AUX'!$B:$B,0))))","v":0.39},1.3455000000000002E-2,"1.7.2.1 88831"]
["01.FUES.FOCA.005/01",92270,"FABRICAÇÃO DE FÔRMA PARA VIGAS, COM MADEIRA SERRADA, E = 25 MM. AF_12/2015","M2","","Fôrmas para Estruturas de Concreto Armado",null,null,{"$f":"INDEX('SINAPI - SINTÉTICO'!K:K,MATCH(B22,'SINAPI - SINTÉTICO'!G:G,0))","v":192.68},{"$f":"SUM(J23:J29)","v":192.68},null,"1.7.2.3",{"$f":"IF(L22<>\"\",L22,IF(M21<>0,M21,L22))","v":"1.7.2.3"},"01.FUES.FOCA.005/01",92270,"FABRICAÇÃO DE FÔRMA PARA VIGAS, COM MADEIRA SERRADA, E = 25 MM. AF_12/2015",{"$f":"IF(L22<>\"\",\"\",E22)","v":""},"M2",{"$f":"INDEX('CPU - PROJETO'!Q:Q,MATCH(W22,'CPU - PROJETO'!W:W,0))","v":0.35},{"$f":"IF(L22<>\"\",\"\",Q22*S22)","v":""},{"$f":"IF(L22<>\"\",\"\",IF(INDEX('CPU - PROJETO'!$H:$H,MATCH($O22,'CPU - PROJETO'!$B:$B,0))=0,INDEX('CPU - PROJETO'!$I:$I,MATCH($O22,'CPU - PROJETO'!$B:$B,0)),INDEX('CPU - PROJETO'!$H:$H,MATCH($O22,'CPU - PROJETO'!$B:$B,0))))","v":""},{"$f":"IF(L22<>\"\",IF(I22=0,J22,I22)*S22,T22*U22)","v":67.438000000000002},{"$f":"CONCATENATE(M22,\" \",O22)","v":"1.7.2.3 92270"}]
["INSUMO",4517,"SARRAFO DE MADEIRA NAO APARELHADA *2,5 X 7,5* CM (1 X 3 \") PINUS, MISTA OU EQUIVALENTE DA REGIAO","M",4.2279999999999998,"",null,{"$f":"INDEX('SINAPI - INSUMO'!E:E,MATCH(B23,'SINAPI - INSUMO'!A:A,0))","v":3.52},null,14.88,null,null,{"$f":"IF(L23<>\"\",L23,IF(M22<>0,M22,L23))","v":"1.7.2.3"},{"$f":"A23","v":"INSUMO"},{"$f":"B23","v":4517},{"$f":"C23","v":"SARRAFO DE MADEIRA NAO APARELHADA *2,5 X 7,5* CM (1 X 3 \") PINUS, MISTA OU EQUIVALENTE DA REGIAO"},{"$f":"IF(L23<>\"\",\"\",E23)","v":4.2279999999999998},{"$f":"D23","v":"M"},{"$f":"S$22","v":0.35},{"$f":"IF(L23<>\"\",\"\",Q23*S23)","v":1.4797999999999998},{"$f":"IF(L23<>\"\",\"\",IF(INDEX('CPU - PROJ.AUX'!$H:$H,MATCH($O23,'CPU - PROJ.AUX'!$B:$B,0))=0,INDEX('CPU - PROJ.AUX'!$I:$I,MATCH($O23,'CPU - PROJ.AUX'!$B:$B,0)),INDEX('CPU - PROJ.AUX'!$H:$H,MATCH($O23,'CPU - PROJ.AUX'!$B:$B,0))))","v":3.52},{"$f":"IF(L23<>\"\",IF(I23=0,J23,I23)*S23,T23*U23)","v":5.2088959999999993},{"$f":"CONCATENATE(M23,\" \",O23)","v":"1.7.2.3 4517"}]
["INSUMO",5068,"PREGO DE ACO POLIDO COM CABECA 17 X 21 (2 X 11)","KG",0.128,"",null,{"$f":"INDEX('SINAPI - INSUMO'!E:E,MATCH(B24,'SINAPI - INSUMO'!A:A,0))","v":22.38},null,2.86,null,null,{"$f":"IF(L24<>\"\",L24,IF(M23<>0,M23,L24))","v":"1.7.2.3"},{"$f":"A24","v":"INSUMO"},{"$f":"B24","v":5068},{"$f":"C24","v":"PREGO DE ACO POLIDO COM CABECA 17 X 21 (2 X 11)"},{"$f":"IF(L24<>\"\",\"\",E24)","v":0.128},{"$f":"D24","v":"KG"},{"$f":"S$22","v":0.35},{"$f":"IF(L24<>\"\",\"\",Q24*S24)","v":4.48E-2},{"$f":"IF(L24<>\"\",\"\",IF(INDEX('CPU - PROJ.AUX'!$H:$H,MATCH($O24,'CPU - PROJ.AUX'!$B:$B,0))=0,INDEX('CPU - PROJ.AUX'!$I:$I,MATCH($O24,'CPU - PROJ.AUX'!$B:$B,0)),INDEX('CPU - PROJ.AUX'!$H:$H,MATCH($O24,'CPU - PROJ.AUX'!$B:$B,0))))","v":22.38},{"$f":"IF(L24<>\"\",IF(I24=0,J24,I24)*S24,T24*U24)","v":1.002624},"1.7.2.3 5068"]
["INSUMO",6189,"TABUA DE MADEIRA NAO APARELHADA *2,5 X 30* CM, CEDRINHO OU EQUIVALENTE DA REGIAO","M",4.4480000000000004,"",null,{"$f":"INDEX('SINAPI - INSUMO'!E:E,MATCH(B25,'SINAPI - INSUMO'!A:A,0))","v":31.97},null,142.19999999999999,null,null,"1.7.2.3","INSUMO",6189,"TABUA DE MADEIRA NAO APARELHADA *2,5 X 30* CM, CEDRINHO OU EQUIVALENTE DA REGIAO",4.4480000000000004,"M",0.35,1.5568,{"$f":"IF(L25<>\"\",\"\",IF(INDEX('CPU - PROJ.AUX'!$H:$H,MATCH($O25,'CPU - PROJ.AUX'!$B:$B,0))=0,INDEX('CPU - PROJ.AUX'!$I:$I,MATCH($O25,'CPU - PROJ.AUX'!$B:$B,0)),INDEX('CPU - PROJ.AUX'!$H:$H,MATCH($O25,'CPU - PROJ.AUX'!$B:$B,0))))","v":31.97},49.770896,"1.7.2.3 6189"]
["COMPOSICAO",88239,"AJUDANTE DE CARPINTEIRO COM ENCARGOS COMPLEMENTARES","H",0.17899999999999999,"",null,null,{"$f":"INDEX('SINAPI - SINTÉTICO'!K:K,MATCH(B26,'SINAPI - SINTÉTICO'!G:G,0))","v":20.27},3.62,null,null,"1.7.2.3","COMPOSICAO",88239,"AJUDANTE DE CARPINTEIRO COM ENCARGOS COMPLEMENTARES",0.17899999999999999,"H",0.35,6.2649999999999997E-2,{"$f":"IF(L26<>\"\",\"\",IF(INDEX('CPU - PROJ.AUX'!$H:$H,MATCH($O26,'CPU - PROJ.AUX'!$B:$B,0))=0,INDEX('CPU - PROJ.AUX'!$I:$I,MATCH($O26,'CPU - PROJ.AUX'!$B:$B,0)),INDEX('CPU - PROJ.AUX'!$H:$H,MATCH($O26,'CPU - PROJ.AUX'!$B:$B,0))))","v":20.27},1.2699155,"1.7.2.3 88239"]
["COMPOSICAO",88262,"CARPINTEIRO DE FORMAS COM ENCARGOS COMPLEMENTARES","H",0.79200000000000004,"",null,null,{"$f":"INDEX('SINAPI - SINTÉTICO'!K:K,MATCH(B27,'SINAPI - SINTÉTICO'!G:G,0))","v":25},19.8,null,null,"1.7.2.3","COMPOSICAO",88262,"CARPINTEIRO DE FORMAS COM ENCARGOS COMPLEMENTARES",0.79200000000000004,"H",0.35,0.2772,{"$f":"IF(L27<>\"\",\"\",IF(INDEX('CPU - PROJ.AUX'!$H:$H,MATCH($O27,'CPU - PROJ.AUX'!$B:$B,0))=0,INDEX('CPU - PROJ.AUX'!$I:$I,MATCH($O27,'CPU - PROJ.AUX'!$B:$B,0)),INDEX('CPU - PROJ.AUX'!$H:$H,MATCH($O27,'CPU - PROJ.AUX'!$B:$B,0))))","v":25},6.93,"1.7.2.3 88262"]
["COMPOSICAO",91692,"SERRA CIRCULAR DE BANCADA COM MOTOR ELÉTRICO POTÊNCIA DE 5HP, COM COIFA PARA DISCO 10\" - CHP DIURNO. AF_08/2015","CHP",5.6000000000000001E-2,"",null,null,{"$f":"INDEX('SINAPI - SINTÉTICO'!K:K,MATCH(B28,'SINAPI - SINTÉTICO'!G:G,0))","v":34.299999999999997},1.92,null,null,"1.7.2.3","COMPOSICAO",91692,"SERRA CIRCULAR DE BANCADA COM MOTOR ELÉTRICO POTÊNCIA DE 5HP, COM COIFA PARA DISCO 10\" - CHP DIURNO. AF_08/2015",5.6000000000000001E-2,"CHP",0.35,1.9599999999999999E-2,{"$f":"IF(L28<>\"\",\"\",IF(INDEX('CPU - PROJ.AUX'!$H:$H,MATCH($O28,'CPU - PROJ.AUX'!$B:$B,0))=0,INDEX('CPU - PROJ.AUX'!$I:$I,MATCH($O28,'CPU - PROJ.AUX'!$B:$B,0)),INDEX('CPU - PROJ.AUX'!$H:$H,MATCH($O28,'CPU - PROJ.AUX'!$B:$B,0))))","v":34.299999999999997},0.67227999999999988,"1.7.2.3 91692"]
["COMPOSICAO",91693,"SERRA CIRCULAR DE BANCADA COM MOTOR ELÉTRICO POTÊNCIA DE 5HP, COM COIFA PARA DISCO 10\" - CHI DIURNO. AF_08/2015","CHI",0.224,"",null,null,{"$f":"INDEX('SINAPI - SINTÉTICO'!K:K,MATCH(B29,'SINAPI - SINTÉTICO'!G:G,0))","v":33.049999999999997},7.4,null,null,{"$f":"IF(L29<>\"\",L29,IF(M28<>0,M28,L29))","v":"1.7.2.3"},{"$f":"A29","v":"COMPOSICAO"},{"$f":"B29","v":91693},{"$f":"C29","v":"SERRA CIRCULAR DE BANCADA COM MOTOR ELÉTRICO POTÊNCIA DE 5HP, COM COIFA PARA DISCO 10\" - CHI DIURNO. AF_08/2015"},{"$f":"IF(L29<>\"\",\"\",E29)","v":0.224},{"$f":"D29","v":"CHI"},0.35,{"$f":"IF(L29<>\"\",\"\",Q29*S29)","v":7.8399999999999997E-2},{"$f":"IF(L29<>\"\",\"\",IF(INDEX('CPU - PROJ.AUX'!$H:$H,MATCH($O29,'CPU - PROJ.AUX'!$B:$B,0))=0,INDEX('CPU - PROJ.AUX'!$I:$I,MATCH($O29,'CPU - PROJ.AUX'!$B:$B,0)),INDEX('CPU - PROJ.AUX'!$H:$H,MATCH($O29,'CPU - PROJ.AUX'!$B:$B,0))))","v":33.049999999999997},{"$f":"IF(L29<>\"\",IF(I29=0,J29,I29)*S29,T29*U29)","v":2.5911199999999996},"1.7.2.3 91693"]
["01.FUES.ARMD.040/01",92801,"CORTE E DOBRA DE AÇO CA-50, DIÂMETRO DE 6,3 MM. AF_06/2022 ","KG","","Armação para Estruturas de Concreto Armado",null,null,{"$f":"INDEX('SINAPI - SINTÉTICO'!K:K,MATCH(B30,'SINAPI - SINTÉTICO'!G:G,0))","v":13.73},{"$f":"SUM(J31:J33)","v":13.729999999999999},null,"1.7.2.3",{"$f":"IF(L30<>\"\",L30,IF(M29<>0,M29,L30))","v":"1.7.2.3"},"01.FUES.ARMD.040/01",92801,"CORTE E DOBRA DE AÇO CA-50, DIÂMETRO DE 6,3 MM. AF_06/2022 ",{"$f":"IF(L30<>\"\",\"\",E30)","v":""},"KG",{"$f":"INDEX('CPU - PROJETO'!Q:Q,MATCH(W30,'CPU - PROJETO'!W:W,0))","v":0.49},{"$f":"IF(L30<>\"\",\"\",Q30*S30)","v":""},{"$f":"IF(L30<>\"\",\"\",IF(INDEX('CPU - PROJETO'!$H:$H,MATCH($O30,'CPU - PROJETO'!$B:$B,0))=0,INDEX('CPU - PROJETO'!$I:$I,MATCH($O30,'CPU - PROJETO'!$B:$B,0)),INDEX('CPU - PROJETO'!$H:$H,MATCH($O30,'CPU - PROJETO'!$B:$B,0))))","v":""},{"$f":"IF(L30<>\"\",IF(I30=0,J30,I30)*S30,T30*U30)","v":6.7277000000000005},{"$f":"CONCATENATE(M30,\" \",O30)","v":"1.7.2.3 92801"}]
["INSUMO",32,"ACO CA-50, 6,3 MM, VERGALHAO","KG",1.07,"",null,{"$f":"INDEX('SINAPI - INSUMO'!E:E,MATCH(B31,'SINAPI - INSUMO'!A:A,0))","v":12.01},null,12.85,null,null,{"$f":"IF(L31<>\"\",L31,IF(M30<>0,M30,L31))","v":"1.7.2.3"},{"$f":"A31","v":"INSUMO"},{"$f":"B31","v":32},{"$f":"C31","v":"ACO CA-50, 6,3 MM, VERGALHAO"},{"$f":"IF(L31<>\"\",\"\",E31)","v":1.07},{"$f":"D31","v":"KG"},{"$f":"S$30","v":0.49},{"$f":"IF(L31<>\"\",\"\",Q31*S31)","v":0.52429999999999999},{"$f":"IF(L31<>\"\",\"\",IF(INDEX('CPU - PROJ.AUX'!$H:$H,MATCH($O31,'CPU - PROJ.AUX'!$B:$B,0))=0,INDEX('CPU - PROJ.AUX'!$I:$I,MATCH($O31,'CPU - PROJ.AUX'!$B:$B,0)),INDEX('CPU - PROJ.AUX'!$H:$H,MATCH($O31,'CPU - PROJ.AUX'!$B:$B,0))))","v":12.01},{"$f":"IF(L31<>\"\",IF(I31=0,J31,I31)*S31,T31*U31)","v":6.296843},{"$f":"CONCATENATE(M31,\" \",O31)","v":"1.7.2.3 32"}]
["COMPOSICAO",88238,"AJUDANTE DE ARMADOR COM ENCARGOS COMPLEMENTARES","H",5.1000000000000004E-3,"",null,null,{"$f":"INDEX('SINAPI - SINTÉTICO'!K:K,MATCH(B32,'SINAPI - SINTÉTICO'!G:G,0))","v":20.43},0.1,null,null,{"$f":"IF(L32<>\"\",L32,IF(M31<>0,M31,L32))","v":"1.7.2.3"},{"$f":"A32","v":"COMPOSICAO"},{"$f":"B32","v":88238},{"$f":"C32","v":"AJUDANTE DE ARMADOR COM ENCARGOS COMPLEMENTARES"},{"$f":"IF(L32<>\"\",\"\",E32)","v":5.1000000000000004E-3},{"$f":"D32","v":"H"},{"$f":"S$30","v":0.49},{"$f":"IF(L32<>\"\",\"\",Q32*S32)","v":2.4989999999999999E-3},{"$f":"IF(L32<>\"\",\"\",IF(INDEX('CPU - PROJ.AUX'!$H:$H,MATCH($O32,'CPU - PROJ.AUX'!$B:$B,0))=0,INDEX('CPU - PROJ.AUX'!$I:$I,MATCH($O32,'CPU - PROJ.AUX'!$B:$B,0)),INDEX('CPU - PROJ.AUX'!$H:$H,MATCH($O32,'CPU - PROJ.AUX'!$B:$B,0))))","v":20.43},{"$f":"IF(L32<>\"\",IF(I32=0,J32,I32)*S32,T32*U32)","v":5.1054570000000001E-2},"1.7.2.3 88238"]
["COMPOSICAO",88245,"ARMADOR COM ENCARGOS COMPLEMENTARES","H",3.1E-2,"",null,null,{"$f":"INDEX('SINAPI - SINTÉTICO'!K:K,MATCH(B33,'SINAPI - SINTÉTICO'!G:G,0))","v":25.18},0.78,null,null,"1.7.2.3","COMPOSICAO",88245,"ARMADOR COM ENCARGOS COMPLEMENTARES",3.1E-2,"H",0.49,1.519E-2,{"$f":"IF(L33<>\"\",\"\",IF(INDEX('CPU - PROJ.AUX'!$H:$H,MATCH($O33,'CPU - PROJ.AUX'!$B:$B,0))=0,INDEX('CPU - PROJ.AUX'!$I:$I,MATCH($O33,'CPU - PROJ.AUX'!$B:$B,0)),INDEX('CPU - PROJ.AUX'!$H:$H,MATCH($O33,'CPU - PROJ.AUX'!$B:$B,0))))","v":25.18},0.3824842,"1.7.2.3 88245"]
["01.FUES.CONC.009/01",94970,"CONCRETO FCK = 20MPA, TRAÇO 1:2,7:3 (CIMENTO/ AREIA MÉDIA/ BRITA 1)  - PREPARO MECÂNICO COM BETONEIRA 600 L. AF_07/2016","M3","","Concreto dosado em obra",null,null,{"$f":"INDEX('SINAPI - SINTÉTICO'!K:K,MATCH(B34,'SINAPI - SINTÉTICO'!G:G,0))","v":460.22},{"$f":"SUM(J35:J41)","v":460.22},null,"1.7.2.3",{"$f":"IF(L34<>\"\",L34,IF(M33<>0,M33,L34))","v":"1.7.2.3"},"01.FUES.CONC.009/01",94970,"CONCRETO FCK = 20MPA, TRAÇO 1:2,7:3 (CIMENTO/ AREIA MÉDIA/ BRITA 1)  - PREPARO MECÂNICO COM BETONEIRA 600 L. AF_07/2016",{"$f":"IF(L34<>\"\",\"\",E34)","v":""},"M3",{"$f":"INDEX('CPU - PROJETO'!Q:Q,MATCH(W34,'CPU - PROJETO'!W:W,0))","v":1.7999999999999999E-2},{"$f":"IF(L34<>\"\",\"\",Q34*S34)","v":""},{"$f":"IF(L34<>\"\",\"\",IF(INDEX('CPU - PROJETO'!$H:$H,MATCH($O34,'CPU - PROJETO'!$B:$B,0))=0,INDEX('CPU - PROJETO'!$I:$I,MATCH($O34,'CPU - PROJETO'!$B:$B,0)),INDEX('CPU - PROJETO'!$H:$H,MATCH($O34,'CPU - PROJETO'!$B:$B,0))))","v":""},{"$f":"IF(L34<>\"\",IF(I34=0,J34,I34)*S34,T34*U34)","v":8.2839600000000004},{"$f":"CONCATENATE(M34,\" \",O34)","v":"1.7.2.3 94970"}]
["INSUMO",370,"AREIA MEDIA - POSTO JAZIDA/FORNECEDOR (RETIRADO NA JAZIDA, SEM TRANSPORTE)","M3",0.76090000000000002,"",null,{"$f":"INDEX('SINAPI - INSUMO'!E:E,MATCH(B35,'SINAPI - INSUMO'!A:A,0))","v":129},null,98.15,null,null,{"$f":"IF(L35<>\"\",L35,IF(M34<>0,M34,L35))","v":"1.7.2.3"},{"$f":"A35","v":"INSUMO"},{"$f":"B35","v":370},{"$f":"C35","v":"AREIA MEDIA - POSTO JAZIDA/FORNECEDOR (RETIRADO NA JAZIDA, SEM TRANSPORTE)"},{"$f":"IF(L35<>\"\",\"\",E35)","v":0.76090000000000002},{"$f":"D35","v":"M3"},{"$f":"S$34","v":1.7999999999999999E-2},{"$f":"IF(L35<>\"\",\"\",Q35*S35)","v":1.3696199999999999E-2},{"$f":"IF(L35<>\"\",\"\",IF(INDEX('CPU - PROJ.AUX'!$H:$H,MATCH($O35,'CPU - PROJ.AUX'!$B:$B,0))=0,INDEX('CPU - PROJ.AUX'!$I:$I,MATCH($O35,'CPU - PROJ.AUX'!$B:$B,0)),INDEX('CPU - PROJ.AUX'!$H:$H,MATCH($O35,'CPU - PROJ.AUX'!$B:$B,0))))","v":129},{"$f":"IF(L35<>\"\",IF(I35=0,J35,I35)*S35,T35*U35)","v":1.7668097999999999},{"$f":"CONCATENATE(M35,\" \",O35)","v":"1.7.2.3 370"}]
["INSUMO",1379,"CIMENTO PORTLAND COMPOSTO CP II-32","KG",325.15890000000002,"",null,{"$f":"INDEX('SINAPI - INSUMO'!E:E,MATCH(B36,'SINAPI - INSUMO'!A:A,0))","v":0.7},null,227.61,null,null,{"$f":"IF(L36<>\"\",L36,IF(M35<>0,M35,L36))","v":"1.7.2.3"},{"$f":"A36","v":"INSUMO"},{"$f":"B36","v":1379},{"$f":"C36","v":"CIMENTO PORTLAND COMPOSTO CP II-32"},{"$f":"IF(L36<>\"\",\"\",E36)","v":325.15890000000002},{"$f":"D36","v":"KG"},{"$f":"S$34","v":1.7999999999999999E-2},{"$f":"IF(L36<>\"\",\"\",Q36*S36)","v":5.8528602000000003},{"$f":"IF(L36<>\"\",\"\",IF(INDEX('CPU - PROJ.AUX'!$H:$H,MATCH($O36,'CPU - PROJ.AUX'!$B:$B,0))=0,INDEX('CPU - PROJ.AUX'!$I:$I,MATCH($O36,'CPU - PROJ.AUX'!$B:$B,0)),INDEX('CPU - PROJ.AUX'!$H:$H,MATCH($O36,'CPU - PROJ.AUX'!$B:$B,0))))","v":0.7},{"$f":"IF(L36<>\"\",IF(I36=0,J36,I36)*S36,T36*U36)","v":4.0970021399999998},"1.7.2.3 1379"]
["INSUMO",4721,"PEDRA BRITADA N. 1 (9,5 a 19 MM) POSTO PEDREIRA/FORNECEDOR, SEM FRETE","M3",0.59119999999999995,"",null,{"$f":"INDEX('SINAPI - INSUMO'!E:E,MATCH(B37,'SINAPI - INSUMO'!A:A,0))","v":89},null,52.61,null,null,"1.7.2.3","INSUMO",4721,"PEDRA BRITADA N. 1 (9,5 a 19 MM) POSTO PEDREIRA/FORNECEDOR, SEM FRETE",0.59119999999999995,"M3",1.7999999999999999E-2,1.0641599999999998E-2,{"$f":"IF(L37<>\"\",\"\",IF(INDEX('CPU - PROJ.AUX'!$H:$H,MATCH($O37,'CPU - PROJ.AUX'!$B:$B,0))=0,INDEX('CPU - PROJ.AUX'!$I:$I,MATCH($O37,'CPU - PROJ.AUX'!$B:$B,0)),INDEX('CPU - PROJ.AUX'!$H:$H,MATCH($O37,'CPU - PROJ.AUX'!$B:$B,0))))","v":89},0.94710239999999979,"1.7.2.3 4721"]
["COMPOSICAO",88316,"SERVENTE COM ENCARGOS COMPLEMENTARES","H",2.0266999999999999,"",null,null,{"$f":"INDEX('SINAPI - SINTÉTICO'!K:K,MATCH(B38,'SINAPI - SINTÉTICO'!G:G,0))","v":20.420000000000002},41.38,null,null,{"$f":"IF(L38<>\"\",L38,IF(M37<>0,M37,L38))","v":"1.7.2.3"},{"$f":"A38","v":"COMPOSICAO"},{"$f":"B38","v":88316},{"$f":"C38","v":"SERVENTE COM ENCARGOS COMPLEMENTARES"},{"$f":"IF(L38<>\"\",\"\",E38)","v":2.0266999999999999},{"$f":"D38","v":"H"},1.7999999999999999E-2,{"$f":"IF(L38<>\"\",\"\",Q38*S38)","v":3.6480599999999995E-2},{"$f":"IF(L38<>\"\",\"\",IF(INDEX('CPU - PROJ.AUX'!$H:$H,MATCH($O38,'CPU - PROJ.AUX'!$B:$B,0))=0,INDEX('CPU - PROJ.AUX'!$I:$I,MATCH($O38,'CPU - PROJ.AUX'!$B:$B,0)),INDEX('CPU - PROJ.AUX'!$H:$H,MATCH($O38,'CPU - PROJ.AUX'!$B:$B,0))))","v":20.420000000000002},{"$f":"IF(L38<>\"\",IF(I38=0,J38,I38)*S38,T38*U38)","v":0.74493385199999995},"1.7.2.3 88316"]
["COMPOSICAO",88377,"OPERADOR DE BETONEIRA ESTACIONÁRIA/MISTURADOR COM ENCARGOS COMPLEMENTARES","H",1.2767999999999999,"",null,null,{"$f":"INDEX('SINAPI - SINTÉTICO'!K:K,MATCH(B39,'SINAPI - SINTÉTICO'!G:G,0))","v":28.14},35.92,null,null,"1.7.2.3","COMPOSICAO",88377,"OPERADOR DE BETONEIRA ESTACIONÁRIA/MISTURADOR COM ENCARGOS COMPLEMENTARES",1.2767999999999999,"H",1.7999999999999999E-2,2.2982399999999997E-2,{"$f":"IF(L39<>\"\",\"\",IF(INDEX('CPU - PROJ.AUX'!$H:$H,MATCH($O39,'CPU - PROJ.AUX'!$B:$B,0))=0,INDEX('CPU - PROJ.AUX'!$I:$I,MATCH($O39,'CPU - PROJ.AUX'!$B:$B,0)),INDEX('CPU - PROJ.AUX'!$H:$H,MATCH($O39,'CPU - PROJ.AUX'!$B:$B,0))))","v":28.14},0.64672473599999991,"1.7.2.3 88377"]
["COMPOSICAO",89225,"BETONEIRA CAPACIDADE NOMINAL DE 600 L, CAPACIDADE DE MISTURA 360 L, MOTOR ELÉTRICO TRIFÁSICO POTÊNCIA DE 4 CV, SEM CARREGADOR - CHP DIURNO. AF_11/2014","CHP",0.65720000000000001,"",null,null,{"$f":"INDEX('SINAPI - SINTÉTICO'!K:K,MATCH(B40,'SINAPI - SINTÉTICO'!G:G,0))","v":5.41},3.55,null,null,"1.7.2.3","COMPOSICAO",89225,"BETONEIRA CAPACIDADE NOMINAL DE 600 L, CAPACIDADE DE MISTURA 360 L, MOTOR ELÉTRICO TRIFÁSICO POTÊNCIA DE 4 CV, SEM CARREGADOR - CHP DIURNO. AF_11/2014",0.65720000000000001,"CHP",1.7999999999999999E-2,1.1829599999999999E-2,{"$f":"IF(L40<>\"\",\"\",IF(INDEX('CPU - PROJ.AUX'!$H:$H,MATCH($O40,'CPU - PROJ.AUX'!$B:$B,0))=0,INDEX('CPU - PROJ.AUX'!$I:$I,MATCH($O40,'CPU - PROJ.AUX'!$B:$B,0)),INDEX('CPU - PROJ.AUX'!$H:$H,MATCH($O40,'CPU - PROJ.AUX'!$B:$B,0))))","v":5.41},6.3998135999999997E-2,"1.7.2.3 89225"]
["COMPOSICAO",89226,"BETONEIRA CAPACIDADE NOMINAL DE 600 L, CAPACIDADE DE MISTURA 360 L, MOTOR ELÉTRICO TRIFÁSICO POTÊNCIA DE 4 CV, SEM CARREGADOR - CHI DIURNO. AF_11/2014","CHI",0.61970000000000003,"",null,null,{"$f":"INDEX('SINAPI - SINTÉTICO'!K:K,MATCH(B41,'SINAPI - SINTÉTICO'!G:G,0))","v":1.62},1,null,null,"1.7.2.3","COMPOSICAO",89226,"BETONEIRA CAPACIDADE NOMINAL DE 600 L, CAPACIDADE DE MISTURA 360 L, MOTOR ELÉTRICO TRIFÁSICO POTÊNCIA DE 4 CV, SEM CARREGADOR - CHI DIURNO. AF_11/2014",0.61970000000000003,"CHI",1.7999999999999999E-2,1.1154599999999999E-2,{"$f":"IF(L41<>\"\",\"\",IF(INDEX('CPU - PROJ.AUX'!$H:$H,MATCH($O41,'CPU - PROJ.AUX'!$B:$B,0))=0,INDEX('CPU - PROJ.AUX'!$I:$I,MATCH($O41,'CPU - PROJ.AUX'!$B:$B,0)),INDEX('CPU - PROJ.AUX'!$H:$H,MATCH($O41,'CPU - PROJ.AUX'!$B:$B,0))))","v":1.62},1.8070452000000001E-2,"1.7.2.3 89226"]
["01.FUES.ARMD.041/01",92802,"CORTE E DOBRA DE AÇO CA-50, DIÂMETRO DE 8,0 MM. AF_06/2022","KG",null,"Armação para Estruturas de Concreto Armado",null,null,{"$f":"INDEX('SINAPI - SINTÉTICO'!K:K,MATCH(B42,'SINAPI - SINTÉTICO'!G:G,0))","v":13.85},{"$f":"SUM(J43:J45)","v":13.850000000000001},null,"1.7.2.4",{"$f":"IF(L42<>\"\",L42,IF(M41<>0,M41,L42))","v":"1.7.2.4"},"01.FUES.ARMD.041/01",92802,"CORTE E DOBRA DE AÇO CA-50, DIÂMETRO DE 8,0 MM. AF_06/2022",{"$f":"IF(L42<>\"\",\"\",E42)","v":""},"KG",{"$f":"INDEX('CPU - PROJETO'!Q:Q,MATCH(W42,'CPU - PROJETO'!W:W,0))","v":0.79},{"$f":"IF(L42<>\"\",\"\",Q42*S42)","v":""},{"$f":"IF(L42<>\"\",\"\",IF(INDEX('CPU - PROJETO'!$H:$H,MATCH($O42,'CPU - PROJETO'!$B:$B,0))=0,INDEX('CPU - PROJETO'!$I:$I,MATCH($O42,'CPU - PROJETO'!$B:$B,0)),INDEX('CPU - PROJETO'!$H:$H,MATCH($O42,'CPU - PROJETO'!$B:$B,0))))","v":""},{"$f":"IF(L42<>\"\",IF(I42=0,J42,I42)*S42,T42*U42)","v":10.9415},{"$f":"CONCATENATE(M42,\" \",O42)","v":"1.7.2.4 92802"}]
["INSUMO",33,"ACO CA-50, 8,0 MM, VERGALHAO","KG",1.1100000000000001,"",null,{"$f":"INDEX('SINAPI - INSUMO'!E:E,MATCH(B43,'SINAPI - INSUMO'!A:A,0))","v":12.08},null,13.4,null,null,{"$f":"IF(L43<>\"\",L43,IF(M42<>0,M42,L43))","v":"1.7.2.4"},{"$f":"A43","v":"INSUMO"},{"$f":"B43","v":33},{"$f":"C43","v":"ACO CA-50, 8,0 MM, VERGALHAO"},{"$f":"IF(L43<>\"\",\"\",E43)","v":1.1100000000000001},{"$f":"D43","v":"KG"},{"$f":"S$42","v":0.79},{"$f":"IF(L43<>\"\",\"\",Q43*S43)","v":0.87690000000000012},{"$f":"IF(L43<>\"\",\"\",IF(INDEX('CPU - PROJ.AUX'!$H:$H,MATCH($O43,'CPU - PROJ.AUX'!$B:$B,0))=0,INDEX('CPU - PROJ.AUX'!$I:$I,MATCH($O43,'CPU - PROJ.AUX'!$B:$B,0)),INDEX('CPU - PROJ.AUX'!$H:$H,MATCH($O43,'CPU - PROJ.AUX'!$B:$B,0))))","v":12.08},{"$f":"IF(L43<>\"\",IF(I43=0,J43,I43)*S43,T43*U43)","v":10.592952000000002},{"$f":"CONCATENATE(M43,\" \",O43)","v":"1.7.2.4 33"}]
["COMPOSICAO",88238,"AJUDANTE DE ARMADOR COM ENCARGOS COMPLEMENTARES","H",2.5999999999999999E-3,"",null,null,{"$f":"INDEX('SINAPI - SINTÉTICO'!K:K,MATCH(B44,'SINAPI - SINTÉTICO'!G:G,0))","v":20.43},0.05,null,null,{"$f":"IF(L44<>\"\",L44,IF(M43<>0,M43,L44))","v":"1.7.2.4"},{"$f":"A44","v":"COMPOSICAO"},{"$f":"B44","v":88238},{"$f":"C44","v":"AJUDANTE DE ARMADOR COM ENCARGOS COMPLEMENTARES"},{"$f":"IF(L44<>\"\",\"\",E44)","v":2.5999999999999999E-3},{"$f":"D44","v":"H"},{"$f":"S$42","v":0.79},{"$f":"IF(L44<>\"\",\"\",Q44*S44)","v":2.0539999999999998E-3},{"$f":"IF(L44<>\"\",\"\",IF(INDEX('CPU - PROJ.AUX'!$H:$H,MATCH($O44,'CPU - PROJ.AUX'!$B:$B,0))=0,INDEX('CPU - PROJ.AUX'!$I:$I,MATCH($O44,'CPU - PROJ.AUX'!$B:$B,0)),INDEX('CPU - PROJ.AUX'!$H:$H,MATCH($O44,'CPU - PROJ.AUX'!$B:$B,0))))","v":20.43},{"$f":"IF(L44<>\"\",IF(I44=0,J44,I44)*S44,T44*U44)","v":4.1963219999999996E-2},"1.7.2.4 88238"]
["COMPOSICAO",88245,"ARMADOR COM ENCARGOS COMPLEMENTARES","H",1.6199999999999999E-2,"",null,null,{"$f":"INDEX('SINAPI - SINTÉTICO'!K:K,MATCH(B45,'SINAPI - SINTÉTICO'!G:G,0))","v":25.18},0.4,null,null,"1.7.2.4","COMPOSICAO",88245,"ARMADOR COM ENCARGOS COMPLEMENTARES",1.6199999999999999E-2,"H",0.79,1.2798E-2,{"$f":"IF(L45<>\"\",\"\",IF(INDEX('CPU - PROJ.AUX'!$H:$H,MATCH($O45,'CPU - PROJ.AUX'!$B:$B,0))=0,INDEX('CPU - PROJ.AUX'!$I:$I,MATCH($O45,'CPU - PROJ.AUX'!$B:$B,0)),INDEX('CPU - PROJ.AUX'!$H:$H,MATCH($O45,'CPU - PROJ.AUX'!$B:$B,0))))","v":25.18},0.32225364000000001,"1.7.2.4 88245"]
["01.SEDI.ARGA.016/01",87294,"ARGAMASSA TRAÇO 1:2:9 (CIMENTO, CAL E AREIA MÉDIA) PARA EMBOÇO/MASSA ÚNICA/ASSENTAMENTO DE ALVENARIA DE VEDAÇÃO, PREPARO MECÂNICO COM BETONEIRA 600 L. AF_06/2014","M3","","Argamassas e grautes",null,null,{"$f":"INDEX('SINAPI - SINTÉTICO'!K:K,MATCH(B46,'SINAPI - SINTÉTICO'!G:G,0))","v":624.57000000000005},{"$f":"SUM(J47:J53)","v":624.57000000000005},null,"1.7.2.8",{"$f":"IF(L46<>\"\",L46,IF(M45<>0,M45,L46))","v":"1.7.2.8"},"01.SEDI.ARGA.016/01",87294,"ARGAMASSA TRAÇO 1:2:9 (CIMENTO, CAL E AREIA MÉDIA) PARA EMBOÇO/MASSA ÚNICA/ASSENTAMENTO DE ALVENARIA DE VEDAÇÃO, PREPARO MECÂNICO COM BETONEIRA 600 L. AF_06/2014",{"$f":"IF(L46<>\"\",\"\",E46)","v":""},"M3",{"$f":"INDEX('CPU - PROJETO'!Q:Q,MATCH(W46,'CPU - PROJETO'!W:W,0))","v":3.5000000000000001E-3},{"$f":"IF(L46<>\"\",\"\",Q46*S46)","v":""},{"$f":"IF(L46<>\"\",\"\",IF(INDEX('CPU - PROJETO'!$H:$H,MATCH($O46,'CPU - PROJETO'!$B:$B,0))=0,INDEX('CPU - PROJETO'!$I:$I,MATCH($O46,'CPU - PROJETO'!$B:$B,0)),INDEX('CPU - PROJETO'!$H:$H,MATCH($O46,'CPU - PROJETO'!$B:$B,0))))","v":""},{"$f":"IF(L46<>\"\",IF(I46=0,J46,I46)*S46,T46*U46)","v":2.1859950000000001},{"$f":"CONCATENATE(M46,\" \",O46)","v":"1.7.2.8 87294"}]
["INSUMO",370,"AREIA MEDIA - POSTO JAZIDA/FORNECEDOR (RETIRADO NA JAZIDA, SEM TRANSPORTE)","M3",1.18,"",null,{"$f":"INDEX('SINAPI - INSUMO'!E:E,MATCH(B47,'SINAPI - INSUMO'!A:A,0))","v":129},null,152.22,null,null,{"$f":"IF(L47<>\"\",L47,IF(M46<>0,M46,L47))","v":"1.7.2.8"},{"$f":"A47","v":"INSUMO"},{"$f":"B47","v":370},{"$f":"C47","v":"AREIA MEDIA - POSTO JAZIDA/FORNECEDOR (RETIRADO NA JAZIDA, SEM TRANSPORTE)"},{"$f":"IF(L47<>\"\",\"\",E47)","v":1.18},{"$f":"D47","v":"M3"},{"$f":"S$46","v":3.5000000000000001E-3},{"$f":"IF(L47<>\"\",\"\",Q47*S47)","v":4.13E-3},{"$f":"IF(L47<>\"\",\"\",IF(INDEX('CPU - PROJ.AUX'!$H:$H,MATCH($O47,'CPU - PROJ.AUX'!$B:$B,0))=0,INDEX('CPU - PROJ.AUX'!$I:$I,MATCH($O47,'CPU - PROJ.AUX'!$B:$B,0)),INDEX('CPU - PROJ.AUX'!$H:$H,MATCH($O47,'CPU - PROJ.AUX'!$B:$B,0))))","v":129},{"$f":"IF(L47<>\"\",IF(I47=0,J47,I47)*S47,T47*U47)","v":0.53276999999999997},{"$f":"CONCATENATE(M47,\" \",O47)","v":"1.7.2.8 370"}]
["INSUMO",1106,"CAL HIDRATADA CH-I PARA ARGAMASSAS","KG",157.44,"",null,{"$f":"INDEX('SINAPI - INSUMO'!E:E,MATCH(B48,'SINAPI - INSUMO'!A:A,0))","v":1.4},null,220.41,null,null,{"$f":"IF(L48<>\"\",L48,IF(M47<>0,M47,L48))","v":"1.7.2.8"},{"$f":"A48","v":"INSUMO"},{"$f":"B48","v":1106},{"$f":"C48","v":"CAL HIDRATADA CH-I PARA ARGAMASSAS"},{"$f":"IF(L48<>\"\",\"\",E48)","v":157.44},{"$f":"D48","v":"KG"},{"$f":"S$46","v":3.5000000000000001E-3},{"$f":"IF(L48<>\"\",\"\",Q48*S48)","v":0.55103999999999997},{"$f":"IF(L48<>\"\",\"\",IF(INDEX('CPU - PROJ.AUX'!$H:$H,MATCH($O48,'CPU - PROJ.AUX'!$B:$B,0))=0,INDEX('CPU - PROJ.AUX'!$I:$I,MATCH($O48,'CPU - PROJ.AUX'!$B:$B,0)),INDEX('CPU - PROJ.AUX'!$H:$H,MATCH($O48,'CPU - PROJ.AUX'!$B:$B,0))))","v":1.4},{"$f":"IF(L48<>\"\",IF(I48=0,J48,I48)*S48,T48*U48)","v":0.77145599999999992},"1.7.2.8 1106"]
["INSUMO",1379,"CIMENTO PORTLAND COMPOSTO CP II-32","KG",177.12,"",null,{"$f":"INDEX('SINAPI - INSUMO'!E:E,MATCH(B49,'SINAPI - INSUMO'!A:A,0))","v":0.7},null,123.98,null,null,"1.7.2.8","INSUMO",1379,"CIMENTO PORTLAND COMPOSTO CP II-32",177.12,"KG",3.5000000000000001E-3,0.61992000000000003,{"$f":"IF(L49<>\"\",\"\",IF(INDEX('CPU - PROJ.AUX'!$H:$H,MATCH($O49,'CPU - PROJ.AUX'!$B:$B,0))=0,INDEX('CPU - PROJ.AUX'!$I:$I,MATCH($O49,'CPU - PROJ.AUX'!$B:$B,0)),INDEX('CPU - PROJ.AUX'!$H:$H,MATCH($O49,'CPU - PROJ.AUX'!$B:$B,0))))","v":0.7},0.433944,"1.7.2.8 1379"]
["COMPOSICAO",88316,"SERVENTE COM ENCARGOS COMPLEMENTARES","H",0.79,"",null,null,{"$f":"INDEX('SINAPI - SINTÉTICO'!K:K,MATCH(B50,'SINAPI - SINTÉTICO'!G:G,0))","v":20.420000000000002},16.13,null,null,"1.7.2.8","COMPOSICAO",88316,"SERVENTE COM ENCARGOS COMPLEMENTARES",0.79,"H",3.5000000000000001E-3,2.7650000000000001E-3,{"$f":"IF(L50<>\"\",\"\",IF(INDEX('CPU - PROJ.AUX'!$H:$H,MATCH($O50,'CPU - PROJ.AUX'!$B:$B,0))=0,INDEX('CPU - PROJ.AUX'!$I:$I,MATCH($O50,'CPU - PROJ.AUX'!$B:$B,0)),INDEX('CPU - PROJ.AUX'!$H:$H,MATCH($O50,'CPU - PROJ.AUX'!$B:$B,0))))","v":20.420000000000002},5.6461300000000006E-2,"1.7.2.8 88316"]
["COMPOSICAO",88377,"OPERADOR DE BETONEIRA ESTACIONÁRIA/MISTURADOR COM ENCARGOS COMPLEMENTARES","H",3.65,"",null,null,{"$f":"INDEX('SINAPI - SINTÉTICO'!K:K,MATCH(B51,'SINAPI - SINTÉTICO'!G:G,0))","v":28.14},102.71,null,null,"1.7.2.8","COMPOSICAO",88377,"OPERADOR DE BETONEIRA ESTACIONÁRIA/MISTURADOR COM ENCARGOS COMPLEMENTARES",3.65,"H",3.5000000000000001E-3,1.2775E-2,{"$f":"IF(L51<>\"\",\"\",IF(INDEX('CPU - PROJ.AUX'!$H:$H,MATCH($O51,'CPU - PROJ.AUX'!$B:$B,0))=0,INDEX('CPU - PROJ.AUX'!$I:$I,MATCH($O51,'CPU - PROJ.AUX'!$B:$B,0)),INDEX('CPU - PROJ.AUX'!$H:$H,MATCH($O51,'CPU - PROJ.AUX'!$B:$B,0))))","v":28.14},0.35948849999999999,"1.7.2.8 88377"]
["COMPOSICAO",89225,"BETONEIRA CAPACIDADE NOMINAL DE 600 L, CAPACIDADE DE MISTURA 360 L, MOTOR ELÉTRICO TRIFÁSICO POTÊNCIA DE 4 CV, SEM CARREGADOR - CHP DIURNO. AF_11/2014","CHP",0.85,"",null,null,{"$f":"INDEX('SINAPI - SINTÉTICO'!K:K,MATCH(B52,'SINAPI - SINTÉTICO'!G:G,0))","v":5.41},4.59,null,null,"1.7.2.8","COMPOSICAO",89225,"BETONEIRA CAPACIDADE NOMINAL DE 600 L, CAPACIDADE DE MISTURA 360 L, MOTOR ELÉTRICO TRIFÁSICO POTÊNCIA DE 4 CV, SEM CARREGADOR - CHP DIURNO. AF_11/2014",0.85,"CHP",3.5000000000000001E-3,2.9749999999999998E-3,{"$f":"IF(L52<>\"\",\"\",IF(INDEX('CPU - PROJ.AUX'!$H:$H,MATCH($O52,'CPU - PROJ.AUX'!$B:$B,0))=0,INDEX('CPU - PROJ.AUX'!$I:$I,MATCH($O52,'CPU - PROJ.AUX'!$B:$B,0)),INDEX('CPU - PROJ.AUX'!$H:$H,MATCH($O52,'CPU - PROJ.AUX'!$B:$B,0))))","v":5.41},1.6094749999999998E-2,"1.7.2.8 89225"]
["COMPOSICAO",89226,"BETONEIRA CAPACIDADE NOMINAL DE 600 L, CAPACIDADE DE MISTURA 360 L, MOTOR ELÉTRICO TRIFÁSICO POTÊNCIA DE 4 CV, SEM CARREGADOR - CHI DIURNO. AF_11/2014","CHI",2.8,"",null,null,{"$f":"INDEX('SINAPI - SINTÉTICO'!K:K,MATCH(B53,'SINAPI - SINTÉTICO'!G:G,0))","v":1.62},4.53,null,null,"1.7.2.8","COMPOSICAO",89226,"BETONEIRA CAPACIDADE NOMINAL DE 600 L, CAPACIDADE DE MISTURA 360 L, MOTOR ELÉTRICO TRIFÁSICO POTÊNCIA DE 4 CV, SEM CARREGADOR - CHI DIURNO. AF_11/2014",2.8,"CHI",3.5000000000000001E-3,9.7999999999999997E-3,{"$f":"IF(L53<>\"\",\"\",IF(INDEX('CPU - PROJ.AUX'!$H:$H,MATCH($O53,'CPU - PROJ.AUX'!$B:$B,0))=0,INDEX('CPU - PROJ.AUX'!$I:$I,MATCH($O53,'CPU - PROJ.AUX'!$B:$B,0)),INDEX('CPU - PROJ.AUX'!$H:$H,MATCH($O53,'CPU - PROJ.AUX'!$B:$B,0))))","v":1.62},1.5876000000000001E-2,"1.7.2.8 89226"]
["01.SEDI.ARGA.035/01",87313,"ARGAMASSA TRAÇO 1:3 (CIMENTO E AREIA GROSSA) PARA CHAPISCO CONVENCIONAL, PREPARO MECÂNICO COM BETONEIRA 400 L. AF_06/2014","M3","","Argamassas e grautes",null,null,{"$f":"INDEX('SINAPI - SINTÉTICO'!K:K,MATCH(B54,'SINAPI - SINTÉTICO'!G:G,0))","v":547.41999999999996},{"$f":"SUM(J55:J59)","v":547.41999999999996},null,"1.7.3.1",{"$f":"IF(L54<>\"\",L54,IF(M53<>0,M53,L54))","v":"1.7.3.1"},"01.SEDI.ARGA.035/01",87313,"ARGAMASSA TRAÇO 1:3 (CIMENTO E AREIA GROSSA) PARA CHAPISCO CONVENCIONAL, PREPARO MECÂNICO COM BETONEIRA 400 L. AF_06/2014",{"$f":"IF(L54<>\"\",\"\",E54)","v":""},"M3",{"$f":"INDEX('CPU - PROJETO'!Q:Q,MATCH(W54,'CPU - PROJETO'!W:W,0))","v":3.7000000000000002E-3},{"$f":"IF(L54<>\"\",\"\",Q54*S54)","v":""},{"$f":"IF(L54<>\"\",\"\",IF(INDEX('CPU - PROJETO'!$H:$H,MATCH($O54,'CPU - PROJETO'!$B:$B,0))=0,INDEX('CPU - PROJETO'!$I:$I,MATCH($O54,'CPU - PROJETO'!$B:$B,0)),INDEX('CPU - PROJETO'!$H:$H,MATCH($O54,'CPU - PROJETO'!$B:$B,0))))","v":""},{"$f":"IF(L54<>\"\",IF(I54=0,J54,I54)*S54,T54*U54)","v":2.0254539999999999},{"$f":"CONCATENATE(M54,\" \",O54)","v":"1.7.3.1 87313"}]
["INSUMO",367,"AREIA GROSSA - POSTO JAZIDA/FORNECEDOR (RETIRADO NA JAZIDA, SEM TRANSPORTE)","M3",0.95,"",null,{"$f":"INDEX('SINAPI - INSUMO'!E:E,MATCH(B55,'SINAPI - INSUMO'!A:A,0))","v":130.68},null,124.14,null,null,{"$f":"IF(L55<>\"\",L55,IF(M54<>0,M54,L55))","v":"1.7.3.1"},{"$f":"A55","v":"INSUMO"},{"$f":"B55","v":367},{"$f":"C55","v":"AREIA GROSSA - POSTO JAZIDA/FORNECEDOR (RETIRADO NA JAZIDA, SEM TRANSPORTE)"},{"$f":"IF(L55<>\"\",\"\",E55)","v":0.95},{"$f":"D55","v":"M3"},{"$f":"S$54","v":3.7000000000000002E-3},{"$f":"IF(L55<>\"\",\"\",Q55*S55)","v":3.5149999999999999E-3},{"$f":"IF(L55<>\"\",\"\",IF(INDEX('CPU - PROJ.AUX'!$H:$H,MATCH($O55,'CPU - PROJ.AUX'!$B:$B,0))=0,INDEX('CPU - PROJ.AUX'!$I:$I,MATCH($O55,'CPU - PROJ.AUX'!$B:$B,0)),INDEX('CPU - PROJ.AUX'!$H:$H,MATCH($O55,'CPU - PROJ.AUX'!$B:$B,0))))","v":130.68},{"$f":"IF(L55<>\"\",IF(I55=0,J55,I55)*S55,T55*U55)","v":0.45934020000000003},{"$f":"CONCATENATE(M55,\" \",O55)","v":"1.7.3.1 367"}]
["INSUMO",1379,"CIMENTO PORTLAND COMPOSTO CP II-32","KG",426.49,"",null,{"$f":"INDEX('SINAPI - INSUMO'!E:E,MATCH(B56,'SINAPI - INSUMO'!A:A,0))","v":0.7},null,298.54000000000002,null,null,{"$f":"IF(L56<>\"\",L56,IF(M55<>0,M55,L56))","v":"1.7.3.1"},{"$f":"A56","v":"INSUMO"},{"$f":"B56","v":1379},{"$f":"C56","v":"CIMENTO PORTLAND COMPOSTO CP II-32"},{"$f":"IF(L56<>\"\",\"\",E56)","v":426.49},{"$f":"D56","v":"KG"},{"$f":"S$54","v":3.7000000000000002E-3},{"$f":"IF(L56<>\"\",\"\",Q56*S56)","v":1.5780130000000001},{"$f":"IF(L56<>\"\",\"\",IF(INDEX('CPU - PROJ.AUX'!$H:$H,MATCH($O56,'CPU - PROJ.AUX'!$B:$B,0))=0,INDEX('CPU - PROJ.AUX'!$I:$I,MATCH($O56,'CPU - PROJ.AUX'!$B:$B,0)),INDEX('CPU - PROJ.AUX'!$H:$H,MATCH($O56,'CPU - PROJ.AUX'!$B:$B,0))))","v":0.7},{"$f":"IF(L56<>\"\",IF(I56=0,J56,I56)*S56,T56*U56)","v":1.1046091},"1.7.3.1 1379"]
["COMPOSICAO",88377,"OPERADOR DE BETONEIRA ESTACIONÁRIA/MISTURADOR COM ENCARGOS COMPLEMENTARES","H",4.32,"",null,null,{"$f":"INDEX('SINAPI - SINTÉTICO'!K:K,MATCH(B57,'SINAPI - SINTÉTICO'!G:G,0))","v":28.14},121.56,null,null,"1.7.3.1","COMPOSICAO",88377,"OPERADOR DE BETONEIRA ESTACIONÁRIA/MISTURADOR COM ENCARGOS COMPLEMENTARES",4.32,"H",3.7000000000000002E-3,1.5984000000000002E-2,{"$f":"IF(L57<>\"\",\"\",IF(INDEX('CPU - PROJ.AUX'!$H:$H,MATCH($O57,'CPU - PROJ.AUX'!$B:$B,0))=0,INDEX('CPU - PROJ.AUX'!$I:$I,MATCH($O57,'CPU - PROJ.AUX'!$B:$B,0)),INDEX('CPU - PROJ.AUX'!$H:$H,MATCH($O57,'CPU - PROJ.AUX'!$B:$B,0))))","v":28.14},0.44978976000000004,"1.7.3.1 88377"]
["COMPOSICAO",88830,"BETONEIRA CAPACIDADE NOMINAL DE 400 L, CAPACIDADE DE MISTURA 280 L, MOTOR ELÉTRICO TRIFÁSICO POTÊNCIA DE 2 CV, SEM CARREGADOR - CHP DIURNO. AF_10/2014","CHP",1.01,"",null,null,{"$f":"INDEX('SINAPI - SINTÉTICO'!K:K,MATCH(B58,'SINAPI - SINTÉTICO'!G:G,0))","v":1.88},1.89,null,null,"1.7.3.1","COMPOSICAO",88830,"BETONEIRA CAPACIDADE NOMINAL DE 400 L, CAPACIDADE DE MISTURA 280 L, MOTOR ELÉTRICO TRIFÁSICO POTÊNCIA DE 2 CV, SEM CARREGADOR - CHP DIURNO. AF_10/2014",1.01,"CHP",3.7000000000000002E-3,3.7370000000000003E-3,{"$f":"IF(L58<>\"\",\"\",IF(INDEX('CPU - PROJ.AUX'!$H:$H,MATCH($O58,'CPU - PROJ.AUX'!$B:$B,0))=0,INDEX('CPU - PROJ.AUX'!$I:$I,MATCH($O58,'CPU - PROJ.AUX'!$B:$B,0)),INDEX('CPU - PROJ.AUX'!$H:$H,MATCH($O58,'CPU - PROJ.AUX'!$B:$B,0))))","v":1.88},7.0255600000000001E-3,"1.7.3.1 88830"]
["COMPOSICAO",88831,"BETONEIRA CAPACIDADE NOMINAL DE 400 L, CAPACIDADE DE MISTURA 280 L, MOTOR ELÉTRICO TRIFÁSICO POTÊNCIA DE 2 CV, SEM CARREGADOR - CHI DIURNO. AF_10/2014","CHI",3.31,"",null,null,{"$f":"INDEX('SINAPI - SINTÉTICO'!K:K,MATCH(B59,'SINAPI - SINTÉTICO'!G:G,0))","v":0.39},1.29,null,null,"1.7.3.1","COMPOSICAO",88831,"BETONEIRA CAPACIDADE NOMINAL DE 400 L, CAPACIDADE DE MISTURA 280 L, MOTOR ELÉTRICO TRIFÁSICO POTÊNCIA DE 2 CV, SEM CARREGADOR - CHI DIURNO. AF_10/2014",3.31,"CHI",3.7000000000000002E-3,1.2247000000000001E-2,{"$f":"IF(L59<>\"\",\"\",IF(INDEX('CPU - PROJ.AUX'!$H:$H,MATCH($O59,'CPU - PROJ.AUX'!$B:$B,0))=0,INDEX('CPU - PROJ.AUX'!$I:$I,MATCH($O59,'CPU - PROJ.AUX'!$B:$B,0)),INDEX('CPU - PROJ.AUX'!$H:$H,MATCH($O59,'CPU - PROJ.AUX'!$B:$B,0))))","v":0.39},4.7763300000000005E-3,"1.7.3.1 88831"]
["01.SEDI.ARGA.023/01",87301,"ARGAMASSA TRAÇO 1:4 (CIMENTO E AREIA MÉDIA) PARA CONTRAPISO, PREPARO MECÂNICO COM BETONEIRA 400 L. AF_06/2014","M3","","Argamassas e grautes",null,null,{"$f":"INDEX('SINAPI - SINTÉTICO'!K:K,MATCH(B60,'SINAPI - SINTÉTICO'!G:G,0))","v":637.37},{"$f":"SUM(J61:J65)","v":637.37},null,"1.7.1.1",{"$f":"IF(L60<>\"\",L60,IF(M59<>0,M59,L60))","v":"1.7.1.1"},"01.SEDI.ARGA.023/01",87301,"ARGAMASSA TRAÇO 1:4 (CIMENTO E AREIA MÉDIA) PARA CONTRAPISO, PREPARO MECÂNICO COM BETONEIRA 400 L. AF_06/2014",{"$f":"IF(L60<>\"\",\"\",E60)","v":""},"M3",{"$f":"INDEX('CPU - PROJETO'!Q:Q,MATCH(W60,'CPU - PROJETO'!W:W,0))","v":3.1E-2},{"$f":"IF(L60<>\"\",\"\",Q60*S60)","v":""},{"$f":"IF(L60<>\"\",\"\",IF(INDEX('CPU - PROJETO'!$H:$H,MATCH($O60,'CPU - PROJETO'!$B:$B,0))=0,INDEX('CPU - PROJETO'!$I:$I,MATCH($O60,'CPU - PROJETO'!$B:$B,0)),INDEX('CPU - PROJETO'!$H:$H,MATCH($O60,'CPU - PROJETO'!$B:$B,0))))","v":""},{"$f":"IF(L60<>\"\",IF(I60=0,J60,I60)*S60,T60*U60)","v":19.758469999999999},{"$f":"CONCATENATE(M60,\" \",O60)","v":"1.7.1.1 87301"}]
["INSUMO",370,"AREIA MEDIA - POSTO JAZIDA/FORNECEDOR (RETIRADO NA JAZIDA, SEM TRANSPORTE)","M3",1.36,"",null,{"$f":"INDEX('SINAPI - INSUMO'!E:E,MATCH(B61,'SINAPI - INSUMO'!A:A,0))","v":129},null,175.44,null,null,{"$f":"IF(L61<>\"\",L61,IF(M60<>0,M60,L61))","v":"1.7.1.1"},{"$f":"A61","v":"INSUMO"},{"$f":"B61","v":370},{"$f":"C61","v":"AREIA MEDIA - POSTO JAZIDA/FORNECEDOR (RETIRADO NA JAZIDA, SEM TRANSPORTE)"},{"$f":"IF(L61<>\"\",\"\",E61)","v":1.36},{"$f":"D61","v":"M3"},{"$f":"S$60","v":3.1E-2},{"$f":"IF(L61<>\"\",\"\",Q61*S61)","v":4.2160000000000003E-2},{"$f":"IF(L61<>\"\",\"\",IF(INDEX('CPU - PROJ.AUX'!$H:$H,MATCH($O61,'CPU - PROJ.AUX'!$B:$B,0))=0,INDEX('CPU - PROJ.AUX'!$I:$I,MATCH($O61,'CPU - PROJ.AUX'!$B:$B,0)),INDEX('CPU - PROJ.AUX'!$H:$H,MATCH($O61,'CPU - PROJ.AUX'!$B:$B,0))))","v":129},{"$f":"IF(L61<>\"\",IF(I61=0,J61,I61)*S61,T61*U61)","v":5.4386400000000004},{"$f":"CONCATENATE(M61,\" \",O61)","v":"1.7.1.1 370"}]
["INSUMO",1379,"CIMENTO PORTLAND COMPOSTO CP II-32","KG",459.85,"",null,{"$f":"INDEX('SINAPI - INSUMO'!E:E,MATCH(B62,'SINAPI - INSUMO'!A:A,0))","v":0.7},null,321.89,null,null,{"$f":"IF(L62<>\"\",L62,IF(M61<>0,M61,L62))","v":"1.7.1.1"},{"$f":"A62","v":"INSUMO"},{"$f":"B62","v":1379},{"$f":"C62","v":"CIMENTO PORTLAND COMPOSTO CP II-32"},{"$f":"IF(L62<>\"\",\"\",E62)","v":459.85},{"$f":"D62","v":"KG"},{"$f":"S$60","v":3.1E-2},{"$f":"IF(L62<>\"\",\"\",Q62*S62)","v":14.25535},{"$f":"IF(L62<>\"\",\"\",IF(INDEX('CPU - PROJ.AUX'!$H:$H,MATCH($O62,'CPU - PROJ.AUX'!$B:$B,0))=0,INDEX('CPU - PROJ.AUX'!$I:$I,MATCH($O62,'CPU - PROJ.AUX'!$B:$B,0)),INDEX('CPU - PROJ.AUX'!$H:$H,MATCH($O62,'CPU - PROJ.AUX'!$B:$B,0))))","v":0.7},{"$f":"IF(L62<>\"\",IF(I62=0,J62,I62)*S62,T62*U62)","v":9.978745},"1.7.1.1 1379"]
["COMPOSICAO",88377,"OPERADOR DE BETONEIRA ESTACIONÁRIA/MISTURADOR COM ENCARGOS COMPLEMENTARES","H",4.8499999999999996,"",null,null,{"$f":"INDEX('SINAPI - SINTÉTICO'!K:K,MATCH(B63,'SINAPI - SINTÉTICO'!G:G,0))","v":28.14},136.47,null,null,"1.7.1.1","COMPOSICAO",88377,"OPERADOR DE BETONEIRA ESTACIONÁRIA/MISTURADOR COM ENCARGOS COMPLEMENTARES",4.8499999999999996,"H",3.1E-2,0.15034999999999998,{"$f":"IF(L63<>\"\",\"\",IF(INDEX('CPU - PROJ.AUX'!$H:$H,MATCH($O63,'CPU - PROJ.AUX'!$B:$B,0))=0,INDEX('CPU - PROJ.AUX'!$I:$I,MATCH($O63,'CPU - PROJ.AUX'!$B:$B,0)),INDEX('CPU - PROJ.AUX'!$H:$H,MATCH($O63,'CPU - PROJ.AUX'!$B:$B,0))))","v":28.14},4.2308489999999992,"1.7.1.1 88377"]
["COMPOSICAO",88830,"BETONEIRA CAPACIDADE NOMINAL DE 400 L, CAPACIDADE DE MISTURA 280 L, MOTOR ELÉTRICO TRIFÁSICO POTÊNCIA DE 2 CV, SEM CARREGADOR - CHP DIURNO. AF_10/2014","CHP",1.1299999999999999,"",null,null,{"$f":"INDEX('SINAPI - SINTÉTICO'!K:K,MATCH(B64,'SINAPI - SINTÉTICO'!G:G,0))","v":1.88},2.12,null,null,"1.7.1.1","COMPOSICAO",88830,"BETONEIRA CAPACIDADE NOMINAL DE 400 L, CAPACIDADE DE MISTURA 280 L, MOTOR ELÉTRICO TRIFÁSICO POTÊNCIA DE 2 CV, SEM CARREGADOR - CHP DIURNO. AF_10/2014",1.1299999999999999,"CHP",3.1E-2,3.5029999999999999E-2,{"$f":"IF(L64<>\"\",\"\",IF(INDEX('CPU - PROJ.AUX'!$H:$H,MATCH($O64,'CPU - PROJ.AUX'!$B:$B,0))=0,INDEX('CPU - PROJ.AUX'!$I:$I,MATCH($O64,'CPU - PROJ.AUX'!$B:$B,0)),INDEX('CPU - PROJ.AUX'!$H:$H,MATCH($O64,'CPU - PROJ.AUX'!$B:$B,0))))","v":1.88},6.5856399999999995E-2,"1.7.1.1 88830"]
["COMPOSICAO",88831,"BETONEIRA CAPACIDADE NOMINAL DE 400 L, CAPACIDADE DE MISTURA 280 L, MOTOR ELÉTRICO TRIFÁSICO POTÊNCIA DE 2 CV, SEM CARREGADOR - CHI DIURNO. AF_10/2014","CHI",3.72,"",null,null,{"$f":"INDEX('SINAPI - SINTÉTICO'!K:K,MATCH(B65,'SINAPI - SINTÉTICO'!G:G,0))","v":0.39},1.45,null,null,"1.7.1.1","COMPOSICAO",88831,"BETONEIRA CAPACIDADE NOMINAL DE 400 L, CAPACIDADE DE MISTURA 280 L, MOTOR ELÉTRICO TRIFÁSICO POTÊNCIA DE 2 CV, SEM CARREGADOR - CHI DIURNO. AF_10/2014",3.72,"CHI",3.1E-2,0.11532000000000001,{"$f":"IF(L65<>\"\",\"\",IF(INDEX('CPU - PROJ.AUX'!$H:$H,MATCH($O65,'CPU - PROJ.AUX'!$B:$B,0))=0,INDEX('CPU - PROJ.AUX'!$I:$I,MATCH($O65,'CPU - PROJ.AUX'!$B:$B,0)),INDEX('CPU - PROJ.AUX'!$H:$H,MATCH($O65,'CPU - PROJ.AUX'!$B:$B,0))))","v":0.39},4.4974800000000002E-2,"1.7.1.1 88831"]
["01.FUES.CONC.003/01",94964,"CONCRETO FCK = 20MPA, TRAÇO 1:2,7:3 (CIMENTO/ AREIA MÉDIA/ BRITA 1)  - PREPARO MECÂNICO COM BETONEIRA 400 L. AF_07/2016","M3","","Concreto dosado em obra",null,null,{"$f":"INDEX('SINAPI - SINTÉTICO'!K:K,MATCH(B66,'SINAPI - SINTÉTICO'!G:G,0))","v":474.55},{"$f":"SUM(J67:J73)","v":474.54999999999995},null,"1.7.1.4",{"$f":"IF(L66<>\"\",L66,IF(M65<>0,M65,L66))","v":"1.7.1.4"},"01.FUES.CONC.003/01",94964,"CONCRETO FCK = 20MPA, TRAÇO 1:2,7:3 (CIMENTO/ AREIA MÉDIA/ BRITA 1)  - PREPARO MECÂNICO COM BETONEIRA 400 L. AF_07/2016",{"$f":"IF(L66<>\"\",\"\",E66)","v":""},"M3",{"$f":"INDEX('CPU - PROJETO'!Q:Q,MATCH(W66,'CPU - PROJETO'!W:W,0))","v":0.14549999999999999},{"$f":"IF(L66<>\"\",\"\",Q66*S66)","v":""},{"$f":"IF(L66<>\"\",\"\",IF(INDEX('CPU - PROJETO'!$H:$H,MATCH($O66,'CPU - PROJETO'!$B:$B,0))=0,INDEX('CPU - PROJETO'!$I:$I,MATCH($O66,'CPU - PROJETO'!$B:$B,0)),INDEX('CPU - PROJETO'!$H:$H,MATCH($O66,'CPU - PROJETO'!$B:$B,0))))","v":""},{"$f":"IF(L66<>\"\",IF(I66=0,J66,I66)*S66,T66*U66)","v":69.047024999999991},{"$f":"CONCATENATE(M66,\" \",O66)","v":"1.7.1.4 94964"},null,{"$f":"MATCH(W66,'CPU - PROJETO'!W:W,0)","v":150}]
["INSUMO",370,"AREIA MEDIA - POSTO JAZIDA/FORNECEDOR (RETIRADO NA JAZIDA, SEM TRANSPORTE)","M3",0.75580000000000003,"",null,{"$f":"INDEX('SINAPI - INSUMO'!E:E,MATCH(B67,'SINAPI - INSUMO'!A:A,0))","v":129},null,97.49,null,null,{"$f":"IF(L67<>\"\",L67,IF(M66<>0,M66,L67))","v":"1.7.1.4"},{"$f":"A67","v":"INSUMO"},{"$f":"B67","v":370},{"$f":"C67","v":"AREIA MEDIA - POSTO JAZIDA/FORNECEDOR (RETIRADO NA JAZIDA, SEM TRANSPORTE)"},{"$f":"IF(L67<>\"\",\"\",E67)","v":0.75580000000000003},{"$f":"D67","v":"M3"},{"$f":"S$66","v":0.14549999999999999},{"$f":"IF(L67<>\"\",\"\",Q67*S67)","v":0.10996889999999999},{"$f":"IF(L67<>\"\",\"\",IF(INDEX('CPU - PROJ.AUX'!$H:$H,MATCH($O67,'CPU - PROJ.AUX'!$B:$B,0))=0,INDEX('CPU - PROJ.AUX'!$I:$I,MATCH($O67,'CPU - PROJ.AUX'!$B:$B,0)),INDEX('CPU - PROJ.AUX'!$H:$H,MATCH($O67,'CPU - PROJ.AUX'!$B:$B,0))))","v":129},{"$f":"IF(L67<>\"\",IF(I67=0,J67,I67)*S67,T67*U67)","v":14.185988099999999},{"$f":"CONCATENATE(M67,\" \",O67)","v":"1.7.1.4 370"}]
["INSUMO",1379,"CIMENTO PORTLAND COMPOSTO CP II-32","KG",322.97770000000003,"",null,{"$f":"INDEX('SINAPI - INSUMO'!E:E,MATCH(B68,'SINAPI - INSUMO'!A:A,0))","v":0.7},null,226.08,null,null,{"$f":"IF(L68<>\"\",L68,IF(M67<>0,M67,L68))","v":"1.7.1.4"},{"$f":"A68","v":"INSUMO"},{"$f":"B68","v":1379},{"$f":"C68","v":"CIMENTO PORTLAND COMPOSTO CP II-32"},{"$f":"IF(L68<>\"\",\"\",E68)","v":322.97770000000003},{"$f":"D68","v":"KG"},{"$f":"S$66","v":0.14549999999999999},{"$f":"IF(L68<>\"\",\"\",Q68*S68)","v":46.993255349999998},{"$f":"IF(L68<>\"\",\"\",IF(INDEX('CPU - PROJ.AUX'!$H:$H,MATCH($O68,'CPU - PROJ.AUX'!$B:$B,0))=0,INDEX('CPU - PROJ.AUX'!$I:$I,MATCH($O68,'CPU - PROJ.AUX'!$B:$B,0)),INDEX('CPU - PROJ.AUX'!$H:$H,MATCH($O68,'CPU - PROJ.AUX'!$B:$B,0))))","v":0.7},{"$f":"IF(L68<>\"\",IF(I68=0,J68,I68)*S68,T68*U68)","v":32.895278744999999},"1.7.1.4 1379"]
["INSUMO",4721,"PEDRA BRITADA N. 1 (9,5 a 19 MM) POSTO PEDREIRA/FORNECEDOR, SEM FRETE","M3",0.58720000000000006,"",null,{"$f":"INDEX('SINAPI - INSUMO'!E:E,MATCH(B69,'SINAPI - INSUMO'!A:A,0))","v":89},null,52.26,null,null,"1.7.1.4","INSUMO",4721,"PEDRA BRITADA N. 1 (9,5 a 19 MM) POSTO PEDREIRA/FORNECEDOR, SEM FRETE",0.58720000000000006,"M3",0.14549999999999999,8.5437600000000002E-2,{"$f":"IF(L69<>\"\",\"\",IF(INDEX('CPU - PROJ.AUX'!$H:$H,MATCH($O69,'CPU - PROJ.AUX'!$B:$B,0))=0,INDEX('CPU - PROJ.AUX'!$I:$I,MATCH($O69,'CPU - PROJ.AUX'!$B:$B,0)),INDEX('CPU - PROJ.AUX'!$H:$H,MATCH($O69,'CPU - PROJ.AUX'!$B:$B,0))))","v":89},7.6039463999999999,"1.7.1.4 4721"]
["COMPOSICAO",88316,"SERVENTE COM ENCARGOS COMPLEMENTARES","H",2.5333000000000001,"",null,null,{"$f":"INDEX('SINAPI - SINTÉTICO'!K:K,MATCH(B70,'SINAPI - SINTÉTICO'!G:G,0))","v":20.420000000000002},51.72,null,null,"1.7.1.4","COMPOSICAO",88316,"SERVENTE COM ENCARGOS COMPLEMENTARES",2.5333000000000001,"H",0.14549999999999999,0.36859514999999998,{"$f":"IF(L70<>\"\",\"\",IF(INDEX('CPU - PROJ.AUX'!$H:$H,MATCH($O70,'CPU - PROJ.AUX'!$B:$B,0))=0,INDEX('CPU - PROJ.AUX'!$I:$I,MATCH($O70,'CPU - PROJ.AUX'!$B:$B,0)),INDEX('CPU - PROJ.AUX'!$H:$H,MATCH($O70,'CPU - PROJ.AUX'!$B:$B,0))))","v":20.420000000000002},7.5267129630000005,"1.7.1.4 88316"]
["COMPOSICAO",88377,"OPERADOR DE BETONEIRA ESTACIONÁRIA/MISTURADOR COM ENCARGOS COMPLEMENTARES","H",1.6046,"",null,null,{"$f":"INDEX('SINAPI - SINTÉTICO'!K:K,MATCH(B71,'SINAPI - SINTÉTICO'!G:G,0))","v":28.14},45.15,null,null,"1.7.1.4","COMPOSICAO",88377,"OPERADOR DE BETONEIRA ESTACIONÁRIA/MISTURADOR COM ENCARGOS COMPLEMENTARES",1.6046,"H",0.14549999999999999,0.23346929999999999,{"$f":"IF(L71<>\"\",\"\",IF(INDEX('CPU - PROJ.AUX'!$H:$H,MATCH($O71,'CPU - PROJ.AUX'!$B:$B,0))=0,INDEX('CPU - PROJ.AUX'!$I:$I,MATCH($O71,'CPU - PROJ.AUX'!$B:$B,0)),INDEX('CPU - PROJ.AUX'!$H:$H,MATCH($O71,'CPU - PROJ.AUX'!$B:$B,0))))","v":28.14},6.5698261019999995,"1.7.1.4 88377"]
["COMPOSICAO",88830,"BETONEIRA CAPACIDADE NOMINAL DE 400 L, CAPACIDADE DE MISTURA 280 L, MOTOR ELÉTRICO TRIFÁSICO POTÊNCIA DE 2 CV, SEM CARREGADOR - CHP DIURNO. AF_10/2014","CHP",0.82589999999999997,"",null,null,{"$f":"INDEX('SINAPI - SINTÉTICO'!K:K,MATCH(B72,'SINAPI - SINTÉTICO'!G:G,0))","v":1.88},1.55,null,null,"1.7.1.4","COMPOSICAO",88830,"BETONEIRA CAPACIDADE NOMINAL DE 400 L, CAPACIDADE DE MISTURA 280 L, MOTOR ELÉTRICO TRIFÁSICO POTÊNCIA DE 2 CV, SEM CARREGADOR - CHP DIURNO. AF_10/2014",0.82589999999999997,"CHP",0.14549999999999999,0.12016844999999998,{"$f":"IF(L72<>\"\",\"\",IF(INDEX('CPU - PROJ.AUX'!$H:$H,MATCH($O72,'CPU - PROJ.AUX'!$B:$B,0))=0,INDEX('CPU - PROJ.AUX'!$I:$I,MATCH($O72,'CPU - PROJ.AUX'!$B:$B,0)),INDEX('CPU - PROJ.AUX'!$H:$H,MATCH($O72,'CPU - PROJ.AUX'!$B:$B,0))))","v":1.88},0.22591668599999995,"1.7.1.4 88830"]
["COMPOSICAO",88831,"BETONEIRA CAPACIDADE NOMINAL DE 400 L, CAPACIDADE DE MISTURA 280 L, MOTOR ELÉTRICO TRIFÁSICO POTÊNCIA DE 2 CV, SEM CARREGADOR - CHI DIURNO. AF_10/2014","CHI",0.77869999999999995,"",null,null,{"$f":"INDEX('SINAPI - SINTÉTICO'!K:K,MATCH(B73,'SINAPI - SINTÉTICO'!G:G,0))","v":0.39},{"$f":"TRUNC(E73*H73+E73*I73,2)","v":0.3},null,null,"1.7.1.4","COMPOSICAO",88831,"BETONEIRA CAPACIDADE NOMINAL DE 400 L, CAPACIDADE DE MISTURA 280 L, MOTOR ELÉTRICO TRIFÁSICO POTÊNCIA DE 2 CV, SEM CARREGADOR - CHI DIURNO. AF_10/2014",0.77869999999999995,"CHI",0.14549999999999999,0.11330084999999998,{"$f":"IF(L73<>\"\",\"\",IF(INDEX('CPU - PROJ.AUX'!$H:$H,MATCH($O73,'CPU - PROJ.AUX'!$B:$B,0))=0,INDEX('CPU - PROJ.AUX'!$I:$I,MATCH($O73,'CPU - PROJ.AUX'!$B:$B,0)),INDEX('CPU - PROJ.AUX'!$H:$H,MATCH($O73,'CPU - PROJ.AUX'!$B:$B,0))))","v":0.39},4.4187331499999996E-2,"1.7.1.4 88831"]
["01.FUES.ARMD.026/01","CPU","ARMAÇÃO DE LAJE DE UMA ESTRUTURA CONVENCIONAL DE CONCRETO ARMADO EM UMA EDIFICAÇÃO TÉRREA OU SOBRADO UTILIZANDO AÇO CA-60 DE 5,0 MM - MONTAGEM. AF_12/2015","KG","","Armação para Estruturas de Concreto Armado",null,null,{"$f":"J74","v":18.62},{"$f":"SUM(J75:J79)","v":18.62},null,"1.7.6.1",{"$f":"IF(L74<>\"\",L74,IF(M73<>0,M73,L74))","v":"1.7.6.1"},"01.FUES.ARMD.026/01","CPU","ARMAÇÃO DE LAJE DE UMA ESTRUTURA CONVENCIONAL DE CONCRETO ARMADO EM UMA EDIFICAÇÃO TÉRREA OU SOBRADO UTILIZANDO AÇO CA-60 DE 5,0 MM - MONTAGEM. AF_12/2015",{"$f":"IF(L74<>\"\",\"\",E74)","v":""},"KG",{"$f":"'CPU - PROJETO'!Q189","v":31.7318},{"$f":"IF(L74<>\"\",\"\",Q74*S74)","v":""},{"$f":"IF(L74<>\"\",\"\",IF(INDEX('CPU - PROJETO'!$H:$H,MATCH($O74,'CPU - PROJETO'!$B:$B,0))=0,INDEX('CPU - PROJETO'!$I:$I,MATCH($O74,'CPU - PROJETO'!$B:$B,0)),INDEX('CPU - PROJETO'!$H:$H,MATCH($O74,'CPU - PROJETO'!$B:$B,0))))","v":""},{"$f":"IF(L74<>\"\",IF(I74=0,J74,I74)*S74,T74*U74)","v":590.84611600000005},{"$f":"CONCATENATE(M74,\" \",O74)","v":"1.7.6.1 CPU"}]
["INSUMO",345,"ARAME GALVANIZADO 18 BWG, 1,24MM (0,009 KG/M)","KG",1.7500000000000002E-2,"",null,{"$f":"INDEX('SINAPI - INSUMO'!E:E,MATCH(B75,'SINAPI - INSUMO'!A:A,0))","v":38.51},null,0.67,null,null,{"$f":"IF(L75<>\"\",L75,IF(M74<>0,M74,L75))","v":"1.7.6.1"},{"$f":"A75","v":"INSUMO"},{"$f":"B75","v":345},{"$f":"C75","v":"ARAME GALVANIZADO 18 BWG, 1,24MM (0,009 KG/M)"},{"$f":"IF(L75<>\"\",\"\",E75)","v":1.7500000000000002E-2},{"$f":"D75","v":"KG"},{"$f":"S$74","v":31.7318},{"$f":"IF(L75<>\"\",\"\",Q75*S75)","v":0.55530650000000004},{"$f":"IF(L75<>\"\",\"\",IF(INDEX('CPU - PROJ.AUX'!$H:$H,MATCH($O75,'CPU - PROJ.AUX'!$B:$B,0))=0,INDEX('CPU - PROJ.AUX'!$I:$I,MATCH($O75,'CPU - PROJ.AUX'!$B:$B,0)),INDEX('CPU - PROJ.AUX'!$H:$H,MATCH($O75,'CPU - PROJ.AUX'!$B:$B,0))))","v":38.51},{"$f":"IF(L75<>\"\",IF(I75=0,J75,I75)*S75,T75*U75)","v":21.384853315000001}]
["INSUMO",39017,"ESPACADOR / DISTANCIADOR CIRCULAR COM ENTRADA LATERAL, EM PLASTICO, PARA VERGALHAO *4,2 A 12,5* MM, COBRIMENTO 20 MM","UN",2.1179999999999999,"",null,{"$f":"INDEX('SINAPI - INSUMO'!E:E,MATCH(B76,'SINAPI - INSUMO'!A:A,0))","v":0.18},null,0.38,null,null,{"$f":"IF(L76<>\"\",L76,IF(M75<>0,M75,L76))","v":"1.7.6.1"},{"$f":"A76","v":"INSUMO"},{"$f":"B76","v":39017},{"$f":"C76","v":"ESPACADOR / DISTANCIADOR CIRCULAR COM ENTRADA LATERAL, EM PLASTICO, PARA VERGALHAO *4,2 A 12,5* MM, COBRIMENTO 20 MM"},{"$f":"IF(L76<>\"\",\"\",E76)","v":2.1179999999999999},{"$f":"D76","v":"UN"},{"$f":"S$74","v":31.7318},{"$f":"IF(L76<>\"\",\"\",Q76*S76)","v":67.207952399999996},{"$f":"IF(L76<>\"\",\"\",IF(INDEX('CPU - PROJ.AUX'!$H:$H,MATCH($O76,'CPU - PROJ.AUX'!$B:$B,0))=0,INDEX('CPU - PROJ.AUX'!$I:$I,MATCH($O76,'CPU - PROJ.AUX'!$B:$B,0)),INDEX('CPU - PROJ.AUX'!$H:$H,MATCH($O76,'CPU - PROJ.AUX'!$B:$B,0))))","v":0.18},{"$f":"IF(L76<>\"\",IF(I76=0,J76,I76)*S76,T76*U76)","v":12.097431431999999}]
["COMPOSICAO",88238,"AJUDANTE DE ARMADOR COM ENCARGOS COMPLEMENTARES","H",2.53E-2,"",null,null,{"$f":"INDEX('SINAPI - SINTÉTICO'!K:K,MATCH(B77,'SINAPI - SINTÉTICO'!G:G,0))","v":20.43},0.51,null,null,"1.7.6.1","COMPOSICAO",88238,"AJUDANTE DE ARMADOR COM ENCARGOS COMPLEMENTARES",2.53E-2,"H",31.7318,0.80281453999999997,{"$f":"IF(L77<>\"\",\"\",IF(INDEX('CPU - PROJ.AUX'!$H:$H,MATCH($O77,'CPU - PROJ.AUX'!$B:$B,0))=0,INDEX('CPU - PROJ.AUX'!$I:$I,MATCH($O77,'CPU - PROJ.AUX'!$B:$B,0)),INDEX('CPU - PROJ.AUX'!$H:$H,MATCH($O77,'CPU - PROJ.AUX'!$B:$B,0))))","v":20.43},16.4015010522]
["COMPOSICAO",88245,"ARMADOR COM ENCARGOS COMPLEMENTARES","H",0.1547,"",null,null,{"$f":"INDEX('SINAPI - SINTÉTICO'!K:K,MATCH(B78,'SINAPI - SINTÉTICO'!G:G,0))","v":25.18},3.89,null,null,"1.7.6.1","COMPOSICAO",88245,"ARMADOR COM ENCARGOS COMPLEMENTARES",0.1547,"H",31.7318,4.9089094600000003,{"$f":"IF(L78<>\"\",\"\",IF(INDEX('CPU - PROJ.AUX'!$H:$H,MATCH($O78,'CPU - PROJ.AUX'!$B:$B,0))=0,INDEX('CPU - PROJ.AUX'!$I:$I,MATCH($O78,'CPU - PROJ.AUX'!$B:$B,0)),INDEX('CPU - PROJ.AUX'!$H:$H,MATCH($O78,'CPU - PROJ.AUX'!$B:$B,0))))","v":25.18},123.60634020280001]
["COMPOSICAO",92800,"CORTE E DOBRA DE AÇO CA-60, DIÂMETRO DE 5,0 MM, UTILIZADO EM LAJE. AF_12/2015","KG",1,"",null,null,{"$f":"INDEX('SINAPI - SINTÉTICO'!K:K,MATCH(B79,'SINAPI - SINTÉTICO'!G:G,0))","v":13.17},13.17,null,null,"1.7.6.1","COMPOSICAO",92800,"CORTE E DOBRA DE AÇO CA-60, DIÂMETRO DE 5,0 MM, UTILIZADO EM LAJE. AF_12/2015",1,"KG",31.7318,31.7318,{"$f":"IF(L79<>\"\",\"\",IF(INDEX('CPU - PROJ.AUX'!$H:$H,MATCH($O79,'CPU - PROJ.AUX'!$B:$B,0))=0,INDEX('CPU - PROJ.AUX'!$I:$I,MATCH($O79,'CPU - PROJ.AUX'!$B:$B,0)),INDEX('CPU - PROJ.AUX'!$H:$H,MATCH($O79,'CPU - PROJ.AUX'!$B:$B,0))))","v":13.17},417.90780599999999]
["01.FUES.CONC.011/01",94972,"CONCRETO FCK = 30MPA, TRAÇO 1:2,1:2,5 (CIMENTO/ AREIA MÉDIA/ BRITA 1)  - PREPARO MECÂNICO COM BETONEIRA 600 L. AF_07/2016","M3","","Concreto dosado em obra",null,null,{"$f":"INDEX('SINAPI - SINTÉTICO'!K:K,MATCH(B80,'SINAPI - SINTÉTICO'!G:G,0))","v":497.79},{"$f":"SUM(J81:J87)","v":497.79},null,"1.7.6.1",{"$f":"IF(L80<>\"\",L80,IF(M79<>0,M79,L80))","v":"1.7.6.1"},"01.FUES.CONC.011/01",94972,"CONCRETO FCK = 30MPA, TRAÇO 1:2,1:2,5 (CIMENTO/ AREIA MÉDIA/ BRITA 1)  - PREPARO MECÂNICO COM BETONEIRA 600 L. AF_07/2016",{"$f":"IF(L80<>\"\",\"\",E80)","v":""},"M3",{"$f":"INDEX('CPU - PROJETO'!Q:Q,MATCH(W80,'CPU - PROJETO'!W:W,0))","v":1.103},{"$f":"IF(L80<>\"\",\"\",Q80*S80)","v":""},{"$f":"IF(L80<>\"\",\"\",IF(INDEX('CPU - PROJETO'!$H:$H,MATCH($O80,'CPU - PROJETO'!$B:$B,0))=0,INDEX('CPU - PROJETO'!$I:$I,MATCH($O80,'CPU - PROJETO'!$B:$B,0)),INDEX('CPU - PROJETO'!$H:$H,MATCH($O80,'CPU - PROJETO'!$B:$B,0))))","v":""},{"$f":"IF(L80<>\"\",IF(I80=0,J80,I80)*S80,T80*U80)","v":549.06236999999999},{"$f":"CONCATENATE(M80,\" \",O80)","v":"1.7.6.1 94972"}]
["INSUMO",370,"AREIA MEDIA - POSTO JAZIDA/FORNECEDOR (RETIRADO NA JAZIDA, SEM TRANSPORTE)","M3",0.71189999999999998,"",null,{"$f":"INDEX('SINAPI - INSUMO'!E:E,MATCH(B81,'SINAPI - INSUMO'!A:A,0))","v":129},null,91.83,null,null,{"$f":"IF(L81<>\"\",L81,IF(M80<>0,M80,L81))","v":"1.7.6.1"},{"$f":"A81","v":"INSUMO"},{"$f":"B81","v":370},{"$f":"C81","v":"AREIA MEDIA - POSTO JAZIDA/FORNECEDOR (RETIRADO NA JAZIDA, SEM TRANSPORTE)"},{"$f":"IF(L81<>\"\",\"\",E81)","v":0.71189999999999998},{"$f":"D81","v":"M3"},{"$f":"S$80","v":1.103},{"$f":"IF(L81<>\"\",\"\",Q81*S81)","v":0.78522569999999992},{"$f":"IF(L81<>\"\",\"\",IF(INDEX('CPU - PROJ.AUX'!$H:$H,MATCH($O81,'CPU - PROJ.AUX'!$B:$B,0))=0,INDEX('CPU - PROJ.AUX'!$I:$I,MATCH($O81,'CPU - PROJ.AUX'!$B:$B,0)),INDEX('CPU - PROJ.AUX'!$H:$H,MATCH($O81,'CPU - PROJ.AUX'!$B:$B,0))))","v":129},{"$f":"IF(L81<>\"\",IF(I81=0,J81,I81)*S81,T81*U81)","v":101.29411529999999},{"$f":"CONCATENATE(M81,\" \",O81)","v":"1.7.6.1 370"}]
["INSUMO",1379,"CIMENTO PORTLAND COMPOSTO CP II-32","KG",391.16629999999998,"",null,{"$f":"INDEX('SINAPI - INSUMO'!E:E,MATCH(B82,'SINAPI - INSUMO'!A:A,0))","v":0.7},null,273.81,null,null,{"$f":"IF(L82<>\"\",L82,IF(M81<>0,M81,L82))","v":"1.7.6.1"},{"$f":"A82","v":"INSUMO"},{"$f":"B82","v":1379},{"$f":"C82","v":"CIMENTO PORTLAND COMPOSTO CP II-32"},{"$f":"IF(L82<>\"\",\"\",E82)","v":391.16629999999998},{"$f":"D82","v":"KG"},{"$f":"S$80","v":1.103},{"$f":"IF(L82<>\"\",\"\",Q82*S82)","v":431.45642889999999},{"$f":"IF(L82<>\"\",\"\",IF(INDEX('CPU - PROJ.AUX'!$H:$H,MATCH($O82,'CPU - PROJ.AUX'!$B:$B,0))=0,INDEX('CPU - PROJ.AUX'!$I:$I,MATCH($O82,'CPU - PROJ.AUX'!$B:$B,0)),INDEX('CPU - PROJ.AUX'!$H:$H,MATCH($O82,'CPU - PROJ.AUX'!$B:$B,0))))","v":0.7},{"$f":"IF(L82<>\"\",IF(I82=0,J82,I82)*S82,T82*U82)","v":302.01950022999995},"1.7.6.1 1379"]
["INSUMO",4721,"PEDRA BRITADA N. 1 (9,5 a 19 MM) POSTO PEDREIRA/FORNECEDOR, SEM FRETE","M3",0.5927,"",null,{"$f":"INDEX('SINAPI - INSUMO'!E:E,MATCH(B83,'SINAPI - INSUMO'!A:A,0))","v":89},null,52.75,null,null,"1.7.6.1","INSUMO",4721,"PEDRA BRITADA N. 1 (9,5 a 19 MM) POSTO PEDREIRA/FORNECEDOR, SEM FRETE",0.5927,"M3",1.103,0.65374809999999994,{"$f":"IF(L83<>\"\",\"\",IF(INDEX('CPU - PROJ.AUX'!$H:$H,MATCH($O83,'CPU - PROJ.AUX'!$B:$B,0))=0,INDEX('CPU - PROJ.AUX'!$I:$I,MATCH($O83,'CPU - PROJ.AUX'!$B:$B,0)),INDEX('CPU - PROJ.AUX'!$H:$H,MATCH($O83,'CPU - PROJ.AUX'!$B:$B,0))))","v":89},58.183580899999995,"1.7.6.1 4721"]
["COMPOSICAO",88316,"SERVENTE COM ENCARGOS COMPLEMENTARES","H",1.9633,"",null,null,{"$f":"INDEX('SINAPI - SINTÉTICO'!K:K,MATCH(B84,'SINAPI - SINTÉTICO'!G:G,0))","v":20.420000000000002},40.090000000000003,null,null,"1.7.6.1","COMPOSICAO",88316,"SERVENTE COM ENCARGOS COMPLEMENTARES",1.9633,"H",1.103,2.1655199000000001,{"$f":"IF(L84<>\"\",\"\",IF(INDEX('CPU - PROJ.AUX'!$H:$H,MATCH($O84,'CPU - PROJ.AUX'!$B:$B,0))=0,INDEX('CPU - PROJ.AUX'!$I:$I,MATCH($O84,'CPU - PROJ.AUX'!$B:$B,0)),INDEX('CPU - PROJ.AUX'!$H:$H,MATCH($O84,'CPU - PROJ.AUX'!$B:$B,0))))","v":20.420000000000002},44.219916358000006,"1.7.6.1 88316"]
["COMPOSICAO",88377,"OPERADOR DE BETONEIRA ESTACIONÁRIA/MISTURADOR COM ENCARGOS COMPLEMENTARES","H",1.24,"",null,null,{"$f":"INDEX('SINAPI - SINTÉTICO'!K:K,MATCH(B85,'SINAPI - SINTÉTICO'!G:G,0))","v":28.14},34.89,null,null,"1.7.6.1","COMPOSICAO",88377,"OPERADOR DE BETONEIRA ESTACIONÁRIA/MISTURADOR COM ENCARGOS COMPLEMENTARES",1.24,"H",1.103,1.36772,{"$f":"IF(L85<>\"\",\"\",IF(INDEX('CPU - PROJ.AUX'!$H:$H,MATCH($O85,'CPU - PROJ.AUX'!$B:$B,0))=0,INDEX('CPU - PROJ.AUX'!$I:$I,MATCH($O85,'CPU - PROJ.AUX'!$B:$B,0)),INDEX('CPU - PROJ.AUX'!$H:$H,MATCH($O85,'CPU - PROJ.AUX'!$B:$B,0))))","v":28.14},38.487640800000001,"1.7.6.1 88377"]
["COMPOSICAO",89225,"BETONEIRA CAPACIDADE NOMINAL DE 600 L, CAPACIDADE DE MISTURA 360 L, MOTOR ELÉTRICO TRIFÁSICO POTÊNCIA DE 4 CV, SEM CARREGADOR - CHP DIURNO. AF_11/2014","CHP",0.63819999999999999,"",null,null,{"$f":"INDEX('SINAPI - SINTÉTICO'!K:K,MATCH(B86,'SINAPI - SINTÉTICO'!G:G,0))","v":5.41},3.45,null,null,"1.7.6.1","COMPOSICAO",89225,"BETONEIRA CAPACIDADE NOMINAL DE 600 L, CAPACIDADE DE MISTURA 360 L, MOTOR ELÉTRICO TRIFÁSICO POTÊNCIA DE 4 CV, SEM CARREGADOR - CHP DIURNO. AF_11/2014",0.63819999999999999,"CHP",1.103,0.70393459999999997,{"$f":"IF(L86<>\"\",\"\",IF(INDEX('CPU - PROJ.AUX'!$H:$H,MATCH($O86,'CPU - PROJ.AUX'!$B:$B,0))=0,INDEX('CPU - PROJ.AUX'!$I:$I,MATCH($O86,'CPU - PROJ.AUX'!$B:$B,0)),INDEX('CPU - PROJ.AUX'!$H:$H,MATCH($O86,'CPU - PROJ.AUX'!$B:$B,0))))","v":5.41},3.8082861860000001,"1.7.6.1 89225"]
["COMPOSICAO",89226,"BETONEIRA CAPACIDADE NOMINAL DE 600 L, CAPACIDADE DE MISTURA 360 L, MOTOR ELÉTRICO TRIFÁSICO POTÊNCIA DE 4 CV, SEM CARREGADOR - CHI DIURNO. AF_11/2014","CHI",0.6018,"",null,null,{"$f":"INDEX('SINAPI - SINTÉTICO'!K:K,MATCH(B87,'SINAPI - SINTÉTICO'!G:G,0))","v":1.62},0.97,null,null,"1.7.6.1","COMPOSICAO",89226,"BETONEIRA CAPACIDADE NOMINAL DE 600 L, CAPACIDADE DE MISTURA 360 L, MOTOR ELÉTRICO TRIFÁSICO POTÊNCIA DE 4 CV, SEM CARREGADOR - CHI DIURNO. AF_11/2014",0.6018,"CHI",1.103,0.66378539999999997,{"$f":"IF(L87<>\"\",\"\",IF(INDEX('CPU - PROJ.AUX'!$H:$H,MATCH($O87,'CPU - PROJ.AUX'!$B:$B,0))=0,INDEX('CPU - PROJ.AUX'!$I:$I,MATCH($O87,'CPU - PROJ.AUX'!$B:$B,0)),INDEX('CPU - PROJ.AUX'!$H:$H,MATCH($O87,'CPU - PROJ.AUX'!$B:$B,0))))","v":1.62},1.0753323480000001,"1.7.6.1 89226"]
["02.INHI.ASLM.009/01",86883,"SIFÃO DO TIPO FLEXÍVEL EM PVC 1\u0094 X 1.1/2\u0094 - FORNECIMENTO E INSTALAÇÃO. AF_01/2020","UN","","Louças e Metais",null,null,{"$f":"INDEX('SINAPI - SINTÉTICO'!K:K,MATCH(B88,'SINAPI - SINTÉTICO'!G:G,0))","v":12.12},{"$f":"SUM(J89:J92)","v":12.120000000000001},null,"1.7.8.1",{"$f":"IF(L88<>\"\",L88,IF(M87<>0,M87,L88))","v":"1.7.8.1"},"02.INHI.ASLM.009/01",86883,"SIFÃO DO TIPO FLEXÍVEL EM PVC 1\u0094 X 1.1/2\u0094 - FORNECIMENTO E INSTALAÇÃO. AF_01/2020",{"$f":"IF(L88<>\"\",\"\",E88)","v":""},"UN",{"$f":"INDEX('CPU - PROJETO'!Q:Q,MATCH(W88,'CPU - PROJETO'!W:W,0))","v":1},{"$f":"IF(L88<>\"\",\"\",Q88*S88)","v":""},{"$f":"IF(L88<>\"\",\"\",IF(INDEX('CPU - PROJETO'!$H:$H,MATCH($O88,'CPU - PROJETO'!$B:$B,0))=0,INDEX('CPU - PROJETO'!$I:$I,MATCH($O88,'CPU - PROJETO'!$B:$B,0)),INDEX('CPU - PROJETO'!$H:$H,MATCH($O88,'CPU - PROJETO'!$B:$B,0))))","v":""},{"$f":"IF(L88<>\"\",IF(I88=0,J88,I88)*S88,T88*U88)","v":12.12},{"$f":"CONCATENATE(M88,\" \",O88)","v":"1.7.8.1 86883"}]
["INSUMO",3146,"FITA VEDA ROSCA EM ROLOS DE 18 MM X 10 M (L X C)","UN",3.32E-2,"",null,{"$f":"INDEX('SINAPI - INSUMO'!E:E,MATCH(B89,'SINAPI - INSUMO'!A:A,0))","v":3.1},null,0.1,null,null,{"$f":"IF(L89<>\"\",L89,IF(M88<>0,M88,L89))","v":"1.7.8.1"},{"$f":"A89","v":"INSUMO"},{"$f":"B89","v":3146},{"$f":"C89","v":"FITA VEDA ROSCA EM ROLOS DE 18 MM X 10 M (L X C)"},{"$f":"IF(L89<>\"\",\"\",E89)","v":3.32E-2},{"$f":"D89","v":"UN"},{"$f":"S$88","v":1},{"$f":"IF(L89<>\"\",\"\",Q89*S89)","v":3.32E-2},{"$f":"IF(L89<>\"\",\"\",IF(INDEX('CPU - PROJ.AUX'!$H:$H,MATCH($O89,'CPU - PROJ.AUX'!$B:$B,0))=0,INDEX('CPU - PROJ.AUX'!$I:$I,MATCH($O89,'CPU - PROJ.AUX'!$B:$B,0)),INDEX('CPU - PROJ.AUX'!$H:$H,MATCH($O89,'CPU - PROJ.AUX'!$B:$B,0))))","v":3.1},{"$f":"IF(L89<>\"\",IF(I89=0,J89,I89)*S89,T89*U89)","v":0.10292}]
["INSUMO",44945,"SIFAO / TUBO SINFONADO EXTENSIVEL/SANFONADO, UNIVERSAL/ SIMPLES, ENTRE *50 A 70* UN 9,40 CM, DE PLASTICO BRANCO","UN",1,"",null,{"$f":"INDEX('SINAPI - INSUMO'!E:E,MATCH(B90,'SINAPI - INSUMO'!A:A,0))","v":9.4},null,9.4,null,null,{"$f":"IF(L90<>\"\",L90,IF(M89<>0,M89,L90))","v":"1.7.8.1"},{"$f":"A90","v":"INSUMO"},{"$f":"B90","v":44945},{"$f":"C90","v":"SIFAO / TUBO SINFONADO EXTENSIVEL/SANFONADO, UNIVERSAL/ SIMPLES, ENTRE *50 A 70* UN 9,40 CM, DE PLASTICO BRANCO"},{"$f":"IF(L90<>\"\",\"\",E90)","v":1},{"$f":"D90","v":"UN"},{"$f":"S$88","v":1},{"$f":"IF(L90<>\"\",\"\",Q90*S90)","v":1},{"$f":"IF(L90<>\"\",\"\",IF(INDEX('CPU - PROJ.AUX'!$H:$H,MATCH($O90,'CPU - PROJ.AUX'!$B:$B,0))=0,INDEX('CPU - PROJ.AUX'!$I:$I,MATCH($O90,'CPU - PROJ.AUX'!$B:$B,0)),INDEX('CPU - PROJ.AUX'!$H:$H,MATCH($O90,'CPU - PROJ.AUX'!$B:$B,0))))","v":9.4},{"$f":"IF(L90<>\"\",IF(I90=0,J90,I90)*S90,T90*U90)","v":9.4}]
["COMPOSICAO",88267,"ENCANADOR OU BOMBEIRO HIDRÁULICO COM ENCARGOS COMPLEMENTARES","H",8.4500000000000006E-2,"",null,null,{"$f":"INDEX('SINAPI - SINTÉTICO'!K:K,MATCH(B91,'SINAPI - SINTÉTICO'!G:G,0))","v":24.63},2.08,null,null,"1.7.8.1","COMPOSICAO",88267,"ENCANADOR OU BOMBEIRO HIDRÁULICO COM ENCARGOS COMPLEMENTARES",8.4500000000000006E-2,"H",1,8.4500000000000006E-2,{"$f":"IF(L91<>\"\",\"\",IF(INDEX('CPU - PROJ.AUX'!$H:$H,MATCH($O91,'CPU - PROJ.AUX'!$B:$B,0))=0,INDEX('CPU - PROJ.AUX'!$I:$I,MATCH($O91,'CPU - PROJ.AUX'!$B:$B,0)),INDEX('CPU - PROJ.AUX'!$H:$H,MATCH($O91,'CPU - PROJ.AUX'!$B:$B,0))))","v":24.63},2.0812349999999999]
["COMPOSICAO",88316,"SERVENTE COM ENCARGOS COMPLEMENTARES","H",2.6599999999999999E-2,"",null,null,{"$f":"INDEX('SINAPI - SINTÉTICO'!K:K,MATCH(B92,'SINAPI - SINTÉTICO'!G:G,0))","v":20.420000000000002},0.54,null,null,"1.7.8.1","COMPOSICAO",88316,"SERVENTE COM ENCARGOS COMPLEMENTARES",2.6599999999999999E-2,"H",1,2.6599999999999999E-2,{"$f":"IF(L92<>\"\",\"\",IF(INDEX('CPU - PROJ.AUX'!$H:$H,MATCH($O92,'CPU - PROJ.AUX'!$B:$B,0))=0,INDEX('CPU - PROJ.AUX'!$I:$I,MATCH($O92,'CPU - PROJ.AUX'!$B:$B,0)),INDEX('CPU - PROJ.AUX'!$H:$H,MATCH($O92,'CPU - PROJ.AUX'!$B:$B,0))))","v":20.420000000000002},0.54317199999999999]
["02.INHI.COFI.047/01",91170,"FIXAÇÃO DE TUBOS HORIZONTAIS DE PVC, CPVC OU COBRE DIÂMETROS MENORES OU IGUAIS A 40 MM OU ELETROCALHAS ATÉ 150MM DE LARGURA, COM ABRAÇADEIRA METÁLICA RÍGIDA TIPO D 1/2\u0094, FIXADA EM PERFILADO EM LAJE. AF_05/2015","M","","Cortes e fixações",null,null,{"$f":"INDEX('SINAPI - SINTÉTICO'!K:K,MATCH(B93,'SINAPI - SINTÉTICO'!G:G,0))","v":3.48},{"$f":"SUM(J94:J96)","v":3.48},null,"1.7.10.2",{"$f":"IF(L93<>\"\",L93,IF(M92<>0,M92,L93))","v":"1.7.10.2"},"02.INHI.COFI.047/01",91170,"FIXAÇÃO DE TUBOS HORIZONTAIS DE PVC, CPVC OU COBRE DIÂMETROS MENORES OU IGUAIS A 40 MM OU ELETROCALHAS ATÉ 150MM DE LARGURA, COM ABRAÇADEIRA METÁLICA RÍGIDA TIPO D 1/2\u0094, FIXADA EM PERFILADO EM LAJE. AF_05/2015",{"$f":"IF(L93<>\"\",\"\",E93)","v":""},"M",{"$f":"'CPU - PROJETO'!Q250","v":1},{"$f":"IF(L93<>\"\",\"\",Q93*S93)","v":""},{"$f":"IF(L93<>\"\",\"\",IF(INDEX('CPU - PROJETO'!$H:$H,MATCH($O93,'CPU - PROJETO'!$B:$B,0))=0,INDEX('CPU - PROJETO'!$I:$I,MATCH($O93,'CPU - PROJETO'!$B:$B,0)),INDEX('CPU - PROJETO'!$H:$H,MATCH($O93,'CPU - PROJETO'!$B:$B,0))))","v":""},{"$f":"IF(L93<>\"\",IF(I93=0,J93,I93)*S93,T93*U93)","v":3.48},{"$f":"CONCATENATE(M93,\" \",O93)","v":"1.7.10.2 91170"}]
["INSUMO",392,"ABRACADEIRA EM ACO PARA AMARRACAO DE ELETRODUTOS, TIPO D, COM 1/2\" E PARAFUSO DE FIXACAO","UN",0.65,"",null,{"$f":"INDEX('SINAPI - INSUMO'!E:E,MATCH(B94,'SINAPI - INSUMO'!A:A,0))","v":2.4700000000000002},null,1.6,null,null,{"$f":"IF(L94<>\"\",L94,IF(M93<>0,M93,L94))","v":"1.7.10.2"},{"$f":"A94","v":"INSUMO"},{"$f":"B94","v":392},{"$f":"C94","v":"ABRACADEIRA EM ACO PARA AMARRACAO DE ELETRODUTOS, TIPO D, COM 1/2\" E PARAFUSO DE FIXACAO"},{"$f":"IF(L94<>\"\",\"\",E94)","v":0.65},{"$f":"D94","v":"UN"},{"$f":"S$93","v":1},{"$f":"IF(L94<>\"\",\"\",Q94*S94)","v":0.65},{"$f":"IF(L94<>\"\",\"\",IF(INDEX('CPU - PROJ.AUX'!$H:$H,MATCH($O94,'CPU - PROJ.AUX'!$B:$B,0))=0,INDEX('CPU - PROJ.AUX'!$I:$I,MATCH($O94,'CPU - PROJ.AUX'!$B:$B,0)),INDEX('CPU - PROJ.AUX'!$H:$H,MATCH($O94,'CPU - PROJ.AUX'!$B:$B,0))))","v":2.4700000000000002},{"$f":"IF(L94<>\"\",IF(I94=0,J94,I94)*S94,T94*U94)","v":1.6055000000000001}]
["COMPOSICAO",88248,"AUXILIAR DE ENCANADOR OU BOMBEIRO HIDRÁULICO COM ENCARGOS COMPLEMENTARES","H",0.01,"",null,null,{"$f":"INDEX('SINAPI - SINTÉTICO'!K:K,MATCH(B95,'SINAPI - SINTÉTICO'!G:G,0))","v":19.82},0.19,null,null,{"$f":"IF(L95<>\"\",L95,IF(M94<>0,M94,L95))","v":"1.7.10.2"},{"$f":"A95","v":"COMPOSICAO"},{"$f":"B95","v":88248},{"$f":"C95","v":"AUXILIAR DE ENCANADOR OU BOMBEIRO HIDRÁULICO COM ENCARGOS COMPLEMENTARES"},{"$f":"IF(L95<>\"\",\"\",E95)","v":0.01},{"$f":"D95","v":"H"},{"$f":"S$93","v":1},{"$f":"IF(L95<>\"\",\"\",Q95*S95)","v":0.01},{"$f":"IF(L95<>\"\",\"\",IF(INDEX('CPU - PROJ.AUX'!$H:$H,MATCH($O95,'CPU - PROJ.AUX'!$B:$B,0))=0,INDEX('CPU - PROJ.AUX'!$I:$I,MATCH($O95,'CPU - PROJ.AUX'!$B:$B,0)),INDEX('CPU - PROJ.AUX'!$H:$H,MATCH($O95,'CPU - PROJ.AUX'!$B:$B,0))))","v":19.82},{"$f":"IF(L95<>\"\",IF(I95=0,J95,I95)*S95,T95*U95)","v":0.19820000000000002}]
["COMPOSICAO",88267,"ENCANADOR OU BOMBEIRO HIDRÁULICO COM ENCARGOS COMPLEMENTARES","H",6.9000000000000006E-2,"",null,null,{"$f":"INDEX('SINAPI - SINTÉTICO'!K:K,MATCH(B96,'SINAPI - SINTÉTICO'!G:G,0))","v":24.63},1.69,null,null,"1.7.10.2","COMPOSICAO",88267,"ENCANADOR OU BOMBEIRO HIDRÁULICO COM ENCARGOS COMPLEMENTARES",6.9000000000000006E-2,"H",1,6.9000000000000006E-2,{"$f":"IF(L96<>\"\",\"\",IF(INDEX('CPU - PROJ.AUX'!$H:$H,MATCH($O96,'CPU - PROJ.AUX'!$B:$B,0))=0,INDEX('CPU - PROJ.AUX'!$I:$I,MATCH($O96,'CPU - PROJ.AUX'!$B:$B,0)),INDEX('CPU - PROJ.AUX'!$H:$H,MATCH($O96,'CPU - PROJ.AUX'!$B:$B,0))))","v":24.63},1.69947]
["02.INEL.ELE4.028/01","CPU","LUVA DE EMENDA PARA ELETRODUTO, AÇO GALVANIZADO, DN 25 MM (1''), APARENTE, INSTALADA EM TETO - FORNECIMENTO E INSTALAÇÃO. AF_11/2016_P","UN","","Instalações Elétricas - parte 1",null,null,{"$f":"J97","v":8.51},{"$f":"SUM(J98:J100)","v":8.51},null,"1.7.10.2",{"$f":"IF(L97<>\"\",L97,IF(M96<>0,M96,L97))","v":"1.7.10.2"},"02.INEL.ELE4.028/01","CPU","LUVA DE EMENDA PARA ELETRODUTO, AÇO GALVANIZADO, DN 25 MM (1''), APARENTE, INSTALADA EM TETO - FORNECIMENTO E INSTALAÇÃO. AF_11/2016_P",{"$f":"IF(L97<>\"\",\"\",E97)","v":""},"UN",{"$f":"'CPU - PROJETO'!Q251","v":0.33329999999999999},{"$f":"IF(L97<>\"\",\"\",Q97*S97)","v":""},{"$f":"IF(L97<>\"\",\"\",IF(INDEX('CPU - PROJETO'!$H:$H,MATCH($O97,'CPU - PROJETO'!$B:$B,0))=0,INDEX('CPU - PROJETO'!$I:$I,MATCH($O97,'CPU - PROJETO'!$B:$B,0)),INDEX('CPU - PROJETO'!$H:$H,MATCH($O97,'CPU - PROJETO'!$B:$B,0))))","v":""},{"$f":"IF(L97<>\"\",IF(I97=0,J97,I97)*S97,T97*U97)","v":2.8363829999999997},{"$f":"CONCATENATE(M97,\" \",O97)","v":"1.7.10.2 CPU"}]
["INSUMO",2638,"LUVA PARA ELETRODUTO, EM ACO GALVANIZADO ELETROLITICO, DIAMETRO DE 25 MM (1\")","UN",1,"",null,{"$f":"INDEX('SINAPI - INSUMO'!E:E,MATCH(B98,'SINAPI - INSUMO'!A:A,0))","v":2.34},null,2.34,null,null,{"$f":"IF(L98<>\"\",L98,IF(M97<>0,M97,L98))","v":"1.7.10.2"},{"$f":"A98","v":"INSUMO"},{"$f":"B98","v":2638},{"$f":"C98","v":"LUVA PARA ELETRODUTO, EM ACO GALVANIZADO ELETROLITICO, DIAMETRO DE 25 MM (1\")"},{"$f":"IF(L98<>\"\",\"\",E98)","v":1},{"$f":"D98","v":"UN"},{"$f":"S$97","v":0.33329999999999999},{"$f":"IF(L98<>\"\",\"\",Q98*S98)","v":0.33329999999999999},{"$f":"IF(L98<>\"\",\"\",IF(INDEX('CPU - PROJ.AUX'!$H:$H,MATCH($O98,'CPU - PROJ.AUX'!$B:$B,0))=0,INDEX('CPU - PROJ.AUX'!$I:$I,MATCH($O98,'CPU - PROJ.AUX'!$B:$B,0)),INDEX('CPU - PROJ.AUX'!$H:$H,MATCH($O98,'CPU - PROJ.AUX'!$B:$B,0))))","v":2.34},{"$f":"IF(L98<>\"\",IF(I98=0,J98,I98)*S98,T98*U98)","v":0.77992199999999989}]
["COMPOSICAO",88247,"AUXILIAR DE ELETRICISTA COM ENCARGOS COMPLEMENTARES","H",0.13539999999999999,"",null,null,{"$f":"INDEX('SINAPI - SINTÉTICO'!K:K,MATCH(B99,'SINAPI - SINTÉTICO'!G:G,0))","v":20},2.7,null,null,{"$f":"IF(L99<>\"\",L99,IF(M98<>0,M98,L99))","v":"1.7.10.2"},{"$f":"A99","v":"COMPOSICAO"},{"$f":"B99","v":88247},{"$f":"C99","v":"AUXILIAR DE ELETRICISTA COM ENCARGOS COMPLEMENTARES"},{"$f":"IF(L99<>\"\",\"\",E99)","v":0.13539999999999999},{"$f":"D99","v":"H"},{"$f":"S$97","v":0.33329999999999999},{"$f":"IF(L99<>\"\",\"\",Q99*S99)","v":4.5128819999999993E-2},{"$f":"IF(L99<>\"\",\"\",IF(INDEX('CPU - PROJ.AUX'!$H:$H,MATCH($O99,'CPU - PROJ.AUX'!$B:$B,0))=0,INDEX('CPU - PROJ.AUX'!$I:$I,MATCH($O99,'CPU - PROJ.AUX'!$B:$B,0)),INDEX('CPU - PROJ.AUX'!$H:$H,MATCH($O99,'CPU - PROJ.AUX'!$B:$B,0))))","v":20},{"$f":"IF(L99<>\"\",IF(I99=0,J99,I99)*S99,T99*U99)","v":0.90257639999999983}]
["COMPOSICAO",88264,"ELETRICISTA COM ENCARGOS COMPLEMENTARES","H",0.13539999999999999,"",null,null,{"$f":"INDEX('SINAPI - SINTÉTICO'!K:K,MATCH(B100,'SINAPI - SINTÉTICO'!G:G,0))","v":25.69},3.47,null,null,"1.7.10.2","COMPOSICAO",88264,"ELETRICISTA COM ENCARGOS COMPLEMENTARES",0.13539999999999999,"H",0.33329999999999999,4.5128819999999993E-2,{"$f":"IF(L100<>\"\",\"\",IF(INDEX('CPU - PROJ.AUX'!$H:$H,MATCH($O100,'CPU - PROJ.AUX'!$B:$B,0))=0,INDEX('CPU - PROJ.AUX'!$I:$I,MATCH($O100,'CPU - PROJ.AUX'!$B:$B,0)),INDEX('CPU - PROJ.AUX'!$H:$H,MATCH($O100,'CPU - PROJ.AUX'!$B:$B,0))))","v":25.69},1.1593593858]
["02.INHI.COFI.050/01",91173,"FIXAÇÃO DE TUBOS VERTICAIS DE PPR DIÂMETROS MENORES OU IGUAIS A 40 MM COM ABRAÇADEIRA METÁLICA RÍGIDA TIPO D 1/2\", FIXADA EM PERFILADO EM ALVENARIA. AF_05/2015","M","","Cortes e fixações",null,null,{"$f":"INDEX('SINAPI - SINTÉTICO'!K:K,MATCH(B101,'SINAPI - SINTÉTICO'!G:G,0))","v":1.77},{"$f":"SUM(J102:J104)","v":1.77},null,"1.7.10.3",{"$f":"IF(L101<>\"\",L101,IF(M100<>0,M100,L101))","v":"1.7.10.3"},"02.INHI.COFI.050/01",91173,"FIXAÇÃO DE TUBOS VERTICAIS DE PPR DIÂMETROS MENORES OU IGUAIS A 40 MM COM ABRAÇADEIRA METÁLICA RÍGIDA TIPO D 1/2\", FIXADA EM PERFILADO EM ALVENARIA. AF_05/2015",{"$f":"IF(L101<>\"\",\"\",E101)","v":""},"M",{"$f":"'CPU - PROJETO'!Q256","v":2},{"$f":"IF(L101<>\"\",\"\",Q101*S101)","v":""},{"$f":"IF(L101<>\"\",\"\",IF(INDEX('CPU - PROJETO'!$H:$H,MATCH($O101,'CPU - PROJETO'!$B:$B,0))=0,INDEX('CPU - PROJETO'!$I:$I,MATCH($O101,'CPU - PROJETO'!$B:$B,0)),INDEX('CPU - PROJETO'!$H:$H,MATCH($O101,'CPU - PROJETO'!$B:$B,0))))","v":""},{"$f":"IF(L101<>\"\",IF(I101=0,J101,I101)*S101,T101*U101)","v":3.54},{"$f":"CONCATENATE(M101,\" \",O101)","v":"1.7.10.3 91173"}]
["INSUMO",392,"ABRACADEIRA EM ACO PARA AMARRACAO DE ELETRODUTOS, TIPO D, COM 1/2\" E PARAFUSO DE FIXACAO","UN",0.33300000000000002,"",null,{"$f":"INDEX('SINAPI - INSUMO'!E:E,MATCH(B102,'SINAPI - INSUMO'!A:A,0))","v":2.4700000000000002},null,0.82,null,null,{"$f":"IF(L102<>\"\",L102,IF(M101<>0,M101,L102))","v":"1.7.10.3"},{"$f":"A102","v":"INSUMO"},{"$f":"B102","v":392},{"$f":"C102","v":"ABRACADEIRA EM ACO PARA AMARRACAO DE ELETRODUTOS, TIPO D, COM 1/2\" E PARAFUSO DE FIXACAO"},{"$f":"IF(L102<>\"\",\"\",E102)","v":0.33300000000000002},{"$f":"D102","v":"UN"},{"$f":"S$101","v":2},{"$f":"IF(L102<>\"\",\"\",Q102*S102)","v":0.66600000000000004},{"$f":"IF(L102<>\"\",\"\",IF(INDEX('CPU - PROJ.AUX'!$H:$H,MATCH($O102,'CPU - PROJ.AUX'!$B:$B,0))=0,INDEX('CPU - PROJ.AUX'!$I:$I,MATCH($O102,'CPU - PROJ.AUX'!$B:$B,0)),INDEX('CPU - PROJ.AUX'!$H:$H,MATCH($O102,'CPU - PROJ.AUX'!$B:$B,0))))","v":2.4700000000000002},{"$f":"IF(L102<>\"\",IF(I102=0,J102,I102)*S102,T102*U102)","v":1.6450200000000001}]
["COMPOSICAO",88248,"AUXILIAR DE ENCANADOR OU BOMBEIRO HIDRÁULICO COM ENCARGOS COMPLEMENTARES","H",5.0000000000000001E-3,"",null,null,{"$f":"INDEX('SINAPI - SINTÉTICO'!K:K,MATCH(B103,'SINAPI - SINTÉTICO'!G:G,0))","v":19.82},0.09,null,null,{"$f":"IF(L103<>\"\",L103,IF(M102<>0,M102,L103))","v":"1.7.10.3"},{"$f":"A103","v":"COMPOSICAO"},{"$f":"B103","v":88248},{"$f":"C103","v":"AUXILIAR DE ENCANADOR OU BOMBEIRO HIDRÁULICO COM ENCARGOS COMPLEMENTARES"},{"$f":"IF(L103<>\"\",\"\",E103)","v":5.0000000000000001E-3},{"$f":"D103","v":"H"},{"$f":"S$101","v":2},{"$f":"IF(L103<>\"\",\"\",Q103*S103)","v":0.01},{"$f":"IF(L103<>\"\",\"\",IF(INDEX('CPU - PROJ.AUX'!$H:$H,MATCH($O103,'CPU - PROJ.AUX'!$B:$B,0))=0,INDEX('CPU - PROJ.AUX'!$I:$I,MATCH($O103,'CPU - PROJ.AUX'!$B:$B,0)),INDEX('CPU - PROJ.AUX'!$H:$H,MATCH($O103,'CPU - PROJ.AUX'!$B:$B,0))))","v":19.82},{"$f":"IF(L103<>\"\",IF(I103=0,J103,I103)*S103,T103*U103)","v":0.19820000000000002}]
["COMPOSICAO",88267,"ENCANADOR OU BOMBEIRO HIDRÁULICO COM ENCARGOS COMPLEMENTARES","H",3.5000000000000003E-2,"",null,null,{"$f":"INDEX('SINAPI - SINTÉTICO'!K:K,MATCH(B104,'SINAPI - SINTÉTICO'!G:G,0))","v":24.63},0.86,null,null,"1.7.10.3","COMPOSICAO",88267,"ENCANADOR OU BOMBEIRO HIDRÁULICO COM ENCARGOS COMPLEMENTARES",3.5000000000000003E-2,"H",2,7.0000000000000007E-2,{"$f":"IF(L104<>\"\",\"\",IF(INDEX('CPU - PROJ.AUX'!$H:$H,MATCH($O104,'CPU - PROJ.AUX'!$B:$B,0))=0,INDEX('CPU - PROJ.AUX'!$I:$I,MATCH($O104,'CPU - PROJ.AUX'!$B:$B,0)),INDEX('CPU - PROJ.AUX'!$H:$H,MATCH($O104,'CPU - PROJ.AUX'!$B:$B,0))))","v":24.63},1.7241000000000002]
["02.INEL.ELE4.032/01",95758,"LUVA DE EMENDA PARA ELETRODUTO, AÇO GALVANIZADO, DN 25 MM (1''), APARENTE, INSTALADA EM PAREDE - FORNECIMENTO E INSTALAÇÃO. AF_11/2016_P","UN","","Instalações Elétricas - parte 1",null,null,{"$f":"J105","v":11.62},{"$f":"SUM(J106:J108)","v":11.62},null,"1.7.10.3",{"$f":"IF(L105<>\"\",L105,IF(M104<>0,M104,L105))","v":"1.7.10.3"},"02.INEL.ELE4.032/01",95758,"LUVA DE EMENDA PARA ELETRODUTO, AÇO GALVANIZADO, DN 25 MM (1''), APARENTE, INSTALADA EM PAREDE - FORNECIMENTO E INSTALAÇÃO. AF_11/2016_P",{"$f":"IF(L105<>\"\",\"\",E105)","v":""},"UN",{"$f":"'CPU - PROJETO'!Q257","v":0.33329999999999999},{"$f":"IF(L105<>\"\",\"\",Q105*S105)","v":""},{"$f":"IF(L105<>\"\",\"\",IF(INDEX('CPU - PROJETO'!$H:$H,MATCH($O105,'CPU - PROJETO'!$B:$B,0))=0,INDEX('CPU - PROJETO'!$I:$I,MATCH($O105,'CPU - PROJETO'!$B:$B,0)),INDEX('CPU - PROJETO'!$H:$H,MATCH($O105,'CPU - PROJETO'!$B:$B,0))))","v":""},{"$f":"IF(L105<>\"\",IF(I105=0,J105,I105)*S105,T105*U105)","v":3.8729459999999998},{"$f":"CONCATENATE(M105,\" \",O105)","v":"1.7.10.3 95758"}]
["INSUMO",2638,"LUVA PARA ELETRODUTO, EM ACO GALVANIZADO ELETROLITICO, DIAMETRO DE 25 MM (1\")","UN",1,"",null,{"$f":"INDEX('SINAPI - INSUMO'!E:E,MATCH(B106,'SINAPI - INSUMO'!A:A,0))","v":2.34},null,2.34,null,null,{"$f":"IF(L106<>\"\",L106,IF(M105<>0,M105,L106))","v":"1.7.10.3"},{"$f":"A106","v":"INSUMO"},{"$f":"B106","v":2638},{"$f":"C106","v":"LUVA PARA ELETRODUTO, EM ACO GALVANIZADO ELETROLITICO, DIAMETRO DE 25 MM (1\")"},{"$f":"IF(L106<>\"\",\"\",E106)","v":1},{"$f":"D106","v":"UN"},{"$f":"S$105","v":0.33329999999999999},{"$f":"IF(L106<>\"\",\"\",Q106*S106)","v":0.33329999999999999},{"$f":"IF(L106<>\"\",\"\",IF(INDEX('CPU - PROJ.AUX'!$H:$H,MATCH($O106,'CPU - PROJ.AUX'!$B:$B,0))=0,INDEX('CPU - PROJ.AUX'!$I:$I,MATCH($O106,'CPU - PROJ.AUX'!$B:$B,0)),INDEX('CPU - PROJ.AUX'!$H:$H,MATCH($O106,'CPU - PROJ.AUX'!$B:$B,0))))","v":2.34},{"$f":"IF(L106<>\"\",IF(I106=0,J106,I106)*S106,T106*U106)","v":0.77992199999999989}]
["COMPOSICAO",88247,"AUXILIAR DE ELETRICISTA COM ENCARGOS COMPLEMENTARES","H",0.20330000000000001,"",null,null,{"$f":"INDEX('SINAPI - SINTÉTICO'!K:K,MATCH(B107,'SINAPI - SINTÉTICO'!G:G,0))","v":20},4.0599999999999996,null,null,{"$f":"IF(L107<>\"\",L107,IF(M106<>0,M106,L107))","v":"1.7.10.3"},{"$f":"A107","v":"COMPOSICAO"},{"$f":"B107","v":88247},{"$f":"C107","v":"AUXILIAR DE ELETRICISTA COM ENCARGOS COMPLEMENTARES"},{"$f":"IF(L107<>\"\",\"\",E107)","v":0.20330000000000001},{"$f":"D107","v":"H"},{"$f":"S$105","v":0.33329999999999999},{"$f":"IF(L107<>\"\",\"\",Q107*S107)","v":6.7759890000000003E-2},{"$f":"IF(L107<>\"\",\"\",IF(INDEX('CPU - PROJ.AUX'!$H:$H,MATCH($O107,'CPU - PROJ.AUX'!$B:$B,0))=0,INDEX('CPU - PROJ.AUX'!$I:$I,MATCH($O107,'CPU - PROJ.AUX'!$B:$B,0)),INDEX('CPU - PROJ.AUX'!$H:$H,MATCH($O107,'CPU - PROJ.AUX'!$B:$B,0))))","v":20},{"$f":"IF(L107<>\"\",IF(I107=0,J107,I107)*S107,T107*U107)","v":1.3551978}]
["COMPOSICAO",88264,"ELETRICISTA COM ENCARGOS COMPLEMENTARES","H",0.20330000000000001,"",null,null,{"$f":"INDEX('SINAPI - SINTÉTICO'!K:K,MATCH(B108,'SINAPI - SINTÉTICO'!G:G,0))","v":25.69},5.22,null,null,"1.7.10.3","COMPOSICAO",88264,"ELETRICISTA COM ENCARGOS COMPLEMENTARES",0.20330000000000001,"H",0.33329999999999999,6.7759890000000003E-2,{"$f":"IF(L108<>\"\",\"\",IF(INDEX('CPU - PROJ.AUX'!$H:$H,MATCH($O108,'CPU - PROJ.AUX'!$B:$B,0))=0,INDEX('CPU - PROJ.AUX'!$I:$I,MATCH($O108,'CPU - PROJ.AUX'!$B:$B,0)),INDEX('CPU - PROJ.AUX'!$H:$H,MATCH($O108,'CPU - PROJ.AUX'!$B:$B,0))))","v":25.69},1.7407515741000001]
["02.INEL.ELE1.063/01",91946,"SUPORTE PARAFUSADO COM PLACA DE ENCAIXE 4\" X 2\" MÉDIO (1,30 M DO PISO) PARA PONTO ELÉTRICO - FORNECIMENTO E INSTALAÇÃO. AF_12/2015","UN","","Instalações Elétricas - parte 1",null,null,{"$f":"INDEX('SINAPI - SINTÉTICO'!K:K,MATCH(B109,'SINAPI - SINTÉTICO'!G:G,0))","v":7.96},{"$f":"SUM(J110:J112)","v":7.9599999999999991},null,"1.7.10.8",{"$f":"IF(L109<>\"\",L109,IF(M108<>0,M108,L109))","v":"1.7.10.8"},"02.INEL.ELE1.063/01",91946,"SUPORTE PARAFUSADO COM PLACA DE ENCAIXE 4\" X 2\" MÉDIO (1,30 M DO PISO) PARA PONTO ELÉTRICO - FORNECIMENTO E INSTALAÇÃO. AF_12/2015",{"$f":"IF(L109<>\"\",\"\",E109)","v":""},"UN",{"$f":"INDEX('CPU - PROJETO'!Q:Q,MATCH(W109,'CPU - PROJETO'!W:W,0))","v":1},{"$f":"IF(L109<>\"\",\"\",Q109*S109)","v":""},{"$f":"IF(L109<>\"\",\"\",IF(INDEX('CPU - PROJETO'!$H:$H,MATCH($O109,'CPU - PROJETO'!$B:$B,0))=0,INDEX('CPU - PROJETO'!$I:$I,MATCH($O109,'CPU - PROJETO'!$B:$B,0)),INDEX('CPU - PROJETO'!$H:$H,MATCH($O109,'CPU - PROJETO'!$B:$B,0))))","v":""},{"$f":"IF(L109<>\"\",IF(I109=0,J109,I109)*S109,T109*U109)","v":7.96},{"$f":"CONCATENATE(M109,\" \",O109)","v":"1.7.10.8 91946"}]
["INSUMO",38094,"ESPELHO / PLACA DE 3 POSTOS 4\" X 2\", PARA INSTALACAO DE TOMADAS E INTERRUPTORES","UN",1,"",null,{"$f":"INDEX('SINAPI - INSUMO'!E:E,MATCH(B110,'SINAPI - INSUMO'!A:A,0))","v":3.15},null,3.15,null,null,{"$f":"IF(L110<>\"\",L110,IF(M109<>0,M109,L110))","v":"1.7.10.8"},{"$f":"A110","v":"INSUMO"},{"$f":"B110","v":38094},{"$f":"C110","v":"ESPELHO / PLACA DE 3 POSTOS 4\" X 2\", PARA INSTALACAO DE TOMADAS E INTERRUPTORES"},{"$f":"IF(L110<>\"\",\"\",E110)","v":1},{"$f":"D110","v":"UN"},{"$f":"S$109","v":1},{"$f":"IF(L110<>\"\",\"\",Q110*S110)","v":1},{"$f":"IF(L110<>\"\",\"\",IF(INDEX('CPU - PROJ.AUX'!$H:$H,MATCH($O110,'CPU - PROJ.AUX'!$B:$B,0))=0,INDEX('CPU - PROJ.AUX'!$I:$I,MATCH($O110,'CPU - PROJ.AUX'!$B:$B,0)),INDEX('CPU - PROJ.AUX'!$H:$H,MATCH($O110,'CPU - PROJ.AUX'!$B:$B,0))))","v":3.15},{"$f":"IF(L110<>\"\",IF(I110=0,J110,I110)*S110,T110*U110)","v":3.15},{"$f":"CONCATENATE(M110,\" \",O110)","v":"1.7.10.8 38094"}]
["INSUMO",38099,"SUPORTE DE FIXACAO PARA ESPELHO / PLACA 4\" X 2\", PARA 3 MODULOS, PARA INSTALACAO DE TOMADAS E INTERRUPTORES (SOMENTE SUPORTE)","UN",1,"",null,{"$f":"INDEX('SINAPI - INSUMO'!E:E,MATCH(B111,'SINAPI - INSUMO'!A:A,0))","v":1.63},null,1.63,null,null,{"$f":"IF(L111<>\"\",L111,IF(M110<>0,M110,L111))","v":"1.7.10.8"},{"$f":"A111","v":"INSUMO"},{"$f":"B111","v":38099},{"$f":"C111","v":"SUPORTE DE FIXACAO PARA ESPELHO / PLACA 4\" X 2\", PARA 3 MODULOS, PARA INSTALACAO DE TOMADAS E INTERRUPTORES (SOMENTE SUPORTE)"},{"$f":"IF(L111<>\"\",\"\",E111)","v":1},{"$f":"D111","v":"UN"},{"$f":"S$109","v":1},{"$f":"IF(L111<>\"\",\"\",Q111*S111)","v":1},{"$f":"IF(L111<>\"\",\"\",IF(INDEX('CPU - PROJ.AUX'!$H:$H,MATCH($O111,'CPU - PROJ.AUX'!$B:$B,0))=0,INDEX('CPU - PROJ.AUX'!$I:$I,MATCH($O111,'CPU - PROJ.AUX'!$B:$B,0)),INDEX('CPU - PROJ.AUX'!$H:$H,MATCH($O111,'CPU - PROJ.AUX'!$B:$B,0))))","v":1.63},{"$f":"IF(L111<>\"\",IF(I111=0,J111,I111)*S111,T111*U111)","v":1.63},"1.7.10.8 38099"]
["COMPOSICAO",88264,"ELETRICISTA COM ENCARGOS COMPLEMENTARES","H",0.124,"",null,null,{"$f":"INDEX('SINAPI - SINTÉTICO'!K:K,MATCH(B112,'SINAPI - SINTÉTICO'!G:G,0))","v":25.69},3.18,null,null,"1.7.10.8","COMPOSICAO",88264,"ELETRICISTA COM ENCARGOS COMPLEMENTARES",0.124,"H",1,0.124,{"$f":"IF(L112<>\"\",\"\",IF(INDEX('CPU - PROJ.AUX'!$H:$H,MATCH($O112,'CPU - PROJ.AUX'!$B:$B,0))=0,INDEX('CPU - PROJ.AUX'!$I:$I,MATCH($O112,'CPU - PROJ.AUX'!$B:$B,0)),INDEX('CPU - PROJ.AUX'!$H:$H,MATCH($O112,'CPU - PROJ.AUX'!$B:$B,0))))","v":25.69},3.1855600000000002,"1.7.10.8 88264"]
["02.INEL.ELE1.089/02",91999,"TOMADA BAIXA DE EMBUTIR (1 MÓDULO), 2P+T 20 A, SEM SUPORTE E SEM PLACA - FORNECIMENTO E INSTALAÇÃO. AF_12/2015","UN","","Instalações Elétricas - parte 1",null,null,{"$f":"INDEX('SINAPI - SINTÉTICO'!K:K,MATCH(B113,'SINAPI - SINTÉTICO'!G:G,0))","v":21.56},{"$f":"SUM(J114:J116)","v":21.560000000000002},null,"1.7.10.8",{"$f":"IF(L113<>\"\",L113,IF(M112<>0,M112,L113))","v":"1.7.10.8"},"02.INEL.ELE1.089/02",91999,"TOMADA BAIXA DE EMBUTIR (1 MÓDULO), 2P+T 20 A, SEM SUPORTE E SEM PLACA - FORNECIMENTO E INSTALAÇÃO. AF_12/2015",{"$f":"IF(L113<>\"\",\"\",E113)","v":""},"UN",{"$f":"INDEX('CPU - PROJETO'!Q:Q,MATCH(W113,'CPU - PROJETO'!W:W,0))","v":1},{"$f":"IF(L113<>\"\",\"\",Q113*S113)","v":""},{"$f":"IF(L113<>\"\",\"\",IF(INDEX('CPU - PROJETO'!$H:$H,MATCH($O113,'CPU - PROJETO'!$B:$B,0))=0,INDEX('CPU - PROJETO'!$I:$I,MATCH($O113,'CPU - PROJETO'!$B:$B,0)),INDEX('CPU - PROJETO'!$H:$H,MATCH($O113,'CPU - PROJETO'!$B:$B,0))))","v":""},{"$f":"IF(L113<>\"\",IF(I113=0,J113,I113)*S113,T113*U113)","v":21.56},{"$f":"CONCATENATE(M113,\" \",O113)","v":"1.7.10.8 91999"}]
["INSUMO",38102,"TOMADA 2P+T 20A, 250V  (APENAS MODULO)","UN",1,"",null,{"$f":"INDEX('SINAPI - INSUMO'!E:E,MATCH(B114,'SINAPI - INSUMO'!A:A,0))","v":10.83},null,10.83,null,null,{"$f":"IF(L114<>\"\",L114,IF(M113<>0,M113,L114))","v":"1.7.10.8"},{"$f":"A114","v":"INSUMO"},{"$f":"B114","v":38102},{"$f":"C114","v":"TOMADA 2P+T 20A, 250V  (APENAS MODULO)"},{"$f":"IF(L114<>\"\",\"\",E114)","v":1},{"$f":"D114","v":"UN"},{"$f":"S$113","v":1},{"$f":"IF(L114<>\"\",\"\",Q114*S114)","v":1},{"$f":"IF(L114<>\"\",\"\",IF(INDEX('CPU - PROJ.AUX'!$H:$H,MATCH($O114,'CPU - PROJ.AUX'!$B:$B,0))=0,INDEX('CPU - PROJ.AUX'!$I:$I,MATCH($O114,'CPU - PROJ.AUX'!$B:$B,0)),INDEX('CPU - PROJ.AUX'!$H:$H,MATCH($O114,'CPU - PROJ.AUX'!$B:$B,0))))","v":10.83},{"$f":"IF(L114<>\"\",IF(I114=0,J114,I114)*S114,T114*U114)","v":10.83},{"$f":"CONCATENATE(M114,\" \",O114)","v":"1.7.10.8 38102"}]
["COMPOSICAO",88247,"AUXILIAR DE ELETRICISTA COM ENCARGOS COMPLEMENTARES","H",0.23499999999999999,"",null,null,{"$f":"INDEX('SINAPI - SINTÉTICO'!K:K,MATCH(B115,'SINAPI - SINTÉTICO'!G:G,0))","v":20},4.7,null,null,{"$f":"IF(L115<>\"\",L115,IF(M114<>0,M114,L115))","v":"1.7.10.8"},{"$f":"A115","v":"COMPOSICAO"},{"$f":"B115","v":88247},{"$f":"C115","v":"AUXILIAR DE ELETRICISTA COM ENCARGOS COMPLEMENTARES"},{"$f":"IF(L115<>\"\",\"\",E115)","v":0.23499999999999999},{"$f":"D115","v":"H"},{"$f":"S$113","v":1},{"$f":"IF(L115<>\"\",\"\",Q115*S115)","v":0.23499999999999999},{"$f":"IF(L115<>\"\",\"\",IF(INDEX('CPU - PROJ.AUX'!$H:$H,MATCH($O115,'CPU - PROJ.AUX'!$B:$B,0))=0,INDEX('CPU - PROJ.AUX'!$I:$I,MATCH($O115,'CPU - PROJ.AUX'!$B:$B,0)),INDEX('CPU - PROJ.AUX'!$H:$H,MATCH($O115,'CPU - PROJ.AUX'!$B:$B,0))))","v":20},{"$f":"IF(L115<>\"\",IF(I115=0,J115,I115)*S115,T115*U115)","v":4.6999999999999993},"1.7.10.8 88247"]
["COMPOSICAO",88264,"ELETRICISTA COM ENCARGOS COMPLEMENTARES","H",0.23499999999999999,"",null,null,{"$f":"INDEX('SINAPI - SINTÉTICO'!K:K,MATCH(B116,'SINAPI - SINTÉTICO'!G:G,0))","v":25.69},6.03,null,null,"1.7.10.8","COMPOSICAO",88264,"ELETRICISTA COM ENCARGOS COMPLEMENTARES",0.23499999999999999,"H",1,0.23499999999999999,{"$f":"IF(L116<>\"\",\"\",IF(INDEX('CPU - PROJ.AUX'!$H:$H,MATCH($O116,'CPU - PROJ.AUX'!$B:$B,0))=0,INDEX('CPU - PROJ.AUX'!$I:$I,MATCH($O116,'CPU - PROJ.AUX'!$B:$B,0)),INDEX('CPU - PROJ.AUX'!$H:$H,MATCH($O116,'CPU - PROJ.AUX'!$B:$B,0))))","v":25.69},6.0371499999999996,"1.7.10.8 88264"]
["02.INEL.ELE1.068/01",91952,"INTERRUPTOR SIMPLES (1 MÓDULO), 10A/250V, SEM SUPORTE E SEM PLACA - FORNECIMENTO E INSTALAÇÃO. AF_12/2015","UN","","Instalações Elétricas - parte 1",null,null,{"$f":"INDEX('SINAPI - SINTÉTICO'!K:K,MATCH(B117,'SINAPI - SINTÉTICO'!G:G,0))","v":17.72},{"$f":"SUM(J118:J120)","v":17.720000000000002},null,"1.7.10.9",{"$f":"IF(L117<>\"\",L117,IF(M116<>0,M116,L117))","v":"1.7.10.9"},"02.INEL.ELE1.068/01",91952,"INTERRUPTOR SIMPLES (1 MÓDULO), 10A/250V, SEM SUPORTE E SEM PLACA - FORNECIMENTO E INSTALAÇÃO. AF_12/2015",{"$f":"IF(L117<>\"\",\"\",E117)","v":""},"UN",{"$f":"INDEX('CPU - PROJETO'!Q:Q,MATCH(W117,'CPU - PROJETO'!W:W,0))","v":1},{"$f":"IF(L117<>\"\",\"\",Q117*S117)","v":""},{"$f":"IF(L117<>\"\",\"\",IF(INDEX('CPU - PROJETO'!$H:$H,MATCH($O117,'CPU - PROJETO'!$B:$B,0))=0,INDEX('CPU - PROJETO'!$I:$I,MATCH($O117,'CPU - PROJETO'!$B:$B,0)),INDEX('CPU - PROJETO'!$H:$H,MATCH($O117,'CPU - PROJETO'!$B:$B,0))))","v":""},{"$f":"IF(L117<>\"\",IF(I117=0,J117,I117)*S117,T117*U117)","v":17.72},{"$f":"CONCATENATE(M117,\" \",O117)","v":"1.7.10.9 91952"}]
["INSUMO",38112,"INTERRUPTOR SIMPLES 10A, 250V (APENAS MODULO)","UN",1,"",null,{"$f":"INDEX('SINAPI - INSUMO'!E:E,MATCH(B118,'SINAPI - INSUMO'!A:A,0))","v":7.44},null,7.44,null,null,{"$f":"IF(L118<>\"\",L118,IF(M117<>0,M117,L118))","v":"1.7.10.9"},{"$f":"A118","v":"INSUMO"},{"$f":"B118","v":38112},{"$f":"C118","v":"INTERRUPTOR SIMPLES 10A, 250V (APENAS MODULO)"},{"$f":"IF(L118<>\"\",\"\",E118)","v":1},{"$f":"D118","v":"UN"},{"$f":"S$117","v":1},{"$f":"IF(L118<>\"\",\"\",Q118*S118)","v":1},{"$f":"IF(L118<>\"\",\"\",IF(INDEX('CPU - PROJ.AUX'!$H:$H,MATCH($O118,'CPU - PROJ.AUX'!$B:$B,0))=0,INDEX('CPU - PROJ.AUX'!$I:$I,MATCH($O118,'CPU - PROJ.AUX'!$B:$B,0)),INDEX('CPU - PROJ.AUX'!$H:$H,MATCH($O118,'CPU - PROJ.AUX'!$B:$B,0))))","v":7.44},{"$f":"IF(L118<>\"\",IF(I118=0,J118,I118)*S118,T118*U118)","v":7.44},{"$f":"CONCATENATE(M118,\" \",O118)","v":"1.7.10.9 38112"}]
["COMPOSICAO",88247,"AUXILIAR DE ELETRICISTA COM ENCARGOS COMPLEMENTARES","H",0.22500000000000001,"",null,null,{"$f":"INDEX('SINAPI - SINTÉTICO'!K:K,MATCH(B119,'SINAPI - SINTÉTICO'!G:G,0))","v":20},4.5,null,null,{"$f":"IF(L119<>\"\",L119,IF(M118<>0,M118,L119))","v":"1.7.10.9"},{"$f":"A119","v":"COMPOSICAO"},{"$f":"B119","v":88247},{"$f":"C119","v":"AUXILIAR DE ELETRICISTA COM ENCARGOS COMPLEMENTARES"},{"$f":"IF(L119<>\"\",\"\",E119)","v":0.22500000000000001},{"$f":"D119","v":"H"},{"$f":"S$117","v":1},{"$f":"IF(L119<>\"\",\"\",Q119*S119)","v":0.22500000000000001},{"$f":"IF(L119<>\"\",\"\",IF(INDEX('CPU - PROJ.AUX'!$H:$H,MATCH($O119,'CPU - PROJ.AUX'!$B:$B,0))=0,INDEX('CPU - PROJ.AUX'!$I:$I,MATCH($O119,'CPU - PROJ.AUX'!$B:$B,0)),INDEX('CPU - PROJ.AUX'!$H:$H,MATCH($O119,'CPU - PROJ.AUX'!$B:$B,0))))","v":20},{"$f":"IF(L119<>\"\",IF(I119=0,J119,I119)*S119,T119*U119)","v":4.5},"1.7.10.9 88247"]
["COMPOSICAO",88264,"ELETRICISTA COM ENCARGOS COMPLEMENTARES","H",0.22500000000000001,"",null,null,{"$f":"INDEX('SINAPI - SINTÉTICO'!K:K,MATCH(B120,'SINAPI - SINTÉTICO'!G:G,0))","v":25.69},5.78,null,null,"1.7.10.9","COMPOSICAO",88264,"ELETRICISTA COM ENCARGOS COMPLEMENTARES",0.22500000000000001,"H",1,0.22500000000000001,{"$f":"IF(L120<>\"\",\"\",IF(INDEX('CPU - PROJ.AUX'!$H:$H,MATCH($O120,'CPU - PROJ.AUX'!$B:$B,0))=0,INDEX('CPU - PROJ.AUX'!$I:$I,MATCH($O120,'CPU - PROJ.AUX'!$B:$B,0)),INDEX('CPU - PROJ.AUX'!$H:$H,MATCH($O120,'CPU - PROJ.AUX'!$B:$B,0))))","v":25.69},5.7802500000000006,"1.7.10.9 88264"]
["01.SEDI.ARGA.133/01",88628,"ARGAMASSA TRAÇO 1:3 (CIMENTO E AREIA MÉDIA), PREPARO MECÂNICO COM BETONEIRA 400 L. AF_08/2014","M3","","Argamassas e grautes",null,null,{"$f":"INDEX('SINAPI - SINTÉTICO'!K:K,MATCH(B121,'SINAPI - SINTÉTICO'!G:G,0))","v":575.37},{"$f":"SUM(J122:J126)","v":575.37},null,"1.7.2.9",{"$f":"IF(L121<>\"\",L121,IF(M120<>0,M120,L121))","v":"1.7.2.9"},"01.SEDI.ARGA.133/01",88628,"ARGAMASSA TRAÇO 1:3 (CIMENTO E AREIA MÉDIA), PREPARO MECÂNICO COM BETONEIRA 400 L. AF_08/2014",{"$f":"IF(L121<>\"\",\"\",E121)","v":""},"M3",{"$f":"INDEX('CPU - PROJETO'!Q:Q,MATCH(W121,'CPU - PROJETO'!W:W,0))","v":2.5000000000000001E-3},{"$f":"IF(L121<>\"\",\"\",Q121*S121)","v":""},{"$f":"IF(L121<>\"\",\"\",IF(INDEX('CPU - PROJETO'!$H:$H,MATCH($O121,'CPU - PROJETO'!$B:$B,0))=0,INDEX('CPU - PROJETO'!$I:$I,MATCH($O121,'CPU - PROJETO'!$B:$B,0)),INDEX('CPU - PROJETO'!$H:$H,MATCH($O121,'CPU - PROJETO'!$B:$B,0))))","v":""},{"$f":"IF(L121<>\"\",IF(I121=0,J121,I121)*S121,T121*U121)","v":1.4384250000000001},{"$f":"CONCATENATE(M121,\" \",O121)","v":"1.7.2.9 88628"}]
["INSUMO",370,"AREIA MEDIA - POSTO JAZIDA/FORNECEDOR (RETIRADO NA JAZIDA, SEM TRANSPORTE)","M3",1.07,"",null,{"$f":"INDEX('SINAPI - INSUMO'!E:E,MATCH(B122,'SINAPI - INSUMO'!A:A,0))","v":129},null,138.03,null,null,{"$f":"IF(L122<>\"\",L122,IF(M121<>0,M121,L122))","v":"1.7.2.9"},{"$f":"A122","v":"INSUMO"},{"$f":"B122","v":370},{"$f":"C122","v":"AREIA MEDIA - POSTO JAZIDA/FORNECEDOR (RETIRADO NA JAZIDA, SEM TRANSPORTE)"},{"$f":"IF(L122<>\"\",\"\",E122)","v":1.07},{"$f":"D122","v":"M3"},{"$f":"S$121","v":2.5000000000000001E-3},{"$f":"IF(L122<>\"\",\"\",Q122*S122)","v":2.6750000000000003E-3},{"$f":"IF(L122<>\"\",\"\",IF(INDEX('CPU - PROJ.AUX'!$H:$H,MATCH($O122,'CPU - PROJ.AUX'!$B:$B,0))=0,INDEX('CPU - PROJ.AUX'!$I:$I,MATCH($O122,'CPU - PROJ.AUX'!$B:$B,0)),INDEX('CPU - PROJ.AUX'!$H:$H,MATCH($O122,'CPU - PROJ.AUX'!$B:$B,0))))","v":129},{"$f":"IF(L122<>\"\",IF(I122=0,J122,I122)*S122,T122*U122)","v":0.34507500000000002},{"$f":"CONCATENATE(M122,\" \",O122)","v":"1.7.2.9 370"}]
["INSUMO",1379,"CIMENTO PORTLAND COMPOSTO CP II-32","KG",483.7,"",null,{"$f":"INDEX('SINAPI - INSUMO'!E:E,MATCH(B123,'SINAPI - INSUMO'!A:A,0))","v":0.7},null,338.59,null,null,{"$f":"IF(L123<>\"\",L123,IF(M122<>0,M122,L123))","v":"1.7.2.9"},{"$f":"A123","v":"INSUMO"},{"$f":"B123","v":1379},{"$f":"C123","v":"CIMENTO PORTLAND COMPOSTO CP II-32"},{"$f":"IF(L123<>\"\",\"\",E123)","v":483.7},{"$f":"D123","v":"KG"},{"$f":"S$121","v":2.5000000000000001E-3},{"$f":"IF(L123<>\"\",\"\",Q123*S123)","v":1.2092499999999999},{"$f":"IF(L123<>\"\",\"\",IF(INDEX('CPU - PROJ.AUX'!$H:$H,MATCH($O123,'CPU - PROJ.AUX'!$B:$B,0))=0,INDEX('CPU - PROJ.AUX'!$I:$I,MATCH($O123,'CPU - PROJ.AUX'!$B:$B,0)),INDEX('CPU - PROJ.AUX'!$H:$H,MATCH($O123,'CPU - PROJ.AUX'!$B:$B,0))))","v":0.7},{"$f":"IF(L123<>\"\",IF(I123=0,J123,I123)*S123,T123*U123)","v":0.84647499999999987},"1.7.2.9 1379"]
["COMPOSICAO",88377,"OPERADOR DE BETONEIRA ESTACIONÁRIA/MISTURADOR COM ENCARGOS COMPLEMENTARES","H",3.42,"",null,null,{"$f":"INDEX('SINAPI - SINTÉTICO'!K:K,MATCH(B124,'SINAPI - SINTÉTICO'!G:G,0))","v":28.14},96.23,null,null,"1.7.2.9","COMPOSICAO",88377,"OPERADOR DE BETONEIRA ESTACIONÁRIA/MISTURADOR COM ENCARGOS COMPLEMENTARES",3.42,"H",2.5000000000000001E-3,8.5500000000000003E-3,{"$f":"IF(L124<>\"\",\"\",IF(INDEX('CPU - PROJ.AUX'!$H:$H,MATCH($O124,'CPU - PROJ.AUX'!$B:$B,0))=0,INDEX('CPU - PROJ.AUX'!$I:$I,MATCH($O124,'CPU - PROJ.AUX'!$B:$B,0)),INDEX('CPU - PROJ.AUX'!$H:$H,MATCH($O124,'CPU - PROJ.AUX'!$B:$B,0))))","v":28.14},0.24059700000000001,"1.7.2.9 88377"]
["COMPOSICAO",88830,"BETONEIRA CAPACIDADE NOMINAL DE 400 L, CAPACIDADE DE MISTURA 280 L, MOTOR ELÉTRICO TRIFÁSICO POTÊNCIA DE 2 CV, SEM CARREGADOR - CHP DIURNO. AF_10/2014","CHP",0.8,"",null,null,{"$f":"INDEX('SINAPI - SINTÉTICO'!K:K,MATCH(B125,'SINAPI - SINTÉTICO'!G:G,0))","v":1.88},1.5,null,null,{"$f":"IF(L125<>\"\",L125,IF(M124<>0,M124,L125))","v":"1.7.2.9"},{"$f":"A125","v":"COMPOSICAO"},{"$f":"B125","v":88830},{"$f":"C125","v":"BETONEIRA CAPACIDADE NOMINAL DE 400 L, CAPACIDADE DE MISTURA 280 L, MOTOR ELÉTRICO TRIFÁSICO POTÊNCIA DE 2 CV, SEM CARREGADOR - CHP DIURNO. AF_10/2014"},{"$f":"IF(L125<>\"\",\"\",E125)","v":0.8},{"$f":"D125","v":"CHP"},2.5000000000000001E-3,{"$f":"IF(L125<>\"\",\"\",Q125*S125)","v":2E-3},{"$f":"IF(L125<>\"\",\"\",IF(INDEX('CPU - PROJ.AUX'!$H:$H,MATCH($O125,'CPU - PROJ.AUX'!$B:$B,0))=0,INDEX('CPU - PROJ.AUX'!$I:$I,MATCH($O125,'CPU - PROJ.AUX'!$B:$B,0)),INDEX('CPU - PROJ.AUX'!$H:$H,MATCH($O125,'CPU - PROJ.AUX'!$B:$B,0))))","v":1.88},{"$f":"IF(L125<>\"\",IF(I125=0,J125,I125)*S125,T125*U125)","v":3.7599999999999999E-3},"1.7.2.9 88830"]
["COMPOSICAO",88831,"BETONEIRA CAPACIDADE NOMINAL DE 400 L, CAPACIDADE DE MISTURA 280 L, MOTOR ELÉTRICO TRIFÁSICO POTÊNCIA DE 2 CV, SEM CARREGADOR - CHI DIURNO. AF_10/2014","CHI",2.62,"",null,null,{"$f":"INDEX('SINAPI - SINTÉTICO'!K:K,MATCH(B126,'SINAPI - SINTÉTICO'!G:G,0))","v":0.39},1.02,null,null,"1.7.2.9","COMPOSICAO",88831,"BETONEIRA CAPACIDADE NOMINAL DE 400 L, CAPACIDADE DE MISTURA 280 L, MOTOR ELÉTRICO TRIFÁSICO POTÊNCIA DE 2 CV, SEM CARREGADOR - CHI DIURNO. AF_10/2014",2.62,"CHI",2.5000000000000001E-3,6.5500000000000003E-3,{"$f":"IF(L126<>\"\",\"\",IF(INDEX('CPU - PROJ.AUX'!$H:$H,MATCH($O126,'CPU - PROJ.AUX'!$B:$B,0))=0,INDEX('CPU - PROJ.AUX'!$I:$I,MATCH($O126,'CPU - PROJ.AUX'!$B:$B,0)),INDEX('CPU - PROJ.AUX'!$H:$H,MATCH($O126,'CPU - PROJ.AUX'!$B:$B,0))))","v":0.39},2.5545000000000003E-3,"1.7.2.9 88831"]
[]
["01.SEDI.ARGA.014/01",87292,"ARGAMASSA TRAÇO 1:2:8 (CIMENTO, CAL E AREIA MÉDIA) PARA EMBOÇO/MASSA ÚNICA/ASSENTAMENTO DE ALVENARIA DE VEDAÇÃO, PREPARO MECÂNICO COM BETONEIRA 400 L. AF_06/2014","M3","","Argamassas e grautes",null,null,{"$f":"INDEX('SINAPI - SINTÉTICO'!K:K,MATCH(B128,'SINAPI - SINTÉTICO'!G:G,0))","v":660.42},{"$f":"SUM(J129:J134)","v":660.42000000000007},null,"1.7.2.2",{"$f":"IF(L128<>\"\",L128,IF(M127<>0,M127,L128))","v":"1.7.2.2"},{"$f":"A128","v":"01.SEDI.ARGA.014/01"},{"$f":"B128","v":87292},{"$f":"C128","v":"ARGAMASSA TRAÇO 1:2:8 (CIMENTO, CAL E AREIA MÉDIA) PARA EMBOÇO/MASSA ÚNICA/ASSENTAMENTO DE ALVENARIA DE VEDAÇÃO, PREPARO MECÂNICO COM BETONEIRA 400 L. AF_06/2014"},{"$f":"IF(L128<>\"\",\"\",E128)","v":""},{"$f":"D128","v":"M3"},{"$f":"'CPU - PROJETO'!Q68","v":9.7999999999999997E-3},{"$f":"IF(L128<>\"\",\"\",Q128*S128)","v":""},{"$f":"IF(L128<>\"\",\"\",IF(INDEX('CPU - PROJETO'!$H:$H,MATCH($O128,'CPU - PROJETO'!$B:$B,0))=0,INDEX('CPU - PROJETO'!$I:$I,MATCH($O128,'CPU - PROJETO'!$B:$B,0)),INDEX('CPU - PROJETO'!$H:$H,MATCH($O128,'CPU - PROJETO'!$B:$B,0))))","v":""},{"$f":"IF(L128<>\"\",IF(I128=0,J128,I128)*S128,T128*U128)","v":6.4721159999999998},{"$f":"CONCATENATE(M128,\" \",O128)","v":"1.7.2.2 87292"}]
["INSUMO",370,"AREIA MEDIA - POSTO JAZIDA/FORNECEDOR (RETIRADO NA JAZIDA, SEM TRANSPORTE)","M3",1.1599999999999999,"",null,{"$f":"INDEX('SINAPI - INSUMO'!E:E,MATCH(B129,'SINAPI - INSUMO'!A:A,0))","v":129},null,{"$f":"TRUNC(E129*H129+E129*I129,2)","v":149.63999999999999},null,null,{"$f":"IF(L129<>\"\",L129,IF(M128<>0,M128,L129))","v":"1.7.2.2"},{"$f":"A129","v":"INSUMO"},{"$f":"B129","v":370},{"$f":"C129","v":"AREIA MEDIA - POSTO JAZIDA/FORNECEDOR (RETIRADO NA JAZIDA, SEM TRANSPORTE)"},{"$f":"IF(L129<>\"\",\"\",E129)","v":1.1599999999999999},{"$f":"D129","v":"M3"},{"$f":"S$128","v":9.7999999999999997E-3},{"$f":"IF(L129<>\"\",\"\",Q129*S129)","v":1.1368E-2},{"$f":"IF(L129<>\"\",\"\",IF(INDEX('CPU - PROJ.AUX'!$H:$H,MATCH($O129,'CPU - PROJ.AUX'!$B:$B,0))=0,INDEX('CPU - PROJ.AUX'!$I:$I,MATCH($O129,'CPU - PROJ.AUX'!$B:$B,0)),INDEX('CPU - PROJ.AUX'!$H:$H,MATCH($O129,'CPU - PROJ.AUX'!$B:$B,0))))","v":129},{"$f":"IF(L129<>\"\",IF(I129=0,J129,I129)*S129,T129*U129)","v":1.466472},{"$f":"CONCATENATE(M129,\" \",O129)","v":"1.7.2.2 370"}]
["INSUMO",1106,"CAL HIDRATADA CH-I PARA ARGAMASSAS","KG",174.1,"",null,{"$f":"INDEX('SINAPI - INSUMO'!E:E,MATCH(B130,'SINAPI - INSUMO'!A:A,0))","v":1.4},null,243.74,null,null,{"$f":"IF(L130<>\"\",L130,IF(M129<>0,M129,L130))","v":"1.7.2.2"},{"$f":"A130","v":"INSUMO"},{"$f":"B130","v":1106},{"$f":"C130","v":"CAL HIDRATADA CH-I PARA ARGAMASSAS"},{"$f":"IF(L130<>\"\",\"\",E130)","v":174.1},{"$f":"D130","v":"KG"},{"$f":"S$128","v":9.7999999999999997E-3},{"$f":"IF(L130<>\"\",\"\",Q130*S130)","v":1.7061799999999998},{"$f":"IF(L130<>\"\",\"\",IF(INDEX('CPU - PROJ.AUX'!$H:$H,MATCH($O130,'CPU - PROJ.AUX'!$B:$B,0))=0,INDEX('CPU - PROJ.AUX'!$I:$I,MATCH($O130,'CPU - PROJ.AUX'!$B:$B,0)),INDEX('CPU - PROJ.AUX'!$H:$H,MATCH($O130,'CPU - PROJ.AUX'!$B:$B,0))))","v":1.4},{"$f":"IF(L130<>\"\",IF(I130=0,J130,I130)*S130,T130*U130)","v":2.3886519999999996},"1.7.2.2 1106"]
["INSUMO",1379,"CIMENTO PORTLAND COMPOSTO CP II-32","KG",195.86,"",null,{"$f":"INDEX('SINAPI - INSUMO'!E:E,MATCH(B131,'SINAPI - INSUMO'!A:A,0))","v":0.7},null,137.1,null,null,"1.7.2.2","INSUMO",1379,"CIMENTO PORTLAND COMPOSTO CP II-32",195.86,"KG",9.7999999999999997E-3,1.9194280000000001,{"$f":"IF(L131<>\"\",\"\",IF(INDEX('CPU - PROJ.AUX'!$H:$H,MATCH($O131,'CPU - PROJ.AUX'!$B:$B,0))=0,INDEX('CPU - PROJ.AUX'!$I:$I,MATCH($O131,'CPU - PROJ.AUX'!$B:$B,0)),INDEX('CPU - PROJ.AUX'!$H:$H,MATCH($O131,'CPU - PROJ.AUX'!$B:$B,0))))","v":0.7},1.3435996000000001,"1.7.2.2 1379"]
["COMPOSICAO",88377,"OPERADOR DE BETONEIRA ESTACIONÁRIA/MISTURADOR COM ENCARGOS COMPLEMENTARES","H",4.5,"",null,null,{"$f":"INDEX('SINAPI - SINTÉTICO'!K:K,MATCH(B132,'SINAPI - SINTÉTICO'!G:G,0))","v":28.14},126.63,null,null,"1.7.2.2","COMPOSICAO",88377,"OPERADOR DE BETONEIRA ESTACIONÁRIA/MISTURADOR COM ENCARGOS COMPLEMENTARES",4.5,"H",9.7999999999999997E-3,4.41E-2,{"$f":"IF(L132<>\"\",\"\",IF(INDEX('CPU - PROJ.AUX'!$H:$H,MATCH($O132,'CPU - PROJ.AUX'!$B:$B,0))=0,INDEX('CPU - PROJ.AUX'!$I:$I,MATCH($O132,'CPU - PROJ.AUX'!$B:$B,0)),INDEX('CPU - PROJ.AUX'!$H:$H,MATCH($O132,'CPU - PROJ.AUX'!$B:$B,0))))","v":28.14},1.240974,"1.7.2.2 88377"]
["COMPOSICAO",88830,"BETONEIRA CAPACIDADE NOMINAL DE 400 L, CAPACIDADE DE MISTURA 280 L, MOTOR ELÉTRICO TRIFÁSICO POTÊNCIA DE 2 CV, SEM CARREGADOR - CHP DIURNO. AF_10/2014","CHP",1.05,"",null,null,{"$f":"INDEX('SINAPI - SINTÉTICO'!K:K,MATCH(B133,'SINAPI - SINTÉTICO'!G:G,0))","v":1.88},1.97,null,null,"1.7.2.2","COMPOSICAO",88830,"BETONEIRA CAPACIDADE NOMINAL DE 400 L, CAPACIDADE DE MISTURA 280 L, MOTOR ELÉTRICO TRIFÁSICO POTÊNCIA DE 2 CV, SEM CARREGADOR - CHP DIURNO. AF_10/2014",1.05,"CHP",9.7999999999999997E-3,1.0290000000000001E-2,{"$f":"IF(L133<>\"\",\"\",IF(INDEX('CPU - PROJ.AUX'!$H:$H,MATCH($O133,'CPU - PROJ.AUX'!$B:$B,0))=0,INDEX('CPU - PROJ.AUX'!$I:$I,MATCH($O133,'CPU - PROJ.AUX'!$B:$B,0)),INDEX('CPU - PROJ.AUX'!$H:$H,MATCH($O133,'CPU - PROJ.AUX'!$B:$B,0))))","v":1.88},1.93452E-2,"1.7.2.2 88830"]
["COMPOSICAO",88831,"BETONEIRA CAPACIDADE NOMINAL DE 400 L, CAPACIDADE DE MISTURA 280 L, MOTOR ELÉTRICO TRIFÁSICO POTÊNCIA DE 2 CV, SEM CARREGADOR - CHI DIURNO. AF_10/2014","CHI",3.45,"",null,null,{"$f":"INDEX('SINAPI - SINTÉTICO'!K:K,MATCH(B134,'SINAPI - SINTÉTICO'!G:G,0))","v":0.39},1.34,null,null,"1.7.2.2","COMPOSICAO",88831,"BETONEIRA CAPACIDADE NOMINAL DE 400 L, CAPACIDADE DE MISTURA 280 L, MOTOR ELÉTRICO TRIFÁSICO POTÊNCIA DE 2 CV, SEM CARREGADOR - CHI DIURNO. AF_10/2014",3.45,"CHI",9.7999999999999997E-3,3.381E-2,{"$f":"IF(L134<>\"\",\"\",IF(INDEX('CPU - PROJ.AUX'!$H:$H,MATCH($O134,'CPU - PROJ.AUX'!$B:$B,0))=0,INDEX('CPU - PROJ.AUX'!$I:$I,MATCH($O134,'CPU - PROJ.AUX'!$B:$B,0)),INDEX('CPU - PROJ.AUX'!$H:$H,MATCH($O134,'CPU - PROJ.AUX'!$B:$B,0))))","v":0.39},1.31859E-2,"1.7.2.2 88831"]
["01.SEDI.ARGA.014/01",87292,"ARGAMASSA TRAÇO 1:2:8 (CIMENTO, CAL E AREIA MÉDIA) PARA EMBOÇO/MASSA ÚNICA/ASSENTAMENTO DE ALVENARIA DE VEDAÇÃO, PREPARO MECÂNICO COM BETONEIRA 400 L. AF_06/2014","M3","","Argamassas e grautes",null,null,{"$f":"INDEX('SINAPI - SINTÉTICO'!K:K,MATCH(B135,'SINAPI - SINTÉTICO'!G:G,0))","v":660.42},{"$f":"SUM(J136:J141)","v":660.42000000000007},null,"1.7.3.3",{"$f":"IF(L135<>\"\",L135,IF(M134<>0,M134,L135))","v":"1.7.3.3"},"01.SEDI.ARGA.014/01",87292,"ARGAMASSA TRAÇO 1:2:8 (CIMENTO, CAL E AREIA MÉDIA) PARA EMBOÇO/MASSA ÚNICA/ASSENTAMENTO DE ALVENARIA DE VEDAÇÃO, PREPARO MECÂNICO COM BETONEIRA 400 L. AF_06/2014",{"$f":"IF(L135<>\"\",\"\",E135)","v":""},"M3",{"$f":"INDEX('CPU - PROJETO'!Q:Q,MATCH(W135,'CPU - PROJETO'!W:W,0))","v":3.7600000000000001E-2},{"$f":"IF(L135<>\"\",\"\",Q135*S135)","v":""},{"$f":"IF(L135<>\"\",\"\",IF(INDEX('CPU - PROJETO'!$H:$H,MATCH($O135,'CPU - PROJETO'!$B:$B,0))=0,INDEX('CPU - PROJETO'!$I:$I,MATCH($O135,'CPU - PROJETO'!$B:$B,0)),INDEX('CPU - PROJETO'!$H:$H,MATCH($O135,'CPU - PROJETO'!$B:$B,0))))","v":""},{"$f":"IF(L135<>\"\",IF(I135=0,J135,I135)*S135,T135*U135)","v":24.831792},{"$f":"CONCATENATE(M135,\" \",O135)","v":"1.7.3.3 87292"}]
["INSUMO",370,"AREIA MEDIA - POSTO JAZIDA/FORNECEDOR (RETIRADO NA JAZIDA, SEM TRANSPORTE)","M3",1.1599999999999999,"",null,{"$f":"INDEX('SINAPI - INSUMO'!E:E,MATCH(B136,'SINAPI - INSUMO'!A:A,0))","v":129},null,{"$f":"TRUNC(E136*H136+E136*I136,2)","v":149.63999999999999},null,null,{"$f":"IF(L136<>\"\",L136,IF(M135<>0,M135,L136))","v":"1.7.3.3"},{"$f":"A136","v":"INSUMO"},{"$f":"B136","v":370},{"$f":"C136","v":"AREIA MEDIA - POSTO JAZIDA/FORNECEDOR (RETIRADO NA JAZIDA, SEM TRANSPORTE)"},{"$f":"IF(L136<>\"\",\"\",E136)","v":1.1599999999999999},{"$f":"D136","v":"M3"},{"$f":"S$135","v":3.7600000000000001E-2},{"$f":"IF(L136<>\"\",\"\",Q136*S136)","v":4.3616000000000002E-2},{"$f":"IF(L136<>\"\",\"\",IF(INDEX('CPU - PROJ.AUX'!$H:$H,MATCH($O136,'CPU - PROJ.AUX'!$B:$B,0))=0,INDEX('CPU - PROJ.AUX'!$I:$I,MATCH($O136,'CPU - PROJ.AUX'!$B:$B,0)),INDEX('CPU - PROJ.AUX'!$H:$H,MATCH($O136,'CPU - PROJ.AUX'!$B:$B,0))))","v":129},{"$f":"IF(L136<>\"\",IF(I136=0,J136,I136)*S136,T136*U136)","v":5.6264640000000004},{"$f":"CONCATENATE(M136,\" \",O136)","v":"1.7.3.3 370"}]
["INSUMO",1106,"CAL HIDRATADA CH-I PARA ARGAMASSAS","KG",174.1,"",null,{"$f":"INDEX('SINAPI - INSUMO'!E:E,MATCH(B137,'SINAPI - INSUMO'!A:A,0))","v":1.4},null,243.74,null,null,{"$f":"IF(L137<>\"\",L137,IF(M136<>0,M136,L137))","v":"1.7.3.3"},{"$f":"A137","v":"INSUMO"},{"$f":"B137","v":1106},{"$f":"C137","v":"CAL HIDRATADA CH-I PARA ARGAMASSAS"},{"$f":"IF(L137<>\"\",\"\",E137)","v":174.1},{"$f":"D137","v":"KG"},{"$f":"S$135","v":3.7600000000000001E-2},{"$f":"IF(L137<>\"\",\"\",Q137*S137)","v":6.5461600000000004},{"$f":"IF(L137<>\"\",\"\",IF(INDEX('CPU - PROJ.AUX'!$H:$H,MATCH($O137,'CPU - PROJ.AUX'!$B:$B,0))=0,INDEX('CPU - PROJ.AUX'!$I:$I,MATCH($O137,'CPU - PROJ.AUX'!$B:$B,0)),INDEX('CPU - PROJ.AUX'!$H:$H,MATCH($O137,'CPU - PROJ.AUX'!$B:$B,0))))","v":1.4},{"$f":"IF(L137<>\"\",IF(I137=0,J137,I137)*S137,T137*U137)","v":9.1646239999999999},"1.7.3.3 1106"]
["INSUMO",1379,"CIMENTO PORTLAND COMPOSTO CP II-32","KG",195.86,"",null,{"$f":"INDEX('SINAPI - INSUMO'!E:E,MATCH(B138,'SINAPI - INSUMO'!A:A,0))","v":0.7},null,137.1,null,null,"1.7.3.3","INSUMO",1379,"CIMENTO PORTLAND COMPOSTO CP II-32",195.86,"KG",3.7600000000000001E-2,7.3643360000000007,{"$f":"IF(L138<>\"\",\"\",IF(INDEX('CPU - PROJ.AUX'!$H:$H,MATCH($O138,'CPU - PROJ.AUX'!$B:$B,0))=0,INDEX('CPU - PROJ.AUX'!$I:$I,MATCH($O138,'CPU - PROJ.AUX'!$B:$B,0)),INDEX('CPU - PROJ.AUX'!$H:$H,MATCH($O138,'CPU - PROJ.AUX'!$B:$B,0))))","v":0.7},5.1550352000000004,"1.7.3.3 1379"]
["COMPOSICAO",88377,"OPERADOR DE BETONEIRA ESTACIONÁRIA/MISTURADOR COM ENCARGOS COMPLEMENTARES","H",4.5,"",null,null,{"$f":"INDEX('SINAPI - SINTÉTICO'!K:K,MATCH(B139,'SINAPI - SINTÉTICO'!G:G,0))","v":28.14},126.63,null,null,"1.7.3.3","COMPOSICAO",88377,"OPERADOR DE BETONEIRA ESTACIONÁRIA/MISTURADOR COM ENCARGOS COMPLEMENTARES",4.5,"H",3.7600000000000001E-2,0.16920000000000002,{"$f":"IF(L139<>\"\",\"\",IF(INDEX('CPU - PROJ.AUX'!$H:$H,MATCH($O139,'CPU - PROJ.AUX'!$B:$B,0))=0,INDEX('CPU - PROJ.AUX'!$I:$I,MATCH($O139,'CPU - PROJ.AUX'!$B:$B,0)),INDEX('CPU - PROJ.AUX'!$H:$H,MATCH($O139,'CPU - PROJ.AUX'!$B:$B,0))))","v":28.14},4.7612880000000004,"1.7.3.3 88377"]
["COMPOSICAO",88830,"BETONEIRA CAPACIDADE NOMINAL DE 400 L, CAPACIDADE DE MISTURA 280 L, MOTOR ELÉTRICO TRIFÁSICO POTÊNCIA DE 2 CV, SEM CARREGADOR - CHP DIURNO. AF_10/2014","CHP",1.05,"",null,null,{"$f":"INDEX('SINAPI - SINTÉTICO'!K:K,MATCH(B140,'SINAPI - SINTÉTICO'!G:G,0))","v":1.88},1.97,null,null,"1.7.3.3","COMPOSICAO",88830,"BETONEIRA CAPACIDADE NOMINAL DE 400 L, CAPACIDADE DE MISTURA 280 L, MOTOR ELÉTRICO TRIFÁSICO POTÊNCIA DE 2 CV, SEM CARREGADOR - CHP DIURNO. AF_10/2014",1.05,"CHP",3.7600000000000001E-2,3.9480000000000001E-2,{"$f":"IF(L140<>\"\",\"\",IF(INDEX('CPU - PROJ.AUX'!$H:$H,MATCH($O140,'CPU - PROJ.AUX'!$B:$B,0))=0,INDEX('CPU - PROJ.AUX'!$I:$I,MATCH($O140,'CPU - PROJ.AUX'!$B:$B,0)),INDEX('CPU - PROJ.AUX'!$H:$H,MATCH($O140,'CPU - PROJ.AUX'!$B:$B,0))))","v":1.88},7.4222399999999994E-2,"1.7.3.3 88830"]
["COMPOSICAO",88831,"BETONEIRA CAPACIDADE NOMINAL DE 400 L, CAPACIDADE DE MISTURA 280 L, MOTOR ELÉTRICO TRIFÁSICO POTÊNCIA DE 2 CV, SEM CARREGADOR - CHI DIURNO. AF_10/2014","CHI",3.45,"",null,null,{"$f":"INDEX('SINAPI - SINTÉTICO'!K:K,MATCH(B141,'SINAPI - SINTÉTICO'!G:G,0))","v":0.39},1.34,null,null,"1.7.3.3","COMPOSICAO",88831,"BETONEIRA CAPACIDADE NOMINAL DE 400 L, CAPACIDADE DE MISTURA 280 L, MOTOR ELÉTRICO TRIFÁSICO POTÊNCIA DE 2 CV, SEM CARREGADOR - CHI DIURNO. AF_10/2014",3.45,"CHI",3.7600000000000001E-2,0.12972,{"$f":"IF(L141<>\"\",\"\",IF(INDEX('CPU - PROJ.AUX'!$H:$H,MATCH($O141,'CPU - PROJ.AUX'!$B:$B,0))=0,INDEX('CPU - PROJ.AUX'!$I:$I,MATCH($O141,'CPU - PROJ.AUX'!$B:$B,0)),INDEX('CPU - PROJ.AUX'!$H:$H,MATCH($O141,'CPU - PROJ.AUX'!$B:$B,0))))","v":0.39},5.0590800000000005E-2,"1.7.3.3 88831"]
["01.SEDI.ARGA.014/01",87292,"ARGAMASSA TRAÇO 1:2:8 (CIMENTO, CAL E AREIA MÉDIA) PARA EMBOÇO/MASSA ÚNICA/ASSENTAMENTO DE ALVENARIA DE VEDAÇÃO, PREPARO MECÂNICO COM BETONEIRA 400 L. AF_06/2014","M3","","Argamassas e grautes",null,null,{"$f":"INDEX('SINAPI - SINTÉTICO'!K:K,MATCH(B142,'SINAPI - SINTÉTICO'!G:G,0))","v":660.42},{"$f":"SUM(J143:J148)","v":660.42000000000007},null,"1.7.3.4",{"$f":"IF(L142<>\"\",L142,IF(M141<>0,M141,L142))","v":"1.7.3.4"},"01.SEDI.ARGA.014/01",87292,"ARGAMASSA TRAÇO 1:2:8 (CIMENTO, CAL E AREIA MÉDIA) PARA EMBOÇO/MASSA ÚNICA/ASSENTAMENTO DE ALVENARIA DE VEDAÇÃO, PREPARO MECÂNICO COM BETONEIRA 400 L. AF_06/2014",{"$f":"IF(L142<>\"\",\"\",E142)","v":""},"M3",{"$f":"INDEX('CPU - PROJETO'!Q:Q,MATCH(W142,'CPU - PROJETO'!W:W,0))","v":3.1399999999999997E-2},{"$f":"IF(L142<>\"\",\"\",Q142*S142)","v":""},{"$f":"IF(L142<>\"\",\"\",IF(INDEX('CPU - PROJETO'!$H:$H,MATCH($O142,'CPU - PROJETO'!$B:$B,0))=0,INDEX('CPU - PROJETO'!$I:$I,MATCH($O142,'CPU - PROJETO'!$B:$B,0)),INDEX('CPU - PROJETO'!$H:$H,MATCH($O142,'CPU - PROJETO'!$B:$B,0))))","v":""},{"$f":"IF(L142<>\"\",IF(I142=0,J142,I142)*S142,T142*U142)","v":20.737187999999996},{"$f":"CONCATENATE(M142,\" \",O142)","v":"1.7.3.4 87292"}]
["INSUMO",370,"AREIA MEDIA - POSTO JAZIDA/FORNECEDOR (RETIRADO NA JAZIDA, SEM TRANSPORTE)","M3",1.1599999999999999,"",null,{"$f":"INDEX('SINAPI - INSUMO'!E:E,MATCH(B143,'SINAPI - INSUMO'!A:A,0))","v":129},null,{"$f":"TRUNC(E143*H143+E143*I143,2)","v":149.63999999999999},null,null,{"$f":"IF(L143<>\"\",L143,IF(M142<>0,M142,L143))","v":"1.7.3.4"},{"$f":"A143","v":"INSUMO"},{"$f":"B143","v":370},{"$f":"C143","v":"AREIA MEDIA - POSTO JAZIDA/FORNECEDOR (RETIRADO NA JAZIDA, SEM TRANSPORTE)"},{"$f":"IF(L143<>\"\",\"\",E143)","v":1.1599999999999999},{"$f":"D143","v":"M3"},{"$f":"S$142","v":3.1399999999999997E-2},{"$f":"IF(L143<>\"\",\"\",Q143*S143)","v":3.6423999999999991E-2},{"$f":"IF(L143<>\"\",\"\",IF(INDEX('CPU - PROJ.AUX'!$H:$H,MATCH($O143,'CPU - PROJ.AUX'!$B:$B,0))=0,INDEX('CPU - PROJ.AUX'!$I:$I,MATCH($O143,'CPU - PROJ.AUX'!$B:$B,0)),INDEX('CPU - PROJ.AUX'!$H:$H,MATCH($O143,'CPU - PROJ.AUX'!$B:$B,0))))","v":129},{"$f":"IF(L143<>\"\",IF(I143=0,J143,I143)*S143,T143*U143)","v":4.6986959999999991},{"$f":"CONCATENATE(M143,\" \",O143)","v":"1.7.3.4 370"}]
["INSUMO",1106,"CAL HIDRATADA CH-I PARA ARGAMASSAS","KG",174.1,"",null,{"$f":"INDEX('SINAPI - INSUMO'!E:E,MATCH(B144,'SINAPI - INSUMO'!A:A,0))","v":1.4},null,243.74,null,null,{"$f":"IF(L144<>\"\",L144,IF(M143<>0,M143,L144))","v":"1.7.3.4"},{"$f":"A144","v":"INSUMO"},{"$f":"B144","v":1106},{"$f":"C144","v":"CAL HIDRATADA CH-I PARA ARGAMASSAS"},{"$f":"IF(L144<>\"\",\"\",E144)","v":174.1},{"$f":"D144","v":"KG"},{"$f":"S$142","v":3.1399999999999997E-2},{"$f":"IF(L144<>\"\",\"\",Q144*S144)","v":5.4667399999999997},{"$f":"IF(L144<>\"\",\"\",IF(INDEX('CPU - PROJ.AUX'!$H:$H,MATCH($O144,'CPU - PROJ.AUX'!$B:$B,0))=0,INDEX('CPU - PROJ.AUX'!$I:$I,MATCH($O144,'CPU - PROJ.AUX'!$B:$B,0)),INDEX('CPU - PROJ.AUX'!$H:$H,MATCH($O144,'CPU - PROJ.AUX'!$B:$B,0))))","v":1.4},{"$f":"IF(L144<>\"\",IF(I144=0,J144,I144)*S144,T144*U144)","v":7.6534359999999992},"1.7.3.4 1106"]
["INSUMO",1379,"CIMENTO PORTLAND COMPOSTO CP II-32","KG",195.86,"",null,{"$f":"INDEX('SINAPI - INSUMO'!E:E,MATCH(B145,'SINAPI - INSUMO'!A:A,0))","v":0.7},null,137.1,null,null,"1.7.3.4","INSUMO",1379,"CIMENTO PORTLAND COMPOSTO CP II-32",195.86,"KG",3.1399999999999997E-2,6.150004,{"$f":"IF(L145<>\"\",\"\",IF(INDEX('CPU - PROJ.AUX'!$H:$H,MATCH($O145,'CPU - PROJ.AUX'!$B:$B,0))=0,INDEX('CPU - PROJ.AUX'!$I:$I,MATCH($O145,'CPU - PROJ.AUX'!$B:$B,0)),INDEX('CPU - PROJ.AUX'!$H:$H,MATCH($O145,'CPU - PROJ.AUX'!$B:$B,0))))","v":0.7},4.3050027999999996,"1.7.3.4 1379"]
["COMPOSICAO",88377,"OPERADOR DE BETONEIRA ESTACIONÁRIA/MISTURADOR COM ENCARGOS COMPLEMENTARES","H",4.5,"",null,null,{"$f":"INDEX('SINAPI - SINTÉTICO'!K:K,MATCH(B146,'SINAPI - SINTÉTICO'!G:G,0))","v":28.14},126.63,null,null,"1.7.3.4","COMPOSICAO",88377,"OPERADOR DE BETONEIRA ESTACIONÁRIA/MISTURADOR COM ENCARGOS COMPLEMENTARES",4.5,"H",3.1399999999999997E-2,0.14129999999999998,{"$f":"IF(L146<>\"\",\"\",IF(INDEX('CPU - PROJ.AUX'!$H:$H,MATCH($O146,'CPU - PROJ.AUX'!$B:$B,0))=0,INDEX('CPU - PROJ.AUX'!$I:$I,MATCH($O146,'CPU - PROJ.AUX'!$B:$B,0)),INDEX('CPU - PROJ.AUX'!$H:$H,MATCH($O146,'CPU - PROJ.AUX'!$B:$B,0))))","v":28.14},3.9761819999999997,"1.7.3.4 88377"]
["COMPOSICAO",88830,"BETONEIRA CAPACIDADE NOMINAL DE 400 L, CAPACIDADE DE MISTURA 280 L, MOTOR ELÉTRICO TRIFÁSICO POTÊNCIA DE 2 CV, SEM CARREGADOR - CHP DIURNO. AF_10/2014","CHP",1.05,"",null,null,{"$f":"INDEX('SINAPI - SINTÉTICO'!K:K,MATCH(B147,'SINAPI - SINTÉTICO'!G:G,0))","v":1.88},1.97,null,null,"1.7.3.4","COMPOSICAO",88830,"BETONEIRA CAPACIDADE NOMINAL DE 400 L, CAPACIDADE DE MISTURA 280 L, MOTOR ELÉTRICO TRIFÁSICO POTÊNCIA DE 2 CV, SEM CARREGADOR - CHP DIURNO. AF_10/2014",1.05,"CHP",3.1399999999999997E-2,3.2969999999999999E-2,{"$f":"IF(L147<>\"\",\"\",IF(INDEX('CPU - PROJ.AUX'!$H:$H,MATCH($O147,'CPU - PROJ.AUX'!$B:$B,0))=0,INDEX('CPU - PROJ.AUX'!$I:$I,MATCH($O147,'CPU - PROJ.AUX'!$B:$B,0)),INDEX('CPU - PROJ.AUX'!$H:$H,MATCH($O147,'CPU - PROJ.AUX'!$B:$B,0))))","v":1.88},6.1983599999999993E-2,"1.7.3.4 88830"]
["COMPOSICAO",88831,"BETONEIRA CAPACIDADE NOMINAL DE 400 L, CAPACIDADE DE MISTURA 280 L, MOTOR ELÉTRICO TRIFÁSICO POTÊNCIA DE 2 CV, SEM CARREGADOR - CHI DIURNO. AF_10/2014","CHI",3.45,"",null,null,{"$f":"INDEX('SINAPI - SINTÉTICO'!K:K,MATCH(B148,'SINAPI - SINTÉTICO'!G:G,0))","v":0.39},1.34,null,null,"1.7.3.4","COMPOSICAO",88831,"BETONEIRA CAPACIDADE NOMINAL DE 400 L, CAPACIDADE DE MISTURA 280 L, MOTOR ELÉTRICO TRIFÁSICO POTÊNCIA DE 2 CV, SEM CARREGADOR - CHI DIURNO. AF_10/2014",3.45,"CHI",{"$f":"S$142","v":3.1399999999999997E-2},0.10833,{"$f":"IF(L148<>\"\",\"\",IF(INDEX('CPU - PROJ.AUX'!$H:$H,MATCH($O148,'CPU - PROJ.AUX'!$B:$B,0))=0,INDEX('CPU - PROJ.AUX'!$I:$I,MATCH($O148,'CPU - PROJ.AUX'!$B:$B,0)),INDEX('CPU - PROJ.AUX'!$H:$H,MATCH($O148,'CPU - PROJ.AUX'!$B:$B,0))))","v":0.39},4.22487E-2,"1.7.3.4 88831"]
[]
["01.FUES.FOCA.005/01",92270,"FABRICAÇÃO DE FÔRMA PARA VIGAS, COM MADEIRA SERRADA, E = 25 MM. AF_12/2015","M2","","Fôrmas para Estruturas de Concreto Armado",null,null,{"$f":"INDEX('SINAPI - SINTÉTICO'!K:K,MATCH(B150,'SINAPI - SINTÉTICO'!G:G,0))","v":192.68},{"$f":"SUM(J151:J157)","v":192.68},null,"1.7.2.4",{"$f":"IF(L150<>\"\",L150,IF(M149<>0,M149,L150))","v":"1.7.2.4"},{"$f":"A150","v":"01.FUES.FOCA.005/01"},{"$f":"B150","v":92270},{"$f":"C150","v":"FABRICAÇÃO DE FÔRMA PARA VIGAS, COM MADEIRA SERRADA, E = 25 MM. AF_12/2015"},{"$f":"IF(L150<>\"\",\"\",E150)","v":""},{"$f":"D150","v":"M2"},{"$f":"INDEX('CPU - PROJETO'!Q:Q,MATCH(W150,'CPU - PROJETO'!W:W,0))","v":0.4},{"$f":"IF(L150<>\"\",\"\",Q150*S150)","v":""},{"$f":"IF(L150<>\"\",\"\",IF(INDEX('CPU - PROJETO'!$H:$H,MATCH($O150,'CPU - PROJETO'!$B:$B,0))=0,INDEX('CPU - PROJETO'!$I:$I,MATCH($O150,'CPU - PROJETO'!$B:$B,0)),INDEX('CPU - PROJETO'!$H:$H,MATCH($O150,'CPU - PROJETO'!$B:$B,0))))","v":""},{"$f":"IF(L150<>\"\",IF(I150=0,J150,I150)*S150,T150*U150)","v":77.072000000000003},{"$f":"CONCATENATE(M150,\" \",O150)","v":"1.7.2.4 92270"}]
["INSUMO",4517,"SARRAFO DE MADEIRA NAO APARELHADA *2,5 X 7,5* CM (1 X 3 \") PINUS, MISTA OU EQUIVALENTE DA REGIAO","M",4.2279999999999998,"",null,{"$f":"INDEX('SINAPI - INSUMO'!E:E,MATCH(B151,'SINAPI - INSUMO'!A:A,0))","v":3.52},null,{"$f":"TRUNC(E151*H151+E151*I151,2)","v":14.88},null,null,{"$f":"IF(L151<>\"\",L151,IF(M150<>0,M150,L151))","v":"1.7.2.4"},{"$f":"A151","v":"INSUMO"},{"$f":"B151","v":4517},{"$f":"C151","v":"SARRAFO DE MADEIRA NAO APARELHADA *2,5 X 7,5* CM (1 X 3 \") PINUS, MISTA OU EQUIVALENTE DA REGIAO"},{"$f":"IF(L151<>\"\",\"\",E151)","v":4.2279999999999998},{"$f":"D151","v":"M"},{"$f":"S$150","v":0.4},{"$f":"IF(L151<>\"\",\"\",Q151*S151)","v":1.6912},{"$f":"IF(L151<>\"\",\"\",IF(INDEX('CPU - PROJ.AUX'!$H:$H,MATCH($O151,'CPU - PROJ.AUX'!$B:$B,0))=0,INDEX('CPU - PROJ.AUX'!$I:$I,MATCH($O151,'CPU - PROJ.AUX'!$B:$B,0)),INDEX('CPU - PROJ.AUX'!$H:$H,MATCH($O151,'CPU - PROJ.AUX'!$B:$B,0))))","v":3.52},{"$f":"IF(L151<>\"\",IF(I151=0,J151,I151)*S151,T151*U151)","v":5.9530240000000001},{"$f":"CONCATENATE(M151,\" \",O151)","v":"1.7.2.4 4517"}]
["INSUMO",5068,"PREGO DE ACO POLIDO COM CABECA 17 X 21 (2 X 11)","KG",0.128,"",null,{"$f":"INDEX('SINAPI - INSUMO'!E:E,MATCH(B152,'SINAPI - INSUMO'!A:A,0))","v":22.38},null,2.86,null,null,{"$f":"IF(L152<>\"\",L152,IF(M151<>0,M151,L152))","v":"1.7.2.4"},{"$f":"A152","v":"INSUMO"},{"$f":"B152","v":5068},{"$f":"C152","v":"PREGO DE ACO POLIDO COM CABECA 17 X 21 (2 X 11)"},{"$f":"IF(L152<>\"\",\"\",E152)","v":0.128},{"$f":"D152","v":"KG"},{"$f":"S$150","v":0.4},{"$f":"IF(L152<>\"\",\"\",Q152*S152)","v":5.1200000000000002E-2},{"$f":"IF(L152<>\"\",\"\",IF(INDEX('CPU - PROJ.AUX'!$H:$H,MATCH($O152,'CPU - PROJ.AUX'!$B:$B,0))=0,INDEX('CPU - PROJ.AUX'!$I:$I,MATCH($O152,'CPU - PROJ.AUX'!$B:$B,0)),INDEX('CPU - PROJ.AUX'!$H:$H,MATCH($O152,'CPU - PROJ.AUX'!$B:$B,0))))","v":22.38},{"$f":"IF(L152<>\"\",IF(I152=0,J152,I152)*S152,T152*U152)","v":1.145856},"1.7.2.4 5068"]
["INSUMO",6189,"TABUA DE MADEIRA NAO APARELHADA *2,5 X 30* CM, CEDRINHO OU EQUIVALENTE DA REGIAO","M",4.4480000000000004,"",null,{"$f":"INDEX('SINAPI - INSUMO'!E:E,MATCH(B153,'SINAPI - INSUMO'!A:A,0))","v":31.97},null,142.19999999999999,null,null,"1.7.2.4","INSUMO",6189,"TABUA DE MADEIRA NAO APARELHADA *2,5 X 30* CM, CEDRINHO OU EQUIVALENTE DA REGIAO",4.4480000000000004,"M",0.4,1.7792000000000003,{"$f":"IF(L153<>\"\",\"\",IF(INDEX('CPU - PROJ.AUX'!$H:$H,MATCH($O153,'CPU - PROJ.AUX'!$B:$B,0))=0,INDEX('CPU - PROJ.AUX'!$I:$I,MATCH($O153,'CPU - PROJ.AUX'!$B:$B,0)),INDEX('CPU - PROJ.AUX'!$H:$H,MATCH($O153,'CPU - PROJ.AUX'!$B:$B,0))))","v":31.97},56.881024000000011,"1.7.2.4 6189"]
["COMPOSICAO",88239,"AJUDANTE DE CARPINTEIRO COM ENCARGOS COMPLEMENTARES","H",0.17899999999999999,"",null,null,{"$f":"INDEX('SINAPI - SINTÉTICO'!K:K,MATCH(B154,'SINAPI - SINTÉTICO'!G:G,0))","v":20.27},3.62,null,null,"1.7.2.4","COMPOSICAO",88239,"AJUDANTE DE CARPINTEIRO COM ENCARGOS COMPLEMENTARES",0.17899999999999999,"H",0.4,7.1599999999999997E-2,{"$f":"IF(L154<>\"\",\"\",IF(INDEX('CPU - PROJ.AUX'!$H:$H,MATCH($O154,'CPU - PROJ.AUX'!$B:$B,0))=0,INDEX('CPU - PROJ.AUX'!$I:$I,MATCH($O154,'CPU - PROJ.AUX'!$B:$B,0)),INDEX('CPU - PROJ.AUX'!$H:$H,MATCH($O154,'CPU - PROJ.AUX'!$B:$B,0))))","v":20.27},1.4513319999999998,"1.7.2.4 88239"]
["COMPOSICAO",88262,"CARPINTEIRO DE FORMAS COM ENCARGOS COMPLEMENTARES","H",0.79200000000000004,"",null,null,{"$f":"INDEX('SINAPI - SINTÉTICO'!K:K,MATCH(B155,'SINAPI - SINTÉTICO'!G:G,0))","v":25},19.8,null,null,"1.7.2.4","COMPOSICAO",88262,"CARPINTEIRO DE FORMAS COM ENCARGOS COMPLEMENTARES",0.79200000000000004,"H",0.4,0.31680000000000003,{"$f":"IF(L155<>\"\",\"\",IF(INDEX('CPU - PROJ.AUX'!$H:$H,MATCH($O155,'CPU - PROJ.AUX'!$B:$B,0))=0,INDEX('CPU - PROJ.AUX'!$I:$I,MATCH($O155,'CPU - PROJ.AUX'!$B:$B,0)),INDEX('CPU - PROJ.AUX'!$H:$H,MATCH($O155,'CPU - PROJ.AUX'!$B:$B,0))))","v":25},7.9200000000000008,"1.7.2.4 88262"]
["COMPOSICAO",91692,"SERRA CIRCULAR DE BANCADA COM MOTOR ELÉTRICO POTÊNCIA DE 5HP, COM COIFA PARA DISCO 10\" - CHP DIURNO. AF_08/2015","CHP",5.6000000000000001E-2,"",null,null,{"$f":"INDEX('SINAPI - SINTÉTICO'!K:K,MATCH(B156,'SINAPI - SINTÉTICO'!G:G,0))","v":34.299999999999997},1.92,null,null,"1.7.2.4","COMPOSICAO",91692,"SERRA CIRCULAR DE BANCADA COM MOTOR ELÉTRICO POTÊNCIA DE 5HP, COM COIFA PARA DISCO 10\" - CHP DIURNO. AF_08/2015",5.6000000000000001E-2,"CHP",0.4,2.2400000000000003E-2,{"$f":"IF(L156<>\"\",\"\",IF(INDEX('CPU - PROJ.AUX'!$H:$H,MATCH($O156,'CPU - PROJ.AUX'!$B:$B,0))=0,INDEX('CPU - PROJ.AUX'!$I:$I,MATCH($O156,'CPU - PROJ.AUX'!$B:$B,0)),INDEX('CPU - PROJ.AUX'!$H:$H,MATCH($O156,'CPU - PROJ.AUX'!$B:$B,0))))","v":34.299999999999997},0.76832,"1.7.2.4 91692"]
["COMPOSICAO",91693,"SERRA CIRCULAR DE BANCADA COM MOTOR ELÉTRICO POTÊNCIA DE 5HP, COM COIFA PARA DISCO 10\" - CHI DIURNO. AF_08/2015","CHI",0.224,"",null,null,{"$f":"INDEX('SINAPI - SINTÉTICO'!K:K,MATCH(B157,'SINAPI - SINTÉTICO'!G:G,0))","v":33.049999999999997},7.4,null,null,"1.7.2.4","COMPOSICAO",91693,"SERRA CIRCULAR DE BANCADA COM MOTOR ELÉTRICO POTÊNCIA DE 5HP, COM COIFA PARA DISCO 10\" - CHI DIURNO. AF_08/2015",0.224,"CHI",0.4,8.9600000000000013E-2,{"$f":"IF(L157<>\"\",\"\",IF(INDEX('CPU - PROJ.AUX'!$H:$H,MATCH($O157,'CPU - PROJ.AUX'!$B:$B,0))=0,INDEX('CPU - PROJ.AUX'!$I:$I,MATCH($O157,'CPU - PROJ.AUX'!$B:$B,0)),INDEX('CPU - PROJ.AUX'!$H:$H,MATCH($O157,'CPU - PROJ.AUX'!$B:$B,0))))","v":33.049999999999997},2.9612800000000004,"1.7.2.4 91693"]
["01.FUES.FOCA.005/01",92270,"FABRICAÇÃO DE FÔRMA PARA VIGAS, COM MADEIRA SERRADA, E = 25 MM. AF_12/2015","M2","","Fôrmas para Estruturas de Concreto Armado",null,null,{"$f":"INDEX('SINAPI - SINTÉTICO'!K:K,MATCH(B158,'SINAPI - SINTÉTICO'!G:G,0))","v":192.68},{"$f":"SUM(J159:J165)","v":192.68},null,"1.7.2.5",{"$f":"IF(L158<>\"\",L158,IF(M157<>0,M157,L158))","v":"1.7.2.5"},"01.FUES.FOCA.005/01",92270,"FABRICAÇÃO DE FÔRMA PARA VIGAS, COM MADEIRA SERRADA, E = 25 MM. AF_12/2015",{"$f":"IF(L158<>\"\",\"\",E158)","v":""},"M2",{"$f":"INDEX('CPU - PROJETO'!Q:Q,MATCH(W158,'CPU - PROJETO'!W:W,0))","v":0.4},{"$f":"IF(L158<>\"\",\"\",Q158*S158)","v":""},{"$f":"IF(L158<>\"\",\"\",IF(INDEX('CPU - PROJETO'!$H:$H,MATCH($O158,'CPU - PROJETO'!$B:$B,0))=0,INDEX('CPU - PROJETO'!$I:$I,MATCH($O158,'CPU - PROJETO'!$B:$B,0)),INDEX('CPU - PROJETO'!$H:$H,MATCH($O158,'CPU - PROJETO'!$B:$B,0))))","v":""},{"$f":"IF(L158<>\"\",IF(I158=0,J158,I158)*S158,T158*U158)","v":77.072000000000003},{"$f":"CONCATENATE(M158,\" \",O158)","v":"1.7.2.5 92270"}]
["INSUMO",4517,"SARRAFO DE MADEIRA NAO APARELHADA *2,5 X 7,5* CM (1 X 3 \") PINUS, MISTA OU EQUIVALENTE DA REGIAO","M",4.2279999999999998,"",null,{"$f":"INDEX('SINAPI - INSUMO'!E:E,MATCH(B159,'SINAPI - INSUMO'!A:A,0))","v":3.52},null,{"$f":"TRUNC(E159*H159+E159*I159,2)","v":14.88},null,null,{"$f":"IF(L159<>\"\",L159,IF(M158<>0,M158,L159))","v":"1.7.2.5"},{"$f":"A159","v":"INSUMO"},{"$f":"B159","v":4517},{"$f":"C159","v":"SARRAFO DE MADEIRA NAO APARELHADA *2,5 X 7,5* CM (1 X 3 \") PINUS, MISTA OU EQUIVALENTE DA REGIAO"},{"$f":"IF(L159<>\"\",\"\",E159)","v":4.2279999999999998},{"$f":"D159","v":"M"},{"$f":"S$158","v":0.4},{"$f":"IF(L159<>\"\",\"\",Q159*S159)","v":1.6912},{"$f":"IF(L159<>\"\",\"\",IF(INDEX('CPU - PROJ.AUX'!$H:$H,MATCH($O159,'CPU - PROJ.AUX'!$B:$B,0))=0,INDEX('CPU - PROJ.AUX'!$I:$I,MATCH($O159,'CPU - PROJ.AUX'!$B:$B,0)),INDEX('CPU - PROJ.AUX'!$H:$H,MATCH($O159,'CPU - PROJ.AUX'!$B:$B,0))))","v":3.52},{"$f":"IF(L159<>\"\",IF(I159=0,J159,I159)*S159,T159*U159)","v":5.9530240000000001},{"$f":"CONCATENATE(M159,\" \",O159)","v":"1.7.2.5 4517"}]
["INSUMO",5068,"PREGO DE ACO POLIDO COM CABECA 17 X 21 (2 X 11)","KG",0.128,"",null,{"$f":"INDEX('SINAPI - INSUMO'!E:E,MATCH(B160,'SINAPI - INSUMO'!A:A,0))","v":22.38},null,2.86,null,null,{"$f":"IF(L160<>\"\",L160,IF(M159<>0,M159,L160))","v":"1.7.2.5"},{"$f":"A160","v":"INSUMO"},{"$f":"B160","v":5068},{"$f":"C160","v":"PREGO DE ACO POLIDO COM CABECA 17 X 21 (2 X 11)"},{"$f":"IF(L160<>\"\",\"\",E160)","v":0.128},{"$f":"D160","v":"KG"},{"$f":"S$158","v":0.4},{"$f":"IF(L160<>\"\",\"\",Q160*S160)","v":5.1200000000000002E-2},{"$f":"IF(L160<>\"\",\"\",IF(INDEX('CPU - PROJ.AUX'!$H:$H,MATCH($O160,'CPU - PROJ.AUX'!$B:$B,0))=0,INDEX('CPU - PROJ.AUX'!$I:$I,MATCH($O160,'CPU - PROJ.AUX'!$B:$B,0)),INDEX('CPU - PROJ.AUX'!$H:$H,MATCH($O160,'CPU - PROJ.AUX'!$B:$B,0))))","v":22.38},{"$f":"IF(L160<>\"\",IF(I160=0,J160,I160)*S160,T160*U160)","v":1.145856},"1.7.2.5 5068"]
["INSUMO",6189,"TABUA DE MADEIRA NAO APARELHADA *2,5 X 30* CM, CEDRINHO OU EQUIVALENTE DA REGIAO","M",4.4480000000000004,"",null,{"$f":"INDEX('SINAPI - INSUMO'!E:E,MATCH(B161,'SINAPI - INSUMO'!A:A,0))","v":31.97},null,142.19999999999999,null,null,"1.7.2.5","INSUMO",6189,"TABUA DE MADEIRA NAO APARELHADA *2,5 X 30* CM, CEDRINHO OU EQUIVALENTE DA REGIAO",4.4480000000000004,"M",0.4,1.7792000000000003,{"$f":"IF(L161<>\"\",\"\",IF(INDEX('CPU - PROJ.AUX'!$H:$H,MATCH($O161,'CPU - PROJ.AUX'!$B:$B,0))=0,INDEX('CPU - PROJ.AUX'!$I:$I,MATCH($O161,'CPU - PROJ.AUX'!$B:$B,0)),INDEX('CPU - PROJ.AUX'!$H:$H,MATCH($O161,'CPU - PROJ.AUX'!$B:$B,0))))","v":31.97},56.881024000000011,"1.7.2.5 6189"]
["COMPOSICAO",88239,"AJUDANTE DE CARPINTEIRO COM ENCARGOS COMPLEMENTARES","H",0.17899999999999999,"",null,null,{"$f":"INDEX('SINAPI - SINTÉTICO'!K:K,MATCH(B162,'SINAPI - SINTÉTICO'!G:G,0))","v":20.27},3.62,null,null,"1.7.2.5","COMPOSICAO",88239,"AJUDANTE DE CARPINTEIRO COM ENCARGOS COMPLEMENTARES",0.17899999999999999,"H",0.4,7.1599999999999997E-2,{"$f":"IF(L162<>\"\",\"\",IF(INDEX('CPU - PROJ.AUX'!$H:$H,MATCH($O162,'CPU - PROJ.AUX'!$B:$B,0))=0,INDEX('CPU - PROJ.AUX'!$I:$I,MATCH($O162,'CPU - PROJ.AUX'!$B:$B,0)),INDEX('CPU - PROJ.AUX'!$H:$H,MATCH($O162,'CPU - PROJ.AUX'!$B:$B,0))))","v":20.27},1.4513319999999998,"1.7.2.5 88239"]
["COMPOSICAO",88262,"CARPINTEIRO DE FORMAS COM ENCARGOS COMPLEMENTARES","H",0.79200000000000004,"",null,null,{"$f":"INDEX('SINAPI - SINTÉTICO'!K:K,MATCH(B163,'SINAPI - SINTÉTICO'!G:G,0))","v":25},19.8,null,null,"1.7.2.5","COMPOSICAO",88262,"CARPINTEIRO DE FORMAS COM ENCARGOS COMPLEMENTARES",0.79200000000000004,"H",0.4,0.31680000000000003,{"$f":"IF(L163<>\"\",\"\",IF(INDEX('CPU - PROJ.AUX'!$H:$H,MATCH($O163,'CPU - PROJ.AUX'!$B:$B,0))=0,INDEX('CPU - PROJ.AUX'!$I:$I,MATCH($O163,'CPU - PROJ.AUX'!$B:$B,0)),INDEX('CPU - PROJ.AUX'!$H:$H,MATCH($O163,'CPU - PROJ.AUX'!$B:$B,0))))","v":25},7.9200000000000008,"1.7.2.5 88262"]
["COMPOSICAO",91692,"SERRA CIRCULAR DE BANCADA COM MOTOR ELÉTRICO POTÊNCIA DE 5HP, COM COIFA PARA DISCO 10\" - CHP DIURNO. AF_08/2015","CHP",5.6000000000000001E-2,"",null,null,{"$f":"INDEX('SINAPI - SINTÉTICO'!K:K,MATCH(B164,'SINAPI - SINTÉTICO'!G:G,0))","v":34.299999999999997},1.92,null,null,"1.7.2.5","COMPOSICAO",91692,"SERRA CIRCULAR DE BANCADA COM MOTOR ELÉTRICO POTÊNCIA DE 5HP, COM COIFA PARA DISCO 10\" - CHP DIURNO. AF_08/2015",5.6000000000000001E-2,"CHP",0.4,2.2400000000000003E-2,{"$f":"IF(L164<>\"\",\"\",IF(INDEX('CPU - PROJ.AUX'!$H:$H,MATCH($O164,'CPU - PROJ.AUX'!$B:$B,0))=0,INDEX('CPU - PROJ.AUX'!$I:$I,MATCH($O164,'CPU - PROJ.AUX'!$B:$B,0)),INDEX('CPU - PROJ.AUX'!$H:$H,MATCH($O164,'CPU - PROJ.AUX'!$B:$B,0))))","v":34.299999999999997},0.76832,"1.7.2.5 91692"]
["COMPOSICAO",91693,"SERRA CIRCULAR DE BANCADA COM MOTOR ELÉTRICO POTÊNCIA DE 5HP, COM COIFA PARA DISCO 10\" - CHI DIURNO. AF_08/2015","CHI",0.224,"",null,null,{"$f":"INDEX('SINAPI - SINTÉTICO'!K:K,MATCH(B165,'SINAPI - SINTÉTICO'!G:G,0))","v":33.049999999999997},7.4,null,null,"1.7.2.5","COMPOSICAO",91693,"SERRA CIRCULAR DE BANCADA COM MOTOR ELÉTRICO POTÊNCIA DE 5HP, COM COIFA PARA DISCO 10\" - CHI DIURNO. AF_08/2015",0.224,"CHI",0.4,8.9600000000000013E-2,{"$f":"IF(L165<>\"\",\"\",IF(INDEX('CPU - PROJ.AUX'!$H:$H,MATCH($O165,'CPU - PROJ.AUX'!$B:$B,0))=0,INDEX('CPU - PROJ.AUX'!$I:$I,MATCH($O165,'CPU - PROJ.AUX'!$B:$B,0)),INDEX('CPU - PROJ.AUX'!$H:$H,MATCH($O165,'CPU - PROJ.AUX'!$B:$B,0))))","v":33.049999999999997},2.9612800000000004,"1.7.2.5 91693"]
["01.FUES.FOCA.005/01",92270,"FABRICAÇÃO DE FÔRMA PARA VIGAS, COM MADEIRA SERRADA, E = 25 MM. AF_12/2015","M2","","Fôrmas para Estruturas de Concreto Armado",null,null,{"$f":"INDEX('SINAPI - SINTÉTICO'!K:K,MATCH(B166,'SINAPI - SINTÉTICO'!G:G,0))","v":192.68},{"$f":"SUM(J167:J173)","v":192.68},null,"1.7.2.6",{"$f":"IF(L166<>\"\",L166,IF(M165<>0,M165,L166))","v":"1.7.2.6"},"01.FUES.FOCA.005/01",92270,"FABRICAÇÃO DE FÔRMA PARA VIGAS, COM MADEIRA SERRADA, E = 25 MM. AF_12/2015",{"$f":"IF(L166<>\"\",\"\",E166)","v":""},"M2",{"$f":"INDEX('CPU - PROJETO'!Q:Q,MATCH(W166,'CPU - PROJETO'!W:W,0))","v":0.35},{"$f":"IF(L166<>\"\",\"\",Q166*S166)","v":""},{"$f":"IF(L166<>\"\",\"\",IF(INDEX('CPU - PROJETO'!$H:$H,MATCH($O166,'CPU - PROJETO'!$B:$B,0))=0,INDEX('CPU - PROJETO'!$I:$I,MATCH($O166,'CPU - PROJETO'!$B:$B,0)),INDEX('CPU - PROJETO'!$H:$H,MATCH($O166,'CPU - PROJETO'!$B:$B,0))))","v":""},{"$f":"IF(L166<>\"\",IF(I166=0,J166,I166)*S166,T166*U166)","v":67.438000000000002},{"$f":"CONCATENATE(M166,\" \",O166)","v":"1.7.2.6 92270"}]
["INSUMO",4517,"SARRAFO DE MADEIRA NAO APARELHADA *2,5 X 7,5* CM (1 X 3 \") PINUS, MISTA OU EQUIVALENTE DA REGIAO","M",4.2279999999999998,"",null,{"$f":"INDEX('SINAPI - INSUMO'!E:E,MATCH(B167,'SINAPI - INSUMO'!A:A,0))","v":3.52},null,{"$f":"TRUNC(E167*H167+E167*I167,2)","v":14.88},null,null,{"$f":"IF(L167<>\"\",L167,IF(M166<>0,M166,L167))","v":"1.7.2.6"},{"$f":"A167","v":"INSUMO"},{"$f":"B167","v":4517},{"$f":"C167","v":"SARRAFO DE MADEIRA NAO APARELHADA *2,5 X 7,5* CM (1 X 3 \") PINUS, MISTA OU EQUIVALENTE DA REGIAO"},{"$f":"IF(L167<>\"\",\"\",E167)","v":4.2279999999999998},{"$f":"D167","v":"M"},{"$f":"S$166","v":0.35},{"$f":"IF(L167<>\"\",\"\",Q167*S167)","v":1.4797999999999998},{"$f":"IF(L167<>\"\",\"\",IF(INDEX('CPU - PROJ.AUX'!$H:$H,MATCH($O167,'CPU - PROJ.AUX'!$B:$B,0))=0,INDEX('CPU - PROJ.AUX'!$I:$I,MATCH($O167,'CPU - PROJ.AUX'!$B:$B,0)),INDEX('CPU - PROJ.AUX'!$H:$H,MATCH($O167,'CPU - PROJ.AUX'!$B:$B,0))))","v":3.52},{"$f":"IF(L167<>\"\",IF(I167=0,J167,I167)*S167,T167*U167)","v":5.2088959999999993},{"$f":"CONCATENATE(M167,\" \",O167)","v":"1.7.2.6 4517"}]
["INSUMO",5068,"PREGO DE ACO POLIDO COM CABECA 17 X 21 (2 X 11)","KG",0.128,"",null,{"$f":"INDEX('SINAPI - INSUMO'!E:E,MATCH(B168,'SINAPI - INSUMO'!A:A,0))","v":22.38},null,2.86,null,null,{"$f":"IF(L168<>\"\",L168,IF(M167<>0,M167,L168))","v":"1.7.2.6"},{"$f":"A168","v":"INSUMO"},{"$f":"B168","v":5068},{"$f":"C168","v":"PREGO DE ACO POLIDO COM CABECA 17 X 21 (2 X 11)"},{"$f":"IF(L168<>\"\",\"\",E168)","v":0.128},{"$f":"D168","v":"KG"},{"$f":"S$166","v":0.35},{"$f":"IF(L168<>\"\",\"\",Q168*S168)","v":4.48E-2},{"$f":"IF(L168<>\"\",\"\",IF(INDEX('CPU - PROJ.AUX'!$H:$H,MATCH($O168,'CPU - PROJ.AUX'!$B:$B,0))=0,INDEX('CPU - PROJ.AUX'!$I:$I,MATCH($O168,'CPU - PROJ.AUX'!$B:$B,0)),INDEX('CPU - PROJ.AUX'!$H:$H,MATCH($O168,'CPU - PROJ.AUX'!$B:$B,0))))","v":22.38},{"$f":"IF(L168<>\"\",IF(I168=0,J168,I168)*S168,T168*U168)","v":1.002624},"1.7.2.6 5068"]
["INSUMO",6189,"TABUA DE MADEIRA NAO APARELHADA *2,5 X 30* CM, CEDRINHO OU EQUIVALENTE DA REGIAO","M",4.4480000000000004,"",null,{"$f":"INDEX('SINAPI - INSUMO'!E:E,MATCH(B169,'SINAPI - INSUMO'!A:A,0))","v":31.97},null,142.19999999999999,null,null,"1.7.2.6","INSUMO",6189,"TABUA DE MADEIRA NAO APARELHADA *2,5 X 30* CM, CEDRINHO OU EQUIVALENTE DA REGIAO",4.4480000000000004,"M",0.35,1.5568,{"$f":"IF(L169<>\"\",\"\",IF(INDEX('CPU - PROJ.AUX'!$H:$H,MATCH($O169,'CPU - PROJ.AUX'!$B:$B,0))=0,INDEX('CPU - PROJ.AUX'!$I:$I,MATCH($O169,'CPU - PROJ.AUX'!$B:$B,0)),INDEX('CPU - PROJ.AUX'!$H:$H,MATCH($O169,'CPU - PROJ.AUX'!$B:$B,0))))","v":31.97},49.770896,"1.7.2.6 6189"]
["COMPOSICAO",88239,"AJUDANTE DE CARPINTEIRO COM ENCARGOS COMPLEMENTARES","H",0.17899999999999999,"",null,null,{"$f":"INDEX('SINAPI - SINTÉTICO'!K:K,MATCH(B170,'SINAPI - SINTÉTICO'!G:G,0))","v":20.27},3.62,null,null,"1.7.2.6","COMPOSICAO",88239,"AJUDANTE DE CARPINTEIRO COM ENCARGOS COMPLEMENTARES",0.17899999999999999,"H",0.35,6.2649999999999997E-2,{"$f":"IF(L170<>\"\",\"\",IF(INDEX('CPU - PROJ.AUX'!$H:$H,MATCH($O170,'CPU - PROJ.AUX'!$B:$B,0))=0,INDEX('CPU - PROJ.AUX'!$I:$I,MATCH($O170,'CPU - PROJ.AUX'!$B:$B,0)),INDEX('CPU - PROJ.AUX'!$H:$H,MATCH($O170,'CPU - PROJ.AUX'!$B:$B,0))))","v":20.27},1.2699155,"1.7.2.6 88239"]
["COMPOSICAO",88262,"CARPINTEIRO DE FORMAS COM ENCARGOS COMPLEMENTARES","H",0.79200000000000004,"",null,null,{"$f":"INDEX('SINAPI - SINTÉTICO'!K:K,MATCH(B171,'SINAPI - SINTÉTICO'!G:G,0))","v":25},19.8,null,null,"1.7.2.6","COMPOSICAO",88262,"CARPINTEIRO DE FORMAS COM ENCARGOS COMPLEMENTARES",0.79200000000000004,"H",0.35,0.2772,{"$f":"IF(L171<>\"\",\"\",IF(INDEX('CPU - PROJ.AUX'!$H:$H,MATCH($O171,'CPU - PROJ.AUX'!$B:$B,0))=0,INDEX('CPU - PROJ.AUX'!$I:$I,MATCH($O171,'CPU - PROJ.AUX'!$B:$B,0)),INDEX('CPU - PROJ.AUX'!$H:$H,MATCH($O171,'CPU - PROJ.AUX'!$B:$B,0))))","v":25},6.93,"1.7.2.6 88262"]
["COMPOSICAO",91692,"SERRA CIRCULAR DE BANCADA COM MOTOR ELÉTRICO POTÊNCIA DE 5HP, COM COIFA PARA DISCO 10\" - CHP DIURNO. AF_08/2015","CHP",5.6000000000000001E-2,"",null,null,{"$f":"INDEX('SINAPI - SINTÉTICO'!K:K,MATCH(B172,'SINAPI - SINTÉTICO'!G:G,0))","v":34.299999999999997},1.92,null,null,"1.7.2.6","COMPOSICAO",91692,"SERRA CIRCULAR DE BANCADA COM MOTOR ELÉTRICO POTÊNCIA DE 5HP, COM COIFA PARA DISCO 10\" - CHP DIURNO. AF_08/2015",5.6000000000000001E-2,"CHP",0.35,1.9599999999999999E-2,{"$f":"IF(L172<>\"\",\"\",IF(INDEX('CPU - PROJ.AUX'!$H:$H,MATCH($O172,'CPU - PROJ.AUX'!$B:$B,0))=0,INDEX('CPU - PROJ.AUX'!$I:$I,MATCH($O172,'CPU - PROJ.AUX'!$B:$B,0)),INDEX('CPU - PROJ.AUX'!$H:$H,MATCH($O172,'CPU - PROJ.AUX'!$B:$B,0))))","v":34.299999999999997},0.67227999999999988,"1.7.2.6 91692"]
["COMPOSICAO",91693,"SERRA CIRCULAR DE BANCADA COM MOTOR ELÉTRICO POTÊNCIA DE 5HP, COM COIFA PARA DISCO 10\" - CHI DIURNO. AF_08/2015","CHI",0.224,"",null,null,{"$f":"INDEX('SINAPI - SINTÉTICO'!K:K,MATCH(B173,'SINAPI - SINTÉTICO'!G:G,0))","v":33.049999999999997},7.4,null,null,"1.7.2.6","COMPOSICAO",91693,"SERRA CIRCULAR DE BANCADA COM MOTOR ELÉTRICO POTÊNCIA DE 5HP, COM COIFA PARA DISCO 10\" - CHI DIURNO. AF_08/2015",0.224,"CHI",0.35,7.8399999999999997E-2,{"$f":"IF(L173<>\"\",\"\",IF(INDEX('CPU - PROJ.AUX'!$H:$H,MATCH($O173,'CPU - PROJ.AUX'!$B:$B,0))=0,INDEX('CPU - PROJ.AUX'!$I:$I,MATCH($O173,'CPU - PROJ.AUX'!$B:$B,0)),INDEX('CPU - PROJ.AUX'!$H:$H,MATCH($O173,'CPU - PROJ.AUX'!$B:$B,0))))","v":33.049999999999997},2.5911199999999996,"1.7.2.6 91693"]
["01.FUES.FOCA.005/01",92270,"FABRICAÇÃO DE FÔRMA PARA VIGAS, COM MADEIRA SERRADA, E = 25 MM. AF_12/2015","M2","","Fôrmas para Estruturas de Concreto Armado",null,null,{"$f":"INDEX('SINAPI - SINTÉTICO'!K:K,MATCH(B174,'SINAPI - SINTÉTICO'!G:G,0))","v":192.68},{"$f":"SUM(J175:J181)","v":192.68},null,"1.7.2.7",{"$f":"IF(L174<>\"\",L174,IF(M173<>0,M173,L174))","v":"1.7.2.7"},"01.FUES.FOCA.005/01",92270,"FABRICAÇÃO DE FÔRMA PARA VIGAS, COM MADEIRA SERRADA, E = 25 MM. AF_12/2015",{"$f":"IF(L174<>\"\",\"\",E174)","v":""},"M2",{"$f":"INDEX('CPU - PROJETO'!Q:Q,MATCH(W174,'CPU - PROJETO'!W:W,0))","v":0.4},{"$f":"IF(L174<>\"\",\"\",Q174*S174)","v":""},{"$f":"IF(L174<>\"\",\"\",IF(INDEX('CPU - PROJETO'!$H:$H,MATCH($O174,'CPU - PROJETO'!$B:$B,0))=0,INDEX('CPU - PROJETO'!$I:$I,MATCH($O174,'CPU - PROJETO'!$B:$B,0)),INDEX('CPU - PROJETO'!$H:$H,MATCH($O174,'CPU - PROJETO'!$B:$B,0))))","v":""},{"$f":"IF(L174<>\"\",IF(I174=0,J174,I174)*S174,T174*U174)","v":77.072000000000003},{"$f":"CONCATENATE(M174,\" \",O174)","v":"1.7.2.7 92270"}]
["INSUMO",4517,"SARRAFO DE MADEIRA NAO APARELHADA *2,5 X 7,5* CM (1 X 3 \") PINUS, MISTA OU EQUIVALENTE DA REGIAO","M",4.2279999999999998,"",null,{"$f":"INDEX('SINAPI - INSUMO'!E:E,MATCH(B175,'SINAPI - INSUMO'!A:A,0))","v":3.52},null,{"$f":"TRUNC(E175*H175+E175*I175,2)","v":14.88},null,null,{"$f":"IF(L175<>\"\",L175,IF(M174<>0,M174,L175))","v":"1.7.2.7"},{"$f":"A175","v":"INSUMO"},{"$f":"B175","v":4517},{"$f":"C175","v":"SARRAFO DE MADEIRA NAO APARELHADA *2,5 X 7,5* CM (1 X 3 \") PINUS, MISTA OU EQUIVALENTE DA REGIAO"},{"$f":"IF(L175<>\"\",\"\",E175)","v":4.2279999999999998},{"$f":"D175","v":"M"},{"$f":"S$174","v":0.4},{"$f":"IF(L175<>\"\",\"\",Q175*S175)","v":1.6912},{"$f":"IF(L175<>\"\",\"\",IF(INDEX('CPU - PROJ.AUX'!$H:$H,MATCH($O175,'CPU - PROJ.AUX'!$B:$B,0))=0,INDEX('CPU - PROJ.AUX'!$I:$I,MATCH($O175,'CPU - PROJ.AUX'!$B:$B,0)),INDEX('CPU - PROJ.AUX'!$H:$H,MATCH($O175,'CPU - PROJ.AUX'!$B:$B,0))))","v":3.52},{"$f":"IF(L175<>\"\",IF(I175=0,J175,I175)*S175,T175*U175)","v":5.9530240000000001},{"$f":"CONCATENATE(M175,\" \",O175)","v":"1.7.2.7 4517"}]
["INSUMO",5068,"PREGO DE ACO POLIDO COM CABECA 17 X 21 (2 X 11)","KG",0.128,"",null,{"$f":"INDEX('SINAPI - INSUMO'!E:E,MATCH(B176,'SINAPI - INSUMO'!A:A,0))","v":22.38},null,2.86,null,null,{"$f":"IF(L176<>\"\",L176,IF(M175<>0,M175,L176))","v":"1.7.2.7"},{"$f":"A176","v":"INSUMO"},{"$f":"B176","v":5068},{"$f":"C176","v":"PREGO DE ACO POLIDO COM CABECA 17 X 21 (2 X 11)"},{"$f":"IF(L176<>\"\",\"\",E176)","v":0.128},{"$f":"D176","v":"KG"},{"$f":"S$174","v":0.4},{"$f":"IF(L176<>\"\",\"\",Q176*S176)","v":5.1200000000000002E-2},{"$f":"IF(L176<>\"\",\"\",IF(INDEX('CPU - PROJ.AUX'!$H:$H,MATCH($O176,'CPU - PROJ.AUX'!$B:$B,0))=0,INDEX('CPU - PROJ.AUX'!$I:$I,MATCH($O176,'CPU - PROJ.AUX'!$B:$B,0)),INDEX('CPU - PROJ.AUX'!$H:$H,MATCH($O176,'CPU - PROJ.AUX'!$B:$B,0))))","v":22.38},{"$f":"IF(L176<>\"\",IF(I176=0,J176,I176)*S176,T176*U176)","v":1.145856},"1.7.2.7 5068"]
["INSUMO",6189,"TABUA DE MADEIRA NAO APARELHADA *2,5 X 30* CM, CEDRINHO OU EQUIVALENTE DA REGIAO","M",4.4480000000000004,"",null,{"$f":"INDEX('SINAPI - INSUMO'!E:E,MATCH(B177,'SINAPI - INSUMO'!A:A,0))","v":31.97},null,142.19999999999999,null,null,"1.7.2.7","INSUMO",6189,"TABUA DE MADEIRA NAO APARELHADA *2,5 X 30* CM, CEDRINHO OU EQUIVALENTE DA REGIAO",4.4480000000000004,"M",0.4,1.7792000000000003,{"$f":"IF(L177<>\"\",\"\",IF(INDEX('CPU - PROJ.AUX'!$H:$H,MATCH($O177,'CPU - PROJ.AUX'!$B:$B,0))=0,INDEX('CPU - PROJ.AUX'!$I:$I,MATCH($O177,'CPU - PROJ.AUX'!$B:$B,0)),INDEX('CPU - PROJ.AUX'!$H:$H,MATCH($O177,'CPU - PROJ.AUX'!$B:$B,0))))","v":31.97},56.881024000000011,"1.7.2.7 6189"]
["COMPOSICAO",88239,"AJUDANTE DE CARPINTEIRO COM ENCARGOS COMPLEMENTARES","H",0.17899999999999999,"",null,null,{"$f":"INDEX('SINAPI - SINTÉTICO'!K:K,MATCH(B178,'SINAPI - SINTÉTICO'!G:G,0))","v":20.27},3.62,null,null,"1.7.2.7","COMPOSICAO",88239,"AJUDANTE DE CARPINTEIRO COM ENCARGOS COMPLEMENTARES",0.17899999999999999,"H",0.4,7.1599999999999997E-2,{"$f":"IF(L178<>\"\",\"\",IF(INDEX('CPU - PROJ.AUX'!$H:$H,MATCH($O178,'CPU - PROJ.AUX'!$B:$B,0))=0,INDEX('CPU - PROJ.AUX'!$I:$I,MATCH($O178,'CPU - PROJ.AUX'!$B:$B,0)),INDEX('CPU - PROJ.AUX'!$H:$H,MATCH($O178,'CPU - PROJ.AUX'!$B:$B,0))))","v":20.27},1.4513319999999998,"1.7.2.7 88239"]
["COMPOSICAO",88262,"CARPINTEIRO DE FORMAS COM ENCARGOS COMPLEMENTARES","H",0.79200000000000004,"",null,null,{"$f":"INDEX('SINAPI - SINTÉTICO'!K:K,MATCH(B179,'SINAPI - SINTÉTICO'!G:G,0))","v":25},19.8,null,null,"1.7.2.7","COMPOSICAO",88262,"CARPINTEIRO DE FORMAS COM ENCARGOS COMPLEMENTARES",0.79200000000000004,"H",0.4,0.31680000000000003,{"$f":"IF(L179<>\"\",\"\",IF(INDEX('CPU - PROJ.AUX'!$H:$H,MATCH($O179,'CPU - PROJ.AUX'!$B:$B,0))=0,INDEX('CPU - PROJ.AUX'!$I:$I,MATCH($O179,'CPU - PROJ.AUX'!$B:$B,0)),INDEX('CPU - PROJ.AUX'!$H:$H,MATCH($O179,'CPU - PROJ.AUX'!$B:$B,0))))","v":25},7.9200000000000008,"1.7.2.7 88262"]
["COMPOSICAO",91692,"SERRA CIRCULAR DE BANCADA COM MOTOR ELÉTRICO POTÊNCIA DE 5HP, COM COIFA PARA DISCO 10\" - CHP DIURNO. AF_08/2015","CHP",5.6000000000000001E-2,"",null,null,{"$f":"INDEX('SINAPI - SINTÉTICO'!K:K,MATCH(B180,'SINAPI - SINTÉTICO'!G:G,0))","v":34.299999999999997},1.92,null,null,"1.7.2.7","COMPOSICAO",91692,"SERRA CIRCULAR DE BANCADA COM MOTOR ELÉTRICO POTÊNCIA DE 5HP, COM COIFA PARA DISCO 10\" - CHP DIURNO. AF_08/2015",5.6000000000000001E-2,"CHP",0.4,2.2400000000000003E-2,{"$f":"IF(L180<>\"\",\"\",IF(INDEX('CPU - PROJ.AUX'!$H:$H,MATCH($O180,'CPU - PROJ.AUX'!$B:$B,0))=0,INDEX('CPU - PROJ.AUX'!$I:$I,MATCH($O180,'CPU - PROJ.AUX'!$B:$B,0)),INDEX('CPU - PROJ.AUX'!$H:$H,MATCH($O180,'CPU - PROJ.AUX'!$B:$B,0))))","v":34.299999999999997},0.76832,"1.7.2.7 91692"]
["COMPOSICAO",91693,"SERRA CIRCULAR DE BANCADA COM MOTOR ELÉTRICO POTÊNCIA DE 5HP, COM COIFA PARA DISCO 10\" - CHI DIURNO. AF_08/2015","CHI",0.224,"",null,null,{"$f":"INDEX('SINAPI - SINTÉTICO'!K:K,MATCH(B181,'SINAPI - SINTÉTICO'!G:G,0))","v":33.049999999999997},7.4,null,null,"1.7.2.7","COMPOSICAO",91693,"SERRA CIRCULAR DE BANCADA COM MOTOR ELÉTRICO POTÊNCIA DE 5HP, COM COIFA PARA DISCO 10\" - CHI DIURNO. AF_08/2015",0.224,"CHI",0.4,8.9600000000000013E-2,{"$f":"IF(L181<>\"\",\"\",IF(INDEX('CPU - PROJ.AUX'!$H:$H,MATCH($O181,'CPU - PROJ.AUX'!$B:$B,0))=0,INDEX('CPU - PROJ.AUX'!$I:$I,MATCH($O181,'CPU - PROJ.AUX'!$B:$B,0)),INDEX('CPU - PROJ.AUX'!$H:$H,MATCH($O181,'CPU - PROJ.AUX'!$B:$B,0))))","v":33.049999999999997},2.9612800000000004,"1.7.2.7 91693"]
[]
["01.FUES.ARMD.040/01",92801,"CORTE E DOBRA DE AÇO CA-50, DIÂMETRO DE 6,3 MM. AF_06/2022 ","KG","","Armação para Estruturas de Concreto Armado",null,null,{"$f":"INDEX('SINAPI - SINTÉTICO'!K:K,MATCH(B183,'SINAPI - SINTÉTICO'!G:G,0))","v":13.73},{"$f":"SUM(J184:J186)","v":13.729999999999999},null,"1.7.2.6",{"$f":"IF(L183<>\"\",L183,IF(M182<>0,M182,L183))","v":"1.7.2.6"},{"$f":"A183","v":"01.FUES.ARMD.040/01"},{"$f":"B183","v":92801},{"$f":"C183","v":"CORTE E DOBRA DE AÇO CA-50, DIÂMETRO DE 6,3 MM. AF_06/2022 "},{"$f":"IF(L183<>\"\",\"\",E183)","v":""},{"$f":"D183","v":"KG"},{"$f":"INDEX('CPU - PROJETO'!Q:Q,MATCH(W183,'CPU - PROJETO'!W:W,0))","v":0.49},{"$f":"IF(L183<>\"\",\"\",Q183*S183)","v":""},{"$f":"IF(L183<>\"\",\"\",IF(INDEX('CPU - PROJETO'!$H:$H,MATCH($O183,'CPU - PROJETO'!$B:$B,0))=0,INDEX('CPU - PROJETO'!$I:$I,MATCH($O183,'CPU - PROJETO'!$B:$B,0)),INDEX('CPU - PROJETO'!$H:$H,MATCH($O183,'CPU - PROJETO'!$B:$B,0))))","v":""},{"$f":"IF(L183<>\"\",IF(I183=0,J183,I183)*S183,T183*U183)","v":6.7277000000000005},{"$f":"CONCATENATE(M183,\" \",O183)","v":"1.7.2.6 92801"}]
["INSUMO",32,"ACO CA-50, 6,3 MM, VERGALHAO","KG",1.07,"",null,{"$f":"INDEX('SINAPI - INSUMO'!E:E,MATCH(B184,'SINAPI - INSUMO'!A:A,0))","v":12.01},null,{"$f":"TRUNC(E184*H184+E184*I184,2)","v":12.85},null,null,{"$f":"IF(L184<>\"\",L184,IF(M183<>0,M183,L184))","v":"1.7.2.6"},{"$f":"A184","v":"INSUMO"},{"$f":"B184","v":32},{"$f":"C184","v":"ACO CA-50, 6,3 MM, VERGALHAO"},{"$f":"IF(L184<>\"\",\"\",E184)","v":1.07},{"$f":"D184","v":"KG"},{"$f":"S$183","v":0.49},{"$f":"IF(L184<>\"\",\"\",Q184*S184)","v":0.52429999999999999},{"$f":"IF(L184<>\"\",\"\",IF(INDEX('CPU - PROJ.AUX'!$H:$H,MATCH($O184,'CPU - PROJ.AUX'!$B:$B,0))=0,INDEX('CPU - PROJ.AUX'!$I:$I,MATCH($O184,'CPU - PROJ.AUX'!$B:$B,0)),INDEX('CPU - PROJ.AUX'!$H:$H,MATCH($O184,'CPU - PROJ.AUX'!$B:$B,0))))","v":12.01},{"$f":"IF(L184<>\"\",IF(I184=0,J184,I184)*S184,T184*U184)","v":6.296843},{"$f":"CONCATENATE(M184,\" \",O184)","v":"1.7.2.6 32"}]
["COMPOSICAO",88238,"AJUDANTE DE ARMADOR COM ENCARGOS COMPLEMENTARES","H",5.1000000000000004E-3,"",null,null,{"$f":"INDEX('SINAPI - SINTÉTICO'!K:K,MATCH(B185,'SINAPI - SINTÉTICO'!G:G,0))","v":20.43},0.1,null,null,{"$f":"IF(L185<>\"\",L185,IF(M184<>0,M184,L185))","v":"1.7.2.6"},{"$f":"A185","v":"COMPOSICAO"},{"$f":"B185","v":88238},{"$f":"C185","v":"AJUDANTE DE ARMADOR COM ENCARGOS COMPLEMENTARES"},{"$f":"IF(L185<>\"\",\"\",E185)","v":5.1000000000000004E-3},{"$f":"D185","v":"H"},{"$f":"S$183","v":0.49},{"$f":"IF(L185<>\"\",\"\",Q185*S185)","v":2.4989999999999999E-3},{"$f":"IF(L185<>\"\",\"\",IF(INDEX('CPU - PROJ.AUX'!$H:$H,MATCH($O185,'CPU - PROJ.AUX'!$B:$B,0))=0,INDEX('CPU - PROJ.AUX'!$I:$I,MATCH($O185,'CPU - PROJ.AUX'!$B:$B,0)),INDEX('CPU - PROJ.AUX'!$H:$H,MATCH($O185,'CPU - PROJ.AUX'!$B:$B,0))))","v":20.43},{"$f":"IF(L185<>\"\",IF(I185=0,J185,I185)*S185,T185*U185)","v":5.1054570000000001E-2},"1.7.2.6 88238"]
["COMPOSICAO",88245,"ARMADOR COM ENCARGOS COMPLEMENTARES","H",3.1E-2,"",null,null,{"$f":"INDEX('SINAPI - SINTÉTICO'!K:K,MATCH(B186,'SINAPI - SINTÉTICO'!G:G,0))","v":25.18},0.78,null,null,"1.7.2.6","COMPOSICAO",88245,"ARMADOR COM ENCARGOS COMPLEMENTARES",3.1E-2,"H",0.49,1.519E-2,{"$f":"IF(L186<>\"\",\"\",IF(INDEX('CPU - PROJ.AUX'!$H:$H,MATCH($O186,'CPU - PROJ.AUX'!$B:$B,0))=0,INDEX('CPU - PROJ.AUX'!$I:$I,MATCH($O186,'CPU - PROJ.AUX'!$B:$B,0)),INDEX('CPU - PROJ.AUX'!$H:$H,MATCH($O186,'CPU - PROJ.AUX'!$B:$B,0))))","v":25.18},0.3824842,"1.7.2.6 88245"]
["01.FUES.ARMD.040/01",92801,"CORTE E DOBRA DE AÇO CA-50, DIÂMETRO DE 6,3 MM. AF_06/2022 ","KG","","Armação para Estruturas de Concreto Armado",null,null,{"$f":"INDEX('SINAPI - SINTÉTICO'!K:K,MATCH(B187,'SINAPI - SINTÉTICO'!G:G,0))","v":13.73},{"$f":"SUM(J188:J190)","v":13.729999999999999},null,"1.7.2.7",{"$f":"IF(L187<>\"\",L187,IF(M186<>0,M186,L187))","v":"1.7.2.7"},"01.FUES.ARMD.040/01",92801,"CORTE E DOBRA DE AÇO CA-50, DIÂMETRO DE 6,3 MM. AF_06/2022 ",{"$f":"IF(L187<>\"\",\"\",E187)","v":""},"KG",{"$f":"INDEX('CPU - PROJETO'!Q:Q,MATCH(W187,'CPU - PROJETO'!W:W,0))","v":0.49},{"$f":"IF(L187<>\"\",\"\",Q187*S187)","v":""},{"$f":"IF(L187<>\"\",\"\",IF(INDEX('CPU - PROJETO'!$H:$H,MATCH($O187,'CPU - PROJETO'!$B:$B,0))=0,INDEX('CPU - PROJETO'!$I:$I,MATCH($O187,'CPU - PROJETO'!$B:$B,0)),INDEX('CPU - PROJETO'!$H:$H,MATCH($O187,'CPU - PROJETO'!$B:$B,0))))","v":""},{"$f":"IF(L187<>\"\",IF(I187=0,J187,I187)*S187,T187*U187)","v":6.7277000000000005},{"$f":"CONCATENATE(M187,\" \",O187)","v":"1.7.2.7 92801"}]
["INSUMO",32,"ACO CA-50, 6,3 MM, VERGALHAO","KG",1.07,"",null,{"$f":"INDEX('SINAPI - INSUMO'!E:E,MATCH(B188,'SINAPI - INSUMO'!A:A,0))","v":12.01},null,{"$f":"TRUNC(E188*H188+E188*I188,2)","v":12.85},null,null,{"$f":"IF(L188<>\"\",L188,IF(M187<>0,M187,L188))","v":"1.7.2.7"},{"$f":"A188","v":"INSUMO"},{"$f":"B188","v":32},{"$f":"C188","v":"ACO CA-50, 6,3 MM, VERGALHAO"},{"$f":"IF(L188<>\"\",\"\",E188)","v":1.07},{"$f":"D188","v":"KG"},{"$f":"S$187","v":0.49},{"$f":"IF(L188<>\"\",\"\",Q188*S188)","v":0.52429999999999999},{"$f":"IF(L188<>\"\",\"\",IF(INDEX('CPU - PROJ.AUX'!$H:$H,MATCH($O188,'CPU - PROJ.AUX'!$B:$B,0))=0,INDEX('CPU - PROJ.AUX'!$I:$I,MATCH($O188,'CPU - PROJ.AUX'!$B:$B,0)),INDEX('CPU - PROJ.AUX'!$H:$H,MATCH($O188,'CPU - PROJ.AUX'!$B:$B,0))))","v":12.01},{"$f":"IF(L188<>\"\",IF(I188=0,J188,I188)*S188,T188*U188)","v":6.296843},{"$f":"CONCATENATE(M188,\" \",O188)","v":"1.7.2.7 32"}]
["COMPOSICAO",88238,"AJUDANTE DE ARMADOR COM ENCARGOS COMPLEMENTARES","H",5.1000000000000004E-3,"",null,null,{"$f":"INDEX('SINAPI - SINTÉTICO'!K:K,MATCH(B189,'SINAPI - SINTÉTICO'!G:G,0))","v":20.43},0.1,null,null,{"$f":"IF(L189<>\"\",L189,IF(M188<>0,M188,L189))","v":"1.7.2.7"},{"$f":"A189","v":"COMPOSICAO"},{"$f":"B189","v":88238},{"$f":"C189","v":"AJUDANTE DE ARMADOR COM ENCARGOS COMPLEMENTARES"},{"$f":"IF(L189<>\"\",\"\",E189)","v":5.1000000000000004E-3},{"$f":"D189","v":"H"},{"$f":"S$187","v":0.49},{"$f":"IF(L189<>\"\",\"\",Q189*S189)","v":2.4989999999999999E-3},{"$f":"IF(L189<>\"\",\"\",IF(INDEX('CPU - PROJ.AUX'!$H:$H,MATCH($O189,'CPU - PROJ.AUX'!$B:$B,0))=0,INDEX('CPU - PROJ.AUX'!$I:$I,MATCH($O189,'CPU - PROJ.AUX'!$B:$B,0)),INDEX('CPU - PROJ.AUX'!$H:$H,MATCH($O189,'CPU - PROJ.AUX'!$B:$B,0))))","v":20.43},{"$f":"IF(L189<>\"\",IF(I189=0,J189,I189)*S189,T189*U189)","v":5.1054570000000001E-2},"1.7.2.7 88238"]
["COMPOSICAO",88245,"ARMADOR COM ENCARGOS COMPLEMENTARES","H",3.1E-2,"",null,null,{"$f":"INDEX('SINAPI - SINTÉTICO'!K:K,MATCH(B190,'SINAPI - SINTÉTICO'!G:G,0))","v":25.18},0.78,null,null,"1.7.2.7","COMPOSICAO",88245,"ARMADOR COM ENCARGOS COMPLEMENTARES",3.1E-2,"H",0.49,1.519E-2,{"$f":"IF(L190<>\"\",\"\",IF(INDEX('CPU - PROJ.AUX'!$H:$H,MATCH($O190,'CPU - PROJ.AUX'!$B:$B,0))=0,INDEX('CPU - PROJ.AUX'!$I:$I,MATCH($O190,'CPU - PROJ.AUX'!$B:$B,0)),INDEX('CPU - PROJ.AUX'!$H:$H,MATCH($O190,'CPU - PROJ.AUX'!$B:$B,0))))","v":25.18},0.3824842,"1.7.2.7 88245"]
[]
["01.FUES.CONC.009/01",94970,"CONCRETO FCK = 20MPA, TRAÇO 1:2,7:3 (CIMENTO/ AREIA MÉDIA/ BRITA 1)  - PREPARO MECÂNICO COM BETONEIRA 600 L. AF_07/2016","M3","","Concreto dosado em obra",null,null,{"$f":"INDEX('SINAPI - SINTÉTICO'!K:K,MATCH(B192,'SINAPI - SINTÉTICO'!G:G,0))","v":460.22},{"$f":"SUM(J193:J199)","v":460.22},null,"1.7.2.4",{"$f":"IF(L192<>\"\",L192,IF(M191<>0,M191,L192))","v":"1.7.2.4"},{"$f":"A192","v":"01.FUES.CONC.009/01"},{"$f":"B192","v":94970},{"$f":"C192","v":"CONCRETO FCK = 20MPA, TRAÇO 1:2,7:3 (CIMENTO/ AREIA MÉDIA/ BRITA 1)  - PREPARO MECÂNICO COM BETONEIRA 600 L. AF_07/2016"},{"$f":"IF(L192<>\"\",\"\",E192)","v":""},{"$f":"D192","v":"M3"},{"$f":"INDEX('CPU - PROJETO'!Q:Q,MATCH(W192,'CPU - PROJETO'!W:W,0))","v":2.4E-2},{"$f":"IF(L192<>\"\",\"\",Q192*S192)","v":""},{"$f":"IF(L192<>\"\",\"\",IF(INDEX('CPU - PROJETO'!$H:$H,MATCH($O192,'CPU - PROJETO'!$B:$B,0))=0,INDEX('CPU - PROJETO'!$I:$I,MATCH($O192,'CPU - PROJETO'!$B:$B,0)),INDEX('CPU - PROJETO'!$H:$H,MATCH($O192,'CPU - PROJETO'!$B:$B,0))))","v":""},{"$f":"IF(L192<>\"\",IF(I192=0,J192,I192)*S192,T192*U192)","v":11.045280000000002},{"$f":"CONCATENATE(M192,\" \",O192)","v":"1.7.2.4 94970"}]
["INSUMO",370,"AREIA MEDIA - POSTO JAZIDA/FORNECEDOR (RETIRADO NA JAZIDA, SEM TRANSPORTE)","M3",0.76090000000000002,"",null,{"$f":"INDEX('SINAPI - INSUMO'!E:E,MATCH(B193,'SINAPI - INSUMO'!A:A,0))","v":129},null,{"$f":"TRUNC(E193*H193+E193*I193,2)","v":98.15},null,null,{"$f":"IF(L193<>\"\",L193,IF(M192<>0,M192,L193))","v":"1.7.2.4"},{"$f":"A193","v":"INSUMO"},{"$f":"B193","v":370},{"$f":"C193","v":"AREIA MEDIA - POSTO JAZIDA/FORNECEDOR (RETIRADO NA JAZIDA, SEM TRANSPORTE)"},{"$f":"IF(L193<>\"\",\"\",E193)","v":0.76090000000000002},{"$f":"D193","v":"M3"},{"$f":"S$192","v":2.4E-2},{"$f":"IF(L193<>\"\",\"\",Q193*S193)","v":1.8261599999999999E-2},{"$f":"IF(L193<>\"\",\"\",IF(INDEX('CPU - PROJ.AUX'!$H:$H,MATCH($O193,'CPU - PROJ.AUX'!$B:$B,0))=0,INDEX('CPU - PROJ.AUX'!$I:$I,MATCH($O193,'CPU - PROJ.AUX'!$B:$B,0)),INDEX('CPU - PROJ.AUX'!$H:$H,MATCH($O193,'CPU - PROJ.AUX'!$B:$B,0))))","v":129},{"$f":"IF(L193<>\"\",IF(I193=0,J193,I193)*S193,T193*U193)","v":2.3557464000000001},{"$f":"CONCATENATE(M193,\" \",O193)","v":"1.7.2.4 370"}]
["INSUMO",1379,"CIMENTO PORTLAND COMPOSTO CP II-32","KG",325.15890000000002,"",null,{"$f":"INDEX('SINAPI - INSUMO'!E:E,MATCH(B194,'SINAPI - INSUMO'!A:A,0))","v":0.7},null,227.61,null,null,{"$f":"IF(L194<>\"\",L194,IF(M193<>0,M193,L194))","v":"1.7.2.4"},{"$f":"A194","v":"INSUMO"},{"$f":"B194","v":1379},{"$f":"C194","v":"CIMENTO PORTLAND COMPOSTO CP II-32"},{"$f":"IF(L194<>\"\",\"\",E194)","v":325.15890000000002},{"$f":"D194","v":"KG"},{"$f":"S$192","v":2.4E-2},{"$f":"IF(L194<>\"\",\"\",Q194*S194)","v":7.8038136000000007},{"$f":"IF(L194<>\"\",\"\",IF(INDEX('CPU - PROJ.AUX'!$H:$H,MATCH($O194,'CPU - PROJ.AUX'!$B:$B,0))=0,INDEX('CPU - PROJ.AUX'!$I:$I,MATCH($O194,'CPU - PROJ.AUX'!$B:$B,0)),INDEX('CPU - PROJ.AUX'!$H:$H,MATCH($O194,'CPU - PROJ.AUX'!$B:$B,0))))","v":0.7},{"$f":"IF(L194<>\"\",IF(I194=0,J194,I194)*S194,T194*U194)","v":5.4626695200000004},"1.7.2.4 1379"]
["INSUMO",4721,"PEDRA BRITADA N. 1 (9,5 a 19 MM) POSTO PEDREIRA/FORNECEDOR, SEM FRETE","M3",0.59119999999999995,"",null,{"$f":"INDEX('SINAPI - INSUMO'!E:E,MATCH(B195,'SINAPI - INSUMO'!A:A,0))","v":89},null,52.61,null,null,"1.7.2.4","INSUMO",4721,"PEDRA BRITADA N. 1 (9,5 a 19 MM) POSTO PEDREIRA/FORNECEDOR, SEM FRETE",0.59119999999999995,"M3",2.4E-2,1.41888E-2,{"$f":"IF(L195<>\"\",\"\",IF(INDEX('CPU - PROJ.AUX'!$H:$H,MATCH($O195,'CPU - PROJ.AUX'!$B:$B,0))=0,INDEX('CPU - PROJ.AUX'!$I:$I,MATCH($O195,'CPU - PROJ.AUX'!$B:$B,0)),INDEX('CPU - PROJ.AUX'!$H:$H,MATCH($O195,'CPU - PROJ.AUX'!$B:$B,0))))","v":89},1.2628032,"1.7.2.4 4721"]
["COMPOSICAO",88316,"SERVENTE COM ENCARGOS COMPLEMENTARES","H",2.0266999999999999,"",null,null,{"$f":"INDEX('SINAPI - SINTÉTICO'!K:K,MATCH(B196,'SINAPI - SINTÉTICO'!G:G,0))","v":20.420000000000002},41.38,null,null,"1.7.2.4","COMPOSICAO",88316,"SERVENTE COM ENCARGOS COMPLEMENTARES",2.0266999999999999,"H",2.4E-2,4.8640799999999998E-2,{"$f":"IF(L196<>\"\",\"\",IF(INDEX('CPU - PROJ.AUX'!$H:$H,MATCH($O196,'CPU - PROJ.AUX'!$B:$B,0))=0,INDEX('CPU - PROJ.AUX'!$I:$I,MATCH($O196,'CPU - PROJ.AUX'!$B:$B,0)),INDEX('CPU - PROJ.AUX'!$H:$H,MATCH($O196,'CPU - PROJ.AUX'!$B:$B,0))))","v":20.420000000000002},0.99324513600000008,"1.7.2.4 88316"]
["COMPOSICAO",88377,"OPERADOR DE BETONEIRA ESTACIONÁRIA/MISTURADOR COM ENCARGOS COMPLEMENTARES","H",1.2767999999999999,"",null,null,{"$f":"INDEX('SINAPI - SINTÉTICO'!K:K,MATCH(B197,'SINAPI - SINTÉTICO'!G:G,0))","v":28.14},35.92,null,null,"1.7.2.4","COMPOSICAO",88377,"OPERADOR DE BETONEIRA ESTACIONÁRIA/MISTURADOR COM ENCARGOS COMPLEMENTARES",1.2767999999999999,"H",2.4E-2,3.0643199999999999E-2,{"$f":"IF(L197<>\"\",\"\",IF(INDEX('CPU - PROJ.AUX'!$H:$H,MATCH($O197,'CPU - PROJ.AUX'!$B:$B,0))=0,INDEX('CPU - PROJ.AUX'!$I:$I,MATCH($O197,'CPU - PROJ.AUX'!$B:$B,0)),INDEX('CPU - PROJ.AUX'!$H:$H,MATCH($O197,'CPU - PROJ.AUX'!$B:$B,0))))","v":28.14},0.86229964800000003,"1.7.2.4 88377"]
["COMPOSICAO",89225,"BETONEIRA CAPACIDADE NOMINAL DE 600 L, CAPACIDADE DE MISTURA 360 L, MOTOR ELÉTRICO TRIFÁSICO POTÊNCIA DE 4 CV, SEM CARREGADOR - CHP DIURNO. AF_11/2014","CHP",0.65720000000000001,"",null,null,{"$f":"INDEX('SINAPI - SINTÉTICO'!K:K,MATCH(B198,'SINAPI - SINTÉTICO'!G:G,0))","v":5.41},3.55,null,null,"1.7.2.4","COMPOSICAO",89225,"BETONEIRA CAPACIDADE NOMINAL DE 600 L, CAPACIDADE DE MISTURA 360 L, MOTOR ELÉTRICO TRIFÁSICO POTÊNCIA DE 4 CV, SEM CARREGADOR - CHP DIURNO. AF_11/2014",0.65720000000000001,"CHP",2.4E-2,1.57728E-2,{"$f":"IF(L198<>\"\",\"\",IF(INDEX('CPU - PROJ.AUX'!$H:$H,MATCH($O198,'CPU - PROJ.AUX'!$B:$B,0))=0,INDEX('CPU - PROJ.AUX'!$I:$I,MATCH($O198,'CPU - PROJ.AUX'!$B:$B,0)),INDEX('CPU - PROJ.AUX'!$H:$H,MATCH($O198,'CPU - PROJ.AUX'!$B:$B,0))))","v":5.41},8.5330848000000001E-2,"1.7.2.4 89225"]
["COMPOSICAO",89226,"BETONEIRA CAPACIDADE NOMINAL DE 600 L, CAPACIDADE DE MISTURA 360 L, MOTOR ELÉTRICO TRIFÁSICO POTÊNCIA DE 4 CV, SEM CARREGADOR - CHI DIURNO. AF_11/2014","CHI",0.61970000000000003,"",null,null,{"$f":"INDEX('SINAPI - SINTÉTICO'!K:K,MATCH(B199,'SINAPI - SINTÉTICO'!G:G,0))","v":1.62},1,null,null,"1.7.2.4","COMPOSICAO",89226,"BETONEIRA CAPACIDADE NOMINAL DE 600 L, CAPACIDADE DE MISTURA 360 L, MOTOR ELÉTRICO TRIFÁSICO POTÊNCIA DE 4 CV, SEM CARREGADOR - CHI DIURNO. AF_11/2014",0.61970000000000003,"CHI",2.4E-2,1.48728E-2,{"$f":"IF(L199<>\"\",\"\",IF(INDEX('CPU - PROJ.AUX'!$H:$H,MATCH($O199,'CPU - PROJ.AUX'!$B:$B,0))=0,INDEX('CPU - PROJ.AUX'!$I:$I,MATCH($O199,'CPU - PROJ.AUX'!$B:$B,0)),INDEX('CPU - PROJ.AUX'!$H:$H,MATCH($O199,'CPU - PROJ.AUX'!$B:$B,0))))","v":1.62},2.4093936000000003E-2,"1.7.2.4 89226"]
["01.FUES.CONC.009/01",94970,"CONCRETO FCK = 20MPA, TRAÇO 1:2,7:3 (CIMENTO/ AREIA MÉDIA/ BRITA 1)  - PREPARO MECÂNICO COM BETONEIRA 600 L. AF_07/2016","M3","","Concreto dosado em obra",null,null,{"$f":"INDEX('SINAPI - SINTÉTICO'!K:K,MATCH(B200,'SINAPI - SINTÉTICO'!G:G,0))","v":460.22},{"$f":"SUM(J201:J207)","v":460.22},null,"1.7.2.5",{"$f":"IF(L200<>\"\",L200,IF(M199<>0,M199,L200))","v":"1.7.2.5"},"01.FUES.CONC.009/01",94970,"CONCRETO FCK = 20MPA, TRAÇO 1:2,7:3 (CIMENTO/ AREIA MÉDIA/ BRITA 1)  - PREPARO MECÂNICO COM BETONEIRA 600 L. AF_07/2016",{"$f":"IF(L200<>\"\",\"\",E200)","v":""},"M3",{"$f":"INDEX('CPU - PROJETO'!Q:Q,MATCH(W200,'CPU - PROJETO'!W:W,0))","v":2.4E-2},{"$f":"IF(L200<>\"\",\"\",Q200*S200)","v":""},{"$f":"IF(L200<>\"\",\"\",IF(INDEX('CPU - PROJETO'!$H:$H,MATCH($O200,'CPU - PROJETO'!$B:$B,0))=0,INDEX('CPU - PROJETO'!$I:$I,MATCH($O200,'CPU - PROJETO'!$B:$B,0)),INDEX('CPU - PROJETO'!$H:$H,MATCH($O200,'CPU - PROJETO'!$B:$B,0))))","v":""},{"$f":"IF(L200<>\"\",IF(I200=0,J200,I200)*S200,T200*U200)","v":11.045280000000002},{"$f":"CONCATENATE(M200,\" \",O200)","v":"1.7.2.5 94970"}]
["INSUMO",370,"AREIA MEDIA - POSTO JAZIDA/FORNECEDOR (RETIRADO NA JAZIDA, SEM TRANSPORTE)","M3",0.76090000000000002,"",null,{"$f":"INDEX('SINAPI - INSUMO'!E:E,MATCH(B201,'SINAPI - INSUMO'!A:A,0))","v":129},null,{"$f":"TRUNC(E201*H201+E201*I201,2)","v":98.15},null,null,{"$f":"IF(L201<>\"\",L201,IF(M200<>0,M200,L201))","v":"1.7.2.5"},{"$f":"A201","v":"INSUMO"},{"$f":"B201","v":370},{"$f":"C201","v":"AREIA MEDIA - POSTO JAZIDA/FORNECEDOR (RETIRADO NA JAZIDA, SEM TRANSPORTE)"},{"$f":"IF(L201<>\"\",\"\",E201)","v":0.76090000000000002},{"$f":"D201","v":"M3"},{"$f":"S$200","v":2.4E-2},{"$f":"IF(L201<>\"\",\"\",Q201*S201)","v":1.8261599999999999E-2},{"$f":"IF(L201<>\"\",\"\",IF(INDEX('CPU - PROJ.AUX'!$H:$H,MATCH($O201,'CPU - PROJ.AUX'!$B:$B,0))=0,INDEX('CPU - PROJ.AUX'!$I:$I,MATCH($O201,'CPU - PROJ.AUX'!$B:$B,0)),INDEX('CPU - PROJ.AUX'!$H:$H,MATCH($O201,'CPU - PROJ.AUX'!$B:$B,0))))","v":129},{"$f":"IF(L201<>\"\",IF(I201=0,J201,I201)*S201,T201*U201)","v":2.3557464000000001},{"$f":"CONCATENATE(M201,\" \",O201)","v":"1.7.2.5 370"}]
["INSUMO",1379,"CIMENTO PORTLAND COMPOSTO CP II-32","KG",325.15890000000002,"",null,{"$f":"INDEX('SINAPI - INSUMO'!E:E,MATCH(B202,'SINAPI - INSUMO'!A:A,0))","v":0.7},null,227.61,null,null,{"$f":"IF(L202<>\"\",L202,IF(M201<>0,M201,L202))","v":"1.7.2.5"},{"$f":"A202","v":"INSUMO"},{"$f":"B202","v":1379},{"$f":"C202","v":"CIMENTO PORTLAND COMPOSTO CP II-32"},{"$f":"IF(L202<>\"\",\"\",E202)","v":325.15890000000002},{"$f":"D202","v":"KG"},{"$f":"S$200","v":2.4E-2},{"$f":"IF(L202<>\"\",\"\",Q202*S202)","v":7.8038136000000007},{"$f":"IF(L202<>\"\",\"\",IF(INDEX('CPU - PROJ.AUX'!$H:$H,MATCH($O202,'CPU - PROJ.AUX'!$B:$B,0))=0,INDEX('CPU - PROJ.AUX'!$I:$I,MATCH($O202,'CPU - PROJ.AUX'!$B:$B,0)),INDEX('CPU - PROJ.AUX'!$H:$H,MATCH($O202,'CPU - PROJ.AUX'!$B:$B,0))))","v":0.7},{"$f":"IF(L202<>\"\",IF(I202=0,J202,I202)*S202,T202*U202)","v":5.4626695200000004},"1.7.2.5 1379"]
["INSUMO",4721,"PEDRA BRITADA N. 1 (9,5 a 19 MM) POSTO PEDREIRA/FORNECEDOR, SEM FRETE","M3",0.59119999999999995,"",null,{"$f":"INDEX('SINAPI - INSUMO'!E:E,MATCH(B203,'SINAPI - INSUMO'!A:A,0))","v":89},null,52.61,null,null,"1.7.2.5","INSUMO",4721,"PEDRA BRITADA N. 1 (9,5 a 19 MM) POSTO PEDREIRA/FORNECEDOR, SEM FRETE",0.59119999999999995,"M3",2.4E-2,1.41888E-2,{"$f":"IF(L203<>\"\",\"\",IF(INDEX('CPU - PROJ.AUX'!$H:$H,MATCH($O203,'CPU - PROJ.AUX'!$B:$B,0))=0,INDEX('CPU - PROJ.AUX'!$I:$I,MATCH($O203,'CPU - PROJ.AUX'!$B:$B,0)),INDEX('CPU - PROJ.AUX'!$H:$H,MATCH($O203,'CPU - PROJ.AUX'!$B:$B,0))))","v":89},1.2628032,"1.7.2.5 4721"]
["COMPOSICAO",88316,"SERVENTE COM ENCARGOS COMPLEMENTARES","H",2.0266999999999999,"",null,null,{"$f":"INDEX('SINAPI - SINTÉTICO'!K:K,MATCH(B204,'SINAPI - SINTÉTICO'!G:G,0))","v":20.420000000000002},41.38,null,null,"1.7.2.5","COMPOSICAO",88316,"SERVENTE COM ENCARGOS COMPLEMENTARES",2.0266999999999999,"H",2.4E-2,4.8640799999999998E-2,{"$f":"IF(L204<>\"\",\"\",IF(INDEX('CPU - PROJ.AUX'!$H:$H,MATCH($O204,'CPU - PROJ.AUX'!$B:$B,0))=0,INDEX('CPU - PROJ.AUX'!$I:$I,MATCH($O204,'CPU - PROJ.AUX'!$B:$B,0)),INDEX('CPU - PROJ.AUX'!$H:$H,MATCH($O204,'CPU - PROJ.AUX'!$B:$B,0))))","v":20.420000000000002},0.99324513600000008,"1.7.2.5 88316"]
["COMPOSICAO",88377,"OPERADOR DE BETONEIRA ESTACIONÁRIA/MISTURADOR COM ENCARGOS COMPLEMENTARES","H",1.2767999999999999,"",null,null,{"$f":"INDEX('SINAPI - SINTÉTICO'!K:K,MATCH(B205,'SINAPI - SINTÉTICO'!G:G,0))","v":28.14},35.92,null,null,"1.7.2.5","COMPOSICAO",88377,"OPERADOR DE BETONEIRA ESTACIONÁRIA/MISTURADOR COM ENCARGOS COMPLEMENTARES",1.2767999999999999,"H",2.4E-2,3.0643199999999999E-2,{"$f":"IF(L205<>\"\",\"\",IF(INDEX('CPU - PROJ.AUX'!$H:$H,MATCH($O205,'CPU - PROJ.AUX'!$B:$B,0))=0,INDEX('CPU - PROJ.AUX'!$I:$I,MATCH($O205,'CPU - PROJ.AUX'!$B:$B,0)),INDEX('CPU - PROJ.AUX'!$H:$H,MATCH($O205,'CPU - PROJ.AUX'!$B:$B,0))))","v":28.14},0.86229964800000003,"1.7.2.5 88377"]
["COMPOSICAO",89225,"BETONEIRA CAPACIDADE NOMINAL DE 600 L, CAPACIDADE DE MISTURA 360 L, MOTOR ELÉTRICO TRIFÁSICO POTÊNCIA DE 4 CV, SEM CARREGADOR - CHP DIURNO. AF_11/2014","CHP",0.65720000000000001,"",null,null,{"$f":"INDEX('SINAPI - SINTÉTICO'!K:K,MATCH(B206,'SINAPI - SINTÉTICO'!G:G,0))","v":5.41},3.55,null,null,"1.7.2.5","COMPOSICAO",89225,"BETONEIRA CAPACIDADE NOMINAL DE 600 L, CAPACIDADE DE MISTURA 360 L, MOTOR ELÉTRICO TRIFÁSICO POTÊNCIA DE 4 CV, SEM CARREGADOR - CHP DIURNO. AF_11/2014",0.65720000000000001,"CHP",2.4E-2,1.57728E-2,{"$f":"IF(L206<>\"\",\"\",IF(INDEX('CPU - PROJ.AUX'!$H:$H,MATCH($O206,'CPU - PROJ.AUX'!$B:$B,0))=0,INDEX('CPU - PROJ.AUX'!$I:$I,MATCH($O206,'CPU - PROJ.AUX'!$B:$B,0)),INDEX('CPU - PROJ.AUX'!$H:$H,MATCH($O206,'CPU - PROJ.AUX'!$B:$B,0))))","v":5.41},8.5330848000000001E-2,"1.7.2.5 89225"]
["COMPOSICAO",89226,"BETONEIRA CAPACIDADE NOMINAL DE 600 L, CAPACIDADE DE MISTURA 360 L, MOTOR ELÉTRICO TRIFÁSICO POTÊNCIA DE 4 CV, SEM CARREGADOR - CHI DIURNO. AF_11/2014","CHI",0.61970000000000003,"",null,null,{"$f":"INDEX('SINAPI - SINTÉTICO'!K:K,MATCH(B207,'SINAPI - SINTÉTICO'!G:G,0))","v":1.62},1,null,null,"1.7.2.5","COMPOSICAO",89226,"BETONEIRA CAPACIDADE NOMINAL DE 600 L, CAPACIDADE DE MISTURA 360 L, MOTOR ELÉTRICO TRIFÁSICO POTÊNCIA DE 4 CV, SEM CARREGADOR - CHI DIURNO. AF_11/2014",0.61970000000000003,"CHI",2.4E-2,1.48728E-2,{"$f":"IF(L207<>\"\",\"\",IF(INDEX('CPU - PROJ.AUX'!$H:$H,MATCH($O207,'CPU - PROJ.AUX'!$B:$B,0))=0,INDEX('CPU - PROJ.AUX'!$I:$I,MATCH($O207,'CPU - PROJ.AUX'!$B:$B,0)),INDEX('CPU - PROJ.AUX'!$H:$H,MATCH($O207,'CPU - PROJ.AUX'!$B:$B,0))))","v":1.62},2.4093936000000003E-2,"1.7.2.5 89226"]
["01.FUES.CONC.009/01",94970,"CONCRETO FCK = 20MPA, TRAÇO 1:2,7:3 (CIMENTO/ AREIA MÉDIA/ BRITA 1)  - PREPARO MECÂNICO COM BETONEIRA 600 L. AF_07/2016","M3","","Concreto dosado em obra",null,null,{"$f":"INDEX('SINAPI - SINTÉTICO'!K:K,MATCH(B208,'SINAPI - SINTÉTICO'!G:G,0))","v":460.22},{"$f":"SUM(J209:J215)","v":460.22},null,"1.7.2.6",{"$f":"IF(L208<>\"\",L208,IF(M207<>0,M207,L208))","v":"1.7.2.6"},"01.FUES.CONC.009/01",94970,"CONCRETO FCK = 20MPA, TRAÇO 1:2,7:3 (CIMENTO/ AREIA MÉDIA/ BRITA 1)  - PREPARO MECÂNICO COM BETONEIRA 600 L. AF_07/2016",{"$f":"IF(L208<>\"\",\"\",E208)","v":""},"M3",{"$f":"INDEX('CPU - PROJETO'!Q:Q,MATCH(W208,'CPU - PROJETO'!W:W,0))","v":1.7999999999999999E-2},{"$f":"IF(L208<>\"\",\"\",Q208*S208)","v":""},{"$f":"IF(L208<>\"\",\"\",IF(INDEX('CPU - PROJETO'!$H:$H,MATCH($O208,'CPU - PROJETO'!$B:$B,0))=0,INDEX('CPU - PROJETO'!$I:$I,MATCH($O208,'CPU - PROJETO'!$B:$B,0)),INDEX('CPU - PROJETO'!$H:$H,MATCH($O208,'CPU - PROJETO'!$B:$B,0))))","v":""},{"$f":"IF(L208<>\"\",IF(I208=0,J208,I208)*S208,T208*U208)","v":8.2839600000000004},{"$f":"CONCATENATE(M208,\" \",O208)","v":"1.7.2.6 94970"}]
["INSUMO",370,"AREIA MEDIA - POSTO JAZIDA/FORNECEDOR (RETIRADO NA JAZIDA, SEM TRANSPORTE)","M3",0.76090000000000002,"",null,{"$f":"INDEX('SINAPI - INSUMO'!E:E,MATCH(B209,'SINAPI - INSUMO'!A:A,0))","v":129},null,{"$f":"TRUNC(E209*H209+E209*I209,2)","v":98.15},null,null,{"$f":"IF(L209<>\"\",L209,IF(M208<>0,M208,L209))","v":"1.7.2.6"},{"$f":"A209","v":"INSUMO"},{"$f":"B209","v":370},{"$f":"C209","v":"AREIA MEDIA - POSTO JAZIDA/FORNECEDOR (RETIRADO NA JAZIDA, SEM TRANSPORTE)"},{"$f":"IF(L209<>\"\",\"\",E209)","v":0.76090000000000002},{"$f":"D209","v":"M3"},{"$f":"S$208","v":1.7999999999999999E-2},{"$f":"IF(L209<>\"\",\"\",Q209*S209)","v":1.3696199999999999E-2},{"$f":"IF(L209<>\"\",\"\",IF(INDEX('CPU - PROJ.AUX'!$H:$H,MATCH($O209,'CPU - PROJ.AUX'!$B:$B,0))=0,INDEX('CPU - PROJ.AUX'!$I:$I,MATCH($O209,'CPU - PROJ.AUX'!$B:$B,0)),INDEX('CPU - PROJ.AUX'!$H:$H,MATCH($O209,'CPU - PROJ.AUX'!$B:$B,0))))","v":129},{"$f":"IF(L209<>\"\",IF(I209=0,J209,I209)*S209,T209*U209)","v":1.7668097999999999},{"$f":"CONCATENATE(M209,\" \",O209)","v":"1.7.2.6 370"}]
["INSUMO",1379,"CIMENTO PORTLAND COMPOSTO CP II-32","KG",325.15890000000002,"",null,{"$f":"INDEX('SINAPI - INSUMO'!E:E,MATCH(B210,'SINAPI - INSUMO'!A:A,0))","v":0.7},null,227.61,null,null,{"$f":"IF(L210<>\"\",L210,IF(M209<>0,M209,L210))","v":"1.7.2.6"},{"$f":"A210","v":"INSUMO"},{"$f":"B210","v":1379},{"$f":"C210","v":"CIMENTO PORTLAND COMPOSTO CP II-32"},{"$f":"IF(L210<>\"\",\"\",E210)","v":325.15890000000002},{"$f":"D210","v":"KG"},{"$f":"S$208","v":1.7999999999999999E-2},{"$f":"IF(L210<>\"\",\"\",Q210*S210)","v":5.8528602000000003},{"$f":"IF(L210<>\"\",\"\",IF(INDEX('CPU - PROJ.AUX'!$H:$H,MATCH($O210,'CPU - PROJ.AUX'!$B:$B,0))=0,INDEX('CPU - PROJ.AUX'!$I:$I,MATCH($O210,'CPU - PROJ.AUX'!$B:$B,0)),INDEX('CPU - PROJ.AUX'!$H:$H,MATCH($O210,'CPU - PROJ.AUX'!$B:$B,0))))","v":0.7},{"$f":"IF(L210<>\"\",IF(I210=0,J210,I210)*S210,T210*U210)","v":4.0970021399999998},"1.7.2.6 1379"]
["INSUMO",4721,"PEDRA BRITADA N. 1 (9,5 a 19 MM) POSTO PEDREIRA/FORNECEDOR, SEM FRETE","M3",0.59119999999999995,"",null,{"$f":"INDEX('SINAPI - INSUMO'!E:E,MATCH(B211,'SINAPI - INSUMO'!A:A,0))","v":89},null,52.61,null,null,"1.7.2.6","INSUMO",4721,"PEDRA BRITADA N. 1 (9,5 a 19 MM) POSTO PEDREIRA/FORNECEDOR, SEM FRETE",0.59119999999999995,"M3",1.7999999999999999E-2,1.0641599999999998E-2,{"$f":"IF(L211<>\"\",\"\",IF(INDEX('CPU - PROJ.AUX'!$H:$H,MATCH($O211,'CPU - PROJ.AUX'!$B:$B,0))=0,INDEX('CPU - PROJ.AUX'!$I:$I,MATCH($O211,'CPU - PROJ.AUX'!$B:$B,0)),INDEX('CPU - PROJ.AUX'!$H:$H,MATCH($O211,'CPU - PROJ.AUX'!$B:$B,0))))","v":89},0.94710239999999979,"1.7.2.6 4721"]
["COMPOSICAO",88316,"SERVENTE COM ENCARGOS COMPLEMENTARES","H",2.0266999999999999,"",null,null,{"$f":"INDEX('SINAPI - SINTÉTICO'!K:K,MATCH(B212,'SINAPI - SINTÉTICO'!G:G,0))","v":20.420000000000002},41.38,null,null,"1.7.2.6","COMPOSICAO",88316,"SERVENTE COM ENCARGOS COMPLEMENTARES",2.0266999999999999,"H",1.7999999999999999E-2,3.6480599999999995E-2,{"$f":"IF(L212<>\"\",\"\",IF(INDEX('CPU - PROJ.AUX'!$H:$H,MATCH($O212,'CPU - PROJ.AUX'!$B:$B,0))=0,INDEX('CPU - PROJ.AUX'!$I:$I,MATCH($O212,'CPU - PROJ.AUX'!$B:$B,0)),INDEX('CPU - PROJ.AUX'!$H:$H,MATCH($O212,'CPU - PROJ.AUX'!$B:$B,0))))","v":20.420000000000002},0.74493385199999995,"1.7.2.6 88316"]
["COMPOSICAO",88377,"OPERADOR DE BETONEIRA ESTACIONÁRIA/MISTURADOR COM ENCARGOS COMPLEMENTARES","H",1.2767999999999999,"",null,null,{"$f":"INDEX('SINAPI - SINTÉTICO'!K:K,MATCH(B213,'SINAPI - SINTÉTICO'!G:G,0))","v":28.14},35.92,null,null,"1.7.2.6","COMPOSICAO",88377,"OPERADOR DE BETONEIRA ESTACIONÁRIA/MISTURADOR COM ENCARGOS COMPLEMENTARES",1.2767999999999999,"H",1.7999999999999999E-2,2.2982399999999997E-2,{"$f":"IF(L213<>\"\",\"\",IF(INDEX('CPU - PROJ.AUX'!$H:$H,MATCH($O213,'CPU - PROJ.AUX'!$B:$B,0))=0,INDEX('CPU - PROJ.AUX'!$I:$I,MATCH($O213,'CPU - PROJ.AUX'!$B:$B,0)),INDEX('CPU - PROJ.AUX'!$H:$H,MATCH($O213,'CPU - PROJ.AUX'!$B:$B,0))))","v":28.14},0.64672473599999991,"1.7.2.6 88377"]
["COMPOSICAO",89225,"BETONEIRA CAPACIDADE NOMINAL DE 600 L, CAPACIDADE DE MISTURA 360 L, MOTOR ELÉTRICO TRIFÁSICO POTÊNCIA DE 4 CV, SEM CARREGADOR - CHP DIURNO. AF_11/2014","CHP",0.65720000000000001,"",null,null,{"$f":"INDEX('SINAPI - SINTÉTICO'!K:K,MATCH(B214,'SINAPI - SINTÉTICO'!G:G,0))","v":5.41},3.55,null,null,"1.7.2.6","COMPOSICAO",89225,"BETONEIRA CAPACIDADE NOMINAL DE 600 L, CAPACIDADE DE MISTURA 360 L, MOTOR ELÉTRICO TRIFÁSICO POTÊNCIA DE 4 CV, SEM CARREGADOR - CHP DIURNO. AF_11/2014",0.65720000000000001,"CHP",1.7999999999999999E-2,1.1829599999999999E-2,{"$f":"IF(L214<>\"\",\"\",IF(INDEX('CPU - PROJ.AUX'!$H:$H,MATCH($O214,'CPU - PROJ.AUX'!$B:$B,0))=0,INDEX('CPU - PROJ.AUX'!$I:$I,MATCH($O214,'CPU - PROJ.AUX'!$B:$B,0)),INDEX('CPU - PROJ.AUX'!$H:$H,MATCH($O214,'CPU - PROJ.AUX'!$B:$B,0))))","v":5.41},6.3998135999999997E-2,"1.7.2.6 89225"]
["COMPOSICAO",89226,"BETONEIRA CAPACIDADE NOMINAL DE 600 L, CAPACIDADE DE MISTURA 360 L, MOTOR ELÉTRICO TRIFÁSICO POTÊNCIA DE 4 CV, SEM CARREGADOR - CHI DIURNO. AF_11/2014","CHI",0.61970000000000003,"",null,null,{"$f":"INDEX('SINAPI - SINTÉTICO'!K:K,MATCH(B215,'SINAPI - SINTÉTICO'!G:G,0))","v":1.62},1,null,null,"1.7.2.6","COMPOSICAO",89226,"BETONEIRA CAPACIDADE NOMINAL DE 600 L, CAPACIDADE DE MISTURA 360 L, MOTOR ELÉTRICO TRIFÁSICO POTÊNCIA DE 4 CV, SEM CARREGADOR - CHI DIURNO. AF_11/2014",0.61970000000000003,"CHI",1.7999999999999999E-2,1.1154599999999999E-2,{"$f":"IF(L215<>\"\",\"\",IF(INDEX('CPU - PROJ.AUX'!$H:$H,MATCH($O215,'CPU - PROJ.AUX'!$B:$B,0))=0,INDEX('CPU - PROJ.AUX'!$I:$I,MATCH($O215,'CPU - PROJ.AUX'!$B:$B,0)),INDEX('CPU - PROJ.AUX'!$H:$H,MATCH($O215,'CPU - PROJ.AUX'!$B:$B,0))))","v":1.62},1.8070452000000001E-2,"1.7.2.6 89226"]
["01.FUES.CONC.009/01",94970,"CONCRETO FCK = 20MPA, TRAÇO 1:2,7:3 (CIMENTO/ AREIA MÉDIA/ BRITA 1)  - PREPARO MECÂNICO COM BETONEIRA 600 L. AF_07/2016","M3","","Concreto dosado em obra",null,null,{"$f":"INDEX('SINAPI - SINTÉTICO'!K:K,MATCH(B216,'SINAPI - SINTÉTICO'!G:G,0))","v":460.22},{"$f":"SUM(J217:J223)","v":460.22},null,"1.7.2.7",{"$f":"IF(L216<>\"\",L216,IF(M215<>0,M215,L216))","v":"1.7.2.7"},"01.FUES.CONC.009/01",94970,"CONCRETO FCK = 20MPA, TRAÇO 1:2,7:3 (CIMENTO/ AREIA MÉDIA/ BRITA 1)  - PREPARO MECÂNICO COM BETONEIRA 600 L. AF_07/2016",{"$f":"IF(L216<>\"\",\"\",E216)","v":""},"M3",{"$f":"INDEX('CPU - PROJETO'!Q:Q,MATCH(W216,'CPU - PROJETO'!W:W,0))","v":2.4E-2},{"$f":"IF(L216<>\"\",\"\",Q216*S216)","v":""},{"$f":"IF(L216<>\"\",\"\",IF(INDEX('CPU - PROJETO'!$H:$H,MATCH($O216,'CPU - PROJETO'!$B:$B,0))=0,INDEX('CPU - PROJETO'!$I:$I,MATCH($O216,'CPU - PROJETO'!$B:$B,0)),INDEX('CPU - PROJETO'!$H:$H,MATCH($O216,'CPU - PROJETO'!$B:$B,0))))","v":""},{"$f":"IF(L216<>\"\",IF(I216=0,J216,I216)*S216,T216*U216)","v":11.045280000000002},{"$f":"CONCATENATE(M216,\" \",O216)","v":"1.7.2.7 94970"}]
["INSUMO",370,"AREIA MEDIA - POSTO JAZIDA/FORNECEDOR (RETIRADO NA JAZIDA, SEM TRANSPORTE)","M3",0.76090000000000002,"",null,{"$f":"INDEX('SINAPI - INSUMO'!E:E,MATCH(B217,'SINAPI - INSUMO'!A:A,0))","v":129},null,{"$f":"TRUNC(E217*H217+E217*I217,2)","v":98.15},null,null,{"$f":"IF(L217<>\"\",L217,IF(M216<>0,M216,L217))","v":"1.7.2.7"},{"$f":"A217","v":"INSUMO"},{"$f":"B217","v":370},{"$f":"C217","v":"AREIA MEDIA - POSTO JAZIDA/FORNECEDOR (RETIRADO NA JAZIDA, SEM TRANSPORTE)"},{"$f":"IF(L217<>\"\",\"\",E217)","v":0.76090000000000002},{"$f":"D217","v":"M3"},{"$f":"S$216","v":2.4E-2},{"$f":"IF(L217<>\"\",\"\",Q217*S217)","v":1.8261599999999999E-2},{"$f":"IF(L217<>\"\",\"\",IF(INDEX('CPU - PROJ.AUX'!$H:$H,MATCH($O217,'CPU - PROJ.AUX'!$B:$B,0))=0,INDEX('CPU - PROJ.AUX'!$I:$I,MATCH($O217,'CPU - PROJ.AUX'!$B:$B,0)),INDEX('CPU - PROJ.AUX'!$H:$H,MATCH($O217,'CPU - PROJ.AUX'!$B:$B,0))))","v":129},{"$f":"IF(L217<>\"\",IF(I217=0,J217,I217)*S217,T217*U217)","v":2.3557464000000001},{"$f":"CONCATENATE(M217,\" \",O217)","v":"1.7.2.7 370"}]
["INSUMO",1379,"CIMENTO PORTLAND COMPOSTO CP II-32","KG",325.15890000000002,"",null,{"$f":"INDEX('SINAPI - INSUMO'!E:E,MATCH(B218,'SINAPI - INSUMO'!A:A,0))","v":0.7},null,227.61,null,null,{"$f":"IF(L218<>\"\",L218,IF(M217<>0,M217,L218))","v":"1.7.2.7"},{"$f":"A218","v":"INSUMO"},{"$f":"B218","v":1379},{"$f":"C218","v":"CIMENTO PORTLAND COMPOSTO CP II-32"},{"$f":"IF(L218<>\"\",\"\",E218)","v":325.15890000000002},{"$f":"D218","v":"KG"},{"$f":"S$216","v":2.4E-2},{"$f":"IF(L218<>\"\",\"\",Q218*S218)","v":7.8038136000000007},{"$f":"IF(L218<>\"\",\"\",IF(INDEX('CPU - PROJ.AUX'!$H:$H,MATCH($O218,'CPU - PROJ.AUX'!$B:$B,0))=0,INDEX('CPU - PROJ.AUX'!$I:$I,MATCH($O218,'CPU - PROJ.AUX'!$B:$B,0)),INDEX('CPU - PROJ.AUX'!$H:$H,MATCH($O218,'CPU - PROJ.AUX'!$B:$B,0))))","v":0.7},{"$f":"IF(L218<>\"\",IF(I218=0,J218,I218)*S218,T218*U218)","v":5.4626695200000004},"1.7.2.7 1379"]
["INSUMO",4721,"PEDRA BRITADA N. 1 (9,5 a 19 MM) POSTO PEDREIRA/FORNECEDOR, SEM FRETE","M3",0.59119999999999995,"",null,{"$f":"INDEX('SINAPI - INSUMO'!E:E,MATCH(B219,'SINAPI - INSUMO'!A:A,0))","v":89},null,52.61,null,null,"1.7.2.7","INSUMO",4721,"PEDRA BRITADA N. 1 (9,5 a 19 MM) POSTO PEDREIRA/FORNECEDOR, SEM FRETE",0.59119999999999995,"M3",2.4E-2,1.41888E-2,{"$f":"IF(L219<>\"\",\"\",IF(INDEX('CPU - PROJ.AUX'!$H:$H,MATCH($O219,'CPU - PROJ.AUX'!$B:$B,0))=0,INDEX('CPU - PROJ.AUX'!$I:$I,MATCH($O219,'CPU - PROJ.AUX'!$B:$B,0)),INDEX('CPU - PROJ.AUX'!$H:$H,MATCH($O219,'CPU - PROJ.AUX'!$B:$B,0))))","v":89},1.2628032,"1.7.2.7 4721"]
["COMPOSICAO",88316,"SERVENTE COM ENCARGOS COMPLEMENTARES","H",2.0266999999999999,"",null,null,{"$f":"INDEX('SINAPI - SINTÉTICO'!K:K,MATCH(B220,'SINAPI - SINTÉTICO'!G:G,0))","v":20.420000000000002},41.38,null,null,"1.7.2.7","COMPOSICAO",88316,"SERVENTE COM ENCARGOS COMPLEMENTARES",2.0266999999999999,"H",2.4E-2,4.8640799999999998E-2,{"$f":"IF(L220<>\"\",\"\",IF(INDEX('CPU - PROJ.AUX'!$H:$H,MATCH($O220,'CPU - PROJ.AUX'!$B:$B,0))=0,INDEX('CPU - PROJ.AUX'!$I:$I,MATCH($O220,'CPU - PROJ.AUX'!$B:$B,0)),INDEX('CPU - PROJ.AUX'!$H:$H,MATCH($O220,'CPU - PROJ.AUX'!$B:$B,0))))","v":20.420000000000002},0.99324513600000008,"1.7.2.7 88316"]
["COMPOSICAO",88377,"OPERADOR DE BETONEIRA ESTACIONÁRIA/MISTURADOR COM ENCARGOS COMPLEMENTARES","H",1.2767999999999999,"",null,null,{"$f":"INDEX('SINAPI - SINTÉTICO'!K:K,MATCH(B221,'SINAPI - SINTÉTICO'!G:G,0))","v":28.14},35.92,null,null,"1.7.2.7","COMPOSICAO",88377,"OPERADOR DE BETONEIRA ESTACIONÁRIA/MISTURADOR COM ENCARGOS COMPLEMENTARES",1.2767999999999999,"H",2.4E-2,3.0643199999999999E-2,{"$f":"IF(L221<>\"\",\"\",IF(INDEX('CPU - PROJ.AUX'!$H:$H,MATCH($O221,'CPU - PROJ.AUX'!$B:$B,0))=0,INDEX('CPU - PROJ.AUX'!$I:$I,MATCH($O221,'CPU - PROJ.AUX'!$B:$B,0)),INDEX('CPU - PROJ.AUX'!$H:$H,MATCH($O221,'CPU - PROJ.AUX'!$B:$B,0))))","v":28.14},0.86229964800000003,"1.7.2.7 88377"]
["COMPOSICAO",89225,"BETONEIRA CAPACIDADE NOMINAL DE 600 L, CAPACIDADE DE MISTURA 360 L, MOTOR ELÉTRICO TRIFÁSICO POTÊNCIA DE 4 CV, SEM CARREGADOR - CHP DIURNO. AF_11/2014","CHP",0.65720000000000001,"",null,null,{"$f":"INDEX('SINAPI - SINTÉTICO'!K:K,MATCH(B222,'SINAPI - SINTÉTICO'!G:G,0))","v":5.41},3.55,null,null,"1.7.2.7","COMPOSICAO",89225,"BETONEIRA CAPACIDADE NOMINAL DE 600 L, CAPACIDADE DE MISTURA 360 L, MOTOR ELÉTRICO TRIFÁSICO POTÊNCIA DE 4 CV, SEM CARREGADOR - CHP DIURNO. AF_11/2014",0.65720000000000001,"CHP",2.4E-2,1.57728E-2,{"$f":"IF(L222<>\"\",\"\",IF(INDEX('CPU - PROJ.AUX'!$H:$H,MATCH($O222,'CPU - PROJ.AUX'!$B:$B,0))=0,INDEX('CPU - PROJ.AUX'!$I:$I,MATCH($O222,'CPU - PROJ.AUX'!$B:$B,0)),INDEX('CPU - PROJ.AUX'!$H:$H,MATCH($O222,'CPU - PROJ.AUX'!$B:$B,0))))","v":5.41},8.5330848000000001E-2,"1.7.2.7 89225"]
["COMPOSICAO",89226,"BETONEIRA CAPACIDADE NOMINAL DE 600 L, CAPACIDADE DE MISTURA 360 L, MOTOR ELÉTRICO TRIFÁSICO POTÊNCIA DE 4 CV, SEM CARREGADOR - CHI DIURNO. AF_11/2014","CHI",0.61970000000000003,"",null,null,{"$f":"INDEX('SINAPI - SINTÉTICO'!K:K,MATCH(B223,'SINAPI - SINTÉTICO'!G:G,0))","v":1.62},1,null,null,"1.7.2.7","COMPOSICAO",89226,"BETONEIRA CAPACIDADE NOMINAL DE 600 L, CAPACIDADE DE MISTURA 360 L, MOTOR ELÉTRICO TRIFÁSICO POTÊNCIA DE 4 CV, SEM CARREGADOR - CHI DIURNO. AF_11/2014",0.61970000000000003,"CHI",2.4E-2,1.48728E-2,{"$f":"IF(L223<>\"\",\"\",IF(INDEX('CPU - PROJ.AUX'!$H:$H,MATCH($O223,'CPU - PROJ.AUX'!$B:$B,0))=0,INDEX('CPU - PROJ.AUX'!$I:$I,MATCH($O223,'CPU - PROJ.AUX'!$B:$B,0)),INDEX('CPU - PROJ.AUX'!$H:$H,MATCH($O223,'CPU - PROJ.AUX'!$B:$B,0))))","v":1.62},2.4093936000000003E-2,"1.7.2.7 89226"]
[]
["01.FUES.ARMD.041/01",92802,"CORTE E DOBRA DE AÇO CA-50, DIÂMETRO DE 8,0 MM. AF_06/2022 ","KG","","Armação para Estruturas de Concreto Armado",null,null,{"$f":"INDEX('SINAPI - SINTÉTICO'!K:K,MATCH(B225,'SINAPI - SINTÉTICO'!G:G,0))","v":13.85},{"$f":"SUM(J226:J228)","v":13.850000000000001},null,"1.7.2.5",{"$f":"IF(L225<>\"\",L225,IF(M224<>0,M224,L225))","v":"1.7.2.5"},{"$f":"A225","v":"01.FUES.ARMD.041/01"},{"$f":"B225","v":92802},{"$f":"C225","v":"CORTE E DOBRA DE AÇO CA-50, DIÂMETRO DE 8,0 MM. AF_06/2022 "},{"$f":"IF(L225<>\"\",\"\",E225)","v":""},{"$f":"D225","v":"KG"},{"$f":"INDEX('CPU - PROJETO'!Q:Q,MATCH(W225,'CPU - PROJETO'!W:W,0))","v":0.79},{"$f":"IF(L225<>\"\",\"\",Q225*S225)","v":""},{"$f":"IF(L225<>\"\",\"\",IF(INDEX('CPU - PROJETO'!$H:$H,MATCH($O225,'CPU - PROJETO'!$B:$B,0))=0,INDEX('CPU - PROJETO'!$I:$I,MATCH($O225,'CPU - PROJETO'!$B:$B,0)),INDEX('CPU - PROJETO'!$H:$H,MATCH($O225,'CPU - PROJETO'!$B:$B,0))))","v":""},{"$f":"IF(L225<>\"\",IF(I225=0,J225,I225)*S225,T225*U225)","v":10.9415},{"$f":"CONCATENATE(M225,\" \",O225)","v":"1.7.2.5 92802"}]
["INSUMO",33,"ACO CA-50, 8,0 MM, VERGALHAO","KG",1.1100000000000001,"",null,{"$f":"INDEX('SINAPI - INSUMO'!E:E,MATCH(B226,'SINAPI - INSUMO'!A:A,0))","v":12.08},null,{"$f":"TRUNC(E226*H226+E226*I226,2)","v":13.4},null,null,{"$f":"IF(L226<>\"\",L226,IF(M225<>0,M225,L226))","v":"1.7.2.5"},{"$f":"A226","v":"INSUMO"},{"$f":"B226","v":33},{"$f":"C226","v":"ACO CA-50, 8,0 MM, VERGALHAO"},{"$f":"IF(L226<>\"\",\"\",E226)","v":1.1100000000000001},{"$f":"D226","v":"KG"},{"$f":"S$225","v":0.79},{"$f":"IF(L226<>\"\",\"\",Q226*S226)","v":0.87690000000000012},{"$f":"IF(L226<>\"\",\"\",IF(INDEX('CPU - PROJ.AUX'!$H:$H,MATCH($O226,'CPU - PROJ.AUX'!$B:$B,0))=0,INDEX('CPU - PROJ.AUX'!$I:$I,MATCH($O226,'CPU - PROJ.AUX'!$B:$B,0)),INDEX('CPU - PROJ.AUX'!$H:$H,MATCH($O226,'CPU - PROJ.AUX'!$B:$B,0))))","v":12.08},{"$f":"IF(L226<>\"\",IF(I226=0,J226,I226)*S226,T226*U226)","v":10.592952000000002},{"$f":"CONCATENATE(M226,\" \",O226)","v":"1.7.2.5 33"}]
["COMPOSICAO",88238,"AJUDANTE DE ARMADOR COM ENCARGOS COMPLEMENTARES","H",2.5999999999999999E-3,"",null,null,{"$f":"INDEX('SINAPI - SINTÉTICO'!K:K,MATCH(B227,'SINAPI - SINTÉTICO'!G:G,0))","v":20.43},0.05,null,null,{"$f":"IF(L227<>\"\",L227,IF(M226<>0,M226,L227))","v":"1.7.2.5"},{"$f":"A227","v":"COMPOSICAO"},{"$f":"B227","v":88238},{"$f":"C227","v":"AJUDANTE DE ARMADOR COM ENCARGOS COMPLEMENTARES"},{"$f":"IF(L227<>\"\",\"\",E227)","v":2.5999999999999999E-3},{"$f":"D227","v":"H"},{"$f":"S$225","v":0.79},{"$f":"IF(L227<>\"\",\"\",Q227*S227)","v":2.0539999999999998E-3},{"$f":"IF(L227<>\"\",\"\",IF(INDEX('CPU - PROJ.AUX'!$H:$H,MATCH($O227,'CPU - PROJ.AUX'!$B:$B,0))=0,INDEX('CPU - PROJ.AUX'!$I:$I,MATCH($O227,'CPU - PROJ.AUX'!$B:$B,0)),INDEX('CPU - PROJ.AUX'!$H:$H,MATCH($O227,'CPU - PROJ.AUX'!$B:$B,0))))","v":20.43},{"$f":"IF(L227<>\"\",IF(I227=0,J227,I227)*S227,T227*U227)","v":4.1963219999999996E-2},"1.7.2.5 88238"]
["COMPOSICAO",88245,"ARMADOR COM ENCARGOS COMPLEMENTARES","H",1.6199999999999999E-2,"",null,null,{"$f":"INDEX('SINAPI - SINTÉTICO'!K:K,MATCH(B228,'SINAPI - SINTÉTICO'!G:G,0))","v":25.18},0.4,null,null,"1.7.2.5","COMPOSICAO",88245,"ARMADOR COM ENCARGOS COMPLEMENTARES",1.6199999999999999E-2,"H",0.79,1.2798E-2,{"$f":"IF(L228<>\"\",\"\",IF(INDEX('CPU - PROJ.AUX'!$H:$H,MATCH($O228,'CPU - PROJ.AUX'!$B:$B,0))=0,INDEX('CPU - PROJ.AUX'!$I:$I,MATCH($O228,'CPU - PROJ.AUX'!$B:$B,0)),INDEX('CPU - PROJ.AUX'!$H:$H,MATCH($O228,'CPU - PROJ.AUX'!$B:$B,0))))","v":25.18},0.32225364000000001,"1.7.2.5 88245"]
[]
["01.SEDI.ARGA.035/01",87313,"ARGAMASSA TRAÇO 1:3 (CIMENTO E AREIA GROSSA) PARA CHAPISCO CONVENCIONAL, PREPARO MECÂNICO COM BETONEIRA 400 L. AF_06/2014","M3","","Argamassas e grautes",null,null,{"$f":"INDEX('SINAPI - SINTÉTICO'!K:K,MATCH(B230,'SINAPI - SINTÉTICO'!G:G,0))","v":547.41999999999996},{"$f":"SUM(J231:J235)","v":547.41999999999996},null,"1.7.3.2",{"$f":"IF(L230<>\"\",L230,IF(M229<>0,M229,L230))","v":"1.7.3.2"},{"$f":"A230","v":"01.SEDI.ARGA.035/01"},{"$f":"B230","v":87313},{"$f":"C230","v":"ARGAMASSA TRAÇO 1:3 (CIMENTO E AREIA GROSSA) PARA CHAPISCO CONVENCIONAL, PREPARO MECÂNICO COM BETONEIRA 400 L. AF_06/2014"},{"$f":"IF(L230<>\"\",\"\",E230)","v":""},{"$f":"D230","v":"M3"},{"$f":"INDEX('CPU - PROJETO'!Q:Q,MATCH(W230,'CPU - PROJETO'!W:W,0))","v":4.1999999999999997E-3},{"$f":"IF(L230<>\"\",\"\",Q230*S230)","v":""},{"$f":"IF(L230<>\"\",\"\",IF(INDEX('CPU - PROJETO'!$H:$H,MATCH($O230,'CPU - PROJETO'!$B:$B,0))=0,INDEX('CPU - PROJETO'!$I:$I,MATCH($O230,'CPU - PROJETO'!$B:$B,0)),INDEX('CPU - PROJETO'!$H:$H,MATCH($O230,'CPU - PROJETO'!$B:$B,0))))","v":""},{"$f":"IF(L230<>\"\",IF(I230=0,J230,I230)*S230,T230*U230)","v":2.2991639999999998},{"$f":"CONCATENATE(M230,\" \",O230)","v":"1.7.3.2 87313"}]
["INSUMO",367,"AREIA GROSSA - POSTO JAZIDA/FORNECEDOR (RETIRADO NA JAZIDA, SEM TRANSPORTE)","M3",0.95,"",null,{"$f":"INDEX('SINAPI - INSUMO'!E:E,MATCH(B231,'SINAPI - INSUMO'!A:A,0))","v":130.68},null,{"$f":"TRUNC(E231*H231+E231*I231,2)","v":124.14},null,null,{"$f":"IF(L231<>\"\",L231,IF(M230<>0,M230,L231))","v":"1.7.3.2"},{"$f":"A231","v":"INSUMO"},{"$f":"B231","v":367},{"$f":"C231","v":"AREIA GROSSA - POSTO JAZIDA/FORNECEDOR (RETIRADO NA JAZIDA, SEM TRANSPORTE)"},{"$f":"IF(L231<>\"\",\"\",E231)","v":0.95},{"$f":"D231","v":"M3"},{"$f":"S$230","v":4.1999999999999997E-3},{"$f":"IF(L231<>\"\",\"\",Q231*S231)","v":3.9899999999999996E-3},{"$f":"IF(L231<>\"\",\"\",IF(INDEX('CPU - PROJ.AUX'!$H:$H,MATCH($O231,'CPU - PROJ.AUX'!$B:$B,0))=0,INDEX('CPU - PROJ.AUX'!$I:$I,MATCH($O231,'CPU - PROJ.AUX'!$B:$B,0)),INDEX('CPU - PROJ.AUX'!$H:$H,MATCH($O231,'CPU - PROJ.AUX'!$B:$B,0))))","v":130.68},{"$f":"IF(L231<>\"\",IF(I231=0,J231,I231)*S231,T231*U231)","v":0.52141320000000002},{"$f":"CONCATENATE(M231,\" \",O231)","v":"1.7.3.2 367"}]
["INSUMO",1379,"CIMENTO PORTLAND COMPOSTO CP II-32","KG",426.49,"",null,{"$f":"INDEX('SINAPI - INSUMO'!E:E,MATCH(B232,'SINAPI - INSUMO'!A:A,0))","v":0.7},null,298.54000000000002,null,null,{"$f":"IF(L232<>\"\",L232,IF(M231<>0,M231,L232))","v":"1.7.3.2"},{"$f":"A232","v":"INSUMO"},{"$f":"B232","v":1379},{"$f":"C232","v":"CIMENTO PORTLAND COMPOSTO CP II-32"},{"$f":"IF(L232<>\"\",\"\",E232)","v":426.49},{"$f":"D232","v":"KG"},{"$f":"S$230","v":4.1999999999999997E-3},{"$f":"IF(L232<>\"\",\"\",Q232*S232)","v":1.791258},{"$f":"IF(L232<>\"\",\"\",IF(INDEX('CPU - PROJ.AUX'!$H:$H,MATCH($O232,'CPU - PROJ.AUX'!$B:$B,0))=0,INDEX('CPU - PROJ.AUX'!$I:$I,MATCH($O232,'CPU - PROJ.AUX'!$B:$B,0)),INDEX('CPU - PROJ.AUX'!$H:$H,MATCH($O232,'CPU - PROJ.AUX'!$B:$B,0))))","v":0.7},{"$f":"IF(L232<>\"\",IF(I232=0,J232,I232)*S232,T232*U232)","v":1.2538806},"1.7.3.2 1379"]
["COMPOSICAO",88377,"OPERADOR DE BETONEIRA ESTACIONÁRIA/MISTURADOR COM ENCARGOS COMPLEMENTARES","H",4.32,"",null,null,{"$f":"INDEX('SINAPI - SINTÉTICO'!K:K,MATCH(B233,'SINAPI - SINTÉTICO'!G:G,0))","v":28.14},121.56,null,null,"1.7.3.2","COMPOSICAO",88377,"OPERADOR DE BETONEIRA ESTACIONÁRIA/MISTURADOR COM ENCARGOS COMPLEMENTARES",4.32,"H",4.1999999999999997E-3,1.8144E-2,{"$f":"IF(L233<>\"\",\"\",IF(INDEX('CPU - PROJ.AUX'!$H:$H,MATCH($O233,'CPU - PROJ.AUX'!$B:$B,0))=0,INDEX('CPU - PROJ.AUX'!$I:$I,MATCH($O233,'CPU - PROJ.AUX'!$B:$B,0)),INDEX('CPU - PROJ.AUX'!$H:$H,MATCH($O233,'CPU - PROJ.AUX'!$B:$B,0))))","v":28.14},0.51057216000000005,"1.7.3.2 88377"]
["COMPOSICAO",88830,"BETONEIRA CAPACIDADE NOMINAL DE 400 L, CAPACIDADE DE MISTURA 280 L, MOTOR ELÉTRICO TRIFÁSICO POTÊNCIA DE 2 CV, SEM CARREGADOR - CHP DIURNO. AF_10/2014","CHP",1.01,"",null,null,{"$f":"INDEX('SINAPI - SINTÉTICO'!K:K,MATCH(B234,'SINAPI - SINTÉTICO'!G:G,0))","v":1.88},1.89,null,null,"1.7.3.2","COMPOSICAO",88830,"BETONEIRA CAPACIDADE NOMINAL DE 400 L, CAPACIDADE DE MISTURA 280 L, MOTOR ELÉTRICO TRIFÁSICO POTÊNCIA DE 2 CV, SEM CARREGADOR - CHP DIURNO. AF_10/2014",1.01,"CHP",4.1999999999999997E-3,4.2420000000000001E-3,{"$f":"IF(L234<>\"\",\"\",IF(INDEX('CPU - PROJ.AUX'!$H:$H,MATCH($O234,'CPU - PROJ.AUX'!$B:$B,0))=0,INDEX('CPU - PROJ.AUX'!$I:$I,MATCH($O234,'CPU - PROJ.AUX'!$B:$B,0)),INDEX('CPU - PROJ.AUX'!$H:$H,MATCH($O234,'CPU - PROJ.AUX'!$B:$B,0))))","v":1.88},7.9749599999999997E-3,"1.7.3.2 88830"]
["COMPOSICAO",88831,"BETONEIRA CAPACIDADE NOMINAL DE 400 L, CAPACIDADE DE MISTURA 280 L, MOTOR ELÉTRICO TRIFÁSICO POTÊNCIA DE 2 CV, SEM CARREGADOR - CHI DIURNO. AF_10/2014","CHI",3.31,"",null,null,{"$f":"INDEX('SINAPI - SINTÉTICO'!K:K,MATCH(B235,'SINAPI - SINTÉTICO'!G:G,0))","v":0.39},1.29,null,null,"1.7.3.2","COMPOSICAO",88831,"BETONEIRA CAPACIDADE NOMINAL DE 400 L, CAPACIDADE DE MISTURA 280 L, MOTOR ELÉTRICO TRIFÁSICO POTÊNCIA DE 2 CV, SEM CARREGADOR - CHI DIURNO. AF_10/2014",3.31,"CHI",4.1999999999999997E-3,1.3901999999999999E-2,{"$f":"IF(L235<>\"\",\"\",IF(INDEX('CPU - PROJ.AUX'!$H:$H,MATCH($O235,'CPU - PROJ.AUX'!$B:$B,0))=0,INDEX('CPU - PROJ.AUX'!$I:$I,MATCH($O235,'CPU - PROJ.AUX'!$B:$B,0)),INDEX('CPU - PROJ.AUX'!$H:$H,MATCH($O235,'CPU - PROJ.AUX'!$B:$B,0))))","v":0.39},5.4217800000000002E-3,"1.7.3.2 88831"]
[]
["02.INEL.ELE1.063/01",91946,"SUPORTE PARAFUSADO COM PLACA DE ENCAIXE 4\" X 2\" MÉDIO (1,30 M DO PISO) PARA PONTO ELÉTRICO - FORNECIMENTO E INSTALAÇÃO. AF_12/2015","UN","","Instalações Elétricas - parte 1",null,null,{"$f":"INDEX('SINAPI - SINTÉTICO'!K:K,MATCH(B237,'SINAPI - SINTÉTICO'!G:G,0))","v":7.96},{"$f":"SUM(J238:J240)","v":7.9599999999999991},null,"1.7.10.9",{"$f":"IF(L237<>\"\",L237,IF(M236<>0,M236,L237))","v":"1.7.10.9"},{"$f":"A237","v":"02.INEL.ELE1.063/01"},{"$f":"B237","v":91946},{"$f":"C237","v":"SUPORTE PARAFUSADO COM PLACA DE ENCAIXE 4\" X 2\" MÉDIO (1,30 M DO PISO) PARA PONTO ELÉTRICO - FORNECIMENTO E INSTALAÇÃO. AF_12/2015"},{"$f":"IF(L237<>\"\",\"\",E237)","v":""},{"$f":"D237","v":"UN"},{"$f":"INDEX('CPU - PROJETO'!Q:Q,MATCH(W237,'CPU - PROJETO'!W:W,0))","v":1},{"$f":"IF(L237<>\"\",\"\",Q237*S237)","v":""},{"$f":"IF(L237<>\"\",\"\",IF(INDEX('CPU - PROJETO'!$H:$H,MATCH($O237,'CPU - PROJETO'!$B:$B,0))=0,INDEX('CPU - PROJETO'!$I:$I,MATCH($O237,'CPU - PROJETO'!$B:$B,0)),INDEX('CPU - PROJETO'!$H:$H,MATCH($O237,'CPU - PROJETO'!$B:$B,0))))","v":""},{"$f":"IF(L237<>\"\",IF(I237=0,J237,I237)*S237,T237*U237)","v":7.96},{"$f":"CONCATENATE(M237,\" \",O237)","v":"1.7.10.9 91946"}]
["INSUMO",38094,"ESPELHO / PLACA DE 3 POSTOS 4\" X 2\", PARA INSTALACAO DE TOMADAS E INTERRUPTORES","UN",1,"",null,{"$f":"INDEX('SINAPI - INSUMO'!E:E,MATCH(B238,'SINAPI - INSUMO'!A:A,0))","v":3.15},null,{"$f":"TRUNC(E238*H238+E238*I238,2)","v":3.15},null,null,{"$f":"IF(L238<>\"\",L238,IF(M237<>0,M237,L238))","v":"1.7.10.9"},{"$f":"A238","v":"INSUMO"},{"$f":"B238","v":38094},{"$f":"C238","v":"ESPELHO / PLACA DE 3 POSTOS 4\" X 2\", PARA INSTALACAO DE TOMADAS E INTERRUPTORES"},{"$f":"IF(L238<>\"\",\"\",E238)","v":1},{"$f":"D238","v":"UN"},{"$f":"S$237","v":1},{"$f":"IF(L238<>\"\",\"\",Q238*S238)","v":1},{"$f":"IF(L238<>\"\",\"\",IF(INDEX('CPU - PROJ.AUX'!$H:$H,MATCH($O238,'CPU - PROJ.AUX'!$B:$B,0))=0,INDEX('CPU - PROJ.AUX'!$I:$I,MATCH($O238,'CPU - PROJ.AUX'!$B:$B,0)),INDEX('CPU - PROJ.AUX'!$H:$H,MATCH($O238,'CPU - PROJ.AUX'!$B:$B,0))))","v":3.15},{"$f":"IF(L238<>\"\",IF(I238=0,J238,I238)*S238,T238*U238)","v":3.15},{"$f":"CONCATENATE(M238,\" \",O238)","v":"1.7.10.9 38094"}]
["INSUMO",38099,"SUPORTE DE FIXACAO PARA ESPELHO / PLACA 4\" X 2\", PARA 3 MODULOS, PARA INSTALACAO DE TOMADAS E INTERRUPTORES (SOMENTE SUPORTE)","UN",1,"",null,{"$f":"INDEX('SINAPI - INSUMO'!E:E,MATCH(B239,'SINAPI - INSUMO'!A:A,0))","v":1.63},null,1.63,null,null,{"$f":"IF(L239<>\"\",L239,IF(M238<>0,M238,L239))","v":"1.7.10.9"},{"$f":"A239","v":"INSUMO"},{"$f":"B239","v":38099},{"$f":"C239","v":"SUPORTE DE FIXACAO PARA ESPELHO / PLACA 4\" X 2\", PARA 3 MODULOS, PARA INSTALACAO DE TOMADAS E INTERRUPTORES (SOMENTE SUPORTE)"},{"$f":"IF(L239<>\"\",\"\",E239)","v":1},{"$f":"D239","v":"UN"},{"$f":"S$237","v":1},{"$f":"IF(L239<>\"\",\"\",Q239*S239)","v":1},{"$f":"IF(L239<>\"\",\"\",IF(INDEX('CPU - PROJ.AUX'!$H:$H,MATCH($O239,'CPU - PROJ.AUX'!$B:$B,0))=0,INDEX('CPU - PROJ.AUX'!$I:$I,MATCH($O239,'CPU - PROJ.AUX'!$B:$B,0)),INDEX('CPU - PROJ.AUX'!$H:$H,MATCH($O239,'CPU - PROJ.AUX'!$B:$B,0))))","v":1.63},{"$f":"IF(L239<>\"\",IF(I239=0,J239,I239)*S239,T239*U239)","v":1.63},{"$f":"CONCATENATE(M239,\" \",O239)","v":"1.7.10.9 38099"}]
["COMPOSICAO",88264,"ELETRICISTA COM ENCARGOS COMPLEMENTARES","H",0.124,"",null,null,{"$f":"INDEX('SINAPI - SINTÉTICO'!K:K,MATCH(B240,'SINAPI - SINTÉTICO'!G:G,0))","v":25.69},3.18,null,null,"1.7.10.9","COMPOSICAO",88264,"ELETRICISTA COM ENCARGOS COMPLEMENTARES",0.124,"H",1,0.124,{"$f":"IF(L240<>\"\",\"\",IF(INDEX('CPU - PROJ.AUX'!$H:$H,MATCH($O240,'CPU - PROJ.AUX'!$B:$B,0))=0,INDEX('CPU - PROJ.AUX'!$I:$I,MATCH($O240,'CPU - PROJ.AUX'!$B:$B,0)),INDEX('CPU - PROJ.AUX'!$H:$H,MATCH($O240,'CPU - PROJ.AUX'!$B:$B,0))))","v":25.69},3.1855600000000002,"1.7.10.9 88264"]

{"sheet":"SINAPI - INSUMO","index":17,"n_rows":4946,"n_cols":5,"rows_kept":4946,"cut":false,"hidden":false,"merged":[[0,0,0,4]]}
["        PRECOS DE INSUMOS"]
[""]
["MES DE COLETA: 01/2023",null,null,null,"SINAPI_Preco_Ref_Insumos_PE_01-2023_NaoDesonerado"]
["LOCALIDADE: 1250 - RECIFE"]
["ENCARGOS SOCIAIS (%) HORISTA 114,55  MENSALISTA  70,11"]
[""]
["CODIGO  ","DESCRICAO DO INSUMO","UNIDADE","ORIGEM DO PRECO","  PRECO MEDIANO R$"]
[38605,"ABERTURA PARA ENCAIXE DE CUBA OU LAVATORIO EM BANCADA DE MARMORE/ GRANITO OU OUTRO TIPO DE PEDRA NATURAL","UN    ","CR",159.91999999999999]
[11270,"ABRACADEIRA DE LATAO PARA FIXACAO DE CABO PARA-RAIO, DIMENSOES 32 X 24 X 24 MM","UN    ","CR",3.4]
[412,"ABRACADEIRA DE NYLON PARA AMARRACAO DE CABOS, COMPRIMENTO DE *230* X *7,6* MM","UN    ","CR",1.1299999999999999]
[414,"ABRACADEIRA DE NYLON PARA AMARRACAO DE CABOS, COMPRIMENTO DE 100 X 2,5 MM","UN    ","CR",7.0000000000000007E-2]
[410,"ABRACADEIRA DE NYLON PARA AMARRACAO DE CABOS, COMPRIMENTO DE 150 X *3,6* MM","UN    ","CR",0.17]
[411,"ABRACADEIRA DE NYLON PARA AMARRACAO DE CABOS, COMPRIMENTO DE 200 X *4,6* MM","UN    ","C ",0.22]
[408,"ABRACADEIRA DE NYLON PARA AMARRACAO DE CABOS, COMPRIMENTO DE 390 X *4,6* MM","UN    ","CR",1.0900000000000001]
[39131,"ABRACADEIRA EM ACO PARA AMARRACAO DE ELETRODUTOS, TIPO D, COM 1 1/2\" E CUNHA DE FIXACAO","UN    ","CR",5.0199999999999996]
[394,"ABRACADEIRA EM ACO PARA AMARRACAO DE ELETRODUTOS, TIPO D, COM 1 1/2\" E PARAFUSO DE FIXACAO","UN    ","CR",5.08]
[39130,"ABRACADEIRA EM ACO PARA AMARRACAO DE ELETRODUTOS, TIPO D, COM 1 1/4\" E CUNHA DE FIXACAO","UN    ","CR",4.58]
[395,"ABRACADEIRA EM ACO PARA AMARRACAO DE ELETRODUTOS, TIPO D, COM 1 1/4\" E PARAFUSO DE FIXACAO","UN    ","CR",4.8899999999999997]
[39127,"ABRACADEIRA EM ACO PARA AMARRACAO DE ELETRODUTOS, TIPO D, COM 1/2\" E CUNHA DE FIXACAO","UN    ","CR",2.41]
[392,"ABRACADEIRA EM ACO PARA AMARRACAO DE ELETRODUTOS, TIPO D, COM 1/2\" E PARAFUSO DE FIXACAO","UN    ","CR",2.4700000000000002]
[39129,"ABRACADEIRA EM ACO PARA AMARRACAO DE ELETRODUTOS, TIPO D, COM 1\" E CUNHA DE FIXACAO","UN    ","CR",2.82]
[393,"ABRACADEIRA EM ACO PARA AMARRACAO DE ELETRODUTOS, TIPO D, COM 1\" E PARAFUSO DE FIXACAO","UN    ","C ",2.95]
[39133,"ABRACADEIRA EM ACO PARA AMARRACAO DE ELETRODUTOS, TIPO D, COM 2 1/2\" E CUNHA DE FIXACAO","UN    ","CR",6.59]
[397,"ABRACADEIRA EM ACO PARA AMARRACAO DE ELETRODUTOS, TIPO D, COM 2 1/2\" E PARAFUSO DE FIXACAO","UN    ","CR",7.28]
[39132,"ABRACADEIRA EM ACO PARA AMARRACAO DE ELETRODUTOS, TIPO D, COM 2\" E CUNHA DE FIXACAO","UN    ","CR",5.27]
[396,"ABRACADEIRA EM ACO PARA AMARRACAO DE ELETRODUTOS, TIPO D, COM 2\" E PARAFUSO DE FIXACAO","UN    ","CR",5.64]
[39135,"ABRACADEIRA EM ACO PARA AMARRACAO DE ELETRODUTOS, TIPO D, COM 3 1/2\" E CUNHA DE FIXACAO","UN    ","CR",10.54]
[39128,"ABRACADEIRA EM ACO PARA AMARRACAO DE ELETRODUTOS, TIPO D, COM 3/4\" E CUNHA DE FIXACAO","UN    ","CR",2.63]
[400,"ABRACADEIRA EM ACO PARA AMARRACAO DE ELETRODUTOS, TIPO D, COM 3/4\" E PARAFUSO DE FIXACAO","UN    ","CR",2.57]
[39125,"ABRACADEIRA EM ACO PARA AMARRACAO DE ELETRODUTOS, TIPO D, COM 3/8\" E PARAFUSO DE FIXACAO","UN    ","CR",2.63]
[39134,"ABRACADEIRA EM ACO PARA AMARRACAO DE ELETRODUTOS, TIPO D, COM 3\" E CUNHA DE FIXACAO","UN    ","CR",8.7799999999999994]
[398,"ABRACADEIRA EM ACO PARA AMARRACAO DE ELETRODUTOS, TIPO D, COM 3\" E PARAFUSO DE FIXACAO","UN    ","CR",8.09]
[39126,"ABRACADEIRA EM ACO PARA AMARRACAO DE ELETRODUTOS, TIPO D, COM 4\" E CUNHA DE FIXACAO","UN    ","CR",11.86]
[399,"ABRACADEIRA EM ACO PARA AMARRACAO DE ELETRODUTOS, TIPO D, COM 4\" E PARAFUSO DE FIXACAO","UN    ","CR",10.45]
[39158,"ABRACADEIRA EM ACO PARA AMARRACAO DE ELETRODUTOS, TIPO ECONOMICA (GOTA), COM 8\"","UN    ","CR",28.05]
[39141,"ABRACADEIRA EM ACO PARA AMARRACAO DE ELETRODUTOS, TIPO U SIMPLES, COM 1 1/2\"","UN    ","CR",2.0299999999999998]
[39140,"ABRACADEIRA EM ACO PARA AMARRACAO DE ELETRODUTOS, TIPO U SIMPLES, COM 1 1/4\"","UN    ","CR",1.85]
[39137,"ABRACADEIRA EM ACO PARA AMARRACAO DE ELETRODUTOS, TIPO U SIMPLES, COM 1/2\"","UN    ","CR",1.06]
[39139,"ABRACADEIRA EM ACO PARA AMARRACAO DE ELETRODUTOS, TIPO U SIMPLES, COM 1\"","UN    ","CR",1.53]
[39143,"ABRACADEIRA EM ACO PARA AMARRACAO DE ELETRODUTOS, TIPO U SIMPLES, COM 2 1/2\"","UN    ","CR",4.2]
[39142,"ABRACADEIRA EM ACO PARA AMARRACAO DE ELETRODUTOS, TIPO U SIMPLES, COM 2\"","UN    ","CR",3.01]
[39138,"ABRACADEIRA EM ACO PARA AMARRACAO DE ELETRODUTOS, TIPO U SIMPLES, COM 3/4\"","UN    ","CR",1.1200000000000001]
[39136,"ABRACADEIRA EM ACO PARA AMARRACAO DE ELETRODUTOS, TIPO U SIMPLES, COM 3/8\"","UN    ","CR",0.75]
[39144,"ABRACADEIRA EM ACO PARA AMARRACAO DE ELETRODUTOS, TIPO U SIMPLES, COM 3\"","UN    ","CR",4.8899999999999997]
[39145,"ABRACADEIRA EM ACO PARA AMARRACAO DE ELETRODUTOS, TIPO U SIMPLES, COM 4\"","UN    ","CR",8.06]
[12615,"ABRACADEIRA PVC, PARA CALHA PLUVIAL, DIAMETRO ENTRE *80 E 100* MM, PARA DRENAGEM PLUVIAL PREDIAL","UN    ","CR",12.46]
[11927,"ABRACADEIRA, GALVANIZADA/ZINCADA, ROSCA SEM FIM, PARAFUSO INOX, LARGURA  FITA *12,6 A *14 MM, D = 2\" A 2 1/2\"","UN    ","CR",10.17]
[11928,"ABRACADEIRA, GALVANIZADA/ZINCADA, ROSCA SEM FIM, PARAFUSO INOX, LARGURA  FITA *12,6 A *14 MM, D = 3\" A 3 3/4\"","UN    ","CR",11.65]
[11929,"ABRACADEIRA, GALVANIZADA/ZINCADA, ROSCA SEM FIM, PARAFUSO INOX, LARGURA  FITA *12,6 A *14 MM, D = 4\" A 4 3/4\"","UN    ","CR",18.02]
[36801,"ACABAMENTO DE METAL CROMADO PARA REGISTRO PEQUENO, DE PAREDE, 1/2 \" OU 3/4 \"","UN    ","CR",31.33]
[36246,"ACABAMENTO SIMPLES/CONVENCIONAL PARA FORRO PVC, TIPO \"U\" OU \"C\", COR BRANCA, COMPRIMENTO 6 M","M     ","CR",4.46]
[37600,"ACESSORIO DE LIGACAO NAO ELETRICO PARA CARGAS EXPLOSIVAS, TUBO DE 6 M","UN    ","AS",118.4]
[37599,"ACESSORIO INICIADOR NAO ELETRICO, TUBO DE 6 M, TEMPO DE RETARDO DE *160* MS","UN    ","AS",110.21]
[1,"ACETILENO (RECARGA DE GAS ACETILENO PARA CILINDRO DE CONJUNTO OXICORTE GRANDE) NAO INCLUI TROCA/MANUTENCAO DO CILINDRO","KG    ","AS",67.599999999999994]
[3,"ACIDO CLORIDRICO / ACIDO MURIATICO, DILUICAO 10% A 12% PARA USO EM LIMPEZA","L     ","CR",20.05]
[43054,"ACO CA-25, 10,0 MM, OU 12,5 MM, OU 16,0 MM, OU 20,0 MM, OU 25,0 MM, VERGALHAO","KG    ","CR",12.23]
[42402,"ACO CA-25, 16,0 MM, BARRA DE TRANSFERENCIA","KG    ","CR",11.69]
[42403,"ACO CA-25, 20,0 MM, BARRA DE TRANSFERENCIA","KG    ","CR",14.99]
[42404,"ACO CA-25, 25,0 MM, BARRA DE TRANSFERENCIA","KG    ","CR",14.91]
[42405,"ACO CA-25, 32,0 MM, BARRA DE TRANSFERENCIA","KG    ","CR",15.88]
[34341,"ACO CA-25, 32,0 MM, VERGALHAO","KG    ","CR",13.79]
[43053,"ACO CA-25, 6,3 MM OU 8,0 MM, VERGALHAO","KG    ","CR",10.92]
[43058,"ACO CA-50, 10,0 MM, OU 12,5 MM, OU 16,0 MM, OU 20,0 MM, DOBRADO E CORTADO","KG    ","CR",11.33]
[34,"ACO CA-50, 10,0 MM, VERGALHAO","KG    ","CR",11.38]
[43055,"ACO CA-50, 12,5 MM OU 16,0 MM, VERGALHAO","KG    ","C ",9.86]
[43056,"ACO CA-50, 20,0 MM OU 25,0 MM, VERGALHAO","KG    ","CR",11.37]
[43057,"ACO CA-50, 32,0 MM, VERGALHAO","KG    ","CR",12.49]
[34449,"ACO CA-50, 6,3 MM, DOBRADO E CORTADO","KG    ","CR",13.35]
[32,"ACO CA-50, 6,3 MM, VERGALHAO","KG    ","CR",12.01]
[33,"ACO CA-50, 8,0 MM, VERGALHAO","KG    ","CR",12.08]
[43061,"ACO CA-60, 4,2 MM OU 5,0 MM, DOBRADO E CORTADO","KG    ","CR",11.29]
[43059,"ACO CA-60, 4,2 MM, OU 5,0 MM, OU 6,0 MM, OU 7,0 MM, VERGALHAO","KG    ","CR",10.77]
[43062,"ACO CA-60, 6,0 MM OU 7,0 MM, DOBRADO E CORTADO","KG    ","CR",11.94]
[43060,"ACO CA-60, 8,0 MM OU 9,5 MM, VERGALHAO","KG    ","CR",9.3800000000000008]
[40410,"ACOPLAMENTO RIGIDO EM FERRO FUNDIDO PARA SISTEMA DE TUBULACAO RANHURADA, DN 50 MM (2\")","UN    ","AS",26.72]
[40411,"ACOPLAMENTO RIGIDO EM FERRO FUNDIDO PARA SISTEMA DE TUBULACAO RANHURADA, DN 65 MM (2 1/2\")","UN    ","AS",29]
[40412,"ACOPLAMENTO RIGIDO EM FERRO FUNDIDO PARA SISTEMA DE TUBULACAO RANHURADA, DN 80 MM (3\")","UN    ","AS",32.54]
[44254,"ADAPTADOR CPVC, ROSCAVEL, COM FLANGES E ANEL DE VEDACAO, 15 MM, CAIXA D'AGUA PARA AGUA QUENTE","UN    ","CR",26.51]
[44255,"ADAPTADOR CPVC, ROSCAVEL, COM FLANGES E ANEL DE VEDACAO, 22 MM, CAIXA D'AGUA PARA AGUA QUENTE","UN    ","CR",29.38]
[44256,"ADAPTADOR CPVC, ROSCAVEL, COM FLANGES E ANEL DE VEDACAO, 28 MM, CAIXA D'AGUA PARA AGUA QUENTE","UN    ","CR",33.19]
[44257,"ADAPTADOR CPVC, ROSCAVEL, COM FLANGES E ANEL DE VEDACAO, 35 MM, CAIXA D'AGUA PARA AGUA QUENTE","UN    ","CR",52.5]
[44258,"ADAPTADOR CPVC, ROSCAVEL, COM FLANGES E ANEL DE VEDACAO, 42 MM, CAIXA D'AGUA PARA AGUA QUENTE","UN    ","CR",60]
[44259,"ADAPTADOR CPVC, ROSCAVEL, COM FLANGES E ANEL DE VEDACAO, 54 MM, CAIXA D'AGUA PARA AGUA QUENTE","UN    ","CR",82.36]
[55,"ADAPTADOR DE COMPRESSAO EM POLIPROPILENO (PP), PARA TUBO EM PEAD, 20 MM X 1/2\", PARA LIGACAO PREDIAL DE AGUA (NTS 179)","UN    ","AS",4.6500000000000004]
[61,"ADAPTADOR DE COMPRESSAO EM POLIPROPILENO (PP), PARA TUBO EM PEAD, 20 MM X 3/4\", PARA LIGACAO PREDIAL DE AGUA (NTS 179)","UN    ","AS",4.4000000000000004]
[62,"ADAPTADOR DE COMPRESSAO EM POLIPROPILENO (PP), PARA TUBO EM PEAD, 32 MM X 1\", PARA LIGACAO PREDIAL DE AGUA (NTS 179)","UN    ","AS",9.11]
[103,"ADAPTADOR PVC SOLDAVEL CURTO COM BOLSA E ROSCA, 110 MM X 4\", PARA AGUA FRIA","UN    ","CR",48.43]
[107,"ADAPTADOR PVC SOLDAVEL CURTO COM BOLSA E ROSCA, 20 MM X 1/2\", PARA AGUA FRIA","UN    ","CR",0.91]
[65,"ADAPTADOR PVC SOLDAVEL CURTO COM BOLSA E ROSCA, 25 MM X 3/4\", PARA AGUA FRIA","UN    ","CR",1]
[108,"ADAPTADOR PVC SOLDAVEL CURTO COM BOLSA E ROSCA, 32 MM X 1\", PARA AGUA FRIA","UN    ","CR",2.0099999999999998]
[110,"ADAPTADOR PVC SOLDAVEL CURTO COM BOLSA E ROSCA, 40 MM X 1 1/2\", PARA AGUA FRIA","UN    ","CR",6.97]
[109,"ADAPTADOR PVC SOLDAVEL CURTO COM BOLSA E ROSCA, 40 MM X 1 1/4\", PARA AGUA FRIA","UN    ","CR",4.1500000000000004]
[111,"ADAPTADOR PVC SOLDAVEL CURTO COM BOLSA E ROSCA, 50 MM X 1 1/4\", PARA AGUA FRIA","UN    ","CR",9.43]
[112,"ADAPTADOR PVC SOLDAVEL CURTO COM BOLSA E ROSCA, 50 MM X1 1/2\", PARA AGUA FRIA","UN    ","CR",4.99]
[113,"ADAPTADOR PVC SOLDAVEL CURTO COM BOLSA E ROSCA, 60 MM X 2\", PARA AGUA FRIA","UN    ","CR",12.51]
[104,"ADAPTADOR PVC SOLDAVEL CURTO COM BOLSA E ROSCA, 75 MM X 2 1/2\", PARA AGUA FRIA","UN    ","CR",21.77]
[102,"ADAPTADOR PVC SOLDAVEL CURTO COM BOLSA E ROSCA, 85 MM X 3\", PARA AGUA FRIA","UN    ","CR",30.01]
[95,"ADAPTADOR PVC SOLDAVEL, COM FLANGE E ANEL DE VEDACAO, 20 MM X 1/2\", PARA CAIXA D'AGUA","UN    ","CR",12.68]
[96,"ADAPTADOR PVC SOLDAVEL, COM FLANGE E ANEL DE VEDACAO, 25 MM X 3/4\", PARA CAIXA D'AGUA","UN    ","CR",13.79]
[97,"ADAPTADOR PVC SOLDAVEL, COM FLANGE E ANEL DE VEDACAO, 32 MM X 1\", PARA CAIXA D'AGUA","UN    ","CR",20.75]
[98,"ADAPTADOR PVC SOLDAVEL, COM FLANGE E ANEL DE VEDACAO, 40 MM X 1 1/4\", PARA CAIXA D'AGUA","UN    ","CR",31.07]
[99,"ADAPTADOR PVC SOLDAVEL, COM FLANGE E ANEL DE VEDACAO, 50 MM X 1 1/2\", PARA CAIXA D'AGUA","UN    ","CR",29.36]
[100,"ADAPTADOR PVC SOLDAVEL, COM FLANGES E ANEL DE VEDACAO, 60 MM X 2\", PARA CAIXA D' AGUA","UN    ","CR",51.3]
[75,"ADAPTADOR PVC SOLDAVEL, COM FLANGES LIVRES, 110 MM X 4\", PARA CAIXA D' AGUA","UN    ","CR",299.08999999999997]
[83,"ADAPTADOR PVC SOLDAVEL, COM FLANGES LIVRES, 75 MM X 2  1/2\", PARA CAIXA D' AGUA","UN    ","CR",239.11]
[74,"ADAPTADOR PVC SOLDAVEL, COM FLANGES LIVRES, 85 MM X 3\", PARA CAIXA D' AGUA","UN    ","CR",341.87]
[106,"ADAPTADOR PVC SOLDAVEL, LONGO, COM FLANGE LIVRE,  110 MM X 4\", PARA CAIXA D' AGUA","UN    ","CR",432.3]
[88,"ADAPTADOR PVC SOLDAVEL, LONGO, COM FLANGE LIVRE,  32 MM X 1\", PARA CAIXA D' AGUA","UN    ","CR",12.15]
[82,"ADAPTADOR PVC SOLDAVEL, LONGO, COM FLANGE LIVRE,  75 MM X 2 1/2\", PARA CAIXA D' AGUA","UN    ","CR",227.5]
[105,"ADAPTADOR PVC SOLDAVEL, LONGO, COM FLANGE LIVRE,  85 MM X 3\", PARA CAIXA D' AGUA","UN    ","CR",322.36]
[60,"ADAPTADOR PVC, COM REGISTRO, PARA PEAD, 20 MM X 3/4\", PARA LIGACAO PREDIAL DE AGUA","UN    ","AS",6.03]
[72,"ADAPTADOR PVC, ROSCAVEL, COM FLANGES E ANEL DE VEDACAO, 1 1/2\", PARA CAIXA D'AGUA","UN    ","CR",56.31]
[67,"ADAPTADOR PVC, ROSCAVEL, COM FLANGES E ANEL DE VEDACAO, 1/2\", PARA CAIXA D' AGUA","UN    ","CR",18.21]
[71,"ADAPTADOR PVC, ROSCAVEL, COM FLANGES E ANEL DE VEDACAO, 1\", PARA CAIXA D' AGUA","UN    ","CR",34.78]
[73,"ADAPTADOR PVC, ROSCAVEL, COM FLANGES E ANEL DE VEDACAO, 3/4\", PARA CAIXA D' AGUA","UN    ","CR",17.420000000000002]
[37997,"ADAPTADOR, CPVC, SOLDAVEL, 15 MM, PARA AGUA QUENTE","UN    ","CR",15.8]
[37998,"ADAPTADOR, CPVC, SOLDAVEL, 22 MM, PARA AGUA QUENTE","UN    ","CR",21.14]
[10899,"ADAPTADOR, EM LATAO, ENGATE RAPIDO 2 1/2\" X ROSCA INTERNA 5 FIOS 2 1/2\",  PARA INSTALACAO PREDIAL DE COMBATE A INCENDIO","UN    ","CR",109.52]
[10900,"ADAPTADOR, EM LATAO, ENGATE RAPIDO1 1/2\" X ROSCA INTERNA 5 FIOS 2 1/2\",  PARA INSTALACAO PREDIAL DE COMBATE A INCENDIO","UN    ","CR",85.71]
[46,"ADAPTADOR, PVC PBA,  BOLSA/ROSCA, JE, DN 75 / DE  85 MM","UN    ","AS",49.14]
[47,"ADAPTADOR, PVC PBA, BOLSA/ROSCA, JE, DN 100 / DE 110 MM","UN    ","AS",84.02]
[48,"ADAPTADOR, PVC PBA, BOLSA/ROSCA, JE, DN 50 / DE 60 MM","UN    ","AS",21.91]
[52,"ADAPTADOR, PVC PBA, PONTA/ROSCA, JE, DN 50 / DE  60 MM","UN    ","AS",16.649999999999999]
[43,"ADAPTADOR, PVC PBA, PONTA/ROSCA, JE, DN 75 / DE  85 MM","UN    ","AS",56.19]
[39719,"ADESIVO / COLA DE CONTATO LIQUIDO, A BASE DE RESINAS, PARA COLAGEM DE ESPUMA PARA ISOLAMENTO TERMICO FLEXIVEL","L     ","CR",145.11000000000001]
[3410,"ADESIVO / COLA PARA EPS (ISOPOR) E OUTROS MATERIAIS","KG    ","CR",32.64]
[4791,"ADESIVO ACRILICO DE BASE AQUOSA / COLA DE CONTATO","KG    ","CR",40.020000000000003]
[157,"ADESIVO ESTRUTURAL A BASE DE RESINA EPOXI PARA INJECAO EM TRINCAS, BICOMPONENTE, BAIXA VISCOSIDADE","KG    ","CR",162.57]
[156,"ADESIVO ESTRUTURAL A BASE DE RESINA EPOXI, BICOMPONENTE, FLUIDO","KG    ","CR",57.88]
[131,"ADESIVO ESTRUTURAL A BASE DE RESINA EPOXI, BICOMPONENTE, PASTOSO (TIXOTROPICO)","KG    ","CR",49.5]
[21114,"ADESIVO PARA TUBOS CPVC, *75* G","UN    ","CR",28.6]
[119,"ADESIVO PLASTICO PARA PVC, BISNAGA COM 75 GR","UN    ","C ",7.25]
[122,"ADESIVO PLASTICO PARA PVC, FRASCO COM *850* GR","UN    ","CR",55.78]
[20080,"ADESIVO PLASTICO PARA PVC, FRASCO COM 175 GR","UN    ","CR",18.2]
[124,"ADITIVO ACELERADOR DE PEGA E ENDURECIMENTO PARA ARGAMASSAS E CONCRETOS, LIQUIDO E ISENTO DE CLORETOS","L     ","CR",19.09]
[7334,"ADITIVO ADESIVO LIQUIDO PARA ARGAMASSAS DE REVESTIMENTOS CIMENTICIOS","L     ","CR",16.079999999999998]
[123,"ADITIVO IMPERMEABILIZANTE DE PEGA NORMAL PARA ARGAMASSAS E CONCRETOS SEM ARMACAO, LIQUIDO E ISENTO DE CLORETOS","L     ","C ",7.81]
[127,"ADITIVO IMPERMEABILIZANTE DE PEGA ULTRARRAPIDA, LIQUIDO E ISENTO DE CLORETOS","L     ","CR",18.64]
[41373,"ADITIVO LIQUIDO IMPERMEABILIZANTE CRISTALIZANTE","L     ","CR",25.98]
[133,"ADITIVO LIQUIDO INCORPORADOR DE AR PARA CONCRETO E ARGAMASSA, LIQUIDO E ISENTO DE CLORETOS","L     ","CR",7.74]
[43617,"ADITIVO PLASTIFICANTE E ESTABILIZADOR PARA ARGAMASSAS DE ASSENTAMENTO E REBOCO, LIQUIDO E ISENTO DE CLORETOS","L     ","CR",8.65]
[132,"ADITIVO PLASTIFICANTE RETARDADOR DE PEGA E REDUTOR DE AGUA PARA CONCRETO, LIQUIDO E ISENTO DE CLORETOS","L     ","CR",8.0299999999999994]
[43618,"ADITIVO SUPERPLASTIFICANTE DE PEGA NORMAL PARA CONCRETO, LIQUIDO E ISENTO DE CLORETOS","KG    ","CR",20.21]
[37476,"ADUELA/ GALERIA PRE-MOLDADA DE CONCRETO ARMADO, SECAO QUADRADA INTERNA DE 1,50 X 1,50 M (L X A), MISULA DE 20 X 20 CM, C = 1,00 M, ESPESSURA MIN = 15 CM, TB-45 E FCK DO CONCRETO = 30 MPA","UN    ","CR",3161.34]
[37478,"ADUELA/ GALERIA PRE-MOLDADA DE CONCRETO ARMADO, SECAO RETANGULAR INTERNA DE 2,00 X 2,00 M (L X A), MISULA DE 20 X 20 CM, C = 1,00 M, ESPESSURA MIN = 15 CM, TB-45 E FCK DO CONCRETO = 30 MPA","UN    ","CR",3959.66]
[37477,"ADUELA/ GALERIA PRE-MOLDADA DE CONCRETO ARMADO, SECAO RETANGULAR INTERNA DE 2,50 X 2,50 M (L X A), MISULA DE 20 X 20 CM, C = 1,00 M, ESPESSURA MIN = 15 CM, TB-45 E FCK DO CONCRETO = 30 MPA","UN    ","CR",5364.7]
[37479,"ADUELA/ GALERIA PRE-MOLDADA DE CONCRETO ARMADO, SECAO RETANGULAR INTERNA DE 3,00 X 3,00 M (L X A), MISULA DE 20 X 20 CM, C = 1.00 M, ESPESSURA MIN = 20 CM, TB-45 E FCK DO CONCRETO = 30 MPA","UN    ","CR",6362.6]
[4319,"AFASTADOR PARA TELHA DE FIBROCIMENTO CANALETE 90 OU KALHETAO","UN    ","CR",1.41]
[42409,"AGENTE DE CURA, PROTETOR DA EVAPORACAO DA AGUA DE HIDRATACAO DO CONCRETO","KG    ","CR",12.73]
[40553,"AGREGADO RECICLADO, TIPO RACHAO RECICLADO CINZA, CLASSE A","M3    ","AS",48.5]
[6114,"AJUDANTE DE ARMADOR (HORISTA)","H     ","CR",14.22]
[40912,"AJUDANTE DE ARMADOR (MENSALISTA)","MES   ","CR",2481.39]
[247,"AJUDANTE DE ELETRICISTA (HORISTA)","H     ","CR",13.45]
[40919,"AJUDANTE DE ELETRICISTA (MENSALISTA)","MES   ","CR",2349.33]
[40984,"AJUDANTE DE ESTRUTURAS METALICAS (MENSALISTA)","MES   ","CR",3125.55]
[44499,"AJUDANTE DE ESTRUTURAS METALICAS HORISTA","H     ","CR",17.91]
[248,"AJUDANTE DE OPERACAO EM GERAL (HORISTA)","H     ","CR",16.62]
[41086,"AJUDANTE DE OPERACAO EM GERAL (MENSALISTA)","MES   ","CR",2901.34]
[34466,"AJUDANTE DE PINTOR (HORISTA)","H     ","CR",14.2]
[41083,"AJUDANTE DE PINTOR (MENSALISTA)","MES   ","CR",2480.85]
[252,"AJUDANTE DE SERRALHEIRO (HORISTA)","H     ","CR",16.62]
[40909,"AJUDANTE DE SERRALHEIRO (MENSALISTA)","MES   ","CR",2901.34]
[242,"AJUDANTE ESPECIALIZADO (HORISTA)","H     ","CR",16.579999999999998]
[41085,"AJUDANTE ESPECIALIZADO (MENSALISTA)","MES   ","CR",2895.61]
[427,"ALCA PREFORMADA DE CONTRA POSTE, EM ACO GALVANIZADO, PARA CABO 3/16\", COMPRIMENTO *860* MM","UN    ","AS",9.15]
[417,"ALCA PREFORMADA DE DISTRIBUICAO, EM ACO GALVANIZADO, PARA CABO DE ALUMINIO DIAMETRO 16 A 25 MM","UN    ","AS",4.3099999999999996]
[11273,"ALCA PREFORMADA DE DISTRIBUICAO, EM ACO GALVANIZADO, PARA CONDUTORES DE ALUMINIO AWG 1/0 (CAA 6/1 OU CA 7 FIOS)","UN    ","AS",13.39]
[11272,"ALCA PREFORMADA DE DISTRIBUICAO, EM ACO GALVANIZADO, PARA CONDUTORES DE ALUMINIO AWG 2 (CAA 6/1 OU CA 7 FIOS)","UN    ","AS",8.08]
[11275,"ALCA PREFORMADA DE SERVICO, EM ACO GALVANIZADO, PARA CONDUTORES DE ALUMINIO AWG 4 (CAA 6/1)","UN    ","AS",3.24]
[11274,"ALCA PREFORMADA DE SERVICO, EM ACO GALVANIZADO, PARA CONDUTORES DE ALUMINIO AWG 6 (CAA 6/1)","UN    ","AS",2.4700000000000002]
[38470,"ALICATE DE CORTE DIAGONAL 6 \" COM ISOLAMENTO","UN    ","C ",39.99]
[38547,"ALICATE DE CRIMPAR RJ11, RJ12 E RJ45","UN    ","CR",109.12]
[38469,"ALICATE DE PRESSAO PARA SOLDA DE CHAPA 18 \"","UN    ","CR",117.34]
[38467,"ALICATE DE PRESSAO 11 \" PARA SOLDA, TIPO C","UN    ","CR",66.02]
[38468,"ALICATE DE PRESSAO 11 \" PARA SOLDA, TIPO U","UN    ","CR",72.650000000000006]
[38471,"ALICATE PARA ANEIS DE PISTAO, CAPACIDADE 50 A 100 MM","UN    ","CR",94.35]
[37370,"ALIMENTACAO - HORISTA (COLETADO CAIXA - ENCARGOS COMPLEMENTARES)","H     ","C ",2.2799999999999998]
[40861,"ALIMENTACAO - MENSALISTA (COLETADO CAIXA - ENCARGOS COMPLEMENTARES","MES   ","C ",113.81]
[10658,"ALISADORA DE CONCRETO COM MOTOR A GASOLINA DE 5,5 HP, PESO COM MOTOR DE 78 KG, 4 PAS","UN    ","AS",8364.5]
[253,"ALMOXARIFE (HORISTA)","H     ","C ",18.920000000000002]
[40809,"ALMOXARIFE (MENSALISTA)","MES   ","CR",3300.81]
[42428,"ALONGADOR COM TRES ALTURAS, EM TUBO DE ACO CARBONO, PINTURA NO PROCESSO ELETROSTATICO - EQUIPAMENTO DE GINASTICA PARA ACADEMIA AO AR LIVRE / ACADEMIA DA TERCEIRA IDADE - ATI","UN    ","AS",2251]
[583,"ALUMINIO ANODIZADO","KG    ","AS",41.68]
[301,"ANEL BORRACHA PARA TUBO ESGOTO PREDIAL, DN 100 MM (NBR 5688)","UN    ","C ",4.38]
[296,"ANEL BORRACHA PARA TUBO ESGOTO PREDIAL, DN 50 MM (NBR 5688)","UN    ","CR",2.4700000000000002]
[297,"ANEL BORRACHA PARA TUBO ESGOTO PREDIAL, DN 75 MM (NBR 5688)","UN    ","CR",3.64]
[299,"ANEL BORRACHA, DN 100 MM, PARA TUBO SERIE REFORCADA ESGOTO PREDIAL","UN    ","CR",5.14]
[300,"ANEL BORRACHA, DN 150 MM, PARA TUBO SERIE REFORCADA ESGOTO PREDIAL","UN    ","CR",17.78]
[20085,"ANEL BORRACHA, DN 50 MM, PARA TUBO SERIE REFORCADA ESGOTO PREDIAL","UN    ","CR",3.25]
[298,"ANEL BORRACHA, DN 75 MM, PARA TUBO SERIE REFORCADA ESGOTO PREDIAL","UN    ","CR",3.95]
[311,"ANEL BORRACHA, PARA TUBO PVC DEFOFO, DN 100 MM (NBR 7665)","UN    ","CR",14.66]
[318,"ANEL BORRACHA, PARA TUBO PVC DEFOFO, DN 150 MM (NBR 7665)","UN    ","CR",29.53]
[319,"ANEL BORRACHA, PARA TUBO PVC DEFOFO, DN 200 MM (NBR 7665)","UN    ","CR",46.3]
[303,"ANEL BORRACHA, PARA TUBO PVC, REDE COLETOR ESGOTO, DN 100 MM (NBR 7362)","UN    ","CR",4.8499999999999996]
[305,"ANEL BORRACHA, PARA TUBO PVC, REDE COLETOR ESGOTO, DN 150 MM (NBR 7362)","UN    ","CR",15.26]
[306,"ANEL BORRACHA, PARA TUBO PVC, REDE COLETOR ESGOTO, DN 200 MM (NBR 7362)","UN    ","CR",23.15]
[307,"ANEL BORRACHA, PARA TUBO PVC, REDE COLETOR ESGOTO, DN 250 MM (NBR 7362)","UN    ","CR",58.49]
[309,"ANEL BORRACHA, PARA TUBO PVC, REDE COLETOR ESGOTO, DN 350 MM (NBR 7362)","UN    ","CR",95.8]
[310,"ANEL BORRACHA, PARA TUBO PVC, REDE COLETOR ESGOTO, DN 400 MM (NBR 7362)","UN    ","CR",132.78]
[328,"ANEL BORRACHA, PARA TUBO/CONEXAO PVC PBA, DN 100 MM, PARA REDE AGUA","UN    ","CR",11.61]
[325,"ANEL BORRACHA, PARA TUBO/CONEXAO PVC PBA, DN 50 MM, PARA REDE AGUA","UN    ","CR",3.42]
[20326,"ANEL BORRACHA, PARA TUBO/CONEXAO PVC PBA, DN 60 MM, PARA REDE AGUA","UN    ","CR",6.26]
[329,"ANEL BORRACHA, PARA TUBO/CONEXAO PVC PBA, DN 75 MM, PARA REDE AGUA","UN    ","CR",9.7100000000000009]
[308,"ANEL BORRACHA, PARA TUBO, PVC REDE COLETOR ESGOTO, DN 300 MM (NBR 7362)","UN    ","CR",130.53]
[39642,"ANEL DE BORRACHA PARA VEDACAO DE DUTO PEAD CORRUGADO PARA ELETRICA, DN 1 1/2\" (NBR 15715)","UN    ","CR",4.3]
[39641,"ANEL DE BORRACHA PARA VEDACAO DE DUTO PEAD CORRUGADO PARA ELETRICA, DN 1 1/4\" (NBR 15715)","UN    ","CR",3.77]
[39643,"ANEL DE BORRACHA PARA VEDACAO DE DUTO PEAD CORRUGADO PARA ELETRICA, DN 2\" (NBR 15715)","UN    ","CR",5.05]
[39644,"ANEL DE BORRACHA PARA VEDACAO DE DUTO PEAD CORRUGADO PARA ELETRICA, DN 3\" (NBR 15715)","UN    ","CR",7.83]
[39645,"ANEL DE BORRACHA PARA VEDACAO DE DUTO PEAD CORRUGADO PARA ELETRICA, DN 4\" (NBR 15715)","UN    ","CR",8.58]
[41610,"ANEL DE CONCRETO ARMADO COM FUNDO, PARA FOSSA E POCO 1,50 X *0,50* M","UN    ","CR",586.5]
[41611,"ANEL DE CONCRETO ARMADO COM FUNDO, PARA FOSSA E POCO 2,00 X *0,50* M","UN    ","CR",924.45]
[41612,"ANEL DE CONCRETO ARMADO COM FUNDO, PARA FOSSA E POCO 2,50 X *0,50* M","UN    ","CR",1298.06]
[41637,"ANEL DE CONCRETO ARMADO, COM FUROS/DRENO PARA SUMIDOURO, D = 0,80 M, H = 0,50 M","UN    ","CR",121.34]
[41638,"ANEL DE CONCRETO ARMADO, COM FUROS/DRENO PARA SUMIDOURO, D = 1,00 M, H = 0,50M","UN    ","CR",158.06]
[41639,"ANEL DE CONCRETO ARMADO, COM FUROS/DRENO PARA SUMIDOURO, D = 1,50 M, H = 0,50 M","UN    ","CR",382.39]
[11789,"ANEL DE DISTRIBUICAO EM ACO GALVANIZADO PARA FIO FE-160","UN    ","AS",1.22]
[20975,"ANEL DE EXPANSAO EM COBRE, ENGATE RAPIDO 1 1/2\", PARA EMPATACAO MANGUEIRA DE COMBATE A INCENDIO PREDIAL","UN    ","CR",17.170000000000002]
[20976,"ANEL DE EXPANSAO EM COBRE, ENGATE RAPIDO 2 1/2\", PARA EMPATACAO MANGUEIRA DE COMBATE A INCENDIO PREDIAL","UN    ","CR",25.95]
[40340,"ANEL DE VEDACAO/JUNTA ELASTICA, H = *16* MM, PARA TUBO DE CONCRETO, DN 300 MM","UN    ","CR",32.22]
[40341,"ANEL DE VEDACAO/JUNTA ELASTICA, H = *16* MM, PARA TUBO DE CONCRETO, DN 400 MM","UN    ","CR",38.450000000000003]
[40342,"ANEL DE VEDACAO/JUNTA ELASTICA, H = *16* MM, PARA TUBO DE CONCRETO, DN 500 MM","UN    ","CR",45.86]
[40343,"ANEL DE VEDACAO/JUNTA ELASTICA, H = *16* MM, PARA TUBO DE CONCRETO, DN 600 MM","UN    ","CR",54.39]
[40344,"ANEL DE VEDACAO/JUNTA ELASTICA, H = *18* MM, PARA TUBO DE CONCRETO, DN 700 MM","UN    ","CR",74.150000000000006]
[40345,"ANEL DE VEDACAO/JUNTA ELASTICA, H = *19* MM, PARA TUBO DE CONCRETO, DN 800 MM","UN    ","CR",91.37]
[40346,"ANEL DE VEDACAO/JUNTA ELASTICA, H = *19* MM, PARA TUBO DE CONCRETO, DN 900 MM","UN    ","CR",105.99]
[40347,"ANEL DE VEDACAO/JUNTA ELASTICA, H = *21* MM, PARA TUBO DE CONCRETO, DN 1000 MM","UN    ","CR",133.16999999999999]
[6138,"ANEL DE VEDACAO, PVC FLEXIVEL, 100 MM, PARA SAIDA DE BACIA / VASO SANITARIO","UN    ","CR",10.029999999999999]
[43424,"ANEL EM CONCRETO ARMADO, LISO,  PARA FOSSAS SEPTICAS E SUMIDOUROS, COM FUNDO, DIAMETRO INTERNO DE 1,20 M E ALTURA DE 0,50 M","UN    ","CR",491.39]
[43426,"ANEL EM CONCRETO ARMADO, LISO, PARA FOSSAS SEPTICAS E SUMIDOUROS, COM FUNDO, DIAMETRO INTERNO DE 3,00 M E ALTURA DE 0,50 M","UN    ","CR",1694.83]
[12565,"ANEL EM CONCRETO ARMADO, LISO, PARA FOSSAS SEPTICAS E SUMIDOUROS, SEM FUNDO, DIAMETRO INTERNO DE 2,00 M E ALTURA DE 0,50 M","UN    ","CR",594.35]
[12567,"ANEL EM CONCRETO ARMADO, LISO, PARA FOSSAS SEPTICAS E SUMIDOUROS, SEM FUNDO, DIAMETRO INTERNO DE 2,50 M E ALTURA DE 0,50 M","UN    ","CR",798.31]
[12568,"ANEL EM CONCRETO ARMADO, LISO, PARA FOSSAS SEPTICAS E SUMIDOUROS, SEM FUNDO, DIAMETRO INTERNO DE 3,00 M E ALTURA DE 0,50 M","UN    ","CR",1117.6400000000001]
[43441,"ANEL EM CONCRETO ARMADO, LISO, PARA POCOS DE INSPECAO, COM FUNDO, DIAMETRO INTERNO DE 0,60 M E ALTURA DE 0,50 M","UN    ","CR",143.69]
[43423,"ANEL EM CONCRETO ARMADO, LISO, PARA POCOS DE INSPECAO, SEM FUNDO, DIAMETRO INTERNO DE 0,60 M E ALTURA DE 0,20 M","UN    ","CR",67.05]
[12532,"ANEL EM CONCRETO ARMADO, LISO, PARA POCOS DE INSPECAO, SEM FUNDO, DIAMETRO INTERNO DE 0,60 M E ALTURA DE 0,50 M","UN    ","CR",103.42]
[43444,"ANEL EM CONCRETO ARMADO, LISO, PARA POCOS DE VISITA, POCOS DE INSPECAO, FOSSAS SEPTICAS E SUMIDOUROS, COM FUNDO, DIAMETRO INTERNO DE 1,20 M E ALTURA DE 0,75 M","UN    ","CR",347.26]
[12551,"ANEL EM CONCRETO ARMADO, LISO, PARA POCOS DE VISITA, POCOS DE INSPECAO, FOSSAS SEPTICAS E SUMIDOUROS, SEM FUNDO, DIAMETRO INTERNO DE 1,20 M E ALTURA DE 0,50 M","UN    ","CR",247.76]
[43442,"ANEL EM CONCRETO ARMADO, LISO, PARA POCOS DE VISITAS, POCOS DE INSPECAO, FOSSAS SEPTICAS E SUMIDOUROS, COM FUNDO, DIAMETRO INTERNO DE 0,80 M E ALTURA DE 0,50 M","UN    ","CR",191.59]
[43443,"ANEL EM CONCRETO ARMADO, LISO, PARA POCOS DE VISITAS, POCOS DE INSPECAO, FOSSAS SEPTICAS E SUMIDOUROS, COM FUNDO, DIAMETRO INTERNO DE 1,00 M E ALTURA DE 0,50 M","UN    ","CR",251.47]
[12544,"ANEL EM CONCRETO ARMADO, LISO, PARA POCOS DE VISITAS, POCOS DE INSPECAO, FOSSAS SEPTICAS E SUMIDOUROS, SEM FUNDO, DIAMETRO INTERNO DE 0,80 M E ALTURA DE 0,50 M","UN    ","CR",135.71]
[12547,"ANEL EM CONCRETO ARMADO, LISO, PARA POCOS DE VISITAS, POCOS DE INSPECAO, FOSSAS SEPTICAS E SUMIDOUROS, SEM FUNDO, DIAMETRO INTERNO DE 1,00 M E ALTURA DE 0,50 M","UN    ","CR",182.52]
[43445,"ANEL EM CONCRETO ARMADO, LISO, PARA, POCOS DE VISITA, POCOS DE INSPECAO, FOSSAS SEPTICAS E SUMIDOUROS, COM FUNDO, DIAMETRO INTERNO DE 1,50 M E ALTURA DE 1,00 M","UN    ","CR",478.99]
[12563,"ANEL EM CONCRETO ARMADO, LISO, PARA, POCOS DE VISITA, POCOS DE INSPECAO, FOSSAS SEPTICAS E SUMIDOUROS, SEM FUNDO, DIAMETRO INTERNO DE 1,50 M E ALTURA DE 0,50 M","UN    ","CR",342.7]
[43425,"ANEL EM CONCRETO ARMADO, PERFURADO,  PARA FOSSAS SEPTICAS E SUMIDOUROS, SEM FUNDO, DIAMETRO INTERNO DE 1,20 M E ALTURA DE 0,50 M","UN    ","CR",215.54]
[43446,"ANEL EM CONCRETO ARMADO, PERFURADO, PARA FOSSAS SEPTICAS E SUMIDOUROS, SEM FUNDO, DIAMETRO INTERNO DE 2,00 M E ALTURA DE 0,50 M","UN    ","CR",455.04]
[43447,"ANEL EM CONCRETO ARMADO, PERFURADO, PARA FOSSAS SEPTICAS E SUMIDOUROS, SEM FUNDO, DIAMETRO INTERNO DE 2,50 M E ALTURA DE 0,50 M","UN    ","CR",558.82000000000005]
[43448,"ANEL EM CONCRETO ARMADO, PERFURADO, PARA FOSSAS SEPTICAS E SUMIDOUROS, SEM FUNDO, DIAMETRO INTERNO DE 3,00 M E ALTURA DE 0,50 M","UN    ","CR",782.35]
[13761,"APARELHO CORTE OXI-ACETILENO PARA SOLDA E CORTE CONTENDO MACARICO SOLDA, BICO DE CORTE, CILINDROS, REGULADORES, MANGUEIRAS E CARRINHO","UN    ","CR",2730.91]
[4814,"APARELHO SINALIZADOR LUMINOSO COM LED, PARA SAIDA GARAGEM, COM 2 LENTES EM POLICARBONATO, BIVOLT (INCLUI SUPORTE DE FIXACAO)","UN    ","CR",109.44]
[44473,"APOIO DO PORTA DENTE PARA FRESADORA DE  ASFALTO","UN    ","AS",2782.37]
[6122,"APONTADOR OU APROPRIADOR DE MAO DE OBRA (HORISTA)","H     ","CR",18.920000000000002]
[40810,"APONTADOR OU APROPRIADOR DE MAO DE OBRA (MENSALISTA)","MES   ","CR",3300.81]
[21100,"AQUECEDOR DE AGUA A GAS GLP/GN COM CAPACIDADE DE ARMAZENAMENTO DE 50 A 80 L","UN    ","AS",3563.75]
[11816,"AQUECEDOR DE AGUA ELETRICO  RESERVATORIO DE 100 L CILINDRICO EM COBRE, REFORCADO COM ACO CARBONO, MONOFASICO, TENSAO NOMINAL 220 V","UN    ","AS",3800]
[11814,"AQUECEDOR DE AGUA ELETRICO  RESERVATORIO DE 500 L CILINDRICO EM COBRE, REFORCADO COM ACO CARBONO, MONOFASICO, TENSAO NOMINAL 220 V","UN    ","AS",8271.64]
[14186,"AQUECEDOR DE AGUA ELETRICO  RESERVATORIO DE 500 L CILINDRICO EM COBRE, REFORCADO COM ACO CARBONO, TRIFASICO, TENSAO NOMINAL 220/380/400 V, POTENCIA 24 KW","UN    ","AS",10386.17]
[14185,"AQUECEDOR DE AGUA ELETRICO  RESERVATORIO DE 700 L CILINDRICO EM COBRE, REFORCADO COM ACO CARBONO, MONOFASICO, TENSAO NOMINAL 220 V","UN    ","AS",13454.13]
[11811,"AQUECEDOR DE AGUA ELETRICO HORIZONTAL, RESERVATORIO DE 200 L CILINDRICO EM COBRE, REFORCADO COM ACO CARBONO, MONOFASICO, TENSAO NOMINAL 220 V","UN    ","AS",5144.3500000000004]
[44498,"AQUECEDOR DE OLEO BPF (FLUIDO) TERMICO, CAPACIDADE DE 300.000  KCAL/H","UN    ","AS",291184.53000000003]
[34469,"AQUECEDOR SOLAR COM RESERVATORIO TERMICO DE 1000 L E *5* PLACAS COLETORAS DE *2,0* M2 (NAO INCLUI ACESSORIOS) (SEM INSTALACAO)","UN    ","AS",10372.16]
[34476,"AQUECEDOR SOLAR COM RESERVATORIO TERMICO DE 400 L E *2* PLACAS COLETORAS DE *2,0* M2 (NAO INCLUI ACESSORIOS) (SEM INSTALACAO)","UN    ","AS",5409.52]
[34477,"AQUECEDOR SOLAR COM RESERVATORIO TERMICO DE 600 L E *3* PLACAS COLETORAS DE *2,0* M2 (NAO INCLUI ACESSORIOS) (SEM INSTALACAO)","UN    ","AS",7179.48]
[34482,"AQUECEDOR SOLAR COM RESERVATORIO TERMICO DE 800 L E *4* PLACAS COLETORAS DE *2,0* M2 (NAO INCLUI ACESSORIOS) (SEM INSTALACAO)","UN    ","AS",6705.24]
[34472,"AQUECEDOR SOLAR DE INSTALACAO EXTERNA, KIT COMPACTO, CONJUNTO COM RESERVATORIO TERMICO DE 200 L, PLACA COLETORA DE *2,0* M2 E INCLUSO ACESSORIOS (RESIDENCIAS ATE 120,00 M2 E DE 4 A 5 BANHOS POR DIA) (SEM INSTALACAO)","UN    ","AS",3191.19]
[42425,"AR CONDICIONADO SPLIT INVERTER, HI-WALL (PAREDE), 12000 BTU/H, CICLO FRIO, 60HZ, CLASSIFICACAO A (SELO PROCEL), GAS HFC, CONTROLE S/FIO","UN    ","CR",2289.91]
[42422,"AR CONDICIONADO SPLIT INVERTER, HI-WALL (PAREDE), 18000 BTU/H, CICLO FRIO, 60HZ, CLASSIFICACAO A (SELO PROCEL), GAS HFC, CONTROLE S/FIO","UN    ","C ",3399.45]
[43184,"AR CONDICIONADO SPLIT INVERTER, HI-WALL (PAREDE), 24000 BTU/H, CICLO FRIO, 60HZ, CLASSIFICACAO A - SELO PROCEL, GAS HFC, CONTROLE S/FIO","UN    ","CR",4698.3599999999997]
[42424,"AR CONDICIONADO SPLIT INVERTER, HI-WALL (PAREDE), 9000 BTU/H, CICLO FRIO, 60HZ, CLASSIFICACAO A (SELO PROCEL), GAS HFC, CONTROLE S/FIO","UN    ","CR",2045.09]
[42421,"AR CONDICIONADO SPLIT INVERTER, PISO TETO, APRESENTANDO ENTRE 54000 E 58000 BTU/H, CICLO FRIO, 60HZ, CLASSIFICACAO ENERGETICA A OU B (SELO PROCEL), GAS HFC, CONTROLE S/FIO","UN    ","CR",18620.32]
[42416,"AR CONDICIONADO SPLIT INVERTER, PISO TETO, 18000 BTU/H, CICLO FRIO, 60HZ, CLASSIFICACAO ENERGETICA A OU B (SELO PROCEL), GAS HFC, CONTROLE S/FIO","UN    ","CR",8816.15]
[42417,"AR CONDICIONADO SPLIT INVERTER, PISO TETO, 24000 BTU/H, CICLO FRIO, 60HZ, CLASSIFICACAO ENERGETICA A OU B (SELO PROCEL), GAS HFC, CONTROLE S/FIO","UN    ","CR",9883.6200000000008]
[42419,"AR CONDICIONADO SPLIT INVERTER, PISO TETO, 36000 BTU/H, CICLO FRIO, 60HZ, CLASSIFICACAO ENERGETICA A OU B (SELO PROCEL), GAS HFC, CONTROLE S/FIO","UN    ","CR",11166.4]
[42420,"AR CONDICIONADO SPLIT INVERTER, PISO TETO, 48000 BTU/H, CICLO FRIO, 60HZ, CLASSIFICACAO ENERGETICA A OU B (SELO PROCEL), GAS HFC, CONTROLE S/FIO","UN    ","CR",15347.38]
[43195,"AR CONDICIONADO SPLIT ON/OFF, CASSETE (TETO), FRIO 4 VIAS 18000 BTUS/H, CLASSIFICACAO ENERGETICA C - SELO PROCEL, GAS HFC, CONTROLE S/ FIO","UN    ","CR",5404.03]
[43196,"AR CONDICIONADO SPLIT ON/OFF, CASSETE (TETO), FRIO 4 VIAS 24000 BTUS/H, CLASSIFICACAO ENERGETICA C - SELO PROCEL, GAS HFC, CONTROLE S/ FIO","UN    ","CR",6697.52]
[43198,"AR CONDICIONADO SPLIT ON/OFF, CASSETE (TETO), FRIO 4 VIAS 36000 BTUS/H, CLASSIFICACAO ENERGETICA C - SELO PROCEL, GAS HFC, CONTROLE S/ FIO","UN    ","CR",9952.36]
[43199,"AR CONDICIONADO SPLIT ON/OFF, CASSETE (TETO), FRIO 4 VIAS 48000 BTUS/H, CLASSIFICACAO ENERGETICA C - SELO PROCEL, GAS HFC, CONTROLE S/ FIO","UN    ","CR",10317.049999999999]
[43200,"AR CONDICIONADO SPLIT ON/OFF, CASSETE (TETO), FRIO 4 VIAS 60000 BTUS/H, CLASSIFICACAO ENERGETICA C - SELO PROCEL, GAS HFC, CONTROLE S/ FIO","UN    ","CR",11839.56]
[39556,"AR CONDICIONADO SPLIT ON/OFF, CASSETE (TETO), 18000 BTUS/H, CICLO QUENTE/FRIO, 60 HZ, CLASSIFICACAO ENERGETICA C - SELO PROCEL, GAS HFC, CONTROLE S/ FIO","UN    ","CR",6466.42]
[39557,"AR CONDICIONADO SPLIT ON/OFF, CASSETE (TETO), 24000 BTUS/H, CICLO QUENTE/FRIO, 60 HZ, CLASSIFICACAO ENERGETICA C - SELO PROCEL, GAS HFC, CONTROLE S/ FIO","UN    ","CR",6962.92]
[39559,"AR CONDICIONADO SPLIT ON/OFF, CASSETE (TETO), 36000 BTUS/H, CICLO QUENTE/FRIO, 60 HZ, CLASSIFICACAO ENERGETICA A - SELO PROCEL, GAS HFC, CONTROLE S/ FIO","UN    ","CR",10289.86]
[39560,"AR CONDICIONADO SPLIT ON/OFF, CASSETE (TETO), 48000 BTUS/H, CICLO QUENTE/FRIO, 60 HZ, CLASSIFICACAO ENERGETICA A - SELO PROCEL, GAS HFC, CONTROLE S/ FIO","UN    ","CR",11904.36]
[39561,"AR CONDICIONADO SPLIT ON/OFF, CASSETE (TETO), 60000 BTUS/H, CICLO QUENTE/FRIO, 60 HZ, CLASSIFICACAO ENERGETICA A - SELO PROCEL, GAS HFC, CONTROLE S/ FIO","UN    ","CR",12453.48]
[43190,"AR CONDICIONADO SPLIT ON/OFF, HI-WALL (PAREDE), 12000 BTUS/H, CICLO FRIO, 60 HZ, CLASSIFICACAO ENERGETICA A - SELO PROCEL, GAS HFC, CONTROLE S/ FIO","UN    ","CR",1837.8]
[39555,"AR CONDICIONADO SPLIT ON/OFF, HI-WALL (PAREDE), 12000 BTUS/H, CICLO QUENTE/FRIO, 60 HZ, CLASSIFICACAO ENERGETICA A - SELO PROCEL, GAS HFC, CONTROLE S/ FIO","UN    ","CR",1988.03]
[43191,"AR CONDICIONADO SPLIT ON/OFF, HI-WALL (PAREDE), 18000 BTUS/H, CICLO FRIO, 60 HZ, CLASSIFICACAO ENERGETICA A - SELO PROCEL, GAS HFC, CONTROLE S/ FIO","UN    ","CR",2644.35]
[39548,"AR CONDICIONADO SPLIT ON/OFF, HI-WALL (PAREDE), 18000 BTUS/H, CICLO QUENTE/FRIO, 60 HZ, CLASSIFICACAO ENERGETICA A - SELO PROCEL, GAS HFC, CONTROLE S/ FIO","UN    ","CR",2948.86]
[43192,"AR CONDICIONADO SPLIT ON/OFF, HI-WALL (PAREDE), 24000 BTUS/H, CICLO FRIO, 60 HZ, CLASSIFICACAO ENERGETICA A - SELO PROCEL, GAS HFC, CONTROLE S/ FIO","UN    ","CR",3463.87]
[39554,"AR CONDICIONADO SPLIT ON/OFF, HI-WALL (PAREDE), 24000 BTUS/H, CICLO QUENTE/FRIO, 60 HZ, CLASSIFICACAO ENERGETICA A - SELO PROCEL, GAS HFC, CONTROLE S/ FIO","UN    ","CR",3899.43]
[43194,"AR CONDICIONADO SPLIT ON/OFF, HI-WALL (PAREDE), 9000 BTUS/H, CICLO FRIO, 60 HZ, CLASSIFICACAO ENERGETICA A - SELO PROCEL, GAS HFC, CONTROLE S/ FIO","UN    ","CR",1574.39]
[39551,"AR CONDICIONADO SPLIT ON/OFF, HI-WALL (PAREDE), 9000 BTUS/H, CICLO QUENTE/FRIO, 60 HZ, CLASSIFICACAO ENERGETICA A - SELO PROCEL, GAS HFC, CONTROLE S/ FIO","UN    ","CR",1733.57]
[43185,"AR CONDICIONADO SPLIT ON/OFF, PISO TETO, 18.000 BTU/H, CICLO FRIO, 60HZ, CLASSIFICACAO ENERGETICA C - SELO PROCEL, GAS HFC, CONTROLE S/FIO","UN    ","CR",4926.51]
[43186,"AR CONDICIONADO SPLIT ON/OFF, PISO TETO, 24.000 BTU/H, CICLO FRIO, 60HZ, CLASSIFICACAO ENERGETICA C - SELO PROCEL, GAS HFC, CONTROLE S/FIO","UN    ","CR",5196.47]
[43187,"AR CONDICIONADO SPLIT ON/OFF, PISO TETO, 36.000 BTU/H, CICLO FRIO, 60HZ, CLASSIFICACAO ENERGETICA C - SELO PROCEL, GAS HFC, CONTROLE S/FIO","UN    ","CR",6895.77]
[43188,"AR CONDICIONADO SPLIT ON/OFF, PISO TETO, 48.000 BTU/H, CICLO FRIO, 60HZ, CLASSIFICACAO ENERGETICA C - SELO PROCEL, GAS HFC, CONTROLE S/FIO","UN    ","CR",8355.14]
[43189,"AR CONDICIONADO SPLIT ON/OFF, PISO TETO, 60.000 BTU/H, CICLO FRIO, 60HZ, CLASSIFICACAO ENERGETICA C - SELO PROCEL, GAS HFC, CONTROLE S/FIO","UN    ","CR",9398.14]
[39580,"AR-CONDICIONADO FRIO SPLITAO INVERTER 30 TR","UN    ","CR",74061.16]
[39577,"AR-CONDICIONADO FRIO SPLITAO MODULAR 10 TR","UN    ","CR",23180.99]
[39578,"AR-CONDICIONADO FRIO SPLITAO MODULAR 15 TR","UN    ","CR",29915.52]
[39579,"AR-CONDICIONADO FRIO SPLITAO MODULAR 20 TR","UN    ","CR",43524.74]
[39826,"AR-CONDICIONADO SPLIT INVERTER, PISO TETO, 24000 BTU/H, QUENTE/FRIO, 60HZ, CLASSIFICACAO ENERGETICA A - SELO PROCEL, GAS HFC, CONTROLE S/FIO","UN    ","CR",5345.63]
[10700,"ARADO REVERSIVEL COM 3 DISCOS DE 26\" X 6MM REBOCAVEL","UN    ","AS",29021.73]
[346,"ARAME DE ACO OVALADO 15 X 17 ( 45,7 KG, 700 KGF), ROLO 1000 M","KG    ","CR",31.98]
[3312,"ARAME DE AMARRACAO PARA GABIAO GALVANIZADO, DIAMETRO 2,2 MM","KG    ","CR",28.32]
[339,"ARAME FARPADO GALVANIZADO, 14 BWG (2,11 MM), CLASSE 250","M     ","CR",1.65]
[340,"ARAME FARPADO GALVANIZADO, 16 BWG (1,65 MM), CLASSE 250","M     ","CR",1.49]
[43130,"ARAME GALVANIZADO 12 BWG, D = 2,76 MM (0,048 KG/M) OU 14 BWG, D = 2,11 MM (0,026 KG/M)","KG    ","C ",27]
[344,"ARAME GALVANIZADO 16 BWG, D = 1,65MM (0,0166 KG/M)","KG    ","CR",35.49]
[345,"ARAME GALVANIZADO 18 BWG, D = 1,24MM (0,009 KG/M)","KG    ","CR",38.51]
[43131,"ARAME GALVANIZADO 6 BWG, D = 5,16 MM (0,157 KG/M), OU 8 BWG, D = 4,19 MM (0,101 KG/M), OU 10 BWG, D = 3,40 MM (0,0713 KG/M)","KG    ","CR",31.36]
[3313,"ARAME PROTEGIDO COM POLIMERO PARA GABIAO, DIAMETRO 2,2 MM","KG    ","CR",36.450000000000003]
[43132,"ARAME RECOZIDO 16 BWG, D = 1,65 MM (0,016 KG/M) OU 18 BWG, D = 1,25 MM (0,01 KG/M)","KG    ","CR",27]
[366,"AREIA FINA - POSTO JAZIDA/FORNECEDOR (RETIRADO NA JAZIDA, SEM TRANSPORTE)","M3    ","C ",129]
[367,"AREIA GROSSA - POSTO JAZIDA/FORNECEDOR (RETIRADO NA JAZIDA, SEM TRANSPORTE)","M3    ","CR",130.68]
[370,"AREIA MEDIA - POSTO JAZIDA/FORNECEDOR (RETIRADO NA JAZIDA, SEM TRANSPORTE)","M3    ","CR",129]
[368,"AREIA PARA ATERRO - POSTO JAZIDA/FORNECEDOR (RETIRADO NA JAZIDA, SEM TRANSPORTE)","M3    ","CR",64.5]
[11075,"AREIA PARA LEITO FILTRANTE (0,42 A 1,68 MM) - POSTO JAZIDA/FORNECEDOR (RETIRADO NA JAZIDA, SEM TRANSPORTE)","M3    ","CR",1480.52]
[1381,"ARGAMASSA COLANTE AC I PARA CERAMICAS","KG    ","C ",0.95]
[34353,"ARGAMASSA COLANTE AC II","KG    ","CR",1.76]
[37595,"ARGAMASSA COLANTE TIPO AC III","KG    ","CR",2.92]
[37596,"ARGAMASSA COLANTE TIPO AC III E","KG    ","CR",3.35]
[371,"ARGAMASSA INDUSTRIALIZADA MULTIUSO, PARA REVESTIMENTO INTERNO E EXTERNO E ASSENTAMENTO DE BLOCOS DIVERSOS","KG    ","CR",1.03]
[37553,"ARGAMASSA INDUSTRIALIZADA PARA CHAPISCO COLANTE","KG    ","CR",1.94]
[37552,"ARGAMASSA INDUSTRIALIZADA PARA CHAPISCO ROLADO","KG    ","CR",3.12]
[36880,"ARGAMASSA PARA REVESTIMENTO DECORATIVO MONOCAMADA","KG    ","CR",3.17]
[34355,"ARGAMASSA PISO SOBRE PISO","KG    ","CR",2.73]
[130,"ARGAMASSA POLIMERICA DE REPARO ESTRUTURAL, BICOMPONENTE","KG    ","CR",4.45]
[135,"ARGAMASSA POLIMERICA IMPERMEABILIZANTE SEMIFLEXIVEL, BICOMPONENTE (MEMBRANA IMPERMEABILIZANTE ACRILICA)","KG    ","CR",3.58]
[36886,"ARGAMASSA PRONTA PARA CONTRAPISO","KG    ","CR",0.98]
[38546,"ARGAMASSA USINADA AUTOADENSAVEL E AUTONIVELANTE PARA CONTRAPISO, INCLUI BOMBEAMENTO","M3    ","CR",491.01]
[34549,"ARGILA EXPANDIDA, GRANULOMETRIA 2215","M3    ","AS",730.33]
[6081,"ARGILA OU BARRO PARA ATERRO/REATERRO (COM TRANSPORTE ATE 10 KM)","M3    ","AS",51.12]
[6077,"ARGILA OU BARRO PARA ATERRO/REATERRO (RETIRADO NA JAZIDA, SEM TRANSPORTE)","M3    ","AS",36.51]
[6079,"ARGILA, ARGILA VERMELHA OU ARGILA ARENOSA (RETIRADA NA JAZIDA, SEM TRANSPORTE)","M3    ","AS",36.51]
[1091,"ARMACAO VERTICAL COM HASTE E CONTRA-PINO, EM CHAPA DE ACO GALVANIZADO 3/16\", COM 1 ESTRIBO E 1 ISOLADOR","UN    ","AS",36.450000000000003]
[1094,"ARMACAO VERTICAL COM HASTE E CONTRA-PINO, EM CHAPA DE ACO GALVANIZADO 3/16\", COM 1 ESTRIBO, SEM ISOLADOR","UN    ","AS",25.5]
[1095,"ARMACAO VERTICAL COM HASTE E CONTRA-PINO, EM CHAPA DE ACO GALVANIZADO 3/16\", COM 2 ESTRIBOS, E 2 ISOLADORES","UN    ","AS",54.19]
[1092,"ARMACAO VERTICAL COM HASTE E CONTRA-PINO, EM CHAPA DE ACO GALVANIZADO 3/16\", COM 2 ESTRIBOS, SEM ISOLADOR","UN    ","AS",41.93]
[1093,"ARMACAO VERTICAL COM HASTE E CONTRA-PINO, EM CHAPA DE ACO GALVANIZADO 3/16\", COM 3 ESTRIBOS E 3 ISOLADORES","UN    ","AS",97.92]
[1090,"ARMACAO VERTICAL COM HASTE E CONTRA-PINO, EM CHAPA DE ACO GALVANIZADO 3/16\", COM 3 ESTRIBOS, SEM ISOLADOR","UN    ","AS",70.11]
[1096,"ARMACAO VERTICAL COM HASTE E CONTRA-PINO, EM CHAPA DE ACO GALVANIZADO 3/16\", COM 4 ESTRIBOS E 4 ISOLADORES","UN    ","AS",126.17]
[1097,"ARMACAO VERTICAL COM HASTE E CONTRA-PINO, EM CHAPA DE ACO GALVANIZADO 3/16\", COM 4 ESTRIBOS, SEM ISOLADOR","UN    ","AS",107.1]
[378,"ARMADOR (HORISTA)","H     ","CR",18.920000000000002]
[40911,"ARMADOR (MENSALISTA)","MES   ","CR",3300.81]
[33939,"ARQUITETO JUNIOR","H     ","CR",79.55]
[40815,"ARQUITETO JUNIOR (MENSALISTA)","MES   ","CR",13878.2]
[34760,"ARQUITETO PAISAGISTA","H     ","CR",85.94]
[40935,"ARQUITETO PAISAGISTA (MENSALISTA)","MES   ","CR",14992.42]
[33952,"ARQUITETO PLENO","H     ","CR",113]
[40816,"ARQUITETO PLENO (MENSALISTA)","MES   ","CR",19712.84]
[33953,"ARQUITETO SENIOR","H     ","CR",149.38999999999999]
[40817,"ARQUITETO SENIOR (MENSALISTA)","MES   ","CR",26062.12]
[13348,"ARRUELA  EM ACO GALVANIZADO, DIAMETRO EXTERNO = 35MM, ESPESSURA = 3MM, DIAMETRO DO FURO= 18MM","UN    ","AS",1.7]
[39211,"ARRUELA EM ALUMINIO, COM ROSCA, DE  1 1/4\", PARA ELETRODUTO","UN    ","CR",1.84]
[39212,"ARRUELA EM ALUMINIO, COM ROSCA, DE 1 1/2\", PARA ELETRODUTO","UN    ","CR",2.0499999999999998]
[39208,"ARRUELA EM ALUMINIO, COM ROSCA, DE 1/2\", PARA ELETRODUTO","UN    ","CR",0.56000000000000005]
[39210,"ARRUELA EM ALUMINIO, COM ROSCA, DE 1\", PARA ELETRODUTO","UN    ","CR",1.03]
[39214,"ARRUELA EM ALUMINIO, COM ROSCA, DE 2 1/2\", PARA ELETRODUTO","UN    ","CR",3.81]
[39213,"ARRUELA EM ALUMINIO, COM ROSCA, DE 2\", PARA ELETRODUTO","UN    ","CR",2.69]
[39209,"ARRUELA EM ALUMINIO, COM ROSCA, DE 3/4\", PARA ELETRODUTO","UN    ","CR",0.67]
[39207,"ARRUELA EM ALUMINIO, COM ROSCA, DE 3/8\", PARA ELETRODUTO","UN    ","CR",1.03]
[39215,"ARRUELA EM ALUMINIO, COM ROSCA, DE 3\", PARA ELETRODUTO","UN    ","CR",6.94]
[39216,"ARRUELA EM ALUMINIO, COM ROSCA, DE 4\", PARA ELETRODUTO","UN    ","CR",9.68]
[11267,"ARRUELA LISA, REDONDA, DE LATAO POLIDO, DIAMETRO NOMINAL 5/8\", DIAMETRO EXTERNO = 34 MM, DIAMETRO DO FURO = 17 MM, ESPESSURA = *2,5* MM","UN    ","AS",1.49]
[379,"ARRUELA QUADRADA EM ACO GALVANIZADO, DIMENSAO = 38 MM, ESPESSURA = 3MM, DIAMETRO DO FURO= 18 MM","UN    ","AS",1.5]
[510,"ASFALTO MODIFICADO TIPO I - NBR 9910 (ASFALTO OXIDADO PARA IMPERMEABILIZACAO, COEFICIENTE DE PENETRACAO 25-40)","KG    ","CR",15.98]
[516,"ASFALTO MODIFICADO TIPO II - NBR 9910 (ASFALTO OXIDADO PARA IMPERMEABILIZACAO, COEFICIENTE DE PENETRACAO 20-35)","KG    ","CR",18.93]
[509,"ASFALTO MODIFICADO TIPO III - NBR 9910 (ASFALTO OXIDADO PARA IMPERMEABILIZACAO, COEFICIENTE DE PENETRACAO 15-25)","KG    ","CR",21.24]
[40331,"ASSENTADOR DE MANILHAS","H     ","CR",24.45]
[40930,"ASSENTADOR DE MANILHAS (MENSALISTA)","MES   ","CR",4267.87]
[11761,"ASSENTO  VASO SANITARIO INFANTIL EM PLASTICO BRANCO","UN    ","CR",63.63]
[377,"ASSENTO SANITARIO DE PLASTICO, TIPO CONVENCIONAL","UN    ","C ",29.9]
[7588,"AUTOMATICO DE BOIA SUPERIOR / INFERIOR, *15* A / 250 V","UN    ","C ",59.45]
[34392,"AUXILIAR DE ALMOXARIFE (HORISTA)","H     ","CR",14.2]
[40908,"AUXILIAR DE ALMOXARIFE (MENSALISTA)","MES   ","CR",2480.85]
[34551,"AUXILIAR DE AZULEJISTA (HORISTA)","H     ","CR",14.22]
[41078,"AUXILIAR DE AZULEJISTA (MENSALISTA)","MES   ","CR",2481.39]
[246,"AUXILIAR DE ENCANADOR OU BOMBEIRO HIDRAULICO (HORISTA)","H     ","CR",14.2]
[40927,"AUXILIAR DE ENCANADOR OU BOMBEIRO HIDRAULICO (MENSALISTA)","MES   ","CR",2480.85]
[2350,"AUXILIAR DE ESCRITORIO (HORISTA)","H     ","CR",15.03]
[40812,"AUXILIAR DE ESCRITORIO (MENSALISTA)","MES   ","CR",2625.74]
[245,"AUXILIAR DE LABORATORISTA DE SOLOS E DE CONCRETO (HORISTA)","H     ","CR",17.07]
[41090,"AUXILIAR DE LABORATORISTA DE SOLOS E DE CONCRETO (MENSALISTA)","MES   ","CR",2979.68]
[251,"AUXILIAR DE MECANICO","H     ","CR",20.91]
[40975,"AUXILIAR DE MECANICO (MENSALISTA)","MES   ","CR",3649.23]
[6127,"AUXILIAR DE PEDREIRO (HORISTA)","H     ","CR",14.22]
[41072,"AUXILIAR DE PEDREIRO (MENSALISTA)","MES   ","CR",2481.39]
[6121,"AUXILIAR DE SERVICOS GERAIS","H     ","CR",14.24]
[41071,"AUXILIAR DE SERVICOS GERAIS (MENSALISTA)","MES   ","CR",2484.96]
[244,"AUXILIAR DE TOPOGRAFO (HORISTA)","H     ","CR",12.48]
[41093,"AUXILIAR DE TOPOGRAFO (MENSALISTA)","MES   ","CR",2181.0300000000002]
[532,"AUXILIAR TECNICO / ASSISTENTE DE ENGENHARIA","H     ","CR",32.840000000000003]
[40931,"AUXILIAR TECNICO / ASSISTENTE DE ENGENHARIA (MENSALISTA)","MES   ","CR",5733.04]
[36150,"AVENTAL DE SEGURANCA DE RASPA DE COURO 1,00 X 0,60 M","UN    ","CR",49]
[4760,"AZULEJISTA OU LADRILHEIRO (HORISTA)","H     ","CR",18.920000000000002]
[41069,"AZULEJISTA OU LADRILHEIRO (MENSALISTA)","MES   ","CR",3300.81]
[10422,"BACIA SANITARIA (VASO) COM CAIXA ACOPLADA, SIFAO APARENTE, DE LOUCA BRANCA (SEM ASSENTO)","UN    ","CR",344.77]
[44019,"BACIA SANITARIA (VASO) COM CAIXA ACOPLADA, SIFAO OCULTO / CARENADO, DE LOUCA BRANCA (SEM ASSENTO ) - PADRAO ALTO","UN    ","CR",477.25]
[36520,"BACIA SANITARIA (VASO) CONVENCIONAL PARA PCD, SEM FURO FRONTAL, DE LOUCA BRANCA (SEM ASSENTO)","UN    ","CR",580.28]
[42319,"BACIA SANITARIA (VASO) CONVENCIONAL PARA USO ESPECIFICO (HOSPITAIS, CLINICAS), COM FURO FRONTAL, DE LOUCA BRANCA, SEM ASSENTO","UN    ","CR",519.96]
[10420,"BACIA SANITARIA (VASO) CONVENCIONAL, DE LOUCA BRANCA, SIFAO APARENTE, SAIDA VERTICAL (SEM ASSENTO)","UN    ","C ",184.45]
[10421,"BACIA SANITARIA (VASO) CONVENCIONAL, DE LOUCA COLORIDA, SIFAO APARENTE, SAIDA VERTICAL (SEM ASSENTO)","UN    ","CR",202.69]
[11786,"BACIA SANITARIA (VASO) INFANTIL, SIFONADO, DE LOUCA BRANCA, (SEM ASSENTO)","UN    ","CR",408.69]
[10,"BALDE PLASTICO CAPACIDADE *10* L","UN    ","CR",14.31]
[4815,"BALDE VERMELHO PARA SINALIZACAO DE VIAS","UN    ","CR",6.93]
[541,"BANCADA DE MARMORE SINTETICO COM UMA CUBA, 120 X *60* CM","UN    ","C ",183.7]
[542,"BANCADA DE MARMORE SINTETICO COM UMA CUBA, 150 X *60* CM","UN    ","CR",230.27]
[540,"BANCADA DE MARMORE SINTETICO COM UMA CUBA, 200 X *60* CM","UN    ","CR",518.91]
[38364,"BANCADA/ BANCA EM GRANITO, POLIDO, TIPO ANDORINHA/ QUARTZ/ CASTELO/ CORUMBA OU OUTROS EQUIVALENTES DA REGIAO, COM CUBA INOX, FORMATO *120 X 60* CM, E=  *2* CM","UN    ","CR",1006.28]
[11692,"BANCADA/ BANCA EM MARMORE, POLIDO, BRANCO COMUM, E=  *3* CM","M2    ","CR",541.27]
[1746,"BANCADA/BANCA/PIA DE ACO INOXIDAVEL (AISI 430) COM 1 CUBA CENTRAL, COM VALVULA, ESCORREDOR DUPLO, DE *0,55 X 1,20* M","UN    ","C ",252.9]
[1748,"BANCADA/BANCA/PIA DE ACO INOXIDAVEL (AISI 430) COM 1 CUBA CENTRAL, COM VALVULA, ESCORREDOR DUPLO, DE *0,55 X 1,40* M","UN    ","CR",336.29]
[1749,"BANCADA/BANCA/PIA DE ACO INOXIDAVEL (AISI 430) COM 1 CUBA CENTRAL, COM VALVULA, ESCORREDOR DUPLO, DE *0,55 X 1,80* M","UN    ","CR",487.23]
[37412,"BANCADA/BANCA/PIA DE ACO INOXIDAVEL (AISI 430) COM 1 CUBA CENTRAL, COM VALVULA, LISA (SEM ESCORREDOR), DE *0,55 X 1,20* M","UN    ","CR",247.21]
[1745,"BANCADA/BANCA/PIA DE ACO INOXIDAVEL (AISI 430) COM 1 CUBA CENTRAL, SEM VALVULA, ESCORREDOR DUPLO, DE *0,55 X 1,60* M","UN    ","CR",293.95999999999998]
[1750,"BANCADA/BANCA/PIA DE ACO INOXIDAVEL (AISI 430) COM 2 CUBAS, COM VALVULAS, ESCORREDOR DUPLO, DE *0,55 X 2,00* M","UN    ","CR",686.95]
[11687,"BANCADA/TAMPO ACO INOX (AISI 304), LARGURA 60 CM, COM RODABANCA (NAO INCLUI PES DE APOIO)","M     ","CR",1094.52]
[11689,"BANCADA/TAMPO ACO INOX (AISI 304), LARGURA 70 CM, COM RODABANCA (NAO INCLUI PES DE APOIO)","M     ","CR",1371.37]
[11693,"BANCADA/TAMPO LISO (SEM CUBA) EM MARMORE SINTETICO","M2    ","CR",203.68]
[36215,"BANCO ARTICULADO PARA BANHO, EM ACO INOX POLIDO, 70* CM X 45* CM","UN    ","CR",908.96]
[42439,"BANCO COM ENCOSTO, 1,60M* DE COMPRIMENTO, EM TUBO DE ACO CARBONO E PINTURA NO PROCESSO ELETROSTATICO - PARA ACADEMIA AO AR LIVRE / ACADEMIA DA TERCEIRA IDADE - ATI","UN    ","AS",1197.21]
[38381,"BANDEJA DE PINTURA PARA ROLO 23 CM","UN    ","CR",11.24]
[39621,"BARRA ANTIPANICO DUPLA, CEGA EM LADO OPOSTO, COR CINZA","PAR   ","CR",1307.21]
[39624,"BARRA ANTIPANICO DUPLA, PARA PORTA DE VIDRO, COR CINZA","PAR   ","CR",1441.99]
[39615,"BARRA ANTIPANICO SIMPLES, CEGA EM LADO OPOSTO, COR CINZA","UN    ","CR",582.70000000000005]
[39620,"BARRA ANTIPANICO SIMPLES, COM FECHADURA LADO OPOSTO, COR CINZA","UN    ","CR",889.94]
[39623,"BARRA ANTIPANICO SIMPLES, PARA PORTA DE VIDRO, COR CINZA","UN    ","CR",953.2]
[546,"BARRA DE ACO CHATA, RETANGULAR (QUALQUER BITOLA)","KG    ","C ",9.7899999999999991]
[566,"BARRA DE ACO CHATO, RETANGULAR, 19,05 MM X 3,17 MM (L X E), 0,47 KG/M","M     ","CR",4.6399999999999997]
[565,"BARRA DE ACO CHATO, RETANGULAR, 25,4 MM X 4,76 MM (L X E), 1,73 KG/M","M     ","CR",16.93]
[555,"BARRA DE ACO CHATO, RETANGULAR, 25,4 MM X 6,35 MM (L X E), 1,2265 KG/M","M     ","CR",12]
[557,"BARRA DE ACO CHATO, RETANGULAR, 38,1 MM X 12,7 MM (L X E), 3,79 KG/M","M     ","CR",37.67]
[552,"BARRA DE ACO CHATO, RETANGULAR, 38,1 MM X 6,35 MM (L X E), 1,89 KG/M","M     ","CR",18.690000000000001]
[563,"BARRA DE ACO CHATO, RETANGULAR, 38,1 MM X 9,53 MM (L X E), 2,84 KG/M","M     ","CR",28.08]
[549,"BARRA DE ACO CHATO, RETANGULAR, 50,8 MM X 12,7 MM (L X E), 5,06 KG/M","M     ","CR",50.54]
[551,"BARRA DE ACO CHATO, RETANGULAR, 50,8 MM X 25,4 MM (L X E), 10,12 KG/M","M     ","CR",100.08]
[559,"BARRA DE ACO CHATO, RETANGULAR, 50,8 MM X 6,35 MM (L X E), 2,53 KG/M","M     ","CR",25.02]
[560,"BARRA DE ACO CHATO, RETANGULAR, 50,8 MM X 7,94 MM (L X E), 3,162 KG/M","M     ","CR",31.3]
[547,"BARRA DE ACO CHATO, RETANGULAR, 50,8 MM X 9,53 MM (L X E), 3,79KG/M","M     ","CR",37.479999999999997]
[36207,"BARRA DE APOIO EM \"L\", EM ACO INOX POLIDO 70 X 70 CM, DIAMETRO MINIMO 3 CM","UN    ","CR",402.61]
[36209,"BARRA DE APOIO EM \"L\", EM ACO INOX POLIDO 80 X 80 CM, DIAMETRO MINIMO 3 CM","UN    ","CR",462.05]
[36210,"BARRA DE APOIO LATERAL ARTICULADA, COM TRAVA, EM ACO INOX POLIDO, 70 CM, DIAMETRO MINIMO 3 CM","UN    ","CR",499.93]
[36204,"BARRA DE APOIO RETA, EM ACO INOX POLIDO, COMPRIMENTO 60CM, DIAMETRO MINIMO 3 CM","UN    ","CR",177.25]
[36205,"BARRA DE APOIO RETA, EM ACO INOX POLIDO, COMPRIMENTO 70CM, DIAMETRO MINIMO 3 CM","UN    ","CR",196.86]
[36081,"BARRA DE APOIO RETA, EM ACO INOX POLIDO, COMPRIMENTO 80CM, DIAMETRO MINIMO 3 CM","UN    ","C ",209.9]
[36206,"BARRA DE APOIO RETA, EM ACO INOX POLIDO, COMPRIMENTO 90 CM, DIAMETRO MINIMO 3 CM","UN    ","CR",219.9]
[36218,"BARRA DE APOIO RETA, EM ALUMINIO, COMPRIMENTO 60CM, DIAMETRO MINIMO 3 CM","UN    ","AS",136.26]
[36220,"BARRA DE APOIO RETA, EM ALUMINIO, COMPRIMENTO 70CM, DIAMETRO MINIMO 3 CM","UN    ","AS",156.24]
[36080,"BARRA DE APOIO RETA, EM ALUMINIO, COMPRIMENTO 80 CM, DIAMETRO MINIMO 3 CM","UN    ","AS",169]
[36223,"BARRA DE APOIO RETA, EM ALUMINIO, COMPRIMENTO 90 CM, DIAMETRO MINIMO 3 CM","UN    ","AS",176.97]
[38127,"BASE DE MISTURADOR MONOCOMANDO PARA CHUVEIRO, DE PAREDE (NAO INCLUI ACABAMENTOS)","UN    ","CR",398.94]
[38060,"BASE PARA MASTRO DE PARA-RAIOS DIAMETRO NOMINAL 1 1/2\"","UN    ","AS",51.6]
[10956,"BASE PARA MASTRO DE PARA-RAIOS DIAMETRO NOMINAL 2\"","UN    ","AS",56.58]
[39380,"BASE PARA RELE COM SUPORTE METALICO","UN    ","CR",16.75]
[44172,"BASTIDOR PARA BLOCO M10","UN    ","CR",9.2799999999999994]
[37597,"BATE-ESTACAS POR GRAVIDADE, POTENCIA160 HP, PESO DO MARTELO ATE 3 TONELADAS","UN    ","AS",632675.78]
[183,"BATENTE / PORTAL / ADUELA / MARCO EM MADEIRA MACICA COM REBAIXO, E = *3* CM, L = *14* CM, PARA PORTAS DE  GIRO DE *60 CM A 120* CM  X *210* CM, CEDRINHO / ANGELIM COMERCIAL / TAURI / CURUPIXA / PEROBA / CUMARU OU EQUIVALENTE DA REGIAO (NAO INCLUI ALIZARES)","JG    ","C ",205]
[184,"BATENTE / PORTAL / ADUELA / MARCO EM MADEIRA MACICA COM REBAIXO, E = *3* CM, L = *14* CM, PARA PORTAS DE  GIRO DE *60 CM A 120* CM  X *210* CM, PINUS / EUCALIPTO / VIROLA OU EQUIVALENTE DA REGIAO (NAO INCLUI ALIZARES)","JG    ","CR",126.96]
[181,"BATENTE / PORTAL / ADUELA / MARCO EM MADEIRA MACICA COM REBAIXO, E = *3* CM, L = *16* CM, PARA PORTAS DE  GIRO DE *60 CM A 120* CM  X *210* CM, CEDRINHO / ANGELIM COMERCIAL / TAURI / CURUPIXA / PEROBA / CUMARU OU EQUIVALENTE DA REGIAO (NAO INCLUI ALIZARES)","JG    ","CR",273.77]
[20001,"BATENTE / PORTAL / ADUELA / MARCO EM MADEIRA MACICA COM REBAIXO, E = *3* CM, L = *16* CM, PARA PORTAS DE  GIRO DE *60 CM A 120* CM  X *210* CM, PINUS / EUCALIPTO / VIROLA OU EQUIVALENTE DA REGIAO (NAO INCLUI ALIZARES)","JG    ","CR",158.69999999999999]
[39837,"BATENTE/PORTAL/ADUELA/MARCO, EM MDF/PVC WOOD/POLIESTIRENO OU MADEIRA LAMINADA, L = *9,0* CM COM GUARNICAO REGULAVEL 2 FACES = *35* MM, PRIMER","JG    ","AS",394.94]
[43366,"BENTONITA, ARGILA CONSTITUIDA POR  MONTMORILONITA","KG    ","AS",1.54]
[10535,"BETONEIRA CAPACIDADE NOMINAL 400 L, CAPACIDADE DE MISTURA  280 L, MOTOR ELETRICO TRIFASICO 220/380 V POTENCIA 2 CV, SEM CARREGADOR","UN    ","C ",5596.9]
[10537,"BETONEIRA CAPACIDADE NOMINAL 400 L, CAPACIDADE DE MISTURA 310 L, MOTOR A DIESEL POTENCIA 5 CV, SEM CARREGADOR","UN    ","CR",7632.65]
[13891,"BETONEIRA CAPACIDADE NOMINAL 400 L, CAPACIDADE DE MISTURA 310 L, MOTOR A GASOLINA POTENCIA 5,5 CV, SEM CARREGADOR","UN    ","CR",7000.86]
[44492,"BETONEIRA CAPACIDADE NOMINAL 600 L, CAPACIDADE DE MISTURA 440 L, MOTOR A GASOLINA POTENCIA 10 HP, COM  CARREGADOR","UN    ","CR",30450.93]
[36396,"BETONEIRA, CAPACIDADE NOMINAL 400 L, CAPACIDADE DE MISTURA 310L, MOTOR ELETRICO TRIFASICO 220/380V POTENCIA 2 CV, SEM CARREGADOR","UN    ","CR",6403.23]
[36397,"BETONEIRA, CAPACIDADE NOMINAL 600 L, CAPACIDADE DE MISTURA  360L, MOTOR ELETRICO TRIFASICO 220/380V, POTENCIA 4CV, EXCLUSO CARREGADOR","UN    ","CR",22767.05]
[36398,"BETONEIRA, CAPACIDADE NOMINAL 600 L, CAPACIDADE DE MISTURA 440 L, MOTOR A DIESEL POTENCIA 10 CV, COM CARREGADOR","UN    ","CR",27671.45]
[647,"BLASTER, DINAMITADOR OU CABO DE FOGO","H     ","CR",23.55]
[40920,"BLASTER, DINAMITADOR OU CABO DE FOGO (MENSALISTA)","MES   ","CR",4111.32]
[715,"BLOCO / TIJOLO DE VIDRO INCOLOR, CANELADO / ONDULADO, *19 X 19 X 8* CM (A X L X E)","UN    ","C ",22.9]
[716,"BLOCO / TIJOLO DE VIDRO INCOLOR, XADREZ, *20 X 20 X 10* CM (A X L X E)","UN    ","CR",25.89]
[38783,"BLOCO CERAMICO / TIJOLO VAZADO PARA ALVENARIA DE VEDACAO, FUROS NA HORIZONTAL, 11,5 X 19 X 19 CM (NBR 15270)","UN    ","CR",0.67]
[37593,"BLOCO CERAMICO / TIJOLO VAZADO PARA ALVENARIA DE VEDACAO, FUROS NA VERTICAL, 14 X 19 X 39 CM (NBR 15270)","UN    ","CR",1.64]
[37594,"BLOCO CERAMICO / TIJOLO VAZADO PARA ALVENARIA DE VEDACAO, FUROS NA VERTICAL, 19 X 19 X 39 CM (NBR 15270)","UN    ","CR",2.04]
[37592,"BLOCO CERAMICO / TIJOLO VAZADO PARA ALVENARIA DE VEDACAO, FUROS NA VERTICAL,, 9 X 19 X 39 CM (NBR 15270)","UN    ","CR",1.29]
[7270,"BLOCO CERAMICO / TIJOLO VAZADO PARA ALVENARIA DE VEDACAO, 4 FUROS NA HORIZONTAL, DE 9 X 9 X 19 CM (L X A X C)","UN    ","CR",0.57999999999999996]
[7267,"BLOCO CERAMICO / TIJOLO VAZADO PARA ALVENARIA DE VEDACAO, 6 FUROS NA HORIZONTAL, 9 X 14 X 19 CM (L X A X C)","UN    ","CR",0.45]
[7271,"BLOCO CERAMICO / TIJOLO VAZADO PARA ALVENARIA DE VEDACAO, 8 FUROS NA HORIZONTAL, DE 9 X 19 X 19 CM (L XA X C)","UN    ","C ",0.5]
[7268,"BLOCO CERAMICO / TIJOLO VAZADO PARA ALVENARIA DE VEDACAO, 8 FUROS NA HORIZONTAL, 9 X 19 X 29 CM (L X A X C)","UN    ","CR",0.69]
[41372,"BLOCO CONCRETO CELULAR AUTOCLAVADO 12,5 X 30 X 60 CM (E X A X C)","M2    ","AS",90.61]
[41371,"BLOCO CONCRETO CELULAR AUTOCLAVADO 7,5 X 30 X 60 CM (E X A X C)","M2    ","AS",53.55]
[34556,"BLOCO DE CONCRETO ESTRUTURAL 14 X 19 X 29 CM, FBK 10 MPA (NBR 6136)","UN    ","CR",3.87]
[37873,"BLOCO DE CONCRETO ESTRUTURAL 14 X 19 X 29 CM, FBK 12 MPA (NBR 6136)","UN    ","CR",3.94]
[34564,"BLOCO DE CONCRETO ESTRUTURAL 14 X 19 X 29 CM, FBK 14 MPA (NBR 6136)","UN    ","CR",4.13]
[34565,"BLOCO DE CONCRETO ESTRUTURAL 14 X 19 X 29 CM, FBK 16 MPA (NBR 6136)","UN    ","CR",4.37]
[38590,"BLOCO DE CONCRETO ESTRUTURAL 14 X 19 X 29 CM, FBK 4,5 MPA (NBR 6136)","UN    ","CR",3.23]
[34566,"BLOCO DE CONCRETO ESTRUTURAL 14 X 19 X 29 CM, FBK 6 MPA (NBR 6136)","UN    ","CR",3.39]
[34567,"BLOCO DE CONCRETO ESTRUTURAL 14 X 19 X 29 CM, FBK 8 MPA (NBR 6136)","UN    ","CR",3.59]
[38591,"BLOCO DE CONCRETO ESTRUTURAL 14 X 19 X 34 CM, FBK 4,5 MPA (NBR 6136)","UN    ","CR",3.26]
[34568,"BLOCO DE CONCRETO ESTRUTURAL 14 X 19 X 39 CM, FBK 10 MPA (NBR 6136)","UN    ","CR",4.25]
[34569,"BLOCO DE CONCRETO ESTRUTURAL 14 X 19 X 39 CM, FBK 12 MPA (NBR 6136)","UN    ","CR",4.37]
[34570,"BLOCO DE CONCRETO ESTRUTURAL 14 X 19 X 39 CM, FBK 14 MPA (NBR 6136)","UN    ","CR",4.74]
[25070,"BLOCO DE CONCRETO ESTRUTURAL 14 X 19 X 39 CM, FBK 4,5 MPA (NBR 6136)","UN    ","CR",3.57]
[34571,"BLOCO DE CONCRETO ESTRUTURAL 14 X 19 X 39 CM, FBK 6 MPA (NBR 6136)","UN    ","CR",3.6]
[34573,"BLOCO DE CONCRETO ESTRUTURAL 14 X 19 X 39 CM, FBK 8 MPA (NBR 6136)","UN    ","CR",3.79]
[37107,"BLOCO DE CONCRETO ESTRUTURAL 14 X 19 X 39, FCK 16 MPA (NBR 6136)","UN    ","CR",5]
[34576,"BLOCO DE CONCRETO ESTRUTURAL 19 X 19 X 39 CM, FBK 10 MPA (NBR 6136)","UN    ","CR",5.52]
[34577,"BLOCO DE CONCRETO ESTRUTURAL 19 X 19 X 39 CM, FBK 12 MPA (NBR 6136)","UN    ","CR",5.76]
[34578,"BLOCO DE CONCRETO ESTRUTURAL 19 X 19 X 39 CM, FBK 14 MPA (NBR 6136)","UN    ","CR",6.25]
[34579,"BLOCO DE CONCRETO ESTRUTURAL 19 X 19 X 39 CM, FBK 16 MPA (NBR 6136)","UN    ","CR",6.66]
[25067,"BLOCO DE CONCRETO ESTRUTURAL 19 X 19 X 39 CM, FBK 4,5 MPA (NBR 6136)","UN    ","CR",4.46]
[34580,"BLOCO DE CONCRETO ESTRUTURAL 19 X 19 X 39 CM, FBK 8 MPA (NBR 6136)","UN    ","CR",4.9800000000000004]
[25071,"BLOCO DE CONCRETO ESTRUTURAL 9 X 19 X 39 CM, FBK 4,5 MPA (NBR 6136)","UN    ","CR",2.48]
[44171,"BLOCO DE ENGATE RAPIDO PARA BASTIDOR TIPO M10","UN    ","CR",26.48]
[38395,"BLOCO DE ESPUMA MULTIUSO *23 X 13 X 8* CM","UN    ","CR",9.39]
[34583,"BLOCO DE GESSO COMPACTO / MACICO, BRANCO, E = 10 CM, DIMENSOES *67 X 50* CM","M2    ","CR",50.69]
[34584,"BLOCO DE GESSO VAZADO, BRANCO, E = *7* CM, DIMENSOES *67 X 50* CM","M2    ","CR",37.17]
[709,"BLOCO DE POLIETILENO ALTA DENSIDADE, *27* X *30* X *100* CM, ACOMPANHADOS PLACAS  TERMINAIS  E LONGARINAS, PARA FUNDO DE FILTRO","M2    ","AS",806.26]
[34599,"BLOCO DE VEDACAO CONCRETO APARENTE 9 X 19 X 39 CM (CLASSE C - NBR 6136)","UN    ","CR",2.5499999999999998]
[34592,"BLOCO DE VEDACAO CONCRETO 14 X 19 X 29 CM (CLASSE C - NBR 6136)","UN    ","CR",2.84]
[37103,"BLOCO DE VEDACAO DE CONCRETO APARENTE 14 X 19 X 39 CM (CLASSE C - NBR 6136)","UN    ","CR",3.24]
[34555,"BLOCO DE VEDACAO DE CONCRETO APARENTE 19 X 19 X 39 CM  (CLASSE C - NBR 6136)","UN    ","CR",4.12]
[674,"BLOCO DE VEDACAO DE CONCRETO CELULAR AUTOCLAVADO 10 X 30 X 60 CM (E X A X C)","M2    ","AS",64.56]
[34600,"BLOCO DE VEDACAO DE CONCRETO CELULAR AUTOCLAVADO 15 X 30 X 60 CM (E X A X C)","M2    ","AS",94.83]
[652,"BLOCO DE VEDACAO DE CONCRETO CELULAR AUTOCLAVADO 20 X 30 X 60 CM (E X A X C)","M2    ","AS",145.27000000000001]
[651,"BLOCO DE VEDACAO DE CONCRETO 14 X 19 X 39 CM (CLASSE C - NBR 6136)","UN    ","CR",3.12]
[654,"BLOCO DE VEDACAO DE CONCRETO 19 X 19 X 39 CM (CLASSE C - NBR 6136)","UN    ","CR",3.87]
[650,"BLOCO DE VEDACAO DE CONCRETO, 9 X 19 X 39 CM (CLASSE C - NBR 6136)","UN    ","C ",2.5]
[718,"BLOCO DE VIDRO / ELEMENTO VAZADO, INCOLOR, VENEZIANA, *20 X 20 X 6* CM (A X L X E)","UN    ","CR",22.63]
[11981,"BLOCO DE VIDRO / ELEMENTO VAZADO, INCOLOR, VENEZIANA, DE *20 X 10 X 8* CM (A X L X E)","UN    ","CR",21.98]
[34586,"BLOCO ESTRUTURAL CERAMICO 14 X 19 X 29 CM, 6,0 MPA (NBR 15270)","UN    ","CR",1.4]
[38603,"BLOCO ESTRUTURAL CERAMICO 14 X 19 X 34 CM, 6,0 MPA (NBR 15270)","UN    ","CR",1.7]
[34588,"BLOCO ESTRUTURAL CERAMICO 14 X 19 X 39 CM, 6,0 MPA (NBR 15270)","UN    ","CR",1.83]
[34590,"BLOCO ESTRUTURAL CERAMICO 19 X 19 X 29 CM, 6,0 MPA (NBR 15270)","UN    ","CR",1.67]
[34591,"BLOCO ESTRUTURAL CERAMICO 19 X 19 X 39 CM, 6,0 MPA (NBR 15270)","UN    ","CR",2.27]
[40517,"BLOQUETE/PISO DE CONCRETO - MODELO BLOCO PISOGRAMA/CONCREGRAMA 2 FUROS, DIMENSOES APROX. DE 35 CM X 15 CM E ESPESSURA DE 7 CM (+/- 1 CM), COR NATURAL","M2    ","CR",44.73]
[40515,"BLOQUETE/PISO DE CONCRETO - MODELO PISOGRAMA/CONCREGRAMA/PAVI-GRADE/GRAMEIRO, DIMENSOES APROXIMADAS DE 60 CM X 45 CM E ESPESSURA DE 8 CM (+/- 1 CM), COR NATURAL","M2    ","CR",100.64]
[40529,"BLOQUETE/PISO INTERTRAVADO DE CONCRETO - MODELO ONDA/16 FACES/RETANGULAR/TIJOLINHO/PAVER/HOLANDES/PARALELEPIPEDO, *22 CM X *11 CM, E = 10 CM, RESISTENCIA DE 50 MPA (NBR 9781), COR NATURAL","M2    ","CR",64.3]
[36170,"BLOQUETE/PISO INTERTRAVADO DE CONCRETO - MODELO ONDA/16 FACES/RETANGULAR/TIJOLINHO/PAVER/HOLANDES/PARALELEPIPEDO, *22 CM X 11* CM, E = 8 CM, RESISTENCIA DE 35 MPA (NBR 9781), COR NATURAL","M2    ","C ",53.35]
[40524,"BLOQUETE/PISO INTERTRAVADO DE CONCRETO - MODELO ONDA/16 FACES/RETANGULAR/TIJOLINHO/PAVER/HOLANDES/PARALELEPIPEDO, 20 CM X 10 CM, E = 10 CM, RESISTENCIA DE 35 MPA (NBR 9781), COR NATURAL","M2    ","CR",62.9]
[36156,"BLOQUETE/PISO INTERTRAVADO DE CONCRETO - MODELO ONDA/16 FACES/RETANGULAR/TIJOLINHO/PAVER/HOLANDES/PARALELEPIPEDO, 20 CM X 10 CM, E = 6 CM, RESISTENCIA DE 35 MPA (NBR 9781), COLORIDO","M2    ","CR",48.92]
[36155,"BLOQUETE/PISO INTERTRAVADO DE CONCRETO - MODELO ONDA/16 FACES/RETANGULAR/TIJOLINHO/PAVER/HOLANDES/PARALELEPIPEDO, 20 CM X 10 CM, E = 6 CM, RESISTENCIA DE 35 MPA (NBR 9781), COR NATURAL","M2    ","CR",42.23]
[36154,"BLOQUETE/PISO INTERTRAVADO DE CONCRETO - MODELO ONDA/16 FACES/RETANGULAR/TIJOLINHO/PAVER/HOLANDES/PARALELEPIPEDO, 20 CM X 10 CM, E = 8 CM, RESISTENCIA DE 35 MPA (NBR 9781), COLORIDO","M2    ","CR",58.71]
[695,"BLOQUETE/PISO INTERTRAVADO DE CONCRETO - MODELO RAQUETE, *22 CM X 13,5* CM, E = 6 CM, RESISTENCIA DE 35 MPA (NBR 9781), COR NATURAL","M2    ","CR",43.12]
[679,"BLOQUETE/PISO INTERTRAVADO DE CONCRETO - MODELO SEXTAVADO / HEXAGONAL, 25 CM X 25 CM, E = 10 CM, RESISTENCIA DE 35 MPA (NBR 9781), COR NATURAL","M2    ","CR",64.3]
[711,"BLOQUETE/PISO INTERTRAVADO DE CONCRETO - MODELO SEXTAVADO / HEXAGONAL, 25 CM X 25 CM, E = 6 CM, RESISTENCIA DE 35 MPA (NBR 9781), COR NATURAL","M2    ","CR",42.53]
[712,"BLOQUETE/PISO INTERTRAVADO DE CONCRETO - MODELO SEXTAVADO / HEXAGONAL, 25 CM X 25 CM, E = 8 CM, RESISTENCIA DE 35 MPA (NBR 9781), COR NATURAL","M2    ","CR",53.58]
[12614,"BOCAL PVC, PARA CALHA PLUVIAL, DIAMETRO DA SAIDA ENTRE *75 E 120* MM, PARA DRENAGEM PLUVIAL PREDIAL","UN    ","CR",53.73]
[6140,"BOLSA DE LIGACAO EM PVC FLEXIVEL PARA VASO SANITARIO 1.1/2 \" (40 MM)","UN    ","CR",3.82]
[38399,"BOLSA DE LONA PARA FERRAMENTAS *50 X 35 X 25* CM","UN    ","CR",244.67]
[735,"BOMBA CENTRIFUGA  MOTOR ELETRICO TRIFASICO 1,48HP  DIAMETRO DE SUCCAO X ELEVACAO 1\" X 1\", 4 ESTAGIOS, DIAMETRO DOS ROTORES 3 X 107 MM + 1 X 100 MM, HM/Q: 10 M / 5,3 M3/H A 70 M / 1,8 M3/H","UN    ","CR",2188.86]
[736,"BOMBA CENTRIFUGA  MOTOR ELETRICO TRIFASICO 2,96HP, DIAMETRO DE SUCCAO X ELEVACAO 1 1/2\" X 1 1/4\", DIAMETRO DO ROTOR 148 MM, HM/Q: 34 M / 14,80 M3/H A 40 M / 8,60 M3/H","UN    ","CR",1840.44]
[729,"BOMBA CENTRIFUGA COM MOTOR ELETRICO MONOFASICO, POTENCIA 0,33 HP,  BOCAIS 1\" X 3/4\", DIAMETRO DO ROTOR 99 MM, HM/Q = 4 MCA / 8,5 M3/H A 18 MCA / 0,90 M3/H","UN    ","C ",750]
[39925,"BOMBA CENTRIFUGA MONOESTAGIO COM MOTOR ELETRICO MONOFASICO, POTENCIA 15 HP,  DIAMETRO DO ROTOR *173* MM, HM/Q = *30* MCA / *90* M3/H A *45* MCA / *55* M3/H","UN    ","CR",10837.43]
[731,"BOMBA CENTRIFUGA MOTOR ELETRICO MONOFASICO 0,49 HP  BOCAIS 1\" X 3/4\", DIAMETRO DO ROTOR 110 MM, HM/Q: 6 M / 8,3 M3/H A 20 M / 1,2 M3/H","UN    ","CR",729.93]
[10575,"BOMBA CENTRIFUGA MOTOR ELETRICO MONOFASICO 0,50 CV DIAMETRO DE SUCCAO X ELEVACAO 3/4\" X 3/4\", MONOESTAGIO, DIAMETRO DOS ROTORES 114 MM, HM/Q: 2 M / 2,99 M3/H A 24 M / 0,71 M3/H","UN    ","CR",1139.1199999999999]
[733,"BOMBA CENTRIFUGA MOTOR ELETRICO MONOFASICO 0,74HP  DIAMETRO DE SUCCAO X ELEVACAO 1 1/4\" X 1\", DIAMETRO DO ROTOR 120 MM, HM/Q: 8 M / 7,70 M3/H A 24 M / 2,80 M3/H","UN    ","CR",1247.19]
[732,"BOMBA CENTRIFUGA MOTOR ELETRICO TRIFASICO 0,99HP  DIAMETRO DE SUCCAO X ELEVACAO 1\" X 1\", DIAMETRO DO ROTOR 145 MM, HM/Q: 14 M / 8,4 M3/H A 40 M / 0,60 M3/H","UN    ","CR",1230.43]
[737,"BOMBA CENTRIFUGA MOTOR ELETRICO TRIFASICO 14,8 HP, DIAMETRO DE SUCCAO X ELEVACAO 2 1/2\" X 2\", DIAMETRO DO ROTOR 195 MM, HM/Q: 62 M / 55,5 M3/H A 80 M / 31,50 M3/H","UN    ","CR",6899.88]
[738,"BOMBA CENTRIFUGA MOTOR ELETRICO TRIFASICO 5HP, DIAMETRO DE SUCCAO X ELEVACAO 2\" X 1 1/2\", DIAMETRO DO ROTOR 155 MM, HM/Q: 40 M / 20,40 M3/H A 46 M / 9,20 M3/H","UN    ","CR",3199.42]
[740,"BOMBA CENTRIFUGA MOTOR ELETRICO TRIFASICO 9,86 DIAMETRO DE SUCCAO X ELEVACAO 1\" X 1\", 4 ESTAGIOS, DIAMETRO DOS ROTORES 4 X 146 MM, HM/Q: 85 M / 14,9 M3/H A 140 M / 4,2 M3/H","UN    ","CR",6490.97]
[734,"BOMBA CENTRIFUGA,  MOTOR ELETRICO TRIFASICO 1,48HP  DIAMETRO DE SUCCAO X ELEVACAO 1 1/2\" X 1\", DIAMETRO DO ROTOR 117 MM, HM/Q: 10 M / 21,9 M3/H A 24 M / 6,1 M3/H","UN    ","CR",1319.01]
[39008,"BOMBA DE PROJECAO DE CONCRETO SECO, POTENCIA 10 CV, VAZAO 3 M3/H","UN    ","CR",68227.92]
[39009,"BOMBA DE PROJECAO DE CONCRETO SECO, POTENCIA 10 CV, VAZAO 6 M3/H","UN    ","CR",73097.759999999995]
[10587,"BOMBA SUBMERSA PARA POCOS TUBULARES PROFUNDOS DIAMETRO DE 4 POLEGADAS, ELETRICA, MONOFASICA, POTENCIA 0,49 HP, 13 ESTAGIOS, BOCAL DE DESCARGA DIAMETRO DE UMA POLEGADA E MEIA, HM/Q = 18 M / 1,90 M3/H A 85 M / 0,60 M3/H","UN    ","CR",3226.68]
[759,"BOMBA SUBMERSA PARA POCOS TUBULARES PROFUNDOS DIAMETRO DE 4 POLEGADAS, ELETRICA, TRIFASICA, POTENCIA 1,97 HP, 20 ESTAGIOS, BOCAL DE DESCARGA DIAMETRO DE UMA POLEGADA E MEIA, HM/Q = 18 M / 5,40 M3/H A 164 M / 0,80 M3/H","UN    ","CR",4639.33]
[761,"BOMBA SUBMERSA PARA POCOS TUBULARES PROFUNDOS DIAMETRO DE 4 POLEGADAS, ELETRICA, TRIFASICA, POTENCIA 5,42 HP, 15 ESTAGIOS, BOCAL DE DESCARGA DIAMETRO DE 2 POLEGADAS, HM/Q = 18 M / 18,10 M3/H A 121 M / 2,90 M3/H","UN    ","CR",7864.05]
[750,"BOMBA SUBMERSA PARA POCOS TUBULARES PROFUNDOS DIAMETRO DE 4 POLEGADAS, ELETRICA, TRIFASICA, POTENCIA 5,42 HP, 29 ESTAGIOS, BOCAL DE DESCARGA DE UMA POLEGADA E MEIA, HM/Q = 18 M / 8,10 M3/H A 201 M / 3,2 M3/H","UN    ","CR",7466.29]
[755,"BOMBA SUBMERSA PARA POCOS TUBULARES PROFUNDOS DIAMETRO DE 6 POLEGADAS, ELETRICA, TRIFASICA, POTENCIA 27,12 HP, 7 ESTAGIOS, BOCAL DE DESCARGA DIAMETRO DE 4 POLEGADAS, HM/Q = 13,9 M / 90 M3/H A 44,0 M / 25,0 M3/H","UN    ","CR",30638.05]
[749,"BOMBA SUBMERSA PARA POCOS TUBULARES PROFUNDOS DIAMETRO DE 6 POLEGADAS, ELETRICA, TRIFASICA, POTENCIA 3,45 HP, 5 ESTAGIOS, BOCAL DE DESCARGA DIAMETRO DE 2 POLEGADAS, HM/Q = 68,5 M / 6,12 M3/H A 39,5 M / 14,04 M3/H","UN    ","CR",11268.11]
[756,"BOMBA SUBMERSA PARA POCOS TUBULARES PROFUNDOS DIAMETRO DE 6 POLEGADAS, ELETRICA, TRIFASICA, POTENCIA 32 HP, 9 ESTAGIOS, BOCAL DE DESCARGA DIAMETRO DE 4 POLEGADAS, HM/Q = 114,0 M / 13,9 M3/H A 57,0 M / 25,0 M3/H","UN    ","CR",33414.9]
[757,"BOMBA SUBMERSIVEL,  ELETRICA, TRIFASICA, POTENCIA 6 HP, DIAMETRO DO ROTOR 127 MM, BOCAL DE SAIDA DIAMETRO DE 3 POLEGADAS, HM/Q = 7 M / 66,90 M3/H A 26 M / 2,88 M3/H","UN    ","CR",15172.5]
[10588,"BOMBA SUBMERSIVEL, ELETRICA, TRIFASICA, POTENCIA 0,98 HP, DIAMETRO DO ROTOR 142 MM SEMIABERTO, BOCAL DE SAIDA DIAMETRO DE 2 POLEGADAS, HM/Q = 2 M / 32 M3/H A 8 M / 16 M3/H","UN    ","CR",3349.7]
[10592,"BOMBA SUBMERSIVEL, ELETRICA, TRIFASICA, POTENCIA 0,99 HP, DIAMETRO ROTOR 98 MM SEMIABERTO, BOCAL DE SAIDA DIAMETRO 2 POLEGADAS, HM/Q = 2 M / 28,90 M3/H A 14 M / 7 M3/H","UN    ","C ",4046]
[10589,"BOMBA SUBMERSIVEL, ELETRICA, TRIFASICA, POTENCIA 1,97 HP, DIAMETRO DO ROTOR 144 MM SEMIABERTO, BOCAL DE SAIDA DIAMETRO DE 2 POLEGADAS, HM/Q = 2 M / 26,8 M3/H A 28 M / 4,6 M3/H","UN    ","CR",5435.54]
[760,"BOMBA SUBMERSIVEL, ELETRICA, TRIFASICA, POTENCIA 13 HP, DIAMETRO DO ROTOR 170 MM, BOCAL DE SAIDA DIAMETRO DE 3 POLEGADAS, HM/Q = 11 M / 68,40 M3/H A 72 M / 3,6 M3/H","UN    ","CR",30345]
[751,"BOMBA SUBMERSIVEL, ELETRICA, TRIFASICA, POTENCIA 2,96 HP, DIAMETRO DO ROTOR 144 MM SEMIABERTO, BOCAL DE SAIDA DIAMETRO DE DUAS POLEGADAS, HM/Q = 2 M / 38,8 M3/H A 28 M / 5 M3/H","UN    ","CR",4779.33]
[754,"BOMBA SUBMERSIVEL, ELETRICA, TRIFASICA, POTENCIA 3,75 HP, DIAMETRO DO ROTOR 90 MM SEMIABERTO, BOCAL DE SAIDA DIAMETRO DE 2 POLEGADAS, HM/Q = 5 M / 61,2 M3/H A 25,5 M / 3,6 M3/H","UN    ","CR",7586.25]
[44489,"BOMBA TRIPLEX COM MOTOR A DIESEL, NACIONAL, DIAMETRO DE SUCCAO DE 2  1/2''","UN    ","CR",186449.66]
[39917,"BOMBA TRIPLEX, PARA INJECAO DE CALDA DE CIMENTO, VAZAO MAXIMA DE *100* LITROS/MINUTO, PRESSAO MAXIMA DE *70* BAR, POTENCIA DE 15 CV","UN    ","CR",104803]
[38167,"BORBOLETA PARA JANELA TIPO GUILHOTINA, EM ZAMAC CROMADO","PAR   ","CR",29.56]
[36145,"BOTA DE PVC PRETA, CANO MEDIO, SEM FORRO","PAR   ","CR",47.52]
[12893,"BOTA DE SEGURANCA COM BIQUEIRA DE ACO E COLARINHO ACOLCHOADO","PAR   ","CR",79.2]
[11685,"BRACO / CANO PARA CHUVEIRO ELETRICO, EM ALUMINIO, 30 CM X 1/2 \"","UN    ","CR",40.409999999999997]
[11680,"BRACO OU HASTE COM CANOPLA PLASTICA, 1/2 \", PARA CHUVEIRO SIMPLES","UN    ","CR",15.35]
[11679,"BRACO OU HASTE RETA COM CANOPLA PLASTICA, 1/2 \", PARA CHUVEIRO ELETRICO","UN    ","CR",20.81]
[2512,"BRACO P/ LUMINARIA PUBLICA 1 X 1,50M ROMAGNOLE OU EQUIV","UN    ","CR",32.21]
[4374,"BUCHA DE NYLON SEM ABA S10","UN    ","CR",0.62]
[7568,"BUCHA DE NYLON SEM ABA S10, COM PARAFUSO DE 6,10 X 65 MM EM ACO ZINCADO COM ROSCA SOBERBA, CABECA CHATA E FENDA PHILLIPS","UN    ","CR",1.04]
[7584,"BUCHA DE NYLON SEM ABA S12, COM PARAFUSO DE 5/16\" X 80 MM EM ACO ZINCADO COM ROSCA SOBERBA E CABECA SEXTAVADA","UN    ","CR",1.59]
[11945,"BUCHA DE NYLON SEM ABA S4","UN    ","CR",0.1]
[11946,"BUCHA DE NYLON SEM ABA S5","UN    ","CR",0.11]
[4375,"BUCHA DE NYLON SEM ABA S6","UN    ","C ",0.17]
[11950,"BUCHA DE NYLON SEM ABA S6, COM PARAFUSO DE 4,20 X 40 MM EM ACO ZINCADO COM ROSCA SOBERBA, CABECA CHATA E FENDA PHILLIPS","UN    ","CR",0.35]
[4376,"BUCHA DE NYLON SEM ABA S8","UN    ","CR",0.33]
[7583,"BUCHA DE NYLON SEM ABA S8, COM PARAFUSO DE 4,80 X 50 MM EM ACO ZINCADO COM ROSCA SOBERBA, CABECA CHATA E FENDA PHILLIPS","UN    ","CR",0.71]
[4350,"BUCHA DE NYLON, DIAMETRO DO FURO 8 MM, COMPRIMENTO 40 MM, COM PARAFUSO DE ROSCA SOBERBA, CABECA CHATA, FENDA SIMPLES, 4,8 X 50 MM","UN    ","CR",0.83]
[44400,"BUCHA DE REDUCAO CPVC, SOLDAVEL, 54 X 28 MM, PARA AGUA QUENTE","UN    ","CR",29.27]
[39886,"BUCHA DE REDUCAO DE COBRE (REF 600-2) SEM ANEL DE SOLDA, PONTA X BOLSA, 22 X 15 MM","UN    ","CR",11.5]
[39887,"BUCHA DE REDUCAO DE COBRE (REF 600-2) SEM ANEL DE SOLDA, PONTA X BOLSA, 28 X 22 MM","UN    ","CR",17.25]
[39888,"BUCHA DE REDUCAO DE COBRE (REF 600-2) SEM ANEL DE SOLDA, PONTA X BOLSA, 35 X 28 MM","UN    ","CR",39.44]
[39890,"BUCHA DE REDUCAO DE COBRE (REF 600-2) SEM ANEL DE SOLDA, PONTA X BOLSA, 42 X 35 MM","UN    ","CR",67.31]
[39891,"BUCHA DE REDUCAO DE COBRE (REF 600-2) SEM ANEL DE SOLDA, PONTA X BOLSA, 54 X 42 MM","UN    ","CR",94.91]
[39892,"BUCHA DE REDUCAO DE COBRE (REF 600-2) SEM ANEL DE SOLDA, PONTA X BOLSA, 66 X 54 MM","UN    ","CR",295.83999999999997]
[790,"BUCHA DE REDUCAO DE FERRO GALVANIZADO, COM ROSCA BSP, DE 1 1/2\" X 1 1/4\"","UN    ","AS",21.7]
[766,"BUCHA DE REDUCAO DE FERRO GALVANIZADO, COM ROSCA BSP, DE 1 1/2\" X 1/2\"","UN    ","AS",21.7]
[791,"BUCHA DE REDUCAO DE FERRO GALVANIZADO, COM ROSCA BSP, DE 1 1/2\" X 1\"","UN    ","AS",21.7]
[767,"BUCHA DE REDUCAO DE FERRO GALVANIZADO, COM ROSCA BSP, DE 1 1/2\" X 3/4\"","UN    ","AS",21.7]
[768,"BUCHA DE REDUCAO DE FERRO GALVANIZADO, COM ROSCA BSP, DE 1 1/4\" X 1/2\"","UN    ","AS",17.04]
[789,"BUCHA DE REDUCAO DE FERRO GALVANIZADO, COM ROSCA BSP, DE 1 1/4\" X 1\"","UN    ","AS",16.68]
[769,"BUCHA DE REDUCAO DE FERRO GALVANIZADO, COM ROSCA BSP, DE 1 1/4\" X 3/4\"","UN    ","AS",17.04]
[770,"BUCHA DE REDUCAO DE FERRO GALVANIZADO, COM ROSCA BSP, DE 1/2\" X 1/4\"","UN    ","AS",6.01]
[12394,"BUCHA DE REDUCAO DE FERRO GALVANIZADO, COM ROSCA BSP, DE 1/2\" X 3/8\"","UN    ","AS",6.01]
[764,"BUCHA DE REDUCAO DE FERRO GALVANIZADO, COM ROSCA BSP, DE 1\" X 1/2\"","UN    ","AS",10.49]
[765,"BUCHA DE REDUCAO DE FERRO GALVANIZADO, COM ROSCA BSP, DE 1\" X 3/4\"","UN    ","AS",10.49]
[787,"BUCHA DE REDUCAO DE FERRO GALVANIZADO, COM ROSCA BSP, DE 2 1/2\" X 1 1/2\"","UN    ","AS",46.86]
[774,"BUCHA DE REDUCAO DE FERRO GALVANIZADO, COM ROSCA BSP, DE 2 1/2\" X 1 1/4\"","UN    ","AS",46.86]
[773,"BUCHA DE REDUCAO DE FERRO GALVANIZADO, COM ROSCA BSP, DE 2 1/2\" X 1\"","UN    ","AS",46.86]
[775,"BUCHA DE REDUCAO DE FERRO GALVANIZADO, COM ROSCA BSP, DE 2 1/2\" X 2\"","UN    ","AS",46.86]
[788,"BUCHA DE REDUCAO DE FERRO GALVANIZADO, COM ROSCA BSP, DE 2\" X 1 1/2\"","UN    ","AS",29.12]
[772,"BUCHA DE REDUCAO DE FERRO GALVANIZADO, COM ROSCA BSP, DE 2\" X 1 1/4\"","UN    ","AS",29.12]
[771,"BUCHA DE REDUCAO DE FERRO GALVANIZADO, COM ROSCA BSP, DE 2\" X 1\"","UN    ","AS",29.12]
[779,"BUCHA DE REDUCAO DE FERRO GALVANIZADO, COM ROSCA BSP, DE 3/4\" X 1/2\"","UN    ","AS",7.24]
[776,"BUCHA DE REDUCAO DE FERRO GALVANIZADO, COM ROSCA BSP, DE 3\" X 1 1/2\"","UN    ","AS",69.08]
[777,"BUCHA DE REDUCAO DE FERRO GALVANIZADO, COM ROSCA BSP, DE 3\" X 1 1/4\"","UN    ","AS",67.150000000000006]
[780,"BUCHA DE REDUCAO DE FERRO GALVANIZADO, COM ROSCA BSP, DE 3\" X 2 1/2\"","UN    ","AS",67.489999999999995]
[778,"BUCHA DE REDUCAO DE FERRO GALVANIZADO, COM ROSCA BSP, DE 3\" X 2\"","UN    ","AS",69.08]
[781,"BUCHA DE REDUCAO DE FERRO GALVANIZADO, COM ROSCA BSP, DE 4\" X 2 1/2\"","UN    ","AS",127.63]
[786,"BUCHA DE REDUCAO DE FERRO GALVANIZADO, COM ROSCA BSP, DE 4\" X 2\"","UN    ","AS",127.63]
[782,"BUCHA DE REDUCAO DE FERRO GALVANIZADO, COM ROSCA BSP, DE 4\" X 3\"","UN    ","AS",127.63]
[783,"BUCHA DE REDUCAO DE FERRO GALVANIZADO, COM ROSCA BSP, DE 5\" X 4\"","UN    ","AS",349.3]
[785,"BUCHA DE REDUCAO DE FERRO GALVANIZADO, COM ROSCA BSP, DE 6\" X 4\"","UN    ","AS",369.07]
[784,"BUCHA DE REDUCAO DE FERRO GALVANIZADO, COM ROSCA BSP, DE 6\" X 5\"","UN    ","AS",395.92]
[828,"BUCHA DE REDUCAO DE PVC, SOLDAVEL, CURTA, COM 25 X 20 MM, PARA AGUA FRIA PREDIAL","UN    ","CR",0.66]
[829,"BUCHA DE REDUCAO DE PVC, SOLDAVEL, CURTA, COM 32 X 25 MM, PARA AGUA FRIA PREDIAL","UN    ","CR",1.07]
[812,"BUCHA DE REDUCAO DE PVC, SOLDAVEL, CURTA, COM 40 X 32 MM, PARA AGUA FRIA PREDIAL","UN    ","CR",2.36]
[819,"BUCHA DE REDUCAO DE PVC, SOLDAVEL, CURTA, COM 50 X 40 MM, PARA AGUA FRIA PREDIAL","UN    ","CR",4.09]
[818,"BUCHA DE REDUCAO DE PVC, SOLDAVEL, CURTA, COM 60 X 50 MM, PARA AGUA FRIA PREDIAL","UN    ","CR",7.63]
[832,"BUCHA DE REDUCAO DE PVC, SOLDAVEL, LONGA, COM 32 X 20 MM, PARA AGUA FRIA PREDIAL","UN    ","CR",3.15]
[834,"BUCHA DE REDUCAO DE PVC, SOLDAVEL, LONGA, COM 40 X 25 MM, PARA AGUA FRIA PREDIAL","UN    ","CR",4.08]
[813,"BUCHA DE REDUCAO DE PVC, SOLDAVEL, LONGA, COM 50 X 25 MM, PARA AGUA FRIA PREDIAL","UN    ","CR",4.75]
[820,"BUCHA DE REDUCAO DE PVC, SOLDAVEL, LONGA, COM 50 X 32 MM, PARA AGUA FRIA PREDIAL","UN    ","CR",6.39]
[816,"BUCHA DE REDUCAO DE PVC, SOLDAVEL, LONGA, COM 60 X 25 MM, PARA AGUA FRIA PREDIAL","UN    ","CR",11.39]
[814,"BUCHA DE REDUCAO DE PVC, SOLDAVEL, LONGA, COM 60 X 32 MM, PARA AGUA FRIA PREDIAL","UN    ","CR",14.15]
[822,"BUCHA DE REDUCAO DE PVC, SOLDAVEL, LONGA, COM 60 X 50 MM, PARA AGUA FRIA PREDIAL","UN    ","CR",18.48]
[821,"BUCHA DE REDUCAO DE PVC, SOLDAVEL, LONGA, COM 75 X 50 MM, PARA AGUA FRIA PREDIAL","UN    ","CR",21.13]
[20086,"BUCHA DE REDUCAO DE PVC, SOLDAVEL, LONGA, 50 X 40 MM, PARA ESGOTO PREDIAL","UN    ","CR",3.07]
[39191,"BUCHA DE REDUCAO EM ALUMINIO, COM ROSCA, DE 1 1/2\" X 1 1/4\", PARA ELETRODUTO","UN    ","CR",21.63]
[39190,"BUCHA DE REDUCAO EM ALUMINIO, COM ROSCA, DE 1 1/2\" X 1\", PARA ELETRODUTO","UN    ","CR",22.59]
[39189,"BUCHA DE REDUCAO EM ALUMINIO, COM ROSCA, DE 1 1/2\" X 3/4\", PARA ELETRODUTO","UN    ","CR",23.91]
[39186,"BUCHA DE REDUCAO EM ALUMINIO, COM ROSCA, DE 1 1/4\" X 1/2\", PARA ELETRODUTO","UN    ","CR",21.39]
[39188,"BUCHA DE REDUCAO EM ALUMINIO, COM ROSCA, DE 1 1/4\" X 1\", PARA ELETRODUTO","UN    ","CR",17.600000000000001]
[39187,"BUCHA DE REDUCAO EM ALUMINIO, COM ROSCA, DE 1 1/4\" X 3/4\", PARA ELETRODUTO","UN    ","CR",18.45]
[39184,"BUCHA DE REDUCAO EM ALUMINIO, COM ROSCA, DE 1\" X 1/2\", PARA ELETRODUTO","UN    ","CR",6.94]
[39185,"BUCHA DE REDUCAO EM ALUMINIO, COM ROSCA, DE 1\" X 3/4\", PARA ELETRODUTO","UN    ","CR",6.33]
[39198,"BUCHA DE REDUCAO EM ALUMINIO, COM ROSCA, DE 2 1/2\" X 1 1/2\", PARA ELETRODUTO","UN    ","CR",70.95]
[39197,"BUCHA DE REDUCAO EM ALUMINIO, COM ROSCA, DE 2 1/2\" X 1 1/4\", PARA ELETRODUTO","UN    ","CR",74.12]
[39196,"BUCHA DE REDUCAO EM ALUMINIO, COM ROSCA, DE 2 1/2\" X 1\", PARA ELETRODUTO","UN    ","CR",76.44]
[39199,"BUCHA DE REDUCAO EM ALUMINIO, COM ROSCA, DE 2 1/2\" X 2\", PARA ELETRODUTO","UN    ","CR",68.28]
[39195,"BUCHA DE REDUCAO EM ALUMINIO, COM ROSCA, DE 2\" X 1 1/2\", PARA ELETRODUTO","UN    ","CR",39.409999999999997]
[39194,"BUCHA DE REDUCAO EM ALUMINIO, COM ROSCA, DE 2\" X 1 1/4\", PARA ELETRODUTO","UN    ","CR",42.18]
[39193,"BUCHA DE REDUCAO EM ALUMINIO, COM ROSCA, DE 2\" X 1\", PARA ELETRODUTO","UN    ","CR",46.23]
[39192,"BUCHA DE REDUCAO EM ALUMINIO, COM ROSCA, DE 2\" X 3/4\", PARA ELETRODUTO","UN    ","CR",48.08]
[39920,"BUCHA DE REDUCAO EM ALUMINIO, COM ROSCA, DE 3/4\" X 1/2\",  PARA ELETRODUTO","UN    ","CR",5.82]
[39201,"BUCHA DE REDUCAO EM ALUMINIO, COM ROSCA, DE 3\" X 1 1/2\", PARA ELETRODUTO","UN    ","CR",84.83]
[39200,"BUCHA DE REDUCAO EM ALUMINIO, COM ROSCA, DE 3\" X 1 1/4\", PARA ELETRODUTO","UN    ","CR",85.51]
[39203,"BUCHA DE REDUCAO EM ALUMINIO, COM ROSCA, DE 3\" X 2 1/2\", PARA ELETRODUTO","UN    ","CR",69.05]
[39202,"BUCHA DE REDUCAO EM ALUMINIO, COM ROSCA, DE 3\" X 2\", PARA ELETRODUTO","UN    ","CR",81.11]
[39205,"BUCHA DE REDUCAO EM ALUMINIO, COM ROSCA, DE 4\" X 2 1/2\", PARA ELETRODUTO","UN    ","CR",135.32]
[39204,"BUCHA DE REDUCAO EM ALUMINIO, COM ROSCA, DE 4\" X 2\", PARA ELETRODUTO","UN    ","CR",138.59]
[39206,"BUCHA DE REDUCAO EM ALUMINIO, COM ROSCA, DE 4\" X 3\", PARA ELETRODUTO","UN    ","CR",131.47999999999999]
[798,"BUCHA DE REDUCAO PVC ROSCAVEL 3/4\" X 1/2\"","UN    ","CR",1.31]
[797,"BUCHA DE REDUCAO PVC, ROSCAVEL 1 1/2\" X 1\"","UN    ","CR",9.57]
[796,"BUCHA DE REDUCAO PVC, ROSCAVEL, 1 1/2\" X 3/4\"","UN    ","CR",8.1300000000000008]
[799,"BUCHA DE REDUCAO PVC, ROSCAVEL, 1\" X 1/2\"","UN    ","CR",3.93]
[792,"BUCHA DE REDUCAO PVC, ROSCAVEL, 1\" X 3/4\"","UN    ","CR",3.81]
[38001,"BUCHA DE REDUCAO, CPVC, SOLDAVEL, 22 X 15 MM, PARA AGUA QUENTE","UN    ","CR",1.08]
[38002,"BUCHA DE REDUCAO, CPVC, SOLDAVEL, 28 X 22 MM, PARA AGUA QUENTE","UN    ","CR",3.78]
[38003,"BUCHA DE REDUCAO, CPVC, SOLDAVEL, 35 X 28 MM, PARA AGUA QUENTE","UN    ","CR",25.81]
[38004,"BUCHA DE REDUCAO, CPVC, SOLDAVEL, 42 X 22 MM, PARA AGUA QUENTE","UN    ","CR",29.69]
[44263,"BUCHA DE REDUCAO, CPVC, SOLDAVEL, 54 X 35 MM, PARA AGUA QUENTE","UN    ","CR",53.29]
[36327,"BUCHA DE REDUCAO, PPR, DN 25 X 20 MM, PARA AGUA QUENTE PREDIAL","UN    ","AS",3.9]
[38992,"BUCHA DE REDUCAO, PPR, DN 32 X 25 MM, PARA AGUA QUENTE E FRIA PREDIAL","UN    ","AS",4.74]
[38993,"BUCHA DE REDUCAO, PPR, DN 40 X 25 MM, PARA AGUA QUENTE E FRIA PREDIAL","UN    ","AS",12.31]
[44175,"BUCHA DE REDUCAO, PPR, DN 50 X 25 MM, PARA AGUA QUENTE E FRIA PREDIAL","UN    ","AS",21.49]
[44177,"BUCHA DE REDUCAO, PPR, DN 50 X 32 MM, PARA AGUA QUENTE E FRIA PREDIAL","UN    ","AS",16.05]
[38418,"BUCHA DE REDUCAO, PVC, LONGA, SERIE R, DN 50 X 40 MM, PARA ESGOTO PREDIAL","UN    ","CR",5.28]
[39178,"BUCHA EM ALUMINIO, COM ROSCA, DE  1 1/2\", PARA ELETRODUTO","UN    ","CR",2.34]
[39177,"BUCHA EM ALUMINIO, COM ROSCA, DE 1 1/4\", PARA ELETRODUTO","UN    ","CR",2.11]
[39174,"BUCHA EM ALUMINIO, COM ROSCA, DE 1/2\", PARA ELETRODUTO","UN    ","CR",1.05]
[39176,"BUCHA EM ALUMINIO, COM ROSCA, DE 1\", PARA ELETRODUTO","UN    ","CR",1.38]
[39180,"BUCHA EM ALUMINIO, COM ROSCA, DE 2 1/2\", PARA ELETRODUTO","UN    ","CR",6.35]
[39179,"BUCHA EM ALUMINIO, COM ROSCA, DE 2\", PARA ELETRODUTO","UN    ","CR",5.62]
[39175,"BUCHA EM ALUMINIO, COM ROSCA, DE 3/4\", PARA ELETRODUTO","UN    ","CR",1.29]
[39217,"BUCHA EM ALUMINIO, COM ROSCA, DE 3/8\", PARA ELETRODUTO","UN    ","CR",1]
[39181,"BUCHA EM ALUMINIO, COM ROSCA, DE 3\", PARA ELETRODUTO","UN    ","CR",8.52]
[39182,"BUCHA EM ALUMINIO, COM ROSCA, DE 4\", PARA ELETRODUTO","UN    ","CR",11.98]
[12616,"CABECEIRA DIREITA OU ESQUERDA, PVC, PARA CALHA PLUVIAL, DIAMETRO ENTRE *119 E 170* MM, PARA DRENAGEM PLUVIAL PREDIAL","UN    ","CR",16.29]
[1049,"CABECOTE PARA ENTRADA DE LINHA DE ALIMENTACAO PARA ELETRODUTO, EM LIGA DE ALUMINIO COM ACABAMENTO ANTI CORROSIVO, COM FIXACAO POR ENCAIXE LISO DE 360 GRAUS, DE 1 1/2\"","UN    ","CR",10.02]
[1099,"CABECOTE PARA ENTRADA DE LINHA DE ALIMENTACAO PARA ELETRODUTO, EM LIGA DE ALUMINIO COM ACABAMENTO ANTI CORROSIVO, COM FIXACAO POR ENCAIXE LISO DE 360 GRAUS, DE 1 1/4\"","UN    ","CR",7.67]
[39678,"CABECOTE PARA ENTRADA DE LINHA DE ALIMENTACAO PARA ELETRODUTO, EM LIGA DE ALUMINIO COM ACABAMENTO ANTI CORROSIVO, COM FIXACAO POR ENCAIXE LISO DE 360 GRAUS, DE 1/2\"","UN    ","CR",3.09]
[1050,"CABECOTE PARA ENTRADA DE LINHA DE ALIMENTACAO PARA ELETRODUTO, EM LIGA DE ALUMINIO COM ACABAMENTO ANTI CORROSIVO, COM FIXACAO POR ENCAIXE LISO DE 360 GRAUS, DE 1\"","UN    ","CR",5.24]
[1101,"CABECOTE PARA ENTRADA DE LINHA DE ALIMENTACAO PARA ELETRODUTO, EM LIGA DE ALUMINIO COM ACABAMENTO ANTI CORROSIVO, COM FIXACAO POR ENCAIXE LISO DE 360 GRAUS, DE 2 1/2\"","UN    ","CR",33.07]
[1100,"CABECOTE PARA ENTRADA DE LINHA DE ALIMENTACAO PARA ELETRODUTO, EM LIGA DE ALUMINIO COM ACABAMENTO ANTI CORROSIVO, COM FIXACAO POR ENCAIXE LISO DE 360 GRAUS, DE 2\"","UN    ","CR",17.059999999999999]
[39679,"CABECOTE PARA ENTRADA DE LINHA DE ALIMENTACAO PARA ELETRODUTO, EM LIGA DE ALUMINIO COM ACABAMENTO ANTI CORROSIVO, COM FIXACAO POR ENCAIXE LISO DE 360 GRAUS, DE 3 1/2\"","UN    ","CR",65.900000000000006]
[1098,"CABECOTE PARA ENTRADA DE LINHA DE ALIMENTACAO PARA ELETRODUTO, EM LIGA DE ALUMINIO COM ACABAMENTO ANTI CORROSIVO, COM FIXACAO POR ENCAIXE LISO DE 360 GRAUS, DE 3/4\"","UN    ","CR",4.09]
[1102,"CABECOTE PARA ENTRADA DE LINHA DE ALIMENTACAO PARA ELETRODUTO, EM LIGA DE ALUMINIO COM ACABAMENTO ANTI CORROSIVO, COM FIXACAO POR ENCAIXE LISO DE 360 GRAUS, DE 3\"","UN    ","CR",49.31]
[1051,"CABECOTE PARA ENTRADA DE LINHA DE ALIMENTACAO PARA ELETRODUTO, EM LIGA DE ALUMINIO COM ACABAMENTO ANTI CORROSIVO, COM FIXACAO POR ENCAIXE LISO DE 360 GRAUS, DE 4\"","UN    ","CR",71.67]
[37399,"CABIDE/GANCHO DE BANHEIRO SIMPLES EM METAL CROMADO","UN    ","CR",42.73]
[43834,"CABO COAXIAL RG11 95% DE MALHA","M     ","CR",18.100000000000001]
[43835,"CABO COAXIAL RG59 95% DE MALHA","M     ","CR",1.62]
[43833,"CABO COAXIAL RG6 95% DE MALHA","M     ","CR",1.68]
[41955,"CABO DE ACO GALVANIZADO, DIAMETRO 12,7 MM (1/2\"), COM ALMA DE ACO CABO INDEPENDENTE 6 X 25 F","KG    ","CR",90.37]
[41953,"CABO DE ACO GALVANIZADO, DIAMETRO 12,7 MM (1/2\"), COM ALMA DE FIBRA 6 X 25 F","KG    ","CR",86.24]
[41954,"CABO DE ACO GALVANIZADO, DIAMETRO 9,53 MM (3/8\"), COM ALMA DE FIBRA 6 X 25 F","KG    ","CR",85.42]
[25004,"CABO DE ALUMINIO NU COM ALMA DE ACO, BITOLA 1/0 AWG","KG    ","CR",50.81]
[25002,"CABO DE ALUMINIO NU COM ALMA DE ACO, BITOLA 2 AWG","KG    ","CR",50.81]
[37409,"CABO DE ALUMINIO NU COM ALMA DE ACO, BITOLA 2/0 AWG","KG    ","CR",50.81]
[841,"CABO DE ALUMINIO NU COM ALMA DE ACO, BITOLA 4 AWG","KG    ","CR",51.43]
[25005,"CABO DE ALUMINIO NU SEM ALMA DE ACO, BITOLA 1/0 AWG","KG    ","CR",55.76]
[25003,"CABO DE ALUMINIO NU SEM ALMA DE ACO, BITOLA 2 AWG","KG    ","CR",56.6]
[37410,"CABO DE ALUMINIO NU SEM ALMA DE ACO, BITOLA 2/0 AWG","KG    ","CR",55.76]
[842,"CABO DE ALUMINIO NU SEM ALMA DE ACO, BITOLA 4 AWG","KG    ","CR",56.55]
[44391,"CABO DE COBRE FLEXIVEL NAO HALOGENADO, SEM EMISSAO DE FUMACA, 750V, SECAO NOMINAL 120 MM","M     ","CR",120.5]
[44388,"CABO DE COBRE FLEXIVEL NAO HALOGENADO, SEM EMISSAO DE FUMACA, 750V, SECAO NOMINAL 2,5 MM","M     ","CR",2.61]
[44392,"CABO DE COBRE FLEXIVEL NAO HALOGENADO, SEM EMISSAO DE FUMACA, 750V, SECAO NOMINAL 240 MM","M     ","CR",239.93]
[44390,"CABO DE COBRE FLEXIVEL NAO HALOGENADO, SEM EMISSAO DE FUMACA, 750V, SECAO NOMINAL 50 MM","M     ","CR",50.84]
[44389,"CABO DE COBRE FLEXIVEL NAO HALOGENADO, SEM EMISSAO DE FUMACA, 750V, SECAO NOMINAL 6,0 MM","M     ","CR",6]
[862,"CABO DE COBRE NU 10 MM2 MEIO-DURO","M     ","CR",10.99]
[866,"CABO DE COBRE NU 120 MM2 MEIO-DURO","M     ","CR",139.71]
[892,"CABO DE COBRE NU 150 MM2 MEIO-DURO","M     ","CR",169.12]
[857,"CABO DE COBRE NU 16 MM2 MEIO-DURO","M     ","CR",18.39]
[37404,"CABO DE COBRE NU 185 MM2 MEIO-DURO","M     ","CR",195.67]
[868,"CABO DE COBRE NU 25 MM2 MEIO-DURO","M     ","CR",26.21]
[863,"CABO DE COBRE NU 35 MM2 MEIO-DURO","M     ","CR",38.61]
[867,"CABO DE COBRE NU 50 MM2 MEIO-DURO","M     ","CR",55]
[864,"CABO DE COBRE NU 70 MM2 MEIO-DURO","M     ","CR",72.64]
[865,"CABO DE COBRE NU 95 MM2 MEIO-DURO","M     ","CR",104.49]
[993,"CABO DE COBRE, FLEXIVEL, CLASSE 4 OU 5, ISOLACAO EM PVC/A, ANTICHAMA BWF-B, COBERTURA PVC-ST1, ANTICHAMA BWF-B, 1 CONDUTOR, 0,6/1 KV, SECAO NOMINAL 1,5 MM2","M     ","CR",1.99]
[1020,"CABO DE COBRE, FLEXIVEL, CLASSE 4 OU 5, ISOLACAO EM PVC/A, ANTICHAMA BWF-B, COBERTURA PVC-ST1, ANTICHAMA BWF-B, 1 CONDUTOR, 0,6/1 KV, SECAO NOMINAL 10 MM2","M     ","CR",10.14]
[1017,"CABO DE COBRE, FLEXIVEL, CLASSE 4 OU 5, ISOLACAO EM PVC/A, ANTICHAMA BWF-B, COBERTURA PVC-ST1, ANTICHAMA BWF-B, 1 CONDUTOR, 0,6/1 KV, SECAO NOMINAL 120 MM2","M     ","CR",124.24]
[999,"CABO DE COBRE, FLEXIVEL, CLASSE 4 OU 5, ISOLACAO EM PVC/A, ANTICHAMA BWF-B, COBERTURA PVC-ST1, ANTICHAMA BWF-B, 1 CONDUTOR, 0,6/1 KV, SECAO NOMINAL 150 MM2","M     ","CR",150.52000000000001]
[995,"CABO DE COBRE, FLEXIVEL, CLASSE 4 OU 5, ISOLACAO EM PVC/A, ANTICHAMA BWF-B, COBERTURA PVC-ST1, ANTICHAMA BWF-B, 1 CONDUTOR, 0,6/1 KV, SECAO NOMINAL 16 MM2","M     ","CR",16.14]
[1000,"CABO DE COBRE, FLEXIVEL, CLASSE 4 OU 5, ISOLACAO EM PVC/A, ANTICHAMA BWF-B, COBERTURA PVC-ST1, ANTICHAMA BWF-B, 1 CONDUTOR, 0,6/1 KV, SECAO NOMINAL 185 MM2","M     ","CR",184.88]
[1022,"CABO DE COBRE, FLEXIVEL, CLASSE 4 OU 5, ISOLACAO EM PVC/A, ANTICHAMA BWF-B, COBERTURA PVC-ST1, ANTICHAMA BWF-B, 1 CONDUTOR, 0,6/1 KV, SECAO NOMINAL 2,5 MM2","M     ","CR",2.77]
[1015,"CABO DE COBRE, FLEXIVEL, CLASSE 4 OU 5, ISOLACAO EM PVC/A, ANTICHAMA BWF-B, COBERTURA PVC-ST1, ANTICHAMA BWF-B, 1 CONDUTOR, 0,6/1 KV, SECAO NOMINAL 240 MM2","M     ","CR",245.68]
[996,"CABO DE COBRE, FLEXIVEL, CLASSE 4 OU 5, ISOLACAO EM PVC/A, ANTICHAMA BWF-B, COBERTURA PVC-ST1, ANTICHAMA BWF-B, 1 CONDUTOR, 0,6/1 KV, SECAO NOMINAL 25 MM2","M     ","CR",25.03]
[1001,"CABO DE COBRE, FLEXIVEL, CLASSE 4 OU 5, ISOLACAO EM PVC/A, ANTICHAMA BWF-B, COBERTURA PVC-ST1, ANTICHAMA BWF-B, 1 CONDUTOR, 0,6/1 KV, SECAO NOMINAL 300 MM2","M     ","CR",318.77]
[1019,"CABO DE COBRE, FLEXIVEL, CLASSE 4 OU 5, ISOLACAO EM PVC/A, ANTICHAMA BWF-B, COBERTURA PVC-ST1, ANTICHAMA BWF-B, 1 CONDUTOR, 0,6/1 KV, SECAO NOMINAL 35 MM2","M     ","CR",35.369999999999997]
[1021,"CABO DE COBRE, FLEXIVEL, CLASSE 4 OU 5, ISOLACAO EM PVC/A, ANTICHAMA BWF-B, COBERTURA PVC-ST1, ANTICHAMA BWF-B, 1 CONDUTOR, 0,6/1 KV, SECAO NOMINAL 4 MM2","M     ","CR",4.25]
[39249,"CABO DE COBRE, FLEXIVEL, CLASSE 4 OU 5, ISOLACAO EM PVC/A, ANTICHAMA BWF-B, COBERTURA PVC-ST1, ANTICHAMA BWF-B, 1 CONDUTOR, 0,6/1 KV, SECAO NOMINAL 400 MM2","M     ","CR",428.61]
[1018,"CABO DE COBRE, FLEXIVEL, CLASSE 4 OU 5, ISOLACAO EM PVC/A, ANTICHAMA BWF-B, COBERTURA PVC-ST1, ANTICHAMA BWF-B, 1 CONDUTOR, 0,6/1 KV, SECAO NOMINAL 50 MM2","M     ","CR",52.31]
[39250,"CABO DE COBRE, FLEXIVEL, CLASSE 4 OU 5, ISOLACAO EM PVC/A, ANTICHAMA BWF-B, COBERTURA PVC-ST1, ANTICHAMA BWF-B, 1 CONDUTOR, 0,6/1 KV, SECAO NOMINAL 500 MM2","M     ","CR",512.71]
[994,"CABO DE COBRE, FLEXIVEL, CLASSE 4 OU 5, ISOLACAO EM PVC/A, ANTICHAMA BWF-B, COBERTURA PVC-ST1, ANTICHAMA BWF-B, 1 CONDUTOR, 0,6/1 KV, SECAO NOMINAL 6 MM2","M     ","CR",6.18]
[977,"CABO DE COBRE, FLEXIVEL, CLASSE 4 OU 5, ISOLACAO EM PVC/A, ANTICHAMA BWF-B, COBERTURA PVC-ST1, ANTICHAMA BWF-B, 1 CONDUTOR, 0,6/1 KV, SECAO NOMINAL 70 MM2","M     ","CR",73.17]
[998,"CABO DE COBRE, FLEXIVEL, CLASSE 4 OU 5, ISOLACAO EM PVC/A, ANTICHAMA BWF-B, COBERTURA PVC-ST1, ANTICHAMA BWF-B, 1 CONDUTOR, 0,6/1 KV, SECAO NOMINAL 95 MM2","M     ","CR",95.01]
[39251,"CABO DE COBRE, FLEXIVEL, CLASSE 4 OU 5, ISOLACAO EM PVC/A, ANTICHAMA BWF-B, 1 CONDUTOR, 450/750 V, SECAO NOMINAL 0,5 MM2","M     ","CR",0.68]
[1011,"CABO DE COBRE, FLEXIVEL, CLASSE 4 OU 5, ISOLACAO EM PVC/A, ANTICHAMA BWF-B, 1 CONDUTOR, 450/750 V, SECAO NOMINAL 0,75 MM2","M     ","CR",0.93]
[39252,"CABO DE COBRE, FLEXIVEL, CLASSE 4 OU 5, ISOLACAO EM PVC/A, ANTICHAMA BWF-B, 1 CONDUTOR, 450/750 V, SECAO NOMINAL 1,0 MM2","M     ","CR",1.23]
[1013,"CABO DE COBRE, FLEXIVEL, CLASSE 4 OU 5, ISOLACAO EM PVC/A, ANTICHAMA BWF-B, 1 CONDUTOR, 450/750 V, SECAO NOMINAL 1,5 MM2","M     ","CR",1.47]
[980,"CABO DE COBRE, FLEXIVEL, CLASSE 4 OU 5, ISOLACAO EM PVC/A, ANTICHAMA BWF-B, 1 CONDUTOR, 450/750 V, SECAO NOMINAL 10 MM2","M     ","CR",10.63]
[39237,"CABO DE COBRE, FLEXIVEL, CLASSE 4 OU 5, ISOLACAO EM PVC/A, ANTICHAMA BWF-B, 1 CONDUTOR, 450/750 V, SECAO NOMINAL 120 MM2","M     ","CR",113.11]
[39238,"CABO DE COBRE, FLEXIVEL, CLASSE 4 OU 5, ISOLACAO EM PVC/A, ANTICHAMA BWF-B, 1 CONDUTOR, 450/750 V, SECAO NOMINAL 150 MM2","M     ","CR",142.65]
[979,"CABO DE COBRE, FLEXIVEL, CLASSE 4 OU 5, ISOLACAO EM PVC/A, ANTICHAMA BWF-B, 1 CONDUTOR, 450/750 V, SECAO NOMINAL 16 MM2","M     ","CR",15.19]
[39239,"CABO DE COBRE, FLEXIVEL, CLASSE 4 OU 5, ISOLACAO EM PVC/A, ANTICHAMA BWF-B, 1 CONDUTOR, 450/750 V, SECAO NOMINAL 185 MM2","M     ","CR",172.34]
[1014,"CABO DE COBRE, FLEXIVEL, CLASSE 4 OU 5, ISOLACAO EM PVC/A, ANTICHAMA BWF-B, 1 CONDUTOR, 450/750 V, SECAO NOMINAL 2,5 MM2","M     ","CR",2.33]
[39240,"CABO DE COBRE, FLEXIVEL, CLASSE 4 OU 5, ISOLACAO EM PVC/A, ANTICHAMA BWF-B, 1 CONDUTOR, 450/750 V, SECAO NOMINAL 240 MM2","M     ","CR",226.67]
[39232,"CABO DE COBRE, FLEXIVEL, CLASSE 4 OU 5, ISOLACAO EM PVC/A, ANTICHAMA BWF-B, 1 CONDUTOR, 450/750 V, SECAO NOMINAL 25 MM2","M     ","CR",23.79]
[39233,"CABO DE COBRE, FLEXIVEL, CLASSE 4 OU 5, ISOLACAO EM PVC/A, ANTICHAMA BWF-B, 1 CONDUTOR, 450/750 V, SECAO NOMINAL 35 MM2","M     ","CR",34.67]
[981,"CABO DE COBRE, FLEXIVEL, CLASSE 4 OU 5, ISOLACAO EM PVC/A, ANTICHAMA BWF-B, 1 CONDUTOR, 450/750 V, SECAO NOMINAL 4 MM2","M     ","C ",3.87]
[39234,"CABO DE COBRE, FLEXIVEL, CLASSE 4 OU 5, ISOLACAO EM PVC/A, ANTICHAMA BWF-B, 1 CONDUTOR, 450/750 V, SECAO NOMINAL 50 MM2","M     ","CR",48.26]
[982,"CABO DE COBRE, FLEXIVEL, CLASSE 4 OU 5, ISOLACAO EM PVC/A, ANTICHAMA BWF-B, 1 CONDUTOR, 450/750 V, SECAO NOMINAL 6 MM2","M     ","CR",5.56]
[39235,"CABO DE COBRE, FLEXIVEL, CLASSE 4 OU 5, ISOLACAO EM PVC/A, ANTICHAMA BWF-B, 1 CONDUTOR, 450/750 V, SECAO NOMINAL 70 MM2","M     ","CR",71.180000000000007]
[39236,"CABO DE COBRE, FLEXIVEL, CLASSE 4 OU 5, ISOLACAO EM PVC/A, ANTICHAMA BWF-B, 1 CONDUTOR, 450/750 V, SECAO NOMINAL 95 MM2","M     ","CR",94.34]
[990,"CABO DE COBRE, RIGIDO, CLASSE 2, ISOLACAO EM PVC/A, ANTICHAMA BWF-B, 1 CONDUTOR, 450/750 V, SECAO NOMINAL 150 MM2","M     ","CR",167.39]
[39241,"CABO DE COBRE, RIGIDO, CLASSE 2, ISOLACAO EM PVC/A, ANTICHAMA BWF-B, 1 CONDUTOR, 450/750 V, SECAO NOMINAL 16 MM2","M     ","CR",16.48]
[1005,"CABO DE COBRE, RIGIDO, CLASSE 2, ISOLACAO EM PVC/A, ANTICHAMA BWF-B, 1 CONDUTOR, 450/750 V, SECAO NOMINAL 185 MM2","M     ","CR",208.41]
[991,"CABO DE COBRE, RIGIDO, CLASSE 2, ISOLACAO EM PVC/A, ANTICHAMA BWF-B, 1 CONDUTOR, 450/750 V, SECAO NOMINAL 240 MM2","M     ","CR",272.97000000000003]
[986,"CABO DE COBRE, RIGIDO, CLASSE 2, ISOLACAO EM PVC/A, ANTICHAMA BWF-B, 1 CONDUTOR, 450/750 V, SECAO NOMINAL 25 MM2","M     ","CR",26.03]
[987,"CABO DE COBRE, RIGIDO, CLASSE 2, ISOLACAO EM PVC/A, ANTICHAMA BWF-B, 1 CONDUTOR, 450/750 V, SECAO NOMINAL 35 MM2","M     ","CR",35.64]
[1007,"CABO DE COBRE, RIGIDO, CLASSE 2, ISOLACAO EM PVC/A, ANTICHAMA BWF-B, 1 CONDUTOR, 450/750 V, SECAO NOMINAL 50 MM2","M     ","CR",49.34]
[1008,"CABO DE COBRE, RIGIDO, CLASSE 2, ISOLACAO EM PVC/A, ANTICHAMA BWF-B, 1 CONDUTOR, 450/750 V, SECAO NOMINAL 6 MM2","M     ","CR",6.26]
[988,"CABO DE COBRE, RIGIDO, CLASSE 2, ISOLACAO EM PVC/A, ANTICHAMA BWF-B, 1 CONDUTOR, 450/750 V, SECAO NOMINAL 70 MM2","M     ","CR",68.03]
[989,"CABO DE COBRE, RIGIDO, CLASSE 2, ISOLACAO EM PVC/A, ANTICHAMA BWF-B, 1 CONDUTOR, 450/750 V, SECAO NOMINAL 95 MM2","M     ","CR",93.9]
[1006,"CABO DE COBRE, RIGIDO, CLASSE 2, ISOLACAO EM PVC, ANTI-CHAMA BWF-B, 1 CONDUTOR, 450/750 V, DIAMETRO 120 MM2","M     ","CR",125.89]
[43972,"CABO DE REDE, PAR TRANCADO U/UTP, 4 PARES, CATEGORIA 5E (CAT 5E), ISOLAMENTO PVC (CM)","M     ","CR",3.45]
[43971,"CABO DE REDE, PAR TRANCADO U/UTP, 4 PARES, CATEGORIA 5E (CAT 5E), ISOLAMENTO PVC (CMX)","M     ","C ",2.64]
[39598,"CABO DE REDE, PAR TRANCADO U/UTP, 4 PARES, CATEGORIA 5E (CAT 5E), ISOLAMENTO PVC (LSZH)","M     ","CR",4.8899999999999997]
[43973,"CABO DE REDE, PAR TRANCADO U/UTP, 4 PARES, CATEGORIA 6 (CAT 6), ISOLAMENTO PVC (CM)","M     ","CR",3.61]
[39599,"CABO DE REDE, PAR TRANCADO UTP, 4 PARES, CATEGORIA 6 (CAT 6), ISOLAMENTO PVC (LSZH)","M     ","CR",7.04]
[43832,"CABO ELETRONICO CATEGORIA 6A U/UTP 23AWG X 4P","M     ","CR",18.55]
[34602,"CABO FLEXIVEL PVC 750 V, 2 CONDUTORES DE 1,5 MM2","M     ","CR",4.3099999999999996]
[34607,"CABO FLEXIVEL PVC 750 V, 2 CONDUTORES DE 4,0 MM2","M     ","CR",10.55]
[34609,"CABO FLEXIVEL PVC 750 V, 2 CONDUTORES DE 6,0 MM2","M     ","CR",15.35]
[34618,"CABO FLEXIVEL PVC 750 V, 3 CONDUTORES DE 1,5 MM2","M     ","CR",5.87]
[34621,"CABO FLEXIVEL PVC 750 V, 3 CONDUTORES DE 4,0 MM2","M     ","CR",14.55]
[34622,"CABO FLEXIVEL PVC 750 V, 3 CONDUTORES DE 6,0 MM2","M     ","CR",21.62]
[34624,"CABO FLEXIVEL PVC 750 V, 4 CONDUTORES DE 1,5 MM2","M     ","CR",7.84]
[34627,"CABO FLEXIVEL PVC 750 V, 4 CONDUTORES DE 4,0 MM2","M     ","CR",18.899999999999999]
[34629,"CABO FLEXIVEL PVC 750 V, 4 CONDUTORES DE 6,0 MM2","M     ","CR",28.88]
[39257,"CABO MULTIPOLAR DE COBRE, FLEXIVEL, CLASSE 4 OU 5, ISOLACAO EM HEPR, COBERTURA EM PVC-ST2, ANTICHAMA BWF-B, 0,6/1 KV, 3 CONDUTORES DE 1,5 MM2","M     ","CR",5.88]
[39261,"CABO MULTIPOLAR DE COBRE, FLEXIVEL, CLASSE 4 OU 5, ISOLACAO EM HEPR, COBERTURA EM PVC-ST2, ANTICHAMA BWF-B, 0,6/1 KV, 3 CONDUTORES DE 10 MM2","M     ","CR",33.65]
[39268,"CABO MULTIPOLAR DE COBRE, FLEXIVEL, CLASSE 4 OU 5, ISOLACAO EM HEPR, COBERTURA EM PVC-ST2, ANTICHAMA BWF-B, 0,6/1 KV, 3 CONDUTORES DE 120 MM2","M     ","CR",526.01]
[39262,"CABO MULTIPOLAR DE COBRE, FLEXIVEL, CLASSE 4 OU 5, ISOLACAO EM HEPR, COBERTURA EM PVC-ST2, ANTICHAMA BWF-B, 0,6/1 KV, 3 CONDUTORES DE 16 MM2","M     ","CR",53.59]
[39258,"CABO MULTIPOLAR DE COBRE, FLEXIVEL, CLASSE 4 OU 5, ISOLACAO EM HEPR, COBERTURA EM PVC-ST2, ANTICHAMA BWF-B, 0,6/1 KV, 3 CONDUTORES DE 2,5 MM2","M     ","CR",8.86]
[39263,"CABO MULTIPOLAR DE COBRE, FLEXIVEL, CLASSE 4 OU 5, ISOLACAO EM HEPR, COBERTURA EM PVC-ST2, ANTICHAMA BWF-B, 0,6/1 KV, 3 CONDUTORES DE 25 MM2","M     ","CR",92.67]
[39264,"CABO MULTIPOLAR DE COBRE, FLEXIVEL, CLASSE 4 OU 5, ISOLACAO EM HEPR, COBERTURA EM PVC-ST2, ANTICHAMA BWF-B, 0,6/1 KV, 3 CONDUTORES DE 35 MM2","M     ","CR",128.37]
[39259,"CABO MULTIPOLAR DE COBRE, FLEXIVEL, CLASSE 4 OU 5, ISOLACAO EM HEPR, COBERTURA EM PVC-ST2, ANTICHAMA BWF-B, 0,6/1 KV, 3 CONDUTORES DE 4 MM2","M     ","CR",13.64]
[39265,"CABO MULTIPOLAR DE COBRE, FLEXIVEL, CLASSE 4 OU 5, ISOLACAO EM HEPR, COBERTURA EM PVC-ST2, ANTICHAMA BWF-B, 0,6/1 KV, 3 CONDUTORES DE 50 MM2","M     ","CR",174.28]
[39260,"CABO MULTIPOLAR DE COBRE, FLEXIVEL, CLASSE 4 OU 5, ISOLACAO EM HEPR, COBERTURA EM PVC-ST2, ANTICHAMA BWF-B, 0,6/1 KV, 3 CONDUTORES DE 6 MM2","M     ","CR",20.89]
[39266,"CABO MULTIPOLAR DE COBRE, FLEXIVEL, CLASSE 4 OU 5, ISOLACAO EM HEPR, COBERTURA EM PVC-ST2, ANTICHAMA BWF-B, 0,6/1 KV, 3 CONDUTORES DE 70 MM2","M     ","CR",262.98]
[39267,"CABO MULTIPOLAR DE COBRE, FLEXIVEL, CLASSE 4 OU 5, ISOLACAO EM HEPR, COBERTURA EM PVC-ST2, ANTICHAMA BWF-B, 0,6/1 KV, 3 CONDUTORES DE 95 MM2","M     ","CR",328.8]
[11901,"CABO TELEFONICO CCI 50, 1 PAR, USO INTERNO, SEM BLINDAGEM","M     ","CR",0.63]
[11902,"CABO TELEFONICO CCI 50, 2 PARES, USO INTERNO, SEM BLINDAGEM","M     ","CR",1.21]
[11903,"CABO TELEFONICO CCI 50, 3 PARES, USO INTERNO, SEM BLINDAGEM","M     ","CR",1.28]
[11904,"CABO TELEFONICO CCI 50, 4 PARES, USO INTERNO, SEM BLINDAGEM","M     ","CR",1.95]
[11905,"CABO TELEFONICO CCI 50, 5 PARES, USO INTERNO, SEM BLINDAGEM","M     ","CR",2.37]
[11906,"CABO TELEFONICO CCI 50, 6 PARES, USO INTERNO, SEM BLINDAGEM","M     ","CR",3.02]
[11919,"CABO TELEFONICO CI 50, 10 PARES, USO INTERNO","M     ","CR",5.54]
[11920,"CABO TELEFONICO CI 50, 20 PARES, USO INTERNO","M     ","CR",10.52]
[11924,"CABO TELEFONICO CI 50, 200 PARES, USO INTERNO","M     ","CR",88.32]
[11921,"CABO TELEFONICO CI 50, 30 PARES, USO INTERNO","M     ","CR",15.39]
[11922,"CABO TELEFONICO CI 50, 50 PARES, USO INTERNO","M     ","CR",24.89]
[11923,"CABO TELEFONICO CI 50, 75 PARES, USO INTERNO","M     ","CR",36.44]
[11916,"CABO TELEFONICO CTP - APL - 50, 10 PARES, USO EXTERNO","M     ","CR",7.58]
[11914,"CABO TELEFONICO CTP - APL - 50, 100 PARES, USO EXTERNO","M     ","CR",54.59]
[11917,"CABO TELEFONICO CTP - APL - 50, 20 PARES, USO EXTERNO","M     ","CR",13.34]
[11918,"CABO TELEFONICO CTP - APL - 50, 30 PARES, USO EXTERNO","M     ","CR",15.83]
[37734,"CACAMBA METALICA BASCULANTE COM CAPACIDADE DE 10 M3 (INCLUI MONTAGEM, NAO INCLUI CAMINHAO)","UN    ","AS",74006.11]
[42251,"CACAMBA METALICA BASCULANTE COM CAPACIDADE DE 12 M3 (INCLUI MONTAGEM, NAO INCLUI CAMINHAO)","UN    ","AS",84038.46]
[37733,"CACAMBA METALICA BASCULANTE COM CAPACIDADE DE 6 M3 (INCLUI MONTAGEM, NAO INCLUI CAMINHAO)","UN    ","AS",55489.51]
[37735,"CACAMBA METALICA BASCULANTE COM CAPACIDADE DE 8 M3 (INCLUI MONTAGEM, NAO INCLUI CAMINHAO)","UN    ","AS",66864.86]
[5090,"CADEADO SIMPLES, CORPO EM LATAO MACICO, COM LARGURA DE 25 MM E ALTURA DE APROX 25 MM, HASTE CEMENTADA (NAO LONGA), EM ACO TEMPERADO COM DIAMETRO DE APROX 5,0 MM, INCLUINDO 2 CHAVES","UN    ","C ",21.7]
[5085,"CADEADO SIMPLES, CORPO EM LATAO MACICO, COM LARGURA DE 35 MM E ALTURA DE APROX 30 MM, HASTE CEMENTADA (NAO LONGA), EM ACO TEMPERADO COM DIAMETRO DE APROX 6,0 MM, INCLUINDO 2 CHAVES","UN    ","CR",32.299999999999997]
[43603,"CADEADO SIMPLES, CORPO EM LATAO MACICO, COM LARGURA DE 50 MM E ALTURA DE APROX 40 MM, HASTE CEMENTADA EM ACO TEMPERADO COM DIAMETRO DE APROX 8,0 MM, INCLUINDO 2 CHAVES","UN    ","CR",46.15]
[38374,"CADEIRA SUSPENSA MANUAL / BALANCIM INDIVIDUAL (NBR 14751)","UN    ","CR",1191.21]
[20209,"CAIBRO APARELHADO  *7,5 X 7,5* CM, EM MACARANDUBA, ANGELIM OU EQUIVALENTE DA REGIAO","M     ","CR",31.63]
[20212,"CAIBRO APARELHADO *6 X 8* CM, EM MACARANDUBA, ANGELIM OU EQUIVALENTE DA REGIAO","M     ","CR",26.48]
[4430,"CAIBRO NAO APARELHADO *5 X 6* CM, EM MACARANDUBA, ANGELIM OU EQUIVALENTE DA REGIAO -  BRUTA","M     ","C ",15.5]
[4433,"CAIBRO NAO APARELHADO *6 X 6* CM, EM MACARANDUBA, ANGELIM OU EQUIVALENTE DA REGIAO - BRUTA","M     ","CR",30.31]
[4400,"CAIBRO NAO APARELHADO,  *6 X 8* CM,  EM MACARANDUBA, ANGELIM OU EQUIVALENTE DA REGIAO -  BRUTA","M     ","CR",24.67]
[2729,"CAIBRO ROLICO DE MADEIRA TRATADA, D = 4 A 7 CM, H = 3,00 M, EM EUCALIPTO OU EQUIVALENTE DA REGIAO","UN    ","CR",31.68]
[4513,"CAIBRO 5 X 5 CM EM PINUS, MISTA OU EQUIVALENTE DA REGIAO - BRUTA","M     ","CR",7.07]
[11871,"CAIXA D'AGUA DE FIBRA DE VIDRO, PARA 500 LITROS, COM TAMPA","UN    ","AS",460]
[34636,"CAIXA D'AGUA EM POLIETILENO 1000 LITROS, COM TAMPA","UN    ","C ",429]
[34639,"CAIXA D'AGUA EM POLIETILENO 1500 LITROS, COM TAMPA","UN    ","CR",871.29]
[34640,"CAIXA D'AGUA EM POLIETILENO 2000 LITROS, COM TAMPA","UN    ","CR",978.69]
[34637,"CAIXA D'AGUA EM POLIETILENO 500 LITROS, COM TAMPA","UN    ","CR",246.31]
[34638,"CAIXA D'AGUA EM POLIETILENO 750 LITROS, COM TAMPA","UN    ","CR",422.39]
[11868,"CAIXA D'AGUA FIBRA DE VIDRO PARA 1000 LITROS, COM TAMPA","UN    ","AS",632.21]
[37106,"CAIXA D'AGUA FIBRA DE VIDRO PARA 10000 LITROS, COM TAMPA","UN    ","AS",6106.4]
[11869,"CAIXA D'AGUA FIBRA DE VIDRO PARA 1500 LITROS, COM TAMPA","UN    ","AS",1025.74]
[37104,"CAIXA D'AGUA FIBRA DE VIDRO PARA 2000 LITROS, COM TAMPA","UN    ","AS",1322.25]
[37105,"CAIXA D'AGUA FIBRA DE VIDRO PARA 5000 LITROS, COM TAMPA","UN    ","AS",2944.85]
[34641,"CAIXA DE ATERRAMENTO EM CONCRETO PRE-MOLDADO, DIAMETRO DE 0,30 M E ALTURA DE 0,35 M, SEM FUNDO E COM TAMPA","UN    ","CR",88.6]
[43434,"CAIXA DE CONCRETO ARMADO PRE-MOLDADO, COM FUNDO E SEM TAMPA, DIMENSOES DE 0,30 X 0,30 X 0,30 M","UN    ","CR",95.79]
[43435,"CAIXA DE CONCRETO ARMADO PRE-MOLDADO, COM FUNDO E SEM TAMPA, DIMENSOES DE 0,40 X 0,40 X 0,40 M","UN    ","CR",175.63]
[43436,"CAIXA DE CONCRETO ARMADO PRE-MOLDADO, COM FUNDO E SEM TAMPA, DIMENSOES DE 0,60 X 0,60 X 0,50 M","UN    ","CR",307.35000000000002]
[43437,"CAIXA DE CONCRETO ARMADO PRE-MOLDADO, COM FUNDO E SEM TAMPA, DIMENSOES DE 0,80 X 0,80 X 0,50 M","UN    ","CR",557.22]
[43438,"CAIXA DE CONCRETO ARMADO PRE-MOLDADO, COM FUNDO E SEM TAMPA, DIMENSOES DE 1,00 X 1,00 X 0,50 M","UN    ","CR",997.89]
[41627,"CAIXA DE CONCRETO ARMADO PRE-MOLDADO, COM FUNDO E TAMPA, DIMENSOES DE 0,30 X 0,30 X 0,30 M","UN    ","CR",147.68]
[41628,"CAIXA DE CONCRETO ARMADO PRE-MOLDADO, COM FUNDO E TAMPA, DIMENSOES DE 0,40 X 0,40 X 0,40 M","UN    ","CR",271.42]
[41629,"CAIXA DE CONCRETO ARMADO PRE-MOLDADO, COM FUNDO E TAMPA, DIMENSOES DE 0,60 X 0,60 X 0,50 M","UN    ","CR",344.87]
[43429,"CAIXA DE CONCRETO ARMADO PRE-MOLDADO, SEM FUNDO, QUADRADA, DIMENSOES DE 0,30 X 0,30 X 0,30 M","UN    ","CR",76.41]
[43430,"CAIXA DE CONCRETO ARMADO PRE-MOLDADO, SEM FUNDO, QUADRADA, DIMENSOES DE 0,40 X 0,40 X 0,40 M","UN    ","CR",126.93]
[43431,"CAIXA DE CONCRETO ARMADO PRE-MOLDADO, SEM FUNDO, QUADRADA, DIMENSOES DE 0,60 X 0,60 X 0,50 M","UN    ","CR",245.88]
[43432,"CAIXA DE CONCRETO ARMADO PRE-MOLDADO, SEM FUNDO, QUADRADA, DIMENSOES DE 0,80 X 0,80 X 0,50 M","UN    ","CR",510.92]
[43433,"CAIXA DE CONCRETO ARMADO PRE-MOLDADO, SEM FUNDO, QUADRADA, DIMENSOES DE 1,00 X 1,00 X 0,50 M","UN    ","CR",805.5]
[43094,"CAIXA DE DERIVACAO PARA MEDIDOR DE ENERGIA, COM BARRAMENTO MONOFASICO, EM POLICARBONATO / TERMOPLASTICO - MODULO (PADRAO CONCESSIONARIA LOCAL)","UN    ","CR",345.84]
[43093,"CAIXA DE DERIVACAO PARA MEDIDOR DE ENERGIA, COM BARRAMENTO POLIFASICO, EM POLICARBONATO / TERMOPLASTICO - MODULO (PADRAO CONCESSIONARIA LOCAL)","UN    ","CR",367.52]
[1030,"CAIXA DE DESCARGA DE PLASTICO EXTERNA, DE *9* L, PUXADOR FIO DE NYLON, NAO INCLUSO CANO, BOLSA, ENGATE","UN    ","C ",43.95]
[11694,"CAIXA DE DESCARGA PLASTICA DE EMBUTIR COMPLETA, COM ESPELHO PLASTICO, CAPACIDADE 6 A 10 L, ACESSORIOS INCLUSOS","UN    ","CR",971.52]
[11881,"CAIXA DE GORDURA CILINDRICA EM CONCRETO SIMPLES,  PRE-MOLDADA, COM DIAMETRO DE 40 CM E ALTURA DE 45 CM, COM TAMPA","UN    ","CR",135.71]
[35277,"CAIXA DE GORDURA EM PVC, DIAMETRO MINIMO 300 MM, DIAMETRO DE SAIDA 100 MM, CAPACIDADE  APROXIMADA 18 LITROS, COM TAMPA E CESTO","UN    ","CR",329.16]
[10521,"CAIXA DE INCENDIO/ABRIGO PARA MANGUEIRA, DE EMBUTIR/INTERNA, COM 75 X 45 X 17 CM, EM CHAPA DE ACO, PORTA COM VENTILACAO, VISOR COM A INSCRICAO \"INCENDIO\", SUPORTE/CESTA INTERNA PARA A MANGUEIRA, PINTURA ELETROSTATICA VERMELHA","UN    ","CR",401.38]
[10885,"CAIXA DE INCENDIO/ABRIGO PARA MANGUEIRA, DE EMBUTIR/INTERNA, COM 90 X 60 X 17 CM, EM CHAPA DE ACO, PORTA COM VENTILACAO, VISOR COM A INSCRICAO \"INCENDIO\", SUPORTE/CESTA INTERNA PARA A MANGUEIRA, PINTURA ELETROSTATICA VERMELHA","UN    ","CR",507.7]
[20962,"CAIXA DE INCENDIO/ABRIGO PARA MANGUEIRA, DE SOBREPOR/EXTERNA, COM 75 X 45 X 17 CM, EM CHAPA DE ACO, PORTA COM VENTILACAO, VISOR COM A INSCRICAO \"INCENDIO\", SUPORTE/CESTA INTERNA PARA A MANGUEIRA, PINTURA ELETROSTATICA VERMELHA","UN    ","C ",420.5]
[20963,"CAIXA DE INCENDIO/ABRIGO PARA MANGUEIRA, DE SOBREPOR/EXTERNA, COM 90 X 60 X 17 CM, EM CHAPA DE ACO, PORTA COM VENTILACAO, VISOR COM A INSCRICAO \"INCENDIO\", SUPORTE/CESTA INTERNA PARA A MANGUEIRA, PINTURA ELETROSTATICA VERMELHA","UN    ","CR",513.66999999999996]
[34643,"CAIXA DE INSPECAO PARA ATERRAMENTO E PARA RAIOS, EM POLIPROPILENO,  DIAMETRO = 300 MM X ALTURA = 400 MM","UN    ","CR",37.909999999999997]
[41480,"CAIXA DE INSPECAO PARA ATERRAMENTO OU OUTRO USO, EM PVC, DN = 250 X 250 MM","UN    ","CR",43.95]
[41474,"CAIXA DE INSPECAO PARA ATERRAMENTO OU OUTRO USO, EM PVC, DN = 300 X *300* MM","UN    ","CR",70.209999999999994]
[41475,"CAIXA DE INSPECAO PARA ATERRAMENTO OU OUTRO USO, EM PVC, DN = 300 X 250 MM","UN    ","CR",59.91]
[41476,"CAIXA DE INSPECAO PARA ATERRAMENTO OU OUTRO USO, EM PVC, DN = 300 X 600 MM","UN    ","CR",131.16999999999999]
[2555,"CAIXA DE LUZ \"3 X 3\" EM ACO ESMALTADA","UN    ","CR",1.63]
[2556,"CAIXA DE LUZ \"4 X 2\" EM ACO ESMALTADA","UN    ","CR",1.68]
[2557,"CAIXA DE LUZ \"4 X 4\" EM ACO ESMALTADA","UN    ","CR",3.56]
[10569,"CAIXA DE PASSAGEM / DERIVACAO / LUZ, OCTOGONAL 4 X4, EM ACO ESMALTADA, COM FUNDO MOVEL SIMPLES (FMS)","UN    ","CR",3.56]
[39810,"CAIXA DE PASSAGEM ELETRICA DE PAREDE, DE EMBUTIR, EM PVC, COM TAMPA APARAFUSADA, DIMENSOES 120 X 120 X *75* MM","UN    ","CR",46.67]
[39811,"CAIXA DE PASSAGEM ELETRICA DE PAREDE, DE EMBUTIR, EM PVC, COM TAMPA APARAFUSADA, DIMENSOES 150 X 150 X *75* MM","UN    ","CR",57.09]
[39812,"CAIXA DE PASSAGEM ELETRICA DE PAREDE, DE EMBUTIR, EM PVC, COM TAMPA APARAFUSADA, DIMENSOES 200 X 200 X *90* MM","UN    ","CR",93.87]
[43096,"CAIXA DE PASSAGEM ELETRICA DE PAREDE, DE EMBUTIR, EM TERMOPLASTICO / PVC, COM TAMPA APARAFUSADA, DIMENSOES 400 X 400 X *120* MM","UN    ","CR",311.14]
[43102,"CAIXA DE PASSAGEM ELETRICA DE PAREDE, DE SOBREPOR, EM PVC, COM TAMPA APARAFUSADA, DIMENSOES 300 X 300 X *100* MM","UN    ","CR",189.19]
[43103,"CAIXA DE PASSAGEM ELETRICA DE PAREDE, DE SOBREPOR, EM PVC, COM TAMPA APARAFUSADA, DIMENSOES, 400 X 400 X *120* MM","UN    ","CR",278.58999999999997]
[43098,"CAIXA DE PASSAGEM ELETRICA DE PAREDE, DE SOBREPOR, EM TERMOPLASTICO / PVC, COM TAMPA APARAFUSA, DIMENSOES 200 X 200 X *100* MM","UN    ","CR",105.39]
[43097,"CAIXA DE PASSAGEM ELETRICA DE PAREDE, DE SOBREPOR, EM TERMOPLASTICO / PVC, COM TAMPA APARAFUSADA, DIMENSOES, 150 X 150 X *100* MM","UN    ","CR",62.44]
[43104,"CAIXA DE PASSAGEM ELETRICA, PARA PISO, EM PVC, DIMENSOES DE 3/4\" A 4\"","UN    ","CR",738.62]
[39771,"CAIXA DE PASSAGEM METALICA DE SOBREPOR COM TAMPA PARAFUSADA, DIMENSOES 20 X 20 X 10 CM","UN    ","CR",34.21]
[39772,"CAIXA DE PASSAGEM METALICA DE SOBREPOR COM TAMPA PARAFUSADA, DIMENSOES 30 X 30 X 10 CM","UN    ","CR",67.239999999999995]
[39773,"CAIXA DE PASSAGEM METALICA DE SOBREPOR COM TAMPA PARAFUSADA, DIMENSOES 40 X 40 X 15 CM","UN    ","CR",108.07]
[39774,"CAIXA DE PASSAGEM METALICA DE SOBREPOR COM TAMPA PARAFUSADA, DIMENSOES 50 X 50 X 15 CM","UN    ","CR",161.65]
[39775,"CAIXA DE PASSAGEM METALICA DE SOBREPOR COM TAMPA PARAFUSADA, DIMENSOES 60 X 60 X 20 CM","UN    ","CR",215.75]
[39776,"CAIXA DE PASSAGEM METALICA DE SOBREPOR COM TAMPA PARAFUSADA, DIMENSOES 70 X 70 X 20 CM","UN    ","CR",260.74]
[39777,"CAIXA DE PASSAGEM METALICA DE SOBREPOR COM TAMPA PARAFUSADA, DIMENSOES 80 X 80 X 20 CM","UN    ","CR",330.48]
[20254,"CAIXA DE PASSAGEM METALICA, DE SOBREPOR, COM TAMPA APARAFUSADA, DIMENSOES 15 X 15 X *10* CM","UN    ","CR",23.99]
[20253,"CAIXA DE PASSAGEM METALICA, DE SOBREPOR, COM TAMPA APARAFUSADA, DIMENSOES 35 X 35 X *12* CM","UN    ","CR",78.77]
[11247,"CAIXA DE PASSAGEM/ LUZ / TELEFONIA, DE EMBUTIR,  EM CHAPA DE ACO GALVANIZADO, DIMENSOES 150 X 150 X 15 CM (PADRAO CONCESSIONARIA LOCAL)","UN    ","CR",1514.58]
[11250,"CAIXA DE PASSAGEM/ LUZ / TELEFONIA, DE EMBUTIR,  EM CHAPA DE ACO GALVANIZADO, DIMENSOES 20 X 20 X *12* CM (PADRAO CONCESSIONARIA LOCAL)","UN    ","CR",65.2]
[11249,"CAIXA DE PASSAGEM/ LUZ / TELEFONIA, DE EMBUTIR,  EM CHAPA DE ACO GALVANIZADO, DIMENSOES 200 X 200 X 20 CM (PADRAO CONCESSIONARIA LOCAL)","UN    ","CR",2958.5]
[11251,"CAIXA DE PASSAGEM/ LUZ / TELEFONIA, DE EMBUTIR,  EM CHAPA DE ACO GALVANIZADO, DIMENSOES 40 X 40 X *12* CM (PADRAO CONCESSIONARIA LOCAL)","UN    ","CR",144.43]
[11253,"CAIXA DE PASSAGEM/ LUZ / TELEFONIA, DE EMBUTIR,  EM CHAPA DE ACO GALVANIZADO, DIMENSOES 60 X 60 X *12* CM (PADRAO CONCESSIONARIA LOCAL)","UN    ","CR",239.34]
[11255,"CAIXA DE PASSAGEM/ LUZ / TELEFONIA, DE EMBUTIR,  EM CHAPA DE ACO GALVANIZADO, DIMENSOES 80 X 80 X *12* CM (PADRAO CONCESSIONARIA LOCAL)","UN    ","CR",357.81]
[14055,"CAIXA DE PASSAGEM/ LUZ / TELEFONIA, DE EMBUTIR, EM CHAPA DE ACO GALVANIZADO, DIMENSOES 120 X 120 X *12* CM (PADRAO CONCESSIONARIA LOCAL)","UN    ","CR",719.78]
[11256,"CAIXA DE PASSAGEM/ LUZ / TELEFONIA, DE SOBREPOR,  EM CHAPA DE ACO GALVANIZADO, DIMENSOES 80 X 80 X *12* CM (PADRAO CONCESSIONARIA LOCAL)","UN    ","CR",448.19]
[1872,"CAIXA DE PASSAGEM, EM PVC, DE 4\" X 2\", PARA ELETRODUTO FLEXIVEL CORRUGADO","UN    ","CR",3.41]
[1873,"CAIXA DE PASSAGEM, EM PVC, DE 4\" X 4\", PARA ELETRODUTO FLEXIVEL CORRUGADO","UN    ","CR",6.78]
[39693,"CAIXA DE PROTECAO EXTERNA PARA MEDIDOR HOROSAZONAL, DE BAIXA TENSAO, COM MODULO, EM CHAPA DE ACO (PADRAO DA CONCESSIONARIA LOCAL)","UN    ","CR",2814.84]
[39692,"CAIXA DE PROTECAO PARA TRANSFORMADOR CORRENTE, EM CHAPA DE ACO 18 USG (PADRAO DA CONCESSIONARIA LOCAL)","UN    ","CR",900.68]
[1062,"CAIXA INTERNA/EXTERNA DE MEDICAO PARA 1 MEDIDOR TRIFASICO, COM VISOR, EM CHAPA DE ACO 18 USG (PADRAO DA CONCESSIONARIA LOCAL)","UN    ","CR",285.44]
[39686,"CAIXA INTERNA/EXTERNA DE MEDICAO PARA 4 MEDIDORES MONOFASICOS, COM VISOR, EM CHAPA DE ACO 18 USG (PADRAO DA CONCESSIONARIA LOCAL)","UN    ","CR",462.19]
[43095,"CAIXA MODULAR PARA MEDIDOR DE ENERGIA AGRUPADA, EM POLICARBONATO /  TERMOPLASTICO, COM SUPORTE PARA DISJUNTOR (PADRAO DA CONCESSIONARIA LOCAL)","UN    ","CR",205.03]
[1871,"CAIXA OCTOGONAL DE FUNDO MOVEL, EM PVC, DE 3\" X 3\", PARA ELETRODUTO FLEXIVEL CORRUGADO","UN    ","CR",6.1]
[12001,"CAIXA OCTOGONAL DE FUNDO MOVEL, EM PVC, DE 4\" X 4\", PARA ELETRODUTO FLEXIVEL CORRUGADO","UN    ","CR",8.81]
[11882,"CAIXA PARA HIDROMETRO CONCRETO PRE MOLDADO, *0,24 M X 0,45 M X 0,30* M (L X C X A)","UN    ","CR",97.39]
[1068,"CAIXA PARA MEDICAO COLETIVA TIPO L, PADRAO BIFASICO OU TRIFASICO, PARA ATE 4 MEDIDORES, SEM BARRAMENTO E COM PORTAS INFERIOR E SUPERIOR","UN    ","CR",1882.79]
[39690,"CAIXA PARA MEDICAO COLETIVA TIPO M, PADRAO BIFASICO OU TRIFASICO, PARA ATE 8 MEDIDORES, SEM BARRAMENTO E COM PORTAS INFERIOR E SUPERIOR","UN    ","CR",3158.7]
[39691,"CAIXA PARA MEDICAO COLETIVA TIPO N, PADRAO BIFASICO OU TRIFASICO, PARA ATE 12 MEDIDORES, SEM BARRAMENTO E COM PORTAS INFERIOR E SUPERIOR","UN    ","CR",3972.76]
[39808,"CAIXA PARA MEDIDOR MONOFASICO, EM POLICARBONATO / TERMOPLASTICO, PARA ALOJAR 1 DISJUNTOR (PADRAO DA CONCESSIONARIA LOCAL)","UN    ","CR",107.04]
[39809,"CAIXA PARA MEDIDOR POLIFASICO, EM POLICARBONATO / TERMOPLASTICO, PARA ALOJAR 1 DISJUNTOR (PADRAO DA CONCESSIONARIA LOCAL)","UN    ","CR",253.89]
[43439,"CAIXA PRE-MOLDADA PARA BOCA DE LOBO, EM CONCRETO ARMADO, COM FCK DE 25 MPA, COM DIMENSOES 1,10 X 0,65 X 1,00 M (COMPRIMENTO X LARGURA X ALTURA)","UN    ","CR",447.05]
[5103,"CAIXA SIFONADA PVC, 100 X 100 X 50 MM, COM GRELHA REDONDA, BRANCA","UN    ","CR",20.84]
[11880,"CAIXA SIFONADA PVC, 250 X 230 X 75 MM, COM TAMPA CEGA QUADRADA, BRANCA","UN    ","CR",87.65]
[11714,"CAIXA SIFONADA, PVC, 150 X *185* X 75 MM, COM GRELHA QUADRADA, BRANCA","UN    ","CR",59.71]
[11712,"CAIXA SIFONADA, PVC, 150 X 150 X 50 MM, COM GRELHA QUADRADA, BRANCA (NBR 5688)","UN    ","C ",38.99]
[11717,"CAIXA SIFONADA, PVC, 150 X 150 X 50 MM, COM GRELHA REDONDA, BRANCA","UN    ","CR",47]
[1106,"CAL HIDRATADA CH-I PARA ARGAMASSAS","KG    ","C ",1.4]
[11161,"CAL HIDRATADA PARA PINTURA","KG    ","CR",2.34]
[1107,"CAL VIRGEM COMUM PARA ARGAMASSAS (NBR 6453)","KG    ","CR",1.19]
[44479,"CALCARIO DOLOMITICO A (POSTO PEDREIRA/FORNECEDOR,  SEM FRETE)","KG    ","CR",0.13]
[41068,"CALCETEIRO  (MENSALISTA)","MES   ","CR",3302.95]
[4759,"CALCETEIRO (HORISTA)","H     ","CR",18.920000000000002]
[12618,"CALHA / PERFIL PLUVIAL DE PVC, DIAMETRO ENTRE *119 E 170* MM, COMPRIMENTO DE 3 M, PARA DRENAGEM PLUVIAL PREDIAL","UN    ","CR",166.26]
[1108,"CALHA MOLDURA AMERICANA DE CHAPA DE ACO GALVANIZADA NUM 26, CORTE 33 CM","M     ","CR",30.7]
[1117,"CALHA PARA AGUA FURTADA DE CHAPA DE ACO GALVANIZADA NUM 26, CORTE 40 CM","M     ","CR",30.94]
[1118,"CALHA PARA AGUA FURTADA DE CHAPA DE ACO GALVANIZADA NUM 26, CORTE 50 CM","M     ","CR",36.57]
[1110,"CALHA PLATIBANDA DE CHAPA DE ACO GALVANIZADA NUM 26, CORTE 45 CM","M     ","CR",36.57]
[40784,"CALHA QUADRADA DE CHAPA DE ACO GALVANIZADA NUM 24, CORTE 100 CM","M     ","CR",100.88]
[40782,"CALHA QUADRADA DE CHAPA DE ACO GALVANIZADA NUM 24, CORTE 33 CM","M     ","CR",39.590000000000003]
[40783,"CALHA QUADRADA DE CHAPA DE ACO GALVANIZADA NUM 24, CORTE 50 CM","M     ","CR",51.57]
[1109,"CALHA QUADRADA DE CHAPA DE ACO GALVANIZADA NUM 26, CORTE 33 CM","M     ","CR",30.7]
[1119,"CALHA QUADRADA DE CHAPA DE ACO GALVANIZADA NUM 28, CORTE 25 CM","M     ","CR",19.79]
[13115,"CALHA/CANALETA DE CONCRETO SIMPLES, TIPO MEIA CANA, DIAMETRO DE 20 CM, PARA AGUA PLUVIAL","M     ","AS",24.32]
[10541,"CALHA/CANALETA DE CONCRETO SIMPLES, TIPO MEIA CANA, DIAMETRO DE 30 CM, PARA AGUA PLUVIAL","M     ","AS",29.72]
[10542,"CALHA/CANALETA DE CONCRETO SIMPLES, TIPO MEIA CANA, DIAMETRO DE 40 CM, PARA AGUA PLUVIAL","M     ","AS",38.869999999999997]
[10543,"CALHA/CANALETA DE CONCRETO SIMPLES, TIPO MEIA CANA, DIAMETRO DE 50 CM, PARA AGUA PLUVIAL","M     ","AS",63.06]
[10544,"CALHA/CANALETA DE CONCRETO SIMPLES, TIPO MEIA CANA, DIAMETRO DE 60 CM, PARA AGUA PLUVIAL","M     ","AS",81.56]
[10545,"CALHA/CANALETA DE CONCRETO SIMPLES, TIPO MEIA CANA, DIAMETRO DE 80 CM, PARA AGUA PLUVIAL","M     ","AS",152.43]
[38365,"CAMADA SEPARADORA DE FILME DE POLIETILENO 20 A 25 MICRA","M2    ","CR",2.6]
[44056,"CAMINHAO TOCO, PESO BRUTO TOTAL 10700 KG, CARGA UTIL MAXIMA 7400 KG, DISTANCIA ENTRE EIXOS 4,00 M, POTENCIA 175 CV (INCLUI CABINE E CHASSI, NAO INCLUI CARROCERIA)","UN    ","CR",501261.24]
[44057,"CAMINHAO TOCO, PESO BRUTO TOTAL 13200 KG, CARGA UTIL MAXIMA 9200 KG, DISTANCIA ENTRE EIXOS 3,31 M, POTENCIA 175 CV (INCLUI CABINE E CHASSI, NAO INCLUI CARROCERIA)","UN    ","C ",535000]
[37754,"CAMINHAO TOCO, PESO BRUTO TOTAL 14300 KG, CARGA UTIL MAXIMA 9480 KG, DISTANCIA ENTRE EIXOS 4,80 M, POTENCIA 185 CV (INCLUI CABINE E CHASSI, NAO INCLUI CARROCERIA)","UN    ","CR",553122.53]
[37757,"CAMINHAO TOCO, PESO BRUTO TOTAL 16000 KG, CARGA UTIL MAXIMA 10600 KG, DISTANCIA ENTRE EIXOS 4,80 M, POTENCIA 277 CV (INCLUI CABINE E CHASSI, NAO INCLUI CARROCERIA)","UN    ","CR",616936.95999999996]
[44058,"CAMINHAO TOCO, PESO BRUTO TOTAL 16000 KG, CARGA UTIL MAXIMA 10830 KG, DISTANCIA ENTRE EIXOS 3,56 M, POTENCIA 226 CV (INCLUI CABINE E CHASSI, NAO INCLUI CARROCERIA)","UN    ","CR",583198.19999999995]
[37752,"CAMINHAO TOCO, PESO BRUTO TOTAL 16000 KG, CARGA UTIL MAXIMA 11030 KG, DISTANCIA ENTRE EIXOS 5,41 M, POTENCIA 185 CV (INCLUI CABINE E CHASSI, NAO INCLUI CARROCERIA)","UN    ","CR",607297.27]
[44059,"CAMINHAO TOCO, PESO BRUTO TOTAL 8500 KG, CARGA UTIL MAXIMA 5600 KG, DISTANCIA ENTRE EIXOS 3,40 M, POTENCIA 167 CV (INCLUI CABINE E CHASSI, NAO INCLUI CARROCERIA)","UN    ","CR",480054.05]
[37750,"CAMINHAO TOCO, PESO BRUTO TOTAL 9600 KG, CARGA UTIL MAXIMA 6190 KG, DISTANCIA ENTRE EIXOS 3,70 M, POTENCIA 156 CV (INCLUI CABINE E CHASSI, NAO INCLUI CARROCERIA)","UN    ","CR",481018.01]
[37758,"CAMINHAO TRUCADO, PESO BRUTO TOTAL 23000 KG, CARGA UTIL MAXIMA 15285 KG, DISTANCIA ENTRE EIXOS 4,80 M, POTENCIA 326 CV (INCLUI CABINE E CHASSI, NAO INCLUI CARROCERIA)","UN    ","CR",765387.37]
[44060,"CAMINHAO TRUCADO, PESO BRUTO TOTAL 23000 KG, CARGA UTIL MAXIMA 15460 KG, DISTANCIA ENTRE EIXOS 4,80 M, POTENCIA 286 CV (INCLUI CABINE E CHASSI, NAO INCLUI CARROCERIA)","UN    ","CR",740324.33]
[37749,"CAMINHAO TRUCADO, PESO BRUTO TOTAL 23000 KG, CARGA UTIL MAXIMA 16360 KG, CABINE ESTENDIDA, DISTANCIA ENTRE EIXOS 3,56 M, POTENCIA 277 CV (INCLUI CABINE E CHASSI, NAO INCLUI CARROCERIA)","UN    ","CR",790450.46]
[44061,"CAMINHAO TRUCADO, PESO BRUTO TOTAL 23000 KG, CARGA UTIL MAXIMA 16540 KG, DISTANCIA ENTRE EIXOS 4,80 M, POTENCIA 256 CV (INCLUI CABINE E CHASSI, NAO INCLUI CARROCERIA)","UN    ","CR",725864.88]
[1159,"CAMINHONETE COM MOTOR A DIESEL, POTENCIA *160* CV, CABINE DUPLA, 4X4","UN    ","C ",261247.67]
[12114,"CAMPAINHA ALTA POTENCIA 110V / 220V, DIAMETRO 150 MM","UN    ","CR",146.72]
[38106,"CAMPAINHA CIGARRA 127 V / 220 V (APENAS MODULO)","UN    ","CR",19.940000000000001]
[38085,"CAMPAINHA CIGARRA 127 V / 220 V, CONJUNTO MONTADO PARA EMBUTIR 4\" X 2\" (PLACA + SUPORTE + MODULO)","UN    ","CR",23.55]
[38599,"CANALETA DE CONCRETO ESTRUTURAL 14 X 19 X 29 CM, FBK 14 MPA (NBR 6136)","UN    ","CR",4.8099999999999996]
[38596,"CANALETA DE CONCRETO ESTRUTURAL 14 X 19 X 29 CM, FBK 4,5 MPA (NBR 6136)","UN    ","CR",3.99]
[38600,"CANALETA DE CONCRETO ESTRUTURAL 14 X 19 X 39 CM, FBK 14 MPA (NBR 6136)","UN    ","CR",5.0999999999999996]
[38597,"CANALETA DE CONCRETO ESTRUTURAL 14 X 19 X 39 CM, FBK 4,5 MPA (NBR 6136)","UN    ","CR",4.0199999999999996]
[659,"CANALETA DE CONCRETO 14 X 19 X 19 CM (CLASSE C - NBR 6136)","UN    ","CR",2.31]
[660,"CANALETA DE CONCRETO 19 X 19 X 19 CM (CLASSE C - NBR 6136)","UN    ","CR",2.77]
[658,"CANALETA DE CONCRETO 9 X 19 X 19 CM (CLASSE C - NBR 6136)","UN    ","CR",1.56]
[38548,"CANALETA ESTRUTURAL CERAMICA, 14 X 19 X 19 CM, 6,0 MPA (NBR 15270)","UN    ","CR",1.22]
[34649,"CANALETA ESTRUTURAL CERAMICA, 14 X 19 X 29 CM, 6,0 MPA (NBR 15270)","UN    ","CR",1.65]
[34655,"CANALETA ESTRUTURAL CERAMICA, 14 X 19 X 39 CM, 6,0 MPA (NBR 15270)","UN    ","CR",2.19]
[40607,"CANOPLA ACABAMENTO CROMADO PARA INSTALACAO DE SPRINKLER, SOB FORRO, 15 MM","UN    ","AS",4]
[567,"CANTONEIRA (ABAS IGUAIS) EM ACO CARBONO, 25,4 MM X 3,17 MM (L X E), 1,27KG/M","M     ","CR",12.42]
[574,"CANTONEIRA (ABAS IGUAIS) EM ACO CARBONO, 38,1 MM X 3,17 MM (L X E), 3,48 KG/M","M     ","CR",32.64]
[568,"CANTONEIRA (ABAS IGUAIS) EM ACO CARBONO, 50,8 MM X 9,53 MM (L X E), 6,99 KG/M","M     ","CR",68.78]
[585,"CANTONEIRA \"U\" ALUMINIO ABAS IGUAIS 1 \", E = 3/32 \"","KG    ","AS",33.83]
[4777,"CANTONEIRA ACO ABAS IGUAIS (QUALQUER BITOLA), ESPESSURA ENTRE 1/8\" E 1/4\"","KG    ","CR",10.61]
[587,"CANTONEIRA ALUMINIO ABAS DESIGUAIS 1\" X 3/4 \", E = 1/8 \"","KG    ","AS",36.25]
[590,"CANTONEIRA ALUMINIO ABAS DESIGUAIS 2 1/2\" X 1/2 \", E = 3/16 \"","KG    ","AS",35.04]
[592,"CANTONEIRA ALUMINIO ABAS IGUAIS 1 \", E = 1/8 \", 25,40 X 3,17 MM (0,408 KG/M)","KG    ","AS",36.25]
[586,"CANTONEIRA ALUMINIO ABAS IGUAIS 1 \", E = 3 /16 \"","M     ","AS",21.31]
[591,"CANTONEIRA ALUMINIO ABAS IGUAIS 1 1/2 \", E = 3/16 \"","KG    ","AS",33.83]
[588,"CANTONEIRA ALUMINIO ABAS IGUAIS 1 1/4 \", E = 3/16 \"","M     ","AS",33.71]
[589,"CANTONEIRA ALUMINIO ABAS IGUAIS 2 \", E = 1/4 \"","M     ","AS",56.98]
[584,"CANTONEIRA ALUMINIO ABAS IGUAIS 2 \", E = 1/8 \"","M     ","AS",36]
[1165,"CAP OU TAMPAO DE FERRO GALVANIZADO, COM ROSCA BSP, DE 1 1/2\"","UN    ","AS",20.11]
[1164,"CAP OU TAMPAO DE FERRO GALVANIZADO, COM ROSCA BSP, DE 1 1/4\"","UN    ","AS",16.29]
[1162,"CAP OU TAMPAO DE FERRO GALVANIZADO, COM ROSCA BSP, DE 1/2\"","UN    ","AS",5.66]
[12395,"CAP OU TAMPAO DE FERRO GALVANIZADO, COM ROSCA BSP, DE 1/4\"","UN    ","AS",5.5]
[1170,"CAP OU TAMPAO DE FERRO GALVANIZADO, COM ROSCA BSP, DE 1\"","UN    ","AS",10.67]
[1169,"CAP OU TAMPAO DE FERRO GALVANIZADO, COM ROSCA BSP, DE 2 1/2\"","UN    ","AS",52.4]
[1166,"CAP OU TAMPAO DE FERRO GALVANIZADO, COM ROSCA BSP, DE 2\"","UN    ","AS",29.05]
[1163,"CAP OU TAMPAO DE FERRO GALVANIZADO, COM ROSCA BSP, DE 3/4\"","UN    ","AS",7.32]
[12396,"CAP OU TAMPAO DE FERRO GALVANIZADO, COM ROSCA BSP, DE 3/8\"","UN    ","AS",5.5]
[1168,"CAP OU TAMPAO DE FERRO GALVANIZADO, COM ROSCA BSP, DE 3\"","UN    ","AS",74.7]
[1167,"CAP OU TAMPAO DE FERRO GALVANIZADO, COM ROSCA BSP, DE 4\"","UN    ","AS",124.96]
[36331,"CAP PPR DN 20 MM, PARA AGUA QUENTE PREDIAL","UN    ","AS",2.2999999999999998]
[36346,"CAP PPR DN 25 MM, PARA AGUA QUENTE PREDIAL","UN    ","AS",3.45]
[1197,"CAP PVC, ROSCAVEL, 1/2\", PARA AGUA FRIA PREDIAL","UN    ","CR",1.96]
[1202,"CAP PVC, ROSCAVEL, 1\",  PARA AGUA FRIA PREDIAL","UN    ","CR",5.57]
[1198,"CAP PVC, ROSCAVEL, 3/4\",  PARA AGUA FRIA PREDIAL","UN    ","CR",2.57]
[20088,"CAP PVC, SERIE R, DN 100 MM, PARA ESGOTO PREDIAL","UN    ","CR",12.79]
[20089,"CAP PVC, SERIE R, DN 150 MM, PARA ESGOTO PREDIAL","UN    ","CR",62.71]
[20087,"CAP PVC, SERIE R, DN 75 MM, PARA ESGOTO PREDIAL","UN    ","CR",10.58]
[1200,"CAP PVC, SOLDAVEL, DN 100 MM, SERIE NORMAL, PARA ESGOTO PREDIAL","UN    ","CR",9.61]
[12909,"CAP PVC, SOLDAVEL, DN 50 MM, SERIE NORMAL, PARA ESGOTO PREDIAL","UN    ","CR",4.46]
[12910,"CAP PVC, SOLDAVEL, DN 75 MM, SERIE NORMAL, PARA ESGOTO PREDIAL","UN    ","CR",8.01]
[1191,"CAP PVC, SOLDAVEL, 20 MM, PARA AGUA FRIA PREDIAL","UN    ","CR",1.4]
[1185,"CAP PVC, SOLDAVEL, 25 MM, PARA AGUA FRIA PREDIAL","UN    ","CR",1.4]
[1189,"CAP PVC, SOLDAVEL, 32 MM, PARA AGUA FRIA PREDIAL","UN    ","CR",2.29]
[1193,"CAP PVC, SOLDAVEL, 40 MM, PARA AGUA FRIA PREDIAL","UN    ","CR",4.4000000000000004]
[1194,"CAP PVC, SOLDAVEL, 50 MM, PARA AGUA FRIA PREDIAL","UN    ","CR",7.94]
[1195,"CAP PVC, SOLDAVEL, 60 MM, PARA AGUA FRIA PREDIAL","UN    ","CR",13.37]
[1204,"CAP PVC, SOLDAVEL, 75 MM, PARA AGUA FRIA PREDIAL","UN    ","CR",23.39]
[1207,"CAP, PVC PBA, JE, DN 100 / DE 110 MM,  PARA REDE DE AGUA (NBR 10351)","UN    ","AS",34.42]
[1206,"CAP, PVC PBA, JE, DN 50 / DE 60 MM,  PARA REDE DE AGUA (NBR 10351)","UN    ","AS",8.6300000000000008]
[1183,"CAP, PVC PBA, JE, DN 75 / DE 85 MM,  PARA REDE DE AGUA (NBR 10351)","UN    ","AS",22.47]
[42685,"CAP, PVC, JE, OCRE, DN 150 MM (CONEXAO PARA TUBO COLETOR DE ESGOTO)","UN    ","CR",64.989999999999995]
[42686,"CAP, PVC, JE, OCRE, DN 200 MM (CONEXAO PARA TUBO COLETOR DE ESGOTO)","UN    ","CR",71.58]
[12894,"CAPA PARA CHUVA EM PVC COM FORRO DE POLIESTER, COM CAPUZ (AMARELA OU AZUL)","UN    ","CR",21.45]
[12895,"CAPACETE DE SEGURANCA ABA FRONTAL COM SUSPENSAO DE POLIETILENO, SEM JUGULAR (CLASSE B)","UN    ","C ",16.5]
[1631,"CAPACITOR TRIFASICO, POTENCIA 2,5 KVAR, TENSAO 220 V, FORNECIDO COM CAPA PROTETORA, RESISTOR INTERNO A UNIDADE CAPACITIVA","UN    ","AS",148.94]
[1633,"CAPACITOR TRIFASICO, POTENCIA 5 KVAR, TENSAO 220 V, FORNECIDO COM CAPA PROTETORA, RESISTOR INTERNO A UNIDADE CAPACITIVA","UN    ","AS",253.05]
[10818,"CAPIM BRAQUIARIA DECUMBENS/ BRAQUIARINHA, VC *70*% MINIMO","KG    ","AS",49.94]
[41410,"CAPTOR FRANKLIN (4 PONTAS), EM LATAO CROMADO, H = 300 MM, DUAS DESCIDAS","UN    ","AS",72.92]
[41411,"CAPTOR FRANKLIN (4 PONTAS), EM LATAO CROMADO, H = 300 MM, UMA DESCIDA","UN    ","AS",66.11]
[41412,"CAPTOR FRANKLIN (4 PONTAS), EM LATAO CROMADO, H = 350 MM, DUAS DESCIDAS","UN    ","AS",127.87]
[41413,"CAPTOR FRANKLIN (4 PONTAS), EM LATAO CROMADO, H=350 MM, UMA DESCIDA","UN    ","AS",115.06]
[39359,"CARENAGEM /TAMPA, EM PLASTICO, COR BRANCA, UTILIZADO EM KIT CHASSI METALICO PARA INSTALACAO HIDRAULICA DE CUBA SIMPLES SEM MAQUINA DE LAVAR ROUPA, LARGURA *355* MM X ALTURA *670* MM (COM FUROS E DEMAIS ENCAIXES)","UN    ","AS",25.68]
[39360,"CARENAGEM /TAMPA, EM PLASTICO, COR BRANCA, UTILIZADO EM KIT CHASSI METALICO PARA INSTALACAO HIDRAULICA DE TANQUE COM MAQUINA DE LAVAR ROUPA, LARGURA *360* MM X ALTURA *470* MM (COM FUROS E DEMAIS ENCAIXES)","UN    ","AS",23.34]
[10710,"CARPETE DE NYLON EM MANTA PARA TRAFEGO COMERCIAL PESADO, E = 6 A 7 MM (INSTALADO)","M2    ","AS",137.9]
[10709,"CARPETE DE NYLON EM MANTA PARA TRAFEGO COMERCIAL PESADO, E = 9 A 10 MM (INSTALADO)","M2    ","AS",169.41]
[39636,"CARPETE DE NYLON EM PLACAS 50 X 50 CM PARA TRAFEGO COMERCIAL PESADO, E = 6,5 MM (INSTALADO)","M2    ","AS",173]
[10708,"CARPETE DE POLIESTER EM MANTA PARA TRAFEGO COMERCIAL PESADO, E = 4 A 5 MM (INSTALADO)","M2    ","AS",53.38]
[39635,"CARPETE DE POLIPROPILENO EM MANTA PARA TRAFEGO COMERCIAL MEDIO, E = 5 A 6 MM (INSTALADO)","M2    ","AS",90.88]
[6117,"CARPINTEIRO AUXILIAR (HORISTA)","H     ","CR",14.2]
[40913,"CARPINTEIRO AUXILIAR (MENSALISTA)","MES   ","CR",2480.85]
[1214,"CARPINTEIRO DE ESQUADRIAS (HORISTA)","H     ","CR",18.02]
[40915,"CARPINTEIRO DE ESQUADRIAS (MENSALISTA)","MES   ","CR",3144.8]
[1213,"CARPINTEIRO DE FORMAS (HORISTA)","H     ","C ",18.920000000000002]
[40914,"CARPINTEIRO DE FORMAS (MENSALISTA)","MES   ","CR",3300.81]
[5091,"CARRANCA PARA JANELA VENEZIANA DE ABRIR, EM LATAO CROMADO, SIMPLES, PARA APARAFUSAR NA PAREDE","UN    ","CR",21.19]
[14615,"CARRINHO COM 2 PNEUS PARA TRANSPORTAR TUBO CONCRETO, ALTURA ATE 1,0 M E DIAMETRO ATE 1000MM, COM ESTRUTURA EM PERFIL OU TUBO METALICO","UN    ","CR",4887.25]
[2711,"CARRINHO DE MAO DE ACO CAPACIDADE 50 A 60 L, PNEU COM CAMARA","UN    ","C ",198]
[37727,"CARROCERIA FIXA ABERTA DE MADEIRA PARA TRANSPORTE GERAL DE CARGA SECA DIMENSOES APROXIMADAS 2,25 X 4,10 X 0,50 M (INCLUI MONTAGEM, NAO INCLUI CAMINHAO)","UN    ","AS",17250]
[37728,"CARROCERIA FIXA ABERTA DE MADEIRA PARA TRANSPORTE GERAL DE CARGA SECA DIMENSOES APROXIMADAS 2,5 X 5,5 X 0,50 M (INCLUI MONTAGEM, NAO INCLUI CAMINHAO)","UN    ","AS",23402.09]
[37729,"CARROCERIA FIXA ABERTA DE MADEIRA PARA TRANSPORTE GERAL DE CARGA SECA DIMENSOES APROXIMADAS 2,5 X 6,00 X 0,50 M (INCLUI MONTAGEM, NAO INCLUI CAMINHAO)","UN    ","AS",25332.16]
[37730,"CARROCERIA FIXA ABERTA DE MADEIRA PARA TRANSPORTE GERAL DE CARGA SECA DIMENSOES APROXIMADAS 2,5 X 6,5 X 0,50 M (INCLUI MONTAGEM, NAO INCLUI CAMINHAO)","UN    ","AS",27262.23]
[37731,"CARROCERIA FIXA ABERTA DE MADEIRA PARA TRANSPORTE GERAL DE CARGA SECA DIMENSOES APROXIMADAS 2,5 X 7,00 X 0,50 M (INCLUI MONTAGEM, NAO INCLUI CAMINHAO)","UN    ","AS",29192.3]
[37732,"CARROCERIA FIXA ABERTA DE MADEIRA PARA TRANSPORTE GERAL DE CARGA SECA DIMENSOES APROXIMADAS 2,5 X 7,5 X 0,50 M (INCLUI MONTAGEM, NAO INCLUI CAMINHAO)","UN    ","AS",33293.699999999997]
[42256,"CARVAO ANTRACITO PARA FILTRO, GRAO VARIANDO DE 0,8 ATE 1,1 MM, COEFICIENTE DE UNIFORMIDADE MENOR QUE 1,7 MM (DISTRIBUIDOR)","KG    ","CR",6.73]
[42250,"CARVAO ANTRACITO PARA FILTRO, GRAO VARIANDO DE 0,8 ATE 1,1 MM, COEFICIENTE DE UNIFORMIDADE MENOR QUE 1,7 MM (POSTO JAZIDA/PRODUTOR)","T     ","CR",3030.18]
[4743,"CASCALHO DE CAVA","M3    ","CR",51.89]
[4744,"CASCALHO DE RIO","M3    ","CR",83.03]
[4745,"CASCALHO LAVADO","M3    ","CR",99.58]
[36496,"CAVALETE PARA TALHA COM ESTRUTURA EM TUBO METALICO ALTURA MINIMA 3,2 M EQUIPADO COM RODAS DE BORRACHA PARA MOVIMENTACAO DE TUBOS DE CONCRETO NA CENTRAL DE PREMOLDADOS COM CAPACIDADE DE CARGA DE 3 TONELADAS","UN    ","CR",12408.63]
[10630,"CAVALO MECANICO TRACAO 4X2, PESO BRUTO TOTAL COMBINADO 49000 KG, CAPACIDADE MAXIMA DE TRACAO *66000* KG, POTENCIA *360* CV (INCLUI CABINE E CHASSI, NAO INCLUI SEMIRREBOQUE)","UN    ","CR",739760.61]
[37762,"CAVALO MECANICO TRACAO 4X2, PESO BRUTO TOTAL 16000 KG, CAPACIDADE MAXIMA DE TRACAO *36000* KG, DISTANCIA ENTRE EIXOS *3,56* M, POTENCIA *286* CV (INCLUI CABINE E CHASSI, NAO INCLUI SEMIRREBOQUE)","UN    ","CR",634447.59]
[37763,"CAVALO MECANICO TRACAO 4X2, PESO BRUTO TOTAL 16000 KG, CAPACIDADE MAXIMA DE TRACAO *45000* KG, DISTANCIA ENTRE EIXOS *3,56* M, POTENCIA *330* CV (INCLUI CABINE E CHASSI, NAO INCLUI SEMIRREBOQUE)","UN    ","CR",642153.32999999996]
[41992,"CAVALO MECANICO TRACAO 4X2, PESO BRUTO TOTAL 16000 KG, CAPACIDADE MAXIMA DE TRACAO *80000* KG, POTENCIA *380* CV (INCLUI CABINE E CHASSI, NAO INCLUI SEMIRREBOQUE)","UN    ","C ",730000]
[13215,"CAVALO MECANICO TRACAO 6X2, PESO BRUTO TOTAL COMBINADO 56000 KG, CAPACIDADE MAXIMA DE TRACAO *66000* KG, POTENCIA *360* CV (INCLUI CABINE E CHASSI, NAO INCLUI SEMIRREBOQUE)","UN    ","CR",895161.77]
[4235,"CAVOUQUEIRO OU OPERADOR DE PERFURATRIZ / ROMPEDOR","H     ","CR",21.41]
[40976,"CAVOUQUEIRO OU OPERADOR DE PERFURATRIZ / ROMPEDOR (MENSALISTA)","MES   ","CR",3738.38]
[43091,"CENTRO DE MEDICAO AGRUPADA, EM POLICARBONATO / PVC, COM 12 MEDIDORES E PROTECAO GERAL (INCLUI BARRAMENTO, DISJUNTORES E ACESSORIOS DE FIXACAO) (PADRAO CONCESSIONARIA LOCAL)","UN    ","CR",8563.7099999999991]
[43092,"CENTRO DE MEDICAO AGRUPADA, EM POLICARBONATO / PVC, COM 16 MEDIDORES E PROTECAO GERAL (INCLUI BARRAMENTO, DISJUNTORES E ACESSORIOS DE FIXACAO) (PADRAO CONCESSIONARIA LOCAL)","UN    ","CR",11418.28]
[43089,"CENTRO DE MEDICAO AGRUPADA, EM POLICARBONATO / PVC, COM 4 MEDIDORES E PROTECAO GERAL (INCLUI BARRAMENTO, DISJUNTORES E ACESSORIOS DE FIXACAO) (PADRAO CONCESSIONARIA LOCAL)","UN    ","CR",1989.96]
[43090,"CENTRO DE MEDICAO AGRUPADA, EM POLICARBONATO / PVC, COM 8 MEDIDORES E PROTECAO GERAL (INCLUI BARRAMENTO, DISJUNTORES E ACESSORIOS DE FIXACAO) (PADRAO CONCESSIONARIA LOCAL)","UN    ","CR",4391.6400000000003]
[41967,"CERA LIQUIDA INCOLOR MULTIPISO","L     ","CR",27.55]
[12760,"CHAPA ACO INOX AISI 304 NUMERO 4 (E = 6 MM), ACABAMENTO NUMERO 1 (LAMINADO A QUENTE, FOSCO)","M2    ","CR",1470.61]
[12759,"CHAPA ACO INOX AISI 304 NUMERO 9 (E = 4 MM), ACABAMENTO NUMERO 1 (LAMINADO A QUENTE, FOSCO)","M2    ","CR",980.39]
[43105,"CHAPA DE ACO CARBONO GALVANIZADA, PERFURADA (GRADE FUROS) E = 1,5 MM, DIAMETRO DO FURO = 9,52 MM (FUROS ALTERNADOS HORIZ.)","KG    ","CR",39.93]
[40424,"CHAPA DE ACO CARBONO LAMINADO A QUENTE, QUALIDADE ESTRUTURAL, BITOLA 3/16\", E =4,75 MM (37,29 KG/M2)","KG    ","CR",10.14]
[1325,"CHAPA DE ACO FINA A FRIO BITOLA MSG 20, E = 0,90 MM (7,20 KG/M2)","KG    ","CR",11.11]
[1327,"CHAPA DE ACO FINA A FRIO BITOLA MSG 24, E = 0,60 MM (4,80 KG/M2)","KG    ","CR",11.83]
[1328,"CHAPA DE ACO FINA A FRIO BITOLA MSG 26, E = 0,45 MM (3,60 KG/M2)","KG    ","CR",11.14]
[1321,"CHAPA DE ACO FINA A QUENTE BITOLA MSG 13, E = 2,25 MM (18,00 KG/M2)","KG    ","CR",10.31]
[1318,"CHAPA DE ACO FINA A QUENTE BITOLA MSG 14, E = 2,00 MM (16,0 KG/M2)","KG    ","CR",10.32]
[1322,"CHAPA DE ACO FINA A QUENTE BITOLA MSG 16, E = 1,50 MM (12,00 KG/M2)","KG    ","CR",10.9]
[1323,"CHAPA DE ACO FINA A QUENTE BITOLA MSG 18, E = 1,20 MM (9,60 KG/M2)","KG    ","CR",10.9]
[1319,"CHAPA DE ACO FINA A QUENTE BITOLA MSG 3/16 \", E = 4,75 MM (38,00 KG/M2)","KG    ","CR",9.19]
[11026,"CHAPA DE ACO GALVANIZADA BITOLA GSG 14, E = 1,95 MM (15,60 KG/M2)","KG    ","CR",12.64]
[11027,"CHAPA DE ACO GALVANIZADA BITOLA GSG 16, E = 1,55 MM (12,40 KG/M2)","KG    ","CR",13.15]
[11046,"CHAPA DE ACO GALVANIZADA BITOLA GSG 18, E = 1,25 MM (10,00 KG/M2)","KG    ","CR",12.6]
[11047,"CHAPA DE ACO GALVANIZADA BITOLA GSG 19, E = 1,11 MM (8,88 KG/M2)","KG    ","CR",13.73]
[43668,"CHAPA DE ACO GALVANIZADA BITOLA GSG 20, E = 0,95 MM (7,60 KG/M2)","KG    ","CR",12.12]
[11049,"CHAPA DE ACO GALVANIZADA BITOLA GSG 22, E = 0,80 MM (6,40 KG/M2)","KG    ","C ",13.13]
[43106,"CHAPA DE ACO GALVANIZADA BITOLA GSG 24, E = 0,64 (5,12 KG/M2)","KG    ","CR",13.21]
[11051,"CHAPA DE ACO GALVANIZADA BITOLA GSG 26, E = 0,50 MM (4,00 KG/M2)","KG    ","CR",13.78]
[11061,"CHAPA DE ACO GALVANIZADA BITOLA GSG 30, E = 0,35 MM (2,80 KG/M2)","KG    ","CR",16.54]
[43667,"CHAPA DE ACO GROSSA, ASTM A36, E = 1 \" (25,40 MM) 199,18 KG/M2","KG    ","CR",12.02]
[1333,"CHAPA DE ACO GROSSA, ASTM A36, E = 1/2 \" (12,70 MM) 99,59 KG/M2","KG    ","CR",10.01]
[1330,"CHAPA DE ACO GROSSA, ASTM A36, E = 1/4 \" (6,35 MM) 49,79 KG/M2","KG    ","CR",9.92]
[10957,"CHAPA DE ACO GROSSA, ASTM A36, E = 3/4 \" (19,05 MM) 149,39 KG/M2","KG    ","CR",11.44]
[1332,"CHAPA DE ACO GROSSA, ASTM A36, E = 3/8 \" (9,53 MM) 74,69 KG/M2","KG    ","CR",10.17]
[1334,"CHAPA DE ACO GROSSA, ASTM A36, E = 5/8 \" (15,88 MM) 124,49 KG/M2","KG    ","CR",11.28]
[1335,"CHAPA DE ACO GROSSA, ASTM A36, E = 7/8 \" (22,23 MM) 174,28 KG/M2","KG    ","CR",11.65]
[40425,"CHAPA DE ACO GROSSA, SAE 1020, BITOLA 1/4\", E = 6,35 MM (49,85 KG/M2)","KG    ","CR",9.9700000000000006]
[1337,"CHAPA DE ACO XADREZ PARA PISOS, E = 1/4 \" (6,30 MM) 54,53 KG/M2","KG    ","CR",11.44]
[1338,"CHAPA DE LAMINADO MELAMINICO, LISO BRILHANTE, DE *1,25 X 3,08* M, E = 0,8 MM","M2    ","C ",50.81]
[1340,"CHAPA DE LAMINADO MELAMINICO, LISO FOSCO, DE *1,25 X 3,08* M, E = 0,8 MM","M2    ","CR",58.74]
[1341,"CHAPA DE LAMINADO MELAMINICO, TEXTURIZADO, DE *1,25 X 3,08* M, E = 0,8 MM","M2    ","CR",56.58]
[34659,"CHAPA DE MDF BRANCO LISO 1 FACE, E = 12 MM, DE *2,75 X 1,85* M","M2    ","CR",41.69]
[34514,"CHAPA DE MDF BRANCO LISO 1 FACE, E = 15 MM, DE *2,75 X 1,85* M","M2    ","C ",46.18]
[34660,"CHAPA DE MDF BRANCO LISO 1 FACE, E = 18 MM, DE *2,75 X 1,85* M","M2    ","CR",58.61]
[34661,"CHAPA DE MDF BRANCO LISO 1 FACE, E = 25 MM, DE *2,75 X 1,85* M","M2    ","CR",84.17]
[34667,"CHAPA DE MDF BRANCO LISO 1 FACE, E = 6 MM, DE *2,75 X 1,85* M","M2    ","CR",30.48]
[34668,"CHAPA DE MDF BRANCO LISO 1 FACE, E = 9 MM, DE *2,75 X 1,85* M","M2    ","CR",39.83]
[34741,"CHAPA DE MDF BRANCO LISO 2 FACES, E = 12 MM, DE *2,75 X 1,85* M","M2    ","CR",43.83]
[34664,"CHAPA DE MDF BRANCO LISO 2 FACES, E = 15 MM, DE *2,75 X 1,85* M","M2    ","CR",47.83]
[34665,"CHAPA DE MDF BRANCO LISO 2 FACES, E = 18 MM, DE *2,75 X 1,85* M","M2    ","CR",59.37]
[34666,"CHAPA DE MDF BRANCO LISO 2 FACES, E = 25 MM, DE *2,75 X 1,85* M","M2    ","CR",89.68]
[34669,"CHAPA DE MDF BRANCO LISO 2 FACES, E = 6 MM, DE *2,75 X 1,85* M","M2    ","CR",32.880000000000003]
[34670,"CHAPA DE MDF BRANCO LISO 2 FACES, E = 9 MM, DE *2,75 X 1,85* M","M2    ","CR",40.22]
[34671,"CHAPA DE MDF CRU, E = 12 MM, DE *2,75 X 1,85* M","M2    ","CR",33.57]
[34672,"CHAPA DE MDF CRU, E = 15 MM, DE *2,75 X 1,85* M","M2    ","CR",35.4]
[34673,"CHAPA DE MDF CRU, E = 18 MM, DE *2,75 X 1,85* M","M2    ","CR",43.19]
[34674,"CHAPA DE MDF CRU, E = 20 MM, DE *2,75 X 1,85* M","M2    ","CR",57.42]
[34675,"CHAPA DE MDF CRU, E = 25 MM, DE *2,75 X 1,85* M","M2    ","CR",70.010000000000005]
[34676,"CHAPA DE MDF CRU, E = 6 MM, DE *2,75 X 1,85* M","M2    ","CR",20.149999999999999]
[34677,"CHAPA DE MDF CRU, E = 9 MM, DE *2,75 X 1,85* M","M2    ","CR",27.1]
[43126,"CHAPA EM ACO GALVANIZADO PARA STEEL DECK, COM NERVURAS TRAPEZOIDAIS, LARGURA UTIL DE 915 MM E ESPESSURA DE 0,80 MM","M2    ","AS",123.59]
[43124,"CHAPA EM ACO GALVANIZADO PARA STEEL DECK, COM NERVURAS TRAPEZOIDAIS, LARGURA UTIL DE 915 MM E ESPESSURA DE 0,95 MM","M2    ","AS",144.31]
[43125,"CHAPA EM ACO GALVANIZADO PARA STEEL DECK, COM NERVURAS TRAPEZOIDAIS, LARGURA UTIL DE 915 MM E ESPESSURA DE 1,25 MM","M2    ","AS",187.15]
[40623,"CHAPA PARA EMENDA DE VIGA, EM ACO GROSSO, QUALIDADE ESTRUTURAL, BITOLA 3/16 \", E= 4,75 MM, 4 FUROS, LARGURA 45 MM, COMPRIMENTO 500 MM","PAR   ","CR",111.37]
[43701,"CHAPA/BOBINA LISA EM ALUMINIO, LIGA 1.200 - H14, QUALQUER ESPESSURA, QUALQUER LARGURA","KG    ","C ",73.17]
[1345,"CHAPA/PAINEL DE MADEIRA COMPENSADA PLASTIFICADA (MADEIRITE PLASTIFICADO) PARA FORMA DE CONCRETO, DE 2200 x 1100 MM, E = *17* MM","M2    ","CR",91.9]
[1346,"CHAPA/PAINEL DE MADEIRA COMPENSADA PLASTIFICADA (MADEIRITE PLASTIFICADO) PARA FORMA DE CONCRETO, DE 2200 x 1100 MM, E = 10 MM","M2    ","CR",53.45]
[1347,"CHAPA/PAINEL DE MADEIRA COMPENSADA PLASTIFICADA (MADEIRITE PLASTIFICADO) PARA FORMA DE CONCRETO, DE 2200 x 1100 MM, E = 12 MM","M2    ","CR",66.23]
[43678,"CHAPA/PAINEL DE MADEIRA COMPENSADA PLASTIFICADA (MADEIRITE PLASTIFICADO) PARA FORMA DE CONCRETO, DE 2200 X 1100 MM, E = 14 MM","M2    ","CR",76.83]
[43680,"CHAPA/PAINEL DE MADEIRA COMPENSADA PLASTIFICADA (MADEIRITE PLASTIFICADO) PARA FORMA DE CONCRETO, DE 2200 X 1100 MM, E = 20 MM","M2    ","CR",110.68]
[43679,"CHAPA/PAINEL DE MADEIRA COMPENSADA PLASTIFICADA (MADEIRITE PLASTIFICADO) PARA FORMA DE CONCRETO, DE 2200 X 1100 MM, E = 6 MM","M2    ","CR",38.840000000000003]
[1355,"CHAPA/PAINEL DE MADEIRA COMPENSADA RESINADA (MADEIRITE RESINADO ROSA) PARA FORMA DE CONCRETO, DE 2200 x 1100 MM, E = 14 MM","M2    ","CR",44.2]
[1358,"CHAPA/PAINEL DE MADEIRA COMPENSADA RESINADA (MADEIRITE RESINADO ROSA) PARA FORMA DE CONCRETO, DE 2200 x 1100 MM, E = 17 MM","M2    ","CR",54.26]
[43681,"CHAPA/PAINEL DE MADEIRA COMPENSADA RESINADA (MADEIRITE RESINADO ROSA) PARA FORMA DE CONCRETO, DE 2200 x 1100 MM, E = 8 A 12 MM","M2    ","C ",34.19]
[43677,"CHAPA/PAINEL DE MADEIRA COMPENSADA RESINADA (MADEIRITE RESINADO ROSA) PARA FORMA DE CONCRETO, DE 2200 X 1100 MM, E = 20 MM","M2    ","CR",67.33]
[43682,"CHAPA/PAINEL DE MADEIRA COMPENSADA RESINADA (MADEIRITE RESINADO ROSA) PARA FORMA DE CONCRETO, DE 2200 X 1100 MM, E = 6 MM","M2    ","CR",20.64]
[20971,"CHAVE DUPLA PARA CONEXOES TIPO STORZ, ENGATE RAPIDO 1 1/2\" X 2 1/2\", EM LATAO, PARA INSTALACAO PREDIAL COMBATE A INCENDIO","UN    ","CR",23.8]
[13279,"CHUMBADOR DE ACO TIPO PARABOLT, * 5/8\" X 200* MM,  COM PORCA E ARRUELA","KG    ","CR",27.16]
[11977,"CHUMBADOR DE ACO, DIAMETRO 1/2\", COMPRIMENTO 75 MM","UN    ","CR",14.07]
[11975,"CHUMBADOR DE ACO, DIAMETRO 5/8\", COMPRIMENTO 6\", COM PORCA","UN    ","CR",30.84]
[39746,"CHUMBADOR DE ACO, 1\" X 600 MM, PARA POSTES DE ACO COM BASE, INCLUSO PORCA E ARRUELA","UN    ","CR",343.2]
[11976,"CHUMBADOR, DIAMETRO 1/4\" COM PARAFUSO 1/4\" X 40 MM","UN    ","CR",1.58]
[1368,"CHUVEIRO COMUM EM PLASTICO BRANCO, COM CANO, 3 TEMPERATURAS, 5500 W (110/220 V)","UN    ","C ",88.9]
[1367,"CHUVEIRO COMUM EM PLASTICO CROMADO, COM CANO, 4 TEMPERATURAS (110/220 V)","UN    ","CR",287.56]
[1380,"CIMENTO BRANCO","KG    ","CR",2.2000000000000002]
[1375,"CIMENTO IMPERMEABILIZANTE DE PEGA ULTRARRAPIDA PARA TAMPONAMENTOS","KG    ","CR",18.39]
[1379,"CIMENTO PORTLAND COMPOSTO CP II-32","KG    ","C ",0.7]
[13284,"CIMENTO PORTLAND DE ALTO FORNO (AF) CP III-40","KG    ","CR",0.7]
[44528,"CIMENTO PORTLAND ESTRUTURAL BRANCO  CPB-32","KG    ","CR",2.64]
[34753,"CIMENTO PORTLAND POZOLANICO CP IV-32","KG    ","CR",0.77]
[420,"CINTA CIRCULAR EM ACO GALVANIZADO DE 150 MM DE DIAMETRO PARA FIXACAO DE CAIXA MEDICAO, INCLUI PARAFUSOS E PORCAS","UN    ","AS",38.020000000000003]
[12327,"CINTA CIRCULAR EM ACO GALVANIZADO DE 210 MM DE DIAMETRO PARA INSTALACAO DE TRANSFORMADOR EM POSTE DE CONCRETO","UN    ","AS",45.29]
[36148,"CINTURAO DE SEGURANCA TIPO PARAQUEDISTA, FIVELA EM ACO, AJUSTE NO SUSPENSARIO, CINTURA E PERNAS","UN    ","CR",79.2]
[12329,"COBRE ELETROLITICO EM BARRA OU CHAPA","KG    ","CR",132.94999999999999]
[1339,"COLA A BASE DE RESINA SINTETICA PARA CHAPA DE LAMINADO MELAMINICO","KG    ","CR",50.94]
[44396,"COLA BRANCA BASE PVA","KG    ","CR",36.17]
[44327,"COLA PARA TUBOS E MANTAS ELASTOMERICAS, A BASE DE SOLVENTE","L     ","CR",123.03]
[37418,"COLAR DE TOMADA EM POLIPROPILENO, PP, COM PARAFUSOS, PARA PEAD, 63 X 1/2\" - LIGACAO PREDIAL DE AGUA","UN    ","AS",18.5]
[37419,"COLAR DE TOMADA EM POLIPROPILENO, PP, COM PARAFUSOS, PARA PEAD, 63 X 3/4\" - LIGACAO PREDIAL DE AGUA","UN    ","AS",19]
[1427,"COLAR TOMADA PVC, COM TRAVAS, SAIDA COM ROSCA, DE 110 MM X 1/2\" OU 110 MM X 3/4\", PARA LIGACAO PREDIAL DE AGUA","UN    ","AS",20.239999999999998]
[1402,"COLAR TOMADA PVC, COM TRAVAS, SAIDA COM ROSCA, DE 32 MM X 1/2\" OU 32 MM X 3/4\", PARA LIGACAO PREDIAL DE AGUA","UN    ","AS",7]
[1420,"COLAR TOMADA PVC, COM TRAVAS, SAIDA COM ROSCA, DE 40 MM X 1/2\" OU 40 MM X 3/4\", PARA LIGACAO PREDIAL DE AGUA","UN    ","AS",9.01]
[1419,"COLAR TOMADA PVC, COM TRAVAS, SAIDA COM ROSCA, DE 50 MM X 1/2\" OU 50 MM X 3/4\", PARA LIGACAO PREDIAL DE AGUA","UN    ","AS",10.88]
[1414,"COLAR TOMADA PVC, COM TRAVAS, SAIDA COM ROSCA, DE 60 MM X 1/2\" OU 60 MM X 3/4\", PARA LIGACAO PREDIAL DE AGUA","UN    ","AS",10.64]
[1413,"COLAR TOMADA PVC, COM TRAVAS, SAIDA COM ROSCA, DE 75 MM X 1/2\" OU 75 MM X 3/4\", PARA LIGACAO PREDIAL DE AGUA","UN    ","AS",15.72]
[1412,"COLAR TOMADA PVC, COM TRAVAS, SAIDA COM ROSCA, DE 85 MM X 1/2\" OU 85 MM X 3/4\", PARA LIGACAO PREDIAL DE AGUA","UN    ","AS",13.32]
[1406,"COLAR TOMADA PVC, COM TRAVAS, SAIDA ROSCAVEL COM BUCHA DE LATAO, DE 60 MM X 1/2\" OU 60 MM X 3/4\", PARA LIGACAO PREDIAL DE AGUA","UN    ","AS",16.07]
[11281,"COMPACTADOR DE SOLO A PERCUSSAO (SOQUETE), COM MOTOR GASOLINA DE 4 TEMPOS, PESO ENTRE 55 E 65 KG, FORCA DE IMPACTO DE 1.000 A 1.500 KGF, FREQUENCIA DE 600 A 700 GOLPES POR MINUTO, VELOCIDADE DE TRABALHO ENTRE 10 E 15 M/MIN, POTENCIA ENTRE 2,00 E 3,00 HP","UN    ","AS",11399.9]
[1442,"COMPACTADOR DE SOLO TIPO PLACA VIBRATORIA REVERSIVEL, A GASOLINA, 4 TEMPOS, PESO DE 125 A 150 KG, FORCA CENTRIFUGA DE 2500 A 2800 KGF, LARG. TRABALHO DE 400 A 450 MM, FREQ VIBRACAO DE 4300 A 4500 RPM, VELOC. TRABALHO DE 15 A 20 M/MIN, POT. DE 5,5 A 6,0 HP","UN    ","AS",9570.1299999999992]
[13457,"COMPACTADOR DE SOLO TIPO PLACA VIBRATORIA REVERSIVEL, A GASOLINA, 4 TEMPOS, PESO DE 150 A 175 KG, FORCA CENTRIFUGA DE 2800 A 3100 KGF, LARG. TRABALHO DE 450 A 520 MM, FREQ VIBRACAO DE 4000 A 4300 RPM, VELOC. TRABALHO DE 15 A 20 M/MIN, POT. DE 6,0 A 7,0 HP","UN    ","AS",8260.7900000000009]
[40699,"COMPACTADOR DE SOLO, TIPO PLACA VIBRATORIA NAO REVERSIVEL, COM MOTOR A GASOLINA DE 4 TEMPOS, PESO ENTRE 80 E 120 KG, FORCA CENTRIFUGA ENTRE 1300 E 2000 KGF, LARGURA DE TRABALHO ENTRE 400 E 500 MM, FREQUENCIA DE VIBRACAO ENTRE 4800 E 6000 RPM, VELOCIDADEDE TRABALHO ENTRE 20 E 30 M/MIN, POTENCIA ENTRE 5,0 E 6,0 HP","UN    ","AS",6385.91]
[40701,"COMPACTADOR DE SOLO, TIPO PLACA VIBRATORIA REVERSIVEL, COM MOTOR A DIESEL, PESO ENTRE 700 E 820 KG, FORCA CENTRIFUGA ENTRE 6.200 E 10.000 KGF, LARGURA DE TRABALHO ENTRE 650 E 720 MM, FREQUENCIA DE VIBRACAO ENTRE 3.000 E 3.500 RPM, VELOCIDADE DE TRABALHOENTRE 25 E 30 M/MIN, POTENCIA ENTRE 13,0 E 15,0 HP","UN    ","AS",112911.62]
[40700,"COMPACTADOR DE SOLO, TIPO PLACA VIBRATORIA REVERSIVEL, COM MOTOR A GASOLINA DE 4 TEMPOS, PESO ENTRE 160 E 265 KG, FORCA CENTRIFUGA ENTRE 2750 E 4000 KGF, LARGURA DE TRABALHO ENTRE 430 E 550 MM, FREQUENCIA DE VIBRACAO ENTRE 4000 E 5500 RPM, VELOCIDADE DETRABALHO ENTRE 20 E 25 M/MIN, POTENCIA ENTRE 7,5 E 9,0 HP","UN    ","AS",14865.56]
[13458,"COMPACTADOR DE SOLOS DE PERCURSAO (SOQUETE) COM MOTOR A GASOLINA 4 TEMPOS DE 4 HP (4 CV)","UN    ","AS",14125.96]
[11134,"COMPENSADO NAVAL - CHAPA/PAINEL EM MADEIRA COMPENSADA PRENSADA, DE 2200 X 1600 MM, E = 10 MM","M2    ","CR",76.150000000000006]
[11135,"COMPENSADO NAVAL - CHAPA/PAINEL EM MADEIRA COMPENSADA PRENSADA, DE 2200 X 1600 MM, E = 12 MM","M2    ","CR",82.22]
[11136,"COMPENSADO NAVAL - CHAPA/PAINEL EM MADEIRA COMPENSADA PRENSADA, DE 2200 X 1600 MM, E = 15 MM","M2    ","CR",94.14]
[34743,"COMPENSADO NAVAL - CHAPA/PAINEL EM MADEIRA COMPENSADA PRENSADA, DE 2200 X 1600 MM, E = 18 MM","M2    ","CR",113.59]
[11137,"COMPENSADO NAVAL - CHAPA/PAINEL EM MADEIRA COMPENSADA PRENSADA, DE 2200 X 1600 MM, E = 20 MM","M2    ","CR",129.01]
[34745,"COMPENSADO NAVAL - CHAPA/PAINEL EM MADEIRA COMPENSADA PRENSADA, DE 2200 X 1600 MM, E = 25 MM","M2    ","CR",153.41999999999999]
[34746,"COMPENSADO NAVAL - CHAPA/PAINEL EM MADEIRA COMPENSADA PRENSADA, DE 2200 X 1600 MM, E = 4 MM","M2    ","CR",41.84]
[1360,"COMPENSADO NAVAL - CHAPA/PAINEL EM MADEIRA COMPENSADA PRENSADA, DE 2200 X 1600 MM, E = 6 MM","M2    ","CR",48.81]
[36524,"COMPRESSOR DE AR ESTACIONARIO, VAZAO 620 PCM, PRESSAO EFETIVA DE TRABALHO 109 PSI, MOTOR ELETRICO, POTENCIA 127 CV","UN    ","AS",181752.59]
[36526,"COMPRESSOR DE AR REBOCAVEL VAZAO 400 PCM, PRESSAO EFETIVA DE TRABALHO 102 PSI, MOTOR DIESEL, POTENCIA 110 CV","UN    ","AS",146463.64000000001]
[36523,"COMPRESSOR DE AR REBOCAVEL VAZAO 748 PCM, PRESSAO EFETIVA DE TRABALHO 102 PSI, MOTOR DIESEL, POTENCIA 210 CV","UN    ","AS",313558.89]
[36527,"COMPRESSOR DE AR REBOCAVEL VAZAO 860 PCM, PRESSAO EFETIVA DE TRABALHO 102 PSI, MOTOR DIESEL, POTENCIA 250 CV","UN    ","AS",340589.54]
[13803,"COMPRESSOR DE AR REBOCAVEL, VAZAO *89* PCM, PRESSAO EFETIVA DE TRABALHO *102* PSI, MOTOR DIESEL, POTENCIA *20* CV","UN    ","AS",123154.21]
[38642,"COMPRESSOR DE AR REBOCAVEL, VAZAO 152 PCM, PRESSAO EFETIVA DE TRABALHO 102 PSI, MOTOR DIESEL, POTENCIA 31,5 KW","UN    ","AS",79297.98]
[36522,"COMPRESSOR DE AR REBOCAVEL, VAZAO 189 PCM, PRESSAO EFETIVA DE TRABALHO 102 PSI, MOTOR DIESEL, POTENCIA 63 CV","UN    ","AS",92222.61]
[36525,"COMPRESSOR DE AR REBOCAVEL, VAZAO 250 PCM, PRESSAO EFETIVA DE TRABALHO 102 PSI, MOTOR DIESEL, POTENCIA 81 CV","UN    ","AS",123507.61]
[34348,"CONCERTINA CLIPADA (DUPLA) EM ACO GALVANIZADO DE ALTA RESISTENCIA, COM ESPIRAL DE 300 MM, D = 2,76 MM","M     ","CR",28.28]
[34347,"CONCERTINA SIMPLES EM ACO GALVANIZADO DE ALTA RESISTENCIA, COM ESPIRAL DE 300 MM, D = 2,76 MM","M     ","CR",20.22]
[11146,"CONCRETO AUTOADENSAVEL (CAA) CLASSE DE RESISTENCIA C15, ESPALHAMENTO SF2, INCLUI SERVICO DE BOMBEAMENTO (NBR 15823)","M3    ","CR",506.36]
[11147,"CONCRETO AUTOADENSAVEL (CAA) CLASSE DE RESISTENCIA C20, ESPALHAMENTO SF2, INCLUI SERVICO DE BOMBEAMENTO (NBR 15823)","M3    ","CR",526.17999999999995]
[34872,"CONCRETO AUTOADENSAVEL (CAA) CLASSE DE RESISTENCIA C25, ESPALHAMENTO SF2, INCLUI SERVICO DE BOMBEAMENTO (NBR 15823)","M3    ","CR",532.08000000000004]
[34491,"CONCRETO AUTOADENSAVEL (CAA) CLASSE DE RESISTENCIA C30, ESPALHAMENTO SF2, INCLUI SERVICO DE BOMBEAMENTO (NBR 15823)","M3    ","CR",547.5]
[34770,"CONCRETO BETUMINOSO USINADO A QUENTE (CBUQ) PARA PAVIMENTACAO ASFALTICA, PADRAO DNIT, FAIXA C, COM CAP 30/45 - AQUISICAO POSTO USINA","T     ","CR",735.66]
[1518,"CONCRETO BETUMINOSO USINADO A QUENTE (CBUQ) PARA PAVIMENTACAO ASFALTICA, PADRAO DNIT, FAIXA C, COM CAP 50/70 - AQUISICAO POSTO USINA","T     ","C ",750]
[41965,"CONCRETO BETUMINOSO USINADO A QUENTE (CBUQ) PARA PAVIMENTACAO ASFALTICA, PADRAO DNIT, PARA BINDER, COM CAP 50/70 - AQUISICAO POSTO USINA","T     ","CR",657.63]
[34492,"CONCRETO USINADO BOMBEAVEL, CLASSE DE RESISTENCIA C20, COM BRITA 0 E 1, SLUMP = 100 +/- 20 MM, EXCLUI SERVICO DE BOMBEAMENTO (NBR 8953)","M3    ","C ",450]
[1524,"CONCRETO USINADO BOMBEAVEL, CLASSE DE RESISTENCIA C20, COM BRITA 0 E 1, SLUMP = 100 +/- 20 MM, INCLUI SERVICO DE BOMBEAMENTO (NBR 8953)","M3    ","CR",485.81]
[38404,"CONCRETO USINADO BOMBEAVEL, CLASSE DE RESISTENCIA C20, COM BRITA 0 E 1, SLUMP = 130 +/- 20 MM, EXCLUI SERVICO DE BOMBEAMENTO (NBR 8953)","M3    ","CR",466.11]
[39849,"CONCRETO USINADO BOMBEAVEL, CLASSE DE RESISTENCIA C20, COM BRITA 0 E 1, SLUMP = 190 +/- 20 MM, INCLUI SERVICO DE BOMBEAMENTO (NBR 8953)","M3    ","CR",534.16]
[38464,"CONCRETO USINADO BOMBEAVEL, CLASSE DE RESISTENCIA C20, COM BRITA 0, SLUMP = 220 +/- 20 MM, INCLUI SERVICO DE BOMBEAMENTO (NBR 8953)","M3    ","CR",541.91999999999996]
[34493,"CONCRETO USINADO BOMBEAVEL, CLASSE DE RESISTENCIA C25, COM BRITA 0 E 1, SLUMP = 100 +/- 20 MM, EXCLUI SERVICO DE BOMBEAMENTO (NBR 8953)","M3    ","CR",462.68]
[1527,"CONCRETO USINADO BOMBEAVEL, CLASSE DE RESISTENCIA C25, COM BRITA 0 E 1, SLUMP = 100 +/- 20 MM, INCLUI SERVICO DE BOMBEAMENTO (NBR 8953)","M3    ","CR",501.24]
[38405,"CONCRETO USINADO BOMBEAVEL, CLASSE DE RESISTENCIA C25, COM BRITA 0 E 1, SLUMP = 130 +/- 20 MM, EXCLUI SERVICO DE BOMBEAMENTO (NBR 8953)","M3    ","CR",480.49]
[38408,"CONCRETO USINADO BOMBEAVEL, CLASSE DE RESISTENCIA C25, COM BRITA 0 E 1, SLUMP = 190 +/- 20 MM, EXCLUI SERVICO DE BOMBEAMENTO (NBR 8953)","M3    ","CR",531.85]
[34494,"CONCRETO USINADO BOMBEAVEL, CLASSE DE RESISTENCIA C30, COM BRITA 0 E 1, SLUMP = 100 +/- 20 MM, EXCLUI SERVICO DE BOMBEAMENTO (NBR 8953)","M3    ","CR",478.1]
[1525,"CONCRETO USINADO BOMBEAVEL, CLASSE DE RESISTENCIA C30, COM BRITA 0 E 1, SLUMP = 100 +/- 20 MM, INCLUI SERVICO DE BOMBEAMENTO (NBR 8953)","M3    ","CR",516.66]
[38406,"CONCRETO USINADO BOMBEAVEL, CLASSE DE RESISTENCIA C30, COM BRITA 0 E 1, SLUMP = 130 +/- 20 MM, EXCLUI SERVICO DE BOMBEAMENTO (NBR 8953)","M3    ","CR",507.36]
[38409,"CONCRETO USINADO BOMBEAVEL, CLASSE DE RESISTENCIA C30, COM BRITA 0 E 1, SLUMP = 190 +/- 20 MM, EXCLUI SERVICO DE BOMBEAMENTO (NBR 8953)","M3    ","CR",535.47]
[43360,"CONCRETO USINADO BOMBEAVEL, CLASSE DE RESISTENCIA C30, COM BRITA 0 E 1, SLUMP = 220 +/- 30 MM, EXCLUI SERVICO DE BOMBEAMENTO (NBR 8953)","M3    ","CR",558.35]
[34495,"CONCRETO USINADO BOMBEAVEL, CLASSE DE RESISTENCIA C35, COM BRITA 0 E 1, SLUMP = 100 +/- 20 MM, EXCLUI SERVICO DE BOMBEAMENTO (NBR 8953)","M3    ","CR",493.52]
[11145,"CONCRETO USINADO BOMBEAVEL, CLASSE DE RESISTENCIA C35, COM BRITA 0 E 1, SLUMP = 100 +/- 20 MM, INCLUI SERVICO DE BOMBEAMENTO (NBR 8953)","M3    ","CR",532.08000000000004]
[34496,"CONCRETO USINADO BOMBEAVEL, CLASSE DE RESISTENCIA C40, COM BRITA 0 E 1, SLUMP = 100 +/- 20 MM, EXCLUI SERVICO DE BOMBEAMENTO (NBR 8953)","M3    ","CR",514.83000000000004]
[34479,"CONCRETO USINADO BOMBEAVEL, CLASSE DE RESISTENCIA C40, COM BRITA 0 E 1, SLUMP = 100 +/- 20 MM, INCLUI SERVICO DE BOMBEAMENTO (NBR 8953)","M3    ","CR",547.5]
[34481,"CONCRETO USINADO BOMBEAVEL, CLASSE DE RESISTENCIA C45, COM BRITA 0 E 1, SLUMP = 100 +/- 20 MM, INCLUI SERVICO DE BOMBEAMENTO (NBR 8953)","M3    ","CR",572.08000000000004]
[34483,"CONCRETO USINADO BOMBEAVEL, CLASSE DE RESISTENCIA C50, COM BRITA 0 E 1, SLUMP = 100 +/- 20 MM, INCLUI SERVICO DE BOMBEAMENTO (NBR 8953)","M3    ","CR",611.22]
[34485,"CONCRETO USINADO BOMBEAVEL, CLASSE DE RESISTENCIA C60, COM BRITA 0 E 1, SLUMP = 100 +/- 20 MM, INCLUI SERVICO DE BOMBEAMENTO (NBR 8953)","M3    ","CR",653.64]
[14041,"CONCRETO USINADO CONVENCIONAL (NAO BOMBEAVEL) CLASSE DE RESISTENCIA C10, COM BRITA 1 E 2, SLUMP = 80 MM +/- 10 MM (NBR 8953)","M3    ","CR",424.89]
[1523,"CONCRETO USINADO CONVENCIONAL (NAO BOMBEAVEL) CLASSE DE RESISTENCIA C15, COM BRITA 1 E 2, SLUMP = 80 MM +/- 10 MM (NBR 8953)","M3    ","CR",431.84]
[14052,"CONDULETE DE ALUMINIO TIPO B, PARA ELETRODUTO ROSCAVEL DE 1/2\", COM TAMPA CEGA","UN    ","CR",13.85]
[14054,"CONDULETE DE ALUMINIO TIPO B, PARA ELETRODUTO ROSCAVEL DE 1\", COM TAMPA CEGA","UN    ","CR",18]
[14053,"CONDULETE DE ALUMINIO TIPO B, PARA ELETRODUTO ROSCAVEL DE 3/4\", COM TAMPA CEGA","UN    ","CR",14.06]
[2558,"CONDULETE DE ALUMINIO TIPO C, PARA ELETRODUTO ROSCAVEL DE 1/2\", COM TAMPA CEGA","UN    ","CR",10.58]
[2560,"CONDULETE DE ALUMINIO TIPO C, PARA ELETRODUTO ROSCAVEL DE 1\", COM TAMPA CEGA","UN    ","CR",18.63]
[2559,"CONDULETE DE ALUMINIO TIPO C, PARA ELETRODUTO ROSCAVEL DE 3/4\", COM TAMPA CEGA","UN    ","C ",14.9]
[2592,"CONDULETE DE ALUMINIO TIPO C, PARA ELETRODUTO ROSCAVEL DE 4\", COM TAMPA CEGA","UN    ","CR",247.01]
[2566,"CONDULETE DE ALUMINIO TIPO E, PARA ELETRODUTO ROSCAVEL DE 1  1/4\", COM TAMPA CEGA","UN    ","CR",24.86]
[2589,"CONDULETE DE ALUMINIO TIPO E, PARA ELETRODUTO ROSCAVEL DE 1 1/2\", COM TAMPA CEGA","UN    ","CR",33.04]
[2591,"CONDULETE DE ALUMINIO TIPO E, PARA ELETRODUTO ROSCAVEL DE 1/2\", COM TAMPA CEGA","UN    ","CR",12.05]
[2590,"CONDULETE DE ALUMINIO TIPO E, PARA ELETRODUTO ROSCAVEL DE 1\", COM TAMPA CEGA","UN    ","CR",20.27]
[2567,"CONDULETE DE ALUMINIO TIPO E, PARA ELETRODUTO ROSCAVEL DE 2\", COM TAMPA CEGA","UN    ","CR",48.46]
[2565,"CONDULETE DE ALUMINIO TIPO E, PARA ELETRODUTO ROSCAVEL DE 3/4\", COM TAMPA CEGA","UN    ","CR",12.07]
[2568,"CONDULETE DE ALUMINIO TIPO E, PARA ELETRODUTO ROSCAVEL DE 3\", COM TAMPA CEGA","UN    ","CR",134.58000000000001]
[2594,"CONDULETE DE ALUMINIO TIPO E, PARA ELETRODUTO ROSCAVEL DE 4\", COM TAMPA CEGA","UN    ","CR",224.2]
[2587,"CONDULETE DE ALUMINIO TIPO LR, PARA ELETRODUTO ROSCAVEL DE 1 1/2\", COM TAMPA CEGA","UN    ","CR",38.21]
[2588,"CONDULETE DE ALUMINIO TIPO LR, PARA ELETRODUTO ROSCAVEL DE 1 1/4\", COM TAMPA CEGA","UN    ","CR",30.35]
[2569,"CONDULETE DE ALUMINIO TIPO LR, PARA ELETRODUTO ROSCAVEL DE 1/2\", COM TAMPA CEGA","UN    ","CR",11.69]
[2570,"CONDULETE DE ALUMINIO TIPO LR, PARA ELETRODUTO ROSCAVEL DE 1\", COM TAMPA CEGA","UN    ","CR",19.600000000000001]
[2571,"CONDULETE DE ALUMINIO TIPO LR, PARA ELETRODUTO ROSCAVEL DE 2\", COM TAMPA CEGA","UN    ","CR",58.19]
[2593,"CONDULETE DE ALUMINIO TIPO LR, PARA ELETRODUTO ROSCAVEL DE 3/4\", COM TAMPA CEGA","UN    ","CR",12.47]
[2572,"CONDULETE DE ALUMINIO TIPO LR, PARA ELETRODUTO ROSCAVEL DE 3\", COM TAMPA CEGA","UN    ","CR",172.1]
[2595,"CONDULETE DE ALUMINIO TIPO LR, PARA ELETRODUTO ROSCAVEL DE 4\", COM TAMPA CEGA","UN    ","CR",268.51]
[2576,"CONDULETE DE ALUMINIO TIPO T, PARA ELETRODUTO ROSCAVEL DE 1 1/2\", COM TAMPA CEGA","UN    ","CR",45.77]
[2575,"CONDULETE DE ALUMINIO TIPO T, PARA ELETRODUTO ROSCAVEL DE 1 1/4\", COM TAMPA CEGA","UN    ","CR",34.409999999999997]
[2573,"CONDULETE DE ALUMINIO TIPO T, PARA ELETRODUTO ROSCAVEL DE 1/2\", COM TAMPA CEGA","UN    ","CR",14.29]
[2586,"CONDULETE DE ALUMINIO TIPO T, PARA ELETRODUTO ROSCAVEL DE 1\", COM TAMPA CEGA","UN    ","CR",23.16]
[2577,"CONDULETE DE ALUMINIO TIPO T, PARA ELETRODUTO ROSCAVEL DE 2\", COM TAMPA CEGA","UN    ","CR",62.02]
[2574,"CONDULETE DE ALUMINIO TIPO T, PARA ELETRODUTO ROSCAVEL DE 3/4\", COM TAMPA CEGA","UN    ","CR",14.38]
[2578,"CONDULETE DE ALUMINIO TIPO T, PARA ELETRODUTO ROSCAVEL DE 3\", COM TAMPA CEGA","UN    ","CR",193.64]
[2585,"CONDULETE DE ALUMINIO TIPO T, PARA ELETRODUTO ROSCAVEL DE 4\", COM TAMPA CEGA","UN    ","CR",265.73]
[12008,"CONDULETE DE ALUMINIO TIPO TB, PARA ELETRODUTO ROSCAVEL DE 3\", COM TAMPA CEGA","UN    ","CR",142.57]
[2582,"CONDULETE DE ALUMINIO TIPO X, PARA ELETRODUTO ROSCAVEL DE 1 1/2\", COM TAMPA CEGA","UN    ","CR",42.46]
[2597,"CONDULETE DE ALUMINIO TIPO X, PARA ELETRODUTO ROSCAVEL DE 1 1/4\", COM TAMPA CEGA","UN    ","CR",36.39]
[2579,"CONDULETE DE ALUMINIO TIPO X, PARA ELETRODUTO ROSCAVEL DE 1/2\", COM TAMPA CEGA","UN    ","CR",17.32]
[2581,"CONDULETE DE ALUMINIO TIPO X, PARA ELETRODUTO ROSCAVEL DE 1\", COM TAMPA CEGA","UN    ","CR",22.17]
[2596,"CONDULETE DE ALUMINIO TIPO X, PARA ELETRODUTO ROSCAVEL DE 2\", COM TAMPA CEGA","UN    ","CR",65.56]
[2580,"CONDULETE DE ALUMINIO TIPO X, PARA ELETRODUTO ROSCAVEL DE 3/4\", COM TAMPA CEGA","UN    ","CR",18.989999999999998]
[2583,"CONDULETE DE ALUMINIO TIPO X, PARA ELETRODUTO ROSCAVEL DE 3\", COM TAMPA CEGA","UN    ","CR",159.46]
[2584,"CONDULETE DE ALUMINIO TIPO X, PARA ELETRODUTO ROSCAVEL DE 4\", COM TAMPA CEGA","UN    ","CR",265.45]
[12010,"CONDULETE EM PVC, TIPO \"B\", SEM TAMPA, DE 1/2\" OU 3/4\"","UN    ","CR",14.33]
[39329,"CONDULETE EM PVC, TIPO \"B\", SEM TAMPA, DE 1\"","UN    ","CR",14.98]
[39330,"CONDULETE EM PVC, TIPO \"C\", SEM TAMPA, DE 1/2\"","UN    ","CR",15.76]
[39332,"CONDULETE EM PVC, TIPO \"C\", SEM TAMPA, DE 1\"","UN    ","CR",17.62]
[39331,"CONDULETE EM PVC, TIPO \"C\", SEM TAMPA, DE 3/4\"","UN    ","CR",14.02]
[39333,"CONDULETE EM PVC, TIPO \"E\", SEM TAMPA, DE 1/2\"","UN    ","CR",13.67]
[39335,"CONDULETE EM PVC, TIPO \"E\", SEM TAMPA, DE 1\"","UN    ","CR",15.82]
[39334,"CONDULETE EM PVC, TIPO \"E\", SEM TAMPA, DE 3/4\"","UN    ","CR",12.58]
[12016,"CONDULETE EM PVC, TIPO \"LB\", SEM TAMPA, DE 1/2\" OU 3/4\"","UN    ","CR",15.79]
[12015,"CONDULETE EM PVC, TIPO \"LB\", SEM TAMPA, DE 1\"","UN    ","CR",18.38]
[12020,"CONDULETE EM PVC, TIPO \"LL\", SEM TAMPA, DE 1/2\" OU 3/4\"","UN    ","CR",15.79]
[12019,"CONDULETE EM PVC, TIPO \"LL\", SEM TAMPA, DE 1\"","UN    ","CR",18.38]
[39336,"CONDULETE EM PVC, TIPO \"LR\", SEM TAMPA, DE 1/2\"","UN    ","CR",15.76]
[39338,"CONDULETE EM PVC, TIPO \"LR\", SEM TAMPA, DE 1\"","UN    ","CR",17.62]
[39337,"CONDULETE EM PVC, TIPO \"LR\", SEM TAMPA, DE 3/4\"","UN    ","CR",14.02]
[39341,"CONDULETE EM PVC, TIPO \"T\", SEM TAMPA, DE 1\"","UN    ","CR",22.97]
[39340,"CONDULETE EM PVC, TIPO \"T\", SEM TAMPA, DE 3/4\"","UN    ","CR",16.86]
[12025,"CONDULETE EM PVC, TIPO \"TB\", SEM TAMPA, DE 1/2\" OU 3/4\"","UN    ","CR",17.420000000000002]
[39342,"CONDULETE EM PVC, TIPO \"TB\", SEM TAMPA, DE 1\"","UN    ","CR",22.97]
[39343,"CONDULETE EM PVC, TIPO \"X\", SEM TAMPA, DE 1/2\"","UN    ","CR",19.39]
[39345,"CONDULETE EM PVC, TIPO \"X\", SEM TAMPA, DE 1\"","UN    ","CR",26.24]
[39344,"CONDULETE EM PVC, TIPO \"X\", SEM TAMPA, DE 3/4\"","UN    ","CR",18.75]
[12623,"CONDUTOR PLUVIAL, PVC, CIRCULAR, DIAMETRO ENTRE 80 E 100 MM, PARA DRENAGEM PLUVIAL PREDIAL","M     ","CR",43.83]
[34498,"CONE DE SINALIZACAO EM PVC FLEXIVEL, H = 70 / 76 CM (NBR 15071)","UN    ","CR",123.53]
[13244,"CONE DE SINALIZACAO EM PVC RIGIDO COM FAIXA REFLETIVA, H = 70 / 76 CM","UN    ","C ",52]
[38998,"CONECTOR / ADAPTADOR F/F, COM INSERTO METALICO, PPR, DN 25 MM X 1/2\", PARA AGUA QUENTE E FRIA PREDIAL","UN    ","AS",10.36]
[38999,"CONECTOR / ADAPTADOR F/F, COM INSERTO METALICO, PPR, DN 32 MM X 3/4\", PARA AGUA QUENTE E FRIA PREDIAL","UN    ","AS",26.19]
[38996,"CONECTOR / ADAPTADOR F/M, COM INSERTO METALICO, PPR, DN 25 MM X 1/2\", PARA AGUA QUENTE E FRIA PREDIAL","UN    ","AS",18.510000000000002]
[44173,"CONECTOR / ADAPTADOR F/M, COM INSERTO METALICO, PPR, DN 25 MM X 3/4\", PARA AGUA QUENTE E FRIA PREDIAL","UN    ","AS",18]
[44174,"CONECTOR / ADAPTADOR F/M, COM INSERTO METALICO, PPR, DN 32 MM X 1\", PARA AGUA QUENTE E FRIA PREDIAL","UN    ","AS",29.47]
[38997,"CONECTOR / ADAPTADOR F/M, COM INSERTO METALICO, PPR, DN 32 MM X 3/4\", PARA AGUA QUENTE E FRIA PREDIAL","UN    ","AS",26.48]
[39600,"CONECTOR / TOMADA FEMEA RJ 45, CATEGORIA 5 E (CAT 5E) PARA CABOS","UN    ","CR",13.84]
[39601,"CONECTOR / TOMADA FEMEA RJ 45, CATEGORIA 6 (CAT 6) PARA CABOS","UN    ","CR",29.36]
[39862,"CONECTOR BRONZE/LATAO (REF 603) SEM ANEL DE SOLDA, BOLSA X ROSCA F, 15 MM X 1/2\"","UN    ","CR",26.87]
[39863,"CONECTOR BRONZE/LATAO (REF 603) SEM ANEL DE SOLDA, BOLSA X ROSCA F, 22 MM X 1/2\"","UN    ","CR",27.25]
[39864,"CONECTOR BRONZE/LATAO (REF 603) SEM ANEL DE SOLDA, BOLSA X ROSCA F, 22 MM X 3/4\"","UN    ","CR",33.81]
[39865,"CONECTOR BRONZE/LATAO (REF 603) SEM ANEL DE SOLDA, BOLSA X ROSCA F, 28 MM X 1/2\"","UN    ","CR",47.66]
[2517,"CONECTOR CURVO 90 GRAUS DE ALUMINIO, BITOLA 1 1/2\", PARA ADAPTAR ENTRADA DE ELETRODUTO METALICO FLEXIVEL EM QUADROS","UN    ","CR",26.45]
[2522,"CONECTOR CURVO 90 GRAUS DE ALUMINIO, BITOLA 1 1/4\", PARA ADAPTAR ENTRADA DE ELETRODUTO METALICO FLEXIVEL EM QUADROS","UN    ","CR",17.09]
[2548,"CONECTOR CURVO 90 GRAUS DE ALUMINIO, BITOLA 1/2\", PARA ADAPTAR ENTRADA DE ELETRODUTO METALICO FLEXIVEL EM QUADROS","UN    ","CR",10.51]
[2516,"CONECTOR CURVO 90 GRAUS DE ALUMINIO, BITOLA 1\", PARA ADAPTAR ENTRADA DE ELETRODUTO METALICO FLEXIVEL EM QUADROS","UN    ","CR",13.72]
[2518,"CONECTOR CURVO 90 GRAUS DE ALUMINIO, BITOLA 2 1/2\", PARA ADAPTAR ENTRADA DE ELETRODUTO METALICO FLEXIVEL EM QUADROS","UN    ","CR",125.89]
[2521,"CONECTOR CURVO 90 GRAUS DE ALUMINIO, BITOLA 2\", PARA ADAPTAR ENTRADA DE ELETRODUTO METALICO FLEXIVEL EM QUADROS","UN    ","CR",53.59]
[2515,"CONECTOR CURVO 90 GRAUS DE ALUMINIO, BITOLA 3/4\", PARA ADAPTAR ENTRADA DE ELETRODUTO METALICO FLEXIVEL EM QUADROS","UN    ","CR",11.42]
[2519,"CONECTOR CURVO 90 GRAUS DE ALUMINIO, BITOLA 3\", PARA ADAPTAR ENTRADA DE ELETRODUTO METALICO FLEXIVEL EM QUADROS","UN    ","CR",151.80000000000001]
[2520,"CONECTOR CURVO 90 GRAUS DE ALUMINIO, BITOLA 4\", PARA ADAPTAR ENTRADA DE ELETRODUTO METALICO FLEXIVEL EM QUADROS","UN    ","CR",279.39]
[1602,"CONECTOR DE ALUMINIO TIPO PRENSA CABO, BITOLA 1 1/2\", PARA CABOS DE DIAMETRO DE 37 A 40 MM","UN    ","CR",54.93]
[1601,"CONECTOR DE ALUMINIO TIPO PRENSA CABO, BITOLA 1 1/4\", PARA CABOS DE DIAMETRO DE 31 A 34 MM","UN    ","CR",48.95]
[1598,"CONECTOR DE ALUMINIO TIPO PRENSA CABO, BITOLA 1/2\", PARA CABOS DE DIAMETRO DE 12,5 A 15 MM","UN    ","CR",14.49]
[1600,"CONECTOR DE ALUMINIO TIPO PRENSA CABO, BITOLA 1\", PARA CABOS DE DIAMETRO DE 22,5 A 25 MM","UN    ","CR",21.38]
[1603,"CONECTOR DE ALUMINIO TIPO PRENSA CABO, BITOLA 2\", PARA CABOS DE DIAMETRO DE 47,5 A 50 MM","UN    ","CR",82.93]
[1599,"CONECTOR DE ALUMINIO TIPO PRENSA CABO, BITOLA 3/4\", PARA CABOS DE DIAMETRO DE 17,5 A 20 MM","UN    ","CR",16.809999999999999]
[1597,"CONECTOR DE ALUMINIO TIPO PRENSA CABO, BITOLA 3/8\", PARA CABOS DE DIAMETRO DE 9 A 10 MM","UN    ","CR",13.62]
[39602,"CONECTOR MACHO RJ 45, CATEGORIA 5 E (CAT 5E) PARA CABOS","UN    ","CR",1.46]
[39603,"CONECTOR MACHO RJ 45, CATEGORIA 6 (CAT 6) PARA CABOS","UN    ","CR",3.13]
[11821,"CONECTOR METALICO TIPO PARAFUSO FENDIDO (SPLIT BOLT), COM SEPARADOR DE CABOS BIMETALICOS, PARA CABOS ATE 25 MM2","UN    ","CR",11.19]
[1562,"CONECTOR METALICO TIPO PARAFUSO FENDIDO (SPLIT BOLT), COM SEPARADOR DE CABOS BIMETALICOS, PARA CABOS ATE 50 MM2","UN    ","CR",18.32]
[1563,"CONECTOR METALICO TIPO PARAFUSO FENDIDO (SPLIT BOLT), COM SEPARADOR DE CABOS BIMETALICOS, PARA CABOS ATE 70 MM2","UN    ","CR",24.59]
[11856,"CONECTOR METALICO TIPO PARAFUSO FENDIDO (SPLIT BOLT), PARA CABOS ATE 10 MM2","UN    ","C ",7.33]
[11857,"CONECTOR METALICO TIPO PARAFUSO FENDIDO (SPLIT BOLT), PARA CABOS ATE 120 MM2","UN    ","CR",38.58]
[11858,"CONECTOR METALICO TIPO PARAFUSO FENDIDO (SPLIT BOLT), PARA CABOS ATE 150 MM2","UN    ","CR",47.88]
[1539,"CONECTOR METALICO TIPO PARAFUSO FENDIDO (SPLIT BOLT), PARA CABOS ATE 16 MM2","UN    ","CR",8.61]
[11859,"CONECTOR METALICO TIPO PARAFUSO FENDIDO (SPLIT BOLT), PARA CABOS ATE 185 MM2","UN    ","CR",65.14]
[1550,"CONECTOR METALICO TIPO PARAFUSO FENDIDO (SPLIT BOLT), PARA CABOS ATE 25 MM2","UN    ","CR",9.09]
[11854,"CONECTOR METALICO TIPO PARAFUSO FENDIDO (SPLIT BOLT), PARA CABOS ATE 35 MM2","UN    ","CR",11.35]
[11862,"CONECTOR METALICO TIPO PARAFUSO FENDIDO (SPLIT BOLT), PARA CABOS ATE 50 MM2","UN    ","CR",15.93]
[11863,"CONECTOR METALICO TIPO PARAFUSO FENDIDO (SPLIT BOLT), PARA CABOS ATE 6 MM2","UN    ","CR",6.43]
[11855,"CONECTOR METALICO TIPO PARAFUSO FENDIDO (SPLIT BOLT), PARA CABOS ATE 70 MM2","UN    ","CR",23.78]
[11864,"CONECTOR METALICO TIPO PARAFUSO FENDIDO (SPLIT BOLT), PARA CABOS ATE 95 MM2","UN    ","CR",35.950000000000003]
[2527,"CONECTOR RETO DE ALUMINIO PARA ELETRODUTO DE 1 1/2\", PARA ADAPTAR ENTRADA DE ELETRODUTO METALICO FLEXIVEL EM QUADROS","UN    ","CR",9.4600000000000009]
[2526,"CONECTOR RETO DE ALUMINIO PARA ELETRODUTO DE 1 1/4\", PARA ADAPTAR ENTRADA DE ELETRODUTO METALICO FLEXIVEL EM QUADROS","UN    ","CR",6.06]
[2487,"CONECTOR RETO DE ALUMINIO PARA ELETRODUTO DE 1/2\", PARA ADAPTAR ENTRADA DE ELETRODUTO METALICO FLEXIVEL EM QUADROS","UN    ","CR",2.0699999999999998]
[2483,"CONECTOR RETO DE ALUMINIO PARA ELETRODUTO DE 1\", PARA ADAPTAR ENTRADA DE ELETRODUTO METALICO FLEXIVEL EM QUADROS","UN    ","CR",4.32]
[2528,"CONECTOR RETO DE ALUMINIO PARA ELETRODUTO DE 2 1/2\", PARA ADAPTAR ENTRADA DE ELETRODUTO METALICO FLEXIVEL EM QUADROS","UN    ","CR",23.82]
[2489,"CONECTOR RETO DE ALUMINIO PARA ELETRODUTO DE 2\", PARA ADAPTAR ENTRADA DE ELETRODUTO METALICO FLEXIVEL EM QUADROS","UN    ","CR",10.49]
[2488,"CONECTOR RETO DE ALUMINIO PARA ELETRODUTO DE 3/4\", PARA ADAPTAR ENTRADA DE ELETRODUTO METALICO FLEXIVEL EM QUADROS","UN    ","CR",2.42]
[2484,"CONECTOR RETO DE ALUMINIO PARA ELETRODUTO DE 3\", PARA ADAPTAR ENTRADA DE ELETRODUTO METALICO FLEXIVEL EM QUADROS","UN    ","CR",34.6]
[2485,"CONECTOR RETO DE ALUMINIO PARA ELETRODUTO DE 4\", PARA ADAPTAR ENTRADA DE ELETRODUTO METALICO FLEXIVEL EM QUADROS","UN    ","CR",54.23]
[39279,"CONECTOR/ADAPTADOR FIXO, ROSCA FEMEA, EM PLASTICO, DN 16 MM X 1/2\", PARA CONEXAO COM CRIMPAGEM, EM TUBO PEX PARA INST. AGUA QUENTE/FRIA","UN    ","AS",8.2200000000000006]
[39280,"CONECTOR/ADAPTADOR FIXO, ROSCA FEMEA, EM PLASTICO, DN 20 MM X 1/2\", PARA CONEXAO COM CRIMPAGEM, EM TUBO PEX PARA INST. AGUA QUENTE/FRIA","UN    ","AS",9.2100000000000009]
[39281,"CONECTOR/ADAPTADOR FIXO, ROSCA FEMEA, EM PLASTICO, DN 20 MM X 3/4\", PARA CONEXAO COM CRIMPAGEM, EM TUBO PEX PARA INST. AGUA QUENTE/FRIA","UN    ","AS",12.18]
[39282,"CONECTOR/ADAPTADOR FIXO, ROSCA FEMEA, EM PLASTICO, DN 25 MM X 3/4\", PARA CONEXAO COM CRIMPAGEM, EM TUBO PEX PARA INST. AGUA QUENTE/FRIA","UN    ","AS",17]
[38844,"CONECTOR/ADAPTADOR FIXO, ROSCA FEMEA, METALICA, COM ANEL DESLIZANTE, DN 16 MM X 1/2\", PARA TUBO PEX PARA INST. AGUA QUENTE/FRIA","UN    ","AS",8.34]
[38846,"CONECTOR/ADAPTADOR FIXO, ROSCA FEMEA, METALICA, COM ANEL DESLIZANTE, DN 20 MM X 1/2\", PARA TUBO PEX PARA INST. AGUA QUENTE/FRIA","UN    ","AS",8.48]
[38847,"CONECTOR/ADAPTADOR FIXO, ROSCA FEMEA, METALICA, COM ANEL DESLIZANTE, DN 20 MM X 3/4\", PARA TUBO PEX PARA INST. AGUA QUENTE/FRIA","UN    ","AS",9.94]
[38850,"CONECTOR/ADAPTADOR FIXO, ROSCA FEMEA, METALICA, COM ANEL DESLIZANTE, DN 25 MM X 1\", PARA TUBO PEX PARA INST. AGUA QUENTE/FRIA","UN    ","AS",17.95]
[38848,"CONECTOR/ADAPTADOR FIXO, ROSCA FEMEA, METALICA, COM ANEL DESLIZANTE, DN 25 MM X 3/4\", PARA TUBO PEX PARA INST. AGUA QUENTE/FRIA","UN    ","AS",11.77]
[38851,"CONECTOR/ADAPTADOR FIXO, ROSCA FEMEA, METALICA, COM ANEL DESLIZANTE, DN 32 MM X 1\", PARA TUBO PEX PARA INST. AGUA QUENTE/FRIA","UN    ","AS",20.3]
[38854,"CONECTOR/ADAPTADOR MOVEL, ROSCA FEMEA, METALICA, COM ANEL DESLIZANTE, DN 16 MM X 3/4\", PARA TUBO PEX PARA INST. AGUA QUENTE/FRIA","UN    ","AS",8.81]
[44247,"CONECTOR, CPVC, SOLDAVEL, 114 MM X 4\"â\u0080\u009d, PARA AGUA QUENTE","UN    ","CR",1456]
[38005,"CONECTOR, CPVC, SOLDAVEL, 15 MM X 1/2\", PARA AGUA QUENTE","UN    ","CR",17.309999999999999]
[38006,"CONECTOR, CPVC, SOLDAVEL, 22 MM X 1/2\", PARA AGUA QUENTE","UN    ","CR",23]
[38428,"CONECTOR, CPVC, SOLDAVEL, 22 MM X 3/4\", PARA AGUA QUENTE","UN    ","CR",20.6]
[38007,"CONECTOR, CPVC, SOLDAVEL, 28 MM X 1\", PARA AGUA QUENTE","UN    ","CR",26.54]
[38008,"CONECTOR, CPVC, SOLDAVEL, 35 MM X 1 1/4\", PARA AGUA QUENTE","UN    ","CR",42.47]
[38009,"CONECTOR, CPVC, SOLDAVEL, 42 MM X 1 1/2\", PARA AGUA QUENTE","UN    ","CR",52]
[44248,"CONECTOR, CPVC, SOLDAVEL, 54 MM X 2\"â\u0080\u009d, PARA AGUA QUENTE","UN    ","CR",84.75]
[44249,"CONECTOR, CPVC, SOLDAVEL, 73 MM X 2 1/2\"â\u0080\u009d, PARA AGUA QUENTE","UN    ","CR",327]
[44250,"CONECTOR, CPVC, SOLDAVEL, 89 MM X 3\"â\u0080\u009d, PARA AGUA QUENTE","UN    ","CR",474.87]
[3104,"CONJ. DE FERRAGENS PARA PORTA DE VIDRO TEMPERADO, EM ZAMAC CROMADO, CONTEMPLANDO DOBRADICA INF., DOBRADICA SUP., PIVO PARA DOBRADICA INF., PIVO PARA DOBRADICA SUP., FECHADURA CENTRAL EM ZAMC. CROMADO, CONTRA FECHADURA DE PRESSAO","CJ    ","CR",173.44]
[1607,"CONJUNTO ARRUELAS DE VEDACAO 5/16\" PARA TELHA FIBROCIMENTO (UMA ARRUELA METALICA E UMA ARRUELA PVC - CONICAS)","CJ    ","CR",0.2]
[38169,"CONJUNTO DE FERRAGENS PIVO, PARA PORTA PIVOTANTE DE ATE 100 KG, REGULAVEL COM ESFERA , CROMADO - SUPERIOR E INFERIOR - COMPLETO","CJ    ","CR",85.76]
[6142,"CONJUNTO DE LIGACAO PARA BACIA SANITARIA AJUSTAVEL, EM PLASTICO BRANCO, COM TUBO, CANOPLA E ESPUDE","UN    ","CR",8.31]
[11686,"CONJUNTO DE LIGACAO PARA BACIA SANITARIA EM PLASTICO BRANCO COM TUBO, CANOPLA E ANEL DE EXPANSAO (TUBO 1.1/2 '' X 20 CM)","UN    ","CR",11.54]
[37598,"CONJUNTO MONTADO ESTOPIM COM ESPOLETA COMUM NUMERO 8, COM CABECA ACENDEDORA, 1,5 M","UN    ","AS",43.03]
[25398,"CONJUNTO PARA FUTSAL COM TRAVES OFICIAIS DE 3,00 X 2,00 M EM TUBO DE ACO GALVANIZADO 3\" COM REQUADRO EM TUBO DE 1\", PINTURA EM PRIMER COM TINTA ESMALTE SINTETICO E REDES DE POLIETILENO FIO 4 MM","UN    ","AS",4529.58]
[25399,"CONJUNTO PARA QUADRA DE  VOLEI COM POSTES EM TUBO DE ACO GALVANIZADO 3\", H = *255* CM, PINTURA EM TINTA ESMALTE SINTETICO, REDE DE NYLON COM 2 MM, MALHA 10 X 10 CM E ANTENAS OFICIAIS EM FIBRA DE VIDRO","UN    ","AS",2749.85]
[43440,"CONJUNTO PRE-MOLDADO COMPOSTO POR GRELHA (0,99 X 0,45 M), QUADRO (1,10 X 0,52 M) E CANTONEIRA (1,10 X 0,35 M), EM CONCRETO ARMADO, COM FCK DE 21 MPA","UN    ","CR",385.58]
[10667,"CONTAINER ALMOXARIFADO, DE *2,40* X *6,00* M, PADRAO SIMPLES, SEM REVESTIMENTO E SEM DIVISORIAS INTERNOS E SEM SANITARIO, PARA USO EM CANTEIRO DE OBRAS","UN    ","AS",22500]
[1613,"CONTATOR TRIPOLAR, CORRENTE DE *110* A, TENSAO NOMINAL DE *500* V, CATEGORIA AC-2 E AC-3","UN    ","AS",1494.84]
[1626,"CONTATOR TRIPOLAR, CORRENTE DE *185* A, TENSAO NOMINAL DE *500* V, CATEGORIA AC-2 E AC-3","UN    ","AS",2235.71]
[1625,"CONTATOR TRIPOLAR, CORRENTE DE *22* A, TENSAO NOMINAL DE *500* V, CATEGORIA AC-2 E AC-3","UN    ","AS",156.15]
[1622,"CONTATOR TRIPOLAR, CORRENTE DE *265* A, TENSAO NOMINAL DE *500* V, CATEGORIA AC-2 E AC-3","UN    ","AS",5045.09]
[1620,"CONTATOR TRIPOLAR, CORRENTE DE *38* A, TENSAO NOMINAL DE *500* V, CATEGORIA AC-2 E AC-3","UN    ","AS",328.95]
[1629,"CONTATOR TRIPOLAR, CORRENTE DE *500* A, TENSAO NOMINAL DE *500* V, CATEGORIA AC-2 E AC-3","UN    ","AS",12278.54]
[1627,"CONTATOR TRIPOLAR, CORRENTE DE *65* A, TENSAO NOMINAL DE *500* V, CATEGORIA AC-2 E AC-3","UN    ","AS",628.77]
[1623,"CONTATOR TRIPOLAR, CORRENTE DE 12 A, TENSAO NOMINAL DE *500* V, CATEGORIA AC-2 E AC-3","UN    ","AS",127.35]
[1619,"CONTATOR TRIPOLAR, CORRENTE DE 25 A, TENSAO NOMINAL DE *500* V, CATEGORIA AC-2 E AC-3","UN    ","AS",175.18]
[1630,"CONTATOR TRIPOLAR, CORRENTE DE 250 A, TENSAO NOMINAL DE *500* V, PARA ACIONAMENTO DE CAPACITORES","UN    ","AS",3857.07]
[1616,"CONTATOR TRIPOLAR, CORRENTE DE 300 A, TENSAO NOMINAL DE *500* V, CATEGORIA AC-2 E AC-3","UN    ","AS",5932.25]
[1614,"CONTATOR TRIPOLAR, CORRENTE DE 32 A, TENSAO NOMINAL DE *500* V, CATEGORIA AC-2 E AC-3","UN    ","AS",271.12]
[1617,"CONTATOR TRIPOLAR, CORRENTE DE 400 A, TENSAO NOMINAL DE *500* V, CATEGORIA AC-2 E AC-3","UN    ","AS",7081.82]
[1621,"CONTATOR TRIPOLAR, CORRENTE DE 45 A, TENSAO NOMINAL DE *500* V, CATEGORIA AC-2 E AC-3","UN    ","AS",484.9]
[1624,"CONTATOR TRIPOLAR, CORRENTE DE 630 A, TENSAO NOMINAL DE *500* V, CATEGORIA AC-2 E AC-3","UN    ","AS",17407.46]
[1615,"CONTATOR TRIPOLAR, CORRENTE DE 75 A, TENSAO NOMINAL DE *500* V, CATEGORIA AC-2 E AC-3","UN    ","AS",910.56]
[1612,"CONTATOR TRIPOLAR, CORRENTE DE 9 A, TENSAO NOMINAL DE *500* V, CATEGORIA AC-2 E AC-3","UN    ","AS",119.93]
[1618,"CONTATOR TRIPOLAR, CORRENTE DE 95 A, TENSAO NOMINAL DE *500* V, CATEGORIA AC-2 E AC-3","UN    ","AS",1251.25]
[14211,"CONTRA-PORCA SEXTAVADA, DIAMETRO NOMINAL 1 3/8\", ALTURA 35 MM","UN    ","CR",58.77]
[43657,"CONTRAMARCO DE ALUMINIO (PERFIL 25) PARA ESQUADRIAS, TIPO CONVENCIONAL / CADEIRINHA, 60 MM (CM-060), INCLUSO CONEXOES, GRAPAS E TRAVAMENTOS","M     ","CR",6.27]
[34500,"COORDENADOR / GERENTE DE OBRA","H     ","CR",158.19999999999999]
[40934,"COORDENADOR / GERENTE DE OBRA (MENSALISTA)","MES   ","CR",27600.29]
[38200,"CORDA DE POLIAMIDA 12 MM TIPO BOMBEIRO, PARA TRABALHO EM ALTURA","100M  ","CR",704.26]
[39269,"CORDAO DE COBRE, FLEXIVEL, TORCIDO, CLASSE 4 OU 5, ISOLACAO EM PVC/D, 300 V, 2 CONDUTORES DE 0,5 MM2","M     ","CR",1.4]
[11889,"CORDAO DE COBRE, FLEXIVEL, TORCIDO, CLASSE 4 OU 5, ISOLACAO EM PVC/D, 300 V, 2 CONDUTORES DE 0,75 MM2","M     ","CR",1.92]
[39270,"CORDAO DE COBRE, FLEXIVEL, TORCIDO, CLASSE 4 OU 5, ISOLACAO EM PVC/D, 300 V, 2 CONDUTORES DE 1,0 MM2","M     ","CR",2.5]
[11890,"CORDAO DE COBRE, FLEXIVEL, TORCIDO, CLASSE 4 OU 5, ISOLACAO EM PVC/D, 300 V, 2 CONDUTORES DE 1,5 MM2","M     ","CR",3.4]
[11891,"CORDAO DE COBRE, FLEXIVEL, TORCIDO, CLASSE 4 OU 5, ISOLACAO EM PVC/D, 300 V, 2 CONDUTORES DE 2,5 MM2","M     ","CR",5.52]
[11892,"CORDAO DE COBRE, FLEXIVEL, TORCIDO, CLASSE 4 OU 5, ISOLACAO EM PVC/D, 300 V, 2 CONDUTORES DE 4 MM2","M     ","CR",9.02]
[37601,"CORDEL DETONANTE, NP 05 G/M","M     ","AS",9.56]
[1634,"CORDEL DETONANTE, NP 10 G/M","M     ","AS",9.8800000000000008]
[5086,"CORRENTE DE ELO CURTO COMUM, SOLDADA, GALVANIZADA, ESPESSURA DO ELO = 1/2\" (12,5 MM)","KG    ","CR",35.5]
[11280,"CORTADEIRA DE PISO DE CONCRETO E ASFALTO, PARA DISCO PADRAO DE DIAMETRO 350 MM (14\") OU 450 MM (18\") , MOTOR A GASOLINA, POTENCIA 13 HP, SEM DISCO","UN    ","CR",11453.1]
[40519,"CORTADEIRA HIDRAULICA DE VERGALHAO, PARA ACO DE DIAMETRO ATE 50 MM, MOTOR ELETRICO TRIFASICO, POTENCIA DE 5,5 HP A 7,5 HP","UN    ","CR",94415.43]
[39869,"COTOVELO BRONZE/LATAO (REF 707-3) SEM ANEL DE SOLDA, BOLSA X ROSCA F, 15MM X 1/2\"","UN    ","CR",26.69]
[39870,"COTOVELO BRONZE/LATAO (REF 707-3) SEM ANEL DE SOLDA, BOLSA X ROSCA F, 22MM X 1/2\"","UN    ","CR",40.81]
[39871,"COTOVELO BRONZE/LATAO (REF 707-3) SEM ANEL DE SOLDA, BOLSA X ROSCA F, 22MM X 3/4\"","UN    ","CR",45.75]
[12722,"COTOVELO DE COBRE 90 GRAUS (REF 607) SEM ANEL DE SOLDA, BOLSA X BOLSA, 104 MM","UN    ","CR",1530.84]
[12714,"COTOVELO DE COBRE 90 GRAUS (REF 607) SEM ANEL DE SOLDA, BOLSA X BOLSA, 15 MM","UN    ","CR",10]
[12715,"COTOVELO DE COBRE 90 GRAUS (REF 607) SEM ANEL DE SOLDA, BOLSA X BOLSA, 22 MM","UN    ","CR",22.56]
[12716,"COTOVELO DE COBRE 90 GRAUS (REF 607) SEM ANEL DE SOLDA, BOLSA X BOLSA, 28 MM","UN    ","CR",38.75]
[12717,"COTOVELO DE COBRE 90 GRAUS (REF 607) SEM ANEL DE SOLDA, BOLSA X BOLSA, 35 MM","UN    ","CR",76.16]
[12718,"COTOVELO DE COBRE 90 GRAUS (REF 607) SEM ANEL DE SOLDA, BOLSA X BOLSA, 42 MM","UN    ","CR",116.88]
[12719,"COTOVELO DE COBRE 90 GRAUS (REF 607) SEM ANEL DE SOLDA, BOLSA X BOLSA, 54 MM","UN    ","CR",185.55]
[12720,"COTOVELO DE COBRE 90 GRAUS (REF 607) SEM ANEL DE SOLDA, BOLSA X BOLSA, 66 MM","UN    ","CR",646.05999999999995]
[12721,"COTOVELO DE COBRE 90 GRAUS (REF 607) SEM ANEL DE SOLDA, BOLSA X BOLSA, 79 MM","UN    ","CR",619.53]
[3468,"COTOVELO DE REDUCAO 90 GRAUS DE FERRO GALVANIZADO, COM ROSCA BSP, DE 1 1/2\" X 1\"","UN    ","AS",44.5]
[3465,"COTOVELO DE REDUCAO 90 GRAUS DE FERRO GALVANIZADO, COM ROSCA BSP, DE 1 1/2\" X 3/4\"","UN    ","AS",44.49]
[12403,"COTOVELO DE REDUCAO 90 GRAUS DE FERRO GALVANIZADO, COM ROSCA BSP, DE 1 1/4\" X 1\"","UN    ","AS",31.71]
[3463,"COTOVELO DE REDUCAO 90 GRAUS DE FERRO GALVANIZADO, COM ROSCA BSP, DE 1\" X 1/2\"","UN    ","AS",18.52]
[3464,"COTOVELO DE REDUCAO 90 GRAUS DE FERRO GALVANIZADO, COM ROSCA BSP, DE 1\" X 3/4\"","UN    ","AS",18.52]
[3466,"COTOVELO DE REDUCAO 90 GRAUS DE FERRO GALVANIZADO, COM ROSCA BSP, DE 2 1/2\" X 2\"","UN    ","AS",112.99]
[3467,"COTOVELO DE REDUCAO 90 GRAUS DE FERRO GALVANIZADO, COM ROSCA BSP, DE 2\" X 1 1/2\"","UN    ","AS",63.81]
[3462,"COTOVELO DE REDUCAO 90 GRAUS DE FERRO GALVANIZADO, COM ROSCA BSP, DE 3/4\" X 1/2\"","UN    ","AS",12.22]
[3446,"COTOVELO 45 GRAUS DE FERRO GALVANIZADO, COM ROSCA BSP, DE 1 1/2\"","UN    ","AS",37.619999999999997]
[3445,"COTOVELO 45 GRAUS DE FERRO GALVANIZADO, COM ROSCA BSP, DE 1 1/4\"","UN    ","AS",30.71]
[3441,"COTOVELO 45 GRAUS DE FERRO GALVANIZADO, COM ROSCA BSP, DE 1/2\"","UN    ","AS",8.67]
[3444,"COTOVELO 45 GRAUS DE FERRO GALVANIZADO, COM ROSCA BSP, DE 1\"","UN    ","AS",18.899999999999999]
[12402,"COTOVELO 45 GRAUS DE FERRO GALVANIZADO, COM ROSCA BSP, DE 2 1/2\"","UN    ","AS",105.74]
[3447,"COTOVELO 45 GRAUS DE FERRO GALVANIZADO, COM ROSCA BSP, DE 2\"","UN    ","AS",54.71]
[3442,"COTOVELO 45 GRAUS DE FERRO GALVANIZADO, COM ROSCA BSP, DE 3/4\"","UN    ","AS",12.96]
[3448,"COTOVELO 45 GRAUS DE FERRO GALVANIZADO, COM ROSCA BSP, DE 3\"","UN    ","AS",154.6]
[3449,"COTOVELO 45 GRAUS DE FERRO GALVANIZADO, COM ROSCA BSP, DE 4\"","UN    ","AS",270.89]
[37438,"COTOVELO 45 GRAUS, PEAD PE 100, DE 125 MM, PARA ELETROFUSAO","UN    ","AS",252.77]
[37439,"COTOVELO 45 GRAUS, PEAD PE 100, DE 200 MM, PARA ELETROFUSAO","UN    ","AS",1652.64]
[37435,"COTOVELO 45 GRAUS, PEAD PE 100, DE 32 MM, PARA ELETROFUSAO","UN    ","AS",29.7]
[37436,"COTOVELO 45 GRAUS, PEAD PE 100, DE 40 MM, PARA ELETROFUSAO","UN    ","AS",35.06]
[37437,"COTOVELO 45 GRAUS, PEAD PE 100, DE 63 MM, PARA ELETROFUSAO","UN    ","AS",50.7]
[3473,"COTOVELO 90 GRAUS DE FERRO GALVANIZADO, COM ROSCA BSP MACHO/FEMEA, DE 1 1/2\"","UN    ","AS",42.53]
[3474,"COTOVELO 90 GRAUS DE FERRO GALVANIZADO, COM ROSCA BSP MACHO/FEMEA, DE 1 1/4\"","UN    ","AS",35.06]
[3450,"COTOVELO 90 GRAUS DE FERRO GALVANIZADO, COM ROSCA BSP MACHO/FEMEA, DE 1/2\"","UN    ","AS",10.16]
[3443,"COTOVELO 90 GRAUS DE FERRO GALVANIZADO, COM ROSCA BSP MACHO/FEMEA, DE 1\"","UN    ","AS",21.81]
[3453,"COTOVELO 90 GRAUS DE FERRO GALVANIZADO, COM ROSCA BSP MACHO/FEMEA, DE 2 1/2\"","UN    ","AS",124.15]
[3452,"COTOVELO 90 GRAUS DE FERRO GALVANIZADO, COM ROSCA BSP MACHO/FEMEA, DE 2\"","UN    ","AS",61.28]
[3451,"COTOVELO 90 GRAUS DE FERRO GALVANIZADO, COM ROSCA BSP MACHO/FEMEA, DE 3/4\"","UN    ","AS",12.15]
[3454,"COTOVELO 90 GRAUS DE FERRO GALVANIZADO, COM ROSCA BSP MACHO/FEMEA, DE 3\"","UN    ","AS",188.83]
[3458,"COTOVELO 90 GRAUS DE FERRO GALVANIZADO, COM ROSCA BSP, DE 1 1/2\"","UN    ","AS",34.090000000000003]
[3457,"COTOVELO 90 GRAUS DE FERRO GALVANIZADO, COM ROSCA BSP, DE 1 1/4\"","UN    ","AS",25.59]
[3455,"COTOVELO 90 GRAUS DE FERRO GALVANIZADO, COM ROSCA BSP, DE 1/2\"","UN    ","AS",7.27]
[3472,"COTOVELO 90 GRAUS DE FERRO GALVANIZADO, COM ROSCA BSP, DE 1\"","UN    ","AS",16.329999999999998]
[3470,"COTOVELO 90 GRAUS DE FERRO GALVANIZADO, COM ROSCA BSP, DE 2 1/2\"","UN    ","AS",95.2]
[3471,"COTOVELO 90 GRAUS DE FERRO GALVANIZADO, COM ROSCA BSP, DE 2\"","UN    ","AS",52.31]
[3456,"COTOVELO 90 GRAUS DE FERRO GALVANIZADO, COM ROSCA BSP, DE 3/4\"","UN    ","AS",10.88]
[3459,"COTOVELO 90 GRAUS DE FERRO GALVANIZADO, COM ROSCA BSP, DE 3\"","UN    ","AS",134.28]
[3469,"COTOVELO 90 GRAUS DE FERRO GALVANIZADO, COM ROSCA BSP, DE 4\"","UN    ","AS",255.36]
[3460,"COTOVELO 90 GRAUS DE FERRO GALVANIZADO, COM ROSCA BSP, DE 5\"","UN    ","AS",372.61]
[3461,"COTOVELO 90 GRAUS DE FERRO GALVANIZADO, COM ROSCA BSP, DE 6\"","UN    ","AS",952.38]
[37433,"COTOVELO 90 GRAUS, PEAD PE 100, DE 125 MM, PARA ELETROFUSAO","UN    ","AS",252.77]
[37430,"COTOVELO 90 GRAUS, PEAD PE 100, DE 20 MM, PARA ELETROFUSAO","UN    ","AS",31.68]
[37434,"COTOVELO 90 GRAUS, PEAD PE 100, DE 200 MM, PARA ELETROFUSAO","UN    ","AS",2356.89]
[37431,"COTOVELO 90 GRAUS, PEAD PE 100, DE 32 MM, PARA ELETROFUSAO","UN    ","AS",42.97]
[37432,"COTOVELO 90 GRAUS, PEAD PE 100, DE 63 MM, PARA ELETROFUSAO","UN    ","AS",79.260000000000005]
[37413,"COTOVELO/JOELHO COM ADAPTADOR, 90 GRAUS, EM POLIPROPILENO, PN 16, PARA TUBOS PEAD, 20 MM X 1/2\" - LIGACAO PREDIAL DE AGUA","UN    ","AS",4.24]
[37414,"COTOVELO/JOELHO COM ADAPTADOR, 90 GRAUS, EM POLIPROPILENO, PN 16, PARA TUBOS PEAD, 20 MM X 3/4\" - LIGACAO PREDIAL DE AGUA","UN    ","AS",4.8099999999999996]
[37415,"COTOVELO/JOELHO COM ADAPTADOR, 90 GRAUS, EM POLIPROPILENO, PN 16, PARA TUBOS PEAD, 32 MM X 1\" - LIGACAO PREDIAL DE AGUA","UN    ","AS",8.75]
[37416,"COTOVELO/JOELHO 90 GRAUS, EM POLIPROPILENO, PN 16, PARA TUBOS PEAD, 20 X 20 MM - LIGACAO PREDIAL DE AGUA","UN    ","AS",3.96]
[37417,"COTOVELO/JOELHO 90 GRAUS, EM POLIPROPILENO, PN 16, PARA TUBOS PEAD, 32 X 32 MM - LIGACAO PREDIAL DE AGUA","UN    ","AS",5.7]
[43590,"CREMONA RETANGULAR INJETADA LISA COM CHAVE, COM CASTANHA / ALCA, EM LATAO, COM ACABAMENTO CROMADO, DE SOBREPOR / EMBUTIR","UN    ","CR",165.06]
[43589,"CREMONA RETANGULAR INJETADA LISA, COM CASTANHA / ALCA, EM LATAO, COM ACABAMENTO CROMADO, DE SOBREPOR / EMBUTIR","UN    ","CR",29.86]
[34519,"CRUZETA DE CONCRETO LEVE, COMP. 2000 MM SECAO, 90 X 90 MM","UN    ","CR",107.56]
[1649,"CRUZETA DE FERRO GALVANIZADO, COM ROSCA BSP, DE 1 1/2\"","UN    ","AS",80.400000000000006]
[1653,"CRUZETA DE FERRO GALVANIZADO, COM ROSCA BSP, DE 1 1/4\"","UN    ","AS",62.98]
[1647,"CRUZETA DE FERRO GALVANIZADO, COM ROSCA BSP, DE 1/2\"","UN    ","AS",22.55]
[1648,"CRUZETA DE FERRO GALVANIZADO, COM ROSCA BSP, DE 1\"","UN    ","AS",43.3]
[1651,"CRUZETA DE FERRO GALVANIZADO, COM ROSCA BSP, DE 2 1/2\"","UN    ","AS",200.88]
[1650,"CRUZETA DE FERRO GALVANIZADO, COM ROSCA BSP, DE 2\"","UN    ","AS",111.04]
[1654,"CRUZETA DE FERRO GALVANIZADO, COM ROSCA BSP, DE 3/4\"","UN    ","AS",30.95]
[1652,"CRUZETA DE FERRO GALVANIZADO, COM ROSCA BSP, DE 3\"","UN    ","AS",288.32]
[10510,"CRUZETA DE MADEIRA TRATADA, *90 X 115 X 2400* MM, EM EUCALIPTO OU EQUIVALENTE DA REGIAO","UN    ","CR",164.07]
[1747,"CUBA ACO INOX (AISI 304) DE EMBUTIR COM VALVULA DE 3 1/2 \", DE *56 X 33 X 12* CM","UN    ","CR",201.73]
[1744,"CUBA ACO INOX (AISI 304) DE EMBUTIR COM VALVULA 3 1/2 \", DE *40 X 34 X 12* CM","UN    ","CR",139.72999999999999]
[1743,"CUBA ACO INOX (AISI 304) DE EMBUTIR COM VALVULA 3 1/2 \", DE *46 X 30 X 12* CM","UN    ","CR",183.49]
[39640,"CUMEEIRA ARTICULADA (ABA INFERIOR) PARA TELHA ONDULADA DE FIBROCIMENTO E = 4 MM, ABA *330* MM, COMPRIMENTO 500 MM (SEM AMIANTO)","UN    ","CR",15.4]
[7216,"CUMEEIRA NORMAL PARA TELHA ESTRUTURAL DE FIBROCIMENTO 2 ABAS, E = 6 MM, DE 1050 X 935 MM (SEM AMIANTO)","UN    ","CR",82.75]
[20235,"CUMEEIRA NORMAL PARA TELHA ONDULADA DE FIBROCIMENTO, E = 6 MM, ABA 300 MM, COMPRIMENTO 1100 MM (SEM AMIANTO)","UN    ","CR",66.53]
[7181,"CUMEEIRA PARA TELHA CERAMICA, COMPRIMENTO DE *41* CM, RENDIMENTO DE *3* TELHAS/M","UN    ","CR",3.51]
[40742,"CUMEEIRA PARA TELHA DE CONCRETO, PARA 2 AGUAS DE TELHADO, COR CINZA, RENDIMENTO DE *3* TELHAS/M","UN    ","CR",9.35]
[7214,"CUMEEIRA SHED PARA TELHA ONDULADA DE FIBROCIMENTO, E = 6 MM, ABA 280 MM, COMPRIMENTO 1100 MM (SEM AMIANTO)","UN    ","CR",80.81]
[7219,"CUMEEIRA UNIVERSAL PARA TELHA ONDULADA DE FIBROCIMENTO, E = 6 MM, ABA 210 MM, COMPRIMENTO 1100 MM (SEM AMIANTO)","UN    ","CR",71.680000000000007]
[37971,"CURVA CPVC, 90 GRAUS, SOLDAVEL, 15 MM, PARA AGUA QUENTE","UN    ","CR",4.7]
[37972,"CURVA CPVC, 90 GRAUS, SOLDAVEL, 22 MM, PARA AGUA QUENTE","UN    ","CR",6.67]
[37973,"CURVA CPVC, 90 GRAUS, SOLDAVEL, 28 MM, PARA AGUA QUENTE","UN    ","CR",12.54]
[1926,"CURVA DE PVC 45 GRAUS, SOLDAVEL, 20 MM, COR MARROM, PARA AGUA FRIA PREDIAL","UN    ","CR",2.4500000000000002]
[1927,"CURVA DE PVC 45 GRAUS, SOLDAVEL, 25 MM, COR MARROM, PARA AGUA FRIA PREDIAL","UN    ","CR",2.75]
[1923,"CURVA DE PVC 45 GRAUS, SOLDAVEL, 32 MM, COR MARROM, PARA AGUA FRIA PREDIAL","UN    ","CR",5]
[1929,"CURVA DE PVC 45 GRAUS, SOLDAVEL, 40 MM, COR MARROM, PARA AGUA FRIA PREDIAL","UN    ","CR",6.07]
[1930,"CURVA DE PVC 45 GRAUS, SOLDAVEL, 50 MM, COR MARROM, PARA AGUA FRIA PREDIAL","UN    ","CR",10.38]
[1924,"CURVA DE PVC 45 GRAUS, SOLDAVEL, 60 MM, COR MARROM, PARA AGUA FRIA PREDIAL","UN    ","CR",16.760000000000002]
[1922,"CURVA DE PVC 45 GRAUS, SOLDAVEL, 75 MM, COR MARROM, PARA AGUA FRIA PREDIAL","UN    ","CR",34.659999999999997]
[1953,"CURVA DE PVC 45 GRAUS, SOLDAVEL, 85 MM, COR MARROM, PARA AGUA FRIA PREDIAL","UN    ","CR",42.31]
[1962,"CURVA DE PVC 90 GRAUS, SOLDAVEL, 110 MM, COR MARROM, PARA AGUA FRIA PREDIAL","UN    ","CR",205.56]
[1955,"CURVA DE PVC 90 GRAUS, SOLDAVEL, 20 MM, COR MARROM, PARA AGUA FRIA PREDIAL","UN    ","CR",2.36]
[1956,"CURVA DE PVC 90 GRAUS, SOLDAVEL, 25 MM, COR MARROM, PARA AGUA FRIA PREDIAL","UN    ","CR",3.34]
[1957,"CURVA DE PVC 90 GRAUS, SOLDAVEL, 32 MM, COR MARROM, PARA AGUA FRIA PREDIAL","UN    ","CR",7.23]
[1958,"CURVA DE PVC 90 GRAUS, SOLDAVEL, 40 MM, COR MARROM, PARA AGUA FRIA PREDIAL","UN    ","CR",13.46]
[1959,"CURVA DE PVC 90 GRAUS, SOLDAVEL, 50 MM, COR MARROM, PARA AGUA FRIA PREDIAL","UN    ","CR",14.6]
[1925,"CURVA DE PVC 90 GRAUS, SOLDAVEL, 60 MM, COR MARROM, PARA AGUA FRIA PREDIAL","UN    ","CR",38.17]
[1960,"CURVA DE PVC 90 GRAUS, SOLDAVEL, 75 MM, COR MARROM, PARA AGUA FRIA PREDIAL","UN    ","CR",58.62]
[1961,"CURVA DE PVC 90 GRAUS, SOLDAVEL, 85 MM, COR MARROM, PARA AGUA FRIA PREDIAL","UN    ","CR",75.09]
[38423,"CURVA DE PVC, 90 GRAUS, SERIE R, DN 100 MM, PARA ESGOTO PREDIAL","UN    ","CR",35.31]
[39866,"CURVA DE TRANSPOSICAO BRONZE/LATAO (REF 736) SEM ANEL DE SOLDA, BOLSA X BOLSA, 15 MM","UN    ","CR",35.340000000000003]
[39867,"CURVA DE TRANSPOSICAO BRONZE/LATAO (REF 736) SEM ANEL DE SOLDA, BOLSA X BOLSA, 22 MM","UN    ","CR",78.569999999999993]
[39868,"CURVA DE TRANSPOSICAO BRONZE/LATAO (REF 736) SEM ANEL DE SOLDA, BOLSA X BOLSA, 28 MM","UN    ","CR",141.54]
[37999,"CURVA DE TRANSPOSICAO, CPVC, SOLDAVEL, 15 MM","UN    ","CR",7.93]
[38000,"CURVA DE TRANSPOSICAO, CPVC, SOLDAVEL, 22 MM","UN    ","CR",9.26]
[38129,"CURVA DE TRANSPOSICAO, PVC SOLDAVEL, 20 MM, COR MARROM, PARA AGUA FRIA PREDIAL","UN    ","CR",5.51]
[38025,"CURVA DE TRANSPOSICAO, PVC, SOLDAVEL, 25 MM, COR MARROM, PARA AGUA FRIA PREDIAL","UN    ","CR",7.48]
[38026,"CURVA DE TRANSPOSICAO, PVC, SOLDAVEL, 32 MM, COR MARROM, PARA AGUA FRIA PREDIAL","UN    ","CR",18.47]
[1858,"CURVA LONGA PVC, PB, JE, 45 GRAUS, DN 100 MM, PARA REDE COLETORA ESGOTO","UN    ","CR",54.71]
[1844,"CURVA LONGA PVC, PB, JE, 45 GRAUS, DN 150 MM, PARA REDE COLETORA ESGOTO","UN    ","CR",125.31]
[1863,"CURVA LONGA PVC, PB, JE, 90 GRAUS, DN 100 MM, PARA REDE COLETORA ESGOTO","UN    ","CR",58.23]
[1865,"CURVA LONGA PVC, PB, JE, 90 GRAUS, DN 150 MM, PARA REDE COLETORA ESGOTO","UN    ","CR",151.71]
[36355,"CURVA PPR 90 GRAUS, F/F, DN 20 MM, PARA AGUA QUENTE PREDIAL","UN    ","AS",9.83]
[36356,"CURVA PPR 90 GRAUS, F/F, DN 25 MM, PARA AGUA QUENTE PREDIAL","UN    ","AS",15.81]
[1966,"CURVA PVC CURTA 90 GRAUS, DN 100 MM, PARA ESGOTO PREDIAL","UN    ","CR",23.22]
[1933,"CURVA PVC CURTA 90 GRAUS, DN 40 MM, PARA ESGOTO PREDIAL","UN    ","CR",5]
[1932,"CURVA PVC CURTA 90 GRAUS, DN 50 MM, PARA ESGOTO PREDIAL","UN    ","CR",11.45]
[1951,"CURVA PVC CURTA 90 GRAUS, DN 75 MM, PARA ESGOTO PREDIAL","UN    ","CR",23.89]
[1970,"CURVA PVC LONGA 90 GRAUS, DN 100 MM, PARA ESGOTO PREDIAL","UN    ","CR",58.04]
[1967,"CURVA PVC LONGA 90 GRAUS, DN 40 MM, PARA ESGOTO PREDIAL","UN    ","CR",6.89]
[1968,"CURVA PVC LONGA 90 GRAUS, DN 50 MM, PARA ESGOTO PREDIAL","UN    ","CR",13.62]
[1969,"CURVA PVC LONGA 90 GRAUS, DN 75 MM, PARA ESGOTO PREDIAL","UN    ","CR",44.34]
[1827,"CURVA PVC PBA, JE, PB, 45 GRAUS, DN 100 / DE 110 MM, PARA REDE AGUA (NBR 10351)","UN    ","AS",143.63]
[1831,"CURVA PVC PBA, JE, PB, 45 GRAUS, DN 50 / DE 60 MM, PARA REDE AGUA (NBR 10351)","UN    ","AS",31.35]
[1825,"CURVA PVC PBA, JE, PB, 45 GRAUS, DN 75 / DE 85 MM, PARA REDE AGUA (NBR 10351)","UN    ","AS",77.38]
[1828,"CURVA PVC PBA, JE, PB, 90 GRAUS, DN 100 / DE 110 MM, PARA REDE AGUA (NBR 10351)","UN    ","AS",175.28]
[1845,"CURVA PVC PBA, JE, PB, 90 GRAUS, DN 50 / DE 60 MM, PARA REDE AGUA (NBR 10351)","UN    ","AS",39.29]
[1824,"CURVA PVC PBA, JE, PB, 90 GRAUS, DN 75 / DE 85 MM, PARA REDE AGUA (NBR 10351)","UN    ","AS",92.77]
[1940,"CURVA PVC 90 GRAUS, ROSCAVEL, 1 1/4\", COR BRANCA, AGUA FRIA PREDIAL","UN    ","CR",37.299999999999997]
[1937,"CURVA PVC 90 GRAUS, ROSCAVEL, 1/2\", COR BRANCA, AGUA FRIA PREDIAL","UN    ","CR",6.29]
[1939,"CURVA PVC 90 GRAUS, ROSCAVEL, 1\", COR BRANCA, AGUA FRIA PREDIAL","UN    ","CR",10.23]
[1938,"CURVA PVC 90 GRAUS, ROSCAVEL, 3/4\", COR BRANCA, AGUA FRIA PREDIAL","UN    ","CR",7.16]
[42693,"CURVA PVC, BB, JE, 45 GRAUS, DN 250 MM, PARA TUBO CORRUGADO E/OU LISO, REDE COLETORA ESGOTO","UN    ","CR",426.18]
[42695,"CURVA PVC, BB, JE, 90 GRAUS, DN 200 MM, PARA TUBO CORRUGADO E/OU LISO, REDE COLETORA ESGOTO","UN    ","CR",297.75]
[42694,"CURVA PVC, BB, JE, 90 GRAUS, DN 250 MM, PARA TUBO CORRUGADO E/OU LISO, REDE COLETORA ESGOTO","UN    ","CR",570.30999999999995]
[20097,"CURVA PVC, SERIE R, 87.30 GRAUS, CURTA, PARA PE-DE-COLUNA, DN 100 MM, PARA ESGOTO PREDIAL","UN    ","CR",24.73]
[20098,"CURVA PVC, SERIE R, 87.30 GRAUS, CURTA, PARA PE-DE-COLUNA, DN 150 MM, PARA ESGOTO PREDIAL","UN    ","CR",101.06]
[20096,"CURVA PVC, SERIE R, 87.30 GRAUS, CURTA, PARA PE-DE-COLUNA, DN 75 MM, PARA ESGOTO PREDIAL","UN    ","CR",25.6]
[1880,"CURVA 135 GRAUS, DE PVC RIGIDO ROSCAVEL, DE 1\", PARA ELETRODUTO","UN    ","CR",4.6900000000000004]
[39274,"CURVA 135 GRAUS, DE PVC RIGIDO ROSCAVEL, DE 3/4\", PARA ELETRODUTO","UN    ","CR",3.63]
[2628,"CURVA 135 GRAUS, PARA ELETRODUTO, EM ACO GALVANIZADO ELETROLITICO, DIAMETRO DE 100 MM (4\")","UN    ","AS",236.57]
[2622,"CURVA 135 GRAUS, PARA ELETRODUTO, EM ACO GALVANIZADO ELETROLITICO, DIAMETRO DE 15 MM (1/2\")","UN    ","AS",5.62]
[2623,"CURVA 135 GRAUS, PARA ELETRODUTO, EM ACO GALVANIZADO ELETROLITICO, DIAMETRO DE 20 MM (3/4\")","UN    ","AS",6.76]
[2624,"CURVA 135 GRAUS, PARA ELETRODUTO, EM ACO GALVANIZADO ELETROLITICO, DIAMETRO DE 25 MM (1\")","UN    ","AS",10.75]
[2625,"CURVA 135 GRAUS, PARA ELETRODUTO, EM ACO GALVANIZADO ELETROLITICO, DIAMETRO DE 32 MM (1 1/4\")","UN    ","AS",22.7]
[2626,"CURVA 135 GRAUS, PARA ELETRODUTO, EM ACO GALVANIZADO ELETROLITICO, DIAMETRO DE 40 MM (1 1/2\")","UN    ","AS",33.26]
[2630,"CURVA 135 GRAUS, PARA ELETRODUTO, EM ACO GALVANIZADO ELETROLITICO, DIAMETRO DE 50 MM (2\")","UN    ","AS",50.58]
[2627,"CURVA 135 GRAUS, PARA ELETRODUTO, EM ACO GALVANIZADO ELETROLITICO, DIAMETRO DE 65 MM (2 1/2\")","UN    ","AS",89.1]
[2629,"CURVA 135 GRAUS, PARA ELETRODUTO, EM ACO GALVANIZADO ELETROLITICO, DIAMETRO DE 80 MM (3\")","UN    ","AS",120.52]
[12033,"CURVA 180 GRAUS, DE PVC RIGIDO ROSCAVEL, DE 1 1/2\", PARA ELETRODUTO","UN    ","CR",14.96]
[40408,"CURVA 180 GRAUS, DE PVC RIGIDO ROSCAVEL, DE 1 1/4\", PARA ELETRODUTO","UN    ","CR",9.83]
[40409,"CURVA 180 GRAUS, DE PVC RIGIDO ROSCAVEL, DE 1/2\", PARA ELETRODUTO","UN    ","CR",3.48]
[39276,"CURVA 180 GRAUS, DE PVC RIGIDO ROSCAVEL, DE 1\", PARA ELETRODUTO","UN    ","CR",8.86]
[39277,"CURVA 180 GRAUS, DE PVC RIGIDO ROSCAVEL, DE 2\", PARA ELETRODUTO","UN    ","CR",23.91]
[12034,"CURVA 180 GRAUS, DE PVC RIGIDO ROSCAVEL, DE 3/4\", PARA ELETRODUTO","UN    ","CR",6.78]
[39879,"CURVA 45 GRAUS DE COBRE (REF 606) SEM ANEL DE SOLDA, BOLSA X BOLSA, 15 MM","UN    ","CR",9.93]
[39880,"CURVA 45 GRAUS DE COBRE (REF 606) SEM ANEL DE SOLDA, BOLSA X BOLSA, 22 MM","UN    ","CR",22]
[39881,"CURVA 45 GRAUS DE COBRE (REF 606) SEM ANEL DE SOLDA, BOLSA X BOLSA, 28 MM","UN    ","CR",35.31]
[39882,"CURVA 45 GRAUS DE COBRE (REF 606) SEM ANEL DE SOLDA, BOLSA X BOLSA, 35 MM","UN    ","CR",93]
[39883,"CURVA 45 GRAUS DE COBRE (REF 606) SEM ANEL DE SOLDA, BOLSA X BOLSA, 42 MM","UN    ","CR",148.51]
[39884,"CURVA 45 GRAUS DE COBRE (REF 606) SEM ANEL DE SOLDA, BOLSA X BOLSA, 54 MM","UN    ","CR",220.58]
[39885,"CURVA 45 GRAUS DE COBRE (REF 606) SEM ANEL DE SOLDA, BOLSA X BOLSA, 66 MM","UN    ","CR",524.24]
[1777,"CURVA 45 GRAUS DE FERRO GALVANIZADO, COM ROSCA BSP FEMEA, DE 1 1/2\"","UN    ","AS",86.69]
[1819,"CURVA 45 GRAUS DE FERRO GALVANIZADO, COM ROSCA BSP FEMEA, DE 1 1/4\"","UN    ","AS",63.07]
[1775,"CURVA 45 GRAUS DE FERRO GALVANIZADO, COM ROSCA BSP FEMEA, DE 1/2\"","UN    ","AS",18.86]
[1776,"CURVA 45 GRAUS DE FERRO GALVANIZADO, COM ROSCA BSP FEMEA, DE 1\"","UN    ","AS",51.31]
[1778,"CURVA 45 GRAUS DE FERRO GALVANIZADO, COM ROSCA BSP FEMEA, DE 2 1/2\"","UN    ","AS",209.84]
[1818,"CURVA 45 GRAUS DE FERRO GALVANIZADO, COM ROSCA BSP FEMEA, DE 2\"","UN    ","AS",139.29]
[1820,"CURVA 45 GRAUS DE FERRO GALVANIZADO, COM ROSCA BSP FEMEA, DE 3/4\"","UN    ","AS",27.24]
[1779,"CURVA 45 GRAUS DE FERRO GALVANIZADO, COM ROSCA BSP FEMEA, DE 3\"","UN    ","AS",305.17]
[1780,"CURVA 45 GRAUS DE FERRO GALVANIZADO, COM ROSCA BSP FEMEA, DE 4\"","UN    ","AS",629.13]
[1783,"CURVA 45 GRAUS DE FERRO GALVANIZADO, COM ROSCA BSP MACHO/FEMEA, DE 1 1/2\"","UN    ","AS",66.52]
[1782,"CURVA 45 GRAUS DE FERRO GALVANIZADO, COM ROSCA BSP MACHO/FEMEA, DE 1 1/4\"","UN    ","AS",52.59]
[1817,"CURVA 45 GRAUS DE FERRO GALVANIZADO, COM ROSCA BSP MACHO/FEMEA, DE 1/2\"","UN    ","AS",15.67]
[1781,"CURVA 45 GRAUS DE FERRO GALVANIZADO, COM ROSCA BSP MACHO/FEMEA, DE 1\"","UN    ","AS",34.270000000000003]
[1784,"CURVA 45 GRAUS DE FERRO GALVANIZADO, COM ROSCA BSP MACHO/FEMEA, DE 2 1/2\"","UN    ","AS",187.83]
[1810,"CURVA 45 GRAUS DE FERRO GALVANIZADO, COM ROSCA BSP MACHO/FEMEA, DE 2\"","UN    ","AS",104.18]
[1811,"CURVA 45 GRAUS DE FERRO GALVANIZADO, COM ROSCA BSP MACHO/FEMEA, DE 3/4\"","UN    ","AS",22.54]
[1812,"CURVA 45 GRAUS DE FERRO GALVANIZADO, COM ROSCA BSP MACHO/FEMEA, DE 3\"","UN    ","AS",263]
[40386,"CURVA 45 GRAUS EM ACO CARBONO, SOLDAVEL, PRESSAO 3.000 LBS, DN 1 1/2\"","UN    ","CR",193.02]
[40384,"CURVA 45 GRAUS EM ACO CARBONO, SOLDAVEL, PRESSAO 3.000 LBS, DN 1 1/4\"","UN    ","CR",132.15]
[40379,"CURVA 45 GRAUS EM ACO CARBONO, SOLDAVEL, PRESSAO 3.000 LBS, DN 1/2\"","UN    ","CR",45.68]
[40423,"CURVA 45 GRAUS EM ACO CARBONO, SOLDAVEL, PRESSAO 3.000 LBS, DN 1\"","UN    ","CR",86.46]
[40389,"CURVA 45 GRAUS EM ACO CARBONO, SOLDAVEL, PRESSAO 3.000 LBS, DN 2 1/2\"","UN    ","CR",548.24]
[40388,"CURVA 45 GRAUS EM ACO CARBONO, SOLDAVEL, PRESSAO 3.000 LBS, DN 2\"","UN    ","CR",274.42]
[40381,"CURVA 45 GRAUS EM ACO CARBONO, SOLDAVEL, PRESSAO 3.000 LBS, DN 3/4\"","UN    ","CR",60.91]
[40391,"CURVA 45 GRAUS EM ACO CARBONO, SOLDAVEL, PRESSAO 3.000 LBS, DN 3\"","UN    ","CR",1422.96]
[40414,"CURVA 45 GRAUS RANHURADA EM FERRO FUNDIDO, DN 50 MM (2\")","UN    ","AS",23.39]
[40416,"CURVA 45 GRAUS RANHURADA EM FERRO FUNDIDO, DN 65 MM (2 1/2\")","UN    ","AS",32.33]
[40418,"CURVA 45 GRAUS RANHURADA EM FERRO FUNDIDO, DN 80 MM (3\")","UN    ","AS",38.57]
[2609,"CURVA 45 GRAUS, PARA ELETRODUTO, EM ACO GALVANIZADO ELETROLITICO, DIAMETRO DE 20 MM (3/4\")","UN    ","AS",5.28]
[2634,"CURVA 45 GRAUS, PARA ELETRODUTO, EM ACO GALVANIZADO ELETROLITICO, DIAMETRO DE 25 MM (1\")","UN    ","AS",6.93]
[2611,"CURVA 45 GRAUS, PARA ELETRODUTO, EM ACO GALVANIZADO ELETROLITICO, DIAMETRO DE 40 MM (1 1/2\")","UN    ","AS",19.53]
[34359,"CURVA 90 GRAUS DE BARRA CHATA EM ALUMINIO 3/4 \" X 1/4 \" X 300 MM","UN    ","AS",10.75]
[1789,"CURVA 90 GRAUS DE FERRO GALVANIZADO, COM ROSCA BSP FEMEA, DE 1 1/2\"","UN    ","AS",83.2]
[1788,"CURVA 90 GRAUS DE FERRO GALVANIZADO, COM ROSCA BSP FEMEA, DE 1 1/4\"","UN    ","AS",66.69]
[1786,"CURVA 90 GRAUS DE FERRO GALVANIZADO, COM ROSCA BSP FEMEA, DE 1/2\"","UN    ","AS",16.559999999999999]
[1787,"CURVA 90 GRAUS DE FERRO GALVANIZADO, COM ROSCA BSP FEMEA, DE 1\"","UN    ","AS",39.65]
[1791,"CURVA 90 GRAUS DE FERRO GALVANIZADO, COM ROSCA BSP FEMEA, DE 2 1/2\"","UN    ","AS",240.46]
[1790,"CURVA 90 GRAUS DE FERRO GALVANIZADO, COM ROSCA BSP FEMEA, DE 2\"","UN    ","AS",138.56]
[1813,"CURVA 90 GRAUS DE FERRO GALVANIZADO, COM ROSCA BSP FEMEA, DE 3/4\"","UN    ","AS",26.28]
[1792,"CURVA 90 GRAUS DE FERRO GALVANIZADO, COM ROSCA BSP FEMEA, DE 3\"","UN    ","AS",324.58]
[1793,"CURVA 90 GRAUS DE FERRO GALVANIZADO, COM ROSCA BSP FEMEA, DE 4\"","UN    ","AS",655.87]
[1809,"CURVA 90 GRAUS DE FERRO GALVANIZADO, COM ROSCA BSP MACHO/FEMEA, DE 1 1/2\"","UN    ","AS",78]
[1814,"CURVA 90 GRAUS DE FERRO GALVANIZADO, COM ROSCA BSP MACHO/FEMEA, DE 1 1/4\"","UN    ","AS",64.08]
[1803,"CURVA 90 GRAUS DE FERRO GALVANIZADO, COM ROSCA BSP MACHO/FEMEA, DE 1/2\"","UN    ","AS",16.190000000000001]
[1805,"CURVA 90 GRAUS DE FERRO GALVANIZADO, COM ROSCA BSP MACHO/FEMEA, DE 1\"","UN    ","AS",37.19]
[1821,"CURVA 90 GRAUS DE FERRO GALVANIZADO, COM ROSCA BSP MACHO/FEMEA, DE 2 1/2\"","UN    ","AS",219.69]
[1806,"CURVA 90 GRAUS DE FERRO GALVANIZADO, COM ROSCA BSP MACHO/FEMEA, DE 2\"","UN    ","AS",130.76]
[1804,"CURVA 90 GRAUS DE FERRO GALVANIZADO, COM ROSCA BSP MACHO/FEMEA, DE 3/4\"","UN    ","AS",23.05]
[1807,"CURVA 90 GRAUS DE FERRO GALVANIZADO, COM ROSCA BSP MACHO/FEMEA, DE 3\"","UN    ","AS",314.2]
[1808,"CURVA 90 GRAUS DE FERRO GALVANIZADO, COM ROSCA BSP MACHO/FEMEA, DE 4\"","UN    ","AS",629.91]
[1797,"CURVA 90 GRAUS DE FERRO GALVANIZADO, COM ROSCA BSP MACHO, DE 1 1/2\"","UN    ","AS",94.47]
[1796,"CURVA 90 GRAUS DE FERRO GALVANIZADO, COM ROSCA BSP MACHO, DE 1 1/4\"","UN    ","AS",72.47]
[1794,"CURVA 90 GRAUS DE FERRO GALVANIZADO, COM ROSCA BSP MACHO, DE 1/2\"","UN    ","AS",17.3]
[1816,"CURVA 90 GRAUS DE FERRO GALVANIZADO, COM ROSCA BSP MACHO, DE 1\"","UN    ","AS",39.01]
[1815,"CURVA 90 GRAUS DE FERRO GALVANIZADO, COM ROSCA BSP MACHO, DE 2 1/2\"","UN    ","AS",299.55]
[1798,"CURVA 90 GRAUS DE FERRO GALVANIZADO, COM ROSCA BSP MACHO, DE 2\"","UN    ","AS",134.04]
[1795,"CURVA 90 GRAUS DE FERRO GALVANIZADO, COM ROSCA BSP MACHO, DE 3/4\"","UN    ","AS",23.96]
[1799,"CURVA 90 GRAUS DE FERRO GALVANIZADO, COM ROSCA BSP MACHO, DE 3\"","UN    ","AS",390.13]
[1800,"CURVA 90 GRAUS DE FERRO GALVANIZADO, COM ROSCA BSP MACHO, DE 4\"","UN    ","AS",744.83]
[1802,"CURVA 90 GRAUS DE FERRO GALVANIZADO, COM ROSCA BSP MACHO, DE 6\"","UN    ","AS",1863.11]
[40385,"CURVA 90 GRAUS EM ACO CARBONO, RAIO CURTO, SOLDAVEL, PRESSAO 3.000 LBS, DN 1 1/2\"","UN    ","CR",193.02]
[40383,"CURVA 90 GRAUS EM ACO CARBONO, RAIO CURTO, SOLDAVEL, PRESSAO 3.000 LBS, DN 1 1/4\"","UN    ","CR",132.15]
[40378,"CURVA 90 GRAUS EM ACO CARBONO, RAIO CURTO, SOLDAVEL, PRESSAO 3.000 LBS, DN 1/2\"","UN    ","CR",45.68]
[40382,"CURVA 90 GRAUS EM ACO CARBONO, RAIO CURTO, SOLDAVEL, PRESSAO 3.000 LBS, DN 1\"","UN    ","CR",86.46]
[40422,"CURVA 90 GRAUS EM ACO CARBONO, RAIO CURTO, SOLDAVEL, PRESSAO 3.000 LBS, DN 2 1/2\"","UN    ","CR",588.94000000000005]
[40387,"CURVA 90 GRAUS EM ACO CARBONO, RAIO CURTO, SOLDAVEL, PRESSAO 3.000 LBS, DN 2\"","UN    ","CR",299.87]
[40380,"CURVA 90 GRAUS EM ACO CARBONO, RAIO CURTO, SOLDAVEL, PRESSAO 3.000 LBS, DN 3/4\"","UN    ","CR",60.91]
[40390,"CURVA 90 GRAUS EM ACO CARBONO, RAIO CURTO, SOLDAVEL, PRESSAO 3.000 LBS, DN 3\"","UN    ","CR",1240.3699999999999]
[40413,"CURVA 90 GRAUS RANHURADA EM FERRO FUNDIDO, DN 50 MM (2\")","UN    ","AS",25.41]
[40415,"CURVA 90 GRAUS RANHURADA EM FERRO FUNDIDO, DN 65 MM (2 1/2\")","UN    ","AS",36.21]
[40417,"CURVA 90 GRAUS RANHURADA EM FERRO FUNDIDO, DN 80 MM (3\")","UN    ","AS",42.72]
[39271,"CURVA 90 GRAUS, CURTA, DE PVC RIGIDO ROSCAVEL, DE 1/2\", PARA ELETRODUTO","UN    ","CR",3.01]
[39273,"CURVA 90 GRAUS, CURTA, DE PVC RIGIDO ROSCAVEL, DE 1\", PARA ELETRODUTO","UN    ","CR",5.12]
[39272,"CURVA 90 GRAUS, CURTA, DE PVC RIGIDO ROSCAVEL, DE 3/4\", PARA ELETRODUTO","UN    ","CR",3.7]
[1875,"CURVA 90 GRAUS, LONGA, DE PVC RIGIDO ROSCAVEL, DE 1 1/2\", PARA ELETRODUTO","UN    ","CR",8.18]
[1874,"CURVA 90 GRAUS, LONGA, DE PVC RIGIDO ROSCAVEL, DE 1 1/4\", PARA ELETRODUTO","UN    ","CR",6.75]
[1870,"CURVA 90 GRAUS, LONGA, DE PVC RIGIDO ROSCAVEL, DE 1/2\", PARA ELETRODUTO","UN    ","C ",3.9]
[1884,"CURVA 90 GRAUS, LONGA, DE PVC RIGIDO ROSCAVEL, DE 1\", PARA ELETRODUTO","UN    ","CR",5.99]
[1887,"CURVA 90 GRAUS, LONGA, DE PVC RIGIDO ROSCAVEL, DE 2 1/2\", PARA ELETRODUTO","UN    ","CR",33.909999999999997]
[1876,"CURVA 90 GRAUS, LONGA, DE PVC RIGIDO ROSCAVEL, DE 2\", PARA ELETRODUTO","UN    ","CR",13.29]
[1879,"CURVA 90 GRAUS, LONGA, DE PVC RIGIDO ROSCAVEL, DE 3/4\", PARA ELETRODUTO","UN    ","CR",3.95]
[1877,"CURVA 90 GRAUS, LONGA, DE PVC RIGIDO ROSCAVEL, DE 3\", PARA ELETRODUTO","UN    ","CR",33.950000000000003]
[1878,"CURVA 90 GRAUS, LONGA, DE PVC RIGIDO ROSCAVEL, DE 4\", PARA ELETRODUTO","UN    ","CR",68.22]
[2621,"CURVA 90 GRAUS, PARA ELETRODUTO, EM ACO GALVANIZADO ELETROLITICO, DIAMETRO DE 100 MM (4\")","UN    ","AS",167.14]
[2616,"CURVA 90 GRAUS, PARA ELETRODUTO, EM ACO GALVANIZADO ELETROLITICO, DIAMETRO DE 15 MM (1/2\")","UN    ","AS",4.7300000000000004]
[2633,"CURVA 90 GRAUS, PARA ELETRODUTO, EM ACO GALVANIZADO ELETROLITICO, DIAMETRO DE 20 MM (3/4\")","UN    ","AS",5.35]
[2617,"CURVA 90 GRAUS, PARA ELETRODUTO, EM ACO GALVANIZADO ELETROLITICO, DIAMETRO DE 25 MM (1\")","UN    ","AS",7.27]
[2618,"CURVA 90 GRAUS, PARA ELETRODUTO, EM ACO GALVANIZADO ELETROLITICO, DIAMETRO DE 32 MM (1 1/4\")","UN    ","AS",16.55]
[2632,"CURVA 90 GRAUS, PARA ELETRODUTO, EM ACO GALVANIZADO ELETROLITICO, DIAMETRO DE 40 MM (1 1/2\")","UN    ","AS",20.190000000000001]
[2631,"CURVA 90 GRAUS, PARA ELETRODUTO, EM ACO GALVANIZADO ELETROLITICO, DIAMETRO DE 50 MM (2\")","UN    ","AS",29.65]
[2619,"CURVA 90 GRAUS, PARA ELETRODUTO, EM ACO GALVANIZADO ELETROLITICO, DIAMETRO DE 65 MM (2 1/2\")","UN    ","AS",75.06]
[2620,"CURVA 90 GRAUS, PARA ELETRODUTO, EM ACO GALVANIZADO ELETROLITICO, DIAMETRO DE 80 MM (3\")","UN    ","AS",98.55]
[44472,"DENTE PARA  FRESADORA","UN    ","AS",62.9]
[38369,"DESEMPENADEIRA DE ACO DENTADA 12 X *25* CM, DENTES 8 X 8 MM, CABO FECHADO DE MADEIRA","UN    ","CR",19.809999999999999]
[38370,"DESEMPENADEIRA DE ACO LISA 12 X *25* CM COM CABO FECHADO DE MADEIRA","UN    ","CR",19.809999999999999]
[38372,"DESEMPENADEIRA PLASTICA LISA *14 X 27* CM","UN    ","CR",22.77]
[2357,"DESENHISTA COPISTA (HORISTA)","H     ","CR",16.62]
[40806,"DESENHISTA COPISTA (MENSALISTA)","MES   ","CR",2902.16]
[2355,"DESENHISTA DETALHISTA (HORISTA)","H     ","CR",29.37]
[40805,"DESENHISTA DETALHISTA (MENSALISTA)","MES   ","CR",5124.6099999999997]
[2358,"DESENHISTA PROJETISTA (HORISTA)","H     ","CR",20.78]
[40807,"DESENHISTA PROJETISTA (MENSALISTA)","MES   ","CR",3628.49]
[2359,"DESENHISTA TECNICO AUXILIAR (HORISTA)","H     ","CR",23.83]
[40808,"DESENHISTA TECNICO AUXILIAR (MENSALISTA)","MES   ","CR",4157.84]
[44330,"DESINFETANTE PRONTO USO","L     ","CR",12.46]
[43144,"DESMOLDANTE PARA CONCRETO ESTAMPADO","KG    ","CR",40.81]
[39397,"DESMOLDANTE PARA FORMAS METALICAS A BASE DE OLEO VEGETAL","L     ","CR",18.600000000000001]
[2692,"DESMOLDANTE PROTETOR PARA FORMAS DE MADEIRA, DE BASE OLEOSA EMULSIONADA EM AGUA","L     ","CR",7.5]
[44329,"DETERGENTE NEUTRO USO GERAL, CONCENTRADO","L     ","CR",16.329999999999998]
[5318,"DILUENTE AGUARRAS","L     ","C ",26.4]
[5330,"DILUENTE EPOXI","L     ","CR",60.17]
[44532,"DISCO DE BORRACHA PARA LIXADEIRA RIGIDO 7 \" COM ARRUELA  CENTRAL","UN    ","CR",35.03]
[44531,"DISCO DE CORTE DIAMANTADO SEGMENTADO DIAMETRO DE 180 MM PARA ESMERILHADEIRA  7 \"","UN    ","CR",111.34]
[38140,"DISCO DE CORTE DIAMANTADO SEGMENTADO PARA CONCRETO, DIAMETRO DE 110 MM, FURO DE 20 MM","UN    ","C ",27]
[13887,"DISCO DE CORTE DIAMANTADO SEGMENTADO PARA CONCRETO, DIAMETRO DE 350 MM, FURO DE 1 \" (14 X 1 \")","UN    ","CR",639.24]
[44495,"DISCO DE CORTE PARA METAL COM DUAS TELAS 12 X 1/8 X 3/4 \"  (300 X 3,2 X 19,05 MM)","UN    ","CR",28.45]
[44533,"DISCO DE DESBASTE PARA METAL FERROSO EM GERAL, COM TRES TELAS,  9 X 1/4 X 7/8 \" ( 228,6 X 6,4 X 22,2 MM)","UN    ","CR",26.87]
[44534,"DISCO DE LIXA PARA METAL, DIAMETRO = 180 MM, GRAO  120","UN    ","CR",7]
[34544,"DISJUNTOR  TERMOMAGNETICO TRIPOLAR 3 X 400 A / ICC - 25 KA","UN    ","CR",1776.38]
[34729,"DISJUNTOR TERMICO E MAGNETICO AJUSTAVEIS, TRIPOLAR DE 100 ATE 250A, CAPACIDADE DE INTERRUPCAO DE 35KA","UN    ","CR",1397.4]
[34734,"DISJUNTOR TERMICO E MAGNETICO AJUSTAVEIS, TRIPOLAR DE 300 ATE 400A, CAPACIDADE DE INTERRUPCAO DE 35KA","UN    ","CR",2163.62]
[34738,"DISJUNTOR TERMICO E MAGNETICO AJUSTAVEIS, TRIPOLAR DE 450 ATE 600A, CAPACIDADE DE INTERRUPCAO DE 35KA","UN    ","CR",5054.8900000000003]
[2391,"DISJUNTOR TERMOMAGNETICO TRIPOLAR 125A","UN    ","CR",411.13]
[2374,"DISJUNTOR TERMOMAGNETICO TRIPOLAR 150 A / 600 V, TIPO FXD / ICC - 35 KA","UN    ","CR",466.41]
[2377,"DISJUNTOR TERMOMAGNETICO TRIPOLAR 200 A / 600 V, TIPO FXD / ICC - 35 KA","UN    ","CR",654.55999999999995]
[2393,"DISJUNTOR TERMOMAGNETICO TRIPOLAR 250 A / 600 V, TIPO FXD","UN    ","CR",1096.1500000000001]
[34705,"DISJUNTOR TERMOMAGNETICO TRIPOLAR 3  X 250 A/ICC - 25 KA","UN    ","CR",958.74]
[34707,"DISJUNTOR TERMOMAGNETICO TRIPOLAR 3 X 350 A/ICC - 25 KA","UN    ","CR",1776.57]
[2378,"DISJUNTOR TERMOMAGNETICO TRIPOLAR 300 A / 600 V, TIPO JXD / ICC - 40 KA","UN    ","CR",1505.71]
[2379,"DISJUNTOR TERMOMAGNETICO TRIPOLAR 400 A / 600 V, TIPO JXD / ICC - 40 KA","UN    ","CR",1505.71]
[2376,"DISJUNTOR TERMOMAGNETICO TRIPOLAR 600 A / 600 V, TIPO LXD / ICC - 40 KA","UN    ","CR",2479.9]
[2394,"DISJUNTOR TERMOMAGNETICO TRIPOLAR 800 A / 600 V, TIPO LMXD","UN    ","CR",5301.57]
[34686,"DISJUNTOR TIPO DIN / IEC, MONOPOLAR DE 40  ATE 50A","UN    ","CR",15.91]
[34616,"DISJUNTOR TIPO DIN/IEC, BIPOLAR DE 6 ATE 32A","UN    ","CR",61.52]
[34623,"DISJUNTOR TIPO DIN/IEC, BIPOLAR 40 ATE 50A","UN    ","CR",60.57]
[34628,"DISJUNTOR TIPO DIN/IEC, BIPOLAR 63 A","UN    ","CR",86.76]
[34653,"DISJUNTOR TIPO DIN/IEC, MONOPOLAR DE 6  ATE  32A","UN    ","CR",10.73]
[34688,"DISJUNTOR TIPO DIN/IEC, MONOPOLAR DE 63 A","UN    ","CR",19.45]
[34709,"DISJUNTOR TIPO DIN/IEC, TRIPOLAR DE 10 ATE 50A","UN    ","CR",75.37]
[34714,"DISJUNTOR TIPO DIN/IEC, TRIPOLAR 63 A","UN    ","CR",90.02]
[2388,"DISJUNTOR TIPO NEMA, BIPOLAR 10  ATE  50 A, TENSAO MAXIMA 415 V","UN    ","CR",74.81]
[34606,"DISJUNTOR TIPO NEMA, BIPOLAR 60 ATE 100A, TENSAO MAXIMA 415 V","UN    ","CR",114.75]
[34689,"DISJUNTOR TIPO NEMA, MONOPOLAR DE 60 ATE 70A, TENSAO MAXIMA DE 240 V","UN    ","CR",36.53]
[2370,"DISJUNTOR TIPO NEMA, MONOPOLAR 10 ATE 30A, TENSAO MAXIMA DE 240 V","UN    ","C ",13.9]
[2386,"DISJUNTOR TIPO NEMA, MONOPOLAR 35  ATE  50 A, TENSAO MAXIMA DE 240 V","UN    ","CR",23.32]
[2392,"DISJUNTOR TIPO NEMA, TRIPOLAR 10  ATE  50A, TENSAO MAXIMA DE 415 V","UN    ","CR",93.31]
[2373,"DISJUNTOR TIPO NEMA, TRIPOLAR 60 ATE 100 A, TENSAO MAXIMA DE 415 V","UN    ","CR",131.46]
[39465,"DISPOSITIVO DPS CLASSE II, 1 POLO, TENSAO MAXIMA DE 175 V, CORRENTE MAXIMA DE *20* KA (TIPO AC)","UN    ","CR",80.31]
[39466,"DISPOSITIVO DPS CLASSE II, 1 POLO, TENSAO MAXIMA DE 175 V, CORRENTE MAXIMA DE *30* KA (TIPO AC)","UN    ","CR",90.35]
[39467,"DISPOSITIVO DPS CLASSE II, 1 POLO, TENSAO MAXIMA DE 175 V, CORRENTE MAXIMA DE *45* KA (TIPO AC)","UN    ","CR",115.57]
[39468,"DISPOSITIVO DPS CLASSE II, 1 POLO, TENSAO MAXIMA DE 175 V, CORRENTE MAXIMA DE *90* KA (TIPO AC)","UN    ","CR",205.41]
[39469,"DISPOSITIVO DPS CLASSE II, 1 POLO, TENSAO MAXIMA DE 275 V, CORRENTE MAXIMA DE *20* KA (TIPO AC)","UN    ","CR",83.67]
[39470,"DISPOSITIVO DPS CLASSE II, 1 POLO, TENSAO MAXIMA DE 275 V, CORRENTE MAXIMA DE *30* KA (TIPO AC)","UN    ","CR",102.81]
[39471,"DISPOSITIVO DPS CLASSE II, 1 POLO, TENSAO MAXIMA DE 275 V, CORRENTE MAXIMA DE *45* KA (TIPO AC)","UN    ","CR",123.55]
[39472,"DISPOSITIVO DPS CLASSE II, 1 POLO, TENSAO MAXIMA DE 275 V, CORRENTE MAXIMA DE *90* KA (TIPO AC)","UN    ","CR",214.67]
[39473,"DISPOSITIVO DPS CLASSE II, 1 POLO, TENSAO MAXIMA DE 385 V, CORRENTE MAXIMA DE *20* KA (TIPO AC)","UN    ","CR",138.68]
[39474,"DISPOSITIVO DPS CLASSE II, 1 POLO, TENSAO MAXIMA DE 385 V, CORRENTE MAXIMA DE *30* KA (TIPO AC)","UN    ","CR",147.84]
[39475,"DISPOSITIVO DPS CLASSE II, 1 POLO, TENSAO MAXIMA DE 385 V, CORRENTE MAXIMA DE *45* KA (TIPO AC)","UN    ","CR",167.74]
[39476,"DISPOSITIVO DPS CLASSE II, 1 POLO, TENSAO MAXIMA DE 385 V, CORRENTE MAXIMA DE *90* KA (TIPO AC)","UN    ","CR",315.76]
[39477,"DISPOSITIVO DPS CLASSE II, 1 POLO, TENSAO MAXIMA DE 460 V, CORRENTE MAXIMA DE *20* KA (TIPO AC)","UN    ","CR",154.71]
[39478,"DISPOSITIVO DPS CLASSE II, 1 POLO, TENSAO MAXIMA DE 460 V, CORRENTE MAXIMA DE *30* KA (TIPO AC)","UN    ","CR",159.5]
[39479,"DISPOSITIVO DPS CLASSE II, 1 POLO, TENSAO MAXIMA DE 460 V, CORRENTE MAXIMA DE *45* KA (TIPO AC)","UN    ","CR",187.92]
[39480,"DISPOSITIVO DPS CLASSE II, 1 POLO, TENSAO MAXIMA DE 460 V, CORRENTE MAXIMA DE *90* KA (TIPO AC)","UN    ","CR",387.77]
[39459,"DISPOSITIVO DR, 2 POLOS, SENSIBILIDADE DE 30 MA, CORRENTE DE 100 A, TIPO AC","UN    ","CR",329.12]
[39445,"DISPOSITIVO DR, 2 POLOS, SENSIBILIDADE DE 30 MA, CORRENTE DE 25 A, TIPO AC","UN    ","CR",165.25]
[39446,"DISPOSITIVO DR, 2 POLOS, SENSIBILIDADE DE 30 MA, CORRENTE DE 40 A, TIPO AC","UN    ","CR",168.19]
[39447,"DISPOSITIVO DR, 2 POLOS, SENSIBILIDADE DE 30 MA, CORRENTE DE 63 A, TIPO AC","UN    ","CR",179.86]
[39448,"DISPOSITIVO DR, 2 POLOS, SENSIBILIDADE DE 30 MA, CORRENTE DE 80 A, TIPO AC","UN    ","CR",306.7]
[39450,"DISPOSITIVO DR, 2 POLOS, SENSIBILIDADE DE 300 MA, CORRENTE DE 25 A, TIPO AC","UN    ","CR",187.12]
[39451,"DISPOSITIVO DR, 2 POLOS, SENSIBILIDADE DE 300 MA, CORRENTE DE 40 A, TIPO AC","UN    ","CR",204.09]
[39452,"DISPOSITIVO DR, 2 POLOS, SENSIBILIDADE DE 300 MA, CORRENTE DE 63 A, TIPO AC","UN    ","CR",205.31]
[39523,"DISPOSITIVO DR, 2 POLOS, SENSIBILIDADE DE 300 MA, CORRENTE DE 80 A, TIPO  AC","UN    ","CR",343.59]
[39449,"DISPOSITIVO DR, 4 POLOS, SENSIBILIDADE DE 30 MA, CORRENTE DE 100 A, TIPO AC","UN    ","CR",380.5]
[39455,"DISPOSITIVO DR, 4 POLOS, SENSIBILIDADE DE 30 MA, CORRENTE DE 25 A, TIPO AC","UN    ","CR",188.28]
[39456,"DISPOSITIVO DR, 4 POLOS, SENSIBILIDADE DE 30 MA, CORRENTE DE 40 A, TIPO AC","UN    ","CR",188.42]
[39457,"DISPOSITIVO DR, 4 POLOS, SENSIBILIDADE DE 30 MA, CORRENTE DE 63 A, TIPO AC","UN    ","CR",205.41]
[39458,"DISPOSITIVO DR, 4 POLOS, SENSIBILIDADE DE 30 MA, CORRENTE DE 80 A, TIPO AC","UN    ","CR",383.3]
[39464,"DISPOSITIVO DR, 4 POLOS, SENSIBILIDADE DE 300 MA, CORRENTE DE 100 A, TIPO AC","UN    ","CR",616.38]
[39460,"DISPOSITIVO DR, 4 POLOS, SENSIBILIDADE DE 300 MA, CORRENTE DE 25 A, TIPO AC","UN    ","CR",233.78]
[39461,"DISPOSITIVO DR, 4 POLOS, SENSIBILIDADE DE 300 MA, CORRENTE DE 40 A, TIPO AC","UN    ","CR",273.93]
[39462,"DISPOSITIVO DR, 4 POLOS, SENSIBILIDADE DE 300 MA, CORRENTE DE 63 A, TIPO AC","UN    ","CR",264]
[39463,"DISPOSITIVO DR, 4 POLOS, SENSIBILIDADE DE 300 MA, CORRENTE DE 80 A, TIPO AC","UN    ","CR",611.6]
[26039,"DISTRIBUIDOR DE AGREGADOS AUTOPROPELIDO, CAP 3 M3, A DIESEL, 6 CC, 176 CV","UN    ","AS",358024.62]
[2401,"DISTRIBUIDOR DE AGREGADOS REBOCAVEL, CAPACIDADE 1,9 M3, LARGURA DE TRABALHO 3,66 M","UN    ","AS",82349.63]
[38870,"DISTRIBUIDOR METALICO, COM ROSCA, 2 SAIDAS, DN 1\" X 1/2\", PARA CONEXAO COM ANEL DESLIZANTE EM TUBO PEX PARA INST. AGUA QUENTE/FRIA","UN    ","AS",29.05]
[38869,"DISTRIBUIDOR METALICO, COM ROSCA, 2 SAIDAS, DN 3/4\" X 1/2\", PARA CONEXAO COM ANEL DESLIZANTE EM TUBO PEX PARA INST. AGUA QUENTE/FRIA","UN    ","AS",19.61]
[38872,"DISTRIBUIDOR METALICO, COM ROSCA, 3 SAIDAS, DN 1\" X 1/2\", PARA CONEXAO COM ANEL DESLIZANTE EM TUBO PEX PARA INST. AGUA QUENTE/FRIA","UN    ","AS",37.020000000000003]
[38871,"DISTRIBUIDOR METALICO, COM ROSCA, 3 SAIDAS, DN 3/4\" X 1/2\", PARA CONEXAO COM ANEL DESLIZANTE EM TUBO PEX PARA INST. AGUA QUENTE/FRIA","UN    ","AS",25.59]
[39283,"DISTRIBUIDOR, PLASTICO, 2 SAIDAS, DN 32 X 16 MM, PARA CONEXAO COM CRIMPAGEM, EM TUBO PEX PARA INST. AGUA QUENTE/FRIA","UN    ","AS",119.89]
[39285,"DISTRIBUIDOR, PLASTICO, 2 SAIDAS, DN 32 X 25 MM, PARA CONEXAO COM CRIMPAGEM, EM TUBO PEX PARA INST. AGUA QUENTE/FRIA","UN    ","AS",137.03]
[39286,"DISTRIBUIDOR, PLASTICO, 3 SAIDAS, DN 32 X 16 MM, PARA CONEXAO COM CRIMPAGEM, EM TUBO PEX PARA INST. AGUA QUENTE/FRIA","UN    ","AS",131.33000000000001]
[39288,"DISTRIBUIDOR, PLASTICO, 3 SAIDAS, DN 32 X 25 MM, PARA CONEXAO COM CRIMPAGEM, EM TUBO PEX PARA INST. AGUA QUENTE/FRIA","UN    ","AS",159.85]
[44476,"DIVISORIA EM GRANITO, COM DUAS FACES POLIDAS, TIPO ANDORINHA/ QUARTZ/ CASTELO/ CORUMBA OU OUTROS EQUIVALENTES DA REGIAO, E=  *3,0*  CM","M2    ","CR",803.01]
[10629,"DIVISORIA EM MARMORE, COM DUAS FACES POLIDAS, BRANCO COMUM, E=  *3,0* CM","M2    ","CR",685.93]
[10698,"DIVISORIA, PLACA  PRE-MOLDADA EM GRANILITE, MARMORITE OU GRANITINA,  E = *3 CM","M2    ","AS",229.56]
[40521,"DOBRADEIRA ELETROMECANICA DE VERGALHAO, PARA ACO DE DIAMETRO ATE 1 1/2 \"Â\u0094, MOTOR ELETRICO TRIFASICO, POTENCIA DE 3 HP ATE 5 HP","UN    ","CR",100065.17]
[2432,"DOBRADICA EM ACO/FERRO, 3 1/2\" X  3\", E= 1,9  A 2 MM, COM ANEL,  CROMADO OU ZINCADO, TAMPA BOLA, COM PARAFUSOS","UN    ","CR",33.93]
[2433,"DOBRADICA EM ACO/FERRO, 3\" X 2 1/2\", E= 1,2 A 1,8 MM, SEM ANEL,  CROMADO OU ZINCADO, TAMPA CHATA, COM PARAFUSOS","UN    ","CR",11.49]
[2418,"DOBRADICA EM ACO/FERRO, 3\" X 2 1/2\", E= 1,2 A 1,8 MM, SEM ANEL, CROMADO OU ZINCADO, TAMPA BOLA, COM PARAFUSOS","UN    ","C ",15.74]
[2420,"DOBRADICA EM ACO/FERRO, 3\" X 2 1/2\", E= 1,9 A 2 MM, SEM ANEL,  CROMADO OU ZINCADO, TAMPA BOLA, COM PARAFUSOS","UN    ","CR",19.739999999999998]
[11447,"DOBRADICA EM LATAO, 3 \" X 2 1/2 \", E= 1,9 A 2 MM, COM ANEL, CROMADO, TAMPA BOLA, COM PARAFUSOS","UN    ","CR",39.01]
[11451,"DOBRADICA TIPO VAI-E-VEM EM ACO/FERRO, TAMANHO 3'', GALVANIZADO, COM PARAFUSOS","UN    ","CR",104.59]
[11116,"DOMOS INDIVIDUAL EM ACRILICO BRANCO *95 X 95* CM, SEM INSTALACAO","UN    ","AS",840.53]
[38411,"DOSADOR DE AREIA, CAPACIDADE DE *26* LITROS","UN    ","CR",1854.3]
[38189,"DUCHA / CHUVEIRO METALICO, DE PAREDE, ARTICULAVEL, COM BRACO/CANO, SEM DESVIADOR","UN    ","CR",155.51]
[38190,"DUCHA / CHUVEIRO METALICO, DE PAREDE, ARTICULAVEL, COM DESVIADOR E DUCHA MANUAL","UN    ","CR",327.62]
[7608,"DUCHA / CHUVEIRO PLASTICO SIMPLES, 5 '', BRANCO, PARA ACOPLAR EM HASTE 1/2 \", AGUA FRIA","UN    ","CR",10.66]
[1370,"DUCHA HIGIENICA PLASTICA COM REGISTRO METALICO 1/2 \"","UN    ","CR",121.06]
[36516,"DUMPER COM CAPACIDADE DE CARGA DE 1700 KG, PARTIDA ELETRICA, MOTOR DIESEL COM POTENCIA DE 16 CV","UN    ","AS",142570.07]
[34777,"ELEMENTO VAZADO CERAMICO DIAGONAL (TIPO FLOR/QUADRADO/XIS) 25 X 18 X 7 CM","UN    ","CR",1.86]
[7272,"ELEMENTO VAZADO CERAMICO QUADRADO (TIPO RETO OU REDONDO), *7 A 9 X 20 X 20* CM (L X A X C)","UN    ","CR",1.57]
[10605,"ELEMENTO VAZADO DE CONCRETO, QUADRICULADO, 1 FURO *10 X 10 X 10* CM","UN    ","CR",4.37]
[10604,"ELEMENTO VAZADO DE CONCRETO, QUADRICULADO, 1 FURO *20 X 10 X 7* CM","UN    ","CR",10.199999999999999]
[672,"ELEMENTO VAZADO DE CONCRETO, QUADRICULADO, 1 FURO *20 X 20 X 6,5* CM","UN    ","CR",14.03]
[668,"ELEMENTO VAZADO DE CONCRETO, QUADRICULADO, 16 FUROS *29 X 29 X 6* CM","UN    ","CR",16.93]
[10578,"ELEMENTO VAZADO DE CONCRETO, QUADRICULADO, 16 FUROS *33 X 33 X 10* CM","UN    ","CR",19.72]
[666,"ELEMENTO VAZADO DE CONCRETO, QUADRICULADO, 16 FUROS *40 X 40 X 7* CM","UN    ","CR",21.93]
[665,"ELEMENTO VAZADO DE CONCRETO, QUADRICULADO, 16 FUROS *50 X 50 X 7* CM","UN    ","CR",29.33]
[10577,"ELEMENTO VAZADO DE CONCRETO, QUADRICULADO, 25 FUROS *50 X 50 X 5* CM","UN    ","CR",26.02]
[10583,"ELEMENTO VAZADO DE CONCRETO, VENEZIANA *39 X 22 X 15* CM","UN    ","CR",13.52]
[10579,"ELEMENTO VAZADO DE CONCRETO, VENEZIANA *39 X 29 X 10* CM","UN    ","CR",23.56]
[10582,"ELEMENTO VAZADO DE CONCRETO, VENEZIANA *40 X 10 X 10* CM","UN    ","CR",11.9]
[2436,"ELETRICISTA (HORISTA)","H     ","C ",18.920000000000002]
[40918,"ELETRICISTA (MENSALISTA)","MES   ","CR",3300.81]
[2439,"ELETRICISTA DE MANUTENCAO INDUSTRIAL (HORISTA)","H     ","CR",18.920000000000002]
[40923,"ELETRICISTA DE MANUTENCAO INDUSTRIAL (MENSALISTA)","MES   ","CR",3300.81]
[10998,"ELETRODO REVESTIDO AWS - E-6010, DIAMETRO IGUAL A 4,00 MM","KG    ","CR",28.7]
[11002,"ELETRODO REVESTIDO AWS - E6013, DIAMETRO IGUAL A 2,50 MM","KG    ","CR",26.29]
[10999,"ELETRODO REVESTIDO AWS - E6013, DIAMETRO IGUAL A 4,00 MM","KG    ","CR",25.26]
[10997,"ELETRODO REVESTIDO AWS - E7018, DIAMETRO IGUAL A 4,00 MM","KG    ","C ",27.38]
[2685,"ELETRODUTO DE PVC RIGIDO ROSCAVEL DE 1 \", SEM LUVA","M     ","CR",8.3699999999999992]
[2680,"ELETRODUTO DE PVC RIGIDO ROSCAVEL DE 1 1/2 \", SEM LUVA","M     ","CR",12.24]
[2684,"ELETRODUTO DE PVC RIGIDO ROSCAVEL DE 1 1/4 \", SEM LUVA","M     ","CR",11.14]
[2673,"ELETRODUTO DE PVC RIGIDO ROSCAVEL DE 1/2 \", SEM LUVA","M     ","C ",4.3]
[2681,"ELETRODUTO DE PVC RIGIDO ROSCAVEL DE 2 \", SEM LUVA","M     ","CR",20.010000000000002]
[2682,"ELETRODUTO DE PVC RIGIDO ROSCAVEL DE 2 1/2 \", SEM LUVA","M     ","CR",29.19]
[2686,"ELETRODUTO DE PVC RIGIDO ROSCAVEL DE 3 \", SEM LUVA","M     ","CR",36.61]
[2674,"ELETRODUTO DE PVC RIGIDO ROSCAVEL DE 3/4 \", SEM LUVA","M     ","CR",5.35]
[2683,"ELETRODUTO DE PVC RIGIDO ROSCAVEL DE 4 \", SEM LUVA","M     ","CR",57.68]
[2676,"ELETRODUTO DE PVC RIGIDO SOLDAVEL, CLASSE B, DE 20 MM","M     ","CR",2.5]
[2678,"ELETRODUTO DE PVC RIGIDO SOLDAVEL, CLASSE B, DE 25 MM","M     ","CR",3.13]
[2679,"ELETRODUTO DE PVC RIGIDO SOLDAVEL, CLASSE B, DE 32 MM","M     ","CR",4.83]
[12070,"ELETRODUTO DE PVC RIGIDO SOLDAVEL, CLASSE B, DE 40 MM","M     ","CR",6.72]
[2675,"ELETRODUTO DE PVC RIGIDO SOLDAVEL, CLASSE B, DE 50 MM","M     ","CR",8.73]
[12067,"ELETRODUTO DE PVC RIGIDO SOLDAVEL, CLASSE B, DE 60 MM","M     ","CR",11.85]
[21136,"ELETRODUTO EM ACO GALVANIZADO ELETROLITICO, LEVE, DIAMETRO 1\", PAREDE DE 0,90 MM","M     ","AS",14.15]
[21128,"ELETRODUTO EM ACO GALVANIZADO ELETROLITICO, LEVE, DIAMETRO 3/4\", PAREDE DE 0,90 MM","M     ","AS",10.95]
[21130,"ELETRODUTO EM ACO GALVANIZADO ELETROLITICO, SEMI-PESADO, DIAMETRO 1 1/2\", PAREDE DE 1,20 MM","M     ","AS",27.65]
[21135,"ELETRODUTO EM ACO GALVANIZADO ELETROLITICO, SEMI-PESADO, DIAMETRO 1 1/4\", PAREDE DE 1,20 MM","M     ","AS",27.22]
[40401,"ELETRODUTO FLEXIVEL PLANO EM PEAD, COR PRETA E LARANJA,  DIAMETRO 32 MM","M     ","CR",4.29]
[40402,"ELETRODUTO FLEXIVEL PLANO EM PEAD, COR PRETA E LARANJA,  DIAMETRO 40 MM","M     ","CR",5.5]
[40400,"ELETRODUTO FLEXIVEL PLANO EM PEAD, COR PRETA E LARANJA, DIAMETRO 25 MM","M     ","CR",2.91]
[2504,"ELETRODUTO FLEXIVEL, EM ACO GALVANIZADO, REVESTIDO EXTERNAMENTE COM PVC PRETO, DIAMETRO EXTERNO DE 25 MM (3/4\"), TIPO SEALTUBO","M     ","AS",12.15]
[2501,"ELETRODUTO FLEXIVEL, EM ACO GALVANIZADO, REVESTIDO EXTERNAMENTE COM PVC PRETO, DIAMETRO EXTERNO DE 32 MM (1\"), TIPO SEALTUBO","M     ","AS",15.93]
[2502,"ELETRODUTO FLEXIVEL, EM ACO GALVANIZADO, REVESTIDO EXTERNAMENTE COM PVC PRETO, DIAMETRO EXTERNO DE 40 MM (1 1/4\"), TIPO SEALTUBO","M     ","AS",24.04]
[2503,"ELETRODUTO FLEXIVEL, EM ACO GALVANIZADO, REVESTIDO EXTERNAMENTE COM PVC PRETO, DIAMETRO EXTERNO DE 50 MM( 1 1/2\"), TIPO SEALTUBO","M     ","AS",30.94]
[2500,"ELETRODUTO FLEXIVEL, EM ACO GALVANIZADO, REVESTIDO EXTERNAMENTE COM PVC PRETO, DIAMETRO EXTERNO DE 60 MM (2\"), TIPO SEALTUBO","M     ","AS",41.21]
[2505,"ELETRODUTO FLEXIVEL, EM ACO GALVANIZADO, REVESTIDO EXTERNAMENTE COM PVC PRETO, DIAMETRO EXTERNO DE 75 MM (2 1/2\"), TIPO SEALTUBO","M     ","AS",64.23]
[12056,"ELETRODUTO FLEXIVEL, EM ACO, TIPO CONDUITE, DIAMETRO DE 1 1/2\"","M     ","AS",25.95]
[12057,"ELETRODUTO FLEXIVEL, EM ACO, TIPO CONDUITE, DIAMETRO DE 1 1/4\"","M     ","AS",22.04]
[12059,"ELETRODUTO FLEXIVEL, EM ACO, TIPO CONDUITE, DIAMETRO DE 1/2\"","M     ","AS",7.73]
[12058,"ELETRODUTO FLEXIVEL, EM ACO, TIPO CONDUITE, DIAMETRO DE 1\"","M     ","AS",13.74]
[12060,"ELETRODUTO FLEXIVEL, EM ACO, TIPO CONDUITE, DIAMETRO DE 2 1/2\"","M     ","AS",57.27]
[12061,"ELETRODUTO FLEXIVEL, EM ACO, TIPO CONDUITE, DIAMETRO DE 2\"","M     ","AS",34.97]
[12062,"ELETRODUTO FLEXIVEL, EM ACO, TIPO CONDUITE, DIAMETRO DE 3\"","M     ","AS",64.489999999999995]
[21137,"ELETRODUTO METALICO FLEXIVEL REVESTIDO COM PVC PRETO, DIAMETRO EXTERNO DE 15 MM (3/8\"), TIPO COPEX","M     ","AS",11.21]
[2687,"ELETRODUTO PVC FLEXIVEL CORRUGADO, COR AMARELA, DE 16 MM","M     ","CR",2.1800000000000002]
[2689,"ELETRODUTO PVC FLEXIVEL CORRUGADO, COR AMARELA, DE 20 MM","M     ","CR",2.6]
[2688,"ELETRODUTO PVC FLEXIVEL CORRUGADO, COR AMARELA, DE 25 MM","M     ","CR",2.81]
[2690,"ELETRODUTO PVC FLEXIVEL CORRUGADO, COR AMARELA, DE 32 MM","M     ","CR",4.82]
[39243,"ELETRODUTO PVC FLEXIVEL CORRUGADO, REFORCADO, COR LARANJA, DE 20 MM, PARA LAJES E PISOS","M     ","CR",3.17]
[39244,"ELETRODUTO PVC FLEXIVEL CORRUGADO, REFORCADO, COR LARANJA, DE 25 MM, PARA LAJES E PISOS","M     ","CR",4.29]
[39245,"ELETRODUTO PVC FLEXIVEL CORRUGADO, REFORCADO, COR LARANJA, DE 32 MM, PARA LAJES E PISOS","M     ","CR",8.26]
[39254,"ELETRODUTO/CONDULETE DE PVC RIGIDO, LISO, COR CINZA, DE 1/2\", PARA INSTALACOES APARENTES (NBR 5410)","M     ","CR",12.35]
[39255,"ELETRODUTO/CONDULETE DE PVC RIGIDO, LISO, COR CINZA, DE 1\", PARA INSTALACOES APARENTES (NBR 5410)","M     ","CR",22.85]
[39253,"ELETRODUTO/CONDULETE DE PVC RIGIDO, LISO, COR CINZA, DE 3/4\", PARA INSTALACOES APARENTES (NBR 5410)","M     ","CR",15.74]
[39246,"ELETRODUTO/DUTO PEAD FLEXIVEL PAREDE SIMPLES, CORRUGACAO HELICOIDAL, COR PRETA, SEM ROSCA, DE 1 1/2\", PARA CABEAMENTO SUBTERRANEO (NBR 15715)","M     ","CR",7.45]
[39247,"ELETRODUTO/DUTO PEAD FLEXIVEL PAREDE SIMPLES, CORRUGACAO HELICOIDAL, COR PRETA, SEM ROSCA, DE 1 1/4\", PARA CABEAMENTO SUBTERRANEO (NBR 15715)","M     ","CR",6.5]
[2446,"ELETRODUTO/DUTO PEAD FLEXIVEL PAREDE SIMPLES, CORRUGACAO HELICOIDAL, COR PRETA, SEM ROSCA, DE 2\",  PARA CABEAMENTO SUBTERRANEO (NBR 15715)","M     ","C ",10.7]
[2442,"ELETRODUTO/DUTO PEAD FLEXIVEL PAREDE SIMPLES, CORRUGACAO HELICOIDAL, COR PRETA, SEM ROSCA, DE 3\",  PARA CABEAMENTO SUBTERRANEO (NBR 15715)","M     ","CR",14.99]
[39248,"ELETRODUTO/DUTO PEAD FLEXIVEL PAREDE SIMPLES, CORRUGACAO HELICOIDAL, COR PRETA, SEM ROSCA, DE 4\", PARA CABEAMENTO SUBTERRANEO (NBR 15715)","M     ","CR",20.89]
[2438,"ELETROTECNICO (HORISTA)","H     ","CR",20.079999999999998]
[40922,"ELETROTECNICO (MENSALISTA)","MES   ","CR",3503.65]
[36486,"ELEVADOR DE CARGA A CABO, CABINE SEMI FECHADA 2,0 X 1,5 X 2,0 M, CAPACIDADE DE CARGA 1000 KG, TORRE  2,38 X 2,21 X 15 M, GUINCHO DE EMBREAGEM, FREIO DE SEGURANCA, LIMITADOR DE VELOCIDADE E CANCELA","UN    ","AS",70127.199999999997]
[37777,"ELEVADOR DE CREMALHEIRA CABINE FECHADA 1,5 X 2,5 X 2,35 M (UMA POR TORRE), CAPACIDADE DE CARGA 1200 KG (15 PESSOAS), TORRE  24 M (16 MODULOS), FREIO DE SEGURANCA, LIMITADOR DE CARGA","UN    ","AS",330157.49]
[12624,"EMENDA PARA CALHA PLUVIAL, PVC, DIAMETRO ENTRE 119 E 170 MM, PARA DRENAGEM PLUVIAL PREDIAL","UN    ","CR",31.93]
[517,"EMULSAO ASFALTICA ANIONICA","L     ","CR",11.03]
[37534,"EMULSAO EXPLOSIVA EM CARTUCHOS DE 1\" X 12\", DENSIDADE 1.15 G/CM3, INICIACAO ESPOLETA N. 8 / CORDEL","KG    ","AS",22.3]
[37535,"EMULSAO EXPLOSIVA EM CARTUCHOS DE 1\" X 24\", DENSIDADE 1.15 G/CM3, INICIACAO ESPOLETA N. 8 / CORDEL","KG    ","AS",22.3]
[37533,"EMULSAO EXPLOSIVA EM CARTUCHOS DE 1\" X 8\", DENSIDADE 1.15 G/CM3, INICIACAO ESPOLETA N. 8 / CORDEL","KG    ","AS",22.3]
[37537,"EMULSAO EXPLOSIVA EM CARTUCHOS DE 2 1/2\" X 24\", DENSIDADE 1.15 G/CM3, INICIACAO ESPOLETA N. 8 / CORDEL","KG    ","AS",16.88]
[37536,"EMULSAO EXPLOSIVA EM CARTUCHOS DE 2 1/4\" X 24\", DENSIDADE 1.15 G/CM3, INICIACAO ESPOLETA N. 8 / CORDEL","KG    ","AS",16.88]
[37532,"EMULSAO EXPLOSIVA EM CARTUCHOS DE 2\" X 24\", DENSIDADE 1.15 G/CM3, INICIACAO ESPOLETA N. 8 / CORDEL","KG    ","AS",16.88]
[2696,"ENCANADOR OU BOMBEIRO HIDRAULICO (HORISTA)","H     ","C ",18.920000000000002]
[40928,"ENCANADOR OU BOMBEIRO HIDRAULICO (MENSALISTA)","MES   ","CR",3300.81]
[4083,"ENCARREGADO GERAL DE OBRAS (HORISTA)","H     ","C ",35.67]
[40818,"ENCARREGADO GERAL DE OBRAS (MENSALISTA)","MES   ","CR",6223.64]
[43146,"ENDURECEDOR MINERAL DE BASE CIMENTICIA PARA PISO DE CONCRETO","KG    ","CR",9.61]
[2705,"ENERGIA ELETRICA ATE 2000 KWH INDUSTRIAL, SEM DEMANDA","KWH   ","CR",0.88]
[14250,"ENERGIA ELETRICA COMERCIAL, BAIXA TENSAO, RELATIVA AO CONSUMO DE ATE 100 KWH, INCLUINDO ICMS, PIS/PASEP E COFINS","KWH   ","C ",0.9]
[11683,"ENGATE / RABICHO FLEXIVEL INOX 1/2 \" X 30 CM","UN    ","CR",57.31]
[11684,"ENGATE / RABICHO FLEXIVEL INOX 1/2 \" X 40 CM","UN    ","CR",62.73]
[6141,"ENGATE/RABICHO FLEXIVEL PLASTICO (PVC OU ABS) BRANCO 1/2 \" X 30 CM","UN    ","CR",5.68]
[11681,"ENGATE/RABICHO FLEXIVEL PLASTICO (PVC OU ABS) BRANCO 1/2 \" X 40 CM","UN    ","CR",7.17]
[2706,"ENGENHEIRO CIVIL DE OBRA JUNIOR","H     ","C ",107.94]
[40811,"ENGENHEIRO CIVIL DE OBRA JUNIOR (MENSALISTA)","MES   ","CR",18828.11]
[2707,"ENGENHEIRO CIVIL DE OBRA PLENO","H     ","CR",122.85]
[40813,"ENGENHEIRO CIVIL DE OBRA PLENO (MENSALISTA)","MES   ","CR",21430.27]
[2708,"ENGENHEIRO CIVIL DE OBRA SENIOR","H     ","CR",167.92]
[40814,"ENGENHEIRO CIVIL DE OBRA SENIOR (MENSALISTA)","MES   ","CR",29294.59]
[34779,"ENGENHEIRO CIVIL JUNIOR","H     ","CR",109.5]
[40936,"ENGENHEIRO CIVIL JUNIOR (MENSALISTA)","MES   ","CR",19102.77]
[34780,"ENGENHEIRO CIVIL PLENO","H     ","CR",123.53]
[40937,"ENGENHEIRO CIVIL PLENO (MENSALISTA)","MES   ","CR",21551.71]
[34782,"ENGENHEIRO CIVIL SENIOR","H     ","CR",169.3]
[40938,"ENGENHEIRO CIVIL SENIOR (MENSALISTA)","MES   ","CR",29534.560000000001]
[34783,"ENGENHEIRO ELETRICISTA","H     ","CR",119.39]
[40939,"ENGENHEIRO ELETRICISTA (MENSALISTA)","MES   ","CR",20828.18]
[34785,"ENGENHEIRO SANITARISTA","H     ","CR",116.62]
[40940,"ENGENHEIRO SANITARISTA (MENSALISTA)","MES   ","CR",20344.05]
[38403,"ENXADA ESTREITA *25 X 23* CM COM CABO","UN    ","CR",49.05]
[43482,"EPI - FAMILIA ALMOXARIFE - HORISTA (ENCARGOS COMPLEMENTARES - COLETADO CAIXA)","H     ","C ",0.75]
[43494,"EPI - FAMILIA ALMOXARIFE - MENSALISTA (ENCARGOS COMPLEMENTARES - COLETADO CAIXA)","MES   ","C ",140.69]
[43483,"EPI - FAMILIA CARPINTEIRO DE FORMAS - HORISTA (ENCARGOS COMPLEMENTARES - COLETADO CAIXA)","H     ","C ",1.34]
[43495,"EPI - FAMILIA CARPINTEIRO DE FORMAS - MENSALISTA (ENCARGOS COMPLEMENTARES - COLETADO CAIXA)","MES   ","C ",253.46]
[43484,"EPI - FAMILIA ELETRICISTA - HORISTA (ENCARGOS COMPLEMENTARES - COLETADO CAIXA)","H     ","C ",1.1399999999999999]
[43496,"EPI - FAMILIA ELETRICISTA - MENSALISTA (ENCARGOS COMPLEMENTARES - COLETADO CAIXA)","MES   ","C ",214.4]
[43485,"EPI - FAMILIA ENCANADOR - HORISTA (ENCARGOS COMPLEMENTARES - COLETADO CAIXA)","H     ","C ",1.01]
[43497,"EPI - FAMILIA ENCANADOR - MENSALISTA (ENCARGOS COMPLEMENTARES - COLETADO CAIXA)","MES   ","C ",189.52]
[43487,"EPI - FAMILIA ENCARREGADO GERAL - HORISTA (ENCARGOS COMPLEMENTARES - COLETADO CAIXA)","H     ","C ",1.17]
[43499,"EPI - FAMILIA ENCARREGADO GERAL - MENSALISTA (ENCARGOS COMPLEMENTARES - COLETADO CAIXA)","MES   ","C ",221.51]
[43486,"EPI - FAMILIA ENGENHEIRO CIVIL - HORISTA (ENCARGOS COMPLEMENTARES - COLETADO CAIXA)","H     ","C ",0.71]
[43498,"EPI - FAMILIA ENGENHEIRO CIVIL - MENSALISTA (ENCARGOS COMPLEMENTARES - COLETADO CAIXA)","MES   ","C ",133.44999999999999]
[43488,"EPI - FAMILIA OPERADOR ESCAVADEIRA - HORISTA (ENCARGOS COMPLEMENTARES - COLETADO CAIXA)","H     ","C ",0.82]
[43500,"EPI - FAMILIA OPERADOR ESCAVADEIRA - MENSALISTA (ENCARGOS COMPLEMENTARES - COLETADO CAIXA)","MES   ","C ",154.53]
[43489,"EPI - FAMILIA PEDREIRO - HORISTA (ENCARGOS COMPLEMENTARES - COLETADO CAIXA)","H     ","C ",1.17]
[43501,"EPI - FAMILIA PEDREIRO - MENSALISTA (ENCARGOS COMPLEMENTARES - COLETADO CAIXA)","MES   ","C ",220.75]
[43490,"EPI - FAMILIA PINTOR - HORISTA (ENCARGOS COMPLEMENTARES - COLETADO CAIXA)","H     ","C ",1.68]
[43502,"EPI - FAMILIA PINTOR - MENSALISTA (ENCARGOS COMPLEMENTARES - COLETADO CAIXA)","MES   ","C ",316.25]
[43491,"EPI - FAMILIA SERVENTE - HORISTA (ENCARGOS COMPLEMENTARES - COLETADO CAIXA)","H     ","C ",1.25]
[43503,"EPI - FAMILIA SERVENTE - MENSALISTA (ENCARGOS COMPLEMENTARES - COLETADO CAIXA)","MES   ","C ",235.5]
[43492,"EPI - FAMILIA SOLDADOR - HORISTA (ENCARGOS COMPLEMENTARES - COLETADO CAIXA)","H     ","C ",1.68]
[43504,"EPI - FAMILIA SOLDADOR - MENSALISTA (ENCARGOS COMPLEMENTARES - COLETADO CAIXA)","MES   ","C ",317.67]
[43493,"EPI - FAMILIA TOPOGRAFO - HORISTA (ENCARGOS COMPLEMENTARES - COLETADO CAIXA)","H     ","C ",0.67]
[43505,"EPI - FAMILIA TOPOGRAFO - MENSALISTA (ENCARGOS COMPLEMENTARES - COLETADO CAIXA)","MES   ","C ",126.7]
[37774,"EQUIPAMENTO DE LIMPEZA COMBINADO (VACUO/ALTA PRESSAO) 95% VACUO, TANQUE 7000 L, BOMBA 140 KGF/CM2 66 L/MIN COM MOTOR INDEPENDENTE A DIESEL DE 60 CV (INCLUI MONTAGEM, NAO INCLUI CAMINHAO)","UN    ","AS",450184.09]
[38630,"EQUIPAMENTO PARA DEMARCACAO DE FAIXAS DE TRAFEGO A FRIO, A SER MONTADO SOBRE CAMINHAO DE PBT MINIMO DE 9 T E DISTANCIA MINIMA ENTRE EIXOS DE 4,3 M, CAPACIDADE PARA 800 L DE TINTA (INCLUI MONTAGEM, NAO INCLUI CAMINHAO)","UN    ","AS",1765429.68]
[38629,"EQUIPAMENTO PARA DEMARCACAO DE FAIXAS DE TRAFEGO A QUENTE, A SER MONTADO SOBRE CAMINHAO DE PBT MINIMO DE 17 T E DISTANCIA MINIMA ENTRE EIXOS DE 5,2 M, CAPACIDADE PARA 1.000 KG DE MATERIAL TERMOPLASTICO (INCLUI MONTAGEM, NAO INCLUI CAMINHAO E NEM COMPRESSOR DE AR)","UN    ","AS",2627929.6800000002]
[38476,"ESCADA DUPLA DE ABRIR EM ALUMINIO, MODELO PINTOR, 8 DEGRAUS","UN    ","CR",368.64]
[38477,"ESCADA EXTENSIVEL EM ALUMINIO COM 6,00 M ESTENDIDA","UN    ","CR",1044]
[40635,"ESCAVADEIRA HIDRAULICA SOBRE ESTEIRA, COM GARRA GIRATORIA DE MANDIBULAS, PESO OPERACIONAL ENTRE 22,00 E 25,50 TON, POTENCIA LIQUIDA ENTRE 150 E 160 HP","UN    ","AS",989845.18]
[36483,"ESCAVADEIRA HIDRAULICA SOBRE ESTEIRAS CACAMBA 0,40 A 1,20 M3, PESO OPERACIONAL 21,19 T, POTENCIA LIQUIDA 173 HP","UN    ","AS",896958.29]
[14525,"ESCAVADEIRA HIDRAULICA SOBRE ESTEIRAS COM CACAMBA DE 1,20 M3, PESO OPERACIONAL 21 T, POTENCIA BRUTA 155 HP","UN    ","AS",939168.09]
[36482,"ESCAVADEIRA HIDRAULICA SOBRE ESTEIRAS, CACAMBA  0,80 M3, PESO OPERACIONAL 17,8 T, POTENCIA LIQUIDA 110 HP","UN    ","AS",805467.44]
[36408,"ESCAVADEIRA HIDRAULICA SOBRE ESTEIRAS, CACAMBA 0,4 A 1,70 M3, PESO OPERACIONAL 23,2 T, POTENCIA BRUTA 183 HP","UN    ","AS",962383.48]
[2723,"ESCAVADEIRA HIDRAULICA SOBRE ESTEIRAS, CACAMBA 0,62M3, PESO OPERACIONAL 12,61T, POTENCIA LIQUIDA 95HP","UN    ","AS",738671.53]
[36481,"ESCAVADEIRA HIDRAULICA SOBRE ESTEIRAS, CACAMBA 0,80 A 1,30 M3, PESO OPERACIONAL 22,18 T, POTENCIA LIQUIDA 170 HP","UN    ","AS",881129.61]
[10685,"ESCAVADEIRA HIDRAULICA SOBRE ESTEIRAS, CACAMBA 0,80M3, PESO OPERACIONAL 17T, POTENCIA BRUTA 111HP","UN    ","AS",844196.04]
[40636,"ESCAVADEIRA HIDRAULICA SOBRE ESTEIRAS, CAPACIDADE DA CACAMBA ENTRE 1,20 E 1,50 M3, PESO OPERACIONAL ENTRE 20,00 E 22,00 TON, POTENCIA LIQUIDA ENTRE 150 E 155 HP, EQUIPADA COM CLAMSHELL","UN    ","AS",952911.6]
[4111,"ESCORA PRE-MOLDADA EM CONCRETO, *10 X 10* CM, H = 2,30M","UN    ","CR",68.739999999999995]
[44538,"ESCOVA CIRCULAR EM ACO LATONADO, 6 X 1 \" (DIAMETRO X ESPESSURA), FURO DE 1 1/4 \", FIO ONDULADO *0,30*  MM","UN    ","CR",64.69]
[12,"ESCOVA DE ACO, COM CABO, *4  X 15* FILEIRAS DE CERDAS","UN    ","C ",14]
[37554,"ESGUICHO JATO REGULAVEL, TIPO ELKHART, ENGATE RAPIDO 1 1/2\", PARA COMBATE A INCENDIO","UN    ","CR",293.58999999999997]
[37555,"ESGUICHO JATO REGULAVEL, TIPO ELKHART, ENGATE RAPIDO 2 1/2\", PARA COMBATE A INCENDIO","UN    ","CR",357.14]
[10902,"ESGUICHO TIPO JATO SOLIDO, EM LATAO, ENGATE RAPIDO 1 1/2\" X 13 MM, PARA MANGUEIRA EM INSTALACAO PREDIAL COMBATE A INCENDIO","UN    ","CR",89.61]
[20965,"ESGUICHO TIPO JATO SOLIDO, EM LATAO, ENGATE RAPIDO 1 1/2\" X 16 MM, PARA MANGUEIRA EM INSTALACAO PREDIAL COMBATE A INCENDIO","UN    ","CR",90.45]
[20966,"ESGUICHO TIPO JATO SOLIDO, EM LATAO, ENGATE RAPIDO 1 1/2\" X 19 MM, PARA MANGUEIRA EM INSTALACAO PREDIAL COMBATE A INCENDIO","UN    ","CR",97.39]
[10903,"ESGUICHO TIPO JATO SOLIDO, EM LATAO, ENGATE RAPIDO 2 1/2\" X 13 MM, PARA MANGUEIRA EM INSTALACAO PREDIAL COMBATE A INCENDIO","UN    ","CR",147.61000000000001]
[20967,"ESGUICHO TIPO JATO SOLIDO, EM LATAO, ENGATE RAPIDO 2 1/2\" X 16 MM, PARA MANGUEIRA EM INSTALACAO PREDIAL COMBATE A INCENDIO","UN    ","CR",147.61000000000001]
[20968,"ESGUICHO TIPO JATO SOLIDO, EM LATAO, ENGATE RAPIDO 2 1/2\" X 19 MM, PARA MANGUEIRA EM INSTALACAO PREDIAL COMBATE A INCENDIO","UN    ","CR",161.9]
[11359,"ESMERILHADEIRA ANGULAR ELETRICA, DIAMETRO DO DISCO 7 '' (180 MM), ROTACAO 8500 RPM, POTENCIA 2400 W","UN    ","C ",829]
[39017,"ESPACADOR / DISTANCIADOR CIRCULAR COM ENTRADA LATERAL, EM PLASTICO, PARA VERGALHAO *4,2 A 12,5* MM, COBRIMENTO 20 MM","UN    ","CR",0.18]
[39315,"ESPACADOR / DISTANCIADOR TIPO GARRA DUPLA, EM PLASTICO, COBRIMENTO *20* MM, PARA FERRAGENS DE LAJES E FUNDO DE VIGAS","UN    ","CR",0.28999999999999998]
[39016,"ESPACADOR / DISTANCIADOR TIPO PINO EM PLASTICO, PARA VERGALHAO ATE 10 MM, PARA APOIO DE ARMADURA","UN    ","CR",0.28999999999999998]
[39481,"ESPACADOR OU DISTANCIADOR, EM PLASTICO, TIPO APOIO DE CORDOALHA (CARANGUEJO), PARA ARMADURA NEGATIVA E PROTENSAO, COBRIMENTO 50 MM","UN    ","CR",1.43]
[39013,"ESPACADOR/SEPARADOR /CENTRALIZADOR DE BARRA DE ACO, PLASTICO, (CHUMBADOR TIPO CARAMBOLA - CB), DIAMETRO INTERNO ATE 20 MM","UN    ","CR",1.22]
[44919,"ESPACADOR/SEPARADOR /CENTRALIZADOR DE BARRA DE ACO, PLASTICO, (CHUMBADOR TIPO CARAMBOLA - CB), DIAMETRO INTERNO ENTRE 25 A 32 MM","UN    ","CR",2.2799999999999998]
[40433,"ESPACADOR/SEPARADOR DE CORDOALHA TIPO DISCO 12 FUROS DE 14 MM, PARA TIRANTES","UN    ","CR",1.26]
[20219,"ESPARGIDOR DE ASFALTO PRESSURIZADO, REBOCAVEL, TANQUE DE 2500 L, PNEUMATICO,  COM MOTOR A GASOLINA 3,4HP","UN    ","AS",106150]
[36484,"ESPARGIDOR DE ASFALTO PRESSURIZADO, TANQUE 6 M3 COM ISOLACAO TERMICA, AQUECIDO COM 2 MACARICOS, COM BARRA ESPARGIDORA 3,60 M, A SER MONTADO SOBRE CAMINHAO","UN    ","AS",225337.12]
[38367,"ESPATULA DE ACO INOX COM CABO DE MADEIRA, LARGURA 8 CM","UN    ","CR",19.8]
[38368,"ESPATULA DE PLASTICO LISA, LARGURA 10 CM","UN    ","CR",8.85]
[38091,"ESPELHO / PLACA CEGA 4\" X 2\", PARA INSTALACAO DE TOMADAS E INTERRUPTORES","UN    ","CR",2.62]
[38095,"ESPELHO / PLACA CEGA 4\" X 4\", PARA INSTALACAO DE TOMADAS E INTERRUPTORES","UN    ","CR",5.55]
[38092,"ESPELHO / PLACA DE 1 POSTO 4\" X 2\", PARA INSTALACAO DE TOMADAS E INTERRUPTORES","UN    ","CR",2.4900000000000002]
[38093,"ESPELHO / PLACA DE 2 POSTOS 4\" X 2\", PARA INSTALACAO DE TOMADAS E INTERRUPTORES","UN    ","CR",2.57]
[38096,"ESPELHO / PLACA DE 2 POSTOS 4\" X 4\", PARA INSTALACAO DE TOMADAS E INTERRUPTORES","UN    ","CR",5.97]
[38094,"ESPELHO / PLACA DE 3 POSTOS 4\" X 2\", PARA INSTALACAO DE TOMADAS E INTERRUPTORES","UN    ","CR",3.15]
[38097,"ESPELHO / PLACA DE 4 POSTOS 4\" X 4\", PARA INSTALACAO DE TOMADAS E INTERRUPTORES","UN    ","CR",6.4]
[38098,"ESPELHO / PLACA DE 6 POSTOS 4\" X 4\", PARA INSTALACAO DE TOMADAS E INTERRUPTORES","UN    ","CR",6.4]
[11186,"ESPELHO CRISTAL E = 4 MM","M2    ","CR",336.83]
[11558,"ESPELHO, RETO OU CURVO, EM LATAO CROMADO, ESPESSURA ATE 6 MM, LARGURA *40*MM, ALTURA *180*MM - PARA FECHADURA DE EMBUTIR","PAR   ","CR",15.55]
[11557,"ESPELHO, RETO OU CURVO, EM LATAO CROMADO, ESPESSURA MINIMA 6 MM, LARGURA *43*MM, ALTURA *230*MM - PARA FECHADURA DE EMBUTIR","PAR   ","CR",39.380000000000003]
[2759,"ESPOLETA SIMPLES N 8.","UN    ","AS",10.93]
[38124,"ESPUMA EXPANSIVA DE POLIURETANO, APLICACAO MANUAL - 500 ML","UN    ","C ",42.78]
[38380,"ESQUADRO DE ACO 12 \" (300 MM), CABO DE ALUMINIO","UN    ","CR",31.47]
[42429,"ESQUI TRIPLO, EM TUBO DE ACO CARBONO, PINTURA NO PROCESSO ELETROSTATICO - EQUIPAMENTO DE GINASTICA PARA ACADEMIA AO AR LIVRE / ACADEMIA DA TERCEIRA IDADE - ATI","UN    ","AS",5972.04]
[39616,"ESTABILIZADOR BIVOLT AUTOMATICO, 1000 VA","UN    ","C ",549]
[39618,"ESTABILIZADOR BIVOLT AUTOMATICO, 1500 VA","UN    ","CR",995.79]
[39619,"ESTABILIZADOR BIVOLT AUTOMATICO, 2000 VA","UN    ","CR",1363.83]
[39613,"ESTABILIZADOR BIVOLT AUTOMATICO, 300 VA","UN    ","CR",218.07]
[39614,"ESTABILIZADOR BIVOLT AUTOMATICO, 500 VA","UN    ","CR",318.14999999999998]
[38538,"ESTACA PRE-MOLDADA MACICA DE CONCRETO VIBRADO ARMADO, PARA CARGA DE 25 T, SECAO QUADRADA DE *16 X 16*, COM ANEL METALICO INCORPORADO A PECA (SOMENTE FORNECIMENTO)","M     ","AS",75.8]
[38539,"ESTACA PRE-MOLDADA MACICA DE CONCRETO VIBRADO ARMADO, PARA CARGA DE 50 T, SECAO QUADRADA, COM ANEL METALICO INCORPORADO A PECA (SOMENTE FORNECIMENTO)","M     ","AS",103.07]
[38540,"ESTACA PRE-MOLDADA VAZADA DE CONCRETO CENTRIFUGADO, PARA CARGA DE 100 T, SECAO CIRCULAR, COM ANEL METALICO INCORPORADO A PECA (SOMENTE FORNECIMENTO)","M     ","AS",264.16000000000003]
[38384,"ESTILETE DE METAL, LAMINA 18 MM","UN    ","CR",22.94]
[13,"ESTOPA","KG    ","CR",21.55]
[2762,"ESTOPIM SIMPLES","M     ","AS",13.66]
[21142,"ESTRIBO COM PARAFUSO EM CHAPA DE FERRO FUNDIDO DE 2\" X 3/16\" X 35 CM, SECAO \"U\", PARA MADEIRAMENTO DE TELHADO","UN    ","CR",25.92]
[4223,"ETANOL","L     ","C ",3.97]
[37372,"EXAMES - HORISTA (COLETADO CAIXA - ENCARGOS COMPLEMENTARES)","H     ","C ",1.1399999999999999]
[40863,"EXAMES - MENSALISTA (COLETADO CAIXA - ENCARGOS COMPLEMENTARES)","MES   ","C ",215.56]
[38475,"EXTENSAO DE SOLDA 201 ACETILENO, E = *1,5 A 2,5* MM","UN    ","CR",30.15]
[38474,"EXTENSAO DE SOLDA 201 GLP, E = *2,5 A 4,0* MM","UN    ","CR",37.270000000000003]
[10886,"EXTINTOR DE INCENDIO PORTATIL COM CARGA DE AGUA PRESSURIZADA DE 10 L, CLASSE A","UN    ","CR",218.75]
[10888,"EXTINTOR DE INCENDIO PORTATIL COM CARGA DE GAS CARBONICO CO2 DE 4 KG, CLASSE BC","UN    ","CR",692.3]
[10889,"EXTINTOR DE INCENDIO PORTATIL COM CARGA DE GAS CARBONICO CO2 DE 6 KG, CLASSE BC","UN    ","CR",750]
[10890,"EXTINTOR DE INCENDIO PORTATIL COM CARGA DE PO QUIMICO SECO (PQS) DE 12 KG, CLASSE BC","UN    ","CR",346.15]
[10891,"EXTINTOR DE INCENDIO PORTATIL COM CARGA DE PO QUIMICO SECO (PQS) DE 4 KG, CLASSE BC","UN    ","CR",211.53]
[10892,"EXTINTOR DE INCENDIO PORTATIL COM CARGA DE PO QUIMICO SECO (PQS) DE 6 KG, CLASSE BC","UN    ","C ",250]
[20977,"EXTINTOR DE INCENDIO PORTATIL COM CARGA DE PO QUIMICO SECO (PQS) DE 8 KG, CLASSE BC","UN    ","CR",298.07]
[3073,"EXTREMIDADE PVC PBA, BF, JE, DN 100/ DE 110 MM (NBR 10351)","UN    ","AS",211.25]
[3074,"EXTREMIDADE PVC PBA, BF, JE, DN 75/ DE 85 MM (NBR 10351)","UN    ","AS",133.37]
[3076,"EXTREMIDADE PVC PBA, PF, JE, DN 100 / DE 110 MM (NBR 10351)","UN    ","AS",173.67]
[3075,"EXTREMIDADE PVC PBA, PF, JE, DN 75 / DE 85 MM (NBR 10351)","UN    ","AS",109.75]
[10781,"EXTREMIDADE/TUBETE PARA HIDROMETRO PVC, COM ROSCA, CURTA, COM BUCHA LATAO, 3/4\"","UN    ","AS",14.88]
[43612,"FECHADRUA BICO DE PAPAGAIO PARA PORTA DE CORRER EXTERNA, EM ACO INOX COM ACABAMENTO CROMADO, MAQUINA COM 45 MM, INCLUINDO CHAVE TIPO CILINDRO","CJ    ","CR",109.55]
[43613,"FECHADRUA BICO DE PAPAGAIO PARA PORTA DE CORRER INTERNA, EM ACO INOX COM ACABAMENTO CROMADO, MAQUINA COM 45 MM, INCLUINDO CHAVE TIPO BIPARTIDA","CJ    ","CR",90.69]
[11480,"FECHADURA AUXILIAR DE SEGURANCA PARA PORTA EXTERNA, EM ACO INOX, BROCA DE 45 A 55 MM, LINGUETA COM 3 AVANCOS, INCLUINDO 2 CHAVES TIPO CILINDRO","CJ    ","CR",139.18]
[11469,"FECHADURA DE EMBUTIR PARA GAVETA E MOVEIS DE MADEIRA, EM ACO INOX COM ACABAMENTO CROMADO, COM ABAS LATERAIS, CILINDRO COM 22 MM DE DIAMETRO, INCLUINDO CHAVE COM PERFIL METALICO E CAPA ESCAMOTEAVEL","UN    ","CR",14.86]
[11468,"FECHADURA DE SOBREPOR PARA GAVETAS E ARMARIOS, EM ACO INOX COM ACABAMENTO CROMADO, COM CILINDRO DE APROX 20 MM","UN    ","CR",14.87]
[11484,"FECHADURA DE SOBREPOR PARA PORTAO, EM ACO INOX COM ACABAMENTO CROMADO, CAIXA DE 100 MM, INCLUINDO CHAVE TIPO CILINDRO","UN    ","CR",65.3]
[38155,"FECHADURA DE SOBREPOR PARA PORTAO, EM ACO INOX COM ACABAMENTO CROMADO, CAIXA DE 100 MM, INCLUINDO CHAVE TIPO TETRA","UN    ","CR",101.38]
[11467,"FECHADURA DE SOBREPOR TIPO CAIXAO, EM FERRO COM ACABAMENTO RESINADO, SEM MACANETA, SEM CILINDRO, INCLUINDO CHAVE TIPO SIMPLES","UN    ","CR",23.16]
[38153,"FECHADURA ESPELHO PARA PORTA DE BANHEIRO, EM ACO INOX (MAQUINA, TESTA E CONTRA-TESTA) E EM ZAMAC (MACANETA, LINGUETA E TRINCOS) COM ACABAMENTO CROMADO, MAQUINA DE 40 MM, INCLUINDO CHAVE TIPO TRANQUETA","CJ    ","CR",59.17]
[43607,"FECHADURA ESPELHO PARA PORTA DE BANHEIRO, EM ACO INOX (MAQUINA, TESTA E CONTRA-TESTA) E EM ZAMAC (MACANETA, LINGUETA E TRINCOS) COM ACABAMENTO CROMADO, MAQUINA DE 55 MM, INCLUINDO CHAVE TIPO TRANQUETA  (CONJUNTO DE FECHADURAS)","CJ    ","CR",111.92]
[3080,"FECHADURA ESPELHO PARA PORTA EXTERNA, EM ACO INOX (MAQUINA, TESTA E CONTRA-TESTA) E EM ZAMAC (MACANETA, LINGUETA E TRINCOS) COM ACABAMENTO CROMADO, MAQUINA DE 40 MM, INCLUINDO CHAVE TIPO CILINDRO","CJ    ","C ",75.25]
[3081,"FECHADURA ESPELHO PARA PORTA EXTERNA, EM ACO INOX (MAQUINA, TESTA E CONTRA-TESTA) E EM ZAMAC (MACANETA, LINGUETA E TRINCOS) COM ACABAMENTO CROMADO, MAQUINA DE 55 MM, INCLUINDO CHAVE TIPO CILINDRO","CJ    ","CR",148.88]
[3090,"FECHADURA ESPELHO PARA PORTA INTERNA, EM ACO INOX (MAQUINA, TESTA E CONTRA-TESTA) E EM ZAMAC (MACANETA, LINGUETA E TRINCOS) COM ACABAMENTO CROMADO, MAQUINA DE 40 MM, INCLUINDO CHAVE TIPO INTERNA","CJ    ","CR",67.16]
[43611,"FECHADURA ESPELHO PARA PORTA INTERNA, EM ACO INOX (MAQUINA, TESTA E CONTRA-TESTA) E EM ZAMAC (MACANETA, LINGUETA E TRINCOS) COM ACABAMENTO CROMADO, MAQUINA DE 55 MM, INCLUINDO CHAVE TIPO INTERNA","CJ    ","CR",111.45]
[3103,"FECHADURA PARA PORTA PIVOTANTE DE VIDRO TEMPERADO, EM ACO INOX COM ACABAMENTO CROMADO, RECORTE PADRAO SANTA MARINA, COM CILINDRO EM LATAO, INCLUINDO CHAVE TIPO CILINDRO","UN    ","CR",55.69]
[3097,"FECHADURA ROSETA REDONDA PARA PORTA DE BANHEIRO, EM ACO INOX (MAQUINA, TESTA E CONTRA-TESTA) E EM ZAMAC (MACANETA, LINGUETA E TRINCOS) COM ACABAMENTO CROMADO, MAQUINA DE 40 MM, INCLUINDO CHAVE TIPO TRANQUETA","CJ    ","CR",84.25]
[3099,"FECHADURA ROSETA REDONDA PARA PORTA DE BANHEIRO, EM ACO INOX (MAQUINA, TESTA E CONTRA-TESTA) E EM ZAMAC (MACANETA, LINGUETA E TRINCOS) COM ACABAMENTO CROMADO, MAQUINA DE 55 MM, INCLUINDO CHAVE TIPO TRANQUETA","CJ    ","CR",134.91]
[38151,"FECHADURA ROSETA REDONDA PARA PORTA EXTERNA, EM ACO INOX (MAQUINA, TESTA E CONTRA-TESTA) E EM ZAMAC (MACANETA, LINGUETA E TRINCOS) COM ACABAMENTO CROMADO, MAQUINA DE 40 MM, INCLUINDO CHAVE TIPO CILINDRO","CJ    ","CR",97.8]
[38152,"FECHADURA ROSETA REDONDA PARA PORTA EXTERNA, EM ACO INOX (MAQUINA, TESTA E CONTRA-TESTA) E EM ZAMAC (MACANETA, LINGUETA E TRINCOS) COM ACABAMENTO CROMADO, MAQUINA DE 55 MM, INCLUINDO CHAVE TIPO CILINDRO","CJ    ","CR",157.77000000000001]
[43610,"FECHADURA ROSETA REDONDA PARA PORTA INTERNA, EM ACO INOX (MAQUINA, TESTA E CONTRA-TESTA) E EM ZAMAC (MACANETA, LINGUETA E TRINCOS) COM ACABAMENTO CROMADO, MAQUINA DE 40 MM, INCLUINDO CHAVE TIPO INTERNA (CONJUNTO DE FECHADURAS)","CJ    ","CR",83.6]
[3093,"FECHADURA ROSETA REDONDA PARA PORTA INTERNA, EM ACO INOX (MAQUINA, TESTA E CONTRA-TESTA) E EM ZAMAC (MACANETA, LINGUETA E TRINCOS) COM ACABAMENTO CROMADO, MAQUINA DE 55 MM, INCLUINDO CHAVE TIPO INTERNA","CJ    ","CR",134.91]
[38165,"FECHO / FECHADURA COM PUXADOR CONCHA, COM TRANCA TIPO TRAVA, PARA JANELA / PORTA DE CORRER (INCLUI TESTA, FECHADURA, PUXADOR) - COMPLETA","CJ    ","CR",74.83]
[38177,"FECHO / TRINCO TIPO AVIAO, EM ZAMAC CROMADO, *60* MM, PARA JANELAS - INCLUI PARAFUSOS","UN    ","CR",22.23]
[11458,"FECHO DE SEGURANCA, TIPO BATOM, EM LATAO / ZAMAC, CROMADO, PARA PORTAS E JANELAS - INCLUI PARAFUSOS","UN    ","CR",26.55]
[3108,"FECHO QUEBRA UNHA, EM LATAO COM ACABAMENTO CROMADO, DE EMBUTIR, COM COMANDO ALAVANCA, ALTURA DE DE 22 CM, LARGURA MINIMA DE 1,90 CM E ESPESSURA MINIMA DE 1,90 MM, PARA PORTAS E JANELAS (INCLUI PARAFUSOS)","UN    ","CR",112.85]
[3105,"FECHO QUEBRA UNHA, EM LATAO COM ACABAMENTO CROMADO, DE EMBUTIR, COM COMANDO ALAVANCA, ALTURA DE DE 40 CM, LARGURA MINIMA DE 1,90 CM E ESPESSURA MINIMA DE 1,90 MM, PARA PORTAS E JANELAS (INCLUI PARAFUSOS)","UN    ","CR",147.61000000000001]
[38178,"FECHO QUEBRA UNHA, EM LATAO COM ACABAMENTO CROMADO, DE EMBUTIR, COM COMANDO DESLIZANTE, ALTURA DE 12 CM, LARGURA MINIMA DE 1,90 CM E ESPESSURA MINIMA DE 1,90 MM","UN    ","CR",24.46]
[43575,"FECHO QUEBRA UNHA, EM LATAO COM ACABAMENTO CROMADO, DE EMBUTIR, COM COMANDO DESLIZANTE, ALTURA DE 22 CM, LARGURA MINIMA DE 1,90 CM E ESPESSURA MINIMA DE 1,90 MM","UN    ","CR",53.01]
[43577,"FECHO QUEBRA UNHA, EM LATAO COM ACABAMENTO CROMADO, DE EMBUTIR, COM COMANDO DESLIZANTE, ALTURA DE 40 CM, LARGURA MINIMA DE 1,90 CM E ESPESSURA MINIMA DE 1,90 MM","UN    ","CR",92.16]
[43458,"FERRAMENTAS - FAMILIA ALMOXARIFE - HORISTA (ENCARGOS COMPLEMENTARES - COLETADO CAIXA)","H     ","C ",0.06]
[43470,"FERRAMENTAS - FAMILIA ALMOXARIFE - MENSALISTA (ENCARGOS COMPLEMENTARES - COLETADO CAIXA)","MES   ","C ",10.6]
[43459,"FERRAMENTAS - FAMILIA CARPINTEIRO DE FORMAS - HORISTA (ENCARGOS COMPLEMENTARES - COLETADO CAIXA)","H     ","C ",0.49]
[43471,"FERRAMENTAS - FAMILIA CARPINTEIRO DE FORMAS - MENSALISTA (ENCARGOS COMPLEMENTARES - COLETADO CAIXA)","MES   ","C ",92.9]
[43460,"FERRAMENTAS - FAMILIA ELETRICISTA - HORISTA (ENCARGOS COMPLEMENTARES - COLETADO CAIXA)","H     ","C ",0.86]
[43472,"FERRAMENTAS - FAMILIA ELETRICISTA - MENSALISTA (ENCARGOS COMPLEMENTARES - COLETADO CAIXA)","MES   ","C ",161.79]
[43461,"FERRAMENTAS - FAMILIA ENCANADOR - HORISTA (ENCARGOS COMPLEMENTARES - COLETADO CAIXA)","H     ","C ",0.32]
[43473,"FERRAMENTAS - FAMILIA ENCANADOR - MENSALISTA (ENCARGOS COMPLEMENTARES - COLETADO CAIXA)","MES   ","C ",60.76]
[43463,"FERRAMENTAS - FAMILIA ENCARREGADO GERAL - HORISTA (ENCARGOS COMPLEMENTARES - COLETADO CAIXA)","H     ","C ",0.11]
[43475,"FERRAMENTAS - FAMILIA ENCARREGADO GERAL - MENSALISTA (ENCARGOS COMPLEMENTARES - COLETADO CAIXA)","MES   ","C ",21.49]
[43462,"FERRAMENTAS - FAMILIA ENGENHEIRO CIVIL - HORISTA (ENCARGOS COMPLEMENTARES - COLETADO CAIXA)","H     ","C ",0.01]
[43474,"FERRAMENTAS - FAMILIA ENGENHEIRO CIVIL - MENSALISTA (ENCARGOS COMPLEMENTARES - COLETADO CAIXA)","MES   ","C ",2.54]
[43464,"FERRAMENTAS - FAMILIA OPERADOR ESCAVADEIRA - HORISTA (ENCARGOS COMPLEMENTARES - COLETADO CAIXA)","H     ","C ",0.01]
[43476,"FERRAMENTAS - FAMILIA OPERADOR ESCAVADEIRA - MENSALISTA (ENCARGOS COMPLEMENTARES - COLETADO CAIXA)","MES   ","C ",0.01]
[43465,"FERRAMENTAS - FAMILIA PEDREIRO - HORISTA (ENCARGOS COMPLEMENTARES - COLETADO CAIXA)","H     ","C ",0.84]
[43477,"FERRAMENTAS - FAMILIA PEDREIRO - MENSALISTA (ENCARGOS COMPLEMENTARES - COLETADO CAIXA)","MES   ","C ",158.88]
[43466,"FERRAMENTAS - FAMILIA PINTOR - HORISTA (ENCARGOS COMPLEMENTARES - COLETADO CAIXA)","H     ","C ",1.68]
[43478,"FERRAMENTAS - FAMILIA PINTOR - MENSALISTA (ENCARGOS COMPLEMENTARES - COLETADO CAIXA)","MES   ","C ",315.88]
[43467,"FERRAMENTAS - FAMILIA SERVENTE - HORISTA (ENCARGOS COMPLEMENTARES - COLETADO CAIXA)","H     ","C ",0.59]
[43479,"FERRAMENTAS - FAMILIA SERVENTE - MENSALISTA (ENCARGOS COMPLEMENTARES - COLETADO CAIXA)","MES   ","C ",110.64]
[43468,"FERRAMENTAS - FAMILIA SOLDADOR - HORISTA (ENCARGOS COMPLEMENTARES - COLETADO CAIXA)","H     ","C ",1.17]
[43480,"FERRAMENTAS - FAMILIA SOLDADOR - MENSALISTA (ENCARGOS COMPLEMENTARES - COLETADO CAIXA)","MES   ","C ",220.75]
[43469,"FERRAMENTAS - FAMILIA TOPOGRAFO - HORISTA (ENCARGOS COMPLEMENTARES - COLETADO CAIXA)","H     ","C ",0.08]
[43481,"FERRAMENTAS - FAMILIA TOPOGRAFO - MENSALISTA (ENCARGOS COMPLEMENTARES - COLETADO CAIXA)","MES   ","C ",15.18]
[3119,"FERROLHO COM FECHO / TRINCO REDONDO, EM ACO GALVANIZADO / ZINCADO, DE SOBREPOR, COM COMPRIMENTO DE 2\" E ESPESSURA MINIMA DA CHAPA DE 0,90 MM, PARA PORTAS E JANELAS","UN    ","CR",2.87]
[3122,"FERROLHO COM FECHO / TRINCO REDONDO, EM ACO GALVANIZADO / ZINCADO, DE SOBREPOR, COM COMPRIMENTO DE 3\" A 4\" E ESPESSURA MINIMA DA CHAPA DE 0,90 MM","UN    ","CR",5.85]
[3121,"FERROLHO COM FECHO / TRINCO REDONDO, EM ACO GALVANIZADO / ZINCADO, DE SOBREPOR, COM COMPRIMENTO DE 5\" E ESPESSURA MINIMA DA CHAPA DE 0,90 MM","UN    ","CR",6.63]
[3120,"FERROLHO COM FECHO / TRINCO REDONDO, EM ACO GALVANIZADO / ZINCADO, DE SOBREPOR, COM COMPRIMENTO DE 6\" E ESPESSURA MINIMA DA CHAPA DE 1,50 MM","UN    ","CR",12.56]
[11455,"FERROLHO COM FECHO / TRINCO REDONDO, EM ACO GALVANIZADO / ZINCADO, DE SOBREPOR, COM COMPRIMENTO DE 8\" E ESPESSURA MINIMA DA CHAPA DE 1,50 MM","UN    ","CR",18.170000000000002]
[11456,"FERROLHO COM FECHO /TRINCO REDONDO, EM ACO GALVANIZADO / ZINCADO, DE SOBREPOR, COM COMPRIMENTO DE 10\" A 12\" E ESPESSURA MINIMA DA CHAPA DE 1,50 MM","UN    ","CR",21.72]
[3107,"FERROLHO COM FECHO CHATO E PORTA CADEADO , EM ACO GALVANIZADO / ZINCADO, DE SOBREPOR, COM COMPRIMENTO DE 3\" A 4\", CHAPA COM ESPESSURA MINIMA DE 0,90 MM E LARGURA MINIMA DE 3,20 CM (FECHO SIMPLES / LEVE) (INCLUI PARAFUSOS)","UN    ","CR",9.16]
[43583,"FERROLHO COM FECHO CHATO E PORTA CADEADO , EM ACO GALVANIZADO / ZINCADO, DE SOBREPOR, COM COMPRIMENTO DE 3\" A 4\", CHAPA COM ESPESSURA MINIMA DE 1,70 MM E LARGURA MINIMA DE 5,00 CM (FECHO REFORCADO)","UN    ","CR",10.33]
[43586,"FERROLHO COM FECHO CHATO E PORTA CADEADO , EM ACO GALVANIZADO / ZINCADO, DE SOBREPOR, COM COMPRIMENTO DE 5\", CHAPA COM ESPESSURA MINIMA DE 0,90 MM E LARGURA MINIMA DE 3,20 CM (FECHO SIMPLES)","UN    ","CR",10.59]
[11461,"FERROLHO COM FECHO CHATO E PORTA CADEADO , EM ACO GALVANIZADO / ZINCADO, DE SOBREPOR, COM COMPRIMENTO DE 5\", CHAPA COM ESPESSURA MINIMA DE 1,70 MM E LARGURA MINIMA DE 5,00 CM (FECHO REFORCADO)","UN    ","CR",11.54]
[43587,"FERROLHO COM FECHO CHATO E PORTA CADEADO , EM ACO GALVANIZADO / ZINCADO, DE SOBREPOR, COM COMPRIMENTO DE 6\", CHAPA COM ESPESSURA MINIMA DE 0,90 MM E LARGURA MINIMA DE 3,80 CM (FECHO SIMPLES)","UN    ","CR",13.32]
[3106,"FERROLHO COM FECHO CHATO E PORTA CADEADO , EM ACO GALVANIZADO / ZINCADO, DE SOBREPOR, COM COMPRIMENTO DE 6\", CHAPA COM ESPESSURA MINIMA DE 1,70 MM E LARGURA /MINIMA DE 5,00 CM (FECHO REFORCADO) (INCLUI PARAFUSOS)","UN    ","CR",16.89]
[44539,"FERTILIZANTE NPK -  10:10:10","KG    ","AS",3.46]
[3123,"FERTILIZANTE NPK - 4: 14: 8","KG    ","AS",3.23]
[38125,"FERTILIZANTE ORGANICO COMPOSTO, CLASSE A","KG    ","CR",0.82]
[39014,"FIBRA DE ACO PARA REFORCO DO CONCRETO, SOLTA, TIPO A-I, FATOR DE FORMA *50* L / D, COMPRIMENTO DE *30* MM E RESISTENCIA A TRACAO DO ACO MAIOR 1000 MPA","KG    ","CR",12.6]
[39365,"FILTRO ANAEROBIO, EM POLIETILENO DE ALTA DENSIDADE (PEAD), CAPACIDADE *1100* LITROS (NBR 13969)","UN    ","CR",1153.31]
[39366,"FILTRO ANAEROBIO, EM POLIETILENO DE ALTA DENSIDADE (PEAD), CAPACIDADE *2800* LITROS (NBR 13969)","UN    ","CR",2952.97]
[39367,"FILTRO ANAEROBIO, EM POLIETILENO DE ALTA DENSIDADE (PEAD), CAPACIDADE *5000* LITROS (NBR 13969)","UN    ","CR",4036.17]
[37394,"FINCAPINO CURTO CALIBRE 22, CARGA MEDIA POTENCIA 5 (PARA FERRAMENTA DE ACAO DIRETA) COR VERMELHA","CENTO ","AS",43.71]
[14146,"FINCAPINO LONGO CALIBRE 22, CARGA FORTE POTENCIA 7 (PARA FERRAMENTA DE ACAO DIRETA), COR AMARELA","CENTO ","AS",70.3]
[938,"FIO DE COBRE, SOLIDO, CLASSE 1, ISOLACAO EM PVC/A, ANTICHAMA BWF-B, 450/750V, SECAO NOMINAL 1,5 MM2","M     ","CR",1.61]
[937,"FIO DE COBRE, SOLIDO, CLASSE 1, ISOLACAO EM PVC/A, ANTICHAMA BWF-B, 450/750V, SECAO NOMINAL 10 MM2","M     ","CR",9.39]
[939,"FIO DE COBRE, SOLIDO, CLASSE 1, ISOLACAO EM PVC/A, ANTICHAMA BWF-B, 450/750V, SECAO NOMINAL 2,5 MM2","M     ","CR",2.6]
[944,"FIO DE COBRE, SOLIDO, CLASSE 1, ISOLACAO EM PVC/A, ANTICHAMA BWF-B, 450/750V, SECAO NOMINAL 4 MM2","M     ","CR",4.12]
[940,"FIO DE COBRE, SOLIDO, CLASSE 1, ISOLACAO EM PVC/A, ANTICHAMA BWF-B, 450/750V, SECAO NOMINAL 6 MM2","M     ","CR",5.94]
[44397,"FITA / CINTA AUTOADESIVA ELASTOMERICA PARA VEDACAO, L= 50 MM, E = 3 MM","M     ","CR",3.18]
[406,"FITA ACO INOX PARA CINTAR POSTE, L = 19 MM, E = 0,5 MM (ROLO DE 30M)","UN    ","CR",87.17]
[42529,"FITA ADESIVA ALUMINIZADA, PARA INSTALACAO DE MANTAS DE SUBCOBERTURA,  L = *5* CM","M     ","AS",1.31]
[39634,"FITA ADESIVA ANTICORROSIVA DE PVC FLEXIVEL, COR PRETA, PARA PROTECAO TUBULACAO, 50 MM X 30 M (L X C), E= *0,25* MM","M     ","CR",6.04]
[39701,"FITA ADESIVA ASFALTICA ALUMINIZADA MULTIUSO, L = 10 CM, ROLO DE 10 M","UN    ","CR",120.66]
[12815,"FITA CREPE ROLO DE 25 MM X 50 M","UN    ","CR",10.1]
[407,"FITA DE ALUMINIO PARA PROTECAO DO CONDUTOR LARGURA 10 MM","KG    ","AS",58]
[39431,"FITA DE PAPEL MICROPERFURADO, 50 X 150 MM, PARA TRATAMENTO DE JUNTAS DE CHAPA DE GESSO PARA DRYWALL","M     ","CR",0.27]
[39432,"FITA DE PAPEL REFORCADA COM LAMINA DE METAL PARA REFORCO DE CANTOS DE CHAPA DE GESSO PARA DRYWALL","M     ","CR",2.4500000000000002]
[20111,"FITA ISOLANTE ADESIVA ANTICHAMA, USO ATE 750 V, EM ROLO DE 19 MM X 20 M","UN    ","C ",23.96]
[21127,"FITA ISOLANTE ADESIVA ANTICHAMA, USO ATE 750 V, EM ROLO DE 19 MM X 5 M","UN    ","CR",9.06]
[404,"FITA ISOLANTE DE BORRACHA AUTOFUSAO, USO ATE 69 KV (ALTA TENSAO)","M     ","CR",3.26]
[14151,"FITA METALICA GRAVADA, L = 17 MM, ROLO DE 25 M, CARGA RECOMENDADA = *120* KGF","UN    ","AS",50.52]
[14153,"FITA METALICA PERFURADA, L = *18* MM, ROLO DE 30 M, CARGA RECOMENDADA = *30* KGF","UN    ","AS",57.11]
[14152,"FITA METALICA PERFURADA, L = 17 MM, ROLO DE 30 M, CARGA RECOMENDADA = *19* KGF","UN    ","AS",43.84]
[14154,"FITA METALICA PERFURADA, L = 25 MM, ROLO DE 30 M, CARGA RECOMENDADA = *222,5* KGF","UN    ","AS",153.47]
[3146,"FITA VEDA ROSCA EM ROLOS DE 18 MM X 10 M (L X C)","UN    ","C ",3.1]
[3143,"FITA VEDA ROSCA EM ROLOS DE 18 MM X 25 M (L X C)","UN    ","CR",7.05]
[3148,"FITA VEDA ROSCA EM ROLOS DE 18 MM X 50 M (L X C)","UN    ","CR",11.43]
[4310,"FIXADOR DE ABA AUTOTRAVANTE PARA TELHA DE FIBROCIMENTO, TIPO CANALETE 90 OU KALHETAO","UN    ","CR",2.4700000000000002]
[4311,"FIXADOR DE ABA SIMPLES PARA TELHA DE FIBROCIMENTO, TIPO CANALETA 49 OU KALHETA","UN    ","CR",1.74]
[4312,"FIXADOR DE ABA SIMPLES PARA TELHA DE FIBROCIMENTO, TIPO CANALETA 90 OU KALHETAO","UN    ","CR",2.44]
[13261,"FLANELA *30 X 40* CM","UN    ","CR",3.31]
[3272,"FLANGE SEXTAVADO DE FERRO GALVANIZADO, COM ROSCA BSP, DE 1 1/2\"","UN    ","AS",55.43]
[3265,"FLANGE SEXTAVADO DE FERRO GALVANIZADO, COM ROSCA BSP, DE 1 1/4\"","UN    ","AS",44.04]
[3262,"FLANGE SEXTAVADO DE FERRO GALVANIZADO, COM ROSCA BSP, DE 1/2\"","UN    ","AS",19.28]
[3264,"FLANGE SEXTAVADO DE FERRO GALVANIZADO, COM ROSCA BSP, DE 1\"","UN    ","AS",31.67]
[3267,"FLANGE SEXTAVADO DE FERRO GALVANIZADO, COM ROSCA BSP, DE 2 1/2\"","UN    ","AS",103.43]
[3266,"FLANGE SEXTAVADO DE FERRO GALVANIZADO, COM ROSCA BSP, DE 2\"","UN    ","AS",65.8]
[3263,"FLANGE SEXTAVADO DE FERRO GALVANIZADO, COM ROSCA BSP, DE 3/4\"","UN    ","AS",26.33]
[3268,"FLANGE SEXTAVADO DE FERRO GALVANIZADO, COM ROSCA BSP, DE 3\"","UN    ","AS",139.84]
[3271,"FLANGE SEXTAVADO DE FERRO GALVANIZADO, COM ROSCA BSP, DE 4\"","UN    ","AS",206.74]
[3270,"FLANGE SEXTAVADO DE FERRO GALVANIZADO, COM ROSCA BSP, DE 6\"","UN    ","AS",347.34]
[3275,"FORRO COMPOSTO POR PAINEIS DE LA DE VIDRO, REVESTIDOS EM PVC MICROPERFURADO, DE *1250 X 625* MM, ESPESSURA 15 MM (COM COLOCACAO)","M2    ","CR",133.06]
[39512,"FORRO DE FIBRA MINERAL EM PLACAS DE 1250 X 625 MM, E = 15 MM, BORDA RETA, COM PINTURA ANTIMOFO, APOIADO EM PERFIL DE ACO GALVANIZADO COM 24 MM DE BASE - INSTALADO","M2    ","CR",91.57]
[39511,"FORRO DE FIBRA MINERAL EM PLACAS DE 625 X 625 MM, E = 15 MM, BORDA RETA, COM PINTURA ANTIMOFO, APOIADO EM PERFIL DE ACO GALVANIZADO COM 24 MM DE BASE - INSTALADO","M2    ","CR",99.88]
[39513,"FORRO DE FIBRA MINERAL EM PLACAS DE 625 X 625 MM, E = 15/16 MM, BORDA REBAIXADA, COM PINTURA ANTIMOFO, APOIADO EM PERFIL DE ACO GALVANIZADO COM 24 MM DE BASE - INSTALADO","M2    ","CR",107.13]
[3286,"FORRO DE MADEIRA CEDRINHO OU EQUIVALENTE DA REGIAO, ENCAIXE MACHO/FEMEA COM FRISO, *10 X 1* CM (SEM COLOCACAO)","M2    ","AS",80.73]
[3287,"FORRO DE MADEIRA CUMARU/IPE CHAMPANHE OU EQUIVALENTE DA REGIAO, ENCAIXE MACHO/FEMEA COM FRISO, *10 X 1* CM (SEM COLOCACAO)","M2    ","AS",122]
[3283,"FORRO DE MADEIRA PINUS OU EQUIVALENTE DA REGIAO, ENCAIXE MACHO/FEMEA COM FRISO, *10 X 1* CM (SEM COLOCACAO)","M2    ","AS",25.62]
[11587,"FORRO DE PVC LISO, BRANCO, REGUA DE 10 CM, ESPESSURA DE 8 MM A 10 MM (COM COLOCACAO / SEM ESTRUTURA METALICA)","M2    ","CR",91.24]
[36225,"FORRO DE PVC LISO, BRANCO, REGUA DE 20 CM, ESPESSURA DE 8 MM A 10 MM, COMPRIMENTO 6 M (SEM COLOCACAO)","M2    ","CR",37.06]
[36230,"FORRO DE PVC, FRISADO, BRANCO, REGUA DE 10 CM, ESPESSURA DE 8 MM A 10 MM E COMPRIMENTO 6 M (SEM COLOCACAO)","M2    ","C ",27.23]
[36238,"FORRO DE PVC, FRISADO, BRANCO, REGUA DE 20 CM, ESPESSURA DE 8 MM A 10 MM E COMPRIMENTO 6 M (SEM COLOCACAO)","M2    ","CR",26.61]
[39363,"FOSSA SEPTICA, SEM FILTRO, PARA 15 A 30 CONTRIBUINTES, CILINDRICA, COM TAMPA, EM POLIETILENO DE ALTA DENSIDADE (PEAD), CAPACIDADE APROXIMADA DE 5500 LITROS (NBR 7229)","UN    ","CR",4697.91]
[39361,"FOSSA SEPTICA, SEM FILTRO, PARA 4 A 7 CONTRIBUINTES, CILINDRICA,  COM TAMPA, EM POLIETILENO DE ALTA DENSIDADE (PEAD), CAPACIDADE APROXIMADA DE 1100 LITROS (NBR 7229)","UN    ","CR",1208.03]
[39362,"FOSSA SEPTICA, SEM FILTRO, PARA 8 A 14 CONTRIBUINTES, CILINDRICA, COM TAMPA, EM POLIETILENO DE ALTA DENSIDADE (PEAD), CAPACIDADE APROXIMADA DE 3000 LITROS (NBR 7229)","UN    ","CR",3717.43]
[39364,"FOSSA SEPTICA,SEM FILTRO, PARA 40 A 52 CONTRIBUINTES, CILINDRICA, COM TAMPA, EM POLIETILENO DE ALTA DENSIDADE (PEAD), CAPACIDADE APROXIMADA DE 10000 LITROS (NBR 7229)","UN    ","CR",10738.08]
[14576,"FRESADORA DE ASFALTO A FRIO SOBRE ESTEIRAS, LARG. FRESAGEM 2,00 M, POT. 410 KW/550 HP","UN    ","AS",6884961.4100000001]
[13877,"FRESADORA DE ASFALTO A FRIO SOBRE RODAS, LARG. FRESAGEM 1,00 M, POT. 155 KW/208 HP","UN    ","AS",2947349.29]
[7307,"FUNDO ANTICORROSIVO PARA METAIS FERROSOS (ZARCAO)","L     ","CR",40.74]
[38122,"FUNDO PREPARADOR ACRILICO BASE AGUA","L     ","CR",16.63]
[43653,"FUNDO SINTETICO NIVELADOR BRANCO FOSCO PARA MADEIRA","L     ","CR",23.21]
[38633,"FURO PARA TORNEIRA OU OUTROS ACESSORIOS  EM BANCADA DE MARMORE/ GRANITO OU OUTRO TIPO DE PEDRA NATURAL","UN    ","CR",23.98]
[12344,"FUSIVEL DIAZED 20 A TAMANHO DII, CAPACIDADE DE INTERRUPCAO DE 50 KA EM VCA E 8 KA EM VCC, TENSAO NOMIMNAL DE 500 V","UN    ","AS",4.01]
[12343,"FUSIVEL DIAZED 35 A TAMANHO DIII, CAPACIDADE DE INTERRUPCAO DE 50 KA EM VCA E 8 KA EM VCC, TENSAO NOMIMNAL DE 500 V","UN    ","AS",6.21]
[3295,"FUSIVEL NH *36* A 80 AMPERES, TAMANHO 00, CAPACIDADE DE INTERRUPCAO DE 120 KA, TENSAO NOMIMNAL DE 500 V","UN    ","AS",21.71]
[3302,"FUSIVEL NH 100 A TAMANHO 00, CAPACIDADE DE INTERRUPCAO DE 120 KA, TENSAO NOMIMNAL DE 500 V","UN    ","AS",22.7]
[3297,"FUSIVEL NH 125 A TAMANHO 00, CAPACIDADE DE INTERRUPCAO DE 120 KA, TENSAO NOMIMNAL DE 500 V","UN    ","AS",24.23]
[3294,"FUSIVEL NH 160 A TAMANHO 00, CAPACIDADE DE INTERRUPCAO DE 120 KA, TENSAO NOMIMNAL DE 500 V","UN    ","AS",24.6]
[3292,"FUSIVEL NH 20 A TAMANHO 000, CAPACIDADE DE INTERRUPCAO DE 120 KA, TENSAO NOMIMNAL DE 500 V","UN    ","AS",23.11]
[3298,"FUSIVEL NH 200 A 250 AMPERES, TAMANHO 1, CAPACIDADE DE INTERRUPCAO DE 120 KA, TENSAO NOMIMNAL DE 500 V","UN    ","AS",54.16]
[11596,"GABIAO  TIPO CAIXA, MALHA HEXAGONAL 8 X 10 CM (ZN/AL), FIO 2,7 MM, DIMENSOES 2,0 X 1,0 X 0,5 M (C X L X A)","UN    ","CR",573.21]
[34802,"GABIAO MANTA (COLCHAO) MALHA HEXAGONAL 6 X 8 CM (ZN/AL REVESTIDO COM POLIMERO), DIMENSOES 4,0 X 2,0 X 0,17 M (C X L X A) FIO 2 MM","UN    ","CR",1574.22]
[11588,"GABIAO MANTA (COLCHAO) MALHA HEXAGONAL 6 X 8 CM (ZN/AL REVESTIDO COM POLIMERO), FIO 2 MM, DIMENSOES 4,0 X 2,0 X 0,23 M (C X L X A)","UN    ","CR",1698.32]
[34383,"GABIAO MANTA (COLCHAO) MALHA HEXAGONAL 6 X 8 CM (ZN/AL REVESTIDO COM POLIMERO), FIO 2 MM, DIMENSOES 4,0 X 2,0 X 0,3 M (C X L X A)","UN    ","CR",1868.28]
[40451,"GABIAO MANTA (COLCHAO) MALHA HEXAGONAL 6 X 8 CM (ZN/AL REVESTIDO COM POLIMERO), FIO 2,0 MM, DIMENSOES 5,0 X 2,0 X 0,17 M (C X L X A)","M2    ","CR",151.02000000000001]
[40453,"GABIAO MANTA (COLCHAO) MALHA HEXAGONAL 6 X 8 CM (ZN/AL REVESTIDO COM POLIMERO), FIO 2,0 MM, DIMENSOES 5,0 X 2,0 X 0,23 M (C X L X A)","M2    ","CR",163.4]
[40452,"GABIAO MANTA (COLCHAO) MALHA HEXAGONAL 6 X 8 CM (ZN/AL REVESTIDO COM POLIMERO), FIO 2,0 MM, DIMENSOES 5,0 X 2,0 X 0,30 M (C X L X A)","M2    ","CR",179.23]
[11594,"GABIAO SACO MALHA HEXAGONAL 8 X 10 CM (ZN/AL REVESTIDO COM POLIMERO),  FIO 2,4 MM, DIMENSOES 3,0 X 0,65 M","UN    ","CR",541.30999999999995]
[3311,"GABIAO SACO MALHA HEXAGONAL 8 X 10 CM (ZN/AL REVESTIDO COM POLIMERO), FIO 2,4 MM, H = 0,65 M","M3    ","CR",541.30999999999995]
[11599,"GABIAO SACO MALHA HEXAGONAL 8 X 10 CM (ZN/AL), FIO 2,7 MM, DIMENSOES 4,0 X 0,65 M","UN    ","CR",719.87]
[11593,"GABIAO TIPO CAIXA MALHA HEXAGONAL 8 X 10 CM (ZN/AL REVESTIDO COM POLIMERO),  FIO 2,4 MM, DIMENSOES 2,0 X 1,0 X 1,0 M (C X L X A)","UN    ","CR",1009.22]
[3314,"GABIAO TIPO CAIXA MALHA HEXAGONAL 8 X 10 CM (ZN/AL REVESTIDO COM POLIMERO),  FIO 2,4 MM, H = 0,50 M","M3    ","CR",721.8]
[11597,"GABIAO TIPO CAIXA MALHA HEXAGONAL 8 X 10 CM (ZN/AL), FIO 2,7 MM, DIMENSOES 2,0 X 1,0 X 1,0 M (C X L X A)","UN    ","CR",839.36]
[3309,"GABIAO TIPO CAIXA MALHA HEXAGONAL 8 X 10 CM (ZN/AL), FIO 2,7 MM, H = 0,50 M","M3    ","CR",573.21]
[34612,"GABIAO TIPO CAIXA PARA SOLO REFORCADO, MALHA HEXAGONAL DE DUPLA TORCAO 8 X 10 CM (ZN/AL REVESTIDO COM POLIMERO), FIO 2,7 MM, DIMENSOES 2,0 X 1,0 X 0,5 M, COM CAUDA DE 3,0 M","UN    ","CR",1038.1400000000001]
[34635,"GABIAO TIPO CAIXA PARA SOLO REFORCADO, MALHA HEXAGONAL DE DUPLA TORCAO 8 X 10 CM (ZN/AL REVESTIDO COM POLIMERO), FIO 2,7 MM, DIMENSOES 2,0 X 1,0 X 1,0 M, COM CAUDA DE 3,0 M","UN    ","CR",1335]
[34633,"GABIAO TIPO CAIXA PARA SOLO REFORCADO, MALHA HEXAGONAL DE DUPLA TORCAO 8 X 10 CM (ZN/AL REVESTIDO COM POLIMERO), FIO 2,7 MM, DIMENSOES 2,0 X 1,0 X 1,0 M, COM CAUDA DE 4,0 M","UN    ","CR",1471.52]
[40440,"GABIAO TIPO CAIXA PARA SOLO REFORCADO, MALHA HEXAGONAL 8 X 10 CM (ZN/AL REVESTIDO COM POLIMERO), FIO 2,7 MM, DIMENSOES 2,0 X 1,0 X 0,5 M, COM CAUDA DE 4,0 M","M3    ","CR",751.82]
[40441,"GABIAO TIPO CAIXA PARA SOLO REFORCADO, MALHA HEXAGONAL 8 X 10 CM (ZN/AL REVESTIDO COM POLIMERO), FIO 2,7 MM, DIMENSOES 2,0 X 1,0 X 1,0 M, COM CAUDA DE 4,0 M","M3    ","CR",480]
[40449,"GABIAO TIPO CAIXA TRAPEZOIDAL, MALHA HEXAGONAL 10 X 12 CM (ZN/AL REVESTIDO COM POLIMERO) FIO 2,7 MM, FACE COM 65 GRAUS, COM GEOSSINTETICO, DIMENSOES 2,0 X 1,5 X 1,0 M (C X L X A)","M3    ","CR",403.52]
[34800,"GABIAO TIPO CAIXA, MALHA HEXAGONAL 8 X 10 CM (ZN/AL REVESTIDO COM POLIMERO), FIO DE 2,4 MM, DIMENSOES 2,0 x 1,0 x 1,0 M (C X L X A)","M3    ","CR",504.6]
[11592,"GABIAO TIPO CAIXA, MALHA HEXAGONAL 8 X 10 CM (ZN/AL REVESTIDO COM POLIMERO), FIO 2,4 MM, DIMENSOES 2,0 X 1,0 X 0,5 M (C X L X A)","UN    ","CR",721.8]
[40438,"GABIAO TIPO CAIXA, MALHA HEXAGONAL 8 X 10 CM (ZN/AL), FIO DE 2,7 MM, DIMENSOES 2,0 X 1,0 X 1,0 M (C X L X A)","M3    ","CR",336.18]
[40436,"GABIAO TIPO CAIXA, MALHA HEXAGONAL 8 X 10 CM (ZN/AL), FIO DE 2,7 MM, DIMENSOES 5,0 X 1,0 X 1,0 M (C X L X A)","M3    ","CR",419.18]
[4315,"GANCHO CHATO EM FERRO GALVANIZADO,  L = 110 MM, RECOBRIMENTO = 100MM, SECAO 1/8 X 1/2\" (3 MM X 12 MM), PARA FIXAR TELHA DE FIBROCIMENTO ONDULADA","UN    ","CR",1.79]
[402,"GANCHO OLHAL EM ACO GALVANIZADO, ESPESSURA 16MM, ABERTURA 21MM","UN    ","AS",16.93]
[4226,"GAS DE COZINHA - GLP","KG    ","C ",7.83]
[4222,"GASOLINA COMUM","L     ","C ",4.93]
[34804,"GEOGRELHA TECIDA COM FILAMENTOS DE POLIESTER + PVC, RESISTENCIA LONGITUDINAL: 90 KN/M, RESISTENCIA TRANSVERSAL: 30 KN/M, ALONGAMENTO = 12 POR CENTO","M2    ","CR",60.93]
[4013,"GEOTEXTIL NAO TECIDO AGULHADO DE FILAMENTOS CONTINUOS 100% POLIESTER, RESITENCIA A TRACAO = 09 KN/M","M2    ","CR",8.51]
[4011,"GEOTEXTIL NAO TECIDO AGULHADO DE FILAMENTOS CONTINUOS 100% POLIESTER, RESITENCIA A TRACAO = 10 KN/M","M2    ","CR",9.5]
[4021,"GEOTEXTIL NAO TECIDO AGULHADO DE FILAMENTOS CONTINUOS 100% POLIESTER, RESITENCIA A TRACAO = 14 KN/M","M2    ","CR",11.85]
[4019,"GEOTEXTIL NAO TECIDO AGULHADO DE FILAMENTOS CONTINUOS 100% POLIESTER, RESITENCIA A TRACAO = 16 KN/M","M2    ","CR",14.23]
[4012,"GEOTEXTIL NAO TECIDO AGULHADO DE FILAMENTOS CONTINUOS 100% POLIESTER, RESITENCIA A TRACAO = 21 KN/M","M2    ","CR",19.07]
[4020,"GEOTEXTIL NAO TECIDO AGULHADO DE FILAMENTOS CONTINUOS 100% POLIESTER, RESITENCIA A TRACAO = 26 KN/M","M2    ","CR",23.88]
[4018,"GEOTEXTIL NAO TECIDO AGULHADO DE FILAMENTOS CONTINUOS 100% POLIESTER, RESITENCIA A TRACAO = 31 KN/M","M2    ","CR",28.61]
[36498,"GERADOR PORTATIL MONOFASICO, POTENCIA 5500 VA, MOTOR A GASOLINA, POTENCIA DO MOTOR 13 CV","UN    ","CR",7727.35]
[12872,"GESSEIRO (HORISTA)","H     ","CR",18.920000000000002]
[41075,"GESSEIRO (MENSALISTA)","MES   ","CR",3300.81]
[44324,"GESSO COLA, EM PO, PARA FIXACAO DE MOLDURAS, SANCAS E BLOCOS DE GESSO","KG    ","CR",2.4300000000000002]
[3315,"GESSO EM PO PARA REVESTIMENTOS/MOLDURAS/SANCAS E USO GERAL","KG    ","CR",0.7]
[36870,"GESSO PROJETADO","KG    ","CR",0.54]
[5092,"GONZO DE EMBUTIR, EM LATAO / ZAMAC, *20 X 48* MM, PARA JANELA BASCULANTE / PIVOTANTE, JOGO COM 4 PECAS (PAR)  - INCLUI PARAFUSOS","PAR   ","CR",19.04]
[11462,"GONZO DE SOBREPOR, EM LATAO / ZAMAC, PARA JANELA PIVOTANTE - INCLUI PARAFUSOS","PAR   ","CR",19.47]
[36529,"GRADE DE DISCOS COM CONTROLE REMOTO, REBOCAVEL, COM 24 DISCOS 24\" X 6 MM, COM PNEUS PARA TRANSPORTE","UN    ","AS",79958.52]
[3318,"GRADE DE DISCOS MECANICA 20X24\" COM 20 DISCOS 24\" X 6MM  COM PNEUS PARA TRANSPORTE","UN    ","AS",62687.48]
[3324,"GRAMA BATATAIS EM PLACAS, SEM PLANTIO","M2    ","AS",10.85]
[3322,"GRAMA ESMERALDA OU SAO CARLOS OU CURITIBANA, EM PLACAS, SEM PLANTIO","M2    ","AS",15.2]
[5076,"GRAMPO DE ACO POLIDO 1 \" X 9","KG    ","CR",22.61]
[5077,"GRAMPO DE ACO POLIDO 7/8 \" X 9","KG    ","CR",24.98]
[11837,"GRAMPO LINHA VIVA DE LATAO ESTANHADO, DIAMETRO DO CONDUTOR PRINCIPAL DE 10 A 120 MM2, DIAMETRO DA DERIVACAO DE 10 A 70 MM2","UN    ","CR",92.27]
[38055,"GRAMPO METALICO TIPO OLHAL PARA HASTE DE ATERRAMENTO DE 1/2'', CONDUTOR DE *10* A 50 MM2","UN    ","CR",8.3699999999999992]
[415,"GRAMPO METALICO TIPO OLHAL PARA HASTE DE ATERRAMENTO DE 1'', CONDUTOR DE *10* A 50 MM2","UN    ","CR",37.83]
[416,"GRAMPO METALICO TIPO OLHAL PARA HASTE DE ATERRAMENTO DE 3/4'', CONDUTOR DE *10* A 50 MM2","UN    ","CR",13.85]
[425,"GRAMPO METALICO TIPO OLHAL PARA HASTE DE ATERRAMENTO DE 5/8'', CONDUTOR DE *10* A 50 MM2","UN    ","CR",8.58]
[426,"GRAMPO METALICO TIPO U PARA HASTE DE ATERRAMENTO DE ATE 3/4'', CONDUTOR DE 10 A 25 MM2","UN    ","CR",47.29]
[38056,"GRAMPO METALICO TIPO U PARA HASTE DE ATERRAMENTO DE ATE 5/8'', CONDUTOR DE 10 A 25 MM2","UN    ","CR",46.18]
[1564,"GRAMPO PARALELO METALICO PARA CABO DE 6 A 50 MM2, COM 2 PARAFUSOS","UN    ","CR",17.62]
[11032,"GRAMPO U DE 5/8 \" N8 EM FERRO GALVANIZADO","UN    ","CR",10.119999999999999]
[36786,"GRANALHA DE ACO, ANGULAR (GRIT), PARA JATEAMENTO, PENEIRA 0,117 A 1,00 MM, (SAE G-40 A G-80)","SC25KG","AS",159.07]
[36785,"GRANALHA DE ACO, ANGULAR (GRIT), PARA JATEAMENTO, PENEIRA 1,41 A 1,19 MM (SAE G16)","SC25KG","AS",138.22]
[36782,"GRANALHA DE ACO, ESFERICA (SHOT), PARA JATEAMENTO, PENEIRA 0,40 A 1,00 MM (SAE S-170 A S-280)","SC25KG","AS",164.99]
[44481,"GRANALHA DE ACO, ESFERICA (SHOT), PARA JATEAMENTO, PENEIRA 1,19 A 1,00 MM  (SAE S390)","SC25KG","AS",185.85]
[4824,"GRANILHA/ GRANA/ PEDRISCO OU AGREGADO EM MARMORE/ GRANITO/ QUARTZO E CALCARIO, PRETO, CINZA, PALHA OU BRANCO","KG    ","CR",0.63]
[11795,"GRANITO PARA BANCADA, POLIDO, TIPO ANDORINHA/ QUARTZ/ CASTELO/ CORUMBA OU OUTROS EQUIVALENTES DA REGIAO, E=  *2,5* CM","M2    ","CR",724.52]
[134,"GRAUTE CIMENTICIO PARA USO GERAL","KG    ","CR",1.84]
[4229,"GRAXA LUBRIFICANTE","KG    ","CR",55.05]
[11731,"GRELHA FIXA, EM PVC BRANCA, QUADRADA, 150 X 150 MM, PARA RALOS E CAIXAS","UN    ","CR",8.9]
[11732,"GRELHA FIXA, PVC CROMADA, REDONDA, 150 MM, PARA RALOS E CAIXAS","UN    ","CR",23.33]
[11244,"GRELHA FOFO ARTICULADA, CARGA MAXIMA 1,5 T, *300 X 1000* MM, E= *15* MM","UN    ","AS",275]
[11245,"GRELHA FOFO SIMPLES COM REQUADRO, CARGA MAXIMA  12,5 T, *300 X 1000* MM, E= *15* MM, AREA ESTACIONAMENTO CARRO PASSEIO","UN    ","AS",380.37]
[11235,"GRELHA FOFO SIMPLES COM REQUADRO, CARGA MAXIMA 1,5 T, 150 X 1000 MM, E= *15* MM","UN    ","AS",209.86]
[11236,"GRELHA FOFO SIMPLES COM REQUADRO, CARGA MAXIMA 1,5 T, 200 X 1000 MM, E= *15* MM","UN    ","AS",266.69]
[36494,"GRUA ASCENCIONAL, LANCA DE 30 M, CAPACIDADE DE 1,0 T A 30 M, ALTURA ATE 39 M","UN    ","AS",719505.07]
[36493,"GRUA ASCENCIONAL, LANCA DE 42 M, CAPACIDADE DE 1,5 T A 30 M, ALTURA ATE 39 M","UN    ","AS",815170.02]
[36492,"GRUA ASCENCIONAL, LANCA DE 50 M, CAPACIDADE DE 2,33 T A 30 M, ALTURA ATE 48 M","UN    ","AS",1514276.75]
[36499,"GRUPO GERADOR A GASOLINA, POTENCIA NOMINAL 2,2 KW, TENSAO DE SAIDA 110/220 V, MOTOR POTENCIA 6,5 HP","UN    ","CR",4172.7700000000004]
[13533,"GRUPO GERADOR DE SOLDA ELETRICA, COM MAQUINA DE SOLDA, ATE 400 AMPERES E GERADOR A DIESEL 30 CV, MOTOR 4 CILINDROS, TANQUE COMBUST., CARENAGEM DE PROTECAO SOBRE RODAS","UN    ","CR",191281.74]
[13333,"GRUPO GERADOR DE SOLDA ELETRICA, COM MAQUINA DE SOLDA, ATE 400 AMPERES E GERADOR A DIESEL 60 CV, MOTOR 4 CILINDROS, TANQUE COMBUST., CARENAGEM DE PROTECAO SOBRE RODAS","UN    ","CR",213988.27]
[39585,"GRUPO GERADOR DIESEL, COM CARENAGEM, POTENCIA STANDART ENTRE 100 E 110 KVA, VELOCIDADE DE 1800 RPM, FREQUENCIA DE 60 HZ","UN    ","CR",138172.22]
[39586,"GRUPO GERADOR DIESEL, COM CARENAGEM, POTENCIA STANDART ENTRE 140 E 150 KVA, VELOCIDADE DE 1800 RPM, FREQUENCIA DE 60 HZ","UN    ","CR",162066.66]
[39587,"GRUPO GERADOR DIESEL, COM CARENAGEM, POTENCIA STANDART ENTRE 210 E 220 KVA, VELOCIDADE DE 1800 RPM, FREQUENCIA DE 60 HZ","UN    ","CR",197388.89]
[39588,"GRUPO GERADOR DIESEL, COM CARENAGEM, POTENCIA STANDART ENTRE 250 E 260 KVA, VELOCIDADE DE 1800 RPM, FREQUENCIA DE 60 HZ","UN    ","CR",228555.55]
[39584,"GRUPO GERADOR DIESEL, COM CARENAGEM, POTENCIA STANDART ENTRE 50 E 55 KVA, VELOCIDADE DE 1800 RPM, FREQUENCIA DE 60 HZ","UN    ","CR",123046]
[39590,"GRUPO GERADOR DIESEL, SEM CARENAGEM, POTENCIA STANDART ENTRE 100 E 110 KVA, VELOCIDADE DE 1800 RPM, FREQUENCIA DE 60 HZ","UN    ","CR",120095.55]
[39592,"GRUPO GERADOR DIESEL, SEM CARENAGEM, POTENCIA STANDART ENTRE 210 E 220 KVA, VELOCIDADE DE 1800 RPM, FREQUENCIA DE 60 HZ","UN    ","CR",172580.21]
[39593,"GRUPO GERADOR DIESEL, SEM CARENAGEM, POTENCIA STANDART ENTRE 250 E 260 KVA, VELOCIDADE DE 1800 RPM, FREQUENCIA DE 60 HZ","UN    ","CR",197388.89]
[14254,"GRUPO GERADOR DIESEL, SEM CARENAGEM, POTENCIA STANDART ENTRE 80 E 90 KVA, VELOCIDADE DE 1800 RPM, FREQUENCIA DE 60 HZ","UN    ","C ",112200]
[44494,"GRUPO GERADOR ESTACIONARIO SILENCIADO, POTENCIA 50 KVA, MOTOR  DIESEL","UN    ","CR",93695.95]
[25019,"GRUPO GERADOR ESTACIONARIO, MOTOR DIESEL POTENCIA 170 KVA","UN    ","CR",160605.32999999999]
[36501,"GRUPO GERADOR ESTACIONARIO, POTENCIA 150 KVA, MOTOR DIESEL","UN    ","CR",142994.09]
[44493,"GRUPO GERADOR ESTACIONARIO, SILENCIADO, POTENCIA 180 KVA, MOTOR  DIESEL","UN    ","CR",171906.29]
[36500,"GRUPO GERADOR REBOCAVEL, POTENCIA *66* KVA, MOTOR A DIESEL","UN    ","CR",101050.02]
[20017,"GUARNICAO / ALIZAR / VISTA LISA EM MADEIRA MACICA, PARA PORTA  , E = *1* CM, L = *5* CM, CEDRINHO / ANGELIM COMERCIAL / TAURI/ CURUPIXA / PEROBA / CUMARU OU EQUIVALENTE DA REGIAO","M     ","CR",7.45]
[20007,"GUARNICAO / ALIZAR / VISTA LISA EM MADEIRA MACICA, PARA PORTA , E = *1* CM, L = *5* CM,  PINUS /EUCALIPTO / VIROLA OU EQUIVALENTE DA REGIAO","M     ","CR",4.45]
[39831,"GUARNICAO / ALIZAR / VISTA, E = *1,5* CM, L = *5,0* CM, EM POLIESTIRENO, BRANCO (JOGO PARA 1 FACE)","JG    ","AS",309.10000000000002]
[36888,"GUARNICAO / MOLDURA / ARREMATE DE ACABAMENTO PARA ESQUADRIA, EM ALUMINIO PERFIL 25, ACABAMENTO ANODIZADO BRANCO OU BRILHANTE, PARA 1 FACE","M     ","CR",23.9]
[39836,"GUARNICAO/ALIZAR/VISTA, E = *1,3* CM, L = *5,0* CM HASTE REGULAVEL = *35* MM, EM MDF/PVC WOOD/ POLIESTIRENO OU MADEIRA LAMINADA, PRIMER BRANCO (JOGO PARA 1 FACE)","JG    ","AS",271.60000000000002]
[39830,"GUARNICAO/ALIZAR/VISTA, E = *1,3* CM, L = *7,0* CM, EM POLIESTIRENO, BRANCO (JOGO PARA 1 FACE)","JG    ","AS",309.76]
[40527,"GUINCHO DE ALAVANCA MANUAL, CAPACIDADE DE 1,6 T, COM 20 M DE CABO DE ACO (AQUISICAO)","UN    ","CR",3189.96]
[36497,"GUINCHO DE ALAVANCA MANUAL, CAPACIDADE 3,2 T COM 20 M DE CABO DE ACO DIAMETRO 16,3 MM","UN    ","CR",3641.68]
[36487,"GUINCHO ELETRICO DE COLUNA, CAPACIDADE 400 KG, COM MOTO FREIO, MOTOR TRIFASICO DE 1,25 CV","UN    ","CR",6340.72]
[44475,"GUINDASTE HIDRAULICO AUTOPROPELIDO, COM LANCA TELESCOPICA 28,80 M, CAPACIDADE MAXIMA 30 T, POTENCIA 97 KW, TRACAO  4 X 4","UN    ","AS",1258165.24]
[44474,"GUINDASTE HIDRAULICO AUTOPROPELIDO, COM LANCA TELESCOPICA 40 M, CAPACIDADE MAXIMA 60 T, POTENCIA 260 KW, TRACAO  6 X 6","UN    ","AS",2419548.54]
[44490,"GUINDASTE HIDRAULICO AUTOPROPELIDO, COM LANCA TELESCOPICA 50 M, CAPACIDADE MAXIMA 100 T, POTENCIA 350 KW,  TRACAO 10 X 6","UN    ","AS",4113232.5]
[37776,"GUINDAUTO HIDRAULICO, CAPACIDADE MAXIMA DE CARGA 10000 KG, MOMENTO MAXIMO DE CARGA 23 TM , ALCANCE MAXIMO HORIZONTAL 11,80 M, PARA MONTAGEM SOBRE CHASSI DE CAMINHAO PBT MINIMO 15000 KG (INCLUI MONTAGEM, NAO INCLUI CAMINHAO)","UN    ","AS",252088.58]
[37775,"GUINDAUTO HIDRAULICO, CAPACIDADE MAXIMA DE CARGA 14340 KG, MOMENTO MAXIMO DE CARGA 42,3 TM, ALCANCE MAXIMO HORIZONTAL 16,80 M, PARA MONTAGEM SOBRE CHASSI DE CAMINHAO PBT MINIMO 23000 KG (INCLUI MONTAGEM, NAO INCLUI CAMINHAO)","UN    ","AS",397058.59]
[36491,"GUINDAUTO HIDRAULICO, CAPACIDADE MAXIMA DE CARGA 30000 KG, MOMENTO MAXIMO DE CARGA 92,2 TM , ALCANCE MAXIMO HORIZONTAL  22,00 M, PARA MONTAGEM SOBRE CHASSI DE CAMINHAO PBT MINIMO 30000 KG (INCLUI MONTAGEM, NAO INCLUI CAMINHAO)","UN    ","AS",1470425.78]
[10712,"GUINDAUTO HIDRAULICO, CAPACIDADE MAXIMA DE CARGA 3300 KG, MOMENTO MAXIMO DE CARGA 5,8 TM , ALCANCE MAXIMO HORIZONTAL  7,60 M, PARA MONTAGEM SOBRE CHASSI DE CAMINHAO PBT MINIMO 8000 KG (INCLUI MONTAGEM, NAO INCLUI CAMINHAO)","UN    ","AS",99264.639999999999]
[3363,"GUINDAUTO HIDRAULICO, CAPACIDADE MAXIMA DE CARGA 6200 KG, MOMENTO MAXIMO DE CARGA 11,7 TM , ALCANCE MAXIMO HORIZONTAL  9,70 M, PARA MONTAGEM SOBRE CHASSI DE CAMINHAO PBT MINIMO 13000 KG (INCLUI MONTAGEM, NAO INCLUI CAMINHAO)","UN    ","AS",139625]
[3365,"GUINDAUTO HIDRAULICO, CAPACIDADE MAXIMA DE CARGA 8500 KG, MOMENTO MAXIMO DE CARGA 30,4 TM , ALCANCE MAXIMO HORIZONTAL  14,30 M, PARA MONTAGEM SOBRE CHASSI DE CAMINHAO PBT MINIMO 23000 KG (INCLUI MONTAGEM, NAO INCLUI CAMINHAO)","UN    ","AS",326373.43]
[7569,"HASTE ANCORA EM ACO GALVANIZADO, DIMENSOES 16 MM X 2000 MM","UN    ","AS",79.08]
[34349,"HASTE DE ACO GALVANIZADO PARA FIXACAO DE CONCERTINA 2 \"/3 M","UN    ","CR",34.619999999999997]
[3378,"HASTE DE ATERRAMENTO EM ACO COM 3,00 M DE COMPRIMENTO E DN = 3/4\", REVESTIDA COM BAIXA CAMADA DE COBRE, SEM CONECTOR","UN    ","CR",133.91999999999999]
[3380,"HASTE DE ATERRAMENTO EM ACO COM 3,00 M DE COMPRIMENTO E DN = 5/8\", REVESTIDA COM BAIXA CAMADA DE COBRE, COM CONECTOR TIPO GRAMPO","UN    ","C ",93.75]
[3379,"HASTE DE ATERRAMENTO EM ACO COM 3,00 M DE COMPRIMENTO E DN = 5/8\", REVESTIDA COM BAIXA CAMADA DE COBRE, SEM CONECTOR","UN    ","CR",90.51]
[11991,"HASTE DE ATERRAMENTO EM ACO GALVANIZADO TIPO CANTONEIRA COM 2,00 M DE COMPRIMENTO, 25 X 25 MM E CHAPA DE 3/16\"","UN    ","CR",105.09]
[11029,"HASTE RETA PARA GANCHO DE FERRO GALVANIZADO, COM ROSCA 1/4 \" X 30 CM PARA FIXACAO DE TELHA METALICA, INCLUI PORCA E ARRUELAS DE VEDACAO","CJ    ","CR",1.55]
[4316,"HASTE RETA PARA GANCHO DE FERRO GALVANIZADO, COM ROSCA 1/4 \" X 40 CM PARA FIXACAO DE TELHA DE FIBROCIMENTO, INCLUI PORCA SEXTAVADA DE  ZINCO","UN    ","CR",1.57]
[4313,"HASTE RETA PARA GANCHO DE FERRO GALVANIZADO, COM ROSCA 5/16\" X 35 CM PARA FIXACAO DE TELHA DE FIBROCIMENTO, INCLUI PORCA E ARRUELAS DE VEDACAO","CJ    ","CR",2.25]
[4317,"HASTE RETA PARA GANCHO DE FERRO GALVANIZADO, COM ROSCA 5/16\" X 40 CM PARA FIXACAO DE TELHA DE FIBROCIMENTO, INCLUI PORCA SEXTAVADA DE  ZINCO","UN    ","CR",2.56]
[4314,"HASTE RETA PARA GANCHO DE FERRO GALVANIZADO, COM ROSCA 5/16\" X 45 CM PARA FIXACAO DE TELHA DE FIBROCIMENTO, INCLUI PORCA E ARRUELAS DE VEDACAO","CJ    ","CR",3]
[10921,"HIDRANTE DE COLUNA COMPLETO, EM FERRO FUNDIDO, DN = 100 MM, COM REGISTRO, CUNHA DE BORRACHA, CURVA DESSIMETRICA, EXTREMIDADE E TAMPAS (INCLUI KIT FIXACAO)","UN    ","AS",5965]
[10922,"HIDRANTE DE COLUNA COMPLETO, EM FERRO FUNDIDO, DN = 75 MM, COM REGISTRO, CUNHA DE BORRACHA, CURVA DESSIMETRICA, EXTREMIDADE E TAMPAS (INCLUI KIT FIXACAO)","UN    ","AS",5402.94]
[10923,"HIDRANTE SUBTERRANEO, EM FERRO FUNDIDO, COM CURVA CURTA E CAIXA, DN 75 MM","UN    ","AS",3193.37]
[10924,"HIDRANTE SUBTERRANEO, EM FERRO FUNDIDO, COM CURVA LONGA E CAIXA, DN 75 MM","UN    ","AS",3363.24]
[37772,"HIDROJATEADORA PARA DESOBSTRUCAO DE REDES E GALERIAS, TANQUE 7000 L, BOMBA TRIPLEX 120 KGF/CM2 128 L/MIN (INCLUI MONTAGEM, NAO INCLUI CAMINHAO)","UN    ","AS",273236.33]
[37771,"HIDROJATEADORA PARA DESOBSTRUCAO DE REDES E GALERIAS, TANQUE 7000 L, BOMBA TRIPLEX 140 KGF/CM2 260 L/MIN ALIMENTADA POR MOTOR INDEPENDENTE A DIESEL POTENCIA 125 CV (INCLUI MONTAGEM, NAO INCLUI CAMINHAO)","UN    ","AS",290679.93]
[12772,"HIDROMETRO MULTIJATO / MEDIDOR DE AGUA, DN 1 1/2\", VAZAO MAXIMA DE 20 M3/H, PARA AGUA POTAVEL FRIA, RELOJOARIA PLANA, CLASSE B, HORIZONTAL (SEM CONEXOES)","UN    ","AS",759.19]
[12770,"HIDROMETRO MULTIJATO / MEDIDOR DE AGUA, DN 1\", VAZAO MAXIMA DE 10 M3/H, PARA AGUA POTAVEL FRIA, RELOJOARIA PLANA, CLASSE B, HORIZONTAL (SEM CONEXOES)","UN    ","AS",456.8]
[12775,"HIDROMETRO MULTIJATO / MEDIDOR DE AGUA, DN 1\", VAZAO MAXIMA DE 7 M3/H, PARA AGUA POTAVEL FRIA, RELOJOARIA PLANA, CLASSE B, HORIZONTAL (SEM CONEXOES)","UN    ","AS",334.55]
[12768,"HIDROMETRO MULTIJATO / MEDIDOR DE AGUA, DN 2\", VAZAO MAXIMA DE 30 M3/H, PARA AGUA POTAVEL FRIA, RELOJOARIA PLANA, CLASSE B, HORIZONTAL (SEM CONEXOES)","UN    ","AS",1068.01]
[12769,"HIDROMETRO UNIJATO / MEDIDOR DE AGUA, DN 1/2\", VAZAO MAXIMA DE 1,5 M3/H, PARA AGUA POTAVEL FRIA, RELOJOARIA PLANA, CLASSE B, HORIZONTAL (SEM CONEXOES)","UN    ","AS",87.5]
[12773,"HIDROMETRO UNIJATO / MEDIDOR DE AGUA, DN 1/2\", VAZAO MAXIMA DE 3 M3/H, PARA AGUA POTAVEL FRIA, RELOJOARIA PLANA, CLASSE B, HORIZONTAL (SEM CONEXOES)","UN    ","AS",93.93]
[12774,"HIDROMETRO UNIJATO / MEDIDOR DE AGUA, DN 3/4\", VAZAO MAXIMA DE 5 M3/H, PARA AGUA POTAVEL FRIA, RELOJOARIA PLANA, CLASSE B, HORIZONTAL (SEM CONEXOES)0,","UN    ","AS",115.8]
[12776,"HIDROMETRO WOLTMANN, DN 2\", VAZAO MAXIMA DE 50 M3/H, PARA AGUA POTAVEL FRIA, RELOJOARIA PLANA, TURBINA HORIZONTAL, EQUIPADO COM TELIMETRIA (SEM CONEXOES)","UN    ","AS",1724.26]
[12777,"HIDROMETRO WOLTMANN, DN 3\", VAZAO MAXIMA DE 80 M3/H, PARA AGUA POTAVEL FRIA, RELOJOARIA PLANA, TURBINA HORIZONTAL, EQUIPADO COM TELIMETRIA (SEM CONEXOES)","UN    ","AS",2251.83]
[3391,"IGNITOR PARA LAMPADA DE VAPOR DE SODIO / VAPOR METALICO ATE 2000 W, TENSAO DE PULSO ENTRE 600 A 750 V","UN    ","AS",49.34]
[3389,"IGNITOR PARA LAMPADA DE VAPOR DE SODIO / VAPOR METALICO ATE 400 W, TENSAO DE PULSO ENTRE 3000 A 4500 V","UN    ","AS",25.6]
[3390,"IGNITOR PARA LAMPADA DE VAPOR DE SODIO / VAPOR METALICO ATE 400 W, TENSAO DE PULSO ENTRE 580 A 750 V","UN    ","AS",28.81]
[12873,"IMPERMEABILIZADOR (HORISTA)","H     ","CR",18.920000000000002]
[41076,"IMPERMEABILIZADOR (MENSALISTA)","MES   ","CR",3300.81]
[140,"IMPERMEABILIZANTE FLEXIVEL BRANCO DE BASE ACRILICA PARA COBERTURAS","KG    ","CR",20.53]
[151,"IMPERMEABILIZANTE INCOLOR,  BASE SILICONE, PARA TRATAMENTO DE FACHADAS, TELHAS, PEDRAS E OUTRAS SUPERFICIES","L     ","CR",30.3]
[7340,"IMUNIZANTE PARA MADEIRA, INCOLOR","L     ","CR",30.01]
[2701,"INSTALADOR DE TUBULACOES (TUBOS/EQUIPAMENTOS)","H     ","CR",43.76]
[40929,"INSTALADOR DE TUBULACOES (TUBOS/EQUIPAMENTOS) (MENSALISTA)","MES   ","CR",7636.78]
[38114,"INTERRUPTOR BIPOLAR SIMPLES 10 A, 250 V (APENAS MODULO)","UN    ","CR",19.28]
[38064,"INTERRUPTOR BIPOLAR 10A, 250V, CONJUNTO MONTADO PARA EMBUTIR 4\" X 2\" (PLACA + SUPORTE + MODULO)","UN    ","CR",21.55]
[38115,"INTERRUPTOR INTERMEDIARIO 10 A, 250 V (APENAS MODULO)","UN    ","CR",20.58]
[38065,"INTERRUPTOR INTERMEDIARIO 10A, 250V, CONJUNTO MONTADO PARA EMBUTIR 4\" X 2\" (PLACA + SUPORTE + MODULO)","UN    ","CR",30.58]
[38078,"INTERRUPTOR PARALELO + TOMADA 2P+T 10A, 250V, CONJUNTO MONTADO PARA EMBUTIR 4\" X 2\" (PLACA + SUPORTE + MODULOS)","UN    ","CR",17.84]
[38113,"INTERRUPTOR PARALELO 10A, 250V (APENAS MODULO)","UN    ","CR",9.69]
[38063,"INTERRUPTOR PARALELO 10A, 250V, CONJUNTO MONTADO PARA EMBUTIR 4\" X 2\" (PLACA + SUPORTE + MODULO)","UN    ","CR",10.4]
[38080,"INTERRUPTOR SIMPLES + INTERRUPTOR PARALELO + TOMADA 2P+T 10A, 250V, CONJUNTO MONTADO PARA EMBUTIR 4\" X 2\" (PLACA + SUPORTE + MODULOS)","UN    ","CR",30.99]
[38069,"INTERRUPTOR SIMPLES + INTERRUPTOR PARALELO 10A, 250V, CONJUNTO MONTADO PARA EMBUTIR 4\" X 2\" (PLACA + SUPORTE + MODULOS)","UN    ","CR",16.95]
[38077,"INTERRUPTOR SIMPLES + TOMADA 2P+T 10A, 250V, CONJUNTO MONTADO PARA EMBUTIR 4\" X 2\" (PLACA + SUPORTE + MODULOS)","UN    ","CR",16.559999999999999]
[38073,"INTERRUPTOR SIMPLES + 2 INTERRUPTORES PARALELOS 10A, 250V, CONJUNTO MONTADO PARA EMBUTIR 4\" X 2\" (PLACA + SUPORTE + MODULOS)","UN    ","CR",25.23]
[38112,"INTERRUPTOR SIMPLES 10A, 250V (APENAS MODULO)","UN    ","CR",7.44]
[38062,"INTERRUPTOR SIMPLES 10A, 250V, CONJUNTO MONTADO PARA EMBUTIR 4\" X 2\" (PLACA + SUPORTE + MODULO)","UN    ","CR",7.64]
[12128,"INTERRUPTOR SIMPLES 10A, 250V, CONJUNTO MONTADO PARA SOBREPOR 4\" X 2\" (CAIXA + MODULO)","UN    ","CR",10.210000000000001]
[12129,"INTERRUPTOR SIMPLES 10A, 250V, CONJUNTO MONTADO PARA SOBREPOR 4\" X 2\" (CAIXA + 2 MODULOS)","UN    ","CR",13.49]
[38081,"INTERRUPTORES PARALELOS (2 MODULOS) + TOMADA 2P+T 10A, 250V, CONJUNTO MONTADO PARA EMBUTIR 4\" X 2\" (PLACA + SUPORTE + MODULOS)","UN    ","CR",26.28]
[38070,"INTERRUPTORES PARALELOS (2 MODULOS) 10A, 250V, CONJUNTO MONTADO PARA EMBUTIR 4\" X 2\" (PLACA + SUPORTE + MODULOS)","UN    ","CR",18.11]
[38074,"INTERRUPTORES PARALELOS (3 MODULOS) 10A, 250V, CONJUNTO MONTADO PARA EMBUTIR 4\" X 2\" (PLACA + SUPORTE + MODULO)","UN    ","CR",27.54]
[38079,"INTERRUPTORES SIMPLES (2 MODULOS) + TOMADA 2P+T 10A, 250V, CONJUNTO MONTADO PARA EMBUTIR 4\" X 2\" (PLACA + SUPORTE + MODULOS)","UN    ","CR",23.64]
[38072,"INTERRUPTORES SIMPLES (2 MODULOS) + 1 INTERRUPTOR PARALELO 10A, 250V, CONJUNTO MONTADO PARA EMBUTIR 4\" X 2\" (PLACA + SUPORTE + MODULOS)","UN    ","CR",22.71]
[38068,"INTERRUPTORES SIMPLES (2 MODULOS) 10A, 250V, CONJUNTO MONTADO PARA EMBUTIR 4\" X 2\" (PLACA + SUPORTE + MODULOS)","UN    ","CR",15.68]
[38071,"INTERRUPTORES SIMPLES (3 MODULOS) 10A, 250V, CONJUNTO MONTADO PARA EMBUTIR 4\" X 2\" (PLACA + SUPORTE + MODULOS)","UN    ","CR",18.75]
[38412,"INVERSOR DE SOLDA MONOFASICO DE 160 A, POTENCIA DE 5400 W, TENSAO DE 220 V, TURBO VENTILADO, PROTECAO POR FUSIVEL TERMICO, PARA ELETRODOS DE 2,0 A 4,0 MM","UN    ","C ",1039]
[3405,"ISOLADOR DE PORCELANA SUSPENSO, DISCO TIPO GARFO OLHAL, DIAMETRO DE 152 MM, PARA TENSAO DE *15* KV","UN    ","AS",85.36]
[3394,"ISOLADOR DE PORCELANA, TIPO BUCHA, PARA TENSAO DE *15* KV","UN    ","AS",450.62]
[3393,"ISOLADOR DE PORCELANA, TIPO BUCHA, PARA TENSAO DE *35* KV","UN    ","AS",767.23]
[3406,"ISOLADOR DE PORCELANA, TIPO PINO MONOCORPO, PARA TENSAO DE *15* KV","UN    ","AS",26.13]
[3395,"ISOLADOR DE PORCELANA, TIPO PINO MONOCORPO, PARA TENSAO DE *35* KV","UN    ","AS",110.23]
[3398,"ISOLADOR DE PORCELANA, TIPO ROLDANA, DIMENSOES DE *72* X *72* MM, PARA USO EM BAIXA TENSAO","UN    ","AS",5.24]
[40662,"JANELA BASCULANTE EM MADEIRA PINUS/ EUCALIPTO/ TAUARI/ VIROLA OU EQUIVALENTE DA REGIAO, *60 X 60*, CAIXA DO BATENTE/ MARCO E = *10* CM, 2 BASCULAS PARA VIDRO, COM FERRAGENS (SEM VIDRO, SEM GUARNICAO/ALIZAR E SEM ACABAMENTO)","UN    ","AS",284.83]
[3437,"JANELA BASCULANTE EM MADEIRA PINUS/ EUCALIPTO/ TAUARI/ VIROLA OU EQUIVALENTE DA REGIAO, CAIXA DO BATENTE/ MARCO *10* CM, *2* FOLHAS BASCULANTES PARA VIDRO, COM FERRAGENS (SEM VIDRO, SEM GUARNICAO/ALIZAR E SEM ACABAMENTO)","M2    ","AS",791.2]
[11190,"JANELA BASCULANTE, ACO, COM BATENTE/REQUADRO, 60 X 60 CM (SEM VIDROS)","UN    ","AS",229]
[34377,"JANELA BASCULANTE, EM ALUMINIO PERFIL 20, 80 X 60 CM (A X L), 4 FLS (1 FIXA E 3 MOVEIS), ACABAMENTO BRANCO OU BRILHANTE, BATENTE DE 3 A 4 CM, COM VIDRO, SEM GUARNICAO","UN    ","CR",168.32]
[3428,"JANELA DE ABRIR EM MADEIRA IMBUIA/CEDRO ARANA/CEDRO ROSA OU EQUIVALENTE DA REGIAO, CAIXA DO BATENTE/MARCO *10* CM, 2 FOLHAS DE ABRIR TIPO VENEZIANA E 2 FOLHAS DE ABRIR PARA VIDRO, COM GUARNICAO/ALIZAR, COM FERRAGENS, (SEM VIDRO E SEM ACABAMENTO)","M2    ","AS",1173.6099999999999]
[3429,"JANELA DE ABRIR EM MADEIRA PINUS/EUCALIPTO/ TAUARI/ VIROLA OU EQUIVALENTE DA REGIAO, CAIXA DO BATENTE/MARCO *10* CM, 2 FOLHAS DE ABRIR TIPO VENEZIANA E 2 FOLHAS GUILHOTINA PARA VIDRO, COM FERRAGENS (SEM VIDRO,SEM GUARNICAO/ALIZAR E SEM ACABAMENTO)","M2    ","AS",670.54]
[34364,"JANELA DE CORRER,  EM ALUMINIO PERFIL 25, 120 X 150 CM (A X L), 4 FLS, BANDEIRA COM BASCULA,  ACABAMENTO BRANCO OU BRILHANTE, BATENTE/REQUADRO DE 6 A 14 CM, COM VIDRO, SEM GUARNICAO/ALIZAR","UN    ","CR",552.29]
[11199,"JANELA DE CORRER, ACO, BATENTE/REQUADRO DE 6 A 14 CM, COM DIVISAO HORIZ , PINT ANTICORROSIVA, SEM VIDRO, BANDEIRA COM BASCULA, 4 FLS, 120 X 150 CM (A X L)","UN    ","AS",1264.72]
[34369,"JANELA DE CORRER, EM ALUMINIO PEFIL 25, 100 X 200 CM (A X L), 4 FLS, SEM BANDEIRA, ACABAMENTO BRANCO OU BRILHANTE, BATENTE DE 6 A 7 CM, COM VIDRO, SEM GUARNICAO/ALIZAR","UN    ","CR",585.42999999999995]
[36896,"JANELA DE CORRER, EM ALUMINIO PERFIL 25, 100 X 120 CM (A X L), 2 FLS MOVEIS,  SEM BANDEIRA, ACABAMENTO BRANCO OU BRILHANTE, BATENTE DE 6 A 7 CM, COM VIDRO, SEM GUARNICAO","UN    ","C ",326]
[34367,"JANELA DE CORRER, EM ALUMINIO PERFIL 25, 100 X 150 CM (A X L), 2 FLS MOVEIS,  SEM BANDEIRA, ACABAMENTO BRANCO OU BRILHANTE, BATENTE DE 6 A 7 CM, COM VIDRO, SEM GUARNICAO","UN    ","CR",420.16]
[36897,"JANELA DE CORRER, EM ALUMINIO PERFIL 25, 100 X 150 CM (A X L), 4 FLS MOVEIS, SEM BANDEIRA, ACABAMENTO BRANCO OU BRILHANTE, BATENTE DE 6 A 7 CM, COM VIDRO, SEM GUARNICAO/ALIZAR","UN    ","CR",508.71]
[40659,"JANELA DE 6 FOLHAS DE CORRER EM MADEIRA CEDRINHO/ ANGELIM COMERCIAL/ CURUPIXA/ CUMARU OU EQUIVALENTE DA REGIAO, CAIXA DO BATENTE/MARCO *10* CM, 2 FOLHAS DE CORRER VENEZIANA, 2 FOLHAS FIXAS VENEZIANA E 2 FOLHAS DE CORRER PARA VIDRO, COM FERRAGENS (SEM VIDRO, SEM ACABAMENTO E SEM GUARNICAO/ALIZAR)","M2    ","AS",1119.43]
[40660,"JANELA DE 6 FOLHAS DE CORRER EM MADEIRA IMBUIA/CEDRO ARANA/CEDRO ROSA OU EQUIVALENTE DA REGIAO, CAIXA DO BATENTE/MARCO *10* CM, 2 FOLHAS DE CORRER VENEZIANA, 2 FOLHAS FIXAS VENEZIANA E 2 FOLHAS DE CORRER PARA VIDRO, COM FERRAGENS (SEM VIDRO, SEM ACABAMENTO E SEM GUARNICAO/ALIZAR)","M2    ","AS",1418.75]
[40661,"JANELA DE 6 FOLHAS DE CORRER EM MADEIRA PINUS/ EUCALIPTO/ TAUARI/ VIROLA OU  EQUIVALENTE DA REGIAO, CAIXA DO BATENTE/MARCO *10* CM, 2 FOLHAS DE CORRER VENEZIANA, 2 FOLHAS FIXAS VENEZIANA E 2 FOLHAS DE CORRER PARA VIDRO, COM FERRAGENS (SEM VIDRO, SEM ACABAMENTO E SEM GUARNICAO/ALIZAR)","M2    ","AS",872.29]
[3421,"JANELA EM MADEIRA CEDRINHO/ ANGELIM COMERCIAL/ CURUPIXA/ CUMARU OU EQUIVALENTE DA REGIAO, CAIXA DO BATENTE/MARCO *10* CM, 2 FOLHAS DE ABRIR TIPO VENEZIANA E 2 FOLHAS GUILHOTINA PARA VIDRO, COM GUARNICAO/ALIZAR, COM FERRAGENS (SEM VIDRO E SEM ACABAMENTO)","M2    ","AS",878.96]
[599,"JANELA FIXA, EM ALUMINIO PERFIL 20, 60  X 80 CM (A X L), BATENTE/REQUADRO DE 3 A 14 CM, COM VIDRO 4 MM, SEM GUARNICAO/ALIZAR, ACABAMENTO ALUM BRANCO OU BRILHANTE","M2    ","CR",594.54999999999995]
[44053,"JANELA INTEGRADA VENEZIANA EM ALUMINIO  PERFIL 25, 120 X 120 CM (A X L), 2 FLS ( 2 VIDROS) E VENEZIANA COM ACIONAMENTO MANUAL, SEM BANDEIRA, ACABAMENTO BRILHANTE, BATENTE DE 11,50 A 12,50 CM, COM VIDRO, INCLUSO GUARNICAO","UN    ","CR",1319.63]
[3423,"JANELA MAXIM AR EM MADEIRA CEDRINHO/ ANGELIM COMERCIAL/ CURUPIXA/ CUMARU OU EQUIVALENTE DA REGIAO, CAIXA DO BATENTE/MARCO *10* CM, 1 FOLHA  PARA VIDRO, COM GUARNICAO/ALIZAR, COM FERRAGENS, (SEM VIDRO E SEM ACABAMENTO)","M2    ","AS",1239.54]
[34381,"JANELA MAXIM AR, EM ALUMINIO PERFIL 25, 60 X 80 CM (A X L), ACABAMENTO BRANCO OU BRILHANTE, BATENTE DE 4 A 5 CM, COM VIDRO, SEM GUARNICAO/ALIZAR","UN    ","CR",240.07]
[34797,"JANELA MAXIMO AR, ACO, BATENTE / REQUADRO DE 6 A 14 CM, PINT ANTICORROSIVA, SEM VIDRO, COM GRADE, 1 FL, 60  X 80 CM (A X L)","UN    ","AS",498.8]
[44054,"JANELA VENEZIANA DE CORRER, EM ALUMINIO PERFIL 25, 100 X 120 CM (A X L), 3 FLS (2 VENEZIANAS E 1 VIDRO), SEM BANDEIRA, ACABAMENTO BRANCO OU BRILHANTE, BATENTE DE 8 A 9 CM, COM VIDRO, SEM GUARNICAO/ALIZAR","UN    ","CR",473.4]
[44399,"JANELA VENEZIANA DE CORRER, EM ALUMINIO PERFIL 25, 100 X 150 CM (A X L), 6 FLS (4 VENEZIANAS E 2 VIDROS), SEM BANDEIRA, ACABAMENTO BRANCO OU BRILHANTE, BATENTE DE 8 A 9 CM, COM VIDRO, SEM GUARNICAO / ALIZAR","UN    ","CR",646.82000000000005]
[44503,"JARDINEIRO (HORISTA)","H     ","CR",16.62]
[41077,"JARDINEIRO (MENSALISTA)","MES   ","CR",2901.34]
[37963,"JOELHO CPVC, SOLDAVEL, 45 GRAUS, 15 MM, PARA AGUA QUENTE","UN    ","CR",4.1100000000000003]
[37964,"JOELHO CPVC, SOLDAVEL, 45 GRAUS, 22 MM, PARA AGUA QUENTE","UN    ","CR",5.49]
[37965,"JOELHO CPVC, SOLDAVEL, 45 GRAUS, 28 MM, PARA AGUA QUENTE","UN    ","CR",7.92]
[37966,"JOELHO CPVC, SOLDAVEL, 45 GRAUS, 35 MM, PARA AGUA QUENTE","UN    ","CR",13.91]
[37967,"JOELHO CPVC, SOLDAVEL, 45 GRAUS, 42 MM, PARA AGUA QUENTE","UN    ","CR",23.38]
[37968,"JOELHO CPVC, SOLDAVEL, 45 GRAUS, 54 MM, PARA AGUA QUENTE","UN    ","CR",49.64]
[37969,"JOELHO CPVC, SOLDAVEL, 45 GRAUS, 73 MM, PARA AGUA QUENTE","UN    ","CR",125.42]
[37970,"JOELHO CPVC, SOLDAVEL, 45 GRAUS, 89 MM, PARA AGUA QUENTE","UN    ","CR",181.46]
[44251,"JOELHO CPVC, SOLDAVEL, 90 GRAUS, 114 MM, PARA AGUA QUENTE","UN    ","CR",209.6]
[21118,"JOELHO CPVC, SOLDAVEL, 90 GRAUS, 15 MM, PARA AGUA QUENTE","UN    ","CR",3.26]
[37956,"JOELHO CPVC, SOLDAVEL, 90 GRAUS, 22 MM, PARA AGUA QUENTE","UN    ","CR",4.01]
[37957,"JOELHO CPVC, SOLDAVEL, 90 GRAUS, 28 MM, PARA AGUA QUENTE","UN    ","CR",8.5299999999999994]
[37958,"JOELHO CPVC, SOLDAVEL, 90 GRAUS, 35 MM, PARA AGUA QUENTE","UN    ","CR",15.43]
[37959,"JOELHO CPVC, SOLDAVEL, 90 GRAUS, 42 MM, PARA AGUA QUENTE","UN    ","CR",23.75]
[37960,"JOELHO CPVC, SOLDAVEL, 90 GRAUS, 54 MM, PARA AGUA QUENTE","UN    ","CR",60.69]
[37961,"JOELHO CPVC, SOLDAVEL, 90 GRAUS, 73 MM, PARA AGUA QUENTE","UN    ","CR",130.41999999999999]
[37962,"JOELHO CPVC, SOLDAVEL, 90 GRAUS, 89 MM, PARA AGUA QUENTE","UN    ","CR",150.36000000000001]
[3533,"JOELHO DE REDUCAO, PVC SOLDAVEL, 90 GRAUS, 25 MM X 20 MM, COR MARROM, PARA AGUA FRIA PREDIAL","UN    ","CR",3.06]
[3538,"JOELHO DE REDUCAO, PVC SOLDAVEL, 90 GRAUS, 32 MM X 25 MM, COR MARROM, PARA AGUA FRIA PREDIAL","UN    ","CR",5.8]
[3498,"JOELHO DE REDUCAO, PVC, ROSCAVEL, 90 GRAUS, 1\" X 3/4\", COR BRANCA, PARA AGUA FRIA PREDIAL","UN    ","CR",5.62]
[3496,"JOELHO DE REDUCAO, PVC, ROSCAVEL, 90 GRAUS, 3/4\" X 1/2\", COR BRANCA, PARA AGUA FRIA PREDIAL","UN    ","CR",3.76]
[38429,"JOELHO DE TRANSICAO, CPVC, SOLDAVEL, 90 GRAUS, 15 MM X 1/2\", PARA AGUA QUENTE","UN    ","CR",11.1]
[38431,"JOELHO DE TRANSICAO, CPVC, SOLDAVEL, 90 GRAUS, 22 MM X 1/2\", PARA AGUA QUENTE","UN    ","CR",13.93]
[38430,"JOELHO DE TRANSICAO, CPVC, SOLDAVEL, 90 GRAUS, 22 MM X 3/4\", PARA AGUA QUENTE","UN    ","CR",21.6]
[36348,"JOELHO PPR 45 GRAUS, SOLDAVEL, F/F, DN 20 MM, PARA AGUA QUENTE PREDIAL","UN    ","AS",2.0299999999999998]
[36349,"JOELHO PPR 45 GRAUS, SOLDAVEL, F/F, DN 25 MM, PARA AGUA QUENTE PREDIAL","UN    ","AS",2.81]
[38987,"JOELHO PPR 45 GRAUS, SOLDAVEL, F/F, DN 40 MM, PARA AQUA QUENTE E FRIA PREDIAL","UN    ","AS",13.49]
[38988,"JOELHO PPR 45 GRAUS, SOLDAVEL, F/F, DN 50 MM, PARA AQUA QUENTE E FRIA PREDIAL","UN    ","AS",21.98]
[38989,"JOELHO PPR 45 GRAUS, SOLDAVEL, F/F, DN 63 MM, PARA AQUA QUENTE E FRIA PREDIAL","UN    ","AS",36.979999999999997]
[38990,"JOELHO PPR 45 GRAUS, SOLDAVEL, F/F, DN 75 MM, PARA AQUA QUENTE E FRIA PREDIAL","UN    ","AS",73.900000000000006]
[38991,"JOELHO PPR 45 GRAUS, SOLDAVEL, F/F, DN 90 MM, PARA AQUA QUENTE E FRIA PREDIAL","UN    ","AS",132.97999999999999]
[38433,"JOELHO PPR, 45 GRAUS, SOLDAVEL, F/F, DN 32 MM, PARA AGUA QUENTE PREDIAL","UN    ","AS",6.87]
[38440,"JOELHO PPR, 90 GRAUS, SOLDAVEL, F/F, DN 110 MM, PARA AGUA QUENTE PREDIAL","UN    ","AS",289.82]
[36359,"JOELHO PPR, 90 GRAUS, SOLDAVEL, F/F, DN 20 MM, PARA AGUA QUENTE PREDIAL","UN    ","AS",1.81]
[36360,"JOELHO PPR, 90 GRAUS, SOLDAVEL, F/F, DN 25 MM, PARA AGUA QUENTE PREDIAL","UN    ","AS",2.4300000000000002]
[38434,"JOELHO PPR, 90 GRAUS, SOLDAVEL, F/F, DN 32 MM, PARA AGUA QUENTE PREDIAL","UN    ","AS",3.7]
[38435,"JOELHO PPR, 90 GRAUS, SOLDAVEL, F/F, DN 40 MM, PARA AGUA QUENTE PREDIAL","UN    ","AS",8.33]
[38436,"JOELHO PPR, 90 GRAUS, SOLDAVEL, F/F, DN 50 MM, PARA AGUA QUENTE PREDIAL","UN    ","AS",13.82]
[38437,"JOELHO PPR, 90 GRAUS, SOLDAVEL, F/F, DN 63 MM, PARA AGUA QUENTE PREDIAL","UN    ","AS",22.41]
[38438,"JOELHO PPR, 90 GRAUS, SOLDAVEL, F/F, DN 75 MM, PARA AGUA QUENTE PREDIAL","UN    ","AS",65.02]
[38439,"JOELHO PPR, 90 GRAUS, SOLDAVEL, F/F, DN 90 MM, PARA AGUA QUENTE PREDIAL","UN    ","AS",82.62]
[10836,"JOELHO PVC COM VISITA, 90 GRAUS, DN 100 X 50 MM, SERIE NORMAL, PARA ESGOTO PREDIAL","UN    ","CR",20.22]
[10835,"JOELHO PVC, COM BOLSA E ANEL, 90 GRAUS, DN 40 X *38* MM, SERIE NORMAL, PARA ESGOTO PREDIAL","UN    ","CR",5.64]
[3475,"JOELHO PVC, ROSCAVEL, 45 GRAUS, 1/2\", COR BRANCA, PARA AGUA FRIA PREDIAL","UN    ","CR",5.37]
[3485,"JOELHO PVC, ROSCAVEL, 45 GRAUS, 1\", COR BRANCA, PARA AGUA FRIA PREDIAL","UN    ","CR",14.84]
[3534,"JOELHO PVC, ROSCAVEL, 45 GRAUS, 3/4\", COR BRANCA, PARA AGUA FRIA PREDIAL","UN    ","CR",8.51]
[3543,"JOELHO PVC, ROSCAVEL, 90 GRAUS, 1/2\", COR BRANCA, PARA AGUA FRIA PREDIAL","UN    ","CR",1.97]
[3482,"JOELHO PVC, ROSCAVEL, 90 GRAUS, 1\", COR BRANCA, PARA AGUA FRIA PREDIAL","UN    ","CR",6.08]
[3505,"JOELHO PVC, ROSCAVEL, 90 GRAUS, 3/4\", COR BRANCA, PARA AGUA FRIA PREDIAL","UN    ","CR",2.94]
[3521,"JOELHO PVC, SOLDAVEL COM ROSCA, 90 GRAUS, 20 MM X 1/2\", COR MARROM, PARA AGUA FRIA PREDIAL","UN    ","CR",2.21]
[3531,"JOELHO PVC, SOLDAVEL COM ROSCA, 90 GRAUS, 25 MM X 1/2\", COR MARROM, PARA AGUA FRIA PREDIAL","UN    ","CR",4.22]
[3522,"JOELHO PVC, SOLDAVEL COM ROSCA, 90 GRAUS, 25 MM X 3/4\", COR MARROM, PARA AGUA FRIA PREDIAL","UN    ","CR",2.72]
[3527,"JOELHO PVC, SOLDAVEL COM ROSCA, 90 GRAUS, 32 MM X 3/4\", COR MARROM, PARA AGUA FRIA PREDIAL","UN    ","CR",14.3]
[3516,"JOELHO PVC, SOLDAVEL, BB, 45 GRAUS, DN 40 MM, PARA ESGOTO PREDIAL","UN    ","CR",2.33]
[3517,"JOELHO PVC, SOLDAVEL, BB, 90 GRAUS, SEM ANEL, DN 40 MM, PARA ESGOTO PREDIAL SECUNDARIO","UN    ","CR",2.1]
[3515,"JOELHO PVC, SOLDAVEL, COM BUCHA DE LATAO, 90 GRAUS, 20 MM X 1/2\", PARA AGUA FRIA PREDIAL","UN    ","CR",7.29]
[20147,"JOELHO PVC, SOLDAVEL, COM BUCHA DE LATAO, 90 GRAUS, 25 MM X 1/2\", PARA AGUA FRIA PREDIAL","UN    ","CR",6]
[3524,"JOELHO PVC, SOLDAVEL, COM BUCHA DE LATAO, 90 GRAUS, 25 MM X 3/4\", PARA AGUA FRIA PREDIAL","UN    ","CR",9.02]
[3532,"JOELHO PVC, SOLDAVEL, COM BUCHA DE LATAO, 90 GRAUS, 32 MM X 3/4\", PARA AGUA FRIA PREDIAL","UN    ","CR",20.86]
[3528,"JOELHO PVC, SOLDAVEL, PB, 45 GRAUS, DN 100 MM, PARA ESGOTO PREDIAL","UN    ","CR",9.1]
[37952,"JOELHO PVC, SOLDAVEL, PB, 45 GRAUS, DN 150 MM, PARA ESGOTO PREDIAL","UN    ","CR",65.239999999999995]
[37951,"JOELHO PVC, SOLDAVEL, PB, 45 GRAUS, DN 40 MM, PARA ESGOTO PREDIAL","UN    ","CR",2.4500000000000002]
[3518,"JOELHO PVC, SOLDAVEL, PB, 45 GRAUS, DN 50 MM, PARA ESGOTO PREDIAL","UN    ","CR",3.77]
[3519,"JOELHO PVC, SOLDAVEL, PB, 45 GRAUS, DN 75 MM, PARA ESGOTO PREDIAL","UN    ","CR",7.89]
[3520,"JOELHO PVC, SOLDAVEL, PB, 90 GRAUS, DN 100 MM, PARA ESGOTO PREDIAL","UN    ","CR",8.27]
[37950,"JOELHO PVC, SOLDAVEL, PB, 90 GRAUS, DN 150 MM, PARA ESGOTO PREDIAL","UN    ","CR",60.06]
[37949,"JOELHO PVC, SOLDAVEL, PB, 90 GRAUS, DN 40 MM, PARA ESGOTO PREDIAL","UN    ","CR",2.21]
[3526,"JOELHO PVC, SOLDAVEL, PB, 90 GRAUS, DN 50 MM, PARA ESGOTO PREDIAL","UN    ","CR",3.05]
[3509,"JOELHO PVC, SOLDAVEL, PB, 90 GRAUS, DN 75 MM, PARA ESGOTO PREDIAL","UN    ","CR",6.92]
[3530,"JOELHO PVC, SOLDAVEL, 90 GRAUS, 110 MM, COR MARROM, PARA AGUA FRIA PREDIAL","UN    ","CR",231.57]
[3542,"JOELHO PVC, SOLDAVEL, 90 GRAUS, 20 MM, COR MARROM, PARA AGUA FRIA PREDIAL","UN    ","CR",0.66]
[3529,"JOELHO PVC, SOLDAVEL, 90 GRAUS, 25 MM, COR MARROM, PARA AGUA FRIA PREDIAL","UN    ","CR",0.81]
[3536,"JOELHO PVC, SOLDAVEL, 90 GRAUS, 32 MM, COR MARROM, PARA AGUA FRIA PREDIAL","UN    ","CR",2.71]
[3535,"JOELHO PVC, SOLDAVEL, 90 GRAUS, 40 MM, COR MARROM, PARA AGUA FRIA PREDIAL","UN    ","CR",6.61]
[3540,"JOELHO PVC, SOLDAVEL, 90 GRAUS, 50 MM, COR MARROM, PARA AGUA FRIA PREDIAL","UN    ","CR",5.59]
[3539,"JOELHO PVC, SOLDAVEL, 90 GRAUS, 60 MM, COR MARROM, PARA AGUA FRIA PREDIAL","UN    ","CR",32.409999999999997]
[3513,"JOELHO PVC, SOLDAVEL, 90 GRAUS, 85 MM, COR MARROM, PARA AGUA FRIA PREDIAL","UN    ","CR",114.28]
[3510,"JOELHO PVC, 90 GRAUS, ROSCAVEL, 1 1/4\", COR BRANCA, AGUA FRIA PREDIAL","UN    ","CR",14.11]
[38930,"JOELHO 90 GRAUS, ROSCA FEMEA TERMINAL, PLASTICO, PARA CONEXAO COM CRIMPAGEM EM TUBO PEX, DN 32 MM X 1\"","UN    ","AS",45.84]
[38913,"JOELHO/COTOVELO 90 GRAUS, METALICO, PARA CONEXAO COM ANEL DESLIZANTE, DN 16 MM, EM TUBO PEX PARA INST. AGUA QUENTE/FRIA","UN    ","AS",9.2799999999999994]
[38914,"JOELHO/COTOVELO 90 GRAUS, METALICO, PARA CONEXAO COM ANEL DESLIZANTE, DN 20 MM, EM TUBO PEX PARA INST. AGUA QUENTE/FRIA","UN    ","AS",11.39]
[38915,"JOELHO/COTOVELO 90 GRAUS, METALICO, PARA CONEXAO COM ANEL DESLIZANTE, DN 25 MM, EM TUBO PEX PARA INST. AGUA QUENTE/FRIA","UN    ","AS",21.95]
[38916,"JOELHO/COTOVELO 90 GRAUS, METALICO, PARA CONEXAO COM ANEL DESLIZANTE, DN 32 MM, EM TUBO PEX PARA INST. AGUA QUENTE/FRIA","UN    ","AS",30.38]
[39300,"JOELHO/COTOVELO 90 GRAUS, PLASTICO, PARA CONEXAO COM CRIMPAGEM, DN 16 MM, EM TUBO PEX PARA INST. AGUA QUENTE/FRIA","UN    ","AS",8.2799999999999994]
[39301,"JOELHO/COTOVELO 90 GRAUS, PLASTICO, PARA CONEXAO COM CRIMPAGEM, DN 20 MM, EM TUBO PEX PARA INST. AGUA QUENTE/FRIA","UN    ","AS",11.09]
[39302,"JOELHO/COTOVELO 90 GRAUS, PLASTICO, PARA CONEXAO COM CRIMPAGEM, DN 25 MM, EM TUBO PEX PARA INST. AGUA QUENTE/FRIA","UN    ","AS",20.16]
[38923,"JOELHO/COTOVELO 90 GRAUS, ROSCA FEMEA TERMINAL, METALICO, PARA CONEXAO COM ANEL DESLIZANTE, DN 16 MM X 1/2\", EM TUBO PEX PARA INST. AGUA QUENTE/FRIA","UN    ","AS",9.93]
[38925,"JOELHO/COTOVELO 90 GRAUS, ROSCA FEMEA TERMINAL, METALICO, PARA CONEXAO COM ANEL DESLIZANTE, DN 20 MM X 1/2\", EM TUBO PEX PARA INST. AGUA QUENTE/FRIA","UN    ","AS",11.52]
[38926,"JOELHO/COTOVELO 90 GRAUS, ROSCA FEMEA TERMINAL, METALICO, PARA CONEXAO COM ANEL DESLIZANTE, DN 20 MM X 3/4\", EM TUBO PEX PARA INST. AGUA QUENTE/FRIA","UN    ","AS",13.66]
[38927,"JOELHO/COTOVELO 90 GRAUS, ROSCA FEMEA TERMINAL, METALICO, PARA CONEXAO COM ANEL DESLIZANTE, DN 25 MM X 3/4\", EM TUBO PEX PARA INST. AGUA QUENTE/FRIA","UN    ","AS",17.25]
[39304,"JOELHO/COTOVELO 90 GRAUS, ROSCA FEMEA TERMINAL, PLASTICO, PARA CONEXAO COM CRIMPAGEM, DN 16 MM X 1/2\", EM TUBO PEX PARA INST. AGUA QUENTE/FRIA","UN    ","AS",9.8000000000000007]
[39305,"JOELHO/COTOVELO 90 GRAUS, ROSCA FEMEA TERMINAL, PLASTICO, PARA CONEXAO COM CRIMPAGEM, DN 20 MM X 1/2\", EM TUBO PEX PARA INST. AGUA QUENTE/FRIA","UN    ","AS",10.75]
[39306,"JOELHO/COTOVELO 90 GRAUS, ROSCA FEMEA TERMINAL, PLASTICO, PARA CONEXAO COM CRIMPAGEM, DN 20 MM X 3/4\", EM TUBO PEX PARA INST. AGUA QUENTE/FRIA","UN    ","AS",14.45]
[38928,"JOELHO/COTOVELO 90 GRAUS, ROSCA FEMEA TERMINAL, PLASTICO, PARA CONEXAO COM CRIMPAGEM, DN 25 MM X 1/2\", EM TUBO PEX PARA INST. AGUA QUENTE/FRIA","UN    ","AS",19.100000000000001]
[38941,"JOELHO/COTOVELO, ROSCA FEMEA MOVEL, METALICO, PARA CONEXAO COM ANEL DESLIZANTE, DN 20 MM X 3/4\", EM TUBO PEX PARA INST. AGUA QUENTE/FRIA","UN    ","AS",14.97]
[38917,"JOELHO/COTOVELO, ROSCA FEMEA, COM BASE FIXA, METALICO, PARA CONEXAO COM ANEL DESLIZANTE, DN 16 MM X 1/2\", EM TUBO PEX PARA INST. AGUA QUENTE/FRIA","UN    ","AS",10.67]
[38919,"JOELHO/COTOVELO, ROSCA FEMEA, COM BASE FIXA, METALICO, PARA CONEXAO COM ANEL DESLIZANTE, DN 20 MM X 1/2\", EM TUBO PEX PARA INST. AGUA QUENTE/FRIA","UN    ","AS",12.53]
[38922,"JOELHO/COTOVELO, ROSCA FEMEA, COM BASE FIXA, METALICO, PARA CONEXAO COM ANEL DESLIZANTE, DN 25 MM X 3/4\", EM TUBO PEX PARA INST. AGUA QUENTE/FRIA","UN    ","AS",16.809999999999999]
[20151,"JOELHO, PVC SERIE R, 45 GRAUS, DN 100 MM, PARA ESGOTO PREDIAL","UN    ","CR",20.34]
[20152,"JOELHO, PVC SERIE R, 45 GRAUS, DN 150 MM, PARA ESGOTO PREDIAL","UN    ","CR",73.62]
[20148,"JOELHO, PVC SERIE R, 45 GRAUS, DN 40 MM, PARA ESGOTO PREDIAL","UN    ","CR",4]
[20149,"JOELHO, PVC SERIE R, 45 GRAUS, DN 50 MM, PARA ESGOTO PREDIAL","UN    ","CR",6.68]
[20150,"JOELHO, PVC SERIE R, 45 GRAUS, DN 75 MM, PARA ESGOTO PREDIAL","UN    ","CR",17.22]
[20157,"JOELHO, PVC SERIE R, 90 GRAUS, DN 100 MM, PARA ESGOTO PREDIAL","UN    ","CR",19.32]
[20158,"JOELHO, PVC SERIE R, 90 GRAUS, DN 150 MM, PARA ESGOTO PREDIAL","UN    ","CR",76.739999999999995]
[20154,"JOELHO, PVC SERIE R, 90 GRAUS, DN 40 MM, PARA ESGOTO PREDIAL","UN    ","CR",3.91]
[20155,"JOELHO, PVC SERIE R, 90 GRAUS, DN 50 MM, PARA ESGOTO PREDIAL","UN    ","CR",5.96]
[20156,"JOELHO, PVC SERIE R, 90 GRAUS, DN 75 MM, PARA ESGOTO PREDIAL","UN    ","CR",16.760000000000002]
[3499,"JOELHO, PVC SOLDAVEL, 45 GRAUS, 20 MM, COR MARROM, PARA AGUA FRIA PREDIAL","UN    ","CR",1.27]
[3500,"JOELHO, PVC SOLDAVEL, 45 GRAUS, 25 MM, COR MARROM, PARA AGUA FRIA PREDIAL","UN    ","CR",1.68]
[3501,"JOELHO, PVC SOLDAVEL, 45 GRAUS, 32 MM, COR MARROM, PARA AGUA FRIA PREDIAL","UN    ","CR",4.6399999999999997]
[3502,"JOELHO, PVC SOLDAVEL, 45 GRAUS, 40 MM, COR MARROM, PARA AGUA FRIA PREDIAL","UN    ","CR",6.67]
[3503,"JOELHO, PVC SOLDAVEL, 45 GRAUS, 50 MM, COR MARROM, PARA AGUA FRIA PREDIAL","UN    ","CR",8.3800000000000008]
[3477,"JOELHO, PVC SOLDAVEL, 45 GRAUS, 60 MM, COR MARROM, PARA AGUA FRIA PREDIAL","UN    ","CR",30.45]
[3478,"JOELHO, PVC SOLDAVEL, 45 GRAUS, 75 MM, COR MARROM, PARA AGUA FRIA PREDIAL","UN    ","CR",73.02]
[3525,"JOELHO, PVC SOLDAVEL, 45 GRAUS, 85 MM, COR MARROM, PARA AGUA FRIA PREDIAL","UN    ","CR",90.12]
[3511,"JOELHO, PVC SOLDAVEL, 90 GRAUS, 75 MM, COR MARROM, PARA AGUA FRIA PREDIAL","UN    ","CR",95.59]
[12032,"JOGO DE TRANQUETA E ROSETA QUADRADA DE SOBREPOR SEM FUROS, EM LATAO CROMADO, *50 X 50* MM, PARA FECHADURA DE PORTA DE BANHEIRO","JG    ","CR",59.26]
[12030,"JOGO DE TRANQUETA E ROSETA REDONDA DE SOBREPOR SEM FUROS, EM LATAO CROMADO, DIAMETRO *50* MM, PARA FECHADURA DE PORTA DE BANHEIRO","JG    ","CR",55.68]
[10908,"JUNCAO DE REDUCAO INVERTIDA, PVC SOLDAVEL, 100 X 50 MM, SERIE NORMAL PARA ESGOTO PREDIAL","UN    ","CR",18.989999999999998]
[10909,"JUNCAO DE REDUCAO INVERTIDA, PVC SOLDAVEL, 100 X 75 MM, SERIE NORMAL PARA ESGOTO PREDIAL","UN    ","CR",22.1]
[3669,"JUNCAO DE REDUCAO INVERTIDA, PVC SOLDAVEL, 75 X 50 MM, SERIE NORMAL PARA ESGOTO PREDIAL","UN    ","CR",13.57]
[20139,"JUNCAO DUPLA, PVC SERIE R, DN 100 X 100 X 100 MM, PARA ESGOTO PREDIAL","UN    ","CR",116.75]
[3668,"JUNCAO DUPLA, PVC SOLDAVEL, DN 100 X 100 X 100 MM , SERIE NORMAL PARA ESGOTO PREDIAL","UN    ","CR",41.7]
[10911,"JUNCAO INVERTIDA, PVC SOLDAVEL, 75 X 75 MM, SERIE NORMAL PARA ESGOTO PREDIAL","UN    ","CR",18.28]
[3659,"JUNCAO SIMPLES DE REDUCAO, PVC, DN 100 X 50 MM, SERIE NORMAL PARA ESGOTO PREDIAL","UN    ","CR",18.63]
[3660,"JUNCAO SIMPLES DE REDUCAO, PVC, DN 100 X 75 MM, SERIE NORMAL PARA ESGOTO PREDIAL","UN    ","CR",24.09]
[20144,"JUNCAO SIMPLES, PVC SERIE R, DN 100 X 100 MM, PARA ESGOTO PREDIAL","UN    ","CR",53.94]
[20143,"JUNCAO SIMPLES, PVC SERIE R, DN 100 X 75 MM, PARA ESGOTO PREDIAL","UN    ","CR",69.010000000000005]
[20145,"JUNCAO SIMPLES, PVC SERIE R, DN 150 X 100 MM, PARA ESGOTO PREDIAL","UN    ","CR",133.13]
[20146,"JUNCAO SIMPLES, PVC SERIE R, DN 150 X 150 MM, PARA ESGOTO PREDIAL","UN    ","CR",181.99]
[20140,"JUNCAO SIMPLES, PVC SERIE R, DN 40 X 40 MM, PARA ESGOTO PREDIAL","UN    ","CR",8.5299999999999994]
[20141,"JUNCAO SIMPLES, PVC SERIE R, DN 50 X 50 MM, PARA ESGOTO PREDIAL","UN    ","CR",20.91]
[20142,"JUNCAO SIMPLES, PVC SERIE R, DN 75 X 75 MM, PARA ESGOTO PREDIAL","UN    ","CR",36.78]
[3670,"JUNCAO SIMPLES, PVC, 45 GRAUS, DN 100 X 100 MM, SERIE NORMAL PARA ESGOTO PREDIAL","UN    ","CR",23.92]
[3666,"JUNCAO SIMPLES, PVC, 45 GRAUS, DN 40 X 40 MM, SERIE NORMAL PARA ESGOTO PREDIAL","UN    ","CR",3.76]
[3662,"JUNCAO SIMPLES, PVC, 45 GRAUS, DN 50 X 50 MM, SERIE NORMAL PARA ESGOTO PREDIAL","UN    ","CR",9.82]
[3658,"JUNCAO SIMPLES, PVC, 45 GRAUS, DN 75 X 75 MM, SERIE NORMAL PARA ESGOTO PREDIAL","UN    ","CR",18.59]
[14157,"JUNCAO 2 GARRAS PARA FITA PERFURADA","UN    ","AS",1.3]
[42696,"JUNCAO, PVC, 45 GRAUS, JE, BBB, DN 150 MM, PARA TUBO CORRUGADO E/OU LISO, REDE COLETORA DE ESGOTO","UN    ","CR",147.47]
[39875,"JUNTA DE EXPANSAO BRONZE/LATAO (REF 900), PONTA X PONTA, 35 MM","UN    ","CR",1256.5999999999999]
[39876,"JUNTA DE EXPANSAO BRONZE/LATAO (REF 900), PONTA X PONTA, 42 MM","UN    ","CR",1573.25]
[39877,"JUNTA DE EXPANSAO BRONZE/LATAO (REF 900), PONTA X PONTA, 54 MM","UN    ","CR",2182.04]
[39878,"JUNTA DE EXPANSAO BRONZE/LATAO (REF 900), PONTA X PONTA, 66 MM","UN    ","CR",2882.11]
[39872,"JUNTA DE EXPANSAO DE COBRE (REF 900), PONTA X PONTA, 15 MM","UN    ","CR",861.74]
[39873,"JUNTA DE EXPANSAO DE COBRE (REF 900), PONTA X PONTA, 22 MM","UN    ","CR",999.57]
[39874,"JUNTA DE EXPANSAO DE COBRE (REF 900), PONTA X PONTA, 28 MM","UN    ","CR",1097.8900000000001]
[3674,"JUNTA DILATACAO ELASTICA PARA CONCRETO (FUGENBAND) O-12, ATE 5 MCA","M     ","AS",88.57]
[3681,"JUNTA DILATACAO ELASTICA PARA CONCRETO (FUGENBAND) O-22, ATE 30 MCA","M     ","AS",131.78]
[3676,"JUNTA DILATACAO ELASTICA PARA CONCRETO (FUGENBAND) O-35/10, ATE 100 MCA","M     ","AS",495.94]
[3679,"JUNTA DILATACAO ELASTICA PARA CONCRETO (FUGENBAND) O-35/6, ATE 100 MCA","M     ","AS",410.3]
[3672,"JUNTA PLASTICA DE DILATACAO PARA PISOS, COR CINZA, 10 X 4,5 MM (ALTURA X ESPESSURA)","M     ","AS",1.4]
[3671,"JUNTA PLASTICA DE DILATACAO PARA PISOS, COR CINZA, 17 X 3 MM (ALTURA X ESPESSURA)","M     ","AS",1.32]
[3673,"JUNTA PLASTICA DE DILATACAO PARA PISOS, COR CINZA, 27 X 3 MM (ALTURA X ESPESSURA)","M     ","AS",2.0699999999999998]
[38394,"KIT ACESSORIOS PARA COMPRESSOR DE AR, 5 PECAS (PISTOLAS PINTURA, LIMPEZA E PULVERIZACAO, CALIBRADOR E MANGUEIRA)","UN    ","CR",362.02]
[3729,"KIT CAVALETE, PVC, COM REGISTRO, PARA HIDROMETRO, BITOLAS 1/2\" OU 3/4\" - COMPLETO","UN    ","CR",155.27000000000001]
[39357,"KIT CHASSI COZINHA, CUBA SIMPLES SEM MAQUINA LAVAR LOUCA PARA INSTALACAO PEX, QUADRO METALICO COM TRAVESSA COM FURO PARA ESGOTO DN 50 MM E FUROS SUPERIORES PARA AGUA, LARGURA *340* MM X ALTURA *650* MM, PARA CONEXAO COM ANEL DESLIZANTE (INCLUI TUBOS E CONEXOES PEX E TUBO E CONEXAO ESGOTO, NAO INCLUI CARENAGEM)","UN    ","AS",100.32]
[39358,"KIT CHASSI COZINHA, CUBA SIMPLES SEM MAQUINA LAVAR LOUCA PARA INSTALACAO PEX, QUADRO METALICO COM TRAVESSA COM FURO PARA ESGOTO DN 50 MM E FUROS SUPERIORES PARA AGUA, LARGURA *340* MM X ALTURA *650* MM, PARA CONEXAO COM CRIMPAGEM (INCLUI TUBOS E CONEXOESPEX E TUBO E CONEXAO ESGOTO, NAO INCLUI CARENAGEM)","UN    ","AS",110.01]
[39356,"KIT CHASSI TANQUE COM MAQUINA LAVAR ROUPA PARA INSTALACAO PEX, QUADRO METALICO COM TRAVESSA COM  FURO PARA ESGOTO DN 50 MM, FURO LATERAL PARA MAQUINA E FUROS SUPERIORES PARA AGUA, LARGURA *344* MM X ALTURA *442* MM, PARA CONEXAO COM CRIMPAGEM (INCLUI TUBOS E CONEXOES PEX E TUBO E CONEXAO ESGOTO, NAO INCLUI CARENAGEM)","UN    ","AS",187.68]
[39355,"KIT CHASSI TANQUE COM MAQUINA LAVAR ROUPA PARA INSTALACAO PEX, QUADRO METALICO COM TRAVESSA COM FURO PARA ESGOTO DN 50 MM, FURO LATERAL PARA MAQUINA E FUROS SUPERIORES PARA AGUA, LARGURA *344* MM X ALTURA *442* MM, PARA CONEXAO COM ANEL DESLIZANTE (INCLUI TUBOS E CONEXOES PEX E TUBO E CONEXAO ESGOTO, NAO INCLUI CARENAGEM)","UN    ","AS",161.5]
[39353,"KIT CHUVEIRO PARA INSTALACAO PEX, QUADRO METALICO COM 2 TRAVESSAS, SUPERIOR COM ESPERA PARA CHUVEIRO E INFERIOR COM 2 REGISTROS DE PRESSAO DE 1/2 \", LARGURA DE *390* MM X ALTURA DE *900* MM, PARA CONEXAO COM ANEL DESLIZANTE (INCLUI REGISTROS PRESSAO E TUBOS PEX COM CONEXOES, SEM REGISTRO GAVETA, NAO INCLUI CARENAGEM)","UN    ","AS",221.47]
[39354,"KIT CHUVEIRO PARA INSTALACAO PEX, QUADRO METALICO COM 2 TRAVESSAS, SUPERIOR COM ESPERA PARA CHUVEIRO E INFERIOR COM 2 REGISTROS DE PRESSAO DE 1/2 \", LARGURA DE *390* MM X ALTURA DE *900* MM, PARA CONEXAO COM CRIMPAGEM (INCLUI REGISTROS PRESSAO E TUBOS PEX COM CONEXOES, SEM REGISTRO GAVETA, NAO INCLUI CARENAGEM)","UN    ","AS",220.73]
[39398,"KIT DE ACESSORIOS PARA BANHEIRO EM METAL CROMADO, 5 PECAS","UN    ","CR",165.82]
[13343,"KIT DE MATERIAIS PARA BRACADEIRA PARA FIXACAO EM POSTE CIRCULAR, CONTEM TRES FIXADORES E UM ROLO DE FITA DE 3 M EM ACO CARBONO","UN    ","CR",58.52]
[12118,"KIT DE PROTECAO ARSTOP PARA AR CONDICIONADO, TOMADA PADRAO 2P+T 20 A, COM DISJUNTOR UNIPOLAR DIN 20A","UN    ","CR",24.49]
[39482,"KIT PORTA PRONTA DE MADEIRA, FOLHA LEVE (NBR 15930) DE 600 X 2100 MM OU 700 X 2100 MM, DE 35 MM A 40 MM DE ESPESSURA, COM MARCO EM ACO, NUCLEO COLMEIA, CAPA LISA EM HDF, ACABAMENTO MELAMINICO BRANCO (INCLUI MARCO, ALIZARES, DOBRADICAS E FECHADURA)","UN    ","CR",436.74]
[39486,"KIT PORTA PRONTA DE MADEIRA, FOLHA LEVE (NBR 15930) DE 600 X 2100 MM OU 700 X 2100 MM, DE 35 MM A 40 MM DE ESPESSURA, NUCLEO COLMEIA, ESTRUTURA USINADA PARA FECHADURA, CAPA LISA EM HDF, ACABAMENTO EM PRIMER PARA PINTURA (INCLUI MARCO, ALIZARES E DOBRADICAS)","UN    ","CR",356.44]
[39484,"KIT PORTA PRONTA DE MADEIRA, FOLHA LEVE (NBR 15930) DE 800 X 2100 MM, DE 35 MM A 40 MM DE ESPESSURA, COM MARCO EM ACO, NUCLEO COLMEIA, CAPA LISA EM HDF, ACABAMENTO MELAMINICO BRANCO (INCLUI MARCO, ALIZARES, DOBRADICAS E FECHADURA)","UN    ","CR",436.74]
[39488,"KIT PORTA PRONTA DE MADEIRA, FOLHA LEVE (NBR 15930) DE 800 X 2100 MM, DE 35 MM A 40 MM DE ESPESSURA, NUCLEO COLMEIA, ESTRUTURA USINADA PARA FECHADURA, CAPA LISA EM HDF, ACABAMENTO EM PRIMER PARA PINTURA (INCLUI MARCO, ALIZARES E DOBRADICAS)","UN    ","CR",362.28]
[39485,"KIT PORTA PRONTA DE MADEIRA, FOLHA LEVE (NBR 15930) DE 900 X 2100 MM, DE 35 MM A 40 MM DE ESPESSURA, COM MARCO EM ACO, NUCLEO COLMEIA, CAPA LISA EM HDF, ACABAMENTO MELAMINICO BRANCO (INCLUI MARCO, ALIZARES, DOBRADICAS E FECHADURA)","UN    ","CR",436.74]
[39489,"KIT PORTA PRONTA DE MADEIRA, FOLHA LEVE (NBR 15930) DE 900 X 2100 MM, DE 35 MM A 40 MM DE ESPESSURA, NUCLEO COLMEIA, ESTRUTURA USINADA PARA FECHADURA, CAPA LISA EM HDF, ACABAMENTO EM PRIMER PARA PINTURA (INCLUI MARCO, ALIZARES E DOBRADICAS)","UN    ","CR",368.42]
[39490,"KIT PORTA PRONTA DE MADEIRA, FOLHA MEDIA (NBR 15930) DE 600 X 2100 MM OU 700 X 2100 MM, DE 35 MM A 40 MM DE ESPESSURA, NUCLEO SEMI-SOLIDO (SARRAFEADO), ESTRUTURA USINADA PARA FECHADURA, CAPA LISA EM HDF, ACABAMENTO MELAMINICO BRANCO (INCLUI MARCO, ALIZARES E DOBRADICAS)","UN    ","CR",549]
[39494,"KIT PORTA PRONTA DE MADEIRA, FOLHA MEDIA (NBR 15930) DE 600 X 2100 MM, DE 35 MM A 40 MM DE ESPESSURA, NUCLEO SEMI-SOLIDO (SARRAFEADO), ESTRUTURA USINADA PARA FECHADURA, CAPA LISA EM HDF, ACABAMENTO EM PRIMER PARA PINTURA (INCLUI MARCO, ALIZARES E DOBRADICAS)","UN    ","CR",394.22]
[39495,"KIT PORTA PRONTA DE MADEIRA, FOLHA MEDIA (NBR 15930) DE 700 X 2100 MM, DE 35 MM A 40 MM DE ESPESSURA, NUCLEO SEMI-SOLIDO (SARRAFEADO), ESTRUTURA USINADA PARA FECHADURA, CAPA LISA EM HDF, ACABAMENTO EM PRIMER PARA PINTURA (INCLUI MARCO, ALIZARES E DOBRADICAS)","UN    ","CR",444.24]
[39496,"KIT PORTA PRONTA DE MADEIRA, FOLHA MEDIA (NBR 15930) DE 800 X 2100 MM, DE 35 MM A 40 MM DE ESPESSURA,  NUCLEO SEMI-SOLIDO (SARRAFEADO), ESTRUTURA USINADA PARA FECHADURA, CAPA LISA EM HDF, ACABAMENTO EM PRIMER PARA PINTURA (INCLUI MARCO, ALIZARES E DOBRADICAS)","UN    ","CR",488.66]
[39492,"KIT PORTA PRONTA DE MADEIRA, FOLHA MEDIA (NBR 15930) DE 800 X 2100 MM, DE 35 MM A 40 MM DE ESPESSURA, NUCLEO SEMI-SOLIDO (SARRAFEADO), ESTRUTURA USINADA PARA FECHADURA, CAPA LISA EM HDF, ACABAMENTO MELAMINICO BRANCO (INCLUI MARCO, ALIZARES E DOBRADICAS)","UN    ","CR",565.74]
[39497,"KIT PORTA PRONTA DE MADEIRA, FOLHA MEDIA (NBR 15930) DE 900 X 2100 MM, DE 35 MM A 40 MM DE ESPESSURA, NUCLEO SEMI-SOLIDO (SARRAFEADO), ESTRUTURA USINADA PARA FECHADURA, CAPA LISA EM HDF, ACABAMENTO EM PRIMER PARA PINTURA (INCLUI MARCO, ALIZARES E DOBRADICAS)","UN    ","CR",511.01]
[39493,"KIT PORTA PRONTA DE MADEIRA, FOLHA MEDIA (NBR 15930) DE 900 X 2100 MM, DE 35 MM A 40 MM DE ESPESSURA, NUCLEO SEMI-SOLIDO (SARRAFEADO), ESTRUTURA USINADA PARA FECHADURA, CAPA LISA EM HDF, ACABAMENTO MELAMINICO BRANCO (INCLUI MARCO, ALIZARES E DOBRADICAS)","UN    ","CR",606.80999999999995]
[39500,"KIT PORTA PRONTA DE MADEIRA, FOLHA PESADA (NBR 15930) DE 800 X 2100 MM, DE 40 MM  A 45 MM DE ESPESSURA, NUCLEO SOLIDO, CAPA LISA EM HDF, ACABAMENTO MELAMINICO BRANCO (INCLUI MARCO, ALIZARES, DOBRADICAS E FECHADURA EXTERNA)","UN    ","CR",662.08]
[39498,"KIT PORTA PRONTA DE MADEIRA, FOLHA PESADA (NBR 15930) DE 800 X 2100 MM, DE 40 MM A 45 MM DE ESPESSURA , NUCLEO SOLIDO, ESTRUTURA USINADA PARA FECHADURA, CAPA LISA EM HDF, ACABAMENTO EM LAMINADO NATURAL COM VERNIZ (INCLUI MARCO, ALIZARES E DOBRADICAS)","UN    ","CR",816.56]
[43628,"KIT PORTA PRONTA DE MADEIRA, FOLHA PESADA (NBR 15930) DE 800 X 2100 MM, DE 40 MM A 45 MM DE ESPESSURA, COM MARCO EM ACO, NUCLEO SOLIDO, CAPA LISA EM HDF, ACABAMENTO MELAMINICO BRANCO (INCLUI MARCO, ALIZARES, DOBRADICAS E FECHADURA)","UN    ","CR",643.62]
[39501,"KIT PORTA PRONTA DE MADEIRA, FOLHA PESADA (NBR 15930) DE 900 X 2100 MM, DE 40 MM  A 45 MM DE ESPESSURA, NUCLEO SOLIDO, CAPA LISA EM HDF, ACABAMENTO MELAMINICO BRANCO (INCLUI MARCO, ALIZARES, DOBRADICAS E FECHADURA EXTERNA)","UN    ","CR",680.01]
[39499,"KIT PORTA PRONTA DE MADEIRA, FOLHA PESADA (NBR 15930) DE 900 X 2100 MM, DE 40 MM A 45 MM DE ESPESSURA , NUCLEO SOLIDO, ESTRUTURA USINADA PARA FECHADURA, CAPA LISA EM HDF, ACABAMENTO EM LAMINADO NATURAL COM VERNIZ (INCLUI MARCO, ALIZARES E DOBRADICAS)","UN    ","CR",828.16]
[43621,"KIT PORTA PRONTA DE MADEIRA, FOLHA PESADA (NBR 15930) DE 900 X 2100 MM, DE 40 MM A 45 MM DE ESPESSURA, COM MARCO EM ACO, NUCLEO SOLIDO, CAPA LISA EM HDF, ACABAMENTO MELAMINICO BRANCO (INCLUI MARCO, ALIZARES, DOBRADICAS E FECHADURA)","UN    ","CR",683.85]
[3733,"LADRILHO HIDRAULICO, *20 x 20* CM, E= 2 CM, PADRAO COPACABANA, 2 CORES (PRETO E BRANCO)","M2    ","AS",69.510000000000005]
[3731,"LADRILHO HIDRAULICO, *20 X 20* CM, E= 2 CM, DADOS, COR NATURAL","M2    ","AS",64.52]
[38137,"LADRILHO HIDRAULICO, *20 X 20* CM, E= 2 CM, RAMPA, NATURAL","M2    ","AS",64.900000000000006]
[38135,"LADRILHO HIDRAULICO, *20 X 20* CM, E= 2 CM, TATIL ALERTA OU DIRECIONAL, AMARELO","M2    ","AS",82.27]
[38138,"LADRILHO HIDRAULICO, *30 X 30* CM, E= 2 CM, MILANO, NATURAL","M2    ","AS",63.73]
[3736,"LAJE PRE-MOLDADA CONVENCIONAL (LAJOTAS + VIGOTAS) PARA FORRO, UNIDIRECIONAL, SOBRECARGA DE 100 KG/M2, VAO ATE 4,00 M (SEM COLOCACAO)","M2    ","C ",66.5]
[3741,"LAJE PRE-MOLDADA CONVENCIONAL (LAJOTAS + VIGOTAS) PARA FORRO, UNIDIRECIONAL, SOBRECARGA DE 100 KG/M2, VAO ATE 4,50 M (SEM COLOCACAO)","M2    ","CR",69.319999999999993]
[3745,"LAJE PRE-MOLDADA CONVENCIONAL (LAJOTAS + VIGOTAS) PARA FORRO, UNIDIRECIONAL, SOBRECARGA 100 KG/M2, VAO ATE 5,00 M (SEM COLOCACAO)","M2    ","CR",74.739999999999995]
[3743,"LAJE PRE-MOLDADA CONVENCIONAL (LAJOTAS + VIGOTAS) PARA PISO, UNIDIRECIONAL, SOBRECARGA DE 200 KG/M2, VAO ATE 3,50 M (SEM COLOCACAO)","M2    ","CR",69.069999999999993]
[3744,"LAJE PRE-MOLDADA CONVENCIONAL (LAJOTAS + VIGOTAS) PARA PISO, UNIDIRECIONAL, SOBRECARGA DE 200 KG/M2, VAO ATE 4,50 M (SEM COLOCACAO)","M2    ","CR",76.03]
[3739,"LAJE PRE-MOLDADA CONVENCIONAL (LAJOTAS + VIGOTAS) PARA PISO, UNIDIRECIONAL, SOBRECARGA DE 200 KG/M2, VAO ATE 5,00 M (SEM COLOCACAO)","M2    ","CR",79.900000000000006]
[3737,"LAJE PRE-MOLDADA CONVENCIONAL (LAJOTAS + VIGOTAS) PARA PISO, UNIDIRECIONAL, SOBRECARGA DE 350 KG/M2, VAO ATE 4,50 M (SEM COLOCACAO)","M2    ","CR",83.76]
[3738,"LAJE PRE-MOLDADA CONVENCIONAL (LAJOTAS + VIGOTAS) PARA PISO, UNIDIRECIONAL, SOBRECARGA DE 350 KG/M2, VAO ATE 5,00 M (SEM COLOCACAO)","M2    ","CR",96.65]
[3747,"LAJE PRE-MOLDADA CONVENCIONAL (LAJOTAS + VIGOTAS) PARA PISO, UNIDIRECIONAL, SOBRECARGA 350 KG/M2 VAO ATE 3,50 M (SEM COLOCACAO)","M2    ","CR",76.03]
[11649,"LAJE PRE-MOLDADA DE TRANSICAO EXCENTRICA EM CONCRETO ARMADO, DN 1200 MM, FURO CIRCULAR DN 600 MM, ESPESSURA 12 CM","UN    ","CR",551.58000000000004]
[11650,"LAJE PRE-MOLDADA DE TRANSICAO EXCENTRICA EM CONCRETO ARMADO, DN 1500 MM, FURO CIRCULAR DN 530 MM, ESPESSURA 15 CM","UN    ","CR",940.15]
[3742,"LAJE PRE-MOLDADA TRELICADA (LAJOTAS + VIGOTAS) PARA FORRO, UNIDIRECIONAL, SOBRECARGA DE 100 KG/M2, VAO ATE 6,00 M (SEM COLOCACAO)","M2    ","CR",100.26]
[3746,"LAJE PRE-MOLDADA TRELICADA (LAJOTAS + VIGOTAS) PARA PISO, UNIDIRECIONAL, SOBRECARGA DE 200 KG/M2, VAO ATE 6,00 M (SEM COLOCACAO)","M2    ","CR",117.07]
[21106,"LAMBRI EM ALUMINIO, DE APROXIMADAMENTE 0,6 KG/M, COM APROXIMADAMENTE 168,0 MM DE LARGURA, 6,0 MM DE ALTURA E 6,0 M DE EXTENSAO","KG    ","CR",72.33]
[3755,"LAMPADA DE LUZ MISTA 160 W, BASE E27 (220 V)","UN    ","AS",28.99]
[3750,"LAMPADA DE LUZ MISTA 250 W, BASE E27 (220 V)","UN    ","AS",38.99]
[3756,"LAMPADA DE LUZ MISTA 500 W, BASE E40 (220 V)","UN    ","AS",72.849999999999994]
[39377,"LAMPADA FLUORESCENTE COMPACTA BRANCA 135 W, BASE E40 (127/220 V)","UN    ","AS",215.82]
[38191,"LAMPADA FLUORESCENTE COMPACTA 2U BRANCA 15 W, BASE E27 (127/220 V)","UN    ","AS",16.07]
[39381,"LAMPADA FLUORESCENTE COMPACTA 2U/3U BRANCA 9/10 W, BASE E27 (127/220 V)","UN    ","AS",14.99]
[38780,"LAMPADA FLUORESCENTE COMPACTA 3U BRANCA 20 W, BASE E27 (127/220 V)","UN    ","AS",18.329999999999998]
[38781,"LAMPADA FLUORESCENTE ESPIRAL BRANCA 45 W, BASE E27 (127/220 V)","UN    ","AS",61.9]
[38192,"LAMPADA FLUORESCENTE ESPIRAL BRANCA 65 W, BASE E27 (127/220 V)","UN    ","AS",112]
[3753,"LAMPADA FLUORESCENTE TUBULAR T10, DE 20 OU 40 W, BIVOLT","UN    ","AS",9.8000000000000007]
[38782,"LAMPADA FLUORESCENTE TUBULAR T5 DE 14 W, BIVOLT","UN    ","AS",12.76]
[38778,"LAMPADA FLUORESCENTE TUBULAR T8 DE 16/18 W, BIVOLT","UN    ","AS",9.58]
[38779,"LAMPADA FLUORESCENTE TUBULAR T8 DE 32/36 W, BIVOLT","UN    ","AS",10.15]
[39388,"LAMPADA LED TIPO DICROICA BIVOLT, LUZ BRANCA, 5 W (BASE GU10)","UN    ","CR",12.17]
[39387,"LAMPADA LED TUBULAR BIVOLT 18/20 W, BASE G13","UN    ","CR",18.98]
[39386,"LAMPADA LED TUBULAR BIVOLT 9/10 W, BASE G13","UN    ","CR",13.23]
[38194,"LAMPADA LED 10 W BIVOLT BRANCA, FORMATO TRADICIONAL (BASE E27)","UN    ","C ",9.9]
[38193,"LAMPADA LED 6 W BIVOLT BRANCA, FORMATO TRADICIONAL (BASE E27)","UN    ","CR",8.6]
[12216,"LAMPADA VAPOR DE SODIO OVOIDE 150 W (BASE E40)","UN    ","AS",56.01]
[3757,"LAMPADA VAPOR DE SODIO OVOIDE 250 W (BASE E40)","UN    ","AS",64.77]
[3758,"LAMPADA VAPOR DE SODIO OVOIDE 400 W (BASE E40)","UN    ","AS",75.52]
[12214,"LAMPADA VAPOR MERCURIO 125 W (BASE E27)","UN    ","AS",25.86]
[3749,"LAMPADA VAPOR MERCURIO 250 W (BASE E40)","UN    ","AS",46.09]
[3751,"LAMPADA VAPOR MERCURIO 400 W (BASE E40)","UN    ","AS",62.9]
[39376,"LAMPADA VAPOR METALICO OVOIDE 150 W, BASE E27/E40","UN    ","AS",53.02]
[3752,"LAMPADA VAPOR METALICO TUBULAR 400 W (BASE E40)","UN    ","AS",103.76]
[746,"LAVADORA DE ALTA PRESSAO (LAVA - JATO) PARA AGUA FRIA, PRESSAO DE OPERACAO ENTRE 1400 E 1900 LIB/POL2, VAZAO MAXIMA ENTRE  400 E 700 L/H, POTENCIA DE OPERACAO ENTRE 2,50 E 3,00 CV","UN    ","C ",1659.45]
[20269,"LAVATORIO / CUBA DE EMBUTIR, OVAL, DE LOUCA BRANCA, SEM LADRAO, DIMENSOES *50 X 35* CM (L X C)","UN    ","CR",86.77]
[20270,"LAVATORIO / CUBA DE EMBUTIR, OVAL, DE LOUCA COLORIDA, SEM LADRAO, DIMENSOES *50 X 35* CM (L X C)","UN    ","CR",95.88]
[11696,"LAVATORIO / CUBA DE SOBREPOR, OVAL PEQUENA, DE LOUCA BRANCA, SEM LADRAO, DIMENSOES *44 X 31* CM (L X C)","UN    ","CR",153.49]
[10427,"LAVATORIO / CUBA DE SOBREPOR, RETANGULAR, DE LOUCA BRANCA, COM LADRAO, DIMENSOES *52 X 45* CM (L X C)","UN    ","CR",429.52]
[10428,"LAVATORIO / CUBA DE SOBREPOR, RETANGULAR, DE LOUCA COLORIDA, COM LADRAO, DIMENSOES *52 X 45* CM (L X C)","UN    ","CR",442.54]
[36521,"LAVATORIO DE CANTO DE LOUCA BRANCA, SUSPENSO (SEM COLUNA), DIMENSOES *40 X 30* CM (L X C)","UN    ","CR",138.08000000000001]
[36794,"LAVATORIO DE LOUCA BRANCA, COM COLUNA, DIMENSOES *44 X 35* CM (L X C)","UN    ","CR",147]
[10426,"LAVATORIO DE LOUCA BRANCA, COM COLUNA, DIMENSOES *54 X 44* CM (L X C)","UN    ","CR",164.61]
[10425,"LAVATORIO DE LOUCA BRANCA, SUSPENSO (SEM COLUNA), DIMENSOES *40 X 30* CM","UN    ","CR",83.51]
[10431,"LAVATORIO DE LOUCA COLORIDA, COM COLUNA, DIMENSOES *54 X 44* CM (L X C)","UN    ","CR",285.89999999999998]
[10429,"LAVATORIO DE LOUCA COLORIDA, SUSPENSO (SEM COLUNA), DIMENSOES *40 X 30* CM (L X C)","UN    ","CR",141.04]
[2354,"LEITURISTA OU CADASTRISTA DE REDES DE AGUA E ESGOTO (HORISTA)","H     ","CR",13]
[40932,"LEITURISTA OU CADASTRISTA DE REDES DE AGUA E ESGOTO (MENSALISTA)","MES   ","CR",2268.79]
[10853,"LETRA ACO INOX (AISI 304), CHAPA NUM. 22, RECORTADO, H= 20 CM (SEM RELEVO)","UN    ","CR",103.01]
[5093,"LEVANTADOR DE JANELA GUILHOTINA, EM LATAO CROMADO","PAR   ","CR",18.829999999999998]
[44331,"LIMPA VIDROS COM PULVERIZADOR","L     ","CR",65.03]
[37768,"LIMPADORA A SUCCAO, TANQUE 12000 L, BASCULAMENTO HIDRAULICO, BOMBA 12 M3/MIN 95% VACUO (INCLUI MONTAGEM, NAO INCLUI CAMINHAO)","UN    ","AS",235000]
[37773,"LIMPADORA DE SUCCAO TANQUE 7000 L, BOMBA 12 M3/MIN 95% VACUO (INCLUI MONTAGEM, NAO INCLUI CAMINHAO)","UN    ","AS",199554.62]
[37769,"LIMPADORA DE SUCCAO, TANQUE 11000 L, BOMBA 340 M3/MIN (INCLUI MONTAGEM, NAO INCLUI CAMINHAO)","UN    ","AS",334079.57]
[37770,"LIMPADORA DE SUCCAO, TANQUE 5500 L, BOMBA 60M3/MIN, VACUO 500 MBAR (INCLUI MONTAGEM, NAO INCLUI CAMINHAO)","UN    ","AS",566986.32999999996]
[38382,"LINHA DE PEDREIRO LISA 100 M","UN    ","CR",13.17]
[38383,"LIXA D'AGUA EM FOLHA, GRAO 100","UN    ","CR",2.46]
[3768,"LIXA EM FOLHA PARA FERRO, NUMERO 150","UN    ","CR",2.38]
[3767,"LIXA EM FOLHA PARA PAREDE OU MADEIRA, NUMERO 120, COR VERMELHA","UN    ","CR",0.79]
[13192,"LIXADEIRA ELETRICA ANGULAR PARA CONCRETO, POTENCIA 1.400 W, PRATO DIAMANTADO DE 5''","UN    ","CR",5167.88]
[38413,"LIXADEIRA ELETRICA ANGULAR, PARA DISCO DE 7 \" (180 MM), POTENCIA DE 2.200 W, *5.000* RPM, 220 V","UN    ","CR",854.69]
[42440,"LIXEIRA DUPLA, COM CAPACIDADE VOLUMETRICA DE 60L*, FABRICADA EM TUBO DE ACO CARBONO, CESTOS EM CHAPA DE ACO E PINTURA NO PROCESSO ELETROSTATICO - PARA ACADEMIA AO AR LIVRE / ACADEMIA DA TERCEIRA IDADE - ATI","UN    ","AS",1225.03]
[20193,"LOCACAO DE ANDAIME METALICO TIPO FACHADEIRO, LARGURA DE 1,20 M X ALTURA DE 2,0 M POR PAINEL, INCLUINDO DIAGONAIS EM X, BARRAS DE LIGACAO, SAPATAS E DEMAIS ITENS NECESSARIOS A MONTAGEM (NAO INCLUI INSTALACAO)","M2XMES","CR",4.83]
[10527,"LOCACAO DE ANDAIME METALICO TUBULAR DE ENCAIXE, TIPO DE TORRE, CADA PAINEL COM LARGURA DE 1 ATE 1,5 M E ALTURA DE *1,00* M, INCLUINDO DIAGONAL, BARRAS DE LIGACAO, SAPATAS OU RODIZIOS E DEMAIS ITENS NECESSARIOS A MONTAGEM (NAO INCLUI INSTALACAO)","MXMES ","C ",14.5]
[41805,"LOCACAO DE ANDAIME SUSPENSO OU BALANCIM MANUAL, CAPACIDADE DE CARGA TOTAL DE APROXIMADAMENTE 250 KG/M2, PLATAFORMA DE 1,50 M X 0,80 M (C X L), CABO DE 45 M","MES   ","AS",620]
[40271,"LOCACAO DE APRUMADOR METALICO DE PILAR, COM ALTURA E ANGULO REGULAVEIS, EXTENSAO DE *1,50* A *2,80* M","MES   ","CR",9.42]
[40287,"LOCACAO DE BARRA DE ANCORAGEM DE 0,80 A 1,20 M DE EXTENSAO, COM ROSCA DE 5/8\", INCLUINDO PORCA E FLANGE","MES   ","CR",3.62]
[4084,"LOCACAO DE BOMBA SUBMERSIVEL PARA DRENAGEM E ESGOTAMENTO, MOTOR ELETRICO TRIFASICO, POTENCIA DE 1 CV, DIAMETRO DE RECALQUE DE 2\". FAIXA DE OPERACAO Q=25 M3/H (+ OU - 1 M3/H) E AMT=2 M, Q=12 M3/H (+ OU - 2 M3/H) E AMT = 12 M (+ OU - 2 M)","H     ","CR",2.34]
[743,"LOCACAO DE BOMBA SUBMERSIVEL PARA DRENAGEM E ESGOTAMENTO, MOTOR ELETRICO TRIFASICO, POTENCIA DE 2 CV, DIAMETRO DE RECALQUE DE 2\", FAIXA DE OPERACAO Q=35 M3/H (+ OU - 3 M3/H) E AMT=2 M, Q=13 M3/H (+ OU - 3 M3/H) E AMT = 17 M (+ OU - 3 M)","H     ","C ",2.34]
[40293,"LOCACAO DE BOMBA SUBMERSIVEL PARA DRENAGEM E ESGOTAMENTO, MOTOR ELETRICO TRIFASICO, POTENCIA DE 2 CV, DIAMETRO DE RECALQUE DE 3\". FAIXA DE OPERACAO Q=70 M3/H (+ OU - 2 M3/H) E AMT=2 M, Q=9,5 M3/H (+ OU - 3,5 M3/H) E AMT = 10 M (+ OU - 2 M)","H     ","CR",2.8]
[40294,"LOCACAO DE BOMBA SUBMERSIVEL PARA DRENAGEM E ESGOTAMENTO, MOTOR ELETRICO TRIFASICO, POTENCIA DE 3 CV, DIAMETRO DE RECALQUE DE 2\", FAIXA DE OPERACAO Q=84 M3/H (+ OU - 2,5 M3/H) E AMT=2 M, Q=9,1 M3/H (+ OU - 2 M3/H) E AMT = 12 M (+ OU - 2 M)","H     ","CR",2.34]
[4085,"LOCACAO DE BOMBA SUBMERSIVEL PARA DRENAGEM E ESGOTAMENTO, MOTOR ELETRICO TRIFASICO, POTENCIA DE 4 CV, DIAMETRO DE RECALQUE DE 3\". FAIXA DE OPERACAO Q=60 M3/H (+ OU - 1 M3/H) E AMT=2 M, Q=11 M3/H (+ OU - 1 M3/H) E AMT = 23 M (+ OU - 1 M)","H     ","CR",3.27]
[10779,"LOCACAO DE CONTAINER 2,30 X 4,30 M, ALT. 2,50 M, P/ SANITARIO, C/ 5 BACIAS, 1 LAVATORIO E 4 MICTORIOS (NAO INCLUI MOBILIZACAO/DESMOBILIZACAO)","MES   ","AS",991.25]
[10777,"LOCACAO DE CONTAINER 2,30 X 4,30 M, ALT. 2,50 M, PARA SANITARIO, COM 3 BACIAS, 4 CHUVEIROS, 1 LAVATORIO E 1 MICTORIO (NAO INCLUI MOBILIZACAO/DESMOBILIZACAO)","MES   ","AS",900.38]
[10775,"LOCACAO DE CONTAINER 2,30 X 6,00 M, ALT. 2,50 M, COM 1 SANITARIO, PARA ESCRITORIO, COMPLETO, SEM DIVISORIAS INTERNAS (NAO INCLUI MOBILIZACAO/DESMOBILIZACAO)","MES   ","AS",793]
[10776,"LOCACAO DE CONTAINER 2,30 X 6,00 M, ALT. 2,50 M, PARA ESCRITORIO, SEM DIVISORIAS INTERNAS E SEM SANITARIO (NAO INCLUI MOBILIZACAO/DESMOBILIZACAO)","MES   ","AS",619.53]
[10778,"LOCACAO DE CONTAINER 2,30 X 6,00 M, ALT. 2,50 M, PARA SANITARIO, COM 4 BACIAS, 8 CHUVEIROS,1 LAVATORIO E 1 MICTORIO (NAO INCLUI MOBILIZACAO/DESMOBILIZACAO)","MES   ","AS",991.25]
[40339,"LOCACAO DE CRUZETA PARA ESCORA METALICA","MES   ","CR",3.62]
[10749,"LOCACAO DE ESCORA METALICA TELESCOPICA, COM ALTURA REGULAVEL DE *1,80* A *3,20* M, COM CAPACIDADE DE CARGA DE NO MINIMO 1000 KGF (10 KN), INCLUSO TRIPE E FORCADO","MES   ","CR",6.64]
[40290,"LOCACAO DE FORMA PLASTICA PARA LAJE NERVURADA, DIMENSOES *60* X *60* X *16* CM","UNXMES","CR",9.57]
[3346,"LOCACAO DE GRUPO GERADOR *80 A 125* KVA, MOTOR DIESEL, REBOCAVEL, ACIONAMENTO MANUAL","H     ","C ",16.87]
[3348,"LOCACAO DE GRUPO GERADOR ACIMA DE * 125 ATE 180* KVA, MOTOR DIESEL, REBOCAVEL, ACIONAMENTO MANUAL","H     ","CR",20.18]
[39833,"LOCACAO DE GRUPO GERADOR DE *260* KVA, DIESEL REBOCAVEL, ACIONAMENTO MANUAL","H     ","CR",27.64]
[7252,"LOCACAO DE NIVEL OPTICO, COM PRECISAO DE 0,7 MM, AUMENTO DE 32X","H     ","AS",2.25]
[7247,"LOCACAO DE TEODOLITO ELETRONICO, PRECISAO ANGULAR DE 5 A 7 SEGUNDOS, INCLUINDO TRIPE","H     ","AS",2.25]
[40291,"LOCACAO DE TORRE METALICA COMPLETA PARA UMA CARGA DE 8 TF (80 KN)  E PE DIREITO DE 6 M, INCLUINDO MODULOS , DIAGONAIS, SAPATAS E FORCADOS","MES   ","CR",505.82]
[40275,"LOCACAO DE VIGA SANDUICHE METALICA VAZADA PARA TRAVAMENTO DE PILARES, ALTURA DE *8* CM, LARGURA DE *6* CM E EXTENSAO DE 2 M","MES   ","CR",14.5]
[42408,"LONA PLASTICA EXTRA FORTE PRETA, E = 200 MICRA","M2    ","CR",3.26]
[3777,"LONA PLASTICA PESADA PRETA, E = 150 MICRA","M2    ","C ",2.35]
[3798,"LUMINARIA ABERTA P/ ILUMINACAO PUBLICA, TIPO X-57 PETERCO OU EQUIV","UN    ","CR",69.040000000000006]
[38769,"LUMINARIA ARANDELA TIPO MEIA-LUA COM VIDRO FOSCO *30 X 15* CM, PARA 1 LAMPADA, BASE E27, POTENCIA MAXIMA 40/60 W (NAO INCLUI LAMPADA)","UN    ","CR",53.91]
[39510,"LUMINARIA DE EMBUTIR EM CHAPA DE ACO PARA 2 LAMPADAS FLUORESCENTES DE 14 W COM REFLETOR E ALETAS EM ALUMINIO, COMPLETA (INCLUI REATOR E LAMPADAS)","UN    ","CR",218.19]
[38776,"LUMINARIA DE EMBUTIR EM CHAPA DE ACO PARA 4 LAMPADAS FLUORESCENTES DE 14 W *60 X 60 CM* ALETADA (NAO INCLUI REATOR E LAMPADAS)","UN    ","CR",231.57]
[38774,"LUMINARIA DE EMERGENCIA 30 LEDS, POTENCIA 2 W, BATERIA DE LITIO, AUTONOMIA DE 6 HORAS","UN    ","CR",24.87]
[42247,"LUMINARIA DE LED PARA ILUMINACAO PUBLICA, DE 138 W ATE 180 W, INVOLUCRO EM ALUMINIO OU ACO INOX","UN    ","CR",848.91]
[42248,"LUMINARIA DE LED PARA ILUMINACAO PUBLICA, DE 181 W ATE 239 W, INVOLUCRO EM ALUMINIO OU ACO INOX","UN    ","CR",986.07]
[42249,"LUMINARIA DE LED PARA ILUMINACAO PUBLICA, DE 240 W ATE 350 W, INVOLUCRO EM ALUMINIO OU ACO INOX","UN    ","CR",1633.58]
[42244,"LUMINARIA DE LED PARA ILUMINACAO PUBLICA, DE 33 W ATE 50 W, INVOLUCRO EM ALUMINIO OU ACO INOX","UN    ","CR",255.12]
[42245,"LUMINARIA DE LED PARA ILUMINACAO PUBLICA, DE 51 W ATE 67 W, INVOLUCRO EM ALUMINIO OU ACO INOX","UN    ","CR",470.77]
[42246,"LUMINARIA DE LED PARA ILUMINACAO PUBLICA, DE 68 W ATE 97 W, INVOLUCRO EM ALUMINIO OU ACO INOX","UN    ","CR",521.12]
[42243,"LUMINARIA DE LED PARA ILUMINACAO PUBLICA, DE 98 W ATE 137 W, INVOLUCRO EM ALUMINIO OU ACO INOX","UN    ","CR",628.37]
[38889,"LUMINARIA DE SOBREPOR EM CHAPA DE ACO COM ALETAS PLASTICAS, PARA 1 LAMPADA, BASE E27, POTENCIA MAXIMA 40/60 W (NAO INCLUI LAMPADA)","UN    ","CR",41.32]
[38784,"LUMINARIA DE SOBREPOR EM CHAPA DE ACO COM ALETAS PLASTICAS, PARA 2 LAMPADAS, BASE E27, POTENCIA MAXIMA 40/60 W (NAO INCLUI LAMPADAS)","UN    ","CR",55.28]
[3788,"LUMINARIA DE SOBREPOR EM CHAPA DE ACO PARA 1 LAMPADA FLUORESCENTE DE *18* W, ALETADA, COMPLETA (LAMPADA E REATOR INCLUSOS)","UN    ","CR",57.61]
[12230,"LUMINARIA DE SOBREPOR EM CHAPA DE ACO PARA 1 LAMPADA FLUORESCENTE DE *18* W, PERFIL COMERCIAL (NAO INCLUI REATOR E LAMPADA)","UN    ","CR",14.82]
[3780,"LUMINARIA DE SOBREPOR EM CHAPA DE ACO PARA 1 LAMPADA FLUORESCENTE DE *36* W, ALETADA, COMPLETA (LAMPADA E REATOR INCLUSOS)","UN    ","C ",85]
[12231,"LUMINARIA DE SOBREPOR EM CHAPA DE ACO PARA 1 LAMPADA FLUORESCENTE DE *36* W, PERFIL COMERCIAL (NAO INCLUI REATOR E LAMPADA)","UN    ","CR",24.64]
[3811,"LUMINARIA DE SOBREPOR EM CHAPA DE ACO PARA 2 LAMPADAS FLUORESCENTES DE *18* W, ALETADA, COMPLETA (LAMPADAS E REATOR INCLUSOS)","UN    ","CR",79.84]
[12232,"LUMINARIA DE SOBREPOR EM CHAPA DE ACO PARA 2 LAMPADAS FLUORESCENTES DE *18* W, PERFIL COMERCIAL (NAO INCLUI REATOR E LAMPADAS)","UN    ","CR",25.82]
[3799,"LUMINARIA DE SOBREPOR EM CHAPA DE ACO PARA 2 LAMPADAS FLUORESCENTES DE *36* W, ALETADA, COMPLETA (LAMPADAS E REATOR INCLUSOS)","UN    ","CR",112.91]
[12239,"LUMINARIA DE SOBREPOR EM CHAPA DE ACO PARA 2 LAMPADAS FLUORESCENTES DE *36* W, PERFIL COMERCIAL (NAO INCLUI REATOR E LAMPADAS)","UN    ","CR",33.799999999999997]
[38773,"LUMINARIA DE TETO PLAFON/PLAFONIER EM PLASTICO COM BASE E27, POTENCIA MAXIMA 60 W (NAO INCLUI LAMPADA)","UN    ","CR",5.42]
[12271,"LUMINARIA DUPLA P/SINALIZACAO, TIPO WETZEL AS-2/110 OU EQUIV","UN    ","CR",302.33]
[13382,"LUMINARIA FECHADA P/ ILUMINACAO PUBLICA, TIPO ABL 50/F OU EQUIV, P/ LAMPADA A VAPOR DE MERCURIO 400W","UN    ","CR",322.14999999999998]
[38785,"LUMINARIA HERMETICA IP-65 PARA 2 DUAS LAMPADAS DE 14/16/18/20 W (NAO INCLUI REATOR E LAMPADAS)","UN    ","CR",143.13]
[38786,"LUMINARIA HERMETICA IP-65 PARA 2 DUAS LAMPADAS DE 28/32/36/40 W (NAO INCLUI REATOR E LAMPADAS)","UN    ","CR",176.31]
[39385,"LUMINARIA LED PLAFON REDONDO DE SOBREPOR BIVOLT 12/13 W,  D = *17* CM","UN    ","CR",22.75]
[39389,"LUMINARIA LED REFLETOR RETANGULAR BIVOLT, LUZ BRANCA, 10 W","UN    ","CR",24.68]
[39390,"LUMINARIA LED REFLETOR RETANGULAR BIVOLT, LUZ BRANCA, 30 W","UN    ","CR",51.73]
[39391,"LUMINARIA LED REFLETOR RETANGULAR BIVOLT, LUZ BRANCA, 50 W","UN    ","CR",58.08]
[3803,"LUMINARIA PLAFON REDONDO COM VIDRO FOSCO DIAMETRO *25* CM, PARA 1 LAMPADA, BASE E27, POTENCIA MAXIMA 40/60 W (NAO INCLUI LAMPADA)","UN    ","CR",51.12]
[38770,"LUMINARIA PLAFON REDONDO COM VIDRO FOSCO DIAMETRO *30* CM, PARA 2 LAMPADAS, BASE E27, POTENCIA MAXIMA 40/60 W (NAO INCLUI LAMPADAS)","UN    ","CR",59.19]
[12267,"LUMINARIA PROVA DE TEMPO PETERCO Y.31/1","UN    ","CR",173.46]
[43265,"LUMINARIA SOLAR LED EXTERNA, TIPO ARANDELA DE PAREDE, EM ALUMINIO, 16 LEDS, LUZ BRANCA, *180* LUMENS, CAPACIDADE DE ILUMINACAO ATE 36 H, RETANGULAR, *13 X 9 X 7* (C X L X A), COM SENSOR DE MOVIMENTO / PRESENCA, BATERIA RECARREGAVEL COM LUZ SOLAR, RESISTENTE AO CALOR, A PROVA DE AGUA E POEIRA/ IMPERMEAVEL, IP65","UN    ","CR",71.14]
[12266,"LUMINARIA SPOT DE SOBREPOR EM ALUMINIO COM ALETA PLASTICA PARA 1 LAMPADA, BASE E27, POTENCIA MAXIMA 40/60 W (NAO INCLUI LAMPADA)","UN    ","CR",88.78]
[39378,"LUMINARIA SPOT DE SOBREPOR EM ALUMINIO COM ALETA PLASTICA PARA 2 LAMPADAS, BASE E27, POTENCIA MAXIMA 40/60 W (NAO INCLUI LAMPADA)","UN    ","CR",62.94]
[43543,"LUMINARIA TIPO TARTARUGA A PROVA DE TEMPO, GASES, VAPOR E PO, EM ALUMINIO, COM GRADE, BASE E27, POTENCIA MAXIMA 100 W - REF Y 25/1 (NAO INCLUI LAMPADA)","UN    ","CR",131.13999999999999]
[38775,"LUMINARIA TIPO TARTARUGA PARA AREA EXTERNA EM ALUMINIO, COM GRADE, PARA 1 LAMPADA, BASE E27, POTENCIA MAXIMA 40/60 W (NAO INCLUI LAMPADA)","UN    ","CR",66.73]
[44252,"LUVA CPVC, SOLDAVEL, 114 MM, PARA AGUA QUENTE PREDIAL","UN    ","CR",171.54]
[21119,"LUVA CPVC, SOLDAVEL, 15 MM, PARA AGUA QUENTE PREDIAL","UN    ","CR",1.72]
[37974,"LUVA CPVC, SOLDAVEL, 22 MM, PARA AGUA QUENTE PREDIAL","UN    ","CR",2.2200000000000002]
[37975,"LUVA CPVC, SOLDAVEL, 28 MM, PARA AGUA QUENTE PREDIAL","UN    ","CR",4.95]
[37976,"LUVA CPVC, SOLDAVEL, 35 MM, PARA AGUA QUENTE PREDIAL","UN    ","CR",11.03]
[37977,"LUVA CPVC, SOLDAVEL, 42 MM, PARA AGUA QUENTE PREDIAL","UN    ","CR",15.26]
[37978,"LUVA CPVC, SOLDAVEL, 54 MM, PARA AGUA QUENTE PREDIAL","UN    ","CR",30.26]
[37979,"LUVA CPVC, SOLDAVEL, 73 MM, PARA AGUA QUENTE PREDIAL","UN    ","CR",128.41999999999999]
[37980,"LUVA CPVC, SOLDAVEL, 89 MM, PARA AGUA QUENTE PREDIAL","UN    ","CR",147.52000000000001]
[36147,"LUVA DE BORRACHA ISOLANTE PARA ALTA TENSAO, RESISTENTE A OZONIO, TENSAO DE ENSAIO 2,5 KV (PAR)","PAR   ","CR",426.96]
[12731,"LUVA DE COBRE (REF 600) SEM ANEL DE SOLDA, BOLSA X BOLSA, 104 MM","UN    ","CR",717.13]
[12723,"LUVA DE COBRE (REF 600) SEM ANEL DE SOLDA, BOLSA X BOLSA, 15 MM","UN    ","CR",5.56]
[12724,"LUVA DE COBRE (REF 600) SEM ANEL DE SOLDA, BOLSA X BOLSA, 22 MM","UN    ","CR",10.68]
[12725,"LUVA DE COBRE (REF 600) SEM ANEL DE SOLDA, BOLSA X BOLSA, 28 MM","UN    ","CR",21.43]
[12726,"LUVA DE COBRE (REF 600) SEM ANEL DE SOLDA, BOLSA X BOLSA, 35 MM","UN    ","CR",47.31]
[12727,"LUVA DE COBRE (REF 600) SEM ANEL DE SOLDA, BOLSA X BOLSA, 42 MM","UN    ","CR",60]
[12728,"LUVA DE COBRE (REF 600) SEM ANEL DE SOLDA, BOLSA X BOLSA, 54 MM","UN    ","CR",98.01]
[12729,"LUVA DE COBRE (REF 600) SEM ANEL DE SOLDA, BOLSA X BOLSA, 66 MM","UN    ","CR",321.22000000000003]
[12730,"LUVA DE COBRE (REF 600) SEM ANEL DE SOLDA, BOLSA X BOLSA, 79 MM","UN    ","CR",491.8]
[3840,"LUVA DE CORRER DEFOFO, PVC, JE, DN 100 MM","UN    ","AS",55.53]
[3838,"LUVA DE CORRER DEFOFO, PVC, JE, DN 150 MM","UN    ","AS",122.57]
[3844,"LUVA DE CORRER DEFOFO, PVC, JE, DN 200 MM","UN    ","AS",218.63]
[3839,"LUVA DE CORRER DEFOFO, PVC, JE, DN 250 MM","UN    ","AS",398.22]
[3843,"LUVA DE CORRER DEFOFO, PVC, JE, DN 300 MM","UN    ","AS",546.55999999999995]
[3900,"LUVA DE CORRER PARA TUBO ROSCAVEL, PVC, 1 1/2\", PARA AGUA FRIA PREDIAL","UN    ","CR",52.21]
[3846,"LUVA DE CORRER PARA TUBO ROSCAVEL, PVC, 1/2\", PARA AGUA FRIA PREDIAL","UN    ","CR",15.69]
[3886,"LUVA DE CORRER PARA TUBO ROSCAVEL, PVC, 3/4\", PARA AGUA FRIA PREDIAL","UN    ","CR",20.82]
[3854,"LUVA DE CORRER PARA TUBO SOLDAVEL, PVC, 20 MM, PARA AGUA FRIA PREDIAL","UN    ","CR",11.87]
[3873,"LUVA DE CORRER PARA TUBO SOLDAVEL, PVC, 25 MM, PARA AGUA FRIA PREDIAL","UN    ","CR",13.82]
[38021,"LUVA DE CORRER PARA TUBO SOLDAVEL, PVC, 32 MM, PARA AGUA FRIA PREDIAL","UN    ","CR",24.53]
[43838,"LUVA DE CORRER PARA TUBO SOLDAVEL, PVC, 40 MM, PARA AGUA FRIA PREDIAL","UN    ","CR",31.71]
[3847,"LUVA DE CORRER PARA TUBO SOLDAVEL, PVC, 50 MM, PARA AGUA FRIA PREDIAL","UN    ","CR",31.98]
[38022,"LUVA DE CORRER PARA TUBO SOLDAVEL, PVC, 60 MM, PARA AGUA FRIA PREDIAL","UN    ","CR",43.95]
[3830,"LUVA DE CORRER PVC, JE, DN 250 MM, PARA REDE COLETORA DE ESGOTO","UN    ","CR",196.83]
[37981,"LUVA DE CORRER, CPVC, SOLDAVEL, 15 MM, PARA AGUA QUENTE PREDIAL","UN    ","CR",6.42]
[37982,"LUVA DE CORRER, CPVC, SOLDAVEL, 22 MM, PARA AGUA QUENTE PREDIAL","UN    ","CR",9.32]
[37983,"LUVA DE CORRER, CPVC, SOLDAVEL, 28 MM, PARA AGUA QUENTE PREDIAL","UN    ","CR",13.78]
[37984,"LUVA DE CORRER, CPVC, SOLDAVEL, 35 MM, PARA AGUA QUENTE PREDIAL","UN    ","CR",19.36]
[37985,"LUVA DE CORRER, CPVC, SOLDAVEL, 42 MM, PARA AGUA QUENTE PREDIAL","UN    ","CR",27.51]
[3826,"LUVA DE CORRER, PVC PBA, JE, DN 100 / DE 110 MM, PARA REDE AGUA (NBR 10351)","UN    ","AS",55.1]
[3825,"LUVA DE CORRER, PVC PBA, JE, DN 50 / DE 60 MM, PARA REDE AGUA (NBR 10351)","UN    ","AS",15.85]
[3827,"LUVA DE CORRER, PVC PBA, JE, DN 75 / DE 85 MM, PARA REDE AGUA (NBR 10351)","UN    ","AS",34.619999999999997]
[20165,"LUVA DE CORRER, PVC SERIE R, 100 MM, PARA ESGOTO PREDIAL","UN    ","CR",24.4]
[20166,"LUVA DE CORRER, PVC SERIE R, 150 MM, PARA ESGOTO PREDIAL","UN    ","CR",74.52]
[20164,"LUVA DE CORRER, PVC SERIE R, 75 MM, PARA ESGOTO PREDIAL","UN    ","CR",11.72]
[3893,"LUVA DE CORRER, PVC, DN 100 MM, PARA ESGOTO PREDIAL","UN    ","CR",18.37]
[3848,"LUVA DE CORRER, PVC, DN 50 MM, PARA ESGOTO PREDIAL","UN    ","CR",11.2]
[3895,"LUVA DE CORRER, PVC, DN 75 MM, PARA ESGOTO PREDIAL","UN    ","CR",12.44]
[12404,"LUVA DE FERRO GALVANIZADO, COM ROSCA BSP MACHO/FEMEA, DE 3/4\"","UN    ","AS",11.67]
[3939,"LUVA DE FERRO GALVANIZADO, COM ROSCA BSP, DE 1 1/2\"","UN    ","AS",24.05]
[3911,"LUVA DE FERRO GALVANIZADO, COM ROSCA BSP, DE 1 1/4\"","UN    ","AS",19.64]
[3908,"LUVA DE FERRO GALVANIZADO, COM ROSCA BSP, DE 1/2\"","UN    ","AS",6.35]
[3910,"LUVA DE FERRO GALVANIZADO, COM ROSCA BSP, DE 1\"","UN    ","AS",14.05]
[3913,"LUVA DE FERRO GALVANIZADO, COM ROSCA BSP, DE 2 1/2\"","UN    ","AS",67.180000000000007]
[3912,"LUVA DE FERRO GALVANIZADO, COM ROSCA BSP, DE 2\"","UN    ","AS",36.82]
[3909,"LUVA DE FERRO GALVANIZADO, COM ROSCA BSP, DE 3/4\"","UN    ","AS",8.64]
[3914,"LUVA DE FERRO GALVANIZADO, COM ROSCA BSP, DE 3\"","UN    ","AS",101.34]
[3915,"LUVA DE FERRO GALVANIZADO, COM ROSCA BSP, DE 4\"","UN    ","AS",159.81]
[3916,"LUVA DE FERRO GALVANIZADO, COM ROSCA BSP, DE 5\"","UN    ","AS",291.14]
[3917,"LUVA DE FERRO GALVANIZADO, COM ROSCA BSP, DE 6\"","UN    ","AS",480.21]
[1904,"LUVA DE PRESSAO, EM PVC, DE 20 MM, PARA ELETRODUTO FLEXIVEL","UN    ","CR",1.35]
[1899,"LUVA DE PRESSAO, EM PVC, DE 25 MM, PARA ELETRODUTO FLEXIVEL","UN    ","CR",1.53]
[1900,"LUVA DE PRESSAO, EM PVC, DE 32 MM, PARA ELETRODUTO FLEXIVEL","UN    ","CR",2.48]
[12407,"LUVA DE REDUCAO DE FERRO GALVANIZADO, COM ROSCA BSP MACHO/FEMEA, DE 1 1/2\" X 1\"","UN    ","AS",36.35]
[12408,"LUVA DE REDUCAO DE FERRO GALVANIZADO, COM ROSCA BSP MACHO/FEMEA, DE 1\" X 1/2\"","UN    ","AS",20.52]
[12409,"LUVA DE REDUCAO DE FERRO GALVANIZADO, COM ROSCA BSP MACHO/FEMEA, DE 1\" X 3/4\"","UN    ","AS",20.52]
[12410,"LUVA DE REDUCAO DE FERRO GALVANIZADO, COM ROSCA BSP MACHO/FEMEA, DE 3/4\" X 1/2\"","UN    ","AS",14.13]
[3936,"LUVA DE REDUCAO DE FERRO GALVANIZADO, COM ROSCA BSP, DE 1 1/2\" X 1 1/4\"","UN    ","AS",25.54]
[3922,"LUVA DE REDUCAO DE FERRO GALVANIZADO, COM ROSCA BSP, DE 1 1/2\" X 1/2\"","UN    ","AS",23.49]
[3924,"LUVA DE REDUCAO DE FERRO GALVANIZADO, COM ROSCA BSP, DE 1 1/2\" X 1\"","UN    ","AS",25.54]
[3923,"LUVA DE REDUCAO DE FERRO GALVANIZADO, COM ROSCA BSP, DE 1 1/2\" X 3/4\"","UN    ","AS",25.54]
[3937,"LUVA DE REDUCAO DE FERRO GALVANIZADO, COM ROSCA BSP, DE 1 1/4\" X 1/2\"","UN    ","AS",21.07]
[3921,"LUVA DE REDUCAO DE FERRO GALVANIZADO, COM ROSCA BSP, DE 1 1/4\" X 1\"","UN    ","AS",21.08]
[3920,"LUVA DE REDUCAO DE FERRO GALVANIZADO, COM ROSCA BSP, DE 1 1/4\" X 3/4\"","UN    ","AS",21.07]
[3938,"LUVA DE REDUCAO DE FERRO GALVANIZADO, COM ROSCA BSP, DE 1\" X 1/2\"","UN    ","AS",13.89]
[3919,"LUVA DE REDUCAO DE FERRO GALVANIZADO, COM ROSCA BSP, DE 1\" X 3/4\"","UN    ","AS",14.16]
[3927,"LUVA DE REDUCAO DE FERRO GALVANIZADO, COM ROSCA BSP, DE 2 1/2\" X 1 1/2\"","UN    ","AS",71.73]
[3928,"LUVA DE REDUCAO DE FERRO GALVANIZADO, COM ROSCA BSP, DE 2 1/2\" X 2\"","UN    ","AS",71.73]
[3926,"LUVA DE REDUCAO DE FERRO GALVANIZADO, COM ROSCA BSP, DE 2\" X 1 1/2\"","UN    ","AS",40.89]
[3935,"LUVA DE REDUCAO DE FERRO GALVANIZADO, COM ROSCA BSP, DE 2\" X 1 1/4\"","UN    ","AS",40.89]
[3925,"LUVA DE REDUCAO DE FERRO GALVANIZADO, COM ROSCA BSP, DE 2\" X 1\"","UN    ","AS",40.89]
[12406,"LUVA DE REDUCAO DE FERRO GALVANIZADO, COM ROSCA BSP, DE 3/4\" X 1/2\"","UN    ","AS",10.039999999999999]
[3929,"LUVA DE REDUCAO DE FERRO GALVANIZADO, COM ROSCA BSP, DE 3\" X 1 1/2\"","UN    ","AS",109.28]
[3931,"LUVA DE REDUCAO DE FERRO GALVANIZADO, COM ROSCA BSP, DE 3\" X 2 1/2\"","UN    ","AS",109.28]
[3930,"LUVA DE REDUCAO DE FERRO GALVANIZADO, COM ROSCA BSP, DE 3\" X 2\"","UN    ","AS",109.28]
[3932,"LUVA DE REDUCAO DE FERRO GALVANIZADO, COM ROSCA BSP, DE 4\" X 2 1/2\"","UN    ","AS",188.71]
[3933,"LUVA DE REDUCAO DE FERRO GALVANIZADO, COM ROSCA BSP, DE 4\" X 2\"","UN    ","AS",188.71]
[3934,"LUVA DE REDUCAO DE FERRO GALVANIZADO, COM ROSCA BSP, DE 4\" X 3\"","UN    ","AS",188.71]
[40355,"LUVA DE REDUCAO EM ACO CARBONO, COM ENCAIXE PARA SOLDA DN SW, PRESSAO 3.000 LBS,  3/4 \" X 1/2\"","UN    ","CR",27.37]
[40364,"LUVA DE REDUCAO EM ACO CARBONO, COM ENCAIXE PARA SOLDA DN SW, PRESSAO 3.000 LBS, DN 1 1/2\" X 1 1/4\"","UN    ","CR",128.19]
[40361,"LUVA DE REDUCAO EM ACO CARBONO, COM ENCAIXE PARA SOLDA DN SW, PRESSAO 3.000 LBS, DN 1 1/4\"  X 1\"","UN    ","CR",100.24]
[40358,"LUVA DE REDUCAO EM ACO CARBONO, COM ENCAIXE PARA SOLDA DN SW, PRESSAO 3.000 LBS, DN 1\" X 3/4\"","UN    ","CR",38.21]
[40370,"LUVA DE REDUCAO EM ACO CARBONO, COM ENCAIXE PARA SOLDA DN SW, PRESSAO 3.000 LBS, DN 2 1/2\" X 2\"","UN    ","CR",406.76]
[40367,"LUVA DE REDUCAO EM ACO CARBONO, COM ENCAIXE PARA SOLDA DN SW, PRESSAO 3.000 LBS, DN 2\" X 1 1/2\"","UN    ","CR",202.17]
[40373,"LUVA DE REDUCAO EM ACO CARBONO, COM ENCAIXE PARA SOLDA DN SW, PRESSAO 3.000 LBS, DN 3\" X 2 1/2\"","UN    ","CR",550.04999999999995]
[39312,"LUVA DE REDUCAO PARA TUBO PEX, PLASTICA, PARA CONEXAO COM CRIMPAGEM, DN 20 X 16 MM","UN    ","AS",14.11]
[39313,"LUVA DE REDUCAO PARA TUBO PEX, PLASTICA, PARA CONEXAO COM CRIMPAGEM, DN 25 X 16 MM","UN    ","AS",18.41]
[39314,"LUVA DE REDUCAO PARA TUBO PEX, PLASTICA, PARA CONEXAO COM CRIMPAGEM, DN 32 X 25 MM","UN    ","AS",29.24]
[3907,"LUVA DE REDUCAO ROSCAVEL, PVC, 1\" X 3/4\", PARA AGUA FRIA PREDIAL","UN    ","CR",6.01]
[3889,"LUVA DE REDUCAO ROSCAVEL, PVC, 3/4\" X 1/2\", PARA AGUA FRIA PREDIAL","UN    ","CR",4.28]
[3868,"LUVA DE REDUCAO SOLDAVEL, PVC, 25 MM X 20 MM, PARA AGUA FRIA PREDIAL","UN    ","CR",1.57]
[3869,"LUVA DE REDUCAO SOLDAVEL, PVC, 32 MM X 25 MM, PARA AGUA FRIA PREDIAL","UN    ","CR",3.48]
[3872,"LUVA DE REDUCAO SOLDAVEL, PVC, 40 MM X 32 MM, PARA AGUA FRIA PREDIAL","UN    ","CR",5.93]
[3850,"LUVA DE REDUCAO SOLDAVEL, PVC, 60 MM X 50 MM, PARA AGUA FRIA PREDIAL","UN    ","CR",13.69]
[38023,"LUVA DE REDUCAO, SOLDAVEL, PVC, 50 X 25 MM, PARA AGUA FRIA PREDIAL","UN    ","CR",6.97]
[37986,"LUVA DE TRANSICAO DE CPVC X PVC, SOLDAVEL, 22 X 25 MM, PARA AGUA QUENTE","UN    ","CR",2.19]
[37987,"LUVA DE TRANSICAO, CPVC, SOLDAVEL, 42 MM X 1 1/2\", PARA AGUA QUENTE","UN    ","CR",109.43]
[37988,"LUVA DE TRANSICAO, CPVC, SOLDAVEL, 54 MM X 2\", PARA AGUA QUENTE PREDIAL","UN    ","CR",173.89]
[21120,"LUVA DE TRANSICAO, CPVC, 15 MM X 1/2\", PARA AGUA QUENTE PREDIAL","UN    ","CR",11.19]
[39318,"LUVA DE TRANSICAO, CPVC, 22 MM X 1/2\", PARA AGUA QUENTE","UN    ","CR",10.41]
[40366,"LUVA EM ACO CARBONO, SOLDAVEL, PRESSAO 3.000 LBS, DN 1 1/2\"","UN    ","CR",100]
[40363,"LUVA EM ACO CARBONO, SOLDAVEL, PRESSAO 3.000 LBS, DN 1 1/4\"","UN    ","CR",78.22]
[40354,"LUVA EM ACO CARBONO, SOLDAVEL, PRESSAO 3.000 LBS, DN 1/2\"","UN    ","C ",34.049999999999997]
[40360,"LUVA EM ACO CARBONO, SOLDAVEL, PRESSAO 3.000 LBS, DN 1\"","UN    ","CR",51.27]
[40372,"LUVA EM ACO CARBONO, SOLDAVEL, PRESSAO 3.000 LBS, DN 2 1/2\"","UN    ","CR",316.64]
[40369,"LUVA EM ACO CARBONO, SOLDAVEL, PRESSAO 3.000 LBS, DN 2\"","UN    ","CR",157.59]
[40357,"LUVA EM ACO CARBONO, SOLDAVEL, PRESSAO 3.000 LBS, DN 3/4\"","UN    ","CR",38.21]
[40375,"LUVA EM ACO CARBONO, SOLDAVEL, PRESSAO 3.000 LBS, DN 3\"","UN    ","CR",428.64]
[1893,"LUVA EM PVC RIGIDO ROSCAVEL, DE 1 1/2\", PARA ELETRODUTO","UN    ","CR",5.0999999999999996]
[1902,"LUVA EM PVC RIGIDO ROSCAVEL, DE 1 1/4\", PARA ELETRODUTO","UN    ","CR",3.71]
[1901,"LUVA EM PVC RIGIDO ROSCAVEL, DE 1/2\", PARA ELETRODUTO","UN    ","CR",1.1599999999999999]
[1892,"LUVA EM PVC RIGIDO ROSCAVEL, DE 1\", PARA ELETRODUTO","UN    ","CR",2.39]
[1907,"LUVA EM PVC RIGIDO ROSCAVEL, DE 2 1/2\", PARA ELETRODUTO","UN    ","CR",16.43]
[1894,"LUVA EM PVC RIGIDO ROSCAVEL, DE 2\", PARA ELETRODUTO","UN    ","CR",7.39]
[1891,"LUVA EM PVC RIGIDO ROSCAVEL, DE 3/4\", PARA ELETRODUTO","UN    ","CR",1.71]
[1896,"LUVA EM PVC RIGIDO ROSCAVEL, DE 3\", PARA ELETRODUTO","UN    ","CR",22.06]
[1895,"LUVA EM PVC RIGIDO ROSCAVEL, DE 4\", PARA ELETRODUTO","UN    ","CR",38.770000000000003]
[2641,"LUVA PARA ELETRODUTO, EM ACO GALVANIZADO ELETROLITICO, DIAMETRO DE 100 MM (4\")","UN    ","AS",29.43]
[2636,"LUVA PARA ELETRODUTO, EM ACO GALVANIZADO ELETROLITICO, DIAMETRO DE 15 MM (1/2\")","UN    ","AS",1.89]
[2637,"LUVA PARA ELETRODUTO, EM ACO GALVANIZADO ELETROLITICO, DIAMETRO DE 20 MM (3/4\")","UN    ","AS",2.0099999999999998]
[2638,"LUVA PARA ELETRODUTO, EM ACO GALVANIZADO ELETROLITICO, DIAMETRO DE 25 MM (1\")","UN    ","AS",2.34]
[2639,"LUVA PARA ELETRODUTO, EM ACO GALVANIZADO ELETROLITICO, DIAMETRO DE 32 MM (1 1/4\")","UN    ","AS",4.16]
[2644,"LUVA PARA ELETRODUTO, EM ACO GALVANIZADO ELETROLITICO, DIAMETRO DE 40 MM (1 1/2\")","UN    ","AS",6.02]
[2643,"LUVA PARA ELETRODUTO, EM ACO GALVANIZADO ELETROLITICO, DIAMETRO DE 50 MM (2\")","UN    ","AS",8.39]
[2640,"LUVA PARA ELETRODUTO, EM ACO GALVANIZADO ELETROLITICO, DIAMETRO DE 65 MM (2 1/2\")","UN    ","AS",12.25]
[2642,"LUVA PARA ELETRODUTO, EM ACO GALVANIZADO ELETROLITICO, DIAMETRO DE 80 MM (3\")","UN    ","AS",18.649999999999999]
[39310,"LUVA PARA TUBO PEX, PLASTICA, PARA CONEXAO COM CRIMPAGEM, DN 25 MM","UN    ","AS",21.42]
[39311,"LUVA PARA TUBO PEX, PLASTICA, PARA CONEXAO COM CRIMPAGEM, DN 32 MM","UN    ","AS",32.200000000000003]
[39855,"LUVA PASSANTE DE COBRE (REF 601) SEM ANEL DE SOLDA, BOLSA 15 MM","UN    ","CR",5.62]
[39856,"LUVA PASSANTE DE COBRE (REF 601) SEM ANEL DE SOLDA, BOLSA 22 MM","UN    ","CR",13.25]
[39857,"LUVA PASSANTE DE COBRE (REF 601) SEM ANEL DE SOLDA, BOLSA 28 MM","UN    ","CR",21.43]
[39858,"LUVA PASSANTE DE COBRE (REF 601) SEM ANEL DE SOLDA, BOLSA 35 MM","UN    ","CR",47.56]
[39859,"LUVA PASSANTE DE COBRE (REF 601) SEM ANEL DE SOLDA, BOLSA 42 MM","UN    ","CR",73.319999999999993]
[39860,"LUVA PASSANTE DE COBRE (REF 601) SEM ANEL DE SOLDA, BOLSA 54 MM","UN    ","CR",112.51]
[39861,"LUVA PASSANTE DE COBRE (REF 601) SEM ANEL DE SOLDA, BOLSA 66 MM","UN    ","CR",321.22000000000003]
[3867,"LUVA PVC SOLDAVEL, 110 MM, PARA AGUA FRIA PREDIAL","UN    ","CR",83.38]
[3861,"LUVA PVC SOLDAVEL, 20 MM, PARA AGUA FRIA PREDIAL","UN    ","CR",0.86]
[3904,"LUVA PVC SOLDAVEL, 25 MM, PARA AGUA FRIA PREDIAL","UN    ","CR",0.92]
[3903,"LUVA PVC SOLDAVEL, 32 MM, PARA AGUA FRIA PREDIAL","UN    ","CR",2.2400000000000002]
[3862,"LUVA PVC SOLDAVEL, 40 MM, PARA AGUA FRIA PREDIAL","UN    ","CR",4.76]
[3863,"LUVA PVC SOLDAVEL, 50 MM, PARA AGUA FRIA PREDIAL","UN    ","CR",4.88]
[3864,"LUVA PVC SOLDAVEL, 60 MM, PARA AGUA FRIA PREDIAL","UN    ","CR",14.95]
[3865,"LUVA PVC SOLDAVEL, 75 MM, PARA AGUA FRIA PREDIAL","UN    ","CR",21.87]
[3866,"LUVA PVC SOLDAVEL, 85 MM, PARA AGUA FRIA PREDIAL","UN    ","CR",49.1]
[3878,"LUVA PVC, ROSCAVEL, 1 1/2\",  AGUA FRIA PREDIAL","UN    ","CR",13.39]
[3883,"LUVA PVC, ROSCAVEL, 1/2\", AGUA FRIA PREDIAL","UN    ","CR",1.71]
[3876,"LUVA PVC, ROSCAVEL, 1\", AGUA FRIA PREDIAL","UN    ","CR",5.33]
[3884,"LUVA PVC, ROSCAVEL, 3/4\", AGUA FRIA PREDIAL","UN    ","CR",2.71]
[12892,"LUVA RASPA DE COURO, CANO CURTO (PUNHO *7* CM)","PAR   ","CR",14.85]
[38447,"LUVA SIMPLES PPR, F/F, SOLDAVEL, DN 110 MM, PARA AGUA QUENTE PREDIAL","UN    ","AS",84.84]
[36320,"LUVA SIMPLES PPR, F/F, SOLDAVEL, DN 20 MM, PARA AGUA QUENTE PREDIAL","UN    ","AS",2.2799999999999998]
[36324,"LUVA SIMPLES PPR, F/F, SOLDAVEL, DN 25 MM, PARA AGUA QUENTE PREDIAL","UN    ","AS",2.08]
[38441,"LUVA SIMPLES PPR, F/F, SOLDAVEL, DN 32 MM, PARA AGUA QUENTE PREDIAL","UN    ","AS",3.73]
[38442,"LUVA SIMPLES PPR, F/F, SOLDAVEL, DN 40 MM, PARA AGUA QUENTE PREDIAL","UN    ","AS",10.6]
[38443,"LUVA SIMPLES PPR, F/F, SOLDAVEL, DN 50 MM, PARA AGUA QUENTE PREDIAL","UN    ","AS",12.86]
[38444,"LUVA SIMPLES PPR, F/F, SOLDAVEL, DN 63 MM, PARA AGUA QUENTE PREDIAL","UN    ","AS",21.6]
[38445,"LUVA SIMPLES PPR, F/F, SOLDAVEL, DN 75 MM, PARA AGUA QUENTE PREDIAL","UN    ","AS",40.049999999999997]
[38446,"LUVA SIMPLES PPR, F/F, SOLDAVEL, DN 90 MM, PARA AGUA QUENTE PREDIAL","UN    ","AS",65.55]
[3837,"LUVA SIMPLES, PVC PBA, JE, DN 100 / DE 110 MM, PARA REDE AGUA (NBR 10351)","UN    ","AS",47.83]
[3845,"LUVA SIMPLES, PVC PBA, JE, DN 50 / DE 60 MM, PARA REDE AGUA (NBR 10351)","UN    ","AS",17.47]
[11045,"LUVA SIMPLES, PVC PBA, JE, DN 75 / DE 85 MM, PARA REDE AGUA (NBR 10351)","UN    ","AS",33.71]
[20170,"LUVA SIMPLES, PVC SERIE R, 100 MM, PARA ESGOTO PREDIAL","UN    ","CR",13.52]
[20171,"LUVA SIMPLES, PVC SERIE R, 150 MM, PARA ESGOTO PREDIAL","UN    ","CR",38.97]
[20167,"LUVA SIMPLES, PVC SERIE R, 40 MM, PARA ESGOTO PREDIAL","UN    ","CR",4.9000000000000004]
[20168,"LUVA SIMPLES, PVC SERIE R, 50 MM, PARA ESGOTO PREDIAL","UN    ","CR",10.08]
[20169,"LUVA SIMPLES, PVC SERIE R, 75 MM, PARA ESGOTO PREDIAL","UN    ","CR",11.77]
[3899,"LUVA SIMPLES, PVC, SOLDAVEL, DN 100 MM, SERIE NORMAL, PARA ESGOTO PREDIAL","UN    ","CR",6.53]
[38676,"LUVA SIMPLES, PVC, SOLDAVEL, DN 150 MM, SERIE NORMAL, PARA ESGOTO PREDIAL","UN    ","CR",32.659999999999997]
[3897,"LUVA SIMPLES, PVC, SOLDAVEL, DN 40 MM, SERIE NORMAL, PARA ESGOTO PREDIAL","UN    ","CR",1.59]
[3875,"LUVA SIMPLES, PVC, SOLDAVEL, DN 50 MM, SERIE NORMAL, PARA ESGOTO PREDIAL","UN    ","CR",3.29]
[3898,"LUVA SIMPLES, PVC, SOLDAVEL, DN 75 MM, SERIE NORMAL, PARA ESGOTO PREDIAL","UN    ","CR",6.68]
[3855,"LUVA SOLDAVEL COM BUCHA DE LATAO, PVC, 20 MM X 1/2\"","UN    ","CR",5.78]
[3874,"LUVA SOLDAVEL COM BUCHA DE LATAO, PVC, 25 MM X 1/2\"","UN    ","CR",6.7]
[3870,"LUVA SOLDAVEL COM BUCHA DE LATAO, PVC, 25 MM X 3/4\"","UN    ","CR",7.35]
[38678,"LUVA SOLDAVEL COM BUCHA DE LATAO, PVC, 32 MM X 1\"","UN    ","CR",19.45]
[3859,"LUVA SOLDAVEL COM ROSCA, PVC, 20 MM X 1/2\", PARA AGUA FRIA PREDIAL","UN    ","CR",1.48]
[3856,"LUVA SOLDAVEL COM ROSCA, PVC, 25 MM X 1/2\", PARA AGUA FRIA PREDIAL","UN    ","CR",2.0499999999999998]
[3906,"LUVA SOLDAVEL COM ROSCA, PVC, 25 MM X 3/4\", PARA AGUA FRIA PREDIAL","UN    ","CR",1.7]
[3860,"LUVA SOLDAVEL COM ROSCA, PVC, 32 MM X 1\", PARA AGUA FRIA PREDIAL","UN    ","CR",5.04]
[3905,"LUVA SOLDAVEL COM ROSCA, PVC, 40 MM X 1 1/4\", PARA AGUA FRIA PREDIAL","UN    ","CR",11.56]
[3871,"LUVA SOLDAVEL COM ROSCA, PVC, 50 MM X 1 1/2\", PARA AGUA FRIA PREDIAL","UN    ","CR",20.46]
[39292,"LUVA/UNIAO DE REDUCAO METALICA, PARA CONEXAO COM ANEL DESLIZANTE, DN 20 X 16 MM, EM TUBO PEX PARA INST. AGUA QUENTE/FRIA","UN    ","AS",7.46]
[39293,"LUVA/UNIAO DE REDUCAO METALICA, PARA CONEXAO COM ANEL DESLIZANTE, DN 25 X 16 MM, EM TUBO PEX PARA INST. AGUA QUENTE/FRIA","UN    ","AS",11.6]
[39294,"LUVA/UNIAO DE REDUCAO METALICA, PARA CONEXAO COM ANEL DESLIZANTE, DN 25 X 20 MM, EM TUBO PEX PARA INST. AGUA QUENTE/FRIA","UN    ","AS",12.4]
[39295,"LUVA/UNIAO DE REDUCAO METALICA, PARA CONEXAO COM ANEL DESLIZANTE, DN 32 X 25 MM, EM TUBO PEX PARA INST. AGUA QUENTE/FRIA","UN    ","AS",17.05]
[39296,"LUVA/UNIAO METALICA, PARA CONEXAO COM ANEL DESLIZANTE, DN 16 MM, EM TUBO PEX PARA INST. AGUA QUENTE/FRIA","UN    ","AS",6.8]
[39297,"LUVA/UNIAO METALICA, PARA CONEXAO COM ANEL DESLIZANTE, DN 20 MM, EM TUBO PEX PARA INST. AGUA QUENTE/FRIA","UN    ","AS",9.23]
[39298,"LUVA/UNIAO METALICA, PARA CONEXAO COM ANEL DESLIZANTE, DN 25 MM, EM TUBO PEX PARA INST. AGUA QUENTE/FRIA","UN    ","AS",17.72]
[39299,"LUVA/UNIAO METALICA, PARA CONEXAO COM ANEL DESLIZANTE, DN 32 MM, EM TUBO PEX PARA INST. AGUA QUENTE/FRIA","UN    ","AS",21]
[39308,"LUVA/UNIAO, PLASTICA, PARA CONEXAO COM CRIMPAGEM, DN 16 MM, EM TUBO PEX PARA INST. AGUA QUENTE/FRIA","UN    ","AS",5.68]
[39309,"LUVA/UNIAO, PLASTICA, PARA CONEXAO COM CRIMPAGEM, DN 20 MM, EM TUBO PEX PARA INST. AGUA QUENTE/FRIA","UN    ","AS",6.47]
[37429,"LUVA, PEAD PE 100,  DE 400 MM, PARA ELETROFUSAO","UN    ","AS",2901.8]
[37426,"LUVA, PEAD PE 100,  DE 63 MM, PARA ELETROFUSAO","UN    ","AS",27.91]
[37427,"LUVA, PEAD PE 100, DE 125 MM, PARA ELETROFUSAO","UN    ","AS",66.58]
[37424,"LUVA, PEAD PE 100, DE 20 MM, PARA ELETROFUSAO","UN    ","AS",12.83]
[37428,"LUVA, PEAD PE 100, DE 200 MM, PARA ELETROFUSAO","UN    ","AS",229.47]
[37425,"LUVA, PEAD PE 100, DE 32 MM, PARA ELETROFUSAO","UN    ","AS",13.82]
[11519,"MACANETA ALAVANCA RETA OCA, EM ZAMAC COM ACABAMENTO CROMADO, COMPRIMENTO APROX DE 15 CM","PAR   ","CR",56.32]
[11520,"MACANETA ALAVANCA, RETA SIMPLES / OCA, CROMADA, COMPRIMENTO DE 10 A 16 CM, ACABAMENTO PADRAO POPULAR - SOMENTE MACANETAS","PAR   ","CR",26.04]
[11518,"MACANETA BOLA, EM ZAMAC COM ACABAMENTO CROMADO, DIAMETRO DE APROX 2 1/2\"","PAR   ","CR",94.67]
[38473,"MACARICO DE SOLDA 201 PARA EXTENSAO GLP OU ACETILENO","UN    ","CR",125.45]
[4244,"MACARIQUEIRO (HORISTA)","H     ","CR",18.420000000000002]
[40977,"MACARIQUEIRO (MENSALISTA)","MES   ","CR",3217.74]
[4115,"MADEIRA ROLICA TRATADA, D = 12 A 15 CM, H = 3,00 M, EM EUCALIPTO OU EQUIVALENTE DA REGIAO","M     ","CR",31]
[4119,"MADEIRA ROLICA TRATADA, D = 16 A 20 CM, H = 6,00 M, EM EUCALIPTO OU EQUIVALENTE DA REGIAO","M     ","CR",62.62]
[2794,"MADEIRA ROLICA TRATADA, D = 25 A 29 CM, H = 6,50 M, EM EUCALIPTO OU EQUIVALENTE DA REGIAO","M     ","CR",166.12]
[2788,"MADEIRA ROLICA TRATADA, D = 30 A 34 CM, H = 6,50 M, EM EUCALIPTO OU EQUIVALENTE DA REGIAO","M     ","CR",242]
[4006,"MADEIRA SERRADA EM PINUS, MISTA OU EQUIVALENTE DA REGIAO - BRUTA","M3    ","CR",2262.8200000000002]
[36151,"MANGOTE DE SEGURANCA EM RASPA DE COURO","UN    ","CR",33]
[37457,"MANGUEIRA CRISTAL PARA NIVEL, LISA, PVC TRANSPARENTE, 3/8\" X1,5 MM","M     ","CR",3.36]
[37456,"MANGUEIRA CRISTAL PARA NIVEL, LISA, PVC TRANSPARENTE, 5/16\" X1 MM","M     ","CR",1.77]
[37461,"MANGUEIRA CRISTAL TRANCADA, PVC COM REFORCO, COM PRESSAO DE TRABALHO (PT) 250 LBS/POL2, DE 3/4\" X *2,8* MM","M     ","CR",12.49]
[37460,"MANGUEIRA CRISTAL TRANCADA, PVC COM REFORCO, PRESSAO DE TRABALHO (PT) 250 LBS/POL2, DE 1\" X *3,4* MM","M     ","CR",17.059999999999999]
[37458,"MANGUEIRA CRISTAL, LISA, PVC TRANSPARENTE, 1/2\" X 2 MM","M     ","C ",5]
[37454,"MANGUEIRA CRISTAL, LISA, PVC TRANSPARENTE, 1/4\" X1 MM","M     ","CR",1.31]
[37455,"MANGUEIRA CRISTAL, LISA, PVC TRANSPARENTE, 1/4\" X1,5 MM","M     ","CR",2.2000000000000002]
[37459,"MANGUEIRA CRISTAL, LISA, PVC TRANSPARENTE, 3/4\" X 2 MM","M     ","CR",7.02]
[21029,"MANGUEIRA DE INCENDIO, TIPO 1, DE 1 1/2\", COMPRIMENTO = 15 M, TECIDO EM FIO DE POLIESTER E TUBO INTERNO EM BORRACHA SINTETICA, COM UNIOES ENGATE RAPIDO","UN    ","C ",450]
[21030,"MANGUEIRA DE INCENDIO, TIPO 1, DE 1 1/2\", COMPRIMENTO = 20 M, TECIDO EM FIO DE POLIESTER E TUBO INTERNO EM BORRACHA SINTETICA, COM UNIOES ENGATE RAPIDO","UN    ","CR",554.70000000000005]
[21031,"MANGUEIRA DE INCENDIO, TIPO 1, DE 1 1/2\", COMPRIMENTO = 25 M, TECIDO EM FIO DE POLIESTER E TUBO INTERNO EM BORRACHA SINTETICA, COM UNIOES ENGATE RAPIDO","UN    ","CR",690.59]
[21032,"MANGUEIRA DE INCENDIO, TIPO 1, DE 1 1/2\", COMPRIMENTO = 30 M, TECIDO EM FIO DE POLIESTER E TUBO INTERNO EM BORRACHA SINTETICA, COM UNIOES ENGATE RAPIDO","UN    ","CR",737.37]
[37527,"MANGUEIRA DE INCENDIO, TIPO 2, DE 1 1/2\", COMPRIMENTO = 15 M, TECIDO EM FIO DE POLIESTER E TUBO INTERNO EM BORRACHA SINTETICA, COM UNIOES ENGATE RAPIDO","UN    ","CR",666.08]
[37528,"MANGUEIRA DE INCENDIO, TIPO 2, DE 1 1/2\", COMPRIMENTO = 20 M, TECIDO EM FIO DE POLIESTER E TUBO INTERNO EM BORRACHA SINTETICA, COM UNIOES","UN    ","CR",794.18]
[37529,"MANGUEIRA DE INCENDIO, TIPO 2, DE 1 1/2\", COMPRIMENTO = 25 M, TECIDO EM FIO DE POLIESTER E TUBO INTERNO EM BORRACHA SINTETICA, COM UNIOES","UN    ","CR",801.98]
[37530,"MANGUEIRA DE INCENDIO, TIPO 2, DE 1 1/2\", COMPRIMENTO = 30 M, TECIDO EM FIO DE POLIESTER E TUBO INTERNO EM BORRACHA SINTETICA, COM UNIOES","UN    ","CR",1047.02]
[21034,"MANGUEIRA DE INCENDIO, TIPO 2, DE 2 1/2\", COMPRIMENTO = 15 M, TECIDO EM FIO DE POLIESTER E TUBO INTERNO EM BORRACHA SINTETICA, COM UNIOES ENGATE RAPIDO","UN    ","CR",893.31]
[37531,"MANGUEIRA DE INCENDIO, TIPO 2, DE 2 1/2\", COMPRIMENTO = 20 M, TECIDO EM FIO DE POLIESTER E TUBO INTERNO EM BORRACHA SINTETICA, COM UNIOES","UN    ","CR",1125]
[21036,"MANGUEIRA DE INCENDIO, TIPO 2, DE 2 1/2\", COMPRIMENTO = 25 M, TECIDO EM FIO DE POLIESTER E TUBO INTERNO EM BORRACHA SINTETICA, COM UNIOES ENGATE RAPIDO","UN    ","CR",1367.82]
[21037,"MANGUEIRA DE INCENDIO, TIPO 2, DE 2 1/2\", COMPRIMENTO = 30 M, TECIDO EM FIO DE POLIESTER E TUBO INTERNO EM BORRACHA SINTETICA, COM UNIOES ENGATE RAPIDO","UN    ","CR",1559.4]
[20185,"MANGUEIRA DE PVC FLEXIVEL,TIPO FLAT/ACHATADA, COR LARANJA, D = 1 1/2\" (40 MM), PARA CONDUCAO DE AGUA, SERVICOS LEVES E MEDIOS","M     ","CR",20.309999999999999]
[20260,"MANGUEIRA PARA GAS - GLP, PVC, TRANCADA, DIAMETRO DE 3/8\", COMPRIMENTO DE 1M (NORMATIZADA)","UN    ","CR",16.329999999999998]
[37523,"MANIPULADOR TELESCOPICO, POTENCIA DE 101 HP, CAPACIDADE DE CARGA DE 3.500 KG, ALTURA MAXIMA DE ELEVACAO DE 12 M","UN    ","AS",469601.78]
[37515,"MANIPULADOR TELESCOPICO, POTENCIA DE 85 HP, CAPACIDADE DE CARGA DE 3.500 KG, ALTURA MAXIMA DE ELEVACAO DE 12,3 M","UN    ","AS",417500]
[12899,"MANOMETRO COM CAIXA EM ACO PINTADO, ESCALA *10* KGF/CM2 (*10* BAR), DIAMETRO NOMINAL DE *63* MM, CONEXAO DE 1/4\"","UN    ","AS",114.55]
[12898,"MANOMETRO COM CAIXA EM ACO PINTADO, ESCALA *10* KGF/CM2 (*10* BAR), DIAMETRO NOMINAL DE 100 MM, CONEXAO DE 1/2\"","UN    ","AS",181.71]
[42528,"MANTA ALUMINIZADA NAS DUAS FACES, PARA SUBCOBERTURA,  E = *2* MM","M2    ","AS",8.8699999999999992]
[39696,"MANTA ALUMINIZADA 1 FACE PARA SUBCOBERTURA, E = *1* MM","M2    ","AS",6.24]
[39700,"MANTA ANTIRRUIDO DE POLIESTER (PET) PARA CONTRAPISO E = *8* MM","M2    ","CR",32.69]
[11621,"MANTA ASFALTICA ELASTOMERICA EM POLIESTER ALUMINIZADA 3 MM, TIPO III, CLASSE B (NBR 9952)","M2    ","CR",65.05]
[4014,"MANTA ASFALTICA ELASTOMERICA EM POLIESTER 3 MM, TIPO III, CLASSE B, ACABAMENTO PP (NBR 9952)","M2    ","CR",67.31]
[4015,"MANTA ASFALTICA ELASTOMERICA EM POLIESTER 4 MM, TIPO III, CLASSE B, ACABAMENTO PP (NBR 9952)","M2    ","CR",82.65]
[4017,"MANTA ASFALTICA ELASTOMERICA EM POLIESTER 5 MM, TIPO III, CLASSE B, ACABAMENTO PP (NBR 9952)","M2    ","CR",120.26]
[4016,"MANTA ASFALTICA ELASTOMERICA TIPO GLASS 3 MM, TIPO II, CLASSE C, ACABAMENTO PP (NBR 9952)","M2    ","C ",47.5]
[39699,"MANTA DE BORRACHA ANTIRRUIDO 5 MM","M2    ","CR",18.61]
[38544,"MANTA DE POLIETILENO EXPANDIDO (PEBD) ANTICHAMAS, E = 8 MM","M2    ","CR",12.19]
[38545,"MANTA DE POLIETILENO EXPANDIDO (PEBD), E = 5 MM","M2    ","CR",7.83]
[42527,"MANTA DE POLIETILENO EXPANDIDO, COM 1 FACE METALIZADA PARA SUBCOBERTURA,  E = *5* MM","M2    ","AS",23.44]
[39323,"MANTA GEOTEXTIL TECIDO DE LAMINETES DE POLIPROPILENO, RESISTENCIA A TRACAO = *25* KN/M","M2    ","CR",29.88]
[626,"MANTA LIQUIDA DE BASE ASFALTICA MODIFICADA COM A ADICAO DE ELASTOMEROS DILUIDOS EM SOLVENTE ORGANICO, APLICACAO A FRIO (MEMBRANA IMPERMEABILIZANTE ASFASTICA)","KG    ","C ",19.850000000000001]
[44504,"MANTA TERMOPLASTICA, PEAD, GEOMEMBRANA LISA, E = 0,50 MM  ( NBR 15352)","M2    ","AS",14.64]
[44505,"MANTA TERMOPLASTICA, PEAD, GEOMEMBRANA LISA, E = 0,75 MM (NBR 15352)","M2    ","AS",22.1]
[44506,"MANTA TERMOPLASTICA, PEAD, GEOMEMBRANA LISA, E = 0,80 MM (NBR 15352)","M2    ","AS",23.45]
[44507,"MANTA TERMOPLASTICA, PEAD, GEOMEMBRANA LISA, E = 1,00 MM (NBR 15352)","M2    ","AS",29.32]
[44508,"MANTA TERMOPLASTICA, PEAD, GEOMEMBRANA LISA, E = 1,50 MM (NBR 15352)","M2    ","AS",43.97]
[44509,"MANTA TERMOPLASTICA, PEAD, GEOMEMBRANA LISA, E = 2,00 MM (NBR 15352)","M2    ","AS",58.9]
[44510,"MANTA TERMOPLASTICA, PEAD, GEOMEMBRANA LISA, E = 2,50 MM (NBR 15352)","M2    ","AS",73.14]
[44512,"MANTA TERMOPLASTICA, PEAD, GEOMEMBRANA TEXTURIZADA EM AMBAS AS FACES, E = 0,50 MM ( NBR 15352)","M2    ","AS",16.32]
[44513,"MANTA TERMOPLASTICA, PEAD, GEOMEMBRANA TEXTURIZADA EM AMBAS AS FACES, E = 0,75 MM ( NBR 15352)","M2    ","AS",23.04]
[44514,"MANTA TERMOPLASTICA, PEAD, GEOMEMBRANA TEXTURIZADA EM AMBAS AS FACES, E = 0,80 MM ( NBR 15352)","M2    ","AS",26.12]
[44515,"MANTA TERMOPLASTICA, PEAD, GEOMEMBRANA TEXTURIZADA EM AMBAS AS FACES, E = 1,00 MM ( NBR 15352)","M2    ","AS",32.07]
[44511,"MANTA TERMOPLASTICA, PEAD, GEOMEMBRANA TEXTURIZADA EM AMBAS AS FACES, E = 1,50 MM ( NBR 15352)","M2    ","AS",47.48]
[44516,"MANTA TERMOPLASTICA, PEAD, GEOMEMBRANA TEXTURIZADA EM AMBAS AS FACES, E = 2,00 MM ( NBR 15352)","M2    ","AS",64.16]
[44517,"MANTA TERMOPLASTICA, PEAD, GEOMEMBRANA TEXTURIZADA EM AMBAS AS FACES, E = 2,50 MM ( NBR 15352)","M2    ","AS",80.03]
[11479,"MAQUINA DE 40 MM PARA FECHADURA DE EMBUTIR EXTERNA, EM ACO INOX","UN    ","CR",39.54]
[11481,"MAQUINA DE 40 MM PARA FECHADURA, PARA PORTA DE BANHEIRO, EM ACO INOX","UN    ","CR",35.770000000000003]
[43609,"MAQUINA DE 40 MM PARA FECHADURA, PARA PORTA INTERNA, EM ACO INOX","UN    ","CR",35.770000000000003]
[11478,"MAQUINA DE 55 MM PARA FECHADURA DE EMBUTIR EXTERNA, EM ACO INOX","UN    ","CR",67.849999999999994]
[43608,"MAQUINA DE 55 MM PARA FECHADURA, PARA PORTA DE BANHEIRO, EM ACO INOX","UN    ","CR",51.77]
[11476,"MAQUINA DE 55 MM PARA FECHADURA, PARA PORTA INTERNA, EM ACO INOX","UN    ","CR",51.77]
[40637,"MAQUINA DEMARCADORA DE FAIXA DE TRAFEGO A FRIO, AUTOPROPELIDA, MOTOR DIESEL 38 HP","UN    ","AS",725729.26]
[13836,"MAQUINA EXTRUSORA DE CONCRETO PARA GUIAS E SARJETAS, COM MOTOR A DIESEL DE 14 CV","UN    ","AS",68057.95]
[14534,"MAQUINA MANUAL TIPO PRENSA PARA PRODUCAO DE BLOCOS E PAVIMENTOS DE CONCRETO, COM MOTOR ELETRICO TRIFASICO PARA VIBRACAO, POTENCIA TOTAL INSTALADA DE 1,5 KW","UN    ","AS",28490.86]
[14619,"MAQUINA PARA CORTE COM DISCO ABRASIVO DE DIAMETRO DE 18'' (450 MM), COM MOTOR ELETRICO TRIFASICO DE 10 CV","UN    ","CR",14608.18]
[14535,"MAQUINA TIPO PRENSA HIDRAULICA, PARA FABRICACAO DE TUBOS DE CONCRETO PARA AGUAS PLUVIAIS, DN 200 A DN 600 MM X 1000 MM DE COMPRIMENTO, COM MOTOR PRINCIPAL DE 20 CV","UN    ","AS",282774.51]
[39813,"MAQUINA TIPO VASO/TANQUE/JATO DE PRESSAO PORTATIL PARA JATEAMENTO, CONTROLE AUTOMATICO E REMOTO, CAMARA DE 1 SAIDA, 280 L, DIAM. *670* MM, BICO JATO CURTO VENTURI DE 5/16\", MANGUEIRA DE 1\" DE 10 M, COMPLETA (VALVULAS POP UP E DOSADORA, FUNDO CONICO ETC)","UN    ","AS",36425.879999999997]
[40403,"MAQUINA TRANSFORMADORA MONOFASICA PARA SOLDA ELETRICA, TENSAO DE 220 V, FREQUENCIA DE 60 HZ, FAIXA DE CORRENTE ENTRE 80 A (+/- 10 A) E 250 A, POTENCIA ENTRE 14,00 KVA E 15,0 KVA, CICLO DE TRABALHO ENTRE 10% E 20% A 250 A","UN    ","CR",504.26]
[12868,"MARCENEIRO (HORISTA)","H     ","CR",18.920000000000002]
[40916,"MARCENEIRO (MENSALISTA)","MES   ","CR",3300.81]
[4755,"MARMORISTA / GRANITEIRO (HORISTA)","H     ","CR",18.920000000000002]
[41067,"MARMORISTA / GRANITEIRO (MENSALISTA)","MES   ","CR",3300.81]
[38463,"MARTELO DE SOLDADOR/PICADOR DE SOLDA","UN    ","CR",30.47]
[40703,"MARTELO DEMOLIDOR ELETRICO, COM POTENCIA DE 2.000 W, FREQUENCIA DE 1.000 IMPACTOS POR MINUTO, FORÇA DE IMPACTO ENTRE 60 E 65 J, PESO DE 30 KG","UN    ","AS",9183.3700000000008]
[14531,"MARTELO DEMOLIDOR PNEUMATICO MANUAL, COM REDUCAO DE VIBRACAO, PESO DE 21 KG","UN    ","AS",17121.259999999998]
[36533,"MARTELO DEMOLIDOR PNEUMATICO MANUAL, COM REDUCAO DE VIBRACAO, PESO DE 31,5 KG","UN    ","AS",19702.189999999999]
[11616,"MARTELO DEMOLIDOR PNEUMATICO MANUAL, PADRAO, PESO DE 32 KG","UN    ","AS",18608.43]
[41898,"MARTELO DEMOLIDOR PNEUMATICO MANUAL, PESO  DE 28 KG, COM SILENCIADOR","UN    ","AS",20937.02]
[13447,"MARTELO PERFURADOR PNEUMATICO MANUAL, DE SUPERFICIE, COM AVANCO DE COLUNA, PESO DE 22 KG","UN    ","AS",38525.54]
[14529,"MARTELO PERFURADOR PNEUMATICO MANUAL, HASTE 25 X 75 MM, 21 KG","UN    ","AS",21546.36]
[10747,"MARTELO PERFURADOR PNEUMATICO MANUAL, PESO DE 25 KG, COM SILENCIADOR","UN    ","AS",21140.27]
[36141,"MASCARA DE SEGURANCA PARA SOLDA COM ESCUDO DE CELERON E CARNEIRA DE PLASTICO COM REGULAGEM","UN    ","CR",44.55]
[43651,"MASSA ACRILICA PARA SUPERFICIES INTERNAS E EXTERNAS","KG    ","CR",4.24]
[43626,"MASSA CORRIDA PARA SUPERFICIES DE AMBIENTES INTERNOS","KG    ","C ",2.36]
[39434,"MASSA DE REJUNTE EM PO PARA DRYWALL, A BASE DE GESSO, SECAGEM RAPIDA, PARA TRATAMENTO DE JUNTAS DE CHAPA DE GESSO (NECESSITA ADICAO DE AGUA)","KG    ","CR",3.07]
[39433,"MASSA DE REJUNTE PRONTA PARA TRATAMENTO DE JUNTAS DE CHAPA DE GESSO PARA DRYWALL, SEM ADICAO DE AGUA","KG    ","CR",2.44]
[4049,"MASSA EPOXI BICOMPONENTE (MASSA + CATALIZADOR)","L     ","CR",47.36]
[38120,"MASSA EPOXI BICOMPONENTE PARA REPAROS","KG    ","CR",141.26]
[43652,"MASSA PARA MADEIRA - INTERIOR E EXTERIOR","KG    ","CR",9.51]
[10498,"MASSA PARA VIDRO","KG    ","CR",7.48]
[4823,"MASSA PLASTICA PARA MARMORE/GRANITO","KG    ","CR",54.63]
[38877,"MASSA PREMIUM PARA TEXTURA LISA DE BASE ACRILICA, USO INTERNO E EXTERNO","KG    ","CR",6.34]
[34546,"MASSA PREMIUM PARA TEXTURA RUSTICA DE BASE ACRILICA, COR BRANCA, USO INTERNO E EXTERNO","KG    ","CR",6.52]
[41387,"MASTRO SIMPLES GALVANIZADO DIAMETRO NOMINAL 1 1/2\"","M     ","AS",50.82]
[41388,"MASTRO SIMPLES GALVANIZADO DIAMETRO NOMINAL 2\"","M     ","AS",60.97]
[41380,"MASTRO TELESCOPICO DE 4 METROS (3 M X DN= 2\" + 1 M X DN= 1 1/2\")","UN    ","AS",405.68]
[41381,"MASTRO TELESCOPICO GALVANIZADO 5 METROS (3 M X DN= 2\" + 2 M X DN= 1 1/2\")","UN    ","AS",425]
[41382,"MASTRO TELESCOPICO GALVANIZADO 6 METROS (3 M X DN= 2\" + 3 M X DN= 1Â½\")","UN    ","AS",411.37]
[41383,"MASTRO TELESCOPICO GALVANIZADO 7 METROS (6 M X DN= 2\" + 1 M X DN= 1 1/2\")","UN    ","AS",558.36]
[41385,"MASTRO TELESCOPICO GALVANIZADO 9 METROS (6 M X DN= 2\" + 3 M X DN= 1 1/2\")","UN    ","AS",694.8]
[11079,"MATERIAL FILTRANTE (PEDREGULHO) 0,6 A 25,46 MM (POSTO PEDREIRA/FORNECEDOR, SEM FRETE)","M3    ","CR",1853.75]
[11082,"MATERIAL FILTRANTE (PEDREGULHO) 38 A 25,4 MM (POSTO PEDREIRA/FORNECEDOR, SEM FRETE)","M3    ","CR",1853.75]
[4058,"MECANICO DE EQUIPAMENTOS PESADOS","H     ","CR",36.549999999999997]
[40974,"MECANICO DE EQUIPAMENTOS PESADOS (MENSALISTA)","MES   ","CR",6378.86]
[34794,"MECANICO DE REFRIGERACAO (HORISTA)","H     ","CR",19.260000000000002]
[40925,"MECANICO DE REFRIGERACAO (MENSALISTA)","MES   ","CR",3363.9]
[13741,"MEDIDOR DE NIVEL ESTATICO E DINAMICO PARA POCO, COMPRIMENTO DE 200 M","UN    ","CR",3168.39]
[3288,"MEIA CANA DE MADEIRA CEDRINHO OU EQUIVALENTE DA REGIAO, ACABAMENTO PARA FORRO PAULISTA, *2,5 X 2,5* CM","M     ","AS",6.1]
[13587,"MEIA CANA DE MADEIRA PINUS OU EQUIVALENTE DA REGIAO, ACABAMENTO PARA FORRO PAULISTA, *2,5 X 2,5* CM","M     ","AS",3.68]
[38598,"MEIA CANALETA DE CONCRETO ESTRUTURAL 14 X 19 X 19 CM, FBK 14 MPA (NBR 6136)","UN    ","CR",2.84]
[38595,"MEIA CANALETA DE CONCRETO ESTRUTURAL 14 X 19 X 19 CM, FBK 4,5 MPA (NBR 6136)","UN    ","CR",2.4]
[38592,"MEIO BLOCO DE CONCRETO ESTRUTURAL 14 X 19 X 14 CM, FBK 14 MPA (NBR 6136)","UN    ","CR",2.4300000000000002]
[38588,"MEIO BLOCO DE CONCRETO ESTRUTURAL 14 X 19 X 14 CM, FBK 4,5 MPA (NBR 6136)","UN    ","CR",1.94]
[38593,"MEIO BLOCO DE CONCRETO ESTRUTURAL 14 X 19 X 19 CM, FBK 14 MPA (NBR 6136)","UN    ","CR",2.68]
[38589,"MEIO BLOCO DE CONCRETO ESTRUTURAL 14 X 19 X 19 CM, FBK 4,5 MPA (NBR 6136)","UN    ","CR",2.04]
[38594,"MEIO BLOCO DE CONCRETO ESTRUTURAL 14 X 19 X 34 CM, FBK 14 MPA (NBR 6136)","UN    ","CR",4.2300000000000004]
[34773,"MEIO BLOCO DE VEDACAO DE CONCRETO APARENTE 14 X 19 X 19 CM  (CLASSE C - NBR 6136)","UN    ","CR",2]
[34769,"MEIO BLOCO DE VEDACAO DE CONCRETO APARENTE 19 X 19 X 19 CM (CLASSE C - NBR 6136)","UN    ","CR",2.48]
[34763,"MEIO BLOCO DE VEDACAO DE CONCRETO APARENTE 9  X 19 X 19 CM (CLASSE C - NBR 6136)","UN    ","CR",1.53]
[34774,"MEIO BLOCO DE VEDACAO DE CONCRETO 14 X 19 X 19 CM (CLASSE C - NBR 6136)","UN    ","CR",1.9]
[34771,"MEIO BLOCO DE VEDACAO DE CONCRETO 19 X 19 X 19 CM (CLASSE C - NBR 6136)","UN    ","CR",2.29]
[34764,"MEIO BLOCO DE VEDACAO DE CONCRETO 9 X 19 X 19 CM (CLASSE C - NBR 6136)","UN    ","CR",1.5]
[34788,"MEIO BLOCO ESTRUTURAL CERAMICO 14 X 19 X 14 CM, 6,0 MPA (NBR 15270)","UN    ","CR",0.92]
[34781,"MEIO BLOCO ESTRUTURAL CERAMICO 14 X 19 X 19 CM, 6,0 MPA (NBR 15270)","UN    ","CR",1.05]
[41682,"MEIO-FIO OU GUIA DE CONCRETO PRE MOLDADO, COMP 1 M, *30 X 10/12* CM (H X L1/L2)","UN    ","CR",42.57]
[41683,"MEIO-FIO OU GUIA DE CONCRETO PRE MOLDADO, COMP 80 CM, *30 X 10/10* (H X L1/L2)","UN    ","CR",31.32]
[41680,"MEIO-FIO OU GUIA DE CONCRETO PRE-MOLDADO, COMP *39* CM, *19 X 6,5/6,5* CM (H X L1/L2)","UN    ","CR",16.86]
[41679,"MEIO-FIO OU GUIA DE CONCRETO PRE-MOLDADO, COMP 1 M, *20 X 12/15* CM (H X L1/L2)","UN    ","CR",38.549999999999997]
[41681,"MEIO-FIO OU GUIA DE CONCRETO PRE-MOLDADO, COMP 80 CM, *25 X 08/08* CM (H X L1/L2)","UN    ","CR",26.38]
[43386,"MEIO-FIO OU GUIA DE CONCRETO PRE-MOLDADO, TIPO CHAPEU PARA BOCA DE LOBO,  DIMENSOES *1,20* X 0,15 X 0,30 M","UN    ","CR",60.24]
[4059,"MEIO-FIO OU GUIA DE CONCRETO, PRE-MOLDADO, COMP 1 M, *30 X 12/15* CM (H X L1/L2)","M     ","CR",42.57]
[4062,"MEIO-FIO OU GUIA DE CONCRETO, PRE-MOLDADO, COMP 1 M, *30 X 15* CM (H X L)","UN    ","CR",42.57]
[4061,"MEIO-FIO OU GUIA DE CONCRETO, PRE-MOLDADO, COMP 80 CM, *45 X 12/18* CM (H X L1/L2)","UN    ","CR",53.01]
[41315,"MEMBRANA IMPERMEABILIZANTE A BASE DE POLIUREIA, BICOMPONENTE, APLICACAO A FRIO","KG    ","CR",95.7]
[43148,"MEMBRANA IMPERMEABILIZANTE A BASE DE POLIURETANO","KG    ","CR",64.959999999999994]
[43147,"MEMBRANA IMPERMEABILIZANTE ACRILICA MONOCOMPONENTE","KG    ","CR",25.16]
[10608,"MESA VIBRATORIA COM DIMENSOES DE 2,0 X 1,0 M, COM MOTOR ELETRICO DE 2 POLOS E POTENCIA DE 3 CV","UN    ","AS",9735.98]
[4069,"MESTRE DE OBRAS (HORISTA)","H     ","CR",55.65]
[40819,"MESTRE DE OBRAS (MENSALISTA)","MES   ","CR",9710.7800000000007]
[34361,"METACAULIM DE ALTA REATIVIDADE/CAULIM CALCINADO","KG    ","CR",18.309999999999999]
[36512,"MICRO-TRATOR CORTADOR DE GRAMA COM LARGURA DO CORTE DE 107 CM, COM  2 LAMINAS E DESCARTE LATERAL","UN    ","AS",21070.07]
[44478,"MICROESFERAS DE VIDRO PARA SINALIZACAO HORIZONTAL VIARIA, TIPO I-B (PREMIX) - NBR  16184","KG    ","CR",9.7899999999999991]
[44477,"MICROESFERAS DE VIDRO PARA SINALIZACAO HORIZONTAL VIARIA, TIPO II-A (DROP-ON) - NBR  16184","KG    ","CR",9.7899999999999991]
[11697,"MICTORIO COLETIVO ACO INOX (AISI 304), E = 0,8 MM, DE *100 X 40 X 30* CM (C X A X P)","UN    ","CR",704.81]
[11698,"MICTORIO COLETIVO ACO INOX (AISI 304), E = 0,8 MM, DE *100 X 50 X 35* CM (C X A X P)","UN    ","CR",840.8]
[10432,"MICTORIO INDICUDUAL, SIFONADO, LOUCA BRANCA, SEM COMPLEMENTOS","UN    ","CR",321.14]
[11699,"MICTORIO INDIVIDUAL ACO INOX (AISI 304), E = 0,8 MM, DE *50  X 45  X 35* (C X A X P)","UN    ","CR",929.27]
[44020,"MICTORIO INDIVIDUAL, SIFONADO, VALVULA EMBUTIDA, DE LOUCA BRANCA, SEM COMPLEMENTOS - PADRAO ALTO","UN    ","CR",792.29]
[41420,"MINICAPTOR, EM ACO GALVANIZADO A FOGO, FIXACAO COM ROSCA SOBERBA OU MECANICA, H=600 MM X DN=10 MM","UN    ","AS",10.34]
[41422,"MINICAPTOR, EM ACO GALVANIZADO A FOGO, FIXACAO HORIZONTAL COM BANDEIRA A 20 CM, H=600 MM E X DN=10 MM","UN    ","AS",14.12]
[41425,"MINICAPTOR, EM ACO GALVANIZADO A FOGO, FIXACAO HORIZONTAL DE 1 FUROS, SEM BANDEIRA, H=300 MM X DN=10 MM","UN    ","AS",7.23]
[41426,"MINICAPTOR, EM ACO GALVANIZADO A FOGO, FIXACAO HORIZONTAL DE 2 FUROS, SEM BANDEIRA, H=600 MM X DN=10 MM","UN    ","AS",13.03]
[41419,"MINICAPTOR, EM ACO GALVANIZADO A FOGO,Â  FIXACAO COM ROSCA SOBERBA OU MECANICA, H=300 MM X DN=10 MM","UN    ","AS",7.6]
[41421,"MINICAPTOR, EM ACO GALVANIZADO A FOGO,Â  FIXACAO HORIZONTAL COM BANDEIRA A 20 CM, H=300 MM E X DN=10 MM","UN    ","AS",10.32]
[41414,"MINICAPTORES DE INSERCAO, EM ACO GALVANIZADO A FOGO, H=300 MM X DN=10 MM","UN    ","AS",23.92]
[41415,"MINICAPTORES DE INSERCAO, EM ACO GALVANIZADO A FOGO, H=600,MM X DN=10,MM","UN    ","AS",27.86]
[37514,"MINICARREGADEIRA SOBRE RODAS, POTENCIA LIQUIDA DE *47* HP, CAPACIDADE NOMINAL DE OPERACAO DE *646* KG","UN    ","C ",349000]
[37519,"MINICARREGADEIRA SOBRE RODAS, POTENCIA LIQUIDA DE *72* HP, CAPACIDADE NOMINAL DE OPERACAO DE *1200* KG","UN    ","CR",538609.39]
[37520,"MINIESCAVADEIRA SOBRE ESTEIRAS, POTENCIA LIQUIDA DE *30* HP, PESO OPERACIONAL DE *3.500* KG","UN    ","CR",529779.73]
[37521,"MINIESCAVADEIRA SOBRE ESTEIRAS, POTENCIA LIQUIDA DE *42* HP, PESO OPERACIONAL DE *4.500* KG","UN    ","CR",646331.28]
[37522,"MINIESCAVADEIRA SOBRE ESTEIRAS, POTENCIA LIQUIDA DE *42* HP, PESO OPERACIONAL DE *5.300* KG","UN    ","CR",665776.65]
[21109,"MINUTERIA ELETRONICA COLETIVA COM POTENCIA MAXIMA RESISTIVA PARA LAMPADAS FLUORESCENTES DE *300* W ( 110 V ) / *600* W ( 110 V )","UN    ","AS",66.540000000000006]
[37546,"MISTURADOR DE ARGAMASSA, EIXO HORIZONTAL, CAPACIDADE DE MISTURA 160 KG, MOTOR ELETRICO TRIFASICO 220/380 V, POTENCIA 3 CV","UN    ","CR",14025.66]
[37544,"MISTURADOR DE ARGAMASSA, EIXO HORIZONTAL, CAPACIDADE DE MISTURA 300 KG, MOTOR ELETRICO TRIFASICO 220/380 V, POTENCIA 5 CV","UN    ","CR",14834.5]
[37545,"MISTURADOR DE ARGAMASSA, EIXO HORIZONTAL, CAPACIDADE DE MISTURA 600 KG, MOTOR ELETRICO TRIFASICO 220/380 V, POTENCIA 7,5 CV","UN    ","CR",17651.060000000001]
[36793,"MISTURADOR DE METAL CROMADO DE PAREDE PARA LAVATORIO (REF 1878)","UN    ","CR",791.84]
[11769,"MISTURADOR DE METAL CROMADO, DE MESA/BANCADA, COM BICA BAIXA, PARA LAVATORIO (REF 1875)","UN    ","CR",349.93]
[11771,"MISTURADOR DE PAREDE, DE METAL CROMADO, PARA COZINHA, BICA ALTA MOVEL, COM AREJADOR ARTICULADO (REF 1258)","UN    ","CR",428.62]
[39919,"MISTURADOR DUPLO HORIZONTAL DE ALTA TURBULENCIA, CAPACIDADE / VOLUME 2 X 500 LITROS, MOTORES ELETRICOS MINIMO 5 CV CADA,  PARA NATA CIMENTO, ARGAMASSA E OUTROS","UN    ","CR",70206.210000000006]
[38385,"MISTURADOR MANUAL DE TINTAS PARA FURADEIRA, HASTE METALICA *60* CM, COM HELICE  (MEXEDOR DE TINTA)","UN    ","CR",53.99]
[36800,"MISTURADOR METALICO, BASE PARA CHUVEIRO/BANHEIRA, 1/2 \" OU 3/4 \", SOLDAVEL OU ROSCAVEL (NAO INCLUI ACABAMENTOS)","UN    ","CR",210.26]
[37587,"MISTURADOR MONOCOMANDO PARA CHUVEIRO, BASE BRUTA, METALICO COM ACABAMENTO CROMADO","UN    ","CR",461.96]
[11561,"MOLA HIDRAULICA AEREA, PARA PORTAS DE ATE 1.100 MM E PESO DE ATE 85 KG, COM CORPO EM ALUMINIO E BRACO EM ACO, SEM BRACO DE PARADA","UN    ","CR",251.28]
[43604,"MOLA HIDRAULICA AEREA, PARA PORTAS DE ATE 850 MM E PESO DE ATE 50 KG, COM CORPO EM ALUMINIO E BRACO EM ACO, SEM BRACO DE PARADA","UN    ","CR",133.96]
[11560,"MOLA HIDRAULICA AEREA, PARA PORTAS DE ATE 950 MM E PESO DE ATE 65 KG, COM CORPO EM ALUMINIO E BRACO EM ACO, SEM BRACO DE PARADA","UN    ","CR",193.95]
[11499,"MOLA HIDRAULICA DE PISO, PARA PORTAS DE ATE 1100 MM E PESO DE ATE 120 KG, COM CORPO EM ACO INOX","UN    ","CR",934.68]
[34761,"MONTADOR DE ELETROELETRONICOS (HORISTA)","H     ","CR",16.28]
[40924,"MONTADOR DE ELETROELETRONICOS (MENSALISTA)","MES   ","CR",2841.53]
[40983,"MONTADOR DE ESTRUTURAS METALICAS (MENSALISTA)","MES   ","CR",4267.87]
[44497,"MONTADOR DE ESTRUTURAS METALICAS HORISTA","H     ","CR",24.45]
[2437,"MONTADOR DE MAQUINAS (HORISTA)","H     ","CR",19.05]
[40921,"MONTADOR DE MAQUINAS (MENSALISTA)","MES   ","CR",3323.94]
[14252,"MOTOBOMBA AUTOESCORVANTE MOTOR A GASOLINA, POTENCIA 6,0HP, BOCAIS 3\" X 3\", HM/Q = 5 MCA / 24 M3/H A 52,5 MCA / 5,0 M3/H","UN    ","CR",2481.71]
[730,"MOTOBOMBA AUTOESCORVANTE MOTOR ELETRICO TRIFASICO 7,4HP BOCA DIAMETRO DE SUCCAO X RECLAQUE: 2\"X2\", HM/ Q = 10 M / 73,5 M3/H A 28 M / 8,2 M3 /H","UN    ","CR",6630.68]
[723,"MOTOBOMBA AUTOESCORVANTE POTENCIA 5,42 HP, BOCAIS SUCCAO X RECALQUE 2\" X 2\", A GASOLINA, DIAMETRO DO ROTOR 122 MM HM/Q = 6 MCA / 33,0 M3/H A 28 MCA / 8,0 M3/H","UN    ","CR",3295.68]
[36502,"MOTOBOMBA CENTRIFUGA, MOTOR A GASOLINA, POTENCIA 5,42 HP, BOCAIS 1 1/2\" X 1\", DIAMETRO ROTOR 143 MM HM/Q = 6 MCA / 16,8 M3/H A 38 MCA / 6,6 M3/H","UN    ","CR",3097.55]
[36503,"MOTOBOMBA TRASH (PARA AGUA SUJA) AUTO ESCORVANTE, MOTOR GASOLINA DE 6,41 HP, DIAMETROS DE SUCCAO X RECALQUE: 3\" X 3\", HM/Q: 10/60 A 23/0","UN    ","CR",3819.64]
[4090,"MOTONIVELADORA POTENCIA BASICA LIQUIDA (PRIMEIRA MARCHA) 125 HP , PESO BRUTO 13843 KG, LARGURA DA LAMINA DE 3,7 M","UN    ","C ",1375000]
[13227,"MOTONIVELADORA POTENCIA BASICA LIQUIDA (PRIMEIRA MARCHA) 171 HP, PESO BRUTO 14768 KG, LARGURA DA LAMINA DE 3,7 M","UN    ","CR",1708608.96]
[10597,"MOTONIVELADORA POTENCIA BASICA LIQUIDA (PRIMEIRA MARCHA) 186 HP, PESO BRUTO 15785 KG, LARGURA DA LAMINA DE 4,3 M","UN    ","CR",1798531.35]
[39628,"MOTOR A DIESEL PARA VIBRADOR DE IMERSAO, DE *4,7* CV","UN    ","AS",4562.5600000000004]
[39404,"MOTOR A GASOLINA PARA VIBRADOR DE IMERSAO, 4 TEMPOS, DE 5,5 CV","UN    ","AS",2262.4299999999998]
[39402,"MOTOR ELETRICO PARA VIBRADOR DE IMERSAO, DE 2 CV, MONOFASICO, 110/220 V","UN    ","AS",1863.81]
[39403,"MOTOR ELETRICO PARA VIBRADOR DE IMERSAO, DE 2 CV, TRIFASICO, 220/380 V","UN    ","AS",1823.27]
[4093,"MOTORISTA DE CAMINHAO","H     ","CR",26.53]
[10512,"MOTORISTA DE CAMINHAO (MENSALISTA)","MES   ","CR",4630.1499999999996]
[20020,"MOTORISTA DE CAMINHAO-BASCULANTE","H     ","CR",25.03]
[41038,"MOTORISTA DE CAMINHAO-BASCULANTE (MENSALISTA)","MES   ","CR",4367.3999999999996]
[4094,"MOTORISTA DE CAMINHAO-CARRETA","H     ","CR",35.44]
[40988,"MOTORISTA DE CAMINHAO-CARRETA (MENSALISTA)","MES   ","CR",6183.27]
[4095,"MOTORISTA DE CARRO DE PASSEIO","H     ","CR",25.61]
[40990,"MOTORISTA DE CARRO DE PASSEIO (MENSALISTA)","MES   ","CR",4470.09]
[4097,"MOTORISTA DE ONIBUS / MICRO-ONIBUS","H     ","CR",32.82]
[40994,"MOTORISTA DE ONIBUS / MICRO-ONIBUS (MENSALISTA)","MES   ","CR",5728.81]
[4096,"MOTORISTA OPERADOR DE CAMINHAO COM MUNCK","H     ","CR",28.66]
[40992,"MOTORISTA OPERADOR DE CAMINHAO COM MUNCK (MENSALISTA)","MES   ","CR",5003.5600000000004]
[4114,"MOURAO CONCRETO CURVO, SECAO \"T\", H = 2,80 M + CURVA COM 0,45 M, COM FUROS PARA FIOS","UN    ","CR",97.59]
[36797,"MOURAO DE CONCRETO CURVO, *10 X 10* CM, H= *2,60* M + CURVA DE 0,40 M","UN    ","CR",86.89]
[4107,"MOURAO DE CONCRETO RETO, SECAO QUADARA *10 X 10* CM, H= *2,30* M","UN    ","CR",81.92]
[4102,"MOURAO DE CONCRETO RETO, SECAO QUADRADA, *10 X 10* CM, H= 3,00 M","UN    ","C ",100]
[36799,"MOURAO DE CONCRETO RETO, TIPO ESTICADOR, *10 X 10* CM, H= 2,50 M","UN    ","CR",84.33]
[2747,"MOURAO ROLICO DE MADEIRA TRATADA, D = 16 A 20 CM, H = 2,20 M, EM EUCALIPTO OU EQUIVALENTE DA REGIAO (PARA CERCA)","M     ","CR",35.14]
[21138,"MOURAO ROLICO DE MADEIRA TRATADA, D = 8 A 11 CM, H = 2,20 M, EM EUCALIPTO OU EQUIVALENTE DA REGIAO (PARA CERCA)","M     ","C ",11.14]
[10826,"MUDA DE ARBUSTO FLORIFERO, CLUSIA/GARDENIA/MOREIA BRANCA/ AZALEIA OU EQUIVALENTE DA REGIAO, H= *50 A 70* CM","UN    ","CR",129.31]
[365,"MUDA DE ARBUSTO FOLHAGEM, SANSAO-DO-CAMPO OU EQUIVALENTE DA REGIAO, H= *50 A 70* CM","UN    ","CR",80.17]
[38639,"MUDA DE ARBUSTO, BUXINHO, H= *50* CM","UN    ","CR",310.33999999999997]
[38640,"MUDA DE ARBUSTO, PINGO DE OURO/ VIOLETEIRA, H = *10 A 20* CM","UN    ","CR",4.6500000000000004]
[358,"MUDA DE ARVORE ORNAMENTAL, OITI/AROEIRA SALSA/ANGICO/IPE/JACARANDA OU EQUIVALENTE  DA REGIAO, H= *1* M","UN    ","CR",95.68]
[359,"MUDA DE ARVORE ORNAMENTAL, OITI/AROEIRA SALSA/ANGICO/IPE/JACARANDA OU EQUIVALENTE  DA REGIAO, H= *2* M","UN    ","CR",196.55]
[38641,"MUDA DE PALMEIRA ARECA, H= *1,50* M","UN    ","CR",193.96]
[360,"MUDA DE RASTEIRA/FORRACAO, AMENDOIM RASTEIRO/ONZE HORAS/AZULZINHA/IMPATIENS OU EQUIVALENTE DA REGIAO","UN    ","C ",4.5]
[42430,"MULTIEXERCITADOR COM SEIS FUNCOES, EM TUBO DE ACO CARBONO, PINTURA NO PROCESSO ELETROSTATICO - EQUIPAMENTO DE GINASTICA PARA ACADEMIA AO AR LIVRE / ACADEMIA DA TERCEIRA IDADE - ATI","UN    ","AS",6377.55]
[4209,"NIPLE DE FERRO GALVANIZADO, COM ROSCA BSP, DE 1 1/2\"","UN    ","AS",23.7]
[4180,"NIPLE DE FERRO GALVANIZADO, COM ROSCA BSP, DE 1 1/4\"","UN    ","AS",17.84]
[4177,"NIPLE DE FERRO GALVANIZADO, COM ROSCA BSP, DE 1/2\"","UN    ","AS",5.92]
[4179,"NIPLE DE FERRO GALVANIZADO, COM ROSCA BSP, DE 1\"","UN    ","AS",12.11]
[4208,"NIPLE DE FERRO GALVANIZADO, COM ROSCA BSP, DE 2 1/2\"","UN    ","AS",56.4]
[4181,"NIPLE DE FERRO GALVANIZADO, COM ROSCA BSP, DE 2\"","UN    ","AS",36.85]
[4178,"NIPLE DE FERRO GALVANIZADO, COM ROSCA BSP, DE 3/4\"","UN    ","AS",8.2100000000000009]
[4182,"NIPLE DE FERRO GALVANIZADO, COM ROSCA BSP, DE 3\"","UN    ","AS",91.75]
[4183,"NIPLE DE FERRO GALVANIZADO, COM ROSCA BSP, DE 4\"","UN    ","AS",147.72]
[4184,"NIPLE DE FERRO GALVANIZADO, COM ROSCA BSP, DE 5\"","UN    ","AS",326.07]
[4185,"NIPLE DE FERRO GALVANIZADO, COM ROSCA BSP, DE 6\"","UN    ","AS",541.79]
[4205,"NIPLE DE REDUCAO DE FERRO GALVANIZADO, COM ROSCA BSP, DE 1 1/2\" X 1 1/4\"","UN    ","AS",31.29]
[4192,"NIPLE DE REDUCAO DE FERRO GALVANIZADO, COM ROSCA BSP, DE 1 1/2\" X 1\"","UN    ","AS",31.29]
[4191,"NIPLE DE REDUCAO DE FERRO GALVANIZADO, COM ROSCA BSP, DE 1 1/2\" X 3/4\"","UN    ","AS",31.29]
[4207,"NIPLE DE REDUCAO DE FERRO GALVANIZADO, COM ROSCA BSP, DE 1 1/4\" X 1/2\"","UN    ","AS",25.18]
[4206,"NIPLE DE REDUCAO DE FERRO GALVANIZADO, COM ROSCA BSP, DE 1 1/4\" X 1\"","UN    ","AS",24.45]
[4190,"NIPLE DE REDUCAO DE FERRO GALVANIZADO, COM ROSCA BSP, DE 1 1/4\" X 3/4\"","UN    ","AS",24.45]
[4186,"NIPLE DE REDUCAO DE FERRO GALVANIZADO, COM ROSCA BSP, DE 1/2\" X 1/4\"","UN    ","AS",7.23]
[4188,"NIPLE DE REDUCAO DE FERRO GALVANIZADO, COM ROSCA BSP, DE 1\" X 1/2\"","UN    ","AS",14.75]
[4189,"NIPLE DE REDUCAO DE FERRO GALVANIZADO, COM ROSCA BSP, DE 1\" X 3/4\"","UN    ","AS",14.75]
[4197,"NIPLE DE REDUCAO DE FERRO GALVANIZADO, COM ROSCA BSP, DE 2 1/2\" X 2\"","UN    ","AS",78.12]
[4194,"NIPLE DE REDUCAO DE FERRO GALVANIZADO, COM ROSCA BSP, DE 2\" X 1 1/2\"","UN    ","AS",47.21]
[4193,"NIPLE DE REDUCAO DE FERRO GALVANIZADO, COM ROSCA BSP, DE 2\" X 1 1/4\"","UN    ","AS",47.21]
[4204,"NIPLE DE REDUCAO DE FERRO GALVANIZADO, COM ROSCA BSP, DE 2\" X 1\"","UN    ","AS",47.21]
[4187,"NIPLE DE REDUCAO DE FERRO GALVANIZADO, COM ROSCA BSP, DE 3/4\" X 1/2\"","UN    ","AS",9.41]
[4202,"NIPLE DE REDUCAO DE FERRO GALVANIZADO, COM ROSCA BSP, DE 3\" X 2 1/2\"","UN    ","AS",142.68]
[4203,"NIPLE DE REDUCAO DE FERRO GALVANIZADO, COM ROSCA BSP, DE 3\" X 2\"","UN    ","AS",126.01]
[40368,"NIPLE SEXTAVADO EM ACO CARBONO, COM ROSCA BSP, PRESSAO 3.000 LBS, DN 1 1/2\"","UN    ","CR",122.51]
[40365,"NIPLE SEXTAVADO EM ACO CARBONO, COM ROSCA BSP, PRESSAO 3.000 LBS, DN 1 1/4\"","UN    ","CR",82.65]
[40356,"NIPLE SEXTAVADO EM ACO CARBONO, COM ROSCA BSP, PRESSAO 3.000 LBS, DN 1/2\"","UN    ","CR",28.24]
[40362,"NIPLE SEXTAVADO EM ACO CARBONO, COM ROSCA BSP, PRESSAO 3.000 LBS, DN 1\"","UN    ","CR",54.74]
[40374,"NIPLE SEXTAVADO EM ACO CARBONO, COM ROSCA BSP, PRESSAO 3.000 LBS, DN 2 1/2\"","UN    ","CR",320.18]
[40371,"NIPLE SEXTAVADO EM ACO CARBONO, COM ROSCA BSP, PRESSAO 3.000 LBS, DN 2\"","UN    ","CR",201.55]
[40359,"NIPLE SEXTAVADO EM ACO CARBONO, COM ROSCA BSP, PRESSAO 3.000 LBS, DN 3/4\"","UN    ","CR",36.479999999999997]
[7595,"NIVELADOR (HORISTA)","H     ","CR",15.94]
[41094,"NIVELADOR (MENSALISTA)","MES   ","CR",2782.79]
[39609,"NOBREAK TRIFASICO, DE 10 KVA FATOR DE POTENCIA DE 0,8, AUTONOMIA MINIMA DE 30 MINUTOS A PLENA CARGA","UN    ","CR",76042.75]
[39610,"NOBREAK TRIFASICO, DE 15 KVA FATOR DE POTENCIA DE 0,8, AUTONOMIA MINIMA DE 30 MINUTOS A PLENA CARGA","UN    ","CR",110998.7]
[39611,"NOBREAK TRIFASICO, DE 20 KVA FATOR DE POTENCIA DE 0,8, AUTONOMIA MINIMA DE 30 MINUTOS A PLENA CARGA","UN    ","CR",134326.59]
[39612,"NOBREAK TRIFASICO, DE 25 KVA FATOR DE POTENCIA DE 0,8, AUTONOMIA MINIMA DE 30 MINUTOS A PLENA CARGA","UN    ","CR",210425.63]
[39608,"NOBREAK TRIFASICO, DE 5 KVA FATOR DE POTENCIA DE 0,8, AUTONOMIA MINIMA DE 30 MINUTOS A PLENA CARGA","UN    ","CR",60802.99]
[38175,"NUMERO / ALGARISMO PARA RESIDENCIA (FACHADA), EM ZAMAC, COM ALTURA DE APROX *45* MM, INCLUSIVE PARAFUSOS","UN    ","CR",5.04]
[38176,"NUMERO / ALGARISMO PARA RESIDENCIA (FACHADA), EM ZAMAC, COM ALTURA DE APROX 125 MM, INCLUSIVE PARAFUSOS","UN    ","CR",14.82]
[36152,"OCULOS DE SEGURANCA CONTRA IMPACTOS COM LENTE INCOLOR, ARMACAO NYLON, COM PROTECAO UVA E UVB","UN    ","CR",6.43]
[11138,"OLEO COMBUSTIVEL BPF A GRANEL","L     ","CR",4.18]
[4221,"OLEO DIESEL COMBUSTIVEL COMUM","L     ","C ",6.5]
[4227,"OLEO LUBRIFICANTE PARA MOTORES DE EQUIPAMENTOS PESADOS (CAMINHOES, TRATORES, RETROS E ETC)","L     ","C ",37.5]
[38170,"OLHO MAGICO PARA PORTAS, EM LATAO, COM LENTE DE POLICARBONATO, ANGULO DE *200* GRAUS, ESPESSURA ENTRE *25 E 46* MM, INCLUINDO FECHO JANELA","UN    ","CR",22.02]
[4252,"OPERADOR DE BATE-ESTACAS","H     ","CR",30.1]
[40980,"OPERADOR DE BATE-ESTACAS (MENSALISTA)","MES   ","CR",5253.33]
[4243,"OPERADOR DE BETONEIRA (CAMINHAO)","H     ","CR",23.92]
[41031,"OPERADOR DE BETONEIRA (CAMINHAO) (MENSALISTA)","MES   ","CR",4174.7299999999996]
[37666,"OPERADOR DE BETONEIRA ESTACIONARIA / MISTURADOR","H     ","CR",23.08]
[40986,"OPERADOR DE BETONEIRA ESTACIONARIA / MISTURADOR (MENSALISTA)","MES   ","CR",4028.76]
[4250,"OPERADOR DE COMPRESSOR DE AR OU COMPRESSORISTA","H     ","CR",27.16]
[40978,"OPERADOR DE COMPRESSOR DE AR OU COMPRESSORISTA (MENSALISTA)","MES   ","CR",4738.49]
[41043,"OPERADOR DE DEMARCADORA DE FAIXAS DE TRAFEGO (MENSALISTA)","MES   ","CR",5138.13]
[44501,"OPERADOR DE DEMARCADORA DE FAIXAS DE TRAFEGO HORISTA","H     ","CR",29.43]
[4234,"OPERADOR DE ESCAVADEIRA","H     ","C ",32.26]
[40987,"OPERADOR DE ESCAVADEIRA (MENSALISTA)","MES   ","CR",5628.59]
[4253,"OPERADOR DE GUINCHO OU GUINCHEIRO","H     ","CR",24.45]
[40981,"OPERADOR DE GUINCHO OU GUINCHEIRO (MENSALISTA)","MES   ","CR",4267.87]
[4254,"OPERADOR DE GUINDASTE","H     ","CR",24.45]
[41036,"OPERADOR DE GUINDASTE (MENSALISTA)","MES   ","CR",4267.87]
[4251,"OPERADOR DE JATO ABRASIVO OU JATISTA","H     ","CR",28.87]
[40979,"OPERADOR DE JATO ABRASIVO OU JATISTA (MENSALISTA)","MES   ","CR",5038.87]
[4230,"OPERADOR DE MAQUINAS E TRATORES DIVERSOS (TERRAPLANAGEM)","H     ","CR",27.78]
[40998,"OPERADOR DE MAQUINAS E TRATORES DIVERSOS (TERRAPLANAGEM) (MENSALISTA)","MES   ","CR",4846.55]
[4257,"OPERADOR DE MARTELETE OU MARTELETEIRO","H     ","CR",24.45]
[40982,"OPERADOR DE MARTELETE OU MARTELETEIRO (MENSALISTA)","MES   ","CR",4267.87]
[4240,"OPERADOR DE MOTO SCRAPER","H     ","CR",29.95]
[41026,"OPERADOR DE MOTO SCRAPER (MENSALISTA)","MES   ","CR",5225.71]
[4239,"OPERADOR DE MOTONIVELADORA","H     ","CR",36.75]
[41024,"OPERADOR DE MOTONIVELADORA (MENSALISTA)","MES   ","CR",6410.98]
[4248,"OPERADOR DE PA CARREGADEIRA","H     ","CR",28.81]
[41033,"OPERADOR DE PA CARREGADEIRA (MENSALISTA)","MES   ","CR",5026.63]
[41040,"OPERADOR DE PAVIMENTADORA / MESA VIBROACABADORA (MENSALISTA)","MES   ","CR",5395.03]
[44500,"OPERADOR DE PAVIMENTADORA / MESA VIBROACABADORA HORISTA","H     ","CR",30.91]
[4238,"OPERADOR DE ROLO COMPACTADOR","H     ","CR",32.11]
[41012,"OPERADOR DE ROLO COMPACTADOR (MENSALISTA)","MES   ","CR",5603.35]
[4237,"OPERADOR DE TRATOR - EXCLUSIVE AGROPECUARIA","H     ","CR",28.96]
[41002,"OPERADOR DE TRATOR - EXCLUSIVE AGROPECUARIA (MENSALISTA)","MES   ","CR",5052.45]
[4233,"OPERADOR DE USINA DE ASFALTO, DE SOLOS OU DE CONCRETO","H     ","CR",26.53]
[41001,"OPERADOR DE USINA DE ASFALTO, DE SOLOS OU DE CONCRETO (MENSALISTA)","MES   ","CR",4633.08]
[2,"OXIGENIO, RECARGA PARA CILINDRO DE CONJUNTO OXICORTE GRANDE","M3    ","AS",14.81]
[36517,"PA CARREGADEIRA SOBRE RODAS, POTENCIA BRUTA *127* CV, CAPACIDADE DA CACAMBA DE 2,0 A 2,4 M3, PESO OPERACIONAL MAXIMO DE 10330 KG","UN    ","AS",603840]
[4262,"PA CARREGADEIRA SOBRE RODAS, POTENCIA LIQUIDA 128 HP, CAPACIDADE DA CACAMBA DE 1,7 A 2,8 M3, PESO OPERACIONAL MAXIMO DE 11632 KG","UN    ","AS",680000]
[4263,"PA CARREGADEIRA SOBRE RODAS, POTENCIA LIQUIDA 197 HP, CAPACIDADE DA CACAMBA DE 2,5 A 3,5 M3, PESO OPERACIONAL MAXIMO DE 18338 KG","UN    ","AS",942933.28]
[36518,"PA CARREGADEIRA SOBRE RODAS, POTENCIA LIQUIDA 213 HP, CAPACIDADE DA CACAMBA DE 1,9 A 3,5 M3, PESO OPERACIONAL MAXIMO DE 19234 KG","UN    ","AS",1073493.28]
[14221,"PA CARREGADEIRA SOBRE RODAS, POTENCIA 152 HP, CAPACIDADE DA CACAMBA DE 1,53 A 2,30 M3, PESO OPERACIONAL MAXIMO DE 10216 KG","UN    ","AS",626506.64]
[38402,"PA DE LIXO PLASTICA, CABO LONGO","UN    ","CR",13.55]
[3412,"PAINEL DE LA DE VIDRO SEM REVESTIMENTO PSI 20, E = 25 MM, DE 1200 X 600 MM","M2    ","AS",20.55]
[3413,"PAINEL DE LA DE VIDRO SEM REVESTIMENTO PSI 20, E = 50 MM, DE 1200 X 600 MM","M2    ","AS",46.28]
[39744,"PAINEL DE LA DE VIDRO SEM REVESTIMENTO PSI 40, E = 25 MM, DE 1200 X 600 MM","M2    ","AS",35.93]
[39745,"PAINEL DE LA DE VIDRO SEM REVESTIMENTO PSI 40, E = 50 MM, DE 1200 X 600 MM","M2    ","AS",75.84]
[39637,"PAINEL ESTRUTURAL PARA LAJE SECA REVESTIDO EM PLACA CIMENTICIA, DE 1,20 X 2,50 M, E = 23 MM","M2    ","CR",118.1]
[39638,"PAINEL ESTRUTURAL PARA LAJE SECA REVESTIDO EM PLACA CIMENTICIA, DE 1,20 X 2,50 M, E = 40 MM","M2    ","CR",133.63999999999999]
[39639,"PAINEL ESTRUTURAL PARA LAJE SECA REVESTIDO EM PLACA CIMENTICIA, DE 1,20 X 2,50 M, E = 55 MM","M2    ","CR",201.63]
[39517,"PAINEL TERMOISOLANTE PARA FECHAMENTOS VERTICAIS (INCLUI PARAFUSOS DE FIXACAO) REVESTIDO EM ACO GALVALUME, LARGURA UTIL DE 1100 MM, REVESTIMENTO COM ESPESSURA DE 0,50 MM, COM PRE-PINTURA NAS DUAS FACES, NUCLEO EM POLIURETANO (PUR) COM ESPESSURA 40/50 MM","M2    ","AS",272.10000000000002]
[39518,"PAINEL TERMOISOLANTE PARA FECHAMENTOS VERTICAIS (INCLUI PARAFUSOS DE FIXACAO) REVESTIDO EM ACO GALVALUME, LARGURA UTIL DE 1100 MM, REVESTIMENTO COM ESPESSURA DE 0,50 MM, COM PRE-PINTURA NAS DUAS FACES, NUCLEO EM POLIURETANO (PUR) COM ESPESSURA 70/80 MM","M2    ","AS",322.58999999999997]
[38366,"PAPEL KRAFT BETUMADO","M2    ","CR",6.91]
[11703,"PAPELEIRA DE PAREDE EM METAL CROMADO SEM TAMPA","UN    ","CR",64.52]
[37400,"PAPELEIRA PLASTICA TIPO DISPENSER PARA PAPEL HIGIENICO ROLAO","UN    ","CR",97.86]
[25400,"PAR DE TABELAS DE BASQUETE EM COMPENSADO NAVAL, OFICIAL, 1800 X 1200 MM, INCLUINDO ARO DE METAL E REDE EM POLIPROPILENO 100% (SEM SUPORTE DE FIXACAO)","UN    ","CR",3338.58]
[4276,"PARA-RAIOS DE DISTRIBUICAO, TENSAO NOMINAL 15 KV, CORRENTE NOMINAL DE DESCARGA 5 KA","UN    ","AS",192.51]
[4273,"PARA-RAIOS DE DISTRIBUICAO, TENSAO NOMINAL 30 KV, CORRENTE NOMINAL DE DESCARGA 10 KA","UN    ","AS",349.52]
[4274,"PARA-RAIOS TIPO FRANKLIN 350 MM, EM LATAO CROMADO, DUAS DESCIDAS, PARA PROTECAO DE EDIFICACOES CONTRA DESCARGAS ATMOSFERICAS","UN    ","AS",127.87]
[39438,"PARAFUSO CABECA TROMBETA E PONTA AGULHA (GN55), COMPRIMENTO 55 MM, EM ACO FOSFATIZADO, PARA FIXAR CHAPA DE GESSO EM PERFIL DRYWALL METALICO MAXIMO 0,7 MM","UN    ","CR",0.34]
[11963,"PARAFUSO DE ACO TIPO CHUMBADOR PARABOLT, DIAMETRO 1/2\", COMPRIMENTO 75 MM","UN    ","CR",12.42]
[11964,"PARAFUSO DE ACO TIPO CHUMBADOR PARABOLT, DIAMETRO 3/8\", COMPRIMENTO 75 MM","UN    ","CR",3.13]
[4379,"PARAFUSO DE ACO ZINCADO COM ROSCA SOBERBA, CABECA CHATA E FENDA SIMPLES, DIAMETRO 2,5 MM, COMPRIMENTO * 9,5 * MM","UN    ","CR",0.06]
[4377,"PARAFUSO DE ACO ZINCADO COM ROSCA SOBERBA, CABECA CHATA E FENDA SIMPLES, DIAMETRO 4,2 MM, COMPRIMENTO * 32 * MM","UN    ","CR",0.24]
[4356,"PARAFUSO DE ACO ZINCADO COM ROSCA SOBERBA, CABECA CHATA E FENDA SIMPLES, DIAMETRO 4,8 MM, COMPRIMENTO 45 MM","UN    ","CR",0.34]
[13246,"PARAFUSO DE FERRO POLIDO, SEXTAVADO, COM ROSCA INTEIRA, DIAMETRO 5/16\", COMPRIMENTO 3/4\", COM PORCA E ARRUELA LISA LEVE","UN    ","CR",0.59]
[4346,"PARAFUSO DE FERRO POLIDO, SEXTAVADO, COM ROSCA PARCIAL, DIAMETRO 5/8\", COMPRIMENTO 6\", COM PORCA E ARRUELA DE PRESSAO MEDIA","UN    ","CR",13.31]
[11955,"PARAFUSO DE LATAO COM ACABAMENTO CROMADO PARA FIXAR PECA SANITARIA, INCLUI PORCA CEGA, ARRUELA E BUCHA DE NYLON TAMANHO S-10","UN    ","CR",5.82]
[11960,"PARAFUSO DE LATAO COM ROSCA SOBERBA, CABECA CHATA E FENDA SIMPLES, DIAMETRO 2,5 MM, COMPRIMENTO 12 MM","UN    ","CR",0.19]
[4333,"PARAFUSO DE LATAO COM ROSCA SOBERBA, CABECA CHATA E FENDA SIMPLES, DIAMETRO 3,2 MM, COMPRIMENTO 16 MM","UN    ","CR",0.34]
[4358,"PARAFUSO DE LATAO COM ROSCA SOBERBA, CABECA CHATA E FENDA SIMPLES, DIAMETRO 4,8 MM, COMPRIMENTO 65 MM","UN    ","CR",2.66]
[39435,"PARAFUSO DRY WALL, EM ACO FOSFATIZADO, CABECA TROMBETA E PONTA AGULHA (TA), COMPRIMENTO 25 MM","UN    ","CR",0.13]
[39436,"PARAFUSO DRY WALL, EM ACO FOSFATIZADO, CABECA TROMBETA E PONTA AGULHA (TA), COMPRIMENTO 35 MM","UN    ","CR",0.23]
[39437,"PARAFUSO DRY WALL, EM ACO FOSFATIZADO, CABECA TROMBETA E PONTA AGULHA (TA), COMPRIMENTO 45 MM","UN    ","CR",0.3]
[39439,"PARAFUSO DRY WALL, EM ACO FOSFATIZADO, CABECA TROMBETA E PONTA BROCA (TB), COMPRIMENTO 25 MM","UN    ","CR",0.2]
[39440,"PARAFUSO DRY WALL, EM ACO FOSFATIZADO, CABECA TROMBETA E PONTA BROCA (TB), COMPRIMENTO 35 MM","UN    ","CR",0.26]
[39441,"PARAFUSO DRY WALL, EM ACO FOSFATIZADO, CABECA TROMBETA E PONTA BROCA (TB), COMPRIMENTO 45 MM","UN    ","CR",0.33]
[39442,"PARAFUSO DRY WALL, EM ACO ZINCADO, CABECA LENTILHA E PONTA AGULHA (LA), LARGURA 4,2 MM, COMPRIMENTO 13 MM","UN    ","CR",0.24]
[39443,"PARAFUSO DRY WALL, EM ACO ZINCADO, CABECA LENTILHA E PONTA BROCA (LB), LARGURA 4,2 MM, COMPRIMENTO 13 MM","UN    ","CR",0.31]
[4329,"PARAFUSO EM ACO GALVANIZADO, TIPO MAQUINA, SEXTAVADO, SEM PORCA, DIAMETRO 1/2\", COMPRIMENTO 2\"","UN    ","C ",2.84]
[4383,"PARAFUSO FRANCES METRICO ZINCADO, DIAMETRO 12 MM, COMPRIMENTO 140MM, COM PORCA SEXTAVADA E ARRUELA DE PRESSAO MEDIA","UN    ","CR",25.68]
[4344,"PARAFUSO FRANCES METRICO ZINCADO, DIAMETRO 12 MM, COMPRIMENTO 150 MM, COM PORCA SEXTAVADA E ARRUELA DE PRESSAO MEDIA","UN    ","CR",26.91]
[436,"PARAFUSO FRANCES M16 EM ACO GALVANIZADO, COMPRIMENTO = 150 MM, DIAMETRO = 16 MM, CABECA ABAULADA","UN    ","AS",12.64]
[442,"PARAFUSO FRANCES M16 EM ACO GALVANIZADO, COMPRIMENTO = 45 MM, DIAMETRO = 16 MM, CABECA ABAULADA","UN    ","AS",7.48]
[11953,"PARAFUSO FRANCES ZINCADO, DIAMETRO 1/2'', COMPRIMENTO 2'', COM PORCA E ARRUELA","UN    ","CR",4.2699999999999996]
[4335,"PARAFUSO FRANCES ZINCADO, DIAMETRO 1/2\", COMPRIMENTO 12\", COM PORCA E ARRUELA LISA MEDIA","UN    ","CR",18.07]
[4334,"PARAFUSO FRANCES ZINCADO, DIAMETRO 1/2\", COMPRIMENTO 15\", COM PORCA E ARRUELA LISA MEDIA","UN    ","CR",24.79]
[4343,"PARAFUSO FRANCES ZINCADO, DIAMETRO 1/2\", COMPRIMENTO 4\", COM PORCA E ARRUELA","UN    ","CR",6.09]
[430,"PARAFUSO M16 EM ACO GALVANIZADO, COMPRIMENTO = 125 MM, DIAMETRO = 16 MM, ROSCA MAQUINA, CABECA QUADRADA","UN    ","AS",11.31]
[441,"PARAFUSO M16 EM ACO GALVANIZADO, COMPRIMENTO = 150 MM, DIAMETRO = 16 MM, ROSCA MAQUINA, CABECA QUADRADA","UN    ","AS",12.45]
[431,"PARAFUSO M16 EM ACO GALVANIZADO, COMPRIMENTO = 200 MM, DIAMETRO = 16 MM, ROSCA MAQUINA, CABECA QUADRADA","UN    ","AS",15.03]
[432,"PARAFUSO M16 EM ACO GALVANIZADO, COMPRIMENTO = 250 MM, DIAMETRO = 16 MM, ROSCA MAQUINA, CABECA QUADRADA","UN    ","AS",16.59]
[429,"PARAFUSO M16 EM ACO GALVANIZADO, COMPRIMENTO = 300 MM, DIAMETRO = 16 MM, ROSCA DUPLA","UN    ","AS",22.36]
[439,"PARAFUSO M16 EM ACO GALVANIZADO, COMPRIMENTO = 300 MM, DIAMETRO = 16 MM, ROSCA MAQUINA, CABECA QUADRADA","UN    ","AS",19.059999999999999]
[433,"PARAFUSO M16 EM ACO GALVANIZADO, COMPRIMENTO = 350 MM, DIAMETRO = 16 MM, ROSCA MAQUINA, CABECA QUADRADA","UN    ","AS",22.25]
[437,"PARAFUSO M16 EM ACO GALVANIZADO, COMPRIMENTO = 400 MM, DIAMETRO = 16 MM, ROSCA DUPLA","UN    ","AS",29.56]
[11790,"PARAFUSO M16 EM ACO GALVANIZADO, COMPRIMENTO = 450 MM, DIAMETRO = 16 MM, ROSCA MAQUINA, CABECA QUADRADA","UN    ","AS",33.53]
[428,"PARAFUSO M16 EM ACO GALVANIZADO, COMPRIMENTO = 500 MM, DIAMETRO = 16 MM, ROSCA MAQUINA, COM CABECA SEXTAVADA E PORCA","UN    ","AS",36.46]
[4384,"PARAFUSO NIQUELADO COM ACABAMENTO CROMADO PARA FIXAR PECA SANITARIA, INCLUI PORCA CEGA, ARRUELA E BUCHA DE NYLON TAMANHO S-10","UN    ","CR",29.51]
[4351,"PARAFUSO NIQUELADO 3 1/2\" COM ACABAMENTO CROMADO PARA FIXAR PECA SANITARIA, INCLUI PORCA CEGA, ARRUELA E BUCHA DE NYLON TAMANHO S-8","UN    ","CR",21.88]
[11054,"PARAFUSO ROSCA SOBERBA ZINCADO CABECA CHATA FENDA SIMPLES 3,2 X 20 MM (3/4 \")","UN    ","CR",0.03]
[11055,"PARAFUSO ROSCA SOBERBA ZINCADO CABECA CHATA FENDA SIMPLES 3,5 X 25 MM (1 \")","UN    ","CR",0.06]
[11056,"PARAFUSO ROSCA SOBERBA ZINCADO CABECA CHATA FENDA SIMPLES 3,8 X 30 MM (1.1/4 \")","UN    ","CR",0.06]
[11057,"PARAFUSO ROSCA SOBERBA ZINCADO CABECA CHATA FENDA SIMPLES 4,8 X 40 MM (1.1/2 \")","UN    ","CR",0.13]
[11059,"PARAFUSO ROSCA SOBERBA ZINCADO CABECA CHATA FENDA SIMPLES 5,5 X 50 MM (2 \")","UN    ","CR",0.27]
[11058,"PARAFUSO ROSCA SOBERBA ZINCADO CABECA CHATA FENDA SIMPLES 5,5 X 65 MM (2.1/2 \")","UN    ","CR",0.34]
[4380,"PARAFUSO ZINCADO ROSCA SOBERBA 5/16 \" X 120 MM PARA TELHA FIBROCIMENTO","UN    ","CR",1.1599999999999999]
[4299,"PARAFUSO ZINCADO ROSCA SOBERBA, CABECA SEXTAVADA, 5/16 \" X 110 MM, PARA FIXACAO DE TELHA EM MADEIRA","UN    ","C ",1.1000000000000001]
[4304,"PARAFUSO ZINCADO ROSCA SOBERBA, CABECA SEXTAVADA, 5/16 \" X 150 MM, PARA FIXACAO DE TELHA EM MADEIRA","UN    ","CR",1.5]
[4305,"PARAFUSO ZINCADO ROSCA SOBERBA, CABECA SEXTAVADA, 5/16 \" X 180 MM, PARA FIXACAO DE TELHA EM MADEIRA","UN    ","CR",1.74]
[4306,"PARAFUSO ZINCADO ROSCA SOBERBA, CABECA SEXTAVADA, 5/16 \" X 200 MM, PARA FIXACAO DE TELHA EM MADEIRA","UN    ","CR",2.02]
[4308,"PARAFUSO ZINCADO ROSCA SOBERBA, CABECA SEXTAVADA, 5/16 \" X 230 MM, PARA FIXACAO DE TELHA EM MADEIRA","UN    ","CR",4.1900000000000004]
[4302,"PARAFUSO ZINCADO ROSCA SOBERBA, CABECA SEXTAVADA, 5/16 \" X 250 MM, PARA FIXACAO DE TELHA EM MADEIRA","UN    ","CR",3.14]
[4300,"PARAFUSO ZINCADO ROSCA SOBERBA, CABECA SEXTAVADA, 5/16 \" X 50 MM, PARA FIXACAO DE TELHA EM MADEIRA","UN    ","CR",0.75]
[4301,"PARAFUSO ZINCADO ROSCA SOBERBA, CABECA SEXTAVADA, 5/16 \" X 85 MM, PARA FIXACAO DE TELHA EM MADEIRA","UN    ","CR",0.91]
[4320,"PARAFUSO ZINCADO 5/16 \" X 250 MM PARA FIXACAO DE TELHA DE FIBROCIMENTO CANALETE 49, INCLUI BUCHA NYLON S-10","UN    ","CR",2.77]
[4318,"PARAFUSO ZINCADO 5/16 \" X 85 MM PARA FIXACAO DE TELHA DE FIBROCIMENTO CANALETE 90, INCLUI BUCHA NYLON S-10","UN    ","CR",1.35]
[40547,"PARAFUSO ZINCADO, AUTOBROCANTE, FLANGEADO, 4,2 MM X 19 MM","CENTO ","CR",35.85]
[11962,"PARAFUSO ZINCADO, SEXTAVADO, COM ROSCA INTEIRA, DIAMETRO 1/4\", COMPRIMENTO 1/2\"","UN    ","CR",0.28999999999999998]
[4332,"PARAFUSO ZINCADO, SEXTAVADO, COM ROSCA INTEIRA, DIAMETRO 3/8\", COMPRIMENTO 2\"","UN    ","CR",1.43]
[4331,"PARAFUSO ZINCADO, SEXTAVADO, COM ROSCA INTEIRA, DIAMETRO 5/8\", COMPRIMENTO 2 1/4\"","UN    ","CR",5.38]
[4336,"PARAFUSO ZINCADO, SEXTAVADO, COM ROSCA INTEIRA, DIAMETRO 5/8\", COMPRIMENTO 3\", COM PORCA E ARRUELA DE PRESSAO MEDIA","UN    ","CR",6.89]
[13294,"PARAFUSO ZINCADO, SEXTAVADO, COM ROSCA SOBERBA, DIAMETRO 3/8\", COMPRIMENTO 80 MM","UN    ","CR",1.97]
[11948,"PARAFUSO ZINCADO, SEXTAVADO, COM ROSCA SOBERBA, DIAMETRO 5/16\", COMPRIMENTO 40 MM","UN    ","CR",0.88]
[4382,"PARAFUSO ZINCADO, SEXTAVADO, COM ROSCA SOBERBA, DIAMETRO 5/16\", COMPRIMENTO 80 MM","UN    ","CR",1.48]
[4354,"PARAFUSO ZINCADO, SEXTAVADO, GRAU 5, ROSCA INTEIRA, DIAMETRO 1 1/2\", COMPRIMENTO 4\"","UN    ","CR",61.73]
[40839,"PARAFUSO, ASTM A307 - GRAU A, SEXTAVADO, ZINCADO, DIAMETRO 3/8\" (9,52 MM), COMPRIMENTO 1 \" (25,4 MM)","CENTO ","CR",148.55000000000001]
[40552,"PARAFUSO, AUTO ATARRACHANTE, CABECA CHATA, FENDA SIMPLES, 1/4\u0094 (6,35 MM) X 25 MM","CENTO ","CR",61.47]
[40549,"PARAFUSO, COMUM, ASTM A307, SEXTAVADO, DIAMETRO 1/2\" (12,7 MM), COMPRIMENTO 1\" (25,4 MM)","CENTO ","CR",243.32]
[4385,"PARALELEPIPEDO GRANITICO OU BASALTICO, PARA PAVIMENTACAO, SEM FRETE (VARIACAO REGIONAL DE PECAS POR M2)","MIL   ","CR",830.34]
[20078,"PASTA LUBRIFICANTE PARA TUBOS E CONEXOES COM JUNTA ELASTICA, EMBALAGEM DE *400* GR (USO EM PVC, ACO, POLIETILENO E OUTROS)","UN    ","CR",23.02]
[39897,"PASTA PARA SOLDA DE TUBOS E CONEXOES DE COBRE (EMBALAGEM COM 250 G)","UN    ","CR",103.13]
[118,"PASTA VEDA JUNTAS/ROSCA, EMBALAGEM DE *500* G, PARA INSTALACOES DE AGUA, GAS E OUTROS","UN    ","CR",48.67]
[4396,"PASTILHA CERAMICA/PORCELANA, REVEST INT/EXT E  PISCINA, CORES BRANCA OU FRIAS, SOLIDAS, SEM MESCLAGEM/MISTURA, ACABAMENTO LISO *2,5 X 2,5* CM","M2    ","CR",239.01]
[36881,"PASTILHA CERAMICA/PORCELANA, REVEST INT/EXT E  PISCINA, CORES BRANCA OU FRIAS, SOLIDAS, SEM MESCLAGEM/MISTURA, ACABAMENTO LISO *5 X 5* CM","M2    ","CR",153.93]
[4397,"PASTILHA CERAMICA/PORCELANA, REVEST INT/EXT E  PISCINA, CORES LISAS/SOLIDAS, QUENTES, SEM MESCLAGEM/MISTURA, *2,5 X 2,5* CM","M2    ","CR",259.99]
[36882,"PASTILHA CERAMICA/PORCELANA, REVEST INT/EXT E  PISCINA, CORES LISAS/SOLIDAS, QUENTES, SEM MESCLAGEM/MISTURA, *5 X 5* CM","M2    ","CR",184.06]
[4751,"PASTILHEIRO (HORISTA)","H     ","CR",18.920000000000002]
[41066,"PASTILHEIRO (MENSALISTA)","MES   ","CR",3300.81]
[39604,"PATCH CORD (CABO DE REDE), CATEGORIA 5 E (CAT 5E) UTP, 24 AWG, 4 PARES, EXTENSAO DE 1,50 M","UN    ","CR",11.7]
[39605,"PATCH CORD (CABO DE REDE), CATEGORIA 5 E (CAT 5E) UTP, 24 AWG, 4 PARES, EXTENSAO DE 2,50 M","UN    ","CR",12.71]
[39606,"PATCH CORD (CABO DE REDE), CATEGORIA 6 (CAT 6) UTP, 23 AWG, 4 PARES, EXTENSAO DE 1,50 M","UN    ","CR",22.25]
[39607,"PATCH CORD (CABO DE REDE), CATEGORIA 6 (CAT 6) UTP, 23 AWG, 4 PARES, EXTENSAO DE 2,50 M","UN    ","CR",30.11]
[39594,"PATCH PANEL, 24 PORTAS, CATEGORIA 5E, COM RACKS DE 19\" DE LARGURA E 1 U DE ALTURA","UN    ","C ",404.15]
[39596,"PATCH PANEL, 24 PORTAS, CATEGORIA 6, COM RACKS DE 19\" DE LARGURA E 1 U DE ALTURA","UN    ","CR",1082.3499999999999]
[39595,"PATCH PANEL, 48 PORTAS, CATEGORIA 5E, COM RACKS DE 19\" DE LARGURA E 2 U DE ALTURA","UN    ","CR",2431.88]
[39597,"PATCH PANEL, 48 PORTAS, CATEGORIA 6, COM RACKS DE 19\" DE LARGURA E 2 U DE ALTURA","UN    ","CR",3814.74]
[10731,"PEDRA ARDOSIA, CINZA, *40 X 40* CM, E= *1 CM","M2    ","AS",40]
[4704,"PEDRA ARDOSIA, CINZA, 20  X  40 CM,  E=  *1 CM","M2    ","AS",36.090000000000003]
[10730,"PEDRA ARDOSIA, CINZA, 30  X  30,  E= *1 CM","M2    ","AS",38.67]
[4729,"PEDRA BRITADA GRADUADA, CLASSIFICADA (POSTO PEDREIRA/FORNECEDOR, SEM FRETE)","M3    ","CR",89.67]
[4720,"PEDRA BRITADA N. 0, OU PEDRISCO (4,8 A 9,5 MM) POSTO PEDREIRA/FORNECEDOR, SEM FRETE","M3    ","CR",102.75]
[4721,"PEDRA BRITADA N. 1 (9,5 a 19 MM) POSTO PEDREIRA/FORNECEDOR, SEM FRETE","M3    ","CR",89]
[4718,"PEDRA BRITADA N. 2 (19 A 38 MM) POSTO PEDREIRA/FORNECEDOR, SEM FRETE","M3    ","C ",89.47]
[4722,"PEDRA BRITADA N. 3 (38 A 50 MM) POSTO PEDREIRA/FORNECEDOR, SEM FRETE","M3    ","CR",84.07]
[4723,"PEDRA BRITADA N. 4 (50 A 76 MM) POSTO PEDREIRA/FORNECEDOR, SEM FRETE","M3    ","CR",83.34]
[4727,"PEDRA BRITADA N. 5 (76 A 100 MM) POSTO PEDREIRA/FORNECEDOR, SEM FRETE","M3    ","CR",76.28]
[4748,"PEDRA BRITADA OU BICA CORRIDA, NAO CLASSIFICADA (POSTO PEDREIRA/FORNECEDOR, SEM FRETE)","M3    ","CR",82.2]
[4730,"PEDRA DE MAO OU PEDRA RACHAO PARA ARRIMO/FUNDACAO (POSTO PEDREIRA/FORNECEDOR, SEM FRETE)","M3    ","CR",83.65]
[13186,"PEDRA GRANITICA OU BASALTICA IRREGULAR, FAIXA GRANULOMETRICA 100 A 150 MM PARA PAVIMENTACAO OU CALCAMENTO POLIEDRICO, POSTO PEDREIRA / FORNECEDOR (SEM FRETE)","M3    ","CR",96.52]
[10737,"PEDRA GRANITICA OU BASALTO, CACO, RETALHO, CAVACO, TIPO MIRACEMA, MADEIRA, PADUANA, RACHINHA, SANTA ISABEL OU OUTRAS SIMILARES, E=  *1,0 A *2,0 CM","M2    ","AS",125.7]
[10734,"PEDRA GRANITICA, SERRADA, TIPO MIRACEMA, MADEIRA, PADUANA, RACHINHA, SANTA ISABEL OU OUTRAS SIMILARES, *11,5 X  *23 CM, E=  *1,0 A *2,0 CM","M2    ","AS",74.77]
[4708,"PEDRA PORTUGUESA  OU PETIT PAVE, BRANCA OU PRETA","M2    ","AS",145.04]
[4712,"PEDRA QUARTZITO OU CALCARIO LAMINADO, CACO, TIPO CARIRI, ITACOLOMI, LAGOA SANTA, LUMINARIA, PIRENOPOLIS, SAO TOME OU OUTRAS SIMILARES DA REGIAO, E=  *1,5 A *2,5 CM","M2    ","AS",70.91]
[4710,"PEDRA QUARTZITO OU CALCARIO LAMINADO, SERRADA, TIPO CARIRI, ITACOLOMI, LAGOA SANTA, LUMINARIA, PIRENOPOLIS, SAO TOME OU OUTRAS SIMILARES DA REGIAO, *20 X *40 CM, E=  *1,5 A *2,5 CM","M2    ","AS",227.39]
[4746,"PEDREGULHO OU PICARRA DE JAZIDA, AO NATURAL, PARA BASE DE PAVIMENTACAO (RETIRADO NA JAZIDA, SEM TRANSPORTE)","M3    ","CR",62.48]
[4750,"PEDREIRO (HORISTA)","H     ","C ",18.920000000000002]
[41065,"PEDREIRO (MENSALISTA)","MES   ","CR",3300.81]
[34747,"PEITORIL EM MARMORE, POLIDO, BRANCO COMUM, L= *15* CM, E=  *2,0* CM, COM PINGADEIRA","M     ","CR",106.27]
[4826,"PEITORIL EM MARMORE, POLIDO, BRANCO COMUM, L= *15* CM, E=  *3* CM, CORTE RETO","M     ","CR",114.26]
[41975,"PEITORIL PRE-MOLDADO EM GRANILITE, MARMORITE OU GRANITINA, L = *15* CM","M2    ","AS",104.34]
[4825,"PEITORIL/ SOLEIRA EM MARMORE, POLIDO, BRANCO COMUM, L= *25* CM, E=  *3* CM, CORTE RETO","M     ","CR",158.16]
[34744,"PELICULA REFLETIVA, GT 7 ANOS PARA SINALIZACAO VERTICAL","M2    ","AS",27.9]
[39430,"PENDURAL OU PRESILHA REGULADORA, EM ACO GALVANIZADO, COM CORPO, MOLA E REBITE, PARA PERFIL TIPO CANALETA DE ESTRUTURA EM FORROS DRYWALL","UN    ","CR",2.19]
[39573,"PENDURAL OU REGULADOR, COM MOLA, EM ACO GALVANIZADO, PARA PERFIL TIPO T CLICADO DE FORROS REMOVIVEL","UN    ","CR",2.16]
[38410,"PENEIRA ROTATIVA COM MOTOR ELETRICO TRIFASICO DE 2 CV, CILINDRO DE 1 M X 0,60 M, COM FUROS DE 3,17 MM","UN    ","CR",16423.849999999999]
[41596,"PERFIL \"H\" DE ACO LAMINADO, \"HP\" 250 X 62,0","KG    ","CR",14.43]
[41598,"PERFIL \"H\" DE ACO LAMINADO, \"HP\" 310 X 79,0","KG    ","CR",14.43]
[41594,"PERFIL \"H\" DE ACO LAMINADO, \"W\" 200 X 35,9","KG    ","CR",14.66]
[43663,"PERFIL \"I\" DE ACO LAMINADO, ABAS INCLINADAS, \"I\" 102 X 12,7","KG    ","CR",12.07]
[4766,"PERFIL \"I\" DE ACO LAMINADO, ABAS INCLINADAS, \"I\" 152 X 22","KG    ","CR",11.37]
[43664,"PERFIL \"I\" DE ACO LAMINADO, ABAS INCLINADAS, \"I\" 203 X 34,3","KG    ","CR",12.14]
[43082,"PERFIL \"I\" DE ACO LAMINADO, ABAS PARALELAS, \"W\", QUALQUER BITOLA","KG    ","C ",13.23]
[43665,"PERFIL \"U\" DE ACO LAMINADO, \"U\" 102 X 9,3","KG    ","CR",11.37]
[10966,"PERFIL \"U\" DE ACO LAMINADO, \"U\" 152 X 15,6","KG    ","CR",12.07]
[43692,"PERFIL \"U\" EM CHAPA ACO DOBRADA, E = 3,04 MM, H = 20 CM, ABAS = 5 CM (4,47 KG/M)","KG    ","CR",12.07]
[43083,"PERFIL \"U\" ENRIJECIDO DE ACO GALVANIZADO, DOBRADO, 150 X 60 X 20 MM, E = 3,00 MM OU 200 X 75 X 25 MM, E = 3,75 MM","KG    ","CR",11.46]
[40535,"PERFIL \"U\" SIMPLES DE ACO GALVANIZADO DOBRADO 75 X *40* MM, E = 2,65 MM","KG    ","CR",11.46]
[39427,"PERFIL CANALETA, FORMATO C, EM ACO ZINCADO, PARA ESTRUTURA FORRO DRYWALL, E = 0,5 MM, *46 X 18* (L X H), COMPRIMENTO 3 M","M     ","CR",5.82]
[39424,"PERFIL CANTONEIRA L, LISA, EM ACO, 25 X 30 MM, E = 0,5 MM, PARA ESTRUTURA DRYWALL","M     ","CR",3.46]
[39425,"PERFIL CANTONEIRA L, PERFURADA, EM ACO, 23 X 23 MM, E = 0,5 MM, PARA ESTRUTURA DRYWALL","M     ","CR",3.41]
[40664,"PERFIL CARTOLA DE ACO GALVANIZADO, *20 X 30 X 10* MM, E =  0,8 MM","KG    ","CR",23.51]
[34360,"PERFIL DE ALUMINIO ANODIZADO","KG    ","AS",42.29]
[20259,"PERFIL DE BORRACHA EPDM MACICO *12 X 15* MM PARA ESQUADRIAS","M     ","AS",13.2]
[14077,"PERFIL ELASTOMERICO PRE-FORMADO EM EPMD, PARA JUNTA DE DILATACAO DE PISOS COM POUCA SOLICITACAO, 15 MM DE LARGURA, MOVIMENTACAO DE *11 A 19* MM","M     ","AS",202.04]
[3678,"PERFIL ELASTOMERICO PRE-FORMADO EM EPMD, PARA JUNTA DE DILATACAO DE USO GERAL EM MEDIAS SOLICITACOES, 8 MM DE LARGURA, MOVIMENTACAO DE *5 A 11* MM","M     ","AS",91.32]
[39418,"PERFIL GUIA, FORMATO U, EM ACO ZINCADO, PARA ESTRUTURA PAREDE DRYWALL, E = 0,5 MM, 48  X 3000 MM (L X C)","M     ","CR",6.49]
[39419,"PERFIL GUIA, FORMATO U, EM ACO ZINCADO, PARA ESTRUTURA PAREDE DRYWALL, E = 0,5 MM, 70 X 3000 MM (L X C)","M     ","CR",7.91]
[39420,"PERFIL GUIA, FORMATO U, EM ACO ZINCADO, PARA ESTRUTURA PAREDE DRYWALL, E = 0,5 MM, 90 X 3000 MM (L X C)","M     ","CR",8.73]
[39571,"PERFIL LONGARINA (PRINCIPAL), T CLICADO, EM ACO, BRANCO NAS FACES APARENTES, PARA FORRO REMOVIVEL, 24 X 32 X 3750 MM (L X H X C","M     ","CR",5.27]
[39421,"PERFIL MONTANTE, FORMATO C, EM ACO ZINCADO, PARA ESTRUTURA PAREDE DRYWALL, E = 0,5 MM, 48 X 3000 MM (L X C)","M     ","CR",7.68]
[39422,"PERFIL MONTANTE, FORMATO C, EM ACO ZINCADO, PARA ESTRUTURA PAREDE DRYWALL, E = 0,5 MM, 70 X 3000 MM (L X C)","M     ","C ",8.9700000000000006]
[39423,"PERFIL MONTANTE, FORMATO C, EM ACO ZINCADO, PARA ESTRUTURA PAREDE DRYWALL, E = 0,5 MM, 90 X 3000 MM (L X C)","M     ","CR",10.41]
[39426,"PERFIL RODAPE DE IMPERMEABILIZACAO, FORMATO L, EM ACO ZINCADO, PARA ESTRUTURA DRYWALL, E = 0,5 MM, 220 X 3000 MM (H X C)","M     ","CR",23.41]
[39429,"PERFIL TABICA ABERTA, PERFURADA, FORMATO Z, EM ACO GALVANIZADO NATURAL, LARGURA APROXIMADA 40 MM, PARA ESTRUTURA FORRO DRYWALL","M     ","CR",7.38]
[39428,"PERFIL TABICA FECHADA, LISA, FORMATO Z, EM ACO GALVANIZADO NATURAL, LARGURA TOTAL NA HORIZONTAL *40* MM, PARA ESTRUTURA FORRO DRYWALL","M     ","CR",5.64]
[39572,"PERFIL TIPO CANTONEIRA EM L, EM ACO GALVANIZADO, BRANCO, PARA FORRO REMOVIVEL, *23* X 3000 MM (L X C)","M     ","CR",4.88]
[39570,"PERFIL TRAVESSA (SECUNDARIO), T CLICADO, EM ACO GALVANIZADO , BRANCO, PARA FORRO REMOVIVEL, 24 X 1250 MM (L X C)","M     ","CR",5.18]
[39569,"PERFIL TRAVESSA (SECUNDARIO), T CLICADO, EM ACO GALVANIZADO, BRANCO, PARA FORRO REMOVIVEL, 24 X 625 MM (L X C)","M     ","CR",5.12]
[11552,"PERFIL U DE ABAS IGUAIS, EM ALUMINIO, 1/2\" (1,27 X 1,27 CM), PARA PORTA OU JANELA DE CORRER","M     ","CR",7.77]
[40598,"PERFIL UDC (\"U\" DOBRADO DE CHAPA) SIMPLES DE ACO LAMINADO, GALVANIZADO, ASTM A36, 127 X 50 MM, E= 3 MM","KG    ","CR",11.18]
[39029,"PERFILADO PERFURADO DUPLO 38 X 76 MM, CHAPA 22","M     ","CR",16.53]
[39028,"PERFILADO PERFURADO SIMPLES 38 X 38 MM, CHAPA 22","M     ","CR",9.6199999999999992]
[39328,"PERFILADO PERFURADO 19 X 38 MM, CHAPA 22","M     ","CR",5.29]
[38541,"PERFURATRIZ COM TORRE METALICA PARA EXECUCAO DE ESTACA HELICE CONTINUA, PROFUNDIDADE MAXIMA DE 30 M, DIAMETRO MAXIMO DE 800 MM, POTENCIA INSTALADA DE 268 HP, MESA ROTATIVA COM TORQUE MAXIMO DE 170 KNM","UN    ","AS",4143225.27]
[38542,"PERFURATRIZ COM TORRE METALICA PARA EXECUCAO DE ESTACA HELICE CONTINUA, PROFUNDIDADE MAXIMA DE 32 M, DIAMETRO MAXIMO DE 1000 MM, POTENCIA INSTALADA DE 350 HP, MESA ROTATIVA COM TORQUE MAXIMO DE 263 KNM","UN    ","AS",6442548.6799999997]
[38543,"PERFURATRIZ HIDRAULICA COM TRADO CURTO ACOPLADO, PROFUNDIDADE MAXIMA DE 20 M, DIAMETRO MAXIMO DE 1500 MM, POTENCIA INSTALADA DE 137 HP, MESA ROTATIVA COM TORQUE MAXIMO DE 30 KNM (INCLUI MONTAGEM, NAO INCLUI CAMINHAO)","UN    ","AS",1577313.69]
[40406,"PERFURATRIZ MANUAL, TORQUE MAXIMO 55 KGF.M, POTENCIA 5 CV, COM DIAMETRO MAXIMO 8 1/2\" (INCLUI SUPORTE/CHASSI TIPO MESA)","UN    ","AS",61842.96]
[40789,"PERFURATRIZ MANUAL, TORQUE MAXIMO 83 N.M, POTENCIA 5 CV, COM DIAMETRO MAXIMO 4\" (NAO INCLUI SUPORTE / CHASSI)","UN    ","AS",8912.2000000000007]
[40791,"PERFURATRIZ MANUAL, TORQUE MAXIMO 83 N.M, POTENCIA 5 CV, COM DIAMETRO MAXIMO 4\", PARA SOLO GRAMPEADO (INCLUI SUPORTE OU CHASSI TIPO MESA)","UN    ","AS",27899.08]
[11651,"PERFURATRIZ PNEUMATICA MANUAL DE PESO MEDIO, 18KG, COMPRIMENTO DE CURSO DE 6 M, DIAMETRO DO PISTAO DE 5,5 CM","UN    ","AS",15258.4]
[40435,"PERFURATRIZ SOBRE ESTEIRA, TORQUE MAXIMO DE 600 KGF, POTENCIA ENTRE 50 E 60 HP, DIAMETRO MAXIMO DE 10\"","UN    ","AS",865300.94]
[39012,"PERFURATRIZ SOBRE ESTEIRA, TORQUE MAXIMO 600 KGF, PESO MEDIO 1000 KG, POTENCIA 20 HP, DIAMETRO MAXIMO 10\"","UN    ","AS",902821.9]
[13617,"PICAPE CABINE SIMPLES COM MOTOR 1.6 FLEX, CAMBIO MANUAL, POTENCIA 101/104 CV, 2 PORTAS","UN    ","CR",95725.06]
[35274,"PILAR QUADRADO NAO APARELHADO *10 X 10* CM, EM MACARANDUBA, ANGELIM OU EQUIVALENTE DA REGIAO - BRUTA","M     ","CR",58.99]
[35275,"PILAR QUADRADO NAO APARELHADO *15 X 15* CM, EM MACARANDUBA, ANGELIM OU EQUIVALENTE DA REGIAO - BRUTA","M     ","CR",125.21]
[35276,"PILAR QUADRADO NAO APARELHADO *20 X 20* CM, EM MACARANDUBA, ANGELIM OU EQUIVALENTE DA REGIAO - BRUTA","M     ","CR",217.87]
[38386,"PINCEL CHATO (TRINCHA) CERDAS GRIS 1.1/2 \" (38 MM)","UN    ","CR",5.79]
[11091,"PINGADEIRA PLASTICA PARA TELHA DE FIBROCIMENTO CANALETE 49/KALHETA OU CANALETE 90/KALHETAO","UN    ","CR",1.34]
[37586,"PINO DE ACO COM ARRUELA CONICA, DIAMETRO ARRUELA = *23* MM E COMP HASTE = *27* MM (ACAO INDIRETA)","CENTO ","AS",48.28]
[37395,"PINO DE ACO COM FURO, HASTE = 27 MM (ACAO DIRETA)","CENTO ","AS",41.52]
[14147,"PINO DE ACO COM ROSCA 1/4 \", COMPRIMENTO DA HASTE = 30 MM E ROSCA = 20 MM (ACAO DIRETA)","CENTO ","AS",55.07]
[37396,"PINO DE ACO LISO 1/4 \", HASTE = *36,5* MM (ACAO DIRETA)","CENTO ","AS",33.97]
[37397,"PINO DE ACO LISO 1/4 \", HASTE = *53* MM (ACAO DIRETA)","CENTO ","AS",35.58]
[43606,"PINO GUIA RETO, EM LATAO, CHAPA COM 3 MM DE ESPESSURA E GUIA COM ROLETE DE 9 MM","UN    ","CR",9.31]
[444,"PINO ROSCA EXTERNA, EM ACO GALVANIZADO, PARA ISOLADOR DE 15KV, DIAMETRO 25 MM, COMPRIMENTO *290* MM","UN    ","AS",33.54]
[445,"PINO ROSCA EXTERNA, EM ACO GALVANIZADO, PARA ISOLADOR DE 25KV, DIAMETRO 35MM, COMPRIMENTO *320* MM","UN    ","AS",45.91]
[4783,"PINTOR (HORISTA)","H     ","C ",18.920000000000002]
[41079,"PINTOR (MENSALISTA)","MES   ","CR",3300.81]
[12874,"PINTOR DE LETREIROS (HORISTA)","H     ","CR",18.36]
[41082,"PINTOR DE LETREIROS (MENSALISTA)","MES   ","CR",3205.31]
[4785,"PINTOR PARA TINTA EPOXI (HORISTA)","H     ","CR",18.920000000000002]
[41081,"PINTOR PARA TINTA EPOXI (MENSALISTA)","MES   ","CR",3300.81]
[4801,"PISO DE BORRACHA CANELADO EM PLACAS 50 X 50 CM, E = *3,5* MM, PARA COLA","M2    ","CR",88.68]
[4794,"PISO DE BORRACHA ESPORTIVO EM PLACAS 50 X 50 CM, E = 15 MM, PARA ARGAMASSA, PRETO","M2    ","CR",403.9]
[4796,"PISO DE BORRACHA FRISADO OU PASTILHADO, PRETO, EM PLACAS 50 X 50 CM, E = 7 MM, PARA ARGAMASSA","M2    ","CR",245.33]
[4800,"PISO DE BORRACHA PASTILHADO EM PLACAS 50 X 50 CM, E = *3,5* MM, PARA COLA, PRETO","M2    ","CR",67.459999999999994]
[4795,"PISO DE BORRACHA PASTILHADO EM PLACAS 50 X 50 CM, E = 15 MM, PARA ARGAMASSA, PRETO","M2    ","CR",393.18]
[39694,"PISO ELEVADO COM 2 PLACAS DE ACO COM ENCHIMENTO DE CONCRETO CELULAR, INCLUSO BASE/HASTE/CRUZETAS, 60 X 60 CM, H = *28* CM, RESISTENCIA CARGA CONCENTRADA 496 KG (COM COLOCACAO)","M2    ","CR",427.69]
[1292,"PISO EM CERAMICA ESMALTADA EXTRA, PEI MAIOR OU IGUAL A 4, FORMATO MAIOR QUE 2025 CM2","M2    ","CR",69.099999999999994]
[1287,"PISO EM CERAMICA ESMALTADA EXTRA, PEI MAIOR OU IGUAL A 4, FORMATO MENOR OU IGUAL A 2025 CM2","M2    ","C ",33.9]
[1297,"PISO EM CERAMICA ESMALTADA, COMERCIAL (PADRAO POPULAR), PEI MAIOR OU IGUAL A 3, FORMATO MENOR OU IGUAL A  2025 CM2","M2    ","CR",28.12]
[4786,"PISO EM GRANILITE, MARMORITE OU GRANITINA, AGREGADO COR PRETO, CINZA, PALHA OU BRANCO, E=  *8* MM (INCLUSO EXECUCAO)","M2    ","AS",120]
[10840,"PISO EM GRANITO, POLIDO, TIPO AMENDOA/ AMARELO CAPRI/ AMARELO DOURADO CARIOCA OU OUTROS EQUIVALENTES DA REGIAO, FORMATO MENOR OU IGUAL A 3025 CM2, E=  *2* CM","M2    ","C ",480]
[10841,"PISO EM GRANITO, POLIDO, TIPO ANDORINHA/ QUARTZ/ CASTELO/ CORUMBA OU OUTROS EQUIVALENTES DA REGIAO, FORMATO MENOR OU IGUAL A 3025 CM2, E=  *2* CM","M2    ","CR",362.26]
[44540,"PISO EM GRANITO, POLIDO, TIPO MARFIM, DALLAS, CARAVELAS OU OUTROS EQUIVALENTES DA REGIAO, FORMATO MENOR OU IGUAL A 3025 CM2, E=  *2*CM","M2    ","CR",462.89]
[10842,"PISO EM GRANITO, POLIDO, TIPO PRETO SAO GABRIEL/ TIJUCA OU OUTROS EQUIVALENTES DA REGIAO, FORMATO MENOR OU IGUAL A 3025 CM2, E=  *2* CM","M2    ","CR",523.27]
[21108,"PISO EM PORCELANATO RETIFICADO EXTRA, FORMATO MENOR OU IGUAL A 2025 CM2","M2    ","CR",92.1]
[38180,"PISO EM REGUA VINILICA SEMIFLEXIVEL, ENCAIXE CLICADO, E = 4 MM (SEM COLOCACAO)","M2    ","CR",197.52]
[40648,"PISO EPOXI AUTONIVELANTE, ESPESSURA *4* MM (INCLUSO EXECUCAO)","M2    ","AS",230.4]
[40649,"PISO EPOXI MULTILAYER, ESPESSURA *2* MM (INCLUSO EXECUCAO)","M2    ","AS",134.19999999999999]
[40650,"PISO FULGET (GRANITO LAVADO) EM PLACAS DE *40 X 40* CM, E = 2,0 CM (SEM COLOCACAO)","M2    ","AS",172.8]
[40651,"PISO FULGET (GRANITO LAVADO) EM PLACAS DE *75 X 75* CM, E = 2,0 CM (SEM COLOCACAO)","M2    ","AS",318.72000000000003]
[40652,"PISO FULGET (GRANITO LAVADO) MOLDADO IN LOCO (INCLUSO EXECUCAO)","M2    ","AS",170.88]
[40647,"PISO INDUSTRIAL EM CONCRETO ARMADO DE ACABAMENTO POLIDO, ESPESSURA 12 CM (CIMENTO QUEIMADO) (INCLUSO EXECUCAO)","M2    ","AS",188.16]
[40653,"PISO KORODUR (INCLUSO EXECUCAO)","M2    ","AS",144]
[36178,"PISO PODOTATIL DE CONCRETO - DIRECIONAL E ALERTA, *40 X 40 X 2,5* CM","UN    ","CR",11.18]
[38195,"PISO PORCELANATO, BORDA RETA, EXTRA, FORMATO MAIOR QUE 2025 CM2","M2    ","CR",108.78]
[38181,"PISO TATIL ALERTA OU DIRECIONAL, DE BORRACHA, COLORIDO, 25 X 25 CM, E = 5 MM, PARA COLA","M2    ","CR",269.64]
[38182,"PISO TATIL DE ALERTA OU DIRECIONAL DE BORRACHA, PRETO, 25 X 25 CM, E = 5 MM, PARA COLA","M2    ","CR",256.83999999999997]
[38186,"PISO TATIL DE ALERTA OU DIRECIONAL, DE BORRACHA, COLORIDO, 25 X 25 CM, E = 12 MM, PARA ARGAMASSA","M2    ","CR",667.63]
[38185,"PISO TATIL DE ALERTA OU DIRECIONAL, DE BORRACHA, PRETO, 25 X 25 CM, E = 12 MM, PARA ARGAMASSA","M2    ","CR",594.41999999999996]
[40654,"PISO URETANO, VERSAO REVESTIMENTO AUTONIVELANTE, ESPESSURA VARIÁVEL DE 3 A 4 MM (INCLUSO EXECUCAO)","M2    ","AS",223.68]
[44541,"PISO/ REVESTIMENTO EM GRANITO, POLIDO, TIPO ANDORINHA/ QUARTZ/ CASTELO/ CORUMBA OU OUTROS EQUIVALENTES DA REGIAO, FORMATO MAIOR OU IGUAL A 3025 CM2, E = *2*CM","M2    ","CR",382.38]
[4822,"PISO/ REVESTIMENTO EM MARMORE, POLIDO, BRANCO COMUM, FORMATO MAIOR OU IGUAL A 3025 CM2, E = *2* CM","M2    ","CR",437.8]
[4818,"PISO/ REVESTIMENTO EM MARMORE, POLIDO, BRANCO COMUM, FORMATO MENOR OU IGUAL A 3025 CM2, E = *2* CM","M2    ","C ",450]
[39567,"PLACA / CHAPA DE GESSO ACARTONADO, ACABAMENTO VINILICO LISO EM UMA DAS FACES, COR BRANCA, BORDA QUADRADA, E = 9,5 MM, *625 X 1250* MM (L X C), PARA FORRO REMOVIVEL","M2    ","CR",37.21]
[39566,"PLACA / CHAPA DE GESSO ACARTONADO, ACABAMENTO VINILICO LISO EM UMA DAS FACES, COR BRANCA, BORDA QUADRADA, E = 9,5 MM, *625 X 625* MM (L X C), PARA FORRO REMOVIVEL","M2    ","CR",39.380000000000003]
[39416,"PLACA / CHAPA DE GESSO ACARTONADO, RESISTENTE A UMIDADE (RU), COR VERDE, E = 12,5 MM, 1200 X 1800 MM (L X C)","M2    ","CR",24]
[39417,"PLACA / CHAPA DE GESSO ACARTONADO, RESISTENTE A UMIDADE (RU), COR VERDE, E = 12,5 MM, 1200 X 2400 MM (L X C)","M2    ","CR",23.41]
[43742,"PLACA / CHAPA DE GESSO ACARTONADO, RESISTENTE A UMIDADE (RU), COR VERDE, E = 15 MM, 1200 X 2400 MM (L X C)","M2    ","CR",25.25]
[39414,"PLACA / CHAPA DE GESSO ACARTONADO, RESISTENTE AO FOGO (RF), COR ROSA, E = 12,5 MM, 1200 X 1800 MM (L X C)","M2    ","CR",22.73]
[39415,"PLACA / CHAPA DE GESSO ACARTONADO, RESISTENTE AO FOGO (RF), COR ROSA, E = 12,5 MM, 1200 X 2400 MM (L X C)","M2    ","CR",19.59]
[43740,"PLACA / CHAPA DE GESSO ACARTONADO, RESISTENTE AO FOGO (RF), COR ROSA, E = 15 MM, 1200 X 2400 MM (L X C)","M2    ","CR",23.93]
[39412,"PLACA / CHAPA DE GESSO ACARTONADO, STANDARD (ST), COR BRANCA, E = 12,5 MM, 1200 X 1800 MM (L X C)","M2    ","C ",16.41]
[39413,"PLACA / CHAPA DE GESSO ACARTONADO, STANDARD (ST), COR BRANCA, E = 12,5 MM, 1200 X 2400 MM (L X C)","M2    ","CR",17.739999999999998]
[43741,"PLACA / CHAPA DE GESSO ACARTONADO, STANDARD (ST), COR BRANCA, E = 15 MM, 1200 X 2400 MM (L X C)","M2    ","CR",18.920000000000002]
[11062,"PLACA CIMENTICIA LISA E = 10 MM, DE 1,20 X *2,50* M (SEM AMIANTO)","M2    ","CR",61.47]
[11063,"PLACA CIMENTICIA LISA E = 6 MM, DE 1,20 X *2,50* M (SEM AMIANTO)","M2    ","CR",37.619999999999997]
[13521,"PLACA DE ACO ESMALTADA PARA  IDENTIFICACAO DE RUA, *45 CM X 20* CM","UN    ","AS",99]
[10851,"PLACA DE ACRILICO TRANSPARENTE ADESIVADA PARA SINALIZACAO DE PORTAS, BORDA POLIDA, DE *25 X 8*, E = 6 MM (NAO INCLUI ACESSORIOS PARA FIXACAO)","UN    ","AS",82.79]
[39515,"PLACA DE FIBRA MINERAL PARA FORRO, DE 1250 X 625 MM, E = 15 MM, BORDA RETA, COM PINTURA ANTIMOFO (NAO INCLUI PERFIS)","UN    ","CR",42.42]
[39516,"PLACA DE FIBRA MINERAL PARA FORRO, DE 625 X 625 MM, E = 15 MM, BORDA REBAIXADA PARA PERFIL 24 MM, COM PINTURA ANTIMOFO (NAO INCLUI PERFIS)","UN    ","CR",35.76]
[39514,"PLACA DE FIBRA MINERAL PARA FORRO, DE 625 X 625 MM, E = 15 MM, BORDA RETA, COM PINTURA ANTIMOFO (NAO INCLUI PERFIS)","UN    ","C ",22.25]
[4812,"PLACA DE GESSO PARA FORRO, *60 X 60* CM, ESPESSURA DE 12 MM (SEM COLOCACAO)","M2    ","CR",9.84]
[10849,"PLACA DE INAUGURACAO EM BRONZE *35X 50*CM","UN    ","AS",1440.01]
[10848,"PLACA DE INAUGURACAO METALICA, *40* CM X *60* CM","UN    ","AS",904.5]
[4813,"PLACA DE OBRA (PARA CONSTRUCAO CIVIL) EM CHAPA GALVANIZADA *N. 22*, ADESIVADA, DE *2,4 X 1,2* M (SEM POSTES PARA FIXACAO)","M2    ","AS",300]
[37560,"PLACA DE SINALIZACAO DE SEGURANCA CONTRA INCENDIO - ALERTA, TRIANGULAR, BASE DE *30* CM, EM PVC *2* MM ANTI-CHAMAS (SIMBOLOS, CORES E PICTOGRAMAS CONFORME NBR 16820)","UN    ","CR",68.900000000000006]
[37557,"PLACA DE SINALIZACAO DE SEGURANCA CONTRA INCENDIO, FOTOLUMINESCENTE, QUADRADA, *14 X 14* CM, EM PVC *2* MM ANTI-CHAMAS (SIMBOLOS, CORES E PICTOGRAMAS CONFORME NBR 16820)","UN    ","CR",20.92]
[37556,"PLACA DE SINALIZACAO DE SEGURANCA CONTRA INCENDIO, FOTOLUMINESCENTE, QUADRADA, *20 X 20* CM, EM PVC *2* MM ANTI-CHAMAS (SIMBOLOS, CORES E PICTOGRAMAS CONFORME NBR 16820)","UN    ","CR",40.479999999999997]
[37559,"PLACA DE SINALIZACAO DE SEGURANCA CONTRA INCENDIO, FOTOLUMINESCENTE, RETANGULAR, *12 X 40* CM, EM PVC *2* MM ANTI-CHAMAS (SIMBOLOS, CORES E PICTOGRAMAS CONFORME NBR 16820)","UN    ","CR",49.66]
[37539,"PLACA DE SINALIZACAO DE SEGURANCA CONTRA INCENDIO, FOTOLUMINESCENTE, RETANGULAR, *13 X 26* CM, EM PVC *2* MM ANTI-CHAMAS (SIMBOLOS, CORES E PICTOGRAMAS CONFORME NBR 16820)","UN    ","C ",35]
[37558,"PLACA DE SINALIZACAO DE SEGURANCA CONTRA INCENDIO, FOTOLUMINESCENTE, RETANGULAR, *20 X 40* CM, EM PVC *2* MM ANTI-CHAMAS (SIMBOLOS, CORES E PICTOGRAMAS CONFORME NBR 16820)","UN    ","CR",65.260000000000005]
[34723,"PLACA DE SINALIZACAO EM CHAPA DE ACO NUM 16 COM PINTURA REFLETIVA","M2    ","AS",693]
[34721,"PLACA DE SINALIZACAO EM CHAPA DE ALUMINIO COM PINTURA REFLETIVA, E = 2 MM","M2    ","AS",864]
[4309,"PLACA DE VENTILACAO PARA TELHA DE FIBROCIMENTO CANALETE 49 KALHETA","UN    ","CR",6.02]
[4307,"PLACA DE VENTILACAO PARA TELHA DE FIBROCIMENTO, CANALETE 90 OU KALHETAO","UN    ","CR",10.3]
[10850,"PLACA NUMERACAO RESIDENCIAL EM CHAPA GALVANIZADA ESMALTADA 12 X 18 CM","UN    ","AS",45]
[42438,"PLACA ORIENTATIVA SOBRE EXERCÍCIOS, 2,00M X 1,00M, EM TUBO DE ACO CARBONO, PINTURA NO PROCESSO ELETROSTATICO - PARA ACADEMIA AO AR LIVRE / ACADEMIA DA TERCEIRA IDADE - ATI","UN    ","AS",2072.34]
[4792,"PLACA VINILICA SEMIFLEXIVEL PARA PISOS, E = 3,2 MM, 30 X 30 CM (SEM COLOCACAO)","M2    ","CR",189.61]
[4790,"PLACA VINILICA SEMIFLEXIVEL PARA REVESTIMENTO DE PISOS E PAREDES, E = 2 MM (SEM COLOCACAO)","M2    ","C ",114]
[40671,"PLACA/PISO DE CONCRETO POROSO/ PAVIMENTO PERMEAVEL/BLOCO DRENANTE DE CONCRETO, 40 CM X 40 CM, E = 6 CM, COR NATURAL","M2    ","CR",73.38]
[7552,"PLACA/TAMPA CEGA EM LATAO ESCOVADO PARA CONDULETE EM LIGA DE ALUMINIO 4 X 4\"","UN    ","AS",27.37]
[4893,"PLUG OU BUJAO DE FERRO GALVANIZADO, DE 1 1/2\"","UN    ","AS",14.78]
[4894,"PLUG OU BUJAO DE FERRO GALVANIZADO, DE 1 1/4\"","UN    ","AS",12.68]
[4888,"PLUG OU BUJAO DE FERRO GALVANIZADO, DE 1/2\"","UN    ","AS",4.32]
[4890,"PLUG OU BUJAO DE FERRO GALVANIZADO, DE 1\"","UN    ","AS",8.11]
[12411,"PLUG OU BUJAO DE FERRO GALVANIZADO, DE 2 1/2\"","UN    ","AS",43.71]
[4891,"PLUG OU BUJAO DE FERRO GALVANIZADO, DE 2\"","UN    ","AS",21.85]
[4889,"PLUG OU BUJAO DE FERRO GALVANIZADO, DE 3/4\"","UN    ","AS",5.84]
[4892,"PLUG OU BUJAO DE FERRO GALVANIZADO, DE 3\"","UN    ","AS",61.2]
[12412,"PLUG OU BUJAO DE FERRO GALVANIZADO, DE 4\"","UN    ","AS",113.74]
[4907,"PLUG PVC, JE, DN 100 MM, PARA REDE COLETORA ESGOTO","UN    ","CR",21.21]
[4902,"PLUG PVC, JE, DN 150 MM, PARA REDE COLETORA ESGOTO","UN    ","CR",55.03]
[11096,"PO DE MARMORE (POSTO PEDREIRA/FORNECEDOR, SEM FRETE)","KG    ","CR",1.22]
[4741,"PO DE PEDRA (POSTO PEDREIRA/FORNECEDOR, SEM FRETE)","M3    ","CR",84.07]
[4752,"POCEIRO / ESCAVADOR DE VALAS E TUBULOES","H     ","CR",16.899999999999999]
[41091,"POCEIRO / ESCAVADOR DE VALAS E TUBULOES (MENSALISTA)","MES   ","CR",2949.72]
[13954,"POLIDORA DE PISO (POLITRIZ) ELETRICA, MOTOR MONOFASICO DE 4 HP, PESO DE 100 KG, DIAMETRO DO TRABALHO DE 450 MM","UN    ","AS",7693.61]
[3411,"POLIESTIRENO EXPANDIDO/EPS (ISOPOR), PEROLAS, PARA CONCRETO LEVE","KG    ","AS",57.7]
[39995,"POLIESTIRENO EXPANDIDO/EPS (ISOPOR), TIPO 2F, BLOCO","M3    ","AS",443.92]
[11615,"POLIESTIRENO EXPANDIDO/EPS (ISOPOR), TIPO 2F, PLACA, ISOLAMENTO TERMOACUSTICO, E = 10 MM, 1000 X 500 MM","M2    ","AS",3.76]
[3408,"POLIESTIRENO EXPANDIDO/EPS (ISOPOR), TIPO 2F, PLACA, ISOLAMENTO TERMOACUSTICO, E = 20 MM, 1000 X 500 MM","M2    ","AS",10]
[3409,"POLIESTIRENO EXPANDIDO/EPS (ISOPOR), TIPO 2F, PLACA, ISOLAMENTO TERMOACUSTICO, E = 50 MM, 1000 X 500 MM","M2    ","AS",25]
[11427,"POLVORA NEGRA","KG    ","AS",112.53]
[4491,"PONTALETE *7,5 X 7,5* CM EM PINUS, MISTA OU EQUIVALENTE DA REGIAO - BRUTA","M     ","CR",10.050000000000001]
[2745,"PONTALETE ROLIÇO SEM TRATAMENTO, D = 8 A 11 CM, H = 3 M, EM EUCALIPTO OU EQUIVALENTE DA REGIAO - BRUTA (PARA ESCORAMENTO)","M     ","CR",4.0999999999999996]
[14439,"PONTALETE ROLIÇO SEM TRATAMENTO, D = 8 A 11 CM, H = 6 M, EM EUCALIPTO OU EQUIVALENTE DA REGIAO - BRUTA (PARA ESCORAMENTO)","M     ","CR",5.08]
[44496,"PONTEIRO PARA MARTELO ROMPEDOR, DIAMETRO = *28* MM, COMPRIMENTO = *520* MM, ENCAIXE  SEXTAVADO","UN    ","CR",179.65]
[12362,"PORCA OLHAL EM ACO GALVANIZADO, ESPESSURA 16MM, ABERTURA 21MM","UN    ","AS",18.22]
[421,"PORCA OLHAL M 16,  EM ACO GALVANIZADO, DIAMETRO = 16 MM","UN    ","AS",22.02]
[14148,"PORCA UNIAO/JUNCAO ZINCADA SEXTAVADA 1/4 \", CHAVE 7/16 \", COMPRIMENTO = 25 MM","UN    ","AS",0.93]
[4341,"PORCA ZINCADA, QUADRADA, DIAMETRO 3/8\"","UN    ","CR",1.33]
[4337,"PORCA ZINCADA, QUADRADA, DIAMETRO 5/8\"","UN    ","CR",3.35]
[4339,"PORCA ZINCADA, SEXTAVADA, DIAMETRO 1/2\"","UN    ","CR",0.71]
[39997,"PORCA ZINCADA, SEXTAVADA, DIAMETRO 1/4\"","UN    ","CR",0.4]
[11971,"PORCA ZINCADA, SEXTAVADA, DIAMETRO 1\"","UN    ","CR",5.55]
[4342,"PORCA ZINCADA, SEXTAVADA, DIAMETRO 3/8\"","UN    ","CR",0.28999999999999998]
[4330,"PORCA ZINCADA, SEXTAVADA, DIAMETRO 5/16\"","UN    ","CR",0.19]
[4340,"PORCA ZINCADA, SEXTAVADA, DIAMETRO 5/8\"","UN    ","CR",1.55]
[5088,"PORTA CADEADO EM ACO GALVANIZADO, COMPRIMENTO DE 3  1/2\"","UN    ","CR",7.27]
[11154,"PORTA CORTA-FOGO PARA SAIDA DE EMERGENCIA, COM FECHADURA, VAO LUZ DE 90 X 210 CM, CLASSE P-90 (NBR 11742)","UN    ","AS",1596.44]
[4989,"PORTA DE ABRIR / GIRO, DE MADEIRA FOLHA MEDIA (NBR 15930) DE 1000 X 2100 MM, DE 35 MM A 40 MM DE ESPESSURA, NUCLEO SEMI-SOLIDO (SARRAFEADO), CAPA LISA EM HDF, ACABAMENTO EM LAMINADO NATURAL PARA VERNIZ","UN    ","CR",230.82]
[4982,"PORTA DE ABRIR / GIRO, DE MADEIRA FOLHA MEDIA (NBR 15930) DE 1000 X 2100 MM, DE 35 MM A 40 MM DE ESPESSURA, NUCLEO SEMI-SOLIDO (SARRAFEADO), CAPA LISA EM HDF, ACABAMENTO EM PRIMER PARA PINTURA","UN    ","CR",216.5]
[4962,"PORTA DE ABRIR / GIRO, DE MADEIRA FOLHA MEDIA (NBR 15930) DE 700 X 2100 MM, DE 35 MM A 40 MM DE ESPESSURA, NUCLEO SEMI-SOLIDO (SARRAFEADO), CAPA FRISADA EM HDF, ACABAMENTO MELAMINICO EM PADRAO MADEIRA","UN    ","CR",170.74]
[4981,"PORTA DE ABRIR / GIRO, DE MADEIRA FOLHA MEDIA (NBR 15930) DE 700 X 2100 MM, DE 35 MM A 40 MM DE ESPESSURA, NUCLEO SEMI-SOLIDO (SARRAFEADO), CAPA LISA EM HDF, ACABAMENTO EM LAMINADO NATURAL PARA VERNIZ","UN    ","C ",152]
[4964,"PORTA DE ABRIR / GIRO, DE MADEIRA FOLHA MEDIA (NBR 15930) DE 800 X 2100 MM, DE 35 MM A 40 MM DE ESPESSURA, NUCLEO SEMI-SOLIDO (SARRAFEADO), CAPA FRISADA EM HDF, ACABAMENTO MELAMINICO EM PADRAO MADEIRA","UN    ","CR",192.83]
[4992,"PORTA DE ABRIR / GIRO, DE MADEIRA FOLHA MEDIA (NBR 15930) DE 800 X 2100 MM, DE 35 MM A 40 MM DE ESPESSURA, NUCLEO SEMI-SOLIDO (SARRAFEADO), CAPA LISA EM HDF, ACABAMENTO EM LAMINADO NATURAL PARA VERNIZ","UN    ","CR",188.36]
[4987,"PORTA DE ABRIR / GIRO, DE MADEIRA FOLHA MEDIA (NBR 15930) DE 900 X 2100 MM, DE 35 MM A 40 MM DE ESPESSURA, NUCLEO SEMI-SOLIDO (SARRAFEADO), CAPA LISA EM HDF, ACABAMENTO EM LAMINADO NATURAL PARA VERNIZ","UN    ","CR",215.5]
[4930,"PORTA DE ABRIR / GIRO, EM GRADIL FERRO, COM BARRA CHATA 3 CM X 1/4\", COM REQUADRO E GUARNICAO - COMPLETO - ACABAMENTO NATURAL","M2    ","AS",676.2]
[39021,"PORTA DE ABRIR EM ACO COM DIVISAO HORIZONTAL PARA VIDROS, COM FUNDO ANTICORROSIVO/PRIMER DE PROTECAO, SEM GUARNICAO/ALIZAR/VISTA, VIDROS NAO INCLUSOS, 90 X 210 CM","UN    ","AS",718.97]
[39022,"PORTA DE ABRIR EM ACO TIPO VENEZIANA, COM FUNDO ANTICORROSIVO / PRIMER DE PROTECAO, SEM GUARNICAO/ALIZAR/VISTA, 90 X 210 CM","UN    ","AS",644]
[39024,"PORTA DE ABRIR EM ALUMINIO COM DIVISAO HORIZONTAL  PARA VIDROS,  ACABAMENTO ANODIZADO NATURAL, VIDROS INCLUSOS, SEM GUARNICAO/ALIZAR/VISTA , 87 X 210 CM","UN    ","CR",586.29]
[4914,"PORTA DE ABRIR EM ALUMINIO COM LAMBRI HORIZONTAL/LAMINADA, ACABAMENTO ANODIZADO NATURAL, SEM GUARNICAO/ALIZAR/VISTA","M2    ","CR",475.38]
[4917,"PORTA DE ABRIR EM ALUMINIO TIPO VENEZIANA, ACABAMENTO ANODIZADO NATURAL, SEM GUARNICAO/ALIZAR/VISTA","M2    ","C ",328.3]
[39025,"PORTA DE ABRIR EM ALUMINIO TIPO VENEZIANA, ACABAMENTO ANODIZADO NATURAL, SEM GUARNICAO/ALIZAR/VISTA, 87 X 210 CM","UN    ","CR",601.17999999999995]
[4922,"PORTA DE CORRER EM ALUMINIO, DUAS FOLHAS MOVEIS COM VIDRO, FECHADURA E PUXADOR EMBUTIDO, ACABAMENTO ANODIZADO NATURAL, SEM GUARNICAO/ALIZAR/VISTA","M2    ","CR",304.52999999999997]
[4911,"PORTA DE ENROLAR MANUAL COMPLETA, ARTICULADA RAIADA LARGA, EM ACO GALVANIZADO NATURAL, CHAPA NUMERO 24 (SEM INSTALACAO)","M2    ","CR",367.64]
[37518,"PORTA DE ENROLAR MANUAL COMPLETA, PERFIL MEIA CANA CEGA, EM ACO GALVANIZADO COM PINTURA ELETROSTATICA, CHAPA NUMERO 24 \" (SEM INSTALACAO)","M2    ","CR",597.41]
[4910,"PORTA DE ENROLAR MANUAL COMPLETA, PERFIL MEIA CANA CEGA, EM ACO GALVANIZADO NATURAL, CHAPA NUMERO 24 (SEM INSTALACAO)","M2    ","CR",503.62]
[4943,"PORTA DE ENROLAR MANUAL COMPLETA, PERFIL MEIA CANA VAZADA TIJOLINHO, EM ACO GALVANIZADO NATURAL, CHAPA NUMERO 24 (SEM INSTALACAO)","M2    ","CR",750.28]
[5002,"PORTA DE MADEIRA QUADRICULADA PARA VIDRO, DE CORRER (EUCALIPTO OU EQUIVALENTE REGIONAL), E = *3,5* CM","M2    ","CR",631.83000000000004]
[4977,"PORTA DE MADEIRA TIPO VENEZIANA (EUCALIPTO OU EQUIVALENTE REGIONAL), E = *3,5* CM","M2    ","CR",426.51]
[5028,"PORTA DE MADEIRA-DE-LEI QUADRICULADA PARA VIDRO, DE CORRER (ANGELIM OU EQUIVALENTE REGIONAL), E = *3,5* CM","M2    ","CR",1043.5899999999999]
[4998,"PORTA DE MADEIRA-DE-LEI TIPO MEXICANA SEM EMENDA (ANGELIM OU EQUIVALENTE REGIONAL), E = *3,5* CM","M2    ","CR",866.73]
[4969,"PORTA DE MADEIRA-DE-LEI TIPO VENEZIANA (ANGELIM OU EQUIVALENTE REGIONAL), E = *3,5* CM","M2    ","C ",603.21]
[11364,"PORTA DE MADEIRA, FOLHA LEVE (NBR 15930) DE 600 X 2100 MM, DE 35 MM A 40 MM DE ESPESSURA, NUCLEO COLMEIA, CAPA LISA EM HDF, ACABAMENTO EM PRIMER PARA PINTURA","UN    ","CR",130.58000000000001]
[11365,"PORTA DE MADEIRA, FOLHA LEVE (NBR 15930) DE 700 X 2100 MM, DE 35 MM A 40 MM DE ESPESSURA, NUCLEO COLMEIA, CAPA LISA EM HDF, ACABAMENTO EM PRIMER PARA PINTURA","UN    ","CR",135.51]
[11366,"PORTA DE MADEIRA, FOLHA LEVE (NBR 15930) DE 800 X 2100 MM, DE 35 MM A 40 MM DE ESPESSURA, NUCLEO COLMEIA, CAPA LISA EM HDF, ACABAMENTO EM PRIMER PARA PINTURA","UN    ","CR",144.05000000000001]
[43777,"PORTA DE MADEIRA, FOLHA LEVE (NBR 15930), DE 600 X 2100 MM, E = 35 MM, NUCLEO COLMEIA, CAPA LISA EM HDF, ACABAMENTO MELAMINICO EM PADRAO MADEIRA","UN    ","CR",169.2]
[20322,"PORTA DE MADEIRA, FOLHA MEDIA (NBR 15930) DE 600 X 2100 MM, DE 35 MM A 40 MM DE ESPESSURA, NUCLEO SEMI-SOLIDO (SARRAFEADO), CAPA FRISADA EM HDF, ACABAMENTO MELAMINICO EM PADRAO MADEIRA","UN    ","CR",157.07]
[10553,"PORTA DE MADEIRA, FOLHA MEDIA (NBR 15930) DE 600 X 2100 MM, DE 35 MM A 40 MM DE ESPESSURA, NUCLEO SEMI-SOLIDO (SARRAFEADO), CAPA LISA EM HDF, ACABAMENTO EM PRIMER PARA PINTURA","UN    ","CR",142.62]
[5020,"PORTA DE MADEIRA, FOLHA MEDIA (NBR 15930) DE 600 X 2100 MM, DE 35 MM A 40 MM DE ESPESSURA, NUCLEO SEMI-SOLIDO (SARRAFEADO), CAPA LISA EM HDF, ACABAMENTO LAMINADO NATURAL PARA VERNIZ","UN    ","CR",150.37]
[10554,"PORTA DE MADEIRA, FOLHA MEDIA (NBR 15930) DE 700 X 2100 MM, DE 35 MM A 40 MM DE ESPESSURA, NUCLEO SEMI-SOLIDO (SARRAFEADO), CAPA LISA EM HDF, ACABAMENTO EM PRIMER PARA PINTURA","UN    ","CR",143.88999999999999]
[10555,"PORTA DE MADEIRA, FOLHA MEDIA (NBR 15930) DE 800 X 2100 MM, DE 35 MM A 40 MM DE ESPESSURA, NUCLEO SEMI-SOLIDO (SARRAFEADO), CAPA LISA EM HDF, ACABAMENTO EM PRIMER PARA PINTURA","UN    ","CR",156.91]
[10556,"PORTA DE MADEIRA, FOLHA MEDIA (NBR 15930) DE 900 X 2100 MM, DE 35 MM A 40 MM DE ESPESSURA, NUCLEO SEMI-SOLIDO (SARRAFEADO), CAPA LISA EM HDF, ACABAMENTO EM PRIMER PARA PINTURA","UN    ","CR",208.63]
[39502,"PORTA DE MADEIRA, FOLHA PESADA (NBR 15930) DE 800 X 2100 MM, DE 40 MM A 45 MM DE ESPESSURA, NUCLEO SOLIDO, CAPA LISA EM HDF, ACABAMENTO EM LAMINADO NATURAL PARA VERNIZ","UN    ","CR",292.97000000000003]
[39504,"PORTA DE MADEIRA, FOLHA PESADA (NBR 15930) DE 800 X 2100 MM, DE 40 MM A 45 MM DE ESPESSURA, NUCLEO SOLIDO, CAPA LISA EM HDF, ACABAMENTO EM PRIMER PARA PINTURA","UN    ","CR",323.97000000000003]
[39503,"PORTA DE MADEIRA, FOLHA PESADA (NBR 15930) DE 900 X 2100 MM, DE 40 MM A 45 MM DE ESPESSURA, NUCLEO SOLIDO, CAPA LISA EM HDF, ACABAMENTO EM LAMINADO NATURAL PARA VERNIZ","UN    ","CR",340.97]
[39505,"PORTA DE MADEIRA, FOLHA PESADA (NBR 15930) DE 900 X 2100 MM, DE 40 MM A 45 MM DE ESPESSURA, NUCLEO SOLIDO, CAPA LISA EM HDF, ACABAMENTO EM PRIMER PARA PINTURA","UN    ","CR",367.44]
[44471,"PORTA DENTE PARA  FRESADORA","UN    ","AS",592.29]
[4944,"PORTA GRADE DE ENROLAR MANUAL COMPLETA, PERFIL TUBULAR TIJOLINHO 3/4 \", EM ACO GALVANIZADO NATURAL (SEM INSTALACAO)","M2    ","CR",1121.67]
[21102,"PORTA TOALHA BANHO EM METAL CROMADO, TIPO BARRA","UN    ","CR",76.760000000000005]
[21101,"PORTA TOALHA ROSTO EM METAL CROMADO, TIPO ARGOLA","UN    ","CR",49.29]
[34713,"PORTA VIDRO TEMPERADO INCOLOR, 2 FOLHAS DE CORRER, E = 10 MM (SEM FERRAGENS E SEM COLOCACAO)","M2    ","CR",391.04]
[37563,"PORTAO BASCULANTE, MANUAL, EM ACO GALVANIZADO, CHAPA 26, TIPO LAMBRIL, COM REQUADRO, ACABAMENTO NATURAL","M2    ","AS",744.06]
[4948,"PORTAO DE ABRIR / GIRO, EM GRADIL DE METALON REDONDO DE 3/4\"  VERTICAL, COM REQUADRO, ACABAMENTO NATURAL - COMPLETO","M2    ","AS",647.35]
[37561,"PORTAO DE CORRER EM CHAPA TIPO PAINEL LAMBRIL QUADRADO, COM PORTA SOCIAL COMPLETA INCLUIDA, COM REQUADRO, ACABAMENTO NATURAL, COM TRILHOS E ROLDANAS","M2    ","AS",603.75]
[37562,"PORTAO DE CORRER EM GRADIL FIXO DE BARRA DE FERRO CHATA DE 3 X 1/4\" NA VERTICAL, SEM REQUADRO, ACABAMENTO NATURAL, COM TRILHOS E ROLDANAS","M2    ","AS",791.58]
[14164,"POSTE CONICO CONTINUO EM ACO GALVANIZADO, CURVO, BRACO DUPLO, ENGASTADO,  H = 9 M, DIAMETRO INFERIOR = *135* MM","UN    ","AS",2044.58]
[14163,"POSTE CONICO CONTINUO EM ACO GALVANIZADO, CURVO, BRACO DUPLO, FLANGEADO,  H = 9 M, DIAMETRO INFERIOR = *135* MM","UN    ","AS",2323.8000000000002]
[5051,"POSTE CONICO CONTINUO EM ACO GALVANIZADO, CURVO, BRACO SIMPLES, ENGASTADO,  H = 9 M, DIAMETRO INFERIOR = *135* MM","UN    ","AS",1976.36]
[14162,"POSTE CONICO CONTINUO EM ACO GALVANIZADO, CURVO, BRACO SIMPLES, FLANGEADO,  H = 9 M, DIAMETRO INFERIOR = *135* MM","UN    ","AS",1973.49]
[5052,"POSTE CONICO CONTINUO EM ACO GALVANIZADO, CURVO, BRACO SIMPLES, FLANGEADO, H = 7 M, DIAMETRO INFERIOR = *125* MM","UN    ","AS",1472.5]
[14166,"POSTE CONICO CONTINUO EM ACO GALVANIZADO, RETO, ENGASTADO,  H = 7 M, DIAMETRO INFERIOR = *125* MM","UN    ","AS",1491.2]
[14165,"POSTE CONICO CONTINUO EM ACO GALVANIZADO, RETO, ENGASTADO,  H = 9 M, DIAMETRO INFERIOR = *145* MM","UN    ","AS",2065.84]
[5050,"POSTE CONICO CONTINUO EM ACO GALVANIZADO, RETO, FLANGEADO,  H = 3 M, DIAMETRO INFERIOR = *95* MM","UN    ","AS",508.45]
[12366,"POSTE DE CONCRETO ARMADO DE SECAO CIRCULAR, EXTENSAO DE 10,00 M, RESISTENCIA DE 150 A 200 DAN, TIPO C-14","UN    ","CR",1372.49]
[5045,"POSTE DE CONCRETO ARMADO DE SECAO CIRCULAR, EXTENSAO DE 11,00 M, RESISTENCIA DE 200 A 300 DAN, TIPO C-14","UN    ","CR",2179.9699999999998]
[5035,"POSTE DE CONCRETO ARMADO DE SECAO CIRCULAR, EXTENSAO DE 11,00 M, RESISTENCIA DE 300 A 400 DAN, TIPO C-17","UN    ","CR",3344.47]
[41180,"POSTE DE CONCRETO ARMADO DE SECAO CIRCULAR, EXTENSAO DE 13,00 M, RESISTENCIA DE 1000 DAN, TIPO C-23","UN    ","CR",4900.54]
[41181,"POSTE DE CONCRETO ARMADO DE SECAO CIRCULAR, EXTENSAO DE 13,00 M, RESISTENCIA DE 1500 DAN, TIPO C-29","UN    ","CR",6488.16]
[41182,"POSTE DE CONCRETO ARMADO DE SECAO CIRCULAR, EXTENSAO DE 13,00 M, RESISTENCIA DE 2000 DAN, TIPO C-29","UN    ","CR",9307.7999999999993]
[41183,"POSTE DE CONCRETO ARMADO DE SECAO CIRCULAR, EXTENSAO DE 13,00 M, RESISTENCIA DE 2500 DAN, TIPO C-29","UN    ","CR",11620.99]
[41184,"POSTE DE CONCRETO ARMADO DE SECAO CIRCULAR, EXTENSAO DE 13,00 M, RESISTENCIA DE 3000 DAN, TIPO C-29","UN    ","CR",17693.66]
[41185,"POSTE DE CONCRETO ARMADO DE SECAO CIRCULAR, EXTENSAO DE 14,00 M, RESISTENCIA DE 1000 DAN, TIPO C-23","UN    ","CR",6561.61]
[41186,"POSTE DE CONCRETO ARMADO DE SECAO CIRCULAR, EXTENSAO DE 14,00 M, RESISTENCIA DE 1500 DAN, TIPO C-29","UN    ","CR",9195.33]
[41187,"POSTE DE CONCRETO ARMADO DE SECAO CIRCULAR, EXTENSAO DE 14,00 M, RESISTENCIA DE 2000 DAN, TIPO C-29","UN    ","CR",12331.7]
[41188,"POSTE DE CONCRETO ARMADO DE SECAO CIRCULAR, EXTENSAO DE 14,00 M, RESISTENCIA DE 2500 DAN, TIPO C-29","UN    ","CR",15769.5]
[5036,"POSTE DE CONCRETO ARMADO DE SECAO CIRCULAR, EXTENSAO DE 14,00 M, RESISTENCIA DE 300 A 400 DAN, TIPO C-17","UN    ","CR",1182.46]
[41189,"POSTE DE CONCRETO ARMADO DE SECAO CIRCULAR, EXTENSAO DE 14,00 M, RESISTENCIA DE 3000 DAN, TIPO C-29","UN    ","CR",20273.34]
[41190,"POSTE DE CONCRETO ARMADO DE SECAO CIRCULAR, EXTENSAO DE 15,00 M, RESISTENCIA DE 1000 DAN, TIPO C-23","UN    ","CR",7050.36]
[41191,"POSTE DE CONCRETO ARMADO DE SECAO CIRCULAR, EXTENSAO DE 15,00 M, RESISTENCIA DE 1500 DAN, TIPO C-29","UN    ","CR",10811.46]
[41192,"POSTE DE CONCRETO ARMADO DE SECAO CIRCULAR, EXTENSAO DE 15,00 M, RESISTENCIA DE 2000 DAN, TIPO C-29","UN    ","CR",11270.86]
[41193,"POSTE DE CONCRETO ARMADO DE SECAO CIRCULAR, EXTENSAO DE 15,00 M, RESISTENCIA DE 2500 DAN, TIPO C-29","UN    ","CR",18416.22]
[41194,"POSTE DE CONCRETO ARMADO DE SECAO CIRCULAR, EXTENSAO DE 15,00 M, RESISTENCIA DE 3000 DAN, TIPO C-29","UN    ","CR",21974.720000000001]
[5044,"POSTE DE CONCRETO ARMADO DE SECAO CIRCULAR, EXTENSAO DE 9,00 M, RESISTENCIA DE 200 A 300 DAN, TIPO C-14","UN    ","CR",1896.02]
[5059,"POSTE DE CONCRETO ARMADO DE SECAO CIRCULAR, EXTENSAO DE 9,00 M, RESISTENCIA DE 300 A 400 DAN, TIPO C-17","UN    ","CR",1414.08]
[41201,"POSTE DE CONCRETO ARMADO DE SECAO DUPLO T, EXTENSAO DE 10,00 M, RESISTENCIA DE 1000 DAN, TIPO B-1,5","UN    ","CR",2869.76]
[41199,"POSTE DE CONCRETO ARMADO DE SECAO DUPLO T, EXTENSAO DE 10,00 M, RESISTENCIA DE 150 DAN, TIPO D","UN    ","CR",922.16]
[5057,"POSTE DE CONCRETO ARMADO DE SECAO DUPLO T, EXTENSAO DE 10,00 M, RESISTENCIA DE 300 A 400 DAN, TIPO B OU D","UN    ","CR",1248.44]
[41200,"POSTE DE CONCRETO ARMADO DE SECAO DUPLO T, EXTENSAO DE 10,00 M, RESISTENCIA DE 600 DAN, TIPO B","UN    ","CR",1794.85]
[41205,"POSTE DE CONCRETO ARMADO DE SECAO DUPLO T, EXTENSAO DE 11,00 M, RESISTENCIA DE 1000 DAN, TIPO B-1,5","UN    ","CR",3325.83]
[41202,"POSTE DE CONCRETO ARMADO DE SECAO DUPLO T, EXTENSAO DE 11,00 M, RESISTENCIA DE 150 DAN, TIPO D","UN    ","CR",970.5]
[41206,"POSTE DE CONCRETO ARMADO DE SECAO DUPLO T, EXTENSAO DE 11,00 M, RESISTENCIA DE 1500 DAN, TIPO B-3,0","UN    ","CR",4384.96]
[12372,"POSTE DE CONCRETO ARMADO DE SECAO DUPLO T, EXTENSAO DE 11,00 M, RESISTENCIA DE 200 DAN, TIPO D","UN    ","CR",1019.03]
[41207,"POSTE DE CONCRETO ARMADO DE SECAO DUPLO T, EXTENSAO DE 11,00 M, RESISTENCIA DE 2000 DAN, TIPO B-4,5","UN    ","CR",5903.02]
[41203,"POSTE DE CONCRETO ARMADO DE SECAO DUPLO T, EXTENSAO DE 11,00 M, RESISTENCIA DE 300 DAN, TIPO B","UN    ","CR",1554.63]
[41204,"POSTE DE CONCRETO ARMADO DE SECAO DUPLO T, EXTENSAO DE 11,00 M, RESISTENCIA DE 600 DAN, TIPO B","UN    ","CR",2197.85]
[41210,"POSTE DE CONCRETO ARMADO DE SECAO DUPLO T, EXTENSAO DE 12,00 M, RESISTENCIA DE 1000 DAN, TIPO B-1,5","UN    ","CR",3671.46]
[41208,"POSTE DE CONCRETO ARMADO DE SECAO DUPLO T, EXTENSAO DE 12,00 M, RESISTENCIA DE 150 DAN, TIPO D","UN    ","CR",1285.22]
[41211,"POSTE DE CONCRETO ARMADO DE SECAO DUPLO T, EXTENSAO DE 12,00 M, RESISTENCIA DE 1500 DAN, TIPO B-3,0","UN    ","CR",5173.03]
[13339,"POSTE DE CONCRETO ARMADO DE SECAO DUPLO T, EXTENSAO DE 12,00 M, RESISTENCIA DE 300 A 400 DAN, TIPO B OU D","UN    ","CR",1741.79]
[41213,"POSTE DE CONCRETO ARMADO DE SECAO DUPLO T, EXTENSAO DE 12,00 M, RESISTENCIA DE 3000 DAN, TIPO B-6,0","UN    ","CR",10722.43]
[41209,"POSTE DE CONCRETO ARMADO DE SECAO DUPLO T, EXTENSAO DE 12,00 M, RESISTENCIA DE 600 DAN, TIPO B","UN    ","CR",2396.4899999999998]
[41216,"POSTE DE CONCRETO ARMADO DE SECAO DUPLO T, EXTENSAO DE 13,00 M, RESISTENCIA DE 1000 DAN, TIPO B-1,5","UN    ","CR",4488.93]
[41217,"POSTE DE CONCRETO ARMADO DE SECAO DUPLO T, EXTENSAO DE 13,00 M, RESISTENCIA DE 1500 DAN, TIPO B-3,0","UN    ","CR",7197.36]
[41218,"POSTE DE CONCRETO ARMADO DE SECAO DUPLO T, EXTENSAO DE 13,00 M, RESISTENCIA DE 2000 DAN, TIPO B-4,5","UN    ","CR",9651.8799999999992]
[41214,"POSTE DE CONCRETO ARMADO DE SECAO DUPLO T, EXTENSAO DE 13,00 M, RESISTENCIA DE 300 DAN, TIPO B","UN    ","CR",2035.08]
[41215,"POSTE DE CONCRETO ARMADO DE SECAO DUPLO T, EXTENSAO DE 13,00 M, RESISTENCIA DE 600 DAN, TIPO B","UN    ","CR",3064.09]
[41221,"POSTE DE CONCRETO ARMADO DE SECAO DUPLO T, EXTENSAO DE 15,00 M, RESISTENCIA DE 1500 DAN, TIPO B-3,0","UN    ","CR",8872.1200000000008]
[41222,"POSTE DE CONCRETO ARMADO DE SECAO DUPLO T, EXTENSAO DE 15,00 M, RESISTENCIA DE 2000 DAN, TIPO B-4,5","UN    ","CR",12696.11]
[41195,"POSTE DE CONCRETO ARMADO DE SECAO DUPLO T, EXTENSAO DE 8,00 M, RESISTENCIA DE 150 DAN, TIPO D","UN    ","CR",652.54]
[41198,"POSTE DE CONCRETO ARMADO DE SECAO DUPLO T, EXTENSAO DE 9,00 M, RESISTENCIA DE 1000 DAN, TIPO B-1,5","UN    ","CR",2549.9899999999998]
[41196,"POSTE DE CONCRETO ARMADO DE SECAO DUPLO T, EXTENSAO DE 9,00 M, RESISTENCIA DE 150 DAN, TIPO D","UN    ","CR",808.86]
[5033,"POSTE DE CONCRETO ARMADO DE SECAO DUPLO T, EXTENSAO DE 9,00 M, RESISTENCIA DE 300 A 400 DAN, TIPO B OU D","UN    ","C ",1062]
[41197,"POSTE DE CONCRETO ARMADO DE SECAO DUPLO T, EXTENSAO DE 9,00 M, RESISTENCIA DE 600 DAN, TIPO B","UN    ","CR",1577.46]
[12388,"POSTE DECORATIVO PARA JARDIM EM ACO TUBULAR, SEM LUMINARIA, H = *2,5* M","UN    ","AS",300.95999999999998]
[2731,"POSTE ROLICO DE MADEIRA TRATADA, D = 20 A 25 CM, H = 12,00 M, EM EUCALIPTO OU EQUIVALENTE DA REGIAO","M     ","CR",117.06]
[41457,"POSTES METALICOS AUTOPORTANTES, CONICO OU TELESCOPICO, PARA SPDA, ALTURA 10 METROS LIVRES","UN    ","AS",1507.73]
[41458,"POSTES METALICOS AUTOPORTANTES, CONICO OU TELESCOPICO, PARA SPDA, ALTURA 12 METROS LIVRES","UN    ","AS",2104.86]
[41459,"POSTES METALICOS AUTOPORTANTES, CONICO OU TELESCOPICO, PARA SPDA, ALTURA 15 METROS LIVRES","UN    ","AS",2936.12]
[41461,"POSTES METALICOS AUTOPORTANTES, CONICO OU TELESCOPICO, PARA SPDA, ALTURA 20 METROS LIVRES","UN    ","AS",4003.26]
[44537,"POZOLANA DE CLASSE  C","T     ","CR",380.36]
[11844,"PRANCHA  APARELHADA *4 X 30* CM, EM MACARANDUBA, ANGELIM OU EQUIVALENTE DA REGIAO","M     ","CR",61.78]
[4465,"PRANCHA NAO APARELHADA  *6 X 25* CM, EM MACARANDUBA, ANGELIM OU EQUIVALENTE DA REGIAO -  BRUTA","M     ","CR",51.34]
[35273,"PRANCHA NAO APARELHADA  *6 X 30* CM, EM MACARANDUBA, ANGELIM OU EQUIVALENTE DA REGIAO - BRUTA","M     ","CR",61.57]
[4470,"PRANCHA NAO APARELHADA  *6 X 40* CM, EM MACARANDUBA, ANGELIM OU EQUIVALENTE DA REGIAO -  BRUTA","M     ","CR",142.09]
[20208,"PRANCHAO  APARELHADO *8 X 30* CM, EM MACARANDUBA, ANGELIM OU EQUIVALENTE DA REGIAO","M     ","CR",127.88]
[20204,"PRANCHAO APARELHADO *7,5 X 23* CM, EM MACARANDUBA, ANGELIM OU EQUIVALENTE DA REGIAO","M     ","CR",94.72]
[4437,"PRANCHAO NAO APARELHADO  *7,5 X 23* CM, EM MACARANDUBA, ANGELIM OU EQUIVALENTE DA REGIAO - BRUTA","M     ","CR",106.56]
[14580,"PRANCHAO NAO APARELHADO *8 X 30* CM, EM MACARANDUBA, ANGELIM OU EQUIVALENTE DA REGIAO - BRUTA","M     ","CR",106.56]
[40304,"PREGO DE ACO POLIDO COM CABECA DUPLA 17 X 27 (2 1/2 X 11)","KG    ","CR",27.62]
[5065,"PREGO DE ACO POLIDO COM CABECA 10 X 10 (7/8 X 17)","KG    ","CR",42.57]
[5072,"PREGO DE ACO POLIDO COM CABECA 10 X 11 (1 X 17)","KG    ","CR",39.380000000000003]
[5066,"PREGO DE ACO POLIDO COM CABECA 12 X 12","KG    ","CR",29.49]
[5063,"PREGO DE ACO POLIDO COM CABECA 14 X 18 (1 1/2 X 14)","KG    ","CR",26.7]
[20247,"PREGO DE ACO POLIDO COM CABECA 15 X 15 (1 1/4 X 13)","KG    ","CR",24.78]
[5074,"PREGO DE ACO POLIDO COM CABECA 15 X 18 (1 1/2 X 13)","KG    ","CR",25.07]
[5067,"PREGO DE ACO POLIDO COM CABECA 16 X 24 (2 1/4 X 12)","KG    ","CR",23.85]
[5078,"PREGO DE ACO POLIDO COM CABECA 16 X 27 (2 1/2 X 12)","KG    ","CR",23.58]
[5068,"PREGO DE ACO POLIDO COM CABECA 17 X 21 (2 X 11)","KG    ","CR",22.38]
[5073,"PREGO DE ACO POLIDO COM CABECA 17 X 24 (2 1/4 X 11)","KG    ","CR",22.81]
[5069,"PREGO DE ACO POLIDO COM CABECA 17 X 27 (2 1/2 X 11)","KG    ","CR",22.81]
[5070,"PREGO DE ACO POLIDO COM CABECA 17 X 30 (2 3/4 X 11)","KG    ","CR",23.06]
[5071,"PREGO DE ACO POLIDO COM CABECA 18 X 24 (2 1/4 X 10)","KG    ","CR",22.38]
[5061,"PREGO DE ACO POLIDO COM CABECA 18 X 27 (2 1/2 X 10)","KG    ","C ",22]
[5075,"PREGO DE ACO POLIDO COM CABECA 18 X 30 (2 3/4 X 10)","KG    ","CR",22.38]
[39027,"PREGO DE ACO POLIDO COM CABECA 19  X 36 (3 1/4  X  9)","KG    ","CR",22.36]
[5062,"PREGO DE ACO POLIDO COM CABECA 19 X 33 (3 X 9)","KG    ","CR",22.67]
[40568,"PREGO DE ACO POLIDO COM CABECA 22 X 48 (4 1/4 X 5)","KG    ","CR",22.55]
[39026,"PREGO DE ACO POLIDO SEM CABECA 15 X 15 (1 1/4 X 13)","KG    ","CR",25.16]
[42431,"PRESSAO DE PERNAS TRIPLO, EM TUBO DE ACO CARBONO, PINTURA NO PROCESSO ELETROSTATICO - EQUIPAMENTO DE GINASTICA PARA ACADEMIA AO AR LIVRE / ACADEMIA DA TERCEIRA IDADE - ATI","UN    ","AS",3922.99]
[44074,"PRIMER DE POLIURETANO","L     ","CR",607.54]
[44072,"PRIMER EPOXI / EPOXIDICO","L     ","CR",117.33]
[511,"PRIMER PARA MANTA ASFALTICA A BASE DE ASFALTO MODIFICADO DILUIDO EM SOLVENTE, APLICACAO A FRIO","L     ","C ",23.39]
[37540,"PROJETOR DE ARGAMASSA, CAPACIDADE DE PROJECAO 1,5 M3/H, ALCANCE DA PROJECAO 30 ATE 60 M, MOTOR ELETRICO TRIFASICO","UN    ","CR",91259.35]
[37548,"PROJETOR DE ARGAMASSA, CAPACIDADE DE PROJECAO 2,0 M3/H, ALCANCE DA PROJECAO ATE 50 M, MOTOR ELETRICO TRIFASICO","UN    ","CR",120963.81]
[39828,"PROJETOR PNEUMATICO DE ARGAMASSA PARA CHAPISCO E REBOCO COM RECIPIENTE ACOPLADO, TIPO CANEQUNHA, COM VOLUME DE 1,50 L, SEM COMPRESSOR","UN    ","CR",725.66]
[12273,"PROJETOR RETANGULAR FECHADO PARA LAMPADA VAPOR DE MERCURIO/SODIO 250 W A 500 W, CABECEIRAS EM ALUMINIO FUNDIDO, CORPO EM ALUMINIO ANODIZADO, PARA LAMPADA E40 FECHAMENTO EM VIDRO TEMPERADO.","UN    ","CR",89.21]
[38392,"PROLONGADOR/EXTENSOR PARA ROLO DE PINTURA 3 M","UN    ","CR",63.91]
[11735,"PROLONGAMENTO / PROLONGADOR PARA CAIXA SIFONADA, PVC, 100 MM X 200 MM (NBR 5688)","UN    ","CR",8.1999999999999993]
[11737,"PROLONGAMENTO / PROLONGADOR PARA CAIXA SIFONADA, PVC, 150 MM X 150 MM (NBR 5688)","UN    ","CR",11.62]
[11738,"PROLONGAMENTO / PROLONGADOR PARA CAIXA SIFONADA, PVC, 150 MM X 200 MM (NBR 5688)","UN    ","CR",14.66]
[36143,"PROTETOR AUDITIVO TIPO CONCHA COM ABAFADOR DE RUIDOS, ATENUACAO ACIMA DE 22 DB","UN    ","CR",33.82]
[36142,"PROTETOR AUDITIVO TIPO PLUG DE INSERCAO COM CORDAO, ATENUACAO SUPERIOR A 15 DB","UN    ","CR",2.4700000000000002]
[36146,"PROTETOR SOLAR FPS 30, EMBALAGEM 2 LITROS","UN    ","CR",280.5]
[39015,"PROTETOR/PONTEIRA PLASTICA PARA PONTA DE VERGALHAO DE ATE 1\", TIPO PROTETOR DE ESPERA","UN    ","C ",0.8]
[38377,"PRUMO DE CENTRO EM ACO *400* G","UN    ","CR",39.799999999999997]
[38376,"PRUMO DE PAREDE EM ACO 700 A 750 G","UN    ","CR",45.38]
[38116,"PULSADOR CAMPAINHA 10A, 250V (APENAS MODULO)","UN    ","CR",6.23]
[38066,"PULSADOR CAMPAINHA 10A, 250V, CONJUNTO MONTADO PARA EMBUTIR 4\" X 2\" (PLACA + SUPORTE + MODULO)","UN    ","CR",10.29]
[38117,"PULSADOR MINUTERIA 10A, 250V (APENAS MODULO)","UN    ","CR",10.61]
[38067,"PULSADOR MINUTERIA 10A, 250V, CONJUNTO MONTADO PARA EMBUTIR 4\" X 2\" (PLACA + SUPORTE + MODULO)","UN    ","CR",14.49]
[11522,"PUXADOR DE EMBUTIR TIPO CONCHA, COM FURO PARA CHAVE, EM LATAO CROMADO,  COMPRIMENTO DE APROX *100* MM E LARGURA DE APROX *40* MM","UN    ","CR",14.08]
[43600,"PUXADOR TIPO ALCA, EM ZAMAC CROMADO, COM COMPRIMENTO DE APROX 150 MM, COM ROSETA PARA PORTAS DE MADEIRAS, INCLUINDO PARAFUSOS","UN    ","CR",56.44]
[5080,"PUXADOR TIPO ALCA, EM ZAMAC CROMADO, COM ROSETAS, COMPRIMENTO DE APROX *100* MM, PARA PORTAS E JANELAS DE MADEIRA, INCLUINDO PARAFUSOS","UN    ","CR",22.01]
[38168,"PUXADOR TUBULAR RETO DUPLO, EM ALUMINIO CROMADO, COMPRIMENTO DE APROX 400 MM E DIAMETRO DE 25 MM (1\")","UN    ","CR",153.66]
[43601,"PUXADOR TUBULAR RETO SIMPLES, EM ALUMINIO CROMADO, COM COMPRIMENTO DE APROX 400 MM E DIAMETRO DE 25 MM","UN    ","CR",76.83]
[13393,"QUADRO DE DISTRIBUICAO COM BARRAMENTO TRIFASICO, DE EMBUTIR, EM CHAPA DE ACO GALVANIZADO, PARA 12 DISJUNTORES DIN, 100 A","UN    ","CR",381.46]
[13395,"QUADRO DE DISTRIBUICAO COM BARRAMENTO TRIFASICO, DE EMBUTIR, EM CHAPA DE ACO GALVANIZADO, PARA 18 DISJUNTORES DIN, 100 A, INCLUINDO BARRAMENTO","UN    ","CR",534.57000000000005]
[12039,"QUADRO DE DISTRIBUICAO COM BARRAMENTO TRIFASICO, DE EMBUTIR, EM CHAPA DE ACO GALVANIZADO, PARA 24 DISJUNTORES DIN, 100 A","UN    ","CR",561.78]
[13396,"QUADRO DE DISTRIBUICAO COM BARRAMENTO TRIFASICO, DE EMBUTIR, EM CHAPA DE ACO GALVANIZADO, PARA 28 DISJUNTORES DIN, 100 A","UN    ","CR",788.99]
[12041,"QUADRO DE DISTRIBUICAO COM BARRAMENTO TRIFASICO, DE EMBUTIR, EM CHAPA DE ACO GALVANIZADO, PARA 30 DISJUNTORES DIN, 150 A","UN    ","CR",644.26]
[12043,"QUADRO DE DISTRIBUICAO COM BARRAMENTO TRIFASICO, DE EMBUTIR, EM CHAPA DE ACO GALVANIZADO, PARA 30 DISJUNTORES DIN, 225 A","UN    ","CR",1360.24]
[39762,"QUADRO DE DISTRIBUICAO COM BARRAMENTO TRIFASICO, DE EMBUTIR, EM CHAPA DE ACO GALVANIZADO, PARA 36 DISJUNTORES DIN, 100 A","UN    ","CR",647.51]
[12042,"QUADRO DE DISTRIBUICAO COM BARRAMENTO TRIFASICO, DE EMBUTIR, EM CHAPA DE ACO GALVANIZADO, PARA 40 DISJUNTORES DIN, 100 A","UN    ","CR",945.35]
[39763,"QUADRO DE DISTRIBUICAO COM BARRAMENTO TRIFASICO, DE EMBUTIR, EM CHAPA DE ACO GALVANIZADO, PARA 48 DISJUNTORES DIN, 100 A","UN    ","CR",1106.4000000000001]
[39760,"QUADRO DE DISTRIBUICAO COM BARRAMENTO TRIFASICO, DE SOBREPOR, EM CHAPA DE ACO GALVANIZADO, PARA *42* DISJUNTORES DIN, 100 A","UN    ","CR",1102.76]
[39756,"QUADRO DE DISTRIBUICAO COM BARRAMENTO TRIFASICO, DE SOBREPOR, EM CHAPA DE ACO GALVANIZADO, PARA 12 DISJUNTORES DIN, 100 A","UN    ","CR",395.96]
[12038,"QUADRO DE DISTRIBUICAO COM BARRAMENTO TRIFASICO, DE SOBREPOR, EM CHAPA DE ACO GALVANIZADO, PARA 18 DISJUNTORES DIN, 100 A","UN    ","CR",494.76]
[39757,"QUADRO DE DISTRIBUICAO COM BARRAMENTO TRIFASICO, DE SOBREPOR, EM CHAPA DE ACO GALVANIZADO, PARA 28 DISJUNTORES DIN, 100 A","UN    ","CR",457.5]
[39758,"QUADRO DE DISTRIBUICAO COM BARRAMENTO TRIFASICO, DE SOBREPOR, EM CHAPA DE ACO GALVANIZADO, PARA 30 DISJUNTORES DIN, 100 A","UN    ","CR",666.75]
[39759,"QUADRO DE DISTRIBUICAO COM BARRAMENTO TRIFASICO, DE SOBREPOR, EM CHAPA DE ACO GALVANIZADO, PARA 36 DISJUNTORES DIN, 100 A","UN    ","CR",823.43]
[39761,"QUADRO DE DISTRIBUICAO COM BARRAMENTO TRIFASICO, DE SOBREPOR, EM CHAPA DE ACO GALVANIZADO, PARA 48 DISJUNTORES DIN, 100 A","UN    ","CR",989.79]
[39805,"QUADRO DE DISTRIBUICAO, EM PVC, DE EMBUTIR, COM BARRAMENTO TERRA / NEUTRO, PARA 12 DISJUNTORES NEMA OU 16 DISJUNTORES DIN","UN    ","CR",194.82]
[39806,"QUADRO DE DISTRIBUICAO, EM PVC, DE EMBUTIR, COM BARRAMENTO TERRA / NEUTRO, PARA 18 DISJUNTORES NEMA OU 24 DISJUNTORES DIN","UN    ","CR",360.95]
[39807,"QUADRO DE DISTRIBUICAO, EM PVC, DE EMBUTIR, COM BARRAMENTO TERRA / NEUTRO, PARA 27 DISJUNTORES NEMA OU 36 DISJUNTORES DIN","UN    ","CR",782.26]
[43100,"QUADRO DE DISTRIBUICAO, EM PVC, DE EMBUTIR, COM BARRAMENTO TERRA / NEUTRO, PARA 48 DISJUNTORES DIN","UN    ","CR",611.55999999999995]
[39804,"QUADRO DE DISTRIBUICAO, EM PVC, DE EMBUTIR, COM BARRAMENTO TERRA / NEUTRO, PARA 6 DISJUNTORES NEMA OU 8 DISJUNTORES DIN","UN    ","CR",114.4]
[39796,"QUADRO DE DISTRIBUICAO, SEM BARRAMENTO, EM PVC, DE EMBUTIR, PARA 12 DISJUNTORES NEMA OU 16 DISJUNTORES DIN","UN    ","CR",118.49]
[39797,"QUADRO DE DISTRIBUICAO, SEM BARRAMENTO, EM PVC, DE EMBUTIR, PARA 18 DISJUNTORES NEMA OU 24 DISJUNTORES DIN","UN    ","C ",186]
[39798,"QUADRO DE DISTRIBUICAO, SEM BARRAMENTO, EM PVC, DE EMBUTIR, PARA 27 DISJUNTORES NEMA OU 36 DISJUNTORES DIN","UN    ","CR",319.05]
[39794,"QUADRO DE DISTRIBUICAO, SEM BARRAMENTO, EM PVC, DE EMBUTIR, PARA 3 DISJUNTORES NEMA OU 4 DISJUNTORES DIN","UN    ","CR",50.29]
[39795,"QUADRO DE DISTRIBUICAO, SEM BARRAMENTO, EM PVC, DE EMBUTIR, PARA 6 DISJUNTORES NEMA OU 8 DISJUNTORES DIN","UN    ","CR",79.459999999999994]
[39799,"QUADRO DE DISTRIBUICAO, SEM BARRAMENTO, EM PVC, DE SOBREPOR,  PARA 3 DISJUNTORES NEMA OU 4 DISJUNTORES DIN","UN    ","CR",58.62]
[39801,"QUADRO DE DISTRIBUICAO, SEM BARRAMENTO, EM PVC, DE SOBREPOR, PARA 12 DISJUNTORES NEMA OU 16 DISJUNTORES DIN","UN    ","CR",167.78]
[39802,"QUADRO DE DISTRIBUICAO, SEM BARRAMENTO, EM PVC, DE SOBREPOR, PARA 18 DISJUNTORES NEMA OU 24 DISJUNTORES DIN","UN    ","CR",245.94]
[39803,"QUADRO DE DISTRIBUICAO, SEM BARRAMENTO, EM PVC, DE SOBREPOR, PARA 27 DISJUNTORES NEMA OU 36 DISJUNTORES DIN","UN    ","CR",343.09]
[39800,"QUADRO DE DISTRIBUICAO, SEM BARRAMENTO, EM PVC, DE SOBREPOR, PARA 6 DISJUNTORES NEMA OU 8 DISJUNTORES DIN","UN    ","CR",99.86]
[43837,"RACK DE PISO PARA SERVIDOR, ABERTO, EM COLUNA, 44U X *570* MM","UN    ","CR",1616.31]
[43836,"RACK DE PISO PARA SERVIDOR, FECHADO, 44U, COM PORTA, 44U X *570* MM","UN    ","CR",3288.9]
[21059,"RALO FOFO COM REQUADRO, QUADRADO 150 X 150 MM","UN    ","AS",60.33]
[11234,"RALO FOFO COM REQUADRO, QUADRADO 200 X 200 MM","UN    ","AS",90.93]
[21060,"RALO FOFO COM REQUADRO, QUADRADO 250 X 250 MM","UN    ","AS",111.92]
[21061,"RALO FOFO COM REQUADRO, QUADRADO 300 X 300 MM","UN    ","AS",139.9]
[21062,"RALO FOFO COM REQUADRO, QUADRADO 400 X 400 MM","UN    ","AS",220.35]
[11708,"RALO FOFO SEMIESFERICO, 100 MM, PARA LAJES/ CALHAS","UN    ","AS",24.04]
[11709,"RALO FOFO SEMIESFERICO, 150 MM, PARA LAJES/ CALHAS","UN    ","AS",56.48]
[11710,"RALO FOFO SEMIESFERICO, 200 MM, PARA LAJES/ CALHAS","UN    ","AS",129.85]
[11707,"RALO FOFO SEMIESFERICO, 75 MM, PARA LAJES/ CALHAS","UN    ","AS",18.010000000000002]
[5102,"RALO SECO / RALO DE PASSAGEM EM PVC, QUADRADO, 100 X 100 X 53 MM, SAIDA 40 MM, COM GRELHA BRANCA","UN    ","CR",11.52]
[11739,"RALO SECO CONICO, PVC, 100 X 40 MM,  COM GRELHA REDONDA BRANCA","UN    ","CR",8.2100000000000009]
[11711,"RALO SECO CONICO, PVC, 100 X 40 MM, COM GRELHA QUADRADA BRANCA","UN    ","CR",9.6]
[11741,"RALO SIFONADO CILINDRICO, PVC, 100 X 40 MM,  COM GRELHA REDONDA BRANCA","UN    ","CR",10.45]
[11745,"RALO SIFONADO QUADRADO, PVC, 100 X 53 MM, SAIDA 40 MM, COM GRELHA QUADRADA BRANCA","UN    ","CR",13.77]
[11743,"RALO SIFONADO REDONDO CONICO, PVC, 100 X 40 MM, COM GRELHA REDONDA BRANCA","UN    ","CR",8.77]
[40985,"RASTELEIRO (MENSALISTA)","MES   ","CR",3649.23]
[44502,"RASTELEIRO HORISTA","H     ","CR",20.91]
[1088,"REATOR ELETRONICO BIVOLT PARA 1 LAMPADA FLUORESCENTE DE 18/20 W","UN    ","CR",23.7]
[1087,"REATOR ELETRONICO BIVOLT PARA 1 LAMPADA FLUORESCENTE DE 36/40 W","UN    ","CR",29.6]
[38777,"REATOR ELETRONICO BIVOLT PARA 2 LAMPADAS FLUORESCENTES DE 14 W","UN    ","CR",58.96]
[1086,"REATOR ELETRONICO BIVOLT PARA 2 LAMPADAS FLUORESCENTES DE 18/20 W","UN    ","CR",31.11]
[1079,"REATOR ELETRONICO BIVOLT PARA 2 LAMPADAS FLUORESCENTES DE 36/40 W","UN    ","CR",32.159999999999997]
[39374,"REATOR INTERNO/INTEGRADO PARA LAMPADA VAPOR METALICO 400 W, ALTO FATOR DE POTENCIA","UN    ","AS",142.5]
[1082,"REATOR P/ LAMPADA VAPOR DE SODIO 250W USO EXT","UN    ","CR",202.21]
[12316,"REATOR P/ 1 LAMPADA VAPOR DE MERCURIO 125W USO EXT","UN    ","CR",92.68]
[12317,"REATOR P/ 1 LAMPADA VAPOR DE MERCURIO 250W USO EXT","UN    ","CR",110.52]
[12318,"REATOR P/ 1 LAMPADA VAPOR DE MERCURIO 400W USO EXT","UN    ","CR",127.32]
[5104,"REBITE DE ALUMINIO VAZADO DE REPUXO, 3,2 X 8 MM (1KG = 1025 UNIDADES)","KG    ","AS",68.94]
[44530,"REBOLO ABRASIVO RETO DE USO GERAL GRAO 36, DE 6 X 1 \" ( DIAMETRO X ALTURA)","UN    ","CR",63.81]
[2710,"REBOLO ABRASIVO RETO DE USO GERAL GRAO 36, DE 6 X 3/4 \" (DIAMETRO X ALTURA)","UN    ","CR",50.96]
[14575,"RECICLADORA DE ASFALTO A FRIO SOBRE RODAS, LARG. FRESAGEM 2,00 M, POT. 315 KW/422 HP","UN    ","AS",5982591.8200000003]
[20043,"REDUCAO EXCENTRICA PVC, DN 100 X 50 MM, PARA ESGOTO PREDIAL","UN    ","CR",8.93]
[20044,"REDUCAO EXCENTRICA PVC, DN 100 X 75 MM, PARA ESGOTO PREDIAL","UN    ","CR",10.36]
[20042,"REDUCAO EXCENTRICA PVC, DN 75 X 50 MM, PARA ESGOTO PREDIAL","UN    ","CR",7.75]
[20046,"REDUCAO EXCENTRICA PVC, SERIE R, DN 100 X 75 MM, PARA ESGOTO PREDIAL","UN    ","CR",18.350000000000001]
[20047,"REDUCAO EXCENTRICA PVC, SERIE R, DN 150 X 100 MM, PARA ESGOTO PREDIAL","UN    ","CR",55.01]
[20045,"REDUCAO EXCENTRICA PVC, SERIE R, DN 75 X 50 MM, PARA ESGOTO PREDIAL","UN    ","CR",9.2799999999999994]
[20972,"REDUCAO FIXA TIPO STORZ, ENGATE RAPIDO 2.1/2\" X 1.1/2\", EM LATAO, PARA INSTALACAO PREDIAL COMBATE A INCENDIO PREDIAL","UN    ","CR",178.57]
[11321,"REDUCAO PVC PBA, JE, PB, DN 100 X 50 / DE 110 X 60 MM, PARA REDE DE AGUA","UN    ","AS",31.09]
[11323,"REDUCAO PVC PBA, JE, PB, DN 100 X 75 / DE 110 X 85 MM, PARA REDE DE AGUA","UN    ","AS",35.76]
[20327,"REDUCAO PVC PBA, JE, PB, DN 75 X 50 / DE 85 X 60 MM, PARA REDE DE AGUA","UN    ","AS",20.29]
[13390,"REFLETOR REDONDO EM ALUMINIO ANODIZADO PARA LAMPADA VAPOR DE MERCURIO/SODIO, CORPO EM ALUMINIO COM PINTURA EPOXI, PARA LAMPADA E-27 DE 300 W, COM SUPORTE REDONDO E ALCA REGULAVEL PARA FIXACAO.","UN    ","CR",116.96]
[6034,"REGISTRO DE ESFERA DE PASSEIO, PVC PARA POLIETILENO, 20 MM","UN    ","CR",12.04]
[6036,"REGISTRO DE ESFERA PVC, COM BORBOLETA, COM ROSCA EXTERNA, DE 1/2\"","UN    ","CR",16.399999999999999]
[6031,"REGISTRO DE ESFERA PVC, COM BORBOLETA, COM ROSCA EXTERNA, DE 3/4\"","UN    ","C ",19.27]
[6029,"REGISTRO DE ESFERA PVC, COM CABECA QUADRADA, COM ROSCA EXTERNA, 1/2\"","UN    ","CR",19.47]
[6033,"REGISTRO DE ESFERA PVC, COM CABECA QUADRADA, COM ROSCA EXTERNA, 3/4\"","UN    ","CR",25.67]
[11672,"REGISTRO DE ESFERA, PVC, COM VOLANTE, VS, ROSCAVEL, DN 1 1/2\", COM CORPO DIVIDIDO","UN    ","CR",55.83]
[11669,"REGISTRO DE ESFERA, PVC, COM VOLANTE, VS, ROSCAVEL, DN 1 1/4\", COM CORPO DIVIDIDO","UN    ","CR",53.17]
[11670,"REGISTRO DE ESFERA, PVC, COM VOLANTE, VS, ROSCAVEL, DN 1/2\", COM CORPO DIVIDIDO","UN    ","CR",20.37]
[20055,"REGISTRO DE ESFERA, PVC, COM VOLANTE, VS, ROSCAVEL, DN 1\", COM CORPO DIVIDIDO","UN    ","CR",39.82]
[11671,"REGISTRO DE ESFERA, PVC, COM VOLANTE, VS, ROSCAVEL, DN 2\", COM CORPO DIVIDIDO","UN    ","CR",85.45]
[6032,"REGISTRO DE ESFERA, PVC, COM VOLANTE, VS, ROSCAVEL, DN 3/4\", COM CORPO DIVIDIDO","UN    ","CR",24.4]
[11673,"REGISTRO DE ESFERA, PVC, COM VOLANTE, VS, SOLDAVEL, DN 20 MM, COM CORPO DIVIDIDO","UN    ","CR",19.22]
[11674,"REGISTRO DE ESFERA, PVC, COM VOLANTE, VS, SOLDAVEL, DN 25 MM, COM CORPO DIVIDIDO","UN    ","CR",24.75]
[11675,"REGISTRO DE ESFERA, PVC, COM VOLANTE, VS, SOLDAVEL, DN 32 MM, COM CORPO DIVIDIDO","UN    ","CR",39.29]
[11676,"REGISTRO DE ESFERA, PVC, COM VOLANTE, VS, SOLDAVEL, DN 40 MM, COM CORPO DIVIDIDO","UN    ","CR",52.55]
[11677,"REGISTRO DE ESFERA, PVC, COM VOLANTE, VS, SOLDAVEL, DN 50 MM, COM CORPO DIVIDIDO","UN    ","CR",54.27]
[11678,"REGISTRO DE ESFERA, PVC, COM VOLANTE, VS, SOLDAVEL, DN 60 MM, COM CORPO DIVIDIDO","UN    ","CR",99.4]
[6038,"REGISTRO DE PRESSAO PVC, ROSCAVEL, VOLANTE SIMPLES, DE 1/2\"","UN    ","CR",6.3]
[11718,"REGISTRO DE PRESSAO PVC, ROSCAVEL, VOLANTE SIMPLES, DE 3/4\"","UN    ","CR",17.98]
[6037,"REGISTRO DE PRESSAO PVC, SOLDAVEL, VOLANTE SIMPLES, DE 20 MM","UN    ","CR",13.12]
[11719,"REGISTRO DE PRESSAO PVC, SOLDAVEL, VOLANTE SIMPLES, DE 25 MM","UN    ","CR",14.59]
[6019,"REGISTRO GAVETA BRUTO EM LATAO FORJADO, BITOLA 1 \" (REF 1509)","UN    ","CR",57.54]
[6010,"REGISTRO GAVETA BRUTO EM LATAO FORJADO, BITOLA 1 1/2 \" (REF 1509)","UN    ","CR",99]
[6017,"REGISTRO GAVETA BRUTO EM LATAO FORJADO, BITOLA 1 1/4 \" (REF 1509)","UN    ","CR",78.42]
[6020,"REGISTRO GAVETA BRUTO EM LATAO FORJADO, BITOLA 1/2 \" (REF 1509)","UN    ","CR",34.56]
[6028,"REGISTRO GAVETA BRUTO EM LATAO FORJADO, BITOLA 2 \" (REF 1509)","UN    ","CR",137.9]
[6011,"REGISTRO GAVETA BRUTO EM LATAO FORJADO, BITOLA 2 1/2 \" (REF 1509)","UN    ","CR",285.99]
[6012,"REGISTRO GAVETA BRUTO EM LATAO FORJADO, BITOLA 3 \" (REF 1509)","UN    ","CR",346.24]
[6016,"REGISTRO GAVETA BRUTO EM LATAO FORJADO, BITOLA 3/4 \" (REF 1509)","UN    ","CR",36.450000000000003]
[6027,"REGISTRO GAVETA BRUTO EM LATAO FORJADO, BITOLA 4 \" (REF 1509)","UN    ","CR",721.43]
[6013,"REGISTRO GAVETA COM ACABAMENTO E CANOPLA CROMADOS, SIMPLES, BITOLA 1 \" (REF 1509)","UN    ","CR",108.86]
[6015,"REGISTRO GAVETA COM ACABAMENTO E CANOPLA CROMADOS, SIMPLES, BITOLA 1 1/2 \" (REF 1509)","UN    ","CR",158.31]
[6014,"REGISTRO GAVETA COM ACABAMENTO E CANOPLA CROMADOS, SIMPLES, BITOLA 1 1/4 \" (REF 1509)","UN    ","CR",151.35]
[6006,"REGISTRO GAVETA COM ACABAMENTO E CANOPLA CROMADOS, SIMPLES, BITOLA 1/2 \" (REF 1509)","UN    ","CR",78.83]
[6005,"REGISTRO GAVETA COM ACABAMENTO E CANOPLA CROMADOS, SIMPLES, BITOLA 3/4 \" (REF 1509)","UN    ","C ",88.93]
[11756,"REGISTRO OU REGULADOR DE GAS COZINHA, VAZAO DE 2 KG/H, 2,8 KPA","UN    ","CR",42.47]
[10904,"REGISTRO OU VALVULA GLOBO ANGULAR EM LATAO, PARA HIDRANTES EM INSTALACAO PREDIAL DE INCENDIO, 45 GRAUS, DIAMETRO DE 2 1/2\", COM VOLANTE, CLASSE DE PRESSAO DE ATE 200 PSI","UN    ","C ",250]
[11752,"REGISTRO PRESSAO BRUTO EM LATAO FORJADO, BITOLA 1/2 \" (REF 1400)","UN    ","CR",24.49]
[11753,"REGISTRO PRESSAO BRUTO EM LATAO FORJADO, BITOLA 3/4 \" (REF 1400)","UN    ","CR",29.24]
[6021,"REGISTRO PRESSAO COM ACABAMENTO E CANOPLA CROMADA, SIMPLES, BITOLA 1/2 \" (REF 1416)","UN    ","CR",81.14]
[6024,"REGISTRO PRESSAO COM ACABAMENTO E CANOPLA CROMADA, SIMPLES, BITOLA 3/4 \" (REF 1416)","UN    ","CR",83.87]
[38379,"REGUA DE ALUMINIO PARA PEDREIRO 2 X 1 \"","M     ","CR",53.25]
[13897,"REGUA VIBRADORA DUPLA PARA CONCRETO A GASOLINA 5,5 HP, PESO DE 60 KG, COMPRIMENTO 4 M","UN    ","AS",7016.57]
[10640,"REGUA VIBRATORIA DE CONCRETO TRELICADA, EQUIPADA COM MOTOR A GASOLINA DE 9 HP","UN    ","AS",15196.43]
[34357,"REJUNTE CIMENTICIO, QUALQUER COR","KG    ","CR",5.57]
[37329,"REJUNTE EPOXI, QUALQUER COR","KG    ","CR",117.49]
[2510,"RELE FOTOELETRICO INTERNO E EXTERNO BIVOLT 1000 W, DE CONECTOR, SEM BASE","UN    ","CR",29.29]
[12359,"RELE TERMICO BIMETAL PARA USO EM MOTORES TRIFASICOS, TENSAO 380 V, POTENCIA ATE 15 CV, CORRENTE NOMINAL MAXIMA 22 A","UN    ","AS",129.63]
[7353,"RESINA ACRILICA PREMIUM BASE AGUA - COR BRANCA","L     ","CR",29.46]
[36144,"RESPIRADOR DESCARTAVEL SEM VALVULA DE EXALACAO, PFF 1","UN    ","CR",1.84]
[10518,"RETARDO PARA CORDEL DETONANTE","UN    ","AS",132.07]
[36530,"RETROESCAVADEIRA SOBRE RODAS COM CARREGADEIRA, TRACAO 4 X 2, POTENCIA LIQUIDA 79 HP, PESO OPERACIONAL MINIMO DE 6570 KG, CAPACIDADE DA CARREGADEIRA DE 1,00 M3 E DA  RETROESCAVADEIRA MINIMA DE 0,20 M3, PROFUNDIDADE DE ESCAVACAO MAXIMA DE 4,37 M","UN    ","AS",428707.3]
[6046,"RETROESCAVADEIRA SOBRE RODAS COM CARREGADEIRA, TRACAO 4 X 4, POTENCIA LIQUIDA 72 HP, PESO OPERACIONAL MINIMO DE 7140 KG, CAPACIDADE MINIMA DA CARREGADEIRA DE 0,79 M3 E DA RETROESCAVADEIRA MINIMA DE 0,18 M3, PROFUNDIDADE DE ESCAVACAO MAXIMA DE 4,50 M","UN    ","AS",465000]
[36531,"RETROESCAVADEIRA SOBRE RODAS COM CARREGADEIRA, TRACAO 4 X 4, POTENCIA LIQUIDA 88 HP, PESO OPERACIONAL MINIMO DE 6674 KG, CAPACIDADE DA CARREGADEIRA DE 1,00 M3 E DA  RETROESCAVADEIRA MINIMA DE 0,26 M3, PROFUNDIDADE DE ESCAVACAO MAXIMA DE 4,37 M","UN    ","AS",482012.15999999997]
[34684,"REVESTIMENTO DE PAREDE EM GRANILITE, MARMORITE OU GRANITINA - ESP = 5 MM (INCLUSO EXECUCAO)","M2    ","AS",283.82]
[34683,"REVESTIMENTO DE PAREDE EM GRANILITE, MARMORITE OU GRANITINA COLORIDO - ESP = 5 MM (INCLUSO EXECUCAO)","M2    ","AS",177.39]
[533,"REVESTIMENTO EM CERAMICA ESMALTADA COMERCIAL, PEI MENOR OU IGUAL A 3, FORMATO MENOR OU IGUAL A 2025 CM2","M2    ","CR",28.5]
[10515,"REVESTIMENTO EM CERAMICA ESMALTADA EXTRA, PEI MAIOR OU IGUAL 4, FORMATO MAIOR A 2025 CM2","M2    ","CR",53.77]
[536,"REVESTIMENTO EM CERAMICA ESMALTADA EXTRA, PEI MENOR OU IGUAL A 3, FORMATO MENOR OU IGUAL A 2025 CM2","M2    ","C ",38.9]
[153,"REVESTIMENTO EPOXI DE ALTA RESISTENCIA QUIMICA, ISENTO DE SOLVENTES, BICOMPONENTE","L     ","CR",105.34]
[34682,"REVESTIMENTO PARA ESCADA EM GRANILITE, MARMORITE OU GRANITINA ESP = 8 MM (INCLUSO EXECUCAO)","M2    ","AS",135.65]
[20205,"RIPA  APARELHADA *1,5 X 5* CM, EM MACARANDUBA, ANGELIM OU EQUIVALENTE DA REGIAO","M     ","CR",3.94]
[4412,"RIPA NAO APARELHADA  *1 X 3* CM, EM MACARANDUBA, ANGELIM OU EQUIVALENTE DA REGIAO - BRUTA","M     ","CR",2.36]
[4408,"RIPA NAO APARELHADA,  *1,5 X 5* CM, EM MACARANDUBA, ANGELIM OU EQUIVALENTE DA REGIAO -  BRUTA","M     ","CR",2.95]
[36250,"RODAFORRO EM PVC, PARA FORRO DE PVC, COMPRIMENTO 6 M","M     ","CR",5.0599999999999996]
[10857,"RODAPE ARDOSIA, CINZA, 10 CM, E= *1CM","M     ","AS",15.58]
[4803,"RODAPE DE BORRACHA LISO, H = 70 MM, E = *2* MM, PARA ARGAMASSA, PRETO","M     ","CR",36.06]
[6186,"RODAPE DE MADEIRA MACICA CUMARU/IPE CHAMPANHE OU EQUIVALENTE DA REGIAO, *1,5 X 7 CM","M     ","AS",16.05]
[4829,"RODAPE EM MARMORE, POLIDO, BRANCO COMUM, L= *7* CM, E=  *2* CM, CORTE RETO","M     ","CR",53.57]
[39829,"RODAPE EM POLIESTIRENO, BRANCO, H = *5* CM, E = *1,5* CM","M     ","AS",38]
[20231,"RODAPE OU RODABANCADA EM GRANITO, POLIDO, TIPO ANDORINHA/ QUARTZ/ CASTELO/ CORUMBA OU OUTROS EQUIVALENTES DA REGIAO, H= 10 CM, E=  *2,0* CM","M     ","CR",71.44]
[4804,"RODAPE PLANO PARA PISO VINILICO, H = 5 CM","M     ","CR",27.68]
[34680,"RODAPE PRE-MOLDADO DE GRANILITE, MARMORITE OU GRANITINA L = 10 CM","M     ","AS",41.73]
[11573,"RODIZIO TIPO NAPOLEAO PARA JANELAS DE CORRER, EM ZAMAC, COMPRIMENTO DE APROX 60 CM, COM ROLAMENTO EM ACO","UN    ","CR",6.3]
[38401,"RODO PARA CHAO 40 CM COM CABO","UN    ","CR",16.13]
[11575,"ROLDANA CONCAVA DUPLA, 4 RODAS, EM ZAMAC COM CHAPA DE LATAO, ROLAMENTOS EM ACO, PARA PORTAS E JANELAS DE CORRER","UN    ","CR",60.78]
[38179,"ROLDANA CONCAVA DUPLA, 4 RODAS, PARA PORTA DE CORRER, EM ZAMAC COM CHAPA DE ACO,  ROLAMENTO INTERNO BLINDADO DE ACO REVESTIDO EM NYLON","UN    ","CR",50.25]
[20256,"ROLDANA PLASTICA COM PREGO, TAMANHO 30 X 30 MM, PARA INSTALACAO ELETRICA APARENTE","UN    ","CR",0.36]
[14511,"ROLO COMPACTADOR DE PNEUS, ESTATICO, PRESSAO VARIAVEL, POTENCIA 110 HP, PESO SEM/COM LASTRO 10,8/27 T, LARGURA DE ROLAGEM 2,30 M","UN    ","AS",1058862.6000000001]
[10642,"ROLO COMPACTADOR DE PNEUS, ESTATICO, PRESSAO VARIAVEL, POTENCIA 111 HP, PESO SEM/COM LASTRO 9,5/26,0 T, LARGURA DE ROLAGEM 1,90 M","UN    ","AS",997500]
[14489,"ROLO COMPACTADOR PE DE CARNEIRO VIBRATORIO, POTENCIA 125 HP, PESO OPERACIONAL SEM/COM LASTRO 11,95/13,30 T, IMPACTO DINAMICO 38,5/22,5 T, LARGURA DE TRABALHO 2,15 M","UN    ","AS",884763.94]
[14513,"ROLO COMPACTADOR PE DE CARNEIRO VIBRATORIO, POTENCIA 80 HP, PESO OPERACIONAL SEM/COM LASTRO 7,4/8,8 T, LARGURA DE TRABALHO 1,68 M","UN    ","AS",663593.94999999995]
[13600,"ROLO COMPACTADOR VIBRATORIO DE UM CILINDRO LISO DE ACO, POTENCIA 125 HP, PESO SEM/COM LASTRO 10,75/12,92 T, IMPACTO DINAMICO 31,5/18,5 T, LARGURA TRABALHO 2,15 M","UN    ","AS",856223.07]
[10646,"ROLO COMPACTADOR VIBRATORIO DE UM CILINDRO, ACO LISO, POTENCIA 80 HP, PESO OPERACIONAL MAXIMO 8,1 T, IMPACTO DINAMICO 16,15/9,5 T, LARGURA TRABALHO 1,68 M","UN    ","AS",638257.25]
[6070,"ROLO COMPACTADOR VIBRATORIO PE DE CARNEIRO, COM CONTROLE REMOTO POR RADIO, POTENCIA  12,5 KW, PESO OPERACIONAL DE 1,675 T, LARGURA DE TRABALHO 0,85 M","UN    ","AS",872099.98]
[6069,"ROLO COMPACTADOR VIBRATORIO REBOCAVEL, CILINDRO DE ACO LISO, POTENCIA DE TRACAO DE 65 CV, PESO DE 4,7 T, IMPACTO DINAMICO TOTAL DE 18,3 T, LARGURA DO ROLO 1,67 M","UN    ","AS",192660.04]
[14626,"ROLO COMPACTADOR VIBRATORIO TANDEM, ACO LISO, POTENCIA 125 HP, PESO SEM/COM LASTRO 10,20/11,65 T, LARGURA DE TRABALHO 1,73 M","UN    ","AS",954750.04]
[6067,"ROLO COMPACTADOR VIBRATORIO TANDEM, ACO LISO, POTENCIA 58 CV, PESO SEM/COM LASTRO 6,5/9,4 T, LARGURA DE TRABALHO 1,20 M","UN    ","AS",783750.01]
[38393,"ROLO DE ESPUMA POLIESTER 23 CM (SEM CABO)","UN    ","C ",17.899999999999999]
[38390,"ROLO DE LA DE CARNEIRO 23 CM (SEM CABO)","UN    ","CR",39.700000000000003]
[36532,"ROMPEDOR ELETRICO PESO 26 KG, POTENCIA OPERACIONAL DE 2,5 KW","UN    ","AS",23861.75]
[11578,"ROSETA QUADRADA, SEM FUROS, EM ACO INOX POLIDO, LARGURA APROXIMADA DE 50 MM, PARA FECHADURA DE PORTA - PARAFUSOS INCLUIDOS","UN    ","CR",13.12]
[11577,"ROSETA REDONDA DE SOBREPOR, SEM FUROS, EM ACO INOX POLIDO, DIAMETRO APROXIMADO DE 50 MM, PARA FECHADURA DE PORTA - PARAFUSOS INCLUIDOS","UN    ","CR",12.52]
[42432,"ROTACAO DIAGONAL DUPLA, APARELHO TRIPLO, EM TUBO DE ACO CARBONO, PINTURA NO PROCESSO ELETROSTATICO - EQUIPAMENTO DE GINASTICA PARA ACADEMIA AO AR LIVRE / ACADEMIA DA TERCEIRA IDADE - ATI","UN    ","AS",2403.2800000000002]
[42437,"ROTACAO VERTICAL DUPLO, EM TUBO DE ACO CARBONO, PINTURA NO PROCESSO ELETROSTATICO - EQUIPAMENTO DE GINASTICA PARA ACADEMIA AO AR LIVRE / ACADEMIA DA TERCEIRA IDADE - ATI","UN    ","AS",1827.13]
[1116,"RUFO EXTERNO DE CHAPA DE ACO GALVANIZADA NUM 26, CORTE 25 CM","M     ","CR",21.92]
[1115,"RUFO EXTERNO DE CHAPA DE ACO GALVANIZADA NUM 26, CORTE 28 CM","M     ","CR",26.26]
[1113,"RUFO EXTERNO/INTERNO DE CHAPA DE ACO GALVANIZADA NUM 26, CORTE 33 CM","M     ","CR",30.7]
[1114,"RUFO INTERNO DE CHAPA DE ACO GALVANIZADA NUM 26, CORTE 50 CM","M     ","CR",36.57]
[40873,"RUFO INTERNO/EXTERNO DE CHAPA DE ACO GALVANIZADA NUM 24, CORTE 25 CM","M     ","CR",28.62]
[20214,"RUFO PARA TELHA ESTRUTURAL DE FIBROCIMENTO 1 ABA (SEM AMIANTO)","UN    ","CR",68.94]
[7237,"RUFO PARA TELHA ONDULADA DE FIBROCIMENTO, E = 6 MM, ABA *260* MM, COMPRIMENTO 1100 MM (SEM AMIANTO)","UN    ","CR",67.489999999999995]
[11757,"SABONETEIRA DE PAREDE EM METAL CROMADO","UN    ","C ",62.9]
[11758,"SABONETEIRA PLASTICA TIPO DISPENSER PARA SABONETE LIQUIDO COM RESERVATORIO 800 A 1500 ML","UN    ","C ",94]
[37526,"SACO DE RAFIA PARA ENTULHO, NOVO, LISO (SEM CLICHE), *60 x 90* CM","UN    ","CR",2.66]
[6076,"SAIBRO PARA ARGAMASSA (COLETADO NO COMERCIO)","M3    ","AS",65]
[13109,"SAPATA DE PVC ADITIVADO NERVURADO D = 6\"","UN    ","AS",270.93]
[13110,"SAPATA DE PVC ADITIVADO NERVURADO D = 8\"","UN    ","AS",356.56]
[7581,"SAPATILHA EM ACO GALVANIZADO PARA CABOS COM DIAMETRO NOMINAL ATE 5/8\"","UN    ","AS",4.8099999999999996]
[4509,"SARRAFO *2,5 X 10* CM EM PINUS, MISTA OU EQUIVALENTE DA REGIAO - BRUTA","M     ","CR",5.0999999999999996]
[4512,"SARRAFO *2,5 X 5* CM EM PINUS, MISTA OU EQUIVALENTE DA REGIAO - BRUTA","M     ","CR",2.4300000000000002]
[4517,"SARRAFO *2,5 X 7,5* CM EM PINUS, MISTA OU EQUIVALENTE DA REGIAO - BRUTA","M     ","CR",3.52]
[20206,"SARRAFO APARELHADO *2 X 10* CM, EM MACARANDUBA, ANGELIM OU EQUIVALENTE DA REGIAO","M     ","CR",10.65]
[4460,"SARRAFO NAO APARELHADO *2,5 X 10* CM, EM MACARANDUBA, ANGELIM OU EQUIVALENTE DA REGIAO -  BRUTA","M     ","CR",10.94]
[4417,"SARRAFO NAO APARELHADO *2,5 X 7* CM, EM MACARANDUBA, ANGELIM OU EQUIVALENTE DA REGIAO -  BRUTA","M     ","CR",8.43]
[4415,"SARRAFO NAO APARELHADO 2,5 X 5 CM, EM MACARANDUBA, ANGELIM OU EQUIVALENTE DA REGIAO -  BRUTA","M     ","CR",5.86]
[37373,"SEGURO - HORISTA (COLETADO CAIXA - ENCARGOS COMPLEMENTARES)","H     ","C ",0.01]
[40864,"SEGURO - MENSALISTA (COLETADO CAIXA - ENCARGOS COMPLEMENTARES)","MES   ","C ",0.01]
[4734,"SEIXO ROLADO PARA APLICACAO EM CONCRETO (POSTO PEDREIRA/FORNECEDOR, SEM FRETE)","M3    ","CR",292.57]
[6085,"SELADOR ACRILICO OPACO PREMIUM INTERIOR/EXTERIOR","L     ","C ",9.2899999999999991]
[38396,"SELADOR HORIZONTAL PARA FITA DE ACO 1 \"","UN    ","CR",514.55999999999995]
[11622,"SELANTE A BASE DE ALCATRAO E POLIURETANO PARA JUNTAS HORIZONTAIS","KG    ","CR",79.38]
[43143,"SELANTE ACRILICO PARA TRATAMENTO / ACABAMENTO SUPERFICIAL DE CONCRETO ESTAMPADO, APARENTE, PEDRAS E OUTROS","L     ","CR",29.98]
[7317,"SELANTE DE BASE ASFALTICA PARA VEDACAO","KG    ","CR",41.83]
[142,"SELANTE ELASTICO MONOCOMPONENTE A BASE DE POLIURETANO (PU) PARA JUNTAS DIVERSAS","310ML ","CR",37.450000000000003]
[43142,"SELANTE MONOCOMPONENTE A BASE DE SILICONE DE BAIXO MODULO, PARA JUNTAS DE PAVIMENTACAO","L     ","CR",170.13]
[38123,"SELANTE TIPO VEDA CALHA PARA METAL E FIBROCIMENTO","KG    ","CR",58.73]
[42699,"SELIM PVC, COM TRAVA, JE, 90 GRAUS, DN 125 X 100 MM OU 150 X 100 MM, PARA REDE COLETORA ESGOTO","UN    ","CR",32.14]
[37743,"SEMIRREBOQUE COM DOIS EIXOS EM TANDEM TIPO BASCULANTE COM CACAMBA METALICA 14 M3  (INCLUI MONTAGEM, NAO INCLUI CAVALO MECANICO)","UN    ","AS",215444.05]
[37744,"SEMIRREBOQUE COM TRES EIXOS EM TANDEM TIPO BASCULANTE COM CACAMBA METALICA 18 M3 (INCLUI MONTAGEM, NAO INCLUI CAVALO MECANICO)","UN    ","AS",253321.67]
[37741,"SEMIRREBOQUE COM TRES EIXOS, PARA TRANSPORTE DE CARGA SECA, DIMENSOES APROXIMADAS 2,60 X 12,50 X 0,50 M (NAO INCLUI CAVALO MECANICO)","UN    ","AS",195902.09]
[39396,"SENSOR DE PRESENCA BIVOLT COM FOTOCELULA PARA QUALQUER TIPO DE LAMPADA, POTENCIA MAXIMA *1000* W, USO EXTERNO","UN    ","CR",57.36]
[39392,"SENSOR DE PRESENCA BIVOLT DE PAREDE COM FOTOCELULA PARA QUALQUER TIPO DE LAMPADA POTENCIA MAXIMA *1000* W, USO INTERNO","UN    ","CR",64.709999999999994]
[39393,"SENSOR DE PRESENCA BIVOLT DE PAREDE SEM FOTOCELULA PARA QUALQUER TIPO DE LAMPADA POTENCIA MAXIMA *1000* W, USO INTERNO","UN    ","CR",40.01]
[39394,"SENSOR DE PRESENCA BIVOLT DE TETO COM FOTOCELULA PARA QUALQUER TIPO DE LAMPADA POTENCIA MAXIMA *1000* W, USO INTERNO","UN    ","CR",45.04]
[39395,"SENSOR DE PRESENCA BIVOLT DE TETO SEM FOTOCELULA PARA QUALQUER TIPO DE LAMPADA POTENCIA MAXIMA *900* W, USO INTERNO","UN    ","CR",41.88]
[14618,"SERRA CIRCULAR DE BANCADA COM MOTOR ELETRICO, POTENCIA DE *1600* W, PARA DISCO DE DIAMETRO DE 10\" (250 MM)","UN    ","CR",1247.42]
[40269,"SERRA CIRCULAR DE BANCADA, MODELO PICA-PAU, DIAMETRO DE 350 MM. CARACTERISTICAS DO MOTOR: TRIFASICO, POTENCIA DE 5 HP, FREQUENCIA DE 60 HZ","UN    ","CR",5025.76]
[6110,"SERRALHEIRO (HORISTA)","H     ","CR",18.920000000000002]
[40910,"SERRALHEIRO (MENSALISTA)","MES   ","CR",3300.81]
[6111,"SERVENTE DE OBRAS","H     ","C ",14.24]
[41084,"SERVENTE DE OBRAS (MENSALISTA)","MES   ","CR",2484.96]
[44535,"SERVICO DE BOMBEAMENTO DE CONCRETO COM CONSUMO MINIMO DE 40  M3","M3    ","CR",46.26]
[44945,"SIFAO / TUBO SINFONADO EXTENSIVEL/SANFONADO, UNIVERSAL/ SIMPLES, ENTRE *50 A 70* CM, DE PLASTICO BRANCO","UN    ","C ",9.4]
[38637,"SIFAO EM METAL CROMADO PARA PIA AMERICANA, 1.1/2 X 1.1/2 \"","UN    ","CR",314.08]
[6150,"SIFAO EM METAL CROMADO PARA PIA AMERICANA, 1.1/2 X 2 \"","UN    ","CR",317.92]
[6136,"SIFAO EM METAL CROMADO PARA PIA OU LAVATORIO, 1 X 1.1/2 \"","UN    ","C ",249.9]
[38638,"SIFAO EM METAL CROMADO PARA TANQUE, 1.1/4 X 1.1/2 \"","UN    ","CR",264.66000000000003]
[20262,"SIFAO PLASTICO EXTENSIVEL UNIVERSAL, TIPO COPO","UN    ","CR",17.21]
[6145,"SIFAO PLASTICO TIPO COPO PARA PIA AMERICANA 1.1/2 X 1.1/2 \"","UN    ","CR",19.02]
[6149,"SIFAO PLASTICO TIPO COPO PARA PIA OU LAVATORIO, 1 X 1.1/2 \"","UN    ","CR",12.57]
[6146,"SIFAO PLASTICO TIPO COPO PARA TANQUE, 1.1/4 X 1.1/2 \"","UN    ","CR",18.07]
[44536,"SILICA ATIVA PARA ADICAO EM CONCRETO E  ARGAMASSA","KG    ","CR",3.15]
[39961,"SILICONE ACETICO USO GERAL INCOLOR 280 G","UN    ","CR",24.75]
[42433,"SIMULADOR DE CAMINHADA TRIPLO, EM TUBO DE ACO CARBONO, PINTURA NO PROCESSO ELETROSTATICO - EQUIPAMENTO DE GINASTICA PARA ACADEMIA AO AR LIVRE / ACADEMIA DA TERCEIRA IDADE - ATI","UN    ","AS",4747]
[42434,"SIMULADOR DE CAVALGADA TRIPLO, EM TUBO DE ACO CARBONO, PINTURA NO PROCESSO ELETROSTATICO - EQUIPAMENTO DE GINASTICA PARA ACADEMIA AO AR LIVRE / ACADEMIA DA TERCEIRA IDADE - ATI","UN    ","AS",5129.83]
[42435,"SIMULADOR DE REMO INDIVIDUAL, EM TUBO DE ACO CARBONO, PINTURA NO PROCESSO ELETROSTATICO - EQUIPAMENTO DE GINASTICA PARA ACADEMIA AO AR LIVRE / ACADEMIA DA TERCEIRA IDADE - ATI","UN    ","AS",2558.0500000000002]
[38061,"SINALIZADOR NOTURNO SIMPLES PARA PARA-RAIOS, SEM RELE FOTOELETRICO","UN    ","AS",45.59]
[20250,"SISAL EM FIBRA / ESTOPA SISAL PARA GESSO","KG    ","C ",12]
[13388,"SOLDA EM BARRA DE ESTANHO-CHUMBO 50/50","KG    ","CR",133.24]
[39914,"SOLDA EM VARETA FOSCOPER, D = *2,5* MM  X COMPRIMENTO 500 MM","KG    ","CR",487.55]
[12732,"SOLDA ESTANHO/COBRE PARA CONEXOES DE COBRE, FIO 2,5 MM, CARRETEL 500 GR (SEM CHUMBO)","UN    ","CR",562.54999999999995]
[6160,"SOLDADOR (HORISTA)","H     ","C ",18.920000000000002]
[41087,"SOLDADOR (MENSALISTA)","MES   ","CR",3300.81]
[6166,"SOLDADOR ELETRICO (PARA SOLDA A SER TESTADA COM RAIOS \"X\") (HORISTA)","H     ","CR",22.22]
[41088,"SOLDADOR ELETRICO (PARA SOLDA A SER TESTADA COM RAIOS \"X\") (MENSALISTA)","MES   ","CR",3878.86]
[20232,"SOLEIRA EM GRANITO, POLIDO, TIPO ANDORINHA/ QUARTZ/ CASTELO/ CORUMBA OU OUTROS EQUIVALENTES DA REGIAO, L= *15* CM, E=  *2,0* CM","M     ","CR",101.13]
[10856,"SOLEIRA PRE-MOLDADA EM GRANILITE, MARMORITE OU GRANITINA, L = *15 CM","M     ","AS",114.78]
[4828,"SOLEIRA/ PEITORIL EM MARMORE, POLIDO, BRANCO COMUM, L= *15* CM, E=  *2* CM,  CORTE RETO","M     ","CR",79.959999999999994]
[20249,"SOLEIRA/ TABEIRA EM MARMORE, POLIDO, BRANCO COMUM, L= 5 CM, E=  *2,0* CM","M     ","CR",43.78]
[11609,"SOLUCAO ASFALTICA ELASTOMERICA PARA IMPRIMACAO, APLICACAO A FRIO","L     ","CR",13.19]
[20083,"SOLUCAO PREPARADORA / LIMPADORA PARA PVC, FRASCO COM 1000 CM3","UN    ","CR",63.2]
[10691,"SOLVENTE PARA COLA (PARA LAMINADO MELAMINICO) A BASE DE RESINA SINTETICA","L     ","CR",68.06]
[12295,"SOQUETE DE BAQUELITE BASE E27, PARA LAMPADAS","UN    ","CR",3.03]
[12296,"SOQUETE DE PORCELANA BASE E27, FIXO DE TETO, PARA LAMPADAS","UN    ","CR",3.92]
[12294,"SOQUETE DE PORCELANA BASE E27, PARA USO AO TEMPO, PARA LAMPADAS","UN    ","CR",9.42]
[14543,"SOQUETE DE PVC / TERMOPLASTICO BASE E27, COM CHAVE, PARA LAMPADAS","UN    ","CR",6.73]
[13329,"SOQUETE DE PVC / TERMOPLASTICO BASE E27, COM RABICHO, PARA LAMPADAS","UN    ","C ",3.95]
[21047,"SPRINKLER TIPO PENDENTE, BULBO AMARELO DE RESPOSTA RAPIDA, 79 GRAUS CELSIUS, ACABAMENTO CROMADO, D = 20 MM (3/4\")","UN    ","AS",36.909999999999997]
[21042,"SPRINKLER TIPO PENDENTE, BULBO AMARELO DE RESPOSTA RAPIDA, 79 GRAUS CELSIUS, ACABAMENTO NATURAL OU CROMADO, D = 15 MM (1/2\")","UN    ","AS",28.45]
[21043,"SPRINKLER TIPO PENDENTE, BULBO AMARELO DE RESPOSTA RAPIDA, 79 GRAUS CELSIUS, ACABAMENTO NATURAL, D = 20 MM (3/4\")","UN    ","AS",35.94]
[21044,"SPRINKLER TIPO PENDENTE, BULBO VERMELHO DE RESPOSTA RAPIDA, 68 GRAUS CELSIUS, ACABAMENTO CROMADO, D = 15 MM (1/2\")","UN    ","AS",25.03]
[21045,"SPRINKLER TIPO PENDENTE, BULBO VERMELHO DE RESPOSTA RAPIDA, 68 GRAUS CELSIUS, ACABAMENTO CROMADO, D = 20 MM (3/4\")","UN    ","AS",34.29]
[21041,"SPRINKLER TIPO PENDENTE, BULBO VERMELHO DE RESPOSTA RAPIDA, 68 GRAUS CELSIUS, ACABAMENTO NATURAL, D = 20 MM (3/4\")","UN    ","AS",29.57]
[21040,"SPRINKLER TIPO PENDENTE, BULBO VERMELHO RESPOSTA RAPIDA, 68 GRAUS CELSIUS, ACABAMENTO NATURAL, D = 15 MM (1/2\")","UN    ","AS",24.5]
[14149,"SUPORTE \"Y\" PARA FITA PERFURADA","CENTO ","AS",195.98]
[38099,"SUPORTE DE FIXACAO PARA ESPELHO / PLACA 4\" X 2\", PARA 3 MODULOS, PARA INSTALACAO DE TOMADAS E INTERRUPTORES (SOMENTE SUPORTE)","UN    ","CR",1.63]
[38100,"SUPORTE DE FIXACAO PARA ESPELHO / PLACA 4\" X 4\", PARA 6 MODULOS, PARA INSTALACAO DE TOMADAS E INTERRUPTORES (SOMENTE SUPORTE)","UN    ","CR",2.68]
[7576,"SUPORTE EM ACO GALVANIZADO PARA TRANSFORMADOR PARA POSTE DUPLO T 185 X 95 MM, CHAPA DE 5/16\"","UN    ","AS",197.49]
[3384,"SUPORTE GUIA SIMPLES COM ROLDANA EM POLIPROPILENO PARA CHUMBAR, H = 20 CM","UN    ","CR",10.74]
[7572,"SUPORTE ISOLADOR REFORCADO DIAMETRO NOMINAL 5/16\", COM ROSCA SOBERBA E BUCHA","UN    ","AS",7.45]
[3396,"SUPORTE ISOLADOR SIMPLES DIAMETRO NOMINAL 5/16\", COM ROSCA SOBERBA E BUCHA","UN    ","AS",5.04]
[37590,"SUPORTE MAO-FRANCESA EM ACO, ABAS IGUAIS 30 CM, CAPACIDADE MINIMA 60 KG, BRANCO","UN    ","CR",22.31]
[37591,"SUPORTE MAO-FRANCESA EM ACO, ABAS IGUAIS 40 CM, CAPACIDADE MINIMA 70 KG, BRANCO","UN    ","CR",26.81]
[12626,"SUPORTE METALICO PARA CALHA PLUVIAL, ZINCADO, DOBRADO, DIAMETRO ENTRE 119 E 170 MM, PARA DRENAGEM PLUVIAL PREDIAL","UN    ","CR",40.659999999999997]
[11033,"SUPORTE PARA CALHA DE 150 MM EM FERRO GALVANIZADO","UN    ","CR",5.76]
[390,"SUPORTE PARA TUBO DIAMETRO NOMINAL 2\", COM ROSCA MECANICA","UN    ","AS",9.11]
[42436,"SURF DUPLO, EM TUBO DE ACO CARBONO, PINTURA NO PROCESSO ELETROSTATICO - EQUIPAMENTO DE GINASTICA PARA ACADEMIA AO AR LIVRE / ACADEMIA DA TERCEIRA IDADE - ATI","UN    ","AS",2677.55]
[6193,"TABUA  NAO  APARELHADA  *2,5 X 20* CM, EM MACARANDUBA, ANGELIM OU EQUIVALENTE DA REGIAO - BRUTA","M     ","CR",21.9]
[6194,"TABUA *2,5 X 15 CM EM PINUS, MISTA OU EQUIVALENTE DA REGIAO - BRUTA","M     ","CR",7.17]
[10567,"TABUA *2,5 X 23* CM EM PINUS, MISTA OU EQUIVALENTE DA REGIAO - BRUTA","M     ","CR",11.36]
[6212,"TABUA *2,5 X 30 CM EM PINUS, MISTA OU EQUIVALENTE DA REGIAO - BRUTA","M     ","C ",16.670000000000002]
[3993,"TABUA APARELHADA *2,5 X 15* CM, EM MACARANDUBA, ANGELIM OU EQUIVALENTE DA REGIAO","M2    ","CR",141.58000000000001]
[3990,"TABUA APARELHADA *2,5 X 25* CM, EM MACARANDUBA, ANGELIM OU EQUIVALENTE DA REGIAO","M     ","CR",26.64]
[3992,"TABUA APARELHADA *2,5 X 30* CM, EM MACARANDUBA, ANGELIM OU EQUIVALENTE DA REGIAO","M     ","CR",35.96]
[6178,"TABUA DE  MADEIRA PARA PISO, CUMARU/IPE CHAMPANHE OU EQUIVALENTE DA REGIAO, ENCAIXE MACHO/FEMEA, *10 X 2* CM","M2    ","AS",267.77]
[6180,"TABUA DE  MADEIRA PARA PISO, CUMARU/IPE CHAMPANHE OU EQUIVALENTE DA REGIAO, ENCAIXE MACHO/FEMEA, *15 X 2* CM","M2    ","AS",289]
[6182,"TABUA DE  MADEIRA PARA PISO, IPE (CERNE) OU EQUIVALENTE DA REGIAO, ENCAIXE MACHO/FEMEA, *20 X 2* CM","M2    ","AS",358.72]
[43614,"TABUA NAO APARELHADA *2,5 X 15* CM, EM MACARANDUBA, ANGELIM OU EQUIVALENTE DA REGIAO - BRUTA","M     ","CR",17.989999999999998]
[6189,"TABUA NAO APARELHADA *2,5 X 30* CM, EM MACARANDUBA, ANGELIM OU EQUIVALENTE DA REGIAO - BRUTA","M     ","CR",31.97]
[6214,"TACO DE MADEIRA PARA PISO, IPE (CERNE) OU EQUIVALENTE DA REGIAO, 7 X 42 CM, E = 2 CM","M2    ","AS",167.74]
[36153,"TALABARTE DE SEGURANCA, 2 MOSQUETOES TRAVA DUPLA *53* MM DE ABERTURA, COM ABSORVEDOR DE ENERGIA","UN    ","CR",220.68]
[10740,"TALHA ELETRICA 3 T, VELOCIDADE  2,1 M / MIN, POTENCIA 1,3 KW","UN    ","CR",14138.3]
[13914,"TALHA MANUAL DE CORRENTE, CAPACIDADE DE 1 T COM ELEVACAO DE 3 M","UN    ","CR",1022.96]
[10742,"TALHA MANUAL DE CORRENTE, CAPACIDADE DE 2 T COM ELEVACAO DE 3 M","UN    ","C ",1492]
[38465,"TALHADEIRA COM PUNHO DE PROTECAO *20 X 250* MM","UN    ","CR",31.07]
[7543,"TAMPA CEGA EM PVC PARA CONDULETE 4 X 2\"","UN    ","CR",7.68]
[43427,"TAMPA DE CONCRETO ARMADO PARA FOSSA SEPTICA, DIAMETRO NOMINAL DE 3,00 M E ESPESSURA MINIMA DE 100 MM","UN    ","CR",1539.95]
[41613,"TAMPA DE CONCRETO ARMADO PARA FOSSA, D = *0,90* M, E = 0,05 M","UN    ","CR",98.99]
[41614,"TAMPA DE CONCRETO ARMADO PARA FOSSA, D = *1,10* M, E = 0,05 M","UN    ","CR",126.13]
[41615,"TAMPA DE CONCRETO ARMADO PARA FOSSA, D = *1,35* M, E = 0,05 M","UN    ","CR",194.94]
[41616,"TAMPA DE CONCRETO ARMADO PARA FOSSA, D = 1,50 M, E = 0,05 M","UN    ","CR",291.27999999999997]
[41617,"TAMPA DE CONCRETO ARMADO PARA FOSSA, D = 2,00 M, E = 0,05 M","UN    ","CR",579.17999999999995]
[41618,"TAMPA DE CONCRETO ARMADO PARA FOSSA, D = 2,50 M, E = 0,05 M","UN    ","CR",1066.23]
[43428,"TAMPA DE CONCRETO ARMADO PARA POCO DE INSPECAO, COM FURO E TAMPINHA, DIAMETRO NOMINAL DE 3,00 M E ESPESSURA MINIMA DE 100 MM","UN    ","CR",1872.85]
[41619,"TAMPA DE CONCRETO ARMADO PARA POCO, COM  FURO E TAMPINHA, D = *0,90* M, E = 0,05 M","UN    ","CR",121.34]
[41620,"TAMPA DE CONCRETO ARMADO PARA POCO, COM  FURO E TAMPINHA, D = *1,10* M, E = 0,05 M","UN    ","CR",153.27000000000001]
[41622,"TAMPA DE CONCRETO ARMADO PARA POCO, COM  FURO E TAMPINHA, D = *1,35* M, E = 0,05 M","UN    ","CR",265.83999999999997]
[41623,"TAMPA DE CONCRETO ARMADO PARA POCO, COM  FURO E TAMPINHA, D = 1,50 M, E = 0,05 M","UN    ","CR",408.73]
[41624,"TAMPA DE CONCRETO ARMADO PARA POCO, COM  FURO E TAMPINHA, D = 2,00 M, E = 0,05 M","UN    ","CR",766.38]
[41625,"TAMPA DE CONCRETO ARMADO PARA POCO, COM  FURO E TAMPINHA, D = 2,50 M, E = 0,05 M","UN    ","CR",1179.1099999999999]
[39352,"TAMPA PARA CONDULETE, EM PVC, PARA TOMADA HEXAGONAL","UN    ","CR",4.74]
[39346,"TAMPA PARA CONDULETE, EM PVC, PARA 1 INTERRUPTOR","UN    ","CR",4.74]
[39350,"TAMPA PARA CONDULETE, EM PVC, PARA 1 MODULO RJ","UN    ","CR",5.0999999999999996]
[39351,"TAMPA PARA CONDULETE, EM PVC, PARA 2 MODULOS RJ","UN    ","CR",5.91]
[38837,"TAMPAO / CAP, ROSCA MACHO, DN 1\", PARA TUBO PEX PARA INST. AGUA QUENTE/FRIA","UN    ","AS",7.42]
[38836,"TAMPAO / CAP, ROSCA MACHO, DN 3/4\", PARA TUBO PEX PARA INST. AGUA QUENTE/FRIA","UN    ","AS",5.18]
[2666,"TAMPAO / TERMINAL / PLUG, D = 1 1/4\" , PARA DUTO CORRUGADO PEAD (CABEAMENTO SUBTERRANEO)","UN    ","CR",10.8]
[2668,"TAMPAO / TERMINAL / PLUG, D = 2\" , PARA DUTO CORRUGADO PEAD (CABEAMENTO SUBTERRANEO)","UN    ","CR",12.33]
[2664,"TAMPAO / TERMINAL / PLUG, D = 3\" , PARA DUTO CORRUGADO PEAD (CABEAMENTO SUBTERRANEO)","UN    ","CR",18.190000000000001]
[2662,"TAMPAO / TERMINAL / PLUG, D = 4\" , PARA DUTO CORRUGADO PEAD (CABEAMENTO SUBTERRANEO)","UN    ","CR",22.31]
[20964,"TAMPAO COM CORRENTE, EM LATAO, ENGATE RAPIDO 1 1/2\", PARA INSTALACAO PREDIAL DE COMBATE A INCENDIO","UN    ","CR",97.61]
[10905,"TAMPAO COM CORRENTE, EM LATAO, ENGATE RAPIDO 2 1/2\", PARA INSTALACAO PREDIAL DE COMBATE A INCENDIO","UN    ","CR",130.94999999999999]
[11289,"TAMPAO FOFO ARTICULADO P/ REGISTRO, CLASSE A15 CARGA MAX 1,5 T, *200 X 200* MM","UN    ","AS",97.93]
[11241,"TAMPAO FOFO ARTICULADO P/ REGISTRO, CLASSE A15 CARGA MAXIMA 1,5 T, *400 X 400* MM","UN    ","AS",244.83]
[11301,"TAMPAO FOFO ARTICULADO, CLASSE B125 CARGA MAX 12,5 T, REDONDO, TAMPA 600 MM (COM INSCRICAO EM RELEVO DO TIPO DE REDE)","UN    ","AS",620.83000000000004]
[21090,"TAMPAO FOFO ARTICULADO, CLASSE D400 CARGA MAX 40 T, REDONDO, TAMPA 600 MM (COM INSCRICAO EM RELEVO DO TIPO DE REDE)","UN    ","AS",760.74]
[11315,"TAMPAO FOFO SIMPLES COM BASE, CLASSE A15 CARGA MAX 1,5 T, 300 X 300 MM (COM INSCRICAO EM RELEVO DO TIPO DE REDE)","UN    ","AS",148.65]
[21071,"TAMPAO FOFO SIMPLES COM BASE, CLASSE A15 CARGA MAX 1,5 T, 400 X 400 MM (COM INSCRICAO EM RELEVO DO TIPO DE REDE)","UN    ","AS",227.34]
[14112,"TAMPAO FOFO SIMPLES COM BASE, CLASSE A15 CARGA MAX 1,5 T, 400 X 600 MM (COM INSCRICAO EM RELEVO DO TIPO DE REDE)","UN    ","AS",317.41000000000003]
[11316,"TAMPAO FOFO SIMPLES COM BASE, CLASSE B125 CARGA MAX 12,5 T, REDONDO, TAMPA 500 MM (COM INSCRICAO EM RELEVO DO TIPO DE REDE)","UN    ","AS",489.67]
[6243,"TAMPAO FOFO SIMPLES COM BASE, CLASSE B125 CARGA MAX 12,5 T, REDONDO, TAMPA 600 MM (COM INSCRICAO EM RELEVO DO TIPO DE REDE)","UN    ","AS",564]
[6240,"TAMPAO FOFO SIMPLES COM BASE, CLASSE D400 CARGA MAX 40 T, REDONDO, TAMPA 600 MM, REDE PLUVIAL/ESGOTO (COM INSCRICAO EM RELEVO DO TIPO DE REDE)","UN    ","AS",746.75]
[11296,"TAMPAO FOFO SIMPLES COM BASE, CLASSE D400 CARGA MAX 40 T, REDONDO, TAMPA 900 MM (COM INSCRICAO EM RELEVO DO TIPO DE REDE)","UN    ","AS",2379.29]
[11299,"TAMPAO FOFO SIMPLES, CLASSE A15 CARGA MAX 1,5 T, 550 X 1100 MM (COM INSCRICAO EM RELEVO DO TIPO DE REDE)","UN    ","AS",805.33]
[11688,"TANQUE ACO INOXIDAVEL (ACO 304) COM ESFREGADOR E VALVULA, DE *50 X 40 X 22* CM","UN    ","CR",504.64]
[37736,"TANQUE DE ACO CARBONO NAO REVESTIDO, PARA TRANSPORTE DE AGUA COM CAPACIDADE DE 10 M3, COM BOMBA CENTRIFUGA POR TOMADA DE FORCA, VAZAO MAXIMA *75* M3/H (INCLUI MONTAGEM, NAO INCLUI CAMINHAO)","UN    ","AS",83450]
[37739,"TANQUE DE ACO PARA TRANSPORTE DE AGUA COM CAPACIDADE DE 14 M3 (INCLUI MONTAGEM, NAO INCLUI CAMINHAO)","UN    ","AS",102707.68]
[37740,"TANQUE DE ACO PARA TRANSPORTE DE AGUA COM CAPACIDADE DE 4 M3 (INCLUI MONTAGEM, NAO INCLUI CAMINHAO)","UN    ","AS",58610.36]
[37738,"TANQUE DE ACO PARA TRANSPORTE DE AGUA COM CAPACIDADE DE 6 M3 (INCLUI MONTAGEM, NAO INCLUI CAMINHAO)","UN    ","AS",69634.7]
[37737,"TANQUE DE ACO PARA TRANSPORTE DE AGUA COM CAPACIDADE DE 8 M3 (INCLUI MONTAGEM, NAO INCLUI CAMINHAO)","UN    ","AS",55400.75]
[25014,"TANQUE DE ASFALTO ESTACIONARIO COM MACARICO, CAPACIDADE 20.000 L","UN    ","AS",116034.57]
[25013,"TANQUE DE ASFALTO ESTACIONARIO COM SERPENTINA, CAPACIDADE 20.000 L","UN    ","AS",121616.51]
[14405,"TANQUE DE ASFALTO ESTACIONARIO COM SERPENTINA, CAPACIDADE 30.000 L","UN    ","AS",142758.1]
[20271,"TANQUE DE LOUCA BRANCA, COM COLUNA, *30* L","UN    ","CR",481.16]
[10423,"TANQUE DE LOUCA BRANCA, SUSPENSO, *20* L","UN    ","CR",353.28]
[36790,"TANQUE DUPLO EM MARMORE SINTETICO COM CUBA LISA E ESFREGADOR, *110 X 60* CM","UN    ","CR",276.58]
[37589,"TANQUE SIMPLES EM MARMORE SINTETICO COM COLUNA, CAPACIDADE *22* L, *60 X 46* CM","UN    ","CR",338.88]
[11690,"TANQUE SIMPLES EM MARMORE SINTETICO DE FIXAR NA PAREDE, CAPACIDADE *22* L, *60 X 46* CM","UN    ","CR",180.02]
[20234,"TANQUE SIMPLES EM MARMORE SINTETICO SUSPENSO, CAPACIDADE *38* L, *60 X 60* CM","UN    ","CR",227.82]
[4763,"TAQUEADOR OU TAQUEIRO (HORISTA)","H     ","CR",18.920000000000002]
[41070,"TAQUEADOR OU TAQUEIRO (MENSALISTA)","MES   ","CR",3300.81]
[44480,"TARIFA \"A\" ENTRE  0 E 20M3 FORNECIMENTO  D'AGUA","M3    ","CR",17.03]
[11457,"TARJETA LIVRE / OCUPADO PARA PORTA DE BANHEIRO, CORPO EM ZAMAC E ESPELHO EM LATAO","UN    ","CR",49.69]
[44073,"TARUGO DELIMITADOR DE PROFUNDIDADE EM ESPUMA DE POLIETILENO DE BAIXA DENSIDADE 10 MM, CINZA","M     ","CR",0.93]
[44253,"TE CPVC, SOLDAVEL, 90 GRAUS, 114 MM, PARA AGUA QUENTE PREDIAL","UN    ","CR",253.4]
[21121,"TE CPVC, SOLDAVEL, 90 GRAUS, 15 MM, PARA AGUA QUENTE PREDIAL","UN    ","CR",3.63]
[38010,"TE CPVC, SOLDAVEL, 90 GRAUS, 22 MM, PARA AGUA QUENTE PREDIAL","UN    ","CR",4.5199999999999996]
[38011,"TE CPVC, SOLDAVEL, 90 GRAUS, 28 MM, PARA AGUA QUENTE PREDIAL","UN    ","CR",9.07]
[38012,"TE CPVC, SOLDAVEL, 90 GRAUS, 35 MM, PARA AGUA QUENTE PREDIAL","UN    ","CR",34.590000000000003]
[38013,"TE CPVC, SOLDAVEL, 90 GRAUS, 42 MM, PARA AGUA QUENTE PREDIAL","UN    ","CR",44.44]
[38014,"TE CPVC, SOLDAVEL, 90 GRAUS, 54 MM, PARA AGUA QUENTE PREDIAL","UN    ","CR",74.209999999999994]
[38015,"TE CPVC, SOLDAVEL, 90 GRAUS, 73 MM, PARA AGUA QUENTE PREDIAL","UN    ","CR",174.46]
[38016,"TE CPVC, SOLDAVEL, 90 GRAUS, 89 MM, PARA AGUA QUENTE PREDIAL","UN    ","CR",202.88]
[12741,"TE DE COBRE (REF 611) SEM ANEL DE SOLDA, BOLSA X BOLSA X BOLSA, 104 MM","UN    ","CR",2701.22]
[12733,"TE DE COBRE (REF 611) SEM ANEL DE SOLDA, BOLSA X BOLSA X BOLSA, 15 MM","UN    ","CR",13.59]
[12734,"TE DE COBRE (REF 611) SEM ANEL DE SOLDA, BOLSA X BOLSA X BOLSA, 22 MM","UN    ","CR",28.97]
[12735,"TE DE COBRE (REF 611) SEM ANEL DE SOLDA, BOLSA X BOLSA X BOLSA, 28 MM","UN    ","CR",47.66]
[12736,"TE DE COBRE (REF 611) SEM ANEL DE SOLDA, BOLSA X BOLSA X BOLSA, 35 MM","UN    ","CR",108.94]
[12737,"TE DE COBRE (REF 611) SEM ANEL DE SOLDA, BOLSA X BOLSA X BOLSA, 42 MM","UN    ","CR",140.35]
[12738,"TE DE COBRE (REF 611) SEM ANEL DE SOLDA, BOLSA X BOLSA X BOLSA, 54 MM","UN    ","CR",277.39999999999998]
[12739,"TE DE COBRE (REF 611) SEM ANEL DE SOLDA, BOLSA X BOLSA X BOLSA, 66 MM","UN    ","CR",789.64]
[12740,"TE DE COBRE (REF 611) SEM ANEL DE SOLDA, BOLSA X BOLSA X BOLSA, 79 MM","UN    ","CR",1235.44]
[6297,"TE DE FERRO GALVANIZADO, DE 1 1/2\"","UN    ","AS",43.91]
[6296,"TE DE FERRO GALVANIZADO, DE 1 1/4\"","UN    ","AS",34.659999999999997]
[6294,"TE DE FERRO GALVANIZADO, DE 1/2\"","UN    ","AS",9.8800000000000008]
[6323,"TE DE FERRO GALVANIZADO, DE 1\"","UN    ","AS",22.64]
[6299,"TE DE FERRO GALVANIZADO, DE 2 1/2\"","UN    ","AS",132.06]
[6298,"TE DE FERRO GALVANIZADO, DE 2\"","UN    ","AS",69.55]
[6295,"TE DE FERRO GALVANIZADO, DE 3/4\"","UN    ","AS",14.07]
[6322,"TE DE FERRO GALVANIZADO, DE 3\"","UN    ","AS",176.87]
[6300,"TE DE FERRO GALVANIZADO, DE 4\"","UN    ","AS",326.08999999999997]
[6321,"TE DE FERRO GALVANIZADO, DE 5\"","UN    ","AS",465.8]
[6301,"TE DE FERRO GALVANIZADO, DE 6\"","UN    ","AS",1091.78]
[7105,"TE DE INSPECAO, PVC,  100 X 75 MM, SERIE NORMAL PARA ESGOTO PREDIAL","UN    ","CR",40.86]
[20183,"TE DE INSPECAO, PVC, SERIE R, 100 X 75 MM, PARA ESGOTO PREDIAL","UN    ","CR",50.34]
[38448,"TE DE INSPECAO, PVC, SERIE R, 150 X 100 MM, PARA ESGOTO PREDIAL","UN    ","CR",228.45]
[20182,"TE DE INSPECAO, PVC, SERIE R, 75 X 75 MM, PARA ESGOTO PREDIAL","UN    ","CR",29.27]
[7119,"TE DE REDUCAO COM ROSCA, PVC, 90 GRAUS, 1 X 3/4\", PARA AGUA FRIA PREDIAL","UN    ","CR",12.63]
[7126,"TE DE REDUCAO COM ROSCA, PVC, 90 GRAUS, 1.1/2\" X 3/4\", AGUA FRIA PREDIAL","UN    ","CR",25.76]
[7120,"TE DE REDUCAO COM ROSCA, PVC, 90 GRAUS, 3/4 X 1/2\", PARA AGUA FRIA PREDIAL","UN    ","CR",9.68]
[6319,"TE DE REDUCAO DE FERRO GALVANIZADO, COM ROSCA BSP, DE 1 1/2\" X 1\"","UN    ","AS",51.58]
[6304,"TE DE REDUCAO DE FERRO GALVANIZADO, COM ROSCA BSP, DE 1 1/2\" X 3/4\"","UN    ","AS",51.58]
[21116,"TE DE REDUCAO DE FERRO GALVANIZADO, COM ROSCA BSP, DE 1 1/4\" X 3/4\"","UN    ","AS",39.06]
[6320,"TE DE REDUCAO DE FERRO GALVANIZADO, COM ROSCA BSP, DE 1\" X 1/2\"","UN    ","AS",26.56]
[6303,"TE DE REDUCAO DE FERRO GALVANIZADO, COM ROSCA BSP, DE 1\" X 3/4\"","UN    ","AS",26.56]
[6308,"TE DE REDUCAO DE FERRO GALVANIZADO, COM ROSCA BSP, DE 2 1/2\" X 1 1/2\"","UN    ","AS",142.72999999999999]
[6317,"TE DE REDUCAO DE FERRO GALVANIZADO, COM ROSCA BSP, DE 2 1/2\" X 1 1/4\"","UN    ","AS",142.72999999999999]
[6307,"TE DE REDUCAO DE FERRO GALVANIZADO, COM ROSCA BSP, DE 2 1/2\" X 1\"","UN    ","AS",142.72999999999999]
[6309,"TE DE REDUCAO DE FERRO GALVANIZADO, COM ROSCA BSP, DE 2 1/2\" X 2\"","UN    ","AS",146.88]
[6318,"TE DE REDUCAO DE FERRO GALVANIZADO, COM ROSCA BSP, DE 2\" X 1 1/2\"","UN    ","AS",76.989999999999995]
[6306,"TE DE REDUCAO DE FERRO GALVANIZADO, COM ROSCA BSP, DE 2\" X 1 1/4\"","UN    ","AS",76.989999999999995]
[6305,"TE DE REDUCAO DE FERRO GALVANIZADO, COM ROSCA BSP, DE 2\" X 1\"","UN    ","AS",76.989999999999995]
[6302,"TE DE REDUCAO DE FERRO GALVANIZADO, COM ROSCA BSP, DE 3/4\" X 1/2\"","UN    ","AS",16.329999999999998]
[6312,"TE DE REDUCAO DE FERRO GALVANIZADO, COM ROSCA BSP, DE 3\" X 1 1/2\"","UN    ","AS",205.31]
[6311,"TE DE REDUCAO DE FERRO GALVANIZADO, COM ROSCA BSP, DE 3\" X 1 1/4\"","UN    ","AS",205.31]
[6310,"TE DE REDUCAO DE FERRO GALVANIZADO, COM ROSCA BSP, DE 3\" X 1\"","UN    ","AS",205.31]
[6314,"TE DE REDUCAO DE FERRO GALVANIZADO, COM ROSCA BSP, DE 3\" X 2 1/2\"","UN    ","AS",205.31]
[6313,"TE DE REDUCAO DE FERRO GALVANIZADO, COM ROSCA BSP, DE 3\" X 2\"","UN    ","AS",205.31]
[6315,"TE DE REDUCAO DE FERRO GALVANIZADO, COM ROSCA BSP, DE 4\" X 2\"","UN    ","AS",388.74]
[6316,"TE DE REDUCAO DE FERRO GALVANIZADO, COM ROSCA BSP, DE 4\" X 3\"","UN    ","AS",388.74]
[39324,"TE DE REDUCAO, CPVC, 22 X 15 MM, PARA AGUA QUENTE PREDIAL","UN    ","CR",4.7300000000000004]
[39325,"TE DE REDUCAO, CPVC, 28 X 22 MM, PARA AGUA QUENTE PREDIAL","UN    ","CR",7.13]
[39326,"TE DE REDUCAO, CPVC, 35 X 28 MM, PARA AGUA QUENTE PREDIAL","UN    ","CR",25.58]
[39327,"TE DE REDUCAO, CPVC, 42 X 35 MM, PARA AGUA QUENTE PREDIAL","UN    ","CR",38.590000000000003]
[11378,"TE DE REDUCAO, PVC PBA, BBB, JE, DN 100 X 50 / DE 110 X 60 MM, PARA REDE AGUA (NBR 10351)","UN    ","AS",97.25]
[11379,"TE DE REDUCAO, PVC PBA, BBB, JE, DN 100 X 75 / DE 110 X 85 MM, PARA REDE AGUA (NBR 10351)","UN    ","AS",82.18]
[11493,"TE DE REDUCAO, PVC PBA, BBB, JE, DN 75 X 50 / DE 85 X 60 MM, PARA REDE AGUA (NBR 10351)","UN    ","AS",47.4]
[7106,"TE DE REDUCAO, PVC, SOLDAVEL, 90 GRAUS, 110 MM X 60 MM, PARA AGUA FRIA PREDIAL","UN    ","CR",159.43]
[7104,"TE DE REDUCAO, PVC, SOLDAVEL, 90 GRAUS, 25 MM X 20 MM, PARA AGUA FRIA PREDIAL","UN    ","CR",4.3]
[7136,"TE DE REDUCAO, PVC, SOLDAVEL, 90 GRAUS, 32 MM X 25 MM, PARA AGUA FRIA PREDIAL","UN    ","CR",7.48]
[7128,"TE DE REDUCAO, PVC, SOLDAVEL, 90 GRAUS, 40 MM X 32 MM, PARA AGUA FRIA PREDIAL","UN    ","CR",9.7100000000000009]
[7108,"TE DE REDUCAO, PVC, SOLDAVEL, 90 GRAUS, 50 MM X 20 MM, PARA AGUA FRIA PREDIAL","UN    ","CR",9.68]
[7129,"TE DE REDUCAO, PVC, SOLDAVEL, 90 GRAUS, 50 MM X 25 MM, PARA AGUA FRIA PREDIAL","UN    ","CR",11.4]
[7130,"TE DE REDUCAO, PVC, SOLDAVEL, 90 GRAUS, 50 MM X 32 MM, PARA AGUA FRIA PREDIAL","UN    ","CR",16.559999999999999]
[7131,"TE DE REDUCAO, PVC, SOLDAVEL, 90 GRAUS, 50 MM X 40 MM, PARA AGUA FRIA PREDIAL","UN    ","CR",20.25]
[7132,"TE DE REDUCAO, PVC, SOLDAVEL, 90 GRAUS, 75 MM X 50 MM, PARA AGUA FRIA PREDIAL","UN    ","CR",47.69]
[7133,"TE DE REDUCAO, PVC, SOLDAVEL, 90 GRAUS, 85 MM X 60 MM, PARA AGUA FRIA PREDIAL","UN    ","CR",110.2]
[37420,"TE DE SERVICO INTEGRADO, EM POLIPROPILENO (PP), PARA TUBOS EM PEAD/PVC, 60 X 20 MM - LIGACAO PREDIAL DE AGUA","UN    ","AS",44.65]
[37421,"TE DE SERVICO INTEGRADO, EM POLIPROPILENO (PP), PARA TUBOS EM PEAD/PVC, 60 X 32 MM - LIGACAO PREDIAL DE AGUA","UN    ","AS",61.03]
[37422,"TE DE SERVICO INTEGRADO, EM POLIPROPILENO (PP), PARA TUBOS EM PEAD, 63 X 20 MM - LIGACAO PREDIAL DE AGUA","UN    ","AS",57.12]
[37443,"TE DE SERVICO, PEAD PE 100, DE 125 X 20 MM, PARA ELETROFUSAO","UN    ","AS",208.34]
[37444,"TE DE SERVICO, PEAD PE 100, DE 125 X 32 MM, PARA ELETROFUSAO","UN    ","AS",211.87]
[37445,"TE DE SERVICO, PEAD PE 100, DE 125 X 63 MM, PARA ELETROFUSAO","UN    ","AS",321.14]
[37446,"TE DE SERVICO, PEAD PE 100, DE 200 X 20 MM, PARA ELETROFUSAO","UN    ","AS",350.1]
[37447,"TE DE SERVICO, PEAD PE 100, DE 200 X 32 MM, PARA ELETROFUSAO","UN    ","AS",355.58]
[37448,"TE DE SERVICO, PEAD PE 100, DE 200 X 63 MM, PARA ELETROFUSAO","UN    ","AS",487.73]
[37440,"TE DE SERVICO, PEAD PE 100, DE 63 X 20 MM, PARA ELETROFUSAO","UN    ","AS",165.36]
[37441,"TE DE SERVICO, PEAD PE 100, DE 63 X 32 MM, PARA ELETROFUSAO","UN    ","AS",165.36]
[37442,"TE DE SERVICO, PEAD PE 100, DE 63 X 63 MM, PARA ELETROFUSAO","UN    ","AS",199.17]
[38017,"TE DE TRANSICAO, CPVC, SOLDAVEL, 15 MM X 1/2\", PARA AGUA QUENTE","UN    ","CR",9.67]
[38018,"TE DE TRANSICAO, CPVC, SOLDAVEL, 22 MM X 1/2\", PARA AGUA QUENTE","UN    ","CR",10.87]
[39895,"TE DUPLA CURVA BRONZE/LATAO (REF 764) SEM ANEL DE SOLDA, ROSCA F X BOLSA X ROSCA F, 1/2\" X 15 X 1/2\"","UN    ","CR",98.13]
[39896,"TE DUPLA CURVA BRONZE/LATAO (REF 764) SEM ANEL DE SOLDA, ROSCA F X BOLSA X ROSCA F, 3/4\" X 22 X 3/4\"","UN    ","CR",143.82]
[38873,"TE METALICO, PARA CONEXAO COM ANEL DESLIZANTE, DN 16 MM, EM TUBO PEX PARA INST. AGUA QUENTE/FRIA","UN    ","AS",14.13]
[38874,"TE METALICO, PARA CONEXAO COM ANEL DESLIZANTE, DN 20 MM, EM TUBO PEX PARA INST. AGUA QUENTE/FRIA","UN    ","AS",17.89]
[38875,"TE METALICO, PARA CONEXAO COM ANEL DESLIZANTE, DN 25 MM, EM TUBO PEX PARA INST. AGUA QUENTE/FRIA","UN    ","AS",28.35]
[38876,"TE METALICO, PARA CONEXAO COM ANEL DESLIZANTE, DN 32 MM, EM TUBO PEX PARA INST. AGUA QUENTE/FRIA","UN    ","AS",38.1]
[39000,"TE MISTURADOR COM INSERTO METALICO, FEMEA, PPR, DN 25 MM X 3/4\", PARA AGUA QUENTE E FRIA PREDIAL","UN    ","AS",30.95]
[38674,"TE MISTURADOR DE TRANSICAO, CPVC, COM ROSCA, 22 MM X 3/4\", PARA AGUA QUENTE","UN    ","CR",32.54]
[38019,"TE MISTURADOR, CPVC, SOLDAVEL, 15 MM, PARA AGUA QUENTE","UN    ","CR",6.88]
[38020,"TE MISTURADOR, CPVC, SOLDAVEL, 22 MM, PARA AGUA QUENTE","UN    ","CR",8.48]
[38454,"TE MISTURADOR, PPR, F/M/M, DN 20 X 20 MM, PARA AGUA QUENTE PREDIAL","UN    ","AS",11.61]
[38455,"TE MISTURADOR, PPR, F/M/M, DN 25 X 25 MM, PARA AGUA QUENTE PREDIAL","UN    ","AS",15.54]
[38462,"TE NORMAL, PPR, F/F/F, SOLDAVEL, 90 GRAUS, DN 110 X 110 X 110 MM, PARA AGUA QUENTE PREDIAL","UN    ","AS",250.52]
[36362,"TE NORMAL, PPR, F/F/F, SOLDAVEL, 90 GRAUS, DN 20 X 20 X 20 MM, PARA AGUA QUENTE PREDIAL","UN    ","AS",3.46]
[36298,"TE NORMAL, PPR, F/F/F, SOLDAVEL, 90 GRAUS, DN 25 X 25 X 25 MM, PARA AGUA QUENTE PREDIAL","UN    ","AS",2.97]
[38456,"TE NORMAL, PPR, F/F/F, SOLDAVEL, 90 GRAUS, DN 32 X 32 X 32 MM, PARA AGUA QUENTE PREDIAL","UN    ","AS",7.41]
[38457,"TE NORMAL, PPR, F/F/F, SOLDAVEL, 90 GRAUS, DN 40 X 40 X 40 MM, PARA AGUA QUENTE PREDIAL","UN    ","AS",13.5]
[38458,"TE NORMAL, PPR, F/F/F, SOLDAVEL, 90 GRAUS, DN 50 X 50 X 50 MM, PARA AGUA QUENTE PREDIAL","UN    ","AS",26]
[38459,"TE NORMAL, PPR, F/F/F, SOLDAVEL, 90 GRAUS, DN 63 X 63 X 63 MM, PARA AGUA QUENTE PREDIAL","UN    ","AS",40.880000000000003]
[38460,"TE NORMAL, PPR, F/F/F, SOLDAVEL, 90 GRAUS, DN 75 X 75 X 75 MM, PARA AGUA QUENTE PREDIAL","UN    ","AS",87.69]
[38461,"TE NORMAL, PPR, F/F/F, SOLDAVEL, 90 GRAUS, DN 90 X 90 X 90 MM, PARA AGUA QUENTE PREDIAL","UN    ","AS",117.68]
[7094,"TE PVC ROSCAVEL 90 GRAUS, 1\", PARA  AGUA FRIA PREDIAL","UN    ","CR",14.03]
[7116,"TE PVC SOLDAVEL, BBB, 90 GRAUS, DN 40 MM, PARA ESGOTO SECUNDARIO PREDIAL","UN    ","CR",3.66]
[7118,"TE PVC, ROSCAVEL, 90 GRAUS, 1 1/2\", AGUA FRIA PREDIAL","UN    ","CR",28.85]
[7098,"TE PVC, ROSCAVEL, 90 GRAUS, 1/2\",  AGUA FRIA PREDIAL","UN    ","CR",4.29]
[7110,"TE PVC, ROSCAVEL, 90 GRAUS, 2\",  AGUA FRIA PREDIAL","UN    ","CR",54.85]
[7123,"TE PVC, ROSCAVEL, 90 GRAUS, 3/4\", AGUA FRIA PREDIAL","UN    ","CR",5.19]
[7121,"TE PVC, SOLDAVEL, COM BUCHA DE LATAO NA BOLSA CENTRAL, 90 GRAUS, 20 MM X 1/2\", PARA AGUA FRIA PREDIAL","UN    ","CR",10.26]
[7137,"TE PVC, SOLDAVEL, COM BUCHA DE LATAO NA BOLSA CENTRAL, 90 GRAUS, 25 MM X 1/2\", PARA AGUA FRIA PREDIAL","UN    ","CR",11.2]
[7122,"TE PVC, SOLDAVEL, COM BUCHA DE LATAO NA BOLSA CENTRAL, 90 GRAUS, 25 MM X 3/4\", PARA AGUA FRIA PREDIAL","UN    ","CR",12.33]
[7114,"TE PVC, SOLDAVEL, COM BUCHA DE LATAO NA BOLSA CENTRAL, 90 GRAUS, 32 MM X 3/4\", PARA AGUA FRIA PREDIAL","UN    ","CR",14.34]
[7109,"TE PVC, SOLDAVEL, COM ROSCA NA BOLSA CENTRAL, 90 GRAUS, 20 MM X 1/2\", PARA AGUA FRIA PREDIAL","UN    ","CR",2.84]
[7135,"TE PVC, SOLDAVEL, COM ROSCA NA BOLSA CENTRAL, 90 GRAUS, 25 MM X 1/2\", PARA AGUA FRIA PREDIAL","UN    ","CR",5.82]
[37947,"TE PVC, SOLDAVEL, COM ROSCA NA BOLSA CENTRAL, 90 GRAUS, 25 MM X 3/4\", PARA AGUA FRIA PREDIAL","UN    ","CR",4.7300000000000004]
[7103,"TE PVC, SOLDAVEL, COM ROSCA NA BOLSA CENTRAL, 90 GRAUS, 32 MM X 3/4\", PARA AGUA FRIA PREDIAL","UN    ","CR",15.42]
[40419,"TE RANHURADO EM FERRO FUNDIDO, DN 50 (2\")","UN    ","AS",41.62]
[40420,"TE RANHURADO EM FERRO FUNDIDO, DN 65 (2 1/2\")","UN    ","AS",60.72]
[40421,"TE RANHURADO EM FERRO FUNDIDO, DN 80 (3\")","UN    ","AS",64.64]
[38905,"TE ROSCA FEMEA, METALICO, PARA CONEXAO COM ANEL DESLIZANTE, DN 16 MM X 1/2\", EM TUBO PEX PARA INST. AGUA QUENTE/FRIA","UN    ","AS",18.28]
[38907,"TE ROSCA FEMEA, METALICO, PARA CONEXAO COM ANEL DESLIZANTE, DN 20 MM X 1/2\", EM TUBO PEX PARA INST. AGUA QUENTE/FRIA","UN    ","AS",17.62]
[38910,"TE ROSCA FEMEA, METALICO, PARA CONEXAO COM ANEL DESLIZANTE, DN 25 MM X 3/4\", EM TUBO PEX PARA INST. AGUA QUENTE/FRIA","UN    ","AS",20.61]
[11655,"TE SANITARIO DE REDUCAO, PVC, DN 100 X 50 MM, SERIE NORMAL, PARA ESGOTO PREDIAL","UN    ","CR",16.93]
[11656,"TE SANITARIO DE REDUCAO, PVC, DN 100 X 75 MM, SERIE NORMAL PARA ESGOTO PREDIAL","UN    ","CR",19.440000000000001]
[7091,"TE SANITARIO, PVC, DN 100 X 100 MM, SERIE NORMAL, PARA ESGOTO PREDIAL","UN    ","CR",15.93]
[37948,"TE SANITARIO, PVC, DN 40 X 40 MM, SERIE NORMAL, PARA ESGOTO PREDIAL","UN    ","CR",3.69]
[7097,"TE SANITARIO, PVC, DN 50 X 50 MM, SERIE NORMAL, PARA ESGOTO PREDIAL","UN    ","CR",7.48]
[11658,"TE SANITARIO, PVC, DN 75 X 75 MM, SERIE NORMAL PARA ESGOTO PREDIAL","UN    ","CR",16.53]
[7146,"TE SOLDAVEL, PVC, 90 GRAUS, 110 MM, PARA AGUA FRIA PREDIAL (NBR 5648)","UN    ","CR",187.74]
[7138,"TE SOLDAVEL, PVC, 90 GRAUS, 20 MM, PARA AGUA FRIA PREDIAL (NBR 5648)","UN    ","CR",1.19]
[7139,"TE SOLDAVEL, PVC, 90 GRAUS, 25 MM, PARA AGUA FRIA PREDIAL (NBR 5648)","UN    ","CR",1.35]
[7140,"TE SOLDAVEL, PVC, 90 GRAUS, 32 MM, PARA AGUA FRIA PREDIAL (NBR 5648)","UN    ","CR",4.22]
[7141,"TE SOLDAVEL, PVC, 90 GRAUS, 40 MM, PARA AGUA FRIA PREDIAL (NBR 5648)","UN    ","CR",10.33]
[7143,"TE SOLDAVEL, PVC, 90 GRAUS, 60 MM, PARA AGUA FRIA PREDIAL (NBR 5648)","UN    ","CR",34.659999999999997]
[7144,"TE SOLDAVEL, PVC, 90 GRAUS, 75 MM, PARA AGUA FRIA PREDIAL (NBR 5648)","UN    ","CR",64.3]
[7145,"TE SOLDAVEL, PVC, 90 GRAUS, 85 MM, PARA AGUA FRIA PREDIAL (NBR 5648)","UN    ","CR",87.43]
[7142,"TE SOLDAVEL, PVC, 90 GRAUS,50 MM, PARA AGUA FRIA PREDIAL (NBR 5648)","UN    ","CR",10.8]
[3593,"TE 45 GRAUS DE FERRO GALVANIZADO, COM ROSCA BSP, DE 1 1/2\"","UN    ","AS",95.29]
[3588,"TE 45 GRAUS DE FERRO GALVANIZADO, COM ROSCA BSP, DE 1 1/4\"","UN    ","AS",73.45]
[3585,"TE 45 GRAUS DE FERRO GALVANIZADO, COM ROSCA BSP, DE 1/2\"","UN    ","AS",22.69]
[3587,"TE 45 GRAUS DE FERRO GALVANIZADO, COM ROSCA BSP, DE 1\"","UN    ","AS",45.58]
[3590,"TE 45 GRAUS DE FERRO GALVANIZADO, COM ROSCA BSP, DE 2 1/2\"","UN    ","AS",270.57]
[3589,"TE 45 GRAUS DE FERRO GALVANIZADO, COM ROSCA BSP, DE 2\"","UN    ","AS",145.22999999999999]
[3586,"TE 45 GRAUS DE FERRO GALVANIZADO, COM ROSCA BSP, DE 3/4\"","UN    ","AS",29.71]
[3592,"TE 45 GRAUS DE FERRO GALVANIZADO, COM ROSCA BSP, DE 3\"","UN    ","AS",427.69]
[3591,"TE 45 GRAUS DE FERRO GALVANIZADO, COM ROSCA BSP, DE 4\"","UN    ","AS",685.6]
[40396,"TE 90 GRAUS EM ACO CARBONO, SOLDAVEL, PRESSAO 3.000 LBS, DN 1 1/2\"","UN    ","CR",284.54000000000002]
[40395,"TE 90 GRAUS EM ACO CARBONO, SOLDAVEL, PRESSAO 3.000 LBS, DN 1 1/4\"","UN    ","CR",218.37]
[40392,"TE 90 GRAUS EM ACO CARBONO, SOLDAVEL, PRESSAO 3.000 LBS, DN 1/2\"","UN    ","CR",70.260000000000005]
[40394,"TE 90 GRAUS EM ACO CARBONO, SOLDAVEL, PRESSAO 3.000 LBS, DN 1\"","UN    ","CR",142.16999999999999]
[40398,"TE 90 GRAUS EM ACO CARBONO, SOLDAVEL, PRESSAO 3.000 LBS, DN 2 1/2\"","UN    ","CR",912.86]
[40397,"TE 90 GRAUS EM ACO CARBONO, SOLDAVEL, PRESSAO 3.000 LBS, DN 2\"","UN    ","CR",467.49]
[40393,"TE 90 GRAUS EM ACO CARBONO, SOLDAVEL, PRESSAO 3.000 LBS, DN 3/4\"","UN    ","CR",90.51]
[40399,"TE 90 GRAUS EM ACO CARBONO, SOLDAVEL, PRESSAO 3.000 LBS, DN 3\"","UN    ","CR",1493.42]
[39322,"TE, PLASTICO, DN 16 MM, PARA CONEXAO COM CRIMPAGEM EM TUBO PEX","UN    ","AS",18.91]
[39289,"TE, PLASTICO, DN 20 MM, PARA CONEXAO COM CRIMPAGEM, EM TUBO PEX PARA INST. AGUA QUENTE/FRIA","UN    ","AS",16.21]
[39290,"TE, PLASTICO, DN 25 MM, PARA CONEXAO COM CRIMPAGEM, EM TUBO PEX PARA INST. AGUA QUENTE/FRIA","UN    ","AS",27.37]
[39291,"TE, PLASTICO, DN 32 MM, PARA CONEXAO COM CRIMPAGEM, EM TUBO PEX PARA INST. AGUA QUENTE/FRIA","UN    ","AS",30.27]
[41892,"TE, PVC PBA, BBB, 90 GRAUS, DN 100 / DE 110 MM, PARA REDE  AGUA (NBR 10351)","UN    ","AS",122.38]
[7048,"TE, PVC PBA, BBB, 90 GRAUS, DN 50 / DE 60 MM, PARA REDE AGUA (NBR 10351)","UN    ","AS",26.41]
[7088,"TE, PVC PBA, BBB, 90 GRAUS, DN 75 / DE 85 MM, PARA REDE AGUA (NBR 10351)","UN    ","AS",57.76]
[20179,"TE, PVC, SERIE R, 100 X 100 MM, PARA ESGOTO PREDIAL","UN    ","CR",43.58]
[20178,"TE, PVC, SERIE R, 100 X 75 MM, PARA ESGOTO PREDIAL","UN    ","CR",52.24]
[20180,"TE, PVC, SERIE R, 150 X 100 MM, PARA ESGOTO PREDIAL","UN    ","CR",86.22]
[20181,"TE, PVC, SERIE R, 150 X 150 MM, PARA ESGOTO PREDIAL","UN    ","CR",115.44]
[20177,"TE, PVC, SERIE R, 75 X 75 MM, PARA ESGOTO PREDIAL","UN    ","CR",28.55]
[7070,"TE, PVC, 90 GRAUS, BBB, JE, DN 200 MM, PARA REDE COLETORA ESGOTO","UN    ","CR",204.91]
[40945,"TECNICO DE EDIFICACOES (HORISTA)","H     ","CR",21.94]
[40946,"TECNICO DE EDIFICACOES (MENSALISTA)","MES   ","CR",3829.29]
[7153,"TECNICO EM LABORATORIO E CAMPO DE CONSTRUCAO CIVIL (HORISTA)","H     ","CR",24.9]
[41089,"TECNICO EM LABORATORIO E CAMPO DE CONSTRUCAO CIVIL (MENSALISTA)","MES   ","CR",4345.3900000000003]
[40943,"TECNICO EM SEGURANCA DO TRABALHO (HORISTA)","H     ","CR",23.79]
[40944,"TECNICO EM SEGURANCA DO TRABALHO (MENSALISTA)","MES   ","CR",4150.3900000000003]
[6175,"TECNICO EM SONDAGEM","H     ","CR",37]
[41092,"TECNICO EM SONDAGEM (MENSALISTA)","MES   ","CR",6456.21]
[37712,"TELA ARAME GALVANIZADO REVESTIDO COM POLIMERO, MALHA HEXAGONAL DUPLA TORCAO, 8 X 10 CM (ZN/AL REVESTIDO COM POLIMERO), FIO *2,4* MM","M2    ","CR",82.48]
[34547,"TELA DE ACO SOLDADA GALVANIZADA/ZINCADA PARA ALVENARIA, FIO  D = *1,20 A 1,70* MM, MALHA 15 X 15 MM, (C X L) *50 X 12* CM","M     ","CR",4.74]
[34548,"TELA DE ACO SOLDADA GALVANIZADA/ZINCADA PARA ALVENARIA, FIO  D = *1,20 A 1,70* MM, MALHA 15 X 15 MM, (C X L) *50 X 17,5* CM","M     ","CR",7.78]
[34558,"TELA DE ACO SOLDADA GALVANIZADA/ZINCADA PARA ALVENARIA, FIO D = *1,20 A 1,70* MM, MALHA 15 X 15 MM, (C X L) *50 X 10,5* CM","M     ","CR",3.86]
[34550,"TELA DE ACO SOLDADA GALVANIZADA/ZINCADA PARA ALVENARIA, FIO D = *1,20 A 1,70* MM, MALHA 15 X 15 MM, (C X L) *50 X 6* CM","M     ","CR",2.0499999999999998]
[34557,"TELA DE ACO SOLDADA GALVANIZADA/ZINCADA PARA ALVENARIA, FIO D = *1,20 A 1,70* MM, MALHA 15 X 15 MM, (C X L) *50 X 7,5* CM","M     ","CR",3]
[37411,"TELA DE ACO SOLDADA GALVANIZADA/ZINCADA PARA ALVENARIA, FIO D = *1,24 MM, MALHA 25 X 25 MM","M2    ","CR",21.97]
[39508,"TELA DE ACO SOLDADA NERVURADA, CA-60, L-159, (1,69 KG/M2), DIAMETRO DO FIO = 4,5 MM, LARGURA = 2,45 M, ESPACAMENTO DA MALHA = 30 X 10 CM","M2    ","CR",12.34]
[39507,"TELA DE ACO SOLDADA NERVURADA, CA-60, Q-113, (1,8 KG/M2), DIAMETRO DO FIO = 3,8 MM, LARGURA = 2,45 M, ESPACAMENTO DA MALHA = 10 X 10 CM","M2    ","CR",18.41]
[7155,"TELA DE ACO SOLDADA NERVURADA, CA-60, Q-138, (2,20 KG/M2), DIAMETRO DO FIO = 4,2 MM, LARGURA = 2,45 M, ESPACAMENTO DA MALHA = 10  X 10 CM","M2    ","CR",23.63]
[42406,"TELA DE ACO SOLDADA NERVURADA, CA-60, Q-159, (2,52 KG/M2), DIAMETRO DO FIO = 4,5 MM, LARGURA =  2,45 M, ESPACAMENTO DA MALHA = 10 X 10 CM","M2    ","CR",27.1]
[7156,"TELA DE ACO SOLDADA NERVURADA, CA-60, Q-196, (3,11 KG/M2), DIAMETRO DO FIO = 5,0 MM, LARGURA = 2,45 M, ESPACAMENTO DA MALHA = 10 X 10 CM","M2    ","C ",33.909999999999997]
[43127,"TELA DE ACO SOLDADA NERVURADA, CA-60, Q-283 (4,48 KG/M2), DIAMETRO DO FIO = 6,0 MM, LARGURA = 2,45 X 6,00 M DE COMPRIMENTO, ESPACAMENTO DA MALHA = 10 X 10 CM","M2    ","CR",48.53]
[10917,"TELA DE ACO SOLDADA NERVURADA, CA-60, Q-61, (0,97 KG/M2), DIAMETRO DO FIO = 3,4 MM, LARGURA = 2,45 M, ESPACAMENTO DA MALHA = 15 X 15 CM","M2    ","CR",10.24]
[21141,"TELA DE ACO SOLDADA NERVURADA, CA-60, Q-92, (1,48 KG/M2), DIAMETRO DO FIO = 4,2 MM, LARGURA = 2,45 X 60 M DE COMPRIMENTO, ESPACAMENTO DA MALHA = 15  X 15 CM","M2    ","CR",15.86]
[39509,"TELA DE ACO SOLDADA NERVURADA, CA-60, T-196, (2,11 KG/M2), DIAMETRO DO FIO = 5,0 MM, LARGURA = 2,45 M, ESPACAMENTO DA MALHA = 30 X 10 CM","M2    ","CR",15.25]
[44529,"TELA DE ANIAGEM ( JUTA)","M2    ","CR",10.77]
[7167,"TELA DE ARAME GALVANIZADA QUADRANGULAR / LOSANGULAR, FIO 2,11 MM (14 BWG), MALHA 5 X 5 CM, H = 2 M","M2    ","CR",34.619999999999997]
[10928,"TELA DE ARAME GALVANIZADA QUADRANGULAR / LOSANGULAR, FIO 2,11 MM (14 BWG), MALHA 8 X 8 CM, H = 2 M","M2    ","CR",19.89]
[10933,"TELA DE ARAME GALVANIZADA QUADRANGULAR / LOSANGULAR, FIO 2,77 MM (12 BWG), MALHA 10 X 10 CM, H = 2 M","M2    ","CR",30]
[7158,"TELA DE ARAME GALVANIZADA QUADRANGULAR / LOSANGULAR, FIO 2,77 MM (12 BWG), MALHA 5 X 5 CM, H = 2 M","M2    ","C ",50.88]
[10927,"TELA DE ARAME GALVANIZADA QUADRANGULAR / LOSANGULAR, FIO 2,77 MM (12 BWG), MALHA 8 X 8 CM, H = 2 M","M2    ","CR",32.54]
[7162,"TELA DE ARAME GALVANIZADA QUADRANGULAR / LOSANGULAR, FIO 3,4 MM (10 BWG), MALHA 5 X 5 CM, H = 2 M","M2    ","CR",79.62]
[10932,"TELA DE ARAME GALVANIZADA QUADRANGULAR / LOSANGULAR, FIO 4,19 MM (8 BWG), MALHA 5 X 5 CM, H = 2 M","M2    ","CR",138.49]
[10937,"TELA DE ARAME GALVANIZADA REVESTIDA EM PVC, QUADRANGULAR / LOSANGULAR, FIO 2,11 MM (14 BWG), BITOLA FINAL = *2,8* MM, MALHA *8 X 8* CM, H = 2 M","M2    ","CR",35.6]
[10935,"TELA DE ARAME GALVANIZADA REVESTIDA EM PVC, QUADRANGULAR / LOSANGULAR, FIO 2,77 MM (12 BWG), BITOLA FINAL = *3,8* MM, MALHA 7,5 X 7,5 CM, H = 2 M","M2    ","CR",61.73]
[10931,"TELA DE ARAME GALVANIZADA, HEXAGONAL, FIO 0,56 MM (24 BWG), MALHA 1/2\", H = 1 M","M2    ","CR",17.36]
[7164,"TELA DE ARAME ONDULADA, FIO *2,77* MM (12 BWG), MALHA 5 X 5 CM, H = 2 M","M2    ","CR",57.46]
[36887,"TELA DE FIBRA DE VIDRO, ACABAMENTO ANTI-ALCALINO, MALHA 10 X 10 MM","M2    ","CR",13.59]
[34630,"TELA EM MALHA HEXAGONAL DE DUPLA TORCAO 8 X 10 CM (ZN/AL REVESTIDO COM POLIMERO), FIO 2,7 MM, COM GEOMANTA OU BIOMANTA, DIMENSOES 4,0 X 2,0 X 0,6 M, COM INCLINACAO DE 70 GRAUS, PARA SOLO REFORCADO","UN    ","CR",1340.5]
[7161,"TELA EM METAL PARA ESTUQUE (DEPLOYE)","M2    ","CR",7.15]
[7170,"TELA FACHADEIRA EM POLIETILENO, ROLO DE 3 X 100 M (L X C), COR BRANCA, SEM LOGOMARCA - PARA PROTECAO DE OBRAS","M2    ","CR",3.28]
[37524,"TELA PLASTICA LARANJA, TIPO TAPUME PARA SINALIZACAO, MALHA RETANGULAR, ROLO 1.20 X 50 M (L X C)","M     ","C ",3]
[37525,"TELA PLASTICA TECIDA LISTRADA BRANCA E LARANJA, TIPO GUARDA CORPO, EM POLIETILENO MONOFILADO, ROLO 1,20 X 50 M (L X C)","M     ","CR",4.0999999999999996]
[36789,"TELHA CERAMICA TIPO AMERICANA, COMPRIMENTO DE *45* CM, RENDIMENTO DE *12* TELHAS/M2","UN    ","CR",2.09]
[7173,"TELHA DE BARRO / CERAMICA, NAO ESMALTADA, TIPO COLONIAL, CANAL, PLAN, PAULISTA, COMPRIMENTO DE *44 A 50* CM, RENDIMENTO DE COBERTURA DE *26* TELHAS/M2","MIL   ","C ",1355]
[7175,"TELHA DE BARRO / CERAMICA, NAO ESMALTADA, TIPO ROMANA, AMERICANA, PORTUGUESA, FRANCESA, COMPRIMENTO DE *41* CM,  RENDIMENTO DE *16* TELHAS/M2","UN    ","CR",1.53]
[40741,"TELHA DE CONCRETO TIPO CLASSICA, COR CINZA, COMPRIMENTO DE *42* CM,  RENDIMENTO DE *10* TELHAS/M2","UN    ","CR",2.59]
[7184,"TELHA DE FIBRA DE VIDRO ONDULADA INCOLOR, E = 0,6 MM, DE *0,50 X 2,44* M","M2    ","AS",52.69]
[34458,"TELHA DE FIBROCIMENTO E = 6 MM, DE 3,00 X 1,06 M (SEM AMIANTO)","UN    ","CR",188.29]
[34464,"TELHA DE FIBROCIMENTO E = 6 MM, DE 4,10 X 1,06 M (SEM AMIANTO)","UN    ","CR",280.27999999999997]
[34468,"TELHA DE FIBROCIMENTO E = 6 MM, DE 4,60 X 1,06 M (SEM AMIANTO)","UN    ","CR",353.36]
[34473,"TELHA DE FIBROCIMENTO E = 8 MM, DE 3,00 X 1,06 M (SEM AMIANTO)","UN    ","CR",214.36]
[34480,"TELHA DE FIBROCIMENTO E = 8 MM, DE 4,10 X 1,06 M (SEM AMIANTO)","UN    ","CR",396.14]
[34486,"TELHA DE FIBROCIMENTO E = 8 MM, DE 4,60 X 1,06 M (SEM AMIANTO)","UN    ","CR",469.02]
[7190,"TELHA DE FIBROCIMENTO ONDULADA E = 4 MM, DE 1,22 X 0,50 M (SEM AMIANTO)","UN    ","CR",15.66]
[34417,"TELHA DE FIBROCIMENTO ONDULADA E = 4 MM, DE 2,13 X 0,50 M (SEM AMIANTO)","UN    ","CR",25.06]
[7213,"TELHA DE FIBROCIMENTO ONDULADA E = 4 MM, DE 2,44 X 0,50 M (SEM AMIANTO)","M2    ","CR",22.98]
[7195,"TELHA DE FIBROCIMENTO ONDULADA E = 6 MM, DE 1,53 X 1,10 M (SEM AMIANTO)","UN    ","CR",67.47]
[7186,"TELHA DE FIBROCIMENTO ONDULADA E = 6 MM, DE 1,83 X 1,10 M (SEM AMIANTO)","UN    ","C ",73.5]
[7194,"TELHA DE FIBROCIMENTO ONDULADA E = 6 MM, DE 2,44 X 1,10 M (SEM AMIANTO)","M2    ","CR",33.89]
[7197,"TELHA DE FIBROCIMENTO ONDULADA E = 6 MM, DE 3,66 X 1,10 M (SEM AMIANTO)","UN    ","CR",143.03]
[7192,"TELHA DE FIBROCIMENTO ONDULADA E = 8 MM, DE 1,53 X 1,10 M (SEM AMIANTO)","UN    ","CR",128.13999999999999]
[7193,"TELHA DE FIBROCIMENTO ONDULADA E = 8 MM, DE 1,83 X 1,10 M (SEM AMIANTO)","UN    ","CR",144.27000000000001]
[7189,"TELHA DE FIBROCIMENTO ONDULADA E = 8 MM, DE 2,44 X 1,10 M (SEM AMIANTO)","UN    ","CR",167.66]
[34402,"TELHA DE FIBROCIMENTO ONDULADA E = 8 MM, DE 3,66 X 1,10 M (SEM AMIANTO)","UN    ","CR",236.7]
[7245,"TELHA DE VIDRO TIPO FRANCESA, *39 X 23* CM","UN    ","CR",41.94]
[34425,"TELHA ESTRUTURAL DE FIBROCIMENTO 1 ABA, DE 0,52 X 2,00 M (SEM AMIANTO)","UN    ","CR",152.05000000000001]
[7223,"TELHA ESTRUTURAL DE FIBROCIMENTO 1 ABA, DE 0,52 X 2,50 M (SEM AMIANTO)","UN    ","CR",169.45]
[7234,"TELHA ESTRUTURAL DE FIBROCIMENTO 1 ABA, DE 0,52 X 3,60 M (SEM AMIANTO)","UN    ","CR",255.7]
[7224,"TELHA ESTRUTURAL DE FIBROCIMENTO 1 ABA, DE 0,52 X 4,00 M (SEM AMIANTO)","UN    ","CR",311.51]
[7225,"TELHA ESTRUTURAL DE FIBROCIMENTO 1 ABA, DE 0,52 X 5,00 M (SEM AMIANTO)","UN    ","CR",334.02]
[7226,"TELHA ESTRUTURAL DE FIBROCIMENTO 1 ABA, DE 0,52 X 5,50 M (SEM AMIANTO)","UN    ","CR",356.44]
[7227,"TELHA ESTRUTURAL DE FIBROCIMENTO 1 ABA, DE 0,52 X 6,50 M (SEM AMIANTO)","UN    ","CR",405.73]
[7212,"TELHA ESTRUTURAL DE FIBROCIMENTO 1 ABA, DE 0,52 X 7,20 M (SEM AMIANTO)","UN    ","CR",445.79]
[7229,"TELHA ESTRUTURAL DE FIBROCIMENTO 2 ABAS, DE 1,00 X 3,00 M (SEM AMIANTO)","UN    ","CR",282.57]
[7230,"TELHA ESTRUTURAL DE FIBROCIMENTO 2 ABAS, DE 1,00 X 4,60 M (SEM AMIANTO)","UN    ","CR",470.43]
[7231,"TELHA ESTRUTURAL DE FIBROCIMENTO 2 ABAS, DE 1,00 X 6,00 M (SEM AMIANTO)","UN    ","CR",667.34]
[7220,"TELHA ESTRUTURAL DE FIBROCIMENTO 2 ABAS, DE 1,00 X 7,40 M (SEM AMIANTO)","UN    ","CR",823.77]
[34447,"TELHA ESTRUTURAL DE FIBROCIMENTO 2 ABAS, DE 1,00 X 8,20 M (SEM AMIANTO)","UN    ","CR",921.09]
[7233,"TELHA ESTRUTURAL DE FIBROCIMENTO 2 ABAS, DE 1,00 X 9,20 M (SEM AMIANTO)","UN    ","CR",1056.6400000000001]
[40740,"TELHA GALVALUME COM ISOLAMENTO TERMOACUSTICO EM ESPUMA RIGIDA DE POLIURETANO (PU) INJETADO, ESPESSURA DE 30 MM, DENSIDADE DE 35 KG/M3, REVESTIMENTO EM TELHA TRAPEZOIDAL NAS DUAS FACES COM ESPESSURA DE 0,50 MM CADA, ACABAMENTO NATURAL (NAO INCLUI ACESSORIOS DE FIXACAO)","M2    ","AS",195.53]
[25007,"TELHA ONDULADA EM ACO ZINCADO, ALTURA DE 17 MM, ESPESSURA DE 0,50 MM, LARGURA UTIL DE APROXIMADAMENTE 985 MM, SEM PINTURA","M2    ","AS",55.95]
[43071,"TELHA TERMOISOLANTE REVESTIDA EM ACO GALVALUME, FACE SUPERIOR TRAPEZOIDAL E FACE INFERIOR PLANA (NAO INCLUI ACESSORIOS DE FIXACAO), REVEST COM ESPESSURA DE 0,50 MM, COM PRE-PINTURA DE COR BRANCA NAS DUAS FACES, NUCLEO EM POLIIOCIANURATO (PIR) COM ESPESSURA DE 50 MM","M2    ","AS",220.17]
[39520,"TELHA TERMOISOLANTE REVESTIDA EM ACO GALVANIZADO, FACE SUPERIOR EM TELHA TRAPEZOIDAL E FACE INFERIOR EM CHAPA PLANA (SEM ACESSORIOS DE FIXACAO), REVESTIMENTO COM ESPESSURA DE 0,50 MM COM PRE-PINTURA NAS DUAS FACES, NUCLEO EM POLIESTIRENO (EPS) DE 30 MM","M2    ","AS",179.62]
[39521,"TELHA TERMOISOLANTE REVESTIDA EM ACO GALVANIZADO, FACE SUPERIOR EM TELHA TRAPEZOIDAL E FACE INFERIOR EM CHAPA PLANA (SEM ACESSORIOS DE FIXACAO), REVESTIMENTO COM ESPESSURA DE 0,50 MM COM PRE-PINTURA NAS DUAS FACES, NUCLEO EM POLIESTIRENO (EPS) DE 50 MM","M2    ","AS",185.49]
[39522,"TELHA TERMOISOLANTE REVESTIDA EM ACO GALVANIZADO, FACES SUPERIOR E INFERIOR EM TELHA TRAPEZOIDAL (SEM ACESSORIOS DE FIXACAO), REVESTIMENTO COM ESPESSURA DE 0,50 MM COM PRE-PINTURA NAS DUAS FACES, NUCLEO EM POLIESTIRENO (EPS) DE 50 MM","M2    ","AS",191.54]
[7243,"TELHA TRAPEZOIDAL EM ACO ZINCADO, SEM PINTURA, ALTURA DE APROXIMADAMENTE 40 MM, ESPESSURA DE 0,50 MM E LARGURA UTIL DE 980 MM","M2    ","AS",58.47]
[11067,"TELHA TRAPEZOIDAL EM ALUMINIO, ALTURA DE *38* MM E ESPESSURA DE 0,5 MM (LARGURA TOTAL DE 1056 MM E COMPRIMENTO DE 5000 MM)","UN    ","CR",736.66]
[11068,"TELHA TRAPEZOIDAL EM ALUMINIO, ALTURA DE *38* MM E ESPESSURA DE 0,7 MM (LARGURA TOTAL DE 1056 MM E COMPRIMENTO DE 5000 MM)","UN    ","CR",930.65]
[7246,"TELHA VIDRO TIPO CANAL OU COLONIAL, C = 46 A 50 CM","UN    ","CR",46.32]
[41097,"TELHADOR  (MENSALISTA)","MES   ","CR",3261.57]
[12869,"TELHADOR (HORISTA)","H     ","CR",18.68]
[1574,"TERMINAL A COMPRESSAO EM COBRE ESTANHADO PARA CABO 10 MM2, 1 FURO E 1 COMPRESSAO, PARA PARAFUSO DE FIXACAO M6","UN    ","CR",1.87]
[1581,"TERMINAL A COMPRESSAO EM COBRE ESTANHADO PARA CABO 120 MM2, 1 FURO E 1 COMPRESSAO, PARA PARAFUSO DE FIXACAO M12","UN    ","CR",12.98]
[1575,"TERMINAL A COMPRESSAO EM COBRE ESTANHADO PARA CABO 16 MM2, 1 FURO E 1 COMPRESSAO, PARA PARAFUSO DE FIXACAO M6","UN    ","CR",2.2200000000000002]
[1570,"TERMINAL A COMPRESSAO EM COBRE ESTANHADO PARA CABO 2,5 MM2, 1 FURO E 1 COMPRESSAO, PARA PARAFUSO DE FIXACAO M5","UN    ","CR",1.1100000000000001]
[1576,"TERMINAL A COMPRESSAO EM COBRE ESTANHADO PARA CABO 25 MM2, 1 FURO E 1 COMPRESSAO, PARA PARAFUSO DE FIXACAO M8","UN    ","CR",3.07]
[1577,"TERMINAL A COMPRESSAO EM COBRE ESTANHADO PARA CABO 35 MM2, 1 FURO E 1 COMPRESSAO, PARA PARAFUSO DE FIXACAO M8","UN    ","CR",3.46]
[1571,"TERMINAL A COMPRESSAO EM COBRE ESTANHADO PARA CABO 4 MM2, 1 FURO E 1 COMPRESSAO, PARA PARAFUSO DE FIXACAO M5","UN    ","CR",1.45]
[1578,"TERMINAL A COMPRESSAO EM COBRE ESTANHADO PARA CABO 50 MM2, 1 FURO E 1 COMPRESSAO, PARA PARAFUSO DE FIXACAO M8","UN    ","CR",6.01]
[1573,"TERMINAL A COMPRESSAO EM COBRE ESTANHADO PARA CABO 6 MM2, 1 FURO E 1 COMPRESSAO, PARA PARAFUSO DE FIXACAO M6","UN    ","CR",1.73]
[1579,"TERMINAL A COMPRESSAO EM COBRE ESTANHADO PARA CABO 70 MM2, 1 FURO E 1 COMPRESSAO, PARA PARAFUSO DE FIXACAO M10","UN    ","CR",7.49]
[1580,"TERMINAL A COMPRESSAO EM COBRE ESTANHADO PARA CABO 95 MM2, 1 FURO E 1 COMPRESSAO, PARA PARAFUSO DE FIXACAO M12","UN    ","CR",9.23]
[39321,"TERMINAL DE VENTILACAO, 100 MM, SERIE NORMAL, ESGOTO PREDIAL","UN    ","CR",21.84]
[39319,"TERMINAL DE VENTILACAO, 50 MM, SERIE NORMAL, ESGOTO PREDIAL","UN    ","CR",9.09]
[39320,"TERMINAL DE VENTILACAO, 75 MM, SERIE NORMAL, ESGOTO PREDIAL","UN    ","CR",17.47]
[1591,"TERMINAL METALICO A PRESSAO PARA 1 CABO DE 120 MM2, COM 1 FURO DE FIXACAO","UN    ","CR",28.62]
[1547,"TERMINAL METALICO A PRESSAO PARA 1 CABO DE 150 A 185 MM2, COM 2 FUROS PARA FIXACAO","UN    ","CR",149.94999999999999]
[38196,"TERMINAL METALICO A PRESSAO PARA 1 CABO DE 150 MM2, COM 1 FURO DE FIXACAO","UN    ","CR",29.2]
[1543,"TERMINAL METALICO A PRESSAO PARA 1 CABO DE 16 A 25 MM2, COM 2 FUROS PARA FIXACAO","UN    ","CR",31.04]
[1585,"TERMINAL METALICO A PRESSAO PARA 1 CABO DE 16 MM2, COM 1 FURO DE FIXACAO","UN    ","CR",6.01]
[1593,"TERMINAL METALICO A PRESSAO PARA 1 CABO DE 185 MM2, COM 1 FURO DE FIXACAO","UN    ","CR",31.92]
[11838,"TERMINAL METALICO A PRESSAO PARA 1 CABO DE 240 MM2, COM 1 FURO DE FIXACAO","UN    ","CR",42.11]
[1594,"TERMINAL METALICO A PRESSAO PARA 1 CABO DE 25 A 35 MM2, COM 2 FUROS PARA FIXACAO","UN    ","CR",42.58]
[1586,"TERMINAL METALICO A PRESSAO PARA 1 CABO DE 25 MM2, COM 1 FURO DE FIXACAO","UN    ","CR",7.6]
[11839,"TERMINAL METALICO A PRESSAO PARA 1 CABO DE 300 MM2, COM 1 FURO DE FIXACAO","UN    ","CR",61.28]
[1587,"TERMINAL METALICO A PRESSAO PARA 1 CABO DE 35 MM2, COM 1 FURO DE FIXACAO","UN    ","CR",7.74]
[1545,"TERMINAL METALICO A PRESSAO PARA 1 CABO DE 50 A 70 MM2, COM 2 FUROS PARA FIXACAO","UN    ","CR",73.53]
[1588,"TERMINAL METALICO A PRESSAO PARA 1 CABO DE 50 MM2, COM 1 FURO DE FIXACAO","UN    ","CR",10.63]
[1535,"TERMINAL METALICO A PRESSAO PARA 1 CABO DE 6 A 10 MM2, COM 1 FURO DE FIXACAO","UN    ","CR",6.12]
[1589,"TERMINAL METALICO A PRESSAO PARA 1 CABO DE 70 MM2, COM 1 FURO DE FIXACAO","UN    ","CR",10.96]
[1546,"TERMINAL METALICO A PRESSAO PARA 1 CABO DE 95 A 120 MM2, COM 2 FUROS PARA FIXACAO","UN    ","CR",124.09]
[1590,"TERMINAL METALICO A PRESSAO PARA 1 CABO DE 95 MM2, COM 1 FURO DE FIXACAO","UN    ","CR",19.3]
[1542,"TERMINAL METALICO A PRESSAO 1 CABO, PARA CABOS DE 4 A 10 MM2, COM 2 FUROS PARA FIXACAO","UN    ","CR",25.57]
[38415,"TERMOFUSORA PARA TUBOS E CONEXOES EM PPR COM DIAMETROS DE 20 A 63 MM, POTENCIA DE 800 W, TENSAO 220 V","UN    ","CR",925.01]
[38414,"TERMOFUSORA PARA TUBOS E CONEXOES EM PPR COM DIAMETROS DE 75 A 110 MM, POTENCIA DE *1100* W, TENSAO 220 V","UN    ","CR",1298.27]
[38128,"TERRA VEGETAL (ENSACADA)","KG    ","C ",0.48]
[7253,"TERRA VEGETAL (GRANEL)","M3    ","CR",102.85]
[4806,"TESTEIRA ANTIDERRAPANTE PARA PISO VINILICO *5 X 2,5* CM, E = 2 MM","M     ","CR",20.93]
[34401,"TIJOLO CERAMICO LAMINADO 5,5 X 11 X 23 CM (L X A X C)","UN    ","CR",1.19]
[7260,"TIJOLO CERAMICO MACICO APARENTE *6 X 12 X 24* CM (L X A X C)","UN    ","CR",1.06]
[7256,"TIJOLO CERAMICO MACICO APARENTE 2 FUROS, *6,5 X 10 X 20* CM (L X A X C)","UN    ","CR",1.05]
[7258,"TIJOLO CERAMICO MACICO COMUM *5 X 10 X 20* CM (L X A X C)","UN    ","CR",0.43]
[34400,"TIJOLO CERAMICO REFRATARIO 2,5 X 11,4 X 22,9 CM (L X A X C)","UN    ","CR",1.84]
[10617,"TIJOLO CERAMICO REFRATARIO 6,3 X 11,4 X 22,9 CM (L X A X C)","UN    ","CR",3.51]
[44261,"TIL CONDOMINIAL, PVC, DN 100 X 100 MM, PARA REDE COLETORA DE ESGOTO","UN    ","CR",145.08000000000001]
[7274,"TIL PARA LIGACAO PREDIAL, EM PVC, JE, BBB, DN 100 X 100 MM, PARA REDE COLETORA ESGOTO","UN    ","CR",70.239999999999995]
[44326,"TIL RADIAL, PVC, JE, BBB, DN 300 X 200 MM, PARA REDE COLETORA DE ESGOTO (NBR 10.569)","UN    ","CR",1517]
[154,"TINTA / REVESTIMENTO A BASE DE RESINA EPOXI COM ALCATRAO, BICOMPONENTE","L     ","CR",79.19]
[38121,"TINTA A BASE DE RESINA ACRILICA EMULSIONADA EM AGUA, PARA SINALIZACAO HORIZONTAL VIARIA (NBR 13699:2012)","L     ","CR",17.149999999999999]
[43776,"TINTA A OLEO BRILHANTE, PARA MADEIRAS E METAIS","L     ","CR",26.29]
[7343,"TINTA ACRILICA A BASE DE SOLVENTE, PARA SINALIZACAO HORIZONTAL VIARIA (NBR 11862)","L     ","CR",15.17]
[7348,"TINTA ACRILICA PREMIUM PARA PISO","L     ","CR",17.829999999999998]
[7313,"TINTA ASFALTICA IMPERMEABILIZANTE DILUIDA EM SOLVENTE, PARA MATERIAIS CIMENTICIOS, METAL E MADEIRA","L     ","CR",22.09]
[7319,"TINTA ASFALTICA IMPERMEABILIZANTE DISPERSA EM AGUA, PARA MATERIAIS CIMENTICIOS","L     ","CR",12.64]
[7314,"TINTA BORRACHA CLORADA, ACABAMENTO SEMIBRILHO, QUALQUER COR","L     ","CR",67.930000000000007]
[7304,"TINTA EPOXI BASE AGUA PREMIUM, BRANCA","L     ","CR",77.92]
[43649,"TINTA ESMALTE BASE AGUA PREMIUM ACETINADO","L     ","CR",40.299999999999997]
[43650,"TINTA ESMALTE BASE AGUA PREMIUM BRILHANTE","L     ","CR",38.08]
[7311,"TINTA ESMALTE SINTETICO PREMIUM ACETINADO","L     ","CR",39.01]
[7292,"TINTA ESMALTE SINTETICO PREMIUM BRILHANTE","L     ","C ",37.770000000000003]
[7293,"TINTA ESMALTE SINTETICO PREMIUM DE DUPLA ACAO GRAFITE FOSCO PARA SUPERFICIES METALICAS FERROSAS","L     ","CR",41.78]
[7306,"TINTA ESMALTE SINTETICO PREMIUM DE EFEITO PROTETOR DE SUPERFICIE METALICA ALUMINIO","L     ","CR",46.11]
[7288,"TINTA ESMALTE SINTETICO PREMIUM FOSCO","L     ","CR",38.29]
[43625,"TINTA ESMALTE SINTETICO STANDARD ACETINADO","L     ","CR",30.91]
[43647,"TINTA ESMALTE SINTETICO STANDARD BRILHANTE","L     ","CR",28.08]
[43648,"TINTA ESMALTE SINTETICO STANDARD FOSCO","L     ","CR",27.1]
[35693,"TINTA LATEX ACRILICA ECONOMICA, COR BRANCA","L     ","CR",11.09]
[7356,"TINTA LATEX ACRILICA PREMIUM, COR BRANCO FOSCO","L     ","C ",26.59]
[35692,"TINTA LATEX ACRILICA STANDARD, COR BRANCA","L     ","CR",17.399999999999999]
[43624,"TINTA LATEX ACRILICA SUPER PREMIUM, COR BRANCO FOSCO","L     ","CR",32.409999999999997]
[7342,"TINTA MINERAL IMPERMEAVEL EM PO, BRANCA","KG    ","CR",2.42]
[7350,"TINTA/RESINA ACRILICA PREMIUM PARA CERAMICA","L     ","CR",38.380000000000003]
[39574,"TIRANTE COM ELO, EM ARAME GALVANIZADO RIGIDO, NUMERO 10, COMPRIMENTO 2000 MM, PARA PENDURAL DE FORRO REMOVIVEL","UN    ","CR",4.92]
[11060,"TIRANTE EM FERRO GALVANIZADO PARA CONTRAVENTAMENTO DE TELHA CANALETE 90, 1/4 \" X 400 MM","UN    ","CR",34.130000000000003]
[37401,"TOALHEIRO PLASTICO TIPO DISPENSER PARA PAPEL TOALHA INTERFOLHADO","UN    ","CR",97.86]
[7525,"TOMADA INDUSTRIAL DE EMBUTIR 3P+T 30 A, 440 V, COM TRAVA, COM PLACA","UN    ","CR",48.99]
[7524,"TOMADA INDUSTRIAL DE EMBUTIR 3P+T 30 A, 440 V, COM TRAVA, SEM PLACA","UN    ","CR",46.16]
[38105,"TOMADA PARA ANTENA DE TV, CABO COAXIAL DE 9 MM (APENAS MODULO)","UN    ","CR",11.86]
[38084,"TOMADA PARA ANTENA DE TV, CABO COAXIAL DE 9 MM, CONJUNTO MONTADO PARA EMBUTIR 4\" X 2\" (PLACA + SUPORTE + MODULO)","UN    ","CR",16.84]
[38103,"TOMADA RJ11, 2 FIOS (APENAS MODULO)","UN    ","CR",17.8]
[38082,"TOMADA RJ11, 2 FIOS, CONJUNTO MONTADO PARA EMBUTIR 4\" X 2\" (PLACA + SUPORTE + MODULO)","UN    ","CR",21.93]
[38104,"TOMADA RJ45, 8 FIOS, CAT 5E (APENAS MODULO)","UN    ","CR",34.86]
[38083,"TOMADA RJ45, 8 FIOS, CAT 5E, CONJUNTO MONTADO PARA EMBUTIR 4\" X 2\" (PLACA + SUPORTE + MODULO)","UN    ","CR",38.700000000000003]
[38101,"TOMADA 2P+T 10A, 250V  (APENAS MODULO)","UN    ","CR",8.4700000000000006]
[7528,"TOMADA 2P+T 10A, 250V, CONJUNTO MONTADO PARA EMBUTIR 4\" X 2\" (PLACA + SUPORTE + MODULO)","UN    ","C ",9.9499999999999993]
[12147,"TOMADA 2P+T 10A, 250V, CONJUNTO MONTADO PARA SOBREPOR 4\" X 2\" (CAIXA + MODULO)","UN    ","CR",15.17]
[38075,"TOMADA 2P+T 20A 250V, CONJUNTO MONTADO PARA EMBUTIR 4\" X 2\" (PLACA + SUPORTE + MODULO)","UN    ","CR",17.23]
[38102,"TOMADA 2P+T 20A, 250V  (APENAS MODULO)","UN    ","CR",10.83]
[38076,"TOMADAS (2 MODULOS) 2P+T 10A, 250V, CONJUNTO MONTADO PARA EMBUTIR 4\" X 2\" (PLACA + SUPORTE + MODULOS)","UN    ","CR",19.32]
[7592,"TOPOGRAFO (HORISTA)","H     ","C ",27.78]
[40820,"TOPOGRAFO (MENSALISTA)","MES   ","CR",4846.43]
[11826,"TORNEIRA DE BOIA BALAO METALICO, VAZAO TOTAL, PARA CAIXA D'AGUA, AGUA QUENTE, ROSCA 1/2 \", COM HASTE, TORNEIRA E BALAO METALICOS","UN    ","CR",42.59]
[7606,"TORNEIRA DE BOIA BALAO METALICO, VAZAO TOTAL, PARA CAIXA D'AGUA, AGUA QUENTE, ROSCA 3/4 \", COM HASTE, TORNEIRA E BALAO METALICOS","UN    ","CR",51.22]
[11763,"TORNEIRA DE BOIA CONVENCIONAL PARA CAIXA D'AGUA, AGUA FRIA, 1.1/2\", COM HASTE E TORNEIRA METALICOS E BALAO PLASTICO","UN    ","CR",111.86]
[11764,"TORNEIRA DE BOIA CONVENCIONAL PARA CAIXA D'AGUA, AGUA FRIA, 1.1/4\", COM HASTE E TORNEIRA METALICOS E BALAO PLASTICO","UN    ","CR",91.77]
[11829,"TORNEIRA DE BOIA CONVENCIONAL PARA CAIXA D'AGUA, AGUA FRIA, 1/2\", COM HASTE E TORNEIRA METALICOS E BALAO PLASTICO","UN    ","CR",22.18]
[11830,"TORNEIRA DE BOIA CONVENCIONAL PARA CAIXA D'AGUA, AGUA FRIA, 3/4\", COM HASTE E TORNEIRA METALICOS E BALAO PLASTICO","UN    ","CR",23.95]
[11825,"TORNEIRA DE BOIA CONVENCIONAL PARA CAIXA D'AGUA, 1\", AGUA FRIA, COM HASTE E TORNEIRA METALICOS E BALAO PLASTICO","UN    ","CR",53.88]
[11767,"TORNEIRA DE BOIA CONVENCIONAL PARA CAIXA D'AGUA, 2\", AGUA FRIA, COM HASTE E TORNEIRA METALICOS E BALAO PLASTICO","UN    ","CR",143.52000000000001]
[11766,"TORNEIRA DE BOIA VAZAO TOTAL PARA CAIXA D'AGUA, AGUA FRIA, BITOLA 1/2\", COM HASTE E TORNEIRA METALICOS E BALAO PLASTICO","UN    ","CR",33.450000000000003]
[11765,"TORNEIRA DE BOIA VAZAO TOTAL PARA CAIXA D'AGUA, AGUA FRIA, BITOLA 1\", COM HASTE E TORNEIRA METALICOS E BALAO PLASTICO","UN    ","CR",61.16]
[11824,"TORNEIRA DE BOIA VAZAO TOTAL PARA CAIXA D'AGUA, AGUA FRIA, BITOLA 3/4\", COM HASTE E TORNEIRA METALICOS E BALAO PLASTICO","UN    ","CR",39.35]
[44045,"TORNEIRA DE MESA PARA LAVATORIO, METALICA CROMADA, COM MISTURADOR MONOCOMANDO, BICA BAIXA (REF 2875)","UN    ","CR",295.35000000000002]
[39702,"TORNEIRA DE MESA PARA LAVATORIO, METALICA CROMADA, COM SENSOR DE APROXIMACAO ELETRICO, BIVOLT","UN    ","CR",1961.57]
[13415,"TORNEIRA DE MESA/BANCADA, PARA LAVATORIO, FIXA, METALICA CROMADA, PADRAO POPULAR, 1/2 \" OU 3/4 \" (REF 1193)","UN    ","C ",64.400000000000006]
[7602,"TORNEIRA DE METAL AMARELO, PARA TANQUE / JARDIM, DE PAREDE, COM BICO PLASTICO, CANO CURTO, AREA EXTERNA, PADRAO POPULAR / USO GERAL, 1/2 \" OU 3/4 \" (REF 1128)","UN    ","CR",41.09]
[7603,"TORNEIRA DE METAL AMARELO, PARA TANQUE / JARDIM, DE PAREDE, SEM BICO, CANO CURTO, PADRAO POPULAR / USO GERAL, 1/2 \" OU 3/4 \" (REF 1120)","UN    ","CR",34.86]
[11777,"TORNEIRA ELETRICA DE PAREDE, BICA ALTA, PARA COZINHA, 5500 W (110/220 V)","UN    ","CR",192.77]
[13417,"TORNEIRA METALICA CROMADA CANO CURTO, SEM BICO, SEM AREJADOR, DE PAREDE, PARA TANQUE E USO GERAL, 1/2 \" OU 3/4 \" (REF 1143)","UN    ","CR",83.87]
[36791,"TORNEIRA METALICA CROMADA DE MESA PARA LAVATORIO, BICA ALTA, COM AREJADOR (REF 1195)","UN    ","CR",125.88]
[36795,"TORNEIRA METALICA CROMADA DE MESA PARA LAVATORIO, COM SENSOR DE PRESENCA A PILHA, COM AREJADOR EMBUTIDO","UN    ","CR",1591.64]
[36796,"TORNEIRA METALICA CROMADA DE MESA, PARA LAVATORIO, TEMPORIZADA PRESSAO FECHAMENTO AUTOMATICO, BICA BAIXA","UN    ","CR",132.26]
[36792,"TORNEIRA METALICA CROMADA DE PAREDE LONGA PARA LAVATORIO, COM AREJADOR, ACIONAMENTO ALAVANCA, 1/4 DE VOLTA (REF 1178)","UN    ","CR",167.54]
[11773,"TORNEIRA METALICA CROMADA DE PAREDE, PARA COZINHA, BICA MOVEL, COM AREJADOR, 1/2 \" OU 3/4 \" (REF 1167 / 1168)","UN    ","CR",111.53]
[11762,"TORNEIRA METALICA CROMADA PARA JARDIM / TANQUE, COM BICO PLASTICO, CANO LONGO, DE PAREDE, PADRAO POPULAR / USO GERAL , 1/2 \" OU 3/4 \" (REF 1153 / 1130)","UN    ","CR",52.9]
[7604,"TORNEIRA METALICA CROMADA PARA TANQUE / JARDIM, SEM BICO , CANO LONGO, DE PAREDE, PADRAO POPULAR / USO GERAL, 1/2 \" OU 3/4 \" (REF 1126)","UN    ","CR",44.79]
[13984,"TORNEIRA METALICA CROMADA, CANO CURTO, COM AREJADOR, SEM BICO PLASTICO, DE PAREDE, PARA USO GERAL, 1/2 \" OU 3/4 \" (REF 1152 / 1154)","UN    ","CR",65.099999999999994]
[11772,"TORNEIRA METALICA CROMADA, DE MESA/BANCADA, PARA COZINHA, BICA MOVEL, COM AREJADOR, 1/2 \" OU 3/4 \" (REF 1167 / 1168)","UN    ","CR",111.88]
[13983,"TORNEIRA METALICA CROMADA, RETA, DE PAREDE, PARA COZINHA, COM AREJADOR, PADRAO POPULAR, 1/2 \" OU 3/4 \" (REF 1159 / 1160)","UN    ","CR",84.73]
[13416,"TORNEIRA METALICA CROMADA, RETA, DE PAREDE, PARA COZINHA, SEM BICO, SEM AREJADOR, PADRAO POPULAR, 1/2 \" OU 3/4 \" (REF 1158)","UN    ","CR",75.25]
[40329,"TORNEIRA PLASTICA DE BOIA CONVENCIONAL PARA CAIXA DE AGUA, AGUA FRIA, 3/4 \", COM HASTE METALICA E COM TORNEIRA E BALAO PLASTICOS (PADRAO POPULAR)","UN    ","C ",13.9]
[11823,"TORNEIRA PLASTICA DE BOIA PARA CAIXA DE DESCARGA,  1/2\", BALAO E TORNEIRA PLASTICOS, COM HASTE METALICA","UN    ","CR",5.85]
[11822,"TORNEIRA PLASTICA DE MESA, BICA MOVEL, PARA COZINHA 1/2 \"","UN    ","CR",29.88]
[11831,"TORNEIRA PLASTICA PARA TANQUE 1/2 \" OU 3/4 \" COM BICO PARA MANGUEIRA","UN    ","CR",17.98]
[7613,"TRANSFORMADOR TRIFASICO DE DISTRIBUICAO, POTENCIA DE 1000 KVA, TENSAO NOMINAL DE 15 KV, TENSAO SECUNDARIA DE 220/127V, EM OLEO ISOLANTE TIPO MINERAL","UN    ","AS",99919.02]
[7619,"TRANSFORMADOR TRIFASICO DE DISTRIBUICAO, POTENCIA DE 112,5 KVA, TENSAO NOMINAL DE 15 KV, TENSAO SECUNDARIA DE 220/127V, EM OLEO ISOLANTE TIPO MINERAL","UN    ","AS",15445.34]
[12076,"TRANSFORMADOR TRIFASICO DE DISTRIBUICAO, POTENCIA DE 15 KVA, TENSAO NOMINAL DE 15 KV, TENSAO SECUNDARIA DE 220/127V, EM OLEO ISOLANTE TIPO MINERAL","UN    ","AS",7085.02]
[7614,"TRANSFORMADOR TRIFASICO DE DISTRIBUICAO, POTENCIA DE 150 KVA, TENSAO NOMINAL DE 15 KV, TENSAO SECUNDARIA DE 220/127V, EM OLEO ISOLANTE TIPO MINERAL","UN    ","AS",19480.259999999998]
[7618,"TRANSFORMADOR TRIFASICO DE DISTRIBUICAO, POTENCIA DE 1500 KVA, TENSAO NOMINAL DE 15 KV, TENSAO SECUNDARIA DE 220/127V, EM OLEO ISOLANTE TIPO MINERAL","UN    ","AS",126344.12]
[7620,"TRANSFORMADOR TRIFASICO DE DISTRIBUICAO, POTENCIA DE 225 KVA, TENSAO NOMINAL DE 15 KV, TENSAO SECUNDARIA DE 220/127V, EM OLEO ISOLANTE TIPO MINERAL","UN    ","AS",27327.93]
[7610,"TRANSFORMADOR TRIFASICO DE DISTRIBUICAO, POTENCIA DE 30 KVA, TENSAO NOMINAL DE 15 KV, TENSAO SECUNDARIA DE 220/127V, EM OLEO ISOLANTE TIPO MINERAL","UN    ","AS",8653.84]
[7615,"TRANSFORMADOR TRIFASICO DE DISTRIBUICAO, POTENCIA DE 300 KVA, TENSAO NOMINAL DE 15 KV, TENSAO SECUNDARIA DE 220/127V, EM OLEO ISOLANTE TIPO MINERAL","UN    ","AS",31882.59]
[7617,"TRANSFORMADOR TRIFASICO DE DISTRIBUICAO, POTENCIA DE 45 KVA, TENSAO NOMINAL DE 15 KV, TENSAO SECUNDARIA DE 220/127V, EM OLEO ISOLANTE TIPO MINERAL","UN    ","AS",9665.99]
[7616,"TRANSFORMADOR TRIFASICO DE DISTRIBUICAO, POTENCIA DE 500 KVA, TENSAO NOMINAL DE 15 KV, TENSAO SECUNDARIA DE 220/127V, EM OLEO ISOLANTE TIPO MINERAL","UN    ","AS",52027.32]
[7611,"TRANSFORMADOR TRIFASICO DE DISTRIBUICAO, POTENCIA DE 75 KVA, TENSAO NOMINAL DE 15 KV, TENSAO SECUNDARIA DE 220/127V, EM OLEO ISOLANTE TIPO MINERAL","UN    ","AS",12500]
[7612,"TRANSFORMADOR TRIFASICO DE DISTRIBUICAO, POTENCIA DE 750 KVA, TENSAO NOMINAL DE 15 KV, TENSAO SECUNDARIA DE 220/127V, EM OLEO ISOLANTE TIPO MINERAL","UN    ","AS",71364.37]
[37371,"TRANSPORTE - HORISTA (COLETADO CAIXA - ENCARGOS COMPLEMENTARES)","H     ","C ",0.6]
[40862,"TRANSPORTE - MENSALISTA (COLETADO CAIXA - ENCARGOS COMPLEMENTARES)","MES   ","C ",429.36]
[36510,"TRATOR DE ESTEIRAS, POTENCIA BRUTA DE 133 HP, PESO OPERACIONAL DE 14 T, COM LAMINA COM CAPACIDADE DE 3,00 M3","UN    ","AS",1025688.03]
[25020,"TRATOR DE ESTEIRAS, POTENCIA BRUTA DE 347 HP, PESO OPERACIONAL DE 38,5 T, COM ESCARIFICADOR E LAMINA COM CAPACIDADE DE 4,70M3","UN    ","AS",4225473.8099999996]
[7622,"TRATOR DE ESTEIRAS, POTENCIA DE 100 HP, PESO OPERACIONAL DE 9,4 T, COM LAMINA COM CAPACIDADE DE 2,19 M3","UN    ","AS",995067.3]
[7624,"TRATOR DE ESTEIRAS, POTENCIA DE 150 HP, PESO OPERACIONAL DE 16,7 T, COM RODA MOTRIZ ELEVADA E LAMINA COM CONTATO DE 3,18M3","UN    ","AS",1290000]
[7625,"TRATOR DE ESTEIRAS, POTENCIA DE 170 HP, PESO OPERACIONAL DE 19 T, COM LAMINA COM CAPACIDADE DE 5,2 M3","UN    ","AS",1282109.97]
[7623,"TRATOR DE ESTEIRAS, POTENCIA DE 347 HP, PESO OPERACIONAL DE 38,5 T, COM LAMINA COM CAPACIDADE DE 8,70M3","UN    ","AS",4225473.8099999996]
[36508,"TRATOR DE ESTEIRAS, POTENCIA NO VOLANTE DE 200 HP, PESO OPERACIONAL DE 20,1 T, COM RODA MOTRIZ ELEVADA E LAMINA COM CAPACIDADE DE 3,89 M3","UN    ","AS",1900363.24]
[36509,"TRATOR DE ESTEIRAS, POTENCIA 125 HP, PESO OPERACIONAL DE 12,9 T, COM LAMINA COM CAPACIDADE DE 2,7 M3","UN    ","AS",1041467.82]
[13238,"TRATOR DE PNEUS COM POTENCIA DE 105 CV, TRACAO 4 X 4, PESO COM LASTRO DE 5775 KG","UN    ","AS",317943.90000000002]
[36511,"TRATOR DE PNEUS COM POTENCIA DE 122 CV, TRACAO 4 X 4, PESO COM LASTRO DE 4510 KG","UN    ","AS",368411.19]
[36515,"TRATOR DE PNEUS COM POTENCIA DE 15 CV, PESO COM LASTRO DE 1160 KG","UN    ","AS",108504.65]
[10598,"TRATOR DE PNEUS COM POTENCIA DE 50 CV, TRACAO 4 X 2, PESO COM LASTRO DE 2714 KG","UN    ","AS",175956.7]
[7640,"TRATOR DE PNEUS COM POTENCIA DE 85 CV, TRACAO 4 X 4, PESO COM LASTRO DE 4675 KG","UN    ","AS",270000]
[36513,"TRATOR DE PNEUS COM POTENCIA DE 85 CV, TURBO,  PESO COM LASTRO DE 4900 KG","UN    ","AS",260095.77]
[36514,"TRATOR DE PNEUS COM POTENCIA DE 95 CV, TRACAO 4 X 4, PESO MAXIMO DE 5225 KG","UN    ","AS",290186.90000000002]
[11572,"TRAVA / PRENDEDOR DE PORTA, EM LATAO CROMADO, MONTADO EM PISO","UN    ","CR",33.770000000000003]
[36149,"TRAVA-QUEDAS EM ACO PARA CORDA DE 12 MM, EXTENSOR DE 25 X 300 MM, COM MOSQUETAO TIPO GANCHO TRAVA DUPLA","UN    ","CR",193.87]
[42407,"TRELICA NERVURADA (ESPACADOR), ALTURA = 120,0 MM, DIAMETRO DOS BANZOS INFERIORES E SUPERIOR = 6,0 MM, DIAMETRO DA DIAGONAL = 4,2 MM","M     ","CR",7.74]
[11581,"TRILHO PANTOGRAFICO CONCAVO, TIPO U, EM ALUMINIO, COM DIMENSOES DE APROX *35 X 35* MM, PARA ROLDANA DE PORTA DE CORRER","M     ","CR",22.29]
[43605,"TRILHO PANTOGRAFICO RETO, EM ALUMINIO, TIPO U, COM DIMENSOES DE *38 X 38* MM PARA PORTA DE CORRER","M     ","CR",45.61]
[11580,"TRILHO QUADRADO FRIZADO PARA RODIZIO (VERGALHAO MACICO), EM ALUMINIO, COM DIMENSOES DE *6 X 6* MM","M     ","CR",8.94]
[10743,"TROLEY MANUAL CAPACIDADE 1 T","UN    ","CR",825.98]
[39848,"TUBO / MANGUEIRA PRETA EM POLIETILENO, LINHA PESADA OU REFORCADA, TIPO ESPAGUETE, PARA INJECAO DE CALDA DE CIMENTO, D = 1/2\", ESPESSURA 1,5 MM","M     ","AS",1.98]
[20999,"TUBO ACO CARBONO COM COSTURA, NBR 5580, CLASSE L, DN = 15 MM, E = 2,25 MM, 1,06 KG/M","M     ","CR",13.32]
[21001,"TUBO ACO CARBONO COM COSTURA, NBR 5580, CLASSE L, DN = 25 MM, E = 2,65 MM, 2,02 KG/M","M     ","C ",24.85]
[21003,"TUBO ACO CARBONO COM COSTURA, NBR 5580, CLASSE L, DN = 40 MM, E = 3,0 MM, 3,34 KG/M","M     ","CR",40.83]
[21006,"TUBO ACO CARBONO COM COSTURA, NBR 5580, CLASSE L, DN = 80 MM, E = 3,35 MM, 7,07 KG/M","M     ","CR",86.66]
[21019,"TUBO ACO CARBONO COM COSTURA, NBR 5580, CLASSE M, DN = 25 MM, E = 3,35 MM, *2,50* KG//M","M     ","CR",30.12]
[21021,"TUBO ACO CARBONO COM COSTURA, NBR 5580, CLASSE M, DN = 40 MM, E = 3,35 MM, *3,71* KG//M","M     ","CR",47.62]
[21024,"TUBO ACO CARBONO COM COSTURA, NBR 5580, CLASSE M, DN = 80 MM, E = 4,05 MM, *8,47* KG/M","M     ","CR",102.03]
[40624,"TUBO ACO CARBONO SEM COSTURA 1 1/2\", E= *3,68 MM, SCHEDULE 40, 4,05 KG/M","M     ","CR",106.07]
[42575,"TUBO ACO CARBONO SEM COSTURA 1 1/4\", E= *3,56 MM, SCHEDULE 40, *3,38* KG/M","M     ","CR",97.33]
[13127,"TUBO ACO CARBONO SEM COSTURA 1/2\", E= *2,77 MM, SCHEDULE 40, *1,27 KG/M","M     ","CR",47.31]
[13137,"TUBO ACO CARBONO SEM COSTURA 1/2\", E= *3,73 MM, SCHEDULE 80, *1,62 KG/M","M     ","CR",62.78]
[42574,"TUBO ACO CARBONO SEM COSTURA 1\", E= *3,38 MM, SCHEDULE 40, *2,50* KG/M","M     ","CR",72.63]
[20989,"TUBO ACO CARBONO SEM COSTURA 14\", E= *11,13 MM, SCHEDULE 40, *94,55 KG/M","M     ","CR",2249.1999999999998]
[21147,"TUBO ACO CARBONO SEM COSTURA 2 1/2\", E = 5,16 MM, SCHEDULE 40 (8,62 KG/M)","M     ","CR",210.89]
[21148,"TUBO ACO CARBONO SEM COSTURA 2\", E= *3,91* MM, SCHEDULE 40, *5,43* KG/M","M     ","C ",130.16]
[20984,"TUBO ACO CARBONO SEM COSTURA 20\", E= *12,70 MM, SCHEDULE 30, *154,97 KG/M","M     ","CR",4315.7700000000004]
[13042,"TUBO ACO CARBONO SEM COSTURA 20\", E= *6,35 MM,  SCHEDULE 10, *78,46 KG/M","M     ","CR",2391.5700000000002]
[21150,"TUBO ACO CARBONO SEM COSTURA 3/4\", E= *2,87 MM, SCHEDULE 40, *1,69 KG/M","M     ","CR",64.540000000000006]
[13141,"TUBO ACO CARBONO SEM COSTURA 3/4\", E= *3,91 MM, SCHEDULE 80, *2,19 KG/M.","M     ","CR",81.319999999999993]
[42576,"TUBO ACO CARBONO SEM COSTURA 3\", E= *5,49 MM, SCHEDULE 40, *11,28* KG/M","M     ","CR",265.51]
[21151,"TUBO ACO CARBONO SEM COSTURA 4\", E= *6,02 MM, SCHEDULE 40, *16,06 KG/M","M     ","CR",386.31]
[13142,"TUBO ACO CARBONO SEM COSTURA 4\", E= *8,56 MM, SCHEDULE 80, *22,31 KG/M","M     ","CR",552.27]
[42577,"TUBO ACO CARBONO SEM COSTURA 5\", E= *6,55 MM, SCHEDULE 40, *21,75* KG/M","M     ","CR",605.99]
[20994,"TUBO ACO CARBONO SEM COSTURA 6\", E= *10,97 MM, SCHEDULE 80, *42,56 KG/M","M     ","CR",1041.26]
[7672,"TUBO ACO CARBONO SEM COSTURA 6\", E= 7,11 MM,  SCHEDULE 40, *28,26 KG/M","M     ","CR",682.14]
[20995,"TUBO ACO CARBONO SEM COSTURA 8\", E= *12,70 MM, SCHEDULE 80, *64,64 KG/M","M     ","CR",1368.41]
[7690,"TUBO ACO CARBONO SEM COSTURA 8\", E= *6,35 MM,  SCHEDULE 20, *33,27 KG/M","M     ","CR",791.44]
[20980,"TUBO ACO CARBONO SEM COSTURA 8\", E= *7,04 MM, SCHEDULE 30, *36,75 KG/M","M     ","CR",863.39]
[7661,"TUBO ACO CARBONO SEM COSTURA 8\", E= *8,18 MM, SCHEDULE 40, *42,55 KG/M","M     ","CR",1027.08]
[21016,"TUBO ACO GALVANIZADO COM COSTURA, CLASSE LEVE, DN 100 MM ( 4\"),  E = 3,75 MM,  *10,55* KG/M (NBR 5580)","M     ","CR",152.91999999999999]
[21008,"TUBO ACO GALVANIZADO COM COSTURA, CLASSE LEVE, DN 15 MM ( 1/2\"),  E = 2,25 MM,  *1,2* KG/M (NBR 5580)","M     ","CR",17.86]
[21009,"TUBO ACO GALVANIZADO COM COSTURA, CLASSE LEVE, DN 20 MM ( 3/4\"),  E = 2,25 MM,  *1,3* KG/M (NBR 5580)","M     ","CR",23.26]
[21010,"TUBO ACO GALVANIZADO COM COSTURA, CLASSE LEVE, DN 25 MM ( 1\"),  E = 2,65 MM,  *2,11* KG/M (NBR 5580)","M     ","C ",31.23]
[21011,"TUBO ACO GALVANIZADO COM COSTURA, CLASSE LEVE, DN 32 MM ( 1 1/4\"),  E = 2,65 MM,  *2,71* KG/M (NBR 5580)","M     ","CR",45.52]
[21012,"TUBO ACO GALVANIZADO COM COSTURA, CLASSE LEVE, DN 40 MM ( 1 1/2\"),  E = 3,00 MM,  *3,48* KG/M (NBR 5580)","M     ","CR",50.3]
[21013,"TUBO ACO GALVANIZADO COM COSTURA, CLASSE LEVE, DN 50 MM ( 2\"),  E = 3,00 MM,  *4,40* KG/M (NBR 5580)","M     ","CR",65.64]
[21014,"TUBO ACO GALVANIZADO COM COSTURA, CLASSE LEVE, DN 65 MM ( 2 1/2\"),  E = 3,35 MM, * 6,23* KG/M (NBR 5580)","M     ","CR",91.84]
[21015,"TUBO ACO GALVANIZADO COM COSTURA, CLASSE LEVE, DN 80 MM ( 3\"),  E = 3,35 MM, *7,32* KG/M (NBR 5580)","M     ","CR",105.51]
[7697,"TUBO ACO GALVANIZADO COM COSTURA, CLASSE MEDIA, DN 1.1/2\", E = *3,25* MM, PESO *3,61* KG/M (NBR 5580)","M     ","CR",50.35]
[7698,"TUBO ACO GALVANIZADO COM COSTURA, CLASSE MEDIA, DN 1.1/4\", E = *3,25* MM, PESO *3,14* KG/M (NBR 5580)","M     ","CR",43.34]
[7691,"TUBO ACO GALVANIZADO COM COSTURA, CLASSE MEDIA, DN 1/2\", E = *2,65* MM, PESO *1,22* KG/M (NBR 5580)","M     ","CR",18.309999999999999]
[40626,"TUBO ACO GALVANIZADO COM COSTURA, CLASSE MEDIA, DN 1\", E = 3,38 MM, PESO 2,50 KG/M (NBR 5580)","M     ","CR",34.369999999999997]
[7701,"TUBO ACO GALVANIZADO COM COSTURA, CLASSE MEDIA, DN 2.1/2\", E = *3,65* MM, PESO *6,51* KG/M (NBR 5580)","M     ","CR",90.1]
[7696,"TUBO ACO GALVANIZADO COM COSTURA, CLASSE MEDIA, DN 2\", E = *3,65* MM, PESO *5,10* KG/M (NBR 5580)","M     ","CR",72.61]
[7700,"TUBO ACO GALVANIZADO COM COSTURA, CLASSE MEDIA, DN 3/4\", E = *2,65* MM, PESO *1,58* KG/M (NBR 5580)","M     ","CR",23.16]
[7694,"TUBO ACO GALVANIZADO COM COSTURA, CLASSE MEDIA, DN 3\", E = *4,05* MM, PESO *8,47* KG/M (NBR 5580)","M     ","CR",121.25]
[7693,"TUBO ACO GALVANIZADO COM COSTURA, CLASSE MEDIA, DN 4\", E = 4,50* MM, PESO 12,10* KG/M (NBR 5580)","M     ","CR",166.99]
[7692,"TUBO ACO GALVANIZADO COM COSTURA, CLASSE MEDIA, DN 5\", E = *5,40* MM, PESO *17,80* KG/M (NBR 5580)","M     ","CR",250.01]
[7695,"TUBO ACO GALVANIZADO COM COSTURA, CLASSE MEDIA, DN 6\", E = 4,85* MM, PESO 19,68* KG/M (NBR 5580)","M     ","CR",271.14]
[13356,"TUBO ACO INDUSTRIAL DN 2\" (50,8 MM) E=1,50MM, PESO= 1,8237 KG/M","M     ","CR",19.66]
[36365,"TUBO COLETOR DE ESGOTO PVC, JEI, DN 100 MM (NBR  7362)","M     ","CR",39.96]
[41930,"TUBO COLETOR DE ESGOTO PVC, JEI, DN 200 MM (NBR 7362)","M     ","CR",133.12]
[41931,"TUBO COLETOR DE ESGOTO PVC, JEI, DN 250 MM (NBR 7362)","M     ","CR",208.49]
[41932,"TUBO COLETOR DE ESGOTO PVC, JEI, DN 300 MM (NBR 7362)","M     ","CR",320.91000000000003]
[41933,"TUBO COLETOR DE ESGOTO PVC, JEI, DN 350 MM (NBR 7362)","M     ","CR",453.52]
[41934,"TUBO COLETOR DE ESGOTO PVC, JEI, DN 400 MM (NBR 7362)","M     ","CR",528.17999999999995]
[41936,"TUBO COLETOR DE ESGOTO, PVC, JEI, DN 150 MM  (NBR 7362)","M     ","CR",78.38]
[44812,"TUBO CORRUGADO PEAD, PAREDE DUPLA, INTERNA LISA, JEI DN/DI 500 MM (DRENAGEM/ESGOTO)","M     ","CR",746.04]
[41785,"TUBO CORRUGADO PEAD, PAREDE DUPLA, INTERNA LISA, JEI, DN/DI *1000* MM, PARA SANEAMENTO (DRENAGEM/ESGOTO)","M     ","CR",2764.75]
[41781,"TUBO CORRUGADO PEAD, PAREDE DUPLA, INTERNA LISA, JEI, DN/DI *400* MM, PARA SANEAMENTO (DRENAGEM/ESGOTO)","M     ","CR",499.22]
[41783,"TUBO CORRUGADO PEAD, PAREDE DUPLA, INTERNA LISA, JEI, DN/DI *800* MM, PARA SANEAMENTO (DRENAGEM/ESGOTO)","M     ","CR",1794.74]
[41786,"TUBO CORRUGADO PEAD, PAREDE DUPLA, INTERNA LISA, JEI, DN/DI 1200 MM, PARA SANEAMENTO (DRENAGEM/ESGOTO)","M     ","CR",3821.06]
[41779,"TUBO CORRUGADO PEAD, PAREDE DUPLA, INTERNA LISA, JEI, DN/DI 250 MM, PARA SANEAMENTO (DRENAGEM/ESGOTO)","M     ","CR",196.61]
[41780,"TUBO CORRUGADO PEAD, PAREDE DUPLA, INTERNA LISA, JEI, DN/DI 300 MM, PARA SANEAMENTO (DRENAGEM/ESGOTO)","M     ","CR",308.02999999999997]
[41782,"TUBO CORRUGADO PEAD, PAREDE DUPLA, INTERNA LISA, JEI, DN/DI 600 MM, PARA SANEAMENTO (DRENAGEM/ESGOTO)","M     ","CR",1103.4100000000001]
[38130,"TUBO CPVC SOLDAVEL, 35 MM, AGUA QUENTE PREDIAL (NBR 15884)","M     ","CR",39.42]
[44260,"TUBO CPVC, SOLDAVEL, 114 MM, AGUA QUENTE (NBR 15884)","M     ","CR",373.09]
[21123,"TUBO CPVC, SOLDAVEL, 15 MM, AGUA QUENTE PREDIAL (NBR 15884)","M     ","C ",10.97]
[21124,"TUBO CPVC, SOLDAVEL, 22 MM, AGUA QUENTE PREDIAL (NBR 15884)","M     ","CR",17.52]
[21125,"TUBO CPVC, SOLDAVEL, 28 MM, AGUA QUENTE PREDIAL (NBR 15884)","M     ","CR",30.18]
[38028,"TUBO CPVC, SOLDAVEL, 42 MM, AGUA QUENTE PREDIAL (NBR 15884)","M     ","CR",52.77]
[38029,"TUBO CPVC, SOLDAVEL, 54 MM, AGUA QUENTE PREDIAL (NBR 15884)","M     ","CR",77.239999999999995]
[38030,"TUBO CPVC, SOLDAVEL, 73 MM, AGUA QUENTE PREDIAL (NBR 15884)","M     ","CR",124.9]
[38031,"TUBO CPVC, SOLDAVEL, 89 MM, AGUA QUENTE PREDIAL (NBR 15884)","M     ","CR",196.04]
[39735,"TUBO DE BORRACHA ELASTOMERICA FLEXIVEL, PRETA, PARA ISOLAMENTO TERMICO DE TUBULACAO, DN 1 1/8\" (28 MM), E= 32 MM, COEFICIENTE DE CONDUTIVIDADE TERMICA 0,036W/mK, VAPOR DE AGUA MAIOR OU IGUAL A 10.000","M     ","AS",105.51]
[39734,"TUBO DE BORRACHA ELASTOMERICA FLEXIVEL, PRETA, PARA ISOLAMENTO TERMICO DE TUBULACAO, DN 1 3/8\" (35 MM), E= 32 MM, COEFICIENTE DE CONDUTIVIDADE TERMICA 0,036W/mK, VAPOR DE AGUA MAIOR OU IGUAL A 10.000","M     ","AS",125.15]
[39736,"TUBO DE BORRACHA ELASTOMERICA FLEXIVEL, PRETA, PARA ISOLAMENTO TERMICO DE TUBULACAO, DN 1 5/8\" (42 MM), E= 32 MM, COEFICIENTE DE CONDUTIVIDADE TERMICA 0,036W/mK, VAPOR DE AGUA MAIOR OU IGUAL A 10.000","M     ","AS",142.83000000000001]
[39737,"TUBO DE BORRACHA ELASTOMERICA FLEXIVEL, PRETA, PARA ISOLAMENTO TERMICO DE TUBULACAO, DN 1/2\" (12 MM), E= 19 MM, COEFICIENTE DE CONDUTIVIDADE TERMICA 0,036W/mK, VAPOR DE AGUA MAIOR OU IGUAL A 10.000","M     ","AS",19.21]
[39738,"TUBO DE BORRACHA ELASTOMERICA FLEXIVEL, PRETA, PARA ISOLAMENTO TERMICO DE TUBULACAO, DN 1/4\" (6 MM), E= 9 MM, COEFICIENTE DE CONDUTIVIDADE TERMICA 0,036W/mK, VAPOR DE AGUA MAIOR OU IGUAL A 10.000","M     ","AS",6.95]
[39739,"TUBO DE BORRACHA ELASTOMERICA FLEXIVEL, PRETA, PARA ISOLAMENTO TERMICO DE TUBULACAO, DN 1\" (25 MM), E= 32 MM, COEFICIENTE DE CONDUTIVIDADE TERMICA 0,036W/mK, VAPOR DE AGUA MAIOR OU IGUAL A 10.000","M     ","AS",98.77]
[39733,"TUBO DE BORRACHA ELASTOMERICA FLEXIVEL, PRETA, PARA ISOLAMENTO TERMICO DE TUBULACAO, DN 2 1/8\" (54 MM), E= 32 MM, COEFICIENTE DE CONDUTIVIDADE TERMICA 0,036W/mK, VAPOR DE AGUA MAIOR OU IGUAL A 10.000","M     ","AS",170.93]
[39854,"TUBO DE BORRACHA ELASTOMERICA FLEXIVEL, PRETA, PARA ISOLAMENTO TERMICO DE TUBULACAO, DN 2 5/8\" (*64* MM), E= *32* MM, COEFICIENTE DE CONDUTIVIDADE TERMICA 0,036W/MK, VAPOR DE AGUA MAIOR OU IGUAL A 10.000","M     ","AS",173.35]
[39740,"TUBO DE BORRACHA ELASTOMERICA FLEXIVEL, PRETA, PARA ISOLAMENTO TERMICO DE TUBULACAO, DN 3/4\" (18 MM), E= 32 MM, COEFICIENTE DE CONDUTIVIDADE TERMICA 0,036W/mK, VAPOR DE AGUA MAIOR OU IGUAL A 10.000","M     ","AS",94.85]
[39741,"TUBO DE BORRACHA ELASTOMERICA FLEXIVEL, PRETA, PARA ISOLAMENTO TERMICO DE TUBULACAO, DN 3/8\" (10 MM), E= 19 MM, COEFICIENTE DE CONDUTIVIDADE TERMICA 0,036W/mK, VAPOR DE AGUA MAIOR OU IGUAL A 10.000","M     ","AS",17.48]
[39853,"TUBO DE BORRACHA ELASTOMERICA FLEXIVEL, PRETA, PARA ISOLAMENTO TERMICO DE TUBULACAO, DN 5/8\" (15 MM), E= 19 MM, COEFICIENTE DE CONDUTIVIDADE TERMICA 0,036W/MK, VAPOR DE AGUA MAIOR OU IGUAL A 10.000","M     ","AS",22.96]
[39742,"TUBO DE BORRACHA ELASTOMERICA FLEXIVEL, PRETA, PARA ISOLAMENTO TERMICO DE TUBULACAO, DN 7/8\" (22 MM), E= 32 MM, COEFICIENTE DE CONDUTIVIDADE TERMICA 0,036W/mK, VAPOR DE AGUA MAIOR OU IGUAL A 10.000","M     ","AS",76.239999999999995]
[39749,"TUBO DE COBRE CLASSE \"A\", DN = 1 \" (28 MM), PARA INSTALACOES DE MEDIA PRESSAO PARA GASES COMBUSTIVEIS E MEDICINAIS","M     ","CR",189.62]
[39751,"TUBO DE COBRE CLASSE \"A\", DN = 1 1/2 \" (42 MM), PARA INSTALACOES DE MEDIA PRESSAO PARA GASES COMBUSTIVEIS E MEDICINAIS","M     ","CR",344.57]
[39750,"TUBO DE COBRE CLASSE \"A\", DN = 1 1/4 \" (35 MM), PARA INSTALACOES DE MEDIA PRESSAO PARA GASES COMBUSTIVEIS E MEDICINAIS","M     ","CR",286.39]
[39747,"TUBO DE COBRE CLASSE \"A\", DN = 1/2 \" (15 MM), PARA INSTALACOES DE MEDIA PRESSAO PARA GASES COMBUSTIVEIS E MEDICINAIS","M     ","CR",92.12]
[39753,"TUBO DE COBRE CLASSE \"A\", DN = 2 1/2 \" (66 MM), PARA INSTALACOES DE MEDIA PRESSAO PARA GASES COMBUSTIVEIS E MEDICINAIS","M     ","CR",634.26]
[39754,"TUBO DE COBRE CLASSE \"A\", DN = 3 \" (79 MM), PARA INSTALACOES DE MEDIA PRESSAO PARA GASES COMBUSTIVEIS E MEDICINAIS","M     ","CR",934.44]
[39748,"TUBO DE COBRE CLASSE \"A\", DN = 3/4 \" (22 MM), PARA INSTALACOES DE MEDIA PRESSAO PARA GASES COMBUSTIVEIS E MEDICINAIS","M     ","CR",149.06]
[39755,"TUBO DE COBRE CLASSE \"A\", DN = 4 \" (104 MM), PARA INSTALACOES DE MEDIA PRESSAO PARA GASES COMBUSTIVEIS E MEDICINAIS","M     ","CR",1416.82]
[12742,"TUBO DE COBRE CLASSE \"E\", DN = 104 MM, PARA INSTALACAO HIDRAULICA PREDIAL","M     ","CR",1121.8800000000001]
[12713,"TUBO DE COBRE CLASSE \"E\", DN = 15 MM, PARA INSTALACAO HIDRAULICA PREDIAL","M     ","C ",59.5]
[12743,"TUBO DE COBRE CLASSE \"E\", DN = 22 MM, PARA INSTALACAO HIDRAULICA PREDIAL","M     ","CR",102.36]
[12744,"TUBO DE COBRE CLASSE \"E\", DN = 28 MM, PARA INSTALACAO HIDRAULICA PREDIAL","M     ","CR",129.9]
[12745,"TUBO DE COBRE CLASSE \"E\", DN = 35 MM, PARA INSTALACAO HIDRAULICA PREDIAL","M     ","CR",188.65]
[12746,"TUBO DE COBRE CLASSE \"E\", DN = 42 MM, PARA INSTALACAO HIDRAULICA PREDIAL","M     ","CR",254.74]
[12747,"TUBO DE COBRE CLASSE \"E\", DN = 54 MM, PARA INSTALACAO HIDRAULICA PREDIAL","M     ","CR",369.43]
[12748,"TUBO DE COBRE CLASSE \"E\", DN = 66 MM, PARA INSTALACAO HIDRAULICA PREDIAL","M     ","CR",520.46]
[12749,"TUBO DE COBRE CLASSE \"E\", DN = 79 MM, PARA INSTALACAO HIDRAULICA PREDIAL","M     ","CR",760.82]
[39726,"TUBO DE COBRE CLASSE \"I\", DN = 1 \" (28 MM), PARA INSTALACOES INDUSTRIAIS DE ALTA PRESSAO E VAPOR","M     ","CR",249.9]
[39728,"TUBO DE COBRE CLASSE \"I\", DN = 1 1/2 \" (42 MM), PARA INSTALACOES INDUSTRIAIS DE ALTA PRESSAO E VAPOR","M     ","CR",439.2]
[39727,"TUBO DE COBRE CLASSE \"I\", DN = 1 1/4 \" (35 MM), PARA INSTALACOES INDUSTRIAIS DE ALTA PRESSAO E VAPOR","M     ","CR",361.44]
[39724,"TUBO DE COBRE CLASSE \"I\", DN = 1/2 \" (15 MM), PARA INSTALACOES INDUSTRIAIS DE ALTA PRESSAO E VAPOR","M     ","CR",110.66]
[39729,"TUBO DE COBRE CLASSE \"I\", DN = 2 \" (54 MM), PARA INSTALACOES INDUSTRIAIS DE ALTA PRESSAO E VAPOR","M     ","CR",608.22]
[39730,"TUBO DE COBRE CLASSE \"I\", DN = 2 1/2 \" (66 MM), PARA INSTALACOES INDUSTRIAIS DE ALTA PRESSAO E VAPOR","M     ","CR",789.13]
[39731,"TUBO DE COBRE CLASSE \"I\", DN = 3 \" (79 MM), PARA INSTALACOES INDUSTRIAIS DE ALTA PRESSAO E VAPOR","M     ","CR",1168.76]
[39725,"TUBO DE COBRE CLASSE \"I\", DN = 3/4 \" (22 MM), PARA INSTALACOES INDUSTRIAIS DE ALTA PRESSAO E VAPOR","M     ","CR",180.37]
[39732,"TUBO DE COBRE CLASSE \"I\", DN = 4\" (104 MM), PARA INSTALACOES INDUSTRIAIS DE ALTA PRESSAO E VAPOR","M     ","CR",1720.35]
[39660,"TUBO DE COBRE FLEXIVEL, D = 1/2 \", E = 0,79 MM, PARA AR-CONDICIONADO/ INSTALACOES GAS RESIDENCIAIS E COMERCIAIS","M     ","CR",78.400000000000006]
[39662,"TUBO DE COBRE FLEXIVEL, D = 1/4 \", E = 0,79 MM, PARA AR-CONDICIONADO/ INSTALACOES GAS RESIDENCIAIS E COMERCIAIS","M     ","CR",37.57]
[39661,"TUBO DE COBRE FLEXIVEL, D = 3/16 \", E = 0,79 MM, PARA AR-CONDICIONADO/ INSTALACOES GAS RESIDENCIAIS E COMERCIAIS","M     ","CR",25.62]
[39666,"TUBO DE COBRE FLEXIVEL, D = 3/4 \", E = 0,79 MM, PARA AR-CONDICIONADO/ INSTALACOES GAS RESIDENCIAIS E COMERCIAIS","M     ","CR",117.93]
[39664,"TUBO DE COBRE FLEXIVEL, D = 3/8 \", E = 0,79 MM, PARA AR-CONDICIONADO/ INSTALACOES GAS RESIDENCIAIS E COMERCIAIS","M     ","CR",57.8]
[39663,"TUBO DE COBRE FLEXIVEL, D = 5/16 \", E = 0,79 MM, PARA AR-CONDICIONADO/ INSTALACOES GAS RESIDENCIAIS E COMERCIAIS","M     ","CR",46.21]
[39665,"TUBO DE COBRE FLEXIVEL, D = 5/8 \", E = 0,79 MM, PARA AR-CONDICIONADO/ INSTALACOES GAS RESIDENCIAIS E COMERCIAIS","M     ","CR",97.51]
[39752,"TUBO DE COBRE, CLASSE \"A\", DN = 2\" (54 MM), PARA INSTALACOES DE MEDIA PRESSAO PARA GASES COMBUSTIVEIS E MEDICINAIS","M     ","CR",490.28]
[7725,"TUBO DE CONCRETO ARMADO PARA AGUAS PLUVIAIS, CLASSE PA-1, COM ENCAIXE PONTA E BOLSA, DIAMETRO NOMINAL DE = 600 MM","M     ","C ",190]
[7753,"TUBO DE CONCRETO ARMADO PARA AGUAS PLUVIAIS, CLASSE PA-1, COM ENCAIXE PONTA E BOLSA, DIAMETRO NOMINAL DE 1000 MM","M     ","CR",370.42]
[13256,"TUBO DE CONCRETO ARMADO PARA AGUAS PLUVIAIS, CLASSE PA-1, COM ENCAIXE PONTA E BOLSA, DIAMETRO NOMINAL DE 1100 MM","M     ","CR",518.9]
[7757,"TUBO DE CONCRETO ARMADO PARA AGUAS PLUVIAIS, CLASSE PA-1, COM ENCAIXE PONTA E BOLSA, DIAMETRO NOMINAL DE 1200 MM","M     ","CR",553.23]
[7758,"TUBO DE CONCRETO ARMADO PARA AGUAS PLUVIAIS, CLASSE PA-1, COM ENCAIXE PONTA E BOLSA, DIAMETRO NOMINAL DE 1500 MM","M     ","CR",801.51]
[7759,"TUBO DE CONCRETO ARMADO PARA AGUAS PLUVIAIS, CLASSE PA-1, COM ENCAIXE PONTA E BOLSA, DIAMETRO NOMINAL DE 2000 MM","M     ","CR",2220.98]
[40334,"TUBO DE CONCRETO ARMADO PARA AGUAS PLUVIAIS, CLASSE PA-1, COM ENCAIXE PONTA E BOLSA, DIAMETRO NOMINAL DE 300 MM","M     ","CR",87.01]
[7745,"TUBO DE CONCRETO ARMADO PARA AGUAS PLUVIAIS, CLASSE PA-1, COM ENCAIXE PONTA E BOLSA, DIAMETRO NOMINAL DE 400 MM","M     ","CR",98.19]
[7714,"TUBO DE CONCRETO ARMADO PARA AGUAS PLUVIAIS, CLASSE PA-1, COM ENCAIXE PONTA E BOLSA, DIAMETRO NOMINAL DE 500 MM","M     ","CR",117.35]
[7742,"TUBO DE CONCRETO ARMADO PARA AGUAS PLUVIAIS, CLASSE PA-1, COM ENCAIXE PONTA E BOLSA, DIAMETRO NOMINAL DE 700 MM","M     ","CR",258.97000000000003]
[7750,"TUBO DE CONCRETO ARMADO PARA AGUAS PLUVIAIS, CLASSE PA-1, COM ENCAIXE PONTA E BOLSA, DIAMETRO NOMINAL DE 800 MM","M     ","CR",316.13]
[7756,"TUBO DE CONCRETO ARMADO PARA AGUAS PLUVIAIS, CLASSE PA-1, COM ENCAIXE PONTA E BOLSA, DIAMETRO NOMINAL DE 900 MM","M     ","CR",363.23]
[7765,"TUBO DE CONCRETO ARMADO PARA AGUAS PLUVIAIS, CLASSE PA-2, COM ENCAIXE PONTA E BOLSA, DIAMETRO NOMINAL DE 1000 MM","M     ","CR",407.14]
[12569,"TUBO DE CONCRETO ARMADO PARA AGUAS PLUVIAIS, CLASSE PA-2, COM ENCAIXE PONTA E BOLSA, DIAMETRO NOMINAL DE 1100 MM","M     ","CR",562.01]
[7766,"TUBO DE CONCRETO ARMADO PARA AGUAS PLUVIAIS, CLASSE PA-2, COM ENCAIXE PONTA E BOLSA, DIAMETRO NOMINAL DE 1200 MM","M     ","CR",597.14]
[7767,"TUBO DE CONCRETO ARMADO PARA AGUAS PLUVIAIS, CLASSE PA-2, COM ENCAIXE PONTA E BOLSA, DIAMETRO NOMINAL DE 1500 MM","M     ","CR",857.39]
[7727,"TUBO DE CONCRETO ARMADO PARA AGUAS PLUVIAIS, CLASSE PA-2, COM ENCAIXE PONTA E BOLSA, DIAMETRO NOMINAL DE 2000 MM","M     ","CR",2490.75]
[7760,"TUBO DE CONCRETO ARMADO PARA AGUAS PLUVIAIS, CLASSE PA-2, COM ENCAIXE PONTA E BOLSA, DIAMETRO NOMINAL DE 300 MM","M     ","CR",98.99]
[7761,"TUBO DE CONCRETO ARMADO PARA AGUAS PLUVIAIS, CLASSE PA-2, COM ENCAIXE PONTA E BOLSA, DIAMETRO NOMINAL DE 400 MM","M     ","CR",103.78]
[7752,"TUBO DE CONCRETO ARMADO PARA AGUAS PLUVIAIS, CLASSE PA-2, COM ENCAIXE PONTA E BOLSA, DIAMETRO NOMINAL DE 500 MM","M     ","CR",126.13]
[7762,"TUBO DE CONCRETO ARMADO PARA AGUAS PLUVIAIS, CLASSE PA-2, COM ENCAIXE PONTA E BOLSA, DIAMETRO NOMINAL DE 600 MM","M     ","CR",164.85]
[7722,"TUBO DE CONCRETO ARMADO PARA AGUAS PLUVIAIS, CLASSE PA-2, COM ENCAIXE PONTA E BOLSA, DIAMETRO NOMINAL DE 700 MM","M     ","CR",252.26]
[7763,"TUBO DE CONCRETO ARMADO PARA AGUAS PLUVIAIS, CLASSE PA-2, COM ENCAIXE PONTA E BOLSA, DIAMETRO NOMINAL DE 800 MM","M     ","CR",307.35000000000002]
[7764,"TUBO DE CONCRETO ARMADO PARA AGUAS PLUVIAIS, CLASSE PA-2, COM ENCAIXE PONTA E BOLSA, DIAMETRO NOMINAL DE 900 MM","M     ","CR",367.22]
[12572,"TUBO DE CONCRETO ARMADO PARA AGUAS PLUVIAIS, CLASSE PA-3, COM ENCAIXE PONTA E BOLSA, DIAMETRO NOMINAL DE 1000 MM","M     ","CR",518.9]
[12573,"TUBO DE CONCRETO ARMADO PARA AGUAS PLUVIAIS, CLASSE PA-3, COM ENCAIXE PONTA E BOLSA, DIAMETRO NOMINAL DE 1100 MM","M     ","CR",682.56]
[12574,"TUBO DE CONCRETO ARMADO PARA AGUAS PLUVIAIS, CLASSE PA-3, COM ENCAIXE PONTA E BOLSA, DIAMETRO NOMINAL DE 1200 MM","M     ","CR",825.3]
[12575,"TUBO DE CONCRETO ARMADO PARA AGUAS PLUVIAIS, CLASSE PA-3, COM ENCAIXE PONTA E BOLSA, DIAMETRO NOMINAL DE 1500 MM","M     ","CR",1253.3599999999999]
[12576,"TUBO DE CONCRETO ARMADO PARA AGUAS PLUVIAIS, CLASSE PA-3, COM ENCAIXE PONTA E BOLSA, DIAMETRO NOMINAL DE 400 MM","M     ","CR",151.68]
[12577,"TUBO DE CONCRETO ARMADO PARA AGUAS PLUVIAIS, CLASSE PA-3, COM ENCAIXE PONTA E BOLSA, DIAMETRO NOMINAL DE 500 MM","M     ","CR",204.36]
[12578,"TUBO DE CONCRETO ARMADO PARA AGUAS PLUVIAIS, CLASSE PA-3, COM ENCAIXE PONTA E BOLSA, DIAMETRO NOMINAL DE 600 MM","M     ","CR",247.47]
[12579,"TUBO DE CONCRETO ARMADO PARA AGUAS PLUVIAIS, CLASSE PA-3, COM ENCAIXE PONTA E BOLSA, DIAMETRO NOMINAL DE 700 MM","M     ","CR",426.3]
[12580,"TUBO DE CONCRETO ARMADO PARA AGUAS PLUVIAIS, CLASSE PA-3, COM ENCAIXE PONTA E BOLSA, DIAMETRO NOMINAL DE 800 MM","M     ","CR",444.18]
[12581,"TUBO DE CONCRETO ARMADO PARA AGUAS PLUVIAIS, CLASSE PA-3, COM ENCAIXE PONTA E BOLSA, DIAMETRO NOMINAL DE 900 MM","M     ","CR",475.79]
[7720,"TUBO DE CONCRETO ARMADO PARA ESGOTO SANITARIO, CLASSE EA-2, COM ENCAIXE PONTA E BOLSA, COM JUNTA ELASTICA, DIAMETRO NOMINAL DE 1000 MM","M     ","CR",744.03]
[40335,"TUBO DE CONCRETO ARMADO PARA ESGOTO SANITARIO, CLASSE EA-2, COM ENCAIXE PONTA E BOLSA, COM JUNTA ELASTICA, DIAMETRO NOMINAL DE 300 MM","M     ","CR",155.66999999999999]
[7740,"TUBO DE CONCRETO ARMADO PARA ESGOTO SANITARIO, CLASSE EA-2, COM ENCAIXE PONTA E BOLSA, COM JUNTA ELASTICA, DIAMETRO NOMINAL DE 400 MM","M     ","CR",159.66]
[7741,"TUBO DE CONCRETO ARMADO PARA ESGOTO SANITARIO, CLASSE EA-2, COM ENCAIXE PONTA E BOLSA, COM JUNTA ELASTICA, DIAMETRO NOMINAL DE 500 MM","M     ","CR",295.37]
[7774,"TUBO DE CONCRETO ARMADO PARA ESGOTO SANITARIO, CLASSE EA-2, COM ENCAIXE PONTA E BOLSA, COM JUNTA ELASTICA, DIAMETRO NOMINAL DE 600 MM","M     ","CR",362.43]
[7744,"TUBO DE CONCRETO ARMADO PARA ESGOTO SANITARIO, CLASSE EA-2, COM ENCAIXE PONTA E BOLSA, COM JUNTA ELASTICA, DIAMETRO NOMINAL DE 700 MM","M     ","CR",473.4]
[7773,"TUBO DE CONCRETO ARMADO PARA ESGOTO SANITARIO, CLASSE EA-2, COM ENCAIXE PONTA E BOLSA, COM JUNTA ELASTICA, DIAMETRO NOMINAL DE 800 MM","M     ","CR",483.86]
[7754,"TUBO DE CONCRETO ARMADO PARA ESGOTO SANITARIO, CLASSE EA-2, COM ENCAIXE PONTA E BOLSA, COM JUNTA ELASTICA, DIAMETRO NOMINAL DE 900 MM","M     ","CR",733.65]
[7735,"TUBO DE CONCRETO ARMADO PARA ESGOTO SANITARIO, CLASSE EA-3, COM ENCAIXE PONTA E BOLSA, COM JUNTA ELASTICA, DIAMETRO NOMINAL DE 1000 MM","M     ","CR",950]
[7755,"TUBO DE CONCRETO ARMADO PARA ESGOTO SANITARIO, CLASSE EA-3, COM ENCAIXE PONTA E BOLSA, COM JUNTA ELASTICA, DIAMETRO NOMINAL DE 400 MM","M     ","CR",188.4]
[7776,"TUBO DE CONCRETO ARMADO PARA ESGOTO SANITARIO, CLASSE EA-3, COM ENCAIXE PONTA E BOLSA, COM JUNTA ELASTICA, DIAMETRO NOMINAL DE 500 MM","M     ","CR",392.77]
[7743,"TUBO DE CONCRETO ARMADO PARA ESGOTO SANITARIO, CLASSE EA-3, COM ENCAIXE PONTA E BOLSA, COM JUNTA ELASTICA, DIAMETRO NOMINAL DE 600 MM","M     ","CR",415.92]
[7733,"TUBO DE CONCRETO ARMADO PARA ESGOTO SANITARIO, CLASSE EA-3, COM ENCAIXE PONTA E BOLSA, COM JUNTA ELASTICA, DIAMETRO NOMINAL DE 700 MM","M     ","CR",542.85]
[7775,"TUBO DE CONCRETO ARMADO PARA ESGOTO SANITARIO, CLASSE EA-3, COM ENCAIXE PONTA E BOLSA, COM JUNTA ELASTICA, DIAMETRO NOMINAL DE 800 MM","M     ","CR",594.74]
[7734,"TUBO DE CONCRETO ARMADO PARA ESGOTO SANITARIO, CLASSE EA-3, COM ENCAIXE PONTA E BOLSA, COM JUNTA ELASTICA, DIAMETRO NOMINAL DE 900 MM","M     ","CR",842.22]
[37449,"TUBO DE CONCRETO SIMPLES PARA AGUAS PLUVIAIS, CLASSE PS1, COM ENCAIXE MACHO E FEMEA, DIAMETRO NOMINAL DE 200 MM","M     ","AS",35.67]
[37450,"TUBO DE CONCRETO SIMPLES PARA AGUAS PLUVIAIS, CLASSE PS1, COM ENCAIXE MACHO E FEMEA, DIAMETRO NOMINAL DE 300 MM","M     ","AS",49.94]
[37451,"TUBO DE CONCRETO SIMPLES PARA AGUAS PLUVIAIS, CLASSE PS1, COM ENCAIXE MACHO E FEMEA, DIAMETRO NOMINAL DE 400 MM","M     ","AS",69.72]
[37452,"TUBO DE CONCRETO SIMPLES PARA AGUAS PLUVIAIS, CLASSE PS1, COM ENCAIXE MACHO E FEMEA, DIAMETRO NOMINAL DE 500 MM","M     ","AS",101.35]
[37453,"TUBO DE CONCRETO SIMPLES PARA AGUAS PLUVIAIS, CLASSE PS1, COM ENCAIXE MACHO E FEMEA, DIAMETRO NOMINAL DE 600 MM","M     ","AS",116.71]
[7778,"TUBO DE CONCRETO SIMPLES PARA AGUAS PLUVIAIS, CLASSE PS1, COM ENCAIXE PONTA E BOLSA, DIAMETRO NOMINAL DE 200 MM","M     ","AS",43.78]
[7796,"TUBO DE CONCRETO SIMPLES PARA AGUAS PLUVIAIS, CLASSE PS1, COM ENCAIXE PONTA E BOLSA, DIAMETRO NOMINAL DE 300 MM","M     ","AS",60]
[7781,"TUBO DE CONCRETO SIMPLES PARA AGUAS PLUVIAIS, CLASSE PS1, COM ENCAIXE PONTA E BOLSA, DIAMETRO NOMINAL DE 400 MM","M     ","AS",70.900000000000006]
[7795,"TUBO DE CONCRETO SIMPLES PARA AGUAS PLUVIAIS, CLASSE PS1, COM ENCAIXE PONTA E BOLSA, DIAMETRO NOMINAL DE 500 MM","M     ","AS",105.52]
[7791,"TUBO DE CONCRETO SIMPLES PARA AGUAS PLUVIAIS, CLASSE PS1, COM ENCAIXE PONTA E BOLSA, DIAMETRO NOMINAL DE 600 MM","M     ","AS",126.32]
[7783,"TUBO DE CONCRETO SIMPLES PARA AGUAS PLUVIAIS, CLASSE PS2, COM ENCAIXE PONTA E BOLSA, DIAMETRO NOMINAL DE 200 MM","M     ","AS",44.76]
[7790,"TUBO DE CONCRETO SIMPLES PARA AGUAS PLUVIAIS, CLASSE PS2, COM ENCAIXE PONTA E BOLSA, DIAMETRO NOMINAL DE 300 MM","M     ","AS",70.540000000000006]
[7785,"TUBO DE CONCRETO SIMPLES PARA AGUAS PLUVIAIS, CLASSE PS2, COM ENCAIXE PONTA E BOLSA, DIAMETRO NOMINAL DE 400 MM","M     ","AS",77.83]
[7792,"TUBO DE CONCRETO SIMPLES PARA AGUAS PLUVIAIS, CLASSE PS2, COM ENCAIXE PONTA E BOLSA, DIAMETRO NOMINAL DE 500 MM","M     ","AS",110.39]
[7793,"TUBO DE CONCRETO SIMPLES PARA AGUAS PLUVIAIS, CLASSE PS2, COM ENCAIXE PONTA E BOLSA, DIAMETRO NOMINAL DE 600 MM","M     ","AS",130.37]
[13159,"TUBO DE CONCRETO SIMPLES PARA ESGOTO SANITARIO, CLASSE ES, COM ENCAIXE PONTA E BOLSA, COM JUNTA ELASTICA, DIAMETRO NOMINAL DE 400 MM","M     ","AS",113.51]
[13168,"TUBO DE CONCRETO SIMPLES PARA ESGOTO SANITARIO, CLASSE ES, COM ENCAIXE PONTA E BOLSA, COM JUNTA ELASTICA, DIAMETRO NOMINAL DE 500 MM","M     ","AS",137.83000000000001]
[13173,"TUBO DE CONCRETO SIMPLES PARA ESGOTO SANITARIO, CLASSE ES, COM ENCAIXE PONTA E BOLSA, COM JUNTA ELASTICA, DIAMETRO NOMINAL DE 600 MM","M     ","AS",186.48]
[12583,"TUBO DE CONCRETO SIMPLES POROSO PARA DRENAGEM (DRENO POROSO), COM ENCAIXE MACHO E FEMEA, DIAMETRO NOMINAL DE 200 MM","M     ","AS",37.29]
[12584,"TUBO DE CONCRETO SIMPLES POROSO PARA DRENAGEM (DRENO POROSO), COM ENCAIXE MACHO E FEMEA, DIAMETRO NOMINAL DE 300 MM","M     ","AS",48.64]
[12613,"TUBO DE DESCARGA, TIPO BENGALA, PARA LIGACAO CAIXA DE DESCARGA - EMBUTIR, PVC, 40 MM X 150 CM","UN    ","CR",17.52]
[1031,"TUBO DE DESCIDA EXTERNO DE PVC PARA CAIXA DE DESCARGA EXTERNA ALTA - 40 MM X 1,60 M","UN    ","CR",13.32]
[39707,"TUBO DE ESPUMA DE POLIETILENO EXPANDIDO FLEXIVEL PARA ISOLAMENTO TERMICO DE TUBULACAO DE AR CONDICIONADO, AGUA QUENTE,  DN 1 1/2\", E= 10 MM","M     ","AS",4.21]
[39708,"TUBO DE ESPUMA DE POLIETILENO EXPANDIDO FLEXIVEL PARA ISOLAMENTO TERMICO DE TUBULACAO DE AR CONDICIONADO, AGUA QUENTE,  DN 1 1/4\", E= 10 MM","M     ","AS",4.08]
[39710,"TUBO DE ESPUMA DE POLIETILENO EXPANDIDO FLEXIVEL PARA ISOLAMENTO TERMICO DE TUBULACAO DE AR CONDICIONADO, AGUA QUENTE,  DN 1 1/8\", E= 10 MM","M     ","AS",2.87]
[39709,"TUBO DE ESPUMA DE POLIETILENO EXPANDIDO FLEXIVEL PARA ISOLAMENTO TERMICO DE TUBULACAO DE AR CONDICIONADO, AGUA QUENTE,  DN 1 3/8\", E= 10 MM","M     ","AS",3.99]
[39711,"TUBO DE ESPUMA DE POLIETILENO EXPANDIDO FLEXIVEL PARA ISOLAMENTO TERMICO DE TUBULACAO DE AR CONDICIONADO, AGUA QUENTE,  DN 1 5/8\", E= 10 MM","M     ","AS",4.4800000000000004]
[39712,"TUBO DE ESPUMA DE POLIETILENO EXPANDIDO FLEXIVEL PARA ISOLAMENTO TERMICO DE TUBULACAO DE AR CONDICIONADO, AGUA QUENTE,  DN 1/2\", E= 10 MM","M     ","AS",1.57]
[39713,"TUBO DE ESPUMA DE POLIETILENO EXPANDIDO FLEXIVEL PARA ISOLAMENTO TERMICO DE TUBULACAO DE AR CONDICIONADO, AGUA QUENTE,  DN 1/4\", E= 10 MM","M     ","AS",1.24]
[39714,"TUBO DE ESPUMA DE POLIETILENO EXPANDIDO FLEXIVEL PARA ISOLAMENTO TERMICO DE TUBULACAO DE AR CONDICIONADO, AGUA QUENTE,  DN 1\", E= 10 MM","M     ","AS",2.84]
[39715,"TUBO DE ESPUMA DE POLIETILENO EXPANDIDO FLEXIVEL PARA ISOLAMENTO TERMICO DE TUBULACAO DE AR CONDICIONADO, AGUA QUENTE,  DN 3/4\", E= 10 MM","M     ","AS",2.02]
[39716,"TUBO DE ESPUMA DE POLIETILENO EXPANDIDO FLEXIVEL PARA ISOLAMENTO TERMICO DE TUBULACAO DE AR CONDICIONADO, AGUA QUENTE,  DN 3/8\", E= 10 MM","M     ","AS",1.53]
[39718,"TUBO DE ESPUMA DE POLIETILENO EXPANDIDO FLEXIVEL PARA ISOLAMENTO TERMICO DE TUBULACAO DE AR CONDICIONADO, AGUA QUENTE,  DN 7/8\", E= 10 MM","M     ","AS",2.61]
[9813,"TUBO DE POLIETILENO DE ALTA DENSIDADE (PEAD), PE-80, DE = 20 MM X 2,3 MM DE PAREDE, PARA LIGACAO DE AGUA PREDIAL (NBR 15561)","M     ","AS",5.66]
[9815,"TUBO DE POLIETILENO DE ALTA DENSIDADE (PEAD), PE-80, DE = 32 MM X 3,0 MM DE PAREDE, PARA LIGACAO DE AGUA PREDIAL (NBR 15561)","M     ","AS",11.17]
[44543,"TUBO DE POLIETILENO DE ALTA DENSIDADE, PEAD, PE-80, DE = 1000 MM X 38,5 MM PAREDE, ( SDR 26 - PN 05 ) PARA REDE DE AGUA OU ESGOTO ( NBR 15561)","M     ","AS",5561.89]
[44526,"TUBO DE POLIETILENO DE ALTA DENSIDADE, PEAD, PE-80, DE = 110 MM X 10,0 MM PAREDE, ( SDR 11 - PN 12,5 ) PARA REDE DE AGUA OU ESGOTO ( NBR 15561)","M     ","AS",136.31]
[44518,"TUBO DE POLIETILENO DE ALTA DENSIDADE, PEAD, PE-80, DE = 1200 MM X 37,2 MM PAREDE ( SDR 32,25 - PN 04 ) PARA REDE DE AGUA OU ESGOTO ( NBR 15561)","M     ","AS",4094.72]
[44544,"TUBO DE POLIETILENO DE ALTA DENSIDADE, PEAD, PE-80, DE = 1400 MM X 42,9 MM PAREDE, (SDR 32,25 - PN 04 ) PARA REDE DE AGUA OU ESGOTO ( NBR 15561)","M     ","AS",1990.68]
[44545,"TUBO DE POLIETILENO DE ALTA DENSIDADE, PEAD, PE-80, DE = 160 MM X 14,6 MM PAREDE, (SDR 11 - PN 12,5 ) PARA REDE DE AGUA OU ESGOTO ( NBR 15561)","M     ","AS",292.60000000000002]
[44546,"TUBO DE POLIETILENO DE ALTA DENSIDADE, PEAD, PE-80, DE = 1600 MM X 49,0 MM PAREDE, ( SDR 32,25 - PN 04 ) PARA REDE DE AGUA OU ESGOTO ( NBR 15561)","M     ","AS",1306.77]
[44525,"TUBO DE POLIETILENO DE ALTA DENSIDADE, PEAD, PE-80, DE = 900 MM X 34,7 MM PAREDE, ( SDR 26 - PN 05 ) PARA REDE DE AGUA OU ESGOTO ( NBR 15561)","M     ","AS",5044.6000000000004]
[44547,"TUBO DE POLIETILENO DE ALTA DENSIDADE, PEAD, PE-80, DE= 200 MM X 18,2 MM PAREDE, ( SDR 11 - PN 12,5 ) PARA REDE DE AGUA OU ESGOTO ( NBR 15561)","M     ","AS",456.13]
[44519,"TUBO DE POLIETILENO DE ALTA DENSIDADE, PEAD, PE-80, DE= 315 MM X 28,7 MM PAREDE, ( SDR 11 - PN 12,5 ) PARA REDE DE AGUA OU ESGOTO ( NBR 15561)","M     ","AS",1117.6300000000001]
[44520,"TUBO DE POLIETILENO DE ALTA DENSIDADE, PEAD, PE-80, DE= 400 MM X 36,4 MM PAREDE, ( SDR 11 - PN 12,5 ) PARA REDE DE AGUA OU ESGOTO ( NBR 15561)","M     ","AS",1800.1]
[44521,"TUBO DE POLIETILENO DE ALTA DENSIDADE, PEAD, PE-80, DE= 50 MM X 4,6 MM PAREDE, (SDR 11 - PN 12,5) PARA REDE DE AGUA OU ESGOTO ( NBR 15561)","M     ","AS",29.04]
[44522,"TUBO DE POLIETILENO DE ALTA DENSIDADE, PEAD, PE-80, DE= 500 MM X 45,5 MM PAREDE, ( SDR 11 - PN 12,5 ) PARA REDE DE AGUA OU ESGOTO ( NBR 15561)","M     ","AS",3160.3]
[44523,"TUBO DE POLIETILENO DE ALTA DENSIDADE, PEAD, PE-80, DE= 630 MM X 57,3 MM PAREDE (SDR 11 - PN 12,5 ) PARA REDE DE AGUA OU ESGOTO ( NBR 15561)","M     ","AS",4700.26]
[44527,"TUBO DE POLIETILENO DE ALTA DENSIDADE, PEAD, PE-80, DE= 730 MM X 34,1 MM PAREDE, ( SDR 21 - PN 06 ) PARA REDE DE AGUA OU ESGOTO ( NBR 15561)","M     ","AS",2357.06]
[44524,"TUBO DE POLIETILENO DE ALTA DENSIDADE, PEAD, PE-80, DE= 75 MM X 6,9 MM PAREDE, ( SRD 11 - PN 12,5 ) PARA REDE DE AGUA OU ESGOTO ( NBR 15561)","M     ","AS",64.94]
[44542,"TUBO DE POLIETILENO DE ALTA DENSIDADE, PEAD, PE-80, DE= 800 MM X 30,8 MM PAREDE, ( SDR 26 - PN 05 ) PARA REDE DE AGUA OU ESGOTO ( NBR 15561)","M     ","AS",3075.17]
[9877,"TUBO DE PVC, PBL, TIPO LEVE, DN = 250 MM,  PARA VENTILACAO","M     ","CR",123.14]
[9878,"TUBO DE PVC, PBL, TIPO LEVE, DN = 300 MM,  PARA VENTILACAO","M     ","CR",151.59]
[41986,"TUBO DE REVESTIMENTO, EM ACO, CORPO SCHEDULE 40, PONTEIRA SCHEDULE 80, ROSQUEAVEL E SEGMENTADO PARA PERFURACAO, DIAMETRO 10'' (310 MM)","M     ","CR",4070.72]
[43422,"TUBO DE REVESTIMENTO, EM ACO, CORPO SCHEDULE 40, PONTEIRA SCHEDULE 80, ROSQUEAVEL E SEGMENTADO PARA PERFURACAO, DIAMETRO 12\" (320 MM)","M     ","CR",4992.33]
[41987,"TUBO DE REVESTIMENTO, EM ACO, CORPO SCHEDULE 40, PONTEIRA SCHEDULE 80, ROSQUEAVEL E SEGMENTADO PARA PERFURACAO, DIAMETRO 14'' (400 MM)","M     ","CR",5786.53]
[41988,"TUBO DE REVESTIMENTO, EM ACO, CORPO SCHEDULE 40, PONTEIRA SCHEDULE 80, ROSQUEAVEL E SEGMENTADO PARA PERFURACAO, DIAMETRO 16'' (450 MM)","M     ","CR",7643.18]
[41697,"TUBO DE REVESTIMENTO, EM ACO, CORPO SCHEDULE 40, PONTEIRA SCHEDULE 80, ROSQUEAVEL E SEGMENTADO PARA PERFURACAO, DIAMETRO 4'' (450 MM)","M     ","CR",1354.73]
[41985,"TUBO DE REVESTIMENTO, EM ACO, CORPO SCHEDULE 40, PONTEIRA SCHEDULE 80, ROSQUEAVEL E SEGMENTADO PARA PERFURACAO, DIAMETRO 6'' (200 MM)","M     ","CR",1886.78]
[41699,"TUBO DE REVESTIMENTO, EM ACO, CORPO SCHEDULE 40, PONTEIRA SCHEDULE 80, ROSQUEAVEL E SEGMENTADO PARA PERFURACAO, DIAMETRO 8'' (200 MM)","M     ","CR",2686.67]
[38053,"TUBO DRENO, CORRUGADO, ESPIRALADO, FLEXIVEL, PERFURADO, EM POLIETILENO DE ALTA DENSIDADE (PEAD), DN *160* MM, (6\") PARA DRENAGEM - EM BARRA (NORMA DNIT 093/2006 - EM)","M     ","AS",23.38]
[38054,"TUBO DRENO, CORRUGADO, ESPIRALADO, FLEXIVEL, PERFURADO, EM POLIETILENO DE ALTA DENSIDADE (PEAD), DN *200* MM, (8\") PARA DRENAGEM - EM BARRA (NORMA DNIT 093/2006 - EM)","M     ","AS",40.19]
[38052,"TUBO DRENO, CORRUGADO, ESPIRALADO, FLEXIVEL, PERFURADO, EM POLIETILENO DE ALTA DENSIDADE (PEAD), DN 100 MM, (4\") PARA DRENAGEM - EM ROLO (NORMA DNIT 093/2006 - E.M)","M     ","AS",11.32]
[38051,"TUBO DRENO, CORRUGADO, ESPIRALADO, FLEXIVEL, PERFURADO, EM POLIETILENO DE ALTA DENSIDADE (PEAD), DN 65 MM, (2 1/2\") PARA DRENAGEM - EM ROLO (NORMA DNIT 093/2006 - EM)","M     ","AS",7.06]
[38787,"TUBO MONOCAMADA PEX, DN 16 MM, PARA AGUA QUENTE E FRIA","M     ","AS",5.69]
[38825,"TUBO MONOCAMADA PEX, DN 20 MM, PARA AGUA QUENTE E FRIA","M     ","AS",7.35]
[38826,"TUBO MONOCAMADA PEX, DN 25 MM, PARA AGUA QUENTE E FRIA","M     ","AS",10.46]
[38827,"TUBO MONOCAMADA PEX, DN 32 MM, PARA AGUA QUENTE E FRIA","M     ","AS",17.11]
[38830,"TUBO MULTICAMADA PEX, DN *26* MM, PARA INSTALACOES A GAS (AMARELO)","M     ","AS",24.85]
[38828,"TUBO MULTICAMADA PEX, DN 16 MM, PARA INSTALACOES A GAS (AMARELO)","M     ","AS",10.96]
[38829,"TUBO MULTICAMADA PEX, DN 20 MM, PARA INSTALACOES A GAS (AMARELO)","M     ","AS",17.95]
[38831,"TUBO MULTICAMADA PEX, DN 32 MM, PARA INSTALACOES A GAS (AMARELO)","M     ","AS",34.659999999999997]
[36274,"TUBO PPR PN 20, DN 20 MM, PARA AGUA QUENTE PREDIAL","M     ","AS",9.2899999999999991]
[36278,"TUBO PPR PN 20, DN 25 MM, PARA AGUA QUENTE PREDIAL","M     ","AS",12.6]
[38977,"TUBO PPR, CLASSE PN 12, DN 110 MM","M     ","AS",123.24]
[38971,"TUBO PPR, CLASSE PN 12, DN 32 MM","M     ","AS",10.34]
[38972,"TUBO PPR, CLASSE PN 12, DN 40 MM","M     ","AS",13.94]
[38973,"TUBO PPR, CLASSE PN 12, DN 50 MM","M     ","AS",23.04]
[38974,"TUBO PPR, CLASSE PN 12, DN 63 MM","M     ","AS",37.42]
[38975,"TUBO PPR, CLASSE PN 12, DN 75 MM","M     ","AS",47.98]
[38976,"TUBO PPR, CLASSE PN 12, DN 90 MM","M     ","AS",82.49]
[44176,"TUBO PPR, CLASSE PN 20, SOLDAVEL, DN 32 MM PARA AGUA FRIA OU QUENTE PREDIAL","M     ","AS",18.96]
[38986,"TUBO PPR, CLASSE PN 25, DN 110 MM, PARA AGUA QUENTE E FRIA PREDIAL","M     ","AS",249]
[38978,"TUBO PPR, CLASSE PN 25, DN 20 MM, PARA AGUA QUENTE E FRIA PREDIAL","M     ","AS",10.210000000000001]
[38979,"TUBO PPR, CLASSE PN 25, DN 25 MM, PARA AGUA QUENTE E FRIA PREDIAL","M     ","AS",14.12]
[38980,"TUBO PPR, CLASSE PN 25, DN 32 MM, PARA AGUA QUENTE E FRIA PREDIAL","M     ","AS",18.899999999999999]
[38981,"TUBO PPR, CLASSE PN 25, DN 40 MM, PARA AGUA QUENTE E FRIA PREDIAL","M     ","AS",27.27]
[38982,"TUBO PPR, CLASSE PN 25, DN 50 MM, PARA AGUA QUENTE E FRIA PREDIAL","M     ","AS",43.09]
[38983,"TUBO PPR, CLASSE PN 25, DN 63 MM, PARA AGUA QUENTE E FRIA PREDIAL","M     ","AS",75.819999999999993]
[38984,"TUBO PPR, CLASSE PN 25, DN 75 MM, PARA AGUA QUENTE E FRIA PREDIAL","M     ","AS",104.22]
[38985,"TUBO PPR, CLASSE PN 25, DN 90 MM, PARA AGUA QUENTE E FRIA PREDIAL","M     ","AS",179.19]
[9836,"TUBO PVC  SERIE NORMAL, DN 100 MM, PARA ESGOTO  PREDIAL (NBR 5688)","M     ","C ",14.84]
[20065,"TUBO PVC  SERIE NORMAL, DN 150 MM, PARA ESGOTO  PREDIAL (NBR 5688)","M     ","CR",38.79]
[9835,"TUBO PVC  SERIE NORMAL, DN 40 MM, PARA ESGOTO  PREDIAL (NBR 5688)","M     ","CR",6.48]
[38032,"TUBO PVC CORRUGADO, PAREDE DUPLA, JE, DN 150 MM/ DE 160 MM, REDE COLETORA ESGOTO","M     ","CR",58.64]
[38033,"TUBO PVC CORRUGADO, PAREDE DUPLA, JE, DN 200 MM/ DE 200 MM, REDE COLETORA ESGOTO","M     ","CR",99.68]
[38034,"TUBO PVC CORRUGADO, PAREDE DUPLA, JE, DN 250 MM/ DE 250 MM, REDE COLETORA ESGOTO","M     ","CR",156.15]
[38035,"TUBO PVC CORRUGADO, PAREDE DUPLA, JE, DN 300 MM/ DE 315 MM , REDE COLETORA ESGOTO","M     ","CR",229.71]
[38036,"TUBO PVC CORRUGADO, PAREDE DUPLA, JE, DN 350 MM/ DE 355 MM, REDE COLETORA ESGOTO","M     ","CR",309.45]
[38037,"TUBO PVC CORRUGADO, PAREDE DUPLA, JE, DN 400 MM/ DE 400 MM, REDE COLETORA ESGOTO","M     ","CR",408.74]
[9850,"TUBO PVC DE REVESTIMENTO GEOMECANICO NERVURADO REFORCADO, DN = 150 MM, COMPRIMENTO = 2 M","M     ","AS",147.75]
[9853,"TUBO PVC DE REVESTIMENTO GEOMECANICO NERVURADO REFORCADO, DN = 200 MM, COMPRIMENTO = 2 M","M     ","AS",262.74]
[9854,"TUBO PVC DE REVESTIMENTO GEOMECANICO NERVURADO STANDARD, DN = 154 MM, COMPRIMENTO = 2 M","M     ","AS",115.12]
[9851,"TUBO PVC DE REVESTIMENTO GEOMECANICO NERVURADO STANDARD, DN = 206 MM, COMPRIMENTO = 2 M","M     ","AS",199.62]
[9855,"TUBO PVC DE REVESTIMENTO GEOMECANICO NERVURADO STANDARD, DN = 250 MM, COMPRIMENTO = 2 M","M     ","AS",333.89]
[9825,"TUBO PVC DEFOFO, JEI, 1 MPA, DN 100 MM, PARA REDE DE AGUA (NBR 7665)","M     ","AS",49.6]
[9828,"TUBO PVC DEFOFO, JEI, 1 MPA, DN 150 MM, PARA REDE DE  AGUA (NBR 7665)","M     ","AS",133.47]
[9829,"TUBO PVC DEFOFO, JEI, 1 MPA, DN 200 MM, PARA REDE DE AGUA (NBR 7665)","M     ","AS",226.2]
[9826,"TUBO PVC DEFOFO, JEI, 1 MPA, DN 250 MM, PARA REDE DE AGUA (NBR 7665)","M     ","AS",344.36]
[9827,"TUBO PVC DEFOFO, JEI, 1 MPA, DN 300 MM, PARA REDE DE AGUA (NBR 7665)","M     ","AS",488.99]
[36374,"TUBO PVC PBA JEI, CLASSE 12, DN 100 MM, PARA REDE DE AGUA (NBR 5647)","M     ","AS",59.44]
[36084,"TUBO PVC PBA JEI, CLASSE 12, DN 50 MM, PARA REDE DE AGUA (NBR 5647)","M     ","AS",17.61]
[36373,"TUBO PVC PBA JEI, CLASSE 12, DN 75 MM, PARA REDE DE AGUA (NBR 5647)","M     ","AS",36.57]
[36377,"TUBO PVC PBA JEI, CLASSE 15, DN 100 MM, PARA REDE DE AGUA (NBR 5647)","M     ","AS",71.3]
[36375,"TUBO PVC PBA JEI, CLASSE 15, DN 50 MM, PARA REDE DE AGUA (NBR 5647)","M     ","AS",21.73]
[36376,"TUBO PVC PBA JEI, CLASSE 15, DN 75 MM, PARA REDE DE AGUA (NBR 5647)","M     ","AS",42.68]
[36380,"TUBO PVC PBA JEI, CLASSE 20, DN 100 MM, PARA REDE DE AGUA (NBR 5647)","M     ","AS",89.16]
[36378,"TUBO PVC PBA JEI, CLASSE 20, DN 50 MM, PARA REDE DE AGUA (NBR 5647)","M     ","AS",26.71]
[36379,"TUBO PVC PBA JEI, CLASSE 20, DN 75 MM, PARA REDE DE AGUA (NBR 5647)","M     ","AS",53.85]
[9859,"TUBO PVC ROSCAVEL, 3/4\",  AGUA FRIA PREDIAL","M     ","CR",11.38]
[9838,"TUBO PVC SERIE NORMAL, DN 50 MM, PARA ESGOTO PREDIAL (NBR 5688)","M     ","CR",10.71]
[9837,"TUBO PVC SERIE NORMAL, DN 75 MM, PARA ESGOTO PREDIAL (NBR 5688)","M     ","CR",14.05]
[44315,"TUBO PVC, RIGIDO, CORRUGADO, PERFURADO DN 100 MM, PARA DRENAGEM, SISTEMA IRRIGACAO","M     ","CR",58.1]
[9863,"TUBO PVC, ROSCAVEL,  2 1/2\", AGUA FRIA PREDIAL","M     ","CR",68.78]
[9860,"TUBO PVC, ROSCAVEL,  2\", PARA AGUA FRIA PREDIAL","M     ","CR",50.21]
[9862,"TUBO PVC, ROSCAVEL, 1 1/2\",  AGUA FRIA PREDIAL","M     ","CR",35.08]
[9861,"TUBO PVC, ROSCAVEL, 1 1/4\", AGUA FRIA PREDIAL","M     ","CR",27.55]
[9856,"TUBO PVC, ROSCAVEL, 1/2\", AGUA FRIA PREDIAL","M     ","CR",8.89]
[9866,"TUBO PVC, ROSCAVEL, 1\", AGUA FRIA PREDIAL","M     ","CR",23.78]
[9841,"TUBO PVC, SERIE R, DN 100 MM, PARA ESGOTO OU AGUAS PLUVIAIS PREDIAL (NBR 5688)","M     ","CR",27.94]
[9840,"TUBO PVC, SERIE R, DN 150 MM, PARA ESGOTO OU AGUAS PLUVIAIS PREDIAL (NBR 5688)","M     ","CR",59.03]
[20067,"TUBO PVC, SERIE R, DN 40 MM, PARA ESGOTO OU AGUAS PLUVIAIS PREDIAL (NBR 5688)","M     ","CR",9.06]
[20068,"TUBO PVC, SERIE R, DN 50 MM, PARA ESGOTO OU AGUAS PLUVIAIS PREDIAL (NBR 5688)","M     ","CR",12.76]
[9839,"TUBO PVC, SERIE R, DN 75 MM, PARA ESGOTO OU AGUAS PLUVIAIS PREDIAL (NBR 5688)","M     ","CR",23.15]
[9870,"TUBO PVC, SOLDAVEL, DE 110 MM, AGUA FRIA (NBR-5648)","M     ","CR",102.58]
[9867,"TUBO PVC, SOLDAVEL, DE 20 MM, AGUA FRIA (NBR-5648)","M     ","CR",4.12]
[9868,"TUBO PVC, SOLDAVEL, DE 25 MM, AGUA FRIA (NBR-5648)","M     ","C ",4.6500000000000004]
[9869,"TUBO PVC, SOLDAVEL, DE 32 MM, AGUA FRIA (NBR-5648)","M     ","CR",10.029999999999999]
[9874,"TUBO PVC, SOLDAVEL, DE 40 MM, AGUA FRIA (NBR-5648)","M     ","CR",15.76]
[9875,"TUBO PVC, SOLDAVEL, DE 50 MM, AGUA FRIA (NBR-5648)","M     ","CR",17.28]
[9873,"TUBO PVC, SOLDAVEL, DE 60 MM, AGUA FRIA (NBR-5648)","M     ","CR",28.44]
[9871,"TUBO PVC, SOLDAVEL, DE 75 MM, AGUA FRIA (NBR-5648)","M     ","CR",47.12]
[9872,"TUBO PVC, SOLDAVEL, DE 85 MM, AGUA FRIA (NBR-5648)","M     ","CR",65.55]
[7667,"TUBO 26\" EM CHAPA PRETA, E= 3/16\", 147 KG/6 M","M     ","CR",3841.98]
[7660,"TUBO 30\" EM CHAPA PRETA, E= 1/4\", 175 KG/6 M","M     ","CR",4897.6099999999997]
[7676,"TUBO 30\" EM CHAPA PRETA, E= 3/8\", 177 KG/6 M","M     ","CR",4953.58]
[12426,"UNIAO COM ASSENTO CONICO DE BRONZE, DIAMETRO 1/2\"","UN    ","AS",47.61]
[12425,"UNIAO COM ASSENTO CONICO DE BRONZE, DIAMETRO 1\"","UN    ","AS",65.41]
[12427,"UNIAO COM ASSENTO CONICO DE BRONZE, DIAMETRO 2 1/2\"","UN    ","AS",271.51]
[12428,"UNIAO COM ASSENTO CONICO DE BRONZE, DIAMETRO 2'","UN    ","AS",174.27]
[12430,"UNIAO COM ASSENTO CONICO DE BRONZE, DIAMETRO 3/4\"","UN    ","AS",58.37]
[12429,"UNIAO COM ASSENTO CONICO DE BRONZE, DIAMETRO 3\"","UN    ","AS",439.04]
[12431,"UNIAO COM ASSENTO CONICO DE BRONZE, DIAMETRO 4\"","UN    ","AS",747.17]
[12432,"UNIAO COM ASSENTO CONICO DE FERRO LONGO (MACHO-FEMEA), DIAMETRO 1 1/2\"","UN    ","AS",153.66999999999999]
[12434,"UNIAO COM ASSENTO CONICO DE FERRO LONGO (MACHO-FEMEA), DIAMETRO 1/2\"","UN    ","AS",50.07]
[12433,"UNIAO COM ASSENTO CONICO DE FERRO LONGO (MACHO-FEMEA), DIAMETRO 1\"","UN    ","AS",97.83]
[12435,"UNIAO COM ASSENTO CONICO DE FERRO LONGO (MACHO-FEMEA), DIAMETRO 2 1/2\"","UN    ","AS",302.75]
[12437,"UNIAO COM ASSENTO CONICO DE FERRO LONGO (MACHO-FEMEA), DIAMETRO 2\"","UN    ","AS",244.51]
[12439,"UNIAO COM ASSENTO CONICO DE FERRO LONGO (MACHO-FEMEA), DIAMETRO 3/4\"","UN    ","AS",78.47]
[12438,"UNIAO COM ASSENTO CONICO DE FERRO LONGO (MACHO-FEMEA), DIAMETRO 3'","UN    ","AS",442.49]
[12436,"UNIAO COM ASSENTO CONICO DE FERRO LONGO (MACHO-FEMEA), DIAMETRO 4\"","UN    ","AS",558.95000000000005]
[36357,"UNIAO COM FLANGE PPR, DN 40 MM, PARA AGUA QUENTE PREDIAL","UN    ","AS",137.51]
[12424,"UNIAO DE FERRO GALVANIZADO, COM ASSENTO CONICO DE BRONZE, DE 1 1/2\"","UN    ","AS",100.72]
[12440,"UNIAO DE FERRO GALVANIZADO, COM ASSENTO CONICO DE BRONZE, DE 1 1/4\"","UN    ","AS",97.35]
[9884,"UNIAO DE FERRO GALVANIZADO, COM ROSCA BSP, COM ASSENTO PLANO, DE 1 1/2\"","UN    ","AS",72.62]
[9888,"UNIAO DE FERRO GALVANIZADO, COM ROSCA BSP, COM ASSENTO PLANO, DE 1 1/4\"","UN    ","AS",58.34]
[9883,"UNIAO DE FERRO GALVANIZADO, COM ROSCA BSP, COM ASSENTO PLANO, DE 1/2\"","UN    ","AS",25.46]
[9886,"UNIAO DE FERRO GALVANIZADO, COM ROSCA BSP, COM ASSENTO PLANO, DE 1\"","UN    ","AS",34.869999999999997]
[9889,"UNIAO DE FERRO GALVANIZADO, COM ROSCA BSP, COM ASSENTO PLANO, DE 2 1/2\"","UN    ","AS",176.67]
[9887,"UNIAO DE FERRO GALVANIZADO, COM ROSCA BSP, COM ASSENTO PLANO, DE 2\"","UN    ","AS",106.78]
[9885,"UNIAO DE FERRO GALVANIZADO, COM ROSCA BSP, COM ASSENTO PLANO, DE 3/4\"","UN    ","AS",33.71]
[9890,"UNIAO DE FERRO GALVANIZADO, COM ROSCA BSP, COM ASSENTO PLANO, DE 3\"","UN    ","AS",273.7]
[9891,"UNIAO DE FERRO GALVANIZADO, COM ROSCA BSP, COM ASSENTO PLANO, DE 4\"","UN    ","AS",384.23]
[36313,"UNIAO DUPLA PPR, DN 20 MM, PARA AGUA QUENTE PREDIAL","UN    ","AS",14.39]
[36316,"UNIAO DUPLA PPR, DN 25 MM, PARA AGUA QUENTE PREDIAL","UN    ","AS",22.41]
[64,"UNIAO EM POLIPROPILENO (PP), PARA TUBO EM PEAD, 20 MM - LIGACAO PREDIAL DE AGUA","UN    ","AS",5.31]
[37423,"UNIAO EM POLIPROPILENO (PP), PARA TUBO EM PEAD, 32 MM - LIGACAO PREDIAL DE AGUA","UN    ","AS",13.11]
[9892,"UNIAO PVC, ROSCAVEL 1/2\",  AGUA FRIA PREDIAL","UN    ","CR",7.55]
[9901,"UNIAO PVC, ROSCAVEL, 1 1/2\",  AGUA FRIA PREDIAL","UN    ","CR",36.51]
[9900,"UNIAO PVC, ROSCAVEL, 1\",  AGUA FRIA PREDIAL","UN    ","CR",21.15]
[9899,"UNIAO PVC, ROSCAVEL, 3/4\",  AGUA FRIA PREDIAL","UN    ","CR",9.49]
[9908,"UNIAO PVC, SOLDAVEL, 110 MM,  PARA AGUA FRIA PREDIAL","UN    ","CR",426.47]
[9905,"UNIAO PVC, SOLDAVEL, 20 MM,  PARA AGUA FRIA PREDIAL","UN    ","CR",7.42]
[9906,"UNIAO PVC, SOLDAVEL, 25 MM,  PARA AGUA FRIA PREDIAL","UN    ","CR",8.9499999999999993]
[9895,"UNIAO PVC, SOLDAVEL, 32 MM,  PARA AGUA FRIA PREDIAL","UN    ","CR",15.07]
[9894,"UNIAO PVC, SOLDAVEL, 40 MM,  PARA AGUA FRIA PREDIAL","UN    ","CR",28.98]
[9897,"UNIAO PVC, SOLDAVEL, 50 MM,  PARA AGUA FRIA PREDIAL","UN    ","CR",30.94]
[9910,"UNIAO PVC, SOLDAVEL, 60 MM,  PARA AGUA FRIA PREDIAL","UN    ","CR",80.5]
[9909,"UNIAO PVC, SOLDAVEL, 75 MM,  PARA AGUA FRIA PREDIAL","UN    ","CR",163.95]
[9907,"UNIAO PVC, SOLDAVEL, 85 MM,  PARA AGUA FRIA PREDIAL","UN    ","CR",193.57]
[20973,"UNIAO TIPO STORZ, COM EMPATACAO INTERNA TIPO ANEL DE EXPANSAO, ENGATE RAPIDO 1 1/2\", PARA MANGUEIRA DE COMBATE A INCENDIO PREDIAL","UN    ","CR",153.1]
[20974,"UNIAO TIPO STORZ, COM EMPATACAO INTERNA TIPO ANEL DE EXPANSAO, ENGATE RAPIDO 2 1/2\", PARA MANGUEIRA DE COMBATE A INCENDIO PREDIAL","UN    ","CR",219.04]
[37989,"UNIAO, CPVC, SOLDAVEL, 15 MM, PARA AGUA QUENTE PREDIAL","UN    ","CR",13.74]
[37990,"UNIAO, CPVC, SOLDAVEL, 22 MM, PARA AGUA QUENTE PREDIAL","UN    ","CR",15.15]
[37991,"UNIAO, CPVC, SOLDAVEL, 28 MM, PARA AGUA QUENTE PREDIAL","UN    ","CR",20.170000000000002]
[37992,"UNIAO, CPVC, SOLDAVEL, 35 MM, PARA AGUA QUENTE PREDIAL","UN    ","CR",31.29]
[37993,"UNIAO, CPVC, SOLDAVEL, 42 MM, PARA AGUA QUENTE PREDIAL","UN    ","CR",47.48]
[37994,"UNIAO, CPVC, SOLDAVEL, 54 MM, PARA AGUA QUENTE PREDIAL","UN    ","CR",113.07]
[37995,"UNIAO, CPVC, SOLDAVEL, 73 MM, PARA AGUA QUENTE PREDIAL","UN    ","CR",147.38]
[37996,"UNIAO, CPVC, SOLDAVEL, 89 MM, PARA AGUA QUENTE PREDIAL","UN    ","CR",224.42]
[13883,"USINA DE ASFALTO A FRIO, CAPACIDADE DE 30 A 40 T/H, ELETRICA, POTENCIA DE 30 CV","UN    ","AS",124216.22]
[38604,"USINA DE ASFALTO A FRIO, CAPACIDADE DE 40 A 60 T/H, ELETRICA, POTENCIA DE 30 CV","UN    ","AS",154709.66]
[10601,"USINA DE ASFALTO A QUENTE, FIXA, TIPO CONTRA FLUXO, CAPACIDADE DE 100 A 140 T/H, POTENCIA DE 280 KW, COM MISTURADOR EXTERNO ROTATIVO","UN    ","AS",3009411.44]
[44469,"USINA DE ASFALTO, GRAVIMETRICA, CAPACIDADE DE 150 T/H, POTENCIA DE 400  KW","UN    ","AS",7923674.1100000003]
[13894,"USINA DE CONCRETO FIXA, CAPACIDADE NOMINAL DE 40 M3/H, SEM SILO","UN    ","AS",392649.25]
[13895,"USINA DE CONCRETO FIXA, CAPACIDADE NOMINAL DE 60 M3/H, SEM SILO","UN    ","AS",527982.35]
[13892,"USINA DE CONCRETO FIXA, CAPACIDADE NOMINAL DE 80 M3/H, SEM SILO","UN    ","AS",647029.46]
[9914,"USINA DE CONCRETO FIXA, CAPACIDADE NOMINAL DE 90 A 120 M3/H, SEM SILO","UN    ","AS",700000]
[36485,"USINA DE LAMA ASFALTICA, PROD 30 A 50 T/H, SILO DE AGREGADO 7 M3, RESERVATORIOS PARA EMULSAO E AGUA DE 2,3 M3 CADA, MISTURADOR TIPO PUGG-MILL A SER MONTADO SOBRE CAMINHAO","UN    ","AS",608840.39]
[9912,"USINA DE MISTURAS ASFALTICAS A QUENTE, MOVEL, TIPO CONTRA FLUXO, CAPACIDADE DE 40 A 80 T/H","UN    ","AS",2450000]
[9921,"USINA MISTURADORA DE SOLOS,  DOSADORES TRIPLOS, CALHA VIBRATORIA CAPACIDADE DE 200 A 500 T/H, POTENCIA DE 75 KW","UN    ","AS",1263825.8799999999]
[21112,"VALVULA DE DESCARGA EM METAL CROMADO PARA MICTORIO COM ACIONAMENTO POR PRESSAO E FECHAMENTO AUTOMATICO","UN    ","CR",281.22000000000003]
[10228,"VALVULA DE DESCARGA METALICA, BASE 1 1/2 \" E ACABAMENTO METALICO CROMADO","UN    ","C ",326.7]
[11781,"VALVULA DE DESCARGA METALICA, BASE 1 1/4 \" E ACABAMENTO METALICO CROMADO","UN    ","CR",264.66000000000003]
[37588,"VALVULA DE ESCOAMENTO PARA TANQUE, EM METAL CROMADO, 1.1/2 \", SEM LADRAO, COM TAMPAO PLASTICO","UN    ","CR",78.61]
[11746,"VALVULA DE ESFERA BRUTA EM BRONZE, BITOLA 1 \" (REF 1552-B)","UN    ","CR",80.73]
[11751,"VALVULA DE ESFERA BRUTA EM BRONZE, BITOLA 1 1/2 \" (REF 1552-B)","UN    ","CR",144.99]
[11750,"VALVULA DE ESFERA BRUTA EM BRONZE, BITOLA 1 1/4 \" (REF 1552-B)","UN    ","CR",120.32]
[11748,"VALVULA DE ESFERA BRUTA EM BRONZE, BITOLA 1/2 \" (REF 1552-B)","UN    ","CR",51.8]
[11747,"VALVULA DE ESFERA BRUTA EM BRONZE, BITOLA 2 \" (REF 1552-B)","UN    ","CR",223.57]
[11749,"VALVULA DE ESFERA BRUTA EM BRONZE, BITOLA 3/4 \" (REF 1552-B)","UN    ","CR",59.79]
[10236,"VALVULA DE RETENCAO DE BRONZE, PE COM CRIVOS, EXTREMIDADE COM ROSCA, DE 1 1/2\", PARA FUNDO DE POCO","UN    ","CR",147.55000000000001]
[10233,"VALVULA DE RETENCAO DE BRONZE, PE COM CRIVOS, EXTREMIDADE COM ROSCA, DE 1 1/4\", PARA FUNDO DE POCO","UN    ","CR",138.27000000000001]
[10234,"VALVULA DE RETENCAO DE BRONZE, PE COM CRIVOS, EXTREMIDADE COM ROSCA, DE 1\", PARA FUNDO DE POCO","UN    ","CR",87.1]
[10231,"VALVULA DE RETENCAO DE BRONZE, PE COM CRIVOS, EXTREMIDADE COM ROSCA, DE 2 1/2\", PARA FUNDO DE POCO","UN    ","CR",399.41]
[10232,"VALVULA DE RETENCAO DE BRONZE, PE COM CRIVOS, EXTREMIDADE COM ROSCA, DE 2\", PARA FUNDO DE POCO","UN    ","CR",223.5]
[10229,"VALVULA DE RETENCAO DE BRONZE, PE COM CRIVOS, EXTREMIDADE COM ROSCA, DE 3/4\", PARA FUNDO DE POCO","UN    ","C ",78.77]
[10235,"VALVULA DE RETENCAO DE BRONZE, PE COM CRIVOS, EXTREMIDADE COM ROSCA, DE 3\", PARA FUNDO DE POCO","UN    ","CR",547.54999999999995]
[10230,"VALVULA DE RETENCAO DE BRONZE, PE COM CRIVOS, EXTREMIDADE COM ROSCA, DE 4\", PARA FUNDO DE POCO","UN    ","CR",963.63]
[10409,"VALVULA DE RETENCAO HORIZONTAL, DE BRONZE (PN-25), 1 1/2\", 400 PSI, TAMPA DE PORCA DE UNIAO, EXTREMIDADES COM ROSCA","UN    ","CR",286.27999999999997]
[10411,"VALVULA DE RETENCAO HORIZONTAL, DE BRONZE (PN-25), 1 1/4\", 400 PSI, TAMPA DE PORCA DE UNIAO, EXTREMIDADES COM ROSCA","UN    ","CR",256.17]
[10404,"VALVULA DE RETENCAO HORIZONTAL, DE BRONZE (PN-25), 1/2\", 400 PSI, TAMPA DE PORCA DE UNIAO, EXTREMIDADES COM ROSCA","UN    ","CR",103.89]
[10410,"VALVULA DE RETENCAO HORIZONTAL, DE BRONZE (PN-25), 1\", 400 PSI, TAMPA DE PORCA DE UNIAO, EXTREMIDADES COM ROSCA","UN    ","CR",171.12]
[10405,"VALVULA DE RETENCAO HORIZONTAL, DE BRONZE (PN-25), 2 1/2\", 400 PSI, TAMPA DE PORCA DE UNIAO, EXTREMIDADES COM ROSCA","UN    ","CR",573.57000000000005]
[10408,"VALVULA DE RETENCAO HORIZONTAL, DE BRONZE (PN-25), 2\", 400 PSI, TAMPA DE PORCA DE UNIAO, EXTREMIDADES COM ROSCA","UN    ","CR",401.09]
[10412,"VALVULA DE RETENCAO HORIZONTAL, DE BRONZE (PN-25), 3/4\", 400 PSI, TAMPA DE PORCA DE UNIAO, EXTREMIDADES COM ROSCA","UN    ","CR",125.9]
[10406,"VALVULA DE RETENCAO HORIZONTAL, DE BRONZE (PN-25), 3\", 400 PSI, TAMPA DE PORCA DE UNIAO, EXTREMIDADES COM ROSCA","UN    ","CR",792.21]
[10407,"VALVULA DE RETENCAO HORIZONTAL, DE BRONZE (PN-25), 4\", 400 PSI, TAMPA DE PORCA DE UNIAO, EXTREMIDADES COM ROSCA","UN    ","CR",1228.73]
[10416,"VALVULA DE RETENCAO VERTICAL, DE BRONZE (PN-16), 1 1/2\", 200 PSI, EXTREMIDADES COM ROSCA","UN    ","CR",152.41]
[10419,"VALVULA DE RETENCAO VERTICAL, DE BRONZE (PN-16), 1 1/4\", 200 PSI, EXTREMIDADES COM ROSCA","UN    ","CR",132.29]
[21092,"VALVULA DE RETENCAO VERTICAL, DE BRONZE (PN-16), 1/2\", 200 PSI, EXTREMIDADES COM ROSCA","UN    ","CR",75.63]
[10418,"VALVULA DE RETENCAO VERTICAL, DE BRONZE (PN-16), 1\", 200 PSI, EXTREMIDADES COM ROSCA","UN    ","CR",88.18]
[12657,"VALVULA DE RETENCAO VERTICAL, DE BRONZE (PN-16), 2 1/2\", 200 PSI, EXTREMIDADES COM ROSCA","UN    ","CR",355.84]
[10417,"VALVULA DE RETENCAO VERTICAL, DE BRONZE (PN-16), 2\", 200 PSI, EXTREMIDADES COM ROSCA","UN    ","CR",222.07]
[10413,"VALVULA DE RETENCAO VERTICAL, DE BRONZE (PN-16), 3/4\", 200 PSI, EXTREMIDADES COM ROSCA","UN    ","CR",80.709999999999994]
[10414,"VALVULA DE RETENCAO VERTICAL, DE BRONZE (PN-16), 3\", 200 PSI, EXTREMIDADES COM ROSCA","UN    ","CR",485.93]
[10415,"VALVULA DE RETENCAO VERTICAL, DE BRONZE (PN-16), 4\", 200 PSI, EXTREMIDADES COM ROSCA","UN    ","CR",843.36]
[38643,"VALVULA EM METAL CROMADO PARA LAVATORIO, 1 \" SEM LADRAO","UN    ","CR",62.47]
[6157,"VALVULA EM METAL CROMADO PARA PIA AMERICANA 3.1/2 X 1.1/2 \"","UN    ","CR",85.34]
[6158,"VALVULA EM PLASTICO BRANCO PARA LAVATORIO 1 \", SEM UNHO, COM LADRAO","UN    ","CR",8.0299999999999994]
[6153,"VALVULA EM PLASTICO BRANCO PARA TANQUE OU LAVATORIO 1 \", SEM UNHO E SEM LADRAO","UN    ","CR",5.53]
[6156,"VALVULA EM PLASTICO BRANCO PARA TANQUE 1.1/4 \" X 1.1/2 \", SEM UNHO E SEM LADRAO","UN    ","CR",6.89]
[6154,"VALVULA EM PLASTICO CROMADO PARA LAVATORIO 1 \", SEM UNHO, COM LADRAO","UN    ","CR",9.82]
[6155,"VALVULA EM PLASTICO CROMADO TIPO AMERICANA PARA PIA DE COZINHA 3.1/2 \" X 1.1/2 \", SEM ADAPTADOR","UN    ","CR",22.61]
[43595,"VARA FINA PARA CREMONA, EM FERRO ZINCADO BRANCO, COM DIAMETRO DE APROX 10 MM E COMPRIMENTO DE 1,20 M","UN    ","CR",20.2]
[43596,"VARA FINA PARA CREMONA, EM FERRO ZINCADO BRANCO, COM DIAMETRO DE APROX 10 MM E COMPRIMENTO DE 1,50 M","UN    ","CR",23.34]
[38108,"VARIADOR DE LUMINOSIDADE ROTATIVO (DIMMER) 127 V, 300 W (APENAS MODULO)","UN    ","CR",51.82]
[38087,"VARIADOR DE LUMINOSIDADE ROTATIVO (DIMMER) 127V, 300W, CONJUNTO MONTADO PARA EMBUTIR 4\" X 2\" (PLACA + SUPORTE + MODULO)","UN    ","CR",66.650000000000006]
[38109,"VARIADOR DE LUMINOSIDADE ROTATIVO (DIMMER) 220 V, 600 W (APENAS MODULO)","UN    ","CR",82.82]
[38088,"VARIADOR DE LUMINOSIDADE ROTATIVO (DIMMER) 220V, 600W, CONJUNTO MONTADO PARA EMBUTIR 4\" X 2\" (PLACA + SUPORTE + MODULO)","UN    ","CR",87.08]
[38110,"VARIADOR DE VELOCIDADE PARA VENTILADOR 127 V, 150 W (APENAS MODULO)","UN    ","CR",31.86]
[38089,"VARIADOR DE VELOCIDADE PARA VENTILADOR 127V, 150W + 2 INTERRUPTORES PARALELOS, PARA REVERSAO E LAMPADA, CONJUNTO MONTADO PARA EMBUTIR 4\" X 2\" (PLACA + SUPORTE + MODULOS)","UN    ","CR",55.51]
[38111,"VARIADOR DE VELOCIDADE PARA VENTILADOR 220 V, 250 W (APENAS MODULO)","UN    ","CR",35.630000000000003]
[38090,"VARIADOR DE VELOCIDADE PARA VENTILADOR 220V, 250W + 2 INTERRUPTORES PARALELOS, PARA REVERSAO E LAMPADA, CONJUNTO MONTADO PARA EMBUTIR 4\" X 2\" (PLACA + SUPORTE + MODULOS)","UN    ","CR",57.38]
[13726,"VASSOURA MECANICA REBOCAVEL COM ESCOVA CILINDRICA LARGURA UTIL DE VARRIMENTO = 2,44M","UN    ","AS",84756.03]
[38400,"VASSOURA 40 CM COM CABO","UN    ","CR",22.57]
[12627,"VEDACAO DE CALHA, EM BORRACHA COR PRETA, MEDIDA ENTRE 119 E 170 MM, PARA DRENAGEM PLUVIAL PREDIAL","UN    ","CR",1.28]
[39996,"VERGALHAO ZINCADO ROSCA TOTAL, 1/4 \" (6,3 MM)","M     ","CR",3.7]
[10478,"VERNIZ A BASE RESINA ALQUIDICA COM POLIURETANO PARA MADEIRA, COM FILTRO SOLAR, BRILHANTE, USO INTERNO E EXTERNO","L     ","C ",35.81]
[10481,"VERNIZ MARITIMO PREMIUM PARA MADEIRA, COM FILTRO SOLAR, BRILHANTE, USO INTERNO E EXTERNO","L     ","CR",31.84]
[10475,"VERNIZ TIPO COPAL PARA MADEIRA, BRILHANTE, USO INTERNO","L     ","CR",30.81]
[4031,"VEU DE VIDRO/VEU DE SUPERFICIE 30 A 35 G/M2","M2    ","CR",41.46]
[4030,"VEU POLIESTER","M2    ","CR",8.82]
[39399,"VIBRADOR DE IMERSAO, COM PONTEIRA DE *35* MM, MANGOTE DE 5 M, SEM MOTOR","UN    ","AS",1486.74]
[39400,"VIBRADOR DE IMERSAO, COM PONTEIRA DE *45* MM, MANGOTE DE 5 M, SEM MOTOR.","UN    ","AS",1616.02]
[39401,"VIBRADOR DE IMERSAO, COM PONTEIRA DE *60* MM, MANGOTE DE 5 M, SEM MOTOR.","UN    ","AS",1812.78]
[11652,"VIBRADOR DE IMERSAO, DIAMETRO DA PONTEIRA DE *35* MM, COM MOTOR 4 TEMPOS A GASOLINA DE 5,5 HP (5,5 CV)","UN    ","AS",3900]
[13896,"VIBRADOR DE IMERSAO, DIAMETRO DA PONTEIRA DE *45* MM, COM MOTOR ELETRICO TRIFASICO DE 2 HP (2 CV)","UN    ","AS",3498.64]
[13475,"VIBRADOR DE IMERSAO, DIAMETRO DA PONTEIRA DE *45* MM, COM MOTOR 4 TEMPOS A GASOLINA DE 5,5 HP (5,5 CV)","UN    ","AS",4261.76]
[44491,"VIBROACABADORA DE ASFALTO SOBRE ESTEIRAS, LARG. PAVIM. MAX. 8,00 M, POT. 100 KW/ 134 HP, CAP.  600 T/ H","UN    ","AS",4801894.26]
[44470,"VIBROACABADORA DE ASFALTO SOBRE ESTEIRAS, LARG. PAVIM. 2,13 M A 4,55 M, POT. 74 KW/ 100 HP, CAP. 400  T/ H","UN    ","AS",2021541.75]
[13476,"VIBROACABADORA DE ASFALTO SOBRE ESTEIRAS, LARG. PAVIM. 2,60 M A 5,75 M, POT. 110 HP, CAP. 450 T/ H","UN    ","AS",2036190.75]
[10488,"VIBROACABADORA DE ASFALTO SOBRE ESTEIRAS, LARG. PAVIMENT. 1,90 A 5,3 M, POT. 78 KW/105 HP, CAP. 450 T/H","UN    ","AS",2466867]
[13606,"VIBROACABADORA DE ASFALTO SOBRE RODAS, LARGURA DE PAVIMENTACAO DE 1,70 A 4,20 M, POTENCIA 78 KW/105 HP, CAPACIDADE 300 T/H","UN    ","AS",2185608.88]
[10489,"VIDRACEIRO (HORISTA)","H     ","CR",14.39]
[41073,"VIDRACEIRO (MENSALISTA)","MES   ","CR",2511.48]
[34391,"VIDRO COMUM LAMINADO LISO INCOLOR DUPLO, ESPESSURA TOTAL 8 MM (CADA CAMADA DE 4 MM) - COLOCADO","M2    ","CR",562.53]
[10496,"VIDRO COMUM LAMINADO, LISO, INCOLOR, DUPLO, ESPESSURA TOTAL 6 MM (CADA CAMADA E= 3 MM) - COLOCADO","M2    ","CR",489.58]
[10497,"VIDRO COMUM LAMINADO, LISO, INCOLOR, TRIPLO, ESPESSURA TOTAL 12 MM (CADA CAMADA E=  4 MM) - COLOCADO","M2    ","CR",1272.9100000000001]
[10504,"VIDRO COMUM LAMINADO, LISO, INCOLOR, TRIPLO, ESPESSURA TOTAL 15 MM (CADA CAMADA E = 5 MM) - COLOCADO","M2    ","CR",1488.33]
[34390,"VIDRO CRISTAL COLORIDO, 10 MM, PINTADO NA COR BRANCA","M2    ","CR",438.66]
[34389,"VIDRO CRISTAL COLORIDO, 4 MM, PINTADO NA COR BRANCA","M2    ","CR",137.08000000000001]
[34388,"VIDRO CRISTAL COLORIDO, 6 MM, PINTADO NA COR BRANCA","M2    ","CR",194.83]
[34387,"VIDRO CRISTAL COLORIDO, 8 MM, PINTADO NA COR BRANCA","M2    ","CR",316.27]
[11188,"VIDRO LISO FUME E = 4MM - SEM COLOCACAO","M2    ","CR",156.66]
[11189,"VIDRO LISO FUME E = 6MM - SEM COLOCACAO","M2    ","CR",235]
[21107,"VIDRO LISO FUME, E = 5 MM - SEM COLOCACAO","M2    ","CR",169.12]
[34386,"VIDRO LISO INCOLOR 10 MM - SEM COLOCACAO","M2    ","CR",293.75]
[10490,"VIDRO LISO INCOLOR 2 A 3 MM - SEM COLOCACAO","M2    ","CR",102.81]
[10492,"VIDRO LISO INCOLOR 4MM - SEM COLOCACAO","M2    ","C ",117.5]
[10493,"VIDRO LISO INCOLOR 5MM - SEM COLOCACAO","M2    ","CR",137.08000000000001]
[10491,"VIDRO LISO INCOLOR 6 MM - SEM COLOCACAO","M2    ","CR",166.45]
[34385,"VIDRO LISO INCOLOR 8MM  -  SEM COLOCACAO","M2    ","CR",242.83]
[10499,"VIDRO MARTELADO OU CANELADO, 4 MM - SEM COLOCACAO","M2    ","CR",97.91]
[34384,"VIDRO PLANO ARAMADO E = 6 MM - SEM COLOCACAO","M2    ","CR",293.75]
[11185,"VIDRO PLANO ARMADO E = 7MM - SEM COLOCACAO","M2    ","CR",303.54000000000002]
[10507,"VIDRO TEMPERADO INCOLOR E = 10 MM, SEM COLOCACAO","M2    ","CR",381.37]
[10505,"VIDRO TEMPERADO INCOLOR E = 6 MM, SEM COLOCACAO","M2    ","CR",225.04]
[10506,"VIDRO TEMPERADO INCOLOR E = 8 MM, SEM COLOCACAO","M2    ","CR",293.77]
[5031,"VIDRO TEMPERADO INCOLOR PARA PORTA DE ABRIR, E = 10 MM (SEM FERRAGENS E SEM COLOCACAO)","M2    ","C ",412.5]
[10502,"VIDRO TEMPERADO VERDE E = 10 MM, SEM COLOCACAO","M2    ","CR",480.66]
[10501,"VIDRO TEMPERADO VERDE E = 6 MM, SEM COLOCACAO","M2    ","CR",271.56]
[10503,"VIDRO TEMPERADO VERDE E = 8 MM, SEM COLOCACAO","M2    ","CR",366.87]
[4500,"VIGA *7,5 X 10* CM EM PINUS, MISTA OU EQUIVALENTE DA REGIAO - BRUTA","M     ","CR",19.38]
[4448,"VIGA *7,5 X 15 CM EM PINUS, MISTA OU EQUIVALENTE DA REGIAO - BRUTA","M     ","CR",26.62]
[20213,"VIGA APARELHADA  *6 X 12* CM, EM MACARANDUBA, ANGELIM OU EQUIVALENTE DA REGIAO","M     ","CR",29.95]
[20211,"VIGA APARELHADA *6 X 16* CM, EM MACARANDUBA, ANGELIM OU EQUIVALENTE DA REGIAO","M     ","CR",39.659999999999997]
[40270,"VIGA DE ESCORAMAENTO H20, DE MADEIRA, PESO DE 5,00 A 5,20 KG/M, COM EXTREMIDADES PLASTICAS","M     ","AS",125.53]
[4425,"VIGA NAO APARELHADA  *6 X 12* CM, EM MACARANDUBA, ANGELIM OU EQUIVALENTE DA REGIAO - BRUTA","M     ","CR",32.78]
[4472,"VIGA NAO APARELHADA *6 X 16* CM, EM MACARANDUBA, ANGELIM OU EQUIVALENTE DA REGIAO -  BRUTA","M     ","CR",40.950000000000003]
[35272,"VIGA NAO APARELHADA *6 X 20* CM, EM MACARANDUBA, ANGELIM OU EQUIVALENTE DA REGIAO - BRUTA","M     ","CR",59.2]
[4481,"VIGA NAO APARELHADA *8 X 16* CM EM MACARANDUBA, ANGELIM OU EQUIVALENTE DA REGIAO -  BRUTA","M     ","CR",63.37]
[34345,"VIGIA DIURNO","H     ","CR",14.24]
[41096,"VIGIA DIURNO (MENSALISTA)","MES   ","CR",2484.96]
[41776,"VIGIA NOTURNO, HORA EFETIVAMENTE TRABALHADA DE 22 H AS 5 H (COM ADICIONAL NOTURNO)","H     ","CR",19.52]
[""]
["TOTAL DE INSUMOS : 4937"]

{"sheet":"SINAPI - SINTÉTICO","index":18,"n_rows":7515,"n_cols":12,"rows_kept":7515,"cut":false,"hidden":false,"merged":[[0,0,0,12],[1,0,1,12],[2,0,2,12]]}
["PCI.817.01 - CUSTO DE COMPOSIÇÕES - SINTÉTICO                                               DATA DE EMISSÃO: 15/02/2023 23:45:16            DATA DE RT: 15/02/2023"]
["ENCARGOS SOCIAIS SOBRE PREÇOS DA MÃO-DE-OBRA: 114,55%(HORA)   70,11%(MÊS)"]
["ABRANGÊNCIA : NACIONAL                                              LOCALIDADE  : RECIFE                                                 DATA DE PREÇO   : 01/2023 REFERÊNCIA COLETA : MEDIANO"]
[{"$nulls":10},"SINAPI_Custo_Ref_Composicoes_Sintetico_PE_01-2023_NaoDesonerado"]
["DESCRICAO DA CLASSE","SIGLA DA CLASSE","DESCRICAO DO TIPO 1","SIGLA DO TIPO 1","CODIGO DO AGRUPADOR","DESCRICAO DO AGRUPADOR","CODIGO  DA COMPOSICAO","DESCRICAO DA COMPOSICAO","UNIDADE","ORIGEM DE PREÇO","CUSTO TOTAL","VINCULO"]
[]
["ASSENTAMENTO DE TUBOS E PECAS","ASTU","FORNEC E/OU ASSENT DE TUBO DE FERRO FUNDIDO JUNTA ELASTICA",45,null,null,97141,"ASSENTAMENTO DE TUBO DE FERRO FUNDIDO PARA REDE DE ÁGUA, DN 80 MM, JUNTA ELÁSTICA, INSTALADO EM LOCAL COM NÍVEL ALTO DE INTERFERÊNCIAS (NÃO INCLUI FORNECIMENTO). AF_11/2017","M",null,9.42,"CAIXA REFERENCIAL"]
["ASSENTAMENTO DE TUBOS E PECAS","ASTU","FORNEC E/OU ASSENT DE TUBO DE FERRO FUNDIDO JUNTA ELASTICA",45,null,null,97142,"ASSENTAMENTO DE TUBO DE FERRO FUNDIDO PARA REDE DE ÁGUA, DN 100 MM, JUNTA ELÁSTICA, INSTALADO EM LOCAL COM NÍVEL ALTO DE INTERFERÊNCIAS (NÃO INCLUI FORNECIMENTO). AF_11/2017","M",null,10.48,"CAIXA REFERENCIAL"]
["ASSENTAMENTO DE TUBOS E PECAS","ASTU","FORNEC E/OU ASSENT DE TUBO DE FERRO FUNDIDO JUNTA ELASTICA",45,null,null,97143,"ASSENTAMENTO DE TUBO DE FERRO FUNDIDO PARA REDE DE ÁGUA, DN 150 MM, JUNTA ELÁSTICA, INSTALADO EM LOCAL COM NÍVEL ALTO DE INTERFERÊNCIAS (NÃO INCLUI FORNECIMENTO). AF_11/2017","M",null,13.14,"CAIXA REFERENCIAL"]
["ASSENTAMENTO DE TUBOS E PECAS","ASTU","FORNEC E/OU ASSENT DE TUBO DE FERRO FUNDIDO JUNTA ELASTICA",45,null,null,97144,"ASSENTAMENTO DE TUBO DE FERRO FUNDIDO PARA REDE DE ÁGUA, DN 200 MM, JUNTA ELÁSTICA, INSTALADO EM LOCAL COM NÍVEL ALTO DE INTERFERÊNCIAS (NÃO INCLUI FORNECIMENTO). AF_11/2017","M",null,15.77,"CAIXA REFERENCIAL"]
["ASSENTAMENTO DE TUBOS E PECAS","ASTU","FORNEC E/OU ASSENT DE TUBO DE FERRO FUNDIDO JUNTA ELASTICA",45,null,null,97145,"ASSENTAMENTO DE TUBO DE FERRO FUNDIDO PARA REDE DE ÁGUA, DN 250 MM, JUNTA ELÁSTICA, INSTALADO EM LOCAL COM NÍVEL ALTO DE INTERFERÊNCIAS (NÃO INCLUI FORNECIMENTO). AF_11/2017","M",null,18.45,"CAIXA REFERENCIAL"]
["ASSENTAMENTO DE TUBOS E PECAS","ASTU","FORNEC E/OU ASSENT DE TUBO DE FERRO FUNDIDO JUNTA ELASTICA",45,null,null,97146,"ASSENTAMENTO DE TUBO DE FERRO FUNDIDO PARA REDE DE ÁGUA, DN 300 MM, JUNTA ELÁSTICA, INSTALADO EM LOCAL COM NÍVEL ALTO DE INTERFERÊNCIAS (NÃO INCLUI FORNECIMENTO). AF_11/2017","M",null,21.08,"CAIXA REFERENCIAL"]
["ASSENTAMENTO DE TUBOS E PECAS","ASTU","FORNEC E/OU ASSENT DE TUBO DE FERRO FUNDIDO JUNTA ELASTICA",45,null,null,97147,"ASSENTAMENTO DE TUBO DE FERRO FUNDIDO PARA REDE DE ÁGUA, DN 350 MM, JUNTA ELÁSTICA, INSTALADO EM LOCAL COM NÍVEL ALTO DE INTERFERÊNCIAS (NÃO INCLUI FORNECIMENTO). AF_11/2017","M",null,23.76,"CAIXA REFERENCIAL"]
["ASSENTAMENTO DE TUBOS E PECAS","ASTU","FORNEC E/OU ASSENT DE TUBO DE FERRO FUNDIDO JUNTA ELASTICA",45,null,null,97148,"ASSENTAMENTO DE TUBO DE FERRO FUNDIDO PARA REDE DE ÁGUA, DN 400 MM, JUNTA ELÁSTICA, INSTALADO EM LOCAL COM NÍVEL ALTO DE INTERFERÊNCIAS (NÃO INCLUI FORNECIMENTO). AF_11/2017","M",null,26.42,"CAIXA REFERENCIAL"]
["ASSENTAMENTO DE TUBOS E PECAS","ASTU","FORNEC E/OU ASSENT DE TUBO DE FERRO FUNDIDO JUNTA ELASTICA",45,null,null,97149,"ASSENTAMENTO DE TUBO DE FERRO FUNDIDO PARA REDE DE ÁGUA, DN 450 MM, JUNTA ELÁSTICA, INSTALADO EM LOCAL COM NÍVEL ALTO DE INTERFERÊNCIAS (NÃO INCLUI FORNECIMENTO). AF_11/2017","M",null,29.11,"CAIXA REFERENCIAL"]
["ASSENTAMENTO DE TUBOS E PECAS","ASTU","FORNEC E/OU ASSENT DE TUBO DE FERRO FUNDIDO JUNTA ELASTICA",45,null,null,97150,"ASSENTAMENTO DE TUBO DE FERRO FUNDIDO PARA REDE DE ÁGUA, DN 500 MM, JUNTA ELÁSTICA, INSTALADO EM LOCAL COM NÍVEL ALTO DE INTERFERÊNCIAS (NÃO INCLUI FORNECIMENTO). AF_11/2017","M",null,36.03,"CAIXA REFERENCIAL"]
["ASSENTAMENTO DE TUBOS E PECAS","ASTU","FORNEC E/OU ASSENT DE TUBO DE FERRO FUNDIDO JUNTA ELASTICA",45,null,null,97151,"ASSENTAMENTO DE TUBO DE FERRO FUNDIDO PARA REDE DE ÁGUA, DN 600 MM, JUNTA ELÁSTICA, INSTALADO EM LOCAL COM NÍVEL ALTO DE INTERFERÊNCIAS (NÃO INCLUI FORNECIMENTO). AF_11/2017","M",null,42.01,"CAIXA REFERENCIAL"]
["ASSENTAMENTO DE TUBOS E PECAS","ASTU","FORNEC E/OU ASSENT DE TUBO DE FERRO FUNDIDO JUNTA ELASTICA",45,null,null,97152,"ASSENTAMENTO DE TUBO DE FERRO FUNDIDO PARA REDE DE ÁGUA, DN 700 MM, JUNTA ELÁSTICA, INSTALADO EM LOCAL COM NÍVEL ALTO DE INTERFERÊNCIAS (NÃO INCLUI FORNECIMENTO). AF_11/2017","M",null,47.77,"CAIXA REFERENCIAL"]
["ASSENTAMENTO DE TUBOS E PECAS","ASTU","FORNEC E/OU ASSENT DE TUBO DE FERRO FUNDIDO JUNTA ELASTICA",45,null,null,97153,"ASSENTAMENTO DE TUBO DE FERRO FUNDIDO PARA REDE DE ÁGUA, DN 800 MM, JUNTA ELÁSTICA, INSTALADO EM LOCAL COM NÍVEL ALTO DE INTERFERÊNCIAS (NÃO INCLUI FORNECIMENTO). AF_11/2017","M",null,53.65,"CAIXA REFERENCIAL"]
["ASSENTAMENTO DE TUBOS E PECAS","ASTU","FORNEC E/OU ASSENT DE TUBO DE FERRO FUNDIDO JUNTA ELASTICA",45,null,null,97154,"ASSENTAMENTO DE TUBO DE FERRO FUNDIDO PARA REDE DE ÁGUA, DN 900 MM, JUNTA ELÁSTICA, INSTALADO EM LOCAL COM NÍVEL ALTO DE INTERFERÊNCIAS (NÃO INCLUI FORNECIMENTO). AF_11/2017","M",null,59.56,"CAIXA REFERENCIAL"]
["ASSENTAMENTO DE TUBOS E PECAS","ASTU","FORNEC E/OU ASSENT DE TUBO DE FERRO FUNDIDO JUNTA ELASTICA",45,null,null,97155,"ASSENTAMENTO DE TUBO DE FERRO FUNDIDO PARA REDE DE ÁGUA, DN 1000 MM, JUNTA ELÁSTICA, INSTALADO EM LOCAL COM NÍVEL ALTO DE INTERFERÊNCIAS (NÃO INCLUI FORNECIMENTO). AF_11/2017","M",null,65.47,"CAIXA REFERENCIAL"]
["ASSENTAMENTO DE TUBOS E PECAS","ASTU","FORNEC E/OU ASSENT DE TUBO DE FERRO FUNDIDO JUNTA ELASTICA",45,null,null,97156,"ASSENTAMENTO DE TUBO DE FERRO FUNDIDO PARA REDE DE ÁGUA, DN 1200 MM, JUNTA ELÁSTICA, INSTALADO EM LOCAL COM NÍVEL ALTO DE INTERFERÊNCIAS (NÃO INCLUI FORNECIMENTO). AF_11/2017","M",null,77.67,"CAIXA REFERENCIAL"]
["ASSENTAMENTO DE TUBOS E PECAS","ASTU","FORNEC E/OU ASSENT DE TUBO DE FERRO FUNDIDO JUNTA ELASTICA",45,null,null,97157,"ASSENTAMENTO DE TUBO DE FERRO FUNDIDO PARA REDE DE ÁGUA, DN 80 MM, JUNTA ELÁSTICA, INSTALADO EM LOCAL COM NÍVEL BAIXO DE INTERFERÊNCIAS (NÃO INCLUI FORNECIMENTO). AF_11/2017","M",null,5.67,"CAIXA REFERENCIAL"]
["ASSENTAMENTO DE TUBOS E PECAS","ASTU","FORNEC E/OU ASSENT DE TUBO DE FERRO FUNDIDO JUNTA ELASTICA",45,null,null,97158,"ASSENTAMENTO DE TUBO DE FERRO FUNDIDO PARA REDE DE ÁGUA, DN 100 MM, JUNTA ELÁSTICA, INSTALADO EM LOCAL COM NÍVEL BAIXO DE INTERFERÊNCIAS (NÃO INCLUI FORNECIMENTO). AF_11/2017","M",null,6.33,"CAIXA REFERENCIAL"]
["ASSENTAMENTO DE TUBOS E PECAS","ASTU","FORNEC E/OU ASSENT DE TUBO DE FERRO FUNDIDO JUNTA ELASTICA",45,null,null,97159,"ASSENTAMENTO DE TUBO DE FERRO FUNDIDO PARA REDE DE ÁGUA, DN 150 MM, JUNTA ELÁSTICA, INSTALADO EM LOCAL COM NÍVEL BAIXO DE INTERFERÊNCIAS (NÃO INCLUI FORNECIMENTO). AF_11/2017","M",null,7.94,"CAIXA REFERENCIAL"]
["ASSENTAMENTO DE TUBOS E PECAS","ASTU","FORNEC E/OU ASSENT DE TUBO DE FERRO FUNDIDO JUNTA ELASTICA",45,null,null,97160,"ASSENTAMENTO DE TUBO DE FERRO FUNDIDO PARA REDE DE ÁGUA, DN 200 MM, JUNTA ELÁSTICA, INSTALADO EM LOCAL COM NÍVEL BAIXO DE INTERFERÊNCIAS (NÃO INCLUI FORNECIMENTO). AF_11/2017","M",null,9.5299999999999994,"CAIXA REFERENCIAL"]
["ASSENTAMENTO DE TUBOS E PECAS","ASTU","FORNEC E/OU ASSENT DE TUBO DE FERRO FUNDIDO JUNTA ELASTICA",45,null,null,97161,"ASSENTAMENTO DE TUBO DE FERRO FUNDIDO PARA REDE DE ÁGUA, DN 250 MM, JUNTA ELÁSTICA, INSTALADO EM LOCAL COM NÍVEL BAIXO DE INTERFERÊNCIAS (NÃO INCLUI FORNECIMENTO). AF_11/2017","M",null,11.18,"CAIXA REFERENCIAL"]
["ASSENTAMENTO DE TUBOS E PECAS","ASTU","FORNEC E/OU ASSENT DE TUBO DE FERRO FUNDIDO JUNTA ELASTICA",45,null,null,97162,"ASSENTAMENTO DE TUBO DE FERRO FUNDIDO PARA REDE DE ÁGUA, DN 300 MM, JUNTA ELÁSTICA, INSTALADO EM LOCAL COM NÍVEL BAIXO DE INTERFERÊNCIAS (NÃO INCLUI FORNECIMENTO). AF_11/2017","M",null,12.77,"CAIXA REFERENCIAL"]
["ASSENTAMENTO DE TUBOS E PECAS","ASTU","FORNEC E/OU ASSENT DE TUBO DE FERRO FUNDIDO JUNTA ELASTICA",45,null,null,97163,"ASSENTAMENTO DE TUBO DE FERRO FUNDIDO PARA REDE DE ÁGUA, DN 350 MM, JUNTA ELÁSTICA, INSTALADO EM LOCAL COM NÍVEL BAIXO DE INTERFERÊNCIAS (NÃO INCLUI FORNECIMENTO). AF_11/2017","M",null,14.41,"CAIXA REFERENCIAL"]
["ASSENTAMENTO DE TUBOS E PECAS","ASTU","FORNEC E/OU ASSENT DE TUBO DE FERRO FUNDIDO JUNTA ELASTICA",45,null,null,97164,"ASSENTAMENTO DE TUBO DE FERRO FUNDIDO PARA REDE DE ÁGUA, DN 400 MM, JUNTA ELÁSTICA, INSTALADO EM LOCAL COM NÍVEL BAIXO DE INTERFERÊNCIAS (NÃO INCLUI FORNECIMENTO). AF_11/2017","M",null,16.03,"CAIXA REFERENCIAL"]
["ASSENTAMENTO DE TUBOS E PECAS","ASTU","FORNEC E/OU ASSENT DE TUBO DE FERRO FUNDIDO JUNTA ELASTICA",45,null,null,97165,"ASSENTAMENTO DE TUBO DE FERRO FUNDIDO PARA REDE DE ÁGUA, DN 450 MM, JUNTA ELÁSTICA, INSTALADO EM LOCAL COM NÍVEL BAIXO DE INTERFERÊNCIAS (NÃO INCLUI FORNECIMENTO). AF_11/2017","M",null,17.68,"CAIXA REFERENCIAL"]
["ASSENTAMENTO DE TUBOS E PECAS","ASTU","FORNEC E/OU ASSENT DE TUBO DE FERRO FUNDIDO JUNTA ELASTICA",45,null,null,97166,"ASSENTAMENTO DE TUBO DE FERRO FUNDIDO PARA REDE DE ÁGUA, DN 500 MM, JUNTA ELÁSTICA, INSTALADO EM LOCAL COM NÍVEL BAIXO DE INTERFERÊNCIAS (NÃO INCLUI FORNECIMENTO). AF_11/2017","M",null,21.93,"CAIXA REFERENCIAL"]
["ASSENTAMENTO DE TUBOS E PECAS","ASTU","FORNEC E/OU ASSENT DE TUBO DE FERRO FUNDIDO JUNTA ELASTICA",45,null,null,97167,"ASSENTAMENTO DE TUBO DE FERRO FUNDIDO PARA REDE DE ÁGUA, DN 600 MM, JUNTA ELÁSTICA, INSTALADO EM LOCAL COM NÍVEL BAIXO DE INTERFERÊNCIAS (NÃO INCLUI FORNECIMENTO). AF_11/2017","M",null,25.59,"CAIXA REFERENCIAL"]
["ASSENTAMENTO DE TUBOS E PECAS","ASTU","FORNEC E/OU ASSENT DE TUBO DE FERRO FUNDIDO JUNTA ELASTICA",45,null,null,97168,"ASSENTAMENTO DE TUBO DE FERRO FUNDIDO PARA REDE DE ÁGUA, DN 700 MM, JUNTA ELÁSTICA, INSTALADO EM LOCAL COM NÍVEL BAIXO DE INTERFERÊNCIAS (NÃO INCLUI FORNECIMENTO). AF_11/2017","M",null,29.05,"CAIXA REFERENCIAL"]
["ASSENTAMENTO DE TUBOS E PECAS","ASTU","FORNEC E/OU ASSENT DE TUBO DE FERRO FUNDIDO JUNTA ELASTICA",45,null,null,97169,"ASSENTAMENTO DE TUBO DE FERRO FUNDIDO PARA REDE DE ÁGUA, DN 800 MM, JUNTA ELÁSTICA, INSTALADO EM LOCAL COM NÍVEL BAIXO DE INTERFERÊNCIAS (NÃO INCLUI FORNECIMENTO). AF_11/2017","M",null,32.619999999999997,"CAIXA REFERENCIAL"]
["ASSENTAMENTO DE TUBOS E PECAS","ASTU","FORNEC E/OU ASSENT DE TUBO DE FERRO FUNDIDO JUNTA ELASTICA",45,null,null,97170,"ASSENTAMENTO DE TUBO DE FERRO FUNDIDO PARA REDE DE ÁGUA, DN 900 MM, JUNTA ELÁSTICA, INSTALADO EM LOCAL COM NÍVEL BAIXO DE INTERFERÊNCIAS (NÃO INCLUI FORNECIMENTO). AF_11/2017","M",null,36.22,"CAIXA REFERENCIAL"]
["ASSENTAMENTO DE TUBOS E PECAS","ASTU","FORNEC E/OU ASSENT DE TUBO DE FERRO FUNDIDO JUNTA ELASTICA",45,null,null,97171,"ASSENTAMENTO DE TUBO DE FERRO FUNDIDO PARA REDE DE ÁGUA, DN 1000 MM, JUNTA ELÁSTICA, INSTALADO EM LOCAL COM NÍVEL BAIXO DE INTERFERÊNCIAS (NÃO INCLUI FORNECIMENTO). AF_11/2017","M",null,39.840000000000003,"CAIXA REFERENCIAL"]
["ASSENTAMENTO DE TUBOS E PECAS","ASTU","FORNEC E/OU ASSENT DE TUBO DE FERRO FUNDIDO JUNTA ELASTICA",45,null,null,97172,"ASSENTAMENTO DE TUBO DE FERRO FUNDIDO PARA REDE DE ÁGUA, DN 1200 MM, JUNTA ELÁSTICA, INSTALADO EM LOCAL COM NÍVEL BAIXO DE INTERFERÊNCIAS (NÃO INCLUI FORNECIMENTO). AF_11/2017","M",null,47.43,"CAIXA REFERENCIAL"]
["ASSENTAMENTO DE TUBOS E PECAS","ASTU","FORNEC E/OU ASSENT DE TUBO DE ACO COM JUNTA SOLDADA",46,null,null,97173,"ASSENTAMENTO DE TUBO DE AÇO CARBONO PARA REDE DE ÁGUA, DN 600 MM (24\u0092\u0092), JUNTA SOLDADA, INSTALADO EM LOCAL COM NÍVEL ALTO DE INTERFERÊNCIAS (NÃO INCLUI FORNECIMENTO). AF_11/2017","M",null,36.86,"CAIXA REFERENCIAL"]
["ASSENTAMENTO DE TUBOS E PECAS","ASTU","FORNEC E/OU ASSENT DE TUBO DE ACO COM JUNTA SOLDADA",46,null,null,97174,"ASSENTAMENTO DE TUBO DE AÇO CARBONO PARA REDE DE ÁGUA, DN 700 MM (28\u0092\u0092), JUNTA SOLDADA, INSTALADO EM LOCAL COM NÍVEL ALTO DE INTERFERÊNCIAS (NÃO INCLUI FORNECIMENTO). AF_11/2017","M",null,42.62,"CAIXA REFERENCIAL"]
["ASSENTAMENTO DE TUBOS E PECAS","ASTU","FORNEC E/OU ASSENT DE TUBO DE ACO COM JUNTA SOLDADA",46,null,null,97175,"ASSENTAMENTO DE TUBO DE AÇO CARBONO PARA REDE DE ÁGUA, DN 800 MM (32\u0092\u0092), JUNTA SOLDADA, INSTALADO EM LOCAL COM NÍVEL ALTO DE INTERFERÊNCIAS (NÃO INCLUI FORNECIMENTO). AF_11/2017","M",null,48.4,"CAIXA REFERENCIAL"]
["ASSENTAMENTO DE TUBOS E PECAS","ASTU","FORNEC E/OU ASSENT DE TUBO DE ACO COM JUNTA SOLDADA",46,null,null,97176,"ASSENTAMENTO DE TUBO DE AÇO CARBONO PARA REDE DE ÁGUA, DN 900 MM (36\u0092\u0092), JUNTA SOLDADA, INSTALADO EM LOCAL COM NÍVEL ALTO DE INTERFERÊNCIAS (NÃO INCLUI FORNECIMENTO). AF_11/2017","M",null,54.16,"CAIXA REFERENCIAL"]
["ASSENTAMENTO DE TUBOS E PECAS","ASTU","FORNEC E/OU ASSENT DE TUBO DE ACO COM JUNTA SOLDADA",46,null,null,97177,"ASSENTAMENTO DE TUBO DE AÇO CARBONO PARA REDE DE ÁGUA, DN 1000 MM (40\u0092\u0092) OU DN 1100 MM (44\u0092\u0092), JUNTA SOLDADA, INSTALADO EM LOCAL COM NÍVEL ALTO DE INTERFERÊNCIAS (NÃO INCLUI FORNECIMENTO). AF_11/2017","M",null,65.7,"CAIXA REFERENCIAL"]
["ASSENTAMENTO DE TUBOS E PECAS","ASTU","FORNEC E/OU ASSENT DE TUBO DE ACO COM JUNTA SOLDADA",46,null,null,97178,"ASSENTAMENTO DE TUBO DE AÇO CARBONO PARA REDE DE ÁGUA, DN 1200 MM (48\u0092\u0092) OU DN 1300 MM (52\u0092\u0092), JUNTA SOLDADA, INSTALADO EM LOCAL COM NÍVEL ALTO DE INTERFERÊNCIAS (NÃO INCLUI FORNECIMENTO). AF_11/2017","M",null,77.23,"CAIXA REFERENCIAL"]
["ASSENTAMENTO DE TUBOS E PECAS","ASTU","FORNEC E/OU ASSENT DE TUBO DE ACO COM JUNTA SOLDADA",46,null,null,97179,"ASSENTAMENTO DE TUBO DE AÇO CARBONO PARA REDE DE ÁGUA, DN 1400 MM (56'') OU DN 1500 MM (60\u0092\u0092), JUNTA SOLDADA, INSTALADO EM LOCAL COM NÍVEL ALTO DE INTERFERÊNCIAS (NÃO INCLUI FORNECIMENTO). AF_11/2017","M",null,88.76,"CAIXA REFERENCIAL"]
["ASSENTAMENTO DE TUBOS E PECAS","ASTU","FORNEC E/OU ASSENT DE TUBO DE ACO COM JUNTA SOLDADA",46,null,null,97180,"ASSENTAMENTO DE TUBO DE AÇO CARBONO PARA REDE DE ÁGUA, DN 1600 MM (64\u0092\u0092) OU DN 1700 MM (68\u0092\u0092), JUNTA SOLDADA, INSTALADO EM LOCAL COM NÍVEL ALTO DE INTERFERÊNCIAS (NÃO INCLUI FORNECIMENTO). AF_11/2017","M",null,100.3,"CAIXA REFERENCIAL"]
["ASSENTAMENTO DE TUBOS E PECAS","ASTU","FORNEC E/OU ASSENT DE TUBO DE ACO COM JUNTA SOLDADA",46,null,null,97181,"ASSENTAMENTO DE TUBO DE AÇO CARBONO PARA REDE DE ÁGUA, DN 1800 MM (72\u0092\u0092) OU DN 1900 MM (76\u0092\u0092), JUNTA SOLDADA, INSTALADO EM LOCAL COM NÍVEL ALTO DE INTERFERÊNCIAS (NÃO INCLUI FORNECIMENTO). AF_11/2017","M",null,116.44,"CAIXA REFERENCIAL"]
["ASSENTAMENTO DE TUBOS E PECAS","ASTU","FORNEC E/OU ASSENT DE TUBO DE ACO COM JUNTA SOLDADA",46,null,null,97182,"ASSENTAMENTO DE TUBO DE AÇO CARBONO PARA REDE DE ÁGUA, DN 2000 MM (80\u0092\u0092) OU DN 2100 MM (84\u0092\u0092), JUNTA SOLDADA, INSTALADO EM LOCAL COM NÍVEL ALTO DE INTERFERÊNCIAS (NÃO INCLUI FORNECIMENTO). AF_11/2017","M",null,128.46,"CAIXA REFERENCIAL"]
["ASSENTAMENTO DE TUBOS E PECAS","ASTU","FORNEC E/OU ASSENT DE TUBO DE ACO COM JUNTA SOLDADA",46,null,null,97183,"ASSENTAMENTO DE TUBO DE AÇO CARBONO PARA REDE DE ÁGUA, DN 600 MM (24\u0092\u0092), JUNTA SOLDADA, INSTALADO EM LOCAL COM NÍVEL BAIXO DE INTERFERÊNCIAS (NÃO INCLUI FORNECIMENTO). AF_11/2017","M",null,29.17,"CAIXA REFERENCIAL"]
["ASSENTAMENTO DE TUBOS E PECAS","ASTU","FORNEC E/OU ASSENT DE TUBO DE ACO COM JUNTA SOLDADA",46,null,null,97184,"ASSENTAMENTO DE TUBO DE AÇO CARBONO PARA REDE DE ÁGUA, DN 700 MM (28\u0092\u0092), JUNTA SOLDADA, INSTALADO EM LOCAL COM NÍVEL BAIXO DE INTERFERÊNCIAS (NÃO INCLUI FORNECIMENTO). AF_11/2017","M",null,33.81,"CAIXA REFERENCIAL"]
["ASSENTAMENTO DE TUBOS E PECAS","ASTU","FORNEC E/OU ASSENT DE TUBO DE ACO COM JUNTA SOLDADA",46,null,null,97185,"ASSENTAMENTO DE TUBO DE AÇO CARBONO PARA REDE DE ÁGUA, DN 800 MM (32\u0092\u0092), JUNTA SOLDADA, INSTALADO EM LOCAL COM NÍVEL BAIXO DE INTERFERÊNCIAS (NÃO INCLUI FORNECIMENTO). AF_11/2017","M",null,38.450000000000003,"CAIXA REFERENCIAL"]
["ASSENTAMENTO DE TUBOS E PECAS","ASTU","FORNEC E/OU ASSENT DE TUBO DE ACO COM JUNTA SOLDADA",46,null,null,97186,"ASSENTAMENTO DE TUBO DE AÇO CARBONO PARA REDE DE ÁGUA, DN 900 MM (36\u0092\u0092), JUNTA SOLDADA, INSTALADO EM LOCAL COM NÍVEL BAIXO DE INTERFERÊNCIAS (NÃO INCLUI FORNECIMENTO). AF_11/2017","M",null,43.09,"CAIXA REFERENCIAL"]
["ASSENTAMENTO DE TUBOS E PECAS","ASTU","FORNEC E/OU ASSENT DE TUBO DE ACO COM JUNTA SOLDADA",46,null,null,97187,"ASSENTAMENTO DE TUBO DE AÇO CARBONO PARA REDE DE ÁGUA, DN 1000 MM (40  ) OU DN 1100 MM (44  ), JUNTA SOLDADA, INSTALADO EM LOCAL COM NÍVEL BAIXO DE INTERFERÊNCIAS (NÃO INCLUI FORNECIMENTO). AF_11/2017","M",null,52.36,"CAIXA REFERENCIAL"]
["ASSENTAMENTO DE TUBOS E PECAS","ASTU","FORNEC E/OU ASSENT DE TUBO DE ACO COM JUNTA SOLDADA",46,null,null,97188,"ASSENTAMENTO DE TUBO DE AÇO CARBONO PARA REDE DE ÁGUA, DN 1200 MM (48\u0092\u0092) OU DN 1300 MM (52\u0092\u0092), JUNTA SOLDADA, INSTALADO EM LOCAL COM NÍVEL BAIXO DE INTERFERÊNCIAS (NÃO INCLUI FORNECIMENTO). AF_11/2017","M",null,61.64,"CAIXA REFERENCIAL"]
["ASSENTAMENTO DE TUBOS E PECAS","ASTU","FORNEC E/OU ASSENT DE TUBO DE ACO COM JUNTA SOLDADA",46,null,null,97189,"ASSENTAMENTO DE TUBO DE AÇO CARBONO PARA REDE DE ÁGUA, DN 1400 MM (56'') OU DN 1500 MM (60\u0092\u0092), JUNTA SOLDADA, INSTALADO EM LOCAL COM NÍVEL BAIXO DE INTERFERÊNCIAS (NÃO INCLUI FORNECIMENTO). AF_11/2017","M",null,70.900000000000006,"CAIXA REFERENCIAL"]
["ASSENTAMENTO DE TUBOS E PECAS","ASTU","FORNEC E/OU ASSENT DE TUBO DE ACO COM JUNTA SOLDADA",46,null,null,97190,"ASSENTAMENTO DE TUBO DE AÇO CARBONO PARA REDE DE ÁGUA, DN 1600 MM (64\u0092\u0092) OU DN 1700 MM (68\u0092\u0092), JUNTA SOLDADA, INSTALADO EM LOCAL COM NÍVEL BAIXO DE INTERFERÊNCIAS (NÃO INCLUI FORNECIMENTO). AF_11/2017","M",null,80.16,"CAIXA REFERENCIAL"]
["ASSENTAMENTO DE TUBOS E PECAS","ASTU","FORNEC E/OU ASSENT DE TUBO DE ACO COM JUNTA SOLDADA",46,null,null,97191,"ASSENTAMENTO DE TUBO DE AÇO CARBONO PARA REDE DE ÁGUA, DN 1800 MM (72\u0092\u0092) OU DN 1900 MM (76\u0092\u0092), JUNTA SOLDADA, INSTALADO EM LOCAL COM NÍVEL BAIXO DE INTERFERÊNCIAS (NÃO INCLUI FORNECIMENTO). AF_11/2017","M",null,92.9,"CAIXA REFERENCIAL"]
["ASSENTAMENTO DE TUBOS E PECAS","ASTU","FORNEC E/OU ASSENT DE TUBO DE ACO COM JUNTA SOLDADA",46,null,null,97192,"ASSENTAMENTO DE TUBO DE AÇO CARBONO PARA REDE DE ÁGUA, DN 2000 MM (80\u0092\u0092) OU DN 2100 MM (84\u0092\u0092), JUNTA SOLDADA, INSTALADO EM LOCAL COM NÍVEL BAIXO DE INTERFERÊNCIAS (NÃO INCLUI FORNECIMENTO). AF_11/2017","M",null,102.54,"CAIXA REFERENCIAL"]
["ASSENTAMENTO DE TUBOS E PECAS","ASTU","FORNEC E/OU ASSENT DE TUBO DE PVC COM JUNTA ELASTICA",48,null,null,90694,"TUBO DE PVC PARA REDE COLETORA DE ESGOTO DE PAREDE MACIÇA, DN 100 MM, JUNTA ELÁSTICA - FORNECIMENTO E ASSENTAMENTO. AF_01/2021","M",null,45.94,"CAIXA REFERENCIAL"]
["ASSENTAMENTO DE TUBOS E PECAS","ASTU","FORNEC E/OU ASSENT DE TUBO DE PVC COM JUNTA ELASTICA",48,null,null,90695,"TUBO DE PVC PARA REDE COLETORA DE ESGOTO DE PAREDE MACIÇA, DN 150 MM, JUNTA ELÁSTICA  - FORNECIMENTO E ASSENTAMENTO. AF_01/2021","M",null,87.08,"CAIXA REFERENCIAL"]
["ASSENTAMENTO DE TUBOS E PECAS","ASTU","FORNEC E/OU ASSENT DE TUBO DE PVC COM JUNTA ELASTICA",48,null,null,90696,"TUBO DE PVC PARA REDE COLETORA DE ESGOTO DE PAREDE MACIÇA, DN 200 MM, JUNTA ELÁSTICA - FORNECIMENTO E ASSENTAMENTO. AF_01/2021","M",null,145.30000000000001,"CAIXA REFERENCIAL"]
["ASSENTAMENTO DE TUBOS E PECAS","ASTU","FORNEC E/OU ASSENT DE TUBO DE PVC COM JUNTA ELASTICA",48,null,null,90697,"TUBO DE PVC PARA REDE COLETORA DE ESGOTO DE PAREDE MACIÇA, DN 250 MM, JUNTA ELÁSTICA  - FORNECIMENTO E ASSENTAMENTO. AF_01/2021","M",null,225.22,"CAIXA REFERENCIAL"]
["ASSENTAMENTO DE TUBOS E PECAS","ASTU","FORNEC E/OU ASSENT DE TUBO DE PVC COM JUNTA ELASTICA",48,null,null,90698,"TUBO DE PVC PARA REDE COLETORA DE ESGOTO DE PAREDE MACIÇA, DN 300 MM, JUNTA ELÁSTICA,  FORNECIMENTO E ASSENTAMENTO. AF_01/2021","M",null,344.07,"CAIXA REFERENCIAL"]
["ASSENTAMENTO DE TUBOS E PECAS","ASTU","FORNEC E/OU ASSENT DE TUBO DE PVC COM JUNTA ELASTICA",48,null,null,90699,"TUBO DE PVC PARA REDE COLETORA DE ESGOTO DE PAREDE MACIÇA, DN 350 MM, JUNTA ELÁSTICA  - FORNECIMENTO E ASSENTAMENTO. AF_01/2021","M",null,484.1,"CAIXA REFERENCIAL"]
["ASSENTAMENTO DE TUBOS E PECAS","ASTU","FORNEC E/OU ASSENT DE TUBO DE PVC COM JUNTA ELASTICA",48,null,null,90700,"TUBO DE PVC PARA REDE COLETORA DE ESGOTO DE PAREDE MACIÇA, DN 400 MM, JUNTA ELÁSTICA  FORNECIMENTO E ASSENTAMENTO. AF_01/2021","M",null,565.35,"CAIXA REFERENCIAL"]
["ASSENTAMENTO DE TUBOS E PECAS","ASTU","FORNEC E/OU ASSENT DE TUBO DE PVC COM JUNTA ELASTICA",48,null,null,90701,"TUBO DE PVC CORRUGADO DE DUPLA PAREDE PARA REDE COLETORA DE ESGOTO, DN 150 MM, JUNTA ELÁSTICA - FORNECIMENTO E ASSENTAMENTO. AF_01/2021","M",null,69.400000000000006,"CAIXA REFERENCIAL"]
["ASSENTAMENTO DE TUBOS E PECAS","ASTU","FORNEC E/OU ASSENT DE TUBO DE PVC COM JUNTA ELASTICA",48,null,null,90702,"TUBO DE PVC CORRUGADO DE DUPLA PAREDE PARA REDE COLETORA DE ESGOTO, DN 200 MM, JUNTA ELÁSTICA - FORNECIMENTO E ASSENTAMENTO. AF_01/2021","M",null,114.55,"CAIXA REFERENCIAL"]
["ASSENTAMENTO DE TUBOS E PECAS","ASTU","FORNEC E/OU ASSENT DE TUBO DE PVC COM JUNTA ELASTICA",48,null,null,90703,"TUBO DE PVC CORRUGADO DE DUPLA PAREDE PARA REDE COLETORA DE ESGOTO, DN 250 MM, JUNTA ELÁSTICA - FORNECIMENTO E ASSENTAMENTO. AF_01/2021","M",null,180.49,"CAIXA REFERENCIAL"]
["ASSENTAMENTO DE TUBOS E PECAS","ASTU","FORNEC E/OU ASSENT DE TUBO DE PVC COM JUNTA ELASTICA",48,null,null,90704,"TUBO DE PVC CORRUGADO DE DUPLA PAREDE PARA REDE COLETORA DE ESGOTO, DN 300 MM, JUNTA ELÁSTICA - FORNECIMENTO E ASSENTAMENTO. AF_01/2021","M",null,270.45999999999998,"CAIXA REFERENCIAL"]
["ASSENTAMENTO DE TUBOS E PECAS","ASTU","FORNEC E/OU ASSENT DE TUBO DE PVC COM JUNTA ELASTICA",48,null,null,90705,"TUBO DE PVC CORRUGADO DE DUPLA PAREDE PARA REDE COLETORA DE ESGOTO, DN 350 MM, JUNTA ELÁSTICA - FORNECIMENTO E ASSENTAMENTO. AF_01/2021","M",null,349.15,"CAIXA REFERENCIAL"]
["ASSENTAMENTO DE TUBOS E PECAS","ASTU","FORNEC E/OU ASSENT DE TUBO DE PVC COM JUNTA ELASTICA",48,null,null,90706,"TUBO DE PVC CORRUGADO DE DUPLA PAREDE PARA REDE COLETORA DE ESGOTO, DN 400 MM, JUNTA ELÁSTICA - FORNECIMENTO E ASSENTAMENTO. AF_01/2021","M",null,463.05,"CAIXA REFERENCIAL"]
["ASSENTAMENTO DE TUBOS E PECAS","ASTU","FORNEC E/OU ASSENT DE TUBO DE PVC COM JUNTA ELASTICA",48,null,null,90708,"TUBO DE PEAD CORRUGADO DE DUPLA PAREDE PARA REDE COLETORA DE ESGOTO, DN 600 MM, JUNTA ELÁSTICA INTEGRADA - FORNECIMENTO E ASSENTAMENTO. AF_01/2021","M",null,1178.3499999999999,"CAIXA REFERENCIAL"]
["ASSENTAMENTO DE TUBOS E PECAS","ASTU","FORNEC E/OU ASSENT DE TUBO DE PVC COM JUNTA ELASTICA",48,null,null,90724,"JUNTA ARGAMASSADA ENTRE TUBO DN 100 MM E O POÇO DE VISITA/ CAIXA DE CONCRETO OU ALVENARIA EM REDES DE ESGOTO. AF_01/2021","UN",null,26.64,"CAIXA REFERENCIAL"]
["ASSENTAMENTO DE TUBOS E PECAS","ASTU","FORNEC E/OU ASSENT DE TUBO DE PVC COM JUNTA ELASTICA",48,null,null,90725,"JUNTA ARGAMASSADA ENTRE TUBO DN 150 MM E O POÇO DE VISITA/ CAIXA DE CONCRETO OU ALVENARIA EM REDES DE ESGOTO. AF_01/2021","UN",null,32.76,"CAIXA REFERENCIAL"]
["ASSENTAMENTO DE TUBOS E PECAS","ASTU","FORNEC E/OU ASSENT DE TUBO DE PVC COM JUNTA ELASTICA",48,null,null,90726,"JUNTA ARGAMASSADA ENTRE TUBO DN 200 MM E O POÇO/ CAIXA DE CONCRETO OU ALVENARIA EM REDES DE ESGOTO. AF_01/2021","UN",null,38.94,"CAIXA REFERENCIAL"]
["ASSENTAMENTO DE TUBOS E PECAS","ASTU","FORNEC E/OU ASSENT DE TUBO DE PVC COM JUNTA ELASTICA",48,null,null,90727,"JUNTA ARGAMASSADA ENTRE TUBO DN 250 MM E O POÇO DE VISITA/ CAIXA DE CONCRETO OU ALVENARIA EM REDES DE ESGOTO. AF_01/2021","UN",null,45.07,"CAIXA REFERENCIAL"]
["ASSENTAMENTO DE TUBOS E PECAS","ASTU","FORNEC E/OU ASSENT DE TUBO DE PVC COM JUNTA ELASTICA",48,null,null,90728,"JUNTA ARGAMASSADA ENTRE TUBO DN 300 MM E O POÇO DE VISITA/ CAIXA DE CONCRETO OU ALVENARIA EM REDES DE ESGOTO. AF_01/2021","UN",null,51.2,"CAIXA REFERENCIAL"]
["ASSENTAMENTO DE TUBOS E PECAS","ASTU","FORNEC E/OU ASSENT DE TUBO DE PVC COM JUNTA ELASTICA",48,null,null,90729,"JUNTA ARGAMASSADA ENTRE TUBO DN 350 MM E O POÇO DE VISITA/ CAIXA DE CONCRETO OU ALVENARIA EM REDES DE ESGOTO. AF_01/2021","UN",null,57.31,"CAIXA REFERENCIAL"]
["ASSENTAMENTO DE TUBOS E PECAS","ASTU","FORNEC E/OU ASSENT DE TUBO DE PVC COM JUNTA ELASTICA",48,null,null,90730,"JUNTA ARGAMASSADA ENTRE TUBO DN 400 MM E O POÇO DE VISITA/ CAIXA DE CONCRETO OU ALVENARIA EM REDES DE ESGOTO. AF_01/2021","UN",null,63.44,"CAIXA REFERENCIAL"]
["ASSENTAMENTO DE TUBOS E PECAS","ASTU","FORNEC E/OU ASSENT DE TUBO DE PVC COM JUNTA ELASTICA",48,null,null,90731,"JUNTA ARGAMASSADA ENTRE TUBO DN 450 MM E O POÇO DE VISITA/ CAIXA DE CONCRETO OU ALVENARIA EM REDES DE ESGOTO. AF_01/2021","UN",null,69.56,"CAIXA REFERENCIAL"]
["ASSENTAMENTO DE TUBOS E PECAS","ASTU","FORNEC E/OU ASSENT DE TUBO DE PVC COM JUNTA ELASTICA",48,null,null,90732,"JUNTA ARGAMASSADA ENTRE TUBO DN 600 MM E O POÇO DE VISITA/ CAIXA DE CONCRETO OU ALVENARIA EM REDES DE ESGOTO. AF_01/2021","UN",null,87.93,"CAIXA REFERENCIAL"]
["ASSENTAMENTO DE TUBOS E PECAS","ASTU","FORNEC E/OU ASSENT DE TUBO DE PVC COM JUNTA ELASTICA",48,null,null,90733,"ASSENTAMENTO DE TUBO DE PVC PARA REDE COLETORA DE ESGOTO DE PAREDE MACIÇA, DN 100 MM, JUNTA ELÁSTICA (NÃO INCLUI FORNECIMENTO). AF_01/2021","M",null,3.76,"CAIXA REFERENCIAL"]
["ASSENTAMENTO DE TUBOS E PECAS","ASTU","FORNEC E/OU ASSENT DE TUBO DE PVC COM JUNTA ELASTICA",48,null,null,90734,"ASSENTAMENTO DE TUBO DE PVC PARA REDE COLETORA DE ESGOTO DE PAREDE MACIÇA, DN 150 MM, JUNTA ELÁSTICA,  (NÃO INCLUI FORNECIMENTO). AF_01/2021","M",null,4.46,"CAIXA REFERENCIAL"]
["ASSENTAMENTO DE TUBOS E PECAS","ASTU","FORNEC E/OU ASSENT DE TUBO DE PVC COM JUNTA ELASTICA",48,null,null,90735,"ASSENTAMENTO DE TUBO DE PVC PARA REDE COLETORA DE ESGOTO DE PAREDE MACIÇA, DN 200 MM, JUNTA ELÁSTICA (NÃO INCLUI FORNECIMENTO). AF_01/2021","M",null,5.15,"CAIXA REFERENCIAL"]
["ASSENTAMENTO DE TUBOS E PECAS","ASTU","FORNEC E/OU ASSENT DE TUBO DE PVC COM JUNTA ELASTICA",48,null,null,90736,"ASSENTAMENTO DE TUBO DE PVC PARA REDE COLETORA DE ESGOTO DE PAREDE MACIÇA, DN 250 MM, JUNTA ELÁSTICA (NÃO INCLUI FORNECIMENTO). AF_01/2021","M",null,5.84,"CAIXA REFERENCIAL"]
["ASSENTAMENTO DE TUBOS E PECAS","ASTU","FORNEC E/OU ASSENT DE TUBO DE PVC COM JUNTA ELASTICA",48,null,null,90737,"ASSENTAMENTO DE TUBO DE PVC PARA REDE COLETORA DE ESGOTO DE PAREDE MACIÇA, DN 300 MM, JUNTA ELÁSTICA  (NÃO INCLUI FORNECIMENTO). AF_01/2021","M",null,6.55,"CAIXA REFERENCIAL"]
["ASSENTAMENTO DE TUBOS E PECAS","ASTU","FORNEC E/OU ASSENT DE TUBO DE PVC COM JUNTA ELASTICA",48,null,null,90738,"ASSENTAMENTO DE TUBO DE PVC PARA REDE COLETORA DE ESGOTO DE PAREDE MACIÇA, DN 350 MM, JUNTA ELÁSTICA (NÃO INCLUI FORNECIMENTO). AF_01/2021","M",null,7.24,"CAIXA REFERENCIAL"]
["ASSENTAMENTO DE TUBOS E PECAS","ASTU","FORNEC E/OU ASSENT DE TUBO DE PVC COM JUNTA ELASTICA",48,null,null,90739,"ASSENTAMENTO DE TUBO DE PVC PARA REDE COLETORA DE ESGOTO DE PAREDE MACIÇA, DN 400 MM, JUNTA ELÁSTICA (NÃO INCLUI FORNECIMENTO). AF_01/2021","M",null,10.01,"CAIXA REFERENCIAL"]
["ASSENTAMENTO DE TUBOS E PECAS","ASTU","FORNEC E/OU ASSENT DE TUBO DE PVC COM JUNTA ELASTICA",48,null,null,90740,"ASSENTAMENTO DE TUBO DE PVC CORRUGADO DE DUPLA PAREDE PARA REDE COLETORA DE ESGOTO, DN 150 MM, JUNTA ELÁSTICA (NÃO INCLUI FORNECIMENTO). AF_01/2021","M",null,4.96,"CAIXA REFERENCIAL"]
["ASSENTAMENTO DE TUBOS E PECAS","ASTU","FORNEC E/OU ASSENT DE TUBO DE PVC COM JUNTA ELASTICA",48,null,null,90741,"ASSENTAMENTO DE TUBO DE PVC CORRUGADO DE DUPLA PAREDE PARA REDE COLETORA DE ESGOTO, DN 200 MM, JUNTA ELÁSTICA (NÃO INCLUI FORNECIMENTO). AF_01/2021","M",null,5.66,"CAIXA REFERENCIAL"]
["ASSENTAMENTO DE TUBOS E PECAS","ASTU","FORNEC E/OU ASSENT DE TUBO DE PVC COM JUNTA ELASTICA",48,null,null,90742,"ASSENTAMENTO DE TUBO DE PVC CORRUGADO DE DUPLA PAREDE PARA REDE COLETORA DE ESGOTO, DN 250 MM, JUNTA ELÁSTICA (NÃO INCLUI FORNECIMENTO). AF_01/2021","M",null,6.36,"CAIXA REFERENCIAL"]
["ASSENTAMENTO DE TUBOS E PECAS","ASTU","FORNEC E/OU ASSENT DE TUBO DE PVC COM JUNTA ELASTICA",48,null,null,90743,"ASSENTAMENTO DE TUBO DE PVC CORRUGADO DE DUPLA PAREDE PARA REDE COLETORA DE ESGOTO, DN 300 MM, JUNTA ELÁSTICA (NÃO INCLUI FORNECIMENTO). AF_01/2021","M",null,7.05,"CAIXA REFERENCIAL"]
["ASSENTAMENTO DE TUBOS E PECAS","ASTU","FORNEC E/OU ASSENT DE TUBO DE PVC COM JUNTA ELASTICA",48,null,null,90744,"ASSENTAMENTO DE TUBO DE PVC CORRUGADO DE DUPLA PAREDE PARA REDE COLETORA DE ESGOTO, DN 350 MM, JUNTA ELÁSTICA (NÃO INCLUI FORNECIMENTO). AF_01/2021","M",null,7.75,"CAIXA REFERENCIAL"]
["ASSENTAMENTO DE TUBOS E PECAS","ASTU","FORNEC E/OU ASSENT DE TUBO DE PVC COM JUNTA ELASTICA",48,null,null,90745,"ASSENTAMENTO DE TUBO DE PVC CORRUGADO DE DUPLA PAREDE PARA REDE COLETORA DE ESGOTO, DN 400 MM, JUNTA ELÁSTICA  (NÃO INCLUI FORNECIMENTO). AF_01/2021","M",null,11.18,"CAIXA REFERENCIAL"]
["ASSENTAMENTO DE TUBOS E PECAS","ASTU","FORNEC E/OU ASSENT DE TUBO DE PVC COM JUNTA ELASTICA",48,null,null,90746,"ASSENTAMENTO DE TUBO DE PEAD CORRUGADO DE DUPLA PAREDE PARA REDE COLETORA DE ESGOTO, DN 450 MM, JUNTA ELÁSTICA INTEGRADA (NÃO INCLUI FORNECIMENTO). AF_01/2021","M",null,4.07,"CAIXA REFERENCIAL"]
["ASSENTAMENTO DE TUBOS E PECAS","ASTU","FORNEC E/OU ASSENT DE TUBO DE PVC COM JUNTA ELASTICA",48,null,null,90747,"ASSENTAMENTO DE TUBO DE PEAD CORRUGADO DE DUPLA PAREDE PARA REDE COLETORA DE ESGOTO, DN 600 MM, JUNTA ELÁSTICA INTEGRADA (NÃO INCLUI FORNECIMENTO). AF_01/2021","M",null,18.18,"CAIXA REFERENCIAL"]
["ASSENTAMENTO DE TUBOS E PECAS","ASTU","FORNEC E/OU ASSENT DE TUBO DE PVC COM JUNTA ELASTICA",48,null,null,94869,"TUBO DE PEAD CORRUGADO DE DUPLA PAREDE PARA REDE COLETORA DE ESGOTO, DN 250 MM, JUNTA ELÁSTICA INTEGRADA - FORNECIMENTO E ASSENTAMENTO. AF_01/2021","M",null,208.3,"CAIXA REFERENCIAL"]
["ASSENTAMENTO DE TUBOS E PECAS","ASTU","FORNEC E/OU ASSENT DE TUBO DE PVC COM JUNTA ELASTICA",48,null,null,94870,"ASSENTAMENTO DE TUBO DE PEAD CORRUGADO DE DUPLA PAREDE PARA REDE COLETORA DE ESGOTO, DN 250 MM, JUNTA ELÁSTICA INTEGRADA (NÃO INCLUI FORNECIMENTO). AF_01/2021","M",null,1.86,"CAIXA REFERENCIAL"]
["ASSENTAMENTO DE TUBOS E PECAS","ASTU","FORNEC E/OU ASSENT DE TUBO DE PVC COM JUNTA ELASTICA",48,null,null,94871,"TUBO DE PEAD CORRUGADO DE DUPLA PAREDE PARA REDE COLETORA DE ESGOTO, DN 300 MM, JUNTA ELÁSTICA INTEGRADA - FORNECIMENTO E ASSENTAMENTO. AF_01/2021","M",null,326.12,"CAIXA REFERENCIAL"]
["ASSENTAMENTO DE TUBOS E PECAS","ASTU","FORNEC E/OU ASSENT DE TUBO DE PVC COM JUNTA ELASTICA",48,null,null,94872,"ASSENTAMENTO DE TUBO DE PEAD CORRUGADO DE DUPLA PAREDE PARA REDE COLETORA DE ESGOTO, DN 300 MM, JUNTA ELÁSTICA INTEGRADA  (NÃO INCLUI FORNECIMENTO). AF_01/2021","M",null,2.69,"CAIXA REFERENCIAL"]
["ASSENTAMENTO DE TUBOS E PECAS","ASTU","FORNEC E/OU ASSENT DE TUBO DE PVC COM JUNTA ELASTICA",48,null,null,94875,"TUBO DE PEAD CORRUGADO DE DUPLA PAREDE PARA REDE COLETORA DE ESGOTO, DN 800 MM, JUNTA ELÁSTICA INTEGRADA - FORNECIMENTO E ASSENTAMENTO. AF_01/2021","M",null,1914.39,"CAIXA REFERENCIAL"]
["ASSENTAMENTO DE TUBOS E PECAS","ASTU","FORNEC E/OU ASSENT DE TUBO DE PVC COM JUNTA ELASTICA",48,null,null,94876,"ASSENTAMENTO DE TUBO DE PEAD CORRUGADO DE DUPLA PAREDE PARA REDE COLETORA DE ESGOTO, DN 800 MM, JUNTA ELÁSTICA INTEGRADA  (NÃO INCLUI FORNECIMENTO). AF_01/2021","M",null,29.92,"CAIXA REFERENCIAL"]
["ASSENTAMENTO DE TUBOS E PECAS","ASTU","FORNEC E/OU ASSENT DE TUBO DE PVC COM JUNTA ELASTICA",48,null,null,94878,"ASSENTAMENTO DE TUBO DE PEAD CORRUGADO DE DUPLA PAREDE PARA REDE COLETORA DE ESGOTO, DN 900 MM, JUNTA ELÁSTICA INTEGRADA (NÃO INCLUI FORNECIMENTO). AF_01/2021","M",null,34.68,"CAIXA REFERENCIAL"]
["ASSENTAMENTO DE TUBOS E PECAS","ASTU","FORNEC E/OU ASSENT DE TUBO DE PVC COM JUNTA ELASTICA",48,null,null,94879,"TUBO DE PEAD CORRUGADO DE DUPLA PAREDE PARA REDE COLETORA DE ESGOTO, DN 1000 MM, JUNTA ELÁSTICA INTEGRADA - FORNECIMENTO E ASSENTAMENTO. AF_01/2021","M",null,2947.31,"CAIXA REFERENCIAL"]
["ASSENTAMENTO DE TUBOS E PECAS","ASTU","FORNEC E/OU ASSENT DE TUBO DE PVC COM JUNTA ELASTICA",48,null,null,94880,"ASSENTAMENTO DE TUBO DE PEAD CORRUGADO DE DUPLA PAREDE PARA REDE COLETORA DE ESGOTO, DN 1000 MM, JUNTA ELÁSTICA INTEGRADA (NÃO INCLUI FORNECIMENTO). AF_01/2021","M",null,44.33,"CAIXA REFERENCIAL"]
["ASSENTAMENTO DE TUBOS E PECAS","ASTU","FORNEC E/OU ASSENT DE TUBO DE PVC COM JUNTA ELASTICA",48,null,null,94881,"TUBO DE PEAD CORRUGADO DE DUPLA PAREDE PARA REDE COLETORA DE ESGOTO, DN 1200 MM, JUNTA ELÁSTICA INTEGRADA - FORNECIMENTO E ASSENTAMENTO. AF_01/2021","M",null,4063.82,"CAIXA REFERENCIAL"]
["ASSENTAMENTO DE TUBOS E PECAS","ASTU","FORNEC E/OU ASSENT DE TUBO DE PVC COM JUNTA ELASTICA",48,null,null,94882,"ASSENTAMENTO DE TUBO DE PEAD CORRUGADO DE DUPLA PAREDE PARA REDE COLETORA DE ESGOTO, DN 1200 MM, JUNTA ELÁSTICA INTEGRADA (NÃO INCLUI FORNECIMENTO). AF_01/2021","M",null,51.71,"CAIXA REFERENCIAL"]
["ASSENTAMENTO DE TUBOS E PECAS","ASTU","FORNEC E/OU ASSENT DE TUBO DE PVC COM JUNTA ELASTICA",48,null,null,94884,"ASSENTAMENTO DE TUBO DE PEAD CORRUGADO DE DUPLA PAREDE PARA REDE COLETORA DE ESGOTO, DN 1500 MM, JUNTA ELÁSTICA INTEGRADA (NÃO INCLUI FORNECIMENTO). AF_01/2021","M",null,66.650000000000006,"CAIXA REFERENCIAL"]
["ASSENTAMENTO DE TUBOS E PECAS","ASTU","FORNEC E/OU ASSENT DE TUBO DE PVC COM JUNTA ELASTICA",48,null,null,97121,"ASSENTAMENTO DE TUBO DE PVC PBA PARA REDE DE ÁGUA, DN 50 MM, JUNTA ELÁSTICA INTEGRADA, INSTALADO EM LOCAL COM NÍVEL ALTO DE INTERFERÊNCIAS (NÃO INCLUI FORNECIMENTO). AF_11/2017","M",null,2.21,"CAIXA REFERENCIAL"]
["ASSENTAMENTO DE TUBOS E PECAS","ASTU","FORNEC E/OU ASSENT DE TUBO DE PVC COM JUNTA ELASTICA",48,null,null,97122,"ASSENTAMENTO DE TUBO DE PVC PBA PARA REDE DE ÁGUA, DN 75 MM, JUNTA ELÁSTICA INTEGRADA, INSTALADO EM LOCAL COM NÍVEL ALTO DE INTERFERÊNCIAS (NÃO INCLUI FORNECIMENTO). AF_11/2017","M",null,3.07,"CAIXA REFERENCIAL"]
["ASSENTAMENTO DE TUBOS E PECAS","ASTU","FORNEC E/OU ASSENT DE TUBO DE PVC COM JUNTA ELASTICA",48,null,null,97123,"ASSENTAMENTO DE TUBO DE PVC PBA PARA REDE DE ÁGUA, DN 100 MM, JUNTA ELÁSTICA INTEGRADA, INSTALADO EM LOCAL COM NÍVEL ALTO DE INTERFERÊNCIAS (NÃO INCLUI FORNECIMENTO). AF_11/2017","M",null,3.9,"CAIXA REFERENCIAL"]
["ASSENTAMENTO DE TUBOS E PECAS","ASTU","FORNEC E/OU ASSENT DE TUBO DE PVC COM JUNTA ELASTICA",48,null,null,97124,"ASSENTAMENTO DE TUBO DE PVC PBA PARA REDE DE ÁGUA, DN 50 MM, JUNTA ELÁSTICA INTEGRADA, INSTALADO EM LOCAL COM NÍVEL BAIXO DE INTERFERÊNCIAS (NÃO INCLUI FORNECIMENTO). AF_11/2017","M",null,0.96,"CAIXA REFERENCIAL"]
["ASSENTAMENTO DE TUBOS E PECAS","ASTU","FORNEC E/OU ASSENT DE TUBO DE PVC COM JUNTA ELASTICA",48,null,null,97125,"ASSENTAMENTO DE TUBO DE PVC PBA PARA REDE DE ÁGUA, DN 75 MM, JUNTA ELÁSTICA INTEGRADA, INSTALADO EM LOCAL COM NÍVEL BAIXO DE INTERFERÊNCIAS (NÃO INCLUI FORNECIMENTO). AF_11/2017","M",null,1.37,"CAIXA REFERENCIAL"]
["ASSENTAMENTO DE TUBOS E PECAS","ASTU","FORNEC E/OU ASSENT DE TUBO DE PVC COM JUNTA ELASTICA",48,null,null,97126,"ASSENTAMENTO DE TUBO DE PVC PBA PARA REDE DE ÁGUA, DN 100 MM, JUNTA ELÁSTICA INTEGRADA, INSTALADO EM LOCAL COM NÍVEL BAIXO DE INTERFERÊNCIAS (NÃO INCLUI FORNECIMENTO). AF_11/2017","M",null,1.74,"CAIXA REFERENCIAL"]
["ASSENTAMENTO DE TUBOS E PECAS","ASTU","FORNEC E/OU ASSENT DE TUBO DE PVC COM JUNTA ELASTICA",48,null,null,102264,"TUBO DE PVC BRANCO PARA REDE COLETORA DE ESGOTO CONDOMINIAL DE PAREDE MACIÇA, DN 100 MM, JUNTA ELÁSTICA - FORNECIMENTO E ASSENTAMENTO. AF_01/2021","M",null,20.37,"CAIXA REFERENCIAL"]
["ASSENTAMENTO DE TUBOS E PECAS","ASTU","FORNEC E/OU ASSENT DE TUBO DE PVC COM JUNTA ELASTICA",48,null,null,102265,"JUNTA ARGAMASSADA ENTRE TUBO DN 800 MM E O POÇO DE VISITA/ CAIXA DE CONCRETO OU ALVENARIA EM REDES DE ESGOTO. AF_01/2021","UN",null,112.41,"CAIXA REFERENCIAL"]
["ASSENTAMENTO DE TUBOS E PECAS","ASTU","FORNEC E/OU ASSENT DE TUBO DE PVC COM JUNTA ELASTICA",48,null,null,102266,"JUNTA ARGAMASSADA ENTRE TUBO DN 900 MM E O POÇO DE VISITA/ CAIXA DE CONCRETO OU ALVENARIA EM REDES DE ESGOTO. AF_01/2021","UN",null,124.65,"CAIXA REFERENCIAL"]
["ASSENTAMENTO DE TUBOS E PECAS","ASTU","FORNEC E/OU ASSENT DE TUBO DE PVC COM JUNTA ELASTICA",48,null,null,102267,"JUNTA ARGAMASSADA ENTRE TUBO DN 1000 MM E O POÇO DE VISITA/ CAIXA DE CONCRETO OU ALVENARIA EM REDES DE ESGOTO. AF_01/2021","UN",null,143.09,"CAIXA REFERENCIAL"]
["ASSENTAMENTO DE TUBOS E PECAS","ASTU","FORNEC E/OU ASSENT DE TUBO DE PVC COM JUNTA ELASTICA",48,null,null,102268,"JUNTA ARGAMASSADA ENTRE TUBO DN 1200 MM E O POÇO DE VISITA/ CAIXA DE CONCRETO OU ALVENARIA EM REDES DE ESGOTO. AF_01/2021","UN",null,161.44999999999999,"CAIXA REFERENCIAL"]
["ASSENTAMENTO DE TUBOS E PECAS","ASTU","FORNEC E/OU ASSENT DE TUBO DE PVC COM JUNTA ELASTICA",48,null,null,102269,"JUNTA ARGAMASSADA ENTRE TUBO DN 1500 MM E O POÇO DE VISITA/ CAIXA DE CONCRETO OU ALVENARIA EM REDES DE ESGOTO. AF_01/2021","UN",null,198.19,"CAIXA REFERENCIAL"]
["ASSENTAMENTO DE TUBOS E PECAS","ASTU","FORNEC E/OU ASSENT DE TUBO DE CONCRETO COM JUNTA ELASTICA",51,null,null,92833,"TUBO DE CONCRETO PARA REDES COLETORAS DE ESGOTO SANITÁRIO, DIÂMETRO DE 300 MM, JUNTA ELÁSTICA, INSTALADO EM LOCAL COM BAIXO NÍVEL DE INTERFERÊNCIAS - FORNECIMENTO E ASSENTAMENTO. AF_12/2015","M",null,186.18,"CAIXA REFERENCIAL"]
["ASSENTAMENTO DE TUBOS E PECAS","ASTU","FORNEC E/OU ASSENT DE TUBO DE CONCRETO COM JUNTA ELASTICA",51,null,null,92834,"ASSENTAMENTO DE TUBO DE CONCRETO PARA REDES COLETORAS DE ESGOTO SANITÁRIO, DIÂMETRO DE 300 MM, JUNTA ELÁSTICA, INSTALADO EM LOCAL COM BAIXO NÍVEL DE INTERFERÊNCIAS (NÃO INCLUI FORNECIMENTO). AF_12/2015","M",null,9.73,"CAIXA REFERENCIAL"]
["ASSENTAMENTO DE TUBOS E PECAS","ASTU","FORNEC E/OU ASSENT DE TUBO DE CONCRETO COM JUNTA ELASTICA",51,null,null,92835,"TUBO DE CONCRETO PARA REDES COLETORAS DE ESGOTO SANITÁRIO, DIÂMETRO DE 400 MM, JUNTA ELÁSTICA, INSTALADO EM LOCAL COM BAIXO NÍVEL DE INTERFERÊNCIAS - FORNECIMENTO E ASSENTAMENTO. AF_12/2015","M",null,196.08,"CAIXA REFERENCIAL"]
["ASSENTAMENTO DE TUBOS E PECAS","ASTU","FORNEC E/OU ASSENT DE TUBO DE CONCRETO COM JUNTA ELASTICA",51,null,null,92836,"ASSENTAMENTO DE TUBO DE CONCRETO PARA REDES COLETORAS DE ESGOTO SANITÁRIO, DIÂMETRO DE 400 MM, JUNTA ELÁSTICA, INSTALADO EM LOCAL COM BAIXO NÍVEL DE INTERFERÊNCIAS (NÃO INCLUI FORNECIMENTO). AF_12/2015","M",null,12.42,"CAIXA REFERENCIAL"]
["ASSENTAMENTO DE TUBOS E PECAS","ASTU","FORNEC E/OU ASSENT DE TUBO DE CONCRETO COM JUNTA ELASTICA",51,null,null,92837,"TUBO DE CONCRETO PARA REDES COLETORAS DE ESGOTO SANITÁRIO, DIÂMETRO DE 500 MM, JUNTA ELÁSTICA, INSTALADO EM LOCAL COM BAIXO NÍVEL DE INTERFERÊNCIAS - FORNECIMENTO E ASSENTAMENTO. AF_12/2015","M",null,342.04,"CAIXA REFERENCIAL"]
["ASSENTAMENTO DE TUBOS E PECAS","ASTU","FORNEC E/OU ASSENT DE TUBO DE CONCRETO COM JUNTA ELASTICA",51,null,null,92838,"ASSENTAMENTO DE TUBO DE CONCRETO PARA REDES COLETORAS DE ESGOTO SANITÁRIO, DIÂMETRO DE 500 MM, JUNTA ELÁSTICA, INSTALADO EM LOCAL COM BAIXO NÍVEL DE INTERFERÊNCIAS (NÃO INCLUI FORNECIMENTO). AF_12/2015","M",null,14.88,"CAIXA REFERENCIAL"]
["ASSENTAMENTO DE TUBOS E PECAS","ASTU","FORNEC E/OU ASSENT DE TUBO DE CONCRETO COM JUNTA ELASTICA",51,null,null,92839,"TUBO DE CONCRETO PARA REDES COLETORAS DE ESGOTO SANITÁRIO, DIÂMETRO DE 600 MM, JUNTA ELÁSTICA, INSTALADO EM LOCAL COM BAIXO NÍVEL DE INTERFERÊNCIAS - FORNECIMENTO E ASSENTAMENTO. AF_12/2015","M",null,418.14,"CAIXA REFERENCIAL"]
["ASSENTAMENTO DE TUBOS E PECAS","ASTU","FORNEC E/OU ASSENT DE TUBO DE CONCRETO COM JUNTA ELASTICA",51,null,null,92840,"ASSENTAMENTO DE TUBO DE CONCRETO PARA REDES COLETORAS DE ESGOTO SANITÁRIO, DIÂMETRO DE 600 MM, JUNTA ELÁSTICA, INSTALADO EM LOCAL COM BAIXO NÍVEL DE INTERFERÊNCIAS (NÃO INCLUI FORNECIMENTO). AF_12/2015","M",null,17.649999999999999,"CAIXA REFERENCIAL"]
["ASSENTAMENTO DE TUBOS E PECAS","ASTU","FORNEC E/OU ASSENT DE TUBO DE CONCRETO COM JUNTA ELASTICA",51,null,null,92841,"TUBO DE CONCRETO PARA REDES COLETORAS DE ESGOTO SANITÁRIO, DIÂMETRO DE 700 MM, JUNTA ELÁSTICA, INSTALADO EM LOCAL COM BAIXO NÍVEL DE INTERFERÊNCIAS - FORNECIMENTO E ASSENTAMENTO. AF_12/2015","M",null,544.80999999999995,"CAIXA REFERENCIAL"]
["ASSENTAMENTO DE TUBOS E PECAS","ASTU","FORNEC E/OU ASSENT DE TUBO DE CONCRETO COM JUNTA ELASTICA",51,null,null,92842,"ASSENTAMENTO DE TUBO DE CONCRETO PARA REDES COLETORAS DE ESGOTO SANITÁRIO, DIÂMETRO DE 700 MM, JUNTA ELÁSTICA, INSTALADO EM LOCAL COM BAIXO NÍVEL DE INTERFERÊNCIAS (NÃO INCLUI FORNECIMENTO). AF_12/2015","M",null,20.14,"CAIXA REFERENCIAL"]
["ASSENTAMENTO DE TUBOS E PECAS","ASTU","FORNEC E/OU ASSENT DE TUBO DE CONCRETO COM JUNTA ELASTICA",51,null,null,92843,"TUBO DE CONCRETO PARA REDES COLETORAS DE ESGOTO SANITÁRIO, DIÂMETRO DE 800 MM, JUNTA ELÁSTICA, INSTALADO EM LOCAL COM BAIXO NÍVEL DE INTERFERÊNCIAS - FORNECIMENTO E ASSENTAMENTO. AF_12/2015","M",null,566.96,"CAIXA REFERENCIAL"]
["ASSENTAMENTO DE TUBOS E PECAS","ASTU","FORNEC E/OU ASSENT DE TUBO DE CONCRETO COM JUNTA ELASTICA",51,null,null,92844,"ASSENTAMENTO DE TUBO DE CONCRETO PARA REDES COLETORAS DE ESGOTO SANITÁRIO, DIÂMETRO DE 800 MM, JUNTA ELÁSTICA, INSTALADO EM LOCAL COM BAIXO NÍVEL DE INTERFERÊNCIAS (NÃO INCLUI FORNECIMENTO). AF_12/2015","M",null,22.91,"CAIXA REFERENCIAL"]
["ASSENTAMENTO DE TUBOS E PECAS","ASTU","FORNEC E/OU ASSENT DE TUBO DE CONCRETO COM JUNTA ELASTICA",51,null,null,92845,"TUBO DE CONCRETO PARA REDES COLETORAS DE ESGOTO SANITÁRIO, DIÂMETRO DE 900 MM, JUNTA ELÁSTICA, INSTALADO EM LOCAL COM BAIXO NÍVEL DE INTERFERÊNCIAS - FORNECIMENTO E ASSENTAMENTO. AF_12/2015","M",null,834.02,"CAIXA REFERENCIAL"]
["ASSENTAMENTO DE TUBOS E PECAS","ASTU","FORNEC E/OU ASSENT DE TUBO DE CONCRETO COM JUNTA ELASTICA",51,null,null,92846,"ASSENTAMENTO DE TUBO DE CONCRETO PARA REDES COLETORAS DE ESGOTO SANITÁRIO, DIÂMETRO DE 900 MM, JUNTA ELÁSTICA, INSTALADO EM LOCAL COM BAIXO NÍVEL DE INTERFERÊNCIAS (NÃO INCLUI FORNECIMENTO). AF_12/2015","M",null,25.38,"CAIXA REFERENCIAL"]
["ASSENTAMENTO DE TUBOS E PECAS","ASTU","FORNEC E/OU ASSENT DE TUBO DE CONCRETO COM JUNTA ELASTICA",51,null,null,92847,"TUBO DE CONCRETO PARA REDES COLETORAS DE ESGOTO SANITÁRIO, DIÂMETRO DE 1000 MM, JUNTA ELÁSTICA, INSTALADO EM LOCAL COM BAIXO NÍVEL DE INTERFERÊNCIAS - FORNECIMENTO E ASSENTAMENTO. AF_12/2015","M",null,861.11,"CAIXA REFERENCIAL"]
["ASSENTAMENTO DE TUBOS E PECAS","ASTU","FORNEC E/OU ASSENT DE TUBO DE CONCRETO COM JUNTA ELASTICA",51,null,null,92848,"ASSENTAMENTO DE TUBO DE CONCRETO PARA REDES COLETORAS DE ESGOTO SANITÁRIO, DIÂMETRO DE 1000 MM, JUNTA ELÁSTICA, INSTALADO EM LOCAL COM BAIXO NÍVEL DE INTERFERÊNCIAS (NÃO INCLUI FORNECIMENTO). AF_12/2015","M",null,28.18,"CAIXA REFERENCIAL"]
["ASSENTAMENTO DE TUBOS E PECAS","ASTU","FORNEC E/OU ASSENT DE TUBO DE CONCRETO COM JUNTA ELASTICA",51,null,null,92849,"TUBO DE CONCRETO PARA REDES COLETORAS DE ESGOTO SANITÁRIO, DIÂMETRO DE 300 MM, JUNTA ELÁSTICA, INSTALADO EM LOCAL COM ALTO NÍVEL DE INTERFERÊNCIAS - FORNECIMENTO E ASSENTAMENTO. AF_12/2015","M",null,194.84,"CAIXA REFERENCIAL"]
["ASSENTAMENTO DE TUBOS E PECAS","ASTU","FORNEC E/OU ASSENT DE TUBO DE CONCRETO COM JUNTA ELASTICA",51,null,null,92850,"ASSENTAMENTO DE TUBO DE CONCRETO PARA REDES COLETORAS DE ESGOTO SANITÁRIO, DIÂMETRO DE 300 MM, JUNTA ELÁSTICA, INSTALADO EM LOCAL COM ALTO NÍVEL DE INTERFERÊNCIAS (NÃO INCLUI FORNECIMENTO). AF_12/2015","M",null,18.39,"CAIXA REFERENCIAL"]
["ASSENTAMENTO DE TUBOS E PECAS","ASTU","FORNEC E/OU ASSENT DE TUBO DE CONCRETO COM JUNTA ELASTICA",51,null,null,92851,"TUBO DE CONCRETO PARA REDES COLETORAS DE ESGOTO SANITÁRIO, DIÂMETRO DE 400 MM, JUNTA ELÁSTICA, INSTALADO EM LOCAL COM ALTO NÍVEL DE INTERFERÊNCIAS - FORNECIMENTO E ASSENTAMENTO. AF_12/2015","M",null,206.87,"CAIXA REFERENCIAL"]
["ASSENTAMENTO DE TUBOS E PECAS","ASTU","FORNEC E/OU ASSENT DE TUBO DE CONCRETO COM JUNTA ELASTICA",51,null,null,92852,"ASSENTAMENTO DE TUBO DE CONCRETO PARA REDES COLETORAS DE ESGOTO SANITÁRIO, DIÂMETRO DE 400 MM, JUNTA ELÁSTICA, INSTALADO EM LOCAL COM ALTO NÍVEL DE INTERFERÊNCIAS (NÃO INCLUI FORNECIMENTO). AF_12/2015","M",null,23.21,"CAIXA REFERENCIAL"]
["ASSENTAMENTO DE TUBOS E PECAS","ASTU","FORNEC E/OU ASSENT DE TUBO DE CONCRETO COM JUNTA ELASTICA",51,null,null,92853,"TUBO DE CONCRETO PARA REDES COLETORAS DE ESGOTO SANITÁRIO, DIÂMETRO DE 500 MM, JUNTA ELÁSTICA, INSTALADO EM LOCAL COM ALTO NÍVEL DE INTERFERÊNCIAS - FORNECIMENTO E ASSENTAMENTO. AF_12/2015","M",null,355.44,"CAIXA REFERENCIAL"]
["ASSENTAMENTO DE TUBOS E PECAS","ASTU","FORNEC E/OU ASSENT DE TUBO DE CONCRETO COM JUNTA ELASTICA",51,null,null,92854,"ASSENTAMENTO DE TUBO DE CONCRETO PARA REDES COLETORAS DE ESGOTO SANITÁRIO, DIÂMETRO DE 500 MM, JUNTA ELÁSTICA, INSTALADO EM LOCAL COM ALTO NÍVEL DE INTERFERÊNCIAS (NÃO INCLUI FORNECIMENTO). AF_12/2015","M",null,28.28,"CAIXA REFERENCIAL"]
["ASSENTAMENTO DE TUBOS E PECAS","ASTU","FORNEC E/OU ASSENT DE TUBO DE CONCRETO COM JUNTA ELASTICA",51,null,null,92855,"TUBO DE CONCRETO PARA REDES COLETORAS DE ESGOTO SANITÁRIO, DIÂMETRO DE 600 MM, JUNTA ELÁSTICA, INSTALADO EM LOCAL COM ALTO NÍVEL DE INTERFERÊNCIAS - FORNECIMENTO E ASSENTAMENTO. AF_12/2015","M",null,433.82,"CAIXA REFERENCIAL"]
["ASSENTAMENTO DE TUBOS E PECAS","ASTU","FORNEC E/OU ASSENT DE TUBO DE CONCRETO COM JUNTA ELASTICA",51,null,null,92856,"ASSENTAMENTO DE TUBO DE CONCRETO PARA REDES COLETORAS DE ESGOTO SANITÁRIO, DIÂMETRO DE 600 MM, JUNTA ELÁSTICA, INSTALADO EM LOCAL COM ALTO NÍVEL DE INTERFERÊNCIAS (NÃO INCLUI FORNECIMENTO). AF_12/2015","M",null,33.33,"CAIXA REFERENCIAL"]
["ASSENTAMENTO DE TUBOS E PECAS","ASTU","FORNEC E/OU ASSENT DE TUBO DE CONCRETO COM JUNTA ELASTICA",51,null,null,92857,"TUBO DE CONCRETO PARA REDES COLETORAS DE ESGOTO SANITÁRIO, DIÂMETRO DE 700 MM, JUNTA ELÁSTICA, INSTALADO EM LOCAL COM ALTO NÍVEL DE INTERFERÊNCIAS - FORNECIMENTO E ASSENTAMENTO. AF_12/2015","M",null,562.79999999999995,"CAIXA REFERENCIAL"]
["ASSENTAMENTO DE TUBOS E PECAS","ASTU","FORNEC E/OU ASSENT DE TUBO DE CONCRETO COM JUNTA ELASTICA",51,null,null,92858,"ASSENTAMENTO DE TUBO DE CONCRETO PARA REDES COLETORAS DE ESGOTO SANITÁRIO, DIÂMETRO DE 700 MM, JUNTA ELÁSTICA, INSTALADO EM LOCAL COM ALTO NÍVEL DE INTERFERÊNCIAS (NÃO INCLUI FORNECIMENTO). AF_12/2015","M",null,38.130000000000003,"CAIXA REFERENCIAL"]
["ASSENTAMENTO DE TUBOS E PECAS","ASTU","FORNEC E/OU ASSENT DE TUBO DE CONCRETO COM JUNTA ELASTICA",51,null,null,92859,"TUBO DE CONCRETO PARA REDES COLETORAS DE ESGOTO SANITÁRIO, DIÂMETRO DE 800 MM, JUNTA ELÁSTICA, INSTALADO EM LOCAL COM ALTO NÍVEL DE INTERFERÊNCIAS - FORNECIMENTO E ASSENTAMENTO. AF_12/2015","M",null,587.35,"CAIXA REFERENCIAL"]
["ASSENTAMENTO DE TUBOS E PECAS","ASTU","FORNEC E/OU ASSENT DE TUBO DE CONCRETO COM JUNTA ELASTICA",51,null,null,92860,"ASSENTAMENTO DE TUBO DE CONCRETO PARA REDES COLETORAS DE ESGOTO SANITÁRIO, DIÂMETRO DE 800 MM, JUNTA ELÁSTICA, INSTALADO EM LOCAL COM ALTO NÍVEL DE INTERFERÊNCIAS (NÃO INCLUI FORNECIMENTO). AF_12/2015","M",null,43.3,"CAIXA REFERENCIAL"]
["ASSENTAMENTO DE TUBOS E PECAS","ASTU","FORNEC E/OU ASSENT DE TUBO DE CONCRETO COM JUNTA ELASTICA",51,null,null,92861,"TUBO DE CONCRETO PARA REDES COLETORAS DE ESGOTO SANITÁRIO, DIÂMETRO DE 900 MM, JUNTA ELÁSTICA, INSTALADO EM LOCAL COM ALTO NÍVEL DE INTERFERÊNCIAS - FORNECIMENTO E ASSENTAMENTO. AF_12/2015","M",null,856.96,"CAIXA REFERENCIAL"]
["ASSENTAMENTO DE TUBOS E PECAS","ASTU","FORNEC E/OU ASSENT DE TUBO DE CONCRETO COM JUNTA ELASTICA",51,null,null,92862,"ASSENTAMENTO DE TUBO DE CONCRETO PARA REDES COLETORAS DE ESGOTO SANITÁRIO, DIÂMETRO DE 900 MM, JUNTA ELÁSTICA, INSTALADO EM LOCAL COM ALTO NÍVEL DE INTERFERÊNCIAS (NÃO INCLUI FORNECIMENTO). AF_12/2015","M",null,48.32,"CAIXA REFERENCIAL"]
["ASSENTAMENTO DE TUBOS E PECAS","ASTU","FORNEC E/OU ASSENT DE TUBO DE CONCRETO COM JUNTA ELASTICA",51,null,null,92863,"TUBO DE CONCRETO PARA REDES COLETORAS DE ESGOTO SANITÁRIO, DIÂMETRO DE 1000 MM, JUNTA ELÁSTICA, INSTALADO EM LOCAL COM ALTO NÍVEL DE INTERFERÊNCIAS - FORNECIMENTO E ASSENTAMENTO. AF_12/2015","M",null,886.31,"CAIXA REFERENCIAL"]
["ASSENTAMENTO DE TUBOS E PECAS","ASTU","FORNEC E/OU ASSENT DE TUBO DE CONCRETO COM JUNTA ELASTICA",51,null,null,92864,"ASSENTAMENTO DE TUBO DE CONCRETO PARA REDES COLETORAS DE ESGOTO SANITÁRIO, DIÂMETRO DE 1000 MM, JUNTA ELÁSTICA, INSTALADO EM LOCAL COM ALTO NÍVEL DE INTERFERÊNCIAS (NÃO INCLUI FORNECIMENTO). AF_12/2015","M",null,53.38,"CAIXA REFERENCIAL"]
["ASSENTAMENTO DE TUBOS E PECAS","ASTU","FORNEC E/OU ASSENT DE TUBO DE CONCRETO COM JUNTA ARGAMASSADA",52,null,null,92210,"TUBO DE CONCRETO PARA REDES COLETORAS DE ÁGUAS PLUVIAIS, DIÂMETRO DE 400 MM, JUNTA RÍGIDA, INSTALADO EM LOCAL COM BAIXO NÍVEL DE INTERFERÊNCIAS - FORNECIMENTO E ASSENTAMENTO. AF_12/2015","M",null,157.25,"CAIXA REFERENCIAL"]
["ASSENTAMENTO DE TUBOS E PECAS","ASTU","FORNEC E/OU ASSENT DE TUBO DE CONCRETO COM JUNTA ARGAMASSADA",52,null,null,92211,"TUBO DE CONCRETO PARA REDES COLETORAS DE ÁGUAS PLUVIAIS, DIÂMETRO DE 500 MM, JUNTA RÍGIDA, INSTALADO EM LOCAL COM BAIXO NÍVEL DE INTERFERÊNCIAS - FORNECIMENTO E ASSENTAMENTO. AF_12/2015","M",null,189.15,"CAIXA REFERENCIAL"]
["ASSENTAMENTO DE TUBOS E PECAS","ASTU","FORNEC E/OU ASSENT DE TUBO DE CONCRETO COM JUNTA ARGAMASSADA",52,null,null,92212,"TUBO DE CONCRETO PARA REDES COLETORAS DE ÁGUAS PLUVIAIS, DIÂMETRO DE 600 MM, JUNTA RÍGIDA, INSTALADO EM LOCAL COM BAIXO NÍVEL DE INTERFERÊNCIAS - FORNECIMENTO E ASSENTAMENTO. AF_12/2015","M",null,276.98,"CAIXA REFERENCIAL"]
["ASSENTAMENTO DE TUBOS E PECAS","ASTU","FORNEC E/OU ASSENT DE TUBO DE CONCRETO COM JUNTA ARGAMASSADA",52,null,null,92213,"TUBO DE CONCRETO PARA REDES COLETORAS DE ÁGUAS PLUVIAIS, DIÂMETRO DE 700 MM, JUNTA RÍGIDA, INSTALADO EM LOCAL COM BAIXO NÍVEL DE INTERFERÊNCIAS - FORNECIMENTO E ASSENTAMENTO. AF_12/2015","M",null,360.82,"CAIXA REFERENCIAL"]
["ASSENTAMENTO DE TUBOS E PECAS","ASTU","FORNEC E/OU ASSENT DE TUBO DE CONCRETO COM JUNTA ARGAMASSADA",52,null,null,92214,"TUBO DE CONCRETO PARA REDES COLETORAS DE ÁGUAS PLUVIAIS, DIÂMETRO DE 800 MM, JUNTA RÍGIDA, INSTALADO EM LOCAL COM BAIXO NÍVEL DE INTERFERÊNCIAS - FORNECIMENTO E ASSENTAMENTO. AF_12/2015","M",null,434.66,"CAIXA REFERENCIAL"]
["ASSENTAMENTO DE TUBOS E PECAS","ASTU","FORNEC E/OU ASSENT DE TUBO DE CONCRETO COM JUNTA ARGAMASSADA",52,null,null,92215,"TUBO DE CONCRETO PARA REDES COLETORAS DE ÁGUAS PLUVIAIS, DIÂMETRO DE 900 MM, JUNTA RÍGIDA, INSTALADO EM LOCAL COM BAIXO NÍVEL DE INTERFERÊNCIAS - FORNECIMENTO E ASSENTAMENTO. AF_12/2015","M",null,498.81,"CAIXA REFERENCIAL"]
["ASSENTAMENTO DE TUBOS E PECAS","ASTU","FORNEC E/OU ASSENT DE TUBO DE CONCRETO COM JUNTA ARGAMASSADA",52,null,null,92216,"TUBO DE CONCRETO PARA REDES COLETORAS DE ÁGUAS PLUVIAIS, DIÂMETRO DE 1000 MM, JUNTA RÍGIDA, INSTALADO EM LOCAL COM BAIXO NÍVEL DE INTERFERÊNCIAS - FORNECIMENTO E ASSENTAMENTO. AF_12/2015","M",null,524.12,"CAIXA REFERENCIAL"]
["ASSENTAMENTO DE TUBOS E PECAS","ASTU","FORNEC E/OU ASSENT DE TUBO DE CONCRETO COM JUNTA ARGAMASSADA",52,null,null,92219,"TUBO DE CONCRETO PARA REDES COLETORAS DE ÁGUAS PLUVIAIS, DIÂMETRO DE 400 MM, JUNTA RÍGIDA, INSTALADO EM LOCAL COM ALTO NÍVEL DE INTERFERÊNCIAS - FORNECIMENTO E ASSENTAMENTO. AF_12/2015","M",null,168.04,"CAIXA REFERENCIAL"]
["ASSENTAMENTO DE TUBOS E PECAS","ASTU","FORNEC E/OU ASSENT DE TUBO DE CONCRETO COM JUNTA ARGAMASSADA",52,null,null,92220,"TUBO DE CONCRETO PARA REDES COLETORAS DE ÁGUAS PLUVIAIS, DIÂMETRO DE 500 MM, JUNTA RÍGIDA, INSTALADO EM LOCAL COM ALTO NÍVEL DE INTERFERÊNCIAS - FORNECIMENTO E ASSENTAMENTO. AF_12/2015","M",null,202.51,"CAIXA REFERENCIAL"]
["ASSENTAMENTO DE TUBOS E PECAS","ASTU","FORNEC E/OU ASSENT DE TUBO DE CONCRETO COM JUNTA ARGAMASSADA",52,null,null,92221,"TUBO DE CONCRETO PARA REDES COLETORAS DE ÁGUAS PLUVIAIS, DIÂMETRO DE 600 MM, JUNTA RÍGIDA, INSTALADO EM LOCAL COM ALTO NÍVEL DE INTERFERÊNCIAS - FORNECIMENTO E ASSENTAMENTO. AF_12/2015","M",null,292.64999999999998,"CAIXA REFERENCIAL"]
["ASSENTAMENTO DE TUBOS E PECAS","ASTU","FORNEC E/OU ASSENT DE TUBO DE CONCRETO COM JUNTA ARGAMASSADA",52,null,null,92222,"TUBO DE CONCRETO PARA REDES COLETORAS DE ÁGUAS PLUVIAIS, DIÂMETRO DE 700 MM, JUNTA RÍGIDA, INSTALADO EM LOCAL COM ALTO NÍVEL DE INTERFERÊNCIAS - FORNECIMENTO E ASSENTAMENTO. AF_12/2015","M",null,379.05,"CAIXA REFERENCIAL"]
["ASSENTAMENTO DE TUBOS E PECAS","ASTU","FORNEC E/OU ASSENT DE TUBO DE CONCRETO COM JUNTA ARGAMASSADA",52,null,null,92223,"TUBO DE CONCRETO PARA REDES COLETORAS DE ÁGUAS PLUVIAIS, DIÂMETRO DE 800 MM, JUNTA RÍGIDA, INSTALADO EM LOCAL COM ALTO NÍVEL DE INTERFERÊNCIAS - FORNECIMENTO E ASSENTAMENTO. AF_12/2015","M",null,455.05,"CAIXA REFERENCIAL"]
["ASSENTAMENTO DE TUBOS E PECAS","ASTU","FORNEC E/OU ASSENT DE TUBO DE CONCRETO COM JUNTA ARGAMASSADA",52,null,null,92224,"TUBO DE CONCRETO PARA REDES COLETORAS DE ÁGUAS PLUVIAIS, DIÂMETRO DE 900 MM, JUNTA RÍGIDA, INSTALADO EM LOCAL COM ALTO NÍVEL DE INTERFERÊNCIAS - FORNECIMENTO E ASSENTAMENTO. AF_12/2015","M",null,521.42999999999995,"CAIXA REFERENCIAL"]
["ASSENTAMENTO DE TUBOS E PECAS","ASTU","FORNEC E/OU ASSENT DE TUBO DE CONCRETO COM JUNTA ARGAMASSADA",52,null,null,92226,"TUBO DE CONCRETO PARA REDES COLETORAS DE ÁGUAS PLUVIAIS, DIÂMETRO DE 1000 MM, JUNTA RÍGIDA, INSTALADO EM LOCAL COM ALTO NÍVEL DE INTERFERÊNCIAS - FORNECIMENTO E ASSENTAMENTO. AF_12/2015","M",null,549.44000000000005,"CAIXA REFERENCIAL"]
["ASSENTAMENTO DE TUBOS E PECAS","ASTU","FORNEC E/OU ASSENT DE TUBO DE CONCRETO COM JUNTA ARGAMASSADA",52,null,null,92808,"ASSENTAMENTO DE TUBO DE CONCRETO PARA REDES COLETORAS DE ÁGUAS PLUVIAIS, DIÂMETRO DE 300 MM, JUNTA RÍGIDA, INSTALADO EM LOCAL COM BAIXO NÍVEL DE INTERFERÊNCIAS (NÃO INCLUI FORNECIMENTO). AF_12/2015","M",null,43.76,"CAIXA REFERENCIAL"]
["ASSENTAMENTO DE TUBOS E PECAS","ASTU","FORNEC E/OU ASSENT DE TUBO DE CONCRETO COM JUNTA ARGAMASSADA",52,null,null,92809,"ASSENTAMENTO DE TUBO DE CONCRETO PARA REDES COLETORAS DE ÁGUAS PLUVIAIS, DIÂMETRO DE 400 MM, JUNTA RÍGIDA, INSTALADO EM LOCAL COM BAIXO NÍVEL DE INTERFERÊNCIAS (NÃO INCLUI FORNECIMENTO). AF_12/2015","M",null,56.12,"CAIXA REFERENCIAL"]
["ASSENTAMENTO DE TUBOS E PECAS","ASTU","FORNEC E/OU ASSENT DE TUBO DE CONCRETO COM JUNTA ARGAMASSADA",52,null,null,92810,"ASSENTAMENTO DE TUBO DE CONCRETO PARA REDES COLETORAS DE ÁGUAS PLUVIAIS, DIÂMETRO DE 500 MM, JUNTA RÍGIDA, INSTALADO EM LOCAL COM BAIXO NÍVEL DE INTERFERÊNCIAS (NÃO INCLUI FORNECIMENTO). AF_12/2015","M",null,68.28,"CAIXA REFERENCIAL"]
["ASSENTAMENTO DE TUBOS E PECAS","ASTU","FORNEC E/OU ASSENT DE TUBO DE CONCRETO COM JUNTA ARGAMASSADA",52,null,null,92811,"ASSENTAMENTO DE TUBO DE CONCRETO PARA REDES COLETORAS DE ÁGUAS PLUVIAIS, DIÂMETRO DE 600 MM, JUNTA RÍGIDA, INSTALADO EM LOCAL COM BAIXO NÍVEL DE INTERFERÊNCIAS (NÃO INCLUI FORNECIMENTO). AF_12/2015","M",null,81.28,"CAIXA REFERENCIAL"]
["ASSENTAMENTO DE TUBOS E PECAS","ASTU","FORNEC E/OU ASSENT DE TUBO DE CONCRETO COM JUNTA ARGAMASSADA",52,null,null,92812,"ASSENTAMENTO DE TUBO DE CONCRETO PARA REDES COLETORAS DE ÁGUAS PLUVIAIS, DIÂMETRO DE 700 MM, JUNTA RÍGIDA, INSTALADO EM LOCAL COM BAIXO NÍVEL DE INTERFERÊNCIAS (NÃO INCLUI FORNECIMENTO). AF_12/2015","M",null,94.09,"CAIXA REFERENCIAL"]
["ASSENTAMENTO DE TUBOS E PECAS","ASTU","FORNEC E/OU ASSENT DE TUBO DE CONCRETO COM JUNTA ARGAMASSADA",52,null,null,92813,"ASSENTAMENTO DE TUBO DE CONCRETO PARA REDES COLETORAS DE ÁGUAS PLUVIAIS, DIÂMETRO DE 800 MM, JUNTA RÍGIDA, INSTALADO EM LOCAL COM BAIXO NÍVEL DE INTERFERÊNCIAS (NÃO INCLUI FORNECIMENTO). AF_12/2015","M",null,109.05,"CAIXA REFERENCIAL"]
["ASSENTAMENTO DE TUBOS E PECAS","ASTU","FORNEC E/OU ASSENT DE TUBO DE CONCRETO COM JUNTA ARGAMASSADA",52,null,null,92814,"ASSENTAMENTO DE TUBO DE CONCRETO PARA REDES COLETORAS DE ÁGUAS PLUVIAIS, DIÂMETRO DE 900 MM, JUNTA RÍGIDA, INSTALADO EM LOCAL COM BAIXO NÍVEL DE INTERFERÊNCIAS (NÃO INCLUI FORNECIMENTO). AF_12/2015","M",null,124.69,"CAIXA REFERENCIAL"]
["ASSENTAMENTO DE TUBOS E PECAS","ASTU","FORNEC E/OU ASSENT DE TUBO DE CONCRETO COM JUNTA ARGAMASSADA",52,null,null,92815,"ASSENTAMENTO DE TUBO DE CONCRETO PARA REDES COLETORAS DE ÁGUAS PLUVIAIS, DIÂMETRO DE 1000 MM, JUNTA RÍGIDA, INSTALADO EM LOCAL COM BAIXO NÍVEL DE INTERFERÊNCIAS (NÃO INCLUI FORNECIMENTO). AF_12/2015","M",null,142.59,"CAIXA REFERENCIAL"]
["ASSENTAMENTO DE TUBOS E PECAS","ASTU","FORNEC E/OU ASSENT DE TUBO DE CONCRETO COM JUNTA ARGAMASSADA",52,null,null,92816,"TUBO DE CONCRETO PARA REDES COLETORAS DE ÁGUAS PLUVIAIS, DIÂMETRO DE 1200 MM, JUNTA RÍGIDA, INSTALADO EM LOCAL COM BAIXO NÍVEL DE INTERFERÊNCIAS - FORNECIMENTO E ASSENTAMENTO. AF_12/2015","M",null,748.24,"CAIXA REFERENCIAL"]
["ASSENTAMENTO DE TUBOS E PECAS","ASTU","FORNEC E/OU ASSENT DE TUBO DE CONCRETO COM JUNTA ARGAMASSADA",52,null,null,92817,"ASSENTAMENTO DE TUBO DE CONCRETO PARA REDES COLETORAS DE ÁGUAS PLUVIAIS, DIÂMETRO DE 1200 MM, JUNTA RÍGIDA, INSTALADO EM LOCAL COM BAIXO NÍVEL DE INTERFERÊNCIAS (NÃO INCLUI FORNECIMENTO). AF_12/2015","M",null,178.42,"CAIXA REFERENCIAL"]
["ASSENTAMENTO DE TUBOS E PECAS","ASTU","FORNEC E/OU ASSENT DE TUBO DE CONCRETO COM JUNTA ARGAMASSADA",52,null,null,92818,"TUBO DE CONCRETO PARA REDES COLETORAS DE ÁGUAS PLUVIAIS, DIÂMETRO DE 1500 MM, JUNTA RÍGIDA, INSTALADO EM LOCAL COM BAIXO NÍVEL DE INTERFERÊNCIAS - FORNECIMENTO E ASSENTAMENTO. AF_12/2015","M",null,1065.72,"CAIXA REFERENCIAL"]
["ASSENTAMENTO DE TUBOS E PECAS","ASTU","FORNEC E/OU ASSENT DE TUBO DE CONCRETO COM JUNTA ARGAMASSADA",52,null,null,92819,"ASSENTAMENTO DE TUBO DE CONCRETO PARA REDES COLETORAS DE ÁGUAS PLUVIAIS, DIÂMETRO DE 1500 MM, JUNTA RÍGIDA, INSTALADO EM LOCAL COM BAIXO NÍVEL DE INTERFERÊNCIAS (NÃO INCLUI FORNECIMENTO). AF_12/2015","M",null,240.17,"CAIXA REFERENCIAL"]
["ASSENTAMENTO DE TUBOS E PECAS","ASTU","FORNEC E/OU ASSENT DE TUBO DE CONCRETO COM JUNTA ARGAMASSADA",52,null,null,92820,"ASSENTAMENTO DE TUBO DE CONCRETO PARA REDES COLETORAS DE ÁGUAS PLUVIAIS, DIÂMETRO DE 300 MM, JUNTA RÍGIDA, INSTALADO EM LOCAL COM ALTO NÍVEL DE INTERFERÊNCIAS (NÃO INCLUI FORNECIMENTO). AF_12/2015","M",null,52.2,"CAIXA REFERENCIAL"]
["ASSENTAMENTO DE TUBOS E PECAS","ASTU","FORNEC E/OU ASSENT DE TUBO DE CONCRETO COM JUNTA ARGAMASSADA",52,null,null,92821,"ASSENTAMENTO DE TUBO DE CONCRETO PARA REDES COLETORAS DE ÁGUAS PLUVIAIS, DIÂMETRO DE 400 MM, JUNTA RÍGIDA, INSTALADO EM LOCAL COM ALTO NÍVEL DE INTERFERÊNCIAS (NÃO INCLUI FORNECIMENTO). AF_12/2015","M",null,66.91,"CAIXA REFERENCIAL"]
["ASSENTAMENTO DE TUBOS E PECAS","ASTU","FORNEC E/OU ASSENT DE TUBO DE CONCRETO COM JUNTA ARGAMASSADA",52,null,null,92822,"ASSENTAMENTO DE TUBO DE CONCRETO PARA REDES COLETORAS DE ÁGUAS PLUVIAIS, DIÂMETRO DE 500 MM, JUNTA RÍGIDA, INSTALADO EM LOCAL COM ALTO NÍVEL DE INTERFERÊNCIAS (NÃO INCLUI FORNECIMENTO). AF_12/2015","M",null,81.64,"CAIXA REFERENCIAL"]
["ASSENTAMENTO DE TUBOS E PECAS","ASTU","FORNEC E/OU ASSENT DE TUBO DE CONCRETO COM JUNTA ARGAMASSADA",52,null,null,92824,"ASSENTAMENTO DE TUBO DE CONCRETO PARA REDES COLETORAS DE ÁGUAS PLUVIAIS, DIÂMETRO DE 600 MM, JUNTA RÍGIDA, INSTALADO EM LOCAL COM ALTO NÍVEL DE INTERFERÊNCIAS (NÃO INCLUI FORNECIMENTO). AF_12/2015","M",null,96.95,"CAIXA REFERENCIAL"]
["ASSENTAMENTO DE TUBOS E PECAS","ASTU","FORNEC E/OU ASSENT DE TUBO DE CONCRETO COM JUNTA ARGAMASSADA",52,null,null,92825,"ASSENTAMENTO DE TUBO DE CONCRETO PARA REDES COLETORAS DE ÁGUAS PLUVIAIS, DIÂMETRO DE 700 MM, JUNTA RÍGIDA, INSTALADO EM LOCAL COM ALTO NÍVEL DE INTERFERÊNCIAS (NÃO INCLUI FORNECIMENTO). AF_12/2015","M",null,112.32,"CAIXA REFERENCIAL"]
["ASSENTAMENTO DE TUBOS E PECAS","ASTU","FORNEC E/OU ASSENT DE TUBO DE CONCRETO COM JUNTA ARGAMASSADA",52,null,null,92826,"ASSENTAMENTO DE TUBO DE CONCRETO PARA REDES COLETORAS DE ÁGUAS PLUVIAIS, DIÂMETRO DE 800 MM, JUNTA RÍGIDA, INSTALADO EM LOCAL COM ALTO NÍVEL DE INTERFERÊNCIAS (NÃO INCLUI FORNECIMENTO). AF_12/2015","M",null,129.44,"CAIXA REFERENCIAL"]
["ASSENTAMENTO DE TUBOS E PECAS","ASTU","FORNEC E/OU ASSENT DE TUBO DE CONCRETO COM JUNTA ARGAMASSADA",52,null,null,92827,"ASSENTAMENTO DE TUBO DE CONCRETO PARA REDES COLETORAS DE ÁGUAS PLUVIAIS, DIÂMETRO DE 900 MM, JUNTA RÍGIDA, INSTALADO EM LOCAL COM ALTO NÍVEL DE INTERFERÊNCIAS (NÃO INCLUI FORNECIMENTO). AF_12/2015","M",null,147.31,"CAIXA REFERENCIAL"]
["ASSENTAMENTO DE TUBOS E PECAS","ASTU","FORNEC E/OU ASSENT DE TUBO DE CONCRETO COM JUNTA ARGAMASSADA",52,null,null,92828,"ASSENTAMENTO DE TUBO DE CONCRETO PARA REDES COLETORAS DE ÁGUAS PLUVIAIS, DIÂMETRO DE 1000 MM, JUNTA RÍGIDA, INSTALADO EM LOCAL COM ALTO NÍVEL DE INTERFERÊNCIAS (NÃO INCLUI FORNECIMENTO). AF_12/2015","M",null,167.91,"CAIXA REFERENCIAL"]
["ASSENTAMENTO DE TUBOS E PECAS","ASTU","FORNEC E/OU ASSENT DE TUBO DE CONCRETO COM JUNTA ARGAMASSADA",52,null,null,92829,"TUBO DE CONCRETO PARA REDES COLETORAS DE ÁGUAS PLUVIAIS, DIÂMETRO DE 1200 MM, JUNTA RÍGIDA, INSTALADO EM LOCAL COM ALTO NÍVEL DE INTERFERÊNCIAS - FORNECIMENTO E ASSENTAMENTO. AF_12/2015","M",null,778.11,"CAIXA REFERENCIAL"]
["ASSENTAMENTO DE TUBOS E PECAS","ASTU","FORNEC E/OU ASSENT DE TUBO DE CONCRETO COM JUNTA ARGAMASSADA",52,null,null,92830,"ASSENTAMENTO DE TUBO DE CONCRETO PARA REDES COLETORAS DE ÁGUAS PLUVIAIS, DIÂMETRO DE 1200 MM, JUNTA RÍGIDA, INSTALADO EM LOCAL COM ALTO NÍVEL DE INTERFERÊNCIAS (NÃO INCLUI FORNECIMENTO). AF_12/2015","M",null,208.29,"CAIXA REFERENCIAL"]
["ASSENTAMENTO DE TUBOS E PECAS","ASTU","FORNEC E/OU ASSENT DE TUBO DE CONCRETO COM JUNTA ARGAMASSADA",52,null,null,92831,"TUBO DE CONCRETO PARA REDES COLETORAS DE ÁGUAS PLUVIAIS, DIÂMETRO DE 1500 MM, JUNTA RÍGIDA, INSTALADO EM LOCAL COM ALTO NÍVEL DE INTERFERÊNCIAS - FORNECIMENTO E ASSENTAMENTO. AF_12/2015","M",null,1102.45,"CAIXA REFERENCIAL"]
["ASSENTAMENTO DE TUBOS E PECAS","ASTU","FORNEC E/OU ASSENT DE TUBO DE CONCRETO COM JUNTA ARGAMASSADA",52,null,null,92832,"ASSENTAMENTO DE TUBO DE CONCRETO PARA REDES COLETORAS DE ÁGUAS PLUVIAIS, DIÂMETRO DE 1500 MM, JUNTA RÍGIDA, INSTALADO EM LOCAL COM ALTO NÍVEL DE INTERFERÊNCIAS (NÃO INCLUI FORNECIMENTO). AF_12/2015","M",null,276.89999999999998,"CAIXA REFERENCIAL"]
["ASSENTAMENTO DE TUBOS E PECAS","ASTU","FORNEC E/OU ASSENT DE TUBO DE CONCRETO COM JUNTA ARGAMASSADA",52,null,null,95565,"TUBO DE CONCRETO PARA REDES COLETORAS DE ÁGUAS PLUVIAIS, DIÂMETRO DE 300MM, JUNTA RÍGIDA, INSTALADO EM LOCAL COM BAIXO NÍVEL DE INTERFERÊNCIAS - FORNECIMENTO E ASSENTAMENTO. AF_12/2015","M",null,133.38,"CAIXA REFERENCIAL"]
["ASSENTAMENTO DE TUBOS E PECAS","ASTU","FORNEC E/OU ASSENT DE TUBO DE CONCRETO COM JUNTA ARGAMASSADA",52,null,null,95566,"TUBO DE CONCRETO PARA REDES COLETORAS DE ÁGUAS PLUVIAIS, DIÂMETRO DE 300MM, JUNTA RÍGIDA, INSTALADO EM LOCAL COM ALTO NÍVEL DE INTERFERÊNCIAS - FORNECIMENTO E ASSENTAMENTO. AF_12/2015","M",null,141.82,"CAIXA REFERENCIAL"]
["ASSENTAMENTO DE TUBOS E PECAS","ASTU","FORNEC E/OU ASSENT DE TUBO DE CONCRETO COM JUNTA ARGAMASSADA",52,null,null,95567,"TUBO DE CONCRETO (SIMPLES) PARA REDES COLETORAS DE ÁGUAS PLUVIAIS, DIÂMETRO DE 300 MM, JUNTA RÍGIDA, INSTALADO EM LOCAL COM BAIXO NÍVEL DE INTERFERÊNCIAS - FORNECIMENTO E ASSENTAMENTO. AF_12/2015","M",null,105.56,"CAIXA REFERENCIAL"]
["ASSENTAMENTO DE TUBOS E PECAS","ASTU","FORNEC E/OU ASSENT DE TUBO DE CONCRETO COM JUNTA ARGAMASSADA",52,null,null,95568,"TUBO DE CONCRETO (SIMPLES) PARA REDES COLETORAS DE ÁGUAS PLUVIAIS, DIÂMETRO DE 400 MM, JUNTA RÍGIDA, INSTALADO EM LOCAL COM BAIXO NÍVEL DE INTERFERÊNCIAS - FORNECIMENTO E ASSENTAMENTO. AF_12/2015","M",null,129.13999999999999,"CAIXA REFERENCIAL"]
["ASSENTAMENTO DE TUBOS E PECAS","ASTU","FORNEC E/OU ASSENT DE TUBO DE CONCRETO COM JUNTA ARGAMASSADA",52,null,null,95569,"TUBO DE CONCRETO (SIMPLES) PARA REDES COLETORAS DE ÁGUAS PLUVIAIS, DIÂMETRO DE 500 MM, JUNTA RÍGIDA, INSTALADO EM LOCAL COM BAIXO NÍVEL DE INTERFERÊNCIAS - FORNECIMENTO E ASSENTAMENTO. AF_12/2015","M",null,176.96,"CAIXA REFERENCIAL"]
["ASSENTAMENTO DE TUBOS E PECAS","ASTU","FORNEC E/OU ASSENT DE TUBO DE CONCRETO COM JUNTA ARGAMASSADA",52,null,null,95570,"TUBO DE CONCRETO (SIMPLES) PARA REDES COLETORAS DE ÁGUAS PLUVIAIS, DIÂMETRO DE 300 MM, JUNTA RÍGIDA, INSTALADO EM LOCAL COM ALTO NÍVEL DE INTERFERÊNCIAS - FORNECIMENTO E ASSENTAMENTO. AF_12/2015","M",null,114,"CAIXA REFERENCIAL"]
["ASSENTAMENTO DE TUBOS E PECAS","ASTU","FORNEC E/OU ASSENT DE TUBO DE CONCRETO COM JUNTA ARGAMASSADA",52,null,null,95571,"TUBO DE CONCRETO (SIMPLES) PARA REDES COLETORAS DE ÁGUAS PLUVIAIS, DIÂMETRO DE 400 MM, JUNTA RÍGIDA, INSTALADO EM LOCAL COM ALTO NÍVEL DE INTERFERÊNCIAS - FORNECIMENTO E ASSENTAMENTO. AF_12/2015","M",null,139.93,"CAIXA REFERENCIAL"]
["ASSENTAMENTO DE TUBOS E PECAS","ASTU","FORNEC E/OU ASSENT DE TUBO DE CONCRETO COM JUNTA ARGAMASSADA",52,null,null,95572,"TUBO DE CONCRETO (SIMPLES) PARA REDES COLETORAS DE ÁGUAS PLUVIAIS, DIÂMETRO DE 500 MM, JUNTA RÍGIDA, INSTALADO EM LOCAL COM ALTO NÍVEL DE INTERFERÊNCIAS - FORNECIMENTO E ASSENTAMENTO. AF_12/2015","M",null,190.32,"CAIXA REFERENCIAL"]
["ASSENTAMENTO DE TUBOS E PECAS","ASTU","FORNEC E/OU ASSENT DE TUBO PVC DEFOFO COM JUNTA ELASTICA",230,null,null,97127,"ASSENTAMENTO DE TUBO DE PVC DEFOFO OU PRFV OU RPVC PARA REDE DE ÁGUA, DN 150 MM, JUNTA ELÁSTICA INTEGRADA, INSTALADO EM LOCAL COM NÍVEL ALTO DE INTERFERÊNCIAS (NÃO INCLUI FORNECIMENTO). AF_11/2017","M",null,5.59,"CAIXA REFERENCIAL"]
["ASSENTAMENTO DE TUBOS E PECAS","ASTU","FORNEC E/OU ASSENT DE TUBO PVC DEFOFO COM JUNTA ELASTICA",230,null,null,97128,"ASSENTAMENTO DE TUBO DE PVC DEFOFO OU PRFV OU RPVC PARA REDE DE ÁGUA, DN 200 MM, JUNTA ELÁSTICA INTEGRADA, INSTALADO EM LOCAL COM NÍVEL ALTO DE INTERFERÊNCIAS (NÃO INCLUI FORNECIMENTO). AF_11/2017","M",null,11.41,"CAIXA REFERENCIAL"]
["ASSENTAMENTO DE TUBOS E PECAS","ASTU","FORNEC E/OU ASSENT DE TUBO PVC DEFOFO COM JUNTA ELASTICA",230,null,null,97129,"ASSENTAMENTO DE TUBO DE PVC DEFOFO OU PRFV OU RPVC PARA REDE DE ÁGUA, DN 250 MM, JUNTA ELÁSTICA INTEGRADA, INSTALADO EM LOCAL COM NÍVEL ALTO DE INTERFERÊNCIAS (NÃO INCLUI FORNECIMENTO). AF_11/2017","M",null,14.03,"CAIXA REFERENCIAL"]
["ASSENTAMENTO DE TUBOS E PECAS","ASTU","FORNEC E/OU ASSENT DE TUBO PVC DEFOFO COM JUNTA ELASTICA",230,null,null,97130,"ASSENTAMENTO DE TUBO DE PVC DEFOFO OU PRFV OU RPVC PARA REDE DE ÁGUA, DN 300 MM, JUNTA ELÁSTICA INTEGRADA, INSTALADO EM LOCAL COM NÍVEL ALTO DE INTERFERÊNCIAS (NÃO INCLUI FORNECIMENTO). AF_11/2017","M",null,16.649999999999999,"CAIXA REFERENCIAL"]
["ASSENTAMENTO DE TUBOS E PECAS","ASTU","FORNEC E/OU ASSENT DE TUBO PVC DEFOFO COM JUNTA ELASTICA",230,null,null,97131,"ASSENTAMENTO DE TUBO DE PVC DEFOFO OU PRFV OU RPVC PARA REDE DE ÁGUA, DN 350 MM, JUNTA ELÁSTICA INTEGRADA, INSTALADO EM LOCAL COM NÍVEL ALTO DE INTERFERÊNCIAS (NÃO INCLUI FORNECIMENTO). AF_11/2017","M",null,19.25,"CAIXA REFERENCIAL"]
["ASSENTAMENTO DE TUBOS E PECAS","ASTU","FORNEC E/OU ASSENT DE TUBO PVC DEFOFO COM JUNTA ELASTICA",230,null,null,97132,"ASSENTAMENTO DE TUBO DE PVC DEFOFO OU PRFV OU RPVC PARA REDE DE ÁGUA, DN 400 MM, JUNTA ELÁSTICA INTEGRADA, INSTALADO EM LOCAL COM NÍVEL ALTO DE INTERFERÊNCIAS (NÃO INCLUI FORNECIMENTO). AF_11/2017","M",null,21.87,"CAIXA REFERENCIAL"]
["ASSENTAMENTO DE TUBOS E PECAS","ASTU","FORNEC E/OU ASSENT DE TUBO PVC DEFOFO COM JUNTA ELASTICA",230,null,null,97133,"ASSENTAMENTO DE TUBO DE PVC DEFOFO OU PRFV OU RPVC PARA REDE DE ÁGUA, DN 500 MM, JUNTA ELÁSTICA INTEGRADA, INSTALADO EM LOCAL COM NÍVEL ALTO DE INTERFERÊNCIAS (NÃO INCLUI FORNECIMENTO). AF_11/2017","M",null,27.12,"CAIXA REFERENCIAL"]
["ASSENTAMENTO DE TUBOS E PECAS","ASTU","FORNEC E/OU ASSENT DE TUBO PVC DEFOFO COM JUNTA ELASTICA",230,null,null,97134,"ASSENTAMENTO DE TUBO DE PVC DEFOFO OU PRFV OU RPVC PARA REDE DE ÁGUA, DN 150 MM, JUNTA ELÁSTICA INTEGRADA, INSTALADO EM LOCAL COM NÍVEL BAIXO DE INTERFERÊNCIAS (NÃO INCLUI FORNECIMENTO). AF_11/2017","M",null,2.5,"CAIXA REFERENCIAL"]
["ASSENTAMENTO DE TUBOS E PECAS","ASTU","FORNEC E/OU ASSENT DE TUBO PVC DEFOFO COM JUNTA ELASTICA",230,null,null,97135,"ASSENTAMENTO DE TUBO DE PVC DEFOFO OU PRFV OU RPVC PARA REDE DE ÁGUA, DN 200 MM, JUNTA ELÁSTICA INTEGRADA, INSTALADO EM LOCAL COM NÍVEL BAIXO DE INTERFERÊNCIAS (NÃO INCLUI FORNECIMENTO). AF_11/2017","M",null,5.71,"CAIXA REFERENCIAL"]
["ASSENTAMENTO DE TUBOS E PECAS","ASTU","FORNEC E/OU ASSENT DE TUBO PVC DEFOFO COM JUNTA ELASTICA",230,null,null,97136,"ASSENTAMENTO DE TUBO DE PVC DEFOFO OU PRFV OU RPVC PARA REDE DE ÁGUA, DN 250 MM, JUNTA ELÁSTICA INTEGRADA, INSTALADO EM LOCAL COM NÍVEL BAIXO DE INTERFERÊNCIAS (NÃO INCLUI FORNECIMENTO). AF_11/2017","M",null,7.03,"CAIXA REFERENCIAL"]
["ASSENTAMENTO DE TUBOS E PECAS","ASTU","FORNEC E/OU ASSENT DE TUBO PVC DEFOFO COM JUNTA ELASTICA",230,null,null,97137,"ASSENTAMENTO DE TUBO DE PVC DEFOFO OU PRFV OU RPVC PARA REDE DE ÁGUA, DN 300 MM, JUNTA ELÁSTICA INTEGRADA, INSTALADO EM LOCAL COM NÍVEL BAIXO DE INTERFERÊNCIAS (NÃO INCLUI FORNECIMENTO). AF_11/2017","M",null,8.3699999999999992,"CAIXA REFERENCIAL"]
["ASSENTAMENTO DE TUBOS E PECAS","ASTU","FORNEC E/OU ASSENT DE TUBO PVC DEFOFO COM JUNTA ELASTICA",230,null,null,97138,"ASSENTAMENTO DE TUBO DE PVC DEFOFO OU PRFV OU RPVC PARA REDE DE ÁGUA, DN 350 MM, JUNTA ELÁSTICA INTEGRADA, INSTALADO EM LOCAL COM NÍVEL BAIXO DE INTERFERÊNCIAS (NÃO INCLUI FORNECIMENTO). AF_11/2017","M",null,9.67,"CAIXA REFERENCIAL"]
["ASSENTAMENTO DE TUBOS E PECAS","ASTU","FORNEC E/OU ASSENT DE TUBO PVC DEFOFO COM JUNTA ELASTICA",230,null,null,97139,"ASSENTAMENTO DE TUBO DE PVC DEFOFO OU PRFV OU RPVC PARA REDE DE ÁGUA, DN 400 MM, JUNTA ELÁSTICA INTEGRADA, INSTALADO EM LOCAL COM NÍVEL BAIXO DE INTERFERÊNCIAS (NÃO INCLUI FORNECIMENTO). AF_11/2017","M",null,10.97,"CAIXA REFERENCIAL"]
["ASSENTAMENTO DE TUBOS E PECAS","ASTU","FORNEC E/OU ASSENT DE TUBO PVC DEFOFO COM JUNTA ELASTICA",230,null,null,97140,"ASSENTAMENTO DE TUBO DE PVC DEFOFO OU PRFV OU RPVC PARA REDE DE ÁGUA, DN 500 MM, JUNTA ELÁSTICA INTEGRADA, INSTALADO EM LOCAL COM NÍVEL BAIXO DE INTERFERÊNCIAS (NÃO INCLUI FORNECIMENTO). AF_11/2017","M",null,13.62,"CAIXA REFERENCIAL"]
["ASSENTAMENTO DE TUBOS E PECAS","ASTU","FORNEC E/OU ASSENT DE TUBO DE FERRO FUNDIDO JUNTA FLANGEADA",248,null,null,103089,"ASSENTAMENTO DE TUBO DE FERRO FUNDIDO PARA REDE DE ÁGUA, DN 80 MM, JUNTA FLANGEADA (NÃO INCLUI O FORNECIMENTO). AF_09/2021","M",null,11.46,"CAIXA REFERENCIAL"]
["ASSENTAMENTO DE TUBOS E PECAS","ASTU","FORNEC E/OU ASSENT DE TUBO DE FERRO FUNDIDO JUNTA FLANGEADA",248,null,null,103090,"ASSENTAMENTO DE TUBO DE FERRO FUNDIDO PARA REDE DE ÁGUA, DN 100 MM, JUNTA FLANGEADA (NÃO INCLUI O FORNECIMENTO). AF_09/2021","M",null,13.68,"CAIXA REFERENCIAL"]
["ASSENTAMENTO DE TUBOS E PECAS","ASTU","FORNEC E/OU ASSENT DE TUBO DE FERRO FUNDIDO JUNTA FLANGEADA",248,null,null,103091,"ASSENTAMENTO DE TUBO DE FERRO FUNDIDO PARA REDE DE ÁGUA, DN 150 MM, JUNTA FLANGEADA (NÃO INCLUI O FORNECIMENTO). AF_09/2021","M",null,19.190000000000001,"CAIXA REFERENCIAL"]
["ASSENTAMENTO DE TUBOS E PECAS","ASTU","FORNEC E/OU ASSENT DE TUBO DE FERRO FUNDIDO JUNTA FLANGEADA",248,null,null,103092,"ASSENTAMENTO DE TUBO DE FERRO FUNDIDO PARA REDE DE ÁGUA, DN 200 MM, JUNTA FLANGEADA (NÃO INCLUI O FORNECIMENTO). AF_09/2021","M",null,24.72,"CAIXA REFERENCIAL"]
["ASSENTAMENTO DE TUBOS E PECAS","ASTU","FORNEC E/OU ASSENT DE TUBO DE FERRO FUNDIDO JUNTA FLANGEADA",248,null,null,103093,"ASSENTAMENTO DE TUBO DE FERRO FUNDIDO PARA REDE DE ÁGUA, DN 250 MM, JUNTA FLANGEADA (NÃO INCLUI O FORNECIMENTO). AF_09/2021","M",null,37.770000000000003,"CAIXA REFERENCIAL"]
["ASSENTAMENTO DE TUBOS E PECAS","ASTU","FORNEC E/OU ASSENT DE TUBO DE FERRO FUNDIDO JUNTA FLANGEADA",248,null,null,103094,"ASSENTAMENTO DE TUBO DE FERRO FUNDIDO PARA REDE DE ÁGUA, DN 300 MM, JUNTA FLANGEADA (NÃO INCLUI O FORNECIMENTO). AF_09/2021","M",null,43.32,"CAIXA REFERENCIAL"]
["ASSENTAMENTO DE TUBOS E PECAS","ASTU","FORNEC E/OU ASSENT DE TUBO DE FERRO FUNDIDO JUNTA FLANGEADA",248,null,null,103095,"ASSENTAMENTO DE TUBO DE FERRO FUNDIDO PARA REDE DE ÁGUA, DN 350 MM, JUNTA FLANGEADA (NÃO INCLUI O FORNECIMENTO). AF_09/2021","M",null,56.36,"CAIXA REFERENCIAL"]
["ASSENTAMENTO DE TUBOS E PECAS","ASTU","FORNEC E/OU ASSENT DE TUBO DE FERRO FUNDIDO JUNTA FLANGEADA",248,null,null,103096,"ASSENTAMENTO DE TUBO DE FERRO FUNDIDO PARA REDE DE ÁGUA, DN 400 MM, JUNTA FLANGEADA (NÃO INCLUI O FORNECIMENTO). AF_09/2021","M",null,61.91,"CAIXA REFERENCIAL"]
["ASSENTAMENTO DE TUBOS E PECAS","ASTU","FORNEC E/OU ASSENT DE TUBO DE FERRO FUNDIDO JUNTA FLANGEADA",248,null,null,103097,"ASSENTAMENTO DE TUBO DE FERRO FUNDIDO PARA REDE DE ÁGUA, DN 450 MM, JUNTA FLANGEADA (NÃO INCLUI O FORNECIMENTO). AF_09/2021","M",null,74.94,"CAIXA REFERENCIAL"]
["ASSENTAMENTO DE TUBOS E PECAS","ASTU","FORNEC E/OU ASSENT DE TUBO DE FERRO FUNDIDO JUNTA FLANGEADA",248,null,null,103098,"ASSENTAMENTO DE TUBO DE FERRO FUNDIDO PARA REDE DE ÁGUA, DN 500 MM, JUNTA FLANGEADA (NÃO INCLUI O FORNECIMENTO). AF_09/2021","M",null,80.489999999999995,"CAIXA REFERENCIAL"]
["ASSENTAMENTO DE TUBOS E PECAS","ASTU","FORNEC E/OU ASSENT DE TUBO DE FERRO FUNDIDO JUNTA FLANGEADA",248,null,null,103099,"ASSENTAMENTO DE TUBO DE FERRO FUNDIDO PARA REDE DE ÁGUA, DN 600 MM, JUNTA FLANGEADA (NÃO INCLUI O FORNECIMENTO). AF_09/2021","M",null,91.53,"CAIXA REFERENCIAL"]
["ASSENTAMENTO DE TUBOS E PECAS","ASTU","FORNEC E/OU ASSENT DE TUBO DE FERRO FUNDIDO JUNTA FLANGEADA",248,null,null,103100,"ASSENTAMENTO DE TUBO DE FERRO FUNDIDO PARA REDE DE ÁGUA, DN 700 MM, JUNTA FLANGEADA (NÃO INCLUI O FORNECIMENTO). AF_09/2021","M",null,97.62,"CAIXA REFERENCIAL"]
["ASSENTAMENTO DE TUBOS E PECAS","ASTU","FORNEC E/OU ASSENT DE TUBO DE FERRO FUNDIDO JUNTA FLANGEADA",248,null,null,103101,"ASSENTAMENTO DE TUBO DE FERRO FUNDIDO PARA REDE DE ÁGUA, DN 800 MM, JUNTA FLANGEADA (NÃO INCLUI O FORNECIMENTO). AF_09/2021","M",null,107.5,"CAIXA REFERENCIAL"]
["ASSENTAMENTO DE TUBOS E PECAS","ASTU","FORNEC E/OU ASSENT DE TUBO DE FERRO FUNDIDO JUNTA FLANGEADA",248,null,null,103102,"ASSENTAMENTO DE TUBO DE FERRO FUNDIDO PARA REDE DE ÁGUA, DN 900 MM, JUNTA FLANGEADA (NÃO INCLUI O FORNECIMENTO). AF_09/2021","M",null,123.8,"CAIXA REFERENCIAL"]
["ASSENTAMENTO DE TUBOS E PECAS","ASTU","FORNEC E/OU ASSENT DE TUBO DE FERRO FUNDIDO JUNTA FLANGEADA",248,null,null,103103,"ASSENTAMENTO DE TUBO DE FERRO FUNDIDO PARA REDE DE ÁGUA, DN 1000 MM, JUNTA FLANGEADA (NÃO INCLUI O FORNECIMENTO). AF_09/2021","M",null,133.66999999999999,"CAIXA REFERENCIAL"]
["ASSENTAMENTO DE TUBOS E PECAS","ASTU","FORNEC E/OU ASSENT DE TUBO DE FERRO FUNDIDO JUNTA FLANGEADA",248,null,null,103104,"ASSENTAMENTO DE TUBO DE FERRO FUNDIDO PARA REDE DE ÁGUA, DN 1200 MM, JUNTA FLANGEADA (NÃO INCLUI O FORNECIMENTO). AF_09/2021","M",null,159.86000000000001,"CAIXA REFERENCIAL"]
["ASSENTAMENTO DE TUBOS E PECAS","ASTU","FORNEC E/OU ASSENT DE TUBO DE FERRO FUNDIDO JUNTA FLANGEADA",248,null,null,103105,"ASSENTAMENTO DE CONEXÃO COM 2 ACESSOS, FERRO FUNDIDO PARA REDE DE ÁGUA, DN  80 MM, JUNTA FLANGEADA (NÃO INCLUI O FORNECIMENTO). AF_09/2021","UN",null,48.99,"CAIXA REFERENCIAL"]
["ASSENTAMENTO DE TUBOS E PECAS","ASTU","FORNEC E/OU ASSENT DE TUBO DE FERRO FUNDIDO JUNTA FLANGEADA",248,null,null,103106,"ASSENTAMENTO DE CONEXÃO COM 2 ACESSOS, FERRO FUNDIDO PARA REDE DE ÁGUA, DN  100 MM, JUNTA FLANGEADA (NÃO INCLUI O FORNECIMENTO). AF_09/2021","UN",null,58.29,"CAIXA REFERENCIAL"]
["ASSENTAMENTO DE TUBOS E PECAS","ASTU","FORNEC E/OU ASSENT DE TUBO DE FERRO FUNDIDO JUNTA FLANGEADA",248,null,null,103107,"ASSENTAMENTO DE CONEXÃO COM 2 ACESSOS, FERRO FUNDIDO PARA REDE DE ÁGUA, DN  150 MM, JUNTA FLANGEADA (NÃO INCLUI O FORNECIMENTO). AF_09/2021","UN",null,81.55,"CAIXA REFERENCIAL"]
["ASSENTAMENTO DE TUBOS E PECAS","ASTU","FORNEC E/OU ASSENT DE TUBO DE FERRO FUNDIDO JUNTA FLANGEADA",248,null,null,103108,"ASSENTAMENTO DE CONEXÃO COM 2 ACESSOS, FERRO FUNDIDO PARA REDE DE ÁGUA, DN  200 MM, JUNTA FLANGEADA (NÃO INCLUI O FORNECIMENTO). AF_09/2021","UN",null,104.8,"CAIXA REFERENCIAL"]
["ASSENTAMENTO DE TUBOS E PECAS","ASTU","FORNEC E/OU ASSENT DE TUBO DE FERRO FUNDIDO JUNTA FLANGEADA",248,null,null,103109,"ASSENTAMENTO DE CONEXÃO COM 2 ACESSOS, FERRO FUNDIDO PARA REDE DE ÁGUA, DN  250 MM, JUNTA FLANGEADA (NÃO INCLUI O FORNECIMENTO). AF_09/2021","UN",null,171.73,"CAIXA REFERENCIAL"]
["ASSENTAMENTO DE TUBOS E PECAS","ASTU","FORNEC E/OU ASSENT DE TUBO DE FERRO FUNDIDO JUNTA FLANGEADA",248,null,null,103110,"ASSENTAMENTO DE CONEXÃO COM 2 ACESSOS, FERRO FUNDIDO PARA REDE DE ÁGUA, DN  300 MM, JUNTA FLANGEADA (NÃO INCLUI O FORNECIMENTO). AF_09/2021","UN",null,194.99,"CAIXA REFERENCIAL"]
["ASSENTAMENTO DE TUBOS E PECAS","ASTU","FORNEC E/OU ASSENT DE TUBO DE FERRO FUNDIDO JUNTA FLANGEADA",248,null,null,103111,"ASSENTAMENTO DE CONEXÃO COM 2 ACESSOS, FERRO FUNDIDO PARA REDE DE ÁGUA, DN  350 MM, JUNTA FLANGEADA (NÃO INCLUI O FORNECIMENTO). AF_09/2021","UN",null,261.92,"CAIXA REFERENCIAL"]
["ASSENTAMENTO DE TUBOS E PECAS","ASTU","FORNEC E/OU ASSENT DE TUBO DE FERRO FUNDIDO JUNTA FLANGEADA",248,null,null,103112,"ASSENTAMENTO DE CONEXÃO COM 2 ACESSOS, FERRO FUNDIDO PARA REDE DE ÁGUA, DN  400 MM, JUNTA FLANGEADA (NÃO INCLUI O FORNECIMENTO). AF_09/2021","UN",null,285.17,"CAIXA REFERENCIAL"]
["ASSENTAMENTO DE TUBOS 